{"text_format":"1","workbook":"xlsx","n_sheets":12,"sheets":["MAIN-INTERFACE","BSL (Y1-Y5)","Rtm (Y1-Y5)","BSL-Rtm (Y1-Y5)","MATRIX","DATA2","DATA4","MATRIX2","BENCHMARK","Notes","Scenarios","Version"],"not_rendered":{"charts":0,"images":0,"macros":1,"external_links":1,"defined_names":8,"comments":0,"pivot_tables":3},"unopened":[],"bounds":{"document_bytes":16777216,"sheet_cells":100000,"rows_first":2000,"rows_last":500,"rows_between":2000,"halvings":0,"cell_chars":16384,"cell_head_chars":4096},"cells_cut":0,"cells_raw":0,"read":"whole","date_system":"1900"}

{"sheet":"MAIN-INTERFACE","index":0,"n_rows":59,"n_cols":29,"rows_kept":59,"cut":false,"hidden":false,"merged":[[32,1,44,1],[46,1,58,1],[18,1,30,1]]}
[]
[null,null,"Revert to Market","Yes",null,"Lease Escalation Rate",7.4999999999999997E-2,null,null,null,null,null,null,null,null,null,null,null,null,null,null,null,"Region","Revert to Market","Delay (Months)","Market Escalation","RTM Premium","Lease Escalation Rate","Urban Classification"]
[null,null,null,null,null,null,null,null,null,null,null,null,null,null,null,null,null,null,null,null,null,null,"All","No",0,0,-0.1,0.05,"All"]
[null,null,"Market Growth",0.04,null,null,null,null,null,null,null,null,null,null,null,null,null,null,null,null,null,null,"Eastern Cape","Yes",3,0.02,-0.03,0.06,"CBD"]
[null,null,null,null,null,null,null,null,null,null,null,null,null,null,null,null,null,null,null,null,null,null,"Free State",null,6,0.03,0,7.0000000000000007E-2,"Main Centre"]
[null,null,"Delay (Months)",6,null,null,null,null,null,null,null,null,null,null,null,null,null,null,null,null,null,null,"Gauteng",null,12,0.04,2.5000000000000001E-2,7.4999999999999997E-2,"VTSD"]
[null,null,null,null,null,null,null,null,null,null,null,null,null,null,null,null,null,null,null,null,null,null,"KwaZulu-Natal",null,null,4.4999999999999998E-2,0.03,0.08]
[null,null,"RTM Pre/Disc",0,null,null,null,null,null,null,null,null,null,null,null,null,null,null,null,null,null,null,"Limpopo",null,null,0.06,0.06]
[null,null,null,null,null,null,null,null,null,null,null,null,null,null,null,null,null,null,null,null,null,null,"Mpumalanga",null,null,7.4999999999999997E-2,0.1]
[null,null,null,null,null,null,null,null,null,null,null,null,null,null,null,null,null,null,null,null,null,null,"North West",null,null,0.09,0.3]
[null,null,null,null,null,null,null,null,null,null,null,null,null,null,null,null,null,null,null,null,null,null,"Northern Cape",null,null,0.105]
[null,null,null,null,null,null,null,null,null,null,null,null,null,null,null,null,null,null,null,null,null,null,"Western Cape"]
[]
[]
[null,null,"Select Urban Classification:","All"]
[]
[null,null,"Select Province:","All"]
[]
[null,"Baseline","Urban Classification","(All)"]
[]
[null,null,"Row Labels","Sum of FY 2018/19","Sum of FY 2019/20","Sum of FY 2020/21","Sum of FY 2021/22","Sum of FY 2022/23","Sum of FY 2023/24"]
[null,null,"Eastern Cape",227630146.21418402,241627358.75485274,256603986.30763504,272629764.39956903,289779417.53371412,308133017.22797686]
[null,null,"Free State",248133080.27963099,270501986.02997047,294913806.96717328,321557283.64887697,350638781.13068193,382383950.79167765]
[null,null,"Gauteng",468078462.54234314,509062241.85858929,553675682.17035329,602243584.77665484,655120091.09218621,712691355.93287873]
[null,null,"KwaZulu-Natal",349920073.85226285,371754225.56303596,395304971.69769955,420709154.87405616,448114688.80903947,477681468.16688401]
[null,null,"Limpopo",272681336.11253053,294302598.96001542,317867548.7866025,343552374.61911374,371549351.79255551,402068320.11876619]
[null,null,"Mpumalanga",118456046.47652605,129333783.84457883,141225873.51225501,154227936.37519008,168444689.77857596,183990819.57716903]
[null,null,"Northern Cape",69313630.653177008,74722055.868545592,80569486.691836357,86892718.910648599,93731717.665158868,101129896.80797884]
[null,null,"Western Cape",155383285.89825302,167483120.85741347,180563419.29630813,194706502.93588403,210001818.59461856,226546570.58877459]
[null,null,"North West",88286363.743308008,95984341.947149426,104364996.14786085,113489669.3858037,123425287.60349493,134244873.96207508]
[null,null,"Grand Total",1997882425.7722156,2154771713.6841512,2325089771.577724,2510008989.925797,2710805844.0000262,2928870273.174181]
[]
[null,"Revert to Market","Urban Classification","(All)"]
[]
[null,null,"Row Labels","Sum of FY 2018/19","Sum of FY 2019/20","Sum of FY 2020/21","Sum of FY 2021/22","Sum of FY 2022/23","Sum of FY 2023/24"," Sum of All FY"]
[null,null,"Eastern Cape",210661461.28103775,197907890.14940804,196225703.7711952,195270224.66828963,201824497.89131576,216545667.40102199,1218435445.1622689]
[null,null,"Free State",203761139.19996795,163037869.15438586,169659929.80120534,182899864.56211856,195475995.46800104,210577969.19397426,1125412767.379653]
[null,null,"Gauteng",449776977.16967767,465232787.61943841,445361463.65263337,426011598.03895843,389613812.60687244,415369566.50512183,2591366205.5927014]
[null,null,"KwaZulu-Natal",333888354.54838187,327943505.17341566,319780251.42354709,322334594.30920279,333407421.09290987,354594348.69956338,1991948475.2470205]
[null,null,"Limpopo",259958384.31068864,191348389.90663099,176225593.69298041,179965932.43109193,177684401.12965056,191002074.88427421,1176184776.3553166]
[null,null,"Mpumalanga",102633422.98871136,93331185.860903993,71367349.126148075,75702305.910688728,76834202.444370344,81702841.142438367,501571307.47326088]
[null,null,"Northern Cape",66378320.760953262,65904531.741041847,67179094.007773668,69644206.263054669,73796815.23814708,73951651.465239137,416854619.4762097]
[null,null,"Western Cape",145201862.39214146,140393746.67609572,146068584.44149983,149051290.29017532,155582008.06788677,163840134.6105822,900137626.47838116]
[null,null,"North West",81387797.101696119,78977904.389585614,78876391.078358725,72398300.679736704,76776552.629897341,82534794.077139661,470951739.95641404]
[null,null,"Grand Total",1853647719.7532558,1724077810.6709061,1670744360.9953413,1673278317.1533165,1680995706.5690513,1790119047.9793549,10392862963.121223]
[]
[null,"POTENTIAL\nSAVINGS","Urban Classification","(All)"]
[]
[null,null,"Row Labels","Sum of ΔFY 2018/19","Sum of ΔFY 2019/20","Sum of ΔFY 2020/21","Sum of ΔFY 2021/22","Sum of ΔFY 2022/23","Sum of ΔFY 2023/24","Sum of Δ All FY"]
[null,null,"Eastern Cape",16968684.933146238,43719468.605444685,60378282.536439769,77359539.731279418,87954919.642398492,91587349.826954961,377968245.27566344]
[null,null,"Free State",44371941.079663076,107464116.87558466,125253877.16596794,138657419.08675852,155162785.66268092,171805981.59770346,742716121.4683584]
[null,null,"Gauteng",18301485.37266529,43829454.239150815,108314218.51771994,176231986.73769641,265506278.48531401,297321789.42775661,909505212.78030312]
[null,null,"KwaZulu-Natal",16031719.303881146,43810720.389620215,75524720.274152711,98374560.56485343,114707267.71612942,123087119.46732058,471536107.71595758]
[null,null,"Limpopo",12722951.801841974,102954209.05338448,141641955.09362215,163586442.18802193,193864950.66290498,211066245.23449206,825836754.03426778]
[null,null,"Mpumalanga",15822623.487814704,36002597.983674794,69858524.386106923,78525630.464501336,91610487.334205508,102287978.43473071,394107842.09103394]
[null,null,"Northern Cape",2935309.8922237367,8817524.1275037527,13390392.684062684,17248512.647593923,19934902.427011773,27178245.342739664,89504887.121135518]
[null,null,"Western Cape",10181423.506111559,27089374.181317795,34494834.854808345,45655212.645708822,54419810.526731893,62706435.978192337,234547091.69287074]
[null,null,"North West",6898566.6416118992,17006437.557563812,25488605.069502078,41091368.706067048,46648734.973597594,51710079.884935446,188843792.83327779]
[null,null,"Grand Total",144234706.01895964,430693903.01324499,654345410.58238256,836730672.77248096,1029810137.4309746,1138751225.1948259,4234566055.0128684]

{"sheet":"BSL (Y1-Y5)","index":1,"n_rows":607,"n_cols":31,"rows_kept":607,"cut":false,"hidden":true,"merged":[]}
["SystemID","ProvinceCode","Province","AdjCostPerm2","Benchmark","Urban Classification","ExtentM2","TnTUseLease","TnTEscalation","RentalPerMonth","Adj.RentalPerMonth2","Adj.AnnualRental","LeaseStartDate","LeaseEndDate","MonthToMonth","FY 2017/18","FY 2018/19","FY 2019/20","FY 2020/21","FY 2021/22","FY 2022/23","FY 2023/24",null,"DATE",null,"RTM"]
[1,{"$f":"VLOOKUP($A2,DATA2!$A$2:$S$607,2,FALSE)","v":"KZN"},{"$f":"VLOOKUP($A2,DATA2!$A$2:$S$607,3,FALSE)","v":"KwaZulu-Natal"},{"$f":"VLOOKUP($A2,DATA2!$A$2:$S$607,4,FALSE)","v":182.33568900126423},{"$f":"VLOOKUP($A2,DATA2!$A$2:$S$607,5,FALSE)","v":65},{"$f":"VLOOKUP($A2,DATA2!$A$2:$S$607,6,FALSE)","v":"VTSD"},{"$f":"VLOOKUP($A2,DATA2!$A$2:$S$607,7,FALSE)","v":791},{"$f":"VLOOKUP($A2,DATA2!$A$2:$S$607,8,FALSE)","v":true},{"$f":"VLOOKUP($A2,DATA2!$A$2:$S$607,9,FALSE)","v":7.0000000000000007E-2},160927.53,{"$f":"VLOOKUP($A2,DATA2!$A$2:$S$607,10,FALSE)","v":144227.53},{"$f":"VLOOKUP($A2,DATA2!$A$2:$S$607,11,FALSE)","v":1730730.36},{"$f":"VLOOKUP($A2,DATA2!$A$2:$S$607,12,FALSE)","v":"2017-04-01"},{"$f":"VLOOKUP($A2,DATA2!$A$2:$S$607,13,FALSE)","v":"2022-03-31"},{"$f":"VLOOKUP($A2,DATA2!$A$2:$S$607,14,FALSE)","v":"No"},{"$f":"IF(MATRIX2!D2=1,($Y$8-$X$2)/365*Table_Provincial_GTAC3536[[#This Row],[Adj.AnnualRental]]*MATRIX2!D2,($Y$8-$X$2)/365*Table_Provincial_GTAC3536[[#This Row],[Adj.AnnualRental]])","v":569007.24164383567},{"$f":"(Table_Provincial_GTAC3536[[#This Row],[Adj.AnnualRental]]*(1+$I2)^(2))","v":1981513.1891640001},{"$f":"(Table_Provincial_GTAC3536[[#This Row],[Adj.AnnualRental]]*(1+$I2)^(3))","v":2120219.1124054804},{"$f":"(Table_Provincial_GTAC3536[[#This Row],[Adj.AnnualRental]]*(1+$I2)^(4))","v":2268634.450273864},{"$f":"(Table_Provincial_GTAC3536[[#This Row],[Adj.AnnualRental]]*(1+$I2)^(5))","v":2427438.8617930347},{"$f":"(Table_Provincial_GTAC3536[[#This Row],[Adj.AnnualRental]]*(1+$I2)^(6))","v":2597359.5821185466},{"$f":"(Table_Provincial_GTAC3536[[#This Row],[Adj.AnnualRental]]*(1+$I2)^(7))","v":2779174.7528668451},null,{"$f":"DATE(2017,12,1)","v":"2017-12-01"},"L/M/U",0.06,null,0.02]
[2,{"$f":"VLOOKUP($A3,DATA2!$A$2:$S$607,2,FALSE)","v":"KZN"},{"$f":"VLOOKUP($A3,DATA2!$A$2:$S$607,3,FALSE)","v":"KwaZulu-Natal"},{"$f":"VLOOKUP($A3,DATA2!$A$2:$S$607,4,FALSE)","v":169.35356330014224},{"$f":"VLOOKUP($A3,DATA2!$A$2:$S$607,5,FALSE)","v":65},{"$f":"VLOOKUP($A3,DATA2!$A$2:$S$607,6,FALSE)","v":"MAIN CENTRE"},{"$f":"VLOOKUP($A3,DATA2!$A$2:$S$607,7,FALSE)","v":1406},{"$f":"VLOOKUP($A3,DATA2!$A$2:$S$607,8,FALSE)","v":true},{"$f":"VLOOKUP($A3,DATA2!$A$2:$S$607,9,FALSE)","v":0.08},279861.11,{"$f":"VLOOKUP($A3,DATA2!$A$2:$S$607,10,FALSE)","v":238111.11},{"$f":"VLOOKUP($A3,DATA2!$A$2:$S$607,11,FALSE)","v":2857333.32},{"$f":"VLOOKUP($A3,DATA2!$A$2:$S$607,12,FALSE)","v":"2015-01-01"},{"$f":"VLOOKUP($A3,DATA2!$A$2:$S$607,13,FALSE)","v":"2017-12-31"},{"$f":"VLOOKUP($A3,DATA2!$A$2:$S$607,14,FALSE)","v":"No"},{"$f":"IF(MATRIX2!D3=1,($Y$8-$X$2)/365*Table_Provincial_GTAC3536[[#This Row],[Adj.AnnualRental]]*MATRIX2!D3,($Y$8-$X$2)/365*Table_Provincial_GTAC3536[[#This Row],[Adj.AnnualRental]])","v":939397.25589041086},{"$f":"(Table_Provincial_GTAC3536[[#This Row],[Adj.AnnualRental]]*(1+$I3)^(2))","v":3332793.584448},{"$f":"(Table_Provincial_GTAC3536[[#This Row],[Adj.AnnualRental]]*(1+$I3)^(3))","v":3599417.0712038404},{"$f":"(Table_Provincial_GTAC3536[[#This Row],[Adj.AnnualRental]]*(1+$I3)^(4))","v":3887370.4369001477},{"$f":"(Table_Provincial_GTAC3536[[#This Row],[Adj.AnnualRental]]*(1+$I3)^(5))","v":4198360.0718521597},{"$f":"(Table_Provincial_GTAC3536[[#This Row],[Adj.AnnualRental]]*(1+$I3)^(6))","v":4534228.8776003327},{"$f":"(Table_Provincial_GTAC3536[[#This Row],[Adj.AnnualRental]]*(1+$I3)^(7))","v":4896967.18780836},null,null,"M",4.4999999999999998E-2,null,4.4999999999999998E-2]
[3,{"$f":"VLOOKUP($A4,DATA2!$A$2:$S$607,2,FALSE)","v":"KZN"},{"$f":"VLOOKUP($A4,DATA2!$A$2:$S$607,3,FALSE)","v":"KwaZulu-Natal"},{"$f":"VLOOKUP($A4,DATA2!$A$2:$S$607,4,FALSE)","v":124.16338983050848},{"$f":"VLOOKUP($A4,DATA2!$A$2:$S$607,5,FALSE)","v":77.5},{"$f":"VLOOKUP($A4,DATA2!$A$2:$S$607,6,FALSE)","v":"VTSD"},{"$f":"VLOOKUP($A4,DATA2!$A$2:$S$607,7,FALSE)","v":295},{"$f":"VLOOKUP($A4,DATA2!$A$2:$S$607,8,FALSE)","v":true},{"$f":"VLOOKUP($A4,DATA2!$A$2:$S$607,9,FALSE)","v":0},36628.199999999997,{"$f":"VLOOKUP($A4,DATA2!$A$2:$S$607,10,FALSE)","v":36628.199999999997},{"$f":"VLOOKUP($A4,DATA2!$A$2:$S$607,11,FALSE)","v":439538.4},{"$f":"VLOOKUP($A4,DATA2!$A$2:$S$607,12,FALSE)","v":"2016-04-01"},{"$f":"VLOOKUP($A4,DATA2!$A$2:$S$607,13,FALSE)","v":"2017-03-31"},{"$f":"VLOOKUP($A4,DATA2!$A$2:$S$607,14,FALSE)","v":"Yes"},{"$f":"IF(MATRIX2!D4=1,($Y$8-$X$2)/365*Table_Provincial_GTAC3536[[#This Row],[Adj.AnnualRental]]*MATRIX2!D4,($Y$8-$X$2)/365*Table_Provincial_GTAC3536[[#This Row],[Adj.AnnualRental]])","v":144505.77534246576},{"$f":"(Table_Provincial_GTAC3536[[#This Row],[Adj.AnnualRental]]*(1+$I4)^(2))","v":439538.4},{"$f":"(Table_Provincial_GTAC3536[[#This Row],[Adj.AnnualRental]]*(1+$I4)^(3))","v":439538.4},{"$f":"(Table_Provincial_GTAC3536[[#This Row],[Adj.AnnualRental]]*(1+$I4)^(4))","v":439538.4},{"$f":"(Table_Provincial_GTAC3536[[#This Row],[Adj.AnnualRental]]*(1+$I4)^(5))","v":439538.4},{"$f":"(Table_Provincial_GTAC3536[[#This Row],[Adj.AnnualRental]]*(1+$I4)^(6))","v":439538.4},{"$f":"(Table_Provincial_GTAC3536[[#This Row],[Adj.AnnualRental]]*(1+$I4)^(7))","v":439538.4},null,null,"U",0.06,null,0.06]
[4,{"$f":"VLOOKUP($A5,DATA2!$A$2:$S$607,2,FALSE)","v":"KZN"},{"$f":"VLOOKUP($A5,DATA2!$A$2:$S$607,3,FALSE)","v":"KwaZulu-Natal"},{"$f":"VLOOKUP($A5,DATA2!$A$2:$S$607,4,FALSE)","v":110.23819209039549},{"$f":"VLOOKUP($A5,DATA2!$A$2:$S$607,5,FALSE)","v":65},{"$f":"VLOOKUP($A5,DATA2!$A$2:$S$607,6,FALSE)","v":"VTSD"},{"$f":"VLOOKUP($A5,DATA2!$A$2:$S$607,7,FALSE)","v":354},{"$f":"VLOOKUP($A5,DATA2!$A$2:$S$607,8,FALSE)","v":true},{"$f":"VLOOKUP($A5,DATA2!$A$2:$S$607,9,FALSE)","v":0},39024.32,{"$f":"VLOOKUP($A5,DATA2!$A$2:$S$607,10,FALSE)","v":39024.32},{"$f":"VLOOKUP($A5,DATA2!$A$2:$S$607,11,FALSE)","v":468291.84000000003},{"$f":"VLOOKUP($A5,DATA2!$A$2:$S$607,12,FALSE)","v":"2016-05-01"},{"$f":"VLOOKUP($A5,DATA2!$A$2:$S$607,13,FALSE)","v":"2016-10-31"},{"$f":"VLOOKUP($A5,DATA2!$A$2:$S$607,14,FALSE)","v":"Yes"},{"$f":"IF(MATRIX2!D5=1,($Y$8-$X$2)/365*Table_Provincial_GTAC3536[[#This Row],[Adj.AnnualRental]]*MATRIX2!D5,($Y$8-$X$2)/365*Table_Provincial_GTAC3536[[#This Row],[Adj.AnnualRental]])","v":153958.96109589041},{"$f":"(Table_Provincial_GTAC3536[[#This Row],[Adj.AnnualRental]]*(1+$I5)^(2))","v":468291.84000000003},{"$f":"(Table_Provincial_GTAC3536[[#This Row],[Adj.AnnualRental]]*(1+$I5)^(3))","v":468291.84000000003},{"$f":"(Table_Provincial_GTAC3536[[#This Row],[Adj.AnnualRental]]*(1+$I5)^(4))","v":468291.84000000003},{"$f":"(Table_Provincial_GTAC3536[[#This Row],[Adj.AnnualRental]]*(1+$I5)^(5))","v":468291.84000000003},{"$f":"(Table_Provincial_GTAC3536[[#This Row],[Adj.AnnualRental]]*(1+$I5)^(6))","v":468291.84000000003},{"$f":"(Table_Provincial_GTAC3536[[#This Row],[Adj.AnnualRental]]*(1+$I5)^(7))","v":468291.84000000003}]
[5,{"$f":"VLOOKUP($A6,DATA2!$A$2:$S$607,2,FALSE)","v":"KZN"},{"$f":"VLOOKUP($A6,DATA2!$A$2:$S$607,3,FALSE)","v":"KwaZulu-Natal"},{"$f":"VLOOKUP($A6,DATA2!$A$2:$S$607,4,FALSE)","v":121.1889847715736},{"$f":"VLOOKUP($A6,DATA2!$A$2:$S$607,5,FALSE)","v":77.5},{"$f":"VLOOKUP($A6,DATA2!$A$2:$S$607,6,FALSE)","v":"VTSD"},{"$f":"VLOOKUP($A6,DATA2!$A$2:$S$607,7,FALSE)","v":394},{"$f":"VLOOKUP($A6,DATA2!$A$2:$S$607,8,FALSE)","v":true},{"$f":"VLOOKUP($A6,DATA2!$A$2:$S$607,9,FALSE)","v":0.08},54948.46,{"$f":"VLOOKUP($A6,DATA2!$A$2:$S$607,10,FALSE)","v":47748.46},{"$f":"VLOOKUP($A6,DATA2!$A$2:$S$607,11,FALSE)","v":572981.52},{"$f":"VLOOKUP($A6,DATA2!$A$2:$S$607,12,FALSE)","v":"2016-01-01"},{"$f":"VLOOKUP($A6,DATA2!$A$2:$S$607,13,FALSE)","v":"2020-12-31"},{"$f":"VLOOKUP($A6,DATA2!$A$2:$S$607,14,FALSE)","v":"No"},{"$f":"IF(MATRIX2!D6=1,($Y$8-$X$2)/365*Table_Provincial_GTAC3536[[#This Row],[Adj.AnnualRental]]*MATRIX2!D6,($Y$8-$X$2)/365*Table_Provincial_GTAC3536[[#This Row],[Adj.AnnualRental]])","v":188377.48602739724},{"$f":"(Table_Provincial_GTAC3536[[#This Row],[Adj.AnnualRental]]*(1+$I6)^(2))","v":668325.64492800005},{"$f":"(Table_Provincial_GTAC3536[[#This Row],[Adj.AnnualRental]]*(1+$I6)^(3))","v":721791.69652224006},{"$f":"(Table_Provincial_GTAC3536[[#This Row],[Adj.AnnualRental]]*(1+$I6)^(4))","v":779535.03224401944},{"$f":"(Table_Provincial_GTAC3536[[#This Row],[Adj.AnnualRental]]*(1+$I6)^(5))","v":841897.83482354099},{"$f":"(Table_Provincial_GTAC3536[[#This Row],[Adj.AnnualRental]]*(1+$I6)^(6))","v":909249.66160942439},{"$f":"(Table_Provincial_GTAC3536[[#This Row],[Adj.AnnualRental]]*(1+$I6)^(7))","v":981989.63453817833}]
[6,{"$f":"VLOOKUP($A7,DATA2!$A$2:$S$607,2,FALSE)","v":"KZN"},{"$f":"VLOOKUP($A7,DATA2!$A$2:$S$607,3,FALSE)","v":"KwaZulu-Natal"},{"$f":"VLOOKUP($A7,DATA2!$A$2:$S$607,4,FALSE)","v":115.04672222222223},{"$f":"VLOOKUP($A7,DATA2!$A$2:$S$607,5,FALSE)","v":77.5},{"$f":"VLOOKUP($A7,DATA2!$A$2:$S$607,6,FALSE)","v":"VTSD"},{"$f":"VLOOKUP($A7,DATA2!$A$2:$S$607,7,FALSE)","v":540},{"$f":"VLOOKUP($A7,DATA2!$A$2:$S$607,8,FALSE)","v":true},{"$f":"VLOOKUP($A7,DATA2!$A$2:$S$607,9,FALSE)","v":0.08},65111.25,{"$f":"VLOOKUP($A7,DATA2!$A$2:$S$607,10,FALSE)","v":62125.23},{"$f":"VLOOKUP($A7,DATA2!$A$2:$S$607,11,FALSE)","v":745502.76},{"$f":"VLOOKUP($A7,DATA2!$A$2:$S$607,12,FALSE)","v":"2012-09-01"},{"$f":"VLOOKUP($A7,DATA2!$A$2:$S$607,13,FALSE)","v":"2017-08-31"},{"$f":"VLOOKUP($A7,DATA2!$A$2:$S$607,14,FALSE)","v":"No"},{"$f":"IF(MATRIX2!D7=1,($Y$8-$X$2)/365*Table_Provincial_GTAC3536[[#This Row],[Adj.AnnualRental]]*MATRIX2!D7,($Y$8-$X$2)/365*Table_Provincial_GTAC3536[[#This Row],[Adj.AnnualRental]])","v":245096.79780821915},{"$f":"(Table_Provincial_GTAC3536[[#This Row],[Adj.AnnualRental]]*(1+$I7)^(2))","v":869554.41926400014},{"$f":"(Table_Provincial_GTAC3536[[#This Row],[Adj.AnnualRental]]*(1+$I7)^(3))","v":939118.7728051201},{"$f":"(Table_Provincial_GTAC3536[[#This Row],[Adj.AnnualRental]]*(1+$I7)^(4))","v":1014248.2746295298},{"$f":"(Table_Provincial_GTAC3536[[#This Row],[Adj.AnnualRental]]*(1+$I7)^(5))","v":1095388.1365998923},{"$f":"(Table_Provincial_GTAC3536[[#This Row],[Adj.AnnualRental]]*(1+$I7)^(6))","v":1183019.1875278838},{"$f":"(Table_Provincial_GTAC3536[[#This Row],[Adj.AnnualRental]]*(1+$I7)^(7))","v":1277660.7225301145},null,null,"2018/19","2019/20","2020/21","2021/22","2022/23","2023+"]
[7,{"$f":"VLOOKUP($A8,DATA2!$A$2:$S$607,2,FALSE)","v":"KZN"},{"$f":"VLOOKUP($A8,DATA2!$A$2:$S$607,3,FALSE)","v":"KwaZulu-Natal"},{"$f":"VLOOKUP($A8,DATA2!$A$2:$S$607,4,FALSE)","v":61.641045454545456},{"$f":"VLOOKUP($A8,DATA2!$A$2:$S$607,5,FALSE)","v":77.5},{"$f":"VLOOKUP($A8,DATA2!$A$2:$S$607,6,FALSE)","v":"VTSD"},{"$f":"VLOOKUP($A8,DATA2!$A$2:$S$607,7,FALSE)","v":440},{"$f":"VLOOKUP($A8,DATA2!$A$2:$S$607,8,FALSE)","v":true},{"$f":"VLOOKUP($A8,DATA2!$A$2:$S$607,9,FALSE)","v":0.08},29929.1,{"$f":"VLOOKUP($A8,DATA2!$A$2:$S$607,10,FALSE)","v":27122.06},{"$f":"VLOOKUP($A8,DATA2!$A$2:$S$607,11,FALSE)","v":325464.71999999997},{"$f":"VLOOKUP($A8,DATA2!$A$2:$S$607,12,FALSE)","v":"2013-04-01"},{"$f":"VLOOKUP($A8,DATA2!$A$2:$S$607,13,FALSE)","v":"2018-03-31"},{"$f":"VLOOKUP($A8,DATA2!$A$2:$S$607,14,FALSE)","v":"No"},{"$f":"IF(MATRIX2!D8=1,($Y$8-$X$2)/365*Table_Provincial_GTAC3536[[#This Row],[Adj.AnnualRental]]*MATRIX2!D8,($Y$8-$X$2)/365*Table_Provincial_GTAC3536[[#This Row],[Adj.AnnualRental]])","v":107002.09972602739},{"$f":"(Table_Provincial_GTAC3536[[#This Row],[Adj.AnnualRental]]*(1+$I8)^(2))","v":379622.04940800002},{"$f":"(Table_Provincial_GTAC3536[[#This Row],[Adj.AnnualRental]]*(1+$I8)^(3))","v":409991.81336064002},{"$f":"(Table_Provincial_GTAC3536[[#This Row],[Adj.AnnualRental]]*(1+$I8)^(4))","v":442791.15842949128},{"$f":"(Table_Provincial_GTAC3536[[#This Row],[Adj.AnnualRental]]*(1+$I8)^(5))","v":478214.45110385056},{"$f":"(Table_Provincial_GTAC3536[[#This Row],[Adj.AnnualRental]]*(1+$I8)^(6))","v":516471.60719215864},{"$f":"(Table_Provincial_GTAC3536[[#This Row],[Adj.AnnualRental]]*(1+$I8)^(7))","v":557789.33576753142},null,null,43190,43555,43921,44286,44651,45016,45017]
[8,{"$f":"VLOOKUP($A9,DATA2!$A$2:$S$607,2,FALSE)","v":"KZN"},{"$f":"VLOOKUP($A9,DATA2!$A$2:$S$607,3,FALSE)","v":"KwaZulu-Natal"},{"$f":"VLOOKUP($A9,DATA2!$A$2:$S$607,4,FALSE)","v":113.42489130434782},{"$f":"VLOOKUP($A9,DATA2!$A$2:$S$607,5,FALSE)","v":77.5},{"$f":"VLOOKUP($A9,DATA2!$A$2:$S$607,6,FALSE)","v":"VTSD"},{"$f":"VLOOKUP($A9,DATA2!$A$2:$S$607,7,FALSE)","v":736},{"$f":"VLOOKUP($A9,DATA2!$A$2:$S$607,8,FALSE)","v":true},{"$f":"VLOOKUP($A9,DATA2!$A$2:$S$607,9,FALSE)","v":0.08},95730.72,{"$f":"VLOOKUP($A9,DATA2!$A$2:$S$607,10,FALSE)","v":83480.72},{"$f":"VLOOKUP($A9,DATA2!$A$2:$S$607,11,FALSE)","v":1001768.64},{"$f":"VLOOKUP($A9,DATA2!$A$2:$S$607,12,FALSE)","v":"2015-10-01"},{"$f":"VLOOKUP($A9,DATA2!$A$2:$S$607,13,FALSE)","v":"2020-09-30"},{"$f":"VLOOKUP($A9,DATA2!$A$2:$S$607,14,FALSE)","v":"No"},{"$f":"IF(MATRIX2!D9=1,($Y$8-$X$2)/365*Table_Provincial_GTAC3536[[#This Row],[Adj.AnnualRental]]*MATRIX2!D9,($Y$8-$X$2)/365*Table_Provincial_GTAC3536[[#This Row],[Adj.AnnualRental]])","v":329348.59397260274},{"$f":"(Table_Provincial_GTAC3536[[#This Row],[Adj.AnnualRental]]*(1+$I9)^(2))","v":1168462.9416960001},{"$f":"(Table_Provincial_GTAC3536[[#This Row],[Adj.AnnualRental]]*(1+$I9)^(3))","v":1261939.9770316803},{"$f":"(Table_Provincial_GTAC3536[[#This Row],[Adj.AnnualRental]]*(1+$I9)^(4))","v":1362895.1751942148},{"$f":"(Table_Provincial_GTAC3536[[#This Row],[Adj.AnnualRental]]*(1+$I9)^(5))","v":1471926.7892097519},{"$f":"(Table_Provincial_GTAC3536[[#This Row],[Adj.AnnualRental]]*(1+$I9)^(6))","v":1589680.9323465324},{"$f":"(Table_Provincial_GTAC3536[[#This Row],[Adj.AnnualRental]]*(1+$I9)^(7))","v":1716855.4069342548},null,null,42826]
[9,{"$f":"VLOOKUP($A10,DATA2!$A$2:$S$607,2,FALSE)","v":"KZN"},{"$f":"VLOOKUP($A10,DATA2!$A$2:$S$607,3,FALSE)","v":"KwaZulu-Natal"},{"$f":"VLOOKUP($A10,DATA2!$A$2:$S$607,4,FALSE)","v":93.312018228535408},{"$f":"VLOOKUP($A10,DATA2!$A$2:$S$607,5,FALSE)","v":77.5},{"$f":"VLOOKUP($A10,DATA2!$A$2:$S$607,6,FALSE)","v":"VTSD"},{"$f":"VLOOKUP($A10,DATA2!$A$2:$S$607,7,FALSE)","v":412.54},{"$f":"VLOOKUP($A10,DATA2!$A$2:$S$607,8,FALSE)","v":true},{"$f":"VLOOKUP($A10,DATA2!$A$2:$S$607,9,FALSE)","v":0.08},38494.94,{"$f":"VLOOKUP($A10,DATA2!$A$2:$S$607,10,FALSE)","v":38494.94},{"$f":"VLOOKUP($A10,DATA2!$A$2:$S$607,11,FALSE)","v":461939.28},{"$f":"VLOOKUP($A10,DATA2!$A$2:$S$607,12,FALSE)","v":"2015-02-01"},{"$f":"VLOOKUP($A10,DATA2!$A$2:$S$607,13,FALSE)","v":"2020-01-31"},{"$f":"VLOOKUP($A10,DATA2!$A$2:$S$607,14,FALSE)","v":"No"},{"$f":"IF(MATRIX2!D10=1,($Y$8-$X$2)/365*Table_Provincial_GTAC3536[[#This Row],[Adj.AnnualRental]]*MATRIX2!D10,($Y$8-$X$2)/365*Table_Provincial_GTAC3536[[#This Row],[Adj.AnnualRental]])","v":151870.44821917807},{"$f":"(Table_Provincial_GTAC3536[[#This Row],[Adj.AnnualRental]]*(1+$I10)^(2))","v":538805.97619200009},{"$f":"(Table_Provincial_GTAC3536[[#This Row],[Adj.AnnualRental]]*(1+$I10)^(3))","v":581910.45428736007},{"$f":"(Table_Provincial_GTAC3536[[#This Row],[Adj.AnnualRental]]*(1+$I10)^(4))","v":628463.29063034896},{"$f":"(Table_Provincial_GTAC3536[[#This Row],[Adj.AnnualRental]]*(1+$I10)^(5))","v":678740.35388077691},{"$f":"(Table_Provincial_GTAC3536[[#This Row],[Adj.AnnualRental]]*(1+$I10)^(6))","v":733039.58219123911},{"$f":"(Table_Provincial_GTAC3536[[#This Row],[Adj.AnnualRental]]*(1+$I10)^(7))","v":791682.74876653834},null,null,{"$f":"Y8-Y9","v":364}]
[10,{"$f":"VLOOKUP($A11,DATA2!$A$2:$S$607,2,FALSE)","v":"KZN"},{"$f":"VLOOKUP($A11,DATA2!$A$2:$S$607,3,FALSE)","v":"KwaZulu-Natal"},{"$f":"VLOOKUP($A11,DATA2!$A$2:$S$607,4,FALSE)","v":98.821310942578549},{"$f":"VLOOKUP($A11,DATA2!$A$2:$S$607,5,FALSE)","v":77.5},{"$f":"VLOOKUP($A11,DATA2!$A$2:$S$607,6,FALSE)","v":"VTSD"},{"$f":"VLOOKUP($A11,DATA2!$A$2:$S$607,7,FALSE)","v":923},{"$f":"VLOOKUP($A11,DATA2!$A$2:$S$607,8,FALSE)","v":true},{"$f":"VLOOKUP($A11,DATA2!$A$2:$S$607,9,FALSE)","v":6.5000000000000002E-2},98512.07,{"$f":"VLOOKUP($A11,DATA2!$A$2:$S$607,10,FALSE)","v":91212.07},{"$f":"VLOOKUP($A11,DATA2!$A$2:$S$607,11,FALSE)","v":1094544.8400000001},{"$f":"VLOOKUP($A11,DATA2!$A$2:$S$607,12,FALSE)","v":"2015-10-01"},{"$f":"VLOOKUP($A11,DATA2!$A$2:$S$607,13,FALSE)","v":"2020-09-30"},{"$f":"VLOOKUP($A11,DATA2!$A$2:$S$607,14,FALSE)","v":"No"},{"$f":"IF(MATRIX2!D11=1,($Y$8-$X$2)/365*Table_Provincial_GTAC3536[[#This Row],[Adj.AnnualRental]]*MATRIX2!D11,($Y$8-$X$2)/365*Table_Provincial_GTAC3536[[#This Row],[Adj.AnnualRental]])","v":359850.35835616442},{"$f":"(Table_Provincial_GTAC3536[[#This Row],[Adj.AnnualRental]]*(1+$I11)^(2))","v":1241460.1211489998},{"$f":"(Table_Provincial_GTAC3536[[#This Row],[Adj.AnnualRental]]*(1+$I11)^(3))","v":1322155.0290236848},{"$f":"(Table_Provincial_GTAC3536[[#This Row],[Adj.AnnualRental]]*(1+$I11)^(4))","v":1408095.1059102241},{"$f":"(Table_Provincial_GTAC3536[[#This Row],[Adj.AnnualRental]]*(1+$I11)^(5))","v":1499621.2877943888},{"$f":"(Table_Provincial_GTAC3536[[#This Row],[Adj.AnnualRental]]*(1+$I11)^(6))","v":1597096.6715010237},{"$f":"(Table_Provincial_GTAC3536[[#This Row],[Adj.AnnualRental]]*(1+$I11)^(7))","v":1700907.95514859}]
[11,{"$f":"VLOOKUP($A12,DATA2!$A$2:$S$607,2,FALSE)","v":"KZN"},{"$f":"VLOOKUP($A12,DATA2!$A$2:$S$607,3,FALSE)","v":"KwaZulu-Natal"},{"$f":"VLOOKUP($A12,DATA2!$A$2:$S$607,4,FALSE)","v":133.1673076923077},{"$f":"VLOOKUP($A12,DATA2!$A$2:$S$607,5,FALSE)","v":77.5},{"$f":"VLOOKUP($A12,DATA2!$A$2:$S$607,6,FALSE)","v":"VTSD"},{"$f":"VLOOKUP($A12,DATA2!$A$2:$S$607,7,FALSE)","v":1164.8},{"$f":"VLOOKUP($A12,DATA2!$A$2:$S$607,8,FALSE)","v":true},{"$f":"VLOOKUP($A12,DATA2!$A$2:$S$607,9,FALSE)","v":0.08},172313.28,{"$f":"VLOOKUP($A12,DATA2!$A$2:$S$607,10,FALSE)","v":155113.28},{"$f":"VLOOKUP($A12,DATA2!$A$2:$S$607,11,FALSE)","v":1861359.36},{"$f":"VLOOKUP($A12,DATA2!$A$2:$S$607,12,FALSE)","v":"2016-10-01"},{"$f":"VLOOKUP($A12,DATA2!$A$2:$S$607,13,FALSE)","v":"2019-09-30"},{"$f":"VLOOKUP($A12,DATA2!$A$2:$S$607,14,FALSE)","v":"No"},{"$f":"IF(MATRIX2!D12=1,($Y$8-$X$2)/365*Table_Provincial_GTAC3536[[#This Row],[Adj.AnnualRental]]*MATRIX2!D12,($Y$8-$X$2)/365*Table_Provincial_GTAC3536[[#This Row],[Adj.AnnualRental]])","v":611953.76219178084},{"$f":"(Table_Provincial_GTAC3536[[#This Row],[Adj.AnnualRental]]*(1+$I12)^(2))","v":2171089.5575040001},{"$f":"(Table_Provincial_GTAC3536[[#This Row],[Adj.AnnualRental]]*(1+$I12)^(3))","v":2344776.7221043203},{"$f":"(Table_Provincial_GTAC3536[[#This Row],[Adj.AnnualRental]]*(1+$I12)^(4))","v":2532358.8598726662},{"$f":"(Table_Provincial_GTAC3536[[#This Row],[Adj.AnnualRental]]*(1+$I12)^(5))","v":2734947.5686624795},{"$f":"(Table_Provincial_GTAC3536[[#This Row],[Adj.AnnualRental]]*(1+$I12)^(6))","v":2953743.3741554786},{"$f":"(Table_Provincial_GTAC3536[[#This Row],[Adj.AnnualRental]]*(1+$I12)^(7))","v":3190042.8440879169},null,null,null,{"$f":"Z8-Y8","v":365}]
[12,{"$f":"VLOOKUP($A13,DATA2!$A$2:$S$607,2,FALSE)","v":"KZN"},{"$f":"VLOOKUP($A13,DATA2!$A$2:$S$607,3,FALSE)","v":"KwaZulu-Natal"},{"$f":"VLOOKUP($A13,DATA2!$A$2:$S$607,4,FALSE)","v":139.12871171381812},{"$f":"VLOOKUP($A13,DATA2!$A$2:$S$607,5,FALSE)","v":100},{"$f":"VLOOKUP($A13,DATA2!$A$2:$S$607,6,FALSE)","v":"VTSD"},{"$f":"VLOOKUP($A13,DATA2!$A$2:$S$607,7,FALSE)","v":2566.1999999999998},{"$f":"VLOOKUP($A13,DATA2!$A$2:$S$607,8,FALSE)","v":true},{"$f":"VLOOKUP($A13,DATA2!$A$2:$S$607,9,FALSE)","v":7.0000000000000007E-2},385532.1,{"$f":"VLOOKUP($A13,DATA2!$A$2:$S$607,10,FALSE)","v":357032.1},{"$f":"VLOOKUP($A13,DATA2!$A$2:$S$607,11,FALSE)","v":4284385.2},{"$f":"VLOOKUP($A13,DATA2!$A$2:$S$607,12,FALSE)","v":"2014-12-01"},{"$f":"VLOOKUP($A13,DATA2!$A$2:$S$607,13,FALSE)","v":"2019-11-30"},{"$f":"VLOOKUP($A13,DATA2!$A$2:$S$607,14,FALSE)","v":"No"},{"$f":"IF(MATRIX2!D13=1,($Y$8-$X$2)/365*Table_Provincial_GTAC3536[[#This Row],[Adj.AnnualRental]]*MATRIX2!D13,($Y$8-$X$2)/365*Table_Provincial_GTAC3536[[#This Row],[Adj.AnnualRental]])","v":1408564.9972602739},{"$f":"(Table_Provincial_GTAC3536[[#This Row],[Adj.AnnualRental]]*(1+$I13)^(2))","v":4905192.6154800002},{"$f":"(Table_Provincial_GTAC3536[[#This Row],[Adj.AnnualRental]]*(1+$I13)^(3))","v":5248556.0985636003},{"$f":"(Table_Provincial_GTAC3536[[#This Row],[Adj.AnnualRental]]*(1+$I13)^(4))","v":5615955.0254630521},{"$f":"(Table_Provincial_GTAC3536[[#This Row],[Adj.AnnualRental]]*(1+$I13)^(5))","v":6009071.8772454662},{"$f":"(Table_Provincial_GTAC3536[[#This Row],[Adj.AnnualRental]]*(1+$I13)^(6))","v":6429706.9086526483},{"$f":"(Table_Provincial_GTAC3536[[#This Row],[Adj.AnnualRental]]*(1+$I13)^(7))","v":6879786.3922583349},null,null,{"$f":"365/2","v":182.5},{"$f":"(1+$I13)^(SUM(MATRIX!C13:F13)+1)","v":{"$error":"#REF!"}},{"$f":"(0.333)*Table_Provincial_GTAC3536[[#This Row],[Adj.AnnualRental]]*1.07 +Table_Provincial_GTAC3536[[#This Row],[Adj.AnnualRental]]*0.667","v":4384254.2190120006},{"$f":"IF(Table_Provincial_GTAC3536[[#This Row],[MonthToMonth]]=\"Yes\",MATRIX2!V13*Table_Provincial_GTAC3536[[#This Row],[Adj.AnnualRental]]+MATRIX2!N13*(Table_Provincial_GTAC3536[[#This Row],[Adj.AnnualRental]]*(1+$I13)^(SUM(MATRIX!C13:D13)+1)),MATRIX2!V13*Table_Provincial_GTAC3536[[#This Row],[Adj.AnnualRental]]+MATRIX2!N13*(Table_Provincial_GTAC3536[[#This Row],[Adj.AnnualRental]]*(1+$I13)^(COUNTIF(MATRIX!C13:D13,0)+1)))","v":4284385.2},{"$f":"MATRIX2!V13*Table_Provincial_GTAC3536[[#This Row],[Adj.AnnualRental]]+MATRIX2!N13*(Table_Provincial_GTAC3536[[#This Row],[Adj.AnnualRental]]*(1+$I13)^(SUM(MATRIX!C13:D13)+1))","v":{"$error":"#REF!"}},{"$f":"MATRIX2!V13*Table_Provincial_GTAC3536[[#This Row],[Adj.AnnualRental]]+MATRIX2!N13*(Table_Provincial_GTAC3536[[#This Row],[Adj.AnnualRental]]*(1+$I13)^(COUNTIF(MATRIX!C13:D13,0)+1))","v":4284385.2}]
[13,{"$f":"VLOOKUP($A14,DATA2!$A$2:$S$607,2,FALSE)","v":"KZN"},{"$f":"VLOOKUP($A14,DATA2!$A$2:$S$607,3,FALSE)","v":"KwaZulu-Natal"},{"$f":"VLOOKUP($A14,DATA2!$A$2:$S$607,4,FALSE)","v":41.618457792207792},{"$f":"VLOOKUP($A14,DATA2!$A$2:$S$607,5,FALSE)","v":77.5},{"$f":"VLOOKUP($A14,DATA2!$A$2:$S$607,6,FALSE)","v":"VTSD"},{"$f":"VLOOKUP($A14,DATA2!$A$2:$S$607,7,FALSE)","v":616},{"$f":"VLOOKUP($A14,DATA2!$A$2:$S$607,8,FALSE)","v":true},{"$f":"VLOOKUP($A14,DATA2!$A$2:$S$607,9,FALSE)","v":0},25636.97,{"$f":"VLOOKUP($A14,DATA2!$A$2:$S$607,10,FALSE)","v":25636.97},{"$f":"VLOOKUP($A14,DATA2!$A$2:$S$607,11,FALSE)","v":307643.64},{"$f":"VLOOKUP($A14,DATA2!$A$2:$S$607,12,FALSE)","v":"2016-04-01"},{"$f":"VLOOKUP($A14,DATA2!$A$2:$S$607,13,FALSE)","v":"2016-09-30"},{"$f":"VLOOKUP($A14,DATA2!$A$2:$S$607,14,FALSE)","v":"Yes"},{"$f":"IF(MATRIX2!D14=1,($Y$8-$X$2)/365*Table_Provincial_GTAC3536[[#This Row],[Adj.AnnualRental]]*MATRIX2!D14,($Y$8-$X$2)/365*Table_Provincial_GTAC3536[[#This Row],[Adj.AnnualRental]])","v":101143.11452054794},{"$f":"(Table_Provincial_GTAC3536[[#This Row],[Adj.AnnualRental]]*(1+$I14)^(2))","v":307643.64},{"$f":"(Table_Provincial_GTAC3536[[#This Row],[Adj.AnnualRental]]*(1+$I14)^(3))","v":307643.64},{"$f":"(Table_Provincial_GTAC3536[[#This Row],[Adj.AnnualRental]]*(1+$I14)^(4))","v":307643.64},{"$f":"(Table_Provincial_GTAC3536[[#This Row],[Adj.AnnualRental]]*(1+$I14)^(5))","v":307643.64},{"$f":"(Table_Provincial_GTAC3536[[#This Row],[Adj.AnnualRental]]*(1+$I14)^(6))","v":307643.64},{"$f":"(Table_Provincial_GTAC3536[[#This Row],[Adj.AnnualRental]]*(1+$I14)^(7))","v":307643.64},null,null,null,{"$f":"(1+$I13)^(SUM(MATRIX!C13:F13))","v":{"$error":"#REF!"}},null,null,{"$f":"(SUM(MATRIX!C13:D13)+1)","v":{"$error":"#REF!"}},{"$f":"(COUNTIF(MATRIX!C13:D13,0)+1)","v":1}]
[14,{"$f":"VLOOKUP($A15,DATA2!$A$2:$S$607,2,FALSE)","v":"KZN"},{"$f":"VLOOKUP($A15,DATA2!$A$2:$S$607,3,FALSE)","v":"KwaZulu-Natal"},{"$f":"VLOOKUP($A15,DATA2!$A$2:$S$607,4,FALSE)","v":130.67388888888888},{"$f":"VLOOKUP($A15,DATA2!$A$2:$S$607,5,FALSE)","v":77.5},{"$f":"VLOOKUP($A15,DATA2!$A$2:$S$607,6,FALSE)","v":"VTSD"},{"$f":"VLOOKUP($A15,DATA2!$A$2:$S$607,7,FALSE)","v":450},{"$f":"VLOOKUP($A15,DATA2!$A$2:$S$607,8,FALSE)","v":true},{"$f":"VLOOKUP($A15,DATA2!$A$2:$S$607,9,FALSE)","v":0.1},73908.25,{"$f":"VLOOKUP($A15,DATA2!$A$2:$S$607,10,FALSE)","v":58803.25},{"$f":"VLOOKUP($A15,DATA2!$A$2:$S$607,11,FALSE)","v":705639},{"$f":"VLOOKUP($A15,DATA2!$A$2:$S$607,12,FALSE)","v":"2013-12-01"},{"$f":"VLOOKUP($A15,DATA2!$A$2:$S$607,13,FALSE)","v":"2016-11-30"},{"$f":"VLOOKUP($A15,DATA2!$A$2:$S$607,14,FALSE)","v":"Yes"},{"$f":"IF(MATRIX2!D15=1,($Y$8-$X$2)/365*Table_Provincial_GTAC3536[[#This Row],[Adj.AnnualRental]]*MATRIX2!D15,($Y$8-$X$2)/365*Table_Provincial_GTAC3536[[#This Row],[Adj.AnnualRental]])","v":231990.90410958903},{"$f":"(Table_Provincial_GTAC3536[[#This Row],[Adj.AnnualRental]]*(1+$I15)^(2))","v":853823.19000000018},{"$f":"(Table_Provincial_GTAC3536[[#This Row],[Adj.AnnualRental]]*(1+$I15)^(3))","v":939205.50900000031},{"$f":"(Table_Provincial_GTAC3536[[#This Row],[Adj.AnnualRental]]*(1+$I15)^(4))","v":1033126.0599000002},{"$f":"(Table_Provincial_GTAC3536[[#This Row],[Adj.AnnualRental]]*(1+$I15)^(5))","v":1136438.6658900003},{"$f":"(Table_Provincial_GTAC3536[[#This Row],[Adj.AnnualRental]]*(1+$I15)^(6))","v":1250082.5324790005},{"$f":"(Table_Provincial_GTAC3536[[#This Row],[Adj.AnnualRental]]*(1+$I15)^(7))","v":1375090.7857269009},null,null,null,{"$f":"MATRIX2!X13*L13","v":698413.47780821938}]
[15,{"$f":"VLOOKUP($A16,DATA2!$A$2:$S$607,2,FALSE)","v":"KZN"},{"$f":"VLOOKUP($A16,DATA2!$A$2:$S$607,3,FALSE)","v":"KwaZulu-Natal"},{"$f":"VLOOKUP($A16,DATA2!$A$2:$S$607,4,FALSE)","v":123.28337579617835},{"$f":"VLOOKUP($A16,DATA2!$A$2:$S$607,5,FALSE)","v":77.5},{"$f":"VLOOKUP($A16,DATA2!$A$2:$S$607,6,FALSE)","v":"VTSD"},{"$f":"VLOOKUP($A16,DATA2!$A$2:$S$607,7,FALSE)","v":314},{"$f":"VLOOKUP($A16,DATA2!$A$2:$S$607,8,FALSE)","v":true},{"$f":"VLOOKUP($A16,DATA2!$A$2:$S$607,9,FALSE)","v":0},38710.980000000003,{"$f":"VLOOKUP($A16,DATA2!$A$2:$S$607,10,FALSE)","v":38710.980000000003},{"$f":"VLOOKUP($A16,DATA2!$A$2:$S$607,11,FALSE)","v":464531.76},{"$f":"VLOOKUP($A16,DATA2!$A$2:$S$607,12,FALSE)","v":"2015-10-01"},{"$f":"VLOOKUP($A16,DATA2!$A$2:$S$607,13,FALSE)","v":"2016-09-30"},{"$f":"VLOOKUP($A16,DATA2!$A$2:$S$607,14,FALSE)","v":"Yes"},{"$f":"IF(MATRIX2!D16=1,($Y$8-$X$2)/365*Table_Provincial_GTAC3536[[#This Row],[Adj.AnnualRental]]*MATRIX2!D16,($Y$8-$X$2)/365*Table_Provincial_GTAC3536[[#This Row],[Adj.AnnualRental]])","v":152722.77041095891},{"$f":"(Table_Provincial_GTAC3536[[#This Row],[Adj.AnnualRental]]*(1+$I16)^(2))","v":464531.76},{"$f":"(Table_Provincial_GTAC3536[[#This Row],[Adj.AnnualRental]]*(1+$I16)^(3))","v":464531.76},{"$f":"(Table_Provincial_GTAC3536[[#This Row],[Adj.AnnualRental]]*(1+$I16)^(4))","v":464531.76},{"$f":"(Table_Provincial_GTAC3536[[#This Row],[Adj.AnnualRental]]*(1+$I16)^(5))","v":464531.76},{"$f":"(Table_Provincial_GTAC3536[[#This Row],[Adj.AnnualRental]]*(1+$I16)^(6))","v":464531.76},{"$f":"(Table_Provincial_GTAC3536[[#This Row],[Adj.AnnualRental]]*(1+$I16)^(7))","v":464531.76},null,null,{"$f":"8/12","v":0.66666666666666663}]
[16,{"$f":"VLOOKUP($A17,DATA2!$A$2:$S$607,2,FALSE)","v":"KZN"},{"$f":"VLOOKUP($A17,DATA2!$A$2:$S$607,3,FALSE)","v":"KwaZulu-Natal"},{"$f":"VLOOKUP($A17,DATA2!$A$2:$S$607,4,FALSE)","v":140.72102189781023},{"$f":"VLOOKUP($A17,DATA2!$A$2:$S$607,5,FALSE)","v":77.5},{"$f":"VLOOKUP($A17,DATA2!$A$2:$S$607,6,FALSE)","v":"VTSD"},{"$f":"VLOOKUP($A17,DATA2!$A$2:$S$607,7,FALSE)","v":548},{"$f":"VLOOKUP($A17,DATA2!$A$2:$S$607,8,FALSE)","v":true},{"$f":"VLOOKUP($A17,DATA2!$A$2:$S$607,9,FALSE)","v":0.1},83115.12,{"$f":"VLOOKUP($A17,DATA2!$A$2:$S$607,10,FALSE)","v":77115.12},{"$f":"VLOOKUP($A17,DATA2!$A$2:$S$607,11,FALSE)","v":925381.44},{"$f":"VLOOKUP($A17,DATA2!$A$2:$S$607,12,FALSE)","v":"2015-09-01"},{"$f":"VLOOKUP($A17,DATA2!$A$2:$S$607,13,FALSE)","v":"2018-08-31"},{"$f":"VLOOKUP($A17,DATA2!$A$2:$S$607,14,FALSE)","v":"No"},{"$f":"IF(MATRIX2!D17=1,($Y$8-$X$2)/365*Table_Provincial_GTAC3536[[#This Row],[Adj.AnnualRental]]*MATRIX2!D17,($Y$8-$X$2)/365*Table_Provincial_GTAC3536[[#This Row],[Adj.AnnualRental]])","v":304234.99397260271},{"$f":"(Table_Provincial_GTAC3536[[#This Row],[Adj.AnnualRental]]*(1+$I17)^(2))","v":1119711.5424000002},{"$f":"(Table_Provincial_GTAC3536[[#This Row],[Adj.AnnualRental]]*(1+$I17)^(3))","v":1231682.6966400002},{"$f":"(Table_Provincial_GTAC3536[[#This Row],[Adj.AnnualRental]]*(1+$I17)^(4))","v":1354850.9663040002},{"$f":"(Table_Provincial_GTAC3536[[#This Row],[Adj.AnnualRental]]*(1+$I17)^(5))","v":1490336.0629344005},{"$f":"(Table_Provincial_GTAC3536[[#This Row],[Adj.AnnualRental]]*(1+$I17)^(6))","v":1639369.6692278406},{"$f":"(Table_Provincial_GTAC3536[[#This Row],[Adj.AnnualRental]]*(1+$I17)^(7))","v":1803306.6361506251}]
[18,{"$f":"VLOOKUP($A18,DATA2!$A$2:$S$607,2,FALSE)","v":"KZN"},{"$f":"VLOOKUP($A18,DATA2!$A$2:$S$607,3,FALSE)","v":"KwaZulu-Natal"},{"$f":"VLOOKUP($A18,DATA2!$A$2:$S$607,4,FALSE)","v":79.948076923076925},{"$f":"VLOOKUP($A18,DATA2!$A$2:$S$607,5,FALSE)","v":110},{"$f":"VLOOKUP($A18,DATA2!$A$2:$S$607,6,FALSE)","v":"MAIN CENTRE"},{"$f":"VLOOKUP($A18,DATA2!$A$2:$S$607,7,FALSE)","v":520},{"$f":"VLOOKUP($A18,DATA2!$A$2:$S$607,8,FALSE)","v":true},{"$f":"VLOOKUP($A18,DATA2!$A$2:$S$607,9,FALSE)","v":0},42123,{"$f":"VLOOKUP($A18,DATA2!$A$2:$S$607,10,FALSE)","v":41573},{"$f":"VLOOKUP($A18,DATA2!$A$2:$S$607,11,FALSE)","v":498876},{"$f":"VLOOKUP($A18,DATA2!$A$2:$S$607,12,FALSE)","v":"2016-06-01"},{"$f":"VLOOKUP($A18,DATA2!$A$2:$S$607,13,FALSE)","v":"2016-11-30"},{"$f":"VLOOKUP($A18,DATA2!$A$2:$S$607,14,FALSE)","v":"Yes"},{"$f":"IF(MATRIX2!D18=1,($Y$8-$X$2)/365*Table_Provincial_GTAC3536[[#This Row],[Adj.AnnualRental]]*MATRIX2!D18,($Y$8-$X$2)/365*Table_Provincial_GTAC3536[[#This Row],[Adj.AnnualRental]])","v":164014.02739726027},{"$f":"(Table_Provincial_GTAC3536[[#This Row],[Adj.AnnualRental]]*(1+$I18)^(2))","v":498876},{"$f":"(Table_Provincial_GTAC3536[[#This Row],[Adj.AnnualRental]]*(1+$I18)^(3))","v":498876},{"$f":"(Table_Provincial_GTAC3536[[#This Row],[Adj.AnnualRental]]*(1+$I18)^(4))","v":498876},{"$f":"(Table_Provincial_GTAC3536[[#This Row],[Adj.AnnualRental]]*(1+$I18)^(5))","v":498876},{"$f":"(Table_Provincial_GTAC3536[[#This Row],[Adj.AnnualRental]]*(1+$I18)^(6))","v":498876},{"$f":"(Table_Provincial_GTAC3536[[#This Row],[Adj.AnnualRental]]*(1+$I18)^(7))","v":498876}]
[19,{"$f":"VLOOKUP($A19,DATA2!$A$2:$S$607,2,FALSE)","v":"KZN"},{"$f":"VLOOKUP($A19,DATA2!$A$2:$S$607,3,FALSE)","v":"KwaZulu-Natal"},{"$f":"VLOOKUP($A19,DATA2!$A$2:$S$607,4,FALSE)","v":128.40270635994588},{"$f":"VLOOKUP($A19,DATA2!$A$2:$S$607,5,FALSE)","v":110},{"$f":"VLOOKUP($A19,DATA2!$A$2:$S$607,6,FALSE)","v":"MAIN CENTRE"},{"$f":"VLOOKUP($A19,DATA2!$A$2:$S$607,7,FALSE)","v":739},{"$f":"VLOOKUP($A19,DATA2!$A$2:$S$607,8,FALSE)","v":true},{"$f":"VLOOKUP($A19,DATA2!$A$2:$S$607,9,FALSE)","v":0.09},110739.6,{"$f":"VLOOKUP($A19,DATA2!$A$2:$S$607,10,FALSE)","v":94889.600000000006},{"$f":"VLOOKUP($A19,DATA2!$A$2:$S$607,11,FALSE)","v":1138675.2},{"$f":"VLOOKUP($A19,DATA2!$A$2:$S$607,12,FALSE)","v":"2016-08-01"},{"$f":"VLOOKUP($A19,DATA2!$A$2:$S$607,13,FALSE)","v":"2019-07-31"},{"$f":"VLOOKUP($A19,DATA2!$A$2:$S$607,14,FALSE)","v":"No"},{"$f":"IF(MATRIX2!D19=1,($Y$8-$X$2)/365*Table_Provincial_GTAC3536[[#This Row],[Adj.AnnualRental]]*MATRIX2!D19,($Y$8-$X$2)/365*Table_Provincial_GTAC3536[[#This Row],[Adj.AnnualRental]])","v":374358.96986301366},{"$f":"(Table_Provincial_GTAC3536[[#This Row],[Adj.AnnualRental]]*(1+$I19)^(2))","v":1352860.0051200001},{"$f":"(Table_Provincial_GTAC3536[[#This Row],[Adj.AnnualRental]]*(1+$I19)^(3))","v":1474617.4055808003},{"$f":"(Table_Provincial_GTAC3536[[#This Row],[Adj.AnnualRental]]*(1+$I19)^(4))","v":1607332.9720830722},{"$f":"(Table_Provincial_GTAC3536[[#This Row],[Adj.AnnualRental]]*(1+$I19)^(5))","v":1751992.9395705489},{"$f":"(Table_Provincial_GTAC3536[[#This Row],[Adj.AnnualRental]]*(1+$I19)^(6))","v":1909672.3041318986},{"$f":"(Table_Provincial_GTAC3536[[#This Row],[Adj.AnnualRental]]*(1+$I19)^(7))","v":2081542.8115037694}]
[20,{"$f":"VLOOKUP($A20,DATA2!$A$2:$S$607,2,FALSE)","v":"KZN"},{"$f":"VLOOKUP($A20,DATA2!$A$2:$S$607,3,FALSE)","v":"KwaZulu-Natal"},{"$f":"VLOOKUP($A20,DATA2!$A$2:$S$607,4,FALSE)","v":110.1924023668639},{"$f":"VLOOKUP($A20,DATA2!$A$2:$S$607,5,FALSE)","v":77.5},{"$f":"VLOOKUP($A20,DATA2!$A$2:$S$607,6,FALSE)","v":"VTSD"},{"$f":"VLOOKUP($A20,DATA2!$A$2:$S$607,7,FALSE)","v":422.5},{"$f":"VLOOKUP($A20,DATA2!$A$2:$S$607,8,FALSE)","v":true},{"$f":"VLOOKUP($A20,DATA2!$A$2:$S$607,9,FALSE)","v":7.0000000000000007E-2},46556.29,{"$f":"VLOOKUP($A20,DATA2!$A$2:$S$607,10,FALSE)","v":46556.29},{"$f":"VLOOKUP($A20,DATA2!$A$2:$S$607,11,FALSE)","v":558675.48},{"$f":"VLOOKUP($A20,DATA2!$A$2:$S$607,12,FALSE)","v":"2015-05-01"},{"$f":"VLOOKUP($A20,DATA2!$A$2:$S$607,13,FALSE)","v":"2016-09-30"},{"$f":"VLOOKUP($A20,DATA2!$A$2:$S$607,14,FALSE)","v":"Yes"},{"$f":"IF(MATRIX2!D20=1,($Y$8-$X$2)/365*Table_Provincial_GTAC3536[[#This Row],[Adj.AnnualRental]]*MATRIX2!D20,($Y$8-$X$2)/365*Table_Provincial_GTAC3536[[#This Row],[Adj.AnnualRental]])","v":183674.1304109589},{"$f":"(Table_Provincial_GTAC3536[[#This Row],[Adj.AnnualRental]]*(1+$I20)^(2))","v":639627.55705199996},{"$f":"(Table_Provincial_GTAC3536[[#This Row],[Adj.AnnualRental]]*(1+$I20)^(3))","v":684401.48604564008},{"$f":"(Table_Provincial_GTAC3536[[#This Row],[Adj.AnnualRental]]*(1+$I20)^(4))","v":732309.59006883483},{"$f":"(Table_Provincial_GTAC3536[[#This Row],[Adj.AnnualRental]]*(1+$I20)^(5))","v":783571.26137365331},{"$f":"(Table_Provincial_GTAC3536[[#This Row],[Adj.AnnualRental]]*(1+$I20)^(6))","v":838421.24966980901},{"$f":"(Table_Provincial_GTAC3536[[#This Row],[Adj.AnnualRental]]*(1+$I20)^(7))","v":897110.73714669561}]
[21,{"$f":"VLOOKUP($A21,DATA2!$A$2:$S$607,2,FALSE)","v":"KZN"},{"$f":"VLOOKUP($A21,DATA2!$A$2:$S$607,3,FALSE)","v":"KwaZulu-Natal"},{"$f":"VLOOKUP($A21,DATA2!$A$2:$S$607,4,FALSE)","v":138.28843179309607},{"$f":"VLOOKUP($A21,DATA2!$A$2:$S$607,5,FALSE)","v":87.5},{"$f":"VLOOKUP($A21,DATA2!$A$2:$S$607,6,FALSE)","v":"MAIN CENTRE"},{"$f":"VLOOKUP($A21,DATA2!$A$2:$S$607,7,FALSE)","v":2708.89},{"$f":"VLOOKUP($A21,DATA2!$A$2:$S$607,8,FALSE)","v":true},{"$f":"VLOOKUP($A21,DATA2!$A$2:$S$607,9,FALSE)","v":0.08},403408.15,{"$f":"VLOOKUP($A21,DATA2!$A$2:$S$607,10,FALSE)","v":374608.15},{"$f":"VLOOKUP($A21,DATA2!$A$2:$S$607,11,FALSE)","v":4495297.8},{"$f":"VLOOKUP($A21,DATA2!$A$2:$S$607,12,FALSE)","v":"2016-06-01"},{"$f":"VLOOKUP($A21,DATA2!$A$2:$S$607,13,FALSE)","v":"2017-11-30"},{"$f":"VLOOKUP($A21,DATA2!$A$2:$S$607,14,FALSE)","v":"No"},{"$f":"IF(MATRIX2!D21=1,($Y$8-$X$2)/365*Table_Provincial_GTAC3536[[#This Row],[Adj.AnnualRental]]*MATRIX2!D21,($Y$8-$X$2)/365*Table_Provincial_GTAC3536[[#This Row],[Adj.AnnualRental]])","v":1477906.1260273971},{"$f":"(Table_Provincial_GTAC3536[[#This Row],[Adj.AnnualRental]]*(1+$I21)^(2))","v":5243315.3539200006},{"$f":"(Table_Provincial_GTAC3536[[#This Row],[Adj.AnnualRental]]*(1+$I21)^(3))","v":5662780.5822336003},{"$f":"(Table_Provincial_GTAC3536[[#This Row],[Adj.AnnualRental]]*(1+$I21)^(4))","v":6115803.0288122892},{"$f":"(Table_Provincial_GTAC3536[[#This Row],[Adj.AnnualRental]]*(1+$I21)^(5))","v":6605067.2711172719},{"$f":"(Table_Provincial_GTAC3536[[#This Row],[Adj.AnnualRental]]*(1+$I21)^(6))","v":7133472.6528066546},{"$f":"(Table_Provincial_GTAC3536[[#This Row],[Adj.AnnualRental]]*(1+$I21)^(7))","v":7704150.465031188}]
[22,{"$f":"VLOOKUP($A22,DATA2!$A$2:$S$607,2,FALSE)","v":"KZN"},{"$f":"VLOOKUP($A22,DATA2!$A$2:$S$607,3,FALSE)","v":"KwaZulu-Natal"},{"$f":"VLOOKUP($A22,DATA2!$A$2:$S$607,4,FALSE)","v":134.16385057471265},{"$f":"VLOOKUP($A22,DATA2!$A$2:$S$607,5,FALSE)","v":65},{"$f":"VLOOKUP($A22,DATA2!$A$2:$S$607,6,FALSE)","v":"CBD"},{"$f":"VLOOKUP($A22,DATA2!$A$2:$S$607,7,FALSE)","v":1218},{"$f":"VLOOKUP($A22,DATA2!$A$2:$S$607,8,FALSE)","v":true},{"$f":"VLOOKUP($A22,DATA2!$A$2:$S$607,9,FALSE)","v":0},204249.07,{"$f":"VLOOKUP($A22,DATA2!$A$2:$S$607,10,FALSE)","v":163411.57},{"$f":"VLOOKUP($A22,DATA2!$A$2:$S$607,11,FALSE)","v":1960938.84},{"$f":"VLOOKUP($A22,DATA2!$A$2:$S$607,12,FALSE)","v":"2015-12-01"},{"$f":"VLOOKUP($A22,DATA2!$A$2:$S$607,13,FALSE)","v":"2016-11-30"},{"$f":"VLOOKUP($A22,DATA2!$A$2:$S$607,14,FALSE)","v":"Yes"},{"$f":"IF(MATRIX2!D22=1,($Y$8-$X$2)/365*Table_Provincial_GTAC3536[[#This Row],[Adj.AnnualRental]]*MATRIX2!D22,($Y$8-$X$2)/365*Table_Provincial_GTAC3536[[#This Row],[Adj.AnnualRental]])","v":644692.22136986302},{"$f":"(Table_Provincial_GTAC3536[[#This Row],[Adj.AnnualRental]]*(1+$I22)^(2))","v":1960938.84},{"$f":"(Table_Provincial_GTAC3536[[#This Row],[Adj.AnnualRental]]*(1+$I22)^(3))","v":1960938.84},{"$f":"(Table_Provincial_GTAC3536[[#This Row],[Adj.AnnualRental]]*(1+$I22)^(4))","v":1960938.84},{"$f":"(Table_Provincial_GTAC3536[[#This Row],[Adj.AnnualRental]]*(1+$I22)^(5))","v":1960938.84},{"$f":"(Table_Provincial_GTAC3536[[#This Row],[Adj.AnnualRental]]*(1+$I22)^(6))","v":1960938.84},{"$f":"(Table_Provincial_GTAC3536[[#This Row],[Adj.AnnualRental]]*(1+$I22)^(7))","v":1960938.84}]
[24,{"$f":"VLOOKUP($A23,DATA2!$A$2:$S$607,2,FALSE)","v":"KZN"},{"$f":"VLOOKUP($A23,DATA2!$A$2:$S$607,3,FALSE)","v":"KwaZulu-Natal"},{"$f":"VLOOKUP($A23,DATA2!$A$2:$S$607,4,FALSE)","v":124.47820512820513},{"$f":"VLOOKUP($A23,DATA2!$A$2:$S$607,5,FALSE)","v":77.5},{"$f":"VLOOKUP($A23,DATA2!$A$2:$S$607,6,FALSE)","v":"VTSD"},{"$f":"VLOOKUP($A23,DATA2!$A$2:$S$607,7,FALSE)","v":585},{"$f":"VLOOKUP($A23,DATA2!$A$2:$S$607,8,FALSE)","v":true},{"$f":"VLOOKUP($A23,DATA2!$A$2:$S$607,9,FALSE)","v":0},72819.75,{"$f":"VLOOKUP($A23,DATA2!$A$2:$S$607,10,FALSE)","v":72819.75},{"$f":"VLOOKUP($A23,DATA2!$A$2:$S$607,11,FALSE)","v":873837},{"$f":"VLOOKUP($A23,DATA2!$A$2:$S$607,12,FALSE)","v":"2016-09-01"},{"$f":"VLOOKUP($A23,DATA2!$A$2:$S$607,13,FALSE)","v":"2017-08-31"},{"$f":"VLOOKUP($A23,DATA2!$A$2:$S$607,14,FALSE)","v":"No"},{"$f":"IF(MATRIX2!D23=1,($Y$8-$X$2)/365*Table_Provincial_GTAC3536[[#This Row],[Adj.AnnualRental]]*MATRIX2!D23,($Y$8-$X$2)/365*Table_Provincial_GTAC3536[[#This Row],[Adj.AnnualRental]])","v":287288.87671232875},{"$f":"(Table_Provincial_GTAC3536[[#This Row],[Adj.AnnualRental]]*(1+$I23)^(2))","v":873837},{"$f":"(Table_Provincial_GTAC3536[[#This Row],[Adj.AnnualRental]]*(1+$I23)^(3))","v":873837},{"$f":"(Table_Provincial_GTAC3536[[#This Row],[Adj.AnnualRental]]*(1+$I23)^(4))","v":873837},{"$f":"(Table_Provincial_GTAC3536[[#This Row],[Adj.AnnualRental]]*(1+$I23)^(5))","v":873837},{"$f":"(Table_Provincial_GTAC3536[[#This Row],[Adj.AnnualRental]]*(1+$I23)^(6))","v":873837},{"$f":"(Table_Provincial_GTAC3536[[#This Row],[Adj.AnnualRental]]*(1+$I23)^(7))","v":873837}]
[25,{"$f":"VLOOKUP($A24,DATA2!$A$2:$S$607,2,FALSE)","v":"KZN"},{"$f":"VLOOKUP($A24,DATA2!$A$2:$S$607,3,FALSE)","v":"KwaZulu-Natal"},{"$f":"VLOOKUP($A24,DATA2!$A$2:$S$607,4,FALSE)","v":132.15699481865286},{"$f":"VLOOKUP($A24,DATA2!$A$2:$S$607,5,FALSE)","v":110},{"$f":"VLOOKUP($A24,DATA2!$A$2:$S$607,6,FALSE)","v":"CBD"},{"$f":"VLOOKUP($A24,DATA2!$A$2:$S$607,7,FALSE)","v":1930},{"$f":"VLOOKUP($A24,DATA2!$A$2:$S$607,8,FALSE)","v":true},{"$f":"VLOOKUP($A24,DATA2!$A$2:$S$607,9,FALSE)","v":7.0000000000000007E-2},281523,{"$f":"VLOOKUP($A24,DATA2!$A$2:$S$607,10,FALSE)","v":255063},{"$f":"VLOOKUP($A24,DATA2!$A$2:$S$607,11,FALSE)","v":3060756},{"$f":"VLOOKUP($A24,DATA2!$A$2:$S$607,12,FALSE)","v":"2014-01-15"},{"$f":"VLOOKUP($A24,DATA2!$A$2:$S$607,13,FALSE)","v":"2017-01-14"},{"$f":"VLOOKUP($A24,DATA2!$A$2:$S$607,14,FALSE)","v":"Yes"},{"$f":"IF(MATRIX2!D24=1,($Y$8-$X$2)/365*Table_Provincial_GTAC3536[[#This Row],[Adj.AnnualRental]]*MATRIX2!D24,($Y$8-$X$2)/365*Table_Provincial_GTAC3536[[#This Row],[Adj.AnnualRental]])","v":1006275.9452054794},{"$f":"(Table_Provincial_GTAC3536[[#This Row],[Adj.AnnualRental]]*(1+$I24)^(2))","v":3504259.5444},{"$f":"(Table_Provincial_GTAC3536[[#This Row],[Adj.AnnualRental]]*(1+$I24)^(3))","v":3749557.7125080004},{"$f":"(Table_Provincial_GTAC3536[[#This Row],[Adj.AnnualRental]]*(1+$I24)^(4))","v":4012026.7523835599},{"$f":"(Table_Provincial_GTAC3536[[#This Row],[Adj.AnnualRental]]*(1+$I24)^(5))","v":4292868.6250504097},{"$f":"(Table_Provincial_GTAC3536[[#This Row],[Adj.AnnualRental]]*(1+$I24)^(6))","v":4593369.4288039384},{"$f":"(Table_Provincial_GTAC3536[[#This Row],[Adj.AnnualRental]]*(1+$I24)^(7))","v":4914905.2888202136}]
[26,{"$f":"VLOOKUP($A25,DATA2!$A$2:$S$607,2,FALSE)","v":"KZN"},{"$f":"VLOOKUP($A25,DATA2!$A$2:$S$607,3,FALSE)","v":"KwaZulu-Natal"},{"$f":"VLOOKUP($A25,DATA2!$A$2:$S$607,4,FALSE)","v":117.22037037037038},{"$f":"VLOOKUP($A25,DATA2!$A$2:$S$607,5,FALSE)","v":110},{"$f":"VLOOKUP($A25,DATA2!$A$2:$S$607,6,FALSE)","v":"CBD"},{"$f":"VLOOKUP($A25,DATA2!$A$2:$S$607,7,FALSE)","v":1728},{"$f":"VLOOKUP($A25,DATA2!$A$2:$S$607,8,FALSE)","v":true},{"$f":"VLOOKUP($A25,DATA2!$A$2:$S$607,9,FALSE)","v":7.0000000000000007E-2},225856.8,{"$f":"VLOOKUP($A25,DATA2!$A$2:$S$607,10,FALSE)","v":202556.79999999999},{"$f":"VLOOKUP($A25,DATA2!$A$2:$S$607,11,FALSE)","v":2430681.6},{"$f":"VLOOKUP($A25,DATA2!$A$2:$S$607,12,FALSE)","v":"2015-03-01"},{"$f":"VLOOKUP($A25,DATA2!$A$2:$S$607,13,FALSE)","v":"2017-02-28"},{"$f":"VLOOKUP($A25,DATA2!$A$2:$S$607,14,FALSE)","v":"Yes"},{"$f":"IF(MATRIX2!D25=1,($Y$8-$X$2)/365*Table_Provincial_GTAC3536[[#This Row],[Adj.AnnualRental]]*MATRIX2!D25,($Y$8-$X$2)/365*Table_Provincial_GTAC3536[[#This Row],[Adj.AnnualRental]])","v":799128.19726027397},{"$f":"(Table_Provincial_GTAC3536[[#This Row],[Adj.AnnualRental]]*(1+$I25)^(2))","v":2782887.3638400002},{"$f":"(Table_Provincial_GTAC3536[[#This Row],[Adj.AnnualRental]]*(1+$I25)^(3))","v":2977689.4793088003},{"$f":"(Table_Provincial_GTAC3536[[#This Row],[Adj.AnnualRental]]*(1+$I25)^(4))","v":3186127.742860416},{"$f":"(Table_Provincial_GTAC3536[[#This Row],[Adj.AnnualRental]]*(1+$I25)^(5))","v":3409156.6848606458},{"$f":"(Table_Provincial_GTAC3536[[#This Row],[Adj.AnnualRental]]*(1+$I25)^(6))","v":3647797.6528008906},{"$f":"(Table_Provincial_GTAC3536[[#This Row],[Adj.AnnualRental]]*(1+$I25)^(7))","v":3903143.4884969532}]
[27,{"$f":"VLOOKUP($A26,DATA2!$A$2:$S$607,2,FALSE)","v":"KZN"},{"$f":"VLOOKUP($A26,DATA2!$A$2:$S$607,3,FALSE)","v":"KwaZulu-Natal"},{"$f":"VLOOKUP($A26,DATA2!$A$2:$S$607,4,FALSE)","v":143.65940409683427},{"$f":"VLOOKUP($A26,DATA2!$A$2:$S$607,5,FALSE)","v":65},{"$f":"VLOOKUP($A26,DATA2!$A$2:$S$607,6,FALSE)","v":"VTSD"},{"$f":"VLOOKUP($A26,DATA2!$A$2:$S$607,7,FALSE)","v":537},{"$f":"VLOOKUP($A26,DATA2!$A$2:$S$607,8,FALSE)","v":true},{"$f":"VLOOKUP($A26,DATA2!$A$2:$S$607,9,FALSE)","v":0.1},89145.1,{"$f":"VLOOKUP($A26,DATA2!$A$2:$S$607,10,FALSE)","v":77145.100000000006},{"$f":"VLOOKUP($A26,DATA2!$A$2:$S$607,11,FALSE)","v":925741.2},{"$f":"VLOOKUP($A26,DATA2!$A$2:$S$607,12,FALSE)","v":"2014-11-01"},{"$f":"VLOOKUP($A26,DATA2!$A$2:$S$607,13,FALSE)","v":"2019-10-31"},{"$f":"VLOOKUP($A26,DATA2!$A$2:$S$607,14,FALSE)","v":"No"},{"$f":"IF(MATRIX2!D26=1,($Y$8-$X$2)/365*Table_Provincial_GTAC3536[[#This Row],[Adj.AnnualRental]]*MATRIX2!D26,($Y$8-$X$2)/365*Table_Provincial_GTAC3536[[#This Row],[Adj.AnnualRental]])","v":304353.27123287669},{"$f":"(Table_Provincial_GTAC3536[[#This Row],[Adj.AnnualRental]]*(1+$I26)^(2))","v":1120146.8520000002},{"$f":"(Table_Provincial_GTAC3536[[#This Row],[Adj.AnnualRental]]*(1+$I26)^(3))","v":1232161.5372000004},{"$f":"(Table_Provincial_GTAC3536[[#This Row],[Adj.AnnualRental]]*(1+$I26)^(4))","v":1355377.6909200002},{"$f":"(Table_Provincial_GTAC3536[[#This Row],[Adj.AnnualRental]]*(1+$I26)^(5))","v":1490915.4600120005},{"$f":"(Table_Provincial_GTAC3536[[#This Row],[Adj.AnnualRental]]*(1+$I26)^(6))","v":1640007.0060132006},{"$f":"(Table_Provincial_GTAC3536[[#This Row],[Adj.AnnualRental]]*(1+$I26)^(7))","v":1804007.7066145211}]
[28,{"$f":"VLOOKUP($A27,DATA2!$A$2:$S$607,2,FALSE)","v":"KZN"},{"$f":"VLOOKUP($A27,DATA2!$A$2:$S$607,3,FALSE)","v":"KwaZulu-Natal"},{"$f":"VLOOKUP($A27,DATA2!$A$2:$S$607,4,FALSE)","v":58.211992872807016},{"$f":"VLOOKUP($A27,DATA2!$A$2:$S$607,5,FALSE)","v":77.5},{"$f":"VLOOKUP($A27,DATA2!$A$2:$S$607,6,FALSE)","v":"MAIN CENTRE"},{"$f":"VLOOKUP($A27,DATA2!$A$2:$S$607,7,FALSE)","v":729.6},{"$f":"VLOOKUP($A27,DATA2!$A$2:$S$607,8,FALSE)","v":true},{"$f":"VLOOKUP($A27,DATA2!$A$2:$S$607,9,FALSE)","v":7.4999999999999997E-2},49471.47,{"$f":"VLOOKUP($A27,DATA2!$A$2:$S$607,10,FALSE)","v":42471.47},{"$f":"VLOOKUP($A27,DATA2!$A$2:$S$607,11,FALSE)","v":509657.64},{"$f":"VLOOKUP($A27,DATA2!$A$2:$S$607,12,FALSE)","v":"2015-02-01"},{"$f":"VLOOKUP($A27,DATA2!$A$2:$S$607,13,FALSE)","v":"2020-01-31"},{"$f":"VLOOKUP($A27,DATA2!$A$2:$S$607,14,FALSE)","v":"No"},{"$f":"IF(MATRIX2!D27=1,($Y$8-$X$2)/365*Table_Provincial_GTAC3536[[#This Row],[Adj.AnnualRental]]*MATRIX2!D27,($Y$8-$X$2)/365*Table_Provincial_GTAC3536[[#This Row],[Adj.AnnualRental]])","v":167558.67616438356},{"$f":"(Table_Provincial_GTAC3536[[#This Row],[Adj.AnnualRental]]*(1+$I27)^(2))","v":588973.11022499995},{"$f":"(Table_Provincial_GTAC3536[[#This Row],[Adj.AnnualRental]]*(1+$I27)^(3))","v":633146.09349187498},{"$f":"(Table_Provincial_GTAC3536[[#This Row],[Adj.AnnualRental]]*(1+$I27)^(4))","v":680632.05050376558},{"$f":"(Table_Provincial_GTAC3536[[#This Row],[Adj.AnnualRental]]*(1+$I27)^(5))","v":731679.454291548},{"$f":"(Table_Provincial_GTAC3536[[#This Row],[Adj.AnnualRental]]*(1+$I27)^(6))","v":786555.413363414},{"$f":"(Table_Provincial_GTAC3536[[#This Row],[Adj.AnnualRental]]*(1+$I27)^(7))","v":845547.06936567009}]
[29,{"$f":"VLOOKUP($A28,DATA2!$A$2:$S$607,2,FALSE)","v":"KZN"},{"$f":"VLOOKUP($A28,DATA2!$A$2:$S$607,3,FALSE)","v":"KwaZulu-Natal"},{"$f":"VLOOKUP($A28,DATA2!$A$2:$S$607,4,FALSE)","v":128.91178637200736},{"$f":"VLOOKUP($A28,DATA2!$A$2:$S$607,5,FALSE)","v":77.5},{"$f":"VLOOKUP($A28,DATA2!$A$2:$S$607,6,FALSE)","v":"VTSD"},{"$f":"VLOOKUP($A28,DATA2!$A$2:$S$607,7,FALSE)","v":543},{"$f":"VLOOKUP($A28,DATA2!$A$2:$S$607,8,FALSE)","v":true},{"$f":"VLOOKUP($A28,DATA2!$A$2:$S$607,9,FALSE)","v":0.09},81275.100000000006,{"$f":"VLOOKUP($A28,DATA2!$A$2:$S$607,10,FALSE)","v":69999.100000000006},{"$f":"VLOOKUP($A28,DATA2!$A$2:$S$607,11,FALSE)","v":839989.2},{"$f":"VLOOKUP($A28,DATA2!$A$2:$S$607,12,FALSE)","v":"2014-06-01"},{"$f":"VLOOKUP($A28,DATA2!$A$2:$S$607,13,FALSE)","v":"2019-05-31"},{"$f":"VLOOKUP($A28,DATA2!$A$2:$S$607,14,FALSE)","v":"No"},{"$f":"IF(MATRIX2!D28=1,($Y$8-$X$2)/365*Table_Provincial_GTAC3536[[#This Row],[Adj.AnnualRental]]*MATRIX2!D28,($Y$8-$X$2)/365*Table_Provincial_GTAC3536[[#This Row],[Adj.AnnualRental]])","v":276160.83287671232},{"$f":"(Table_Provincial_GTAC3536[[#This Row],[Adj.AnnualRental]]*(1+$I28)^(2))","v":997991.16852000006},{"$f":"(Table_Provincial_GTAC3536[[#This Row],[Adj.AnnualRental]]*(1+$I28)^(3))","v":1087810.3736868},{"$f":"(Table_Provincial_GTAC3536[[#This Row],[Adj.AnnualRental]]*(1+$I28)^(4))","v":1185713.3073186122},{"$f":"(Table_Provincial_GTAC3536[[#This Row],[Adj.AnnualRental]]*(1+$I28)^(5))","v":1292427.5049772875},{"$f":"(Table_Provincial_GTAC3536[[#This Row],[Adj.AnnualRental]]*(1+$I28)^(6))","v":1408745.9804252433},{"$f":"(Table_Provincial_GTAC3536[[#This Row],[Adj.AnnualRental]]*(1+$I28)^(7))","v":1535533.1186635152}]
[30,{"$f":"VLOOKUP($A29,DATA2!$A$2:$S$607,2,FALSE)","v":"KZN"},{"$f":"VLOOKUP($A29,DATA2!$A$2:$S$607,3,FALSE)","v":"KwaZulu-Natal"},{"$f":"VLOOKUP($A29,DATA2!$A$2:$S$607,4,FALSE)","v":128.3821686007297},{"$f":"VLOOKUP($A29,DATA2!$A$2:$S$607,5,FALSE)","v":110},{"$f":"VLOOKUP($A29,DATA2!$A$2:$S$607,6,FALSE)","v":"CBD"},{"$f":"VLOOKUP($A29,DATA2!$A$2:$S$607,7,FALSE)","v":7101.63},{"$f":"VLOOKUP($A29,DATA2!$A$2:$S$607,8,FALSE)","v":true},{"$f":"VLOOKUP($A29,DATA2!$A$2:$S$607,9,FALSE)","v":7.0000000000000007E-2},953122.66,{"$f":"VLOOKUP($A29,DATA2!$A$2:$S$607,10,FALSE)","v":911722.66},{"$f":"VLOOKUP($A29,DATA2!$A$2:$S$607,11,FALSE)","v":10940671.92},{"$f":"VLOOKUP($A29,DATA2!$A$2:$S$607,12,FALSE)","v":"2015-01-01"},{"$f":"VLOOKUP($A29,DATA2!$A$2:$S$607,13,FALSE)","v":"2019-12-31"},{"$f":"VLOOKUP($A29,DATA2!$A$2:$S$607,14,FALSE)","v":"No"},{"$f":"IF(MATRIX2!D29=1,($Y$8-$X$2)/365*Table_Provincial_GTAC3536[[#This Row],[Adj.AnnualRental]]*MATRIX2!D29,($Y$8-$X$2)/365*Table_Provincial_GTAC3536[[#This Row],[Adj.AnnualRental]])","v":3596933.2339726025},{"$f":"(Table_Provincial_GTAC3536[[#This Row],[Adj.AnnualRental]]*(1+$I29)^(2))","v":12525975.281208001},{"$f":"(Table_Provincial_GTAC3536[[#This Row],[Adj.AnnualRental]]*(1+$I29)^(3))","v":13402793.550892562},{"$f":"(Table_Provincial_GTAC3536[[#This Row],[Adj.AnnualRental]]*(1+$I29)^(4))","v":14340989.09945504},{"$f":"(Table_Provincial_GTAC3536[[#This Row],[Adj.AnnualRental]]*(1+$I29)^(5))","v":15344858.336416895},{"$f":"(Table_Provincial_GTAC3536[[#This Row],[Adj.AnnualRental]]*(1+$I29)^(6))","v":16418998.419966076},{"$f":"(Table_Provincial_GTAC3536[[#This Row],[Adj.AnnualRental]]*(1+$I29)^(7))","v":17568328.3093637}]
[33,{"$f":"VLOOKUP($A30,DATA2!$A$2:$S$607,2,FALSE)","v":"KZN"},{"$f":"VLOOKUP($A30,DATA2!$A$2:$S$607,3,FALSE)","v":"KwaZulu-Natal"},{"$f":"VLOOKUP($A30,DATA2!$A$2:$S$607,4,FALSE)","v":139.36904000000001},{"$f":"VLOOKUP($A30,DATA2!$A$2:$S$607,5,FALSE)","v":110},{"$f":"VLOOKUP($A30,DATA2!$A$2:$S$607,6,FALSE)","v":"MAIN CENTRE"},{"$f":"VLOOKUP($A30,DATA2!$A$2:$S$607,7,FALSE)","v":500},{"$f":"VLOOKUP($A30,DATA2!$A$2:$S$607,8,FALSE)","v":true},{"$f":"VLOOKUP($A30,DATA2!$A$2:$S$607,9,FALSE)","v":0.08},83884.52,{"$f":"VLOOKUP($A30,DATA2!$A$2:$S$607,10,FALSE)","v":69684.52},{"$f":"VLOOKUP($A30,DATA2!$A$2:$S$607,11,FALSE)","v":836214.24},{"$f":"VLOOKUP($A30,DATA2!$A$2:$S$607,12,FALSE)","v":"2013-03-01"},{"$f":"VLOOKUP($A30,DATA2!$A$2:$S$607,13,FALSE)","v":"2018-02-28"},{"$f":"VLOOKUP($A30,DATA2!$A$2:$S$607,14,FALSE)","v":"No"},{"$f":"IF(MATRIX2!D30=1,($Y$8-$X$2)/365*Table_Provincial_GTAC3536[[#This Row],[Adj.AnnualRental]]*MATRIX2!D30,($Y$8-$X$2)/365*Table_Provincial_GTAC3536[[#This Row],[Adj.AnnualRental]])","v":274919.75013698626},{"$f":"(Table_Provincial_GTAC3536[[#This Row],[Adj.AnnualRental]]*(1+$I30)^(2))","v":975360.28953600011},{"$f":"(Table_Provincial_GTAC3536[[#This Row],[Adj.AnnualRental]]*(1+$I30)^(3))","v":1053389.11269888},{"$f":"(Table_Provincial_GTAC3536[[#This Row],[Adj.AnnualRental]]*(1+$I30)^(4))","v":1137660.2417147907},{"$f":"(Table_Provincial_GTAC3536[[#This Row],[Adj.AnnualRental]]*(1+$I30)^(5))","v":1228673.0610519738},{"$f":"(Table_Provincial_GTAC3536[[#This Row],[Adj.AnnualRental]]*(1+$I30)^(6))","v":1326966.905936132},{"$f":"(Table_Provincial_GTAC3536[[#This Row],[Adj.AnnualRental]]*(1+$I30)^(7))","v":1433124.2584110226}]
[34,{"$f":"VLOOKUP($A31,DATA2!$A$2:$S$607,2,FALSE)","v":"KZN"},{"$f":"VLOOKUP($A31,DATA2!$A$2:$S$607,3,FALSE)","v":"KwaZulu-Natal"},{"$f":"VLOOKUP($A31,DATA2!$A$2:$S$607,4,FALSE)","v":158.13691830403309},{"$f":"VLOOKUP($A31,DATA2!$A$2:$S$607,5,FALSE)","v":110},{"$f":"VLOOKUP($A31,DATA2!$A$2:$S$607,6,FALSE)","v":"MAIN CENTRE"},{"$f":"VLOOKUP($A31,DATA2!$A$2:$S$607,7,FALSE)","v":967},{"$f":"VLOOKUP($A31,DATA2!$A$2:$S$607,8,FALSE)","v":true},{"$f":"VLOOKUP($A31,DATA2!$A$2:$S$607,9,FALSE)","v":0.08},157958.39999999999,{"$f":"VLOOKUP($A31,DATA2!$A$2:$S$607,10,FALSE)","v":152918.39999999999},{"$f":"VLOOKUP($A31,DATA2!$A$2:$S$607,11,FALSE)","v":1835020.8},{"$f":"VLOOKUP($A31,DATA2!$A$2:$S$607,12,FALSE)","v":"2012-09-01"},{"$f":"VLOOKUP($A31,DATA2!$A$2:$S$607,13,FALSE)","v":"2015-08-31"},{"$f":"VLOOKUP($A31,DATA2!$A$2:$S$607,14,FALSE)","v":"Yes"},{"$f":"IF(MATRIX2!D31=1,($Y$8-$X$2)/365*Table_Provincial_GTAC3536[[#This Row],[Adj.AnnualRental]]*MATRIX2!D31,($Y$8-$X$2)/365*Table_Provincial_GTAC3536[[#This Row],[Adj.AnnualRental]])","v":603294.50958904112},{"$f":"(Table_Provincial_GTAC3536[[#This Row],[Adj.AnnualRental]]*(1+$I31)^(2))","v":2140368.2611200004},{"$f":"(Table_Provincial_GTAC3536[[#This Row],[Adj.AnnualRental]]*(1+$I31)^(3))","v":2311597.7220096001},{"$f":"(Table_Provincial_GTAC3536[[#This Row],[Adj.AnnualRental]]*(1+$I31)^(4))","v":2496525.5397703685},{"$f":"(Table_Provincial_GTAC3536[[#This Row],[Adj.AnnualRental]]*(1+$I31)^(5))","v":2696247.5829519983},{"$f":"(Table_Provincial_GTAC3536[[#This Row],[Adj.AnnualRental]]*(1+$I31)^(6))","v":2911947.3895881581},{"$f":"(Table_Provincial_GTAC3536[[#This Row],[Adj.AnnualRental]]*(1+$I31)^(7))","v":3144903.180755211}]
[35,{"$f":"VLOOKUP($A32,DATA2!$A$2:$S$607,2,FALSE)","v":"KZN"},{"$f":"VLOOKUP($A32,DATA2!$A$2:$S$607,3,FALSE)","v":"KwaZulu-Natal"},{"$f":"VLOOKUP($A32,DATA2!$A$2:$S$607,4,FALSE)","v":100.10708661417324},{"$f":"VLOOKUP($A32,DATA2!$A$2:$S$607,5,FALSE)","v":77.5},{"$f":"VLOOKUP($A32,DATA2!$A$2:$S$607,6,FALSE)","v":"VTSD"},{"$f":"VLOOKUP($A32,DATA2!$A$2:$S$607,7,FALSE)","v":25.4},{"$f":"VLOOKUP($A32,DATA2!$A$2:$S$607,8,FALSE)","v":true},{"$f":"VLOOKUP($A32,DATA2!$A$2:$S$607,9,FALSE)","v":0.1},2942.72,{"$f":"VLOOKUP($A32,DATA2!$A$2:$S$607,10,FALSE)","v":2542.7199999999998},{"$f":"VLOOKUP($A32,DATA2!$A$2:$S$607,11,FALSE)","v":30512.639999999999},{"$f":"VLOOKUP($A32,DATA2!$A$2:$S$607,12,FALSE)","v":"2014-06-01"},{"$f":"VLOOKUP($A32,DATA2!$A$2:$S$607,13,FALSE)","v":"2019-05-31"},{"$f":"VLOOKUP($A32,DATA2!$A$2:$S$607,14,FALSE)","v":"No"},{"$f":"IF(MATRIX2!D32=1,($Y$8-$X$2)/365*Table_Provincial_GTAC3536[[#This Row],[Adj.AnnualRental]]*MATRIX2!D32,($Y$8-$X$2)/365*Table_Provincial_GTAC3536[[#This Row],[Adj.AnnualRental]])","v":10031.552876712329},{"$f":"(Table_Provincial_GTAC3536[[#This Row],[Adj.AnnualRental]]*(1+$I32)^(2))","v":36920.294400000006},{"$f":"(Table_Provincial_GTAC3536[[#This Row],[Adj.AnnualRental]]*(1+$I32)^(3))","v":40612.323840000012},{"$f":"(Table_Provincial_GTAC3536[[#This Row],[Adj.AnnualRental]]*(1+$I32)^(4))","v":44673.556224000014},{"$f":"(Table_Provincial_GTAC3536[[#This Row],[Adj.AnnualRental]]*(1+$I32)^(5))","v":49140.911846400013},{"$f":"(Table_Provincial_GTAC3536[[#This Row],[Adj.AnnualRental]]*(1+$I32)^(6))","v":54055.003031040025},{"$f":"(Table_Provincial_GTAC3536[[#This Row],[Adj.AnnualRental]]*(1+$I32)^(7))","v":59460.503334144036}]
[36,{"$f":"VLOOKUP($A33,DATA2!$A$2:$S$607,2,FALSE)","v":"KZN"},{"$f":"VLOOKUP($A33,DATA2!$A$2:$S$607,3,FALSE)","v":"KwaZulu-Natal"},{"$f":"VLOOKUP($A33,DATA2!$A$2:$S$607,4,FALSE)","v":127.95880483153209},{"$f":"VLOOKUP($A33,DATA2!$A$2:$S$607,5,FALSE)","v":100},{"$f":"VLOOKUP($A33,DATA2!$A$2:$S$607,6,FALSE)","v":"VTSD"},{"$f":"VLOOKUP($A33,DATA2!$A$2:$S$607,7,FALSE)","v":629.20000000000005},{"$f":"VLOOKUP($A33,DATA2!$A$2:$S$607,8,FALSE)","v":true},{"$f":"VLOOKUP($A33,DATA2!$A$2:$S$607,9,FALSE)","v":0.08},92011.68,{"$f":"VLOOKUP($A33,DATA2!$A$2:$S$607,10,FALSE)","v":80511.679999999993},{"$f":"VLOOKUP($A33,DATA2!$A$2:$S$607,11,FALSE)","v":966140.16},{"$f":"VLOOKUP($A33,DATA2!$A$2:$S$607,12,FALSE)","v":"2017-01-01"},{"$f":"VLOOKUP($A33,DATA2!$A$2:$S$607,13,FALSE)","v":"2021-12-31"},{"$f":"VLOOKUP($A33,DATA2!$A$2:$S$607,14,FALSE)","v":"No"},{"$f":"IF(MATRIX2!D33=1,($Y$8-$X$2)/365*Table_Provincial_GTAC3536[[#This Row],[Adj.AnnualRental]]*MATRIX2!D33,($Y$8-$X$2)/365*Table_Provincial_GTAC3536[[#This Row],[Adj.AnnualRental]])","v":317635.12109589041},{"$f":"(Table_Provincial_GTAC3536[[#This Row],[Adj.AnnualRental]]*(1+$I33)^(2))","v":1126905.8826240001},{"$f":"(Table_Provincial_GTAC3536[[#This Row],[Adj.AnnualRental]]*(1+$I33)^(3))","v":1217058.3532339202},{"$f":"(Table_Provincial_GTAC3536[[#This Row],[Adj.AnnualRental]]*(1+$I33)^(4))","v":1314423.021492634},{"$f":"(Table_Provincial_GTAC3536[[#This Row],[Adj.AnnualRental]]*(1+$I33)^(5))","v":1419576.8632120446},{"$f":"(Table_Provincial_GTAC3536[[#This Row],[Adj.AnnualRental]]*(1+$I33)^(6))","v":1533143.0122690084},{"$f":"(Table_Provincial_GTAC3536[[#This Row],[Adj.AnnualRental]]*(1+$I33)^(7))","v":1655794.4532505292}]
[37,{"$f":"VLOOKUP($A34,DATA2!$A$2:$S$607,2,FALSE)","v":"KZN"},{"$f":"VLOOKUP($A34,DATA2!$A$2:$S$607,3,FALSE)","v":"KwaZulu-Natal"},{"$f":"VLOOKUP($A34,DATA2!$A$2:$S$607,4,FALSE)","v":152.75299517444117},{"$f":"VLOOKUP($A34,DATA2!$A$2:$S$607,5,FALSE)","v":65},{"$f":"VLOOKUP($A34,DATA2!$A$2:$S$607,6,FALSE)","v":"CBD"},{"$f":"VLOOKUP($A34,DATA2!$A$2:$S$607,7,FALSE)","v":288.464},{"$f":"VLOOKUP($A34,DATA2!$A$2:$S$607,8,FALSE)","v":true},{"$f":"VLOOKUP($A34,DATA2!$A$2:$S$607,9,FALSE)","v":0.08},50113.74,{"$f":"VLOOKUP($A34,DATA2!$A$2:$S$607,10,FALSE)","v":44063.74},{"$f":"VLOOKUP($A34,DATA2!$A$2:$S$607,11,FALSE)","v":528764.88},{"$f":"VLOOKUP($A34,DATA2!$A$2:$S$607,12,FALSE)","v":"2013-11-01"},{"$f":"VLOOKUP($A34,DATA2!$A$2:$S$607,13,FALSE)","v":"2018-10-31"},{"$f":"VLOOKUP($A34,DATA2!$A$2:$S$607,14,FALSE)","v":"No"},{"$f":"IF(MATRIX2!D34=1,($Y$8-$X$2)/365*Table_Provincial_GTAC3536[[#This Row],[Adj.AnnualRental]]*MATRIX2!D34,($Y$8-$X$2)/365*Table_Provincial_GTAC3536[[#This Row],[Adj.AnnualRental]])","v":173840.50849315067},{"$f":"(Table_Provincial_GTAC3536[[#This Row],[Adj.AnnualRental]]*(1+$I34)^(2))","v":616751.35603200004},{"$f":"(Table_Provincial_GTAC3536[[#This Row],[Adj.AnnualRental]]*(1+$I34)^(3))","v":666091.46451456007},{"$f":"(Table_Provincial_GTAC3536[[#This Row],[Adj.AnnualRental]]*(1+$I34)^(4))","v":719378.78167572501},{"$f":"(Table_Provincial_GTAC3536[[#This Row],[Adj.AnnualRental]]*(1+$I34)^(5))","v":776929.084209783},{"$f":"(Table_Provincial_GTAC3536[[#This Row],[Adj.AnnualRental]]*(1+$I34)^(6))","v":839083.41094656568},{"$f":"(Table_Provincial_GTAC3536[[#This Row],[Adj.AnnualRental]]*(1+$I34)^(7))","v":906210.083822291}]
[38,{"$f":"VLOOKUP($A35,DATA2!$A$2:$S$607,2,FALSE)","v":"KZN"},{"$f":"VLOOKUP($A35,DATA2!$A$2:$S$607,3,FALSE)","v":"KwaZulu-Natal"},{"$f":"VLOOKUP($A35,DATA2!$A$2:$S$607,4,FALSE)","v":148.19553719008263},{"$f":"VLOOKUP($A35,DATA2!$A$2:$S$607,5,FALSE)","v":65},{"$f":"VLOOKUP($A35,DATA2!$A$2:$S$607,6,FALSE)","v":"VTSD"},{"$f":"VLOOKUP($A35,DATA2!$A$2:$S$607,7,FALSE)","v":242},{"$f":"VLOOKUP($A35,DATA2!$A$2:$S$607,8,FALSE)","v":true},{"$f":"VLOOKUP($A35,DATA2!$A$2:$S$607,9,FALSE)","v":7.0000000000000007E-2},39013.32,{"$f":"VLOOKUP($A35,DATA2!$A$2:$S$607,10,FALSE)","v":35863.32},{"$f":"VLOOKUP($A35,DATA2!$A$2:$S$607,11,FALSE)","v":430359.84},{"$f":"VLOOKUP($A35,DATA2!$A$2:$S$607,12,FALSE)","v":"2015-07-01"},{"$f":"VLOOKUP($A35,DATA2!$A$2:$S$607,13,FALSE)","v":"2020-06-30"},{"$f":"VLOOKUP($A35,DATA2!$A$2:$S$607,14,FALSE)","v":"No"},{"$f":"IF(MATRIX2!D35=1,($Y$8-$X$2)/365*Table_Provincial_GTAC3536[[#This Row],[Adj.AnnualRental]]*MATRIX2!D35,($Y$8-$X$2)/365*Table_Provincial_GTAC3536[[#This Row],[Adj.AnnualRental]])","v":141488.16657534247},{"$f":"(Table_Provincial_GTAC3536[[#This Row],[Adj.AnnualRental]]*(1+$I35)^(2))","v":492718.98081600002},{"$f":"(Table_Provincial_GTAC3536[[#This Row],[Adj.AnnualRental]]*(1+$I35)^(3))","v":527209.30947312003},{"$f":"(Table_Provincial_GTAC3536[[#This Row],[Adj.AnnualRental]]*(1+$I35)^(4))","v":564113.96113623842},{"$f":"(Table_Provincial_GTAC3536[[#This Row],[Adj.AnnualRental]]*(1+$I35)^(5))","v":603601.93841577519},{"$f":"(Table_Provincial_GTAC3536[[#This Row],[Adj.AnnualRental]]*(1+$I35)^(6))","v":645854.0741048794},{"$f":"(Table_Provincial_GTAC3536[[#This Row],[Adj.AnnualRental]]*(1+$I35)^(7))","v":691063.85929222102}]
[39,{"$f":"VLOOKUP($A36,DATA2!$A$2:$S$607,2,FALSE)","v":"KZN"},{"$f":"VLOOKUP($A36,DATA2!$A$2:$S$607,3,FALSE)","v":"KwaZulu-Natal"},{"$f":"VLOOKUP($A36,DATA2!$A$2:$S$607,4,FALSE)","v":118.76794029850747},{"$f":"VLOOKUP($A36,DATA2!$A$2:$S$607,5,FALSE)","v":77.5},{"$f":"VLOOKUP($A36,DATA2!$A$2:$S$607,6,FALSE)","v":"MAIN CENTRE"},{"$f":"VLOOKUP($A36,DATA2!$A$2:$S$607,7,FALSE)","v":335},{"$f":"VLOOKUP($A36,DATA2!$A$2:$S$607,8,FALSE)","v":true},{"$f":"VLOOKUP($A36,DATA2!$A$2:$S$607,9,FALSE)","v":7.0000000000000007E-2},44187.26,{"$f":"VLOOKUP($A36,DATA2!$A$2:$S$607,10,FALSE)","v":39787.26},{"$f":"VLOOKUP($A36,DATA2!$A$2:$S$607,11,FALSE)","v":477447.12},{"$f":"VLOOKUP($A36,DATA2!$A$2:$S$607,12,FALSE)","v":"2015-09-01"},{"$f":"VLOOKUP($A36,DATA2!$A$2:$S$607,13,FALSE)","v":"2020-08-31"},{"$f":"VLOOKUP($A36,DATA2!$A$2:$S$607,14,FALSE)","v":"No"},{"$f":"IF(MATRIX2!D36=1,($Y$8-$X$2)/365*Table_Provincial_GTAC3536[[#This Row],[Adj.AnnualRental]]*MATRIX2!D36,($Y$8-$X$2)/365*Table_Provincial_GTAC3536[[#This Row],[Adj.AnnualRental]])","v":156968.91616438355},{"$f":"(Table_Provincial_GTAC3536[[#This Row],[Adj.AnnualRental]]*(1+$I36)^(2))","v":546629.20768800005},{"$f":"(Table_Provincial_GTAC3536[[#This Row],[Adj.AnnualRental]]*(1+$I36)^(3))","v":584893.25222616002},{"$f":"(Table_Provincial_GTAC3536[[#This Row],[Adj.AnnualRental]]*(1+$I36)^(4))","v":625835.77988199121},{"$f":"(Table_Provincial_GTAC3536[[#This Row],[Adj.AnnualRental]]*(1+$I36)^(5))","v":669644.2844737306},{"$f":"(Table_Provincial_GTAC3536[[#This Row],[Adj.AnnualRental]]*(1+$I36)^(6))","v":716519.38438689173},{"$f":"(Table_Provincial_GTAC3536[[#This Row],[Adj.AnnualRental]]*(1+$I36)^(7))","v":766675.74129397422}]
[40,{"$f":"VLOOKUP($A37,DATA2!$A$2:$S$607,2,FALSE)","v":"KZN"},{"$f":"VLOOKUP($A37,DATA2!$A$2:$S$607,3,FALSE)","v":"KwaZulu-Natal"},{"$f":"VLOOKUP($A37,DATA2!$A$2:$S$607,4,FALSE)","v":148.65636363636364},{"$f":"VLOOKUP($A37,DATA2!$A$2:$S$607,5,FALSE)","v":77.5},{"$f":"VLOOKUP($A37,DATA2!$A$2:$S$607,6,FALSE)","v":"VTSD"},{"$f":"VLOOKUP($A37,DATA2!$A$2:$S$607,7,FALSE)","v":242},{"$f":"VLOOKUP($A37,DATA2!$A$2:$S$607,8,FALSE)","v":true},{"$f":"VLOOKUP($A37,DATA2!$A$2:$S$607,9,FALSE)","v":0.09},40244.839999999997,{"$f":"VLOOKUP($A37,DATA2!$A$2:$S$607,10,FALSE)","v":35974.839999999997},{"$f":"VLOOKUP($A37,DATA2!$A$2:$S$607,11,FALSE)","v":431698.08},{"$f":"VLOOKUP($A37,DATA2!$A$2:$S$607,12,FALSE)","v":"2014-02-01"},{"$f":"VLOOKUP($A37,DATA2!$A$2:$S$607,13,FALSE)","v":"2019-01-31"},{"$f":"VLOOKUP($A37,DATA2!$A$2:$S$607,14,FALSE)","v":"No"},{"$f":"IF(MATRIX2!D37=1,($Y$8-$X$2)/365*Table_Provincial_GTAC3536[[#This Row],[Adj.AnnualRental]]*MATRIX2!D37,($Y$8-$X$2)/365*Table_Provincial_GTAC3536[[#This Row],[Adj.AnnualRental]])","v":141928.13589041095},{"$f":"(Table_Provincial_GTAC3536[[#This Row],[Adj.AnnualRental]]*(1+$I37)^(2))","v":512900.48884800007},{"$f":"(Table_Provincial_GTAC3536[[#This Row],[Adj.AnnualRental]]*(1+$I37)^(3))","v":559061.53284432006},{"$f":"(Table_Provincial_GTAC3536[[#This Row],[Adj.AnnualRental]]*(1+$I37)^(4))","v":609377.07080030895},{"$f":"(Table_Provincial_GTAC3536[[#This Row],[Adj.AnnualRental]]*(1+$I37)^(5))","v":664221.0071723368},{"$f":"(Table_Provincial_GTAC3536[[#This Row],[Adj.AnnualRental]]*(1+$I37)^(6))","v":724000.8978178472},{"$f":"(Table_Provincial_GTAC3536[[#This Row],[Adj.AnnualRental]]*(1+$I37)^(7))","v":789160.9786214534}]
[41,{"$f":"VLOOKUP($A38,DATA2!$A$2:$S$607,2,FALSE)","v":"KZN"},{"$f":"VLOOKUP($A38,DATA2!$A$2:$S$607,3,FALSE)","v":"KwaZulu-Natal"},{"$f":"VLOOKUP($A38,DATA2!$A$2:$S$607,4,FALSE)","v":136.93487603305786},{"$f":"VLOOKUP($A38,DATA2!$A$2:$S$607,5,FALSE)","v":65},{"$f":"VLOOKUP($A38,DATA2!$A$2:$S$607,6,FALSE)","v":"VTSD"},{"$f":"VLOOKUP($A38,DATA2!$A$2:$S$607,7,FALSE)","v":242},{"$f":"VLOOKUP($A38,DATA2!$A$2:$S$607,8,FALSE)","v":true},{"$f":"VLOOKUP($A38,DATA2!$A$2:$S$607,9,FALSE)","v":0.1},37888.239999999998,{"$f":"VLOOKUP($A38,DATA2!$A$2:$S$607,10,FALSE)","v":33138.239999999998},{"$f":"VLOOKUP($A38,DATA2!$A$2:$S$607,11,FALSE)","v":397658.88},{"$f":"VLOOKUP($A38,DATA2!$A$2:$S$607,12,FALSE)","v":"2014-02-01"},{"$f":"VLOOKUP($A38,DATA2!$A$2:$S$607,13,FALSE)","v":"2019-01-31"},{"$f":"VLOOKUP($A38,DATA2!$A$2:$S$607,14,FALSE)","v":"No"},{"$f":"IF(MATRIX2!D38=1,($Y$8-$X$2)/365*Table_Provincial_GTAC3536[[#This Row],[Adj.AnnualRental]]*MATRIX2!D38,($Y$8-$X$2)/365*Table_Provincial_GTAC3536[[#This Row],[Adj.AnnualRental]])","v":130737.16602739725},{"$f":"(Table_Provincial_GTAC3536[[#This Row],[Adj.AnnualRental]]*(1+$I38)^(2))","v":481167.2448000001},{"$f":"(Table_Provincial_GTAC3536[[#This Row],[Adj.AnnualRental]]*(1+$I38)^(3))","v":529283.96928000019},{"$f":"(Table_Provincial_GTAC3536[[#This Row],[Adj.AnnualRental]]*(1+$I38)^(4))","v":582212.36620800011},{"$f":"(Table_Provincial_GTAC3536[[#This Row],[Adj.AnnualRental]]*(1+$I38)^(5))","v":640433.60282880021},{"$f":"(Table_Provincial_GTAC3536[[#This Row],[Adj.AnnualRental]]*(1+$I38)^(6))","v":704476.96311168035},{"$f":"(Table_Provincial_GTAC3536[[#This Row],[Adj.AnnualRental]]*(1+$I38)^(7))","v":774924.65942284849}]
[42,{"$f":"VLOOKUP($A39,DATA2!$A$2:$S$607,2,FALSE)","v":"KZN"},{"$f":"VLOOKUP($A39,DATA2!$A$2:$S$607,3,FALSE)","v":"KwaZulu-Natal"},{"$f":"VLOOKUP($A39,DATA2!$A$2:$S$607,4,FALSE)","v":136.43391472868217},{"$f":"VLOOKUP($A39,DATA2!$A$2:$S$607,5,FALSE)","v":77.5},{"$f":"VLOOKUP($A39,DATA2!$A$2:$S$607,6,FALSE)","v":"VTSD"},{"$f":"VLOOKUP($A39,DATA2!$A$2:$S$607,7,FALSE)","v":258},{"$f":"VLOOKUP($A39,DATA2!$A$2:$S$607,8,FALSE)","v":true},{"$f":"VLOOKUP($A39,DATA2!$A$2:$S$607,9,FALSE)","v":0.09},37929.949999999997,{"$f":"VLOOKUP($A39,DATA2!$A$2:$S$607,10,FALSE)","v":35199.949999999997},{"$f":"VLOOKUP($A39,DATA2!$A$2:$S$607,11,FALSE)","v":422399.4},{"$f":"VLOOKUP($A39,DATA2!$A$2:$S$607,12,FALSE)","v":"2014-06-01"},{"$f":"VLOOKUP($A39,DATA2!$A$2:$S$607,13,FALSE)","v":"2019-05-31"},{"$f":"VLOOKUP($A39,DATA2!$A$2:$S$607,14,FALSE)","v":"No"},{"$f":"IF(MATRIX2!D39=1,($Y$8-$X$2)/365*Table_Provincial_GTAC3536[[#This Row],[Adj.AnnualRental]]*MATRIX2!D39,($Y$8-$X$2)/365*Table_Provincial_GTAC3536[[#This Row],[Adj.AnnualRental]])","v":138871.03561643837},{"$f":"(Table_Provincial_GTAC3536[[#This Row],[Adj.AnnualRental]]*(1+$I39)^(2))","v":501852.72714000009},{"$f":"(Table_Provincial_GTAC3536[[#This Row],[Adj.AnnualRental]]*(1+$I39)^(3))","v":547019.47258260008},{"$f":"(Table_Provincial_GTAC3536[[#This Row],[Adj.AnnualRental]]*(1+$I39)^(4))","v":596251.22511503415},{"$f":"(Table_Provincial_GTAC3536[[#This Row],[Adj.AnnualRental]]*(1+$I39)^(5))","v":649913.83537538734},{"$f":"(Table_Provincial_GTAC3536[[#This Row],[Adj.AnnualRental]]*(1+$I39)^(6))","v":708406.0805591722},{"$f":"(Table_Provincial_GTAC3536[[#This Row],[Adj.AnnualRental]]*(1+$I39)^(7))","v":772162.62780949764}]
[44,{"$f":"VLOOKUP($A40,DATA2!$A$2:$S$607,2,FALSE)","v":"KZN"},{"$f":"VLOOKUP($A40,DATA2!$A$2:$S$607,3,FALSE)","v":"KwaZulu-Natal"},{"$f":"VLOOKUP($A40,DATA2!$A$2:$S$607,4,FALSE)","v":118.74021818181818},{"$f":"VLOOKUP($A40,DATA2!$A$2:$S$607,5,FALSE)","v":110},{"$f":"VLOOKUP($A40,DATA2!$A$2:$S$607,6,FALSE)","v":"CBD"},{"$f":"VLOOKUP($A40,DATA2!$A$2:$S$607,7,FALSE)","v":3300},{"$f":"VLOOKUP($A40,DATA2!$A$2:$S$607,8,FALSE)","v":true},{"$f":"VLOOKUP($A40,DATA2!$A$2:$S$607,9,FALSE)","v":7.0000000000000007E-2},398142.71999999997,{"$f":"VLOOKUP($A40,DATA2!$A$2:$S$607,10,FALSE)","v":391842.72},{"$f":"VLOOKUP($A40,DATA2!$A$2:$S$607,11,FALSE)","v":4702112.6399999997},{"$f":"VLOOKUP($A40,DATA2!$A$2:$S$607,12,FALSE)","v":"2015-09-01"},{"$f":"VLOOKUP($A40,DATA2!$A$2:$S$607,13,FALSE)","v":"2019-08-31"},{"$f":"VLOOKUP($A40,DATA2!$A$2:$S$607,14,FALSE)","v":"No"},{"$f":"IF(MATRIX2!D40=1,($Y$8-$X$2)/365*Table_Provincial_GTAC3536[[#This Row],[Adj.AnnualRental]]*MATRIX2!D40,($Y$8-$X$2)/365*Table_Provincial_GTAC3536[[#This Row],[Adj.AnnualRental]])","v":1545900.046027397},{"$f":"(Table_Provincial_GTAC3536[[#This Row],[Adj.AnnualRental]]*(1+$I40)^(2))","v":5383448.7615359994},{"$f":"(Table_Provincial_GTAC3536[[#This Row],[Adj.AnnualRental]]*(1+$I40)^(3))","v":5760290.1748435199},{"$f":"(Table_Provincial_GTAC3536[[#This Row],[Adj.AnnualRental]]*(1+$I40)^(4))","v":6163510.4870825661},{"$f":"(Table_Provincial_GTAC3536[[#This Row],[Adj.AnnualRental]]*(1+$I40)^(5))","v":6594956.2211783463},{"$f":"(Table_Provincial_GTAC3536[[#This Row],[Adj.AnnualRental]]*(1+$I40)^(6))","v":7056603.1566608297},{"$f":"(Table_Provincial_GTAC3536[[#This Row],[Adj.AnnualRental]]*(1+$I40)^(7))","v":7550565.3776270887}]
[46,{"$f":"VLOOKUP($A41,DATA2!$A$2:$S$607,2,FALSE)","v":"KZN"},{"$f":"VLOOKUP($A41,DATA2!$A$2:$S$607,3,FALSE)","v":"KwaZulu-Natal"},{"$f":"VLOOKUP($A41,DATA2!$A$2:$S$607,4,FALSE)","v":110.20469496021221},{"$f":"VLOOKUP($A41,DATA2!$A$2:$S$607,5,FALSE)","v":110},{"$f":"VLOOKUP($A41,DATA2!$A$2:$S$607,6,FALSE)","v":"MAIN CENTRE"},{"$f":"VLOOKUP($A41,DATA2!$A$2:$S$607,7,FALSE)","v":377},{"$f":"VLOOKUP($A41,DATA2!$A$2:$S$607,8,FALSE)","v":true},{"$f":"VLOOKUP($A41,DATA2!$A$2:$S$607,9,FALSE)","v":0.05},46497.17,{"$f":"VLOOKUP($A41,DATA2!$A$2:$S$607,10,FALSE)","v":41547.17},{"$f":"VLOOKUP($A41,DATA2!$A$2:$S$607,11,FALSE)","v":498566.04},{"$f":"VLOOKUP($A41,DATA2!$A$2:$S$607,12,FALSE)","v":"2015-03-01"},{"$f":"VLOOKUP($A41,DATA2!$A$2:$S$607,13,FALSE)","v":"2020-02-28"},{"$f":"VLOOKUP($A41,DATA2!$A$2:$S$607,14,FALSE)","v":"No"},{"$f":"IF(MATRIX2!D41=1,($Y$8-$X$2)/365*Table_Provincial_GTAC3536[[#This Row],[Adj.AnnualRental]]*MATRIX2!D41,($Y$8-$X$2)/365*Table_Provincial_GTAC3536[[#This Row],[Adj.AnnualRental]])","v":163912.12273972601},{"$f":"(Table_Provincial_GTAC3536[[#This Row],[Adj.AnnualRental]]*(1+$I41)^(2))","v":549669.05909999995},{"$f":"(Table_Provincial_GTAC3536[[#This Row],[Adj.AnnualRental]]*(1+$I41)^(3))","v":577152.51205500006},{"$f":"(Table_Provincial_GTAC3536[[#This Row],[Adj.AnnualRental]]*(1+$I41)^(4))","v":606010.13765774993},{"$f":"(Table_Provincial_GTAC3536[[#This Row],[Adj.AnnualRental]]*(1+$I41)^(5))","v":636310.6445406375},{"$f":"(Table_Provincial_GTAC3536[[#This Row],[Adj.AnnualRental]]*(1+$I41)^(6))","v":668126.17676766939},{"$f":"(Table_Provincial_GTAC3536[[#This Row],[Adj.AnnualRental]]*(1+$I41)^(7))","v":701532.48560605291}]
[47,{"$f":"VLOOKUP($A42,DATA2!$A$2:$S$607,2,FALSE)","v":"KZN"},{"$f":"VLOOKUP($A42,DATA2!$A$2:$S$607,3,FALSE)","v":"KwaZulu-Natal"},{"$f":"VLOOKUP($A42,DATA2!$A$2:$S$607,4,FALSE)","v":108.77158296249205},{"$f":"VLOOKUP($A42,DATA2!$A$2:$S$607,5,FALSE)","v":77.5},{"$f":"VLOOKUP($A42,DATA2!$A$2:$S$607,6,FALSE)","v":"VTSD"},{"$f":"VLOOKUP($A42,DATA2!$A$2:$S$607,7,FALSE)","v":314.60000000000002},{"$f":"VLOOKUP($A42,DATA2!$A$2:$S$607,8,FALSE)","v":true},{"$f":"VLOOKUP($A42,DATA2!$A$2:$S$607,9,FALSE)","v":0.08},40469.54,{"$f":"VLOOKUP($A42,DATA2!$A$2:$S$607,10,FALSE)","v":34219.54},{"$f":"VLOOKUP($A42,DATA2!$A$2:$S$607,11,FALSE)","v":410634.48},{"$f":"VLOOKUP($A42,DATA2!$A$2:$S$607,12,FALSE)","v":"2016-06-01"},{"$f":"VLOOKUP($A42,DATA2!$A$2:$S$607,13,FALSE)","v":"2021-05-31"},{"$f":"VLOOKUP($A42,DATA2!$A$2:$S$607,14,FALSE)","v":"No"},{"$f":"IF(MATRIX2!D42=1,($Y$8-$X$2)/365*Table_Provincial_GTAC3536[[#This Row],[Adj.AnnualRental]]*MATRIX2!D42,($Y$8-$X$2)/365*Table_Provincial_GTAC3536[[#This Row],[Adj.AnnualRental]])","v":135003.11671232875},{"$f":"(Table_Provincial_GTAC3536[[#This Row],[Adj.AnnualRental]]*(1+$I42)^(2))","v":478964.05747200001},{"$f":"(Table_Provincial_GTAC3536[[#This Row],[Adj.AnnualRental]]*(1+$I42)^(3))","v":517281.18206976005},{"$f":"(Table_Provincial_GTAC3536[[#This Row],[Adj.AnnualRental]]*(1+$I42)^(4))","v":558663.6766353409},{"$f":"(Table_Provincial_GTAC3536[[#This Row],[Adj.AnnualRental]]*(1+$I42)^(5))","v":603356.77076616813},{"$f":"(Table_Provincial_GTAC3536[[#This Row],[Adj.AnnualRental]]*(1+$I42)^(6))","v":651625.31242746173},{"$f":"(Table_Provincial_GTAC3536[[#This Row],[Adj.AnnualRental]]*(1+$I42)^(7))","v":703755.33742165868}]
[48,{"$f":"VLOOKUP($A43,DATA2!$A$2:$S$607,2,FALSE)","v":"KZN"},{"$f":"VLOOKUP($A43,DATA2!$A$2:$S$607,3,FALSE)","v":"KwaZulu-Natal"},{"$f":"VLOOKUP($A43,DATA2!$A$2:$S$607,4,FALSE)","v":69.014176245210734},{"$f":"VLOOKUP($A43,DATA2!$A$2:$S$607,5,FALSE)","v":65},{"$f":"VLOOKUP($A43,DATA2!$A$2:$S$607,6,FALSE)","v":"VTSD"},{"$f":"VLOOKUP($A43,DATA2!$A$2:$S$607,7,FALSE)","v":783},{"$f":"VLOOKUP($A43,DATA2!$A$2:$S$607,8,FALSE)","v":true},{"$f":"VLOOKUP($A43,DATA2!$A$2:$S$607,9,FALSE)","v":7.0000000000000007E-2},73288.100000000006,{"$f":"VLOOKUP($A43,DATA2!$A$2:$S$607,10,FALSE)","v":54038.1},{"$f":"VLOOKUP($A43,DATA2!$A$2:$S$607,11,FALSE)","v":648457.19999999995},{"$f":"VLOOKUP($A43,DATA2!$A$2:$S$607,12,FALSE)","v":"2017-04-01"},{"$f":"VLOOKUP($A43,DATA2!$A$2:$S$607,13,FALSE)","v":"2022-03-31"},{"$f":"VLOOKUP($A43,DATA2!$A$2:$S$607,14,FALSE)","v":"No"},{"$f":"IF(MATRIX2!D43=1,($Y$8-$X$2)/365*Table_Provincial_GTAC3536[[#This Row],[Adj.AnnualRental]]*MATRIX2!D43,($Y$8-$X$2)/365*Table_Provincial_GTAC3536[[#This Row],[Adj.AnnualRental]])","v":213191.40821917806},{"$f":"(Table_Provincial_GTAC3536[[#This Row],[Adj.AnnualRental]]*(1+$I43)^(2))","v":742418.64827999996},{"$f":"(Table_Provincial_GTAC3536[[#This Row],[Adj.AnnualRental]]*(1+$I43)^(3))","v":794387.9536596},{"$f":"(Table_Provincial_GTAC3536[[#This Row],[Adj.AnnualRental]]*(1+$I43)^(4))","v":849995.11041577195},{"$f":"(Table_Provincial_GTAC3536[[#This Row],[Adj.AnnualRental]]*(1+$I43)^(5))","v":909494.76814487611},{"$f":"(Table_Provincial_GTAC3536[[#This Row],[Adj.AnnualRental]]*(1+$I43)^(6))","v":973159.40191501728},{"$f":"(Table_Provincial_GTAC3536[[#This Row],[Adj.AnnualRental]]*(1+$I43)^(7))","v":1041280.5600490686}]
[50,{"$f":"VLOOKUP($A44,DATA2!$A$2:$S$607,2,FALSE)","v":"KZN"},{"$f":"VLOOKUP($A44,DATA2!$A$2:$S$607,3,FALSE)","v":"KwaZulu-Natal"},{"$f":"VLOOKUP($A44,DATA2!$A$2:$S$607,4,FALSE)","v":119.7},{"$f":"VLOOKUP($A44,DATA2!$A$2:$S$607,5,FALSE)","v":65},{"$f":"VLOOKUP($A44,DATA2!$A$2:$S$607,6,FALSE)","v":"CBD"},{"$f":"VLOOKUP($A44,DATA2!$A$2:$S$607,7,FALSE)","v":1527},{"$f":"VLOOKUP($A44,DATA2!$A$2:$S$607,8,FALSE)","v":true},{"$f":"VLOOKUP($A44,DATA2!$A$2:$S$607,9,FALSE)","v":0},182781.9,{"$f":"VLOOKUP($A44,DATA2!$A$2:$S$607,10,FALSE)","v":182781.9},{"$f":"VLOOKUP($A44,DATA2!$A$2:$S$607,11,FALSE)","v":2193382.7999999998},{"$f":"VLOOKUP($A44,DATA2!$A$2:$S$607,12,FALSE)","v":"2016-04-01"},{"$f":"VLOOKUP($A44,DATA2!$A$2:$S$607,13,FALSE)","v":"2017-03-31"},{"$f":"VLOOKUP($A44,DATA2!$A$2:$S$607,14,FALSE)","v":"Yes"},{"$f":"IF(MATRIX2!D44=1,($Y$8-$X$2)/365*Table_Provincial_GTAC3536[[#This Row],[Adj.AnnualRental]]*MATRIX2!D44,($Y$8-$X$2)/365*Table_Provincial_GTAC3536[[#This Row],[Adj.AnnualRental]])","v":721112.15342465742},{"$f":"(Table_Provincial_GTAC3536[[#This Row],[Adj.AnnualRental]]*(1+$I44)^(2))","v":2193382.7999999998},{"$f":"(Table_Provincial_GTAC3536[[#This Row],[Adj.AnnualRental]]*(1+$I44)^(3))","v":2193382.7999999998},{"$f":"(Table_Provincial_GTAC3536[[#This Row],[Adj.AnnualRental]]*(1+$I44)^(4))","v":2193382.7999999998},{"$f":"(Table_Provincial_GTAC3536[[#This Row],[Adj.AnnualRental]]*(1+$I44)^(5))","v":2193382.7999999998},{"$f":"(Table_Provincial_GTAC3536[[#This Row],[Adj.AnnualRental]]*(1+$I44)^(6))","v":2193382.7999999998},{"$f":"(Table_Provincial_GTAC3536[[#This Row],[Adj.AnnualRental]]*(1+$I44)^(7))","v":2193382.7999999998}]
[51,{"$f":"VLOOKUP($A45,DATA2!$A$2:$S$607,2,FALSE)","v":"KZN"},{"$f":"VLOOKUP($A45,DATA2!$A$2:$S$607,3,FALSE)","v":"KwaZulu-Natal"},{"$f":"VLOOKUP($A45,DATA2!$A$2:$S$607,4,FALSE)","v":120.09809322033898},{"$f":"VLOOKUP($A45,DATA2!$A$2:$S$607,5,FALSE)","v":77.5},{"$f":"VLOOKUP($A45,DATA2!$A$2:$S$607,6,FALSE)","v":"VTSD"},{"$f":"VLOOKUP($A45,DATA2!$A$2:$S$607,7,FALSE)","v":472},{"$f":"VLOOKUP($A45,DATA2!$A$2:$S$607,8,FALSE)","v":true},{"$f":"VLOOKUP($A45,DATA2!$A$2:$S$607,9,FALSE)","v":0.08},61265.78,{"$f":"VLOOKUP($A45,DATA2!$A$2:$S$607,10,FALSE)","v":56686.3},{"$f":"VLOOKUP($A45,DATA2!$A$2:$S$607,11,FALSE)","v":680235.6},{"$f":"VLOOKUP($A45,DATA2!$A$2:$S$607,12,FALSE)","v":"2013-04-01"},{"$f":"VLOOKUP($A45,DATA2!$A$2:$S$607,13,FALSE)","v":"2018-03-31"},{"$f":"VLOOKUP($A45,DATA2!$A$2:$S$607,14,FALSE)","v":"No"},{"$f":"IF(MATRIX2!D45=1,($Y$8-$X$2)/365*Table_Provincial_GTAC3536[[#This Row],[Adj.AnnualRental]]*MATRIX2!D45,($Y$8-$X$2)/365*Table_Provincial_GTAC3536[[#This Row],[Adj.AnnualRental]])","v":223639.101369863},{"$f":"(Table_Provincial_GTAC3536[[#This Row],[Adj.AnnualRental]]*(1+$I45)^(2))","v":793426.80384000007},{"$f":"(Table_Provincial_GTAC3536[[#This Row],[Adj.AnnualRental]]*(1+$I45)^(3))","v":856900.94814720005},{"$f":"(Table_Provincial_GTAC3536[[#This Row],[Adj.AnnualRental]]*(1+$I45)^(4))","v":925453.02399897622},{"$f":"(Table_Provincial_GTAC3536[[#This Row],[Adj.AnnualRental]]*(1+$I45)^(5))","v":999489.26591889432},{"$f":"(Table_Provincial_GTAC3536[[#This Row],[Adj.AnnualRental]]*(1+$I45)^(6))","v":1079448.407192406},{"$f":"(Table_Provincial_GTAC3536[[#This Row],[Adj.AnnualRental]]*(1+$I45)^(7))","v":1165804.2797677985}]
[52,{"$f":"VLOOKUP($A46,DATA2!$A$2:$S$607,2,FALSE)","v":"KZN"},{"$f":"VLOOKUP($A46,DATA2!$A$2:$S$607,3,FALSE)","v":"KwaZulu-Natal"},{"$f":"VLOOKUP($A46,DATA2!$A$2:$S$607,4,FALSE)","v":121.57267955801105},{"$f":"VLOOKUP($A46,DATA2!$A$2:$S$607,5,FALSE)","v":77.5},{"$f":"VLOOKUP($A46,DATA2!$A$2:$S$607,6,FALSE)","v":"VTSD"},{"$f":"VLOOKUP($A46,DATA2!$A$2:$S$607,7,FALSE)","v":362},{"$f":"VLOOKUP($A46,DATA2!$A$2:$S$607,8,FALSE)","v":true},{"$f":"VLOOKUP($A46,DATA2!$A$2:$S$607,9,FALSE)","v":0.08},47459.31,{"$f":"VLOOKUP($A46,DATA2!$A$2:$S$607,10,FALSE)","v":44009.31},{"$f":"VLOOKUP($A46,DATA2!$A$2:$S$607,11,FALSE)","v":528111.72},{"$f":"VLOOKUP($A46,DATA2!$A$2:$S$607,12,FALSE)","v":"2013-03-01"},{"$f":"VLOOKUP($A46,DATA2!$A$2:$S$607,13,FALSE)","v":"2018-02-28"},{"$f":"VLOOKUP($A46,DATA2!$A$2:$S$607,14,FALSE)","v":"No"},{"$f":"IF(MATRIX2!D46=1,($Y$8-$X$2)/365*Table_Provincial_GTAC3536[[#This Row],[Adj.AnnualRental]]*MATRIX2!D46,($Y$8-$X$2)/365*Table_Provincial_GTAC3536[[#This Row],[Adj.AnnualRental]])","v":173625.77095890409},{"$f":"(Table_Provincial_GTAC3536[[#This Row],[Adj.AnnualRental]]*(1+$I46)^(2))","v":615989.51020800008},{"$f":"(Table_Provincial_GTAC3536[[#This Row],[Adj.AnnualRental]]*(1+$I46)^(3))","v":665268.67102464009},{"$f":"(Table_Provincial_GTAC3536[[#This Row],[Adj.AnnualRental]]*(1+$I46)^(4))","v":718490.16470661131},{"$f":"(Table_Provincial_GTAC3536[[#This Row],[Adj.AnnualRental]]*(1+$I46)^(5))","v":775969.37788314023},{"$f":"(Table_Provincial_GTAC3536[[#This Row],[Adj.AnnualRental]]*(1+$I46)^(6))","v":838046.92811379151},{"$f":"(Table_Provincial_GTAC3536[[#This Row],[Adj.AnnualRental]]*(1+$I46)^(7))","v":905090.68236289488}]
[53,{"$f":"VLOOKUP($A47,DATA2!$A$2:$S$607,2,FALSE)","v":"KZN"},{"$f":"VLOOKUP($A47,DATA2!$A$2:$S$607,3,FALSE)","v":"KwaZulu-Natal"},{"$f":"VLOOKUP($A47,DATA2!$A$2:$S$607,4,FALSE)","v":145.28431506849316},{"$f":"VLOOKUP($A47,DATA2!$A$2:$S$607,5,FALSE)","v":77.5},{"$f":"VLOOKUP($A47,DATA2!$A$2:$S$607,6,FALSE)","v":"MAIN CENTRE"},{"$f":"VLOOKUP($A47,DATA2!$A$2:$S$607,7,FALSE)","v":292},{"$f":"VLOOKUP($A47,DATA2!$A$2:$S$607,8,FALSE)","v":true},{"$f":"VLOOKUP($A47,DATA2!$A$2:$S$607,9,FALSE)","v":0.08},42423.02,{"$f":"VLOOKUP($A47,DATA2!$A$2:$S$607,10,FALSE)","v":42423.02},{"$f":"VLOOKUP($A47,DATA2!$A$2:$S$607,11,FALSE)","v":509076.24},{"$f":"VLOOKUP($A47,DATA2!$A$2:$S$607,12,FALSE)","v":"2016-10-01"},{"$f":"VLOOKUP($A47,DATA2!$A$2:$S$607,13,FALSE)","v":"2017-06-30"},{"$f":"VLOOKUP($A47,DATA2!$A$2:$S$607,14,FALSE)","v":"Yes"},{"$f":"IF(MATRIX2!D47=1,($Y$8-$X$2)/365*Table_Provincial_GTAC3536[[#This Row],[Adj.AnnualRental]]*MATRIX2!D47,($Y$8-$X$2)/365*Table_Provincial_GTAC3536[[#This Row],[Adj.AnnualRental]])","v":167367.5309589041},{"$f":"(Table_Provincial_GTAC3536[[#This Row],[Adj.AnnualRental]]*(1+$I47)^(2))","v":593786.52633600007},{"$f":"(Table_Provincial_GTAC3536[[#This Row],[Adj.AnnualRental]]*(1+$I47)^(3))","v":641289.44844288006},{"$f":"(Table_Provincial_GTAC3536[[#This Row],[Adj.AnnualRental]]*(1+$I47)^(4))","v":692592.60431831051},{"$f":"(Table_Provincial_GTAC3536[[#This Row],[Adj.AnnualRental]]*(1+$I47)^(5))","v":748000.01266377536},{"$f":"(Table_Provincial_GTAC3536[[#This Row],[Adj.AnnualRental]]*(1+$I47)^(6))","v":807840.01367687748},{"$f":"(Table_Provincial_GTAC3536[[#This Row],[Adj.AnnualRental]]*(1+$I47)^(7))","v":872467.21477102779}]
[54,{"$f":"VLOOKUP($A48,DATA2!$A$2:$S$607,2,FALSE)","v":"KZN"},{"$f":"VLOOKUP($A48,DATA2!$A$2:$S$607,3,FALSE)","v":"KwaZulu-Natal"},{"$f":"VLOOKUP($A48,DATA2!$A$2:$S$607,4,FALSE)","v":88.437704918032793},{"$f":"VLOOKUP($A48,DATA2!$A$2:$S$607,5,FALSE)","v":77.5},{"$f":"VLOOKUP($A48,DATA2!$A$2:$S$607,6,FALSE)","v":"MAIN CENTRE"},{"$f":"VLOOKUP($A48,DATA2!$A$2:$S$607,7,FALSE)","v":305},{"$f":"VLOOKUP($A48,DATA2!$A$2:$S$607,8,FALSE)","v":true},{"$f":"VLOOKUP($A48,DATA2!$A$2:$S$607,9,FALSE)","v":0},33373.5,{"$f":"VLOOKUP($A48,DATA2!$A$2:$S$607,10,FALSE)","v":26973.5},{"$f":"VLOOKUP($A48,DATA2!$A$2:$S$607,11,FALSE)","v":323682},{"$f":"VLOOKUP($A48,DATA2!$A$2:$S$607,12,FALSE)","v":"2016-07-01"},{"$f":"VLOOKUP($A48,DATA2!$A$2:$S$607,13,FALSE)","v":"2017-03-31"},{"$f":"VLOOKUP($A48,DATA2!$A$2:$S$607,14,FALSE)","v":"Yes"},{"$f":"IF(MATRIX2!D48=1,($Y$8-$X$2)/365*Table_Provincial_GTAC3536[[#This Row],[Adj.AnnualRental]]*MATRIX2!D48,($Y$8-$X$2)/365*Table_Provincial_GTAC3536[[#This Row],[Adj.AnnualRental]])","v":106416},{"$f":"(Table_Provincial_GTAC3536[[#This Row],[Adj.AnnualRental]]*(1+$I48)^(2))","v":323682},{"$f":"(Table_Provincial_GTAC3536[[#This Row],[Adj.AnnualRental]]*(1+$I48)^(3))","v":323682},{"$f":"(Table_Provincial_GTAC3536[[#This Row],[Adj.AnnualRental]]*(1+$I48)^(4))","v":323682},{"$f":"(Table_Provincial_GTAC3536[[#This Row],[Adj.AnnualRental]]*(1+$I48)^(5))","v":323682},{"$f":"(Table_Provincial_GTAC3536[[#This Row],[Adj.AnnualRental]]*(1+$I48)^(6))","v":323682},{"$f":"(Table_Provincial_GTAC3536[[#This Row],[Adj.AnnualRental]]*(1+$I48)^(7))","v":323682}]
[55,{"$f":"VLOOKUP($A49,DATA2!$A$2:$S$607,2,FALSE)","v":"KZN"},{"$f":"VLOOKUP($A49,DATA2!$A$2:$S$607,3,FALSE)","v":"KwaZulu-Natal"},{"$f":"VLOOKUP($A49,DATA2!$A$2:$S$607,4,FALSE)","v":144.6403964041599},{"$f":"VLOOKUP($A49,DATA2!$A$2:$S$607,5,FALSE)","v":77.5},{"$f":"VLOOKUP($A49,DATA2!$A$2:$S$607,6,FALSE)","v":"VTSD"},{"$f":"VLOOKUP($A49,DATA2!$A$2:$S$607,7,FALSE)","v":510.59},{"$f":"VLOOKUP($A49,DATA2!$A$2:$S$607,8,FALSE)","v":true},{"$f":"VLOOKUP($A49,DATA2!$A$2:$S$607,9,FALSE)","v":0.08},73851.94,{"$f":"VLOOKUP($A49,DATA2!$A$2:$S$607,10,FALSE)","v":73851.94},{"$f":"VLOOKUP($A49,DATA2!$A$2:$S$607,11,FALSE)","v":886223.28},{"$f":"VLOOKUP($A49,DATA2!$A$2:$S$607,12,FALSE)","v":"2012-12-01"},{"$f":"VLOOKUP($A49,DATA2!$A$2:$S$607,13,FALSE)","v":"2016-11-30"},{"$f":"VLOOKUP($A49,DATA2!$A$2:$S$607,14,FALSE)","v":"Yes"},{"$f":"IF(MATRIX2!D49=1,($Y$8-$X$2)/365*Table_Provincial_GTAC3536[[#This Row],[Adj.AnnualRental]]*MATRIX2!D49,($Y$8-$X$2)/365*Table_Provincial_GTAC3536[[#This Row],[Adj.AnnualRental]])","v":291361.07835616439},{"$f":"(Table_Provincial_GTAC3536[[#This Row],[Adj.AnnualRental]]*(1+$I49)^(2))","v":1033690.8337920001},{"$f":"(Table_Provincial_GTAC3536[[#This Row],[Adj.AnnualRental]]*(1+$I49)^(3))","v":1116386.1004953601},{"$f":"(Table_Provincial_GTAC3536[[#This Row],[Adj.AnnualRental]]*(1+$I49)^(4))","v":1205696.9885349891},{"$f":"(Table_Provincial_GTAC3536[[#This Row],[Adj.AnnualRental]]*(1+$I49)^(5))","v":1302152.7476177881},{"$f":"(Table_Provincial_GTAC3536[[#This Row],[Adj.AnnualRental]]*(1+$I49)^(6))","v":1406324.9674272116},{"$f":"(Table_Provincial_GTAC3536[[#This Row],[Adj.AnnualRental]]*(1+$I49)^(7))","v":1518830.9648213885}]
[56,{"$f":"VLOOKUP($A50,DATA2!$A$2:$S$607,2,FALSE)","v":"KZN"},{"$f":"VLOOKUP($A50,DATA2!$A$2:$S$607,3,FALSE)","v":"KwaZulu-Natal"},{"$f":"VLOOKUP($A50,DATA2!$A$2:$S$607,4,FALSE)","v":133.34358974358975},{"$f":"VLOOKUP($A50,DATA2!$A$2:$S$607,5,FALSE)","v":100},{"$f":"VLOOKUP($A50,DATA2!$A$2:$S$607,6,FALSE)","v":"VTSD"},{"$f":"VLOOKUP($A50,DATA2!$A$2:$S$607,7,FALSE)","v":561.6},{"$f":"VLOOKUP($A50,DATA2!$A$2:$S$607,8,FALSE)","v":true},{"$f":"VLOOKUP($A50,DATA2!$A$2:$S$607,9,FALSE)","v":0.08},83885.759999999995,{"$f":"VLOOKUP($A50,DATA2!$A$2:$S$607,10,FALSE)","v":74885.759999999995},{"$f":"VLOOKUP($A50,DATA2!$A$2:$S$607,11,FALSE)","v":898629.12},{"$f":"VLOOKUP($A50,DATA2!$A$2:$S$607,12,FALSE)","v":"2017-03-01"},{"$f":"VLOOKUP($A50,DATA2!$A$2:$S$607,13,FALSE)","v":"2021-02-28"},{"$f":"VLOOKUP($A50,DATA2!$A$2:$S$607,14,FALSE)","v":"No"},{"$f":"IF(MATRIX2!D50=1,($Y$8-$X$2)/365*Table_Provincial_GTAC3536[[#This Row],[Adj.AnnualRental]]*MATRIX2!D50,($Y$8-$X$2)/365*Table_Provincial_GTAC3536[[#This Row],[Adj.AnnualRental]])","v":295439.71068493149},{"$f":"(Table_Provincial_GTAC3536[[#This Row],[Adj.AnnualRental]]*(1+$I50)^(2))","v":1048161.0055680001},{"$f":"(Table_Provincial_GTAC3536[[#This Row],[Adj.AnnualRental]]*(1+$I50)^(3))","v":1132013.8860134401},{"$f":"(Table_Provincial_GTAC3536[[#This Row],[Adj.AnnualRental]]*(1+$I50)^(4))","v":1222574.9968945154},{"$f":"(Table_Provincial_GTAC3536[[#This Row],[Adj.AnnualRental]]*(1+$I50)^(5))","v":1320380.9966460767},{"$f":"(Table_Provincial_GTAC3536[[#This Row],[Adj.AnnualRental]]*(1+$I50)^(6))","v":1426011.4763777631},{"$f":"(Table_Provincial_GTAC3536[[#This Row],[Adj.AnnualRental]]*(1+$I50)^(7))","v":1540092.394487984}]
[57,{"$f":"VLOOKUP($A51,DATA2!$A$2:$S$607,2,FALSE)","v":"KZN"},{"$f":"VLOOKUP($A51,DATA2!$A$2:$S$607,3,FALSE)","v":"KwaZulu-Natal"},{"$f":"VLOOKUP($A51,DATA2!$A$2:$S$607,4,FALSE)","v":-3.046875},{"$f":"VLOOKUP($A51,DATA2!$A$2:$S$607,5,FALSE)","v":77.5},{"$f":"VLOOKUP($A51,DATA2!$A$2:$S$607,6,FALSE)","v":"VTSD"},{"$f":"VLOOKUP($A51,DATA2!$A$2:$S$607,7,FALSE)","v":64},{"$f":"VLOOKUP($A51,DATA2!$A$2:$S$607,8,FALSE)","v":true},{"$f":"VLOOKUP($A51,DATA2!$A$2:$S$607,9,FALSE)","v":0.08},7125,{"$f":"VLOOKUP($A51,DATA2!$A$2:$S$607,10,FALSE)","v":-195},{"$f":"VLOOKUP($A51,DATA2!$A$2:$S$607,11,FALSE)","v":-2340},{"$f":"VLOOKUP($A51,DATA2!$A$2:$S$607,12,FALSE)","v":"2016-10-01"},{"$f":"VLOOKUP($A51,DATA2!$A$2:$S$607,13,FALSE)","v":"2021-09-30"},{"$f":"VLOOKUP($A51,DATA2!$A$2:$S$607,14,FALSE)","v":"No"},{"$f":"IF(MATRIX2!D51=1,($Y$8-$X$2)/365*Table_Provincial_GTAC3536[[#This Row],[Adj.AnnualRental]]*MATRIX2!D51,($Y$8-$X$2)/365*Table_Provincial_GTAC3536[[#This Row],[Adj.AnnualRental]])","v":-769.31506849315065},{"$f":"(Table_Provincial_GTAC3536[[#This Row],[Adj.AnnualRental]]*(1+$I51)^(2))","v":-2729.3760000000002},{"$f":"(Table_Provincial_GTAC3536[[#This Row],[Adj.AnnualRental]]*(1+$I51)^(3))","v":-2947.7260800000004},{"$f":"(Table_Provincial_GTAC3536[[#This Row],[Adj.AnnualRental]]*(1+$I51)^(4))","v":-3183.5441664000009},{"$f":"(Table_Provincial_GTAC3536[[#This Row],[Adj.AnnualRental]]*(1+$I51)^(5))","v":-3438.2276997120007},{"$f":"(Table_Provincial_GTAC3536[[#This Row],[Adj.AnnualRental]]*(1+$I51)^(6))","v":-3713.2859156889613},{"$f":"(Table_Provincial_GTAC3536[[#This Row],[Adj.AnnualRental]]*(1+$I51)^(7))","v":-4010.3487889440785}]
[58,{"$f":"VLOOKUP($A52,DATA2!$A$2:$S$607,2,FALSE)","v":"KZN"},{"$f":"VLOOKUP($A52,DATA2!$A$2:$S$607,3,FALSE)","v":"KwaZulu-Natal"},{"$f":"VLOOKUP($A52,DATA2!$A$2:$S$607,4,FALSE)","v":102.79393684210527},{"$f":"VLOOKUP($A52,DATA2!$A$2:$S$607,5,FALSE)","v":110},{"$f":"VLOOKUP($A52,DATA2!$A$2:$S$607,6,FALSE)","v":"CBD"},{"$f":"VLOOKUP($A52,DATA2!$A$2:$S$607,7,FALSE)","v":475},{"$f":"VLOOKUP($A52,DATA2!$A$2:$S$607,8,FALSE)","v":true},{"$f":"VLOOKUP($A52,DATA2!$A$2:$S$607,9,FALSE)","v":0.08},54427.12,{"$f":"VLOOKUP($A52,DATA2!$A$2:$S$607,10,FALSE)","v":48827.12},{"$f":"VLOOKUP($A52,DATA2!$A$2:$S$607,11,FALSE)","v":585925.43999999994},{"$f":"VLOOKUP($A52,DATA2!$A$2:$S$607,12,FALSE)","v":"2013-09-01"},{"$f":"VLOOKUP($A52,DATA2!$A$2:$S$607,13,FALSE)","v":"2018-08-31"},{"$f":"VLOOKUP($A52,DATA2!$A$2:$S$607,14,FALSE)","v":"No"},{"$f":"IF(MATRIX2!D52=1,($Y$8-$X$2)/365*Table_Provincial_GTAC3536[[#This Row],[Adj.AnnualRental]]*MATRIX2!D52,($Y$8-$X$2)/365*Table_Provincial_GTAC3536[[#This Row],[Adj.AnnualRental]])","v":192633.02136986298},{"$f":"(Table_Provincial_GTAC3536[[#This Row],[Adj.AnnualRental]]*(1+$I52)^(2))","v":683423.43321599998},{"$f":"(Table_Provincial_GTAC3536[[#This Row],[Adj.AnnualRental]]*(1+$I52)^(3))","v":738097.30787328002},{"$f":"(Table_Provincial_GTAC3536[[#This Row],[Adj.AnnualRental]]*(1+$I52)^(4))","v":797145.09250314254},{"$f":"(Table_Provincial_GTAC3536[[#This Row],[Adj.AnnualRental]]*(1+$I52)^(5))","v":860916.69990339386},{"$f":"(Table_Provincial_GTAC3536[[#This Row],[Adj.AnnualRental]]*(1+$I52)^(6))","v":929790.03589566553},{"$f":"(Table_Provincial_GTAC3536[[#This Row],[Adj.AnnualRental]]*(1+$I52)^(7))","v":1004173.2387673188}]
[59,{"$f":"VLOOKUP($A53,DATA2!$A$2:$S$607,2,FALSE)","v":"KZN"},{"$f":"VLOOKUP($A53,DATA2!$A$2:$S$607,3,FALSE)","v":"KwaZulu-Natal"},{"$f":"VLOOKUP($A53,DATA2!$A$2:$S$607,4,FALSE)","v":124.26},{"$f":"VLOOKUP($A53,DATA2!$A$2:$S$607,5,FALSE)","v":77.5},{"$f":"VLOOKUP($A53,DATA2!$A$2:$S$607,6,FALSE)","v":"VTSD"},{"$f":"VLOOKUP($A53,DATA2!$A$2:$S$607,7,FALSE)","v":395},{"$f":"VLOOKUP($A53,DATA2!$A$2:$S$607,8,FALSE)","v":true},{"$f":"VLOOKUP($A53,DATA2!$A$2:$S$607,9,FALSE)","v":0.09},49082.7,{"$f":"VLOOKUP($A53,DATA2!$A$2:$S$607,10,FALSE)","v":49082.7},{"$f":"VLOOKUP($A53,DATA2!$A$2:$S$607,11,FALSE)","v":588992.4},{"$f":"VLOOKUP($A53,DATA2!$A$2:$S$607,12,FALSE)","v":"2016-02-01"},{"$f":"VLOOKUP($A53,DATA2!$A$2:$S$607,13,FALSE)","v":"2019-01-31"},{"$f":"VLOOKUP($A53,DATA2!$A$2:$S$607,14,FALSE)","v":"No"},{"$f":"IF(MATRIX2!D53=1,($Y$8-$X$2)/365*Table_Provincial_GTAC3536[[#This Row],[Adj.AnnualRental]]*MATRIX2!D53,($Y$8-$X$2)/365*Table_Provincial_GTAC3536[[#This Row],[Adj.AnnualRental]])","v":193641.33698630138},{"$f":"(Table_Provincial_GTAC3536[[#This Row],[Adj.AnnualRental]]*(1+$I53)^(2))","v":699781.87044000009},{"$f":"(Table_Provincial_GTAC3536[[#This Row],[Adj.AnnualRental]]*(1+$I53)^(3))","v":762762.23877960013},{"$f":"(Table_Provincial_GTAC3536[[#This Row],[Adj.AnnualRental]]*(1+$I53)^(4))","v":831410.84026976419},{"$f":"(Table_Provincial_GTAC3536[[#This Row],[Adj.AnnualRental]]*(1+$I53)^(5))","v":906237.81589404307},{"$f":"(Table_Provincial_GTAC3536[[#This Row],[Adj.AnnualRental]]*(1+$I53)^(6))","v":987799.21932450705},{"$f":"(Table_Provincial_GTAC3536[[#This Row],[Adj.AnnualRental]]*(1+$I53)^(7))","v":1076701.1490637127}]
[60,{"$f":"VLOOKUP($A54,DATA2!$A$2:$S$607,2,FALSE)","v":"KZN"},{"$f":"VLOOKUP($A54,DATA2!$A$2:$S$607,3,FALSE)","v":"KwaZulu-Natal"},{"$f":"VLOOKUP($A54,DATA2!$A$2:$S$607,4,FALSE)","v":109.90033826638478},{"$f":"VLOOKUP($A54,DATA2!$A$2:$S$607,5,FALSE)","v":110},{"$f":"VLOOKUP($A54,DATA2!$A$2:$S$607,6,FALSE)","v":"MAIN CENTRE"},{"$f":"VLOOKUP($A54,DATA2!$A$2:$S$607,7,FALSE)","v":473},{"$f":"VLOOKUP($A54,DATA2!$A$2:$S$607,8,FALSE)","v":true},{"$f":"VLOOKUP($A54,DATA2!$A$2:$S$607,9,FALSE)","v":0.05},57632.86,{"$f":"VLOOKUP($A54,DATA2!$A$2:$S$607,10,FALSE)","v":51982.86},{"$f":"VLOOKUP($A54,DATA2!$A$2:$S$607,11,FALSE)","v":623794.31999999995},{"$f":"VLOOKUP($A54,DATA2!$A$2:$S$607,12,FALSE)","v":"2014-08-01"},{"$f":"VLOOKUP($A54,DATA2!$A$2:$S$607,13,FALSE)","v":"2019-07-31"},{"$f":"VLOOKUP($A54,DATA2!$A$2:$S$607,14,FALSE)","v":"No"},{"$f":"IF(MATRIX2!D54=1,($Y$8-$X$2)/365*Table_Provincial_GTAC3536[[#This Row],[Adj.AnnualRental]]*MATRIX2!D54,($Y$8-$X$2)/365*Table_Provincial_GTAC3536[[#This Row],[Adj.AnnualRental]])","v":205083.064109589},{"$f":"(Table_Provincial_GTAC3536[[#This Row],[Adj.AnnualRental]]*(1+$I54)^(2))","v":687733.2378},{"$f":"(Table_Provincial_GTAC3536[[#This Row],[Adj.AnnualRental]]*(1+$I54)^(3))","v":722119.89968999999},{"$f":"(Table_Provincial_GTAC3536[[#This Row],[Adj.AnnualRental]]*(1+$I54)^(4))","v":758225.89467449998},{"$f":"(Table_Provincial_GTAC3536[[#This Row],[Adj.AnnualRental]]*(1+$I54)^(5))","v":796137.18940822501},{"$f":"(Table_Provincial_GTAC3536[[#This Row],[Adj.AnnualRental]]*(1+$I54)^(6))","v":835944.04887863621},{"$f":"(Table_Provincial_GTAC3536[[#This Row],[Adj.AnnualRental]]*(1+$I54)^(7))","v":877741.25132256816}]
[61,{"$f":"VLOOKUP($A55,DATA2!$A$2:$S$607,2,FALSE)","v":"KZN"},{"$f":"VLOOKUP($A55,DATA2!$A$2:$S$607,3,FALSE)","v":"KwaZulu-Natal"},{"$f":"VLOOKUP($A55,DATA2!$A$2:$S$607,4,FALSE)","v":135.22199037592722},{"$f":"VLOOKUP($A55,DATA2!$A$2:$S$607,5,FALSE)","v":110},{"$f":"VLOOKUP($A55,DATA2!$A$2:$S$607,6,FALSE)","v":"CBD"},{"$f":"VLOOKUP($A55,DATA2!$A$2:$S$607,7,FALSE)","v":9517.7999999999993},{"$f":"VLOOKUP($A55,DATA2!$A$2:$S$607,8,FALSE)","v":true},{"$f":"VLOOKUP($A55,DATA2!$A$2:$S$607,9,FALSE)","v":7.0000000000000007E-2},1348215.86,{"$f":"VLOOKUP($A55,DATA2!$A$2:$S$607,10,FALSE)","v":1287015.8600000001},{"$f":"VLOOKUP($A55,DATA2!$A$2:$S$607,11,FALSE)","v":15444190.32},{"$f":"VLOOKUP($A55,DATA2!$A$2:$S$607,12,FALSE)","v":"2014-04-01"},{"$f":"VLOOKUP($A55,DATA2!$A$2:$S$607,13,FALSE)","v":"2019-03-31"},{"$f":"VLOOKUP($A55,DATA2!$A$2:$S$607,14,FALSE)","v":"No"},{"$f":"IF(MATRIX2!D55=1,($Y$8-$X$2)/365*Table_Provincial_GTAC3536[[#This Row],[Adj.AnnualRental]]*MATRIX2!D55,($Y$8-$X$2)/365*Table_Provincial_GTAC3536[[#This Row],[Adj.AnnualRental]])","v":5077542.0230136989},{"$f":"(Table_Provincial_GTAC3536[[#This Row],[Adj.AnnualRental]]*(1+$I55)^(2))","v":17682053.497368},{"$f":"(Table_Provincial_GTAC3536[[#This Row],[Adj.AnnualRental]]*(1+$I55)^(3))","v":18919797.242183764},{"$f":"(Table_Provincial_GTAC3536[[#This Row],[Adj.AnnualRental]]*(1+$I55)^(4))","v":20244183.049136624},{"$f":"(Table_Provincial_GTAC3536[[#This Row],[Adj.AnnualRental]]*(1+$I55)^(5))","v":21661275.86257619},{"$f":"(Table_Provincial_GTAC3536[[#This Row],[Adj.AnnualRental]]*(1+$I55)^(6))","v":23177565.172956523},{"$f":"(Table_Provincial_GTAC3536[[#This Row],[Adj.AnnualRental]]*(1+$I55)^(7))","v":24799994.735063478}]
[62,{"$f":"VLOOKUP($A56,DATA2!$A$2:$S$607,2,FALSE)","v":"KZN"},{"$f":"VLOOKUP($A56,DATA2!$A$2:$S$607,3,FALSE)","v":"KwaZulu-Natal"},{"$f":"VLOOKUP($A56,DATA2!$A$2:$S$607,4,FALSE)","v":126.44681200857755},{"$f":"VLOOKUP($A56,DATA2!$A$2:$S$607,5,FALSE)","v":110},{"$f":"VLOOKUP($A56,DATA2!$A$2:$S$607,6,FALSE)","v":"CBD"},{"$f":"VLOOKUP($A56,DATA2!$A$2:$S$607,7,FALSE)","v":1399},{"$f":"VLOOKUP($A56,DATA2!$A$2:$S$607,8,FALSE)","v":true},{"$f":"VLOOKUP($A56,DATA2!$A$2:$S$607,9,FALSE)","v":7.0000000000000007E-2},188149.09,{"$f":"VLOOKUP($A56,DATA2!$A$2:$S$607,10,FALSE)","v":176899.09},{"$f":"VLOOKUP($A56,DATA2!$A$2:$S$607,11,FALSE)","v":2122789.08},{"$f":"VLOOKUP($A56,DATA2!$A$2:$S$607,12,FALSE)","v":"2015-05-01"},{"$f":"VLOOKUP($A56,DATA2!$A$2:$S$607,13,FALSE)","v":"2019-04-30"},{"$f":"VLOOKUP($A56,DATA2!$A$2:$S$607,14,FALSE)","v":"No"},{"$f":"IF(MATRIX2!D56=1,($Y$8-$X$2)/365*Table_Provincial_GTAC3536[[#This Row],[Adj.AnnualRental]]*MATRIX2!D56,($Y$8-$X$2)/365*Table_Provincial_GTAC3536[[#This Row],[Adj.AnnualRental]])","v":697903.25917808223},{"$f":"(Table_Provincial_GTAC3536[[#This Row],[Adj.AnnualRental]]*(1+$I56)^(2))","v":2430381.2176920003},{"$f":"(Table_Provincial_GTAC3536[[#This Row],[Adj.AnnualRental]]*(1+$I56)^(3))","v":2600507.9029304404},{"$f":"(Table_Provincial_GTAC3536[[#This Row],[Adj.AnnualRental]]*(1+$I56)^(4))","v":2782543.456135571},{"$f":"(Table_Provincial_GTAC3536[[#This Row],[Adj.AnnualRental]]*(1+$I56)^(5))","v":2977321.4980650614},{"$f":"(Table_Provincial_GTAC3536[[#This Row],[Adj.AnnualRental]]*(1+$I56)^(6))","v":3185734.0029296153},{"$f":"(Table_Provincial_GTAC3536[[#This Row],[Adj.AnnualRental]]*(1+$I56)^(7))","v":3408735.3831346887}]
[63,{"$f":"VLOOKUP($A57,DATA2!$A$2:$S$607,2,FALSE)","v":"KZN"},{"$f":"VLOOKUP($A57,DATA2!$A$2:$S$607,3,FALSE)","v":"KwaZulu-Natal"},{"$f":"VLOOKUP($A57,DATA2!$A$2:$S$607,4,FALSE)","v":93.892307692307696},{"$f":"VLOOKUP($A57,DATA2!$A$2:$S$607,5,FALSE)","v":110},{"$f":"VLOOKUP($A57,DATA2!$A$2:$S$607,6,FALSE)","v":"MAIN CENTRE"},{"$f":"VLOOKUP($A57,DATA2!$A$2:$S$607,7,FALSE)","v":1040},{"$f":"VLOOKUP($A57,DATA2!$A$2:$S$607,8,FALSE)","v":true},{"$f":"VLOOKUP($A57,DATA2!$A$2:$S$607,9,FALSE)","v":0.08},117648,{"$f":"VLOOKUP($A57,DATA2!$A$2:$S$607,10,FALSE)","v":97648},{"$f":"VLOOKUP($A57,DATA2!$A$2:$S$607,11,FALSE)","v":1171776},{"$f":"VLOOKUP($A57,DATA2!$A$2:$S$607,12,FALSE)","v":"2017-01-01"},{"$f":"VLOOKUP($A57,DATA2!$A$2:$S$607,13,FALSE)","v":"2021-12-31"},{"$f":"VLOOKUP($A57,DATA2!$A$2:$S$607,14,FALSE)","v":"No"},{"$f":"IF(MATRIX2!D57=1,($Y$8-$X$2)/365*Table_Provincial_GTAC3536[[#This Row],[Adj.AnnualRental]]*MATRIX2!D57,($Y$8-$X$2)/365*Table_Provincial_GTAC3536[[#This Row],[Adj.AnnualRental]])","v":385241.42465753423},{"$f":"(Table_Provincial_GTAC3536[[#This Row],[Adj.AnnualRental]]*(1+$I57)^(2))","v":1366759.5264000001},{"$f":"(Table_Provincial_GTAC3536[[#This Row],[Adj.AnnualRental]]*(1+$I57)^(3))","v":1476100.2885120001},{"$f":"(Table_Provincial_GTAC3536[[#This Row],[Adj.AnnualRental]]*(1+$I57)^(4))","v":1594188.3115929603},{"$f":"(Table_Provincial_GTAC3536[[#This Row],[Adj.AnnualRental]]*(1+$I57)^(5))","v":1721723.3765203971},{"$f":"(Table_Provincial_GTAC3536[[#This Row],[Adj.AnnualRental]]*(1+$I57)^(6))","v":1859461.2466420291},{"$f":"(Table_Provincial_GTAC3536[[#This Row],[Adj.AnnualRental]]*(1+$I57)^(7))","v":2008218.1463733916}]
[64,{"$f":"VLOOKUP($A58,DATA2!$A$2:$S$607,2,FALSE)","v":"KZN"},{"$f":"VLOOKUP($A58,DATA2!$A$2:$S$607,3,FALSE)","v":"KwaZulu-Natal"},{"$f":"VLOOKUP($A58,DATA2!$A$2:$S$607,4,FALSE)","v":110.1924023668639},{"$f":"VLOOKUP($A58,DATA2!$A$2:$S$607,5,FALSE)","v":77.5},{"$f":"VLOOKUP($A58,DATA2!$A$2:$S$607,6,FALSE)","v":"VTSD"},{"$f":"VLOOKUP($A58,DATA2!$A$2:$S$607,7,FALSE)","v":422.5},{"$f":"VLOOKUP($A58,DATA2!$A$2:$S$607,8,FALSE)","v":true},{"$f":"VLOOKUP($A58,DATA2!$A$2:$S$607,9,FALSE)","v":7.0000000000000007E-2},46556.29,{"$f":"VLOOKUP($A58,DATA2!$A$2:$S$607,10,FALSE)","v":46556.29},{"$f":"VLOOKUP($A58,DATA2!$A$2:$S$607,11,FALSE)","v":558675.48},{"$f":"VLOOKUP($A58,DATA2!$A$2:$S$607,12,FALSE)","v":"2015-05-01"},{"$f":"VLOOKUP($A58,DATA2!$A$2:$S$607,13,FALSE)","v":"2018-04-30"},{"$f":"VLOOKUP($A58,DATA2!$A$2:$S$607,14,FALSE)","v":"No"},{"$f":"IF(MATRIX2!D58=1,($Y$8-$X$2)/365*Table_Provincial_GTAC3536[[#This Row],[Adj.AnnualRental]]*MATRIX2!D58,($Y$8-$X$2)/365*Table_Provincial_GTAC3536[[#This Row],[Adj.AnnualRental]])","v":183674.1304109589},{"$f":"(Table_Provincial_GTAC3536[[#This Row],[Adj.AnnualRental]]*(1+$I58)^(2))","v":639627.55705199996},{"$f":"(Table_Provincial_GTAC3536[[#This Row],[Adj.AnnualRental]]*(1+$I58)^(3))","v":684401.48604564008},{"$f":"(Table_Provincial_GTAC3536[[#This Row],[Adj.AnnualRental]]*(1+$I58)^(4))","v":732309.59006883483},{"$f":"(Table_Provincial_GTAC3536[[#This Row],[Adj.AnnualRental]]*(1+$I58)^(5))","v":783571.26137365331},{"$f":"(Table_Provincial_GTAC3536[[#This Row],[Adj.AnnualRental]]*(1+$I58)^(6))","v":838421.24966980901},{"$f":"(Table_Provincial_GTAC3536[[#This Row],[Adj.AnnualRental]]*(1+$I58)^(7))","v":897110.73714669561}]
[66,{"$f":"VLOOKUP($A59,DATA2!$A$2:$S$607,2,FALSE)","v":"KZN"},{"$f":"VLOOKUP($A59,DATA2!$A$2:$S$607,3,FALSE)","v":"KwaZulu-Natal"},{"$f":"VLOOKUP($A59,DATA2!$A$2:$S$607,4,FALSE)","v":95.007532846715335},{"$f":"VLOOKUP($A59,DATA2!$A$2:$S$607,5,FALSE)","v":65},{"$f":"VLOOKUP($A59,DATA2!$A$2:$S$607,6,FALSE)","v":"VTSD"},{"$f":"VLOOKUP($A59,DATA2!$A$2:$S$607,7,FALSE)","v":685},{"$f":"VLOOKUP($A59,DATA2!$A$2:$S$607,8,FALSE)","v":true},{"$f":"VLOOKUP($A59,DATA2!$A$2:$S$607,9,FALSE)","v":0},68817.02,{"$f":"VLOOKUP($A59,DATA2!$A$2:$S$607,10,FALSE)","v":65080.160000000003},{"$f":"VLOOKUP($A59,DATA2!$A$2:$S$607,11,FALSE)","v":780961.92},{"$f":"VLOOKUP($A59,DATA2!$A$2:$S$607,12,FALSE)","v":"2016-09-01"},{"$f":"VLOOKUP($A59,DATA2!$A$2:$S$607,13,FALSE)","v":"2017-08-31"},{"$f":"VLOOKUP($A59,DATA2!$A$2:$S$607,14,FALSE)","v":"No"},{"$f":"IF(MATRIX2!D59=1,($Y$8-$X$2)/365*Table_Provincial_GTAC3536[[#This Row],[Adj.AnnualRental]]*MATRIX2!D59,($Y$8-$X$2)/365*Table_Provincial_GTAC3536[[#This Row],[Adj.AnnualRental]])","v":256754.60383561644},{"$f":"(Table_Provincial_GTAC3536[[#This Row],[Adj.AnnualRental]]*(1+$I59)^(2))","v":780961.92},{"$f":"(Table_Provincial_GTAC3536[[#This Row],[Adj.AnnualRental]]*(1+$I59)^(3))","v":780961.92},{"$f":"(Table_Provincial_GTAC3536[[#This Row],[Adj.AnnualRental]]*(1+$I59)^(4))","v":780961.92},{"$f":"(Table_Provincial_GTAC3536[[#This Row],[Adj.AnnualRental]]*(1+$I59)^(5))","v":780961.92},{"$f":"(Table_Provincial_GTAC3536[[#This Row],[Adj.AnnualRental]]*(1+$I59)^(6))","v":780961.92},{"$f":"(Table_Provincial_GTAC3536[[#This Row],[Adj.AnnualRental]]*(1+$I59)^(7))","v":780961.92}]
[67,{"$f":"VLOOKUP($A60,DATA2!$A$2:$S$607,2,FALSE)","v":"KZN"},{"$f":"VLOOKUP($A60,DATA2!$A$2:$S$607,3,FALSE)","v":"KwaZulu-Natal"},{"$f":"VLOOKUP($A60,DATA2!$A$2:$S$607,4,FALSE)","v":111.22965197215777},{"$f":"VLOOKUP($A60,DATA2!$A$2:$S$607,5,FALSE)","v":65},{"$f":"VLOOKUP($A60,DATA2!$A$2:$S$607,6,FALSE)","v":"MAIN CENTRE"},{"$f":"VLOOKUP($A60,DATA2!$A$2:$S$607,7,FALSE)","v":862},{"$f":"VLOOKUP($A60,DATA2!$A$2:$S$607,8,FALSE)","v":true},{"$f":"VLOOKUP($A60,DATA2!$A$2:$S$607,9,FALSE)","v":0},99879.96,{"$f":"VLOOKUP($A60,DATA2!$A$2:$S$607,10,FALSE)","v":95879.96},{"$f":"VLOOKUP($A60,DATA2!$A$2:$S$607,11,FALSE)","v":1150559.52},{"$f":"VLOOKUP($A60,DATA2!$A$2:$S$607,12,FALSE)","v":"2016-04-01"},{"$f":"VLOOKUP($A60,DATA2!$A$2:$S$607,13,FALSE)","v":"2017-03-31"},{"$f":"VLOOKUP($A60,DATA2!$A$2:$S$607,14,FALSE)","v":"Yes"},{"$f":"IF(MATRIX2!D60=1,($Y$8-$X$2)/365*Table_Provincial_GTAC3536[[#This Row],[Adj.AnnualRental]]*MATRIX2!D60,($Y$8-$X$2)/365*Table_Provincial_GTAC3536[[#This Row],[Adj.AnnualRental]])","v":378266.14356164384},{"$f":"(Table_Provincial_GTAC3536[[#This Row],[Adj.AnnualRental]]*(1+$I60)^(2))","v":1150559.52},{"$f":"(Table_Provincial_GTAC3536[[#This Row],[Adj.AnnualRental]]*(1+$I60)^(3))","v":1150559.52},{"$f":"(Table_Provincial_GTAC3536[[#This Row],[Adj.AnnualRental]]*(1+$I60)^(4))","v":1150559.52},{"$f":"(Table_Provincial_GTAC3536[[#This Row],[Adj.AnnualRental]]*(1+$I60)^(5))","v":1150559.52},{"$f":"(Table_Provincial_GTAC3536[[#This Row],[Adj.AnnualRental]]*(1+$I60)^(6))","v":1150559.52},{"$f":"(Table_Provincial_GTAC3536[[#This Row],[Adj.AnnualRental]]*(1+$I60)^(7))","v":1150559.52}]
[68,{"$f":"VLOOKUP($A61,DATA2!$A$2:$S$607,2,FALSE)","v":"KZN"},{"$f":"VLOOKUP($A61,DATA2!$A$2:$S$607,3,FALSE)","v":"KwaZulu-Natal"},{"$f":"VLOOKUP($A61,DATA2!$A$2:$S$607,4,FALSE)","v":142.49475875986059},{"$f":"VLOOKUP($A61,DATA2!$A$2:$S$607,5,FALSE)","v":65},{"$f":"VLOOKUP($A61,DATA2!$A$2:$S$607,6,FALSE)","v":"VTSD"},{"$f":"VLOOKUP($A61,DATA2!$A$2:$S$607,7,FALSE)","v":5451},{"$f":"VLOOKUP($A61,DATA2!$A$2:$S$607,8,FALSE)","v":true},{"$f":"VLOOKUP($A61,DATA2!$A$2:$S$607,9,FALSE)","v":7.0000000000000007E-2},831738.93,{"$f":"VLOOKUP($A61,DATA2!$A$2:$S$607,10,FALSE)","v":776738.93},{"$f":"VLOOKUP($A61,DATA2!$A$2:$S$607,11,FALSE)","v":9320867.1600000001},{"$f":"VLOOKUP($A61,DATA2!$A$2:$S$607,12,FALSE)","v":"2016-07-01"},{"$f":"VLOOKUP($A61,DATA2!$A$2:$S$607,13,FALSE)","v":"2021-06-30"},{"$f":"VLOOKUP($A61,DATA2!$A$2:$S$607,14,FALSE)","v":"No"},{"$f":"IF(MATRIX2!D61=1,($Y$8-$X$2)/365*Table_Provincial_GTAC3536[[#This Row],[Adj.AnnualRental]]*MATRIX2!D61,($Y$8-$X$2)/365*Table_Provincial_GTAC3536[[#This Row],[Adj.AnnualRental]])","v":3064394.6827397258},{"$f":"(Table_Provincial_GTAC3536[[#This Row],[Adj.AnnualRental]]*(1+$I61)^(2))","v":10671460.811484},{"$f":"(Table_Provincial_GTAC3536[[#This Row],[Adj.AnnualRental]]*(1+$I61)^(3))","v":11418463.068287881},{"$f":"(Table_Provincial_GTAC3536[[#This Row],[Adj.AnnualRental]]*(1+$I61)^(4))","v":12217755.483068032},{"$f":"(Table_Provincial_GTAC3536[[#This Row],[Adj.AnnualRental]]*(1+$I61)^(5))","v":13072998.366882795},{"$f":"(Table_Provincial_GTAC3536[[#This Row],[Adj.AnnualRental]]*(1+$I61)^(6))","v":13988108.25256459},{"$f":"(Table_Provincial_GTAC3536[[#This Row],[Adj.AnnualRental]]*(1+$I61)^(7))","v":14967275.830244113}]
[69,{"$f":"VLOOKUP($A62,DATA2!$A$2:$S$607,2,FALSE)","v":"KZN"},{"$f":"VLOOKUP($A62,DATA2!$A$2:$S$607,3,FALSE)","v":"KwaZulu-Natal"},{"$f":"VLOOKUP($A62,DATA2!$A$2:$S$607,4,FALSE)","v":143.53135662898254},{"$f":"VLOOKUP($A62,DATA2!$A$2:$S$607,5,FALSE)","v":77.5},{"$f":"VLOOKUP($A62,DATA2!$A$2:$S$607,6,FALSE)","v":"VTSD"},{"$f":"VLOOKUP($A62,DATA2!$A$2:$S$607,7,FALSE)","v":6811},{"$f":"VLOOKUP($A62,DATA2!$A$2:$S$607,8,FALSE)","v":true},{"$f":"VLOOKUP($A62,DATA2!$A$2:$S$607,9,FALSE)","v":0.08},1034842.07,{"$f":"VLOOKUP($A62,DATA2!$A$2:$S$607,10,FALSE)","v":977592.07},{"$f":"VLOOKUP($A62,DATA2!$A$2:$S$607,11,FALSE)","v":11731104.84},{"$f":"VLOOKUP($A62,DATA2!$A$2:$S$607,12,FALSE)","v":"2015-11-01"},{"$f":"VLOOKUP($A62,DATA2!$A$2:$S$607,13,FALSE)","v":"2020-10-31"},{"$f":"VLOOKUP($A62,DATA2!$A$2:$S$607,14,FALSE)","v":"No"},{"$f":"IF(MATRIX2!D62=1,($Y$8-$X$2)/365*Table_Provincial_GTAC3536[[#This Row],[Adj.AnnualRental]]*MATRIX2!D62,($Y$8-$X$2)/365*Table_Provincial_GTAC3536[[#This Row],[Adj.AnnualRental]])","v":3856801.5912328763},{"$f":"(Table_Provincial_GTAC3536[[#This Row],[Adj.AnnualRental]]*(1+$I62)^(2))","v":13683160.685376002},{"$f":"(Table_Provincial_GTAC3536[[#This Row],[Adj.AnnualRental]]*(1+$I62)^(3))","v":14777813.540206082},{"$f":"(Table_Provincial_GTAC3536[[#This Row],[Adj.AnnualRental]]*(1+$I62)^(4))","v":15960038.623422571},{"$f":"(Table_Provincial_GTAC3536[[#This Row],[Adj.AnnualRental]]*(1+$I62)^(5))","v":17236841.713296376},{"$f":"(Table_Provincial_GTAC3536[[#This Row],[Adj.AnnualRental]]*(1+$I62)^(6))","v":18615789.050360087},{"$f":"(Table_Provincial_GTAC3536[[#This Row],[Adj.AnnualRental]]*(1+$I62)^(7))","v":20105052.174388897}]
[70,{"$f":"VLOOKUP($A63,DATA2!$A$2:$S$607,2,FALSE)","v":"KZN"},{"$f":"VLOOKUP($A63,DATA2!$A$2:$S$607,3,FALSE)","v":"KwaZulu-Natal"},{"$f":"VLOOKUP($A63,DATA2!$A$2:$S$607,4,FALSE)","v":58.394262820512822},{"$f":"VLOOKUP($A63,DATA2!$A$2:$S$607,5,FALSE)","v":77.5},{"$f":"VLOOKUP($A63,DATA2!$A$2:$S$607,6,FALSE)","v":"VTSD"},{"$f":"VLOOKUP($A63,DATA2!$A$2:$S$607,7,FALSE)","v":312},{"$f":"VLOOKUP($A63,DATA2!$A$2:$S$607,8,FALSE)","v":true},{"$f":"VLOOKUP($A63,DATA2!$A$2:$S$607,9,FALSE)","v":0.08},18219.009999999998,{"$f":"VLOOKUP($A63,DATA2!$A$2:$S$607,10,FALSE)","v":18219.009999999998},{"$f":"VLOOKUP($A63,DATA2!$A$2:$S$607,11,FALSE)","v":218628.12},{"$f":"VLOOKUP($A63,DATA2!$A$2:$S$607,12,FALSE)","v":"2015-04-01"},{"$f":"VLOOKUP($A63,DATA2!$A$2:$S$607,13,FALSE)","v":"2016-09-30"},{"$f":"VLOOKUP($A63,DATA2!$A$2:$S$607,14,FALSE)","v":"Yes"},{"$f":"IF(MATRIX2!D63=1,($Y$8-$X$2)/365*Table_Provincial_GTAC3536[[#This Row],[Adj.AnnualRental]]*MATRIX2!D63,($Y$8-$X$2)/365*Table_Provincial_GTAC3536[[#This Row],[Adj.AnnualRental]])","v":71877.738082191776},{"$f":"(Table_Provincial_GTAC3536[[#This Row],[Adj.AnnualRental]]*(1+$I63)^(2))","v":255007.83916800001},{"$f":"(Table_Provincial_GTAC3536[[#This Row],[Adj.AnnualRental]]*(1+$I63)^(3))","v":275408.46630144003},{"$f":"(Table_Provincial_GTAC3536[[#This Row],[Adj.AnnualRental]]*(1+$I63)^(4))","v":297441.14360555523},{"$f":"(Table_Provincial_GTAC3536[[#This Row],[Adj.AnnualRental]]*(1+$I63)^(5))","v":321236.43509399967},{"$f":"(Table_Provincial_GTAC3536[[#This Row],[Adj.AnnualRental]]*(1+$I63)^(6))","v":346935.34990151972},{"$f":"(Table_Provincial_GTAC3536[[#This Row],[Adj.AnnualRental]]*(1+$I63)^(7))","v":374690.17789364129}]
[71,{"$f":"VLOOKUP($A64,DATA2!$A$2:$S$607,2,FALSE)","v":"KZN"},{"$f":"VLOOKUP($A64,DATA2!$A$2:$S$607,3,FALSE)","v":"KwaZulu-Natal"},{"$f":"VLOOKUP($A64,DATA2!$A$2:$S$607,4,FALSE)","v":114},{"$f":"VLOOKUP($A64,DATA2!$A$2:$S$607,5,FALSE)","v":77.5},{"$f":"VLOOKUP($A64,DATA2!$A$2:$S$607,6,FALSE)","v":"VTSD"},{"$f":"VLOOKUP($A64,DATA2!$A$2:$S$607,7,FALSE)","v":689},{"$f":"VLOOKUP($A64,DATA2!$A$2:$S$607,8,FALSE)","v":true},{"$f":"VLOOKUP($A64,DATA2!$A$2:$S$607,9,FALSE)","v":0},78546,{"$f":"VLOOKUP($A64,DATA2!$A$2:$S$607,10,FALSE)","v":78546},{"$f":"VLOOKUP($A64,DATA2!$A$2:$S$607,11,FALSE)","v":942552},{"$f":"VLOOKUP($A64,DATA2!$A$2:$S$607,12,FALSE)","v":"2016-11-01"},{"$f":"VLOOKUP($A64,DATA2!$A$2:$S$607,13,FALSE)","v":"2017-04-30"},{"$f":"VLOOKUP($A64,DATA2!$A$2:$S$607,14,FALSE)","v":"Yes"},{"$f":"IF(MATRIX2!D64=1,($Y$8-$X$2)/365*Table_Provincial_GTAC3536[[#This Row],[Adj.AnnualRental]]*MATRIX2!D64,($Y$8-$X$2)/365*Table_Provincial_GTAC3536[[#This Row],[Adj.AnnualRental]])","v":309880.10958904109},{"$f":"(Table_Provincial_GTAC3536[[#This Row],[Adj.AnnualRental]]*(1+$I64)^(2))","v":942552},{"$f":"(Table_Provincial_GTAC3536[[#This Row],[Adj.AnnualRental]]*(1+$I64)^(3))","v":942552},{"$f":"(Table_Provincial_GTAC3536[[#This Row],[Adj.AnnualRental]]*(1+$I64)^(4))","v":942552},{"$f":"(Table_Provincial_GTAC3536[[#This Row],[Adj.AnnualRental]]*(1+$I64)^(5))","v":942552},{"$f":"(Table_Provincial_GTAC3536[[#This Row],[Adj.AnnualRental]]*(1+$I64)^(6))","v":942552},{"$f":"(Table_Provincial_GTAC3536[[#This Row],[Adj.AnnualRental]]*(1+$I64)^(7))","v":942552}]
[72,{"$f":"VLOOKUP($A65,DATA2!$A$2:$S$607,2,FALSE)","v":"KZN"},{"$f":"VLOOKUP($A65,DATA2!$A$2:$S$607,3,FALSE)","v":"KwaZulu-Natal"},{"$f":"VLOOKUP($A65,DATA2!$A$2:$S$607,4,FALSE)","v":78.80816600397614},{"$f":"VLOOKUP($A65,DATA2!$A$2:$S$607,5,FALSE)","v":100},{"$f":"VLOOKUP($A65,DATA2!$A$2:$S$607,6,FALSE)","v":"VTSD"},{"$f":"VLOOKUP($A65,DATA2!$A$2:$S$607,7,FALSE)","v":2012},{"$f":"VLOOKUP($A65,DATA2!$A$2:$S$607,8,FALSE)","v":true},{"$f":"VLOOKUP($A65,DATA2!$A$2:$S$607,9,FALSE)","v":0},158562.03,{"$f":"VLOOKUP($A65,DATA2!$A$2:$S$607,10,FALSE)","v":158562.03},{"$f":"VLOOKUP($A65,DATA2!$A$2:$S$607,11,FALSE)","v":1902744.36},{"$f":"VLOOKUP($A65,DATA2!$A$2:$S$607,12,FALSE)","v":"2016-04-01"},{"$f":"VLOOKUP($A65,DATA2!$A$2:$S$607,13,FALSE)","v":"2017-03-31"},{"$f":"VLOOKUP($A65,DATA2!$A$2:$S$607,14,FALSE)","v":"Yes"},{"$f":"IF(MATRIX2!D65=1,($Y$8-$X$2)/365*Table_Provincial_GTAC3536[[#This Row],[Adj.AnnualRental]]*MATRIX2!D65,($Y$8-$X$2)/365*Table_Provincial_GTAC3536[[#This Row],[Adj.AnnualRental]])","v":625559.78958904115},{"$f":"(Table_Provincial_GTAC3536[[#This Row],[Adj.AnnualRental]]*(1+$I65)^(2))","v":1902744.36},{"$f":"(Table_Provincial_GTAC3536[[#This Row],[Adj.AnnualRental]]*(1+$I65)^(3))","v":1902744.36},{"$f":"(Table_Provincial_GTAC3536[[#This Row],[Adj.AnnualRental]]*(1+$I65)^(4))","v":1902744.36},{"$f":"(Table_Provincial_GTAC3536[[#This Row],[Adj.AnnualRental]]*(1+$I65)^(5))","v":1902744.36},{"$f":"(Table_Provincial_GTAC3536[[#This Row],[Adj.AnnualRental]]*(1+$I65)^(6))","v":1902744.36},{"$f":"(Table_Provincial_GTAC3536[[#This Row],[Adj.AnnualRental]]*(1+$I65)^(7))","v":1902744.36}]
[73,{"$f":"VLOOKUP($A66,DATA2!$A$2:$S$607,2,FALSE)","v":"KZN"},{"$f":"VLOOKUP($A66,DATA2!$A$2:$S$607,3,FALSE)","v":"KwaZulu-Natal"},{"$f":"VLOOKUP($A66,DATA2!$A$2:$S$607,4,FALSE)","v":91.32437148217636},{"$f":"VLOOKUP($A66,DATA2!$A$2:$S$607,5,FALSE)","v":77.5},{"$f":"VLOOKUP($A66,DATA2!$A$2:$S$607,6,FALSE)","v":"VTSD"},{"$f":"VLOOKUP($A66,DATA2!$A$2:$S$607,7,FALSE)","v":533},{"$f":"VLOOKUP($A66,DATA2!$A$2:$S$607,8,FALSE)","v":true},{"$f":"VLOOKUP($A66,DATA2!$A$2:$S$607,9,FALSE)","v":0.08},52175.89,{"$f":"VLOOKUP($A66,DATA2!$A$2:$S$607,10,FALSE)","v":48675.89},{"$f":"VLOOKUP($A66,DATA2!$A$2:$S$607,11,FALSE)","v":584110.68000000005},{"$f":"VLOOKUP($A66,DATA2!$A$2:$S$607,12,FALSE)","v":"2016-07-01"},{"$f":"VLOOKUP($A66,DATA2!$A$2:$S$607,13,FALSE)","v":"2019-06-30"},{"$f":"VLOOKUP($A66,DATA2!$A$2:$S$607,14,FALSE)","v":"No"},{"$f":"IF(MATRIX2!D66=1,($Y$8-$X$2)/365*Table_Provincial_GTAC3536[[#This Row],[Adj.AnnualRental]]*MATRIX2!D66,($Y$8-$X$2)/365*Table_Provincial_GTAC3536[[#This Row],[Adj.AnnualRental]])","v":192036.3879452055},{"$f":"(Table_Provincial_GTAC3536[[#This Row],[Adj.AnnualRental]]*(1+$I66)^(2))","v":681306.69715200015},{"$f":"(Table_Provincial_GTAC3536[[#This Row],[Adj.AnnualRental]]*(1+$I66)^(3))","v":735811.2329241602},{"$f":"(Table_Provincial_GTAC3536[[#This Row],[Adj.AnnualRental]]*(1+$I66)^(4))","v":794676.13155809301},{"$f":"(Table_Provincial_GTAC3536[[#This Row],[Adj.AnnualRental]]*(1+$I66)^(5))","v":858250.22208274051},{"$f":"(Table_Provincial_GTAC3536[[#This Row],[Adj.AnnualRental]]*(1+$I66)^(6))","v":926910.23984935984},{"$f":"(Table_Provincial_GTAC3536[[#This Row],[Adj.AnnualRental]]*(1+$I66)^(7))","v":1001063.0590373087}]
[74,{"$f":"VLOOKUP($A67,DATA2!$A$2:$S$607,2,FALSE)","v":"KZN"},{"$f":"VLOOKUP($A67,DATA2!$A$2:$S$607,3,FALSE)","v":"KwaZulu-Natal"},{"$f":"VLOOKUP($A67,DATA2!$A$2:$S$607,4,FALSE)","v":137.04263206672846},{"$f":"VLOOKUP($A67,DATA2!$A$2:$S$607,5,FALSE)","v":77.5},{"$f":"VLOOKUP($A67,DATA2!$A$2:$S$607,6,FALSE)","v":"VTSD"},{"$f":"VLOOKUP($A67,DATA2!$A$2:$S$607,7,FALSE)","v":863.2},{"$f":"VLOOKUP($A67,DATA2!$A$2:$S$607,8,FALSE)","v":true},{"$f":"VLOOKUP($A67,DATA2!$A$2:$S$607,9,FALSE)","v":7.0000000000000007E-2},129545.2,{"$f":"VLOOKUP($A67,DATA2!$A$2:$S$607,10,FALSE)","v":118295.2},{"$f":"VLOOKUP($A67,DATA2!$A$2:$S$607,11,FALSE)","v":1419542.4},{"$f":"VLOOKUP($A67,DATA2!$A$2:$S$607,12,FALSE)","v":"2016-03-01"},{"$f":"VLOOKUP($A67,DATA2!$A$2:$S$607,13,FALSE)","v":"2021-02-28"},{"$f":"VLOOKUP($A67,DATA2!$A$2:$S$607,14,FALSE)","v":"No"},{"$f":"IF(MATRIX2!D67=1,($Y$8-$X$2)/365*Table_Provincial_GTAC3536[[#This Row],[Adj.AnnualRental]]*MATRIX2!D67,($Y$8-$X$2)/365*Table_Provincial_GTAC3536[[#This Row],[Adj.AnnualRental]])","v":466698.87123287667},{"$f":"(Table_Provincial_GTAC3536[[#This Row],[Adj.AnnualRental]]*(1+$I67)^(2))","v":1625234.0937599998},{"$f":"(Table_Provincial_GTAC3536[[#This Row],[Adj.AnnualRental]]*(1+$I67)^(3))","v":1739000.4803232001},{"$f":"(Table_Provincial_GTAC3536[[#This Row],[Adj.AnnualRental]]*(1+$I67)^(4))","v":1860730.513945824},{"$f":"(Table_Provincial_GTAC3536[[#This Row],[Adj.AnnualRental]]*(1+$I67)^(5))","v":1990981.6499220317},{"$f":"(Table_Provincial_GTAC3536[[#This Row],[Adj.AnnualRental]]*(1+$I67)^(6))","v":2130350.3654165738},{"$f":"(Table_Provincial_GTAC3536[[#This Row],[Adj.AnnualRental]]*(1+$I67)^(7))","v":2279474.8909957344}]
[75,{"$f":"VLOOKUP($A68,DATA2!$A$2:$S$607,2,FALSE)","v":"KZN"},{"$f":"VLOOKUP($A68,DATA2!$A$2:$S$607,3,FALSE)","v":"KwaZulu-Natal"},{"$f":"VLOOKUP($A68,DATA2!$A$2:$S$607,4,FALSE)","v":131.75264367816092},{"$f":"VLOOKUP($A68,DATA2!$A$2:$S$607,5,FALSE)","v":100},{"$f":"VLOOKUP($A68,DATA2!$A$2:$S$607,6,FALSE)","v":"VTSD"},{"$f":"VLOOKUP($A68,DATA2!$A$2:$S$607,7,FALSE)","v":348},{"$f":"VLOOKUP($A68,DATA2!$A$2:$S$607,8,FALSE)","v":true},{"$f":"VLOOKUP($A68,DATA2!$A$2:$S$607,9,FALSE)","v":0.08},47849.919999999998,{"$f":"VLOOKUP($A68,DATA2!$A$2:$S$607,10,FALSE)","v":45849.919999999998},{"$f":"VLOOKUP($A68,DATA2!$A$2:$S$607,11,FALSE)","v":550199.04000000004},{"$f":"VLOOKUP($A68,DATA2!$A$2:$S$607,12,FALSE)","v":"2014-04-01"},{"$f":"VLOOKUP($A68,DATA2!$A$2:$S$607,13,FALSE)","v":"2019-03-31"},{"$f":"VLOOKUP($A68,DATA2!$A$2:$S$607,14,FALSE)","v":"No"},{"$f":"IF(MATRIX2!D68=1,($Y$8-$X$2)/365*Table_Provincial_GTAC3536[[#This Row],[Adj.AnnualRental]]*MATRIX2!D68,($Y$8-$X$2)/365*Table_Provincial_GTAC3536[[#This Row],[Adj.AnnualRental]])","v":180887.35561643835},{"$f":"(Table_Provincial_GTAC3536[[#This Row],[Adj.AnnualRental]]*(1+$I68)^(2))","v":641752.16025600012},{"$f":"(Table_Provincial_GTAC3536[[#This Row],[Adj.AnnualRental]]*(1+$I68)^(3))","v":693092.33307648019},{"$f":"(Table_Provincial_GTAC3536[[#This Row],[Adj.AnnualRental]]*(1+$I68)^(4))","v":748539.71972259867},{"$f":"(Table_Provincial_GTAC3536[[#This Row],[Adj.AnnualRental]]*(1+$I68)^(5))","v":808422.89730040648},{"$f":"(Table_Provincial_GTAC3536[[#This Row],[Adj.AnnualRental]]*(1+$I68)^(6))","v":873096.72908443911},{"$f":"(Table_Provincial_GTAC3536[[#This Row],[Adj.AnnualRental]]*(1+$I68)^(7))","v":942944.46741119435}]
[76,{"$f":"VLOOKUP($A69,DATA2!$A$2:$S$607,2,FALSE)","v":"KZN"},{"$f":"VLOOKUP($A69,DATA2!$A$2:$S$607,3,FALSE)","v":"KwaZulu-Natal"},{"$f":"VLOOKUP($A69,DATA2!$A$2:$S$607,4,FALSE)","v":149.39514920714197},{"$f":"VLOOKUP($A69,DATA2!$A$2:$S$607,5,FALSE)","v":77.5},{"$f":"VLOOKUP($A69,DATA2!$A$2:$S$607,6,FALSE)","v":"VTSD"},{"$f":"VLOOKUP($A69,DATA2!$A$2:$S$607,7,FALSE)","v":1601.8},{"$f":"VLOOKUP($A69,DATA2!$A$2:$S$607,8,FALSE)","v":true},{"$f":"VLOOKUP($A69,DATA2!$A$2:$S$607,9,FALSE)","v":0.08},254501.15,{"$f":"VLOOKUP($A69,DATA2!$A$2:$S$607,10,FALSE)","v":239301.15},{"$f":"VLOOKUP($A69,DATA2!$A$2:$S$607,11,FALSE)","v":2871613.8},{"$f":"VLOOKUP($A69,DATA2!$A$2:$S$607,12,FALSE)","v":"2015-06-01"},{"$f":"VLOOKUP($A69,DATA2!$A$2:$S$607,13,FALSE)","v":"2020-05-31"},{"$f":"VLOOKUP($A69,DATA2!$A$2:$S$607,14,FALSE)","v":"No"},{"$f":"IF(MATRIX2!D69=1,($Y$8-$X$2)/365*Table_Provincial_GTAC3536[[#This Row],[Adj.AnnualRental]]*MATRIX2!D69,($Y$8-$X$2)/365*Table_Provincial_GTAC3536[[#This Row],[Adj.AnnualRental]])","v":944092.20821917802},{"$f":"(Table_Provincial_GTAC3536[[#This Row],[Adj.AnnualRental]]*(1+$I69)^(2))","v":3349450.3363200002},{"$f":"(Table_Provincial_GTAC3536[[#This Row],[Adj.AnnualRental]]*(1+$I69)^(3))","v":3617406.3632256002},{"$f":"(Table_Provincial_GTAC3536[[#This Row],[Adj.AnnualRental]]*(1+$I69)^(4))","v":3906798.8722836487},{"$f":"(Table_Provincial_GTAC3536[[#This Row],[Adj.AnnualRental]]*(1+$I69)^(5))","v":4219342.7820663406},{"$f":"(Table_Provincial_GTAC3536[[#This Row],[Adj.AnnualRental]]*(1+$I69)^(6))","v":4556890.204631648},{"$f":"(Table_Provincial_GTAC3536[[#This Row],[Adj.AnnualRental]]*(1+$I69)^(7))","v":4921441.4210021803}]
[77,{"$f":"VLOOKUP($A70,DATA2!$A$2:$S$607,2,FALSE)","v":"KZN"},{"$f":"VLOOKUP($A70,DATA2!$A$2:$S$607,3,FALSE)","v":"KwaZulu-Natal"},{"$f":"VLOOKUP($A70,DATA2!$A$2:$S$607,4,FALSE)","v":136.74727272727273},{"$f":"VLOOKUP($A70,DATA2!$A$2:$S$607,5,FALSE)","v":77.5},{"$f":"VLOOKUP($A70,DATA2!$A$2:$S$607,6,FALSE)","v":"VTSD"},{"$f":"VLOOKUP($A70,DATA2!$A$2:$S$607,7,FALSE)","v":572},{"$f":"VLOOKUP($A70,DATA2!$A$2:$S$607,8,FALSE)","v":true},{"$f":"VLOOKUP($A70,DATA2!$A$2:$S$607,9,FALSE)","v":0.08},87319.44,{"$f":"VLOOKUP($A70,DATA2!$A$2:$S$607,10,FALSE)","v":78219.44},{"$f":"VLOOKUP($A70,DATA2!$A$2:$S$607,11,FALSE)","v":938633.28},{"$f":"VLOOKUP($A70,DATA2!$A$2:$S$607,12,FALSE)","v":"2017-08-01"},{"$f":"VLOOKUP($A70,DATA2!$A$2:$S$607,13,FALSE)","v":"2022-07-31"},{"$f":"VLOOKUP($A70,DATA2!$A$2:$S$607,14,FALSE)","v":"No"},{"$f":"IF(MATRIX2!D70=1,($Y$8-$X$2)/365*Table_Provincial_GTAC3536[[#This Row],[Adj.AnnualRental]]*MATRIX2!D70,($Y$8-$X$2)/365*Table_Provincial_GTAC3536[[#This Row],[Adj.AnnualRental]])","v":308591.7632876712},{"$f":"(Table_Provincial_GTAC3536[[#This Row],[Adj.AnnualRental]]*(1+$I70)^(2))","v":1094821.8577920001},{"$f":"(Table_Provincial_GTAC3536[[#This Row],[Adj.AnnualRental]]*(1+$I70)^(3))","v":1182407.6064153602},{"$f":"(Table_Provincial_GTAC3536[[#This Row],[Adj.AnnualRental]]*(1+$I70)^(4))","v":1277000.2149285891},{"$f":"(Table_Provincial_GTAC3536[[#This Row],[Adj.AnnualRental]]*(1+$I70)^(5))","v":1379160.2321228762},{"$f":"(Table_Provincial_GTAC3536[[#This Row],[Adj.AnnualRental]]*(1+$I70)^(6))","v":1489493.0506927066},{"$f":"(Table_Provincial_GTAC3536[[#This Row],[Adj.AnnualRental]]*(1+$I70)^(7))","v":1608652.4947481232}]
[78,{"$f":"VLOOKUP($A71,DATA2!$A$2:$S$607,2,FALSE)","v":"KZN"},{"$f":"VLOOKUP($A71,DATA2!$A$2:$S$607,3,FALSE)","v":"KwaZulu-Natal"},{"$f":"VLOOKUP($A71,DATA2!$A$2:$S$607,4,FALSE)","v":129.33175762784703},{"$f":"VLOOKUP($A71,DATA2!$A$2:$S$607,5,FALSE)","v":110},{"$f":"VLOOKUP($A71,DATA2!$A$2:$S$607,6,FALSE)","v":"CBD"},{"$f":"VLOOKUP($A71,DATA2!$A$2:$S$607,7,FALSE)","v":4654},{"$f":"VLOOKUP($A71,DATA2!$A$2:$S$607,8,FALSE)","v":true},{"$f":"VLOOKUP($A71,DATA2!$A$2:$S$607,9,FALSE)","v":0.08},644410,{"$f":"VLOOKUP($A71,DATA2!$A$2:$S$607,10,FALSE)","v":601910},{"$f":"VLOOKUP($A71,DATA2!$A$2:$S$607,11,FALSE)","v":7222920},{"$f":"VLOOKUP($A71,DATA2!$A$2:$S$607,12,FALSE)","v":"2014-11-01"},{"$f":"VLOOKUP($A71,DATA2!$A$2:$S$607,13,FALSE)","v":"2017-05-31"},{"$f":"VLOOKUP($A71,DATA2!$A$2:$S$607,14,FALSE)","v":"Yes"},{"$f":"IF(MATRIX2!D71=1,($Y$8-$X$2)/365*Table_Provincial_GTAC3536[[#This Row],[Adj.AnnualRental]]*MATRIX2!D71,($Y$8-$X$2)/365*Table_Provincial_GTAC3536[[#This Row],[Adj.AnnualRental]])","v":2374658.6301369863},{"$f":"(Table_Provincial_GTAC3536[[#This Row],[Adj.AnnualRental]]*(1+$I71)^(2))","v":8424813.8880000003},{"$f":"(Table_Provincial_GTAC3536[[#This Row],[Adj.AnnualRental]]*(1+$I71)^(3))","v":9098798.999040002},{"$f":"(Table_Provincial_GTAC3536[[#This Row],[Adj.AnnualRental]]*(1+$I71)^(4))","v":9826702.9189632013},{"$f":"(Table_Provincial_GTAC3536[[#This Row],[Adj.AnnualRental]]*(1+$I71)^(5))","v":10612839.152480258},{"$f":"(Table_Provincial_GTAC3536[[#This Row],[Adj.AnnualRental]]*(1+$I71)^(6))","v":11461866.284678681},{"$f":"(Table_Provincial_GTAC3536[[#This Row],[Adj.AnnualRental]]*(1+$I71)^(7))","v":12378815.587452976}]
[79,{"$f":"VLOOKUP($A72,DATA2!$A$2:$S$607,2,FALSE)","v":"KZN"},{"$f":"VLOOKUP($A72,DATA2!$A$2:$S$607,3,FALSE)","v":"KwaZulu-Natal"},{"$f":"VLOOKUP($A72,DATA2!$A$2:$S$607,4,FALSE)","v":128.94942602040817},{"$f":"VLOOKUP($A72,DATA2!$A$2:$S$607,5,FALSE)","v":110},{"$f":"VLOOKUP($A72,DATA2!$A$2:$S$607,6,FALSE)","v":"CBD"},{"$f":"VLOOKUP($A72,DATA2!$A$2:$S$607,7,FALSE)","v":3136},{"$f":"VLOOKUP($A72,DATA2!$A$2:$S$607,8,FALSE)","v":true},{"$f":"VLOOKUP($A72,DATA2!$A$2:$S$607,9,FALSE)","v":0.08},429385.4,{"$f":"VLOOKUP($A72,DATA2!$A$2:$S$607,10,FALSE)","v":404385.4},{"$f":"VLOOKUP($A72,DATA2!$A$2:$S$607,11,FALSE)","v":4852624.8},{"$f":"VLOOKUP($A72,DATA2!$A$2:$S$607,12,FALSE)","v":"2014-06-01"},{"$f":"VLOOKUP($A72,DATA2!$A$2:$S$607,13,FALSE)","v":"2017-05-31"},{"$f":"VLOOKUP($A72,DATA2!$A$2:$S$607,14,FALSE)","v":"Yes"},{"$f":"IF(MATRIX2!D72=1,($Y$8-$X$2)/365*Table_Provincial_GTAC3536[[#This Row],[Adj.AnnualRental]]*MATRIX2!D72,($Y$8-$X$2)/365*Table_Provincial_GTAC3536[[#This Row],[Adj.AnnualRental]])","v":1595383.4958904108},{"$f":"(Table_Provincial_GTAC3536[[#This Row],[Adj.AnnualRental]]*(1+$I72)^(2))","v":5660101.5667200005},{"$f":"(Table_Provincial_GTAC3536[[#This Row],[Adj.AnnualRental]]*(1+$I72)^(3))","v":6112909.6920576002},{"$f":"(Table_Provincial_GTAC3536[[#This Row],[Adj.AnnualRental]]*(1+$I72)^(4))","v":6601942.4674222097},{"$f":"(Table_Provincial_GTAC3536[[#This Row],[Adj.AnnualRental]]*(1+$I72)^(5))","v":7130097.8648159858},{"$f":"(Table_Provincial_GTAC3536[[#This Row],[Adj.AnnualRental]]*(1+$I72)^(6))","v":7700505.6940012658},{"$f":"(Table_Provincial_GTAC3536[[#This Row],[Adj.AnnualRental]]*(1+$I72)^(7))","v":8316546.1495213676}]
[80,{"$f":"VLOOKUP($A73,DATA2!$A$2:$S$607,2,FALSE)","v":"KZN"},{"$f":"VLOOKUP($A73,DATA2!$A$2:$S$607,3,FALSE)","v":"KwaZulu-Natal"},{"$f":"VLOOKUP($A73,DATA2!$A$2:$S$607,4,FALSE)","v":52.707826086956523},{"$f":"VLOOKUP($A73,DATA2!$A$2:$S$607,5,FALSE)","v":77.5},{"$f":"VLOOKUP($A73,DATA2!$A$2:$S$607,6,FALSE)","v":"VTSD"},{"$f":"VLOOKUP($A73,DATA2!$A$2:$S$607,7,FALSE)","v":23},{"$f":"VLOOKUP($A73,DATA2!$A$2:$S$607,8,FALSE)","v":true},{"$f":"VLOOKUP($A73,DATA2!$A$2:$S$607,9,FALSE)","v":0.1},1212.28,{"$f":"VLOOKUP($A73,DATA2!$A$2:$S$607,10,FALSE)","v":1212.28},{"$f":"VLOOKUP($A73,DATA2!$A$2:$S$607,11,FALSE)","v":14547.36},{"$f":"VLOOKUP($A73,DATA2!$A$2:$S$607,12,FALSE)","v":"2011-01-01"},{"$f":"VLOOKUP($A73,DATA2!$A$2:$S$607,13,FALSE)","v":"2016-12-31"},{"$f":"VLOOKUP($A73,DATA2!$A$2:$S$607,14,FALSE)","v":"Yes"},{"$f":"IF(MATRIX2!D73=1,($Y$8-$X$2)/365*Table_Provincial_GTAC3536[[#This Row],[Adj.AnnualRental]]*MATRIX2!D73,($Y$8-$X$2)/365*Table_Provincial_GTAC3536[[#This Row],[Adj.AnnualRental]])","v":4782.6936986301371},{"$f":"(Table_Provincial_GTAC3536[[#This Row],[Adj.AnnualRental]]*(1+$I73)^(2))","v":17602.305600000003},{"$f":"(Table_Provincial_GTAC3536[[#This Row],[Adj.AnnualRental]]*(1+$I73)^(3))","v":19362.536160000007},{"$f":"(Table_Provincial_GTAC3536[[#This Row],[Adj.AnnualRental]]*(1+$I73)^(4))","v":21298.789776000005},{"$f":"(Table_Provincial_GTAC3536[[#This Row],[Adj.AnnualRental]]*(1+$I73)^(5))","v":23428.66875360001},{"$f":"(Table_Provincial_GTAC3536[[#This Row],[Adj.AnnualRental]]*(1+$I73)^(6))","v":25771.535628960013},{"$f":"(Table_Provincial_GTAC3536[[#This Row],[Adj.AnnualRental]]*(1+$I73)^(7))","v":28348.689191856018}]
[81,{"$f":"VLOOKUP($A74,DATA2!$A$2:$S$607,2,FALSE)","v":"KZN"},{"$f":"VLOOKUP($A74,DATA2!$A$2:$S$607,3,FALSE)","v":"KwaZulu-Natal"},{"$f":"VLOOKUP($A74,DATA2!$A$2:$S$607,4,FALSE)","v":103.03925754060324},{"$f":"VLOOKUP($A74,DATA2!$A$2:$S$607,5,FALSE)","v":110},{"$f":"VLOOKUP($A74,DATA2!$A$2:$S$607,6,FALSE)","v":"CBD"},{"$f":"VLOOKUP($A74,DATA2!$A$2:$S$607,7,FALSE)","v":4310},{"$f":"VLOOKUP($A74,DATA2!$A$2:$S$607,8,FALSE)","v":true},{"$f":"VLOOKUP($A74,DATA2!$A$2:$S$607,9,FALSE)","v":0.08},468949.2,{"$f":"VLOOKUP($A74,DATA2!$A$2:$S$607,10,FALSE)","v":444099.2},{"$f":"VLOOKUP($A74,DATA2!$A$2:$S$607,11,FALSE)","v":5329190.4000000004},{"$f":"VLOOKUP($A74,DATA2!$A$2:$S$607,12,FALSE)","v":"2013-11-01"},{"$f":"VLOOKUP($A74,DATA2!$A$2:$S$607,13,FALSE)","v":"2018-10-31"},{"$f":"VLOOKUP($A74,DATA2!$A$2:$S$607,14,FALSE)","v":"No"},{"$f":"IF(MATRIX2!D74=1,($Y$8-$X$2)/365*Table_Provincial_GTAC3536[[#This Row],[Adj.AnnualRental]]*MATRIX2!D74,($Y$8-$X$2)/365*Table_Provincial_GTAC3536[[#This Row],[Adj.AnnualRental]])","v":1752062.597260274},{"$f":"(Table_Provincial_GTAC3536[[#This Row],[Adj.AnnualRental]]*(1+$I74)^(2))","v":6215967.6825600006},{"$f":"(Table_Provincial_GTAC3536[[#This Row],[Adj.AnnualRental]]*(1+$I74)^(3))","v":6713245.0971648013},{"$f":"(Table_Provincial_GTAC3536[[#This Row],[Adj.AnnualRental]]*(1+$I74)^(4))","v":7250304.7049379861},{"$f":"(Table_Provincial_GTAC3536[[#This Row],[Adj.AnnualRental]]*(1+$I74)^(5))","v":7830329.0813330254},{"$f":"(Table_Provincial_GTAC3536[[#This Row],[Adj.AnnualRental]]*(1+$I74)^(6))","v":8456755.4078396689},{"$f":"(Table_Provincial_GTAC3536[[#This Row],[Adj.AnnualRental]]*(1+$I74)^(7))","v":9133295.8404668421}]
[83,{"$f":"VLOOKUP($A75,DATA2!$A$2:$S$607,2,FALSE)","v":"KZN"},{"$f":"VLOOKUP($A75,DATA2!$A$2:$S$607,3,FALSE)","v":"KwaZulu-Natal"},{"$f":"VLOOKUP($A75,DATA2!$A$2:$S$607,4,FALSE)","v":126.63407854984894},{"$f":"VLOOKUP($A75,DATA2!$A$2:$S$607,5,FALSE)","v":110},{"$f":"VLOOKUP($A75,DATA2!$A$2:$S$607,6,FALSE)","v":"MAIN CENTRE"},{"$f":"VLOOKUP($A75,DATA2!$A$2:$S$607,7,FALSE)","v":662},{"$f":"VLOOKUP($A75,DATA2!$A$2:$S$607,8,FALSE)","v":true},{"$f":"VLOOKUP($A75,DATA2!$A$2:$S$607,9,FALSE)","v":0},83831.759999999995,{"$f":"VLOOKUP($A75,DATA2!$A$2:$S$607,10,FALSE)","v":83831.759999999995},{"$f":"VLOOKUP($A75,DATA2!$A$2:$S$607,11,FALSE)","v":1005981.12},{"$f":"VLOOKUP($A75,DATA2!$A$2:$S$607,12,FALSE)","v":"2017-03-01"},{"$f":"VLOOKUP($A75,DATA2!$A$2:$S$607,13,FALSE)","v":"2017-04-30"},{"$f":"VLOOKUP($A75,DATA2!$A$2:$S$607,14,FALSE)","v":"Yes"},{"$f":"IF(MATRIX2!D75=1,($Y$8-$X$2)/365*Table_Provincial_GTAC3536[[#This Row],[Adj.AnnualRental]]*MATRIX2!D75,($Y$8-$X$2)/365*Table_Provincial_GTAC3536[[#This Row],[Adj.AnnualRental]])","v":330733.51890410954},{"$f":"(Table_Provincial_GTAC3536[[#This Row],[Adj.AnnualRental]]*(1+$I75)^(2))","v":1005981.12},{"$f":"(Table_Provincial_GTAC3536[[#This Row],[Adj.AnnualRental]]*(1+$I75)^(3))","v":1005981.12},{"$f":"(Table_Provincial_GTAC3536[[#This Row],[Adj.AnnualRental]]*(1+$I75)^(4))","v":1005981.12},{"$f":"(Table_Provincial_GTAC3536[[#This Row],[Adj.AnnualRental]]*(1+$I75)^(5))","v":1005981.12},{"$f":"(Table_Provincial_GTAC3536[[#This Row],[Adj.AnnualRental]]*(1+$I75)^(6))","v":1005981.12},{"$f":"(Table_Provincial_GTAC3536[[#This Row],[Adj.AnnualRental]]*(1+$I75)^(7))","v":1005981.12}]
[84,{"$f":"VLOOKUP($A76,DATA2!$A$2:$S$607,2,FALSE)","v":"KZN"},{"$f":"VLOOKUP($A76,DATA2!$A$2:$S$607,3,FALSE)","v":"KwaZulu-Natal"},{"$f":"VLOOKUP($A76,DATA2!$A$2:$S$607,4,FALSE)","v":165.85784835290602},{"$f":"VLOOKUP($A76,DATA2!$A$2:$S$607,5,FALSE)","v":110},{"$f":"VLOOKUP($A76,DATA2!$A$2:$S$607,6,FALSE)","v":"MAIN CENTRE"},{"$f":"VLOOKUP($A76,DATA2!$A$2:$S$607,7,FALSE)","v":906.96100000000001},{"$f":"VLOOKUP($A76,DATA2!$A$2:$S$607,8,FALSE)","v":true},{"$f":"VLOOKUP($A76,DATA2!$A$2:$S$607,9,FALSE)","v":0},150426.6,{"$f":"VLOOKUP($A76,DATA2!$A$2:$S$607,10,FALSE)","v":150426.6},{"$f":"VLOOKUP($A76,DATA2!$A$2:$S$607,11,FALSE)","v":1805119.2},{"$f":"VLOOKUP($A76,DATA2!$A$2:$S$607,12,FALSE)","v":"2017-04-01"},{"$f":"VLOOKUP($A76,DATA2!$A$2:$S$607,13,FALSE)","v":"2017-09-30"},{"$f":"VLOOKUP($A76,DATA2!$A$2:$S$607,14,FALSE)","v":"No"},{"$f":"IF(MATRIX2!D76=1,($Y$8-$X$2)/365*Table_Provincial_GTAC3536[[#This Row],[Adj.AnnualRental]]*MATRIX2!D76,($Y$8-$X$2)/365*Table_Provincial_GTAC3536[[#This Row],[Adj.AnnualRental]])","v":593463.84657534247},{"$f":"(Table_Provincial_GTAC3536[[#This Row],[Adj.AnnualRental]]*(1+$I76)^(2))","v":1805119.2},{"$f":"(Table_Provincial_GTAC3536[[#This Row],[Adj.AnnualRental]]*(1+$I76)^(3))","v":1805119.2},{"$f":"(Table_Provincial_GTAC3536[[#This Row],[Adj.AnnualRental]]*(1+$I76)^(4))","v":1805119.2},{"$f":"(Table_Provincial_GTAC3536[[#This Row],[Adj.AnnualRental]]*(1+$I76)^(5))","v":1805119.2},{"$f":"(Table_Provincial_GTAC3536[[#This Row],[Adj.AnnualRental]]*(1+$I76)^(6))","v":1805119.2},{"$f":"(Table_Provincial_GTAC3536[[#This Row],[Adj.AnnualRental]]*(1+$I76)^(7))","v":1805119.2}]
[85,{"$f":"VLOOKUP($A77,DATA2!$A$2:$S$607,2,FALSE)","v":"KZN"},{"$f":"VLOOKUP($A77,DATA2!$A$2:$S$607,3,FALSE)","v":"KwaZulu-Natal"},{"$f":"VLOOKUP($A77,DATA2!$A$2:$S$607,4,FALSE)","v":183.32432575757576},{"$f":"VLOOKUP($A77,DATA2!$A$2:$S$607,5,FALSE)","v":110},{"$f":"VLOOKUP($A77,DATA2!$A$2:$S$607,6,FALSE)","v":"MAIN CENTRE"},{"$f":"VLOOKUP($A77,DATA2!$A$2:$S$607,7,FALSE)","v":1320},{"$f":"VLOOKUP($A77,DATA2!$A$2:$S$607,8,FALSE)","v":true},{"$f":"VLOOKUP($A77,DATA2!$A$2:$S$607,9,FALSE)","v":0},241988.11,{"$f":"VLOOKUP($A77,DATA2!$A$2:$S$607,10,FALSE)","v":241988.11},{"$f":"VLOOKUP($A77,DATA2!$A$2:$S$607,11,FALSE)","v":2903857.32},{"$f":"VLOOKUP($A77,DATA2!$A$2:$S$607,12,FALSE)","v":"2017-04-01"},{"$f":"VLOOKUP($A77,DATA2!$A$2:$S$607,13,FALSE)","v":"2017-09-30"},{"$f":"VLOOKUP($A77,DATA2!$A$2:$S$607,14,FALSE)","v":"No"},{"$f":"IF(MATRIX2!D77=1,($Y$8-$X$2)/365*Table_Provincial_GTAC3536[[#This Row],[Adj.AnnualRental]]*MATRIX2!D77,($Y$8-$X$2)/365*Table_Provincial_GTAC3536[[#This Row],[Adj.AnnualRental]])","v":954692.81753424648},{"$f":"(Table_Provincial_GTAC3536[[#This Row],[Adj.AnnualRental]]*(1+$I77)^(2))","v":2903857.32},{"$f":"(Table_Provincial_GTAC3536[[#This Row],[Adj.AnnualRental]]*(1+$I77)^(3))","v":2903857.32},{"$f":"(Table_Provincial_GTAC3536[[#This Row],[Adj.AnnualRental]]*(1+$I77)^(4))","v":2903857.32},{"$f":"(Table_Provincial_GTAC3536[[#This Row],[Adj.AnnualRental]]*(1+$I77)^(5))","v":2903857.32},{"$f":"(Table_Provincial_GTAC3536[[#This Row],[Adj.AnnualRental]]*(1+$I77)^(6))","v":2903857.32},{"$f":"(Table_Provincial_GTAC3536[[#This Row],[Adj.AnnualRental]]*(1+$I77)^(7))","v":2903857.32}]
[86,{"$f":"VLOOKUP($A78,DATA2!$A$2:$S$607,2,FALSE)","v":"KZN"},{"$f":"VLOOKUP($A78,DATA2!$A$2:$S$607,3,FALSE)","v":"KwaZulu-Natal"},{"$f":"VLOOKUP($A78,DATA2!$A$2:$S$607,4,FALSE)","v":242.10867309458217},{"$f":"VLOOKUP($A78,DATA2!$A$2:$S$607,5,FALSE)","v":110},{"$f":"VLOOKUP($A78,DATA2!$A$2:$S$607,6,FALSE)","v":"MAIN CENTRE"},{"$f":"VLOOKUP($A78,DATA2!$A$2:$S$607,7,FALSE)","v":4356},{"$f":"VLOOKUP($A78,DATA2!$A$2:$S$607,8,FALSE)","v":true},{"$f":"VLOOKUP($A78,DATA2!$A$2:$S$607,9,FALSE)","v":0.08},1251625.3799999999,{"$f":"VLOOKUP($A78,DATA2!$A$2:$S$607,10,FALSE)","v":1054625.3799999999},{"$f":"VLOOKUP($A78,DATA2!$A$2:$S$607,11,FALSE)","v":12655504.560000001},{"$f":"VLOOKUP($A78,DATA2!$A$2:$S$607,12,FALSE)","v":"2017-04-01"},{"$f":"VLOOKUP($A78,DATA2!$A$2:$S$607,13,FALSE)","v":"2027-03-31"},{"$f":"VLOOKUP($A78,DATA2!$A$2:$S$607,14,FALSE)","v":"No"},{"$f":"IF(MATRIX2!D78=1,($Y$8-$X$2)/365*Table_Provincial_GTAC3536[[#This Row],[Adj.AnnualRental]]*MATRIX2!D78,($Y$8-$X$2)/365*Table_Provincial_GTAC3536[[#This Row],[Adj.AnnualRental]])","v":4160713.8279452054},{"$f":"(Table_Provincial_GTAC3536[[#This Row],[Adj.AnnualRental]]*(1+$I78)^(2))","v":14761380.518784001},{"$f":"(Table_Provincial_GTAC3536[[#This Row],[Adj.AnnualRental]]*(1+$I78)^(3))","v":15942290.960286723},{"$f":"(Table_Provincial_GTAC3536[[#This Row],[Adj.AnnualRental]]*(1+$I78)^(4))","v":17217674.237109661},{"$f":"(Table_Provincial_GTAC3536[[#This Row],[Adj.AnnualRental]]*(1+$I78)^(5))","v":18595088.176078435},{"$f":"(Table_Provincial_GTAC3536[[#This Row],[Adj.AnnualRental]]*(1+$I78)^(6))","v":20082695.230164714},{"$f":"(Table_Provincial_GTAC3536[[#This Row],[Adj.AnnualRental]]*(1+$I78)^(7))","v":21689310.848577891}]
[87,{"$f":"VLOOKUP($A79,DATA2!$A$2:$S$607,2,FALSE)","v":"KZN"},{"$f":"VLOOKUP($A79,DATA2!$A$2:$S$607,3,FALSE)","v":"KwaZulu-Natal"},{"$f":"VLOOKUP($A79,DATA2!$A$2:$S$607,4,FALSE)","v":123.85411384217335},{"$f":"VLOOKUP($A79,DATA2!$A$2:$S$607,5,FALSE)","v":77.5},{"$f":"VLOOKUP($A79,DATA2!$A$2:$S$607,6,FALSE)","v":"VTSD"},{"$f":"VLOOKUP($A79,DATA2!$A$2:$S$607,7,FALSE)","v":3865},{"$f":"VLOOKUP($A79,DATA2!$A$2:$S$607,8,FALSE)","v":true},{"$f":"VLOOKUP($A79,DATA2!$A$2:$S$607,9,FALSE)","v":0.1},498502.89,{"$f":"VLOOKUP($A79,DATA2!$A$2:$S$607,10,FALSE)","v":478696.15},{"$f":"VLOOKUP($A79,DATA2!$A$2:$S$607,11,FALSE)","v":5744353.7999999998},{"$f":"VLOOKUP($A79,DATA2!$A$2:$S$607,12,FALSE)","v":"2017-02-01"},{"$f":"VLOOKUP($A79,DATA2!$A$2:$S$607,13,FALSE)","v":"2019-01-31"},{"$f":"VLOOKUP($A79,DATA2!$A$2:$S$607,14,FALSE)","v":"No"},{"$f":"IF(MATRIX2!D79=1,($Y$8-$X$2)/365*Table_Provincial_GTAC3536[[#This Row],[Adj.AnnualRental]]*MATRIX2!D79,($Y$8-$X$2)/365*Table_Provincial_GTAC3536[[#This Row],[Adj.AnnualRental]])","v":1888554.6739726025},{"$f":"(Table_Provincial_GTAC3536[[#This Row],[Adj.AnnualRental]]*(1+$I79)^(2))","v":6950668.0980000012},{"$f":"(Table_Provincial_GTAC3536[[#This Row],[Adj.AnnualRental]]*(1+$I79)^(3))","v":7645734.907800002},{"$f":"(Table_Provincial_GTAC3536[[#This Row],[Adj.AnnualRental]]*(1+$I79)^(4))","v":8410308.3985800017},{"$f":"(Table_Provincial_GTAC3536[[#This Row],[Adj.AnnualRental]]*(1+$I79)^(5))","v":9251339.2384380028},{"$f":"(Table_Provincial_GTAC3536[[#This Row],[Adj.AnnualRental]]*(1+$I79)^(6))","v":10176473.162281804},{"$f":"(Table_Provincial_GTAC3536[[#This Row],[Adj.AnnualRental]]*(1+$I79)^(7))","v":11194120.478509987}]
[88,{"$f":"VLOOKUP($A80,DATA2!$A$2:$S$607,2,FALSE)","v":"KZN"},{"$f":"VLOOKUP($A80,DATA2!$A$2:$S$607,3,FALSE)","v":"KwaZulu-Natal"},{"$f":"VLOOKUP($A80,DATA2!$A$2:$S$607,4,FALSE)","v":39.155579439252335},{"$f":"VLOOKUP($A80,DATA2!$A$2:$S$607,5,FALSE)","v":110},{"$f":"VLOOKUP($A80,DATA2!$A$2:$S$607,6,FALSE)","v":"CBD"},{"$f":"VLOOKUP($A80,DATA2!$A$2:$S$607,7,FALSE)","v":3210},{"$f":"VLOOKUP($A80,DATA2!$A$2:$S$607,8,FALSE)","v":true},{"$f":"VLOOKUP($A80,DATA2!$A$2:$S$607,9,FALSE)","v":7.0000000000000007E-2},125689.41,{"$f":"VLOOKUP($A80,DATA2!$A$2:$S$607,10,FALSE)","v":125689.41},{"$f":"VLOOKUP($A80,DATA2!$A$2:$S$607,11,FALSE)","v":1508272.92},{"$f":"VLOOKUP($A80,DATA2!$A$2:$S$607,12,FALSE)","v":"2014-08-01"},{"$f":"VLOOKUP($A80,DATA2!$A$2:$S$607,13,FALSE)","v":"2019-07-31"},{"$f":"VLOOKUP($A80,DATA2!$A$2:$S$607,14,FALSE)","v":"No"},{"$f":"IF(MATRIX2!D80=1,($Y$8-$X$2)/365*Table_Provincial_GTAC3536[[#This Row],[Adj.AnnualRental]]*MATRIX2!D80,($Y$8-$X$2)/365*Table_Provincial_GTAC3536[[#This Row],[Adj.AnnualRental]])","v":495870.54904109583},{"$f":"(Table_Provincial_GTAC3536[[#This Row],[Adj.AnnualRental]]*(1+$I80)^(2))","v":1726821.6661079999},{"$f":"(Table_Provincial_GTAC3536[[#This Row],[Adj.AnnualRental]]*(1+$I80)^(3))","v":1847699.18273556},{"$f":"(Table_Provincial_GTAC3536[[#This Row],[Adj.AnnualRental]]*(1+$I80)^(4))","v":1977038.1255270492},{"$f":"(Table_Provincial_GTAC3536[[#This Row],[Adj.AnnualRental]]*(1+$I80)^(5))","v":2115430.794313943},{"$f":"(Table_Provincial_GTAC3536[[#This Row],[Adj.AnnualRental]]*(1+$I80)^(6))","v":2263510.9499159185},{"$f":"(Table_Provincial_GTAC3536[[#This Row],[Adj.AnnualRental]]*(1+$I80)^(7))","v":2421956.7164100329}]
[89,{"$f":"VLOOKUP($A81,DATA2!$A$2:$S$607,2,FALSE)","v":"KZN"},{"$f":"VLOOKUP($A81,DATA2!$A$2:$S$607,3,FALSE)","v":"KwaZulu-Natal"},{"$f":"VLOOKUP($A81,DATA2!$A$2:$S$607,4,FALSE)","v":135.07710242587601},{"$f":"VLOOKUP($A81,DATA2!$A$2:$S$607,5,FALSE)","v":110},{"$f":"VLOOKUP($A81,DATA2!$A$2:$S$607,6,FALSE)","v":"CBD"},{"$f":"VLOOKUP($A81,DATA2!$A$2:$S$607,7,FALSE)","v":2226},{"$f":"VLOOKUP($A81,DATA2!$A$2:$S$607,8,FALSE)","v":true},{"$f":"VLOOKUP($A81,DATA2!$A$2:$S$607,9,FALSE)","v":7.0000000000000007E-2},314181.63,{"$f":"VLOOKUP($A81,DATA2!$A$2:$S$607,10,FALSE)","v":300681.63},{"$f":"VLOOKUP($A81,DATA2!$A$2:$S$607,11,FALSE)","v":3608179.56},{"$f":"VLOOKUP($A81,DATA2!$A$2:$S$607,12,FALSE)","v":"2014-01-01"},{"$f":"VLOOKUP($A81,DATA2!$A$2:$S$607,13,FALSE)","v":"2018-12-31"},{"$f":"VLOOKUP($A81,DATA2!$A$2:$S$607,14,FALSE)","v":"No"},{"$f":"IF(MATRIX2!D81=1,($Y$8-$X$2)/365*Table_Provincial_GTAC3536[[#This Row],[Adj.AnnualRental]]*MATRIX2!D81,($Y$8-$X$2)/365*Table_Provincial_GTAC3536[[#This Row],[Adj.AnnualRental]])","v":1186250.8142465753},{"$f":"(Table_Provincial_GTAC3536[[#This Row],[Adj.AnnualRental]]*(1+$I81)^(2))","v":4131004.7782440004},{"$f":"(Table_Provincial_GTAC3536[[#This Row],[Adj.AnnualRental]]*(1+$I81)^(3))","v":4420175.1127210809},{"$f":"(Table_Provincial_GTAC3536[[#This Row],[Adj.AnnualRental]]*(1+$I81)^(4))","v":4729587.3706115559},{"$f":"(Table_Provincial_GTAC3536[[#This Row],[Adj.AnnualRental]]*(1+$I81)^(5))","v":5060658.4865543656},{"$f":"(Table_Provincial_GTAC3536[[#This Row],[Adj.AnnualRental]]*(1+$I81)^(6))","v":5414904.5806131708},{"$f":"(Table_Provincial_GTAC3536[[#This Row],[Adj.AnnualRental]]*(1+$I81)^(7))","v":5793947.9012560928}]
[90,{"$f":"VLOOKUP($A82,DATA2!$A$2:$S$607,2,FALSE)","v":"KZN"},{"$f":"VLOOKUP($A82,DATA2!$A$2:$S$607,3,FALSE)","v":"KwaZulu-Natal"},{"$f":"VLOOKUP($A82,DATA2!$A$2:$S$607,4,FALSE)","v":124.10728794422005},{"$f":"VLOOKUP($A82,DATA2!$A$2:$S$607,5,FALSE)","v":110},{"$f":"VLOOKUP($A82,DATA2!$A$2:$S$607,6,FALSE)","v":"CBD"},{"$f":"VLOOKUP($A82,DATA2!$A$2:$S$607,7,FALSE)","v":859.09},{"$f":"VLOOKUP($A82,DATA2!$A$2:$S$607,8,FALSE)","v":true},{"$f":"VLOOKUP($A82,DATA2!$A$2:$S$607,9,FALSE)","v":7.0000000000000007E-2},118319.33,{"$f":"VLOOKUP($A82,DATA2!$A$2:$S$607,10,FALSE)","v":106619.33},{"$f":"VLOOKUP($A82,DATA2!$A$2:$S$607,11,FALSE)","v":1279431.96},{"$f":"VLOOKUP($A82,DATA2!$A$2:$S$607,12,FALSE)","v":"2014-07-01"},{"$f":"VLOOKUP($A82,DATA2!$A$2:$S$607,13,FALSE)","v":"2019-06-30"},{"$f":"VLOOKUP($A82,DATA2!$A$2:$S$607,14,FALSE)","v":"No"},{"$f":"IF(MATRIX2!D82=1,($Y$8-$X$2)/365*Table_Provincial_GTAC3536[[#This Row],[Adj.AnnualRental]]*MATRIX2!D82,($Y$8-$X$2)/365*Table_Provincial_GTAC3536[[#This Row],[Adj.AnnualRental]])","v":420635.16493150679},{"$f":"(Table_Provincial_GTAC3536[[#This Row],[Adj.AnnualRental]]*(1+$I82)^(2))","v":1464821.6510040001},{"$f":"(Table_Provincial_GTAC3536[[#This Row],[Adj.AnnualRental]]*(1+$I82)^(3))","v":1567359.16657428},{"$f":"(Table_Provincial_GTAC3536[[#This Row],[Adj.AnnualRental]]*(1+$I82)^(4))","v":1677074.3082344795},{"$f":"(Table_Provincial_GTAC3536[[#This Row],[Adj.AnnualRental]]*(1+$I82)^(5))","v":1794469.5098108933},{"$f":"(Table_Provincial_GTAC3536[[#This Row],[Adj.AnnualRental]]*(1+$I82)^(6))","v":1920082.3754976557},{"$f":"(Table_Provincial_GTAC3536[[#This Row],[Adj.AnnualRental]]*(1+$I82)^(7))","v":2054488.1417824917}]
[91,{"$f":"VLOOKUP($A83,DATA2!$A$2:$S$607,2,FALSE)","v":"KZN"},{"$f":"VLOOKUP($A83,DATA2!$A$2:$S$607,3,FALSE)","v":"KwaZulu-Natal"},{"$f":"VLOOKUP($A83,DATA2!$A$2:$S$607,4,FALSE)","v":123.26195},{"$f":"VLOOKUP($A83,DATA2!$A$2:$S$607,5,FALSE)","v":77.5},{"$f":"VLOOKUP($A83,DATA2!$A$2:$S$607,6,FALSE)","v":"VTSD"},{"$f":"VLOOKUP($A83,DATA2!$A$2:$S$607,7,FALSE)","v":400},{"$f":"VLOOKUP($A83,DATA2!$A$2:$S$607,8,FALSE)","v":true},{"$f":"VLOOKUP($A83,DATA2!$A$2:$S$607,9,FALSE)","v":0.08},54304.78,{"$f":"VLOOKUP($A83,DATA2!$A$2:$S$607,10,FALSE)","v":49304.78},{"$f":"VLOOKUP($A83,DATA2!$A$2:$S$607,11,FALSE)","v":591657.36},{"$f":"VLOOKUP($A83,DATA2!$A$2:$S$607,12,FALSE)","v":"2015-02-01"},{"$f":"VLOOKUP($A83,DATA2!$A$2:$S$607,13,FALSE)","v":"2020-01-31"},{"$f":"VLOOKUP($A83,DATA2!$A$2:$S$607,14,FALSE)","v":"No"},{"$f":"IF(MATRIX2!D83=1,($Y$8-$X$2)/365*Table_Provincial_GTAC3536[[#This Row],[Adj.AnnualRental]]*MATRIX2!D83,($Y$8-$X$2)/365*Table_Provincial_GTAC3536[[#This Row],[Adj.AnnualRental]])","v":194517.48821917808},{"$f":"(Table_Provincial_GTAC3536[[#This Row],[Adj.AnnualRental]]*(1+$I83)^(2))","v":690109.14470400009},{"$f":"(Table_Provincial_GTAC3536[[#This Row],[Adj.AnnualRental]]*(1+$I83)^(3))","v":745317.87628032011},{"$f":"(Table_Provincial_GTAC3536[[#This Row],[Adj.AnnualRental]]*(1+$I83)^(4))","v":804943.30638274574},{"$f":"(Table_Provincial_GTAC3536[[#This Row],[Adj.AnnualRental]]*(1+$I83)^(5))","v":869338.77089336538},{"$f":"(Table_Provincial_GTAC3536[[#This Row],[Adj.AnnualRental]]*(1+$I83)^(6))","v":938885.87256483478},{"$f":"(Table_Provincial_GTAC3536[[#This Row],[Adj.AnnualRental]]*(1+$I83)^(7))","v":1013996.7423700216}]
[92,{"$f":"VLOOKUP($A84,DATA2!$A$2:$S$607,2,FALSE)","v":"KZN"},{"$f":"VLOOKUP($A84,DATA2!$A$2:$S$607,3,FALSE)","v":"KwaZulu-Natal"},{"$f":"VLOOKUP($A84,DATA2!$A$2:$S$607,4,FALSE)","v":127.84014785992218},{"$f":"VLOOKUP($A84,DATA2!$A$2:$S$607,5,FALSE)","v":110},{"$f":"VLOOKUP($A84,DATA2!$A$2:$S$607,6,FALSE)","v":"CBD"},{"$f":"VLOOKUP($A84,DATA2!$A$2:$S$607,7,FALSE)","v":1285},{"$f":"VLOOKUP($A84,DATA2!$A$2:$S$607,8,FALSE)","v":true},{"$f":"VLOOKUP($A84,DATA2!$A$2:$S$607,9,FALSE)","v":7.0000000000000007E-2},180474.59,{"$f":"VLOOKUP($A84,DATA2!$A$2:$S$607,10,FALSE)","v":164274.59},{"$f":"VLOOKUP($A84,DATA2!$A$2:$S$607,11,FALSE)","v":1971295.08},{"$f":"VLOOKUP($A84,DATA2!$A$2:$S$607,12,FALSE)","v":"2014-08-01"},{"$f":"VLOOKUP($A84,DATA2!$A$2:$S$607,13,FALSE)","v":"2019-07-31"},{"$f":"VLOOKUP($A84,DATA2!$A$2:$S$607,14,FALSE)","v":"No"},{"$f":"IF(MATRIX2!D84=1,($Y$8-$X$2)/365*Table_Provincial_GTAC3536[[#This Row],[Adj.AnnualRental]]*MATRIX2!D84,($Y$8-$X$2)/365*Table_Provincial_GTAC3536[[#This Row],[Adj.AnnualRental]])","v":648097.01260273973},{"$f":"(Table_Provincial_GTAC3536[[#This Row],[Adj.AnnualRental]]*(1+$I84)^(2))","v":2256935.737092},{"$f":"(Table_Provincial_GTAC3536[[#This Row],[Adj.AnnualRental]]*(1+$I84)^(3))","v":2414921.2386884405},{"$f":"(Table_Provincial_GTAC3536[[#This Row],[Adj.AnnualRental]]*(1+$I84)^(4))","v":2583965.7253966308},{"$f":"(Table_Provincial_GTAC3536[[#This Row],[Adj.AnnualRental]]*(1+$I84)^(5))","v":2764843.3261743952},{"$f":"(Table_Provincial_GTAC3536[[#This Row],[Adj.AnnualRental]]*(1+$I84)^(6))","v":2958382.3590066028},{"$f":"(Table_Provincial_GTAC3536[[#This Row],[Adj.AnnualRental]]*(1+$I84)^(7))","v":3165469.1241370654}]
[93,{"$f":"VLOOKUP($A85,DATA2!$A$2:$S$607,2,FALSE)","v":"KZN"},{"$f":"VLOOKUP($A85,DATA2!$A$2:$S$607,3,FALSE)","v":"KwaZulu-Natal"},{"$f":"VLOOKUP($A85,DATA2!$A$2:$S$607,4,FALSE)","v":65},{"$f":"VLOOKUP($A85,DATA2!$A$2:$S$607,5,FALSE)","v":87.5},{"$f":"VLOOKUP($A85,DATA2!$A$2:$S$607,6,FALSE)","v":"VTSD"},{"$f":"VLOOKUP($A85,DATA2!$A$2:$S$607,7,FALSE)","v":132},{"$f":"VLOOKUP($A85,DATA2!$A$2:$S$607,8,FALSE)","v":true},{"$f":"VLOOKUP($A85,DATA2!$A$2:$S$607,9,FALSE)","v":0.08},9030,{"$f":"VLOOKUP($A85,DATA2!$A$2:$S$607,10,FALSE)","v":8580},{"$f":"VLOOKUP($A85,DATA2!$A$2:$S$607,11,FALSE)","v":102960},{"$f":"VLOOKUP($A85,DATA2!$A$2:$S$607,12,FALSE)","v":"2016-09-01"},{"$f":"VLOOKUP($A85,DATA2!$A$2:$S$607,13,FALSE)","v":"2021-08-31"},{"$f":"VLOOKUP($A85,DATA2!$A$2:$S$607,14,FALSE)","v":"No"},{"$f":"IF(MATRIX2!D85=1,($Y$8-$X$2)/365*Table_Provincial_GTAC3536[[#This Row],[Adj.AnnualRental]]*MATRIX2!D85,($Y$8-$X$2)/365*Table_Provincial_GTAC3536[[#This Row],[Adj.AnnualRental]])","v":33849.863013698625},{"$f":"(Table_Provincial_GTAC3536[[#This Row],[Adj.AnnualRental]]*(1+$I85)^(2))","v":120092.54400000001},{"$f":"(Table_Provincial_GTAC3536[[#This Row],[Adj.AnnualRental]]*(1+$I85)^(3))","v":129699.94752000002},{"$f":"(Table_Provincial_GTAC3536[[#This Row],[Adj.AnnualRental]]*(1+$I85)^(4))","v":140075.94332160003},{"$f":"(Table_Provincial_GTAC3536[[#This Row],[Adj.AnnualRental]]*(1+$I85)^(5))","v":151282.01878732804},{"$f":"(Table_Provincial_GTAC3536[[#This Row],[Adj.AnnualRental]]*(1+$I85)^(6))","v":163384.5802903143},{"$f":"(Table_Provincial_GTAC3536[[#This Row],[Adj.AnnualRental]]*(1+$I85)^(7))","v":176455.34671353945}]
[95,{"$f":"VLOOKUP($A86,DATA2!$A$2:$S$607,2,FALSE)","v":"KZN"},{"$f":"VLOOKUP($A86,DATA2!$A$2:$S$607,3,FALSE)","v":"KwaZulu-Natal"},{"$f":"VLOOKUP($A86,DATA2!$A$2:$S$607,4,FALSE)","v":79.021798866855519},{"$f":"VLOOKUP($A86,DATA2!$A$2:$S$607,5,FALSE)","v":107.5},{"$f":"VLOOKUP($A86,DATA2!$A$2:$S$607,6,FALSE)","v":"VTSD"},{"$f":"VLOOKUP($A86,DATA2!$A$2:$S$607,7,FALSE)","v":706},{"$f":"VLOOKUP($A86,DATA2!$A$2:$S$607,8,FALSE)","v":true},{"$f":"VLOOKUP($A86,DATA2!$A$2:$S$607,9,FALSE)","v":0},57858.47,{"$f":"VLOOKUP($A86,DATA2!$A$2:$S$607,10,FALSE)","v":55789.39},{"$f":"VLOOKUP($A86,DATA2!$A$2:$S$607,11,FALSE)","v":669472.68000000005},{"$f":"VLOOKUP($A86,DATA2!$A$2:$S$607,12,FALSE)","v":"2015-04-01"},{"$f":"VLOOKUP($A86,DATA2!$A$2:$S$607,13,FALSE)","v":"2016-03-31"},{"$f":"VLOOKUP($A86,DATA2!$A$2:$S$607,14,FALSE)","v":"Yes"},{"$f":"IF(MATRIX2!D86=1,($Y$8-$X$2)/365*Table_Provincial_GTAC3536[[#This Row],[Adj.AnnualRental]]*MATRIX2!D86,($Y$8-$X$2)/365*Table_Provincial_GTAC3536[[#This Row],[Adj.AnnualRental]])","v":220100.60712328769},{"$f":"(Table_Provincial_GTAC3536[[#This Row],[Adj.AnnualRental]]*(1+$I86)^(2))","v":669472.68000000005},{"$f":"(Table_Provincial_GTAC3536[[#This Row],[Adj.AnnualRental]]*(1+$I86)^(3))","v":669472.68000000005},{"$f":"(Table_Provincial_GTAC3536[[#This Row],[Adj.AnnualRental]]*(1+$I86)^(4))","v":669472.68000000005},{"$f":"(Table_Provincial_GTAC3536[[#This Row],[Adj.AnnualRental]]*(1+$I86)^(5))","v":669472.68000000005},{"$f":"(Table_Provincial_GTAC3536[[#This Row],[Adj.AnnualRental]]*(1+$I86)^(6))","v":669472.68000000005},{"$f":"(Table_Provincial_GTAC3536[[#This Row],[Adj.AnnualRental]]*(1+$I86)^(7))","v":669472.68000000005}]
[98,{"$f":"VLOOKUP($A87,DATA2!$A$2:$S$607,2,FALSE)","v":"KZN"},{"$f":"VLOOKUP($A87,DATA2!$A$2:$S$607,3,FALSE)","v":"KwaZulu-Natal"},{"$f":"VLOOKUP($A87,DATA2!$A$2:$S$607,4,FALSE)","v":56.971744186046514},{"$f":"VLOOKUP($A87,DATA2!$A$2:$S$607,5,FALSE)","v":65},{"$f":"VLOOKUP($A87,DATA2!$A$2:$S$607,6,FALSE)","v":"VTSD"},{"$f":"VLOOKUP($A87,DATA2!$A$2:$S$607,7,FALSE)","v":344},{"$f":"VLOOKUP($A87,DATA2!$A$2:$S$607,8,FALSE)","v":true},{"$f":"VLOOKUP($A87,DATA2!$A$2:$S$607,9,FALSE)","v":0.1},19598.28,{"$f":"VLOOKUP($A87,DATA2!$A$2:$S$607,10,FALSE)","v":19598.28},{"$f":"VLOOKUP($A87,DATA2!$A$2:$S$607,11,FALSE)","v":235179.36},{"$f":"VLOOKUP($A87,DATA2!$A$2:$S$607,12,FALSE)","v":"2015-04-01"},{"$f":"VLOOKUP($A87,DATA2!$A$2:$S$607,13,FALSE)","v":"2016-03-31"},{"$f":"VLOOKUP($A87,DATA2!$A$2:$S$607,14,FALSE)","v":"Yes"},{"$f":"IF(MATRIX2!D87=1,($Y$8-$X$2)/365*Table_Provincial_GTAC3536[[#This Row],[Adj.AnnualRental]]*MATRIX2!D87,($Y$8-$X$2)/365*Table_Provincial_GTAC3536[[#This Row],[Adj.AnnualRental]])","v":77319.241643835601},{"$f":"(Table_Provincial_GTAC3536[[#This Row],[Adj.AnnualRental]]*(1+$I87)^(2))","v":284567.02560000005},{"$f":"(Table_Provincial_GTAC3536[[#This Row],[Adj.AnnualRental]]*(1+$I87)^(3))","v":313023.72816000006},{"$f":"(Table_Provincial_GTAC3536[[#This Row],[Adj.AnnualRental]]*(1+$I87)^(4))","v":344326.10097600007},{"$f":"(Table_Provincial_GTAC3536[[#This Row],[Adj.AnnualRental]]*(1+$I87)^(5))","v":378758.71107360011},{"$f":"(Table_Provincial_GTAC3536[[#This Row],[Adj.AnnualRental]]*(1+$I87)^(6))","v":416634.58218096016},{"$f":"(Table_Provincial_GTAC3536[[#This Row],[Adj.AnnualRental]]*(1+$I87)^(7))","v":458298.04039905628}]
[99,{"$f":"VLOOKUP($A88,DATA2!$A$2:$S$607,2,FALSE)","v":"KZN"},{"$f":"VLOOKUP($A88,DATA2!$A$2:$S$607,3,FALSE)","v":"KwaZulu-Natal"},{"$f":"VLOOKUP($A88,DATA2!$A$2:$S$607,4,FALSE)","v":103.76795168909884},{"$f":"VLOOKUP($A88,DATA2!$A$2:$S$607,5,FALSE)","v":65},{"$f":"VLOOKUP($A88,DATA2!$A$2:$S$607,6,FALSE)","v":"VTSD"},{"$f":"VLOOKUP($A88,DATA2!$A$2:$S$607,7,FALSE)","v":2243.8000000000002},{"$f":"VLOOKUP($A88,DATA2!$A$2:$S$607,8,FALSE)","v":true},{"$f":"VLOOKUP($A88,DATA2!$A$2:$S$607,9,FALSE)","v":0.08},260334.53,{"$f":"VLOOKUP($A88,DATA2!$A$2:$S$607,10,FALSE)","v":232834.53},{"$f":"VLOOKUP($A88,DATA2!$A$2:$S$607,11,FALSE)","v":2794014.36},{"$f":"VLOOKUP($A88,DATA2!$A$2:$S$607,12,FALSE)","v":"2015-01-01"},{"$f":"VLOOKUP($A88,DATA2!$A$2:$S$607,13,FALSE)","v":"2017-12-31"},{"$f":"VLOOKUP($A88,DATA2!$A$2:$S$607,14,FALSE)","v":"No"},{"$f":"IF(MATRIX2!D88=1,($Y$8-$X$2)/365*Table_Provincial_GTAC3536[[#This Row],[Adj.AnnualRental]]*MATRIX2!D88,($Y$8-$X$2)/365*Table_Provincial_GTAC3536[[#This Row],[Adj.AnnualRental]])","v":918580.06356164371},{"$f":"(Table_Provincial_GTAC3536[[#This Row],[Adj.AnnualRental]]*(1+$I88)^(2))","v":3258938.349504},{"$f":"(Table_Provincial_GTAC3536[[#This Row],[Adj.AnnualRental]]*(1+$I88)^(3))","v":3519653.4174643201},{"$f":"(Table_Provincial_GTAC3536[[#This Row],[Adj.AnnualRental]]*(1+$I88)^(4))","v":3801225.6908614663},{"$f":"(Table_Provincial_GTAC3536[[#This Row],[Adj.AnnualRental]]*(1+$I88)^(5))","v":4105323.7461303836},{"$f":"(Table_Provincial_GTAC3536[[#This Row],[Adj.AnnualRental]]*(1+$I88)^(6))","v":4433749.6458208151},{"$f":"(Table_Provincial_GTAC3536[[#This Row],[Adj.AnnualRental]]*(1+$I88)^(7))","v":4788449.6174864806}]
[104,{"$f":"VLOOKUP($A89,DATA2!$A$2:$S$607,2,FALSE)","v":"KZN"},{"$f":"VLOOKUP($A89,DATA2!$A$2:$S$607,3,FALSE)","v":"KwaZulu-Natal"},{"$f":"VLOOKUP($A89,DATA2!$A$2:$S$607,4,FALSE)","v":43.110205361341905},{"$f":"VLOOKUP($A89,DATA2!$A$2:$S$607,5,FALSE)","v":65},{"$f":"VLOOKUP($A89,DATA2!$A$2:$S$607,6,FALSE)","v":"MAIN CENTRE"},{"$f":"VLOOKUP($A89,DATA2!$A$2:$S$607,7,FALSE)","v":6379},{"$f":"VLOOKUP($A89,DATA2!$A$2:$S$607,8,FALSE)","v":true},{"$f":"VLOOKUP($A89,DATA2!$A$2:$S$607,9,FALSE)","v":0},275000,{"$f":"VLOOKUP($A89,DATA2!$A$2:$S$607,10,FALSE)","v":275000},{"$f":"VLOOKUP($A89,DATA2!$A$2:$S$607,11,FALSE)","v":3300000},{"$f":"VLOOKUP($A89,DATA2!$A$2:$S$607,12,FALSE)","v":"2016-09-01"},{"$f":"VLOOKUP($A89,DATA2!$A$2:$S$607,13,FALSE)","v":"2019-08-31"},{"$f":"VLOOKUP($A89,DATA2!$A$2:$S$607,14,FALSE)","v":"No"},{"$f":"IF(MATRIX2!D89=1,($Y$8-$X$2)/365*Table_Provincial_GTAC3536[[#This Row],[Adj.AnnualRental]]*MATRIX2!D89,($Y$8-$X$2)/365*Table_Provincial_GTAC3536[[#This Row],[Adj.AnnualRental]])","v":1084931.506849315},{"$f":"(Table_Provincial_GTAC3536[[#This Row],[Adj.AnnualRental]]*(1+$I89)^(2))","v":3300000},{"$f":"(Table_Provincial_GTAC3536[[#This Row],[Adj.AnnualRental]]*(1+$I89)^(3))","v":3300000},{"$f":"(Table_Provincial_GTAC3536[[#This Row],[Adj.AnnualRental]]*(1+$I89)^(4))","v":3300000},{"$f":"(Table_Provincial_GTAC3536[[#This Row],[Adj.AnnualRental]]*(1+$I89)^(5))","v":3300000},{"$f":"(Table_Provincial_GTAC3536[[#This Row],[Adj.AnnualRental]]*(1+$I89)^(6))","v":3300000},{"$f":"(Table_Provincial_GTAC3536[[#This Row],[Adj.AnnualRental]]*(1+$I89)^(7))","v":3300000}]
[106,{"$f":"VLOOKUP($A90,DATA2!$A$2:$S$607,2,FALSE)","v":"KZN"},{"$f":"VLOOKUP($A90,DATA2!$A$2:$S$607,3,FALSE)","v":"KwaZulu-Natal"},{"$f":"VLOOKUP($A90,DATA2!$A$2:$S$607,4,FALSE)","v":133.22432432432433},{"$f":"VLOOKUP($A90,DATA2!$A$2:$S$607,5,FALSE)","v":107.5},{"$f":"VLOOKUP($A90,DATA2!$A$2:$S$607,6,FALSE)","v":"VTSD"},{"$f":"VLOOKUP($A90,DATA2!$A$2:$S$607,7,FALSE)","v":336.7},{"$f":"VLOOKUP($A90,DATA2!$A$2:$S$607,8,FALSE)","v":true},{"$f":"VLOOKUP($A90,DATA2!$A$2:$S$607,9,FALSE)","v":0.08},50606.63,{"$f":"VLOOKUP($A90,DATA2!$A$2:$S$607,10,FALSE)","v":44856.63},{"$f":"VLOOKUP($A90,DATA2!$A$2:$S$607,11,FALSE)","v":538279.56000000006},{"$f":"VLOOKUP($A90,DATA2!$A$2:$S$607,12,FALSE)","v":"2016-03-01"},{"$f":"VLOOKUP($A90,DATA2!$A$2:$S$607,13,FALSE)","v":"2019-02-28"},{"$f":"VLOOKUP($A90,DATA2!$A$2:$S$607,14,FALSE)","v":"No"},{"$f":"IF(MATRIX2!D90=1,($Y$8-$X$2)/365*Table_Provincial_GTAC3536[[#This Row],[Adj.AnnualRental]]*MATRIX2!D90,($Y$8-$X$2)/365*Table_Provincial_GTAC3536[[#This Row],[Adj.AnnualRental]])","v":176968.62246575343},{"$f":"(Table_Provincial_GTAC3536[[#This Row],[Adj.AnnualRental]]*(1+$I90)^(2))","v":627849.27878400008},{"$f":"(Table_Provincial_GTAC3536[[#This Row],[Adj.AnnualRental]]*(1+$I90)^(3))","v":678077.22108672012},{"$f":"(Table_Provincial_GTAC3536[[#This Row],[Adj.AnnualRental]]*(1+$I90)^(4))","v":732323.39877365786},{"$f":"(Table_Provincial_GTAC3536[[#This Row],[Adj.AnnualRental]]*(1+$I90)^(5))","v":790909.27067555045},{"$f":"(Table_Provincial_GTAC3536[[#This Row],[Adj.AnnualRental]]*(1+$I90)^(6))","v":854182.01232959458},{"$f":"(Table_Provincial_GTAC3536[[#This Row],[Adj.AnnualRental]]*(1+$I90)^(7))","v":922516.57331596222}]
[107,{"$f":"VLOOKUP($A91,DATA2!$A$2:$S$607,2,FALSE)","v":"KZN"},{"$f":"VLOOKUP($A91,DATA2!$A$2:$S$607,3,FALSE)","v":"KwaZulu-Natal"},{"$f":"VLOOKUP($A91,DATA2!$A$2:$S$607,4,FALSE)","v":59.77322097378277},{"$f":"VLOOKUP($A91,DATA2!$A$2:$S$607,5,FALSE)","v":65},{"$f":"VLOOKUP($A91,DATA2!$A$2:$S$607,6,FALSE)","v":"VTSD"},{"$f":"VLOOKUP($A91,DATA2!$A$2:$S$607,7,FALSE)","v":427.2},{"$f":"VLOOKUP($A91,DATA2!$A$2:$S$607,8,FALSE)","v":true},{"$f":"VLOOKUP($A91,DATA2!$A$2:$S$607,9,FALSE)","v":4.9000000000000002E-2},26274.91,{"$f":"VLOOKUP($A91,DATA2!$A$2:$S$607,10,FALSE)","v":25535.119999999999},{"$f":"VLOOKUP($A91,DATA2!$A$2:$S$607,11,FALSE)","v":306421.44},{"$f":"VLOOKUP($A91,DATA2!$A$2:$S$607,12,FALSE)","v":"2016-07-01"},{"$f":"VLOOKUP($A91,DATA2!$A$2:$S$607,13,FALSE)","v":"2019-06-30"},{"$f":"VLOOKUP($A91,DATA2!$A$2:$S$607,14,FALSE)","v":"No"},{"$f":"IF(MATRIX2!D91=1,($Y$8-$X$2)/365*Table_Provincial_GTAC3536[[#This Row],[Adj.AnnualRental]]*MATRIX2!D91,($Y$8-$X$2)/365*Table_Provincial_GTAC3536[[#This Row],[Adj.AnnualRental]])","v":100741.29534246575},{"$f":"(Table_Provincial_GTAC3536[[#This Row],[Adj.AnnualRental]]*(1+$I91)^(2))","v":337186.45899744},{"$f":"(Table_Provincial_GTAC3536[[#This Row],[Adj.AnnualRental]]*(1+$I91)^(3))","v":353708.59548831458},{"$f":"(Table_Provincial_GTAC3536[[#This Row],[Adj.AnnualRental]]*(1+$I91)^(4))","v":371040.31666724198},{"$f":"(Table_Provincial_GTAC3536[[#This Row],[Adj.AnnualRental]]*(1+$I91)^(5))","v":389221.29218393681},{"$f":"(Table_Provincial_GTAC3536[[#This Row],[Adj.AnnualRental]]*(1+$I91)^(6))","v":408293.13550094975},{"$f":"(Table_Provincial_GTAC3536[[#This Row],[Adj.AnnualRental]]*(1+$I91)^(7))","v":428299.49914049625}]
[108,{"$f":"VLOOKUP($A92,DATA2!$A$2:$S$607,2,FALSE)","v":"KZN"},{"$f":"VLOOKUP($A92,DATA2!$A$2:$S$607,3,FALSE)","v":"KwaZulu-Natal"},{"$f":"VLOOKUP($A92,DATA2!$A$2:$S$607,4,FALSE)","v":76.818161993769465},{"$f":"VLOOKUP($A92,DATA2!$A$2:$S$607,5,FALSE)","v":65},{"$f":"VLOOKUP($A92,DATA2!$A$2:$S$607,6,FALSE)","v":"VTSD"},{"$f":"VLOOKUP($A92,DATA2!$A$2:$S$607,7,FALSE)","v":321},{"$f":"VLOOKUP($A92,DATA2!$A$2:$S$607,8,FALSE)","v":true},{"$f":"VLOOKUP($A92,DATA2!$A$2:$S$607,9,FALSE)","v":4.9000000000000002E-2},25490.23,{"$f":"VLOOKUP($A92,DATA2!$A$2:$S$607,10,FALSE)","v":24658.63},{"$f":"VLOOKUP($A92,DATA2!$A$2:$S$607,11,FALSE)","v":295903.56},{"$f":"VLOOKUP($A92,DATA2!$A$2:$S$607,12,FALSE)","v":"2016-07-01"},{"$f":"VLOOKUP($A92,DATA2!$A$2:$S$607,13,FALSE)","v":"2019-06-30"},{"$f":"VLOOKUP($A92,DATA2!$A$2:$S$607,14,FALSE)","v":"No"},{"$f":"IF(MATRIX2!D92=1,($Y$8-$X$2)/365*Table_Provincial_GTAC3536[[#This Row],[Adj.AnnualRental]]*MATRIX2!D92,($Y$8-$X$2)/365*Table_Provincial_GTAC3536[[#This Row],[Adj.AnnualRental]])","v":97283.36219178082},{"$f":"(Table_Provincial_GTAC3536[[#This Row],[Adj.AnnualRental]]*(1+$I92)^(2))","v":325612.57332755998},{"$f":"(Table_Provincial_GTAC3536[[#This Row],[Adj.AnnualRental]]*(1+$I92)^(3))","v":341567.58942061046},{"$f":"(Table_Provincial_GTAC3536[[#This Row],[Adj.AnnualRental]]*(1+$I92)^(4))","v":358304.40130222036},{"$f":"(Table_Provincial_GTAC3536[[#This Row],[Adj.AnnualRental]]*(1+$I92)^(5))","v":375861.31696602912},{"$f":"(Table_Provincial_GTAC3536[[#This Row],[Adj.AnnualRental]]*(1+$I92)^(6))","v":394278.52149736456},{"$f":"(Table_Provincial_GTAC3536[[#This Row],[Adj.AnnualRental]]*(1+$I92)^(7))","v":413598.16905073542}]
[110,{"$f":"VLOOKUP($A93,DATA2!$A$2:$S$607,2,FALSE)","v":"KZN"},{"$f":"VLOOKUP($A93,DATA2!$A$2:$S$607,3,FALSE)","v":"KwaZulu-Natal"},{"$f":"VLOOKUP($A93,DATA2!$A$2:$S$607,4,FALSE)","v":83.871748747913188},{"$f":"VLOOKUP($A93,DATA2!$A$2:$S$607,5,FALSE)","v":77.5},{"$f":"VLOOKUP($A93,DATA2!$A$2:$S$607,6,FALSE)","v":"VTSD"},{"$f":"VLOOKUP($A93,DATA2!$A$2:$S$607,7,FALSE)","v":2396},{"$f":"VLOOKUP($A93,DATA2!$A$2:$S$607,8,FALSE)","v":true},{"$f":"VLOOKUP($A93,DATA2!$A$2:$S$607,9,FALSE)","v":0},200956.71,{"$f":"VLOOKUP($A93,DATA2!$A$2:$S$607,10,FALSE)","v":200956.71},{"$f":"VLOOKUP($A93,DATA2!$A$2:$S$607,11,FALSE)","v":2411480.52},{"$f":"VLOOKUP($A93,DATA2!$A$2:$S$607,12,FALSE)","v":"2016-11-01"},{"$f":"VLOOKUP($A93,DATA2!$A$2:$S$607,13,FALSE)","v":"2017-07-31"},{"$f":"VLOOKUP($A93,DATA2!$A$2:$S$607,14,FALSE)","v":"Yes"},{"$f":"IF(MATRIX2!D93=1,($Y$8-$X$2)/365*Table_Provincial_GTAC3536[[#This Row],[Adj.AnnualRental]]*MATRIX2!D93,($Y$8-$X$2)/365*Table_Provincial_GTAC3536[[#This Row],[Adj.AnnualRental]])","v":792815.51342465752},{"$f":"(Table_Provincial_GTAC3536[[#This Row],[Adj.AnnualRental]]*(1+$I93)^(2))","v":2411480.52},{"$f":"(Table_Provincial_GTAC3536[[#This Row],[Adj.AnnualRental]]*(1+$I93)^(3))","v":2411480.52},{"$f":"(Table_Provincial_GTAC3536[[#This Row],[Adj.AnnualRental]]*(1+$I93)^(4))","v":2411480.52},{"$f":"(Table_Provincial_GTAC3536[[#This Row],[Adj.AnnualRental]]*(1+$I93)^(5))","v":2411480.52},{"$f":"(Table_Provincial_GTAC3536[[#This Row],[Adj.AnnualRental]]*(1+$I93)^(6))","v":2411480.52},{"$f":"(Table_Provincial_GTAC3536[[#This Row],[Adj.AnnualRental]]*(1+$I93)^(7))","v":2411480.52}]
[111,{"$f":"VLOOKUP($A94,DATA2!$A$2:$S$607,2,FALSE)","v":"KZN"},{"$f":"VLOOKUP($A94,DATA2!$A$2:$S$607,3,FALSE)","v":"KwaZulu-Natal"},{"$f":"VLOOKUP($A94,DATA2!$A$2:$S$607,4,FALSE)","v":116.65522723622932},{"$f":"VLOOKUP($A94,DATA2!$A$2:$S$607,5,FALSE)","v":77.5},{"$f":"VLOOKUP($A94,DATA2!$A$2:$S$607,6,FALSE)","v":"VTSD"},{"$f":"VLOOKUP($A94,DATA2!$A$2:$S$607,7,FALSE)","v":2490.8000000000002},{"$f":"VLOOKUP($A94,DATA2!$A$2:$S$607,8,FALSE)","v":true},{"$f":"VLOOKUP($A94,DATA2!$A$2:$S$607,9,FALSE)","v":0.08},314725.84000000003,{"$f":"VLOOKUP($A94,DATA2!$A$2:$S$607,10,FALSE)","v":290564.84000000003},{"$f":"VLOOKUP($A94,DATA2!$A$2:$S$607,11,FALSE)","v":3486778.08},{"$f":"VLOOKUP($A94,DATA2!$A$2:$S$607,12,FALSE)","v":"2016-04-01"},{"$f":"VLOOKUP($A94,DATA2!$A$2:$S$607,13,FALSE)","v":"2019-03-31"},{"$f":"VLOOKUP($A94,DATA2!$A$2:$S$607,14,FALSE)","v":"No"},{"$f":"IF(MATRIX2!D94=1,($Y$8-$X$2)/365*Table_Provincial_GTAC3536[[#This Row],[Adj.AnnualRental]]*MATRIX2!D94,($Y$8-$X$2)/365*Table_Provincial_GTAC3536[[#This Row],[Adj.AnnualRental]])","v":1146337.9989041095},{"$f":"(Table_Provincial_GTAC3536[[#This Row],[Adj.AnnualRental]]*(1+$I94)^(2))","v":4066977.9525120002},{"$f":"(Table_Provincial_GTAC3536[[#This Row],[Adj.AnnualRental]]*(1+$I94)^(3))","v":4392336.188712961},{"$f":"(Table_Provincial_GTAC3536[[#This Row],[Adj.AnnualRental]]*(1+$I94)^(4))","v":4743723.0838099979},{"$f":"(Table_Provincial_GTAC3536[[#This Row],[Adj.AnnualRental]]*(1+$I94)^(5))","v":5123220.9305147976},{"$f":"(Table_Provincial_GTAC3536[[#This Row],[Adj.AnnualRental]]*(1+$I94)^(6))","v":5533078.6049559824},{"$f":"(Table_Provincial_GTAC3536[[#This Row],[Adj.AnnualRental]]*(1+$I94)^(7))","v":5975724.893352461}]
[112,{"$f":"VLOOKUP($A95,DATA2!$A$2:$S$607,2,FALSE)","v":"KZN"},{"$f":"VLOOKUP($A95,DATA2!$A$2:$S$607,3,FALSE)","v":"KwaZulu-Natal"},{"$f":"VLOOKUP($A95,DATA2!$A$2:$S$607,4,FALSE)","v":32.752512254901958},{"$f":"VLOOKUP($A95,DATA2!$A$2:$S$607,5,FALSE)","v":65},{"$f":"VLOOKUP($A95,DATA2!$A$2:$S$607,6,FALSE)","v":"VTSD"},{"$f":"VLOOKUP($A95,DATA2!$A$2:$S$607,7,FALSE)","v":2448},{"$f":"VLOOKUP($A95,DATA2!$A$2:$S$607,8,FALSE)","v":true},{"$f":"VLOOKUP($A95,DATA2!$A$2:$S$607,9,FALSE)","v":0},80178.149999999994,{"$f":"VLOOKUP($A95,DATA2!$A$2:$S$607,10,FALSE)","v":80178.149999999994},{"$f":"VLOOKUP($A95,DATA2!$A$2:$S$607,11,FALSE)","v":962137.8},{"$f":"VLOOKUP($A95,DATA2!$A$2:$S$607,12,FALSE)","v":"2016-07-01"},{"$f":"VLOOKUP($A95,DATA2!$A$2:$S$607,13,FALSE)","v":"2017-06-30"},{"$f":"VLOOKUP($A95,DATA2!$A$2:$S$607,14,FALSE)","v":"Yes"},{"$f":"IF(MATRIX2!D95=1,($Y$8-$X$2)/365*Table_Provincial_GTAC3536[[#This Row],[Adj.AnnualRental]]*MATRIX2!D95,($Y$8-$X$2)/365*Table_Provincial_GTAC3536[[#This Row],[Adj.AnnualRental]])","v":316319.27671232878},{"$f":"(Table_Provincial_GTAC3536[[#This Row],[Adj.AnnualRental]]*(1+$I95)^(2))","v":962137.8},{"$f":"(Table_Provincial_GTAC3536[[#This Row],[Adj.AnnualRental]]*(1+$I95)^(3))","v":962137.8},{"$f":"(Table_Provincial_GTAC3536[[#This Row],[Adj.AnnualRental]]*(1+$I95)^(4))","v":962137.8},{"$f":"(Table_Provincial_GTAC3536[[#This Row],[Adj.AnnualRental]]*(1+$I95)^(5))","v":962137.8},{"$f":"(Table_Provincial_GTAC3536[[#This Row],[Adj.AnnualRental]]*(1+$I95)^(6))","v":962137.8},{"$f":"(Table_Provincial_GTAC3536[[#This Row],[Adj.AnnualRental]]*(1+$I95)^(7))","v":962137.8}]
[113,{"$f":"VLOOKUP($A96,DATA2!$A$2:$S$607,2,FALSE)","v":"KZN"},{"$f":"VLOOKUP($A96,DATA2!$A$2:$S$607,3,FALSE)","v":"KwaZulu-Natal"},{"$f":"VLOOKUP($A96,DATA2!$A$2:$S$607,4,FALSE)","v":107.371916},{"$f":"VLOOKUP($A96,DATA2!$A$2:$S$607,5,FALSE)","v":77.5},{"$f":"VLOOKUP($A96,DATA2!$A$2:$S$607,6,FALSE)","v":"VTSD"},{"$f":"VLOOKUP($A96,DATA2!$A$2:$S$607,7,FALSE)","v":2500},{"$f":"VLOOKUP($A96,DATA2!$A$2:$S$607,8,FALSE)","v":true},{"$f":"VLOOKUP($A96,DATA2!$A$2:$S$607,9,FALSE)","v":0},290704.78999999998,{"$f":"VLOOKUP($A96,DATA2!$A$2:$S$607,10,FALSE)","v":268429.78999999998},{"$f":"VLOOKUP($A96,DATA2!$A$2:$S$607,11,FALSE)","v":3221157.48},{"$f":"VLOOKUP($A96,DATA2!$A$2:$S$607,12,FALSE)","v":"2016-12-01"},{"$f":"VLOOKUP($A96,DATA2!$A$2:$S$607,13,FALSE)","v":"2017-05-31"},{"$f":"VLOOKUP($A96,DATA2!$A$2:$S$607,14,FALSE)","v":"Yes"},{"$f":"IF(MATRIX2!D96=1,($Y$8-$X$2)/365*Table_Provincial_GTAC3536[[#This Row],[Adj.AnnualRental]]*MATRIX2!D96,($Y$8-$X$2)/365*Table_Provincial_GTAC3536[[#This Row],[Adj.AnnualRental]])","v":1059010.6783561644},{"$f":"(Table_Provincial_GTAC3536[[#This Row],[Adj.AnnualRental]]*(1+$I96)^(2))","v":3221157.48},{"$f":"(Table_Provincial_GTAC3536[[#This Row],[Adj.AnnualRental]]*(1+$I96)^(3))","v":3221157.48},{"$f":"(Table_Provincial_GTAC3536[[#This Row],[Adj.AnnualRental]]*(1+$I96)^(4))","v":3221157.48},{"$f":"(Table_Provincial_GTAC3536[[#This Row],[Adj.AnnualRental]]*(1+$I96)^(5))","v":3221157.48},{"$f":"(Table_Provincial_GTAC3536[[#This Row],[Adj.AnnualRental]]*(1+$I96)^(6))","v":3221157.48},{"$f":"(Table_Provincial_GTAC3536[[#This Row],[Adj.AnnualRental]]*(1+$I96)^(7))","v":3221157.48}]
[114,{"$f":"VLOOKUP($A97,DATA2!$A$2:$S$607,2,FALSE)","v":"KZN"},{"$f":"VLOOKUP($A97,DATA2!$A$2:$S$607,3,FALSE)","v":"KwaZulu-Natal"},{"$f":"VLOOKUP($A97,DATA2!$A$2:$S$607,4,FALSE)","v":182.92091089108911},{"$f":"VLOOKUP($A97,DATA2!$A$2:$S$607,5,FALSE)","v":77.5},{"$f":"VLOOKUP($A97,DATA2!$A$2:$S$607,6,FALSE)","v":"VTSD"},{"$f":"VLOOKUP($A97,DATA2!$A$2:$S$607,7,FALSE)","v":505},{"$f":"VLOOKUP($A97,DATA2!$A$2:$S$607,8,FALSE)","v":true},{"$f":"VLOOKUP($A97,DATA2!$A$2:$S$607,9,FALSE)","v":0},92375.06,{"$f":"VLOOKUP($A97,DATA2!$A$2:$S$607,10,FALSE)","v":92375.06},{"$f":"VLOOKUP($A97,DATA2!$A$2:$S$607,11,FALSE)","v":1108500.72},{"$f":"VLOOKUP($A97,DATA2!$A$2:$S$607,12,FALSE)","v":"2016-04-01"},{"$f":"VLOOKUP($A97,DATA2!$A$2:$S$607,13,FALSE)","v":"2017-03-31"},{"$f":"VLOOKUP($A97,DATA2!$A$2:$S$607,14,FALSE)","v":"Yes"},{"$f":"IF(MATRIX2!D97=1,($Y$8-$X$2)/365*Table_Provincial_GTAC3536[[#This Row],[Adj.AnnualRental]]*MATRIX2!D97,($Y$8-$X$2)/365*Table_Provincial_GTAC3536[[#This Row],[Adj.AnnualRental]])","v":364438.59287671233},{"$f":"(Table_Provincial_GTAC3536[[#This Row],[Adj.AnnualRental]]*(1+$I97)^(2))","v":1108500.72},{"$f":"(Table_Provincial_GTAC3536[[#This Row],[Adj.AnnualRental]]*(1+$I97)^(3))","v":1108500.72},{"$f":"(Table_Provincial_GTAC3536[[#This Row],[Adj.AnnualRental]]*(1+$I97)^(4))","v":1108500.72},{"$f":"(Table_Provincial_GTAC3536[[#This Row],[Adj.AnnualRental]]*(1+$I97)^(5))","v":1108500.72},{"$f":"(Table_Provincial_GTAC3536[[#This Row],[Adj.AnnualRental]]*(1+$I97)^(6))","v":1108500.72},{"$f":"(Table_Provincial_GTAC3536[[#This Row],[Adj.AnnualRental]]*(1+$I97)^(7))","v":1108500.72}]
[118,{"$f":"VLOOKUP($A98,DATA2!$A$2:$S$607,2,FALSE)","v":"KZN"},{"$f":"VLOOKUP($A98,DATA2!$A$2:$S$607,3,FALSE)","v":"KwaZulu-Natal"},{"$f":"VLOOKUP($A98,DATA2!$A$2:$S$607,4,FALSE)","v":154.32543689320389},{"$f":"VLOOKUP($A98,DATA2!$A$2:$S$607,5,FALSE)","v":100},{"$f":"VLOOKUP($A98,DATA2!$A$2:$S$607,6,FALSE)","v":"VTSD"},{"$f":"VLOOKUP($A98,DATA2!$A$2:$S$607,7,FALSE)","v":412},{"$f":"VLOOKUP($A98,DATA2!$A$2:$S$607,8,FALSE)","v":true},{"$f":"VLOOKUP($A98,DATA2!$A$2:$S$607,9,FALSE)","v":0.08},799.46,{"$f":"VLOOKUP($A98,DATA2!$A$2:$S$607,10,FALSE)","v":63582.080000000002},{"$f":"VLOOKUP($A98,DATA2!$A$2:$S$607,11,FALSE)","v":762984.95999999996},{"$f":"VLOOKUP($A98,DATA2!$A$2:$S$607,12,FALSE)","v":"2014-07-01"},{"$f":"VLOOKUP($A98,DATA2!$A$2:$S$607,13,FALSE)","v":"2019-06-30"},{"$f":"VLOOKUP($A98,DATA2!$A$2:$S$607,14,FALSE)","v":"No"},{"$f":"IF(MATRIX2!D98=1,($Y$8-$X$2)/365*Table_Provincial_GTAC3536[[#This Row],[Adj.AnnualRental]]*MATRIX2!D98,($Y$8-$X$2)/365*Table_Provincial_GTAC3536[[#This Row],[Adj.AnnualRental]])","v":250844.37041095889},{"$f":"(Table_Provincial_GTAC3536[[#This Row],[Adj.AnnualRental]]*(1+$I98)^(2))","v":889945.65734400006},{"$f":"(Table_Provincial_GTAC3536[[#This Row],[Adj.AnnualRental]]*(1+$I98)^(3))","v":961141.30993152002},{"$f":"(Table_Provincial_GTAC3536[[#This Row],[Adj.AnnualRental]]*(1+$I98)^(4))","v":1038032.6147260418},{"$f":"(Table_Provincial_GTAC3536[[#This Row],[Adj.AnnualRental]]*(1+$I98)^(5))","v":1121075.2239041252},{"$f":"(Table_Provincial_GTAC3536[[#This Row],[Adj.AnnualRental]]*(1+$I98)^(6))","v":1210761.2418164553},{"$f":"(Table_Provincial_GTAC3536[[#This Row],[Adj.AnnualRental]]*(1+$I98)^(7))","v":1307622.1411617717}]
[121,{"$f":"VLOOKUP($A99,DATA2!$A$2:$S$607,2,FALSE)","v":"KZN"},{"$f":"VLOOKUP($A99,DATA2!$A$2:$S$607,3,FALSE)","v":"KwaZulu-Natal"},{"$f":"VLOOKUP($A99,DATA2!$A$2:$S$607,4,FALSE)","v":137.0322033898305},{"$f":"VLOOKUP($A99,DATA2!$A$2:$S$607,5,FALSE)","v":77.5},{"$f":"VLOOKUP($A99,DATA2!$A$2:$S$607,6,FALSE)","v":"VTSD"},{"$f":"VLOOKUP($A99,DATA2!$A$2:$S$607,7,FALSE)","v":230.1},{"$f":"VLOOKUP($A99,DATA2!$A$2:$S$607,8,FALSE)","v":true},{"$f":"VLOOKUP($A99,DATA2!$A$2:$S$607,9,FALSE)","v":0.08},63582.080000000002,{"$f":"VLOOKUP($A99,DATA2!$A$2:$S$607,10,FALSE)","v":31531.11},{"$f":"VLOOKUP($A99,DATA2!$A$2:$S$607,11,FALSE)","v":378373.32},{"$f":"VLOOKUP($A99,DATA2!$A$2:$S$607,12,FALSE)","v":"2017-06-01"},{"$f":"VLOOKUP($A99,DATA2!$A$2:$S$607,13,FALSE)","v":"2020-05-31"},{"$f":"VLOOKUP($A99,DATA2!$A$2:$S$607,14,FALSE)","v":"No"},{"$f":"IF(MATRIX2!D99=1,($Y$8-$X$2)/365*Table_Provincial_GTAC3536[[#This Row],[Adj.AnnualRental]]*MATRIX2!D99,($Y$8-$X$2)/365*Table_Provincial_GTAC3536[[#This Row],[Adj.AnnualRental]])","v":124396.70794520547},{"$f":"(Table_Provincial_GTAC3536[[#This Row],[Adj.AnnualRental]]*(1+$I99)^(2))","v":441334.64044800005},{"$f":"(Table_Provincial_GTAC3536[[#This Row],[Adj.AnnualRental]]*(1+$I99)^(3))","v":476641.4116838401},{"$f":"(Table_Provincial_GTAC3536[[#This Row],[Adj.AnnualRental]]*(1+$I99)^(4))","v":514772.7246185473},{"$f":"(Table_Provincial_GTAC3536[[#This Row],[Adj.AnnualRental]]*(1+$I99)^(5))","v":555954.54258803115},{"$f":"(Table_Provincial_GTAC3536[[#This Row],[Adj.AnnualRental]]*(1+$I99)^(6))","v":600430.90599507373},{"$f":"(Table_Provincial_GTAC3536[[#This Row],[Adj.AnnualRental]]*(1+$I99)^(7))","v":648465.37847467954}]
[122,{"$f":"VLOOKUP($A100,DATA2!$A$2:$S$607,2,FALSE)","v":"KZN"},{"$f":"VLOOKUP($A100,DATA2!$A$2:$S$607,3,FALSE)","v":"KwaZulu-Natal"},{"$f":"VLOOKUP($A100,DATA2!$A$2:$S$607,4,FALSE)","v":92.299575000000004},{"$f":"VLOOKUP($A100,DATA2!$A$2:$S$607,5,FALSE)","v":100},{"$f":"VLOOKUP($A100,DATA2!$A$2:$S$607,6,FALSE)","v":"VTSD"},{"$f":"VLOOKUP($A100,DATA2!$A$2:$S$607,7,FALSE)","v":2400},{"$f":"VLOOKUP($A100,DATA2!$A$2:$S$607,8,FALSE)","v":true},{"$f":"VLOOKUP($A100,DATA2!$A$2:$S$607,9,FALSE)","v":7.0000000000000007E-2},41281.11,{"$f":"VLOOKUP($A100,DATA2!$A$2:$S$607,10,FALSE)","v":221518.98},{"$f":"VLOOKUP($A100,DATA2!$A$2:$S$607,11,FALSE)","v":2658227.7599999998},{"$f":"VLOOKUP($A100,DATA2!$A$2:$S$607,12,FALSE)","v":"2013-07-01"},{"$f":"VLOOKUP($A100,DATA2!$A$2:$S$607,13,FALSE)","v":"2018-06-30"},{"$f":"VLOOKUP($A100,DATA2!$A$2:$S$607,14,FALSE)","v":"No"},{"$f":"IF(MATRIX2!D100=1,($Y$8-$X$2)/365*Table_Provincial_GTAC3536[[#This Row],[Adj.AnnualRental]]*MATRIX2!D100,($Y$8-$X$2)/365*Table_Provincial_GTAC3536[[#This Row],[Adj.AnnualRental]])","v":873937.89369863004},{"$f":"(Table_Provincial_GTAC3536[[#This Row],[Adj.AnnualRental]]*(1+$I100)^(2))","v":3043404.9624239998},{"$f":"(Table_Provincial_GTAC3536[[#This Row],[Adj.AnnualRental]]*(1+$I100)^(3))","v":3256443.30979368},{"$f":"(Table_Provincial_GTAC3536[[#This Row],[Adj.AnnualRental]]*(1+$I100)^(4))","v":3484394.3414792372},{"$f":"(Table_Provincial_GTAC3536[[#This Row],[Adj.AnnualRental]]*(1+$I100)^(5))","v":3728301.9453827846},{"$f":"(Table_Provincial_GTAC3536[[#This Row],[Adj.AnnualRental]]*(1+$I100)^(6))","v":3989283.0815595789},{"$f":"(Table_Provincial_GTAC3536[[#This Row],[Adj.AnnualRental]]*(1+$I100)^(7))","v":4268532.8972687498}]
[125,{"$f":"VLOOKUP($A101,DATA2!$A$2:$S$607,2,FALSE)","v":"KZN"},{"$f":"VLOOKUP($A101,DATA2!$A$2:$S$607,3,FALSE)","v":"KwaZulu-Natal"},{"$f":"VLOOKUP($A101,DATA2!$A$2:$S$607,4,FALSE)","v":134.42310000000001},{"$f":"VLOOKUP($A101,DATA2!$A$2:$S$607,5,FALSE)","v":110},{"$f":"VLOOKUP($A101,DATA2!$A$2:$S$607,6,FALSE)","v":"MAIN CENTRE"},{"$f":"VLOOKUP($A101,DATA2!$A$2:$S$607,7,FALSE)","v":1600},{"$f":"VLOOKUP($A101,DATA2!$A$2:$S$607,8,FALSE)","v":true},{"$f":"VLOOKUP($A101,DATA2!$A$2:$S$607,9,FALSE)","v":0.08},236518.98,{"$f":"VLOOKUP($A101,DATA2!$A$2:$S$607,10,FALSE)","v":215076.96},{"$f":"VLOOKUP($A101,DATA2!$A$2:$S$607,11,FALSE)","v":2580923.52},{"$f":"VLOOKUP($A101,DATA2!$A$2:$S$607,12,FALSE)","v":"2013-07-01"},{"$f":"VLOOKUP($A101,DATA2!$A$2:$S$607,13,FALSE)","v":"2018-06-30"},{"$f":"VLOOKUP($A101,DATA2!$A$2:$S$607,14,FALSE)","v":"No"},{"$f":"IF(MATRIX2!D101=1,($Y$8-$X$2)/365*Table_Provincial_GTAC3536[[#This Row],[Adj.AnnualRental]]*MATRIX2!D101,($Y$8-$X$2)/365*Table_Provincial_GTAC3536[[#This Row],[Adj.AnnualRental]])","v":848522.80109589035},{"$f":"(Table_Provincial_GTAC3536[[#This Row],[Adj.AnnualRental]]*(1+$I101)^(2))","v":3010389.1937280004},{"$f":"(Table_Provincial_GTAC3536[[#This Row],[Adj.AnnualRental]]*(1+$I101)^(3))","v":3251220.3292262405},{"$f":"(Table_Provincial_GTAC3536[[#This Row],[Adj.AnnualRental]]*(1+$I101)^(4))","v":3511317.9555643401},{"$f":"(Table_Provincial_GTAC3536[[#This Row],[Adj.AnnualRental]]*(1+$I101)^(5))","v":3792223.3920094874},{"$f":"(Table_Provincial_GTAC3536[[#This Row],[Adj.AnnualRental]]*(1+$I101)^(6))","v":4095601.2633702466},{"$f":"(Table_Provincial_GTAC3536[[#This Row],[Adj.AnnualRental]]*(1+$I101)^(7))","v":4423249.3644398665}]
[126,{"$f":"VLOOKUP($A102,DATA2!$A$2:$S$607,2,FALSE)","v":"KZN"},{"$f":"VLOOKUP($A102,DATA2!$A$2:$S$607,3,FALSE)","v":"KwaZulu-Natal"},{"$f":"VLOOKUP($A102,DATA2!$A$2:$S$607,4,FALSE)","v":109.01428571428572},{"$f":"VLOOKUP($A102,DATA2!$A$2:$S$607,5,FALSE)","v":110},{"$f":"VLOOKUP($A102,DATA2!$A$2:$S$607,6,FALSE)","v":"CBD"},{"$f":"VLOOKUP($A102,DATA2!$A$2:$S$607,7,FALSE)","v":3234},{"$f":"VLOOKUP($A102,DATA2!$A$2:$S$607,8,FALSE)","v":true},{"$f":"VLOOKUP($A102,DATA2!$A$2:$S$607,9,FALSE)","v":0.08},215076.96,{"$f":"VLOOKUP($A102,DATA2!$A$2:$S$607,10,FALSE)","v":352552.2},{"$f":"VLOOKUP($A102,DATA2!$A$2:$S$607,11,FALSE)","v":4230626.4000000004},{"$f":"VLOOKUP($A102,DATA2!$A$2:$S$607,12,FALSE)","v":"2015-02-01"},{"$f":"VLOOKUP($A102,DATA2!$A$2:$S$607,13,FALSE)","v":"2017-09-30"},{"$f":"VLOOKUP($A102,DATA2!$A$2:$S$607,14,FALSE)","v":"No"},{"$f":"IF(MATRIX2!D102=1,($Y$8-$X$2)/365*Table_Provincial_GTAC3536[[#This Row],[Adj.AnnualRental]]*MATRIX2!D102,($Y$8-$X$2)/365*Table_Provincial_GTAC3536[[#This Row],[Adj.AnnualRental]])","v":1390890.8712328768},{"$f":"(Table_Provincial_GTAC3536[[#This Row],[Adj.AnnualRental]]*(1+$I102)^(2))","v":4934602.632960001},{"$f":"(Table_Provincial_GTAC3536[[#This Row],[Adj.AnnualRental]]*(1+$I102)^(3))","v":5329370.8435968012},{"$f":"(Table_Provincial_GTAC3536[[#This Row],[Adj.AnnualRental]]*(1+$I102)^(4))","v":5755720.5110845454},{"$f":"(Table_Provincial_GTAC3536[[#This Row],[Adj.AnnualRental]]*(1+$I102)^(5))","v":6216178.1519713094},{"$f":"(Table_Provincial_GTAC3536[[#This Row],[Adj.AnnualRental]]*(1+$I102)^(6))","v":6713472.4041290153},{"$f":"(Table_Provincial_GTAC3536[[#This Row],[Adj.AnnualRental]]*(1+$I102)^(7))","v":7250550.1964593362}]
[128,{"$f":"VLOOKUP($A103,DATA2!$A$2:$S$607,2,FALSE)","v":"KZN"},{"$f":"VLOOKUP($A103,DATA2!$A$2:$S$607,3,FALSE)","v":"KwaZulu-Natal"},{"$f":"VLOOKUP($A103,DATA2!$A$2:$S$607,4,FALSE)","v":54.945250000000001},{"$f":"VLOOKUP($A103,DATA2!$A$2:$S$607,5,FALSE)","v":77.5},{"$f":"VLOOKUP($A103,DATA2!$A$2:$S$607,6,FALSE)","v":"VTSD"},{"$f":"VLOOKUP($A103,DATA2!$A$2:$S$607,7,FALSE)","v":160},{"$f":"VLOOKUP($A103,DATA2!$A$2:$S$607,8,FALSE)","v":true},{"$f":"VLOOKUP($A103,DATA2!$A$2:$S$607,9,FALSE)","v":0.08},369052.2,{"$f":"VLOOKUP($A103,DATA2!$A$2:$S$607,10,FALSE)","v":8791.24},{"$f":"VLOOKUP($A103,DATA2!$A$2:$S$607,11,FALSE)","v":105494.88},{"$f":"VLOOKUP($A103,DATA2!$A$2:$S$607,12,FALSE)","v":"2013-07-01"},{"$f":"VLOOKUP($A103,DATA2!$A$2:$S$607,13,FALSE)","v":"2016-06-30"},{"$f":"VLOOKUP($A103,DATA2!$A$2:$S$607,14,FALSE)","v":"Yes"},{"$f":"IF(MATRIX2!D103=1,($Y$8-$X$2)/365*Table_Provincial_GTAC3536[[#This Row],[Adj.AnnualRental]]*MATRIX2!D103,($Y$8-$X$2)/365*Table_Provincial_GTAC3536[[#This Row],[Adj.AnnualRental]])","v":34683.24821917808},{"$f":"(Table_Provincial_GTAC3536[[#This Row],[Adj.AnnualRental]]*(1+$I103)^(2))","v":123049.22803200001},{"$f":"(Table_Provincial_GTAC3536[[#This Row],[Adj.AnnualRental]]*(1+$I103)^(3))","v":132893.16627456003},{"$f":"(Table_Provincial_GTAC3536[[#This Row],[Adj.AnnualRental]]*(1+$I103)^(4))","v":143524.61957652483},{"$f":"(Table_Provincial_GTAC3536[[#This Row],[Adj.AnnualRental]]*(1+$I103)^(5))","v":155006.58914264682},{"$f":"(Table_Provincial_GTAC3536[[#This Row],[Adj.AnnualRental]]*(1+$I103)^(6))","v":167407.11627405859},{"$f":"(Table_Provincial_GTAC3536[[#This Row],[Adj.AnnualRental]]*(1+$I103)^(7))","v":180799.68557598328}]
[130,{"$f":"VLOOKUP($A104,DATA2!$A$2:$S$607,2,FALSE)","v":"KZN"},{"$f":"VLOOKUP($A104,DATA2!$A$2:$S$607,3,FALSE)","v":"KwaZulu-Natal"},{"$f":"VLOOKUP($A104,DATA2!$A$2:$S$607,4,FALSE)","v":118.71283851554664},{"$f":"VLOOKUP($A104,DATA2!$A$2:$S$607,5,FALSE)","v":77.5},{"$f":"VLOOKUP($A104,DATA2!$A$2:$S$607,6,FALSE)","v":"VTSD"},{"$f":"VLOOKUP($A104,DATA2!$A$2:$S$607,7,FALSE)","v":1994},{"$f":"VLOOKUP($A104,DATA2!$A$2:$S$607,8,FALSE)","v":true},{"$f":"VLOOKUP($A104,DATA2!$A$2:$S$607,9,FALSE)","v":0.08},8791.24,{"$f":"VLOOKUP($A104,DATA2!$A$2:$S$607,10,FALSE)","v":236713.4},{"$f":"VLOOKUP($A104,DATA2!$A$2:$S$607,11,FALSE)","v":2840560.8},{"$f":"VLOOKUP($A104,DATA2!$A$2:$S$607,12,FALSE)","v":"2014-07-01"},{"$f":"VLOOKUP($A104,DATA2!$A$2:$S$607,13,FALSE)","v":"2019-06-30"},{"$f":"VLOOKUP($A104,DATA2!$A$2:$S$607,14,FALSE)","v":"No"},{"$f":"IF(MATRIX2!D104=1,($Y$8-$X$2)/365*Table_Provincial_GTAC3536[[#This Row],[Adj.AnnualRental]]*MATRIX2!D104,($Y$8-$X$2)/365*Table_Provincial_GTAC3536[[#This Row],[Adj.AnnualRental]])","v":933883.00273972587},{"$f":"(Table_Provincial_GTAC3536[[#This Row],[Adj.AnnualRental]]*(1+$I104)^(2))","v":3313230.1171200001},{"$f":"(Table_Provincial_GTAC3536[[#This Row],[Adj.AnnualRental]]*(1+$I104)^(3))","v":3578288.5264896001},{"$f":"(Table_Provincial_GTAC3536[[#This Row],[Adj.AnnualRental]]*(1+$I104)^(4))","v":3864551.6086087688},{"$f":"(Table_Provincial_GTAC3536[[#This Row],[Adj.AnnualRental]]*(1+$I104)^(5))","v":4173715.7372974702},{"$f":"(Table_Provincial_GTAC3536[[#This Row],[Adj.AnnualRental]]*(1+$I104)^(6))","v":4507612.9962812681},{"$f":"(Table_Provincial_GTAC3536[[#This Row],[Adj.AnnualRental]]*(1+$I104)^(7))","v":4868222.0359837702}]
[131,{"$f":"VLOOKUP($A105,DATA2!$A$2:$S$607,2,FALSE)","v":"KZN"},{"$f":"VLOOKUP($A105,DATA2!$A$2:$S$607,3,FALSE)","v":"KwaZulu-Natal"},{"$f":"VLOOKUP($A105,DATA2!$A$2:$S$607,4,FALSE)","v":107.56073816155988},{"$f":"VLOOKUP($A105,DATA2!$A$2:$S$607,5,FALSE)","v":110},{"$f":"VLOOKUP($A105,DATA2!$A$2:$S$607,6,FALSE)","v":"MAIN CENTRE"},{"$f":"VLOOKUP($A105,DATA2!$A$2:$S$607,7,FALSE)","v":718},{"$f":"VLOOKUP($A105,DATA2!$A$2:$S$607,8,FALSE)","v":true},{"$f":"VLOOKUP($A105,DATA2!$A$2:$S$607,9,FALSE)","v":0},254213.4,{"$f":"VLOOKUP($A105,DATA2!$A$2:$S$607,10,FALSE)","v":77228.61},{"$f":"VLOOKUP($A105,DATA2!$A$2:$S$607,11,FALSE)","v":926743.32},{"$f":"VLOOKUP($A105,DATA2!$A$2:$S$607,12,FALSE)","v":"2015-10-01"},{"$f":"VLOOKUP($A105,DATA2!$A$2:$S$607,13,FALSE)","v":"2016-09-30"},{"$f":"VLOOKUP($A105,DATA2!$A$2:$S$607,14,FALSE)","v":"Yes"},{"$f":"IF(MATRIX2!D105=1,($Y$8-$X$2)/365*Table_Provincial_GTAC3536[[#This Row],[Adj.AnnualRental]]*MATRIX2!D105,($Y$8-$X$2)/365*Table_Provincial_GTAC3536[[#This Row],[Adj.AnnualRental]])","v":304682.73534246575},{"$f":"(Table_Provincial_GTAC3536[[#This Row],[Adj.AnnualRental]]*(1+$I105)^(2))","v":926743.32},{"$f":"(Table_Provincial_GTAC3536[[#This Row],[Adj.AnnualRental]]*(1+$I105)^(3))","v":926743.32},{"$f":"(Table_Provincial_GTAC3536[[#This Row],[Adj.AnnualRental]]*(1+$I105)^(4))","v":926743.32},{"$f":"(Table_Provincial_GTAC3536[[#This Row],[Adj.AnnualRental]]*(1+$I105)^(5))","v":926743.32},{"$f":"(Table_Provincial_GTAC3536[[#This Row],[Adj.AnnualRental]]*(1+$I105)^(6))","v":926743.32},{"$f":"(Table_Provincial_GTAC3536[[#This Row],[Adj.AnnualRental]]*(1+$I105)^(7))","v":926743.32}]
[132,{"$f":"VLOOKUP($A106,DATA2!$A$2:$S$607,2,FALSE)","v":"KZN"},{"$f":"VLOOKUP($A106,DATA2!$A$2:$S$607,3,FALSE)","v":"KwaZulu-Natal"},{"$f":"VLOOKUP($A106,DATA2!$A$2:$S$607,4,FALSE)","v":162.19809352517984},{"$f":"VLOOKUP($A106,DATA2!$A$2:$S$607,5,FALSE)","v":110},{"$f":"VLOOKUP($A106,DATA2!$A$2:$S$607,6,FALSE)","v":"MAIN CENTRE"},{"$f":"VLOOKUP($A106,DATA2!$A$2:$S$607,7,FALSE)","v":1112},{"$f":"VLOOKUP($A106,DATA2!$A$2:$S$607,8,FALSE)","v":true},{"$f":"VLOOKUP($A106,DATA2!$A$2:$S$607,9,FALSE)","v":0.08},81564.009999999995,{"$f":"VLOOKUP($A106,DATA2!$A$2:$S$607,10,FALSE)","v":180364.28},{"$f":"VLOOKUP($A106,DATA2!$A$2:$S$607,11,FALSE)","v":2164371.36},{"$f":"VLOOKUP($A106,DATA2!$A$2:$S$607,12,FALSE)","v":"2016-10-01"},{"$f":"VLOOKUP($A106,DATA2!$A$2:$S$607,13,FALSE)","v":"2018-09-30"},{"$f":"VLOOKUP($A106,DATA2!$A$2:$S$607,14,FALSE)","v":"No"},{"$f":"IF(MATRIX2!D106=1,($Y$8-$X$2)/365*Table_Provincial_GTAC3536[[#This Row],[Adj.AnnualRental]]*MATRIX2!D106,($Y$8-$X$2)/365*Table_Provincial_GTAC3536[[#This Row],[Adj.AnnualRental]])","v":711574.14575342461},{"$f":"(Table_Provincial_GTAC3536[[#This Row],[Adj.AnnualRental]]*(1+$I106)^(2))","v":2524522.7543040002},{"$f":"(Table_Provincial_GTAC3536[[#This Row],[Adj.AnnualRental]]*(1+$I106)^(3))","v":2726484.5746483202},{"$f":"(Table_Provincial_GTAC3536[[#This Row],[Adj.AnnualRental]]*(1+$I106)^(4))","v":2944603.3406201862},{"$f":"(Table_Provincial_GTAC3536[[#This Row],[Adj.AnnualRental]]*(1+$I106)^(5))","v":3180171.6078698011},{"$f":"(Table_Provincial_GTAC3536[[#This Row],[Adj.AnnualRental]]*(1+$I106)^(6))","v":3434585.3364993855},{"$f":"(Table_Provincial_GTAC3536[[#This Row],[Adj.AnnualRental]]*(1+$I106)^(7))","v":3709352.1634193365}]
[134,{"$f":"VLOOKUP($A107,DATA2!$A$2:$S$607,2,FALSE)","v":"KZN"},{"$f":"VLOOKUP($A107,DATA2!$A$2:$S$607,3,FALSE)","v":"KwaZulu-Natal"},{"$f":"VLOOKUP($A107,DATA2!$A$2:$S$607,4,FALSE)","v":136.41784313725489},{"$f":"VLOOKUP($A107,DATA2!$A$2:$S$607,5,FALSE)","v":77.5},{"$f":"VLOOKUP($A107,DATA2!$A$2:$S$607,6,FALSE)","v":"VTSD"},{"$f":"VLOOKUP($A107,DATA2!$A$2:$S$607,7,FALSE)","v":204},{"$f":"VLOOKUP($A107,DATA2!$A$2:$S$607,8,FALSE)","v":true},{"$f":"VLOOKUP($A107,DATA2!$A$2:$S$607,9,FALSE)","v":7.0000000000000007E-2},197378.63,{"$f":"VLOOKUP($A107,DATA2!$A$2:$S$607,10,FALSE)","v":27829.24},{"$f":"VLOOKUP($A107,DATA2!$A$2:$S$607,11,FALSE)","v":333950.88},{"$f":"VLOOKUP($A107,DATA2!$A$2:$S$607,12,FALSE)","v":"2015-08-01"},{"$f":"VLOOKUP($A107,DATA2!$A$2:$S$607,13,FALSE)","v":"2018-07-31"},{"$f":"VLOOKUP($A107,DATA2!$A$2:$S$607,14,FALSE)","v":"No"},{"$f":"IF(MATRIX2!D107=1,($Y$8-$X$2)/365*Table_Provincial_GTAC3536[[#This Row],[Adj.AnnualRental]]*MATRIX2!D107,($Y$8-$X$2)/365*Table_Provincial_GTAC3536[[#This Row],[Adj.AnnualRental]])","v":109792.07013698629},{"$f":"(Table_Provincial_GTAC3536[[#This Row],[Adj.AnnualRental]]*(1+$I107)^(2))","v":382340.36251200002},{"$f":"(Table_Provincial_GTAC3536[[#This Row],[Adj.AnnualRental]]*(1+$I107)^(3))","v":409104.18788784003},{"$f":"(Table_Provincial_GTAC3536[[#This Row],[Adj.AnnualRental]]*(1+$I107)^(4))","v":437741.48103998881},{"$f":"(Table_Provincial_GTAC3536[[#This Row],[Adj.AnnualRental]]*(1+$I107)^(5))","v":468383.3847127881},{"$f":"(Table_Provincial_GTAC3536[[#This Row],[Adj.AnnualRental]]*(1+$I107)^(6))","v":501170.2216426832},{"$f":"(Table_Provincial_GTAC3536[[#This Row],[Adj.AnnualRental]]*(1+$I107)^(7))","v":536252.13715767104}]
[135,{"$f":"VLOOKUP($A108,DATA2!$A$2:$S$607,2,FALSE)","v":"KZN"},{"$f":"VLOOKUP($A108,DATA2!$A$2:$S$607,3,FALSE)","v":"KwaZulu-Natal"},{"$f":"VLOOKUP($A108,DATA2!$A$2:$S$607,4,FALSE)","v":112.53291011569267},{"$f":"VLOOKUP($A108,DATA2!$A$2:$S$607,5,FALSE)","v":110},{"$f":"VLOOKUP($A108,DATA2!$A$2:$S$607,6,FALSE)","v":"CBD"},{"$f":"VLOOKUP($A108,DATA2!$A$2:$S$607,7,FALSE)","v":13484},{"$f":"VLOOKUP($A108,DATA2!$A$2:$S$607,8,FALSE)","v":true},{"$f":"VLOOKUP($A108,DATA2!$A$2:$S$607,9,FALSE)","v":0},41229.24,{"$f":"VLOOKUP($A108,DATA2!$A$2:$S$607,10,FALSE)","v":1517393.76},{"$f":"VLOOKUP($A108,DATA2!$A$2:$S$607,11,FALSE)","v":18208725.120000001},{"$f":"VLOOKUP($A108,DATA2!$A$2:$S$607,12,FALSE)","v":"2016-09-01"},{"$f":"VLOOKUP($A108,DATA2!$A$2:$S$607,13,FALSE)","v":"2017-08-31"},{"$f":"VLOOKUP($A108,DATA2!$A$2:$S$607,14,FALSE)","v":"No"},{"$f":"IF(MATRIX2!D108=1,($Y$8-$X$2)/365*Table_Provincial_GTAC3536[[#This Row],[Adj.AnnualRental]]*MATRIX2!D108,($Y$8-$X$2)/365*Table_Provincial_GTAC3536[[#This Row],[Adj.AnnualRental]])","v":5986430.1764383558},{"$f":"(Table_Provincial_GTAC3536[[#This Row],[Adj.AnnualRental]]*(1+$I108)^(2))","v":18208725.120000001},{"$f":"(Table_Provincial_GTAC3536[[#This Row],[Adj.AnnualRental]]*(1+$I108)^(3))","v":18208725.120000001},{"$f":"(Table_Provincial_GTAC3536[[#This Row],[Adj.AnnualRental]]*(1+$I108)^(4))","v":18208725.120000001},{"$f":"(Table_Provincial_GTAC3536[[#This Row],[Adj.AnnualRental]]*(1+$I108)^(5))","v":18208725.120000001},{"$f":"(Table_Provincial_GTAC3536[[#This Row],[Adj.AnnualRental]]*(1+$I108)^(6))","v":18208725.120000001},{"$f":"(Table_Provincial_GTAC3536[[#This Row],[Adj.AnnualRental]]*(1+$I108)^(7))","v":18208725.120000001}]
[140,{"$f":"VLOOKUP($A109,DATA2!$A$2:$S$607,2,FALSE)","v":"KZN"},{"$f":"VLOOKUP($A109,DATA2!$A$2:$S$607,3,FALSE)","v":"KwaZulu-Natal"},{"$f":"VLOOKUP($A109,DATA2!$A$2:$S$607,4,FALSE)","v":108.36738411930673},{"$f":"VLOOKUP($A109,DATA2!$A$2:$S$607,5,FALSE)","v":110},{"$f":"VLOOKUP($A109,DATA2!$A$2:$S$607,6,FALSE)","v":"CBD"},{"$f":"VLOOKUP($A109,DATA2!$A$2:$S$607,7,FALSE)","v":2481},{"$f":"VLOOKUP($A109,DATA2!$A$2:$S$607,8,FALSE)","v":true},{"$f":"VLOOKUP($A109,DATA2!$A$2:$S$607,9,FALSE)","v":0.08},1595233.76,{"$f":"VLOOKUP($A109,DATA2!$A$2:$S$607,10,FALSE)","v":268859.48},{"$f":"VLOOKUP($A109,DATA2!$A$2:$S$607,11,FALSE)","v":3226313.76},{"$f":"VLOOKUP($A109,DATA2!$A$2:$S$607,12,FALSE)","v":"2013-11-01"},{"$f":"VLOOKUP($A109,DATA2!$A$2:$S$607,13,FALSE)","v":"2016-10-31"},{"$f":"VLOOKUP($A109,DATA2!$A$2:$S$607,14,FALSE)","v":"Yes"},{"$f":"IF(MATRIX2!D109=1,($Y$8-$X$2)/365*Table_Provincial_GTAC3536[[#This Row],[Adj.AnnualRental]]*MATRIX2!D109,($Y$8-$X$2)/365*Table_Provincial_GTAC3536[[#This Row],[Adj.AnnualRental]])","v":1060705.8936986299},{"$f":"(Table_Provincial_GTAC3536[[#This Row],[Adj.AnnualRental]]*(1+$I109)^(2))","v":3763172.3696639999},{"$f":"(Table_Provincial_GTAC3536[[#This Row],[Adj.AnnualRental]]*(1+$I109)^(3))","v":4064226.1592371203},{"$f":"(Table_Provincial_GTAC3536[[#This Row],[Adj.AnnualRental]]*(1+$I109)^(4))","v":4389364.2519760905},{"$f":"(Table_Provincial_GTAC3536[[#This Row],[Adj.AnnualRental]]*(1+$I109)^(5))","v":4740513.3921341775},{"$f":"(Table_Provincial_GTAC3536[[#This Row],[Adj.AnnualRental]]*(1+$I109)^(6))","v":5119754.4635049123},{"$f":"(Table_Provincial_GTAC3536[[#This Row],[Adj.AnnualRental]]*(1+$I109)^(7))","v":5529334.8205853058}]
[142,{"$f":"VLOOKUP($A110,DATA2!$A$2:$S$607,2,FALSE)","v":"KZN"},{"$f":"VLOOKUP($A110,DATA2!$A$2:$S$607,3,FALSE)","v":"KwaZulu-Natal"},{"$f":"VLOOKUP($A110,DATA2!$A$2:$S$607,4,FALSE)","v":127.41404432132964},{"$f":"VLOOKUP($A110,DATA2!$A$2:$S$607,5,FALSE)","v":77.5},{"$f":"VLOOKUP($A110,DATA2!$A$2:$S$607,6,FALSE)","v":"VTSD"},{"$f":"VLOOKUP($A110,DATA2!$A$2:$S$607,7,FALSE)","v":361},{"$f":"VLOOKUP($A110,DATA2!$A$2:$S$607,8,FALSE)","v":true},{"$f":"VLOOKUP($A110,DATA2!$A$2:$S$607,9,FALSE)","v":0.08},303859.48,{"$f":"VLOOKUP($A110,DATA2!$A$2:$S$607,10,FALSE)","v":45996.47},{"$f":"VLOOKUP($A110,DATA2!$A$2:$S$607,11,FALSE)","v":551957.64},{"$f":"VLOOKUP($A110,DATA2!$A$2:$S$607,12,FALSE)","v":"2014-10-01"},{"$f":"VLOOKUP($A110,DATA2!$A$2:$S$607,13,FALSE)","v":"2017-09-30"},{"$f":"VLOOKUP($A110,DATA2!$A$2:$S$607,14,FALSE)","v":"No"},{"$f":"IF(MATRIX2!D110=1,($Y$8-$X$2)/365*Table_Provincial_GTAC3536[[#This Row],[Adj.AnnualRental]]*MATRIX2!D110,($Y$8-$X$2)/365*Table_Provincial_GTAC3536[[#This Row],[Adj.AnnualRental]])","v":181465.52547945204},{"$f":"(Table_Provincial_GTAC3536[[#This Row],[Adj.AnnualRental]]*(1+$I110)^(2))","v":643803.3912960001},{"$f":"(Table_Provincial_GTAC3536[[#This Row],[Adj.AnnualRental]]*(1+$I110)^(3))","v":695307.66259968013},{"$f":"(Table_Provincial_GTAC3536[[#This Row],[Adj.AnnualRental]]*(1+$I110)^(4))","v":750932.27560765459},{"$f":"(Table_Provincial_GTAC3536[[#This Row],[Adj.AnnualRental]]*(1+$I110)^(5))","v":811006.85765626701},{"$f":"(Table_Provincial_GTAC3536[[#This Row],[Adj.AnnualRental]]*(1+$I110)^(6))","v":875887.40626876836},{"$f":"(Table_Provincial_GTAC3536[[#This Row],[Adj.AnnualRental]]*(1+$I110)^(7))","v":945958.39877026994}]
[143,{"$f":"VLOOKUP($A111,DATA2!$A$2:$S$607,2,FALSE)","v":"KZN"},{"$f":"VLOOKUP($A111,DATA2!$A$2:$S$607,3,FALSE)","v":"KwaZulu-Natal"},{"$f":"VLOOKUP($A111,DATA2!$A$2:$S$607,4,FALSE)","v":106.55581081081081},{"$f":"VLOOKUP($A111,DATA2!$A$2:$S$607,5,FALSE)","v":87.5},{"$f":"VLOOKUP($A111,DATA2!$A$2:$S$607,6,FALSE)","v":"VTSD"},{"$f":"VLOOKUP($A111,DATA2!$A$2:$S$607,7,FALSE)","v":222},{"$f":"VLOOKUP($A111,DATA2!$A$2:$S$607,8,FALSE)","v":true},{"$f":"VLOOKUP($A111,DATA2!$A$2:$S$607,9,FALSE)","v":0.08},59292.47,{"$f":"VLOOKUP($A111,DATA2!$A$2:$S$607,10,FALSE)","v":23655.39},{"$f":"VLOOKUP($A111,DATA2!$A$2:$S$607,11,FALSE)","v":283864.68},{"$f":"VLOOKUP($A111,DATA2!$A$2:$S$607,12,FALSE)","v":"2017-03-01"},{"$f":"VLOOKUP($A111,DATA2!$A$2:$S$607,13,FALSE)","v":"2019-02-28"},{"$f":"VLOOKUP($A111,DATA2!$A$2:$S$607,14,FALSE)","v":"No"},{"$f":"IF(MATRIX2!D111=1,($Y$8-$X$2)/365*Table_Provincial_GTAC3536[[#This Row],[Adj.AnnualRental]]*MATRIX2!D111,($Y$8-$X$2)/365*Table_Provincial_GTAC3536[[#This Row],[Adj.AnnualRental]])","v":93325.374246575331},{"$f":"(Table_Provincial_GTAC3536[[#This Row],[Adj.AnnualRental]]*(1+$I111)^(2))","v":331099.76275200001},{"$f":"(Table_Provincial_GTAC3536[[#This Row],[Adj.AnnualRental]]*(1+$I111)^(3))","v":357587.74377216003},{"$f":"(Table_Provincial_GTAC3536[[#This Row],[Adj.AnnualRental]]*(1+$I111)^(4))","v":386194.76327393285},{"$f":"(Table_Provincial_GTAC3536[[#This Row],[Adj.AnnualRental]]*(1+$I111)^(5))","v":417090.34433584753},{"$f":"(Table_Provincial_GTAC3536[[#This Row],[Adj.AnnualRental]]*(1+$I111)^(6))","v":450457.57188271539},{"$f":"(Table_Provincial_GTAC3536[[#This Row],[Adj.AnnualRental]]*(1+$I111)^(7))","v":486494.17763333261}]
[154,{"$f":"VLOOKUP($A112,DATA2!$A$2:$S$607,2,FALSE)","v":"KZN"},{"$f":"VLOOKUP($A112,DATA2!$A$2:$S$607,3,FALSE)","v":"KwaZulu-Natal"},{"$f":"VLOOKUP($A112,DATA2!$A$2:$S$607,4,FALSE)","v":81.786545454545461},{"$f":"VLOOKUP($A112,DATA2!$A$2:$S$607,5,FALSE)","v":65},{"$f":"VLOOKUP($A112,DATA2!$A$2:$S$607,6,FALSE)","v":"CBD"},{"$f":"VLOOKUP($A112,DATA2!$A$2:$S$607,7,FALSE)","v":3300},{"$f":"VLOOKUP($A112,DATA2!$A$2:$S$607,8,FALSE)","v":true},{"$f":"VLOOKUP($A112,DATA2!$A$2:$S$607,9,FALSE)","v":0},23655.39,{"$f":"VLOOKUP($A112,DATA2!$A$2:$S$607,10,FALSE)","v":269895.59999999998},{"$f":"VLOOKUP($A112,DATA2!$A$2:$S$607,11,FALSE)","v":3238747.2},{"$f":"VLOOKUP($A112,DATA2!$A$2:$S$607,12,FALSE)","v":"2015-12-01"},{"$f":"VLOOKUP($A112,DATA2!$A$2:$S$607,13,FALSE)","v":"2016-11-30"},{"$f":"VLOOKUP($A112,DATA2!$A$2:$S$607,14,FALSE)","v":"Yes"},{"$f":"IF(MATRIX2!D112=1,($Y$8-$X$2)/365*Table_Provincial_GTAC3536[[#This Row],[Adj.AnnualRental]]*MATRIX2!D112,($Y$8-$X$2)/365*Table_Provincial_GTAC3536[[#This Row],[Adj.AnnualRental]])","v":1064793.6000000001},{"$f":"(Table_Provincial_GTAC3536[[#This Row],[Adj.AnnualRental]]*(1+$I112)^(2))","v":3238747.2},{"$f":"(Table_Provincial_GTAC3536[[#This Row],[Adj.AnnualRental]]*(1+$I112)^(3))","v":3238747.2},{"$f":"(Table_Provincial_GTAC3536[[#This Row],[Adj.AnnualRental]]*(1+$I112)^(4))","v":3238747.2},{"$f":"(Table_Provincial_GTAC3536[[#This Row],[Adj.AnnualRental]]*(1+$I112)^(5))","v":3238747.2},{"$f":"(Table_Provincial_GTAC3536[[#This Row],[Adj.AnnualRental]]*(1+$I112)^(6))","v":3238747.2},{"$f":"(Table_Provincial_GTAC3536[[#This Row],[Adj.AnnualRental]]*(1+$I112)^(7))","v":3238747.2}]
[155,{"$f":"VLOOKUP($A113,DATA2!$A$2:$S$607,2,FALSE)","v":"KZN"},{"$f":"VLOOKUP($A113,DATA2!$A$2:$S$607,3,FALSE)","v":"KwaZulu-Natal"},{"$f":"VLOOKUP($A113,DATA2!$A$2:$S$607,4,FALSE)","v":98.28847405112316},{"$f":"VLOOKUP($A113,DATA2!$A$2:$S$607,5,FALSE)","v":65},{"$f":"VLOOKUP($A113,DATA2!$A$2:$S$607,6,FALSE)","v":"CBD"},{"$f":"VLOOKUP($A113,DATA2!$A$2:$S$607,7,FALSE)","v":645.5},{"$f":"VLOOKUP($A113,DATA2!$A$2:$S$607,8,FALSE)","v":true},{"$f":"VLOOKUP($A113,DATA2!$A$2:$S$607,9,FALSE)","v":0.08},336726.6,{"$f":"VLOOKUP($A113,DATA2!$A$2:$S$607,10,FALSE)","v":63445.21},{"$f":"VLOOKUP($A113,DATA2!$A$2:$S$607,11,FALSE)","v":761342.52},{"$f":"VLOOKUP($A113,DATA2!$A$2:$S$607,12,FALSE)","v":"2015-04-01"},{"$f":"VLOOKUP($A113,DATA2!$A$2:$S$607,13,FALSE)","v":"2018-03-31"},{"$f":"VLOOKUP($A113,DATA2!$A$2:$S$607,14,FALSE)","v":"No"},{"$f":"IF(MATRIX2!D113=1,($Y$8-$X$2)/365*Table_Provincial_GTAC3536[[#This Row],[Adj.AnnualRental]]*MATRIX2!D113,($Y$8-$X$2)/365*Table_Provincial_GTAC3536[[#This Row],[Adj.AnnualRental]])","v":250304.3901369863},{"$f":"(Table_Provincial_GTAC3536[[#This Row],[Adj.AnnualRental]]*(1+$I113)^(2))","v":888029.91532800009},{"$f":"(Table_Provincial_GTAC3536[[#This Row],[Adj.AnnualRental]]*(1+$I113)^(3))","v":959072.30855424015},{"$f":"(Table_Provincial_GTAC3536[[#This Row],[Adj.AnnualRental]]*(1+$I113)^(4))","v":1035798.0932385795},{"$f":"(Table_Provincial_GTAC3536[[#This Row],[Adj.AnnualRental]]*(1+$I113)^(5))","v":1118661.9406976658},{"$f":"(Table_Provincial_GTAC3536[[#This Row],[Adj.AnnualRental]]*(1+$I113)^(6))","v":1208154.8959534792},{"$f":"(Table_Provincial_GTAC3536[[#This Row],[Adj.AnnualRental]]*(1+$I113)^(7))","v":1304807.2876297575}]
[156,{"$f":"VLOOKUP($A114,DATA2!$A$2:$S$607,2,FALSE)","v":"KZN"},{"$f":"VLOOKUP($A114,DATA2!$A$2:$S$607,3,FALSE)","v":"KwaZulu-Natal"},{"$f":"VLOOKUP($A114,DATA2!$A$2:$S$607,4,FALSE)","v":110.09707643126998},{"$f":"VLOOKUP($A114,DATA2!$A$2:$S$607,5,FALSE)","v":65},{"$f":"VLOOKUP($A114,DATA2!$A$2:$S$607,6,FALSE)","v":"CBD"},{"$f":"VLOOKUP($A114,DATA2!$A$2:$S$607,7,FALSE)","v":6882},{"$f":"VLOOKUP($A114,DATA2!$A$2:$S$607,8,FALSE)","v":true},{"$f":"VLOOKUP($A114,DATA2!$A$2:$S$607,9,FALSE)","v":0},73645.210000000006,{"$f":"VLOOKUP($A114,DATA2!$A$2:$S$607,10,FALSE)","v":757688.08},{"$f":"VLOOKUP($A114,DATA2!$A$2:$S$607,11,FALSE)","v":9092256.9600000009},{"$f":"VLOOKUP($A114,DATA2!$A$2:$S$607,12,FALSE)","v":"2017-01-01"},{"$f":"VLOOKUP($A114,DATA2!$A$2:$S$607,13,FALSE)","v":"2017-06-30"},{"$f":"VLOOKUP($A114,DATA2!$A$2:$S$607,14,FALSE)","v":"Yes"},{"$f":"IF(MATRIX2!D114=1,($Y$8-$X$2)/365*Table_Provincial_GTAC3536[[#This Row],[Adj.AnnualRental]]*MATRIX2!D114,($Y$8-$X$2)/365*Table_Provincial_GTAC3536[[#This Row],[Adj.AnnualRental]])","v":2989235.1649315068},{"$f":"(Table_Provincial_GTAC3536[[#This Row],[Adj.AnnualRental]]*(1+$I114)^(2))","v":9092256.9600000009},{"$f":"(Table_Provincial_GTAC3536[[#This Row],[Adj.AnnualRental]]*(1+$I114)^(3))","v":9092256.9600000009},{"$f":"(Table_Provincial_GTAC3536[[#This Row],[Adj.AnnualRental]]*(1+$I114)^(4))","v":9092256.9600000009},{"$f":"(Table_Provincial_GTAC3536[[#This Row],[Adj.AnnualRental]]*(1+$I114)^(5))","v":9092256.9600000009},{"$f":"(Table_Provincial_GTAC3536[[#This Row],[Adj.AnnualRental]]*(1+$I114)^(6))","v":9092256.9600000009},{"$f":"(Table_Provincial_GTAC3536[[#This Row],[Adj.AnnualRental]]*(1+$I114)^(7))","v":9092256.9600000009}]
[157,{"$f":"VLOOKUP($A115,DATA2!$A$2:$S$607,2,FALSE)","v":"KZN"},{"$f":"VLOOKUP($A115,DATA2!$A$2:$S$607,3,FALSE)","v":"KwaZulu-Natal"},{"$f":"VLOOKUP($A115,DATA2!$A$2:$S$607,4,FALSE)","v":119.84085561497326},{"$f":"VLOOKUP($A115,DATA2!$A$2:$S$607,5,FALSE)","v":65},{"$f":"VLOOKUP($A115,DATA2!$A$2:$S$607,6,FALSE)","v":"VTSD"},{"$f":"VLOOKUP($A115,DATA2!$A$2:$S$607,7,FALSE)","v":374},{"$f":"VLOOKUP($A115,DATA2!$A$2:$S$607,8,FALSE)","v":true},{"$f":"VLOOKUP($A115,DATA2!$A$2:$S$607,9,FALSE)","v":0.08},789988.08,{"$f":"VLOOKUP($A115,DATA2!$A$2:$S$607,10,FALSE)","v":44820.480000000003},{"$f":"VLOOKUP($A115,DATA2!$A$2:$S$607,11,FALSE)","v":537845.76000000001},{"$f":"VLOOKUP($A115,DATA2!$A$2:$S$607,12,FALSE)","v":"2014-06-01"},{"$f":"VLOOKUP($A115,DATA2!$A$2:$S$607,13,FALSE)","v":"2019-05-31"},{"$f":"VLOOKUP($A115,DATA2!$A$2:$S$607,14,FALSE)","v":"No"},{"$f":"IF(MATRIX2!D115=1,($Y$8-$X$2)/365*Table_Provincial_GTAC3536[[#This Row],[Adj.AnnualRental]]*MATRIX2!D115,($Y$8-$X$2)/365*Table_Provincial_GTAC3536[[#This Row],[Adj.AnnualRental]])","v":176826.00328767122},{"$f":"(Table_Provincial_GTAC3536[[#This Row],[Adj.AnnualRental]]*(1+$I115)^(2))","v":627343.29446400004},{"$f":"(Table_Provincial_GTAC3536[[#This Row],[Adj.AnnualRental]]*(1+$I115)^(3))","v":677530.7580211201},{"$f":"(Table_Provincial_GTAC3536[[#This Row],[Adj.AnnualRental]]*(1+$I115)^(4))","v":731733.21866280981},{"$f":"(Table_Provincial_GTAC3536[[#This Row],[Adj.AnnualRental]]*(1+$I115)^(5))","v":790271.87615583453},{"$f":"(Table_Provincial_GTAC3536[[#This Row],[Adj.AnnualRental]]*(1+$I115)^(6))","v":853493.62624830147},{"$f":"(Table_Provincial_GTAC3536[[#This Row],[Adj.AnnualRental]]*(1+$I115)^(7))","v":921773.11634816555}]
[159,{"$f":"VLOOKUP($A116,DATA2!$A$2:$S$607,2,FALSE)","v":"KZN"},{"$f":"VLOOKUP($A116,DATA2!$A$2:$S$607,3,FALSE)","v":"KwaZulu-Natal"},{"$f":"VLOOKUP($A116,DATA2!$A$2:$S$607,4,FALSE)","v":103.78894308943089},{"$f":"VLOOKUP($A116,DATA2!$A$2:$S$607,5,FALSE)","v":77.5},{"$f":"VLOOKUP($A116,DATA2!$A$2:$S$607,6,FALSE)","v":"VTSD"},{"$f":"VLOOKUP($A116,DATA2!$A$2:$S$607,7,FALSE)","v":246},{"$f":"VLOOKUP($A116,DATA2!$A$2:$S$607,8,FALSE)","v":true},{"$f":"VLOOKUP($A116,DATA2!$A$2:$S$607,9,FALSE)","v":0.08},49070.48,{"$f":"VLOOKUP($A116,DATA2!$A$2:$S$607,10,FALSE)","v":25532.080000000002},{"$f":"VLOOKUP($A116,DATA2!$A$2:$S$607,11,FALSE)","v":306384.96000000002},{"$f":"VLOOKUP($A116,DATA2!$A$2:$S$607,12,FALSE)","v":"2012-06-01"},{"$f":"VLOOKUP($A116,DATA2!$A$2:$S$607,13,FALSE)","v":"2017-05-31"},{"$f":"VLOOKUP($A116,DATA2!$A$2:$S$607,14,FALSE)","v":"Yes"},{"$f":"IF(MATRIX2!D116=1,($Y$8-$X$2)/365*Table_Provincial_GTAC3536[[#This Row],[Adj.AnnualRental]]*MATRIX2!D116,($Y$8-$X$2)/365*Table_Provincial_GTAC3536[[#This Row],[Adj.AnnualRental]])","v":100729.30191780822},{"$f":"(Table_Provincial_GTAC3536[[#This Row],[Adj.AnnualRental]]*(1+$I116)^(2))","v":357367.41734400007},{"$f":"(Table_Provincial_GTAC3536[[#This Row],[Adj.AnnualRental]]*(1+$I116)^(3))","v":385956.81073152006},{"$f":"(Table_Provincial_GTAC3536[[#This Row],[Adj.AnnualRental]]*(1+$I116)^(4))","v":416833.35559004173},{"$f":"(Table_Provincial_GTAC3536[[#This Row],[Adj.AnnualRental]]*(1+$I116)^(5))","v":450180.02403724508},{"$f":"(Table_Provincial_GTAC3536[[#This Row],[Adj.AnnualRental]]*(1+$I116)^(6))","v":486194.4259602247},{"$f":"(Table_Provincial_GTAC3536[[#This Row],[Adj.AnnualRental]]*(1+$I116)^(7))","v":525089.98003704275}]
[160,{"$f":"VLOOKUP($A117,DATA2!$A$2:$S$607,2,FALSE)","v":"KZN"},{"$f":"VLOOKUP($A117,DATA2!$A$2:$S$607,3,FALSE)","v":"KwaZulu-Natal"},{"$f":"VLOOKUP($A117,DATA2!$A$2:$S$607,4,FALSE)","v":95.549252077562329},{"$f":"VLOOKUP($A117,DATA2!$A$2:$S$607,5,FALSE)","v":77.5},{"$f":"VLOOKUP($A117,DATA2!$A$2:$S$607,6,FALSE)","v":"VTSD"},{"$f":"VLOOKUP($A117,DATA2!$A$2:$S$607,7,FALSE)","v":361},{"$f":"VLOOKUP($A117,DATA2!$A$2:$S$607,8,FALSE)","v":true},{"$f":"VLOOKUP($A117,DATA2!$A$2:$S$607,9,FALSE)","v":0.08},29782.080000000002,{"$f":"VLOOKUP($A117,DATA2!$A$2:$S$607,10,FALSE)","v":34493.279999999999},{"$f":"VLOOKUP($A117,DATA2!$A$2:$S$607,11,FALSE)","v":413919.36},{"$f":"VLOOKUP($A117,DATA2!$A$2:$S$607,12,FALSE)","v":"2013-07-01"},{"$f":"VLOOKUP($A117,DATA2!$A$2:$S$607,13,FALSE)","v":"2018-06-30"},{"$f":"VLOOKUP($A117,DATA2!$A$2:$S$607,14,FALSE)","v":"No"},{"$f":"IF(MATRIX2!D117=1,($Y$8-$X$2)/365*Table_Provincial_GTAC3536[[#This Row],[Adj.AnnualRental]]*MATRIX2!D117,($Y$8-$X$2)/365*Table_Provincial_GTAC3536[[#This Row],[Adj.AnnualRental]])","v":136083.07726027397},{"$f":"(Table_Provincial_GTAC3536[[#This Row],[Adj.AnnualRental]]*(1+$I117)^(2))","v":482795.54150400002},{"$f":"(Table_Provincial_GTAC3536[[#This Row],[Adj.AnnualRental]]*(1+$I117)^(3))","v":521419.18482432002},{"$f":"(Table_Provincial_GTAC3536[[#This Row],[Adj.AnnualRental]]*(1+$I117)^(4))","v":563132.71961026569},{"$f":"(Table_Provincial_GTAC3536[[#This Row],[Adj.AnnualRental]]*(1+$I117)^(5))","v":608183.33717908699},{"$f":"(Table_Provincial_GTAC3536[[#This Row],[Adj.AnnualRental]]*(1+$I117)^(6))","v":656838.00415341405},{"$f":"(Table_Provincial_GTAC3536[[#This Row],[Adj.AnnualRental]]*(1+$I117)^(7))","v":709385.04448568716}]
[161,{"$f":"VLOOKUP($A118,DATA2!$A$2:$S$607,2,FALSE)","v":"KZN"},{"$f":"VLOOKUP($A118,DATA2!$A$2:$S$607,3,FALSE)","v":"KwaZulu-Natal"},{"$f":"VLOOKUP($A118,DATA2!$A$2:$S$607,4,FALSE)","v":109.22370572207085},{"$f":"VLOOKUP($A118,DATA2!$A$2:$S$607,5,FALSE)","v":110},{"$f":"VLOOKUP($A118,DATA2!$A$2:$S$607,6,FALSE)","v":"CBD"},{"$f":"VLOOKUP($A118,DATA2!$A$2:$S$607,7,FALSE)","v":2569},{"$f":"VLOOKUP($A118,DATA2!$A$2:$S$607,8,FALSE)","v":true},{"$f":"VLOOKUP($A118,DATA2!$A$2:$S$607,9,FALSE)","v":0},34493.279999999999,{"$f":"VLOOKUP($A118,DATA2!$A$2:$S$607,10,FALSE)","v":280595.7},{"$f":"VLOOKUP($A118,DATA2!$A$2:$S$607,11,FALSE)","v":3367148.4},{"$f":"VLOOKUP($A118,DATA2!$A$2:$S$607,12,FALSE)","v":"2015-04-01"},{"$f":"VLOOKUP($A118,DATA2!$A$2:$S$607,13,FALSE)","v":"2017-03-31"},{"$f":"VLOOKUP($A118,DATA2!$A$2:$S$607,14,FALSE)","v":"Yes"},{"$f":"IF(MATRIX2!D118=1,($Y$8-$X$2)/365*Table_Provincial_GTAC3536[[#This Row],[Adj.AnnualRental]]*MATRIX2!D118,($Y$8-$X$2)/365*Table_Provincial_GTAC3536[[#This Row],[Adj.AnnualRental]])","v":1107007.6931506849},{"$f":"(Table_Provincial_GTAC3536[[#This Row],[Adj.AnnualRental]]*(1+$I118)^(2))","v":3367148.4},{"$f":"(Table_Provincial_GTAC3536[[#This Row],[Adj.AnnualRental]]*(1+$I118)^(3))","v":3367148.4},{"$f":"(Table_Provincial_GTAC3536[[#This Row],[Adj.AnnualRental]]*(1+$I118)^(4))","v":3367148.4},{"$f":"(Table_Provincial_GTAC3536[[#This Row],[Adj.AnnualRental]]*(1+$I118)^(5))","v":3367148.4},{"$f":"(Table_Provincial_GTAC3536[[#This Row],[Adj.AnnualRental]]*(1+$I118)^(6))","v":3367148.4},{"$f":"(Table_Provincial_GTAC3536[[#This Row],[Adj.AnnualRental]]*(1+$I118)^(7))","v":3367148.4}]
[162,{"$f":"VLOOKUP($A119,DATA2!$A$2:$S$607,2,FALSE)","v":"KZN"},{"$f":"VLOOKUP($A119,DATA2!$A$2:$S$607,3,FALSE)","v":"KwaZulu-Natal"},{"$f":"VLOOKUP($A119,DATA2!$A$2:$S$607,4,FALSE)","v":119.40767419962336},{"$f":"VLOOKUP($A119,DATA2!$A$2:$S$607,5,FALSE)","v":110},{"$f":"VLOOKUP($A119,DATA2!$A$2:$S$607,6,FALSE)","v":"CBD"},{"$f":"VLOOKUP($A119,DATA2!$A$2:$S$607,7,FALSE)","v":2124},{"$f":"VLOOKUP($A119,DATA2!$A$2:$S$607,8,FALSE)","v":true},{"$f":"VLOOKUP($A119,DATA2!$A$2:$S$607,9,FALSE)","v":0},297545.7,{"$f":"VLOOKUP($A119,DATA2!$A$2:$S$607,10,FALSE)","v":253621.9},{"$f":"VLOOKUP($A119,DATA2!$A$2:$S$607,11,FALSE)","v":3043462.8},{"$f":"VLOOKUP($A119,DATA2!$A$2:$S$607,12,FALSE)","v":"2016-01-01"},{"$f":"VLOOKUP($A119,DATA2!$A$2:$S$607,13,FALSE)","v":"2016-12-31"},{"$f":"VLOOKUP($A119,DATA2!$A$2:$S$607,14,FALSE)","v":"Yes"},{"$f":"IF(MATRIX2!D119=1,($Y$8-$X$2)/365*Table_Provincial_GTAC3536[[#This Row],[Adj.AnnualRental]]*MATRIX2!D119,($Y$8-$X$2)/365*Table_Provincial_GTAC3536[[#This Row],[Adj.AnnualRental]])","v":1000590.509589041},{"$f":"(Table_Provincial_GTAC3536[[#This Row],[Adj.AnnualRental]]*(1+$I119)^(2))","v":3043462.8},{"$f":"(Table_Provincial_GTAC3536[[#This Row],[Adj.AnnualRental]]*(1+$I119)^(3))","v":3043462.8},{"$f":"(Table_Provincial_GTAC3536[[#This Row],[Adj.AnnualRental]]*(1+$I119)^(4))","v":3043462.8},{"$f":"(Table_Provincial_GTAC3536[[#This Row],[Adj.AnnualRental]]*(1+$I119)^(5))","v":3043462.8},{"$f":"(Table_Provincial_GTAC3536[[#This Row],[Adj.AnnualRental]]*(1+$I119)^(6))","v":3043462.8},{"$f":"(Table_Provincial_GTAC3536[[#This Row],[Adj.AnnualRental]]*(1+$I119)^(7))","v":3043462.8}]
[164,{"$f":"VLOOKUP($A120,DATA2!$A$2:$S$607,2,FALSE)","v":"KZN"},{"$f":"VLOOKUP($A120,DATA2!$A$2:$S$607,3,FALSE)","v":"KwaZulu-Natal"},{"$f":"VLOOKUP($A120,DATA2!$A$2:$S$607,4,FALSE)","v":78.311146953405014},{"$f":"VLOOKUP($A120,DATA2!$A$2:$S$607,5,FALSE)","v":110},{"$f":"VLOOKUP($A120,DATA2!$A$2:$S$607,6,FALSE)","v":"MAIN CENTRE"},{"$f":"VLOOKUP($A120,DATA2!$A$2:$S$607,7,FALSE)","v":837},{"$f":"VLOOKUP($A120,DATA2!$A$2:$S$607,8,FALSE)","v":true},{"$f":"VLOOKUP($A120,DATA2!$A$2:$S$607,9,FALSE)","v":0.08},272534,{"$f":"VLOOKUP($A120,DATA2!$A$2:$S$607,10,FALSE)","v":65546.429999999993},{"$f":"VLOOKUP($A120,DATA2!$A$2:$S$607,11,FALSE)","v":786557.16},{"$f":"VLOOKUP($A120,DATA2!$A$2:$S$607,12,FALSE)","v":"2015-10-01"},{"$f":"VLOOKUP($A120,DATA2!$A$2:$S$607,13,FALSE)","v":"2020-09-30"},{"$f":"VLOOKUP($A120,DATA2!$A$2:$S$607,14,FALSE)","v":"No"},{"$f":"IF(MATRIX2!D120=1,($Y$8-$X$2)/365*Table_Provincial_GTAC3536[[#This Row],[Adj.AnnualRental]]*MATRIX2!D120,($Y$8-$X$2)/365*Table_Provincial_GTAC3536[[#This Row],[Adj.AnnualRental]])","v":258594.13479452053},{"$f":"(Table_Provincial_GTAC3536[[#This Row],[Adj.AnnualRental]]*(1+$I120)^(2))","v":917440.27142400015},{"$f":"(Table_Provincial_GTAC3536[[#This Row],[Adj.AnnualRental]]*(1+$I120)^(3))","v":990835.49313792016},{"$f":"(Table_Provincial_GTAC3536[[#This Row],[Adj.AnnualRental]]*(1+$I120)^(4))","v":1070102.3325889539},{"$f":"(Table_Provincial_GTAC3536[[#This Row],[Adj.AnnualRental]]*(1+$I120)^(5))","v":1155710.5191960703},{"$f":"(Table_Provincial_GTAC3536[[#This Row],[Adj.AnnualRental]]*(1+$I120)^(6))","v":1248167.3607317558},{"$f":"(Table_Provincial_GTAC3536[[#This Row],[Adj.AnnualRental]]*(1+$I120)^(7))","v":1348020.7495902965}]
[165,{"$f":"VLOOKUP($A121,DATA2!$A$2:$S$607,2,FALSE)","v":"KZN"},{"$f":"VLOOKUP($A121,DATA2!$A$2:$S$607,3,FALSE)","v":"KwaZulu-Natal"},{"$f":"VLOOKUP($A121,DATA2!$A$2:$S$607,4,FALSE)","v":110.48913151364765},{"$f":"VLOOKUP($A121,DATA2!$A$2:$S$607,5,FALSE)","v":77.5},{"$f":"VLOOKUP($A121,DATA2!$A$2:$S$607,6,FALSE)","v":"VTSD"},{"$f":"VLOOKUP($A121,DATA2!$A$2:$S$607,7,FALSE)","v":403},{"$f":"VLOOKUP($A121,DATA2!$A$2:$S$607,8,FALSE)","v":true},{"$f":"VLOOKUP($A121,DATA2!$A$2:$S$607,9,FALSE)","v":0.08},14079.27,{"$f":"VLOOKUP($A121,DATA2!$A$2:$S$607,10,FALSE)","v":44527.12},{"$f":"VLOOKUP($A121,DATA2!$A$2:$S$607,11,FALSE)","v":534325.43999999994},{"$f":"VLOOKUP($A121,DATA2!$A$2:$S$607,12,FALSE)","v":"2016-06-01"},{"$f":"VLOOKUP($A121,DATA2!$A$2:$S$607,13,FALSE)","v":"2021-05-31"},{"$f":"VLOOKUP($A121,DATA2!$A$2:$S$607,14,FALSE)","v":"No"},{"$f":"IF(MATRIX2!D121=1,($Y$8-$X$2)/365*Table_Provincial_GTAC3536[[#This Row],[Adj.AnnualRental]]*MATRIX2!D121,($Y$8-$X$2)/365*Table_Provincial_GTAC3536[[#This Row],[Adj.AnnualRental]])","v":175668.63780821915},{"$f":"(Table_Provincial_GTAC3536[[#This Row],[Adj.AnnualRental]]*(1+$I121)^(2))","v":623237.19321599999},{"$f":"(Table_Provincial_GTAC3536[[#This Row],[Adj.AnnualRental]]*(1+$I121)^(3))","v":673096.16867328004},{"$f":"(Table_Provincial_GTAC3536[[#This Row],[Adj.AnnualRental]]*(1+$I121)^(4))","v":726943.86216714245},{"$f":"(Table_Provincial_GTAC3536[[#This Row],[Adj.AnnualRental]]*(1+$I121)^(5))","v":785099.37114051392},{"$f":"(Table_Provincial_GTAC3536[[#This Row],[Adj.AnnualRental]]*(1+$I121)^(6))","v":847907.32083175506},{"$f":"(Table_Provincial_GTAC3536[[#This Row],[Adj.AnnualRental]]*(1+$I121)^(7))","v":915739.90649829549}]
[166,{"$f":"VLOOKUP($A122,DATA2!$A$2:$S$607,2,FALSE)","v":"KZN"},{"$f":"VLOOKUP($A122,DATA2!$A$2:$S$607,3,FALSE)","v":"KwaZulu-Natal"},{"$f":"VLOOKUP($A122,DATA2!$A$2:$S$607,4,FALSE)","v":164.88099657534246},{"$f":"VLOOKUP($A122,DATA2!$A$2:$S$607,5,FALSE)","v":110},{"$f":"VLOOKUP($A122,DATA2!$A$2:$S$607,6,FALSE)","v":"MAIN CENTRE"},{"$f":"VLOOKUP($A122,DATA2!$A$2:$S$607,7,FALSE)","v":2920},{"$f":"VLOOKUP($A122,DATA2!$A$2:$S$607,8,FALSE)","v":true},{"$f":"VLOOKUP($A122,DATA2!$A$2:$S$607,9,FALSE)","v":7.0000000000000007E-2},53508.92,{"$f":"VLOOKUP($A122,DATA2!$A$2:$S$607,10,FALSE)","v":481452.51},{"$f":"VLOOKUP($A122,DATA2!$A$2:$S$607,11,FALSE)","v":5777430.1200000001},{"$f":"VLOOKUP($A122,DATA2!$A$2:$S$607,12,FALSE)","v":"2014-04-01"},{"$f":"VLOOKUP($A122,DATA2!$A$2:$S$607,13,FALSE)","v":"2019-03-31"},{"$f":"VLOOKUP($A122,DATA2!$A$2:$S$607,14,FALSE)","v":"No"},{"$f":"IF(MATRIX2!D122=1,($Y$8-$X$2)/365*Table_Provincial_GTAC3536[[#This Row],[Adj.AnnualRental]]*MATRIX2!D122,($Y$8-$X$2)/365*Table_Provincial_GTAC3536[[#This Row],[Adj.AnnualRental]])","v":1899429.0805479451},{"$f":"(Table_Provincial_GTAC3536[[#This Row],[Adj.AnnualRental]]*(1+$I122)^(2))","v":6614579.7443880001},{"$f":"(Table_Provincial_GTAC3536[[#This Row],[Adj.AnnualRental]]*(1+$I122)^(3))","v":7077600.3264951603},{"$f":"(Table_Provincial_GTAC3536[[#This Row],[Adj.AnnualRental]]*(1+$I122)^(4))","v":7573032.349349821},{"$f":"(Table_Provincial_GTAC3536[[#This Row],[Adj.AnnualRental]]*(1+$I122)^(5))","v":8103144.6138043096},{"$f":"(Table_Provincial_GTAC3536[[#This Row],[Adj.AnnualRental]]*(1+$I122)^(6))","v":8670364.7367706113},{"$f":"(Table_Provincial_GTAC3536[[#This Row],[Adj.AnnualRental]]*(1+$I122)^(7))","v":9277290.2683445551}]
[169,{"$f":"VLOOKUP($A123,DATA2!$A$2:$S$607,2,FALSE)","v":"KZN"},{"$f":"VLOOKUP($A123,DATA2!$A$2:$S$607,3,FALSE)","v":"KwaZulu-Natal"},{"$f":"VLOOKUP($A123,DATA2!$A$2:$S$607,4,FALSE)","v":136.42681643132221},{"$f":"VLOOKUP($A123,DATA2!$A$2:$S$607,5,FALSE)","v":65},{"$f":"VLOOKUP($A123,DATA2!$A$2:$S$607,6,FALSE)","v":"CBD"},{"$f":"VLOOKUP($A123,DATA2!$A$2:$S$607,7,FALSE)","v":779},{"$f":"VLOOKUP($A123,DATA2!$A$2:$S$607,8,FALSE)","v":true},{"$f":"VLOOKUP($A123,DATA2!$A$2:$S$607,9,FALSE)","v":0.08},305909.65000000002,{"$f":"VLOOKUP($A123,DATA2!$A$2:$S$607,10,FALSE)","v":106276.49},{"$f":"VLOOKUP($A123,DATA2!$A$2:$S$607,11,FALSE)","v":1275317.8799999999},{"$f":"VLOOKUP($A123,DATA2!$A$2:$S$607,12,FALSE)","v":"2014-04-01"},{"$f":"VLOOKUP($A123,DATA2!$A$2:$S$607,13,FALSE)","v":"2019-03-31"},{"$f":"VLOOKUP($A123,DATA2!$A$2:$S$607,14,FALSE)","v":"No"},{"$f":"IF(MATRIX2!D123=1,($Y$8-$X$2)/365*Table_Provincial_GTAC3536[[#This Row],[Adj.AnnualRental]]*MATRIX2!D123,($Y$8-$X$2)/365*Table_Provincial_GTAC3536[[#This Row],[Adj.AnnualRental]])","v":419282.59068493143},{"$f":"(Table_Provincial_GTAC3536[[#This Row],[Adj.AnnualRental]]*(1+$I123)^(2))","v":1487530.775232},{"$f":"(Table_Provincial_GTAC3536[[#This Row],[Adj.AnnualRental]]*(1+$I123)^(3))","v":1606533.23725056},{"$f":"(Table_Provincial_GTAC3536[[#This Row],[Adj.AnnualRental]]*(1+$I123)^(4))","v":1735055.896230605},{"$f":"(Table_Provincial_GTAC3536[[#This Row],[Adj.AnnualRental]]*(1+$I123)^(5))","v":1873860.3679290535},{"$f":"(Table_Provincial_GTAC3536[[#This Row],[Adj.AnnualRental]]*(1+$I123)^(6))","v":2023769.197363378},{"$f":"(Table_Provincial_GTAC3536[[#This Row],[Adj.AnnualRental]]*(1+$I123)^(7))","v":2185670.7331524482}]
[171,{"$f":"VLOOKUP($A124,DATA2!$A$2:$S$607,2,FALSE)","v":"KZN"},{"$f":"VLOOKUP($A124,DATA2!$A$2:$S$607,3,FALSE)","v":"KwaZulu-Natal"},{"$f":"VLOOKUP($A124,DATA2!$A$2:$S$607,4,FALSE)","v":59.910158730158727},{"$f":"VLOOKUP($A124,DATA2!$A$2:$S$607,5,FALSE)","v":65},{"$f":"VLOOKUP($A124,DATA2!$A$2:$S$607,6,FALSE)","v":"CBD"},{"$f":"VLOOKUP($A124,DATA2!$A$2:$S$607,7,FALSE)","v":252},{"$f":"VLOOKUP($A124,DATA2!$A$2:$S$607,8,FALSE)","v":true},{"$f":"VLOOKUP($A124,DATA2!$A$2:$S$607,9,FALSE)","v":0.08},98710.56,{"$f":"VLOOKUP($A124,DATA2!$A$2:$S$607,10,FALSE)","v":15097.36},{"$f":"VLOOKUP($A124,DATA2!$A$2:$S$607,11,FALSE)","v":181168.32},{"$f":"VLOOKUP($A124,DATA2!$A$2:$S$607,12,FALSE)","v":"2015-09-01"},{"$f":"VLOOKUP($A124,DATA2!$A$2:$S$607,13,FALSE)","v":"2018-07-31"},{"$f":"VLOOKUP($A124,DATA2!$A$2:$S$607,14,FALSE)","v":"No"},{"$f":"IF(MATRIX2!D124=1,($Y$8-$X$2)/365*Table_Provincial_GTAC3536[[#This Row],[Adj.AnnualRental]]*MATRIX2!D124,($Y$8-$X$2)/365*Table_Provincial_GTAC3536[[#This Row],[Adj.AnnualRental]])","v":59562.18739726027},{"$f":"(Table_Provincial_GTAC3536[[#This Row],[Adj.AnnualRental]]*(1+$I124)^(2))","v":211314.72844800004},{"$f":"(Table_Provincial_GTAC3536[[#This Row],[Adj.AnnualRental]]*(1+$I124)^(3))","v":228219.90672384005},{"$f":"(Table_Provincial_GTAC3536[[#This Row],[Adj.AnnualRental]]*(1+$I124)^(4))","v":246477.49926174726},{"$f":"(Table_Provincial_GTAC3536[[#This Row],[Adj.AnnualRental]]*(1+$I124)^(5))","v":266195.69920268707},{"$f":"(Table_Provincial_GTAC3536[[#This Row],[Adj.AnnualRental]]*(1+$I124)^(6))","v":287491.35513890203},{"$f":"(Table_Provincial_GTAC3536[[#This Row],[Adj.AnnualRental]]*(1+$I124)^(7))","v":310490.6635500142}]
[172,{"$f":"VLOOKUP($A125,DATA2!$A$2:$S$607,2,FALSE)","v":"KZN"},{"$f":"VLOOKUP($A125,DATA2!$A$2:$S$607,3,FALSE)","v":"KwaZulu-Natal"},{"$f":"VLOOKUP($A125,DATA2!$A$2:$S$607,4,FALSE)","v":79.402611764705881},{"$f":"VLOOKUP($A125,DATA2!$A$2:$S$607,5,FALSE)","v":65},{"$f":"VLOOKUP($A125,DATA2!$A$2:$S$607,6,FALSE)","v":"VTSD"},{"$f":"VLOOKUP($A125,DATA2!$A$2:$S$607,7,FALSE)","v":850},{"$f":"VLOOKUP($A125,DATA2!$A$2:$S$607,8,FALSE)","v":true},{"$f":"VLOOKUP($A125,DATA2!$A$2:$S$607,9,FALSE)","v":0.1},94182.97,{"$f":"VLOOKUP($A125,DATA2!$A$2:$S$607,10,FALSE)","v":67492.22},{"$f":"VLOOKUP($A125,DATA2!$A$2:$S$607,11,FALSE)","v":809906.64},{"$f":"VLOOKUP($A125,DATA2!$A$2:$S$607,12,FALSE)","v":"2013-11-01"},{"$f":"VLOOKUP($A125,DATA2!$A$2:$S$607,13,FALSE)","v":"2018-10-31"},{"$f":"VLOOKUP($A125,DATA2!$A$2:$S$607,14,FALSE)","v":"No"},{"$f":"IF(MATRIX2!D125=1,($Y$8-$X$2)/365*Table_Provincial_GTAC3536[[#This Row],[Adj.AnnualRental]]*MATRIX2!D125,($Y$8-$X$2)/365*Table_Provincial_GTAC3536[[#This Row],[Adj.AnnualRental]])","v":266270.67616438353},{"$f":"(Table_Provincial_GTAC3536[[#This Row],[Adj.AnnualRental]]*(1+$I125)^(2))","v":979987.03440000012},{"$f":"(Table_Provincial_GTAC3536[[#This Row],[Adj.AnnualRental]]*(1+$I125)^(3))","v":1077985.7378400003},{"$f":"(Table_Provincial_GTAC3536[[#This Row],[Adj.AnnualRental]]*(1+$I125)^(4))","v":1185784.3116240003},{"$f":"(Table_Provincial_GTAC3536[[#This Row],[Adj.AnnualRental]]*(1+$I125)^(5))","v":1304362.7427864005},{"$f":"(Table_Provincial_GTAC3536[[#This Row],[Adj.AnnualRental]]*(1+$I125)^(6))","v":1434799.0170650408},{"$f":"(Table_Provincial_GTAC3536[[#This Row],[Adj.AnnualRental]]*(1+$I125)^(7))","v":1578278.9187715449}]
[173,{"$f":"VLOOKUP($A126,DATA2!$A$2:$S$607,2,FALSE)","v":"KZN"},{"$f":"VLOOKUP($A126,DATA2!$A$2:$S$607,3,FALSE)","v":"KwaZulu-Natal"},{"$f":"VLOOKUP($A126,DATA2!$A$2:$S$607,4,FALSE)","v":88.656049999999993},{"$f":"VLOOKUP($A126,DATA2!$A$2:$S$607,5,FALSE)","v":77.5},{"$f":"VLOOKUP($A126,DATA2!$A$2:$S$607,6,FALSE)","v":"VTSD"},{"$f":"VLOOKUP($A126,DATA2!$A$2:$S$607,7,FALSE)","v":1800},{"$f":"VLOOKUP($A126,DATA2!$A$2:$S$607,8,FALSE)","v":true},{"$f":"VLOOKUP($A126,DATA2!$A$2:$S$607,9,FALSE)","v":7.0000000000000007E-2},190166.82,{"$f":"VLOOKUP($A126,DATA2!$A$2:$S$607,10,FALSE)","v":159580.89000000001},{"$f":"VLOOKUP($A126,DATA2!$A$2:$S$607,11,FALSE)","v":1914970.68},{"$f":"VLOOKUP($A126,DATA2!$A$2:$S$607,12,FALSE)","v":"2012-12-01"},{"$f":"VLOOKUP($A126,DATA2!$A$2:$S$607,13,FALSE)","v":"2017-11-30"},{"$f":"VLOOKUP($A126,DATA2!$A$2:$S$607,14,FALSE)","v":"No"},{"$f":"IF(MATRIX2!D126=1,($Y$8-$X$2)/365*Table_Provincial_GTAC3536[[#This Row],[Adj.AnnualRental]]*MATRIX2!D126,($Y$8-$X$2)/365*Table_Provincial_GTAC3536[[#This Row],[Adj.AnnualRental]])","v":629579.40164383559},{"$f":"(Table_Provincial_GTAC3536[[#This Row],[Adj.AnnualRental]]*(1+$I126)^(2))","v":2192449.9315320002},{"$f":"(Table_Provincial_GTAC3536[[#This Row],[Adj.AnnualRental]]*(1+$I126)^(3))","v":2345921.4267392401},{"$f":"(Table_Provincial_GTAC3536[[#This Row],[Adj.AnnualRental]]*(1+$I126)^(4))","v":2510135.9266109867},{"$f":"(Table_Provincial_GTAC3536[[#This Row],[Adj.AnnualRental]]*(1+$I126)^(5))","v":2685845.441473756},{"$f":"(Table_Provincial_GTAC3536[[#This Row],[Adj.AnnualRental]]*(1+$I126)^(6))","v":2873854.6223769188},{"$f":"(Table_Provincial_GTAC3536[[#This Row],[Adj.AnnualRental]]*(1+$I126)^(7))","v":3075024.4459433034}]
[174,{"$f":"VLOOKUP($A127,DATA2!$A$2:$S$607,2,FALSE)","v":"KZN"},{"$f":"VLOOKUP($A127,DATA2!$A$2:$S$607,3,FALSE)","v":"KwaZulu-Natal"},{"$f":"VLOOKUP($A127,DATA2!$A$2:$S$607,4,FALSE)","v":149.10334572490706},{"$f":"VLOOKUP($A127,DATA2!$A$2:$S$607,5,FALSE)","v":77.5},{"$f":"VLOOKUP($A127,DATA2!$A$2:$S$607,6,FALSE)","v":"VTSD"},{"$f":"VLOOKUP($A127,DATA2!$A$2:$S$607,7,FALSE)","v":538},{"$f":"VLOOKUP($A127,DATA2!$A$2:$S$607,8,FALSE)","v":true},{"$f":"VLOOKUP($A127,DATA2!$A$2:$S$607,9,FALSE)","v":0.1},220054.36,{"$f":"VLOOKUP($A127,DATA2!$A$2:$S$607,10,FALSE)","v":80217.600000000006},{"$f":"VLOOKUP($A127,DATA2!$A$2:$S$607,11,FALSE)","v":962611.19999999995},{"$f":"VLOOKUP($A127,DATA2!$A$2:$S$607,12,FALSE)","v":"2014-10-01"},{"$f":"VLOOKUP($A127,DATA2!$A$2:$S$607,13,FALSE)","v":"2019-09-30"},{"$f":"VLOOKUP($A127,DATA2!$A$2:$S$607,14,FALSE)","v":"No"},{"$f":"IF(MATRIX2!D127=1,($Y$8-$X$2)/365*Table_Provincial_GTAC3536[[#This Row],[Adj.AnnualRental]]*MATRIX2!D127,($Y$8-$X$2)/365*Table_Provincial_GTAC3536[[#This Row],[Adj.AnnualRental]])","v":316474.91506849311},{"$f":"(Table_Provincial_GTAC3536[[#This Row],[Adj.AnnualRental]]*(1+$I127)^(2))","v":1164759.5520000001},{"$f":"(Table_Provincial_GTAC3536[[#This Row],[Adj.AnnualRental]]*(1+$I127)^(3))","v":1281235.5072000003},{"$f":"(Table_Provincial_GTAC3536[[#This Row],[Adj.AnnualRental]]*(1+$I127)^(4))","v":1409359.0579200003},{"$f":"(Table_Provincial_GTAC3536[[#This Row],[Adj.AnnualRental]]*(1+$I127)^(5))","v":1550294.9637120005},{"$f":"(Table_Provincial_GTAC3536[[#This Row],[Adj.AnnualRental]]*(1+$I127)^(6))","v":1705324.4600832008},{"$f":"(Table_Provincial_GTAC3536[[#This Row],[Adj.AnnualRental]]*(1+$I127)^(7))","v":1875856.906091521}]
[175,{"$f":"VLOOKUP($A128,DATA2!$A$2:$S$607,2,FALSE)","v":"KZN"},{"$f":"VLOOKUP($A128,DATA2!$A$2:$S$607,3,FALSE)","v":"KwaZulu-Natal"},{"$f":"VLOOKUP($A128,DATA2!$A$2:$S$607,4,FALSE)","v":126.29904847396769},{"$f":"VLOOKUP($A128,DATA2!$A$2:$S$607,5,FALSE)","v":65},{"$f":"VLOOKUP($A128,DATA2!$A$2:$S$607,6,FALSE)","v":"CBD"},{"$f":"VLOOKUP($A128,DATA2!$A$2:$S$607,7,FALSE)","v":3342},{"$f":"VLOOKUP($A128,DATA2!$A$2:$S$607,8,FALSE)","v":true},{"$f":"VLOOKUP($A128,DATA2!$A$2:$S$607,9,FALSE)","v":0.08},101623.61,{"$f":"VLOOKUP($A128,DATA2!$A$2:$S$607,10,FALSE)","v":422091.42},{"$f":"VLOOKUP($A128,DATA2!$A$2:$S$607,11,FALSE)","v":5065097.04},{"$f":"VLOOKUP($A128,DATA2!$A$2:$S$607,12,FALSE)","v":"2016-08-01"},{"$f":"VLOOKUP($A128,DATA2!$A$2:$S$607,13,FALSE)","v":"2019-07-31"},{"$f":"VLOOKUP($A128,DATA2!$A$2:$S$607,14,FALSE)","v":"No"},{"$f":"IF(MATRIX2!D128=1,($Y$8-$X$2)/365*Table_Provincial_GTAC3536[[#This Row],[Adj.AnnualRental]]*MATRIX2!D128,($Y$8-$X$2)/365*Table_Provincial_GTAC3536[[#This Row],[Adj.AnnualRental]])","v":1665237.3830136985},{"$f":"(Table_Provincial_GTAC3536[[#This Row],[Adj.AnnualRental]]*(1+$I128)^(2))","v":5907929.1874560006},{"$f":"(Table_Provincial_GTAC3536[[#This Row],[Adj.AnnualRental]]*(1+$I128)^(3))","v":6380563.5224524811},{"$f":"(Table_Provincial_GTAC3536[[#This Row],[Adj.AnnualRental]]*(1+$I128)^(4))","v":6891008.6042486802},{"$f":"(Table_Provincial_GTAC3536[[#This Row],[Adj.AnnualRental]]*(1+$I128)^(5))","v":7442289.2925885748},{"$f":"(Table_Provincial_GTAC3536[[#This Row],[Adj.AnnualRental]]*(1+$I128)^(6))","v":8037672.4359956617},{"$f":"(Table_Provincial_GTAC3536[[#This Row],[Adj.AnnualRental]]*(1+$I128)^(7))","v":8680686.2308753151}]
[177,{"$f":"VLOOKUP($A129,DATA2!$A$2:$S$607,2,FALSE)","v":"KZN"},{"$f":"VLOOKUP($A129,DATA2!$A$2:$S$607,3,FALSE)","v":"KwaZulu-Natal"},{"$f":"VLOOKUP($A129,DATA2!$A$2:$S$607,4,FALSE)","v":107.0658875},{"$f":"VLOOKUP($A129,DATA2!$A$2:$S$607,5,FALSE)","v":65},{"$f":"VLOOKUP($A129,DATA2!$A$2:$S$607,6,FALSE)","v":"MAIN CENTRE"},{"$f":"VLOOKUP($A129,DATA2!$A$2:$S$607,7,FALSE)","v":1600},{"$f":"VLOOKUP($A129,DATA2!$A$2:$S$607,8,FALSE)","v":true},{"$f":"VLOOKUP($A129,DATA2!$A$2:$S$607,9,FALSE)","v":0.08},2247349.7599999998,{"$f":"VLOOKUP($A129,DATA2!$A$2:$S$607,10,FALSE)","v":171305.42},{"$f":"VLOOKUP($A129,DATA2!$A$2:$S$607,11,FALSE)","v":2055665.04},{"$f":"VLOOKUP($A129,DATA2!$A$2:$S$607,12,FALSE)","v":"2013-11-18"},{"$f":"VLOOKUP($A129,DATA2!$A$2:$S$607,13,FALSE)","v":"2018-11-17"},{"$f":"VLOOKUP($A129,DATA2!$A$2:$S$607,14,FALSE)","v":"No"},{"$f":"IF(MATRIX2!D129=1,($Y$8-$X$2)/365*Table_Provincial_GTAC3536[[#This Row],[Adj.AnnualRental]]*MATRIX2!D129,($Y$8-$X$2)/365*Table_Provincial_GTAC3536[[#This Row],[Adj.AnnualRental]])","v":675835.08164383564},{"$f":"(Table_Provincial_GTAC3536[[#This Row],[Adj.AnnualRental]]*(1+$I129)^(2))","v":2397727.7026560004},{"$f":"(Table_Provincial_GTAC3536[[#This Row],[Adj.AnnualRental]]*(1+$I129)^(3))","v":2589545.9188684803},{"$f":"(Table_Provincial_GTAC3536[[#This Row],[Adj.AnnualRental]]*(1+$I129)^(4))","v":2796709.5923779593},{"$f":"(Table_Provincial_GTAC3536[[#This Row],[Adj.AnnualRental]]*(1+$I129)^(5))","v":3020446.359768196},{"$f":"(Table_Provincial_GTAC3536[[#This Row],[Adj.AnnualRental]]*(1+$I129)^(6))","v":3262082.0685496517},{"$f":"(Table_Provincial_GTAC3536[[#This Row],[Adj.AnnualRental]]*(1+$I129)^(7))","v":3523048.6340336241}]
[179,{"$f":"VLOOKUP($A130,DATA2!$A$2:$S$607,2,FALSE)","v":"KZN"},{"$f":"VLOOKUP($A130,DATA2!$A$2:$S$607,3,FALSE)","v":"KwaZulu-Natal"},{"$f":"VLOOKUP($A130,DATA2!$A$2:$S$607,4,FALSE)","v":125.4},{"$f":"VLOOKUP($A130,DATA2!$A$2:$S$607,5,FALSE)","v":77.5},{"$f":"VLOOKUP($A130,DATA2!$A$2:$S$607,6,FALSE)","v":"VTSD"},{"$f":"VLOOKUP($A130,DATA2!$A$2:$S$607,7,FALSE)","v":744.05},{"$f":"VLOOKUP($A130,DATA2!$A$2:$S$607,8,FALSE)","v":true},{"$f":"VLOOKUP($A130,DATA2!$A$2:$S$607,9,FALSE)","v":7.0000000000000007E-2},90631.14,{"$f":"VLOOKUP($A130,DATA2!$A$2:$S$607,10,FALSE)","v":93303.87},{"$f":"VLOOKUP($A130,DATA2!$A$2:$S$607,11,FALSE)","v":1119646.44},{"$f":"VLOOKUP($A130,DATA2!$A$2:$S$607,12,FALSE)","v":"2016-01-01"},{"$f":"VLOOKUP($A130,DATA2!$A$2:$S$607,13,FALSE)","v":"2020-12-31"},{"$f":"VLOOKUP($A130,DATA2!$A$2:$S$607,14,FALSE)","v":"No"},{"$f":"IF(MATRIX2!D130=1,($Y$8-$X$2)/365*Table_Provincial_GTAC3536[[#This Row],[Adj.AnnualRental]]*MATRIX2!D130,($Y$8-$X$2)/365*Table_Provincial_GTAC3536[[#This Row],[Adj.AnnualRental]])","v":368102.93917808216},{"$f":"(Table_Provincial_GTAC3536[[#This Row],[Adj.AnnualRental]]*(1+$I130)^(2))","v":1281883.2091560001},{"$f":"(Table_Provincial_GTAC3536[[#This Row],[Adj.AnnualRental]]*(1+$I130)^(3))","v":1371615.03379692},{"$f":"(Table_Provincial_GTAC3536[[#This Row],[Adj.AnnualRental]]*(1+$I130)^(4))","v":1467628.0861627043},{"$f":"(Table_Provincial_GTAC3536[[#This Row],[Adj.AnnualRental]]*(1+$I130)^(5))","v":1570362.0521940938},{"$f":"(Table_Provincial_GTAC3536[[#This Row],[Adj.AnnualRental]]*(1+$I130)^(6))","v":1680287.3958476803},{"$f":"(Table_Provincial_GTAC3536[[#This Row],[Adj.AnnualRental]]*(1+$I130)^(7))","v":1797907.513557018}]
[180,{"$f":"VLOOKUP($A131,DATA2!$A$2:$S$607,2,FALSE)","v":"KZN"},{"$f":"VLOOKUP($A131,DATA2!$A$2:$S$607,3,FALSE)","v":"KwaZulu-Natal"},{"$f":"VLOOKUP($A131,DATA2!$A$2:$S$607,4,FALSE)","v":101.29157473902421},{"$f":"VLOOKUP($A131,DATA2!$A$2:$S$607,5,FALSE)","v":100},{"$f":"VLOOKUP($A131,DATA2!$A$2:$S$607,6,FALSE)","v":"VTSD"},{"$f":"VLOOKUP($A131,DATA2!$A$2:$S$607,7,FALSE)","v":1350.7},{"$f":"VLOOKUP($A131,DATA2!$A$2:$S$607,8,FALSE)","v":true},{"$f":"VLOOKUP($A131,DATA2!$A$2:$S$607,9,FALSE)","v":0.1},295055.94,{"$f":"VLOOKUP($A131,DATA2!$A$2:$S$607,10,FALSE)","v":136814.53},{"$f":"VLOOKUP($A131,DATA2!$A$2:$S$607,11,FALSE)","v":1641774.36},{"$f":"VLOOKUP($A131,DATA2!$A$2:$S$607,12,FALSE)","v":"2014-12-01"},{"$f":"VLOOKUP($A131,DATA2!$A$2:$S$607,13,FALSE)","v":"2019-11-30"},{"$f":"VLOOKUP($A131,DATA2!$A$2:$S$607,14,FALSE)","v":"No"},{"$f":"IF(MATRIX2!D131=1,($Y$8-$X$2)/365*Table_Provincial_GTAC3536[[#This Row],[Adj.AnnualRental]]*MATRIX2!D131,($Y$8-$X$2)/365*Table_Provincial_GTAC3536[[#This Row],[Adj.AnnualRental]])","v":539761.43342465756},{"$f":"(Table_Provincial_GTAC3536[[#This Row],[Adj.AnnualRental]]*(1+$I131)^(2))","v":1986546.9756000005},{"$f":"(Table_Provincial_GTAC3536[[#This Row],[Adj.AnnualRental]]*(1+$I131)^(3))","v":2185201.6731600007},{"$f":"(Table_Provincial_GTAC3536[[#This Row],[Adj.AnnualRental]]*(1+$I131)^(4))","v":2403721.8404760007},{"$f":"(Table_Provincial_GTAC3536[[#This Row],[Adj.AnnualRental]]*(1+$I131)^(5))","v":2644094.0245236009},{"$f":"(Table_Provincial_GTAC3536[[#This Row],[Adj.AnnualRental]]*(1+$I131)^(6))","v":2908503.4269759618},{"$f":"(Table_Provincial_GTAC3536[[#This Row],[Adj.AnnualRental]]*(1+$I131)^(7))","v":3199353.769673558}]
[181,{"$f":"VLOOKUP($A132,DATA2!$A$2:$S$607,2,FALSE)","v":"KZN"},{"$f":"VLOOKUP($A132,DATA2!$A$2:$S$607,3,FALSE)","v":"KwaZulu-Natal"},{"$f":"VLOOKUP($A132,DATA2!$A$2:$S$607,4,FALSE)","v":94.499564068692209},{"$f":"VLOOKUP($A132,DATA2!$A$2:$S$607,5,FALSE)","v":107.5},{"$f":"VLOOKUP($A132,DATA2!$A$2:$S$607,6,FALSE)","v":"VTSD"},{"$f":"VLOOKUP($A132,DATA2!$A$2:$S$607,7,FALSE)","v":757},{"$f":"VLOOKUP($A132,DATA2!$A$2:$S$607,8,FALSE)","v":true},{"$f":"VLOOKUP($A132,DATA2!$A$2:$S$607,9,FALSE)","v":0.05},154433.51999999999,{"$f":"VLOOKUP($A132,DATA2!$A$2:$S$607,10,FALSE)","v":71536.17},{"$f":"VLOOKUP($A132,DATA2!$A$2:$S$607,11,FALSE)","v":858434.04},{"$f":"VLOOKUP($A132,DATA2!$A$2:$S$607,12,FALSE)","v":"2014-09-01"},{"$f":"VLOOKUP($A132,DATA2!$A$2:$S$607,13,FALSE)","v":"2019-08-31"},{"$f":"VLOOKUP($A132,DATA2!$A$2:$S$607,14,FALSE)","v":"No"},{"$f":"IF(MATRIX2!D132=1,($Y$8-$X$2)/365*Table_Provincial_GTAC3536[[#This Row],[Adj.AnnualRental]]*MATRIX2!D132,($Y$8-$X$2)/365*Table_Provincial_GTAC3536[[#This Row],[Adj.AnnualRental]])","v":282224.8898630137},{"$f":"(Table_Provincial_GTAC3536[[#This Row],[Adj.AnnualRental]]*(1+$I132)^(2))","v":946423.52910000004},{"$f":"(Table_Provincial_GTAC3536[[#This Row],[Adj.AnnualRental]]*(1+$I132)^(3))","v":993744.70555500011},{"$f":"(Table_Provincial_GTAC3536[[#This Row],[Adj.AnnualRental]]*(1+$I132)^(4))","v":1043431.9408327501},{"$f":"(Table_Provincial_GTAC3536[[#This Row],[Adj.AnnualRental]]*(1+$I132)^(5))","v":1095603.5378743876},{"$f":"(Table_Provincial_GTAC3536[[#This Row],[Adj.AnnualRental]]*(1+$I132)^(6))","v":1150383.7147681068},{"$f":"(Table_Provincial_GTAC3536[[#This Row],[Adj.AnnualRental]]*(1+$I132)^(7))","v":1207902.9005065125}]
[184,{"$f":"VLOOKUP($A133,DATA2!$A$2:$S$607,2,FALSE)","v":"KZN"},{"$f":"VLOOKUP($A133,DATA2!$A$2:$S$607,3,FALSE)","v":"KwaZulu-Natal"},{"$f":"VLOOKUP($A133,DATA2!$A$2:$S$607,4,FALSE)","v":136.71489199005927},{"$f":"VLOOKUP($A133,DATA2!$A$2:$S$607,5,FALSE)","v":110},{"$f":"VLOOKUP($A133,DATA2!$A$2:$S$607,6,FALSE)","v":"CBD"},{"$f":"VLOOKUP($A133,DATA2!$A$2:$S$607,7,FALSE)","v":2615.5},{"$f":"VLOOKUP($A133,DATA2!$A$2:$S$607,8,FALSE)","v":true},{"$f":"VLOOKUP($A133,DATA2!$A$2:$S$607,9,FALSE)","v":7.0000000000000007E-2},132988.25,{"$f":"VLOOKUP($A133,DATA2!$A$2:$S$607,10,FALSE)","v":357577.8},{"$f":"VLOOKUP($A133,DATA2!$A$2:$S$607,11,FALSE)","v":4290933.5999999996},{"$f":"VLOOKUP($A133,DATA2!$A$2:$S$607,12,FALSE)","v":"2014-07-01"},{"$f":"VLOOKUP($A133,DATA2!$A$2:$S$607,13,FALSE)","v":"2019-06-30"},{"$f":"VLOOKUP($A133,DATA2!$A$2:$S$607,14,FALSE)","v":"No"},{"$f":"IF(MATRIX2!D133=1,($Y$8-$X$2)/365*Table_Provincial_GTAC3536[[#This Row],[Adj.AnnualRental]]*MATRIX2!D133,($Y$8-$X$2)/365*Table_Provincial_GTAC3536[[#This Row],[Adj.AnnualRental]])","v":1410717.8958904108},{"$f":"(Table_Provincial_GTAC3536[[#This Row],[Adj.AnnualRental]]*(1+$I133)^(2))","v":4912689.8786399998},{"$f":"(Table_Provincial_GTAC3536[[#This Row],[Adj.AnnualRental]]*(1+$I133)^(3))","v":5256578.1701448001},{"$f":"(Table_Provincial_GTAC3536[[#This Row],[Adj.AnnualRental]]*(1+$I133)^(4))","v":5624538.6420549359},{"$f":"(Table_Provincial_GTAC3536[[#This Row],[Adj.AnnualRental]]*(1+$I133)^(5))","v":6018256.3469987819},{"$f":"(Table_Provincial_GTAC3536[[#This Row],[Adj.AnnualRental]]*(1+$I133)^(6))","v":6439534.2912886962},{"$f":"(Table_Provincial_GTAC3536[[#This Row],[Adj.AnnualRental]]*(1+$I133)^(7))","v":6890301.6916789049}]
[185,{"$f":"VLOOKUP($A134,DATA2!$A$2:$S$607,2,FALSE)","v":"KZN"},{"$f":"VLOOKUP($A134,DATA2!$A$2:$S$607,3,FALSE)","v":"KwaZulu-Natal"},{"$f":"VLOOKUP($A134,DATA2!$A$2:$S$607,4,FALSE)","v":98.927798098024866},{"$f":"VLOOKUP($A134,DATA2!$A$2:$S$607,5,FALSE)","v":110},{"$f":"VLOOKUP($A134,DATA2!$A$2:$S$607,6,FALSE)","v":"CBD"},{"$f":"VLOOKUP($A134,DATA2!$A$2:$S$607,7,FALSE)","v":2734},{"$f":"VLOOKUP($A134,DATA2!$A$2:$S$607,8,FALSE)","v":true},{"$f":"VLOOKUP($A134,DATA2!$A$2:$S$607,9,FALSE)","v":7.0000000000000007E-2},196079.4,{"$f":"VLOOKUP($A134,DATA2!$A$2:$S$607,10,FALSE)","v":270468.59999999998},{"$f":"VLOOKUP($A134,DATA2!$A$2:$S$607,11,FALSE)","v":3245623.2},{"$f":"VLOOKUP($A134,DATA2!$A$2:$S$607,12,FALSE)","v":"2016-07-01"},{"$f":"VLOOKUP($A134,DATA2!$A$2:$S$607,13,FALSE)","v":"2019-06-30"},{"$f":"VLOOKUP($A134,DATA2!$A$2:$S$607,14,FALSE)","v":"No"},{"$f":"IF(MATRIX2!D134=1,($Y$8-$X$2)/365*Table_Provincial_GTAC3536[[#This Row],[Adj.AnnualRental]]*MATRIX2!D134,($Y$8-$X$2)/365*Table_Provincial_GTAC3536[[#This Row],[Adj.AnnualRental]])","v":1067054.2027397261},{"$f":"(Table_Provincial_GTAC3536[[#This Row],[Adj.AnnualRental]]*(1+$I134)^(2))","v":3715914.0016800002},{"$f":"(Table_Provincial_GTAC3536[[#This Row],[Adj.AnnualRental]]*(1+$I134)^(3))","v":3976027.9817976006},{"$f":"(Table_Provincial_GTAC3536[[#This Row],[Adj.AnnualRental]]*(1+$I134)^(4))","v":4254349.9405234326},{"$f":"(Table_Provincial_GTAC3536[[#This Row],[Adj.AnnualRental]]*(1+$I134)^(5))","v":4552154.4363600733},{"$f":"(Table_Provincial_GTAC3536[[#This Row],[Adj.AnnualRental]]*(1+$I134)^(6))","v":4870805.2469052775},{"$f":"(Table_Provincial_GTAC3536[[#This Row],[Adj.AnnualRental]]*(1+$I134)^(7))","v":5211761.6141886478}]
[186,{"$f":"VLOOKUP($A135,DATA2!$A$2:$S$607,2,FALSE)","v":"KZN"},{"$f":"VLOOKUP($A135,DATA2!$A$2:$S$607,3,FALSE)","v":"KwaZulu-Natal"},{"$f":"VLOOKUP($A135,DATA2!$A$2:$S$607,4,FALSE)","v":134.46551959798995},{"$f":"VLOOKUP($A135,DATA2!$A$2:$S$607,5,FALSE)","v":110},{"$f":"VLOOKUP($A135,DATA2!$A$2:$S$607,6,FALSE)","v":"MAIN CENTRE"},{"$f":"VLOOKUP($A135,DATA2!$A$2:$S$607,7,FALSE)","v":4975},{"$f":"VLOOKUP($A135,DATA2!$A$2:$S$607,8,FALSE)","v":true},{"$f":"VLOOKUP($A135,DATA2!$A$2:$S$607,9,FALSE)","v":7.4999999999999997E-2},161283.9,{"$f":"VLOOKUP($A135,DATA2!$A$2:$S$607,10,FALSE)","v":668965.96},{"$f":"VLOOKUP($A135,DATA2!$A$2:$S$607,11,FALSE)","v":8027591.5199999996},{"$f":"VLOOKUP($A135,DATA2!$A$2:$S$607,12,FALSE)","v":"2016-07-01"},{"$f":"VLOOKUP($A135,DATA2!$A$2:$S$607,13,FALSE)","v":"2019-06-30"},{"$f":"VLOOKUP($A135,DATA2!$A$2:$S$607,14,FALSE)","v":"No"},{"$f":"IF(MATRIX2!D135=1,($Y$8-$X$2)/365*Table_Provincial_GTAC3536[[#This Row],[Adj.AnnualRental]]*MATRIX2!D135,($Y$8-$X$2)/365*Table_Provincial_GTAC3536[[#This Row],[Adj.AnnualRental]])","v":2639208.1709589036},{"$f":"(Table_Provincial_GTAC3536[[#This Row],[Adj.AnnualRental]]*(1+$I135)^(2))","v":9276885.4502999987},{"$f":"(Table_Provincial_GTAC3536[[#This Row],[Adj.AnnualRental]]*(1+$I135)^(3))","v":9972651.859072499},{"$f":"(Table_Provincial_GTAC3536[[#This Row],[Adj.AnnualRental]]*(1+$I135)^(4))","v":10720600.748502936},{"$f":"(Table_Provincial_GTAC3536[[#This Row],[Adj.AnnualRental]]*(1+$I135)^(5))","v":11524645.804640656},{"$f":"(Table_Provincial_GTAC3536[[#This Row],[Adj.AnnualRental]]*(1+$I135)^(6))","v":12388994.239988703},{"$f":"(Table_Provincial_GTAC3536[[#This Row],[Adj.AnnualRental]]*(1+$I135)^(7))","v":13318168.807987858}]
[187,{"$f":"VLOOKUP($A136,DATA2!$A$2:$S$607,2,FALSE)","v":"KZN"},{"$f":"VLOOKUP($A136,DATA2!$A$2:$S$607,3,FALSE)","v":"KwaZulu-Natal"},{"$f":"VLOOKUP($A136,DATA2!$A$2:$S$607,4,FALSE)","v":129.63220799999999},{"$f":"VLOOKUP($A136,DATA2!$A$2:$S$607,5,FALSE)","v":87.5},{"$f":"VLOOKUP($A136,DATA2!$A$2:$S$607,6,FALSE)","v":"VTSD"},{"$f":"VLOOKUP($A136,DATA2!$A$2:$S$607,7,FALSE)","v":625},{"$f":"VLOOKUP($A136,DATA2!$A$2:$S$607,8,FALSE)","v":true},{"$f":"VLOOKUP($A136,DATA2!$A$2:$S$607,9,FALSE)","v":0},255293.33,{"$f":"VLOOKUP($A136,DATA2!$A$2:$S$607,10,FALSE)","v":81020.13},{"$f":"VLOOKUP($A136,DATA2!$A$2:$S$607,11,FALSE)","v":972241.56},{"$f":"VLOOKUP($A136,DATA2!$A$2:$S$607,12,FALSE)","v":"2016-09-01"},{"$f":"VLOOKUP($A136,DATA2!$A$2:$S$607,13,FALSE)","v":"2017-08-31"},{"$f":"VLOOKUP($A136,DATA2!$A$2:$S$607,14,FALSE)","v":"No"},{"$f":"IF(MATRIX2!D136=1,($Y$8-$X$2)/365*Table_Provincial_GTAC3536[[#This Row],[Adj.AnnualRental]]*MATRIX2!D136,($Y$8-$X$2)/365*Table_Provincial_GTAC3536[[#This Row],[Adj.AnnualRental]])","v":319641.06082191778},{"$f":"(Table_Provincial_GTAC3536[[#This Row],[Adj.AnnualRental]]*(1+$I136)^(2))","v":972241.56},{"$f":"(Table_Provincial_GTAC3536[[#This Row],[Adj.AnnualRental]]*(1+$I136)^(3))","v":972241.56},{"$f":"(Table_Provincial_GTAC3536[[#This Row],[Adj.AnnualRental]]*(1+$I136)^(4))","v":972241.56},{"$f":"(Table_Provincial_GTAC3536[[#This Row],[Adj.AnnualRental]]*(1+$I136)^(5))","v":972241.56},{"$f":"(Table_Provincial_GTAC3536[[#This Row],[Adj.AnnualRental]]*(1+$I136)^(6))","v":972241.56},{"$f":"(Table_Provincial_GTAC3536[[#This Row],[Adj.AnnualRental]]*(1+$I136)^(7))","v":972241.56}]
[188,{"$f":"VLOOKUP($A137,DATA2!$A$2:$S$607,2,FALSE)","v":"KZN"},{"$f":"VLOOKUP($A137,DATA2!$A$2:$S$607,3,FALSE)","v":"KwaZulu-Natal"},{"$f":"VLOOKUP($A137,DATA2!$A$2:$S$607,4,FALSE)","v":85.185194444444448},{"$f":"VLOOKUP($A137,DATA2!$A$2:$S$607,5,FALSE)","v":110},{"$f":"VLOOKUP($A137,DATA2!$A$2:$S$607,6,FALSE)","v":"VTSD"},{"$f":"VLOOKUP($A137,DATA2!$A$2:$S$607,7,FALSE)","v":720},{"$f":"VLOOKUP($A137,DATA2!$A$2:$S$607,8,FALSE)","v":true},{"$f":"VLOOKUP($A137,DATA2!$A$2:$S$607,9,FALSE)","v":0.08},912597.64,{"$f":"VLOOKUP($A137,DATA2!$A$2:$S$607,10,FALSE)","v":61333.34},{"$f":"VLOOKUP($A137,DATA2!$A$2:$S$607,11,FALSE)","v":736000.08},{"$f":"VLOOKUP($A137,DATA2!$A$2:$S$607,12,FALSE)","v":"2012-09-01"},{"$f":"VLOOKUP($A137,DATA2!$A$2:$S$607,13,FALSE)","v":"2017-08-30"},{"$f":"VLOOKUP($A137,DATA2!$A$2:$S$607,14,FALSE)","v":"No"},{"$f":"IF(MATRIX2!D137=1,($Y$8-$X$2)/365*Table_Provincial_GTAC3536[[#This Row],[Adj.AnnualRental]]*MATRIX2!D137,($Y$8-$X$2)/365*Table_Provincial_GTAC3536[[#This Row],[Adj.AnnualRental]])","v":241972.62904109588},{"$f":"(Table_Provincial_GTAC3536[[#This Row],[Adj.AnnualRental]]*(1+$I137)^(2))","v":858470.49331200006},{"$f":"(Table_Provincial_GTAC3536[[#This Row],[Adj.AnnualRental]]*(1+$I137)^(3))","v":927148.13277696003},{"$f":"(Table_Provincial_GTAC3536[[#This Row],[Adj.AnnualRental]]*(1+$I137)^(4))","v":1001319.983399117},{"$f":"(Table_Provincial_GTAC3536[[#This Row],[Adj.AnnualRental]]*(1+$I137)^(5))","v":1081425.5820710463},{"$f":"(Table_Provincial_GTAC3536[[#This Row],[Adj.AnnualRental]]*(1+$I137)^(6))","v":1167939.6286367301},{"$f":"(Table_Provincial_GTAC3536[[#This Row],[Adj.AnnualRental]]*(1+$I137)^(7))","v":1261374.7989276687}]
[190,{"$f":"VLOOKUP($A138,DATA2!$A$2:$S$607,2,FALSE)","v":"KZN"},{"$f":"VLOOKUP($A138,DATA2!$A$2:$S$607,3,FALSE)","v":"KwaZulu-Natal"},{"$f":"VLOOKUP($A138,DATA2!$A$2:$S$607,4,FALSE)","v":51.25},{"$f":"VLOOKUP($A138,DATA2!$A$2:$S$607,5,FALSE)","v":77.5},{"$f":"VLOOKUP($A138,DATA2!$A$2:$S$607,6,FALSE)","v":"VTSD"},{"$f":"VLOOKUP($A138,DATA2!$A$2:$S$607,7,FALSE)","v":250},{"$f":"VLOOKUP($A138,DATA2!$A$2:$S$607,8,FALSE)","v":true},{"$f":"VLOOKUP($A138,DATA2!$A$2:$S$607,9,FALSE)","v":0.1},15090.87,{"$f":"VLOOKUP($A138,DATA2!$A$2:$S$607,10,FALSE)","v":12812.5},{"$f":"VLOOKUP($A138,DATA2!$A$2:$S$607,11,FALSE)","v":153750},{"$f":"VLOOKUP($A138,DATA2!$A$2:$S$607,12,FALSE)","v":"2015-04-01"},{"$f":"VLOOKUP($A138,DATA2!$A$2:$S$607,13,FALSE)","v":"2018-03-31"},{"$f":"VLOOKUP($A138,DATA2!$A$2:$S$607,14,FALSE)","v":"No"},{"$f":"IF(MATRIX2!D138=1,($Y$8-$X$2)/365*Table_Provincial_GTAC3536[[#This Row],[Adj.AnnualRental]]*MATRIX2!D138,($Y$8-$X$2)/365*Table_Provincial_GTAC3536[[#This Row],[Adj.AnnualRental]])","v":50547.945205479453},{"$f":"(Table_Provincial_GTAC3536[[#This Row],[Adj.AnnualRental]]*(1+$I138)^(2))","v":186037.50000000003},{"$f":"(Table_Provincial_GTAC3536[[#This Row],[Adj.AnnualRental]]*(1+$I138)^(3))","v":204641.25000000006},{"$f":"(Table_Provincial_GTAC3536[[#This Row],[Adj.AnnualRental]]*(1+$I138)^(4))","v":225105.37500000006},{"$f":"(Table_Provincial_GTAC3536[[#This Row],[Adj.AnnualRental]]*(1+$I138)^(5))","v":247615.91250000009},{"$f":"(Table_Provincial_GTAC3536[[#This Row],[Adj.AnnualRental]]*(1+$I138)^(6))","v":272377.50375000015},{"$f":"(Table_Provincial_GTAC3536[[#This Row],[Adj.AnnualRental]]*(1+$I138)^(7))","v":299615.25412500021}]
[191,{"$f":"VLOOKUP($A139,DATA2!$A$2:$S$607,2,FALSE)","v":"KZN"},{"$f":"VLOOKUP($A139,DATA2!$A$2:$S$607,3,FALSE)","v":"KwaZulu-Natal"},{"$f":"VLOOKUP($A139,DATA2!$A$2:$S$607,4,FALSE)","v":116.29614900314796},{"$f":"VLOOKUP($A139,DATA2!$A$2:$S$607,5,FALSE)","v":77.5},{"$f":"VLOOKUP($A139,DATA2!$A$2:$S$607,6,FALSE)","v":"VTSD"},{"$f":"VLOOKUP($A139,DATA2!$A$2:$S$607,7,FALSE)","v":953},{"$f":"VLOOKUP($A139,DATA2!$A$2:$S$607,8,FALSE)","v":true},{"$f":"VLOOKUP($A139,DATA2!$A$2:$S$607,9,FALSE)","v":7.0000000000000007E-2},374981.81,{"$f":"VLOOKUP($A139,DATA2!$A$2:$S$607,10,FALSE)","v":110830.23},{"$f":"VLOOKUP($A139,DATA2!$A$2:$S$607,11,FALSE)","v":1329962.76},{"$f":"VLOOKUP($A139,DATA2!$A$2:$S$607,12,FALSE)","v":"2015-11-01"},{"$f":"VLOOKUP($A139,DATA2!$A$2:$S$607,13,FALSE)","v":"2020-10-31"},{"$f":"VLOOKUP($A139,DATA2!$A$2:$S$607,14,FALSE)","v":"No"},{"$f":"IF(MATRIX2!D139=1,($Y$8-$X$2)/365*Table_Provincial_GTAC3536[[#This Row],[Adj.AnnualRental]]*MATRIX2!D139,($Y$8-$X$2)/365*Table_Provincial_GTAC3536[[#This Row],[Adj.AnnualRental]])","v":437248.03068493149},{"$f":"(Table_Provincial_GTAC3536[[#This Row],[Adj.AnnualRental]]*(1+$I139)^(2))","v":1522674.3639239999},{"$f":"(Table_Provincial_GTAC3536[[#This Row],[Adj.AnnualRental]]*(1+$I139)^(3))","v":1629261.5693986802},{"$f":"(Table_Provincial_GTAC3536[[#This Row],[Adj.AnnualRental]]*(1+$I139)^(4))","v":1743309.8792565877},{"$f":"(Table_Provincial_GTAC3536[[#This Row],[Adj.AnnualRental]]*(1+$I139)^(5))","v":1865341.5708045489},{"$f":"(Table_Provincial_GTAC3536[[#This Row],[Adj.AnnualRental]]*(1+$I139)^(6))","v":1995915.4807608672},{"$f":"(Table_Provincial_GTAC3536[[#This Row],[Adj.AnnualRental]]*(1+$I139)^(7))","v":2135629.5644141282}]
[192,{"$f":"VLOOKUP($A140,DATA2!$A$2:$S$607,2,FALSE)","v":"KZN"},{"$f":"VLOOKUP($A140,DATA2!$A$2:$S$607,3,FALSE)","v":"KwaZulu-Natal"},{"$f":"VLOOKUP($A140,DATA2!$A$2:$S$607,4,FALSE)","v":71.835888888888888},{"$f":"VLOOKUP($A140,DATA2!$A$2:$S$607,5,FALSE)","v":77.5},{"$f":"VLOOKUP($A140,DATA2!$A$2:$S$607,6,FALSE)","v":"VTSD"},{"$f":"VLOOKUP($A140,DATA2!$A$2:$S$607,7,FALSE)","v":450},{"$f":"VLOOKUP($A140,DATA2!$A$2:$S$607,8,FALSE)","v":true},{"$f":"VLOOKUP($A140,DATA2!$A$2:$S$607,9,FALSE)","v":0.08},17392.23,{"$f":"VLOOKUP($A140,DATA2!$A$2:$S$607,10,FALSE)","v":32326.15},{"$f":"VLOOKUP($A140,DATA2!$A$2:$S$607,11,FALSE)","v":387913.8},{"$f":"VLOOKUP($A140,DATA2!$A$2:$S$607,12,FALSE)","v":"2013-08-01"},{"$f":"VLOOKUP($A140,DATA2!$A$2:$S$607,13,FALSE)","v":"2018-07-31"},{"$f":"VLOOKUP($A140,DATA2!$A$2:$S$607,14,FALSE)","v":"No"},{"$f":"IF(MATRIX2!D140=1,($Y$8-$X$2)/365*Table_Provincial_GTAC3536[[#This Row],[Adj.AnnualRental]]*MATRIX2!D140,($Y$8-$X$2)/365*Table_Provincial_GTAC3536[[#This Row],[Adj.AnnualRental]])","v":127533.30410958904},{"$f":"(Table_Provincial_GTAC3536[[#This Row],[Adj.AnnualRental]]*(1+$I140)^(2))","v":452462.65632000001},{"$f":"(Table_Provincial_GTAC3536[[#This Row],[Adj.AnnualRental]]*(1+$I140)^(3))","v":488659.66882560006},{"$f":"(Table_Provincial_GTAC3536[[#This Row],[Adj.AnnualRental]]*(1+$I140)^(4))","v":527752.44233164808},{"$f":"(Table_Provincial_GTAC3536[[#This Row],[Adj.AnnualRental]]*(1+$I140)^(5))","v":569972.63771817996},{"$f":"(Table_Provincial_GTAC3536[[#This Row],[Adj.AnnualRental]]*(1+$I140)^(6))","v":615570.44873563445},{"$f":"(Table_Provincial_GTAC3536[[#This Row],[Adj.AnnualRental]]*(1+$I140)^(7))","v":664816.08463448519}]
[193,{"$f":"VLOOKUP($A141,DATA2!$A$2:$S$607,2,FALSE)","v":"KZN"},{"$f":"VLOOKUP($A141,DATA2!$A$2:$S$607,3,FALSE)","v":"KwaZulu-Natal"},{"$f":"VLOOKUP($A141,DATA2!$A$2:$S$607,4,FALSE)","v":75.313311111111105},{"$f":"VLOOKUP($A141,DATA2!$A$2:$S$607,5,FALSE)","v":77.5},{"$f":"VLOOKUP($A141,DATA2!$A$2:$S$607,6,FALSE)","v":"VTSD"},{"$f":"VLOOKUP($A141,DATA2!$A$2:$S$607,7,FALSE)","v":450},{"$f":"VLOOKUP($A141,DATA2!$A$2:$S$607,8,FALSE)","v":true},{"$f":"VLOOKUP($A141,DATA2!$A$2:$S$607,9,FALSE)","v":0.08},64812.75,{"$f":"VLOOKUP($A141,DATA2!$A$2:$S$607,10,FALSE)","v":33890.99},{"$f":"VLOOKUP($A141,DATA2!$A$2:$S$607,11,FALSE)","v":406691.88},{"$f":"VLOOKUP($A141,DATA2!$A$2:$S$607,12,FALSE)","v":"2013-04-01"},{"$f":"VLOOKUP($A141,DATA2!$A$2:$S$607,13,FALSE)","v":"2018-03-31"},{"$f":"VLOOKUP($A141,DATA2!$A$2:$S$607,14,FALSE)","v":"No"},{"$f":"IF(MATRIX2!D141=1,($Y$8-$X$2)/365*Table_Provincial_GTAC3536[[#This Row],[Adj.AnnualRental]]*MATRIX2!D141,($Y$8-$X$2)/365*Table_Provincial_GTAC3536[[#This Row],[Adj.AnnualRental]])","v":133706.91945205478},{"$f":"(Table_Provincial_GTAC3536[[#This Row],[Adj.AnnualRental]]*(1+$I141)^(2))","v":474365.40883200004},{"$f":"(Table_Provincial_GTAC3536[[#This Row],[Adj.AnnualRental]]*(1+$I141)^(3))","v":512314.6415385601},{"$f":"(Table_Provincial_GTAC3536[[#This Row],[Adj.AnnualRental]]*(1+$I141)^(4))","v":553299.8128616449},{"$f":"(Table_Provincial_GTAC3536[[#This Row],[Adj.AnnualRental]]*(1+$I141)^(5))","v":597563.79789057653},{"$f":"(Table_Provincial_GTAC3536[[#This Row],[Adj.AnnualRental]]*(1+$I141)^(6))","v":645368.90172182268},{"$f":"(Table_Provincial_GTAC3536[[#This Row],[Adj.AnnualRental]]*(1+$I141)^(7))","v":696998.41385956854}]
[194,{"$f":"VLOOKUP($A142,DATA2!$A$2:$S$607,2,FALSE)","v":"KZN"},{"$f":"VLOOKUP($A142,DATA2!$A$2:$S$607,3,FALSE)","v":"KwaZulu-Natal"},{"$f":"VLOOKUP($A142,DATA2!$A$2:$S$607,4,FALSE)","v":126.77553086419753},{"$f":"VLOOKUP($A142,DATA2!$A$2:$S$607,5,FALSE)","v":77.5},{"$f":"VLOOKUP($A142,DATA2!$A$2:$S$607,6,FALSE)","v":"VTSD"},{"$f":"VLOOKUP($A142,DATA2!$A$2:$S$607,7,FALSE)","v":405},{"$f":"VLOOKUP($A142,DATA2!$A$2:$S$607,8,FALSE)","v":true},{"$f":"VLOOKUP($A142,DATA2!$A$2:$S$607,9,FALSE)","v":0.08},10262.200000000001,{"$f":"VLOOKUP($A142,DATA2!$A$2:$S$607,10,FALSE)","v":51344.09},{"$f":"VLOOKUP($A142,DATA2!$A$2:$S$607,11,FALSE)","v":616129.07999999996},{"$f":"VLOOKUP($A142,DATA2!$A$2:$S$607,12,FALSE)","v":"2015-04-01"},{"$f":"VLOOKUP($A142,DATA2!$A$2:$S$607,13,FALSE)","v":"2020-03-31"},{"$f":"VLOOKUP($A142,DATA2!$A$2:$S$607,14,FALSE)","v":"No"},{"$f":"IF(MATRIX2!D142=1,($Y$8-$X$2)/365*Table_Provincial_GTAC3536[[#This Row],[Adj.AnnualRental]]*MATRIX2!D142,($Y$8-$X$2)/365*Table_Provincial_GTAC3536[[#This Row],[Adj.AnnualRental]])","v":202562.98520547943},{"$f":"(Table_Provincial_GTAC3536[[#This Row],[Adj.AnnualRental]]*(1+$I142)^(2))","v":718652.95891200006},{"$f":"(Table_Provincial_GTAC3536[[#This Row],[Adj.AnnualRental]]*(1+$I142)^(3))","v":776145.19562496},{"$f":"(Table_Provincial_GTAC3536[[#This Row],[Adj.AnnualRental]]*(1+$I142)^(4))","v":838236.81127495691},{"$f":"(Table_Provincial_GTAC3536[[#This Row],[Adj.AnnualRental]]*(1+$I142)^(5))","v":905295.75617695344},{"$f":"(Table_Provincial_GTAC3536[[#This Row],[Adj.AnnualRental]]*(1+$I142)^(6))","v":977719.41667110985},{"$f":"(Table_Provincial_GTAC3536[[#This Row],[Adj.AnnualRental]]*(1+$I142)^(7))","v":1055936.9700047986}]
[195,{"$f":"VLOOKUP($A143,DATA2!$A$2:$S$607,2,FALSE)","v":"KZN"},{"$f":"VLOOKUP($A143,DATA2!$A$2:$S$607,3,FALSE)","v":"KwaZulu-Natal"},{"$f":"VLOOKUP($A143,DATA2!$A$2:$S$607,4,FALSE)","v":213.76384946236558},{"$f":"VLOOKUP($A143,DATA2!$A$2:$S$607,5,FALSE)","v":100},{"$f":"VLOOKUP($A143,DATA2!$A$2:$S$607,6,FALSE)","v":"VTSD"},{"$f":"VLOOKUP($A143,DATA2!$A$2:$S$607,7,FALSE)","v":465},{"$f":"VLOOKUP($A143,DATA2!$A$2:$S$607,8,FALSE)","v":true},{"$f":"VLOOKUP($A143,DATA2!$A$2:$S$607,9,FALSE)","v":0.08},117234.75,{"$f":"VLOOKUP($A143,DATA2!$A$2:$S$607,10,FALSE)","v":99400.19},{"$f":"VLOOKUP($A143,DATA2!$A$2:$S$607,11,FALSE)","v":1192802.28},{"$f":"VLOOKUP($A143,DATA2!$A$2:$S$607,12,FALSE)","v":"2015-07-01"},{"$f":"VLOOKUP($A143,DATA2!$A$2:$S$607,13,FALSE)","v":"2020-06-30"},{"$f":"VLOOKUP($A143,DATA2!$A$2:$S$607,14,FALSE)","v":"No"},{"$f":"IF(MATRIX2!D143=1,($Y$8-$X$2)/365*Table_Provincial_GTAC3536[[#This Row],[Adj.AnnualRental]]*MATRIX2!D143,($Y$8-$X$2)/365*Table_Provincial_GTAC3536[[#This Row],[Adj.AnnualRental]])","v":392154.17424657533},{"$f":"(Table_Provincial_GTAC3536[[#This Row],[Adj.AnnualRental]]*(1+$I143)^(2))","v":1391284.5793920001},{"$f":"(Table_Provincial_GTAC3536[[#This Row],[Adj.AnnualRental]]*(1+$I143)^(3))","v":1502587.3457433602},{"$f":"(Table_Provincial_GTAC3536[[#This Row],[Adj.AnnualRental]]*(1+$I143)^(4))","v":1622794.3334028292},{"$f":"(Table_Provincial_GTAC3536[[#This Row],[Adj.AnnualRental]]*(1+$I143)^(5))","v":1752617.8800750556},{"$f":"(Table_Provincial_GTAC3536[[#This Row],[Adj.AnnualRental]]*(1+$I143)^(6))","v":1892827.3104810603},{"$f":"(Table_Provincial_GTAC3536[[#This Row],[Adj.AnnualRental]]*(1+$I143)^(7))","v":2044253.495319545}]
[196,{"$f":"VLOOKUP($A144,DATA2!$A$2:$S$607,2,FALSE)","v":"KZN"},{"$f":"VLOOKUP($A144,DATA2!$A$2:$S$607,3,FALSE)","v":"KwaZulu-Natal"},{"$f":"VLOOKUP($A144,DATA2!$A$2:$S$607,4,FALSE)","v":125.54980891719745},{"$f":"VLOOKUP($A144,DATA2!$A$2:$S$607,5,FALSE)","v":110},{"$f":"VLOOKUP($A144,DATA2!$A$2:$S$607,6,FALSE)","v":"CBD"},{"$f":"VLOOKUP($A144,DATA2!$A$2:$S$607,7,FALSE)","v":2198},{"$f":"VLOOKUP($A144,DATA2!$A$2:$S$607,8,FALSE)","v":true},{"$f":"VLOOKUP($A144,DATA2!$A$2:$S$607,9,FALSE)","v":0.08},259280.57,{"$f":"VLOOKUP($A144,DATA2!$A$2:$S$607,10,FALSE)","v":275958.48},{"$f":"VLOOKUP($A144,DATA2!$A$2:$S$607,11,FALSE)","v":3311501.76},{"$f":"VLOOKUP($A144,DATA2!$A$2:$S$607,12,FALSE)","v":"2016-04-01"},{"$f":"VLOOKUP($A144,DATA2!$A$2:$S$607,13,FALSE)","v":"2018-03-31"},{"$f":"VLOOKUP($A144,DATA2!$A$2:$S$607,14,FALSE)","v":"No"},{"$f":"IF(MATRIX2!D144=1,($Y$8-$X$2)/365*Table_Provincial_GTAC3536[[#This Row],[Adj.AnnualRental]]*MATRIX2!D144,($Y$8-$X$2)/365*Table_Provincial_GTAC3536[[#This Row],[Adj.AnnualRental]])","v":1088712.9073972602},{"$f":"(Table_Provincial_GTAC3536[[#This Row],[Adj.AnnualRental]]*(1+$I144)^(2))","v":3862535.6528640003},{"$f":"(Table_Provincial_GTAC3536[[#This Row],[Adj.AnnualRental]]*(1+$I144)^(3))","v":4171538.50509312},{"$f":"(Table_Provincial_GTAC3536[[#This Row],[Adj.AnnualRental]]*(1+$I144)^(4))","v":4505261.58550057},{"$f":"(Table_Provincial_GTAC3536[[#This Row],[Adj.AnnualRental]]*(1+$I144)^(5))","v":4865682.5123406155},{"$f":"(Table_Provincial_GTAC3536[[#This Row],[Adj.AnnualRental]]*(1+$I144)^(6))","v":5254937.1133278655},{"$f":"(Table_Provincial_GTAC3536[[#This Row],[Adj.AnnualRental]]*(1+$I144)^(7))","v":5675332.0823940951}]
[198,{"$f":"VLOOKUP($A145,DATA2!$A$2:$S$607,2,FALSE)","v":"KZN"},{"$f":"VLOOKUP($A145,DATA2!$A$2:$S$607,3,FALSE)","v":"KwaZulu-Natal"},{"$f":"VLOOKUP($A145,DATA2!$A$2:$S$607,4,FALSE)","v":106.6759812458138},{"$f":"VLOOKUP($A145,DATA2!$A$2:$S$607,5,FALSE)","v":110},{"$f":"VLOOKUP($A145,DATA2!$A$2:$S$607,6,FALSE)","v":"CBD"},{"$f":"VLOOKUP($A145,DATA2!$A$2:$S$607,7,FALSE)","v":1493},{"$f":"VLOOKUP($A145,DATA2!$A$2:$S$607,8,FALSE)","v":true},{"$f":"VLOOKUP($A145,DATA2!$A$2:$S$607,9,FALSE)","v":0.08},75546.429999999993,{"$f":"VLOOKUP($A145,DATA2!$A$2:$S$607,10,FALSE)","v":159267.24},{"$f":"VLOOKUP($A145,DATA2!$A$2:$S$607,11,FALSE)","v":1911206.88},{"$f":"VLOOKUP($A145,DATA2!$A$2:$S$607,12,FALSE)","v":"2015-06-01"},{"$f":"VLOOKUP($A145,DATA2!$A$2:$S$607,13,FALSE)","v":"2017-12-31"},{"$f":"VLOOKUP($A145,DATA2!$A$2:$S$607,14,FALSE)","v":"No"},{"$f":"IF(MATRIX2!D145=1,($Y$8-$X$2)/365*Table_Provincial_GTAC3536[[#This Row],[Adj.AnnualRental]]*MATRIX2!D145,($Y$8-$X$2)/365*Table_Provincial_GTAC3536[[#This Row],[Adj.AnnualRental]])","v":628341.98794520542},{"$f":"(Table_Provincial_GTAC3536[[#This Row],[Adj.AnnualRental]]*(1+$I145)^(2))","v":2229231.7048320002},{"$f":"(Table_Provincial_GTAC3536[[#This Row],[Adj.AnnualRental]]*(1+$I145)^(3))","v":2407570.2412185604},{"$f":"(Table_Provincial_GTAC3536[[#This Row],[Adj.AnnualRental]]*(1+$I145)^(4))","v":2600175.8605160452},{"$f":"(Table_Provincial_GTAC3536[[#This Row],[Adj.AnnualRental]]*(1+$I145)^(5))","v":2808189.9293573289},{"$f":"(Table_Provincial_GTAC3536[[#This Row],[Adj.AnnualRental]]*(1+$I145)^(6))","v":3032845.1237059156},{"$f":"(Table_Provincial_GTAC3536[[#This Row],[Adj.AnnualRental]]*(1+$I145)^(7))","v":3275472.7336023888}]
[199,{"$f":"VLOOKUP($A146,DATA2!$A$2:$S$607,2,FALSE)","v":"KZN"},{"$f":"VLOOKUP($A146,DATA2!$A$2:$S$607,3,FALSE)","v":"KwaZulu-Natal"},{"$f":"VLOOKUP($A146,DATA2!$A$2:$S$607,4,FALSE)","v":128.51814068794545},{"$f":"VLOOKUP($A146,DATA2!$A$2:$S$607,5,FALSE)","v":110},{"$f":"VLOOKUP($A146,DATA2!$A$2:$S$607,6,FALSE)","v":"CBD"},{"$f":"VLOOKUP($A146,DATA2!$A$2:$S$607,7,FALSE)","v":3227},{"$f":"VLOOKUP($A146,DATA2!$A$2:$S$607,8,FALSE)","v":true},{"$f":"VLOOKUP($A146,DATA2!$A$2:$S$607,9,FALSE)","v":7.0000000000000007E-2},55527.12,{"$f":"VLOOKUP($A146,DATA2!$A$2:$S$607,10,FALSE)","v":414728.04},{"$f":"VLOOKUP($A146,DATA2!$A$2:$S$607,11,FALSE)","v":4976736.4800000004},{"$f":"VLOOKUP($A146,DATA2!$A$2:$S$607,12,FALSE)","v":"2014-08-01"},{"$f":"VLOOKUP($A146,DATA2!$A$2:$S$607,13,FALSE)","v":"2019-07-31"},{"$f":"VLOOKUP($A146,DATA2!$A$2:$S$607,14,FALSE)","v":"No"},{"$f":"IF(MATRIX2!D146=1,($Y$8-$X$2)/365*Table_Provincial_GTAC3536[[#This Row],[Adj.AnnualRental]]*MATRIX2!D146,($Y$8-$X$2)/365*Table_Provincial_GTAC3536[[#This Row],[Adj.AnnualRental]])","v":1636187.3358904109},{"$f":"(Table_Provincial_GTAC3536[[#This Row],[Adj.AnnualRental]]*(1+$I146)^(2))","v":5697865.5959520005},{"$f":"(Table_Provincial_GTAC3536[[#This Row],[Adj.AnnualRental]]*(1+$I146)^(3))","v":6096716.1876686411},{"$f":"(Table_Provincial_GTAC3536[[#This Row],[Adj.AnnualRental]]*(1+$I146)^(4))","v":6523486.3208054453},{"$f":"(Table_Provincial_GTAC3536[[#This Row],[Adj.AnnualRental]]*(1+$I146)^(5))","v":6980130.3632618273},{"$f":"(Table_Provincial_GTAC3536[[#This Row],[Adj.AnnualRental]]*(1+$I146)^(6))","v":7468739.4886901546},{"$f":"(Table_Provincial_GTAC3536[[#This Row],[Adj.AnnualRental]]*(1+$I146)^(7))","v":7991551.2528984658}]
[201,{"$f":"VLOOKUP($A147,DATA2!$A$2:$S$607,2,FALSE)","v":"KZN"},{"$f":"VLOOKUP($A147,DATA2!$A$2:$S$607,3,FALSE)","v":"KwaZulu-Natal"},{"$f":"VLOOKUP($A147,DATA2!$A$2:$S$607,4,FALSE)","v":88.282284806431022},{"$f":"VLOOKUP($A147,DATA2!$A$2:$S$607,5,FALSE)","v":110},{"$f":"VLOOKUP($A147,DATA2!$A$2:$S$607,6,FALSE)","v":"CBD"},{"$f":"VLOOKUP($A147,DATA2!$A$2:$S$607,7,FALSE)","v":7364.3},{"$f":"VLOOKUP($A147,DATA2!$A$2:$S$607,8,FALSE)","v":true},{"$f":"VLOOKUP($A147,DATA2!$A$2:$S$607,9,FALSE)","v":0.1},512952.51,{"$f":"VLOOKUP($A147,DATA2!$A$2:$S$607,10,FALSE)","v":650137.23},{"$f":"VLOOKUP($A147,DATA2!$A$2:$S$607,11,FALSE)","v":7801646.7599999998},{"$f":"VLOOKUP($A147,DATA2!$A$2:$S$607,12,FALSE)","v":"2012-03-01"},{"$f":"VLOOKUP($A147,DATA2!$A$2:$S$607,13,FALSE)","v":"2017-02-28"},{"$f":"VLOOKUP($A147,DATA2!$A$2:$S$607,14,FALSE)","v":"Yes"},{"$f":"IF(MATRIX2!D147=1,($Y$8-$X$2)/365*Table_Provincial_GTAC3536[[#This Row],[Adj.AnnualRental]]*MATRIX2!D147,($Y$8-$X$2)/365*Table_Provincial_GTAC3536[[#This Row],[Adj.AnnualRental]])","v":2564924.9621917806},{"$f":"(Table_Provincial_GTAC3536[[#This Row],[Adj.AnnualRental]]*(1+$I147)^(2))","v":9439992.5796000008},{"$f":"(Table_Provincial_GTAC3536[[#This Row],[Adj.AnnualRental]]*(1+$I147)^(3))","v":10383991.837560004},{"$f":"(Table_Provincial_GTAC3536[[#This Row],[Adj.AnnualRental]]*(1+$I147)^(4))","v":11422391.021316003},{"$f":"(Table_Provincial_GTAC3536[[#This Row],[Adj.AnnualRental]]*(1+$I147)^(5))","v":12564630.123447604},{"$f":"(Table_Provincial_GTAC3536[[#This Row],[Adj.AnnualRental]]*(1+$I147)^(6))","v":13821093.135792365},{"$f":"(Table_Provincial_GTAC3536[[#This Row],[Adj.AnnualRental]]*(1+$I147)^(7))","v":15203202.449371604}]
[203,{"$f":"VLOOKUP($A148,DATA2!$A$2:$S$607,2,FALSE)","v":"EC"},{"$f":"VLOOKUP($A148,DATA2!$A$2:$S$607,3,FALSE)","v":"Eastern Cape"},{"$f":"VLOOKUP($A148,DATA2!$A$2:$S$607,4,FALSE)","v":199.5762718600954},{"$f":"VLOOKUP($A148,DATA2!$A$2:$S$607,5,FALSE)","v":75},{"$f":"VLOOKUP($A148,DATA2!$A$2:$S$607,6,FALSE)","v":"MAIN CENTRE"},{"$f":"VLOOKUP($A148,DATA2!$A$2:$S$607,7,FALSE)","v":1258},{"$f":"VLOOKUP($A148,DATA2!$A$2:$S$607,8,FALSE)","v":true},{"$f":"VLOOKUP($A148,DATA2!$A$2:$S$607,9,FALSE)","v":0.08},6242.18,{"$f":"VLOOKUP($A148,DATA2!$A$2:$S$607,10,FALSE)","v":251066.95},{"$f":"VLOOKUP($A148,DATA2!$A$2:$S$607,11,FALSE)","v":3012803.4},{"$f":"VLOOKUP($A148,DATA2!$A$2:$S$607,12,FALSE)","v":"2014-02-01"},{"$f":"VLOOKUP($A148,DATA2!$A$2:$S$607,13,FALSE)","v":"2017-01-31"},{"$f":"VLOOKUP($A148,DATA2!$A$2:$S$607,14,FALSE)","v":"Yes"},{"$f":"IF(MATRIX2!D148=1,($Y$8-$X$2)/365*Table_Provincial_GTAC3536[[#This Row],[Adj.AnnualRental]]*MATRIX2!D148,($Y$8-$X$2)/365*Table_Provincial_GTAC3536[[#This Row],[Adj.AnnualRental]])","v":990510.70684931497},{"$f":"(Table_Provincial_GTAC3536[[#This Row],[Adj.AnnualRental]]*(1+$I148)^(2))","v":3514133.88576},{"$f":"(Table_Provincial_GTAC3536[[#This Row],[Adj.AnnualRental]]*(1+$I148)^(3))","v":3795264.5966208004},{"$f":"(Table_Provincial_GTAC3536[[#This Row],[Adj.AnnualRental]]*(1+$I148)^(4))","v":4098885.7643504646},{"$f":"(Table_Provincial_GTAC3536[[#This Row],[Adj.AnnualRental]]*(1+$I148)^(5))","v":4426796.6254985016},{"$f":"(Table_Provincial_GTAC3536[[#This Row],[Adj.AnnualRental]]*(1+$I148)^(6))","v":4780940.3555383831},{"$f":"(Table_Provincial_GTAC3536[[#This Row],[Adj.AnnualRental]]*(1+$I148)^(7))","v":5163415.5839814534}]
[204,{"$f":"VLOOKUP($A149,DATA2!$A$2:$S$607,2,FALSE)","v":"EC"},{"$f":"VLOOKUP($A149,DATA2!$A$2:$S$607,3,FALSE)","v":"Eastern Cape"},{"$f":"VLOOKUP($A149,DATA2!$A$2:$S$607,4,FALSE)","v":87.853333333333339},{"$f":"VLOOKUP($A149,DATA2!$A$2:$S$607,5,FALSE)","v":95},{"$f":"VLOOKUP($A149,DATA2!$A$2:$S$607,6,FALSE)","v":"MAIN CENTRE"},{"$f":"VLOOKUP($A149,DATA2!$A$2:$S$607,7,FALSE)","v":120},{"$f":"VLOOKUP($A149,DATA2!$A$2:$S$607,8,FALSE)","v":true},{"$f":"VLOOKUP($A149,DATA2!$A$2:$S$607,9,FALSE)","v":7.0000000000000007E-2},106276.49,{"$f":"VLOOKUP($A149,DATA2!$A$2:$S$607,10,FALSE)","v":10542.4},{"$f":"VLOOKUP($A149,DATA2!$A$2:$S$607,11,FALSE)","v":126508.8},{"$f":"VLOOKUP($A149,DATA2!$A$2:$S$607,12,FALSE)","v":"2015-11-01"},{"$f":"VLOOKUP($A149,DATA2!$A$2:$S$607,13,FALSE)","v":"2018-10-31"},{"$f":"VLOOKUP($A149,DATA2!$A$2:$S$607,14,FALSE)","v":"No"},{"$f":"IF(MATRIX2!D149=1,($Y$8-$X$2)/365*Table_Provincial_GTAC3536[[#This Row],[Adj.AnnualRental]]*MATRIX2!D149,($Y$8-$X$2)/365*Table_Provincial_GTAC3536[[#This Row],[Adj.AnnualRental]])","v":41591.934246575343},{"$f":"(Table_Provincial_GTAC3536[[#This Row],[Adj.AnnualRental]]*(1+$I149)^(2))","v":144839.92512},{"$f":"(Table_Provincial_GTAC3536[[#This Row],[Adj.AnnualRental]]*(1+$I149)^(3))","v":154978.71987840001},{"$f":"(Table_Provincial_GTAC3536[[#This Row],[Adj.AnnualRental]]*(1+$I149)^(4))","v":165827.23026988801},{"$f":"(Table_Provincial_GTAC3536[[#This Row],[Adj.AnnualRental]]*(1+$I149)^(5))","v":177435.13638878017},{"$f":"(Table_Provincial_GTAC3536[[#This Row],[Adj.AnnualRental]]*(1+$I149)^(6))","v":189855.59593599479},{"$f":"(Table_Provincial_GTAC3536[[#This Row],[Adj.AnnualRental]]*(1+$I149)^(7))","v":203145.48765151444}]
[205,{"$f":"VLOOKUP($A150,DATA2!$A$2:$S$607,2,FALSE)","v":"EC"},{"$f":"VLOOKUP($A150,DATA2!$A$2:$S$607,3,FALSE)","v":"Eastern Cape"},{"$f":"VLOOKUP($A150,DATA2!$A$2:$S$607,4,FALSE)","v":74.49288702928871},{"$f":"VLOOKUP($A150,DATA2!$A$2:$S$607,5,FALSE)","v":95},{"$f":"VLOOKUP($A150,DATA2!$A$2:$S$607,6,FALSE)","v":"MAIN CENTRE"},{"$f":"VLOOKUP($A150,DATA2!$A$2:$S$607,7,FALSE)","v":1434},{"$f":"VLOOKUP($A150,DATA2!$A$2:$S$607,8,FALSE)","v":true},{"$f":"VLOOKUP($A150,DATA2!$A$2:$S$607,9,FALSE)","v":7.0000000000000007E-2},15097.36,{"$f":"VLOOKUP($A150,DATA2!$A$2:$S$607,10,FALSE)","v":106822.8},{"$f":"VLOOKUP($A150,DATA2!$A$2:$S$607,11,FALSE)","v":1281873.6000000001},{"$f":"VLOOKUP($A150,DATA2!$A$2:$S$607,12,FALSE)","v":"2016-04-01"},{"$f":"VLOOKUP($A150,DATA2!$A$2:$S$607,13,FALSE)","v":"2021-03-31"},{"$f":"VLOOKUP($A150,DATA2!$A$2:$S$607,14,FALSE)","v":"No"},{"$f":"IF(MATRIX2!D150=1,($Y$8-$X$2)/365*Table_Provincial_GTAC3536[[#This Row],[Adj.AnnualRental]]*MATRIX2!D150,($Y$8-$X$2)/365*Table_Provincial_GTAC3536[[#This Row],[Adj.AnnualRental]])","v":421437.89589041099},{"$f":"(Table_Provincial_GTAC3536[[#This Row],[Adj.AnnualRental]]*(1+$I150)^(2))","v":1467617.0846400002},{"$f":"(Table_Provincial_GTAC3536[[#This Row],[Adj.AnnualRental]]*(1+$I150)^(3))","v":1570350.2805648001},{"$f":"(Table_Provincial_GTAC3536[[#This Row],[Adj.AnnualRental]]*(1+$I150)^(4))","v":1680274.8002043362},{"$f":"(Table_Provincial_GTAC3536[[#This Row],[Adj.AnnualRental]]*(1+$I150)^(5))","v":1797894.0362186399},{"$f":"(Table_Provincial_GTAC3536[[#This Row],[Adj.AnnualRental]]*(1+$I150)^(6))","v":1923746.6187539445},{"$f":"(Table_Provincial_GTAC3536[[#This Row],[Adj.AnnualRental]]*(1+$I150)^(7))","v":2058408.8820667209}]
[206,{"$f":"VLOOKUP($A151,DATA2!$A$2:$S$607,2,FALSE)","v":"EC"},{"$f":"VLOOKUP($A151,DATA2!$A$2:$S$607,3,FALSE)","v":"Eastern Cape"},{"$f":"VLOOKUP($A151,DATA2!$A$2:$S$607,4,FALSE)","v":102.81770491803279},{"$f":"VLOOKUP($A151,DATA2!$A$2:$S$607,5,FALSE)","v":95},{"$f":"VLOOKUP($A151,DATA2!$A$2:$S$607,6,FALSE)","v":"MAIN CENTRE"},{"$f":"VLOOKUP($A151,DATA2!$A$2:$S$607,7,FALSE)","v":366},{"$f":"VLOOKUP($A151,DATA2!$A$2:$S$607,8,FALSE)","v":true},{"$f":"VLOOKUP($A151,DATA2!$A$2:$S$607,9,FALSE)","v":7.0000000000000007E-2},70492.22,{"$f":"VLOOKUP($A151,DATA2!$A$2:$S$607,10,FALSE)","v":37631.279999999999},{"$f":"VLOOKUP($A151,DATA2!$A$2:$S$607,11,FALSE)","v":451575.36},{"$f":"VLOOKUP($A151,DATA2!$A$2:$S$607,12,FALSE)","v":"2015-04-01"},{"$f":"VLOOKUP($A151,DATA2!$A$2:$S$607,13,FALSE)","v":"2020-03-31"},{"$f":"VLOOKUP($A151,DATA2!$A$2:$S$607,14,FALSE)","v":"No"},{"$f":"IF(MATRIX2!D151=1,($Y$8-$X$2)/365*Table_Provincial_GTAC3536[[#This Row],[Adj.AnnualRental]]*MATRIX2!D151,($Y$8-$X$2)/365*Table_Provincial_GTAC3536[[#This Row],[Adj.AnnualRental]])","v":148463.13205479452},{"$f":"(Table_Provincial_GTAC3536[[#This Row],[Adj.AnnualRental]]*(1+$I151)^(2))","v":517008.62966400001},{"$f":"(Table_Provincial_GTAC3536[[#This Row],[Adj.AnnualRental]]*(1+$I151)^(3))","v":553199.23374048003},{"$f":"(Table_Provincial_GTAC3536[[#This Row],[Adj.AnnualRental]]*(1+$I151)^(4))","v":591923.18010231364},{"$f":"(Table_Provincial_GTAC3536[[#This Row],[Adj.AnnualRental]]*(1+$I151)^(5))","v":633357.80270947563},{"$f":"(Table_Provincial_GTAC3536[[#This Row],[Adj.AnnualRental]]*(1+$I151)^(6))","v":677692.84889913886},{"$f":"(Table_Provincial_GTAC3536[[#This Row],[Adj.AnnualRental]]*(1+$I151)^(7))","v":725131.34832207859}]
[207,{"$f":"VLOOKUP($A152,DATA2!$A$2:$S$607,2,FALSE)","v":"EC"},{"$f":"VLOOKUP($A152,DATA2!$A$2:$S$607,3,FALSE)","v":"Eastern Cape"},{"$f":"VLOOKUP($A152,DATA2!$A$2:$S$607,4,FALSE)","v":87.804526315789474},{"$f":"VLOOKUP($A152,DATA2!$A$2:$S$607,5,FALSE)","v":95},{"$f":"VLOOKUP($A152,DATA2!$A$2:$S$607,6,FALSE)","v":"MAIN CENTRE"},{"$f":"VLOOKUP($A152,DATA2!$A$2:$S$607,7,FALSE)","v":95},{"$f":"VLOOKUP($A152,DATA2!$A$2:$S$607,8,FALSE)","v":true},{"$f":"VLOOKUP($A152,DATA2!$A$2:$S$607,9,FALSE)","v":7.0000000000000007E-2},169080.89,{"$f":"VLOOKUP($A152,DATA2!$A$2:$S$607,10,FALSE)","v":8341.43},{"$f":"VLOOKUP($A152,DATA2!$A$2:$S$607,11,FALSE)","v":100097.16},{"$f":"VLOOKUP($A152,DATA2!$A$2:$S$607,12,FALSE)","v":"2015-04-01"},{"$f":"VLOOKUP($A152,DATA2!$A$2:$S$607,13,FALSE)","v":"2020-02-28"},{"$f":"VLOOKUP($A152,DATA2!$A$2:$S$607,14,FALSE)","v":"No"},{"$f":"IF(MATRIX2!D152=1,($Y$8-$X$2)/365*Table_Provincial_GTAC3536[[#This Row],[Adj.AnnualRental]]*MATRIX2!D152,($Y$8-$X$2)/365*Table_Provincial_GTAC3536[[#This Row],[Adj.AnnualRental]])","v":32908.655342465754},{"$f":"(Table_Provincial_GTAC3536[[#This Row],[Adj.AnnualRental]]*(1+$I152)^(2))","v":114601.238484},{"$f":"(Table_Provincial_GTAC3536[[#This Row],[Adj.AnnualRental]]*(1+$I152)^(3))","v":122623.32517788002},{"$f":"(Table_Provincial_GTAC3536[[#This Row],[Adj.AnnualRental]]*(1+$I152)^(4))","v":131206.9579403316},{"$f":"(Table_Provincial_GTAC3536[[#This Row],[Adj.AnnualRental]]*(1+$I152)^(5))","v":140391.44499615484},{"$f":"(Table_Provincial_GTAC3536[[#This Row],[Adj.AnnualRental]]*(1+$I152)^(6))","v":150218.84614588565},{"$f":"(Table_Provincial_GTAC3536[[#This Row],[Adj.AnnualRental]]*(1+$I152)^(7))","v":160734.16537609766}]
[208,{"$f":"VLOOKUP($A153,DATA2!$A$2:$S$607,2,FALSE)","v":"EC"},{"$f":"VLOOKUP($A153,DATA2!$A$2:$S$607,3,FALSE)","v":"Eastern Cape"},{"$f":"VLOOKUP($A153,DATA2!$A$2:$S$607,4,FALSE)","v":135.32195121951219},{"$f":"VLOOKUP($A153,DATA2!$A$2:$S$607,5,FALSE)","v":95},{"$f":"VLOOKUP($A153,DATA2!$A$2:$S$607,6,FALSE)","v":"MAIN CENTRE"},{"$f":"VLOOKUP($A153,DATA2!$A$2:$S$607,7,FALSE)","v":246},{"$f":"VLOOKUP($A153,DATA2!$A$2:$S$607,8,FALSE)","v":true},{"$f":"VLOOKUP($A153,DATA2!$A$2:$S$607,9,FALSE)","v":0.08},90217.600000000006,{"$f":"VLOOKUP($A153,DATA2!$A$2:$S$607,10,FALSE)","v":33289.199999999997},{"$f":"VLOOKUP($A153,DATA2!$A$2:$S$607,11,FALSE)","v":399470.4},{"$f":"VLOOKUP($A153,DATA2!$A$2:$S$607,12,FALSE)","v":"2012-06-01"},{"$f":"VLOOKUP($A153,DATA2!$A$2:$S$607,13,FALSE)","v":"2014-05-31"},{"$f":"VLOOKUP($A153,DATA2!$A$2:$S$607,14,FALSE)","v":"Yes"},{"$f":"IF(MATRIX2!D153=1,($Y$8-$X$2)/365*Table_Provincial_GTAC3536[[#This Row],[Adj.AnnualRental]]*MATRIX2!D153,($Y$8-$X$2)/365*Table_Provincial_GTAC3536[[#This Row],[Adj.AnnualRental]])","v":131332.73424657533},{"$f":"(Table_Provincial_GTAC3536[[#This Row],[Adj.AnnualRental]]*(1+$I153)^(2))","v":465942.27456000005},{"$f":"(Table_Provincial_GTAC3536[[#This Row],[Adj.AnnualRental]]*(1+$I153)^(3))","v":503217.65652480011},{"$f":"(Table_Provincial_GTAC3536[[#This Row],[Adj.AnnualRental]]*(1+$I153)^(4))","v":543475.06904678419},{"$f":"(Table_Provincial_GTAC3536[[#This Row],[Adj.AnnualRental]]*(1+$I153)^(5))","v":586953.07457052683},{"$f":"(Table_Provincial_GTAC3536[[#This Row],[Adj.AnnualRental]]*(1+$I153)^(6))","v":633909.32053616911},{"$f":"(Table_Provincial_GTAC3536[[#This Row],[Adj.AnnualRental]]*(1+$I153)^(7))","v":684622.06617906271}]
[209,{"$f":"VLOOKUP($A154,DATA2!$A$2:$S$607,2,FALSE)","v":"EC"},{"$f":"VLOOKUP($A154,DATA2!$A$2:$S$607,3,FALSE)","v":"Eastern Cape"},{"$f":"VLOOKUP($A154,DATA2!$A$2:$S$607,4,FALSE)","v":83.583987603305786},{"$f":"VLOOKUP($A154,DATA2!$A$2:$S$607,5,FALSE)","v":95},{"$f":"VLOOKUP($A154,DATA2!$A$2:$S$607,6,FALSE)","v":"MAIN CENTRE"},{"$f":"VLOOKUP($A154,DATA2!$A$2:$S$607,7,FALSE)","v":193.6},{"$f":"VLOOKUP($A154,DATA2!$A$2:$S$607,8,FALSE)","v":true},{"$f":"VLOOKUP($A154,DATA2!$A$2:$S$607,9,FALSE)","v":7.0000000000000007E-2},512091.42,{"$f":"VLOOKUP($A154,DATA2!$A$2:$S$607,10,FALSE)","v":16181.86},{"$f":"VLOOKUP($A154,DATA2!$A$2:$S$607,11,FALSE)","v":194182.32},{"$f":"VLOOKUP($A154,DATA2!$A$2:$S$607,12,FALSE)","v":"2016-01-01"},{"$f":"VLOOKUP($A154,DATA2!$A$2:$S$607,13,FALSE)","v":"2017-12-31"},{"$f":"VLOOKUP($A154,DATA2!$A$2:$S$607,14,FALSE)","v":"No"},{"$f":"IF(MATRIX2!D154=1,($Y$8-$X$2)/365*Table_Provincial_GTAC3536[[#This Row],[Adj.AnnualRental]]*MATRIX2!D154,($Y$8-$X$2)/365*Table_Provincial_GTAC3536[[#This Row],[Adj.AnnualRental]])","v":63840.762739726029},{"$f":"(Table_Provincial_GTAC3536[[#This Row],[Adj.AnnualRental]]*(1+$I154)^(2))","v":222319.33816800002},{"$f":"(Table_Provincial_GTAC3536[[#This Row],[Adj.AnnualRental]]*(1+$I154)^(3))","v":237881.69183976002},{"$f":"(Table_Provincial_GTAC3536[[#This Row],[Adj.AnnualRental]]*(1+$I154)^(4))","v":254533.4102685432},{"$f":"(Table_Provincial_GTAC3536[[#This Row],[Adj.AnnualRental]]*(1+$I154)^(5))","v":272350.74898734124},{"$f":"(Table_Provincial_GTAC3536[[#This Row],[Adj.AnnualRental]]*(1+$I154)^(6))","v":291415.30141645513},{"$f":"(Table_Provincial_GTAC3536[[#This Row],[Adj.AnnualRental]]*(1+$I154)^(7))","v":311814.37251560698}]
[210,{"$f":"VLOOKUP($A155,DATA2!$A$2:$S$607,2,FALSE)","v":"EC"},{"$f":"VLOOKUP($A155,DATA2!$A$2:$S$607,3,FALSE)","v":"Eastern Cape"},{"$f":"VLOOKUP($A155,DATA2!$A$2:$S$607,4,FALSE)","v":256.47151707704529},{"$f":"VLOOKUP($A155,DATA2!$A$2:$S$607,5,FALSE)","v":75},{"$f":"VLOOKUP($A155,DATA2!$A$2:$S$607,6,FALSE)","v":"CBD"},{"$f":"VLOOKUP($A155,DATA2!$A$2:$S$607,7,FALSE)","v":1259},{"$f":"VLOOKUP($A155,DATA2!$A$2:$S$607,8,FALSE)","v":true},{"$f":"VLOOKUP($A155,DATA2!$A$2:$S$607,9,FALSE)","v":7.0000000000000007E-2},195305.42,{"$f":"VLOOKUP($A155,DATA2!$A$2:$S$607,10,FALSE)","v":322897.64},{"$f":"VLOOKUP($A155,DATA2!$A$2:$S$607,11,FALSE)","v":3874771.68},{"$f":"VLOOKUP($A155,DATA2!$A$2:$S$607,12,FALSE)","v":"2015-09-01"},{"$f":"VLOOKUP($A155,DATA2!$A$2:$S$607,13,FALSE)","v":"2020-08-31"},{"$f":"VLOOKUP($A155,DATA2!$A$2:$S$607,14,FALSE)","v":"No"},{"$f":"IF(MATRIX2!D155=1,($Y$8-$X$2)/365*Table_Provincial_GTAC3536[[#This Row],[Adj.AnnualRental]]*MATRIX2!D155,($Y$8-$X$2)/365*Table_Provincial_GTAC3536[[#This Row],[Adj.AnnualRental]])","v":1273897.538630137},{"$f":"(Table_Provincial_GTAC3536[[#This Row],[Adj.AnnualRental]]*(1+$I155)^(2))","v":4436226.0964320004},{"$f":"(Table_Provincial_GTAC3536[[#This Row],[Adj.AnnualRental]]*(1+$I155)^(3))","v":4746761.9231822407},{"$f":"(Table_Provincial_GTAC3536[[#This Row],[Adj.AnnualRental]]*(1+$I155)^(4))","v":5079035.2578049973},{"$f":"(Table_Provincial_GTAC3536[[#This Row],[Adj.AnnualRental]]*(1+$I155)^(5))","v":5434567.7258513477},{"$f":"(Table_Provincial_GTAC3536[[#This Row],[Adj.AnnualRental]]*(1+$I155)^(6))","v":5814987.466660941},{"$f":"(Table_Provincial_GTAC3536[[#This Row],[Adj.AnnualRental]]*(1+$I155)^(7))","v":6222036.5893272078}]
[211,{"$f":"VLOOKUP($A156,DATA2!$A$2:$S$607,2,FALSE)","v":"EC"},{"$f":"VLOOKUP($A156,DATA2!$A$2:$S$607,3,FALSE)","v":"Eastern Cape"},{"$f":"VLOOKUP($A156,DATA2!$A$2:$S$607,4,FALSE)","v":136.74897973950797},{"$f":"VLOOKUP($A156,DATA2!$A$2:$S$607,5,FALSE)","v":110},{"$f":"VLOOKUP($A156,DATA2!$A$2:$S$607,6,FALSE)","v":"VTSD"},{"$f":"VLOOKUP($A156,DATA2!$A$2:$S$607,7,FALSE)","v":1382},{"$f":"VLOOKUP($A156,DATA2!$A$2:$S$607,8,FALSE)","v":true},{"$f":"VLOOKUP($A156,DATA2!$A$2:$S$607,9,FALSE)","v":7.0000000000000007E-2},93303.87,{"$f":"VLOOKUP($A156,DATA2!$A$2:$S$607,10,FALSE)","v":188987.09},{"$f":"VLOOKUP($A156,DATA2!$A$2:$S$607,11,FALSE)","v":2267845.08},{"$f":"VLOOKUP($A156,DATA2!$A$2:$S$607,12,FALSE)","v":"2015-04-01"},{"$f":"VLOOKUP($A156,DATA2!$A$2:$S$607,13,FALSE)","v":"2018-03-31"},{"$f":"VLOOKUP($A156,DATA2!$A$2:$S$607,14,FALSE)","v":"No"},{"$f":"IF(MATRIX2!D156=1,($Y$8-$X$2)/365*Table_Provincial_GTAC3536[[#This Row],[Adj.AnnualRental]]*MATRIX2!D156,($Y$8-$X$2)/365*Table_Provincial_GTAC3536[[#This Row],[Adj.AnnualRental]])","v":745592.90301369864},{"$f":"(Table_Provincial_GTAC3536[[#This Row],[Adj.AnnualRental]]*(1+$I156)^(2))","v":2596455.8320920002},{"$f":"(Table_Provincial_GTAC3536[[#This Row],[Adj.AnnualRental]]*(1+$I156)^(3))","v":2778207.7403384405},{"$f":"(Table_Provincial_GTAC3536[[#This Row],[Adj.AnnualRental]]*(1+$I156)^(4))","v":2972682.2821621308},{"$f":"(Table_Provincial_GTAC3536[[#This Row],[Adj.AnnualRental]]*(1+$I156)^(5))","v":3180770.0419134805},{"$f":"(Table_Provincial_GTAC3536[[#This Row],[Adj.AnnualRental]]*(1+$I156)^(6))","v":3403423.9448474236},{"$f":"(Table_Provincial_GTAC3536[[#This Row],[Adj.AnnualRental]]*(1+$I156)^(7))","v":3641663.6209867438}]
[212,{"$f":"VLOOKUP($A157,DATA2!$A$2:$S$607,2,FALSE)","v":"EC"},{"$f":"VLOOKUP($A157,DATA2!$A$2:$S$607,3,FALSE)","v":"Eastern Cape"},{"$f":"VLOOKUP($A157,DATA2!$A$2:$S$607,4,FALSE)","v":81},{"$f":"VLOOKUP($A157,DATA2!$A$2:$S$607,5,FALSE)","v":95},{"$f":"VLOOKUP($A157,DATA2!$A$2:$S$607,6,FALSE)","v":"VTSD"},{"$f":"VLOOKUP($A157,DATA2!$A$2:$S$607,7,FALSE)","v":1031},{"$f":"VLOOKUP($A157,DATA2!$A$2:$S$607,8,FALSE)","v":true},{"$f":"VLOOKUP($A157,DATA2!$A$2:$S$607,9,FALSE)","v":0},149339.53,{"$f":"VLOOKUP($A157,DATA2!$A$2:$S$607,10,FALSE)","v":83511},{"$f":"VLOOKUP($A157,DATA2!$A$2:$S$607,11,FALSE)","v":1002132},{"$f":"VLOOKUP($A157,DATA2!$A$2:$S$607,12,FALSE)","v":"2015-09-01"},{"$f":"VLOOKUP($A157,DATA2!$A$2:$S$607,13,FALSE)","v":"2016-08-31"},{"$f":"VLOOKUP($A157,DATA2!$A$2:$S$607,14,FALSE)","v":"Yes"},{"$f":"IF(MATRIX2!D157=1,($Y$8-$X$2)/365*Table_Provincial_GTAC3536[[#This Row],[Adj.AnnualRental]]*MATRIX2!D157,($Y$8-$X$2)/365*Table_Provincial_GTAC3536[[#This Row],[Adj.AnnualRental]])","v":329468.05479452055},{"$f":"(Table_Provincial_GTAC3536[[#This Row],[Adj.AnnualRental]]*(1+$I157)^(2))","v":1002132},{"$f":"(Table_Provincial_GTAC3536[[#This Row],[Adj.AnnualRental]]*(1+$I157)^(3))","v":1002132},{"$f":"(Table_Provincial_GTAC3536[[#This Row],[Adj.AnnualRental]]*(1+$I157)^(4))","v":1002132},{"$f":"(Table_Provincial_GTAC3536[[#This Row],[Adj.AnnualRental]]*(1+$I157)^(5))","v":1002132},{"$f":"(Table_Provincial_GTAC3536[[#This Row],[Adj.AnnualRental]]*(1+$I157)^(6))","v":1002132},{"$f":"(Table_Provincial_GTAC3536[[#This Row],[Adj.AnnualRental]]*(1+$I157)^(7))","v":1002132}]
[213,{"$f":"VLOOKUP($A158,DATA2!$A$2:$S$607,2,FALSE)","v":"EC"},{"$f":"VLOOKUP($A158,DATA2!$A$2:$S$607,3,FALSE)","v":"Eastern Cape"},{"$f":"VLOOKUP($A158,DATA2!$A$2:$S$607,4,FALSE)","v":44.926062322946173},{"$f":"VLOOKUP($A158,DATA2!$A$2:$S$607,5,FALSE)","v":95},{"$f":"VLOOKUP($A158,DATA2!$A$2:$S$607,6,FALSE)","v":"VTSD"},{"$f":"VLOOKUP($A158,DATA2!$A$2:$S$607,7,FALSE)","v":353},{"$f":"VLOOKUP($A158,DATA2!$A$2:$S$607,8,FALSE)","v":true},{"$f":"VLOOKUP($A158,DATA2!$A$2:$S$607,9,FALSE)","v":7.0000000000000007E-2},72231.17,{"$f":"VLOOKUP($A158,DATA2!$A$2:$S$607,10,FALSE)","v":15858.9},{"$f":"VLOOKUP($A158,DATA2!$A$2:$S$607,11,FALSE)","v":190306.8},{"$f":"VLOOKUP($A158,DATA2!$A$2:$S$607,12,FALSE)","v":"2015-04-01"},{"$f":"VLOOKUP($A158,DATA2!$A$2:$S$607,13,FALSE)","v":"2017-03-31"},{"$f":"VLOOKUP($A158,DATA2!$A$2:$S$607,14,FALSE)","v":"Yes"},{"$f":"IF(MATRIX2!D158=1,($Y$8-$X$2)/365*Table_Provincial_GTAC3536[[#This Row],[Adj.AnnualRental]]*MATRIX2!D158,($Y$8-$X$2)/365*Table_Provincial_GTAC3536[[#This Row],[Adj.AnnualRental]])","v":62566.619178082183},{"$f":"(Table_Provincial_GTAC3536[[#This Row],[Adj.AnnualRental]]*(1+$I158)^(2))","v":217882.25532},{"$f":"(Table_Provincial_GTAC3536[[#This Row],[Adj.AnnualRental]]*(1+$I158)^(3))","v":233134.01319240002},{"$f":"(Table_Provincial_GTAC3536[[#This Row],[Adj.AnnualRental]]*(1+$I158)^(4))","v":249453.394115868},{"$f":"(Table_Provincial_GTAC3536[[#This Row],[Adj.AnnualRental]]*(1+$I158)^(5))","v":266915.13170397875},{"$f":"(Table_Provincial_GTAC3536[[#This Row],[Adj.AnnualRental]]*(1+$I158)^(6))","v":285599.19092325727},{"$f":"(Table_Provincial_GTAC3536[[#This Row],[Adj.AnnualRental]]*(1+$I158)^(7))","v":305591.13428788527}]
[214,{"$f":"VLOOKUP($A159,DATA2!$A$2:$S$607,2,FALSE)","v":"EC"},{"$f":"VLOOKUP($A159,DATA2!$A$2:$S$607,3,FALSE)","v":"Eastern Cape"},{"$f":"VLOOKUP($A159,DATA2!$A$2:$S$607,4,FALSE)","v":87.185729411764711},{"$f":"VLOOKUP($A159,DATA2!$A$2:$S$607,5,FALSE)","v":95},{"$f":"VLOOKUP($A159,DATA2!$A$2:$S$607,6,FALSE)","v":"VTSD"},{"$f":"VLOOKUP($A159,DATA2!$A$2:$S$607,7,FALSE)","v":1700},{"$f":"VLOOKUP($A159,DATA2!$A$2:$S$607,8,FALSE)","v":true},{"$f":"VLOOKUP($A159,DATA2!$A$2:$S$607,9,FALSE)","v":0.06},384127.8,{"$f":"VLOOKUP($A159,DATA2!$A$2:$S$607,10,FALSE)","v":148215.74},{"$f":"VLOOKUP($A159,DATA2!$A$2:$S$607,11,FALSE)","v":1778588.88},{"$f":"VLOOKUP($A159,DATA2!$A$2:$S$607,12,FALSE)","v":"2016-03-01"},{"$f":"VLOOKUP($A159,DATA2!$A$2:$S$607,13,FALSE)","v":"2019-02-28"},{"$f":"VLOOKUP($A159,DATA2!$A$2:$S$607,14,FALSE)","v":"No"},{"$f":"IF(MATRIX2!D159=1,($Y$8-$X$2)/365*Table_Provincial_GTAC3536[[#This Row],[Adj.AnnualRental]]*MATRIX2!D159,($Y$8-$X$2)/365*Table_Provincial_GTAC3536[[#This Row],[Adj.AnnualRental]])","v":584741.54958904104},{"$f":"(Table_Provincial_GTAC3536[[#This Row],[Adj.AnnualRental]]*(1+$I159)^(2))","v":1998422.4655680002},{"$f":"(Table_Provincial_GTAC3536[[#This Row],[Adj.AnnualRental]]*(1+$I159)^(3))","v":2118327.8135020803},{"$f":"(Table_Provincial_GTAC3536[[#This Row],[Adj.AnnualRental]]*(1+$I159)^(4))","v":2245427.4823122052},{"$f":"(Table_Provincial_GTAC3536[[#This Row],[Adj.AnnualRental]]*(1+$I159)^(5))","v":2380153.1312509379},{"$f":"(Table_Provincial_GTAC3536[[#This Row],[Adj.AnnualRental]]*(1+$I159)^(6))","v":2522962.3191259941},{"$f":"(Table_Provincial_GTAC3536[[#This Row],[Adj.AnnualRental]]*(1+$I159)^(7))","v":2674340.0582735543}]
[215,{"$f":"VLOOKUP($A160,DATA2!$A$2:$S$607,2,FALSE)","v":"EC"},{"$f":"VLOOKUP($A160,DATA2!$A$2:$S$607,3,FALSE)","v":"Eastern Cape"},{"$f":"VLOOKUP($A160,DATA2!$A$2:$S$607,4,FALSE)","v":23.157217453505009},{"$f":"VLOOKUP($A160,DATA2!$A$2:$S$607,5,FALSE)","v":95},{"$f":"VLOOKUP($A160,DATA2!$A$2:$S$607,6,FALSE)","v":"VTSD"},{"$f":"VLOOKUP($A160,DATA2!$A$2:$S$607,7,FALSE)","v":1398},{"$f":"VLOOKUP($A160,DATA2!$A$2:$S$607,8,FALSE)","v":true},{"$f":"VLOOKUP($A160,DATA2!$A$2:$S$607,9,FALSE)","v":0},310068.59999999998,{"$f":"VLOOKUP($A160,DATA2!$A$2:$S$607,10,FALSE)","v":32373.79},{"$f":"VLOOKUP($A160,DATA2!$A$2:$S$607,11,FALSE)","v":388485.48},{"$f":"VLOOKUP($A160,DATA2!$A$2:$S$607,12,FALSE)","v":"2008-05-01"},{"$f":"VLOOKUP($A160,DATA2!$A$2:$S$607,13,FALSE)","v":"2018-03-31"},{"$f":"VLOOKUP($A160,DATA2!$A$2:$S$607,14,FALSE)","v":"No"},{"$f":"IF(MATRIX2!D160=1,($Y$8-$X$2)/365*Table_Provincial_GTAC3536[[#This Row],[Adj.AnnualRental]]*MATRIX2!D160,($Y$8-$X$2)/365*Table_Provincial_GTAC3536[[#This Row],[Adj.AnnualRental]])","v":127721.25369863013},{"$f":"(Table_Provincial_GTAC3536[[#This Row],[Adj.AnnualRental]]*(1+$I160)^(2))","v":388485.48},{"$f":"(Table_Provincial_GTAC3536[[#This Row],[Adj.AnnualRental]]*(1+$I160)^(3))","v":388485.48},{"$f":"(Table_Provincial_GTAC3536[[#This Row],[Adj.AnnualRental]]*(1+$I160)^(4))","v":388485.48},{"$f":"(Table_Provincial_GTAC3536[[#This Row],[Adj.AnnualRental]]*(1+$I160)^(5))","v":388485.48},{"$f":"(Table_Provincial_GTAC3536[[#This Row],[Adj.AnnualRental]]*(1+$I160)^(6))","v":388485.48},{"$f":"(Table_Provincial_GTAC3536[[#This Row],[Adj.AnnualRental]]*(1+$I160)^(7))","v":388485.48}]
[216,{"$f":"VLOOKUP($A161,DATA2!$A$2:$S$607,2,FALSE)","v":"EC"},{"$f":"VLOOKUP($A161,DATA2!$A$2:$S$607,3,FALSE)","v":"Eastern Cape"},{"$f":"VLOOKUP($A161,DATA2!$A$2:$S$607,4,FALSE)","v":109.38011261261261},{"$f":"VLOOKUP($A161,DATA2!$A$2:$S$607,5,FALSE)","v":95},{"$f":"VLOOKUP($A161,DATA2!$A$2:$S$607,6,FALSE)","v":"VTSD"},{"$f":"VLOOKUP($A161,DATA2!$A$2:$S$607,7,FALSE)","v":888},{"$f":"VLOOKUP($A161,DATA2!$A$2:$S$607,8,FALSE)","v":true},{"$f":"VLOOKUP($A161,DATA2!$A$2:$S$607,9,FALSE)","v":0.08},844065.96,{"$f":"VLOOKUP($A161,DATA2!$A$2:$S$607,10,FALSE)","v":97129.54},{"$f":"VLOOKUP($A161,DATA2!$A$2:$S$607,11,FALSE)","v":1165554.48},{"$f":"VLOOKUP($A161,DATA2!$A$2:$S$607,12,FALSE)","v":"2012-09-01"},{"$f":"VLOOKUP($A161,DATA2!$A$2:$S$607,13,FALSE)","v":"2015-08-31"},{"$f":"VLOOKUP($A161,DATA2!$A$2:$S$607,14,FALSE)","v":"Yes"},{"$f":"IF(MATRIX2!D161=1,($Y$8-$X$2)/365*Table_Provincial_GTAC3536[[#This Row],[Adj.AnnualRental]]*MATRIX2!D161,($Y$8-$X$2)/365*Table_Provincial_GTAC3536[[#This Row],[Adj.AnnualRental]])","v":383195.9934246575},{"$f":"(Table_Provincial_GTAC3536[[#This Row],[Adj.AnnualRental]]*(1+$I161)^(2))","v":1359502.7454720002},{"$f":"(Table_Provincial_GTAC3536[[#This Row],[Adj.AnnualRental]]*(1+$I161)^(3))","v":1468262.9651097602},{"$f":"(Table_Provincial_GTAC3536[[#This Row],[Adj.AnnualRental]]*(1+$I161)^(4))","v":1585724.0023185411},{"$f":"(Table_Provincial_GTAC3536[[#This Row],[Adj.AnnualRental]]*(1+$I161)^(5))","v":1712581.9225040243},{"$f":"(Table_Provincial_GTAC3536[[#This Row],[Adj.AnnualRental]]*(1+$I161)^(6))","v":1849588.4763043467},{"$f":"(Table_Provincial_GTAC3536[[#This Row],[Adj.AnnualRental]]*(1+$I161)^(7))","v":1997555.5544086944}]
[217,{"$f":"VLOOKUP($A162,DATA2!$A$2:$S$607,2,FALSE)","v":"EC"},{"$f":"VLOOKUP($A162,DATA2!$A$2:$S$607,3,FALSE)","v":"Eastern Cape"},{"$f":"VLOOKUP($A162,DATA2!$A$2:$S$607,4,FALSE)","v":70.986996268656711},{"$f":"VLOOKUP($A162,DATA2!$A$2:$S$607,5,FALSE)","v":95},{"$f":"VLOOKUP($A162,DATA2!$A$2:$S$607,6,FALSE)","v":"VTSD"},{"$f":"VLOOKUP($A162,DATA2!$A$2:$S$607,7,FALSE)","v":2144},{"$f":"VLOOKUP($A162,DATA2!$A$2:$S$607,8,FALSE)","v":true},{"$f":"VLOOKUP($A162,DATA2!$A$2:$S$607,9,FALSE)","v":7.0000000000000007E-2},86020.13,{"$f":"VLOOKUP($A162,DATA2!$A$2:$S$607,10,FALSE)","v":152196.12},{"$f":"VLOOKUP($A162,DATA2!$A$2:$S$607,11,FALSE)","v":1826353.44},{"$f":"VLOOKUP($A162,DATA2!$A$2:$S$607,12,FALSE)","v":"2017-03-01"},{"$f":"VLOOKUP($A162,DATA2!$A$2:$S$607,13,FALSE)","v":"2019-02-28"},{"$f":"VLOOKUP($A162,DATA2!$A$2:$S$607,14,FALSE)","v":"No"},{"$f":"IF(MATRIX2!D162=1,($Y$8-$X$2)/365*Table_Provincial_GTAC3536[[#This Row],[Adj.AnnualRental]]*MATRIX2!D162,($Y$8-$X$2)/365*Table_Provincial_GTAC3536[[#This Row],[Adj.AnnualRental]])","v":600444.96657534246},{"$f":"(Table_Provincial_GTAC3536[[#This Row],[Adj.AnnualRental]]*(1+$I162)^(2))","v":2090992.0534560001},{"$f":"(Table_Provincial_GTAC3536[[#This Row],[Adj.AnnualRental]]*(1+$I162)^(3))","v":2237361.49719792},{"$f":"(Table_Provincial_GTAC3536[[#This Row],[Adj.AnnualRental]]*(1+$I162)^(4))","v":2393976.8020017743},{"$f":"(Table_Provincial_GTAC3536[[#This Row],[Adj.AnnualRental]]*(1+$I162)^(5))","v":2561555.1781418989},{"$f":"(Table_Provincial_GTAC3536[[#This Row],[Adj.AnnualRental]]*(1+$I162)^(6))","v":2740864.0406118315},{"$f":"(Table_Provincial_GTAC3536[[#This Row],[Adj.AnnualRental]]*(1+$I162)^(7))","v":2932724.5234546601}]
[218,{"$f":"VLOOKUP($A163,DATA2!$A$2:$S$607,2,FALSE)","v":"EC"},{"$f":"VLOOKUP($A163,DATA2!$A$2:$S$607,3,FALSE)","v":"Eastern Cape"},{"$f":"VLOOKUP($A163,DATA2!$A$2:$S$607,4,FALSE)","v":70.36},{"$f":"VLOOKUP($A163,DATA2!$A$2:$S$607,5,FALSE)","v":95},{"$f":"VLOOKUP($A163,DATA2!$A$2:$S$607,6,FALSE)","v":"MAIN CENTRE"},{"$f":"VLOOKUP($A163,DATA2!$A$2:$S$607,7,FALSE)","v":1044},{"$f":"VLOOKUP($A163,DATA2!$A$2:$S$607,8,FALSE)","v":true},{"$f":"VLOOKUP($A163,DATA2!$A$2:$S$607,9,FALSE)","v":0},72583.34,{"$f":"VLOOKUP($A163,DATA2!$A$2:$S$607,10,FALSE)","v":73455.839999999997},{"$f":"VLOOKUP($A163,DATA2!$A$2:$S$607,11,FALSE)","v":881470.08},{"$f":"VLOOKUP($A163,DATA2!$A$2:$S$607,12,FALSE)","v":"2015-08-01"},{"$f":"VLOOKUP($A163,DATA2!$A$2:$S$607,13,FALSE)","v":"2016-07-31"},{"$f":"VLOOKUP($A163,DATA2!$A$2:$S$607,14,FALSE)","v":"Yes"},{"$f":"IF(MATRIX2!D163=1,($Y$8-$X$2)/365*Table_Provincial_GTAC3536[[#This Row],[Adj.AnnualRental]]*MATRIX2!D163,($Y$8-$X$2)/365*Table_Provincial_GTAC3536[[#This Row],[Adj.AnnualRental]])","v":289798.38246575341},{"$f":"(Table_Provincial_GTAC3536[[#This Row],[Adj.AnnualRental]]*(1+$I163)^(2))","v":881470.08},{"$f":"(Table_Provincial_GTAC3536[[#This Row],[Adj.AnnualRental]]*(1+$I163)^(3))","v":881470.08},{"$f":"(Table_Provincial_GTAC3536[[#This Row],[Adj.AnnualRental]]*(1+$I163)^(4))","v":881470.08},{"$f":"(Table_Provincial_GTAC3536[[#This Row],[Adj.AnnualRental]]*(1+$I163)^(5))","v":881470.08},{"$f":"(Table_Provincial_GTAC3536[[#This Row],[Adj.AnnualRental]]*(1+$I163)^(6))","v":881470.08},{"$f":"(Table_Provincial_GTAC3536[[#This Row],[Adj.AnnualRental]]*(1+$I163)^(7))","v":881470.08}]
[219,{"$f":"VLOOKUP($A164,DATA2!$A$2:$S$607,2,FALSE)","v":"EC"},{"$f":"VLOOKUP($A164,DATA2!$A$2:$S$607,3,FALSE)","v":"Eastern Cape"},{"$f":"VLOOKUP($A164,DATA2!$A$2:$S$607,4,FALSE)","v":84.325000000000003},{"$f":"VLOOKUP($A164,DATA2!$A$2:$S$607,5,FALSE)","v":95},{"$f":"VLOOKUP($A164,DATA2!$A$2:$S$607,6,FALSE)","v":"VTSD"},{"$f":"VLOOKUP($A164,DATA2!$A$2:$S$607,7,FALSE)","v":1360},{"$f":"VLOOKUP($A164,DATA2!$A$2:$S$607,8,FALSE)","v":true},{"$f":"VLOOKUP($A164,DATA2!$A$2:$S$607,9,FALSE)","v":7.0000000000000007E-2},12812.5,{"$f":"VLOOKUP($A164,DATA2!$A$2:$S$607,10,FALSE)","v":114682},{"$f":"VLOOKUP($A164,DATA2!$A$2:$S$607,11,FALSE)","v":1376184},{"$f":"VLOOKUP($A164,DATA2!$A$2:$S$607,12,FALSE)","v":"2017-03-01"},{"$f":"VLOOKUP($A164,DATA2!$A$2:$S$607,13,FALSE)","v":"2020-02-28"},{"$f":"VLOOKUP($A164,DATA2!$A$2:$S$607,14,FALSE)","v":"No"},{"$f":"IF(MATRIX2!D164=1,($Y$8-$X$2)/365*Table_Provincial_GTAC3536[[#This Row],[Adj.AnnualRental]]*MATRIX2!D164,($Y$8-$X$2)/365*Table_Provincial_GTAC3536[[#This Row],[Adj.AnnualRental]])","v":452444.05479452055},{"$f":"(Table_Provincial_GTAC3536[[#This Row],[Adj.AnnualRental]]*(1+$I164)^(2))","v":1575593.0616000001},{"$f":"(Table_Provincial_GTAC3536[[#This Row],[Adj.AnnualRental]]*(1+$I164)^(3))","v":1685884.5759120001},{"$f":"(Table_Provincial_GTAC3536[[#This Row],[Adj.AnnualRental]]*(1+$I164)^(4))","v":1803896.4962258399},{"$f":"(Table_Provincial_GTAC3536[[#This Row],[Adj.AnnualRental]]*(1+$I164)^(5))","v":1930169.250961649},{"$f":"(Table_Provincial_GTAC3536[[#This Row],[Adj.AnnualRental]]*(1+$I164)^(6))","v":2065281.0985289642},{"$f":"(Table_Provincial_GTAC3536[[#This Row],[Adj.AnnualRental]]*(1+$I164)^(7))","v":2209850.775425992}]
[220,{"$f":"VLOOKUP($A165,DATA2!$A$2:$S$607,2,FALSE)","v":"EC"},{"$f":"VLOOKUP($A165,DATA2!$A$2:$S$607,3,FALSE)","v":"Eastern Cape"},{"$f":"VLOOKUP($A165,DATA2!$A$2:$S$607,4,FALSE)","v":77.570418604651167},{"$f":"VLOOKUP($A165,DATA2!$A$2:$S$607,5,FALSE)","v":110},{"$f":"VLOOKUP($A165,DATA2!$A$2:$S$607,6,FALSE)","v":"VTSD"},{"$f":"VLOOKUP($A165,DATA2!$A$2:$S$607,7,FALSE)","v":215},{"$f":"VLOOKUP($A165,DATA2!$A$2:$S$607,8,FALSE)","v":true},{"$f":"VLOOKUP($A165,DATA2!$A$2:$S$607,9,FALSE)","v":7.0000000000000007E-2},112630.23,{"$f":"VLOOKUP($A165,DATA2!$A$2:$S$607,10,FALSE)","v":16677.64},{"$f":"VLOOKUP($A165,DATA2!$A$2:$S$607,11,FALSE)","v":200131.68},{"$f":"VLOOKUP($A165,DATA2!$A$2:$S$607,12,FALSE)","v":"2016-03-01"},{"$f":"VLOOKUP($A165,DATA2!$A$2:$S$607,13,FALSE)","v":"2019-02-28"},{"$f":"VLOOKUP($A165,DATA2!$A$2:$S$607,14,FALSE)","v":"No"},{"$f":"IF(MATRIX2!D165=1,($Y$8-$X$2)/365*Table_Provincial_GTAC3536[[#This Row],[Adj.AnnualRental]]*MATRIX2!D165,($Y$8-$X$2)/365*Table_Provincial_GTAC3536[[#This Row],[Adj.AnnualRental]])","v":65796.716712328765},{"$f":"(Table_Provincial_GTAC3536[[#This Row],[Adj.AnnualRental]]*(1+$I165)^(2))","v":229130.76043200001},{"$f":"(Table_Provincial_GTAC3536[[#This Row],[Adj.AnnualRental]]*(1+$I165)^(3))","v":245169.91366224003},{"$f":"(Table_Provincial_GTAC3536[[#This Row],[Adj.AnnualRental]]*(1+$I165)^(4))","v":262331.80761859677},{"$f":"(Table_Provincial_GTAC3536[[#This Row],[Adj.AnnualRental]]*(1+$I165)^(5))","v":280695.03415189858},{"$f":"(Table_Provincial_GTAC3536[[#This Row],[Adj.AnnualRental]]*(1+$I165)^(6))","v":300343.68654253148},{"$f":"(Table_Provincial_GTAC3536[[#This Row],[Adj.AnnualRental]]*(1+$I165)^(7))","v":321367.74460050871}]
[221,{"$f":"VLOOKUP($A166,DATA2!$A$2:$S$607,2,FALSE)","v":"EC"},{"$f":"VLOOKUP($A166,DATA2!$A$2:$S$607,3,FALSE)","v":"Eastern Cape"},{"$f":"VLOOKUP($A166,DATA2!$A$2:$S$607,4,FALSE)","v":122.44647153815099},{"$f":"VLOOKUP($A166,DATA2!$A$2:$S$607,5,FALSE)","v":95},{"$f":"VLOOKUP($A166,DATA2!$A$2:$S$607,6,FALSE)","v":"VTSD"},{"$f":"VLOOKUP($A166,DATA2!$A$2:$S$607,7,FALSE)","v":2477},{"$f":"VLOOKUP($A166,DATA2!$A$2:$S$607,8,FALSE)","v":true},{"$f":"VLOOKUP($A166,DATA2!$A$2:$S$607,9,FALSE)","v":7.0000000000000007E-2},36276.15,{"$f":"VLOOKUP($A166,DATA2!$A$2:$S$607,10,FALSE)","v":303299.90999999997},{"$f":"VLOOKUP($A166,DATA2!$A$2:$S$607,11,FALSE)","v":3639598.92},{"$f":"VLOOKUP($A166,DATA2!$A$2:$S$607,12,FALSE)","v":"2015-03-01"},{"$f":"VLOOKUP($A166,DATA2!$A$2:$S$607,13,FALSE)","v":"2018-02-28"},{"$f":"VLOOKUP($A166,DATA2!$A$2:$S$607,14,FALSE)","v":"No"},{"$f":"IF(MATRIX2!D166=1,($Y$8-$X$2)/365*Table_Provincial_GTAC3536[[#This Row],[Adj.AnnualRental]]*MATRIX2!D166,($Y$8-$X$2)/365*Table_Provincial_GTAC3536[[#This Row],[Adj.AnnualRental]])","v":1196580.466849315},{"$f":"(Table_Provincial_GTAC3536[[#This Row],[Adj.AnnualRental]]*(1+$I166)^(2))","v":4166976.803508},{"$f":"(Table_Provincial_GTAC3536[[#This Row],[Adj.AnnualRental]]*(1+$I166)^(3))","v":4458665.1797535606},{"$f":"(Table_Provincial_GTAC3536[[#This Row],[Adj.AnnualRental]]*(1+$I166)^(4))","v":4770771.7423363095},{"$f":"(Table_Provincial_GTAC3536[[#This Row],[Adj.AnnualRental]]*(1+$I166)^(5))","v":5104725.7642998509},{"$f":"(Table_Provincial_GTAC3536[[#This Row],[Adj.AnnualRental]]*(1+$I166)^(6))","v":5462056.5678008404},{"$f":"(Table_Provincial_GTAC3536[[#This Row],[Adj.AnnualRental]]*(1+$I166)^(7))","v":5844400.5275468994}]
[222,{"$f":"VLOOKUP($A167,DATA2!$A$2:$S$607,2,FALSE)","v":"EC"},{"$f":"VLOOKUP($A167,DATA2!$A$2:$S$607,3,FALSE)","v":"Eastern Cape"},{"$f":"VLOOKUP($A167,DATA2!$A$2:$S$607,4,FALSE)","v":93.67784503631961},{"$f":"VLOOKUP($A167,DATA2!$A$2:$S$607,5,FALSE)","v":55},{"$f":"VLOOKUP($A167,DATA2!$A$2:$S$607,6,FALSE)","v":"VTSD"},{"$f":"VLOOKUP($A167,DATA2!$A$2:$S$607,7,FALSE)","v":2891},{"$f":"VLOOKUP($A167,DATA2!$A$2:$S$607,8,FALSE)","v":true},{"$f":"VLOOKUP($A167,DATA2!$A$2:$S$607,9,FALSE)","v":7.0000000000000007E-2},38690.99,{"$f":"VLOOKUP($A167,DATA2!$A$2:$S$607,10,FALSE)","v":270822.65000000002},{"$f":"VLOOKUP($A167,DATA2!$A$2:$S$607,11,FALSE)","v":3249871.8},{"$f":"VLOOKUP($A167,DATA2!$A$2:$S$607,12,FALSE)","v":"2015-03-01"},{"$f":"VLOOKUP($A167,DATA2!$A$2:$S$607,13,FALSE)","v":"2018-02-28"},{"$f":"VLOOKUP($A167,DATA2!$A$2:$S$607,14,FALSE)","v":"No"},{"$f":"IF(MATRIX2!D167=1,($Y$8-$X$2)/365*Table_Provincial_GTAC3536[[#This Row],[Adj.AnnualRental]]*MATRIX2!D167,($Y$8-$X$2)/365*Table_Provincial_GTAC3536[[#This Row],[Adj.AnnualRental]])","v":1068451.0027397259},{"$f":"(Table_Provincial_GTAC3536[[#This Row],[Adj.AnnualRental]]*(1+$I167)^(2))","v":3720778.22382},{"$f":"(Table_Provincial_GTAC3536[[#This Row],[Adj.AnnualRental]]*(1+$I167)^(3))","v":3981232.6994874002},{"$f":"(Table_Provincial_GTAC3536[[#This Row],[Adj.AnnualRental]]*(1+$I167)^(4))","v":4259918.9884515181},{"$f":"(Table_Provincial_GTAC3536[[#This Row],[Adj.AnnualRental]]*(1+$I167)^(5))","v":4558113.3176431246},{"$f":"(Table_Provincial_GTAC3536[[#This Row],[Adj.AnnualRental]]*(1+$I167)^(6))","v":4877181.249878143},{"$f":"(Table_Provincial_GTAC3536[[#This Row],[Adj.AnnualRental]]*(1+$I167)^(7))","v":5218583.937369613}]
[223,{"$f":"VLOOKUP($A168,DATA2!$A$2:$S$607,2,FALSE)","v":"EC"},{"$f":"VLOOKUP($A168,DATA2!$A$2:$S$607,3,FALSE)","v":"Eastern Cape"},{"$f":"VLOOKUP($A168,DATA2!$A$2:$S$607,4,FALSE)","v":83.997361563517913},{"$f":"VLOOKUP($A168,DATA2!$A$2:$S$607,5,FALSE)","v":55},{"$f":"VLOOKUP($A168,DATA2!$A$2:$S$607,6,FALSE)","v":"MAIN CENTRE"},{"$f":"VLOOKUP($A168,DATA2!$A$2:$S$607,7,FALSE)","v":2763},{"$f":"VLOOKUP($A168,DATA2!$A$2:$S$607,8,FALSE)","v":true},{"$f":"VLOOKUP($A168,DATA2!$A$2:$S$607,9,FALSE)","v":7.0000000000000007E-2},55169.09,{"$f":"VLOOKUP($A168,DATA2!$A$2:$S$607,10,FALSE)","v":232084.71},{"$f":"VLOOKUP($A168,DATA2!$A$2:$S$607,11,FALSE)","v":2785016.52},{"$f":"VLOOKUP($A168,DATA2!$A$2:$S$607,12,FALSE)","v":"2015-03-01"},{"$f":"VLOOKUP($A168,DATA2!$A$2:$S$607,13,FALSE)","v":"2018-02-28"},{"$f":"VLOOKUP($A168,DATA2!$A$2:$S$607,14,FALSE)","v":"No"},{"$f":"IF(MATRIX2!D168=1,($Y$8-$X$2)/365*Table_Provincial_GTAC3536[[#This Row],[Adj.AnnualRental]]*MATRIX2!D168,($Y$8-$X$2)/365*Table_Provincial_GTAC3536[[#This Row],[Adj.AnnualRental]])","v":915621.8695890411},{"$f":"(Table_Provincial_GTAC3536[[#This Row],[Adj.AnnualRental]]*(1+$I168)^(2))","v":3188565.4137480003},{"$f":"(Table_Provincial_GTAC3536[[#This Row],[Adj.AnnualRental]]*(1+$I168)^(3))","v":3411764.9927103603},{"$f":"(Table_Provincial_GTAC3536[[#This Row],[Adj.AnnualRental]]*(1+$I168)^(4))","v":3650588.5422000852},{"$f":"(Table_Provincial_GTAC3536[[#This Row],[Adj.AnnualRental]]*(1+$I168)^(5))","v":3906129.7401540917},{"$f":"(Table_Provincial_GTAC3536[[#This Row],[Adj.AnnualRental]]*(1+$I168)^(6))","v":4179558.8219648777},{"$f":"(Table_Provincial_GTAC3536[[#This Row],[Adj.AnnualRental]]*(1+$I168)^(7))","v":4472127.9395024199}]
[224,{"$f":"VLOOKUP($A169,DATA2!$A$2:$S$607,2,FALSE)","v":"EC"},{"$f":"VLOOKUP($A169,DATA2!$A$2:$S$607,3,FALSE)","v":"Eastern Cape"},{"$f":"VLOOKUP($A169,DATA2!$A$2:$S$607,4,FALSE)","v":87.481111111111105},{"$f":"VLOOKUP($A169,DATA2!$A$2:$S$607,5,FALSE)","v":55},{"$f":"VLOOKUP($A169,DATA2!$A$2:$S$607,6,FALSE)","v":"MAIN CENTRE"},{"$f":"VLOOKUP($A169,DATA2!$A$2:$S$607,7,FALSE)","v":2160},{"$f":"VLOOKUP($A169,DATA2!$A$2:$S$607,8,FALSE)","v":true},{"$f":"VLOOKUP($A169,DATA2!$A$2:$S$607,9,FALSE)","v":0.01},110205.19,{"$f":"VLOOKUP($A169,DATA2!$A$2:$S$607,10,FALSE)","v":188959.2},{"$f":"VLOOKUP($A169,DATA2!$A$2:$S$607,11,FALSE)","v":2267510.4},{"$f":"VLOOKUP($A169,DATA2!$A$2:$S$607,12,FALSE)","v":"2016-03-01"},{"$f":"VLOOKUP($A169,DATA2!$A$2:$S$607,13,FALSE)","v":"2021-02-28"},{"$f":"VLOOKUP($A169,DATA2!$A$2:$S$607,14,FALSE)","v":"No"},{"$f":"IF(MATRIX2!D169=1,($Y$8-$X$2)/365*Table_Provincial_GTAC3536[[#This Row],[Adj.AnnualRental]]*MATRIX2!D169,($Y$8-$X$2)/365*Table_Provincial_GTAC3536[[#This Row],[Adj.AnnualRental]])","v":745482.87123287667},{"$f":"(Table_Provincial_GTAC3536[[#This Row],[Adj.AnnualRental]]*(1+$I169)^(2))","v":2313087.35904},{"$f":"(Table_Provincial_GTAC3536[[#This Row],[Adj.AnnualRental]]*(1+$I169)^(3))","v":2336218.2326303995},{"$f":"(Table_Provincial_GTAC3536[[#This Row],[Adj.AnnualRental]]*(1+$I169)^(4))","v":2359580.4149567038},{"$f":"(Table_Provincial_GTAC3536[[#This Row],[Adj.AnnualRental]]*(1+$I169)^(5))","v":2383176.2191062709},{"$f":"(Table_Provincial_GTAC3536[[#This Row],[Adj.AnnualRental]]*(1+$I169)^(6))","v":2407007.9812973337},{"$f":"(Table_Provincial_GTAC3536[[#This Row],[Adj.AnnualRental]]*(1+$I169)^(7))","v":2431078.0611103065}]
[225,{"$f":"VLOOKUP($A170,DATA2!$A$2:$S$607,2,FALSE)","v":"EC"},{"$f":"VLOOKUP($A170,DATA2!$A$2:$S$607,3,FALSE)","v":"Eastern Cape"},{"$f":"VLOOKUP($A170,DATA2!$A$2:$S$607,4,FALSE)","v":114.07900175131348},{"$f":"VLOOKUP($A170,DATA2!$A$2:$S$607,5,FALSE)","v":95},{"$f":"VLOOKUP($A170,DATA2!$A$2:$S$607,6,FALSE)","v":"MAIN CENTRE"},{"$f":"VLOOKUP($A170,DATA2!$A$2:$S$607,7,FALSE)","v":2284},{"$f":"VLOOKUP($A170,DATA2!$A$2:$S$607,8,FALSE)","v":true},{"$f":"VLOOKUP($A170,DATA2!$A$2:$S$607,9,FALSE)","v":7.0000000000000007E-2},299058.48,{"$f":"VLOOKUP($A170,DATA2!$A$2:$S$607,10,FALSE)","v":260556.44},{"$f":"VLOOKUP($A170,DATA2!$A$2:$S$607,11,FALSE)","v":3126677.28},{"$f":"VLOOKUP($A170,DATA2!$A$2:$S$607,12,FALSE)","v":"2016-03-01"},{"$f":"VLOOKUP($A170,DATA2!$A$2:$S$607,13,FALSE)","v":"2019-02-28"},{"$f":"VLOOKUP($A170,DATA2!$A$2:$S$607,14,FALSE)","v":"No"},{"$f":"IF(MATRIX2!D170=1,($Y$8-$X$2)/365*Table_Provincial_GTAC3536[[#This Row],[Adj.AnnualRental]]*MATRIX2!D170,($Y$8-$X$2)/365*Table_Provincial_GTAC3536[[#This Row],[Adj.AnnualRental]])","v":1027948.6947945204},{"$f":"(Table_Provincial_GTAC3536[[#This Row],[Adj.AnnualRental]]*(1+$I170)^(2))","v":3579732.8178719999},{"$f":"(Table_Provincial_GTAC3536[[#This Row],[Adj.AnnualRental]]*(1+$I170)^(3))","v":3830314.11512304},{"$f":"(Table_Provincial_GTAC3536[[#This Row],[Adj.AnnualRental]]*(1+$I170)^(4))","v":4098436.1031816527},{"$f":"(Table_Provincial_GTAC3536[[#This Row],[Adj.AnnualRental]]*(1+$I170)^(5))","v":4385326.630404369},{"$f":"(Table_Provincial_GTAC3536[[#This Row],[Adj.AnnualRental]]*(1+$I170)^(6))","v":4692299.4945326746},{"$f":"(Table_Provincial_GTAC3536[[#This Row],[Adj.AnnualRental]]*(1+$I170)^(7))","v":5020760.4591499614}]
[226,{"$f":"VLOOKUP($A171,DATA2!$A$2:$S$607,2,FALSE)","v":"EC"},{"$f":"VLOOKUP($A171,DATA2!$A$2:$S$607,3,FALSE)","v":"Eastern Cape"},{"$f":"VLOOKUP($A171,DATA2!$A$2:$S$607,4,FALSE)","v":94.983040000000003},{"$f":"VLOOKUP($A171,DATA2!$A$2:$S$607,5,FALSE)","v":95},{"$f":"VLOOKUP($A171,DATA2!$A$2:$S$607,6,FALSE)","v":"MAIN CENTRE"},{"$f":"VLOOKUP($A171,DATA2!$A$2:$S$607,7,FALSE)","v":250},{"$f":"VLOOKUP($A171,DATA2!$A$2:$S$607,8,FALSE)","v":true},{"$f":"VLOOKUP($A171,DATA2!$A$2:$S$607,9,FALSE)","v":7.0000000000000007E-2},620.58000000000004,{"$f":"VLOOKUP($A171,DATA2!$A$2:$S$607,10,FALSE)","v":23745.759999999998},{"$f":"VLOOKUP($A171,DATA2!$A$2:$S$607,11,FALSE)","v":284949.12},{"$f":"VLOOKUP($A171,DATA2!$A$2:$S$607,12,FALSE)","v":"2015-03-01"},{"$f":"VLOOKUP($A171,DATA2!$A$2:$S$607,13,FALSE)","v":"2018-02-28"},{"$f":"VLOOKUP($A171,DATA2!$A$2:$S$607,14,FALSE)","v":"No"},{"$f":"IF(MATRIX2!D171=1,($Y$8-$X$2)/365*Table_Provincial_GTAC3536[[#This Row],[Adj.AnnualRental]]*MATRIX2!D171,($Y$8-$X$2)/365*Table_Provincial_GTAC3536[[#This Row],[Adj.AnnualRental]])","v":93681.902465753417},{"$f":"(Table_Provincial_GTAC3536[[#This Row],[Adj.AnnualRental]]*(1+$I171)^(2))","v":326238.24748800002},{"$f":"(Table_Provincial_GTAC3536[[#This Row],[Adj.AnnualRental]]*(1+$I171)^(3))","v":349074.92481216002},{"$f":"(Table_Provincial_GTAC3536[[#This Row],[Adj.AnnualRental]]*(1+$I171)^(4))","v":373510.16954901122},{"$f":"(Table_Provincial_GTAC3536[[#This Row],[Adj.AnnualRental]]*(1+$I171)^(5))","v":399655.881417442},{"$f":"(Table_Provincial_GTAC3536[[#This Row],[Adj.AnnualRental]]*(1+$I171)^(6))","v":427631.79311666294},{"$f":"(Table_Provincial_GTAC3536[[#This Row],[Adj.AnnualRental]]*(1+$I171)^(7))","v":457566.01863482938}]
[227,{"$f":"VLOOKUP($A172,DATA2!$A$2:$S$607,2,FALSE)","v":"EC"},{"$f":"VLOOKUP($A172,DATA2!$A$2:$S$607,3,FALSE)","v":"Eastern Cape"},{"$f":"VLOOKUP($A172,DATA2!$A$2:$S$607,4,FALSE)","v":94.983013698630131},{"$f":"VLOOKUP($A172,DATA2!$A$2:$S$607,5,FALSE)","v":95},{"$f":"VLOOKUP($A172,DATA2!$A$2:$S$607,6,FALSE)","v":"MAIN CENTRE"},{"$f":"VLOOKUP($A172,DATA2!$A$2:$S$607,7,FALSE)","v":146},{"$f":"VLOOKUP($A172,DATA2!$A$2:$S$607,8,FALSE)","v":true},{"$f":"VLOOKUP($A172,DATA2!$A$2:$S$607,9,FALSE)","v":7.0000000000000007E-2},174267.24,{"$f":"VLOOKUP($A172,DATA2!$A$2:$S$607,10,FALSE)","v":13867.52},{"$f":"VLOOKUP($A172,DATA2!$A$2:$S$607,11,FALSE)","v":166410.23999999999},{"$f":"VLOOKUP($A172,DATA2!$A$2:$S$607,12,FALSE)","v":"2015-06-01"},{"$f":"VLOOKUP($A172,DATA2!$A$2:$S$607,13,FALSE)","v":"2018-05-31"},{"$f":"VLOOKUP($A172,DATA2!$A$2:$S$607,14,FALSE)","v":"No"},{"$f":"IF(MATRIX2!D172=1,($Y$8-$X$2)/365*Table_Provincial_GTAC3536[[#This Row],[Adj.AnnualRental]]*MATRIX2!D172,($Y$8-$X$2)/365*Table_Provincial_GTAC3536[[#This Row],[Adj.AnnualRental]])","v":54710.215890410953},{"$f":"(Table_Provincial_GTAC3536[[#This Row],[Adj.AnnualRental]]*(1+$I172)^(2))","v":190523.08377599998},{"$f":"(Table_Provincial_GTAC3536[[#This Row],[Adj.AnnualRental]]*(1+$I172)^(3))","v":203859.69964032},{"$f":"(Table_Provincial_GTAC3536[[#This Row],[Adj.AnnualRental]]*(1+$I172)^(4))","v":218129.8786151424},{"$f":"(Table_Provincial_GTAC3536[[#This Row],[Adj.AnnualRental]]*(1+$I172)^(5))","v":233398.97011820239},{"$f":"(Table_Provincial_GTAC3536[[#This Row],[Adj.AnnualRental]]*(1+$I172)^(6))","v":249736.89802647653},{"$f":"(Table_Provincial_GTAC3536[[#This Row],[Adj.AnnualRental]]*(1+$I172)^(7))","v":267218.48088832991}]
[228,{"$f":"VLOOKUP($A173,DATA2!$A$2:$S$607,2,FALSE)","v":"EC"},{"$f":"VLOOKUP($A173,DATA2!$A$2:$S$607,3,FALSE)","v":"Eastern Cape"},{"$f":"VLOOKUP($A173,DATA2!$A$2:$S$607,4,FALSE)","v":105.47377358490566},{"$f":"VLOOKUP($A173,DATA2!$A$2:$S$607,5,FALSE)","v":95},{"$f":"VLOOKUP($A173,DATA2!$A$2:$S$607,6,FALSE)","v":"MAIN CENTRE"},{"$f":"VLOOKUP($A173,DATA2!$A$2:$S$607,7,FALSE)","v":159},{"$f":"VLOOKUP($A173,DATA2!$A$2:$S$607,8,FALSE)","v":true},{"$f":"VLOOKUP($A173,DATA2!$A$2:$S$607,9,FALSE)","v":7.0000000000000007E-2},434978.04,{"$f":"VLOOKUP($A173,DATA2!$A$2:$S$607,10,FALSE)","v":16770.330000000002},{"$f":"VLOOKUP($A173,DATA2!$A$2:$S$607,11,FALSE)","v":201243.96},{"$f":"VLOOKUP($A173,DATA2!$A$2:$S$607,12,FALSE)","v":"2015-04-01"},{"$f":"VLOOKUP($A173,DATA2!$A$2:$S$607,13,FALSE)","v":"2020-03-31"},{"$f":"VLOOKUP($A173,DATA2!$A$2:$S$607,14,FALSE)","v":"No"},{"$f":"IF(MATRIX2!D173=1,($Y$8-$X$2)/365*Table_Provincial_GTAC3536[[#This Row],[Adj.AnnualRental]]*MATRIX2!D173,($Y$8-$X$2)/365*Table_Provincial_GTAC3536[[#This Row],[Adj.AnnualRental]])","v":66162.397808219175},{"$f":"(Table_Provincial_GTAC3536[[#This Row],[Adj.AnnualRental]]*(1+$I173)^(2))","v":230404.20980399998},{"$f":"(Table_Provincial_GTAC3536[[#This Row],[Adj.AnnualRental]]*(1+$I173)^(3))","v":246532.50449028},{"$f":"(Table_Provincial_GTAC3536[[#This Row],[Adj.AnnualRental]]*(1+$I173)^(4))","v":263789.77980459959},{"$f":"(Table_Provincial_GTAC3536[[#This Row],[Adj.AnnualRental]]*(1+$I173)^(5))","v":282255.06439092162},{"$f":"(Table_Provincial_GTAC3536[[#This Row],[Adj.AnnualRental]]*(1+$I173)^(6))","v":302012.91889828607},{"$f":"(Table_Provincial_GTAC3536[[#This Row],[Adj.AnnualRental]]*(1+$I173)^(7))","v":323153.82322116615}]
[229,{"$f":"VLOOKUP($A174,DATA2!$A$2:$S$607,2,FALSE)","v":"EC"},{"$f":"VLOOKUP($A174,DATA2!$A$2:$S$607,3,FALSE)","v":"Eastern Cape"},{"$f":"VLOOKUP($A174,DATA2!$A$2:$S$607,4,FALSE)","v":94.058861788617889},{"$f":"VLOOKUP($A174,DATA2!$A$2:$S$607,5,FALSE)","v":95},{"$f":"VLOOKUP($A174,DATA2!$A$2:$S$607,6,FALSE)","v":"MAIN CENTRE"},{"$f":"VLOOKUP($A174,DATA2!$A$2:$S$607,7,FALSE)","v":123},{"$f":"VLOOKUP($A174,DATA2!$A$2:$S$607,8,FALSE)","v":true},{"$f":"VLOOKUP($A174,DATA2!$A$2:$S$607,9,FALSE)","v":7.0000000000000007E-2},703284.03,{"$f":"VLOOKUP($A174,DATA2!$A$2:$S$607,10,FALSE)","v":11569.24},{"$f":"VLOOKUP($A174,DATA2!$A$2:$S$607,11,FALSE)","v":138830.88},{"$f":"VLOOKUP($A174,DATA2!$A$2:$S$607,12,FALSE)","v":"2015-08-01"},{"$f":"VLOOKUP($A174,DATA2!$A$2:$S$607,13,FALSE)","v":"2018-07-31"},{"$f":"VLOOKUP($A174,DATA2!$A$2:$S$607,14,FALSE)","v":"No"},{"$f":"IF(MATRIX2!D174=1,($Y$8-$X$2)/365*Table_Provincial_GTAC3536[[#This Row],[Adj.AnnualRental]]*MATRIX2!D174,($Y$8-$X$2)/365*Table_Provincial_GTAC3536[[#This Row],[Adj.AnnualRental]])","v":45643.029041095891},{"$f":"(Table_Provincial_GTAC3536[[#This Row],[Adj.AnnualRental]]*(1+$I174)^(2))","v":158947.47451200002},{"$f":"(Table_Provincial_GTAC3536[[#This Row],[Adj.AnnualRental]]*(1+$I174)^(3))","v":170073.79772784002},{"$f":"(Table_Provincial_GTAC3536[[#This Row],[Adj.AnnualRental]]*(1+$I174)^(4))","v":181978.96356878881},{"$f":"(Table_Provincial_GTAC3536[[#This Row],[Adj.AnnualRental]]*(1+$I174)^(5))","v":194717.49101860405},{"$f":"(Table_Provincial_GTAC3536[[#This Row],[Adj.AnnualRental]]*(1+$I174)^(6))","v":208347.71538990631},{"$f":"(Table_Provincial_GTAC3536[[#This Row],[Adj.AnnualRental]]*(1+$I174)^(7))","v":222932.05546719977}]
[230,{"$f":"VLOOKUP($A175,DATA2!$A$2:$S$607,2,FALSE)","v":"EC"},{"$f":"VLOOKUP($A175,DATA2!$A$2:$S$607,3,FALSE)","v":"Eastern Cape"},{"$f":"VLOOKUP($A175,DATA2!$A$2:$S$607,4,FALSE)","v":117.01112679856115},{"$f":"VLOOKUP($A175,DATA2!$A$2:$S$607,5,FALSE)","v":95},{"$f":"VLOOKUP($A175,DATA2!$A$2:$S$607,6,FALSE)","v":"MAIN CENTRE"},{"$f":"VLOOKUP($A175,DATA2!$A$2:$S$607,7,FALSE)","v":11120},{"$f":"VLOOKUP($A175,DATA2!$A$2:$S$607,8,FALSE)","v":true},{"$f":"VLOOKUP($A175,DATA2!$A$2:$S$607,9,FALSE)","v":7.0000000000000007E-2},268678.95,{"$f":"VLOOKUP($A175,DATA2!$A$2:$S$607,10,FALSE)","v":1301163.73},{"$f":"VLOOKUP($A175,DATA2!$A$2:$S$607,11,FALSE)","v":15613964.76},{"$f":"VLOOKUP($A175,DATA2!$A$2:$S$607,12,FALSE)","v":"2015-08-01"},{"$f":"VLOOKUP($A175,DATA2!$A$2:$S$607,13,FALSE)","v":"2020-07-31"},{"$f":"VLOOKUP($A175,DATA2!$A$2:$S$607,14,FALSE)","v":"No"},{"$f":"IF(MATRIX2!D175=1,($Y$8-$X$2)/365*Table_Provincial_GTAC3536[[#This Row],[Adj.AnnualRental]]*MATRIX2!D175,($Y$8-$X$2)/365*Table_Provincial_GTAC3536[[#This Row],[Adj.AnnualRental]])","v":5133358.2772602737},{"$f":"(Table_Provincial_GTAC3536[[#This Row],[Adj.AnnualRental]]*(1+$I175)^(2))","v":17876428.253724001},{"$f":"(Table_Provincial_GTAC3536[[#This Row],[Adj.AnnualRental]]*(1+$I175)^(3))","v":19127778.231484681},{"$f":"(Table_Provincial_GTAC3536[[#This Row],[Adj.AnnualRental]]*(1+$I175)^(4))","v":20466722.707688607},{"$f":"(Table_Provincial_GTAC3536[[#This Row],[Adj.AnnualRental]]*(1+$I175)^(5))","v":21899393.297226813},{"$f":"(Table_Provincial_GTAC3536[[#This Row],[Adj.AnnualRental]]*(1+$I175)^(6))","v":23432350.828032687},{"$f":"(Table_Provincial_GTAC3536[[#This Row],[Adj.AnnualRental]]*(1+$I175)^(7))","v":25072615.385994978}]
[231,{"$f":"VLOOKUP($A176,DATA2!$A$2:$S$607,2,FALSE)","v":"EC"},{"$f":"VLOOKUP($A176,DATA2!$A$2:$S$607,3,FALSE)","v":"Eastern Cape"},{"$f":"VLOOKUP($A176,DATA2!$A$2:$S$607,4,FALSE)","v":73.215701275045532},{"$f":"VLOOKUP($A176,DATA2!$A$2:$S$607,5,FALSE)","v":95},{"$f":"VLOOKUP($A176,DATA2!$A$2:$S$607,6,FALSE)","v":"MAIN CENTRE"},{"$f":"VLOOKUP($A176,DATA2!$A$2:$S$607,7,FALSE)","v":1098},{"$f":"VLOOKUP($A176,DATA2!$A$2:$S$607,8,FALSE)","v":true},{"$f":"VLOOKUP($A176,DATA2!$A$2:$S$607,9,FALSE)","v":7.0000000000000007E-2},12222.4,{"$f":"VLOOKUP($A176,DATA2!$A$2:$S$607,10,FALSE)","v":80390.84},{"$f":"VLOOKUP($A176,DATA2!$A$2:$S$607,11,FALSE)","v":964690.08},{"$f":"VLOOKUP($A176,DATA2!$A$2:$S$607,12,FALSE)","v":"2015-10-01"},{"$f":"VLOOKUP($A176,DATA2!$A$2:$S$607,13,FALSE)","v":"2020-09-30"},{"$f":"VLOOKUP($A176,DATA2!$A$2:$S$607,14,FALSE)","v":"No"},{"$f":"IF(MATRIX2!D176=1,($Y$8-$X$2)/365*Table_Provincial_GTAC3536[[#This Row],[Adj.AnnualRental]]*MATRIX2!D176,($Y$8-$X$2)/365*Table_Provincial_GTAC3536[[#This Row],[Adj.AnnualRental]])","v":317158.38246575341},{"$f":"(Table_Provincial_GTAC3536[[#This Row],[Adj.AnnualRental]]*(1+$I176)^(2))","v":1104473.6725919999},{"$f":"(Table_Provincial_GTAC3536[[#This Row],[Adj.AnnualRental]]*(1+$I176)^(3))","v":1181786.82967344},{"$f":"(Table_Provincial_GTAC3536[[#This Row],[Adj.AnnualRental]]*(1+$I176)^(4))","v":1264511.9077505807},{"$f":"(Table_Provincial_GTAC3536[[#This Row],[Adj.AnnualRental]]*(1+$I176)^(5))","v":1353027.7412931216},{"$f":"(Table_Provincial_GTAC3536[[#This Row],[Adj.AnnualRental]]*(1+$I176)^(6))","v":1447739.68318364},{"$f":"(Table_Provincial_GTAC3536[[#This Row],[Adj.AnnualRental]]*(1+$I176)^(7))","v":1549081.4610064949}]
[232,{"$f":"VLOOKUP($A177,DATA2!$A$2:$S$607,2,FALSE)","v":"EC"},{"$f":"VLOOKUP($A177,DATA2!$A$2:$S$607,3,FALSE)","v":"Eastern Cape"},{"$f":"VLOOKUP($A177,DATA2!$A$2:$S$607,4,FALSE)","v":77.484999999999999},{"$f":"VLOOKUP($A177,DATA2!$A$2:$S$607,5,FALSE)","v":80},{"$f":"VLOOKUP($A177,DATA2!$A$2:$S$607,6,FALSE)","v":"CBD"},{"$f":"VLOOKUP($A177,DATA2!$A$2:$S$607,7,FALSE)","v":7018},{"$f":"VLOOKUP($A177,DATA2!$A$2:$S$607,8,FALSE)","v":true},{"$f":"VLOOKUP($A177,DATA2!$A$2:$S$607,9,FALSE)","v":7.0000000000000007E-2},126898.8,{"$f":"VLOOKUP($A177,DATA2!$A$2:$S$607,10,FALSE)","v":543789.73},{"$f":"VLOOKUP($A177,DATA2!$A$2:$S$607,11,FALSE)","v":6525476.7599999998},{"$f":"VLOOKUP($A177,DATA2!$A$2:$S$607,12,FALSE)","v":"2015-09-01"},{"$f":"VLOOKUP($A177,DATA2!$A$2:$S$607,13,FALSE)","v":"2017-08-31"},{"$f":"VLOOKUP($A177,DATA2!$A$2:$S$607,14,FALSE)","v":"No"},{"$f":"IF(MATRIX2!D177=1,($Y$8-$X$2)/365*Table_Provincial_GTAC3536[[#This Row],[Adj.AnnualRental]]*MATRIX2!D177,($Y$8-$X$2)/365*Table_Provincial_GTAC3536[[#This Row],[Adj.AnnualRental]])","v":2145362.2224657531},{"$f":"(Table_Provincial_GTAC3536[[#This Row],[Adj.AnnualRental]]*(1+$I177)^(2))","v":7471018.3425239995},{"$f":"(Table_Provincial_GTAC3536[[#This Row],[Adj.AnnualRental]]*(1+$I177)^(3))","v":7993989.6265006801},{"$f":"(Table_Provincial_GTAC3536[[#This Row],[Adj.AnnualRental]]*(1+$I177)^(4))","v":8553568.9003557265},{"$f":"(Table_Provincial_GTAC3536[[#This Row],[Adj.AnnualRental]]*(1+$I177)^(5))","v":9152318.723380629},{"$f":"(Table_Provincial_GTAC3536[[#This Row],[Adj.AnnualRental]]*(1+$I177)^(6))","v":9792981.0340172723},{"$f":"(Table_Provincial_GTAC3536[[#This Row],[Adj.AnnualRental]]*(1+$I177)^(7))","v":10478489.706398482}]
[233,{"$f":"VLOOKUP($A178,DATA2!$A$2:$S$607,2,FALSE)","v":"EC"},{"$f":"VLOOKUP($A178,DATA2!$A$2:$S$607,3,FALSE)","v":"Eastern Cape"},{"$f":"VLOOKUP($A178,DATA2!$A$2:$S$607,4,FALSE)","v":78.65168296352013},{"$f":"VLOOKUP($A178,DATA2!$A$2:$S$607,5,FALSE)","v":95},{"$f":"VLOOKUP($A178,DATA2!$A$2:$S$607,6,FALSE)","v":"VTSD"},{"$f":"VLOOKUP($A178,DATA2!$A$2:$S$607,7,FALSE)","v":1063.5999999999999},{"$f":"VLOOKUP($A178,DATA2!$A$2:$S$607,8,FALSE)","v":true},{"$f":"VLOOKUP($A178,DATA2!$A$2:$S$607,9,FALSE)","v":7.0000000000000007E-2},42755.28,{"$f":"VLOOKUP($A178,DATA2!$A$2:$S$607,10,FALSE)","v":83653.929999999993},{"$f":"VLOOKUP($A178,DATA2!$A$2:$S$607,11,FALSE)","v":1003847.16},{"$f":"VLOOKUP($A178,DATA2!$A$2:$S$607,12,FALSE)","v":"2017-03-01"},{"$f":"VLOOKUP($A178,DATA2!$A$2:$S$607,13,FALSE)","v":"2019-02-28"},{"$f":"VLOOKUP($A178,DATA2!$A$2:$S$607,14,FALSE)","v":"No"},{"$f":"IF(MATRIX2!D178=1,($Y$8-$X$2)/365*Table_Provincial_GTAC3536[[#This Row],[Adj.AnnualRental]]*MATRIX2!D178,($Y$8-$X$2)/365*Table_Provincial_GTAC3536[[#This Row],[Adj.AnnualRental]])","v":330031.94301369862},{"$f":"(Table_Provincial_GTAC3536[[#This Row],[Adj.AnnualRental]]*(1+$I178)^(2))","v":1149304.6134840001},{"$f":"(Table_Provincial_GTAC3536[[#This Row],[Adj.AnnualRental]]*(1+$I178)^(3))","v":1229755.9364278801},{"$f":"(Table_Provincial_GTAC3536[[#This Row],[Adj.AnnualRental]]*(1+$I178)^(4))","v":1315838.8519778317},{"$f":"(Table_Provincial_GTAC3536[[#This Row],[Adj.AnnualRental]]*(1+$I178)^(5))","v":1407947.5716162801},{"$f":"(Table_Provincial_GTAC3536[[#This Row],[Adj.AnnualRental]]*(1+$I178)^(6))","v":1506503.9016294195},{"$f":"(Table_Provincial_GTAC3536[[#This Row],[Adj.AnnualRental]]*(1+$I178)^(7))","v":1611959.1747434789}]
[234,{"$f":"VLOOKUP($A179,DATA2!$A$2:$S$607,2,FALSE)","v":"EC"},{"$f":"VLOOKUP($A179,DATA2!$A$2:$S$607,3,FALSE)","v":"Eastern Cape"},{"$f":"VLOOKUP($A179,DATA2!$A$2:$S$607,4,FALSE)","v":141.09573770491804},{"$f":"VLOOKUP($A179,DATA2!$A$2:$S$607,5,FALSE)","v":95},{"$f":"VLOOKUP($A179,DATA2!$A$2:$S$607,6,FALSE)","v":"MAIN CENTRE"},{"$f":"VLOOKUP($A179,DATA2!$A$2:$S$607,7,FALSE)","v":366},{"$f":"VLOOKUP($A179,DATA2!$A$2:$S$607,8,FALSE)","v":true},{"$f":"VLOOKUP($A179,DATA2!$A$2:$S$607,9,FALSE)","v":0.08},9671.43,{"$f":"VLOOKUP($A179,DATA2!$A$2:$S$607,10,FALSE)","v":51641.04},{"$f":"VLOOKUP($A179,DATA2!$A$2:$S$607,11,FALSE)","v":619692.48},{"$f":"VLOOKUP($A179,DATA2!$A$2:$S$607,12,FALSE)","v":"2012-11-01"},{"$f":"VLOOKUP($A179,DATA2!$A$2:$S$607,13,FALSE)","v":"2017-10-31"},{"$f":"VLOOKUP($A179,DATA2!$A$2:$S$607,14,FALSE)","v":"No"},{"$f":"IF(MATRIX2!D179=1,($Y$8-$X$2)/365*Table_Provincial_GTAC3536[[#This Row],[Adj.AnnualRental]]*MATRIX2!D179,($Y$8-$X$2)/365*Table_Provincial_GTAC3536[[#This Row],[Adj.AnnualRental]])","v":203734.51397260273},{"$f":"(Table_Provincial_GTAC3536[[#This Row],[Adj.AnnualRental]]*(1+$I179)^(2))","v":722809.30867200007},{"$f":"(Table_Provincial_GTAC3536[[#This Row],[Adj.AnnualRental]]*(1+$I179)^(3))","v":780634.05336576013},{"$f":"(Table_Provincial_GTAC3536[[#This Row],[Adj.AnnualRental]]*(1+$I179)^(4))","v":843084.77763502102},{"$f":"(Table_Provincial_GTAC3536[[#This Row],[Adj.AnnualRental]]*(1+$I179)^(5))","v":910531.55984582263},{"$f":"(Table_Provincial_GTAC3536[[#This Row],[Adj.AnnualRental]]*(1+$I179)^(6))","v":983374.08463348856},{"$f":"(Table_Provincial_GTAC3536[[#This Row],[Adj.AnnualRental]]*(1+$I179)^(7))","v":1062044.0114041676}]
[235,{"$f":"VLOOKUP($A180,DATA2!$A$2:$S$607,2,FALSE)","v":"EC"},{"$f":"VLOOKUP($A180,DATA2!$A$2:$S$607,3,FALSE)","v":"Eastern Cape"},{"$f":"VLOOKUP($A180,DATA2!$A$2:$S$607,4,FALSE)","v":91.20774956864679},{"$f":"VLOOKUP($A180,DATA2!$A$2:$S$607,5,FALSE)","v":95},{"$f":"VLOOKUP($A180,DATA2!$A$2:$S$607,6,FALSE)","v":"MAIN CENTRE"},{"$f":"VLOOKUP($A180,DATA2!$A$2:$S$607,7,FALSE)","v":4057},{"$f":"VLOOKUP($A180,DATA2!$A$2:$S$607,8,FALSE)","v":true},{"$f":"VLOOKUP($A180,DATA2!$A$2:$S$607,9,FALSE)","v":7.0000000000000007E-2},36733.199999999997,{"$f":"VLOOKUP($A180,DATA2!$A$2:$S$607,10,FALSE)","v":370029.84},{"$f":"VLOOKUP($A180,DATA2!$A$2:$S$607,11,FALSE)","v":4440358.08},{"$f":"VLOOKUP($A180,DATA2!$A$2:$S$607,12,FALSE)","v":"2015-09-01"},{"$f":"VLOOKUP($A180,DATA2!$A$2:$S$607,13,FALSE)","v":"2020-08-31"},{"$f":"VLOOKUP($A180,DATA2!$A$2:$S$607,14,FALSE)","v":"No"},{"$f":"IF(MATRIX2!D180=1,($Y$8-$X$2)/365*Table_Provincial_GTAC3536[[#This Row],[Adj.AnnualRental]]*MATRIX2!D180,($Y$8-$X$2)/365*Table_Provincial_GTAC3536[[#This Row],[Adj.AnnualRental]])","v":1459843.752328767},{"$f":"(Table_Provincial_GTAC3536[[#This Row],[Adj.AnnualRental]]*(1+$I180)^(2))","v":5083765.9657920003},{"$f":"(Table_Provincial_GTAC3536[[#This Row],[Adj.AnnualRental]]*(1+$I180)^(3))","v":5439629.5833974406},{"$f":"(Table_Provincial_GTAC3536[[#This Row],[Adj.AnnualRental]]*(1+$I180)^(4))","v":5820403.6542352606},{"$f":"(Table_Provincial_GTAC3536[[#This Row],[Adj.AnnualRental]]*(1+$I180)^(5))","v":6227831.9100317303},{"$f":"(Table_Provincial_GTAC3536[[#This Row],[Adj.AnnualRental]]*(1+$I180)^(6))","v":6663780.1437339503},{"$f":"(Table_Provincial_GTAC3536[[#This Row],[Adj.AnnualRental]]*(1+$I180)^(7))","v":7130244.7537953276}]
[236,{"$f":"VLOOKUP($A181,DATA2!$A$2:$S$607,2,FALSE)","v":"EC"},{"$f":"VLOOKUP($A181,DATA2!$A$2:$S$607,3,FALSE)","v":"Eastern Cape"},{"$f":"VLOOKUP($A181,DATA2!$A$2:$S$607,4,FALSE)","v":118.82515768056969},{"$f":"VLOOKUP($A181,DATA2!$A$2:$S$607,5,FALSE)","v":95},{"$f":"VLOOKUP($A181,DATA2!$A$2:$S$607,6,FALSE)","v":"MAIN CENTRE"},{"$f":"VLOOKUP($A181,DATA2!$A$2:$S$607,7,FALSE)","v":6881},{"$f":"VLOOKUP($A181,DATA2!$A$2:$S$607,8,FALSE)","v":true},{"$f":"VLOOKUP($A181,DATA2!$A$2:$S$607,9,FALSE)","v":7.0000000000000007E-2},18892.259999999998,{"$f":"VLOOKUP($A181,DATA2!$A$2:$S$607,10,FALSE)","v":817635.91},{"$f":"VLOOKUP($A181,DATA2!$A$2:$S$607,11,FALSE)","v":9811630.9199999999},{"$f":"VLOOKUP($A181,DATA2!$A$2:$S$607,12,FALSE)","v":"2015-10-01"},{"$f":"VLOOKUP($A181,DATA2!$A$2:$S$607,13,FALSE)","v":"2019-09-30"},{"$f":"VLOOKUP($A181,DATA2!$A$2:$S$607,14,FALSE)","v":"No"},{"$f":"IF(MATRIX2!D181=1,($Y$8-$X$2)/365*Table_Provincial_GTAC3536[[#This Row],[Adj.AnnualRental]]*MATRIX2!D181,($Y$8-$X$2)/365*Table_Provincial_GTAC3536[[#This Row],[Adj.AnnualRental]])","v":3225741.6723287669},{"$f":"(Table_Provincial_GTAC3536[[#This Row],[Adj.AnnualRental]]*(1+$I181)^(2))","v":11233336.240308},{"$f":"(Table_Provincial_GTAC3536[[#This Row],[Adj.AnnualRental]]*(1+$I181)^(3))","v":12019669.777129561},{"$f":"(Table_Provincial_GTAC3536[[#This Row],[Adj.AnnualRental]]*(1+$I181)^(4))","v":12861046.661528628},{"$f":"(Table_Provincial_GTAC3536[[#This Row],[Adj.AnnualRental]]*(1+$I181)^(5))","v":13761319.927835634},{"$f":"(Table_Provincial_GTAC3536[[#This Row],[Adj.AnnualRental]]*(1+$I181)^(6))","v":14724612.322784128},{"$f":"(Table_Provincial_GTAC3536[[#This Row],[Adj.AnnualRental]]*(1+$I181)^(7))","v":15755335.185379017}]
[237,{"$f":"VLOOKUP($A182,DATA2!$A$2:$S$607,2,FALSE)","v":"EC"},{"$f":"VLOOKUP($A182,DATA2!$A$2:$S$607,3,FALSE)","v":"Eastern Cape"},{"$f":"VLOOKUP($A182,DATA2!$A$2:$S$607,4,FALSE)","v":234.42138875000001},{"$f":"VLOOKUP($A182,DATA2!$A$2:$S$607,5,FALSE)","v":75},{"$f":"VLOOKUP($A182,DATA2!$A$2:$S$607,6,FALSE)","v":"MAIN CENTRE"},{"$f":"VLOOKUP($A182,DATA2!$A$2:$S$607,7,FALSE)","v":8000},{"$f":"VLOOKUP($A182,DATA2!$A$2:$S$607,8,FALSE)","v":true},{"$f":"VLOOKUP($A182,DATA2!$A$2:$S$607,9,FALSE)","v":0.01},340523.64,{"$f":"VLOOKUP($A182,DATA2!$A$2:$S$607,10,FALSE)","v":1875371.11},{"$f":"VLOOKUP($A182,DATA2!$A$2:$S$607,11,FALSE)","v":22504453.32},{"$f":"VLOOKUP($A182,DATA2!$A$2:$S$607,12,FALSE)","v":"2014-02-01"},{"$f":"VLOOKUP($A182,DATA2!$A$2:$S$607,13,FALSE)","v":"2014-03-31"},{"$f":"VLOOKUP($A182,DATA2!$A$2:$S$607,14,FALSE)","v":"Yes"},{"$f":"IF(MATRIX2!D182=1,($Y$8-$X$2)/365*Table_Provincial_GTAC3536[[#This Row],[Adj.AnnualRental]]*MATRIX2!D182,($Y$8-$X$2)/365*Table_Provincial_GTAC3536[[#This Row],[Adj.AnnualRental]])","v":7398724.3791780816},{"$f":"(Table_Provincial_GTAC3536[[#This Row],[Adj.AnnualRental]]*(1+$I182)^(2))","v":22956792.831732001},{"$f":"(Table_Provincial_GTAC3536[[#This Row],[Adj.AnnualRental]]*(1+$I182)^(3))","v":23186360.760049317},{"$f":"(Table_Provincial_GTAC3536[[#This Row],[Adj.AnnualRental]]*(1+$I182)^(4))","v":23418224.367649812},{"$f":"(Table_Provincial_GTAC3536[[#This Row],[Adj.AnnualRental]]*(1+$I182)^(5))","v":23652406.611326311},{"$f":"(Table_Provincial_GTAC3536[[#This Row],[Adj.AnnualRental]]*(1+$I182)^(6))","v":23888930.677439578},{"$f":"(Table_Provincial_GTAC3536[[#This Row],[Adj.AnnualRental]]*(1+$I182)^(7))","v":24127819.984213967}]
[238,{"$f":"VLOOKUP($A183,DATA2!$A$2:$S$607,2,FALSE)","v":"EC"},{"$f":"VLOOKUP($A183,DATA2!$A$2:$S$607,3,FALSE)","v":"Eastern Cape"},{"$f":"VLOOKUP($A183,DATA2!$A$2:$S$607,4,FALSE)","v":102.58059010152284},{"$f":"VLOOKUP($A183,DATA2!$A$2:$S$607,5,FALSE)","v":55},{"$f":"VLOOKUP($A183,DATA2!$A$2:$S$607,6,FALSE)","v":"MAIN CENTRE"},{"$f":"VLOOKUP($A183,DATA2!$A$2:$S$607,7,FALSE)","v":1576},{"$f":"VLOOKUP($A183,DATA2!$A$2:$S$607,8,FALSE)","v":true},{"$f":"VLOOKUP($A183,DATA2!$A$2:$S$607,9,FALSE)","v":0.08},208335.09,{"$f":"VLOOKUP($A183,DATA2!$A$2:$S$607,10,FALSE)","v":161667.01},{"$f":"VLOOKUP($A183,DATA2!$A$2:$S$607,11,FALSE)","v":1940004.12},{"$f":"VLOOKUP($A183,DATA2!$A$2:$S$607,12,FALSE)","v":"2014-01-01"},{"$f":"VLOOKUP($A183,DATA2!$A$2:$S$607,13,FALSE)","v":"2016-12-31"},{"$f":"VLOOKUP($A183,DATA2!$A$2:$S$607,14,FALSE)","v":"Yes"},{"$f":"IF(MATRIX2!D183=1,($Y$8-$X$2)/365*Table_Provincial_GTAC3536[[#This Row],[Adj.AnnualRental]]*MATRIX2!D183,($Y$8-$X$2)/365*Table_Provincial_GTAC3536[[#This Row],[Adj.AnnualRental]])","v":637809.57369863009},{"$f":"(Table_Provincial_GTAC3536[[#This Row],[Adj.AnnualRental]]*(1+$I183)^(2))","v":2262820.8055680003},{"$f":"(Table_Provincial_GTAC3536[[#This Row],[Adj.AnnualRental]]*(1+$I183)^(3))","v":2443846.4700134406},{"$f":"(Table_Provincial_GTAC3536[[#This Row],[Adj.AnnualRental]]*(1+$I183)^(4))","v":2639354.1876145159},{"$f":"(Table_Provincial_GTAC3536[[#This Row],[Adj.AnnualRental]]*(1+$I183)^(5))","v":2850502.5226236773},{"$f":"(Table_Provincial_GTAC3536[[#This Row],[Adj.AnnualRental]]*(1+$I183)^(6))","v":3078542.7244335716},{"$f":"(Table_Provincial_GTAC3536[[#This Row],[Adj.AnnualRental]]*(1+$I183)^(7))","v":3324826.1423882577}]
[239,{"$f":"VLOOKUP($A184,DATA2!$A$2:$S$607,2,FALSE)","v":"EC"},{"$f":"VLOOKUP($A184,DATA2!$A$2:$S$607,3,FALSE)","v":"Eastern Cape"},{"$f":"VLOOKUP($A184,DATA2!$A$2:$S$607,4,FALSE)","v":134.27470588235295},{"$f":"VLOOKUP($A184,DATA2!$A$2:$S$607,5,FALSE)","v":95},{"$f":"VLOOKUP($A184,DATA2!$A$2:$S$607,6,FALSE)","v":"VTSD"},{"$f":"VLOOKUP($A184,DATA2!$A$2:$S$607,7,FALSE)","v":765},{"$f":"VLOOKUP($A184,DATA2!$A$2:$S$607,8,FALSE)","v":true},{"$f":"VLOOKUP($A184,DATA2!$A$2:$S$607,9,FALSE)","v":0.01},97945,{"$f":"VLOOKUP($A184,DATA2!$A$2:$S$607,10,FALSE)","v":102720.15},{"$f":"VLOOKUP($A184,DATA2!$A$2:$S$607,11,FALSE)","v":1232641.8},{"$f":"VLOOKUP($A184,DATA2!$A$2:$S$607,12,FALSE)","v":"2014-03-01"},{"$f":"VLOOKUP($A184,DATA2!$A$2:$S$607,13,FALSE)","v":"2014-03-31"},{"$f":"VLOOKUP($A184,DATA2!$A$2:$S$607,14,FALSE)","v":"Yes"},{"$f":"IF(MATRIX2!D184=1,($Y$8-$X$2)/365*Table_Provincial_GTAC3536[[#This Row],[Adj.AnnualRental]]*MATRIX2!D184,($Y$8-$X$2)/365*Table_Provincial_GTAC3536[[#This Row],[Adj.AnnualRental]])","v":405252.09863013698},{"$f":"(Table_Provincial_GTAC3536[[#This Row],[Adj.AnnualRental]]*(1+$I184)^(2))","v":1257417.9001800001},{"$f":"(Table_Provincial_GTAC3536[[#This Row],[Adj.AnnualRental]]*(1+$I184)^(3))","v":1269992.0791817999},{"$f":"(Table_Provincial_GTAC3536[[#This Row],[Adj.AnnualRental]]*(1+$I184)^(4))","v":1282691.9999736182},{"$f":"(Table_Provincial_GTAC3536[[#This Row],[Adj.AnnualRental]]*(1+$I184)^(5))","v":1295518.9199733541},{"$f":"(Table_Provincial_GTAC3536[[#This Row],[Adj.AnnualRental]]*(1+$I184)^(6))","v":1308474.1091730879},{"$f":"(Table_Provincial_GTAC3536[[#This Row],[Adj.AnnualRental]]*(1+$I184)^(7))","v":1321558.8502648184}]
[240,{"$f":"VLOOKUP($A185,DATA2!$A$2:$S$607,2,FALSE)","v":"EC"},{"$f":"VLOOKUP($A185,DATA2!$A$2:$S$607,3,FALSE)","v":"Eastern Cape"},{"$f":"VLOOKUP($A185,DATA2!$A$2:$S$607,4,FALSE)","v":89.417826086956524},{"$f":"VLOOKUP($A185,DATA2!$A$2:$S$607,5,FALSE)","v":80},{"$f":"VLOOKUP($A185,DATA2!$A$2:$S$607,6,FALSE)","v":"CBD"},{"$f":"VLOOKUP($A185,DATA2!$A$2:$S$607,7,FALSE)","v":4600},{"$f":"VLOOKUP($A185,DATA2!$A$2:$S$607,8,FALSE)","v":true},{"$f":"VLOOKUP($A185,DATA2!$A$2:$S$607,9,FALSE)","v":7.0000000000000007E-2},20800.900000000001,{"$f":"VLOOKUP($A185,DATA2!$A$2:$S$607,10,FALSE)","v":411322},{"$f":"VLOOKUP($A185,DATA2!$A$2:$S$607,11,FALSE)","v":4935864},{"$f":"VLOOKUP($A185,DATA2!$A$2:$S$607,12,FALSE)","v":"2016-11-01"},{"$f":"VLOOKUP($A185,DATA2!$A$2:$S$607,13,FALSE)","v":"2021-10-31"},{"$f":"VLOOKUP($A185,DATA2!$A$2:$S$607,14,FALSE)","v":"No"},{"$f":"IF(MATRIX2!D185=1,($Y$8-$X$2)/365*Table_Provincial_GTAC3536[[#This Row],[Adj.AnnualRental]]*MATRIX2!D185,($Y$8-$X$2)/365*Table_Provincial_GTAC3536[[#This Row],[Adj.AnnualRental]])","v":1622749.8082191779},{"$f":"(Table_Provincial_GTAC3536[[#This Row],[Adj.AnnualRental]]*(1+$I185)^(2))","v":5651070.6935999999},{"$f":"(Table_Provincial_GTAC3536[[#This Row],[Adj.AnnualRental]]*(1+$I185)^(3))","v":6046645.6421520002},{"$f":"(Table_Provincial_GTAC3536[[#This Row],[Adj.AnnualRental]]*(1+$I185)^(4))","v":6469910.8371026404},{"$f":"(Table_Provincial_GTAC3536[[#This Row],[Adj.AnnualRental]]*(1+$I185)^(5))","v":6922804.5956998253},{"$f":"(Table_Provincial_GTAC3536[[#This Row],[Adj.AnnualRental]]*(1+$I185)^(6))","v":7407400.9173988132},{"$f":"(Table_Provincial_GTAC3536[[#This Row],[Adj.AnnualRental]]*(1+$I185)^(7))","v":7925918.9816167299}]
[241,{"$f":"VLOOKUP($A186,DATA2!$A$2:$S$607,2,FALSE)","v":"EC"},{"$f":"VLOOKUP($A186,DATA2!$A$2:$S$607,3,FALSE)","v":"Eastern Cape"},{"$f":"VLOOKUP($A186,DATA2!$A$2:$S$607,4,FALSE)","v":107.21255376772342},{"$f":"VLOOKUP($A186,DATA2!$A$2:$S$607,5,FALSE)","v":95},{"$f":"VLOOKUP($A186,DATA2!$A$2:$S$607,6,FALSE)","v":"MAIN CENTRE"},{"$f":"VLOOKUP($A186,DATA2!$A$2:$S$607,7,FALSE)","v":627.70000000000005},{"$f":"VLOOKUP($A186,DATA2!$A$2:$S$607,8,FALSE)","v":true},{"$f":"VLOOKUP($A186,DATA2!$A$2:$S$607,9,FALSE)","v":7.0000000000000007E-2},172015.74,{"$f":"VLOOKUP($A186,DATA2!$A$2:$S$607,10,FALSE)","v":67297.320000000007},{"$f":"VLOOKUP($A186,DATA2!$A$2:$S$607,11,FALSE)","v":807567.84},{"$f":"VLOOKUP($A186,DATA2!$A$2:$S$607,12,FALSE)","v":"2015-12-01"},{"$f":"VLOOKUP($A186,DATA2!$A$2:$S$607,13,FALSE)","v":"2020-11-30"},{"$f":"VLOOKUP($A186,DATA2!$A$2:$S$607,14,FALSE)","v":"No"},{"$f":"IF(MATRIX2!D186=1,($Y$8-$X$2)/365*Table_Provincial_GTAC3536[[#This Row],[Adj.AnnualRental]]*MATRIX2!D186,($Y$8-$X$2)/365*Table_Provincial_GTAC3536[[#This Row],[Adj.AnnualRental]])","v":265501.75561643834},{"$f":"(Table_Provincial_GTAC3536[[#This Row],[Adj.AnnualRental]]*(1+$I186)^(2))","v":924584.42001599993},{"$f":"(Table_Provincial_GTAC3536[[#This Row],[Adj.AnnualRental]]*(1+$I186)^(3))","v":989305.32941712008},{"$f":"(Table_Provincial_GTAC3536[[#This Row],[Adj.AnnualRental]]*(1+$I186)^(4))","v":1058556.7024763185},{"$f":"(Table_Provincial_GTAC3536[[#This Row],[Adj.AnnualRental]]*(1+$I186)^(5))","v":1132655.6716496607},{"$f":"(Table_Provincial_GTAC3536[[#This Row],[Adj.AnnualRental]]*(1+$I186)^(6))","v":1211941.5686651368},{"$f":"(Table_Provincial_GTAC3536[[#This Row],[Adj.AnnualRental]]*(1+$I186)^(7))","v":1296777.4784716966}]
[242,{"$f":"VLOOKUP($A187,DATA2!$A$2:$S$607,2,FALSE)","v":"EC"},{"$f":"VLOOKUP($A187,DATA2!$A$2:$S$607,3,FALSE)","v":"Eastern Cape"},{"$f":"VLOOKUP($A187,DATA2!$A$2:$S$607,4,FALSE)","v":143.72895604395603},{"$f":"VLOOKUP($A187,DATA2!$A$2:$S$607,5,FALSE)","v":95},{"$f":"VLOOKUP($A187,DATA2!$A$2:$S$607,6,FALSE)","v":"MAIN CENTRE"},{"$f":"VLOOKUP($A187,DATA2!$A$2:$S$607,7,FALSE)","v":364},{"$f":"VLOOKUP($A187,DATA2!$A$2:$S$607,8,FALSE)","v":true},{"$f":"VLOOKUP($A187,DATA2!$A$2:$S$607,9,FALSE)","v":0.08},51945.79,{"$f":"VLOOKUP($A187,DATA2!$A$2:$S$607,10,FALSE)","v":52317.34},{"$f":"VLOOKUP($A187,DATA2!$A$2:$S$607,11,FALSE)","v":627808.07999999996},{"$f":"VLOOKUP($A187,DATA2!$A$2:$S$607,12,FALSE)","v":"2012-12-01"},{"$f":"VLOOKUP($A187,DATA2!$A$2:$S$607,13,FALSE)","v":"2017-11-30"},{"$f":"VLOOKUP($A187,DATA2!$A$2:$S$607,14,FALSE)","v":"No"},{"$f":"IF(MATRIX2!D187=1,($Y$8-$X$2)/365*Table_Provincial_GTAC3536[[#This Row],[Adj.AnnualRental]]*MATRIX2!D187,($Y$8-$X$2)/365*Table_Provincial_GTAC3536[[#This Row],[Adj.AnnualRental]])","v":206402.65643835615},{"$f":"(Table_Provincial_GTAC3536[[#This Row],[Adj.AnnualRental]]*(1+$I187)^(2))","v":732275.34451199998},{"$f":"(Table_Provincial_GTAC3536[[#This Row],[Adj.AnnualRental]]*(1+$I187)^(3))","v":790857.37207296002},{"$f":"(Table_Provincial_GTAC3536[[#This Row],[Adj.AnnualRental]]*(1+$I187)^(4))","v":854125.96183879697},{"$f":"(Table_Provincial_GTAC3536[[#This Row],[Adj.AnnualRental]]*(1+$I187)^(5))","v":922456.03878590069},{"$f":"(Table_Provincial_GTAC3536[[#This Row],[Adj.AnnualRental]]*(1+$I187)^(6))","v":996252.52188877284},{"$f":"(Table_Provincial_GTAC3536[[#This Row],[Adj.AnnualRental]]*(1+$I187)^(7))","v":1075952.7236398747}]
[243,{"$f":"VLOOKUP($A188,DATA2!$A$2:$S$607,2,FALSE)","v":"EC"},{"$f":"VLOOKUP($A188,DATA2!$A$2:$S$607,3,FALSE)","v":"Eastern Cape"},{"$f":"VLOOKUP($A188,DATA2!$A$2:$S$607,4,FALSE)","v":96.563923076923075},{"$f":"VLOOKUP($A188,DATA2!$A$2:$S$607,5,FALSE)","v":95},{"$f":"VLOOKUP($A188,DATA2!$A$2:$S$607,6,FALSE)","v":"MAIN CENTRE"},{"$f":"VLOOKUP($A188,DATA2!$A$2:$S$607,7,FALSE)","v":390},{"$f":"VLOOKUP($A188,DATA2!$A$2:$S$607,8,FALSE)","v":true},{"$f":"VLOOKUP($A188,DATA2!$A$2:$S$607,9,FALSE)","v":7.0000000000000007E-2},109561.54,{"$f":"VLOOKUP($A188,DATA2!$A$2:$S$607,10,FALSE)","v":37659.93},{"$f":"VLOOKUP($A188,DATA2!$A$2:$S$607,11,FALSE)","v":451919.16},{"$f":"VLOOKUP($A188,DATA2!$A$2:$S$607,12,FALSE)","v":"2016-04-01"},{"$f":"VLOOKUP($A188,DATA2!$A$2:$S$607,13,FALSE)","v":"2021-03-31"},{"$f":"VLOOKUP($A188,DATA2!$A$2:$S$607,14,FALSE)","v":"No"},{"$f":"IF(MATRIX2!D188=1,($Y$8-$X$2)/365*Table_Provincial_GTAC3536[[#This Row],[Adj.AnnualRental]]*MATRIX2!D188,($Y$8-$X$2)/365*Table_Provincial_GTAC3536[[#This Row],[Adj.AnnualRental]])","v":148576.16219178081},{"$f":"(Table_Provincial_GTAC3536[[#This Row],[Adj.AnnualRental]]*(1+$I188)^(2))","v":517402.24628399999},{"$f":"(Table_Provincial_GTAC3536[[#This Row],[Adj.AnnualRental]]*(1+$I188)^(3))","v":553620.40352388006},{"$f":"(Table_Provincial_GTAC3536[[#This Row],[Adj.AnnualRental]]*(1+$I188)^(4))","v":592373.83177055162},{"$f":"(Table_Provincial_GTAC3536[[#This Row],[Adj.AnnualRental]]*(1+$I188)^(5))","v":633839.9999944903},{"$f":"(Table_Provincial_GTAC3536[[#This Row],[Adj.AnnualRental]]*(1+$I188)^(6))","v":678208.79999410454},{"$f":"(Table_Provincial_GTAC3536[[#This Row],[Adj.AnnualRental]]*(1+$I188)^(7))","v":725683.41599369189}]
[244,{"$f":"VLOOKUP($A189,DATA2!$A$2:$S$607,2,FALSE)","v":"EC"},{"$f":"VLOOKUP($A189,DATA2!$A$2:$S$607,3,FALSE)","v":"Eastern Cape"},{"$f":"VLOOKUP($A189,DATA2!$A$2:$S$607,4,FALSE)","v":136.31355848434927},{"$f":"VLOOKUP($A189,DATA2!$A$2:$S$607,5,FALSE)","v":95},{"$f":"VLOOKUP($A189,DATA2!$A$2:$S$607,6,FALSE)","v":"MAIN CENTRE"},{"$f":"VLOOKUP($A189,DATA2!$A$2:$S$607,7,FALSE)","v":607},{"$f":"VLOOKUP($A189,DATA2!$A$2:$S$607,8,FALSE)","v":true},{"$f":"VLOOKUP($A189,DATA2!$A$2:$S$607,9,FALSE)","v":7.0000000000000007E-2},182212.12,{"$f":"VLOOKUP($A189,DATA2!$A$2:$S$607,10,FALSE)","v":82742.33},{"$f":"VLOOKUP($A189,DATA2!$A$2:$S$607,11,FALSE)","v":992907.96},{"$f":"VLOOKUP($A189,DATA2!$A$2:$S$607,12,FALSE)","v":"2015-01-01"},{"$f":"VLOOKUP($A189,DATA2!$A$2:$S$607,13,FALSE)","v":"2019-12-31"},{"$f":"VLOOKUP($A189,DATA2!$A$2:$S$607,14,FALSE)","v":"No"},{"$f":"IF(MATRIX2!D189=1,($Y$8-$X$2)/365*Table_Provincial_GTAC3536[[#This Row],[Adj.AnnualRental]]*MATRIX2!D189,($Y$8-$X$2)/365*Table_Provincial_GTAC3536[[#This Row],[Adj.AnnualRental]])","v":326435.49369863013},{"$f":"(Table_Provincial_GTAC3536[[#This Row],[Adj.AnnualRental]]*(1+$I189)^(2))","v":1136780.3234039999},{"$f":"(Table_Provincial_GTAC3536[[#This Row],[Adj.AnnualRental]]*(1+$I189)^(3))","v":1216354.9460422799},{"$f":"(Table_Provincial_GTAC3536[[#This Row],[Adj.AnnualRental]]*(1+$I189)^(4))","v":1301499.7922652396},{"$f":"(Table_Provincial_GTAC3536[[#This Row],[Adj.AnnualRental]]*(1+$I189)^(5))","v":1392604.7777238064},{"$f":"(Table_Provincial_GTAC3536[[#This Row],[Adj.AnnualRental]]*(1+$I189)^(6))","v":1490087.1121644729},{"$f":"(Table_Provincial_GTAC3536[[#This Row],[Adj.AnnualRental]]*(1+$I189)^(7))","v":1594393.2100159861}]
[245,{"$f":"VLOOKUP($A190,DATA2!$A$2:$S$607,2,FALSE)","v":"EC"},{"$f":"VLOOKUP($A190,DATA2!$A$2:$S$607,3,FALSE)","v":"Eastern Cape"},{"$f":"VLOOKUP($A190,DATA2!$A$2:$S$607,4,FALSE)","v":98.09961538461539},{"$f":"VLOOKUP($A190,DATA2!$A$2:$S$607,5,FALSE)","v":95},{"$f":"VLOOKUP($A190,DATA2!$A$2:$S$607,6,FALSE)","v":"MAIN CENTRE"},{"$f":"VLOOKUP($A190,DATA2!$A$2:$S$607,7,FALSE)","v":650},{"$f":"VLOOKUP($A190,DATA2!$A$2:$S$607,8,FALSE)","v":true},{"$f":"VLOOKUP($A190,DATA2!$A$2:$S$607,9,FALSE)","v":7.0000000000000007E-2},88071.84,{"$f":"VLOOKUP($A190,DATA2!$A$2:$S$607,10,FALSE)","v":63764.75},{"$f":"VLOOKUP($A190,DATA2!$A$2:$S$607,11,FALSE)","v":765177},{"$f":"VLOOKUP($A190,DATA2!$A$2:$S$607,12,FALSE)","v":"2015-09-01"},{"$f":"VLOOKUP($A190,DATA2!$A$2:$S$607,13,FALSE)","v":"2020-08-31"},{"$f":"VLOOKUP($A190,DATA2!$A$2:$S$607,14,FALSE)","v":"No"},{"$f":"IF(MATRIX2!D190=1,($Y$8-$X$2)/365*Table_Provincial_GTAC3536[[#This Row],[Adj.AnnualRental]]*MATRIX2!D190,($Y$8-$X$2)/365*Table_Provincial_GTAC3536[[#This Row],[Adj.AnnualRental]])","v":251565.0410958904},{"$f":"(Table_Provincial_GTAC3536[[#This Row],[Adj.AnnualRental]]*(1+$I190)^(2))","v":876051.14730000007},{"$f":"(Table_Provincial_GTAC3536[[#This Row],[Adj.AnnualRental]]*(1+$I190)^(3))","v":937374.72761100007},{"$f":"(Table_Provincial_GTAC3536[[#This Row],[Adj.AnnualRental]]*(1+$I190)^(4))","v":1002990.95854377},{"$f":"(Table_Provincial_GTAC3536[[#This Row],[Adj.AnnualRental]]*(1+$I190)^(5))","v":1073200.3256418339},{"$f":"(Table_Provincial_GTAC3536[[#This Row],[Adj.AnnualRental]]*(1+$I190)^(6))","v":1148324.3484367623},{"$f":"(Table_Provincial_GTAC3536[[#This Row],[Adj.AnnualRental]]*(1+$I190)^(7))","v":1228707.0528273357}]
[246,{"$f":"VLOOKUP($A191,DATA2!$A$2:$S$607,2,FALSE)","v":"EC"},{"$f":"VLOOKUP($A191,DATA2!$A$2:$S$607,3,FALSE)","v":"Eastern Cape"},{"$f":"VLOOKUP($A191,DATA2!$A$2:$S$607,4,FALSE)","v":82.9},{"$f":"VLOOKUP($A191,DATA2!$A$2:$S$607,5,FALSE)","v":110},{"$f":"VLOOKUP($A191,DATA2!$A$2:$S$607,6,FALSE)","v":"VTSD"},{"$f":"VLOOKUP($A191,DATA2!$A$2:$S$607,7,FALSE)","v":500},{"$f":"VLOOKUP($A191,DATA2!$A$2:$S$607,8,FALSE)","v":true},{"$f":"VLOOKUP($A191,DATA2!$A$2:$S$607,9,FALSE)","v":7.0000000000000007E-2},133722,{"$f":"VLOOKUP($A191,DATA2!$A$2:$S$607,10,FALSE)","v":41450},{"$f":"VLOOKUP($A191,DATA2!$A$2:$S$607,11,FALSE)","v":497400},{"$f":"VLOOKUP($A191,DATA2!$A$2:$S$607,12,FALSE)","v":"2017-03-01"},{"$f":"VLOOKUP($A191,DATA2!$A$2:$S$607,13,FALSE)","v":"2020-02-28"},{"$f":"VLOOKUP($A191,DATA2!$A$2:$S$607,14,FALSE)","v":"No"},{"$f":"IF(MATRIX2!D191=1,($Y$8-$X$2)/365*Table_Provincial_GTAC3536[[#This Row],[Adj.AnnualRental]]*MATRIX2!D191,($Y$8-$X$2)/365*Table_Provincial_GTAC3536[[#This Row],[Adj.AnnualRental]])","v":163528.76712328766},{"$f":"(Table_Provincial_GTAC3536[[#This Row],[Adj.AnnualRental]]*(1+$I191)^(2))","v":569473.26},{"$f":"(Table_Provincial_GTAC3536[[#This Row],[Adj.AnnualRental]]*(1+$I191)^(3))","v":609336.38820000004},{"$f":"(Table_Provincial_GTAC3536[[#This Row],[Adj.AnnualRental]]*(1+$I191)^(4))","v":651989.93537399999},{"$f":"(Table_Provincial_GTAC3536[[#This Row],[Adj.AnnualRental]]*(1+$I191)^(5))","v":697629.23085018003},{"$f":"(Table_Provincial_GTAC3536[[#This Row],[Adj.AnnualRental]]*(1+$I191)^(6))","v":746463.27700969263},{"$f":"(Table_Provincial_GTAC3536[[#This Row],[Adj.AnnualRental]]*(1+$I191)^(7))","v":798715.70640037116}]
[247,{"$f":"VLOOKUP($A192,DATA2!$A$2:$S$607,2,FALSE)","v":"EC"},{"$f":"VLOOKUP($A192,DATA2!$A$2:$S$607,3,FALSE)","v":"Eastern Cape"},{"$f":"VLOOKUP($A192,DATA2!$A$2:$S$607,4,FALSE)","v":128.07784378437844},{"$f":"VLOOKUP($A192,DATA2!$A$2:$S$607,5,FALSE)","v":55},{"$f":"VLOOKUP($A192,DATA2!$A$2:$S$607,6,FALSE)","v":"MAIN CENTRE"},{"$f":"VLOOKUP($A192,DATA2!$A$2:$S$607,7,FALSE)","v":909},{"$f":"VLOOKUP($A192,DATA2!$A$2:$S$607,8,FALSE)","v":true},{"$f":"VLOOKUP($A192,DATA2!$A$2:$S$607,9,FALSE)","v":7.0000000000000007E-2},19687.64,{"$f":"VLOOKUP($A192,DATA2!$A$2:$S$607,10,FALSE)","v":116422.76},{"$f":"VLOOKUP($A192,DATA2!$A$2:$S$607,11,FALSE)","v":1397073.12},{"$f":"VLOOKUP($A192,DATA2!$A$2:$S$607,12,FALSE)","v":"2016-06-01"},{"$f":"VLOOKUP($A192,DATA2!$A$2:$S$607,13,FALSE)","v":"2021-05-31"},{"$f":"VLOOKUP($A192,DATA2!$A$2:$S$607,14,FALSE)","v":"No"},{"$f":"IF(MATRIX2!D192=1,($Y$8-$X$2)/365*Table_Provincial_GTAC3536[[#This Row],[Adj.AnnualRental]]*MATRIX2!D192,($Y$8-$X$2)/365*Table_Provincial_GTAC3536[[#This Row],[Adj.AnnualRental]])","v":459311.71068493155},{"$f":"(Table_Provincial_GTAC3536[[#This Row],[Adj.AnnualRental]]*(1+$I192)^(2))","v":1599509.0150880001},{"$f":"(Table_Provincial_GTAC3536[[#This Row],[Adj.AnnualRental]]*(1+$I192)^(3))","v":1711474.6461441603},{"$f":"(Table_Provincial_GTAC3536[[#This Row],[Adj.AnnualRental]]*(1+$I192)^(4))","v":1831277.8713742513},{"$f":"(Table_Provincial_GTAC3536[[#This Row],[Adj.AnnualRental]]*(1+$I192)^(5))","v":1959467.3223704491},{"$f":"(Table_Provincial_GTAC3536[[#This Row],[Adj.AnnualRental]]*(1+$I192)^(6))","v":2096630.0349363803},{"$f":"(Table_Provincial_GTAC3536[[#This Row],[Adj.AnnualRental]]*(1+$I192)^(7))","v":2243394.1373819271}]
[248,{"$f":"VLOOKUP($A193,DATA2!$A$2:$S$607,2,FALSE)","v":"EC"},{"$f":"VLOOKUP($A193,DATA2!$A$2:$S$607,3,FALSE)","v":"Eastern Cape"},{"$f":"VLOOKUP($A193,DATA2!$A$2:$S$607,4,FALSE)","v":129.95260407440213},{"$f":"VLOOKUP($A193,DATA2!$A$2:$S$607,5,FALSE)","v":95},{"$f":"VLOOKUP($A193,DATA2!$A$2:$S$607,6,FALSE)","v":"VTSD"},{"$f":"VLOOKUP($A193,DATA2!$A$2:$S$607,7,FALSE)","v":1129},{"$f":"VLOOKUP($A193,DATA2!$A$2:$S$607,8,FALSE)","v":true},{"$f":"VLOOKUP($A193,DATA2!$A$2:$S$607,9,FALSE)","v":7.0000000000000007E-2},337977.91,{"$f":"VLOOKUP($A193,DATA2!$A$2:$S$607,10,FALSE)","v":146716.49},{"$f":"VLOOKUP($A193,DATA2!$A$2:$S$607,11,FALSE)","v":1760597.88},{"$f":"VLOOKUP($A193,DATA2!$A$2:$S$607,12,FALSE)","v":"2015-12-01"},{"$f":"VLOOKUP($A193,DATA2!$A$2:$S$607,13,FALSE)","v":"2018-11-30"},{"$f":"VLOOKUP($A193,DATA2!$A$2:$S$607,14,FALSE)","v":"No"},{"$f":"IF(MATRIX2!D193=1,($Y$8-$X$2)/365*Table_Provincial_GTAC3536[[#This Row],[Adj.AnnualRental]]*MATRIX2!D193,($Y$8-$X$2)/365*Table_Provincial_GTAC3536[[#This Row],[Adj.AnnualRental]])","v":578826.70027397259},{"$f":"(Table_Provincial_GTAC3536[[#This Row],[Adj.AnnualRental]]*(1+$I193)^(2))","v":2015708.512812},{"$f":"(Table_Provincial_GTAC3536[[#This Row],[Adj.AnnualRental]]*(1+$I193)^(3))","v":2156808.1087088399},{"$f":"(Table_Provincial_GTAC3536[[#This Row],[Adj.AnnualRental]]*(1+$I193)^(4))","v":2307784.6763184587},{"$f":"(Table_Provincial_GTAC3536[[#This Row],[Adj.AnnualRental]]*(1+$I193)^(5))","v":2469329.6036607511},{"$f":"(Table_Provincial_GTAC3536[[#This Row],[Adj.AnnualRental]]*(1+$I193)^(6))","v":2642182.6759170033},{"$f":"(Table_Provincial_GTAC3536[[#This Row],[Adj.AnnualRental]]*(1+$I193)^(7))","v":2827135.4632311938}]
[249,{"$f":"VLOOKUP($A194,DATA2!$A$2:$S$607,2,FALSE)","v":"EC"},{"$f":"VLOOKUP($A194,DATA2!$A$2:$S$607,3,FALSE)","v":"Eastern Cape"},{"$f":"VLOOKUP($A194,DATA2!$A$2:$S$607,4,FALSE)","v":94.983041666666665},{"$f":"VLOOKUP($A194,DATA2!$A$2:$S$607,5,FALSE)","v":95},{"$f":"VLOOKUP($A194,DATA2!$A$2:$S$607,6,FALSE)","v":"MAIN CENTRE"},{"$f":"VLOOKUP($A194,DATA2!$A$2:$S$607,7,FALSE)","v":240},{"$f":"VLOOKUP($A194,DATA2!$A$2:$S$607,8,FALSE)","v":true},{"$f":"VLOOKUP($A194,DATA2!$A$2:$S$607,9,FALSE)","v":7.0000000000000007E-2},311296.65000000002,{"$f":"VLOOKUP($A194,DATA2!$A$2:$S$607,10,FALSE)","v":22795.93},{"$f":"VLOOKUP($A194,DATA2!$A$2:$S$607,11,FALSE)","v":273551.15999999997},{"$f":"VLOOKUP($A194,DATA2!$A$2:$S$607,12,FALSE)","v":"2015-03-01"},{"$f":"VLOOKUP($A194,DATA2!$A$2:$S$607,13,FALSE)","v":"2018-02-28"},{"$f":"VLOOKUP($A194,DATA2!$A$2:$S$607,14,FALSE)","v":"No"},{"$f":"IF(MATRIX2!D194=1,($Y$8-$X$2)/365*Table_Provincial_GTAC3536[[#This Row],[Adj.AnnualRental]]*MATRIX2!D194,($Y$8-$X$2)/365*Table_Provincial_GTAC3536[[#This Row],[Adj.AnnualRental]])","v":89934.627945205473},{"$f":"(Table_Provincial_GTAC3536[[#This Row],[Adj.AnnualRental]]*(1+$I194)^(2))","v":313188.723084},{"$f":"(Table_Provincial_GTAC3536[[#This Row],[Adj.AnnualRental]]*(1+$I194)^(3))","v":335111.93369987997},{"$f":"(Table_Provincial_GTAC3536[[#This Row],[Adj.AnnualRental]]*(1+$I194)^(4))","v":358569.76905887155},{"$f":"(Table_Provincial_GTAC3536[[#This Row],[Adj.AnnualRental]]*(1+$I194)^(5))","v":383669.6528929926},{"$f":"(Table_Provincial_GTAC3536[[#This Row],[Adj.AnnualRental]]*(1+$I194)^(6))","v":410526.52859550208},{"$f":"(Table_Provincial_GTAC3536[[#This Row],[Adj.AnnualRental]]*(1+$I194)^(7))","v":439263.38559718727}]
[250,{"$f":"VLOOKUP($A195,DATA2!$A$2:$S$607,2,FALSE)","v":"EC"},{"$f":"VLOOKUP($A195,DATA2!$A$2:$S$607,3,FALSE)","v":"Eastern Cape"},{"$f":"VLOOKUP($A195,DATA2!$A$2:$S$607,4,FALSE)","v":69.792930693600766},{"$f":"VLOOKUP($A195,DATA2!$A$2:$S$607,5,FALSE)","v":95},{"$f":"VLOOKUP($A195,DATA2!$A$2:$S$607,6,FALSE)","v":"MAIN CENTRE"},{"$f":"VLOOKUP($A195,DATA2!$A$2:$S$607,7,FALSE)","v":1117.79},{"$f":"VLOOKUP($A195,DATA2!$A$2:$S$607,8,FALSE)","v":true},{"$f":"VLOOKUP($A195,DATA2!$A$2:$S$607,9,FALSE)","v":7.0000000000000007E-2},270766.71000000002,{"$f":"VLOOKUP($A195,DATA2!$A$2:$S$607,10,FALSE)","v":78013.84},{"$f":"VLOOKUP($A195,DATA2!$A$2:$S$607,11,FALSE)","v":936166.08},{"$f":"VLOOKUP($A195,DATA2!$A$2:$S$607,12,FALSE)","v":"2014-05-01"},{"$f":"VLOOKUP($A195,DATA2!$A$2:$S$607,13,FALSE)","v":"2019-05-30"},{"$f":"VLOOKUP($A195,DATA2!$A$2:$S$607,14,FALSE)","v":"No"},{"$f":"IF(MATRIX2!D195=1,($Y$8-$X$2)/365*Table_Provincial_GTAC3536[[#This Row],[Adj.AnnualRental]]*MATRIX2!D195,($Y$8-$X$2)/365*Table_Provincial_GTAC3536[[#This Row],[Adj.AnnualRental]])","v":307780.62904109585},{"$f":"(Table_Provincial_GTAC3536[[#This Row],[Adj.AnnualRental]]*(1+$I195)^(2))","v":1071816.5449919999},{"$f":"(Table_Provincial_GTAC3536[[#This Row],[Adj.AnnualRental]]*(1+$I195)^(3))","v":1146843.7031414399},{"$f":"(Table_Provincial_GTAC3536[[#This Row],[Adj.AnnualRental]]*(1+$I195)^(4))","v":1227122.7623613407},{"$f":"(Table_Provincial_GTAC3536[[#This Row],[Adj.AnnualRental]]*(1+$I195)^(5))","v":1313021.3557266349},{"$f":"(Table_Provincial_GTAC3536[[#This Row],[Adj.AnnualRental]]*(1+$I195)^(6))","v":1404932.8506274992},{"$f":"(Table_Provincial_GTAC3536[[#This Row],[Adj.AnnualRental]]*(1+$I195)^(7))","v":1503278.150171424}]
[251,{"$f":"VLOOKUP($A196,DATA2!$A$2:$S$607,2,FALSE)","v":"EC"},{"$f":"VLOOKUP($A196,DATA2!$A$2:$S$607,3,FALSE)","v":"Eastern Cape"},{"$f":"VLOOKUP($A196,DATA2!$A$2:$S$607,4,FALSE)","v":104.28910569105692},{"$f":"VLOOKUP($A196,DATA2!$A$2:$S$607,5,FALSE)","v":95},{"$f":"VLOOKUP($A196,DATA2!$A$2:$S$607,6,FALSE)","v":"MAIN CENTRE"},{"$f":"VLOOKUP($A196,DATA2!$A$2:$S$607,7,FALSE)","v":246},{"$f":"VLOOKUP($A196,DATA2!$A$2:$S$607,8,FALSE)","v":true},{"$f":"VLOOKUP($A196,DATA2!$A$2:$S$607,9,FALSE)","v":7.0000000000000007E-2},219199.2,{"$f":"VLOOKUP($A196,DATA2!$A$2:$S$607,10,FALSE)","v":25655.119999999999},{"$f":"VLOOKUP($A196,DATA2!$A$2:$S$607,11,FALSE)","v":307861.44},{"$f":"VLOOKUP($A196,DATA2!$A$2:$S$607,12,FALSE)","v":"2015-04-01"},{"$f":"VLOOKUP($A196,DATA2!$A$2:$S$607,13,FALSE)","v":"2020-03-31"},{"$f":"VLOOKUP($A196,DATA2!$A$2:$S$607,14,FALSE)","v":"No"},{"$f":"IF(MATRIX2!D196=1,($Y$8-$X$2)/365*Table_Provincial_GTAC3536[[#This Row],[Adj.AnnualRental]]*MATRIX2!D196,($Y$8-$X$2)/365*Table_Provincial_GTAC3536[[#This Row],[Adj.AnnualRental]])","v":101214.72},{"$f":"(Table_Provincial_GTAC3536[[#This Row],[Adj.AnnualRental]]*(1+$I196)^(2))","v":352470.56265600002},{"$f":"(Table_Provincial_GTAC3536[[#This Row],[Adj.AnnualRental]]*(1+$I196)^(3))","v":377143.50204192003},{"$f":"(Table_Provincial_GTAC3536[[#This Row],[Adj.AnnualRental]]*(1+$I196)^(4))","v":403543.5471848544},{"$f":"(Table_Provincial_GTAC3536[[#This Row],[Adj.AnnualRental]]*(1+$I196)^(5))","v":431791.59548779426},{"$f":"(Table_Provincial_GTAC3536[[#This Row],[Adj.AnnualRental]]*(1+$I196)^(6))","v":462017.00717193983},{"$f":"(Table_Provincial_GTAC3536[[#This Row],[Adj.AnnualRental]]*(1+$I196)^(7))","v":494358.19767397566}]
[252,{"$f":"VLOOKUP($A197,DATA2!$A$2:$S$607,2,FALSE)","v":"EC"},{"$f":"VLOOKUP($A197,DATA2!$A$2:$S$607,3,FALSE)","v":"Eastern Cape"},{"$f":"VLOOKUP($A197,DATA2!$A$2:$S$607,4,FALSE)","v":103.45349593495935},{"$f":"VLOOKUP($A197,DATA2!$A$2:$S$607,5,FALSE)","v":95},{"$f":"VLOOKUP($A197,DATA2!$A$2:$S$607,6,FALSE)","v":"MAIN CENTRE"},{"$f":"VLOOKUP($A197,DATA2!$A$2:$S$607,7,FALSE)","v":123},{"$f":"VLOOKUP($A197,DATA2!$A$2:$S$607,8,FALSE)","v":true},{"$f":"VLOOKUP($A197,DATA2!$A$2:$S$607,9,FALSE)","v":7.0000000000000007E-2},292532.44,{"$f":"VLOOKUP($A197,DATA2!$A$2:$S$607,10,FALSE)","v":12724.78},{"$f":"VLOOKUP($A197,DATA2!$A$2:$S$607,11,FALSE)","v":152697.35999999999},{"$f":"VLOOKUP($A197,DATA2!$A$2:$S$607,12,FALSE)","v":"2015-02-01"},{"$f":"VLOOKUP($A197,DATA2!$A$2:$S$607,13,FALSE)","v":"2020-01-31"},{"$f":"VLOOKUP($A197,DATA2!$A$2:$S$607,14,FALSE)","v":"No"},{"$f":"IF(MATRIX2!D197=1,($Y$8-$X$2)/365*Table_Provincial_GTAC3536[[#This Row],[Adj.AnnualRental]]*MATRIX2!D197,($Y$8-$X$2)/365*Table_Provincial_GTAC3536[[#This Row],[Adj.AnnualRental]])","v":50201.871780821908},{"$f":"(Table_Provincial_GTAC3536[[#This Row],[Adj.AnnualRental]]*(1+$I197)^(2))","v":174823.20746399998},{"$f":"(Table_Provincial_GTAC3536[[#This Row],[Adj.AnnualRental]]*(1+$I197)^(3))","v":187060.83198647999},{"$f":"(Table_Provincial_GTAC3536[[#This Row],[Adj.AnnualRental]]*(1+$I197)^(4))","v":200155.09022553358},{"$f":"(Table_Provincial_GTAC3536[[#This Row],[Adj.AnnualRental]]*(1+$I197)^(5))","v":214165.94654132097},{"$f":"(Table_Provincial_GTAC3536[[#This Row],[Adj.AnnualRental]]*(1+$I197)^(6))","v":229157.5627992134},{"$f":"(Table_Provincial_GTAC3536[[#This Row],[Adj.AnnualRental]]*(1+$I197)^(7))","v":245198.59219515836}]
[253,{"$f":"VLOOKUP($A198,DATA2!$A$2:$S$607,2,FALSE)","v":"EC"},{"$f":"VLOOKUP($A198,DATA2!$A$2:$S$607,3,FALSE)","v":"Eastern Cape"},{"$f":"VLOOKUP($A198,DATA2!$A$2:$S$607,4,FALSE)","v":86.633499999999998},{"$f":"VLOOKUP($A198,DATA2!$A$2:$S$607,5,FALSE)","v":95},{"$f":"VLOOKUP($A198,DATA2!$A$2:$S$607,6,FALSE)","v":"MAIN CENTRE"},{"$f":"VLOOKUP($A198,DATA2!$A$2:$S$607,7,FALSE)","v":120},{"$f":"VLOOKUP($A198,DATA2!$A$2:$S$607,8,FALSE)","v":true},{"$f":"VLOOKUP($A198,DATA2!$A$2:$S$607,9,FALSE)","v":7.0000000000000007E-2},27245.759999999998,{"$f":"VLOOKUP($A198,DATA2!$A$2:$S$607,10,FALSE)","v":10396.02},{"$f":"VLOOKUP($A198,DATA2!$A$2:$S$607,11,FALSE)","v":124752.24},{"$f":"VLOOKUP($A198,DATA2!$A$2:$S$607,12,FALSE)","v":"2016-03-01"},{"$f":"VLOOKUP($A198,DATA2!$A$2:$S$607,13,FALSE)","v":"2019-02-28"},{"$f":"VLOOKUP($A198,DATA2!$A$2:$S$607,14,FALSE)","v":"No"},{"$f":"IF(MATRIX2!D198=1,($Y$8-$X$2)/365*Table_Provincial_GTAC3536[[#This Row],[Adj.AnnualRental]]*MATRIX2!D198,($Y$8-$X$2)/365*Table_Provincial_GTAC3536[[#This Row],[Adj.AnnualRental]])","v":41014.435068493149},{"$f":"(Table_Provincial_GTAC3536[[#This Row],[Adj.AnnualRental]]*(1+$I198)^(2))","v":142828.839576},{"$f":"(Table_Provincial_GTAC3536[[#This Row],[Adj.AnnualRental]]*(1+$I198)^(3))","v":152826.85834632002},{"$f":"(Table_Provincial_GTAC3536[[#This Row],[Adj.AnnualRental]]*(1+$I198)^(4))","v":163524.7384305624},{"$f":"(Table_Provincial_GTAC3536[[#This Row],[Adj.AnnualRental]]*(1+$I198)^(5))","v":174971.47012070179},{"$f":"(Table_Provincial_GTAC3536[[#This Row],[Adj.AnnualRental]]*(1+$I198)^(6))","v":187219.47302915092},{"$f":"(Table_Provincial_GTAC3536[[#This Row],[Adj.AnnualRental]]*(1+$I198)^(7))","v":200324.83614119148}]
[254,{"$f":"VLOOKUP($A199,DATA2!$A$2:$S$607,2,FALSE)","v":"EC"},{"$f":"VLOOKUP($A199,DATA2!$A$2:$S$607,3,FALSE)","v":"Eastern Cape"},{"$f":"VLOOKUP($A199,DATA2!$A$2:$S$607,4,FALSE)","v":94.983016528925617},{"$f":"VLOOKUP($A199,DATA2!$A$2:$S$607,5,FALSE)","v":95},{"$f":"VLOOKUP($A199,DATA2!$A$2:$S$607,6,FALSE)","v":"MAIN CENTRE"},{"$f":"VLOOKUP($A199,DATA2!$A$2:$S$607,7,FALSE)","v":242},{"$f":"VLOOKUP($A199,DATA2!$A$2:$S$607,8,FALSE)","v":true},{"$f":"VLOOKUP($A199,DATA2!$A$2:$S$607,9,FALSE)","v":7.0000000000000007E-2},15911.52,{"$f":"VLOOKUP($A199,DATA2!$A$2:$S$607,10,FALSE)","v":22985.89},{"$f":"VLOOKUP($A199,DATA2!$A$2:$S$607,11,FALSE)","v":275830.68},{"$f":"VLOOKUP($A199,DATA2!$A$2:$S$607,12,FALSE)","v":"2015-02-01"},{"$f":"VLOOKUP($A199,DATA2!$A$2:$S$607,13,FALSE)","v":"2018-01-31"},{"$f":"VLOOKUP($A199,DATA2!$A$2:$S$607,14,FALSE)","v":"No"},{"$f":"IF(MATRIX2!D199=1,($Y$8-$X$2)/365*Table_Provincial_GTAC3536[[#This Row],[Adj.AnnualRental]]*MATRIX2!D199,($Y$8-$X$2)/365*Table_Provincial_GTAC3536[[#This Row],[Adj.AnnualRental]])","v":90684.059178082185},{"$f":"(Table_Provincial_GTAC3536[[#This Row],[Adj.AnnualRental]]*(1+$I199)^(2))","v":315798.54553200002},{"$f":"(Table_Provincial_GTAC3536[[#This Row],[Adj.AnnualRental]]*(1+$I199)^(3))","v":337904.44371924002},{"$f":"(Table_Provincial_GTAC3536[[#This Row],[Adj.AnnualRental]]*(1+$I199)^(4))","v":361557.7547795868},{"$f":"(Table_Provincial_GTAC3536[[#This Row],[Adj.AnnualRental]]*(1+$I199)^(5))","v":386866.7976141579},{"$f":"(Table_Provincial_GTAC3536[[#This Row],[Adj.AnnualRental]]*(1+$I199)^(6))","v":413947.47344714892},{"$f":"(Table_Provincial_GTAC3536[[#This Row],[Adj.AnnualRental]]*(1+$I199)^(7))","v":442923.79658844939}]
[255,{"$f":"VLOOKUP($A200,DATA2!$A$2:$S$607,2,FALSE)","v":"EC"},{"$f":"VLOOKUP($A200,DATA2!$A$2:$S$607,3,FALSE)","v":"Eastern Cape"},{"$f":"VLOOKUP($A200,DATA2!$A$2:$S$607,4,FALSE)","v":94.010182481751826},{"$f":"VLOOKUP($A200,DATA2!$A$2:$S$607,5,FALSE)","v":95},{"$f":"VLOOKUP($A200,DATA2!$A$2:$S$607,6,FALSE)","v":"MAIN CENTRE"},{"$f":"VLOOKUP($A200,DATA2!$A$2:$S$607,7,FALSE)","v":548},{"$f":"VLOOKUP($A200,DATA2!$A$2:$S$607,8,FALSE)","v":true},{"$f":"VLOOKUP($A200,DATA2!$A$2:$S$607,9,FALSE)","v":7.0000000000000007E-2},18996.330000000002,{"$f":"VLOOKUP($A200,DATA2!$A$2:$S$607,10,FALSE)","v":51517.58},{"$f":"VLOOKUP($A200,DATA2!$A$2:$S$607,11,FALSE)","v":618210.96},{"$f":"VLOOKUP($A200,DATA2!$A$2:$S$607,12,FALSE)","v":"2016-05-01"},{"$f":"VLOOKUP($A200,DATA2!$A$2:$S$607,13,FALSE)","v":"2021-04-30"},{"$f":"VLOOKUP($A200,DATA2!$A$2:$S$607,14,FALSE)","v":"No"},{"$f":"IF(MATRIX2!D200=1,($Y$8-$X$2)/365*Table_Provincial_GTAC3536[[#This Row],[Adj.AnnualRental]]*MATRIX2!D200,($Y$8-$X$2)/365*Table_Provincial_GTAC3536[[#This Row],[Adj.AnnualRental]])","v":203247.43890410956},{"$f":"(Table_Provincial_GTAC3536[[#This Row],[Adj.AnnualRental]]*(1+$I200)^(2))","v":707789.72810399998},{"$f":"(Table_Provincial_GTAC3536[[#This Row],[Adj.AnnualRental]]*(1+$I200)^(3))","v":757335.00907128002},{"$f":"(Table_Provincial_GTAC3536[[#This Row],[Adj.AnnualRental]]*(1+$I200)^(4))","v":810348.45970626955},{"$f":"(Table_Provincial_GTAC3536[[#This Row],[Adj.AnnualRental]]*(1+$I200)^(5))","v":867072.85188570851},{"$f":"(Table_Provincial_GTAC3536[[#This Row],[Adj.AnnualRental]]*(1+$I200)^(6))","v":927767.95151770802},{"$f":"(Table_Provincial_GTAC3536[[#This Row],[Adj.AnnualRental]]*(1+$I200)^(7))","v":992711.70812394773}]
[264,{"$f":"VLOOKUP($A201,DATA2!$A$2:$S$607,2,FALSE)","v":"EC"},{"$f":"VLOOKUP($A201,DATA2!$A$2:$S$607,3,FALSE)","v":"Eastern Cape"},{"$f":"VLOOKUP($A201,DATA2!$A$2:$S$607,4,FALSE)","v":89.683000977517111},{"$f":"VLOOKUP($A201,DATA2!$A$2:$S$607,5,FALSE)","v":110},{"$f":"VLOOKUP($A201,DATA2!$A$2:$S$607,6,FALSE)","v":"VTSD"},{"$f":"VLOOKUP($A201,DATA2!$A$2:$S$607,7,FALSE)","v":2046},{"$f":"VLOOKUP($A201,DATA2!$A$2:$S$607,8,FALSE)","v":true},{"$f":"VLOOKUP($A201,DATA2!$A$2:$S$607,9,FALSE)","v":7.0000000000000007E-2},13291.24,{"$f":"VLOOKUP($A201,DATA2!$A$2:$S$607,10,FALSE)","v":183491.42},{"$f":"VLOOKUP($A201,DATA2!$A$2:$S$607,11,FALSE)","v":2201897.04},{"$f":"VLOOKUP($A201,DATA2!$A$2:$S$607,12,FALSE)","v":"2015-09-01"},{"$f":"VLOOKUP($A201,DATA2!$A$2:$S$607,13,FALSE)","v":"2017-08-31"},{"$f":"VLOOKUP($A201,DATA2!$A$2:$S$607,14,FALSE)","v":"No"},{"$f":"IF(MATRIX2!D201=1,($Y$8-$X$2)/365*Table_Provincial_GTAC3536[[#This Row],[Adj.AnnualRental]]*MATRIX2!D201,($Y$8-$X$2)/365*Table_Provincial_GTAC3536[[#This Row],[Adj.AnnualRental]])","v":723911.35561643832},{"$f":"(Table_Provincial_GTAC3536[[#This Row],[Adj.AnnualRental]]*(1+$I201)^(2))","v":2520951.9210959999},{"$f":"(Table_Provincial_GTAC3536[[#This Row],[Adj.AnnualRental]]*(1+$I201)^(3))","v":2697418.5555727202},{"$f":"(Table_Provincial_GTAC3536[[#This Row],[Adj.AnnualRental]]*(1+$I201)^(4))","v":2886237.8544628103},{"$f":"(Table_Provincial_GTAC3536[[#This Row],[Adj.AnnualRental]]*(1+$I201)^(5))","v":3088274.5042752074},{"$f":"(Table_Provincial_GTAC3536[[#This Row],[Adj.AnnualRental]]*(1+$I201)^(6))","v":3304453.7195744719},{"$f":"(Table_Provincial_GTAC3536[[#This Row],[Adj.AnnualRental]]*(1+$I201)^(7))","v":3535765.479944685}]
[265,{"$f":"VLOOKUP($A202,DATA2!$A$2:$S$607,2,FALSE)","v":"EC"},{"$f":"VLOOKUP($A202,DATA2!$A$2:$S$607,3,FALSE)","v":"Eastern Cape"},{"$f":"VLOOKUP($A202,DATA2!$A$2:$S$607,4,FALSE)","v":146.13042284866469},{"$f":"VLOOKUP($A202,DATA2!$A$2:$S$607,5,FALSE)","v":95},{"$f":"VLOOKUP($A202,DATA2!$A$2:$S$607,6,FALSE)","v":"VTSD"},{"$f":"VLOOKUP($A202,DATA2!$A$2:$S$607,7,FALSE)","v":1348},{"$f":"VLOOKUP($A202,DATA2!$A$2:$S$607,8,FALSE)","v":true},{"$f":"VLOOKUP($A202,DATA2!$A$2:$S$607,9,FALSE)","v":7.0000000000000007E-2},1456843.73,{"$f":"VLOOKUP($A202,DATA2!$A$2:$S$607,10,FALSE)","v":196983.81},{"$f":"VLOOKUP($A202,DATA2!$A$2:$S$607,11,FALSE)","v":2363805.7200000002},{"$f":"VLOOKUP($A202,DATA2!$A$2:$S$607,12,FALSE)","v":"2015-08-01"},{"$f":"VLOOKUP($A202,DATA2!$A$2:$S$607,13,FALSE)","v":"2018-07-31"},{"$f":"VLOOKUP($A202,DATA2!$A$2:$S$607,14,FALSE)","v":"No"},{"$f":"IF(MATRIX2!D202=1,($Y$8-$X$2)/365*Table_Provincial_GTAC3536[[#This Row],[Adj.AnnualRental]]*MATRIX2!D202,($Y$8-$X$2)/365*Table_Provincial_GTAC3536[[#This Row],[Adj.AnnualRental]])","v":777141.60657534248},{"$f":"(Table_Provincial_GTAC3536[[#This Row],[Adj.AnnualRental]]*(1+$I202)^(2))","v":2706321.1688280003},{"$f":"(Table_Provincial_GTAC3536[[#This Row],[Adj.AnnualRental]]*(1+$I202)^(3))","v":2895763.6506459606},{"$f":"(Table_Provincial_GTAC3536[[#This Row],[Adj.AnnualRental]]*(1+$I202)^(4))","v":3098467.1061911774},{"$f":"(Table_Provincial_GTAC3536[[#This Row],[Adj.AnnualRental]]*(1+$I202)^(5))","v":3315359.8036245601},{"$f":"(Table_Provincial_GTAC3536[[#This Row],[Adj.AnnualRental]]*(1+$I202)^(6))","v":3547434.9898782792},{"$f":"(Table_Provincial_GTAC3536[[#This Row],[Adj.AnnualRental]]*(1+$I202)^(7))","v":3795755.4391697589}]
[266,{"$f":"VLOOKUP($A203,DATA2!$A$2:$S$607,2,FALSE)","v":"EC"},{"$f":"VLOOKUP($A203,DATA2!$A$2:$S$607,3,FALSE)","v":"Eastern Cape"},{"$f":"VLOOKUP($A203,DATA2!$A$2:$S$607,4,FALSE)","v":104.1146875},{"$f":"VLOOKUP($A203,DATA2!$A$2:$S$607,5,FALSE)","v":55},{"$f":"VLOOKUP($A203,DATA2!$A$2:$S$607,6,FALSE)","v":"MAIN CENTRE"},{"$f":"VLOOKUP($A203,DATA2!$A$2:$S$607,7,FALSE)","v":3712},{"$f":"VLOOKUP($A203,DATA2!$A$2:$S$607,8,FALSE)","v":true},{"$f":"VLOOKUP($A203,DATA2!$A$2:$S$607,9,FALSE)","v":7.0000000000000007E-2},95762.84,{"$f":"VLOOKUP($A203,DATA2!$A$2:$S$607,10,FALSE)","v":386473.72},{"$f":"VLOOKUP($A203,DATA2!$A$2:$S$607,11,FALSE)","v":4637684.6399999997},{"$f":"VLOOKUP($A203,DATA2!$A$2:$S$607,12,FALSE)","v":"2017-03-01"},{"$f":"VLOOKUP($A203,DATA2!$A$2:$S$607,13,FALSE)","v":"2022-02-28"},{"$f":"VLOOKUP($A203,DATA2!$A$2:$S$607,14,FALSE)","v":"No"},{"$f":"IF(MATRIX2!D203=1,($Y$8-$X$2)/365*Table_Provincial_GTAC3536[[#This Row],[Adj.AnnualRental]]*MATRIX2!D203,($Y$8-$X$2)/365*Table_Provincial_GTAC3536[[#This Row],[Adj.AnnualRental]])","v":1524718.2378082189},{"$f":"(Table_Provincial_GTAC3536[[#This Row],[Adj.AnnualRental]]*(1+$I203)^(2))","v":5309685.1443360001},{"$f":"(Table_Provincial_GTAC3536[[#This Row],[Adj.AnnualRental]]*(1+$I203)^(3))","v":5681363.1044395203},{"$f":"(Table_Provincial_GTAC3536[[#This Row],[Adj.AnnualRental]]*(1+$I203)^(4))","v":6079058.5217502862},{"$f":"(Table_Provincial_GTAC3536[[#This Row],[Adj.AnnualRental]]*(1+$I203)^(5))","v":6504592.6182728065},{"$f":"(Table_Provincial_GTAC3536[[#This Row],[Adj.AnnualRental]]*(1+$I203)^(6))","v":6959914.1015519025},{"$f":"(Table_Provincial_GTAC3536[[#This Row],[Adj.AnnualRental]]*(1+$I203)^(7))","v":7447108.0886605363}]
[267,{"$f":"VLOOKUP($A204,DATA2!$A$2:$S$607,2,FALSE)","v":"EC"},{"$f":"VLOOKUP($A204,DATA2!$A$2:$S$607,3,FALSE)","v":"Eastern Cape"},{"$f":"VLOOKUP($A204,DATA2!$A$2:$S$607,4,FALSE)","v":92.64549475416581},{"$f":"VLOOKUP($A204,DATA2!$A$2:$S$607,5,FALSE)","v":95},{"$f":"VLOOKUP($A204,DATA2!$A$2:$S$607,6,FALSE)","v":"MAIN CENTRE"},{"$f":"VLOOKUP($A204,DATA2!$A$2:$S$607,7,FALSE)","v":972.2},{"$f":"VLOOKUP($A204,DATA2!$A$2:$S$607,8,FALSE)","v":true},{"$f":"VLOOKUP($A204,DATA2!$A$2:$S$607,9,FALSE)","v":7.0000000000000007E-2},642041.73,{"$f":"VLOOKUP($A204,DATA2!$A$2:$S$607,10,FALSE)","v":90069.95},{"$f":"VLOOKUP($A204,DATA2!$A$2:$S$607,11,FALSE)","v":1080839.3999999999},{"$f":"VLOOKUP($A204,DATA2!$A$2:$S$607,12,FALSE)","v":"2015-12-01"},{"$f":"VLOOKUP($A204,DATA2!$A$2:$S$607,13,FALSE)","v":"2020-11-30"},{"$f":"VLOOKUP($A204,DATA2!$A$2:$S$607,14,FALSE)","v":"No"},{"$f":"IF(MATRIX2!D204=1,($Y$8-$X$2)/365*Table_Provincial_GTAC3536[[#This Row],[Adj.AnnualRental]]*MATRIX2!D204,($Y$8-$X$2)/365*Table_Provincial_GTAC3536[[#This Row],[Adj.AnnualRental]])","v":355344.46027397254},{"$f":"(Table_Provincial_GTAC3536[[#This Row],[Adj.AnnualRental]]*(1+$I204)^(2))","v":1237453.0290599999},{"$f":"(Table_Provincial_GTAC3536[[#This Row],[Adj.AnnualRental]]*(1+$I204)^(3))","v":1324074.7410941999},{"$f":"(Table_Provincial_GTAC3536[[#This Row],[Adj.AnnualRental]]*(1+$I204)^(4))","v":1416759.972970794},{"$f":"(Table_Provincial_GTAC3536[[#This Row],[Adj.AnnualRental]]*(1+$I204)^(5))","v":1515933.1710787497},{"$f":"(Table_Provincial_GTAC3536[[#This Row],[Adj.AnnualRental]]*(1+$I204)^(6))","v":1622048.4930542619},{"$f":"(Table_Provincial_GTAC3536[[#This Row],[Adj.AnnualRental]]*(1+$I204)^(7))","v":1735591.8875680605}]
[268,{"$f":"VLOOKUP($A205,DATA2!$A$2:$S$607,2,FALSE)","v":"EC"},{"$f":"VLOOKUP($A205,DATA2!$A$2:$S$607,3,FALSE)","v":"Eastern Cape"},{"$f":"VLOOKUP($A205,DATA2!$A$2:$S$607,4,FALSE)","v":106.48666666666666},{"$f":"VLOOKUP($A205,DATA2!$A$2:$S$607,5,FALSE)","v":95},{"$f":"VLOOKUP($A205,DATA2!$A$2:$S$607,6,FALSE)","v":"MAIN CENTRE"},{"$f":"VLOOKUP($A205,DATA2!$A$2:$S$607,7,FALSE)","v":342},{"$f":"VLOOKUP($A205,DATA2!$A$2:$S$607,8,FALSE)","v":true},{"$f":"VLOOKUP($A205,DATA2!$A$2:$S$607,9,FALSE)","v":7.0000000000000007E-2},98544.33,{"$f":"VLOOKUP($A205,DATA2!$A$2:$S$607,10,FALSE)","v":36418.44},{"$f":"VLOOKUP($A205,DATA2!$A$2:$S$607,11,FALSE)","v":437021.28},{"$f":"VLOOKUP($A205,DATA2!$A$2:$S$607,12,FALSE)","v":"2017-03-01"},{"$f":"VLOOKUP($A205,DATA2!$A$2:$S$607,13,FALSE)","v":"2020-02-29"},{"$f":"VLOOKUP($A205,DATA2!$A$2:$S$607,14,FALSE)","v":"No"},{"$f":"IF(MATRIX2!D205=1,($Y$8-$X$2)/365*Table_Provincial_GTAC3536[[#This Row],[Adj.AnnualRental]]*MATRIX2!D205,($Y$8-$X$2)/365*Table_Provincial_GTAC3536[[#This Row],[Adj.AnnualRental]])","v":143678.22904109588},{"$f":"(Table_Provincial_GTAC3536[[#This Row],[Adj.AnnualRental]]*(1+$I205)^(2))","v":500345.66347200004},{"$f":"(Table_Provincial_GTAC3536[[#This Row],[Adj.AnnualRental]]*(1+$I205)^(3))","v":535369.85991504008},{"$f":"(Table_Provincial_GTAC3536[[#This Row],[Adj.AnnualRental]]*(1+$I205)^(4))","v":572845.7501090928},{"$f":"(Table_Provincial_GTAC3536[[#This Row],[Adj.AnnualRental]]*(1+$I205)^(5))","v":612944.95261672942},{"$f":"(Table_Provincial_GTAC3536[[#This Row],[Adj.AnnualRental]]*(1+$I205)^(6))","v":655851.09929990047},{"$f":"(Table_Provincial_GTAC3536[[#This Row],[Adj.AnnualRental]]*(1+$I205)^(7))","v":701760.67625089351}]
[269,{"$f":"VLOOKUP($A206,DATA2!$A$2:$S$607,2,FALSE)","v":"EC"},{"$f":"VLOOKUP($A206,DATA2!$A$2:$S$607,3,FALSE)","v":"Eastern Cape"},{"$f":"VLOOKUP($A206,DATA2!$A$2:$S$607,4,FALSE)","v":173.97190826727066},{"$f":"VLOOKUP($A206,DATA2!$A$2:$S$607,5,FALSE)","v":95},{"$f":"VLOOKUP($A206,DATA2!$A$2:$S$607,6,FALSE)","v":"MAIN CENTRE"},{"$f":"VLOOKUP($A206,DATA2!$A$2:$S$607,7,FALSE)","v":1766},{"$f":"VLOOKUP($A206,DATA2!$A$2:$S$607,8,FALSE)","v":true},{"$f":"VLOOKUP($A206,DATA2!$A$2:$S$607,9,FALSE)","v":0.08},56765.04,{"$f":"VLOOKUP($A206,DATA2!$A$2:$S$607,10,FALSE)","v":307234.39},{"$f":"VLOOKUP($A206,DATA2!$A$2:$S$607,11,FALSE)","v":3686812.68},{"$f":"VLOOKUP($A206,DATA2!$A$2:$S$607,12,FALSE)","v":"2013-06-01"},{"$f":"VLOOKUP($A206,DATA2!$A$2:$S$607,13,FALSE)","v":"2018-05-31"},{"$f":"VLOOKUP($A206,DATA2!$A$2:$S$607,14,FALSE)","v":"No"},{"$f":"IF(MATRIX2!D206=1,($Y$8-$X$2)/365*Table_Provincial_GTAC3536[[#This Row],[Adj.AnnualRental]]*MATRIX2!D206,($Y$8-$X$2)/365*Table_Provincial_GTAC3536[[#This Row],[Adj.AnnualRental]])","v":1212102.7989041095},{"$f":"(Table_Provincial_GTAC3536[[#This Row],[Adj.AnnualRental]]*(1+$I206)^(2))","v":4300298.3099520002},{"$f":"(Table_Provincial_GTAC3536[[#This Row],[Adj.AnnualRental]]*(1+$I206)^(3))","v":4644322.1747481609},{"$f":"(Table_Provincial_GTAC3536[[#This Row],[Adj.AnnualRental]]*(1+$I206)^(4))","v":5015867.9487280138},{"$f":"(Table_Provincial_GTAC3536[[#This Row],[Adj.AnnualRental]]*(1+$I206)^(5))","v":5417137.3846262554},{"$f":"(Table_Provincial_GTAC3536[[#This Row],[Adj.AnnualRental]]*(1+$I206)^(6))","v":5850508.375396356},{"$f":"(Table_Provincial_GTAC3536[[#This Row],[Adj.AnnualRental]]*(1+$I206)^(7))","v":6318549.0454280656}]
[270,{"$f":"VLOOKUP($A207,DATA2!$A$2:$S$607,2,FALSE)","v":"EC"},{"$f":"VLOOKUP($A207,DATA2!$A$2:$S$607,3,FALSE)","v":"Eastern Cape"},{"$f":"VLOOKUP($A207,DATA2!$A$2:$S$607,4,FALSE)","v":100.92426032660903},{"$f":"VLOOKUP($A207,DATA2!$A$2:$S$607,5,FALSE)","v":95},{"$f":"VLOOKUP($A207,DATA2!$A$2:$S$607,6,FALSE)","v":"MAIN CENTRE"},{"$f":"VLOOKUP($A207,DATA2!$A$2:$S$607,7,FALSE)","v":2082},{"$f":"VLOOKUP($A207,DATA2!$A$2:$S$607,8,FALSE)","v":true},{"$f":"VLOOKUP($A207,DATA2!$A$2:$S$607,9,FALSE)","v":7.0000000000000007E-2},426827.84,{"$f":"VLOOKUP($A207,DATA2!$A$2:$S$607,10,FALSE)","v":210124.31},{"$f":"VLOOKUP($A207,DATA2!$A$2:$S$607,11,FALSE)","v":2521491.7200000002},{"$f":"VLOOKUP($A207,DATA2!$A$2:$S$607,12,FALSE)","v":"2015-12-01"},{"$f":"VLOOKUP($A207,DATA2!$A$2:$S$607,13,FALSE)","v":"2017-11-30"},{"$f":"VLOOKUP($A207,DATA2!$A$2:$S$607,14,FALSE)","v":"No"},{"$f":"IF(MATRIX2!D207=1,($Y$8-$X$2)/365*Table_Provincial_GTAC3536[[#This Row],[Adj.AnnualRental]]*MATRIX2!D207,($Y$8-$X$2)/365*Table_Provincial_GTAC3536[[#This Row],[Adj.AnnualRental]])","v":828983.57917808217},{"$f":"(Table_Provincial_GTAC3536[[#This Row],[Adj.AnnualRental]]*(1+$I207)^(2))","v":2886855.8702280005},{"$f":"(Table_Provincial_GTAC3536[[#This Row],[Adj.AnnualRental]]*(1+$I207)^(3))","v":3088935.7811439605},{"$f":"(Table_Provincial_GTAC3536[[#This Row],[Adj.AnnualRental]]*(1+$I207)^(4))","v":3305161.2858240376},{"$f":"(Table_Provincial_GTAC3536[[#This Row],[Adj.AnnualRental]]*(1+$I207)^(5))","v":3536522.5758317206},{"$f":"(Table_Provincial_GTAC3536[[#This Row],[Adj.AnnualRental]]*(1+$I207)^(6))","v":3784079.1561399405},{"$f":"(Table_Provincial_GTAC3536[[#This Row],[Adj.AnnualRental]]*(1+$I207)^(7))","v":4048964.6970697367}]
[271,{"$f":"VLOOKUP($A208,DATA2!$A$2:$S$607,2,FALSE)","v":"EC"},{"$f":"VLOOKUP($A208,DATA2!$A$2:$S$607,3,FALSE)","v":"Eastern Cape"},{"$f":"VLOOKUP($A208,DATA2!$A$2:$S$607,4,FALSE)","v":102.7482572462948},{"$f":"VLOOKUP($A208,DATA2!$A$2:$S$607,5,FALSE)","v":80},{"$f":"VLOOKUP($A208,DATA2!$A$2:$S$607,6,FALSE)","v":"CBD"},{"$f":"VLOOKUP($A208,DATA2!$A$2:$S$607,7,FALSE)","v":4858.6899999999996},{"$f":"VLOOKUP($A208,DATA2!$A$2:$S$607,8,FALSE)","v":true},{"$f":"VLOOKUP($A208,DATA2!$A$2:$S$607,9,FALSE)","v":7.0000000000000007E-2},913969.91,{"$f":"VLOOKUP($A208,DATA2!$A$2:$S$607,10,FALSE)","v":499221.93},{"$f":"VLOOKUP($A208,DATA2!$A$2:$S$607,11,FALSE)","v":5990663.1600000001},{"$f":"VLOOKUP($A208,DATA2!$A$2:$S$607,12,FALSE)","v":"2016-10-01"},{"$f":"VLOOKUP($A208,DATA2!$A$2:$S$607,13,FALSE)","v":"2021-09-30"},{"$f":"VLOOKUP($A208,DATA2!$A$2:$S$607,14,FALSE)","v":"No"},{"$f":"IF(MATRIX2!D208=1,($Y$8-$X$2)/365*Table_Provincial_GTAC3536[[#This Row],[Adj.AnnualRental]]*MATRIX2!D208,($Y$8-$X$2)/365*Table_Provincial_GTAC3536[[#This Row],[Adj.AnnualRental]])","v":1969533.0936986301},{"$f":"(Table_Provincial_GTAC3536[[#This Row],[Adj.AnnualRental]]*(1+$I208)^(2))","v":6858710.2518840004},{"$f":"(Table_Provincial_GTAC3536[[#This Row],[Adj.AnnualRental]]*(1+$I208)^(3))","v":7338819.9695158806},{"$f":"(Table_Provincial_GTAC3536[[#This Row],[Adj.AnnualRental]]*(1+$I208)^(4))","v":7852537.3673819918},{"$f":"(Table_Provincial_GTAC3536[[#This Row],[Adj.AnnualRental]]*(1+$I208)^(5))","v":8402214.9830987323},{"$f":"(Table_Provincial_GTAC3536[[#This Row],[Adj.AnnualRental]]*(1+$I208)^(6))","v":8990370.0319156423},{"$f":"(Table_Provincial_GTAC3536[[#This Row],[Adj.AnnualRental]]*(1+$I208)^(7))","v":9619695.9341497384}]
[272,{"$f":"VLOOKUP($A209,DATA2!$A$2:$S$607,2,FALSE)","v":"EC"},{"$f":"VLOOKUP($A209,DATA2!$A$2:$S$607,3,FALSE)","v":"Eastern Cape"},{"$f":"VLOOKUP($A209,DATA2!$A$2:$S$607,4,FALSE)","v":71.849207317073166},{"$f":"VLOOKUP($A209,DATA2!$A$2:$S$607,5,FALSE)","v":110},{"$f":"VLOOKUP($A209,DATA2!$A$2:$S$607,6,FALSE)","v":"VTSD"},{"$f":"VLOOKUP($A209,DATA2!$A$2:$S$607,7,FALSE)","v":164},{"$f":"VLOOKUP($A209,DATA2!$A$2:$S$607,8,FALSE)","v":true},{"$f":"VLOOKUP($A209,DATA2!$A$2:$S$607,9,FALSE)","v":0.06},1987371.11,{"$f":"VLOOKUP($A209,DATA2!$A$2:$S$607,10,FALSE)","v":11783.27},{"$f":"VLOOKUP($A209,DATA2!$A$2:$S$607,11,FALSE)","v":141399.24},{"$f":"VLOOKUP($A209,DATA2!$A$2:$S$607,12,FALSE)","v":"2016-08-01"},{"$f":"VLOOKUP($A209,DATA2!$A$2:$S$607,13,FALSE)","v":"2021-07-31"},{"$f":"VLOOKUP($A209,DATA2!$A$2:$S$607,14,FALSE)","v":"No"},{"$f":"IF(MATRIX2!D209=1,($Y$8-$X$2)/365*Table_Provincial_GTAC3536[[#This Row],[Adj.AnnualRental]]*MATRIX2!D209,($Y$8-$X$2)/365*Table_Provincial_GTAC3536[[#This Row],[Adj.AnnualRental]])","v":46487.421369863005},{"$f":"(Table_Provincial_GTAC3536[[#This Row],[Adj.AnnualRental]]*(1+$I209)^(2))","v":158876.18606400001},{"$f":"(Table_Provincial_GTAC3536[[#This Row],[Adj.AnnualRental]]*(1+$I209)^(3))","v":168408.75722784002},{"$f":"(Table_Provincial_GTAC3536[[#This Row],[Adj.AnnualRental]]*(1+$I209)^(4))","v":178513.28266151043},{"$f":"(Table_Provincial_GTAC3536[[#This Row],[Adj.AnnualRental]]*(1+$I209)^(5))","v":189224.07962120109},{"$f":"(Table_Provincial_GTAC3536[[#This Row],[Adj.AnnualRental]]*(1+$I209)^(6))","v":200577.52439847315},{"$f":"(Table_Provincial_GTAC3536[[#This Row],[Adj.AnnualRental]]*(1+$I209)^(7))","v":212612.17586238158}]
[273,{"$f":"VLOOKUP($A210,DATA2!$A$2:$S$607,2,FALSE)","v":"EC"},{"$f":"VLOOKUP($A210,DATA2!$A$2:$S$607,3,FALSE)","v":"Eastern Cape"},{"$f":"VLOOKUP($A210,DATA2!$A$2:$S$607,4,FALSE)","v":102.32373913043479},{"$f":"VLOOKUP($A210,DATA2!$A$2:$S$607,5,FALSE)","v":50},{"$f":"VLOOKUP($A210,DATA2!$A$2:$S$607,6,FALSE)","v":"MAIN CENTRE"},{"$f":"VLOOKUP($A210,DATA2!$A$2:$S$607,7,FALSE)","v":460},{"$f":"VLOOKUP($A210,DATA2!$A$2:$S$607,8,FALSE)","v":true},{"$f":"VLOOKUP($A210,DATA2!$A$2:$S$607,9,FALSE)","v":0},183731.01,{"$f":"VLOOKUP($A210,DATA2!$A$2:$S$607,10,FALSE)","v":47068.92},{"$f":"VLOOKUP($A210,DATA2!$A$2:$S$607,11,FALSE)","v":564827.04},{"$f":"VLOOKUP($A210,DATA2!$A$2:$S$607,12,FALSE)","v":"2013-10-01"},{"$f":"VLOOKUP($A210,DATA2!$A$2:$S$607,13,FALSE)","v":"2014-09-30"},{"$f":"VLOOKUP($A210,DATA2!$A$2:$S$607,14,FALSE)","v":"Yes"},{"$f":"IF(MATRIX2!D210=1,($Y$8-$X$2)/365*Table_Provincial_GTAC3536[[#This Row],[Adj.AnnualRental]]*MATRIX2!D210,($Y$8-$X$2)/365*Table_Provincial_GTAC3536[[#This Row],[Adj.AnnualRental]])","v":185696.56109589041},{"$f":"(Table_Provincial_GTAC3536[[#This Row],[Adj.AnnualRental]]*(1+$I210)^(2))","v":564827.04},{"$f":"(Table_Provincial_GTAC3536[[#This Row],[Adj.AnnualRental]]*(1+$I210)^(3))","v":564827.04},{"$f":"(Table_Provincial_GTAC3536[[#This Row],[Adj.AnnualRental]]*(1+$I210)^(4))","v":564827.04},{"$f":"(Table_Provincial_GTAC3536[[#This Row],[Adj.AnnualRental]]*(1+$I210)^(5))","v":564827.04},{"$f":"(Table_Provincial_GTAC3536[[#This Row],[Adj.AnnualRental]]*(1+$I210)^(6))","v":564827.04},{"$f":"(Table_Provincial_GTAC3536[[#This Row],[Adj.AnnualRental]]*(1+$I210)^(7))","v":564827.04}]
[274,{"$f":"VLOOKUP($A211,DATA2!$A$2:$S$607,2,FALSE)","v":"EC"},{"$f":"VLOOKUP($A211,DATA2!$A$2:$S$607,3,FALSE)","v":"Eastern Cape"},{"$f":"VLOOKUP($A211,DATA2!$A$2:$S$607,4,FALSE)","v":117.78489884891094},{"$f":"VLOOKUP($A211,DATA2!$A$2:$S$607,5,FALSE)","v":95},{"$f":"VLOOKUP($A211,DATA2!$A$2:$S$607,6,FALSE)","v":"MAIN CENTRE"},{"$f":"VLOOKUP($A211,DATA2!$A$2:$S$607,7,FALSE)","v":2321.2800000000002},{"$f":"VLOOKUP($A211,DATA2!$A$2:$S$607,8,FALSE)","v":true},{"$f":"VLOOKUP($A211,DATA2!$A$2:$S$607,9,FALSE)","v":7.0000000000000007E-2},113430.15,{"$f":"VLOOKUP($A211,DATA2!$A$2:$S$607,10,FALSE)","v":273411.73},{"$f":"VLOOKUP($A211,DATA2!$A$2:$S$607,11,FALSE)","v":3280940.76},{"$f":"VLOOKUP($A211,DATA2!$A$2:$S$607,12,FALSE)","v":"2015-02-01"},{"$f":"VLOOKUP($A211,DATA2!$A$2:$S$607,13,FALSE)","v":"2020-01-31"},{"$f":"VLOOKUP($A211,DATA2!$A$2:$S$607,14,FALSE)","v":"No"},{"$f":"IF(MATRIX2!D211=1,($Y$8-$X$2)/365*Table_Provincial_GTAC3536[[#This Row],[Adj.AnnualRental]]*MATRIX2!D211,($Y$8-$X$2)/365*Table_Provincial_GTAC3536[[#This Row],[Adj.AnnualRental]])","v":1078665.4553424655},{"$f":"(Table_Provincial_GTAC3536[[#This Row],[Adj.AnnualRental]]*(1+$I211)^(2))","v":3756349.0761239999},{"$f":"(Table_Provincial_GTAC3536[[#This Row],[Adj.AnnualRental]]*(1+$I211)^(3))","v":4019293.51145268},{"$f":"(Table_Provincial_GTAC3536[[#This Row],[Adj.AnnualRental]]*(1+$I211)^(4))","v":4300644.0572543675},{"$f":"(Table_Provincial_GTAC3536[[#This Row],[Adj.AnnualRental]]*(1+$I211)^(5))","v":4601689.1412621737},{"$f":"(Table_Provincial_GTAC3536[[#This Row],[Adj.AnnualRental]]*(1+$I211)^(6))","v":4923807.3811505251},{"$f":"(Table_Provincial_GTAC3536[[#This Row],[Adj.AnnualRental]]*(1+$I211)^(7))","v":5268473.8978310628}]
[275,{"$f":"VLOOKUP($A212,DATA2!$A$2:$S$607,2,FALSE)","v":"EC"},{"$f":"VLOOKUP($A212,DATA2!$A$2:$S$607,3,FALSE)","v":"Eastern Cape"},{"$f":"VLOOKUP($A212,DATA2!$A$2:$S$607,4,FALSE)","v":124.05672727272727},{"$f":"VLOOKUP($A212,DATA2!$A$2:$S$607,5,FALSE)","v":110},{"$f":"VLOOKUP($A212,DATA2!$A$2:$S$607,6,FALSE)","v":"VTSD"},{"$f":"VLOOKUP($A212,DATA2!$A$2:$S$607,7,FALSE)","v":715},{"$f":"VLOOKUP($A212,DATA2!$A$2:$S$607,8,FALSE)","v":true},{"$f":"VLOOKUP($A212,DATA2!$A$2:$S$607,9,FALSE)","v":7.0000000000000007E-2},475722,{"$f":"VLOOKUP($A212,DATA2!$A$2:$S$607,10,FALSE)","v":88700.56},{"$f":"VLOOKUP($A212,DATA2!$A$2:$S$607,11,FALSE)","v":1064406.72},{"$f":"VLOOKUP($A212,DATA2!$A$2:$S$607,12,FALSE)","v":"2015-03-01"},{"$f":"VLOOKUP($A212,DATA2!$A$2:$S$607,13,FALSE)","v":"2020-02-28"},{"$f":"VLOOKUP($A212,DATA2!$A$2:$S$607,14,FALSE)","v":"No"},{"$f":"IF(MATRIX2!D212=1,($Y$8-$X$2)/365*Table_Provincial_GTAC3536[[#This Row],[Adj.AnnualRental]]*MATRIX2!D212,($Y$8-$X$2)/365*Table_Provincial_GTAC3536[[#This Row],[Adj.AnnualRental]])","v":349941.9353424657},{"$f":"(Table_Provincial_GTAC3536[[#This Row],[Adj.AnnualRental]]*(1+$I212)^(2))","v":1218639.253728},{"$f":"(Table_Provincial_GTAC3536[[#This Row],[Adj.AnnualRental]]*(1+$I212)^(3))","v":1303944.0014889601},{"$f":"(Table_Provincial_GTAC3536[[#This Row],[Adj.AnnualRental]]*(1+$I212)^(4))","v":1395220.0815931871},{"$f":"(Table_Provincial_GTAC3536[[#This Row],[Adj.AnnualRental]]*(1+$I212)^(5))","v":1492885.4873047106},{"$f":"(Table_Provincial_GTAC3536[[#This Row],[Adj.AnnualRental]]*(1+$I212)^(6))","v":1597387.4714160401},{"$f":"(Table_Provincial_GTAC3536[[#This Row],[Adj.AnnualRental]]*(1+$I212)^(7))","v":1709204.5944151629}]
[276,{"$f":"VLOOKUP($A213,DATA2!$A$2:$S$607,2,FALSE)","v":"EC"},{"$f":"VLOOKUP($A213,DATA2!$A$2:$S$607,3,FALSE)","v":"Eastern Cape"},{"$f":"VLOOKUP($A213,DATA2!$A$2:$S$607,4,FALSE)","v":125.53032592592592},{"$f":"VLOOKUP($A213,DATA2!$A$2:$S$607,5,FALSE)","v":95},{"$f":"VLOOKUP($A213,DATA2!$A$2:$S$607,6,FALSE)","v":"VTSD"},{"$f":"VLOOKUP($A213,DATA2!$A$2:$S$607,7,FALSE)","v":675},{"$f":"VLOOKUP($A213,DATA2!$A$2:$S$607,8,FALSE)","v":true},{"$f":"VLOOKUP($A213,DATA2!$A$2:$S$607,9,FALSE)","v":0.08},76085.119999999995,{"$f":"VLOOKUP($A213,DATA2!$A$2:$S$607,10,FALSE)","v":84732.97},{"$f":"VLOOKUP($A213,DATA2!$A$2:$S$607,11,FALSE)","v":1016795.64},{"$f":"VLOOKUP($A213,DATA2!$A$2:$S$607,12,FALSE)","v":"2012-03-01"},{"$f":"VLOOKUP($A213,DATA2!$A$2:$S$607,13,FALSE)","v":"2015-02-28"},{"$f":"VLOOKUP($A213,DATA2!$A$2:$S$607,14,FALSE)","v":"Yes"},{"$f":"IF(MATRIX2!D213=1,($Y$8-$X$2)/365*Table_Provincial_GTAC3536[[#This Row],[Adj.AnnualRental]]*MATRIX2!D213,($Y$8-$X$2)/365*Table_Provincial_GTAC3536[[#This Row],[Adj.AnnualRental]])","v":334288.97753424657},{"$f":"(Table_Provincial_GTAC3536[[#This Row],[Adj.AnnualRental]]*(1+$I213)^(2))","v":1185990.4344960002},{"$f":"(Table_Provincial_GTAC3536[[#This Row],[Adj.AnnualRental]]*(1+$I213)^(3))","v":1280869.6692556802},{"$f":"(Table_Provincial_GTAC3536[[#This Row],[Adj.AnnualRental]]*(1+$I213)^(4))","v":1383339.2427961347},{"$f":"(Table_Provincial_GTAC3536[[#This Row],[Adj.AnnualRental]]*(1+$I213)^(5))","v":1494006.3822198254},{"$f":"(Table_Provincial_GTAC3536[[#This Row],[Adj.AnnualRental]]*(1+$I213)^(6))","v":1613526.8927974117},{"$f":"(Table_Provincial_GTAC3536[[#This Row],[Adj.AnnualRental]]*(1+$I213)^(7))","v":1742609.0442212047}]
[277,{"$f":"VLOOKUP($A214,DATA2!$A$2:$S$607,2,FALSE)","v":"EC"},{"$f":"VLOOKUP($A214,DATA2!$A$2:$S$607,3,FALSE)","v":"Eastern Cape"},{"$f":"VLOOKUP($A214,DATA2!$A$2:$S$607,4,FALSE)","v":108.68827096774193},{"$f":"VLOOKUP($A214,DATA2!$A$2:$S$607,5,FALSE)","v":95},{"$f":"VLOOKUP($A214,DATA2!$A$2:$S$607,6,FALSE)","v":"VTSD"},{"$f":"VLOOKUP($A214,DATA2!$A$2:$S$607,7,FALSE)","v":1550},{"$f":"VLOOKUP($A214,DATA2!$A$2:$S$607,8,FALSE)","v":true},{"$f":"VLOOKUP($A214,DATA2!$A$2:$S$607,9,FALSE)","v":7.0000000000000007E-2},57413.34,{"$f":"VLOOKUP($A214,DATA2!$A$2:$S$607,10,FALSE)","v":168466.82},{"$f":"VLOOKUP($A214,DATA2!$A$2:$S$607,11,FALSE)","v":2021601.84},{"$f":"VLOOKUP($A214,DATA2!$A$2:$S$607,12,FALSE)","v":"2015-11-01"},{"$f":"VLOOKUP($A214,DATA2!$A$2:$S$607,13,FALSE)","v":"2020-10-31"},{"$f":"VLOOKUP($A214,DATA2!$A$2:$S$607,14,FALSE)","v":"No"},{"$f":"IF(MATRIX2!D214=1,($Y$8-$X$2)/365*Table_Provincial_GTAC3536[[#This Row],[Adj.AnnualRental]]*MATRIX2!D214,($Y$8-$X$2)/365*Table_Provincial_GTAC3536[[#This Row],[Adj.AnnualRental]])","v":664636.22136986302},{"$f":"(Table_Provincial_GTAC3536[[#This Row],[Adj.AnnualRental]]*(1+$I214)^(2))","v":2314531.946616},{"$f":"(Table_Provincial_GTAC3536[[#This Row],[Adj.AnnualRental]]*(1+$I214)^(3))","v":2476549.1828791201},{"$f":"(Table_Provincial_GTAC3536[[#This Row],[Adj.AnnualRental]]*(1+$I214)^(4))","v":2649907.6256806585},{"$f":"(Table_Provincial_GTAC3536[[#This Row],[Adj.AnnualRental]]*(1+$I214)^(5))","v":2835401.1594783049},{"$f":"(Table_Provincial_GTAC3536[[#This Row],[Adj.AnnualRental]]*(1+$I214)^(6))","v":3033879.2406417863},{"$f":"(Table_Provincial_GTAC3536[[#This Row],[Adj.AnnualRental]]*(1+$I214)^(7))","v":3246250.7874867115}]
[278,{"$f":"VLOOKUP($A215,DATA2!$A$2:$S$607,2,FALSE)","v":"EC"},{"$f":"VLOOKUP($A215,DATA2!$A$2:$S$607,3,FALSE)","v":"Eastern Cape"},{"$f":"VLOOKUP($A215,DATA2!$A$2:$S$607,4,FALSE)","v":108.25242222222222},{"$f":"VLOOKUP($A215,DATA2!$A$2:$S$607,5,FALSE)","v":55},{"$f":"VLOOKUP($A215,DATA2!$A$2:$S$607,6,FALSE)","v":"MAIN CENTRE"},{"$f":"VLOOKUP($A215,DATA2!$A$2:$S$607,7,FALSE)","v":1800},{"$f":"VLOOKUP($A215,DATA2!$A$2:$S$607,8,FALSE)","v":true},{"$f":"VLOOKUP($A215,DATA2!$A$2:$S$607,9,FALSE)","v":7.0000000000000007E-2},43119.93,{"$f":"VLOOKUP($A215,DATA2!$A$2:$S$607,10,FALSE)","v":194854.36},{"$f":"VLOOKUP($A215,DATA2!$A$2:$S$607,11,FALSE)","v":2338252.3199999998},{"$f":"VLOOKUP($A215,DATA2!$A$2:$S$607,12,FALSE)","v":"2014-12-01"},{"$f":"VLOOKUP($A215,DATA2!$A$2:$S$607,13,FALSE)","v":"2019-11-30"},{"$f":"VLOOKUP($A215,DATA2!$A$2:$S$607,14,FALSE)","v":"No"},{"$f":"IF(MATRIX2!D215=1,($Y$8-$X$2)/365*Table_Provincial_GTAC3536[[#This Row],[Adj.AnnualRental]]*MATRIX2!D215,($Y$8-$X$2)/365*Table_Provincial_GTAC3536[[#This Row],[Adj.AnnualRental]])","v":768740.4887671232},{"$f":"(Table_Provincial_GTAC3536[[#This Row],[Adj.AnnualRental]]*(1+$I215)^(2))","v":2677065.0811679997},{"$f":"(Table_Provincial_GTAC3536[[#This Row],[Adj.AnnualRental]]*(1+$I215)^(3))","v":2864459.6368497601},{"$f":"(Table_Provincial_GTAC3536[[#This Row],[Adj.AnnualRental]]*(1+$I215)^(4))","v":3064971.8114292431},{"$f":"(Table_Provincial_GTAC3536[[#This Row],[Adj.AnnualRental]]*(1+$I215)^(5))","v":3279519.8382292902},{"$f":"(Table_Provincial_GTAC3536[[#This Row],[Adj.AnnualRental]]*(1+$I215)^(6))","v":3509086.2269053403},{"$f":"(Table_Provincial_GTAC3536[[#This Row],[Adj.AnnualRental]]*(1+$I215)^(7))","v":3754722.2627887144}]
[279,{"$f":"VLOOKUP($A216,DATA2!$A$2:$S$607,2,FALSE)","v":"EC"},{"$f":"VLOOKUP($A216,DATA2!$A$2:$S$607,3,FALSE)","v":"Eastern Cape"},{"$f":"VLOOKUP($A216,DATA2!$A$2:$S$607,4,FALSE)","v":114.63748101265823},{"$f":"VLOOKUP($A216,DATA2!$A$2:$S$607,5,FALSE)","v":75},{"$f":"VLOOKUP($A216,DATA2!$A$2:$S$607,6,FALSE)","v":"MAIN CENTRE"},{"$f":"VLOOKUP($A216,DATA2!$A$2:$S$607,7,FALSE)","v":790},{"$f":"VLOOKUP($A216,DATA2!$A$2:$S$607,8,FALSE)","v":true},{"$f":"VLOOKUP($A216,DATA2!$A$2:$S$607,9,FALSE)","v":7.0000000000000007E-2},91240.33,{"$f":"VLOOKUP($A216,DATA2!$A$2:$S$607,10,FALSE)","v":90563.61},{"$f":"VLOOKUP($A216,DATA2!$A$2:$S$607,11,FALSE)","v":1086763.32},{"$f":"VLOOKUP($A216,DATA2!$A$2:$S$607,12,FALSE)","v":"2014-12-01"},{"$f":"VLOOKUP($A216,DATA2!$A$2:$S$607,13,FALSE)","v":"2019-11-30"},{"$f":"VLOOKUP($A216,DATA2!$A$2:$S$607,14,FALSE)","v":"No"},{"$f":"IF(MATRIX2!D216=1,($Y$8-$X$2)/365*Table_Provincial_GTAC3536[[#This Row],[Adj.AnnualRental]]*MATRIX2!D216,($Y$8-$X$2)/365*Table_Provincial_GTAC3536[[#This Row],[Adj.AnnualRental]])","v":357292.05041095888},{"$f":"(Table_Provincial_GTAC3536[[#This Row],[Adj.AnnualRental]]*(1+$I216)^(2))","v":1244235.325068},{"$f":"(Table_Provincial_GTAC3536[[#This Row],[Adj.AnnualRental]]*(1+$I216)^(3))","v":1331331.7978227602},{"$f":"(Table_Provincial_GTAC3536[[#This Row],[Adj.AnnualRental]]*(1+$I216)^(4))","v":1424525.0236703532},{"$f":"(Table_Provincial_GTAC3536[[#This Row],[Adj.AnnualRental]]*(1+$I216)^(5))","v":1524241.7753272783},{"$f":"(Table_Provincial_GTAC3536[[#This Row],[Adj.AnnualRental]]*(1+$I216)^(6))","v":1630938.6996001876},{"$f":"(Table_Provincial_GTAC3536[[#This Row],[Adj.AnnualRental]]*(1+$I216)^(7))","v":1745104.4085722007}]
[280,{"$f":"VLOOKUP($A217,DATA2!$A$2:$S$607,2,FALSE)","v":"EC"},{"$f":"VLOOKUP($A217,DATA2!$A$2:$S$607,3,FALSE)","v":"Eastern Cape"},{"$f":"VLOOKUP($A217,DATA2!$A$2:$S$607,4,FALSE)","v":150.66513481828841},{"$f":"VLOOKUP($A217,DATA2!$A$2:$S$607,5,FALSE)","v":95},{"$f":"VLOOKUP($A217,DATA2!$A$2:$S$607,6,FALSE)","v":"MAIN CENTRE"},{"$f":"VLOOKUP($A217,DATA2!$A$2:$S$607,7,FALSE)","v":13648},{"$f":"VLOOKUP($A217,DATA2!$A$2:$S$607,8,FALSE)","v":true},{"$f":"VLOOKUP($A217,DATA2!$A$2:$S$607,9,FALSE)","v":7.0000000000000007E-2},72864.75,{"$f":"VLOOKUP($A217,DATA2!$A$2:$S$607,10,FALSE)","v":2056277.76},{"$f":"VLOOKUP($A217,DATA2!$A$2:$S$607,11,FALSE)","v":24675333.120000001},{"$f":"VLOOKUP($A217,DATA2!$A$2:$S$607,12,FALSE)","v":"2016-06-01"},{"$f":"VLOOKUP($A217,DATA2!$A$2:$S$607,13,FALSE)","v":"2021-05-31"},{"$f":"VLOOKUP($A217,DATA2!$A$2:$S$607,14,FALSE)","v":"No"},{"$f":"IF(MATRIX2!D217=1,($Y$8-$X$2)/365*Table_Provincial_GTAC3536[[#This Row],[Adj.AnnualRental]]*MATRIX2!D217,($Y$8-$X$2)/365*Table_Provincial_GTAC3536[[#This Row],[Adj.AnnualRental]])","v":8112438.286027397},{"$f":"(Table_Provincial_GTAC3536[[#This Row],[Adj.AnnualRental]]*(1+$I217)^(2))","v":28250788.889088001},{"$f":"(Table_Provincial_GTAC3536[[#This Row],[Adj.AnnualRental]]*(1+$I217)^(3))","v":30228344.111324165},{"$f":"(Table_Provincial_GTAC3536[[#This Row],[Adj.AnnualRental]]*(1+$I217)^(4))","v":32344328.199116852},{"$f":"(Table_Provincial_GTAC3536[[#This Row],[Adj.AnnualRental]]*(1+$I217)^(5))","v":34608431.173055038},{"$f":"(Table_Provincial_GTAC3536[[#This Row],[Adj.AnnualRental]]*(1+$I217)^(6))","v":37031021.355168886},{"$f":"(Table_Provincial_GTAC3536[[#This Row],[Adj.AnnualRental]]*(1+$I217)^(7))","v":39623192.850030713}]
[281,{"$f":"VLOOKUP($A218,DATA2!$A$2:$S$607,2,FALSE)","v":"EC"},{"$f":"VLOOKUP($A218,DATA2!$A$2:$S$607,3,FALSE)","v":"Eastern Cape"},{"$f":"VLOOKUP($A218,DATA2!$A$2:$S$607,4,FALSE)","v":95.194144578313256},{"$f":"VLOOKUP($A218,DATA2!$A$2:$S$607,5,FALSE)","v":110},{"$f":"VLOOKUP($A218,DATA2!$A$2:$S$607,6,FALSE)","v":"VTSD"},{"$f":"VLOOKUP($A218,DATA2!$A$2:$S$607,7,FALSE)","v":830},{"$f":"VLOOKUP($A218,DATA2!$A$2:$S$607,8,FALSE)","v":true},{"$f":"VLOOKUP($A218,DATA2!$A$2:$S$607,9,FALSE)","v":7.0000000000000007E-2},48450,{"$f":"VLOOKUP($A218,DATA2!$A$2:$S$607,10,FALSE)","v":79011.14},{"$f":"VLOOKUP($A218,DATA2!$A$2:$S$607,11,FALSE)","v":948133.68},{"$f":"VLOOKUP($A218,DATA2!$A$2:$S$607,12,FALSE)","v":"2016-03-01"},{"$f":"VLOOKUP($A218,DATA2!$A$2:$S$607,13,FALSE)","v":"2019-02-28"},{"$f":"VLOOKUP($A218,DATA2!$A$2:$S$607,14,FALSE)","v":"No"},{"$f":"IF(MATRIX2!D218=1,($Y$8-$X$2)/365*Table_Provincial_GTAC3536[[#This Row],[Adj.AnnualRental]]*MATRIX2!D218,($Y$8-$X$2)/365*Table_Provincial_GTAC3536[[#This Row],[Adj.AnnualRental]])","v":311715.1824657534},{"$f":"(Table_Provincial_GTAC3536[[#This Row],[Adj.AnnualRental]]*(1+$I218)^(2))","v":1085518.2502320001},{"$f":"(Table_Provincial_GTAC3536[[#This Row],[Adj.AnnualRental]]*(1+$I218)^(3))","v":1161504.5277482402},{"$f":"(Table_Provincial_GTAC3536[[#This Row],[Adj.AnnualRental]]*(1+$I218)^(4))","v":1242809.8446906169},{"$f":"(Table_Provincial_GTAC3536[[#This Row],[Adj.AnnualRental]]*(1+$I218)^(5))","v":1329806.5338189602},{"$f":"(Table_Provincial_GTAC3536[[#This Row],[Adj.AnnualRental]]*(1+$I218)^(6))","v":1422892.9911862873},{"$f":"(Table_Provincial_GTAC3536[[#This Row],[Adj.AnnualRental]]*(1+$I218)^(7))","v":1522495.5005693275}]
[282,{"$f":"VLOOKUP($A219,DATA2!$A$2:$S$607,2,FALSE)","v":"EC"},{"$f":"VLOOKUP($A219,DATA2!$A$2:$S$607,3,FALSE)","v":"Eastern Cape"},{"$f":"VLOOKUP($A219,DATA2!$A$2:$S$607,4,FALSE)","v":108.33847748569532},{"$f":"VLOOKUP($A219,DATA2!$A$2:$S$607,5,FALSE)","v":55},{"$f":"VLOOKUP($A219,DATA2!$A$2:$S$607,6,FALSE)","v":"MAIN CENTRE"},{"$f":"VLOOKUP($A219,DATA2!$A$2:$S$607,7,FALSE)","v":2411.8000000000002},{"$f":"VLOOKUP($A219,DATA2!$A$2:$S$607,8,FALSE)","v":true},{"$f":"VLOOKUP($A219,DATA2!$A$2:$S$607,9,FALSE)","v":7.0000000000000007E-2},129148.76,{"$f":"VLOOKUP($A219,DATA2!$A$2:$S$607,10,FALSE)","v":261290.74},{"$f":"VLOOKUP($A219,DATA2!$A$2:$S$607,11,FALSE)","v":3135488.88},{"$f":"VLOOKUP($A219,DATA2!$A$2:$S$607,12,FALSE)","v":"2016-08-01"},{"$f":"VLOOKUP($A219,DATA2!$A$2:$S$607,13,FALSE)","v":"2021-02-28"},{"$f":"VLOOKUP($A219,DATA2!$A$2:$S$607,14,FALSE)","v":"No"},{"$f":"IF(MATRIX2!D219=1,($Y$8-$X$2)/365*Table_Provincial_GTAC3536[[#This Row],[Adj.AnnualRental]]*MATRIX2!D219,($Y$8-$X$2)/365*Table_Provincial_GTAC3536[[#This Row],[Adj.AnnualRental]])","v":1030845.6591780821},{"$f":"(Table_Provincial_GTAC3536[[#This Row],[Adj.AnnualRental]]*(1+$I219)^(2))","v":3589821.2187120002},{"$f":"(Table_Provincial_GTAC3536[[#This Row],[Adj.AnnualRental]]*(1+$I219)^(3))","v":3841108.7040218404},{"$f":"(Table_Provincial_GTAC3536[[#This Row],[Adj.AnnualRental]]*(1+$I219)^(4))","v":4109986.3133033686},{"$f":"(Table_Provincial_GTAC3536[[#This Row],[Adj.AnnualRental]]*(1+$I219)^(5))","v":4397685.3552346053},{"$f":"(Table_Provincial_GTAC3536[[#This Row],[Adj.AnnualRental]]*(1+$I219)^(6))","v":4705523.3301010272},{"$f":"(Table_Provincial_GTAC3536[[#This Row],[Adj.AnnualRental]]*(1+$I219)^(7))","v":5034909.9632080989}]
[283,{"$f":"VLOOKUP($A220,DATA2!$A$2:$S$607,2,FALSE)","v":"EC"},{"$f":"VLOOKUP($A220,DATA2!$A$2:$S$607,3,FALSE)","v":"Eastern Cape"},{"$f":"VLOOKUP($A220,DATA2!$A$2:$S$607,4,FALSE)","v":66.94},{"$f":"VLOOKUP($A220,DATA2!$A$2:$S$607,5,FALSE)","v":80},{"$f":"VLOOKUP($A220,DATA2!$A$2:$S$607,6,FALSE)","v":"MAIN CENTRE"},{"$f":"VLOOKUP($A220,DATA2!$A$2:$S$607,7,FALSE)","v":1908},{"$f":"VLOOKUP($A220,DATA2!$A$2:$S$607,8,FALSE)","v":true},{"$f":"VLOOKUP($A220,DATA2!$A$2:$S$607,9,FALSE)","v":0},162522.49,{"$f":"VLOOKUP($A220,DATA2!$A$2:$S$607,10,FALSE)","v":127721.52},{"$f":"VLOOKUP($A220,DATA2!$A$2:$S$607,11,FALSE)","v":1532658.24},{"$f":"VLOOKUP($A220,DATA2!$A$2:$S$607,12,FALSE)","v":"2015-12-01"},{"$f":"VLOOKUP($A220,DATA2!$A$2:$S$607,13,FALSE)","v":"2016-11-30"},{"$f":"VLOOKUP($A220,DATA2!$A$2:$S$607,14,FALSE)","v":"Yes"},{"$f":"IF(MATRIX2!D220=1,($Y$8-$X$2)/365*Table_Provincial_GTAC3536[[#This Row],[Adj.AnnualRental]]*MATRIX2!D220,($Y$8-$X$2)/365*Table_Provincial_GTAC3536[[#This Row],[Adj.AnnualRental]])","v":503887.64054794516},{"$f":"(Table_Provincial_GTAC3536[[#This Row],[Adj.AnnualRental]]*(1+$I220)^(2))","v":1532658.24},{"$f":"(Table_Provincial_GTAC3536[[#This Row],[Adj.AnnualRental]]*(1+$I220)^(3))","v":1532658.24},{"$f":"(Table_Provincial_GTAC3536[[#This Row],[Adj.AnnualRental]]*(1+$I220)^(4))","v":1532658.24},{"$f":"(Table_Provincial_GTAC3536[[#This Row],[Adj.AnnualRental]]*(1+$I220)^(5))","v":1532658.24},{"$f":"(Table_Provincial_GTAC3536[[#This Row],[Adj.AnnualRental]]*(1+$I220)^(6))","v":1532658.24},{"$f":"(Table_Provincial_GTAC3536[[#This Row],[Adj.AnnualRental]]*(1+$I220)^(7))","v":1532658.24}]
[284,{"$f":"VLOOKUP($A221,DATA2!$A$2:$S$607,2,FALSE)","v":"EC"},{"$f":"VLOOKUP($A221,DATA2!$A$2:$S$607,3,FALSE)","v":"Eastern Cape"},{"$f":"VLOOKUP($A221,DATA2!$A$2:$S$607,4,FALSE)","v":112.29463437796771},{"$f":"VLOOKUP($A221,DATA2!$A$2:$S$607,5,FALSE)","v":95},{"$f":"VLOOKUP($A221,DATA2!$A$2:$S$607,6,FALSE)","v":"VTSD"},{"$f":"VLOOKUP($A221,DATA2!$A$2:$S$607,7,FALSE)","v":1053},{"$f":"VLOOKUP($A221,DATA2!$A$2:$S$607,8,FALSE)","v":true},{"$f":"VLOOKUP($A221,DATA2!$A$2:$S$607,9,FALSE)","v":0.01},26155.93,{"$f":"VLOOKUP($A221,DATA2!$A$2:$S$607,10,FALSE)","v":118246.25},{"$f":"VLOOKUP($A221,DATA2!$A$2:$S$607,11,FALSE)","v":1418955},{"$f":"VLOOKUP($A221,DATA2!$A$2:$S$607,12,FALSE)","v":"2007-09-01"},{"$f":"VLOOKUP($A221,DATA2!$A$2:$S$607,13,FALSE)","v":"2012-08-31"},{"$f":"VLOOKUP($A221,DATA2!$A$2:$S$607,14,FALSE)","v":"Yes"},{"$f":"IF(MATRIX2!D221=1,($Y$8-$X$2)/365*Table_Provincial_GTAC3536[[#This Row],[Adj.AnnualRental]]*MATRIX2!D221,($Y$8-$X$2)/365*Table_Provincial_GTAC3536[[#This Row],[Adj.AnnualRental]])","v":466505.75342465751},{"$f":"(Table_Provincial_GTAC3536[[#This Row],[Adj.AnnualRental]]*(1+$I221)^(2))","v":1447475.9955},{"$f":"(Table_Provincial_GTAC3536[[#This Row],[Adj.AnnualRental]]*(1+$I221)^(3))","v":1461950.7554549999},{"$f":"(Table_Provincial_GTAC3536[[#This Row],[Adj.AnnualRental]]*(1+$I221)^(4))","v":1476570.26300955},{"$f":"(Table_Provincial_GTAC3536[[#This Row],[Adj.AnnualRental]]*(1+$I221)^(5))","v":1491335.9656396455},{"$f":"(Table_Provincial_GTAC3536[[#This Row],[Adj.AnnualRental]]*(1+$I221)^(6))","v":1506249.3252960423},{"$f":"(Table_Provincial_GTAC3536[[#This Row],[Adj.AnnualRental]]*(1+$I221)^(7))","v":1521311.8185490021}]
[285,{"$f":"VLOOKUP($A222,DATA2!$A$2:$S$607,2,FALSE)","v":"EC"},{"$f":"VLOOKUP($A222,DATA2!$A$2:$S$607,3,FALSE)","v":"Eastern Cape"},{"$f":"VLOOKUP($A222,DATA2!$A$2:$S$607,4,FALSE)","v":94.933000000000007},{"$f":"VLOOKUP($A222,DATA2!$A$2:$S$607,5,FALSE)","v":110},{"$f":"VLOOKUP($A222,DATA2!$A$2:$S$607,6,FALSE)","v":"VTSD"},{"$f":"VLOOKUP($A222,DATA2!$A$2:$S$607,7,FALSE)","v":1800},{"$f":"VLOOKUP($A222,DATA2!$A$2:$S$607,8,FALSE)","v":true},{"$f":"VLOOKUP($A222,DATA2!$A$2:$S$607,9,FALSE)","v":0},93662.9,{"$f":"VLOOKUP($A222,DATA2!$A$2:$S$607,10,FALSE)","v":170879.4},{"$f":"VLOOKUP($A222,DATA2!$A$2:$S$607,11,FALSE)","v":2050552.8},{"$f":"VLOOKUP($A222,DATA2!$A$2:$S$607,12,FALSE)","v":"2016-04-01"},{"$f":"VLOOKUP($A222,DATA2!$A$2:$S$607,13,FALSE)","v":"2017-03-31"},{"$f":"VLOOKUP($A222,DATA2!$A$2:$S$607,14,FALSE)","v":"Yes"},{"$f":"IF(MATRIX2!D222=1,($Y$8-$X$2)/365*Table_Provincial_GTAC3536[[#This Row],[Adj.AnnualRental]]*MATRIX2!D222,($Y$8-$X$2)/365*Table_Provincial_GTAC3536[[#This Row],[Adj.AnnualRental]])","v":674154.34520547942},{"$f":"(Table_Provincial_GTAC3536[[#This Row],[Adj.AnnualRental]]*(1+$I222)^(2))","v":2050552.8},{"$f":"(Table_Provincial_GTAC3536[[#This Row],[Adj.AnnualRental]]*(1+$I222)^(3))","v":2050552.8},{"$f":"(Table_Provincial_GTAC3536[[#This Row],[Adj.AnnualRental]]*(1+$I222)^(4))","v":2050552.8},{"$f":"(Table_Provincial_GTAC3536[[#This Row],[Adj.AnnualRental]]*(1+$I222)^(5))","v":2050552.8},{"$f":"(Table_Provincial_GTAC3536[[#This Row],[Adj.AnnualRental]]*(1+$I222)^(6))","v":2050552.8},{"$f":"(Table_Provincial_GTAC3536[[#This Row],[Adj.AnnualRental]]*(1+$I222)^(7))","v":2050552.8}]
[286,{"$f":"VLOOKUP($A223,DATA2!$A$2:$S$607,2,FALSE)","v":"EC"},{"$f":"VLOOKUP($A223,DATA2!$A$2:$S$607,3,FALSE)","v":"Eastern Cape"},{"$f":"VLOOKUP($A223,DATA2!$A$2:$S$607,4,FALSE)","v":163.04050493962677},{"$f":"VLOOKUP($A223,DATA2!$A$2:$S$607,5,FALSE)","v":75},{"$f":"VLOOKUP($A223,DATA2!$A$2:$S$607,6,FALSE)","v":"MAIN CENTRE"},{"$f":"VLOOKUP($A223,DATA2!$A$2:$S$607,7,FALSE)","v":911},{"$f":"VLOOKUP($A223,DATA2!$A$2:$S$607,8,FALSE)","v":true},{"$f":"VLOOKUP($A223,DATA2!$A$2:$S$607,9,FALSE)","v":7.0000000000000007E-2},29099.119999999999,{"$f":"VLOOKUP($A223,DATA2!$A$2:$S$607,10,FALSE)","v":148529.9},{"$f":"VLOOKUP($A223,DATA2!$A$2:$S$607,11,FALSE)","v":1782358.8},{"$f":"VLOOKUP($A223,DATA2!$A$2:$S$607,12,FALSE)","v":"2015-12-01"},{"$f":"VLOOKUP($A223,DATA2!$A$2:$S$607,13,FALSE)","v":"2018-11-30"},{"$f":"VLOOKUP($A223,DATA2!$A$2:$S$607,14,FALSE)","v":"No"},{"$f":"IF(MATRIX2!D223=1,($Y$8-$X$2)/365*Table_Provincial_GTAC3536[[#This Row],[Adj.AnnualRental]]*MATRIX2!D223,($Y$8-$X$2)/365*Table_Provincial_GTAC3536[[#This Row],[Adj.AnnualRental]])","v":585980.97534246568},{"$f":"(Table_Provincial_GTAC3536[[#This Row],[Adj.AnnualRental]]*(1+$I223)^(2))","v":2040622.5901200001},{"$f":"(Table_Provincial_GTAC3536[[#This Row],[Adj.AnnualRental]]*(1+$I223)^(3))","v":2183466.1714284001},{"$f":"(Table_Provincial_GTAC3536[[#This Row],[Adj.AnnualRental]]*(1+$I223)^(4))","v":2336308.8034283882},{"$f":"(Table_Provincial_GTAC3536[[#This Row],[Adj.AnnualRental]]*(1+$I223)^(5))","v":2499850.4196683755},{"$f":"(Table_Provincial_GTAC3536[[#This Row],[Adj.AnnualRental]]*(1+$I223)^(6))","v":2674839.9490451617},{"$f":"(Table_Provincial_GTAC3536[[#This Row],[Adj.AnnualRental]]*(1+$I223)^(7))","v":2862078.7454783232}]
[287,{"$f":"VLOOKUP($A224,DATA2!$A$2:$S$607,2,FALSE)","v":"EC"},{"$f":"VLOOKUP($A224,DATA2!$A$2:$S$607,3,FALSE)","v":"Eastern Cape"},{"$f":"VLOOKUP($A224,DATA2!$A$2:$S$607,4,FALSE)","v":138.53048897067609},{"$f":"VLOOKUP($A224,DATA2!$A$2:$S$607,5,FALSE)","v":55},{"$f":"VLOOKUP($A224,DATA2!$A$2:$S$607,6,FALSE)","v":"MAIN CENTRE"},{"$f":"VLOOKUP($A224,DATA2!$A$2:$S$607,7,FALSE)","v":1673.72},{"$f":"VLOOKUP($A224,DATA2!$A$2:$S$607,8,FALSE)","v":true},{"$f":"VLOOKUP($A224,DATA2!$A$2:$S$607,9,FALSE)","v":0.08},14446.78,{"$f":"VLOOKUP($A224,DATA2!$A$2:$S$607,10,FALSE)","v":231861.25},{"$f":"VLOOKUP($A224,DATA2!$A$2:$S$607,11,FALSE)","v":2782335},{"$f":"VLOOKUP($A224,DATA2!$A$2:$S$607,12,FALSE)","v":"2013-09-01"},{"$f":"VLOOKUP($A224,DATA2!$A$2:$S$607,13,FALSE)","v":"2016-08-31"},{"$f":"VLOOKUP($A224,DATA2!$A$2:$S$607,14,FALSE)","v":"Yes"},{"$f":"IF(MATRIX2!D224=1,($Y$8-$X$2)/365*Table_Provincial_GTAC3536[[#This Row],[Adj.AnnualRental]]*MATRIX2!D224,($Y$8-$X$2)/365*Table_Provincial_GTAC3536[[#This Row],[Adj.AnnualRental]])","v":914740.27397260268},{"$f":"(Table_Provincial_GTAC3536[[#This Row],[Adj.AnnualRental]]*(1+$I224)^(2))","v":3245315.5440000002},{"$f":"(Table_Provincial_GTAC3536[[#This Row],[Adj.AnnualRental]]*(1+$I224)^(3))","v":3504940.7875200002},{"$f":"(Table_Provincial_GTAC3536[[#This Row],[Adj.AnnualRental]]*(1+$I224)^(4))","v":3785336.050521601},{"$f":"(Table_Provincial_GTAC3536[[#This Row],[Adj.AnnualRental]]*(1+$I224)^(5))","v":4088162.934563329},{"$f":"(Table_Provincial_GTAC3536[[#This Row],[Adj.AnnualRental]]*(1+$I224)^(6))","v":4415215.969328396},{"$f":"(Table_Provincial_GTAC3536[[#This Row],[Adj.AnnualRental]]*(1+$I224)^(7))","v":4768433.2468746677}]
[288,{"$f":"VLOOKUP($A225,DATA2!$A$2:$S$607,2,FALSE)","v":"EC"},{"$f":"VLOOKUP($A225,DATA2!$A$2:$S$607,3,FALSE)","v":"Eastern Cape"},{"$f":"VLOOKUP($A225,DATA2!$A$2:$S$607,4,FALSE)","v":101.70909598072778},{"$f":"VLOOKUP($A225,DATA2!$A$2:$S$607,5,FALSE)","v":95},{"$f":"VLOOKUP($A225,DATA2!$A$2:$S$607,6,FALSE)","v":"MAIN CENTRE"},{"$f":"VLOOKUP($A225,DATA2!$A$2:$S$607,7,FALSE)","v":7887},{"$f":"VLOOKUP($A225,DATA2!$A$2:$S$607,8,FALSE)","v":true},{"$f":"VLOOKUP($A225,DATA2!$A$2:$S$607,9,FALSE)","v":7.0000000000000007E-2},12076.02,{"$f":"VLOOKUP($A225,DATA2!$A$2:$S$607,10,FALSE)","v":802179.64},{"$f":"VLOOKUP($A225,DATA2!$A$2:$S$607,11,FALSE)","v":9626155.6799999997},{"$f":"VLOOKUP($A225,DATA2!$A$2:$S$607,12,FALSE)","v":"2015-12-01"},{"$f":"VLOOKUP($A225,DATA2!$A$2:$S$607,13,FALSE)","v":"2019-11-30"},{"$f":"VLOOKUP($A225,DATA2!$A$2:$S$607,14,FALSE)","v":"No"},{"$f":"IF(MATRIX2!D225=1,($Y$8-$X$2)/365*Table_Provincial_GTAC3536[[#This Row],[Adj.AnnualRental]]*MATRIX2!D225,($Y$8-$X$2)/365*Table_Provincial_GTAC3536[[#This Row],[Adj.AnnualRental]])","v":3164763.5112328762},{"$f":"(Table_Provincial_GTAC3536[[#This Row],[Adj.AnnualRental]]*(1+$I225)^(2))","v":11020985.638032001},{"$f":"(Table_Provincial_GTAC3536[[#This Row],[Adj.AnnualRental]]*(1+$I225)^(3))","v":11792454.632694241},{"$f":"(Table_Provincial_GTAC3536[[#This Row],[Adj.AnnualRental]]*(1+$I225)^(4))","v":12617926.456982836},{"$f":"(Table_Provincial_GTAC3536[[#This Row],[Adj.AnnualRental]]*(1+$I225)^(5))","v":13501181.308971636},{"$f":"(Table_Provincial_GTAC3536[[#This Row],[Adj.AnnualRental]]*(1+$I225)^(6))","v":14446264.000599651},{"$f":"(Table_Provincial_GTAC3536[[#This Row],[Adj.AnnualRental]]*(1+$I225)^(7))","v":15457502.480641626}]
[289,{"$f":"VLOOKUP($A226,DATA2!$A$2:$S$607,2,FALSE)","v":"EC"},{"$f":"VLOOKUP($A226,DATA2!$A$2:$S$607,3,FALSE)","v":"Eastern Cape"},{"$f":"VLOOKUP($A226,DATA2!$A$2:$S$607,4,FALSE)","v":103.89742187500001},{"$f":"VLOOKUP($A226,DATA2!$A$2:$S$607,5,FALSE)","v":95},{"$f":"VLOOKUP($A226,DATA2!$A$2:$S$607,6,FALSE)","v":"VTSD"},{"$f":"VLOOKUP($A226,DATA2!$A$2:$S$607,7,FALSE)","v":128},{"$f":"VLOOKUP($A226,DATA2!$A$2:$S$607,8,FALSE)","v":true},{"$f":"VLOOKUP($A226,DATA2!$A$2:$S$607,9,FALSE)","v":0.01},26373.89,{"$f":"VLOOKUP($A226,DATA2!$A$2:$S$607,10,FALSE)","v":13298.87},{"$f":"VLOOKUP($A226,DATA2!$A$2:$S$607,11,FALSE)","v":159586.44},{"$f":"VLOOKUP($A226,DATA2!$A$2:$S$607,12,FALSE)","v":"2008-01-01"},{"$f":"VLOOKUP($A226,DATA2!$A$2:$S$607,13,FALSE)","v":"2013-12-31"},{"$f":"VLOOKUP($A226,DATA2!$A$2:$S$607,14,FALSE)","v":"Yes"},{"$f":"IF(MATRIX2!D226=1,($Y$8-$X$2)/365*Table_Provincial_GTAC3536[[#This Row],[Adj.AnnualRental]]*MATRIX2!D226,($Y$8-$X$2)/365*Table_Provincial_GTAC3536[[#This Row],[Adj.AnnualRental]])","v":52466.774794520548},{"$f":"(Table_Provincial_GTAC3536[[#This Row],[Adj.AnnualRental]]*(1+$I226)^(2))","v":162794.12744400001},{"$f":"(Table_Provincial_GTAC3536[[#This Row],[Adj.AnnualRental]]*(1+$I226)^(3))","v":164422.06871843999},{"$f":"(Table_Provincial_GTAC3536[[#This Row],[Adj.AnnualRental]]*(1+$I226)^(4))","v":166066.28940562441},{"$f":"(Table_Provincial_GTAC3536[[#This Row],[Adj.AnnualRental]]*(1+$I226)^(5))","v":167726.95229968065},{"$f":"(Table_Provincial_GTAC3536[[#This Row],[Adj.AnnualRental]]*(1+$I226)^(6))","v":169404.22182267747},{"$f":"(Table_Provincial_GTAC3536[[#This Row],[Adj.AnnualRental]]*(1+$I226)^(7))","v":171098.26404090421}]
[290,{"$f":"VLOOKUP($A227,DATA2!$A$2:$S$607,2,FALSE)","v":"EC"},{"$f":"VLOOKUP($A227,DATA2!$A$2:$S$607,3,FALSE)","v":"Eastern Cape"},{"$f":"VLOOKUP($A227,DATA2!$A$2:$S$607,4,FALSE)","v":77.413494261391889},{"$f":"VLOOKUP($A227,DATA2!$A$2:$S$607,5,FALSE)","v":80},{"$f":"VLOOKUP($A227,DATA2!$A$2:$S$607,6,FALSE)","v":"MAIN CENTRE"},{"$f":"VLOOKUP($A227,DATA2!$A$2:$S$607,7,FALSE)","v":4102.04},{"$f":"VLOOKUP($A227,DATA2!$A$2:$S$607,8,FALSE)","v":true},{"$f":"VLOOKUP($A227,DATA2!$A$2:$S$607,9,FALSE)","v":0.08},59189.58,{"$f":"VLOOKUP($A227,DATA2!$A$2:$S$607,10,FALSE)","v":317553.25},{"$f":"VLOOKUP($A227,DATA2!$A$2:$S$607,11,FALSE)","v":3810639},{"$f":"VLOOKUP($A227,DATA2!$A$2:$S$607,12,FALSE)","v":"2013-10-01"},{"$f":"VLOOKUP($A227,DATA2!$A$2:$S$607,13,FALSE)","v":"2018-09-30"},{"$f":"VLOOKUP($A227,DATA2!$A$2:$S$607,14,FALSE)","v":"No"},{"$f":"IF(MATRIX2!D227=1,($Y$8-$X$2)/365*Table_Provincial_GTAC3536[[#This Row],[Adj.AnnualRental]]*MATRIX2!D227,($Y$8-$X$2)/365*Table_Provincial_GTAC3536[[#This Row],[Adj.AnnualRental]])","v":1252812.8219178081},{"$f":"(Table_Provincial_GTAC3536[[#This Row],[Adj.AnnualRental]]*(1+$I227)^(2))","v":4444729.3296000008},{"$f":"(Table_Provincial_GTAC3536[[#This Row],[Adj.AnnualRental]]*(1+$I227)^(3))","v":4800307.6759680007},{"$f":"(Table_Provincial_GTAC3536[[#This Row],[Adj.AnnualRental]]*(1+$I227)^(4))","v":5184332.2900454411},{"$f":"(Table_Provincial_GTAC3536[[#This Row],[Adj.AnnualRental]]*(1+$I227)^(5))","v":5599078.8732490763},{"$f":"(Table_Provincial_GTAC3536[[#This Row],[Adj.AnnualRental]]*(1+$I227)^(6))","v":6047005.1831090031},{"$f":"(Table_Provincial_GTAC3536[[#This Row],[Adj.AnnualRental]]*(1+$I227)^(7))","v":6530765.5977577241}]
[291,{"$f":"VLOOKUP($A228,DATA2!$A$2:$S$607,2,FALSE)","v":"LP"},{"$f":"VLOOKUP($A228,DATA2!$A$2:$S$607,3,FALSE)","v":"Limpopo"},{"$f":"VLOOKUP($A228,DATA2!$A$2:$S$607,4,FALSE)","v":60.839985196150998},{"$f":"VLOOKUP($A228,DATA2!$A$2:$S$607,5,FALSE)","v":96.67},{"$f":"VLOOKUP($A228,DATA2!$A$2:$S$607,6,FALSE)","v":"VTSD"},{"$f":"VLOOKUP($A228,DATA2!$A$2:$S$607,7,FALSE)","v":243.18},{"$f":"VLOOKUP($A228,DATA2!$A$2:$S$607,8,FALSE)","v":true},{"$f":"VLOOKUP($A228,DATA2!$A$2:$S$607,9,FALSE)","v":0},5352.9,{"$f":"VLOOKUP($A228,DATA2!$A$2:$S$607,10,FALSE)","v":14795.0676},{"$f":"VLOOKUP($A228,DATA2!$A$2:$S$607,11,FALSE)","v":177540.8112},{"$f":"VLOOKUP($A228,DATA2!$A$2:$S$607,12,FALSE)","v":"2015-01-08"},{"$f":"VLOOKUP($A228,DATA2!$A$2:$S$607,13,FALSE)","v":"2016-01-31"},{"$f":"VLOOKUP($A228,DATA2!$A$2:$S$607,14,FALSE)","v":"Yes"},{"$f":"IF(MATRIX2!D228=1,($Y$8-$X$2)/365*Table_Provincial_GTAC3536[[#This Row],[Adj.AnnualRental]]*MATRIX2!D228,($Y$8-$X$2)/365*Table_Provincial_GTAC3536[[#This Row],[Adj.AnnualRental]])","v":58369.581764383554},{"$f":"(Table_Provincial_GTAC3536[[#This Row],[Adj.AnnualRental]]*(1+$I228)^(2))","v":177540.8112},{"$f":"(Table_Provincial_GTAC3536[[#This Row],[Adj.AnnualRental]]*(1+$I228)^(3))","v":177540.8112},{"$f":"(Table_Provincial_GTAC3536[[#This Row],[Adj.AnnualRental]]*(1+$I228)^(4))","v":177540.8112},{"$f":"(Table_Provincial_GTAC3536[[#This Row],[Adj.AnnualRental]]*(1+$I228)^(5))","v":177540.8112},{"$f":"(Table_Provincial_GTAC3536[[#This Row],[Adj.AnnualRental]]*(1+$I228)^(6))","v":177540.8112},{"$f":"(Table_Provincial_GTAC3536[[#This Row],[Adj.AnnualRental]]*(1+$I228)^(7))","v":177540.8112}]
[292,{"$f":"VLOOKUP($A229,DATA2!$A$2:$S$607,2,FALSE)","v":"LP"},{"$f":"VLOOKUP($A229,DATA2!$A$2:$S$607,3,FALSE)","v":"Limpopo"},{"$f":"VLOOKUP($A229,DATA2!$A$2:$S$607,4,FALSE)","v":81.245155305931419},{"$f":"VLOOKUP($A229,DATA2!$A$2:$S$607,5,FALSE)","v":96.67},{"$f":"VLOOKUP($A229,DATA2!$A$2:$S$607,6,FALSE)","v":"CBD"},{"$f":"VLOOKUP($A229,DATA2!$A$2:$S$607,7,FALSE)","v":705.06},{"$f":"VLOOKUP($A229,DATA2!$A$2:$S$607,8,FALSE)","v":true},{"$f":"VLOOKUP($A229,DATA2!$A$2:$S$607,9,FALSE)","v":0},212135.42,{"$f":"VLOOKUP($A229,DATA2!$A$2:$S$607,10,FALSE)","v":57282.709199999998},{"$f":"VLOOKUP($A229,DATA2!$A$2:$S$607,11,FALSE)","v":687392.51040000003},{"$f":"VLOOKUP($A229,DATA2!$A$2:$S$607,12,FALSE)","v":"2014-01-11"},{"$f":"VLOOKUP($A229,DATA2!$A$2:$S$607,13,FALSE)","v":"2015-04-30"},{"$f":"VLOOKUP($A229,DATA2!$A$2:$S$607,14,FALSE)","v":"Yes"},{"$f":"IF(MATRIX2!D229=1,($Y$8-$X$2)/365*Table_Provincial_GTAC3536[[#This Row],[Adj.AnnualRental]]*MATRIX2!D229,($Y$8-$X$2)/365*Table_Provincial_GTAC3536[[#This Row],[Adj.AnnualRental]])","v":225992.05821369862},{"$f":"(Table_Provincial_GTAC3536[[#This Row],[Adj.AnnualRental]]*(1+$I229)^(2))","v":687392.51040000003},{"$f":"(Table_Provincial_GTAC3536[[#This Row],[Adj.AnnualRental]]*(1+$I229)^(3))","v":687392.51040000003},{"$f":"(Table_Provincial_GTAC3536[[#This Row],[Adj.AnnualRental]]*(1+$I229)^(4))","v":687392.51040000003},{"$f":"(Table_Provincial_GTAC3536[[#This Row],[Adj.AnnualRental]]*(1+$I229)^(5))","v":687392.51040000003},{"$f":"(Table_Provincial_GTAC3536[[#This Row],[Adj.AnnualRental]]*(1+$I229)^(6))","v":687392.51040000003},{"$f":"(Table_Provincial_GTAC3536[[#This Row],[Adj.AnnualRental]]*(1+$I229)^(7))","v":687392.51040000003}]
[293,{"$f":"VLOOKUP($A230,DATA2!$A$2:$S$607,2,FALSE)","v":"LP"},{"$f":"VLOOKUP($A230,DATA2!$A$2:$S$607,3,FALSE)","v":"Limpopo"},{"$f":"VLOOKUP($A230,DATA2!$A$2:$S$607,4,FALSE)","v":50.770299401197605},{"$f":"VLOOKUP($A230,DATA2!$A$2:$S$607,5,FALSE)","v":96.67},{"$f":"VLOOKUP($A230,DATA2!$A$2:$S$607,6,FALSE)","v":"VTSD"},{"$f":"VLOOKUP($A230,DATA2!$A$2:$S$607,7,FALSE)","v":167},{"$f":"VLOOKUP($A230,DATA2!$A$2:$S$607,8,FALSE)","v":true},{"$f":"VLOOKUP($A230,DATA2!$A$2:$S$607,9,FALSE)","v":0},215855.81,{"$f":"VLOOKUP($A230,DATA2!$A$2:$S$607,10,FALSE)","v":8478.64},{"$f":"VLOOKUP($A230,DATA2!$A$2:$S$607,11,FALSE)","v":101743.67999999999},{"$f":"VLOOKUP($A230,DATA2!$A$2:$S$607,12,FALSE)","v":"2014-07-01"},{"$f":"VLOOKUP($A230,DATA2!$A$2:$S$607,13,FALSE)","v":"2014-12-31"},{"$f":"VLOOKUP($A230,DATA2!$A$2:$S$607,14,FALSE)","v":"Yes"},{"$f":"IF(MATRIX2!D230=1,($Y$8-$X$2)/365*Table_Provincial_GTAC3536[[#This Row],[Adj.AnnualRental]]*MATRIX2!D230,($Y$8-$X$2)/365*Table_Provincial_GTAC3536[[#This Row],[Adj.AnnualRental]])","v":33449.976986301364},{"$f":"(Table_Provincial_GTAC3536[[#This Row],[Adj.AnnualRental]]*(1+$I230)^(2))","v":101743.67999999999},{"$f":"(Table_Provincial_GTAC3536[[#This Row],[Adj.AnnualRental]]*(1+$I230)^(3))","v":101743.67999999999},{"$f":"(Table_Provincial_GTAC3536[[#This Row],[Adj.AnnualRental]]*(1+$I230)^(4))","v":101743.67999999999},{"$f":"(Table_Provincial_GTAC3536[[#This Row],[Adj.AnnualRental]]*(1+$I230)^(5))","v":101743.67999999999},{"$f":"(Table_Provincial_GTAC3536[[#This Row],[Adj.AnnualRental]]*(1+$I230)^(6))","v":101743.67999999999},{"$f":"(Table_Provincial_GTAC3536[[#This Row],[Adj.AnnualRental]]*(1+$I230)^(7))","v":101743.67999999999}]
[302,{"$f":"VLOOKUP($A231,DATA2!$A$2:$S$607,2,FALSE)","v":"LP"},{"$f":"VLOOKUP($A231,DATA2!$A$2:$S$607,3,FALSE)","v":"Limpopo"},{"$f":"VLOOKUP($A231,DATA2!$A$2:$S$607,4,FALSE)","v":84.710358014646047},{"$f":"VLOOKUP($A231,DATA2!$A$2:$S$607,5,FALSE)","v":96.67},{"$f":"VLOOKUP($A231,DATA2!$A$2:$S$607,6,FALSE)","v":"CBD"},{"$f":"VLOOKUP($A231,DATA2!$A$2:$S$607,7,FALSE)","v":1229},{"$f":"VLOOKUP($A231,DATA2!$A$2:$S$607,8,FALSE)","v":true},{"$f":"VLOOKUP($A231,DATA2!$A$2:$S$607,9,FALSE)","v":5.5E-2},438441.72,{"$f":"VLOOKUP($A231,DATA2!$A$2:$S$607,10,FALSE)","v":104109.03},{"$f":"VLOOKUP($A231,DATA2!$A$2:$S$607,11,FALSE)","v":1249308.3600000001},{"$f":"VLOOKUP($A231,DATA2!$A$2:$S$607,12,FALSE)","v":"2015-05-20"},{"$f":"VLOOKUP($A231,DATA2!$A$2:$S$607,13,FALSE)","v":"2017-05-19"},{"$f":"VLOOKUP($A231,DATA2!$A$2:$S$607,14,FALSE)","v":"Yes"},{"$f":"IF(MATRIX2!D231=1,($Y$8-$X$2)/365*Table_Provincial_GTAC3536[[#This Row],[Adj.AnnualRental]]*MATRIX2!D231,($Y$8-$X$2)/365*Table_Provincial_GTAC3536[[#This Row],[Adj.AnnualRental]])","v":410731.51561643835},{"$f":"(Table_Provincial_GTAC3536[[#This Row],[Adj.AnnualRental]]*(1+$I231)^(2))","v":1390511.4373890001},{"$f":"(Table_Provincial_GTAC3536[[#This Row],[Adj.AnnualRental]]*(1+$I231)^(3))","v":1466989.5664453949},{"$f":"(Table_Provincial_GTAC3536[[#This Row],[Adj.AnnualRental]]*(1+$I231)^(4))","v":1547673.9925998915},{"$f":"(Table_Provincial_GTAC3536[[#This Row],[Adj.AnnualRental]]*(1+$I231)^(5))","v":1632796.0621928854},{"$f":"(Table_Provincial_GTAC3536[[#This Row],[Adj.AnnualRental]]*(1+$I231)^(6))","v":1722599.8456134943},{"$f":"(Table_Provincial_GTAC3536[[#This Row],[Adj.AnnualRental]]*(1+$I231)^(7))","v":1817342.8371222361}]
[303,{"$f":"VLOOKUP($A232,DATA2!$A$2:$S$607,2,FALSE)","v":"LP"},{"$f":"VLOOKUP($A232,DATA2!$A$2:$S$607,3,FALSE)","v":"Limpopo"},{"$f":"VLOOKUP($A232,DATA2!$A$2:$S$607,4,FALSE)","v":143.31817659147333},{"$f":"VLOOKUP($A232,DATA2!$A$2:$S$607,5,FALSE)","v":96.67},{"$f":"VLOOKUP($A232,DATA2!$A$2:$S$607,6,FALSE)","v":"CBD"},{"$f":"VLOOKUP($A232,DATA2!$A$2:$S$607,7,FALSE)","v":1683.66},{"$f":"VLOOKUP($A232,DATA2!$A$2:$S$607,8,FALSE)","v":true},{"$f":"VLOOKUP($A232,DATA2!$A$2:$S$607,9,FALSE)","v":0},103680.75,{"$f":"VLOOKUP($A232,DATA2!$A$2:$S$607,10,FALSE)","v":241299.08119999999},{"$f":"VLOOKUP($A232,DATA2!$A$2:$S$607,11,FALSE)","v":2895588.9744000002},{"$f":"VLOOKUP($A232,DATA2!$A$2:$S$607,12,FALSE)","v":"2015-01-05"},{"$f":"VLOOKUP($A232,DATA2!$A$2:$S$607,13,FALSE)","v":"2015-10-31"},{"$f":"VLOOKUP($A232,DATA2!$A$2:$S$607,14,FALSE)","v":"Yes"},{"$f":"IF(MATRIX2!D232=1,($Y$8-$X$2)/365*Table_Provincial_GTAC3536[[#This Row],[Adj.AnnualRental]]*MATRIX2!D232,($Y$8-$X$2)/365*Table_Provincial_GTAC3536[[#This Row],[Adj.AnnualRental]])","v":951974.45733698632},{"$f":"(Table_Provincial_GTAC3536[[#This Row],[Adj.AnnualRental]]*(1+$I232)^(2))","v":2895588.9744000002},{"$f":"(Table_Provincial_GTAC3536[[#This Row],[Adj.AnnualRental]]*(1+$I232)^(3))","v":2895588.9744000002},{"$f":"(Table_Provincial_GTAC3536[[#This Row],[Adj.AnnualRental]]*(1+$I232)^(4))","v":2895588.9744000002},{"$f":"(Table_Provincial_GTAC3536[[#This Row],[Adj.AnnualRental]]*(1+$I232)^(5))","v":2895588.9744000002},{"$f":"(Table_Provincial_GTAC3536[[#This Row],[Adj.AnnualRental]]*(1+$I232)^(6))","v":2895588.9744000002},{"$f":"(Table_Provincial_GTAC3536[[#This Row],[Adj.AnnualRental]]*(1+$I232)^(7))","v":2895588.9744000002}]
[304,{"$f":"VLOOKUP($A233,DATA2!$A$2:$S$607,2,FALSE)","v":"LP"},{"$f":"VLOOKUP($A233,DATA2!$A$2:$S$607,3,FALSE)","v":"Limpopo"},{"$f":"VLOOKUP($A233,DATA2!$A$2:$S$607,4,FALSE)","v":92.527027972027966},{"$f":"VLOOKUP($A233,DATA2!$A$2:$S$607,5,FALSE)","v":96.67},{"$f":"VLOOKUP($A233,DATA2!$A$2:$S$607,6,FALSE)","v":"CBD"},{"$f":"VLOOKUP($A233,DATA2!$A$2:$S$607,7,FALSE)","v":572},{"$f":"VLOOKUP($A233,DATA2!$A$2:$S$607,8,FALSE)","v":true},{"$f":"VLOOKUP($A233,DATA2!$A$2:$S$607,9,FALSE)","v":5.5E-2},41206.44,{"$f":"VLOOKUP($A233,DATA2!$A$2:$S$607,10,FALSE)","v":52925.46},{"$f":"VLOOKUP($A233,DATA2!$A$2:$S$607,11,FALSE)","v":635105.52},{"$f":"VLOOKUP($A233,DATA2!$A$2:$S$607,12,FALSE)","v":"2015-01-10"},{"$f":"VLOOKUP($A233,DATA2!$A$2:$S$607,13,FALSE)","v":"2018-09-30"},{"$f":"VLOOKUP($A233,DATA2!$A$2:$S$607,14,FALSE)","v":"No"},{"$f":"IF(MATRIX2!D233=1,($Y$8-$X$2)/365*Table_Provincial_GTAC3536[[#This Row],[Adj.AnnualRental]]*MATRIX2!D233,($Y$8-$X$2)/365*Table_Provincial_GTAC3536[[#This Row],[Adj.AnnualRental]])","v":208801.81479452056},{"$f":"(Table_Provincial_GTAC3536[[#This Row],[Adj.AnnualRental]]*(1+$I233)^(2))","v":706888.321398},{"$f":"(Table_Provincial_GTAC3536[[#This Row],[Adj.AnnualRental]]*(1+$I233)^(3))","v":745767.17907488986},{"$f":"(Table_Provincial_GTAC3536[[#This Row],[Adj.AnnualRental]]*(1+$I233)^(4))","v":786784.3739240088},{"$f":"(Table_Provincial_GTAC3536[[#This Row],[Adj.AnnualRental]]*(1+$I233)^(5))","v":830057.51448982931},{"$f":"(Table_Provincial_GTAC3536[[#This Row],[Adj.AnnualRental]]*(1+$I233)^(6))","v":875710.67778676993},{"$f":"(Table_Provincial_GTAC3536[[#This Row],[Adj.AnnualRental]]*(1+$I233)^(7))","v":923874.76506504219}]
[305,{"$f":"VLOOKUP($A234,DATA2!$A$2:$S$607,2,FALSE)","v":"LP"},{"$f":"VLOOKUP($A234,DATA2!$A$2:$S$607,3,FALSE)","v":"Limpopo"},{"$f":"VLOOKUP($A234,DATA2!$A$2:$S$607,4,FALSE)","v":66.292381712671556},{"$f":"VLOOKUP($A234,DATA2!$A$2:$S$607,5,FALSE)","v":96.67},{"$f":"VLOOKUP($A234,DATA2!$A$2:$S$607,6,FALSE)","v":"VTSD"},{"$f":"VLOOKUP($A234,DATA2!$A$2:$S$607,7,FALSE)","v":651.38},{"$f":"VLOOKUP($A234,DATA2!$A$2:$S$607,8,FALSE)","v":true},{"$f":"VLOOKUP($A234,DATA2!$A$2:$S$607,9,FALSE)","v":5.5E-2},331958.39,{"$f":"VLOOKUP($A234,DATA2!$A$2:$S$607,10,FALSE)","v":43181.531600000002},{"$f":"VLOOKUP($A234,DATA2!$A$2:$S$607,11,FALSE)","v":518178.37920000002},{"$f":"VLOOKUP($A234,DATA2!$A$2:$S$607,12,FALSE)","v":"2015-01-11"},{"$f":"VLOOKUP($A234,DATA2!$A$2:$S$607,13,FALSE)","v":"2018-10-31"},{"$f":"VLOOKUP($A234,DATA2!$A$2:$S$607,14,FALSE)","v":"No"},{"$f":"IF(MATRIX2!D234=1,($Y$8-$X$2)/365*Table_Provincial_GTAC3536[[#This Row],[Adj.AnnualRental]]*MATRIX2!D234,($Y$8-$X$2)/365*Table_Provincial_GTAC3536[[#This Row],[Adj.AnnualRental]])","v":170360.01507945205},{"$f":"(Table_Provincial_GTAC3536[[#This Row],[Adj.AnnualRental]]*(1+$I234)^(2))","v":576745.49050908},{"$f":"(Table_Provincial_GTAC3536[[#This Row],[Adj.AnnualRental]]*(1+$I234)^(3))","v":608466.49248707935},{"$f":"(Table_Provincial_GTAC3536[[#This Row],[Adj.AnnualRental]]*(1+$I234)^(4))","v":641932.14957386872},{"$f":"(Table_Provincial_GTAC3536[[#This Row],[Adj.AnnualRental]]*(1+$I234)^(5))","v":677238.41780043137},{"$f":"(Table_Provincial_GTAC3536[[#This Row],[Adj.AnnualRental]]*(1+$I234)^(6))","v":714486.53077945521},{"$f":"(Table_Provincial_GTAC3536[[#This Row],[Adj.AnnualRental]]*(1+$I234)^(7))","v":753783.28997232509}]
[306,{"$f":"VLOOKUP($A235,DATA2!$A$2:$S$607,2,FALSE)","v":"LP"},{"$f":"VLOOKUP($A235,DATA2!$A$2:$S$607,3,FALSE)","v":"Limpopo"},{"$f":"VLOOKUP($A235,DATA2!$A$2:$S$607,4,FALSE)","v":66.319999999999993},{"$f":"VLOOKUP($A235,DATA2!$A$2:$S$607,5,FALSE)","v":96.67},{"$f":"VLOOKUP($A235,DATA2!$A$2:$S$607,6,FALSE)","v":"VTSD"},{"$f":"VLOOKUP($A235,DATA2!$A$2:$S$607,7,FALSE)","v":179},{"$f":"VLOOKUP($A235,DATA2!$A$2:$S$607,8,FALSE)","v":true},{"$f":"VLOOKUP($A235,DATA2!$A$2:$S$607,9,FALSE)","v":0},239272.31,{"$f":"VLOOKUP($A235,DATA2!$A$2:$S$607,10,FALSE)","v":11871.28},{"$f":"VLOOKUP($A235,DATA2!$A$2:$S$607,11,FALSE)","v":142455.35999999999},{"$f":"VLOOKUP($A235,DATA2!$A$2:$S$607,12,FALSE)","v":"2015-01-07"},{"$f":"VLOOKUP($A235,DATA2!$A$2:$S$607,13,FALSE)","v":"2015-12-31"},{"$f":"VLOOKUP($A235,DATA2!$A$2:$S$607,14,FALSE)","v":"Yes"},{"$f":"IF(MATRIX2!D235=1,($Y$8-$X$2)/365*Table_Provincial_GTAC3536[[#This Row],[Adj.AnnualRental]]*MATRIX2!D235,($Y$8-$X$2)/365*Table_Provincial_GTAC3536[[#This Row],[Adj.AnnualRental]])","v":46834.638904109583},{"$f":"(Table_Provincial_GTAC3536[[#This Row],[Adj.AnnualRental]]*(1+$I235)^(2))","v":142455.35999999999},{"$f":"(Table_Provincial_GTAC3536[[#This Row],[Adj.AnnualRental]]*(1+$I235)^(3))","v":142455.35999999999},{"$f":"(Table_Provincial_GTAC3536[[#This Row],[Adj.AnnualRental]]*(1+$I235)^(4))","v":142455.35999999999},{"$f":"(Table_Provincial_GTAC3536[[#This Row],[Adj.AnnualRental]]*(1+$I235)^(5))","v":142455.35999999999},{"$f":"(Table_Provincial_GTAC3536[[#This Row],[Adj.AnnualRental]]*(1+$I235)^(6))","v":142455.35999999999},{"$f":"(Table_Provincial_GTAC3536[[#This Row],[Adj.AnnualRental]]*(1+$I235)^(7))","v":142455.35999999999}]
[307,{"$f":"VLOOKUP($A236,DATA2!$A$2:$S$607,2,FALSE)","v":"LP"},{"$f":"VLOOKUP($A236,DATA2!$A$2:$S$607,3,FALSE)","v":"Limpopo"},{"$f":"VLOOKUP($A236,DATA2!$A$2:$S$607,4,FALSE)","v":82.961017964071857},{"$f":"VLOOKUP($A236,DATA2!$A$2:$S$607,5,FALSE)","v":96.67},{"$f":"VLOOKUP($A236,DATA2!$A$2:$S$607,6,FALSE)","v":"VTSD"},{"$f":"VLOOKUP($A236,DATA2!$A$2:$S$607,7,FALSE)","v":567.79999999999995},{"$f":"VLOOKUP($A236,DATA2!$A$2:$S$607,8,FALSE)","v":true},{"$f":"VLOOKUP($A236,DATA2!$A$2:$S$607,9,FALSE)","v":0},567243.59,{"$f":"VLOOKUP($A236,DATA2!$A$2:$S$607,10,FALSE)","v":47105.266000000003},{"$f":"VLOOKUP($A236,DATA2!$A$2:$S$607,11,FALSE)","v":565263.19200000004},{"$f":"VLOOKUP($A236,DATA2!$A$2:$S$607,12,FALSE)","v":"2015-01-02"},{"$f":"VLOOKUP($A236,DATA2!$A$2:$S$607,13,FALSE)","v":"2015-07-31"},{"$f":"VLOOKUP($A236,DATA2!$A$2:$S$607,14,FALSE)","v":"Yes"},{"$f":"IF(MATRIX2!D236=1,($Y$8-$X$2)/365*Table_Provincial_GTAC3536[[#This Row],[Adj.AnnualRental]]*MATRIX2!D236,($Y$8-$X$2)/365*Table_Provincial_GTAC3536[[#This Row],[Adj.AnnualRental]])","v":185839.95353424657},{"$f":"(Table_Provincial_GTAC3536[[#This Row],[Adj.AnnualRental]]*(1+$I236)^(2))","v":565263.19200000004},{"$f":"(Table_Provincial_GTAC3536[[#This Row],[Adj.AnnualRental]]*(1+$I236)^(3))","v":565263.19200000004},{"$f":"(Table_Provincial_GTAC3536[[#This Row],[Adj.AnnualRental]]*(1+$I236)^(4))","v":565263.19200000004},{"$f":"(Table_Provincial_GTAC3536[[#This Row],[Adj.AnnualRental]]*(1+$I236)^(5))","v":565263.19200000004},{"$f":"(Table_Provincial_GTAC3536[[#This Row],[Adj.AnnualRental]]*(1+$I236)^(6))","v":565263.19200000004},{"$f":"(Table_Provincial_GTAC3536[[#This Row],[Adj.AnnualRental]]*(1+$I236)^(7))","v":565263.19200000004}]
[308,{"$f":"VLOOKUP($A237,DATA2!$A$2:$S$607,2,FALSE)","v":"LP"},{"$f":"VLOOKUP($A237,DATA2!$A$2:$S$607,3,FALSE)","v":"Limpopo"},{"$f":"VLOOKUP($A237,DATA2!$A$2:$S$607,4,FALSE)","v":83.342084078992812},{"$f":"VLOOKUP($A237,DATA2!$A$2:$S$607,5,FALSE)","v":96.67},{"$f":"VLOOKUP($A237,DATA2!$A$2:$S$607,6,FALSE)","v":"VTSD"},{"$f":"VLOOKUP($A237,DATA2!$A$2:$S$607,7,FALSE)","v":1592.55},{"$f":"VLOOKUP($A237,DATA2!$A$2:$S$607,8,FALSE)","v":true},{"$f":"VLOOKUP($A237,DATA2!$A$2:$S$607,9,FALSE)","v":5.5E-2},59034.42,{"$f":"VLOOKUP($A237,DATA2!$A$2:$S$607,10,FALSE)","v":132726.43599999999},{"$f":"VLOOKUP($A237,DATA2!$A$2:$S$607,11,FALSE)","v":1592717.2320000001},{"$f":"VLOOKUP($A237,DATA2!$A$2:$S$607,12,FALSE)","v":"2015-01-09"},{"$f":"VLOOKUP($A237,DATA2!$A$2:$S$607,13,FALSE)","v":"2018-08-31"},{"$f":"VLOOKUP($A237,DATA2!$A$2:$S$607,14,FALSE)","v":"No"},{"$f":"IF(MATRIX2!D237=1,($Y$8-$X$2)/365*Table_Provincial_GTAC3536[[#This Row],[Adj.AnnualRental]]*MATRIX2!D237,($Y$8-$X$2)/365*Table_Provincial_GTAC3536[[#This Row],[Adj.AnnualRental]])","v":523633.06257534248},{"$f":"(Table_Provincial_GTAC3536[[#This Row],[Adj.AnnualRental]]*(1+$I237)^(2))","v":1772734.0971468},{"$f":"(Table_Provincial_GTAC3536[[#This Row],[Adj.AnnualRental]]*(1+$I237)^(3))","v":1870234.4724898739},{"$f":"(Table_Provincial_GTAC3536[[#This Row],[Adj.AnnualRental]]*(1+$I237)^(4))","v":1973097.3684768169},{"$f":"(Table_Provincial_GTAC3536[[#This Row],[Adj.AnnualRental]]*(1+$I237)^(5))","v":2081617.7237430417},{"$f":"(Table_Provincial_GTAC3536[[#This Row],[Adj.AnnualRental]]*(1+$I237)^(6))","v":2196106.6985489088},{"$f":"(Table_Provincial_GTAC3536[[#This Row],[Adj.AnnualRental]]*(1+$I237)^(7))","v":2316892.5669690985}]
[309,{"$f":"VLOOKUP($A238,DATA2!$A$2:$S$607,2,FALSE)","v":"LP"},{"$f":"VLOOKUP($A238,DATA2!$A$2:$S$607,3,FALSE)","v":"Limpopo"},{"$f":"VLOOKUP($A238,DATA2!$A$2:$S$607,4,FALSE)","v":76.284507658643321},{"$f":"VLOOKUP($A238,DATA2!$A$2:$S$607,5,FALSE)","v":96.67},{"$f":"VLOOKUP($A238,DATA2!$A$2:$S$607,6,FALSE)","v":"CBD"},{"$f":"VLOOKUP($A238,DATA2!$A$2:$S$607,7,FALSE)","v":457},{"$f":"VLOOKUP($A238,DATA2!$A$2:$S$607,8,FALSE)","v":true},{"$f":"VLOOKUP($A238,DATA2!$A$2:$S$607,9,FALSE)","v":0},50138.27,{"$f":"VLOOKUP($A238,DATA2!$A$2:$S$607,10,FALSE)","v":34862.019999999997},{"$f":"VLOOKUP($A238,DATA2!$A$2:$S$607,11,FALSE)","v":418344.24},{"$f":"VLOOKUP($A238,DATA2!$A$2:$S$607,12,FALSE)","v":"2015-01-08"},{"$f":"VLOOKUP($A238,DATA2!$A$2:$S$607,13,FALSE)","v":"2018-07-31"},{"$f":"VLOOKUP($A238,DATA2!$A$2:$S$607,14,FALSE)","v":"No"},{"$f":"IF(MATRIX2!D238=1,($Y$8-$X$2)/365*Table_Provincial_GTAC3536[[#This Row],[Adj.AnnualRental]]*MATRIX2!D238,($Y$8-$X$2)/365*Table_Provincial_GTAC3536[[#This Row],[Adj.AnnualRental]])","v":137537.83232876711},{"$f":"(Table_Provincial_GTAC3536[[#This Row],[Adj.AnnualRental]]*(1+$I238)^(2))","v":418344.24},{"$f":"(Table_Provincial_GTAC3536[[#This Row],[Adj.AnnualRental]]*(1+$I238)^(3))","v":418344.24},{"$f":"(Table_Provincial_GTAC3536[[#This Row],[Adj.AnnualRental]]*(1+$I238)^(4))","v":418344.24},{"$f":"(Table_Provincial_GTAC3536[[#This Row],[Adj.AnnualRental]]*(1+$I238)^(5))","v":418344.24},{"$f":"(Table_Provincial_GTAC3536[[#This Row],[Adj.AnnualRental]]*(1+$I238)^(6))","v":418344.24},{"$f":"(Table_Provincial_GTAC3536[[#This Row],[Adj.AnnualRental]]*(1+$I238)^(7))","v":418344.24}]
[311,{"$f":"VLOOKUP($A239,DATA2!$A$2:$S$607,2,FALSE)","v":"LP"},{"$f":"VLOOKUP($A239,DATA2!$A$2:$S$607,3,FALSE)","v":"Limpopo"},{"$f":"VLOOKUP($A239,DATA2!$A$2:$S$607,4,FALSE)","v":88.665711252653921},{"$f":"VLOOKUP($A239,DATA2!$A$2:$S$607,5,FALSE)","v":96.67},{"$f":"VLOOKUP($A239,DATA2!$A$2:$S$607,6,FALSE)","v":"VTSD"},{"$f":"VLOOKUP($A239,DATA2!$A$2:$S$607,7,FALSE)","v":471},{"$f":"VLOOKUP($A239,DATA2!$A$2:$S$607,8,FALSE)","v":true},{"$f":"VLOOKUP($A239,DATA2!$A$2:$S$607,9,FALSE)","v":5.5E-2},13783,{"$f":"VLOOKUP($A239,DATA2!$A$2:$S$607,10,FALSE)","v":41761.550000000003},{"$f":"VLOOKUP($A239,DATA2!$A$2:$S$607,11,FALSE)","v":501138.6},{"$f":"VLOOKUP($A239,DATA2!$A$2:$S$607,12,FALSE)","v":"2016-01-01"},{"$f":"VLOOKUP($A239,DATA2!$A$2:$S$607,13,FALSE)","v":"2018-12-31"},{"$f":"VLOOKUP($A239,DATA2!$A$2:$S$607,14,FALSE)","v":"No"},{"$f":"IF(MATRIX2!D239=1,($Y$8-$X$2)/365*Table_Provincial_GTAC3536[[#This Row],[Adj.AnnualRental]]*MATRIX2!D239,($Y$8-$X$2)/365*Table_Provincial_GTAC3536[[#This Row],[Adj.AnnualRental]])","v":164757.89589041093},{"$f":"(Table_Provincial_GTAC3536[[#This Row],[Adj.AnnualRental]]*(1+$I239)^(2))","v":557779.79026499996},{"$f":"(Table_Provincial_GTAC3536[[#This Row],[Adj.AnnualRental]]*(1+$I239)^(3))","v":588457.67872957489},{"$f":"(Table_Provincial_GTAC3536[[#This Row],[Adj.AnnualRental]]*(1+$I239)^(4))","v":620822.85105970153},{"$f":"(Table_Provincial_GTAC3536[[#This Row],[Adj.AnnualRental]]*(1+$I239)^(5))","v":654968.10786798503},{"$f":"(Table_Provincial_GTAC3536[[#This Row],[Adj.AnnualRental]]*(1+$I239)^(6))","v":690991.35380072426},{"$f":"(Table_Provincial_GTAC3536[[#This Row],[Adj.AnnualRental]]*(1+$I239)^(7))","v":728995.87825976394}]
[313,{"$f":"VLOOKUP($A240,DATA2!$A$2:$S$607,2,FALSE)","v":"LP"},{"$f":"VLOOKUP($A240,DATA2!$A$2:$S$607,3,FALSE)","v":"Limpopo"},{"$f":"VLOOKUP($A240,DATA2!$A$2:$S$607,4,FALSE)","v":194.83163145539905},{"$f":"VLOOKUP($A240,DATA2!$A$2:$S$607,5,FALSE)","v":96.67},{"$f":"VLOOKUP($A240,DATA2!$A$2:$S$607,6,FALSE)","v":"CBD"},{"$f":"VLOOKUP($A240,DATA2!$A$2:$S$607,7,FALSE)","v":7668},{"$f":"VLOOKUP($A240,DATA2!$A$2:$S$607,8,FALSE)","v":true},{"$f":"VLOOKUP($A240,DATA2!$A$2:$S$607,9,FALSE)","v":0.1},53169.37,{"$f":"VLOOKUP($A240,DATA2!$A$2:$S$607,10,FALSE)","v":1493968.95},{"$f":"VLOOKUP($A240,DATA2!$A$2:$S$607,11,FALSE)","v":17927627.399999999},{"$f":"VLOOKUP($A240,DATA2!$A$2:$S$607,12,FALSE)","v":"2006-07-01"},{"$f":"VLOOKUP($A240,DATA2!$A$2:$S$607,13,FALSE)","v":"2016-06-30"},{"$f":"VLOOKUP($A240,DATA2!$A$2:$S$607,14,FALSE)","v":"Yes"},{"$f":"IF(MATRIX2!D240=1,($Y$8-$X$2)/365*Table_Provincial_GTAC3536[[#This Row],[Adj.AnnualRental]]*MATRIX2!D240,($Y$8-$X$2)/365*Table_Provincial_GTAC3536[[#This Row],[Adj.AnnualRental]])","v":5894014.4876712319},{"$f":"(Table_Provincial_GTAC3536[[#This Row],[Adj.AnnualRental]]*(1+$I240)^(2))","v":21692429.154000003},{"$f":"(Table_Provincial_GTAC3536[[#This Row],[Adj.AnnualRental]]*(1+$I240)^(3))","v":23861672.069400005},{"$f":"(Table_Provincial_GTAC3536[[#This Row],[Adj.AnnualRental]]*(1+$I240)^(4))","v":26247839.276340004},{"$f":"(Table_Provincial_GTAC3536[[#This Row],[Adj.AnnualRental]]*(1+$I240)^(5))","v":28872623.203974009},{"$f":"(Table_Provincial_GTAC3536[[#This Row],[Adj.AnnualRental]]*(1+$I240)^(6))","v":31759885.524371412},{"$f":"(Table_Provincial_GTAC3536[[#This Row],[Adj.AnnualRental]]*(1+$I240)^(7))","v":34935874.076808557}]
[314,{"$f":"VLOOKUP($A241,DATA2!$A$2:$S$607,2,FALSE)","v":"LP"},{"$f":"VLOOKUP($A241,DATA2!$A$2:$S$607,3,FALSE)","v":"Limpopo"},{"$f":"VLOOKUP($A241,DATA2!$A$2:$S$607,4,FALSE)","v":90.500006560603566},{"$f":"VLOOKUP($A241,DATA2!$A$2:$S$607,5,FALSE)","v":96.67},{"$f":"VLOOKUP($A241,DATA2!$A$2:$S$607,6,FALSE)","v":"VTSD"},{"$f":"VLOOKUP($A241,DATA2!$A$2:$S$607,7,FALSE)","v":609.70000000000005},{"$f":"VLOOKUP($A241,DATA2!$A$2:$S$607,8,FALSE)","v":true},{"$f":"VLOOKUP($A241,DATA2!$A$2:$S$607,9,FALSE)","v":0},149734.87,{"$f":"VLOOKUP($A241,DATA2!$A$2:$S$607,10,FALSE)","v":55177.853999999999},{"$f":"VLOOKUP($A241,DATA2!$A$2:$S$607,11,FALSE)","v":662134.24800000002},{"$f":"VLOOKUP($A241,DATA2!$A$2:$S$607,12,FALSE)","v":"2015-01-05"},{"$f":"VLOOKUP($A241,DATA2!$A$2:$S$607,13,FALSE)","v":"2015-10-31"},{"$f":"VLOOKUP($A241,DATA2!$A$2:$S$607,14,FALSE)","v":"Yes"},{"$f":"IF(MATRIX2!D241=1,($Y$8-$X$2)/365*Table_Provincial_GTAC3536[[#This Row],[Adj.AnnualRental]]*MATRIX2!D241,($Y$8-$X$2)/365*Table_Provincial_GTAC3536[[#This Row],[Adj.AnnualRental]])","v":217687.97194520547},{"$f":"(Table_Provincial_GTAC3536[[#This Row],[Adj.AnnualRental]]*(1+$I241)^(2))","v":662134.24800000002},{"$f":"(Table_Provincial_GTAC3536[[#This Row],[Adj.AnnualRental]]*(1+$I241)^(3))","v":662134.24800000002},{"$f":"(Table_Provincial_GTAC3536[[#This Row],[Adj.AnnualRental]]*(1+$I241)^(4))","v":662134.24800000002},{"$f":"(Table_Provincial_GTAC3536[[#This Row],[Adj.AnnualRental]]*(1+$I241)^(5))","v":662134.24800000002},{"$f":"(Table_Provincial_GTAC3536[[#This Row],[Adj.AnnualRental]]*(1+$I241)^(6))","v":662134.24800000002},{"$f":"(Table_Provincial_GTAC3536[[#This Row],[Adj.AnnualRental]]*(1+$I241)^(7))","v":662134.24800000002}]
[315,{"$f":"VLOOKUP($A242,DATA2!$A$2:$S$607,2,FALSE)","v":"LP"},{"$f":"VLOOKUP($A242,DATA2!$A$2:$S$607,3,FALSE)","v":"Limpopo"},{"$f":"VLOOKUP($A242,DATA2!$A$2:$S$607,4,FALSE)","v":108.8133267846847},{"$f":"VLOOKUP($A242,DATA2!$A$2:$S$607,5,FALSE)","v":96.67},{"$f":"VLOOKUP($A242,DATA2!$A$2:$S$607,6,FALSE)","v":"VTSD"},{"$f":"VLOOKUP($A242,DATA2!$A$2:$S$607,7,FALSE)","v":468.29},{"$f":"VLOOKUP($A242,DATA2!$A$2:$S$607,8,FALSE)","v":true},{"$f":"VLOOKUP($A242,DATA2!$A$2:$S$607,9,FALSE)","v":5.5E-2},39742.78,{"$f":"VLOOKUP($A242,DATA2!$A$2:$S$607,10,FALSE)","v":50956.192799999997},{"$f":"VLOOKUP($A242,DATA2!$A$2:$S$607,11,FALSE)","v":611474.31359999999},{"$f":"VLOOKUP($A242,DATA2!$A$2:$S$607,12,FALSE)","v":"2015-01-06"},{"$f":"VLOOKUP($A242,DATA2!$A$2:$S$607,13,FALSE)","v":"2018-05-31"},{"$f":"VLOOKUP($A242,DATA2!$A$2:$S$607,14,FALSE)","v":"No"},{"$f":"IF(MATRIX2!D242=1,($Y$8-$X$2)/365*Table_Provincial_GTAC3536[[#This Row],[Adj.AnnualRental]]*MATRIX2!D242,($Y$8-$X$2)/365*Table_Provincial_GTAC3536[[#This Row],[Adj.AnnualRental]])","v":201032.65104657534},{"$f":"(Table_Provincial_GTAC3536[[#This Row],[Adj.AnnualRental]]*(1+$I242)^(2))","v":680586.19789463992},{"$f":"(Table_Provincial_GTAC3536[[#This Row],[Adj.AnnualRental]]*(1+$I242)^(3))","v":718018.43877884513},{"$f":"(Table_Provincial_GTAC3536[[#This Row],[Adj.AnnualRental]]*(1+$I242)^(4))","v":757509.45291168161},{"$f":"(Table_Provincial_GTAC3536[[#This Row],[Adj.AnnualRental]]*(1+$I242)^(5))","v":799172.47282182402},{"$f":"(Table_Provincial_GTAC3536[[#This Row],[Adj.AnnualRental]]*(1+$I242)^(6))","v":843126.95882702433},{"$f":"(Table_Provincial_GTAC3536[[#This Row],[Adj.AnnualRental]]*(1+$I242)^(7))","v":889498.94156251056}]
[316,{"$f":"VLOOKUP($A243,DATA2!$A$2:$S$607,2,FALSE)","v":"LP"},{"$f":"VLOOKUP($A243,DATA2!$A$2:$S$607,3,FALSE)","v":"Limpopo"},{"$f":"VLOOKUP($A243,DATA2!$A$2:$S$607,4,FALSE)","v":94.404717607973424},{"$f":"VLOOKUP($A243,DATA2!$A$2:$S$607,5,FALSE)","v":96.67},{"$f":"VLOOKUP($A243,DATA2!$A$2:$S$607,6,FALSE)","v":"VTSD"},{"$f":"VLOOKUP($A243,DATA2!$A$2:$S$607,7,FALSE)","v":602},{"$f":"VLOOKUP($A243,DATA2!$A$2:$S$607,8,FALSE)","v":true},{"$f":"VLOOKUP($A243,DATA2!$A$2:$S$607,9,FALSE)","v":0},46791.83,{"$f":"VLOOKUP($A243,DATA2!$A$2:$S$607,10,FALSE)","v":56831.64},{"$f":"VLOOKUP($A243,DATA2!$A$2:$S$607,11,FALSE)","v":681979.68},{"$f":"VLOOKUP($A243,DATA2!$A$2:$S$607,12,FALSE)","v":"2014-01-12"},{"$f":"VLOOKUP($A243,DATA2!$A$2:$S$607,13,FALSE)","v":"2015-05-31"},{"$f":"VLOOKUP($A243,DATA2!$A$2:$S$607,14,FALSE)","v":"Yes"},{"$f":"IF(MATRIX2!D243=1,($Y$8-$X$2)/365*Table_Provincial_GTAC3536[[#This Row],[Adj.AnnualRental]]*MATRIX2!D243,($Y$8-$X$2)/365*Table_Provincial_GTAC3536[[#This Row],[Adj.AnnualRental]])","v":224212.49753424659},{"$f":"(Table_Provincial_GTAC3536[[#This Row],[Adj.AnnualRental]]*(1+$I243)^(2))","v":681979.68},{"$f":"(Table_Provincial_GTAC3536[[#This Row],[Adj.AnnualRental]]*(1+$I243)^(3))","v":681979.68},{"$f":"(Table_Provincial_GTAC3536[[#This Row],[Adj.AnnualRental]]*(1+$I243)^(4))","v":681979.68},{"$f":"(Table_Provincial_GTAC3536[[#This Row],[Adj.AnnualRental]]*(1+$I243)^(5))","v":681979.68},{"$f":"(Table_Provincial_GTAC3536[[#This Row],[Adj.AnnualRental]]*(1+$I243)^(6))","v":681979.68},{"$f":"(Table_Provincial_GTAC3536[[#This Row],[Adj.AnnualRental]]*(1+$I243)^(7))","v":681979.68}]
[317,{"$f":"VLOOKUP($A244,DATA2!$A$2:$S$607,2,FALSE)","v":"LP"},{"$f":"VLOOKUP($A244,DATA2!$A$2:$S$607,3,FALSE)","v":"Limpopo"},{"$f":"VLOOKUP($A244,DATA2!$A$2:$S$607,4,FALSE)","v":95.1},{"$f":"VLOOKUP($A244,DATA2!$A$2:$S$607,5,FALSE)","v":96.67},{"$f":"VLOOKUP($A244,DATA2!$A$2:$S$607,6,FALSE)","v":"VTSD"},{"$f":"VLOOKUP($A244,DATA2!$A$2:$S$607,7,FALSE)","v":560},{"$f":"VLOOKUP($A244,DATA2!$A$2:$S$607,8,FALSE)","v":true},{"$f":"VLOOKUP($A244,DATA2!$A$2:$S$607,9,FALSE)","v":0},1575863.19,{"$f":"VLOOKUP($A244,DATA2!$A$2:$S$607,10,FALSE)","v":53256},{"$f":"VLOOKUP($A244,DATA2!$A$2:$S$607,11,FALSE)","v":639072},{"$f":"VLOOKUP($A244,DATA2!$A$2:$S$607,12,FALSE)","v":"2015-03-05"},{"$f":"VLOOKUP($A244,DATA2!$A$2:$S$607,13,FALSE)","v":"2015-08-04"},{"$f":"VLOOKUP($A244,DATA2!$A$2:$S$607,14,FALSE)","v":"Yes"},{"$f":"IF(MATRIX2!D244=1,($Y$8-$X$2)/365*Table_Provincial_GTAC3536[[#This Row],[Adj.AnnualRental]]*MATRIX2!D244,($Y$8-$X$2)/365*Table_Provincial_GTAC3536[[#This Row],[Adj.AnnualRental]])","v":210105.86301369863},{"$f":"(Table_Provincial_GTAC3536[[#This Row],[Adj.AnnualRental]]*(1+$I244)^(2))","v":639072},{"$f":"(Table_Provincial_GTAC3536[[#This Row],[Adj.AnnualRental]]*(1+$I244)^(3))","v":639072},{"$f":"(Table_Provincial_GTAC3536[[#This Row],[Adj.AnnualRental]]*(1+$I244)^(4))","v":639072},{"$f":"(Table_Provincial_GTAC3536[[#This Row],[Adj.AnnualRental]]*(1+$I244)^(5))","v":639072},{"$f":"(Table_Provincial_GTAC3536[[#This Row],[Adj.AnnualRental]]*(1+$I244)^(6))","v":639072},{"$f":"(Table_Provincial_GTAC3536[[#This Row],[Adj.AnnualRental]]*(1+$I244)^(7))","v":639072}]
[320,{"$f":"VLOOKUP($A245,DATA2!$A$2:$S$607,2,FALSE)","v":"LP"},{"$f":"VLOOKUP($A245,DATA2!$A$2:$S$607,3,FALSE)","v":"Limpopo"},{"$f":"VLOOKUP($A245,DATA2!$A$2:$S$607,4,FALSE)","v":90.5},{"$f":"VLOOKUP($A245,DATA2!$A$2:$S$607,5,FALSE)","v":96.67},{"$f":"VLOOKUP($A245,DATA2!$A$2:$S$607,6,FALSE)","v":"VTSD"},{"$f":"VLOOKUP($A245,DATA2!$A$2:$S$607,7,FALSE)","v":93},{"$f":"VLOOKUP($A245,DATA2!$A$2:$S$607,8,FALSE)","v":true},{"$f":"VLOOKUP($A245,DATA2!$A$2:$S$607,9,FALSE)","v":0},61689.45,{"$f":"VLOOKUP($A245,DATA2!$A$2:$S$607,10,FALSE)","v":8416.5},{"$f":"VLOOKUP($A245,DATA2!$A$2:$S$607,11,FALSE)","v":100998},{"$f":"VLOOKUP($A245,DATA2!$A$2:$S$607,12,FALSE)","v":"2015-01-04"},{"$f":"VLOOKUP($A245,DATA2!$A$2:$S$607,13,FALSE)","v":"2015-09-30"},{"$f":"VLOOKUP($A245,DATA2!$A$2:$S$607,14,FALSE)","v":"Yes"},{"$f":"IF(MATRIX2!D245=1,($Y$8-$X$2)/365*Table_Provincial_GTAC3536[[#This Row],[Adj.AnnualRental]]*MATRIX2!D245,($Y$8-$X$2)/365*Table_Provincial_GTAC3536[[#This Row],[Adj.AnnualRental]])","v":33204.821917808214},{"$f":"(Table_Provincial_GTAC3536[[#This Row],[Adj.AnnualRental]]*(1+$I245)^(2))","v":100998},{"$f":"(Table_Provincial_GTAC3536[[#This Row],[Adj.AnnualRental]]*(1+$I245)^(3))","v":100998},{"$f":"(Table_Provincial_GTAC3536[[#This Row],[Adj.AnnualRental]]*(1+$I245)^(4))","v":100998},{"$f":"(Table_Provincial_GTAC3536[[#This Row],[Adj.AnnualRental]]*(1+$I245)^(5))","v":100998},{"$f":"(Table_Provincial_GTAC3536[[#This Row],[Adj.AnnualRental]]*(1+$I245)^(6))","v":100998},{"$f":"(Table_Provincial_GTAC3536[[#This Row],[Adj.AnnualRental]]*(1+$I245)^(7))","v":100998}]
[323,{"$f":"VLOOKUP($A246,DATA2!$A$2:$S$607,2,FALSE)","v":"LP"},{"$f":"VLOOKUP($A246,DATA2!$A$2:$S$607,3,FALSE)","v":"Limpopo"},{"$f":"VLOOKUP($A246,DATA2!$A$2:$S$607,4,FALSE)","v":160.029166},{"$f":"VLOOKUP($A246,DATA2!$A$2:$S$607,5,FALSE)","v":96.67},{"$f":"VLOOKUP($A246,DATA2!$A$2:$S$607,6,FALSE)","v":"CBD"},{"$f":"VLOOKUP($A246,DATA2!$A$2:$S$607,7,FALSE)","v":5000},{"$f":"VLOOKUP($A246,DATA2!$A$2:$S$607,8,FALSE)","v":true},{"$f":"VLOOKUP($A246,DATA2!$A$2:$S$607,9,FALSE)","v":0.08},55957.53,{"$f":"VLOOKUP($A246,DATA2!$A$2:$S$607,10,FALSE)","v":800145.83},{"$f":"VLOOKUP($A246,DATA2!$A$2:$S$607,11,FALSE)","v":9601749.9600000009},{"$f":"VLOOKUP($A246,DATA2!$A$2:$S$607,12,FALSE)","v":"2007-08-01"},{"$f":"VLOOKUP($A246,DATA2!$A$2:$S$607,13,FALSE)","v":"2015-07-31"},{"$f":"VLOOKUP($A246,DATA2!$A$2:$S$607,14,FALSE)","v":"Yes"},{"$f":"IF(MATRIX2!D246=1,($Y$8-$X$2)/365*Table_Provincial_GTAC3536[[#This Row],[Adj.AnnualRental]]*MATRIX2!D246,($Y$8-$X$2)/365*Table_Provincial_GTAC3536[[#This Row],[Adj.AnnualRental]])","v":3156739.7128767124},{"$f":"(Table_Provincial_GTAC3536[[#This Row],[Adj.AnnualRental]]*(1+$I246)^(2))","v":11199481.153344002},{"$f":"(Table_Provincial_GTAC3536[[#This Row],[Adj.AnnualRental]]*(1+$I246)^(3))","v":12095439.645611523},{"$f":"(Table_Provincial_GTAC3536[[#This Row],[Adj.AnnualRental]]*(1+$I246)^(4))","v":13063074.817260446},{"$f":"(Table_Provincial_GTAC3536[[#This Row],[Adj.AnnualRental]]*(1+$I246)^(5))","v":14108120.802641282},{"$f":"(Table_Provincial_GTAC3536[[#This Row],[Adj.AnnualRental]]*(1+$I246)^(6))","v":15236770.466852585},{"$f":"(Table_Provincial_GTAC3536[[#This Row],[Adj.AnnualRental]]*(1+$I246)^(7))","v":16455712.104200793}]
[324,{"$f":"VLOOKUP($A247,DATA2!$A$2:$S$607,2,FALSE)","v":"LP"},{"$f":"VLOOKUP($A247,DATA2!$A$2:$S$607,3,FALSE)","v":"Limpopo"},{"$f":"VLOOKUP($A247,DATA2!$A$2:$S$607,4,FALSE)","v":98.916055555555559},{"$f":"VLOOKUP($A247,DATA2!$A$2:$S$607,5,FALSE)","v":96.67},{"$f":"VLOOKUP($A247,DATA2!$A$2:$S$607,6,FALSE)","v":"VTSD"},{"$f":"VLOOKUP($A247,DATA2!$A$2:$S$607,7,FALSE)","v":180},{"$f":"VLOOKUP($A247,DATA2!$A$2:$S$607,8,FALSE)","v":true},{"$f":"VLOOKUP($A247,DATA2!$A$2:$S$607,9,FALSE)","v":0},63261,{"$f":"VLOOKUP($A247,DATA2!$A$2:$S$607,10,FALSE)","v":17804.89},{"$f":"VLOOKUP($A247,DATA2!$A$2:$S$607,11,FALSE)","v":213658.68},{"$f":"VLOOKUP($A247,DATA2!$A$2:$S$607,12,FALSE)","v":"2013-09-15"},{"$f":"VLOOKUP($A247,DATA2!$A$2:$S$607,13,FALSE)","v":"2014-03-14"},{"$f":"VLOOKUP($A247,DATA2!$A$2:$S$607,14,FALSE)","v":"Yes"},{"$f":"IF(MATRIX2!D247=1,($Y$8-$X$2)/365*Table_Provincial_GTAC3536[[#This Row],[Adj.AnnualRental]]*MATRIX2!D247,($Y$8-$X$2)/365*Table_Provincial_GTAC3536[[#This Row],[Adj.AnnualRental]])","v":70243.949589041091},{"$f":"(Table_Provincial_GTAC3536[[#This Row],[Adj.AnnualRental]]*(1+$I247)^(2))","v":213658.68},{"$f":"(Table_Provincial_GTAC3536[[#This Row],[Adj.AnnualRental]]*(1+$I247)^(3))","v":213658.68},{"$f":"(Table_Provincial_GTAC3536[[#This Row],[Adj.AnnualRental]]*(1+$I247)^(4))","v":213658.68},{"$f":"(Table_Provincial_GTAC3536[[#This Row],[Adj.AnnualRental]]*(1+$I247)^(5))","v":213658.68},{"$f":"(Table_Provincial_GTAC3536[[#This Row],[Adj.AnnualRental]]*(1+$I247)^(6))","v":213658.68},{"$f":"(Table_Provincial_GTAC3536[[#This Row],[Adj.AnnualRental]]*(1+$I247)^(7))","v":213658.68}]
[325,{"$f":"VLOOKUP($A248,DATA2!$A$2:$S$607,2,FALSE)","v":"LP"},{"$f":"VLOOKUP($A248,DATA2!$A$2:$S$607,3,FALSE)","v":"Limpopo"},{"$f":"VLOOKUP($A248,DATA2!$A$2:$S$607,4,FALSE)","v":85.366304347826087},{"$f":"VLOOKUP($A248,DATA2!$A$2:$S$607,5,FALSE)","v":96.67},{"$f":"VLOOKUP($A248,DATA2!$A$2:$S$607,6,FALSE)","v":"VTSD"},{"$f":"VLOOKUP($A248,DATA2!$A$2:$S$607,7,FALSE)","v":230},{"$f":"VLOOKUP($A248,DATA2!$A$2:$S$607,8,FALSE)","v":true},{"$f":"VLOOKUP($A248,DATA2!$A$2:$S$607,9,FALSE)","v":5.5E-2},59236.800000000003,{"$f":"VLOOKUP($A248,DATA2!$A$2:$S$607,10,FALSE)","v":19634.25},{"$f":"VLOOKUP($A248,DATA2!$A$2:$S$607,11,FALSE)","v":235611},{"$f":"VLOOKUP($A248,DATA2!$A$2:$S$607,12,FALSE)","v":"2015-01-10"},{"$f":"VLOOKUP($A248,DATA2!$A$2:$S$607,13,FALSE)","v":"2018-09-30"},{"$f":"VLOOKUP($A248,DATA2!$A$2:$S$607,14,FALSE)","v":"No"},{"$f":"IF(MATRIX2!D248=1,($Y$8-$X$2)/365*Table_Provincial_GTAC3536[[#This Row],[Adj.AnnualRental]]*MATRIX2!D248,($Y$8-$X$2)/365*Table_Provincial_GTAC3536[[#This Row],[Adj.AnnualRental]])","v":77461.150684931505},{"$f":"(Table_Provincial_GTAC3536[[#This Row],[Adj.AnnualRental]]*(1+$I248)^(2))","v":262240.93327499996},{"$f":"(Table_Provincial_GTAC3536[[#This Row],[Adj.AnnualRental]]*(1+$I248)^(3))","v":276664.18460512493},{"$f":"(Table_Provincial_GTAC3536[[#This Row],[Adj.AnnualRental]]*(1+$I248)^(4))","v":291880.7147584068},{"$f":"(Table_Provincial_GTAC3536[[#This Row],[Adj.AnnualRental]]*(1+$I248)^(5))","v":307934.1540701192},{"$f":"(Table_Provincial_GTAC3536[[#This Row],[Adj.AnnualRental]]*(1+$I248)^(6))","v":324870.53254397574},{"$f":"(Table_Provincial_GTAC3536[[#This Row],[Adj.AnnualRental]]*(1+$I248)^(7))","v":342738.41183389438}]
[327,{"$f":"VLOOKUP($A249,DATA2!$A$2:$S$607,2,FALSE)","v":"LP"},{"$f":"VLOOKUP($A249,DATA2!$A$2:$S$607,3,FALSE)","v":"Limpopo"},{"$f":"VLOOKUP($A249,DATA2!$A$2:$S$607,4,FALSE)","v":146.80972875226041},{"$f":"VLOOKUP($A249,DATA2!$A$2:$S$607,5,FALSE)","v":96.67},{"$f":"VLOOKUP($A249,DATA2!$A$2:$S$607,6,FALSE)","v":"CBD"},{"$f":"VLOOKUP($A249,DATA2!$A$2:$S$607,7,FALSE)","v":1659},{"$f":"VLOOKUP($A249,DATA2!$A$2:$S$607,8,FALSE)","v":true},{"$f":"VLOOKUP($A249,DATA2!$A$2:$S$607,9,FALSE)","v":0},9409.74,{"$f":"VLOOKUP($A249,DATA2!$A$2:$S$607,10,FALSE)","v":243557.34},{"$f":"VLOOKUP($A249,DATA2!$A$2:$S$607,11,FALSE)","v":2922688.08},{"$f":"VLOOKUP($A249,DATA2!$A$2:$S$607,12,FALSE)","v":"2015-01-04"},{"$f":"VLOOKUP($A249,DATA2!$A$2:$S$607,13,FALSE)","v":"2015-09-30"},{"$f":"VLOOKUP($A249,DATA2!$A$2:$S$607,14,FALSE)","v":"Yes"},{"$f":"IF(MATRIX2!D249=1,($Y$8-$X$2)/365*Table_Provincial_GTAC3536[[#This Row],[Adj.AnnualRental]]*MATRIX2!D249,($Y$8-$X$2)/365*Table_Provincial_GTAC3536[[#This Row],[Adj.AnnualRental]])","v":960883.75232876709},{"$f":"(Table_Provincial_GTAC3536[[#This Row],[Adj.AnnualRental]]*(1+$I249)^(2))","v":2922688.08},{"$f":"(Table_Provincial_GTAC3536[[#This Row],[Adj.AnnualRental]]*(1+$I249)^(3))","v":2922688.08},{"$f":"(Table_Provincial_GTAC3536[[#This Row],[Adj.AnnualRental]]*(1+$I249)^(4))","v":2922688.08},{"$f":"(Table_Provincial_GTAC3536[[#This Row],[Adj.AnnualRental]]*(1+$I249)^(5))","v":2922688.08},{"$f":"(Table_Provincial_GTAC3536[[#This Row],[Adj.AnnualRental]]*(1+$I249)^(6))","v":2922688.08},{"$f":"(Table_Provincial_GTAC3536[[#This Row],[Adj.AnnualRental]]*(1+$I249)^(7))","v":2922688.08}]
[328,{"$f":"VLOOKUP($A250,DATA2!$A$2:$S$607,2,FALSE)","v":"LP"},{"$f":"VLOOKUP($A250,DATA2!$A$2:$S$607,3,FALSE)","v":"Limpopo"},{"$f":"VLOOKUP($A250,DATA2!$A$2:$S$607,4,FALSE)","v":66.000030939796318},{"$f":"VLOOKUP($A250,DATA2!$A$2:$S$607,5,FALSE)","v":96.67},{"$f":"VLOOKUP($A250,DATA2!$A$2:$S$607,6,FALSE)","v":"VTSD"},{"$f":"VLOOKUP($A250,DATA2!$A$2:$S$607,7,FALSE)","v":155.13999999999999},{"$f":"VLOOKUP($A250,DATA2!$A$2:$S$607,8,FALSE)","v":true},{"$f":"VLOOKUP($A250,DATA2!$A$2:$S$607,9,FALSE)","v":0},853545.83,{"$f":"VLOOKUP($A250,DATA2!$A$2:$S$607,10,FALSE)","v":10239.2448},{"$f":"VLOOKUP($A250,DATA2!$A$2:$S$607,11,FALSE)","v":122870.9376},{"$f":"VLOOKUP($A250,DATA2!$A$2:$S$607,12,FALSE)","v":"2015-01-04"},{"$f":"VLOOKUP($A250,DATA2!$A$2:$S$607,13,FALSE)","v":"2015-09-30"},{"$f":"VLOOKUP($A250,DATA2!$A$2:$S$607,14,FALSE)","v":"Yes"},{"$f":"IF(MATRIX2!D250=1,($Y$8-$X$2)/365*Table_Provincial_GTAC3536[[#This Row],[Adj.AnnualRental]]*MATRIX2!D250,($Y$8-$X$2)/365*Table_Provincial_GTAC3536[[#This Row],[Adj.AnnualRental]])","v":40395.92469041096},{"$f":"(Table_Provincial_GTAC3536[[#This Row],[Adj.AnnualRental]]*(1+$I250)^(2))","v":122870.9376},{"$f":"(Table_Provincial_GTAC3536[[#This Row],[Adj.AnnualRental]]*(1+$I250)^(3))","v":122870.9376},{"$f":"(Table_Provincial_GTAC3536[[#This Row],[Adj.AnnualRental]]*(1+$I250)^(4))","v":122870.9376},{"$f":"(Table_Provincial_GTAC3536[[#This Row],[Adj.AnnualRental]]*(1+$I250)^(5))","v":122870.9376},{"$f":"(Table_Provincial_GTAC3536[[#This Row],[Adj.AnnualRental]]*(1+$I250)^(6))","v":122870.9376},{"$f":"(Table_Provincial_GTAC3536[[#This Row],[Adj.AnnualRental]]*(1+$I250)^(7))","v":122870.9376}]
[329,{"$f":"VLOOKUP($A251,DATA2!$A$2:$S$607,2,FALSE)","v":"LP"},{"$f":"VLOOKUP($A251,DATA2!$A$2:$S$607,3,FALSE)","v":"Limpopo"},{"$f":"VLOOKUP($A251,DATA2!$A$2:$S$607,4,FALSE)","v":120.61767898383371},{"$f":"VLOOKUP($A251,DATA2!$A$2:$S$607,5,FALSE)","v":96.67},{"$f":"VLOOKUP($A251,DATA2!$A$2:$S$607,6,FALSE)","v":"CBD"},{"$f":"VLOOKUP($A251,DATA2!$A$2:$S$607,7,FALSE)","v":1732},{"$f":"VLOOKUP($A251,DATA2!$A$2:$S$607,8,FALSE)","v":true},{"$f":"VLOOKUP($A251,DATA2!$A$2:$S$607,9,FALSE)","v":0.08},19727.29,{"$f":"VLOOKUP($A251,DATA2!$A$2:$S$607,10,FALSE)","v":208909.82},{"$f":"VLOOKUP($A251,DATA2!$A$2:$S$607,11,FALSE)","v":2506917.84},{"$f":"VLOOKUP($A251,DATA2!$A$2:$S$607,12,FALSE)","v":"2011-01-11"},{"$f":"VLOOKUP($A251,DATA2!$A$2:$S$607,13,FALSE)","v":"2016-10-31"},{"$f":"VLOOKUP($A251,DATA2!$A$2:$S$607,14,FALSE)","v":"Yes"},{"$f":"IF(MATRIX2!D251=1,($Y$8-$X$2)/365*Table_Provincial_GTAC3536[[#This Row],[Adj.AnnualRental]]*MATRIX2!D251,($Y$8-$X$2)/365*Table_Provincial_GTAC3536[[#This Row],[Adj.AnnualRental]])","v":824192.16657534242},{"$f":"(Table_Provincial_GTAC3536[[#This Row],[Adj.AnnualRental]]*(1+$I251)^(2))","v":2924068.9685760001},{"$f":"(Table_Provincial_GTAC3536[[#This Row],[Adj.AnnualRental]]*(1+$I251)^(3))","v":3157994.4860620801},{"$f":"(Table_Provincial_GTAC3536[[#This Row],[Adj.AnnualRental]]*(1+$I251)^(4))","v":3410634.0449470468},{"$f":"(Table_Provincial_GTAC3536[[#This Row],[Adj.AnnualRental]]*(1+$I251)^(5))","v":3683484.7685428108},{"$f":"(Table_Provincial_GTAC3536[[#This Row],[Adj.AnnualRental]]*(1+$I251)^(6))","v":3978163.5500262361},{"$f":"(Table_Provincial_GTAC3536[[#This Row],[Adj.AnnualRental]]*(1+$I251)^(7))","v":4296416.6340283351}]
[330,{"$f":"VLOOKUP($A252,DATA2!$A$2:$S$607,2,FALSE)","v":"LP"},{"$f":"VLOOKUP($A252,DATA2!$A$2:$S$607,3,FALSE)","v":"Limpopo"},{"$f":"VLOOKUP($A252,DATA2!$A$2:$S$607,4,FALSE)","v":92.003156443005338},{"$f":"VLOOKUP($A252,DATA2!$A$2:$S$607,5,FALSE)","v":96.67},{"$f":"VLOOKUP($A252,DATA2!$A$2:$S$607,6,FALSE)","v":"VTSD"},{"$f":"VLOOKUP($A252,DATA2!$A$2:$S$607,7,FALSE)","v":1000.62},{"$f":"VLOOKUP($A252,DATA2!$A$2:$S$607,8,FALSE)","v":true},{"$f":"VLOOKUP($A252,DATA2!$A$2:$S$607,9,FALSE)","v":0},22090.65,{"$f":"VLOOKUP($A252,DATA2!$A$2:$S$607,10,FALSE)","v":92060.198399999994},{"$f":"VLOOKUP($A252,DATA2!$A$2:$S$607,11,FALSE)","v":1104722.3807999999},{"$f":"VLOOKUP($A252,DATA2!$A$2:$S$607,12,FALSE)","v":"2014-04-10"},{"$f":"VLOOKUP($A252,DATA2!$A$2:$S$607,13,FALSE)","v":"2015-03-04"},{"$f":"VLOOKUP($A252,DATA2!$A$2:$S$607,14,FALSE)","v":"Yes"},{"$f":"IF(MATRIX2!D252=1,($Y$8-$X$2)/365*Table_Provincial_GTAC3536[[#This Row],[Adj.AnnualRental]]*MATRIX2!D252,($Y$8-$X$2)/365*Table_Provincial_GTAC3536[[#This Row],[Adj.AnnualRental]])","v":363196.39916712325},{"$f":"(Table_Provincial_GTAC3536[[#This Row],[Adj.AnnualRental]]*(1+$I252)^(2))","v":1104722.3807999999},{"$f":"(Table_Provincial_GTAC3536[[#This Row],[Adj.AnnualRental]]*(1+$I252)^(3))","v":1104722.3807999999},{"$f":"(Table_Provincial_GTAC3536[[#This Row],[Adj.AnnualRental]]*(1+$I252)^(4))","v":1104722.3807999999},{"$f":"(Table_Provincial_GTAC3536[[#This Row],[Adj.AnnualRental]]*(1+$I252)^(5))","v":1104722.3807999999},{"$f":"(Table_Provincial_GTAC3536[[#This Row],[Adj.AnnualRental]]*(1+$I252)^(6))","v":1104722.3807999999},{"$f":"(Table_Provincial_GTAC3536[[#This Row],[Adj.AnnualRental]]*(1+$I252)^(7))","v":1104722.3807999999}]
[331,{"$f":"VLOOKUP($A253,DATA2!$A$2:$S$607,2,FALSE)","v":"LP"},{"$f":"VLOOKUP($A253,DATA2!$A$2:$S$607,3,FALSE)","v":"Limpopo"},{"$f":"VLOOKUP($A253,DATA2!$A$2:$S$607,4,FALSE)","v":48.866843508224434},{"$f":"VLOOKUP($A253,DATA2!$A$2:$S$607,5,FALSE)","v":96.67},{"$f":"VLOOKUP($A253,DATA2!$A$2:$S$607,6,FALSE)","v":"VTSD"},{"$f":"VLOOKUP($A253,DATA2!$A$2:$S$607,7,FALSE)","v":153.81},{"$f":"VLOOKUP($A253,DATA2!$A$2:$S$607,8,FALSE)","v":true},{"$f":"VLOOKUP($A253,DATA2!$A$2:$S$607,9,FALSE)","v":0},261275.46,{"$f":"VLOOKUP($A253,DATA2!$A$2:$S$607,10,FALSE)","v":7516.2092000000002},{"$f":"VLOOKUP($A253,DATA2!$A$2:$S$607,11,FALSE)","v":90194.510399999999},{"$f":"VLOOKUP($A253,DATA2!$A$2:$S$607,12,FALSE)","v":"2013-01-02"},{"$f":"VLOOKUP($A253,DATA2!$A$2:$S$607,13,FALSE)","v":"2013-07-01"},{"$f":"VLOOKUP($A253,DATA2!$A$2:$S$607,14,FALSE)","v":"Yes"},{"$f":"IF(MATRIX2!D253=1,($Y$8-$X$2)/365*Table_Provincial_GTAC3536[[#This Row],[Adj.AnnualRental]]*MATRIX2!D253,($Y$8-$X$2)/365*Table_Provincial_GTAC3536[[#This Row],[Adj.AnnualRental]])","v":29652.989720547943},{"$f":"(Table_Provincial_GTAC3536[[#This Row],[Adj.AnnualRental]]*(1+$I253)^(2))","v":90194.510399999999},{"$f":"(Table_Provincial_GTAC3536[[#This Row],[Adj.AnnualRental]]*(1+$I253)^(3))","v":90194.510399999999},{"$f":"(Table_Provincial_GTAC3536[[#This Row],[Adj.AnnualRental]]*(1+$I253)^(4))","v":90194.510399999999},{"$f":"(Table_Provincial_GTAC3536[[#This Row],[Adj.AnnualRental]]*(1+$I253)^(5))","v":90194.510399999999},{"$f":"(Table_Provincial_GTAC3536[[#This Row],[Adj.AnnualRental]]*(1+$I253)^(6))","v":90194.510399999999},{"$f":"(Table_Provincial_GTAC3536[[#This Row],[Adj.AnnualRental]]*(1+$I253)^(7))","v":90194.510399999999}]
[332,{"$f":"VLOOKUP($A254,DATA2!$A$2:$S$607,2,FALSE)","v":"LP"},{"$f":"VLOOKUP($A254,DATA2!$A$2:$S$607,3,FALSE)","v":"Limpopo"},{"$f":"VLOOKUP($A254,DATA2!$A$2:$S$607,4,FALSE)","v":183.94182680618789},{"$f":"VLOOKUP($A254,DATA2!$A$2:$S$607,5,FALSE)","v":96.67},{"$f":"VLOOKUP($A254,DATA2!$A$2:$S$607,6,FALSE)","v":"CBD"},{"$f":"VLOOKUP($A254,DATA2!$A$2:$S$607,7,FALSE)","v":12585.9},{"$f":"VLOOKUP($A254,DATA2!$A$2:$S$607,8,FALSE)","v":true},{"$f":"VLOOKUP($A254,DATA2!$A$2:$S$607,9,FALSE)","v":0.1},11896.14,{"$f":"VLOOKUP($A254,DATA2!$A$2:$S$607,10,FALSE)","v":2315073.4380000001},{"$f":"VLOOKUP($A254,DATA2!$A$2:$S$607,11,FALSE)","v":27780881.256000001},{"$f":"VLOOKUP($A254,DATA2!$A$2:$S$607,12,FALSE)","v":"2009-12-10"},{"$f":"VLOOKUP($A254,DATA2!$A$2:$S$607,13,FALSE)","v":"2019-11-09"},{"$f":"VLOOKUP($A254,DATA2!$A$2:$S$607,14,FALSE)","v":"No"},{"$f":"IF(MATRIX2!D254=1,($Y$8-$X$2)/365*Table_Provincial_GTAC3536[[#This Row],[Adj.AnnualRental]]*MATRIX2!D254,($Y$8-$X$2)/365*Table_Provincial_GTAC3536[[#This Row],[Adj.AnnualRental]])","v":9133440.4129315075},{"$f":"(Table_Provincial_GTAC3536[[#This Row],[Adj.AnnualRental]]*(1+$I254)^(2))","v":33614866.31976001},{"$f":"(Table_Provincial_GTAC3536[[#This Row],[Adj.AnnualRental]]*(1+$I254)^(3))","v":36976352.951736011},{"$f":"(Table_Provincial_GTAC3536[[#This Row],[Adj.AnnualRental]]*(1+$I254)^(4))","v":40673988.246909611},{"$f":"(Table_Provincial_GTAC3536[[#This Row],[Adj.AnnualRental]]*(1+$I254)^(5))","v":44741387.071600579},{"$f":"(Table_Provincial_GTAC3536[[#This Row],[Adj.AnnualRental]]*(1+$I254)^(6))","v":49215525.778760642},{"$f":"(Table_Provincial_GTAC3536[[#This Row],[Adj.AnnualRental]]*(1+$I254)^(7))","v":54137078.35663671}]
[334,{"$f":"VLOOKUP($A255,DATA2!$A$2:$S$607,2,FALSE)","v":"LP"},{"$f":"VLOOKUP($A255,DATA2!$A$2:$S$607,3,FALSE)","v":"Limpopo"},{"$f":"VLOOKUP($A255,DATA2!$A$2:$S$607,4,FALSE)","v":92.15},{"$f":"VLOOKUP($A255,DATA2!$A$2:$S$607,5,FALSE)","v":96.67},{"$f":"VLOOKUP($A255,DATA2!$A$2:$S$607,6,FALSE)","v":"VTSD"},{"$f":"VLOOKUP($A255,DATA2!$A$2:$S$607,7,FALSE)","v":280},{"$f":"VLOOKUP($A255,DATA2!$A$2:$S$607,8,FALSE)","v":true},{"$f":"VLOOKUP($A255,DATA2!$A$2:$S$607,9,FALSE)","v":0},227407.58,{"$f":"VLOOKUP($A255,DATA2!$A$2:$S$607,10,FALSE)","v":25802},{"$f":"VLOOKUP($A255,DATA2!$A$2:$S$607,11,FALSE)","v":309624},{"$f":"VLOOKUP($A255,DATA2!$A$2:$S$607,12,FALSE)","v":"2014-01-12"},{"$f":"VLOOKUP($A255,DATA2!$A$2:$S$607,13,FALSE)","v":"2015-05-31"},{"$f":"VLOOKUP($A255,DATA2!$A$2:$S$607,14,FALSE)","v":"Yes"},{"$f":"IF(MATRIX2!D255=1,($Y$8-$X$2)/365*Table_Provincial_GTAC3536[[#This Row],[Adj.AnnualRental]]*MATRIX2!D255,($Y$8-$X$2)/365*Table_Provincial_GTAC3536[[#This Row],[Adj.AnnualRental]])","v":101794.19178082192},{"$f":"(Table_Provincial_GTAC3536[[#This Row],[Adj.AnnualRental]]*(1+$I255)^(2))","v":309624},{"$f":"(Table_Provincial_GTAC3536[[#This Row],[Adj.AnnualRental]]*(1+$I255)^(3))","v":309624},{"$f":"(Table_Provincial_GTAC3536[[#This Row],[Adj.AnnualRental]]*(1+$I255)^(4))","v":309624},{"$f":"(Table_Provincial_GTAC3536[[#This Row],[Adj.AnnualRental]]*(1+$I255)^(5))","v":309624},{"$f":"(Table_Provincial_GTAC3536[[#This Row],[Adj.AnnualRental]]*(1+$I255)^(6))","v":309624},{"$f":"(Table_Provincial_GTAC3536[[#This Row],[Adj.AnnualRental]]*(1+$I255)^(7))","v":309624}]
[335,{"$f":"VLOOKUP($A256,DATA2!$A$2:$S$607,2,FALSE)","v":"LP"},{"$f":"VLOOKUP($A256,DATA2!$A$2:$S$607,3,FALSE)","v":"Limpopo"},{"$f":"VLOOKUP($A256,DATA2!$A$2:$S$607,4,FALSE)","v":67.221192170818512},{"$f":"VLOOKUP($A256,DATA2!$A$2:$S$607,5,FALSE)","v":96.67},{"$f":"VLOOKUP($A256,DATA2!$A$2:$S$607,6,FALSE)","v":"VTSD"},{"$f":"VLOOKUP($A256,DATA2!$A$2:$S$607,7,FALSE)","v":562},{"$f":"VLOOKUP($A256,DATA2!$A$2:$S$607,8,FALSE)","v":true},{"$f":"VLOOKUP($A256,DATA2!$A$2:$S$607,9,FALSE)","v":5.5E-2},102746.82,{"$f":"VLOOKUP($A256,DATA2!$A$2:$S$607,10,FALSE)","v":37778.31},{"$f":"VLOOKUP($A256,DATA2!$A$2:$S$607,11,FALSE)","v":453339.72},{"$f":"VLOOKUP($A256,DATA2!$A$2:$S$607,12,FALSE)","v":"2015-01-11"},{"$f":"VLOOKUP($A256,DATA2!$A$2:$S$607,13,FALSE)","v":"2018-10-31"},{"$f":"VLOOKUP($A256,DATA2!$A$2:$S$607,14,FALSE)","v":"No"},{"$f":"IF(MATRIX2!D256=1,($Y$8-$X$2)/365*Table_Provincial_GTAC3536[[#This Row],[Adj.AnnualRental]]*MATRIX2!D256,($Y$8-$X$2)/365*Table_Provincial_GTAC3536[[#This Row],[Adj.AnnualRental]])","v":149043.19561643834},{"$f":"(Table_Provincial_GTAC3536[[#This Row],[Adj.AnnualRental]]*(1+$I256)^(2))","v":504578.44185299991},{"$f":"(Table_Provincial_GTAC3536[[#This Row],[Adj.AnnualRental]]*(1+$I256)^(3))","v":532330.25615491485},{"$f":"(Table_Provincial_GTAC3536[[#This Row],[Adj.AnnualRental]]*(1+$I256)^(4))","v":561608.42024343519},{"$f":"(Table_Provincial_GTAC3536[[#This Row],[Adj.AnnualRental]]*(1+$I256)^(5))","v":592496.88335682405},{"$f":"(Table_Provincial_GTAC3536[[#This Row],[Adj.AnnualRental]]*(1+$I256)^(6))","v":625084.21194144944},{"$f":"(Table_Provincial_GTAC3536[[#This Row],[Adj.AnnualRental]]*(1+$I256)^(7))","v":659463.84359822911}]
[336,{"$f":"VLOOKUP($A257,DATA2!$A$2:$S$607,2,FALSE)","v":"LP"},{"$f":"VLOOKUP($A257,DATA2!$A$2:$S$607,3,FALSE)","v":"Limpopo"},{"$f":"VLOOKUP($A257,DATA2!$A$2:$S$607,4,FALSE)","v":91.033647058823533},{"$f":"VLOOKUP($A257,DATA2!$A$2:$S$607,5,FALSE)","v":96.67},{"$f":"VLOOKUP($A257,DATA2!$A$2:$S$607,6,FALSE)","v":"CBD"},{"$f":"VLOOKUP($A257,DATA2!$A$2:$S$607,7,FALSE)","v":340},{"$f":"VLOOKUP($A257,DATA2!$A$2:$S$607,8,FALSE)","v":true},{"$f":"VLOOKUP($A257,DATA2!$A$2:$S$607,9,FALSE)","v":0},9158.9,{"$f":"VLOOKUP($A257,DATA2!$A$2:$S$607,10,FALSE)","v":30951.439999999999},{"$f":"VLOOKUP($A257,DATA2!$A$2:$S$607,11,FALSE)","v":371417.28},{"$f":"VLOOKUP($A257,DATA2!$A$2:$S$607,12,FALSE)","v":"2015-01-02"},{"$f":"VLOOKUP($A257,DATA2!$A$2:$S$607,13,FALSE)","v":"2015-07-31"},{"$f":"VLOOKUP($A257,DATA2!$A$2:$S$607,14,FALSE)","v":"Yes"},{"$f":"IF(MATRIX2!D257=1,($Y$8-$X$2)/365*Table_Provincial_GTAC3536[[#This Row],[Adj.AnnualRental]]*MATRIX2!D257,($Y$8-$X$2)/365*Table_Provincial_GTAC3536[[#This Row],[Adj.AnnualRental]])","v":122109.7906849315},{"$f":"(Table_Provincial_GTAC3536[[#This Row],[Adj.AnnualRental]]*(1+$I257)^(2))","v":371417.28},{"$f":"(Table_Provincial_GTAC3536[[#This Row],[Adj.AnnualRental]]*(1+$I257)^(3))","v":371417.28},{"$f":"(Table_Provincial_GTAC3536[[#This Row],[Adj.AnnualRental]]*(1+$I257)^(4))","v":371417.28},{"$f":"(Table_Provincial_GTAC3536[[#This Row],[Adj.AnnualRental]]*(1+$I257)^(5))","v":371417.28},{"$f":"(Table_Provincial_GTAC3536[[#This Row],[Adj.AnnualRental]]*(1+$I257)^(6))","v":371417.28},{"$f":"(Table_Provincial_GTAC3536[[#This Row],[Adj.AnnualRental]]*(1+$I257)^(7))","v":371417.28}]
[342,{"$f":"VLOOKUP($A258,DATA2!$A$2:$S$607,2,FALSE)","v":"LP"},{"$f":"VLOOKUP($A258,DATA2!$A$2:$S$607,3,FALSE)","v":"Limpopo"},{"$f":"VLOOKUP($A258,DATA2!$A$2:$S$607,4,FALSE)","v":91.552376662540425},{"$f":"VLOOKUP($A258,DATA2!$A$2:$S$607,5,FALSE)","v":96.67},{"$f":"VLOOKUP($A258,DATA2!$A$2:$S$607,6,FALSE)","v":"VTSD"},{"$f":"VLOOKUP($A258,DATA2!$A$2:$S$607,7,FALSE)","v":1833.79},{"$f":"VLOOKUP($A258,DATA2!$A$2:$S$607,8,FALSE)","v":true},{"$f":"VLOOKUP($A258,DATA2!$A$2:$S$607,9,FALSE)","v":0},2449490.85,{"$f":"VLOOKUP($A258,DATA2!$A$2:$S$607,10,FALSE)","v":167887.8328},{"$f":"VLOOKUP($A258,DATA2!$A$2:$S$607,11,FALSE)","v":2014653.9935999999},{"$f":"VLOOKUP($A258,DATA2!$A$2:$S$607,12,FALSE)","v":"2015-01-04"},{"$f":"VLOOKUP($A258,DATA2!$A$2:$S$607,13,FALSE)","v":"2015-09-30"},{"$f":"VLOOKUP($A258,DATA2!$A$2:$S$607,14,FALSE)","v":"Yes"},{"$f":"IF(MATRIX2!D258=1,($Y$8-$X$2)/365*Table_Provincial_GTAC3536[[#This Row],[Adj.AnnualRental]]*MATRIX2!D258,($Y$8-$X$2)/365*Table_Provincial_GTAC3536[[#This Row],[Adj.AnnualRental]])","v":662351.99789589038},{"$f":"(Table_Provincial_GTAC3536[[#This Row],[Adj.AnnualRental]]*(1+$I258)^(2))","v":2014653.9935999999},{"$f":"(Table_Provincial_GTAC3536[[#This Row],[Adj.AnnualRental]]*(1+$I258)^(3))","v":2014653.9935999999},{"$f":"(Table_Provincial_GTAC3536[[#This Row],[Adj.AnnualRental]]*(1+$I258)^(4))","v":2014653.9935999999},{"$f":"(Table_Provincial_GTAC3536[[#This Row],[Adj.AnnualRental]]*(1+$I258)^(5))","v":2014653.9935999999},{"$f":"(Table_Provincial_GTAC3536[[#This Row],[Adj.AnnualRental]]*(1+$I258)^(6))","v":2014653.9935999999},{"$f":"(Table_Provincial_GTAC3536[[#This Row],[Adj.AnnualRental]]*(1+$I258)^(7))","v":2014653.9935999999}]
[343,{"$f":"VLOOKUP($A259,DATA2!$A$2:$S$607,2,FALSE)","v":"LP"},{"$f":"VLOOKUP($A259,DATA2!$A$2:$S$607,3,FALSE)","v":"Limpopo"},{"$f":"VLOOKUP($A259,DATA2!$A$2:$S$607,4,FALSE)","v":29.938331053351575},{"$f":"VLOOKUP($A259,DATA2!$A$2:$S$607,5,FALSE)","v":96.67},{"$f":"VLOOKUP($A259,DATA2!$A$2:$S$607,6,FALSE)","v":"VTSD"},{"$f":"VLOOKUP($A259,DATA2!$A$2:$S$607,7,FALSE)","v":14.62},{"$f":"VLOOKUP($A259,DATA2!$A$2:$S$607,8,FALSE)","v":true},{"$f":"VLOOKUP($A259,DATA2!$A$2:$S$607,9,FALSE)","v":0},28792.400000000001,{"$f":"VLOOKUP($A259,DATA2!$A$2:$S$607,10,FALSE)","v":437.69839999999999},{"$f":"VLOOKUP($A259,DATA2!$A$2:$S$607,11,FALSE)","v":5252.3807999999999},{"$f":"VLOOKUP($A259,DATA2!$A$2:$S$607,12,FALSE)","v":"2013-11-01"},{"$f":"VLOOKUP($A259,DATA2!$A$2:$S$607,13,FALSE)","v":"2014-04-30"},{"$f":"VLOOKUP($A259,DATA2!$A$2:$S$607,14,FALSE)","v":"Yes"},{"$f":"IF(MATRIX2!D259=1,($Y$8-$X$2)/365*Table_Provincial_GTAC3536[[#This Row],[Adj.AnnualRental]]*MATRIX2!D259,($Y$8-$X$2)/365*Table_Provincial_GTAC3536[[#This Row],[Adj.AnnualRental]])","v":1726.8101260273972},{"$f":"(Table_Provincial_GTAC3536[[#This Row],[Adj.AnnualRental]]*(1+$I259)^(2))","v":5252.3807999999999},{"$f":"(Table_Provincial_GTAC3536[[#This Row],[Adj.AnnualRental]]*(1+$I259)^(3))","v":5252.3807999999999},{"$f":"(Table_Provincial_GTAC3536[[#This Row],[Adj.AnnualRental]]*(1+$I259)^(4))","v":5252.3807999999999},{"$f":"(Table_Provincial_GTAC3536[[#This Row],[Adj.AnnualRental]]*(1+$I259)^(5))","v":5252.3807999999999},{"$f":"(Table_Provincial_GTAC3536[[#This Row],[Adj.AnnualRental]]*(1+$I259)^(6))","v":5252.3807999999999},{"$f":"(Table_Provincial_GTAC3536[[#This Row],[Adj.AnnualRental]]*(1+$I259)^(7))","v":5252.3807999999999}]
[344,{"$f":"VLOOKUP($A260,DATA2!$A$2:$S$607,2,FALSE)","v":"LP"},{"$f":"VLOOKUP($A260,DATA2!$A$2:$S$607,3,FALSE)","v":"Limpopo"},{"$f":"VLOOKUP($A260,DATA2!$A$2:$S$607,4,FALSE)","v":178.50018660395963},{"$f":"VLOOKUP($A260,DATA2!$A$2:$S$607,5,FALSE)","v":96.67},{"$f":"VLOOKUP($A260,DATA2!$A$2:$S$607,6,FALSE)","v":"CBD"},{"$f":"VLOOKUP($A260,DATA2!$A$2:$S$607,7,FALSE)","v":13183},{"$f":"VLOOKUP($A260,DATA2!$A$2:$S$607,8,FALSE)","v":true},{"$f":"VLOOKUP($A260,DATA2!$A$2:$S$607,9,FALSE)","v":0.09},43780.47,{"$f":"VLOOKUP($A260,DATA2!$A$2:$S$607,10,FALSE)","v":2353167.96},{"$f":"VLOOKUP($A260,DATA2!$A$2:$S$607,11,FALSE)","v":28238015.52},{"$f":"VLOOKUP($A260,DATA2!$A$2:$S$607,12,FALSE)","v":"2009-03-01"},{"$f":"VLOOKUP($A260,DATA2!$A$2:$S$607,13,FALSE)","v":"2019-02-28"},{"$f":"VLOOKUP($A260,DATA2!$A$2:$S$607,14,FALSE)","v":"No"},{"$f":"IF(MATRIX2!D260=1,($Y$8-$X$2)/365*Table_Provincial_GTAC3536[[#This Row],[Adj.AnnualRental]]*MATRIX2!D260,($Y$8-$X$2)/365*Table_Provincial_GTAC3536[[#This Row],[Adj.AnnualRental]])","v":9283731.1298630126},{"$f":"(Table_Provincial_GTAC3536[[#This Row],[Adj.AnnualRental]]*(1+$I260)^(2))","v":33549586.239312004},{"$f":"(Table_Provincial_GTAC3536[[#This Row],[Adj.AnnualRental]]*(1+$I260)^(3))","v":36569049.000850089},{"$f":"(Table_Provincial_GTAC3536[[#This Row],[Adj.AnnualRental]]*(1+$I260)^(4))","v":39860263.410926595},{"$f":"(Table_Provincial_GTAC3536[[#This Row],[Adj.AnnualRental]]*(1+$I260)^(5))","v":43447687.11790999},{"$f":"(Table_Provincial_GTAC3536[[#This Row],[Adj.AnnualRental]]*(1+$I260)^(6))","v":47357978.958521895},{"$f":"(Table_Provincial_GTAC3536[[#This Row],[Adj.AnnualRental]]*(1+$I260)^(7))","v":51620197.064788863}]
[346,{"$f":"VLOOKUP($A261,DATA2!$A$2:$S$607,2,FALSE)","v":"LP"},{"$f":"VLOOKUP($A261,DATA2!$A$2:$S$607,3,FALSE)","v":"Limpopo"},{"$f":"VLOOKUP($A261,DATA2!$A$2:$S$607,4,FALSE)","v":69.72},{"$f":"VLOOKUP($A261,DATA2!$A$2:$S$607,5,FALSE)","v":96.67},{"$f":"VLOOKUP($A261,DATA2!$A$2:$S$607,6,FALSE)","v":"VTSD"},{"$f":"VLOOKUP($A261,DATA2!$A$2:$S$607,7,FALSE)","v":536},{"$f":"VLOOKUP($A261,DATA2!$A$2:$S$607,8,FALSE)","v":true},{"$f":"VLOOKUP($A261,DATA2!$A$2:$S$607,9,FALSE)","v":0},34582.639999999999,{"$f":"VLOOKUP($A261,DATA2!$A$2:$S$607,10,FALSE)","v":37369.919999999998},{"$f":"VLOOKUP($A261,DATA2!$A$2:$S$607,11,FALSE)","v":448439.03999999998},{"$f":"VLOOKUP($A261,DATA2!$A$2:$S$607,12,FALSE)","v":"2015-05-16"},{"$f":"VLOOKUP($A261,DATA2!$A$2:$S$607,13,FALSE)","v":"2015-11-15"},{"$f":"VLOOKUP($A261,DATA2!$A$2:$S$607,14,FALSE)","v":"Yes"},{"$f":"IF(MATRIX2!D261=1,($Y$8-$X$2)/365*Table_Provincial_GTAC3536[[#This Row],[Adj.AnnualRental]]*MATRIX2!D261,($Y$8-$X$2)/365*Table_Provincial_GTAC3536[[#This Row],[Adj.AnnualRental]])","v":147432.01315068491},{"$f":"(Table_Provincial_GTAC3536[[#This Row],[Adj.AnnualRental]]*(1+$I261)^(2))","v":448439.03999999998},{"$f":"(Table_Provincial_GTAC3536[[#This Row],[Adj.AnnualRental]]*(1+$I261)^(3))","v":448439.03999999998},{"$f":"(Table_Provincial_GTAC3536[[#This Row],[Adj.AnnualRental]]*(1+$I261)^(4))","v":448439.03999999998},{"$f":"(Table_Provincial_GTAC3536[[#This Row],[Adj.AnnualRental]]*(1+$I261)^(5))","v":448439.03999999998},{"$f":"(Table_Provincial_GTAC3536[[#This Row],[Adj.AnnualRental]]*(1+$I261)^(6))","v":448439.03999999998},{"$f":"(Table_Provincial_GTAC3536[[#This Row],[Adj.AnnualRental]]*(1+$I261)^(7))","v":448439.03999999998}]
[347,{"$f":"VLOOKUP($A262,DATA2!$A$2:$S$607,2,FALSE)","v":"LP"},{"$f":"VLOOKUP($A262,DATA2!$A$2:$S$607,3,FALSE)","v":"Limpopo"},{"$f":"VLOOKUP($A262,DATA2!$A$2:$S$607,4,FALSE)","v":90.32},{"$f":"VLOOKUP($A262,DATA2!$A$2:$S$607,5,FALSE)","v":96.67},{"$f":"VLOOKUP($A262,DATA2!$A$2:$S$607,6,FALSE)","v":"VTSD"},{"$f":"VLOOKUP($A262,DATA2!$A$2:$S$607,7,FALSE)","v":516},{"$f":"VLOOKUP($A262,DATA2!$A$2:$S$607,8,FALSE)","v":true},{"$f":"VLOOKUP($A262,DATA2!$A$2:$S$607,9,FALSE)","v":0},187472.71,{"$f":"VLOOKUP($A262,DATA2!$A$2:$S$607,10,FALSE)","v":46605.120000000003},{"$f":"VLOOKUP($A262,DATA2!$A$2:$S$607,11,FALSE)","v":559261.43999999994},{"$f":"VLOOKUP($A262,DATA2!$A$2:$S$607,12,FALSE)","v":"2015-01-04"},{"$f":"VLOOKUP($A262,DATA2!$A$2:$S$607,13,FALSE)","v":"2015-09-30"},{"$f":"VLOOKUP($A262,DATA2!$A$2:$S$607,14,FALSE)","v":"Yes"},{"$f":"IF(MATRIX2!D262=1,($Y$8-$X$2)/365*Table_Provincial_GTAC3536[[#This Row],[Adj.AnnualRental]]*MATRIX2!D262,($Y$8-$X$2)/365*Table_Provincial_GTAC3536[[#This Row],[Adj.AnnualRental]])","v":183866.77479452052},{"$f":"(Table_Provincial_GTAC3536[[#This Row],[Adj.AnnualRental]]*(1+$I262)^(2))","v":559261.43999999994},{"$f":"(Table_Provincial_GTAC3536[[#This Row],[Adj.AnnualRental]]*(1+$I262)^(3))","v":559261.43999999994},{"$f":"(Table_Provincial_GTAC3536[[#This Row],[Adj.AnnualRental]]*(1+$I262)^(4))","v":559261.43999999994},{"$f":"(Table_Provincial_GTAC3536[[#This Row],[Adj.AnnualRental]]*(1+$I262)^(5))","v":559261.43999999994},{"$f":"(Table_Provincial_GTAC3536[[#This Row],[Adj.AnnualRental]]*(1+$I262)^(6))","v":559261.43999999994},{"$f":"(Table_Provincial_GTAC3536[[#This Row],[Adj.AnnualRental]]*(1+$I262)^(7))","v":559261.43999999994}]
[349,{"$f":"VLOOKUP($A263,DATA2!$A$2:$S$607,2,FALSE)","v":"LP"},{"$f":"VLOOKUP($A263,DATA2!$A$2:$S$607,3,FALSE)","v":"Limpopo"},{"$f":"VLOOKUP($A263,DATA2!$A$2:$S$607,4,FALSE)","v":91.162807228915668},{"$f":"VLOOKUP($A263,DATA2!$A$2:$S$607,5,FALSE)","v":96.67},{"$f":"VLOOKUP($A263,DATA2!$A$2:$S$607,6,FALSE)","v":"VTSD"},{"$f":"VLOOKUP($A263,DATA2!$A$2:$S$607,7,FALSE)","v":830},{"$f":"VLOOKUP($A263,DATA2!$A$2:$S$607,8,FALSE)","v":true},{"$f":"VLOOKUP($A263,DATA2!$A$2:$S$607,9,FALSE)","v":0},593.84,{"$f":"VLOOKUP($A263,DATA2!$A$2:$S$607,10,FALSE)","v":75665.13},{"$f":"VLOOKUP($A263,DATA2!$A$2:$S$607,11,FALSE)","v":907981.56},{"$f":"VLOOKUP($A263,DATA2!$A$2:$S$607,12,FALSE)","v":"2014-01-11"},{"$f":"VLOOKUP($A263,DATA2!$A$2:$S$607,13,FALSE)","v":"2015-04-30"},{"$f":"VLOOKUP($A263,DATA2!$A$2:$S$607,14,FALSE)","v":"Yes"},{"$f":"IF(MATRIX2!D263=1,($Y$8-$X$2)/365*Table_Provincial_GTAC3536[[#This Row],[Adj.AnnualRental]]*MATRIX2!D263,($Y$8-$X$2)/365*Table_Provincial_GTAC3536[[#This Row],[Adj.AnnualRental]])","v":298514.48547945207},{"$f":"(Table_Provincial_GTAC3536[[#This Row],[Adj.AnnualRental]]*(1+$I263)^(2))","v":907981.56},{"$f":"(Table_Provincial_GTAC3536[[#This Row],[Adj.AnnualRental]]*(1+$I263)^(3))","v":907981.56},{"$f":"(Table_Provincial_GTAC3536[[#This Row],[Adj.AnnualRental]]*(1+$I263)^(4))","v":907981.56},{"$f":"(Table_Provincial_GTAC3536[[#This Row],[Adj.AnnualRental]]*(1+$I263)^(5))","v":907981.56},{"$f":"(Table_Provincial_GTAC3536[[#This Row],[Adj.AnnualRental]]*(1+$I263)^(6))","v":907981.56},{"$f":"(Table_Provincial_GTAC3536[[#This Row],[Adj.AnnualRental]]*(1+$I263)^(7))","v":907981.56}]
[351,{"$f":"VLOOKUP($A264,DATA2!$A$2:$S$607,2,FALSE)","v":"LP"},{"$f":"VLOOKUP($A264,DATA2!$A$2:$S$607,3,FALSE)","v":"Limpopo"},{"$f":"VLOOKUP($A264,DATA2!$A$2:$S$607,4,FALSE)","v":247.88724241316271},{"$f":"VLOOKUP($A264,DATA2!$A$2:$S$607,5,FALSE)","v":96.67},{"$f":"VLOOKUP($A264,DATA2!$A$2:$S$607,6,FALSE)","v":"CBD"},{"$f":"VLOOKUP($A264,DATA2!$A$2:$S$607,7,FALSE)","v":13675},{"$f":"VLOOKUP($A264,DATA2!$A$2:$S$607,8,FALSE)","v":true},{"$f":"VLOOKUP($A264,DATA2!$A$2:$S$607,9,FALSE)","v":0.09},2493962.4,{"$f":"VLOOKUP($A264,DATA2!$A$2:$S$607,10,FALSE)","v":3389858.04},{"$f":"VLOOKUP($A264,DATA2!$A$2:$S$607,11,FALSE)","v":40678296.479999997},{"$f":"VLOOKUP($A264,DATA2!$A$2:$S$607,12,FALSE)","v":"2008-11-01"},{"$f":"VLOOKUP($A264,DATA2!$A$2:$S$607,13,FALSE)","v":"2018-10-31"},{"$f":"VLOOKUP($A264,DATA2!$A$2:$S$607,14,FALSE)","v":"No"},{"$f":"IF(MATRIX2!D264=1,($Y$8-$X$2)/365*Table_Provincial_GTAC3536[[#This Row],[Adj.AnnualRental]]*MATRIX2!D264,($Y$8-$X$2)/365*Table_Provincial_GTAC3536[[#This Row],[Adj.AnnualRental]])","v":13373686.513972601},{"$f":"(Table_Provincial_GTAC3536[[#This Row],[Adj.AnnualRental]]*(1+$I264)^(2))","v":48329884.047888003},{"$f":"(Table_Provincial_GTAC3536[[#This Row],[Adj.AnnualRental]]*(1+$I264)^(3))","v":52679573.612197921},{"$f":"(Table_Provincial_GTAC3536[[#This Row],[Adj.AnnualRental]]*(1+$I264)^(4))","v":57420735.237295739},{"$f":"(Table_Provincial_GTAC3536[[#This Row],[Adj.AnnualRental]]*(1+$I264)^(5))","v":62588601.408652365},{"$f":"(Table_Provincial_GTAC3536[[#This Row],[Adj.AnnualRental]]*(1+$I264)^(6))","v":68221575.535431087},{"$f":"(Table_Provincial_GTAC3536[[#This Row],[Adj.AnnualRental]]*(1+$I264)^(7))","v":74361517.333619878}]
[352,{"$f":"VLOOKUP($A265,DATA2!$A$2:$S$607,2,FALSE)","v":"LP"},{"$f":"VLOOKUP($A265,DATA2!$A$2:$S$607,3,FALSE)","v":"Limpopo"},{"$f":"VLOOKUP($A265,DATA2!$A$2:$S$607,4,FALSE)","v":68.990940921599631},{"$f":"VLOOKUP($A265,DATA2!$A$2:$S$607,5,FALSE)","v":96.67},{"$f":"VLOOKUP($A265,DATA2!$A$2:$S$607,6,FALSE)","v":"VTSD"},{"$f":"VLOOKUP($A265,DATA2!$A$2:$S$607,7,FALSE)","v":512.37},{"$f":"VLOOKUP($A265,DATA2!$A$2:$S$607,8,FALSE)","v":true},{"$f":"VLOOKUP($A265,DATA2!$A$2:$S$607,9,FALSE)","v":0.08},43094.400000000001,{"$f":"VLOOKUP($A265,DATA2!$A$2:$S$607,10,FALSE)","v":35348.888400000003},{"$f":"VLOOKUP($A265,DATA2!$A$2:$S$607,11,FALSE)","v":424186.66080000001},{"$f":"VLOOKUP($A265,DATA2!$A$2:$S$607,12,FALSE)","v":"2011-10-13"},{"$f":"VLOOKUP($A265,DATA2!$A$2:$S$607,13,FALSE)","v":"2013-10-12"},{"$f":"VLOOKUP($A265,DATA2!$A$2:$S$607,14,FALSE)","v":"Yes"},{"$f":"IF(MATRIX2!D265=1,($Y$8-$X$2)/365*Table_Provincial_GTAC3536[[#This Row],[Adj.AnnualRental]]*MATRIX2!D265,($Y$8-$X$2)/365*Table_Provincial_GTAC3536[[#This Row],[Adj.AnnualRental]])","v":139458.62820821916},{"$f":"(Table_Provincial_GTAC3536[[#This Row],[Adj.AnnualRental]]*(1+$I265)^(2))","v":494771.32115712005},{"$f":"(Table_Provincial_GTAC3536[[#This Row],[Adj.AnnualRental]]*(1+$I265)^(3))","v":534353.02684968966},{"$f":"(Table_Provincial_GTAC3536[[#This Row],[Adj.AnnualRental]]*(1+$I265)^(4))","v":577101.26899766491},{"$f":"(Table_Provincial_GTAC3536[[#This Row],[Adj.AnnualRental]]*(1+$I265)^(5))","v":623269.37051747809},{"$f":"(Table_Provincial_GTAC3536[[#This Row],[Adj.AnnualRental]]*(1+$I265)^(6))","v":673130.92015887646},{"$f":"(Table_Provincial_GTAC3536[[#This Row],[Adj.AnnualRental]]*(1+$I265)^(7))","v":726981.39377158659}]
[353,{"$f":"VLOOKUP($A266,DATA2!$A$2:$S$607,2,FALSE)","v":"LP"},{"$f":"VLOOKUP($A266,DATA2!$A$2:$S$607,3,FALSE)","v":"Limpopo"},{"$f":"VLOOKUP($A266,DATA2!$A$2:$S$607,4,FALSE)","v":72.270057273768614},{"$f":"VLOOKUP($A266,DATA2!$A$2:$S$607,5,FALSE)","v":96.67},{"$f":"VLOOKUP($A266,DATA2!$A$2:$S$607,6,FALSE)","v":"VTSD"},{"$f":"VLOOKUP($A266,DATA2!$A$2:$S$607,7,FALSE)","v":87.3},{"$f":"VLOOKUP($A266,DATA2!$A$2:$S$607,8,FALSE)","v":true},{"$f":"VLOOKUP($A266,DATA2!$A$2:$S$607,9,FALSE)","v":0},52116,{"$f":"VLOOKUP($A266,DATA2!$A$2:$S$607,10,FALSE)","v":6309.1760000000004},{"$f":"VLOOKUP($A266,DATA2!$A$2:$S$607,11,FALSE)","v":75710.111999999994},{"$f":"VLOOKUP($A266,DATA2!$A$2:$S$607,12,FALSE)","v":"2013-06-01"},{"$f":"VLOOKUP($A266,DATA2!$A$2:$S$607,13,FALSE)","v":"2013-11-30"},{"$f":"VLOOKUP($A266,DATA2!$A$2:$S$607,14,FALSE)","v":"Yes"},{"$f":"IF(MATRIX2!D266=1,($Y$8-$X$2)/365*Table_Provincial_GTAC3536[[#This Row],[Adj.AnnualRental]]*MATRIX2!D266,($Y$8-$X$2)/365*Table_Provincial_GTAC3536[[#This Row],[Adj.AnnualRental]])","v":24890.995726027395},{"$f":"(Table_Provincial_GTAC3536[[#This Row],[Adj.AnnualRental]]*(1+$I266)^(2))","v":75710.111999999994},{"$f":"(Table_Provincial_GTAC3536[[#This Row],[Adj.AnnualRental]]*(1+$I266)^(3))","v":75710.111999999994},{"$f":"(Table_Provincial_GTAC3536[[#This Row],[Adj.AnnualRental]]*(1+$I266)^(4))","v":75710.111999999994},{"$f":"(Table_Provincial_GTAC3536[[#This Row],[Adj.AnnualRental]]*(1+$I266)^(5))","v":75710.111999999994},{"$f":"(Table_Provincial_GTAC3536[[#This Row],[Adj.AnnualRental]]*(1+$I266)^(6))","v":75710.111999999994},{"$f":"(Table_Provincial_GTAC3536[[#This Row],[Adj.AnnualRental]]*(1+$I266)^(7))","v":75710.111999999994}]
[354,{"$f":"VLOOKUP($A267,DATA2!$A$2:$S$607,2,FALSE)","v":"LP"},{"$f":"VLOOKUP($A267,DATA2!$A$2:$S$607,3,FALSE)","v":"Limpopo"},{"$f":"VLOOKUP($A267,DATA2!$A$2:$S$607,4,FALSE)","v":207.5517736385398},{"$f":"VLOOKUP($A267,DATA2!$A$2:$S$607,5,FALSE)","v":96.67},{"$f":"VLOOKUP($A267,DATA2!$A$2:$S$607,6,FALSE)","v":"CBD"},{"$f":"VLOOKUP($A267,DATA2!$A$2:$S$607,7,FALSE)","v":13368},{"$f":"VLOOKUP($A267,DATA2!$A$2:$S$607,8,FALSE)","v":true},{"$f":"VLOOKUP($A267,DATA2!$A$2:$S$607,9,FALSE)","v":0.09},84529.53,{"$f":"VLOOKUP($A267,DATA2!$A$2:$S$607,10,FALSE)","v":2774552.11},{"$f":"VLOOKUP($A267,DATA2!$A$2:$S$607,11,FALSE)","v":33294625.32},{"$f":"VLOOKUP($A267,DATA2!$A$2:$S$607,12,FALSE)","v":"2009-05-01"},{"$f":"VLOOKUP($A267,DATA2!$A$2:$S$607,13,FALSE)","v":"2019-04-30"},{"$f":"VLOOKUP($A267,DATA2!$A$2:$S$607,14,FALSE)","v":"No"},{"$f":"IF(MATRIX2!D267=1,($Y$8-$X$2)/365*Table_Provincial_GTAC3536[[#This Row],[Adj.AnnualRental]]*MATRIX2!D267,($Y$8-$X$2)/365*Table_Provincial_GTAC3536[[#This Row],[Adj.AnnualRental]])","v":10946178.18739726},{"$f":"(Table_Provincial_GTAC3536[[#This Row],[Adj.AnnualRental]]*(1+$I267)^(2))","v":39557344.342692003},{"$f":"(Table_Provincial_GTAC3536[[#This Row],[Adj.AnnualRental]]*(1+$I267)^(3))","v":43117505.333534285},{"$f":"(Table_Provincial_GTAC3536[[#This Row],[Adj.AnnualRental]]*(1+$I267)^(4))","v":46998080.813552372},{"$f":"(Table_Provincial_GTAC3536[[#This Row],[Adj.AnnualRental]]*(1+$I267)^(5))","v":51227908.086772092},{"$f":"(Table_Provincial_GTAC3536[[#This Row],[Adj.AnnualRental]]*(1+$I267)^(6))","v":55838419.814581588},{"$f":"(Table_Provincial_GTAC3536[[#This Row],[Adj.AnnualRental]]*(1+$I267)^(7))","v":60863877.597893924}]
[355,{"$f":"VLOOKUP($A268,DATA2!$A$2:$S$607,2,FALSE)","v":"LP"},{"$f":"VLOOKUP($A268,DATA2!$A$2:$S$607,3,FALSE)","v":"Limpopo"},{"$f":"VLOOKUP($A268,DATA2!$A$2:$S$607,4,FALSE)","v":90.5},{"$f":"VLOOKUP($A268,DATA2!$A$2:$S$607,5,FALSE)","v":96.67},{"$f":"VLOOKUP($A268,DATA2!$A$2:$S$607,6,FALSE)","v":"VTSD"},{"$f":"VLOOKUP($A268,DATA2!$A$2:$S$607,7,FALSE)","v":453},{"$f":"VLOOKUP($A268,DATA2!$A$2:$S$607,8,FALSE)","v":true},{"$f":"VLOOKUP($A268,DATA2!$A$2:$S$607,9,FALSE)","v":0},3535907.04,{"$f":"VLOOKUP($A268,DATA2!$A$2:$S$607,10,FALSE)","v":40996.5},{"$f":"VLOOKUP($A268,DATA2!$A$2:$S$607,11,FALSE)","v":491958},{"$f":"VLOOKUP($A268,DATA2!$A$2:$S$607,12,FALSE)","v":"2015-01-04"},{"$f":"VLOOKUP($A268,DATA2!$A$2:$S$607,13,FALSE)","v":"2015-09-30"},{"$f":"VLOOKUP($A268,DATA2!$A$2:$S$607,14,FALSE)","v":"Yes"},{"$f":"IF(MATRIX2!D268=1,($Y$8-$X$2)/365*Table_Provincial_GTAC3536[[#This Row],[Adj.AnnualRental]]*MATRIX2!D268,($Y$8-$X$2)/365*Table_Provincial_GTAC3536[[#This Row],[Adj.AnnualRental]])","v":161739.61643835614},{"$f":"(Table_Provincial_GTAC3536[[#This Row],[Adj.AnnualRental]]*(1+$I268)^(2))","v":491958},{"$f":"(Table_Provincial_GTAC3536[[#This Row],[Adj.AnnualRental]]*(1+$I268)^(3))","v":491958},{"$f":"(Table_Provincial_GTAC3536[[#This Row],[Adj.AnnualRental]]*(1+$I268)^(4))","v":491958},{"$f":"(Table_Provincial_GTAC3536[[#This Row],[Adj.AnnualRental]]*(1+$I268)^(5))","v":491958},{"$f":"(Table_Provincial_GTAC3536[[#This Row],[Adj.AnnualRental]]*(1+$I268)^(6))","v":491958},{"$f":"(Table_Provincial_GTAC3536[[#This Row],[Adj.AnnualRental]]*(1+$I268)^(7))","v":491958}]
[356,{"$f":"VLOOKUP($A269,DATA2!$A$2:$S$607,2,FALSE)","v":"LP"},{"$f":"VLOOKUP($A269,DATA2!$A$2:$S$607,3,FALSE)","v":"Limpopo"},{"$f":"VLOOKUP($A269,DATA2!$A$2:$S$607,4,FALSE)","v":180.50940824468086},{"$f":"VLOOKUP($A269,DATA2!$A$2:$S$607,5,FALSE)","v":96.67},{"$f":"VLOOKUP($A269,DATA2!$A$2:$S$607,6,FALSE)","v":"VTSD"},{"$f":"VLOOKUP($A269,DATA2!$A$2:$S$607,7,FALSE)","v":1504},{"$f":"VLOOKUP($A269,DATA2!$A$2:$S$607,8,FALSE)","v":true},{"$f":"VLOOKUP($A269,DATA2!$A$2:$S$607,9,FALSE)","v":0.09},40821,{"$f":"VLOOKUP($A269,DATA2!$A$2:$S$607,10,FALSE)","v":271486.15000000002},{"$f":"VLOOKUP($A269,DATA2!$A$2:$S$607,11,FALSE)","v":3257833.8},{"$f":"VLOOKUP($A269,DATA2!$A$2:$S$607,12,FALSE)","v":"2010-12-19"},{"$f":"VLOOKUP($A269,DATA2!$A$2:$S$607,13,FALSE)","v":"2020-12-18"},{"$f":"VLOOKUP($A269,DATA2!$A$2:$S$607,14,FALSE)","v":"No"},{"$f":"IF(MATRIX2!D269=1,($Y$8-$X$2)/365*Table_Provincial_GTAC3536[[#This Row],[Adj.AnnualRental]]*MATRIX2!D269,($Y$8-$X$2)/365*Table_Provincial_GTAC3536[[#This Row],[Adj.AnnualRental]])","v":1071068.6465753424},{"$f":"(Table_Provincial_GTAC3536[[#This Row],[Adj.AnnualRental]]*(1+$I269)^(2))","v":3870632.3377800002},{"$f":"(Table_Provincial_GTAC3536[[#This Row],[Adj.AnnualRental]]*(1+$I269)^(3))","v":4218989.2481802003},{"$f":"(Table_Provincial_GTAC3536[[#This Row],[Adj.AnnualRental]]*(1+$I269)^(4))","v":4598698.2805164186},{"$f":"(Table_Provincial_GTAC3536[[#This Row],[Adj.AnnualRental]]*(1+$I269)^(5))","v":5012581.1257628966},{"$f":"(Table_Provincial_GTAC3536[[#This Row],[Adj.AnnualRental]]*(1+$I269)^(6))","v":5463713.4270815579},{"$f":"(Table_Provincial_GTAC3536[[#This Row],[Adj.AnnualRental]]*(1+$I269)^(7))","v":5955447.6355188983}]
[357,{"$f":"VLOOKUP($A270,DATA2!$A$2:$S$607,2,FALSE)","v":"LP"},{"$f":"VLOOKUP($A270,DATA2!$A$2:$S$607,3,FALSE)","v":"Limpopo"},{"$f":"VLOOKUP($A270,DATA2!$A$2:$S$607,4,FALSE)","v":76.165502958579879},{"$f":"VLOOKUP($A270,DATA2!$A$2:$S$607,5,FALSE)","v":96.67},{"$f":"VLOOKUP($A270,DATA2!$A$2:$S$607,6,FALSE)","v":"VTSD"},{"$f":"VLOOKUP($A270,DATA2!$A$2:$S$607,7,FALSE)","v":845},{"$f":"VLOOKUP($A270,DATA2!$A$2:$S$607,8,FALSE)","v":true},{"$f":"VLOOKUP($A270,DATA2!$A$2:$S$607,9,FALSE)","v":0},7241.54,{"$f":"VLOOKUP($A270,DATA2!$A$2:$S$607,10,FALSE)","v":64359.85},{"$f":"VLOOKUP($A270,DATA2!$A$2:$S$607,11,FALSE)","v":772318.2},{"$f":"VLOOKUP($A270,DATA2!$A$2:$S$607,12,FALSE)","v":"2014-01-12"},{"$f":"VLOOKUP($A270,DATA2!$A$2:$S$607,13,FALSE)","v":"2015-05-31"},{"$f":"VLOOKUP($A270,DATA2!$A$2:$S$607,14,FALSE)","v":"Yes"},{"$f":"IF(MATRIX2!D270=1,($Y$8-$X$2)/365*Table_Provincial_GTAC3536[[#This Row],[Adj.AnnualRental]]*MATRIX2!D270,($Y$8-$X$2)/365*Table_Provincial_GTAC3536[[#This Row],[Adj.AnnualRental]])","v":253912.83287671229},{"$f":"(Table_Provincial_GTAC3536[[#This Row],[Adj.AnnualRental]]*(1+$I270)^(2))","v":772318.2},{"$f":"(Table_Provincial_GTAC3536[[#This Row],[Adj.AnnualRental]]*(1+$I270)^(3))","v":772318.2},{"$f":"(Table_Provincial_GTAC3536[[#This Row],[Adj.AnnualRental]]*(1+$I270)^(4))","v":772318.2},{"$f":"(Table_Provincial_GTAC3536[[#This Row],[Adj.AnnualRental]]*(1+$I270)^(5))","v":772318.2},{"$f":"(Table_Provincial_GTAC3536[[#This Row],[Adj.AnnualRental]]*(1+$I270)^(6))","v":772318.2},{"$f":"(Table_Provincial_GTAC3536[[#This Row],[Adj.AnnualRental]]*(1+$I270)^(7))","v":772318.2}]
[358,{"$f":"VLOOKUP($A271,DATA2!$A$2:$S$607,2,FALSE)","v":"LP"},{"$f":"VLOOKUP($A271,DATA2!$A$2:$S$607,3,FALSE)","v":"Limpopo"},{"$f":"VLOOKUP($A271,DATA2!$A$2:$S$607,4,FALSE)","v":122.70000560067207},{"$f":"VLOOKUP($A271,DATA2!$A$2:$S$607,5,FALSE)","v":96.67},{"$f":"VLOOKUP($A271,DATA2!$A$2:$S$607,6,FALSE)","v":"VTSD"},{"$f":"VLOOKUP($A271,DATA2!$A$2:$S$607,7,FALSE)","v":714.2},{"$f":"VLOOKUP($A271,DATA2!$A$2:$S$607,8,FALSE)","v":true},{"$f":"VLOOKUP($A271,DATA2!$A$2:$S$607,9,FALSE)","v":0},2917322.35,{"$f":"VLOOKUP($A271,DATA2!$A$2:$S$607,10,FALSE)","v":87632.343999999997},{"$f":"VLOOKUP($A271,DATA2!$A$2:$S$607,11,FALSE)","v":1051588.128},{"$f":"VLOOKUP($A271,DATA2!$A$2:$S$607,12,FALSE)","v":"2014-01-11"},{"$f":"VLOOKUP($A271,DATA2!$A$2:$S$607,13,FALSE)","v":"2015-04-30"},{"$f":"VLOOKUP($A271,DATA2!$A$2:$S$607,14,FALSE)","v":"Yes"},{"$f":"IF(MATRIX2!D271=1,($Y$8-$X$2)/365*Table_Provincial_GTAC3536[[#This Row],[Adj.AnnualRental]]*MATRIX2!D271,($Y$8-$X$2)/365*Table_Provincial_GTAC3536[[#This Row],[Adj.AnnualRental]])","v":345727.60372602736},{"$f":"(Table_Provincial_GTAC3536[[#This Row],[Adj.AnnualRental]]*(1+$I271)^(2))","v":1051588.128},{"$f":"(Table_Provincial_GTAC3536[[#This Row],[Adj.AnnualRental]]*(1+$I271)^(3))","v":1051588.128},{"$f":"(Table_Provincial_GTAC3536[[#This Row],[Adj.AnnualRental]]*(1+$I271)^(4))","v":1051588.128},{"$f":"(Table_Provincial_GTAC3536[[#This Row],[Adj.AnnualRental]]*(1+$I271)^(5))","v":1051588.128},{"$f":"(Table_Provincial_GTAC3536[[#This Row],[Adj.AnnualRental]]*(1+$I271)^(6))","v":1051588.128},{"$f":"(Table_Provincial_GTAC3536[[#This Row],[Adj.AnnualRental]]*(1+$I271)^(7))","v":1051588.128}]
[359,{"$f":"VLOOKUP($A272,DATA2!$A$2:$S$607,2,FALSE)","v":"LP"},{"$f":"VLOOKUP($A272,DATA2!$A$2:$S$607,3,FALSE)","v":"Limpopo"},{"$f":"VLOOKUP($A272,DATA2!$A$2:$S$607,4,FALSE)","v":95.18315654952076},{"$f":"VLOOKUP($A272,DATA2!$A$2:$S$607,5,FALSE)","v":96.67},{"$f":"VLOOKUP($A272,DATA2!$A$2:$S$607,6,FALSE)","v":"CBD"},{"$f":"VLOOKUP($A272,DATA2!$A$2:$S$607,7,FALSE)","v":1565},{"$f":"VLOOKUP($A272,DATA2!$A$2:$S$607,8,FALSE)","v":true},{"$f":"VLOOKUP($A272,DATA2!$A$2:$S$607,9,FALSE)","v":0},45834.54,{"$f":"VLOOKUP($A272,DATA2!$A$2:$S$607,10,FALSE)","v":148961.64000000001},{"$f":"VLOOKUP($A272,DATA2!$A$2:$S$607,11,FALSE)","v":1787539.68},{"$f":"VLOOKUP($A272,DATA2!$A$2:$S$607,12,FALSE)","v":"2015-01-02"},{"$f":"VLOOKUP($A272,DATA2!$A$2:$S$607,13,FALSE)","v":"2015-07-31"},{"$f":"VLOOKUP($A272,DATA2!$A$2:$S$607,14,FALSE)","v":"Yes"},{"$f":"IF(MATRIX2!D272=1,($Y$8-$X$2)/365*Table_Provincial_GTAC3536[[#This Row],[Adj.AnnualRental]]*MATRIX2!D272,($Y$8-$X$2)/365*Table_Provincial_GTAC3536[[#This Row],[Adj.AnnualRental]])","v":587684.27835616434},{"$f":"(Table_Provincial_GTAC3536[[#This Row],[Adj.AnnualRental]]*(1+$I272)^(2))","v":1787539.68},{"$f":"(Table_Provincial_GTAC3536[[#This Row],[Adj.AnnualRental]]*(1+$I272)^(3))","v":1787539.68},{"$f":"(Table_Provincial_GTAC3536[[#This Row],[Adj.AnnualRental]]*(1+$I272)^(4))","v":1787539.68},{"$f":"(Table_Provincial_GTAC3536[[#This Row],[Adj.AnnualRental]]*(1+$I272)^(5))","v":1787539.68},{"$f":"(Table_Provincial_GTAC3536[[#This Row],[Adj.AnnualRental]]*(1+$I272)^(6))","v":1787539.68},{"$f":"(Table_Provincial_GTAC3536[[#This Row],[Adj.AnnualRental]]*(1+$I272)^(7))","v":1787539.68}]
[360,{"$f":"VLOOKUP($A273,DATA2!$A$2:$S$607,2,FALSE)","v":"LP"},{"$f":"VLOOKUP($A273,DATA2!$A$2:$S$607,3,FALSE)","v":"Limpopo"},{"$f":"VLOOKUP($A273,DATA2!$A$2:$S$607,4,FALSE)","v":88.162105263157898},{"$f":"VLOOKUP($A273,DATA2!$A$2:$S$607,5,FALSE)","v":96.67},{"$f":"VLOOKUP($A273,DATA2!$A$2:$S$607,6,FALSE)","v":"CBD"},{"$f":"VLOOKUP($A273,DATA2!$A$2:$S$607,7,FALSE)","v":1900},{"$f":"VLOOKUP($A273,DATA2!$A$2:$S$607,8,FALSE)","v":true},{"$f":"VLOOKUP($A273,DATA2!$A$2:$S$607,9,FALSE)","v":0},287548.87,{"$f":"VLOOKUP($A273,DATA2!$A$2:$S$607,10,FALSE)","v":167508},{"$f":"VLOOKUP($A273,DATA2!$A$2:$S$607,11,FALSE)","v":2010096},{"$f":"VLOOKUP($A273,DATA2!$A$2:$S$607,12,FALSE)","v":"2015-01-04"},{"$f":"VLOOKUP($A273,DATA2!$A$2:$S$607,13,FALSE)","v":"2015-09-30"},{"$f":"VLOOKUP($A273,DATA2!$A$2:$S$607,14,FALSE)","v":"Yes"},{"$f":"IF(MATRIX2!D273=1,($Y$8-$X$2)/365*Table_Provincial_GTAC3536[[#This Row],[Adj.AnnualRental]]*MATRIX2!D273,($Y$8-$X$2)/365*Table_Provincial_GTAC3536[[#This Row],[Adj.AnnualRental]])","v":660853.47945205471},{"$f":"(Table_Provincial_GTAC3536[[#This Row],[Adj.AnnualRental]]*(1+$I273)^(2))","v":2010096},{"$f":"(Table_Provincial_GTAC3536[[#This Row],[Adj.AnnualRental]]*(1+$I273)^(3))","v":2010096},{"$f":"(Table_Provincial_GTAC3536[[#This Row],[Adj.AnnualRental]]*(1+$I273)^(4))","v":2010096},{"$f":"(Table_Provincial_GTAC3536[[#This Row],[Adj.AnnualRental]]*(1+$I273)^(5))","v":2010096},{"$f":"(Table_Provincial_GTAC3536[[#This Row],[Adj.AnnualRental]]*(1+$I273)^(6))","v":2010096},{"$f":"(Table_Provincial_GTAC3536[[#This Row],[Adj.AnnualRental]]*(1+$I273)^(7))","v":2010096}]
[361,{"$f":"VLOOKUP($A274,DATA2!$A$2:$S$607,2,FALSE)","v":"LP"},{"$f":"VLOOKUP($A274,DATA2!$A$2:$S$607,3,FALSE)","v":"Limpopo"},{"$f":"VLOOKUP($A274,DATA2!$A$2:$S$607,4,FALSE)","v":94.009615987460819},{"$f":"VLOOKUP($A274,DATA2!$A$2:$S$607,5,FALSE)","v":96.67},{"$f":"VLOOKUP($A274,DATA2!$A$2:$S$607,6,FALSE)","v":"VTSD"},{"$f":"VLOOKUP($A274,DATA2!$A$2:$S$607,7,FALSE)","v":765.6},{"$f":"VLOOKUP($A274,DATA2!$A$2:$S$607,8,FALSE)","v":true},{"$f":"VLOOKUP($A274,DATA2!$A$2:$S$607,9,FALSE)","v":0.08},73384.45,{"$f":"VLOOKUP($A274,DATA2!$A$2:$S$607,10,FALSE)","v":71973.762000000002},{"$f":"VLOOKUP($A274,DATA2!$A$2:$S$607,11,FALSE)","v":863685.14399999997},{"$f":"VLOOKUP($A274,DATA2!$A$2:$S$607,12,FALSE)","v":"2010-03-03"},{"$f":"VLOOKUP($A274,DATA2!$A$2:$S$607,13,FALSE)","v":"2015-02-03"},{"$f":"VLOOKUP($A274,DATA2!$A$2:$S$607,14,FALSE)","v":"Yes"},{"$f":"IF(MATRIX2!D274=1,($Y$8-$X$2)/365*Table_Provincial_GTAC3536[[#This Row],[Adj.AnnualRental]]*MATRIX2!D274,($Y$8-$X$2)/365*Table_Provincial_GTAC3536[[#This Row],[Adj.AnnualRental]])","v":283951.28021917806},{"$f":"(Table_Provincial_GTAC3536[[#This Row],[Adj.AnnualRental]]*(1+$I274)^(2))","v":1007402.3519616},{"$f":"(Table_Provincial_GTAC3536[[#This Row],[Adj.AnnualRental]]*(1+$I274)^(3))","v":1087994.5401185281},{"$f":"(Table_Provincial_GTAC3536[[#This Row],[Adj.AnnualRental]]*(1+$I274)^(4))","v":1175034.1033280105},{"$f":"(Table_Provincial_GTAC3536[[#This Row],[Adj.AnnualRental]]*(1+$I274)^(5))","v":1269036.8315942513},{"$f":"(Table_Provincial_GTAC3536[[#This Row],[Adj.AnnualRental]]*(1+$I274)^(6))","v":1370559.7781217915},{"$f":"(Table_Provincial_GTAC3536[[#This Row],[Adj.AnnualRental]]*(1+$I274)^(7))","v":1480204.5603715349}]
[363,{"$f":"VLOOKUP($A275,DATA2!$A$2:$S$607,2,FALSE)","v":"LP"},{"$f":"VLOOKUP($A275,DATA2!$A$2:$S$607,3,FALSE)","v":"Limpopo"},{"$f":"VLOOKUP($A275,DATA2!$A$2:$S$607,4,FALSE)","v":91.420709751689429},{"$f":"VLOOKUP($A275,DATA2!$A$2:$S$607,5,FALSE)","v":96.67},{"$f":"VLOOKUP($A275,DATA2!$A$2:$S$607,6,FALSE)","v":"VTSD"},{"$f":"VLOOKUP($A275,DATA2!$A$2:$S$607,7,FALSE)","v":3413.87},{"$f":"VLOOKUP($A275,DATA2!$A$2:$S$607,8,FALSE)","v":true},{"$f":"VLOOKUP($A275,DATA2!$A$2:$S$607,9,FALSE)","v":0},95260,{"$f":"VLOOKUP($A275,DATA2!$A$2:$S$607,10,FALSE)","v":312098.41840000002},{"$f":"VLOOKUP($A275,DATA2!$A$2:$S$607,11,FALSE)","v":3745181.0208000001},{"$f":"VLOOKUP($A275,DATA2!$A$2:$S$607,12,FALSE)","v":"2015-01-02"},{"$f":"VLOOKUP($A275,DATA2!$A$2:$S$607,13,FALSE)","v":"2015-07-31"},{"$f":"VLOOKUP($A275,DATA2!$A$2:$S$607,14,FALSE)","v":"Yes"},{"$f":"IF(MATRIX2!D275=1,($Y$8-$X$2)/365*Table_Provincial_GTAC3536[[#This Row],[Adj.AnnualRental]]*MATRIX2!D275,($Y$8-$X$2)/365*Table_Provincial_GTAC3536[[#This Row],[Adj.AnnualRental]])","v":1231292.3903999999},{"$f":"(Table_Provincial_GTAC3536[[#This Row],[Adj.AnnualRental]]*(1+$I275)^(2))","v":3745181.0208000001},{"$f":"(Table_Provincial_GTAC3536[[#This Row],[Adj.AnnualRental]]*(1+$I275)^(3))","v":3745181.0208000001},{"$f":"(Table_Provincial_GTAC3536[[#This Row],[Adj.AnnualRental]]*(1+$I275)^(4))","v":3745181.0208000001},{"$f":"(Table_Provincial_GTAC3536[[#This Row],[Adj.AnnualRental]]*(1+$I275)^(5))","v":3745181.0208000001},{"$f":"(Table_Provincial_GTAC3536[[#This Row],[Adj.AnnualRental]]*(1+$I275)^(6))","v":3745181.0208000001},{"$f":"(Table_Provincial_GTAC3536[[#This Row],[Adj.AnnualRental]]*(1+$I275)^(7))","v":3745181.0208000001}]
[365,{"$f":"VLOOKUP($A276,DATA2!$A$2:$S$607,2,FALSE)","v":"LP"},{"$f":"VLOOKUP($A276,DATA2!$A$2:$S$607,3,FALSE)","v":"Limpopo"},{"$f":"VLOOKUP($A276,DATA2!$A$2:$S$607,4,FALSE)","v":88.782382445141067},{"$f":"VLOOKUP($A276,DATA2!$A$2:$S$607,5,FALSE)","v":96.67},{"$f":"VLOOKUP($A276,DATA2!$A$2:$S$607,6,FALSE)","v":"VTSD"},{"$f":"VLOOKUP($A276,DATA2!$A$2:$S$607,7,FALSE)","v":765.6},{"$f":"VLOOKUP($A276,DATA2!$A$2:$S$607,8,FALSE)","v":true},{"$f":"VLOOKUP($A276,DATA2!$A$2:$S$607,9,FALSE)","v":0.08},165675.84,{"$f":"VLOOKUP($A276,DATA2!$A$2:$S$607,10,FALSE)","v":67971.792000000001},{"$f":"VLOOKUP($A276,DATA2!$A$2:$S$607,11,FALSE)","v":815661.50399999996},{"$f":"VLOOKUP($A276,DATA2!$A$2:$S$607,12,FALSE)","v":"2013-05-11"},{"$f":"VLOOKUP($A276,DATA2!$A$2:$S$607,13,FALSE)","v":"2014-11-04"},{"$f":"VLOOKUP($A276,DATA2!$A$2:$S$607,14,FALSE)","v":"Yes"},{"$f":"IF(MATRIX2!D276=1,($Y$8-$X$2)/365*Table_Provincial_GTAC3536[[#This Row],[Adj.AnnualRental]]*MATRIX2!D276,($Y$8-$X$2)/365*Table_Provincial_GTAC3536[[#This Row],[Adj.AnnualRental]])","v":268162.68624657532},{"$f":"(Table_Provincial_GTAC3536[[#This Row],[Adj.AnnualRental]]*(1+$I276)^(2))","v":951387.57826560002},{"$f":"(Table_Provincial_GTAC3536[[#This Row],[Adj.AnnualRental]]*(1+$I276)^(3))","v":1027498.584526848},{"$f":"(Table_Provincial_GTAC3536[[#This Row],[Adj.AnnualRental]]*(1+$I276)^(4))","v":1109698.4712889961},{"$f":"(Table_Provincial_GTAC3536[[#This Row],[Adj.AnnualRental]]*(1+$I276)^(5))","v":1198474.3489921158},{"$f":"(Table_Provincial_GTAC3536[[#This Row],[Adj.AnnualRental]]*(1+$I276)^(6))","v":1294352.296911485},{"$f":"(Table_Provincial_GTAC3536[[#This Row],[Adj.AnnualRental]]*(1+$I276)^(7))","v":1397900.4806644039}]
[366,{"$f":"VLOOKUP($A277,DATA2!$A$2:$S$607,2,FALSE)","v":"LP"},{"$f":"VLOOKUP($A277,DATA2!$A$2:$S$607,3,FALSE)","v":"Limpopo"},{"$f":"VLOOKUP($A277,DATA2!$A$2:$S$607,4,FALSE)","v":92.474094827586214},{"$f":"VLOOKUP($A277,DATA2!$A$2:$S$607,5,FALSE)","v":96.67},{"$f":"VLOOKUP($A277,DATA2!$A$2:$S$607,6,FALSE)","v":"VTSD"},{"$f":"VLOOKUP($A277,DATA2!$A$2:$S$607,7,FALSE)","v":204.16},{"$f":"VLOOKUP($A277,DATA2!$A$2:$S$607,8,FALSE)","v":true},{"$f":"VLOOKUP($A277,DATA2!$A$2:$S$607,9,FALSE)","v":0.08},187800,{"$f":"VLOOKUP($A277,DATA2!$A$2:$S$607,10,FALSE)","v":18879.511200000001},{"$f":"VLOOKUP($A277,DATA2!$A$2:$S$607,11,FALSE)","v":226554.13440000001},{"$f":"VLOOKUP($A277,DATA2!$A$2:$S$607,12,FALSE)","v":"2010-06-01"},{"$f":"VLOOKUP($A277,DATA2!$A$2:$S$607,13,FALSE)","v":"2015-05-31"},{"$f":"VLOOKUP($A277,DATA2!$A$2:$S$607,14,FALSE)","v":"Yes"},{"$f":"IF(MATRIX2!D277=1,($Y$8-$X$2)/365*Table_Provincial_GTAC3536[[#This Row],[Adj.AnnualRental]]*MATRIX2!D277,($Y$8-$X$2)/365*Table_Provincial_GTAC3536[[#This Row],[Adj.AnnualRental]])","v":74483.55103561643},{"$f":"(Table_Provincial_GTAC3536[[#This Row],[Adj.AnnualRental]]*(1+$I277)^(2))","v":264252.74236416002},{"$f":"(Table_Provincial_GTAC3536[[#This Row],[Adj.AnnualRental]]*(1+$I277)^(3))","v":285392.96175329282},{"$f":"(Table_Provincial_GTAC3536[[#This Row],[Adj.AnnualRental]]*(1+$I277)^(4))","v":308224.39869355632},{"$f":"(Table_Provincial_GTAC3536[[#This Row],[Adj.AnnualRental]]*(1+$I277)^(5))","v":332882.35058904078},{"$f":"(Table_Provincial_GTAC3536[[#This Row],[Adj.AnnualRental]]*(1+$I277)^(6))","v":359512.93863616412},{"$f":"(Table_Provincial_GTAC3536[[#This Row],[Adj.AnnualRental]]*(1+$I277)^(7))","v":388273.97372705728}]
[367,{"$f":"VLOOKUP($A278,DATA2!$A$2:$S$607,2,FALSE)","v":"LP"},{"$f":"VLOOKUP($A278,DATA2!$A$2:$S$607,3,FALSE)","v":"Limpopo"},{"$f":"VLOOKUP($A278,DATA2!$A$2:$S$607,4,FALSE)","v":92.953383439408952},{"$f":"VLOOKUP($A278,DATA2!$A$2:$S$607,5,FALSE)","v":96.67},{"$f":"VLOOKUP($A278,DATA2!$A$2:$S$607,6,FALSE)","v":"VTSD"},{"$f":"VLOOKUP($A278,DATA2!$A$2:$S$607,7,FALSE)","v":312.67},{"$f":"VLOOKUP($A278,DATA2!$A$2:$S$607,8,FALSE)","v":true},{"$f":"VLOOKUP($A278,DATA2!$A$2:$S$607,9,FALSE)","v":5.5E-2},80150.37,{"$f":"VLOOKUP($A278,DATA2!$A$2:$S$607,10,FALSE)","v":29063.734400000001},{"$f":"VLOOKUP($A278,DATA2!$A$2:$S$607,11,FALSE)","v":348764.81280000001},{"$f":"VLOOKUP($A278,DATA2!$A$2:$S$607,12,FALSE)","v":"2015-01-12"},{"$f":"VLOOKUP($A278,DATA2!$A$2:$S$607,13,FALSE)","v":"2018-11-30"},{"$f":"VLOOKUP($A278,DATA2!$A$2:$S$607,14,FALSE)","v":"No"},{"$f":"IF(MATRIX2!D278=1,($Y$8-$X$2)/365*Table_Provincial_GTAC3536[[#This Row],[Adj.AnnualRental]]*MATRIX2!D278,($Y$8-$X$2)/365*Table_Provincial_GTAC3536[[#This Row],[Adj.AnnualRental]])","v":114662.40420821917},{"$f":"(Table_Provincial_GTAC3536[[#This Row],[Adj.AnnualRental]]*(1+$I278)^(2))","v":388183.95576672},{"$f":"(Table_Provincial_GTAC3536[[#This Row],[Adj.AnnualRental]]*(1+$I278)^(3))","v":409534.07333388954},{"$f":"(Table_Provincial_GTAC3536[[#This Row],[Adj.AnnualRental]]*(1+$I278)^(4))","v":432058.44736725348},{"$f":"(Table_Provincial_GTAC3536[[#This Row],[Adj.AnnualRental]]*(1+$I278)^(5))","v":455821.66197245236},{"$f":"(Table_Provincial_GTAC3536[[#This Row],[Adj.AnnualRental]]*(1+$I278)^(6))","v":480891.85338093725},{"$f":"(Table_Provincial_GTAC3536[[#This Row],[Adj.AnnualRental]]*(1+$I278)^(7))","v":507340.90531688876}]
[368,{"$f":"VLOOKUP($A279,DATA2!$A$2:$S$607,2,FALSE)","v":"LP"},{"$f":"VLOOKUP($A279,DATA2!$A$2:$S$607,3,FALSE)","v":"Limpopo"},{"$f":"VLOOKUP($A279,DATA2!$A$2:$S$607,4,FALSE)","v":91.9200038622714},{"$f":"VLOOKUP($A279,DATA2!$A$2:$S$607,5,FALSE)","v":96.67},{"$f":"VLOOKUP($A279,DATA2!$A$2:$S$607,6,FALSE)","v":"VTSD"},{"$f":"VLOOKUP($A279,DATA2!$A$2:$S$607,7,FALSE)","v":517.83000000000004},{"$f":"VLOOKUP($A279,DATA2!$A$2:$S$607,8,FALSE)","v":true},{"$f":"VLOOKUP($A279,DATA2!$A$2:$S$607,9,FALSE)","v":0},348558.55,{"$f":"VLOOKUP($A279,DATA2!$A$2:$S$607,10,FALSE)","v":47598.935599999997},{"$f":"VLOOKUP($A279,DATA2!$A$2:$S$607,11,FALSE)","v":571187.22719999996},{"$f":"VLOOKUP($A279,DATA2!$A$2:$S$607,12,FALSE)","v":"2014-10-13"},{"$f":"VLOOKUP($A279,DATA2!$A$2:$S$607,13,FALSE)","v":"2015-12-04"},{"$f":"VLOOKUP($A279,DATA2!$A$2:$S$607,14,FALSE)","v":"Yes"},{"$f":"IF(MATRIX2!D279=1,($Y$8-$X$2)/365*Table_Provincial_GTAC3536[[#This Row],[Adj.AnnualRental]]*MATRIX2!D279,($Y$8-$X$2)/365*Table_Provincial_GTAC3536[[#This Row],[Adj.AnnualRental]])","v":187787.58154520547},{"$f":"(Table_Provincial_GTAC3536[[#This Row],[Adj.AnnualRental]]*(1+$I279)^(2))","v":571187.22719999996},{"$f":"(Table_Provincial_GTAC3536[[#This Row],[Adj.AnnualRental]]*(1+$I279)^(3))","v":571187.22719999996},{"$f":"(Table_Provincial_GTAC3536[[#This Row],[Adj.AnnualRental]]*(1+$I279)^(4))","v":571187.22719999996},{"$f":"(Table_Provincial_GTAC3536[[#This Row],[Adj.AnnualRental]]*(1+$I279)^(5))","v":571187.22719999996},{"$f":"(Table_Provincial_GTAC3536[[#This Row],[Adj.AnnualRental]]*(1+$I279)^(6))","v":571187.22719999996},{"$f":"(Table_Provincial_GTAC3536[[#This Row],[Adj.AnnualRental]]*(1+$I279)^(7))","v":571187.22719999996}]
[369,{"$f":"VLOOKUP($A280,DATA2!$A$2:$S$607,2,FALSE)","v":"LP"},{"$f":"VLOOKUP($A280,DATA2!$A$2:$S$607,3,FALSE)","v":"Limpopo"},{"$f":"VLOOKUP($A280,DATA2!$A$2:$S$607,4,FALSE)","v":64.967885218950826},{"$f":"VLOOKUP($A280,DATA2!$A$2:$S$607,5,FALSE)","v":96.67},{"$f":"VLOOKUP($A280,DATA2!$A$2:$S$607,6,FALSE)","v":"VTSD"},{"$f":"VLOOKUP($A280,DATA2!$A$2:$S$607,7,FALSE)","v":200.73},{"$f":"VLOOKUP($A280,DATA2!$A$2:$S$607,8,FALSE)","v":true},{"$f":"VLOOKUP($A280,DATA2!$A$2:$S$607,9,FALSE)","v":0},76148.399999999994,{"$f":"VLOOKUP($A280,DATA2!$A$2:$S$607,10,FALSE)","v":13041.0036},{"$f":"VLOOKUP($A280,DATA2!$A$2:$S$607,11,FALSE)","v":156492.04319999999},{"$f":"VLOOKUP($A280,DATA2!$A$2:$S$607,12,FALSE)","v":"2014-01-10"},{"$f":"VLOOKUP($A280,DATA2!$A$2:$S$607,13,FALSE)","v":"2015-03-31"},{"$f":"VLOOKUP($A280,DATA2!$A$2:$S$607,14,FALSE)","v":"Yes"},{"$f":"IF(MATRIX2!D280=1,($Y$8-$X$2)/365*Table_Provincial_GTAC3536[[#This Row],[Adj.AnnualRental]]*MATRIX2!D280,($Y$8-$X$2)/365*Table_Provincial_GTAC3536[[#This Row],[Adj.AnnualRental]])","v":51449.438860273964},{"$f":"(Table_Provincial_GTAC3536[[#This Row],[Adj.AnnualRental]]*(1+$I280)^(2))","v":156492.04319999999},{"$f":"(Table_Provincial_GTAC3536[[#This Row],[Adj.AnnualRental]]*(1+$I280)^(3))","v":156492.04319999999},{"$f":"(Table_Provincial_GTAC3536[[#This Row],[Adj.AnnualRental]]*(1+$I280)^(4))","v":156492.04319999999},{"$f":"(Table_Provincial_GTAC3536[[#This Row],[Adj.AnnualRental]]*(1+$I280)^(5))","v":156492.04319999999},{"$f":"(Table_Provincial_GTAC3536[[#This Row],[Adj.AnnualRental]]*(1+$I280)^(6))","v":156492.04319999999},{"$f":"(Table_Provincial_GTAC3536[[#This Row],[Adj.AnnualRental]]*(1+$I280)^(7))","v":156492.04319999999}]
[371,{"$f":"VLOOKUP($A281,DATA2!$A$2:$S$607,2,FALSE)","v":"LP"},{"$f":"VLOOKUP($A281,DATA2!$A$2:$S$607,3,FALSE)","v":"Limpopo"},{"$f":"VLOOKUP($A281,DATA2!$A$2:$S$607,4,FALSE)","v":126.73385525204166},{"$f":"VLOOKUP($A281,DATA2!$A$2:$S$607,5,FALSE)","v":96.67},{"$f":"VLOOKUP($A281,DATA2!$A$2:$S$607,6,FALSE)","v":"VTSD"},{"$f":"VLOOKUP($A281,DATA2!$A$2:$S$607,7,FALSE)","v":710.2},{"$f":"VLOOKUP($A281,DATA2!$A$2:$S$607,8,FALSE)","v":true},{"$f":"VLOOKUP($A281,DATA2!$A$2:$S$607,9,FALSE)","v":0.08},21059.94,{"$f":"VLOOKUP($A281,DATA2!$A$2:$S$607,10,FALSE)","v":90006.384000000005},{"$f":"VLOOKUP($A281,DATA2!$A$2:$S$607,11,FALSE)","v":1080076.608},{"$f":"VLOOKUP($A281,DATA2!$A$2:$S$607,12,FALSE)","v":"2014-04-01"},{"$f":"VLOOKUP($A281,DATA2!$A$2:$S$607,13,FALSE)","v":"2020-03-31"},{"$f":"VLOOKUP($A281,DATA2!$A$2:$S$607,14,FALSE)","v":"No"},{"$f":"IF(MATRIX2!D281=1,($Y$8-$X$2)/365*Table_Provincial_GTAC3536[[#This Row],[Adj.AnnualRental]]*MATRIX2!D281,($Y$8-$X$2)/365*Table_Provincial_GTAC3536[[#This Row],[Adj.AnnualRental]])","v":355093.67934246571},{"$f":"(Table_Provincial_GTAC3536[[#This Row],[Adj.AnnualRental]]*(1+$I281)^(2))","v":1259801.3555712001},{"$f":"(Table_Provincial_GTAC3536[[#This Row],[Adj.AnnualRental]]*(1+$I281)^(3))","v":1360585.4640168962},{"$f":"(Table_Provincial_GTAC3536[[#This Row],[Adj.AnnualRental]]*(1+$I281)^(4))","v":1469432.3011382481},{"$f":"(Table_Provincial_GTAC3536[[#This Row],[Adj.AnnualRental]]*(1+$I281)^(5))","v":1586986.8852293079},{"$f":"(Table_Provincial_GTAC3536[[#This Row],[Adj.AnnualRental]]*(1+$I281)^(6))","v":1713945.8360476526},{"$f":"(Table_Provincial_GTAC3536[[#This Row],[Adj.AnnualRental]]*(1+$I281)^(7))","v":1851061.5029314649}]
[372,{"$f":"VLOOKUP($A282,DATA2!$A$2:$S$607,2,FALSE)","v":"LP"},{"$f":"VLOOKUP($A282,DATA2!$A$2:$S$607,3,FALSE)","v":"Limpopo"},{"$f":"VLOOKUP($A282,DATA2!$A$2:$S$607,4,FALSE)","v":118.36799999999999},{"$f":"VLOOKUP($A282,DATA2!$A$2:$S$607,5,FALSE)","v":96.67},{"$f":"VLOOKUP($A282,DATA2!$A$2:$S$607,6,FALSE)","v":"VTSD"},{"$f":"VLOOKUP($A282,DATA2!$A$2:$S$607,7,FALSE)","v":900},{"$f":"VLOOKUP($A282,DATA2!$A$2:$S$607,8,FALSE)","v":true},{"$f":"VLOOKUP($A282,DATA2!$A$2:$S$607,9,FALSE)","v":0},32403.05,{"$f":"VLOOKUP($A282,DATA2!$A$2:$S$607,10,FALSE)","v":106531.2},{"$f":"VLOOKUP($A282,DATA2!$A$2:$S$607,11,FALSE)","v":1278374.3999999999},{"$f":"VLOOKUP($A282,DATA2!$A$2:$S$607,12,FALSE)","v":"2014-01-11"},{"$f":"VLOOKUP($A282,DATA2!$A$2:$S$607,13,FALSE)","v":"2015-04-30"},{"$f":"VLOOKUP($A282,DATA2!$A$2:$S$607,14,FALSE)","v":"Yes"},{"$f":"IF(MATRIX2!D282=1,($Y$8-$X$2)/365*Table_Provincial_GTAC3536[[#This Row],[Adj.AnnualRental]]*MATRIX2!D282,($Y$8-$X$2)/365*Table_Provincial_GTAC3536[[#This Row],[Adj.AnnualRental]])","v":420287.47397260269},{"$f":"(Table_Provincial_GTAC3536[[#This Row],[Adj.AnnualRental]]*(1+$I282)^(2))","v":1278374.3999999999},{"$f":"(Table_Provincial_GTAC3536[[#This Row],[Adj.AnnualRental]]*(1+$I282)^(3))","v":1278374.3999999999},{"$f":"(Table_Provincial_GTAC3536[[#This Row],[Adj.AnnualRental]]*(1+$I282)^(4))","v":1278374.3999999999},{"$f":"(Table_Provincial_GTAC3536[[#This Row],[Adj.AnnualRental]]*(1+$I282)^(5))","v":1278374.3999999999},{"$f":"(Table_Provincial_GTAC3536[[#This Row],[Adj.AnnualRental]]*(1+$I282)^(6))","v":1278374.3999999999},{"$f":"(Table_Provincial_GTAC3536[[#This Row],[Adj.AnnualRental]]*(1+$I282)^(7))","v":1278374.3999999999}]
[373,{"$f":"VLOOKUP($A283,DATA2!$A$2:$S$607,2,FALSE)","v":"LP"},{"$f":"VLOOKUP($A283,DATA2!$A$2:$S$607,3,FALSE)","v":"Limpopo"},{"$f":"VLOOKUP($A283,DATA2!$A$2:$S$607,4,FALSE)","v":107.39485000000001},{"$f":"VLOOKUP($A283,DATA2!$A$2:$S$607,5,FALSE)","v":96.67},{"$f":"VLOOKUP($A283,DATA2!$A$2:$S$607,6,FALSE)","v":"VTSD"},{"$f":"VLOOKUP($A283,DATA2!$A$2:$S$607,7,FALSE)","v":800},{"$f":"VLOOKUP($A283,DATA2!$A$2:$S$607,8,FALSE)","v":true},{"$f":"VLOOKUP($A283,DATA2!$A$2:$S$607,9,FALSE)","v":0},53129.36,{"$f":"VLOOKUP($A283,DATA2!$A$2:$S$607,10,FALSE)","v":85915.88},{"$f":"VLOOKUP($A283,DATA2!$A$2:$S$607,11,FALSE)","v":1030990.56},{"$f":"VLOOKUP($A283,DATA2!$A$2:$S$607,12,FALSE)","v":"2014-01-12"},{"$f":"VLOOKUP($A283,DATA2!$A$2:$S$607,13,FALSE)","v":"2015-05-31"},{"$f":"VLOOKUP($A283,DATA2!$A$2:$S$607,14,FALSE)","v":"Yes"},{"$f":"IF(MATRIX2!D283=1,($Y$8-$X$2)/365*Table_Provincial_GTAC3536[[#This Row],[Adj.AnnualRental]]*MATRIX2!D283,($Y$8-$X$2)/365*Table_Provincial_GTAC3536[[#This Row],[Adj.AnnualRental]])","v":338955.8005479452},{"$f":"(Table_Provincial_GTAC3536[[#This Row],[Adj.AnnualRental]]*(1+$I283)^(2))","v":1030990.56},{"$f":"(Table_Provincial_GTAC3536[[#This Row],[Adj.AnnualRental]]*(1+$I283)^(3))","v":1030990.56},{"$f":"(Table_Provincial_GTAC3536[[#This Row],[Adj.AnnualRental]]*(1+$I283)^(4))","v":1030990.56},{"$f":"(Table_Provincial_GTAC3536[[#This Row],[Adj.AnnualRental]]*(1+$I283)^(5))","v":1030990.56},{"$f":"(Table_Provincial_GTAC3536[[#This Row],[Adj.AnnualRental]]*(1+$I283)^(6))","v":1030990.56},{"$f":"(Table_Provincial_GTAC3536[[#This Row],[Adj.AnnualRental]]*(1+$I283)^(7))","v":1030990.56}]
[374,{"$f":"VLOOKUP($A284,DATA2!$A$2:$S$607,2,FALSE)","v":"LP"},{"$f":"VLOOKUP($A284,DATA2!$A$2:$S$607,3,FALSE)","v":"Limpopo"},{"$f":"VLOOKUP($A284,DATA2!$A$2:$S$607,4,FALSE)","v":126.65023255813954},{"$f":"VLOOKUP($A284,DATA2!$A$2:$S$607,5,FALSE)","v":96.67},{"$f":"VLOOKUP($A284,DATA2!$A$2:$S$607,6,FALSE)","v":"VTSD"},{"$f":"VLOOKUP($A284,DATA2!$A$2:$S$607,7,FALSE)","v":430},{"$f":"VLOOKUP($A284,DATA2!$A$2:$S$607,8,FALSE)","v":true},{"$f":"VLOOKUP($A284,DATA2!$A$2:$S$607,9,FALSE)","v":0},15184.8,{"$f":"VLOOKUP($A284,DATA2!$A$2:$S$607,10,FALSE)","v":54459.6},{"$f":"VLOOKUP($A284,DATA2!$A$2:$S$607,11,FALSE)","v":653515.19999999995},{"$f":"VLOOKUP($A284,DATA2!$A$2:$S$607,12,FALSE)","v":"2014-01-06"},{"$f":"VLOOKUP($A284,DATA2!$A$2:$S$607,13,FALSE)","v":"2014-11-30"},{"$f":"VLOOKUP($A284,DATA2!$A$2:$S$607,14,FALSE)","v":"Yes"},{"$f":"IF(MATRIX2!D284=1,($Y$8-$X$2)/365*Table_Provincial_GTAC3536[[#This Row],[Adj.AnnualRental]]*MATRIX2!D284,($Y$8-$X$2)/365*Table_Provincial_GTAC3536[[#This Row],[Adj.AnnualRental]])","v":214854.31232876709},{"$f":"(Table_Provincial_GTAC3536[[#This Row],[Adj.AnnualRental]]*(1+$I284)^(2))","v":653515.19999999995},{"$f":"(Table_Provincial_GTAC3536[[#This Row],[Adj.AnnualRental]]*(1+$I284)^(3))","v":653515.19999999995},{"$f":"(Table_Provincial_GTAC3536[[#This Row],[Adj.AnnualRental]]*(1+$I284)^(4))","v":653515.19999999995},{"$f":"(Table_Provincial_GTAC3536[[#This Row],[Adj.AnnualRental]]*(1+$I284)^(5))","v":653515.19999999995},{"$f":"(Table_Provincial_GTAC3536[[#This Row],[Adj.AnnualRental]]*(1+$I284)^(6))","v":653515.19999999995},{"$f":"(Table_Provincial_GTAC3536[[#This Row],[Adj.AnnualRental]]*(1+$I284)^(7))","v":653515.19999999995}]
[375,{"$f":"VLOOKUP($A285,DATA2!$A$2:$S$607,2,FALSE)","v":"LP"},{"$f":"VLOOKUP($A285,DATA2!$A$2:$S$607,3,FALSE)","v":"Limpopo"},{"$f":"VLOOKUP($A285,DATA2!$A$2:$S$607,4,FALSE)","v":70.92},{"$f":"VLOOKUP($A285,DATA2!$A$2:$S$607,5,FALSE)","v":96.67},{"$f":"VLOOKUP($A285,DATA2!$A$2:$S$607,6,FALSE)","v":"VTSD"},{"$f":"VLOOKUP($A285,DATA2!$A$2:$S$607,7,FALSE)","v":765.6},{"$f":"VLOOKUP($A285,DATA2!$A$2:$S$607,8,FALSE)","v":true},{"$f":"VLOOKUP($A285,DATA2!$A$2:$S$607,9,FALSE)","v":0.08},97591.32,{"$f":"VLOOKUP($A285,DATA2!$A$2:$S$607,10,FALSE)","v":54296.351999999999},{"$f":"VLOOKUP($A285,DATA2!$A$2:$S$607,11,FALSE)","v":651556.22400000005},{"$f":"VLOOKUP($A285,DATA2!$A$2:$S$607,12,FALSE)","v":"2009-01-12"},{"$f":"VLOOKUP($A285,DATA2!$A$2:$S$607,13,FALSE)","v":"2014-11-30"},{"$f":"VLOOKUP($A285,DATA2!$A$2:$S$607,14,FALSE)","v":"Yes"},{"$f":"IF(MATRIX2!D285=1,($Y$8-$X$2)/365*Table_Provincial_GTAC3536[[#This Row],[Adj.AnnualRental]]*MATRIX2!D285,($Y$8-$X$2)/365*Table_Provincial_GTAC3536[[#This Row],[Adj.AnnualRental]])","v":214210.26542465753},{"$f":"(Table_Provincial_GTAC3536[[#This Row],[Adj.AnnualRental]]*(1+$I285)^(2))","v":759975.17967360013},{"$f":"(Table_Provincial_GTAC3536[[#This Row],[Adj.AnnualRental]]*(1+$I285)^(3))","v":820773.19404748816},{"$f":"(Table_Provincial_GTAC3536[[#This Row],[Adj.AnnualRental]]*(1+$I285)^(4))","v":886435.04957128735},{"$f":"(Table_Provincial_GTAC3536[[#This Row],[Adj.AnnualRental]]*(1+$I285)^(5))","v":957349.85353699024},{"$f":"(Table_Provincial_GTAC3536[[#This Row],[Adj.AnnualRental]]*(1+$I285)^(6))","v":1033937.8418199497},{"$f":"(Table_Provincial_GTAC3536[[#This Row],[Adj.AnnualRental]]*(1+$I285)^(7))","v":1116652.8691655456}]
[376,{"$f":"VLOOKUP($A286,DATA2!$A$2:$S$607,2,FALSE)","v":"LP"},{"$f":"VLOOKUP($A286,DATA2!$A$2:$S$607,3,FALSE)","v":"Limpopo"},{"$f":"VLOOKUP($A286,DATA2!$A$2:$S$607,4,FALSE)","v":234.121365508596},{"$f":"VLOOKUP($A286,DATA2!$A$2:$S$607,5,FALSE)","v":96.67},{"$f":"VLOOKUP($A286,DATA2!$A$2:$S$607,6,FALSE)","v":"CBD"},{"$f":"VLOOKUP($A286,DATA2!$A$2:$S$607,7,FALSE)","v":11168},{"$f":"VLOOKUP($A286,DATA2!$A$2:$S$607,8,FALSE)","v":true},{"$f":"VLOOKUP($A286,DATA2!$A$2:$S$607,9,FALSE)","v":0.08},116143.2,{"$f":"VLOOKUP($A286,DATA2!$A$2:$S$607,10,FALSE)","v":2614667.41},{"$f":"VLOOKUP($A286,DATA2!$A$2:$S$607,11,FALSE)","v":31376008.920000002},{"$f":"VLOOKUP($A286,DATA2!$A$2:$S$607,12,FALSE)","v":"2008-08-01"},{"$f":"VLOOKUP($A286,DATA2!$A$2:$S$607,13,FALSE)","v":"2018-07-31"},{"$f":"VLOOKUP($A286,DATA2!$A$2:$S$607,14,FALSE)","v":"No"},{"$f":"IF(MATRIX2!D286=1,($Y$8-$X$2)/365*Table_Provincial_GTAC3536[[#This Row],[Adj.AnnualRental]]*MATRIX2!D286,($Y$8-$X$2)/365*Table_Provincial_GTAC3536[[#This Row],[Adj.AnnualRental]])","v":10315400.192876711},{"$f":"(Table_Provincial_GTAC3536[[#This Row],[Adj.AnnualRental]]*(1+$I286)^(2))","v":36596976.804288007},{"$f":"(Table_Provincial_GTAC3536[[#This Row],[Adj.AnnualRental]]*(1+$I286)^(3))","v":39524734.948631048},{"$f":"(Table_Provincial_GTAC3536[[#This Row],[Adj.AnnualRental]]*(1+$I286)^(4))","v":42686713.744521536},{"$f":"(Table_Provincial_GTAC3536[[#This Row],[Adj.AnnualRental]]*(1+$I286)^(5))","v":46101650.844083257},{"$f":"(Table_Provincial_GTAC3536[[#This Row],[Adj.AnnualRental]]*(1+$I286)^(6))","v":49789782.911609925},{"$f":"(Table_Provincial_GTAC3536[[#This Row],[Adj.AnnualRental]]*(1+$I286)^(7))","v":53772965.544538721}]
[385,{"$f":"VLOOKUP($A287,DATA2!$A$2:$S$607,2,FALSE)","v":"MP"},{"$f":"VLOOKUP($A287,DATA2!$A$2:$S$607,3,FALSE)","v":"Mpumalanga"},{"$f":"VLOOKUP($A287,DATA2!$A$2:$S$607,4,FALSE)","v":136.13980198019803},{"$f":"VLOOKUP($A287,DATA2!$A$2:$S$607,5,FALSE)","v":115},{"$f":"VLOOKUP($A287,DATA2!$A$2:$S$607,6,FALSE)","v":"VTSD"},{"$f":"VLOOKUP($A287,DATA2!$A$2:$S$607,7,FALSE)","v":202},{"$f":"VLOOKUP($A287,DATA2!$A$2:$S$607,8,FALSE)","v":true},{"$f":"VLOOKUP($A287,DATA2!$A$2:$S$607,9,FALSE)","v":0.08},94459.88,{"$f":"VLOOKUP($A287,DATA2!$A$2:$S$607,10,FALSE)","v":27500.240000000002},{"$f":"VLOOKUP($A287,DATA2!$A$2:$S$607,11,FALSE)","v":330002.88},{"$f":"VLOOKUP($A287,DATA2!$A$2:$S$607,12,FALSE)","v":"2012-07-01"},{"$f":"VLOOKUP($A287,DATA2!$A$2:$S$607,13,FALSE)","v":"2017-06-30"},{"$f":"VLOOKUP($A287,DATA2!$A$2:$S$607,14,FALSE)","v":"Yes"},{"$f":"IF(MATRIX2!D287=1,($Y$8-$X$2)/365*Table_Provincial_GTAC3536[[#This Row],[Adj.AnnualRental]]*MATRIX2!D287,($Y$8-$X$2)/365*Table_Provincial_GTAC3536[[#This Row],[Adj.AnnualRental]])","v":108494.09753424657},{"$f":"(Table_Provincial_GTAC3536[[#This Row],[Adj.AnnualRental]]*(1+$I287)^(2))","v":384915.35923200002},{"$f":"(Table_Provincial_GTAC3536[[#This Row],[Adj.AnnualRental]]*(1+$I287)^(3))","v":415708.58797056007},{"$f":"(Table_Provincial_GTAC3536[[#This Row],[Adj.AnnualRental]]*(1+$I287)^(4))","v":448965.27500820492},{"$f":"(Table_Provincial_GTAC3536[[#This Row],[Adj.AnnualRental]]*(1+$I287)^(5))","v":484882.49700886128},{"$f":"(Table_Provincial_GTAC3536[[#This Row],[Adj.AnnualRental]]*(1+$I287)^(6))","v":523673.09676957026},{"$f":"(Table_Provincial_GTAC3536[[#This Row],[Adj.AnnualRental]]*(1+$I287)^(7))","v":565566.94451113592}]
[386,{"$f":"VLOOKUP($A288,DATA2!$A$2:$S$607,2,FALSE)","v":"MP"},{"$f":"VLOOKUP($A288,DATA2!$A$2:$S$607,3,FALSE)","v":"Mpumalanga"},{"$f":"VLOOKUP($A288,DATA2!$A$2:$S$607,4,FALSE)","v":76.236980198019808},{"$f":"VLOOKUP($A288,DATA2!$A$2:$S$607,5,FALSE)","v":105},{"$f":"VLOOKUP($A288,DATA2!$A$2:$S$607,6,FALSE)","v":"VTSD"},{"$f":"VLOOKUP($A288,DATA2!$A$2:$S$607,7,FALSE)","v":202},{"$f":"VLOOKUP($A288,DATA2!$A$2:$S$607,8,FALSE)","v":true},{"$f":"VLOOKUP($A288,DATA2!$A$2:$S$607,9,FALSE)","v":0.1},59052,{"$f":"VLOOKUP($A288,DATA2!$A$2:$S$607,10,FALSE)","v":15399.87},{"$f":"VLOOKUP($A288,DATA2!$A$2:$S$607,11,FALSE)","v":184798.44},{"$f":"VLOOKUP($A288,DATA2!$A$2:$S$607,12,FALSE)","v":"2012-08-01"},{"$f":"VLOOKUP($A288,DATA2!$A$2:$S$607,13,FALSE)","v":"2017-07-31"},{"$f":"VLOOKUP($A288,DATA2!$A$2:$S$607,14,FALSE)","v":"Yes"},{"$f":"IF(MATRIX2!D288=1,($Y$8-$X$2)/365*Table_Provincial_GTAC3536[[#This Row],[Adj.AnnualRental]]*MATRIX2!D288,($Y$8-$X$2)/365*Table_Provincial_GTAC3536[[#This Row],[Adj.AnnualRental]])","v":60755.65150684931},{"$f":"(Table_Provincial_GTAC3536[[#This Row],[Adj.AnnualRental]]*(1+$I288)^(2))","v":223606.11240000004},{"$f":"(Table_Provincial_GTAC3536[[#This Row],[Adj.AnnualRental]]*(1+$I288)^(3))","v":245966.72364000007},{"$f":"(Table_Provincial_GTAC3536[[#This Row],[Adj.AnnualRental]]*(1+$I288)^(4))","v":270563.3960040001},{"$f":"(Table_Provincial_GTAC3536[[#This Row],[Adj.AnnualRental]]*(1+$I288)^(5))","v":297619.73560440011},{"$f":"(Table_Provincial_GTAC3536[[#This Row],[Adj.AnnualRental]]*(1+$I288)^(6))","v":327381.70916484017},{"$f":"(Table_Provincial_GTAC3536[[#This Row],[Adj.AnnualRental]]*(1+$I288)^(7))","v":360119.8800813242}]
[387,{"$f":"VLOOKUP($A289,DATA2!$A$2:$S$607,2,FALSE)","v":"MP"},{"$f":"VLOOKUP($A289,DATA2!$A$2:$S$607,3,FALSE)","v":"Mpumalanga"},{"$f":"VLOOKUP($A289,DATA2!$A$2:$S$607,4,FALSE)","v":26.618926174496643},{"$f":"VLOOKUP($A289,DATA2!$A$2:$S$607,5,FALSE)","v":105},{"$f":"VLOOKUP($A289,DATA2!$A$2:$S$607,6,FALSE)","v":"VTSD"},{"$f":"VLOOKUP($A289,DATA2!$A$2:$S$607,7,FALSE)","v":298},{"$f":"VLOOKUP($A289,DATA2!$A$2:$S$607,8,FALSE)","v":true},{"$f":"VLOOKUP($A289,DATA2!$A$2:$S$607,9,FALSE)","v":0.1},62472.959999999999,{"$f":"VLOOKUP($A289,DATA2!$A$2:$S$607,10,FALSE)","v":7932.44},{"$f":"VLOOKUP($A289,DATA2!$A$2:$S$607,11,FALSE)","v":95189.28},{"$f":"VLOOKUP($A289,DATA2!$A$2:$S$607,12,FALSE)","v":"2016-07-01"},{"$f":"VLOOKUP($A289,DATA2!$A$2:$S$607,13,FALSE)","v":"2018-06-30"},{"$f":"VLOOKUP($A289,DATA2!$A$2:$S$607,14,FALSE)","v":"No"},{"$f":"IF(MATRIX2!D289=1,($Y$8-$X$2)/365*Table_Provincial_GTAC3536[[#This Row],[Adj.AnnualRental]]*MATRIX2!D289,($Y$8-$X$2)/365*Table_Provincial_GTAC3536[[#This Row],[Adj.AnnualRental]])","v":31295.105753424654},{"$f":"(Table_Provincial_GTAC3536[[#This Row],[Adj.AnnualRental]]*(1+$I289)^(2))","v":115179.02880000001},{"$f":"(Table_Provincial_GTAC3536[[#This Row],[Adj.AnnualRental]]*(1+$I289)^(3))","v":126696.93168000004},{"$f":"(Table_Provincial_GTAC3536[[#This Row],[Adj.AnnualRental]]*(1+$I289)^(4))","v":139366.62484800004},{"$f":"(Table_Provincial_GTAC3536[[#This Row],[Adj.AnnualRental]]*(1+$I289)^(5))","v":153303.28733280004},{"$f":"(Table_Provincial_GTAC3536[[#This Row],[Adj.AnnualRental]]*(1+$I289)^(6))","v":168633.61606608008},{"$f":"(Table_Provincial_GTAC3536[[#This Row],[Adj.AnnualRental]]*(1+$I289)^(7))","v":185496.97767268811}]
[388,{"$f":"VLOOKUP($A290,DATA2!$A$2:$S$607,2,FALSE)","v":"MP"},{"$f":"VLOOKUP($A290,DATA2!$A$2:$S$607,3,FALSE)","v":"Mpumalanga"},{"$f":"VLOOKUP($A290,DATA2!$A$2:$S$607,4,FALSE)","v":84.318888888888893},{"$f":"VLOOKUP($A290,DATA2!$A$2:$S$607,5,FALSE)","v":105},{"$f":"VLOOKUP($A290,DATA2!$A$2:$S$607,6,FALSE)","v":"VTSD"},{"$f":"VLOOKUP($A290,DATA2!$A$2:$S$607,7,FALSE)","v":198},{"$f":"VLOOKUP($A290,DATA2!$A$2:$S$607,8,FALSE)","v":true},{"$f":"VLOOKUP($A290,DATA2!$A$2:$S$607,9,FALSE)","v":0.1},2733941.65,{"$f":"VLOOKUP($A290,DATA2!$A$2:$S$607,10,FALSE)","v":16695.14},{"$f":"VLOOKUP($A290,DATA2!$A$2:$S$607,11,FALSE)","v":200341.68},{"$f":"VLOOKUP($A290,DATA2!$A$2:$S$607,12,FALSE)","v":"2014-05-01"},{"$f":"VLOOKUP($A290,DATA2!$A$2:$S$607,13,FALSE)","v":"2019-04-30"},{"$f":"VLOOKUP($A290,DATA2!$A$2:$S$607,14,FALSE)","v":"No"},{"$f":"IF(MATRIX2!D290=1,($Y$8-$X$2)/365*Table_Provincial_GTAC3536[[#This Row],[Adj.AnnualRental]]*MATRIX2!D290,($Y$8-$X$2)/365*Table_Provincial_GTAC3536[[#This Row],[Adj.AnnualRental]])","v":65865.757808219176},{"$f":"(Table_Provincial_GTAC3536[[#This Row],[Adj.AnnualRental]]*(1+$I290)^(2))","v":242413.43280000004},{"$f":"(Table_Provincial_GTAC3536[[#This Row],[Adj.AnnualRental]]*(1+$I290)^(3))","v":266654.7760800001},{"$f":"(Table_Provincial_GTAC3536[[#This Row],[Adj.AnnualRental]]*(1+$I290)^(4))","v":293320.25368800008},{"$f":"(Table_Provincial_GTAC3536[[#This Row],[Adj.AnnualRental]]*(1+$I290)^(5))","v":322652.27905680012},{"$f":"(Table_Provincial_GTAC3536[[#This Row],[Adj.AnnualRental]]*(1+$I290)^(6))","v":354917.50696248014},{"$f":"(Table_Provincial_GTAC3536[[#This Row],[Adj.AnnualRental]]*(1+$I290)^(7))","v":390409.25765872822}]
[391,{"$f":"VLOOKUP($A291,DATA2!$A$2:$S$607,2,FALSE)","v":"MP"},{"$f":"VLOOKUP($A291,DATA2!$A$2:$S$607,3,FALSE)","v":"Mpumalanga"},{"$f":"VLOOKUP($A291,DATA2!$A$2:$S$607,4,FALSE)","v":149.51106918238995},{"$f":"VLOOKUP($A291,DATA2!$A$2:$S$607,5,FALSE)","v":115},{"$f":"VLOOKUP($A291,DATA2!$A$2:$S$607,6,FALSE)","v":"VTSD"},{"$f":"VLOOKUP($A291,DATA2!$A$2:$S$607,7,FALSE)","v":318},{"$f":"VLOOKUP($A291,DATA2!$A$2:$S$607,8,FALSE)","v":true},{"$f":"VLOOKUP($A291,DATA2!$A$2:$S$607,9,FALSE)","v":0.1},29342.48,{"$f":"VLOOKUP($A291,DATA2!$A$2:$S$607,10,FALSE)","v":47544.52},{"$f":"VLOOKUP($A291,DATA2!$A$2:$S$607,11,FALSE)","v":570534.24},{"$f":"VLOOKUP($A291,DATA2!$A$2:$S$607,12,FALSE)","v":"2014-11-01"},{"$f":"VLOOKUP($A291,DATA2!$A$2:$S$607,13,FALSE)","v":"2017-10-31"},{"$f":"VLOOKUP($A291,DATA2!$A$2:$S$607,14,FALSE)","v":"No"},{"$f":"IF(MATRIX2!D291=1,($Y$8-$X$2)/365*Table_Provincial_GTAC3536[[#This Row],[Adj.AnnualRental]]*MATRIX2!D291,($Y$8-$X$2)/365*Table_Provincial_GTAC3536[[#This Row],[Adj.AnnualRental]])","v":187572.90082191781},{"$f":"(Table_Provincial_GTAC3536[[#This Row],[Adj.AnnualRental]]*(1+$I291)^(2))","v":690346.43040000007},{"$f":"(Table_Provincial_GTAC3536[[#This Row],[Adj.AnnualRental]]*(1+$I291)^(3))","v":759381.07344000018},{"$f":"(Table_Provincial_GTAC3536[[#This Row],[Adj.AnnualRental]]*(1+$I291)^(4))","v":835319.1807840002},{"$f":"(Table_Provincial_GTAC3536[[#This Row],[Adj.AnnualRental]]*(1+$I291)^(5))","v":918851.09886240028},{"$f":"(Table_Provincial_GTAC3536[[#This Row],[Adj.AnnualRental]]*(1+$I291)^(6))","v":1010736.2087486405},{"$f":"(Table_Provincial_GTAC3536[[#This Row],[Adj.AnnualRental]]*(1+$I291)^(7))","v":1111809.8296235048}]
[392,{"$f":"VLOOKUP($A292,DATA2!$A$2:$S$607,2,FALSE)","v":"MP"},{"$f":"VLOOKUP($A292,DATA2!$A$2:$S$607,3,FALSE)","v":"Mpumalanga"},{"$f":"VLOOKUP($A292,DATA2!$A$2:$S$607,4,FALSE)","v":145.11625040203504},{"$f":"VLOOKUP($A292,DATA2!$A$2:$S$607,5,FALSE)","v":115},{"$f":"VLOOKUP($A292,DATA2!$A$2:$S$607,6,FALSE)","v":"VTSD"},{"$f":"VLOOKUP($A292,DATA2!$A$2:$S$607,7,FALSE)","v":1026.03},{"$f":"VLOOKUP($A292,DATA2!$A$2:$S$607,8,FALSE)","v":true},{"$f":"VLOOKUP($A292,DATA2!$A$2:$S$607,9,FALSE)","v":0.05},17242.11,{"$f":"VLOOKUP($A292,DATA2!$A$2:$S$607,10,FALSE)","v":148893.62640000001},{"$f":"VLOOKUP($A292,DATA2!$A$2:$S$607,11,FALSE)","v":1786723.5168000001},{"$f":"VLOOKUP($A292,DATA2!$A$2:$S$607,12,FALSE)","v":"2015-11-01"},{"$f":"VLOOKUP($A292,DATA2!$A$2:$S$607,13,FALSE)","v":"2017-10-31"},{"$f":"VLOOKUP($A292,DATA2!$A$2:$S$607,14,FALSE)","v":"No"},{"$f":"IF(MATRIX2!D292=1,($Y$8-$X$2)/365*Table_Provincial_GTAC3536[[#This Row],[Adj.AnnualRental]]*MATRIX2!D292,($Y$8-$X$2)/365*Table_Provincial_GTAC3536[[#This Row],[Adj.AnnualRental]])","v":587415.95072876709},{"$f":"(Table_Provincial_GTAC3536[[#This Row],[Adj.AnnualRental]]*(1+$I292)^(2))","v":1969862.6772720001},{"$f":"(Table_Provincial_GTAC3536[[#This Row],[Adj.AnnualRental]]*(1+$I292)^(3))","v":2068355.8111356003},{"$f":"(Table_Provincial_GTAC3536[[#This Row],[Adj.AnnualRental]]*(1+$I292)^(4))","v":2171773.6016923799},{"$f":"(Table_Provincial_GTAC3536[[#This Row],[Adj.AnnualRental]]*(1+$I292)^(5))","v":2280362.2817769996},{"$f":"(Table_Provincial_GTAC3536[[#This Row],[Adj.AnnualRental]]*(1+$I292)^(6))","v":2394380.3958658492},{"$f":"(Table_Provincial_GTAC3536[[#This Row],[Adj.AnnualRental]]*(1+$I292)^(7))","v":2514099.4156591422}]
[394,{"$f":"VLOOKUP($A293,DATA2!$A$2:$S$607,2,FALSE)","v":"MP"},{"$f":"VLOOKUP($A293,DATA2!$A$2:$S$607,3,FALSE)","v":"Mpumalanga"},{"$f":"VLOOKUP($A293,DATA2!$A$2:$S$607,4,FALSE)","v":169.43074468085106},{"$f":"VLOOKUP($A293,DATA2!$A$2:$S$607,5,FALSE)","v":105},{"$f":"VLOOKUP($A293,DATA2!$A$2:$S$607,6,FALSE)","v":"VTSD"},{"$f":"VLOOKUP($A293,DATA2!$A$2:$S$607,7,FALSE)","v":188},{"$f":"VLOOKUP($A293,DATA2!$A$2:$S$607,8,FALSE)","v":true},{"$f":"VLOOKUP($A293,DATA2!$A$2:$S$607,9,FALSE)","v":0.1},10650.2,{"$f":"VLOOKUP($A293,DATA2!$A$2:$S$607,10,FALSE)","v":31852.98},{"$f":"VLOOKUP($A293,DATA2!$A$2:$S$607,11,FALSE)","v":382235.76},{"$f":"VLOOKUP($A293,DATA2!$A$2:$S$607,12,FALSE)","v":"2016-10-01"},{"$f":"VLOOKUP($A293,DATA2!$A$2:$S$607,13,FALSE)","v":"2019-09-30"},{"$f":"VLOOKUP($A293,DATA2!$A$2:$S$607,14,FALSE)","v":"No"},{"$f":"IF(MATRIX2!D293=1,($Y$8-$X$2)/365*Table_Provincial_GTAC3536[[#This Row],[Adj.AnnualRental]]*MATRIX2!D293,($Y$8-$X$2)/365*Table_Provincial_GTAC3536[[#This Row],[Adj.AnnualRental]])","v":125666.55123287671},{"$f":"(Table_Provincial_GTAC3536[[#This Row],[Adj.AnnualRental]]*(1+$I293)^(2))","v":462505.26960000006},{"$f":"(Table_Provincial_GTAC3536[[#This Row],[Adj.AnnualRental]]*(1+$I293)^(3))","v":508755.79656000016},{"$f":"(Table_Provincial_GTAC3536[[#This Row],[Adj.AnnualRental]]*(1+$I293)^(4))","v":559631.37621600018},{"$f":"(Table_Provincial_GTAC3536[[#This Row],[Adj.AnnualRental]]*(1+$I293)^(5))","v":615594.51383760024},{"$f":"(Table_Provincial_GTAC3536[[#This Row],[Adj.AnnualRental]]*(1+$I293)^(6))","v":677153.96522136033},{"$f":"(Table_Provincial_GTAC3536[[#This Row],[Adj.AnnualRental]]*(1+$I293)^(7))","v":744869.3617434965}]
[395,{"$f":"VLOOKUP($A294,DATA2!$A$2:$S$607,2,FALSE)","v":"MP"},{"$f":"VLOOKUP($A294,DATA2!$A$2:$S$607,3,FALSE)","v":"Mpumalanga"},{"$f":"VLOOKUP($A294,DATA2!$A$2:$S$607,4,FALSE)","v":122.58812603648424},{"$f":"VLOOKUP($A294,DATA2!$A$2:$S$607,5,FALSE)","v":105},{"$f":"VLOOKUP($A294,DATA2!$A$2:$S$607,6,FALSE)","v":"VTSD"},{"$f":"VLOOKUP($A294,DATA2!$A$2:$S$607,7,FALSE)","v":1206},{"$f":"VLOOKUP($A294,DATA2!$A$2:$S$607,8,FALSE)","v":true},{"$f":"VLOOKUP($A294,DATA2!$A$2:$S$607,9,FALSE)","v":0.1},18500.900000000001,{"$f":"VLOOKUP($A294,DATA2!$A$2:$S$607,10,FALSE)","v":147841.28},{"$f":"VLOOKUP($A294,DATA2!$A$2:$S$607,11,FALSE)","v":1774095.3600000001},{"$f":"VLOOKUP($A294,DATA2!$A$2:$S$607,12,FALSE)","v":"2015-12-01"},{"$f":"VLOOKUP($A294,DATA2!$A$2:$S$607,13,FALSE)","v":"2018-11-30"},{"$f":"VLOOKUP($A294,DATA2!$A$2:$S$607,14,FALSE)","v":"No"},{"$f":"IF(MATRIX2!D294=1,($Y$8-$X$2)/365*Table_Provincial_GTAC3536[[#This Row],[Adj.AnnualRental]]*MATRIX2!D294,($Y$8-$X$2)/365*Table_Provincial_GTAC3536[[#This Row],[Adj.AnnualRental]])","v":583264.22794520552},{"$f":"(Table_Provincial_GTAC3536[[#This Row],[Adj.AnnualRental]]*(1+$I294)^(2))","v":2146655.3856000006},{"$f":"(Table_Provincial_GTAC3536[[#This Row],[Adj.AnnualRental]]*(1+$I294)^(3))","v":2361320.9241600009},{"$f":"(Table_Provincial_GTAC3536[[#This Row],[Adj.AnnualRental]]*(1+$I294)^(4))","v":2597453.016576001},{"$f":"(Table_Provincial_GTAC3536[[#This Row],[Adj.AnnualRental]]*(1+$I294)^(5))","v":2857198.3182336013},{"$f":"(Table_Provincial_GTAC3536[[#This Row],[Adj.AnnualRental]]*(1+$I294)^(6))","v":3142918.1500569615},{"$f":"(Table_Provincial_GTAC3536[[#This Row],[Adj.AnnualRental]]*(1+$I294)^(7))","v":3457209.9650626583}]
[397,{"$f":"VLOOKUP($A295,DATA2!$A$2:$S$607,2,FALSE)","v":"MP"},{"$f":"VLOOKUP($A295,DATA2!$A$2:$S$607,3,FALSE)","v":"Mpumalanga"},{"$f":"VLOOKUP($A295,DATA2!$A$2:$S$607,4,FALSE)","v":146.8353119266055},{"$f":"VLOOKUP($A295,DATA2!$A$2:$S$607,5,FALSE)","v":105},{"$f":"VLOOKUP($A295,DATA2!$A$2:$S$607,6,FALSE)","v":"VTSD"},{"$f":"VLOOKUP($A295,DATA2!$A$2:$S$607,7,FALSE)","v":1090},{"$f":"VLOOKUP($A295,DATA2!$A$2:$S$607,8,FALSE)","v":true},{"$f":"VLOOKUP($A295,DATA2!$A$2:$S$607,9,FALSE)","v":8.5000000000000006E-2},50444.68,{"$f":"VLOOKUP($A295,DATA2!$A$2:$S$607,10,FALSE)","v":160050.49},{"$f":"VLOOKUP($A295,DATA2!$A$2:$S$607,11,FALSE)","v":1920605.88},{"$f":"VLOOKUP($A295,DATA2!$A$2:$S$607,12,FALSE)","v":"2014-01-01"},{"$f":"VLOOKUP($A295,DATA2!$A$2:$S$607,13,FALSE)","v":"2018-11-30"},{"$f":"VLOOKUP($A295,DATA2!$A$2:$S$607,14,FALSE)","v":"No"},{"$f":"IF(MATRIX2!D295=1,($Y$8-$X$2)/365*Table_Provincial_GTAC3536[[#This Row],[Adj.AnnualRental]]*MATRIX2!D295,($Y$8-$X$2)/365*Table_Provincial_GTAC3536[[#This Row],[Adj.AnnualRental]])","v":631432.07013698621},{"$f":"(Table_Provincial_GTAC3536[[#This Row],[Adj.AnnualRental]]*(1+$I295)^(2))","v":2260985.2570829997},{"$f":"(Table_Provincial_GTAC3536[[#This Row],[Adj.AnnualRental]]*(1+$I295)^(3))","v":2453169.0039350549},{"$f":"(Table_Provincial_GTAC3536[[#This Row],[Adj.AnnualRental]]*(1+$I295)^(4))","v":2661688.369269534},{"$f":"(Table_Provincial_GTAC3536[[#This Row],[Adj.AnnualRental]]*(1+$I295)^(5))","v":2887931.8806574447},{"$f":"(Table_Provincial_GTAC3536[[#This Row],[Adj.AnnualRental]]*(1+$I295)^(6))","v":3133406.0905133272},{"$f":"(Table_Provincial_GTAC3536[[#This Row],[Adj.AnnualRental]]*(1+$I295)^(7))","v":3399745.6082069604}]
[398,{"$f":"VLOOKUP($A296,DATA2!$A$2:$S$607,2,FALSE)","v":"MP"},{"$f":"VLOOKUP($A296,DATA2!$A$2:$S$607,3,FALSE)","v":"Mpumalanga"},{"$f":"VLOOKUP($A296,DATA2!$A$2:$S$607,4,FALSE)","v":226.69834782608694},{"$f":"VLOOKUP($A296,DATA2!$A$2:$S$607,5,FALSE)","v":105},{"$f":"VLOOKUP($A296,DATA2!$A$2:$S$607,6,FALSE)","v":"VTSD"},{"$f":"VLOOKUP($A296,DATA2!$A$2:$S$607,7,FALSE)","v":230},{"$f":"VLOOKUP($A296,DATA2!$A$2:$S$607,8,FALSE)","v":true},{"$f":"VLOOKUP($A296,DATA2!$A$2:$S$607,9,FALSE)","v":0.1},158251.01999999999,{"$f":"VLOOKUP($A296,DATA2!$A$2:$S$607,10,FALSE)","v":52140.62},{"$f":"VLOOKUP($A296,DATA2!$A$2:$S$607,11,FALSE)","v":625687.43999999994},{"$f":"VLOOKUP($A296,DATA2!$A$2:$S$607,12,FALSE)","v":"2014-08-01"},{"$f":"VLOOKUP($A296,DATA2!$A$2:$S$607,13,FALSE)","v":"2018-11-30"},{"$f":"VLOOKUP($A296,DATA2!$A$2:$S$607,14,FALSE)","v":"No"},{"$f":"IF(MATRIX2!D296=1,($Y$8-$X$2)/365*Table_Provincial_GTAC3536[[#This Row],[Adj.AnnualRental]]*MATRIX2!D296,($Y$8-$X$2)/365*Table_Provincial_GTAC3536[[#This Row],[Adj.AnnualRental]])","v":205705.45972602736},{"$f":"(Table_Provincial_GTAC3536[[#This Row],[Adj.AnnualRental]]*(1+$I296)^(2))","v":757081.80240000004},{"$f":"(Table_Provincial_GTAC3536[[#This Row],[Adj.AnnualRental]]*(1+$I296)^(3))","v":832789.98264000018},{"$f":"(Table_Provincial_GTAC3536[[#This Row],[Adj.AnnualRental]]*(1+$I296)^(4))","v":916068.98090400011},{"$f":"(Table_Provincial_GTAC3536[[#This Row],[Adj.AnnualRental]]*(1+$I296)^(5))","v":1007675.8789944003},{"$f":"(Table_Provincial_GTAC3536[[#This Row],[Adj.AnnualRental]]*(1+$I296)^(6))","v":1108443.4668938403},{"$f":"(Table_Provincial_GTAC3536[[#This Row],[Adj.AnnualRental]]*(1+$I296)^(7))","v":1219287.8135832245}]
[399,{"$f":"VLOOKUP($A297,DATA2!$A$2:$S$607,2,FALSE)","v":"MP"},{"$f":"VLOOKUP($A297,DATA2!$A$2:$S$607,3,FALSE)","v":"Mpumalanga"},{"$f":"VLOOKUP($A297,DATA2!$A$2:$S$607,4,FALSE)","v":224.55033333333333},{"$f":"VLOOKUP($A297,DATA2!$A$2:$S$607,5,FALSE)","v":105},{"$f":"VLOOKUP($A297,DATA2!$A$2:$S$607,6,FALSE)","v":"VTSD"},{"$f":"VLOOKUP($A297,DATA2!$A$2:$S$607,7,FALSE)","v":300},{"$f":"VLOOKUP($A297,DATA2!$A$2:$S$607,8,FALSE)","v":true},{"$f":"VLOOKUP($A297,DATA2!$A$2:$S$607,9,FALSE)","v":0.1},33567.54,{"$f":"VLOOKUP($A297,DATA2!$A$2:$S$607,10,FALSE)","v":67365.100000000006},{"$f":"VLOOKUP($A297,DATA2!$A$2:$S$607,11,FALSE)","v":808381.2},{"$f":"VLOOKUP($A297,DATA2!$A$2:$S$607,12,FALSE)","v":"2013-07-01"},{"$f":"VLOOKUP($A297,DATA2!$A$2:$S$607,13,FALSE)","v":"2018-11-30"},{"$f":"VLOOKUP($A297,DATA2!$A$2:$S$607,14,FALSE)","v":"No"},{"$f":"IF(MATRIX2!D297=1,($Y$8-$X$2)/365*Table_Provincial_GTAC3536[[#This Row],[Adj.AnnualRental]]*MATRIX2!D297,($Y$8-$X$2)/365*Table_Provincial_GTAC3536[[#This Row],[Adj.AnnualRental]])","v":265769.1616438356},{"$f":"(Table_Provincial_GTAC3536[[#This Row],[Adj.AnnualRental]]*(1+$I297)^(2))","v":978141.25200000009},{"$f":"(Table_Provincial_GTAC3536[[#This Row],[Adj.AnnualRental]]*(1+$I297)^(3))","v":1075955.3772000002},{"$f":"(Table_Provincial_GTAC3536[[#This Row],[Adj.AnnualRental]]*(1+$I297)^(4))","v":1183550.9149200004},{"$f":"(Table_Provincial_GTAC3536[[#This Row],[Adj.AnnualRental]]*(1+$I297)^(5))","v":1301906.0064120004},{"$f":"(Table_Provincial_GTAC3536[[#This Row],[Adj.AnnualRental]]*(1+$I297)^(6))","v":1432096.6070532005},{"$f":"(Table_Provincial_GTAC3536[[#This Row],[Adj.AnnualRental]]*(1+$I297)^(7))","v":1575306.2677585208}]
[402,{"$f":"VLOOKUP($A298,DATA2!$A$2:$S$607,2,FALSE)","v":"MP"},{"$f":"VLOOKUP($A298,DATA2!$A$2:$S$607,3,FALSE)","v":"Mpumalanga"},{"$f":"VLOOKUP($A298,DATA2!$A$2:$S$607,4,FALSE)","v":140.90684027777777},{"$f":"VLOOKUP($A298,DATA2!$A$2:$S$607,5,FALSE)","v":115},{"$f":"VLOOKUP($A298,DATA2!$A$2:$S$607,6,FALSE)","v":"MAIN CENTRE"},{"$f":"VLOOKUP($A298,DATA2!$A$2:$S$607,7,FALSE)","v":288},{"$f":"VLOOKUP($A298,DATA2!$A$2:$S$607,8,FALSE)","v":true},{"$f":"VLOOKUP($A298,DATA2!$A$2:$S$607,9,FALSE)","v":0.1},158840,{"$f":"VLOOKUP($A298,DATA2!$A$2:$S$607,10,FALSE)","v":40581.17},{"$f":"VLOOKUP($A298,DATA2!$A$2:$S$607,11,FALSE)","v":486974.04},{"$f":"VLOOKUP($A298,DATA2!$A$2:$S$607,12,FALSE)","v":"2014-05-01"},{"$f":"VLOOKUP($A298,DATA2!$A$2:$S$607,13,FALSE)","v":"2017-04-30"},{"$f":"VLOOKUP($A298,DATA2!$A$2:$S$607,14,FALSE)","v":"Yes"},{"$f":"IF(MATRIX2!D298=1,($Y$8-$X$2)/365*Table_Provincial_GTAC3536[[#This Row],[Adj.AnnualRental]]*MATRIX2!D298,($Y$8-$X$2)/365*Table_Provincial_GTAC3536[[#This Row],[Adj.AnnualRental]])","v":160101.05424657534},{"$f":"(Table_Provincial_GTAC3536[[#This Row],[Adj.AnnualRental]]*(1+$I298)^(2))","v":589238.58840000001},{"$f":"(Table_Provincial_GTAC3536[[#This Row],[Adj.AnnualRental]]*(1+$I298)^(3))","v":648162.44724000013},{"$f":"(Table_Provincial_GTAC3536[[#This Row],[Adj.AnnualRental]]*(1+$I298)^(4))","v":712978.69196400011},{"$f":"(Table_Provincial_GTAC3536[[#This Row],[Adj.AnnualRental]]*(1+$I298)^(5))","v":784276.56116040028},{"$f":"(Table_Provincial_GTAC3536[[#This Row],[Adj.AnnualRental]]*(1+$I298)^(6))","v":862704.21727644035},{"$f":"(Table_Provincial_GTAC3536[[#This Row],[Adj.AnnualRental]]*(1+$I298)^(7))","v":948974.63900408451}]
[403,{"$f":"VLOOKUP($A299,DATA2!$A$2:$S$607,2,FALSE)","v":"MP"},{"$f":"VLOOKUP($A299,DATA2!$A$2:$S$607,3,FALSE)","v":"Mpumalanga"},{"$f":"VLOOKUP($A299,DATA2!$A$2:$S$607,4,FALSE)","v":146.25136684401281},{"$f":"VLOOKUP($A299,DATA2!$A$2:$S$607,5,FALSE)","v":115},{"$f":"VLOOKUP($A299,DATA2!$A$2:$S$607,6,FALSE)","v":"MAIN CENTRE"},{"$f":"VLOOKUP($A299,DATA2!$A$2:$S$607,7,FALSE)","v":1981.06},{"$f":"VLOOKUP($A299,DATA2!$A$2:$S$607,8,FALSE)","v":true},{"$f":"VLOOKUP($A299,DATA2!$A$2:$S$607,9,FALSE)","v":0.08},169991.29,{"$f":"VLOOKUP($A299,DATA2!$A$2:$S$607,10,FALSE)","v":289732.7328},{"$f":"VLOOKUP($A299,DATA2!$A$2:$S$607,11,FALSE)","v":3476792.7936},{"$f":"VLOOKUP($A299,DATA2!$A$2:$S$607,12,FALSE)","v":"2015-11-01"},{"$f":"VLOOKUP($A299,DATA2!$A$2:$S$607,13,FALSE)","v":"2018-10-31"},{"$f":"VLOOKUP($A299,DATA2!$A$2:$S$607,14,FALSE)","v":"No"},{"$f":"IF(MATRIX2!D299=1,($Y$8-$X$2)/365*Table_Provincial_GTAC3536[[#This Row],[Adj.AnnualRental]]*MATRIX2!D299,($Y$8-$X$2)/365*Table_Provincial_GTAC3536[[#This Row],[Adj.AnnualRental]])","v":1143055.1650191781},{"$f":"(Table_Provincial_GTAC3536[[#This Row],[Adj.AnnualRental]]*(1+$I299)^(2))","v":4055331.1144550405},{"$f":"(Table_Provincial_GTAC3536[[#This Row],[Adj.AnnualRental]]*(1+$I299)^(3))","v":4379757.6036114441},{"$f":"(Table_Provincial_GTAC3536[[#This Row],[Adj.AnnualRental]]*(1+$I299)^(4))","v":4730138.21190036},{"$f":"(Table_Provincial_GTAC3536[[#This Row],[Adj.AnnualRental]]*(1+$I299)^(5))","v":5108549.2688523885},{"$f":"(Table_Provincial_GTAC3536[[#This Row],[Adj.AnnualRental]]*(1+$I299)^(6))","v":5517233.2103605801},{"$f":"(Table_Provincial_GTAC3536[[#This Row],[Adj.AnnualRental]]*(1+$I299)^(7))","v":5958611.8671894269}]
[404,{"$f":"VLOOKUP($A300,DATA2!$A$2:$S$607,2,FALSE)","v":"MP"},{"$f":"VLOOKUP($A300,DATA2!$A$2:$S$607,3,FALSE)","v":"Mpumalanga"},{"$f":"VLOOKUP($A300,DATA2!$A$2:$S$607,4,FALSE)","v":209.18569392812887},{"$f":"VLOOKUP($A300,DATA2!$A$2:$S$607,5,FALSE)","v":115},{"$f":"VLOOKUP($A300,DATA2!$A$2:$S$607,6,FALSE)","v":"MAIN CENTRE"},{"$f":"VLOOKUP($A300,DATA2!$A$2:$S$607,7,FALSE)","v":1614},{"$f":"VLOOKUP($A300,DATA2!$A$2:$S$607,8,FALSE)","v":true},{"$f":"VLOOKUP($A300,DATA2!$A$2:$S$607,9,FALSE)","v":0.09},54238.22,{"$f":"VLOOKUP($A300,DATA2!$A$2:$S$607,10,FALSE)","v":337625.71},{"$f":"VLOOKUP($A300,DATA2!$A$2:$S$607,11,FALSE)","v":4051508.52},{"$f":"VLOOKUP($A300,DATA2!$A$2:$S$607,12,FALSE)","v":"2015-10-01"},{"$f":"VLOOKUP($A300,DATA2!$A$2:$S$607,13,FALSE)","v":"2017-09-30"},{"$f":"VLOOKUP($A300,DATA2!$A$2:$S$607,14,FALSE)","v":"No"},{"$f":"IF(MATRIX2!D300=1,($Y$8-$X$2)/365*Table_Provincial_GTAC3536[[#This Row],[Adj.AnnualRental]]*MATRIX2!D300,($Y$8-$X$2)/365*Table_Provincial_GTAC3536[[#This Row],[Adj.AnnualRental]])","v":1332002.8010958903},{"$f":"(Table_Provincial_GTAC3536[[#This Row],[Adj.AnnualRental]]*(1+$I300)^(2))","v":4813597.2726120008},{"$f":"(Table_Provincial_GTAC3536[[#This Row],[Adj.AnnualRental]]*(1+$I300)^(3))","v":5246821.0271470807},{"$f":"(Table_Provincial_GTAC3536[[#This Row],[Adj.AnnualRental]]*(1+$I300)^(4))","v":5719034.9195903186},{"$f":"(Table_Provincial_GTAC3536[[#This Row],[Adj.AnnualRental]]*(1+$I300)^(5))","v":6233748.062353448},{"$f":"(Table_Provincial_GTAC3536[[#This Row],[Adj.AnnualRental]]*(1+$I300)^(6))","v":6794785.3879652582},{"$f":"(Table_Provincial_GTAC3536[[#This Row],[Adj.AnnualRental]]*(1+$I300)^(7))","v":7406316.0728821317}]
[406,{"$f":"VLOOKUP($A301,DATA2!$A$2:$S$607,2,FALSE)","v":"MP"},{"$f":"VLOOKUP($A301,DATA2!$A$2:$S$607,3,FALSE)","v":"Mpumalanga"},{"$f":"VLOOKUP($A301,DATA2!$A$2:$S$607,4,FALSE)","v":280.49534430634867},{"$f":"VLOOKUP($A301,DATA2!$A$2:$S$607,5,FALSE)","v":115},{"$f":"VLOOKUP($A301,DATA2!$A$2:$S$607,6,FALSE)","v":"MAIN CENTRE"},{"$f":"VLOOKUP($A301,DATA2!$A$2:$S$607,7,FALSE)","v":2977},{"$f":"VLOOKUP($A301,DATA2!$A$2:$S$607,8,FALSE)","v":true},{"$f":"VLOOKUP($A301,DATA2!$A$2:$S$607,9,FALSE)","v":0.1},70101.100000000006,{"$f":"VLOOKUP($A301,DATA2!$A$2:$S$607,10,FALSE)","v":835034.64},{"$f":"VLOOKUP($A301,DATA2!$A$2:$S$607,11,FALSE)","v":10020415.68},{"$f":"VLOOKUP($A301,DATA2!$A$2:$S$607,12,FALSE)","v":"2009-12-01"},{"$f":"VLOOKUP($A301,DATA2!$A$2:$S$607,13,FALSE)","v":"2019-10-31"},{"$f":"VLOOKUP($A301,DATA2!$A$2:$S$607,14,FALSE)","v":"No"},{"$f":"IF(MATRIX2!D301=1,($Y$8-$X$2)/365*Table_Provincial_GTAC3536[[#This Row],[Adj.AnnualRental]]*MATRIX2!D301,($Y$8-$X$2)/365*Table_Provincial_GTAC3536[[#This Row],[Adj.AnnualRental]])","v":3294383.2372602737},{"$f":"(Table_Provincial_GTAC3536[[#This Row],[Adj.AnnualRental]]*(1+$I301)^(2))","v":12124702.972800002},{"$f":"(Table_Provincial_GTAC3536[[#This Row],[Adj.AnnualRental]]*(1+$I301)^(3))","v":13337173.270080004},{"$f":"(Table_Provincial_GTAC3536[[#This Row],[Adj.AnnualRental]]*(1+$I301)^(4))","v":14670890.597088004},{"$f":"(Table_Provincial_GTAC3536[[#This Row],[Adj.AnnualRental]]*(1+$I301)^(5))","v":16137979.656796806},{"$f":"(Table_Provincial_GTAC3536[[#This Row],[Adj.AnnualRental]]*(1+$I301)^(6))","v":17751777.622476488},{"$f":"(Table_Provincial_GTAC3536[[#This Row],[Adj.AnnualRental]]*(1+$I301)^(7))","v":19526955.38472414}]
[408,{"$f":"VLOOKUP($A302,DATA2!$A$2:$S$607,2,FALSE)","v":"MP"},{"$f":"VLOOKUP($A302,DATA2!$A$2:$S$607,3,FALSE)","v":"Mpumalanga"},{"$f":"VLOOKUP($A302,DATA2!$A$2:$S$607,4,FALSE)","v":351.73325775656326},{"$f":"VLOOKUP($A302,DATA2!$A$2:$S$607,5,FALSE)","v":115},{"$f":"VLOOKUP($A302,DATA2!$A$2:$S$607,6,FALSE)","v":"MAIN CENTRE"},{"$f":"VLOOKUP($A302,DATA2!$A$2:$S$607,7,FALSE)","v":1676},{"$f":"VLOOKUP($A302,DATA2!$A$2:$S$607,8,FALSE)","v":true},{"$f":"VLOOKUP($A302,DATA2!$A$2:$S$607,9,FALSE)","v":0.1},43207.73,{"$f":"VLOOKUP($A302,DATA2!$A$2:$S$607,10,FALSE)","v":589504.93999999994},{"$f":"VLOOKUP($A302,DATA2!$A$2:$S$607,11,FALSE)","v":7074059.2800000003},{"$f":"VLOOKUP($A302,DATA2!$A$2:$S$607,12,FALSE)","v":"2007-11-01"},{"$f":"VLOOKUP($A302,DATA2!$A$2:$S$607,13,FALSE)","v":"2017-09-30"},{"$f":"VLOOKUP($A302,DATA2!$A$2:$S$607,14,FALSE)","v":"No"},{"$f":"IF(MATRIX2!D302=1,($Y$8-$X$2)/365*Table_Provincial_GTAC3536[[#This Row],[Adj.AnnualRental]]*MATRIX2!D302,($Y$8-$X$2)/365*Table_Provincial_GTAC3536[[#This Row],[Adj.AnnualRental]])","v":2325718.1194520546},{"$f":"(Table_Provincial_GTAC3536[[#This Row],[Adj.AnnualRental]]*(1+$I302)^(2))","v":8559611.7288000025},{"$f":"(Table_Provincial_GTAC3536[[#This Row],[Adj.AnnualRental]]*(1+$I302)^(3))","v":9415572.9016800039},{"$f":"(Table_Provincial_GTAC3536[[#This Row],[Adj.AnnualRental]]*(1+$I302)^(4))","v":10357130.191848002},{"$f":"(Table_Provincial_GTAC3536[[#This Row],[Adj.AnnualRental]]*(1+$I302)^(5))","v":11392843.211032804},{"$f":"(Table_Provincial_GTAC3536[[#This Row],[Adj.AnnualRental]]*(1+$I302)^(6))","v":12532127.532136086},{"$f":"(Table_Provincial_GTAC3536[[#This Row],[Adj.AnnualRental]]*(1+$I302)^(7))","v":13785340.285349697}]
[409,{"$f":"VLOOKUP($A303,DATA2!$A$2:$S$607,2,FALSE)","v":"MP"},{"$f":"VLOOKUP($A303,DATA2!$A$2:$S$607,3,FALSE)","v":"Mpumalanga"},{"$f":"VLOOKUP($A303,DATA2!$A$2:$S$607,4,FALSE)","v":397.74738000000002},{"$f":"VLOOKUP($A303,DATA2!$A$2:$S$607,5,FALSE)","v":115},{"$f":"VLOOKUP($A303,DATA2!$A$2:$S$607,6,FALSE)","v":"MAIN CENTRE"},{"$f":"VLOOKUP($A303,DATA2!$A$2:$S$607,7,FALSE)","v":1000},{"$f":"VLOOKUP($A303,DATA2!$A$2:$S$607,8,FALSE)","v":true},{"$f":"VLOOKUP($A303,DATA2!$A$2:$S$607,9,FALSE)","v":0.1},307800,{"$f":"VLOOKUP($A303,DATA2!$A$2:$S$607,10,FALSE)","v":397747.38},{"$f":"VLOOKUP($A303,DATA2!$A$2:$S$607,11,FALSE)","v":4772968.5599999996},{"$f":"VLOOKUP($A303,DATA2!$A$2:$S$607,12,FALSE)","v":"2007-11-01"},{"$f":"VLOOKUP($A303,DATA2!$A$2:$S$607,13,FALSE)","v":"2017-09-30"},{"$f":"VLOOKUP($A303,DATA2!$A$2:$S$607,14,FALSE)","v":"No"},{"$f":"IF(MATRIX2!D303=1,($Y$8-$X$2)/365*Table_Provincial_GTAC3536[[#This Row],[Adj.AnnualRental]]*MATRIX2!D303,($Y$8-$X$2)/365*Table_Provincial_GTAC3536[[#This Row],[Adj.AnnualRental]])","v":1569195.1430136985},{"$f":"(Table_Provincial_GTAC3536[[#This Row],[Adj.AnnualRental]]*(1+$I303)^(2))","v":5775291.9576000003},{"$f":"(Table_Provincial_GTAC3536[[#This Row],[Adj.AnnualRental]]*(1+$I303)^(3))","v":6352821.1533600017},{"$f":"(Table_Provincial_GTAC3536[[#This Row],[Adj.AnnualRental]]*(1+$I303)^(4))","v":6988103.2686960017},{"$f":"(Table_Provincial_GTAC3536[[#This Row],[Adj.AnnualRental]]*(1+$I303)^(5))","v":7686913.5955656022},{"$f":"(Table_Provincial_GTAC3536[[#This Row],[Adj.AnnualRental]]*(1+$I303)^(6))","v":8455604.9551221635},{"$f":"(Table_Provincial_GTAC3536[[#This Row],[Adj.AnnualRental]]*(1+$I303)^(7))","v":9301165.4506343808}]
[410,{"$f":"VLOOKUP($A304,DATA2!$A$2:$S$607,2,FALSE)","v":"MP"},{"$f":"VLOOKUP($A304,DATA2!$A$2:$S$607,3,FALSE)","v":"Mpumalanga"},{"$f":"VLOOKUP($A304,DATA2!$A$2:$S$607,4,FALSE)","v":430.09276521333646},{"$f":"VLOOKUP($A304,DATA2!$A$2:$S$607,5,FALSE)","v":115},{"$f":"VLOOKUP($A304,DATA2!$A$2:$S$607,6,FALSE)","v":"MAIN CENTRE"},{"$f":"VLOOKUP($A304,DATA2!$A$2:$S$607,7,FALSE)","v":4289},{"$f":"VLOOKUP($A304,DATA2!$A$2:$S$607,8,FALSE)","v":true},{"$f":"VLOOKUP($A304,DATA2!$A$2:$S$607,9,FALSE)","v":0.1},352345.39,{"$f":"VLOOKUP($A304,DATA2!$A$2:$S$607,10,FALSE)","v":1844667.87},{"$f":"VLOOKUP($A304,DATA2!$A$2:$S$607,11,FALSE)","v":22136014.440000001},{"$f":"VLOOKUP($A304,DATA2!$A$2:$S$607,12,FALSE)","v":"2009-07-01"},{"$f":"VLOOKUP($A304,DATA2!$A$2:$S$607,13,FALSE)","v":"2019-05-31"},{"$f":"VLOOKUP($A304,DATA2!$A$2:$S$607,14,FALSE)","v":"No"},{"$f":"IF(MATRIX2!D304=1,($Y$8-$X$2)/365*Table_Provincial_GTAC3536[[#This Row],[Adj.AnnualRental]]*MATRIX2!D304,($Y$8-$X$2)/365*Table_Provincial_GTAC3536[[#This Row],[Adj.AnnualRental]])","v":7277593.7884931508},{"$f":"(Table_Provincial_GTAC3536[[#This Row],[Adj.AnnualRental]]*(1+$I304)^(2))","v":26784577.472400006},{"$f":"(Table_Provincial_GTAC3536[[#This Row],[Adj.AnnualRental]]*(1+$I304)^(3))","v":29463035.219640009},{"$f":"(Table_Provincial_GTAC3536[[#This Row],[Adj.AnnualRental]]*(1+$I304)^(4))","v":32409338.741604012},{"$f":"(Table_Provincial_GTAC3536[[#This Row],[Adj.AnnualRental]]*(1+$I304)^(5))","v":35650272.615764417},{"$f":"(Table_Provincial_GTAC3536[[#This Row],[Adj.AnnualRental]]*(1+$I304)^(6))","v":39215299.877340861},{"$f":"(Table_Provincial_GTAC3536[[#This Row],[Adj.AnnualRental]]*(1+$I304)^(7))","v":43136829.865074955}]
[413,{"$f":"VLOOKUP($A305,DATA2!$A$2:$S$607,2,FALSE)","v":"MP"},{"$f":"VLOOKUP($A305,DATA2!$A$2:$S$607,3,FALSE)","v":"Mpumalanga"},{"$f":"VLOOKUP($A305,DATA2!$A$2:$S$607,4,FALSE)","v":190.38},{"$f":"VLOOKUP($A305,DATA2!$A$2:$S$607,5,FALSE)","v":115},{"$f":"VLOOKUP($A305,DATA2!$A$2:$S$607,6,FALSE)","v":"MAIN CENTRE"},{"$f":"VLOOKUP($A305,DATA2!$A$2:$S$607,7,FALSE)","v":2615},{"$f":"VLOOKUP($A305,DATA2!$A$2:$S$607,8,FALSE)","v":true},{"$f":"VLOOKUP($A305,DATA2!$A$2:$S$607,9,FALSE)","v":0.08},862184.88,{"$f":"VLOOKUP($A305,DATA2!$A$2:$S$607,10,FALSE)","v":497843.7},{"$f":"VLOOKUP($A305,DATA2!$A$2:$S$607,11,FALSE)","v":5974124.4000000004},{"$f":"VLOOKUP($A305,DATA2!$A$2:$S$607,12,FALSE)","v":"2017-03-01"},{"$f":"VLOOKUP($A305,DATA2!$A$2:$S$607,13,FALSE)","v":"2019-02-28"},{"$f":"VLOOKUP($A305,DATA2!$A$2:$S$607,14,FALSE)","v":"No"},{"$f":"IF(MATRIX2!D305=1,($Y$8-$X$2)/365*Table_Provincial_GTAC3536[[#This Row],[Adj.AnnualRental]]*MATRIX2!D305,($Y$8-$X$2)/365*Table_Provincial_GTAC3536[[#This Row],[Adj.AnnualRental]])","v":1964095.6931506849},{"$f":"(Table_Provincial_GTAC3536[[#This Row],[Adj.AnnualRental]]*(1+$I305)^(2))","v":6968218.7001600014},{"$f":"(Table_Provincial_GTAC3536[[#This Row],[Adj.AnnualRental]]*(1+$I305)^(3))","v":7525676.1961728018},{"$f":"(Table_Provincial_GTAC3536[[#This Row],[Adj.AnnualRental]]*(1+$I305)^(4))","v":8127730.2918666266},{"$f":"(Table_Provincial_GTAC3536[[#This Row],[Adj.AnnualRental]]*(1+$I305)^(5))","v":8777948.7152159568},{"$f":"(Table_Provincial_GTAC3536[[#This Row],[Adj.AnnualRental]]*(1+$I305)^(6))","v":9480184.6124332342},{"$f":"(Table_Provincial_GTAC3536[[#This Row],[Adj.AnnualRental]]*(1+$I305)^(7))","v":10238599.381427893}]
[414,{"$f":"VLOOKUP($A306,DATA2!$A$2:$S$607,2,FALSE)","v":"MP"},{"$f":"VLOOKUP($A306,DATA2!$A$2:$S$607,3,FALSE)","v":"Mpumalanga"},{"$f":"VLOOKUP($A306,DATA2!$A$2:$S$607,4,FALSE)","v":114.42755769230769},{"$f":"VLOOKUP($A306,DATA2!$A$2:$S$607,5,FALSE)","v":115},{"$f":"VLOOKUP($A306,DATA2!$A$2:$S$607,6,FALSE)","v":"MAIN CENTRE"},{"$f":"VLOOKUP($A306,DATA2!$A$2:$S$607,7,FALSE)","v":2600},{"$f":"VLOOKUP($A306,DATA2!$A$2:$S$607,8,FALSE)","v":true},{"$f":"VLOOKUP($A306,DATA2!$A$2:$S$607,9,FALSE)","v":0.08},604790.06000000006,{"$f":"VLOOKUP($A306,DATA2!$A$2:$S$607,10,FALSE)","v":297511.65000000002},{"$f":"VLOOKUP($A306,DATA2!$A$2:$S$607,11,FALSE)","v":3570139.8},{"$f":"VLOOKUP($A306,DATA2!$A$2:$S$607,12,FALSE)","v":"2014-01-01"},{"$f":"VLOOKUP($A306,DATA2!$A$2:$S$607,13,FALSE)","v":"2018-12-31"},{"$f":"VLOOKUP($A306,DATA2!$A$2:$S$607,14,FALSE)","v":"No"},{"$f":"IF(MATRIX2!D306=1,($Y$8-$X$2)/365*Table_Provincial_GTAC3536[[#This Row],[Adj.AnnualRental]]*MATRIX2!D306,($Y$8-$X$2)/365*Table_Provincial_GTAC3536[[#This Row],[Adj.AnnualRental]])","v":1173744.5917808218},{"$f":"(Table_Provincial_GTAC3536[[#This Row],[Adj.AnnualRental]]*(1+$I306)^(2))","v":4164211.0627200003},{"$f":"(Table_Provincial_GTAC3536[[#This Row],[Adj.AnnualRental]]*(1+$I306)^(3))","v":4497347.9477376007},{"$f":"(Table_Provincial_GTAC3536[[#This Row],[Adj.AnnualRental]]*(1+$I306)^(4))","v":4857135.7835566085},{"$f":"(Table_Provincial_GTAC3536[[#This Row],[Adj.AnnualRental]]*(1+$I306)^(5))","v":5245706.6462411378},{"$f":"(Table_Provincial_GTAC3536[[#This Row],[Adj.AnnualRental]]*(1+$I306)^(6))","v":5665363.1779404292},{"$f":"(Table_Provincial_GTAC3536[[#This Row],[Adj.AnnualRental]]*(1+$I306)^(7))","v":6118592.232175664}]
[415,{"$f":"VLOOKUP($A307,DATA2!$A$2:$S$607,2,FALSE)","v":"MP"},{"$f":"VLOOKUP($A307,DATA2!$A$2:$S$607,3,FALSE)","v":"Mpumalanga"},{"$f":"VLOOKUP($A307,DATA2!$A$2:$S$607,4,FALSE)","v":215.46},{"$f":"VLOOKUP($A307,DATA2!$A$2:$S$607,5,FALSE)","v":115},{"$f":"VLOOKUP($A307,DATA2!$A$2:$S$607,6,FALSE)","v":"MAIN CENTRE"},{"$f":"VLOOKUP($A307,DATA2!$A$2:$S$607,7,FALSE)","v":2100},{"$f":"VLOOKUP($A307,DATA2!$A$2:$S$607,8,FALSE)","v":true},{"$f":"VLOOKUP($A307,DATA2!$A$2:$S$607,9,FALSE)","v":0.08},406867.38,{"$f":"VLOOKUP($A307,DATA2!$A$2:$S$607,10,FALSE)","v":452466},{"$f":"VLOOKUP($A307,DATA2!$A$2:$S$607,11,FALSE)","v":5429592},{"$f":"VLOOKUP($A307,DATA2!$A$2:$S$607,12,FALSE)","v":"2016-12-01"},{"$f":"VLOOKUP($A307,DATA2!$A$2:$S$607,13,FALSE)","v":"2021-11-30"},{"$f":"VLOOKUP($A307,DATA2!$A$2:$S$607,14,FALSE)","v":"No"},{"$f":"IF(MATRIX2!D307=1,($Y$8-$X$2)/365*Table_Provincial_GTAC3536[[#This Row],[Adj.AnnualRental]]*MATRIX2!D307,($Y$8-$X$2)/365*Table_Provincial_GTAC3536[[#This Row],[Adj.AnnualRental]])","v":1785071.3424657534},{"$f":"(Table_Provincial_GTAC3536[[#This Row],[Adj.AnnualRental]]*(1+$I307)^(2))","v":6333076.1088000005},{"$f":"(Table_Provincial_GTAC3536[[#This Row],[Adj.AnnualRental]]*(1+$I307)^(3))","v":6839722.1975040007},{"$f":"(Table_Provincial_GTAC3536[[#This Row],[Adj.AnnualRental]]*(1+$I307)^(4))","v":7386899.973304322},{"$f":"(Table_Provincial_GTAC3536[[#This Row],[Adj.AnnualRental]]*(1+$I307)^(5))","v":7977851.9711686671},{"$f":"(Table_Provincial_GTAC3536[[#This Row],[Adj.AnnualRental]]*(1+$I307)^(6))","v":8616080.1288621612},{"$f":"(Table_Provincial_GTAC3536[[#This Row],[Adj.AnnualRental]]*(1+$I307)^(7))","v":9305366.5391711351}]
[416,{"$f":"VLOOKUP($A308,DATA2!$A$2:$S$607,2,FALSE)","v":"MP"},{"$f":"VLOOKUP($A308,DATA2!$A$2:$S$607,3,FALSE)","v":"Mpumalanga"},{"$f":"VLOOKUP($A308,DATA2!$A$2:$S$607,4,FALSE)","v":236.92848000000001},{"$f":"VLOOKUP($A308,DATA2!$A$2:$S$607,5,FALSE)","v":115},{"$f":"VLOOKUP($A308,DATA2!$A$2:$S$607,6,FALSE)","v":"MAIN CENTRE"},{"$f":"VLOOKUP($A308,DATA2!$A$2:$S$607,7,FALSE)","v":3000},{"$f":"VLOOKUP($A308,DATA2!$A$2:$S$607,8,FALSE)","v":true},{"$f":"VLOOKUP($A308,DATA2!$A$2:$S$607,9,FALSE)","v":0.08},1883783.55,{"$f":"VLOOKUP($A308,DATA2!$A$2:$S$607,10,FALSE)","v":710785.44},{"$f":"VLOOKUP($A308,DATA2!$A$2:$S$607,11,FALSE)","v":8529425.2799999993},{"$f":"VLOOKUP($A308,DATA2!$A$2:$S$607,12,FALSE)","v":"2016-11-01"},{"$f":"VLOOKUP($A308,DATA2!$A$2:$S$607,13,FALSE)","v":"2026-09-30"},{"$f":"VLOOKUP($A308,DATA2!$A$2:$S$607,14,FALSE)","v":"No"},{"$f":"IF(MATRIX2!D308=1,($Y$8-$X$2)/365*Table_Provincial_GTAC3536[[#This Row],[Adj.AnnualRental]]*MATRIX2!D308,($Y$8-$X$2)/365*Table_Provincial_GTAC3536[[#This Row],[Adj.AnnualRental]])","v":2804194.6126027391},{"$f":"(Table_Provincial_GTAC3536[[#This Row],[Adj.AnnualRental]]*(1+$I308)^(2))","v":9948721.6465920005},{"$f":"(Table_Provincial_GTAC3536[[#This Row],[Adj.AnnualRental]]*(1+$I308)^(3))","v":10744619.37831936},{"$f":"(Table_Provincial_GTAC3536[[#This Row],[Adj.AnnualRental]]*(1+$I308)^(4))","v":11604188.928584911},{"$f":"(Table_Provincial_GTAC3536[[#This Row],[Adj.AnnualRental]]*(1+$I308)^(5))","v":12532524.042871702},{"$f":"(Table_Provincial_GTAC3536[[#This Row],[Adj.AnnualRental]]*(1+$I308)^(6))","v":13535125.966301441},{"$f":"(Table_Provincial_GTAC3536[[#This Row],[Adj.AnnualRental]]*(1+$I308)^(7))","v":14617936.043605557}]
[417,{"$f":"VLOOKUP($A309,DATA2!$A$2:$S$607,2,FALSE)","v":"MP"},{"$f":"VLOOKUP($A309,DATA2!$A$2:$S$607,3,FALSE)","v":"Mpumalanga"},{"$f":"VLOOKUP($A309,DATA2!$A$2:$S$607,4,FALSE)","v":140.14039603960396},{"$f":"VLOOKUP($A309,DATA2!$A$2:$S$607,5,FALSE)","v":115},{"$f":"VLOOKUP($A309,DATA2!$A$2:$S$607,6,FALSE)","v":"VTSD"},{"$f":"VLOOKUP($A309,DATA2!$A$2:$S$607,7,FALSE)","v":202},{"$f":"VLOOKUP($A309,DATA2!$A$2:$S$607,8,FALSE)","v":true},{"$f":"VLOOKUP($A309,DATA2!$A$2:$S$607,9,FALSE)","v":0.08},521692.5,{"$f":"VLOOKUP($A309,DATA2!$A$2:$S$607,10,FALSE)","v":28308.36},{"$f":"VLOOKUP($A309,DATA2!$A$2:$S$607,11,FALSE)","v":339700.32},{"$f":"VLOOKUP($A309,DATA2!$A$2:$S$607,12,FALSE)","v":"2012-05-01"},{"$f":"VLOOKUP($A309,DATA2!$A$2:$S$607,13,FALSE)","v":"2017-04-30"},{"$f":"VLOOKUP($A309,DATA2!$A$2:$S$607,14,FALSE)","v":"Yes"},{"$f":"IF(MATRIX2!D309=1,($Y$8-$X$2)/365*Table_Provincial_GTAC3536[[#This Row],[Adj.AnnualRental]]*MATRIX2!D309,($Y$8-$X$2)/365*Table_Provincial_GTAC3536[[#This Row],[Adj.AnnualRental]])","v":111682.29698630137},{"$f":"(Table_Provincial_GTAC3536[[#This Row],[Adj.AnnualRental]]*(1+$I309)^(2))","v":396226.45324800006},{"$f":"(Table_Provincial_GTAC3536[[#This Row],[Adj.AnnualRental]]*(1+$I309)^(3))","v":427924.56950784009},{"$f":"(Table_Provincial_GTAC3536[[#This Row],[Adj.AnnualRental]]*(1+$I309)^(4))","v":462158.53506846732},{"$f":"(Table_Provincial_GTAC3536[[#This Row],[Adj.AnnualRental]]*(1+$I309)^(5))","v":499131.21787394473},{"$f":"(Table_Provincial_GTAC3536[[#This Row],[Adj.AnnualRental]]*(1+$I309)^(6))","v":539061.71530386037},{"$f":"(Table_Provincial_GTAC3536[[#This Row],[Adj.AnnualRental]]*(1+$I309)^(7))","v":582186.65252816922}]
[418,{"$f":"VLOOKUP($A310,DATA2!$A$2:$S$607,2,FALSE)","v":"MP"},{"$f":"VLOOKUP($A310,DATA2!$A$2:$S$607,3,FALSE)","v":"Mpumalanga"},{"$f":"VLOOKUP($A310,DATA2!$A$2:$S$607,4,FALSE)","v":235.9948514851485},{"$f":"VLOOKUP($A310,DATA2!$A$2:$S$607,5,FALSE)","v":105},{"$f":"VLOOKUP($A310,DATA2!$A$2:$S$607,6,FALSE)","v":"VTSD"},{"$f":"VLOOKUP($A310,DATA2!$A$2:$S$607,7,FALSE)","v":202},{"$f":"VLOOKUP($A310,DATA2!$A$2:$S$607,8,FALSE)","v":true},{"$f":"VLOOKUP($A310,DATA2!$A$2:$S$607,9,FALSE)","v":0.1},321223.65000000002,{"$f":"VLOOKUP($A310,DATA2!$A$2:$S$607,10,FALSE)","v":47670.96},{"$f":"VLOOKUP($A310,DATA2!$A$2:$S$607,11,FALSE)","v":572051.52},{"$f":"VLOOKUP($A310,DATA2!$A$2:$S$607,12,FALSE)","v":"2014-04-01"},{"$f":"VLOOKUP($A310,DATA2!$A$2:$S$607,13,FALSE)","v":"2019-03-31"},{"$f":"VLOOKUP($A310,DATA2!$A$2:$S$607,14,FALSE)","v":"No"},{"$f":"IF(MATRIX2!D310=1,($Y$8-$X$2)/365*Table_Provincial_GTAC3536[[#This Row],[Adj.AnnualRental]]*MATRIX2!D310,($Y$8-$X$2)/365*Table_Provincial_GTAC3536[[#This Row],[Adj.AnnualRental]])","v":188071.73260273974},{"$f":"(Table_Provincial_GTAC3536[[#This Row],[Adj.AnnualRental]]*(1+$I310)^(2))","v":692182.33920000016},{"$f":"(Table_Provincial_GTAC3536[[#This Row],[Adj.AnnualRental]]*(1+$I310)^(3))","v":761400.57312000031},{"$f":"(Table_Provincial_GTAC3536[[#This Row],[Adj.AnnualRental]]*(1+$I310)^(4))","v":837540.63043200027},{"$f":"(Table_Provincial_GTAC3536[[#This Row],[Adj.AnnualRental]]*(1+$I310)^(5))","v":921294.69347520033},{"$f":"(Table_Provincial_GTAC3536[[#This Row],[Adj.AnnualRental]]*(1+$I310)^(6))","v":1013424.1628227205},{"$f":"(Table_Provincial_GTAC3536[[#This Row],[Adj.AnnualRental]]*(1+$I310)^(7))","v":1114766.5791049928}]
[419,{"$f":"VLOOKUP($A311,DATA2!$A$2:$S$607,2,FALSE)","v":"MP"},{"$f":"VLOOKUP($A311,DATA2!$A$2:$S$607,3,FALSE)","v":"Mpumalanga"},{"$f":"VLOOKUP($A311,DATA2!$A$2:$S$607,4,FALSE)","v":146.739375},{"$f":"VLOOKUP($A311,DATA2!$A$2:$S$607,5,FALSE)","v":105},{"$f":"VLOOKUP($A311,DATA2!$A$2:$S$607,6,FALSE)","v":"VTSD"},{"$f":"VLOOKUP($A311,DATA2!$A$2:$S$607,7,FALSE)","v":256},{"$f":"VLOOKUP($A311,DATA2!$A$2:$S$607,8,FALSE)","v":true},{"$f":"VLOOKUP($A311,DATA2!$A$2:$S$607,9,FALSE)","v":0.1},471618,{"$f":"VLOOKUP($A311,DATA2!$A$2:$S$607,10,FALSE)","v":37565.279999999999},{"$f":"VLOOKUP($A311,DATA2!$A$2:$S$607,11,FALSE)","v":450783.36},{"$f":"VLOOKUP($A311,DATA2!$A$2:$S$607,12,FALSE)","v":"2016-01-01"},{"$f":"VLOOKUP($A311,DATA2!$A$2:$S$607,13,FALSE)","v":"2018-12-31"},{"$f":"VLOOKUP($A311,DATA2!$A$2:$S$607,14,FALSE)","v":"No"},{"$f":"IF(MATRIX2!D311=1,($Y$8-$X$2)/365*Table_Provincial_GTAC3536[[#This Row],[Adj.AnnualRental]]*MATRIX2!D311,($Y$8-$X$2)/365*Table_Provincial_GTAC3536[[#This Row],[Adj.AnnualRental]])","v":148202.74849315066},{"$f":"(Table_Provincial_GTAC3536[[#This Row],[Adj.AnnualRental]]*(1+$I311)^(2))","v":545447.86560000002},{"$f":"(Table_Provincial_GTAC3536[[#This Row],[Adj.AnnualRental]]*(1+$I311)^(3))","v":599992.65216000017},{"$f":"(Table_Provincial_GTAC3536[[#This Row],[Adj.AnnualRental]]*(1+$I311)^(4))","v":659991.9173760002},{"$f":"(Table_Provincial_GTAC3536[[#This Row],[Adj.AnnualRental]]*(1+$I311)^(5))","v":725991.10911360022},{"$f":"(Table_Provincial_GTAC3536[[#This Row],[Adj.AnnualRental]]*(1+$I311)^(6))","v":798590.22002496035},{"$f":"(Table_Provincial_GTAC3536[[#This Row],[Adj.AnnualRental]]*(1+$I311)^(7))","v":878449.24202745652}]
[420,{"$f":"VLOOKUP($A312,DATA2!$A$2:$S$607,2,FALSE)","v":"MP"},{"$f":"VLOOKUP($A312,DATA2!$A$2:$S$607,3,FALSE)","v":"Mpumalanga"},{"$f":"VLOOKUP($A312,DATA2!$A$2:$S$607,4,FALSE)","v":152.10857142857142},{"$f":"VLOOKUP($A312,DATA2!$A$2:$S$607,5,FALSE)","v":105},{"$f":"VLOOKUP($A312,DATA2!$A$2:$S$607,6,FALSE)","v":"VTSD"},{"$f":"VLOOKUP($A312,DATA2!$A$2:$S$607,7,FALSE)","v":140},{"$f":"VLOOKUP($A312,DATA2!$A$2:$S$607,8,FALSE)","v":true},{"$f":"VLOOKUP($A312,DATA2!$A$2:$S$607,9,FALSE)","v":0},738145.44,{"$f":"VLOOKUP($A312,DATA2!$A$2:$S$607,10,FALSE)","v":21295.200000000001},{"$f":"VLOOKUP($A312,DATA2!$A$2:$S$607,11,FALSE)","v":255542.39999999999},{"$f":"VLOOKUP($A312,DATA2!$A$2:$S$607,12,FALSE)","v":"2013-11-01"},{"$f":"VLOOKUP($A312,DATA2!$A$2:$S$607,13,FALSE)","v":"2018-10-31"},{"$f":"VLOOKUP($A312,DATA2!$A$2:$S$607,14,FALSE)","v":"No"},{"$f":"IF(MATRIX2!D312=1,($Y$8-$X$2)/365*Table_Provincial_GTAC3536[[#This Row],[Adj.AnnualRental]]*MATRIX2!D312,($Y$8-$X$2)/365*Table_Provincial_GTAC3536[[#This Row],[Adj.AnnualRental]])","v":84013.939726027384},{"$f":"(Table_Provincial_GTAC3536[[#This Row],[Adj.AnnualRental]]*(1+$I312)^(2))","v":255542.39999999999},{"$f":"(Table_Provincial_GTAC3536[[#This Row],[Adj.AnnualRental]]*(1+$I312)^(3))","v":255542.39999999999},{"$f":"(Table_Provincial_GTAC3536[[#This Row],[Adj.AnnualRental]]*(1+$I312)^(4))","v":255542.39999999999},{"$f":"(Table_Provincial_GTAC3536[[#This Row],[Adj.AnnualRental]]*(1+$I312)^(5))","v":255542.39999999999},{"$f":"(Table_Provincial_GTAC3536[[#This Row],[Adj.AnnualRental]]*(1+$I312)^(6))","v":255542.39999999999},{"$f":"(Table_Provincial_GTAC3536[[#This Row],[Adj.AnnualRental]]*(1+$I312)^(7))","v":255542.39999999999}]
[425,{"$f":"VLOOKUP($A313,DATA2!$A$2:$S$607,2,FALSE)","v":"MP"},{"$f":"VLOOKUP($A313,DATA2!$A$2:$S$607,3,FALSE)","v":"Mpumalanga"},{"$f":"VLOOKUP($A313,DATA2!$A$2:$S$607,4,FALSE)","v":190.31454545454545},{"$f":"VLOOKUP($A313,DATA2!$A$2:$S$607,5,FALSE)","v":115},{"$f":"VLOOKUP($A313,DATA2!$A$2:$S$607,6,FALSE)","v":"MAIN CENTRE"},{"$f":"VLOOKUP($A313,DATA2!$A$2:$S$607,7,FALSE)","v":1254},{"$f":"VLOOKUP($A313,DATA2!$A$2:$S$607,8,FALSE)","v":true},{"$f":"VLOOKUP($A313,DATA2!$A$2:$S$607,9,FALSE)","v":0.09},30150.6,{"$f":"VLOOKUP($A313,DATA2!$A$2:$S$607,10,FALSE)","v":238654.44},{"$f":"VLOOKUP($A313,DATA2!$A$2:$S$607,11,FALSE)","v":2863853.28},{"$f":"VLOOKUP($A313,DATA2!$A$2:$S$607,12,FALSE)","v":"2017-04-01"},{"$f":"VLOOKUP($A313,DATA2!$A$2:$S$607,13,FALSE)","v":"2018-03-30"},{"$f":"VLOOKUP($A313,DATA2!$A$2:$S$607,14,FALSE)","v":"No"},{"$f":"IF(MATRIX2!D313=1,($Y$8-$X$2)/365*Table_Provincial_GTAC3536[[#This Row],[Adj.AnnualRental]]*MATRIX2!D313,($Y$8-$X$2)/365*Table_Provincial_GTAC3536[[#This Row],[Adj.AnnualRental]])","v":941540.80438356148},{"$f":"(Table_Provincial_GTAC3536[[#This Row],[Adj.AnnualRental]]*(1+$I313)^(2))","v":3402544.0819680002},{"$f":"(Table_Provincial_GTAC3536[[#This Row],[Adj.AnnualRental]]*(1+$I313)^(3))","v":3708773.0493451203},{"$f":"(Table_Provincial_GTAC3536[[#This Row],[Adj.AnnualRental]]*(1+$I313)^(4))","v":4042562.6237861812},{"$f":"(Table_Provincial_GTAC3536[[#This Row],[Adj.AnnualRental]]*(1+$I313)^(5))","v":4406393.2599269385},{"$f":"(Table_Provincial_GTAC3536[[#This Row],[Adj.AnnualRental]]*(1+$I313)^(6))","v":4802968.6533203628},{"$f":"(Table_Provincial_GTAC3536[[#This Row],[Adj.AnnualRental]]*(1+$I313)^(7))","v":5235235.8321191957}]
[426,{"$f":"VLOOKUP($A314,DATA2!$A$2:$S$607,2,FALSE)","v":"MP"},{"$f":"VLOOKUP($A314,DATA2!$A$2:$S$607,3,FALSE)","v":"Mpumalanga"},{"$f":"VLOOKUP($A314,DATA2!$A$2:$S$607,4,FALSE)","v":117.45950495049505},{"$f":"VLOOKUP($A314,DATA2!$A$2:$S$607,5,FALSE)","v":105},{"$f":"VLOOKUP($A314,DATA2!$A$2:$S$607,6,FALSE)","v":"VTSD"},{"$f":"VLOOKUP($A314,DATA2!$A$2:$S$607,7,FALSE)","v":202},{"$f":"VLOOKUP($A314,DATA2!$A$2:$S$607,8,FALSE)","v":true},{"$f":"VLOOKUP($A314,DATA2!$A$2:$S$607,9,FALSE)","v":0.1},49513.2,{"$f":"VLOOKUP($A314,DATA2!$A$2:$S$607,10,FALSE)","v":23726.82},{"$f":"VLOOKUP($A314,DATA2!$A$2:$S$607,11,FALSE)","v":284721.84000000003},{"$f":"VLOOKUP($A314,DATA2!$A$2:$S$607,12,FALSE)","v":"2015-01-01"},{"$f":"VLOOKUP($A314,DATA2!$A$2:$S$607,13,FALSE)","v":"2019-12-31"},{"$f":"VLOOKUP($A314,DATA2!$A$2:$S$607,14,FALSE)","v":"No"},{"$f":"IF(MATRIX2!D314=1,($Y$8-$X$2)/365*Table_Provincial_GTAC3536[[#This Row],[Adj.AnnualRental]]*MATRIX2!D314,($Y$8-$X$2)/365*Table_Provincial_GTAC3536[[#This Row],[Adj.AnnualRental]])","v":93607.180273972612},{"$f":"(Table_Provincial_GTAC3536[[#This Row],[Adj.AnnualRental]]*(1+$I314)^(2))","v":344513.42640000011},{"$f":"(Table_Provincial_GTAC3536[[#This Row],[Adj.AnnualRental]]*(1+$I314)^(3))","v":378964.76904000016},{"$f":"(Table_Provincial_GTAC3536[[#This Row],[Adj.AnnualRental]]*(1+$I314)^(4))","v":416861.24594400014},{"$f":"(Table_Provincial_GTAC3536[[#This Row],[Adj.AnnualRental]]*(1+$I314)^(5))","v":458547.3705384002},{"$f":"(Table_Provincial_GTAC3536[[#This Row],[Adj.AnnualRental]]*(1+$I314)^(6))","v":504402.10759224027},{"$f":"(Table_Provincial_GTAC3536[[#This Row],[Adj.AnnualRental]]*(1+$I314)^(7))","v":554842.31835146435}]
[427,{"$f":"VLOOKUP($A315,DATA2!$A$2:$S$607,2,FALSE)","v":"MP"},{"$f":"VLOOKUP($A315,DATA2!$A$2:$S$607,3,FALSE)","v":"Mpumalanga"},{"$f":"VLOOKUP($A315,DATA2!$A$2:$S$607,4,FALSE)","v":69.78553505535055},{"$f":"VLOOKUP($A315,DATA2!$A$2:$S$607,5,FALSE)","v":105},{"$f":"VLOOKUP($A315,DATA2!$A$2:$S$607,6,FALSE)","v":"VTSD"},{"$f":"VLOOKUP($A315,DATA2!$A$2:$S$607,7,FALSE)","v":1029.8},{"$f":"VLOOKUP($A315,DATA2!$A$2:$S$607,8,FALSE)","v":true},{"$f":"VLOOKUP($A315,DATA2!$A$2:$S$607,9,FALSE)","v":0.1},39900,{"$f":"VLOOKUP($A315,DATA2!$A$2:$S$607,10,FALSE)","v":71865.144},{"$f":"VLOOKUP($A315,DATA2!$A$2:$S$607,11,FALSE)","v":862381.728},{"$f":"VLOOKUP($A315,DATA2!$A$2:$S$607,12,FALSE)","v":"2014-10-01"},{"$f":"VLOOKUP($A315,DATA2!$A$2:$S$607,13,FALSE)","v":"2019-09-30"},{"$f":"VLOOKUP($A315,DATA2!$A$2:$S$607,14,FALSE)","v":"No"},{"$f":"IF(MATRIX2!D315=1,($Y$8-$X$2)/365*Table_Provincial_GTAC3536[[#This Row],[Adj.AnnualRental]]*MATRIX2!D315,($Y$8-$X$2)/365*Table_Provincial_GTAC3536[[#This Row],[Adj.AnnualRental]])","v":283522.75989041093},{"$f":"(Table_Provincial_GTAC3536[[#This Row],[Adj.AnnualRental]]*(1+$I315)^(2))","v":1043481.8908800002},{"$f":"(Table_Provincial_GTAC3536[[#This Row],[Adj.AnnualRental]]*(1+$I315)^(3))","v":1147830.0799680003},{"$f":"(Table_Provincial_GTAC3536[[#This Row],[Adj.AnnualRental]]*(1+$I315)^(4))","v":1262613.0879648004},{"$f":"(Table_Provincial_GTAC3536[[#This Row],[Adj.AnnualRental]]*(1+$I315)^(5))","v":1388874.3967612805},{"$f":"(Table_Provincial_GTAC3536[[#This Row],[Adj.AnnualRental]]*(1+$I315)^(6))","v":1527761.8364374088},{"$f":"(Table_Provincial_GTAC3536[[#This Row],[Adj.AnnualRental]]*(1+$I315)^(7))","v":1680538.0200811499}]
[428,{"$f":"VLOOKUP($A316,DATA2!$A$2:$S$607,2,FALSE)","v":"MP"},{"$f":"VLOOKUP($A316,DATA2!$A$2:$S$607,3,FALSE)","v":"Mpumalanga"},{"$f":"VLOOKUP($A316,DATA2!$A$2:$S$607,4,FALSE)","v":45.680724637681159},{"$f":"VLOOKUP($A316,DATA2!$A$2:$S$607,5,FALSE)","v":115},{"$f":"VLOOKUP($A316,DATA2!$A$2:$S$607,6,FALSE)","v":"VTSD"},{"$f":"VLOOKUP($A316,DATA2!$A$2:$S$607,7,FALSE)","v":552},{"$f":"VLOOKUP($A316,DATA2!$A$2:$S$607,8,FALSE)","v":true},{"$f":"VLOOKUP($A316,DATA2!$A$2:$S$607,9,FALSE)","v":0.1},22572,{"$f":"VLOOKUP($A316,DATA2!$A$2:$S$607,10,FALSE)","v":25215.759999999998},{"$f":"VLOOKUP($A316,DATA2!$A$2:$S$607,11,FALSE)","v":302589.12},{"$f":"VLOOKUP($A316,DATA2!$A$2:$S$607,12,FALSE)","v":"2014-10-01"},{"$f":"VLOOKUP($A316,DATA2!$A$2:$S$607,13,FALSE)","v":"2018-09-30"},{"$f":"VLOOKUP($A316,DATA2!$A$2:$S$607,14,FALSE)","v":"No"},{"$f":"IF(MATRIX2!D316=1,($Y$8-$X$2)/365*Table_Provincial_GTAC3536[[#This Row],[Adj.AnnualRental]]*MATRIX2!D316,($Y$8-$X$2)/365*Table_Provincial_GTAC3536[[#This Row],[Adj.AnnualRental]])","v":99481.354520547931},{"$f":"(Table_Provincial_GTAC3536[[#This Row],[Adj.AnnualRental]]*(1+$I316)^(2))","v":366132.83520000003},{"$f":"(Table_Provincial_GTAC3536[[#This Row],[Adj.AnnualRental]]*(1+$I316)^(3))","v":402746.11872000014},{"$f":"(Table_Provincial_GTAC3536[[#This Row],[Adj.AnnualRental]]*(1+$I316)^(4))","v":443020.73059200012},{"$f":"(Table_Provincial_GTAC3536[[#This Row],[Adj.AnnualRental]]*(1+$I316)^(5))","v":487322.80365120014},{"$f":"(Table_Provincial_GTAC3536[[#This Row],[Adj.AnnualRental]]*(1+$I316)^(6))","v":536055.0840163203},{"$f":"(Table_Provincial_GTAC3536[[#This Row],[Adj.AnnualRental]]*(1+$I316)^(7))","v":589660.59241795237}]
[429,{"$f":"VLOOKUP($A317,DATA2!$A$2:$S$607,2,FALSE)","v":"MP"},{"$f":"VLOOKUP($A317,DATA2!$A$2:$S$607,3,FALSE)","v":"Mpumalanga"},{"$f":"VLOOKUP($A317,DATA2!$A$2:$S$607,4,FALSE)","v":67.189597315436245},{"$f":"VLOOKUP($A317,DATA2!$A$2:$S$607,5,FALSE)","v":105},{"$f":"VLOOKUP($A317,DATA2!$A$2:$S$607,6,FALSE)","v":"VTSD"},{"$f":"VLOOKUP($A317,DATA2!$A$2:$S$607,7,FALSE)","v":298},{"$f":"VLOOKUP($A317,DATA2!$A$2:$S$607,8,FALSE)","v":true},{"$f":"VLOOKUP($A317,DATA2!$A$2:$S$607,9,FALSE)","v":0.08},250090.92,{"$f":"VLOOKUP($A317,DATA2!$A$2:$S$607,10,FALSE)","v":20022.5},{"$f":"VLOOKUP($A317,DATA2!$A$2:$S$607,11,FALSE)","v":240270},{"$f":"VLOOKUP($A317,DATA2!$A$2:$S$607,12,FALSE)","v":"2015-09-01"},{"$f":"VLOOKUP($A317,DATA2!$A$2:$S$607,13,FALSE)","v":"2017-08-31"},{"$f":"VLOOKUP($A317,DATA2!$A$2:$S$607,14,FALSE)","v":"No"},{"$f":"IF(MATRIX2!D317=1,($Y$8-$X$2)/365*Table_Provincial_GTAC3536[[#This Row],[Adj.AnnualRental]]*MATRIX2!D317,($Y$8-$X$2)/365*Table_Provincial_GTAC3536[[#This Row],[Adj.AnnualRental]])","v":78992.876712328769},{"$f":"(Table_Provincial_GTAC3536[[#This Row],[Adj.AnnualRental]]*(1+$I317)^(2))","v":280250.92800000001},{"$f":"(Table_Provincial_GTAC3536[[#This Row],[Adj.AnnualRental]]*(1+$I317)^(3))","v":302671.00224000006},{"$f":"(Table_Provincial_GTAC3536[[#This Row],[Adj.AnnualRental]]*(1+$I317)^(4))","v":326884.68241920008},{"$f":"(Table_Provincial_GTAC3536[[#This Row],[Adj.AnnualRental]]*(1+$I317)^(5))","v":353035.45701273606},{"$f":"(Table_Provincial_GTAC3536[[#This Row],[Adj.AnnualRental]]*(1+$I317)^(6))","v":381278.29357375501},{"$f":"(Table_Provincial_GTAC3536[[#This Row],[Adj.AnnualRental]]*(1+$I317)^(7))","v":411780.55705965543}]
[430,{"$f":"VLOOKUP($A318,DATA2!$A$2:$S$607,2,FALSE)","v":"MP"},{"$f":"VLOOKUP($A318,DATA2!$A$2:$S$607,3,FALSE)","v":"Mpumalanga"},{"$f":"VLOOKUP($A318,DATA2!$A$2:$S$607,4,FALSE)","v":97.144571428571425},{"$f":"VLOOKUP($A318,DATA2!$A$2:$S$607,5,FALSE)","v":105},{"$f":"VLOOKUP($A318,DATA2!$A$2:$S$607,6,FALSE)","v":"VTSD"},{"$f":"VLOOKUP($A318,DATA2!$A$2:$S$607,7,FALSE)","v":350},{"$f":"VLOOKUP($A318,DATA2!$A$2:$S$607,8,FALSE)","v":true},{"$f":"VLOOKUP($A318,DATA2!$A$2:$S$607,9,FALSE)","v":0.08},25569.06,{"$f":"VLOOKUP($A318,DATA2!$A$2:$S$607,10,FALSE)","v":34000.6},{"$f":"VLOOKUP($A318,DATA2!$A$2:$S$607,11,FALSE)","v":408007.2},{"$f":"VLOOKUP($A318,DATA2!$A$2:$S$607,12,FALSE)","v":"2015-09-01"},{"$f":"VLOOKUP($A318,DATA2!$A$2:$S$607,13,FALSE)","v":"2017-08-31"},{"$f":"VLOOKUP($A318,DATA2!$A$2:$S$607,14,FALSE)","v":"No"},{"$f":"IF(MATRIX2!D318=1,($Y$8-$X$2)/365*Table_Provincial_GTAC3536[[#This Row],[Adj.AnnualRental]]*MATRIX2!D318,($Y$8-$X$2)/365*Table_Provincial_GTAC3536[[#This Row],[Adj.AnnualRental]])","v":134139.35342465754},{"$f":"(Table_Provincial_GTAC3536[[#This Row],[Adj.AnnualRental]]*(1+$I318)^(2))","v":475899.59808000008},{"$f":"(Table_Provincial_GTAC3536[[#This Row],[Adj.AnnualRental]]*(1+$I318)^(3))","v":513971.56592640007},{"$f":"(Table_Provincial_GTAC3536[[#This Row],[Adj.AnnualRental]]*(1+$I318)^(4))","v":555089.29120051209},{"$f":"(Table_Provincial_GTAC3536[[#This Row],[Adj.AnnualRental]]*(1+$I318)^(5))","v":599496.43449655315},{"$f":"(Table_Provincial_GTAC3536[[#This Row],[Adj.AnnualRental]]*(1+$I318)^(6))","v":647456.14925627748},{"$f":"(Table_Provincial_GTAC3536[[#This Row],[Adj.AnnualRental]]*(1+$I318)^(7))","v":699252.64119677967}]
[431,{"$f":"VLOOKUP($A319,DATA2!$A$2:$S$607,2,FALSE)","v":"MP"},{"$f":"VLOOKUP($A319,DATA2!$A$2:$S$607,3,FALSE)","v":"Mpumalanga"},{"$f":"VLOOKUP($A319,DATA2!$A$2:$S$607,4,FALSE)","v":149.29584158415841},{"$f":"VLOOKUP($A319,DATA2!$A$2:$S$607,5,FALSE)","v":115},{"$f":"VLOOKUP($A319,DATA2!$A$2:$S$607,6,FALSE)","v":"VTSD"},{"$f":"VLOOKUP($A319,DATA2!$A$2:$S$607,7,FALSE)","v":202},{"$f":"VLOOKUP($A319,DATA2!$A$2:$S$607,8,FALSE)","v":true},{"$f":"VLOOKUP($A319,DATA2!$A$2:$S$607,9,FALSE)","v":0.1},81256.92,{"$f":"VLOOKUP($A319,DATA2!$A$2:$S$607,10,FALSE)","v":30157.759999999998},{"$f":"VLOOKUP($A319,DATA2!$A$2:$S$607,11,FALSE)","v":361893.12},{"$f":"VLOOKUP($A319,DATA2!$A$2:$S$607,12,FALSE)","v":"2016-01-01"},{"$f":"VLOOKUP($A319,DATA2!$A$2:$S$607,13,FALSE)","v":"2020-12-31"},{"$f":"VLOOKUP($A319,DATA2!$A$2:$S$607,14,FALSE)","v":"No"},{"$f":"IF(MATRIX2!D319=1,($Y$8-$X$2)/365*Table_Provincial_GTAC3536[[#This Row],[Adj.AnnualRental]]*MATRIX2!D319,($Y$8-$X$2)/365*Table_Provincial_GTAC3536[[#This Row],[Adj.AnnualRental]])","v":118978.56},{"$f":"(Table_Provincial_GTAC3536[[#This Row],[Adj.AnnualRental]]*(1+$I319)^(2))","v":437890.67520000006},{"$f":"(Table_Provincial_GTAC3536[[#This Row],[Adj.AnnualRental]]*(1+$I319)^(3))","v":481679.74272000015},{"$f":"(Table_Provincial_GTAC3536[[#This Row],[Adj.AnnualRental]]*(1+$I319)^(4))","v":529847.71699200012},{"$f":"(Table_Provincial_GTAC3536[[#This Row],[Adj.AnnualRental]]*(1+$I319)^(5))","v":582832.48869120015},{"$f":"(Table_Provincial_GTAC3536[[#This Row],[Adj.AnnualRental]]*(1+$I319)^(6))","v":641115.7375603203},{"$f":"(Table_Provincial_GTAC3536[[#This Row],[Adj.AnnualRental]]*(1+$I319)^(7))","v":705227.31131635245}]
[433,{"$f":"VLOOKUP($A320,DATA2!$A$2:$S$607,2,FALSE)","v":"MP"},{"$f":"VLOOKUP($A320,DATA2!$A$2:$S$607,3,FALSE)","v":"Mpumalanga"},{"$f":"VLOOKUP($A320,DATA2!$A$2:$S$607,4,FALSE)","v":110.88},{"$f":"VLOOKUP($A320,DATA2!$A$2:$S$607,5,FALSE)","v":105},{"$f":"VLOOKUP($A320,DATA2!$A$2:$S$607,6,FALSE)","v":"VTSD"},{"$f":"VLOOKUP($A320,DATA2!$A$2:$S$607,7,FALSE)","v":300},{"$f":"VLOOKUP($A320,DATA2!$A$2:$S$607,8,FALSE)","v":true},{"$f":"VLOOKUP($A320,DATA2!$A$2:$S$607,9,FALSE)","v":0.08},30250,{"$f":"VLOOKUP($A320,DATA2!$A$2:$S$607,10,FALSE)","v":33264},{"$f":"VLOOKUP($A320,DATA2!$A$2:$S$607,11,FALSE)","v":399168},{"$f":"VLOOKUP($A320,DATA2!$A$2:$S$607,12,FALSE)","v":"2016-02-01"},{"$f":"VLOOKUP($A320,DATA2!$A$2:$S$607,13,FALSE)","v":"2019-01-31"},{"$f":"VLOOKUP($A320,DATA2!$A$2:$S$607,14,FALSE)","v":"No"},{"$f":"IF(MATRIX2!D320=1,($Y$8-$X$2)/365*Table_Provincial_GTAC3536[[#This Row],[Adj.AnnualRental]]*MATRIX2!D320,($Y$8-$X$2)/365*Table_Provincial_GTAC3536[[#This Row],[Adj.AnnualRental]])","v":131233.31506849313},{"$f":"(Table_Provincial_GTAC3536[[#This Row],[Adj.AnnualRental]]*(1+$I320)^(2))","v":465589.55520000006},{"$f":"(Table_Provincial_GTAC3536[[#This Row],[Adj.AnnualRental]]*(1+$I320)^(3))","v":502836.71961600007},{"$f":"(Table_Provincial_GTAC3536[[#This Row],[Adj.AnnualRental]]*(1+$I320)^(4))","v":543063.65718528011},{"$f":"(Table_Provincial_GTAC3536[[#This Row],[Adj.AnnualRental]]*(1+$I320)^(5))","v":586508.74976010248},{"$f":"(Table_Provincial_GTAC3536[[#This Row],[Adj.AnnualRental]]*(1+$I320)^(6))","v":633429.44974091079},{"$f":"(Table_Provincial_GTAC3536[[#This Row],[Adj.AnnualRental]]*(1+$I320)^(7))","v":684103.80572018365}]
[434,{"$f":"VLOOKUP($A321,DATA2!$A$2:$S$607,2,FALSE)","v":"MP"},{"$f":"VLOOKUP($A321,DATA2!$A$2:$S$607,3,FALSE)","v":"Mpumalanga"},{"$f":"VLOOKUP($A321,DATA2!$A$2:$S$607,4,FALSE)","v":223.80500000000001},{"$f":"VLOOKUP($A321,DATA2!$A$2:$S$607,5,FALSE)","v":105},{"$f":"VLOOKUP($A321,DATA2!$A$2:$S$607,6,FALSE)","v":"MAIN CENTRE"},{"$f":"VLOOKUP($A321,DATA2!$A$2:$S$607,7,FALSE)","v":1108},{"$f":"VLOOKUP($A321,DATA2!$A$2:$S$607,8,FALSE)","v":true},{"$f":"VLOOKUP($A321,DATA2!$A$2:$S$607,9,FALSE)","v":0.1},22740.26,{"$f":"VLOOKUP($A321,DATA2!$A$2:$S$607,10,FALSE)","v":247975.94},{"$f":"VLOOKUP($A321,DATA2!$A$2:$S$607,11,FALSE)","v":2975711.28},{"$f":"VLOOKUP($A321,DATA2!$A$2:$S$607,12,FALSE)","v":"2013-01-01"},{"$f":"VLOOKUP($A321,DATA2!$A$2:$S$607,13,FALSE)","v":"2017-12-31"},{"$f":"VLOOKUP($A321,DATA2!$A$2:$S$607,14,FALSE)","v":"No"},{"$f":"IF(MATRIX2!D321=1,($Y$8-$X$2)/365*Table_Provincial_GTAC3536[[#This Row],[Adj.AnnualRental]]*MATRIX2!D321,($Y$8-$X$2)/365*Table_Provincial_GTAC3536[[#This Row],[Adj.AnnualRental]])","v":978316.03726027382},{"$f":"(Table_Provincial_GTAC3536[[#This Row],[Adj.AnnualRental]]*(1+$I321)^(2))","v":3600610.6488000001},{"$f":"(Table_Provincial_GTAC3536[[#This Row],[Adj.AnnualRental]]*(1+$I321)^(3))","v":3960671.713680001},{"$f":"(Table_Provincial_GTAC3536[[#This Row],[Adj.AnnualRental]]*(1+$I321)^(4))","v":4356738.8850480011},{"$f":"(Table_Provincial_GTAC3536[[#This Row],[Adj.AnnualRental]]*(1+$I321)^(5))","v":4792412.7735528015},{"$f":"(Table_Provincial_GTAC3536[[#This Row],[Adj.AnnualRental]]*(1+$I321)^(6))","v":5271654.0509080822},{"$f":"(Table_Provincial_GTAC3536[[#This Row],[Adj.AnnualRental]]*(1+$I321)^(7))","v":5798819.455998891}]
[435,{"$f":"VLOOKUP($A322,DATA2!$A$2:$S$607,2,FALSE)","v":"MP"},{"$f":"VLOOKUP($A322,DATA2!$A$2:$S$607,3,FALSE)","v":"Mpumalanga"},{"$f":"VLOOKUP($A322,DATA2!$A$2:$S$607,4,FALSE)","v":105.9345},{"$f":"VLOOKUP($A322,DATA2!$A$2:$S$607,5,FALSE)","v":105},{"$f":"VLOOKUP($A322,DATA2!$A$2:$S$607,6,FALSE)","v":"VTSD"},{"$f":"VLOOKUP($A322,DATA2!$A$2:$S$607,7,FALSE)","v":200},{"$f":"VLOOKUP($A322,DATA2!$A$2:$S$607,8,FALSE)","v":true},{"$f":"VLOOKUP($A322,DATA2!$A$2:$S$607,9,FALSE)","v":0.1},37192.6,{"$f":"VLOOKUP($A322,DATA2!$A$2:$S$607,10,FALSE)","v":21186.9},{"$f":"VLOOKUP($A322,DATA2!$A$2:$S$607,11,FALSE)","v":254242.8},{"$f":"VLOOKUP($A322,DATA2!$A$2:$S$607,12,FALSE)","v":"2016-06-01"},{"$f":"VLOOKUP($A322,DATA2!$A$2:$S$607,13,FALSE)","v":"2018-05-31"},{"$f":"VLOOKUP($A322,DATA2!$A$2:$S$607,14,FALSE)","v":"No"},{"$f":"IF(MATRIX2!D322=1,($Y$8-$X$2)/365*Table_Provincial_GTAC3536[[#This Row],[Adj.AnnualRental]]*MATRIX2!D322,($Y$8-$X$2)/365*Table_Provincial_GTAC3536[[#This Row],[Adj.AnnualRental]])","v":83586.67397260273},{"$f":"(Table_Provincial_GTAC3536[[#This Row],[Adj.AnnualRental]]*(1+$I322)^(2))","v":307633.78800000006},{"$f":"(Table_Provincial_GTAC3536[[#This Row],[Adj.AnnualRental]]*(1+$I322)^(3))","v":338397.16680000006},{"$f":"(Table_Provincial_GTAC3536[[#This Row],[Adj.AnnualRental]]*(1+$I322)^(4))","v":372236.88348000008},{"$f":"(Table_Provincial_GTAC3536[[#This Row],[Adj.AnnualRental]]*(1+$I322)^(5))","v":409460.57182800013},{"$f":"(Table_Provincial_GTAC3536[[#This Row],[Adj.AnnualRental]]*(1+$I322)^(6))","v":450406.62901080021},{"$f":"(Table_Provincial_GTAC3536[[#This Row],[Adj.AnnualRental]]*(1+$I322)^(7))","v":495447.29191188031}]
[436,{"$f":"VLOOKUP($A323,DATA2!$A$2:$S$607,2,FALSE)","v":"MP"},{"$f":"VLOOKUP($A323,DATA2!$A$2:$S$607,3,FALSE)","v":"Mpumalanga"},{"$f":"VLOOKUP($A323,DATA2!$A$2:$S$607,4,FALSE)","v":196.27114043355326},{"$f":"VLOOKUP($A323,DATA2!$A$2:$S$607,5,FALSE)","v":105},{"$f":"VLOOKUP($A323,DATA2!$A$2:$S$607,6,FALSE)","v":"VTSD"},{"$f":"VLOOKUP($A323,DATA2!$A$2:$S$607,7,FALSE)","v":1061},{"$f":"VLOOKUP($A323,DATA2!$A$2:$S$607,8,FALSE)","v":true},{"$f":"VLOOKUP($A323,DATA2!$A$2:$S$607,9,FALSE)","v":0.08},32000,{"$f":"VLOOKUP($A323,DATA2!$A$2:$S$607,10,FALSE)","v":208243.68},{"$f":"VLOOKUP($A323,DATA2!$A$2:$S$607,11,FALSE)","v":2498924.16},{"$f":"VLOOKUP($A323,DATA2!$A$2:$S$607,12,FALSE)","v":"2016-11-01"},{"$f":"VLOOKUP($A323,DATA2!$A$2:$S$607,13,FALSE)","v":"2018-10-31"},{"$f":"VLOOKUP($A323,DATA2!$A$2:$S$607,14,FALSE)","v":"No"},{"$f":"IF(MATRIX2!D323=1,($Y$8-$X$2)/365*Table_Provincial_GTAC3536[[#This Row],[Adj.AnnualRental]]*MATRIX2!D323,($Y$8-$X$2)/365*Table_Provincial_GTAC3536[[#This Row],[Adj.AnnualRental]])","v":821564.10739726026},{"$f":"(Table_Provincial_GTAC3536[[#This Row],[Adj.AnnualRental]]*(1+$I323)^(2))","v":2914745.1402240004},{"$f":"(Table_Provincial_GTAC3536[[#This Row],[Adj.AnnualRental]]*(1+$I323)^(3))","v":3147924.7514419206},{"$f":"(Table_Provincial_GTAC3536[[#This Row],[Adj.AnnualRental]]*(1+$I323)^(4))","v":3399758.7315572747},{"$f":"(Table_Provincial_GTAC3536[[#This Row],[Adj.AnnualRental]]*(1+$I323)^(5))","v":3671739.4300818564},{"$f":"(Table_Provincial_GTAC3536[[#This Row],[Adj.AnnualRental]]*(1+$I323)^(6))","v":3965478.5844884054},{"$f":"(Table_Provincial_GTAC3536[[#This Row],[Adj.AnnualRental]]*(1+$I323)^(7))","v":4282716.8712474778}]
[437,{"$f":"VLOOKUP($A324,DATA2!$A$2:$S$607,2,FALSE)","v":"MP"},{"$f":"VLOOKUP($A324,DATA2!$A$2:$S$607,3,FALSE)","v":"Mpumalanga"},{"$f":"VLOOKUP($A324,DATA2!$A$2:$S$607,4,FALSE)","v":144.88},{"$f":"VLOOKUP($A324,DATA2!$A$2:$S$607,5,FALSE)","v":115},{"$f":"VLOOKUP($A324,DATA2!$A$2:$S$607,6,FALSE)","v":"CBD"},{"$f":"VLOOKUP($A324,DATA2!$A$2:$S$607,7,FALSE)","v":1226},{"$f":"VLOOKUP($A324,DATA2!$A$2:$S$607,8,FALSE)","v":true},{"$f":"VLOOKUP($A324,DATA2!$A$2:$S$607,9,FALSE)","v":0.1},36000,{"$f":"VLOOKUP($A324,DATA2!$A$2:$S$607,10,FALSE)","v":177622.88},{"$f":"VLOOKUP($A324,DATA2!$A$2:$S$607,11,FALSE)","v":2131474.56},{"$f":"VLOOKUP($A324,DATA2!$A$2:$S$607,12,FALSE)","v":"2016-05-01"},{"$f":"VLOOKUP($A324,DATA2!$A$2:$S$607,13,FALSE)","v":"2018-04-30"},{"$f":"VLOOKUP($A324,DATA2!$A$2:$S$607,14,FALSE)","v":"No"},{"$f":"IF(MATRIX2!D324=1,($Y$8-$X$2)/365*Table_Provincial_GTAC3536[[#This Row],[Adj.AnnualRental]]*MATRIX2!D324,($Y$8-$X$2)/365*Table_Provincial_GTAC3536[[#This Row],[Adj.AnnualRental]])","v":700758.75945205474},{"$f":"(Table_Provincial_GTAC3536[[#This Row],[Adj.AnnualRental]]*(1+$I324)^(2))","v":2579084.2176000006},{"$f":"(Table_Provincial_GTAC3536[[#This Row],[Adj.AnnualRental]]*(1+$I324)^(3))","v":2836992.6393600008},{"$f":"(Table_Provincial_GTAC3536[[#This Row],[Adj.AnnualRental]]*(1+$I324)^(4))","v":3120691.9032960008},{"$f":"(Table_Provincial_GTAC3536[[#This Row],[Adj.AnnualRental]]*(1+$I324)^(5))","v":3432761.0936256014},{"$f":"(Table_Provincial_GTAC3536[[#This Row],[Adj.AnnualRental]]*(1+$I324)^(6))","v":3776037.2029881617},{"$f":"(Table_Provincial_GTAC3536[[#This Row],[Adj.AnnualRental]]*(1+$I324)^(7))","v":4153640.9232869786}]
[439,{"$f":"VLOOKUP($A325,DATA2!$A$2:$S$607,2,FALSE)","v":"NC"},{"$f":"VLOOKUP($A325,DATA2!$A$2:$S$607,3,FALSE)","v":"Northern Cape"},{"$f":"VLOOKUP($A325,DATA2!$A$2:$S$607,4,FALSE)","v":95.339622641509436},{"$f":"VLOOKUP($A325,DATA2!$A$2:$S$607,5,FALSE)","v":84},{"$f":"VLOOKUP($A325,DATA2!$A$2:$S$607,6,FALSE)","v":"VTSD"},{"$f":"VLOOKUP($A325,DATA2!$A$2:$S$607,7,FALSE)","v":530},{"$f":"VLOOKUP($A325,DATA2!$A$2:$S$607,8,FALSE)","v":true},{"$f":"VLOOKUP($A325,DATA2!$A$2:$S$607,9,FALSE)","v":0.08},258080.9,{"$f":"VLOOKUP($A325,DATA2!$A$2:$S$607,10,FALSE)","v":50530},{"$f":"VLOOKUP($A325,DATA2!$A$2:$S$607,11,FALSE)","v":606360},{"$f":"VLOOKUP($A325,DATA2!$A$2:$S$607,12,FALSE)","v":"2014-07-01"},{"$f":"VLOOKUP($A325,DATA2!$A$2:$S$607,13,FALSE)","v":"2017-06-30"},{"$f":"VLOOKUP($A325,DATA2!$A$2:$S$607,14,FALSE)","v":"Yes"},{"$f":"IF(MATRIX2!D325=1,($Y$8-$X$2)/365*Table_Provincial_GTAC3536[[#This Row],[Adj.AnnualRental]]*MATRIX2!D325,($Y$8-$X$2)/365*Table_Provincial_GTAC3536[[#This Row],[Adj.AnnualRental]])","v":199351.23287671231},{"$f":"(Table_Provincial_GTAC3536[[#This Row],[Adj.AnnualRental]]*(1+$I325)^(2))","v":707258.30400000012},{"$f":"(Table_Provincial_GTAC3536[[#This Row],[Adj.AnnualRental]]*(1+$I325)^(3))","v":763838.9683200001},{"$f":"(Table_Provincial_GTAC3536[[#This Row],[Adj.AnnualRental]]*(1+$I325)^(4))","v":824946.08578560024},{"$f":"(Table_Provincial_GTAC3536[[#This Row],[Adj.AnnualRental]]*(1+$I325)^(5))","v":890941.77264844824},{"$f":"(Table_Provincial_GTAC3536[[#This Row],[Adj.AnnualRental]]*(1+$I325)^(6))","v":962217.11446032417},{"$f":"(Table_Provincial_GTAC3536[[#This Row],[Adj.AnnualRental]]*(1+$I325)^(7))","v":1039194.4836171501}]
[440,{"$f":"VLOOKUP($A326,DATA2!$A$2:$S$607,2,FALSE)","v":"NC"},{"$f":"VLOOKUP($A326,DATA2!$A$2:$S$607,3,FALSE)","v":"Northern Cape"},{"$f":"VLOOKUP($A326,DATA2!$A$2:$S$607,4,FALSE)","v":133.41107391304345},{"$f":"VLOOKUP($A326,DATA2!$A$2:$S$607,5,FALSE)","v":85},{"$f":"VLOOKUP($A326,DATA2!$A$2:$S$607,6,FALSE)","v":"MAIN CENTRE"},{"$f":"VLOOKUP($A326,DATA2!$A$2:$S$607,7,FALSE)","v":2300},{"$f":"VLOOKUP($A326,DATA2!$A$2:$S$607,8,FALSE)","v":true},{"$f":"VLOOKUP($A326,DATA2!$A$2:$S$607,9,FALSE)","v":0.08},23010.9,{"$f":"VLOOKUP($A326,DATA2!$A$2:$S$607,10,FALSE)","v":306845.46999999997},{"$f":"VLOOKUP($A326,DATA2!$A$2:$S$607,11,FALSE)","v":3682145.64},{"$f":"VLOOKUP($A326,DATA2!$A$2:$S$607,12,FALSE)","v":"2006-12-01"},{"$f":"VLOOKUP($A326,DATA2!$A$2:$S$607,13,FALSE)","v":"2016-11-30"},{"$f":"VLOOKUP($A326,DATA2!$A$2:$S$607,14,FALSE)","v":"Yes"},{"$f":"IF(MATRIX2!D326=1,($Y$8-$X$2)/365*Table_Provincial_GTAC3536[[#This Row],[Adj.AnnualRental]]*MATRIX2!D326,($Y$8-$X$2)/365*Table_Provincial_GTAC3536[[#This Row],[Adj.AnnualRental]])","v":1210568.429589041},{"$f":"(Table_Provincial_GTAC3536[[#This Row],[Adj.AnnualRental]]*(1+$I326)^(2))","v":4294854.6744960006},{"$f":"(Table_Provincial_GTAC3536[[#This Row],[Adj.AnnualRental]]*(1+$I326)^(3))","v":4638443.0484556807},{"$f":"(Table_Provincial_GTAC3536[[#This Row],[Adj.AnnualRental]]*(1+$I326)^(4))","v":5009518.4923321353},{"$f":"(Table_Provincial_GTAC3536[[#This Row],[Adj.AnnualRental]]*(1+$I326)^(5))","v":5410279.9717187062},{"$f":"(Table_Provincial_GTAC3536[[#This Row],[Adj.AnnualRental]]*(1+$I326)^(6))","v":5843102.3694562037},{"$f":"(Table_Provincial_GTAC3536[[#This Row],[Adj.AnnualRental]]*(1+$I326)^(7))","v":6310550.5590126999}]
[445,{"$f":"VLOOKUP($A327,DATA2!$A$2:$S$607,2,FALSE)","v":"NC"},{"$f":"VLOOKUP($A327,DATA2!$A$2:$S$607,3,FALSE)","v":"Northern Cape"},{"$f":"VLOOKUP($A327,DATA2!$A$2:$S$607,4,FALSE)","v":122.4170610687023},{"$f":"VLOOKUP($A327,DATA2!$A$2:$S$607,5,FALSE)","v":84},{"$f":"VLOOKUP($A327,DATA2!$A$2:$S$607,6,FALSE)","v":"VTSD"},{"$f":"VLOOKUP($A327,DATA2!$A$2:$S$607,7,FALSE)","v":262},{"$f":"VLOOKUP($A327,DATA2!$A$2:$S$607,8,FALSE)","v":true},{"$f":"VLOOKUP($A327,DATA2!$A$2:$S$607,9,FALSE)","v":0.1},217920,{"$f":"VLOOKUP($A327,DATA2!$A$2:$S$607,10,FALSE)","v":32073.27},{"$f":"VLOOKUP($A327,DATA2!$A$2:$S$607,11,FALSE)","v":384879.24},{"$f":"VLOOKUP($A327,DATA2!$A$2:$S$607,12,FALSE)","v":"2016-05-01"},{"$f":"VLOOKUP($A327,DATA2!$A$2:$S$607,13,FALSE)","v":"2018-04-30"},{"$f":"VLOOKUP($A327,DATA2!$A$2:$S$607,14,FALSE)","v":"No"},{"$f":"IF(MATRIX2!D327=1,($Y$8-$X$2)/365*Table_Provincial_GTAC3536[[#This Row],[Adj.AnnualRental]]*MATRIX2!D327,($Y$8-$X$2)/365*Table_Provincial_GTAC3536[[#This Row],[Adj.AnnualRental]])","v":126535.64054794519},{"$f":"(Table_Provincial_GTAC3536[[#This Row],[Adj.AnnualRental]]*(1+$I327)^(2))","v":465703.88040000008},{"$f":"(Table_Provincial_GTAC3536[[#This Row],[Adj.AnnualRental]]*(1+$I327)^(3))","v":512274.26844000013},{"$f":"(Table_Provincial_GTAC3536[[#This Row],[Adj.AnnualRental]]*(1+$I327)^(4))","v":563501.69528400013},{"$f":"(Table_Provincial_GTAC3536[[#This Row],[Adj.AnnualRental]]*(1+$I327)^(5))","v":619851.86481240019},{"$f":"(Table_Provincial_GTAC3536[[#This Row],[Adj.AnnualRental]]*(1+$I327)^(6))","v":681837.05129364028},{"$f":"(Table_Provincial_GTAC3536[[#This Row],[Adj.AnnualRental]]*(1+$I327)^(7))","v":750020.75642300444}]
[446,{"$f":"VLOOKUP($A328,DATA2!$A$2:$S$607,2,FALSE)","v":"NC"},{"$f":"VLOOKUP($A328,DATA2!$A$2:$S$607,3,FALSE)","v":"Northern Cape"},{"$f":"VLOOKUP($A328,DATA2!$A$2:$S$607,4,FALSE)","v":50.5625},{"$f":"VLOOKUP($A328,DATA2!$A$2:$S$607,5,FALSE)","v":84},{"$f":"VLOOKUP($A328,DATA2!$A$2:$S$607,6,FALSE)","v":"VTSD"},{"$f":"VLOOKUP($A328,DATA2!$A$2:$S$607,7,FALSE)","v":384},{"$f":"VLOOKUP($A328,DATA2!$A$2:$S$607,8,FALSE)","v":true},{"$f":"VLOOKUP($A328,DATA2!$A$2:$S$607,9,FALSE)","v":0.1},188804,{"$f":"VLOOKUP($A328,DATA2!$A$2:$S$607,10,FALSE)","v":19416},{"$f":"VLOOKUP($A328,DATA2!$A$2:$S$607,11,FALSE)","v":232992},{"$f":"VLOOKUP($A328,DATA2!$A$2:$S$607,12,FALSE)","v":"2013-09-01"},{"$f":"VLOOKUP($A328,DATA2!$A$2:$S$607,13,FALSE)","v":"2018-08-31"},{"$f":"VLOOKUP($A328,DATA2!$A$2:$S$607,14,FALSE)","v":"No"},{"$f":"IF(MATRIX2!D328=1,($Y$8-$X$2)/365*Table_Provincial_GTAC3536[[#This Row],[Adj.AnnualRental]]*MATRIX2!D328,($Y$8-$X$2)/365*Table_Provincial_GTAC3536[[#This Row],[Adj.AnnualRental]])","v":76600.109589041094},{"$f":"(Table_Provincial_GTAC3536[[#This Row],[Adj.AnnualRental]]*(1+$I328)^(2))","v":281920.32000000007},{"$f":"(Table_Provincial_GTAC3536[[#This Row],[Adj.AnnualRental]]*(1+$I328)^(3))","v":310112.35200000007},{"$f":"(Table_Provincial_GTAC3536[[#This Row],[Adj.AnnualRental]]*(1+$I328)^(4))","v":341123.58720000007},{"$f":"(Table_Provincial_GTAC3536[[#This Row],[Adj.AnnualRental]]*(1+$I328)^(5))","v":375235.94592000014},{"$f":"(Table_Provincial_GTAC3536[[#This Row],[Adj.AnnualRental]]*(1+$I328)^(6))","v":412759.54051200021},{"$f":"(Table_Provincial_GTAC3536[[#This Row],[Adj.AnnualRental]]*(1+$I328)^(7))","v":454035.49456320028}]
[448,{"$f":"VLOOKUP($A329,DATA2!$A$2:$S$607,2,FALSE)","v":"NC"},{"$f":"VLOOKUP($A329,DATA2!$A$2:$S$607,3,FALSE)","v":"Northern Cape"},{"$f":"VLOOKUP($A329,DATA2!$A$2:$S$607,4,FALSE)","v":252.11184615384616},{"$f":"VLOOKUP($A329,DATA2!$A$2:$S$607,5,FALSE)","v":84},{"$f":"VLOOKUP($A329,DATA2!$A$2:$S$607,6,FALSE)","v":"VTSD"},{"$f":"VLOOKUP($A329,DATA2!$A$2:$S$607,7,FALSE)","v":130},{"$f":"VLOOKUP($A329,DATA2!$A$2:$S$607,8,FALSE)","v":true},{"$f":"VLOOKUP($A329,DATA2!$A$2:$S$607,9,FALSE)","v":0.1},50530,{"$f":"VLOOKUP($A329,DATA2!$A$2:$S$607,10,FALSE)","v":32774.54},{"$f":"VLOOKUP($A329,DATA2!$A$2:$S$607,11,FALSE)","v":393294.48},{"$f":"VLOOKUP($A329,DATA2!$A$2:$S$607,12,FALSE)","v":"2014-03-01"},{"$f":"VLOOKUP($A329,DATA2!$A$2:$S$607,13,FALSE)","v":"2017-02-28"},{"$f":"VLOOKUP($A329,DATA2!$A$2:$S$607,14,FALSE)","v":"Yes"},{"$f":"IF(MATRIX2!D329=1,($Y$8-$X$2)/365*Table_Provincial_GTAC3536[[#This Row],[Adj.AnnualRental]]*MATRIX2!D329,($Y$8-$X$2)/365*Table_Provincial_GTAC3536[[#This Row],[Adj.AnnualRental]])","v":129302.29479452054},{"$f":"(Table_Provincial_GTAC3536[[#This Row],[Adj.AnnualRental]]*(1+$I329)^(2))","v":475886.32080000004},{"$f":"(Table_Provincial_GTAC3536[[#This Row],[Adj.AnnualRental]]*(1+$I329)^(3))","v":523474.95288000011},{"$f":"(Table_Provincial_GTAC3536[[#This Row],[Adj.AnnualRental]]*(1+$I329)^(4))","v":575822.44816800009},{"$f":"(Table_Provincial_GTAC3536[[#This Row],[Adj.AnnualRental]]*(1+$I329)^(5))","v":633404.6929848002},{"$f":"(Table_Provincial_GTAC3536[[#This Row],[Adj.AnnualRental]]*(1+$I329)^(6))","v":696745.16228328028},{"$f":"(Table_Provincial_GTAC3536[[#This Row],[Adj.AnnualRental]]*(1+$I329)^(7))","v":766419.67851160839}]
[449,{"$f":"VLOOKUP($A330,DATA2!$A$2:$S$607,2,FALSE)","v":"NC"},{"$f":"VLOOKUP($A330,DATA2!$A$2:$S$607,3,FALSE)","v":"Northern Cape"},{"$f":"VLOOKUP($A330,DATA2!$A$2:$S$607,4,FALSE)","v":89.90087623220154},{"$f":"VLOOKUP($A330,DATA2!$A$2:$S$607,5,FALSE)","v":85},{"$f":"VLOOKUP($A330,DATA2!$A$2:$S$607,6,FALSE)","v":"MAIN CENTRE"},{"$f":"VLOOKUP($A330,DATA2!$A$2:$S$607,7,FALSE)","v":1826},{"$f":"VLOOKUP($A330,DATA2!$A$2:$S$607,8,FALSE)","v":true},{"$f":"VLOOKUP($A330,DATA2!$A$2:$S$607,9,FALSE)","v":0.1},310345.46999999997,{"$f":"VLOOKUP($A330,DATA2!$A$2:$S$607,10,FALSE)","v":164159},{"$f":"VLOOKUP($A330,DATA2!$A$2:$S$607,11,FALSE)","v":1969908},{"$f":"VLOOKUP($A330,DATA2!$A$2:$S$607,12,FALSE)","v":"2010-02-01"},{"$f":"VLOOKUP($A330,DATA2!$A$2:$S$607,13,FALSE)","v":"2019-12-31"},{"$f":"VLOOKUP($A330,DATA2!$A$2:$S$607,14,FALSE)","v":"No"},{"$f":"IF(MATRIX2!D330=1,($Y$8-$X$2)/365*Table_Provincial_GTAC3536[[#This Row],[Adj.AnnualRental]]*MATRIX2!D330,($Y$8-$X$2)/365*Table_Provincial_GTAC3536[[#This Row],[Adj.AnnualRental]])","v":647640.98630136985},{"$f":"(Table_Provincial_GTAC3536[[#This Row],[Adj.AnnualRental]]*(1+$I330)^(2))","v":2383588.6800000002},{"$f":"(Table_Provincial_GTAC3536[[#This Row],[Adj.AnnualRental]]*(1+$I330)^(3))","v":2621947.5480000009},{"$f":"(Table_Provincial_GTAC3536[[#This Row],[Adj.AnnualRental]]*(1+$I330)^(4))","v":2884142.3028000006},{"$f":"(Table_Provincial_GTAC3536[[#This Row],[Adj.AnnualRental]]*(1+$I330)^(5))","v":3172556.5330800009},{"$f":"(Table_Provincial_GTAC3536[[#This Row],[Adj.AnnualRental]]*(1+$I330)^(6))","v":3489812.1863880018},{"$f":"(Table_Provincial_GTAC3536[[#This Row],[Adj.AnnualRental]]*(1+$I330)^(7))","v":3838793.4050268023}]
[450,{"$f":"VLOOKUP($A331,DATA2!$A$2:$S$607,2,FALSE)","v":"NC"},{"$f":"VLOOKUP($A331,DATA2!$A$2:$S$607,3,FALSE)","v":"Northern Cape"},{"$f":"VLOOKUP($A331,DATA2!$A$2:$S$607,4,FALSE)","v":106.2300846153846},{"$f":"VLOOKUP($A331,DATA2!$A$2:$S$607,5,FALSE)","v":85},{"$f":"VLOOKUP($A331,DATA2!$A$2:$S$607,6,FALSE)","v":"MAIN CENTRE"},{"$f":"VLOOKUP($A331,DATA2!$A$2:$S$607,7,FALSE)","v":1300},{"$f":"VLOOKUP($A331,DATA2!$A$2:$S$607,8,FALSE)","v":true},{"$f":"VLOOKUP($A331,DATA2!$A$2:$S$607,9,FALSE)","v":0.1},32625.27,{"$f":"VLOOKUP($A331,DATA2!$A$2:$S$607,10,FALSE)","v":138099.10999999999},{"$f":"VLOOKUP($A331,DATA2!$A$2:$S$607,11,FALSE)","v":1657189.32},{"$f":"VLOOKUP($A331,DATA2!$A$2:$S$607,12,FALSE)","v":"2008-07-15"},{"$f":"VLOOKUP($A331,DATA2!$A$2:$S$607,13,FALSE)","v":"2018-07-14"},{"$f":"VLOOKUP($A331,DATA2!$A$2:$S$607,14,FALSE)","v":"No"},{"$f":"IF(MATRIX2!D331=1,($Y$8-$X$2)/365*Table_Provincial_GTAC3536[[#This Row],[Adj.AnnualRental]]*MATRIX2!D331,($Y$8-$X$2)/365*Table_Provincial_GTAC3536[[#This Row],[Adj.AnnualRental]])","v":544829.36547945207},{"$f":"(Table_Provincial_GTAC3536[[#This Row],[Adj.AnnualRental]]*(1+$I331)^(2))","v":2005199.0772000004},{"$f":"(Table_Provincial_GTAC3536[[#This Row],[Adj.AnnualRental]]*(1+$I331)^(3))","v":2205718.9849200007},{"$f":"(Table_Provincial_GTAC3536[[#This Row],[Adj.AnnualRental]]*(1+$I331)^(4))","v":2426290.8834120007},{"$f":"(Table_Provincial_GTAC3536[[#This Row],[Adj.AnnualRental]]*(1+$I331)^(5))","v":2668919.971753201},{"$f":"(Table_Provincial_GTAC3536[[#This Row],[Adj.AnnualRental]]*(1+$I331)^(6))","v":2935811.9689285215},{"$f":"(Table_Provincial_GTAC3536[[#This Row],[Adj.AnnualRental]]*(1+$I331)^(7))","v":3229393.1658213739}]
[452,{"$f":"VLOOKUP($A332,DATA2!$A$2:$S$607,2,FALSE)","v":"NC"},{"$f":"VLOOKUP($A332,DATA2!$A$2:$S$607,3,FALSE)","v":"Northern Cape"},{"$f":"VLOOKUP($A332,DATA2!$A$2:$S$607,4,FALSE)","v":94.699792960662521},{"$f":"VLOOKUP($A332,DATA2!$A$2:$S$607,5,FALSE)","v":84},{"$f":"VLOOKUP($A332,DATA2!$A$2:$S$607,6,FALSE)","v":"VTSD"},{"$f":"VLOOKUP($A332,DATA2!$A$2:$S$607,7,FALSE)","v":483},{"$f":"VLOOKUP($A332,DATA2!$A$2:$S$607,8,FALSE)","v":true},{"$f":"VLOOKUP($A332,DATA2!$A$2:$S$607,9,FALSE)","v":0.08},19968,{"$f":"VLOOKUP($A332,DATA2!$A$2:$S$607,10,FALSE)","v":45740},{"$f":"VLOOKUP($A332,DATA2!$A$2:$S$607,11,FALSE)","v":548880},{"$f":"VLOOKUP($A332,DATA2!$A$2:$S$607,12,FALSE)","v":"2017-06-01"},{"$f":"VLOOKUP($A332,DATA2!$A$2:$S$607,13,FALSE)","v":"2019-09-30"},{"$f":"VLOOKUP($A332,DATA2!$A$2:$S$607,14,FALSE)","v":"No"},{"$f":"IF(MATRIX2!D332=1,($Y$8-$X$2)/365*Table_Provincial_GTAC3536[[#This Row],[Adj.AnnualRental]]*MATRIX2!D332,($Y$8-$X$2)/365*Table_Provincial_GTAC3536[[#This Row],[Adj.AnnualRental]])","v":180453.69863013699},{"$f":"(Table_Provincial_GTAC3536[[#This Row],[Adj.AnnualRental]]*(1+$I332)^(2))","v":640213.6320000001},{"$f":"(Table_Provincial_GTAC3536[[#This Row],[Adj.AnnualRental]]*(1+$I332)^(3))","v":691430.72256000014},{"$f":"(Table_Provincial_GTAC3536[[#This Row],[Adj.AnnualRental]]*(1+$I332)^(4))","v":746745.18036480015},{"$f":"(Table_Provincial_GTAC3536[[#This Row],[Adj.AnnualRental]]*(1+$I332)^(5))","v":806484.79479398415},{"$f":"(Table_Provincial_GTAC3536[[#This Row],[Adj.AnnualRental]]*(1+$I332)^(6))","v":871003.57837750297},{"$f":"(Table_Provincial_GTAC3536[[#This Row],[Adj.AnnualRental]]*(1+$I332)^(7))","v":940683.86464770325}]
[453,{"$f":"VLOOKUP($A333,DATA2!$A$2:$S$607,2,FALSE)","v":"NC"},{"$f":"VLOOKUP($A333,DATA2!$A$2:$S$607,3,FALSE)","v":"Northern Cape"},{"$f":"VLOOKUP($A333,DATA2!$A$2:$S$607,4,FALSE)","v":54.127176684881604},{"$f":"VLOOKUP($A333,DATA2!$A$2:$S$607,5,FALSE)","v":84},{"$f":"VLOOKUP($A333,DATA2!$A$2:$S$607,6,FALSE)","v":"VTSD"},{"$f":"VLOOKUP($A333,DATA2!$A$2:$S$607,7,FALSE)","v":549},{"$f":"VLOOKUP($A333,DATA2!$A$2:$S$607,8,FALSE)","v":true},{"$f":"VLOOKUP($A333,DATA2!$A$2:$S$607,9,FALSE)","v":7.0000000000000007E-2},32774.54,{"$f":"VLOOKUP($A333,DATA2!$A$2:$S$607,10,FALSE)","v":29715.82},{"$f":"VLOOKUP($A333,DATA2!$A$2:$S$607,11,FALSE)","v":356589.84},{"$f":"VLOOKUP($A333,DATA2!$A$2:$S$607,12,FALSE)","v":"2014-10-01"},{"$f":"VLOOKUP($A333,DATA2!$A$2:$S$607,13,FALSE)","v":"2019-09-30"},{"$f":"VLOOKUP($A333,DATA2!$A$2:$S$607,14,FALSE)","v":"No"},{"$f":"IF(MATRIX2!D333=1,($Y$8-$X$2)/365*Table_Provincial_GTAC3536[[#This Row],[Adj.AnnualRental]]*MATRIX2!D333,($Y$8-$X$2)/365*Table_Provincial_GTAC3536[[#This Row],[Adj.AnnualRental]])","v":117235.01589041096},{"$f":"(Table_Provincial_GTAC3536[[#This Row],[Adj.AnnualRental]]*(1+$I333)^(2))","v":408259.70781600004},{"$f":"(Table_Provincial_GTAC3536[[#This Row],[Adj.AnnualRental]]*(1+$I333)^(3))","v":436837.88736312004},{"$f":"(Table_Provincial_GTAC3536[[#This Row],[Adj.AnnualRental]]*(1+$I333)^(4))","v":467416.53947853844},{"$f":"(Table_Provincial_GTAC3536[[#This Row],[Adj.AnnualRental]]*(1+$I333)^(5))","v":500135.69724203617},{"$f":"(Table_Provincial_GTAC3536[[#This Row],[Adj.AnnualRental]]*(1+$I333)^(6))","v":535145.19604897872},{"$f":"(Table_Provincial_GTAC3536[[#This Row],[Adj.AnnualRental]]*(1+$I333)^(7))","v":572605.35977240722}]
[454,{"$f":"VLOOKUP($A334,DATA2!$A$2:$S$607,2,FALSE)","v":"NC"},{"$f":"VLOOKUP($A334,DATA2!$A$2:$S$607,3,FALSE)","v":"Northern Cape"},{"$f":"VLOOKUP($A334,DATA2!$A$2:$S$607,4,FALSE)","v":103.4074074074074},{"$f":"VLOOKUP($A334,DATA2!$A$2:$S$607,5,FALSE)","v":84},{"$f":"VLOOKUP($A334,DATA2!$A$2:$S$607,6,FALSE)","v":"VTSD"},{"$f":"VLOOKUP($A334,DATA2!$A$2:$S$607,7,FALSE)","v":675},{"$f":"VLOOKUP($A334,DATA2!$A$2:$S$607,8,FALSE)","v":true},{"$f":"VLOOKUP($A334,DATA2!$A$2:$S$607,9,FALSE)","v":0.08},164159,{"$f":"VLOOKUP($A334,DATA2!$A$2:$S$607,10,FALSE)","v":69800},{"$f":"VLOOKUP($A334,DATA2!$A$2:$S$607,11,FALSE)","v":837600},{"$f":"VLOOKUP($A334,DATA2!$A$2:$S$607,12,FALSE)","v":"2015-03-01"},{"$f":"VLOOKUP($A334,DATA2!$A$2:$S$607,13,FALSE)","v":"2020-02-28"},{"$f":"VLOOKUP($A334,DATA2!$A$2:$S$607,14,FALSE)","v":"No"},{"$f":"IF(MATRIX2!D334=1,($Y$8-$X$2)/365*Table_Provincial_GTAC3536[[#This Row],[Adj.AnnualRental]]*MATRIX2!D334,($Y$8-$X$2)/365*Table_Provincial_GTAC3536[[#This Row],[Adj.AnnualRental]])","v":275375.34246575343},{"$f":"(Table_Provincial_GTAC3536[[#This Row],[Adj.AnnualRental]]*(1+$I334)^(2))","v":976976.64000000013},{"$f":"(Table_Provincial_GTAC3536[[#This Row],[Adj.AnnualRental]]*(1+$I334)^(3))","v":1055134.7712000001},{"$f":"(Table_Provincial_GTAC3536[[#This Row],[Adj.AnnualRental]]*(1+$I334)^(4))","v":1139545.5528960002},{"$f":"(Table_Provincial_GTAC3536[[#This Row],[Adj.AnnualRental]]*(1+$I334)^(5))","v":1230709.1971276803},{"$f":"(Table_Provincial_GTAC3536[[#This Row],[Adj.AnnualRental]]*(1+$I334)^(6))","v":1329165.9328978949},{"$f":"(Table_Provincial_GTAC3536[[#This Row],[Adj.AnnualRental]]*(1+$I334)^(7))","v":1435499.2075297264}]
[455,{"$f":"VLOOKUP($A335,DATA2!$A$2:$S$607,2,FALSE)","v":"NC"},{"$f":"VLOOKUP($A335,DATA2!$A$2:$S$607,3,FALSE)","v":"Northern Cape"},{"$f":"VLOOKUP($A335,DATA2!$A$2:$S$607,4,FALSE)","v":214.64411363636364},{"$f":"VLOOKUP($A335,DATA2!$A$2:$S$607,5,FALSE)","v":85},{"$f":"VLOOKUP($A335,DATA2!$A$2:$S$607,6,FALSE)","v":"MAIN CENTRE"},{"$f":"VLOOKUP($A335,DATA2!$A$2:$S$607,7,FALSE)","v":440},{"$f":"VLOOKUP($A335,DATA2!$A$2:$S$607,8,FALSE)","v":true},{"$f":"VLOOKUP($A335,DATA2!$A$2:$S$607,9,FALSE)","v":0.08},142787.81,{"$f":"VLOOKUP($A335,DATA2!$A$2:$S$607,10,FALSE)","v":94443.41},{"$f":"VLOOKUP($A335,DATA2!$A$2:$S$607,11,FALSE)","v":1133320.92},{"$f":"VLOOKUP($A335,DATA2!$A$2:$S$607,12,FALSE)","v":"2013-09-01"},{"$f":"VLOOKUP($A335,DATA2!$A$2:$S$607,13,FALSE)","v":"2018-08-31"},{"$f":"VLOOKUP($A335,DATA2!$A$2:$S$607,14,FALSE)","v":"No"},{"$f":"IF(MATRIX2!D335=1,($Y$8-$X$2)/365*Table_Provincial_GTAC3536[[#This Row],[Adj.AnnualRental]]*MATRIX2!D335,($Y$8-$X$2)/365*Table_Provincial_GTAC3536[[#This Row],[Adj.AnnualRental]])","v":372598.65863013692},{"$f":"(Table_Provincial_GTAC3536[[#This Row],[Adj.AnnualRental]]*(1+$I335)^(2))","v":1321905.5210879999},{"$f":"(Table_Provincial_GTAC3536[[#This Row],[Adj.AnnualRental]]*(1+$I335)^(3))","v":1427657.9627750402},{"$f":"(Table_Provincial_GTAC3536[[#This Row],[Adj.AnnualRental]]*(1+$I335)^(4))","v":1541870.5997970435},{"$f":"(Table_Provincial_GTAC3536[[#This Row],[Adj.AnnualRental]]*(1+$I335)^(5))","v":1665220.2477808069},{"$f":"(Table_Provincial_GTAC3536[[#This Row],[Adj.AnnualRental]]*(1+$I335)^(6))","v":1798437.8676032717},{"$f":"(Table_Provincial_GTAC3536[[#This Row],[Adj.AnnualRental]]*(1+$I335)^(7))","v":1942312.8970115336}]
[456,{"$f":"VLOOKUP($A336,DATA2!$A$2:$S$607,2,FALSE)","v":"NC"},{"$f":"VLOOKUP($A336,DATA2!$A$2:$S$607,3,FALSE)","v":"Northern Cape"},{"$f":"VLOOKUP($A336,DATA2!$A$2:$S$607,4,FALSE)","v":71.659609028979972},{"$f":"VLOOKUP($A336,DATA2!$A$2:$S$607,5,FALSE)","v":85},{"$f":"VLOOKUP($A336,DATA2!$A$2:$S$607,6,FALSE)","v":"CBD"},{"$f":"VLOOKUP($A336,DATA2!$A$2:$S$607,7,FALSE)","v":1779.16},{"$f":"VLOOKUP($A336,DATA2!$A$2:$S$607,8,FALSE)","v":true},{"$f":"VLOOKUP($A336,DATA2!$A$2:$S$607,9,FALSE)","v":7.0000000000000007E-2},45740,{"$f":"VLOOKUP($A336,DATA2!$A$2:$S$607,10,FALSE)","v":127493.91},{"$f":"VLOOKUP($A336,DATA2!$A$2:$S$607,11,FALSE)","v":1529926.92},{"$f":"VLOOKUP($A336,DATA2!$A$2:$S$607,12,FALSE)","v":"2013-07-01"},{"$f":"VLOOKUP($A336,DATA2!$A$2:$S$607,13,FALSE)","v":"2018-06-30"},{"$f":"VLOOKUP($A336,DATA2!$A$2:$S$607,14,FALSE)","v":"No"},{"$f":"IF(MATRIX2!D336=1,($Y$8-$X$2)/365*Table_Provincial_GTAC3536[[#This Row],[Adj.AnnualRental]]*MATRIX2!D336,($Y$8-$X$2)/365*Table_Provincial_GTAC3536[[#This Row],[Adj.AnnualRental]])","v":502989.67232876708},{"$f":"(Table_Provincial_GTAC3536[[#This Row],[Adj.AnnualRental]]*(1+$I336)^(2))","v":1751613.3307079999},{"$f":"(Table_Provincial_GTAC3536[[#This Row],[Adj.AnnualRental]]*(1+$I336)^(3))","v":1874226.26385756},{"$f":"(Table_Provincial_GTAC3536[[#This Row],[Adj.AnnualRental]]*(1+$I336)^(4))","v":2005422.1023275892},{"$f":"(Table_Provincial_GTAC3536[[#This Row],[Adj.AnnualRental]]*(1+$I336)^(5))","v":2145801.6494905208},{"$f":"(Table_Provincial_GTAC3536[[#This Row],[Adj.AnnualRental]]*(1+$I336)^(6))","v":2296007.7649548571},{"$f":"(Table_Provincial_GTAC3536[[#This Row],[Adj.AnnualRental]]*(1+$I336)^(7))","v":2456728.3085016971}]
[457,{"$f":"VLOOKUP($A337,DATA2!$A$2:$S$607,2,FALSE)","v":"NC"},{"$f":"VLOOKUP($A337,DATA2!$A$2:$S$607,3,FALSE)","v":"Northern Cape"},{"$f":"VLOOKUP($A337,DATA2!$A$2:$S$607,4,FALSE)","v":94.951808333333332},{"$f":"VLOOKUP($A337,DATA2!$A$2:$S$607,5,FALSE)","v":85},{"$f":"VLOOKUP($A337,DATA2!$A$2:$S$607,6,FALSE)","v":"MAIN CENTRE"},{"$f":"VLOOKUP($A337,DATA2!$A$2:$S$607,7,FALSE)","v":1200},{"$f":"VLOOKUP($A337,DATA2!$A$2:$S$607,8,FALSE)","v":true},{"$f":"VLOOKUP($A337,DATA2!$A$2:$S$607,9,FALSE)","v":0.08},35715.56,{"$f":"VLOOKUP($A337,DATA2!$A$2:$S$607,10,FALSE)","v":113942.17},{"$f":"VLOOKUP($A337,DATA2!$A$2:$S$607,11,FALSE)","v":1367306.04},{"$f":"VLOOKUP($A337,DATA2!$A$2:$S$607,12,FALSE)","v":"2014-06-01"},{"$f":"VLOOKUP($A337,DATA2!$A$2:$S$607,13,FALSE)","v":"2017-05-31"},{"$f":"VLOOKUP($A337,DATA2!$A$2:$S$607,14,FALSE)","v":"Yes"},{"$f":"IF(MATRIX2!D337=1,($Y$8-$X$2)/365*Table_Provincial_GTAC3536[[#This Row],[Adj.AnnualRental]]*MATRIX2!D337,($Y$8-$X$2)/365*Table_Provincial_GTAC3536[[#This Row],[Adj.AnnualRental]])","v":449525.27342465753},{"$f":"(Table_Provincial_GTAC3536[[#This Row],[Adj.AnnualRental]]*(1+$I337)^(2))","v":1594825.7650560001},{"$f":"(Table_Provincial_GTAC3536[[#This Row],[Adj.AnnualRental]]*(1+$I337)^(3))","v":1722411.8262604803},{"$f":"(Table_Provincial_GTAC3536[[#This Row],[Adj.AnnualRental]]*(1+$I337)^(4))","v":1860204.7723613188},{"$f":"(Table_Provincial_GTAC3536[[#This Row],[Adj.AnnualRental]]*(1+$I337)^(5))","v":2009021.1541502243},{"$f":"(Table_Provincial_GTAC3536[[#This Row],[Adj.AnnualRental]]*(1+$I337)^(6))","v":2169742.8464822425},{"$f":"(Table_Provincial_GTAC3536[[#This Row],[Adj.AnnualRental]]*(1+$I337)^(7))","v":2343322.2742008222}]
[458,{"$f":"VLOOKUP($A338,DATA2!$A$2:$S$607,2,FALSE)","v":"NC"},{"$f":"VLOOKUP($A338,DATA2!$A$2:$S$607,3,FALSE)","v":"Northern Cape"},{"$f":"VLOOKUP($A338,DATA2!$A$2:$S$607,4,FALSE)","v":118.391485},{"$f":"VLOOKUP($A338,DATA2!$A$2:$S$607,5,FALSE)","v":85},{"$f":"VLOOKUP($A338,DATA2!$A$2:$S$607,6,FALSE)","v":"MAIN CENTRE"},{"$f":"VLOOKUP($A338,DATA2!$A$2:$S$607,7,FALSE)","v":2000},{"$f":"VLOOKUP($A338,DATA2!$A$2:$S$607,8,FALSE)","v":true},{"$f":"VLOOKUP($A338,DATA2!$A$2:$S$607,9,FALSE)","v":0.08},74250,{"$f":"VLOOKUP($A338,DATA2!$A$2:$S$607,10,FALSE)","v":236782.97},{"$f":"VLOOKUP($A338,DATA2!$A$2:$S$607,11,FALSE)","v":2841395.64},{"$f":"VLOOKUP($A338,DATA2!$A$2:$S$607,12,FALSE)","v":"2010-10-01"},{"$f":"VLOOKUP($A338,DATA2!$A$2:$S$607,13,FALSE)","v":"2020-09-30"},{"$f":"VLOOKUP($A338,DATA2!$A$2:$S$607,14,FALSE)","v":"No"},{"$f":"IF(MATRIX2!D338=1,($Y$8-$X$2)/365*Table_Provincial_GTAC3536[[#This Row],[Adj.AnnualRental]]*MATRIX2!D338,($Y$8-$X$2)/365*Table_Provincial_GTAC3536[[#This Row],[Adj.AnnualRental]])","v":934157.4706849315},{"$f":"(Table_Provincial_GTAC3536[[#This Row],[Adj.AnnualRental]]*(1+$I338)^(2))","v":3314203.8744960004},{"$f":"(Table_Provincial_GTAC3536[[#This Row],[Adj.AnnualRental]]*(1+$I338)^(3))","v":3579340.1844556807},{"$f":"(Table_Provincial_GTAC3536[[#This Row],[Adj.AnnualRental]]*(1+$I338)^(4))","v":3865687.3992121355},{"$f":"(Table_Provincial_GTAC3536[[#This Row],[Adj.AnnualRental]]*(1+$I338)^(5))","v":4174942.3911491064},{"$f":"(Table_Provincial_GTAC3536[[#This Row],[Adj.AnnualRental]]*(1+$I338)^(6))","v":4508937.7824410349},{"$f":"(Table_Provincial_GTAC3536[[#This Row],[Adj.AnnualRental]]*(1+$I338)^(7))","v":4869652.8050363185}]
[459,{"$f":"VLOOKUP($A339,DATA2!$A$2:$S$607,2,FALSE)","v":"NC"},{"$f":"VLOOKUP($A339,DATA2!$A$2:$S$607,3,FALSE)","v":"Northern Cape"},{"$f":"VLOOKUP($A339,DATA2!$A$2:$S$607,4,FALSE)","v":78.039839999999998},{"$f":"VLOOKUP($A339,DATA2!$A$2:$S$607,5,FALSE)","v":84},{"$f":"VLOOKUP($A339,DATA2!$A$2:$S$607,6,FALSE)","v":"MAIN CENTRE"},{"$f":"VLOOKUP($A339,DATA2!$A$2:$S$607,7,FALSE)","v":250},{"$f":"VLOOKUP($A339,DATA2!$A$2:$S$607,8,FALSE)","v":true},{"$f":"VLOOKUP($A339,DATA2!$A$2:$S$607,9,FALSE)","v":0.1},97074.81,{"$f":"VLOOKUP($A339,DATA2!$A$2:$S$607,10,FALSE)","v":19509.96},{"$f":"VLOOKUP($A339,DATA2!$A$2:$S$607,11,FALSE)","v":234119.52},{"$f":"VLOOKUP($A339,DATA2!$A$2:$S$607,12,FALSE)","v":"2016-01-01"},{"$f":"VLOOKUP($A339,DATA2!$A$2:$S$607,13,FALSE)","v":"2018-12-31"},{"$f":"VLOOKUP($A339,DATA2!$A$2:$S$607,14,FALSE)","v":"No"},{"$f":"IF(MATRIX2!D339=1,($Y$8-$X$2)/365*Table_Provincial_GTAC3536[[#This Row],[Adj.AnnualRental]]*MATRIX2!D339,($Y$8-$X$2)/365*Table_Provincial_GTAC3536[[#This Row],[Adj.AnnualRental]])","v":76970.801095890405},{"$f":"(Table_Provincial_GTAC3536[[#This Row],[Adj.AnnualRental]]*(1+$I339)^(2))","v":283284.61920000002},{"$f":"(Table_Provincial_GTAC3536[[#This Row],[Adj.AnnualRental]]*(1+$I339)^(3))","v":311613.0811200001},{"$f":"(Table_Provincial_GTAC3536[[#This Row],[Adj.AnnualRental]]*(1+$I339)^(4))","v":342774.3892320001},{"$f":"(Table_Provincial_GTAC3536[[#This Row],[Adj.AnnualRental]]*(1+$I339)^(5))","v":377051.82815520011},{"$f":"(Table_Provincial_GTAC3536[[#This Row],[Adj.AnnualRental]]*(1+$I339)^(6))","v":414757.01097072015},{"$f":"(Table_Provincial_GTAC3536[[#This Row],[Adj.AnnualRental]]*(1+$I339)^(7))","v":456232.71206779225}]
[461,{"$f":"VLOOKUP($A340,DATA2!$A$2:$S$607,2,FALSE)","v":"NC"},{"$f":"VLOOKUP($A340,DATA2!$A$2:$S$607,3,FALSE)","v":"Northern Cape"},{"$f":"VLOOKUP($A340,DATA2!$A$2:$S$607,4,FALSE)","v":118.14560658578857},{"$f":"VLOOKUP($A340,DATA2!$A$2:$S$607,5,FALSE)","v":84},{"$f":"VLOOKUP($A340,DATA2!$A$2:$S$607,6,FALSE)","v":"VTSD"},{"$f":"VLOOKUP($A340,DATA2!$A$2:$S$607,7,FALSE)","v":3462},{"$f":"VLOOKUP($A340,DATA2!$A$2:$S$607,8,FALSE)","v":true},{"$f":"VLOOKUP($A340,DATA2!$A$2:$S$607,9,FALSE)","v":0.05},130580.91,{"$f":"VLOOKUP($A340,DATA2!$A$2:$S$607,10,FALSE)","v":409020.09},{"$f":"VLOOKUP($A340,DATA2!$A$2:$S$607,11,FALSE)","v":4908241.08},{"$f":"VLOOKUP($A340,DATA2!$A$2:$S$607,12,FALSE)","v":"2014-08-01"},{"$f":"VLOOKUP($A340,DATA2!$A$2:$S$607,13,FALSE)","v":"2019-07-31"},{"$f":"VLOOKUP($A340,DATA2!$A$2:$S$607,14,FALSE)","v":"No"},{"$f":"IF(MATRIX2!D340=1,($Y$8-$X$2)/365*Table_Provincial_GTAC3536[[#This Row],[Adj.AnnualRental]]*MATRIX2!D340,($Y$8-$X$2)/365*Table_Provincial_GTAC3536[[#This Row],[Adj.AnnualRental]])","v":1613668.3002739726},{"$f":"(Table_Provincial_GTAC3536[[#This Row],[Adj.AnnualRental]]*(1+$I340)^(2))","v":5411335.7907000007},{"$f":"(Table_Provincial_GTAC3536[[#This Row],[Adj.AnnualRental]]*(1+$I340)^(3))","v":5681902.5802350007},{"$f":"(Table_Provincial_GTAC3536[[#This Row],[Adj.AnnualRental]]*(1+$I340)^(4))","v":5965997.70924675},{"$f":"(Table_Provincial_GTAC3536[[#This Row],[Adj.AnnualRental]]*(1+$I340)^(5))","v":6264297.5947090881},{"$f":"(Table_Provincial_GTAC3536[[#This Row],[Adj.AnnualRental]]*(1+$I340)^(6))","v":6577512.4744445421},{"$f":"(Table_Provincial_GTAC3536[[#This Row],[Adj.AnnualRental]]*(1+$I340)^(7))","v":6906388.0981667703}]
[462,{"$f":"VLOOKUP($A341,DATA2!$A$2:$S$607,2,FALSE)","v":"NC"},{"$f":"VLOOKUP($A341,DATA2!$A$2:$S$607,3,FALSE)","v":"Northern Cape"},{"$f":"VLOOKUP($A341,DATA2!$A$2:$S$607,4,FALSE)","v":163.5259965635739},{"$f":"VLOOKUP($A341,DATA2!$A$2:$S$607,5,FALSE)","v":85},{"$f":"VLOOKUP($A341,DATA2!$A$2:$S$607,6,FALSE)","v":"MAIN CENTRE"},{"$f":"VLOOKUP($A341,DATA2!$A$2:$S$607,7,FALSE)","v":582},{"$f":"VLOOKUP($A341,DATA2!$A$2:$S$607,8,FALSE)","v":true},{"$f":"VLOOKUP($A341,DATA2!$A$2:$S$607,9,FALSE)","v":0.08},113942.17,{"$f":"VLOOKUP($A341,DATA2!$A$2:$S$607,10,FALSE)","v":95172.13},{"$f":"VLOOKUP($A341,DATA2!$A$2:$S$607,11,FALSE)","v":1142065.56},{"$f":"VLOOKUP($A341,DATA2!$A$2:$S$607,12,FALSE)","v":"2014-03-15"},{"$f":"VLOOKUP($A341,DATA2!$A$2:$S$607,13,FALSE)","v":"2019-03-14"},{"$f":"VLOOKUP($A341,DATA2!$A$2:$S$607,14,FALSE)","v":"No"},{"$f":"IF(MATRIX2!D341=1,($Y$8-$X$2)/365*Table_Provincial_GTAC3536[[#This Row],[Adj.AnnualRental]]*MATRIX2!D341,($Y$8-$X$2)/365*Table_Provincial_GTAC3536[[#This Row],[Adj.AnnualRental]])","v":375473.60876712331},{"$f":"(Table_Provincial_GTAC3536[[#This Row],[Adj.AnnualRental]]*(1+$I341)^(2))","v":1332105.2691840001},{"$f":"(Table_Provincial_GTAC3536[[#This Row],[Adj.AnnualRental]]*(1+$I341)^(3))","v":1438673.6907187202},{"$f":"(Table_Provincial_GTAC3536[[#This Row],[Adj.AnnualRental]]*(1+$I341)^(4))","v":1553767.5859762181},{"$f":"(Table_Provincial_GTAC3536[[#This Row],[Adj.AnnualRental]]*(1+$I341)^(5))","v":1678068.9928543156},{"$f":"(Table_Provincial_GTAC3536[[#This Row],[Adj.AnnualRental]]*(1+$I341)^(6))","v":1812314.5122826609},{"$f":"(Table_Provincial_GTAC3536[[#This Row],[Adj.AnnualRental]]*(1+$I341)^(7))","v":1957299.6732652739}]
[465,{"$f":"VLOOKUP($A342,DATA2!$A$2:$S$607,2,FALSE)","v":"NC"},{"$f":"VLOOKUP($A342,DATA2!$A$2:$S$607,3,FALSE)","v":"Northern Cape"},{"$f":"VLOOKUP($A342,DATA2!$A$2:$S$607,4,FALSE)","v":129.27891666666667},{"$f":"VLOOKUP($A342,DATA2!$A$2:$S$607,5,FALSE)","v":84},{"$f":"VLOOKUP($A342,DATA2!$A$2:$S$607,6,FALSE)","v":"VTSD"},{"$f":"VLOOKUP($A342,DATA2!$A$2:$S$607,7,FALSE)","v":120},{"$f":"VLOOKUP($A342,DATA2!$A$2:$S$607,8,FALSE)","v":true},{"$f":"VLOOKUP($A342,DATA2!$A$2:$S$607,9,FALSE)","v":0.1},251106.97,{"$f":"VLOOKUP($A342,DATA2!$A$2:$S$607,10,FALSE)","v":15513.47},{"$f":"VLOOKUP($A342,DATA2!$A$2:$S$607,11,FALSE)","v":186161.64},{"$f":"VLOOKUP($A342,DATA2!$A$2:$S$607,12,FALSE)","v":"2017-04-01"},{"$f":"VLOOKUP($A342,DATA2!$A$2:$S$607,13,FALSE)","v":"2020-03-31"},{"$f":"VLOOKUP($A342,DATA2!$A$2:$S$607,14,FALSE)","v":"No"},{"$f":"IF(MATRIX2!D342=1,($Y$8-$X$2)/365*Table_Provincial_GTAC3536[[#This Row],[Adj.AnnualRental]]*MATRIX2!D342,($Y$8-$X$2)/365*Table_Provincial_GTAC3536[[#This Row],[Adj.AnnualRental]])","v":61203.826849315068},{"$f":"(Table_Provincial_GTAC3536[[#This Row],[Adj.AnnualRental]]*(1+$I342)^(2))","v":225255.58440000005},{"$f":"(Table_Provincial_GTAC3536[[#This Row],[Adj.AnnualRental]]*(1+$I342)^(3))","v":247781.1428400001},{"$f":"(Table_Provincial_GTAC3536[[#This Row],[Adj.AnnualRental]]*(1+$I342)^(4))","v":272559.25712400011},{"$f":"(Table_Provincial_GTAC3536[[#This Row],[Adj.AnnualRental]]*(1+$I342)^(5))","v":299815.18283640011},{"$f":"(Table_Provincial_GTAC3536[[#This Row],[Adj.AnnualRental]]*(1+$I342)^(6))","v":329796.7011200402},{"$f":"(Table_Provincial_GTAC3536[[#This Row],[Adj.AnnualRental]]*(1+$I342)^(7))","v":362776.37123204424}]
[469,{"$f":"VLOOKUP($A343,DATA2!$A$2:$S$607,2,FALSE)","v":"NC"},{"$f":"VLOOKUP($A343,DATA2!$A$2:$S$607,3,FALSE)","v":"Northern Cape"},{"$f":"VLOOKUP($A343,DATA2!$A$2:$S$607,4,FALSE)","v":57.329463087248321},{"$f":"VLOOKUP($A343,DATA2!$A$2:$S$607,5,FALSE)","v":85},{"$f":"VLOOKUP($A343,DATA2!$A$2:$S$607,6,FALSE)","v":"CBD"},{"$f":"VLOOKUP($A343,DATA2!$A$2:$S$607,7,FALSE)","v":596},{"$f":"VLOOKUP($A343,DATA2!$A$2:$S$607,8,FALSE)","v":true},{"$f":"VLOOKUP($A343,DATA2!$A$2:$S$607,9,FALSE)","v":0.05},19509.96,{"$f":"VLOOKUP($A343,DATA2!$A$2:$S$607,10,FALSE)","v":34168.36},{"$f":"VLOOKUP($A343,DATA2!$A$2:$S$607,11,FALSE)","v":410020.32},{"$f":"VLOOKUP($A343,DATA2!$A$2:$S$607,12,FALSE)","v":"2012-10-01"},{"$f":"VLOOKUP($A343,DATA2!$A$2:$S$607,13,FALSE)","v":"2017-09-30"},{"$f":"VLOOKUP($A343,DATA2!$A$2:$S$607,14,FALSE)","v":"No"},{"$f":"IF(MATRIX2!D343=1,($Y$8-$X$2)/365*Table_Provincial_GTAC3536[[#This Row],[Adj.AnnualRental]]*MATRIX2!D343,($Y$8-$X$2)/365*Table_Provincial_GTAC3536[[#This Row],[Adj.AnnualRental]])","v":134801.2010958904},{"$f":"(Table_Provincial_GTAC3536[[#This Row],[Adj.AnnualRental]]*(1+$I343)^(2))","v":452047.40280000004},{"$f":"(Table_Provincial_GTAC3536[[#This Row],[Adj.AnnualRental]]*(1+$I343)^(3))","v":474649.77294000005},{"$f":"(Table_Provincial_GTAC3536[[#This Row],[Adj.AnnualRental]]*(1+$I343)^(4))","v":498382.26158699999},{"$f":"(Table_Provincial_GTAC3536[[#This Row],[Adj.AnnualRental]]*(1+$I343)^(5))","v":523301.37466635008},{"$f":"(Table_Provincial_GTAC3536[[#This Row],[Adj.AnnualRental]]*(1+$I343)^(6))","v":549466.44339966751},{"$f":"(Table_Provincial_GTAC3536[[#This Row],[Adj.AnnualRental]]*(1+$I343)^(7))","v":576939.76556965103}]
[470,{"$f":"VLOOKUP($A344,DATA2!$A$2:$S$607,2,FALSE)","v":"NC"},{"$f":"VLOOKUP($A344,DATA2!$A$2:$S$607,3,FALSE)","v":"Northern Cape"},{"$f":"VLOOKUP($A344,DATA2!$A$2:$S$607,4,FALSE)","v":92.665952618453858},{"$f":"VLOOKUP($A344,DATA2!$A$2:$S$607,5,FALSE)","v":85},{"$f":"VLOOKUP($A344,DATA2!$A$2:$S$607,6,FALSE)","v":"MAIN CENTRE"},{"$f":"VLOOKUP($A344,DATA2!$A$2:$S$607,7,FALSE)","v":4010},{"$f":"VLOOKUP($A344,DATA2!$A$2:$S$607,8,FALSE)","v":true},{"$f":"VLOOKUP($A344,DATA2!$A$2:$S$607,9,FALSE)","v":0.08},413712.09,{"$f":"VLOOKUP($A344,DATA2!$A$2:$S$607,10,FALSE)","v":371590.47},{"$f":"VLOOKUP($A344,DATA2!$A$2:$S$607,11,FALSE)","v":4459085.6399999997},{"$f":"VLOOKUP($A344,DATA2!$A$2:$S$607,12,FALSE)","v":"2015-10-01"},{"$f":"VLOOKUP($A344,DATA2!$A$2:$S$607,13,FALSE)","v":"2025-08-31"},{"$f":"VLOOKUP($A344,DATA2!$A$2:$S$607,14,FALSE)","v":"No"},{"$f":"IF(MATRIX2!D344=1,($Y$8-$X$2)/365*Table_Provincial_GTAC3536[[#This Row],[Adj.AnnualRental]]*MATRIX2!D344,($Y$8-$X$2)/365*Table_Provincial_GTAC3536[[#This Row],[Adj.AnnualRental]])","v":1466000.7583561642},{"$f":"(Table_Provincial_GTAC3536[[#This Row],[Adj.AnnualRental]]*(1+$I344)^(2))","v":5201077.4904960003},{"$f":"(Table_Provincial_GTAC3536[[#This Row],[Adj.AnnualRental]]*(1+$I344)^(3))","v":5617163.6897356799},{"$f":"(Table_Provincial_GTAC3536[[#This Row],[Adj.AnnualRental]]*(1+$I344)^(4))","v":6066536.7849145355},{"$f":"(Table_Provincial_GTAC3536[[#This Row],[Adj.AnnualRental]]*(1+$I344)^(5))","v":6551859.727707698},{"$f":"(Table_Provincial_GTAC3536[[#This Row],[Adj.AnnualRental]]*(1+$I344)^(6))","v":7076008.5059243152},{"$f":"(Table_Provincial_GTAC3536[[#This Row],[Adj.AnnualRental]]*(1+$I344)^(7))","v":7642089.1863982603}]
[472,{"$f":"VLOOKUP($A345,DATA2!$A$2:$S$607,2,FALSE)","v":"NC"},{"$f":"VLOOKUP($A345,DATA2!$A$2:$S$607,3,FALSE)","v":"Northern Cape"},{"$f":"VLOOKUP($A345,DATA2!$A$2:$S$607,4,FALSE)","v":80.969071428571425},{"$f":"VLOOKUP($A345,DATA2!$A$2:$S$607,5,FALSE)","v":84},{"$f":"VLOOKUP($A345,DATA2!$A$2:$S$607,6,FALSE)","v":"VTSD"},{"$f":"VLOOKUP($A345,DATA2!$A$2:$S$607,7,FALSE)","v":280},{"$f":"VLOOKUP($A345,DATA2!$A$2:$S$607,8,FALSE)","v":true},{"$f":"VLOOKUP($A345,DATA2!$A$2:$S$607,9,FALSE)","v":7.4999999999999997E-2},95172.13,{"$f":"VLOOKUP($A345,DATA2!$A$2:$S$607,10,FALSE)","v":22671.34},{"$f":"VLOOKUP($A345,DATA2!$A$2:$S$607,11,FALSE)","v":272056.08},{"$f":"VLOOKUP($A345,DATA2!$A$2:$S$607,12,FALSE)","v":"2016-03-01"},{"$f":"VLOOKUP($A345,DATA2!$A$2:$S$607,13,FALSE)","v":"2019-02-28"},{"$f":"VLOOKUP($A345,DATA2!$A$2:$S$607,14,FALSE)","v":"No"},{"$f":"IF(MATRIX2!D345=1,($Y$8-$X$2)/365*Table_Provincial_GTAC3536[[#This Row],[Adj.AnnualRental]]*MATRIX2!D345,($Y$8-$X$2)/365*Table_Provincial_GTAC3536[[#This Row],[Adj.AnnualRental]])","v":89443.094794520555},{"$f":"(Table_Provincial_GTAC3536[[#This Row],[Adj.AnnualRental]]*(1+$I345)^(2))","v":314394.80744999996},{"$f":"(Table_Provincial_GTAC3536[[#This Row],[Adj.AnnualRental]]*(1+$I345)^(3))","v":337974.41800874996},{"$f":"(Table_Provincial_GTAC3536[[#This Row],[Adj.AnnualRental]]*(1+$I345)^(4))","v":363322.49935940624},{"$f":"(Table_Provincial_GTAC3536[[#This Row],[Adj.AnnualRental]]*(1+$I345)^(5))","v":390571.68681136169},{"$f":"(Table_Provincial_GTAC3536[[#This Row],[Adj.AnnualRental]]*(1+$I345)^(6))","v":419864.56332221377},{"$f":"(Table_Provincial_GTAC3536[[#This Row],[Adj.AnnualRental]]*(1+$I345)^(7))","v":451354.40557137987}]
[473,{"$f":"VLOOKUP($A346,DATA2!$A$2:$S$607,2,FALSE)","v":"NC"},{"$f":"VLOOKUP($A346,DATA2!$A$2:$S$607,3,FALSE)","v":"Northern Cape"},{"$f":"VLOOKUP($A346,DATA2!$A$2:$S$607,4,FALSE)","v":115.83},{"$f":"VLOOKUP($A346,DATA2!$A$2:$S$607,5,FALSE)","v":85},{"$f":"VLOOKUP($A346,DATA2!$A$2:$S$607,6,FALSE)","v":"MAIN CENTRE"},{"$f":"VLOOKUP($A346,DATA2!$A$2:$S$607,7,FALSE)","v":400},{"$f":"VLOOKUP($A346,DATA2!$A$2:$S$607,8,FALSE)","v":true},{"$f":"VLOOKUP($A346,DATA2!$A$2:$S$607,9,FALSE)","v":0.08},15513.47,{"$f":"VLOOKUP($A346,DATA2!$A$2:$S$607,10,FALSE)","v":46332},{"$f":"VLOOKUP($A346,DATA2!$A$2:$S$607,11,FALSE)","v":555984},{"$f":"VLOOKUP($A346,DATA2!$A$2:$S$607,12,FALSE)","v":"2016-09-01"},{"$f":"VLOOKUP($A346,DATA2!$A$2:$S$607,13,FALSE)","v":"2019-08-31"},{"$f":"VLOOKUP($A346,DATA2!$A$2:$S$607,14,FALSE)","v":"No"},{"$f":"IF(MATRIX2!D346=1,($Y$8-$X$2)/365*Table_Provincial_GTAC3536[[#This Row],[Adj.AnnualRental]]*MATRIX2!D346,($Y$8-$X$2)/365*Table_Provincial_GTAC3536[[#This Row],[Adj.AnnualRental]])","v":182789.26027397258},{"$f":"(Table_Provincial_GTAC3536[[#This Row],[Adj.AnnualRental]]*(1+$I346)^(2))","v":648499.73760000011},{"$f":"(Table_Provincial_GTAC3536[[#This Row],[Adj.AnnualRental]]*(1+$I346)^(3))","v":700379.7166080001},{"$f":"(Table_Provincial_GTAC3536[[#This Row],[Adj.AnnualRental]]*(1+$I346)^(4))","v":756410.09393664019},{"$f":"(Table_Provincial_GTAC3536[[#This Row],[Adj.AnnualRental]]*(1+$I346)^(5))","v":816922.90145157138},{"$f":"(Table_Provincial_GTAC3536[[#This Row],[Adj.AnnualRental]]*(1+$I346)^(6))","v":882276.73356769723},{"$f":"(Table_Provincial_GTAC3536[[#This Row],[Adj.AnnualRental]]*(1+$I346)^(7))","v":952858.87225311296}]
[474,{"$f":"VLOOKUP($A347,DATA2!$A$2:$S$607,2,FALSE)","v":"NC"},{"$f":"VLOOKUP($A347,DATA2!$A$2:$S$607,3,FALSE)","v":"Northern Cape"},{"$f":"VLOOKUP($A347,DATA2!$A$2:$S$607,4,FALSE)","v":100},{"$f":"VLOOKUP($A347,DATA2!$A$2:$S$607,5,FALSE)","v":84},{"$f":"VLOOKUP($A347,DATA2!$A$2:$S$607,6,FALSE)","v":"MAIN CENTRE"},{"$f":"VLOOKUP($A347,DATA2!$A$2:$S$607,7,FALSE)","v":230},{"$f":"VLOOKUP($A347,DATA2!$A$2:$S$607,8,FALSE)","v":true},{"$f":"VLOOKUP($A347,DATA2!$A$2:$S$607,9,FALSE)","v":0.08},39688.36,{"$f":"VLOOKUP($A347,DATA2!$A$2:$S$607,10,FALSE)","v":23000},{"$f":"VLOOKUP($A347,DATA2!$A$2:$S$607,11,FALSE)","v":276000},{"$f":"VLOOKUP($A347,DATA2!$A$2:$S$607,12,FALSE)","v":"2016-07-01"},{"$f":"VLOOKUP($A347,DATA2!$A$2:$S$607,13,FALSE)","v":"2019-07-30"},{"$f":"VLOOKUP($A347,DATA2!$A$2:$S$607,14,FALSE)","v":"No"},{"$f":"IF(MATRIX2!D347=1,($Y$8-$X$2)/365*Table_Provincial_GTAC3536[[#This Row],[Adj.AnnualRental]]*MATRIX2!D347,($Y$8-$X$2)/365*Table_Provincial_GTAC3536[[#This Row],[Adj.AnnualRental]])","v":90739.72602739725},{"$f":"(Table_Provincial_GTAC3536[[#This Row],[Adj.AnnualRental]]*(1+$I347)^(2))","v":321926.40000000002},{"$f":"(Table_Provincial_GTAC3536[[#This Row],[Adj.AnnualRental]]*(1+$I347)^(3))","v":347680.51200000005},{"$f":"(Table_Provincial_GTAC3536[[#This Row],[Adj.AnnualRental]]*(1+$I347)^(4))","v":375494.95296000008},{"$f":"(Table_Provincial_GTAC3536[[#This Row],[Adj.AnnualRental]]*(1+$I347)^(5))","v":405534.5491968001},{"$f":"(Table_Provincial_GTAC3536[[#This Row],[Adj.AnnualRental]]*(1+$I347)^(6))","v":437977.31313254416},{"$f":"(Table_Provincial_GTAC3536[[#This Row],[Adj.AnnualRental]]*(1+$I347)^(7))","v":473015.49818314769}]
[476,{"$f":"VLOOKUP($A348,DATA2!$A$2:$S$607,2,FALSE)","v":"NC"},{"$f":"VLOOKUP($A348,DATA2!$A$2:$S$607,3,FALSE)","v":"Northern Cape"},{"$f":"VLOOKUP($A348,DATA2!$A$2:$S$607,4,FALSE)","v":109.17693},{"$f":"VLOOKUP($A348,DATA2!$A$2:$S$607,5,FALSE)","v":85},{"$f":"VLOOKUP($A348,DATA2!$A$2:$S$607,6,FALSE)","v":"CBD"},{"$f":"VLOOKUP($A348,DATA2!$A$2:$S$607,7,FALSE)","v":1000},{"$f":"VLOOKUP($A348,DATA2!$A$2:$S$607,8,FALSE)","v":true},{"$f":"VLOOKUP($A348,DATA2!$A$2:$S$607,9,FALSE)","v":0.08},383522.67,{"$f":"VLOOKUP($A348,DATA2!$A$2:$S$607,10,FALSE)","v":109176.93},{"$f":"VLOOKUP($A348,DATA2!$A$2:$S$607,11,FALSE)","v":1310123.1599999999},{"$f":"VLOOKUP($A348,DATA2!$A$2:$S$607,12,FALSE)","v":"2009-10-01"},{"$f":"VLOOKUP($A348,DATA2!$A$2:$S$607,13,FALSE)","v":"2018-09-30"},{"$f":"VLOOKUP($A348,DATA2!$A$2:$S$607,14,FALSE)","v":"No"},{"$f":"IF(MATRIX2!D348=1,($Y$8-$X$2)/365*Table_Provincial_GTAC3536[[#This Row],[Adj.AnnualRental]]*MATRIX2!D348,($Y$8-$X$2)/365*Table_Provincial_GTAC3536[[#This Row],[Adj.AnnualRental]])","v":430725.42246575339},{"$f":"(Table_Provincial_GTAC3536[[#This Row],[Adj.AnnualRental]]*(1+$I348)^(2))","v":1528127.6538240002},{"$f":"(Table_Provincial_GTAC3536[[#This Row],[Adj.AnnualRental]]*(1+$I348)^(3))","v":1650377.8661299201},{"$f":"(Table_Provincial_GTAC3536[[#This Row],[Adj.AnnualRental]]*(1+$I348)^(4))","v":1782408.0954203138},{"$f":"(Table_Provincial_GTAC3536[[#This Row],[Adj.AnnualRental]]*(1+$I348)^(5))","v":1925000.743053939},{"$f":"(Table_Provincial_GTAC3536[[#This Row],[Adj.AnnualRental]]*(1+$I348)^(6))","v":2079000.8024982545},{"$f":"(Table_Provincial_GTAC3536[[#This Row],[Adj.AnnualRental]]*(1+$I348)^(7))","v":2245320.8666981147}]
[477,{"$f":"VLOOKUP($A349,DATA2!$A$2:$S$607,2,FALSE)","v":"NC"},{"$f":"VLOOKUP($A349,DATA2!$A$2:$S$607,3,FALSE)","v":"Northern Cape"},{"$f":"VLOOKUP($A349,DATA2!$A$2:$S$607,4,FALSE)","v":54.683122222222217},{"$f":"VLOOKUP($A349,DATA2!$A$2:$S$607,5,FALSE)","v":84},{"$f":"VLOOKUP($A349,DATA2!$A$2:$S$607,6,FALSE)","v":"VTSD"},{"$f":"VLOOKUP($A349,DATA2!$A$2:$S$607,7,FALSE)","v":900},{"$f":"VLOOKUP($A349,DATA2!$A$2:$S$607,8,FALSE)","v":true},{"$f":"VLOOKUP($A349,DATA2!$A$2:$S$607,9,FALSE)","v":7.4999999999999997E-2},22671.34,{"$f":"VLOOKUP($A349,DATA2!$A$2:$S$607,10,FALSE)","v":49214.81},{"$f":"VLOOKUP($A349,DATA2!$A$2:$S$607,11,FALSE)","v":590577.72},{"$f":"VLOOKUP($A349,DATA2!$A$2:$S$607,12,FALSE)","v":"2012-11-01"},{"$f":"VLOOKUP($A349,DATA2!$A$2:$S$607,13,FALSE)","v":"2017-10-31"},{"$f":"VLOOKUP($A349,DATA2!$A$2:$S$607,14,FALSE)","v":"No"},{"$f":"IF(MATRIX2!D349=1,($Y$8-$X$2)/365*Table_Provincial_GTAC3536[[#This Row],[Adj.AnnualRental]]*MATRIX2!D349,($Y$8-$X$2)/365*Table_Provincial_GTAC3536[[#This Row],[Adj.AnnualRental]])","v":194162.53808219175},{"$f":"(Table_Provincial_GTAC3536[[#This Row],[Adj.AnnualRental]]*(1+$I349)^(2))","v":682486.37767499988},{"$f":"(Table_Provincial_GTAC3536[[#This Row],[Adj.AnnualRental]]*(1+$I349)^(3))","v":733672.85600062483},{"$f":"(Table_Provincial_GTAC3536[[#This Row],[Adj.AnnualRental]]*(1+$I349)^(4))","v":788698.32020067179},{"$f":"(Table_Provincial_GTAC3536[[#This Row],[Adj.AnnualRental]]*(1+$I349)^(5))","v":847850.69421572215},{"$f":"(Table_Provincial_GTAC3536[[#This Row],[Adj.AnnualRental]]*(1+$I349)^(6))","v":911439.49628190126},{"$f":"(Table_Provincial_GTAC3536[[#This Row],[Adj.AnnualRental]]*(1+$I349)^(7))","v":979797.45850304386}]
[479,{"$f":"VLOOKUP($A350,DATA2!$A$2:$S$607,2,FALSE)","v":"NC"},{"$f":"VLOOKUP($A350,DATA2!$A$2:$S$607,3,FALSE)","v":"Northern Cape"},{"$f":"VLOOKUP($A350,DATA2!$A$2:$S$607,4,FALSE)","v":93.312061538461549},{"$f":"VLOOKUP($A350,DATA2!$A$2:$S$607,5,FALSE)","v":85},{"$f":"VLOOKUP($A350,DATA2!$A$2:$S$607,6,FALSE)","v":"CBD"},{"$f":"VLOOKUP($A350,DATA2!$A$2:$S$607,7,FALSE)","v":3250},{"$f":"VLOOKUP($A350,DATA2!$A$2:$S$607,8,FALSE)","v":true},{"$f":"VLOOKUP($A350,DATA2!$A$2:$S$607,9,FALSE)","v":0.08},46332,{"$f":"VLOOKUP($A350,DATA2!$A$2:$S$607,10,FALSE)","v":303264.2},{"$f":"VLOOKUP($A350,DATA2!$A$2:$S$607,11,FALSE)","v":3639170.4},{"$f":"VLOOKUP($A350,DATA2!$A$2:$S$607,12,FALSE)","v":"2014-10-01"},{"$f":"VLOOKUP($A350,DATA2!$A$2:$S$607,13,FALSE)","v":"2024-08-30"},{"$f":"VLOOKUP($A350,DATA2!$A$2:$S$607,14,FALSE)","v":"No"},{"$f":"IF(MATRIX2!D350=1,($Y$8-$X$2)/365*Table_Provincial_GTAC3536[[#This Row],[Adj.AnnualRental]]*MATRIX2!D350,($Y$8-$X$2)/365*Table_Provincial_GTAC3536[[#This Row],[Adj.AnnualRental]])","v":1196439.5835616437},{"$f":"(Table_Provincial_GTAC3536[[#This Row],[Adj.AnnualRental]]*(1+$I350)^(2))","v":4244728.3545599999},{"$f":"(Table_Provincial_GTAC3536[[#This Row],[Adj.AnnualRental]]*(1+$I350)^(3))","v":4584306.6229248},{"$f":"(Table_Provincial_GTAC3536[[#This Row],[Adj.AnnualRental]]*(1+$I350)^(4))","v":4951051.1527587846},{"$f":"(Table_Provincial_GTAC3536[[#This Row],[Adj.AnnualRental]]*(1+$I350)^(5))","v":5347135.2449794877},{"$f":"(Table_Provincial_GTAC3536[[#This Row],[Adj.AnnualRental]]*(1+$I350)^(6))","v":5774906.0645778477},{"$f":"(Table_Provincial_GTAC3536[[#This Row],[Adj.AnnualRental]]*(1+$I350)^(7))","v":6236898.5497440752}]
[480,{"$f":"VLOOKUP($A351,DATA2!$A$2:$S$607,2,FALSE)","v":"NC"},{"$f":"VLOOKUP($A351,DATA2!$A$2:$S$607,3,FALSE)","v":"Northern Cape"},{"$f":"VLOOKUP($A351,DATA2!$A$2:$S$607,4,FALSE)","v":62.261934293801481},{"$f":"VLOOKUP($A351,DATA2!$A$2:$S$607,5,FALSE)","v":84},{"$f":"VLOOKUP($A351,DATA2!$A$2:$S$607,6,FALSE)","v":"VTSD"},{"$f":"VLOOKUP($A351,DATA2!$A$2:$S$607,7,FALSE)","v":314.43},{"$f":"VLOOKUP($A351,DATA2!$A$2:$S$607,8,FALSE)","v":true},{"$f":"VLOOKUP($A351,DATA2!$A$2:$S$607,9,FALSE)","v":0.08},23000,{"$f":"VLOOKUP($A351,DATA2!$A$2:$S$607,10,FALSE)","v":19577.02},{"$f":"VLOOKUP($A351,DATA2!$A$2:$S$607,11,FALSE)","v":234924.24},{"$f":"VLOOKUP($A351,DATA2!$A$2:$S$607,12,FALSE)","v":"2011-02-01"},{"$f":"VLOOKUP($A351,DATA2!$A$2:$S$607,13,FALSE)","v":"2016-01-31"},{"$f":"VLOOKUP($A351,DATA2!$A$2:$S$607,14,FALSE)","v":"Yes"},{"$f":"IF(MATRIX2!D351=1,($Y$8-$X$2)/365*Table_Provincial_GTAC3536[[#This Row],[Adj.AnnualRental]]*MATRIX2!D351,($Y$8-$X$2)/365*Table_Provincial_GTAC3536[[#This Row],[Adj.AnnualRental]])","v":77235.366575342458},{"$f":"(Table_Provincial_GTAC3536[[#This Row],[Adj.AnnualRental]]*(1+$I351)^(2))","v":274015.63353600004},{"$f":"(Table_Provincial_GTAC3536[[#This Row],[Adj.AnnualRental]]*(1+$I351)^(3))","v":295936.88421888003},{"$f":"(Table_Provincial_GTAC3536[[#This Row],[Adj.AnnualRental]]*(1+$I351)^(4))","v":319611.83495639043},{"$f":"(Table_Provincial_GTAC3536[[#This Row],[Adj.AnnualRental]]*(1+$I351)^(5))","v":345180.78175290168},{"$f":"(Table_Provincial_GTAC3536[[#This Row],[Adj.AnnualRental]]*(1+$I351)^(6))","v":372795.2442931339},{"$f":"(Table_Provincial_GTAC3536[[#This Row],[Adj.AnnualRental]]*(1+$I351)^(7))","v":402618.86383658461}]
[481,{"$f":"VLOOKUP($A352,DATA2!$A$2:$S$607,2,FALSE)","v":"NC"},{"$f":"VLOOKUP($A352,DATA2!$A$2:$S$607,3,FALSE)","v":"Northern Cape"},{"$f":"VLOOKUP($A352,DATA2!$A$2:$S$607,4,FALSE)","v":32.13281105990783},{"$f":"VLOOKUP($A352,DATA2!$A$2:$S$607,5,FALSE)","v":84},{"$f":"VLOOKUP($A352,DATA2!$A$2:$S$607,6,FALSE)","v":"VTSD"},{"$f":"VLOOKUP($A352,DATA2!$A$2:$S$607,7,FALSE)","v":217},{"$f":"VLOOKUP($A352,DATA2!$A$2:$S$607,8,FALSE)","v":true},{"$f":"VLOOKUP($A352,DATA2!$A$2:$S$607,9,FALSE)","v":0.08},109176.93,{"$f":"VLOOKUP($A352,DATA2!$A$2:$S$607,10,FALSE)","v":6972.82},{"$f":"VLOOKUP($A352,DATA2!$A$2:$S$607,11,FALSE)","v":83673.84},{"$f":"VLOOKUP($A352,DATA2!$A$2:$S$607,12,FALSE)","v":"2013-04-01"},{"$f":"VLOOKUP($A352,DATA2!$A$2:$S$607,13,FALSE)","v":"2014-03-31"},{"$f":"VLOOKUP($A352,DATA2!$A$2:$S$607,14,FALSE)","v":"Yes"},{"$f":"IF(MATRIX2!D352=1,($Y$8-$X$2)/365*Table_Provincial_GTAC3536[[#This Row],[Adj.AnnualRental]]*MATRIX2!D352,($Y$8-$X$2)/365*Table_Provincial_GTAC3536[[#This Row],[Adj.AnnualRental]])","v":27509.207671232874},{"$f":"(Table_Provincial_GTAC3536[[#This Row],[Adj.AnnualRental]]*(1+$I352)^(2))","v":97597.166976000008},{"$f":"(Table_Provincial_GTAC3536[[#This Row],[Adj.AnnualRental]]*(1+$I352)^(3))","v":105404.94033408001},{"$f":"(Table_Provincial_GTAC3536[[#This Row],[Adj.AnnualRental]]*(1+$I352)^(4))","v":113837.33556080642},{"$f":"(Table_Provincial_GTAC3536[[#This Row],[Adj.AnnualRental]]*(1+$I352)^(5))","v":122944.32240567093},{"$f":"(Table_Provincial_GTAC3536[[#This Row],[Adj.AnnualRental]]*(1+$I352)^(6))","v":132779.86819812463},{"$f":"(Table_Provincial_GTAC3536[[#This Row],[Adj.AnnualRental]]*(1+$I352)^(7))","v":143402.25765397461}]
[482,{"$f":"VLOOKUP($A353,DATA2!$A$2:$S$607,2,FALSE)","v":"NC"},{"$f":"VLOOKUP($A353,DATA2!$A$2:$S$607,3,FALSE)","v":"Northern Cape"},{"$f":"VLOOKUP($A353,DATA2!$A$2:$S$607,4,FALSE)","v":44.864192307692306},{"$f":"VLOOKUP($A353,DATA2!$A$2:$S$607,5,FALSE)","v":84},{"$f":"VLOOKUP($A353,DATA2!$A$2:$S$607,6,FALSE)","v":"VTSD"},{"$f":"VLOOKUP($A353,DATA2!$A$2:$S$607,7,FALSE)","v":260},{"$f":"VLOOKUP($A353,DATA2!$A$2:$S$607,8,FALSE)","v":true},{"$f":"VLOOKUP($A353,DATA2!$A$2:$S$607,9,FALSE)","v":0.08},54734.81,{"$f":"VLOOKUP($A353,DATA2!$A$2:$S$607,10,FALSE)","v":11664.69},{"$f":"VLOOKUP($A353,DATA2!$A$2:$S$607,11,FALSE)","v":139976.28},{"$f":"VLOOKUP($A353,DATA2!$A$2:$S$607,12,FALSE)","v":"2010-03-01"},{"$f":"VLOOKUP($A353,DATA2!$A$2:$S$607,13,FALSE)","v":"2015-05-28"},{"$f":"VLOOKUP($A353,DATA2!$A$2:$S$607,14,FALSE)","v":"Yes"},{"$f":"IF(MATRIX2!D353=1,($Y$8-$X$2)/365*Table_Provincial_GTAC3536[[#This Row],[Adj.AnnualRental]]*MATRIX2!D353,($Y$8-$X$2)/365*Table_Provincial_GTAC3536[[#This Row],[Adj.AnnualRental]])","v":46019.598904109589},{"$f":"(Table_Provincial_GTAC3536[[#This Row],[Adj.AnnualRental]]*(1+$I353)^(2))","v":163268.33299200001},{"$f":"(Table_Provincial_GTAC3536[[#This Row],[Adj.AnnualRental]]*(1+$I353)^(3))","v":176329.79963136002},{"$f":"(Table_Provincial_GTAC3536[[#This Row],[Adj.AnnualRental]]*(1+$I353)^(4))","v":190436.18360186883},{"$f":"(Table_Provincial_GTAC3536[[#This Row],[Adj.AnnualRental]]*(1+$I353)^(5))","v":205671.07829001834},{"$f":"(Table_Provincial_GTAC3536[[#This Row],[Adj.AnnualRental]]*(1+$I353)^(6))","v":222124.76455321984},{"$f":"(Table_Provincial_GTAC3536[[#This Row],[Adj.AnnualRental]]*(1+$I353)^(7))","v":239894.74571747743}]
[484,{"$f":"VLOOKUP($A354,DATA2!$A$2:$S$607,2,FALSE)","v":"NC"},{"$f":"VLOOKUP($A354,DATA2!$A$2:$S$607,3,FALSE)","v":"Northern Cape"},{"$f":"VLOOKUP($A354,DATA2!$A$2:$S$607,4,FALSE)","v":53.25},{"$f":"VLOOKUP($A354,DATA2!$A$2:$S$607,5,FALSE)","v":84},{"$f":"VLOOKUP($A354,DATA2!$A$2:$S$607,6,FALSE)","v":"VTSD"},{"$f":"VLOOKUP($A354,DATA2!$A$2:$S$607,7,FALSE)","v":240},{"$f":"VLOOKUP($A354,DATA2!$A$2:$S$607,8,FALSE)","v":true},{"$f":"VLOOKUP($A354,DATA2!$A$2:$S$607,9,FALSE)","v":6.5000000000000002E-2},341421.55,{"$f":"VLOOKUP($A354,DATA2!$A$2:$S$607,10,FALSE)","v":12780},{"$f":"VLOOKUP($A354,DATA2!$A$2:$S$607,11,FALSE)","v":153360},{"$f":"VLOOKUP($A354,DATA2!$A$2:$S$607,12,FALSE)","v":"2013-01-01"},{"$f":"VLOOKUP($A354,DATA2!$A$2:$S$607,13,FALSE)","v":"2015-12-31"},{"$f":"VLOOKUP($A354,DATA2!$A$2:$S$607,14,FALSE)","v":"Yes"},{"$f":"IF(MATRIX2!D354=1,($Y$8-$X$2)/365*Table_Provincial_GTAC3536[[#This Row],[Adj.AnnualRental]]*MATRIX2!D354,($Y$8-$X$2)/365*Table_Provincial_GTAC3536[[#This Row],[Adj.AnnualRental]])","v":50419.726027397257},{"$f":"(Table_Provincial_GTAC3536[[#This Row],[Adj.AnnualRental]]*(1+$I354)^(2))","v":173944.74599999998},{"$f":"(Table_Provincial_GTAC3536[[#This Row],[Adj.AnnualRental]]*(1+$I354)^(3))","v":185251.15448999996},{"$f":"(Table_Provincial_GTAC3536[[#This Row],[Adj.AnnualRental]]*(1+$I354)^(4))","v":197292.47953184994},{"$f":"(Table_Provincial_GTAC3536[[#This Row],[Adj.AnnualRental]]*(1+$I354)^(5))","v":210116.49070142017},{"$f":"(Table_Provincial_GTAC3536[[#This Row],[Adj.AnnualRental]]*(1+$I354)^(6))","v":223774.06259701247},{"$f":"(Table_Provincial_GTAC3536[[#This Row],[Adj.AnnualRental]]*(1+$I354)^(7))","v":238319.37666581824}]
[485,{"$f":"VLOOKUP($A355,DATA2!$A$2:$S$607,2,FALSE)","v":"NC"},{"$f":"VLOOKUP($A355,DATA2!$A$2:$S$607,3,FALSE)","v":"Northern Cape"},{"$f":"VLOOKUP($A355,DATA2!$A$2:$S$607,4,FALSE)","v":145.31704376163873},{"$f":"VLOOKUP($A355,DATA2!$A$2:$S$607,5,FALSE)","v":85},{"$f":"VLOOKUP($A355,DATA2!$A$2:$S$607,6,FALSE)","v":"MAIN CENTRE"},{"$f":"VLOOKUP($A355,DATA2!$A$2:$S$607,7,FALSE)","v":2148},{"$f":"VLOOKUP($A355,DATA2!$A$2:$S$607,8,FALSE)","v":true},{"$f":"VLOOKUP($A355,DATA2!$A$2:$S$607,9,FALSE)","v":0.06},21785.02,{"$f":"VLOOKUP($A355,DATA2!$A$2:$S$607,10,FALSE)","v":312141.01},{"$f":"VLOOKUP($A355,DATA2!$A$2:$S$607,11,FALSE)","v":3745692.12},{"$f":"VLOOKUP($A355,DATA2!$A$2:$S$607,12,FALSE)","v":"2017-06-01"},{"$f":"VLOOKUP($A355,DATA2!$A$2:$S$607,13,FALSE)","v":"2022-06-30"},{"$f":"VLOOKUP($A355,DATA2!$A$2:$S$607,14,FALSE)","v":"No"},{"$f":"IF(MATRIX2!D355=1,($Y$8-$X$2)/365*Table_Provincial_GTAC3536[[#This Row],[Adj.AnnualRental]]*MATRIX2!D355,($Y$8-$X$2)/365*Table_Provincial_GTAC3536[[#This Row],[Adj.AnnualRental]])","v":1231460.4230136985},{"$f":"(Table_Provincial_GTAC3536[[#This Row],[Adj.AnnualRental]]*(1+$I355)^(2))","v":4208659.6660320004},{"$f":"(Table_Provincial_GTAC3536[[#This Row],[Adj.AnnualRental]]*(1+$I355)^(3))","v":4461179.2459939215},{"$f":"(Table_Provincial_GTAC3536[[#This Row],[Adj.AnnualRental]]*(1+$I355)^(4))","v":4728850.0007535564},{"$f":"(Table_Provincial_GTAC3536[[#This Row],[Adj.AnnualRental]]*(1+$I355)^(5))","v":5012581.0007987702},{"$f":"(Table_Provincial_GTAC3536[[#This Row],[Adj.AnnualRental]]*(1+$I355)^(6))","v":5313335.8608466974},{"$f":"(Table_Provincial_GTAC3536[[#This Row],[Adj.AnnualRental]]*(1+$I355)^(7))","v":5632136.0124974996}]
[491,{"$f":"VLOOKUP($A356,DATA2!$A$2:$S$607,2,FALSE)","v":"NC"},{"$f":"VLOOKUP($A356,DATA2!$A$2:$S$607,3,FALSE)","v":"Northern Cape"},{"$f":"VLOOKUP($A356,DATA2!$A$2:$S$607,4,FALSE)","v":139.91919249592169},{"$f":"VLOOKUP($A356,DATA2!$A$2:$S$607,5,FALSE)","v":85},{"$f":"VLOOKUP($A356,DATA2!$A$2:$S$607,6,FALSE)","v":"VTSD"},{"$f":"VLOOKUP($A356,DATA2!$A$2:$S$607,7,FALSE)","v":1226},{"$f":"VLOOKUP($A356,DATA2!$A$2:$S$607,8,FALSE)","v":true},{"$f":"VLOOKUP($A356,DATA2!$A$2:$S$607,9,FALSE)","v":9.5000000000000001E-2},6972.82,{"$f":"VLOOKUP($A356,DATA2!$A$2:$S$607,10,FALSE)","v":171540.93},{"$f":"VLOOKUP($A356,DATA2!$A$2:$S$607,11,FALSE)","v":2058491.16},{"$f":"VLOOKUP($A356,DATA2!$A$2:$S$607,12,FALSE)","v":"2007-02-01"},{"$f":"VLOOKUP($A356,DATA2!$A$2:$S$607,13,FALSE)","v":"2017-01-31"},{"$f":"VLOOKUP($A356,DATA2!$A$2:$S$607,14,FALSE)","v":"Yes"},{"$f":"IF(MATRIX2!D356=1,($Y$8-$X$2)/365*Table_Provincial_GTAC3536[[#This Row],[Adj.AnnualRental]]*MATRIX2!D356,($Y$8-$X$2)/365*Table_Provincial_GTAC3536[[#This Row],[Adj.AnnualRental]])","v":676764.21698630136},{"$f":"(Table_Provincial_GTAC3536[[#This Row],[Adj.AnnualRental]]*(1+$I356)^(2))","v":2468182.3631190001},{"$f":"(Table_Provincial_GTAC3536[[#This Row],[Adj.AnnualRental]]*(1+$I356)^(3))","v":2702659.6876153047},{"$f":"(Table_Provincial_GTAC3536[[#This Row],[Adj.AnnualRental]]*(1+$I356)^(4))","v":2959412.357938759},{"$f":"(Table_Provincial_GTAC3536[[#This Row],[Adj.AnnualRental]]*(1+$I356)^(5))","v":3240556.5319429408},{"$f":"(Table_Provincial_GTAC3536[[#This Row],[Adj.AnnualRental]]*(1+$I356)^(6))","v":3548409.4024775205},{"$f":"(Table_Provincial_GTAC3536[[#This Row],[Adj.AnnualRental]]*(1+$I356)^(7))","v":3885508.2957128845}]
[492,{"$f":"VLOOKUP($A357,DATA2!$A$2:$S$607,2,FALSE)","v":"NC"},{"$f":"VLOOKUP($A357,DATA2!$A$2:$S$607,3,FALSE)","v":"Northern Cape"},{"$f":"VLOOKUP($A357,DATA2!$A$2:$S$607,4,FALSE)","v":57.25223391812866},{"$f":"VLOOKUP($A357,DATA2!$A$2:$S$607,5,FALSE)","v":84},{"$f":"VLOOKUP($A357,DATA2!$A$2:$S$607,6,FALSE)","v":"VTSD"},{"$f":"VLOOKUP($A357,DATA2!$A$2:$S$607,7,FALSE)","v":855},{"$f":"VLOOKUP($A357,DATA2!$A$2:$S$607,8,FALSE)","v":true},{"$f":"VLOOKUP($A357,DATA2!$A$2:$S$607,9,FALSE)","v":0.1},12216.69,{"$f":"VLOOKUP($A357,DATA2!$A$2:$S$607,10,FALSE)","v":48950.66},{"$f":"VLOOKUP($A357,DATA2!$A$2:$S$607,11,FALSE)","v":587407.92000000004},{"$f":"VLOOKUP($A357,DATA2!$A$2:$S$607,12,FALSE)","v":"2011-04-01"},{"$f":"VLOOKUP($A357,DATA2!$A$2:$S$607,13,FALSE)","v":"2011-09-30"},{"$f":"VLOOKUP($A357,DATA2!$A$2:$S$607,14,FALSE)","v":"Yes"},{"$f":"IF(MATRIX2!D357=1,($Y$8-$X$2)/365*Table_Provincial_GTAC3536[[#This Row],[Adj.AnnualRental]]*MATRIX2!D357,($Y$8-$X$2)/365*Table_Provincial_GTAC3536[[#This Row],[Adj.AnnualRental]])","v":193120.41205479452},{"$f":"(Table_Provincial_GTAC3536[[#This Row],[Adj.AnnualRental]]*(1+$I357)^(2))","v":710763.58320000011},{"$f":"(Table_Provincial_GTAC3536[[#This Row],[Adj.AnnualRental]]*(1+$I357)^(3))","v":781839.94152000034},{"$f":"(Table_Provincial_GTAC3536[[#This Row],[Adj.AnnualRental]]*(1+$I357)^(4))","v":860023.93567200028},{"$f":"(Table_Provincial_GTAC3536[[#This Row],[Adj.AnnualRental]]*(1+$I357)^(5))","v":946026.32923920033},{"$f":"(Table_Provincial_GTAC3536[[#This Row],[Adj.AnnualRental]]*(1+$I357)^(6))","v":1040628.9621631205},{"$f":"(Table_Provincial_GTAC3536[[#This Row],[Adj.AnnualRental]]*(1+$I357)^(7))","v":1144691.8583794327}]
[493,{"$f":"VLOOKUP($A358,DATA2!$A$2:$S$607,2,FALSE)","v":"NC"},{"$f":"VLOOKUP($A358,DATA2!$A$2:$S$607,3,FALSE)","v":"Northern Cape"},{"$f":"VLOOKUP($A358,DATA2!$A$2:$S$607,4,FALSE)","v":29.524243879020645},{"$f":"VLOOKUP($A358,DATA2!$A$2:$S$607,5,FALSE)","v":84},{"$f":"VLOOKUP($A358,DATA2!$A$2:$S$607,6,FALSE)","v":"VTSD"},{"$f":"VLOOKUP($A358,DATA2!$A$2:$S$607,7,FALSE)","v":41.66},{"$f":"VLOOKUP($A358,DATA2!$A$2:$S$607,8,FALSE)","v":true},{"$f":"VLOOKUP($A358,DATA2!$A$2:$S$607,9,FALSE)","v":0.08},12780,{"$f":"VLOOKUP($A358,DATA2!$A$2:$S$607,10,FALSE)","v":1229.98},{"$f":"VLOOKUP($A358,DATA2!$A$2:$S$607,11,FALSE)","v":14759.76},{"$f":"VLOOKUP($A358,DATA2!$A$2:$S$607,12,FALSE)","v":"2004-01-01"},{"$f":"VLOOKUP($A358,DATA2!$A$2:$S$607,13,FALSE)","v":"2006-12-31"},{"$f":"VLOOKUP($A358,DATA2!$A$2:$S$607,14,FALSE)","v":"Yes"},{"$f":"IF(MATRIX2!D358=1,($Y$8-$X$2)/365*Table_Provincial_GTAC3536[[#This Row],[Adj.AnnualRental]]*MATRIX2!D358,($Y$8-$X$2)/365*Table_Provincial_GTAC3536[[#This Row],[Adj.AnnualRental]])","v":4852.5238356164382},{"$f":"(Table_Provincial_GTAC3536[[#This Row],[Adj.AnnualRental]]*(1+$I358)^(2))","v":17215.784064000003},{"$f":"(Table_Provincial_GTAC3536[[#This Row],[Adj.AnnualRental]]*(1+$I358)^(3))","v":18593.046789120002},{"$f":"(Table_Provincial_GTAC3536[[#This Row],[Adj.AnnualRental]]*(1+$I358)^(4))","v":20080.490532249605},{"$f":"(Table_Provincial_GTAC3536[[#This Row],[Adj.AnnualRental]]*(1+$I358)^(5))","v":21686.929774829572},{"$f":"(Table_Provincial_GTAC3536[[#This Row],[Adj.AnnualRental]]*(1+$I358)^(6))","v":23421.884156815941},{"$f":"(Table_Provincial_GTAC3536[[#This Row],[Adj.AnnualRental]]*(1+$I358)^(7))","v":25295.634889361219}]
[497,{"$f":"VLOOKUP($A359,DATA2!$A$2:$S$607,2,FALSE)","v":"NC"},{"$f":"VLOOKUP($A359,DATA2!$A$2:$S$607,3,FALSE)","v":"Northern Cape"},{"$f":"VLOOKUP($A359,DATA2!$A$2:$S$607,4,FALSE)","v":123.50999327956988},{"$f":"VLOOKUP($A359,DATA2!$A$2:$S$607,5,FALSE)","v":84},{"$f":"VLOOKUP($A359,DATA2!$A$2:$S$607,6,FALSE)","v":"VTSD"},{"$f":"VLOOKUP($A359,DATA2!$A$2:$S$607,7,FALSE)","v":1488},{"$f":"VLOOKUP($A359,DATA2!$A$2:$S$607,8,FALSE)","v":true},{"$f":"VLOOKUP($A359,DATA2!$A$2:$S$607,9,FALSE)","v":9.5000000000000001E-2},312141.01,{"$f":"VLOOKUP($A359,DATA2!$A$2:$S$607,10,FALSE)","v":183782.87},{"$f":"VLOOKUP($A359,DATA2!$A$2:$S$607,11,FALSE)","v":2205394.44},{"$f":"VLOOKUP($A359,DATA2!$A$2:$S$607,12,FALSE)","v":"2007-03-01"},{"$f":"VLOOKUP($A359,DATA2!$A$2:$S$607,13,FALSE)","v":"2017-02-28"},{"$f":"VLOOKUP($A359,DATA2!$A$2:$S$607,14,FALSE)","v":"Yes"},{"$f":"IF(MATRIX2!D359=1,($Y$8-$X$2)/365*Table_Provincial_GTAC3536[[#This Row],[Adj.AnnualRental]]*MATRIX2!D359,($Y$8-$X$2)/365*Table_Provincial_GTAC3536[[#This Row],[Adj.AnnualRental]])","v":725061.18575342465},{"$f":"(Table_Provincial_GTAC3536[[#This Row],[Adj.AnnualRental]]*(1+$I359)^(2))","v":2644323.0684210001},{"$f":"(Table_Provincial_GTAC3536[[#This Row],[Adj.AnnualRental]]*(1+$I359)^(3))","v":2895533.7599209948},{"$f":"(Table_Provincial_GTAC3536[[#This Row],[Adj.AnnualRental]]*(1+$I359)^(4))","v":3170609.4671134893},{"$f":"(Table_Provincial_GTAC3536[[#This Row],[Adj.AnnualRental]]*(1+$I359)^(5))","v":3471817.3664892707},{"$f":"(Table_Provincial_GTAC3536[[#This Row],[Adj.AnnualRental]]*(1+$I359)^(6))","v":3801640.0163057516},{"$f":"(Table_Provincial_GTAC3536[[#This Row],[Adj.AnnualRental]]*(1+$I359)^(7))","v":4162795.8178547979}]
[503,{"$f":"VLOOKUP($A360,DATA2!$A$2:$S$607,2,FALSE)","v":"NC"},{"$f":"VLOOKUP($A360,DATA2!$A$2:$S$607,3,FALSE)","v":"Northern Cape"},{"$f":"VLOOKUP($A360,DATA2!$A$2:$S$607,4,FALSE)","v":19.659499263622973},{"$f":"VLOOKUP($A360,DATA2!$A$2:$S$607,5,FALSE)","v":84},{"$f":"VLOOKUP($A360,DATA2!$A$2:$S$607,6,FALSE)","v":"VTSD"},{"$f":"VLOOKUP($A360,DATA2!$A$2:$S$607,7,FALSE)","v":1358},{"$f":"VLOOKUP($A360,DATA2!$A$2:$S$607,8,FALSE)","v":true},{"$f":"VLOOKUP($A360,DATA2!$A$2:$S$607,9,FALSE)","v":0.06},180356.13,{"$f":"VLOOKUP($A360,DATA2!$A$2:$S$607,10,FALSE)","v":26697.599999999999},{"$f":"VLOOKUP($A360,DATA2!$A$2:$S$607,11,FALSE)","v":320371.20000000001},{"$f":"VLOOKUP($A360,DATA2!$A$2:$S$607,12,FALSE)","v":"2017-04-01"},{"$f":"VLOOKUP($A360,DATA2!$A$2:$S$607,13,FALSE)","v":"2022-03-31"},{"$f":"VLOOKUP($A360,DATA2!$A$2:$S$607,14,FALSE)","v":"No"},{"$f":"IF(MATRIX2!D360=1,($Y$8-$X$2)/365*Table_Provincial_GTAC3536[[#This Row],[Adj.AnnualRental]]*MATRIX2!D360,($Y$8-$X$2)/365*Table_Provincial_GTAC3536[[#This Row],[Adj.AnnualRental]])","v":105327.51780821917},{"$f":"(Table_Provincial_GTAC3536[[#This Row],[Adj.AnnualRental]]*(1+$I360)^(2))","v":359969.08032000007},{"$f":"(Table_Provincial_GTAC3536[[#This Row],[Adj.AnnualRental]]*(1+$I360)^(3))","v":381567.22513920011},{"$f":"(Table_Provincial_GTAC3536[[#This Row],[Adj.AnnualRental]]*(1+$I360)^(4))","v":404461.25864755211},{"$f":"(Table_Provincial_GTAC3536[[#This Row],[Adj.AnnualRental]]*(1+$I360)^(5))","v":428728.93416640529},{"$f":"(Table_Provincial_GTAC3536[[#This Row],[Adj.AnnualRental]]*(1+$I360)^(6))","v":454452.67021638964},{"$f":"(Table_Provincial_GTAC3536[[#This Row],[Adj.AnnualRental]]*(1+$I360)^(7))","v":481719.83042937308}]
[507,{"$f":"VLOOKUP($A361,DATA2!$A$2:$S$607,2,FALSE)","v":"NC"},{"$f":"VLOOKUP($A361,DATA2!$A$2:$S$607,3,FALSE)","v":"Northern Cape"},{"$f":"VLOOKUP($A361,DATA2!$A$2:$S$607,4,FALSE)","v":101.41709966934341},{"$f":"VLOOKUP($A361,DATA2!$A$2:$S$607,5,FALSE)","v":84},{"$f":"VLOOKUP($A361,DATA2!$A$2:$S$607,6,FALSE)","v":"VTSD"},{"$f":"VLOOKUP($A361,DATA2!$A$2:$S$607,7,FALSE)","v":127.02},{"$f":"VLOOKUP($A361,DATA2!$A$2:$S$607,8,FALSE)","v":true},{"$f":"VLOOKUP($A361,DATA2!$A$2:$S$607,9,FALSE)","v":0},48950.66,{"$f":"VLOOKUP($A361,DATA2!$A$2:$S$607,10,FALSE)","v":12882},{"$f":"VLOOKUP($A361,DATA2!$A$2:$S$607,11,FALSE)","v":154584},{"$f":"VLOOKUP($A361,DATA2!$A$2:$S$607,12,FALSE)","v":"2015-04-01"},{"$f":"VLOOKUP($A361,DATA2!$A$2:$S$607,13,FALSE)","v":"2016-03-31"},{"$f":"VLOOKUP($A361,DATA2!$A$2:$S$607,14,FALSE)","v":"Yes"},{"$f":"IF(MATRIX2!D361=1,($Y$8-$X$2)/365*Table_Provincial_GTAC3536[[#This Row],[Adj.AnnualRental]]*MATRIX2!D361,($Y$8-$X$2)/365*Table_Provincial_GTAC3536[[#This Row],[Adj.AnnualRental]])","v":50822.136986301368},{"$f":"(Table_Provincial_GTAC3536[[#This Row],[Adj.AnnualRental]]*(1+$I361)^(2))","v":154584},{"$f":"(Table_Provincial_GTAC3536[[#This Row],[Adj.AnnualRental]]*(1+$I361)^(3))","v":154584},{"$f":"(Table_Provincial_GTAC3536[[#This Row],[Adj.AnnualRental]]*(1+$I361)^(4))","v":154584},{"$f":"(Table_Provincial_GTAC3536[[#This Row],[Adj.AnnualRental]]*(1+$I361)^(5))","v":154584},{"$f":"(Table_Provincial_GTAC3536[[#This Row],[Adj.AnnualRental]]*(1+$I361)^(6))","v":154584},{"$f":"(Table_Provincial_GTAC3536[[#This Row],[Adj.AnnualRental]]*(1+$I361)^(7))","v":154584}]
[508,{"$f":"VLOOKUP($A362,DATA2!$A$2:$S$607,2,FALSE)","v":"NC"},{"$f":"VLOOKUP($A362,DATA2!$A$2:$S$607,3,FALSE)","v":"Northern Cape"},{"$f":"VLOOKUP($A362,DATA2!$A$2:$S$607,4,FALSE)","v":65.884528301886803},{"$f":"VLOOKUP($A362,DATA2!$A$2:$S$607,5,FALSE)","v":84},{"$f":"VLOOKUP($A362,DATA2!$A$2:$S$607,6,FALSE)","v":"VTSD"},{"$f":"VLOOKUP($A362,DATA2!$A$2:$S$607,7,FALSE)","v":265},{"$f":"VLOOKUP($A362,DATA2!$A$2:$S$607,8,FALSE)","v":true},{"$f":"VLOOKUP($A362,DATA2!$A$2:$S$607,9,FALSE)","v":0.1},1229.98,{"$f":"VLOOKUP($A362,DATA2!$A$2:$S$607,10,FALSE)","v":17459.400000000001},{"$f":"VLOOKUP($A362,DATA2!$A$2:$S$607,11,FALSE)","v":209512.8},{"$f":"VLOOKUP($A362,DATA2!$A$2:$S$607,12,FALSE)","v":"2010-08-01"},{"$f":"VLOOKUP($A362,DATA2!$A$2:$S$607,13,FALSE)","v":"2015-07-31"},{"$f":"VLOOKUP($A362,DATA2!$A$2:$S$607,14,FALSE)","v":"Yes"},{"$f":"IF(MATRIX2!D362=1,($Y$8-$X$2)/365*Table_Provincial_GTAC3536[[#This Row],[Adj.AnnualRental]]*MATRIX2!D362,($Y$8-$X$2)/365*Table_Provincial_GTAC3536[[#This Row],[Adj.AnnualRental]])","v":68880.920547945192},{"$f":"(Table_Provincial_GTAC3536[[#This Row],[Adj.AnnualRental]]*(1+$I362)^(2))","v":253510.48800000001},{"$f":"(Table_Provincial_GTAC3536[[#This Row],[Adj.AnnualRental]]*(1+$I362)^(3))","v":278861.53680000006},{"$f":"(Table_Provincial_GTAC3536[[#This Row],[Adj.AnnualRental]]*(1+$I362)^(4))","v":306747.69048000005},{"$f":"(Table_Provincial_GTAC3536[[#This Row],[Adj.AnnualRental]]*(1+$I362)^(5))","v":337422.45952800009},{"$f":"(Table_Provincial_GTAC3536[[#This Row],[Adj.AnnualRental]]*(1+$I362)^(6))","v":371164.70548080013},{"$f":"(Table_Provincial_GTAC3536[[#This Row],[Adj.AnnualRental]]*(1+$I362)^(7))","v":408281.17602888023}]
[513,{"$f":"VLOOKUP($A363,DATA2!$A$2:$S$607,2,FALSE)","v":"NC"},{"$f":"VLOOKUP($A363,DATA2!$A$2:$S$607,3,FALSE)","v":"Northern Cape"},{"$f":"VLOOKUP($A363,DATA2!$A$2:$S$607,4,FALSE)","v":75.350999999999999},{"$f":"VLOOKUP($A363,DATA2!$A$2:$S$607,5,FALSE)","v":85},{"$f":"VLOOKUP($A363,DATA2!$A$2:$S$607,6,FALSE)","v":"CBD"},{"$f":"VLOOKUP($A363,DATA2!$A$2:$S$607,7,FALSE)","v":530},{"$f":"VLOOKUP($A363,DATA2!$A$2:$S$607,8,FALSE)","v":true},{"$f":"VLOOKUP($A363,DATA2!$A$2:$S$607,9,FALSE)","v":0.1},185321.86,{"$f":"VLOOKUP($A363,DATA2!$A$2:$S$607,10,FALSE)","v":39936.03},{"$f":"VLOOKUP($A363,DATA2!$A$2:$S$607,11,FALSE)","v":479232.36},{"$f":"VLOOKUP($A363,DATA2!$A$2:$S$607,12,FALSE)","v":"2014-03-01"},{"$f":"VLOOKUP($A363,DATA2!$A$2:$S$607,13,FALSE)","v":"2019-02-28"},{"$f":"VLOOKUP($A363,DATA2!$A$2:$S$607,14,FALSE)","v":"No"},{"$f":"IF(MATRIX2!D363=1,($Y$8-$X$2)/365*Table_Provincial_GTAC3536[[#This Row],[Adj.AnnualRental]]*MATRIX2!D363,($Y$8-$X$2)/365*Table_Provincial_GTAC3536[[#This Row],[Adj.AnnualRental]])","v":157555.84438356163},{"$f":"(Table_Provincial_GTAC3536[[#This Row],[Adj.AnnualRental]]*(1+$I363)^(2))","v":579871.15560000006},{"$f":"(Table_Provincial_GTAC3536[[#This Row],[Adj.AnnualRental]]*(1+$I363)^(3))","v":637858.27116000012},{"$f":"(Table_Provincial_GTAC3536[[#This Row],[Adj.AnnualRental]]*(1+$I363)^(4))","v":701644.09827600012},{"$f":"(Table_Provincial_GTAC3536[[#This Row],[Adj.AnnualRental]]*(1+$I363)^(5))","v":771808.50810360024},{"$f":"(Table_Provincial_GTAC3536[[#This Row],[Adj.AnnualRental]]*(1+$I363)^(6))","v":848989.3589139604},{"$f":"(Table_Provincial_GTAC3536[[#This Row],[Adj.AnnualRental]]*(1+$I363)^(7))","v":933888.29480535653}]
[514,{"$f":"VLOOKUP($A364,DATA2!$A$2:$S$607,2,FALSE)","v":"NC"},{"$f":"VLOOKUP($A364,DATA2!$A$2:$S$607,3,FALSE)","v":"Northern Cape"},{"$f":"VLOOKUP($A364,DATA2!$A$2:$S$607,4,FALSE)","v":66.875178500000004},{"$f":"VLOOKUP($A364,DATA2!$A$2:$S$607,5,FALSE)","v":85},{"$f":"VLOOKUP($A364,DATA2!$A$2:$S$607,6,FALSE)","v":"CBD"},{"$f":"VLOOKUP($A364,DATA2!$A$2:$S$607,7,FALSE)","v":4986},{"$f":"VLOOKUP($A364,DATA2!$A$2:$S$607,8,FALSE)","v":true},{"$f":"VLOOKUP($A364,DATA2!$A$2:$S$607,9,FALSE)","v":0.1},1650.07,{"$f":"VLOOKUP($A364,DATA2!$A$2:$S$607,10,FALSE)","v":333439.64},{"$f":"VLOOKUP($A364,DATA2!$A$2:$S$607,11,FALSE)","v":4001275.68},{"$f":"VLOOKUP($A364,DATA2!$A$2:$S$607,12,FALSE)","v":"2016-10-01"},{"$f":"VLOOKUP($A364,DATA2!$A$2:$S$607,13,FALSE)","v":"2017-03-31"},{"$f":"VLOOKUP($A364,DATA2!$A$2:$S$607,14,FALSE)","v":"Yes"},{"$f":"IF(MATRIX2!D364=1,($Y$8-$X$2)/365*Table_Provincial_GTAC3536[[#This Row],[Adj.AnnualRental]]*MATRIX2!D364,($Y$8-$X$2)/365*Table_Provincial_GTAC3536[[#This Row],[Adj.AnnualRental]])","v":1315487.8947945205},{"$f":"(Table_Provincial_GTAC3536[[#This Row],[Adj.AnnualRental]]*(1+$I364)^(2))","v":4841543.5728000011},{"$f":"(Table_Provincial_GTAC3536[[#This Row],[Adj.AnnualRental]]*(1+$I364)^(3))","v":5325697.9300800022},{"$f":"(Table_Provincial_GTAC3536[[#This Row],[Adj.AnnualRental]]*(1+$I364)^(4))","v":5858267.7230880018},{"$f":"(Table_Provincial_GTAC3536[[#This Row],[Adj.AnnualRental]]*(1+$I364)^(5))","v":6444094.4953968022},{"$f":"(Table_Provincial_GTAC3536[[#This Row],[Adj.AnnualRental]]*(1+$I364)^(6))","v":7088503.9449364832},{"$f":"(Table_Provincial_GTAC3536[[#This Row],[Adj.AnnualRental]]*(1+$I364)^(7))","v":7797354.3394301329}]
[515,{"$f":"VLOOKUP($A365,DATA2!$A$2:$S$607,2,FALSE)","v":"NC"},{"$f":"VLOOKUP($A365,DATA2!$A$2:$S$607,3,FALSE)","v":"Northern Cape"},{"$f":"VLOOKUP($A365,DATA2!$A$2:$S$607,4,FALSE)","v":66.747920662598077},{"$f":"VLOOKUP($A365,DATA2!$A$2:$S$607,5,FALSE)","v":85},{"$f":"VLOOKUP($A365,DATA2!$A$2:$S$607,6,FALSE)","v":"CBD"},{"$f":"VLOOKUP($A365,DATA2!$A$2:$S$607,7,FALSE)","v":6882},{"$f":"VLOOKUP($A365,DATA2!$A$2:$S$607,8,FALSE)","v":true},{"$f":"VLOOKUP($A365,DATA2!$A$2:$S$607,9,FALSE)","v":0.06},29457.599999999999,{"$f":"VLOOKUP($A365,DATA2!$A$2:$S$607,10,FALSE)","v":459359.19},{"$f":"VLOOKUP($A365,DATA2!$A$2:$S$607,11,FALSE)","v":5512310.2800000003},{"$f":"VLOOKUP($A365,DATA2!$A$2:$S$607,12,FALSE)","v":"2015-08-01"},{"$f":"VLOOKUP($A365,DATA2!$A$2:$S$607,13,FALSE)","v":"2018-07-31"},{"$f":"VLOOKUP($A365,DATA2!$A$2:$S$607,14,FALSE)","v":"No"},{"$f":"IF(MATRIX2!D365=1,($Y$8-$X$2)/365*Table_Provincial_GTAC3536[[#This Row],[Adj.AnnualRental]]*MATRIX2!D365,($Y$8-$X$2)/365*Table_Provincial_GTAC3536[[#This Row],[Adj.AnnualRental]])","v":1812266.3934246574},{"$f":"(Table_Provincial_GTAC3536[[#This Row],[Adj.AnnualRental]]*(1+$I365)^(2))","v":6193631.830608001},{"$f":"(Table_Provincial_GTAC3536[[#This Row],[Adj.AnnualRental]]*(1+$I365)^(3))","v":6565249.7404444823},{"$f":"(Table_Provincial_GTAC3536[[#This Row],[Adj.AnnualRental]]*(1+$I365)^(4))","v":6959164.7248711511},{"$f":"(Table_Provincial_GTAC3536[[#This Row],[Adj.AnnualRental]]*(1+$I365)^(5))","v":7376714.6083634207},{"$f":"(Table_Provincial_GTAC3536[[#This Row],[Adj.AnnualRental]]*(1+$I365)^(6))","v":7819317.4848652268},{"$f":"(Table_Provincial_GTAC3536[[#This Row],[Adj.AnnualRental]]*(1+$I365)^(7))","v":8288476.5339571415}]
[517,{"$f":"VLOOKUP($A366,DATA2!$A$2:$S$607,2,FALSE)","v":"NC"},{"$f":"VLOOKUP($A366,DATA2!$A$2:$S$607,3,FALSE)","v":"Northern Cape"},{"$f":"VLOOKUP($A366,DATA2!$A$2:$S$607,4,FALSE)","v":68.688974358974363},{"$f":"VLOOKUP($A366,DATA2!$A$2:$S$607,5,FALSE)","v":84},{"$f":"VLOOKUP($A366,DATA2!$A$2:$S$607,6,FALSE)","v":"VTSD"},{"$f":"VLOOKUP($A366,DATA2!$A$2:$S$607,7,FALSE)","v":390},{"$f":"VLOOKUP($A366,DATA2!$A$2:$S$607,8,FALSE)","v":true},{"$f":"VLOOKUP($A366,DATA2!$A$2:$S$607,9,FALSE)","v":7.0000000000000007E-2},12882,{"$f":"VLOOKUP($A366,DATA2!$A$2:$S$607,10,FALSE)","v":26788.7},{"$f":"VLOOKUP($A366,DATA2!$A$2:$S$607,11,FALSE)","v":321464.40000000002},{"$f":"VLOOKUP($A366,DATA2!$A$2:$S$607,12,FALSE)","v":"2013-05-01"},{"$f":"VLOOKUP($A366,DATA2!$A$2:$S$607,13,FALSE)","v":"2018-04-30"},{"$f":"VLOOKUP($A366,DATA2!$A$2:$S$607,14,FALSE)","v":"No"},{"$f":"IF(MATRIX2!D366=1,($Y$8-$X$2)/365*Table_Provincial_GTAC3536[[#This Row],[Adj.AnnualRental]]*MATRIX2!D366,($Y$8-$X$2)/365*Table_Provincial_GTAC3536[[#This Row],[Adj.AnnualRental]])","v":105686.92602739726},{"$f":"(Table_Provincial_GTAC3536[[#This Row],[Adj.AnnualRental]]*(1+$I366)^(2))","v":368044.59156000003},{"$f":"(Table_Provincial_GTAC3536[[#This Row],[Adj.AnnualRental]]*(1+$I366)^(3))","v":393807.71296920005},{"$f":"(Table_Provincial_GTAC3536[[#This Row],[Adj.AnnualRental]]*(1+$I366)^(4))","v":421374.25287704403},{"$f":"(Table_Provincial_GTAC3536[[#This Row],[Adj.AnnualRental]]*(1+$I366)^(5))","v":450870.45057843719},{"$f":"(Table_Provincial_GTAC3536[[#This Row],[Adj.AnnualRental]]*(1+$I366)^(6))","v":482431.38211892772},{"$f":"(Table_Provincial_GTAC3536[[#This Row],[Adj.AnnualRental]]*(1+$I366)^(7))","v":516201.57886725268}]
[518,{"$f":"VLOOKUP($A367,DATA2!$A$2:$S$607,2,FALSE)","v":"NC"},{"$f":"VLOOKUP($A367,DATA2!$A$2:$S$607,3,FALSE)","v":"Northern Cape"},{"$f":"VLOOKUP($A367,DATA2!$A$2:$S$607,4,FALSE)","v":94.051724137931032},{"$f":"VLOOKUP($A367,DATA2!$A$2:$S$607,5,FALSE)","v":84},{"$f":"VLOOKUP($A367,DATA2!$A$2:$S$607,6,FALSE)","v":"VTSD"},{"$f":"VLOOKUP($A367,DATA2!$A$2:$S$607,7,FALSE)","v":232},{"$f":"VLOOKUP($A367,DATA2!$A$2:$S$607,8,FALSE)","v":true},{"$f":"VLOOKUP($A367,DATA2!$A$2:$S$607,9,FALSE)","v":0.06},17459.400000000001,{"$f":"VLOOKUP($A367,DATA2!$A$2:$S$607,10,FALSE)","v":21820},{"$f":"VLOOKUP($A367,DATA2!$A$2:$S$607,11,FALSE)","v":261840},{"$f":"VLOOKUP($A367,DATA2!$A$2:$S$607,12,FALSE)","v":"2015-10-01"},{"$f":"VLOOKUP($A367,DATA2!$A$2:$S$607,13,FALSE)","v":"2020-09-30"},{"$f":"VLOOKUP($A367,DATA2!$A$2:$S$607,14,FALSE)","v":"No"},{"$f":"IF(MATRIX2!D367=1,($Y$8-$X$2)/365*Table_Provincial_GTAC3536[[#This Row],[Adj.AnnualRental]]*MATRIX2!D367,($Y$8-$X$2)/365*Table_Provincial_GTAC3536[[#This Row],[Adj.AnnualRental]])","v":86084.38356164383},{"$f":"(Table_Provincial_GTAC3536[[#This Row],[Adj.AnnualRental]]*(1+$I367)^(2))","v":294203.42400000006},{"$f":"(Table_Provincial_GTAC3536[[#This Row],[Adj.AnnualRental]]*(1+$I367)^(3))","v":311855.62944000011},{"$f":"(Table_Provincial_GTAC3536[[#This Row],[Adj.AnnualRental]]*(1+$I367)^(4))","v":330566.96720640006},{"$f":"(Table_Provincial_GTAC3536[[#This Row],[Adj.AnnualRental]]*(1+$I367)^(5))","v":350400.98523878411},{"$f":"(Table_Provincial_GTAC3536[[#This Row],[Adj.AnnualRental]]*(1+$I367)^(6))","v":371425.04435311118},{"$f":"(Table_Provincial_GTAC3536[[#This Row],[Adj.AnnualRental]]*(1+$I367)^(7))","v":393710.54701429792}]
[519,{"$f":"VLOOKUP($A368,DATA2!$A$2:$S$607,2,FALSE)","v":"NC"},{"$f":"VLOOKUP($A368,DATA2!$A$2:$S$607,3,FALSE)","v":"Northern Cape"},{"$f":"VLOOKUP($A368,DATA2!$A$2:$S$607,4,FALSE)","v":129.08860759493672},{"$f":"VLOOKUP($A368,DATA2!$A$2:$S$607,5,FALSE)","v":85},{"$f":"VLOOKUP($A368,DATA2!$A$2:$S$607,6,FALSE)","v":"CBD"},{"$f":"VLOOKUP($A368,DATA2!$A$2:$S$607,7,FALSE)","v":2370},{"$f":"VLOOKUP($A368,DATA2!$A$2:$S$607,8,FALSE)","v":true},{"$f":"VLOOKUP($A368,DATA2!$A$2:$S$607,9,FALSE)","v":7.4999999999999997E-2},46284.03,{"$f":"VLOOKUP($A368,DATA2!$A$2:$S$607,10,FALSE)","v":305940},{"$f":"VLOOKUP($A368,DATA2!$A$2:$S$607,11,FALSE)","v":3671280},{"$f":"VLOOKUP($A368,DATA2!$A$2:$S$607,12,FALSE)","v":"2016-09-01"},{"$f":"VLOOKUP($A368,DATA2!$A$2:$S$607,13,FALSE)","v":"2022-08-31"},{"$f":"VLOOKUP($A368,DATA2!$A$2:$S$607,14,FALSE)","v":"No"},{"$f":"IF(MATRIX2!D368=1,($Y$8-$X$2)/365*Table_Provincial_GTAC3536[[#This Row],[Adj.AnnualRental]]*MATRIX2!D368,($Y$8-$X$2)/365*Table_Provincial_GTAC3536[[#This Row],[Adj.AnnualRental]])","v":1206996.1643835616},{"$f":"(Table_Provincial_GTAC3536[[#This Row],[Adj.AnnualRental]]*(1+$I368)^(2))","v":4242622.9499999993},{"$f":"(Table_Provincial_GTAC3536[[#This Row],[Adj.AnnualRental]]*(1+$I368)^(3))","v":4560819.6712499997},{"$f":"(Table_Provincial_GTAC3536[[#This Row],[Adj.AnnualRental]]*(1+$I368)^(4))","v":4902881.1465937495},{"$f":"(Table_Provincial_GTAC3536[[#This Row],[Adj.AnnualRental]]*(1+$I368)^(5))","v":5270597.2325882809},{"$f":"(Table_Provincial_GTAC3536[[#This Row],[Adj.AnnualRental]]*(1+$I368)^(6))","v":5665892.0250324011},{"$f":"(Table_Provincial_GTAC3536[[#This Row],[Adj.AnnualRental]]*(1+$I368)^(7))","v":6090833.9269098314}]
[555,{"$f":"VLOOKUP($A369,DATA2!$A$2:$S$607,2,FALSE)","v":"WC"},{"$f":"VLOOKUP($A369,DATA2!$A$2:$S$607,3,FALSE)","v":"Western Cape"},{"$f":"VLOOKUP($A369,DATA2!$A$2:$S$607,4,FALSE)","v":73.594619883040934},{"$f":"VLOOKUP($A369,DATA2!$A$2:$S$607,5,FALSE)","v":67.5},{"$f":"VLOOKUP($A369,DATA2!$A$2:$S$607,6,FALSE)","v":"VTSD"},{"$f":"VLOOKUP($A369,DATA2!$A$2:$S$607,7,FALSE)","v":171},{"$f":"VLOOKUP($A369,DATA2!$A$2:$S$607,8,FALSE)","v":true},{"$f":"VLOOKUP($A369,DATA2!$A$2:$S$607,9,FALSE)","v":5.5E-2},341933.84,{"$f":"VLOOKUP($A369,DATA2!$A$2:$S$607,10,FALSE)","v":12584.68},{"$f":"VLOOKUP($A369,DATA2!$A$2:$S$607,11,FALSE)","v":151016.16},{"$f":"VLOOKUP($A369,DATA2!$A$2:$S$607,12,FALSE)","v":"2017-04-01"},{"$f":"VLOOKUP($A369,DATA2!$A$2:$S$607,13,FALSE)","v":"2018-03-31"},{"$f":"VLOOKUP($A369,DATA2!$A$2:$S$607,14,FALSE)","v":"No"},{"$f":"IF(MATRIX2!D369=1,($Y$8-$X$2)/365*Table_Provincial_GTAC3536[[#This Row],[Adj.AnnualRental]]*MATRIX2!D369,($Y$8-$X$2)/365*Table_Provincial_GTAC3536[[#This Row],[Adj.AnnualRental]])","v":49649.148493150686},{"$f":"(Table_Provincial_GTAC3536[[#This Row],[Adj.AnnualRental]]*(1+$I369)^(2))","v":168084.76148399999},{"$f":"(Table_Provincial_GTAC3536[[#This Row],[Adj.AnnualRental]]*(1+$I369)^(3))","v":177329.42336561996},{"$f":"(Table_Provincial_GTAC3536[[#This Row],[Adj.AnnualRental]]*(1+$I369)^(4))","v":187082.54165072908},{"$f":"(Table_Provincial_GTAC3536[[#This Row],[Adj.AnnualRental]]*(1+$I369)^(5))","v":197372.08144151917},{"$f":"(Table_Provincial_GTAC3536[[#This Row],[Adj.AnnualRental]]*(1+$I369)^(6))","v":208227.54592080272},{"$f":"(Table_Provincial_GTAC3536[[#This Row],[Adj.AnnualRental]]*(1+$I369)^(7))","v":219680.06094644684}]
[556,{"$f":"VLOOKUP($A370,DATA2!$A$2:$S$607,2,FALSE)","v":"WC"},{"$f":"VLOOKUP($A370,DATA2!$A$2:$S$607,3,FALSE)","v":"Western Cape"},{"$f":"VLOOKUP($A370,DATA2!$A$2:$S$607,4,FALSE)","v":93.297508305647838},{"$f":"VLOOKUP($A370,DATA2!$A$2:$S$607,5,FALSE)","v":67.5},{"$f":"VLOOKUP($A370,DATA2!$A$2:$S$607,6,FALSE)","v":"Main Centre"},{"$f":"VLOOKUP($A370,DATA2!$A$2:$S$607,7,FALSE)","v":60.2},{"$f":"VLOOKUP($A370,DATA2!$A$2:$S$607,8,FALSE)","v":true},{"$f":"VLOOKUP($A370,DATA2!$A$2:$S$607,9,FALSE)","v":0.08},471148.05,{"$f":"VLOOKUP($A370,DATA2!$A$2:$S$607,10,FALSE)","v":5616.51},{"$f":"VLOOKUP($A370,DATA2!$A$2:$S$607,11,FALSE)","v":67398.12},{"$f":"VLOOKUP($A370,DATA2!$A$2:$S$607,12,FALSE)","v":"2016-05-01"},{"$f":"VLOOKUP($A370,DATA2!$A$2:$S$607,13,FALSE)","v":"2019-04-30"},{"$f":"VLOOKUP($A370,DATA2!$A$2:$S$607,14,FALSE)","v":"No"},{"$f":"IF(MATRIX2!D370=1,($Y$8-$X$2)/365*Table_Provincial_GTAC3536[[#This Row],[Adj.AnnualRental]]*MATRIX2!D370,($Y$8-$X$2)/365*Table_Provincial_GTAC3536[[#This Row],[Adj.AnnualRental]])","v":22158.286027397258},{"$f":"(Table_Provincial_GTAC3536[[#This Row],[Adj.AnnualRental]]*(1+$I370)^(2))","v":78613.167168},{"$f":"(Table_Provincial_GTAC3536[[#This Row],[Adj.AnnualRental]]*(1+$I370)^(3))","v":84902.220541440009},{"$f":"(Table_Provincial_GTAC3536[[#This Row],[Adj.AnnualRental]]*(1+$I370)^(4))","v":91694.39818475522},{"$f":"(Table_Provincial_GTAC3536[[#This Row],[Adj.AnnualRental]]*(1+$I370)^(5))","v":99029.95003953563},{"$f":"(Table_Provincial_GTAC3536[[#This Row],[Adj.AnnualRental]]*(1+$I370)^(6))","v":106952.3460426985},{"$f":"(Table_Provincial_GTAC3536[[#This Row],[Adj.AnnualRental]]*(1+$I370)^(7))","v":115508.53372611437}]
[557,{"$f":"VLOOKUP($A371,DATA2!$A$2:$S$607,2,FALSE)","v":"WC"},{"$f":"VLOOKUP($A371,DATA2!$A$2:$S$607,3,FALSE)","v":"Western Cape"},{"$f":"VLOOKUP($A371,DATA2!$A$2:$S$607,4,FALSE)","v":52.955574372001124},{"$f":"VLOOKUP($A371,DATA2!$A$2:$S$607,5,FALSE)","v":67.5},{"$f":"VLOOKUP($A371,DATA2!$A$2:$S$607,6,FALSE)","v":"VTSD"},{"$f":"VLOOKUP($A371,DATA2!$A$2:$S$607,7,FALSE)","v":177.15},{"$f":"VLOOKUP($A371,DATA2!$A$2:$S$607,8,FALSE)","v":true},{"$f":"VLOOKUP($A371,DATA2!$A$2:$S$607,9,FALSE)","v":0.06},26788.7,{"$f":"VLOOKUP($A371,DATA2!$A$2:$S$607,10,FALSE)","v":9381.08},{"$f":"VLOOKUP($A371,DATA2!$A$2:$S$607,11,FALSE)","v":112572.96},{"$f":"VLOOKUP($A371,DATA2!$A$2:$S$607,12,FALSE)","v":"2014-10-01"},{"$f":"VLOOKUP($A371,DATA2!$A$2:$S$607,13,FALSE)","v":"2017-09-30"},{"$f":"VLOOKUP($A371,DATA2!$A$2:$S$607,14,FALSE)","v":"No"},{"$f":"IF(MATRIX2!D371=1,($Y$8-$X$2)/365*Table_Provincial_GTAC3536[[#This Row],[Adj.AnnualRental]]*MATRIX2!D371,($Y$8-$X$2)/365*Table_Provincial_GTAC3536[[#This Row],[Adj.AnnualRental]])","v":37010.288219178081},{"$f":"(Table_Provincial_GTAC3536[[#This Row],[Adj.AnnualRental]]*(1+$I371)^(2))","v":126486.97785600003},{"$f":"(Table_Provincial_GTAC3536[[#This Row],[Adj.AnnualRental]]*(1+$I371)^(3))","v":134076.19652736004},{"$f":"(Table_Provincial_GTAC3536[[#This Row],[Adj.AnnualRental]]*(1+$I371)^(4))","v":142120.76831900165},{"$f":"(Table_Provincial_GTAC3536[[#This Row],[Adj.AnnualRental]]*(1+$I371)^(5))","v":150648.01441814177},{"$f":"(Table_Provincial_GTAC3536[[#This Row],[Adj.AnnualRental]]*(1+$I371)^(6))","v":159686.89528323026},{"$f":"(Table_Provincial_GTAC3536[[#This Row],[Adj.AnnualRental]]*(1+$I371)^(7))","v":169268.10900022413}]
[558,{"$f":"VLOOKUP($A372,DATA2!$A$2:$S$607,2,FALSE)","v":"WC"},{"$f":"VLOOKUP($A372,DATA2!$A$2:$S$607,3,FALSE)","v":"Western Cape"},{"$f":"VLOOKUP($A372,DATA2!$A$2:$S$607,4,FALSE)","v":54.101333333333329},{"$f":"VLOOKUP($A372,DATA2!$A$2:$S$607,5,FALSE)","v":67.5},{"$f":"VLOOKUP($A372,DATA2!$A$2:$S$607,6,FALSE)","v":"VTSD"},{"$f":"VLOOKUP($A372,DATA2!$A$2:$S$607,7,FALSE)","v":45},{"$f":"VLOOKUP($A372,DATA2!$A$2:$S$607,8,FALSE)","v":true},{"$f":"VLOOKUP($A372,DATA2!$A$2:$S$607,9,FALSE)","v":0.06},23200,{"$f":"VLOOKUP($A372,DATA2!$A$2:$S$607,10,FALSE)","v":2434.56},{"$f":"VLOOKUP($A372,DATA2!$A$2:$S$607,11,FALSE)","v":29214.720000000001},{"$f":"VLOOKUP($A372,DATA2!$A$2:$S$607,12,FALSE)","v":"2016-04-01"},{"$f":"VLOOKUP($A372,DATA2!$A$2:$S$607,13,FALSE)","v":"2019-03-31"},{"$f":"VLOOKUP($A372,DATA2!$A$2:$S$607,14,FALSE)","v":"No"},{"$f":"IF(MATRIX2!D372=1,($Y$8-$X$2)/365*Table_Provincial_GTAC3536[[#This Row],[Adj.AnnualRental]]*MATRIX2!D372,($Y$8-$X$2)/365*Table_Provincial_GTAC3536[[#This Row],[Adj.AnnualRental]])","v":9604.8394520547936},{"$f":"(Table_Provincial_GTAC3536[[#This Row],[Adj.AnnualRental]]*(1+$I372)^(2))","v":32825.659392000009},{"$f":"(Table_Provincial_GTAC3536[[#This Row],[Adj.AnnualRental]]*(1+$I372)^(3))","v":34795.198955520013},{"$f":"(Table_Provincial_GTAC3536[[#This Row],[Adj.AnnualRental]]*(1+$I372)^(4))","v":36882.910892851214},{"$f":"(Table_Provincial_GTAC3536[[#This Row],[Adj.AnnualRental]]*(1+$I372)^(5))","v":39095.885546422287},{"$f":"(Table_Provincial_GTAC3536[[#This Row],[Adj.AnnualRental]]*(1+$I372)^(6))","v":41441.63867920763},{"$f":"(Table_Provincial_GTAC3536[[#This Row],[Adj.AnnualRental]]*(1+$I372)^(7))","v":43928.136999960094}]
[559,{"$f":"VLOOKUP($A373,DATA2!$A$2:$S$607,2,FALSE)","v":"WC"},{"$f":"VLOOKUP($A373,DATA2!$A$2:$S$607,3,FALSE)","v":"Western Cape"},{"$f":"VLOOKUP($A373,DATA2!$A$2:$S$607,4,FALSE)","v":47.356318181818182},{"$f":"VLOOKUP($A373,DATA2!$A$2:$S$607,5,FALSE)","v":67.5},{"$f":"VLOOKUP($A373,DATA2!$A$2:$S$607,6,FALSE)","v":"VTSD"},{"$f":"VLOOKUP($A373,DATA2!$A$2:$S$607,7,FALSE)","v":220},{"$f":"VLOOKUP($A373,DATA2!$A$2:$S$607,8,FALSE)","v":true},{"$f":"VLOOKUP($A373,DATA2!$A$2:$S$607,9,FALSE)","v":0.06},305940,{"$f":"VLOOKUP($A373,DATA2!$A$2:$S$607,10,FALSE)","v":10418.39},{"$f":"VLOOKUP($A373,DATA2!$A$2:$S$607,11,FALSE)","v":125020.68},{"$f":"VLOOKUP($A373,DATA2!$A$2:$S$607,12,FALSE)","v":"2014-10-01"},{"$f":"VLOOKUP($A373,DATA2!$A$2:$S$607,13,FALSE)","v":"2017-09-30"},{"$f":"VLOOKUP($A373,DATA2!$A$2:$S$607,14,FALSE)","v":"No"},{"$f":"IF(MATRIX2!D373=1,($Y$8-$X$2)/365*Table_Provincial_GTAC3536[[#This Row],[Adj.AnnualRental]]*MATRIX2!D373,($Y$8-$X$2)/365*Table_Provincial_GTAC3536[[#This Row],[Adj.AnnualRental]])","v":41102.689315068492},{"$f":"(Table_Provincial_GTAC3536[[#This Row],[Adj.AnnualRental]]*(1+$I373)^(2))","v":140473.23604800002},{"$f":"(Table_Provincial_GTAC3536[[#This Row],[Adj.AnnualRental]]*(1+$I373)^(3))","v":148901.63021088002},{"$f":"(Table_Provincial_GTAC3536[[#This Row],[Adj.AnnualRental]]*(1+$I373)^(4))","v":157835.72802353284},{"$f":"(Table_Provincial_GTAC3536[[#This Row],[Adj.AnnualRental]]*(1+$I373)^(5))","v":167305.87170494482},{"$f":"(Table_Provincial_GTAC3536[[#This Row],[Adj.AnnualRental]]*(1+$I373)^(6))","v":177344.22400724152},{"$f":"(Table_Provincial_GTAC3536[[#This Row],[Adj.AnnualRental]]*(1+$I373)^(7))","v":187984.87744767603}]
[560,{"$f":"VLOOKUP($A374,DATA2!$A$2:$S$607,2,FALSE)","v":"WC"},{"$f":"VLOOKUP($A374,DATA2!$A$2:$S$607,3,FALSE)","v":"Western Cape"},{"$f":"VLOOKUP($A374,DATA2!$A$2:$S$607,4,FALSE)","v":123.07825},{"$f":"VLOOKUP($A374,DATA2!$A$2:$S$607,5,FALSE)","v":90},{"$f":"VLOOKUP($A374,DATA2!$A$2:$S$607,6,FALSE)","v":"VTSD"},{"$f":"VLOOKUP($A374,DATA2!$A$2:$S$607,7,FALSE)","v":80},{"$f":"VLOOKUP($A374,DATA2!$A$2:$S$607,8,FALSE)","v":true},{"$f":"VLOOKUP($A374,DATA2!$A$2:$S$607,9,FALSE)","v":0.09},12584.68,{"$f":"VLOOKUP($A374,DATA2!$A$2:$S$607,10,FALSE)","v":9846.26},{"$f":"VLOOKUP($A374,DATA2!$A$2:$S$607,11,FALSE)","v":118155.12},{"$f":"VLOOKUP($A374,DATA2!$A$2:$S$607,12,FALSE)","v":"2011-01-01"},{"$f":"VLOOKUP($A374,DATA2!$A$2:$S$607,13,FALSE)","v":"2018-04-30"},{"$f":"VLOOKUP($A374,DATA2!$A$2:$S$607,14,FALSE)","v":"No"},{"$f":"IF(MATRIX2!D374=1,($Y$8-$X$2)/365*Table_Provincial_GTAC3536[[#This Row],[Adj.AnnualRental]]*MATRIX2!D374,($Y$8-$X$2)/365*Table_Provincial_GTAC3536[[#This Row],[Adj.AnnualRental]])","v":38845.518904109587},{"$f":"(Table_Provincial_GTAC3536[[#This Row],[Adj.AnnualRental]]*(1+$I374)^(2))","v":140380.09807200002},{"$f":"(Table_Provincial_GTAC3536[[#This Row],[Adj.AnnualRental]]*(1+$I374)^(3))","v":153014.30689848002},{"$f":"(Table_Provincial_GTAC3536[[#This Row],[Adj.AnnualRental]]*(1+$I374)^(4))","v":166785.59451934323},{"$f":"(Table_Provincial_GTAC3536[[#This Row],[Adj.AnnualRental]]*(1+$I374)^(5))","v":181796.29802608414},{"$f":"(Table_Provincial_GTAC3536[[#This Row],[Adj.AnnualRental]]*(1+$I374)^(6))","v":198157.96484843173},{"$f":"(Table_Provincial_GTAC3536[[#This Row],[Adj.AnnualRental]]*(1+$I374)^(7))","v":215992.18168479056}]
[561,{"$f":"VLOOKUP($A375,DATA2!$A$2:$S$607,2,FALSE)","v":"WC"},{"$f":"VLOOKUP($A375,DATA2!$A$2:$S$607,3,FALSE)","v":"Western Cape"},{"$f":"VLOOKUP($A375,DATA2!$A$2:$S$607,4,FALSE)","v":93.057307692307688},{"$f":"VLOOKUP($A375,DATA2!$A$2:$S$607,5,FALSE)","v":90},{"$f":"VLOOKUP($A375,DATA2!$A$2:$S$607,6,FALSE)","v":"VTSD"},{"$f":"VLOOKUP($A375,DATA2!$A$2:$S$607,7,FALSE)","v":52},{"$f":"VLOOKUP($A375,DATA2!$A$2:$S$607,8,FALSE)","v":true},{"$f":"VLOOKUP($A375,DATA2!$A$2:$S$607,9,FALSE)","v":0.08},5966.51,{"$f":"VLOOKUP($A375,DATA2!$A$2:$S$607,10,FALSE)","v":4838.9799999999996},{"$f":"VLOOKUP($A375,DATA2!$A$2:$S$607,11,FALSE)","v":58067.76},{"$f":"VLOOKUP($A375,DATA2!$A$2:$S$607,12,FALSE)","v":"2012-10-01"},{"$f":"VLOOKUP($A375,DATA2!$A$2:$S$607,13,FALSE)","v":"2017-09-30"},{"$f":"VLOOKUP($A375,DATA2!$A$2:$S$607,14,FALSE)","v":"No"},{"$f":"IF(MATRIX2!D375=1,($Y$8-$X$2)/365*Table_Provincial_GTAC3536[[#This Row],[Adj.AnnualRental]]*MATRIX2!D375,($Y$8-$X$2)/365*Table_Provincial_GTAC3536[[#This Row],[Adj.AnnualRental]])","v":19090.770410958903},{"$f":"(Table_Provincial_GTAC3536[[#This Row],[Adj.AnnualRental]]*(1+$I375)^(2))","v":67730.235264000003},{"$f":"(Table_Provincial_GTAC3536[[#This Row],[Adj.AnnualRental]]*(1+$I375)^(3))","v":73148.654085120012},{"$f":"(Table_Provincial_GTAC3536[[#This Row],[Adj.AnnualRental]]*(1+$I375)^(4))","v":79000.546411929623},{"$f":"(Table_Provincial_GTAC3536[[#This Row],[Adj.AnnualRental]]*(1+$I375)^(5))","v":85320.590124883995},{"$f":"(Table_Provincial_GTAC3536[[#This Row],[Adj.AnnualRental]]*(1+$I375)^(6))","v":92146.237334874721},{"$f":"(Table_Provincial_GTAC3536[[#This Row],[Adj.AnnualRental]]*(1+$I375)^(7))","v":99517.936321664703}]
[562,{"$f":"VLOOKUP($A376,DATA2!$A$2:$S$607,2,FALSE)","v":"WC"},{"$f":"VLOOKUP($A376,DATA2!$A$2:$S$607,3,FALSE)","v":"Western Cape"},{"$f":"VLOOKUP($A376,DATA2!$A$2:$S$607,4,FALSE)","v":33.500681818181818},{"$f":"VLOOKUP($A376,DATA2!$A$2:$S$607,5,FALSE)","v":90},{"$f":"VLOOKUP($A376,DATA2!$A$2:$S$607,6,FALSE)","v":"VTSD"},{"$f":"VLOOKUP($A376,DATA2!$A$2:$S$607,7,FALSE)","v":132},{"$f":"VLOOKUP($A376,DATA2!$A$2:$S$607,8,FALSE)","v":true},{"$f":"VLOOKUP($A376,DATA2!$A$2:$S$607,9,FALSE)","v":0.08},9381.08,{"$f":"VLOOKUP($A376,DATA2!$A$2:$S$607,10,FALSE)","v":4422.09},{"$f":"VLOOKUP($A376,DATA2!$A$2:$S$607,11,FALSE)","v":53065.08},{"$f":"VLOOKUP($A376,DATA2!$A$2:$S$607,12,FALSE)","v":"2011-11-01"},{"$f":"VLOOKUP($A376,DATA2!$A$2:$S$607,13,FALSE)","v":"2018-04-30"},{"$f":"VLOOKUP($A376,DATA2!$A$2:$S$607,14,FALSE)","v":"No"},{"$f":"IF(MATRIX2!D376=1,($Y$8-$X$2)/365*Table_Provincial_GTAC3536[[#This Row],[Adj.AnnualRental]]*MATRIX2!D376,($Y$8-$X$2)/365*Table_Provincial_GTAC3536[[#This Row],[Adj.AnnualRental]])","v":17446.053698630138},{"$f":"(Table_Provincial_GTAC3536[[#This Row],[Adj.AnnualRental]]*(1+$I376)^(2))","v":61895.109312000008},{"$f":"(Table_Provincial_GTAC3536[[#This Row],[Adj.AnnualRental]]*(1+$I376)^(3))","v":66846.718056960017},{"$f":"(Table_Provincial_GTAC3536[[#This Row],[Adj.AnnualRental]]*(1+$I376)^(4))","v":72194.455501516815},{"$f":"(Table_Provincial_GTAC3536[[#This Row],[Adj.AnnualRental]]*(1+$I376)^(5))","v":77970.011941638164},{"$f":"(Table_Provincial_GTAC3536[[#This Row],[Adj.AnnualRental]]*(1+$I376)^(6))","v":84207.612896969222},{"$f":"(Table_Provincial_GTAC3536[[#This Row],[Adj.AnnualRental]]*(1+$I376)^(7))","v":90944.221928726765}]
[563,{"$f":"VLOOKUP($A377,DATA2!$A$2:$S$607,2,FALSE)","v":"WC"},{"$f":"VLOOKUP($A377,DATA2!$A$2:$S$607,3,FALSE)","v":"Western Cape"},{"$f":"VLOOKUP($A377,DATA2!$A$2:$S$607,4,FALSE)","v":79.450090909090918},{"$f":"VLOOKUP($A377,DATA2!$A$2:$S$607,5,FALSE)","v":90},{"$f":"VLOOKUP($A377,DATA2!$A$2:$S$607,6,FALSE)","v":"VTSD"},{"$f":"VLOOKUP($A377,DATA2!$A$2:$S$607,7,FALSE)","v":110},{"$f":"VLOOKUP($A377,DATA2!$A$2:$S$607,8,FALSE)","v":true},{"$f":"VLOOKUP($A377,DATA2!$A$2:$S$607,9,FALSE)","v":0.08},2434.56,{"$f":"VLOOKUP($A377,DATA2!$A$2:$S$607,10,FALSE)","v":8739.51},{"$f":"VLOOKUP($A377,DATA2!$A$2:$S$607,11,FALSE)","v":104874.12},{"$f":"VLOOKUP($A377,DATA2!$A$2:$S$607,12,FALSE)","v":"2017-04-01"},{"$f":"VLOOKUP($A377,DATA2!$A$2:$S$607,13,FALSE)","v":"2018-03-31"},{"$f":"VLOOKUP($A377,DATA2!$A$2:$S$607,14,FALSE)","v":"No"},{"$f":"IF(MATRIX2!D377=1,($Y$8-$X$2)/365*Table_Provincial_GTAC3536[[#This Row],[Adj.AnnualRental]]*MATRIX2!D377,($Y$8-$X$2)/365*Table_Provincial_GTAC3536[[#This Row],[Adj.AnnualRental]])","v":34479.162739726024},{"$f":"(Table_Provincial_GTAC3536[[#This Row],[Adj.AnnualRental]]*(1+$I377)^(2))","v":122325.173568},{"$f":"(Table_Provincial_GTAC3536[[#This Row],[Adj.AnnualRental]]*(1+$I377)^(3))","v":132111.18745344001},{"$f":"(Table_Provincial_GTAC3536[[#This Row],[Adj.AnnualRental]]*(1+$I377)^(4))","v":142680.08244971524},{"$f":"(Table_Provincial_GTAC3536[[#This Row],[Adj.AnnualRental]]*(1+$I377)^(5))","v":154094.48904569243},{"$f":"(Table_Provincial_GTAC3536[[#This Row],[Adj.AnnualRental]]*(1+$I377)^(6))","v":166422.04816934787},{"$f":"(Table_Provincial_GTAC3536[[#This Row],[Adj.AnnualRental]]*(1+$I377)^(7))","v":179735.8120228957}]
[564,{"$f":"VLOOKUP($A378,DATA2!$A$2:$S$607,2,FALSE)","v":"WC"},{"$f":"VLOOKUP($A378,DATA2!$A$2:$S$607,3,FALSE)","v":"Western Cape"},{"$f":"VLOOKUP($A378,DATA2!$A$2:$S$607,4,FALSE)","v":116.75382113821138},{"$f":"VLOOKUP($A378,DATA2!$A$2:$S$607,5,FALSE)","v":90},{"$f":"VLOOKUP($A378,DATA2!$A$2:$S$607,6,FALSE)","v":"VTSD"},{"$f":"VLOOKUP($A378,DATA2!$A$2:$S$607,7,FALSE)","v":30.75},{"$f":"VLOOKUP($A378,DATA2!$A$2:$S$607,8,FALSE)","v":true},{"$f":"VLOOKUP($A378,DATA2!$A$2:$S$607,9,FALSE)","v":0.08},10418.39,{"$f":"VLOOKUP($A378,DATA2!$A$2:$S$607,10,FALSE)","v":3590.18},{"$f":"VLOOKUP($A378,DATA2!$A$2:$S$607,11,FALSE)","v":43082.16},{"$f":"VLOOKUP($A378,DATA2!$A$2:$S$607,12,FALSE)","v":"2014-07-01"},{"$f":"VLOOKUP($A378,DATA2!$A$2:$S$607,13,FALSE)","v":"2018-04-30"},{"$f":"VLOOKUP($A378,DATA2!$A$2:$S$607,14,FALSE)","v":"No"},{"$f":"IF(MATRIX2!D378=1,($Y$8-$X$2)/365*Table_Provincial_GTAC3536[[#This Row],[Adj.AnnualRental]]*MATRIX2!D378,($Y$8-$X$2)/365*Table_Provincial_GTAC3536[[#This Row],[Adj.AnnualRental]])","v":14163.997808219179},{"$f":"(Table_Provincial_GTAC3536[[#This Row],[Adj.AnnualRental]]*(1+$I378)^(2))","v":50251.031424000008},{"$f":"(Table_Provincial_GTAC3536[[#This Row],[Adj.AnnualRental]]*(1+$I378)^(3))","v":54271.11393792001},{"$f":"(Table_Provincial_GTAC3536[[#This Row],[Adj.AnnualRental]]*(1+$I378)^(4))","v":58612.803052953619},{"$f":"(Table_Provincial_GTAC3536[[#This Row],[Adj.AnnualRental]]*(1+$I378)^(5))","v":63301.827297189906},{"$f":"(Table_Provincial_GTAC3536[[#This Row],[Adj.AnnualRental]]*(1+$I378)^(6))","v":68365.973480965113},{"$f":"(Table_Provincial_GTAC3536[[#This Row],[Adj.AnnualRental]]*(1+$I378)^(7))","v":73835.251359442322}]
[567,{"$f":"VLOOKUP($A379,DATA2!$A$2:$S$607,2,FALSE)","v":"WC"},{"$f":"VLOOKUP($A379,DATA2!$A$2:$S$607,3,FALSE)","v":"Western Cape"},{"$f":"VLOOKUP($A379,DATA2!$A$2:$S$607,4,FALSE)","v":44.999999999999993},{"$f":"VLOOKUP($A379,DATA2!$A$2:$S$607,5,FALSE)","v":87.5},{"$f":"VLOOKUP($A379,DATA2!$A$2:$S$607,6,FALSE)","v":"VTSD"},{"$f":"VLOOKUP($A379,DATA2!$A$2:$S$607,7,FALSE)","v":398.18},{"$f":"VLOOKUP($A379,DATA2!$A$2:$S$607,8,FALSE)","v":true},{"$f":"VLOOKUP($A379,DATA2!$A$2:$S$607,9,FALSE)","v":0.08},9846.26,{"$f":"VLOOKUP($A379,DATA2!$A$2:$S$607,10,FALSE)","v":17918.099999999999},{"$f":"VLOOKUP($A379,DATA2!$A$2:$S$607,11,FALSE)","v":215017.2},{"$f":"VLOOKUP($A379,DATA2!$A$2:$S$607,12,FALSE)","v":"2017-04-01"},{"$f":"VLOOKUP($A379,DATA2!$A$2:$S$607,13,FALSE)","v":"2020-03-31"},{"$f":"VLOOKUP($A379,DATA2!$A$2:$S$607,14,FALSE)","v":"No"},{"$f":"IF(MATRIX2!D379=1,($Y$8-$X$2)/365*Table_Provincial_GTAC3536[[#This Row],[Adj.AnnualRental]]*MATRIX2!D379,($Y$8-$X$2)/365*Table_Provincial_GTAC3536[[#This Row],[Adj.AnnualRental]])","v":70690.586301369869},{"$f":"(Table_Provincial_GTAC3536[[#This Row],[Adj.AnnualRental]]*(1+$I379)^(2))","v":250796.06208000003},{"$f":"(Table_Provincial_GTAC3536[[#This Row],[Adj.AnnualRental]]*(1+$I379)^(3))","v":270859.74704640004},{"$f":"(Table_Provincial_GTAC3536[[#This Row],[Adj.AnnualRental]]*(1+$I379)^(4))","v":292528.52681011206},{"$f":"(Table_Provincial_GTAC3536[[#This Row],[Adj.AnnualRental]]*(1+$I379)^(5))","v":315930.80895492103},{"$f":"(Table_Provincial_GTAC3536[[#This Row],[Adj.AnnualRental]]*(1+$I379)^(6))","v":341205.27367131476},{"$f":"(Table_Provincial_GTAC3536[[#This Row],[Adj.AnnualRental]]*(1+$I379)^(7))","v":368501.69556501997}]
[568,{"$f":"VLOOKUP($A380,DATA2!$A$2:$S$607,2,FALSE)","v":"WC"},{"$f":"VLOOKUP($A380,DATA2!$A$2:$S$607,3,FALSE)","v":"Western Cape"},{"$f":"VLOOKUP($A380,DATA2!$A$2:$S$607,4,FALSE)","v":33.944604523843829},{"$f":"VLOOKUP($A380,DATA2!$A$2:$S$607,5,FALSE)","v":87.5},{"$f":"VLOOKUP($A380,DATA2!$A$2:$S$607,6,FALSE)","v":"VTSD"},{"$f":"VLOOKUP($A380,DATA2!$A$2:$S$607,7,FALSE)","v":138.82},{"$f":"VLOOKUP($A380,DATA2!$A$2:$S$607,8,FALSE)","v":true},{"$f":"VLOOKUP($A380,DATA2!$A$2:$S$607,9,FALSE)","v":7.4999999999999997E-2},4838.9799999999996,{"$f":"VLOOKUP($A380,DATA2!$A$2:$S$607,10,FALSE)","v":4712.1899999999996},{"$f":"VLOOKUP($A380,DATA2!$A$2:$S$607,11,FALSE)","v":56546.28},{"$f":"VLOOKUP($A380,DATA2!$A$2:$S$607,12,FALSE)","v":"2016-09-01"},{"$f":"VLOOKUP($A380,DATA2!$A$2:$S$607,13,FALSE)","v":"2021-08-31"},{"$f":"VLOOKUP($A380,DATA2!$A$2:$S$607,14,FALSE)","v":"No"},{"$f":"IF(MATRIX2!D380=1,($Y$8-$X$2)/365*Table_Provincial_GTAC3536[[#This Row],[Adj.AnnualRental]]*MATRIX2!D380,($Y$8-$X$2)/365*Table_Provincial_GTAC3536[[#This Row],[Adj.AnnualRental]])","v":18590.557808219175},{"$f":"(Table_Provincial_GTAC3536[[#This Row],[Adj.AnnualRental]]*(1+$I380)^(2))","v":65346.29482499999},{"$f":"(Table_Provincial_GTAC3536[[#This Row],[Adj.AnnualRental]]*(1+$I380)^(3))","v":70247.266936874992},{"$f":"(Table_Provincial_GTAC3536[[#This Row],[Adj.AnnualRental]]*(1+$I380)^(4))","v":75515.811957140613},{"$f":"(Table_Provincial_GTAC3536[[#This Row],[Adj.AnnualRental]]*(1+$I380)^(5))","v":81179.497853926165},{"$f":"(Table_Provincial_GTAC3536[[#This Row],[Adj.AnnualRental]]*(1+$I380)^(6))","v":87267.960192970611},{"$f":"(Table_Provincial_GTAC3536[[#This Row],[Adj.AnnualRental]]*(1+$I380)^(7))","v":93813.057207443417}]
[569,{"$f":"VLOOKUP($A381,DATA2!$A$2:$S$607,2,FALSE)","v":"WC"},{"$f":"VLOOKUP($A381,DATA2!$A$2:$S$607,3,FALSE)","v":"Western Cape"},{"$f":"VLOOKUP($A381,DATA2!$A$2:$S$607,4,FALSE)","v":57},{"$f":"VLOOKUP($A381,DATA2!$A$2:$S$607,5,FALSE)","v":90},{"$f":"VLOOKUP($A381,DATA2!$A$2:$S$607,6,FALSE)","v":"VTSD"},{"$f":"VLOOKUP($A381,DATA2!$A$2:$S$607,7,FALSE)","v":427},{"$f":"VLOOKUP($A381,DATA2!$A$2:$S$607,8,FALSE)","v":true},{"$f":"VLOOKUP($A381,DATA2!$A$2:$S$607,9,FALSE)","v":6.5000000000000002E-2},4422.09,{"$f":"VLOOKUP($A381,DATA2!$A$2:$S$607,10,FALSE)","v":24339},{"$f":"VLOOKUP($A381,DATA2!$A$2:$S$607,11,FALSE)","v":292068},{"$f":"VLOOKUP($A381,DATA2!$A$2:$S$607,12,FALSE)","v":"2017-04-01"},{"$f":"VLOOKUP($A381,DATA2!$A$2:$S$607,13,FALSE)","v":"2022-04-30"},{"$f":"VLOOKUP($A381,DATA2!$A$2:$S$607,14,FALSE)","v":"No"},{"$f":"IF(MATRIX2!D381=1,($Y$8-$X$2)/365*Table_Provincial_GTAC3536[[#This Row],[Adj.AnnualRental]]*MATRIX2!D381,($Y$8-$X$2)/365*Table_Provincial_GTAC3536[[#This Row],[Adj.AnnualRental]])","v":96022.356164383556},{"$f":"(Table_Provincial_GTAC3536[[#This Row],[Adj.AnnualRental]]*(1+$I381)^(2))","v":331270.82729999995},{"$f":"(Table_Provincial_GTAC3536[[#This Row],[Adj.AnnualRental]]*(1+$I381)^(3))","v":352803.43107449991},{"$f":"(Table_Provincial_GTAC3536[[#This Row],[Adj.AnnualRental]]*(1+$I381)^(4))","v":375735.65409434238},{"$f":"(Table_Provincial_GTAC3536[[#This Row],[Adj.AnnualRental]]*(1+$I381)^(5))","v":400158.47161047463},{"$f":"(Table_Provincial_GTAC3536[[#This Row],[Adj.AnnualRental]]*(1+$I381)^(6))","v":426168.77226515545},{"$f":"(Table_Provincial_GTAC3536[[#This Row],[Adj.AnnualRental]]*(1+$I381)^(7))","v":453869.74246239045}]
[570,{"$f":"VLOOKUP($A382,DATA2!$A$2:$S$607,2,FALSE)","v":"WC"},{"$f":"VLOOKUP($A382,DATA2!$A$2:$S$607,3,FALSE)","v":"Western Cape"},{"$f":"VLOOKUP($A382,DATA2!$A$2:$S$607,4,FALSE)","v":22.8},{"$f":"VLOOKUP($A382,DATA2!$A$2:$S$607,5,FALSE)","v":90},{"$f":"VLOOKUP($A382,DATA2!$A$2:$S$607,6,FALSE)","v":"VTSD"},{"$f":"VLOOKUP($A382,DATA2!$A$2:$S$607,7,FALSE)","v":20},{"$f":"VLOOKUP($A382,DATA2!$A$2:$S$607,8,FALSE)","v":true},{"$f":"VLOOKUP($A382,DATA2!$A$2:$S$607,9,FALSE)","v":0.09},8739.51,{"$f":"VLOOKUP($A382,DATA2!$A$2:$S$607,10,FALSE)","v":456},{"$f":"VLOOKUP($A382,DATA2!$A$2:$S$607,11,FALSE)","v":5472},{"$f":"VLOOKUP($A382,DATA2!$A$2:$S$607,12,FALSE)","v":"2017-04-01"},{"$f":"VLOOKUP($A382,DATA2!$A$2:$S$607,13,FALSE)","v":"2020-03-30"},{"$f":"VLOOKUP($A382,DATA2!$A$2:$S$607,14,FALSE)","v":"No"},{"$f":"IF(MATRIX2!D382=1,($Y$8-$X$2)/365*Table_Provincial_GTAC3536[[#This Row],[Adj.AnnualRental]]*MATRIX2!D382,($Y$8-$X$2)/365*Table_Provincial_GTAC3536[[#This Row],[Adj.AnnualRental]])","v":1799.0136986301368},{"$f":"(Table_Provincial_GTAC3536[[#This Row],[Adj.AnnualRental]]*(1+$I382)^(2))","v":6501.2832000000008},{"$f":"(Table_Provincial_GTAC3536[[#This Row],[Adj.AnnualRental]]*(1+$I382)^(3))","v":7086.3986880000011},{"$f":"(Table_Provincial_GTAC3536[[#This Row],[Adj.AnnualRental]]*(1+$I382)^(4))","v":7724.1745699200019},{"$f":"(Table_Provincial_GTAC3536[[#This Row],[Adj.AnnualRental]]*(1+$I382)^(5))","v":8419.3502812128027},{"$f":"(Table_Provincial_GTAC3536[[#This Row],[Adj.AnnualRental]]*(1+$I382)^(6))","v":9177.0918065219557},{"$f":"(Table_Provincial_GTAC3536[[#This Row],[Adj.AnnualRental]]*(1+$I382)^(7))","v":10003.030069108931}]
[571,{"$f":"VLOOKUP($A383,DATA2!$A$2:$S$607,2,FALSE)","v":"WC"},{"$f":"VLOOKUP($A383,DATA2!$A$2:$S$607,3,FALSE)","v":"Western Cape"},{"$f":"VLOOKUP($A383,DATA2!$A$2:$S$607,4,FALSE)","v":52.5},{"$f":"VLOOKUP($A383,DATA2!$A$2:$S$607,5,FALSE)","v":90},{"$f":"VLOOKUP($A383,DATA2!$A$2:$S$607,6,FALSE)","v":"VTSD"},{"$f":"VLOOKUP($A383,DATA2!$A$2:$S$607,7,FALSE)","v":40},{"$f":"VLOOKUP($A383,DATA2!$A$2:$S$607,8,FALSE)","v":true},{"$f":"VLOOKUP($A383,DATA2!$A$2:$S$607,9,FALSE)","v":6.6000000000000003E-2},3590.18,{"$f":"VLOOKUP($A383,DATA2!$A$2:$S$607,10,FALSE)","v":2100},{"$f":"VLOOKUP($A383,DATA2!$A$2:$S$607,11,FALSE)","v":25200},{"$f":"VLOOKUP($A383,DATA2!$A$2:$S$607,12,FALSE)","v":"2017-04-01"},{"$f":"VLOOKUP($A383,DATA2!$A$2:$S$607,13,FALSE)","v":"2020-03-31"},{"$f":"VLOOKUP($A383,DATA2!$A$2:$S$607,14,FALSE)","v":"No"},{"$f":"IF(MATRIX2!D383=1,($Y$8-$X$2)/365*Table_Provincial_GTAC3536[[#This Row],[Adj.AnnualRental]]*MATRIX2!D383,($Y$8-$X$2)/365*Table_Provincial_GTAC3536[[#This Row],[Adj.AnnualRental]])","v":8284.9315068493142},{"$f":"(Table_Provincial_GTAC3536[[#This Row],[Adj.AnnualRental]]*(1+$I383)^(2))","v":28636.171200000004},{"$f":"(Table_Provincial_GTAC3536[[#This Row],[Adj.AnnualRental]]*(1+$I383)^(3))","v":30526.158499200003},{"$f":"(Table_Provincial_GTAC3536[[#This Row],[Adj.AnnualRental]]*(1+$I383)^(4))","v":32540.88496014721},{"$f":"(Table_Provincial_GTAC3536[[#This Row],[Adj.AnnualRental]]*(1+$I383)^(5))","v":34688.583367516927},{"$f":"(Table_Provincial_GTAC3536[[#This Row],[Adj.AnnualRental]]*(1+$I383)^(6))","v":36978.029869773047},{"$f":"(Table_Provincial_GTAC3536[[#This Row],[Adj.AnnualRental]]*(1+$I383)^(7))","v":39418.579841178063}]
[572,{"$f":"VLOOKUP($A384,DATA2!$A$2:$S$607,2,FALSE)","v":"WC"},{"$f":"VLOOKUP($A384,DATA2!$A$2:$S$607,3,FALSE)","v":"Western Cape"},{"$f":"VLOOKUP($A384,DATA2!$A$2:$S$607,4,FALSE)","v":99.492093023255805},{"$f":"VLOOKUP($A384,DATA2!$A$2:$S$607,5,FALSE)","v":90},{"$f":"VLOOKUP($A384,DATA2!$A$2:$S$607,6,FALSE)","v":"VTSD"},{"$f":"VLOOKUP($A384,DATA2!$A$2:$S$607,7,FALSE)","v":43},{"$f":"VLOOKUP($A384,DATA2!$A$2:$S$607,8,FALSE)","v":true},{"$f":"VLOOKUP($A384,DATA2!$A$2:$S$607,9,FALSE)","v":0.08},4280,{"$f":"VLOOKUP($A384,DATA2!$A$2:$S$607,10,FALSE)","v":4278.16},{"$f":"VLOOKUP($A384,DATA2!$A$2:$S$607,11,FALSE)","v":51337.919999999998},{"$f":"VLOOKUP($A384,DATA2!$A$2:$S$607,12,FALSE)","v":"2011-04-01"},{"$f":"VLOOKUP($A384,DATA2!$A$2:$S$607,13,FALSE)","v":"2017-09-30"},{"$f":"VLOOKUP($A384,DATA2!$A$2:$S$607,14,FALSE)","v":"No"},{"$f":"IF(MATRIX2!D384=1,($Y$8-$X$2)/365*Table_Provincial_GTAC3536[[#This Row],[Adj.AnnualRental]]*MATRIX2!D384,($Y$8-$X$2)/365*Table_Provincial_GTAC3536[[#This Row],[Adj.AnnualRental]])","v":16878.220273972602},{"$f":"(Table_Provincial_GTAC3536[[#This Row],[Adj.AnnualRental]]*(1+$I384)^(2))","v":59880.549888000001},{"$f":"(Table_Provincial_GTAC3536[[#This Row],[Adj.AnnualRental]]*(1+$I384)^(3))","v":64670.993879040005},{"$f":"(Table_Provincial_GTAC3536[[#This Row],[Adj.AnnualRental]]*(1+$I384)^(4))","v":69844.673389363219},{"$f":"(Table_Provincial_GTAC3536[[#This Row],[Adj.AnnualRental]]*(1+$I384)^(5))","v":75432.247260512275},{"$f":"(Table_Provincial_GTAC3536[[#This Row],[Adj.AnnualRental]]*(1+$I384)^(6))","v":81466.827041353259},{"$f":"(Table_Provincial_GTAC3536[[#This Row],[Adj.AnnualRental]]*(1+$I384)^(7))","v":87984.173204661522}]
[573,{"$f":"VLOOKUP($A385,DATA2!$A$2:$S$607,2,FALSE)","v":"WC"},{"$f":"VLOOKUP($A385,DATA2!$A$2:$S$607,3,FALSE)","v":"Western Cape"},{"$f":"VLOOKUP($A385,DATA2!$A$2:$S$607,4,FALSE)","v":55.371481481481482},{"$f":"VLOOKUP($A385,DATA2!$A$2:$S$607,5,FALSE)","v":90},{"$f":"VLOOKUP($A385,DATA2!$A$2:$S$607,6,FALSE)","v":"VTSD"},{"$f":"VLOOKUP($A385,DATA2!$A$2:$S$607,7,FALSE)","v":216},{"$f":"VLOOKUP($A385,DATA2!$A$2:$S$607,8,FALSE)","v":true},{"$f":"VLOOKUP($A385,DATA2!$A$2:$S$607,9,FALSE)","v":7.4999999999999997E-2},17918.099999999999,{"$f":"VLOOKUP($A385,DATA2!$A$2:$S$607,10,FALSE)","v":11960.24},{"$f":"VLOOKUP($A385,DATA2!$A$2:$S$607,11,FALSE)","v":143522.88},{"$f":"VLOOKUP($A385,DATA2!$A$2:$S$607,12,FALSE)","v":"2017-04-01"},{"$f":"VLOOKUP($A385,DATA2!$A$2:$S$607,13,FALSE)","v":"2018-03-31"},{"$f":"VLOOKUP($A385,DATA2!$A$2:$S$607,14,FALSE)","v":"No"},{"$f":"IF(MATRIX2!D385=1,($Y$8-$X$2)/365*Table_Provincial_GTAC3536[[#This Row],[Adj.AnnualRental]]*MATRIX2!D385,($Y$8-$X$2)/365*Table_Provincial_GTAC3536[[#This Row],[Adj.AnnualRental]])","v":47185.604383561644},{"$f":"(Table_Provincial_GTAC3536[[#This Row],[Adj.AnnualRental]]*(1+$I385)^(2))","v":165858.62819999998},{"$f":"(Table_Provincial_GTAC3536[[#This Row],[Adj.AnnualRental]]*(1+$I385)^(3))","v":178298.02531499998},{"$f":"(Table_Provincial_GTAC3536[[#This Row],[Adj.AnnualRental]]*(1+$I385)^(4))","v":191670.37721362498},{"$f":"(Table_Provincial_GTAC3536[[#This Row],[Adj.AnnualRental]]*(1+$I385)^(5))","v":206045.65550464686},{"$f":"(Table_Provincial_GTAC3536[[#This Row],[Adj.AnnualRental]]*(1+$I385)^(6))","v":221499.07966749536},{"$f":"(Table_Provincial_GTAC3536[[#This Row],[Adj.AnnualRental]]*(1+$I385)^(7))","v":238111.51064255752}]
[574,{"$f":"VLOOKUP($A386,DATA2!$A$2:$S$607,2,FALSE)","v":"WC"},{"$f":"VLOOKUP($A386,DATA2!$A$2:$S$607,3,FALSE)","v":"Western Cape"},{"$f":"VLOOKUP($A386,DATA2!$A$2:$S$607,4,FALSE)","v":72.161764705882348},{"$f":"VLOOKUP($A386,DATA2!$A$2:$S$607,5,FALSE)","v":87.5},{"$f":"VLOOKUP($A386,DATA2!$A$2:$S$607,6,FALSE)","v":"VTSD"},{"$f":"VLOOKUP($A386,DATA2!$A$2:$S$607,7,FALSE)","v":17},{"$f":"VLOOKUP($A386,DATA2!$A$2:$S$607,8,FALSE)","v":true},{"$f":"VLOOKUP($A386,DATA2!$A$2:$S$607,9,FALSE)","v":5.5E-2},4712.1899999999996,{"$f":"VLOOKUP($A386,DATA2!$A$2:$S$607,10,FALSE)","v":1226.75},{"$f":"VLOOKUP($A386,DATA2!$A$2:$S$607,11,FALSE)","v":14721},{"$f":"VLOOKUP($A386,DATA2!$A$2:$S$607,12,FALSE)","v":"2016-04-01"},{"$f":"VLOOKUP($A386,DATA2!$A$2:$S$607,13,FALSE)","v":"2019-03-31"},{"$f":"VLOOKUP($A386,DATA2!$A$2:$S$607,14,FALSE)","v":"No"},{"$f":"IF(MATRIX2!D386=1,($Y$8-$X$2)/365*Table_Provincial_GTAC3536[[#This Row],[Adj.AnnualRental]]*MATRIX2!D386,($Y$8-$X$2)/365*Table_Provincial_GTAC3536[[#This Row],[Adj.AnnualRental]])","v":4839.7808219178078},{"$f":"(Table_Provincial_GTAC3536[[#This Row],[Adj.AnnualRental]]*(1+$I386)^(2))","v":16384.841024999998},{"$f":"(Table_Provincial_GTAC3536[[#This Row],[Adj.AnnualRental]]*(1+$I386)^(3))","v":17286.007281374998},{"$f":"(Table_Provincial_GTAC3536[[#This Row],[Adj.AnnualRental]]*(1+$I386)^(4))","v":18236.737681850624},{"$f":"(Table_Provincial_GTAC3536[[#This Row],[Adj.AnnualRental]]*(1+$I386)^(5))","v":19239.758254352404},{"$f":"(Table_Provincial_GTAC3536[[#This Row],[Adj.AnnualRental]]*(1+$I386)^(6))","v":20297.944958341788},{"$f":"(Table_Provincial_GTAC3536[[#This Row],[Adj.AnnualRental]]*(1+$I386)^(7))","v":21414.331931050583}]
[575,{"$f":"VLOOKUP($A387,DATA2!$A$2:$S$607,2,FALSE)","v":"WC"},{"$f":"VLOOKUP($A387,DATA2!$A$2:$S$607,3,FALSE)","v":"Western Cape"},{"$f":"VLOOKUP($A387,DATA2!$A$2:$S$607,4,FALSE)","v":60.135051546391757},{"$f":"VLOOKUP($A387,DATA2!$A$2:$S$607,5,FALSE)","v":87.5},{"$f":"VLOOKUP($A387,DATA2!$A$2:$S$607,6,FALSE)","v":"VTSD"},{"$f":"VLOOKUP($A387,DATA2!$A$2:$S$607,7,FALSE)","v":97},{"$f":"VLOOKUP($A387,DATA2!$A$2:$S$607,8,FALSE)","v":true},{"$f":"VLOOKUP($A387,DATA2!$A$2:$S$607,9,FALSE)","v":5.5E-2},24339,{"$f":"VLOOKUP($A387,DATA2!$A$2:$S$607,10,FALSE)","v":5833.1},{"$f":"VLOOKUP($A387,DATA2!$A$2:$S$607,11,FALSE)","v":69997.2},{"$f":"VLOOKUP($A387,DATA2!$A$2:$S$607,12,FALSE)","v":"2016-05-01"},{"$f":"VLOOKUP($A387,DATA2!$A$2:$S$607,13,FALSE)","v":"2021-03-31"},{"$f":"VLOOKUP($A387,DATA2!$A$2:$S$607,14,FALSE)","v":"No"},{"$f":"IF(MATRIX2!D387=1,($Y$8-$X$2)/365*Table_Provincial_GTAC3536[[#This Row],[Adj.AnnualRental]]*MATRIX2!D387,($Y$8-$X$2)/365*Table_Provincial_GTAC3536[[#This Row],[Adj.AnnualRental]])","v":23012.778082191777},{"$f":"(Table_Provincial_GTAC3536[[#This Row],[Adj.AnnualRental]]*(1+$I387)^(2))","v":77908.633529999992},{"$f":"(Table_Provincial_GTAC3536[[#This Row],[Adj.AnnualRental]]*(1+$I387)^(3))","v":82193.60837414999},{"$f":"(Table_Provincial_GTAC3536[[#This Row],[Adj.AnnualRental]]*(1+$I387)^(4))","v":86714.256834728236},{"$f":"(Table_Provincial_GTAC3536[[#This Row],[Adj.AnnualRental]]*(1+$I387)^(5))","v":91483.540960638275},{"$f":"(Table_Provincial_GTAC3536[[#This Row],[Adj.AnnualRental]]*(1+$I387)^(6))","v":96515.135713473384},{"$f":"(Table_Provincial_GTAC3536[[#This Row],[Adj.AnnualRental]]*(1+$I387)^(7))","v":101823.46817771441}]
[576,{"$f":"VLOOKUP($A388,DATA2!$A$2:$S$607,2,FALSE)","v":"WC"},{"$f":"VLOOKUP($A388,DATA2!$A$2:$S$607,3,FALSE)","v":"Western Cape"},{"$f":"VLOOKUP($A388,DATA2!$A$2:$S$607,4,FALSE)","v":162.87214961448024},{"$f":"VLOOKUP($A388,DATA2!$A$2:$S$607,5,FALSE)","v":87.5},{"$f":"VLOOKUP($A388,DATA2!$A$2:$S$607,6,FALSE)","v":"VTSD"},{"$f":"VLOOKUP($A388,DATA2!$A$2:$S$607,7,FALSE)","v":182.87},{"$f":"VLOOKUP($A388,DATA2!$A$2:$S$607,8,FALSE)","v":true},{"$f":"VLOOKUP($A388,DATA2!$A$2:$S$607,9,FALSE)","v":6.5000000000000002E-2},456,{"$f":"VLOOKUP($A388,DATA2!$A$2:$S$607,10,FALSE)","v":29784.43},{"$f":"VLOOKUP($A388,DATA2!$A$2:$S$607,11,FALSE)","v":357413.16},{"$f":"VLOOKUP($A388,DATA2!$A$2:$S$607,12,FALSE)","v":"2017-04-01"},{"$f":"VLOOKUP($A388,DATA2!$A$2:$S$607,13,FALSE)","v":"2018-03-31"},{"$f":"VLOOKUP($A388,DATA2!$A$2:$S$607,14,FALSE)","v":"No"},{"$f":"IF(MATRIX2!D388=1,($Y$8-$X$2)/365*Table_Provincial_GTAC3536[[#This Row],[Adj.AnnualRental]]*MATRIX2!D388,($Y$8-$X$2)/365*Table_Provincial_GTAC3536[[#This Row],[Adj.AnnualRental]])","v":117505.69643835614},{"$f":"(Table_Provincial_GTAC3536[[#This Row],[Adj.AnnualRental]]*(1+$I388)^(2))","v":405386.9414009999},{"$f":"(Table_Provincial_GTAC3536[[#This Row],[Adj.AnnualRental]]*(1+$I388)^(3))","v":431737.09259206487},{"$f":"(Table_Provincial_GTAC3536[[#This Row],[Adj.AnnualRental]]*(1+$I388)^(4))","v":459800.00361054903},{"$f":"(Table_Provincial_GTAC3536[[#This Row],[Adj.AnnualRental]]*(1+$I388)^(5))","v":489687.00384523475},{"$f":"(Table_Provincial_GTAC3536[[#This Row],[Adj.AnnualRental]]*(1+$I388)^(6))","v":521516.65909517492},{"$f":"(Table_Provincial_GTAC3536[[#This Row],[Adj.AnnualRental]]*(1+$I388)^(7))","v":555415.24193636118}]
[577,{"$f":"VLOOKUP($A389,DATA2!$A$2:$S$607,2,FALSE)","v":"WC"},{"$f":"VLOOKUP($A389,DATA2!$A$2:$S$607,3,FALSE)","v":"Western Cape"},{"$f":"VLOOKUP($A389,DATA2!$A$2:$S$607,4,FALSE)","v":75.605115207373274},{"$f":"VLOOKUP($A389,DATA2!$A$2:$S$607,5,FALSE)","v":97.5},{"$f":"VLOOKUP($A389,DATA2!$A$2:$S$607,6,FALSE)","v":"VTSD"},{"$f":"VLOOKUP($A389,DATA2!$A$2:$S$607,7,FALSE)","v":217},{"$f":"VLOOKUP($A389,DATA2!$A$2:$S$607,8,FALSE)","v":true},{"$f":"VLOOKUP($A389,DATA2!$A$2:$S$607,9,FALSE)","v":7.0000000000000007E-2},2100,{"$f":"VLOOKUP($A389,DATA2!$A$2:$S$607,10,FALSE)","v":16406.310000000001},{"$f":"VLOOKUP($A389,DATA2!$A$2:$S$607,11,FALSE)","v":196875.72},{"$f":"VLOOKUP($A389,DATA2!$A$2:$S$607,12,FALSE)","v":"2016-05-01"},{"$f":"VLOOKUP($A389,DATA2!$A$2:$S$607,13,FALSE)","v":"2019-04-30"},{"$f":"VLOOKUP($A389,DATA2!$A$2:$S$607,14,FALSE)","v":"No"},{"$f":"IF(MATRIX2!D389=1,($Y$8-$X$2)/365*Table_Provincial_GTAC3536[[#This Row],[Adj.AnnualRental]]*MATRIX2!D389,($Y$8-$X$2)/365*Table_Provincial_GTAC3536[[#This Row],[Adj.AnnualRental]])","v":64726.264109589036},{"$f":"(Table_Provincial_GTAC3536[[#This Row],[Adj.AnnualRental]]*(1+$I389)^(2))","v":225403.01182800002},{"$f":"(Table_Provincial_GTAC3536[[#This Row],[Adj.AnnualRental]]*(1+$I389)^(3))","v":241181.22265596001},{"$f":"(Table_Provincial_GTAC3536[[#This Row],[Adj.AnnualRental]]*(1+$I389)^(4))","v":258063.90824187722},{"$f":"(Table_Provincial_GTAC3536[[#This Row],[Adj.AnnualRental]]*(1+$I389)^(5))","v":276128.38181880862},{"$f":"(Table_Provincial_GTAC3536[[#This Row],[Adj.AnnualRental]]*(1+$I389)^(6))","v":295457.36854612525},{"$f":"(Table_Provincial_GTAC3536[[#This Row],[Adj.AnnualRental]]*(1+$I389)^(7))","v":316139.38434435398}]
[578,{"$f":"VLOOKUP($A390,DATA2!$A$2:$S$607,2,FALSE)","v":"WC"},{"$f":"VLOOKUP($A390,DATA2!$A$2:$S$607,3,FALSE)","v":"Western Cape"},{"$f":"VLOOKUP($A390,DATA2!$A$2:$S$607,4,FALSE)","v":71.346610169491527},{"$f":"VLOOKUP($A390,DATA2!$A$2:$S$607,5,FALSE)","v":97.5},{"$f":"VLOOKUP($A390,DATA2!$A$2:$S$607,6,FALSE)","v":"VTSD"},{"$f":"VLOOKUP($A390,DATA2!$A$2:$S$607,7,FALSE)","v":295},{"$f":"VLOOKUP($A390,DATA2!$A$2:$S$607,8,FALSE)","v":true},{"$f":"VLOOKUP($A390,DATA2!$A$2:$S$607,9,FALSE)","v":5.5E-2},4278.16,{"$f":"VLOOKUP($A390,DATA2!$A$2:$S$607,10,FALSE)","v":21047.25},{"$f":"VLOOKUP($A390,DATA2!$A$2:$S$607,11,FALSE)","v":252567},{"$f":"VLOOKUP($A390,DATA2!$A$2:$S$607,12,FALSE)","v":"2016-07-01"},{"$f":"VLOOKUP($A390,DATA2!$A$2:$S$607,13,FALSE)","v":"2019-06-30"},{"$f":"VLOOKUP($A390,DATA2!$A$2:$S$607,14,FALSE)","v":"No"},{"$f":"IF(MATRIX2!D390=1,($Y$8-$X$2)/365*Table_Provincial_GTAC3536[[#This Row],[Adj.AnnualRental]]*MATRIX2!D390,($Y$8-$X$2)/365*Table_Provincial_GTAC3536[[#This Row],[Adj.AnnualRental]])","v":83035.72602739725},{"$f":"(Table_Provincial_GTAC3536[[#This Row],[Adj.AnnualRental]]*(1+$I390)^(2))","v":281113.385175},{"$f":"(Table_Provincial_GTAC3536[[#This Row],[Adj.AnnualRental]]*(1+$I390)^(3))","v":296574.62135962496},{"$f":"(Table_Provincial_GTAC3536[[#This Row],[Adj.AnnualRental]]*(1+$I390)^(4))","v":312886.22553440434},{"$f":"(Table_Provincial_GTAC3536[[#This Row],[Adj.AnnualRental]]*(1+$I390)^(5))","v":330094.96793879656},{"$f":"(Table_Provincial_GTAC3536[[#This Row],[Adj.AnnualRental]]*(1+$I390)^(6))","v":348250.19117543037},{"$f":"(Table_Provincial_GTAC3536[[#This Row],[Adj.AnnualRental]]*(1+$I390)^(7))","v":367403.951690079}]
[579,{"$f":"VLOOKUP($A391,DATA2!$A$2:$S$607,2,FALSE)","v":"WC"},{"$f":"VLOOKUP($A391,DATA2!$A$2:$S$607,3,FALSE)","v":"Western Cape"},{"$f":"VLOOKUP($A391,DATA2!$A$2:$S$607,4,FALSE)","v":80.027755102040814},{"$f":"VLOOKUP($A391,DATA2!$A$2:$S$607,5,FALSE)","v":87.5},{"$f":"VLOOKUP($A391,DATA2!$A$2:$S$607,6,FALSE)","v":"VTSD"},{"$f":"VLOOKUP($A391,DATA2!$A$2:$S$607,7,FALSE)","v":24.5},{"$f":"VLOOKUP($A391,DATA2!$A$2:$S$607,8,FALSE)","v":true},{"$f":"VLOOKUP($A391,DATA2!$A$2:$S$607,9,FALSE)","v":0.08},11960.24,{"$f":"VLOOKUP($A391,DATA2!$A$2:$S$607,10,FALSE)","v":1960.68},{"$f":"VLOOKUP($A391,DATA2!$A$2:$S$607,11,FALSE)","v":23528.16},{"$f":"VLOOKUP($A391,DATA2!$A$2:$S$607,12,FALSE)","v":"2016-04-01"},{"$f":"VLOOKUP($A391,DATA2!$A$2:$S$607,13,FALSE)","v":"2019-03-31"},{"$f":"VLOOKUP($A391,DATA2!$A$2:$S$607,14,FALSE)","v":"No"},{"$f":"IF(MATRIX2!D391=1,($Y$8-$X$2)/365*Table_Provincial_GTAC3536[[#This Row],[Adj.AnnualRental]]*MATRIX2!D391,($Y$8-$X$2)/365*Table_Provincial_GTAC3536[[#This Row],[Adj.AnnualRental]])","v":7735.2854794520545},{"$f":"(Table_Provincial_GTAC3536[[#This Row],[Adj.AnnualRental]]*(1+$I391)^(2))","v":27443.245824000001},{"$f":"(Table_Provincial_GTAC3536[[#This Row],[Adj.AnnualRental]]*(1+$I391)^(3))","v":29638.705489920005},{"$f":"(Table_Provincial_GTAC3536[[#This Row],[Adj.AnnualRental]]*(1+$I391)^(4))","v":32009.801929113608},{"$f":"(Table_Provincial_GTAC3536[[#This Row],[Adj.AnnualRental]]*(1+$I391)^(5))","v":34570.586083442693},{"$f":"(Table_Provincial_GTAC3536[[#This Row],[Adj.AnnualRental]]*(1+$I391)^(6))","v":37336.232970118115},{"$f":"(Table_Provincial_GTAC3536[[#This Row],[Adj.AnnualRental]]*(1+$I391)^(7))","v":40323.13160772757}]
[580,{"$f":"VLOOKUP($A392,DATA2!$A$2:$S$607,2,FALSE)","v":"WC"},{"$f":"VLOOKUP($A392,DATA2!$A$2:$S$607,3,FALSE)","v":"Western Cape"},{"$f":"VLOOKUP($A392,DATA2!$A$2:$S$607,4,FALSE)","v":31.560125000000003},{"$f":"VLOOKUP($A392,DATA2!$A$2:$S$607,5,FALSE)","v":87.5},{"$f":"VLOOKUP($A392,DATA2!$A$2:$S$607,6,FALSE)","v":"VTSD"},{"$f":"VLOOKUP($A392,DATA2!$A$2:$S$607,7,FALSE)","v":240},{"$f":"VLOOKUP($A392,DATA2!$A$2:$S$607,8,FALSE)","v":true},{"$f":"VLOOKUP($A392,DATA2!$A$2:$S$607,9,FALSE)","v":0.08},1226.75,{"$f":"VLOOKUP($A392,DATA2!$A$2:$S$607,10,FALSE)","v":7574.43},{"$f":"VLOOKUP($A392,DATA2!$A$2:$S$607,11,FALSE)","v":90893.16},{"$f":"VLOOKUP($A392,DATA2!$A$2:$S$607,12,FALSE)","v":"2017-04-01"},{"$f":"VLOOKUP($A392,DATA2!$A$2:$S$607,13,FALSE)","v":"2020-03-31"},{"$f":"VLOOKUP($A392,DATA2!$A$2:$S$607,14,FALSE)","v":"No"},{"$f":"IF(MATRIX2!D392=1,($Y$8-$X$2)/365*Table_Provincial_GTAC3536[[#This Row],[Adj.AnnualRental]]*MATRIX2!D392,($Y$8-$X$2)/365*Table_Provincial_GTAC3536[[#This Row],[Adj.AnnualRental]])","v":29882.682739726028},{"$f":"(Table_Provincial_GTAC3536[[#This Row],[Adj.AnnualRental]]*(1+$I392)^(2))","v":106017.78182400002},{"$f":"(Table_Provincial_GTAC3536[[#This Row],[Adj.AnnualRental]]*(1+$I392)^(3))","v":114499.20436992001},{"$f":"(Table_Provincial_GTAC3536[[#This Row],[Adj.AnnualRental]]*(1+$I392)^(4))","v":123659.14071951363},{"$f":"(Table_Provincial_GTAC3536[[#This Row],[Adj.AnnualRental]]*(1+$I392)^(5))","v":133551.87197707471},{"$f":"(Table_Provincial_GTAC3536[[#This Row],[Adj.AnnualRental]]*(1+$I392)^(6))","v":144236.02173524071},{"$f":"(Table_Provincial_GTAC3536[[#This Row],[Adj.AnnualRental]]*(1+$I392)^(7))","v":155774.90347405997}]
[581,{"$f":"VLOOKUP($A393,DATA2!$A$2:$S$607,2,FALSE)","v":"WC"},{"$f":"VLOOKUP($A393,DATA2!$A$2:$S$607,3,FALSE)","v":"Western Cape"},{"$f":"VLOOKUP($A393,DATA2!$A$2:$S$607,4,FALSE)","v":55.276153846153846},{"$f":"VLOOKUP($A393,DATA2!$A$2:$S$607,5,FALSE)","v":90},{"$f":"VLOOKUP($A393,DATA2!$A$2:$S$607,6,FALSE)","v":"VTSD"},{"$f":"VLOOKUP($A393,DATA2!$A$2:$S$607,7,FALSE)","v":78},{"$f":"VLOOKUP($A393,DATA2!$A$2:$S$607,8,FALSE)","v":true},{"$f":"VLOOKUP($A393,DATA2!$A$2:$S$607,9,FALSE)","v":0.1},5833.1,{"$f":"VLOOKUP($A393,DATA2!$A$2:$S$607,10,FALSE)","v":4311.54},{"$f":"VLOOKUP($A393,DATA2!$A$2:$S$607,11,FALSE)","v":51738.48},{"$f":"VLOOKUP($A393,DATA2!$A$2:$S$607,12,FALSE)","v":"2011-06-01"},{"$f":"VLOOKUP($A393,DATA2!$A$2:$S$607,13,FALSE)","v":"2017-10-31"},{"$f":"VLOOKUP($A393,DATA2!$A$2:$S$607,14,FALSE)","v":"No"},{"$f":"IF(MATRIX2!D393=1,($Y$8-$X$2)/365*Table_Provincial_GTAC3536[[#This Row],[Adj.AnnualRental]]*MATRIX2!D393,($Y$8-$X$2)/365*Table_Provincial_GTAC3536[[#This Row],[Adj.AnnualRental]])","v":17009.911232876711},{"$f":"(Table_Provincial_GTAC3536[[#This Row],[Adj.AnnualRental]]*(1+$I393)^(2))","v":62603.560800000014},{"$f":"(Table_Provincial_GTAC3536[[#This Row],[Adj.AnnualRental]]*(1+$I393)^(3))","v":68863.916880000019},{"$f":"(Table_Provincial_GTAC3536[[#This Row],[Adj.AnnualRental]]*(1+$I393)^(4))","v":75750.308568000022},{"$f":"(Table_Provincial_GTAC3536[[#This Row],[Adj.AnnualRental]]*(1+$I393)^(5))","v":83325.33942480004},{"$f":"(Table_Provincial_GTAC3536[[#This Row],[Adj.AnnualRental]]*(1+$I393)^(6))","v":91657.873367280044},{"$f":"(Table_Provincial_GTAC3536[[#This Row],[Adj.AnnualRental]]*(1+$I393)^(7))","v":100823.66070400807}]
[582,{"$f":"VLOOKUP($A394,DATA2!$A$2:$S$607,2,FALSE)","v":"WC"},{"$f":"VLOOKUP($A394,DATA2!$A$2:$S$607,3,FALSE)","v":"Western Cape"},{"$f":"VLOOKUP($A394,DATA2!$A$2:$S$607,4,FALSE)","v":84.658262711864396},{"$f":"VLOOKUP($A394,DATA2!$A$2:$S$607,5,FALSE)","v":87.5},{"$f":"VLOOKUP($A394,DATA2!$A$2:$S$607,6,FALSE)","v":"VTSD"},{"$f":"VLOOKUP($A394,DATA2!$A$2:$S$607,7,FALSE)","v":472},{"$f":"VLOOKUP($A394,DATA2!$A$2:$S$607,8,FALSE)","v":true},{"$f":"VLOOKUP($A394,DATA2!$A$2:$S$607,9,FALSE)","v":0.08},31884.43,{"$f":"VLOOKUP($A394,DATA2!$A$2:$S$607,10,FALSE)","v":39958.699999999997},{"$f":"VLOOKUP($A394,DATA2!$A$2:$S$607,11,FALSE)","v":479504.4},{"$f":"VLOOKUP($A394,DATA2!$A$2:$S$607,12,FALSE)","v":"2011-03-01"},{"$f":"VLOOKUP($A394,DATA2!$A$2:$S$607,13,FALSE)","v":"2018-04-30"},{"$f":"VLOOKUP($A394,DATA2!$A$2:$S$607,14,FALSE)","v":"No"},{"$f":"IF(MATRIX2!D394=1,($Y$8-$X$2)/365*Table_Provincial_GTAC3536[[#This Row],[Adj.AnnualRental]]*MATRIX2!D394,($Y$8-$X$2)/365*Table_Provincial_GTAC3536[[#This Row],[Adj.AnnualRental]])","v":157645.28219178083},{"$f":"(Table_Provincial_GTAC3536[[#This Row],[Adj.AnnualRental]]*(1+$I394)^(2))","v":559293.93216000008},{"$f":"(Table_Provincial_GTAC3536[[#This Row],[Adj.AnnualRental]]*(1+$I394)^(3))","v":604037.4467328001},{"$f":"(Table_Provincial_GTAC3536[[#This Row],[Adj.AnnualRental]]*(1+$I394)^(4))","v":652360.44247142423},{"$f":"(Table_Provincial_GTAC3536[[#This Row],[Adj.AnnualRental]]*(1+$I394)^(5))","v":704549.27786913817},{"$f":"(Table_Provincial_GTAC3536[[#This Row],[Adj.AnnualRental]]*(1+$I394)^(6))","v":760913.22009866929},{"$f":"(Table_Provincial_GTAC3536[[#This Row],[Adj.AnnualRental]]*(1+$I394)^(7))","v":821786.27770656277}]
[583,{"$f":"VLOOKUP($A395,DATA2!$A$2:$S$607,2,FALSE)","v":"WC"},{"$f":"VLOOKUP($A395,DATA2!$A$2:$S$607,3,FALSE)","v":"Western Cape"},{"$f":"VLOOKUP($A395,DATA2!$A$2:$S$607,4,FALSE)","v":40.692814710042434},{"$f":"VLOOKUP($A395,DATA2!$A$2:$S$607,5,FALSE)","v":67.5},{"$f":"VLOOKUP($A395,DATA2!$A$2:$S$607,6,FALSE)","v":"VTSD"},{"$f":"VLOOKUP($A395,DATA2!$A$2:$S$607,7,FALSE)","v":707},{"$f":"VLOOKUP($A395,DATA2!$A$2:$S$607,8,FALSE)","v":true},{"$f":"VLOOKUP($A395,DATA2!$A$2:$S$607,9,FALSE)","v":0.1},16406.310000000001,{"$f":"VLOOKUP($A395,DATA2!$A$2:$S$607,10,FALSE)","v":28769.82},{"$f":"VLOOKUP($A395,DATA2!$A$2:$S$607,11,FALSE)","v":345237.84},{"$f":"VLOOKUP($A395,DATA2!$A$2:$S$607,12,FALSE)","v":"2017-04-01"},{"$f":"VLOOKUP($A395,DATA2!$A$2:$S$607,13,FALSE)","v":"2022-03-31"},{"$f":"VLOOKUP($A395,DATA2!$A$2:$S$607,14,FALSE)","v":"No"},{"$f":"IF(MATRIX2!D395=1,($Y$8-$X$2)/365*Table_Provincial_GTAC3536[[#This Row],[Adj.AnnualRental]]*MATRIX2!D395,($Y$8-$X$2)/365*Table_Provincial_GTAC3536[[#This Row],[Adj.AnnualRental]])","v":113502.85150684931},{"$f":"(Table_Provincial_GTAC3536[[#This Row],[Adj.AnnualRental]]*(1+$I395)^(2))","v":417737.7864000001},{"$f":"(Table_Provincial_GTAC3536[[#This Row],[Adj.AnnualRental]]*(1+$I395)^(3))","v":459511.56504000019},{"$f":"(Table_Provincial_GTAC3536[[#This Row],[Adj.AnnualRental]]*(1+$I395)^(4))","v":505462.7215440002},{"$f":"(Table_Provincial_GTAC3536[[#This Row],[Adj.AnnualRental]]*(1+$I395)^(5))","v":556008.99369840021},{"$f":"(Table_Provincial_GTAC3536[[#This Row],[Adj.AnnualRental]]*(1+$I395)^(6))","v":611609.89306824037},{"$f":"(Table_Provincial_GTAC3536[[#This Row],[Adj.AnnualRental]]*(1+$I395)^(7))","v":672770.88237506442}]
[584,{"$f":"VLOOKUP($A396,DATA2!$A$2:$S$607,2,FALSE)","v":"WC"},{"$f":"VLOOKUP($A396,DATA2!$A$2:$S$607,3,FALSE)","v":"Western Cape"},{"$f":"VLOOKUP($A396,DATA2!$A$2:$S$607,4,FALSE)","v":60.379844961240309},{"$f":"VLOOKUP($A396,DATA2!$A$2:$S$607,5,FALSE)","v":90},{"$f":"VLOOKUP($A396,DATA2!$A$2:$S$607,6,FALSE)","v":"VTSD"},{"$f":"VLOOKUP($A396,DATA2!$A$2:$S$607,7,FALSE)","v":258},{"$f":"VLOOKUP($A396,DATA2!$A$2:$S$607,8,FALSE)","v":true},{"$f":"VLOOKUP($A396,DATA2!$A$2:$S$607,9,FALSE)","v":7.4999999999999997E-2},21047.25,{"$f":"VLOOKUP($A396,DATA2!$A$2:$S$607,10,FALSE)","v":15578},{"$f":"VLOOKUP($A396,DATA2!$A$2:$S$607,11,FALSE)","v":186936},{"$f":"VLOOKUP($A396,DATA2!$A$2:$S$607,12,FALSE)","v":"2017-04-01"},{"$f":"VLOOKUP($A396,DATA2!$A$2:$S$607,13,FALSE)","v":"2020-03-31"},{"$f":"VLOOKUP($A396,DATA2!$A$2:$S$607,14,FALSE)","v":"No"},{"$f":"IF(MATRIX2!D396=1,($Y$8-$X$2)/365*Table_Provincial_GTAC3536[[#This Row],[Adj.AnnualRental]]*MATRIX2!D396,($Y$8-$X$2)/365*Table_Provincial_GTAC3536[[#This Row],[Adj.AnnualRental]])","v":61458.410958904104},{"$f":"(Table_Provincial_GTAC3536[[#This Row],[Adj.AnnualRental]]*(1+$I396)^(2))","v":216027.91499999998},{"$f":"(Table_Provincial_GTAC3536[[#This Row],[Adj.AnnualRental]]*(1+$I396)^(3))","v":232230.00862499996},{"$f":"(Table_Provincial_GTAC3536[[#This Row],[Adj.AnnualRental]]*(1+$I396)^(4))","v":249647.25927187497},{"$f":"(Table_Provincial_GTAC3536[[#This Row],[Adj.AnnualRental]]*(1+$I396)^(5))","v":268370.8037172656},{"$f":"(Table_Provincial_GTAC3536[[#This Row],[Adj.AnnualRental]]*(1+$I396)^(6))","v":288498.61399606051},{"$f":"(Table_Provincial_GTAC3536[[#This Row],[Adj.AnnualRental]]*(1+$I396)^(7))","v":310136.01004576503}]
[585,{"$f":"VLOOKUP($A397,DATA2!$A$2:$S$607,2,FALSE)","v":"WC"},{"$f":"VLOOKUP($A397,DATA2!$A$2:$S$607,3,FALSE)","v":"Western Cape"},{"$f":"VLOOKUP($A397,DATA2!$A$2:$S$607,4,FALSE)","v":109.91063665473723},{"$f":"VLOOKUP($A397,DATA2!$A$2:$S$607,5,FALSE)","v":97.5},{"$f":"VLOOKUP($A397,DATA2!$A$2:$S$607,6,FALSE)","v":"CBD"},{"$f":"VLOOKUP($A397,DATA2!$A$2:$S$607,7,FALSE)","v":5309},{"$f":"VLOOKUP($A397,DATA2!$A$2:$S$607,8,FALSE)","v":true},{"$f":"VLOOKUP($A397,DATA2!$A$2:$S$607,9,FALSE)","v":5.5E-2},1960.68,{"$f":"VLOOKUP($A397,DATA2!$A$2:$S$607,10,FALSE)","v":583515.56999999995},{"$f":"VLOOKUP($A397,DATA2!$A$2:$S$607,11,FALSE)","v":7002186.8399999999},{"$f":"VLOOKUP($A397,DATA2!$A$2:$S$607,12,FALSE)","v":"2015-12-01"},{"$f":"VLOOKUP($A397,DATA2!$A$2:$S$607,13,FALSE)","v":"2020-11-30"},{"$f":"VLOOKUP($A397,DATA2!$A$2:$S$607,14,FALSE)","v":"No"},{"$f":"IF(MATRIX2!D397=1,($Y$8-$X$2)/365*Table_Provincial_GTAC3536[[#This Row],[Adj.AnnualRental]]*MATRIX2!D397,($Y$8-$X$2)/365*Table_Provincial_GTAC3536[[#This Row],[Adj.AnnualRental]])","v":2302088.8241095887},{"$f":"(Table_Provincial_GTAC3536[[#This Row],[Adj.AnnualRental]]*(1+$I397)^(2))","v":7793609.0075909989},{"$f":"(Table_Provincial_GTAC3536[[#This Row],[Adj.AnnualRental]]*(1+$I397)^(3))","v":8222257.5030085035},{"$f":"(Table_Provincial_GTAC3536[[#This Row],[Adj.AnnualRental]]*(1+$I397)^(4))","v":8674481.6656739712},{"$f":"(Table_Provincial_GTAC3536[[#This Row],[Adj.AnnualRental]]*(1+$I397)^(5))","v":9151578.1572860386},{"$f":"(Table_Provincial_GTAC3536[[#This Row],[Adj.AnnualRental]]*(1+$I397)^(6))","v":9654914.9559367709},{"$f":"(Table_Provincial_GTAC3536[[#This Row],[Adj.AnnualRental]]*(1+$I397)^(7))","v":10185935.278513292}]
[586,{"$f":"VLOOKUP($A398,DATA2!$A$2:$S$607,2,FALSE)","v":"WC"},{"$f":"VLOOKUP($A398,DATA2!$A$2:$S$607,3,FALSE)","v":"Western Cape"},{"$f":"VLOOKUP($A398,DATA2!$A$2:$S$607,4,FALSE)","v":44.112827225130893},{"$f":"VLOOKUP($A398,DATA2!$A$2:$S$607,5,FALSE)","v":90},{"$f":"VLOOKUP($A398,DATA2!$A$2:$S$607,6,FALSE)","v":"VTSD"},{"$f":"VLOOKUP($A398,DATA2!$A$2:$S$607,7,FALSE)","v":573},{"$f":"VLOOKUP($A398,DATA2!$A$2:$S$607,8,FALSE)","v":true},{"$f":"VLOOKUP($A398,DATA2!$A$2:$S$607,9,FALSE)","v":5.5E-2},7574.43,{"$f":"VLOOKUP($A398,DATA2!$A$2:$S$607,10,FALSE)","v":25276.65},{"$f":"VLOOKUP($A398,DATA2!$A$2:$S$607,11,FALSE)","v":303319.8},{"$f":"VLOOKUP($A398,DATA2!$A$2:$S$607,12,FALSE)","v":"2011-09-01"},{"$f":"VLOOKUP($A398,DATA2!$A$2:$S$607,13,FALSE)","v":"2018-04-30"},{"$f":"VLOOKUP($A398,DATA2!$A$2:$S$607,14,FALSE)","v":"No"},{"$f":"IF(MATRIX2!D398=1,($Y$8-$X$2)/365*Table_Provincial_GTAC3536[[#This Row],[Adj.AnnualRental]]*MATRIX2!D398,($Y$8-$X$2)/365*Table_Provincial_GTAC3536[[#This Row],[Adj.AnnualRental]])","v":99721.578082191772},{"$f":"(Table_Provincial_GTAC3536[[#This Row],[Adj.AnnualRental]]*(1+$I398)^(2))","v":337602.52039499994},{"$f":"(Table_Provincial_GTAC3536[[#This Row],[Adj.AnnualRental]]*(1+$I398)^(3))","v":356170.65901672491},{"$f":"(Table_Provincial_GTAC3536[[#This Row],[Adj.AnnualRental]]*(1+$I398)^(4))","v":375760.04526264482},{"$f":"(Table_Provincial_GTAC3536[[#This Row],[Adj.AnnualRental]]*(1+$I398)^(5))","v":396426.84775209025},{"$f":"(Table_Provincial_GTAC3536[[#This Row],[Adj.AnnualRental]]*(1+$I398)^(6))","v":418230.32437845517},{"$f":"(Table_Provincial_GTAC3536[[#This Row],[Adj.AnnualRental]]*(1+$I398)^(7))","v":441232.99221927021}]
[588,{"$f":"VLOOKUP($A399,DATA2!$A$2:$S$607,2,FALSE)","v":"WC"},{"$f":"VLOOKUP($A399,DATA2!$A$2:$S$607,3,FALSE)","v":"Western Cape"},{"$f":"VLOOKUP($A399,DATA2!$A$2:$S$607,4,FALSE)","v":80.557627494456753},{"$f":"VLOOKUP($A399,DATA2!$A$2:$S$607,5,FALSE)","v":87.5},{"$f":"VLOOKUP($A399,DATA2!$A$2:$S$607,6,FALSE)","v":"VTSD"},{"$f":"VLOOKUP($A399,DATA2!$A$2:$S$607,7,FALSE)","v":902},{"$f":"VLOOKUP($A399,DATA2!$A$2:$S$607,8,FALSE)","v":true},{"$f":"VLOOKUP($A399,DATA2!$A$2:$S$607,9,FALSE)","v":0.1},4311.54,{"$f":"VLOOKUP($A399,DATA2!$A$2:$S$607,10,FALSE)","v":72662.98},{"$f":"VLOOKUP($A399,DATA2!$A$2:$S$607,11,FALSE)","v":871955.76},{"$f":"VLOOKUP($A399,DATA2!$A$2:$S$607,12,FALSE)","v":"2017-04-01"},{"$f":"VLOOKUP($A399,DATA2!$A$2:$S$607,13,FALSE)","v":"2022-03-31"},{"$f":"VLOOKUP($A399,DATA2!$A$2:$S$607,14,FALSE)","v":"No"},{"$f":"IF(MATRIX2!D399=1,($Y$8-$X$2)/365*Table_Provincial_GTAC3536[[#This Row],[Adj.AnnualRental]]*MATRIX2!D399,($Y$8-$X$2)/365*Table_Provincial_GTAC3536[[#This Row],[Adj.AnnualRental]])","v":286670.38684931508},{"$f":"(Table_Provincial_GTAC3536[[#This Row],[Adj.AnnualRental]]*(1+$I399)^(2))","v":1055066.4696000002},{"$f":"(Table_Provincial_GTAC3536[[#This Row],[Adj.AnnualRental]]*(1+$I399)^(3))","v":1160573.1165600005},{"$f":"(Table_Provincial_GTAC3536[[#This Row],[Adj.AnnualRental]]*(1+$I399)^(4))","v":1276630.4282160003},{"$f":"(Table_Provincial_GTAC3536[[#This Row],[Adj.AnnualRental]]*(1+$I399)^(5))","v":1404293.4710376004},{"$f":"(Table_Provincial_GTAC3536[[#This Row],[Adj.AnnualRental]]*(1+$I399)^(6))","v":1544722.8181413608},{"$f":"(Table_Provincial_GTAC3536[[#This Row],[Adj.AnnualRental]]*(1+$I399)^(7))","v":1699195.0999554971}]
[589,{"$f":"VLOOKUP($A400,DATA2!$A$2:$S$607,2,FALSE)","v":"WC"},{"$f":"VLOOKUP($A400,DATA2!$A$2:$S$607,3,FALSE)","v":"Western Cape"},{"$f":"VLOOKUP($A400,DATA2!$A$2:$S$607,4,FALSE)","v":142.03952481840193},{"$f":"VLOOKUP($A400,DATA2!$A$2:$S$607,5,FALSE)","v":97.5},{"$f":"VLOOKUP($A400,DATA2!$A$2:$S$607,6,FALSE)","v":"CBD"},{"$f":"VLOOKUP($A400,DATA2!$A$2:$S$607,7,FALSE)","v":6608},{"$f":"VLOOKUP($A400,DATA2!$A$2:$S$607,8,FALSE)","v":true},{"$f":"VLOOKUP($A400,DATA2!$A$2:$S$607,9,FALSE)","v":0.1},39958.699999999997,{"$f":"VLOOKUP($A400,DATA2!$A$2:$S$607,10,FALSE)","v":938597.18},{"$f":"VLOOKUP($A400,DATA2!$A$2:$S$607,11,FALSE)","v":11263166.16},{"$f":"VLOOKUP($A400,DATA2!$A$2:$S$607,12,FALSE)","v":"2010-10-01"},{"$f":"VLOOKUP($A400,DATA2!$A$2:$S$607,13,FALSE)","v":"2018-04-30"},{"$f":"VLOOKUP($A400,DATA2!$A$2:$S$607,14,FALSE)","v":"No"},{"$f":"IF(MATRIX2!D400=1,($Y$8-$X$2)/365*Table_Provincial_GTAC3536[[#This Row],[Adj.AnnualRental]]*MATRIX2!D400,($Y$8-$X$2)/365*Table_Provincial_GTAC3536[[#This Row],[Adj.AnnualRental]])","v":3702958.7375342464},{"$f":"(Table_Provincial_GTAC3536[[#This Row],[Adj.AnnualRental]]*(1+$I400)^(2))","v":13628431.053600002},{"$f":"(Table_Provincial_GTAC3536[[#This Row],[Adj.AnnualRental]]*(1+$I400)^(3))","v":14991274.158960005},{"$f":"(Table_Provincial_GTAC3536[[#This Row],[Adj.AnnualRental]]*(1+$I400)^(4))","v":16490401.574856006},{"$f":"(Table_Provincial_GTAC3536[[#This Row],[Adj.AnnualRental]]*(1+$I400)^(5))","v":18139441.732341606},{"$f":"(Table_Provincial_GTAC3536[[#This Row],[Adj.AnnualRental]]*(1+$I400)^(6))","v":19953385.905575771},{"$f":"(Table_Provincial_GTAC3536[[#This Row],[Adj.AnnualRental]]*(1+$I400)^(7))","v":21948724.49613335}]
[590,{"$f":"VLOOKUP($A401,DATA2!$A$2:$S$607,2,FALSE)","v":"WC"},{"$f":"VLOOKUP($A401,DATA2!$A$2:$S$607,3,FALSE)","v":"Western Cape"},{"$f":"VLOOKUP($A401,DATA2!$A$2:$S$607,4,FALSE)","v":39.9},{"$f":"VLOOKUP($A401,DATA2!$A$2:$S$607,5,FALSE)","v":90},{"$f":"VLOOKUP($A401,DATA2!$A$2:$S$607,6,FALSE)","v":"VTSD"},{"$f":"VLOOKUP($A401,DATA2!$A$2:$S$607,7,FALSE)","v":232},{"$f":"VLOOKUP($A401,DATA2!$A$2:$S$607,8,FALSE)","v":true},{"$f":"VLOOKUP($A401,DATA2!$A$2:$S$607,9,FALSE)","v":5.5E-2},28769.82,{"$f":"VLOOKUP($A401,DATA2!$A$2:$S$607,10,FALSE)","v":9256.7999999999993},{"$f":"VLOOKUP($A401,DATA2!$A$2:$S$607,11,FALSE)","v":111081.60000000001},{"$f":"VLOOKUP($A401,DATA2!$A$2:$S$607,12,FALSE)","v":"2016-05-01"},{"$f":"VLOOKUP($A401,DATA2!$A$2:$S$607,13,FALSE)","v":"2019-04-30"},{"$f":"VLOOKUP($A401,DATA2!$A$2:$S$607,14,FALSE)","v":"No"},{"$f":"IF(MATRIX2!D401=1,($Y$8-$X$2)/365*Table_Provincial_GTAC3536[[#This Row],[Adj.AnnualRental]]*MATRIX2!D401,($Y$8-$X$2)/365*Table_Provincial_GTAC3536[[#This Row],[Adj.AnnualRental]])","v":36519.978082191781},{"$f":"(Table_Provincial_GTAC3536[[#This Row],[Adj.AnnualRental]]*(1+$I401)^(2))","v":123636.59784},{"$f":"(Table_Provincial_GTAC3536[[#This Row],[Adj.AnnualRental]]*(1+$I401)^(3))","v":130436.61072119999},{"$f":"(Table_Provincial_GTAC3536[[#This Row],[Adj.AnnualRental]]*(1+$I401)^(4))","v":137610.624310866},{"$f":"(Table_Provincial_GTAC3536[[#This Row],[Adj.AnnualRental]]*(1+$I401)^(5))","v":145179.20864796359},{"$f":"(Table_Provincial_GTAC3536[[#This Row],[Adj.AnnualRental]]*(1+$I401)^(6))","v":153164.06512360161},{"$f":"(Table_Provincial_GTAC3536[[#This Row],[Adj.AnnualRental]]*(1+$I401)^(7))","v":161588.08870539968}]
[591,{"$f":"VLOOKUP($A402,DATA2!$A$2:$S$607,2,FALSE)","v":"WC"},{"$f":"VLOOKUP($A402,DATA2!$A$2:$S$607,3,FALSE)","v":"Western Cape"},{"$f":"VLOOKUP($A402,DATA2!$A$2:$S$607,4,FALSE)","v":82.080013951866064},{"$f":"VLOOKUP($A402,DATA2!$A$2:$S$607,5,FALSE)","v":90},{"$f":"VLOOKUP($A402,DATA2!$A$2:$S$607,6,FALSE)","v":"VTSD"},{"$f":"VLOOKUP($A402,DATA2!$A$2:$S$607,7,FALSE)","v":286.7},{"$f":"VLOOKUP($A402,DATA2!$A$2:$S$607,8,FALSE)","v":true},{"$f":"VLOOKUP($A402,DATA2!$A$2:$S$607,9,FALSE)","v":5.5E-2},15578,{"$f":"VLOOKUP($A402,DATA2!$A$2:$S$607,10,FALSE)","v":23532.34},{"$f":"VLOOKUP($A402,DATA2!$A$2:$S$607,11,FALSE)","v":282388.08},{"$f":"VLOOKUP($A402,DATA2!$A$2:$S$607,12,FALSE)","v":"2017-04-01"},{"$f":"VLOOKUP($A402,DATA2!$A$2:$S$607,13,FALSE)","v":"2020-03-31"},{"$f":"VLOOKUP($A402,DATA2!$A$2:$S$607,14,FALSE)","v":"No"},{"$f":"IF(MATRIX2!D402=1,($Y$8-$X$2)/365*Table_Provincial_GTAC3536[[#This Row],[Adj.AnnualRental]]*MATRIX2!D402,($Y$8-$X$2)/365*Table_Provincial_GTAC3536[[#This Row],[Adj.AnnualRental]])","v":92839.916712328763},{"$f":"(Table_Provincial_GTAC3536[[#This Row],[Adj.AnnualRental]]*(1+$I402)^(2))","v":314304.99274199997},{"$f":"(Table_Provincial_GTAC3536[[#This Row],[Adj.AnnualRental]]*(1+$I402)^(3))","v":331591.76734280994},{"$f":"(Table_Provincial_GTAC3536[[#This Row],[Adj.AnnualRental]]*(1+$I402)^(4))","v":349829.31454666454},{"$f":"(Table_Provincial_GTAC3536[[#This Row],[Adj.AnnualRental]]*(1+$I402)^(5))","v":369069.92684673105},{"$f":"(Table_Provincial_GTAC3536[[#This Row],[Adj.AnnualRental]]*(1+$I402)^(6))","v":389368.77282330126},{"$f":"(Table_Provincial_GTAC3536[[#This Row],[Adj.AnnualRental]]*(1+$I402)^(7))","v":410784.05532858276}]
[592,{"$f":"VLOOKUP($A403,DATA2!$A$2:$S$607,2,FALSE)","v":"WC"},{"$f":"VLOOKUP($A403,DATA2!$A$2:$S$607,3,FALSE)","v":"Western Cape"},{"$f":"VLOOKUP($A403,DATA2!$A$2:$S$607,4,FALSE)","v":57.062170329670323},{"$f":"VLOOKUP($A403,DATA2!$A$2:$S$607,5,FALSE)","v":87.5},{"$f":"VLOOKUP($A403,DATA2!$A$2:$S$607,6,FALSE)","v":"VTSD"},{"$f":"VLOOKUP($A403,DATA2!$A$2:$S$607,7,FALSE)","v":1820},{"$f":"VLOOKUP($A403,DATA2!$A$2:$S$607,8,FALSE)","v":true},{"$f":"VLOOKUP($A403,DATA2!$A$2:$S$607,9,FALSE)","v":5.5E-2},688065.57,{"$f":"VLOOKUP($A403,DATA2!$A$2:$S$607,10,FALSE)","v":103853.15},{"$f":"VLOOKUP($A403,DATA2!$A$2:$S$607,11,FALSE)","v":1246237.8},{"$f":"VLOOKUP($A403,DATA2!$A$2:$S$607,12,FALSE)","v":"2016-04-01"},{"$f":"VLOOKUP($A403,DATA2!$A$2:$S$607,13,FALSE)","v":"2021-03-31"},{"$f":"VLOOKUP($A403,DATA2!$A$2:$S$607,14,FALSE)","v":"No"},{"$f":"IF(MATRIX2!D403=1,($Y$8-$X$2)/365*Table_Provincial_GTAC3536[[#This Row],[Adj.AnnualRental]]*MATRIX2!D403,($Y$8-$X$2)/365*Table_Provincial_GTAC3536[[#This Row],[Adj.AnnualRental]])","v":409722.01643835614},{"$f":"(Table_Provincial_GTAC3536[[#This Row],[Adj.AnnualRental]]*(1+$I403)^(2))","v":1387093.8273449999},{"$f":"(Table_Provincial_GTAC3536[[#This Row],[Adj.AnnualRental]]*(1+$I403)^(3))","v":1463383.9878489748},{"$f":"(Table_Provincial_GTAC3536[[#This Row],[Adj.AnnualRental]]*(1+$I403)^(4))","v":1543870.1071806685},{"$f":"(Table_Provincial_GTAC3536[[#This Row],[Adj.AnnualRental]]*(1+$I403)^(5))","v":1628782.963075605},{"$f":"(Table_Provincial_GTAC3536[[#This Row],[Adj.AnnualRental]]*(1+$I403)^(6))","v":1718366.0260447634},{"$f":"(Table_Provincial_GTAC3536[[#This Row],[Adj.AnnualRental]]*(1+$I403)^(7))","v":1812876.1574772252}]
[593,{"$f":"VLOOKUP($A404,DATA2!$A$2:$S$607,2,FALSE)","v":"WC"},{"$f":"VLOOKUP($A404,DATA2!$A$2:$S$607,3,FALSE)","v":"Western Cape"},{"$f":"VLOOKUP($A404,DATA2!$A$2:$S$607,4,FALSE)","v":104.16749999999999},{"$f":"VLOOKUP($A404,DATA2!$A$2:$S$607,5,FALSE)","v":87.5},{"$f":"VLOOKUP($A404,DATA2!$A$2:$S$607,6,FALSE)","v":"VTSD"},{"$f":"VLOOKUP($A404,DATA2!$A$2:$S$607,7,FALSE)","v":220},{"$f":"VLOOKUP($A404,DATA2!$A$2:$S$607,8,FALSE)","v":true},{"$f":"VLOOKUP($A404,DATA2!$A$2:$S$607,9,FALSE)","v":7.4999999999999997E-2},25276.65,{"$f":"VLOOKUP($A404,DATA2!$A$2:$S$607,10,FALSE)","v":22916.85},{"$f":"VLOOKUP($A404,DATA2!$A$2:$S$607,11,FALSE)","v":275002.2},{"$f":"VLOOKUP($A404,DATA2!$A$2:$S$607,12,FALSE)","v":"2016-04-01"},{"$f":"VLOOKUP($A404,DATA2!$A$2:$S$607,13,FALSE)","v":"2021-03-31"},{"$f":"VLOOKUP($A404,DATA2!$A$2:$S$607,14,FALSE)","v":"No"},{"$f":"IF(MATRIX2!D404=1,($Y$8-$X$2)/365*Table_Provincial_GTAC3536[[#This Row],[Adj.AnnualRental]]*MATRIX2!D404,($Y$8-$X$2)/365*Table_Provincial_GTAC3536[[#This Row],[Adj.AnnualRental]])","v":90411.682191780827},{"$f":"(Table_Provincial_GTAC3536[[#This Row],[Adj.AnnualRental]]*(1+$I404)^(2))","v":317799.41737499996},{"$f":"(Table_Provincial_GTAC3536[[#This Row],[Adj.AnnualRental]]*(1+$I404)^(3))","v":341634.37367812498},{"$f":"(Table_Provincial_GTAC3536[[#This Row],[Adj.AnnualRental]]*(1+$I404)^(4))","v":367256.95170398435},{"$f":"(Table_Provincial_GTAC3536[[#This Row],[Adj.AnnualRental]]*(1+$I404)^(5))","v":394801.22308178322},{"$f":"(Table_Provincial_GTAC3536[[#This Row],[Adj.AnnualRental]]*(1+$I404)^(6))","v":424411.31481291685},{"$f":"(Table_Provincial_GTAC3536[[#This Row],[Adj.AnnualRental]]*(1+$I404)^(7))","v":456242.16342388565}]
[594,{"$f":"VLOOKUP($A405,DATA2!$A$2:$S$607,2,FALSE)","v":"WC"},{"$f":"VLOOKUP($A405,DATA2!$A$2:$S$607,3,FALSE)","v":"Western Cape"},{"$f":"VLOOKUP($A405,DATA2!$A$2:$S$607,4,FALSE)","v":93.057600000000008},{"$f":"VLOOKUP($A405,DATA2!$A$2:$S$607,5,FALSE)","v":90},{"$f":"VLOOKUP($A405,DATA2!$A$2:$S$607,6,FALSE)","v":"VTSD"},{"$f":"VLOOKUP($A405,DATA2!$A$2:$S$607,7,FALSE)","v":25},{"$f":"VLOOKUP($A405,DATA2!$A$2:$S$607,8,FALSE)","v":true},{"$f":"VLOOKUP($A405,DATA2!$A$2:$S$607,9,FALSE)","v":0.08},72662.98,{"$f":"VLOOKUP($A405,DATA2!$A$2:$S$607,10,FALSE)","v":2326.44},{"$f":"VLOOKUP($A405,DATA2!$A$2:$S$607,11,FALSE)","v":27917.279999999999},{"$f":"VLOOKUP($A405,DATA2!$A$2:$S$607,12,FALSE)","v":"2013-06-01"},{"$f":"VLOOKUP($A405,DATA2!$A$2:$S$607,13,FALSE)","v":"2018-05-31"},{"$f":"VLOOKUP($A405,DATA2!$A$2:$S$607,14,FALSE)","v":"No"},{"$f":"IF(MATRIX2!D405=1,($Y$8-$X$2)/365*Table_Provincial_GTAC3536[[#This Row],[Adj.AnnualRental]]*MATRIX2!D405,($Y$8-$X$2)/365*Table_Provincial_GTAC3536[[#This Row],[Adj.AnnualRental]])","v":9178.2838356164375},{"$f":"(Table_Provincial_GTAC3536[[#This Row],[Adj.AnnualRental]]*(1+$I405)^(2))","v":32562.715392000002},{"$f":"(Table_Provincial_GTAC3536[[#This Row],[Adj.AnnualRental]]*(1+$I405)^(3))","v":35167.732623360003},{"$f":"(Table_Provincial_GTAC3536[[#This Row],[Adj.AnnualRental]]*(1+$I405)^(4))","v":37981.151233228804},{"$f":"(Table_Provincial_GTAC3536[[#This Row],[Adj.AnnualRental]]*(1+$I405)^(5))","v":41019.643331887113},{"$f":"(Table_Provincial_GTAC3536[[#This Row],[Adj.AnnualRental]]*(1+$I405)^(6))","v":44301.214798438086},{"$f":"(Table_Provincial_GTAC3536[[#This Row],[Adj.AnnualRental]]*(1+$I405)^(7))","v":47845.311982313135}]
[595,{"$f":"VLOOKUP($A406,DATA2!$A$2:$S$607,2,FALSE)","v":"WC"},{"$f":"VLOOKUP($A406,DATA2!$A$2:$S$607,3,FALSE)","v":"Western Cape"},{"$f":"VLOOKUP($A406,DATA2!$A$2:$S$607,4,FALSE)","v":83.753623188405797},{"$f":"VLOOKUP($A406,DATA2!$A$2:$S$607,5,FALSE)","v":87.5},{"$f":"VLOOKUP($A406,DATA2!$A$2:$S$607,6,FALSE)","v":"VTSD"},{"$f":"VLOOKUP($A406,DATA2!$A$2:$S$607,7,FALSE)","v":22.08},{"$f":"VLOOKUP($A406,DATA2!$A$2:$S$607,8,FALSE)","v":true},{"$f":"VLOOKUP($A406,DATA2!$A$2:$S$607,9,FALSE)","v":0.08},968117.18,{"$f":"VLOOKUP($A406,DATA2!$A$2:$S$607,10,FALSE)","v":1849.28},{"$f":"VLOOKUP($A406,DATA2!$A$2:$S$607,11,FALSE)","v":22191.360000000001},{"$f":"VLOOKUP($A406,DATA2!$A$2:$S$607,12,FALSE)","v":"2012-06-01"},{"$f":"VLOOKUP($A406,DATA2!$A$2:$S$607,13,FALSE)","v":"2018-04-30"},{"$f":"VLOOKUP($A406,DATA2!$A$2:$S$607,14,FALSE)","v":"No"},{"$f":"IF(MATRIX2!D406=1,($Y$8-$X$2)/365*Table_Provincial_GTAC3536[[#This Row],[Adj.AnnualRental]]*MATRIX2!D406,($Y$8-$X$2)/365*Table_Provincial_GTAC3536[[#This Row],[Adj.AnnualRental]])","v":7295.7895890410955},{"$f":"(Table_Provincial_GTAC3536[[#This Row],[Adj.AnnualRental]]*(1+$I406)^(2))","v":25884.002304000001},{"$f":"(Table_Provincial_GTAC3536[[#This Row],[Adj.AnnualRental]]*(1+$I406)^(3))","v":27954.722488320003},{"$f":"(Table_Provincial_GTAC3536[[#This Row],[Adj.AnnualRental]]*(1+$I406)^(4))","v":30191.100287385609},{"$f":"(Table_Provincial_GTAC3536[[#This Row],[Adj.AnnualRental]]*(1+$I406)^(5))","v":32606.388310376457},{"$f":"(Table_Provincial_GTAC3536[[#This Row],[Adj.AnnualRental]]*(1+$I406)^(6))","v":35214.89937520658},{"$f":"(Table_Provincial_GTAC3536[[#This Row],[Adj.AnnualRental]]*(1+$I406)^(7))","v":38032.091325223104}]
[596,{"$f":"VLOOKUP($A407,DATA2!$A$2:$S$607,2,FALSE)","v":"WC"},{"$f":"VLOOKUP($A407,DATA2!$A$2:$S$607,3,FALSE)","v":"Western Cape"},{"$f":"VLOOKUP($A407,DATA2!$A$2:$S$607,4,FALSE)","v":71.024547920434003},{"$f":"VLOOKUP($A407,DATA2!$A$2:$S$607,5,FALSE)","v":90},{"$f":"VLOOKUP($A407,DATA2!$A$2:$S$607,6,FALSE)","v":"VTSD"},{"$f":"VLOOKUP($A407,DATA2!$A$2:$S$607,7,FALSE)","v":221.2},{"$f":"VLOOKUP($A407,DATA2!$A$2:$S$607,8,FALSE)","v":true},{"$f":"VLOOKUP($A407,DATA2!$A$2:$S$607,9,FALSE)","v":0.08},9256.7999999999993,{"$f":"VLOOKUP($A407,DATA2!$A$2:$S$607,10,FALSE)","v":15710.63},{"$f":"VLOOKUP($A407,DATA2!$A$2:$S$607,11,FALSE)","v":188527.56},{"$f":"VLOOKUP($A407,DATA2!$A$2:$S$607,12,FALSE)","v":"2014-08-01"},{"$f":"VLOOKUP($A407,DATA2!$A$2:$S$607,13,FALSE)","v":"2018-04-30"},{"$f":"VLOOKUP($A407,DATA2!$A$2:$S$607,14,FALSE)","v":"No"},{"$f":"IF(MATRIX2!D407=1,($Y$8-$X$2)/365*Table_Provincial_GTAC3536[[#This Row],[Adj.AnnualRental]]*MATRIX2!D407,($Y$8-$X$2)/365*Table_Provincial_GTAC3536[[#This Row],[Adj.AnnualRental]])","v":61981.663561643829},{"$f":"(Table_Provincial_GTAC3536[[#This Row],[Adj.AnnualRental]]*(1+$I407)^(2))","v":219898.54598400003},{"$f":"(Table_Provincial_GTAC3536[[#This Row],[Adj.AnnualRental]]*(1+$I407)^(3))","v":237490.42966272004},{"$f":"(Table_Provincial_GTAC3536[[#This Row],[Adj.AnnualRental]]*(1+$I407)^(4))","v":256489.66403573766},{"$f":"(Table_Provincial_GTAC3536[[#This Row],[Adj.AnnualRental]]*(1+$I407)^(5))","v":277008.83715859667},{"$f":"(Table_Provincial_GTAC3536[[#This Row],[Adj.AnnualRental]]*(1+$I407)^(6))","v":299169.54413128446},{"$f":"(Table_Provincial_GTAC3536[[#This Row],[Adj.AnnualRental]]*(1+$I407)^(7))","v":323103.10766178719}]
[597,{"$f":"VLOOKUP($A408,DATA2!$A$2:$S$607,2,FALSE)","v":"WC"},{"$f":"VLOOKUP($A408,DATA2!$A$2:$S$607,3,FALSE)","v":"Western Cape"},{"$f":"VLOOKUP($A408,DATA2!$A$2:$S$607,4,FALSE)","v":243.88895645247612},{"$f":"VLOOKUP($A408,DATA2!$A$2:$S$607,5,FALSE)","v":97.5},{"$f":"VLOOKUP($A408,DATA2!$A$2:$S$607,6,FALSE)","v":"CBD"},{"$f":"VLOOKUP($A408,DATA2!$A$2:$S$607,7,FALSE)","v":3979.79},{"$f":"VLOOKUP($A408,DATA2!$A$2:$S$607,8,FALSE)","v":true},{"$f":"VLOOKUP($A408,DATA2!$A$2:$S$607,9,FALSE)","v":0.1},23532.34,{"$f":"VLOOKUP($A408,DATA2!$A$2:$S$607,10,FALSE)","v":970626.83},{"$f":"VLOOKUP($A408,DATA2!$A$2:$S$607,11,FALSE)","v":11647521.960000001},{"$f":"VLOOKUP($A408,DATA2!$A$2:$S$607,12,FALSE)","v":"2012-11-01"},{"$f":"VLOOKUP($A408,DATA2!$A$2:$S$607,13,FALSE)","v":"2018-04-30"},{"$f":"VLOOKUP($A408,DATA2!$A$2:$S$607,14,FALSE)","v":"No"},{"$f":"IF(MATRIX2!D408=1,($Y$8-$X$2)/365*Table_Provincial_GTAC3536[[#This Row],[Adj.AnnualRental]]*MATRIX2!D408,($Y$8-$X$2)/365*Table_Provincial_GTAC3536[[#This Row],[Adj.AnnualRental]])","v":3829322.2882191781},{"$f":"(Table_Provincial_GTAC3536[[#This Row],[Adj.AnnualRental]]*(1+$I408)^(2))","v":14093501.571600003},{"$f":"(Table_Provincial_GTAC3536[[#This Row],[Adj.AnnualRental]]*(1+$I408)^(3))","v":15502851.728760006},{"$f":"(Table_Provincial_GTAC3536[[#This Row],[Adj.AnnualRental]]*(1+$I408)^(4))","v":17053136.901636004},{"$f":"(Table_Provincial_GTAC3536[[#This Row],[Adj.AnnualRental]]*(1+$I408)^(5))","v":18758450.591799609},{"$f":"(Table_Provincial_GTAC3536[[#This Row],[Adj.AnnualRental]]*(1+$I408)^(6))","v":20634295.650979571},{"$f":"(Table_Provincial_GTAC3536[[#This Row],[Adj.AnnualRental]]*(1+$I408)^(7))","v":22697725.216077533}]
[598,{"$f":"VLOOKUP($A409,DATA2!$A$2:$S$607,2,FALSE)","v":"WC"},{"$f":"VLOOKUP($A409,DATA2!$A$2:$S$607,3,FALSE)","v":"Western Cape"},{"$f":"VLOOKUP($A409,DATA2!$A$2:$S$607,4,FALSE)","v":45.816600000000001},{"$f":"VLOOKUP($A409,DATA2!$A$2:$S$607,5,FALSE)","v":90},{"$f":"VLOOKUP($A409,DATA2!$A$2:$S$607,6,FALSE)","v":"VTSD"},{"$f":"VLOOKUP($A409,DATA2!$A$2:$S$607,7,FALSE)","v":150},{"$f":"VLOOKUP($A409,DATA2!$A$2:$S$607,8,FALSE)","v":true},{"$f":"VLOOKUP($A409,DATA2!$A$2:$S$607,9,FALSE)","v":7.0000000000000007E-2},103853.15,{"$f":"VLOOKUP($A409,DATA2!$A$2:$S$607,10,FALSE)","v":6872.49},{"$f":"VLOOKUP($A409,DATA2!$A$2:$S$607,11,FALSE)","v":82469.88},{"$f":"VLOOKUP($A409,DATA2!$A$2:$S$607,12,FALSE)","v":"2014-11-01"},{"$f":"VLOOKUP($A409,DATA2!$A$2:$S$607,13,FALSE)","v":"2018-03-31"},{"$f":"VLOOKUP($A409,DATA2!$A$2:$S$607,14,FALSE)","v":"No"},{"$f":"IF(MATRIX2!D409=1,($Y$8-$X$2)/365*Table_Provincial_GTAC3536[[#This Row],[Adj.AnnualRental]]*MATRIX2!D409,($Y$8-$X$2)/365*Table_Provincial_GTAC3536[[#This Row],[Adj.AnnualRental]])","v":27113.385205479452},{"$f":"(Table_Provincial_GTAC3536[[#This Row],[Adj.AnnualRental]]*(1+$I409)^(2))","v":94419.765612000003},{"$f":"(Table_Provincial_GTAC3536[[#This Row],[Adj.AnnualRental]]*(1+$I409)^(3))","v":101029.14920484001},{"$f":"(Table_Provincial_GTAC3536[[#This Row],[Adj.AnnualRental]]*(1+$I409)^(4))","v":108101.18964917881},{"$f":"(Table_Provincial_GTAC3536[[#This Row],[Adj.AnnualRental]]*(1+$I409)^(5))","v":115668.27292462134},{"$f":"(Table_Provincial_GTAC3536[[#This Row],[Adj.AnnualRental]]*(1+$I409)^(6))","v":123765.05202934482},{"$f":"(Table_Provincial_GTAC3536[[#This Row],[Adj.AnnualRental]]*(1+$I409)^(7))","v":132428.60567139895}]
[599,{"$f":"VLOOKUP($A410,DATA2!$A$2:$S$607,2,FALSE)","v":"WC"},{"$f":"VLOOKUP($A410,DATA2!$A$2:$S$607,3,FALSE)","v":"Western Cape"},{"$f":"VLOOKUP($A410,DATA2!$A$2:$S$607,4,FALSE)","v":44.583333333333336},{"$f":"VLOOKUP($A410,DATA2!$A$2:$S$607,5,FALSE)","v":87.5},{"$f":"VLOOKUP($A410,DATA2!$A$2:$S$607,6,FALSE)","v":"VTSD"},{"$f":"VLOOKUP($A410,DATA2!$A$2:$S$607,7,FALSE)","v":120},{"$f":"VLOOKUP($A410,DATA2!$A$2:$S$607,8,FALSE)","v":true},{"$f":"VLOOKUP($A410,DATA2!$A$2:$S$607,9,FALSE)","v":7.0000000000000007E-2},22916.85,{"$f":"VLOOKUP($A410,DATA2!$A$2:$S$607,10,FALSE)","v":5350},{"$f":"VLOOKUP($A410,DATA2!$A$2:$S$607,11,FALSE)","v":64200},{"$f":"VLOOKUP($A410,DATA2!$A$2:$S$607,12,FALSE)","v":"2017-02-01"},{"$f":"VLOOKUP($A410,DATA2!$A$2:$S$607,13,FALSE)","v":"2022-01-31"},{"$f":"VLOOKUP($A410,DATA2!$A$2:$S$607,14,FALSE)","v":"No"},{"$f":"IF(MATRIX2!D410=1,($Y$8-$X$2)/365*Table_Provincial_GTAC3536[[#This Row],[Adj.AnnualRental]]*MATRIX2!D410,($Y$8-$X$2)/365*Table_Provincial_GTAC3536[[#This Row],[Adj.AnnualRental]])","v":21106.849315068492},{"$f":"(Table_Provincial_GTAC3536[[#This Row],[Adj.AnnualRental]]*(1+$I410)^(2))","v":73502.58},{"$f":"(Table_Provincial_GTAC3536[[#This Row],[Adj.AnnualRental]]*(1+$I410)^(3))","v":78647.760600000009},{"$f":"(Table_Provincial_GTAC3536[[#This Row],[Adj.AnnualRental]]*(1+$I410)^(4))","v":84153.103841999997},{"$f":"(Table_Provincial_GTAC3536[[#This Row],[Adj.AnnualRental]]*(1+$I410)^(5))","v":90043.821110940014},{"$f":"(Table_Provincial_GTAC3536[[#This Row],[Adj.AnnualRental]]*(1+$I410)^(6))","v":96346.888588705799},{"$f":"(Table_Provincial_GTAC3536[[#This Row],[Adj.AnnualRental]]*(1+$I410)^(7))","v":103091.17078991521}]
[600,{"$f":"VLOOKUP($A411,DATA2!$A$2:$S$607,2,FALSE)","v":"WC"},{"$f":"VLOOKUP($A411,DATA2!$A$2:$S$607,3,FALSE)","v":"Western Cape"},{"$f":"VLOOKUP($A411,DATA2!$A$2:$S$607,4,FALSE)","v":119.80635844177512},{"$f":"VLOOKUP($A411,DATA2!$A$2:$S$607,5,FALSE)","v":97.5},{"$f":"VLOOKUP($A411,DATA2!$A$2:$S$607,6,FALSE)","v":"CBD"},{"$f":"VLOOKUP($A411,DATA2!$A$2:$S$607,7,FALSE)","v":959.04},{"$f":"VLOOKUP($A411,DATA2!$A$2:$S$607,8,FALSE)","v":true},{"$f":"VLOOKUP($A411,DATA2!$A$2:$S$607,9,FALSE)","v":0.08},2326.44,{"$f":"VLOOKUP($A411,DATA2!$A$2:$S$607,10,FALSE)","v":114899.09},{"$f":"VLOOKUP($A411,DATA2!$A$2:$S$607,11,FALSE)","v":1378789.08},{"$f":"VLOOKUP($A411,DATA2!$A$2:$S$607,12,FALSE)","v":"2017-04-01"},{"$f":"VLOOKUP($A411,DATA2!$A$2:$S$607,13,FALSE)","v":"2020-03-31"},{"$f":"VLOOKUP($A411,DATA2!$A$2:$S$607,14,FALSE)","v":"No"},{"$f":"IF(MATRIX2!D411=1,($Y$8-$X$2)/365*Table_Provincial_GTAC3536[[#This Row],[Adj.AnnualRental]]*MATRIX2!D411,($Y$8-$X$2)/365*Table_Provincial_GTAC3536[[#This Row],[Adj.AnnualRental]])","v":453300.51945205481},{"$f":"(Table_Provincial_GTAC3536[[#This Row],[Adj.AnnualRental]]*(1+$I411)^(2))","v":1608219.5829120001},{"$f":"(Table_Provincial_GTAC3536[[#This Row],[Adj.AnnualRental]]*(1+$I411)^(3))","v":1736877.1495449604},{"$f":"(Table_Provincial_GTAC3536[[#This Row],[Adj.AnnualRental]]*(1+$I411)^(4))","v":1875827.3215085573},{"$f":"(Table_Provincial_GTAC3536[[#This Row],[Adj.AnnualRental]]*(1+$I411)^(5))","v":2025893.507229242},{"$f":"(Table_Provincial_GTAC3536[[#This Row],[Adj.AnnualRental]]*(1+$I411)^(6))","v":2187964.9878075817},{"$f":"(Table_Provincial_GTAC3536[[#This Row],[Adj.AnnualRental]]*(1+$I411)^(7))","v":2363002.1868321882}]
[601,{"$f":"VLOOKUP($A412,DATA2!$A$2:$S$607,2,FALSE)","v":"WC"},{"$f":"VLOOKUP($A412,DATA2!$A$2:$S$607,3,FALSE)","v":"Western Cape"},{"$f":"VLOOKUP($A412,DATA2!$A$2:$S$607,4,FALSE)","v":194.98},{"$f":"VLOOKUP($A412,DATA2!$A$2:$S$607,5,FALSE)","v":97.5},{"$f":"VLOOKUP($A412,DATA2!$A$2:$S$607,6,FALSE)","v":"CBD"},{"$f":"VLOOKUP($A412,DATA2!$A$2:$S$607,7,FALSE)","v":1000},{"$f":"VLOOKUP($A412,DATA2!$A$2:$S$607,8,FALSE)","v":true},{"$f":"VLOOKUP($A412,DATA2!$A$2:$S$607,9,FALSE)","v":7.4999999999999997E-2},1849.28,{"$f":"VLOOKUP($A412,DATA2!$A$2:$S$607,10,FALSE)","v":194980},{"$f":"VLOOKUP($A412,DATA2!$A$2:$S$607,11,FALSE)","v":2339760},{"$f":"VLOOKUP($A412,DATA2!$A$2:$S$607,12,FALSE)","v":"2008-03-01"},{"$f":"VLOOKUP($A412,DATA2!$A$2:$S$607,13,FALSE)","v":"2018-04-30"},{"$f":"VLOOKUP($A412,DATA2!$A$2:$S$607,14,FALSE)","v":"No"},{"$f":"IF(MATRIX2!D412=1,($Y$8-$X$2)/365*Table_Provincial_GTAC3536[[#This Row],[Adj.AnnualRental]]*MATRIX2!D412,($Y$8-$X$2)/365*Table_Provincial_GTAC3536[[#This Row],[Adj.AnnualRental]])","v":769236.16438356158},{"$f":"(Table_Provincial_GTAC3536[[#This Row],[Adj.AnnualRental]]*(1+$I412)^(2))","v":2703885.15},{"$f":"(Table_Provincial_GTAC3536[[#This Row],[Adj.AnnualRental]]*(1+$I412)^(3))","v":2906676.5362499999},{"$f":"(Table_Provincial_GTAC3536[[#This Row],[Adj.AnnualRental]]*(1+$I412)^(4))","v":3124677.2764687496},{"$f":"(Table_Provincial_GTAC3536[[#This Row],[Adj.AnnualRental]]*(1+$I412)^(5))","v":3359028.0722039058},{"$f":"(Table_Provincial_GTAC3536[[#This Row],[Adj.AnnualRental]]*(1+$I412)^(6))","v":3610955.1776191983},{"$f":"(Table_Provincial_GTAC3536[[#This Row],[Adj.AnnualRental]]*(1+$I412)^(7))","v":3881776.8159406385}]
[602,{"$f":"VLOOKUP($A413,DATA2!$A$2:$S$607,2,FALSE)","v":"WC"},{"$f":"VLOOKUP($A413,DATA2!$A$2:$S$607,3,FALSE)","v":"Western Cape"},{"$f":"VLOOKUP($A413,DATA2!$A$2:$S$607,4,FALSE)","v":105.45},{"$f":"VLOOKUP($A413,DATA2!$A$2:$S$607,5,FALSE)","v":97.5},{"$f":"VLOOKUP($A413,DATA2!$A$2:$S$607,6,FALSE)","v":"CBD"},{"$f":"VLOOKUP($A413,DATA2!$A$2:$S$607,7,FALSE)","v":2895},{"$f":"VLOOKUP($A413,DATA2!$A$2:$S$607,8,FALSE)","v":true},{"$f":"VLOOKUP($A413,DATA2!$A$2:$S$607,9,FALSE)","v":0.08},15710.63,{"$f":"VLOOKUP($A413,DATA2!$A$2:$S$607,10,FALSE)","v":305277.75},{"$f":"VLOOKUP($A413,DATA2!$A$2:$S$607,11,FALSE)","v":3663333},{"$f":"VLOOKUP($A413,DATA2!$A$2:$S$607,12,FALSE)","v":"2017-05-01"},{"$f":"VLOOKUP($A413,DATA2!$A$2:$S$607,13,FALSE)","v":"2020-04-30"},{"$f":"VLOOKUP($A413,DATA2!$A$2:$S$607,14,FALSE)","v":"No"},{"$f":"IF(MATRIX2!D413=1,($Y$8-$X$2)/365*Table_Provincial_GTAC3536[[#This Row],[Adj.AnnualRental]]*MATRIX2!D413,($Y$8-$X$2)/365*Table_Provincial_GTAC3536[[#This Row],[Adj.AnnualRental]])","v":1204383.4520547944},{"$f":"(Table_Provincial_GTAC3536[[#This Row],[Adj.AnnualRental]]*(1+$I413)^(2))","v":4272911.6112000002},{"$f":"(Table_Provincial_GTAC3536[[#This Row],[Adj.AnnualRental]]*(1+$I413)^(3))","v":4614744.5400960008},{"$f":"(Table_Provincial_GTAC3536[[#This Row],[Adj.AnnualRental]]*(1+$I413)^(4))","v":4983924.1033036811},{"$f":"(Table_Provincial_GTAC3536[[#This Row],[Adj.AnnualRental]]*(1+$I413)^(5))","v":5382638.0315679759},{"$f":"(Table_Provincial_GTAC3536[[#This Row],[Adj.AnnualRental]]*(1+$I413)^(6))","v":5813249.0740934145},{"$f":"(Table_Provincial_GTAC3536[[#This Row],[Adj.AnnualRental]]*(1+$I413)^(7))","v":6278309.0000208877}]
[603,{"$f":"VLOOKUP($A414,DATA2!$A$2:$S$607,2,FALSE)","v":"WC"},{"$f":"VLOOKUP($A414,DATA2!$A$2:$S$607,3,FALSE)","v":"Western Cape"},{"$f":"VLOOKUP($A414,DATA2!$A$2:$S$607,4,FALSE)","v":104.27499160147813},{"$f":"VLOOKUP($A414,DATA2!$A$2:$S$607,5,FALSE)","v":87.5},{"$f":"VLOOKUP($A414,DATA2!$A$2:$S$607,6,FALSE)","v":"VTSD"},{"$f":"VLOOKUP($A414,DATA2!$A$2:$S$607,7,FALSE)","v":833.48},{"$f":"VLOOKUP($A414,DATA2!$A$2:$S$607,8,FALSE)","v":true},{"$f":"VLOOKUP($A414,DATA2!$A$2:$S$607,9,FALSE)","v":0.09},970626.83,{"$f":"VLOOKUP($A414,DATA2!$A$2:$S$607,10,FALSE)","v":86911.12},{"$f":"VLOOKUP($A414,DATA2!$A$2:$S$607,11,FALSE)","v":1042933.44},{"$f":"VLOOKUP($A414,DATA2!$A$2:$S$607,12,FALSE)","v":"2013-03-01"},{"$f":"VLOOKUP($A414,DATA2!$A$2:$S$607,13,FALSE)","v":"2018-07-31"},{"$f":"VLOOKUP($A414,DATA2!$A$2:$S$607,14,FALSE)","v":"No"},{"$f":"IF(MATRIX2!D414=1,($Y$8-$X$2)/365*Table_Provincial_GTAC3536[[#This Row],[Adj.AnnualRental]]*MATRIX2!D414,($Y$8-$X$2)/365*Table_Provincial_GTAC3536[[#This Row],[Adj.AnnualRental]])","v":342882.22684931505},{"$f":"(Table_Provincial_GTAC3536[[#This Row],[Adj.AnnualRental]]*(1+$I414)^(2))","v":1239109.220064},{"$f":"(Table_Provincial_GTAC3536[[#This Row],[Adj.AnnualRental]]*(1+$I414)^(3))","v":1350629.0498697602},{"$f":"(Table_Provincial_GTAC3536[[#This Row],[Adj.AnnualRental]]*(1+$I414)^(4))","v":1472185.6643580387},{"$f":"(Table_Provincial_GTAC3536[[#This Row],[Adj.AnnualRental]]*(1+$I414)^(5))","v":1604682.3741502622},{"$f":"(Table_Provincial_GTAC3536[[#This Row],[Adj.AnnualRental]]*(1+$I414)^(6))","v":1749103.787823786},{"$f":"(Table_Provincial_GTAC3536[[#This Row],[Adj.AnnualRental]]*(1+$I414)^(7))","v":1906523.1287279266}]
[604,{"$f":"VLOOKUP($A415,DATA2!$A$2:$S$607,2,FALSE)","v":"WC"},{"$f":"VLOOKUP($A415,DATA2!$A$2:$S$607,3,FALSE)","v":"Western Cape"},{"$f":"VLOOKUP($A415,DATA2!$A$2:$S$607,4,FALSE)","v":92.449023904382472},{"$f":"VLOOKUP($A415,DATA2!$A$2:$S$607,5,FALSE)","v":90},{"$f":"VLOOKUP($A415,DATA2!$A$2:$S$607,6,FALSE)","v":"VTSD"},{"$f":"VLOOKUP($A415,DATA2!$A$2:$S$607,7,FALSE)","v":502},{"$f":"VLOOKUP($A415,DATA2!$A$2:$S$607,8,FALSE)","v":true},{"$f":"VLOOKUP($A415,DATA2!$A$2:$S$607,9,FALSE)","v":7.4999999999999997E-2},6872.49,{"$f":"VLOOKUP($A415,DATA2!$A$2:$S$607,10,FALSE)","v":46409.41},{"$f":"VLOOKUP($A415,DATA2!$A$2:$S$607,11,FALSE)","v":556912.92000000004},{"$f":"VLOOKUP($A415,DATA2!$A$2:$S$607,12,FALSE)","v":"2010-08-01"},{"$f":"VLOOKUP($A415,DATA2!$A$2:$S$607,13,FALSE)","v":"2018-04-30"},{"$f":"VLOOKUP($A415,DATA2!$A$2:$S$607,14,FALSE)","v":"No"},{"$f":"IF(MATRIX2!D415=1,($Y$8-$X$2)/365*Table_Provincial_GTAC3536[[#This Row],[Adj.AnnualRental]]*MATRIX2!D415,($Y$8-$X$2)/365*Table_Provincial_GTAC3536[[#This Row],[Adj.AnnualRental]])","v":183094.65863013698},{"$f":"(Table_Provincial_GTAC3536[[#This Row],[Adj.AnnualRental]]*(1+$I415)^(2))","v":643582.49317499995},{"$f":"(Table_Provincial_GTAC3536[[#This Row],[Adj.AnnualRental]]*(1+$I415)^(3))","v":691851.18016312493},{"$f":"(Table_Provincial_GTAC3536[[#This Row],[Adj.AnnualRental]]*(1+$I415)^(4))","v":743740.01867535932},{"$f":"(Table_Provincial_GTAC3536[[#This Row],[Adj.AnnualRental]]*(1+$I415)^(5))","v":799520.52007601131},{"$f":"(Table_Provincial_GTAC3536[[#This Row],[Adj.AnnualRental]]*(1+$I415)^(6))","v":859484.55908171204},{"$f":"(Table_Provincial_GTAC3536[[#This Row],[Adj.AnnualRental]]*(1+$I415)^(7))","v":923945.90101284056}]
[605,{"$f":"VLOOKUP($A416,DATA2!$A$2:$S$607,2,FALSE)","v":"WC"},{"$f":"VLOOKUP($A416,DATA2!$A$2:$S$607,3,FALSE)","v":"Western Cape"},{"$f":"VLOOKUP($A416,DATA2!$A$2:$S$607,4,FALSE)","v":93.057417582417585},{"$f":"VLOOKUP($A416,DATA2!$A$2:$S$607,5,FALSE)","v":90},{"$f":"VLOOKUP($A416,DATA2!$A$2:$S$607,6,FALSE)","v":"VTSD"},{"$f":"VLOOKUP($A416,DATA2!$A$2:$S$607,7,FALSE)","v":364},{"$f":"VLOOKUP($A416,DATA2!$A$2:$S$607,8,FALSE)","v":true},{"$f":"VLOOKUP($A416,DATA2!$A$2:$S$607,9,FALSE)","v":0.08},5700,{"$f":"VLOOKUP($A416,DATA2!$A$2:$S$607,10,FALSE)","v":33872.9},{"$f":"VLOOKUP($A416,DATA2!$A$2:$S$607,11,FALSE)","v":406474.8},{"$f":"VLOOKUP($A416,DATA2!$A$2:$S$607,12,FALSE)","v":"2013-06-01"},{"$f":"VLOOKUP($A416,DATA2!$A$2:$S$607,13,FALSE)","v":"2018-05-31"},{"$f":"VLOOKUP($A416,DATA2!$A$2:$S$607,14,FALSE)","v":"No"},{"$f":"IF(MATRIX2!D416=1,($Y$8-$X$2)/365*Table_Provincial_GTAC3536[[#This Row],[Adj.AnnualRental]]*MATRIX2!D416,($Y$8-$X$2)/365*Table_Provincial_GTAC3536[[#This Row],[Adj.AnnualRental]])","v":133635.55068493148},{"$f":"(Table_Provincial_GTAC3536[[#This Row],[Adj.AnnualRental]]*(1+$I416)^(2))","v":474112.20672000002},{"$f":"(Table_Provincial_GTAC3536[[#This Row],[Adj.AnnualRental]]*(1+$I416)^(3))","v":512041.18325760006},{"$f":"(Table_Provincial_GTAC3536[[#This Row],[Adj.AnnualRental]]*(1+$I416)^(4))","v":553004.47791820811},{"$f":"(Table_Provincial_GTAC3536[[#This Row],[Adj.AnnualRental]]*(1+$I416)^(5))","v":597244.83615166473},{"$f":"(Table_Provincial_GTAC3536[[#This Row],[Adj.AnnualRental]]*(1+$I416)^(6))","v":645024.42304379807},{"$f":"(Table_Provincial_GTAC3536[[#This Row],[Adj.AnnualRental]]*(1+$I416)^(7))","v":696626.37688730191}]
[606,{"$f":"VLOOKUP($A417,DATA2!$A$2:$S$607,2,FALSE)","v":"WC"},{"$f":"VLOOKUP($A417,DATA2!$A$2:$S$607,3,FALSE)","v":"Western Cape"},{"$f":"VLOOKUP($A417,DATA2!$A$2:$S$607,4,FALSE)","v":107.82444444444444},{"$f":"VLOOKUP($A417,DATA2!$A$2:$S$607,5,FALSE)","v":90},{"$f":"VLOOKUP($A417,DATA2!$A$2:$S$607,6,FALSE)","v":"MAIN CENTRE"},{"$f":"VLOOKUP($A417,DATA2!$A$2:$S$607,7,FALSE)","v":531},{"$f":"VLOOKUP($A417,DATA2!$A$2:$S$607,8,FALSE)","v":true},{"$f":"VLOOKUP($A417,DATA2!$A$2:$S$607,9,FALSE)","v":0.08},149339.09,{"$f":"VLOOKUP($A417,DATA2!$A$2:$S$607,10,FALSE)","v":57254.78},{"$f":"VLOOKUP($A417,DATA2!$A$2:$S$607,11,FALSE)","v":687057.36},{"$f":"VLOOKUP($A417,DATA2!$A$2:$S$607,12,FALSE)","v":"2015-06-01"},{"$f":"VLOOKUP($A417,DATA2!$A$2:$S$607,13,FALSE)","v":"2018-03-31"},{"$f":"VLOOKUP($A417,DATA2!$A$2:$S$607,14,FALSE)","v":"No"},{"$f":"IF(MATRIX2!D417=1,($Y$8-$X$2)/365*Table_Provincial_GTAC3536[[#This Row],[Adj.AnnualRental]]*MATRIX2!D417,($Y$8-$X$2)/365*Table_Provincial_GTAC3536[[#This Row],[Adj.AnnualRental]])","v":225881.87178082191},{"$f":"(Table_Provincial_GTAC3536[[#This Row],[Adj.AnnualRental]]*(1+$I417)^(2))","v":801383.70470400003},{"$f":"(Table_Provincial_GTAC3536[[#This Row],[Adj.AnnualRental]]*(1+$I417)^(3))","v":865494.40108032012},{"$f":"(Table_Provincial_GTAC3536[[#This Row],[Adj.AnnualRental]]*(1+$I417)^(4))","v":934733.95316674584},{"$f":"(Table_Provincial_GTAC3536[[#This Row],[Adj.AnnualRental]]*(1+$I417)^(5))","v":1009512.6694200855},{"$f":"(Table_Provincial_GTAC3536[[#This Row],[Adj.AnnualRental]]*(1+$I417)^(6))","v":1090273.6829736924},{"$f":"(Table_Provincial_GTAC3536[[#This Row],[Adj.AnnualRental]]*(1+$I417)^(7))","v":1177495.5776115879}]
[607,{"$f":"VLOOKUP($A418,DATA2!$A$2:$S$607,2,FALSE)","v":"WC"},{"$f":"VLOOKUP($A418,DATA2!$A$2:$S$607,3,FALSE)","v":"Western Cape"},{"$f":"VLOOKUP($A418,DATA2!$A$2:$S$607,4,FALSE)","v":79.450705882352949},{"$f":"VLOOKUP($A418,DATA2!$A$2:$S$607,5,FALSE)","v":90},{"$f":"VLOOKUP($A418,DATA2!$A$2:$S$607,6,FALSE)","v":"VTSD"},{"$f":"VLOOKUP($A418,DATA2!$A$2:$S$607,7,FALSE)","v":85},{"$f":"VLOOKUP($A418,DATA2!$A$2:$S$607,8,FALSE)","v":true},{"$f":"VLOOKUP($A418,DATA2!$A$2:$S$607,9,FALSE)","v":0.08},194980,{"$f":"VLOOKUP($A418,DATA2!$A$2:$S$607,10,FALSE)","v":6753.31},{"$f":"VLOOKUP($A418,DATA2!$A$2:$S$607,11,FALSE)","v":81039.72},{"$f":"VLOOKUP($A418,DATA2!$A$2:$S$607,12,FALSE)","v":"2017-04-01"},{"$f":"VLOOKUP($A418,DATA2!$A$2:$S$607,13,FALSE)","v":"2018-03-31"},{"$f":"VLOOKUP($A418,DATA2!$A$2:$S$607,14,FALSE)","v":"No"},{"$f":"IF(MATRIX2!D418=1,($Y$8-$X$2)/365*Table_Provincial_GTAC3536[[#This Row],[Adj.AnnualRental]]*MATRIX2!D418,($Y$8-$X$2)/365*Table_Provincial_GTAC3536[[#This Row],[Adj.AnnualRental]])","v":26643.195616438356},{"$f":"(Table_Provincial_GTAC3536[[#This Row],[Adj.AnnualRental]]*(1+$I418)^(2))","v":94524.729408000014},{"$f":"(Table_Provincial_GTAC3536[[#This Row],[Adj.AnnualRental]]*(1+$I418)^(3))","v":102086.70776064001},{"$f":"(Table_Provincial_GTAC3536[[#This Row],[Adj.AnnualRental]]*(1+$I418)^(4))","v":110253.64438149122},{"$f":"(Table_Provincial_GTAC3536[[#This Row],[Adj.AnnualRental]]*(1+$I418)^(5))","v":119073.93593201053},{"$f":"(Table_Provincial_GTAC3536[[#This Row],[Adj.AnnualRental]]*(1+$I418)^(6))","v":128599.85080657138},{"$f":"(Table_Provincial_GTAC3536[[#This Row],[Adj.AnnualRental]]*(1+$I418)^(7))","v":138887.8388710971}]
[608,{"$f":"VLOOKUP($A419,DATA2!$A$2:$S$607,2,FALSE)","v":"WC"},{"$f":"VLOOKUP($A419,DATA2!$A$2:$S$607,3,FALSE)","v":"Western Cape"},{"$f":"VLOOKUP($A419,DATA2!$A$2:$S$607,4,FALSE)","v":42.124750957854403},{"$f":"VLOOKUP($A419,DATA2!$A$2:$S$607,5,FALSE)","v":90},{"$f":"VLOOKUP($A419,DATA2!$A$2:$S$607,6,FALSE)","v":"VTSD"},{"$f":"VLOOKUP($A419,DATA2!$A$2:$S$607,7,FALSE)","v":261},{"$f":"VLOOKUP($A419,DATA2!$A$2:$S$607,8,FALSE)","v":true},{"$f":"VLOOKUP($A419,DATA2!$A$2:$S$607,9,FALSE)","v":0.08},305277.75,{"$f":"VLOOKUP($A419,DATA2!$A$2:$S$607,10,FALSE)","v":10994.56},{"$f":"VLOOKUP($A419,DATA2!$A$2:$S$607,11,FALSE)","v":131934.72},{"$f":"VLOOKUP($A419,DATA2!$A$2:$S$607,12,FALSE)","v":"2017-04-01"},{"$f":"VLOOKUP($A419,DATA2!$A$2:$S$607,13,FALSE)","v":"2020-03-31"},{"$f":"VLOOKUP($A419,DATA2!$A$2:$S$607,14,FALSE)","v":"No"},{"$f":"IF(MATRIX2!D419=1,($Y$8-$X$2)/365*Table_Provincial_GTAC3536[[#This Row],[Adj.AnnualRental]]*MATRIX2!D419,($Y$8-$X$2)/365*Table_Provincial_GTAC3536[[#This Row],[Adj.AnnualRental]])","v":43375.798356164385},{"$f":"(Table_Provincial_GTAC3536[[#This Row],[Adj.AnnualRental]]*(1+$I419)^(2))","v":153888.65740800003},{"$f":"(Table_Provincial_GTAC3536[[#This Row],[Adj.AnnualRental]]*(1+$I419)^(3))","v":166199.75000064002},{"$f":"(Table_Provincial_GTAC3536[[#This Row],[Adj.AnnualRental]]*(1+$I419)^(4))","v":179495.73000069126},{"$f":"(Table_Provincial_GTAC3536[[#This Row],[Adj.AnnualRental]]*(1+$I419)^(5))","v":193855.38840074654},{"$f":"(Table_Provincial_GTAC3536[[#This Row],[Adj.AnnualRental]]*(1+$I419)^(6))","v":209363.8194728063},{"$f":"(Table_Provincial_GTAC3536[[#This Row],[Adj.AnnualRental]]*(1+$I419)^(7))","v":226112.92503063081}]
[609,{"$f":"VLOOKUP($A420,DATA2!$A$2:$S$607,2,FALSE)","v":"WC"},{"$f":"VLOOKUP($A420,DATA2!$A$2:$S$607,3,FALSE)","v":"Western Cape"},{"$f":"VLOOKUP($A420,DATA2!$A$2:$S$607,4,FALSE)","v":82.196666666666658},{"$f":"VLOOKUP($A420,DATA2!$A$2:$S$607,5,FALSE)","v":87.5},{"$f":"VLOOKUP($A420,DATA2!$A$2:$S$607,6,FALSE)","v":"VTSD"},{"$f":"VLOOKUP($A420,DATA2!$A$2:$S$607,7,FALSE)","v":966},{"$f":"VLOOKUP($A420,DATA2!$A$2:$S$607,8,FALSE)","v":true},{"$f":"VLOOKUP($A420,DATA2!$A$2:$S$607,9,FALSE)","v":0.1},86911.12,{"$f":"VLOOKUP($A420,DATA2!$A$2:$S$607,10,FALSE)","v":79401.98},{"$f":"VLOOKUP($A420,DATA2!$A$2:$S$607,11,FALSE)","v":952823.76},{"$f":"VLOOKUP($A420,DATA2!$A$2:$S$607,12,FALSE)","v":"2017-04-01"},{"$f":"VLOOKUP($A420,DATA2!$A$2:$S$607,13,FALSE)","v":"2022-03-31"},{"$f":"VLOOKUP($A420,DATA2!$A$2:$S$607,14,FALSE)","v":"No"},{"$f":"IF(MATRIX2!D420=1,($Y$8-$X$2)/365*Table_Provincial_GTAC3536[[#This Row],[Adj.AnnualRental]]*MATRIX2!D420,($Y$8-$X$2)/365*Table_Provincial_GTAC3536[[#This Row],[Adj.AnnualRental]])","v":313257.12657534244},{"$f":"(Table_Provincial_GTAC3536[[#This Row],[Adj.AnnualRental]]*(1+$I420)^(2))","v":1152916.7496000002},{"$f":"(Table_Provincial_GTAC3536[[#This Row],[Adj.AnnualRental]]*(1+$I420)^(3))","v":1268208.4245600004},{"$f":"(Table_Provincial_GTAC3536[[#This Row],[Adj.AnnualRental]]*(1+$I420)^(4))","v":1395029.2670160003},{"$f":"(Table_Provincial_GTAC3536[[#This Row],[Adj.AnnualRental]]*(1+$I420)^(5))","v":1534532.1937176005},{"$f":"(Table_Provincial_GTAC3536[[#This Row],[Adj.AnnualRental]]*(1+$I420)^(6))","v":1687985.4130893608},{"$f":"(Table_Provincial_GTAC3536[[#This Row],[Adj.AnnualRental]]*(1+$I420)^(7))","v":1856783.9543982972}]
[610,{"$f":"VLOOKUP($A421,DATA2!$A$2:$S$607,2,FALSE)","v":"WC"},{"$f":"VLOOKUP($A421,DATA2!$A$2:$S$607,3,FALSE)","v":"Western Cape"},{"$f":"VLOOKUP($A421,DATA2!$A$2:$S$607,4,FALSE)","v":56.312800000000003},{"$f":"VLOOKUP($A421,DATA2!$A$2:$S$607,5,FALSE)","v":90},{"$f":"VLOOKUP($A421,DATA2!$A$2:$S$607,6,FALSE)","v":"VTSD"},{"$f":"VLOOKUP($A421,DATA2!$A$2:$S$607,7,FALSE)","v":75},{"$f":"VLOOKUP($A421,DATA2!$A$2:$S$607,8,FALSE)","v":true},{"$f":"VLOOKUP($A421,DATA2!$A$2:$S$607,9,FALSE)","v":0.09},46409.41,{"$f":"VLOOKUP($A421,DATA2!$A$2:$S$607,10,FALSE)","v":4223.46},{"$f":"VLOOKUP($A421,DATA2!$A$2:$S$607,11,FALSE)","v":50681.52},{"$f":"VLOOKUP($A421,DATA2!$A$2:$S$607,12,FALSE)","v":"2012-06-01"},{"$f":"VLOOKUP($A421,DATA2!$A$2:$S$607,13,FALSE)","v":"2018-04-30"},{"$f":"VLOOKUP($A421,DATA2!$A$2:$S$607,14,FALSE)","v":"No"},{"$f":"IF(MATRIX2!D421=1,($Y$8-$X$2)/365*Table_Provincial_GTAC3536[[#This Row],[Adj.AnnualRental]]*MATRIX2!D421,($Y$8-$X$2)/365*Table_Provincial_GTAC3536[[#This Row],[Adj.AnnualRental]])","v":16662.417534246575},{"$f":"(Table_Provincial_GTAC3536[[#This Row],[Adj.AnnualRental]]*(1+$I421)^(2))","v":60214.713912000007},{"$f":"(Table_Provincial_GTAC3536[[#This Row],[Adj.AnnualRental]]*(1+$I421)^(3))","v":65634.038164080004},{"$f":"(Table_Provincial_GTAC3536[[#This Row],[Adj.AnnualRental]]*(1+$I421)^(4))","v":71541.101598847206},{"$f":"(Table_Provincial_GTAC3536[[#This Row],[Adj.AnnualRental]]*(1+$I421)^(5))","v":77979.800742743464},{"$f":"(Table_Provincial_GTAC3536[[#This Row],[Adj.AnnualRental]]*(1+$I421)^(6))","v":84997.982809590379},{"$f":"(Table_Provincial_GTAC3536[[#This Row],[Adj.AnnualRental]]*(1+$I421)^(7))","v":92647.801262453519}]
[611,{"$f":"VLOOKUP($A422,DATA2!$A$2:$S$607,2,FALSE)","v":"WC"},{"$f":"VLOOKUP($A422,DATA2!$A$2:$S$607,3,FALSE)","v":"Western Cape"},{"$f":"VLOOKUP($A422,DATA2!$A$2:$S$607,4,FALSE)","v":42.32673267326733},{"$f":"VLOOKUP($A422,DATA2!$A$2:$S$607,5,FALSE)","v":87.5},{"$f":"VLOOKUP($A422,DATA2!$A$2:$S$607,6,FALSE)","v":"VTSD"},{"$f":"VLOOKUP($A422,DATA2!$A$2:$S$607,7,FALSE)","v":202},{"$f":"VLOOKUP($A422,DATA2!$A$2:$S$607,8,FALSE)","v":true},{"$f":"VLOOKUP($A422,DATA2!$A$2:$S$607,9,FALSE)","v":0.1},33872.9,{"$f":"VLOOKUP($A422,DATA2!$A$2:$S$607,10,FALSE)","v":8550},{"$f":"VLOOKUP($A422,DATA2!$A$2:$S$607,11,FALSE)","v":102600},{"$f":"VLOOKUP($A422,DATA2!$A$2:$S$607,12,FALSE)","v":"2013-03-01"},{"$f":"VLOOKUP($A422,DATA2!$A$2:$S$607,13,FALSE)","v":"2018-04-30"},{"$f":"VLOOKUP($A422,DATA2!$A$2:$S$607,14,FALSE)","v":"No"},{"$f":"IF(MATRIX2!D422=1,($Y$8-$X$2)/365*Table_Provincial_GTAC3536[[#This Row],[Adj.AnnualRental]]*MATRIX2!D422,($Y$8-$X$2)/365*Table_Provincial_GTAC3536[[#This Row],[Adj.AnnualRental]])","v":33731.506849315068},{"$f":"(Table_Provincial_GTAC3536[[#This Row],[Adj.AnnualRental]]*(1+$I422)^(2))","v":124146.00000000001},{"$f":"(Table_Provincial_GTAC3536[[#This Row],[Adj.AnnualRental]]*(1+$I422)^(3))","v":136560.60000000003},{"$f":"(Table_Provincial_GTAC3536[[#This Row],[Adj.AnnualRental]]*(1+$I422)^(4))","v":150216.66000000003},{"$f":"(Table_Provincial_GTAC3536[[#This Row],[Adj.AnnualRental]]*(1+$I422)^(5))","v":165238.32600000006},{"$f":"(Table_Provincial_GTAC3536[[#This Row],[Adj.AnnualRental]]*(1+$I422)^(6))","v":181762.15860000008},{"$f":"(Table_Provincial_GTAC3536[[#This Row],[Adj.AnnualRental]]*(1+$I422)^(7))","v":199938.37446000014}]
[612,{"$f":"VLOOKUP($A423,DATA2!$A$2:$S$607,2,FALSE)","v":"WC"},{"$f":"VLOOKUP($A423,DATA2!$A$2:$S$607,3,FALSE)","v":"Western Cape"},{"$f":"VLOOKUP($A423,DATA2!$A$2:$S$607,4,FALSE)","v":97.584000000000003},{"$f":"VLOOKUP($A423,DATA2!$A$2:$S$607,5,FALSE)","v":90},{"$f":"VLOOKUP($A423,DATA2!$A$2:$S$607,6,FALSE)","v":"VTSD"},{"$f":"VLOOKUP($A423,DATA2!$A$2:$S$607,7,FALSE)","v":1522},{"$f":"VLOOKUP($A423,DATA2!$A$2:$S$607,8,FALSE)","v":true},{"$f":"VLOOKUP($A423,DATA2!$A$2:$S$607,9,FALSE)","v":7.0000000000000007E-2},57254.78,{"$f":"VLOOKUP($A423,DATA2!$A$2:$S$607,10,FALSE)","v":148522.848},{"$f":"VLOOKUP($A423,DATA2!$A$2:$S$607,11,FALSE)","v":1782274.176},{"$f":"VLOOKUP($A423,DATA2!$A$2:$S$607,12,FALSE)","v":"2016-03-01"},{"$f":"VLOOKUP($A423,DATA2!$A$2:$S$607,13,FALSE)","v":"2021-02-28"},{"$f":"VLOOKUP($A423,DATA2!$A$2:$S$607,14,FALSE)","v":"No"},{"$f":"IF(MATRIX2!D423=1,($Y$8-$X$2)/365*Table_Provincial_GTAC3536[[#This Row],[Adj.AnnualRental]]*MATRIX2!D423,($Y$8-$X$2)/365*Table_Provincial_GTAC3536[[#This Row],[Adj.AnnualRental]])","v":585953.15375342465},{"$f":"(Table_Provincial_GTAC3536[[#This Row],[Adj.AnnualRental]]*(1+$I423)^(2))","v":2040525.7041024},{"$f":"(Table_Provincial_GTAC3536[[#This Row],[Adj.AnnualRental]]*(1+$I423)^(3))","v":2183362.5033895681},{"$f":"(Table_Provincial_GTAC3536[[#This Row],[Adj.AnnualRental]]*(1+$I423)^(4))","v":2336197.8786268379},{"$f":"(Table_Provincial_GTAC3536[[#This Row],[Adj.AnnualRental]]*(1+$I423)^(5))","v":2499731.7301307167},{"$f":"(Table_Provincial_GTAC3536[[#This Row],[Adj.AnnualRental]]*(1+$I423)^(6))","v":2674712.9512398667},{"$f":"(Table_Provincial_GTAC3536[[#This Row],[Adj.AnnualRental]]*(1+$I423)^(7))","v":2861942.8578266576}]
[613,{"$f":"VLOOKUP($A424,DATA2!$A$2:$S$607,2,FALSE)","v":"WC"},{"$f":"VLOOKUP($A424,DATA2!$A$2:$S$607,3,FALSE)","v":"Western Cape"},{"$f":"VLOOKUP($A424,DATA2!$A$2:$S$607,4,FALSE)","v":50.599615384615383},{"$f":"VLOOKUP($A424,DATA2!$A$2:$S$607,5,FALSE)","v":100},{"$f":"VLOOKUP($A424,DATA2!$A$2:$S$607,6,FALSE)","v":"MAIN CENTRE"},{"$f":"VLOOKUP($A424,DATA2!$A$2:$S$607,7,FALSE)","v":26},{"$f":"VLOOKUP($A424,DATA2!$A$2:$S$607,8,FALSE)","v":true},{"$f":"VLOOKUP($A424,DATA2!$A$2:$S$607,9,FALSE)","v":5.5E-2},6753.31,{"$f":"VLOOKUP($A424,DATA2!$A$2:$S$607,10,FALSE)","v":1315.59},{"$f":"VLOOKUP($A424,DATA2!$A$2:$S$607,11,FALSE)","v":15787.08},{"$f":"VLOOKUP($A424,DATA2!$A$2:$S$607,12,FALSE)","v":"2016-02-01"},{"$f":"VLOOKUP($A424,DATA2!$A$2:$S$607,13,FALSE)","v":"2019-01-31"},{"$f":"VLOOKUP($A424,DATA2!$A$2:$S$607,14,FALSE)","v":"No"},{"$f":"IF(MATRIX2!D424=1,($Y$8-$X$2)/365*Table_Provincial_GTAC3536[[#This Row],[Adj.AnnualRental]]*MATRIX2!D424,($Y$8-$X$2)/365*Table_Provincial_GTAC3536[[#This Row],[Adj.AnnualRental]])","v":5190.2728767123281},{"$f":"(Table_Provincial_GTAC3536[[#This Row],[Adj.AnnualRental]]*(1+$I424)^(2))","v":17571.414717},{"$f":"(Table_Provincial_GTAC3536[[#This Row],[Adj.AnnualRental]]*(1+$I424)^(3))","v":18537.842526434997},{"$f":"(Table_Provincial_GTAC3536[[#This Row],[Adj.AnnualRental]]*(1+$I424)^(4))","v":19557.423865388922},{"$f":"(Table_Provincial_GTAC3536[[#This Row],[Adj.AnnualRental]]*(1+$I424)^(5))","v":20633.08217798531},{"$f":"(Table_Provincial_GTAC3536[[#This Row],[Adj.AnnualRental]]*(1+$I424)^(6))","v":21767.901697774501},{"$f":"(Table_Provincial_GTAC3536[[#This Row],[Adj.AnnualRental]]*(1+$I424)^(7))","v":22965.136291152099}]
[614,{"$f":"VLOOKUP($A425,DATA2!$A$2:$S$607,2,FALSE)","v":"WC"},{"$f":"VLOOKUP($A425,DATA2!$A$2:$S$607,3,FALSE)","v":"Western Cape"},{"$f":"VLOOKUP($A425,DATA2!$A$2:$S$607,4,FALSE)","v":66.990144557680367},{"$f":"VLOOKUP($A425,DATA2!$A$2:$S$607,5,FALSE)","v":67.5},{"$f":"VLOOKUP($A425,DATA2!$A$2:$S$607,6,FALSE)","v":"VTSD"},{"$f":"VLOOKUP($A425,DATA2!$A$2:$S$607,7,FALSE)","v":595.61},{"$f":"VLOOKUP($A425,DATA2!$A$2:$S$607,8,FALSE)","v":true},{"$f":"VLOOKUP($A425,DATA2!$A$2:$S$607,9,FALSE)","v":0.08},10994.56,{"$f":"VLOOKUP($A425,DATA2!$A$2:$S$607,10,FALSE)","v":39900},{"$f":"VLOOKUP($A425,DATA2!$A$2:$S$607,11,FALSE)","v":478800},{"$f":"VLOOKUP($A425,DATA2!$A$2:$S$607,12,FALSE)","v":"2017-04-01"},{"$f":"VLOOKUP($A425,DATA2!$A$2:$S$607,13,FALSE)","v":"2019-03-31"},{"$f":"VLOOKUP($A425,DATA2!$A$2:$S$607,14,FALSE)","v":"No"},{"$f":"IF(MATRIX2!D425=1,($Y$8-$X$2)/365*Table_Provincial_GTAC3536[[#This Row],[Adj.AnnualRental]]*MATRIX2!D425,($Y$8-$X$2)/365*Table_Provincial_GTAC3536[[#This Row],[Adj.AnnualRental]])","v":157413.69863013699},{"$f":"(Table_Provincial_GTAC3536[[#This Row],[Adj.AnnualRental]]*(1+$I425)^(2))","v":558472.32000000007},{"$f":"(Table_Provincial_GTAC3536[[#This Row],[Adj.AnnualRental]]*(1+$I425)^(3))","v":603150.10560000013},{"$f":"(Table_Provincial_GTAC3536[[#This Row],[Adj.AnnualRental]]*(1+$I425)^(4))","v":651402.11404800019},{"$f":"(Table_Provincial_GTAC3536[[#This Row],[Adj.AnnualRental]]*(1+$I425)^(5))","v":703514.28317184013},{"$f":"(Table_Provincial_GTAC3536[[#This Row],[Adj.AnnualRental]]*(1+$I425)^(6))","v":759795.42582558747},{"$f":"(Table_Provincial_GTAC3536[[#This Row],[Adj.AnnualRental]]*(1+$I425)^(7))","v":820579.0598916345}]
[615,{"$f":"VLOOKUP($A426,DATA2!$A$2:$S$607,2,FALSE)","v":"WC"},{"$f":"VLOOKUP($A426,DATA2!$A$2:$S$607,3,FALSE)","v":"Western Cape"},{"$f":"VLOOKUP($A426,DATA2!$A$2:$S$607,4,FALSE)","v":78.983950131233598},{"$f":"VLOOKUP($A426,DATA2!$A$2:$S$607,5,FALSE)","v":67.5},{"$f":"VLOOKUP($A426,DATA2!$A$2:$S$607,6,FALSE)","v":"MAIN CENTRE"},{"$f":"VLOOKUP($A426,DATA2!$A$2:$S$607,7,FALSE)","v":762},{"$f":"VLOOKUP($A426,DATA2!$A$2:$S$607,8,FALSE)","v":true},{"$f":"VLOOKUP($A426,DATA2!$A$2:$S$607,9,FALSE)","v":0.08},79401.98,{"$f":"VLOOKUP($A426,DATA2!$A$2:$S$607,10,FALSE)","v":60185.77},{"$f":"VLOOKUP($A426,DATA2!$A$2:$S$607,11,FALSE)","v":722229.24},{"$f":"VLOOKUP($A426,DATA2!$A$2:$S$607,12,FALSE)","v":"2014-10-01"},{"$f":"VLOOKUP($A426,DATA2!$A$2:$S$607,13,FALSE)","v":"2019-09-30"},{"$f":"VLOOKUP($A426,DATA2!$A$2:$S$607,14,FALSE)","v":"No"},{"$f":"IF(MATRIX2!D426=1,($Y$8-$X$2)/365*Table_Provincial_GTAC3536[[#This Row],[Adj.AnnualRental]]*MATRIX2!D426,($Y$8-$X$2)/365*Table_Provincial_GTAC3536[[#This Row],[Adj.AnnualRental]])","v":237445.22958904109},{"$f":"(Table_Provincial_GTAC3536[[#This Row],[Adj.AnnualRental]]*(1+$I426)^(2))","v":842408.18553600006},{"$f":"(Table_Provincial_GTAC3536[[#This Row],[Adj.AnnualRental]]*(1+$I426)^(3))","v":909800.84037888015},{"$f":"(Table_Provincial_GTAC3536[[#This Row],[Adj.AnnualRental]]*(1+$I426)^(4))","v":982584.90760919056},{"$f":"(Table_Provincial_GTAC3536[[#This Row],[Adj.AnnualRental]]*(1+$I426)^(5))","v":1061191.7002179259},{"$f":"(Table_Provincial_GTAC3536[[#This Row],[Adj.AnnualRental]]*(1+$I426)^(6))","v":1146087.03623536},{"$f":"(Table_Provincial_GTAC3536[[#This Row],[Adj.AnnualRental]]*(1+$I426)^(7))","v":1237773.999134189}]
[616,{"$f":"VLOOKUP($A427,DATA2!$A$2:$S$607,2,FALSE)","v":"WC"},{"$f":"VLOOKUP($A427,DATA2!$A$2:$S$607,3,FALSE)","v":"Western Cape"},{"$f":"VLOOKUP($A427,DATA2!$A$2:$S$607,4,FALSE)","v":125.27484848484848},{"$f":"VLOOKUP($A427,DATA2!$A$2:$S$607,5,FALSE)","v":90},{"$f":"VLOOKUP($A427,DATA2!$A$2:$S$607,6,FALSE)","v":"VTSD"},{"$f":"VLOOKUP($A427,DATA2!$A$2:$S$607,7,FALSE)","v":33},{"$f":"VLOOKUP($A427,DATA2!$A$2:$S$607,8,FALSE)","v":true},{"$f":"VLOOKUP($A427,DATA2!$A$2:$S$607,9,FALSE)","v":0.08},4223.46,{"$f":"VLOOKUP($A427,DATA2!$A$2:$S$607,10,FALSE)","v":4134.07},{"$f":"VLOOKUP($A427,DATA2!$A$2:$S$607,11,FALSE)","v":49608.84},{"$f":"VLOOKUP($A427,DATA2!$A$2:$S$607,12,FALSE)","v":"2017-02-01"},{"$f":"VLOOKUP($A427,DATA2!$A$2:$S$607,13,FALSE)","v":"2022-01-31"},{"$f":"VLOOKUP($A427,DATA2!$A$2:$S$607,14,FALSE)","v":"No"},{"$f":"IF(MATRIX2!D427=1,($Y$8-$X$2)/365*Table_Provincial_GTAC3536[[#This Row],[Adj.AnnualRental]]*MATRIX2!D427,($Y$8-$X$2)/365*Table_Provincial_GTAC3536[[#This Row],[Adj.AnnualRental]])","v":16309.755616438355},{"$f":"(Table_Provincial_GTAC3536[[#This Row],[Adj.AnnualRental]]*(1+$I427)^(2))","v":57863.750976000003},{"$f":"(Table_Provincial_GTAC3536[[#This Row],[Adj.AnnualRental]]*(1+$I427)^(3))","v":62492.851054080005},{"$f":"(Table_Provincial_GTAC3536[[#This Row],[Adj.AnnualRental]]*(1+$I427)^(4))","v":67492.279138406404},{"$f":"(Table_Provincial_GTAC3536[[#This Row],[Adj.AnnualRental]]*(1+$I427)^(5))","v":72891.661469478917},{"$f":"(Table_Provincial_GTAC3536[[#This Row],[Adj.AnnualRental]]*(1+$I427)^(6))","v":78722.994387037252},{"$f":"(Table_Provincial_GTAC3536[[#This Row],[Adj.AnnualRental]]*(1+$I427)^(7))","v":85020.833938000229}]
[617,{"$f":"VLOOKUP($A428,DATA2!$A$2:$S$607,2,FALSE)","v":"WC"},{"$f":"VLOOKUP($A428,DATA2!$A$2:$S$607,3,FALSE)","v":"Western Cape"},{"$f":"VLOOKUP($A428,DATA2!$A$2:$S$607,4,FALSE)","v":93.137999999999991},{"$f":"VLOOKUP($A428,DATA2!$A$2:$S$607,5,FALSE)","v":87.5},{"$f":"VLOOKUP($A428,DATA2!$A$2:$S$607,6,FALSE)","v":"VTSD"},{"$f":"VLOOKUP($A428,DATA2!$A$2:$S$607,7,FALSE)","v":25},{"$f":"VLOOKUP($A428,DATA2!$A$2:$S$607,8,FALSE)","v":true},{"$f":"VLOOKUP($A428,DATA2!$A$2:$S$607,9,FALSE)","v":7.4999999999999997E-2},8550,{"$f":"VLOOKUP($A428,DATA2!$A$2:$S$607,10,FALSE)","v":2328.4499999999998},{"$f":"VLOOKUP($A428,DATA2!$A$2:$S$607,11,FALSE)","v":27941.4},{"$f":"VLOOKUP($A428,DATA2!$A$2:$S$607,12,FALSE)","v":"2016-04-01"},{"$f":"VLOOKUP($A428,DATA2!$A$2:$S$607,13,FALSE)","v":"2019-03-31"},{"$f":"VLOOKUP($A428,DATA2!$A$2:$S$607,14,FALSE)","v":"No"},{"$f":"IF(MATRIX2!D428=1,($Y$8-$X$2)/365*Table_Provincial_GTAC3536[[#This Row],[Adj.AnnualRental]]*MATRIX2!D428,($Y$8-$X$2)/365*Table_Provincial_GTAC3536[[#This Row],[Adj.AnnualRental]])","v":9186.2136986301375},{"$f":"(Table_Provincial_GTAC3536[[#This Row],[Adj.AnnualRental]]*(1+$I428)^(2))","v":32289.780374999998},{"$f":"(Table_Provincial_GTAC3536[[#This Row],[Adj.AnnualRental]]*(1+$I428)^(3))","v":34711.513903125},{"$f":"(Table_Provincial_GTAC3536[[#This Row],[Adj.AnnualRental]]*(1+$I428)^(4))","v":37314.877445859376},{"$f":"(Table_Provincial_GTAC3536[[#This Row],[Adj.AnnualRental]]*(1+$I428)^(5))","v":40113.493254298824},{"$f":"(Table_Provincial_GTAC3536[[#This Row],[Adj.AnnualRental]]*(1+$I428)^(6))","v":43122.005248371235},{"$f":"(Table_Provincial_GTAC3536[[#This Row],[Adj.AnnualRental]]*(1+$I428)^(7))","v":46356.155641999081}]
[618,{"$f":"VLOOKUP($A429,DATA2!$A$2:$S$607,2,FALSE)","v":"WC"},{"$f":"VLOOKUP($A429,DATA2!$A$2:$S$607,3,FALSE)","v":"Western Cape"},{"$f":"VLOOKUP($A429,DATA2!$A$2:$S$607,4,FALSE)","v":71.803566666666669},{"$f":"VLOOKUP($A429,DATA2!$A$2:$S$607,5,FALSE)","v":90},{"$f":"VLOOKUP($A429,DATA2!$A$2:$S$607,6,FALSE)","v":"VTSD"},{"$f":"VLOOKUP($A429,DATA2!$A$2:$S$607,7,FALSE)","v":300},{"$f":"VLOOKUP($A429,DATA2!$A$2:$S$607,8,FALSE)","v":true},{"$f":"VLOOKUP($A429,DATA2!$A$2:$S$607,9,FALSE)","v":0.08},148522.848,{"$f":"VLOOKUP($A429,DATA2!$A$2:$S$607,10,FALSE)","v":21541.07},{"$f":"VLOOKUP($A429,DATA2!$A$2:$S$607,11,FALSE)","v":258492.84},{"$f":"VLOOKUP($A429,DATA2!$A$2:$S$607,12,FALSE)","v":"2016-08-01"},{"$f":"VLOOKUP($A429,DATA2!$A$2:$S$607,13,FALSE)","v":"2019-07-31"},{"$f":"VLOOKUP($A429,DATA2!$A$2:$S$607,14,FALSE)","v":"No"},{"$f":"IF(MATRIX2!D429=1,($Y$8-$X$2)/365*Table_Provincial_GTAC3536[[#This Row],[Adj.AnnualRental]]*MATRIX2!D429,($Y$8-$X$2)/365*Table_Provincial_GTAC3536[[#This Row],[Adj.AnnualRental]])","v":84983.947397260272},{"$f":"(Table_Provincial_GTAC3536[[#This Row],[Adj.AnnualRental]]*(1+$I429)^(2))","v":301506.04857600003},{"$f":"(Table_Provincial_GTAC3536[[#This Row],[Adj.AnnualRental]]*(1+$I429)^(3))","v":325626.53246208001},{"$f":"(Table_Provincial_GTAC3536[[#This Row],[Adj.AnnualRental]]*(1+$I429)^(4))","v":351676.65505904646},{"$f":"(Table_Provincial_GTAC3536[[#This Row],[Adj.AnnualRental]]*(1+$I429)^(5))","v":379810.78746377019},{"$f":"(Table_Provincial_GTAC3536[[#This Row],[Adj.AnnualRental]]*(1+$I429)^(6))","v":410195.65046087187},{"$f":"(Table_Provincial_GTAC3536[[#This Row],[Adj.AnnualRental]]*(1+$I429)^(7))","v":443011.30249774165}]
[619,{"$f":"VLOOKUP($A430,DATA2!$A$2:$S$607,2,FALSE)","v":"WC"},{"$f":"VLOOKUP($A430,DATA2!$A$2:$S$607,3,FALSE)","v":"Western Cape"},{"$f":"VLOOKUP($A430,DATA2!$A$2:$S$607,4,FALSE)","v":206.09468085106386},{"$f":"VLOOKUP($A430,DATA2!$A$2:$S$607,5,FALSE)","v":87.5},{"$f":"VLOOKUP($A430,DATA2!$A$2:$S$607,6,FALSE)","v":"VTSD"},{"$f":"VLOOKUP($A430,DATA2!$A$2:$S$607,7,FALSE)","v":47},{"$f":"VLOOKUP($A430,DATA2!$A$2:$S$607,8,FALSE)","v":true},{"$f":"VLOOKUP($A430,DATA2!$A$2:$S$607,9,FALSE)","v":0.08},1315.59,{"$f":"VLOOKUP($A430,DATA2!$A$2:$S$607,10,FALSE)","v":9686.4500000000007},{"$f":"VLOOKUP($A430,DATA2!$A$2:$S$607,11,FALSE)","v":116237.4},{"$f":"VLOOKUP($A430,DATA2!$A$2:$S$607,12,FALSE)","v":"2017-04-01"},{"$f":"VLOOKUP($A430,DATA2!$A$2:$S$607,13,FALSE)","v":"2020-03-31"},{"$f":"VLOOKUP($A430,DATA2!$A$2:$S$607,14,FALSE)","v":"No"},{"$f":"IF(MATRIX2!D430=1,($Y$8-$X$2)/365*Table_Provincial_GTAC3536[[#This Row],[Adj.AnnualRental]]*MATRIX2!D430,($Y$8-$X$2)/365*Table_Provincial_GTAC3536[[#This Row],[Adj.AnnualRental]])","v":38215.035616438356},{"$f":"(Table_Provincial_GTAC3536[[#This Row],[Adj.AnnualRental]]*(1+$I430)^(2))","v":135579.30335999999},{"$f":"(Table_Provincial_GTAC3536[[#This Row],[Adj.AnnualRental]]*(1+$I430)^(3))","v":146425.64762880001},{"$f":"(Table_Provincial_GTAC3536[[#This Row],[Adj.AnnualRental]]*(1+$I430)^(4))","v":158139.69943910404},{"$f":"(Table_Provincial_GTAC3536[[#This Row],[Adj.AnnualRental]]*(1+$I430)^(5))","v":170790.87539423234},{"$f":"(Table_Provincial_GTAC3536[[#This Row],[Adj.AnnualRental]]*(1+$I430)^(6))","v":184454.14542577096},{"$f":"(Table_Provincial_GTAC3536[[#This Row],[Adj.AnnualRental]]*(1+$I430)^(7))","v":199210.47705983266}]
[620,{"$f":"VLOOKUP($A431,DATA2!$A$2:$S$607,2,FALSE)","v":"WC"},{"$f":"VLOOKUP($A431,DATA2!$A$2:$S$607,3,FALSE)","v":"Western Cape"},{"$f":"VLOOKUP($A431,DATA2!$A$2:$S$607,4,FALSE)","v":71.085833333333326},{"$f":"VLOOKUP($A431,DATA2!$A$2:$S$607,5,FALSE)","v":87.5},{"$f":"VLOOKUP($A431,DATA2!$A$2:$S$607,6,FALSE)","v":"VTSD"},{"$f":"VLOOKUP($A431,DATA2!$A$2:$S$607,7,FALSE)","v":12},{"$f":"VLOOKUP($A431,DATA2!$A$2:$S$607,8,FALSE)","v":true},{"$f":"VLOOKUP($A431,DATA2!$A$2:$S$607,9,FALSE)","v":0.08},39900,{"$f":"VLOOKUP($A431,DATA2!$A$2:$S$607,10,FALSE)","v":853.03},{"$f":"VLOOKUP($A431,DATA2!$A$2:$S$607,11,FALSE)","v":10236.36},{"$f":"VLOOKUP($A431,DATA2!$A$2:$S$607,12,FALSE)","v":"2013-05-01"},{"$f":"VLOOKUP($A431,DATA2!$A$2:$S$607,13,FALSE)","v":"2018-04-30"},{"$f":"VLOOKUP($A431,DATA2!$A$2:$S$607,14,FALSE)","v":"No"},{"$f":"IF(MATRIX2!D431=1,($Y$8-$X$2)/365*Table_Provincial_GTAC3536[[#This Row],[Adj.AnnualRental]]*MATRIX2!D431,($Y$8-$X$2)/365*Table_Provincial_GTAC3536[[#This Row],[Adj.AnnualRental]])","v":3365.3786301369864},{"$f":"(Table_Provincial_GTAC3536[[#This Row],[Adj.AnnualRental]]*(1+$I431)^(2))","v":11939.690304000002},{"$f":"(Table_Provincial_GTAC3536[[#This Row],[Adj.AnnualRental]]*(1+$I431)^(3))","v":12894.865528320002},{"$f":"(Table_Provincial_GTAC3536[[#This Row],[Adj.AnnualRental]]*(1+$I431)^(4))","v":13926.454770585604},{"$f":"(Table_Provincial_GTAC3536[[#This Row],[Adj.AnnualRental]]*(1+$I431)^(5))","v":15040.571152232453},{"$f":"(Table_Provincial_GTAC3536[[#This Row],[Adj.AnnualRental]]*(1+$I431)^(6))","v":16243.816844411051},{"$f":"(Table_Provincial_GTAC3536[[#This Row],[Adj.AnnualRental]]*(1+$I431)^(7))","v":17543.322191963936}]
[621,{"$f":"VLOOKUP($A432,DATA2!$A$2:$S$607,2,FALSE)","v":"WC"},{"$f":"VLOOKUP($A432,DATA2!$A$2:$S$607,3,FALSE)","v":"Western Cape"},{"$f":"VLOOKUP($A432,DATA2!$A$2:$S$607,4,FALSE)","v":69.19580152671756},{"$f":"VLOOKUP($A432,DATA2!$A$2:$S$607,5,FALSE)","v":87.5},{"$f":"VLOOKUP($A432,DATA2!$A$2:$S$607,6,FALSE)","v":"VTSD"},{"$f":"VLOOKUP($A432,DATA2!$A$2:$S$607,7,FALSE)","v":131},{"$f":"VLOOKUP($A432,DATA2!$A$2:$S$607,8,FALSE)","v":true},{"$f":"VLOOKUP($A432,DATA2!$A$2:$S$607,9,FALSE)","v":0.09},60185.77,{"$f":"VLOOKUP($A432,DATA2!$A$2:$S$607,10,FALSE)","v":9064.65},{"$f":"VLOOKUP($A432,DATA2!$A$2:$S$607,11,FALSE)","v":108775.8},{"$f":"VLOOKUP($A432,DATA2!$A$2:$S$607,12,FALSE)","v":"2017-08-01"},{"$f":"VLOOKUP($A432,DATA2!$A$2:$S$607,13,FALSE)","v":"2018-04-30"},{"$f":"VLOOKUP($A432,DATA2!$A$2:$S$607,14,FALSE)","v":"No"},{"$f":"IF(MATRIX2!D432=1,($Y$8-$X$2)/365*Table_Provincial_GTAC3536[[#This Row],[Adj.AnnualRental]]*MATRIX2!D432,($Y$8-$X$2)/365*Table_Provincial_GTAC3536[[#This Row],[Adj.AnnualRental]])","v":35761.90684931507},{"$f":"(Table_Provincial_GTAC3536[[#This Row],[Adj.AnnualRental]]*(1+$I432)^(2))","v":129236.52798000001},{"$f":"(Table_Provincial_GTAC3536[[#This Row],[Adj.AnnualRental]]*(1+$I432)^(3))","v":140867.81549820001},{"$f":"(Table_Provincial_GTAC3536[[#This Row],[Adj.AnnualRental]]*(1+$I432)^(4))","v":153545.91889303803},{"$f":"(Table_Provincial_GTAC3536[[#This Row],[Adj.AnnualRental]]*(1+$I432)^(5))","v":167365.05159341148},{"$f":"(Table_Provincial_GTAC3536[[#This Row],[Adj.AnnualRental]]*(1+$I432)^(6))","v":182427.90623681853},{"$f":"(Table_Provincial_GTAC3536[[#This Row],[Adj.AnnualRental]]*(1+$I432)^(7))","v":198846.41779813217}]
[622,{"$f":"VLOOKUP($A433,DATA2!$A$2:$S$607,2,FALSE)","v":"WC"},{"$f":"VLOOKUP($A433,DATA2!$A$2:$S$607,3,FALSE)","v":"Western Cape"},{"$f":"VLOOKUP($A433,DATA2!$A$2:$S$607,4,FALSE)","v":85.431601968288675},{"$f":"VLOOKUP($A433,DATA2!$A$2:$S$607,5,FALSE)","v":67.5},{"$f":"VLOOKUP($A433,DATA2!$A$2:$S$607,6,FALSE)","v":"VTSD"},{"$f":"VLOOKUP($A433,DATA2!$A$2:$S$607,7,FALSE)","v":914.5},{"$f":"VLOOKUP($A433,DATA2!$A$2:$S$607,8,FALSE)","v":true},{"$f":"VLOOKUP($A433,DATA2!$A$2:$S$607,9,FALSE)","v":0.09},4134.07,{"$f":"VLOOKUP($A433,DATA2!$A$2:$S$607,10,FALSE)","v":78127.199999999997},{"$f":"VLOOKUP($A433,DATA2!$A$2:$S$607,11,FALSE)","v":937526.4},{"$f":"VLOOKUP($A433,DATA2!$A$2:$S$607,12,FALSE)","v":"2017-05-01"},{"$f":"VLOOKUP($A433,DATA2!$A$2:$S$607,13,FALSE)","v":"2022-04-30"},{"$f":"VLOOKUP($A433,DATA2!$A$2:$S$607,14,FALSE)","v":"No"},{"$f":"IF(MATRIX2!D433=1,($Y$8-$X$2)/365*Table_Provincial_GTAC3536[[#This Row],[Adj.AnnualRental]]*MATRIX2!D433,($Y$8-$X$2)/365*Table_Provincial_GTAC3536[[#This Row],[Adj.AnnualRental]])","v":308227.85753424658},{"$f":"(Table_Provincial_GTAC3536[[#This Row],[Adj.AnnualRental]]*(1+$I433)^(2))","v":1113875.1158400001},{"$f":"(Table_Provincial_GTAC3536[[#This Row],[Adj.AnnualRental]]*(1+$I433)^(3))","v":1214123.8762656003},{"$f":"(Table_Provincial_GTAC3536[[#This Row],[Adj.AnnualRental]]*(1+$I433)^(4))","v":1323395.0251295043},{"$f":"(Table_Provincial_GTAC3536[[#This Row],[Adj.AnnualRental]]*(1+$I433)^(5))","v":1442500.57739116},{"$f":"(Table_Provincial_GTAC3536[[#This Row],[Adj.AnnualRental]]*(1+$I433)^(6))","v":1572325.6293563643},{"$f":"(Table_Provincial_GTAC3536[[#This Row],[Adj.AnnualRental]]*(1+$I433)^(7))","v":1713834.935998437}]
[623,{"$f":"VLOOKUP($A434,DATA2!$A$2:$S$607,2,FALSE)","v":"WC"},{"$f":"VLOOKUP($A434,DATA2!$A$2:$S$607,3,FALSE)","v":"Western Cape"},{"$f":"VLOOKUP($A434,DATA2!$A$2:$S$607,4,FALSE)","v":105.07058708414873},{"$f":"VLOOKUP($A434,DATA2!$A$2:$S$607,5,FALSE)","v":87.5},{"$f":"VLOOKUP($A434,DATA2!$A$2:$S$607,6,FALSE)","v":"MAIN CENTRE"},{"$f":"VLOOKUP($A434,DATA2!$A$2:$S$607,7,FALSE)","v":511},{"$f":"VLOOKUP($A434,DATA2!$A$2:$S$607,8,FALSE)","v":true},{"$f":"VLOOKUP($A434,DATA2!$A$2:$S$607,9,FALSE)","v":0.09},2328.4499999999998,{"$f":"VLOOKUP($A434,DATA2!$A$2:$S$607,10,FALSE)","v":53691.07},{"$f":"VLOOKUP($A434,DATA2!$A$2:$S$607,11,FALSE)","v":644292.84},{"$f":"VLOOKUP($A434,DATA2!$A$2:$S$607,12,FALSE)","v":"2013-09-01"},{"$f":"VLOOKUP($A434,DATA2!$A$2:$S$607,13,FALSE)","v":"2018-08-28"},{"$f":"VLOOKUP($A434,DATA2!$A$2:$S$607,14,FALSE)","v":"No"},{"$f":"IF(MATRIX2!D434=1,($Y$8-$X$2)/365*Table_Provincial_GTAC3536[[#This Row],[Adj.AnnualRental]]*MATRIX2!D434,($Y$8-$X$2)/365*Table_Provincial_GTAC3536[[#This Row],[Adj.AnnualRental]])","v":211822.30356164381},{"$f":"(Table_Provincial_GTAC3536[[#This Row],[Adj.AnnualRental]]*(1+$I434)^(2))","v":765484.32320400001},{"$f":"(Table_Provincial_GTAC3536[[#This Row],[Adj.AnnualRental]]*(1+$I434)^(3))","v":834377.9122923601},{"$f":"(Table_Provincial_GTAC3536[[#This Row],[Adj.AnnualRental]]*(1+$I434)^(4))","v":909471.92439867253},{"$f":"(Table_Provincial_GTAC3536[[#This Row],[Adj.AnnualRental]]*(1+$I434)^(5))","v":991324.39759455319},{"$f":"(Table_Provincial_GTAC3536[[#This Row],[Adj.AnnualRental]]*(1+$I434)^(6))","v":1080543.5933780631},{"$f":"(Table_Provincial_GTAC3536[[#This Row],[Adj.AnnualRental]]*(1+$I434)^(7))","v":1177792.5167820887}]
[624,{"$f":"VLOOKUP($A435,DATA2!$A$2:$S$607,2,FALSE)","v":"WC"},{"$f":"VLOOKUP($A435,DATA2!$A$2:$S$607,3,FALSE)","v":"Western Cape"},{"$f":"VLOOKUP($A435,DATA2!$A$2:$S$607,4,FALSE)","v":68.87114583333333},{"$f":"VLOOKUP($A435,DATA2!$A$2:$S$607,5,FALSE)","v":87.5},{"$f":"VLOOKUP($A435,DATA2!$A$2:$S$607,6,FALSE)","v":"MAIN CENTRE"},{"$f":"VLOOKUP($A435,DATA2!$A$2:$S$607,7,FALSE)","v":96},{"$f":"VLOOKUP($A435,DATA2!$A$2:$S$607,8,FALSE)","v":true},{"$f":"VLOOKUP($A435,DATA2!$A$2:$S$607,9,FALSE)","v":0.08},21541.07,{"$f":"VLOOKUP($A435,DATA2!$A$2:$S$607,10,FALSE)","v":6611.63},{"$f":"VLOOKUP($A435,DATA2!$A$2:$S$607,11,FALSE)","v":79339.56},{"$f":"VLOOKUP($A435,DATA2!$A$2:$S$607,12,FALSE)","v":"2017-04-01"},{"$f":"VLOOKUP($A435,DATA2!$A$2:$S$607,13,FALSE)","v":"2020-03-31"},{"$f":"VLOOKUP($A435,DATA2!$A$2:$S$607,14,FALSE)","v":"No"},{"$f":"IF(MATRIX2!D435=1,($Y$8-$X$2)/365*Table_Provincial_GTAC3536[[#This Row],[Adj.AnnualRental]]*MATRIX2!D435,($Y$8-$X$2)/365*Table_Provincial_GTAC3536[[#This Row],[Adj.AnnualRental]])","v":26084.238904109588},{"$f":"(Table_Provincial_GTAC3536[[#This Row],[Adj.AnnualRental]]*(1+$I435)^(2))","v":92541.662784},{"$f":"(Table_Provincial_GTAC3536[[#This Row],[Adj.AnnualRental]]*(1+$I435)^(3))","v":99944.995806720006},{"$f":"(Table_Provincial_GTAC3536[[#This Row],[Adj.AnnualRental]]*(1+$I435)^(4))","v":107940.59547125762},{"$f":"(Table_Provincial_GTAC3536[[#This Row],[Adj.AnnualRental]]*(1+$I435)^(5))","v":116575.84310895823},{"$f":"(Table_Provincial_GTAC3536[[#This Row],[Adj.AnnualRental]]*(1+$I435)^(6))","v":125901.9105576749},{"$f":"(Table_Provincial_GTAC3536[[#This Row],[Adj.AnnualRental]]*(1+$I435)^(7))","v":135974.06340228891}]
[625,{"$f":"VLOOKUP($A436,DATA2!$A$2:$S$607,2,FALSE)","v":"WC"},{"$f":"VLOOKUP($A436,DATA2!$A$2:$S$607,3,FALSE)","v":"Western Cape"},{"$f":"VLOOKUP($A436,DATA2!$A$2:$S$607,4,FALSE)","v":89.007769080234837},{"$f":"VLOOKUP($A436,DATA2!$A$2:$S$607,5,FALSE)","v":90},{"$f":"VLOOKUP($A436,DATA2!$A$2:$S$607,6,FALSE)","v":"VTSD"},{"$f":"VLOOKUP($A436,DATA2!$A$2:$S$607,7,FALSE)","v":511},{"$f":"VLOOKUP($A436,DATA2!$A$2:$S$607,8,FALSE)","v":true},{"$f":"VLOOKUP($A436,DATA2!$A$2:$S$607,9,FALSE)","v":7.0000000000000007E-2},9686.4500000000007,{"$f":"VLOOKUP($A436,DATA2!$A$2:$S$607,10,FALSE)","v":45482.97},{"$f":"VLOOKUP($A436,DATA2!$A$2:$S$607,11,FALSE)","v":545795.64},{"$f":"VLOOKUP($A436,DATA2!$A$2:$S$607,12,FALSE)","v":"2017-04-01"},{"$f":"VLOOKUP($A436,DATA2!$A$2:$S$607,13,FALSE)","v":"2020-03-31"},{"$f":"VLOOKUP($A436,DATA2!$A$2:$S$607,14,FALSE)","v":"No"},{"$f":"IF(MATRIX2!D436=1,($Y$8-$X$2)/365*Table_Provincial_GTAC3536[[#This Row],[Adj.AnnualRental]]*MATRIX2!D436,($Y$8-$X$2)/365*Table_Provincial_GTAC3536[[#This Row],[Adj.AnnualRental]])","v":179439.66246575341},{"$f":"(Table_Provincial_GTAC3536[[#This Row],[Adj.AnnualRental]]*(1+$I436)^(2))","v":624881.42823600001},{"$f":"(Table_Provincial_GTAC3536[[#This Row],[Adj.AnnualRental]]*(1+$I436)^(3))","v":668623.12821252004},{"$f":"(Table_Provincial_GTAC3536[[#This Row],[Adj.AnnualRental]]*(1+$I436)^(4))","v":715426.7471873964},{"$f":"(Table_Provincial_GTAC3536[[#This Row],[Adj.AnnualRental]]*(1+$I436)^(5))","v":765506.61949051428},{"$f":"(Table_Provincial_GTAC3536[[#This Row],[Adj.AnnualRental]]*(1+$I436)^(6))","v":819092.08285485022},{"$f":"(Table_Provincial_GTAC3536[[#This Row],[Adj.AnnualRental]]*(1+$I436)^(7))","v":876428.52865468978}]
[626,{"$f":"VLOOKUP($A437,DATA2!$A$2:$S$607,2,FALSE)","v":"WC"},{"$f":"VLOOKUP($A437,DATA2!$A$2:$S$607,3,FALSE)","v":"Western Cape"},{"$f":"VLOOKUP($A437,DATA2!$A$2:$S$607,4,FALSE)","v":80.520767918088737},{"$f":"VLOOKUP($A437,DATA2!$A$2:$S$607,5,FALSE)","v":90},{"$f":"VLOOKUP($A437,DATA2!$A$2:$S$607,6,FALSE)","v":"VTSD"},{"$f":"VLOOKUP($A437,DATA2!$A$2:$S$607,7,FALSE)","v":586},{"$f":"VLOOKUP($A437,DATA2!$A$2:$S$607,8,FALSE)","v":true},{"$f":"VLOOKUP($A437,DATA2!$A$2:$S$607,9,FALSE)","v":5.5E-2},853.03,{"$f":"VLOOKUP($A437,DATA2!$A$2:$S$607,10,FALSE)","v":47185.17},{"$f":"VLOOKUP($A437,DATA2!$A$2:$S$607,11,FALSE)","v":566222.04},{"$f":"VLOOKUP($A437,DATA2!$A$2:$S$607,12,FALSE)","v":"2017-04-01"},{"$f":"VLOOKUP($A437,DATA2!$A$2:$S$607,13,FALSE)","v":"2022-03-31"},{"$f":"VLOOKUP($A437,DATA2!$A$2:$S$607,14,FALSE)","v":"No"},{"$f":"IF(MATRIX2!D437=1,($Y$8-$X$2)/365*Table_Provincial_GTAC3536[[#This Row],[Adj.AnnualRental]]*MATRIX2!D437,($Y$8-$X$2)/365*Table_Provincial_GTAC3536[[#This Row],[Adj.AnnualRental]])","v":186155.19123287671},{"$f":"(Table_Provincial_GTAC3536[[#This Row],[Adj.AnnualRental]]*(1+$I437)^(2))","v":630219.28607100004},{"$f":"(Table_Provincial_GTAC3536[[#This Row],[Adj.AnnualRental]]*(1+$I437)^(3))","v":664881.34680490498},{"$f":"(Table_Provincial_GTAC3536[[#This Row],[Adj.AnnualRental]]*(1+$I437)^(4))","v":701449.82087917475},{"$f":"(Table_Provincial_GTAC3536[[#This Row],[Adj.AnnualRental]]*(1+$I437)^(5))","v":740029.5610275293},{"$f":"(Table_Provincial_GTAC3536[[#This Row],[Adj.AnnualRental]]*(1+$I437)^(6))","v":780731.18688404339},{"$f":"(Table_Provincial_GTAC3536[[#This Row],[Adj.AnnualRental]]*(1+$I437)^(7))","v":823671.40216266573}]
[627,{"$f":"VLOOKUP($A438,DATA2!$A$2:$S$607,2,FALSE)","v":"WC"},{"$f":"VLOOKUP($A438,DATA2!$A$2:$S$607,3,FALSE)","v":"Western Cape"},{"$f":"VLOOKUP($A438,DATA2!$A$2:$S$607,4,FALSE)","v":71.963368520560891},{"$f":"VLOOKUP($A438,DATA2!$A$2:$S$607,5,FALSE)","v":67.5},{"$f":"VLOOKUP($A438,DATA2!$A$2:$S$607,6,FALSE)","v":"VTSD"},{"$f":"VLOOKUP($A438,DATA2!$A$2:$S$607,7,FALSE)","v":380.82},{"$f":"VLOOKUP($A438,DATA2!$A$2:$S$607,8,FALSE)","v":true},{"$f":"VLOOKUP($A438,DATA2!$A$2:$S$607,9,FALSE)","v":0.09},9064.65,{"$f":"VLOOKUP($A438,DATA2!$A$2:$S$607,10,FALSE)","v":27405.09},{"$f":"VLOOKUP($A438,DATA2!$A$2:$S$607,11,FALSE)","v":328861.08},{"$f":"VLOOKUP($A438,DATA2!$A$2:$S$607,12,FALSE)","v":"2017-04-01"},{"$f":"VLOOKUP($A438,DATA2!$A$2:$S$607,13,FALSE)","v":"2022-03-31"},{"$f":"VLOOKUP($A438,DATA2!$A$2:$S$607,14,FALSE)","v":"No"},{"$f":"IF(MATRIX2!D438=1,($Y$8-$X$2)/365*Table_Provincial_GTAC3536[[#This Row],[Adj.AnnualRental]]*MATRIX2!D438,($Y$8-$X$2)/365*Table_Provincial_GTAC3536[[#This Row],[Adj.AnnualRental]])","v":108118.71123287671},{"$f":"(Table_Provincial_GTAC3536[[#This Row],[Adj.AnnualRental]]*(1+$I438)^(2))","v":390719.84914800007},{"$f":"(Table_Provincial_GTAC3536[[#This Row],[Adj.AnnualRental]]*(1+$I438)^(3))","v":425884.63557132008},{"$f":"(Table_Provincial_GTAC3536[[#This Row],[Adj.AnnualRental]]*(1+$I438)^(4))","v":464214.25277273892},{"$f":"(Table_Provincial_GTAC3536[[#This Row],[Adj.AnnualRental]]*(1+$I438)^(5))","v":505993.5355222855},{"$f":"(Table_Provincial_GTAC3536[[#This Row],[Adj.AnnualRental]]*(1+$I438)^(6))","v":551532.95371929125},{"$f":"(Table_Provincial_GTAC3536[[#This Row],[Adj.AnnualRental]]*(1+$I438)^(7))","v":601170.91955402738}]
[628,{"$f":"VLOOKUP($A439,DATA2!$A$2:$S$607,2,FALSE)","v":"WC"},{"$f":"VLOOKUP($A439,DATA2!$A$2:$S$607,3,FALSE)","v":"Western Cape"},{"$f":"VLOOKUP($A439,DATA2!$A$2:$S$607,4,FALSE)","v":131.1},{"$f":"VLOOKUP($A439,DATA2!$A$2:$S$607,5,FALSE)","v":87.5},{"$f":"VLOOKUP($A439,DATA2!$A$2:$S$607,6,FALSE)","v":"MAIN CENTRE"},{"$f":"VLOOKUP($A439,DATA2!$A$2:$S$607,7,FALSE)","v":512},{"$f":"VLOOKUP($A439,DATA2!$A$2:$S$607,8,FALSE)","v":true},{"$f":"VLOOKUP($A439,DATA2!$A$2:$S$607,9,FALSE)","v":0.09},78127.199999999997,{"$f":"VLOOKUP($A439,DATA2!$A$2:$S$607,10,FALSE)","v":67123.199999999997},{"$f":"VLOOKUP($A439,DATA2!$A$2:$S$607,11,FALSE)","v":805478.40000000002},{"$f":"VLOOKUP($A439,DATA2!$A$2:$S$607,12,FALSE)","v":"2017-04-01"},{"$f":"VLOOKUP($A439,DATA2!$A$2:$S$607,13,FALSE)","v":"2022-03-31"},{"$f":"VLOOKUP($A439,DATA2!$A$2:$S$607,14,FALSE)","v":"No"},{"$f":"IF(MATRIX2!D439=1,($Y$8-$X$2)/365*Table_Provincial_GTAC3536[[#This Row],[Adj.AnnualRental]]*MATRIX2!D439,($Y$8-$X$2)/365*Table_Provincial_GTAC3536[[#This Row],[Adj.AnnualRental]])","v":264814.81643835618},{"$f":"(Table_Provincial_GTAC3536[[#This Row],[Adj.AnnualRental]]*(1+$I439)^(2))","v":956988.88704000018},{"$f":"(Table_Provincial_GTAC3536[[#This Row],[Adj.AnnualRental]]*(1+$I439)^(3))","v":1043117.8868736002},{"$f":"(Table_Provincial_GTAC3536[[#This Row],[Adj.AnnualRental]]*(1+$I439)^(4))","v":1136998.4966922242},{"$f":"(Table_Provincial_GTAC3536[[#This Row],[Adj.AnnualRental]]*(1+$I439)^(5))","v":1239328.3613945246},{"$f":"(Table_Provincial_GTAC3536[[#This Row],[Adj.AnnualRental]]*(1+$I439)^(6))","v":1350867.9139200319},{"$f":"(Table_Provincial_GTAC3536[[#This Row],[Adj.AnnualRental]]*(1+$I439)^(7))","v":1472446.0261728347}]
[630,{"$f":"VLOOKUP($A440,DATA2!$A$2:$S$607,2,FALSE)","v":"WC"},{"$f":"VLOOKUP($A440,DATA2!$A$2:$S$607,3,FALSE)","v":"Western Cape"},{"$f":"VLOOKUP($A440,DATA2!$A$2:$S$607,4,FALSE)","v":163.51636363636362},{"$f":"VLOOKUP($A440,DATA2!$A$2:$S$607,5,FALSE)","v":90},{"$f":"VLOOKUP($A440,DATA2!$A$2:$S$607,6,FALSE)","v":"MAIN CENTRE"},{"$f":"VLOOKUP($A440,DATA2!$A$2:$S$607,7,FALSE)","v":220},{"$f":"VLOOKUP($A440,DATA2!$A$2:$S$607,8,FALSE)","v":true},{"$f":"VLOOKUP($A440,DATA2!$A$2:$S$607,9,FALSE)","v":0.08},53691.07,{"$f":"VLOOKUP($A440,DATA2!$A$2:$S$607,10,FALSE)","v":35973.599999999999},{"$f":"VLOOKUP($A440,DATA2!$A$2:$S$607,11,FALSE)","v":431683.2},{"$f":"VLOOKUP($A440,DATA2!$A$2:$S$607,12,FALSE)","v":"2014-02-01"},{"$f":"VLOOKUP($A440,DATA2!$A$2:$S$607,13,FALSE)","v":"2019-01-31"},{"$f":"VLOOKUP($A440,DATA2!$A$2:$S$607,14,FALSE)","v":"No"},{"$f":"IF(MATRIX2!D440=1,($Y$8-$X$2)/365*Table_Provincial_GTAC3536[[#This Row],[Adj.AnnualRental]]*MATRIX2!D440,($Y$8-$X$2)/365*Table_Provincial_GTAC3536[[#This Row],[Adj.AnnualRental]])","v":141923.24383561642},{"$f":"(Table_Provincial_GTAC3536[[#This Row],[Adj.AnnualRental]]*(1+$I440)^(2))","v":503515.28448000003},{"$f":"(Table_Provincial_GTAC3536[[#This Row],[Adj.AnnualRental]]*(1+$I440)^(3))","v":543796.50723840005},{"$f":"(Table_Provincial_GTAC3536[[#This Row],[Adj.AnnualRental]]*(1+$I440)^(4))","v":587300.22781747219},{"$f":"(Table_Provincial_GTAC3536[[#This Row],[Adj.AnnualRental]]*(1+$I440)^(5))","v":634284.24604286987},{"$f":"(Table_Provincial_GTAC3536[[#This Row],[Adj.AnnualRental]]*(1+$I440)^(6))","v":685026.98572629958},{"$f":"(Table_Provincial_GTAC3536[[#This Row],[Adj.AnnualRental]]*(1+$I440)^(7))","v":739829.14458440361}]
[632,{"$f":"VLOOKUP($A441,DATA2!$A$2:$S$607,2,FALSE)","v":"WC"},{"$f":"VLOOKUP($A441,DATA2!$A$2:$S$607,3,FALSE)","v":"Western Cape"},{"$f":"VLOOKUP($A441,DATA2!$A$2:$S$607,4,FALSE)","v":83.751951219512193},{"$f":"VLOOKUP($A441,DATA2!$A$2:$S$607,5,FALSE)","v":87.5},{"$f":"VLOOKUP($A441,DATA2!$A$2:$S$607,6,FALSE)","v":"VTSD"},{"$f":"VLOOKUP($A441,DATA2!$A$2:$S$607,7,FALSE)","v":41},{"$f":"VLOOKUP($A441,DATA2!$A$2:$S$607,8,FALSE)","v":true},{"$f":"VLOOKUP($A441,DATA2!$A$2:$S$607,9,FALSE)","v":0.08},6611.63,{"$f":"VLOOKUP($A441,DATA2!$A$2:$S$607,10,FALSE)","v":3433.83},{"$f":"VLOOKUP($A441,DATA2!$A$2:$S$607,11,FALSE)","v":41205.96},{"$f":"VLOOKUP($A441,DATA2!$A$2:$S$607,12,FALSE)","v":"2012-08-01"},{"$f":"VLOOKUP($A441,DATA2!$A$2:$S$607,13,FALSE)","v":"2018-04-30"},{"$f":"VLOOKUP($A441,DATA2!$A$2:$S$607,14,FALSE)","v":"No"},{"$f":"IF(MATRIX2!D441=1,($Y$8-$X$2)/365*Table_Provincial_GTAC3536[[#This Row],[Adj.AnnualRental]]*MATRIX2!D441,($Y$8-$X$2)/365*Table_Provincial_GTAC3536[[#This Row],[Adj.AnnualRental]])","v":13547.164931506848},{"$f":"(Table_Provincial_GTAC3536[[#This Row],[Adj.AnnualRental]]*(1+$I441)^(2))","v":48062.631744000006},{"$f":"(Table_Provincial_GTAC3536[[#This Row],[Adj.AnnualRental]]*(1+$I441)^(3))","v":51907.642283520006},{"$f":"(Table_Provincial_GTAC3536[[#This Row],[Adj.AnnualRental]]*(1+$I441)^(4))","v":56060.253666201614},{"$f":"(Table_Provincial_GTAC3536[[#This Row],[Adj.AnnualRental]]*(1+$I441)^(5))","v":60545.073959497742},{"$f":"(Table_Provincial_GTAC3536[[#This Row],[Adj.AnnualRental]]*(1+$I441)^(6))","v":65388.679876257571},{"$f":"(Table_Provincial_GTAC3536[[#This Row],[Adj.AnnualRental]]*(1+$I441)^(7))","v":70619.774266358174}]
[633,{"$f":"VLOOKUP($A442,DATA2!$A$2:$S$607,2,FALSE)","v":"WC"},{"$f":"VLOOKUP($A442,DATA2!$A$2:$S$607,3,FALSE)","v":"Western Cape"},{"$f":"VLOOKUP($A442,DATA2!$A$2:$S$607,4,FALSE)","v":79.34368932038835},{"$f":"VLOOKUP($A442,DATA2!$A$2:$S$607,5,FALSE)","v":87.5},{"$f":"VLOOKUP($A442,DATA2!$A$2:$S$607,6,FALSE)","v":"VTSD"},{"$f":"VLOOKUP($A442,DATA2!$A$2:$S$607,7,FALSE)","v":103},{"$f":"VLOOKUP($A442,DATA2!$A$2:$S$607,8,FALSE)","v":true},{"$f":"VLOOKUP($A442,DATA2!$A$2:$S$607,9,FALSE)","v":0.08},45482.97,{"$f":"VLOOKUP($A442,DATA2!$A$2:$S$607,10,FALSE)","v":8172.4},{"$f":"VLOOKUP($A442,DATA2!$A$2:$S$607,11,FALSE)","v":98068.800000000003},{"$f":"VLOOKUP($A442,DATA2!$A$2:$S$607,12,FALSE)","v":"2012-02-01"},{"$f":"VLOOKUP($A442,DATA2!$A$2:$S$607,13,FALSE)","v":"2018-04-30"},{"$f":"VLOOKUP($A442,DATA2!$A$2:$S$607,14,FALSE)","v":"No"},{"$f":"IF(MATRIX2!D442=1,($Y$8-$X$2)/365*Table_Provincial_GTAC3536[[#This Row],[Adj.AnnualRental]]*MATRIX2!D442,($Y$8-$X$2)/365*Table_Provincial_GTAC3536[[#This Row],[Adj.AnnualRental]])","v":32241.797260273972},{"$f":"(Table_Provincial_GTAC3536[[#This Row],[Adj.AnnualRental]]*(1+$I442)^(2))","v":114387.44832000001},{"$f":"(Table_Provincial_GTAC3536[[#This Row],[Adj.AnnualRental]]*(1+$I442)^(3))","v":123538.44418560002},{"$f":"(Table_Provincial_GTAC3536[[#This Row],[Adj.AnnualRental]]*(1+$I442)^(4))","v":133421.51972044804},{"$f":"(Table_Provincial_GTAC3536[[#This Row],[Adj.AnnualRental]]*(1+$I442)^(5))","v":144095.24129808389},{"$f":"(Table_Provincial_GTAC3536[[#This Row],[Adj.AnnualRental]]*(1+$I442)^(6))","v":155622.86060193062},{"$f":"(Table_Provincial_GTAC3536[[#This Row],[Adj.AnnualRental]]*(1+$I442)^(7))","v":168072.68945008505}]
[634,{"$f":"VLOOKUP($A443,DATA2!$A$2:$S$607,2,FALSE)","v":"WC"},{"$f":"VLOOKUP($A443,DATA2!$A$2:$S$607,3,FALSE)","v":"Western Cape"},{"$f":"VLOOKUP($A443,DATA2!$A$2:$S$607,4,FALSE)","v":50.780679012345672},{"$f":"VLOOKUP($A443,DATA2!$A$2:$S$607,5,FALSE)","v":87.5},{"$f":"VLOOKUP($A443,DATA2!$A$2:$S$607,6,FALSE)","v":"VTSD"},{"$f":"VLOOKUP($A443,DATA2!$A$2:$S$607,7,FALSE)","v":162},{"$f":"VLOOKUP($A443,DATA2!$A$2:$S$607,8,FALSE)","v":true},{"$f":"VLOOKUP($A443,DATA2!$A$2:$S$607,9,FALSE)","v":5.5E-2},47185.17,{"$f":"VLOOKUP($A443,DATA2!$A$2:$S$607,10,FALSE)","v":8226.4699999999993},{"$f":"VLOOKUP($A443,DATA2!$A$2:$S$607,11,FALSE)","v":98717.64},{"$f":"VLOOKUP($A443,DATA2!$A$2:$S$607,12,FALSE)","v":"2016-04-01"},{"$f":"VLOOKUP($A443,DATA2!$A$2:$S$607,13,FALSE)","v":"2019-03-31"},{"$f":"VLOOKUP($A443,DATA2!$A$2:$S$607,14,FALSE)","v":"No"},{"$f":"IF(MATRIX2!D443=1,($Y$8-$X$2)/365*Table_Provincial_GTAC3536[[#This Row],[Adj.AnnualRental]]*MATRIX2!D443,($Y$8-$X$2)/365*Table_Provincial_GTAC3536[[#This Row],[Adj.AnnualRental]])","v":32455.114520547944},{"$f":"(Table_Provincial_GTAC3536[[#This Row],[Adj.AnnualRental]]*(1+$I443)^(2))","v":109875.20126099999},{"$f":"(Table_Provincial_GTAC3536[[#This Row],[Adj.AnnualRental]]*(1+$I443)^(3))","v":115918.33733035497},{"$f":"(Table_Provincial_GTAC3536[[#This Row],[Adj.AnnualRental]]*(1+$I443)^(4))","v":122293.84588352451},{"$f":"(Table_Provincial_GTAC3536[[#This Row],[Adj.AnnualRental]]*(1+$I443)^(5))","v":129020.00740711835},{"$f":"(Table_Provincial_GTAC3536[[#This Row],[Adj.AnnualRental]]*(1+$I443)^(6))","v":136116.10781450986},{"$f":"(Table_Provincial_GTAC3536[[#This Row],[Adj.AnnualRental]]*(1+$I443)^(7))","v":143602.49374430787}]
[635,{"$f":"VLOOKUP($A444,DATA2!$A$2:$S$607,2,FALSE)","v":"WC"},{"$f":"VLOOKUP($A444,DATA2!$A$2:$S$607,3,FALSE)","v":"Western Cape"},{"$f":"VLOOKUP($A444,DATA2!$A$2:$S$607,4,FALSE)","v":91.287633769322241},{"$f":"VLOOKUP($A444,DATA2!$A$2:$S$607,5,FALSE)","v":87.5},{"$f":"VLOOKUP($A444,DATA2!$A$2:$S$607,6,FALSE)","v":"VTSD"},{"$f":"VLOOKUP($A444,DATA2!$A$2:$S$607,7,FALSE)","v":841},{"$f":"VLOOKUP($A444,DATA2!$A$2:$S$607,8,FALSE)","v":true},{"$f":"VLOOKUP($A444,DATA2!$A$2:$S$607,9,FALSE)","v":7.4999999999999997E-2},27405.09,{"$f":"VLOOKUP($A444,DATA2!$A$2:$S$607,10,FALSE)","v":76772.899999999994},{"$f":"VLOOKUP($A444,DATA2!$A$2:$S$607,11,FALSE)","v":921274.8},{"$f":"VLOOKUP($A444,DATA2!$A$2:$S$607,12,FALSE)","v":"2017-09-01"},{"$f":"VLOOKUP($A444,DATA2!$A$2:$S$607,13,FALSE)","v":"2022-08-31"},{"$f":"VLOOKUP($A444,DATA2!$A$2:$S$607,14,FALSE)","v":"No"},{"$f":"IF(MATRIX2!D444=1,($Y$8-$X$2)/365*Table_Provincial_GTAC3536[[#This Row],[Adj.AnnualRental]]*MATRIX2!D444,($Y$8-$X$2)/365*Table_Provincial_GTAC3536[[#This Row],[Adj.AnnualRental]])","v":302884.86575342464},{"$f":"(Table_Provincial_GTAC3536[[#This Row],[Adj.AnnualRental]]*(1+$I444)^(2))","v":1064648.1907500001},{"$f":"(Table_Provincial_GTAC3536[[#This Row],[Adj.AnnualRental]]*(1+$I444)^(3))","v":1144496.80505625},{"$f":"(Table_Provincial_GTAC3536[[#This Row],[Adj.AnnualRental]]*(1+$I444)^(4))","v":1230334.0654354687},{"$f":"(Table_Provincial_GTAC3536[[#This Row],[Adj.AnnualRental]]*(1+$I444)^(5))","v":1322609.1203431289},{"$f":"(Table_Provincial_GTAC3536[[#This Row],[Adj.AnnualRental]]*(1+$I444)^(6))","v":1421804.8043688633},{"$f":"(Table_Provincial_GTAC3536[[#This Row],[Adj.AnnualRental]]*(1+$I444)^(7))","v":1528440.1646965281}]
[636,{"$f":"VLOOKUP($A445,DATA2!$A$2:$S$607,2,FALSE)","v":"WC"},{"$f":"VLOOKUP($A445,DATA2!$A$2:$S$607,3,FALSE)","v":"Western Cape"},{"$f":"VLOOKUP($A445,DATA2!$A$2:$S$607,4,FALSE)","v":80.962785714285715},{"$f":"VLOOKUP($A445,DATA2!$A$2:$S$607,5,FALSE)","v":87.5},{"$f":"VLOOKUP($A445,DATA2!$A$2:$S$607,6,FALSE)","v":"VTSD"},{"$f":"VLOOKUP($A445,DATA2!$A$2:$S$607,7,FALSE)","v":140},{"$f":"VLOOKUP($A445,DATA2!$A$2:$S$607,8,FALSE)","v":true},{"$f":"VLOOKUP($A445,DATA2!$A$2:$S$607,9,FALSE)","v":0.06},67123.199999999997,{"$f":"VLOOKUP($A445,DATA2!$A$2:$S$607,10,FALSE)","v":11334.79},{"$f":"VLOOKUP($A445,DATA2!$A$2:$S$607,11,FALSE)","v":136017.48000000001},{"$f":"VLOOKUP($A445,DATA2!$A$2:$S$607,12,FALSE)","v":"2015-10-01"},{"$f":"VLOOKUP($A445,DATA2!$A$2:$S$607,13,FALSE)","v":"2018-09-30"},{"$f":"VLOOKUP($A445,DATA2!$A$2:$S$607,14,FALSE)","v":"No"},{"$f":"IF(MATRIX2!D445=1,($Y$8-$X$2)/365*Table_Provincial_GTAC3536[[#This Row],[Adj.AnnualRental]]*MATRIX2!D445,($Y$8-$X$2)/365*Table_Provincial_GTAC3536[[#This Row],[Adj.AnnualRental]])","v":44718.075616438357},{"$f":"(Table_Provincial_GTAC3536[[#This Row],[Adj.AnnualRental]]*(1+$I445)^(2))","v":152829.24052800002},{"$f":"(Table_Provincial_GTAC3536[[#This Row],[Adj.AnnualRental]]*(1+$I445)^(3))","v":161998.99495968004},{"$f":"(Table_Provincial_GTAC3536[[#This Row],[Adj.AnnualRental]]*(1+$I445)^(4))","v":171718.93465726086},{"$f":"(Table_Provincial_GTAC3536[[#This Row],[Adj.AnnualRental]]*(1+$I445)^(5))","v":182022.07073669654},{"$f":"(Table_Provincial_GTAC3536[[#This Row],[Adj.AnnualRental]]*(1+$I445)^(6))","v":192943.39498089833},{"$f":"(Table_Provincial_GTAC3536[[#This Row],[Adj.AnnualRental]]*(1+$I445)^(7))","v":204519.99867975226}]
[637,{"$f":"VLOOKUP($A446,DATA2!$A$2:$S$607,2,FALSE)","v":"WC"},{"$f":"VLOOKUP($A446,DATA2!$A$2:$S$607,3,FALSE)","v":"Western Cape"},{"$f":"VLOOKUP($A446,DATA2!$A$2:$S$607,4,FALSE)","v":97.584000000000003},{"$f":"VLOOKUP($A446,DATA2!$A$2:$S$607,5,FALSE)","v":90},{"$f":"VLOOKUP($A446,DATA2!$A$2:$S$607,6,FALSE)","v":"VTSD"},{"$f":"VLOOKUP($A446,DATA2!$A$2:$S$607,7,FALSE)","v":563},{"$f":"VLOOKUP($A446,DATA2!$A$2:$S$607,8,FALSE)","v":true},{"$f":"VLOOKUP($A446,DATA2!$A$2:$S$607,9,FALSE)","v":7.0000000000000007E-2},35973.599999999999,{"$f":"VLOOKUP($A446,DATA2!$A$2:$S$607,10,FALSE)","v":54939.792000000001},{"$f":"VLOOKUP($A446,DATA2!$A$2:$S$607,11,FALSE)","v":659277.50399999996},{"$f":"VLOOKUP($A446,DATA2!$A$2:$S$607,12,FALSE)","v":"2015-12-01"},{"$f":"VLOOKUP($A446,DATA2!$A$2:$S$607,13,FALSE)","v":"2021-02-28"},{"$f":"VLOOKUP($A446,DATA2!$A$2:$S$607,14,FALSE)","v":"No"},{"$f":"IF(MATRIX2!D446=1,($Y$8-$X$2)/365*Table_Provincial_GTAC3536[[#This Row],[Adj.AnnualRental]]*MATRIX2!D446,($Y$8-$X$2)/365*Table_Provincial_GTAC3536[[#This Row],[Adj.AnnualRental]])","v":216748.76843835614},{"$f":"(Table_Provincial_GTAC3536[[#This Row],[Adj.AnnualRental]]*(1+$I446)^(2))","v":754806.81432959996},{"$f":"(Table_Provincial_GTAC3536[[#This Row],[Adj.AnnualRental]]*(1+$I446)^(3))","v":807643.291332672},{"$f":"(Table_Provincial_GTAC3536[[#This Row],[Adj.AnnualRental]]*(1+$I446)^(4))","v":864178.32172595896},{"$f":"(Table_Provincial_GTAC3536[[#This Row],[Adj.AnnualRental]]*(1+$I446)^(5))","v":924670.80424677627},{"$f":"(Table_Provincial_GTAC3536[[#This Row],[Adj.AnnualRental]]*(1+$I446)^(6))","v":989397.76054405048},{"$f":"(Table_Provincial_GTAC3536[[#This Row],[Adj.AnnualRental]]*(1+$I446)^(7))","v":1058655.6037821341}]
[638,{"$f":"VLOOKUP($A447,DATA2!$A$2:$S$607,2,FALSE)","v":"WC"},{"$f":"VLOOKUP($A447,DATA2!$A$2:$S$607,3,FALSE)","v":"Western Cape"},{"$f":"VLOOKUP($A447,DATA2!$A$2:$S$607,4,FALSE)","v":107.88716455696202},{"$f":"VLOOKUP($A447,DATA2!$A$2:$S$607,5,FALSE)","v":90},{"$f":"VLOOKUP($A447,DATA2!$A$2:$S$607,6,FALSE)","v":"VTSD"},{"$f":"VLOOKUP($A447,DATA2!$A$2:$S$607,7,FALSE)","v":395},{"$f":"VLOOKUP($A447,DATA2!$A$2:$S$607,8,FALSE)","v":true},{"$f":"VLOOKUP($A447,DATA2!$A$2:$S$607,9,FALSE)","v":0.08},3433.83,{"$f":"VLOOKUP($A447,DATA2!$A$2:$S$607,10,FALSE)","v":42615.43},{"$f":"VLOOKUP($A447,DATA2!$A$2:$S$607,11,FALSE)","v":511385.16},{"$f":"VLOOKUP($A447,DATA2!$A$2:$S$607,12,FALSE)","v":"2014-05-01"},{"$f":"VLOOKUP($A447,DATA2!$A$2:$S$607,13,FALSE)","v":"2019-04-30"},{"$f":"VLOOKUP($A447,DATA2!$A$2:$S$607,14,FALSE)","v":"No"},{"$f":"IF(MATRIX2!D447=1,($Y$8-$X$2)/365*Table_Provincial_GTAC3536[[#This Row],[Adj.AnnualRental]]*MATRIX2!D447,($Y$8-$X$2)/365*Table_Provincial_GTAC3536[[#This Row],[Adj.AnnualRental]])","v":168126.62794520546},{"$f":"(Table_Provincial_GTAC3536[[#This Row],[Adj.AnnualRental]]*(1+$I447)^(2))","v":596479.650624},{"$f":"(Table_Provincial_GTAC3536[[#This Row],[Adj.AnnualRental]]*(1+$I447)^(3))","v":644198.02267392003},{"$f":"(Table_Provincial_GTAC3536[[#This Row],[Adj.AnnualRental]]*(1+$I447)^(4))","v":695733.86448783369},{"$f":"(Table_Provincial_GTAC3536[[#This Row],[Adj.AnnualRental]]*(1+$I447)^(5))","v":751392.57364686043},{"$f":"(Table_Provincial_GTAC3536[[#This Row],[Adj.AnnualRental]]*(1+$I447)^(6))","v":811503.97953860939},{"$f":"(Table_Provincial_GTAC3536[[#This Row],[Adj.AnnualRental]]*(1+$I447)^(7))","v":876424.29790169816}]
[640,{"$f":"VLOOKUP($A448,DATA2!$A$2:$S$607,2,FALSE)","v":"WC"},{"$f":"VLOOKUP($A448,DATA2!$A$2:$S$607,3,FALSE)","v":"Western Cape"},{"$f":"VLOOKUP($A448,DATA2!$A$2:$S$607,4,FALSE)","v":50.557408906882593},{"$f":"VLOOKUP($A448,DATA2!$A$2:$S$607,5,FALSE)","v":90},{"$f":"VLOOKUP($A448,DATA2!$A$2:$S$607,6,FALSE)","v":"VTSD"},{"$f":"VLOOKUP($A448,DATA2!$A$2:$S$607,7,FALSE)","v":741},{"$f":"VLOOKUP($A448,DATA2!$A$2:$S$607,8,FALSE)","v":true},{"$f":"VLOOKUP($A448,DATA2!$A$2:$S$607,9,FALSE)","v":7.0000000000000007E-2},8172.4,{"$f":"VLOOKUP($A448,DATA2!$A$2:$S$607,10,FALSE)","v":37463.040000000001},{"$f":"VLOOKUP($A448,DATA2!$A$2:$S$607,11,FALSE)","v":449556.47999999998},{"$f":"VLOOKUP($A448,DATA2!$A$2:$S$607,12,FALSE)","v":"2017-04-01"},{"$f":"VLOOKUP($A448,DATA2!$A$2:$S$607,13,FALSE)","v":"2020-03-31"},{"$f":"VLOOKUP($A448,DATA2!$A$2:$S$607,14,FALSE)","v":"No"},{"$f":"IF(MATRIX2!D448=1,($Y$8-$X$2)/365*Table_Provincial_GTAC3536[[#This Row],[Adj.AnnualRental]]*MATRIX2!D448,($Y$8-$X$2)/365*Table_Provincial_GTAC3536[[#This Row],[Adj.AnnualRental]])","v":147799.39068493148},{"$f":"(Table_Provincial_GTAC3536[[#This Row],[Adj.AnnualRental]]*(1+$I448)^(2))","v":514697.21395200002},{"$f":"(Table_Provincial_GTAC3536[[#This Row],[Adj.AnnualRental]]*(1+$I448)^(3))","v":550726.01892864006},{"$f":"(Table_Provincial_GTAC3536[[#This Row],[Adj.AnnualRental]]*(1+$I448)^(4))","v":589276.84025364474},{"$f":"(Table_Provincial_GTAC3536[[#This Row],[Adj.AnnualRental]]*(1+$I448)^(5))","v":630526.2190714},{"$f":"(Table_Provincial_GTAC3536[[#This Row],[Adj.AnnualRental]]*(1+$I448)^(6))","v":674663.05440639798},{"$f":"(Table_Provincial_GTAC3536[[#This Row],[Adj.AnnualRental]]*(1+$I448)^(7))","v":721889.46821484587}]
[641,{"$f":"VLOOKUP($A449,DATA2!$A$2:$S$607,2,FALSE)","v":"WC"},{"$f":"VLOOKUP($A449,DATA2!$A$2:$S$607,3,FALSE)","v":"Western Cape"},{"$f":"VLOOKUP($A449,DATA2!$A$2:$S$607,4,FALSE)","v":90.02716216216217},{"$f":"VLOOKUP($A449,DATA2!$A$2:$S$607,5,FALSE)","v":90},{"$f":"VLOOKUP($A449,DATA2!$A$2:$S$607,6,FALSE)","v":"VTSD"},{"$f":"VLOOKUP($A449,DATA2!$A$2:$S$607,7,FALSE)","v":296},{"$f":"VLOOKUP($A449,DATA2!$A$2:$S$607,8,FALSE)","v":true},{"$f":"VLOOKUP($A449,DATA2!$A$2:$S$607,9,FALSE)","v":0.1},8226.4699999999993,{"$f":"VLOOKUP($A449,DATA2!$A$2:$S$607,10,FALSE)","v":26648.04},{"$f":"VLOOKUP($A449,DATA2!$A$2:$S$607,11,FALSE)","v":319776.48},{"$f":"VLOOKUP($A449,DATA2!$A$2:$S$607,12,FALSE)","v":"2017-04-01"},{"$f":"VLOOKUP($A449,DATA2!$A$2:$S$607,13,FALSE)","v":"2022-03-31"},{"$f":"VLOOKUP($A449,DATA2!$A$2:$S$607,14,FALSE)","v":"No"},{"$f":"IF(MATRIX2!D449=1,($Y$8-$X$2)/365*Table_Provincial_GTAC3536[[#This Row],[Adj.AnnualRental]]*MATRIX2!D449,($Y$8-$X$2)/365*Table_Provincial_GTAC3536[[#This Row],[Adj.AnnualRental]])","v":105131.99342465753},{"$f":"(Table_Provincial_GTAC3536[[#This Row],[Adj.AnnualRental]]*(1+$I449)^(2))","v":386929.54080000002},{"$f":"(Table_Provincial_GTAC3536[[#This Row],[Adj.AnnualRental]]*(1+$I449)^(3))","v":425622.49488000013},{"$f":"(Table_Provincial_GTAC3536[[#This Row],[Adj.AnnualRental]]*(1+$I449)^(4))","v":468184.74436800007},{"$f":"(Table_Provincial_GTAC3536[[#This Row],[Adj.AnnualRental]]*(1+$I449)^(5))","v":515003.21880480013},{"$f":"(Table_Provincial_GTAC3536[[#This Row],[Adj.AnnualRental]]*(1+$I449)^(6))","v":566503.54068528023},{"$f":"(Table_Provincial_GTAC3536[[#This Row],[Adj.AnnualRental]]*(1+$I449)^(7))","v":623153.89475380839}]
[642,{"$f":"VLOOKUP($A450,DATA2!$A$2:$S$607,2,FALSE)","v":"WC"},{"$f":"VLOOKUP($A450,DATA2!$A$2:$S$607,3,FALSE)","v":"Western Cape"},{"$f":"VLOOKUP($A450,DATA2!$A$2:$S$607,4,FALSE)","v":123.29988415416889},{"$f":"VLOOKUP($A450,DATA2!$A$2:$S$607,5,FALSE)","v":67.5},{"$f":"VLOOKUP($A450,DATA2!$A$2:$S$607,6,FALSE)","v":"VTSD"},{"$f":"VLOOKUP($A450,DATA2!$A$2:$S$607,7,FALSE)","v":319.39},{"$f":"VLOOKUP($A450,DATA2!$A$2:$S$607,8,FALSE)","v":true},{"$f":"VLOOKUP($A450,DATA2!$A$2:$S$607,9,FALSE)","v":6.6000000000000003E-2},83772.899999999994,{"$f":"VLOOKUP($A450,DATA2!$A$2:$S$607,10,FALSE)","v":39380.75},{"$f":"VLOOKUP($A450,DATA2!$A$2:$S$607,11,FALSE)","v":472569},{"$f":"VLOOKUP($A450,DATA2!$A$2:$S$607,12,FALSE)","v":"2016-10-01"},{"$f":"VLOOKUP($A450,DATA2!$A$2:$S$607,13,FALSE)","v":"2021-10-31"},{"$f":"VLOOKUP($A450,DATA2!$A$2:$S$607,14,FALSE)","v":"No"},{"$f":"IF(MATRIX2!D450=1,($Y$8-$X$2)/365*Table_Provincial_GTAC3536[[#This Row],[Adj.AnnualRental]]*MATRIX2!D450,($Y$8-$X$2)/365*Table_Provincial_GTAC3536[[#This Row],[Adj.AnnualRental]])","v":155365.15068493149},{"$f":"(Table_Provincial_GTAC3536[[#This Row],[Adj.AnnualRental]]*(1+$I450)^(2))","v":537006.61856400012},{"$f":"(Table_Provincial_GTAC3536[[#This Row],[Adj.AnnualRental]]*(1+$I450)^(3))","v":572449.05538922409},{"$f":"(Table_Provincial_GTAC3536[[#This Row],[Adj.AnnualRental]]*(1+$I450)^(4))","v":610230.693044913},{"$f":"(Table_Provincial_GTAC3536[[#This Row],[Adj.AnnualRental]]*(1+$I450)^(5))","v":650505.91878587729},{"$f":"(Table_Provincial_GTAC3536[[#This Row],[Adj.AnnualRental]]*(1+$I450)^(6))","v":693439.30942574528},{"$f":"(Table_Provincial_GTAC3536[[#This Row],[Adj.AnnualRental]]*(1+$I450)^(7))","v":739206.30384784436}]
[643,{"$f":"VLOOKUP($A451,DATA2!$A$2:$S$607,2,FALSE)","v":"WC"},{"$f":"VLOOKUP($A451,DATA2!$A$2:$S$607,3,FALSE)","v":"Western Cape"},{"$f":"VLOOKUP($A451,DATA2!$A$2:$S$607,4,FALSE)","v":105.25887573964496},{"$f":"VLOOKUP($A451,DATA2!$A$2:$S$607,5,FALSE)","v":97.5},{"$f":"VLOOKUP($A451,DATA2!$A$2:$S$607,6,FALSE)","v":"CBD"},{"$f":"VLOOKUP($A451,DATA2!$A$2:$S$607,7,FALSE)","v":2028},{"$f":"VLOOKUP($A451,DATA2!$A$2:$S$607,8,FALSE)","v":true},{"$f":"VLOOKUP($A451,DATA2!$A$2:$S$607,9,FALSE)","v":7.0000000000000007E-2},11334.79,{"$f":"VLOOKUP($A451,DATA2!$A$2:$S$607,10,FALSE)","v":213465},{"$f":"VLOOKUP($A451,DATA2!$A$2:$S$607,11,FALSE)","v":2561580},{"$f":"VLOOKUP($A451,DATA2!$A$2:$S$607,12,FALSE)","v":"2016-05-01"},{"$f":"VLOOKUP($A451,DATA2!$A$2:$S$607,13,FALSE)","v":"2019-04-30"},{"$f":"VLOOKUP($A451,DATA2!$A$2:$S$607,14,FALSE)","v":"No"},{"$f":"IF(MATRIX2!D451=1,($Y$8-$X$2)/365*Table_Provincial_GTAC3536[[#This Row],[Adj.AnnualRental]]*MATRIX2!D451,($Y$8-$X$2)/365*Table_Provincial_GTAC3536[[#This Row],[Adj.AnnualRental]])","v":842163.28767123283},{"$f":"(Table_Provincial_GTAC3536[[#This Row],[Adj.AnnualRental]]*(1+$I451)^(2))","v":2932752.9420000003},{"$f":"(Table_Provincial_GTAC3536[[#This Row],[Adj.AnnualRental]]*(1+$I451)^(3))","v":3138045.6479400001},{"$f":"(Table_Provincial_GTAC3536[[#This Row],[Adj.AnnualRental]]*(1+$I451)^(4))","v":3357708.8432958},{"$f":"(Table_Provincial_GTAC3536[[#This Row],[Adj.AnnualRental]]*(1+$I451)^(5))","v":3592748.4623265066},{"$f":"(Table_Provincial_GTAC3536[[#This Row],[Adj.AnnualRental]]*(1+$I451)^(6))","v":3844240.8546893615},{"$f":"(Table_Provincial_GTAC3536[[#This Row],[Adj.AnnualRental]]*(1+$I451)^(7))","v":4113337.7145176171}]
[644,{"$f":"VLOOKUP($A452,DATA2!$A$2:$S$607,2,FALSE)","v":"WC"},{"$f":"VLOOKUP($A452,DATA2!$A$2:$S$607,3,FALSE)","v":"Western Cape"},{"$f":"VLOOKUP($A452,DATA2!$A$2:$S$607,4,FALSE)","v":67.724374999999995},{"$f":"VLOOKUP($A452,DATA2!$A$2:$S$607,5,FALSE)","v":87.5},{"$f":"VLOOKUP($A452,DATA2!$A$2:$S$607,6,FALSE)","v":"VTSD"},{"$f":"VLOOKUP($A452,DATA2!$A$2:$S$607,7,FALSE)","v":272},{"$f":"VLOOKUP($A452,DATA2!$A$2:$S$607,8,FALSE)","v":true},{"$f":"VLOOKUP($A452,DATA2!$A$2:$S$607,9,FALSE)","v":7.4999999999999997E-2},54939.792000000001,{"$f":"VLOOKUP($A452,DATA2!$A$2:$S$607,10,FALSE)","v":18421.03},{"$f":"VLOOKUP($A452,DATA2!$A$2:$S$607,11,FALSE)","v":221052.36},{"$f":"VLOOKUP($A452,DATA2!$A$2:$S$607,12,FALSE)","v":"2011-01-01"},{"$f":"VLOOKUP($A452,DATA2!$A$2:$S$607,13,FALSE)","v":"2021-08-31"},{"$f":"VLOOKUP($A452,DATA2!$A$2:$S$607,14,FALSE)","v":"No"},{"$f":"IF(MATRIX2!D452=1,($Y$8-$X$2)/365*Table_Provincial_GTAC3536[[#This Row],[Adj.AnnualRental]]*MATRIX2!D452,($Y$8-$X$2)/365*Table_Provincial_GTAC3536[[#This Row],[Adj.AnnualRental]])","v":72674.748493150677},{"$f":"(Table_Provincial_GTAC3536[[#This Row],[Adj.AnnualRental]]*(1+$I452)^(2))","v":255453.63352499995},{"$f":"(Table_Provincial_GTAC3536[[#This Row],[Adj.AnnualRental]]*(1+$I452)^(3))","v":274612.65603937494},{"$f":"(Table_Provincial_GTAC3536[[#This Row],[Adj.AnnualRental]]*(1+$I452)^(4))","v":295208.60524232808},{"$f":"(Table_Provincial_GTAC3536[[#This Row],[Adj.AnnualRental]]*(1+$I452)^(5))","v":317349.25063550269},{"$f":"(Table_Provincial_GTAC3536[[#This Row],[Adj.AnnualRental]]*(1+$I452)^(6))","v":341150.44443316536},{"$f":"(Table_Provincial_GTAC3536[[#This Row],[Adj.AnnualRental]]*(1+$I452)^(7))","v":366736.72776565276}]
[645,{"$f":"VLOOKUP($A453,DATA2!$A$2:$S$607,2,FALSE)","v":"WC"},{"$f":"VLOOKUP($A453,DATA2!$A$2:$S$607,3,FALSE)","v":"Western Cape"},{"$f":"VLOOKUP($A453,DATA2!$A$2:$S$607,4,FALSE)","v":127.5146780991135},{"$f":"VLOOKUP($A453,DATA2!$A$2:$S$607,5,FALSE)","v":97.5},{"$f":"VLOOKUP($A453,DATA2!$A$2:$S$607,6,FALSE)","v":"CBD"},{"$f":"VLOOKUP($A453,DATA2!$A$2:$S$607,7,FALSE)","v":275.24},{"$f":"VLOOKUP($A453,DATA2!$A$2:$S$607,8,FALSE)","v":true},{"$f":"VLOOKUP($A453,DATA2!$A$2:$S$607,9,FALSE)","v":0.08},42615.43,{"$f":"VLOOKUP($A453,DATA2!$A$2:$S$607,10,FALSE)","v":35097.14},{"$f":"VLOOKUP($A453,DATA2!$A$2:$S$607,11,FALSE)","v":421165.68},{"$f":"VLOOKUP($A453,DATA2!$A$2:$S$607,12,FALSE)","v":"2017-04-01"},{"$f":"VLOOKUP($A453,DATA2!$A$2:$S$607,13,FALSE)","v":"2018-04-30"},{"$f":"VLOOKUP($A453,DATA2!$A$2:$S$607,14,FALSE)","v":"No"},{"$f":"IF(MATRIX2!D453=1,($Y$8-$X$2)/365*Table_Provincial_GTAC3536[[#This Row],[Adj.AnnualRental]]*MATRIX2!D453,($Y$8-$X$2)/365*Table_Provincial_GTAC3536[[#This Row],[Adj.AnnualRental]])","v":138465.42904109589},{"$f":"(Table_Provincial_GTAC3536[[#This Row],[Adj.AnnualRental]]*(1+$I453)^(2))","v":491247.64915200003},{"$f":"(Table_Provincial_GTAC3536[[#This Row],[Adj.AnnualRental]]*(1+$I453)^(3))","v":530547.46108416002},{"$f":"(Table_Provincial_GTAC3536[[#This Row],[Adj.AnnualRental]]*(1+$I453)^(4))","v":572991.25797089294},{"$f":"(Table_Provincial_GTAC3536[[#This Row],[Adj.AnnualRental]]*(1+$I453)^(5))","v":618830.55860856432},{"$f":"(Table_Provincial_GTAC3536[[#This Row],[Adj.AnnualRental]]*(1+$I453)^(6))","v":668337.00329724955},{"$f":"(Table_Provincial_GTAC3536[[#This Row],[Adj.AnnualRental]]*(1+$I453)^(7))","v":721803.96356102952}]
[646,{"$f":"VLOOKUP($A454,DATA2!$A$2:$S$607,2,FALSE)","v":"WC"},{"$f":"VLOOKUP($A454,DATA2!$A$2:$S$607,3,FALSE)","v":"Western Cape"},{"$f":"VLOOKUP($A454,DATA2!$A$2:$S$607,4,FALSE)","v":118.86166374708041},{"$f":"VLOOKUP($A454,DATA2!$A$2:$S$607,5,FALSE)","v":97.5},{"$f":"VLOOKUP($A454,DATA2!$A$2:$S$607,6,FALSE)","v":"CBD"},{"$f":"VLOOKUP($A454,DATA2!$A$2:$S$607,7,FALSE)","v":959.04},{"$f":"VLOOKUP($A454,DATA2!$A$2:$S$607,8,FALSE)","v":true},{"$f":"VLOOKUP($A454,DATA2!$A$2:$S$607,9,FALSE)","v":0.08},37463.040000000001,{"$f":"VLOOKUP($A454,DATA2!$A$2:$S$607,10,FALSE)","v":113993.09},{"$f":"VLOOKUP($A454,DATA2!$A$2:$S$607,11,FALSE)","v":1367917.08},{"$f":"VLOOKUP($A454,DATA2!$A$2:$S$607,12,FALSE)","v":"2017-04-01"},{"$f":"VLOOKUP($A454,DATA2!$A$2:$S$607,13,FALSE)","v":"2020-03-31"},{"$f":"VLOOKUP($A454,DATA2!$A$2:$S$607,14,FALSE)","v":"No"},{"$f":"IF(MATRIX2!D454=1,($Y$8-$X$2)/365*Table_Provincial_GTAC3536[[#This Row],[Adj.AnnualRental]]*MATRIX2!D454,($Y$8-$X$2)/365*Table_Provincial_GTAC3536[[#This Row],[Adj.AnnualRental]])","v":449726.16328767122},{"$f":"(Table_Provincial_GTAC3536[[#This Row],[Adj.AnnualRental]]*(1+$I454)^(2))","v":1595538.4821120002},{"$f":"(Table_Provincial_GTAC3536[[#This Row],[Adj.AnnualRental]]*(1+$I454)^(3))","v":1723181.5606809603},{"$f":"(Table_Provincial_GTAC3536[[#This Row],[Adj.AnnualRental]]*(1+$I454)^(4))","v":1861036.0855354373},{"$f":"(Table_Provincial_GTAC3536[[#This Row],[Adj.AnnualRental]]*(1+$I454)^(5))","v":2009918.9723782723},{"$f":"(Table_Provincial_GTAC3536[[#This Row],[Adj.AnnualRental]]*(1+$I454)^(6))","v":2170712.4901685342},{"$f":"(Table_Provincial_GTAC3536[[#This Row],[Adj.AnnualRental]]*(1+$I454)^(7))","v":2344369.4893820174}]
[647,{"$f":"VLOOKUP($A455,DATA2!$A$2:$S$607,2,FALSE)","v":"WC"},{"$f":"VLOOKUP($A455,DATA2!$A$2:$S$607,3,FALSE)","v":"Western Cape"},{"$f":"VLOOKUP($A455,DATA2!$A$2:$S$607,4,FALSE)","v":119.70000208541876},{"$f":"VLOOKUP($A455,DATA2!$A$2:$S$607,5,FALSE)","v":97.5},{"$f":"VLOOKUP($A455,DATA2!$A$2:$S$607,6,FALSE)","v":"CBD"},{"$f":"VLOOKUP($A455,DATA2!$A$2:$S$607,7,FALSE)","v":959.04},{"$f":"VLOOKUP($A455,DATA2!$A$2:$S$607,8,FALSE)","v":true},{"$f":"VLOOKUP($A455,DATA2!$A$2:$S$607,9,FALSE)","v":8.5000000000000006E-2},26648.04,{"$f":"VLOOKUP($A455,DATA2!$A$2:$S$607,10,FALSE)","v":114797.09},{"$f":"VLOOKUP($A455,DATA2!$A$2:$S$607,11,FALSE)","v":1377565.08},{"$f":"VLOOKUP($A455,DATA2!$A$2:$S$607,12,FALSE)","v":"2014-07-01"},{"$f":"VLOOKUP($A455,DATA2!$A$2:$S$607,13,FALSE)","v":"2018-04-30"},{"$f":"VLOOKUP($A455,DATA2!$A$2:$S$607,14,FALSE)","v":"No"},{"$f":"IF(MATRIX2!D455=1,($Y$8-$X$2)/365*Table_Provincial_GTAC3536[[#This Row],[Adj.AnnualRental]]*MATRIX2!D455,($Y$8-$X$2)/365*Table_Provincial_GTAC3536[[#This Row],[Adj.AnnualRental]])","v":452898.10849315068},{"$f":"(Table_Provincial_GTAC3536[[#This Row],[Adj.AnnualRental]]*(1+$I455)^(2))","v":1621704.051303},{"$f":"(Table_Provincial_GTAC3536[[#This Row],[Adj.AnnualRental]]*(1+$I455)^(3))","v":1759548.895663755},{"$f":"(Table_Provincial_GTAC3536[[#This Row],[Adj.AnnualRental]]*(1+$I455)^(4))","v":1909110.5517951741},{"$f":"(Table_Provincial_GTAC3536[[#This Row],[Adj.AnnualRental]]*(1+$I455)^(5))","v":2071384.9486977637},{"$f":"(Table_Provincial_GTAC3536[[#This Row],[Adj.AnnualRental]]*(1+$I455)^(6))","v":2247452.6693370738},{"$f":"(Table_Provincial_GTAC3536[[#This Row],[Adj.AnnualRental]]*(1+$I455)^(7))","v":2438486.1462307251}]
[648,{"$f":"VLOOKUP($A456,DATA2!$A$2:$S$607,2,FALSE)","v":"WC"},{"$f":"VLOOKUP($A456,DATA2!$A$2:$S$607,3,FALSE)","v":"Western Cape"},{"$f":"VLOOKUP($A456,DATA2!$A$2:$S$607,4,FALSE)","v":121.57687896229564},{"$f":"VLOOKUP($A456,DATA2!$A$2:$S$607,5,FALSE)","v":97.5},{"$f":"VLOOKUP($A456,DATA2!$A$2:$S$607,6,FALSE)","v":"CBD"},{"$f":"VLOOKUP($A456,DATA2!$A$2:$S$607,7,FALSE)","v":959.04},{"$f":"VLOOKUP($A456,DATA2!$A$2:$S$607,8,FALSE)","v":true},{"$f":"VLOOKUP($A456,DATA2!$A$2:$S$607,9,FALSE)","v":8.5000000000000006E-2},39380.75,{"$f":"VLOOKUP($A456,DATA2!$A$2:$S$607,10,FALSE)","v":116597.09},{"$f":"VLOOKUP($A456,DATA2!$A$2:$S$607,11,FALSE)","v":1399165.08},{"$f":"VLOOKUP($A456,DATA2!$A$2:$S$607,12,FALSE)","v":"2013-12-01"},{"$f":"VLOOKUP($A456,DATA2!$A$2:$S$607,13,FALSE)","v":"2018-04-30"},{"$f":"VLOOKUP($A456,DATA2!$A$2:$S$607,14,FALSE)","v":"No"},{"$f":"IF(MATRIX2!D456=1,($Y$8-$X$2)/365*Table_Provincial_GTAC3536[[#This Row],[Adj.AnnualRental]]*MATRIX2!D456,($Y$8-$X$2)/365*Table_Provincial_GTAC3536[[#This Row],[Adj.AnnualRental]])","v":459999.47835616436},{"$f":"(Table_Provincial_GTAC3536[[#This Row],[Adj.AnnualRental]]*(1+$I456)^(2))","v":1647132.111303},{"$f":"(Table_Provincial_GTAC3536[[#This Row],[Adj.AnnualRental]]*(1+$I456)^(3))","v":1787138.3407637551},{"$f":"(Table_Provincial_GTAC3536[[#This Row],[Adj.AnnualRental]]*(1+$I456)^(4))","v":1939045.0997286739},{"$f":"(Table_Provincial_GTAC3536[[#This Row],[Adj.AnnualRental]]*(1+$I456)^(5))","v":2103863.9332056111},{"$f":"(Table_Provincial_GTAC3536[[#This Row],[Adj.AnnualRental]]*(1+$I456)^(6))","v":2282692.3675280879},{"$f":"(Table_Provincial_GTAC3536[[#This Row],[Adj.AnnualRental]]*(1+$I456)^(7))","v":2476721.2187679759}]
[649,{"$f":"VLOOKUP($A457,DATA2!$A$2:$S$607,2,FALSE)","v":"WC"},{"$f":"VLOOKUP($A457,DATA2!$A$2:$S$607,3,FALSE)","v":"Western Cape"},{"$f":"VLOOKUP($A457,DATA2!$A$2:$S$607,4,FALSE)","v":116.68448656990324},{"$f":"VLOOKUP($A457,DATA2!$A$2:$S$607,5,FALSE)","v":97.5},{"$f":"VLOOKUP($A457,DATA2!$A$2:$S$607,6,FALSE)","v":"CBD"},{"$f":"VLOOKUP($A457,DATA2!$A$2:$S$607,7,FALSE)","v":959.04},{"$f":"VLOOKUP($A457,DATA2!$A$2:$S$607,8,FALSE)","v":true},{"$f":"VLOOKUP($A457,DATA2!$A$2:$S$607,9,FALSE)","v":0.08},213465,{"$f":"VLOOKUP($A457,DATA2!$A$2:$S$607,10,FALSE)","v":111905.09},{"$f":"VLOOKUP($A457,DATA2!$A$2:$S$607,11,FALSE)","v":1342861.08},{"$f":"VLOOKUP($A457,DATA2!$A$2:$S$607,12,FALSE)","v":"2017-04-01"},{"$f":"VLOOKUP($A457,DATA2!$A$2:$S$607,13,FALSE)","v":"2020-03-31"},{"$f":"VLOOKUP($A457,DATA2!$A$2:$S$607,14,FALSE)","v":"No"},{"$f":"IF(MATRIX2!D457=1,($Y$8-$X$2)/365*Table_Provincial_GTAC3536[[#This Row],[Adj.AnnualRental]]*MATRIX2!D457,($Y$8-$X$2)/365*Table_Provincial_GTAC3536[[#This Row],[Adj.AnnualRental]])","v":441488.57424657536},{"$f":"(Table_Provincial_GTAC3536[[#This Row],[Adj.AnnualRental]]*(1+$I457)^(2))","v":1566313.1637120002},{"$f":"(Table_Provincial_GTAC3536[[#This Row],[Adj.AnnualRental]]*(1+$I457)^(3))","v":1691618.2168089603},{"$f":"(Table_Provincial_GTAC3536[[#This Row],[Adj.AnnualRental]]*(1+$I457)^(4))","v":1826947.6741536774},{"$f":"(Table_Provincial_GTAC3536[[#This Row],[Adj.AnnualRental]]*(1+$I457)^(5))","v":1973103.4880859714},{"$f":"(Table_Provincial_GTAC3536[[#This Row],[Adj.AnnualRental]]*(1+$I457)^(6))","v":2130951.7671328494},{"$f":"(Table_Provincial_GTAC3536[[#This Row],[Adj.AnnualRental]]*(1+$I457)^(7))","v":2301427.9085034775}]
[650,{"$f":"VLOOKUP($A458,DATA2!$A$2:$S$607,2,FALSE)","v":"WC"},{"$f":"VLOOKUP($A458,DATA2!$A$2:$S$607,3,FALSE)","v":"Western Cape"},{"$f":"VLOOKUP($A458,DATA2!$A$2:$S$607,4,FALSE)","v":123.12000020854188},{"$f":"VLOOKUP($A458,DATA2!$A$2:$S$607,5,FALSE)","v":97.5},{"$f":"VLOOKUP($A458,DATA2!$A$2:$S$607,6,FALSE)","v":"CBD"},{"$f":"VLOOKUP($A458,DATA2!$A$2:$S$607,7,FALSE)","v":1918.08},{"$f":"VLOOKUP($A458,DATA2!$A$2:$S$607,8,FALSE)","v":true},{"$f":"VLOOKUP($A458,DATA2!$A$2:$S$607,9,FALSE)","v":0.08},18421.03,{"$f":"VLOOKUP($A458,DATA2!$A$2:$S$607,10,FALSE)","v":236154.01},{"$f":"VLOOKUP($A458,DATA2!$A$2:$S$607,11,FALSE)","v":2833848.12},{"$f":"VLOOKUP($A458,DATA2!$A$2:$S$607,12,FALSE)","v":"2016-01-01"},{"$f":"VLOOKUP($A458,DATA2!$A$2:$S$607,13,FALSE)","v":"2017-12-31"},{"$f":"VLOOKUP($A458,DATA2!$A$2:$S$607,14,FALSE)","v":"No"},{"$f":"IF(MATRIX2!D458=1,($Y$8-$X$2)/365*Table_Provincial_GTAC3536[[#This Row],[Adj.AnnualRental]]*MATRIX2!D458,($Y$8-$X$2)/365*Table_Provincial_GTAC3536[[#This Row],[Adj.AnnualRental]])","v":931676.09424657538},{"$f":"(Table_Provincial_GTAC3536[[#This Row],[Adj.AnnualRental]]*(1+$I458)^(2))","v":3305400.4471680005},{"$f":"(Table_Provincial_GTAC3536[[#This Row],[Adj.AnnualRental]]*(1+$I458)^(3))","v":3569832.4829414408},{"$f":"(Table_Provincial_GTAC3536[[#This Row],[Adj.AnnualRental]]*(1+$I458)^(4))","v":3855419.0815767562},{"$f":"(Table_Provincial_GTAC3536[[#This Row],[Adj.AnnualRental]]*(1+$I458)^(5))","v":4163852.6081028967},{"$f":"(Table_Provincial_GTAC3536[[#This Row],[Adj.AnnualRental]]*(1+$I458)^(6))","v":4496960.816751129},{"$f":"(Table_Provincial_GTAC3536[[#This Row],[Adj.AnnualRental]]*(1+$I458)^(7))","v":4856717.6820912194}]
[652,{"$f":"VLOOKUP($A459,DATA2!$A$2:$S$607,2,FALSE)","v":"WC"},{"$f":"VLOOKUP($A459,DATA2!$A$2:$S$607,3,FALSE)","v":"Western Cape"},{"$f":"VLOOKUP($A459,DATA2!$A$2:$S$607,4,FALSE)","v":66.484814814814811},{"$f":"VLOOKUP($A459,DATA2!$A$2:$S$607,5,FALSE)","v":90},{"$f":"VLOOKUP($A459,DATA2!$A$2:$S$607,6,FALSE)","v":"VTSD"},{"$f":"VLOOKUP($A459,DATA2!$A$2:$S$607,7,FALSE)","v":243},{"$f":"VLOOKUP($A459,DATA2!$A$2:$S$607,8,FALSE)","v":true},{"$f":"VLOOKUP($A459,DATA2!$A$2:$S$607,9,FALSE)","v":0.08},43707.14,{"$f":"VLOOKUP($A459,DATA2!$A$2:$S$607,10,FALSE)","v":16155.81},{"$f":"VLOOKUP($A459,DATA2!$A$2:$S$607,11,FALSE)","v":193869.72},{"$f":"VLOOKUP($A459,DATA2!$A$2:$S$607,12,FALSE)","v":"2006-04-01"},{"$f":"VLOOKUP($A459,DATA2!$A$2:$S$607,13,FALSE)","v":"2017-09-30"},{"$f":"VLOOKUP($A459,DATA2!$A$2:$S$607,14,FALSE)","v":"No"},{"$f":"IF(MATRIX2!D459=1,($Y$8-$X$2)/365*Table_Provincial_GTAC3536[[#This Row],[Adj.AnnualRental]]*MATRIX2!D459,($Y$8-$X$2)/365*Table_Provincial_GTAC3536[[#This Row],[Adj.AnnualRental]])","v":63737.9901369863},{"$f":"(Table_Provincial_GTAC3536[[#This Row],[Adj.AnnualRental]]*(1+$I459)^(2))","v":226129.64140800002},{"$f":"(Table_Provincial_GTAC3536[[#This Row],[Adj.AnnualRental]]*(1+$I459)^(3))","v":244220.01272064002},{"$f":"(Table_Provincial_GTAC3536[[#This Row],[Adj.AnnualRental]]*(1+$I459)^(4))","v":263757.61373829126},{"$f":"(Table_Provincial_GTAC3536[[#This Row],[Adj.AnnualRental]]*(1+$I459)^(5))","v":284858.22283735458},{"$f":"(Table_Provincial_GTAC3536[[#This Row],[Adj.AnnualRental]]*(1+$I459)^(6))","v":307646.88066434296},{"$f":"(Table_Provincial_GTAC3536[[#This Row],[Adj.AnnualRental]]*(1+$I459)^(7))","v":332258.63111749041}]
[653,{"$f":"VLOOKUP($A460,DATA2!$A$2:$S$607,2,FALSE)","v":"WC"},{"$f":"VLOOKUP($A460,DATA2!$A$2:$S$607,3,FALSE)","v":"Western Cape"},{"$f":"VLOOKUP($A460,DATA2!$A$2:$S$607,4,FALSE)","v":125.12729235731565},{"$f":"VLOOKUP($A460,DATA2!$A$2:$S$607,5,FALSE)","v":97.5},{"$f":"VLOOKUP($A460,DATA2!$A$2:$S$607,6,FALSE)","v":"CBD"},{"$f":"VLOOKUP($A460,DATA2!$A$2:$S$607,7,FALSE)","v":11161},{"$f":"VLOOKUP($A460,DATA2!$A$2:$S$607,8,FALSE)","v":true},{"$f":"VLOOKUP($A460,DATA2!$A$2:$S$607,9,FALSE)","v":0.09},131213.09,{"$f":"VLOOKUP($A460,DATA2!$A$2:$S$607,10,FALSE)","v":1396545.71},{"$f":"VLOOKUP($A460,DATA2!$A$2:$S$607,11,FALSE)","v":16758548.52},{"$f":"VLOOKUP($A460,DATA2!$A$2:$S$607,12,FALSE)","v":"2012-09-01"},{"$f":"VLOOKUP($A460,DATA2!$A$2:$S$607,13,FALSE)","v":"2018-04-30"},{"$f":"VLOOKUP($A460,DATA2!$A$2:$S$607,14,FALSE)","v":"No"},{"$f":"IF(MATRIX2!D460=1,($Y$8-$X$2)/365*Table_Provincial_GTAC3536[[#This Row],[Adj.AnnualRental]]*MATRIX2!D460,($Y$8-$X$2)/365*Table_Provincial_GTAC3536[[#This Row],[Adj.AnnualRental]])","v":5509659.7873972598},{"$f":"(Table_Provincial_GTAC3536[[#This Row],[Adj.AnnualRental]]*(1+$I460)^(2))","v":19910831.496612001},{"$f":"(Table_Provincial_GTAC3536[[#This Row],[Adj.AnnualRental]]*(1+$I460)^(3))","v":21702806.331307083},{"$f":"(Table_Provincial_GTAC3536[[#This Row],[Adj.AnnualRental]]*(1+$I460)^(4))","v":23656058.90112472},{"$f":"(Table_Provincial_GTAC3536[[#This Row],[Adj.AnnualRental]]*(1+$I460)^(5))","v":25785104.20222595},{"$f":"(Table_Provincial_GTAC3536[[#This Row],[Adj.AnnualRental]]*(1+$I460)^(6))","v":28105763.580426287},{"$f":"(Table_Provincial_GTAC3536[[#This Row],[Adj.AnnualRental]]*(1+$I460)^(7))","v":30635282.302664652}]
[654,{"$f":"VLOOKUP($A461,DATA2!$A$2:$S$607,2,FALSE)","v":"WC"},{"$f":"VLOOKUP($A461,DATA2!$A$2:$S$607,3,FALSE)","v":"Western Cape"},{"$f":"VLOOKUP($A461,DATA2!$A$2:$S$607,4,FALSE)","v":51.248937198067637},{"$f":"VLOOKUP($A461,DATA2!$A$2:$S$607,5,FALSE)","v":90},{"$f":"VLOOKUP($A461,DATA2!$A$2:$S$607,6,FALSE)","v":"VTSD"},{"$f":"VLOOKUP($A461,DATA2!$A$2:$S$607,7,FALSE)","v":207},{"$f":"VLOOKUP($A461,DATA2!$A$2:$S$607,8,FALSE)","v":true},{"$f":"VLOOKUP($A461,DATA2!$A$2:$S$607,9,FALSE)","v":0.08},114797.09,{"$f":"VLOOKUP($A461,DATA2!$A$2:$S$607,10,FALSE)","v":10608.53},{"$f":"VLOOKUP($A461,DATA2!$A$2:$S$607,11,FALSE)","v":127302.36},{"$f":"VLOOKUP($A461,DATA2!$A$2:$S$607,12,FALSE)","v":"2012-12-01"},{"$f":"VLOOKUP($A461,DATA2!$A$2:$S$607,13,FALSE)","v":"2017-11-30"},{"$f":"VLOOKUP($A461,DATA2!$A$2:$S$607,14,FALSE)","v":"No"},{"$f":"IF(MATRIX2!D461=1,($Y$8-$X$2)/365*Table_Provincial_GTAC3536[[#This Row],[Adj.AnnualRental]]*MATRIX2!D461,($Y$8-$X$2)/365*Table_Provincial_GTAC3536[[#This Row],[Adj.AnnualRental]])","v":41852.830684931505},{"$f":"(Table_Provincial_GTAC3536[[#This Row],[Adj.AnnualRental]]*(1+$I461)^(2))","v":148485.47270400001},{"$f":"(Table_Provincial_GTAC3536[[#This Row],[Adj.AnnualRental]]*(1+$I461)^(3))","v":160364.31052032002},{"$f":"(Table_Provincial_GTAC3536[[#This Row],[Adj.AnnualRental]]*(1+$I461)^(4))","v":173193.45536194564},{"$f":"(Table_Provincial_GTAC3536[[#This Row],[Adj.AnnualRental]]*(1+$I461)^(5))","v":187048.93179090129},{"$f":"(Table_Provincial_GTAC3536[[#This Row],[Adj.AnnualRental]]*(1+$I461)^(6))","v":202012.84633417343},{"$f":"(Table_Provincial_GTAC3536[[#This Row],[Adj.AnnualRental]]*(1+$I461)^(7))","v":218173.87404090731}]
[655,{"$f":"VLOOKUP($A462,DATA2!$A$2:$S$607,2,FALSE)","v":"WC"},{"$f":"VLOOKUP($A462,DATA2!$A$2:$S$607,3,FALSE)","v":"Western Cape"},{"$f":"VLOOKUP($A462,DATA2!$A$2:$S$607,4,FALSE)","v":122.444},{"$f":"VLOOKUP($A462,DATA2!$A$2:$S$607,5,FALSE)","v":90},{"$f":"VLOOKUP($A462,DATA2!$A$2:$S$607,6,FALSE)","v":"VTSD"},{"$f":"VLOOKUP($A462,DATA2!$A$2:$S$607,7,FALSE)","v":190},{"$f":"VLOOKUP($A462,DATA2!$A$2:$S$607,8,FALSE)","v":true},{"$f":"VLOOKUP($A462,DATA2!$A$2:$S$607,9,FALSE)","v":0.08},138737.09,{"$f":"VLOOKUP($A462,DATA2!$A$2:$S$607,10,FALSE)","v":23264.36},{"$f":"VLOOKUP($A462,DATA2!$A$2:$S$607,11,FALSE)","v":279172.32},{"$f":"VLOOKUP($A462,DATA2!$A$2:$S$607,12,FALSE)","v":"2012-11-01"},{"$f":"VLOOKUP($A462,DATA2!$A$2:$S$607,13,FALSE)","v":"2017-10-31"},{"$f":"VLOOKUP($A462,DATA2!$A$2:$S$607,14,FALSE)","v":"No"},{"$f":"IF(MATRIX2!D462=1,($Y$8-$X$2)/365*Table_Provincial_GTAC3536[[#This Row],[Adj.AnnualRental]]*MATRIX2!D462,($Y$8-$X$2)/365*Table_Provincial_GTAC3536[[#This Row],[Adj.AnnualRental]])","v":91782.680547945201},{"$f":"(Table_Provincial_GTAC3536[[#This Row],[Adj.AnnualRental]]*(1+$I462)^(2))","v":325626.59404800006},{"$f":"(Table_Provincial_GTAC3536[[#This Row],[Adj.AnnualRental]]*(1+$I462)^(3))","v":351676.72157184005},{"$f":"(Table_Provincial_GTAC3536[[#This Row],[Adj.AnnualRental]]*(1+$I462)^(4))","v":379810.8592975873},{"$f":"(Table_Provincial_GTAC3536[[#This Row],[Adj.AnnualRental]]*(1+$I462)^(5))","v":410195.72804139426},{"$f":"(Table_Provincial_GTAC3536[[#This Row],[Adj.AnnualRental]]*(1+$I462)^(6))","v":443011.38628470589},{"$f":"(Table_Provincial_GTAC3536[[#This Row],[Adj.AnnualRental]]*(1+$I462)^(7))","v":478452.29718748236}]
[656,{"$f":"VLOOKUP($A463,DATA2!$A$2:$S$607,2,FALSE)","v":"WC"},{"$f":"VLOOKUP($A463,DATA2!$A$2:$S$607,3,FALSE)","v":"Western Cape"},{"$f":"VLOOKUP($A463,DATA2!$A$2:$S$607,4,FALSE)","v":97.583999999999989},{"$f":"VLOOKUP($A463,DATA2!$A$2:$S$607,5,FALSE)","v":90},{"$f":"VLOOKUP($A463,DATA2!$A$2:$S$607,6,FALSE)","v":"VTSD"},{"$f":"VLOOKUP($A463,DATA2!$A$2:$S$607,7,FALSE)","v":2415},{"$f":"VLOOKUP($A463,DATA2!$A$2:$S$607,8,FALSE)","v":true},{"$f":"VLOOKUP($A463,DATA2!$A$2:$S$607,9,FALSE)","v":7.0000000000000007E-2},138965.09,{"$f":"VLOOKUP($A463,DATA2!$A$2:$S$607,10,FALSE)","v":235665.36},{"$f":"VLOOKUP($A463,DATA2!$A$2:$S$607,11,FALSE)","v":2827984.32},{"$f":"VLOOKUP($A463,DATA2!$A$2:$S$607,12,FALSE)","v":"2015-12-01"},{"$f":"VLOOKUP($A463,DATA2!$A$2:$S$607,13,FALSE)","v":"2021-02-28"},{"$f":"VLOOKUP($A463,DATA2!$A$2:$S$607,14,FALSE)","v":"No"},{"$f":"IF(MATRIX2!D463=1,($Y$8-$X$2)/365*Table_Provincial_GTAC3536[[#This Row],[Adj.AnnualRental]]*MATRIX2!D463,($Y$8-$X$2)/365*Table_Provincial_GTAC3536[[#This Row],[Adj.AnnualRental]])","v":929748.26958904101},{"$f":"(Table_Provincial_GTAC3536[[#This Row],[Adj.AnnualRental]]*(1+$I463)^(2))","v":3237759.2479679999},{"$f":"(Table_Provincial_GTAC3536[[#This Row],[Adj.AnnualRental]]*(1+$I463)^(3))","v":3464402.3953257599},{"$f":"(Table_Provincial_GTAC3536[[#This Row],[Adj.AnnualRental]]*(1+$I463)^(4))","v":3706910.5629985631},{"$f":"(Table_Provincial_GTAC3536[[#This Row],[Adj.AnnualRental]]*(1+$I463)^(5))","v":3966394.3024084629},{"$f":"(Table_Provincial_GTAC3536[[#This Row],[Adj.AnnualRental]]*(1+$I463)^(6))","v":4244041.9035770549},{"$f":"(Table_Provincial_GTAC3536[[#This Row],[Adj.AnnualRental]]*(1+$I463)^(7))","v":4541124.8368274495}]
[657,{"$f":"VLOOKUP($A464,DATA2!$A$2:$S$607,2,FALSE)","v":"WC"},{"$f":"VLOOKUP($A464,DATA2!$A$2:$S$607,3,FALSE)","v":"Western Cape"},{"$f":"VLOOKUP($A464,DATA2!$A$2:$S$607,4,FALSE)","v":148.92437839963824},{"$f":"VLOOKUP($A464,DATA2!$A$2:$S$607,5,FALSE)","v":97.5},{"$f":"VLOOKUP($A464,DATA2!$A$2:$S$607,6,FALSE)","v":"CBD"},{"$f":"VLOOKUP($A464,DATA2!$A$2:$S$607,7,FALSE)","v":18687.650000000001},{"$f":"VLOOKUP($A464,DATA2!$A$2:$S$607,8,FALSE)","v":true},{"$f":"VLOOKUP($A464,DATA2!$A$2:$S$607,9,FALSE)","v":0.06},236154.01,{"$f":"VLOOKUP($A464,DATA2!$A$2:$S$607,10,FALSE)","v":2783046.66},{"$f":"VLOOKUP($A464,DATA2!$A$2:$S$607,11,FALSE)","v":33396559.920000002},{"$f":"VLOOKUP($A464,DATA2!$A$2:$S$607,12,FALSE)","v":"2015-10-01"},{"$f":"VLOOKUP($A464,DATA2!$A$2:$S$607,13,FALSE)","v":"2018-09-30"},{"$f":"VLOOKUP($A464,DATA2!$A$2:$S$607,14,FALSE)","v":"No"},{"$f":"IF(MATRIX2!D464=1,($Y$8-$X$2)/365*Table_Provincial_GTAC3536[[#This Row],[Adj.AnnualRental]]*MATRIX2!D464,($Y$8-$X$2)/365*Table_Provincial_GTAC3536[[#This Row],[Adj.AnnualRental]])","v":10979690.932602739},{"$f":"(Table_Provincial_GTAC3536[[#This Row],[Adj.AnnualRental]]*(1+$I464)^(2))","v":37524374.726112008},{"$f":"(Table_Provincial_GTAC3536[[#This Row],[Adj.AnnualRental]]*(1+$I464)^(3))","v":39775837.209678732},{"$f":"(Table_Provincial_GTAC3536[[#This Row],[Adj.AnnualRental]]*(1+$I464)^(4))","v":42162387.442259453},{"$f":"(Table_Provincial_GTAC3536[[#This Row],[Adj.AnnualRental]]*(1+$I464)^(5))","v":44692130.68879503},{"$f":"(Table_Provincial_GTAC3536[[#This Row],[Adj.AnnualRental]]*(1+$I464)^(6))","v":47373658.530122735},{"$f":"(Table_Provincial_GTAC3536[[#This Row],[Adj.AnnualRental]]*(1+$I464)^(7))","v":50216078.041930102}]
[658,{"$f":"VLOOKUP($A465,DATA2!$A$2:$S$607,2,FALSE)","v":"WC"},{"$f":"VLOOKUP($A465,DATA2!$A$2:$S$607,3,FALSE)","v":"Western Cape"},{"$f":"VLOOKUP($A465,DATA2!$A$2:$S$607,4,FALSE)","v":108.83244680851064},{"$f":"VLOOKUP($A465,DATA2!$A$2:$S$607,5,FALSE)","v":90},{"$f":"VLOOKUP($A465,DATA2!$A$2:$S$607,6,FALSE)","v":"VTSD"},{"$f":"VLOOKUP($A465,DATA2!$A$2:$S$607,7,FALSE)","v":94},{"$f":"VLOOKUP($A465,DATA2!$A$2:$S$607,8,FALSE)","v":true},{"$f":"VLOOKUP($A465,DATA2!$A$2:$S$607,9,FALSE)","v":5.5E-2},4620.67,{"$f":"VLOOKUP($A465,DATA2!$A$2:$S$607,10,FALSE)","v":10230.25},{"$f":"VLOOKUP($A465,DATA2!$A$2:$S$607,11,FALSE)","v":122763},{"$f":"VLOOKUP($A465,DATA2!$A$2:$S$607,12,FALSE)","v":"2015-02-01"},{"$f":"VLOOKUP($A465,DATA2!$A$2:$S$607,13,FALSE)","v":"2018-01-31"},{"$f":"VLOOKUP($A465,DATA2!$A$2:$S$607,14,FALSE)","v":"No"},{"$f":"IF(MATRIX2!D465=1,($Y$8-$X$2)/365*Table_Provincial_GTAC3536[[#This Row],[Adj.AnnualRental]]*MATRIX2!D465,($Y$8-$X$2)/365*Table_Provincial_GTAC3536[[#This Row],[Adj.AnnualRental]])","v":40360.438356164384},{"$f":"(Table_Provincial_GTAC3536[[#This Row],[Adj.AnnualRental]]*(1+$I465)^(2))","v":136638.28807499999},{"$f":"(Table_Provincial_GTAC3536[[#This Row],[Adj.AnnualRental]]*(1+$I465)^(3))","v":144153.39391912497},{"$f":"(Table_Provincial_GTAC3536[[#This Row],[Adj.AnnualRental]]*(1+$I465)^(4))","v":152081.83058467685},{"$f":"(Table_Provincial_GTAC3536[[#This Row],[Adj.AnnualRental]]*(1+$I465)^(5))","v":160446.33126683408},{"$f":"(Table_Provincial_GTAC3536[[#This Row],[Adj.AnnualRental]]*(1+$I465)^(6))","v":169270.87948650995},{"$f":"(Table_Provincial_GTAC3536[[#This Row],[Adj.AnnualRental]]*(1+$I465)^(7))","v":178580.77785826797}]
[659,{"$f":"VLOOKUP($A466,DATA2!$A$2:$S$607,2,FALSE)","v":"WC"},{"$f":"VLOOKUP($A466,DATA2!$A$2:$S$607,3,FALSE)","v":"Western Cape"},{"$f":"VLOOKUP($A466,DATA2!$A$2:$S$607,4,FALSE)","v":105.45},{"$f":"VLOOKUP($A466,DATA2!$A$2:$S$607,5,FALSE)","v":97.5},{"$f":"VLOOKUP($A466,DATA2!$A$2:$S$607,6,FALSE)","v":"CBD"},{"$f":"VLOOKUP($A466,DATA2!$A$2:$S$607,7,FALSE)","v":5007},{"$f":"VLOOKUP($A466,DATA2!$A$2:$S$607,8,FALSE)","v":true},{"$f":"VLOOKUP($A466,DATA2!$A$2:$S$607,9,FALSE)","v":0.08},16155.81,{"$f":"VLOOKUP($A466,DATA2!$A$2:$S$607,10,FALSE)","v":527988.15},{"$f":"VLOOKUP($A466,DATA2!$A$2:$S$607,11,FALSE)","v":6335857.7999999998},{"$f":"VLOOKUP($A466,DATA2!$A$2:$S$607,12,FALSE)","v":"2017-05-01"},{"$f":"VLOOKUP($A466,DATA2!$A$2:$S$607,13,FALSE)","v":"2020-04-30"},{"$f":"VLOOKUP($A466,DATA2!$A$2:$S$607,14,FALSE)","v":"No"},{"$f":"IF(MATRIX2!D466=1,($Y$8-$X$2)/365*Table_Provincial_GTAC3536[[#This Row],[Adj.AnnualRental]]*MATRIX2!D466,($Y$8-$X$2)/365*Table_Provincial_GTAC3536[[#This Row],[Adj.AnnualRental]])","v":2083021.7424657533},{"$f":"(Table_Provincial_GTAC3536[[#This Row],[Adj.AnnualRental]]*(1+$I466)^(2))","v":7390144.53792},{"$f":"(Table_Provincial_GTAC3536[[#This Row],[Adj.AnnualRental]]*(1+$I466)^(3))","v":7981356.1009536004},{"$f":"(Table_Provincial_GTAC3536[[#This Row],[Adj.AnnualRental]]*(1+$I466)^(4))","v":8619864.5890298896},{"$f":"(Table_Provincial_GTAC3536[[#This Row],[Adj.AnnualRental]]*(1+$I466)^(5))","v":9309453.7561522815},{"$f":"(Table_Provincial_GTAC3536[[#This Row],[Adj.AnnualRental]]*(1+$I466)^(6))","v":10054210.056644464},{"$f":"(Table_Provincial_GTAC3536[[#This Row],[Adj.AnnualRental]]*(1+$I466)^(7))","v":10858546.861176021}]
[660,{"$f":"VLOOKUP($A467,DATA2!$A$2:$S$607,2,FALSE)","v":"WC"},{"$f":"VLOOKUP($A467,DATA2!$A$2:$S$607,3,FALSE)","v":"Western Cape"},{"$f":"VLOOKUP($A467,DATA2!$A$2:$S$607,4,FALSE)","v":97.888938597472318},{"$f":"VLOOKUP($A467,DATA2!$A$2:$S$607,5,FALSE)","v":97.5},{"$f":"VLOOKUP($A467,DATA2!$A$2:$S$607,6,FALSE)","v":"CBD"},{"$f":"VLOOKUP($A467,DATA2!$A$2:$S$607,7,FALSE)","v":894.1},{"$f":"VLOOKUP($A467,DATA2!$A$2:$S$607,8,FALSE)","v":true},{"$f":"VLOOKUP($A467,DATA2!$A$2:$S$607,9,FALSE)","v":7.0000000000000007E-2},1396545.71,{"$f":"VLOOKUP($A467,DATA2!$A$2:$S$607,10,FALSE)","v":87522.5},{"$f":"VLOOKUP($A467,DATA2!$A$2:$S$607,11,FALSE)","v":1050270},{"$f":"VLOOKUP($A467,DATA2!$A$2:$S$607,12,FALSE)","v":"2015-06-01"},{"$f":"VLOOKUP($A467,DATA2!$A$2:$S$607,13,FALSE)","v":"2018-05-31"},{"$f":"VLOOKUP($A467,DATA2!$A$2:$S$607,14,FALSE)","v":"No"},{"$f":"IF(MATRIX2!D467=1,($Y$8-$X$2)/365*Table_Provincial_GTAC3536[[#This Row],[Adj.AnnualRental]]*MATRIX2!D467,($Y$8-$X$2)/365*Table_Provincial_GTAC3536[[#This Row],[Adj.AnnualRental]])","v":345294.24657534243},{"$f":"(Table_Provincial_GTAC3536[[#This Row],[Adj.AnnualRental]]*(1+$I467)^(2))","v":1202454.1230000001},{"$f":"(Table_Provincial_GTAC3536[[#This Row],[Adj.AnnualRental]]*(1+$I467)^(3))","v":1286625.9116100001},{"$f":"(Table_Provincial_GTAC3536[[#This Row],[Adj.AnnualRental]]*(1+$I467)^(4))","v":1376689.7254226999},{"$f":"(Table_Provincial_GTAC3536[[#This Row],[Adj.AnnualRental]]*(1+$I467)^(5))","v":1473058.0062022891},{"$f":"(Table_Provincial_GTAC3536[[#This Row],[Adj.AnnualRental]]*(1+$I467)^(6))","v":1576172.0666364492},{"$f":"(Table_Provincial_GTAC3536[[#This Row],[Adj.AnnualRental]]*(1+$I467)^(7))","v":1686504.1113010009}]
[661,{"$f":"VLOOKUP($A468,DATA2!$A$2:$S$607,2,FALSE)","v":"WC"},{"$f":"VLOOKUP($A468,DATA2!$A$2:$S$607,3,FALSE)","v":"Western Cape"},{"$f":"VLOOKUP($A468,DATA2!$A$2:$S$607,4,FALSE)","v":143.18759689922481},{"$f":"VLOOKUP($A468,DATA2!$A$2:$S$607,5,FALSE)","v":97.5},{"$f":"VLOOKUP($A468,DATA2!$A$2:$S$607,6,FALSE)","v":"CBD"},{"$f":"VLOOKUP($A468,DATA2!$A$2:$S$607,7,FALSE)","v":387},{"$f":"VLOOKUP($A468,DATA2!$A$2:$S$607,8,FALSE)","v":true},{"$f":"VLOOKUP($A468,DATA2!$A$2:$S$607,9,FALSE)","v":0.08},10608.53,{"$f":"VLOOKUP($A468,DATA2!$A$2:$S$607,10,FALSE)","v":55413.599999999999},{"$f":"VLOOKUP($A468,DATA2!$A$2:$S$607,11,FALSE)","v":664963.19999999995},{"$f":"VLOOKUP($A468,DATA2!$A$2:$S$607,12,FALSE)","v":"2016-10-01"},{"$f":"VLOOKUP($A468,DATA2!$A$2:$S$607,13,FALSE)","v":"2019-09-30"},{"$f":"VLOOKUP($A468,DATA2!$A$2:$S$607,14,FALSE)","v":"No"},{"$f":"IF(MATRIX2!D468=1,($Y$8-$X$2)/365*Table_Provincial_GTAC3536[[#This Row],[Adj.AnnualRental]]*MATRIX2!D468,($Y$8-$X$2)/365*Table_Provincial_GTAC3536[[#This Row],[Adj.AnnualRental]])","v":218618.03835616435},{"$f":"(Table_Provincial_GTAC3536[[#This Row],[Adj.AnnualRental]]*(1+$I468)^(2))","v":775613.07648000005},{"$f":"(Table_Provincial_GTAC3536[[#This Row],[Adj.AnnualRental]]*(1+$I468)^(3))","v":837662.12259840011},{"$f":"(Table_Provincial_GTAC3536[[#This Row],[Adj.AnnualRental]]*(1+$I468)^(4))","v":904675.09240627219},{"$f":"(Table_Provincial_GTAC3536[[#This Row],[Adj.AnnualRental]]*(1+$I468)^(5))","v":977049.09979877388},{"$f":"(Table_Provincial_GTAC3536[[#This Row],[Adj.AnnualRental]]*(1+$I468)^(6))","v":1055213.027782676},{"$f":"(Table_Provincial_GTAC3536[[#This Row],[Adj.AnnualRental]]*(1+$I468)^(7))","v":1139630.07000529}]
[662,{"$f":"VLOOKUP($A469,DATA2!$A$2:$S$607,2,FALSE)","v":"WC"},{"$f":"VLOOKUP($A469,DATA2!$A$2:$S$607,3,FALSE)","v":"Western Cape"},{"$f":"VLOOKUP($A469,DATA2!$A$2:$S$607,4,FALSE)","v":75.155555555555551},{"$f":"VLOOKUP($A469,DATA2!$A$2:$S$607,5,FALSE)","v":90},{"$f":"VLOOKUP($A469,DATA2!$A$2:$S$607,6,FALSE)","v":"VTSD"},{"$f":"VLOOKUP($A469,DATA2!$A$2:$S$607,7,FALSE)","v":270},{"$f":"VLOOKUP($A469,DATA2!$A$2:$S$607,8,FALSE)","v":true},{"$f":"VLOOKUP($A469,DATA2!$A$2:$S$607,9,FALSE)","v":0.08},23264.36,{"$f":"VLOOKUP($A469,DATA2!$A$2:$S$607,10,FALSE)","v":20292},{"$f":"VLOOKUP($A469,DATA2!$A$2:$S$607,11,FALSE)","v":243504},{"$f":"VLOOKUP($A469,DATA2!$A$2:$S$607,12,FALSE)","v":"2017-04-01"},{"$f":"VLOOKUP($A469,DATA2!$A$2:$S$607,13,FALSE)","v":"2022-03-31"},{"$f":"VLOOKUP($A469,DATA2!$A$2:$S$607,14,FALSE)","v":"No"},{"$f":"IF(MATRIX2!D469=1,($Y$8-$X$2)/365*Table_Provincial_GTAC3536[[#This Row],[Adj.AnnualRental]]*MATRIX2!D469,($Y$8-$X$2)/365*Table_Provincial_GTAC3536[[#This Row],[Adj.AnnualRental]])","v":80056.109589041094},{"$f":"(Table_Provincial_GTAC3536[[#This Row],[Adj.AnnualRental]]*(1+$I469)^(2))","v":284023.06560000003},{"$f":"(Table_Provincial_GTAC3536[[#This Row],[Adj.AnnualRental]]*(1+$I469)^(3))","v":306744.91084800003},{"$f":"(Table_Provincial_GTAC3536[[#This Row],[Adj.AnnualRental]]*(1+$I469)^(4))","v":331284.50371584005},{"$f":"(Table_Provincial_GTAC3536[[#This Row],[Adj.AnnualRental]]*(1+$I469)^(5))","v":357787.26401310728},{"$f":"(Table_Provincial_GTAC3536[[#This Row],[Adj.AnnualRental]]*(1+$I469)^(6))","v":386410.24513415591},{"$f":"(Table_Provincial_GTAC3536[[#This Row],[Adj.AnnualRental]]*(1+$I469)^(7))","v":417323.0647448884}]
[663,{"$f":"VLOOKUP($A470,DATA2!$A$2:$S$607,2,FALSE)","v":"WC"},{"$f":"VLOOKUP($A470,DATA2!$A$2:$S$607,3,FALSE)","v":"Western Cape"},{"$f":"VLOOKUP($A470,DATA2!$A$2:$S$607,4,FALSE)","v":72.162009569378},{"$f":"VLOOKUP($A470,DATA2!$A$2:$S$607,5,FALSE)","v":87.5},{"$f":"VLOOKUP($A470,DATA2!$A$2:$S$607,6,FALSE)","v":"VTSD"},{"$f":"VLOOKUP($A470,DATA2!$A$2:$S$607,7,FALSE)","v":209},{"$f":"VLOOKUP($A470,DATA2!$A$2:$S$607,8,FALSE)","v":true},{"$f":"VLOOKUP($A470,DATA2!$A$2:$S$607,9,FALSE)","v":5.5E-2},235665.36,{"$f":"VLOOKUP($A470,DATA2!$A$2:$S$607,10,FALSE)","v":15081.86},{"$f":"VLOOKUP($A470,DATA2!$A$2:$S$607,11,FALSE)","v":180982.32},{"$f":"VLOOKUP($A470,DATA2!$A$2:$S$607,12,FALSE)","v":"2016-04-01"},{"$f":"VLOOKUP($A470,DATA2!$A$2:$S$607,13,FALSE)","v":"2019-03-31"},{"$f":"VLOOKUP($A470,DATA2!$A$2:$S$607,14,FALSE)","v":"No"},{"$f":"IF(MATRIX2!D470=1,($Y$8-$X$2)/365*Table_Provincial_GTAC3536[[#This Row],[Adj.AnnualRental]]*MATRIX2!D470,($Y$8-$X$2)/365*Table_Provincial_GTAC3536[[#This Row],[Adj.AnnualRental]])","v":59501.036712328765},{"$f":"(Table_Provincial_GTAC3536[[#This Row],[Adj.AnnualRental]]*(1+$I470)^(2))","v":201437.84671799999},{"$f":"(Table_Provincial_GTAC3536[[#This Row],[Adj.AnnualRental]]*(1+$I470)^(3))","v":212516.92828748998},{"$f":"(Table_Provincial_GTAC3536[[#This Row],[Adj.AnnualRental]]*(1+$I470)^(4))","v":224205.35934330191},{"$f":"(Table_Provincial_GTAC3536[[#This Row],[Adj.AnnualRental]]*(1+$I470)^(5))","v":236536.65410718351},{"$f":"(Table_Provincial_GTAC3536[[#This Row],[Adj.AnnualRental]]*(1+$I470)^(6))","v":249546.17008307861},{"$f":"(Table_Provincial_GTAC3536[[#This Row],[Adj.AnnualRental]]*(1+$I470)^(7))","v":263271.20943764789}]
[733,{"$f":"VLOOKUP($A471,DATA2!$A$2:$S$607,2,FALSE)","v":"FS"},{"$f":"VLOOKUP($A471,DATA2!$A$2:$S$607,3,FALSE)","v":"Free State"},{"$f":"VLOOKUP($A471,DATA2!$A$2:$S$607,4,FALSE)","v":34.509379310344826},{"$f":"VLOOKUP($A471,DATA2!$A$2:$S$607,5,FALSE)","v":84},{"$f":"VLOOKUP($A471,DATA2!$A$2:$S$607,6,FALSE)","v":"VTSD"},{"$f":"VLOOKUP($A471,DATA2!$A$2:$S$607,7,FALSE)","v":145},{"$f":"VLOOKUP($A471,DATA2!$A$2:$S$607,8,FALSE)","v":true},{"$f":"VLOOKUP($A471,DATA2!$A$2:$S$607,9,FALSE)","v":0.1},2906046.66,{"$f":"VLOOKUP($A471,DATA2!$A$2:$S$607,10,FALSE)","v":5003.8599999999997},{"$f":"VLOOKUP($A471,DATA2!$A$2:$S$607,11,FALSE)","v":60046.32},{"$f":"VLOOKUP($A471,DATA2!$A$2:$S$607,12,FALSE)","v":"2004-07-01"},{"$f":"VLOOKUP($A471,DATA2!$A$2:$S$607,13,FALSE)","v":"2007-08-31"},{"$f":"VLOOKUP($A471,DATA2!$A$2:$S$607,14,FALSE)","v":"Yes"},{"$f":"IF(MATRIX2!D471=1,($Y$8-$X$2)/365*Table_Provincial_GTAC3536[[#This Row],[Adj.AnnualRental]]*MATRIX2!D471,($Y$8-$X$2)/365*Table_Provincial_GTAC3536[[#This Row],[Adj.AnnualRental]])","v":19741.255890410957},{"$f":"(Table_Provincial_GTAC3536[[#This Row],[Adj.AnnualRental]]*(1+$I471)^(2))","v":72656.047200000015},{"$f":"(Table_Provincial_GTAC3536[[#This Row],[Adj.AnnualRental]]*(1+$I471)^(3))","v":79921.651920000018},{"$f":"(Table_Provincial_GTAC3536[[#This Row],[Adj.AnnualRental]]*(1+$I471)^(4))","v":87913.817112000019},{"$f":"(Table_Provincial_GTAC3536[[#This Row],[Adj.AnnualRental]]*(1+$I471)^(5))","v":96705.198823200029},{"$f":"(Table_Provincial_GTAC3536[[#This Row],[Adj.AnnualRental]]*(1+$I471)^(6))","v":106375.71870552005},{"$f":"(Table_Provincial_GTAC3536[[#This Row],[Adj.AnnualRental]]*(1+$I471)^(7))","v":117013.29057607208}]
[737,{"$f":"VLOOKUP($A472,DATA2!$A$2:$S$607,2,FALSE)","v":"FS"},{"$f":"VLOOKUP($A472,DATA2!$A$2:$S$607,3,FALSE)","v":"Free State"},{"$f":"VLOOKUP($A472,DATA2!$A$2:$S$607,4,FALSE)","v":40.071489361702127},{"$f":"VLOOKUP($A472,DATA2!$A$2:$S$607,5,FALSE)","v":84},{"$f":"VLOOKUP($A472,DATA2!$A$2:$S$607,6,FALSE)","v":"VTSD"},{"$f":"VLOOKUP($A472,DATA2!$A$2:$S$607,7,FALSE)","v":188},{"$f":"VLOOKUP($A472,DATA2!$A$2:$S$607,8,FALSE)","v":true},{"$f":"VLOOKUP($A472,DATA2!$A$2:$S$607,9,FALSE)","v":0},11130.25,{"$f":"VLOOKUP($A472,DATA2!$A$2:$S$607,10,FALSE)","v":7533.44},{"$f":"VLOOKUP($A472,DATA2!$A$2:$S$607,11,FALSE)","v":90401.279999999999},{"$f":"VLOOKUP($A472,DATA2!$A$2:$S$607,12,FALSE)","v":"2006-08-01"},{"$f":"VLOOKUP($A472,DATA2!$A$2:$S$607,13,FALSE)","v":"2009-07-31"},{"$f":"VLOOKUP($A472,DATA2!$A$2:$S$607,14,FALSE)","v":"Yes"},{"$f":"IF(MATRIX2!D472=1,($Y$8-$X$2)/365*Table_Provincial_GTAC3536[[#This Row],[Adj.AnnualRental]]*MATRIX2!D472,($Y$8-$X$2)/365*Table_Provincial_GTAC3536[[#This Row],[Adj.AnnualRental]])","v":29720.968767123286},{"$f":"(Table_Provincial_GTAC3536[[#This Row],[Adj.AnnualRental]]*(1+$I472)^(2))","v":90401.279999999999},{"$f":"(Table_Provincial_GTAC3536[[#This Row],[Adj.AnnualRental]]*(1+$I472)^(3))","v":90401.279999999999},{"$f":"(Table_Provincial_GTAC3536[[#This Row],[Adj.AnnualRental]]*(1+$I472)^(4))","v":90401.279999999999},{"$f":"(Table_Provincial_GTAC3536[[#This Row],[Adj.AnnualRental]]*(1+$I472)^(5))","v":90401.279999999999},{"$f":"(Table_Provincial_GTAC3536[[#This Row],[Adj.AnnualRental]]*(1+$I472)^(6))","v":90401.279999999999},{"$f":"(Table_Provincial_GTAC3536[[#This Row],[Adj.AnnualRental]]*(1+$I472)^(7))","v":90401.279999999999}]
[741,{"$f":"VLOOKUP($A473,DATA2!$A$2:$S$607,2,FALSE)","v":"FS"},{"$f":"VLOOKUP($A473,DATA2!$A$2:$S$607,3,FALSE)","v":"Free State"},{"$f":"VLOOKUP($A473,DATA2!$A$2:$S$607,4,FALSE)","v":162.62765585074732},{"$f":"VLOOKUP($A473,DATA2!$A$2:$S$607,5,FALSE)","v":84},{"$f":"VLOOKUP($A473,DATA2!$A$2:$S$607,6,FALSE)","v":"VTSD"},{"$f":"VLOOKUP($A473,DATA2!$A$2:$S$607,7,FALSE)","v":571.38},{"$f":"VLOOKUP($A473,DATA2!$A$2:$S$607,8,FALSE)","v":true},{"$f":"VLOOKUP($A473,DATA2!$A$2:$S$607,9,FALSE)","v":0.08},527988.15,{"$f":"VLOOKUP($A473,DATA2!$A$2:$S$607,10,FALSE)","v":92922.19},{"$f":"VLOOKUP($A473,DATA2!$A$2:$S$607,11,FALSE)","v":1115066.28},{"$f":"VLOOKUP($A473,DATA2!$A$2:$S$607,12,FALSE)","v":"2005-11-01"},{"$f":"VLOOKUP($A473,DATA2!$A$2:$S$607,13,FALSE)","v":"2006-04-30"},{"$f":"VLOOKUP($A473,DATA2!$A$2:$S$607,14,FALSE)","v":"Yes"},{"$f":"IF(MATRIX2!D473=1,($Y$8-$X$2)/365*Table_Provincial_GTAC3536[[#This Row],[Adj.AnnualRental]]*MATRIX2!D473,($Y$8-$X$2)/365*Table_Provincial_GTAC3536[[#This Row],[Adj.AnnualRental]])","v":366597.13315068494},{"$f":"(Table_Provincial_GTAC3536[[#This Row],[Adj.AnnualRental]]*(1+$I473)^(2))","v":1300613.3089920001},{"$f":"(Table_Provincial_GTAC3536[[#This Row],[Adj.AnnualRental]]*(1+$I473)^(3))","v":1404662.3737113602},{"$f":"(Table_Provincial_GTAC3536[[#This Row],[Adj.AnnualRental]]*(1+$I473)^(4))","v":1517035.3636082693},{"$f":"(Table_Provincial_GTAC3536[[#This Row],[Adj.AnnualRental]]*(1+$I473)^(5))","v":1638398.1926969306},{"$f":"(Table_Provincial_GTAC3536[[#This Row],[Adj.AnnualRental]]*(1+$I473)^(6))","v":1769470.0481126853},{"$f":"(Table_Provincial_GTAC3536[[#This Row],[Adj.AnnualRental]]*(1+$I473)^(7))","v":1911027.6519617003}]
[742,{"$f":"VLOOKUP($A474,DATA2!$A$2:$S$607,2,FALSE)","v":"FS"},{"$f":"VLOOKUP($A474,DATA2!$A$2:$S$607,3,FALSE)","v":"Free State"},{"$f":"VLOOKUP($A474,DATA2!$A$2:$S$607,4,FALSE)","v":111.57799847211612},{"$f":"VLOOKUP($A474,DATA2!$A$2:$S$607,5,FALSE)","v":84},{"$f":"VLOOKUP($A474,DATA2!$A$2:$S$607,6,FALSE)","v":"VTSD"},{"$f":"VLOOKUP($A474,DATA2!$A$2:$S$607,7,FALSE)","v":261.8},{"$f":"VLOOKUP($A474,DATA2!$A$2:$S$607,8,FALSE)","v":true},{"$f":"VLOOKUP($A474,DATA2!$A$2:$S$607,9,FALSE)","v":0.1},87522.5,{"$f":"VLOOKUP($A474,DATA2!$A$2:$S$607,10,FALSE)","v":29211.119999999999},{"$f":"VLOOKUP($A474,DATA2!$A$2:$S$607,11,FALSE)","v":350533.44},{"$f":"VLOOKUP($A474,DATA2!$A$2:$S$607,12,FALSE)","v":"2008-06-01"},{"$f":"VLOOKUP($A474,DATA2!$A$2:$S$607,13,FALSE)","v":"2013-05-31"},{"$f":"VLOOKUP($A474,DATA2!$A$2:$S$607,14,FALSE)","v":"Yes"},{"$f":"IF(MATRIX2!D474=1,($Y$8-$X$2)/365*Table_Provincial_GTAC3536[[#This Row],[Adj.AnnualRental]]*MATRIX2!D474,($Y$8-$X$2)/365*Table_Provincial_GTAC3536[[#This Row],[Adj.AnnualRental]])","v":115243.87068493151},{"$f":"(Table_Provincial_GTAC3536[[#This Row],[Adj.AnnualRental]]*(1+$I474)^(2))","v":424145.46240000008},{"$f":"(Table_Provincial_GTAC3536[[#This Row],[Adj.AnnualRental]]*(1+$I474)^(3))","v":466560.00864000013},{"$f":"(Table_Provincial_GTAC3536[[#This Row],[Adj.AnnualRental]]*(1+$I474)^(4))","v":513216.00950400013},{"$f":"(Table_Provincial_GTAC3536[[#This Row],[Adj.AnnualRental]]*(1+$I474)^(5))","v":564537.61045440019},{"$f":"(Table_Provincial_GTAC3536[[#This Row],[Adj.AnnualRental]]*(1+$I474)^(6))","v":620991.37149984029},{"$f":"(Table_Provincial_GTAC3536[[#This Row],[Adj.AnnualRental]]*(1+$I474)^(7))","v":683090.50864982442}]
[743,{"$f":"VLOOKUP($A475,DATA2!$A$2:$S$607,2,FALSE)","v":"FS"},{"$f":"VLOOKUP($A475,DATA2!$A$2:$S$607,3,FALSE)","v":"Free State"},{"$f":"VLOOKUP($A475,DATA2!$A$2:$S$607,4,FALSE)","v":28.837499999999999},{"$f":"VLOOKUP($A475,DATA2!$A$2:$S$607,5,FALSE)","v":84},{"$f":"VLOOKUP($A475,DATA2!$A$2:$S$607,6,FALSE)","v":"VTSD"},{"$f":"VLOOKUP($A475,DATA2!$A$2:$S$607,7,FALSE)","v":224},{"$f":"VLOOKUP($A475,DATA2!$A$2:$S$607,8,FALSE)","v":true},{"$f":"VLOOKUP($A475,DATA2!$A$2:$S$607,9,FALSE)","v":7.0000000000000007E-2},65253.599999999999,{"$f":"VLOOKUP($A475,DATA2!$A$2:$S$607,10,FALSE)","v":6459.6},{"$f":"VLOOKUP($A475,DATA2!$A$2:$S$607,11,FALSE)","v":77515.199999999997},{"$f":"VLOOKUP($A475,DATA2!$A$2:$S$607,12,FALSE)","v":"2013-04-01"},{"$f":"VLOOKUP($A475,DATA2!$A$2:$S$607,13,FALSE)","v":"2016-03-31"},{"$f":"VLOOKUP($A475,DATA2!$A$2:$S$607,14,FALSE)","v":"Yes"},{"$f":"IF(MATRIX2!D475=1,($Y$8-$X$2)/365*Table_Provincial_GTAC3536[[#This Row],[Adj.AnnualRental]]*MATRIX2!D475,($Y$8-$X$2)/365*Table_Provincial_GTAC3536[[#This Row],[Adj.AnnualRental]])","v":25484.44931506849},{"$f":"(Table_Provincial_GTAC3536[[#This Row],[Adj.AnnualRental]]*(1+$I475)^(2))","v":88747.152480000004},{"$f":"(Table_Provincial_GTAC3536[[#This Row],[Adj.AnnualRental]]*(1+$I475)^(3))","v":94959.453153599999},{"$f":"(Table_Provincial_GTAC3536[[#This Row],[Adj.AnnualRental]]*(1+$I475)^(4))","v":101606.614874352},{"$f":"(Table_Provincial_GTAC3536[[#This Row],[Adj.AnnualRental]]*(1+$I475)^(5))","v":108719.07791555664},{"$f":"(Table_Provincial_GTAC3536[[#This Row],[Adj.AnnualRental]]*(1+$I475)^(6))","v":116329.4133696456},{"$f":"(Table_Provincial_GTAC3536[[#This Row],[Adj.AnnualRental]]*(1+$I475)^(7))","v":124472.4723055208}]
[744,{"$f":"VLOOKUP($A476,DATA2!$A$2:$S$607,2,FALSE)","v":"FS"},{"$f":"VLOOKUP($A476,DATA2!$A$2:$S$607,3,FALSE)","v":"Free State"},{"$f":"VLOOKUP($A476,DATA2!$A$2:$S$607,4,FALSE)","v":83.958184210526312},{"$f":"VLOOKUP($A476,DATA2!$A$2:$S$607,5,FALSE)","v":84},{"$f":"VLOOKUP($A476,DATA2!$A$2:$S$607,6,FALSE)","v":"VTSD"},{"$f":"VLOOKUP($A476,DATA2!$A$2:$S$607,7,FALSE)","v":380},{"$f":"VLOOKUP($A476,DATA2!$A$2:$S$607,8,FALSE)","v":true},{"$f":"VLOOKUP($A476,DATA2!$A$2:$S$607,9,FALSE)","v":0.08},20292,{"$f":"VLOOKUP($A476,DATA2!$A$2:$S$607,10,FALSE)","v":31904.11},{"$f":"VLOOKUP($A476,DATA2!$A$2:$S$607,11,FALSE)","v":382849.32},{"$f":"VLOOKUP($A476,DATA2!$A$2:$S$607,12,FALSE)","v":"2008-01-01"},{"$f":"VLOOKUP($A476,DATA2!$A$2:$S$607,13,FALSE)","v":"2010-12-31"},{"$f":"VLOOKUP($A476,DATA2!$A$2:$S$607,14,FALSE)","v":"Yes"},{"$f":"IF(MATRIX2!D476=1,($Y$8-$X$2)/365*Table_Provincial_GTAC3536[[#This Row],[Adj.AnnualRental]]*MATRIX2!D476,($Y$8-$X$2)/365*Table_Provincial_GTAC3536[[#This Row],[Adj.AnnualRental]])","v":125868.2695890411},{"$f":"(Table_Provincial_GTAC3536[[#This Row],[Adj.AnnualRental]]*(1+$I476)^(2))","v":446555.44684800005},{"$f":"(Table_Provincial_GTAC3536[[#This Row],[Adj.AnnualRental]]*(1+$I476)^(3))","v":482279.88259584008},{"$f":"(Table_Provincial_GTAC3536[[#This Row],[Adj.AnnualRental]]*(1+$I476)^(4))","v":520862.2732035073},{"$f":"(Table_Provincial_GTAC3536[[#This Row],[Adj.AnnualRental]]*(1+$I476)^(5))","v":562531.25505978789},{"$f":"(Table_Provincial_GTAC3536[[#This Row],[Adj.AnnualRental]]*(1+$I476)^(6))","v":607533.75546457106},{"$f":"(Table_Provincial_GTAC3536[[#This Row],[Adj.AnnualRental]]*(1+$I476)^(7))","v":656136.45590173674}]
[745,{"$f":"VLOOKUP($A477,DATA2!$A$2:$S$607,2,FALSE)","v":"FS"},{"$f":"VLOOKUP($A477,DATA2!$A$2:$S$607,3,FALSE)","v":"Free State"},{"$f":"VLOOKUP($A477,DATA2!$A$2:$S$607,4,FALSE)","v":22.5},{"$f":"VLOOKUP($A477,DATA2!$A$2:$S$607,5,FALSE)","v":84},{"$f":"VLOOKUP($A477,DATA2!$A$2:$S$607,6,FALSE)","v":"VTSD"},{"$f":"VLOOKUP($A477,DATA2!$A$2:$S$607,7,FALSE)","v":80},{"$f":"VLOOKUP($A477,DATA2!$A$2:$S$607,8,FALSE)","v":true},{"$f":"VLOOKUP($A477,DATA2!$A$2:$S$607,9,FALSE)","v":0},15081.86,{"$f":"VLOOKUP($A477,DATA2!$A$2:$S$607,10,FALSE)","v":1800},{"$f":"VLOOKUP($A477,DATA2!$A$2:$S$607,11,FALSE)","v":21600},{"$f":"VLOOKUP($A477,DATA2!$A$2:$S$607,12,FALSE)","v":"2007-12-01"},{"$f":"VLOOKUP($A477,DATA2!$A$2:$S$607,13,FALSE)","v":"2008-11-30"},{"$f":"VLOOKUP($A477,DATA2!$A$2:$S$607,14,FALSE)","v":"Yes"},{"$f":"IF(MATRIX2!D477=1,($Y$8-$X$2)/365*Table_Provincial_GTAC3536[[#This Row],[Adj.AnnualRental]]*MATRIX2!D477,($Y$8-$X$2)/365*Table_Provincial_GTAC3536[[#This Row],[Adj.AnnualRental]])","v":7101.3698630136978},{"$f":"(Table_Provincial_GTAC3536[[#This Row],[Adj.AnnualRental]]*(1+$I477)^(2))","v":21600},{"$f":"(Table_Provincial_GTAC3536[[#This Row],[Adj.AnnualRental]]*(1+$I477)^(3))","v":21600},{"$f":"(Table_Provincial_GTAC3536[[#This Row],[Adj.AnnualRental]]*(1+$I477)^(4))","v":21600},{"$f":"(Table_Provincial_GTAC3536[[#This Row],[Adj.AnnualRental]]*(1+$I477)^(5))","v":21600},{"$f":"(Table_Provincial_GTAC3536[[#This Row],[Adj.AnnualRental]]*(1+$I477)^(6))","v":21600},{"$f":"(Table_Provincial_GTAC3536[[#This Row],[Adj.AnnualRental]]*(1+$I477)^(7))","v":21600}]
[746,{"$f":"VLOOKUP($A478,DATA2!$A$2:$S$607,2,FALSE)","v":"FS"},{"$f":"VLOOKUP($A478,DATA2!$A$2:$S$607,3,FALSE)","v":"Free State"},{"$f":"VLOOKUP($A478,DATA2!$A$2:$S$607,4,FALSE)","v":40.625},{"$f":"VLOOKUP($A478,DATA2!$A$2:$S$607,5,FALSE)","v":84},{"$f":"VLOOKUP($A478,DATA2!$A$2:$S$607,6,FALSE)","v":"VTSD"},{"$f":"VLOOKUP($A478,DATA2!$A$2:$S$607,7,FALSE)","v":160},{"$f":"VLOOKUP($A478,DATA2!$A$2:$S$607,8,FALSE)","v":true},{"$f":"VLOOKUP($A478,DATA2!$A$2:$S$607,9,FALSE)","v":0},615.6,{"$f":"VLOOKUP($A478,DATA2!$A$2:$S$607,10,FALSE)","v":6500},{"$f":"VLOOKUP($A478,DATA2!$A$2:$S$607,11,FALSE)","v":78000},{"$f":"VLOOKUP($A478,DATA2!$A$2:$S$607,12,FALSE)","v":"2008-02-01"},{"$f":"VLOOKUP($A478,DATA2!$A$2:$S$607,13,FALSE)","v":"2009-01-31"},{"$f":"VLOOKUP($A478,DATA2!$A$2:$S$607,14,FALSE)","v":"Yes"},{"$f":"IF(MATRIX2!D478=1,($Y$8-$X$2)/365*Table_Provincial_GTAC3536[[#This Row],[Adj.AnnualRental]]*MATRIX2!D478,($Y$8-$X$2)/365*Table_Provincial_GTAC3536[[#This Row],[Adj.AnnualRental]])","v":25643.835616438355},{"$f":"(Table_Provincial_GTAC3536[[#This Row],[Adj.AnnualRental]]*(1+$I478)^(2))","v":78000},{"$f":"(Table_Provincial_GTAC3536[[#This Row],[Adj.AnnualRental]]*(1+$I478)^(3))","v":78000},{"$f":"(Table_Provincial_GTAC3536[[#This Row],[Adj.AnnualRental]]*(1+$I478)^(4))","v":78000},{"$f":"(Table_Provincial_GTAC3536[[#This Row],[Adj.AnnualRental]]*(1+$I478)^(5))","v":78000},{"$f":"(Table_Provincial_GTAC3536[[#This Row],[Adj.AnnualRental]]*(1+$I478)^(6))","v":78000},{"$f":"(Table_Provincial_GTAC3536[[#This Row],[Adj.AnnualRental]]*(1+$I478)^(7))","v":78000}]
[747,{"$f":"VLOOKUP($A479,DATA2!$A$2:$S$607,2,FALSE)","v":"FS"},{"$f":"VLOOKUP($A479,DATA2!$A$2:$S$607,3,FALSE)","v":"Free State"},{"$f":"VLOOKUP($A479,DATA2!$A$2:$S$607,4,FALSE)","v":76.390444597621922},{"$f":"VLOOKUP($A479,DATA2!$A$2:$S$607,5,FALSE)","v":84},{"$f":"VLOOKUP($A479,DATA2!$A$2:$S$607,6,FALSE)","v":"VTSD"},{"$f":"VLOOKUP($A479,DATA2!$A$2:$S$607,7,FALSE)","v":232.12},{"$f":"VLOOKUP($A479,DATA2!$A$2:$S$607,8,FALSE)","v":true},{"$f":"VLOOKUP($A479,DATA2!$A$2:$S$607,9,FALSE)","v":7.0000000000000007E-2},5003.8599999999997,{"$f":"VLOOKUP($A479,DATA2!$A$2:$S$607,10,FALSE)","v":17731.75},{"$f":"VLOOKUP($A479,DATA2!$A$2:$S$607,11,FALSE)","v":212781},{"$f":"VLOOKUP($A479,DATA2!$A$2:$S$607,12,FALSE)","v":"2009-02-01"},{"$f":"VLOOKUP($A479,DATA2!$A$2:$S$607,13,FALSE)","v":"2014-01-31"},{"$f":"VLOOKUP($A479,DATA2!$A$2:$S$607,14,FALSE)","v":"Yes"},{"$f":"IF(MATRIX2!D479=1,($Y$8-$X$2)/365*Table_Provincial_GTAC3536[[#This Row],[Adj.AnnualRental]]*MATRIX2!D479,($Y$8-$X$2)/365*Table_Provincial_GTAC3536[[#This Row],[Adj.AnnualRental]])","v":69955.397260273967},{"$f":"(Table_Provincial_GTAC3536[[#This Row],[Adj.AnnualRental]]*(1+$I479)^(2))","v":243612.9669},{"$f":"(Table_Provincial_GTAC3536[[#This Row],[Adj.AnnualRental]]*(1+$I479)^(3))","v":260665.87458300003},{"$f":"(Table_Provincial_GTAC3536[[#This Row],[Adj.AnnualRental]]*(1+$I479)^(4))","v":278912.48580381001},{"$f":"(Table_Provincial_GTAC3536[[#This Row],[Adj.AnnualRental]]*(1+$I479)^(5))","v":298436.35981007671},{"$f":"(Table_Provincial_GTAC3536[[#This Row],[Adj.AnnualRental]]*(1+$I479)^(6))","v":319326.90499678208},{"$f":"(Table_Provincial_GTAC3536[[#This Row],[Adj.AnnualRental]]*(1+$I479)^(7))","v":341679.78834655683}]
[748,{"$f":"VLOOKUP($A480,DATA2!$A$2:$S$607,2,FALSE)","v":"FS"},{"$f":"VLOOKUP($A480,DATA2!$A$2:$S$607,3,FALSE)","v":"Free State"},{"$f":"VLOOKUP($A480,DATA2!$A$2:$S$607,4,FALSE)","v":96.915789473684214},{"$f":"VLOOKUP($A480,DATA2!$A$2:$S$607,5,FALSE)","v":84},{"$f":"VLOOKUP($A480,DATA2!$A$2:$S$607,6,FALSE)","v":"VTSD"},{"$f":"VLOOKUP($A480,DATA2!$A$2:$S$607,7,FALSE)","v":228},{"$f":"VLOOKUP($A480,DATA2!$A$2:$S$607,8,FALSE)","v":true},{"$f":"VLOOKUP($A480,DATA2!$A$2:$S$607,9,FALSE)","v":0.08},2636,{"$f":"VLOOKUP($A480,DATA2!$A$2:$S$607,10,FALSE)","v":22096.799999999999},{"$f":"VLOOKUP($A480,DATA2!$A$2:$S$607,11,FALSE)","v":265161.59999999998},{"$f":"VLOOKUP($A480,DATA2!$A$2:$S$607,12,FALSE)","v":"2016-10-01"},{"$f":"VLOOKUP($A480,DATA2!$A$2:$S$607,13,FALSE)","v":"2026-08-31"},{"$f":"VLOOKUP($A480,DATA2!$A$2:$S$607,14,FALSE)","v":"No"},{"$f":"IF(MATRIX2!D480=1,($Y$8-$X$2)/365*Table_Provincial_GTAC3536[[#This Row],[Adj.AnnualRental]]*MATRIX2!D480,($Y$8-$X$2)/365*Table_Provincial_GTAC3536[[#This Row],[Adj.AnnualRental]])","v":87176.416438356158},{"$f":"(Table_Provincial_GTAC3536[[#This Row],[Adj.AnnualRental]]*(1+$I480)^(2))","v":309284.49024000001},{"$f":"(Table_Provincial_GTAC3536[[#This Row],[Adj.AnnualRental]]*(1+$I480)^(3))","v":334027.24945920001},{"$f":"(Table_Provincial_GTAC3536[[#This Row],[Adj.AnnualRental]]*(1+$I480)^(4))","v":360749.42941593606},{"$f":"(Table_Provincial_GTAC3536[[#This Row],[Adj.AnnualRental]]*(1+$I480)^(5))","v":389609.38376921095},{"$f":"(Table_Provincial_GTAC3536[[#This Row],[Adj.AnnualRental]]*(1+$I480)^(6))","v":420778.13447074784},{"$f":"(Table_Provincial_GTAC3536[[#This Row],[Adj.AnnualRental]]*(1+$I480)^(7))","v":454440.38522840769}]
[749,{"$f":"VLOOKUP($A481,DATA2!$A$2:$S$607,2,FALSE)","v":"FS"},{"$f":"VLOOKUP($A481,DATA2!$A$2:$S$607,3,FALSE)","v":"Free State"},{"$f":"VLOOKUP($A481,DATA2!$A$2:$S$607,4,FALSE)","v":175.31877408477843},{"$f":"VLOOKUP($A481,DATA2!$A$2:$S$607,5,FALSE)","v":84},{"$f":"VLOOKUP($A481,DATA2!$A$2:$S$607,6,FALSE)","v":"CBD"},{"$f":"VLOOKUP($A481,DATA2!$A$2:$S$607,7,FALSE)","v":8304},{"$f":"VLOOKUP($A481,DATA2!$A$2:$S$607,8,FALSE)","v":true},{"$f":"VLOOKUP($A481,DATA2!$A$2:$S$607,9,FALSE)","v":0.08},2122.23,{"$f":"VLOOKUP($A481,DATA2!$A$2:$S$607,10,FALSE)","v":1455847.1},{"$f":"VLOOKUP($A481,DATA2!$A$2:$S$607,11,FALSE)","v":17470165.199999999},{"$f":"VLOOKUP($A481,DATA2!$A$2:$S$607,12,FALSE)","v":"2003-04-01"},{"$f":"VLOOKUP($A481,DATA2!$A$2:$S$607,13,FALSE)","v":"2013-02-28"},{"$f":"VLOOKUP($A481,DATA2!$A$2:$S$607,14,FALSE)","v":"Yes"},{"$f":"IF(MATRIX2!D481=1,($Y$8-$X$2)/365*Table_Provincial_GTAC3536[[#This Row],[Adj.AnnualRental]]*MATRIX2!D481,($Y$8-$X$2)/365*Table_Provincial_GTAC3536[[#This Row],[Adj.AnnualRental]])","v":5743615.9561643833},{"$f":"(Table_Provincial_GTAC3536[[#This Row],[Adj.AnnualRental]]*(1+$I481)^(2))","v":20377200.68928},{"$f":"(Table_Provincial_GTAC3536[[#This Row],[Adj.AnnualRental]]*(1+$I481)^(3))","v":22007376.744422402},{"$f":"(Table_Provincial_GTAC3536[[#This Row],[Adj.AnnualRental]]*(1+$I481)^(4))","v":23767966.883976195},{"$f":"(Table_Provincial_GTAC3536[[#This Row],[Adj.AnnualRental]]*(1+$I481)^(5))","v":25669404.234694291},{"$f":"(Table_Provincial_GTAC3536[[#This Row],[Adj.AnnualRental]]*(1+$I481)^(6))","v":27722956.57346984},{"$f":"(Table_Provincial_GTAC3536[[#This Row],[Adj.AnnualRental]]*(1+$I481)^(7))","v":29940793.099347427}]
[750,{"$f":"VLOOKUP($A482,DATA2!$A$2:$S$607,2,FALSE)","v":"FS"},{"$f":"VLOOKUP($A482,DATA2!$A$2:$S$607,3,FALSE)","v":"Free State"},{"$f":"VLOOKUP($A482,DATA2!$A$2:$S$607,4,FALSE)","v":139.09186561104343},{"$f":"VLOOKUP($A482,DATA2!$A$2:$S$607,5,FALSE)","v":84},{"$f":"VLOOKUP($A482,DATA2!$A$2:$S$607,6,FALSE)","v":"CBD"},{"$f":"VLOOKUP($A482,DATA2!$A$2:$S$607,7,FALSE)","v":4926},{"$f":"VLOOKUP($A482,DATA2!$A$2:$S$607,8,FALSE)","v":true},{"$f":"VLOOKUP($A482,DATA2!$A$2:$S$607,9,FALSE)","v":0.08},7533.44,{"$f":"VLOOKUP($A482,DATA2!$A$2:$S$607,10,FALSE)","v":685166.53},{"$f":"VLOOKUP($A482,DATA2!$A$2:$S$607,11,FALSE)","v":8221998.3600000003},{"$f":"VLOOKUP($A482,DATA2!$A$2:$S$607,12,FALSE)","v":"2001-06-01"},{"$f":"VLOOKUP($A482,DATA2!$A$2:$S$607,13,FALSE)","v":"2011-05-31"},{"$f":"VLOOKUP($A482,DATA2!$A$2:$S$607,14,FALSE)","v":"Yes"},{"$f":"IF(MATRIX2!D482=1,($Y$8-$X$2)/365*Table_Provincial_GTAC3536[[#This Row],[Adj.AnnualRental]]*MATRIX2!D482,($Y$8-$X$2)/365*Table_Provincial_GTAC3536[[#This Row],[Adj.AnnualRental]])","v":2703122.7484931508},{"$f":"(Table_Provincial_GTAC3536[[#This Row],[Adj.AnnualRental]]*(1+$I482)^(2))","v":9590138.8871040009},{"$f":"(Table_Provincial_GTAC3536[[#This Row],[Adj.AnnualRental]]*(1+$I482)^(3))","v":10357349.998072322},{"$f":"(Table_Provincial_GTAC3536[[#This Row],[Adj.AnnualRental]]*(1+$I482)^(4))","v":11185937.997918108},{"$f":"(Table_Provincial_GTAC3536[[#This Row],[Adj.AnnualRental]]*(1+$I482)^(5))","v":12080813.037751557},{"$f":"(Table_Provincial_GTAC3536[[#This Row],[Adj.AnnualRental]]*(1+$I482)^(6))","v":13047278.080771683},{"$f":"(Table_Provincial_GTAC3536[[#This Row],[Adj.AnnualRental]]*(1+$I482)^(7))","v":14091060.327233419}]
[751,{"$f":"VLOOKUP($A483,DATA2!$A$2:$S$607,2,FALSE)","v":"FS"},{"$f":"VLOOKUP($A483,DATA2!$A$2:$S$607,3,FALSE)","v":"Free State"},{"$f":"VLOOKUP($A483,DATA2!$A$2:$S$607,4,FALSE)","v":161.44740653099859},{"$f":"VLOOKUP($A483,DATA2!$A$2:$S$607,5,FALSE)","v":84},{"$f":"VLOOKUP($A483,DATA2!$A$2:$S$607,6,FALSE)","v":"CBD"},{"$f":"VLOOKUP($A483,DATA2!$A$2:$S$607,7,FALSE)","v":2113},{"$f":"VLOOKUP($A483,DATA2!$A$2:$S$607,8,FALSE)","v":true},{"$f":"VLOOKUP($A483,DATA2!$A$2:$S$607,9,FALSE)","v":0.1},4500,{"$f":"VLOOKUP($A483,DATA2!$A$2:$S$607,10,FALSE)","v":341138.37},{"$f":"VLOOKUP($A483,DATA2!$A$2:$S$607,11,FALSE)","v":4093660.44},{"$f":"VLOOKUP($A483,DATA2!$A$2:$S$607,12,FALSE)","v":"2002-12-01"},{"$f":"VLOOKUP($A483,DATA2!$A$2:$S$607,13,FALSE)","v":"2012-10-31"},{"$f":"VLOOKUP($A483,DATA2!$A$2:$S$607,14,FALSE)","v":"Yes"},{"$f":"IF(MATRIX2!D483=1,($Y$8-$X$2)/365*Table_Provincial_GTAC3536[[#This Row],[Adj.AnnualRental]]*MATRIX2!D483,($Y$8-$X$2)/365*Table_Provincial_GTAC3536[[#This Row],[Adj.AnnualRental]])","v":1345860.9665753425},{"$f":"(Table_Provincial_GTAC3536[[#This Row],[Adj.AnnualRental]]*(1+$I483)^(2))","v":4953329.1324000005},{"$f":"(Table_Provincial_GTAC3536[[#This Row],[Adj.AnnualRental]]*(1+$I483)^(3))","v":5448662.045640002},{"$f":"(Table_Provincial_GTAC3536[[#This Row],[Adj.AnnualRental]]*(1+$I483)^(4))","v":5993528.2502040016},{"$f":"(Table_Provincial_GTAC3536[[#This Row],[Adj.AnnualRental]]*(1+$I483)^(5))","v":6592881.0752244024},{"$f":"(Table_Provincial_GTAC3536[[#This Row],[Adj.AnnualRental]]*(1+$I483)^(6))","v":7252169.1827468434},{"$f":"(Table_Provincial_GTAC3536[[#This Row],[Adj.AnnualRental]]*(1+$I483)^(7))","v":7977386.1010215292}]
[752,{"$f":"VLOOKUP($A484,DATA2!$A$2:$S$607,2,FALSE)","v":"FS"},{"$f":"VLOOKUP($A484,DATA2!$A$2:$S$607,3,FALSE)","v":"Free State"},{"$f":"VLOOKUP($A484,DATA2!$A$2:$S$607,4,FALSE)","v":350.0050743099788},{"$f":"VLOOKUP($A484,DATA2!$A$2:$S$607,5,FALSE)","v":84},{"$f":"VLOOKUP($A484,DATA2!$A$2:$S$607,6,FALSE)","v":"CBD"},{"$f":"VLOOKUP($A484,DATA2!$A$2:$S$607,7,FALSE)","v":471},{"$f":"VLOOKUP($A484,DATA2!$A$2:$S$607,8,FALSE)","v":true},{"$f":"VLOOKUP($A484,DATA2!$A$2:$S$607,9,FALSE)","v":0.08},92922.19,{"$f":"VLOOKUP($A484,DATA2!$A$2:$S$607,10,FALSE)","v":164852.39000000001},{"$f":"VLOOKUP($A484,DATA2!$A$2:$S$607,11,FALSE)","v":1978228.68},{"$f":"VLOOKUP($A484,DATA2!$A$2:$S$607,12,FALSE)","v":"2004-08-01"},{"$f":"VLOOKUP($A484,DATA2!$A$2:$S$607,13,FALSE)","v":"2007-07-31"},{"$f":"VLOOKUP($A484,DATA2!$A$2:$S$607,14,FALSE)","v":"Yes"},{"$f":"IF(MATRIX2!D484=1,($Y$8-$X$2)/365*Table_Provincial_GTAC3536[[#This Row],[Adj.AnnualRental]]*MATRIX2!D484,($Y$8-$X$2)/365*Table_Provincial_GTAC3536[[#This Row],[Adj.AnnualRental]])","v":650376.55232876702},{"$f":"(Table_Provincial_GTAC3536[[#This Row],[Adj.AnnualRental]]*(1+$I484)^(2))","v":2307405.9323519999},{"$f":"(Table_Provincial_GTAC3536[[#This Row],[Adj.AnnualRental]]*(1+$I484)^(3))","v":2491998.4069401603},{"$f":"(Table_Provincial_GTAC3536[[#This Row],[Adj.AnnualRental]]*(1+$I484)^(4))","v":2691358.2794953734},{"$f":"(Table_Provincial_GTAC3536[[#This Row],[Adj.AnnualRental]]*(1+$I484)^(5))","v":2906666.9418550031},{"$f":"(Table_Provincial_GTAC3536[[#This Row],[Adj.AnnualRental]]*(1+$I484)^(6))","v":3139200.2972034039},{"$f":"(Table_Provincial_GTAC3536[[#This Row],[Adj.AnnualRental]]*(1+$I484)^(7))","v":3390336.3209796762}]
[754,{"$f":"VLOOKUP($A485,DATA2!$A$2:$S$607,2,FALSE)","v":"FS"},{"$f":"VLOOKUP($A485,DATA2!$A$2:$S$607,3,FALSE)","v":"Free State"},{"$f":"VLOOKUP($A485,DATA2!$A$2:$S$607,4,FALSE)","v":56.739479674796748},{"$f":"VLOOKUP($A485,DATA2!$A$2:$S$607,5,FALSE)","v":84},{"$f":"VLOOKUP($A485,DATA2!$A$2:$S$607,6,FALSE)","v":"VTSD"},{"$f":"VLOOKUP($A485,DATA2!$A$2:$S$607,7,FALSE)","v":1230},{"$f":"VLOOKUP($A485,DATA2!$A$2:$S$607,8,FALSE)","v":true},{"$f":"VLOOKUP($A485,DATA2!$A$2:$S$607,9,FALSE)","v":7.4999999999999997E-2},30591.119999999999,{"$f":"VLOOKUP($A485,DATA2!$A$2:$S$607,10,FALSE)","v":69789.56},{"$f":"VLOOKUP($A485,DATA2!$A$2:$S$607,11,FALSE)","v":837474.72},{"$f":"VLOOKUP($A485,DATA2!$A$2:$S$607,12,FALSE)","v":"1996-05-15"},{"$f":"VLOOKUP($A485,DATA2!$A$2:$S$607,13,FALSE)","v":"2001-05-14"},{"$f":"VLOOKUP($A485,DATA2!$A$2:$S$607,14,FALSE)","v":"Yes"},{"$f":"IF(MATRIX2!D485=1,($Y$8-$X$2)/365*Table_Provincial_GTAC3536[[#This Row],[Adj.AnnualRental]]*MATRIX2!D485,($Y$8-$X$2)/365*Table_Provincial_GTAC3536[[#This Row],[Adj.AnnualRental]])","v":275334.15452054795},{"$f":"(Table_Provincial_GTAC3536[[#This Row],[Adj.AnnualRental]]*(1+$I485)^(2))","v":967806.72329999984},{"$f":"(Table_Provincial_GTAC3536[[#This Row],[Adj.AnnualRental]]*(1+$I485)^(3))","v":1040392.2275474998},{"$f":"(Table_Provincial_GTAC3536[[#This Row],[Adj.AnnualRental]]*(1+$I485)^(4))","v":1118421.6446135624},{"$f":"(Table_Provincial_GTAC3536[[#This Row],[Adj.AnnualRental]]*(1+$I485)^(5))","v":1202303.2679595796},{"$f":"(Table_Provincial_GTAC3536[[#This Row],[Adj.AnnualRental]]*(1+$I485)^(6))","v":1292476.0130565478},{"$f":"(Table_Provincial_GTAC3536[[#This Row],[Adj.AnnualRental]]*(1+$I485)^(7))","v":1389411.714035789}]
[757,{"$f":"VLOOKUP($A486,DATA2!$A$2:$S$607,2,FALSE)","v":"FS"},{"$f":"VLOOKUP($A486,DATA2!$A$2:$S$607,3,FALSE)","v":"Free State"},{"$f":"VLOOKUP($A486,DATA2!$A$2:$S$607,4,FALSE)","v":97.910935534591189},{"$f":"VLOOKUP($A486,DATA2!$A$2:$S$607,5,FALSE)","v":84},{"$f":"VLOOKUP($A486,DATA2!$A$2:$S$607,6,FALSE)","v":"CBD"},{"$f":"VLOOKUP($A486,DATA2!$A$2:$S$607,7,FALSE)","v":2544},{"$f":"VLOOKUP($A486,DATA2!$A$2:$S$607,8,FALSE)","v":true},{"$f":"VLOOKUP($A486,DATA2!$A$2:$S$607,9,FALSE)","v":7.4999999999999997E-2},6459.6,{"$f":"VLOOKUP($A486,DATA2!$A$2:$S$607,10,FALSE)","v":249085.42},{"$f":"VLOOKUP($A486,DATA2!$A$2:$S$607,11,FALSE)","v":2989025.04},{"$f":"VLOOKUP($A486,DATA2!$A$2:$S$607,12,FALSE)","v":"2012-11-01"},{"$f":"VLOOKUP($A486,DATA2!$A$2:$S$607,13,FALSE)","v":"2021-10-31"},{"$f":"VLOOKUP($A486,DATA2!$A$2:$S$607,14,FALSE)","v":"No"},{"$f":"IF(MATRIX2!D486=1,($Y$8-$X$2)/365*Table_Provincial_GTAC3536[[#This Row],[Adj.AnnualRental]]*MATRIX2!D486,($Y$8-$X$2)/365*Table_Provincial_GTAC3536[[#This Row],[Adj.AnnualRental]])","v":982693.16383561643},{"$f":"(Table_Provincial_GTAC3536[[#This Row],[Adj.AnnualRental]]*(1+$I486)^(2))","v":3454192.0618499997},{"$f":"(Table_Provincial_GTAC3536[[#This Row],[Adj.AnnualRental]]*(1+$I486)^(3))","v":3713256.4664887497},{"$f":"(Table_Provincial_GTAC3536[[#This Row],[Adj.AnnualRental]]*(1+$I486)^(4))","v":3991750.7014754061},{"$f":"(Table_Provincial_GTAC3536[[#This Row],[Adj.AnnualRental]]*(1+$I486)^(5))","v":4291132.0040860614},{"$f":"(Table_Provincial_GTAC3536[[#This Row],[Adj.AnnualRental]]*(1+$I486)^(6))","v":4612966.9043925153},{"$f":"(Table_Provincial_GTAC3536[[#This Row],[Adj.AnnualRental]]*(1+$I486)^(7))","v":4958939.422221954}]
[758,{"$f":"VLOOKUP($A487,DATA2!$A$2:$S$607,2,FALSE)","v":"FS"},{"$f":"VLOOKUP($A487,DATA2!$A$2:$S$607,3,FALSE)","v":"Free State"},{"$f":"VLOOKUP($A487,DATA2!$A$2:$S$607,4,FALSE)","v":113.49762920426579},{"$f":"VLOOKUP($A487,DATA2!$A$2:$S$607,5,FALSE)","v":84},{"$f":"VLOOKUP($A487,DATA2!$A$2:$S$607,6,FALSE)","v":"CBD"},{"$f":"VLOOKUP($A487,DATA2!$A$2:$S$607,7,FALSE)","v":4876},{"$f":"VLOOKUP($A487,DATA2!$A$2:$S$607,8,FALSE)","v":true},{"$f":"VLOOKUP($A487,DATA2!$A$2:$S$607,9,FALSE)","v":0.08},31904.11,{"$f":"VLOOKUP($A487,DATA2!$A$2:$S$607,10,FALSE)","v":553414.43999999994},{"$f":"VLOOKUP($A487,DATA2!$A$2:$S$607,11,FALSE)","v":6640973.2800000003},{"$f":"VLOOKUP($A487,DATA2!$A$2:$S$607,12,FALSE)","v":"2008-01-01"},{"$f":"VLOOKUP($A487,DATA2!$A$2:$S$607,13,FALSE)","v":"2010-12-31"},{"$f":"VLOOKUP($A487,DATA2!$A$2:$S$607,14,FALSE)","v":"Yes"},{"$f":"IF(MATRIX2!D487=1,($Y$8-$X$2)/365*Table_Provincial_GTAC3536[[#This Row],[Adj.AnnualRental]]*MATRIX2!D487,($Y$8-$X$2)/365*Table_Provincial_GTAC3536[[#This Row],[Adj.AnnualRental]])","v":2183333.6810958902},{"$f":"(Table_Provincial_GTAC3536[[#This Row],[Adj.AnnualRental]]*(1+$I487)^(2))","v":7746031.2337920014},{"$f":"(Table_Provincial_GTAC3536[[#This Row],[Adj.AnnualRental]]*(1+$I487)^(3))","v":8365713.732495361},{"$f":"(Table_Provincial_GTAC3536[[#This Row],[Adj.AnnualRental]]*(1+$I487)^(4))","v":9034970.8310949914},{"$f":"(Table_Provincial_GTAC3536[[#This Row],[Adj.AnnualRental]]*(1+$I487)^(5))","v":9757768.4975825902},{"$f":"(Table_Provincial_GTAC3536[[#This Row],[Adj.AnnualRental]]*(1+$I487)^(6))","v":10538389.9773892},{"$f":"(Table_Provincial_GTAC3536[[#This Row],[Adj.AnnualRental]]*(1+$I487)^(7))","v":11381461.175580336}]
[759,{"$f":"VLOOKUP($A488,DATA2!$A$2:$S$607,2,FALSE)","v":"FS"},{"$f":"VLOOKUP($A488,DATA2!$A$2:$S$607,3,FALSE)","v":"Free State"},{"$f":"VLOOKUP($A488,DATA2!$A$2:$S$607,4,FALSE)","v":87.589930555555554},{"$f":"VLOOKUP($A488,DATA2!$A$2:$S$607,5,FALSE)","v":84},{"$f":"VLOOKUP($A488,DATA2!$A$2:$S$607,6,FALSE)","v":"VTSD"},{"$f":"VLOOKUP($A488,DATA2!$A$2:$S$607,7,FALSE)","v":576},{"$f":"VLOOKUP($A488,DATA2!$A$2:$S$607,8,FALSE)","v":true},{"$f":"VLOOKUP($A488,DATA2!$A$2:$S$607,9,FALSE)","v":0.08},1800,{"$f":"VLOOKUP($A488,DATA2!$A$2:$S$607,10,FALSE)","v":50451.8},{"$f":"VLOOKUP($A488,DATA2!$A$2:$S$607,11,FALSE)","v":605421.6},{"$f":"VLOOKUP($A488,DATA2!$A$2:$S$607,12,FALSE)","v":"2008-05-01"},{"$f":"VLOOKUP($A488,DATA2!$A$2:$S$607,13,FALSE)","v":"2011-04-30"},{"$f":"VLOOKUP($A488,DATA2!$A$2:$S$607,14,FALSE)","v":"Yes"},{"$f":"IF(MATRIX2!D488=1,($Y$8-$X$2)/365*Table_Provincial_GTAC3536[[#This Row],[Adj.AnnualRental]]*MATRIX2!D488,($Y$8-$X$2)/365*Table_Provincial_GTAC3536[[#This Row],[Adj.AnnualRental]])","v":199042.71780821917},{"$f":"(Table_Provincial_GTAC3536[[#This Row],[Adj.AnnualRental]]*(1+$I488)^(2))","v":706163.75424000004},{"$f":"(Table_Provincial_GTAC3536[[#This Row],[Adj.AnnualRental]]*(1+$I488)^(3))","v":762656.85457920004},{"$f":"(Table_Provincial_GTAC3536[[#This Row],[Adj.AnnualRental]]*(1+$I488)^(4))","v":823669.40294553619},{"$f":"(Table_Provincial_GTAC3536[[#This Row],[Adj.AnnualRental]]*(1+$I488)^(5))","v":889562.95518117899},{"$f":"(Table_Provincial_GTAC3536[[#This Row],[Adj.AnnualRental]]*(1+$I488)^(6))","v":960727.99159567349},{"$f":"(Table_Provincial_GTAC3536[[#This Row],[Adj.AnnualRental]]*(1+$I488)^(7))","v":1037586.2309233274}]
[760,{"$f":"VLOOKUP($A489,DATA2!$A$2:$S$607,2,FALSE)","v":"FS"},{"$f":"VLOOKUP($A489,DATA2!$A$2:$S$607,3,FALSE)","v":"Free State"},{"$f":"VLOOKUP($A489,DATA2!$A$2:$S$607,4,FALSE)","v":171.88308720930232},{"$f":"VLOOKUP($A489,DATA2!$A$2:$S$607,5,FALSE)","v":84},{"$f":"VLOOKUP($A489,DATA2!$A$2:$S$607,6,FALSE)","v":"CBD"},{"$f":"VLOOKUP($A489,DATA2!$A$2:$S$607,7,FALSE)","v":5160},{"$f":"VLOOKUP($A489,DATA2!$A$2:$S$607,8,FALSE)","v":true},{"$f":"VLOOKUP($A489,DATA2!$A$2:$S$607,9,FALSE)","v":0.1},6500,{"$f":"VLOOKUP($A489,DATA2!$A$2:$S$607,10,FALSE)","v":886916.73},{"$f":"VLOOKUP($A489,DATA2!$A$2:$S$607,11,FALSE)","v":10643000.76},{"$f":"VLOOKUP($A489,DATA2!$A$2:$S$607,12,FALSE)","v":"2009-04-01"},{"$f":"VLOOKUP($A489,DATA2!$A$2:$S$607,13,FALSE)","v":"2019-02-28"},{"$f":"VLOOKUP($A489,DATA2!$A$2:$S$607,14,FALSE)","v":"No"},{"$f":"IF(MATRIX2!D489=1,($Y$8-$X$2)/365*Table_Provincial_GTAC3536[[#This Row],[Adj.AnnualRental]]*MATRIX2!D489,($Y$8-$X$2)/365*Table_Provincial_GTAC3536[[#This Row],[Adj.AnnualRental]])","v":3499068.7430136981},{"$f":"(Table_Provincial_GTAC3536[[#This Row],[Adj.AnnualRental]]*(1+$I489)^(2))","v":12878030.919600002},{"$f":"(Table_Provincial_GTAC3536[[#This Row],[Adj.AnnualRental]]*(1+$I489)^(3))","v":14165834.011560004},{"$f":"(Table_Provincial_GTAC3536[[#This Row],[Adj.AnnualRental]]*(1+$I489)^(4))","v":15582417.412716003},{"$f":"(Table_Provincial_GTAC3536[[#This Row],[Adj.AnnualRental]]*(1+$I489)^(5))","v":17140659.153987605},{"$f":"(Table_Provincial_GTAC3536[[#This Row],[Adj.AnnualRental]]*(1+$I489)^(6))","v":18854725.069386367},{"$f":"(Table_Provincial_GTAC3536[[#This Row],[Adj.AnnualRental]]*(1+$I489)^(7))","v":20740197.576325007}]
[763,{"$f":"VLOOKUP($A490,DATA2!$A$2:$S$607,2,FALSE)","v":"FS"},{"$f":"VLOOKUP($A490,DATA2!$A$2:$S$607,3,FALSE)","v":"Free State"},{"$f":"VLOOKUP($A490,DATA2!$A$2:$S$607,4,FALSE)","v":129.88874999999999},{"$f":"VLOOKUP($A490,DATA2!$A$2:$S$607,5,FALSE)","v":84},{"$f":"VLOOKUP($A490,DATA2!$A$2:$S$607,6,FALSE)","v":"VTSD"},{"$f":"VLOOKUP($A490,DATA2!$A$2:$S$607,7,FALSE)","v":960},{"$f":"VLOOKUP($A490,DATA2!$A$2:$S$607,8,FALSE)","v":true},{"$f":"VLOOKUP($A490,DATA2!$A$2:$S$607,9,FALSE)","v":0.08},17731.75,{"$f":"VLOOKUP($A490,DATA2!$A$2:$S$607,10,FALSE)","v":124693.2},{"$f":"VLOOKUP($A490,DATA2!$A$2:$S$607,11,FALSE)","v":1496318.4},{"$f":"VLOOKUP($A490,DATA2!$A$2:$S$607,12,FALSE)","v":"2016-10-01"},{"$f":"VLOOKUP($A490,DATA2!$A$2:$S$607,13,FALSE)","v":"2026-08-31"},{"$f":"VLOOKUP($A490,DATA2!$A$2:$S$607,14,FALSE)","v":"No"},{"$f":"IF(MATRIX2!D490=1,($Y$8-$X$2)/365*Table_Provincial_GTAC3536[[#This Row],[Adj.AnnualRental]]*MATRIX2!D490,($Y$8-$X$2)/365*Table_Provincial_GTAC3536[[#This Row],[Adj.AnnualRental]])","v":491940.2958904109},{"$f":"(Table_Provincial_GTAC3536[[#This Row],[Adj.AnnualRental]]*(1+$I490)^(2))","v":1745305.7817600002},{"$f":"(Table_Provincial_GTAC3536[[#This Row],[Adj.AnnualRental]]*(1+$I490)^(3))","v":1884930.2443008001},{"$f":"(Table_Provincial_GTAC3536[[#This Row],[Adj.AnnualRental]]*(1+$I490)^(4))","v":2035724.6638448643},{"$f":"(Table_Provincial_GTAC3536[[#This Row],[Adj.AnnualRental]]*(1+$I490)^(5))","v":2198582.6369524533},{"$f":"(Table_Provincial_GTAC3536[[#This Row],[Adj.AnnualRental]]*(1+$I490)^(6))","v":2374469.24790865},{"$f":"(Table_Provincial_GTAC3536[[#This Row],[Adj.AnnualRental]]*(1+$I490)^(7))","v":2564426.7877413421}]
[765,{"$f":"VLOOKUP($A491,DATA2!$A$2:$S$607,2,FALSE)","v":"FS"},{"$f":"VLOOKUP($A491,DATA2!$A$2:$S$607,3,FALSE)","v":"Free State"},{"$f":"VLOOKUP($A491,DATA2!$A$2:$S$607,4,FALSE)","v":276.47404533333332},{"$f":"VLOOKUP($A491,DATA2!$A$2:$S$607,5,FALSE)","v":84},{"$f":"VLOOKUP($A491,DATA2!$A$2:$S$607,6,FALSE)","v":"CBD"},{"$f":"VLOOKUP($A491,DATA2!$A$2:$S$607,7,FALSE)","v":15000},{"$f":"VLOOKUP($A491,DATA2!$A$2:$S$607,8,FALSE)","v":true},{"$f":"VLOOKUP($A491,DATA2!$A$2:$S$607,9,FALSE)","v":0.1},24304.799999999999,{"$f":"VLOOKUP($A491,DATA2!$A$2:$S$607,10,FALSE)","v":4147110.68},{"$f":"VLOOKUP($A491,DATA2!$A$2:$S$607,11,FALSE)","v":49765328.159999996},{"$f":"VLOOKUP($A491,DATA2!$A$2:$S$607,12,FALSE)","v":"2005-05-01"},{"$f":"VLOOKUP($A491,DATA2!$A$2:$S$607,13,FALSE)","v":"2017-04-30"},{"$f":"VLOOKUP($A491,DATA2!$A$2:$S$607,14,FALSE)","v":"Yes"},{"$f":"IF(MATRIX2!D491=1,($Y$8-$X$2)/365*Table_Provincial_GTAC3536[[#This Row],[Adj.AnnualRental]]*MATRIX2!D491,($Y$8-$X$2)/365*Table_Provincial_GTAC3536[[#This Row],[Adj.AnnualRental]])","v":16361203.778630136},{"$f":"(Table_Provincial_GTAC3536[[#This Row],[Adj.AnnualRental]]*(1+$I491)^(2))","v":60216047.073600002},{"$f":"(Table_Provincial_GTAC3536[[#This Row],[Adj.AnnualRental]]*(1+$I491)^(3))","v":66237651.780960016},{"$f":"(Table_Provincial_GTAC3536[[#This Row],[Adj.AnnualRental]]*(1+$I491)^(4))","v":72861416.95905602},{"$f":"(Table_Provincial_GTAC3536[[#This Row],[Adj.AnnualRental]]*(1+$I491)^(5))","v":80147558.654961616},{"$f":"(Table_Provincial_GTAC3536[[#This Row],[Adj.AnnualRental]]*(1+$I491)^(6))","v":88162314.520457789},{"$f":"(Table_Provincial_GTAC3536[[#This Row],[Adj.AnnualRental]]*(1+$I491)^(7))","v":96978545.972503588}]
[766,{"$f":"VLOOKUP($A492,DATA2!$A$2:$S$607,2,FALSE)","v":"FS"},{"$f":"VLOOKUP($A492,DATA2!$A$2:$S$607,3,FALSE)","v":"Free State"},{"$f":"VLOOKUP($A492,DATA2!$A$2:$S$607,4,FALSE)","v":93.011173333333332},{"$f":"VLOOKUP($A492,DATA2!$A$2:$S$607,5,FALSE)","v":84},{"$f":"VLOOKUP($A492,DATA2!$A$2:$S$607,6,FALSE)","v":"VTSD"},{"$f":"VLOOKUP($A492,DATA2!$A$2:$S$607,7,FALSE)","v":375},{"$f":"VLOOKUP($A492,DATA2!$A$2:$S$607,8,FALSE)","v":true},{"$f":"VLOOKUP($A492,DATA2!$A$2:$S$607,9,FALSE)","v":0.08},1541131.1,{"$f":"VLOOKUP($A492,DATA2!$A$2:$S$607,10,FALSE)","v":34879.19},{"$f":"VLOOKUP($A492,DATA2!$A$2:$S$607,11,FALSE)","v":418550.28},{"$f":"VLOOKUP($A492,DATA2!$A$2:$S$607,12,FALSE)","v":"2003-12-01"},{"$f":"VLOOKUP($A492,DATA2!$A$2:$S$607,13,FALSE)","v":"2013-11-30"},{"$f":"VLOOKUP($A492,DATA2!$A$2:$S$607,14,FALSE)","v":"Yes"},{"$f":"IF(MATRIX2!D492=1,($Y$8-$X$2)/365*Table_Provincial_GTAC3536[[#This Row],[Adj.AnnualRental]]*MATRIX2!D492,($Y$8-$X$2)/365*Table_Provincial_GTAC3536[[#This Row],[Adj.AnnualRental]])","v":137605.57150684932},{"$f":"(Table_Provincial_GTAC3536[[#This Row],[Adj.AnnualRental]]*(1+$I492)^(2))","v":488197.04659200006},{"$f":"(Table_Provincial_GTAC3536[[#This Row],[Adj.AnnualRental]]*(1+$I492)^(3))","v":527252.81031936011},{"$f":"(Table_Provincial_GTAC3536[[#This Row],[Adj.AnnualRental]]*(1+$I492)^(4))","v":569433.03514490894},{"$f":"(Table_Provincial_GTAC3536[[#This Row],[Adj.AnnualRental]]*(1+$I492)^(5))","v":614987.67795650172},{"$f":"(Table_Provincial_GTAC3536[[#This Row],[Adj.AnnualRental]]*(1+$I492)^(6))","v":664186.69219302188},{"$f":"(Table_Provincial_GTAC3536[[#This Row],[Adj.AnnualRental]]*(1+$I492)^(7))","v":717321.62756846368}]
[767,{"$f":"VLOOKUP($A493,DATA2!$A$2:$S$607,2,FALSE)","v":"FS"},{"$f":"VLOOKUP($A493,DATA2!$A$2:$S$607,3,FALSE)","v":"Free State"},{"$f":"VLOOKUP($A493,DATA2!$A$2:$S$607,4,FALSE)","v":130.46547042008032},{"$f":"VLOOKUP($A493,DATA2!$A$2:$S$607,5,FALSE)","v":84},{"$f":"VLOOKUP($A493,DATA2!$A$2:$S$607,6,FALSE)","v":"CBD"},{"$f":"VLOOKUP($A493,DATA2!$A$2:$S$607,7,FALSE)","v":7412.63},{"$f":"VLOOKUP($A493,DATA2!$A$2:$S$607,8,FALSE)","v":true},{"$f":"VLOOKUP($A493,DATA2!$A$2:$S$607,9,FALSE)","v":8.5000000000000006E-2},714146.53,{"$f":"VLOOKUP($A493,DATA2!$A$2:$S$607,10,FALSE)","v":967092.26},{"$f":"VLOOKUP($A493,DATA2!$A$2:$S$607,11,FALSE)","v":11605107.119999999},{"$f":"VLOOKUP($A493,DATA2!$A$2:$S$607,12,FALSE)","v":"2015-06-01"},{"$f":"VLOOKUP($A493,DATA2!$A$2:$S$607,13,FALSE)","v":"2025-04-30"},{"$f":"VLOOKUP($A493,DATA2!$A$2:$S$607,14,FALSE)","v":"No"},{"$f":"IF(MATRIX2!D493=1,($Y$8-$X$2)/365*Table_Provincial_GTAC3536[[#This Row],[Adj.AnnualRental]]*MATRIX2!D493,($Y$8-$X$2)/365*Table_Provincial_GTAC3536[[#This Row],[Adj.AnnualRental]])","v":3815377.6832876708},{"$f":"(Table_Provincial_GTAC3536[[#This Row],[Adj.AnnualRental]]*(1+$I493)^(2))","v":13661822.229341999},{"$f":"(Table_Provincial_GTAC3536[[#This Row],[Adj.AnnualRental]]*(1+$I493)^(3))","v":14823077.118836069},{"$f":"(Table_Provincial_GTAC3536[[#This Row],[Adj.AnnualRental]]*(1+$I493)^(4))","v":16083038.673937133},{"$f":"(Table_Provincial_GTAC3536[[#This Row],[Adj.AnnualRental]]*(1+$I493)^(5))","v":17450096.961221788},{"$f":"(Table_Provincial_GTAC3536[[#This Row],[Adj.AnnualRental]]*(1+$I493)^(6))","v":18933355.202925641},{"$f":"(Table_Provincial_GTAC3536[[#This Row],[Adj.AnnualRental]]*(1+$I493)^(7))","v":20542690.395174321}]
[768,{"$f":"VLOOKUP($A494,DATA2!$A$2:$S$607,2,FALSE)","v":"FS"},{"$f":"VLOOKUP($A494,DATA2!$A$2:$S$607,3,FALSE)","v":"Free State"},{"$f":"VLOOKUP($A494,DATA2!$A$2:$S$607,4,FALSE)","v":175.5014248366013},{"$f":"VLOOKUP($A494,DATA2!$A$2:$S$607,5,FALSE)","v":84},{"$f":"VLOOKUP($A494,DATA2!$A$2:$S$607,6,FALSE)","v":"VTSD"},{"$f":"VLOOKUP($A494,DATA2!$A$2:$S$607,7,FALSE)","v":765},{"$f":"VLOOKUP($A494,DATA2!$A$2:$S$607,8,FALSE)","v":true},{"$f":"VLOOKUP($A494,DATA2!$A$2:$S$607,9,FALSE)","v":0.1},352178.37,{"$f":"VLOOKUP($A494,DATA2!$A$2:$S$607,10,FALSE)","v":134258.59},{"$f":"VLOOKUP($A494,DATA2!$A$2:$S$607,11,FALSE)","v":1611103.08},{"$f":"VLOOKUP($A494,DATA2!$A$2:$S$607,12,FALSE)","v":"2009-11-01"},{"$f":"VLOOKUP($A494,DATA2!$A$2:$S$607,13,FALSE)","v":"2024-09-30"},{"$f":"VLOOKUP($A494,DATA2!$A$2:$S$607,14,FALSE)","v":"No"},{"$f":"IF(MATRIX2!D494=1,($Y$8-$X$2)/365*Table_Provincial_GTAC3536[[#This Row],[Adj.AnnualRental]]*MATRIX2!D494,($Y$8-$X$2)/365*Table_Provincial_GTAC3536[[#This Row],[Adj.AnnualRental]])","v":529677.72493150679},{"$f":"(Table_Provincial_GTAC3536[[#This Row],[Adj.AnnualRental]]*(1+$I494)^(2))","v":1949434.7268000003},{"$f":"(Table_Provincial_GTAC3536[[#This Row],[Adj.AnnualRental]]*(1+$I494)^(3))","v":2144378.1994800009},{"$f":"(Table_Provincial_GTAC3536[[#This Row],[Adj.AnnualRental]]*(1+$I494)^(4))","v":2358816.0194280008},{"$f":"(Table_Provincial_GTAC3536[[#This Row],[Adj.AnnualRental]]*(1+$I494)^(5))","v":2594697.6213708012},{"$f":"(Table_Provincial_GTAC3536[[#This Row],[Adj.AnnualRental]]*(1+$I494)^(6))","v":2854167.3835078813},{"$f":"(Table_Provincial_GTAC3536[[#This Row],[Adj.AnnualRental]]*(1+$I494)^(7))","v":3139584.1218586699}]
[769,{"$f":"VLOOKUP($A495,DATA2!$A$2:$S$607,2,FALSE)","v":"FS"},{"$f":"VLOOKUP($A495,DATA2!$A$2:$S$607,3,FALSE)","v":"Free State"},{"$f":"VLOOKUP($A495,DATA2!$A$2:$S$607,4,FALSE)","v":167.64959465922138},{"$f":"VLOOKUP($A495,DATA2!$A$2:$S$607,5,FALSE)","v":84},{"$f":"VLOOKUP($A495,DATA2!$A$2:$S$607,6,FALSE)","v":"CBD"},{"$f":"VLOOKUP($A495,DATA2!$A$2:$S$607,7,FALSE)","v":2065.9160000000002},{"$f":"VLOOKUP($A495,DATA2!$A$2:$S$607,8,FALSE)","v":true},{"$f":"VLOOKUP($A495,DATA2!$A$2:$S$607,9,FALSE)","v":0.1},168716.39,{"$f":"VLOOKUP($A495,DATA2!$A$2:$S$607,10,FALSE)","v":346349.98},{"$f":"VLOOKUP($A495,DATA2!$A$2:$S$607,11,FALSE)","v":4156199.76},{"$f":"VLOOKUP($A495,DATA2!$A$2:$S$607,12,FALSE)","v":"2009-04-01"},{"$f":"VLOOKUP($A495,DATA2!$A$2:$S$607,13,FALSE)","v":"2019-02-28"},{"$f":"VLOOKUP($A495,DATA2!$A$2:$S$607,14,FALSE)","v":"No"},{"$f":"IF(MATRIX2!D495=1,($Y$8-$X$2)/365*Table_Provincial_GTAC3536[[#This Row],[Adj.AnnualRental]]*MATRIX2!D495,($Y$8-$X$2)/365*Table_Provincial_GTAC3536[[#This Row],[Adj.AnnualRental]])","v":1366421.8389041096},{"$f":"(Table_Provincial_GTAC3536[[#This Row],[Adj.AnnualRental]]*(1+$I495)^(2))","v":5029001.7096000006},{"$f":"(Table_Provincial_GTAC3536[[#This Row],[Adj.AnnualRental]]*(1+$I495)^(3))","v":5531901.8805600014},{"$f":"(Table_Provincial_GTAC3536[[#This Row],[Adj.AnnualRental]]*(1+$I495)^(4))","v":6085092.0686160009},{"$f":"(Table_Provincial_GTAC3536[[#This Row],[Adj.AnnualRental]]*(1+$I495)^(5))","v":6693601.2754776021},{"$f":"(Table_Provincial_GTAC3536[[#This Row],[Adj.AnnualRental]]*(1+$I495)^(6))","v":7362961.4030253626},{"$f":"(Table_Provincial_GTAC3536[[#This Row],[Adj.AnnualRental]]*(1+$I495)^(7))","v":8099257.5433279006}]
[770,{"$f":"VLOOKUP($A496,DATA2!$A$2:$S$607,2,FALSE)","v":"FS"},{"$f":"VLOOKUP($A496,DATA2!$A$2:$S$607,3,FALSE)","v":"Free State"},{"$f":"VLOOKUP($A496,DATA2!$A$2:$S$607,4,FALSE)","v":145.37857142857143},{"$f":"VLOOKUP($A496,DATA2!$A$2:$S$607,5,FALSE)","v":84},{"$f":"VLOOKUP($A496,DATA2!$A$2:$S$607,6,FALSE)","v":"VTSD"},{"$f":"VLOOKUP($A496,DATA2!$A$2:$S$607,7,FALSE)","v":49},{"$f":"VLOOKUP($A496,DATA2!$A$2:$S$607,8,FALSE)","v":true},{"$f":"VLOOKUP($A496,DATA2!$A$2:$S$607,9,FALSE)","v":0.05},69789.56,{"$f":"VLOOKUP($A496,DATA2!$A$2:$S$607,10,FALSE)","v":7123.55},{"$f":"VLOOKUP($A496,DATA2!$A$2:$S$607,11,FALSE)","v":85482.6},{"$f":"VLOOKUP($A496,DATA2!$A$2:$S$607,12,FALSE)","v":"2006-04-01"},{"$f":"VLOOKUP($A496,DATA2!$A$2:$S$607,13,FALSE)","v":"2009-03-31"},{"$f":"VLOOKUP($A496,DATA2!$A$2:$S$607,14,FALSE)","v":"Yes"},{"$f":"IF(MATRIX2!D496=1,($Y$8-$X$2)/365*Table_Provincial_GTAC3536[[#This Row],[Adj.AnnualRental]]*MATRIX2!D496,($Y$8-$X$2)/365*Table_Provincial_GTAC3536[[#This Row],[Adj.AnnualRental]])","v":28103.868493150687},{"$f":"(Table_Provincial_GTAC3536[[#This Row],[Adj.AnnualRental]]*(1+$I496)^(2))","v":94244.566500000015},{"$f":"(Table_Provincial_GTAC3536[[#This Row],[Adj.AnnualRental]]*(1+$I496)^(3))","v":98956.794825000019},{"$f":"(Table_Provincial_GTAC3536[[#This Row],[Adj.AnnualRental]]*(1+$I496)^(4))","v":103904.63456625001},{"$f":"(Table_Provincial_GTAC3536[[#This Row],[Adj.AnnualRental]]*(1+$I496)^(5))","v":109099.86629456253},{"$f":"(Table_Provincial_GTAC3536[[#This Row],[Adj.AnnualRental]]*(1+$I496)^(6))","v":114554.85960929064},{"$f":"(Table_Provincial_GTAC3536[[#This Row],[Adj.AnnualRental]]*(1+$I496)^(7))","v":120282.60258975519}]
[771,{"$f":"VLOOKUP($A497,DATA2!$A$2:$S$607,2,FALSE)","v":"FS"},{"$f":"VLOOKUP($A497,DATA2!$A$2:$S$607,3,FALSE)","v":"Free State"},{"$f":"VLOOKUP($A497,DATA2!$A$2:$S$607,4,FALSE)","v":142.9625541125541},{"$f":"VLOOKUP($A497,DATA2!$A$2:$S$607,5,FALSE)","v":84},{"$f":"VLOOKUP($A497,DATA2!$A$2:$S$607,6,FALSE)","v":"CBD"},{"$f":"VLOOKUP($A497,DATA2!$A$2:$S$607,7,FALSE)","v":1848},{"$f":"VLOOKUP($A497,DATA2!$A$2:$S$607,8,FALSE)","v":true},{"$f":"VLOOKUP($A497,DATA2!$A$2:$S$607,9,FALSE)","v":7.4999999999999997E-2},256813.42,{"$f":"VLOOKUP($A497,DATA2!$A$2:$S$607,10,FALSE)","v":264194.8},{"$f":"VLOOKUP($A497,DATA2!$A$2:$S$607,11,FALSE)","v":3170337.6},{"$f":"VLOOKUP($A497,DATA2!$A$2:$S$607,12,FALSE)","v":"2011-07-01"},{"$f":"VLOOKUP($A497,DATA2!$A$2:$S$607,13,FALSE)","v":"2026-07-31"},{"$f":"VLOOKUP($A497,DATA2!$A$2:$S$607,14,FALSE)","v":"No"},{"$f":"IF(MATRIX2!D497=1,($Y$8-$X$2)/365*Table_Provincial_GTAC3536[[#This Row],[Adj.AnnualRental]]*MATRIX2!D497,($Y$8-$X$2)/365*Table_Provincial_GTAC3536[[#This Row],[Adj.AnnualRental]])","v":1042302.7726027397},{"$f":"(Table_Provincial_GTAC3536[[#This Row],[Adj.AnnualRental]]*(1+$I497)^(2))","v":3663721.389},{"$f":"(Table_Provincial_GTAC3536[[#This Row],[Adj.AnnualRental]]*(1+$I497)^(3))","v":3938500.4931749995},{"$f":"(Table_Provincial_GTAC3536[[#This Row],[Adj.AnnualRental]]*(1+$I497)^(4))","v":4233888.0301631251},{"$f":"(Table_Provincial_GTAC3536[[#This Row],[Adj.AnnualRental]]*(1+$I497)^(5))","v":4551429.6324253595},{"$f":"(Table_Provincial_GTAC3536[[#This Row],[Adj.AnnualRental]]*(1+$I497)^(6))","v":4892786.8548572604},{"$f":"(Table_Provincial_GTAC3536[[#This Row],[Adj.AnnualRental]]*(1+$I497)^(7))","v":5259745.8689715555}]
[772,{"$f":"VLOOKUP($A498,DATA2!$A$2:$S$607,2,FALSE)","v":"FS"},{"$f":"VLOOKUP($A498,DATA2!$A$2:$S$607,3,FALSE)","v":"Free State"},{"$f":"VLOOKUP($A498,DATA2!$A$2:$S$607,4,FALSE)","v":117.59078571428572},{"$f":"VLOOKUP($A498,DATA2!$A$2:$S$607,5,FALSE)","v":84},{"$f":"VLOOKUP($A498,DATA2!$A$2:$S$607,6,FALSE)","v":"VTSD"},{"$f":"VLOOKUP($A498,DATA2!$A$2:$S$607,7,FALSE)","v":1400},{"$f":"VLOOKUP($A498,DATA2!$A$2:$S$607,8,FALSE)","v":true},{"$f":"VLOOKUP($A498,DATA2!$A$2:$S$607,9,FALSE)","v":7.0000000000000007E-2},553414.43999999994,{"$f":"VLOOKUP($A498,DATA2!$A$2:$S$607,10,FALSE)","v":164627.1},{"$f":"VLOOKUP($A498,DATA2!$A$2:$S$607,11,FALSE)","v":1975525.2},{"$f":"VLOOKUP($A498,DATA2!$A$2:$S$607,12,FALSE)","v":"2017-02-01"},{"$f":"VLOOKUP($A498,DATA2!$A$2:$S$607,13,FALSE)","v":"2026-12-31"},{"$f":"VLOOKUP($A498,DATA2!$A$2:$S$607,14,FALSE)","v":"No"},{"$f":"IF(MATRIX2!D498=1,($Y$8-$X$2)/365*Table_Provincial_GTAC3536[[#This Row],[Adj.AnnualRental]]*MATRIX2!D498,($Y$8-$X$2)/365*Table_Provincial_GTAC3536[[#This Row],[Adj.AnnualRental]])","v":649487.73698630137},{"$f":"(Table_Provincial_GTAC3536[[#This Row],[Adj.AnnualRental]]*(1+$I498)^(2))","v":2261778.8014799999},{"$f":"(Table_Provincial_GTAC3536[[#This Row],[Adj.AnnualRental]]*(1+$I498)^(3))","v":2420103.3175836001},{"$f":"(Table_Provincial_GTAC3536[[#This Row],[Adj.AnnualRental]]*(1+$I498)^(4))","v":2589510.549814452},{"$f":"(Table_Provincial_GTAC3536[[#This Row],[Adj.AnnualRental]]*(1+$I498)^(5))","v":2770776.2883014637},{"$f":"(Table_Provincial_GTAC3536[[#This Row],[Adj.AnnualRental]]*(1+$I498)^(6))","v":2964730.6284825662},{"$f":"(Table_Provincial_GTAC3536[[#This Row],[Adj.AnnualRental]]*(1+$I498)^(7))","v":3172261.7724763458}]
[773,{"$f":"VLOOKUP($A499,DATA2!$A$2:$S$607,2,FALSE)","v":"FS"},{"$f":"VLOOKUP($A499,DATA2!$A$2:$S$607,3,FALSE)","v":"Free State"},{"$f":"VLOOKUP($A499,DATA2!$A$2:$S$607,4,FALSE)","v":111.84938679245283},{"$f":"VLOOKUP($A499,DATA2!$A$2:$S$607,5,FALSE)","v":84},{"$f":"VLOOKUP($A499,DATA2!$A$2:$S$607,6,FALSE)","v":"VTSD"},{"$f":"VLOOKUP($A499,DATA2!$A$2:$S$607,7,FALSE)","v":2120},{"$f":"VLOOKUP($A499,DATA2!$A$2:$S$607,8,FALSE)","v":true},{"$f":"VLOOKUP($A499,DATA2!$A$2:$S$607,9,FALSE)","v":0.08},50451.8,{"$f":"VLOOKUP($A499,DATA2!$A$2:$S$607,10,FALSE)","v":237120.7},{"$f":"VLOOKUP($A499,DATA2!$A$2:$S$607,11,FALSE)","v":2845448.4},{"$f":"VLOOKUP($A499,DATA2!$A$2:$S$607,12,FALSE)","v":"2008-01-01"},{"$f":"VLOOKUP($A499,DATA2!$A$2:$S$607,13,FALSE)","v":"2008-11-30"},{"$f":"VLOOKUP($A499,DATA2!$A$2:$S$607,14,FALSE)","v":"Yes"},{"$f":"IF(MATRIX2!D499=1,($Y$8-$X$2)/365*Table_Provincial_GTAC3536[[#This Row],[Adj.AnnualRental]]*MATRIX2!D499,($Y$8-$X$2)/365*Table_Provincial_GTAC3536[[#This Row],[Adj.AnnualRental]])","v":935489.88493150682},{"$f":"(Table_Provincial_GTAC3536[[#This Row],[Adj.AnnualRental]]*(1+$I499)^(2))","v":3318931.01376},{"$f":"(Table_Provincial_GTAC3536[[#This Row],[Adj.AnnualRental]]*(1+$I499)^(3))","v":3584445.4948608004},{"$f":"(Table_Provincial_GTAC3536[[#This Row],[Adj.AnnualRental]]*(1+$I499)^(4))","v":3871201.1344496645},{"$f":"(Table_Provincial_GTAC3536[[#This Row],[Adj.AnnualRental]]*(1+$I499)^(5))","v":4180897.225205638},{"$f":"(Table_Provincial_GTAC3536[[#This Row],[Adj.AnnualRental]]*(1+$I499)^(6))","v":4515369.0032220893},{"$f":"(Table_Provincial_GTAC3536[[#This Row],[Adj.AnnualRental]]*(1+$I499)^(7))","v":4876598.5234798566}]
[775,{"$f":"VLOOKUP($A500,DATA2!$A$2:$S$607,2,FALSE)","v":"FS"},{"$f":"VLOOKUP($A500,DATA2!$A$2:$S$607,3,FALSE)","v":"Free State"},{"$f":"VLOOKUP($A500,DATA2!$A$2:$S$607,4,FALSE)","v":148.5240115942029},{"$f":"VLOOKUP($A500,DATA2!$A$2:$S$607,5,FALSE)","v":84},{"$f":"VLOOKUP($A500,DATA2!$A$2:$S$607,6,FALSE)","v":"MAIN CENTRE"},{"$f":"VLOOKUP($A500,DATA2!$A$2:$S$607,7,FALSE)","v":3450},{"$f":"VLOOKUP($A500,DATA2!$A$2:$S$607,8,FALSE)","v":true},{"$f":"VLOOKUP($A500,DATA2!$A$2:$S$607,9,FALSE)","v":7.4999999999999997E-2},886916.73,{"$f":"VLOOKUP($A500,DATA2!$A$2:$S$607,10,FALSE)","v":512407.84},{"$f":"VLOOKUP($A500,DATA2!$A$2:$S$607,11,FALSE)","v":6148894.0800000001},{"$f":"VLOOKUP($A500,DATA2!$A$2:$S$607,12,FALSE)","v":"2010-05-01"},{"$f":"VLOOKUP($A500,DATA2!$A$2:$S$607,13,FALSE)","v":"2025-04-30"},{"$f":"VLOOKUP($A500,DATA2!$A$2:$S$607,14,FALSE)","v":"No"},{"$f":"IF(MATRIX2!D500=1,($Y$8-$X$2)/365*Table_Provincial_GTAC3536[[#This Row],[Adj.AnnualRental]]*MATRIX2!D500,($Y$8-$X$2)/365*Table_Provincial_GTAC3536[[#This Row],[Adj.AnnualRental]])","v":2021554.2180821917},{"$f":"(Table_Provincial_GTAC3536[[#This Row],[Adj.AnnualRental]]*(1+$I500)^(2))","v":7105815.7211999996},{"$f":"(Table_Provincial_GTAC3536[[#This Row],[Adj.AnnualRental]]*(1+$I500)^(3))","v":7638751.9002899993},{"$f":"(Table_Provincial_GTAC3536[[#This Row],[Adj.AnnualRental]]*(1+$I500)^(4))","v":8211658.2928117495},{"$f":"(Table_Provincial_GTAC3536[[#This Row],[Adj.AnnualRental]]*(1+$I500)^(5))","v":8827532.6647726297},{"$f":"(Table_Provincial_GTAC3536[[#This Row],[Adj.AnnualRental]]*(1+$I500)^(6))","v":9489597.6146305762},{"$f":"(Table_Provincial_GTAC3536[[#This Row],[Adj.AnnualRental]]*(1+$I500)^(7))","v":10201317.43572787}]
[776,{"$f":"VLOOKUP($A501,DATA2!$A$2:$S$607,2,FALSE)","v":"FS"},{"$f":"VLOOKUP($A501,DATA2!$A$2:$S$607,3,FALSE)","v":"Free State"},{"$f":"VLOOKUP($A501,DATA2!$A$2:$S$607,4,FALSE)","v":208.32355251141553},{"$f":"VLOOKUP($A501,DATA2!$A$2:$S$607,5,FALSE)","v":84},{"$f":"VLOOKUP($A501,DATA2!$A$2:$S$607,6,FALSE)","v":"CBD"},{"$f":"VLOOKUP($A501,DATA2!$A$2:$S$607,7,FALSE)","v":2190},{"$f":"VLOOKUP($A501,DATA2!$A$2:$S$607,8,FALSE)","v":true},{"$f":"VLOOKUP($A501,DATA2!$A$2:$S$607,9,FALSE)","v":0.1},124693.2,{"$f":"VLOOKUP($A501,DATA2!$A$2:$S$607,10,FALSE)","v":456228.58},{"$f":"VLOOKUP($A501,DATA2!$A$2:$S$607,11,FALSE)","v":5474742.96},{"$f":"VLOOKUP($A501,DATA2!$A$2:$S$607,12,FALSE)","v":"2008-01-01"},{"$f":"VLOOKUP($A501,DATA2!$A$2:$S$607,13,FALSE)","v":"2018-11-30"},{"$f":"VLOOKUP($A501,DATA2!$A$2:$S$607,14,FALSE)","v":"No"},{"$f":"IF(MATRIX2!D501=1,($Y$8-$X$2)/365*Table_Provincial_GTAC3536[[#This Row],[Adj.AnnualRental]]*MATRIX2!D501,($Y$8-$X$2)/365*Table_Provincial_GTAC3536[[#This Row],[Adj.AnnualRental]])","v":1799915.49369863},{"$f":"(Table_Provincial_GTAC3536[[#This Row],[Adj.AnnualRental]]*(1+$I501)^(2))","v":6624438.9816000005},{"$f":"(Table_Provincial_GTAC3536[[#This Row],[Adj.AnnualRental]]*(1+$I501)^(3))","v":7286882.8797600018},{"$f":"(Table_Provincial_GTAC3536[[#This Row],[Adj.AnnualRental]]*(1+$I501)^(4))","v":8015571.1677360022},{"$f":"(Table_Provincial_GTAC3536[[#This Row],[Adj.AnnualRental]]*(1+$I501)^(5))","v":8817128.2845096029},{"$f":"(Table_Provincial_GTAC3536[[#This Row],[Adj.AnnualRental]]*(1+$I501)^(6))","v":9698841.112960564},{"$f":"(Table_Provincial_GTAC3536[[#This Row],[Adj.AnnualRental]]*(1+$I501)^(7))","v":10668725.224256622}]
[780,{"$f":"VLOOKUP($A502,DATA2!$A$2:$S$607,2,FALSE)","v":"FS"},{"$f":"VLOOKUP($A502,DATA2!$A$2:$S$607,3,FALSE)","v":"Free State"},{"$f":"VLOOKUP($A502,DATA2!$A$2:$S$607,4,FALSE)","v":128.32142146115081},{"$f":"VLOOKUP($A502,DATA2!$A$2:$S$607,5,FALSE)","v":84},{"$f":"VLOOKUP($A502,DATA2!$A$2:$S$607,6,FALSE)","v":"VTSD"},{"$f":"VLOOKUP($A502,DATA2!$A$2:$S$607,7,FALSE)","v":2345.6990000000001},{"$f":"VLOOKUP($A502,DATA2!$A$2:$S$607,8,FALSE)","v":true},{"$f":"VLOOKUP($A502,DATA2!$A$2:$S$607,9,FALSE)","v":0.09},2783.26,{"$f":"VLOOKUP($A502,DATA2!$A$2:$S$607,10,FALSE)","v":301003.43},{"$f":"VLOOKUP($A502,DATA2!$A$2:$S$607,11,FALSE)","v":3612041.16},{"$f":"VLOOKUP($A502,DATA2!$A$2:$S$607,12,FALSE)","v":"2004-06-01"},{"$f":"VLOOKUP($A502,DATA2!$A$2:$S$607,13,FALSE)","v":"2009-05-31"},{"$f":"VLOOKUP($A502,DATA2!$A$2:$S$607,14,FALSE)","v":"Yes"},{"$f":"IF(MATRIX2!D502=1,($Y$8-$X$2)/365*Table_Provincial_GTAC3536[[#This Row],[Adj.AnnualRental]]*MATRIX2!D502,($Y$8-$X$2)/365*Table_Provincial_GTAC3536[[#This Row],[Adj.AnnualRental]])","v":1187520.3813698629},{"$f":"(Table_Provincial_GTAC3536[[#This Row],[Adj.AnnualRental]]*(1+$I502)^(2))","v":4291466.1021960005},{"$f":"(Table_Provincial_GTAC3536[[#This Row],[Adj.AnnualRental]]*(1+$I502)^(3))","v":4677698.0513936412},{"$f":"(Table_Provincial_GTAC3536[[#This Row],[Adj.AnnualRental]]*(1+$I502)^(4))","v":5098690.876019069},{"$f":"(Table_Provincial_GTAC3536[[#This Row],[Adj.AnnualRental]]*(1+$I502)^(5))","v":5557573.0548607856},{"$f":"(Table_Provincial_GTAC3536[[#This Row],[Adj.AnnualRental]]*(1+$I502)^(6))","v":6057754.6297982568},{"$f":"(Table_Provincial_GTAC3536[[#This Row],[Adj.AnnualRental]]*(1+$I502)^(7))","v":6602952.5464800997}]
[781,{"$f":"VLOOKUP($A503,DATA2!$A$2:$S$607,2,FALSE)","v":"FS"},{"$f":"VLOOKUP($A503,DATA2!$A$2:$S$607,3,FALSE)","v":"Free State"},{"$f":"VLOOKUP($A503,DATA2!$A$2:$S$607,4,FALSE)","v":53.106918290043289},{"$f":"VLOOKUP($A503,DATA2!$A$2:$S$607,5,FALSE)","v":84},{"$f":"VLOOKUP($A503,DATA2!$A$2:$S$607,6,FALSE)","v":"CBD"},{"$f":"VLOOKUP($A503,DATA2!$A$2:$S$607,7,FALSE)","v":11088},{"$f":"VLOOKUP($A503,DATA2!$A$2:$S$607,8,FALSE)","v":true},{"$f":"VLOOKUP($A503,DATA2!$A$2:$S$607,9,FALSE)","v":0.08},4147110.68,{"$f":"VLOOKUP($A503,DATA2!$A$2:$S$607,10,FALSE)","v":588849.51},{"$f":"VLOOKUP($A503,DATA2!$A$2:$S$607,11,FALSE)","v":7066194.1200000001},{"$f":"VLOOKUP($A503,DATA2!$A$2:$S$607,12,FALSE)","v":"2003-09-01"},{"$f":"VLOOKUP($A503,DATA2!$A$2:$S$607,13,FALSE)","v":"2013-07-31"},{"$f":"VLOOKUP($A503,DATA2!$A$2:$S$607,14,FALSE)","v":"Yes"},{"$f":"IF(MATRIX2!D503=1,($Y$8-$X$2)/365*Table_Provincial_GTAC3536[[#This Row],[Adj.AnnualRental]]*MATRIX2!D503,($Y$8-$X$2)/365*Table_Provincial_GTAC3536[[#This Row],[Adj.AnnualRental]])","v":2323132.3134246576},{"$f":"(Table_Provincial_GTAC3536[[#This Row],[Adj.AnnualRental]]*(1+$I503)^(2))","v":8242008.8215680011},{"$f":"(Table_Provincial_GTAC3536[[#This Row],[Adj.AnnualRental]]*(1+$I503)^(3))","v":8901369.5272934418},{"$f":"(Table_Provincial_GTAC3536[[#This Row],[Adj.AnnualRental]]*(1+$I503)^(4))","v":9613479.0894769169},{"$f":"(Table_Provincial_GTAC3536[[#This Row],[Adj.AnnualRental]]*(1+$I503)^(5))","v":10382557.41663507},{"$f":"(Table_Provincial_GTAC3536[[#This Row],[Adj.AnnualRental]]*(1+$I503)^(6))","v":11213162.009965878},{"$f":"(Table_Provincial_GTAC3536[[#This Row],[Adj.AnnualRental]]*(1+$I503)^(7))","v":12110214.970763149}]
[783,{"$f":"VLOOKUP($A504,DATA2!$A$2:$S$607,2,FALSE)","v":"FS"},{"$f":"VLOOKUP($A504,DATA2!$A$2:$S$607,3,FALSE)","v":"Free State"},{"$f":"VLOOKUP($A504,DATA2!$A$2:$S$607,4,FALSE)","v":181.24524174246051},{"$f":"VLOOKUP($A504,DATA2!$A$2:$S$607,5,FALSE)","v":84},{"$f":"VLOOKUP($A504,DATA2!$A$2:$S$607,6,FALSE)","v":"VTSD"},{"$f":"VLOOKUP($A504,DATA2!$A$2:$S$607,7,FALSE)","v":2089},{"$f":"VLOOKUP($A504,DATA2!$A$2:$S$607,8,FALSE)","v":true},{"$f":"VLOOKUP($A504,DATA2!$A$2:$S$607,9,FALSE)","v":0.1},34879.19,{"$f":"VLOOKUP($A504,DATA2!$A$2:$S$607,10,FALSE)","v":378621.31},{"$f":"VLOOKUP($A504,DATA2!$A$2:$S$607,11,FALSE)","v":4543455.72},{"$f":"VLOOKUP($A504,DATA2!$A$2:$S$607,12,FALSE)","v":"2003-09-01"},{"$f":"VLOOKUP($A504,DATA2!$A$2:$S$607,13,FALSE)","v":"2008-08-31"},{"$f":"VLOOKUP($A504,DATA2!$A$2:$S$607,14,FALSE)","v":"Yes"},{"$f":"IF(MATRIX2!D504=1,($Y$8-$X$2)/365*Table_Provincial_GTAC3536[[#This Row],[Adj.AnnualRental]]*MATRIX2!D504,($Y$8-$X$2)/365*Table_Provincial_GTAC3536[[#This Row],[Adj.AnnualRental]])","v":1493738.8668493149},{"$f":"(Table_Provincial_GTAC3536[[#This Row],[Adj.AnnualRental]]*(1+$I504)^(2))","v":5497581.4212000007},{"$f":"(Table_Provincial_GTAC3536[[#This Row],[Adj.AnnualRental]]*(1+$I504)^(3))","v":6047339.5633200016},{"$f":"(Table_Provincial_GTAC3536[[#This Row],[Adj.AnnualRental]]*(1+$I504)^(4))","v":6652073.5196520016},{"$f":"(Table_Provincial_GTAC3536[[#This Row],[Adj.AnnualRental]]*(1+$I504)^(5))","v":7317280.8716172017},{"$f":"(Table_Provincial_GTAC3536[[#This Row],[Adj.AnnualRental]]*(1+$I504)^(6))","v":8049008.9587789234},{"$f":"(Table_Provincial_GTAC3536[[#This Row],[Adj.AnnualRental]]*(1+$I504)^(7))","v":8853909.8546568174}]
[784,{"$f":"VLOOKUP($A505,DATA2!$A$2:$S$607,2,FALSE)","v":"FS"},{"$f":"VLOOKUP($A505,DATA2!$A$2:$S$607,3,FALSE)","v":"Free State"},{"$f":"VLOOKUP($A505,DATA2!$A$2:$S$607,4,FALSE)","v":210.36258541089566},{"$f":"VLOOKUP($A505,DATA2!$A$2:$S$607,5,FALSE)","v":84},{"$f":"VLOOKUP($A505,DATA2!$A$2:$S$607,6,FALSE)","v":"VTSD"},{"$f":"VLOOKUP($A505,DATA2!$A$2:$S$607,7,FALSE)","v":1083},{"$f":"VLOOKUP($A505,DATA2!$A$2:$S$607,8,FALSE)","v":true},{"$f":"VLOOKUP($A505,DATA2!$A$2:$S$607,9,FALSE)","v":0.1},1030572.26,{"$f":"VLOOKUP($A505,DATA2!$A$2:$S$607,10,FALSE)","v":227822.68},{"$f":"VLOOKUP($A505,DATA2!$A$2:$S$607,11,FALSE)","v":2733872.16},{"$f":"VLOOKUP($A505,DATA2!$A$2:$S$607,12,FALSE)","v":"2004-07-01"},{"$f":"VLOOKUP($A505,DATA2!$A$2:$S$607,13,FALSE)","v":"2010-06-30"},{"$f":"VLOOKUP($A505,DATA2!$A$2:$S$607,14,FALSE)","v":"Yes"},{"$f":"IF(MATRIX2!D505=1,($Y$8-$X$2)/365*Table_Provincial_GTAC3536[[#This Row],[Adj.AnnualRental]]*MATRIX2!D505,($Y$8-$X$2)/365*Table_Provincial_GTAC3536[[#This Row],[Adj.AnnualRental]])","v":898807.28547945211},{"$f":"(Table_Provincial_GTAC3536[[#This Row],[Adj.AnnualRental]]*(1+$I505)^(2))","v":3307985.3136000005},{"$f":"(Table_Provincial_GTAC3536[[#This Row],[Adj.AnnualRental]]*(1+$I505)^(3))","v":3638783.8449600013},{"$f":"(Table_Provincial_GTAC3536[[#This Row],[Adj.AnnualRental]]*(1+$I505)^(4))","v":4002662.2294560014},{"$f":"(Table_Provincial_GTAC3536[[#This Row],[Adj.AnnualRental]]*(1+$I505)^(5))","v":4402928.4524016017},{"$f":"(Table_Provincial_GTAC3536[[#This Row],[Adj.AnnualRental]]*(1+$I505)^(6))","v":4843221.2976417625},{"$f":"(Table_Provincial_GTAC3536[[#This Row],[Adj.AnnualRental]]*(1+$I505)^(7))","v":5327543.4274059394}]
[786,{"$f":"VLOOKUP($A506,DATA2!$A$2:$S$607,2,FALSE)","v":"FS"},{"$f":"VLOOKUP($A506,DATA2!$A$2:$S$607,3,FALSE)","v":"Free State"},{"$f":"VLOOKUP($A506,DATA2!$A$2:$S$607,4,FALSE)","v":116.74837630448128},{"$f":"VLOOKUP($A506,DATA2!$A$2:$S$607,5,FALSE)","v":84},{"$f":"VLOOKUP($A506,DATA2!$A$2:$S$607,6,FALSE)","v":"CBD"},{"$f":"VLOOKUP($A506,DATA2!$A$2:$S$607,7,FALSE)","v":6516},{"$f":"VLOOKUP($A506,DATA2!$A$2:$S$607,8,FALSE)","v":true},{"$f":"VLOOKUP($A506,DATA2!$A$2:$S$607,9,FALSE)","v":8.5000000000000006E-2},134258.59,{"$f":"VLOOKUP($A506,DATA2!$A$2:$S$607,10,FALSE)","v":760732.42},{"$f":"VLOOKUP($A506,DATA2!$A$2:$S$607,11,FALSE)","v":9128789.0399999991},{"$f":"VLOOKUP($A506,DATA2!$A$2:$S$607,12,FALSE)","v":"2014-01-01"},{"$f":"VLOOKUP($A506,DATA2!$A$2:$S$607,13,FALSE)","v":"2023-11-30"},{"$f":"VLOOKUP($A506,DATA2!$A$2:$S$607,14,FALSE)","v":"No"},{"$f":"IF(MATRIX2!D506=1,($Y$8-$X$2)/365*Table_Provincial_GTAC3536[[#This Row],[Adj.AnnualRental]]*MATRIX2!D506,($Y$8-$X$2)/365*Table_Provincial_GTAC3536[[#This Row],[Adj.AnnualRental]])","v":3001245.7117808214},{"$f":"(Table_Provincial_GTAC3536[[#This Row],[Adj.AnnualRental]]*(1+$I506)^(2))","v":10746638.677613998},{"$f":"(Table_Provincial_GTAC3536[[#This Row],[Adj.AnnualRental]]*(1+$I506)^(3))","v":11660102.965211188},{"$f":"(Table_Provincial_GTAC3536[[#This Row],[Adj.AnnualRental]]*(1+$I506)^(4))","v":12651211.717254138},{"$f":"(Table_Provincial_GTAC3536[[#This Row],[Adj.AnnualRental]]*(1+$I506)^(5))","v":13726564.71322074},{"$f":"(Table_Provincial_GTAC3536[[#This Row],[Adj.AnnualRental]]*(1+$I506)^(6))","v":14893322.713844502},{"$f":"(Table_Provincial_GTAC3536[[#This Row],[Adj.AnnualRental]]*(1+$I506)^(7))","v":16159255.144521287}]
[787,{"$f":"VLOOKUP($A507,DATA2!$A$2:$S$607,2,FALSE)","v":"FS"},{"$f":"VLOOKUP($A507,DATA2!$A$2:$S$607,3,FALSE)","v":"Free State"},{"$f":"VLOOKUP($A507,DATA2!$A$2:$S$607,4,FALSE)","v":127.81679284525791},{"$f":"VLOOKUP($A507,DATA2!$A$2:$S$607,5,FALSE)","v":84},{"$f":"VLOOKUP($A507,DATA2!$A$2:$S$607,6,FALSE)","v":"CBD"},{"$f":"VLOOKUP($A507,DATA2!$A$2:$S$607,7,FALSE)","v":2404},{"$f":"VLOOKUP($A507,DATA2!$A$2:$S$607,8,FALSE)","v":true},{"$f":"VLOOKUP($A507,DATA2!$A$2:$S$607,9,FALSE)","v":8.5000000000000006E-2},346349.98,{"$f":"VLOOKUP($A507,DATA2!$A$2:$S$607,10,FALSE)","v":307271.57},{"$f":"VLOOKUP($A507,DATA2!$A$2:$S$607,11,FALSE)","v":3687258.84},{"$f":"VLOOKUP($A507,DATA2!$A$2:$S$607,12,FALSE)","v":"2016-09-01"},{"$f":"VLOOKUP($A507,DATA2!$A$2:$S$607,13,FALSE)","v":"2026-08-31"},{"$f":"VLOOKUP($A507,DATA2!$A$2:$S$607,14,FALSE)","v":"No"},{"$f":"IF(MATRIX2!D507=1,($Y$8-$X$2)/365*Table_Provincial_GTAC3536[[#This Row],[Adj.AnnualRental]]*MATRIX2!D507,($Y$8-$X$2)/365*Table_Provincial_GTAC3536[[#This Row],[Adj.AnnualRental]])","v":1212249.4816438355},{"$f":"(Table_Provincial_GTAC3536[[#This Row],[Adj.AnnualRental]]*(1+$I507)^(2))","v":4340733.2879189998},{"$f":"(Table_Provincial_GTAC3536[[#This Row],[Adj.AnnualRental]]*(1+$I507)^(3))","v":4709695.6173921153},{"$f":"(Table_Provincial_GTAC3536[[#This Row],[Adj.AnnualRental]]*(1+$I507)^(4))","v":5110019.7448704438},{"$f":"(Table_Provincial_GTAC3536[[#This Row],[Adj.AnnualRental]]*(1+$I507)^(5))","v":5544371.4231844312},{"$f":"(Table_Provincial_GTAC3536[[#This Row],[Adj.AnnualRental]]*(1+$I507)^(6))","v":6015642.994155108},{"$f":"(Table_Provincial_GTAC3536[[#This Row],[Adj.AnnualRental]]*(1+$I507)^(7))","v":6526972.6486582933}]
[788,{"$f":"VLOOKUP($A508,DATA2!$A$2:$S$607,2,FALSE)","v":"FS"},{"$f":"VLOOKUP($A508,DATA2!$A$2:$S$607,3,FALSE)","v":"Free State"},{"$f":"VLOOKUP($A508,DATA2!$A$2:$S$607,4,FALSE)","v":147.79338498212158},{"$f":"VLOOKUP($A508,DATA2!$A$2:$S$607,5,FALSE)","v":84},{"$f":"VLOOKUP($A508,DATA2!$A$2:$S$607,6,FALSE)","v":"MAIN CENTRE"},{"$f":"VLOOKUP($A508,DATA2!$A$2:$S$607,7,FALSE)","v":2517},{"$f":"VLOOKUP($A508,DATA2!$A$2:$S$607,8,FALSE)","v":true},{"$f":"VLOOKUP($A508,DATA2!$A$2:$S$607,9,FALSE)","v":0.08},7123.55,{"$f":"VLOOKUP($A508,DATA2!$A$2:$S$607,10,FALSE)","v":371995.95},{"$f":"VLOOKUP($A508,DATA2!$A$2:$S$607,11,FALSE)","v":4463951.4000000004},{"$f":"VLOOKUP($A508,DATA2!$A$2:$S$607,12,FALSE)","v":"2016-11-01"},{"$f":"VLOOKUP($A508,DATA2!$A$2:$S$607,13,FALSE)","v":"2026-11-30"},{"$f":"VLOOKUP($A508,DATA2!$A$2:$S$607,14,FALSE)","v":"No"},{"$f":"IF(MATRIX2!D508=1,($Y$8-$X$2)/365*Table_Provincial_GTAC3536[[#This Row],[Adj.AnnualRental]]*MATRIX2!D508,($Y$8-$X$2)/365*Table_Provincial_GTAC3536[[#This Row],[Adj.AnnualRental]])","v":1467600.4602739727},{"$f":"(Table_Provincial_GTAC3536[[#This Row],[Adj.AnnualRental]]*(1+$I508)^(2))","v":5206752.9129600013},{"$f":"(Table_Provincial_GTAC3536[[#This Row],[Adj.AnnualRental]]*(1+$I508)^(3))","v":5623293.1459968016},{"$f":"(Table_Provincial_GTAC3536[[#This Row],[Adj.AnnualRental]]*(1+$I508)^(4))","v":6073156.5976765463},{"$f":"(Table_Provincial_GTAC3536[[#This Row],[Adj.AnnualRental]]*(1+$I508)^(5))","v":6559009.1254906692},{"$f":"(Table_Provincial_GTAC3536[[#This Row],[Adj.AnnualRental]]*(1+$I508)^(6))","v":7083729.8555299239},{"$f":"(Table_Provincial_GTAC3536[[#This Row],[Adj.AnnualRental]]*(1+$I508)^(7))","v":7650428.2439723182}]
[789,{"$f":"VLOOKUP($A509,DATA2!$A$2:$S$607,2,FALSE)","v":"FS"},{"$f":"VLOOKUP($A509,DATA2!$A$2:$S$607,3,FALSE)","v":"Free State"},{"$f":"VLOOKUP($A509,DATA2!$A$2:$S$607,4,FALSE)","v":136.49349180327869},{"$f":"VLOOKUP($A509,DATA2!$A$2:$S$607,5,FALSE)","v":84},{"$f":"VLOOKUP($A509,DATA2!$A$2:$S$607,6,FALSE)","v":"CBD"},{"$f":"VLOOKUP($A509,DATA2!$A$2:$S$607,7,FALSE)","v":1220},{"$f":"VLOOKUP($A509,DATA2!$A$2:$S$607,8,FALSE)","v":true},{"$f":"VLOOKUP($A509,DATA2!$A$2:$S$607,9,FALSE)","v":8.5000000000000006E-2},275234.8,{"$f":"VLOOKUP($A509,DATA2!$A$2:$S$607,10,FALSE)","v":166522.06},{"$f":"VLOOKUP($A509,DATA2!$A$2:$S$607,11,FALSE)","v":1998264.72},{"$f":"VLOOKUP($A509,DATA2!$A$2:$S$607,12,FALSE)","v":"2017-05-01"},{"$f":"VLOOKUP($A509,DATA2!$A$2:$S$607,13,FALSE)","v":"2027-03-31"},{"$f":"VLOOKUP($A509,DATA2!$A$2:$S$607,14,FALSE)","v":"No"},{"$f":"IF(MATRIX2!D509=1,($Y$8-$X$2)/365*Table_Provincial_GTAC3536[[#This Row],[Adj.AnnualRental]]*MATRIX2!D509,($Y$8-$X$2)/365*Table_Provincial_GTAC3536[[#This Row],[Adj.AnnualRental]])","v":656963.74356164376},{"$f":"(Table_Provincial_GTAC3536[[#This Row],[Adj.AnnualRental]]*(1+$I509)^(2))","v":2352407.1850020001},{"$f":"(Table_Provincial_GTAC3536[[#This Row],[Adj.AnnualRental]]*(1+$I509)^(3))","v":2552361.7957271701},{"$f":"(Table_Provincial_GTAC3536[[#This Row],[Adj.AnnualRental]]*(1+$I509)^(4))","v":2769312.548363979},{"$f":"(Table_Provincial_GTAC3536[[#This Row],[Adj.AnnualRental]]*(1+$I509)^(5))","v":3004704.1149749174},{"$f":"(Table_Provincial_GTAC3536[[#This Row],[Adj.AnnualRental]]*(1+$I509)^(6))","v":3260103.9647477851},{"$f":"(Table_Provincial_GTAC3536[[#This Row],[Adj.AnnualRental]]*(1+$I509)^(7))","v":3537212.8017513473}]
[790,{"$f":"VLOOKUP($A510,DATA2!$A$2:$S$607,2,FALSE)","v":"FS"},{"$f":"VLOOKUP($A510,DATA2!$A$2:$S$607,3,FALSE)","v":"Free State"},{"$f":"VLOOKUP($A510,DATA2!$A$2:$S$607,4,FALSE)","v":183.76470489604293},{"$f":"VLOOKUP($A510,DATA2!$A$2:$S$607,5,FALSE)","v":84},{"$f":"VLOOKUP($A510,DATA2!$A$2:$S$607,6,FALSE)","v":"CBD"},{"$f":"VLOOKUP($A510,DATA2!$A$2:$S$607,7,FALSE)","v":2982},{"$f":"VLOOKUP($A510,DATA2!$A$2:$S$607,8,FALSE)","v":true},{"$f":"VLOOKUP($A510,DATA2!$A$2:$S$607,9,FALSE)","v":0.1},167939.1,{"$f":"VLOOKUP($A510,DATA2!$A$2:$S$607,10,FALSE)","v":547986.35},{"$f":"VLOOKUP($A510,DATA2!$A$2:$S$607,11,FALSE)","v":6575836.2000000002},{"$f":"VLOOKUP($A510,DATA2!$A$2:$S$607,12,FALSE)","v":"2008-04-01"},{"$f":"VLOOKUP($A510,DATA2!$A$2:$S$607,13,FALSE)","v":"2018-01-31"},{"$f":"VLOOKUP($A510,DATA2!$A$2:$S$607,14,FALSE)","v":"No"},{"$f":"IF(MATRIX2!D510=1,($Y$8-$X$2)/365*Table_Provincial_GTAC3536[[#This Row],[Adj.AnnualRental]]*MATRIX2!D510,($Y$8-$X$2)/365*Table_Provincial_GTAC3536[[#This Row],[Adj.AnnualRental]])","v":2161918.7506849314},{"$f":"(Table_Provincial_GTAC3536[[#This Row],[Adj.AnnualRental]]*(1+$I510)^(2))","v":7956761.8020000011},{"$f":"(Table_Provincial_GTAC3536[[#This Row],[Adj.AnnualRental]]*(1+$I510)^(3))","v":8752437.9822000023},{"$f":"(Table_Provincial_GTAC3536[[#This Row],[Adj.AnnualRental]]*(1+$I510)^(4))","v":9627681.7804200035},{"$f":"(Table_Provincial_GTAC3536[[#This Row],[Adj.AnnualRental]]*(1+$I510)^(5))","v":10590449.958462004},{"$f":"(Table_Provincial_GTAC3536[[#This Row],[Adj.AnnualRental]]*(1+$I510)^(6))","v":11649494.954308206},{"$f":"(Table_Provincial_GTAC3536[[#This Row],[Adj.AnnualRental]]*(1+$I510)^(7))","v":12814444.449739028}]
[791,{"$f":"VLOOKUP($A511,DATA2!$A$2:$S$607,2,FALSE)","v":"FS"},{"$f":"VLOOKUP($A511,DATA2!$A$2:$S$607,3,FALSE)","v":"Free State"},{"$f":"VLOOKUP($A511,DATA2!$A$2:$S$607,4,FALSE)","v":204.14477777777779},{"$f":"VLOOKUP($A511,DATA2!$A$2:$S$607,5,FALSE)","v":84},{"$f":"VLOOKUP($A511,DATA2!$A$2:$S$607,6,FALSE)","v":"MAIN CENTRE"},{"$f":"VLOOKUP($A511,DATA2!$A$2:$S$607,7,FALSE)","v":2250},{"$f":"VLOOKUP($A511,DATA2!$A$2:$S$607,8,FALSE)","v":true},{"$f":"VLOOKUP($A511,DATA2!$A$2:$S$607,9,FALSE)","v":0.1},237120.7,{"$f":"VLOOKUP($A511,DATA2!$A$2:$S$607,10,FALSE)","v":459325.75},{"$f":"VLOOKUP($A511,DATA2!$A$2:$S$607,11,FALSE)","v":5511909},{"$f":"VLOOKUP($A511,DATA2!$A$2:$S$607,12,FALSE)","v":"2007-03-01"},{"$f":"VLOOKUP($A511,DATA2!$A$2:$S$607,13,FALSE)","v":"2017-02-28"},{"$f":"VLOOKUP($A511,DATA2!$A$2:$S$607,14,FALSE)","v":"Yes"},{"$f":"IF(MATRIX2!D511=1,($Y$8-$X$2)/365*Table_Provincial_GTAC3536[[#This Row],[Adj.AnnualRental]]*MATRIX2!D511,($Y$8-$X$2)/365*Table_Provincial_GTAC3536[[#This Row],[Adj.AnnualRental]])","v":1812134.4657534244},{"$f":"(Table_Provincial_GTAC3536[[#This Row],[Adj.AnnualRental]]*(1+$I511)^(2))","v":6669409.8900000006},{"$f":"(Table_Provincial_GTAC3536[[#This Row],[Adj.AnnualRental]]*(1+$I511)^(3))","v":7336350.8790000025},{"$f":"(Table_Provincial_GTAC3536[[#This Row],[Adj.AnnualRental]]*(1+$I511)^(4))","v":8069985.9669000022},{"$f":"(Table_Provincial_GTAC3536[[#This Row],[Adj.AnnualRental]]*(1+$I511)^(5))","v":8876984.5635900032},{"$f":"(Table_Provincial_GTAC3536[[#This Row],[Adj.AnnualRental]]*(1+$I511)^(6))","v":9764683.0199490041},{"$f":"(Table_Provincial_GTAC3536[[#This Row],[Adj.AnnualRental]]*(1+$I511)^(7))","v":10741151.321943907}]
[792,{"$f":"VLOOKUP($A512,DATA2!$A$2:$S$607,2,FALSE)","v":"FS"},{"$f":"VLOOKUP($A512,DATA2!$A$2:$S$607,3,FALSE)","v":"Free State"},{"$f":"VLOOKUP($A512,DATA2!$A$2:$S$607,4,FALSE)","v":106.99236666666667},{"$f":"VLOOKUP($A512,DATA2!$A$2:$S$607,5,FALSE)","v":84},{"$f":"VLOOKUP($A512,DATA2!$A$2:$S$607,6,FALSE)","v":"VTSD"},{"$f":"VLOOKUP($A512,DATA2!$A$2:$S$607,7,FALSE)","v":300},{"$f":"VLOOKUP($A512,DATA2!$A$2:$S$607,8,FALSE)","v":true},{"$f":"VLOOKUP($A512,DATA2!$A$2:$S$607,9,FALSE)","v":0.08},522343.84,{"$f":"VLOOKUP($A512,DATA2!$A$2:$S$607,10,FALSE)","v":32097.71},{"$f":"VLOOKUP($A512,DATA2!$A$2:$S$607,11,FALSE)","v":385172.52},{"$f":"VLOOKUP($A512,DATA2!$A$2:$S$607,12,FALSE)","v":"2008-02-01"},{"$f":"VLOOKUP($A512,DATA2!$A$2:$S$607,13,FALSE)","v":"2008-12-31"},{"$f":"VLOOKUP($A512,DATA2!$A$2:$S$607,14,FALSE)","v":"Yes"},{"$f":"IF(MATRIX2!D512=1,($Y$8-$X$2)/365*Table_Provincial_GTAC3536[[#This Row],[Adj.AnnualRental]]*MATRIX2!D512,($Y$8-$X$2)/365*Table_Provincial_GTAC3536[[#This Row],[Adj.AnnualRental]])","v":126632.06136986302},{"$f":"(Table_Provincial_GTAC3536[[#This Row],[Adj.AnnualRental]]*(1+$I512)^(2))","v":449265.22732800007},{"$f":"(Table_Provincial_GTAC3536[[#This Row],[Adj.AnnualRental]]*(1+$I512)^(3))","v":485206.44551424007},{"$f":"(Table_Provincial_GTAC3536[[#This Row],[Adj.AnnualRental]]*(1+$I512)^(4))","v":524022.96115537937},{"$f":"(Table_Provincial_GTAC3536[[#This Row],[Adj.AnnualRental]]*(1+$I512)^(5))","v":565944.79804780975},{"$f":"(Table_Provincial_GTAC3536[[#This Row],[Adj.AnnualRental]]*(1+$I512)^(6))","v":611220.38189163455},{"$f":"(Table_Provincial_GTAC3536[[#This Row],[Adj.AnnualRental]]*(1+$I512)^(7))","v":660118.01244296529}]
[793,{"$f":"VLOOKUP($A513,DATA2!$A$2:$S$607,2,FALSE)","v":"FS"},{"$f":"VLOOKUP($A513,DATA2!$A$2:$S$607,3,FALSE)","v":"Free State"},{"$f":"VLOOKUP($A513,DATA2!$A$2:$S$607,4,FALSE)","v":92.067572113363056},{"$f":"VLOOKUP($A513,DATA2!$A$2:$S$607,5,FALSE)","v":84},{"$f":"VLOOKUP($A513,DATA2!$A$2:$S$607,6,FALSE)","v":"VTSD"},{"$f":"VLOOKUP($A513,DATA2!$A$2:$S$607,7,FALSE)","v":237.82},{"$f":"VLOOKUP($A513,DATA2!$A$2:$S$607,8,FALSE)","v":true},{"$f":"VLOOKUP($A513,DATA2!$A$2:$S$607,9,FALSE)","v":0.08},456228.58,{"$f":"VLOOKUP($A513,DATA2!$A$2:$S$607,10,FALSE)","v":21895.51},{"$f":"VLOOKUP($A513,DATA2!$A$2:$S$607,11,FALSE)","v":262746.12},{"$f":"VLOOKUP($A513,DATA2!$A$2:$S$607,12,FALSE)","v":"2016-08-01"},{"$f":"VLOOKUP($A513,DATA2!$A$2:$S$607,13,FALSE)","v":"2026-07-30"},{"$f":"VLOOKUP($A513,DATA2!$A$2:$S$607,14,FALSE)","v":"No"},{"$f":"IF(MATRIX2!D513=1,($Y$8-$X$2)/365*Table_Provincial_GTAC3536[[#This Row],[Adj.AnnualRental]]*MATRIX2!D513,($Y$8-$X$2)/365*Table_Provincial_GTAC3536[[#This Row],[Adj.AnnualRental]])","v":86382.286027397247},{"$f":"(Table_Provincial_GTAC3536[[#This Row],[Adj.AnnualRental]]*(1+$I513)^(2))","v":306467.07436800003},{"$f":"(Table_Provincial_GTAC3536[[#This Row],[Adj.AnnualRental]]*(1+$I513)^(3))","v":330984.44031744002},{"$f":"(Table_Provincial_GTAC3536[[#This Row],[Adj.AnnualRental]]*(1+$I513)^(4))","v":357463.19554283528},{"$f":"(Table_Provincial_GTAC3536[[#This Row],[Adj.AnnualRental]]*(1+$I513)^(5))","v":386060.25118626212},{"$f":"(Table_Provincial_GTAC3536[[#This Row],[Adj.AnnualRental]]*(1+$I513)^(6))","v":416945.07128116314},{"$f":"(Table_Provincial_GTAC3536[[#This Row],[Adj.AnnualRental]]*(1+$I513)^(7))","v":450300.67698365619}]
[795,{"$f":"VLOOKUP($A514,DATA2!$A$2:$S$607,2,FALSE)","v":"FS"},{"$f":"VLOOKUP($A514,DATA2!$A$2:$S$607,3,FALSE)","v":"Free State"},{"$f":"VLOOKUP($A514,DATA2!$A$2:$S$607,4,FALSE)","v":242.32073529411764},{"$f":"VLOOKUP($A514,DATA2!$A$2:$S$607,5,FALSE)","v":84},{"$f":"VLOOKUP($A514,DATA2!$A$2:$S$607,6,FALSE)","v":"CBD"},{"$f":"VLOOKUP($A514,DATA2!$A$2:$S$607,7,FALSE)","v":680},{"$f":"VLOOKUP($A514,DATA2!$A$2:$S$607,8,FALSE)","v":true},{"$f":"VLOOKUP($A514,DATA2!$A$2:$S$607,9,FALSE)","v":0.1},301003.43,{"$f":"VLOOKUP($A514,DATA2!$A$2:$S$607,10,FALSE)","v":164778.1},{"$f":"VLOOKUP($A514,DATA2!$A$2:$S$607,11,FALSE)","v":1977337.2},{"$f":"VLOOKUP($A514,DATA2!$A$2:$S$607,12,FALSE)","v":"2008-06-01"},{"$f":"VLOOKUP($A514,DATA2!$A$2:$S$607,13,FALSE)","v":"2018-04-30"},{"$f":"VLOOKUP($A514,DATA2!$A$2:$S$607,14,FALSE)","v":"No"},{"$f":"IF(MATRIX2!D514=1,($Y$8-$X$2)/365*Table_Provincial_GTAC3536[[#This Row],[Adj.AnnualRental]]*MATRIX2!D514,($Y$8-$X$2)/365*Table_Provincial_GTAC3536[[#This Row],[Adj.AnnualRental]])","v":650083.46301369858},{"$f":"(Table_Provincial_GTAC3536[[#This Row],[Adj.AnnualRental]]*(1+$I514)^(2))","v":2392578.0120000001},{"$f":"(Table_Provincial_GTAC3536[[#This Row],[Adj.AnnualRental]]*(1+$I514)^(3))","v":2631835.8132000007},{"$f":"(Table_Provincial_GTAC3536[[#This Row],[Adj.AnnualRental]]*(1+$I514)^(4))","v":2895019.3945200006},{"$f":"(Table_Provincial_GTAC3536[[#This Row],[Adj.AnnualRental]]*(1+$I514)^(5))","v":3184521.333972001},{"$f":"(Table_Provincial_GTAC3536[[#This Row],[Adj.AnnualRental]]*(1+$I514)^(6))","v":3502973.4673692016},{"$f":"(Table_Provincial_GTAC3536[[#This Row],[Adj.AnnualRental]]*(1+$I514)^(7))","v":3853270.8141061221}]
[796,{"$f":"VLOOKUP($A515,DATA2!$A$2:$S$607,2,FALSE)","v":"FS"},{"$f":"VLOOKUP($A515,DATA2!$A$2:$S$607,3,FALSE)","v":"Free State"},{"$f":"VLOOKUP($A515,DATA2!$A$2:$S$607,4,FALSE)","v":167.65831515151515},{"$f":"VLOOKUP($A515,DATA2!$A$2:$S$607,5,FALSE)","v":84},{"$f":"VLOOKUP($A515,DATA2!$A$2:$S$607,6,FALSE)","v":"CBD"},{"$f":"VLOOKUP($A515,DATA2!$A$2:$S$607,7,FALSE)","v":1650},{"$f":"VLOOKUP($A515,DATA2!$A$2:$S$607,8,FALSE)","v":true},{"$f":"VLOOKUP($A515,DATA2!$A$2:$S$607,9,FALSE)","v":0.1},588849.51,{"$f":"VLOOKUP($A515,DATA2!$A$2:$S$607,10,FALSE)","v":276636.21999999997},{"$f":"VLOOKUP($A515,DATA2!$A$2:$S$607,11,FALSE)","v":3319634.64},{"$f":"VLOOKUP($A515,DATA2!$A$2:$S$607,12,FALSE)","v":"2008-04-01"},{"$f":"VLOOKUP($A515,DATA2!$A$2:$S$607,13,FALSE)","v":"2018-02-28"},{"$f":"VLOOKUP($A515,DATA2!$A$2:$S$607,14,FALSE)","v":"No"},{"$f":"IF(MATRIX2!D515=1,($Y$8-$X$2)/365*Table_Provincial_GTAC3536[[#This Row],[Adj.AnnualRental]]*MATRIX2!D515,($Y$8-$X$2)/365*Table_Provincial_GTAC3536[[#This Row],[Adj.AnnualRental]])","v":1091386.7309589041},{"$f":"(Table_Provincial_GTAC3536[[#This Row],[Adj.AnnualRental]]*(1+$I515)^(2))","v":4016757.9144000006},{"$f":"(Table_Provincial_GTAC3536[[#This Row],[Adj.AnnualRental]]*(1+$I515)^(3))","v":4418433.7058400018},{"$f":"(Table_Provincial_GTAC3536[[#This Row],[Adj.AnnualRental]]*(1+$I515)^(4))","v":4860277.0764240017},{"$f":"(Table_Provincial_GTAC3536[[#This Row],[Adj.AnnualRental]]*(1+$I515)^(5))","v":5346304.7840664024},{"$f":"(Table_Provincial_GTAC3536[[#This Row],[Adj.AnnualRental]]*(1+$I515)^(6))","v":5880935.2624730431},{"$f":"(Table_Provincial_GTAC3536[[#This Row],[Adj.AnnualRental]]*(1+$I515)^(7))","v":6469028.7887203479}]
[798,{"$f":"VLOOKUP($A516,DATA2!$A$2:$S$607,2,FALSE)","v":"FS"},{"$f":"VLOOKUP($A516,DATA2!$A$2:$S$607,3,FALSE)","v":"Free State"},{"$f":"VLOOKUP($A516,DATA2!$A$2:$S$607,4,FALSE)","v":126.53972755850506},{"$f":"VLOOKUP($A516,DATA2!$A$2:$S$607,5,FALSE)","v":84},{"$f":"VLOOKUP($A516,DATA2!$A$2:$S$607,6,FALSE)","v":"CBD"},{"$f":"VLOOKUP($A516,DATA2!$A$2:$S$607,7,FALSE)","v":5726},{"$f":"VLOOKUP($A516,DATA2!$A$2:$S$607,8,FALSE)","v":true},{"$f":"VLOOKUP($A516,DATA2!$A$2:$S$607,9,FALSE)","v":0.08},27422.69,{"$f":"VLOOKUP($A516,DATA2!$A$2:$S$607,10,FALSE)","v":724566.48},{"$f":"VLOOKUP($A516,DATA2!$A$2:$S$607,11,FALSE)","v":8694797.7599999998},{"$f":"VLOOKUP($A516,DATA2!$A$2:$S$607,12,FALSE)","v":"2017-08-01"},{"$f":"VLOOKUP($A516,DATA2!$A$2:$S$607,13,FALSE)","v":"2027-06-30"},{"$f":"VLOOKUP($A516,DATA2!$A$2:$S$607,14,FALSE)","v":"No"},{"$f":"IF(MATRIX2!D516=1,($Y$8-$X$2)/365*Table_Provincial_GTAC3536[[#This Row],[Adj.AnnualRental]]*MATRIX2!D516,($Y$8-$X$2)/365*Table_Provincial_GTAC3536[[#This Row],[Adj.AnnualRental]])","v":2858563.6471232874},{"$f":"(Table_Provincial_GTAC3536[[#This Row],[Adj.AnnualRental]]*(1+$I516)^(2))","v":10141612.107264001},{"$f":"(Table_Provincial_GTAC3536[[#This Row],[Adj.AnnualRental]]*(1+$I516)^(3))","v":10952941.07584512},{"$f":"(Table_Provincial_GTAC3536[[#This Row],[Adj.AnnualRental]]*(1+$I516)^(4))","v":11829176.361912731},{"$f":"(Table_Provincial_GTAC3536[[#This Row],[Adj.AnnualRental]]*(1+$I516)^(5))","v":12775510.470865751},{"$f":"(Table_Provincial_GTAC3536[[#This Row],[Adj.AnnualRental]]*(1+$I516)^(6))","v":13797551.308535011},{"$f":"(Table_Provincial_GTAC3536[[#This Row],[Adj.AnnualRental]]*(1+$I516)^(7))","v":14901355.413217815}]
[799,{"$f":"VLOOKUP($A517,DATA2!$A$2:$S$607,2,FALSE)","v":"GP"},{"$f":"VLOOKUP($A517,DATA2!$A$2:$S$607,3,FALSE)","v":"Gauteng"},{"$f":"VLOOKUP($A517,DATA2!$A$2:$S$607,4,FALSE)","v":131.73089999999999},{"$f":"VLOOKUP($A517,DATA2!$A$2:$S$607,5,FALSE)","v":93.88},{"$f":"VLOOKUP($A517,DATA2!$A$2:$S$607,6,FALSE)","v":"Main Centre"},{"$f":"VLOOKUP($A517,DATA2!$A$2:$S$607,7,FALSE)","v":5000},{"$f":"VLOOKUP($A517,DATA2!$A$2:$S$607,8,FALSE)","v":true},{"$f":"VLOOKUP($A517,DATA2!$A$2:$S$607,9,FALSE)","v":0.09},378621.31,{"$f":"VLOOKUP($A517,DATA2!$A$2:$S$607,10,FALSE)","v":658654.5},{"$f":"VLOOKUP($A517,DATA2!$A$2:$S$607,11,FALSE)","v":7903854},{"$f":"VLOOKUP($A517,DATA2!$A$2:$S$607,12,FALSE)","v":"2013-09-01"},{"$f":"VLOOKUP($A517,DATA2!$A$2:$S$607,13,FALSE)","v":"2023-08-30"},{"$f":"VLOOKUP($A517,DATA2!$A$2:$S$607,14,FALSE)","v":"No"},{"$f":"IF(MATRIX2!D517=1,($Y$8-$X$2)/365*Table_Provincial_GTAC3536[[#This Row],[Adj.AnnualRental]]*MATRIX2!D517,($Y$8-$X$2)/365*Table_Provincial_GTAC3536[[#This Row],[Adj.AnnualRental]])","v":2598527.3424657532},{"$f":"(Table_Provincial_GTAC3536[[#This Row],[Adj.AnnualRental]]*(1+$I517)^(2))","v":9390568.937400002},{"$f":"(Table_Provincial_GTAC3536[[#This Row],[Adj.AnnualRental]]*(1+$I517)^(3))","v":10235720.141766002},{"$f":"(Table_Provincial_GTAC3536[[#This Row],[Adj.AnnualRental]]*(1+$I517)^(4))","v":11156934.954524942},{"$f":"(Table_Provincial_GTAC3536[[#This Row],[Adj.AnnualRental]]*(1+$I517)^(5))","v":12161059.100432189},{"$f":"(Table_Provincial_GTAC3536[[#This Row],[Adj.AnnualRental]]*(1+$I517)^(6))","v":13255554.419471087},{"$f":"(Table_Provincial_GTAC3536[[#This Row],[Adj.AnnualRental]]*(1+$I517)^(7))","v":14448554.317223484}]
[800,{"$f":"VLOOKUP($A518,DATA2!$A$2:$S$607,2,FALSE)","v":"GP"},{"$f":"VLOOKUP($A518,DATA2!$A$2:$S$607,3,FALSE)","v":"Gauteng"},{"$f":"VLOOKUP($A518,DATA2!$A$2:$S$607,4,FALSE)","v":38.456447746883988},{"$f":"VLOOKUP($A518,DATA2!$A$2:$S$607,5,FALSE)","v":80},{"$f":"VLOOKUP($A518,DATA2!$A$2:$S$607,6,FALSE)","v":"Main Centre"},{"$f":"VLOOKUP($A518,DATA2!$A$2:$S$607,7,FALSE)","v":8344},{"$f":"VLOOKUP($A518,DATA2!$A$2:$S$607,8,FALSE)","v":true},{"$f":"VLOOKUP($A518,DATA2!$A$2:$S$607,9,FALSE)","v":0.09},227822.68,{"$f":"VLOOKUP($A518,DATA2!$A$2:$S$607,10,FALSE)","v":320880.59999999998},{"$f":"VLOOKUP($A518,DATA2!$A$2:$S$607,11,FALSE)","v":3850567.2},{"$f":"VLOOKUP($A518,DATA2!$A$2:$S$607,12,FALSE)","v":"2008-05-01"},{"$f":"VLOOKUP($A518,DATA2!$A$2:$S$607,13,FALSE)","v":"2018-03-31"},{"$f":"VLOOKUP($A518,DATA2!$A$2:$S$607,14,FALSE)","v":"No"},{"$f":"IF(MATRIX2!D518=1,($Y$8-$X$2)/365*Table_Provincial_GTAC3536[[#This Row],[Adj.AnnualRental]]*MATRIX2!D518,($Y$8-$X$2)/365*Table_Provincial_GTAC3536[[#This Row],[Adj.AnnualRental]])","v":1265939.901369863},{"$f":"(Table_Provincial_GTAC3536[[#This Row],[Adj.AnnualRental]]*(1+$I518)^(2))","v":4574858.8903200012},{"$f":"(Table_Provincial_GTAC3536[[#This Row],[Adj.AnnualRental]]*(1+$I518)^(3))","v":4986596.190448801},{"$f":"(Table_Provincial_GTAC3536[[#This Row],[Adj.AnnualRental]]*(1+$I518)^(4))","v":5435389.8475891929},{"$f":"(Table_Provincial_GTAC3536[[#This Row],[Adj.AnnualRental]]*(1+$I518)^(5))","v":5924574.933872221},{"$f":"(Table_Provincial_GTAC3536[[#This Row],[Adj.AnnualRental]]*(1+$I518)^(6))","v":6457786.6779207215},{"$f":"(Table_Provincial_GTAC3536[[#This Row],[Adj.AnnualRental]]*(1+$I518)^(7))","v":7038987.4789335867}]
[801,{"$f":"VLOOKUP($A519,DATA2!$A$2:$S$607,2,FALSE)","v":"GP"},{"$f":"VLOOKUP($A519,DATA2!$A$2:$S$607,3,FALSE)","v":"Gauteng"},{"$f":"VLOOKUP($A519,DATA2!$A$2:$S$607,4,FALSE)","v":119.1},{"$f":"VLOOKUP($A519,DATA2!$A$2:$S$607,5,FALSE)","v":93.88},{"$f":"VLOOKUP($A519,DATA2!$A$2:$S$607,6,FALSE)","v":"Main Centre"},{"$f":"VLOOKUP($A519,DATA2!$A$2:$S$607,7,FALSE)","v":5000},{"$f":"VLOOKUP($A519,DATA2!$A$2:$S$607,8,FALSE)","v":true},{"$f":"VLOOKUP($A519,DATA2!$A$2:$S$607,9,FALSE)","v":0.09},781708.42,{"$f":"VLOOKUP($A519,DATA2!$A$2:$S$607,10,FALSE)","v":595500},{"$f":"VLOOKUP($A519,DATA2!$A$2:$S$607,11,FALSE)","v":7146000},{"$f":"VLOOKUP($A519,DATA2!$A$2:$S$607,12,FALSE)","v":"2013-12-01"},{"$f":"VLOOKUP($A519,DATA2!$A$2:$S$607,13,FALSE)","v":"2023-11-30"},{"$f":"VLOOKUP($A519,DATA2!$A$2:$S$607,14,FALSE)","v":"No"},{"$f":"IF(MATRIX2!D519=1,($Y$8-$X$2)/365*Table_Provincial_GTAC3536[[#This Row],[Adj.AnnualRental]]*MATRIX2!D519,($Y$8-$X$2)/365*Table_Provincial_GTAC3536[[#This Row],[Adj.AnnualRental]])","v":2349369.8630136987},{"$f":"(Table_Provincial_GTAC3536[[#This Row],[Adj.AnnualRental]]*(1+$I519)^(2))","v":8490162.6000000015},{"$f":"(Table_Provincial_GTAC3536[[#This Row],[Adj.AnnualRental]]*(1+$I519)^(3))","v":9254277.2340000011},{"$f":"(Table_Provincial_GTAC3536[[#This Row],[Adj.AnnualRental]]*(1+$I519)^(4))","v":10087162.185060002},{"$f":"(Table_Provincial_GTAC3536[[#This Row],[Adj.AnnualRental]]*(1+$I519)^(5))","v":10995006.781715404},{"$f":"(Table_Provincial_GTAC3536[[#This Row],[Adj.AnnualRental]]*(1+$I519)^(6))","v":11984557.392069791},{"$f":"(Table_Provincial_GTAC3536[[#This Row],[Adj.AnnualRental]]*(1+$I519)^(7))","v":13063167.557356071}]
[802,{"$f":"VLOOKUP($A520,DATA2!$A$2:$S$607,2,FALSE)","v":"GP"},{"$f":"VLOOKUP($A520,DATA2!$A$2:$S$607,3,FALSE)","v":"Gauteng"},{"$f":"VLOOKUP($A520,DATA2!$A$2:$S$607,4,FALSE)","v":82.470210815765356},{"$f":"VLOOKUP($A520,DATA2!$A$2:$S$607,5,FALSE)","v":80},{"$f":"VLOOKUP($A520,DATA2!$A$2:$S$607,6,FALSE)","v":"Main Centre"},{"$f":"VLOOKUP($A520,DATA2!$A$2:$S$607,7,FALSE)","v":4364},{"$f":"VLOOKUP($A520,DATA2!$A$2:$S$607,8,FALSE)","v":true},{"$f":"VLOOKUP($A520,DATA2!$A$2:$S$607,9,FALSE)","v":0.09},310583.57,{"$f":"VLOOKUP($A520,DATA2!$A$2:$S$607,10,FALSE)","v":359900},{"$f":"VLOOKUP($A520,DATA2!$A$2:$S$607,11,FALSE)","v":4318800},{"$f":"VLOOKUP($A520,DATA2!$A$2:$S$607,12,FALSE)","v":"2008-11-01"},{"$f":"VLOOKUP($A520,DATA2!$A$2:$S$607,13,FALSE)","v":"2018-09-30"},{"$f":"VLOOKUP($A520,DATA2!$A$2:$S$607,14,FALSE)","v":"No"},{"$f":"IF(MATRIX2!D520=1,($Y$8-$X$2)/365*Table_Provincial_GTAC3536[[#This Row],[Adj.AnnualRental]]*MATRIX2!D520,($Y$8-$X$2)/365*Table_Provincial_GTAC3536[[#This Row],[Adj.AnnualRental]])","v":1419879.4520547944},{"$f":"(Table_Provincial_GTAC3536[[#This Row],[Adj.AnnualRental]]*(1+$I520)^(2))","v":5131166.28},{"$f":"(Table_Provincial_GTAC3536[[#This Row],[Adj.AnnualRental]]*(1+$I520)^(3))","v":5592971.2452000007},{"$f":"(Table_Provincial_GTAC3536[[#This Row],[Adj.AnnualRental]]*(1+$I520)^(4))","v":6096338.6572680008},{"$f":"(Table_Provincial_GTAC3536[[#This Row],[Adj.AnnualRental]]*(1+$I520)^(5))","v":6645009.1364221219},{"$f":"(Table_Provincial_GTAC3536[[#This Row],[Adj.AnnualRental]]*(1+$I520)^(6))","v":7243059.9587001139},{"$f":"(Table_Provincial_GTAC3536[[#This Row],[Adj.AnnualRental]]*(1+$I520)^(7))","v":7894935.354983123}]
[803,{"$f":"VLOOKUP($A521,DATA2!$A$2:$S$607,2,FALSE)","v":"GP"},{"$f":"VLOOKUP($A521,DATA2!$A$2:$S$607,3,FALSE)","v":"Gauteng"},{"$f":"VLOOKUP($A521,DATA2!$A$2:$S$607,4,FALSE)","v":153.55808793456032},{"$f":"VLOOKUP($A521,DATA2!$A$2:$S$607,5,FALSE)","v":133.13},{"$f":"VLOOKUP($A521,DATA2!$A$2:$S$607,6,FALSE)","v":"Main Centre"},{"$f":"VLOOKUP($A521,DATA2!$A$2:$S$607,7,FALSE)","v":2934},{"$f":"VLOOKUP($A521,DATA2!$A$2:$S$607,8,FALSE)","v":true},{"$f":"VLOOKUP($A521,DATA2!$A$2:$S$607,9,FALSE)","v":0.1},385795.95,{"$f":"VLOOKUP($A521,DATA2!$A$2:$S$607,10,FALSE)","v":450539.43},{"$f":"VLOOKUP($A521,DATA2!$A$2:$S$607,11,FALSE)","v":5406473.1600000001},{"$f":"VLOOKUP($A521,DATA2!$A$2:$S$607,12,FALSE)","v":"2009-04-01"},{"$f":"VLOOKUP($A521,DATA2!$A$2:$S$607,13,FALSE)","v":"2019-02-28"},{"$f":"VLOOKUP($A521,DATA2!$A$2:$S$607,14,FALSE)","v":"No"},{"$f":"IF(MATRIX2!D521=1,($Y$8-$X$2)/365*Table_Provincial_GTAC3536[[#This Row],[Adj.AnnualRental]]*MATRIX2!D521,($Y$8-$X$2)/365*Table_Provincial_GTAC3536[[#This Row],[Adj.AnnualRental]])","v":1777470.6279452054},{"$f":"(Table_Provincial_GTAC3536[[#This Row],[Adj.AnnualRental]]*(1+$I521)^(2))","v":6541832.5236000009},{"$f":"(Table_Provincial_GTAC3536[[#This Row],[Adj.AnnualRental]]*(1+$I521)^(3))","v":7196015.7759600021},{"$f":"(Table_Provincial_GTAC3536[[#This Row],[Adj.AnnualRental]]*(1+$I521)^(4))","v":7915617.3535560025},{"$f":"(Table_Provincial_GTAC3536[[#This Row],[Adj.AnnualRental]]*(1+$I521)^(5))","v":8707179.0889116041},{"$f":"(Table_Provincial_GTAC3536[[#This Row],[Adj.AnnualRental]]*(1+$I521)^(6))","v":9577896.9978027642},{"$f":"(Table_Provincial_GTAC3536[[#This Row],[Adj.AnnualRental]]*(1+$I521)^(7))","v":10535686.697583042}]
[804,{"$f":"VLOOKUP($A522,DATA2!$A$2:$S$607,2,FALSE)","v":"GP"},{"$f":"VLOOKUP($A522,DATA2!$A$2:$S$607,3,FALSE)","v":"Gauteng"},{"$f":"VLOOKUP($A522,DATA2!$A$2:$S$607,4,FALSE)","v":88.66},{"$f":"VLOOKUP($A522,DATA2!$A$2:$S$607,5,FALSE)","v":75},{"$f":"VLOOKUP($A522,DATA2!$A$2:$S$607,6,FALSE)","v":"CBD"},{"$f":"VLOOKUP($A522,DATA2!$A$2:$S$607,7,FALSE)","v":5000},{"$f":"VLOOKUP($A522,DATA2!$A$2:$S$607,8,FALSE)","v":true},{"$f":"VLOOKUP($A522,DATA2!$A$2:$S$607,9,FALSE)","v":0.1},169834.06,{"$f":"VLOOKUP($A522,DATA2!$A$2:$S$607,10,FALSE)","v":443300},{"$f":"VLOOKUP($A522,DATA2!$A$2:$S$607,11,FALSE)","v":5319600},{"$f":"VLOOKUP($A522,DATA2!$A$2:$S$607,12,FALSE)","v":"2014-07-01"},{"$f":"VLOOKUP($A522,DATA2!$A$2:$S$607,13,FALSE)","v":"2024-05-31"},{"$f":"VLOOKUP($A522,DATA2!$A$2:$S$607,14,FALSE)","v":"No"},{"$f":"IF(MATRIX2!D522=1,($Y$8-$X$2)/365*Table_Provincial_GTAC3536[[#This Row],[Adj.AnnualRental]]*MATRIX2!D522,($Y$8-$X$2)/365*Table_Provincial_GTAC3536[[#This Row],[Adj.AnnualRental]])","v":1748909.5890410957},{"$f":"(Table_Provincial_GTAC3536[[#This Row],[Adj.AnnualRental]]*(1+$I522)^(2))","v":6436716.0000000009},{"$f":"(Table_Provincial_GTAC3536[[#This Row],[Adj.AnnualRental]]*(1+$I522)^(3))","v":7080387.6000000024},{"$f":"(Table_Provincial_GTAC3536[[#This Row],[Adj.AnnualRental]]*(1+$I522)^(4))","v":7788426.3600000022},{"$f":"(Table_Provincial_GTAC3536[[#This Row],[Adj.AnnualRental]]*(1+$I522)^(5))","v":8567268.9960000031},{"$f":"(Table_Provincial_GTAC3536[[#This Row],[Adj.AnnualRental]]*(1+$I522)^(6))","v":9423995.8956000041},{"$f":"(Table_Provincial_GTAC3536[[#This Row],[Adj.AnnualRental]]*(1+$I522)^(7))","v":10366395.485160006}]
[805,{"$f":"VLOOKUP($A523,DATA2!$A$2:$S$607,2,FALSE)","v":"GP"},{"$f":"VLOOKUP($A523,DATA2!$A$2:$S$607,3,FALSE)","v":"Gauteng"},{"$f":"VLOOKUP($A523,DATA2!$A$2:$S$607,4,FALSE)","v":69.678387650085767},{"$f":"VLOOKUP($A523,DATA2!$A$2:$S$607,5,FALSE)","v":80},{"$f":"VLOOKUP($A523,DATA2!$A$2:$S$607,6,FALSE)","v":"Main Centre"},{"$f":"VLOOKUP($A523,DATA2!$A$2:$S$607,7,FALSE)","v":5830},{"$f":"VLOOKUP($A523,DATA2!$A$2:$S$607,8,FALSE)","v":true},{"$f":"VLOOKUP($A523,DATA2!$A$2:$S$607,9,FALSE)","v":0.1},547986.35,{"$f":"VLOOKUP($A523,DATA2!$A$2:$S$607,10,FALSE)","v":406225},{"$f":"VLOOKUP($A523,DATA2!$A$2:$S$607,11,FALSE)","v":4874700},{"$f":"VLOOKUP($A523,DATA2!$A$2:$S$607,12,FALSE)","v":"2009-10-01"},{"$f":"VLOOKUP($A523,DATA2!$A$2:$S$607,13,FALSE)","v":"2019-09-30"},{"$f":"VLOOKUP($A523,DATA2!$A$2:$S$607,14,FALSE)","v":"No"},{"$f":"IF(MATRIX2!D523=1,($Y$8-$X$2)/365*Table_Provincial_GTAC3536[[#This Row],[Adj.AnnualRental]]*MATRIX2!D523,($Y$8-$X$2)/365*Table_Provincial_GTAC3536[[#This Row],[Adj.AnnualRental]])","v":1602641.0958904109},{"$f":"(Table_Provincial_GTAC3536[[#This Row],[Adj.AnnualRental]]*(1+$I523)^(2))","v":5898387.0000000009},{"$f":"(Table_Provincial_GTAC3536[[#This Row],[Adj.AnnualRental]]*(1+$I523)^(3))","v":6488225.700000002},{"$f":"(Table_Provincial_GTAC3536[[#This Row],[Adj.AnnualRental]]*(1+$I523)^(4))","v":7137048.2700000023},{"$f":"(Table_Provincial_GTAC3536[[#This Row],[Adj.AnnualRental]]*(1+$I523)^(5))","v":7850753.0970000029},{"$f":"(Table_Provincial_GTAC3536[[#This Row],[Adj.AnnualRental]]*(1+$I523)^(6))","v":8635828.4067000039},{"$f":"(Table_Provincial_GTAC3536[[#This Row],[Adj.AnnualRental]]*(1+$I523)^(7))","v":9499411.2473700065}]
[806,{"$f":"VLOOKUP($A524,DATA2!$A$2:$S$607,2,FALSE)","v":"GP"},{"$f":"VLOOKUP($A524,DATA2!$A$2:$S$607,3,FALSE)","v":"Gauteng"},{"$f":"VLOOKUP($A524,DATA2!$A$2:$S$607,4,FALSE)","v":139.65600000000001},{"$f":"VLOOKUP($A524,DATA2!$A$2:$S$607,5,FALSE)","v":80},{"$f":"VLOOKUP($A524,DATA2!$A$2:$S$607,6,FALSE)","v":"Main Centre"},{"$f":"VLOOKUP($A524,DATA2!$A$2:$S$607,7,FALSE)","v":5000},{"$f":"VLOOKUP($A524,DATA2!$A$2:$S$607,8,FALSE)","v":true},{"$f":"VLOOKUP($A524,DATA2!$A$2:$S$607,9,FALSE)","v":0.09},459325.75,{"$f":"VLOOKUP($A524,DATA2!$A$2:$S$607,10,FALSE)","v":698280},{"$f":"VLOOKUP($A524,DATA2!$A$2:$S$607,11,FALSE)","v":8379360},{"$f":"VLOOKUP($A524,DATA2!$A$2:$S$607,12,FALSE)","v":"2013-10-01"},{"$f":"VLOOKUP($A524,DATA2!$A$2:$S$607,13,FALSE)","v":"2023-09-30"},{"$f":"VLOOKUP($A524,DATA2!$A$2:$S$607,14,FALSE)","v":"No"},{"$f":"IF(MATRIX2!D524=1,($Y$8-$X$2)/365*Table_Provincial_GTAC3536[[#This Row],[Adj.AnnualRental]]*MATRIX2!D524,($Y$8-$X$2)/365*Table_Provincial_GTAC3536[[#This Row],[Adj.AnnualRental]])","v":2754858.0821917807},{"$f":"(Table_Provincial_GTAC3536[[#This Row],[Adj.AnnualRental]]*(1+$I524)^(2))","v":9955517.6160000004},{"$f":"(Table_Provincial_GTAC3536[[#This Row],[Adj.AnnualRental]]*(1+$I524)^(3))","v":10851514.201440001},{"$f":"(Table_Provincial_GTAC3536[[#This Row],[Adj.AnnualRental]]*(1+$I524)^(4))","v":11828150.479569603},{"$f":"(Table_Provincial_GTAC3536[[#This Row],[Adj.AnnualRental]]*(1+$I524)^(5))","v":12892684.022730868},{"$f":"(Table_Provincial_GTAC3536[[#This Row],[Adj.AnnualRental]]*(1+$I524)^(6))","v":14053025.584776647},{"$f":"(Table_Provincial_GTAC3536[[#This Row],[Adj.AnnualRental]]*(1+$I524)^(7))","v":15317797.887406545}]
[807,{"$f":"VLOOKUP($A525,DATA2!$A$2:$S$607,2,FALSE)","v":"GP"},{"$f":"VLOOKUP($A525,DATA2!$A$2:$S$607,3,FALSE)","v":"Gauteng"},{"$f":"VLOOKUP($A525,DATA2!$A$2:$S$607,4,FALSE)","v":81.657520578697927},{"$f":"VLOOKUP($A525,DATA2!$A$2:$S$607,5,FALSE)","v":80},{"$f":"VLOOKUP($A525,DATA2!$A$2:$S$607,6,FALSE)","v":"Main Centre"},{"$f":"VLOOKUP($A525,DATA2!$A$2:$S$607,7,FALSE)","v":4009},{"$f":"VLOOKUP($A525,DATA2!$A$2:$S$607,8,FALSE)","v":true},{"$f":"VLOOKUP($A525,DATA2!$A$2:$S$607,9,FALSE)","v":0.08},32097.71,{"$f":"VLOOKUP($A525,DATA2!$A$2:$S$607,10,FALSE)","v":327365},{"$f":"VLOOKUP($A525,DATA2!$A$2:$S$607,11,FALSE)","v":3928380},{"$f":"VLOOKUP($A525,DATA2!$A$2:$S$607,12,FALSE)","v":"2004-03-01"},{"$f":"VLOOKUP($A525,DATA2!$A$2:$S$607,13,FALSE)","v":"2019-06-30"},{"$f":"VLOOKUP($A525,DATA2!$A$2:$S$607,14,FALSE)","v":"No"},{"$f":"IF(MATRIX2!D525=1,($Y$8-$X$2)/365*Table_Provincial_GTAC3536[[#This Row],[Adj.AnnualRental]]*MATRIX2!D525,($Y$8-$X$2)/365*Table_Provincial_GTAC3536[[#This Row],[Adj.AnnualRental]])","v":1291522.1917808219},{"$f":"(Table_Provincial_GTAC3536[[#This Row],[Adj.AnnualRental]]*(1+$I525)^(2))","v":4582062.432},{"$f":"(Table_Provincial_GTAC3536[[#This Row],[Adj.AnnualRental]]*(1+$I525)^(3))","v":4948627.4265600005},{"$f":"(Table_Provincial_GTAC3536[[#This Row],[Adj.AnnualRental]]*(1+$I525)^(4))","v":5344517.6206848016},{"$f":"(Table_Provincial_GTAC3536[[#This Row],[Adj.AnnualRental]]*(1+$I525)^(5))","v":5772079.0303395856},{"$f":"(Table_Provincial_GTAC3536[[#This Row],[Adj.AnnualRental]]*(1+$I525)^(6))","v":6233845.3527667532},{"$f":"(Table_Provincial_GTAC3536[[#This Row],[Adj.AnnualRental]]*(1+$I525)^(7))","v":6732552.9809880937}]
[808,{"$f":"VLOOKUP($A526,DATA2!$A$2:$S$607,2,FALSE)","v":"GP"},{"$f":"VLOOKUP($A526,DATA2!$A$2:$S$607,3,FALSE)","v":"Gauteng"},{"$f":"VLOOKUP($A526,DATA2!$A$2:$S$607,4,FALSE)","v":100.68},{"$f":"VLOOKUP($A526,DATA2!$A$2:$S$607,5,FALSE)","v":110},{"$f":"VLOOKUP($A526,DATA2!$A$2:$S$607,6,FALSE)","v":"Main Centre"},{"$f":"VLOOKUP($A526,DATA2!$A$2:$S$607,7,FALSE)","v":6000},{"$f":"VLOOKUP($A526,DATA2!$A$2:$S$607,8,FALSE)","v":true},{"$f":"VLOOKUP($A526,DATA2!$A$2:$S$607,9,FALSE)","v":0.1},24655.51,{"$f":"VLOOKUP($A526,DATA2!$A$2:$S$607,10,FALSE)","v":604080},{"$f":"VLOOKUP($A526,DATA2!$A$2:$S$607,11,FALSE)","v":7248960},{"$f":"VLOOKUP($A526,DATA2!$A$2:$S$607,12,FALSE)","v":"2009-12-01"},{"$f":"VLOOKUP($A526,DATA2!$A$2:$S$607,13,FALSE)","v":"2019-11-30"},{"$f":"VLOOKUP($A526,DATA2!$A$2:$S$607,14,FALSE)","v":"No"},{"$f":"IF(MATRIX2!D526=1,($Y$8-$X$2)/365*Table_Provincial_GTAC3536[[#This Row],[Adj.AnnualRental]]*MATRIX2!D526,($Y$8-$X$2)/365*Table_Provincial_GTAC3536[[#This Row],[Adj.AnnualRental]])","v":2383219.726027397},{"$f":"(Table_Provincial_GTAC3536[[#This Row],[Adj.AnnualRental]]*(1+$I526)^(2))","v":8771241.6000000015},{"$f":"(Table_Provincial_GTAC3536[[#This Row],[Adj.AnnualRental]]*(1+$I526)^(3))","v":9648365.7600000035},{"$f":"(Table_Provincial_GTAC3536[[#This Row],[Adj.AnnualRental]]*(1+$I526)^(4))","v":10613202.336000003},{"$f":"(Table_Provincial_GTAC3536[[#This Row],[Adj.AnnualRental]]*(1+$I526)^(5))","v":11674522.569600005},{"$f":"(Table_Provincial_GTAC3536[[#This Row],[Adj.AnnualRental]]*(1+$I526)^(6))","v":12841974.826560006},{"$f":"(Table_Provincial_GTAC3536[[#This Row],[Adj.AnnualRental]]*(1+$I526)^(7))","v":14126172.309216009}]
[810,{"$f":"VLOOKUP($A527,DATA2!$A$2:$S$607,2,FALSE)","v":"GP"},{"$f":"VLOOKUP($A527,DATA2!$A$2:$S$607,3,FALSE)","v":"Gauteng"},{"$f":"VLOOKUP($A527,DATA2!$A$2:$S$607,4,FALSE)","v":83.191626598929517},{"$f":"VLOOKUP($A527,DATA2!$A$2:$S$607,5,FALSE)","v":77.38},{"$f":"VLOOKUP($A527,DATA2!$A$2:$S$607,6,FALSE)","v":"CBD"},{"$f":"VLOOKUP($A527,DATA2!$A$2:$S$607,7,FALSE)","v":22046},{"$f":"VLOOKUP($A527,DATA2!$A$2:$S$607,8,FALSE)","v":true},{"$f":"VLOOKUP($A527,DATA2!$A$2:$S$607,9,FALSE)","v":0.1},164778.1,{"$f":"VLOOKUP($A527,DATA2!$A$2:$S$607,10,FALSE)","v":1834042.6},{"$f":"VLOOKUP($A527,DATA2!$A$2:$S$607,11,FALSE)","v":22008511.199999999},{"$f":"VLOOKUP($A527,DATA2!$A$2:$S$607,12,FALSE)","v":"2008-11-01"},{"$f":"VLOOKUP($A527,DATA2!$A$2:$S$607,13,FALSE)","v":"2017-09-30"},{"$f":"VLOOKUP($A527,DATA2!$A$2:$S$607,14,FALSE)","v":"No"},{"$f":"IF(MATRIX2!D527=1,($Y$8-$X$2)/365*Table_Provincial_GTAC3536[[#This Row],[Adj.AnnualRental]]*MATRIX2!D527,($Y$8-$X$2)/365*Table_Provincial_GTAC3536[[#This Row],[Adj.AnnualRental]])","v":7235674.9150684923},{"$f":"(Table_Provincial_GTAC3536[[#This Row],[Adj.AnnualRental]]*(1+$I527)^(2))","v":26630298.552000005},{"$f":"(Table_Provincial_GTAC3536[[#This Row],[Adj.AnnualRental]]*(1+$I527)^(3))","v":29293328.407200009},{"$f":"(Table_Provincial_GTAC3536[[#This Row],[Adj.AnnualRental]]*(1+$I527)^(4))","v":32222661.247920007},{"$f":"(Table_Provincial_GTAC3536[[#This Row],[Adj.AnnualRental]]*(1+$I527)^(5))","v":35444927.372712009},{"$f":"(Table_Provincial_GTAC3536[[#This Row],[Adj.AnnualRental]]*(1+$I527)^(6))","v":38989420.109983213},{"$f":"(Table_Provincial_GTAC3536[[#This Row],[Adj.AnnualRental]]*(1+$I527)^(7))","v":42888362.120981544}]
[819,{"$f":"VLOOKUP($A528,DATA2!$A$2:$S$607,2,FALSE)","v":"GP"},{"$f":"VLOOKUP($A528,DATA2!$A$2:$S$607,3,FALSE)","v":"Gauteng"},{"$f":"VLOOKUP($A528,DATA2!$A$2:$S$607,4,FALSE)","v":122.66592592592593},{"$f":"VLOOKUP($A528,DATA2!$A$2:$S$607,5,FALSE)","v":80},{"$f":"VLOOKUP($A528,DATA2!$A$2:$S$607,6,FALSE)","v":"Main centre"},{"$f":"VLOOKUP($A528,DATA2!$A$2:$S$607,7,FALSE)","v":81},{"$f":"VLOOKUP($A528,DATA2!$A$2:$S$607,8,FALSE)","v":true},{"$f":"VLOOKUP($A528,DATA2!$A$2:$S$607,9,FALSE)","v":0.09},287676.21999999997,{"$f":"VLOOKUP($A528,DATA2!$A$2:$S$607,10,FALSE)","v":9935.94},{"$f":"VLOOKUP($A528,DATA2!$A$2:$S$607,11,FALSE)","v":119231.28},{"$f":"VLOOKUP($A528,DATA2!$A$2:$S$607,12,FALSE)","v":"2017-10-01"},{"$f":"VLOOKUP($A528,DATA2!$A$2:$S$607,13,FALSE)","v":"2018-09-30"},{"$f":"VLOOKUP($A528,DATA2!$A$2:$S$607,14,FALSE)","v":"No"},{"$f":"IF(MATRIX2!D528=1,($Y$8-$X$2)/365*Table_Provincial_GTAC3536[[#This Row],[Adj.AnnualRental]]*MATRIX2!D528,($Y$8-$X$2)/365*Table_Provincial_GTAC3536[[#This Row],[Adj.AnnualRental]])","v":39199.324931506846},{"$f":"(Table_Provincial_GTAC3536[[#This Row],[Adj.AnnualRental]]*(1+$I528)^(2))","v":141658.68376800002},{"$f":"(Table_Provincial_GTAC3536[[#This Row],[Adj.AnnualRental]]*(1+$I528)^(3))","v":154407.96530712003},{"$f":"(Table_Provincial_GTAC3536[[#This Row],[Adj.AnnualRental]]*(1+$I528)^(4))","v":168304.68218476084},{"$f":"(Table_Provincial_GTAC3536[[#This Row],[Adj.AnnualRental]]*(1+$I528)^(5))","v":183452.10358138932},{"$f":"(Table_Provincial_GTAC3536[[#This Row],[Adj.AnnualRental]]*(1+$I528)^(6))","v":199962.79290371438},{"$f":"(Table_Provincial_GTAC3536[[#This Row],[Adj.AnnualRental]]*(1+$I528)^(7))","v":217959.44426504866}]
[820,{"$f":"VLOOKUP($A529,DATA2!$A$2:$S$607,2,FALSE)","v":"GP"},{"$f":"VLOOKUP($A529,DATA2!$A$2:$S$607,3,FALSE)","v":"Gauteng"},{"$f":"VLOOKUP($A529,DATA2!$A$2:$S$607,4,FALSE)","v":64.807213114754092},{"$f":"VLOOKUP($A529,DATA2!$A$2:$S$607,5,FALSE)","v":93.88},{"$f":"VLOOKUP($A529,DATA2!$A$2:$S$607,6,FALSE)","v":"Main centre"},{"$f":"VLOOKUP($A529,DATA2!$A$2:$S$607,7,FALSE)","v":183},{"$f":"VLOOKUP($A529,DATA2!$A$2:$S$607,8,FALSE)","v":true},{"$f":"VLOOKUP($A529,DATA2!$A$2:$S$607,9,FALSE)","v":0.09},28628.78,{"$f":"VLOOKUP($A529,DATA2!$A$2:$S$607,10,FALSE)","v":11859.72},{"$f":"VLOOKUP($A529,DATA2!$A$2:$S$607,11,FALSE)","v":142316.64000000001},{"$f":"VLOOKUP($A529,DATA2!$A$2:$S$607,12,FALSE)","v":"2017-10-01"},{"$f":"VLOOKUP($A529,DATA2!$A$2:$S$607,13,FALSE)","v":"2017-12-31"},{"$f":"VLOOKUP($A529,DATA2!$A$2:$S$607,14,FALSE)","v":"No"},{"$f":"IF(MATRIX2!D529=1,($Y$8-$X$2)/365*Table_Provincial_GTAC3536[[#This Row],[Adj.AnnualRental]]*MATRIX2!D529,($Y$8-$X$2)/365*Table_Provincial_GTAC3536[[#This Row],[Adj.AnnualRental]])","v":46789.032328767127},{"$f":"(Table_Provincial_GTAC3536[[#This Row],[Adj.AnnualRental]]*(1+$I529)^(2))","v":169086.39998400005},{"$f":"(Table_Provincial_GTAC3536[[#This Row],[Adj.AnnualRental]]*(1+$I529)^(3))","v":184304.17598256006},{"$f":"(Table_Provincial_GTAC3536[[#This Row],[Adj.AnnualRental]]*(1+$I529)^(4))","v":200891.55182099045},{"$f":"(Table_Provincial_GTAC3536[[#This Row],[Adj.AnnualRental]]*(1+$I529)^(5))","v":218971.79148487962},{"$f":"(Table_Provincial_GTAC3536[[#This Row],[Adj.AnnualRental]]*(1+$I529)^(6))","v":238679.25271851881},{"$f":"(Table_Provincial_GTAC3536[[#This Row],[Adj.AnnualRental]]*(1+$I529)^(7))","v":260160.38546318549}]
[821,{"$f":"VLOOKUP($A530,DATA2!$A$2:$S$607,2,FALSE)","v":"GP"},{"$f":"VLOOKUP($A530,DATA2!$A$2:$S$607,3,FALSE)","v":"Gauteng"},{"$f":"VLOOKUP($A530,DATA2!$A$2:$S$607,4,FALSE)","v":135.81619047619046},{"$f":"VLOOKUP($A530,DATA2!$A$2:$S$607,5,FALSE)","v":93.88},{"$f":"VLOOKUP($A530,DATA2!$A$2:$S$607,6,FALSE)","v":"Main centre"},{"$f":"VLOOKUP($A530,DATA2!$A$2:$S$607,7,FALSE)","v":168},{"$f":"VLOOKUP($A530,DATA2!$A$2:$S$607,8,FALSE)","v":true},{"$f":"VLOOKUP($A530,DATA2!$A$2:$S$607,9,FALSE)","v":0.09},770106.48,{"$f":"VLOOKUP($A530,DATA2!$A$2:$S$607,10,FALSE)","v":22817.119999999999},{"$f":"VLOOKUP($A530,DATA2!$A$2:$S$607,11,FALSE)","v":273805.44},{"$f":"VLOOKUP($A530,DATA2!$A$2:$S$607,12,FALSE)","v":"2017-10-31"},{"$f":"VLOOKUP($A530,DATA2!$A$2:$S$607,13,FALSE)","v":"2017-12-31"},{"$f":"VLOOKUP($A530,DATA2!$A$2:$S$607,14,FALSE)","v":"No"},{"$f":"IF(MATRIX2!D530=1,($Y$8-$X$2)/365*Table_Provincial_GTAC3536[[#This Row],[Adj.AnnualRental]]*MATRIX2!D530,($Y$8-$X$2)/365*Table_Provincial_GTAC3536[[#This Row],[Adj.AnnualRental]])","v":90018.226849315062},{"$f":"(Table_Provincial_GTAC3536[[#This Row],[Adj.AnnualRental]]*(1+$I530)^(2))","v":325308.24326400005},{"$f":"(Table_Provincial_GTAC3536[[#This Row],[Adj.AnnualRental]]*(1+$I530)^(3))","v":354585.98515776003},{"$f":"(Table_Provincial_GTAC3536[[#This Row],[Adj.AnnualRental]]*(1+$I530)^(4))","v":386498.72382195847},{"$f":"(Table_Provincial_GTAC3536[[#This Row],[Adj.AnnualRental]]*(1+$I530)^(5))","v":421283.60896593478},{"$f":"(Table_Provincial_GTAC3536[[#This Row],[Adj.AnnualRental]]*(1+$I530)^(6))","v":459199.13377286895},{"$f":"(Table_Provincial_GTAC3536[[#This Row],[Adj.AnnualRental]]*(1+$I530)^(7))","v":500527.05581242713}]
[822,{"$f":"VLOOKUP($A531,DATA2!$A$2:$S$607,2,FALSE)","v":"GP"},{"$f":"VLOOKUP($A531,DATA2!$A$2:$S$607,3,FALSE)","v":"Gauteng"},{"$f":"VLOOKUP($A531,DATA2!$A$2:$S$607,4,FALSE)","v":189.79774834437086},{"$f":"VLOOKUP($A531,DATA2!$A$2:$S$607,5,FALSE)","v":87.5},{"$f":"VLOOKUP($A531,DATA2!$A$2:$S$607,6,FALSE)","v":"CBD"},{"$f":"VLOOKUP($A531,DATA2!$A$2:$S$607,7,FALSE)","v":755},{"$f":"VLOOKUP($A531,DATA2!$A$2:$S$607,8,FALSE)","v":true},{"$f":"VLOOKUP($A531,DATA2!$A$2:$S$607,9,FALSE)","v":0.09},693832.5,{"$f":"VLOOKUP($A531,DATA2!$A$2:$S$607,10,FALSE)","v":143297.29999999999},{"$f":"VLOOKUP($A531,DATA2!$A$2:$S$607,11,FALSE)","v":1719567.6},{"$f":"VLOOKUP($A531,DATA2!$A$2:$S$607,12,FALSE)","v":"2017-10-01"},{"$f":"VLOOKUP($A531,DATA2!$A$2:$S$607,13,FALSE)","v":"2017-12-31"},{"$f":"VLOOKUP($A531,DATA2!$A$2:$S$607,14,FALSE)","v":"No"},{"$f":"IF(MATRIX2!D531=1,($Y$8-$X$2)/365*Table_Provincial_GTAC3536[[#This Row],[Adj.AnnualRental]]*MATRIX2!D531,($Y$8-$X$2)/365*Table_Provincial_GTAC3536[[#This Row],[Adj.AnnualRental]])","v":565337.29315068491},{"$f":"(Table_Provincial_GTAC3536[[#This Row],[Adj.AnnualRental]]*(1+$I531)^(2))","v":2043018.2655600004},{"$f":"(Table_Provincial_GTAC3536[[#This Row],[Adj.AnnualRental]]*(1+$I531)^(3))","v":2226889.9094604007},{"$f":"(Table_Provincial_GTAC3536[[#This Row],[Adj.AnnualRental]]*(1+$I531)^(4))","v":2427310.0013118368},{"$f":"(Table_Provincial_GTAC3536[[#This Row],[Adj.AnnualRental]]*(1+$I531)^(5))","v":2645767.9014299023},{"$f":"(Table_Provincial_GTAC3536[[#This Row],[Adj.AnnualRental]]*(1+$I531)^(6))","v":2883887.0125585934},{"$f":"(Table_Provincial_GTAC3536[[#This Row],[Adj.AnnualRental]]*(1+$I531)^(7))","v":3143436.8436888671}]
[823,{"$f":"VLOOKUP($A532,DATA2!$A$2:$S$607,2,FALSE)","v":"GP"},{"$f":"VLOOKUP($A532,DATA2!$A$2:$S$607,3,FALSE)","v":"Gauteng"},{"$f":"VLOOKUP($A532,DATA2!$A$2:$S$607,4,FALSE)","v":44.521875000000001},{"$f":"VLOOKUP($A532,DATA2!$A$2:$S$607,5,FALSE)","v":80},{"$f":"VLOOKUP($A532,DATA2!$A$2:$S$607,6,FALSE)","v":"Main centre"},{"$f":"VLOOKUP($A532,DATA2!$A$2:$S$607,7,FALSE)","v":176},{"$f":"VLOOKUP($A532,DATA2!$A$2:$S$607,8,FALSE)","v":true},{"$f":"VLOOKUP($A532,DATA2!$A$2:$S$607,9,FALSE)","v":0.09},387930.6,{"$f":"VLOOKUP($A532,DATA2!$A$2:$S$607,10,FALSE)","v":7835.85},{"$f":"VLOOKUP($A532,DATA2!$A$2:$S$607,11,FALSE)","v":94030.2},{"$f":"VLOOKUP($A532,DATA2!$A$2:$S$607,12,FALSE)","v":"2017-10-01"},{"$f":"VLOOKUP($A532,DATA2!$A$2:$S$607,13,FALSE)","v":"2017-12-31"},{"$f":"VLOOKUP($A532,DATA2!$A$2:$S$607,14,FALSE)","v":"No"},{"$f":"IF(MATRIX2!D532=1,($Y$8-$X$2)/365*Table_Provincial_GTAC3536[[#This Row],[Adj.AnnualRental]]*MATRIX2!D532,($Y$8-$X$2)/365*Table_Provincial_GTAC3536[[#This Row],[Adj.AnnualRental]])","v":30914.038356164379},{"$f":"(Table_Provincial_GTAC3536[[#This Row],[Adj.AnnualRental]]*(1+$I532)^(2))","v":111717.28062000001},{"$f":"(Table_Provincial_GTAC3536[[#This Row],[Adj.AnnualRental]]*(1+$I532)^(3))","v":121771.83587580001},{"$f":"(Table_Provincial_GTAC3536[[#This Row],[Adj.AnnualRental]]*(1+$I532)^(4))","v":132731.30110462202},{"$f":"(Table_Provincial_GTAC3536[[#This Row],[Adj.AnnualRental]]*(1+$I532)^(5))","v":144677.11820403801},{"$f":"(Table_Provincial_GTAC3536[[#This Row],[Adj.AnnualRental]]*(1+$I532)^(6))","v":157698.05884240146},{"$f":"(Table_Provincial_GTAC3536[[#This Row],[Adj.AnnualRental]]*(1+$I532)^(7))","v":171890.88413821757}]
[824,{"$f":"VLOOKUP($A533,DATA2!$A$2:$S$607,2,FALSE)","v":"GP"},{"$f":"VLOOKUP($A533,DATA2!$A$2:$S$607,3,FALSE)","v":"Gauteng"},{"$f":"VLOOKUP($A533,DATA2!$A$2:$S$607,4,FALSE)","v":159.16535433070865},{"$f":"VLOOKUP($A533,DATA2!$A$2:$S$607,5,FALSE)","v":80},{"$f":"VLOOKUP($A533,DATA2!$A$2:$S$607,6,FALSE)","v":"Main centre"},{"$f":"VLOOKUP($A533,DATA2!$A$2:$S$607,7,FALSE)","v":254},{"$f":"VLOOKUP($A533,DATA2!$A$2:$S$607,8,FALSE)","v":true},{"$f":"VLOOKUP($A533,DATA2!$A$2:$S$607,9,FALSE)","v":0.08},638400,{"$f":"VLOOKUP($A533,DATA2!$A$2:$S$607,10,FALSE)","v":40428},{"$f":"VLOOKUP($A533,DATA2!$A$2:$S$607,11,FALSE)","v":485136},{"$f":"VLOOKUP($A533,DATA2!$A$2:$S$607,12,FALSE)","v":"2017-10-01"},{"$f":"VLOOKUP($A533,DATA2!$A$2:$S$607,13,FALSE)","v":"2017-12-31"},{"$f":"VLOOKUP($A533,DATA2!$A$2:$S$607,14,FALSE)","v":"No"},{"$f":"IF(MATRIX2!D533=1,($Y$8-$X$2)/365*Table_Provincial_GTAC3536[[#This Row],[Adj.AnnualRental]]*MATRIX2!D533,($Y$8-$X$2)/365*Table_Provincial_GTAC3536[[#This Row],[Adj.AnnualRental]])","v":159496.76712328766},{"$f":"(Table_Provincial_GTAC3536[[#This Row],[Adj.AnnualRental]]*(1+$I533)^(2))","v":565862.63040000002},{"$f":"(Table_Provincial_GTAC3536[[#This Row],[Adj.AnnualRental]]*(1+$I533)^(3))","v":611131.64083200006},{"$f":"(Table_Provincial_GTAC3536[[#This Row],[Adj.AnnualRental]]*(1+$I533)^(4))","v":660022.17209856014},{"$f":"(Table_Provincial_GTAC3536[[#This Row],[Adj.AnnualRental]]*(1+$I533)^(5))","v":712823.94586644496},{"$f":"(Table_Provincial_GTAC3536[[#This Row],[Adj.AnnualRental]]*(1+$I533)^(6))","v":769849.86153576069},{"$f":"(Table_Provincial_GTAC3536[[#This Row],[Adj.AnnualRental]]*(1+$I533)^(7))","v":831437.85045862151}]
[829,{"$f":"VLOOKUP($A534,DATA2!$A$2:$S$607,2,FALSE)","v":"GP"},{"$f":"VLOOKUP($A534,DATA2!$A$2:$S$607,3,FALSE)","v":"Gauteng"},{"$f":"VLOOKUP($A534,DATA2!$A$2:$S$607,4,FALSE)","v":44.705111111111108},{"$f":"VLOOKUP($A534,DATA2!$A$2:$S$607,5,FALSE)","v":80},{"$f":"VLOOKUP($A534,DATA2!$A$2:$S$607,6,FALSE)","v":"Main Centre"},{"$f":"VLOOKUP($A534,DATA2!$A$2:$S$607,7,FALSE)","v":90},{"$f":"VLOOKUP($A534,DATA2!$A$2:$S$607,8,FALSE)","v":true},{"$f":"VLOOKUP($A534,DATA2!$A$2:$S$607,9,FALSE)","v":8.5000000000000006E-2},436400,{"$f":"VLOOKUP($A534,DATA2!$A$2:$S$607,10,FALSE)","v":4023.46},{"$f":"VLOOKUP($A534,DATA2!$A$2:$S$607,11,FALSE)","v":48281.52},{"$f":"VLOOKUP($A534,DATA2!$A$2:$S$607,12,FALSE)","v":"2016-07-01"},{"$f":"VLOOKUP($A534,DATA2!$A$2:$S$607,13,FALSE)","v":"2019-06-30"},{"$f":"VLOOKUP($A534,DATA2!$A$2:$S$607,14,FALSE)","v":"No"},{"$f":"IF(MATRIX2!D534=1,($Y$8-$X$2)/365*Table_Provincial_GTAC3536[[#This Row],[Adj.AnnualRental]]*MATRIX2!D534,($Y$8-$X$2)/365*Table_Provincial_GTAC3536[[#This Row],[Adj.AnnualRental]])","v":15873.376438356163},{"$f":"(Table_Provincial_GTAC3536[[#This Row],[Adj.AnnualRental]]*(1+$I534)^(2))","v":56838.212381999998},{"$f":"(Table_Provincial_GTAC3536[[#This Row],[Adj.AnnualRental]]*(1+$I534)^(3))","v":61669.460434469998},{"$f":"(Table_Provincial_GTAC3536[[#This Row],[Adj.AnnualRental]]*(1+$I534)^(4))","v":66911.364571399943},{"$f":"(Table_Provincial_GTAC3536[[#This Row],[Adj.AnnualRental]]*(1+$I534)^(5))","v":72598.830559968934},{"$f":"(Table_Provincial_GTAC3536[[#This Row],[Adj.AnnualRental]]*(1+$I534)^(6))","v":78769.73115756629},{"$f":"(Table_Provincial_GTAC3536[[#This Row],[Adj.AnnualRental]]*(1+$I534)^(7))","v":85465.158305959427}]
[835,{"$f":"VLOOKUP($A535,DATA2!$A$2:$S$607,2,FALSE)","v":"GP"},{"$f":"VLOOKUP($A535,DATA2!$A$2:$S$607,3,FALSE)","v":"Gauteng"},{"$f":"VLOOKUP($A535,DATA2!$A$2:$S$607,4,FALSE)","v":123.83235274943773},{"$f":"VLOOKUP($A535,DATA2!$A$2:$S$607,5,FALSE)","v":87.5},{"$f":"VLOOKUP($A535,DATA2!$A$2:$S$607,6,FALSE)","v":"CBD"},{"$f":"VLOOKUP($A535,DATA2!$A$2:$S$607,7,FALSE)","v":6135.8},{"$f":"VLOOKUP($A535,DATA2!$A$2:$S$607,8,FALSE)","v":true},{"$f":"VLOOKUP($A535,DATA2!$A$2:$S$607,9,FALSE)","v":7.0000000000000007E-2},450539.43,{"$f":"VLOOKUP($A535,DATA2!$A$2:$S$607,10,FALSE)","v":759810.55},{"$f":"VLOOKUP($A535,DATA2!$A$2:$S$607,11,FALSE)","v":9117726.5999999996},{"$f":"VLOOKUP($A535,DATA2!$A$2:$S$607,12,FALSE)","v":"2017-11-01"},{"$f":"VLOOKUP($A535,DATA2!$A$2:$S$607,13,FALSE)","v":"2020-10-31"},{"$f":"VLOOKUP($A535,DATA2!$A$2:$S$607,14,FALSE)","v":"No"},{"$f":"IF(MATRIX2!D535=1,($Y$8-$X$2)/365*Table_Provincial_GTAC3536[[#This Row],[Adj.AnnualRental]]*MATRIX2!D535,($Y$8-$X$2)/365*Table_Provincial_GTAC3536[[#This Row],[Adj.AnnualRental]])","v":2997608.7452054792},{"$f":"(Table_Provincial_GTAC3536[[#This Row],[Adj.AnnualRental]]*(1+$I535)^(2))","v":10438885.18434},{"$f":"(Table_Provincial_GTAC3536[[#This Row],[Adj.AnnualRental]]*(1+$I535)^(3))","v":11169607.1472438},{"$f":"(Table_Provincial_GTAC3536[[#This Row],[Adj.AnnualRental]]*(1+$I535)^(4))","v":11951479.647550866},{"$f":"(Table_Provincial_GTAC3536[[#This Row],[Adj.AnnualRental]]*(1+$I535)^(5))","v":12788083.222879428},{"$f":"(Table_Provincial_GTAC3536[[#This Row],[Adj.AnnualRental]]*(1+$I535)^(6))","v":13683249.048480986},{"$f":"(Table_Provincial_GTAC3536[[#This Row],[Adj.AnnualRental]]*(1+$I535)^(7))","v":14641076.481874656}]
[837,{"$f":"VLOOKUP($A536,DATA2!$A$2:$S$607,2,FALSE)","v":"GP"},{"$f":"VLOOKUP($A536,DATA2!$A$2:$S$607,3,FALSE)","v":"Gauteng"},{"$f":"VLOOKUP($A536,DATA2!$A$2:$S$607,4,FALSE)","v":114.87089149945224},{"$f":"VLOOKUP($A536,DATA2!$A$2:$S$607,5,FALSE)","v":77.38},{"$f":"VLOOKUP($A536,DATA2!$A$2:$S$607,6,FALSE)","v":"CBD"},{"$f":"VLOOKUP($A536,DATA2!$A$2:$S$607,7,FALSE)","v":22555.37},{"$f":"VLOOKUP($A536,DATA2!$A$2:$S$607,8,FALSE)","v":true},{"$f":"VLOOKUP($A536,DATA2!$A$2:$S$607,9,FALSE)","v":8.5000000000000006E-2},512500,{"$f":"VLOOKUP($A536,DATA2!$A$2:$S$607,10,FALSE)","v":2590955.46},{"$f":"VLOOKUP($A536,DATA2!$A$2:$S$607,11,FALSE)","v":31091465.52},{"$f":"VLOOKUP($A536,DATA2!$A$2:$S$607,12,FALSE)","v":"2015-11-01"},{"$f":"VLOOKUP($A536,DATA2!$A$2:$S$607,13,FALSE)","v":"2017-10-31"},{"$f":"VLOOKUP($A536,DATA2!$A$2:$S$607,14,FALSE)","v":"No"},{"$f":"IF(MATRIX2!D536=1,($Y$8-$X$2)/365*Table_Provincial_GTAC3536[[#This Row],[Adj.AnnualRental]]*MATRIX2!D536,($Y$8-$X$2)/365*Table_Provincial_GTAC3536[[#This Row],[Adj.AnnualRental]])","v":10221851.677808218},{"$f":"(Table_Provincial_GTAC3536[[#This Row],[Adj.AnnualRental]]*(1+$I536)^(2))","v":36601650.496781997},{"$f":"(Table_Provincial_GTAC3536[[#This Row],[Adj.AnnualRental]]*(1+$I536)^(3))","v":39712790.789008468},{"$f":"(Table_Provincial_GTAC3536[[#This Row],[Adj.AnnualRental]]*(1+$I536)^(4))","v":43088378.006074183},{"$f":"(Table_Provincial_GTAC3536[[#This Row],[Adj.AnnualRental]]*(1+$I536)^(5))","v":46750890.136590488},{"$f":"(Table_Provincial_GTAC3536[[#This Row],[Adj.AnnualRental]]*(1+$I536)^(6))","v":50724715.798200674},{"$f":"(Table_Provincial_GTAC3536[[#This Row],[Adj.AnnualRental]]*(1+$I536)^(7))","v":55036316.641047738}]
[838,{"$f":"VLOOKUP($A537,DATA2!$A$2:$S$607,2,FALSE)","v":"GP"},{"$f":"VLOOKUP($A537,DATA2!$A$2:$S$607,3,FALSE)","v":"Gauteng"},{"$f":"VLOOKUP($A537,DATA2!$A$2:$S$607,4,FALSE)","v":95.76},{"$f":"VLOOKUP($A537,DATA2!$A$2:$S$607,5,FALSE)","v":77.38},{"$f":"VLOOKUP($A537,DATA2!$A$2:$S$607,6,FALSE)","v":"CBD"},{"$f":"VLOOKUP($A537,DATA2!$A$2:$S$607,7,FALSE)","v":18349},{"$f":"VLOOKUP($A537,DATA2!$A$2:$S$607,8,FALSE)","v":true},{"$f":"VLOOKUP($A537,DATA2!$A$2:$S$607,9,FALSE)","v":8.2500000000000004E-2},496225,{"$f":"VLOOKUP($A537,DATA2!$A$2:$S$607,10,FALSE)","v":1757100.24},{"$f":"VLOOKUP($A537,DATA2!$A$2:$S$607,11,FALSE)","v":21085202.879999999},{"$f":"VLOOKUP($A537,DATA2!$A$2:$S$607,12,FALSE)","v":"2017-06-01"},{"$f":"VLOOKUP($A537,DATA2!$A$2:$S$607,13,FALSE)","v":"2021-10-31"},{"$f":"VLOOKUP($A537,DATA2!$A$2:$S$607,14,FALSE)","v":"No"},{"$f":"IF(MATRIX2!D537=1,($Y$8-$X$2)/365*Table_Provincial_GTAC3536[[#This Row],[Adj.AnnualRental]]*MATRIX2!D537,($Y$8-$X$2)/365*Table_Provincial_GTAC3536[[#This Row],[Adj.AnnualRental]])","v":6932121.4947945196},{"$f":"(Table_Provincial_GTAC3536[[#This Row],[Adj.AnnualRental]]*(1+$I537)^(2))","v":24707772.517301999},{"$f":"(Table_Provincial_GTAC3536[[#This Row],[Adj.AnnualRental]]*(1+$I537)^(3))","v":26746163.749979414},{"$f":"(Table_Provincial_GTAC3536[[#This Row],[Adj.AnnualRental]]*(1+$I537)^(4))","v":28952722.25935271},{"$f":"(Table_Provincial_GTAC3536[[#This Row],[Adj.AnnualRental]]*(1+$I537)^(5))","v":31341321.845749311},{"$f":"(Table_Provincial_GTAC3536[[#This Row],[Adj.AnnualRental]]*(1+$I537)^(6))","v":33926980.898023628},{"$f":"(Table_Provincial_GTAC3536[[#This Row],[Adj.AnnualRental]]*(1+$I537)^(7))","v":36725956.822110578}]
[839,{"$f":"VLOOKUP($A538,DATA2!$A$2:$S$607,2,FALSE)","v":"GP"},{"$f":"VLOOKUP($A538,DATA2!$A$2:$S$607,3,FALSE)","v":"Gauteng"},{"$f":"VLOOKUP($A538,DATA2!$A$2:$S$607,4,FALSE)","v":97.469999999999985},{"$f":"VLOOKUP($A538,DATA2!$A$2:$S$607,5,FALSE)","v":77.38},{"$f":"VLOOKUP($A538,DATA2!$A$2:$S$607,6,FALSE)","v":"CBD"},{"$f":"VLOOKUP($A538,DATA2!$A$2:$S$607,7,FALSE)","v":18349},{"$f":"VLOOKUP($A538,DATA2!$A$2:$S$607,8,FALSE)","v":true},{"$f":"VLOOKUP($A538,DATA2!$A$2:$S$607,9,FALSE)","v":8.5000000000000006E-2},743280,{"$f":"VLOOKUP($A538,DATA2!$A$2:$S$607,10,FALSE)","v":1788477.03},{"$f":"VLOOKUP($A538,DATA2!$A$2:$S$607,11,FALSE)","v":21461724.359999999},{"$f":"VLOOKUP($A538,DATA2!$A$2:$S$607,12,FALSE)","v":"2017-06-01"},{"$f":"VLOOKUP($A538,DATA2!$A$2:$S$607,13,FALSE)","v":"2021-10-31"},{"$f":"VLOOKUP($A538,DATA2!$A$2:$S$607,14,FALSE)","v":"No"},{"$f":"IF(MATRIX2!D538=1,($Y$8-$X$2)/365*Table_Provincial_GTAC3536[[#This Row],[Adj.AnnualRental]]*MATRIX2!D538,($Y$8-$X$2)/365*Table_Provincial_GTAC3536[[#This Row],[Adj.AnnualRental]])","v":7055909.3786301361},{"$f":"(Table_Provincial_GTAC3536[[#This Row],[Adj.AnnualRental]]*(1+$I538)^(2))","v":25265278.459700998},{"$f":"(Table_Provincial_GTAC3536[[#This Row],[Adj.AnnualRental]]*(1+$I538)^(3))","v":27412827.128775585},{"$f":"(Table_Provincial_GTAC3536[[#This Row],[Adj.AnnualRental]]*(1+$I538)^(4))","v":29742917.434721503},{"$f":"(Table_Provincial_GTAC3536[[#This Row],[Adj.AnnualRental]]*(1+$I538)^(5))","v":32271065.416672833},{"$f":"(Table_Provincial_GTAC3536[[#This Row],[Adj.AnnualRental]]*(1+$I538)^(6))","v":35014105.977090023},{"$f":"(Table_Provincial_GTAC3536[[#This Row],[Adj.AnnualRental]]*(1+$I538)^(7))","v":37990304.985142678}]
[840,{"$f":"VLOOKUP($A539,DATA2!$A$2:$S$607,2,FALSE)","v":"GP"},{"$f":"VLOOKUP($A539,DATA2!$A$2:$S$607,3,FALSE)","v":"Gauteng"},{"$f":"VLOOKUP($A539,DATA2!$A$2:$S$607,4,FALSE)","v":96.900000065474558},{"$f":"VLOOKUP($A539,DATA2!$A$2:$S$607,5,FALSE)","v":77.38},{"$f":"VLOOKUP($A539,DATA2!$A$2:$S$607,6,FALSE)","v":"CBD"},{"$f":"VLOOKUP($A539,DATA2!$A$2:$S$607,7,FALSE)","v":15273.11},{"$f":"VLOOKUP($A539,DATA2!$A$2:$S$607,8,FALSE)","v":true},{"$f":"VLOOKUP($A539,DATA2!$A$2:$S$607,9,FALSE)","v":0.08},387665,{"$f":"VLOOKUP($A539,DATA2!$A$2:$S$607,10,FALSE)","v":1479964.36},{"$f":"VLOOKUP($A539,DATA2!$A$2:$S$607,11,FALSE)","v":17759572.32},{"$f":"VLOOKUP($A539,DATA2!$A$2:$S$607,12,FALSE)","v":"2016-11-01"},{"$f":"VLOOKUP($A539,DATA2!$A$2:$S$607,13,FALSE)","v":"2021-10-31"},{"$f":"VLOOKUP($A539,DATA2!$A$2:$S$607,14,FALSE)","v":"No"},{"$f":"IF(MATRIX2!D539=1,($Y$8-$X$2)/365*Table_Provincial_GTAC3536[[#This Row],[Adj.AnnualRental]]*MATRIX2!D539,($Y$8-$X$2)/365*Table_Provincial_GTAC3536[[#This Row],[Adj.AnnualRental]])","v":5838763.5024657529},{"$f":"(Table_Provincial_GTAC3536[[#This Row],[Adj.AnnualRental]]*(1+$I539)^(2))","v":20714765.154048003},{"$f":"(Table_Provincial_GTAC3536[[#This Row],[Adj.AnnualRental]]*(1+$I539)^(3))","v":22371946.366371844},{"$f":"(Table_Provincial_GTAC3536[[#This Row],[Adj.AnnualRental]]*(1+$I539)^(4))","v":24161702.075681593},{"$f":"(Table_Provincial_GTAC3536[[#This Row],[Adj.AnnualRental]]*(1+$I539)^(5))","v":26094638.241736121},{"$f":"(Table_Provincial_GTAC3536[[#This Row],[Adj.AnnualRental]]*(1+$I539)^(6))","v":28182209.301075015},{"$f":"(Table_Provincial_GTAC3536[[#This Row],[Adj.AnnualRental]]*(1+$I539)^(7))","v":30436786.045161016}]
[842,{"$f":"VLOOKUP($A540,DATA2!$A$2:$S$607,2,FALSE)","v":"GP"},{"$f":"VLOOKUP($A540,DATA2!$A$2:$S$607,3,FALSE)","v":"Gauteng"},{"$f":"VLOOKUP($A540,DATA2!$A$2:$S$607,4,FALSE)","v":271.72322474116385},{"$f":"VLOOKUP($A540,DATA2!$A$2:$S$607,5,FALSE)","v":77.38},{"$f":"VLOOKUP($A540,DATA2!$A$2:$S$607,6,FALSE)","v":"CBD"},{"$f":"VLOOKUP($A540,DATA2!$A$2:$S$607,7,FALSE)","v":11204},{"$f":"VLOOKUP($A540,DATA2!$A$2:$S$607,8,FALSE)","v":true},{"$f":"VLOOKUP($A540,DATA2!$A$2:$S$607,9,FALSE)","v":0.09},696000,{"$f":"VLOOKUP($A540,DATA2!$A$2:$S$607,10,FALSE)","v":3044387.01},{"$f":"VLOOKUP($A540,DATA2!$A$2:$S$607,11,FALSE)","v":36532644.119999997},{"$f":"VLOOKUP($A540,DATA2!$A$2:$S$607,12,FALSE)","v":"2010-01-04"},{"$f":"VLOOKUP($A540,DATA2!$A$2:$S$607,13,FALSE)","v":"2019-12-31"},{"$f":"VLOOKUP($A540,DATA2!$A$2:$S$607,14,FALSE)","v":"No"},{"$f":"IF(MATRIX2!D540=1,($Y$8-$X$2)/365*Table_Provincial_GTAC3536[[#This Row],[Adj.AnnualRental]]*MATRIX2!D540,($Y$8-$X$2)/365*Table_Provincial_GTAC3536[[#This Row],[Adj.AnnualRental]])","v":12010732.313424656},{"$f":"(Table_Provincial_GTAC3536[[#This Row],[Adj.AnnualRental]]*(1+$I540)^(2))","v":43404434.478972003},{"$f":"(Table_Provincial_GTAC3536[[#This Row],[Adj.AnnualRental]]*(1+$I540)^(3))","v":47310833.582079485},{"$f":"(Table_Provincial_GTAC3536[[#This Row],[Adj.AnnualRental]]*(1+$I540)^(4))","v":51568808.604466639},{"$f":"(Table_Provincial_GTAC3536[[#This Row],[Adj.AnnualRental]]*(1+$I540)^(5))","v":56210001.378868647},{"$f":"(Table_Provincial_GTAC3536[[#This Row],[Adj.AnnualRental]]*(1+$I540)^(6))","v":61268901.502966829},{"$f":"(Table_Provincial_GTAC3536[[#This Row],[Adj.AnnualRental]]*(1+$I540)^(7))","v":66783102.63823384}]
[843,{"$f":"VLOOKUP($A541,DATA2!$A$2:$S$607,2,FALSE)","v":"GP"},{"$f":"VLOOKUP($A541,DATA2!$A$2:$S$607,3,FALSE)","v":"Gauteng"},{"$f":"VLOOKUP($A541,DATA2!$A$2:$S$607,4,FALSE)","v":105},{"$f":"VLOOKUP($A541,DATA2!$A$2:$S$607,5,FALSE)","v":77.38},{"$f":"VLOOKUP($A541,DATA2!$A$2:$S$607,6,FALSE)","v":"CBD"},{"$f":"VLOOKUP($A541,DATA2!$A$2:$S$607,7,FALSE)","v":31900},{"$f":"VLOOKUP($A541,DATA2!$A$2:$S$607,8,FALSE)","v":true},{"$f":"VLOOKUP($A541,DATA2!$A$2:$S$607,9,FALSE)","v":0.09},2023462.6,{"$f":"VLOOKUP($A541,DATA2!$A$2:$S$607,10,FALSE)","v":3349500},{"$f":"VLOOKUP($A541,DATA2!$A$2:$S$607,11,FALSE)","v":40194000},{"$f":"VLOOKUP($A541,DATA2!$A$2:$S$607,12,FALSE)","v":"2015-06-01"},{"$f":"VLOOKUP($A541,DATA2!$A$2:$S$607,13,FALSE)","v":"2020-05-30"},{"$f":"VLOOKUP($A541,DATA2!$A$2:$S$607,14,FALSE)","v":"No"},{"$f":"IF(MATRIX2!D541=1,($Y$8-$X$2)/365*Table_Provincial_GTAC3536[[#This Row],[Adj.AnnualRental]]*MATRIX2!D541,($Y$8-$X$2)/365*Table_Provincial_GTAC3536[[#This Row],[Adj.AnnualRental]])","v":13214465.753424658},{"$f":"(Table_Provincial_GTAC3536[[#This Row],[Adj.AnnualRental]]*(1+$I541)^(2))","v":47754491.400000006},{"$f":"(Table_Provincial_GTAC3536[[#This Row],[Adj.AnnualRental]]*(1+$I541)^(3))","v":52052395.626000009},{"$f":"(Table_Provincial_GTAC3536[[#This Row],[Adj.AnnualRental]]*(1+$I541)^(4))","v":56737111.232340008},{"$f":"(Table_Provincial_GTAC3536[[#This Row],[Adj.AnnualRental]]*(1+$I541)^(5))","v":61843451.243250616},{"$f":"(Table_Provincial_GTAC3536[[#This Row],[Adj.AnnualRental]]*(1+$I541)^(6))","v":67409361.855143175},{"$f":"(Table_Provincial_GTAC3536[[#This Row],[Adj.AnnualRental]]*(1+$I541)^(7))","v":73476204.422106057}]
[844,{"$f":"VLOOKUP($A542,DATA2!$A$2:$S$607,2,FALSE)","v":"GP"},{"$f":"VLOOKUP($A542,DATA2!$A$2:$S$607,3,FALSE)","v":"Gauteng"},{"$f":"VLOOKUP($A542,DATA2!$A$2:$S$607,4,FALSE)","v":89.775000000000006},{"$f":"VLOOKUP($A542,DATA2!$A$2:$S$607,5,FALSE)","v":77.38},{"$f":"VLOOKUP($A542,DATA2!$A$2:$S$607,6,FALSE)","v":"CBD"},{"$f":"VLOOKUP($A542,DATA2!$A$2:$S$607,7,FALSE)","v":24000},{"$f":"VLOOKUP($A542,DATA2!$A$2:$S$607,8,FALSE)","v":true},{"$f":"VLOOKUP($A542,DATA2!$A$2:$S$607,9,FALSE)","v":6.5000000000000002E-2},11393.94,{"$f":"VLOOKUP($A542,DATA2!$A$2:$S$607,10,FALSE)","v":2154600},{"$f":"VLOOKUP($A542,DATA2!$A$2:$S$607,11,FALSE)","v":25855200},{"$f":"VLOOKUP($A542,DATA2!$A$2:$S$607,12,FALSE)","v":"2017-04-01"},{"$f":"VLOOKUP($A542,DATA2!$A$2:$S$607,13,FALSE)","v":"2021-03-31"},{"$f":"VLOOKUP($A542,DATA2!$A$2:$S$607,14,FALSE)","v":"No"},{"$f":"IF(MATRIX2!D542=1,($Y$8-$X$2)/365*Table_Provincial_GTAC3536[[#This Row],[Adj.AnnualRental]]*MATRIX2!D542,($Y$8-$X$2)/365*Table_Provincial_GTAC3536[[#This Row],[Adj.AnnualRental]])","v":8500339.7260273974},{"$f":"(Table_Provincial_GTAC3536[[#This Row],[Adj.AnnualRental]]*(1+$I542)^(2))","v":29325614.219999995},{"$f":"(Table_Provincial_GTAC3536[[#This Row],[Adj.AnnualRental]]*(1+$I542)^(3))","v":31231779.144299991},{"$f":"(Table_Provincial_GTAC3536[[#This Row],[Adj.AnnualRental]]*(1+$I542)^(4))","v":33261844.788679488},{"$f":"(Table_Provincial_GTAC3536[[#This Row],[Adj.AnnualRental]]*(1+$I542)^(5))","v":35423864.699943654},{"$f":"(Table_Provincial_GTAC3536[[#This Row],[Adj.AnnualRental]]*(1+$I542)^(6))","v":37726415.905439988},{"$f":"(Table_Provincial_GTAC3536[[#This Row],[Adj.AnnualRental]]*(1+$I542)^(7))","v":40178632.939293586}]
[845,{"$f":"VLOOKUP($A543,DATA2!$A$2:$S$607,2,FALSE)","v":"GP"},{"$f":"VLOOKUP($A543,DATA2!$A$2:$S$607,3,FALSE)","v":"Gauteng"},{"$f":"VLOOKUP($A543,DATA2!$A$2:$S$607,4,FALSE)","v":99.69},{"$f":"VLOOKUP($A543,DATA2!$A$2:$S$607,5,FALSE)","v":77.38},{"$f":"VLOOKUP($A543,DATA2!$A$2:$S$607,6,FALSE)","v":"CBD"},{"$f":"VLOOKUP($A543,DATA2!$A$2:$S$607,7,FALSE)","v":14642},{"$f":"VLOOKUP($A543,DATA2!$A$2:$S$607,8,FALSE)","v":true},{"$f":"VLOOKUP($A543,DATA2!$A$2:$S$607,9,FALSE)","v":0.08},15000,{"$f":"VLOOKUP($A543,DATA2!$A$2:$S$607,10,FALSE)","v":1459660.98},{"$f":"VLOOKUP($A543,DATA2!$A$2:$S$607,11,FALSE)","v":17515931.760000002},{"$f":"VLOOKUP($A543,DATA2!$A$2:$S$607,12,FALSE)","v":"2016-08-01"},{"$f":"VLOOKUP($A543,DATA2!$A$2:$S$607,13,FALSE)","v":"2021-07-31"},{"$f":"VLOOKUP($A543,DATA2!$A$2:$S$607,14,FALSE)","v":"No"},{"$f":"IF(MATRIX2!D543=1,($Y$8-$X$2)/365*Table_Provincial_GTAC3536[[#This Row],[Adj.AnnualRental]]*MATRIX2!D543,($Y$8-$X$2)/365*Table_Provincial_GTAC3536[[#This Row],[Adj.AnnualRental]])","v":5758662.4964383561},{"$f":"(Table_Provincial_GTAC3536[[#This Row],[Adj.AnnualRental]]*(1+$I543)^(2))","v":20430582.804864004},{"$f":"(Table_Provincial_GTAC3536[[#This Row],[Adj.AnnualRental]]*(1+$I543)^(3))","v":22065029.429253124},{"$f":"(Table_Provincial_GTAC3536[[#This Row],[Adj.AnnualRental]]*(1+$I543)^(4))","v":23830231.783593379},{"$f":"(Table_Provincial_GTAC3536[[#This Row],[Adj.AnnualRental]]*(1+$I543)^(5))","v":25736650.326280847},{"$f":"(Table_Provincial_GTAC3536[[#This Row],[Adj.AnnualRental]]*(1+$I543)^(6))","v":27795582.352383319},{"$f":"(Table_Provincial_GTAC3536[[#This Row],[Adj.AnnualRental]]*(1+$I543)^(7))","v":30019228.940573987}]
[846,{"$f":"VLOOKUP($A544,DATA2!$A$2:$S$607,2,FALSE)","v":"GP"},{"$f":"VLOOKUP($A544,DATA2!$A$2:$S$607,3,FALSE)","v":"Gauteng"},{"$f":"VLOOKUP($A544,DATA2!$A$2:$S$607,4,FALSE)","v":159.32594726234464},{"$f":"VLOOKUP($A544,DATA2!$A$2:$S$607,5,FALSE)","v":77.38},{"$f":"VLOOKUP($A544,DATA2!$A$2:$S$607,6,FALSE)","v":"CBD"},{"$f":"VLOOKUP($A544,DATA2!$A$2:$S$607,7,FALSE)","v":11908},{"$f":"VLOOKUP($A544,DATA2!$A$2:$S$607,8,FALSE)","v":true},{"$f":"VLOOKUP($A544,DATA2!$A$2:$S$607,9,FALSE)","v":0.1},25700,{"$f":"VLOOKUP($A544,DATA2!$A$2:$S$607,10,FALSE)","v":1897253.38},{"$f":"VLOOKUP($A544,DATA2!$A$2:$S$607,11,FALSE)","v":22767040.559999999},{"$f":"VLOOKUP($A544,DATA2!$A$2:$S$607,12,FALSE)","v":"2013-12-01"},{"$f":"VLOOKUP($A544,DATA2!$A$2:$S$607,13,FALSE)","v":"2018-11-30"},{"$f":"VLOOKUP($A544,DATA2!$A$2:$S$607,14,FALSE)","v":"No"},{"$f":"IF(MATRIX2!D544=1,($Y$8-$X$2)/365*Table_Provincial_GTAC3536[[#This Row],[Adj.AnnualRental]]*MATRIX2!D544,($Y$8-$X$2)/365*Table_Provincial_GTAC3536[[#This Row],[Adj.AnnualRental]])","v":7485054.4306849306},{"$f":"(Table_Provincial_GTAC3536[[#This Row],[Adj.AnnualRental]]*(1+$I544)^(2))","v":27548119.077600002},{"$f":"(Table_Provincial_GTAC3536[[#This Row],[Adj.AnnualRental]]*(1+$I544)^(3))","v":30302930.985360008},{"$f":"(Table_Provincial_GTAC3536[[#This Row],[Adj.AnnualRental]]*(1+$I544)^(4))","v":33333224.083896007},{"$f":"(Table_Provincial_GTAC3536[[#This Row],[Adj.AnnualRental]]*(1+$I544)^(5))","v":36666546.492285609},{"$f":"(Table_Provincial_GTAC3536[[#This Row],[Adj.AnnualRental]]*(1+$I544)^(6))","v":40333201.141514175},{"$f":"(Table_Provincial_GTAC3536[[#This Row],[Adj.AnnualRental]]*(1+$I544)^(7))","v":44366521.2556656}]
[847,{"$f":"VLOOKUP($A545,DATA2!$A$2:$S$607,2,FALSE)","v":"GP"},{"$f":"VLOOKUP($A545,DATA2!$A$2:$S$607,3,FALSE)","v":"Gauteng"},{"$f":"VLOOKUP($A545,DATA2!$A$2:$S$607,4,FALSE)","v":108.3},{"$f":"VLOOKUP($A545,DATA2!$A$2:$S$607,5,FALSE)","v":77.38},{"$f":"VLOOKUP($A545,DATA2!$A$2:$S$607,6,FALSE)","v":"CBD"},{"$f":"VLOOKUP($A545,DATA2!$A$2:$S$607,7,FALSE)","v":3750},{"$f":"VLOOKUP($A545,DATA2!$A$2:$S$607,8,FALSE)","v":true},{"$f":"VLOOKUP($A545,DATA2!$A$2:$S$607,9,FALSE)","v":0.09},150500,{"$f":"VLOOKUP($A545,DATA2!$A$2:$S$607,10,FALSE)","v":406125},{"$f":"VLOOKUP($A545,DATA2!$A$2:$S$607,11,FALSE)","v":4873500},{"$f":"VLOOKUP($A545,DATA2!$A$2:$S$607,12,FALSE)","v":"2017-07-01"},{"$f":"VLOOKUP($A545,DATA2!$A$2:$S$607,13,FALSE)","v":"2019-06-30"},{"$f":"VLOOKUP($A545,DATA2!$A$2:$S$607,14,FALSE)","v":"No"},{"$f":"IF(MATRIX2!D545=1,($Y$8-$X$2)/365*Table_Provincial_GTAC3536[[#This Row],[Adj.AnnualRental]]*MATRIX2!D545,($Y$8-$X$2)/365*Table_Provincial_GTAC3536[[#This Row],[Adj.AnnualRental]])","v":1602246.5753424657},{"$f":"(Table_Provincial_GTAC3536[[#This Row],[Adj.AnnualRental]]*(1+$I545)^(2))","v":5790205.3500000006},{"$f":"(Table_Provincial_GTAC3536[[#This Row],[Adj.AnnualRental]]*(1+$I545)^(3))","v":6311323.8315000013},{"$f":"(Table_Provincial_GTAC3536[[#This Row],[Adj.AnnualRental]]*(1+$I545)^(4))","v":6879342.9763350012},{"$f":"(Table_Provincial_GTAC3536[[#This Row],[Adj.AnnualRental]]*(1+$I545)^(5))","v":7498483.8442051522},{"$f":"(Table_Provincial_GTAC3536[[#This Row],[Adj.AnnualRental]]*(1+$I545)^(6))","v":8173347.3901836164},{"$f":"(Table_Provincial_GTAC3536[[#This Row],[Adj.AnnualRental]]*(1+$I545)^(7))","v":8908948.6553001422}]
[848,{"$f":"VLOOKUP($A546,DATA2!$A$2:$S$607,2,FALSE)","v":"GP"},{"$f":"VLOOKUP($A546,DATA2!$A$2:$S$607,3,FALSE)","v":"Gauteng"},{"$f":"VLOOKUP($A546,DATA2!$A$2:$S$607,4,FALSE)","v":125.2268851674641},{"$f":"VLOOKUP($A546,DATA2!$A$2:$S$607,5,FALSE)","v":77.38},{"$f":"VLOOKUP($A546,DATA2!$A$2:$S$607,6,FALSE)","v":"CBD"},{"$f":"VLOOKUP($A546,DATA2!$A$2:$S$607,7,FALSE)","v":10450},{"$f":"VLOOKUP($A546,DATA2!$A$2:$S$607,8,FALSE)","v":true},{"$f":"VLOOKUP($A546,DATA2!$A$2:$S$607,9,FALSE)","v":0.09},11003.85,{"$f":"VLOOKUP($A546,DATA2!$A$2:$S$607,10,FALSE)","v":1308620.95},{"$f":"VLOOKUP($A546,DATA2!$A$2:$S$607,11,FALSE)","v":15703451.4},{"$f":"VLOOKUP($A546,DATA2!$A$2:$S$607,12,FALSE)","v":"2014-07-01"},{"$f":"VLOOKUP($A546,DATA2!$A$2:$S$607,13,FALSE)","v":"2019-06-30"},{"$f":"VLOOKUP($A546,DATA2!$A$2:$S$607,14,FALSE)","v":"No"},{"$f":"IF(MATRIX2!D546=1,($Y$8-$X$2)/365*Table_Provincial_GTAC3536[[#This Row],[Adj.AnnualRental]]*MATRIX2!D546,($Y$8-$X$2)/365*Table_Provincial_GTAC3536[[#This Row],[Adj.AnnualRental]])","v":5162778.5424657529},{"$f":"(Table_Provincial_GTAC3536[[#This Row],[Adj.AnnualRental]]*(1+$I546)^(2))","v":18657270.608340003},{"$f":"(Table_Provincial_GTAC3536[[#This Row],[Adj.AnnualRental]]*(1+$I546)^(3))","v":20336424.963090602},{"$f":"(Table_Provincial_GTAC3536[[#This Row],[Adj.AnnualRental]]*(1+$I546)^(4))","v":22166703.209768757},{"$f":"(Table_Provincial_GTAC3536[[#This Row],[Adj.AnnualRental]]*(1+$I546)^(5))","v":24161706.498647951},{"$f":"(Table_Provincial_GTAC3536[[#This Row],[Adj.AnnualRental]]*(1+$I546)^(6))","v":26336260.083526269},{"$f":"(Table_Provincial_GTAC3536[[#This Row],[Adj.AnnualRental]]*(1+$I546)^(7))","v":28706523.491043631}]
[849,{"$f":"VLOOKUP($A547,DATA2!$A$2:$S$607,2,FALSE)","v":"GP"},{"$f":"VLOOKUP($A547,DATA2!$A$2:$S$607,3,FALSE)","v":"Gauteng"},{"$f":"VLOOKUP($A547,DATA2!$A$2:$S$607,4,FALSE)","v":75.002446283687362},{"$f":"VLOOKUP($A547,DATA2!$A$2:$S$607,5,FALSE)","v":77.38},{"$f":"VLOOKUP($A547,DATA2!$A$2:$S$607,6,FALSE)","v":"CBD"},{"$f":"VLOOKUP($A547,DATA2!$A$2:$S$607,7,FALSE)","v":24527},{"$f":"VLOOKUP($A547,DATA2!$A$2:$S$607,8,FALSE)","v":true},{"$f":"VLOOKUP($A547,DATA2!$A$2:$S$607,9,FALSE)","v":0.08},45000,{"$f":"VLOOKUP($A547,DATA2!$A$2:$S$607,10,FALSE)","v":1839585},{"$f":"VLOOKUP($A547,DATA2!$A$2:$S$607,11,FALSE)","v":22075020},{"$f":"VLOOKUP($A547,DATA2!$A$2:$S$607,12,FALSE)","v":"2017-08-01"},{"$f":"VLOOKUP($A547,DATA2!$A$2:$S$607,13,FALSE)","v":"2021-07-31"},{"$f":"VLOOKUP($A547,DATA2!$A$2:$S$607,14,FALSE)","v":"No"},{"$f":"IF(MATRIX2!D547=1,($Y$8-$X$2)/365*Table_Provincial_GTAC3536[[#This Row],[Adj.AnnualRental]]*MATRIX2!D547,($Y$8-$X$2)/365*Table_Provincial_GTAC3536[[#This Row],[Adj.AnnualRental]])","v":7257540.8219178077},{"$f":"(Table_Provincial_GTAC3536[[#This Row],[Adj.AnnualRental]]*(1+$I547)^(2))","v":25748303.328000002},{"$f":"(Table_Provincial_GTAC3536[[#This Row],[Adj.AnnualRental]]*(1+$I547)^(3))","v":27808167.594240002},{"$f":"(Table_Provincial_GTAC3536[[#This Row],[Adj.AnnualRental]]*(1+$I547)^(4))","v":30032821.001779206},{"$f":"(Table_Provincial_GTAC3536[[#This Row],[Adj.AnnualRental]]*(1+$I547)^(5))","v":32435446.681921542},{"$f":"(Table_Provincial_GTAC3536[[#This Row],[Adj.AnnualRental]]*(1+$I547)^(6))","v":35030282.416475274},{"$f":"(Table_Provincial_GTAC3536[[#This Row],[Adj.AnnualRental]]*(1+$I547)^(7))","v":37832705.009793296}]
[850,{"$f":"VLOOKUP($A548,DATA2!$A$2:$S$607,2,FALSE)","v":"GP"},{"$f":"VLOOKUP($A548,DATA2!$A$2:$S$607,3,FALSE)","v":"Gauteng"},{"$f":"VLOOKUP($A548,DATA2!$A$2:$S$607,4,FALSE)","v":113.4632786885246},{"$f":"VLOOKUP($A548,DATA2!$A$2:$S$607,5,FALSE)","v":77.38},{"$f":"VLOOKUP($A548,DATA2!$A$2:$S$607,6,FALSE)","v":"CBD"},{"$f":"VLOOKUP($A548,DATA2!$A$2:$S$607,7,FALSE)","v":3477},{"$f":"VLOOKUP($A548,DATA2!$A$2:$S$607,8,FALSE)","v":true},{"$f":"VLOOKUP($A548,DATA2!$A$2:$S$607,9,FALSE)","v":0.08},4023.46,{"$f":"VLOOKUP($A548,DATA2!$A$2:$S$607,10,FALSE)","v":394511.82},{"$f":"VLOOKUP($A548,DATA2!$A$2:$S$607,11,FALSE)","v":4734141.84},{"$f":"VLOOKUP($A548,DATA2!$A$2:$S$607,12,FALSE)","v":"2016-02-01"},{"$f":"VLOOKUP($A548,DATA2!$A$2:$S$607,13,FALSE)","v":"2020-05-30"},{"$f":"VLOOKUP($A548,DATA2!$A$2:$S$607,14,FALSE)","v":"No"},{"$f":"IF(MATRIX2!D548=1,($Y$8-$X$2)/365*Table_Provincial_GTAC3536[[#This Row],[Adj.AnnualRental]]*MATRIX2!D548,($Y$8-$X$2)/365*Table_Provincial_GTAC3536[[#This Row],[Adj.AnnualRental]])","v":1556430.1939726027},{"$f":"(Table_Provincial_GTAC3536[[#This Row],[Adj.AnnualRental]]*(1+$I548)^(2))","v":5521903.0421760008},{"$f":"(Table_Provincial_GTAC3536[[#This Row],[Adj.AnnualRental]]*(1+$I548)^(3))","v":5963655.2855500802},{"$f":"(Table_Provincial_GTAC3536[[#This Row],[Adj.AnnualRental]]*(1+$I548)^(4))","v":6440747.7083940879},{"$f":"(Table_Provincial_GTAC3536[[#This Row],[Adj.AnnualRental]]*(1+$I548)^(5))","v":6956007.5250656148},{"$f":"(Table_Provincial_GTAC3536[[#This Row],[Adj.AnnualRental]]*(1+$I548)^(6))","v":7512488.1270708647},{"$f":"(Table_Provincial_GTAC3536[[#This Row],[Adj.AnnualRental]]*(1+$I548)^(7))","v":8113487.1772365347}]
[852,{"$f":"VLOOKUP($A549,DATA2!$A$2:$S$607,2,FALSE)","v":"GP"},{"$f":"VLOOKUP($A549,DATA2!$A$2:$S$607,3,FALSE)","v":"Gauteng"},{"$f":"VLOOKUP($A549,DATA2!$A$2:$S$607,4,FALSE)","v":90.423076923076948},{"$f":"VLOOKUP($A549,DATA2!$A$2:$S$607,5,FALSE)","v":77.38},{"$f":"VLOOKUP($A549,DATA2!$A$2:$S$607,6,FALSE)","v":"CBD"},{"$f":"VLOOKUP($A549,DATA2!$A$2:$S$607,7,FALSE)","v":5200},{"$f":"VLOOKUP($A549,DATA2!$A$2:$S$607,8,FALSE)","v":true},{"$f":"VLOOKUP($A549,DATA2!$A$2:$S$607,9,FALSE)","v":0.1},896232.55,{"$f":"VLOOKUP($A549,DATA2!$A$2:$S$607,10,FALSE)","v":470200},{"$f":"VLOOKUP($A549,DATA2!$A$2:$S$607,11,FALSE)","v":5642400},{"$f":"VLOOKUP($A549,DATA2!$A$2:$S$607,12,FALSE)","v":"2017-07-31"},{"$f":"VLOOKUP($A549,DATA2!$A$2:$S$607,13,FALSE)","v":"2021-11-01"},{"$f":"VLOOKUP($A549,DATA2!$A$2:$S$607,14,FALSE)","v":"No"},{"$f":"IF(MATRIX2!D549=1,($Y$8-$X$2)/365*Table_Provincial_GTAC3536[[#This Row],[Adj.AnnualRental]]*MATRIX2!D549,($Y$8-$X$2)/365*Table_Provincial_GTAC3536[[#This Row],[Adj.AnnualRental]])","v":1855035.616438356},{"$f":"(Table_Provincial_GTAC3536[[#This Row],[Adj.AnnualRental]]*(1+$I549)^(2))","v":6827304.0000000009},{"$f":"(Table_Provincial_GTAC3536[[#This Row],[Adj.AnnualRental]]*(1+$I549)^(3))","v":7510034.4000000022},{"$f":"(Table_Provincial_GTAC3536[[#This Row],[Adj.AnnualRental]]*(1+$I549)^(4))","v":8261037.8400000026},{"$f":"(Table_Provincial_GTAC3536[[#This Row],[Adj.AnnualRental]]*(1+$I549)^(5))","v":9087141.6240000036},{"$f":"(Table_Provincial_GTAC3536[[#This Row],[Adj.AnnualRental]]*(1+$I549)^(6))","v":9995855.7864000052},{"$f":"(Table_Provincial_GTAC3536[[#This Row],[Adj.AnnualRental]]*(1+$I549)^(7))","v":10995441.365040006}]
[853,{"$f":"VLOOKUP($A550,DATA2!$A$2:$S$607,2,FALSE)","v":"GP"},{"$f":"VLOOKUP($A550,DATA2!$A$2:$S$607,3,FALSE)","v":"Gauteng"},{"$f":"VLOOKUP($A550,DATA2!$A$2:$S$607,4,FALSE)","v":182.8},{"$f":"VLOOKUP($A550,DATA2!$A$2:$S$607,5,FALSE)","v":97.5},{"$f":"VLOOKUP($A550,DATA2!$A$2:$S$607,6,FALSE)","v":"Main Centre"},{"$f":"VLOOKUP($A550,DATA2!$A$2:$S$607,7,FALSE)","v":4000},{"$f":"VLOOKUP($A550,DATA2!$A$2:$S$607,8,FALSE)","v":true},{"$f":"VLOOKUP($A550,DATA2!$A$2:$S$607,9,FALSE)","v":0.1},2924741.06,{"$f":"VLOOKUP($A550,DATA2!$A$2:$S$607,10,FALSE)","v":731200},{"$f":"VLOOKUP($A550,DATA2!$A$2:$S$607,11,FALSE)","v":8774400},{"$f":"VLOOKUP($A550,DATA2!$A$2:$S$607,12,FALSE)","v":"2010-11-01"},{"$f":"VLOOKUP($A550,DATA2!$A$2:$S$607,13,FALSE)","v":"2020-09-30"},{"$f":"VLOOKUP($A550,DATA2!$A$2:$S$607,14,FALSE)","v":"No"},{"$f":"IF(MATRIX2!D550=1,($Y$8-$X$2)/365*Table_Provincial_GTAC3536[[#This Row],[Adj.AnnualRental]]*MATRIX2!D550,($Y$8-$X$2)/365*Table_Provincial_GTAC3536[[#This Row],[Adj.AnnualRental]])","v":2884734.2465753425},{"$f":"(Table_Provincial_GTAC3536[[#This Row],[Adj.AnnualRental]]*(1+$I550)^(2))","v":10617024.000000002},{"$f":"(Table_Provincial_GTAC3536[[#This Row],[Adj.AnnualRental]]*(1+$I550)^(3))","v":11678726.400000004},{"$f":"(Table_Provincial_GTAC3536[[#This Row],[Adj.AnnualRental]]*(1+$I550)^(4))","v":12846599.040000003},{"$f":"(Table_Provincial_GTAC3536[[#This Row],[Adj.AnnualRental]]*(1+$I550)^(5))","v":14131258.944000006},{"$f":"(Table_Provincial_GTAC3536[[#This Row],[Adj.AnnualRental]]*(1+$I550)^(6))","v":15544384.838400008},{"$f":"(Table_Provincial_GTAC3536[[#This Row],[Adj.AnnualRental]]*(1+$I550)^(7))","v":17098823.32224001}]
[854,{"$f":"VLOOKUP($A551,DATA2!$A$2:$S$607,2,FALSE)","v":"GP"},{"$f":"VLOOKUP($A551,DATA2!$A$2:$S$607,3,FALSE)","v":"Gauteng"},{"$f":"VLOOKUP($A551,DATA2!$A$2:$S$607,4,FALSE)","v":144.21385048031101},{"$f":"VLOOKUP($A551,DATA2!$A$2:$S$607,5,FALSE)","v":80},{"$f":"VLOOKUP($A551,DATA2!$A$2:$S$607,6,FALSE)","v":"VTSD"},{"$f":"VLOOKUP($A551,DATA2!$A$2:$S$607,7,FALSE)","v":1025.98},{"$f":"VLOOKUP($A551,DATA2!$A$2:$S$607,8,FALSE)","v":true},{"$f":"VLOOKUP($A551,DATA2!$A$2:$S$607,9,FALSE)","v":0.1},2026579.14,{"$f":"VLOOKUP($A551,DATA2!$A$2:$S$607,10,FALSE)","v":147960.5263},{"$f":"VLOOKUP($A551,DATA2!$A$2:$S$607,11,FALSE)","v":1775526.3156000001},{"$f":"VLOOKUP($A551,DATA2!$A$2:$S$607,12,FALSE)","v":"2008-05-01"},{"$f":"VLOOKUP($A551,DATA2!$A$2:$S$607,13,FALSE)","v":"2013-04-30"},{"$f":"VLOOKUP($A551,DATA2!$A$2:$S$607,14,FALSE)","v":"Yes"},{"$f":"IF(MATRIX2!D551=1,($Y$8-$X$2)/365*Table_Provincial_GTAC3536[[#This Row],[Adj.AnnualRental]]*MATRIX2!D551,($Y$8-$X$2)/365*Table_Provincial_GTAC3536[[#This Row],[Adj.AnnualRental]])","v":583734.67910136981},{"$f":"(Table_Provincial_GTAC3536[[#This Row],[Adj.AnnualRental]]*(1+$I551)^(2))","v":2148386.8418760006},{"$f":"(Table_Provincial_GTAC3536[[#This Row],[Adj.AnnualRental]]*(1+$I551)^(3))","v":2363225.526063601},{"$f":"(Table_Provincial_GTAC3536[[#This Row],[Adj.AnnualRental]]*(1+$I551)^(4))","v":2599548.0786699606},{"$f":"(Table_Provincial_GTAC3536[[#This Row],[Adj.AnnualRental]]*(1+$I551)^(5))","v":2859502.8865369572},{"$f":"(Table_Provincial_GTAC3536[[#This Row],[Adj.AnnualRental]]*(1+$I551)^(6))","v":3145453.1751906532},{"$f":"(Table_Provincial_GTAC3536[[#This Row],[Adj.AnnualRental]]*(1+$I551)^(7))","v":3459998.4927097191}]
[856,{"$f":"VLOOKUP($A552,DATA2!$A$2:$S$607,2,FALSE)","v":"GP"},{"$f":"VLOOKUP($A552,DATA2!$A$2:$S$607,3,FALSE)","v":"Gauteng"},{"$f":"VLOOKUP($A552,DATA2!$A$2:$S$607,4,FALSE)","v":142.14096287229702},{"$f":"VLOOKUP($A552,DATA2!$A$2:$S$607,5,FALSE)","v":80},{"$f":"VLOOKUP($A552,DATA2!$A$2:$S$607,6,FALSE)","v":"Main Centre"},{"$f":"VLOOKUP($A552,DATA2!$A$2:$S$607,7,FALSE)","v":1376},{"$f":"VLOOKUP($A552,DATA2!$A$2:$S$607,8,FALSE)","v":true},{"$f":"VLOOKUP($A552,DATA2!$A$2:$S$607,9,FALSE)","v":0.1},2061478.53,{"$f":"VLOOKUP($A552,DATA2!$A$2:$S$607,10,FALSE)","v":195585.96489999999},{"$f":"VLOOKUP($A552,DATA2!$A$2:$S$607,11,FALSE)","v":2347031.5787999998},{"$f":"VLOOKUP($A552,DATA2!$A$2:$S$607,12,FALSE)","v":"2013-05-01"},{"$f":"VLOOKUP($A552,DATA2!$A$2:$S$607,13,FALSE)","v":"2017-08-01"},{"$f":"VLOOKUP($A552,DATA2!$A$2:$S$607,14,FALSE)","v":"No"},{"$f":"IF(MATRIX2!D552=1,($Y$8-$X$2)/365*Table_Provincial_GTAC3536[[#This Row],[Adj.AnnualRental]]*MATRIX2!D552,($Y$8-$X$2)/365*Table_Provincial_GTAC3536[[#This Row],[Adj.AnnualRental]])","v":771626.82042739715},{"$f":"(Table_Provincial_GTAC3536[[#This Row],[Adj.AnnualRental]]*(1+$I552)^(2))","v":2839908.2103480003},{"$f":"(Table_Provincial_GTAC3536[[#This Row],[Adj.AnnualRental]]*(1+$I552)^(3))","v":3123899.0313828005},{"$f":"(Table_Provincial_GTAC3536[[#This Row],[Adj.AnnualRental]]*(1+$I552)^(4))","v":3436288.9345210805},{"$f":"(Table_Provincial_GTAC3536[[#This Row],[Adj.AnnualRental]]*(1+$I552)^(5))","v":3779917.8279731888},{"$f":"(Table_Provincial_GTAC3536[[#This Row],[Adj.AnnualRental]]*(1+$I552)^(6))","v":4157909.6107705082},{"$f":"(Table_Provincial_GTAC3536[[#This Row],[Adj.AnnualRental]]*(1+$I552)^(7))","v":4573700.5718475599}]
[857,{"$f":"VLOOKUP($A553,DATA2!$A$2:$S$607,2,FALSE)","v":"GP"},{"$f":"VLOOKUP($A553,DATA2!$A$2:$S$607,3,FALSE)","v":"Gauteng"},{"$f":"VLOOKUP($A553,DATA2!$A$2:$S$607,4,FALSE)","v":67.365269461077844},{"$f":"VLOOKUP($A553,DATA2!$A$2:$S$607,5,FALSE)","v":80},{"$f":"VLOOKUP($A553,DATA2!$A$2:$S$607,6,FALSE)","v":"Main Centre"},{"$f":"VLOOKUP($A553,DATA2!$A$2:$S$607,7,FALSE)","v":668},{"$f":"VLOOKUP($A553,DATA2!$A$2:$S$607,8,FALSE)","v":true},{"$f":"VLOOKUP($A553,DATA2!$A$2:$S$607,9,FALSE)","v":0.08},1479964.36,{"$f":"VLOOKUP($A553,DATA2!$A$2:$S$607,10,FALSE)","v":45000},{"$f":"VLOOKUP($A553,DATA2!$A$2:$S$607,11,FALSE)","v":540000},{"$f":"VLOOKUP($A553,DATA2!$A$2:$S$607,12,FALSE)","v":"2012-08-01"},{"$f":"VLOOKUP($A553,DATA2!$A$2:$S$607,13,FALSE)","v":"2017-08-01"},{"$f":"VLOOKUP($A553,DATA2!$A$2:$S$607,14,FALSE)","v":"No"},{"$f":"IF(MATRIX2!D553=1,($Y$8-$X$2)/365*Table_Provincial_GTAC3536[[#This Row],[Adj.AnnualRental]]*MATRIX2!D553,($Y$8-$X$2)/365*Table_Provincial_GTAC3536[[#This Row],[Adj.AnnualRental]])","v":177534.24657534246},{"$f":"(Table_Provincial_GTAC3536[[#This Row],[Adj.AnnualRental]]*(1+$I553)^(2))","v":629856},{"$f":"(Table_Provincial_GTAC3536[[#This Row],[Adj.AnnualRental]]*(1+$I553)^(3))","v":680244.4800000001},{"$f":"(Table_Provincial_GTAC3536[[#This Row],[Adj.AnnualRental]]*(1+$I553)^(4))","v":734664.03840000019},{"$f":"(Table_Provincial_GTAC3536[[#This Row],[Adj.AnnualRental]]*(1+$I553)^(5))","v":793437.16147200018},{"$f":"(Table_Provincial_GTAC3536[[#This Row],[Adj.AnnualRental]]*(1+$I553)^(6))","v":856912.13438976032},{"$f":"(Table_Provincial_GTAC3536[[#This Row],[Adj.AnnualRental]]*(1+$I553)^(7))","v":925465.1051409411}]
[858,{"$f":"VLOOKUP($A554,DATA2!$A$2:$S$607,2,FALSE)","v":"GP"},{"$f":"VLOOKUP($A554,DATA2!$A$2:$S$607,3,FALSE)","v":"Gauteng"},{"$f":"VLOOKUP($A554,DATA2!$A$2:$S$607,4,FALSE)","v":121.69746088410764},{"$f":"VLOOKUP($A554,DATA2!$A$2:$S$607,5,FALSE)","v":93.88},{"$f":"VLOOKUP($A554,DATA2!$A$2:$S$607,6,FALSE)","v":"Main Centre"},{"$f":"VLOOKUP($A554,DATA2!$A$2:$S$607,7,FALSE)","v":1091},{"$f":"VLOOKUP($A554,DATA2!$A$2:$S$607,8,FALSE)","v":true},{"$f":"VLOOKUP($A554,DATA2!$A$2:$S$607,9,FALSE)","v":0.1},3175829.74,{"$f":"VLOOKUP($A554,DATA2!$A$2:$S$607,10,FALSE)","v":132771.92980000001},{"$f":"VLOOKUP($A554,DATA2!$A$2:$S$607,11,FALSE)","v":1593263.1576},{"$f":"VLOOKUP($A554,DATA2!$A$2:$S$607,12,FALSE)","v":"2016-03-01"},{"$f":"VLOOKUP($A554,DATA2!$A$2:$S$607,13,FALSE)","v":"2018-02-28"},{"$f":"VLOOKUP($A554,DATA2!$A$2:$S$607,14,FALSE)","v":"No"},{"$f":"IF(MATRIX2!D554=1,($Y$8-$X$2)/365*Table_Provincial_GTAC3536[[#This Row],[Adj.AnnualRental]]*MATRIX2!D554,($Y$8-$X$2)/365*Table_Provincial_GTAC3536[[#This Row],[Adj.AnnualRental]])","v":523812.54496438353},{"$f":"(Table_Provincial_GTAC3536[[#This Row],[Adj.AnnualRental]]*(1+$I554)^(2))","v":1927848.4206960003},{"$f":"(Table_Provincial_GTAC3536[[#This Row],[Adj.AnnualRental]]*(1+$I554)^(3))","v":2120633.2627656008},{"$f":"(Table_Provincial_GTAC3536[[#This Row],[Adj.AnnualRental]]*(1+$I554)^(4))","v":2332696.5890421607},{"$f":"(Table_Provincial_GTAC3536[[#This Row],[Adj.AnnualRental]]*(1+$I554)^(5))","v":2565966.2479463769},{"$f":"(Table_Provincial_GTAC3536[[#This Row],[Adj.AnnualRental]]*(1+$I554)^(6))","v":2822562.8727410152},{"$f":"(Table_Provincial_GTAC3536[[#This Row],[Adj.AnnualRental]]*(1+$I554)^(7))","v":3104819.1600151169}]
[859,{"$f":"VLOOKUP($A555,DATA2!$A$2:$S$607,2,FALSE)","v":"GP"},{"$f":"VLOOKUP($A555,DATA2!$A$2:$S$607,3,FALSE)","v":"Gauteng"},{"$f":"VLOOKUP($A555,DATA2!$A$2:$S$607,4,FALSE)","v":117.3},{"$f":"VLOOKUP($A555,DATA2!$A$2:$S$607,5,FALSE)","v":93.88},{"$f":"VLOOKUP($A555,DATA2!$A$2:$S$607,6,FALSE)","v":"Main Centre"},{"$f":"VLOOKUP($A555,DATA2!$A$2:$S$607,7,FALSE)","v":800},{"$f":"VLOOKUP($A555,DATA2!$A$2:$S$607,8,FALSE)","v":true},{"$f":"VLOOKUP($A555,DATA2!$A$2:$S$607,9,FALSE)","v":0.1},3787050,{"$f":"VLOOKUP($A555,DATA2!$A$2:$S$607,10,FALSE)","v":93840},{"$f":"VLOOKUP($A555,DATA2!$A$2:$S$607,11,FALSE)","v":1126080},{"$f":"VLOOKUP($A555,DATA2!$A$2:$S$607,12,FALSE)","v":"2016-03-01"},{"$f":"VLOOKUP($A555,DATA2!$A$2:$S$607,13,FALSE)","v":"2018-02-28"},{"$f":"VLOOKUP($A555,DATA2!$A$2:$S$607,14,FALSE)","v":"No"},{"$f":"IF(MATRIX2!D555=1,($Y$8-$X$2)/365*Table_Provincial_GTAC3536[[#This Row],[Adj.AnnualRental]]*MATRIX2!D555,($Y$8-$X$2)/365*Table_Provincial_GTAC3536[[#This Row],[Adj.AnnualRental]])","v":370218.08219178079},{"$f":"(Table_Provincial_GTAC3536[[#This Row],[Adj.AnnualRental]]*(1+$I555)^(2))","v":1362556.8000000003},{"$f":"(Table_Provincial_GTAC3536[[#This Row],[Adj.AnnualRental]]*(1+$I555)^(3))","v":1498812.4800000004},{"$f":"(Table_Provincial_GTAC3536[[#This Row],[Adj.AnnualRental]]*(1+$I555)^(4))","v":1648693.7280000004},{"$f":"(Table_Provincial_GTAC3536[[#This Row],[Adj.AnnualRental]]*(1+$I555)^(5))","v":1813563.1008000006},{"$f":"(Table_Provincial_GTAC3536[[#This Row],[Adj.AnnualRental]]*(1+$I555)^(6))","v":1994919.410880001},{"$f":"(Table_Provincial_GTAC3536[[#This Row],[Adj.AnnualRental]]*(1+$I555)^(7))","v":2194411.3519680016}]
[910,{"$f":"VLOOKUP($A556,DATA2!$A$2:$S$607,2,FALSE)","v":"NW"},{"$f":"VLOOKUP($A556,DATA2!$A$2:$S$607,3,FALSE)","v":"North West"},{"$f":"VLOOKUP($A556,DATA2!$A$2:$S$607,4,FALSE)","v":107.26997652582159},{"$f":"VLOOKUP($A556,DATA2!$A$2:$S$607,5,FALSE)","v":96.67},{"$f":"VLOOKUP($A556,DATA2!$A$2:$S$607,6,FALSE)","v":"Main Centre"},{"$f":"VLOOKUP($A556,DATA2!$A$2:$S$607,7,FALSE)","v":426},{"$f":"VLOOKUP($A556,DATA2!$A$2:$S$607,8,FALSE)","v":true},{"$f":"VLOOKUP($A556,DATA2!$A$2:$S$607,9,FALSE)","v":0.1},2523276,{"$f":"VLOOKUP($A556,DATA2!$A$2:$S$607,10,FALSE)","v":45697.01},{"$f":"VLOOKUP($A556,DATA2!$A$2:$S$607,11,FALSE)","v":548364.12},{"$f":"VLOOKUP($A556,DATA2!$A$2:$S$607,12,FALSE)","v":"2007-05-03"},{"$f":"VLOOKUP($A556,DATA2!$A$2:$S$607,13,FALSE)","v":"2012-05-02"},{"$f":"VLOOKUP($A556,DATA2!$A$2:$S$607,14,FALSE)","v":"Yes"},{"$f":"IF(MATRIX2!D556=1,($Y$8-$X$2)/365*Table_Provincial_GTAC3536[[#This Row],[Adj.AnnualRental]]*MATRIX2!D556,($Y$8-$X$2)/365*Table_Provincial_GTAC3536[[#This Row],[Adj.AnnualRental]])","v":180284.09424657532},{"$f":"(Table_Provincial_GTAC3536[[#This Row],[Adj.AnnualRental]]*(1+$I556)^(2))","v":663520.58520000009},{"$f":"(Table_Provincial_GTAC3536[[#This Row],[Adj.AnnualRental]]*(1+$I556)^(3))","v":729872.64372000017},{"$f":"(Table_Provincial_GTAC3536[[#This Row],[Adj.AnnualRental]]*(1+$I556)^(4))","v":802859.90809200017},{"$f":"(Table_Provincial_GTAC3536[[#This Row],[Adj.AnnualRental]]*(1+$I556)^(5))","v":883145.89890120027},{"$f":"(Table_Provincial_GTAC3536[[#This Row],[Adj.AnnualRental]]*(1+$I556)^(6))","v":971460.48879132047},{"$f":"(Table_Provincial_GTAC3536[[#This Row],[Adj.AnnualRental]]*(1+$I556)^(7))","v":1068606.5376704526}]
[911,{"$f":"VLOOKUP($A557,DATA2!$A$2:$S$607,2,FALSE)","v":"NW"},{"$f":"VLOOKUP($A557,DATA2!$A$2:$S$607,3,FALSE)","v":"North West"},{"$f":"VLOOKUP($A557,DATA2!$A$2:$S$607,4,FALSE)","v":119.33879069767441},{"$f":"VLOOKUP($A557,DATA2!$A$2:$S$607,5,FALSE)","v":96.67},{"$f":"VLOOKUP($A557,DATA2!$A$2:$S$607,6,FALSE)","v":"VTSD"},{"$f":"VLOOKUP($A557,DATA2!$A$2:$S$607,7,FALSE)","v":215},{"$f":"VLOOKUP($A557,DATA2!$A$2:$S$607,8,FALSE)","v":true},{"$f":"VLOOKUP($A557,DATA2!$A$2:$S$607,9,FALSE)","v":0.1},1651522.98,{"$f":"VLOOKUP($A557,DATA2!$A$2:$S$607,10,FALSE)","v":25657.84},{"$f":"VLOOKUP($A557,DATA2!$A$2:$S$607,11,FALSE)","v":307894.08},{"$f":"VLOOKUP($A557,DATA2!$A$2:$S$607,12,FALSE)","v":"2007-05-04"},{"$f":"VLOOKUP($A557,DATA2!$A$2:$S$607,13,FALSE)","v":"2012-05-03"},{"$f":"VLOOKUP($A557,DATA2!$A$2:$S$607,14,FALSE)","v":"Yes"},{"$f":"IF(MATRIX2!D557=1,($Y$8-$X$2)/365*Table_Provincial_GTAC3536[[#This Row],[Adj.AnnualRental]]*MATRIX2!D557,($Y$8-$X$2)/365*Table_Provincial_GTAC3536[[#This Row],[Adj.AnnualRental]])","v":101225.45095890411},{"$f":"(Table_Provincial_GTAC3536[[#This Row],[Adj.AnnualRental]]*(1+$I557)^(2))","v":372551.83680000005},{"$f":"(Table_Provincial_GTAC3536[[#This Row],[Adj.AnnualRental]]*(1+$I557)^(3))","v":409807.02048000012},{"$f":"(Table_Provincial_GTAC3536[[#This Row],[Adj.AnnualRental]]*(1+$I557)^(4))","v":450787.72252800013},{"$f":"(Table_Provincial_GTAC3536[[#This Row],[Adj.AnnualRental]]*(1+$I557)^(5))","v":495866.49478080019},{"$f":"(Table_Provincial_GTAC3536[[#This Row],[Adj.AnnualRental]]*(1+$I557)^(6))","v":545453.14425888029},{"$f":"(Table_Provincial_GTAC3536[[#This Row],[Adj.AnnualRental]]*(1+$I557)^(7))","v":599998.45868476841}]
[917,{"$f":"VLOOKUP($A558,DATA2!$A$2:$S$607,2,FALSE)","v":"NW"},{"$f":"VLOOKUP($A558,DATA2!$A$2:$S$607,3,FALSE)","v":"North West"},{"$f":"VLOOKUP($A558,DATA2!$A$2:$S$607,4,FALSE)","v":194.87166666666667},{"$f":"VLOOKUP($A558,DATA2!$A$2:$S$607,5,FALSE)","v":96.67},{"$f":"VLOOKUP($A558,DATA2!$A$2:$S$607,6,FALSE)","v":"VTSD"},{"$f":"VLOOKUP($A558,DATA2!$A$2:$S$607,7,FALSE)","v":150},{"$f":"VLOOKUP($A558,DATA2!$A$2:$S$607,8,FALSE)","v":true},{"$f":"VLOOKUP($A558,DATA2!$A$2:$S$607,9,FALSE)","v":0.1},2155890.88,{"$f":"VLOOKUP($A558,DATA2!$A$2:$S$607,10,FALSE)","v":29230.75},{"$f":"VLOOKUP($A558,DATA2!$A$2:$S$607,11,FALSE)","v":350769},{"$f":"VLOOKUP($A558,DATA2!$A$2:$S$607,12,FALSE)","v":"2009-04-05"},{"$f":"VLOOKUP($A558,DATA2!$A$2:$S$607,13,FALSE)","v":"2010-04-04"},{"$f":"VLOOKUP($A558,DATA2!$A$2:$S$607,14,FALSE)","v":"Yes"},{"$f":"IF(MATRIX2!D558=1,($Y$8-$X$2)/365*Table_Provincial_GTAC3536[[#This Row],[Adj.AnnualRental]]*MATRIX2!D558,($Y$8-$X$2)/365*Table_Provincial_GTAC3536[[#This Row],[Adj.AnnualRental]])","v":115321.31506849315},{"$f":"(Table_Provincial_GTAC3536[[#This Row],[Adj.AnnualRental]]*(1+$I558)^(2))","v":424430.49000000005},{"$f":"(Table_Provincial_GTAC3536[[#This Row],[Adj.AnnualRental]]*(1+$I558)^(3))","v":466873.53900000016},{"$f":"(Table_Provincial_GTAC3536[[#This Row],[Adj.AnnualRental]]*(1+$I558)^(4))","v":513560.89290000015},{"$f":"(Table_Provincial_GTAC3536[[#This Row],[Adj.AnnualRental]]*(1+$I558)^(5))","v":564916.98219000024},{"$f":"(Table_Provincial_GTAC3536[[#This Row],[Adj.AnnualRental]]*(1+$I558)^(6))","v":621408.68040900026},{"$f":"(Table_Provincial_GTAC3536[[#This Row],[Adj.AnnualRental]]*(1+$I558)^(7))","v":683549.54844990047}]
[918,{"$f":"VLOOKUP($A559,DATA2!$A$2:$S$607,2,FALSE)","v":"NW"},{"$f":"VLOOKUP($A559,DATA2!$A$2:$S$607,3,FALSE)","v":"North West"},{"$f":"VLOOKUP($A559,DATA2!$A$2:$S$607,4,FALSE)","v":121.6194},{"$f":"VLOOKUP($A559,DATA2!$A$2:$S$607,5,FALSE)","v":96.67},{"$f":"VLOOKUP($A559,DATA2!$A$2:$S$607,6,FALSE)","v":"VTSD"},{"$f":"VLOOKUP($A559,DATA2!$A$2:$S$607,7,FALSE)","v":150},{"$f":"VLOOKUP($A559,DATA2!$A$2:$S$607,8,FALSE)","v":true},{"$f":"VLOOKUP($A559,DATA2!$A$2:$S$607,9,FALSE)","v":0.1},497325,{"$f":"VLOOKUP($A559,DATA2!$A$2:$S$607,10,FALSE)","v":18242.91},{"$f":"VLOOKUP($A559,DATA2!$A$2:$S$607,11,FALSE)","v":218914.92},{"$f":"VLOOKUP($A559,DATA2!$A$2:$S$607,12,FALSE)","v":"2009-04-06"},{"$f":"VLOOKUP($A559,DATA2!$A$2:$S$607,13,FALSE)","v":"2010-04-05"},{"$f":"VLOOKUP($A559,DATA2!$A$2:$S$607,14,FALSE)","v":"Yes"},{"$f":"IF(MATRIX2!D559=1,($Y$8-$X$2)/365*Table_Provincial_GTAC3536[[#This Row],[Adj.AnnualRental]]*MATRIX2!D559,($Y$8-$X$2)/365*Table_Provincial_GTAC3536[[#This Row],[Adj.AnnualRental]])","v":71972.02849315069},{"$f":"(Table_Provincial_GTAC3536[[#This Row],[Adj.AnnualRental]]*(1+$I559)^(2))","v":264887.05320000008},{"$f":"(Table_Provincial_GTAC3536[[#This Row],[Adj.AnnualRental]]*(1+$I559)^(3))","v":291375.75852000009},{"$f":"(Table_Provincial_GTAC3536[[#This Row],[Adj.AnnualRental]]*(1+$I559)^(4))","v":320513.33437200013},{"$f":"(Table_Provincial_GTAC3536[[#This Row],[Adj.AnnualRental]]*(1+$I559)^(5))","v":352564.66780920012},{"$f":"(Table_Provincial_GTAC3536[[#This Row],[Adj.AnnualRental]]*(1+$I559)^(6))","v":387821.13459012023},{"$f":"(Table_Provincial_GTAC3536[[#This Row],[Adj.AnnualRental]]*(1+$I559)^(7))","v":426603.24804913229}]
[896,{"$f":"VLOOKUP($A560,DATA2!$A$2:$S$607,2,FALSE)","v":"NW"},{"$f":"VLOOKUP($A560,DATA2!$A$2:$S$607,3,FALSE)","v":"North West"},{"$f":"VLOOKUP($A560,DATA2!$A$2:$S$607,4,FALSE)","v":178.48900621118011},{"$f":"VLOOKUP($A560,DATA2!$A$2:$S$607,5,FALSE)","v":96.67},{"$f":"VLOOKUP($A560,DATA2!$A$2:$S$607,6,FALSE)","v":"Main Centre"},{"$f":"VLOOKUP($A560,DATA2!$A$2:$S$607,7,FALSE)","v":322},{"$f":"VLOOKUP($A560,DATA2!$A$2:$S$607,8,FALSE)","v":true},{"$f":"VLOOKUP($A560,DATA2!$A$2:$S$607,9,FALSE)","v":0.1},1642406.55,{"$f":"VLOOKUP($A560,DATA2!$A$2:$S$607,10,FALSE)","v":57473.46},{"$f":"VLOOKUP($A560,DATA2!$A$2:$S$607,11,FALSE)","v":689681.52},{"$f":"VLOOKUP($A560,DATA2!$A$2:$S$607,12,FALSE)","v":"2015-07-01"},{"$f":"VLOOKUP($A560,DATA2!$A$2:$S$607,13,FALSE)","v":"2015-12-31"},{"$f":"VLOOKUP($A560,DATA2!$A$2:$S$607,14,FALSE)","v":"Yes"},{"$f":"IF(MATRIX2!D560=1,($Y$8-$X$2)/365*Table_Provincial_GTAC3536[[#This Row],[Adj.AnnualRental]]*MATRIX2!D560,($Y$8-$X$2)/365*Table_Provincial_GTAC3536[[#This Row],[Adj.AnnualRental]])","v":226744.60931506849},{"$f":"(Table_Provincial_GTAC3536[[#This Row],[Adj.AnnualRental]]*(1+$I560)^(2))","v":834514.63920000021},{"$f":"(Table_Provincial_GTAC3536[[#This Row],[Adj.AnnualRental]]*(1+$I560)^(3))","v":917966.10312000033},{"$f":"(Table_Provincial_GTAC3536[[#This Row],[Adj.AnnualRental]]*(1+$I560)^(4))","v":1009762.7134320003},{"$f":"(Table_Provincial_GTAC3536[[#This Row],[Adj.AnnualRental]]*(1+$I560)^(5))","v":1110738.9847752005},{"$f":"(Table_Provincial_GTAC3536[[#This Row],[Adj.AnnualRental]]*(1+$I560)^(6))","v":1221812.8832527206},{"$f":"(Table_Provincial_GTAC3536[[#This Row],[Adj.AnnualRental]]*(1+$I560)^(7))","v":1343994.1715779928}]
[897,{"$f":"VLOOKUP($A561,DATA2!$A$2:$S$607,2,FALSE)","v":"NW"},{"$f":"VLOOKUP($A561,DATA2!$A$2:$S$607,3,FALSE)","v":"North West"},{"$f":"VLOOKUP($A561,DATA2!$A$2:$S$607,4,FALSE)","v":150},{"$f":"VLOOKUP($A561,DATA2!$A$2:$S$607,5,FALSE)","v":96.67},{"$f":"VLOOKUP($A561,DATA2!$A$2:$S$607,6,FALSE)","v":"VTSD"},{"$f":"VLOOKUP($A561,DATA2!$A$2:$S$607,7,FALSE)","v":120.45493333333334},{"$f":"VLOOKUP($A561,DATA2!$A$2:$S$607,8,FALSE)","v":true},{"$f":"VLOOKUP($A561,DATA2!$A$2:$S$607,9,FALSE)","v":0.09},2189585,{"$f":"VLOOKUP($A561,DATA2!$A$2:$S$607,10,FALSE)","v":18068.240000000002},{"$f":"VLOOKUP($A561,DATA2!$A$2:$S$607,11,FALSE)","v":216818.88},{"$f":"VLOOKUP($A561,DATA2!$A$2:$S$607,12,FALSE)","v":"2010-05-01"},{"$f":"VLOOKUP($A561,DATA2!$A$2:$S$607,13,FALSE)","v":"2015-04-30"},{"$f":"VLOOKUP($A561,DATA2!$A$2:$S$607,14,FALSE)","v":"Yes"},{"$f":"IF(MATRIX2!D561=1,($Y$8-$X$2)/365*Table_Provincial_GTAC3536[[#This Row],[Adj.AnnualRental]]*MATRIX2!D561,($Y$8-$X$2)/365*Table_Provincial_GTAC3536[[#This Row],[Adj.AnnualRental]])","v":71282.91945205479},{"$f":"(Table_Provincial_GTAC3536[[#This Row],[Adj.AnnualRental]]*(1+$I561)^(2))","v":257602.51132800005},{"$f":"(Table_Provincial_GTAC3536[[#This Row],[Adj.AnnualRental]]*(1+$I561)^(3))","v":280786.73734752007},{"$f":"(Table_Provincial_GTAC3536[[#This Row],[Adj.AnnualRental]]*(1+$I561)^(4))","v":306057.54370879685},{"$f":"(Table_Provincial_GTAC3536[[#This Row],[Adj.AnnualRental]]*(1+$I561)^(5))","v":333602.7226425886},{"$f":"(Table_Provincial_GTAC3536[[#This Row],[Adj.AnnualRental]]*(1+$I561)^(6))","v":363626.9676804216},{"$f":"(Table_Provincial_GTAC3536[[#This Row],[Adj.AnnualRental]]*(1+$I561)^(7))","v":396353.39477165957}]
[898,{"$f":"VLOOKUP($A562,DATA2!$A$2:$S$607,2,FALSE)","v":"NW"},{"$f":"VLOOKUP($A562,DATA2!$A$2:$S$607,3,FALSE)","v":"North West"},{"$f":"VLOOKUP($A562,DATA2!$A$2:$S$607,4,FALSE)","v":146.44054654299262},{"$f":"VLOOKUP($A562,DATA2!$A$2:$S$607,5,FALSE)","v":96.67},{"$f":"VLOOKUP($A562,DATA2!$A$2:$S$607,6,FALSE)","v":"Main Centre"},{"$f":"VLOOKUP($A562,DATA2!$A$2:$S$607,7,FALSE)","v":77.920359281437129},{"$f":"VLOOKUP($A562,DATA2!$A$2:$S$607,8,FALSE)","v":true},{"$f":"VLOOKUP($A562,DATA2!$A$2:$S$607,9,FALSE)","v":7.0000000000000007E-2},530699,{"$f":"VLOOKUP($A562,DATA2!$A$2:$S$607,10,FALSE)","v":11410.7},{"$f":"VLOOKUP($A562,DATA2!$A$2:$S$607,11,FALSE)","v":136928.4},{"$f":"VLOOKUP($A562,DATA2!$A$2:$S$607,12,FALSE)","v":"2012-11-01"},{"$f":"VLOOKUP($A562,DATA2!$A$2:$S$607,13,FALSE)","v":"2015-10-31"},{"$f":"VLOOKUP($A562,DATA2!$A$2:$S$607,14,FALSE)","v":"Yes"},{"$f":"IF(MATRIX2!D562=1,($Y$8-$X$2)/365*Table_Provincial_GTAC3536[[#This Row],[Adj.AnnualRental]]*MATRIX2!D562,($Y$8-$X$2)/365*Table_Provincial_GTAC3536[[#This Row],[Adj.AnnualRental]])","v":45017.556164383561},{"$f":"(Table_Provincial_GTAC3536[[#This Row],[Adj.AnnualRental]]*(1+$I562)^(2))","v":156769.32516000001},{"$f":"(Table_Provincial_GTAC3536[[#This Row],[Adj.AnnualRental]]*(1+$I562)^(3))","v":167743.1779212},{"$f":"(Table_Provincial_GTAC3536[[#This Row],[Adj.AnnualRental]]*(1+$I562)^(4))","v":179485.20037568398},{"$f":"(Table_Provincial_GTAC3536[[#This Row],[Adj.AnnualRental]]*(1+$I562)^(5))","v":192049.16440198189},{"$f":"(Table_Provincial_GTAC3536[[#This Row],[Adj.AnnualRental]]*(1+$I562)^(6))","v":205492.60591012062},{"$f":"(Table_Provincial_GTAC3536[[#This Row],[Adj.AnnualRental]]*(1+$I562)^(7))","v":219877.08832382906}]
[899,{"$f":"VLOOKUP($A563,DATA2!$A$2:$S$607,2,FALSE)","v":"NW"},{"$f":"VLOOKUP($A563,DATA2!$A$2:$S$607,3,FALSE)","v":"North West"},{"$f":"VLOOKUP($A563,DATA2!$A$2:$S$607,4,FALSE)","v":163.90253543307085},{"$f":"VLOOKUP($A563,DATA2!$A$2:$S$607,5,FALSE)","v":90},{"$f":"VLOOKUP($A563,DATA2!$A$2:$S$607,6,FALSE)","v":"CBD"},{"$f":"VLOOKUP($A563,DATA2!$A$2:$S$607,7,FALSE)","v":635},{"$f":"VLOOKUP($A563,DATA2!$A$2:$S$607,8,FALSE)","v":true},{"$f":"VLOOKUP($A563,DATA2!$A$2:$S$607,9,FALSE)","v":0.1},5646239.8099999996,{"$f":"VLOOKUP($A563,DATA2!$A$2:$S$607,10,FALSE)","v":104078.11},{"$f":"VLOOKUP($A563,DATA2!$A$2:$S$607,11,FALSE)","v":1248937.32},{"$f":"VLOOKUP($A563,DATA2!$A$2:$S$607,12,FALSE)","v":"2007-01-03"},{"$f":"VLOOKUP($A563,DATA2!$A$2:$S$607,13,FALSE)","v":"2012-02-28"},{"$f":"VLOOKUP($A563,DATA2!$A$2:$S$607,14,FALSE)","v":"Yes"},{"$f":"IF(MATRIX2!D563=1,($Y$8-$X$2)/365*Table_Provincial_GTAC3536[[#This Row],[Adj.AnnualRental]]*MATRIX2!D563,($Y$8-$X$2)/365*Table_Provincial_GTAC3536[[#This Row],[Adj.AnnualRental]])","v":410609.52986301371},{"$f":"(Table_Provincial_GTAC3536[[#This Row],[Adj.AnnualRental]]*(1+$I563)^(2))","v":1511214.1572000002},{"$f":"(Table_Provincial_GTAC3536[[#This Row],[Adj.AnnualRental]]*(1+$I563)^(3))","v":1662335.5729200006},{"$f":"(Table_Provincial_GTAC3536[[#This Row],[Adj.AnnualRental]]*(1+$I563)^(4))","v":1828569.1302120006},{"$f":"(Table_Provincial_GTAC3536[[#This Row],[Adj.AnnualRental]]*(1+$I563)^(5))","v":2011426.0432332009},{"$f":"(Table_Provincial_GTAC3536[[#This Row],[Adj.AnnualRental]]*(1+$I563)^(6))","v":2212568.647556521},{"$f":"(Table_Provincial_GTAC3536[[#This Row],[Adj.AnnualRental]]*(1+$I563)^(7))","v":2433825.5123121738}]
[901,{"$f":"VLOOKUP($A564,DATA2!$A$2:$S$607,2,FALSE)","v":"NW"},{"$f":"VLOOKUP($A564,DATA2!$A$2:$S$607,3,FALSE)","v":"North West"},{"$f":"VLOOKUP($A564,DATA2!$A$2:$S$607,4,FALSE)","v":69.233424999999997},{"$f":"VLOOKUP($A564,DATA2!$A$2:$S$607,5,FALSE)","v":96.67},{"$f":"VLOOKUP($A564,DATA2!$A$2:$S$607,6,FALSE)","v":"VTSD"},{"$f":"VLOOKUP($A564,DATA2!$A$2:$S$607,7,FALSE)","v":400},{"$f":"VLOOKUP($A564,DATA2!$A$2:$S$607,8,FALSE)","v":true},{"$f":"VLOOKUP($A564,DATA2!$A$2:$S$607,9,FALSE)","v":0.1},602200,{"$f":"VLOOKUP($A564,DATA2!$A$2:$S$607,10,FALSE)","v":27693.37},{"$f":"VLOOKUP($A564,DATA2!$A$2:$S$607,11,FALSE)","v":332320.44},{"$f":"VLOOKUP($A564,DATA2!$A$2:$S$607,12,FALSE)","v":"2011-04-01"},{"$f":"VLOOKUP($A564,DATA2!$A$2:$S$607,13,FALSE)","v":"2012-03-01"},{"$f":"VLOOKUP($A564,DATA2!$A$2:$S$607,14,FALSE)","v":"Yes"},{"$f":"IF(MATRIX2!D564=1,($Y$8-$X$2)/365*Table_Provincial_GTAC3536[[#This Row],[Adj.AnnualRental]]*MATRIX2!D564,($Y$8-$X$2)/365*Table_Provincial_GTAC3536[[#This Row],[Adj.AnnualRental]])","v":109256.03506849315},{"$f":"(Table_Provincial_GTAC3536[[#This Row],[Adj.AnnualRental]]*(1+$I564)^(2))","v":402107.73240000004},{"$f":"(Table_Provincial_GTAC3536[[#This Row],[Adj.AnnualRental]]*(1+$I564)^(3))","v":442318.50564000016},{"$f":"(Table_Provincial_GTAC3536[[#This Row],[Adj.AnnualRental]]*(1+$I564)^(4))","v":486550.35620400013},{"$f":"(Table_Provincial_GTAC3536[[#This Row],[Adj.AnnualRental]]*(1+$I564)^(5))","v":535205.39182440017},{"$f":"(Table_Provincial_GTAC3536[[#This Row],[Adj.AnnualRental]]*(1+$I564)^(6))","v":588725.93100684031},{"$f":"(Table_Provincial_GTAC3536[[#This Row],[Adj.AnnualRental]]*(1+$I564)^(7))","v":647598.52410752443}]
[902,{"$f":"VLOOKUP($A565,DATA2!$A$2:$S$607,2,FALSE)","v":"NW"},{"$f":"VLOOKUP($A565,DATA2!$A$2:$S$607,3,FALSE)","v":"North West"},{"$f":"VLOOKUP($A565,DATA2!$A$2:$S$607,4,FALSE)","v":149.03400419287212},{"$f":"VLOOKUP($A565,DATA2!$A$2:$S$607,5,FALSE)","v":96.67},{"$f":"VLOOKUP($A565,DATA2!$A$2:$S$607,6,FALSE)","v":"VTSD"},{"$f":"VLOOKUP($A565,DATA2!$A$2:$S$607,7,FALSE)","v":238.5},{"$f":"VLOOKUP($A565,DATA2!$A$2:$S$607,8,FALSE)","v":true},{"$f":"VLOOKUP($A565,DATA2!$A$2:$S$607,9,FALSE)","v":0.1},751000,{"$f":"VLOOKUP($A565,DATA2!$A$2:$S$607,10,FALSE)","v":35544.61},{"$f":"VLOOKUP($A565,DATA2!$A$2:$S$607,11,FALSE)","v":426535.32},{"$f":"VLOOKUP($A565,DATA2!$A$2:$S$607,12,FALSE)","v":"2009-04-01"},{"$f":"VLOOKUP($A565,DATA2!$A$2:$S$607,13,FALSE)","v":"2012-03-02"},{"$f":"VLOOKUP($A565,DATA2!$A$2:$S$607,14,FALSE)","v":"Yes"},{"$f":"IF(MATRIX2!D565=1,($Y$8-$X$2)/365*Table_Provincial_GTAC3536[[#This Row],[Adj.AnnualRental]]*MATRIX2!D565,($Y$8-$X$2)/365*Table_Provincial_GTAC3536[[#This Row],[Adj.AnnualRental]])","v":140230.7901369863},{"$f":"(Table_Provincial_GTAC3536[[#This Row],[Adj.AnnualRental]]*(1+$I565)^(2))","v":516107.73720000009},{"$f":"(Table_Provincial_GTAC3536[[#This Row],[Adj.AnnualRental]]*(1+$I565)^(3))","v":567718.51092000015},{"$f":"(Table_Provincial_GTAC3536[[#This Row],[Adj.AnnualRental]]*(1+$I565)^(4))","v":624490.36201200017},{"$f":"(Table_Provincial_GTAC3536[[#This Row],[Adj.AnnualRental]]*(1+$I565)^(5))","v":686939.39821320027},{"$f":"(Table_Provincial_GTAC3536[[#This Row],[Adj.AnnualRental]]*(1+$I565)^(6))","v":755633.33803452039},{"$f":"(Table_Provincial_GTAC3536[[#This Row],[Adj.AnnualRental]]*(1+$I565)^(7))","v":831196.67183797248}]
[903,{"$f":"VLOOKUP($A566,DATA2!$A$2:$S$607,2,FALSE)","v":"NW"},{"$f":"VLOOKUP($A566,DATA2!$A$2:$S$607,3,FALSE)","v":"North West"},{"$f":"VLOOKUP($A566,DATA2!$A$2:$S$607,4,FALSE)","v":75.249450549450543},{"$f":"VLOOKUP($A566,DATA2!$A$2:$S$607,5,FALSE)","v":96.67},{"$f":"VLOOKUP($A566,DATA2!$A$2:$S$607,6,FALSE)","v":"VTSD"},{"$f":"VLOOKUP($A566,DATA2!$A$2:$S$607,7,FALSE)","v":182},{"$f":"VLOOKUP($A566,DATA2!$A$2:$S$607,8,FALSE)","v":true},{"$f":"VLOOKUP($A566,DATA2!$A$2:$S$607,9,FALSE)","v":0.1},159210.5263,{"$f":"VLOOKUP($A566,DATA2!$A$2:$S$607,10,FALSE)","v":13695.4},{"$f":"VLOOKUP($A566,DATA2!$A$2:$S$607,11,FALSE)","v":164344.79999999999},{"$f":"VLOOKUP($A566,DATA2!$A$2:$S$607,12,FALSE)","v":"2006-02-01"},{"$f":"VLOOKUP($A566,DATA2!$A$2:$S$607,13,FALSE)","v":"2012-03-03"},{"$f":"VLOOKUP($A566,DATA2!$A$2:$S$607,14,FALSE)","v":"Yes"},{"$f":"IF(MATRIX2!D566=1,($Y$8-$X$2)/365*Table_Provincial_GTAC3536[[#This Row],[Adj.AnnualRental]]*MATRIX2!D566,($Y$8-$X$2)/365*Table_Provincial_GTAC3536[[#This Row],[Adj.AnnualRental]])","v":54031.167123287662},{"$f":"(Table_Provincial_GTAC3536[[#This Row],[Adj.AnnualRental]]*(1+$I566)^(2))","v":198857.20800000001},{"$f":"(Table_Provincial_GTAC3536[[#This Row],[Adj.AnnualRental]]*(1+$I566)^(3))","v":218742.92880000005},{"$f":"(Table_Provincial_GTAC3536[[#This Row],[Adj.AnnualRental]]*(1+$I566)^(4))","v":240617.22168000005},{"$f":"(Table_Provincial_GTAC3536[[#This Row],[Adj.AnnualRental]]*(1+$I566)^(5))","v":264678.94384800008},{"$f":"(Table_Provincial_GTAC3536[[#This Row],[Adj.AnnualRental]]*(1+$I566)^(6))","v":291146.83823280013},{"$f":"(Table_Provincial_GTAC3536[[#This Row],[Adj.AnnualRental]]*(1+$I566)^(7))","v":320261.52205608017}]
[904,{"$f":"VLOOKUP($A567,DATA2!$A$2:$S$607,2,FALSE)","v":"NW"},{"$f":"VLOOKUP($A567,DATA2!$A$2:$S$607,3,FALSE)","v":"North West"},{"$f":"VLOOKUP($A567,DATA2!$A$2:$S$607,4,FALSE)","v":58.507186813186813},{"$f":"VLOOKUP($A567,DATA2!$A$2:$S$607,5,FALSE)","v":96.67},{"$f":"VLOOKUP($A567,DATA2!$A$2:$S$607,6,FALSE)","v":"VTSD"},{"$f":"VLOOKUP($A567,DATA2!$A$2:$S$607,7,FALSE)","v":455},{"$f":"VLOOKUP($A567,DATA2!$A$2:$S$607,8,FALSE)","v":true},{"$f":"VLOOKUP($A567,DATA2!$A$2:$S$607,9,FALSE)","v":0},204585.96489999999,{"$f":"VLOOKUP($A567,DATA2!$A$2:$S$607,10,FALSE)","v":26620.77},{"$f":"VLOOKUP($A567,DATA2!$A$2:$S$607,11,FALSE)","v":319449.24},{"$f":"VLOOKUP($A567,DATA2!$A$2:$S$607,12,FALSE)","v":"2006-02-02"},{"$f":"VLOOKUP($A567,DATA2!$A$2:$S$607,13,FALSE)","v":"2012-03-04"},{"$f":"VLOOKUP($A567,DATA2!$A$2:$S$607,14,FALSE)","v":"Yes"},{"$f":"IF(MATRIX2!D567=1,($Y$8-$X$2)/365*Table_Provincial_GTAC3536[[#This Row],[Adj.AnnualRental]]*MATRIX2!D567,($Y$8-$X$2)/365*Table_Provincial_GTAC3536[[#This Row],[Adj.AnnualRental]])","v":105024.40767123287},{"$f":"(Table_Provincial_GTAC3536[[#This Row],[Adj.AnnualRental]]*(1+$I567)^(2))","v":319449.24},{"$f":"(Table_Provincial_GTAC3536[[#This Row],[Adj.AnnualRental]]*(1+$I567)^(3))","v":319449.24},{"$f":"(Table_Provincial_GTAC3536[[#This Row],[Adj.AnnualRental]]*(1+$I567)^(4))","v":319449.24},{"$f":"(Table_Provincial_GTAC3536[[#This Row],[Adj.AnnualRental]]*(1+$I567)^(5))","v":319449.24},{"$f":"(Table_Provincial_GTAC3536[[#This Row],[Adj.AnnualRental]]*(1+$I567)^(6))","v":319449.24},{"$f":"(Table_Provincial_GTAC3536[[#This Row],[Adj.AnnualRental]]*(1+$I567)^(7))","v":319449.24}]
[906,{"$f":"VLOOKUP($A568,DATA2!$A$2:$S$607,2,FALSE)","v":"NW"},{"$f":"VLOOKUP($A568,DATA2!$A$2:$S$607,3,FALSE)","v":"North West"},{"$f":"VLOOKUP($A568,DATA2!$A$2:$S$607,4,FALSE)","v":44.563279857397504},{"$f":"VLOOKUP($A568,DATA2!$A$2:$S$607,5,FALSE)","v":96.67},{"$f":"VLOOKUP($A568,DATA2!$A$2:$S$607,6,FALSE)","v":"Main Centre"},{"$f":"VLOOKUP($A568,DATA2!$A$2:$S$607,7,FALSE)","v":56.1},{"$f":"VLOOKUP($A568,DATA2!$A$2:$S$607,8,FALSE)","v":true},{"$f":"VLOOKUP($A568,DATA2!$A$2:$S$607,9,FALSE)","v":0.08},54000,{"$f":"VLOOKUP($A568,DATA2!$A$2:$S$607,10,FALSE)","v":2500},{"$f":"VLOOKUP($A568,DATA2!$A$2:$S$607,11,FALSE)","v":30000},{"$f":"VLOOKUP($A568,DATA2!$A$2:$S$607,12,FALSE)","v":"2009-04-02"},{"$f":"VLOOKUP($A568,DATA2!$A$2:$S$607,13,FALSE)","v":"2012-04-01"},{"$f":"VLOOKUP($A568,DATA2!$A$2:$S$607,14,FALSE)","v":"Yes"},{"$f":"IF(MATRIX2!D568=1,($Y$8-$X$2)/365*Table_Provincial_GTAC3536[[#This Row],[Adj.AnnualRental]]*MATRIX2!D568,($Y$8-$X$2)/365*Table_Provincial_GTAC3536[[#This Row],[Adj.AnnualRental]])","v":9863.0136986301368},{"$f":"(Table_Provincial_GTAC3536[[#This Row],[Adj.AnnualRental]]*(1+$I568)^(2))","v":34992},{"$f":"(Table_Provincial_GTAC3536[[#This Row],[Adj.AnnualRental]]*(1+$I568)^(3))","v":37791.360000000008},{"$f":"(Table_Provincial_GTAC3536[[#This Row],[Adj.AnnualRental]]*(1+$I568)^(4))","v":40814.668800000007},{"$f":"(Table_Provincial_GTAC3536[[#This Row],[Adj.AnnualRental]]*(1+$I568)^(5))","v":44079.842304000013},{"$f":"(Table_Provincial_GTAC3536[[#This Row],[Adj.AnnualRental]]*(1+$I568)^(6))","v":47606.229688320018},{"$f":"(Table_Provincial_GTAC3536[[#This Row],[Adj.AnnualRental]]*(1+$I568)^(7))","v":51414.728063385621}]
[907,{"$f":"VLOOKUP($A569,DATA2!$A$2:$S$607,2,FALSE)","v":"NW"},{"$f":"VLOOKUP($A569,DATA2!$A$2:$S$607,3,FALSE)","v":"North West"},{"$f":"VLOOKUP($A569,DATA2!$A$2:$S$607,4,FALSE)","v":158.48949760765549},{"$f":"VLOOKUP($A569,DATA2!$A$2:$S$607,5,FALSE)","v":96.67},{"$f":"VLOOKUP($A569,DATA2!$A$2:$S$607,6,FALSE)","v":"VTSD"},{"$f":"VLOOKUP($A569,DATA2!$A$2:$S$607,7,FALSE)","v":418},{"$f":"VLOOKUP($A569,DATA2!$A$2:$S$607,8,FALSE)","v":true},{"$f":"VLOOKUP($A569,DATA2!$A$2:$S$607,9,FALSE)","v":0.08},132771.92980000001,{"$f":"VLOOKUP($A569,DATA2!$A$2:$S$607,10,FALSE)","v":66248.61},{"$f":"VLOOKUP($A569,DATA2!$A$2:$S$607,11,FALSE)","v":794983.32},{"$f":"VLOOKUP($A569,DATA2!$A$2:$S$607,12,FALSE)","v":"2009-04-03"},{"$f":"VLOOKUP($A569,DATA2!$A$2:$S$607,13,FALSE)","v":"2012-04-02"},{"$f":"VLOOKUP($A569,DATA2!$A$2:$S$607,14,FALSE)","v":"Yes"},{"$f":"IF(MATRIX2!D569=1,($Y$8-$X$2)/365*Table_Provincial_GTAC3536[[#This Row],[Adj.AnnualRental]]*MATRIX2!D569,($Y$8-$X$2)/365*Table_Provincial_GTAC3536[[#This Row],[Adj.AnnualRental]])","v":261364.37917808216},{"$f":"(Table_Provincial_GTAC3536[[#This Row],[Adj.AnnualRental]]*(1+$I569)^(2))","v":927268.54444800003},{"$f":"(Table_Provincial_GTAC3536[[#This Row],[Adj.AnnualRental]]*(1+$I569)^(3))","v":1001450.02800384},{"$f":"(Table_Provincial_GTAC3536[[#This Row],[Adj.AnnualRental]]*(1+$I569)^(4))","v":1081566.0302441474},{"$f":"(Table_Provincial_GTAC3536[[#This Row],[Adj.AnnualRental]]*(1+$I569)^(5))","v":1168091.3126636792},{"$f":"(Table_Provincial_GTAC3536[[#This Row],[Adj.AnnualRental]]*(1+$I569)^(6))","v":1261538.6176767736},{"$f":"(Table_Provincial_GTAC3536[[#This Row],[Adj.AnnualRental]]*(1+$I569)^(7))","v":1362461.7070909156}]
[908,{"$f":"VLOOKUP($A570,DATA2!$A$2:$S$607,2,FALSE)","v":"NW"},{"$f":"VLOOKUP($A570,DATA2!$A$2:$S$607,3,FALSE)","v":"North West"},{"$f":"VLOOKUP($A570,DATA2!$A$2:$S$607,4,FALSE)","v":148.02006711409396},{"$f":"VLOOKUP($A570,DATA2!$A$2:$S$607,5,FALSE)","v":96.67},{"$f":"VLOOKUP($A570,DATA2!$A$2:$S$607,6,FALSE)","v":"Main Centre"},{"$f":"VLOOKUP($A570,DATA2!$A$2:$S$607,7,FALSE)","v":149},{"$f":"VLOOKUP($A570,DATA2!$A$2:$S$607,8,FALSE)","v":true},{"$f":"VLOOKUP($A570,DATA2!$A$2:$S$607,9,FALSE)","v":0.1},111000,{"$f":"VLOOKUP($A570,DATA2!$A$2:$S$607,10,FALSE)","v":22054.99},{"$f":"VLOOKUP($A570,DATA2!$A$2:$S$607,11,FALSE)","v":264659.88},{"$f":"VLOOKUP($A570,DATA2!$A$2:$S$607,12,FALSE)","v":"2007-05-01"},{"$f":"VLOOKUP($A570,DATA2!$A$2:$S$607,13,FALSE)","v":"2012-04-30"},{"$f":"VLOOKUP($A570,DATA2!$A$2:$S$607,14,FALSE)","v":"Yes"},{"$f":"IF(MATRIX2!D570=1,($Y$8-$X$2)/365*Table_Provincial_GTAC3536[[#This Row],[Adj.AnnualRental]]*MATRIX2!D570,($Y$8-$X$2)/365*Table_Provincial_GTAC3536[[#This Row],[Adj.AnnualRental]])","v":87011.467397260276},{"$f":"(Table_Provincial_GTAC3536[[#This Row],[Adj.AnnualRental]]*(1+$I570)^(2))","v":320238.45480000007},{"$f":"(Table_Provincial_GTAC3536[[#This Row],[Adj.AnnualRental]]*(1+$I570)^(3))","v":352262.30028000014},{"$f":"(Table_Provincial_GTAC3536[[#This Row],[Adj.AnnualRental]]*(1+$I570)^(4))","v":387488.5303080001},{"$f":"(Table_Provincial_GTAC3536[[#This Row],[Adj.AnnualRental]]*(1+$I570)^(5))","v":426237.38333880017},{"$f":"(Table_Provincial_GTAC3536[[#This Row],[Adj.AnnualRental]]*(1+$I570)^(6))","v":468861.12167268025},{"$f":"(Table_Provincial_GTAC3536[[#This Row],[Adj.AnnualRental]]*(1+$I570)^(7))","v":515747.23383994831}]
[948,{"$f":"VLOOKUP($A571,DATA2!$A$2:$S$607,2,FALSE)","v":"NW"},{"$f":"VLOOKUP($A571,DATA2!$A$2:$S$607,3,FALSE)","v":"North West"},{"$f":"VLOOKUP($A571,DATA2!$A$2:$S$607,4,FALSE)","v":255.55478068671161},{"$f":"VLOOKUP($A571,DATA2!$A$2:$S$607,5,FALSE)","v":96.67},{"$f":"VLOOKUP($A571,DATA2!$A$2:$S$607,6,FALSE)","v":"VTSD"},{"$f":"VLOOKUP($A571,DATA2!$A$2:$S$607,7,FALSE)","v":262.41000000000003},{"$f":"VLOOKUP($A571,DATA2!$A$2:$S$607,8,FALSE)","v":true},{"$f":"VLOOKUP($A571,DATA2!$A$2:$S$607,9,FALSE)","v":0.06},null,{"$f":"VLOOKUP($A571,DATA2!$A$2:$S$607,10,FALSE)","v":67060.13},{"$f":"VLOOKUP($A571,DATA2!$A$2:$S$607,11,FALSE)","v":804721.56},{"$f":"VLOOKUP($A571,DATA2!$A$2:$S$607,12,FALSE)","v":"2013-09-01"},{"$f":"VLOOKUP($A571,DATA2!$A$2:$S$607,13,FALSE)","v":"2018-08-31"},{"$f":"VLOOKUP($A571,DATA2!$A$2:$S$607,14,FALSE)","v":"No"},{"$f":"IF(MATRIX2!D571=1,($Y$8-$X$2)/365*Table_Provincial_GTAC3536[[#This Row],[Adj.AnnualRental]]*MATRIX2!D571,($Y$8-$X$2)/365*Table_Provincial_GTAC3536[[#This Row],[Adj.AnnualRental]])","v":264565.99232876714},{"$f":"(Table_Provincial_GTAC3536[[#This Row],[Adj.AnnualRental]]*(1+$I571)^(2))","v":904185.14481600013},{"$f":"(Table_Provincial_GTAC3536[[#This Row],[Adj.AnnualRental]]*(1+$I571)^(3))","v":958436.25350496033},{"$f":"(Table_Provincial_GTAC3536[[#This Row],[Adj.AnnualRental]]*(1+$I571)^(4))","v":1015942.4287152579},{"$f":"(Table_Provincial_GTAC3536[[#This Row],[Adj.AnnualRental]]*(1+$I571)^(5))","v":1076898.9744381735},{"$f":"(Table_Provincial_GTAC3536[[#This Row],[Adj.AnnualRental]]*(1+$I571)^(6))","v":1141512.9129044639},{"$f":"(Table_Provincial_GTAC3536[[#This Row],[Adj.AnnualRental]]*(1+$I571)^(7))","v":1210003.687678732}]
[958,{"$f":"VLOOKUP($A572,DATA2!$A$2:$S$607,2,FALSE)","v":"NW"},{"$f":"VLOOKUP($A572,DATA2!$A$2:$S$607,3,FALSE)","v":"North West"},{"$f":"VLOOKUP($A572,DATA2!$A$2:$S$607,4,FALSE)","v":145.40648430493275},{"$f":"VLOOKUP($A572,DATA2!$A$2:$S$607,5,FALSE)","v":90},{"$f":"VLOOKUP($A572,DATA2!$A$2:$S$607,6,FALSE)","v":"CBD"},{"$f":"VLOOKUP($A572,DATA2!$A$2:$S$607,7,FALSE)","v":6690},{"$f":"VLOOKUP($A572,DATA2!$A$2:$S$607,8,FALSE)","v":true},{"$f":"VLOOKUP($A572,DATA2!$A$2:$S$607,9,FALSE)","v":0.1},null,{"$f":"VLOOKUP($A572,DATA2!$A$2:$S$607,10,FALSE)","v":972769.38},{"$f":"VLOOKUP($A572,DATA2!$A$2:$S$607,11,FALSE)","v":11673232.560000001},{"$f":"VLOOKUP($A572,DATA2!$A$2:$S$607,12,FALSE)","v":"2014-11-01"},{"$f":"VLOOKUP($A572,DATA2!$A$2:$S$607,13,FALSE)","v":"2015-10-31"},{"$f":"VLOOKUP($A572,DATA2!$A$2:$S$607,14,FALSE)","v":"Yes"},{"$f":"IF(MATRIX2!D572=1,($Y$8-$X$2)/365*Table_Provincial_GTAC3536[[#This Row],[Adj.AnnualRental]]*MATRIX2!D572,($Y$8-$X$2)/365*Table_Provincial_GTAC3536[[#This Row],[Adj.AnnualRental]])","v":3837775.0882191779},{"$f":"(Table_Provincial_GTAC3536[[#This Row],[Adj.AnnualRental]]*(1+$I572)^(2))","v":14124611.397600003},{"$f":"(Table_Provincial_GTAC3536[[#This Row],[Adj.AnnualRental]]*(1+$I572)^(3))","v":15537072.537360005},{"$f":"(Table_Provincial_GTAC3536[[#This Row],[Adj.AnnualRental]]*(1+$I572)^(4))","v":17090779.791096006},{"$f":"(Table_Provincial_GTAC3536[[#This Row],[Adj.AnnualRental]]*(1+$I572)^(5))","v":18799857.770205606},{"$f":"(Table_Provincial_GTAC3536[[#This Row],[Adj.AnnualRental]]*(1+$I572)^(6))","v":20679843.547226172},{"$f":"(Table_Provincial_GTAC3536[[#This Row],[Adj.AnnualRental]]*(1+$I572)^(7))","v":22747827.901948791}]
[959,{"$f":"VLOOKUP($A573,DATA2!$A$2:$S$607,2,FALSE)","v":"NW"},{"$f":"VLOOKUP($A573,DATA2!$A$2:$S$607,3,FALSE)","v":"North West"},{"$f":"VLOOKUP($A573,DATA2!$A$2:$S$607,4,FALSE)","v":74.792167832167834},{"$f":"VLOOKUP($A573,DATA2!$A$2:$S$607,5,FALSE)","v":96.67},{"$f":"VLOOKUP($A573,DATA2!$A$2:$S$607,6,FALSE)","v":"VTSD"},{"$f":"VLOOKUP($A573,DATA2!$A$2:$S$607,7,FALSE)","v":286},{"$f":"VLOOKUP($A573,DATA2!$A$2:$S$607,8,FALSE)","v":true},{"$f":"VLOOKUP($A573,DATA2!$A$2:$S$607,9,FALSE)","v":0.08},null,{"$f":"VLOOKUP($A573,DATA2!$A$2:$S$607,10,FALSE)","v":21390.560000000001},{"$f":"VLOOKUP($A573,DATA2!$A$2:$S$607,11,FALSE)","v":256686.72},{"$f":"VLOOKUP($A573,DATA2!$A$2:$S$607,12,FALSE)","v":"2015-04-01"},{"$f":"VLOOKUP($A573,DATA2!$A$2:$S$607,13,FALSE)","v":"2016-03-31"},{"$f":"VLOOKUP($A573,DATA2!$A$2:$S$607,14,FALSE)","v":"Yes"},{"$f":"IF(MATRIX2!D573=1,($Y$8-$X$2)/365*Table_Provincial_GTAC3536[[#This Row],[Adj.AnnualRental]]*MATRIX2!D573,($Y$8-$X$2)/365*Table_Provincial_GTAC3536[[#This Row],[Adj.AnnualRental]])","v":84390.154520547934},{"$f":"(Table_Provincial_GTAC3536[[#This Row],[Adj.AnnualRental]]*(1+$I573)^(2))","v":299399.39020800003},{"$f":"(Table_Provincial_GTAC3536[[#This Row],[Adj.AnnualRental]]*(1+$I573)^(3))","v":323351.34142464004},{"$f":"(Table_Provincial_GTAC3536[[#This Row],[Adj.AnnualRental]]*(1+$I573)^(4))","v":349219.4487386113},{"$f":"(Table_Provincial_GTAC3536[[#This Row],[Adj.AnnualRental]]*(1+$I573)^(5))","v":377157.00463770016},{"$f":"(Table_Provincial_GTAC3536[[#This Row],[Adj.AnnualRental]]*(1+$I573)^(6))","v":407329.56500871625},{"$f":"(Table_Provincial_GTAC3536[[#This Row],[Adj.AnnualRental]]*(1+$I573)^(7))","v":439915.93020941358}]
[960,{"$f":"VLOOKUP($A574,DATA2!$A$2:$S$607,2,FALSE)","v":"NW"},{"$f":"VLOOKUP($A574,DATA2!$A$2:$S$607,3,FALSE)","v":"North West"},{"$f":"VLOOKUP($A574,DATA2!$A$2:$S$607,4,FALSE)","v":39.314859813084112},{"$f":"VLOOKUP($A574,DATA2!$A$2:$S$607,5,FALSE)","v":96.67},{"$f":"VLOOKUP($A574,DATA2!$A$2:$S$607,6,FALSE)","v":"Main Centre"},{"$f":"VLOOKUP($A574,DATA2!$A$2:$S$607,7,FALSE)","v":214},{"$f":"VLOOKUP($A574,DATA2!$A$2:$S$607,8,FALSE)","v":true},{"$f":"VLOOKUP($A574,DATA2!$A$2:$S$607,9,FALSE)","v":0.08},null,{"$f":"VLOOKUP($A574,DATA2!$A$2:$S$607,10,FALSE)","v":8413.3799999999992},{"$f":"VLOOKUP($A574,DATA2!$A$2:$S$607,11,FALSE)","v":100960.56},{"$f":"VLOOKUP($A574,DATA2!$A$2:$S$607,12,FALSE)","v":"2015-04-01"},{"$f":"VLOOKUP($A574,DATA2!$A$2:$S$607,13,FALSE)","v":"2016-03-31"},{"$f":"VLOOKUP($A574,DATA2!$A$2:$S$607,14,FALSE)","v":"Yes"},{"$f":"IF(MATRIX2!D574=1,($Y$8-$X$2)/365*Table_Provincial_GTAC3536[[#This Row],[Adj.AnnualRental]]*MATRIX2!D574,($Y$8-$X$2)/365*Table_Provincial_GTAC3536[[#This Row],[Adj.AnnualRental]])","v":33192.512876712324},{"$f":"(Table_Provincial_GTAC3536[[#This Row],[Adj.AnnualRental]]*(1+$I574)^(2))","v":117760.397184},{"$f":"(Table_Provincial_GTAC3536[[#This Row],[Adj.AnnualRental]]*(1+$I574)^(3))","v":127181.22895872001},{"$f":"(Table_Provincial_GTAC3536[[#This Row],[Adj.AnnualRental]]*(1+$I574)^(4))","v":137355.72727541762},{"$f":"(Table_Provincial_GTAC3536[[#This Row],[Adj.AnnualRental]]*(1+$I574)^(5))","v":148344.18545745104},{"$f":"(Table_Provincial_GTAC3536[[#This Row],[Adj.AnnualRental]]*(1+$I574)^(6))","v":160211.72029404715},{"$f":"(Table_Provincial_GTAC3536[[#This Row],[Adj.AnnualRental]]*(1+$I574)^(7))","v":173028.6579175709}]
[961,{"$f":"VLOOKUP($A575,DATA2!$A$2:$S$607,2,FALSE)","v":"NW"},{"$f":"VLOOKUP($A575,DATA2!$A$2:$S$607,3,FALSE)","v":"North West"},{"$f":"VLOOKUP($A575,DATA2!$A$2:$S$607,4,FALSE)","v":75.8151768488746},{"$f":"VLOOKUP($A575,DATA2!$A$2:$S$607,5,FALSE)","v":96.67},{"$f":"VLOOKUP($A575,DATA2!$A$2:$S$607,6,FALSE)","v":"Main Centre"},{"$f":"VLOOKUP($A575,DATA2!$A$2:$S$607,7,FALSE)","v":311},{"$f":"VLOOKUP($A575,DATA2!$A$2:$S$607,8,FALSE)","v":true},{"$f":"VLOOKUP($A575,DATA2!$A$2:$S$607,9,FALSE)","v":7.0000000000000007E-2},null,{"$f":"VLOOKUP($A575,DATA2!$A$2:$S$607,10,FALSE)","v":23578.52},{"$f":"VLOOKUP($A575,DATA2!$A$2:$S$607,11,FALSE)","v":282942.24},{"$f":"VLOOKUP($A575,DATA2!$A$2:$S$607,12,FALSE)","v":"2015-04-01"},{"$f":"VLOOKUP($A575,DATA2!$A$2:$S$607,13,FALSE)","v":"2016-03-31"},{"$f":"VLOOKUP($A575,DATA2!$A$2:$S$607,14,FALSE)","v":"Yes"},{"$f":"IF(MATRIX2!D575=1,($Y$8-$X$2)/365*Table_Provincial_GTAC3536[[#This Row],[Adj.AnnualRental]]*MATRIX2!D575,($Y$8-$X$2)/365*Table_Provincial_GTAC3536[[#This Row],[Adj.AnnualRental]])","v":93022.106301369859},{"$f":"(Table_Provincial_GTAC3536[[#This Row],[Adj.AnnualRental]]*(1+$I575)^(2))","v":323940.57057599997},{"$f":"(Table_Provincial_GTAC3536[[#This Row],[Adj.AnnualRental]]*(1+$I575)^(3))","v":346616.41051632003},{"$f":"(Table_Provincial_GTAC3536[[#This Row],[Adj.AnnualRental]]*(1+$I575)^(4))","v":370879.55925246241},{"$f":"(Table_Provincial_GTAC3536[[#This Row],[Adj.AnnualRental]]*(1+$I575)^(5))","v":396841.1284001348},{"$f":"(Table_Provincial_GTAC3536[[#This Row],[Adj.AnnualRental]]*(1+$I575)^(6))","v":424620.00738814421},{"$f":"(Table_Provincial_GTAC3536[[#This Row],[Adj.AnnualRental]]*(1+$I575)^(7))","v":454343.40790531435}]
[962,{"$f":"VLOOKUP($A576,DATA2!$A$2:$S$607,2,FALSE)","v":"NW"},{"$f":"VLOOKUP($A576,DATA2!$A$2:$S$607,3,FALSE)","v":"North West"},{"$f":"VLOOKUP($A576,DATA2!$A$2:$S$607,4,FALSE)","v":123.72301460823373},{"$f":"VLOOKUP($A576,DATA2!$A$2:$S$607,5,FALSE)","v":90},{"$f":"VLOOKUP($A576,DATA2!$A$2:$S$607,6,FALSE)","v":"CBD"},{"$f":"VLOOKUP($A576,DATA2!$A$2:$S$607,7,FALSE)","v":2259},{"$f":"VLOOKUP($A576,DATA2!$A$2:$S$607,8,FALSE)","v":true},{"$f":"VLOOKUP($A576,DATA2!$A$2:$S$607,9,FALSE)","v":0.1},null,{"$f":"VLOOKUP($A576,DATA2!$A$2:$S$607,10,FALSE)","v":279490.28999999998},{"$f":"VLOOKUP($A576,DATA2!$A$2:$S$607,11,FALSE)","v":3353883.48},{"$f":"VLOOKUP($A576,DATA2!$A$2:$S$607,12,FALSE)","v":"2017-04-01"},{"$f":"VLOOKUP($A576,DATA2!$A$2:$S$607,13,FALSE)","v":"2018-03-31"},{"$f":"VLOOKUP($A576,DATA2!$A$2:$S$607,14,FALSE)","v":"No"},{"$f":"IF(MATRIX2!D576=1,($Y$8-$X$2)/365*Table_Provincial_GTAC3536[[#This Row],[Adj.AnnualRental]]*MATRIX2!D576,($Y$8-$X$2)/365*Table_Provincial_GTAC3536[[#This Row],[Adj.AnnualRental]])","v":1102646.6235616438},{"$f":"(Table_Provincial_GTAC3536[[#This Row],[Adj.AnnualRental]]*(1+$I576)^(2))","v":4058199.0108000007},{"$f":"(Table_Provincial_GTAC3536[[#This Row],[Adj.AnnualRental]]*(1+$I576)^(3))","v":4464018.9118800014},{"$f":"(Table_Provincial_GTAC3536[[#This Row],[Adj.AnnualRental]]*(1+$I576)^(4))","v":4910420.8030680018},{"$f":"(Table_Provincial_GTAC3536[[#This Row],[Adj.AnnualRental]]*(1+$I576)^(5))","v":5401462.8833748018},{"$f":"(Table_Provincial_GTAC3536[[#This Row],[Adj.AnnualRental]]*(1+$I576)^(6))","v":5941609.171712283},{"$f":"(Table_Provincial_GTAC3536[[#This Row],[Adj.AnnualRental]]*(1+$I576)^(7))","v":6535770.0888835117}]
[963,{"$f":"VLOOKUP($A577,DATA2!$A$2:$S$607,2,FALSE)","v":"NW"},{"$f":"VLOOKUP($A577,DATA2!$A$2:$S$607,3,FALSE)","v":"North West"},{"$f":"VLOOKUP($A577,DATA2!$A$2:$S$607,4,FALSE)","v":139.4094241247995},{"$f":"VLOOKUP($A577,DATA2!$A$2:$S$607,5,FALSE)","v":90},{"$f":"VLOOKUP($A577,DATA2!$A$2:$S$607,6,FALSE)","v":"CBD"},{"$f":"VLOOKUP($A577,DATA2!$A$2:$S$607,7,FALSE)","v":816.67},{"$f":"VLOOKUP($A577,DATA2!$A$2:$S$607,8,FALSE)","v":true},{"$f":"VLOOKUP($A577,DATA2!$A$2:$S$607,9,FALSE)","v":0.1},null,{"$f":"VLOOKUP($A577,DATA2!$A$2:$S$607,10,FALSE)","v":113851.4944},{"$f":"VLOOKUP($A577,DATA2!$A$2:$S$607,11,FALSE)","v":1366217.9328000001},{"$f":"VLOOKUP($A577,DATA2!$A$2:$S$607,12,FALSE)","v":"2017-04-02"},{"$f":"VLOOKUP($A577,DATA2!$A$2:$S$607,13,FALSE)","v":"2018-04-01"},{"$f":"VLOOKUP($A577,DATA2!$A$2:$S$607,14,FALSE)","v":"No"},{"$f":"IF(MATRIX2!D577=1,($Y$8-$X$2)/365*Table_Provincial_GTAC3536[[#This Row],[Adj.AnnualRental]]*MATRIX2!D577,($Y$8-$X$2)/365*Table_Provincial_GTAC3536[[#This Row],[Adj.AnnualRental]])","v":449167.53955068492},{"$f":"(Table_Provincial_GTAC3536[[#This Row],[Adj.AnnualRental]]*(1+$I577)^(2))","v":1653123.6986880004},{"$f":"(Table_Provincial_GTAC3536[[#This Row],[Adj.AnnualRental]]*(1+$I577)^(3))","v":1818436.0685568007},{"$f":"(Table_Provincial_GTAC3536[[#This Row],[Adj.AnnualRental]]*(1+$I577)^(4))","v":2000279.6754124807},{"$f":"(Table_Provincial_GTAC3536[[#This Row],[Adj.AnnualRental]]*(1+$I577)^(5))","v":2200307.6429537288},{"$f":"(Table_Provincial_GTAC3536[[#This Row],[Adj.AnnualRental]]*(1+$I577)^(6))","v":2420338.4072491019},{"$f":"(Table_Provincial_GTAC3536[[#This Row],[Adj.AnnualRental]]*(1+$I577)^(7))","v":2662372.2479740125}]
[965,{"$f":"VLOOKUP($A578,DATA2!$A$2:$S$607,2,FALSE)","v":"NW"},{"$f":"VLOOKUP($A578,DATA2!$A$2:$S$607,3,FALSE)","v":"North West"},{"$f":"VLOOKUP($A578,DATA2!$A$2:$S$607,4,FALSE)","v":91.105714285714285},{"$f":"VLOOKUP($A578,DATA2!$A$2:$S$607,5,FALSE)","v":96.67},{"$f":"VLOOKUP($A578,DATA2!$A$2:$S$607,6,FALSE)","v":"Main Centre"},{"$f":"VLOOKUP($A578,DATA2!$A$2:$S$607,7,FALSE)","v":280},{"$f":"VLOOKUP($A578,DATA2!$A$2:$S$607,8,FALSE)","v":true},{"$f":"VLOOKUP($A578,DATA2!$A$2:$S$607,9,FALSE)","v":0.08},null,{"$f":"VLOOKUP($A578,DATA2!$A$2:$S$607,10,FALSE)","v":25509.599999999999},{"$f":"VLOOKUP($A578,DATA2!$A$2:$S$607,11,FALSE)","v":306115.20000000001},{"$f":"VLOOKUP($A578,DATA2!$A$2:$S$607,12,FALSE)","v":"2017-04-01"},{"$f":"VLOOKUP($A578,DATA2!$A$2:$S$607,13,FALSE)","v":"2018-03-31"},{"$f":"VLOOKUP($A578,DATA2!$A$2:$S$607,14,FALSE)","v":"No"},{"$f":"IF(MATRIX2!D578=1,($Y$8-$X$2)/365*Table_Provincial_GTAC3536[[#This Row],[Adj.AnnualRental]]*MATRIX2!D578,($Y$8-$X$2)/365*Table_Provincial_GTAC3536[[#This Row],[Adj.AnnualRental]])","v":100640.61369863013},{"$f":"(Table_Provincial_GTAC3536[[#This Row],[Adj.AnnualRental]]*(1+$I578)^(2))","v":357052.76928000007},{"$f":"(Table_Provincial_GTAC3536[[#This Row],[Adj.AnnualRental]]*(1+$I578)^(3))","v":385616.99082240008},{"$f":"(Table_Provincial_GTAC3536[[#This Row],[Adj.AnnualRental]]*(1+$I578)^(4))","v":416466.35008819209},{"$f":"(Table_Provincial_GTAC3536[[#This Row],[Adj.AnnualRental]]*(1+$I578)^(5))","v":449783.65809524746},{"$f":"(Table_Provincial_GTAC3536[[#This Row],[Adj.AnnualRental]]*(1+$I578)^(6))","v":485766.35074286733},{"$f":"(Table_Provincial_GTAC3536[[#This Row],[Adj.AnnualRental]]*(1+$I578)^(7))","v":524627.65880229673}]
[971,{"$f":"VLOOKUP($A579,DATA2!$A$2:$S$607,2,FALSE)","v":"NW"},{"$f":"VLOOKUP($A579,DATA2!$A$2:$S$607,3,FALSE)","v":"North West"},{"$f":"VLOOKUP($A579,DATA2!$A$2:$S$607,4,FALSE)","v":158.92271068859196},{"$f":"VLOOKUP($A579,DATA2!$A$2:$S$607,5,FALSE)","v":90},{"$f":"VLOOKUP($A579,DATA2!$A$2:$S$607,6,FALSE)","v":"CBD"},{"$f":"VLOOKUP($A579,DATA2!$A$2:$S$607,7,FALSE)","v":622.72},{"$f":"VLOOKUP($A579,DATA2!$A$2:$S$607,8,FALSE)","v":true},{"$f":"VLOOKUP($A579,DATA2!$A$2:$S$607,9,FALSE)","v":0.1},null,{"$f":"VLOOKUP($A579,DATA2!$A$2:$S$607,10,FALSE)","v":98964.350399999996},{"$f":"VLOOKUP($A579,DATA2!$A$2:$S$607,11,FALSE)","v":1187572.2047999999},{"$f":"VLOOKUP($A579,DATA2!$A$2:$S$607,12,FALSE)","v":"2017-11-01"},{"$f":"VLOOKUP($A579,DATA2!$A$2:$S$607,13,FALSE)","v":"2018-10-31"},{"$f":"VLOOKUP($A579,DATA2!$A$2:$S$607,14,FALSE)","v":"No"},{"$f":"IF(MATRIX2!D579=1,($Y$8-$X$2)/365*Table_Provincial_GTAC3536[[#This Row],[Adj.AnnualRental]]*MATRIX2!D579,($Y$8-$X$2)/365*Table_Provincial_GTAC3536[[#This Row],[Adj.AnnualRental]])","v":390434.69746849313},{"$f":"(Table_Provincial_GTAC3536[[#This Row],[Adj.AnnualRental]]*(1+$I579)^(2))","v":1436962.3678080002},{"$f":"(Table_Provincial_GTAC3536[[#This Row],[Adj.AnnualRental]]*(1+$I579)^(3))","v":1580658.6045888003},{"$f":"(Table_Provincial_GTAC3536[[#This Row],[Adj.AnnualRental]]*(1+$I579)^(4))","v":1738724.4650476803},{"$f":"(Table_Provincial_GTAC3536[[#This Row],[Adj.AnnualRental]]*(1+$I579)^(5))","v":1912596.9115524485},{"$f":"(Table_Provincial_GTAC3536[[#This Row],[Adj.AnnualRental]]*(1+$I579)^(6))","v":2103856.6027076938},{"$f":"(Table_Provincial_GTAC3536[[#This Row],[Adj.AnnualRental]]*(1+$I579)^(7))","v":2314242.2629784634}]
[972,{"$f":"VLOOKUP($A580,DATA2!$A$2:$S$607,2,FALSE)","v":"NW"},{"$f":"VLOOKUP($A580,DATA2!$A$2:$S$607,3,FALSE)","v":"North West"},{"$f":"VLOOKUP($A580,DATA2!$A$2:$S$607,4,FALSE)","v":98.66},{"$f":"VLOOKUP($A580,DATA2!$A$2:$S$607,5,FALSE)","v":96.67},{"$f":"VLOOKUP($A580,DATA2!$A$2:$S$607,6,FALSE)","v":"VTSD"},{"$f":"VLOOKUP($A580,DATA2!$A$2:$S$607,7,FALSE)","v":100},{"$f":"VLOOKUP($A580,DATA2!$A$2:$S$607,8,FALSE)","v":true},{"$f":"VLOOKUP($A580,DATA2!$A$2:$S$607,9,FALSE)","v":0.08},null,{"$f":"VLOOKUP($A580,DATA2!$A$2:$S$607,10,FALSE)","v":9866},{"$f":"VLOOKUP($A580,DATA2!$A$2:$S$607,11,FALSE)","v":118392},{"$f":"VLOOKUP($A580,DATA2!$A$2:$S$607,12,FALSE)","v":"2017-09-01"},{"$f":"VLOOKUP($A580,DATA2!$A$2:$S$607,13,FALSE)","v":"2020-08-31"},{"$f":"VLOOKUP($A580,DATA2!$A$2:$S$607,14,FALSE)","v":"No"},{"$f":"IF(MATRIX2!D580=1,($Y$8-$X$2)/365*Table_Provincial_GTAC3536[[#This Row],[Adj.AnnualRental]]*MATRIX2!D580,($Y$8-$X$2)/365*Table_Provincial_GTAC3536[[#This Row],[Adj.AnnualRental]])","v":38923.397260273967},{"$f":"(Table_Provincial_GTAC3536[[#This Row],[Adj.AnnualRental]]*(1+$I580)^(2))","v":138092.42880000002},{"$f":"(Table_Provincial_GTAC3536[[#This Row],[Adj.AnnualRental]]*(1+$I580)^(3))","v":149139.82310400001},{"$f":"(Table_Provincial_GTAC3536[[#This Row],[Adj.AnnualRental]]*(1+$I580)^(4))","v":161071.00895232003},{"$f":"(Table_Provincial_GTAC3536[[#This Row],[Adj.AnnualRental]]*(1+$I580)^(5))","v":173956.68966850563},{"$f":"(Table_Provincial_GTAC3536[[#This Row],[Adj.AnnualRental]]*(1+$I580)^(6))","v":187873.22484198611},{"$f":"(Table_Provincial_GTAC3536[[#This Row],[Adj.AnnualRental]]*(1+$I580)^(7))","v":202903.08282934502}]
[973,{"$f":"VLOOKUP($A581,DATA2!$A$2:$S$607,2,FALSE)","v":"NW"},{"$f":"VLOOKUP($A581,DATA2!$A$2:$S$607,3,FALSE)","v":"North West"},{"$f":"VLOOKUP($A581,DATA2!$A$2:$S$607,4,FALSE)","v":86.583333333333329},{"$f":"VLOOKUP($A581,DATA2!$A$2:$S$607,5,FALSE)","v":96.67},{"$f":"VLOOKUP($A581,DATA2!$A$2:$S$607,6,FALSE)","v":"Main Centre"},{"$f":"VLOOKUP($A581,DATA2!$A$2:$S$607,7,FALSE)","v":264},{"$f":"VLOOKUP($A581,DATA2!$A$2:$S$607,8,FALSE)","v":true},{"$f":"VLOOKUP($A581,DATA2!$A$2:$S$607,9,FALSE)","v":0.08},null,{"$f":"VLOOKUP($A581,DATA2!$A$2:$S$607,10,FALSE)","v":22858},{"$f":"VLOOKUP($A581,DATA2!$A$2:$S$607,11,FALSE)","v":274296},{"$f":"VLOOKUP($A581,DATA2!$A$2:$S$607,12,FALSE)","v":"2017-10-01"},{"$f":"VLOOKUP($A581,DATA2!$A$2:$S$607,13,FALSE)","v":"2020-09-30"},{"$f":"VLOOKUP($A581,DATA2!$A$2:$S$607,14,FALSE)","v":"No"},{"$f":"IF(MATRIX2!D581=1,($Y$8-$X$2)/365*Table_Provincial_GTAC3536[[#This Row],[Adj.AnnualRental]]*MATRIX2!D581,($Y$8-$X$2)/365*Table_Provincial_GTAC3536[[#This Row],[Adj.AnnualRental]])","v":90179.506849315061},{"$f":"(Table_Provincial_GTAC3536[[#This Row],[Adj.AnnualRental]]*(1+$I581)^(2))","v":319938.85440000001},{"$f":"(Table_Provincial_GTAC3536[[#This Row],[Adj.AnnualRental]]*(1+$I581)^(3))","v":345533.96275200002},{"$f":"(Table_Provincial_GTAC3536[[#This Row],[Adj.AnnualRental]]*(1+$I581)^(4))","v":373176.67977216007},{"$f":"(Table_Provincial_GTAC3536[[#This Row],[Adj.AnnualRental]]*(1+$I581)^(5))","v":403030.81415393291},{"$f":"(Table_Provincial_GTAC3536[[#This Row],[Adj.AnnualRental]]*(1+$I581)^(6))","v":435273.27928624756},{"$f":"(Table_Provincial_GTAC3536[[#This Row],[Adj.AnnualRental]]*(1+$I581)^(7))","v":470095.1416291474}]
[974,{"$f":"VLOOKUP($A582,DATA2!$A$2:$S$607,2,FALSE)","v":"NW"},{"$f":"VLOOKUP($A582,DATA2!$A$2:$S$607,3,FALSE)","v":"North West"},{"$f":"VLOOKUP($A582,DATA2!$A$2:$S$607,4,FALSE)","v":169.50724637681159},{"$f":"VLOOKUP($A582,DATA2!$A$2:$S$607,5,FALSE)","v":96.67},{"$f":"VLOOKUP($A582,DATA2!$A$2:$S$607,6,FALSE)","v":"Main Centre"},{"$f":"VLOOKUP($A582,DATA2!$A$2:$S$607,7,FALSE)","v":138},{"$f":"VLOOKUP($A582,DATA2!$A$2:$S$607,8,FALSE)","v":true},{"$f":"VLOOKUP($A582,DATA2!$A$2:$S$607,9,FALSE)","v":0.08},null,{"$f":"VLOOKUP($A582,DATA2!$A$2:$S$607,10,FALSE)","v":23392},{"$f":"VLOOKUP($A582,DATA2!$A$2:$S$607,11,FALSE)","v":280704},{"$f":"VLOOKUP($A582,DATA2!$A$2:$S$607,12,FALSE)","v":"2017-10-01"},{"$f":"VLOOKUP($A582,DATA2!$A$2:$S$607,13,FALSE)","v":"2020-09-30"},{"$f":"VLOOKUP($A582,DATA2!$A$2:$S$607,14,FALSE)","v":"No"},{"$f":"IF(MATRIX2!D582=1,($Y$8-$X$2)/365*Table_Provincial_GTAC3536[[#This Row],[Adj.AnnualRental]]*MATRIX2!D582,($Y$8-$X$2)/365*Table_Provincial_GTAC3536[[#This Row],[Adj.AnnualRental]])","v":92286.246575342462},{"$f":"(Table_Provincial_GTAC3536[[#This Row],[Adj.AnnualRental]]*(1+$I582)^(2))","v":327413.14560000005},{"$f":"(Table_Provincial_GTAC3536[[#This Row],[Adj.AnnualRental]]*(1+$I582)^(3))","v":353606.19724800007},{"$f":"(Table_Provincial_GTAC3536[[#This Row],[Adj.AnnualRental]]*(1+$I582)^(4))","v":381894.69302784011},{"$f":"(Table_Provincial_GTAC3536[[#This Row],[Adj.AnnualRental]]*(1+$I582)^(5))","v":412446.2684700673},{"$f":"(Table_Provincial_GTAC3536[[#This Row],[Adj.AnnualRental]]*(1+$I582)^(6))","v":445441.96994767274},{"$f":"(Table_Provincial_GTAC3536[[#This Row],[Adj.AnnualRental]]*(1+$I582)^(7))","v":481077.32754348655}]
[976,{"$f":"VLOOKUP($A583,DATA2!$A$2:$S$607,2,FALSE)","v":"NW"},{"$f":"VLOOKUP($A583,DATA2!$A$2:$S$607,3,FALSE)","v":"North West"},{"$f":"VLOOKUP($A583,DATA2!$A$2:$S$607,4,FALSE)","v":191.2375530612245},{"$f":"VLOOKUP($A583,DATA2!$A$2:$S$607,5,FALSE)","v":90},{"$f":"VLOOKUP($A583,DATA2!$A$2:$S$607,6,FALSE)","v":"CBD"},{"$f":"VLOOKUP($A583,DATA2!$A$2:$S$607,7,FALSE)","v":4900},{"$f":"VLOOKUP($A583,DATA2!$A$2:$S$607,8,FALSE)","v":true},{"$f":"VLOOKUP($A583,DATA2!$A$2:$S$607,9,FALSE)","v":0.08},null,{"$f":"VLOOKUP($A583,DATA2!$A$2:$S$607,10,FALSE)","v":937064.01},{"$f":"VLOOKUP($A583,DATA2!$A$2:$S$607,11,FALSE)","v":11244768.119999999},{"$f":"VLOOKUP($A583,DATA2!$A$2:$S$607,12,FALSE)","v":"2017-04-01"},{"$f":"VLOOKUP($A583,DATA2!$A$2:$S$607,13,FALSE)","v":"2020-04-01"},{"$f":"VLOOKUP($A583,DATA2!$A$2:$S$607,14,FALSE)","v":"No"},{"$f":"IF(MATRIX2!D583=1,($Y$8-$X$2)/365*Table_Provincial_GTAC3536[[#This Row],[Adj.AnnualRental]]*MATRIX2!D583,($Y$8-$X$2)/365*Table_Provincial_GTAC3536[[#This Row],[Adj.AnnualRental]])","v":3696910.0668493146},{"$f":"(Table_Provincial_GTAC3536[[#This Row],[Adj.AnnualRental]]*(1+$I583)^(2))","v":13115897.535168},{"$f":"(Table_Provincial_GTAC3536[[#This Row],[Adj.AnnualRental]]*(1+$I583)^(3))","v":14165169.33798144},{"$f":"(Table_Provincial_GTAC3536[[#This Row],[Adj.AnnualRental]]*(1+$I583)^(4))","v":15298382.885019958},{"$f":"(Table_Provincial_GTAC3536[[#This Row],[Adj.AnnualRental]]*(1+$I583)^(5))","v":16522253.515821554},{"$f":"(Table_Provincial_GTAC3536[[#This Row],[Adj.AnnualRental]]*(1+$I583)^(6))","v":17844033.797087282},{"$f":"(Table_Provincial_GTAC3536[[#This Row],[Adj.AnnualRental]]*(1+$I583)^(7))","v":19271556.500854265}]
[977,{"$f":"VLOOKUP($A584,DATA2!$A$2:$S$607,2,FALSE)","v":"NW"},{"$f":"VLOOKUP($A584,DATA2!$A$2:$S$607,3,FALSE)","v":"North West"},{"$f":"VLOOKUP($A584,DATA2!$A$2:$S$607,4,FALSE)","v":130.27797690163283},{"$f":"VLOOKUP($A584,DATA2!$A$2:$S$607,5,FALSE)","v":90},{"$f":"VLOOKUP($A584,DATA2!$A$2:$S$607,6,FALSE)","v":"CBD"},{"$f":"VLOOKUP($A584,DATA2!$A$2:$S$607,7,FALSE)","v":2511},{"$f":"VLOOKUP($A584,DATA2!$A$2:$S$607,8,FALSE)","v":true},{"$f":"VLOOKUP($A584,DATA2!$A$2:$S$607,9,FALSE)","v":0.08},null,{"$f":"VLOOKUP($A584,DATA2!$A$2:$S$607,10,FALSE)","v":327128},{"$f":"VLOOKUP($A584,DATA2!$A$2:$S$607,11,FALSE)","v":3925536},{"$f":"VLOOKUP($A584,DATA2!$A$2:$S$607,12,FALSE)","v":"2017-12-01"},{"$f":"VLOOKUP($A584,DATA2!$A$2:$S$607,13,FALSE)","v":"2020-12-01"},{"$f":"VLOOKUP($A584,DATA2!$A$2:$S$607,14,FALSE)","v":"No"},{"$f":"IF(MATRIX2!D584=1,($Y$8-$X$2)/365*Table_Provincial_GTAC3536[[#This Row],[Adj.AnnualRental]]*MATRIX2!D584,($Y$8-$X$2)/365*Table_Provincial_GTAC3536[[#This Row],[Adj.AnnualRental]])","v":1290587.1780821916},{"$f":"(Table_Provincial_GTAC3536[[#This Row],[Adj.AnnualRental]]*(1+$I584)^(2))","v":4578745.1904000007},{"$f":"(Table_Provincial_GTAC3536[[#This Row],[Adj.AnnualRental]]*(1+$I584)^(3))","v":4945044.8056320008},{"$f":"(Table_Provincial_GTAC3536[[#This Row],[Adj.AnnualRental]]*(1+$I584)^(4))","v":5340648.3900825614},{"$f":"(Table_Provincial_GTAC3536[[#This Row],[Adj.AnnualRental]]*(1+$I584)^(5))","v":5767900.2612891663},{"$f":"(Table_Provincial_GTAC3536[[#This Row],[Adj.AnnualRental]]*(1+$I584)^(6))","v":6229332.2821923001},{"$f":"(Table_Provincial_GTAC3536[[#This Row],[Adj.AnnualRental]]*(1+$I584)^(7))","v":6727678.8647676846}]
[978,{"$f":"VLOOKUP($A585,DATA2!$A$2:$S$607,2,FALSE)","v":"NW"},{"$f":"VLOOKUP($A585,DATA2!$A$2:$S$607,3,FALSE)","v":"North West"},{"$f":"VLOOKUP($A585,DATA2!$A$2:$S$607,4,FALSE)","v":83.48615384615384},{"$f":"VLOOKUP($A585,DATA2!$A$2:$S$607,5,FALSE)","v":90},{"$f":"VLOOKUP($A585,DATA2!$A$2:$S$607,6,FALSE)","v":"CBD"},{"$f":"VLOOKUP($A585,DATA2!$A$2:$S$607,7,FALSE)","v":1300},{"$f":"VLOOKUP($A585,DATA2!$A$2:$S$607,8,FALSE)","v":true},{"$f":"VLOOKUP($A585,DATA2!$A$2:$S$607,9,FALSE)","v":0.08},null,{"$f":"VLOOKUP($A585,DATA2!$A$2:$S$607,10,FALSE)","v":108532},{"$f":"VLOOKUP($A585,DATA2!$A$2:$S$607,11,FALSE)","v":1302384},{"$f":"VLOOKUP($A585,DATA2!$A$2:$S$607,12,FALSE)","v":"2017-02-01"},{"$f":"VLOOKUP($A585,DATA2!$A$2:$S$607,13,FALSE)","v":"2020-12-01"},{"$f":"VLOOKUP($A585,DATA2!$A$2:$S$607,14,FALSE)","v":"No"},{"$f":"IF(MATRIX2!D585=1,($Y$8-$X$2)/365*Table_Provincial_GTAC3536[[#This Row],[Adj.AnnualRental]]*MATRIX2!D585,($Y$8-$X$2)/365*Table_Provincial_GTAC3536[[#This Row],[Adj.AnnualRental]])","v":428181.0410958904},{"$f":"(Table_Provincial_GTAC3536[[#This Row],[Adj.AnnualRental]]*(1+$I585)^(2))","v":1519100.6976000001},{"$f":"(Table_Provincial_GTAC3536[[#This Row],[Adj.AnnualRental]]*(1+$I585)^(3))","v":1640628.7534080001},{"$f":"(Table_Provincial_GTAC3536[[#This Row],[Adj.AnnualRental]]*(1+$I585)^(4))","v":1771879.0536806404},{"$f":"(Table_Provincial_GTAC3536[[#This Row],[Adj.AnnualRental]]*(1+$I585)^(5))","v":1913629.3779750916},{"$f":"(Table_Provincial_GTAC3536[[#This Row],[Adj.AnnualRental]]*(1+$I585)^(6))","v":2066719.7282130993},{"$f":"(Table_Provincial_GTAC3536[[#This Row],[Adj.AnnualRental]]*(1+$I585)^(7))","v":2232057.3064701473}]
[979,{"$f":"VLOOKUP($A586,DATA2!$A$2:$S$607,2,FALSE)","v":"NW"},{"$f":"VLOOKUP($A586,DATA2!$A$2:$S$607,3,FALSE)","v":"North West"},{"$f":"VLOOKUP($A586,DATA2!$A$2:$S$607,4,FALSE)","v":79.268749999999997},{"$f":"VLOOKUP($A586,DATA2!$A$2:$S$607,5,FALSE)","v":96.67},{"$f":"VLOOKUP($A586,DATA2!$A$2:$S$607,6,FALSE)","v":"VTSD"},{"$f":"VLOOKUP($A586,DATA2!$A$2:$S$607,7,FALSE)","v":1120},{"$f":"VLOOKUP($A586,DATA2!$A$2:$S$607,8,FALSE)","v":true},{"$f":"VLOOKUP($A586,DATA2!$A$2:$S$607,9,FALSE)","v":0.08},null,{"$f":"VLOOKUP($A586,DATA2!$A$2:$S$607,10,FALSE)","v":88781},{"$f":"VLOOKUP($A586,DATA2!$A$2:$S$607,11,FALSE)","v":1065372},{"$f":"VLOOKUP($A586,DATA2!$A$2:$S$607,12,FALSE)","v":"2018-01-01"},{"$f":"VLOOKUP($A586,DATA2!$A$2:$S$607,13,FALSE)","v":"2021-01-01"},{"$f":"VLOOKUP($A586,DATA2!$A$2:$S$607,14,FALSE)","v":"No"},{"$f":"IF(MATRIX2!D586=1,($Y$8-$X$2)/365*Table_Provincial_GTAC3536[[#This Row],[Adj.AnnualRental]]*MATRIX2!D586,($Y$8-$X$2)/365*Table_Provincial_GTAC3536[[#This Row],[Adj.AnnualRental]])","v":350259.28767123283},{"$f":"(Table_Provincial_GTAC3536[[#This Row],[Adj.AnnualRental]]*(1+$I586)^(2))","v":1242649.9008000002},{"$f":"(Table_Provincial_GTAC3536[[#This Row],[Adj.AnnualRental]]*(1+$I586)^(3))","v":1342061.8928640003},{"$f":"(Table_Provincial_GTAC3536[[#This Row],[Adj.AnnualRental]]*(1+$I586)^(4))","v":1449426.8442931203},{"$f":"(Table_Provincial_GTAC3536[[#This Row],[Adj.AnnualRental]]*(1+$I586)^(5))","v":1565380.99183657},{"$f":"(Table_Provincial_GTAC3536[[#This Row],[Adj.AnnualRental]]*(1+$I586)^(6))","v":1690611.4711834958},{"$f":"(Table_Provincial_GTAC3536[[#This Row],[Adj.AnnualRental]]*(1+$I586)^(7))","v":1825860.3888781755}]
[980,{"$f":"VLOOKUP($A587,DATA2!$A$2:$S$607,2,FALSE)","v":"NW"},{"$f":"VLOOKUP($A587,DATA2!$A$2:$S$607,3,FALSE)","v":"North West"},{"$f":"VLOOKUP($A587,DATA2!$A$2:$S$607,4,FALSE)","v":125.08582089552239},{"$f":"VLOOKUP($A587,DATA2!$A$2:$S$607,5,FALSE)","v":96.67},{"$f":"VLOOKUP($A587,DATA2!$A$2:$S$607,6,FALSE)","v":"VTSD"},{"$f":"VLOOKUP($A587,DATA2!$A$2:$S$607,7,FALSE)","v":1340},{"$f":"VLOOKUP($A587,DATA2!$A$2:$S$607,8,FALSE)","v":true},{"$f":"VLOOKUP($A587,DATA2!$A$2:$S$607,9,FALSE)","v":0.08},null,{"$f":"VLOOKUP($A587,DATA2!$A$2:$S$607,10,FALSE)","v":167615},{"$f":"VLOOKUP($A587,DATA2!$A$2:$S$607,11,FALSE)","v":2011380},{"$f":"VLOOKUP($A587,DATA2!$A$2:$S$607,12,FALSE)","v":"2017-12-01"},{"$f":"VLOOKUP($A587,DATA2!$A$2:$S$607,13,FALSE)","v":"2020-12-01"},{"$f":"VLOOKUP($A587,DATA2!$A$2:$S$607,14,FALSE)","v":"No"},{"$f":"IF(MATRIX2!D587=1,($Y$8-$X$2)/365*Table_Provincial_GTAC3536[[#This Row],[Adj.AnnualRental]]*MATRIX2!D587,($Y$8-$X$2)/365*Table_Provincial_GTAC3536[[#This Row],[Adj.AnnualRental]])","v":661275.61643835611},{"$f":"(Table_Provincial_GTAC3536[[#This Row],[Adj.AnnualRental]]*(1+$I587)^(2))","v":2346073.6320000002},{"$f":"(Table_Provincial_GTAC3536[[#This Row],[Adj.AnnualRental]]*(1+$I587)^(3))","v":2533759.5225600004},{"$f":"(Table_Provincial_GTAC3536[[#This Row],[Adj.AnnualRental]]*(1+$I587)^(4))","v":2736460.2843648004},{"$f":"(Table_Provincial_GTAC3536[[#This Row],[Adj.AnnualRental]]*(1+$I587)^(5))","v":2955377.1071139849},{"$f":"(Table_Provincial_GTAC3536[[#This Row],[Adj.AnnualRental]]*(1+$I587)^(6))","v":3191807.2756831036},{"$f":"(Table_Provincial_GTAC3536[[#This Row],[Adj.AnnualRental]]*(1+$I587)^(7))","v":3447151.8577377521}]
[981,{"$f":"VLOOKUP($A588,DATA2!$A$2:$S$607,2,FALSE)","v":"NW"},{"$f":"VLOOKUP($A588,DATA2!$A$2:$S$607,3,FALSE)","v":"North West"},{"$f":"VLOOKUP($A588,DATA2!$A$2:$S$607,4,FALSE)","v":97.86363636363636},{"$f":"VLOOKUP($A588,DATA2!$A$2:$S$607,5,FALSE)","v":96.67},{"$f":"VLOOKUP($A588,DATA2!$A$2:$S$607,6,FALSE)","v":"VTSD"},{"$f":"VLOOKUP($A588,DATA2!$A$2:$S$607,7,FALSE)","v":1100},{"$f":"VLOOKUP($A588,DATA2!$A$2:$S$607,8,FALSE)","v":true},{"$f":"VLOOKUP($A588,DATA2!$A$2:$S$607,9,FALSE)","v":0.08},null,{"$f":"VLOOKUP($A588,DATA2!$A$2:$S$607,10,FALSE)","v":107650},{"$f":"VLOOKUP($A588,DATA2!$A$2:$S$607,11,FALSE)","v":1291800},{"$f":"VLOOKUP($A588,DATA2!$A$2:$S$607,12,FALSE)","v":"2017-12-01"},{"$f":"VLOOKUP($A588,DATA2!$A$2:$S$607,13,FALSE)","v":"2020-12-01"},{"$f":"VLOOKUP($A588,DATA2!$A$2:$S$607,14,FALSE)","v":"No"},{"$f":"IF(MATRIX2!D588=1,($Y$8-$X$2)/365*Table_Provincial_GTAC3536[[#This Row],[Adj.AnnualRental]]*MATRIX2!D588,($Y$8-$X$2)/365*Table_Provincial_GTAC3536[[#This Row],[Adj.AnnualRental]])","v":424701.36986301368},{"$f":"(Table_Provincial_GTAC3536[[#This Row],[Adj.AnnualRental]]*(1+$I588)^(2))","v":1506755.52},{"$f":"(Table_Provincial_GTAC3536[[#This Row],[Adj.AnnualRental]]*(1+$I588)^(3))","v":1627295.9616000003},{"$f":"(Table_Provincial_GTAC3536[[#This Row],[Adj.AnnualRental]]*(1+$I588)^(4))","v":1757479.6385280003},{"$f":"(Table_Provincial_GTAC3536[[#This Row],[Adj.AnnualRental]]*(1+$I588)^(5))","v":1898078.0096102403},{"$f":"(Table_Provincial_GTAC3536[[#This Row],[Adj.AnnualRental]]*(1+$I588)^(6))","v":2049924.2503790599},{"$f":"(Table_Provincial_GTAC3536[[#This Row],[Adj.AnnualRental]]*(1+$I588)^(7))","v":2213918.1904093847}]
[983,{"$f":"VLOOKUP($A589,DATA2!$A$2:$S$607,2,FALSE)","v":"NW"},{"$f":"VLOOKUP($A589,DATA2!$A$2:$S$607,3,FALSE)","v":"North West"},{"$f":"VLOOKUP($A589,DATA2!$A$2:$S$607,4,FALSE)","v":110.59593023255815},{"$f":"VLOOKUP($A589,DATA2!$A$2:$S$607,5,FALSE)","v":96.67},{"$f":"VLOOKUP($A589,DATA2!$A$2:$S$607,6,FALSE)","v":"VTSD"},{"$f":"VLOOKUP($A589,DATA2!$A$2:$S$607,7,FALSE)","v":688},{"$f":"VLOOKUP($A589,DATA2!$A$2:$S$607,8,FALSE)","v":true},{"$f":"VLOOKUP($A589,DATA2!$A$2:$S$607,9,FALSE)","v":0.08},null,{"$f":"VLOOKUP($A589,DATA2!$A$2:$S$607,10,FALSE)","v":76090},{"$f":"VLOOKUP($A589,DATA2!$A$2:$S$607,11,FALSE)","v":913080},{"$f":"VLOOKUP($A589,DATA2!$A$2:$S$607,12,FALSE)","v":"2017-01-01"},{"$f":"VLOOKUP($A589,DATA2!$A$2:$S$607,13,FALSE)","v":"2020-01-01"},{"$f":"VLOOKUP($A589,DATA2!$A$2:$S$607,14,FALSE)","v":"No"},{"$f":"IF(MATRIX2!D589=1,($Y$8-$X$2)/365*Table_Provincial_GTAC3536[[#This Row],[Adj.AnnualRental]]*MATRIX2!D589,($Y$8-$X$2)/365*Table_Provincial_GTAC3536[[#This Row],[Adj.AnnualRental]])","v":300190.68493150681},{"$f":"(Table_Provincial_GTAC3536[[#This Row],[Adj.AnnualRental]]*(1+$I589)^(2))","v":1065016.5120000001},{"$f":"(Table_Provincial_GTAC3536[[#This Row],[Adj.AnnualRental]]*(1+$I589)^(3))","v":1150217.8329600003},{"$f":"(Table_Provincial_GTAC3536[[#This Row],[Adj.AnnualRental]]*(1+$I589)^(4))","v":1242235.2595968002},{"$f":"(Table_Provincial_GTAC3536[[#This Row],[Adj.AnnualRental]]*(1+$I589)^(5))","v":1341614.0803645444},{"$f":"(Table_Provincial_GTAC3536[[#This Row],[Adj.AnnualRental]]*(1+$I589)^(6))","v":1448943.206793708},{"$f":"(Table_Provincial_GTAC3536[[#This Row],[Adj.AnnualRental]]*(1+$I589)^(7))","v":1564858.6633372046}]
[984,{"$f":"VLOOKUP($A590,DATA2!$A$2:$S$607,2,FALSE)","v":"NW"},{"$f":"VLOOKUP($A590,DATA2!$A$2:$S$607,3,FALSE)","v":"North West"},{"$f":"VLOOKUP($A590,DATA2!$A$2:$S$607,4,FALSE)","v":235.13994910941477},{"$f":"VLOOKUP($A590,DATA2!$A$2:$S$607,5,FALSE)","v":96.67},{"$f":"VLOOKUP($A590,DATA2!$A$2:$S$607,6,FALSE)","v":"Main Centre"},{"$f":"VLOOKUP($A590,DATA2!$A$2:$S$607,7,FALSE)","v":1179},{"$f":"VLOOKUP($A590,DATA2!$A$2:$S$607,8,FALSE)","v":true},{"$f":"VLOOKUP($A590,DATA2!$A$2:$S$607,9,FALSE)","v":0.08},null,{"$f":"VLOOKUP($A590,DATA2!$A$2:$S$607,10,FALSE)","v":277230},{"$f":"VLOOKUP($A590,DATA2!$A$2:$S$607,11,FALSE)","v":3326760},{"$f":"VLOOKUP($A590,DATA2!$A$2:$S$607,12,FALSE)","v":"2017-06-01"},{"$f":"VLOOKUP($A590,DATA2!$A$2:$S$607,13,FALSE)","v":"2020-06-01"},{"$f":"VLOOKUP($A590,DATA2!$A$2:$S$607,14,FALSE)","v":"No"},{"$f":"IF(MATRIX2!D590=1,($Y$8-$X$2)/365*Table_Provincial_GTAC3536[[#This Row],[Adj.AnnualRental]]*MATRIX2!D590,($Y$8-$X$2)/365*Table_Provincial_GTAC3536[[#This Row],[Adj.AnnualRental]])","v":1093729.3150684931},{"$f":"(Table_Provincial_GTAC3536[[#This Row],[Adj.AnnualRental]]*(1+$I590)^(2))","v":3880332.8640000005},{"$f":"(Table_Provincial_GTAC3536[[#This Row],[Adj.AnnualRental]]*(1+$I590)^(3))","v":4190759.4931200007},{"$f":"(Table_Provincial_GTAC3536[[#This Row],[Adj.AnnualRental]]*(1+$I590)^(4))","v":4526020.2525696009},{"$f":"(Table_Provincial_GTAC3536[[#This Row],[Adj.AnnualRental]]*(1+$I590)^(5))","v":4888101.8727751691},{"$f":"(Table_Provincial_GTAC3536[[#This Row],[Adj.AnnualRental]]*(1+$I590)^(6))","v":5279150.0225971835},{"$f":"(Table_Provincial_GTAC3536[[#This Row],[Adj.AnnualRental]]*(1+$I590)^(7))","v":5701482.0244049579}]
[985,{"$f":"VLOOKUP($A591,DATA2!$A$2:$S$607,2,FALSE)","v":"NW"},{"$f":"VLOOKUP($A591,DATA2!$A$2:$S$607,3,FALSE)","v":"North West"},{"$f":"VLOOKUP($A591,DATA2!$A$2:$S$607,4,FALSE)","v":70.64399642289348},{"$f":"VLOOKUP($A591,DATA2!$A$2:$S$607,5,FALSE)","v":90},{"$f":"VLOOKUP($A591,DATA2!$A$2:$S$607,6,FALSE)","v":"CBD"},{"$f":"VLOOKUP($A591,DATA2!$A$2:$S$607,7,FALSE)","v":20128},{"$f":"VLOOKUP($A591,DATA2!$A$2:$S$607,8,FALSE)","v":true},{"$f":"VLOOKUP($A591,DATA2!$A$2:$S$607,9,FALSE)","v":0.08},null,{"$f":"VLOOKUP($A591,DATA2!$A$2:$S$607,10,FALSE)","v":1421922.36},{"$f":"VLOOKUP($A591,DATA2!$A$2:$S$607,11,FALSE)","v":17063068.32},{"$f":"VLOOKUP($A591,DATA2!$A$2:$S$607,12,FALSE)","v":"1987-11-04"},{"$f":"VLOOKUP($A591,DATA2!$A$2:$S$607,13,FALSE)","v":"2015-03-31"},{"$f":"VLOOKUP($A591,DATA2!$A$2:$S$607,14,FALSE)","v":"Yes"},{"$f":"IF(MATRIX2!D591=1,($Y$8-$X$2)/365*Table_Provincial_GTAC3536[[#This Row],[Adj.AnnualRental]]*MATRIX2!D591,($Y$8-$X$2)/365*Table_Provincial_GTAC3536[[#This Row],[Adj.AnnualRental]])","v":5609775.8860273967},{"$f":"(Table_Provincial_GTAC3536[[#This Row],[Adj.AnnualRental]]*(1+$I591)^(2))","v":19902362.888448004},{"$f":"(Table_Provincial_GTAC3536[[#This Row],[Adj.AnnualRental]]*(1+$I591)^(3))","v":21494551.919523843},{"$f":"(Table_Provincial_GTAC3536[[#This Row],[Adj.AnnualRental]]*(1+$I591)^(4))","v":23214116.073085751},{"$f":"(Table_Provincial_GTAC3536[[#This Row],[Adj.AnnualRental]]*(1+$I591)^(5))","v":25071245.358932614},{"$f":"(Table_Provincial_GTAC3536[[#This Row],[Adj.AnnualRental]]*(1+$I591)^(6))","v":27076944.987647224},{"$f":"(Table_Provincial_GTAC3536[[#This Row],[Adj.AnnualRental]]*(1+$I591)^(7))","v":29243100.586659003}]
[986,{"$f":"VLOOKUP($A592,DATA2!$A$2:$S$607,2,FALSE)","v":"NW"},{"$f":"VLOOKUP($A592,DATA2!$A$2:$S$607,3,FALSE)","v":"North West"},{"$f":"VLOOKUP($A592,DATA2!$A$2:$S$607,4,FALSE)","v":159.17278978388998},{"$f":"VLOOKUP($A592,DATA2!$A$2:$S$607,5,FALSE)","v":96.67},{"$f":"VLOOKUP($A592,DATA2!$A$2:$S$607,6,FALSE)","v":"VTSD"},{"$f":"VLOOKUP($A592,DATA2!$A$2:$S$607,7,FALSE)","v":509},{"$f":"VLOOKUP($A592,DATA2!$A$2:$S$607,8,FALSE)","v":true},{"$f":"VLOOKUP($A592,DATA2!$A$2:$S$607,9,FALSE)","v":0.1},null,{"$f":"VLOOKUP($A592,DATA2!$A$2:$S$607,10,FALSE)","v":81018.95},{"$f":"VLOOKUP($A592,DATA2!$A$2:$S$607,11,FALSE)","v":972227.4},{"$f":"VLOOKUP($A592,DATA2!$A$2:$S$607,12,FALSE)","v":"1993-02-01"},{"$f":"VLOOKUP($A592,DATA2!$A$2:$S$607,13,FALSE)","v":"2015-03-31"},{"$f":"VLOOKUP($A592,DATA2!$A$2:$S$607,14,FALSE)","v":"Yes"},{"$f":"IF(MATRIX2!D592=1,($Y$8-$X$2)/365*Table_Provincial_GTAC3536[[#This Row],[Adj.AnnualRental]]*MATRIX2!D592,($Y$8-$X$2)/365*Table_Provincial_GTAC3536[[#This Row],[Adj.AnnualRental]])","v":319636.40547945205},{"$f":"(Table_Provincial_GTAC3536[[#This Row],[Adj.AnnualRental]]*(1+$I592)^(2))","v":1176395.1540000001},{"$f":"(Table_Provincial_GTAC3536[[#This Row],[Adj.AnnualRental]]*(1+$I592)^(3))","v":1294034.6694000005},{"$f":"(Table_Provincial_GTAC3536[[#This Row],[Adj.AnnualRental]]*(1+$I592)^(4))","v":1423438.1363400004},{"$f":"(Table_Provincial_GTAC3536[[#This Row],[Adj.AnnualRental]]*(1+$I592)^(5))","v":1565781.9499740007},{"$f":"(Table_Provincial_GTAC3536[[#This Row],[Adj.AnnualRental]]*(1+$I592)^(6))","v":1722360.1449714007},{"$f":"(Table_Provincial_GTAC3536[[#This Row],[Adj.AnnualRental]]*(1+$I592)^(7))","v":1894596.1594685412}]
[987,{"$f":"VLOOKUP($A593,DATA2!$A$2:$S$607,2,FALSE)","v":"NW"},{"$f":"VLOOKUP($A593,DATA2!$A$2:$S$607,3,FALSE)","v":"North West"},{"$f":"VLOOKUP($A593,DATA2!$A$2:$S$607,4,FALSE)","v":100.62980891719745},{"$f":"VLOOKUP($A593,DATA2!$A$2:$S$607,5,FALSE)","v":96.67},{"$f":"VLOOKUP($A593,DATA2!$A$2:$S$607,6,FALSE)","v":"VTSD"},{"$f":"VLOOKUP($A593,DATA2!$A$2:$S$607,7,FALSE)","v":314},{"$f":"VLOOKUP($A593,DATA2!$A$2:$S$607,8,FALSE)","v":true},{"$f":"VLOOKUP($A593,DATA2!$A$2:$S$607,9,FALSE)","v":0.1},null,{"$f":"VLOOKUP($A593,DATA2!$A$2:$S$607,10,FALSE)","v":31597.759999999998},{"$f":"VLOOKUP($A593,DATA2!$A$2:$S$607,11,FALSE)","v":379173.12},{"$f":"VLOOKUP($A593,DATA2!$A$2:$S$607,12,FALSE)","v":"2006-04-01"},{"$f":"VLOOKUP($A593,DATA2!$A$2:$S$607,13,FALSE)","v":"2015-03-31"},{"$f":"VLOOKUP($A593,DATA2!$A$2:$S$607,14,FALSE)","v":"Yes"},{"$f":"IF(MATRIX2!D593=1,($Y$8-$X$2)/365*Table_Provincial_GTAC3536[[#This Row],[Adj.AnnualRental]]*MATRIX2!D593,($Y$8-$X$2)/365*Table_Provincial_GTAC3536[[#This Row],[Adj.AnnualRental]])","v":124659.65589041096},{"$f":"(Table_Provincial_GTAC3536[[#This Row],[Adj.AnnualRental]]*(1+$I593)^(2))","v":458799.47520000004},{"$f":"(Table_Provincial_GTAC3536[[#This Row],[Adj.AnnualRental]]*(1+$I593)^(3))","v":504679.42272000015},{"$f":"(Table_Provincial_GTAC3536[[#This Row],[Adj.AnnualRental]]*(1+$I593)^(4))","v":555147.36499200016},{"$f":"(Table_Provincial_GTAC3536[[#This Row],[Adj.AnnualRental]]*(1+$I593)^(5))","v":610662.10149120016},{"$f":"(Table_Provincial_GTAC3536[[#This Row],[Adj.AnnualRental]]*(1+$I593)^(6))","v":671728.31164032035},{"$f":"(Table_Provincial_GTAC3536[[#This Row],[Adj.AnnualRental]]*(1+$I593)^(7))","v":738901.14280435245}]
[988,{"$f":"VLOOKUP($A594,DATA2!$A$2:$S$607,2,FALSE)","v":"NW"},{"$f":"VLOOKUP($A594,DATA2!$A$2:$S$607,3,FALSE)","v":"North West"},{"$f":"VLOOKUP($A594,DATA2!$A$2:$S$607,4,FALSE)","v":58.420061538461539},{"$f":"VLOOKUP($A594,DATA2!$A$2:$S$607,5,FALSE)","v":96.67},{"$f":"VLOOKUP($A594,DATA2!$A$2:$S$607,6,FALSE)","v":"VTSD"},{"$f":"VLOOKUP($A594,DATA2!$A$2:$S$607,7,FALSE)","v":325},{"$f":"VLOOKUP($A594,DATA2!$A$2:$S$607,8,FALSE)","v":true},{"$f":"VLOOKUP($A594,DATA2!$A$2:$S$607,9,FALSE)","v":0.08},null,{"$f":"VLOOKUP($A594,DATA2!$A$2:$S$607,10,FALSE)","v":18986.52},{"$f":"VLOOKUP($A594,DATA2!$A$2:$S$607,11,FALSE)","v":227838.24},{"$f":"VLOOKUP($A594,DATA2!$A$2:$S$607,12,FALSE)","v":"2007-01-01"},{"$f":"VLOOKUP($A594,DATA2!$A$2:$S$607,13,FALSE)","v":"2015-03-31"},{"$f":"VLOOKUP($A594,DATA2!$A$2:$S$607,14,FALSE)","v":"Yes"},{"$f":"IF(MATRIX2!D594=1,($Y$8-$X$2)/365*Table_Provincial_GTAC3536[[#This Row],[Adj.AnnualRental]]*MATRIX2!D594,($Y$8-$X$2)/365*Table_Provincial_GTAC3536[[#This Row],[Adj.AnnualRental]])","v":74905.722739726014},{"$f":"(Table_Provincial_GTAC3536[[#This Row],[Adj.AnnualRental]]*(1+$I594)^(2))","v":265750.52313600003},{"$f":"(Table_Provincial_GTAC3536[[#This Row],[Adj.AnnualRental]]*(1+$I594)^(3))","v":287010.56498688005},{"$f":"(Table_Provincial_GTAC3536[[#This Row],[Adj.AnnualRental]]*(1+$I594)^(4))","v":309971.41018583043},{"$f":"(Table_Provincial_GTAC3536[[#This Row],[Adj.AnnualRental]]*(1+$I594)^(5))","v":334769.12300069688},{"$f":"(Table_Provincial_GTAC3536[[#This Row],[Adj.AnnualRental]]*(1+$I594)^(6))","v":361550.65284075268},{"$f":"(Table_Provincial_GTAC3536[[#This Row],[Adj.AnnualRental]]*(1+$I594)^(7))","v":390474.70506801293}]
[990,{"$f":"VLOOKUP($A595,DATA2!$A$2:$S$607,2,FALSE)","v":"NW"},{"$f":"VLOOKUP($A595,DATA2!$A$2:$S$607,3,FALSE)","v":"North West"},{"$f":"VLOOKUP($A595,DATA2!$A$2:$S$607,4,FALSE)","v":129.3645061728395},{"$f":"VLOOKUP($A595,DATA2!$A$2:$S$607,5,FALSE)","v":96.67},{"$f":"VLOOKUP($A595,DATA2!$A$2:$S$607,6,FALSE)","v":"VTSD"},{"$f":"VLOOKUP($A595,DATA2!$A$2:$S$607,7,FALSE)","v":324},{"$f":"VLOOKUP($A595,DATA2!$A$2:$S$607,8,FALSE)","v":true},{"$f":"VLOOKUP($A595,DATA2!$A$2:$S$607,9,FALSE)","v":0.1},null,{"$f":"VLOOKUP($A595,DATA2!$A$2:$S$607,10,FALSE)","v":41914.1},{"$f":"VLOOKUP($A595,DATA2!$A$2:$S$607,11,FALSE)","v":502969.2},{"$f":"VLOOKUP($A595,DATA2!$A$2:$S$607,12,FALSE)","v":"2009-10-01"},{"$f":"VLOOKUP($A595,DATA2!$A$2:$S$607,13,FALSE)","v":"2015-03-31"},{"$f":"VLOOKUP($A595,DATA2!$A$2:$S$607,14,FALSE)","v":"Yes"},{"$f":"IF(MATRIX2!D595=1,($Y$8-$X$2)/365*Table_Provincial_GTAC3536[[#This Row],[Adj.AnnualRental]]*MATRIX2!D595,($Y$8-$X$2)/365*Table_Provincial_GTAC3536[[#This Row],[Adj.AnnualRental]])","v":165359.73698630137},{"$f":"(Table_Provincial_GTAC3536[[#This Row],[Adj.AnnualRental]]*(1+$I595)^(2))","v":608592.73200000008},{"$f":"(Table_Provincial_GTAC3536[[#This Row],[Adj.AnnualRental]]*(1+$I595)^(3))","v":669452.00520000025},{"$f":"(Table_Provincial_GTAC3536[[#This Row],[Adj.AnnualRental]]*(1+$I595)^(4))","v":736397.2057200002},{"$f":"(Table_Provincial_GTAC3536[[#This Row],[Adj.AnnualRental]]*(1+$I595)^(5))","v":810036.92629200034},{"$f":"(Table_Provincial_GTAC3536[[#This Row],[Adj.AnnualRental]]*(1+$I595)^(6))","v":891040.6189212004},{"$f":"(Table_Provincial_GTAC3536[[#This Row],[Adj.AnnualRental]]*(1+$I595)^(7))","v":980144.68081332068}]
[991,{"$f":"VLOOKUP($A596,DATA2!$A$2:$S$607,2,FALSE)","v":"NW"},{"$f":"VLOOKUP($A596,DATA2!$A$2:$S$607,3,FALSE)","v":"North West"},{"$f":"VLOOKUP($A596,DATA2!$A$2:$S$607,4,FALSE)","v":60.876040100250627},{"$f":"VLOOKUP($A596,DATA2!$A$2:$S$607,5,FALSE)","v":96.67},{"$f":"VLOOKUP($A596,DATA2!$A$2:$S$607,6,FALSE)","v":"VTSD"},{"$f":"VLOOKUP($A596,DATA2!$A$2:$S$607,7,FALSE)","v":399},{"$f":"VLOOKUP($A596,DATA2!$A$2:$S$607,8,FALSE)","v":true},{"$f":"VLOOKUP($A596,DATA2!$A$2:$S$607,9,FALSE)","v":0.1},null,{"$f":"VLOOKUP($A596,DATA2!$A$2:$S$607,10,FALSE)","v":24289.54},{"$f":"VLOOKUP($A596,DATA2!$A$2:$S$607,11,FALSE)","v":291474.48},{"$f":"VLOOKUP($A596,DATA2!$A$2:$S$607,12,FALSE)","v":"2005-03-01"},{"$f":"VLOOKUP($A596,DATA2!$A$2:$S$607,13,FALSE)","v":"2015-03-31"},{"$f":"VLOOKUP($A596,DATA2!$A$2:$S$607,14,FALSE)","v":"Yes"},{"$f":"IF(MATRIX2!D596=1,($Y$8-$X$2)/365*Table_Provincial_GTAC3536[[#This Row],[Adj.AnnualRental]]*MATRIX2!D596,($Y$8-$X$2)/365*Table_Provincial_GTAC3536[[#This Row],[Adj.AnnualRental]])","v":95827.226301369854},{"$f":"(Table_Provincial_GTAC3536[[#This Row],[Adj.AnnualRental]]*(1+$I596)^(2))","v":352684.12080000003},{"$f":"(Table_Provincial_GTAC3536[[#This Row],[Adj.AnnualRental]]*(1+$I596)^(3))","v":387952.53288000007},{"$f":"(Table_Provincial_GTAC3536[[#This Row],[Adj.AnnualRental]]*(1+$I596)^(4))","v":426747.78616800008},{"$f":"(Table_Provincial_GTAC3536[[#This Row],[Adj.AnnualRental]]*(1+$I596)^(5))","v":469422.56478480011},{"$f":"(Table_Provincial_GTAC3536[[#This Row],[Adj.AnnualRental]]*(1+$I596)^(6))","v":516364.82126328023},{"$f":"(Table_Provincial_GTAC3536[[#This Row],[Adj.AnnualRental]]*(1+$I596)^(7))","v":568001.30338960828}]
[992,{"$f":"VLOOKUP($A597,DATA2!$A$2:$S$607,2,FALSE)","v":"NW"},{"$f":"VLOOKUP($A597,DATA2!$A$2:$S$607,3,FALSE)","v":"North West"},{"$f":"VLOOKUP($A597,DATA2!$A$2:$S$607,4,FALSE)","v":75.666966236345587},{"$f":"VLOOKUP($A597,DATA2!$A$2:$S$607,5,FALSE)","v":96.67},{"$f":"VLOOKUP($A597,DATA2!$A$2:$S$607,6,FALSE)","v":"Main Centre"},{"$f":"VLOOKUP($A597,DATA2!$A$2:$S$607,7,FALSE)","v":2014},{"$f":"VLOOKUP($A597,DATA2!$A$2:$S$607,8,FALSE)","v":true},{"$f":"VLOOKUP($A597,DATA2!$A$2:$S$607,9,FALSE)","v":0.1},null,{"$f":"VLOOKUP($A597,DATA2!$A$2:$S$607,10,FALSE)","v":152393.26999999999},{"$f":"VLOOKUP($A597,DATA2!$A$2:$S$607,11,FALSE)","v":1828719.24},{"$f":"VLOOKUP($A597,DATA2!$A$2:$S$607,12,FALSE)","v":"1995-11-01"},{"$f":"VLOOKUP($A597,DATA2!$A$2:$S$607,13,FALSE)","v":"2015-03-31"},{"$f":"VLOOKUP($A597,DATA2!$A$2:$S$607,14,FALSE)","v":"Yes"},{"$f":"IF(MATRIX2!D597=1,($Y$8-$X$2)/365*Table_Provincial_GTAC3536[[#This Row],[Adj.AnnualRental]]*MATRIX2!D597,($Y$8-$X$2)/365*Table_Provincial_GTAC3536[[#This Row],[Adj.AnnualRental]])","v":601222.76383561641},{"$f":"(Table_Provincial_GTAC3536[[#This Row],[Adj.AnnualRental]]*(1+$I597)^(2))","v":2212750.2804000005},{"$f":"(Table_Provincial_GTAC3536[[#This Row],[Adj.AnnualRental]]*(1+$I597)^(3))","v":2434025.3084400008},{"$f":"(Table_Provincial_GTAC3536[[#This Row],[Adj.AnnualRental]]*(1+$I597)^(4))","v":2677427.8392840009},{"$f":"(Table_Provincial_GTAC3536[[#This Row],[Adj.AnnualRental]]*(1+$I597)^(5))","v":2945170.6232124008},{"$f":"(Table_Provincial_GTAC3536[[#This Row],[Adj.AnnualRental]]*(1+$I597)^(6))","v":3239687.6855336414},{"$f":"(Table_Provincial_GTAC3536[[#This Row],[Adj.AnnualRental]]*(1+$I597)^(7))","v":3563656.4540870064}]
[994,{"$f":"VLOOKUP($A598,DATA2!$A$2:$S$607,2,FALSE)","v":"NW"},{"$f":"VLOOKUP($A598,DATA2!$A$2:$S$607,3,FALSE)","v":"North West"},{"$f":"VLOOKUP($A598,DATA2!$A$2:$S$607,4,FALSE)","v":86.00838405486499},{"$f":"VLOOKUP($A598,DATA2!$A$2:$S$607,5,FALSE)","v":96.67},{"$f":"VLOOKUP($A598,DATA2!$A$2:$S$607,6,FALSE)","v":"VTSD"},{"$f":"VLOOKUP($A598,DATA2!$A$2:$S$607,7,FALSE)","v":69.989999999999995},{"$f":"VLOOKUP($A598,DATA2!$A$2:$S$607,8,FALSE)","v":true},{"$f":"VLOOKUP($A598,DATA2!$A$2:$S$607,9,FALSE)","v":0.1},null,{"$f":"VLOOKUP($A598,DATA2!$A$2:$S$607,10,FALSE)","v":6019.7268000000004},{"$f":"VLOOKUP($A598,DATA2!$A$2:$S$607,11,FALSE)","v":72236.721600000004},{"$f":"VLOOKUP($A598,DATA2!$A$2:$S$607,12,FALSE)","v":"2008-10-17"},{"$f":"VLOOKUP($A598,DATA2!$A$2:$S$607,13,FALSE)","v":"2015-11-30"},{"$f":"VLOOKUP($A598,DATA2!$A$2:$S$607,14,FALSE)","v":"Yes"},{"$f":"IF(MATRIX2!D598=1,($Y$8-$X$2)/365*Table_Provincial_GTAC3536[[#This Row],[Adj.AnnualRental]]*MATRIX2!D598,($Y$8-$X$2)/365*Table_Provincial_GTAC3536[[#This Row],[Adj.AnnualRental]])","v":23749.059156164385},{"$f":"(Table_Provincial_GTAC3536[[#This Row],[Adj.AnnualRental]]*(1+$I598)^(2))","v":87406.433136000021},{"$f":"(Table_Provincial_GTAC3536[[#This Row],[Adj.AnnualRental]]*(1+$I598)^(3))","v":96147.076449600034},{"$f":"(Table_Provincial_GTAC3536[[#This Row],[Adj.AnnualRental]]*(1+$I598)^(4))","v":105761.78409456003},{"$f":"(Table_Provincial_GTAC3536[[#This Row],[Adj.AnnualRental]]*(1+$I598)^(5))","v":116337.96250401605},{"$f":"(Table_Provincial_GTAC3536[[#This Row],[Adj.AnnualRental]]*(1+$I598)^(6))","v":127971.75875441766},{"$f":"(Table_Provincial_GTAC3536[[#This Row],[Adj.AnnualRental]]*(1+$I598)^(7))","v":140768.93462985946}]
[996,{"$f":"VLOOKUP($A599,DATA2!$A$2:$S$607,2,FALSE)","v":"NW"},{"$f":"VLOOKUP($A599,DATA2!$A$2:$S$607,3,FALSE)","v":"North West"},{"$f":"VLOOKUP($A599,DATA2!$A$2:$S$607,4,FALSE)","v":17.125055475156778},{"$f":"VLOOKUP($A599,DATA2!$A$2:$S$607,5,FALSE)","v":96.67},{"$f":"VLOOKUP($A599,DATA2!$A$2:$S$607,6,FALSE)","v":"VTSD"},{"$f":"VLOOKUP($A599,DATA2!$A$2:$S$607,7,FALSE)","v":1036.5},{"$f":"VLOOKUP($A599,DATA2!$A$2:$S$607,8,FALSE)","v":true},{"$f":"VLOOKUP($A599,DATA2!$A$2:$S$607,9,FALSE)","v":0.1},null,{"$f":"VLOOKUP($A599,DATA2!$A$2:$S$607,10,FALSE)","v":17750.12},{"$f":"VLOOKUP($A599,DATA2!$A$2:$S$607,11,FALSE)","v":213001.44},{"$f":"VLOOKUP($A599,DATA2!$A$2:$S$607,12,FALSE)","v":"2006-01-04"},{"$f":"VLOOKUP($A599,DATA2!$A$2:$S$607,13,FALSE)","v":"2014-09-30"},{"$f":"VLOOKUP($A599,DATA2!$A$2:$S$607,14,FALSE)","v":"Yes"},{"$f":"IF(MATRIX2!D599=1,($Y$8-$X$2)/365*Table_Provincial_GTAC3536[[#This Row],[Adj.AnnualRental]]*MATRIX2!D599,($Y$8-$X$2)/365*Table_Provincial_GTAC3536[[#This Row],[Adj.AnnualRental]])","v":70027.870684931506},{"$f":"(Table_Provincial_GTAC3536[[#This Row],[Adj.AnnualRental]]*(1+$I599)^(2))","v":257731.74240000005},{"$f":"(Table_Provincial_GTAC3536[[#This Row],[Adj.AnnualRental]]*(1+$I599)^(3))","v":283504.91664000007},{"$f":"(Table_Provincial_GTAC3536[[#This Row],[Adj.AnnualRental]]*(1+$I599)^(4))","v":311855.4083040001},{"$f":"(Table_Provincial_GTAC3536[[#This Row],[Adj.AnnualRental]]*(1+$I599)^(5))","v":343040.94913440011},{"$f":"(Table_Provincial_GTAC3536[[#This Row],[Adj.AnnualRental]]*(1+$I599)^(6))","v":377345.04404784017},{"$f":"(Table_Provincial_GTAC3536[[#This Row],[Adj.AnnualRental]]*(1+$I599)^(7))","v":415079.54845262424}]
[997,{"$f":"VLOOKUP($A600,DATA2!$A$2:$S$607,2,FALSE)","v":"NW"},{"$f":"VLOOKUP($A600,DATA2!$A$2:$S$607,3,FALSE)","v":"North West"},{"$f":"VLOOKUP($A600,DATA2!$A$2:$S$607,4,FALSE)","v":74.89216606498195},{"$f":"VLOOKUP($A600,DATA2!$A$2:$S$607,5,FALSE)","v":96.67},{"$f":"VLOOKUP($A600,DATA2!$A$2:$S$607,6,FALSE)","v":"Main Centre"},{"$f":"VLOOKUP($A600,DATA2!$A$2:$S$607,7,FALSE)","v":277},{"$f":"VLOOKUP($A600,DATA2!$A$2:$S$607,8,FALSE)","v":true},{"$f":"VLOOKUP($A600,DATA2!$A$2:$S$607,9,FALSE)","v":0.1},null,{"$f":"VLOOKUP($A600,DATA2!$A$2:$S$607,10,FALSE)","v":20745.13},{"$f":"VLOOKUP($A600,DATA2!$A$2:$S$607,11,FALSE)","v":248941.56},{"$f":"VLOOKUP($A600,DATA2!$A$2:$S$607,12,FALSE)","v":"2004-12-01"},{"$f":"VLOOKUP($A600,DATA2!$A$2:$S$607,13,FALSE)","v":"2015-03-31"},{"$f":"VLOOKUP($A600,DATA2!$A$2:$S$607,14,FALSE)","v":"Yes"},{"$f":"IF(MATRIX2!D600=1,($Y$8-$X$2)/365*Table_Provincial_GTAC3536[[#This Row],[Adj.AnnualRental]]*MATRIX2!D600,($Y$8-$X$2)/365*Table_Provincial_GTAC3536[[#This Row],[Adj.AnnualRental]])","v":81843.800547945197},{"$f":"(Table_Provincial_GTAC3536[[#This Row],[Adj.AnnualRental]]*(1+$I600)^(2))","v":301219.28760000004},{"$f":"(Table_Provincial_GTAC3536[[#This Row],[Adj.AnnualRental]]*(1+$I600)^(3))","v":331341.21636000008},{"$f":"(Table_Provincial_GTAC3536[[#This Row],[Adj.AnnualRental]]*(1+$I600)^(4))","v":364475.33799600007},{"$f":"(Table_Provincial_GTAC3536[[#This Row],[Adj.AnnualRental]]*(1+$I600)^(5))","v":400922.87179560011},{"$f":"(Table_Provincial_GTAC3536[[#This Row],[Adj.AnnualRental]]*(1+$I600)^(6))","v":441015.15897516022},{"$f":"(Table_Provincial_GTAC3536[[#This Row],[Adj.AnnualRental]]*(1+$I600)^(7))","v":485116.67487267632}]
[998,{"$f":"VLOOKUP($A601,DATA2!$A$2:$S$607,2,FALSE)","v":"NW"},{"$f":"VLOOKUP($A601,DATA2!$A$2:$S$607,3,FALSE)","v":"North West"},{"$f":"VLOOKUP($A601,DATA2!$A$2:$S$607,4,FALSE)","v":85.666844036697242},{"$f":"VLOOKUP($A601,DATA2!$A$2:$S$607,5,FALSE)","v":96.67},{"$f":"VLOOKUP($A601,DATA2!$A$2:$S$607,6,FALSE)","v":"Main Centre"},{"$f":"VLOOKUP($A601,DATA2!$A$2:$S$607,7,FALSE)","v":545},{"$f":"VLOOKUP($A601,DATA2!$A$2:$S$607,8,FALSE)","v":true},{"$f":"VLOOKUP($A601,DATA2!$A$2:$S$607,9,FALSE)","v":0.09},null,{"$f":"VLOOKUP($A601,DATA2!$A$2:$S$607,10,FALSE)","v":46688.43},{"$f":"VLOOKUP($A601,DATA2!$A$2:$S$607,11,FALSE)","v":560261.16},{"$f":"VLOOKUP($A601,DATA2!$A$2:$S$607,12,FALSE)","v":"2008-01-31"},{"$f":"VLOOKUP($A601,DATA2!$A$2:$S$607,13,FALSE)","v":"2015-03-31"},{"$f":"VLOOKUP($A601,DATA2!$A$2:$S$607,14,FALSE)","v":"Yes"},{"$f":"IF(MATRIX2!D601=1,($Y$8-$X$2)/365*Table_Provincial_GTAC3536[[#This Row],[Adj.AnnualRental]]*MATRIX2!D601,($Y$8-$X$2)/365*Table_Provincial_GTAC3536[[#This Row],[Adj.AnnualRental]])","v":184195.44986301369},{"$f":"(Table_Provincial_GTAC3536[[#This Row],[Adj.AnnualRental]]*(1+$I601)^(2))","v":665646.28419600008},{"$f":"(Table_Provincial_GTAC3536[[#This Row],[Adj.AnnualRental]]*(1+$I601)^(3))","v":725554.44977364014},{"$f":"(Table_Provincial_GTAC3536[[#This Row],[Adj.AnnualRental]]*(1+$I601)^(4))","v":790854.3502532678},{"$f":"(Table_Provincial_GTAC3536[[#This Row],[Adj.AnnualRental]]*(1+$I601)^(5))","v":862031.24177606206},{"$f":"(Table_Provincial_GTAC3536[[#This Row],[Adj.AnnualRental]]*(1+$I601)^(6))","v":939614.05353590765},{"$f":"(Table_Provincial_GTAC3536[[#This Row],[Adj.AnnualRental]]*(1+$I601)^(7))","v":1024179.3183541393}]
[999,{"$f":"VLOOKUP($A602,DATA2!$A$2:$S$607,2,FALSE)","v":"NW"},{"$f":"VLOOKUP($A602,DATA2!$A$2:$S$607,3,FALSE)","v":"North West"},{"$f":"VLOOKUP($A602,DATA2!$A$2:$S$607,4,FALSE)","v":61.109804986423107},{"$f":"VLOOKUP($A602,DATA2!$A$2:$S$607,5,FALSE)","v":96.67},{"$f":"VLOOKUP($A602,DATA2!$A$2:$S$607,6,FALSE)","v":"VTSD"},{"$f":"VLOOKUP($A602,DATA2!$A$2:$S$607,7,FALSE)","v":81.02},{"$f":"VLOOKUP($A602,DATA2!$A$2:$S$607,8,FALSE)","v":true},{"$f":"VLOOKUP($A602,DATA2!$A$2:$S$607,9,FALSE)","v":0.1},null,{"$f":"VLOOKUP($A602,DATA2!$A$2:$S$607,10,FALSE)","v":4951.1163999999999},{"$f":"VLOOKUP($A602,DATA2!$A$2:$S$607,11,FALSE)","v":59413.396800000002},{"$f":"VLOOKUP($A602,DATA2!$A$2:$S$607,12,FALSE)","v":"2004-06-01"},{"$f":"VLOOKUP($A602,DATA2!$A$2:$S$607,13,FALSE)","v":"2015-03-31"},{"$f":"VLOOKUP($A602,DATA2!$A$2:$S$607,14,FALSE)","v":"Yes"},{"$f":"IF(MATRIX2!D602=1,($Y$8-$X$2)/365*Table_Provincial_GTAC3536[[#This Row],[Adj.AnnualRental]]*MATRIX2!D602,($Y$8-$X$2)/365*Table_Provincial_GTAC3536[[#This Row],[Adj.AnnualRental]])","v":19533.171550684932},{"$f":"(Table_Provincial_GTAC3536[[#This Row],[Adj.AnnualRental]]*(1+$I602)^(2))","v":71890.210128000021},{"$f":"(Table_Provincial_GTAC3536[[#This Row],[Adj.AnnualRental]]*(1+$I602)^(3))","v":79079.231140800024},{"$f":"(Table_Provincial_GTAC3536[[#This Row],[Adj.AnnualRental]]*(1+$I602)^(4))","v":86987.154254880021},{"$f":"(Table_Provincial_GTAC3536[[#This Row],[Adj.AnnualRental]]*(1+$I602)^(5))","v":95685.869680368036},{"$f":"(Table_Provincial_GTAC3536[[#This Row],[Adj.AnnualRental]]*(1+$I602)^(6))","v":105254.45664840486},{"$f":"(Table_Provincial_GTAC3536[[#This Row],[Adj.AnnualRental]]*(1+$I602)^(7))","v":115779.90231324536}]
[1000,{"$f":"VLOOKUP($A603,DATA2!$A$2:$S$607,2,FALSE)","v":"NW"},{"$f":"VLOOKUP($A603,DATA2!$A$2:$S$607,3,FALSE)","v":"North West"},{"$f":"VLOOKUP($A603,DATA2!$A$2:$S$607,4,FALSE)","v":73.56050632911392},{"$f":"VLOOKUP($A603,DATA2!$A$2:$S$607,5,FALSE)","v":96.67},{"$f":"VLOOKUP($A603,DATA2!$A$2:$S$607,6,FALSE)","v":"VTSD"},{"$f":"VLOOKUP($A603,DATA2!$A$2:$S$607,7,FALSE)","v":158},{"$f":"VLOOKUP($A603,DATA2!$A$2:$S$607,8,FALSE)","v":true},{"$f":"VLOOKUP($A603,DATA2!$A$2:$S$607,9,FALSE)","v":0.1},null,{"$f":"VLOOKUP($A603,DATA2!$A$2:$S$607,10,FALSE)","v":11622.56},{"$f":"VLOOKUP($A603,DATA2!$A$2:$S$607,11,FALSE)","v":139470.72},{"$f":"VLOOKUP($A603,DATA2!$A$2:$S$607,12,FALSE)","v":"2009-01-14"},{"$f":"VLOOKUP($A603,DATA2!$A$2:$S$607,13,FALSE)","v":"2015-10-31"},{"$f":"VLOOKUP($A603,DATA2!$A$2:$S$607,14,FALSE)","v":"Yes"},{"$f":"IF(MATRIX2!D603=1,($Y$8-$X$2)/365*Table_Provincial_GTAC3536[[#This Row],[Adj.AnnualRental]]*MATRIX2!D603,($Y$8-$X$2)/365*Table_Provincial_GTAC3536[[#This Row],[Adj.AnnualRental]])","v":45853.387397260274},{"$f":"(Table_Provincial_GTAC3536[[#This Row],[Adj.AnnualRental]]*(1+$I603)^(2))","v":168759.57120000003},{"$f":"(Table_Provincial_GTAC3536[[#This Row],[Adj.AnnualRental]]*(1+$I603)^(3))","v":185635.52832000007},{"$f":"(Table_Provincial_GTAC3536[[#This Row],[Adj.AnnualRental]]*(1+$I603)^(4))","v":204199.08115200006},{"$f":"(Table_Provincial_GTAC3536[[#This Row],[Adj.AnnualRental]]*(1+$I603)^(5))","v":224618.98926720009},{"$f":"(Table_Provincial_GTAC3536[[#This Row],[Adj.AnnualRental]]*(1+$I603)^(6))","v":247080.88819392011},{"$f":"(Table_Provincial_GTAC3536[[#This Row],[Adj.AnnualRental]]*(1+$I603)^(7))","v":271788.97701331216}]
[1001,{"$f":"VLOOKUP($A604,DATA2!$A$2:$S$607,2,FALSE)","v":"NW"},{"$f":"VLOOKUP($A604,DATA2!$A$2:$S$607,3,FALSE)","v":"North West"},{"$f":"VLOOKUP($A604,DATA2!$A$2:$S$607,4,FALSE)","v":73.820160000000001},{"$f":"VLOOKUP($A604,DATA2!$A$2:$S$607,5,FALSE)","v":96.67},{"$f":"VLOOKUP($A604,DATA2!$A$2:$S$607,6,FALSE)","v":"VTSD"},{"$f":"VLOOKUP($A604,DATA2!$A$2:$S$607,7,FALSE)","v":500},{"$f":"VLOOKUP($A604,DATA2!$A$2:$S$607,8,FALSE)","v":true},{"$f":"VLOOKUP($A604,DATA2!$A$2:$S$607,9,FALSE)","v":0.1},null,{"$f":"VLOOKUP($A604,DATA2!$A$2:$S$607,10,FALSE)","v":36910.080000000002},{"$f":"VLOOKUP($A604,DATA2!$A$2:$S$607,11,FALSE)","v":442920.96000000002},{"$f":"VLOOKUP($A604,DATA2!$A$2:$S$607,12,FALSE)","v":"2005-01-03"},{"$f":"VLOOKUP($A604,DATA2!$A$2:$S$607,13,FALSE)","v":"2015-03-31"},{"$f":"VLOOKUP($A604,DATA2!$A$2:$S$607,14,FALSE)","v":"Yes"},{"$f":"IF(MATRIX2!D604=1,($Y$8-$X$2)/365*Table_Provincial_GTAC3536[[#This Row],[Adj.AnnualRental]]*MATRIX2!D604,($Y$8-$X$2)/365*Table_Provincial_GTAC3536[[#This Row],[Adj.AnnualRental]])","v":145617.84986301369},{"$f":"(Table_Provincial_GTAC3536[[#This Row],[Adj.AnnualRental]]*(1+$I604)^(2))","v":535934.36160000006},{"$f":"(Table_Provincial_GTAC3536[[#This Row],[Adj.AnnualRental]]*(1+$I604)^(3))","v":589527.79776000022},{"$f":"(Table_Provincial_GTAC3536[[#This Row],[Adj.AnnualRental]]*(1+$I604)^(4))","v":648480.57753600017},{"$f":"(Table_Provincial_GTAC3536[[#This Row],[Adj.AnnualRental]]*(1+$I604)^(5))","v":713328.63528960024},{"$f":"(Table_Provincial_GTAC3536[[#This Row],[Adj.AnnualRental]]*(1+$I604)^(6))","v":784661.49881856039},{"$f":"(Table_Provincial_GTAC3536[[#This Row],[Adj.AnnualRental]]*(1+$I604)^(7))","v":863127.64870041655}]
[1002,{"$f":"VLOOKUP($A605,DATA2!$A$2:$S$607,2,FALSE)","v":"NW"},{"$f":"VLOOKUP($A605,DATA2!$A$2:$S$607,3,FALSE)","v":"North West"},{"$f":"VLOOKUP($A605,DATA2!$A$2:$S$607,4,FALSE)","v":79.14938405797102},{"$f":"VLOOKUP($A605,DATA2!$A$2:$S$607,5,FALSE)","v":96.67},{"$f":"VLOOKUP($A605,DATA2!$A$2:$S$607,6,FALSE)","v":"VTSD"},{"$f":"VLOOKUP($A605,DATA2!$A$2:$S$607,7,FALSE)","v":276},{"$f":"VLOOKUP($A605,DATA2!$A$2:$S$607,8,FALSE)","v":true},{"$f":"VLOOKUP($A605,DATA2!$A$2:$S$607,9,FALSE)","v":0.1},null,{"$f":"VLOOKUP($A605,DATA2!$A$2:$S$607,10,FALSE)","v":21845.23},{"$f":"VLOOKUP($A605,DATA2!$A$2:$S$607,11,FALSE)","v":262142.76},{"$f":"VLOOKUP($A605,DATA2!$A$2:$S$607,12,FALSE)","v":"2005-01-01"},{"$f":"VLOOKUP($A605,DATA2!$A$2:$S$607,13,FALSE)","v":"2015-03-31"},{"$f":"VLOOKUP($A605,DATA2!$A$2:$S$607,14,FALSE)","v":"Yes"},{"$f":"IF(MATRIX2!D605=1,($Y$8-$X$2)/365*Table_Provincial_GTAC3536[[#This Row],[Adj.AnnualRental]]*MATRIX2!D605,($Y$8-$X$2)/365*Table_Provincial_GTAC3536[[#This Row],[Adj.AnnualRental]])","v":86183.921095890415},{"$f":"(Table_Provincial_GTAC3536[[#This Row],[Adj.AnnualRental]]*(1+$I605)^(2))","v":317192.73960000009},{"$f":"(Table_Provincial_GTAC3536[[#This Row],[Adj.AnnualRental]]*(1+$I605)^(3))","v":348912.01356000011},{"$f":"(Table_Provincial_GTAC3536[[#This Row],[Adj.AnnualRental]]*(1+$I605)^(4))","v":383803.21491600014},{"$f":"(Table_Provincial_GTAC3536[[#This Row],[Adj.AnnualRental]]*(1+$I605)^(5))","v":422183.53640760016},{"$f":"(Table_Provincial_GTAC3536[[#This Row],[Adj.AnnualRental]]*(1+$I605)^(6))","v":464401.89004836022},{"$f":"(Table_Provincial_GTAC3536[[#This Row],[Adj.AnnualRental]]*(1+$I605)^(7))","v":510842.07905319636}]
[1003,{"$f":"VLOOKUP($A606,DATA2!$A$2:$S$607,2,FALSE)","v":"NW"},{"$f":"VLOOKUP($A606,DATA2!$A$2:$S$607,3,FALSE)","v":"North West"},{"$f":"VLOOKUP($A606,DATA2!$A$2:$S$607,4,FALSE)","v":135.81438461538463},{"$f":"VLOOKUP($A606,DATA2!$A$2:$S$607,5,FALSE)","v":96.67},{"$f":"VLOOKUP($A606,DATA2!$A$2:$S$607,6,FALSE)","v":"VTSD"},{"$f":"VLOOKUP($A606,DATA2!$A$2:$S$607,7,FALSE)","v":130},{"$f":"VLOOKUP($A606,DATA2!$A$2:$S$607,8,FALSE)","v":true},{"$f":"VLOOKUP($A606,DATA2!$A$2:$S$607,9,FALSE)","v":0.1},null,{"$f":"VLOOKUP($A606,DATA2!$A$2:$S$607,10,FALSE)","v":17655.87},{"$f":"VLOOKUP($A606,DATA2!$A$2:$S$607,11,FALSE)","v":211870.44},{"$f":"VLOOKUP($A606,DATA2!$A$2:$S$607,12,FALSE)","v":"2010-01-01"},{"$f":"VLOOKUP($A606,DATA2!$A$2:$S$607,13,FALSE)","v":"2015-03-31"},{"$f":"VLOOKUP($A606,DATA2!$A$2:$S$607,14,FALSE)","v":"Yes"},{"$f":"IF(MATRIX2!D606=1,($Y$8-$X$2)/365*Table_Provincial_GTAC3536[[#This Row],[Adj.AnnualRental]]*MATRIX2!D606,($Y$8-$X$2)/365*Table_Provincial_GTAC3536[[#This Row],[Adj.AnnualRental]])","v":69656.035068493147},{"$f":"(Table_Provincial_GTAC3536[[#This Row],[Adj.AnnualRental]]*(1+$I606)^(2))","v":256363.23240000004},{"$f":"(Table_Provincial_GTAC3536[[#This Row],[Adj.AnnualRental]]*(1+$I606)^(3))","v":281999.55564000009},{"$f":"(Table_Provincial_GTAC3536[[#This Row],[Adj.AnnualRental]]*(1+$I606)^(4))","v":310199.5112040001},{"$f":"(Table_Provincial_GTAC3536[[#This Row],[Adj.AnnualRental]]*(1+$I606)^(5))","v":341219.46232440014},{"$f":"(Table_Provincial_GTAC3536[[#This Row],[Adj.AnnualRental]]*(1+$I606)^(6))","v":375341.40855684021},{"$f":"(Table_Provincial_GTAC3536[[#This Row],[Adj.AnnualRental]]*(1+$I606)^(7))","v":412875.54941252427}]
[1004,{"$f":"VLOOKUP($A607,DATA2!$A$2:$S$607,2,FALSE)","v":"NW"},{"$f":"VLOOKUP($A607,DATA2!$A$2:$S$607,3,FALSE)","v":"North West"},{"$f":"VLOOKUP($A607,DATA2!$A$2:$S$607,4,FALSE)","v":58.366466666666668},{"$f":"VLOOKUP($A607,DATA2!$A$2:$S$607,5,FALSE)","v":96.67},{"$f":"VLOOKUP($A607,DATA2!$A$2:$S$607,6,FALSE)","v":"VTSD"},{"$f":"VLOOKUP($A607,DATA2!$A$2:$S$607,7,FALSE)","v":150},{"$f":"VLOOKUP($A607,DATA2!$A$2:$S$607,8,FALSE)","v":true},{"$f":"VLOOKUP($A607,DATA2!$A$2:$S$607,9,FALSE)","v":0.1},null,{"$f":"VLOOKUP($A607,DATA2!$A$2:$S$607,10,FALSE)","v":8754.9699999999993},{"$f":"VLOOKUP($A607,DATA2!$A$2:$S$607,11,FALSE)","v":105059.64},{"$f":"VLOOKUP($A607,DATA2!$A$2:$S$607,12,FALSE)","v":"2003-07-01"},{"$f":"VLOOKUP($A607,DATA2!$A$2:$S$607,13,FALSE)","v":"2015-03-31"},{"$f":"VLOOKUP($A607,DATA2!$A$2:$S$607,14,FALSE)","v":"Yes"},{"$f":"IF(MATRIX2!D607=1,($Y$8-$X$2)/365*Table_Provincial_GTAC3536[[#This Row],[Adj.AnnualRental]]*MATRIX2!D607,($Y$8-$X$2)/365*Table_Provincial_GTAC3536[[#This Row],[Adj.AnnualRental]])","v":34540.155616438351},{"$f":"(Table_Provincial_GTAC3536[[#This Row],[Adj.AnnualRental]]*(1+$I607)^(2))","v":127122.16440000002},{"$f":"(Table_Provincial_GTAC3536[[#This Row],[Adj.AnnualRental]]*(1+$I607)^(3))","v":139834.38084000006},{"$f":"(Table_Provincial_GTAC3536[[#This Row],[Adj.AnnualRental]]*(1+$I607)^(4))","v":153817.81892400005},{"$f":"(Table_Provincial_GTAC3536[[#This Row],[Adj.AnnualRental]]*(1+$I607)^(5))","v":169199.60081640005},{"$f":"(Table_Provincial_GTAC3536[[#This Row],[Adj.AnnualRental]]*(1+$I607)^(6))","v":186119.56089804007},{"$f":"(Table_Provincial_GTAC3536[[#This Row],[Adj.AnnualRental]]*(1+$I607)^(7))","v":204731.51698784414}]

{"sheet":"Rtm (Y1-Y5)","index":2,"n_rows":607,"n_cols":31,"rows_kept":607,"cut":false,"hidden":true,"merged":[]}
["SystemID","ProvinceCode","Province","Adj.CostPerm2","Benchmark","Urban Classification","ExtentM2","TnTUseLease","TnTEscalation","Adj.RentalPerMonth","Adj.AnnualRental","RtmAnnualRental","LeaseStartDate2","LeaseEndDate","MonthToMonth","FY 2017/18","FY 2018/19","FY 2019/20","FY 2020/21","FY 2021/22","FY 2022/23","FY 2023/24","TOTAL","DATE","Market Rate","RTM"]
[{"$f":"Table_Provincial_GTAC3536[[#This Row],[SystemID]]","v":1},{"$f":"VLOOKUP($A2,DATA2!$A$2:$S$607,2,FALSE)","v":"KZN"},{"$f":"VLOOKUP($A2,DATA2!$A$2:$S$607,3,FALSE)","v":"KwaZulu-Natal"},{"$f":"VLOOKUP($A2,DATA2!$A$2:$S$607,4,FALSE)","v":182.33568900126423},{"$f":"VLOOKUP($A2,DATA2!$A$2:$S$607,5,FALSE)","v":65},{"$f":"VLOOKUP($A2,DATA2!$A$2:$S$607,6,FALSE)","v":"VTSD"},{"$f":"VLOOKUP($A2,DATA2!$A$2:$S$607,7,FALSE)","v":791},{"$f":"VLOOKUP($A2,DATA2!$A$2:$S$607,8,FALSE)","v":true},{"$f":"VLOOKUP($A2,DATA2!$A$2:$S$607,9,FALSE)","v":7.0000000000000007E-2},{"$f":"VLOOKUP($A2,DATA2!$A$2:$S$607,10,FALSE)","v":144227.53},{"$f":"VLOOKUP($A2,DATA2!$A$2:$S$607,11,FALSE)","v":1730730.36},{"$f":"Table_Provincial_GTAC35378[[#This Row],[Benchmark]]*Table_Provincial_GTAC35378[[#This Row],[ExtentM2]]*12","v":616980},{"$f":"VLOOKUP($A2,DATA2!$A$2:$S$607,12,FALSE)","v":"2017-04-01"},{"$f":"VLOOKUP($A2,DATA2!$A$2:$S$607,13,FALSE)","v":"2022-03-31"},{"$f":"VLOOKUP($A2,DATA2!$A$2:$S$607,14,FALSE)","v":"No"},{"$f":"IF(MATRIX2!D2=1,($Y$8-$X$2)/365*Table_Provincial_GTAC35378[[#This Row],[Adj.AnnualRental]]*MATRIX2!D2,($Y$8-$X$2)/365*Table_Provincial_GTAC35378[[#This Row],[Adj.AnnualRental]])","v":-6263821.3850958906},{"$f":"IF('MAIN-INTERFACE'!$D$2=\"No\",(Table_Provincial_GTAC35378[[#This Row],[Adj.AnnualRental]])*(1+Table_Provincial_GTAC35378[[#This Row],[TnTEscalation]])^2,\n    (((MATRIX2!V2*Table_Provincial_GTAC35378[[#This Row],[Adj.AnnualRental]])*(1+Table_Provincial_GTAC35378[[#This Row],[TnTEscalation]])^2)+\n       (MATRIX2!N2* IF(IF('MAIN-INTERFACE'!$D$2=\"No\",Table_Provincial_GTAC35378[[#This Row],[Adj.AnnualRental]],(Table_Provincial_GTAC35378[[#This Row],[RtmAnnualRental]])*(1+\n                                 (IF('MAIN-INTERFACE'!$D$2=\"No\",0,'MAIN-INTERFACE'!$D$4))^(COUNTIF(MATRIX2!M2:N2,0))))*(1+\n                                 (IF('MAIN-INTERFACE'!$D$2=\"No\",0,'MAIN-INTERFACE'!$D$8)))^2<Table_Provincial_GTAC35378[[#This Row],[Adj.AnnualRental]],(Table_Provincial_GTAC35378[[#This Row],[RtmAnnualRental]])*(1+\n\n                                 (IF('MAIN-INTERFACE'!$D$2=\"No\",0,'MAIN-INTERFACE'!$D$4))^(COUNTIF(MATRIX2!M2:N2,0)))*(1+\n                                 (IF('MAIN-INTERFACE'!$D$2=\"No\",0,'MAIN-INTERFACE'!$D$8)))^MATRIX2!D2,Table_Provincial_GTAC35378[[#This Row],[Adj.AnnualRental]])*(1+\n\n                                (IF('MAIN-INTERFACE'!$D$2=\"No\",Table_Provincial_GTAC35378[[#This Row],[TnTEscalation]],'MAIN-INTERFACE'!$G$2)))^\n                                 (IF((COUNTIF(MATRIX2!M2:N2,\">0\")-1)<0,0,COUNTIF(MATRIX2!M2:N2,\">0\"))))))","v":1981513.1891640001},{"$f":"IF('MAIN-INTERFACE'!$D$2=\"No\",(Table_Provincial_GTAC35378[[#This Row],[Adj.AnnualRental]])*(1+Table_Provincial_GTAC35378[[#This Row],[TnTEscalation]])^3,(((MATRIX2!W2*Table_Provincial_GTAC35378[[#This Row],[Adj.AnnualRental]])*(1+Table_Provincial_GTAC35378[[#This Row],[TnTEscalation]])^3)+(MATRIX2!O2*IF(IF('MAIN-INTERFACE'!$D$2=\"No\",Table_Provincial_GTAC35378[[#This Row],[Adj.AnnualRental]],(Table_Provincial_GTAC35378[[#This Row],[RtmAnnualRental]])*(1+(IF('MAIN-INTERFACE'!$D$2=\"No\",0,'MAIN-INTERFACE'!$D$4))^(COUNTIF(MATRIX2!M2:O2,0))))*(1+(IF('MAIN-INTERFACE'!$D$2=\"No\",0,'MAIN-INTERFACE'!$D$8)))^3<Table_Provincial_GTAC35378[[#This Row],[Adj.AnnualRental]],(Table_Provincial_GTAC35378[[#This Row],[RtmAnnualRental]])*(1+(IF('MAIN-INTERFACE'!$D$2=\"No\",0,'MAIN-INTERFACE'!$D$4))^(COUNTIF(MATRIX2!M2:O2,0)))*(1+(IF('MAIN-INTERFACE'!$D$2=\"No\",0,'MAIN-INTERFACE'!$D$8)))^MATRIX2!E2,Table_Provincial_GTAC35378[[#This Row],[Adj.AnnualRental]])*(1+(IF('MAIN-INTERFACE'!$D$2=\"No\",Table_Provincial_GTAC35378[[#This Row],[TnTEscalation]],'MAIN-INTERFACE'!$G$2)))^(IF((COUNTIF(MATRIX2!M2:O2,\">0\")-1)<0,0,COUNTIF(MATRIX2!M2:O2,\">0\"))))))","v":2120219.1124054804},{"$f":"IF('MAIN-INTERFACE'!$D$2=\"No\",(Table_Provincial_GTAC35378[[#This Row],[Adj.AnnualRental]])*(1+Table_Provincial_GTAC35378[[#This Row],[TnTEscalation]])^4,((((MATRIX2!X2*Table_Provincial_GTAC35378[[#This Row],[Adj.AnnualRental]])*(1+Table_Provincial_GTAC35378[[#This Row],[TnTEscalation]])^4)+(MATRIX2!P2*IF(IF('MAIN-INTERFACE'!$D$2=\"No\",Table_Provincial_GTAC35378[[#This Row],[Adj.AnnualRental]],(Table_Provincial_GTAC35378[[#This Row],[RtmAnnualRental]])*(1+(IF('MAIN-INTERFACE'!$D$2=\"No\",0,'MAIN-INTERFACE'!$D$4))^(COUNTIF(MATRIX2!M2:P2,0))))*(1+(IF('MAIN-INTERFACE'!$D$2=\"No\",0,'MAIN-INTERFACE'!$D$8)))^4<Table_Provincial_GTAC35378[[#This Row],[Adj.AnnualRental]],(Table_Provincial_GTAC35378[[#This Row],[RtmAnnualRental]])*(1+(IF('MAIN-INTERFACE'!$D$2=\"No\",0,'MAIN-INTERFACE'!$D$4))^(COUNTIF(MATRIX2!M2:P2,0)))*(1+(IF('MAIN-INTERFACE'!$D$2=\"No\",0,'MAIN-INTERFACE'!$D$8)))^MATRIX2!F2,Table_Provincial_GTAC35378[[#This Row],[Adj.AnnualRental]])*(1+(IF('MAIN-INTERFACE'!$D$2=\"No\",Table_Provincial_GTAC35378[[#This Row],[TnTEscalation]],'MAIN-INTERFACE'!$G$2)))^(IF((COUNTIF(MATRIX2!M2:P2,\">0\")-1)<0,0,COUNTIF(MATRIX2!M2:P2,\">0\")))))))","v":2268634.450273864},{"$f":"IF('MAIN-INTERFACE'!$D$2=\"No\",(Table_Provincial_GTAC35378[[#This Row],[Adj.AnnualRental]])*(1+Table_Provincial_GTAC35378[[#This Row],[TnTEscalation]])^5,(((MATRIX2!Y2*Table_Provincial_GTAC35378[[#This Row],[Adj.AnnualRental]])*(1+Table_Provincial_GTAC35378[[#This Row],[TnTEscalation]])^5)+(MATRIX2!Q2*IF(IF('MAIN-INTERFACE'!$D$2=\"No\",Table_Provincial_GTAC35378[[#This Row],[Adj.AnnualRental]],(Table_Provincial_GTAC35378[[#This Row],[RtmAnnualRental]])*(1+(IF('MAIN-INTERFACE'!$D$2=\"No\",0,'MAIN-INTERFACE'!$D$4))^(COUNTIF(MATRIX2!M2:Q2,0))))*(1+(IF('MAIN-INTERFACE'!$D$2=\"No\",0,'MAIN-INTERFACE'!$D$8)))^5<Table_Provincial_GTAC35378[[#This Row],[Adj.AnnualRental]],(Table_Provincial_GTAC35378[[#This Row],[RtmAnnualRental]])*(1+(IF('MAIN-INTERFACE'!$D$2=\"No\",0,'MAIN-INTERFACE'!$D$4))^(COUNTIF(MATRIX2!M2:Q2,0)))*(1+(IF('MAIN-INTERFACE'!$D$2=\"No\",0,'MAIN-INTERFACE'!$D$8)))^MATRIX2!G2,Table_Provincial_GTAC35378[[#This Row],[Adj.AnnualRental]])*(1+(IF('MAIN-INTERFACE'!$D$2=\"No\",Table_Provincial_GTAC35378[[#This Row],[TnTEscalation]],'MAIN-INTERFACE'!$G$2)))^(IF((COUNTIF(MATRIX2!M2:Q2,\">0\")-1)<0,0,COUNTIF(MATRIX2!M2:Q2,\">0\"))))))","v":2427438.8617930347},{"$f":"IF('MAIN-INTERFACE'!$D$2=\"No\",(Table_Provincial_GTAC35378[[#This Row],[Adj.AnnualRental]])*(1+Table_Provincial_GTAC35378[[#This Row],[TnTEscalation]])^6,(((MATRIX2!Z2*Table_Provincial_GTAC35378[[#This Row],[Adj.AnnualRental]])*(1+Table_Provincial_GTAC35378[[#This Row],[TnTEscalation]])^6)+(MATRIX2!R2*IF(IF('MAIN-INTERFACE'!$D$2=\"No\",Table_Provincial_GTAC35378[[#This Row],[Adj.AnnualRental]],(Table_Provincial_GTAC35378[[#This Row],[RtmAnnualRental]])*(1+(IF('MAIN-INTERFACE'!$D$2=\"No\",0,'MAIN-INTERFACE'!$D$4))^(COUNTIF(MATRIX2!M2:R2,0))))*(1+(IF('MAIN-INTERFACE'!$D$2=\"No\",0,'MAIN-INTERFACE'!$D$8)))^6<Table_Provincial_GTAC35378[[#This Row],[Adj.AnnualRental]],(Table_Provincial_GTAC35378[[#This Row],[RtmAnnualRental]])*(1+(IF('MAIN-INTERFACE'!$D$2=\"No\",0,'MAIN-INTERFACE'!$D$4))^(COUNTIF(MATRIX2!M2:R2,0)))*(1+(IF('MAIN-INTERFACE'!$D$2=\"No\",0,'MAIN-INTERFACE'!$D$8)))^MATRIX2!H2,Table_Provincial_GTAC35378[[#This Row],[Adj.AnnualRental]])*(1+(IF('MAIN-INTERFACE'!$D$2=\"No\",Table_Provincial_GTAC35378[[#This Row],[TnTEscalation]],'MAIN-INTERFACE'!$G$2)))^(IF((COUNTIF(MATRIX2!M2:R2,\">0\")-1)<0,0,COUNTIF(MATRIX2!M2:R2,\">0\"))))))","v":1625007.6544309992},{"$f":"IF('MAIN-INTERFACE'!$D$2=\"No\",(Table_Provincial_GTAC35378[[#This Row],[Adj.AnnualRental]])*(1+Table_Provincial_GTAC35378[[#This Row],[TnTEscalation]])^7,(((MATRIX2!AA2*Table_Provincial_GTAC35378[[#This Row],[Adj.AnnualRental]])*(1+Table_Provincial_GTAC35378[[#This Row],[TnTEscalation]])^7)+(MATRIX2!S2*IF(IF('MAIN-INTERFACE'!$D$2=\"No\",Table_Provincial_GTAC35378[[#This Row],[Adj.AnnualRental]],(Table_Provincial_GTAC35378[[#This Row],[RtmAnnualRental]])*(1+(IF('MAIN-INTERFACE'!$D$2=\"No\",0,'MAIN-INTERFACE'!$D$4))^(COUNTIF(MATRIX2!M2:S2,0))))*(1+(IF('MAIN-INTERFACE'!$D$2=\"No\",0,'MAIN-INTERFACE'!$D$8)))^7<Table_Provincial_GTAC35378[[#This Row],[Adj.AnnualRental]],(Table_Provincial_GTAC35378[[#This Row],[RtmAnnualRental]])*(1+(IF('MAIN-INTERFACE'!$D$2=\"No\",0,'MAIN-INTERFACE'!$D$4))^(COUNTIF(MATRIX2!M2:S2,0)))*(1+(IF('MAIN-INTERFACE'!$D$2=\"No\",0,'MAIN-INTERFACE'!$D$8)))^MATRIX2!I2,Table_Provincial_GTAC35378[[#This Row],[Adj.AnnualRental]])*(1+(IF('MAIN-INTERFACE'!$D$2=\"No\",Table_Provincial_GTAC35378[[#This Row],[TnTEscalation]],'MAIN-INTERFACE'!$G$2)))^(IF((COUNTIF(MATRIX2!M2:S2,\">0\")-1)<0,0,COUNTIF(MATRIX2!M2:S2,\">0\"))))))","v":712997.58551094518},{"$f":"SUM(Table_Provincial_GTAC35378[[#This Row],[FY 2018/19]:[FY 2023/24]])","v":11135810.853578322},{"$f":"TODAY()","v":"2021-11-11"},"L/M/U",{"$f":"'MAIN-INTERFACE'!$D$4","v":0.04}]
[{"$f":"Table_Provincial_GTAC3536[[#This Row],[SystemID]]","v":2},{"$f":"VLOOKUP($A3,DATA2!$A$2:$S$607,2,FALSE)","v":"KZN"},{"$f":"VLOOKUP($A3,DATA2!$A$2:$S$607,3,FALSE)","v":"KwaZulu-Natal"},{"$f":"VLOOKUP($A3,DATA2!$A$2:$S$607,4,FALSE)","v":169.35356330014224},{"$f":"VLOOKUP($A3,DATA2!$A$2:$S$607,5,FALSE)","v":65},{"$f":"VLOOKUP($A3,DATA2!$A$2:$S$607,6,FALSE)","v":"MAIN CENTRE"},{"$f":"VLOOKUP($A3,DATA2!$A$2:$S$607,7,FALSE)","v":1406},{"$f":"VLOOKUP($A3,DATA2!$A$2:$S$607,8,FALSE)","v":true},{"$f":"VLOOKUP($A3,DATA2!$A$2:$S$607,9,FALSE)","v":0.08},{"$f":"VLOOKUP($A3,DATA2!$A$2:$S$607,10,FALSE)","v":238111.11},{"$f":"VLOOKUP($A3,DATA2!$A$2:$S$607,11,FALSE)","v":2857333.32},{"$f":"Table_Provincial_GTAC35378[[#This Row],[Benchmark]]*Table_Provincial_GTAC35378[[#This Row],[ExtentM2]]*12","v":1096680},{"$f":"VLOOKUP($A3,DATA2!$A$2:$S$607,12,FALSE)","v":"2015-01-01"},{"$f":"VLOOKUP($A3,DATA2!$A$2:$S$607,13,FALSE)","v":"2017-12-31"},{"$f":"VLOOKUP($A3,DATA2!$A$2:$S$607,14,FALSE)","v":"No"},{"$f":"IF(MATRIX2!D3=1,($Y$8-$X$2)/365*Table_Provincial_GTAC35378[[#This Row],[Adj.AnnualRental]]*MATRIX2!D3,($Y$8-$X$2)/365*Table_Provincial_GTAC35378[[#This Row],[Adj.AnnualRental]])","v":-10341198.125260273},{"$f":"IF('MAIN-INTERFACE'!$D$2=\"No\",(Table_Provincial_GTAC35378[[#This Row],[Adj.AnnualRental]])*(1+Table_Provincial_GTAC35378[[#This Row],[TnTEscalation]])^2,\n    (((MATRIX2!V3*Table_Provincial_GTAC35378[[#This Row],[Adj.AnnualRental]])*(1+Table_Provincial_GTAC35378[[#This Row],[TnTEscalation]])^2)+\n       (MATRIX2!N3* IF(IF('MAIN-INTERFACE'!$D$2=\"No\",Table_Provincial_GTAC35378[[#This Row],[Adj.AnnualRental]],(Table_Provincial_GTAC35378[[#This Row],[RtmAnnualRental]])*(1+\n                                 (IF('MAIN-INTERFACE'!$D$2=\"No\",0,'MAIN-INTERFACE'!$D$4))^(COUNTIF(MATRIX2!M3:N3,0))))*(1+\n                                 (IF('MAIN-INTERFACE'!$D$2=\"No\",0,'MAIN-INTERFACE'!$D$8)))^2<Table_Provincial_GTAC35378[[#This Row],[Adj.AnnualRental]],(Table_Provincial_GTAC35378[[#This Row],[RtmAnnualRental]])*(1+\n\n                                 (IF('MAIN-INTERFACE'!$D$2=\"No\",0,'MAIN-INTERFACE'!$D$4))^(COUNTIF(MATRIX2!M3:N3,0)))*(1+\n                                 (IF('MAIN-INTERFACE'!$D$2=\"No\",0,'MAIN-INTERFACE'!$D$8)))^MATRIX2!D3,Table_Provincial_GTAC35378[[#This Row],[Adj.AnnualRental]])*(1+\n\n                                (IF('MAIN-INTERFACE'!$D$2=\"No\",Table_Provincial_GTAC35378[[#This Row],[TnTEscalation]],'MAIN-INTERFACE'!$G$2)))^\n                                 (IF((COUNTIF(MATRIX2!M3:N3,\">0\")-1)<0,0,COUNTIF(MATRIX2!M3:N3,\">0\"))))))","v":1754207.5249780603},{"$f":"IF('MAIN-INTERFACE'!$D$2=\"No\",(Table_Provincial_GTAC35378[[#This Row],[Adj.AnnualRental]])*(1+Table_Provincial_GTAC35378[[#This Row],[TnTEscalation]])^3,(((MATRIX2!W3*Table_Provincial_GTAC35378[[#This Row],[Adj.AnnualRental]])*(1+Table_Provincial_GTAC35378[[#This Row],[TnTEscalation]])^3)+(MATRIX2!O3*IF(IF('MAIN-INTERFACE'!$D$2=\"No\",Table_Provincial_GTAC35378[[#This Row],[Adj.AnnualRental]],(Table_Provincial_GTAC35378[[#This Row],[RtmAnnualRental]])*(1+(IF('MAIN-INTERFACE'!$D$2=\"No\",0,'MAIN-INTERFACE'!$D$4))^(COUNTIF(MATRIX2!M3:O3,0))))*(1+(IF('MAIN-INTERFACE'!$D$2=\"No\",0,'MAIN-INTERFACE'!$D$8)))^3<Table_Provincial_GTAC35378[[#This Row],[Adj.AnnualRental]],(Table_Provincial_GTAC35378[[#This Row],[RtmAnnualRental]])*(1+(IF('MAIN-INTERFACE'!$D$2=\"No\",0,'MAIN-INTERFACE'!$D$4))^(COUNTIF(MATRIX2!M3:O3,0)))*(1+(IF('MAIN-INTERFACE'!$D$2=\"No\",0,'MAIN-INTERFACE'!$D$8)))^MATRIX2!E3,Table_Provincial_GTAC35378[[#This Row],[Adj.AnnualRental]])*(1+(IF('MAIN-INTERFACE'!$D$2=\"No\",Table_Provincial_GTAC35378[[#This Row],[TnTEscalation]],'MAIN-INTERFACE'!$G$2)))^(IF((COUNTIF(MATRIX2!M3:O3,\">0\")-1)<0,0,COUNTIF(MATRIX2!M3:O3,\">0\"))))))","v":1318044.8579999998},{"$f":"IF('MAIN-INTERFACE'!$D$2=\"No\",(Table_Provincial_GTAC35378[[#This Row],[Adj.AnnualRental]])*(1+Table_Provincial_GTAC35378[[#This Row],[TnTEscalation]])^4,((((MATRIX2!X3*Table_Provincial_GTAC35378[[#This Row],[Adj.AnnualRental]])*(1+Table_Provincial_GTAC35378[[#This Row],[TnTEscalation]])^4)+(MATRIX2!P3*IF(IF('MAIN-INTERFACE'!$D$2=\"No\",Table_Provincial_GTAC35378[[#This Row],[Adj.AnnualRental]],(Table_Provincial_GTAC35378[[#This Row],[RtmAnnualRental]])*(1+(IF('MAIN-INTERFACE'!$D$2=\"No\",0,'MAIN-INTERFACE'!$D$4))^(COUNTIF(MATRIX2!M3:P3,0))))*(1+(IF('MAIN-INTERFACE'!$D$2=\"No\",0,'MAIN-INTERFACE'!$D$8)))^4<Table_Provincial_GTAC35378[[#This Row],[Adj.AnnualRental]],(Table_Provincial_GTAC35378[[#This Row],[RtmAnnualRental]])*(1+(IF('MAIN-INTERFACE'!$D$2=\"No\",0,'MAIN-INTERFACE'!$D$4))^(COUNTIF(MATRIX2!M3:P3,0)))*(1+(IF('MAIN-INTERFACE'!$D$2=\"No\",0,'MAIN-INTERFACE'!$D$8)))^MATRIX2!F3,Table_Provincial_GTAC35378[[#This Row],[Adj.AnnualRental]])*(1+(IF('MAIN-INTERFACE'!$D$2=\"No\",Table_Provincial_GTAC35378[[#This Row],[TnTEscalation]],'MAIN-INTERFACE'!$G$2)))^(IF((COUNTIF(MATRIX2!M3:P3,\">0\")-1)<0,0,COUNTIF(MATRIX2!M3:P3,\">0\")))))))","v":1416898.2223499997},{"$f":"IF('MAIN-INTERFACE'!$D$2=\"No\",(Table_Provincial_GTAC35378[[#This Row],[Adj.AnnualRental]])*(1+Table_Provincial_GTAC35378[[#This Row],[TnTEscalation]])^5,(((MATRIX2!Y3*Table_Provincial_GTAC35378[[#This Row],[Adj.AnnualRental]])*(1+Table_Provincial_GTAC35378[[#This Row],[TnTEscalation]])^5)+(MATRIX2!Q3*IF(IF('MAIN-INTERFACE'!$D$2=\"No\",Table_Provincial_GTAC35378[[#This Row],[Adj.AnnualRental]],(Table_Provincial_GTAC35378[[#This Row],[RtmAnnualRental]])*(1+(IF('MAIN-INTERFACE'!$D$2=\"No\",0,'MAIN-INTERFACE'!$D$4))^(COUNTIF(MATRIX2!M3:Q3,0))))*(1+(IF('MAIN-INTERFACE'!$D$2=\"No\",0,'MAIN-INTERFACE'!$D$8)))^5<Table_Provincial_GTAC35378[[#This Row],[Adj.AnnualRental]],(Table_Provincial_GTAC35378[[#This Row],[RtmAnnualRental]])*(1+(IF('MAIN-INTERFACE'!$D$2=\"No\",0,'MAIN-INTERFACE'!$D$4))^(COUNTIF(MATRIX2!M3:Q3,0)))*(1+(IF('MAIN-INTERFACE'!$D$2=\"No\",0,'MAIN-INTERFACE'!$D$8)))^MATRIX2!G3,Table_Provincial_GTAC35378[[#This Row],[Adj.AnnualRental]])*(1+(IF('MAIN-INTERFACE'!$D$2=\"No\",Table_Provincial_GTAC35378[[#This Row],[TnTEscalation]],'MAIN-INTERFACE'!$G$2)))^(IF((COUNTIF(MATRIX2!M3:Q3,\">0\")-1)<0,0,COUNTIF(MATRIX2!M3:Q3,\">0\"))))))","v":1523165.5890262497},{"$f":"IF('MAIN-INTERFACE'!$D$2=\"No\",(Table_Provincial_GTAC35378[[#This Row],[Adj.AnnualRental]])*(1+Table_Provincial_GTAC35378[[#This Row],[TnTEscalation]])^6,(((MATRIX2!Z3*Table_Provincial_GTAC35378[[#This Row],[Adj.AnnualRental]])*(1+Table_Provincial_GTAC35378[[#This Row],[TnTEscalation]])^6)+(MATRIX2!R3*IF(IF('MAIN-INTERFACE'!$D$2=\"No\",Table_Provincial_GTAC35378[[#This Row],[Adj.AnnualRental]],(Table_Provincial_GTAC35378[[#This Row],[RtmAnnualRental]])*(1+(IF('MAIN-INTERFACE'!$D$2=\"No\",0,'MAIN-INTERFACE'!$D$4))^(COUNTIF(MATRIX2!M3:R3,0))))*(1+(IF('MAIN-INTERFACE'!$D$2=\"No\",0,'MAIN-INTERFACE'!$D$8)))^6<Table_Provincial_GTAC35378[[#This Row],[Adj.AnnualRental]],(Table_Provincial_GTAC35378[[#This Row],[RtmAnnualRental]])*(1+(IF('MAIN-INTERFACE'!$D$2=\"No\",0,'MAIN-INTERFACE'!$D$4))^(COUNTIF(MATRIX2!M3:R3,0)))*(1+(IF('MAIN-INTERFACE'!$D$2=\"No\",0,'MAIN-INTERFACE'!$D$8)))^MATRIX2!H3,Table_Provincial_GTAC35378[[#This Row],[Adj.AnnualRental]])*(1+(IF('MAIN-INTERFACE'!$D$2=\"No\",Table_Provincial_GTAC35378[[#This Row],[TnTEscalation]],'MAIN-INTERFACE'!$G$2)))^(IF((COUNTIF(MATRIX2!M3:R3,\">0\")-1)<0,0,COUNTIF(MATRIX2!M3:R3,\">0\"))))))","v":1637403.0082032185},{"$f":"IF('MAIN-INTERFACE'!$D$2=\"No\",(Table_Provincial_GTAC35378[[#This Row],[Adj.AnnualRental]])*(1+Table_Provincial_GTAC35378[[#This Row],[TnTEscalation]])^7,(((MATRIX2!AA3*Table_Provincial_GTAC35378[[#This Row],[Adj.AnnualRental]])*(1+Table_Provincial_GTAC35378[[#This Row],[TnTEscalation]])^7)+(MATRIX2!S3*IF(IF('MAIN-INTERFACE'!$D$2=\"No\",Table_Provincial_GTAC35378[[#This Row],[Adj.AnnualRental]],(Table_Provincial_GTAC35378[[#This Row],[RtmAnnualRental]])*(1+(IF('MAIN-INTERFACE'!$D$2=\"No\",0,'MAIN-INTERFACE'!$D$4))^(COUNTIF(MATRIX2!M3:S3,0))))*(1+(IF('MAIN-INTERFACE'!$D$2=\"No\",0,'MAIN-INTERFACE'!$D$8)))^7<Table_Provincial_GTAC35378[[#This Row],[Adj.AnnualRental]],(Table_Provincial_GTAC35378[[#This Row],[RtmAnnualRental]])*(1+(IF('MAIN-INTERFACE'!$D$2=\"No\",0,'MAIN-INTERFACE'!$D$4))^(COUNTIF(MATRIX2!M3:S3,0)))*(1+(IF('MAIN-INTERFACE'!$D$2=\"No\",0,'MAIN-INTERFACE'!$D$8)))^MATRIX2!I3,Table_Provincial_GTAC35378[[#This Row],[Adj.AnnualRental]])*(1+(IF('MAIN-INTERFACE'!$D$2=\"No\",Table_Provincial_GTAC35378[[#This Row],[TnTEscalation]],'MAIN-INTERFACE'!$G$2)))^(IF((COUNTIF(MATRIX2!M3:S3,\">0\")-1)<0,0,COUNTIF(MATRIX2!M3:S3,\">0\"))))))","v":1760208.2338184598},{"$f":"SUM(Table_Provincial_GTAC35378[[#This Row],[FY 2018/19]:[FY 2023/24]])","v":9409927.4363759886}]
[{"$f":"Table_Provincial_GTAC3536[[#This Row],[SystemID]]","v":3},{"$f":"VLOOKUP($A4,DATA2!$A$2:$S$607,2,FALSE)","v":"KZN"},{"$f":"VLOOKUP($A4,DATA2!$A$2:$S$607,3,FALSE)","v":"KwaZulu-Natal"},{"$f":"VLOOKUP($A4,DATA2!$A$2:$S$607,4,FALSE)","v":124.16338983050848},{"$f":"VLOOKUP($A4,DATA2!$A$2:$S$607,5,FALSE)","v":77.5},{"$f":"VLOOKUP($A4,DATA2!$A$2:$S$607,6,FALSE)","v":"VTSD"},{"$f":"VLOOKUP($A4,DATA2!$A$2:$S$607,7,FALSE)","v":295},{"$f":"VLOOKUP($A4,DATA2!$A$2:$S$607,8,FALSE)","v":true},{"$f":"VLOOKUP($A4,DATA2!$A$2:$S$607,9,FALSE)","v":0},{"$f":"VLOOKUP($A4,DATA2!$A$2:$S$607,10,FALSE)","v":36628.199999999997},{"$f":"VLOOKUP($A4,DATA2!$A$2:$S$607,11,FALSE)","v":439538.4},{"$f":"Table_Provincial_GTAC35378[[#This Row],[Benchmark]]*Table_Provincial_GTAC35378[[#This Row],[ExtentM2]]*12","v":274350},{"$f":"VLOOKUP($A4,DATA2!$A$2:$S$607,12,FALSE)","v":"2016-04-01"},{"$f":"VLOOKUP($A4,DATA2!$A$2:$S$607,13,FALSE)","v":"2017-03-31"},{"$f":"VLOOKUP($A4,DATA2!$A$2:$S$607,14,FALSE)","v":"Yes"},{"$f":"IF(MATRIX2!D4=1,($Y$8-$X$2)/365*Table_Provincial_GTAC35378[[#This Row],[Adj.AnnualRental]]*MATRIX2!D4,($Y$8-$X$2)/365*Table_Provincial_GTAC35378[[#This Row],[Adj.AnnualRental]])","v":-1590767.7435616439},{"$f":"IF('MAIN-INTERFACE'!$D$2=\"No\",(Table_Provincial_GTAC35378[[#This Row],[Adj.AnnualRental]])*(1+Table_Provincial_GTAC35378[[#This Row],[TnTEscalation]])^2,\n    (((MATRIX2!V4*Table_Provincial_GTAC35378[[#This Row],[Adj.AnnualRental]])*(1+Table_Provincial_GTAC35378[[#This Row],[TnTEscalation]])^2)+\n       (MATRIX2!N4* IF(IF('MAIN-INTERFACE'!$D$2=\"No\",Table_Provincial_GTAC35378[[#This Row],[Adj.AnnualRental]],(Table_Provincial_GTAC35378[[#This Row],[RtmAnnualRental]])*(1+\n                                 (IF('MAIN-INTERFACE'!$D$2=\"No\",0,'MAIN-INTERFACE'!$D$4))^(COUNTIF(MATRIX2!M4:N4,0))))*(1+\n                                 (IF('MAIN-INTERFACE'!$D$2=\"No\",0,'MAIN-INTERFACE'!$D$8)))^2<Table_Provincial_GTAC35378[[#This Row],[Adj.AnnualRental]],(Table_Provincial_GTAC35378[[#This Row],[RtmAnnualRental]])*(1+\n\n                                 (IF('MAIN-INTERFACE'!$D$2=\"No\",0,'MAIN-INTERFACE'!$D$4))^(COUNTIF(MATRIX2!M4:N4,0)))*(1+\n                                 (IF('MAIN-INTERFACE'!$D$2=\"No\",0,'MAIN-INTERFACE'!$D$8)))^MATRIX2!D4,Table_Provincial_GTAC35378[[#This Row],[Adj.AnnualRental]])*(1+\n\n                                (IF('MAIN-INTERFACE'!$D$2=\"No\",Table_Provincial_GTAC35378[[#This Row],[TnTEscalation]],'MAIN-INTERFACE'!$G$2)))^\n                                 (IF((COUNTIF(MATRIX2!M4:N4,\">0\")-1)<0,0,COUNTIF(MATRIX2!M4:N4,\">0\"))))))","v":373130.85},{"$f":"IF('MAIN-INTERFACE'!$D$2=\"No\",(Table_Provincial_GTAC35378[[#This Row],[Adj.AnnualRental]])*(1+Table_Provincial_GTAC35378[[#This Row],[TnTEscalation]])^3,(((MATRIX2!W4*Table_Provincial_GTAC35378[[#This Row],[Adj.AnnualRental]])*(1+Table_Provincial_GTAC35378[[#This Row],[TnTEscalation]])^3)+(MATRIX2!O4*IF(IF('MAIN-INTERFACE'!$D$2=\"No\",Table_Provincial_GTAC35378[[#This Row],[Adj.AnnualRental]],(Table_Provincial_GTAC35378[[#This Row],[RtmAnnualRental]])*(1+(IF('MAIN-INTERFACE'!$D$2=\"No\",0,'MAIN-INTERFACE'!$D$4))^(COUNTIF(MATRIX2!M4:O4,0))))*(1+(IF('MAIN-INTERFACE'!$D$2=\"No\",0,'MAIN-INTERFACE'!$D$8)))^3<Table_Provincial_GTAC35378[[#This Row],[Adj.AnnualRental]],(Table_Provincial_GTAC35378[[#This Row],[RtmAnnualRental]])*(1+(IF('MAIN-INTERFACE'!$D$2=\"No\",0,'MAIN-INTERFACE'!$D$4))^(COUNTIF(MATRIX2!M4:O4,0)))*(1+(IF('MAIN-INTERFACE'!$D$2=\"No\",0,'MAIN-INTERFACE'!$D$8)))^MATRIX2!E4,Table_Provincial_GTAC35378[[#This Row],[Adj.AnnualRental]])*(1+(IF('MAIN-INTERFACE'!$D$2=\"No\",Table_Provincial_GTAC35378[[#This Row],[TnTEscalation]],'MAIN-INTERFACE'!$G$2)))^(IF((COUNTIF(MATRIX2!M4:O4,\">0\")-1)<0,0,COUNTIF(MATRIX2!M4:O4,\">0\"))))))","v":329727.54749999999},{"$f":"IF('MAIN-INTERFACE'!$D$2=\"No\",(Table_Provincial_GTAC35378[[#This Row],[Adj.AnnualRental]])*(1+Table_Provincial_GTAC35378[[#This Row],[TnTEscalation]])^4,((((MATRIX2!X4*Table_Provincial_GTAC35378[[#This Row],[Adj.AnnualRental]])*(1+Table_Provincial_GTAC35378[[#This Row],[TnTEscalation]])^4)+(MATRIX2!P4*IF(IF('MAIN-INTERFACE'!$D$2=\"No\",Table_Provincial_GTAC35378[[#This Row],[Adj.AnnualRental]],(Table_Provincial_GTAC35378[[#This Row],[RtmAnnualRental]])*(1+(IF('MAIN-INTERFACE'!$D$2=\"No\",0,'MAIN-INTERFACE'!$D$4))^(COUNTIF(MATRIX2!M4:P4,0))))*(1+(IF('MAIN-INTERFACE'!$D$2=\"No\",0,'MAIN-INTERFACE'!$D$8)))^4<Table_Provincial_GTAC35378[[#This Row],[Adj.AnnualRental]],(Table_Provincial_GTAC35378[[#This Row],[RtmAnnualRental]])*(1+(IF('MAIN-INTERFACE'!$D$2=\"No\",0,'MAIN-INTERFACE'!$D$4))^(COUNTIF(MATRIX2!M4:P4,0)))*(1+(IF('MAIN-INTERFACE'!$D$2=\"No\",0,'MAIN-INTERFACE'!$D$8)))^MATRIX2!F4,Table_Provincial_GTAC35378[[#This Row],[Adj.AnnualRental]])*(1+(IF('MAIN-INTERFACE'!$D$2=\"No\",Table_Provincial_GTAC35378[[#This Row],[TnTEscalation]],'MAIN-INTERFACE'!$G$2)))^(IF((COUNTIF(MATRIX2!M4:P4,\">0\")-1)<0,0,COUNTIF(MATRIX2!M4:P4,\">0\")))))))","v":354457.11356249999},{"$f":"IF('MAIN-INTERFACE'!$D$2=\"No\",(Table_Provincial_GTAC35378[[#This Row],[Adj.AnnualRental]])*(1+Table_Provincial_GTAC35378[[#This Row],[TnTEscalation]])^5,(((MATRIX2!Y4*Table_Provincial_GTAC35378[[#This Row],[Adj.AnnualRental]])*(1+Table_Provincial_GTAC35378[[#This Row],[TnTEscalation]])^5)+(MATRIX2!Q4*IF(IF('MAIN-INTERFACE'!$D$2=\"No\",Table_Provincial_GTAC35378[[#This Row],[Adj.AnnualRental]],(Table_Provincial_GTAC35378[[#This Row],[RtmAnnualRental]])*(1+(IF('MAIN-INTERFACE'!$D$2=\"No\",0,'MAIN-INTERFACE'!$D$4))^(COUNTIF(MATRIX2!M4:Q4,0))))*(1+(IF('MAIN-INTERFACE'!$D$2=\"No\",0,'MAIN-INTERFACE'!$D$8)))^5<Table_Provincial_GTAC35378[[#This Row],[Adj.AnnualRental]],(Table_Provincial_GTAC35378[[#This Row],[RtmAnnualRental]])*(1+(IF('MAIN-INTERFACE'!$D$2=\"No\",0,'MAIN-INTERFACE'!$D$4))^(COUNTIF(MATRIX2!M4:Q4,0)))*(1+(IF('MAIN-INTERFACE'!$D$2=\"No\",0,'MAIN-INTERFACE'!$D$8)))^MATRIX2!G4,Table_Provincial_GTAC35378[[#This Row],[Adj.AnnualRental]])*(1+(IF('MAIN-INTERFACE'!$D$2=\"No\",Table_Provincial_GTAC35378[[#This Row],[TnTEscalation]],'MAIN-INTERFACE'!$G$2)))^(IF((COUNTIF(MATRIX2!M4:Q4,\">0\")-1)<0,0,COUNTIF(MATRIX2!M4:Q4,\">0\"))))))","v":381041.39707968745},{"$f":"IF('MAIN-INTERFACE'!$D$2=\"No\",(Table_Provincial_GTAC35378[[#This Row],[Adj.AnnualRental]])*(1+Table_Provincial_GTAC35378[[#This Row],[TnTEscalation]])^6,(((MATRIX2!Z4*Table_Provincial_GTAC35378[[#This Row],[Adj.AnnualRental]])*(1+Table_Provincial_GTAC35378[[#This Row],[TnTEscalation]])^6)+(MATRIX2!R4*IF(IF('MAIN-INTERFACE'!$D$2=\"No\",Table_Provincial_GTAC35378[[#This Row],[Adj.AnnualRental]],(Table_Provincial_GTAC35378[[#This Row],[RtmAnnualRental]])*(1+(IF('MAIN-INTERFACE'!$D$2=\"No\",0,'MAIN-INTERFACE'!$D$4))^(COUNTIF(MATRIX2!M4:R4,0))))*(1+(IF('MAIN-INTERFACE'!$D$2=\"No\",0,'MAIN-INTERFACE'!$D$8)))^6<Table_Provincial_GTAC35378[[#This Row],[Adj.AnnualRental]],(Table_Provincial_GTAC35378[[#This Row],[RtmAnnualRental]])*(1+(IF('MAIN-INTERFACE'!$D$2=\"No\",0,'MAIN-INTERFACE'!$D$4))^(COUNTIF(MATRIX2!M4:R4,0)))*(1+(IF('MAIN-INTERFACE'!$D$2=\"No\",0,'MAIN-INTERFACE'!$D$8)))^MATRIX2!H4,Table_Provincial_GTAC35378[[#This Row],[Adj.AnnualRental]])*(1+(IF('MAIN-INTERFACE'!$D$2=\"No\",Table_Provincial_GTAC35378[[#This Row],[TnTEscalation]],'MAIN-INTERFACE'!$G$2)))^(IF((COUNTIF(MATRIX2!M4:R4,\">0\")-1)<0,0,COUNTIF(MATRIX2!M4:R4,\">0\"))))))","v":409619.50186066405},{"$f":"IF('MAIN-INTERFACE'!$D$2=\"No\",(Table_Provincial_GTAC35378[[#This Row],[Adj.AnnualRental]])*(1+Table_Provincial_GTAC35378[[#This Row],[TnTEscalation]])^7,(((MATRIX2!AA4*Table_Provincial_GTAC35378[[#This Row],[Adj.AnnualRental]])*(1+Table_Provincial_GTAC35378[[#This Row],[TnTEscalation]])^7)+(MATRIX2!S4*IF(IF('MAIN-INTERFACE'!$D$2=\"No\",Table_Provincial_GTAC35378[[#This Row],[Adj.AnnualRental]],(Table_Provincial_GTAC35378[[#This Row],[RtmAnnualRental]])*(1+(IF('MAIN-INTERFACE'!$D$2=\"No\",0,'MAIN-INTERFACE'!$D$4))^(COUNTIF(MATRIX2!M4:S4,0))))*(1+(IF('MAIN-INTERFACE'!$D$2=\"No\",0,'MAIN-INTERFACE'!$D$8)))^7<Table_Provincial_GTAC35378[[#This Row],[Adj.AnnualRental]],(Table_Provincial_GTAC35378[[#This Row],[RtmAnnualRental]])*(1+(IF('MAIN-INTERFACE'!$D$2=\"No\",0,'MAIN-INTERFACE'!$D$4))^(COUNTIF(MATRIX2!M4:S4,0)))*(1+(IF('MAIN-INTERFACE'!$D$2=\"No\",0,'MAIN-INTERFACE'!$D$8)))^MATRIX2!I4,Table_Provincial_GTAC35378[[#This Row],[Adj.AnnualRental]])*(1+(IF('MAIN-INTERFACE'!$D$2=\"No\",Table_Provincial_GTAC35378[[#This Row],[TnTEscalation]],'MAIN-INTERFACE'!$G$2)))^(IF((COUNTIF(MATRIX2!M4:S4,\">0\")-1)<0,0,COUNTIF(MATRIX2!M4:S4,\">0\"))))))","v":440340.9645002138},{"$f":"SUM(Table_Provincial_GTAC35378[[#This Row],[FY 2018/19]:[FY 2023/24]])","v":2288317.3745030654}]
[{"$f":"Table_Provincial_GTAC3536[[#This Row],[SystemID]]","v":4},{"$f":"VLOOKUP($A5,DATA2!$A$2:$S$607,2,FALSE)","v":"KZN"},{"$f":"VLOOKUP($A5,DATA2!$A$2:$S$607,3,FALSE)","v":"KwaZulu-Natal"},{"$f":"VLOOKUP($A5,DATA2!$A$2:$S$607,4,FALSE)","v":110.23819209039549},{"$f":"VLOOKUP($A5,DATA2!$A$2:$S$607,5,FALSE)","v":65},{"$f":"VLOOKUP($A5,DATA2!$A$2:$S$607,6,FALSE)","v":"VTSD"},{"$f":"VLOOKUP($A5,DATA2!$A$2:$S$607,7,FALSE)","v":354},{"$f":"VLOOKUP($A5,DATA2!$A$2:$S$607,8,FALSE)","v":true},{"$f":"VLOOKUP($A5,DATA2!$A$2:$S$607,9,FALSE)","v":0},{"$f":"VLOOKUP($A5,DATA2!$A$2:$S$607,10,FALSE)","v":39024.32},{"$f":"VLOOKUP($A5,DATA2!$A$2:$S$607,11,FALSE)","v":468291.84000000003},{"$f":"Table_Provincial_GTAC35378[[#This Row],[Benchmark]]*Table_Provincial_GTAC35378[[#This Row],[ExtentM2]]*12","v":276120},{"$f":"VLOOKUP($A5,DATA2!$A$2:$S$607,12,FALSE)","v":"2016-05-01"},{"$f":"VLOOKUP($A5,DATA2!$A$2:$S$607,13,FALSE)","v":"2016-10-31"},{"$f":"VLOOKUP($A5,DATA2!$A$2:$S$607,14,FALSE)","v":"Yes"},{"$f":"IF(MATRIX2!D5=1,($Y$8-$X$2)/365*Table_Provincial_GTAC35378[[#This Row],[Adj.AnnualRental]]*MATRIX2!D5,($Y$8-$X$2)/365*Table_Provincial_GTAC35378[[#This Row],[Adj.AnnualRental]])","v":-1694831.5633972604},{"$f":"IF('MAIN-INTERFACE'!$D$2=\"No\",(Table_Provincial_GTAC35378[[#This Row],[Adj.AnnualRental]])*(1+Table_Provincial_GTAC35378[[#This Row],[TnTEscalation]])^2,\n    (((MATRIX2!V5*Table_Provincial_GTAC35378[[#This Row],[Adj.AnnualRental]])*(1+Table_Provincial_GTAC35378[[#This Row],[TnTEscalation]])^2)+\n       (MATRIX2!N5* IF(IF('MAIN-INTERFACE'!$D$2=\"No\",Table_Provincial_GTAC35378[[#This Row],[Adj.AnnualRental]],(Table_Provincial_GTAC35378[[#This Row],[RtmAnnualRental]])*(1+\n                                 (IF('MAIN-INTERFACE'!$D$2=\"No\",0,'MAIN-INTERFACE'!$D$4))^(COUNTIF(MATRIX2!M5:N5,0))))*(1+\n                                 (IF('MAIN-INTERFACE'!$D$2=\"No\",0,'MAIN-INTERFACE'!$D$8)))^2<Table_Provincial_GTAC35378[[#This Row],[Adj.AnnualRental]],(Table_Provincial_GTAC35378[[#This Row],[RtmAnnualRental]])*(1+\n\n                                 (IF('MAIN-INTERFACE'!$D$2=\"No\",0,'MAIN-INTERFACE'!$D$4))^(COUNTIF(MATRIX2!M5:N5,0)))*(1+\n                                 (IF('MAIN-INTERFACE'!$D$2=\"No\",0,'MAIN-INTERFACE'!$D$8)))^MATRIX2!D5,Table_Provincial_GTAC35378[[#This Row],[Adj.AnnualRental]])*(1+\n\n                                (IF('MAIN-INTERFACE'!$D$2=\"No\",Table_Provincial_GTAC35378[[#This Row],[TnTEscalation]],'MAIN-INTERFACE'!$G$2)))^\n                                 (IF((COUNTIF(MATRIX2!M5:N5,\">0\")-1)<0,0,COUNTIF(MATRIX2!M5:N5,\">0\"))))))","v":388497},{"$f":"IF('MAIN-INTERFACE'!$D$2=\"No\",(Table_Provincial_GTAC35378[[#This Row],[Adj.AnnualRental]])*(1+Table_Provincial_GTAC35378[[#This Row],[TnTEscalation]])^3,(((MATRIX2!W5*Table_Provincial_GTAC35378[[#This Row],[Adj.AnnualRental]])*(1+Table_Provincial_GTAC35378[[#This Row],[TnTEscalation]])^3)+(MATRIX2!O5*IF(IF('MAIN-INTERFACE'!$D$2=\"No\",Table_Provincial_GTAC35378[[#This Row],[Adj.AnnualRental]],(Table_Provincial_GTAC35378[[#This Row],[RtmAnnualRental]])*(1+(IF('MAIN-INTERFACE'!$D$2=\"No\",0,'MAIN-INTERFACE'!$D$4))^(COUNTIF(MATRIX2!M5:O5,0))))*(1+(IF('MAIN-INTERFACE'!$D$2=\"No\",0,'MAIN-INTERFACE'!$D$8)))^3<Table_Provincial_GTAC35378[[#This Row],[Adj.AnnualRental]],(Table_Provincial_GTAC35378[[#This Row],[RtmAnnualRental]])*(1+(IF('MAIN-INTERFACE'!$D$2=\"No\",0,'MAIN-INTERFACE'!$D$4))^(COUNTIF(MATRIX2!M5:O5,0)))*(1+(IF('MAIN-INTERFACE'!$D$2=\"No\",0,'MAIN-INTERFACE'!$D$8)))^MATRIX2!E5,Table_Provincial_GTAC35378[[#This Row],[Adj.AnnualRental]])*(1+(IF('MAIN-INTERFACE'!$D$2=\"No\",Table_Provincial_GTAC35378[[#This Row],[TnTEscalation]],'MAIN-INTERFACE'!$G$2)))^(IF((COUNTIF(MATRIX2!M5:O5,\">0\")-1)<0,0,COUNTIF(MATRIX2!M5:O5,\">0\"))))))","v":331854.82199999999},{"$f":"IF('MAIN-INTERFACE'!$D$2=\"No\",(Table_Provincial_GTAC35378[[#This Row],[Adj.AnnualRental]])*(1+Table_Provincial_GTAC35378[[#This Row],[TnTEscalation]])^4,((((MATRIX2!X5*Table_Provincial_GTAC35378[[#This Row],[Adj.AnnualRental]])*(1+Table_Provincial_GTAC35378[[#This Row],[TnTEscalation]])^4)+(MATRIX2!P5*IF(IF('MAIN-INTERFACE'!$D$2=\"No\",Table_Provincial_GTAC35378[[#This Row],[Adj.AnnualRental]],(Table_Provincial_GTAC35378[[#This Row],[RtmAnnualRental]])*(1+(IF('MAIN-INTERFACE'!$D$2=\"No\",0,'MAIN-INTERFACE'!$D$4))^(COUNTIF(MATRIX2!M5:P5,0))))*(1+(IF('MAIN-INTERFACE'!$D$2=\"No\",0,'MAIN-INTERFACE'!$D$8)))^4<Table_Provincial_GTAC35378[[#This Row],[Adj.AnnualRental]],(Table_Provincial_GTAC35378[[#This Row],[RtmAnnualRental]])*(1+(IF('MAIN-INTERFACE'!$D$2=\"No\",0,'MAIN-INTERFACE'!$D$4))^(COUNTIF(MATRIX2!M5:P5,0)))*(1+(IF('MAIN-INTERFACE'!$D$2=\"No\",0,'MAIN-INTERFACE'!$D$8)))^MATRIX2!F5,Table_Provincial_GTAC35378[[#This Row],[Adj.AnnualRental]])*(1+(IF('MAIN-INTERFACE'!$D$2=\"No\",Table_Provincial_GTAC35378[[#This Row],[TnTEscalation]],'MAIN-INTERFACE'!$G$2)))^(IF((COUNTIF(MATRIX2!M5:P5,\">0\")-1)<0,0,COUNTIF(MATRIX2!M5:P5,\">0\")))))))","v":356743.93364999996},{"$f":"IF('MAIN-INTERFACE'!$D$2=\"No\",(Table_Provincial_GTAC35378[[#This Row],[Adj.AnnualRental]])*(1+Table_Provincial_GTAC35378[[#This Row],[TnTEscalation]])^5,(((MATRIX2!Y5*Table_Provincial_GTAC35378[[#This Row],[Adj.AnnualRental]])*(1+Table_Provincial_GTAC35378[[#This Row],[TnTEscalation]])^5)+(MATRIX2!Q5*IF(IF('MAIN-INTERFACE'!$D$2=\"No\",Table_Provincial_GTAC35378[[#This Row],[Adj.AnnualRental]],(Table_Provincial_GTAC35378[[#This Row],[RtmAnnualRental]])*(1+(IF('MAIN-INTERFACE'!$D$2=\"No\",0,'MAIN-INTERFACE'!$D$4))^(COUNTIF(MATRIX2!M5:Q5,0))))*(1+(IF('MAIN-INTERFACE'!$D$2=\"No\",0,'MAIN-INTERFACE'!$D$8)))^5<Table_Provincial_GTAC35378[[#This Row],[Adj.AnnualRental]],(Table_Provincial_GTAC35378[[#This Row],[RtmAnnualRental]])*(1+(IF('MAIN-INTERFACE'!$D$2=\"No\",0,'MAIN-INTERFACE'!$D$4))^(COUNTIF(MATRIX2!M5:Q5,0)))*(1+(IF('MAIN-INTERFACE'!$D$2=\"No\",0,'MAIN-INTERFACE'!$D$8)))^MATRIX2!G5,Table_Provincial_GTAC35378[[#This Row],[Adj.AnnualRental]])*(1+(IF('MAIN-INTERFACE'!$D$2=\"No\",Table_Provincial_GTAC35378[[#This Row],[TnTEscalation]],'MAIN-INTERFACE'!$G$2)))^(IF((COUNTIF(MATRIX2!M5:Q5,\">0\")-1)<0,0,COUNTIF(MATRIX2!M5:Q5,\">0\"))))))","v":383499.72867374995},{"$f":"IF('MAIN-INTERFACE'!$D$2=\"No\",(Table_Provincial_GTAC35378[[#This Row],[Adj.AnnualRental]])*(1+Table_Provincial_GTAC35378[[#This Row],[TnTEscalation]])^6,(((MATRIX2!Z5*Table_Provincial_GTAC35378[[#This Row],[Adj.AnnualRental]])*(1+Table_Provincial_GTAC35378[[#This Row],[TnTEscalation]])^6)+(MATRIX2!R5*IF(IF('MAIN-INTERFACE'!$D$2=\"No\",Table_Provincial_GTAC35378[[#This Row],[Adj.AnnualRental]],(Table_Provincial_GTAC35378[[#This Row],[RtmAnnualRental]])*(1+(IF('MAIN-INTERFACE'!$D$2=\"No\",0,'MAIN-INTERFACE'!$D$4))^(COUNTIF(MATRIX2!M5:R5,0))))*(1+(IF('MAIN-INTERFACE'!$D$2=\"No\",0,'MAIN-INTERFACE'!$D$8)))^6<Table_Provincial_GTAC35378[[#This Row],[Adj.AnnualRental]],(Table_Provincial_GTAC35378[[#This Row],[RtmAnnualRental]])*(1+(IF('MAIN-INTERFACE'!$D$2=\"No\",0,'MAIN-INTERFACE'!$D$4))^(COUNTIF(MATRIX2!M5:R5,0)))*(1+(IF('MAIN-INTERFACE'!$D$2=\"No\",0,'MAIN-INTERFACE'!$D$8)))^MATRIX2!H5,Table_Provincial_GTAC35378[[#This Row],[Adj.AnnualRental]])*(1+(IF('MAIN-INTERFACE'!$D$2=\"No\",Table_Provincial_GTAC35378[[#This Row],[TnTEscalation]],'MAIN-INTERFACE'!$G$2)))^(IF((COUNTIF(MATRIX2!M5:R5,\">0\")-1)<0,0,COUNTIF(MATRIX2!M5:R5,\">0\"))))))","v":412262.20832428121},{"$f":"IF('MAIN-INTERFACE'!$D$2=\"No\",(Table_Provincial_GTAC35378[[#This Row],[Adj.AnnualRental]])*(1+Table_Provincial_GTAC35378[[#This Row],[TnTEscalation]])^7,(((MATRIX2!AA5*Table_Provincial_GTAC35378[[#This Row],[Adj.AnnualRental]])*(1+Table_Provincial_GTAC35378[[#This Row],[TnTEscalation]])^7)+(MATRIX2!S5*IF(IF('MAIN-INTERFACE'!$D$2=\"No\",Table_Provincial_GTAC35378[[#This Row],[Adj.AnnualRental]],(Table_Provincial_GTAC35378[[#This Row],[RtmAnnualRental]])*(1+(IF('MAIN-INTERFACE'!$D$2=\"No\",0,'MAIN-INTERFACE'!$D$4))^(COUNTIF(MATRIX2!M5:S5,0))))*(1+(IF('MAIN-INTERFACE'!$D$2=\"No\",0,'MAIN-INTERFACE'!$D$8)))^7<Table_Provincial_GTAC35378[[#This Row],[Adj.AnnualRental]],(Table_Provincial_GTAC35378[[#This Row],[RtmAnnualRental]])*(1+(IF('MAIN-INTERFACE'!$D$2=\"No\",0,'MAIN-INTERFACE'!$D$4))^(COUNTIF(MATRIX2!M5:S5,0)))*(1+(IF('MAIN-INTERFACE'!$D$2=\"No\",0,'MAIN-INTERFACE'!$D$8)))^MATRIX2!I5,Table_Provincial_GTAC35378[[#This Row],[Adj.AnnualRental]])*(1+(IF('MAIN-INTERFACE'!$D$2=\"No\",Table_Provincial_GTAC35378[[#This Row],[TnTEscalation]],'MAIN-INTERFACE'!$G$2)))^(IF((COUNTIF(MATRIX2!M5:S5,\">0\")-1)<0,0,COUNTIF(MATRIX2!M5:S5,\">0\"))))))","v":443181.87394860224},{"$f":"SUM(Table_Provincial_GTAC35378[[#This Row],[FY 2018/19]:[FY 2023/24]])","v":2316039.5665966333}]
[{"$f":"Table_Provincial_GTAC3536[[#This Row],[SystemID]]","v":5},{"$f":"VLOOKUP($A6,DATA2!$A$2:$S$607,2,FALSE)","v":"KZN"},{"$f":"VLOOKUP($A6,DATA2!$A$2:$S$607,3,FALSE)","v":"KwaZulu-Natal"},{"$f":"VLOOKUP($A6,DATA2!$A$2:$S$607,4,FALSE)","v":121.1889847715736},{"$f":"VLOOKUP($A6,DATA2!$A$2:$S$607,5,FALSE)","v":77.5},{"$f":"VLOOKUP($A6,DATA2!$A$2:$S$607,6,FALSE)","v":"VTSD"},{"$f":"VLOOKUP($A6,DATA2!$A$2:$S$607,7,FALSE)","v":394},{"$f":"VLOOKUP($A6,DATA2!$A$2:$S$607,8,FALSE)","v":true},{"$f":"VLOOKUP($A6,DATA2!$A$2:$S$607,9,FALSE)","v":0.08},{"$f":"VLOOKUP($A6,DATA2!$A$2:$S$607,10,FALSE)","v":47748.46},{"$f":"VLOOKUP($A6,DATA2!$A$2:$S$607,11,FALSE)","v":572981.52},{"$f":"Table_Provincial_GTAC35378[[#This Row],[Benchmark]]*Table_Provincial_GTAC35378[[#This Row],[ExtentM2]]*12","v":366420},{"$f":"VLOOKUP($A6,DATA2!$A$2:$S$607,12,FALSE)","v":"2016-01-01"},{"$f":"VLOOKUP($A6,DATA2!$A$2:$S$607,13,FALSE)","v":"2020-12-31"},{"$f":"VLOOKUP($A6,DATA2!$A$2:$S$607,14,FALSE)","v":"No"},{"$f":"IF(MATRIX2!D6=1,($Y$8-$X$2)/365*Table_Provincial_GTAC35378[[#This Row],[Adj.AnnualRental]]*MATRIX2!D6,($Y$8-$X$2)/365*Table_Provincial_GTAC35378[[#This Row],[Adj.AnnualRental]])","v":-2073722.1586849315},{"$f":"IF('MAIN-INTERFACE'!$D$2=\"No\",(Table_Provincial_GTAC35378[[#This Row],[Adj.AnnualRental]])*(1+Table_Provincial_GTAC35378[[#This Row],[TnTEscalation]])^2,\n    (((MATRIX2!V6*Table_Provincial_GTAC35378[[#This Row],[Adj.AnnualRental]])*(1+Table_Provincial_GTAC35378[[#This Row],[TnTEscalation]])^2)+\n       (MATRIX2!N6* IF(IF('MAIN-INTERFACE'!$D$2=\"No\",Table_Provincial_GTAC35378[[#This Row],[Adj.AnnualRental]],(Table_Provincial_GTAC35378[[#This Row],[RtmAnnualRental]])*(1+\n                                 (IF('MAIN-INTERFACE'!$D$2=\"No\",0,'MAIN-INTERFACE'!$D$4))^(COUNTIF(MATRIX2!M6:N6,0))))*(1+\n                                 (IF('MAIN-INTERFACE'!$D$2=\"No\",0,'MAIN-INTERFACE'!$D$8)))^2<Table_Provincial_GTAC35378[[#This Row],[Adj.AnnualRental]],(Table_Provincial_GTAC35378[[#This Row],[RtmAnnualRental]])*(1+\n\n                                 (IF('MAIN-INTERFACE'!$D$2=\"No\",0,'MAIN-INTERFACE'!$D$4))^(COUNTIF(MATRIX2!M6:N6,0)))*(1+\n                                 (IF('MAIN-INTERFACE'!$D$2=\"No\",0,'MAIN-INTERFACE'!$D$8)))^MATRIX2!D6,Table_Provincial_GTAC35378[[#This Row],[Adj.AnnualRental]])*(1+\n\n                                (IF('MAIN-INTERFACE'!$D$2=\"No\",Table_Provincial_GTAC35378[[#This Row],[TnTEscalation]],'MAIN-INTERFACE'!$G$2)))^\n                                 (IF((COUNTIF(MATRIX2!M6:N6,\">0\")-1)<0,0,COUNTIF(MATRIX2!M6:N6,\">0\"))))))","v":668325.64492800005},{"$f":"IF('MAIN-INTERFACE'!$D$2=\"No\",(Table_Provincial_GTAC35378[[#This Row],[Adj.AnnualRental]])*(1+Table_Provincial_GTAC35378[[#This Row],[TnTEscalation]])^3,(((MATRIX2!W6*Table_Provincial_GTAC35378[[#This Row],[Adj.AnnualRental]])*(1+Table_Provincial_GTAC35378[[#This Row],[TnTEscalation]])^3)+(MATRIX2!O6*IF(IF('MAIN-INTERFACE'!$D$2=\"No\",Table_Provincial_GTAC35378[[#This Row],[Adj.AnnualRental]],(Table_Provincial_GTAC35378[[#This Row],[RtmAnnualRental]])*(1+(IF('MAIN-INTERFACE'!$D$2=\"No\",0,'MAIN-INTERFACE'!$D$4))^(COUNTIF(MATRIX2!M6:O6,0))))*(1+(IF('MAIN-INTERFACE'!$D$2=\"No\",0,'MAIN-INTERFACE'!$D$8)))^3<Table_Provincial_GTAC35378[[#This Row],[Adj.AnnualRental]],(Table_Provincial_GTAC35378[[#This Row],[RtmAnnualRental]])*(1+(IF('MAIN-INTERFACE'!$D$2=\"No\",0,'MAIN-INTERFACE'!$D$4))^(COUNTIF(MATRIX2!M6:O6,0)))*(1+(IF('MAIN-INTERFACE'!$D$2=\"No\",0,'MAIN-INTERFACE'!$D$8)))^MATRIX2!E6,Table_Provincial_GTAC35378[[#This Row],[Adj.AnnualRental]])*(1+(IF('MAIN-INTERFACE'!$D$2=\"No\",Table_Provincial_GTAC35378[[#This Row],[TnTEscalation]],'MAIN-INTERFACE'!$G$2)))^(IF((COUNTIF(MATRIX2!M6:O6,\">0\")-1)<0,0,COUNTIF(MATRIX2!M6:O6,\">0\"))))))","v":721791.69652224006},{"$f":"IF('MAIN-INTERFACE'!$D$2=\"No\",(Table_Provincial_GTAC35378[[#This Row],[Adj.AnnualRental]])*(1+Table_Provincial_GTAC35378[[#This Row],[TnTEscalation]])^4,((((MATRIX2!X6*Table_Provincial_GTAC35378[[#This Row],[Adj.AnnualRental]])*(1+Table_Provincial_GTAC35378[[#This Row],[TnTEscalation]])^4)+(MATRIX2!P6*IF(IF('MAIN-INTERFACE'!$D$2=\"No\",Table_Provincial_GTAC35378[[#This Row],[Adj.AnnualRental]],(Table_Provincial_GTAC35378[[#This Row],[RtmAnnualRental]])*(1+(IF('MAIN-INTERFACE'!$D$2=\"No\",0,'MAIN-INTERFACE'!$D$4))^(COUNTIF(MATRIX2!M6:P6,0))))*(1+(IF('MAIN-INTERFACE'!$D$2=\"No\",0,'MAIN-INTERFACE'!$D$8)))^4<Table_Provincial_GTAC35378[[#This Row],[Adj.AnnualRental]],(Table_Provincial_GTAC35378[[#This Row],[RtmAnnualRental]])*(1+(IF('MAIN-INTERFACE'!$D$2=\"No\",0,'MAIN-INTERFACE'!$D$4))^(COUNTIF(MATRIX2!M6:P6,0)))*(1+(IF('MAIN-INTERFACE'!$D$2=\"No\",0,'MAIN-INTERFACE'!$D$8)))^MATRIX2!F6,Table_Provincial_GTAC35378[[#This Row],[Adj.AnnualRental]])*(1+(IF('MAIN-INTERFACE'!$D$2=\"No\",Table_Provincial_GTAC35378[[#This Row],[TnTEscalation]],'MAIN-INTERFACE'!$G$2)))^(IF((COUNTIF(MATRIX2!M6:P6,\">0\")-1)<0,0,COUNTIF(MATRIX2!M6:P6,\">0\")))))))","v":779535.03224401944},{"$f":"IF('MAIN-INTERFACE'!$D$2=\"No\",(Table_Provincial_GTAC35378[[#This Row],[Adj.AnnualRental]])*(1+Table_Provincial_GTAC35378[[#This Row],[TnTEscalation]])^5,(((MATRIX2!Y6*Table_Provincial_GTAC35378[[#This Row],[Adj.AnnualRental]])*(1+Table_Provincial_GTAC35378[[#This Row],[TnTEscalation]])^5)+(MATRIX2!Q6*IF(IF('MAIN-INTERFACE'!$D$2=\"No\",Table_Provincial_GTAC35378[[#This Row],[Adj.AnnualRental]],(Table_Provincial_GTAC35378[[#This Row],[RtmAnnualRental]])*(1+(IF('MAIN-INTERFACE'!$D$2=\"No\",0,'MAIN-INTERFACE'!$D$4))^(COUNTIF(MATRIX2!M6:Q6,0))))*(1+(IF('MAIN-INTERFACE'!$D$2=\"No\",0,'MAIN-INTERFACE'!$D$8)))^5<Table_Provincial_GTAC35378[[#This Row],[Adj.AnnualRental]],(Table_Provincial_GTAC35378[[#This Row],[RtmAnnualRental]])*(1+(IF('MAIN-INTERFACE'!$D$2=\"No\",0,'MAIN-INTERFACE'!$D$4))^(COUNTIF(MATRIX2!M6:Q6,0)))*(1+(IF('MAIN-INTERFACE'!$D$2=\"No\",0,'MAIN-INTERFACE'!$D$8)))^MATRIX2!G6,Table_Provincial_GTAC35378[[#This Row],[Adj.AnnualRental]])*(1+(IF('MAIN-INTERFACE'!$D$2=\"No\",Table_Provincial_GTAC35378[[#This Row],[TnTEscalation]],'MAIN-INTERFACE'!$G$2)))^(IF((COUNTIF(MATRIX2!M6:Q6,\">0\")-1)<0,0,COUNTIF(MATRIX2!M6:Q6,\">0\"))))))","v":506208.1861107623},{"$f":"IF('MAIN-INTERFACE'!$D$2=\"No\",(Table_Provincial_GTAC35378[[#This Row],[Adj.AnnualRental]])*(1+Table_Provincial_GTAC35378[[#This Row],[TnTEscalation]])^6,(((MATRIX2!Z6*Table_Provincial_GTAC35378[[#This Row],[Adj.AnnualRental]])*(1+Table_Provincial_GTAC35378[[#This Row],[TnTEscalation]])^6)+(MATRIX2!R6*IF(IF('MAIN-INTERFACE'!$D$2=\"No\",Table_Provincial_GTAC35378[[#This Row],[Adj.AnnualRental]],(Table_Provincial_GTAC35378[[#This Row],[RtmAnnualRental]])*(1+(IF('MAIN-INTERFACE'!$D$2=\"No\",0,'MAIN-INTERFACE'!$D$4))^(COUNTIF(MATRIX2!M6:R6,0))))*(1+(IF('MAIN-INTERFACE'!$D$2=\"No\",0,'MAIN-INTERFACE'!$D$8)))^6<Table_Provincial_GTAC35378[[#This Row],[Adj.AnnualRental]],(Table_Provincial_GTAC35378[[#This Row],[RtmAnnualRental]])*(1+(IF('MAIN-INTERFACE'!$D$2=\"No\",0,'MAIN-INTERFACE'!$D$4))^(COUNTIF(MATRIX2!M6:R6,0)))*(1+(IF('MAIN-INTERFACE'!$D$2=\"No\",0,'MAIN-INTERFACE'!$D$8)))^MATRIX2!H6,Table_Provincial_GTAC35378[[#This Row],[Adj.AnnualRental]])*(1+(IF('MAIN-INTERFACE'!$D$2=\"No\",Table_Provincial_GTAC35378[[#This Row],[TnTEscalation]],'MAIN-INTERFACE'!$G$2)))^(IF((COUNTIF(MATRIX2!M6:R6,\">0\")-1)<0,0,COUNTIF(MATRIX2!M6:R6,\">0\"))))))","v":423445.19651692797},{"$f":"IF('MAIN-INTERFACE'!$D$2=\"No\",(Table_Provincial_GTAC35378[[#This Row],[Adj.AnnualRental]])*(1+Table_Provincial_GTAC35378[[#This Row],[TnTEscalation]])^7,(((MATRIX2!AA6*Table_Provincial_GTAC35378[[#This Row],[Adj.AnnualRental]])*(1+Table_Provincial_GTAC35378[[#This Row],[TnTEscalation]])^7)+(MATRIX2!S6*IF(IF('MAIN-INTERFACE'!$D$2=\"No\",Table_Provincial_GTAC35378[[#This Row],[Adj.AnnualRental]],(Table_Provincial_GTAC35378[[#This Row],[RtmAnnualRental]])*(1+(IF('MAIN-INTERFACE'!$D$2=\"No\",0,'MAIN-INTERFACE'!$D$4))^(COUNTIF(MATRIX2!M6:S6,0))))*(1+(IF('MAIN-INTERFACE'!$D$2=\"No\",0,'MAIN-INTERFACE'!$D$8)))^7<Table_Provincial_GTAC35378[[#This Row],[Adj.AnnualRental]],(Table_Provincial_GTAC35378[[#This Row],[RtmAnnualRental]])*(1+(IF('MAIN-INTERFACE'!$D$2=\"No\",0,'MAIN-INTERFACE'!$D$4))^(COUNTIF(MATRIX2!M6:S6,0)))*(1+(IF('MAIN-INTERFACE'!$D$2=\"No\",0,'MAIN-INTERFACE'!$D$8)))^MATRIX2!I6,Table_Provincial_GTAC35378[[#This Row],[Adj.AnnualRental]])*(1+(IF('MAIN-INTERFACE'!$D$2=\"No\",Table_Provincial_GTAC35378[[#This Row],[TnTEscalation]],'MAIN-INTERFACE'!$G$2)))^(IF((COUNTIF(MATRIX2!M6:S6,\">0\")-1)<0,0,COUNTIF(MATRIX2!M6:S6,\">0\"))))))","v":455203.58625569753},{"$f":"SUM(Table_Provincial_GTAC35378[[#This Row],[FY 2018/19]:[FY 2023/24]])","v":3554509.3425776474}]
[{"$f":"Table_Provincial_GTAC3536[[#This Row],[SystemID]]","v":6},{"$f":"VLOOKUP($A7,DATA2!$A$2:$S$607,2,FALSE)","v":"KZN"},{"$f":"VLOOKUP($A7,DATA2!$A$2:$S$607,3,FALSE)","v":"KwaZulu-Natal"},{"$f":"VLOOKUP($A7,DATA2!$A$2:$S$607,4,FALSE)","v":115.04672222222223},{"$f":"VLOOKUP($A7,DATA2!$A$2:$S$607,5,FALSE)","v":77.5},{"$f":"VLOOKUP($A7,DATA2!$A$2:$S$607,6,FALSE)","v":"VTSD"},{"$f":"VLOOKUP($A7,DATA2!$A$2:$S$607,7,FALSE)","v":540},{"$f":"VLOOKUP($A7,DATA2!$A$2:$S$607,8,FALSE)","v":true},{"$f":"VLOOKUP($A7,DATA2!$A$2:$S$607,9,FALSE)","v":0.08},{"$f":"VLOOKUP($A7,DATA2!$A$2:$S$607,10,FALSE)","v":62125.23},{"$f":"VLOOKUP($A7,DATA2!$A$2:$S$607,11,FALSE)","v":745502.76},{"$f":"Table_Provincial_GTAC35378[[#This Row],[Benchmark]]*Table_Provincial_GTAC35378[[#This Row],[ExtentM2]]*12","v":502200},{"$f":"VLOOKUP($A7,DATA2!$A$2:$S$607,12,FALSE)","v":"2012-09-01"},{"$f":"VLOOKUP($A7,DATA2!$A$2:$S$607,13,FALSE)","v":"2017-08-31"},{"$f":"VLOOKUP($A7,DATA2!$A$2:$S$607,14,FALSE)","v":"No"},{"$f":"IF(MATRIX2!D7=1,($Y$8-$X$2)/365*Table_Provincial_GTAC35378[[#This Row],[Adj.AnnualRental]]*MATRIX2!D7,($Y$8-$X$2)/365*Table_Provincial_GTAC35378[[#This Row],[Adj.AnnualRental]])","v":-2698107.2492054794},{"$f":"IF('MAIN-INTERFACE'!$D$2=\"No\",(Table_Provincial_GTAC35378[[#This Row],[Adj.AnnualRental]])*(1+Table_Provincial_GTAC35378[[#This Row],[TnTEscalation]])^2,\n    (((MATRIX2!V7*Table_Provincial_GTAC35378[[#This Row],[Adj.AnnualRental]])*(1+Table_Provincial_GTAC35378[[#This Row],[TnTEscalation]])^2)+\n       (MATRIX2!N7* IF(IF('MAIN-INTERFACE'!$D$2=\"No\",Table_Provincial_GTAC35378[[#This Row],[Adj.AnnualRental]],(Table_Provincial_GTAC35378[[#This Row],[RtmAnnualRental]])*(1+\n                                 (IF('MAIN-INTERFACE'!$D$2=\"No\",0,'MAIN-INTERFACE'!$D$4))^(COUNTIF(MATRIX2!M7:N7,0))))*(1+\n                                 (IF('MAIN-INTERFACE'!$D$2=\"No\",0,'MAIN-INTERFACE'!$D$8)))^2<Table_Provincial_GTAC35378[[#This Row],[Adj.AnnualRental]],(Table_Provincial_GTAC35378[[#This Row],[RtmAnnualRental]])*(1+\n\n                                 (IF('MAIN-INTERFACE'!$D$2=\"No\",0,'MAIN-INTERFACE'!$D$4))^(COUNTIF(MATRIX2!M7:N7,0)))*(1+\n                                 (IF('MAIN-INTERFACE'!$D$2=\"No\",0,'MAIN-INTERFACE'!$D$8)))^MATRIX2!D7,Table_Provincial_GTAC35378[[#This Row],[Adj.AnnualRental]])*(1+\n\n                                (IF('MAIN-INTERFACE'!$D$2=\"No\",Table_Provincial_GTAC35378[[#This Row],[TnTEscalation]],'MAIN-INTERFACE'!$G$2)))^\n                                 (IF((COUNTIF(MATRIX2!M7:N7,\">0\")-1)<0,0,COUNTIF(MATRIX2!M7:N7,\">0\"))))))","v":869554.41926400014},{"$f":"IF('MAIN-INTERFACE'!$D$2=\"No\",(Table_Provincial_GTAC35378[[#This Row],[Adj.AnnualRental]])*(1+Table_Provincial_GTAC35378[[#This Row],[TnTEscalation]])^3,(((MATRIX2!W7*Table_Provincial_GTAC35378[[#This Row],[Adj.AnnualRental]])*(1+Table_Provincial_GTAC35378[[#This Row],[TnTEscalation]])^3)+(MATRIX2!O7*IF(IF('MAIN-INTERFACE'!$D$2=\"No\",Table_Provincial_GTAC35378[[#This Row],[Adj.AnnualRental]],(Table_Provincial_GTAC35378[[#This Row],[RtmAnnualRental]])*(1+(IF('MAIN-INTERFACE'!$D$2=\"No\",0,'MAIN-INTERFACE'!$D$4))^(COUNTIF(MATRIX2!M7:O7,0))))*(1+(IF('MAIN-INTERFACE'!$D$2=\"No\",0,'MAIN-INTERFACE'!$D$8)))^3<Table_Provincial_GTAC35378[[#This Row],[Adj.AnnualRental]],(Table_Provincial_GTAC35378[[#This Row],[RtmAnnualRental]])*(1+(IF('MAIN-INTERFACE'!$D$2=\"No\",0,'MAIN-INTERFACE'!$D$4))^(COUNTIF(MATRIX2!M7:O7,0)))*(1+(IF('MAIN-INTERFACE'!$D$2=\"No\",0,'MAIN-INTERFACE'!$D$8)))^MATRIX2!E7,Table_Provincial_GTAC35378[[#This Row],[Adj.AnnualRental]])*(1+(IF('MAIN-INTERFACE'!$D$2=\"No\",Table_Provincial_GTAC35378[[#This Row],[TnTEscalation]],'MAIN-INTERFACE'!$G$2)))^(IF((COUNTIF(MATRIX2!M7:O7,\">0\")-1)<0,0,COUNTIF(MATRIX2!M7:O7,\">0\"))))))","v":939118.7728051201},{"$f":"IF('MAIN-INTERFACE'!$D$2=\"No\",(Table_Provincial_GTAC35378[[#This Row],[Adj.AnnualRental]])*(1+Table_Provincial_GTAC35378[[#This Row],[TnTEscalation]])^4,((((MATRIX2!X7*Table_Provincial_GTAC35378[[#This Row],[Adj.AnnualRental]])*(1+Table_Provincial_GTAC35378[[#This Row],[TnTEscalation]])^4)+(MATRIX2!P7*IF(IF('MAIN-INTERFACE'!$D$2=\"No\",Table_Provincial_GTAC35378[[#This Row],[Adj.AnnualRental]],(Table_Provincial_GTAC35378[[#This Row],[RtmAnnualRental]])*(1+(IF('MAIN-INTERFACE'!$D$2=\"No\",0,'MAIN-INTERFACE'!$D$4))^(COUNTIF(MATRIX2!M7:P7,0))))*(1+(IF('MAIN-INTERFACE'!$D$2=\"No\",0,'MAIN-INTERFACE'!$D$8)))^4<Table_Provincial_GTAC35378[[#This Row],[Adj.AnnualRental]],(Table_Provincial_GTAC35378[[#This Row],[RtmAnnualRental]])*(1+(IF('MAIN-INTERFACE'!$D$2=\"No\",0,'MAIN-INTERFACE'!$D$4))^(COUNTIF(MATRIX2!M7:P7,0)))*(1+(IF('MAIN-INTERFACE'!$D$2=\"No\",0,'MAIN-INTERFACE'!$D$8)))^MATRIX2!F7,Table_Provincial_GTAC35378[[#This Row],[Adj.AnnualRental]])*(1+(IF('MAIN-INTERFACE'!$D$2=\"No\",Table_Provincial_GTAC35378[[#This Row],[TnTEscalation]],'MAIN-INTERFACE'!$G$2)))^(IF((COUNTIF(MATRIX2!M7:P7,\">0\")-1)<0,0,COUNTIF(MATRIX2!M7:P7,\">0\")))))))","v":1014248.2746295298},{"$f":"IF('MAIN-INTERFACE'!$D$2=\"No\",(Table_Provincial_GTAC35378[[#This Row],[Adj.AnnualRental]])*(1+Table_Provincial_GTAC35378[[#This Row],[TnTEscalation]])^5,(((MATRIX2!Y7*Table_Provincial_GTAC35378[[#This Row],[Adj.AnnualRental]])*(1+Table_Provincial_GTAC35378[[#This Row],[TnTEscalation]])^5)+(MATRIX2!Q7*IF(IF('MAIN-INTERFACE'!$D$2=\"No\",Table_Provincial_GTAC35378[[#This Row],[Adj.AnnualRental]],(Table_Provincial_GTAC35378[[#This Row],[RtmAnnualRental]])*(1+(IF('MAIN-INTERFACE'!$D$2=\"No\",0,'MAIN-INTERFACE'!$D$4))^(COUNTIF(MATRIX2!M7:Q7,0))))*(1+(IF('MAIN-INTERFACE'!$D$2=\"No\",0,'MAIN-INTERFACE'!$D$8)))^5<Table_Provincial_GTAC35378[[#This Row],[Adj.AnnualRental]],(Table_Provincial_GTAC35378[[#This Row],[RtmAnnualRental]])*(1+(IF('MAIN-INTERFACE'!$D$2=\"No\",0,'MAIN-INTERFACE'!$D$4))^(COUNTIF(MATRIX2!M7:Q7,0)))*(1+(IF('MAIN-INTERFACE'!$D$2=\"No\",0,'MAIN-INTERFACE'!$D$8)))^MATRIX2!G7,Table_Provincial_GTAC35378[[#This Row],[Adj.AnnualRental]])*(1+(IF('MAIN-INTERFACE'!$D$2=\"No\",Table_Provincial_GTAC35378[[#This Row],[TnTEscalation]],'MAIN-INTERFACE'!$G$2)))^(IF((COUNTIF(MATRIX2!M7:Q7,\">0\")-1)<0,0,COUNTIF(MATRIX2!M7:Q7,\">0\"))))))","v":1095388.1365998923},{"$f":"IF('MAIN-INTERFACE'!$D$2=\"No\",(Table_Provincial_GTAC35378[[#This Row],[Adj.AnnualRental]])*(1+Table_Provincial_GTAC35378[[#This Row],[TnTEscalation]])^6,(((MATRIX2!Z7*Table_Provincial_GTAC35378[[#This Row],[Adj.AnnualRental]])*(1+Table_Provincial_GTAC35378[[#This Row],[TnTEscalation]])^6)+(MATRIX2!R7*IF(IF('MAIN-INTERFACE'!$D$2=\"No\",Table_Provincial_GTAC35378[[#This Row],[Adj.AnnualRental]],(Table_Provincial_GTAC35378[[#This Row],[RtmAnnualRental]])*(1+(IF('MAIN-INTERFACE'!$D$2=\"No\",0,'MAIN-INTERFACE'!$D$4))^(COUNTIF(MATRIX2!M7:R7,0))))*(1+(IF('MAIN-INTERFACE'!$D$2=\"No\",0,'MAIN-INTERFACE'!$D$8)))^6<Table_Provincial_GTAC35378[[#This Row],[Adj.AnnualRental]],(Table_Provincial_GTAC35378[[#This Row],[RtmAnnualRental]])*(1+(IF('MAIN-INTERFACE'!$D$2=\"No\",0,'MAIN-INTERFACE'!$D$4))^(COUNTIF(MATRIX2!M7:R7,0)))*(1+(IF('MAIN-INTERFACE'!$D$2=\"No\",0,'MAIN-INTERFACE'!$D$8)))^MATRIX2!H7,Table_Provincial_GTAC35378[[#This Row],[Adj.AnnualRental]])*(1+(IF('MAIN-INTERFACE'!$D$2=\"No\",Table_Provincial_GTAC35378[[#This Row],[TnTEscalation]],'MAIN-INTERFACE'!$G$2)))^(IF((COUNTIF(MATRIX2!M7:R7,\">0\")-1)<0,0,COUNTIF(MATRIX2!M7:R7,\">0\"))))))","v":1183019.1875278838},{"$f":"IF('MAIN-INTERFACE'!$D$2=\"No\",(Table_Provincial_GTAC35378[[#This Row],[Adj.AnnualRental]])*(1+Table_Provincial_GTAC35378[[#This Row],[TnTEscalation]])^7,(((MATRIX2!AA7*Table_Provincial_GTAC35378[[#This Row],[Adj.AnnualRental]])*(1+Table_Provincial_GTAC35378[[#This Row],[TnTEscalation]])^7)+(MATRIX2!S7*IF(IF('MAIN-INTERFACE'!$D$2=\"No\",Table_Provincial_GTAC35378[[#This Row],[Adj.AnnualRental]],(Table_Provincial_GTAC35378[[#This Row],[RtmAnnualRental]])*(1+(IF('MAIN-INTERFACE'!$D$2=\"No\",0,'MAIN-INTERFACE'!$D$4))^(COUNTIF(MATRIX2!M7:S7,0))))*(1+(IF('MAIN-INTERFACE'!$D$2=\"No\",0,'MAIN-INTERFACE'!$D$8)))^7<Table_Provincial_GTAC35378[[#This Row],[Adj.AnnualRental]],(Table_Provincial_GTAC35378[[#This Row],[RtmAnnualRental]])*(1+(IF('MAIN-INTERFACE'!$D$2=\"No\",0,'MAIN-INTERFACE'!$D$4))^(COUNTIF(MATRIX2!M7:S7,0)))*(1+(IF('MAIN-INTERFACE'!$D$2=\"No\",0,'MAIN-INTERFACE'!$D$8)))^MATRIX2!I7,Table_Provincial_GTAC35378[[#This Row],[Adj.AnnualRental]])*(1+(IF('MAIN-INTERFACE'!$D$2=\"No\",Table_Provincial_GTAC35378[[#This Row],[TnTEscalation]],'MAIN-INTERFACE'!$G$2)))^(IF((COUNTIF(MATRIX2!M7:S7,\">0\")-1)<0,0,COUNTIF(MATRIX2!M7:S7,\">0\"))))))","v":1277660.7225301145},{"$f":"SUM(Table_Provincial_GTAC35378[[#This Row],[FY 2018/19]:[FY 2023/24]])","v":6378989.5133565413},null,"2018/19","2019/20","2020/21","2021/22","2022/23","2023+"]
[{"$f":"Table_Provincial_GTAC3536[[#This Row],[SystemID]]","v":7},{"$f":"VLOOKUP($A8,DATA2!$A$2:$S$607,2,FALSE)","v":"KZN"},{"$f":"VLOOKUP($A8,DATA2!$A$2:$S$607,3,FALSE)","v":"KwaZulu-Natal"},{"$f":"VLOOKUP($A8,DATA2!$A$2:$S$607,4,FALSE)","v":61.641045454545456},{"$f":"VLOOKUP($A8,DATA2!$A$2:$S$607,5,FALSE)","v":77.5},{"$f":"VLOOKUP($A8,DATA2!$A$2:$S$607,6,FALSE)","v":"VTSD"},{"$f":"VLOOKUP($A8,DATA2!$A$2:$S$607,7,FALSE)","v":440},{"$f":"VLOOKUP($A8,DATA2!$A$2:$S$607,8,FALSE)","v":true},{"$f":"VLOOKUP($A8,DATA2!$A$2:$S$607,9,FALSE)","v":0.08},{"$f":"VLOOKUP($A8,DATA2!$A$2:$S$607,10,FALSE)","v":27122.06},{"$f":"VLOOKUP($A8,DATA2!$A$2:$S$607,11,FALSE)","v":325464.71999999997},{"$f":"Table_Provincial_GTAC35378[[#This Row],[Benchmark]]*Table_Provincial_GTAC35378[[#This Row],[ExtentM2]]*12","v":409200},{"$f":"VLOOKUP($A8,DATA2!$A$2:$S$607,12,FALSE)","v":"2013-04-01"},{"$f":"VLOOKUP($A8,DATA2!$A$2:$S$607,13,FALSE)","v":"2018-03-31"},{"$f":"VLOOKUP($A8,DATA2!$A$2:$S$607,14,FALSE)","v":"No"},{"$f":"IF(MATRIX2!D8=1,($Y$8-$X$2)/365*Table_Provincial_GTAC35378[[#This Row],[Adj.AnnualRental]]*MATRIX2!D8,($Y$8-$X$2)/365*Table_Provincial_GTAC35378[[#This Row],[Adj.AnnualRental]])","v":-1177914.7811506847},{"$f":"IF('MAIN-INTERFACE'!$D$2=\"No\",(Table_Provincial_GTAC35378[[#This Row],[Adj.AnnualRental]])*(1+Table_Provincial_GTAC35378[[#This Row],[TnTEscalation]])^2,\n    (((MATRIX2!V8*Table_Provincial_GTAC35378[[#This Row],[Adj.AnnualRental]])*(1+Table_Provincial_GTAC35378[[#This Row],[TnTEscalation]])^2)+\n       (MATRIX2!N8* IF(IF('MAIN-INTERFACE'!$D$2=\"No\",Table_Provincial_GTAC35378[[#This Row],[Adj.AnnualRental]],(Table_Provincial_GTAC35378[[#This Row],[RtmAnnualRental]])*(1+\n                                 (IF('MAIN-INTERFACE'!$D$2=\"No\",0,'MAIN-INTERFACE'!$D$4))^(COUNTIF(MATRIX2!M8:N8,0))))*(1+\n                                 (IF('MAIN-INTERFACE'!$D$2=\"No\",0,'MAIN-INTERFACE'!$D$8)))^2<Table_Provincial_GTAC35378[[#This Row],[Adj.AnnualRental]],(Table_Provincial_GTAC35378[[#This Row],[RtmAnnualRental]])*(1+\n\n                                 (IF('MAIN-INTERFACE'!$D$2=\"No\",0,'MAIN-INTERFACE'!$D$4))^(COUNTIF(MATRIX2!M8:N8,0)))*(1+\n                                 (IF('MAIN-INTERFACE'!$D$2=\"No\",0,'MAIN-INTERFACE'!$D$8)))^MATRIX2!D8,Table_Provincial_GTAC35378[[#This Row],[Adj.AnnualRental]])*(1+\n\n                                (IF('MAIN-INTERFACE'!$D$2=\"No\",Table_Provincial_GTAC35378[[#This Row],[TnTEscalation]],'MAIN-INTERFACE'!$G$2)))^\n                                 (IF((COUNTIF(MATRIX2!M8:N8,\">0\")-1)<0,0,COUNTIF(MATRIX2!M8:N8,\">0\"))))))","v":364666.81177137536},{"$f":"IF('MAIN-INTERFACE'!$D$2=\"No\",(Table_Provincial_GTAC35378[[#This Row],[Adj.AnnualRental]])*(1+Table_Provincial_GTAC35378[[#This Row],[TnTEscalation]])^3,(((MATRIX2!W8*Table_Provincial_GTAC35378[[#This Row],[Adj.AnnualRental]])*(1+Table_Provincial_GTAC35378[[#This Row],[TnTEscalation]])^3)+(MATRIX2!O8*IF(IF('MAIN-INTERFACE'!$D$2=\"No\",Table_Provincial_GTAC35378[[#This Row],[Adj.AnnualRental]],(Table_Provincial_GTAC35378[[#This Row],[RtmAnnualRental]])*(1+(IF('MAIN-INTERFACE'!$D$2=\"No\",0,'MAIN-INTERFACE'!$D$4))^(COUNTIF(MATRIX2!M8:O8,0))))*(1+(IF('MAIN-INTERFACE'!$D$2=\"No\",0,'MAIN-INTERFACE'!$D$8)))^3<Table_Provincial_GTAC35378[[#This Row],[Adj.AnnualRental]],(Table_Provincial_GTAC35378[[#This Row],[RtmAnnualRental]])*(1+(IF('MAIN-INTERFACE'!$D$2=\"No\",0,'MAIN-INTERFACE'!$D$4))^(COUNTIF(MATRIX2!M8:O8,0)))*(1+(IF('MAIN-INTERFACE'!$D$2=\"No\",0,'MAIN-INTERFACE'!$D$8)))^MATRIX2!E8,Table_Provincial_GTAC35378[[#This Row],[Adj.AnnualRental]])*(1+(IF('MAIN-INTERFACE'!$D$2=\"No\",Table_Provincial_GTAC35378[[#This Row],[TnTEscalation]],'MAIN-INTERFACE'!$G$2)))^(IF((COUNTIF(MATRIX2!M8:O8,\">0\")-1)<0,0,COUNTIF(MATRIX2!M8:O8,\">0\"))))))","v":376115.16704999993},{"$f":"IF('MAIN-INTERFACE'!$D$2=\"No\",(Table_Provincial_GTAC35378[[#This Row],[Adj.AnnualRental]])*(1+Table_Provincial_GTAC35378[[#This Row],[TnTEscalation]])^4,((((MATRIX2!X8*Table_Provincial_GTAC35378[[#This Row],[Adj.AnnualRental]])*(1+Table_Provincial_GTAC35378[[#This Row],[TnTEscalation]])^4)+(MATRIX2!P8*IF(IF('MAIN-INTERFACE'!$D$2=\"No\",Table_Provincial_GTAC35378[[#This Row],[Adj.AnnualRental]],(Table_Provincial_GTAC35378[[#This Row],[RtmAnnualRental]])*(1+(IF('MAIN-INTERFACE'!$D$2=\"No\",0,'MAIN-INTERFACE'!$D$4))^(COUNTIF(MATRIX2!M8:P8,0))))*(1+(IF('MAIN-INTERFACE'!$D$2=\"No\",0,'MAIN-INTERFACE'!$D$8)))^4<Table_Provincial_GTAC35378[[#This Row],[Adj.AnnualRental]],(Table_Provincial_GTAC35378[[#This Row],[RtmAnnualRental]])*(1+(IF('MAIN-INTERFACE'!$D$2=\"No\",0,'MAIN-INTERFACE'!$D$4))^(COUNTIF(MATRIX2!M8:P8,0)))*(1+(IF('MAIN-INTERFACE'!$D$2=\"No\",0,'MAIN-INTERFACE'!$D$8)))^MATRIX2!F8,Table_Provincial_GTAC35378[[#This Row],[Adj.AnnualRental]])*(1+(IF('MAIN-INTERFACE'!$D$2=\"No\",Table_Provincial_GTAC35378[[#This Row],[TnTEscalation]],'MAIN-INTERFACE'!$G$2)))^(IF((COUNTIF(MATRIX2!M8:P8,\">0\")-1)<0,0,COUNTIF(MATRIX2!M8:P8,\">0\")))))))","v":404323.80457874993},{"$f":"IF('MAIN-INTERFACE'!$D$2=\"No\",(Table_Provincial_GTAC35378[[#This Row],[Adj.AnnualRental]])*(1+Table_Provincial_GTAC35378[[#This Row],[TnTEscalation]])^5,(((MATRIX2!Y8*Table_Provincial_GTAC35378[[#This Row],[Adj.AnnualRental]])*(1+Table_Provincial_GTAC35378[[#This Row],[TnTEscalation]])^5)+(MATRIX2!Q8*IF(IF('MAIN-INTERFACE'!$D$2=\"No\",Table_Provincial_GTAC35378[[#This Row],[Adj.AnnualRental]],(Table_Provincial_GTAC35378[[#This Row],[RtmAnnualRental]])*(1+(IF('MAIN-INTERFACE'!$D$2=\"No\",0,'MAIN-INTERFACE'!$D$4))^(COUNTIF(MATRIX2!M8:Q8,0))))*(1+(IF('MAIN-INTERFACE'!$D$2=\"No\",0,'MAIN-INTERFACE'!$D$8)))^5<Table_Provincial_GTAC35378[[#This Row],[Adj.AnnualRental]],(Table_Provincial_GTAC35378[[#This Row],[RtmAnnualRental]])*(1+(IF('MAIN-INTERFACE'!$D$2=\"No\",0,'MAIN-INTERFACE'!$D$4))^(COUNTIF(MATRIX2!M8:Q8,0)))*(1+(IF('MAIN-INTERFACE'!$D$2=\"No\",0,'MAIN-INTERFACE'!$D$8)))^MATRIX2!G8,Table_Provincial_GTAC35378[[#This Row],[Adj.AnnualRental]])*(1+(IF('MAIN-INTERFACE'!$D$2=\"No\",Table_Provincial_GTAC35378[[#This Row],[TnTEscalation]],'MAIN-INTERFACE'!$G$2)))^(IF((COUNTIF(MATRIX2!M8:Q8,\">0\")-1)<0,0,COUNTIF(MATRIX2!M8:Q8,\">0\"))))))","v":434648.08992215618},{"$f":"IF('MAIN-INTERFACE'!$D$2=\"No\",(Table_Provincial_GTAC35378[[#This Row],[Adj.AnnualRental]])*(1+Table_Provincial_GTAC35378[[#This Row],[TnTEscalation]])^6,(((MATRIX2!Z8*Table_Provincial_GTAC35378[[#This Row],[Adj.AnnualRental]])*(1+Table_Provincial_GTAC35378[[#This Row],[TnTEscalation]])^6)+(MATRIX2!R8*IF(IF('MAIN-INTERFACE'!$D$2=\"No\",Table_Provincial_GTAC35378[[#This Row],[Adj.AnnualRental]],(Table_Provincial_GTAC35378[[#This Row],[RtmAnnualRental]])*(1+(IF('MAIN-INTERFACE'!$D$2=\"No\",0,'MAIN-INTERFACE'!$D$4))^(COUNTIF(MATRIX2!M8:R8,0))))*(1+(IF('MAIN-INTERFACE'!$D$2=\"No\",0,'MAIN-INTERFACE'!$D$8)))^6<Table_Provincial_GTAC35378[[#This Row],[Adj.AnnualRental]],(Table_Provincial_GTAC35378[[#This Row],[RtmAnnualRental]])*(1+(IF('MAIN-INTERFACE'!$D$2=\"No\",0,'MAIN-INTERFACE'!$D$4))^(COUNTIF(MATRIX2!M8:R8,0)))*(1+(IF('MAIN-INTERFACE'!$D$2=\"No\",0,'MAIN-INTERFACE'!$D$8)))^MATRIX2!H8,Table_Provincial_GTAC35378[[#This Row],[Adj.AnnualRental]])*(1+(IF('MAIN-INTERFACE'!$D$2=\"No\",Table_Provincial_GTAC35378[[#This Row],[TnTEscalation]],'MAIN-INTERFACE'!$G$2)))^(IF((COUNTIF(MATRIX2!M8:R8,\">0\")-1)<0,0,COUNTIF(MATRIX2!M8:R8,\">0\"))))))","v":467246.69666631788},{"$f":"IF('MAIN-INTERFACE'!$D$2=\"No\",(Table_Provincial_GTAC35378[[#This Row],[Adj.AnnualRental]])*(1+Table_Provincial_GTAC35378[[#This Row],[TnTEscalation]])^7,(((MATRIX2!AA8*Table_Provincial_GTAC35378[[#This Row],[Adj.AnnualRental]])*(1+Table_Provincial_GTAC35378[[#This Row],[TnTEscalation]])^7)+(MATRIX2!S8*IF(IF('MAIN-INTERFACE'!$D$2=\"No\",Table_Provincial_GTAC35378[[#This Row],[Adj.AnnualRental]],(Table_Provincial_GTAC35378[[#This Row],[RtmAnnualRental]])*(1+(IF('MAIN-INTERFACE'!$D$2=\"No\",0,'MAIN-INTERFACE'!$D$4))^(COUNTIF(MATRIX2!M8:S8,0))))*(1+(IF('MAIN-INTERFACE'!$D$2=\"No\",0,'MAIN-INTERFACE'!$D$8)))^7<Table_Provincial_GTAC35378[[#This Row],[Adj.AnnualRental]],(Table_Provincial_GTAC35378[[#This Row],[RtmAnnualRental]])*(1+(IF('MAIN-INTERFACE'!$D$2=\"No\",0,'MAIN-INTERFACE'!$D$4))^(COUNTIF(MATRIX2!M8:S8,0)))*(1+(IF('MAIN-INTERFACE'!$D$2=\"No\",0,'MAIN-INTERFACE'!$D$8)))^MATRIX2!I8,Table_Provincial_GTAC35378[[#This Row],[Adj.AnnualRental]])*(1+(IF('MAIN-INTERFACE'!$D$2=\"No\",Table_Provincial_GTAC35378[[#This Row],[TnTEscalation]],'MAIN-INTERFACE'!$G$2)))^(IF((COUNTIF(MATRIX2!M8:S8,\">0\")-1)<0,0,COUNTIF(MATRIX2!M8:S8,\">0\"))))))","v":502290.19891629164},{"$f":"SUM(Table_Provincial_GTAC35378[[#This Row],[FY 2018/19]:[FY 2023/24]])","v":2549290.7689048913},null,43190,43555,43921,44286,44651,45016,45017]
[{"$f":"Table_Provincial_GTAC3536[[#This Row],[SystemID]]","v":8},{"$f":"VLOOKUP($A9,DATA2!$A$2:$S$607,2,FALSE)","v":"KZN"},{"$f":"VLOOKUP($A9,DATA2!$A$2:$S$607,3,FALSE)","v":"KwaZulu-Natal"},{"$f":"VLOOKUP($A9,DATA2!$A$2:$S$607,4,FALSE)","v":113.42489130434782},{"$f":"VLOOKUP($A9,DATA2!$A$2:$S$607,5,FALSE)","v":77.5},{"$f":"VLOOKUP($A9,DATA2!$A$2:$S$607,6,FALSE)","v":"VTSD"},{"$f":"VLOOKUP($A9,DATA2!$A$2:$S$607,7,FALSE)","v":736},{"$f":"VLOOKUP($A9,DATA2!$A$2:$S$607,8,FALSE)","v":true},{"$f":"VLOOKUP($A9,DATA2!$A$2:$S$607,9,FALSE)","v":0.08},{"$f":"VLOOKUP($A9,DATA2!$A$2:$S$607,10,FALSE)","v":83480.72},{"$f":"VLOOKUP($A9,DATA2!$A$2:$S$607,11,FALSE)","v":1001768.64},{"$f":"Table_Provincial_GTAC35378[[#This Row],[Benchmark]]*Table_Provincial_GTAC35378[[#This Row],[ExtentM2]]*12","v":684480},{"$f":"VLOOKUP($A9,DATA2!$A$2:$S$607,12,FALSE)","v":"2015-10-01"},{"$f":"VLOOKUP($A9,DATA2!$A$2:$S$607,13,FALSE)","v":"2020-09-30"},{"$f":"VLOOKUP($A9,DATA2!$A$2:$S$607,14,FALSE)","v":"No"},{"$f":"IF(MATRIX2!D9=1,($Y$8-$X$2)/365*Table_Provincial_GTAC35378[[#This Row],[Adj.AnnualRental]]*MATRIX2!D9,($Y$8-$X$2)/365*Table_Provincial_GTAC35378[[#This Row],[Adj.AnnualRental]])","v":-3625579.1053150683},{"$f":"IF('MAIN-INTERFACE'!$D$2=\"No\",(Table_Provincial_GTAC35378[[#This Row],[Adj.AnnualRental]])*(1+Table_Provincial_GTAC35378[[#This Row],[TnTEscalation]])^2,\n    (((MATRIX2!V9*Table_Provincial_GTAC35378[[#This Row],[Adj.AnnualRental]])*(1+Table_Provincial_GTAC35378[[#This Row],[TnTEscalation]])^2)+\n       (MATRIX2!N9* IF(IF('MAIN-INTERFACE'!$D$2=\"No\",Table_Provincial_GTAC35378[[#This Row],[Adj.AnnualRental]],(Table_Provincial_GTAC35378[[#This Row],[RtmAnnualRental]])*(1+\n                                 (IF('MAIN-INTERFACE'!$D$2=\"No\",0,'MAIN-INTERFACE'!$D$4))^(COUNTIF(MATRIX2!M9:N9,0))))*(1+\n                                 (IF('MAIN-INTERFACE'!$D$2=\"No\",0,'MAIN-INTERFACE'!$D$8)))^2<Table_Provincial_GTAC35378[[#This Row],[Adj.AnnualRental]],(Table_Provincial_GTAC35378[[#This Row],[RtmAnnualRental]])*(1+\n\n                                 (IF('MAIN-INTERFACE'!$D$2=\"No\",0,'MAIN-INTERFACE'!$D$4))^(COUNTIF(MATRIX2!M9:N9,0)))*(1+\n                                 (IF('MAIN-INTERFACE'!$D$2=\"No\",0,'MAIN-INTERFACE'!$D$8)))^MATRIX2!D9,Table_Provincial_GTAC35378[[#This Row],[Adj.AnnualRental]])*(1+\n\n                                (IF('MAIN-INTERFACE'!$D$2=\"No\",Table_Provincial_GTAC35378[[#This Row],[TnTEscalation]],'MAIN-INTERFACE'!$G$2)))^\n                                 (IF((COUNTIF(MATRIX2!M9:N9,\">0\")-1)<0,0,COUNTIF(MATRIX2!M9:N9,\">0\"))))))","v":1168462.9416960001},{"$f":"IF('MAIN-INTERFACE'!$D$2=\"No\",(Table_Provincial_GTAC35378[[#This Row],[Adj.AnnualRental]])*(1+Table_Provincial_GTAC35378[[#This Row],[TnTEscalation]])^3,(((MATRIX2!W9*Table_Provincial_GTAC35378[[#This Row],[Adj.AnnualRental]])*(1+Table_Provincial_GTAC35378[[#This Row],[TnTEscalation]])^3)+(MATRIX2!O9*IF(IF('MAIN-INTERFACE'!$D$2=\"No\",Table_Provincial_GTAC35378[[#This Row],[Adj.AnnualRental]],(Table_Provincial_GTAC35378[[#This Row],[RtmAnnualRental]])*(1+(IF('MAIN-INTERFACE'!$D$2=\"No\",0,'MAIN-INTERFACE'!$D$4))^(COUNTIF(MATRIX2!M9:O9,0))))*(1+(IF('MAIN-INTERFACE'!$D$2=\"No\",0,'MAIN-INTERFACE'!$D$8)))^3<Table_Provincial_GTAC35378[[#This Row],[Adj.AnnualRental]],(Table_Provincial_GTAC35378[[#This Row],[RtmAnnualRental]])*(1+(IF('MAIN-INTERFACE'!$D$2=\"No\",0,'MAIN-INTERFACE'!$D$4))^(COUNTIF(MATRIX2!M9:O9,0)))*(1+(IF('MAIN-INTERFACE'!$D$2=\"No\",0,'MAIN-INTERFACE'!$D$8)))^MATRIX2!E9,Table_Provincial_GTAC35378[[#This Row],[Adj.AnnualRental]])*(1+(IF('MAIN-INTERFACE'!$D$2=\"No\",Table_Provincial_GTAC35378[[#This Row],[TnTEscalation]],'MAIN-INTERFACE'!$G$2)))^(IF((COUNTIF(MATRIX2!M9:O9,\">0\")-1)<0,0,COUNTIF(MATRIX2!M9:O9,\">0\"))))))","v":1261939.9770316803},{"$f":"IF('MAIN-INTERFACE'!$D$2=\"No\",(Table_Provincial_GTAC35378[[#This Row],[Adj.AnnualRental]])*(1+Table_Provincial_GTAC35378[[#This Row],[TnTEscalation]])^4,((((MATRIX2!X9*Table_Provincial_GTAC35378[[#This Row],[Adj.AnnualRental]])*(1+Table_Provincial_GTAC35378[[#This Row],[TnTEscalation]])^4)+(MATRIX2!P9*IF(IF('MAIN-INTERFACE'!$D$2=\"No\",Table_Provincial_GTAC35378[[#This Row],[Adj.AnnualRental]],(Table_Provincial_GTAC35378[[#This Row],[RtmAnnualRental]])*(1+(IF('MAIN-INTERFACE'!$D$2=\"No\",0,'MAIN-INTERFACE'!$D$4))^(COUNTIF(MATRIX2!M9:P9,0))))*(1+(IF('MAIN-INTERFACE'!$D$2=\"No\",0,'MAIN-INTERFACE'!$D$8)))^4<Table_Provincial_GTAC35378[[#This Row],[Adj.AnnualRental]],(Table_Provincial_GTAC35378[[#This Row],[RtmAnnualRental]])*(1+(IF('MAIN-INTERFACE'!$D$2=\"No\",0,'MAIN-INTERFACE'!$D$4))^(COUNTIF(MATRIX2!M9:P9,0)))*(1+(IF('MAIN-INTERFACE'!$D$2=\"No\",0,'MAIN-INTERFACE'!$D$8)))^MATRIX2!F9,Table_Provincial_GTAC35378[[#This Row],[Adj.AnnualRental]])*(1+(IF('MAIN-INTERFACE'!$D$2=\"No\",Table_Provincial_GTAC35378[[#This Row],[TnTEscalation]],'MAIN-INTERFACE'!$G$2)))^(IF((COUNTIF(MATRIX2!M9:P9,\">0\")-1)<0,0,COUNTIF(MATRIX2!M9:P9,\">0\")))))))","v":1362895.1751942148},{"$f":"IF('MAIN-INTERFACE'!$D$2=\"No\",(Table_Provincial_GTAC35378[[#This Row],[Adj.AnnualRental]])*(1+Table_Provincial_GTAC35378[[#This Row],[TnTEscalation]])^5,(((MATRIX2!Y9*Table_Provincial_GTAC35378[[#This Row],[Adj.AnnualRental]])*(1+Table_Provincial_GTAC35378[[#This Row],[TnTEscalation]])^5)+(MATRIX2!Q9*IF(IF('MAIN-INTERFACE'!$D$2=\"No\",Table_Provincial_GTAC35378[[#This Row],[Adj.AnnualRental]],(Table_Provincial_GTAC35378[[#This Row],[RtmAnnualRental]])*(1+(IF('MAIN-INTERFACE'!$D$2=\"No\",0,'MAIN-INTERFACE'!$D$4))^(COUNTIF(MATRIX2!M9:Q9,0))))*(1+(IF('MAIN-INTERFACE'!$D$2=\"No\",0,'MAIN-INTERFACE'!$D$8)))^5<Table_Provincial_GTAC35378[[#This Row],[Adj.AnnualRental]],(Table_Provincial_GTAC35378[[#This Row],[RtmAnnualRental]])*(1+(IF('MAIN-INTERFACE'!$D$2=\"No\",0,'MAIN-INTERFACE'!$D$4))^(COUNTIF(MATRIX2!M9:Q9,0)))*(1+(IF('MAIN-INTERFACE'!$D$2=\"No\",0,'MAIN-INTERFACE'!$D$8)))^MATRIX2!G9,Table_Provincial_GTAC35378[[#This Row],[Adj.AnnualRental]])*(1+(IF('MAIN-INTERFACE'!$D$2=\"No\",Table_Provincial_GTAC35378[[#This Row],[TnTEscalation]],'MAIN-INTERFACE'!$G$2)))^(IF((COUNTIF(MATRIX2!M9:Q9,\">0\")-1)<0,0,COUNTIF(MATRIX2!M9:Q9,\">0\"))))))","v":734809.51532523276},{"$f":"IF('MAIN-INTERFACE'!$D$2=\"No\",(Table_Provincial_GTAC35378[[#This Row],[Adj.AnnualRental]])*(1+Table_Provincial_GTAC35378[[#This Row],[TnTEscalation]])^6,(((MATRIX2!Z9*Table_Provincial_GTAC35378[[#This Row],[Adj.AnnualRental]])*(1+Table_Provincial_GTAC35378[[#This Row],[TnTEscalation]])^6)+(MATRIX2!R9*IF(IF('MAIN-INTERFACE'!$D$2=\"No\",Table_Provincial_GTAC35378[[#This Row],[Adj.AnnualRental]],(Table_Provincial_GTAC35378[[#This Row],[RtmAnnualRental]])*(1+(IF('MAIN-INTERFACE'!$D$2=\"No\",0,'MAIN-INTERFACE'!$D$4))^(COUNTIF(MATRIX2!M9:R9,0))))*(1+(IF('MAIN-INTERFACE'!$D$2=\"No\",0,'MAIN-INTERFACE'!$D$8)))^6<Table_Provincial_GTAC35378[[#This Row],[Adj.AnnualRental]],(Table_Provincial_GTAC35378[[#This Row],[RtmAnnualRental]])*(1+(IF('MAIN-INTERFACE'!$D$2=\"No\",0,'MAIN-INTERFACE'!$D$4))^(COUNTIF(MATRIX2!M9:R9,0)))*(1+(IF('MAIN-INTERFACE'!$D$2=\"No\",0,'MAIN-INTERFACE'!$D$8)))^MATRIX2!H9,Table_Provincial_GTAC35378[[#This Row],[Adj.AnnualRental]])*(1+(IF('MAIN-INTERFACE'!$D$2=\"No\",Table_Provincial_GTAC35378[[#This Row],[TnTEscalation]],'MAIN-INTERFACE'!$G$2)))^(IF((COUNTIF(MATRIX2!M9:R9,\">0\")-1)<0,0,COUNTIF(MATRIX2!M9:R9,\">0\"))))))","v":791004.22496563196},{"$f":"IF('MAIN-INTERFACE'!$D$2=\"No\",(Table_Provincial_GTAC35378[[#This Row],[Adj.AnnualRental]])*(1+Table_Provincial_GTAC35378[[#This Row],[TnTEscalation]])^7,(((MATRIX2!AA9*Table_Provincial_GTAC35378[[#This Row],[Adj.AnnualRental]])*(1+Table_Provincial_GTAC35378[[#This Row],[TnTEscalation]])^7)+(MATRIX2!S9*IF(IF('MAIN-INTERFACE'!$D$2=\"No\",Table_Provincial_GTAC35378[[#This Row],[Adj.AnnualRental]],(Table_Provincial_GTAC35378[[#This Row],[RtmAnnualRental]])*(1+(IF('MAIN-INTERFACE'!$D$2=\"No\",0,'MAIN-INTERFACE'!$D$4))^(COUNTIF(MATRIX2!M9:S9,0))))*(1+(IF('MAIN-INTERFACE'!$D$2=\"No\",0,'MAIN-INTERFACE'!$D$8)))^7<Table_Provincial_GTAC35378[[#This Row],[Adj.AnnualRental]],(Table_Provincial_GTAC35378[[#This Row],[RtmAnnualRental]])*(1+(IF('MAIN-INTERFACE'!$D$2=\"No\",0,'MAIN-INTERFACE'!$D$4))^(COUNTIF(MATRIX2!M9:S9,0)))*(1+(IF('MAIN-INTERFACE'!$D$2=\"No\",0,'MAIN-INTERFACE'!$D$8)))^MATRIX2!I9,Table_Provincial_GTAC35378[[#This Row],[Adj.AnnualRental]])*(1+(IF('MAIN-INTERFACE'!$D$2=\"No\",Table_Provincial_GTAC35378[[#This Row],[TnTEscalation]],'MAIN-INTERFACE'!$G$2)))^(IF((COUNTIF(MATRIX2!M9:S9,\">0\")-1)<0,0,COUNTIF(MATRIX2!M9:S9,\">0\"))))))","v":850329.54183805431},{"$f":"SUM(Table_Provincial_GTAC35378[[#This Row],[FY 2018/19]:[FY 2023/24]])","v":6169441.3760508141},null,42826]
[{"$f":"Table_Provincial_GTAC3536[[#This Row],[SystemID]]","v":9},{"$f":"VLOOKUP($A10,DATA2!$A$2:$S$607,2,FALSE)","v":"KZN"},{"$f":"VLOOKUP($A10,DATA2!$A$2:$S$607,3,FALSE)","v":"KwaZulu-Natal"},{"$f":"VLOOKUP($A10,DATA2!$A$2:$S$607,4,FALSE)","v":93.312018228535408},{"$f":"VLOOKUP($A10,DATA2!$A$2:$S$607,5,FALSE)","v":77.5},{"$f":"VLOOKUP($A10,DATA2!$A$2:$S$607,6,FALSE)","v":"VTSD"},{"$f":"VLOOKUP($A10,DATA2!$A$2:$S$607,7,FALSE)","v":412.54},{"$f":"VLOOKUP($A10,DATA2!$A$2:$S$607,8,FALSE)","v":true},{"$f":"VLOOKUP($A10,DATA2!$A$2:$S$607,9,FALSE)","v":0.08},{"$f":"VLOOKUP($A10,DATA2!$A$2:$S$607,10,FALSE)","v":38494.94},{"$f":"VLOOKUP($A10,DATA2!$A$2:$S$607,11,FALSE)","v":461939.28},{"$f":"Table_Provincial_GTAC35378[[#This Row],[Benchmark]]*Table_Provincial_GTAC35378[[#This Row],[ExtentM2]]*12","v":383662.2},{"$f":"VLOOKUP($A10,DATA2!$A$2:$S$607,12,FALSE)","v":"2015-02-01"},{"$f":"VLOOKUP($A10,DATA2!$A$2:$S$607,13,FALSE)","v":"2020-01-31"},{"$f":"VLOOKUP($A10,DATA2!$A$2:$S$607,14,FALSE)","v":"No"},{"$f":"IF(MATRIX2!D10=1,($Y$8-$X$2)/365*Table_Provincial_GTAC35378[[#This Row],[Adj.AnnualRental]]*MATRIX2!D10,($Y$8-$X$2)/365*Table_Provincial_GTAC35378[[#This Row],[Adj.AnnualRental]])","v":-1671840.5174794521},{"$f":"IF('MAIN-INTERFACE'!$D$2=\"No\",(Table_Provincial_GTAC35378[[#This Row],[Adj.AnnualRental]])*(1+Table_Provincial_GTAC35378[[#This Row],[TnTEscalation]])^2,\n    (((MATRIX2!V10*Table_Provincial_GTAC35378[[#This Row],[Adj.AnnualRental]])*(1+Table_Provincial_GTAC35378[[#This Row],[TnTEscalation]])^2)+\n       (MATRIX2!N10* IF(IF('MAIN-INTERFACE'!$D$2=\"No\",Table_Provincial_GTAC35378[[#This Row],[Adj.AnnualRental]],(Table_Provincial_GTAC35378[[#This Row],[RtmAnnualRental]])*(1+\n                                 (IF('MAIN-INTERFACE'!$D$2=\"No\",0,'MAIN-INTERFACE'!$D$4))^(COUNTIF(MATRIX2!M10:N10,0))))*(1+\n                                 (IF('MAIN-INTERFACE'!$D$2=\"No\",0,'MAIN-INTERFACE'!$D$8)))^2<Table_Provincial_GTAC35378[[#This Row],[Adj.AnnualRental]],(Table_Provincial_GTAC35378[[#This Row],[RtmAnnualRental]])*(1+\n\n                                 (IF('MAIN-INTERFACE'!$D$2=\"No\",0,'MAIN-INTERFACE'!$D$4))^(COUNTIF(MATRIX2!M10:N10,0)))*(1+\n                                 (IF('MAIN-INTERFACE'!$D$2=\"No\",0,'MAIN-INTERFACE'!$D$8)))^MATRIX2!D10,Table_Provincial_GTAC35378[[#This Row],[Adj.AnnualRental]])*(1+\n\n                                (IF('MAIN-INTERFACE'!$D$2=\"No\",Table_Provincial_GTAC35378[[#This Row],[TnTEscalation]],'MAIN-INTERFACE'!$G$2)))^\n                                 (IF((COUNTIF(MATRIX2!M10:N10,\">0\")-1)<0,0,COUNTIF(MATRIX2!M10:N10,\">0\"))))))","v":538805.97619200009},{"$f":"IF('MAIN-INTERFACE'!$D$2=\"No\",(Table_Provincial_GTAC35378[[#This Row],[Adj.AnnualRental]])*(1+Table_Provincial_GTAC35378[[#This Row],[TnTEscalation]])^3,(((MATRIX2!W10*Table_Provincial_GTAC35378[[#This Row],[Adj.AnnualRental]])*(1+Table_Provincial_GTAC35378[[#This Row],[TnTEscalation]])^3)+(MATRIX2!O10*IF(IF('MAIN-INTERFACE'!$D$2=\"No\",Table_Provincial_GTAC35378[[#This Row],[Adj.AnnualRental]],(Table_Provincial_GTAC35378[[#This Row],[RtmAnnualRental]])*(1+(IF('MAIN-INTERFACE'!$D$2=\"No\",0,'MAIN-INTERFACE'!$D$4))^(COUNTIF(MATRIX2!M10:O10,0))))*(1+(IF('MAIN-INTERFACE'!$D$2=\"No\",0,'MAIN-INTERFACE'!$D$8)))^3<Table_Provincial_GTAC35378[[#This Row],[Adj.AnnualRental]],(Table_Provincial_GTAC35378[[#This Row],[RtmAnnualRental]])*(1+(IF('MAIN-INTERFACE'!$D$2=\"No\",0,'MAIN-INTERFACE'!$D$4))^(COUNTIF(MATRIX2!M10:O10,0)))*(1+(IF('MAIN-INTERFACE'!$D$2=\"No\",0,'MAIN-INTERFACE'!$D$8)))^MATRIX2!E10,Table_Provincial_GTAC35378[[#This Row],[Adj.AnnualRental]])*(1+(IF('MAIN-INTERFACE'!$D$2=\"No\",Table_Provincial_GTAC35378[[#This Row],[TnTEscalation]],'MAIN-INTERFACE'!$G$2)))^(IF((COUNTIF(MATRIX2!M10:O10,\">0\")-1)<0,0,COUNTIF(MATRIX2!M10:O10,\">0\"))))))","v":581910.45428736007},{"$f":"IF('MAIN-INTERFACE'!$D$2=\"No\",(Table_Provincial_GTAC35378[[#This Row],[Adj.AnnualRental]])*(1+Table_Provincial_GTAC35378[[#This Row],[TnTEscalation]])^4,((((MATRIX2!X10*Table_Provincial_GTAC35378[[#This Row],[Adj.AnnualRental]])*(1+Table_Provincial_GTAC35378[[#This Row],[TnTEscalation]])^4)+(MATRIX2!P10*IF(IF('MAIN-INTERFACE'!$D$2=\"No\",Table_Provincial_GTAC35378[[#This Row],[Adj.AnnualRental]],(Table_Provincial_GTAC35378[[#This Row],[RtmAnnualRental]])*(1+(IF('MAIN-INTERFACE'!$D$2=\"No\",0,'MAIN-INTERFACE'!$D$4))^(COUNTIF(MATRIX2!M10:P10,0))))*(1+(IF('MAIN-INTERFACE'!$D$2=\"No\",0,'MAIN-INTERFACE'!$D$8)))^4<Table_Provincial_GTAC35378[[#This Row],[Adj.AnnualRental]],(Table_Provincial_GTAC35378[[#This Row],[RtmAnnualRental]])*(1+(IF('MAIN-INTERFACE'!$D$2=\"No\",0,'MAIN-INTERFACE'!$D$4))^(COUNTIF(MATRIX2!M10:P10,0)))*(1+(IF('MAIN-INTERFACE'!$D$2=\"No\",0,'MAIN-INTERFACE'!$D$8)))^MATRIX2!F10,Table_Provincial_GTAC35378[[#This Row],[Adj.AnnualRental]])*(1+(IF('MAIN-INTERFACE'!$D$2=\"No\",Table_Provincial_GTAC35378[[#This Row],[TnTEscalation]],'MAIN-INTERFACE'!$G$2)))^(IF((COUNTIF(MATRIX2!M10:P10,\">0\")-1)<0,0,COUNTIF(MATRIX2!M10:P10,\">0\")))))))","v":484364.64069915499},{"$f":"IF('MAIN-INTERFACE'!$D$2=\"No\",(Table_Provincial_GTAC35378[[#This Row],[Adj.AnnualRental]])*(1+Table_Provincial_GTAC35378[[#This Row],[TnTEscalation]])^5,(((MATRIX2!Y10*Table_Provincial_GTAC35378[[#This Row],[Adj.AnnualRental]])*(1+Table_Provincial_GTAC35378[[#This Row],[TnTEscalation]])^5)+(MATRIX2!Q10*IF(IF('MAIN-INTERFACE'!$D$2=\"No\",Table_Provincial_GTAC35378[[#This Row],[Adj.AnnualRental]],(Table_Provincial_GTAC35378[[#This Row],[RtmAnnualRental]])*(1+(IF('MAIN-INTERFACE'!$D$2=\"No\",0,'MAIN-INTERFACE'!$D$4))^(COUNTIF(MATRIX2!M10:Q10,0))))*(1+(IF('MAIN-INTERFACE'!$D$2=\"No\",0,'MAIN-INTERFACE'!$D$8)))^5<Table_Provincial_GTAC35378[[#This Row],[Adj.AnnualRental]],(Table_Provincial_GTAC35378[[#This Row],[RtmAnnualRental]])*(1+(IF('MAIN-INTERFACE'!$D$2=\"No\",0,'MAIN-INTERFACE'!$D$4))^(COUNTIF(MATRIX2!M10:Q10,0)))*(1+(IF('MAIN-INTERFACE'!$D$2=\"No\",0,'MAIN-INTERFACE'!$D$8)))^MATRIX2!G10,Table_Provincial_GTAC35378[[#This Row],[Adj.AnnualRental]])*(1+(IF('MAIN-INTERFACE'!$D$2=\"No\",Table_Provincial_GTAC35378[[#This Row],[TnTEscalation]],'MAIN-INTERFACE'!$G$2)))^(IF((COUNTIF(MATRIX2!M10:Q10,\">0\")-1)<0,0,COUNTIF(MATRIX2!M10:Q10,\">0\"))))))","v":443398.00553131202},{"$f":"IF('MAIN-INTERFACE'!$D$2=\"No\",(Table_Provincial_GTAC35378[[#This Row],[Adj.AnnualRental]])*(1+Table_Provincial_GTAC35378[[#This Row],[TnTEscalation]])^6,(((MATRIX2!Z10*Table_Provincial_GTAC35378[[#This Row],[Adj.AnnualRental]])*(1+Table_Provincial_GTAC35378[[#This Row],[TnTEscalation]])^6)+(MATRIX2!R10*IF(IF('MAIN-INTERFACE'!$D$2=\"No\",Table_Provincial_GTAC35378[[#This Row],[Adj.AnnualRental]],(Table_Provincial_GTAC35378[[#This Row],[RtmAnnualRental]])*(1+(IF('MAIN-INTERFACE'!$D$2=\"No\",0,'MAIN-INTERFACE'!$D$4))^(COUNTIF(MATRIX2!M10:R10,0))))*(1+(IF('MAIN-INTERFACE'!$D$2=\"No\",0,'MAIN-INTERFACE'!$D$8)))^6<Table_Provincial_GTAC35378[[#This Row],[Adj.AnnualRental]],(Table_Provincial_GTAC35378[[#This Row],[RtmAnnualRental]])*(1+(IF('MAIN-INTERFACE'!$D$2=\"No\",0,'MAIN-INTERFACE'!$D$4))^(COUNTIF(MATRIX2!M10:R10,0)))*(1+(IF('MAIN-INTERFACE'!$D$2=\"No\",0,'MAIN-INTERFACE'!$D$8)))^MATRIX2!H10,Table_Provincial_GTAC35378[[#This Row],[Adj.AnnualRental]])*(1+(IF('MAIN-INTERFACE'!$D$2=\"No\",Table_Provincial_GTAC35378[[#This Row],[TnTEscalation]],'MAIN-INTERFACE'!$G$2)))^(IF((COUNTIF(MATRIX2!M10:R10,\">0\")-1)<0,0,COUNTIF(MATRIX2!M10:R10,\">0\"))))))","v":476652.85594616045},{"$f":"IF('MAIN-INTERFACE'!$D$2=\"No\",(Table_Provincial_GTAC35378[[#This Row],[Adj.AnnualRental]])*(1+Table_Provincial_GTAC35378[[#This Row],[TnTEscalation]])^7,(((MATRIX2!AA10*Table_Provincial_GTAC35378[[#This Row],[Adj.AnnualRental]])*(1+Table_Provincial_GTAC35378[[#This Row],[TnTEscalation]])^7)+(MATRIX2!S10*IF(IF('MAIN-INTERFACE'!$D$2=\"No\",Table_Provincial_GTAC35378[[#This Row],[Adj.AnnualRental]],(Table_Provincial_GTAC35378[[#This Row],[RtmAnnualRental]])*(1+(IF('MAIN-INTERFACE'!$D$2=\"No\",0,'MAIN-INTERFACE'!$D$4))^(COUNTIF(MATRIX2!M10:S10,0))))*(1+(IF('MAIN-INTERFACE'!$D$2=\"No\",0,'MAIN-INTERFACE'!$D$8)))^7<Table_Provincial_GTAC35378[[#This Row],[Adj.AnnualRental]],(Table_Provincial_GTAC35378[[#This Row],[RtmAnnualRental]])*(1+(IF('MAIN-INTERFACE'!$D$2=\"No\",0,'MAIN-INTERFACE'!$D$4))^(COUNTIF(MATRIX2!M10:S10,0)))*(1+(IF('MAIN-INTERFACE'!$D$2=\"No\",0,'MAIN-INTERFACE'!$D$8)))^MATRIX2!I10,Table_Provincial_GTAC35378[[#This Row],[Adj.AnnualRental]])*(1+(IF('MAIN-INTERFACE'!$D$2=\"No\",Table_Provincial_GTAC35378[[#This Row],[TnTEscalation]],'MAIN-INTERFACE'!$G$2)))^(IF((COUNTIF(MATRIX2!M10:S10,\">0\")-1)<0,0,COUNTIF(MATRIX2!M10:S10,\">0\"))))))","v":512401.82014212245},{"$f":"SUM(Table_Provincial_GTAC35378[[#This Row],[FY 2018/19]:[FY 2023/24]])","v":3037533.7527981102}]
[{"$f":"Table_Provincial_GTAC3536[[#This Row],[SystemID]]","v":10},{"$f":"VLOOKUP($A11,DATA2!$A$2:$S$607,2,FALSE)","v":"KZN"},{"$f":"VLOOKUP($A11,DATA2!$A$2:$S$607,3,FALSE)","v":"KwaZulu-Natal"},{"$f":"VLOOKUP($A11,DATA2!$A$2:$S$607,4,FALSE)","v":98.821310942578549},{"$f":"VLOOKUP($A11,DATA2!$A$2:$S$607,5,FALSE)","v":77.5},{"$f":"VLOOKUP($A11,DATA2!$A$2:$S$607,6,FALSE)","v":"VTSD"},{"$f":"VLOOKUP($A11,DATA2!$A$2:$S$607,7,FALSE)","v":923},{"$f":"VLOOKUP($A11,DATA2!$A$2:$S$607,8,FALSE)","v":true},{"$f":"VLOOKUP($A11,DATA2!$A$2:$S$607,9,FALSE)","v":6.5000000000000002E-2},{"$f":"VLOOKUP($A11,DATA2!$A$2:$S$607,10,FALSE)","v":91212.07},{"$f":"VLOOKUP($A11,DATA2!$A$2:$S$607,11,FALSE)","v":1094544.8400000001},{"$f":"Table_Provincial_GTAC35378[[#This Row],[Benchmark]]*Table_Provincial_GTAC35378[[#This Row],[ExtentM2]]*12","v":858390},{"$f":"VLOOKUP($A11,DATA2!$A$2:$S$607,12,FALSE)","v":"2015-10-01"},{"$f":"VLOOKUP($A11,DATA2!$A$2:$S$607,13,FALSE)","v":"2020-09-30"},{"$f":"VLOOKUP($A11,DATA2!$A$2:$S$607,14,FALSE)","v":"No"},{"$f":"IF(MATRIX2!D11=1,($Y$8-$X$2)/365*Table_Provincial_GTAC35378[[#This Row],[Adj.AnnualRental]]*MATRIX2!D11,($Y$8-$X$2)/365*Table_Provincial_GTAC35378[[#This Row],[Adj.AnnualRental]])","v":-3961352.6949041099},{"$f":"IF('MAIN-INTERFACE'!$D$2=\"No\",(Table_Provincial_GTAC35378[[#This Row],[Adj.AnnualRental]])*(1+Table_Provincial_GTAC35378[[#This Row],[TnTEscalation]])^2,\n    (((MATRIX2!V11*Table_Provincial_GTAC35378[[#This Row],[Adj.AnnualRental]])*(1+Table_Provincial_GTAC35378[[#This Row],[TnTEscalation]])^2)+\n       (MATRIX2!N11* IF(IF('MAIN-INTERFACE'!$D$2=\"No\",Table_Provincial_GTAC35378[[#This Row],[Adj.AnnualRental]],(Table_Provincial_GTAC35378[[#This Row],[RtmAnnualRental]])*(1+\n                                 (IF('MAIN-INTERFACE'!$D$2=\"No\",0,'MAIN-INTERFACE'!$D$4))^(COUNTIF(MATRIX2!M11:N11,0))))*(1+\n                                 (IF('MAIN-INTERFACE'!$D$2=\"No\",0,'MAIN-INTERFACE'!$D$8)))^2<Table_Provincial_GTAC35378[[#This Row],[Adj.AnnualRental]],(Table_Provincial_GTAC35378[[#This Row],[RtmAnnualRental]])*(1+\n\n                                 (IF('MAIN-INTERFACE'!$D$2=\"No\",0,'MAIN-INTERFACE'!$D$4))^(COUNTIF(MATRIX2!M11:N11,0)))*(1+\n                                 (IF('MAIN-INTERFACE'!$D$2=\"No\",0,'MAIN-INTERFACE'!$D$8)))^MATRIX2!D11,Table_Provincial_GTAC35378[[#This Row],[Adj.AnnualRental]])*(1+\n\n                                (IF('MAIN-INTERFACE'!$D$2=\"No\",Table_Provincial_GTAC35378[[#This Row],[TnTEscalation]],'MAIN-INTERFACE'!$G$2)))^\n                                 (IF((COUNTIF(MATRIX2!M11:N11,\">0\")-1)<0,0,COUNTIF(MATRIX2!M11:N11,\">0\"))))))","v":1241460.1211489998},{"$f":"IF('MAIN-INTERFACE'!$D$2=\"No\",(Table_Provincial_GTAC35378[[#This Row],[Adj.AnnualRental]])*(1+Table_Provincial_GTAC35378[[#This Row],[TnTEscalation]])^3,(((MATRIX2!W11*Table_Provincial_GTAC35378[[#This Row],[Adj.AnnualRental]])*(1+Table_Provincial_GTAC35378[[#This Row],[TnTEscalation]])^3)+(MATRIX2!O11*IF(IF('MAIN-INTERFACE'!$D$2=\"No\",Table_Provincial_GTAC35378[[#This Row],[Adj.AnnualRental]],(Table_Provincial_GTAC35378[[#This Row],[RtmAnnualRental]])*(1+(IF('MAIN-INTERFACE'!$D$2=\"No\",0,'MAIN-INTERFACE'!$D$4))^(COUNTIF(MATRIX2!M11:O11,0))))*(1+(IF('MAIN-INTERFACE'!$D$2=\"No\",0,'MAIN-INTERFACE'!$D$8)))^3<Table_Provincial_GTAC35378[[#This Row],[Adj.AnnualRental]],(Table_Provincial_GTAC35378[[#This Row],[RtmAnnualRental]])*(1+(IF('MAIN-INTERFACE'!$D$2=\"No\",0,'MAIN-INTERFACE'!$D$4))^(COUNTIF(MATRIX2!M11:O11,0)))*(1+(IF('MAIN-INTERFACE'!$D$2=\"No\",0,'MAIN-INTERFACE'!$D$8)))^MATRIX2!E11,Table_Provincial_GTAC35378[[#This Row],[Adj.AnnualRental]])*(1+(IF('MAIN-INTERFACE'!$D$2=\"No\",Table_Provincial_GTAC35378[[#This Row],[TnTEscalation]],'MAIN-INTERFACE'!$G$2)))^(IF((COUNTIF(MATRIX2!M11:O11,\">0\")-1)<0,0,COUNTIF(MATRIX2!M11:O11,\">0\"))))))","v":1322155.0290236848},{"$f":"IF('MAIN-INTERFACE'!$D$2=\"No\",(Table_Provincial_GTAC35378[[#This Row],[Adj.AnnualRental]])*(1+Table_Provincial_GTAC35378[[#This Row],[TnTEscalation]])^4,((((MATRIX2!X11*Table_Provincial_GTAC35378[[#This Row],[Adj.AnnualRental]])*(1+Table_Provincial_GTAC35378[[#This Row],[TnTEscalation]])^4)+(MATRIX2!P11*IF(IF('MAIN-INTERFACE'!$D$2=\"No\",Table_Provincial_GTAC35378[[#This Row],[Adj.AnnualRental]],(Table_Provincial_GTAC35378[[#This Row],[RtmAnnualRental]])*(1+(IF('MAIN-INTERFACE'!$D$2=\"No\",0,'MAIN-INTERFACE'!$D$4))^(COUNTIF(MATRIX2!M11:P11,0))))*(1+(IF('MAIN-INTERFACE'!$D$2=\"No\",0,'MAIN-INTERFACE'!$D$8)))^4<Table_Provincial_GTAC35378[[#This Row],[Adj.AnnualRental]],(Table_Provincial_GTAC35378[[#This Row],[RtmAnnualRental]])*(1+(IF('MAIN-INTERFACE'!$D$2=\"No\",0,'MAIN-INTERFACE'!$D$4))^(COUNTIF(MATRIX2!M11:P11,0)))*(1+(IF('MAIN-INTERFACE'!$D$2=\"No\",0,'MAIN-INTERFACE'!$D$8)))^MATRIX2!F11,Table_Provincial_GTAC35378[[#This Row],[Adj.AnnualRental]])*(1+(IF('MAIN-INTERFACE'!$D$2=\"No\",Table_Provincial_GTAC35378[[#This Row],[TnTEscalation]],'MAIN-INTERFACE'!$G$2)))^(IF((COUNTIF(MATRIX2!M11:P11,\">0\")-1)<0,0,COUNTIF(MATRIX2!M11:P11,\">0\")))))))","v":1408095.1059102241},{"$f":"IF('MAIN-INTERFACE'!$D$2=\"No\",(Table_Provincial_GTAC35378[[#This Row],[Adj.AnnualRental]])*(1+Table_Provincial_GTAC35378[[#This Row],[TnTEscalation]])^5,(((MATRIX2!Y11*Table_Provincial_GTAC35378[[#This Row],[Adj.AnnualRental]])*(1+Table_Provincial_GTAC35378[[#This Row],[TnTEscalation]])^5)+(MATRIX2!Q11*IF(IF('MAIN-INTERFACE'!$D$2=\"No\",Table_Provincial_GTAC35378[[#This Row],[Adj.AnnualRental]],(Table_Provincial_GTAC35378[[#This Row],[RtmAnnualRental]])*(1+(IF('MAIN-INTERFACE'!$D$2=\"No\",0,'MAIN-INTERFACE'!$D$4))^(COUNTIF(MATRIX2!M11:Q11,0))))*(1+(IF('MAIN-INTERFACE'!$D$2=\"No\",0,'MAIN-INTERFACE'!$D$8)))^5<Table_Provincial_GTAC35378[[#This Row],[Adj.AnnualRental]],(Table_Provincial_GTAC35378[[#This Row],[RtmAnnualRental]])*(1+(IF('MAIN-INTERFACE'!$D$2=\"No\",0,'MAIN-INTERFACE'!$D$4))^(COUNTIF(MATRIX2!M11:Q11,0)))*(1+(IF('MAIN-INTERFACE'!$D$2=\"No\",0,'MAIN-INTERFACE'!$D$8)))^MATRIX2!G11,Table_Provincial_GTAC35378[[#This Row],[Adj.AnnualRental]])*(1+(IF('MAIN-INTERFACE'!$D$2=\"No\",Table_Provincial_GTAC35378[[#This Row],[TnTEscalation]],'MAIN-INTERFACE'!$G$2)))^(IF((COUNTIF(MATRIX2!M11:Q11,\">0\")-1)<0,0,COUNTIF(MATRIX2!M11:Q11,\">0\"))))))","v":921981.40725434141},{"$f":"IF('MAIN-INTERFACE'!$D$2=\"No\",(Table_Provincial_GTAC35378[[#This Row],[Adj.AnnualRental]])*(1+Table_Provincial_GTAC35378[[#This Row],[TnTEscalation]])^6,(((MATRIX2!Z11*Table_Provincial_GTAC35378[[#This Row],[Adj.AnnualRental]])*(1+Table_Provincial_GTAC35378[[#This Row],[TnTEscalation]])^6)+(MATRIX2!R11*IF(IF('MAIN-INTERFACE'!$D$2=\"No\",Table_Provincial_GTAC35378[[#This Row],[Adj.AnnualRental]],(Table_Provincial_GTAC35378[[#This Row],[RtmAnnualRental]])*(1+(IF('MAIN-INTERFACE'!$D$2=\"No\",0,'MAIN-INTERFACE'!$D$4))^(COUNTIF(MATRIX2!M11:R11,0))))*(1+(IF('MAIN-INTERFACE'!$D$2=\"No\",0,'MAIN-INTERFACE'!$D$8)))^6<Table_Provincial_GTAC35378[[#This Row],[Adj.AnnualRental]],(Table_Provincial_GTAC35378[[#This Row],[RtmAnnualRental]])*(1+(IF('MAIN-INTERFACE'!$D$2=\"No\",0,'MAIN-INTERFACE'!$D$4))^(COUNTIF(MATRIX2!M11:R11,0)))*(1+(IF('MAIN-INTERFACE'!$D$2=\"No\",0,'MAIN-INTERFACE'!$D$8)))^MATRIX2!H11,Table_Provincial_GTAC35378[[#This Row],[Adj.AnnualRental]])*(1+(IF('MAIN-INTERFACE'!$D$2=\"No\",Table_Provincial_GTAC35378[[#This Row],[TnTEscalation]],'MAIN-INTERFACE'!$G$2)))^(IF((COUNTIF(MATRIX2!M11:R11,\">0\")-1)<0,0,COUNTIF(MATRIX2!M11:R11,\">0\"))))))","v":991979.48321097589},{"$f":"IF('MAIN-INTERFACE'!$D$2=\"No\",(Table_Provincial_GTAC35378[[#This Row],[Adj.AnnualRental]])*(1+Table_Provincial_GTAC35378[[#This Row],[TnTEscalation]])^7,(((MATRIX2!AA11*Table_Provincial_GTAC35378[[#This Row],[Adj.AnnualRental]])*(1+Table_Provincial_GTAC35378[[#This Row],[TnTEscalation]])^7)+(MATRIX2!S11*IF(IF('MAIN-INTERFACE'!$D$2=\"No\",Table_Provincial_GTAC35378[[#This Row],[Adj.AnnualRental]],(Table_Provincial_GTAC35378[[#This Row],[RtmAnnualRental]])*(1+(IF('MAIN-INTERFACE'!$D$2=\"No\",0,'MAIN-INTERFACE'!$D$4))^(COUNTIF(MATRIX2!M11:S11,0))))*(1+(IF('MAIN-INTERFACE'!$D$2=\"No\",0,'MAIN-INTERFACE'!$D$8)))^7<Table_Provincial_GTAC35378[[#This Row],[Adj.AnnualRental]],(Table_Provincial_GTAC35378[[#This Row],[RtmAnnualRental]])*(1+(IF('MAIN-INTERFACE'!$D$2=\"No\",0,'MAIN-INTERFACE'!$D$4))^(COUNTIF(MATRIX2!M11:S11,0)))*(1+(IF('MAIN-INTERFACE'!$D$2=\"No\",0,'MAIN-INTERFACE'!$D$8)))^MATRIX2!I11,Table_Provincial_GTAC35378[[#This Row],[Adj.AnnualRental]])*(1+(IF('MAIN-INTERFACE'!$D$2=\"No\",Table_Provincial_GTAC35378[[#This Row],[TnTEscalation]],'MAIN-INTERFACE'!$G$2)))^(IF((COUNTIF(MATRIX2!M11:S11,\">0\")-1)<0,0,COUNTIF(MATRIX2!M11:S11,\">0\"))))))","v":1066377.9444517989},{"$f":"SUM(Table_Provincial_GTAC35378[[#This Row],[FY 2018/19]:[FY 2023/24]])","v":6952049.0910000242},null,null,null,null,{"$f":"COUNTIF(MATRIX2!M2:N2,0)","v":2}]
[{"$f":"Table_Provincial_GTAC3536[[#This Row],[SystemID]]","v":11},{"$f":"VLOOKUP($A12,DATA2!$A$2:$S$607,2,FALSE)","v":"KZN"},{"$f":"VLOOKUP($A12,DATA2!$A$2:$S$607,3,FALSE)","v":"KwaZulu-Natal"},{"$f":"VLOOKUP($A12,DATA2!$A$2:$S$607,4,FALSE)","v":133.1673076923077},{"$f":"VLOOKUP($A12,DATA2!$A$2:$S$607,5,FALSE)","v":77.5},{"$f":"VLOOKUP($A12,DATA2!$A$2:$S$607,6,FALSE)","v":"VTSD"},{"$f":"VLOOKUP($A12,DATA2!$A$2:$S$607,7,FALSE)","v":1164.8},{"$f":"VLOOKUP($A12,DATA2!$A$2:$S$607,8,FALSE)","v":true},{"$f":"VLOOKUP($A12,DATA2!$A$2:$S$607,9,FALSE)","v":0.08},{"$f":"VLOOKUP($A12,DATA2!$A$2:$S$607,10,FALSE)","v":155113.28},{"$f":"VLOOKUP($A12,DATA2!$A$2:$S$607,11,FALSE)","v":1861359.36},{"$f":"Table_Provincial_GTAC35378[[#This Row],[Benchmark]]*Table_Provincial_GTAC35378[[#This Row],[ExtentM2]]*12","v":1083264},{"$f":"VLOOKUP($A12,DATA2!$A$2:$S$607,12,FALSE)","v":"2016-10-01"},{"$f":"VLOOKUP($A12,DATA2!$A$2:$S$607,13,FALSE)","v":"2019-09-30"},{"$f":"VLOOKUP($A12,DATA2!$A$2:$S$607,14,FALSE)","v":"No"},{"$f":"IF(MATRIX2!D12=1,($Y$8-$X$2)/365*Table_Provincial_GTAC35378[[#This Row],[Adj.AnnualRental]]*MATRIX2!D12,($Y$8-$X$2)/365*Table_Provincial_GTAC35378[[#This Row],[Adj.AnnualRental]])","v":-6736590.9987945203},{"$f":"IF('MAIN-INTERFACE'!$D$2=\"No\",(Table_Provincial_GTAC35378[[#This Row],[Adj.AnnualRental]])*(1+Table_Provincial_GTAC35378[[#This Row],[TnTEscalation]])^2,\n    (((MATRIX2!V12*Table_Provincial_GTAC35378[[#This Row],[Adj.AnnualRental]])*(1+Table_Provincial_GTAC35378[[#This Row],[TnTEscalation]])^2)+\n       (MATRIX2!N12* IF(IF('MAIN-INTERFACE'!$D$2=\"No\",Table_Provincial_GTAC35378[[#This Row],[Adj.AnnualRental]],(Table_Provincial_GTAC35378[[#This Row],[RtmAnnualRental]])*(1+\n                                 (IF('MAIN-INTERFACE'!$D$2=\"No\",0,'MAIN-INTERFACE'!$D$4))^(COUNTIF(MATRIX2!M12:N12,0))))*(1+\n                                 (IF('MAIN-INTERFACE'!$D$2=\"No\",0,'MAIN-INTERFACE'!$D$8)))^2<Table_Provincial_GTAC35378[[#This Row],[Adj.AnnualRental]],(Table_Provincial_GTAC35378[[#This Row],[RtmAnnualRental]])*(1+\n\n                                 (IF('MAIN-INTERFACE'!$D$2=\"No\",0,'MAIN-INTERFACE'!$D$4))^(COUNTIF(MATRIX2!M12:N12,0)))*(1+\n                                 (IF('MAIN-INTERFACE'!$D$2=\"No\",0,'MAIN-INTERFACE'!$D$8)))^MATRIX2!D12,Table_Provincial_GTAC35378[[#This Row],[Adj.AnnualRental]])*(1+\n\n                                (IF('MAIN-INTERFACE'!$D$2=\"No\",Table_Provincial_GTAC35378[[#This Row],[TnTEscalation]],'MAIN-INTERFACE'!$G$2)))^\n                                 (IF((COUNTIF(MATRIX2!M12:N12,\">0\")-1)<0,0,COUNTIF(MATRIX2!M12:N12,\">0\"))))))","v":2171089.5575040001},{"$f":"IF('MAIN-INTERFACE'!$D$2=\"No\",(Table_Provincial_GTAC35378[[#This Row],[Adj.AnnualRental]])*(1+Table_Provincial_GTAC35378[[#This Row],[TnTEscalation]])^3,(((MATRIX2!W12*Table_Provincial_GTAC35378[[#This Row],[Adj.AnnualRental]])*(1+Table_Provincial_GTAC35378[[#This Row],[TnTEscalation]])^3)+(MATRIX2!O12*IF(IF('MAIN-INTERFACE'!$D$2=\"No\",Table_Provincial_GTAC35378[[#This Row],[Adj.AnnualRental]],(Table_Provincial_GTAC35378[[#This Row],[RtmAnnualRental]])*(1+(IF('MAIN-INTERFACE'!$D$2=\"No\",0,'MAIN-INTERFACE'!$D$4))^(COUNTIF(MATRIX2!M12:O12,0))))*(1+(IF('MAIN-INTERFACE'!$D$2=\"No\",0,'MAIN-INTERFACE'!$D$8)))^3<Table_Provincial_GTAC35378[[#This Row],[Adj.AnnualRental]],(Table_Provincial_GTAC35378[[#This Row],[RtmAnnualRental]])*(1+(IF('MAIN-INTERFACE'!$D$2=\"No\",0,'MAIN-INTERFACE'!$D$4))^(COUNTIF(MATRIX2!M12:O12,0)))*(1+(IF('MAIN-INTERFACE'!$D$2=\"No\",0,'MAIN-INTERFACE'!$D$8)))^MATRIX2!E12,Table_Provincial_GTAC35378[[#This Row],[Adj.AnnualRental]])*(1+(IF('MAIN-INTERFACE'!$D$2=\"No\",Table_Provincial_GTAC35378[[#This Row],[TnTEscalation]],'MAIN-INTERFACE'!$G$2)))^(IF((COUNTIF(MATRIX2!M12:O12,\">0\")-1)<0,0,COUNTIF(MATRIX2!M12:O12,\">0\"))))))","v":2339933.9630302475},{"$f":"IF('MAIN-INTERFACE'!$D$2=\"No\",(Table_Provincial_GTAC35378[[#This Row],[Adj.AnnualRental]])*(1+Table_Provincial_GTAC35378[[#This Row],[TnTEscalation]])^4,((((MATRIX2!X12*Table_Provincial_GTAC35378[[#This Row],[Adj.AnnualRental]])*(1+Table_Provincial_GTAC35378[[#This Row],[TnTEscalation]])^4)+(MATRIX2!P12*IF(IF('MAIN-INTERFACE'!$D$2=\"No\",Table_Provincial_GTAC35378[[#This Row],[Adj.AnnualRental]],(Table_Provincial_GTAC35378[[#This Row],[RtmAnnualRental]])*(1+(IF('MAIN-INTERFACE'!$D$2=\"No\",0,'MAIN-INTERFACE'!$D$4))^(COUNTIF(MATRIX2!M12:P12,0))))*(1+(IF('MAIN-INTERFACE'!$D$2=\"No\",0,'MAIN-INTERFACE'!$D$8)))^4<Table_Provincial_GTAC35378[[#This Row],[Adj.AnnualRental]],(Table_Provincial_GTAC35378[[#This Row],[RtmAnnualRental]])*(1+(IF('MAIN-INTERFACE'!$D$2=\"No\",0,'MAIN-INTERFACE'!$D$4))^(COUNTIF(MATRIX2!M12:P12,0)))*(1+(IF('MAIN-INTERFACE'!$D$2=\"No\",0,'MAIN-INTERFACE'!$D$8)))^MATRIX2!F12,Table_Provincial_GTAC35378[[#This Row],[Adj.AnnualRental]])*(1+(IF('MAIN-INTERFACE'!$D$2=\"No\",Table_Provincial_GTAC35378[[#This Row],[TnTEscalation]],'MAIN-INTERFACE'!$G$2)))^(IF((COUNTIF(MATRIX2!M12:P12,\">0\")-1)<0,0,COUNTIF(MATRIX2!M12:P12,\">0\")))))))","v":1253849.9151359999},{"$f":"IF('MAIN-INTERFACE'!$D$2=\"No\",(Table_Provincial_GTAC35378[[#This Row],[Adj.AnnualRental]])*(1+Table_Provincial_GTAC35378[[#This Row],[TnTEscalation]])^5,(((MATRIX2!Y12*Table_Provincial_GTAC35378[[#This Row],[Adj.AnnualRental]])*(1+Table_Provincial_GTAC35378[[#This Row],[TnTEscalation]])^5)+(MATRIX2!Q12*IF(IF('MAIN-INTERFACE'!$D$2=\"No\",Table_Provincial_GTAC35378[[#This Row],[Adj.AnnualRental]],(Table_Provincial_GTAC35378[[#This Row],[RtmAnnualRental]])*(1+(IF('MAIN-INTERFACE'!$D$2=\"No\",0,'MAIN-INTERFACE'!$D$4))^(COUNTIF(MATRIX2!M12:Q12,0))))*(1+(IF('MAIN-INTERFACE'!$D$2=\"No\",0,'MAIN-INTERFACE'!$D$8)))^5<Table_Provincial_GTAC35378[[#This Row],[Adj.AnnualRental]],(Table_Provincial_GTAC35378[[#This Row],[RtmAnnualRental]])*(1+(IF('MAIN-INTERFACE'!$D$2=\"No\",0,'MAIN-INTERFACE'!$D$4))^(COUNTIF(MATRIX2!M12:Q12,0)))*(1+(IF('MAIN-INTERFACE'!$D$2=\"No\",0,'MAIN-INTERFACE'!$D$8)))^MATRIX2!G12,Table_Provincial_GTAC35378[[#This Row],[Adj.AnnualRental]])*(1+(IF('MAIN-INTERFACE'!$D$2=\"No\",Table_Provincial_GTAC35378[[#This Row],[TnTEscalation]],'MAIN-INTERFACE'!$G$2)))^(IF((COUNTIF(MATRIX2!M12:Q12,\">0\")-1)<0,0,COUNTIF(MATRIX2!M12:Q12,\">0\"))))))","v":1347888.6587711999},{"$f":"IF('MAIN-INTERFACE'!$D$2=\"No\",(Table_Provincial_GTAC35378[[#This Row],[Adj.AnnualRental]])*(1+Table_Provincial_GTAC35378[[#This Row],[TnTEscalation]])^6,(((MATRIX2!Z12*Table_Provincial_GTAC35378[[#This Row],[Adj.AnnualRental]])*(1+Table_Provincial_GTAC35378[[#This Row],[TnTEscalation]])^6)+(MATRIX2!R12*IF(IF('MAIN-INTERFACE'!$D$2=\"No\",Table_Provincial_GTAC35378[[#This Row],[Adj.AnnualRental]],(Table_Provincial_GTAC35378[[#This Row],[RtmAnnualRental]])*(1+(IF('MAIN-INTERFACE'!$D$2=\"No\",0,'MAIN-INTERFACE'!$D$4))^(COUNTIF(MATRIX2!M12:R12,0))))*(1+(IF('MAIN-INTERFACE'!$D$2=\"No\",0,'MAIN-INTERFACE'!$D$8)))^6<Table_Provincial_GTAC35378[[#This Row],[Adj.AnnualRental]],(Table_Provincial_GTAC35378[[#This Row],[RtmAnnualRental]])*(1+(IF('MAIN-INTERFACE'!$D$2=\"No\",0,'MAIN-INTERFACE'!$D$4))^(COUNTIF(MATRIX2!M12:R12,0)))*(1+(IF('MAIN-INTERFACE'!$D$2=\"No\",0,'MAIN-INTERFACE'!$D$8)))^MATRIX2!H12,Table_Provincial_GTAC35378[[#This Row],[Adj.AnnualRental]])*(1+(IF('MAIN-INTERFACE'!$D$2=\"No\",Table_Provincial_GTAC35378[[#This Row],[TnTEscalation]],'MAIN-INTERFACE'!$G$2)))^(IF((COUNTIF(MATRIX2!M12:R12,\">0\")-1)<0,0,COUNTIF(MATRIX2!M12:R12,\">0\"))))))","v":1448980.30817904},{"$f":"IF('MAIN-INTERFACE'!$D$2=\"No\",(Table_Provincial_GTAC35378[[#This Row],[Adj.AnnualRental]])*(1+Table_Provincial_GTAC35378[[#This Row],[TnTEscalation]])^7,(((MATRIX2!AA12*Table_Provincial_GTAC35378[[#This Row],[Adj.AnnualRental]])*(1+Table_Provincial_GTAC35378[[#This Row],[TnTEscalation]])^7)+(MATRIX2!S12*IF(IF('MAIN-INTERFACE'!$D$2=\"No\",Table_Provincial_GTAC35378[[#This Row],[Adj.AnnualRental]],(Table_Provincial_GTAC35378[[#This Row],[RtmAnnualRental]])*(1+(IF('MAIN-INTERFACE'!$D$2=\"No\",0,'MAIN-INTERFACE'!$D$4))^(COUNTIF(MATRIX2!M12:S12,0))))*(1+(IF('MAIN-INTERFACE'!$D$2=\"No\",0,'MAIN-INTERFACE'!$D$8)))^7<Table_Provincial_GTAC35378[[#This Row],[Adj.AnnualRental]],(Table_Provincial_GTAC35378[[#This Row],[RtmAnnualRental]])*(1+(IF('MAIN-INTERFACE'!$D$2=\"No\",0,'MAIN-INTERFACE'!$D$4))^(COUNTIF(MATRIX2!M12:S12,0)))*(1+(IF('MAIN-INTERFACE'!$D$2=\"No\",0,'MAIN-INTERFACE'!$D$8)))^MATRIX2!I12,Table_Provincial_GTAC35378[[#This Row],[Adj.AnnualRental]])*(1+(IF('MAIN-INTERFACE'!$D$2=\"No\",Table_Provincial_GTAC35378[[#This Row],[TnTEscalation]],'MAIN-INTERFACE'!$G$2)))^(IF((COUNTIF(MATRIX2!M12:S12,\">0\")-1)<0,0,COUNTIF(MATRIX2!M12:S12,\">0\"))))))","v":1557653.8312924679},{"$f":"SUM(Table_Provincial_GTAC35378[[#This Row],[FY 2018/19]:[FY 2023/24]])","v":10119396.233912954}]
[{"$f":"Table_Provincial_GTAC3536[[#This Row],[SystemID]]","v":12},{"$f":"VLOOKUP($A13,DATA2!$A$2:$S$607,2,FALSE)","v":"KZN"},{"$f":"VLOOKUP($A13,DATA2!$A$2:$S$607,3,FALSE)","v":"KwaZulu-Natal"},{"$f":"VLOOKUP($A13,DATA2!$A$2:$S$607,4,FALSE)","v":139.12871171381812},{"$f":"VLOOKUP($A13,DATA2!$A$2:$S$607,5,FALSE)","v":100},{"$f":"VLOOKUP($A13,DATA2!$A$2:$S$607,6,FALSE)","v":"VTSD"},{"$f":"VLOOKUP($A13,DATA2!$A$2:$S$607,7,FALSE)","v":2566.1999999999998},{"$f":"VLOOKUP($A13,DATA2!$A$2:$S$607,8,FALSE)","v":true},{"$f":"VLOOKUP($A13,DATA2!$A$2:$S$607,9,FALSE)","v":7.0000000000000007E-2},{"$f":"VLOOKUP($A13,DATA2!$A$2:$S$607,10,FALSE)","v":357032.1},{"$f":"VLOOKUP($A13,DATA2!$A$2:$S$607,11,FALSE)","v":4284385.2},{"$f":"Table_Provincial_GTAC35378[[#This Row],[Benchmark]]*Table_Provincial_GTAC35378[[#This Row],[ExtentM2]]*12","v":3079439.9999999995},{"$f":"VLOOKUP($A13,DATA2!$A$2:$S$607,12,FALSE)","v":"2014-12-01"},{"$f":"VLOOKUP($A13,DATA2!$A$2:$S$607,13,FALSE)","v":"2019-11-30"},{"$f":"VLOOKUP($A13,DATA2!$A$2:$S$607,14,FALSE)","v":"No"},{"$f":"IF(MATRIX2!D13=1,($Y$8-$X$2)/365*Table_Provincial_GTAC35378[[#This Row],[Adj.AnnualRental]]*MATRIX2!D13,($Y$8-$X$2)/365*Table_Provincial_GTAC35378[[#This Row],[Adj.AnnualRental]])","v":-15505953.01150685},{"$f":"IF('MAIN-INTERFACE'!$D$2=\"No\",(Table_Provincial_GTAC35378[[#This Row],[Adj.AnnualRental]])*(1+Table_Provincial_GTAC35378[[#This Row],[TnTEscalation]])^2,\n    (((MATRIX2!V13*Table_Provincial_GTAC35378[[#This Row],[Adj.AnnualRental]])*(1+Table_Provincial_GTAC35378[[#This Row],[TnTEscalation]])^2)+\n       (MATRIX2!N13* IF(IF('MAIN-INTERFACE'!$D$2=\"No\",Table_Provincial_GTAC35378[[#This Row],[Adj.AnnualRental]],(Table_Provincial_GTAC35378[[#This Row],[RtmAnnualRental]])*(1+\n                                 (IF('MAIN-INTERFACE'!$D$2=\"No\",0,'MAIN-INTERFACE'!$D$4))^(COUNTIF(MATRIX2!M13:N13,0))))*(1+\n                                 (IF('MAIN-INTERFACE'!$D$2=\"No\",0,'MAIN-INTERFACE'!$D$8)))^2<Table_Provincial_GTAC35378[[#This Row],[Adj.AnnualRental]],(Table_Provincial_GTAC35378[[#This Row],[RtmAnnualRental]])*(1+\n\n                                 (IF('MAIN-INTERFACE'!$D$2=\"No\",0,'MAIN-INTERFACE'!$D$4))^(COUNTIF(MATRIX2!M13:N13,0)))*(1+\n                                 (IF('MAIN-INTERFACE'!$D$2=\"No\",0,'MAIN-INTERFACE'!$D$8)))^MATRIX2!D13,Table_Provincial_GTAC35378[[#This Row],[Adj.AnnualRental]])*(1+\n\n                                (IF('MAIN-INTERFACE'!$D$2=\"No\",Table_Provincial_GTAC35378[[#This Row],[TnTEscalation]],'MAIN-INTERFACE'!$G$2)))^\n                                 (IF((COUNTIF(MATRIX2!M13:N13,\">0\")-1)<0,0,COUNTIF(MATRIX2!M13:N13,\">0\"))))))","v":4905192.6154800002},{"$f":"IF('MAIN-INTERFACE'!$D$2=\"No\",(Table_Provincial_GTAC35378[[#This Row],[Adj.AnnualRental]])*(1+Table_Provincial_GTAC35378[[#This Row],[TnTEscalation]])^3,(((MATRIX2!W13*Table_Provincial_GTAC35378[[#This Row],[Adj.AnnualRental]])*(1+Table_Provincial_GTAC35378[[#This Row],[TnTEscalation]])^3)+(MATRIX2!O13*IF(IF('MAIN-INTERFACE'!$D$2=\"No\",Table_Provincial_GTAC35378[[#This Row],[Adj.AnnualRental]],(Table_Provincial_GTAC35378[[#This Row],[RtmAnnualRental]])*(1+(IF('MAIN-INTERFACE'!$D$2=\"No\",0,'MAIN-INTERFACE'!$D$4))^(COUNTIF(MATRIX2!M13:O13,0))))*(1+(IF('MAIN-INTERFACE'!$D$2=\"No\",0,'MAIN-INTERFACE'!$D$8)))^3<Table_Provincial_GTAC35378[[#This Row],[Adj.AnnualRental]],(Table_Provincial_GTAC35378[[#This Row],[RtmAnnualRental]])*(1+(IF('MAIN-INTERFACE'!$D$2=\"No\",0,'MAIN-INTERFACE'!$D$4))^(COUNTIF(MATRIX2!M13:O13,0)))*(1+(IF('MAIN-INTERFACE'!$D$2=\"No\",0,'MAIN-INTERFACE'!$D$8)))^MATRIX2!E13,Table_Provincial_GTAC35378[[#This Row],[Adj.AnnualRental]])*(1+(IF('MAIN-INTERFACE'!$D$2=\"No\",Table_Provincial_GTAC35378[[#This Row],[TnTEscalation]],'MAIN-INTERFACE'!$G$2)))^(IF((COUNTIF(MATRIX2!M13:O13,\">0\")-1)<0,0,COUNTIF(MATRIX2!M13:O13,\">0\"))))))","v":5248556.0985636003},{"$f":"IF('MAIN-INTERFACE'!$D$2=\"No\",(Table_Provincial_GTAC35378[[#This Row],[Adj.AnnualRental]])*(1+Table_Provincial_GTAC35378[[#This Row],[TnTEscalation]])^4,((((MATRIX2!X13*Table_Provincial_GTAC35378[[#This Row],[Adj.AnnualRental]])*(1+Table_Provincial_GTAC35378[[#This Row],[TnTEscalation]])^4)+(MATRIX2!P13*IF(IF('MAIN-INTERFACE'!$D$2=\"No\",Table_Provincial_GTAC35378[[#This Row],[Adj.AnnualRental]],(Table_Provincial_GTAC35378[[#This Row],[RtmAnnualRental]])*(1+(IF('MAIN-INTERFACE'!$D$2=\"No\",0,'MAIN-INTERFACE'!$D$4))^(COUNTIF(MATRIX2!M13:P13,0))))*(1+(IF('MAIN-INTERFACE'!$D$2=\"No\",0,'MAIN-INTERFACE'!$D$8)))^4<Table_Provincial_GTAC35378[[#This Row],[Adj.AnnualRental]],(Table_Provincial_GTAC35378[[#This Row],[RtmAnnualRental]])*(1+(IF('MAIN-INTERFACE'!$D$2=\"No\",0,'MAIN-INTERFACE'!$D$4))^(COUNTIF(MATRIX2!M13:P13,0)))*(1+(IF('MAIN-INTERFACE'!$D$2=\"No\",0,'MAIN-INTERFACE'!$D$8)))^MATRIX2!F13,Table_Provincial_GTAC35378[[#This Row],[Adj.AnnualRental]])*(1+(IF('MAIN-INTERFACE'!$D$2=\"No\",Table_Provincial_GTAC35378[[#This Row],[TnTEscalation]],'MAIN-INTERFACE'!$G$2)))^(IF((COUNTIF(MATRIX2!M13:P13,\">0\")-1)<0,0,COUNTIF(MATRIX2!M13:P13,\">0\")))))))","v":3686412.7066212259},{"$f":"IF('MAIN-INTERFACE'!$D$2=\"No\",(Table_Provincial_GTAC35378[[#This Row],[Adj.AnnualRental]])*(1+Table_Provincial_GTAC35378[[#This Row],[TnTEscalation]])^5,(((MATRIX2!Y13*Table_Provincial_GTAC35378[[#This Row],[Adj.AnnualRental]])*(1+Table_Provincial_GTAC35378[[#This Row],[TnTEscalation]])^5)+(MATRIX2!Q13*IF(IF('MAIN-INTERFACE'!$D$2=\"No\",Table_Provincial_GTAC35378[[#This Row],[Adj.AnnualRental]],(Table_Provincial_GTAC35378[[#This Row],[RtmAnnualRental]])*(1+(IF('MAIN-INTERFACE'!$D$2=\"No\",0,'MAIN-INTERFACE'!$D$4))^(COUNTIF(MATRIX2!M13:Q13,0))))*(1+(IF('MAIN-INTERFACE'!$D$2=\"No\",0,'MAIN-INTERFACE'!$D$8)))^5<Table_Provincial_GTAC35378[[#This Row],[Adj.AnnualRental]],(Table_Provincial_GTAC35378[[#This Row],[RtmAnnualRental]])*(1+(IF('MAIN-INTERFACE'!$D$2=\"No\",0,'MAIN-INTERFACE'!$D$4))^(COUNTIF(MATRIX2!M13:Q13,0)))*(1+(IF('MAIN-INTERFACE'!$D$2=\"No\",0,'MAIN-INTERFACE'!$D$8)))^MATRIX2!G13,Table_Provincial_GTAC35378[[#This Row],[Adj.AnnualRental]])*(1+(IF('MAIN-INTERFACE'!$D$2=\"No\",Table_Provincial_GTAC35378[[#This Row],[TnTEscalation]],'MAIN-INTERFACE'!$G$2)))^(IF((COUNTIF(MATRIX2!M13:Q13,\">0\")-1)<0,0,COUNTIF(MATRIX2!M13:Q13,\">0\"))))))","v":3558905.6053823992},{"$f":"IF('MAIN-INTERFACE'!$D$2=\"No\",(Table_Provincial_GTAC35378[[#This Row],[Adj.AnnualRental]])*(1+Table_Provincial_GTAC35378[[#This Row],[TnTEscalation]])^6,(((MATRIX2!Z13*Table_Provincial_GTAC35378[[#This Row],[Adj.AnnualRental]])*(1+Table_Provincial_GTAC35378[[#This Row],[TnTEscalation]])^6)+(MATRIX2!R13*IF(IF('MAIN-INTERFACE'!$D$2=\"No\",Table_Provincial_GTAC35378[[#This Row],[Adj.AnnualRental]],(Table_Provincial_GTAC35378[[#This Row],[RtmAnnualRental]])*(1+(IF('MAIN-INTERFACE'!$D$2=\"No\",0,'MAIN-INTERFACE'!$D$4))^(COUNTIF(MATRIX2!M13:R13,0))))*(1+(IF('MAIN-INTERFACE'!$D$2=\"No\",0,'MAIN-INTERFACE'!$D$8)))^6<Table_Provincial_GTAC35378[[#This Row],[Adj.AnnualRental]],(Table_Provincial_GTAC35378[[#This Row],[RtmAnnualRental]])*(1+(IF('MAIN-INTERFACE'!$D$2=\"No\",0,'MAIN-INTERFACE'!$D$4))^(COUNTIF(MATRIX2!M13:R13,0)))*(1+(IF('MAIN-INTERFACE'!$D$2=\"No\",0,'MAIN-INTERFACE'!$D$8)))^MATRIX2!H13,Table_Provincial_GTAC35378[[#This Row],[Adj.AnnualRental]])*(1+(IF('MAIN-INTERFACE'!$D$2=\"No\",Table_Provincial_GTAC35378[[#This Row],[TnTEscalation]],'MAIN-INTERFACE'!$G$2)))^(IF((COUNTIF(MATRIX2!M13:R13,\">0\")-1)<0,0,COUNTIF(MATRIX2!M13:R13,\">0\"))))))","v":3825823.525786079},{"$f":"IF('MAIN-INTERFACE'!$D$2=\"No\",(Table_Provincial_GTAC35378[[#This Row],[Adj.AnnualRental]])*(1+Table_Provincial_GTAC35378[[#This Row],[TnTEscalation]])^7,(((MATRIX2!AA13*Table_Provincial_GTAC35378[[#This Row],[Adj.AnnualRental]])*(1+Table_Provincial_GTAC35378[[#This Row],[TnTEscalation]])^7)+(MATRIX2!S13*IF(IF('MAIN-INTERFACE'!$D$2=\"No\",Table_Provincial_GTAC35378[[#This Row],[Adj.AnnualRental]],(Table_Provincial_GTAC35378[[#This Row],[RtmAnnualRental]])*(1+(IF('MAIN-INTERFACE'!$D$2=\"No\",0,'MAIN-INTERFACE'!$D$4))^(COUNTIF(MATRIX2!M13:S13,0))))*(1+(IF('MAIN-INTERFACE'!$D$2=\"No\",0,'MAIN-INTERFACE'!$D$8)))^7<Table_Provincial_GTAC35378[[#This Row],[Adj.AnnualRental]],(Table_Provincial_GTAC35378[[#This Row],[RtmAnnualRental]])*(1+(IF('MAIN-INTERFACE'!$D$2=\"No\",0,'MAIN-INTERFACE'!$D$4))^(COUNTIF(MATRIX2!M13:S13,0)))*(1+(IF('MAIN-INTERFACE'!$D$2=\"No\",0,'MAIN-INTERFACE'!$D$8)))^MATRIX2!I13,Table_Provincial_GTAC35378[[#This Row],[Adj.AnnualRental]])*(1+(IF('MAIN-INTERFACE'!$D$2=\"No\",Table_Provincial_GTAC35378[[#This Row],[TnTEscalation]],'MAIN-INTERFACE'!$G$2)))^(IF((COUNTIF(MATRIX2!M13:S13,\">0\")-1)<0,0,COUNTIF(MATRIX2!M13:S13,\">0\"))))))","v":4112760.2902200352},{"$f":"SUM(Table_Provincial_GTAC35378[[#This Row],[FY 2018/19]:[FY 2023/24]])","v":25337650.842053339}]
[{"$f":"Table_Provincial_GTAC3536[[#This Row],[SystemID]]","v":13},{"$f":"VLOOKUP($A14,DATA2!$A$2:$S$607,2,FALSE)","v":"KZN"},{"$f":"VLOOKUP($A14,DATA2!$A$2:$S$607,3,FALSE)","v":"KwaZulu-Natal"},{"$f":"VLOOKUP($A14,DATA2!$A$2:$S$607,4,FALSE)","v":41.618457792207792},{"$f":"VLOOKUP($A14,DATA2!$A$2:$S$607,5,FALSE)","v":77.5},{"$f":"VLOOKUP($A14,DATA2!$A$2:$S$607,6,FALSE)","v":"VTSD"},{"$f":"VLOOKUP($A14,DATA2!$A$2:$S$607,7,FALSE)","v":616},{"$f":"VLOOKUP($A14,DATA2!$A$2:$S$607,8,FALSE)","v":true},{"$f":"VLOOKUP($A14,DATA2!$A$2:$S$607,9,FALSE)","v":0},{"$f":"VLOOKUP($A14,DATA2!$A$2:$S$607,10,FALSE)","v":25636.97},{"$f":"VLOOKUP($A14,DATA2!$A$2:$S$607,11,FALSE)","v":307643.64},{"$f":"Table_Provincial_GTAC35378[[#This Row],[Benchmark]]*Table_Provincial_GTAC35378[[#This Row],[ExtentM2]]*12","v":572880},{"$f":"VLOOKUP($A14,DATA2!$A$2:$S$607,12,FALSE)","v":"2016-04-01"},{"$f":"VLOOKUP($A14,DATA2!$A$2:$S$607,13,FALSE)","v":"2016-09-30"},{"$f":"VLOOKUP($A14,DATA2!$A$2:$S$607,14,FALSE)","v":"Yes"},{"$f":"IF(MATRIX2!D14=1,($Y$8-$X$2)/365*Table_Provincial_GTAC35378[[#This Row],[Adj.AnnualRental]]*MATRIX2!D14,($Y$8-$X$2)/365*Table_Provincial_GTAC35378[[#This Row],[Adj.AnnualRental]])","v":-1113417.1190136985},{"$f":"IF('MAIN-INTERFACE'!$D$2=\"No\",(Table_Provincial_GTAC35378[[#This Row],[Adj.AnnualRental]])*(1+Table_Provincial_GTAC35378[[#This Row],[TnTEscalation]])^2,\n    (((MATRIX2!V14*Table_Provincial_GTAC35378[[#This Row],[Adj.AnnualRental]])*(1+Table_Provincial_GTAC35378[[#This Row],[TnTEscalation]])^2)+\n       (MATRIX2!N14* IF(IF('MAIN-INTERFACE'!$D$2=\"No\",Table_Provincial_GTAC35378[[#This Row],[Adj.AnnualRental]],(Table_Provincial_GTAC35378[[#This Row],[RtmAnnualRental]])*(1+\n                                 (IF('MAIN-INTERFACE'!$D$2=\"No\",0,'MAIN-INTERFACE'!$D$4))^(COUNTIF(MATRIX2!M14:N14,0))))*(1+\n                                 (IF('MAIN-INTERFACE'!$D$2=\"No\",0,'MAIN-INTERFACE'!$D$8)))^2<Table_Provincial_GTAC35378[[#This Row],[Adj.AnnualRental]],(Table_Provincial_GTAC35378[[#This Row],[RtmAnnualRental]])*(1+\n\n                                 (IF('MAIN-INTERFACE'!$D$2=\"No\",0,'MAIN-INTERFACE'!$D$4))^(COUNTIF(MATRIX2!M14:N14,0)))*(1+\n                                 (IF('MAIN-INTERFACE'!$D$2=\"No\",0,'MAIN-INTERFACE'!$D$8)))^MATRIX2!D14,Table_Provincial_GTAC35378[[#This Row],[Adj.AnnualRental]])*(1+\n\n                                (IF('MAIN-INTERFACE'!$D$2=\"No\",Table_Provincial_GTAC35378[[#This Row],[TnTEscalation]],'MAIN-INTERFACE'!$G$2)))^\n                                 (IF((COUNTIF(MATRIX2!M14:N14,\">0\")-1)<0,0,COUNTIF(MATRIX2!M14:N14,\">0\"))))))","v":319180.27650000004},{"$f":"IF('MAIN-INTERFACE'!$D$2=\"No\",(Table_Provincial_GTAC35378[[#This Row],[Adj.AnnualRental]])*(1+Table_Provincial_GTAC35378[[#This Row],[TnTEscalation]])^3,(((MATRIX2!W14*Table_Provincial_GTAC35378[[#This Row],[Adj.AnnualRental]])*(1+Table_Provincial_GTAC35378[[#This Row],[TnTEscalation]])^3)+(MATRIX2!O14*IF(IF('MAIN-INTERFACE'!$D$2=\"No\",Table_Provincial_GTAC35378[[#This Row],[Adj.AnnualRental]],(Table_Provincial_GTAC35378[[#This Row],[RtmAnnualRental]])*(1+(IF('MAIN-INTERFACE'!$D$2=\"No\",0,'MAIN-INTERFACE'!$D$4))^(COUNTIF(MATRIX2!M14:O14,0))))*(1+(IF('MAIN-INTERFACE'!$D$2=\"No\",0,'MAIN-INTERFACE'!$D$8)))^3<Table_Provincial_GTAC35378[[#This Row],[Adj.AnnualRental]],(Table_Provincial_GTAC35378[[#This Row],[RtmAnnualRental]])*(1+(IF('MAIN-INTERFACE'!$D$2=\"No\",0,'MAIN-INTERFACE'!$D$4))^(COUNTIF(MATRIX2!M14:O14,0)))*(1+(IF('MAIN-INTERFACE'!$D$2=\"No\",0,'MAIN-INTERFACE'!$D$8)))^MATRIX2!E14,Table_Provincial_GTAC35378[[#This Row],[Adj.AnnualRental]])*(1+(IF('MAIN-INTERFACE'!$D$2=\"No\",Table_Provincial_GTAC35378[[#This Row],[TnTEscalation]],'MAIN-INTERFACE'!$G$2)))^(IF((COUNTIF(MATRIX2!M14:O14,\">0\")-1)<0,0,COUNTIF(MATRIX2!M14:O14,\">0\"))))))","v":355520.68147499999},{"$f":"IF('MAIN-INTERFACE'!$D$2=\"No\",(Table_Provincial_GTAC35378[[#This Row],[Adj.AnnualRental]])*(1+Table_Provincial_GTAC35378[[#This Row],[TnTEscalation]])^4,((((MATRIX2!X14*Table_Provincial_GTAC35378[[#This Row],[Adj.AnnualRental]])*(1+Table_Provincial_GTAC35378[[#This Row],[TnTEscalation]])^4)+(MATRIX2!P14*IF(IF('MAIN-INTERFACE'!$D$2=\"No\",Table_Provincial_GTAC35378[[#This Row],[Adj.AnnualRental]],(Table_Provincial_GTAC35378[[#This Row],[RtmAnnualRental]])*(1+(IF('MAIN-INTERFACE'!$D$2=\"No\",0,'MAIN-INTERFACE'!$D$4))^(COUNTIF(MATRIX2!M14:P14,0))))*(1+(IF('MAIN-INTERFACE'!$D$2=\"No\",0,'MAIN-INTERFACE'!$D$8)))^4<Table_Provincial_GTAC35378[[#This Row],[Adj.AnnualRental]],(Table_Provincial_GTAC35378[[#This Row],[RtmAnnualRental]])*(1+(IF('MAIN-INTERFACE'!$D$2=\"No\",0,'MAIN-INTERFACE'!$D$4))^(COUNTIF(MATRIX2!M14:P14,0)))*(1+(IF('MAIN-INTERFACE'!$D$2=\"No\",0,'MAIN-INTERFACE'!$D$8)))^MATRIX2!F14,Table_Provincial_GTAC35378[[#This Row],[Adj.AnnualRental]])*(1+(IF('MAIN-INTERFACE'!$D$2=\"No\",Table_Provincial_GTAC35378[[#This Row],[TnTEscalation]],'MAIN-INTERFACE'!$G$2)))^(IF((COUNTIF(MATRIX2!M14:P14,\">0\")-1)<0,0,COUNTIF(MATRIX2!M14:P14,\">0\")))))))","v":382184.73258562497},{"$f":"IF('MAIN-INTERFACE'!$D$2=\"No\",(Table_Provincial_GTAC35378[[#This Row],[Adj.AnnualRental]])*(1+Table_Provincial_GTAC35378[[#This Row],[TnTEscalation]])^5,(((MATRIX2!Y14*Table_Provincial_GTAC35378[[#This Row],[Adj.AnnualRental]])*(1+Table_Provincial_GTAC35378[[#This Row],[TnTEscalation]])^5)+(MATRIX2!Q14*IF(IF('MAIN-INTERFACE'!$D$2=\"No\",Table_Provincial_GTAC35378[[#This Row],[Adj.AnnualRental]],(Table_Provincial_GTAC35378[[#This Row],[RtmAnnualRental]])*(1+(IF('MAIN-INTERFACE'!$D$2=\"No\",0,'MAIN-INTERFACE'!$D$4))^(COUNTIF(MATRIX2!M14:Q14,0))))*(1+(IF('MAIN-INTERFACE'!$D$2=\"No\",0,'MAIN-INTERFACE'!$D$8)))^5<Table_Provincial_GTAC35378[[#This Row],[Adj.AnnualRental]],(Table_Provincial_GTAC35378[[#This Row],[RtmAnnualRental]])*(1+(IF('MAIN-INTERFACE'!$D$2=\"No\",0,'MAIN-INTERFACE'!$D$4))^(COUNTIF(MATRIX2!M14:Q14,0)))*(1+(IF('MAIN-INTERFACE'!$D$2=\"No\",0,'MAIN-INTERFACE'!$D$8)))^MATRIX2!G14,Table_Provincial_GTAC35378[[#This Row],[Adj.AnnualRental]])*(1+(IF('MAIN-INTERFACE'!$D$2=\"No\",Table_Provincial_GTAC35378[[#This Row],[TnTEscalation]],'MAIN-INTERFACE'!$G$2)))^(IF((COUNTIF(MATRIX2!M14:Q14,\">0\")-1)<0,0,COUNTIF(MATRIX2!M14:Q14,\">0\"))))))","v":410848.58752954687},{"$f":"IF('MAIN-INTERFACE'!$D$2=\"No\",(Table_Provincial_GTAC35378[[#This Row],[Adj.AnnualRental]])*(1+Table_Provincial_GTAC35378[[#This Row],[TnTEscalation]])^6,(((MATRIX2!Z14*Table_Provincial_GTAC35378[[#This Row],[Adj.AnnualRental]])*(1+Table_Provincial_GTAC35378[[#This Row],[TnTEscalation]])^6)+(MATRIX2!R14*IF(IF('MAIN-INTERFACE'!$D$2=\"No\",Table_Provincial_GTAC35378[[#This Row],[Adj.AnnualRental]],(Table_Provincial_GTAC35378[[#This Row],[RtmAnnualRental]])*(1+(IF('MAIN-INTERFACE'!$D$2=\"No\",0,'MAIN-INTERFACE'!$D$4))^(COUNTIF(MATRIX2!M14:R14,0))))*(1+(IF('MAIN-INTERFACE'!$D$2=\"No\",0,'MAIN-INTERFACE'!$D$8)))^6<Table_Provincial_GTAC35378[[#This Row],[Adj.AnnualRental]],(Table_Provincial_GTAC35378[[#This Row],[RtmAnnualRental]])*(1+(IF('MAIN-INTERFACE'!$D$2=\"No\",0,'MAIN-INTERFACE'!$D$4))^(COUNTIF(MATRIX2!M14:R14,0)))*(1+(IF('MAIN-INTERFACE'!$D$2=\"No\",0,'MAIN-INTERFACE'!$D$8)))^MATRIX2!H14,Table_Provincial_GTAC35378[[#This Row],[Adj.AnnualRental]])*(1+(IF('MAIN-INTERFACE'!$D$2=\"No\",Table_Provincial_GTAC35378[[#This Row],[TnTEscalation]],'MAIN-INTERFACE'!$G$2)))^(IF((COUNTIF(MATRIX2!M14:R14,\">0\")-1)<0,0,COUNTIF(MATRIX2!M14:R14,\">0\"))))))","v":441662.23159426288},{"$f":"IF('MAIN-INTERFACE'!$D$2=\"No\",(Table_Provincial_GTAC35378[[#This Row],[Adj.AnnualRental]])*(1+Table_Provincial_GTAC35378[[#This Row],[TnTEscalation]])^7,(((MATRIX2!AA14*Table_Provincial_GTAC35378[[#This Row],[Adj.AnnualRental]])*(1+Table_Provincial_GTAC35378[[#This Row],[TnTEscalation]])^7)+(MATRIX2!S14*IF(IF('MAIN-INTERFACE'!$D$2=\"No\",Table_Provincial_GTAC35378[[#This Row],[Adj.AnnualRental]],(Table_Provincial_GTAC35378[[#This Row],[RtmAnnualRental]])*(1+(IF('MAIN-INTERFACE'!$D$2=\"No\",0,'MAIN-INTERFACE'!$D$4))^(COUNTIF(MATRIX2!M14:S14,0))))*(1+(IF('MAIN-INTERFACE'!$D$2=\"No\",0,'MAIN-INTERFACE'!$D$8)))^7<Table_Provincial_GTAC35378[[#This Row],[Adj.AnnualRental]],(Table_Provincial_GTAC35378[[#This Row],[RtmAnnualRental]])*(1+(IF('MAIN-INTERFACE'!$D$2=\"No\",0,'MAIN-INTERFACE'!$D$4))^(COUNTIF(MATRIX2!M14:S14,0)))*(1+(IF('MAIN-INTERFACE'!$D$2=\"No\",0,'MAIN-INTERFACE'!$D$8)))^MATRIX2!I14,Table_Provincial_GTAC35378[[#This Row],[Adj.AnnualRental]])*(1+(IF('MAIN-INTERFACE'!$D$2=\"No\",Table_Provincial_GTAC35378[[#This Row],[TnTEscalation]],'MAIN-INTERFACE'!$G$2)))^(IF((COUNTIF(MATRIX2!M14:S14,\">0\")-1)<0,0,COUNTIF(MATRIX2!M14:S14,\">0\"))))))","v":474786.89896383253},{"$f":"SUM(Table_Provincial_GTAC35378[[#This Row],[FY 2018/19]:[FY 2023/24]])","v":2384183.4086482674}]
[{"$f":"Table_Provincial_GTAC3536[[#This Row],[SystemID]]","v":14},{"$f":"VLOOKUP($A15,DATA2!$A$2:$S$607,2,FALSE)","v":"KZN"},{"$f":"VLOOKUP($A15,DATA2!$A$2:$S$607,3,FALSE)","v":"KwaZulu-Natal"},{"$f":"VLOOKUP($A15,DATA2!$A$2:$S$607,4,FALSE)","v":130.67388888888888},{"$f":"VLOOKUP($A15,DATA2!$A$2:$S$607,5,FALSE)","v":77.5},{"$f":"VLOOKUP($A15,DATA2!$A$2:$S$607,6,FALSE)","v":"VTSD"},{"$f":"VLOOKUP($A15,DATA2!$A$2:$S$607,7,FALSE)","v":450},{"$f":"VLOOKUP($A15,DATA2!$A$2:$S$607,8,FALSE)","v":true},{"$f":"VLOOKUP($A15,DATA2!$A$2:$S$607,9,FALSE)","v":0.1},{"$f":"VLOOKUP($A15,DATA2!$A$2:$S$607,10,FALSE)","v":58803.25},{"$f":"VLOOKUP($A15,DATA2!$A$2:$S$607,11,FALSE)","v":705639},{"$f":"Table_Provincial_GTAC35378[[#This Row],[Benchmark]]*Table_Provincial_GTAC35378[[#This Row],[ExtentM2]]*12","v":418500},{"$f":"VLOOKUP($A15,DATA2!$A$2:$S$607,12,FALSE)","v":"2013-12-01"},{"$f":"VLOOKUP($A15,DATA2!$A$2:$S$607,13,FALSE)","v":"2016-11-30"},{"$f":"VLOOKUP($A15,DATA2!$A$2:$S$607,14,FALSE)","v":"Yes"},{"$f":"IF(MATRIX2!D15=1,($Y$8-$X$2)/365*Table_Provincial_GTAC35378[[#This Row],[Adj.AnnualRental]]*MATRIX2!D15,($Y$8-$X$2)/365*Table_Provincial_GTAC35378[[#This Row],[Adj.AnnualRental]])","v":-2553833.2027397258},{"$f":"IF('MAIN-INTERFACE'!$D$2=\"No\",(Table_Provincial_GTAC35378[[#This Row],[Adj.AnnualRental]])*(1+Table_Provincial_GTAC35378[[#This Row],[TnTEscalation]])^2,\n    (((MATRIX2!V15*Table_Provincial_GTAC35378[[#This Row],[Adj.AnnualRental]])*(1+Table_Provincial_GTAC35378[[#This Row],[TnTEscalation]])^2)+\n       (MATRIX2!N15* IF(IF('MAIN-INTERFACE'!$D$2=\"No\",Table_Provincial_GTAC35378[[#This Row],[Adj.AnnualRental]],(Table_Provincial_GTAC35378[[#This Row],[RtmAnnualRental]])*(1+\n                                 (IF('MAIN-INTERFACE'!$D$2=\"No\",0,'MAIN-INTERFACE'!$D$4))^(COUNTIF(MATRIX2!M15:N15,0))))*(1+\n                                 (IF('MAIN-INTERFACE'!$D$2=\"No\",0,'MAIN-INTERFACE'!$D$8)))^2<Table_Provincial_GTAC35378[[#This Row],[Adj.AnnualRental]],(Table_Provincial_GTAC35378[[#This Row],[RtmAnnualRental]])*(1+\n\n                                 (IF('MAIN-INTERFACE'!$D$2=\"No\",0,'MAIN-INTERFACE'!$D$4))^(COUNTIF(MATRIX2!M15:N15,0)))*(1+\n                                 (IF('MAIN-INTERFACE'!$D$2=\"No\",0,'MAIN-INTERFACE'!$D$8)))^MATRIX2!D15,Table_Provincial_GTAC35378[[#This Row],[Adj.AnnualRental]])*(1+\n\n                                (IF('MAIN-INTERFACE'!$D$2=\"No\",Table_Provincial_GTAC35378[[#This Row],[TnTEscalation]],'MAIN-INTERFACE'!$G$2)))^\n                                 (IF((COUNTIF(MATRIX2!M15:N15,\">0\")-1)<0,0,COUNTIF(MATRIX2!M15:N15,\">0\"))))))","v":660853.09500000009},{"$f":"IF('MAIN-INTERFACE'!$D$2=\"No\",(Table_Provincial_GTAC35378[[#This Row],[Adj.AnnualRental]])*(1+Table_Provincial_GTAC35378[[#This Row],[TnTEscalation]])^3,(((MATRIX2!W15*Table_Provincial_GTAC35378[[#This Row],[Adj.AnnualRental]])*(1+Table_Provincial_GTAC35378[[#This Row],[TnTEscalation]])^3)+(MATRIX2!O15*IF(IF('MAIN-INTERFACE'!$D$2=\"No\",Table_Provincial_GTAC35378[[#This Row],[Adj.AnnualRental]],(Table_Provincial_GTAC35378[[#This Row],[RtmAnnualRental]])*(1+(IF('MAIN-INTERFACE'!$D$2=\"No\",0,'MAIN-INTERFACE'!$D$4))^(COUNTIF(MATRIX2!M15:O15,0))))*(1+(IF('MAIN-INTERFACE'!$D$2=\"No\",0,'MAIN-INTERFACE'!$D$8)))^3<Table_Provincial_GTAC35378[[#This Row],[Adj.AnnualRental]],(Table_Provincial_GTAC35378[[#This Row],[RtmAnnualRental]])*(1+(IF('MAIN-INTERFACE'!$D$2=\"No\",0,'MAIN-INTERFACE'!$D$4))^(COUNTIF(MATRIX2!M15:O15,0)))*(1+(IF('MAIN-INTERFACE'!$D$2=\"No\",0,'MAIN-INTERFACE'!$D$8)))^MATRIX2!E15,Table_Provincial_GTAC35378[[#This Row],[Adj.AnnualRental]])*(1+(IF('MAIN-INTERFACE'!$D$2=\"No\",Table_Provincial_GTAC35378[[#This Row],[TnTEscalation]],'MAIN-INTERFACE'!$G$2)))^(IF((COUNTIF(MATRIX2!M15:O15,\">0\")-1)<0,0,COUNTIF(MATRIX2!M15:O15,\">0\"))))))","v":502974.22499999998},{"$f":"IF('MAIN-INTERFACE'!$D$2=\"No\",(Table_Provincial_GTAC35378[[#This Row],[Adj.AnnualRental]])*(1+Table_Provincial_GTAC35378[[#This Row],[TnTEscalation]])^4,((((MATRIX2!X15*Table_Provincial_GTAC35378[[#This Row],[Adj.AnnualRental]])*(1+Table_Provincial_GTAC35378[[#This Row],[TnTEscalation]])^4)+(MATRIX2!P15*IF(IF('MAIN-INTERFACE'!$D$2=\"No\",Table_Provincial_GTAC35378[[#This Row],[Adj.AnnualRental]],(Table_Provincial_GTAC35378[[#This Row],[RtmAnnualRental]])*(1+(IF('MAIN-INTERFACE'!$D$2=\"No\",0,'MAIN-INTERFACE'!$D$4))^(COUNTIF(MATRIX2!M15:P15,0))))*(1+(IF('MAIN-INTERFACE'!$D$2=\"No\",0,'MAIN-INTERFACE'!$D$8)))^4<Table_Provincial_GTAC35378[[#This Row],[Adj.AnnualRental]],(Table_Provincial_GTAC35378[[#This Row],[RtmAnnualRental]])*(1+(IF('MAIN-INTERFACE'!$D$2=\"No\",0,'MAIN-INTERFACE'!$D$4))^(COUNTIF(MATRIX2!M15:P15,0)))*(1+(IF('MAIN-INTERFACE'!$D$2=\"No\",0,'MAIN-INTERFACE'!$D$8)))^MATRIX2!F15,Table_Provincial_GTAC35378[[#This Row],[Adj.AnnualRental]])*(1+(IF('MAIN-INTERFACE'!$D$2=\"No\",Table_Provincial_GTAC35378[[#This Row],[TnTEscalation]],'MAIN-INTERFACE'!$G$2)))^(IF((COUNTIF(MATRIX2!M15:P15,\">0\")-1)<0,0,COUNTIF(MATRIX2!M15:P15,\">0\")))))))","v":540697.291875},{"$f":"IF('MAIN-INTERFACE'!$D$2=\"No\",(Table_Provincial_GTAC35378[[#This Row],[Adj.AnnualRental]])*(1+Table_Provincial_GTAC35378[[#This Row],[TnTEscalation]])^5,(((MATRIX2!Y15*Table_Provincial_GTAC35378[[#This Row],[Adj.AnnualRental]])*(1+Table_Provincial_GTAC35378[[#This Row],[TnTEscalation]])^5)+(MATRIX2!Q15*IF(IF('MAIN-INTERFACE'!$D$2=\"No\",Table_Provincial_GTAC35378[[#This Row],[Adj.AnnualRental]],(Table_Provincial_GTAC35378[[#This Row],[RtmAnnualRental]])*(1+(IF('MAIN-INTERFACE'!$D$2=\"No\",0,'MAIN-INTERFACE'!$D$4))^(COUNTIF(MATRIX2!M15:Q15,0))))*(1+(IF('MAIN-INTERFACE'!$D$2=\"No\",0,'MAIN-INTERFACE'!$D$8)))^5<Table_Provincial_GTAC35378[[#This Row],[Adj.AnnualRental]],(Table_Provincial_GTAC35378[[#This Row],[RtmAnnualRental]])*(1+(IF('MAIN-INTERFACE'!$D$2=\"No\",0,'MAIN-INTERFACE'!$D$4))^(COUNTIF(MATRIX2!M15:Q15,0)))*(1+(IF('MAIN-INTERFACE'!$D$2=\"No\",0,'MAIN-INTERFACE'!$D$8)))^MATRIX2!G15,Table_Provincial_GTAC35378[[#This Row],[Adj.AnnualRental]])*(1+(IF('MAIN-INTERFACE'!$D$2=\"No\",Table_Provincial_GTAC35378[[#This Row],[TnTEscalation]],'MAIN-INTERFACE'!$G$2)))^(IF((COUNTIF(MATRIX2!M15:Q15,\">0\")-1)<0,0,COUNTIF(MATRIX2!M15:Q15,\">0\"))))))","v":581249.58876562491},{"$f":"IF('MAIN-INTERFACE'!$D$2=\"No\",(Table_Provincial_GTAC35378[[#This Row],[Adj.AnnualRental]])*(1+Table_Provincial_GTAC35378[[#This Row],[TnTEscalation]])^6,(((MATRIX2!Z15*Table_Provincial_GTAC35378[[#This Row],[Adj.AnnualRental]])*(1+Table_Provincial_GTAC35378[[#This Row],[TnTEscalation]])^6)+(MATRIX2!R15*IF(IF('MAIN-INTERFACE'!$D$2=\"No\",Table_Provincial_GTAC35378[[#This Row],[Adj.AnnualRental]],(Table_Provincial_GTAC35378[[#This Row],[RtmAnnualRental]])*(1+(IF('MAIN-INTERFACE'!$D$2=\"No\",0,'MAIN-INTERFACE'!$D$4))^(COUNTIF(MATRIX2!M15:R15,0))))*(1+(IF('MAIN-INTERFACE'!$D$2=\"No\",0,'MAIN-INTERFACE'!$D$8)))^6<Table_Provincial_GTAC35378[[#This Row],[Adj.AnnualRental]],(Table_Provincial_GTAC35378[[#This Row],[RtmAnnualRental]])*(1+(IF('MAIN-INTERFACE'!$D$2=\"No\",0,'MAIN-INTERFACE'!$D$4))^(COUNTIF(MATRIX2!M15:R15,0)))*(1+(IF('MAIN-INTERFACE'!$D$2=\"No\",0,'MAIN-INTERFACE'!$D$8)))^MATRIX2!H15,Table_Provincial_GTAC35378[[#This Row],[Adj.AnnualRental]])*(1+(IF('MAIN-INTERFACE'!$D$2=\"No\",Table_Provincial_GTAC35378[[#This Row],[TnTEscalation]],'MAIN-INTERFACE'!$G$2)))^(IF((COUNTIF(MATRIX2!M15:R15,\">0\")-1)<0,0,COUNTIF(MATRIX2!M15:R15,\">0\"))))))","v":624843.30792304687},{"$f":"IF('MAIN-INTERFACE'!$D$2=\"No\",(Table_Provincial_GTAC35378[[#This Row],[Adj.AnnualRental]])*(1+Table_Provincial_GTAC35378[[#This Row],[TnTEscalation]])^7,(((MATRIX2!AA15*Table_Provincial_GTAC35378[[#This Row],[Adj.AnnualRental]])*(1+Table_Provincial_GTAC35378[[#This Row],[TnTEscalation]])^7)+(MATRIX2!S15*IF(IF('MAIN-INTERFACE'!$D$2=\"No\",Table_Provincial_GTAC35378[[#This Row],[Adj.AnnualRental]],(Table_Provincial_GTAC35378[[#This Row],[RtmAnnualRental]])*(1+(IF('MAIN-INTERFACE'!$D$2=\"No\",0,'MAIN-INTERFACE'!$D$4))^(COUNTIF(MATRIX2!M15:S15,0))))*(1+(IF('MAIN-INTERFACE'!$D$2=\"No\",0,'MAIN-INTERFACE'!$D$8)))^7<Table_Provincial_GTAC35378[[#This Row],[Adj.AnnualRental]],(Table_Provincial_GTAC35378[[#This Row],[RtmAnnualRental]])*(1+(IF('MAIN-INTERFACE'!$D$2=\"No\",0,'MAIN-INTERFACE'!$D$4))^(COUNTIF(MATRIX2!M15:S15,0)))*(1+(IF('MAIN-INTERFACE'!$D$2=\"No\",0,'MAIN-INTERFACE'!$D$8)))^MATRIX2!I15,Table_Provincial_GTAC35378[[#This Row],[Adj.AnnualRental]])*(1+(IF('MAIN-INTERFACE'!$D$2=\"No\",Table_Provincial_GTAC35378[[#This Row],[TnTEscalation]],'MAIN-INTERFACE'!$G$2)))^(IF((COUNTIF(MATRIX2!M15:S15,\">0\")-1)<0,0,COUNTIF(MATRIX2!M15:S15,\">0\"))))))","v":671706.5560172752},{"$f":"SUM(Table_Provincial_GTAC35378[[#This Row],[FY 2018/19]:[FY 2023/24]])","v":3582324.0645809472}]
[{"$f":"Table_Provincial_GTAC3536[[#This Row],[SystemID]]","v":15},{"$f":"VLOOKUP($A16,DATA2!$A$2:$S$607,2,FALSE)","v":"KZN"},{"$f":"VLOOKUP($A16,DATA2!$A$2:$S$607,3,FALSE)","v":"KwaZulu-Natal"},{"$f":"VLOOKUP($A16,DATA2!$A$2:$S$607,4,FALSE)","v":123.28337579617835},{"$f":"VLOOKUP($A16,DATA2!$A$2:$S$607,5,FALSE)","v":77.5},{"$f":"VLOOKUP($A16,DATA2!$A$2:$S$607,6,FALSE)","v":"VTSD"},{"$f":"VLOOKUP($A16,DATA2!$A$2:$S$607,7,FALSE)","v":314},{"$f":"VLOOKUP($A16,DATA2!$A$2:$S$607,8,FALSE)","v":true},{"$f":"VLOOKUP($A16,DATA2!$A$2:$S$607,9,FALSE)","v":0},{"$f":"VLOOKUP($A16,DATA2!$A$2:$S$607,10,FALSE)","v":38710.980000000003},{"$f":"VLOOKUP($A16,DATA2!$A$2:$S$607,11,FALSE)","v":464531.76},{"$f":"Table_Provincial_GTAC35378[[#This Row],[Benchmark]]*Table_Provincial_GTAC35378[[#This Row],[ExtentM2]]*12","v":292020},{"$f":"VLOOKUP($A16,DATA2!$A$2:$S$607,12,FALSE)","v":"2015-10-01"},{"$f":"VLOOKUP($A16,DATA2!$A$2:$S$607,13,FALSE)","v":"2016-09-30"},{"$f":"VLOOKUP($A16,DATA2!$A$2:$S$607,14,FALSE)","v":"Yes"},{"$f":"IF(MATRIX2!D16=1,($Y$8-$X$2)/365*Table_Provincial_GTAC35378[[#This Row],[Adj.AnnualRental]]*MATRIX2!D16,($Y$8-$X$2)/365*Table_Provincial_GTAC35378[[#This Row],[Adj.AnnualRental]])","v":-1681223.1642739726},{"$f":"IF('MAIN-INTERFACE'!$D$2=\"No\",(Table_Provincial_GTAC35378[[#This Row],[Adj.AnnualRental]])*(1+Table_Provincial_GTAC35378[[#This Row],[TnTEscalation]])^2,\n    (((MATRIX2!V16*Table_Provincial_GTAC35378[[#This Row],[Adj.AnnualRental]])*(1+Table_Provincial_GTAC35378[[#This Row],[TnTEscalation]])^2)+\n       (MATRIX2!N16* IF(IF('MAIN-INTERFACE'!$D$2=\"No\",Table_Provincial_GTAC35378[[#This Row],[Adj.AnnualRental]],(Table_Provincial_GTAC35378[[#This Row],[RtmAnnualRental]])*(1+\n                                 (IF('MAIN-INTERFACE'!$D$2=\"No\",0,'MAIN-INTERFACE'!$D$4))^(COUNTIF(MATRIX2!M16:N16,0))))*(1+\n                                 (IF('MAIN-INTERFACE'!$D$2=\"No\",0,'MAIN-INTERFACE'!$D$8)))^2<Table_Provincial_GTAC35378[[#This Row],[Adj.AnnualRental]],(Table_Provincial_GTAC35378[[#This Row],[RtmAnnualRental]])*(1+\n\n                                 (IF('MAIN-INTERFACE'!$D$2=\"No\",0,'MAIN-INTERFACE'!$D$4))^(COUNTIF(MATRIX2!M16:N16,0)))*(1+\n                                 (IF('MAIN-INTERFACE'!$D$2=\"No\",0,'MAIN-INTERFACE'!$D$8)))^MATRIX2!D16,Table_Provincial_GTAC35378[[#This Row],[Adj.AnnualRental]])*(1+\n\n                                (IF('MAIN-INTERFACE'!$D$2=\"No\",Table_Provincial_GTAC35378[[#This Row],[TnTEscalation]],'MAIN-INTERFACE'!$G$2)))^\n                                 (IF((COUNTIF(MATRIX2!M16:N16,\">0\")-1)<0,0,COUNTIF(MATRIX2!M16:N16,\">0\"))))))","v":395505.06},{"$f":"IF('MAIN-INTERFACE'!$D$2=\"No\",(Table_Provincial_GTAC35378[[#This Row],[Adj.AnnualRental]])*(1+Table_Provincial_GTAC35378[[#This Row],[TnTEscalation]])^3,(((MATRIX2!W16*Table_Provincial_GTAC35378[[#This Row],[Adj.AnnualRental]])*(1+Table_Provincial_GTAC35378[[#This Row],[TnTEscalation]])^3)+(MATRIX2!O16*IF(IF('MAIN-INTERFACE'!$D$2=\"No\",Table_Provincial_GTAC35378[[#This Row],[Adj.AnnualRental]],(Table_Provincial_GTAC35378[[#This Row],[RtmAnnualRental]])*(1+(IF('MAIN-INTERFACE'!$D$2=\"No\",0,'MAIN-INTERFACE'!$D$4))^(COUNTIF(MATRIX2!M16:O16,0))))*(1+(IF('MAIN-INTERFACE'!$D$2=\"No\",0,'MAIN-INTERFACE'!$D$8)))^3<Table_Provincial_GTAC35378[[#This Row],[Adj.AnnualRental]],(Table_Provincial_GTAC35378[[#This Row],[RtmAnnualRental]])*(1+(IF('MAIN-INTERFACE'!$D$2=\"No\",0,'MAIN-INTERFACE'!$D$4))^(COUNTIF(MATRIX2!M16:O16,0)))*(1+(IF('MAIN-INTERFACE'!$D$2=\"No\",0,'MAIN-INTERFACE'!$D$8)))^MATRIX2!E16,Table_Provincial_GTAC35378[[#This Row],[Adj.AnnualRental]])*(1+(IF('MAIN-INTERFACE'!$D$2=\"No\",Table_Provincial_GTAC35378[[#This Row],[TnTEscalation]],'MAIN-INTERFACE'!$G$2)))^(IF((COUNTIF(MATRIX2!M16:O16,\">0\")-1)<0,0,COUNTIF(MATRIX2!M16:O16,\">0\"))))))","v":350964.23699999996},{"$f":"IF('MAIN-INTERFACE'!$D$2=\"No\",(Table_Provincial_GTAC35378[[#This Row],[Adj.AnnualRental]])*(1+Table_Provincial_GTAC35378[[#This Row],[TnTEscalation]])^4,((((MATRIX2!X16*Table_Provincial_GTAC35378[[#This Row],[Adj.AnnualRental]])*(1+Table_Provincial_GTAC35378[[#This Row],[TnTEscalation]])^4)+(MATRIX2!P16*IF(IF('MAIN-INTERFACE'!$D$2=\"No\",Table_Provincial_GTAC35378[[#This Row],[Adj.AnnualRental]],(Table_Provincial_GTAC35378[[#This Row],[RtmAnnualRental]])*(1+(IF('MAIN-INTERFACE'!$D$2=\"No\",0,'MAIN-INTERFACE'!$D$4))^(COUNTIF(MATRIX2!M16:P16,0))))*(1+(IF('MAIN-INTERFACE'!$D$2=\"No\",0,'MAIN-INTERFACE'!$D$8)))^4<Table_Provincial_GTAC35378[[#This Row],[Adj.AnnualRental]],(Table_Provincial_GTAC35378[[#This Row],[RtmAnnualRental]])*(1+(IF('MAIN-INTERFACE'!$D$2=\"No\",0,'MAIN-INTERFACE'!$D$4))^(COUNTIF(MATRIX2!M16:P16,0)))*(1+(IF('MAIN-INTERFACE'!$D$2=\"No\",0,'MAIN-INTERFACE'!$D$8)))^MATRIX2!F16,Table_Provincial_GTAC35378[[#This Row],[Adj.AnnualRental]])*(1+(IF('MAIN-INTERFACE'!$D$2=\"No\",Table_Provincial_GTAC35378[[#This Row],[TnTEscalation]],'MAIN-INTERFACE'!$G$2)))^(IF((COUNTIF(MATRIX2!M16:P16,\">0\")-1)<0,0,COUNTIF(MATRIX2!M16:P16,\">0\")))))))","v":377286.55477499997},{"$f":"IF('MAIN-INTERFACE'!$D$2=\"No\",(Table_Provincial_GTAC35378[[#This Row],[Adj.AnnualRental]])*(1+Table_Provincial_GTAC35378[[#This Row],[TnTEscalation]])^5,(((MATRIX2!Y16*Table_Provincial_GTAC35378[[#This Row],[Adj.AnnualRental]])*(1+Table_Provincial_GTAC35378[[#This Row],[TnTEscalation]])^5)+(MATRIX2!Q16*IF(IF('MAIN-INTERFACE'!$D$2=\"No\",Table_Provincial_GTAC35378[[#This Row],[Adj.AnnualRental]],(Table_Provincial_GTAC35378[[#This Row],[RtmAnnualRental]])*(1+(IF('MAIN-INTERFACE'!$D$2=\"No\",0,'MAIN-INTERFACE'!$D$4))^(COUNTIF(MATRIX2!M16:Q16,0))))*(1+(IF('MAIN-INTERFACE'!$D$2=\"No\",0,'MAIN-INTERFACE'!$D$8)))^5<Table_Provincial_GTAC35378[[#This Row],[Adj.AnnualRental]],(Table_Provincial_GTAC35378[[#This Row],[RtmAnnualRental]])*(1+(IF('MAIN-INTERFACE'!$D$2=\"No\",0,'MAIN-INTERFACE'!$D$4))^(COUNTIF(MATRIX2!M16:Q16,0)))*(1+(IF('MAIN-INTERFACE'!$D$2=\"No\",0,'MAIN-INTERFACE'!$D$8)))^MATRIX2!G16,Table_Provincial_GTAC35378[[#This Row],[Adj.AnnualRental]])*(1+(IF('MAIN-INTERFACE'!$D$2=\"No\",Table_Provincial_GTAC35378[[#This Row],[TnTEscalation]],'MAIN-INTERFACE'!$G$2)))^(IF((COUNTIF(MATRIX2!M16:Q16,\">0\")-1)<0,0,COUNTIF(MATRIX2!M16:Q16,\">0\"))))))","v":405583.04638312495},{"$f":"IF('MAIN-INTERFACE'!$D$2=\"No\",(Table_Provincial_GTAC35378[[#This Row],[Adj.AnnualRental]])*(1+Table_Provincial_GTAC35378[[#This Row],[TnTEscalation]])^6,(((MATRIX2!Z16*Table_Provincial_GTAC35378[[#This Row],[Adj.AnnualRental]])*(1+Table_Provincial_GTAC35378[[#This Row],[TnTEscalation]])^6)+(MATRIX2!R16*IF(IF('MAIN-INTERFACE'!$D$2=\"No\",Table_Provincial_GTAC35378[[#This Row],[Adj.AnnualRental]],(Table_Provincial_GTAC35378[[#This Row],[RtmAnnualRental]])*(1+(IF('MAIN-INTERFACE'!$D$2=\"No\",0,'MAIN-INTERFACE'!$D$4))^(COUNTIF(MATRIX2!M16:R16,0))))*(1+(IF('MAIN-INTERFACE'!$D$2=\"No\",0,'MAIN-INTERFACE'!$D$8)))^6<Table_Provincial_GTAC35378[[#This Row],[Adj.AnnualRental]],(Table_Provincial_GTAC35378[[#This Row],[RtmAnnualRental]])*(1+(IF('MAIN-INTERFACE'!$D$2=\"No\",0,'MAIN-INTERFACE'!$D$4))^(COUNTIF(MATRIX2!M16:R16,0)))*(1+(IF('MAIN-INTERFACE'!$D$2=\"No\",0,'MAIN-INTERFACE'!$D$8)))^MATRIX2!H16,Table_Provincial_GTAC35378[[#This Row],[Adj.AnnualRental]])*(1+(IF('MAIN-INTERFACE'!$D$2=\"No\",Table_Provincial_GTAC35378[[#This Row],[TnTEscalation]],'MAIN-INTERFACE'!$G$2)))^(IF((COUNTIF(MATRIX2!M16:R16,\">0\")-1)<0,0,COUNTIF(MATRIX2!M16:R16,\">0\"))))))","v":436001.77486185933},{"$f":"IF('MAIN-INTERFACE'!$D$2=\"No\",(Table_Provincial_GTAC35378[[#This Row],[Adj.AnnualRental]])*(1+Table_Provincial_GTAC35378[[#This Row],[TnTEscalation]])^7,(((MATRIX2!AA16*Table_Provincial_GTAC35378[[#This Row],[Adj.AnnualRental]])*(1+Table_Provincial_GTAC35378[[#This Row],[TnTEscalation]])^7)+(MATRIX2!S16*IF(IF('MAIN-INTERFACE'!$D$2=\"No\",Table_Provincial_GTAC35378[[#This Row],[Adj.AnnualRental]],(Table_Provincial_GTAC35378[[#This Row],[RtmAnnualRental]])*(1+(IF('MAIN-INTERFACE'!$D$2=\"No\",0,'MAIN-INTERFACE'!$D$4))^(COUNTIF(MATRIX2!M16:S16,0))))*(1+(IF('MAIN-INTERFACE'!$D$2=\"No\",0,'MAIN-INTERFACE'!$D$8)))^7<Table_Provincial_GTAC35378[[#This Row],[Adj.AnnualRental]],(Table_Provincial_GTAC35378[[#This Row],[RtmAnnualRental]])*(1+(IF('MAIN-INTERFACE'!$D$2=\"No\",0,'MAIN-INTERFACE'!$D$4))^(COUNTIF(MATRIX2!M16:S16,0)))*(1+(IF('MAIN-INTERFACE'!$D$2=\"No\",0,'MAIN-INTERFACE'!$D$8)))^MATRIX2!I16,Table_Provincial_GTAC35378[[#This Row],[Adj.AnnualRental]])*(1+(IF('MAIN-INTERFACE'!$D$2=\"No\",Table_Provincial_GTAC35378[[#This Row],[TnTEscalation]],'MAIN-INTERFACE'!$G$2)))^(IF((COUNTIF(MATRIX2!M16:S16,\">0\")-1)<0,0,COUNTIF(MATRIX2!M16:S16,\">0\"))))))","v":468701.90797649871},{"$f":"SUM(Table_Provincial_GTAC35378[[#This Row],[FY 2018/19]:[FY 2023/24]])","v":2434042.5809964831}]
[{"$f":"Table_Provincial_GTAC3536[[#This Row],[SystemID]]","v":16},{"$f":"VLOOKUP($A17,DATA2!$A$2:$S$607,2,FALSE)","v":"KZN"},{"$f":"VLOOKUP($A17,DATA2!$A$2:$S$607,3,FALSE)","v":"KwaZulu-Natal"},{"$f":"VLOOKUP($A17,DATA2!$A$2:$S$607,4,FALSE)","v":140.72102189781023},{"$f":"VLOOKUP($A17,DATA2!$A$2:$S$607,5,FALSE)","v":77.5},{"$f":"VLOOKUP($A17,DATA2!$A$2:$S$607,6,FALSE)","v":"VTSD"},{"$f":"VLOOKUP($A17,DATA2!$A$2:$S$607,7,FALSE)","v":548},{"$f":"VLOOKUP($A17,DATA2!$A$2:$S$607,8,FALSE)","v":true},{"$f":"VLOOKUP($A17,DATA2!$A$2:$S$607,9,FALSE)","v":0.1},{"$f":"VLOOKUP($A17,DATA2!$A$2:$S$607,10,FALSE)","v":77115.12},{"$f":"VLOOKUP($A17,DATA2!$A$2:$S$607,11,FALSE)","v":925381.44},{"$f":"Table_Provincial_GTAC35378[[#This Row],[Benchmark]]*Table_Provincial_GTAC35378[[#This Row],[ExtentM2]]*12","v":509640},{"$f":"VLOOKUP($A17,DATA2!$A$2:$S$607,12,FALSE)","v":"2015-09-01"},{"$f":"VLOOKUP($A17,DATA2!$A$2:$S$607,13,FALSE)","v":"2018-08-31"},{"$f":"VLOOKUP($A17,DATA2!$A$2:$S$607,14,FALSE)","v":"No"},{"$f":"IF(MATRIX2!D17=1,($Y$8-$X$2)/365*Table_Provincial_GTAC35378[[#This Row],[Adj.AnnualRental]]*MATRIX2!D17,($Y$8-$X$2)/365*Table_Provincial_GTAC35378[[#This Row],[Adj.AnnualRental]])","v":-3349120.2253150684},{"$f":"IF('MAIN-INTERFACE'!$D$2=\"No\",(Table_Provincial_GTAC35378[[#This Row],[Adj.AnnualRental]])*(1+Table_Provincial_GTAC35378[[#This Row],[TnTEscalation]])^2,\n    (((MATRIX2!V17*Table_Provincial_GTAC35378[[#This Row],[Adj.AnnualRental]])*(1+Table_Provincial_GTAC35378[[#This Row],[TnTEscalation]])^2)+\n       (MATRIX2!N17* IF(IF('MAIN-INTERFACE'!$D$2=\"No\",Table_Provincial_GTAC35378[[#This Row],[Adj.AnnualRental]],(Table_Provincial_GTAC35378[[#This Row],[RtmAnnualRental]])*(1+\n                                 (IF('MAIN-INTERFACE'!$D$2=\"No\",0,'MAIN-INTERFACE'!$D$4))^(COUNTIF(MATRIX2!M17:N17,0))))*(1+\n                                 (IF('MAIN-INTERFACE'!$D$2=\"No\",0,'MAIN-INTERFACE'!$D$8)))^2<Table_Provincial_GTAC35378[[#This Row],[Adj.AnnualRental]],(Table_Provincial_GTAC35378[[#This Row],[RtmAnnualRental]])*(1+\n\n                                 (IF('MAIN-INTERFACE'!$D$2=\"No\",0,'MAIN-INTERFACE'!$D$4))^(COUNTIF(MATRIX2!M17:N17,0)))*(1+\n                                 (IF('MAIN-INTERFACE'!$D$2=\"No\",0,'MAIN-INTERFACE'!$D$8)))^MATRIX2!D17,Table_Provincial_GTAC35378[[#This Row],[Adj.AnnualRental]])*(1+\n\n                                (IF('MAIN-INTERFACE'!$D$2=\"No\",Table_Provincial_GTAC35378[[#This Row],[TnTEscalation]],'MAIN-INTERFACE'!$G$2)))^\n                                 (IF((COUNTIF(MATRIX2!M17:N17,\">0\")-1)<0,0,COUNTIF(MATRIX2!M17:N17,\">0\"))))))","v":1073758.1514871232},{"$f":"IF('MAIN-INTERFACE'!$D$2=\"No\",(Table_Provincial_GTAC35378[[#This Row],[Adj.AnnualRental]])*(1+Table_Provincial_GTAC35378[[#This Row],[TnTEscalation]])^3,(((MATRIX2!W17*Table_Provincial_GTAC35378[[#This Row],[Adj.AnnualRental]])*(1+Table_Provincial_GTAC35378[[#This Row],[TnTEscalation]])^3)+(MATRIX2!O17*IF(IF('MAIN-INTERFACE'!$D$2=\"No\",Table_Provincial_GTAC35378[[#This Row],[Adj.AnnualRental]],(Table_Provincial_GTAC35378[[#This Row],[RtmAnnualRental]])*(1+(IF('MAIN-INTERFACE'!$D$2=\"No\",0,'MAIN-INTERFACE'!$D$4))^(COUNTIF(MATRIX2!M17:O17,0))))*(1+(IF('MAIN-INTERFACE'!$D$2=\"No\",0,'MAIN-INTERFACE'!$D$8)))^3<Table_Provincial_GTAC35378[[#This Row],[Adj.AnnualRental]],(Table_Provincial_GTAC35378[[#This Row],[RtmAnnualRental]])*(1+(IF('MAIN-INTERFACE'!$D$2=\"No\",0,'MAIN-INTERFACE'!$D$4))^(COUNTIF(MATRIX2!M17:O17,0)))*(1+(IF('MAIN-INTERFACE'!$D$2=\"No\",0,'MAIN-INTERFACE'!$D$8)))^MATRIX2!E17,Table_Provincial_GTAC35378[[#This Row],[Adj.AnnualRental]])*(1+(IF('MAIN-INTERFACE'!$D$2=\"No\",Table_Provincial_GTAC35378[[#This Row],[TnTEscalation]],'MAIN-INTERFACE'!$G$2)))^(IF((COUNTIF(MATRIX2!M17:O17,\">0\")-1)<0,0,COUNTIF(MATRIX2!M17:O17,\">0\"))))))","v":612510.83399999992},{"$f":"IF('MAIN-INTERFACE'!$D$2=\"No\",(Table_Provincial_GTAC35378[[#This Row],[Adj.AnnualRental]])*(1+Table_Provincial_GTAC35378[[#This Row],[TnTEscalation]])^4,((((MATRIX2!X17*Table_Provincial_GTAC35378[[#This Row],[Adj.AnnualRental]])*(1+Table_Provincial_GTAC35378[[#This Row],[TnTEscalation]])^4)+(MATRIX2!P17*IF(IF('MAIN-INTERFACE'!$D$2=\"No\",Table_Provincial_GTAC35378[[#This Row],[Adj.AnnualRental]],(Table_Provincial_GTAC35378[[#This Row],[RtmAnnualRental]])*(1+(IF('MAIN-INTERFACE'!$D$2=\"No\",0,'MAIN-INTERFACE'!$D$4))^(COUNTIF(MATRIX2!M17:P17,0))))*(1+(IF('MAIN-INTERFACE'!$D$2=\"No\",0,'MAIN-INTERFACE'!$D$8)))^4<Table_Provincial_GTAC35378[[#This Row],[Adj.AnnualRental]],(Table_Provincial_GTAC35378[[#This Row],[RtmAnnualRental]])*(1+(IF('MAIN-INTERFACE'!$D$2=\"No\",0,'MAIN-INTERFACE'!$D$4))^(COUNTIF(MATRIX2!M17:P17,0)))*(1+(IF('MAIN-INTERFACE'!$D$2=\"No\",0,'MAIN-INTERFACE'!$D$8)))^MATRIX2!F17,Table_Provincial_GTAC35378[[#This Row],[Adj.AnnualRental]])*(1+(IF('MAIN-INTERFACE'!$D$2=\"No\",Table_Provincial_GTAC35378[[#This Row],[TnTEscalation]],'MAIN-INTERFACE'!$G$2)))^(IF((COUNTIF(MATRIX2!M17:P17,\">0\")-1)<0,0,COUNTIF(MATRIX2!M17:P17,\">0\")))))))","v":658449.14654999995},{"$f":"IF('MAIN-INTERFACE'!$D$2=\"No\",(Table_Provincial_GTAC35378[[#This Row],[Adj.AnnualRental]])*(1+Table_Provincial_GTAC35378[[#This Row],[TnTEscalation]])^5,(((MATRIX2!Y17*Table_Provincial_GTAC35378[[#This Row],[Adj.AnnualRental]])*(1+Table_Provincial_GTAC35378[[#This Row],[TnTEscalation]])^5)+(MATRIX2!Q17*IF(IF('MAIN-INTERFACE'!$D$2=\"No\",Table_Provincial_GTAC35378[[#This Row],[Adj.AnnualRental]],(Table_Provincial_GTAC35378[[#This Row],[RtmAnnualRental]])*(1+(IF('MAIN-INTERFACE'!$D$2=\"No\",0,'MAIN-INTERFACE'!$D$4))^(COUNTIF(MATRIX2!M17:Q17,0))))*(1+(IF('MAIN-INTERFACE'!$D$2=\"No\",0,'MAIN-INTERFACE'!$D$8)))^5<Table_Provincial_GTAC35378[[#This Row],[Adj.AnnualRental]],(Table_Provincial_GTAC35378[[#This Row],[RtmAnnualRental]])*(1+(IF('MAIN-INTERFACE'!$D$2=\"No\",0,'MAIN-INTERFACE'!$D$4))^(COUNTIF(MATRIX2!M17:Q17,0)))*(1+(IF('MAIN-INTERFACE'!$D$2=\"No\",0,'MAIN-INTERFACE'!$D$8)))^MATRIX2!G17,Table_Provincial_GTAC35378[[#This Row],[Adj.AnnualRental]])*(1+(IF('MAIN-INTERFACE'!$D$2=\"No\",Table_Provincial_GTAC35378[[#This Row],[TnTEscalation]],'MAIN-INTERFACE'!$G$2)))^(IF((COUNTIF(MATRIX2!M17:Q17,\">0\")-1)<0,0,COUNTIF(MATRIX2!M17:Q17,\">0\"))))))","v":707832.83254124993},{"$f":"IF('MAIN-INTERFACE'!$D$2=\"No\",(Table_Provincial_GTAC35378[[#This Row],[Adj.AnnualRental]])*(1+Table_Provincial_GTAC35378[[#This Row],[TnTEscalation]])^6,(((MATRIX2!Z17*Table_Provincial_GTAC35378[[#This Row],[Adj.AnnualRental]])*(1+Table_Provincial_GTAC35378[[#This Row],[TnTEscalation]])^6)+(MATRIX2!R17*IF(IF('MAIN-INTERFACE'!$D$2=\"No\",Table_Provincial_GTAC35378[[#This Row],[Adj.AnnualRental]],(Table_Provincial_GTAC35378[[#This Row],[RtmAnnualRental]])*(1+(IF('MAIN-INTERFACE'!$D$2=\"No\",0,'MAIN-INTERFACE'!$D$4))^(COUNTIF(MATRIX2!M17:R17,0))))*(1+(IF('MAIN-INTERFACE'!$D$2=\"No\",0,'MAIN-INTERFACE'!$D$8)))^6<Table_Provincial_GTAC35378[[#This Row],[Adj.AnnualRental]],(Table_Provincial_GTAC35378[[#This Row],[RtmAnnualRental]])*(1+(IF('MAIN-INTERFACE'!$D$2=\"No\",0,'MAIN-INTERFACE'!$D$4))^(COUNTIF(MATRIX2!M17:R17,0)))*(1+(IF('MAIN-INTERFACE'!$D$2=\"No\",0,'MAIN-INTERFACE'!$D$8)))^MATRIX2!H17,Table_Provincial_GTAC35378[[#This Row],[Adj.AnnualRental]])*(1+(IF('MAIN-INTERFACE'!$D$2=\"No\",Table_Provincial_GTAC35378[[#This Row],[TnTEscalation]],'MAIN-INTERFACE'!$G$2)))^(IF((COUNTIF(MATRIX2!M17:R17,\">0\")-1)<0,0,COUNTIF(MATRIX2!M17:R17,\">0\"))))))","v":760920.29498184368},{"$f":"IF('MAIN-INTERFACE'!$D$2=\"No\",(Table_Provincial_GTAC35378[[#This Row],[Adj.AnnualRental]])*(1+Table_Provincial_GTAC35378[[#This Row],[TnTEscalation]])^7,(((MATRIX2!AA17*Table_Provincial_GTAC35378[[#This Row],[Adj.AnnualRental]])*(1+Table_Provincial_GTAC35378[[#This Row],[TnTEscalation]])^7)+(MATRIX2!S17*IF(IF('MAIN-INTERFACE'!$D$2=\"No\",Table_Provincial_GTAC35378[[#This Row],[Adj.AnnualRental]],(Table_Provincial_GTAC35378[[#This Row],[RtmAnnualRental]])*(1+(IF('MAIN-INTERFACE'!$D$2=\"No\",0,'MAIN-INTERFACE'!$D$4))^(COUNTIF(MATRIX2!M17:S17,0))))*(1+(IF('MAIN-INTERFACE'!$D$2=\"No\",0,'MAIN-INTERFACE'!$D$8)))^7<Table_Provincial_GTAC35378[[#This Row],[Adj.AnnualRental]],(Table_Provincial_GTAC35378[[#This Row],[RtmAnnualRental]])*(1+(IF('MAIN-INTERFACE'!$D$2=\"No\",0,'MAIN-INTERFACE'!$D$4))^(COUNTIF(MATRIX2!M17:S17,0)))*(1+(IF('MAIN-INTERFACE'!$D$2=\"No\",0,'MAIN-INTERFACE'!$D$8)))^MATRIX2!I17,Table_Provincial_GTAC35378[[#This Row],[Adj.AnnualRental]])*(1+(IF('MAIN-INTERFACE'!$D$2=\"No\",Table_Provincial_GTAC35378[[#This Row],[TnTEscalation]],'MAIN-INTERFACE'!$G$2)))^(IF((COUNTIF(MATRIX2!M17:S17,\">0\")-1)<0,0,COUNTIF(MATRIX2!M17:S17,\">0\"))))))","v":817989.31710548187},{"$f":"SUM(Table_Provincial_GTAC35378[[#This Row],[FY 2018/19]:[FY 2023/24]])","v":4631460.5766656976}]
[{"$f":"Table_Provincial_GTAC3536[[#This Row],[SystemID]]","v":18},{"$f":"VLOOKUP($A18,DATA2!$A$2:$S$607,2,FALSE)","v":"KZN"},{"$f":"VLOOKUP($A18,DATA2!$A$2:$S$607,3,FALSE)","v":"KwaZulu-Natal"},{"$f":"VLOOKUP($A18,DATA2!$A$2:$S$607,4,FALSE)","v":79.948076923076925},{"$f":"VLOOKUP($A18,DATA2!$A$2:$S$607,5,FALSE)","v":110},{"$f":"VLOOKUP($A18,DATA2!$A$2:$S$607,6,FALSE)","v":"MAIN CENTRE"},{"$f":"VLOOKUP($A18,DATA2!$A$2:$S$607,7,FALSE)","v":520},{"$f":"VLOOKUP($A18,DATA2!$A$2:$S$607,8,FALSE)","v":true},{"$f":"VLOOKUP($A18,DATA2!$A$2:$S$607,9,FALSE)","v":0},{"$f":"VLOOKUP($A18,DATA2!$A$2:$S$607,10,FALSE)","v":41573},{"$f":"VLOOKUP($A18,DATA2!$A$2:$S$607,11,FALSE)","v":498876},{"$f":"Table_Provincial_GTAC35378[[#This Row],[Benchmark]]*Table_Provincial_GTAC35378[[#This Row],[ExtentM2]]*12","v":686400},{"$f":"VLOOKUP($A18,DATA2!$A$2:$S$607,12,FALSE)","v":"2016-06-01"},{"$f":"VLOOKUP($A18,DATA2!$A$2:$S$607,13,FALSE)","v":"2016-11-30"},{"$f":"VLOOKUP($A18,DATA2!$A$2:$S$607,14,FALSE)","v":"Yes"},{"$f":"IF(MATRIX2!D18=1,($Y$8-$X$2)/365*Table_Provincial_GTAC35378[[#This Row],[Adj.AnnualRental]]*MATRIX2!D18,($Y$8-$X$2)/365*Table_Provincial_GTAC35378[[#This Row],[Adj.AnnualRental]])","v":-1805521.0849315068},{"$f":"IF('MAIN-INTERFACE'!$D$2=\"No\",(Table_Provincial_GTAC35378[[#This Row],[Adj.AnnualRental]])*(1+Table_Provincial_GTAC35378[[#This Row],[TnTEscalation]])^2,\n    (((MATRIX2!V18*Table_Provincial_GTAC35378[[#This Row],[Adj.AnnualRental]])*(1+Table_Provincial_GTAC35378[[#This Row],[TnTEscalation]])^2)+\n       (MATRIX2!N18* IF(IF('MAIN-INTERFACE'!$D$2=\"No\",Table_Provincial_GTAC35378[[#This Row],[Adj.AnnualRental]],(Table_Provincial_GTAC35378[[#This Row],[RtmAnnualRental]])*(1+\n                                 (IF('MAIN-INTERFACE'!$D$2=\"No\",0,'MAIN-INTERFACE'!$D$4))^(COUNTIF(MATRIX2!M18:N18,0))))*(1+\n                                 (IF('MAIN-INTERFACE'!$D$2=\"No\",0,'MAIN-INTERFACE'!$D$8)))^2<Table_Provincial_GTAC35378[[#This Row],[Adj.AnnualRental]],(Table_Provincial_GTAC35378[[#This Row],[RtmAnnualRental]])*(1+\n\n                                 (IF('MAIN-INTERFACE'!$D$2=\"No\",0,'MAIN-INTERFACE'!$D$4))^(COUNTIF(MATRIX2!M18:N18,0)))*(1+\n                                 (IF('MAIN-INTERFACE'!$D$2=\"No\",0,'MAIN-INTERFACE'!$D$8)))^MATRIX2!D18,Table_Provincial_GTAC35378[[#This Row],[Adj.AnnualRental]])*(1+\n\n                                (IF('MAIN-INTERFACE'!$D$2=\"No\",Table_Provincial_GTAC35378[[#This Row],[TnTEscalation]],'MAIN-INTERFACE'!$G$2)))^\n                                 (IF((COUNTIF(MATRIX2!M18:N18,\">0\")-1)<0,0,COUNTIF(MATRIX2!M18:N18,\">0\"))))))","v":517583.85},{"$f":"IF('MAIN-INTERFACE'!$D$2=\"No\",(Table_Provincial_GTAC35378[[#This Row],[Adj.AnnualRental]])*(1+Table_Provincial_GTAC35378[[#This Row],[TnTEscalation]])^3,(((MATRIX2!W18*Table_Provincial_GTAC35378[[#This Row],[Adj.AnnualRental]])*(1+Table_Provincial_GTAC35378[[#This Row],[TnTEscalation]])^3)+(MATRIX2!O18*IF(IF('MAIN-INTERFACE'!$D$2=\"No\",Table_Provincial_GTAC35378[[#This Row],[Adj.AnnualRental]],(Table_Provincial_GTAC35378[[#This Row],[RtmAnnualRental]])*(1+(IF('MAIN-INTERFACE'!$D$2=\"No\",0,'MAIN-INTERFACE'!$D$4))^(COUNTIF(MATRIX2!M18:O18,0))))*(1+(IF('MAIN-INTERFACE'!$D$2=\"No\",0,'MAIN-INTERFACE'!$D$8)))^3<Table_Provincial_GTAC35378[[#This Row],[Adj.AnnualRental]],(Table_Provincial_GTAC35378[[#This Row],[RtmAnnualRental]])*(1+(IF('MAIN-INTERFACE'!$D$2=\"No\",0,'MAIN-INTERFACE'!$D$4))^(COUNTIF(MATRIX2!M18:O18,0)))*(1+(IF('MAIN-INTERFACE'!$D$2=\"No\",0,'MAIN-INTERFACE'!$D$8)))^MATRIX2!E18,Table_Provincial_GTAC35378[[#This Row],[Adj.AnnualRental]])*(1+(IF('MAIN-INTERFACE'!$D$2=\"No\",Table_Provincial_GTAC35378[[#This Row],[TnTEscalation]],'MAIN-INTERFACE'!$G$2)))^(IF((COUNTIF(MATRIX2!M18:O18,\">0\")-1)<0,0,COUNTIF(MATRIX2!M18:O18,\">0\"))))))","v":576513.5774999999},{"$f":"IF('MAIN-INTERFACE'!$D$2=\"No\",(Table_Provincial_GTAC35378[[#This Row],[Adj.AnnualRental]])*(1+Table_Provincial_GTAC35378[[#This Row],[TnTEscalation]])^4,((((MATRIX2!X18*Table_Provincial_GTAC35378[[#This Row],[Adj.AnnualRental]])*(1+Table_Provincial_GTAC35378[[#This Row],[TnTEscalation]])^4)+(MATRIX2!P18*IF(IF('MAIN-INTERFACE'!$D$2=\"No\",Table_Provincial_GTAC35378[[#This Row],[Adj.AnnualRental]],(Table_Provincial_GTAC35378[[#This Row],[RtmAnnualRental]])*(1+(IF('MAIN-INTERFACE'!$D$2=\"No\",0,'MAIN-INTERFACE'!$D$4))^(COUNTIF(MATRIX2!M18:P18,0))))*(1+(IF('MAIN-INTERFACE'!$D$2=\"No\",0,'MAIN-INTERFACE'!$D$8)))^4<Table_Provincial_GTAC35378[[#This Row],[Adj.AnnualRental]],(Table_Provincial_GTAC35378[[#This Row],[RtmAnnualRental]])*(1+(IF('MAIN-INTERFACE'!$D$2=\"No\",0,'MAIN-INTERFACE'!$D$4))^(COUNTIF(MATRIX2!M18:P18,0)))*(1+(IF('MAIN-INTERFACE'!$D$2=\"No\",0,'MAIN-INTERFACE'!$D$8)))^MATRIX2!F18,Table_Provincial_GTAC35378[[#This Row],[Adj.AnnualRental]])*(1+(IF('MAIN-INTERFACE'!$D$2=\"No\",Table_Provincial_GTAC35378[[#This Row],[TnTEscalation]],'MAIN-INTERFACE'!$G$2)))^(IF((COUNTIF(MATRIX2!M18:P18,\">0\")-1)<0,0,COUNTIF(MATRIX2!M18:P18,\">0\")))))))","v":619752.09581249987},{"$f":"IF('MAIN-INTERFACE'!$D$2=\"No\",(Table_Provincial_GTAC35378[[#This Row],[Adj.AnnualRental]])*(1+Table_Provincial_GTAC35378[[#This Row],[TnTEscalation]])^5,(((MATRIX2!Y18*Table_Provincial_GTAC35378[[#This Row],[Adj.AnnualRental]])*(1+Table_Provincial_GTAC35378[[#This Row],[TnTEscalation]])^5)+(MATRIX2!Q18*IF(IF('MAIN-INTERFACE'!$D$2=\"No\",Table_Provincial_GTAC35378[[#This Row],[Adj.AnnualRental]],(Table_Provincial_GTAC35378[[#This Row],[RtmAnnualRental]])*(1+(IF('MAIN-INTERFACE'!$D$2=\"No\",0,'MAIN-INTERFACE'!$D$4))^(COUNTIF(MATRIX2!M18:Q18,0))))*(1+(IF('MAIN-INTERFACE'!$D$2=\"No\",0,'MAIN-INTERFACE'!$D$8)))^5<Table_Provincial_GTAC35378[[#This Row],[Adj.AnnualRental]],(Table_Provincial_GTAC35378[[#This Row],[RtmAnnualRental]])*(1+(IF('MAIN-INTERFACE'!$D$2=\"No\",0,'MAIN-INTERFACE'!$D$4))^(COUNTIF(MATRIX2!M18:Q18,0)))*(1+(IF('MAIN-INTERFACE'!$D$2=\"No\",0,'MAIN-INTERFACE'!$D$8)))^MATRIX2!G18,Table_Provincial_GTAC35378[[#This Row],[Adj.AnnualRental]])*(1+(IF('MAIN-INTERFACE'!$D$2=\"No\",Table_Provincial_GTAC35378[[#This Row],[TnTEscalation]],'MAIN-INTERFACE'!$G$2)))^(IF((COUNTIF(MATRIX2!M18:Q18,\">0\")-1)<0,0,COUNTIF(MATRIX2!M18:Q18,\">0\"))))))","v":666233.5029984375},{"$f":"IF('MAIN-INTERFACE'!$D$2=\"No\",(Table_Provincial_GTAC35378[[#This Row],[Adj.AnnualRental]])*(1+Table_Provincial_GTAC35378[[#This Row],[TnTEscalation]])^6,(((MATRIX2!Z18*Table_Provincial_GTAC35378[[#This Row],[Adj.AnnualRental]])*(1+Table_Provincial_GTAC35378[[#This Row],[TnTEscalation]])^6)+(MATRIX2!R18*IF(IF('MAIN-INTERFACE'!$D$2=\"No\",Table_Provincial_GTAC35378[[#This Row],[Adj.AnnualRental]],(Table_Provincial_GTAC35378[[#This Row],[RtmAnnualRental]])*(1+(IF('MAIN-INTERFACE'!$D$2=\"No\",0,'MAIN-INTERFACE'!$D$4))^(COUNTIF(MATRIX2!M18:R18,0))))*(1+(IF('MAIN-INTERFACE'!$D$2=\"No\",0,'MAIN-INTERFACE'!$D$8)))^6<Table_Provincial_GTAC35378[[#This Row],[Adj.AnnualRental]],(Table_Provincial_GTAC35378[[#This Row],[RtmAnnualRental]])*(1+(IF('MAIN-INTERFACE'!$D$2=\"No\",0,'MAIN-INTERFACE'!$D$4))^(COUNTIF(MATRIX2!M18:R18,0)))*(1+(IF('MAIN-INTERFACE'!$D$2=\"No\",0,'MAIN-INTERFACE'!$D$8)))^MATRIX2!H18,Table_Provincial_GTAC35378[[#This Row],[Adj.AnnualRental]])*(1+(IF('MAIN-INTERFACE'!$D$2=\"No\",Table_Provincial_GTAC35378[[#This Row],[TnTEscalation]],'MAIN-INTERFACE'!$G$2)))^(IF((COUNTIF(MATRIX2!M18:R18,\">0\")-1)<0,0,COUNTIF(MATRIX2!M18:R18,\">0\"))))))","v":716201.01572332031},{"$f":"IF('MAIN-INTERFACE'!$D$2=\"No\",(Table_Provincial_GTAC35378[[#This Row],[Adj.AnnualRental]])*(1+Table_Provincial_GTAC35378[[#This Row],[TnTEscalation]])^7,(((MATRIX2!AA18*Table_Provincial_GTAC35378[[#This Row],[Adj.AnnualRental]])*(1+Table_Provincial_GTAC35378[[#This Row],[TnTEscalation]])^7)+(MATRIX2!S18*IF(IF('MAIN-INTERFACE'!$D$2=\"No\",Table_Provincial_GTAC35378[[#This Row],[Adj.AnnualRental]],(Table_Provincial_GTAC35378[[#This Row],[RtmAnnualRental]])*(1+(IF('MAIN-INTERFACE'!$D$2=\"No\",0,'MAIN-INTERFACE'!$D$4))^(COUNTIF(MATRIX2!M18:S18,0))))*(1+(IF('MAIN-INTERFACE'!$D$2=\"No\",0,'MAIN-INTERFACE'!$D$8)))^7<Table_Provincial_GTAC35378[[#This Row],[Adj.AnnualRental]],(Table_Provincial_GTAC35378[[#This Row],[RtmAnnualRental]])*(1+(IF('MAIN-INTERFACE'!$D$2=\"No\",0,'MAIN-INTERFACE'!$D$4))^(COUNTIF(MATRIX2!M18:S18,0)))*(1+(IF('MAIN-INTERFACE'!$D$2=\"No\",0,'MAIN-INTERFACE'!$D$8)))^MATRIX2!I18,Table_Provincial_GTAC35378[[#This Row],[Adj.AnnualRental]])*(1+(IF('MAIN-INTERFACE'!$D$2=\"No\",Table_Provincial_GTAC35378[[#This Row],[TnTEscalation]],'MAIN-INTERFACE'!$G$2)))^(IF((COUNTIF(MATRIX2!M18:S18,\">0\")-1)<0,0,COUNTIF(MATRIX2!M18:S18,\">0\"))))))","v":769916.09190256917},{"$f":"SUM(Table_Provincial_GTAC35378[[#This Row],[FY 2018/19]:[FY 2023/24]])","v":3866200.1339368271}]
[{"$f":"Table_Provincial_GTAC3536[[#This Row],[SystemID]]","v":19},{"$f":"VLOOKUP($A19,DATA2!$A$2:$S$607,2,FALSE)","v":"KZN"},{"$f":"VLOOKUP($A19,DATA2!$A$2:$S$607,3,FALSE)","v":"KwaZulu-Natal"},{"$f":"VLOOKUP($A19,DATA2!$A$2:$S$607,4,FALSE)","v":128.40270635994588},{"$f":"VLOOKUP($A19,DATA2!$A$2:$S$607,5,FALSE)","v":110},{"$f":"VLOOKUP($A19,DATA2!$A$2:$S$607,6,FALSE)","v":"MAIN CENTRE"},{"$f":"VLOOKUP($A19,DATA2!$A$2:$S$607,7,FALSE)","v":739},{"$f":"VLOOKUP($A19,DATA2!$A$2:$S$607,8,FALSE)","v":true},{"$f":"VLOOKUP($A19,DATA2!$A$2:$S$607,9,FALSE)","v":0.09},{"$f":"VLOOKUP($A19,DATA2!$A$2:$S$607,10,FALSE)","v":94889.600000000006},{"$f":"VLOOKUP($A19,DATA2!$A$2:$S$607,11,FALSE)","v":1138675.2},{"$f":"Table_Provincial_GTAC35378[[#This Row],[Benchmark]]*Table_Provincial_GTAC35378[[#This Row],[ExtentM2]]*12","v":975480},{"$f":"VLOOKUP($A19,DATA2!$A$2:$S$607,12,FALSE)","v":"2016-08-01"},{"$f":"VLOOKUP($A19,DATA2!$A$2:$S$607,13,FALSE)","v":"2019-07-31"},{"$f":"VLOOKUP($A19,DATA2!$A$2:$S$607,14,FALSE)","v":"No"},{"$f":"IF(MATRIX2!D19=1,($Y$8-$X$2)/365*Table_Provincial_GTAC35378[[#This Row],[Adj.AnnualRental]]*MATRIX2!D19,($Y$8-$X$2)/365*Table_Provincial_GTAC35378[[#This Row],[Adj.AnnualRental]])","v":-4121068.3265753421},{"$f":"IF('MAIN-INTERFACE'!$D$2=\"No\",(Table_Provincial_GTAC35378[[#This Row],[Adj.AnnualRental]])*(1+Table_Provincial_GTAC35378[[#This Row],[TnTEscalation]])^2,\n    (((MATRIX2!V19*Table_Provincial_GTAC35378[[#This Row],[Adj.AnnualRental]])*(1+Table_Provincial_GTAC35378[[#This Row],[TnTEscalation]])^2)+\n       (MATRIX2!N19* IF(IF('MAIN-INTERFACE'!$D$2=\"No\",Table_Provincial_GTAC35378[[#This Row],[Adj.AnnualRental]],(Table_Provincial_GTAC35378[[#This Row],[RtmAnnualRental]])*(1+\n                                 (IF('MAIN-INTERFACE'!$D$2=\"No\",0,'MAIN-INTERFACE'!$D$4))^(COUNTIF(MATRIX2!M19:N19,0))))*(1+\n                                 (IF('MAIN-INTERFACE'!$D$2=\"No\",0,'MAIN-INTERFACE'!$D$8)))^2<Table_Provincial_GTAC35378[[#This Row],[Adj.AnnualRental]],(Table_Provincial_GTAC35378[[#This Row],[RtmAnnualRental]])*(1+\n\n                                 (IF('MAIN-INTERFACE'!$D$2=\"No\",0,'MAIN-INTERFACE'!$D$4))^(COUNTIF(MATRIX2!M19:N19,0)))*(1+\n                                 (IF('MAIN-INTERFACE'!$D$2=\"No\",0,'MAIN-INTERFACE'!$D$8)))^MATRIX2!D19,Table_Provincial_GTAC35378[[#This Row],[Adj.AnnualRental]])*(1+\n\n                                (IF('MAIN-INTERFACE'!$D$2=\"No\",Table_Provincial_GTAC35378[[#This Row],[TnTEscalation]],'MAIN-INTERFACE'!$G$2)))^\n                                 (IF((COUNTIF(MATRIX2!M19:N19,\">0\")-1)<0,0,COUNTIF(MATRIX2!M19:N19,\">0\"))))))","v":1352860.0051200001},{"$f":"IF('MAIN-INTERFACE'!$D$2=\"No\",(Table_Provincial_GTAC35378[[#This Row],[Adj.AnnualRental]])*(1+Table_Provincial_GTAC35378[[#This Row],[TnTEscalation]])^3,(((MATRIX2!W19*Table_Provincial_GTAC35378[[#This Row],[Adj.AnnualRental]])*(1+Table_Provincial_GTAC35378[[#This Row],[TnTEscalation]])^3)+(MATRIX2!O19*IF(IF('MAIN-INTERFACE'!$D$2=\"No\",Table_Provincial_GTAC35378[[#This Row],[Adj.AnnualRental]],(Table_Provincial_GTAC35378[[#This Row],[RtmAnnualRental]])*(1+(IF('MAIN-INTERFACE'!$D$2=\"No\",0,'MAIN-INTERFACE'!$D$4))^(COUNTIF(MATRIX2!M19:O19,0))))*(1+(IF('MAIN-INTERFACE'!$D$2=\"No\",0,'MAIN-INTERFACE'!$D$8)))^3<Table_Provincial_GTAC35378[[#This Row],[Adj.AnnualRental]],(Table_Provincial_GTAC35378[[#This Row],[RtmAnnualRental]])*(1+(IF('MAIN-INTERFACE'!$D$2=\"No\",0,'MAIN-INTERFACE'!$D$4))^(COUNTIF(MATRIX2!M19:O19,0)))*(1+(IF('MAIN-INTERFACE'!$D$2=\"No\",0,'MAIN-INTERFACE'!$D$8)))^MATRIX2!E19,Table_Provincial_GTAC35378[[#This Row],[Adj.AnnualRental]])*(1+(IF('MAIN-INTERFACE'!$D$2=\"No\",Table_Provincial_GTAC35378[[#This Row],[TnTEscalation]],'MAIN-INTERFACE'!$G$2)))^(IF((COUNTIF(MATRIX2!M19:O19,\">0\")-1)<0,0,COUNTIF(MATRIX2!M19:O19,\">0\"))))))","v":1401963.5391457316},{"$f":"IF('MAIN-INTERFACE'!$D$2=\"No\",(Table_Provincial_GTAC35378[[#This Row],[Adj.AnnualRental]])*(1+Table_Provincial_GTAC35378[[#This Row],[TnTEscalation]])^4,((((MATRIX2!X19*Table_Provincial_GTAC35378[[#This Row],[Adj.AnnualRental]])*(1+Table_Provincial_GTAC35378[[#This Row],[TnTEscalation]])^4)+(MATRIX2!P19*IF(IF('MAIN-INTERFACE'!$D$2=\"No\",Table_Provincial_GTAC35378[[#This Row],[Adj.AnnualRental]],(Table_Provincial_GTAC35378[[#This Row],[RtmAnnualRental]])*(1+(IF('MAIN-INTERFACE'!$D$2=\"No\",0,'MAIN-INTERFACE'!$D$4))^(COUNTIF(MATRIX2!M19:P19,0))))*(1+(IF('MAIN-INTERFACE'!$D$2=\"No\",0,'MAIN-INTERFACE'!$D$8)))^4<Table_Provincial_GTAC35378[[#This Row],[Adj.AnnualRental]],(Table_Provincial_GTAC35378[[#This Row],[RtmAnnualRental]])*(1+(IF('MAIN-INTERFACE'!$D$2=\"No\",0,'MAIN-INTERFACE'!$D$4))^(COUNTIF(MATRIX2!M19:P19,0)))*(1+(IF('MAIN-INTERFACE'!$D$2=\"No\",0,'MAIN-INTERFACE'!$D$8)))^MATRIX2!F19,Table_Provincial_GTAC35378[[#This Row],[Adj.AnnualRental]])*(1+(IF('MAIN-INTERFACE'!$D$2=\"No\",Table_Provincial_GTAC35378[[#This Row],[TnTEscalation]],'MAIN-INTERFACE'!$G$2)))^(IF((COUNTIF(MATRIX2!M19:P19,\">0\")-1)<0,0,COUNTIF(MATRIX2!M19:P19,\">0\")))))))","v":1129092.73752},{"$f":"IF('MAIN-INTERFACE'!$D$2=\"No\",(Table_Provincial_GTAC35378[[#This Row],[Adj.AnnualRental]])*(1+Table_Provincial_GTAC35378[[#This Row],[TnTEscalation]])^5,(((MATRIX2!Y19*Table_Provincial_GTAC35378[[#This Row],[Adj.AnnualRental]])*(1+Table_Provincial_GTAC35378[[#This Row],[TnTEscalation]])^5)+(MATRIX2!Q19*IF(IF('MAIN-INTERFACE'!$D$2=\"No\",Table_Provincial_GTAC35378[[#This Row],[Adj.AnnualRental]],(Table_Provincial_GTAC35378[[#This Row],[RtmAnnualRental]])*(1+(IF('MAIN-INTERFACE'!$D$2=\"No\",0,'MAIN-INTERFACE'!$D$4))^(COUNTIF(MATRIX2!M19:Q19,0))))*(1+(IF('MAIN-INTERFACE'!$D$2=\"No\",0,'MAIN-INTERFACE'!$D$8)))^5<Table_Provincial_GTAC35378[[#This Row],[Adj.AnnualRental]],(Table_Provincial_GTAC35378[[#This Row],[RtmAnnualRental]])*(1+(IF('MAIN-INTERFACE'!$D$2=\"No\",0,'MAIN-INTERFACE'!$D$4))^(COUNTIF(MATRIX2!M19:Q19,0)))*(1+(IF('MAIN-INTERFACE'!$D$2=\"No\",0,'MAIN-INTERFACE'!$D$8)))^MATRIX2!G19,Table_Provincial_GTAC35378[[#This Row],[Adj.AnnualRental]])*(1+(IF('MAIN-INTERFACE'!$D$2=\"No\",Table_Provincial_GTAC35378[[#This Row],[TnTEscalation]],'MAIN-INTERFACE'!$G$2)))^(IF((COUNTIF(MATRIX2!M19:Q19,\">0\")-1)<0,0,COUNTIF(MATRIX2!M19:Q19,\">0\"))))))","v":1213774.6928339999},{"$f":"IF('MAIN-INTERFACE'!$D$2=\"No\",(Table_Provincial_GTAC35378[[#This Row],[Adj.AnnualRental]])*(1+Table_Provincial_GTAC35378[[#This Row],[TnTEscalation]])^6,(((MATRIX2!Z19*Table_Provincial_GTAC35378[[#This Row],[Adj.AnnualRental]])*(1+Table_Provincial_GTAC35378[[#This Row],[TnTEscalation]])^6)+(MATRIX2!R19*IF(IF('MAIN-INTERFACE'!$D$2=\"No\",Table_Provincial_GTAC35378[[#This Row],[Adj.AnnualRental]],(Table_Provincial_GTAC35378[[#This Row],[RtmAnnualRental]])*(1+(IF('MAIN-INTERFACE'!$D$2=\"No\",0,'MAIN-INTERFACE'!$D$4))^(COUNTIF(MATRIX2!M19:R19,0))))*(1+(IF('MAIN-INTERFACE'!$D$2=\"No\",0,'MAIN-INTERFACE'!$D$8)))^6<Table_Provincial_GTAC35378[[#This Row],[Adj.AnnualRental]],(Table_Provincial_GTAC35378[[#This Row],[RtmAnnualRental]])*(1+(IF('MAIN-INTERFACE'!$D$2=\"No\",0,'MAIN-INTERFACE'!$D$4))^(COUNTIF(MATRIX2!M19:R19,0)))*(1+(IF('MAIN-INTERFACE'!$D$2=\"No\",0,'MAIN-INTERFACE'!$D$8)))^MATRIX2!H19,Table_Provincial_GTAC35378[[#This Row],[Adj.AnnualRental]])*(1+(IF('MAIN-INTERFACE'!$D$2=\"No\",Table_Provincial_GTAC35378[[#This Row],[TnTEscalation]],'MAIN-INTERFACE'!$G$2)))^(IF((COUNTIF(MATRIX2!M19:R19,\">0\")-1)<0,0,COUNTIF(MATRIX2!M19:R19,\">0\"))))))","v":1304807.7947965499},{"$f":"IF('MAIN-INTERFACE'!$D$2=\"No\",(Table_Provincial_GTAC35378[[#This Row],[Adj.AnnualRental]])*(1+Table_Provincial_GTAC35378[[#This Row],[TnTEscalation]])^7,(((MATRIX2!AA19*Table_Provincial_GTAC35378[[#This Row],[Adj.AnnualRental]])*(1+Table_Provincial_GTAC35378[[#This Row],[TnTEscalation]])^7)+(MATRIX2!S19*IF(IF('MAIN-INTERFACE'!$D$2=\"No\",Table_Provincial_GTAC35378[[#This Row],[Adj.AnnualRental]],(Table_Provincial_GTAC35378[[#This Row],[RtmAnnualRental]])*(1+(IF('MAIN-INTERFACE'!$D$2=\"No\",0,'MAIN-INTERFACE'!$D$4))^(COUNTIF(MATRIX2!M19:S19,0))))*(1+(IF('MAIN-INTERFACE'!$D$2=\"No\",0,'MAIN-INTERFACE'!$D$8)))^7<Table_Provincial_GTAC35378[[#This Row],[Adj.AnnualRental]],(Table_Provincial_GTAC35378[[#This Row],[RtmAnnualRental]])*(1+(IF('MAIN-INTERFACE'!$D$2=\"No\",0,'MAIN-INTERFACE'!$D$4))^(COUNTIF(MATRIX2!M19:S19,0)))*(1+(IF('MAIN-INTERFACE'!$D$2=\"No\",0,'MAIN-INTERFACE'!$D$8)))^MATRIX2!I19,Table_Provincial_GTAC35378[[#This Row],[Adj.AnnualRental]])*(1+(IF('MAIN-INTERFACE'!$D$2=\"No\",Table_Provincial_GTAC35378[[#This Row],[TnTEscalation]],'MAIN-INTERFACE'!$G$2)))^(IF((COUNTIF(MATRIX2!M19:S19,\">0\")-1)<0,0,COUNTIF(MATRIX2!M19:S19,\">0\"))))))","v":1402668.3794062913},{"$f":"SUM(Table_Provincial_GTAC35378[[#This Row],[FY 2018/19]:[FY 2023/24]])","v":7805167.1488225721}]
[{"$f":"Table_Provincial_GTAC3536[[#This Row],[SystemID]]","v":20},{"$f":"VLOOKUP($A20,DATA2!$A$2:$S$607,2,FALSE)","v":"KZN"},{"$f":"VLOOKUP($A20,DATA2!$A$2:$S$607,3,FALSE)","v":"KwaZulu-Natal"},{"$f":"VLOOKUP($A20,DATA2!$A$2:$S$607,4,FALSE)","v":110.1924023668639},{"$f":"VLOOKUP($A20,DATA2!$A$2:$S$607,5,FALSE)","v":77.5},{"$f":"VLOOKUP($A20,DATA2!$A$2:$S$607,6,FALSE)","v":"VTSD"},{"$f":"VLOOKUP($A20,DATA2!$A$2:$S$607,7,FALSE)","v":422.5},{"$f":"VLOOKUP($A20,DATA2!$A$2:$S$607,8,FALSE)","v":true},{"$f":"VLOOKUP($A20,DATA2!$A$2:$S$607,9,FALSE)","v":7.0000000000000007E-2},{"$f":"VLOOKUP($A20,DATA2!$A$2:$S$607,10,FALSE)","v":46556.29},{"$f":"VLOOKUP($A20,DATA2!$A$2:$S$607,11,FALSE)","v":558675.48},{"$f":"Table_Provincial_GTAC35378[[#This Row],[Benchmark]]*Table_Provincial_GTAC35378[[#This Row],[ExtentM2]]*12","v":392925},{"$f":"VLOOKUP($A20,DATA2!$A$2:$S$607,12,FALSE)","v":"2015-05-01"},{"$f":"VLOOKUP($A20,DATA2!$A$2:$S$607,13,FALSE)","v":"2016-09-30"},{"$f":"VLOOKUP($A20,DATA2!$A$2:$S$607,14,FALSE)","v":"Yes"},{"$f":"IF(MATRIX2!D20=1,($Y$8-$X$2)/365*Table_Provincial_GTAC35378[[#This Row],[Adj.AnnualRental]]*MATRIX2!D20,($Y$8-$X$2)/365*Table_Provincial_GTAC35378[[#This Row],[Adj.AnnualRental]])","v":-2021946.0522739724},{"$f":"IF('MAIN-INTERFACE'!$D$2=\"No\",(Table_Provincial_GTAC35378[[#This Row],[Adj.AnnualRental]])*(1+Table_Provincial_GTAC35378[[#This Row],[TnTEscalation]])^2,\n    (((MATRIX2!V20*Table_Provincial_GTAC35378[[#This Row],[Adj.AnnualRental]])*(1+Table_Provincial_GTAC35378[[#This Row],[TnTEscalation]])^2)+\n       (MATRIX2!N20* IF(IF('MAIN-INTERFACE'!$D$2=\"No\",Table_Provincial_GTAC35378[[#This Row],[Adj.AnnualRental]],(Table_Provincial_GTAC35378[[#This Row],[RtmAnnualRental]])*(1+\n                                 (IF('MAIN-INTERFACE'!$D$2=\"No\",0,'MAIN-INTERFACE'!$D$4))^(COUNTIF(MATRIX2!M20:N20,0))))*(1+\n                                 (IF('MAIN-INTERFACE'!$D$2=\"No\",0,'MAIN-INTERFACE'!$D$8)))^2<Table_Provincial_GTAC35378[[#This Row],[Adj.AnnualRental]],(Table_Provincial_GTAC35378[[#This Row],[RtmAnnualRental]])*(1+\n\n                                 (IF('MAIN-INTERFACE'!$D$2=\"No\",0,'MAIN-INTERFACE'!$D$4))^(COUNTIF(MATRIX2!M20:N20,0)))*(1+\n                                 (IF('MAIN-INTERFACE'!$D$2=\"No\",0,'MAIN-INTERFACE'!$D$8)))^MATRIX2!D20,Table_Provincial_GTAC35378[[#This Row],[Adj.AnnualRental]])*(1+\n\n                                (IF('MAIN-INTERFACE'!$D$2=\"No\",Table_Provincial_GTAC35378[[#This Row],[TnTEscalation]],'MAIN-INTERFACE'!$G$2)))^\n                                 (IF((COUNTIF(MATRIX2!M20:N20,\">0\")-1)<0,0,COUNTIF(MATRIX2!M20:N20,\">0\"))))))","v":539458.85352599993},{"$f":"IF('MAIN-INTERFACE'!$D$2=\"No\",(Table_Provincial_GTAC35378[[#This Row],[Adj.AnnualRental]])*(1+Table_Provincial_GTAC35378[[#This Row],[TnTEscalation]])^3,(((MATRIX2!W20*Table_Provincial_GTAC35378[[#This Row],[Adj.AnnualRental]])*(1+Table_Provincial_GTAC35378[[#This Row],[TnTEscalation]])^3)+(MATRIX2!O20*IF(IF('MAIN-INTERFACE'!$D$2=\"No\",Table_Provincial_GTAC35378[[#This Row],[Adj.AnnualRental]],(Table_Provincial_GTAC35378[[#This Row],[RtmAnnualRental]])*(1+(IF('MAIN-INTERFACE'!$D$2=\"No\",0,'MAIN-INTERFACE'!$D$4))^(COUNTIF(MATRIX2!M20:O20,0))))*(1+(IF('MAIN-INTERFACE'!$D$2=\"No\",0,'MAIN-INTERFACE'!$D$8)))^3<Table_Provincial_GTAC35378[[#This Row],[Adj.AnnualRental]],(Table_Provincial_GTAC35378[[#This Row],[RtmAnnualRental]])*(1+(IF('MAIN-INTERFACE'!$D$2=\"No\",0,'MAIN-INTERFACE'!$D$4))^(COUNTIF(MATRIX2!M20:O20,0)))*(1+(IF('MAIN-INTERFACE'!$D$2=\"No\",0,'MAIN-INTERFACE'!$D$8)))^MATRIX2!E20,Table_Provincial_GTAC35378[[#This Row],[Adj.AnnualRental]])*(1+(IF('MAIN-INTERFACE'!$D$2=\"No\",Table_Provincial_GTAC35378[[#This Row],[TnTEscalation]],'MAIN-INTERFACE'!$G$2)))^(IF((COUNTIF(MATRIX2!M20:O20,\">0\")-1)<0,0,COUNTIF(MATRIX2!M20:O20,\">0\"))))))","v":472236.91124999995},{"$f":"IF('MAIN-INTERFACE'!$D$2=\"No\",(Table_Provincial_GTAC35378[[#This Row],[Adj.AnnualRental]])*(1+Table_Provincial_GTAC35378[[#This Row],[TnTEscalation]])^4,((((MATRIX2!X20*Table_Provincial_GTAC35378[[#This Row],[Adj.AnnualRental]])*(1+Table_Provincial_GTAC35378[[#This Row],[TnTEscalation]])^4)+(MATRIX2!P20*IF(IF('MAIN-INTERFACE'!$D$2=\"No\",Table_Provincial_GTAC35378[[#This Row],[Adj.AnnualRental]],(Table_Provincial_GTAC35378[[#This Row],[RtmAnnualRental]])*(1+(IF('MAIN-INTERFACE'!$D$2=\"No\",0,'MAIN-INTERFACE'!$D$4))^(COUNTIF(MATRIX2!M20:P20,0))))*(1+(IF('MAIN-INTERFACE'!$D$2=\"No\",0,'MAIN-INTERFACE'!$D$8)))^4<Table_Provincial_GTAC35378[[#This Row],[Adj.AnnualRental]],(Table_Provincial_GTAC35378[[#This Row],[RtmAnnualRental]])*(1+(IF('MAIN-INTERFACE'!$D$2=\"No\",0,'MAIN-INTERFACE'!$D$4))^(COUNTIF(MATRIX2!M20:P20,0)))*(1+(IF('MAIN-INTERFACE'!$D$2=\"No\",0,'MAIN-INTERFACE'!$D$8)))^MATRIX2!F20,Table_Provincial_GTAC35378[[#This Row],[Adj.AnnualRental]])*(1+(IF('MAIN-INTERFACE'!$D$2=\"No\",Table_Provincial_GTAC35378[[#This Row],[TnTEscalation]],'MAIN-INTERFACE'!$G$2)))^(IF((COUNTIF(MATRIX2!M20:P20,\">0\")-1)<0,0,COUNTIF(MATRIX2!M20:P20,\">0\")))))))","v":507654.67959374993},{"$f":"IF('MAIN-INTERFACE'!$D$2=\"No\",(Table_Provincial_GTAC35378[[#This Row],[Adj.AnnualRental]])*(1+Table_Provincial_GTAC35378[[#This Row],[TnTEscalation]])^5,(((MATRIX2!Y20*Table_Provincial_GTAC35378[[#This Row],[Adj.AnnualRental]])*(1+Table_Provincial_GTAC35378[[#This Row],[TnTEscalation]])^5)+(MATRIX2!Q20*IF(IF('MAIN-INTERFACE'!$D$2=\"No\",Table_Provincial_GTAC35378[[#This Row],[Adj.AnnualRental]],(Table_Provincial_GTAC35378[[#This Row],[RtmAnnualRental]])*(1+(IF('MAIN-INTERFACE'!$D$2=\"No\",0,'MAIN-INTERFACE'!$D$4))^(COUNTIF(MATRIX2!M20:Q20,0))))*(1+(IF('MAIN-INTERFACE'!$D$2=\"No\",0,'MAIN-INTERFACE'!$D$8)))^5<Table_Provincial_GTAC35378[[#This Row],[Adj.AnnualRental]],(Table_Provincial_GTAC35378[[#This Row],[RtmAnnualRental]])*(1+(IF('MAIN-INTERFACE'!$D$2=\"No\",0,'MAIN-INTERFACE'!$D$4))^(COUNTIF(MATRIX2!M20:Q20,0)))*(1+(IF('MAIN-INTERFACE'!$D$2=\"No\",0,'MAIN-INTERFACE'!$D$8)))^MATRIX2!G20,Table_Provincial_GTAC35378[[#This Row],[Adj.AnnualRental]])*(1+(IF('MAIN-INTERFACE'!$D$2=\"No\",Table_Provincial_GTAC35378[[#This Row],[TnTEscalation]],'MAIN-INTERFACE'!$G$2)))^(IF((COUNTIF(MATRIX2!M20:Q20,\">0\")-1)<0,0,COUNTIF(MATRIX2!M20:Q20,\">0\"))))))","v":545728.78056328115},{"$f":"IF('MAIN-INTERFACE'!$D$2=\"No\",(Table_Provincial_GTAC35378[[#This Row],[Adj.AnnualRental]])*(1+Table_Provincial_GTAC35378[[#This Row],[TnTEscalation]])^6,(((MATRIX2!Z20*Table_Provincial_GTAC35378[[#This Row],[Adj.AnnualRental]])*(1+Table_Provincial_GTAC35378[[#This Row],[TnTEscalation]])^6)+(MATRIX2!R20*IF(IF('MAIN-INTERFACE'!$D$2=\"No\",Table_Provincial_GTAC35378[[#This Row],[Adj.AnnualRental]],(Table_Provincial_GTAC35378[[#This Row],[RtmAnnualRental]])*(1+(IF('MAIN-INTERFACE'!$D$2=\"No\",0,'MAIN-INTERFACE'!$D$4))^(COUNTIF(MATRIX2!M20:R20,0))))*(1+(IF('MAIN-INTERFACE'!$D$2=\"No\",0,'MAIN-INTERFACE'!$D$8)))^6<Table_Provincial_GTAC35378[[#This Row],[Adj.AnnualRental]],(Table_Provincial_GTAC35378[[#This Row],[RtmAnnualRental]])*(1+(IF('MAIN-INTERFACE'!$D$2=\"No\",0,'MAIN-INTERFACE'!$D$4))^(COUNTIF(MATRIX2!M20:R20,0)))*(1+(IF('MAIN-INTERFACE'!$D$2=\"No\",0,'MAIN-INTERFACE'!$D$8)))^MATRIX2!H20,Table_Provincial_GTAC35378[[#This Row],[Adj.AnnualRental]])*(1+(IF('MAIN-INTERFACE'!$D$2=\"No\",Table_Provincial_GTAC35378[[#This Row],[TnTEscalation]],'MAIN-INTERFACE'!$G$2)))^(IF((COUNTIF(MATRIX2!M20:R20,\">0\")-1)<0,0,COUNTIF(MATRIX2!M20:R20,\">0\"))))))","v":586658.43910552724},{"$f":"IF('MAIN-INTERFACE'!$D$2=\"No\",(Table_Provincial_GTAC35378[[#This Row],[Adj.AnnualRental]])*(1+Table_Provincial_GTAC35378[[#This Row],[TnTEscalation]])^7,(((MATRIX2!AA20*Table_Provincial_GTAC35378[[#This Row],[Adj.AnnualRental]])*(1+Table_Provincial_GTAC35378[[#This Row],[TnTEscalation]])^7)+(MATRIX2!S20*IF(IF('MAIN-INTERFACE'!$D$2=\"No\",Table_Provincial_GTAC35378[[#This Row],[Adj.AnnualRental]],(Table_Provincial_GTAC35378[[#This Row],[RtmAnnualRental]])*(1+(IF('MAIN-INTERFACE'!$D$2=\"No\",0,'MAIN-INTERFACE'!$D$4))^(COUNTIF(MATRIX2!M20:S20,0))))*(1+(IF('MAIN-INTERFACE'!$D$2=\"No\",0,'MAIN-INTERFACE'!$D$8)))^7<Table_Provincial_GTAC35378[[#This Row],[Adj.AnnualRental]],(Table_Provincial_GTAC35378[[#This Row],[RtmAnnualRental]])*(1+(IF('MAIN-INTERFACE'!$D$2=\"No\",0,'MAIN-INTERFACE'!$D$4))^(COUNTIF(MATRIX2!M20:S20,0)))*(1+(IF('MAIN-INTERFACE'!$D$2=\"No\",0,'MAIN-INTERFACE'!$D$8)))^MATRIX2!I20,Table_Provincial_GTAC35378[[#This Row],[Adj.AnnualRental]])*(1+(IF('MAIN-INTERFACE'!$D$2=\"No\",Table_Provincial_GTAC35378[[#This Row],[TnTEscalation]],'MAIN-INTERFACE'!$G$2)))^(IF((COUNTIF(MATRIX2!M20:S20,\">0\")-1)<0,0,COUNTIF(MATRIX2!M20:S20,\">0\"))))))","v":630657.82203844178},{"$f":"SUM(Table_Provincial_GTAC35378[[#This Row],[FY 2018/19]:[FY 2023/24]])","v":3282395.4860769999}]
[{"$f":"Table_Provincial_GTAC3536[[#This Row],[SystemID]]","v":21},{"$f":"VLOOKUP($A21,DATA2!$A$2:$S$607,2,FALSE)","v":"KZN"},{"$f":"VLOOKUP($A21,DATA2!$A$2:$S$607,3,FALSE)","v":"KwaZulu-Natal"},{"$f":"VLOOKUP($A21,DATA2!$A$2:$S$607,4,FALSE)","v":138.28843179309607},{"$f":"VLOOKUP($A21,DATA2!$A$2:$S$607,5,FALSE)","v":87.5},{"$f":"VLOOKUP($A21,DATA2!$A$2:$S$607,6,FALSE)","v":"MAIN CENTRE"},{"$f":"VLOOKUP($A21,DATA2!$A$2:$S$607,7,FALSE)","v":2708.89},{"$f":"VLOOKUP($A21,DATA2!$A$2:$S$607,8,FALSE)","v":true},{"$f":"VLOOKUP($A21,DATA2!$A$2:$S$607,9,FALSE)","v":0.08},{"$f":"VLOOKUP($A21,DATA2!$A$2:$S$607,10,FALSE)","v":374608.15},{"$f":"VLOOKUP($A21,DATA2!$A$2:$S$607,11,FALSE)","v":4495297.8},{"$f":"Table_Provincial_GTAC35378[[#This Row],[Benchmark]]*Table_Provincial_GTAC35378[[#This Row],[ExtentM2]]*12","v":2844334.5},{"$f":"VLOOKUP($A21,DATA2!$A$2:$S$607,12,FALSE)","v":"2016-06-01"},{"$f":"VLOOKUP($A21,DATA2!$A$2:$S$607,13,FALSE)","v":"2017-11-30"},{"$f":"VLOOKUP($A21,DATA2!$A$2:$S$607,14,FALSE)","v":"No"},{"$f":"IF(MATRIX2!D21=1,($Y$8-$X$2)/365*Table_Provincial_GTAC35378[[#This Row],[Adj.AnnualRental]]*MATRIX2!D21,($Y$8-$X$2)/365*Table_Provincial_GTAC35378[[#This Row],[Adj.AnnualRental]])","v":-16269283.27068493},{"$f":"IF('MAIN-INTERFACE'!$D$2=\"No\",(Table_Provincial_GTAC35378[[#This Row],[Adj.AnnualRental]])*(1+Table_Provincial_GTAC35378[[#This Row],[TnTEscalation]])^2,\n    (((MATRIX2!V21*Table_Provincial_GTAC35378[[#This Row],[Adj.AnnualRental]])*(1+Table_Provincial_GTAC35378[[#This Row],[TnTEscalation]])^2)+\n       (MATRIX2!N21* IF(IF('MAIN-INTERFACE'!$D$2=\"No\",Table_Provincial_GTAC35378[[#This Row],[Adj.AnnualRental]],(Table_Provincial_GTAC35378[[#This Row],[RtmAnnualRental]])*(1+\n                                 (IF('MAIN-INTERFACE'!$D$2=\"No\",0,'MAIN-INTERFACE'!$D$4))^(COUNTIF(MATRIX2!M21:N21,0))))*(1+\n                                 (IF('MAIN-INTERFACE'!$D$2=\"No\",0,'MAIN-INTERFACE'!$D$8)))^2<Table_Provincial_GTAC35378[[#This Row],[Adj.AnnualRental]],(Table_Provincial_GTAC35378[[#This Row],[RtmAnnualRental]])*(1+\n\n                                 (IF('MAIN-INTERFACE'!$D$2=\"No\",0,'MAIN-INTERFACE'!$D$4))^(COUNTIF(MATRIX2!M21:N21,0)))*(1+\n                                 (IF('MAIN-INTERFACE'!$D$2=\"No\",0,'MAIN-INTERFACE'!$D$8)))^MATRIX2!D21,Table_Provincial_GTAC35378[[#This Row],[Adj.AnnualRental]])*(1+\n\n                                (IF('MAIN-INTERFACE'!$D$2=\"No\",Table_Provincial_GTAC35378[[#This Row],[TnTEscalation]],'MAIN-INTERFACE'!$G$2)))^\n                                 (IF((COUNTIF(MATRIX2!M21:N21,\">0\")-1)<0,0,COUNTIF(MATRIX2!M21:N21,\">0\"))))))","v":3521973.1974839997},{"$f":"IF('MAIN-INTERFACE'!$D$2=\"No\",(Table_Provincial_GTAC35378[[#This Row],[Adj.AnnualRental]])*(1+Table_Provincial_GTAC35378[[#This Row],[TnTEscalation]])^3,(((MATRIX2!W21*Table_Provincial_GTAC35378[[#This Row],[Adj.AnnualRental]])*(1+Table_Provincial_GTAC35378[[#This Row],[TnTEscalation]])^3)+(MATRIX2!O21*IF(IF('MAIN-INTERFACE'!$D$2=\"No\",Table_Provincial_GTAC35378[[#This Row],[Adj.AnnualRental]],(Table_Provincial_GTAC35378[[#This Row],[RtmAnnualRental]])*(1+(IF('MAIN-INTERFACE'!$D$2=\"No\",0,'MAIN-INTERFACE'!$D$4))^(COUNTIF(MATRIX2!M21:O21,0))))*(1+(IF('MAIN-INTERFACE'!$D$2=\"No\",0,'MAIN-INTERFACE'!$D$8)))^3<Table_Provincial_GTAC35378[[#This Row],[Adj.AnnualRental]],(Table_Provincial_GTAC35378[[#This Row],[RtmAnnualRental]])*(1+(IF('MAIN-INTERFACE'!$D$2=\"No\",0,'MAIN-INTERFACE'!$D$4))^(COUNTIF(MATRIX2!M21:O21,0)))*(1+(IF('MAIN-INTERFACE'!$D$2=\"No\",0,'MAIN-INTERFACE'!$D$8)))^MATRIX2!E21,Table_Provincial_GTAC35378[[#This Row],[Adj.AnnualRental]])*(1+(IF('MAIN-INTERFACE'!$D$2=\"No\",Table_Provincial_GTAC35378[[#This Row],[TnTEscalation]],'MAIN-INTERFACE'!$G$2)))^(IF((COUNTIF(MATRIX2!M21:O21,\">0\")-1)<0,0,COUNTIF(MATRIX2!M21:O21,\">0\"))))))","v":3418463.4188249996},{"$f":"IF('MAIN-INTERFACE'!$D$2=\"No\",(Table_Provincial_GTAC35378[[#This Row],[Adj.AnnualRental]])*(1+Table_Provincial_GTAC35378[[#This Row],[TnTEscalation]])^4,((((MATRIX2!X21*Table_Provincial_GTAC35378[[#This Row],[Adj.AnnualRental]])*(1+Table_Provincial_GTAC35378[[#This Row],[TnTEscalation]])^4)+(MATRIX2!P21*IF(IF('MAIN-INTERFACE'!$D$2=\"No\",Table_Provincial_GTAC35378[[#This Row],[Adj.AnnualRental]],(Table_Provincial_GTAC35378[[#This Row],[RtmAnnualRental]])*(1+(IF('MAIN-INTERFACE'!$D$2=\"No\",0,'MAIN-INTERFACE'!$D$4))^(COUNTIF(MATRIX2!M21:P21,0))))*(1+(IF('MAIN-INTERFACE'!$D$2=\"No\",0,'MAIN-INTERFACE'!$D$8)))^4<Table_Provincial_GTAC35378[[#This Row],[Adj.AnnualRental]],(Table_Provincial_GTAC35378[[#This Row],[RtmAnnualRental]])*(1+(IF('MAIN-INTERFACE'!$D$2=\"No\",0,'MAIN-INTERFACE'!$D$4))^(COUNTIF(MATRIX2!M21:P21,0)))*(1+(IF('MAIN-INTERFACE'!$D$2=\"No\",0,'MAIN-INTERFACE'!$D$8)))^MATRIX2!F21,Table_Provincial_GTAC35378[[#This Row],[Adj.AnnualRental]])*(1+(IF('MAIN-INTERFACE'!$D$2=\"No\",Table_Provincial_GTAC35378[[#This Row],[TnTEscalation]],'MAIN-INTERFACE'!$G$2)))^(IF((COUNTIF(MATRIX2!M21:P21,\">0\")-1)<0,0,COUNTIF(MATRIX2!M21:P21,\">0\")))))))","v":3674848.1752368743},{"$f":"IF('MAIN-INTERFACE'!$D$2=\"No\",(Table_Provincial_GTAC35378[[#This Row],[Adj.AnnualRental]])*(1+Table_Provincial_GTAC35378[[#This Row],[TnTEscalation]])^5,(((MATRIX2!Y21*Table_Provincial_GTAC35378[[#This Row],[Adj.AnnualRental]])*(1+Table_Provincial_GTAC35378[[#This Row],[TnTEscalation]])^5)+(MATRIX2!Q21*IF(IF('MAIN-INTERFACE'!$D$2=\"No\",Table_Provincial_GTAC35378[[#This Row],[Adj.AnnualRental]],(Table_Provincial_GTAC35378[[#This Row],[RtmAnnualRental]])*(1+(IF('MAIN-INTERFACE'!$D$2=\"No\",0,'MAIN-INTERFACE'!$D$4))^(COUNTIF(MATRIX2!M21:Q21,0))))*(1+(IF('MAIN-INTERFACE'!$D$2=\"No\",0,'MAIN-INTERFACE'!$D$8)))^5<Table_Provincial_GTAC35378[[#This Row],[Adj.AnnualRental]],(Table_Provincial_GTAC35378[[#This Row],[RtmAnnualRental]])*(1+(IF('MAIN-INTERFACE'!$D$2=\"No\",0,'MAIN-INTERFACE'!$D$4))^(COUNTIF(MATRIX2!M21:Q21,0)))*(1+(IF('MAIN-INTERFACE'!$D$2=\"No\",0,'MAIN-INTERFACE'!$D$8)))^MATRIX2!G21,Table_Provincial_GTAC35378[[#This Row],[Adj.AnnualRental]])*(1+(IF('MAIN-INTERFACE'!$D$2=\"No\",Table_Provincial_GTAC35378[[#This Row],[TnTEscalation]],'MAIN-INTERFACE'!$G$2)))^(IF((COUNTIF(MATRIX2!M21:Q21,\">0\")-1)<0,0,COUNTIF(MATRIX2!M21:Q21,\">0\"))))))","v":3950461.7883796403},{"$f":"IF('MAIN-INTERFACE'!$D$2=\"No\",(Table_Provincial_GTAC35378[[#This Row],[Adj.AnnualRental]])*(1+Table_Provincial_GTAC35378[[#This Row],[TnTEscalation]])^6,(((MATRIX2!Z21*Table_Provincial_GTAC35378[[#This Row],[Adj.AnnualRental]])*(1+Table_Provincial_GTAC35378[[#This Row],[TnTEscalation]])^6)+(MATRIX2!R21*IF(IF('MAIN-INTERFACE'!$D$2=\"No\",Table_Provincial_GTAC35378[[#This Row],[Adj.AnnualRental]],(Table_Provincial_GTAC35378[[#This Row],[RtmAnnualRental]])*(1+(IF('MAIN-INTERFACE'!$D$2=\"No\",0,'MAIN-INTERFACE'!$D$4))^(COUNTIF(MATRIX2!M21:R21,0))))*(1+(IF('MAIN-INTERFACE'!$D$2=\"No\",0,'MAIN-INTERFACE'!$D$8)))^6<Table_Provincial_GTAC35378[[#This Row],[Adj.AnnualRental]],(Table_Provincial_GTAC35378[[#This Row],[RtmAnnualRental]])*(1+(IF('MAIN-INTERFACE'!$D$2=\"No\",0,'MAIN-INTERFACE'!$D$4))^(COUNTIF(MATRIX2!M21:R21,0)))*(1+(IF('MAIN-INTERFACE'!$D$2=\"No\",0,'MAIN-INTERFACE'!$D$8)))^MATRIX2!H21,Table_Provincial_GTAC35378[[#This Row],[Adj.AnnualRental]])*(1+(IF('MAIN-INTERFACE'!$D$2=\"No\",Table_Provincial_GTAC35378[[#This Row],[TnTEscalation]],'MAIN-INTERFACE'!$G$2)))^(IF((COUNTIF(MATRIX2!M21:R21,\">0\")-1)<0,0,COUNTIF(MATRIX2!M21:R21,\">0\"))))))","v":4246746.4225081131},{"$f":"IF('MAIN-INTERFACE'!$D$2=\"No\",(Table_Provincial_GTAC35378[[#This Row],[Adj.AnnualRental]])*(1+Table_Provincial_GTAC35378[[#This Row],[TnTEscalation]])^7,(((MATRIX2!AA21*Table_Provincial_GTAC35378[[#This Row],[Adj.AnnualRental]])*(1+Table_Provincial_GTAC35378[[#This Row],[TnTEscalation]])^7)+(MATRIX2!S21*IF(IF('MAIN-INTERFACE'!$D$2=\"No\",Table_Provincial_GTAC35378[[#This Row],[Adj.AnnualRental]],(Table_Provincial_GTAC35378[[#This Row],[RtmAnnualRental]])*(1+(IF('MAIN-INTERFACE'!$D$2=\"No\",0,'MAIN-INTERFACE'!$D$4))^(COUNTIF(MATRIX2!M21:S21,0))))*(1+(IF('MAIN-INTERFACE'!$D$2=\"No\",0,'MAIN-INTERFACE'!$D$8)))^7<Table_Provincial_GTAC35378[[#This Row],[Adj.AnnualRental]],(Table_Provincial_GTAC35378[[#This Row],[RtmAnnualRental]])*(1+(IF('MAIN-INTERFACE'!$D$2=\"No\",0,'MAIN-INTERFACE'!$D$4))^(COUNTIF(MATRIX2!M21:S21,0)))*(1+(IF('MAIN-INTERFACE'!$D$2=\"No\",0,'MAIN-INTERFACE'!$D$8)))^MATRIX2!I21,Table_Provincial_GTAC35378[[#This Row],[Adj.AnnualRental]])*(1+(IF('MAIN-INTERFACE'!$D$2=\"No\",Table_Provincial_GTAC35378[[#This Row],[TnTEscalation]],'MAIN-INTERFACE'!$G$2)))^(IF((COUNTIF(MATRIX2!M21:S21,\">0\")-1)<0,0,COUNTIF(MATRIX2!M21:S21,\">0\"))))))","v":4565252.4041962214},{"$f":"SUM(Table_Provincial_GTAC35378[[#This Row],[FY 2018/19]:[FY 2023/24]])","v":23377745.406629849}]
[{"$f":"Table_Provincial_GTAC3536[[#This Row],[SystemID]]","v":22},{"$f":"VLOOKUP($A22,DATA2!$A$2:$S$607,2,FALSE)","v":"KZN"},{"$f":"VLOOKUP($A22,DATA2!$A$2:$S$607,3,FALSE)","v":"KwaZulu-Natal"},{"$f":"VLOOKUP($A22,DATA2!$A$2:$S$607,4,FALSE)","v":134.16385057471265},{"$f":"VLOOKUP($A22,DATA2!$A$2:$S$607,5,FALSE)","v":65},{"$f":"VLOOKUP($A22,DATA2!$A$2:$S$607,6,FALSE)","v":"CBD"},{"$f":"VLOOKUP($A22,DATA2!$A$2:$S$607,7,FALSE)","v":1218},{"$f":"VLOOKUP($A22,DATA2!$A$2:$S$607,8,FALSE)","v":true},{"$f":"VLOOKUP($A22,DATA2!$A$2:$S$607,9,FALSE)","v":0},{"$f":"VLOOKUP($A22,DATA2!$A$2:$S$607,10,FALSE)","v":163411.57},{"$f":"VLOOKUP($A22,DATA2!$A$2:$S$607,11,FALSE)","v":1960938.84},{"$f":"Table_Provincial_GTAC35378[[#This Row],[Benchmark]]*Table_Provincial_GTAC35378[[#This Row],[ExtentM2]]*12","v":950040},{"$f":"VLOOKUP($A22,DATA2!$A$2:$S$607,12,FALSE)","v":"2015-12-01"},{"$f":"VLOOKUP($A22,DATA2!$A$2:$S$607,13,FALSE)","v":"2016-11-30"},{"$f":"VLOOKUP($A22,DATA2!$A$2:$S$607,14,FALSE)","v":"Yes"},{"$f":"IF(MATRIX2!D22=1,($Y$8-$X$2)/365*Table_Provincial_GTAC35378[[#This Row],[Adj.AnnualRental]]*MATRIX2!D22,($Y$8-$X$2)/365*Table_Provincial_GTAC35378[[#This Row],[Adj.AnnualRental]])","v":-7096986.8702465752},{"$f":"IF('MAIN-INTERFACE'!$D$2=\"No\",(Table_Provincial_GTAC35378[[#This Row],[Adj.AnnualRental]])*(1+Table_Provincial_GTAC35378[[#This Row],[TnTEscalation]])^2,\n    (((MATRIX2!V22*Table_Provincial_GTAC35378[[#This Row],[Adj.AnnualRental]])*(1+Table_Provincial_GTAC35378[[#This Row],[TnTEscalation]])^2)+\n       (MATRIX2!N22* IF(IF('MAIN-INTERFACE'!$D$2=\"No\",Table_Provincial_GTAC35378[[#This Row],[Adj.AnnualRental]],(Table_Provincial_GTAC35378[[#This Row],[RtmAnnualRental]])*(1+\n                                 (IF('MAIN-INTERFACE'!$D$2=\"No\",0,'MAIN-INTERFACE'!$D$4))^(COUNTIF(MATRIX2!M22:N22,0))))*(1+\n                                 (IF('MAIN-INTERFACE'!$D$2=\"No\",0,'MAIN-INTERFACE'!$D$8)))^2<Table_Provincial_GTAC35378[[#This Row],[Adj.AnnualRental]],(Table_Provincial_GTAC35378[[#This Row],[RtmAnnualRental]])*(1+\n\n                                 (IF('MAIN-INTERFACE'!$D$2=\"No\",0,'MAIN-INTERFACE'!$D$4))^(COUNTIF(MATRIX2!M22:N22,0)))*(1+\n                                 (IF('MAIN-INTERFACE'!$D$2=\"No\",0,'MAIN-INTERFACE'!$D$8)))^MATRIX2!D22,Table_Provincial_GTAC35378[[#This Row],[Adj.AnnualRental]])*(1+\n\n                                (IF('MAIN-INTERFACE'!$D$2=\"No\",Table_Provincial_GTAC35378[[#This Row],[TnTEscalation]],'MAIN-INTERFACE'!$G$2)))^\n                                 (IF((COUNTIF(MATRIX2!M22:N22,\">0\")-1)<0,0,COUNTIF(MATRIX2!M22:N22,\">0\"))))))","v":1511541.78},{"$f":"IF('MAIN-INTERFACE'!$D$2=\"No\",(Table_Provincial_GTAC35378[[#This Row],[Adj.AnnualRental]])*(1+Table_Provincial_GTAC35378[[#This Row],[TnTEscalation]])^3,(((MATRIX2!W22*Table_Provincial_GTAC35378[[#This Row],[Adj.AnnualRental]])*(1+Table_Provincial_GTAC35378[[#This Row],[TnTEscalation]])^3)+(MATRIX2!O22*IF(IF('MAIN-INTERFACE'!$D$2=\"No\",Table_Provincial_GTAC35378[[#This Row],[Adj.AnnualRental]],(Table_Provincial_GTAC35378[[#This Row],[RtmAnnualRental]])*(1+(IF('MAIN-INTERFACE'!$D$2=\"No\",0,'MAIN-INTERFACE'!$D$4))^(COUNTIF(MATRIX2!M22:O22,0))))*(1+(IF('MAIN-INTERFACE'!$D$2=\"No\",0,'MAIN-INTERFACE'!$D$8)))^3<Table_Provincial_GTAC35378[[#This Row],[Adj.AnnualRental]],(Table_Provincial_GTAC35378[[#This Row],[RtmAnnualRental]])*(1+(IF('MAIN-INTERFACE'!$D$2=\"No\",0,'MAIN-INTERFACE'!$D$4))^(COUNTIF(MATRIX2!M22:O22,0)))*(1+(IF('MAIN-INTERFACE'!$D$2=\"No\",0,'MAIN-INTERFACE'!$D$8)))^MATRIX2!E22,Table_Provincial_GTAC35378[[#This Row],[Adj.AnnualRental]])*(1+(IF('MAIN-INTERFACE'!$D$2=\"No\",Table_Provincial_GTAC35378[[#This Row],[TnTEscalation]],'MAIN-INTERFACE'!$G$2)))^(IF((COUNTIF(MATRIX2!M22:O22,\">0\")-1)<0,0,COUNTIF(MATRIX2!M22:O22,\">0\"))))))","v":1141805.5739999998},{"$f":"IF('MAIN-INTERFACE'!$D$2=\"No\",(Table_Provincial_GTAC35378[[#This Row],[Adj.AnnualRental]])*(1+Table_Provincial_GTAC35378[[#This Row],[TnTEscalation]])^4,((((MATRIX2!X22*Table_Provincial_GTAC35378[[#This Row],[Adj.AnnualRental]])*(1+Table_Provincial_GTAC35378[[#This Row],[TnTEscalation]])^4)+(MATRIX2!P22*IF(IF('MAIN-INTERFACE'!$D$2=\"No\",Table_Provincial_GTAC35378[[#This Row],[Adj.AnnualRental]],(Table_Provincial_GTAC35378[[#This Row],[RtmAnnualRental]])*(1+(IF('MAIN-INTERFACE'!$D$2=\"No\",0,'MAIN-INTERFACE'!$D$4))^(COUNTIF(MATRIX2!M22:P22,0))))*(1+(IF('MAIN-INTERFACE'!$D$2=\"No\",0,'MAIN-INTERFACE'!$D$8)))^4<Table_Provincial_GTAC35378[[#This Row],[Adj.AnnualRental]],(Table_Provincial_GTAC35378[[#This Row],[RtmAnnualRental]])*(1+(IF('MAIN-INTERFACE'!$D$2=\"No\",0,'MAIN-INTERFACE'!$D$4))^(COUNTIF(MATRIX2!M22:P22,0)))*(1+(IF('MAIN-INTERFACE'!$D$2=\"No\",0,'MAIN-INTERFACE'!$D$8)))^MATRIX2!F22,Table_Provincial_GTAC35378[[#This Row],[Adj.AnnualRental]])*(1+(IF('MAIN-INTERFACE'!$D$2=\"No\",Table_Provincial_GTAC35378[[#This Row],[TnTEscalation]],'MAIN-INTERFACE'!$G$2)))^(IF((COUNTIF(MATRIX2!M22:P22,\">0\")-1)<0,0,COUNTIF(MATRIX2!M22:P22,\">0\")))))))","v":1227440.9920499998},{"$f":"IF('MAIN-INTERFACE'!$D$2=\"No\",(Table_Provincial_GTAC35378[[#This Row],[Adj.AnnualRental]])*(1+Table_Provincial_GTAC35378[[#This Row],[TnTEscalation]])^5,(((MATRIX2!Y22*Table_Provincial_GTAC35378[[#This Row],[Adj.AnnualRental]])*(1+Table_Provincial_GTAC35378[[#This Row],[TnTEscalation]])^5)+(MATRIX2!Q22*IF(IF('MAIN-INTERFACE'!$D$2=\"No\",Table_Provincial_GTAC35378[[#This Row],[Adj.AnnualRental]],(Table_Provincial_GTAC35378[[#This Row],[RtmAnnualRental]])*(1+(IF('MAIN-INTERFACE'!$D$2=\"No\",0,'MAIN-INTERFACE'!$D$4))^(COUNTIF(MATRIX2!M22:Q22,0))))*(1+(IF('MAIN-INTERFACE'!$D$2=\"No\",0,'MAIN-INTERFACE'!$D$8)))^5<Table_Provincial_GTAC35378[[#This Row],[Adj.AnnualRental]],(Table_Provincial_GTAC35378[[#This Row],[RtmAnnualRental]])*(1+(IF('MAIN-INTERFACE'!$D$2=\"No\",0,'MAIN-INTERFACE'!$D$4))^(COUNTIF(MATRIX2!M22:Q22,0)))*(1+(IF('MAIN-INTERFACE'!$D$2=\"No\",0,'MAIN-INTERFACE'!$D$8)))^MATRIX2!G22,Table_Provincial_GTAC35378[[#This Row],[Adj.AnnualRental]])*(1+(IF('MAIN-INTERFACE'!$D$2=\"No\",Table_Provincial_GTAC35378[[#This Row],[TnTEscalation]],'MAIN-INTERFACE'!$G$2)))^(IF((COUNTIF(MATRIX2!M22:Q22,\">0\")-1)<0,0,COUNTIF(MATRIX2!M22:Q22,\">0\"))))))","v":1319499.0664537498},{"$f":"IF('MAIN-INTERFACE'!$D$2=\"No\",(Table_Provincial_GTAC35378[[#This Row],[Adj.AnnualRental]])*(1+Table_Provincial_GTAC35378[[#This Row],[TnTEscalation]])^6,(((MATRIX2!Z22*Table_Provincial_GTAC35378[[#This Row],[Adj.AnnualRental]])*(1+Table_Provincial_GTAC35378[[#This Row],[TnTEscalation]])^6)+(MATRIX2!R22*IF(IF('MAIN-INTERFACE'!$D$2=\"No\",Table_Provincial_GTAC35378[[#This Row],[Adj.AnnualRental]],(Table_Provincial_GTAC35378[[#This Row],[RtmAnnualRental]])*(1+(IF('MAIN-INTERFACE'!$D$2=\"No\",0,'MAIN-INTERFACE'!$D$4))^(COUNTIF(MATRIX2!M22:R22,0))))*(1+(IF('MAIN-INTERFACE'!$D$2=\"No\",0,'MAIN-INTERFACE'!$D$8)))^6<Table_Provincial_GTAC35378[[#This Row],[Adj.AnnualRental]],(Table_Provincial_GTAC35378[[#This Row],[RtmAnnualRental]])*(1+(IF('MAIN-INTERFACE'!$D$2=\"No\",0,'MAIN-INTERFACE'!$D$4))^(COUNTIF(MATRIX2!M22:R22,0)))*(1+(IF('MAIN-INTERFACE'!$D$2=\"No\",0,'MAIN-INTERFACE'!$D$8)))^MATRIX2!H22,Table_Provincial_GTAC35378[[#This Row],[Adj.AnnualRental]])*(1+(IF('MAIN-INTERFACE'!$D$2=\"No\",Table_Provincial_GTAC35378[[#This Row],[TnTEscalation]],'MAIN-INTERFACE'!$G$2)))^(IF((COUNTIF(MATRIX2!M22:R22,\">0\")-1)<0,0,COUNTIF(MATRIX2!M22:R22,\">0\"))))))","v":1418461.496437781},{"$f":"IF('MAIN-INTERFACE'!$D$2=\"No\",(Table_Provincial_GTAC35378[[#This Row],[Adj.AnnualRental]])*(1+Table_Provincial_GTAC35378[[#This Row],[TnTEscalation]])^7,(((MATRIX2!AA22*Table_Provincial_GTAC35378[[#This Row],[Adj.AnnualRental]])*(1+Table_Provincial_GTAC35378[[#This Row],[TnTEscalation]])^7)+(MATRIX2!S22*IF(IF('MAIN-INTERFACE'!$D$2=\"No\",Table_Provincial_GTAC35378[[#This Row],[Adj.AnnualRental]],(Table_Provincial_GTAC35378[[#This Row],[RtmAnnualRental]])*(1+(IF('MAIN-INTERFACE'!$D$2=\"No\",0,'MAIN-INTERFACE'!$D$4))^(COUNTIF(MATRIX2!M22:S22,0))))*(1+(IF('MAIN-INTERFACE'!$D$2=\"No\",0,'MAIN-INTERFACE'!$D$8)))^7<Table_Provincial_GTAC35378[[#This Row],[Adj.AnnualRental]],(Table_Provincial_GTAC35378[[#This Row],[RtmAnnualRental]])*(1+(IF('MAIN-INTERFACE'!$D$2=\"No\",0,'MAIN-INTERFACE'!$D$4))^(COUNTIF(MATRIX2!M22:S22,0)))*(1+(IF('MAIN-INTERFACE'!$D$2=\"No\",0,'MAIN-INTERFACE'!$D$8)))^MATRIX2!I22,Table_Provincial_GTAC35378[[#This Row],[Adj.AnnualRental]])*(1+(IF('MAIN-INTERFACE'!$D$2=\"No\",Table_Provincial_GTAC35378[[#This Row],[TnTEscalation]],'MAIN-INTERFACE'!$G$2)))^(IF((COUNTIF(MATRIX2!M22:S22,\">0\")-1)<0,0,COUNTIF(MATRIX2!M22:S22,\">0\"))))))","v":1524846.1086706144},{"$f":"SUM(Table_Provincial_GTAC35378[[#This Row],[FY 2018/19]:[FY 2023/24]])","v":8143595.0176121444}]
[{"$f":"Table_Provincial_GTAC3536[[#This Row],[SystemID]]","v":24},{"$f":"VLOOKUP($A23,DATA2!$A$2:$S$607,2,FALSE)","v":"KZN"},{"$f":"VLOOKUP($A23,DATA2!$A$2:$S$607,3,FALSE)","v":"KwaZulu-Natal"},{"$f":"VLOOKUP($A23,DATA2!$A$2:$S$607,4,FALSE)","v":124.47820512820513},{"$f":"VLOOKUP($A23,DATA2!$A$2:$S$607,5,FALSE)","v":77.5},{"$f":"VLOOKUP($A23,DATA2!$A$2:$S$607,6,FALSE)","v":"VTSD"},{"$f":"VLOOKUP($A23,DATA2!$A$2:$S$607,7,FALSE)","v":585},{"$f":"VLOOKUP($A23,DATA2!$A$2:$S$607,8,FALSE)","v":true},{"$f":"VLOOKUP($A23,DATA2!$A$2:$S$607,9,FALSE)","v":0},{"$f":"VLOOKUP($A23,DATA2!$A$2:$S$607,10,FALSE)","v":72819.75},{"$f":"VLOOKUP($A23,DATA2!$A$2:$S$607,11,FALSE)","v":873837},{"$f":"Table_Provincial_GTAC35378[[#This Row],[Benchmark]]*Table_Provincial_GTAC35378[[#This Row],[ExtentM2]]*12","v":544050},{"$f":"VLOOKUP($A23,DATA2!$A$2:$S$607,12,FALSE)","v":"2016-09-01"},{"$f":"VLOOKUP($A23,DATA2!$A$2:$S$607,13,FALSE)","v":"2017-08-31"},{"$f":"VLOOKUP($A23,DATA2!$A$2:$S$607,14,FALSE)","v":"No"},{"$f":"IF(MATRIX2!D23=1,($Y$8-$X$2)/365*Table_Provincial_GTAC35378[[#This Row],[Adj.AnnualRental]]*MATRIX2!D23,($Y$8-$X$2)/365*Table_Provincial_GTAC35378[[#This Row],[Adj.AnnualRental]])","v":-3162571.7178082191},{"$f":"IF('MAIN-INTERFACE'!$D$2=\"No\",(Table_Provincial_GTAC35378[[#This Row],[Adj.AnnualRental]])*(1+Table_Provincial_GTAC35378[[#This Row],[TnTEscalation]])^2,\n    (((MATRIX2!V23*Table_Provincial_GTAC35378[[#This Row],[Adj.AnnualRental]])*(1+Table_Provincial_GTAC35378[[#This Row],[TnTEscalation]])^2)+\n       (MATRIX2!N23* IF(IF('MAIN-INTERFACE'!$D$2=\"No\",Table_Provincial_GTAC35378[[#This Row],[Adj.AnnualRental]],(Table_Provincial_GTAC35378[[#This Row],[RtmAnnualRental]])*(1+\n                                 (IF('MAIN-INTERFACE'!$D$2=\"No\",0,'MAIN-INTERFACE'!$D$4))^(COUNTIF(MATRIX2!M23:N23,0))))*(1+\n                                 (IF('MAIN-INTERFACE'!$D$2=\"No\",0,'MAIN-INTERFACE'!$D$8)))^2<Table_Provincial_GTAC35378[[#This Row],[Adj.AnnualRental]],(Table_Provincial_GTAC35378[[#This Row],[RtmAnnualRental]])*(1+\n\n                                 (IF('MAIN-INTERFACE'!$D$2=\"No\",0,'MAIN-INTERFACE'!$D$4))^(COUNTIF(MATRIX2!M23:N23,0)))*(1+\n                                 (IF('MAIN-INTERFACE'!$D$2=\"No\",0,'MAIN-INTERFACE'!$D$8)))^MATRIX2!D23,Table_Provincial_GTAC35378[[#This Row],[Adj.AnnualRental]])*(1+\n\n                                (IF('MAIN-INTERFACE'!$D$2=\"No\",Table_Provincial_GTAC35378[[#This Row],[TnTEscalation]],'MAIN-INTERFACE'!$G$2)))^\n                                 (IF((COUNTIF(MATRIX2!M23:N23,\">0\")-1)<0,0,COUNTIF(MATRIX2!M23:N23,\">0\"))))))","v":873837},{"$f":"IF('MAIN-INTERFACE'!$D$2=\"No\",(Table_Provincial_GTAC35378[[#This Row],[Adj.AnnualRental]])*(1+Table_Provincial_GTAC35378[[#This Row],[TnTEscalation]])^3,(((MATRIX2!W23*Table_Provincial_GTAC35378[[#This Row],[Adj.AnnualRental]])*(1+Table_Provincial_GTAC35378[[#This Row],[TnTEscalation]])^3)+(MATRIX2!O23*IF(IF('MAIN-INTERFACE'!$D$2=\"No\",Table_Provincial_GTAC35378[[#This Row],[Adj.AnnualRental]],(Table_Provincial_GTAC35378[[#This Row],[RtmAnnualRental]])*(1+(IF('MAIN-INTERFACE'!$D$2=\"No\",0,'MAIN-INTERFACE'!$D$4))^(COUNTIF(MATRIX2!M23:O23,0))))*(1+(IF('MAIN-INTERFACE'!$D$2=\"No\",0,'MAIN-INTERFACE'!$D$8)))^3<Table_Provincial_GTAC35378[[#This Row],[Adj.AnnualRental]],(Table_Provincial_GTAC35378[[#This Row],[RtmAnnualRental]])*(1+(IF('MAIN-INTERFACE'!$D$2=\"No\",0,'MAIN-INTERFACE'!$D$4))^(COUNTIF(MATRIX2!M23:O23,0)))*(1+(IF('MAIN-INTERFACE'!$D$2=\"No\",0,'MAIN-INTERFACE'!$D$8)))^MATRIX2!E23,Table_Provincial_GTAC35378[[#This Row],[Adj.AnnualRental]])*(1+(IF('MAIN-INTERFACE'!$D$2=\"No\",Table_Provincial_GTAC35378[[#This Row],[TnTEscalation]],'MAIN-INTERFACE'!$G$2)))^(IF((COUNTIF(MATRIX2!M23:O23,\">0\")-1)<0,0,COUNTIF(MATRIX2!M23:O23,\">0\"))))))","v":873837},{"$f":"IF('MAIN-INTERFACE'!$D$2=\"No\",(Table_Provincial_GTAC35378[[#This Row],[Adj.AnnualRental]])*(1+Table_Provincial_GTAC35378[[#This Row],[TnTEscalation]])^4,((((MATRIX2!X23*Table_Provincial_GTAC35378[[#This Row],[Adj.AnnualRental]])*(1+Table_Provincial_GTAC35378[[#This Row],[TnTEscalation]])^4)+(MATRIX2!P23*IF(IF('MAIN-INTERFACE'!$D$2=\"No\",Table_Provincial_GTAC35378[[#This Row],[Adj.AnnualRental]],(Table_Provincial_GTAC35378[[#This Row],[RtmAnnualRental]])*(1+(IF('MAIN-INTERFACE'!$D$2=\"No\",0,'MAIN-INTERFACE'!$D$4))^(COUNTIF(MATRIX2!M23:P23,0))))*(1+(IF('MAIN-INTERFACE'!$D$2=\"No\",0,'MAIN-INTERFACE'!$D$8)))^4<Table_Provincial_GTAC35378[[#This Row],[Adj.AnnualRental]],(Table_Provincial_GTAC35378[[#This Row],[RtmAnnualRental]])*(1+(IF('MAIN-INTERFACE'!$D$2=\"No\",0,'MAIN-INTERFACE'!$D$4))^(COUNTIF(MATRIX2!M23:P23,0)))*(1+(IF('MAIN-INTERFACE'!$D$2=\"No\",0,'MAIN-INTERFACE'!$D$8)))^MATRIX2!F23,Table_Provincial_GTAC35378[[#This Row],[Adj.AnnualRental]])*(1+(IF('MAIN-INTERFACE'!$D$2=\"No\",Table_Provincial_GTAC35378[[#This Row],[TnTEscalation]],'MAIN-INTERFACE'!$G$2)))^(IF((COUNTIF(MATRIX2!M23:P23,\">0\")-1)<0,0,COUNTIF(MATRIX2!M23:P23,\">0\")))))))","v":873837},{"$f":"IF('MAIN-INTERFACE'!$D$2=\"No\",(Table_Provincial_GTAC35378[[#This Row],[Adj.AnnualRental]])*(1+Table_Provincial_GTAC35378[[#This Row],[TnTEscalation]])^5,(((MATRIX2!Y23*Table_Provincial_GTAC35378[[#This Row],[Adj.AnnualRental]])*(1+Table_Provincial_GTAC35378[[#This Row],[TnTEscalation]])^5)+(MATRIX2!Q23*IF(IF('MAIN-INTERFACE'!$D$2=\"No\",Table_Provincial_GTAC35378[[#This Row],[Adj.AnnualRental]],(Table_Provincial_GTAC35378[[#This Row],[RtmAnnualRental]])*(1+(IF('MAIN-INTERFACE'!$D$2=\"No\",0,'MAIN-INTERFACE'!$D$4))^(COUNTIF(MATRIX2!M23:Q23,0))))*(1+(IF('MAIN-INTERFACE'!$D$2=\"No\",0,'MAIN-INTERFACE'!$D$8)))^5<Table_Provincial_GTAC35378[[#This Row],[Adj.AnnualRental]],(Table_Provincial_GTAC35378[[#This Row],[RtmAnnualRental]])*(1+(IF('MAIN-INTERFACE'!$D$2=\"No\",0,'MAIN-INTERFACE'!$D$4))^(COUNTIF(MATRIX2!M23:Q23,0)))*(1+(IF('MAIN-INTERFACE'!$D$2=\"No\",0,'MAIN-INTERFACE'!$D$8)))^MATRIX2!G23,Table_Provincial_GTAC35378[[#This Row],[Adj.AnnualRental]])*(1+(IF('MAIN-INTERFACE'!$D$2=\"No\",Table_Provincial_GTAC35378[[#This Row],[TnTEscalation]],'MAIN-INTERFACE'!$G$2)))^(IF((COUNTIF(MATRIX2!M23:Q23,\">0\")-1)<0,0,COUNTIF(MATRIX2!M23:Q23,\">0\"))))))","v":873837},{"$f":"IF('MAIN-INTERFACE'!$D$2=\"No\",(Table_Provincial_GTAC35378[[#This Row],[Adj.AnnualRental]])*(1+Table_Provincial_GTAC35378[[#This Row],[TnTEscalation]])^6,(((MATRIX2!Z23*Table_Provincial_GTAC35378[[#This Row],[Adj.AnnualRental]])*(1+Table_Provincial_GTAC35378[[#This Row],[TnTEscalation]])^6)+(MATRIX2!R23*IF(IF('MAIN-INTERFACE'!$D$2=\"No\",Table_Provincial_GTAC35378[[#This Row],[Adj.AnnualRental]],(Table_Provincial_GTAC35378[[#This Row],[RtmAnnualRental]])*(1+(IF('MAIN-INTERFACE'!$D$2=\"No\",0,'MAIN-INTERFACE'!$D$4))^(COUNTIF(MATRIX2!M23:R23,0))))*(1+(IF('MAIN-INTERFACE'!$D$2=\"No\",0,'MAIN-INTERFACE'!$D$8)))^6<Table_Provincial_GTAC35378[[#This Row],[Adj.AnnualRental]],(Table_Provincial_GTAC35378[[#This Row],[RtmAnnualRental]])*(1+(IF('MAIN-INTERFACE'!$D$2=\"No\",0,'MAIN-INTERFACE'!$D$4))^(COUNTIF(MATRIX2!M23:R23,0)))*(1+(IF('MAIN-INTERFACE'!$D$2=\"No\",0,'MAIN-INTERFACE'!$D$8)))^MATRIX2!H23,Table_Provincial_GTAC35378[[#This Row],[Adj.AnnualRental]])*(1+(IF('MAIN-INTERFACE'!$D$2=\"No\",Table_Provincial_GTAC35378[[#This Row],[TnTEscalation]],'MAIN-INTERFACE'!$G$2)))^(IF((COUNTIF(MATRIX2!M23:R23,\">0\")-1)<0,0,COUNTIF(MATRIX2!M23:R23,\">0\"))))))","v":873837},{"$f":"IF('MAIN-INTERFACE'!$D$2=\"No\",(Table_Provincial_GTAC35378[[#This Row],[Adj.AnnualRental]])*(1+Table_Provincial_GTAC35378[[#This Row],[TnTEscalation]])^7,(((MATRIX2!AA23*Table_Provincial_GTAC35378[[#This Row],[Adj.AnnualRental]])*(1+Table_Provincial_GTAC35378[[#This Row],[TnTEscalation]])^7)+(MATRIX2!S23*IF(IF('MAIN-INTERFACE'!$D$2=\"No\",Table_Provincial_GTAC35378[[#This Row],[Adj.AnnualRental]],(Table_Provincial_GTAC35378[[#This Row],[RtmAnnualRental]])*(1+(IF('MAIN-INTERFACE'!$D$2=\"No\",0,'MAIN-INTERFACE'!$D$4))^(COUNTIF(MATRIX2!M23:S23,0))))*(1+(IF('MAIN-INTERFACE'!$D$2=\"No\",0,'MAIN-INTERFACE'!$D$8)))^7<Table_Provincial_GTAC35378[[#This Row],[Adj.AnnualRental]],(Table_Provincial_GTAC35378[[#This Row],[RtmAnnualRental]])*(1+(IF('MAIN-INTERFACE'!$D$2=\"No\",0,'MAIN-INTERFACE'!$D$4))^(COUNTIF(MATRIX2!M23:S23,0)))*(1+(IF('MAIN-INTERFACE'!$D$2=\"No\",0,'MAIN-INTERFACE'!$D$8)))^MATRIX2!I23,Table_Provincial_GTAC35378[[#This Row],[Adj.AnnualRental]])*(1+(IF('MAIN-INTERFACE'!$D$2=\"No\",Table_Provincial_GTAC35378[[#This Row],[TnTEscalation]],'MAIN-INTERFACE'!$G$2)))^(IF((COUNTIF(MATRIX2!M23:S23,\">0\")-1)<0,0,COUNTIF(MATRIX2!M23:S23,\">0\"))))))","v":873837},{"$f":"SUM(Table_Provincial_GTAC35378[[#This Row],[FY 2018/19]:[FY 2023/24]])","v":5243022}]
[{"$f":"Table_Provincial_GTAC3536[[#This Row],[SystemID]]","v":25},{"$f":"VLOOKUP($A24,DATA2!$A$2:$S$607,2,FALSE)","v":"KZN"},{"$f":"VLOOKUP($A24,DATA2!$A$2:$S$607,3,FALSE)","v":"KwaZulu-Natal"},{"$f":"VLOOKUP($A24,DATA2!$A$2:$S$607,4,FALSE)","v":132.15699481865286},{"$f":"VLOOKUP($A24,DATA2!$A$2:$S$607,5,FALSE)","v":110},{"$f":"VLOOKUP($A24,DATA2!$A$2:$S$607,6,FALSE)","v":"CBD"},{"$f":"VLOOKUP($A24,DATA2!$A$2:$S$607,7,FALSE)","v":1930},{"$f":"VLOOKUP($A24,DATA2!$A$2:$S$607,8,FALSE)","v":true},{"$f":"VLOOKUP($A24,DATA2!$A$2:$S$607,9,FALSE)","v":7.0000000000000007E-2},{"$f":"VLOOKUP($A24,DATA2!$A$2:$S$607,10,FALSE)","v":255063},{"$f":"VLOOKUP($A24,DATA2!$A$2:$S$607,11,FALSE)","v":3060756},{"$f":"Table_Provincial_GTAC35378[[#This Row],[Benchmark]]*Table_Provincial_GTAC35378[[#This Row],[ExtentM2]]*12","v":2547600},{"$f":"VLOOKUP($A24,DATA2!$A$2:$S$607,12,FALSE)","v":"2014-01-15"},{"$f":"VLOOKUP($A24,DATA2!$A$2:$S$607,13,FALSE)","v":"2017-01-14"},{"$f":"VLOOKUP($A24,DATA2!$A$2:$S$607,14,FALSE)","v":"Yes"},{"$f":"IF(MATRIX2!D24=1,($Y$8-$X$2)/365*Table_Provincial_GTAC35378[[#This Row],[Adj.AnnualRental]]*MATRIX2!D24,($Y$8-$X$2)/365*Table_Provincial_GTAC35378[[#This Row],[Adj.AnnualRental]])","v":-11077421.030136986},{"$f":"IF('MAIN-INTERFACE'!$D$2=\"No\",(Table_Provincial_GTAC35378[[#This Row],[Adj.AnnualRental]])*(1+Table_Provincial_GTAC35378[[#This Row],[TnTEscalation]])^2,\n    (((MATRIX2!V24*Table_Provincial_GTAC35378[[#This Row],[Adj.AnnualRental]])*(1+Table_Provincial_GTAC35378[[#This Row],[TnTEscalation]])^2)+\n       (MATRIX2!N24* IF(IF('MAIN-INTERFACE'!$D$2=\"No\",Table_Provincial_GTAC35378[[#This Row],[Adj.AnnualRental]],(Table_Provincial_GTAC35378[[#This Row],[RtmAnnualRental]])*(1+\n                                 (IF('MAIN-INTERFACE'!$D$2=\"No\",0,'MAIN-INTERFACE'!$D$4))^(COUNTIF(MATRIX2!M24:N24,0))))*(1+\n                                 (IF('MAIN-INTERFACE'!$D$2=\"No\",0,'MAIN-INTERFACE'!$D$8)))^2<Table_Provincial_GTAC35378[[#This Row],[Adj.AnnualRental]],(Table_Provincial_GTAC35378[[#This Row],[RtmAnnualRental]])*(1+\n\n                                 (IF('MAIN-INTERFACE'!$D$2=\"No\",0,'MAIN-INTERFACE'!$D$4))^(COUNTIF(MATRIX2!M24:N24,0)))*(1+\n                                 (IF('MAIN-INTERFACE'!$D$2=\"No\",0,'MAIN-INTERFACE'!$D$8)))^MATRIX2!D24,Table_Provincial_GTAC35378[[#This Row],[Adj.AnnualRental]])*(1+\n\n                                (IF('MAIN-INTERFACE'!$D$2=\"No\",Table_Provincial_GTAC35378[[#This Row],[TnTEscalation]],'MAIN-INTERFACE'!$G$2)))^\n                                 (IF((COUNTIF(MATRIX2!M24:N24,\">0\")-1)<0,0,COUNTIF(MATRIX2!M24:N24,\">0\"))))))","v":3176238.1721999999},{"$f":"IF('MAIN-INTERFACE'!$D$2=\"No\",(Table_Provincial_GTAC35378[[#This Row],[Adj.AnnualRental]])*(1+Table_Provincial_GTAC35378[[#This Row],[TnTEscalation]])^3,(((MATRIX2!W24*Table_Provincial_GTAC35378[[#This Row],[Adj.AnnualRental]])*(1+Table_Provincial_GTAC35378[[#This Row],[TnTEscalation]])^3)+(MATRIX2!O24*IF(IF('MAIN-INTERFACE'!$D$2=\"No\",Table_Provincial_GTAC35378[[#This Row],[Adj.AnnualRental]],(Table_Provincial_GTAC35378[[#This Row],[RtmAnnualRental]])*(1+(IF('MAIN-INTERFACE'!$D$2=\"No\",0,'MAIN-INTERFACE'!$D$4))^(COUNTIF(MATRIX2!M24:O24,0))))*(1+(IF('MAIN-INTERFACE'!$D$2=\"No\",0,'MAIN-INTERFACE'!$D$8)))^3<Table_Provincial_GTAC35378[[#This Row],[Adj.AnnualRental]],(Table_Provincial_GTAC35378[[#This Row],[RtmAnnualRental]])*(1+(IF('MAIN-INTERFACE'!$D$2=\"No\",0,'MAIN-INTERFACE'!$D$4))^(COUNTIF(MATRIX2!M24:O24,0)))*(1+(IF('MAIN-INTERFACE'!$D$2=\"No\",0,'MAIN-INTERFACE'!$D$8)))^MATRIX2!E24,Table_Provincial_GTAC35378[[#This Row],[Adj.AnnualRental]])*(1+(IF('MAIN-INTERFACE'!$D$2=\"No\",Table_Provincial_GTAC35378[[#This Row],[TnTEscalation]],'MAIN-INTERFACE'!$G$2)))^(IF((COUNTIF(MATRIX2!M24:O24,\">0\")-1)<0,0,COUNTIF(MATRIX2!M24:O24,\">0\"))))))","v":3061833.0599999996},{"$f":"IF('MAIN-INTERFACE'!$D$2=\"No\",(Table_Provincial_GTAC35378[[#This Row],[Adj.AnnualRental]])*(1+Table_Provincial_GTAC35378[[#This Row],[TnTEscalation]])^4,((((MATRIX2!X24*Table_Provincial_GTAC35378[[#This Row],[Adj.AnnualRental]])*(1+Table_Provincial_GTAC35378[[#This Row],[TnTEscalation]])^4)+(MATRIX2!P24*IF(IF('MAIN-INTERFACE'!$D$2=\"No\",Table_Provincial_GTAC35378[[#This Row],[Adj.AnnualRental]],(Table_Provincial_GTAC35378[[#This Row],[RtmAnnualRental]])*(1+(IF('MAIN-INTERFACE'!$D$2=\"No\",0,'MAIN-INTERFACE'!$D$4))^(COUNTIF(MATRIX2!M24:P24,0))))*(1+(IF('MAIN-INTERFACE'!$D$2=\"No\",0,'MAIN-INTERFACE'!$D$8)))^4<Table_Provincial_GTAC35378[[#This Row],[Adj.AnnualRental]],(Table_Provincial_GTAC35378[[#This Row],[RtmAnnualRental]])*(1+(IF('MAIN-INTERFACE'!$D$2=\"No\",0,'MAIN-INTERFACE'!$D$4))^(COUNTIF(MATRIX2!M24:P24,0)))*(1+(IF('MAIN-INTERFACE'!$D$2=\"No\",0,'MAIN-INTERFACE'!$D$8)))^MATRIX2!F24,Table_Provincial_GTAC35378[[#This Row],[Adj.AnnualRental]])*(1+(IF('MAIN-INTERFACE'!$D$2=\"No\",Table_Provincial_GTAC35378[[#This Row],[TnTEscalation]],'MAIN-INTERFACE'!$G$2)))^(IF((COUNTIF(MATRIX2!M24:P24,\">0\")-1)<0,0,COUNTIF(MATRIX2!M24:P24,\">0\")))))))","v":3291470.5394999995},{"$f":"IF('MAIN-INTERFACE'!$D$2=\"No\",(Table_Provincial_GTAC35378[[#This Row],[Adj.AnnualRental]])*(1+Table_Provincial_GTAC35378[[#This Row],[TnTEscalation]])^5,(((MATRIX2!Y24*Table_Provincial_GTAC35378[[#This Row],[Adj.AnnualRental]])*(1+Table_Provincial_GTAC35378[[#This Row],[TnTEscalation]])^5)+(MATRIX2!Q24*IF(IF('MAIN-INTERFACE'!$D$2=\"No\",Table_Provincial_GTAC35378[[#This Row],[Adj.AnnualRental]],(Table_Provincial_GTAC35378[[#This Row],[RtmAnnualRental]])*(1+(IF('MAIN-INTERFACE'!$D$2=\"No\",0,'MAIN-INTERFACE'!$D$4))^(COUNTIF(MATRIX2!M24:Q24,0))))*(1+(IF('MAIN-INTERFACE'!$D$2=\"No\",0,'MAIN-INTERFACE'!$D$8)))^5<Table_Provincial_GTAC35378[[#This Row],[Adj.AnnualRental]],(Table_Provincial_GTAC35378[[#This Row],[RtmAnnualRental]])*(1+(IF('MAIN-INTERFACE'!$D$2=\"No\",0,'MAIN-INTERFACE'!$D$4))^(COUNTIF(MATRIX2!M24:Q24,0)))*(1+(IF('MAIN-INTERFACE'!$D$2=\"No\",0,'MAIN-INTERFACE'!$D$8)))^MATRIX2!G24,Table_Provincial_GTAC35378[[#This Row],[Adj.AnnualRental]])*(1+(IF('MAIN-INTERFACE'!$D$2=\"No\",Table_Provincial_GTAC35378[[#This Row],[TnTEscalation]],'MAIN-INTERFACE'!$G$2)))^(IF((COUNTIF(MATRIX2!M24:Q24,\">0\")-1)<0,0,COUNTIF(MATRIX2!M24:Q24,\">0\"))))))","v":3538330.8299624999},{"$f":"IF('MAIN-INTERFACE'!$D$2=\"No\",(Table_Provincial_GTAC35378[[#This Row],[Adj.AnnualRental]])*(1+Table_Provincial_GTAC35378[[#This Row],[TnTEscalation]])^6,(((MATRIX2!Z24*Table_Provincial_GTAC35378[[#This Row],[Adj.AnnualRental]])*(1+Table_Provincial_GTAC35378[[#This Row],[TnTEscalation]])^6)+(MATRIX2!R24*IF(IF('MAIN-INTERFACE'!$D$2=\"No\",Table_Provincial_GTAC35378[[#This Row],[Adj.AnnualRental]],(Table_Provincial_GTAC35378[[#This Row],[RtmAnnualRental]])*(1+(IF('MAIN-INTERFACE'!$D$2=\"No\",0,'MAIN-INTERFACE'!$D$4))^(COUNTIF(MATRIX2!M24:R24,0))))*(1+(IF('MAIN-INTERFACE'!$D$2=\"No\",0,'MAIN-INTERFACE'!$D$8)))^6<Table_Provincial_GTAC35378[[#This Row],[Adj.AnnualRental]],(Table_Provincial_GTAC35378[[#This Row],[RtmAnnualRental]])*(1+(IF('MAIN-INTERFACE'!$D$2=\"No\",0,'MAIN-INTERFACE'!$D$4))^(COUNTIF(MATRIX2!M24:R24,0)))*(1+(IF('MAIN-INTERFACE'!$D$2=\"No\",0,'MAIN-INTERFACE'!$D$8)))^MATRIX2!H24,Table_Provincial_GTAC35378[[#This Row],[Adj.AnnualRental]])*(1+(IF('MAIN-INTERFACE'!$D$2=\"No\",Table_Provincial_GTAC35378[[#This Row],[TnTEscalation]],'MAIN-INTERFACE'!$G$2)))^(IF((COUNTIF(MATRIX2!M24:R24,\">0\")-1)<0,0,COUNTIF(MATRIX2!M24:R24,\">0\"))))))","v":3803705.6422096873},{"$f":"IF('MAIN-INTERFACE'!$D$2=\"No\",(Table_Provincial_GTAC35378[[#This Row],[Adj.AnnualRental]])*(1+Table_Provincial_GTAC35378[[#This Row],[TnTEscalation]])^7,(((MATRIX2!AA24*Table_Provincial_GTAC35378[[#This Row],[Adj.AnnualRental]])*(1+Table_Provincial_GTAC35378[[#This Row],[TnTEscalation]])^7)+(MATRIX2!S24*IF(IF('MAIN-INTERFACE'!$D$2=\"No\",Table_Provincial_GTAC35378[[#This Row],[Adj.AnnualRental]],(Table_Provincial_GTAC35378[[#This Row],[RtmAnnualRental]])*(1+(IF('MAIN-INTERFACE'!$D$2=\"No\",0,'MAIN-INTERFACE'!$D$4))^(COUNTIF(MATRIX2!M24:S24,0))))*(1+(IF('MAIN-INTERFACE'!$D$2=\"No\",0,'MAIN-INTERFACE'!$D$8)))^7<Table_Provincial_GTAC35378[[#This Row],[Adj.AnnualRental]],(Table_Provincial_GTAC35378[[#This Row],[RtmAnnualRental]])*(1+(IF('MAIN-INTERFACE'!$D$2=\"No\",0,'MAIN-INTERFACE'!$D$4))^(COUNTIF(MATRIX2!M24:S24,0)))*(1+(IF('MAIN-INTERFACE'!$D$2=\"No\",0,'MAIN-INTERFACE'!$D$8)))^MATRIX2!I24,Table_Provincial_GTAC35378[[#This Row],[Adj.AnnualRental]])*(1+(IF('MAIN-INTERFACE'!$D$2=\"No\",Table_Provincial_GTAC35378[[#This Row],[TnTEscalation]],'MAIN-INTERFACE'!$G$2)))^(IF((COUNTIF(MATRIX2!M24:S24,\">0\")-1)<0,0,COUNTIF(MATRIX2!M24:S24,\">0\"))))))","v":4088983.5653754133},{"$f":"SUM(Table_Provincial_GTAC35378[[#This Row],[FY 2018/19]:[FY 2023/24]])","v":20960561.809247598}]
[{"$f":"Table_Provincial_GTAC3536[[#This Row],[SystemID]]","v":26},{"$f":"VLOOKUP($A25,DATA2!$A$2:$S$607,2,FALSE)","v":"KZN"},{"$f":"VLOOKUP($A25,DATA2!$A$2:$S$607,3,FALSE)","v":"KwaZulu-Natal"},{"$f":"VLOOKUP($A25,DATA2!$A$2:$S$607,4,FALSE)","v":117.22037037037038},{"$f":"VLOOKUP($A25,DATA2!$A$2:$S$607,5,FALSE)","v":110},{"$f":"VLOOKUP($A25,DATA2!$A$2:$S$607,6,FALSE)","v":"CBD"},{"$f":"VLOOKUP($A25,DATA2!$A$2:$S$607,7,FALSE)","v":1728},{"$f":"VLOOKUP($A25,DATA2!$A$2:$S$607,8,FALSE)","v":true},{"$f":"VLOOKUP($A25,DATA2!$A$2:$S$607,9,FALSE)","v":7.0000000000000007E-2},{"$f":"VLOOKUP($A25,DATA2!$A$2:$S$607,10,FALSE)","v":202556.79999999999},{"$f":"VLOOKUP($A25,DATA2!$A$2:$S$607,11,FALSE)","v":2430681.6},{"$f":"Table_Provincial_GTAC35378[[#This Row],[Benchmark]]*Table_Provincial_GTAC35378[[#This Row],[ExtentM2]]*12","v":2280960},{"$f":"VLOOKUP($A25,DATA2!$A$2:$S$607,12,FALSE)","v":"2015-03-01"},{"$f":"VLOOKUP($A25,DATA2!$A$2:$S$607,13,FALSE)","v":"2017-02-28"},{"$f":"VLOOKUP($A25,DATA2!$A$2:$S$607,14,FALSE)","v":"Yes"},{"$f":"IF(MATRIX2!D25=1,($Y$8-$X$2)/365*Table_Provincial_GTAC35378[[#This Row],[Adj.AnnualRental]]*MATRIX2!D25,($Y$8-$X$2)/365*Table_Provincial_GTAC35378[[#This Row],[Adj.AnnualRental]])","v":-8797069.5715068486},{"$f":"IF('MAIN-INTERFACE'!$D$2=\"No\",(Table_Provincial_GTAC35378[[#This Row],[Adj.AnnualRental]])*(1+Table_Provincial_GTAC35378[[#This Row],[TnTEscalation]])^2,\n    (((MATRIX2!V25*Table_Provincial_GTAC35378[[#This Row],[Adj.AnnualRental]])*(1+Table_Provincial_GTAC35378[[#This Row],[TnTEscalation]])^2)+\n       (MATRIX2!N25* IF(IF('MAIN-INTERFACE'!$D$2=\"No\",Table_Provincial_GTAC35378[[#This Row],[Adj.AnnualRental]],(Table_Provincial_GTAC35378[[#This Row],[RtmAnnualRental]])*(1+\n                                 (IF('MAIN-INTERFACE'!$D$2=\"No\",0,'MAIN-INTERFACE'!$D$4))^(COUNTIF(MATRIX2!M25:N25,0))))*(1+\n                                 (IF('MAIN-INTERFACE'!$D$2=\"No\",0,'MAIN-INTERFACE'!$D$8)))^2<Table_Provincial_GTAC35378[[#This Row],[Adj.AnnualRental]],(Table_Provincial_GTAC35378[[#This Row],[RtmAnnualRental]])*(1+\n\n                                 (IF('MAIN-INTERFACE'!$D$2=\"No\",0,'MAIN-INTERFACE'!$D$4))^(COUNTIF(MATRIX2!M25:N25,0)))*(1+\n                                 (IF('MAIN-INTERFACE'!$D$2=\"No\",0,'MAIN-INTERFACE'!$D$8)))^MATRIX2!D25,Table_Provincial_GTAC35378[[#This Row],[Adj.AnnualRental]])*(1+\n\n                                (IF('MAIN-INTERFACE'!$D$2=\"No\",Table_Provincial_GTAC35378[[#This Row],[TnTEscalation]],'MAIN-INTERFACE'!$G$2)))^\n                                 (IF((COUNTIF(MATRIX2!M25:N25,\">0\")-1)<0,0,COUNTIF(MATRIX2!M25:N25,\">0\"))))))","v":2666500.32192},{"$f":"IF('MAIN-INTERFACE'!$D$2=\"No\",(Table_Provincial_GTAC35378[[#This Row],[Adj.AnnualRental]])*(1+Table_Provincial_GTAC35378[[#This Row],[TnTEscalation]])^3,(((MATRIX2!W25*Table_Provincial_GTAC35378[[#This Row],[Adj.AnnualRental]])*(1+Table_Provincial_GTAC35378[[#This Row],[TnTEscalation]])^3)+(MATRIX2!O25*IF(IF('MAIN-INTERFACE'!$D$2=\"No\",Table_Provincial_GTAC35378[[#This Row],[Adj.AnnualRental]],(Table_Provincial_GTAC35378[[#This Row],[RtmAnnualRental]])*(1+(IF('MAIN-INTERFACE'!$D$2=\"No\",0,'MAIN-INTERFACE'!$D$4))^(COUNTIF(MATRIX2!M25:O25,0))))*(1+(IF('MAIN-INTERFACE'!$D$2=\"No\",0,'MAIN-INTERFACE'!$D$8)))^3<Table_Provincial_GTAC35378[[#This Row],[Adj.AnnualRental]],(Table_Provincial_GTAC35378[[#This Row],[RtmAnnualRental]])*(1+(IF('MAIN-INTERFACE'!$D$2=\"No\",0,'MAIN-INTERFACE'!$D$4))^(COUNTIF(MATRIX2!M25:O25,0)))*(1+(IF('MAIN-INTERFACE'!$D$2=\"No\",0,'MAIN-INTERFACE'!$D$8)))^MATRIX2!E25,Table_Provincial_GTAC35378[[#This Row],[Adj.AnnualRental]])*(1+(IF('MAIN-INTERFACE'!$D$2=\"No\",Table_Provincial_GTAC35378[[#This Row],[TnTEscalation]],'MAIN-INTERFACE'!$G$2)))^(IF((COUNTIF(MATRIX2!M25:O25,\">0\")-1)<0,0,COUNTIF(MATRIX2!M25:O25,\">0\"))))))","v":2741371.7759999996},{"$f":"IF('MAIN-INTERFACE'!$D$2=\"No\",(Table_Provincial_GTAC35378[[#This Row],[Adj.AnnualRental]])*(1+Table_Provincial_GTAC35378[[#This Row],[TnTEscalation]])^4,((((MATRIX2!X25*Table_Provincial_GTAC35378[[#This Row],[Adj.AnnualRental]])*(1+Table_Provincial_GTAC35378[[#This Row],[TnTEscalation]])^4)+(MATRIX2!P25*IF(IF('MAIN-INTERFACE'!$D$2=\"No\",Table_Provincial_GTAC35378[[#This Row],[Adj.AnnualRental]],(Table_Provincial_GTAC35378[[#This Row],[RtmAnnualRental]])*(1+(IF('MAIN-INTERFACE'!$D$2=\"No\",0,'MAIN-INTERFACE'!$D$4))^(COUNTIF(MATRIX2!M25:P25,0))))*(1+(IF('MAIN-INTERFACE'!$D$2=\"No\",0,'MAIN-INTERFACE'!$D$8)))^4<Table_Provincial_GTAC35378[[#This Row],[Adj.AnnualRental]],(Table_Provincial_GTAC35378[[#This Row],[RtmAnnualRental]])*(1+(IF('MAIN-INTERFACE'!$D$2=\"No\",0,'MAIN-INTERFACE'!$D$4))^(COUNTIF(MATRIX2!M25:P25,0)))*(1+(IF('MAIN-INTERFACE'!$D$2=\"No\",0,'MAIN-INTERFACE'!$D$8)))^MATRIX2!F25,Table_Provincial_GTAC35378[[#This Row],[Adj.AnnualRental]])*(1+(IF('MAIN-INTERFACE'!$D$2=\"No\",Table_Provincial_GTAC35378[[#This Row],[TnTEscalation]],'MAIN-INTERFACE'!$G$2)))^(IF((COUNTIF(MATRIX2!M25:P25,\">0\")-1)<0,0,COUNTIF(MATRIX2!M25:P25,\">0\")))))))","v":2946974.6591999996},{"$f":"IF('MAIN-INTERFACE'!$D$2=\"No\",(Table_Provincial_GTAC35378[[#This Row],[Adj.AnnualRental]])*(1+Table_Provincial_GTAC35378[[#This Row],[TnTEscalation]])^5,(((MATRIX2!Y25*Table_Provincial_GTAC35378[[#This Row],[Adj.AnnualRental]])*(1+Table_Provincial_GTAC35378[[#This Row],[TnTEscalation]])^5)+(MATRIX2!Q25*IF(IF('MAIN-INTERFACE'!$D$2=\"No\",Table_Provincial_GTAC35378[[#This Row],[Adj.AnnualRental]],(Table_Provincial_GTAC35378[[#This Row],[RtmAnnualRental]])*(1+(IF('MAIN-INTERFACE'!$D$2=\"No\",0,'MAIN-INTERFACE'!$D$4))^(COUNTIF(MATRIX2!M25:Q25,0))))*(1+(IF('MAIN-INTERFACE'!$D$2=\"No\",0,'MAIN-INTERFACE'!$D$8)))^5<Table_Provincial_GTAC35378[[#This Row],[Adj.AnnualRental]],(Table_Provincial_GTAC35378[[#This Row],[RtmAnnualRental]])*(1+(IF('MAIN-INTERFACE'!$D$2=\"No\",0,'MAIN-INTERFACE'!$D$4))^(COUNTIF(MATRIX2!M25:Q25,0)))*(1+(IF('MAIN-INTERFACE'!$D$2=\"No\",0,'MAIN-INTERFACE'!$D$8)))^MATRIX2!G25,Table_Provincial_GTAC35378[[#This Row],[Adj.AnnualRental]])*(1+(IF('MAIN-INTERFACE'!$D$2=\"No\",Table_Provincial_GTAC35378[[#This Row],[TnTEscalation]],'MAIN-INTERFACE'!$G$2)))^(IF((COUNTIF(MATRIX2!M25:Q25,\">0\")-1)<0,0,COUNTIF(MATRIX2!M25:Q25,\">0\"))))))","v":3167997.7586399997},{"$f":"IF('MAIN-INTERFACE'!$D$2=\"No\",(Table_Provincial_GTAC35378[[#This Row],[Adj.AnnualRental]])*(1+Table_Provincial_GTAC35378[[#This Row],[TnTEscalation]])^6,(((MATRIX2!Z25*Table_Provincial_GTAC35378[[#This Row],[Adj.AnnualRental]])*(1+Table_Provincial_GTAC35378[[#This Row],[TnTEscalation]])^6)+(MATRIX2!R25*IF(IF('MAIN-INTERFACE'!$D$2=\"No\",Table_Provincial_GTAC35378[[#This Row],[Adj.AnnualRental]],(Table_Provincial_GTAC35378[[#This Row],[RtmAnnualRental]])*(1+(IF('MAIN-INTERFACE'!$D$2=\"No\",0,'MAIN-INTERFACE'!$D$4))^(COUNTIF(MATRIX2!M25:R25,0))))*(1+(IF('MAIN-INTERFACE'!$D$2=\"No\",0,'MAIN-INTERFACE'!$D$8)))^6<Table_Provincial_GTAC35378[[#This Row],[Adj.AnnualRental]],(Table_Provincial_GTAC35378[[#This Row],[RtmAnnualRental]])*(1+(IF('MAIN-INTERFACE'!$D$2=\"No\",0,'MAIN-INTERFACE'!$D$4))^(COUNTIF(MATRIX2!M25:R25,0)))*(1+(IF('MAIN-INTERFACE'!$D$2=\"No\",0,'MAIN-INTERFACE'!$D$8)))^MATRIX2!H25,Table_Provincial_GTAC35378[[#This Row],[Adj.AnnualRental]])*(1+(IF('MAIN-INTERFACE'!$D$2=\"No\",Table_Provincial_GTAC35378[[#This Row],[TnTEscalation]],'MAIN-INTERFACE'!$G$2)))^(IF((COUNTIF(MATRIX2!M25:R25,\">0\")-1)<0,0,COUNTIF(MATRIX2!M25:R25,\">0\"))))))","v":3405597.5905379998},{"$f":"IF('MAIN-INTERFACE'!$D$2=\"No\",(Table_Provincial_GTAC35378[[#This Row],[Adj.AnnualRental]])*(1+Table_Provincial_GTAC35378[[#This Row],[TnTEscalation]])^7,(((MATRIX2!AA25*Table_Provincial_GTAC35378[[#This Row],[Adj.AnnualRental]])*(1+Table_Provincial_GTAC35378[[#This Row],[TnTEscalation]])^7)+(MATRIX2!S25*IF(IF('MAIN-INTERFACE'!$D$2=\"No\",Table_Provincial_GTAC35378[[#This Row],[Adj.AnnualRental]],(Table_Provincial_GTAC35378[[#This Row],[RtmAnnualRental]])*(1+(IF('MAIN-INTERFACE'!$D$2=\"No\",0,'MAIN-INTERFACE'!$D$4))^(COUNTIF(MATRIX2!M25:S25,0))))*(1+(IF('MAIN-INTERFACE'!$D$2=\"No\",0,'MAIN-INTERFACE'!$D$8)))^7<Table_Provincial_GTAC35378[[#This Row],[Adj.AnnualRental]],(Table_Provincial_GTAC35378[[#This Row],[RtmAnnualRental]])*(1+(IF('MAIN-INTERFACE'!$D$2=\"No\",0,'MAIN-INTERFACE'!$D$4))^(COUNTIF(MATRIX2!M25:S25,0)))*(1+(IF('MAIN-INTERFACE'!$D$2=\"No\",0,'MAIN-INTERFACE'!$D$8)))^MATRIX2!I25,Table_Provincial_GTAC35378[[#This Row],[Adj.AnnualRental]])*(1+(IF('MAIN-INTERFACE'!$D$2=\"No\",Table_Provincial_GTAC35378[[#This Row],[TnTEscalation]],'MAIN-INTERFACE'!$G$2)))^(IF((COUNTIF(MATRIX2!M25:S25,\">0\")-1)<0,0,COUNTIF(MATRIX2!M25:S25,\">0\"))))))","v":3661017.409828349},{"$f":"SUM(Table_Provincial_GTAC35378[[#This Row],[FY 2018/19]:[FY 2023/24]])","v":18589459.51612635}]
[{"$f":"Table_Provincial_GTAC3536[[#This Row],[SystemID]]","v":27},{"$f":"VLOOKUP($A26,DATA2!$A$2:$S$607,2,FALSE)","v":"KZN"},{"$f":"VLOOKUP($A26,DATA2!$A$2:$S$607,3,FALSE)","v":"KwaZulu-Natal"},{"$f":"VLOOKUP($A26,DATA2!$A$2:$S$607,4,FALSE)","v":143.65940409683427},{"$f":"VLOOKUP($A26,DATA2!$A$2:$S$607,5,FALSE)","v":65},{"$f":"VLOOKUP($A26,DATA2!$A$2:$S$607,6,FALSE)","v":"VTSD"},{"$f":"VLOOKUP($A26,DATA2!$A$2:$S$607,7,FALSE)","v":537},{"$f":"VLOOKUP($A26,DATA2!$A$2:$S$607,8,FALSE)","v":true},{"$f":"VLOOKUP($A26,DATA2!$A$2:$S$607,9,FALSE)","v":0.1},{"$f":"VLOOKUP($A26,DATA2!$A$2:$S$607,10,FALSE)","v":77145.100000000006},{"$f":"VLOOKUP($A26,DATA2!$A$2:$S$607,11,FALSE)","v":925741.2},{"$f":"Table_Provincial_GTAC35378[[#This Row],[Benchmark]]*Table_Provincial_GTAC35378[[#This Row],[ExtentM2]]*12","v":418860},{"$f":"VLOOKUP($A26,DATA2!$A$2:$S$607,12,FALSE)","v":"2014-11-01"},{"$f":"VLOOKUP($A26,DATA2!$A$2:$S$607,13,FALSE)","v":"2019-10-31"},{"$f":"VLOOKUP($A26,DATA2!$A$2:$S$607,14,FALSE)","v":"No"},{"$f":"IF(MATRIX2!D26=1,($Y$8-$X$2)/365*Table_Provincial_GTAC35378[[#This Row],[Adj.AnnualRental]]*MATRIX2!D26,($Y$8-$X$2)/365*Table_Provincial_GTAC35378[[#This Row],[Adj.AnnualRental]])","v":-3350422.2608219176},{"$f":"IF('MAIN-INTERFACE'!$D$2=\"No\",(Table_Provincial_GTAC35378[[#This Row],[Adj.AnnualRental]])*(1+Table_Provincial_GTAC35378[[#This Row],[TnTEscalation]])^2,\n    (((MATRIX2!V26*Table_Provincial_GTAC35378[[#This Row],[Adj.AnnualRental]])*(1+Table_Provincial_GTAC35378[[#This Row],[TnTEscalation]])^2)+\n       (MATRIX2!N26* IF(IF('MAIN-INTERFACE'!$D$2=\"No\",Table_Provincial_GTAC35378[[#This Row],[Adj.AnnualRental]],(Table_Provincial_GTAC35378[[#This Row],[RtmAnnualRental]])*(1+\n                                 (IF('MAIN-INTERFACE'!$D$2=\"No\",0,'MAIN-INTERFACE'!$D$4))^(COUNTIF(MATRIX2!M26:N26,0))))*(1+\n                                 (IF('MAIN-INTERFACE'!$D$2=\"No\",0,'MAIN-INTERFACE'!$D$8)))^2<Table_Provincial_GTAC35378[[#This Row],[Adj.AnnualRental]],(Table_Provincial_GTAC35378[[#This Row],[RtmAnnualRental]])*(1+\n\n                                 (IF('MAIN-INTERFACE'!$D$2=\"No\",0,'MAIN-INTERFACE'!$D$4))^(COUNTIF(MATRIX2!M26:N26,0)))*(1+\n                                 (IF('MAIN-INTERFACE'!$D$2=\"No\",0,'MAIN-INTERFACE'!$D$8)))^MATRIX2!D26,Table_Provincial_GTAC35378[[#This Row],[Adj.AnnualRental]])*(1+\n\n                                (IF('MAIN-INTERFACE'!$D$2=\"No\",Table_Provincial_GTAC35378[[#This Row],[TnTEscalation]],'MAIN-INTERFACE'!$G$2)))^\n                                 (IF((COUNTIF(MATRIX2!M26:N26,\">0\")-1)<0,0,COUNTIF(MATRIX2!M26:N26,\">0\"))))))","v":1120146.8520000002},{"$f":"IF('MAIN-INTERFACE'!$D$2=\"No\",(Table_Provincial_GTAC35378[[#This Row],[Adj.AnnualRental]])*(1+Table_Provincial_GTAC35378[[#This Row],[TnTEscalation]])^3,(((MATRIX2!W26*Table_Provincial_GTAC35378[[#This Row],[Adj.AnnualRental]])*(1+Table_Provincial_GTAC35378[[#This Row],[TnTEscalation]])^3)+(MATRIX2!O26*IF(IF('MAIN-INTERFACE'!$D$2=\"No\",Table_Provincial_GTAC35378[[#This Row],[Adj.AnnualRental]],(Table_Provincial_GTAC35378[[#This Row],[RtmAnnualRental]])*(1+(IF('MAIN-INTERFACE'!$D$2=\"No\",0,'MAIN-INTERFACE'!$D$4))^(COUNTIF(MATRIX2!M26:O26,0))))*(1+(IF('MAIN-INTERFACE'!$D$2=\"No\",0,'MAIN-INTERFACE'!$D$8)))^3<Table_Provincial_GTAC35378[[#This Row],[Adj.AnnualRental]],(Table_Provincial_GTAC35378[[#This Row],[RtmAnnualRental]])*(1+(IF('MAIN-INTERFACE'!$D$2=\"No\",0,'MAIN-INTERFACE'!$D$4))^(COUNTIF(MATRIX2!M26:O26,0)))*(1+(IF('MAIN-INTERFACE'!$D$2=\"No\",0,'MAIN-INTERFACE'!$D$8)))^MATRIX2!E26,Table_Provincial_GTAC35378[[#This Row],[Adj.AnnualRental]])*(1+(IF('MAIN-INTERFACE'!$D$2=\"No\",Table_Provincial_GTAC35378[[#This Row],[TnTEscalation]],'MAIN-INTERFACE'!$G$2)))^(IF((COUNTIF(MATRIX2!M26:O26,\">0\")-1)<0,0,COUNTIF(MATRIX2!M26:O26,\">0\"))))))","v":1232161.5372000004},{"$f":"IF('MAIN-INTERFACE'!$D$2=\"No\",(Table_Provincial_GTAC35378[[#This Row],[Adj.AnnualRental]])*(1+Table_Provincial_GTAC35378[[#This Row],[TnTEscalation]])^4,((((MATRIX2!X26*Table_Provincial_GTAC35378[[#This Row],[Adj.AnnualRental]])*(1+Table_Provincial_GTAC35378[[#This Row],[TnTEscalation]])^4)+(MATRIX2!P26*IF(IF('MAIN-INTERFACE'!$D$2=\"No\",Table_Provincial_GTAC35378[[#This Row],[Adj.AnnualRental]],(Table_Provincial_GTAC35378[[#This Row],[RtmAnnualRental]])*(1+(IF('MAIN-INTERFACE'!$D$2=\"No\",0,'MAIN-INTERFACE'!$D$4))^(COUNTIF(MATRIX2!M26:P26,0))))*(1+(IF('MAIN-INTERFACE'!$D$2=\"No\",0,'MAIN-INTERFACE'!$D$8)))^4<Table_Provincial_GTAC35378[[#This Row],[Adj.AnnualRental]],(Table_Provincial_GTAC35378[[#This Row],[RtmAnnualRental]])*(1+(IF('MAIN-INTERFACE'!$D$2=\"No\",0,'MAIN-INTERFACE'!$D$4))^(COUNTIF(MATRIX2!M26:P26,0)))*(1+(IF('MAIN-INTERFACE'!$D$2=\"No\",0,'MAIN-INTERFACE'!$D$8)))^MATRIX2!F26,Table_Provincial_GTAC35378[[#This Row],[Adj.AnnualRental]])*(1+(IF('MAIN-INTERFACE'!$D$2=\"No\",Table_Provincial_GTAC35378[[#This Row],[TnTEscalation]],'MAIN-INTERFACE'!$G$2)))^(IF((COUNTIF(MATRIX2!M26:P26,\">0\")-1)<0,0,COUNTIF(MATRIX2!M26:P26,\">0\")))))))","v":523453.16418138077},{"$f":"IF('MAIN-INTERFACE'!$D$2=\"No\",(Table_Provincial_GTAC35378[[#This Row],[Adj.AnnualRental]])*(1+Table_Provincial_GTAC35378[[#This Row],[TnTEscalation]])^5,(((MATRIX2!Y26*Table_Provincial_GTAC35378[[#This Row],[Adj.AnnualRental]])*(1+Table_Provincial_GTAC35378[[#This Row],[TnTEscalation]])^5)+(MATRIX2!Q26*IF(IF('MAIN-INTERFACE'!$D$2=\"No\",Table_Provincial_GTAC35378[[#This Row],[Adj.AnnualRental]],(Table_Provincial_GTAC35378[[#This Row],[RtmAnnualRental]])*(1+(IF('MAIN-INTERFACE'!$D$2=\"No\",0,'MAIN-INTERFACE'!$D$4))^(COUNTIF(MATRIX2!M26:Q26,0))))*(1+(IF('MAIN-INTERFACE'!$D$2=\"No\",0,'MAIN-INTERFACE'!$D$8)))^5<Table_Provincial_GTAC35378[[#This Row],[Adj.AnnualRental]],(Table_Provincial_GTAC35378[[#This Row],[RtmAnnualRental]])*(1+(IF('MAIN-INTERFACE'!$D$2=\"No\",0,'MAIN-INTERFACE'!$D$4))^(COUNTIF(MATRIX2!M26:Q26,0)))*(1+(IF('MAIN-INTERFACE'!$D$2=\"No\",0,'MAIN-INTERFACE'!$D$8)))^MATRIX2!G26,Table_Provincial_GTAC35378[[#This Row],[Adj.AnnualRental]])*(1+(IF('MAIN-INTERFACE'!$D$2=\"No\",Table_Provincial_GTAC35378[[#This Row],[TnTEscalation]],'MAIN-INTERFACE'!$G$2)))^(IF((COUNTIF(MATRIX2!M26:Q26,\">0\")-1)<0,0,COUNTIF(MATRIX2!M26:Q26,\">0\"))))))","v":484076.06638560002},{"$f":"IF('MAIN-INTERFACE'!$D$2=\"No\",(Table_Provincial_GTAC35378[[#This Row],[Adj.AnnualRental]])*(1+Table_Provincial_GTAC35378[[#This Row],[TnTEscalation]])^6,(((MATRIX2!Z26*Table_Provincial_GTAC35378[[#This Row],[Adj.AnnualRental]])*(1+Table_Provincial_GTAC35378[[#This Row],[TnTEscalation]])^6)+(MATRIX2!R26*IF(IF('MAIN-INTERFACE'!$D$2=\"No\",Table_Provincial_GTAC35378[[#This Row],[Adj.AnnualRental]],(Table_Provincial_GTAC35378[[#This Row],[RtmAnnualRental]])*(1+(IF('MAIN-INTERFACE'!$D$2=\"No\",0,'MAIN-INTERFACE'!$D$4))^(COUNTIF(MATRIX2!M26:R26,0))))*(1+(IF('MAIN-INTERFACE'!$D$2=\"No\",0,'MAIN-INTERFACE'!$D$8)))^6<Table_Provincial_GTAC35378[[#This Row],[Adj.AnnualRental]],(Table_Provincial_GTAC35378[[#This Row],[RtmAnnualRental]])*(1+(IF('MAIN-INTERFACE'!$D$2=\"No\",0,'MAIN-INTERFACE'!$D$4))^(COUNTIF(MATRIX2!M26:R26,0)))*(1+(IF('MAIN-INTERFACE'!$D$2=\"No\",0,'MAIN-INTERFACE'!$D$8)))^MATRIX2!H26,Table_Provincial_GTAC35378[[#This Row],[Adj.AnnualRental]])*(1+(IF('MAIN-INTERFACE'!$D$2=\"No\",Table_Provincial_GTAC35378[[#This Row],[TnTEscalation]],'MAIN-INTERFACE'!$G$2)))^(IF((COUNTIF(MATRIX2!M26:R26,\">0\")-1)<0,0,COUNTIF(MATRIX2!M26:R26,\">0\"))))))","v":520381.77136452001},{"$f":"IF('MAIN-INTERFACE'!$D$2=\"No\",(Table_Provincial_GTAC35378[[#This Row],[Adj.AnnualRental]])*(1+Table_Provincial_GTAC35378[[#This Row],[TnTEscalation]])^7,(((MATRIX2!AA26*Table_Provincial_GTAC35378[[#This Row],[Adj.AnnualRental]])*(1+Table_Provincial_GTAC35378[[#This Row],[TnTEscalation]])^7)+(MATRIX2!S26*IF(IF('MAIN-INTERFACE'!$D$2=\"No\",Table_Provincial_GTAC35378[[#This Row],[Adj.AnnualRental]],(Table_Provincial_GTAC35378[[#This Row],[RtmAnnualRental]])*(1+(IF('MAIN-INTERFACE'!$D$2=\"No\",0,'MAIN-INTERFACE'!$D$4))^(COUNTIF(MATRIX2!M26:S26,0))))*(1+(IF('MAIN-INTERFACE'!$D$2=\"No\",0,'MAIN-INTERFACE'!$D$8)))^7<Table_Provincial_GTAC35378[[#This Row],[Adj.AnnualRental]],(Table_Provincial_GTAC35378[[#This Row],[RtmAnnualRental]])*(1+(IF('MAIN-INTERFACE'!$D$2=\"No\",0,'MAIN-INTERFACE'!$D$4))^(COUNTIF(MATRIX2!M26:S26,0)))*(1+(IF('MAIN-INTERFACE'!$D$2=\"No\",0,'MAIN-INTERFACE'!$D$8)))^MATRIX2!I26,Table_Provincial_GTAC35378[[#This Row],[Adj.AnnualRental]])*(1+(IF('MAIN-INTERFACE'!$D$2=\"No\",Table_Provincial_GTAC35378[[#This Row],[TnTEscalation]],'MAIN-INTERFACE'!$G$2)))^(IF((COUNTIF(MATRIX2!M26:S26,\">0\")-1)<0,0,COUNTIF(MATRIX2!M26:S26,\">0\"))))))","v":559410.40421685902},{"$f":"SUM(Table_Provincial_GTAC35378[[#This Row],[FY 2018/19]:[FY 2023/24]])","v":4439629.7953483602}]
[{"$f":"Table_Provincial_GTAC3536[[#This Row],[SystemID]]","v":28},{"$f":"VLOOKUP($A27,DATA2!$A$2:$S$607,2,FALSE)","v":"KZN"},{"$f":"VLOOKUP($A27,DATA2!$A$2:$S$607,3,FALSE)","v":"KwaZulu-Natal"},{"$f":"VLOOKUP($A27,DATA2!$A$2:$S$607,4,FALSE)","v":58.211992872807016},{"$f":"VLOOKUP($A27,DATA2!$A$2:$S$607,5,FALSE)","v":77.5},{"$f":"VLOOKUP($A27,DATA2!$A$2:$S$607,6,FALSE)","v":"MAIN CENTRE"},{"$f":"VLOOKUP($A27,DATA2!$A$2:$S$607,7,FALSE)","v":729.6},{"$f":"VLOOKUP($A27,DATA2!$A$2:$S$607,8,FALSE)","v":true},{"$f":"VLOOKUP($A27,DATA2!$A$2:$S$607,9,FALSE)","v":7.4999999999999997E-2},{"$f":"VLOOKUP($A27,DATA2!$A$2:$S$607,10,FALSE)","v":42471.47},{"$f":"VLOOKUP($A27,DATA2!$A$2:$S$607,11,FALSE)","v":509657.64},{"$f":"Table_Provincial_GTAC35378[[#This Row],[Benchmark]]*Table_Provincial_GTAC35378[[#This Row],[ExtentM2]]*12","v":678528},{"$f":"VLOOKUP($A27,DATA2!$A$2:$S$607,12,FALSE)","v":"2015-02-01"},{"$f":"VLOOKUP($A27,DATA2!$A$2:$S$607,13,FALSE)","v":"2020-01-31"},{"$f":"VLOOKUP($A27,DATA2!$A$2:$S$607,14,FALSE)","v":"No"},{"$f":"IF(MATRIX2!D27=1,($Y$8-$X$2)/365*Table_Provincial_GTAC35378[[#This Row],[Adj.AnnualRental]]*MATRIX2!D27,($Y$8-$X$2)/365*Table_Provincial_GTAC35378[[#This Row],[Adj.AnnualRental]])","v":-1844541.760109589},{"$f":"IF('MAIN-INTERFACE'!$D$2=\"No\",(Table_Provincial_GTAC35378[[#This Row],[Adj.AnnualRental]])*(1+Table_Provincial_GTAC35378[[#This Row],[TnTEscalation]])^2,\n    (((MATRIX2!V27*Table_Provincial_GTAC35378[[#This Row],[Adj.AnnualRental]])*(1+Table_Provincial_GTAC35378[[#This Row],[TnTEscalation]])^2)+\n       (MATRIX2!N27* IF(IF('MAIN-INTERFACE'!$D$2=\"No\",Table_Provincial_GTAC35378[[#This Row],[Adj.AnnualRental]],(Table_Provincial_GTAC35378[[#This Row],[RtmAnnualRental]])*(1+\n                                 (IF('MAIN-INTERFACE'!$D$2=\"No\",0,'MAIN-INTERFACE'!$D$4))^(COUNTIF(MATRIX2!M27:N27,0))))*(1+\n                                 (IF('MAIN-INTERFACE'!$D$2=\"No\",0,'MAIN-INTERFACE'!$D$8)))^2<Table_Provincial_GTAC35378[[#This Row],[Adj.AnnualRental]],(Table_Provincial_GTAC35378[[#This Row],[RtmAnnualRental]])*(1+\n\n                                 (IF('MAIN-INTERFACE'!$D$2=\"No\",0,'MAIN-INTERFACE'!$D$4))^(COUNTIF(MATRIX2!M27:N27,0)))*(1+\n                                 (IF('MAIN-INTERFACE'!$D$2=\"No\",0,'MAIN-INTERFACE'!$D$8)))^MATRIX2!D27,Table_Provincial_GTAC35378[[#This Row],[Adj.AnnualRental]])*(1+\n\n                                (IF('MAIN-INTERFACE'!$D$2=\"No\",Table_Provincial_GTAC35378[[#This Row],[TnTEscalation]],'MAIN-INTERFACE'!$G$2)))^\n                                 (IF((COUNTIF(MATRIX2!M27:N27,\">0\")-1)<0,0,COUNTIF(MATRIX2!M27:N27,\">0\"))))))","v":588973.11022499995},{"$f":"IF('MAIN-INTERFACE'!$D$2=\"No\",(Table_Provincial_GTAC35378[[#This Row],[Adj.AnnualRental]])*(1+Table_Provincial_GTAC35378[[#This Row],[TnTEscalation]])^3,(((MATRIX2!W27*Table_Provincial_GTAC35378[[#This Row],[Adj.AnnualRental]])*(1+Table_Provincial_GTAC35378[[#This Row],[TnTEscalation]])^3)+(MATRIX2!O27*IF(IF('MAIN-INTERFACE'!$D$2=\"No\",Table_Provincial_GTAC35378[[#This Row],[Adj.AnnualRental]],(Table_Provincial_GTAC35378[[#This Row],[RtmAnnualRental]])*(1+(IF('MAIN-INTERFACE'!$D$2=\"No\",0,'MAIN-INTERFACE'!$D$4))^(COUNTIF(MATRIX2!M27:O27,0))))*(1+(IF('MAIN-INTERFACE'!$D$2=\"No\",0,'MAIN-INTERFACE'!$D$8)))^3<Table_Provincial_GTAC35378[[#This Row],[Adj.AnnualRental]],(Table_Provincial_GTAC35378[[#This Row],[RtmAnnualRental]])*(1+(IF('MAIN-INTERFACE'!$D$2=\"No\",0,'MAIN-INTERFACE'!$D$4))^(COUNTIF(MATRIX2!M27:O27,0)))*(1+(IF('MAIN-INTERFACE'!$D$2=\"No\",0,'MAIN-INTERFACE'!$D$8)))^MATRIX2!E27,Table_Provincial_GTAC35378[[#This Row],[Adj.AnnualRental]])*(1+(IF('MAIN-INTERFACE'!$D$2=\"No\",Table_Provincial_GTAC35378[[#This Row],[TnTEscalation]],'MAIN-INTERFACE'!$G$2)))^(IF((COUNTIF(MATRIX2!M27:O27,\">0\")-1)<0,0,COUNTIF(MATRIX2!M27:O27,\">0\"))))))","v":633146.09349187498},{"$f":"IF('MAIN-INTERFACE'!$D$2=\"No\",(Table_Provincial_GTAC35378[[#This Row],[Adj.AnnualRental]])*(1+Table_Provincial_GTAC35378[[#This Row],[TnTEscalation]])^4,((((MATRIX2!X27*Table_Provincial_GTAC35378[[#This Row],[Adj.AnnualRental]])*(1+Table_Provincial_GTAC35378[[#This Row],[TnTEscalation]])^4)+(MATRIX2!P27*IF(IF('MAIN-INTERFACE'!$D$2=\"No\",Table_Provincial_GTAC35378[[#This Row],[Adj.AnnualRental]],(Table_Provincial_GTAC35378[[#This Row],[RtmAnnualRental]])*(1+(IF('MAIN-INTERFACE'!$D$2=\"No\",0,'MAIN-INTERFACE'!$D$4))^(COUNTIF(MATRIX2!M27:P27,0))))*(1+(IF('MAIN-INTERFACE'!$D$2=\"No\",0,'MAIN-INTERFACE'!$D$8)))^4<Table_Provincial_GTAC35378[[#This Row],[Adj.AnnualRental]],(Table_Provincial_GTAC35378[[#This Row],[RtmAnnualRental]])*(1+(IF('MAIN-INTERFACE'!$D$2=\"No\",0,'MAIN-INTERFACE'!$D$4))^(COUNTIF(MATRIX2!M27:P27,0)))*(1+(IF('MAIN-INTERFACE'!$D$2=\"No\",0,'MAIN-INTERFACE'!$D$8)))^MATRIX2!F27,Table_Provincial_GTAC35378[[#This Row],[Adj.AnnualRental]])*(1+(IF('MAIN-INTERFACE'!$D$2=\"No\",Table_Provincial_GTAC35378[[#This Row],[TnTEscalation]],'MAIN-INTERFACE'!$G$2)))^(IF((COUNTIF(MATRIX2!M27:P27,\">0\")-1)<0,0,COUNTIF(MATRIX2!M27:P27,\">0\")))))))","v":592071.37568960967},{"$f":"IF('MAIN-INTERFACE'!$D$2=\"No\",(Table_Provincial_GTAC35378[[#This Row],[Adj.AnnualRental]])*(1+Table_Provincial_GTAC35378[[#This Row],[TnTEscalation]])^5,(((MATRIX2!Y27*Table_Provincial_GTAC35378[[#This Row],[Adj.AnnualRental]])*(1+Table_Provincial_GTAC35378[[#This Row],[TnTEscalation]])^5)+(MATRIX2!Q27*IF(IF('MAIN-INTERFACE'!$D$2=\"No\",Table_Provincial_GTAC35378[[#This Row],[Adj.AnnualRental]],(Table_Provincial_GTAC35378[[#This Row],[RtmAnnualRental]])*(1+(IF('MAIN-INTERFACE'!$D$2=\"No\",0,'MAIN-INTERFACE'!$D$4))^(COUNTIF(MATRIX2!M27:Q27,0))))*(1+(IF('MAIN-INTERFACE'!$D$2=\"No\",0,'MAIN-INTERFACE'!$D$8)))^5<Table_Provincial_GTAC35378[[#This Row],[Adj.AnnualRental]],(Table_Provincial_GTAC35378[[#This Row],[RtmAnnualRental]])*(1+(IF('MAIN-INTERFACE'!$D$2=\"No\",0,'MAIN-INTERFACE'!$D$4))^(COUNTIF(MATRIX2!M27:Q27,0)))*(1+(IF('MAIN-INTERFACE'!$D$2=\"No\",0,'MAIN-INTERFACE'!$D$8)))^MATRIX2!G27,Table_Provincial_GTAC35378[[#This Row],[Adj.AnnualRental]])*(1+(IF('MAIN-INTERFACE'!$D$2=\"No\",Table_Provincial_GTAC35378[[#This Row],[TnTEscalation]],'MAIN-INTERFACE'!$G$2)))^(IF((COUNTIF(MATRIX2!M27:Q27,\">0\")-1)<0,0,COUNTIF(MATRIX2!M27:Q27,\">0\"))))))","v":588973.11022499995},{"$f":"IF('MAIN-INTERFACE'!$D$2=\"No\",(Table_Provincial_GTAC35378[[#This Row],[Adj.AnnualRental]])*(1+Table_Provincial_GTAC35378[[#This Row],[TnTEscalation]])^6,(((MATRIX2!Z27*Table_Provincial_GTAC35378[[#This Row],[Adj.AnnualRental]])*(1+Table_Provincial_GTAC35378[[#This Row],[TnTEscalation]])^6)+(MATRIX2!R27*IF(IF('MAIN-INTERFACE'!$D$2=\"No\",Table_Provincial_GTAC35378[[#This Row],[Adj.AnnualRental]],(Table_Provincial_GTAC35378[[#This Row],[RtmAnnualRental]])*(1+(IF('MAIN-INTERFACE'!$D$2=\"No\",0,'MAIN-INTERFACE'!$D$4))^(COUNTIF(MATRIX2!M27:R27,0))))*(1+(IF('MAIN-INTERFACE'!$D$2=\"No\",0,'MAIN-INTERFACE'!$D$8)))^6<Table_Provincial_GTAC35378[[#This Row],[Adj.AnnualRental]],(Table_Provincial_GTAC35378[[#This Row],[RtmAnnualRental]])*(1+(IF('MAIN-INTERFACE'!$D$2=\"No\",0,'MAIN-INTERFACE'!$D$4))^(COUNTIF(MATRIX2!M27:R27,0)))*(1+(IF('MAIN-INTERFACE'!$D$2=\"No\",0,'MAIN-INTERFACE'!$D$8)))^MATRIX2!H27,Table_Provincial_GTAC35378[[#This Row],[Adj.AnnualRental]])*(1+(IF('MAIN-INTERFACE'!$D$2=\"No\",Table_Provincial_GTAC35378[[#This Row],[TnTEscalation]],'MAIN-INTERFACE'!$G$2)))^(IF((COUNTIF(MATRIX2!M27:R27,\">0\")-1)<0,0,COUNTIF(MATRIX2!M27:R27,\">0\"))))))","v":633146.09349187498},{"$f":"IF('MAIN-INTERFACE'!$D$2=\"No\",(Table_Provincial_GTAC35378[[#This Row],[Adj.AnnualRental]])*(1+Table_Provincial_GTAC35378[[#This Row],[TnTEscalation]])^7,(((MATRIX2!AA27*Table_Provincial_GTAC35378[[#This Row],[Adj.AnnualRental]])*(1+Table_Provincial_GTAC35378[[#This Row],[TnTEscalation]])^7)+(MATRIX2!S27*IF(IF('MAIN-INTERFACE'!$D$2=\"No\",Table_Provincial_GTAC35378[[#This Row],[Adj.AnnualRental]],(Table_Provincial_GTAC35378[[#This Row],[RtmAnnualRental]])*(1+(IF('MAIN-INTERFACE'!$D$2=\"No\",0,'MAIN-INTERFACE'!$D$4))^(COUNTIF(MATRIX2!M27:S27,0))))*(1+(IF('MAIN-INTERFACE'!$D$2=\"No\",0,'MAIN-INTERFACE'!$D$8)))^7<Table_Provincial_GTAC35378[[#This Row],[Adj.AnnualRental]],(Table_Provincial_GTAC35378[[#This Row],[RtmAnnualRental]])*(1+(IF('MAIN-INTERFACE'!$D$2=\"No\",0,'MAIN-INTERFACE'!$D$4))^(COUNTIF(MATRIX2!M27:S27,0)))*(1+(IF('MAIN-INTERFACE'!$D$2=\"No\",0,'MAIN-INTERFACE'!$D$8)))^MATRIX2!I27,Table_Provincial_GTAC35378[[#This Row],[Adj.AnnualRental]])*(1+(IF('MAIN-INTERFACE'!$D$2=\"No\",Table_Provincial_GTAC35378[[#This Row],[TnTEscalation]],'MAIN-INTERFACE'!$G$2)))^(IF((COUNTIF(MATRIX2!M27:S27,\">0\")-1)<0,0,COUNTIF(MATRIX2!M27:S27,\">0\"))))))","v":680632.05050376558},{"$f":"SUM(Table_Provincial_GTAC35378[[#This Row],[FY 2018/19]:[FY 2023/24]])","v":3716941.8336271252}]
[{"$f":"Table_Provincial_GTAC3536[[#This Row],[SystemID]]","v":29},{"$f":"VLOOKUP($A28,DATA2!$A$2:$S$607,2,FALSE)","v":"KZN"},{"$f":"VLOOKUP($A28,DATA2!$A$2:$S$607,3,FALSE)","v":"KwaZulu-Natal"},{"$f":"VLOOKUP($A28,DATA2!$A$2:$S$607,4,FALSE)","v":128.91178637200736},{"$f":"VLOOKUP($A28,DATA2!$A$2:$S$607,5,FALSE)","v":77.5},{"$f":"VLOOKUP($A28,DATA2!$A$2:$S$607,6,FALSE)","v":"VTSD"},{"$f":"VLOOKUP($A28,DATA2!$A$2:$S$607,7,FALSE)","v":543},{"$f":"VLOOKUP($A28,DATA2!$A$2:$S$607,8,FALSE)","v":true},{"$f":"VLOOKUP($A28,DATA2!$A$2:$S$607,9,FALSE)","v":0.09},{"$f":"VLOOKUP($A28,DATA2!$A$2:$S$607,10,FALSE)","v":69999.100000000006},{"$f":"VLOOKUP($A28,DATA2!$A$2:$S$607,11,FALSE)","v":839989.2},{"$f":"Table_Provincial_GTAC35378[[#This Row],[Benchmark]]*Table_Provincial_GTAC35378[[#This Row],[ExtentM2]]*12","v":504990},{"$f":"VLOOKUP($A28,DATA2!$A$2:$S$607,12,FALSE)","v":"2014-06-01"},{"$f":"VLOOKUP($A28,DATA2!$A$2:$S$607,13,FALSE)","v":"2019-05-31"},{"$f":"VLOOKUP($A28,DATA2!$A$2:$S$607,14,FALSE)","v":"No"},{"$f":"IF(MATRIX2!D28=1,($Y$8-$X$2)/365*Table_Provincial_GTAC35378[[#This Row],[Adj.AnnualRental]]*MATRIX2!D28,($Y$8-$X$2)/365*Table_Provincial_GTAC35378[[#This Row],[Adj.AnnualRental]])","v":-3040070.5019178079},{"$f":"IF('MAIN-INTERFACE'!$D$2=\"No\",(Table_Provincial_GTAC35378[[#This Row],[Adj.AnnualRental]])*(1+Table_Provincial_GTAC35378[[#This Row],[TnTEscalation]])^2,\n    (((MATRIX2!V28*Table_Provincial_GTAC35378[[#This Row],[Adj.AnnualRental]])*(1+Table_Provincial_GTAC35378[[#This Row],[TnTEscalation]])^2)+\n       (MATRIX2!N28* IF(IF('MAIN-INTERFACE'!$D$2=\"No\",Table_Provincial_GTAC35378[[#This Row],[Adj.AnnualRental]],(Table_Provincial_GTAC35378[[#This Row],[RtmAnnualRental]])*(1+\n                                 (IF('MAIN-INTERFACE'!$D$2=\"No\",0,'MAIN-INTERFACE'!$D$4))^(COUNTIF(MATRIX2!M28:N28,0))))*(1+\n                                 (IF('MAIN-INTERFACE'!$D$2=\"No\",0,'MAIN-INTERFACE'!$D$8)))^2<Table_Provincial_GTAC35378[[#This Row],[Adj.AnnualRental]],(Table_Provincial_GTAC35378[[#This Row],[RtmAnnualRental]])*(1+\n\n                                 (IF('MAIN-INTERFACE'!$D$2=\"No\",0,'MAIN-INTERFACE'!$D$4))^(COUNTIF(MATRIX2!M28:N28,0)))*(1+\n                                 (IF('MAIN-INTERFACE'!$D$2=\"No\",0,'MAIN-INTERFACE'!$D$8)))^MATRIX2!D28,Table_Provincial_GTAC35378[[#This Row],[Adj.AnnualRental]])*(1+\n\n                                (IF('MAIN-INTERFACE'!$D$2=\"No\",Table_Provincial_GTAC35378[[#This Row],[TnTEscalation]],'MAIN-INTERFACE'!$G$2)))^\n                                 (IF((COUNTIF(MATRIX2!M28:N28,\">0\")-1)<0,0,COUNTIF(MATRIX2!M28:N28,\">0\"))))))","v":997991.16852000006},{"$f":"IF('MAIN-INTERFACE'!$D$2=\"No\",(Table_Provincial_GTAC35378[[#This Row],[Adj.AnnualRental]])*(1+Table_Provincial_GTAC35378[[#This Row],[TnTEscalation]])^3,(((MATRIX2!W28*Table_Provincial_GTAC35378[[#This Row],[Adj.AnnualRental]])*(1+Table_Provincial_GTAC35378[[#This Row],[TnTEscalation]])^3)+(MATRIX2!O28*IF(IF('MAIN-INTERFACE'!$D$2=\"No\",Table_Provincial_GTAC35378[[#This Row],[Adj.AnnualRental]],(Table_Provincial_GTAC35378[[#This Row],[RtmAnnualRental]])*(1+(IF('MAIN-INTERFACE'!$D$2=\"No\",0,'MAIN-INTERFACE'!$D$4))^(COUNTIF(MATRIX2!M28:O28,0))))*(1+(IF('MAIN-INTERFACE'!$D$2=\"No\",0,'MAIN-INTERFACE'!$D$8)))^3<Table_Provincial_GTAC35378[[#This Row],[Adj.AnnualRental]],(Table_Provincial_GTAC35378[[#This Row],[RtmAnnualRental]])*(1+(IF('MAIN-INTERFACE'!$D$2=\"No\",0,'MAIN-INTERFACE'!$D$4))^(COUNTIF(MATRIX2!M28:O28,0)))*(1+(IF('MAIN-INTERFACE'!$D$2=\"No\",0,'MAIN-INTERFACE'!$D$8)))^MATRIX2!E28,Table_Provincial_GTAC35378[[#This Row],[Adj.AnnualRental]])*(1+(IF('MAIN-INTERFACE'!$D$2=\"No\",Table_Provincial_GTAC35378[[#This Row],[TnTEscalation]],'MAIN-INTERFACE'!$G$2)))^(IF((COUNTIF(MATRIX2!M28:O28,\">0\")-1)<0,0,COUNTIF(MATRIX2!M28:O28,\">0\"))))))","v":903718.38382510201},{"$f":"IF('MAIN-INTERFACE'!$D$2=\"No\",(Table_Provincial_GTAC35378[[#This Row],[Adj.AnnualRental]])*(1+Table_Provincial_GTAC35378[[#This Row],[TnTEscalation]])^4,((((MATRIX2!X28*Table_Provincial_GTAC35378[[#This Row],[Adj.AnnualRental]])*(1+Table_Provincial_GTAC35378[[#This Row],[TnTEscalation]])^4)+(MATRIX2!P28*IF(IF('MAIN-INTERFACE'!$D$2=\"No\",Table_Provincial_GTAC35378[[#This Row],[Adj.AnnualRental]],(Table_Provincial_GTAC35378[[#This Row],[RtmAnnualRental]])*(1+(IF('MAIN-INTERFACE'!$D$2=\"No\",0,'MAIN-INTERFACE'!$D$4))^(COUNTIF(MATRIX2!M28:P28,0))))*(1+(IF('MAIN-INTERFACE'!$D$2=\"No\",0,'MAIN-INTERFACE'!$D$8)))^4<Table_Provincial_GTAC35378[[#This Row],[Adj.AnnualRental]],(Table_Provincial_GTAC35378[[#This Row],[RtmAnnualRental]])*(1+(IF('MAIN-INTERFACE'!$D$2=\"No\",0,'MAIN-INTERFACE'!$D$4))^(COUNTIF(MATRIX2!M28:P28,0)))*(1+(IF('MAIN-INTERFACE'!$D$2=\"No\",0,'MAIN-INTERFACE'!$D$8)))^MATRIX2!F28,Table_Provincial_GTAC35378[[#This Row],[Adj.AnnualRental]])*(1+(IF('MAIN-INTERFACE'!$D$2=\"No\",Table_Provincial_GTAC35378[[#This Row],[TnTEscalation]],'MAIN-INTERFACE'!$G$2)))^(IF((COUNTIF(MATRIX2!M28:P28,\">0\")-1)<0,0,COUNTIF(MATRIX2!M28:P28,\">0\")))))))","v":584512.79525999993},{"$f":"IF('MAIN-INTERFACE'!$D$2=\"No\",(Table_Provincial_GTAC35378[[#This Row],[Adj.AnnualRental]])*(1+Table_Provincial_GTAC35378[[#This Row],[TnTEscalation]])^5,(((MATRIX2!Y28*Table_Provincial_GTAC35378[[#This Row],[Adj.AnnualRental]])*(1+Table_Provincial_GTAC35378[[#This Row],[TnTEscalation]])^5)+(MATRIX2!Q28*IF(IF('MAIN-INTERFACE'!$D$2=\"No\",Table_Provincial_GTAC35378[[#This Row],[Adj.AnnualRental]],(Table_Provincial_GTAC35378[[#This Row],[RtmAnnualRental]])*(1+(IF('MAIN-INTERFACE'!$D$2=\"No\",0,'MAIN-INTERFACE'!$D$4))^(COUNTIF(MATRIX2!M28:Q28,0))))*(1+(IF('MAIN-INTERFACE'!$D$2=\"No\",0,'MAIN-INTERFACE'!$D$8)))^5<Table_Provincial_GTAC35378[[#This Row],[Adj.AnnualRental]],(Table_Provincial_GTAC35378[[#This Row],[RtmAnnualRental]])*(1+(IF('MAIN-INTERFACE'!$D$2=\"No\",0,'MAIN-INTERFACE'!$D$4))^(COUNTIF(MATRIX2!M28:Q28,0)))*(1+(IF('MAIN-INTERFACE'!$D$2=\"No\",0,'MAIN-INTERFACE'!$D$8)))^MATRIX2!G28,Table_Provincial_GTAC35378[[#This Row],[Adj.AnnualRental]])*(1+(IF('MAIN-INTERFACE'!$D$2=\"No\",Table_Provincial_GTAC35378[[#This Row],[TnTEscalation]],'MAIN-INTERFACE'!$G$2)))^(IF((COUNTIF(MATRIX2!M28:Q28,\">0\")-1)<0,0,COUNTIF(MATRIX2!M28:Q28,\">0\"))))))","v":628351.25490449998},{"$f":"IF('MAIN-INTERFACE'!$D$2=\"No\",(Table_Provincial_GTAC35378[[#This Row],[Adj.AnnualRental]])*(1+Table_Provincial_GTAC35378[[#This Row],[TnTEscalation]])^6,(((MATRIX2!Z28*Table_Provincial_GTAC35378[[#This Row],[Adj.AnnualRental]])*(1+Table_Provincial_GTAC35378[[#This Row],[TnTEscalation]])^6)+(MATRIX2!R28*IF(IF('MAIN-INTERFACE'!$D$2=\"No\",Table_Provincial_GTAC35378[[#This Row],[Adj.AnnualRental]],(Table_Provincial_GTAC35378[[#This Row],[RtmAnnualRental]])*(1+(IF('MAIN-INTERFACE'!$D$2=\"No\",0,'MAIN-INTERFACE'!$D$4))^(COUNTIF(MATRIX2!M28:R28,0))))*(1+(IF('MAIN-INTERFACE'!$D$2=\"No\",0,'MAIN-INTERFACE'!$D$8)))^6<Table_Provincial_GTAC35378[[#This Row],[Adj.AnnualRental]],(Table_Provincial_GTAC35378[[#This Row],[RtmAnnualRental]])*(1+(IF('MAIN-INTERFACE'!$D$2=\"No\",0,'MAIN-INTERFACE'!$D$4))^(COUNTIF(MATRIX2!M28:R28,0)))*(1+(IF('MAIN-INTERFACE'!$D$2=\"No\",0,'MAIN-INTERFACE'!$D$8)))^MATRIX2!H28,Table_Provincial_GTAC35378[[#This Row],[Adj.AnnualRental]])*(1+(IF('MAIN-INTERFACE'!$D$2=\"No\",Table_Provincial_GTAC35378[[#This Row],[TnTEscalation]],'MAIN-INTERFACE'!$G$2)))^(IF((COUNTIF(MATRIX2!M28:R28,\">0\")-1)<0,0,COUNTIF(MATRIX2!M28:R28,\">0\"))))))","v":675477.59902233747},{"$f":"IF('MAIN-INTERFACE'!$D$2=\"No\",(Table_Provincial_GTAC35378[[#This Row],[Adj.AnnualRental]])*(1+Table_Provincial_GTAC35378[[#This Row],[TnTEscalation]])^7,(((MATRIX2!AA28*Table_Provincial_GTAC35378[[#This Row],[Adj.AnnualRental]])*(1+Table_Provincial_GTAC35378[[#This Row],[TnTEscalation]])^7)+(MATRIX2!S28*IF(IF('MAIN-INTERFACE'!$D$2=\"No\",Table_Provincial_GTAC35378[[#This Row],[Adj.AnnualRental]],(Table_Provincial_GTAC35378[[#This Row],[RtmAnnualRental]])*(1+(IF('MAIN-INTERFACE'!$D$2=\"No\",0,'MAIN-INTERFACE'!$D$4))^(COUNTIF(MATRIX2!M28:S28,0))))*(1+(IF('MAIN-INTERFACE'!$D$2=\"No\",0,'MAIN-INTERFACE'!$D$8)))^7<Table_Provincial_GTAC35378[[#This Row],[Adj.AnnualRental]],(Table_Provincial_GTAC35378[[#This Row],[RtmAnnualRental]])*(1+(IF('MAIN-INTERFACE'!$D$2=\"No\",0,'MAIN-INTERFACE'!$D$4))^(COUNTIF(MATRIX2!M28:S28,0)))*(1+(IF('MAIN-INTERFACE'!$D$2=\"No\",0,'MAIN-INTERFACE'!$D$8)))^MATRIX2!I28,Table_Provincial_GTAC35378[[#This Row],[Adj.AnnualRental]])*(1+(IF('MAIN-INTERFACE'!$D$2=\"No\",Table_Provincial_GTAC35378[[#This Row],[TnTEscalation]],'MAIN-INTERFACE'!$G$2)))^(IF((COUNTIF(MATRIX2!M28:S28,\">0\")-1)<0,0,COUNTIF(MATRIX2!M28:S28,\">0\"))))))","v":726138.41894901276},{"$f":"SUM(Table_Provincial_GTAC35378[[#This Row],[FY 2018/19]:[FY 2023/24]])","v":4516189.6204809519}]
[{"$f":"Table_Provincial_GTAC3536[[#This Row],[SystemID]]","v":30},{"$f":"VLOOKUP($A29,DATA2!$A$2:$S$607,2,FALSE)","v":"KZN"},{"$f":"VLOOKUP($A29,DATA2!$A$2:$S$607,3,FALSE)","v":"KwaZulu-Natal"},{"$f":"VLOOKUP($A29,DATA2!$A$2:$S$607,4,FALSE)","v":128.3821686007297},{"$f":"VLOOKUP($A29,DATA2!$A$2:$S$607,5,FALSE)","v":110},{"$f":"VLOOKUP($A29,DATA2!$A$2:$S$607,6,FALSE)","v":"CBD"},{"$f":"VLOOKUP($A29,DATA2!$A$2:$S$607,7,FALSE)","v":7101.63},{"$f":"VLOOKUP($A29,DATA2!$A$2:$S$607,8,FALSE)","v":true},{"$f":"VLOOKUP($A29,DATA2!$A$2:$S$607,9,FALSE)","v":7.0000000000000007E-2},{"$f":"VLOOKUP($A29,DATA2!$A$2:$S$607,10,FALSE)","v":911722.66},{"$f":"VLOOKUP($A29,DATA2!$A$2:$S$607,11,FALSE)","v":10940671.92},{"$f":"Table_Provincial_GTAC35378[[#This Row],[Benchmark]]*Table_Provincial_GTAC35378[[#This Row],[ExtentM2]]*12","v":9374151.6000000015},{"$f":"VLOOKUP($A29,DATA2!$A$2:$S$607,12,FALSE)","v":"2015-01-01"},{"$f":"VLOOKUP($A29,DATA2!$A$2:$S$607,13,FALSE)","v":"2019-12-31"},{"$f":"VLOOKUP($A29,DATA2!$A$2:$S$607,14,FALSE)","v":"No"},{"$f":"IF(MATRIX2!D29=1,($Y$8-$X$2)/365*Table_Provincial_GTAC35378[[#This Row],[Adj.AnnualRental]]*MATRIX2!D29,($Y$8-$X$2)/365*Table_Provincial_GTAC35378[[#This Row],[Adj.AnnualRental]])","v":-39596240.017315067},{"$f":"IF('MAIN-INTERFACE'!$D$2=\"No\",(Table_Provincial_GTAC35378[[#This Row],[Adj.AnnualRental]])*(1+Table_Provincial_GTAC35378[[#This Row],[TnTEscalation]])^2,\n    (((MATRIX2!V29*Table_Provincial_GTAC35378[[#This Row],[Adj.AnnualRental]])*(1+Table_Provincial_GTAC35378[[#This Row],[TnTEscalation]])^2)+\n       (MATRIX2!N29* IF(IF('MAIN-INTERFACE'!$D$2=\"No\",Table_Provincial_GTAC35378[[#This Row],[Adj.AnnualRental]],(Table_Provincial_GTAC35378[[#This Row],[RtmAnnualRental]])*(1+\n                                 (IF('MAIN-INTERFACE'!$D$2=\"No\",0,'MAIN-INTERFACE'!$D$4))^(COUNTIF(MATRIX2!M29:N29,0))))*(1+\n                                 (IF('MAIN-INTERFACE'!$D$2=\"No\",0,'MAIN-INTERFACE'!$D$8)))^2<Table_Provincial_GTAC35378[[#This Row],[Adj.AnnualRental]],(Table_Provincial_GTAC35378[[#This Row],[RtmAnnualRental]])*(1+\n\n                                 (IF('MAIN-INTERFACE'!$D$2=\"No\",0,'MAIN-INTERFACE'!$D$4))^(COUNTIF(MATRIX2!M29:N29,0)))*(1+\n                                 (IF('MAIN-INTERFACE'!$D$2=\"No\",0,'MAIN-INTERFACE'!$D$8)))^MATRIX2!D29,Table_Provincial_GTAC35378[[#This Row],[Adj.AnnualRental]])*(1+\n\n                                (IF('MAIN-INTERFACE'!$D$2=\"No\",Table_Provincial_GTAC35378[[#This Row],[TnTEscalation]],'MAIN-INTERFACE'!$G$2)))^\n                                 (IF((COUNTIF(MATRIX2!M29:N29,\">0\")-1)<0,0,COUNTIF(MATRIX2!M29:N29,\">0\"))))))","v":12525975.281208001},{"$f":"IF('MAIN-INTERFACE'!$D$2=\"No\",(Table_Provincial_GTAC35378[[#This Row],[Adj.AnnualRental]])*(1+Table_Provincial_GTAC35378[[#This Row],[TnTEscalation]])^3,(((MATRIX2!W29*Table_Provincial_GTAC35378[[#This Row],[Adj.AnnualRental]])*(1+Table_Provincial_GTAC35378[[#This Row],[TnTEscalation]])^3)+(MATRIX2!O29*IF(IF('MAIN-INTERFACE'!$D$2=\"No\",Table_Provincial_GTAC35378[[#This Row],[Adj.AnnualRental]],(Table_Provincial_GTAC35378[[#This Row],[RtmAnnualRental]])*(1+(IF('MAIN-INTERFACE'!$D$2=\"No\",0,'MAIN-INTERFACE'!$D$4))^(COUNTIF(MATRIX2!M29:O29,0))))*(1+(IF('MAIN-INTERFACE'!$D$2=\"No\",0,'MAIN-INTERFACE'!$D$8)))^3<Table_Provincial_GTAC35378[[#This Row],[Adj.AnnualRental]],(Table_Provincial_GTAC35378[[#This Row],[RtmAnnualRental]])*(1+(IF('MAIN-INTERFACE'!$D$2=\"No\",0,'MAIN-INTERFACE'!$D$4))^(COUNTIF(MATRIX2!M29:O29,0)))*(1+(IF('MAIN-INTERFACE'!$D$2=\"No\",0,'MAIN-INTERFACE'!$D$8)))^MATRIX2!E29,Table_Provincial_GTAC35378[[#This Row],[Adj.AnnualRental]])*(1+(IF('MAIN-INTERFACE'!$D$2=\"No\",Table_Provincial_GTAC35378[[#This Row],[TnTEscalation]],'MAIN-INTERFACE'!$G$2)))^(IF((COUNTIF(MATRIX2!M29:O29,\">0\")-1)<0,0,COUNTIF(MATRIX2!M29:O29,\">0\"))))))","v":13402793.550892562},{"$f":"IF('MAIN-INTERFACE'!$D$2=\"No\",(Table_Provincial_GTAC35378[[#This Row],[Adj.AnnualRental]])*(1+Table_Provincial_GTAC35378[[#This Row],[TnTEscalation]])^4,((((MATRIX2!X29*Table_Provincial_GTAC35378[[#This Row],[Adj.AnnualRental]])*(1+Table_Provincial_GTAC35378[[#This Row],[TnTEscalation]])^4)+(MATRIX2!P29*IF(IF('MAIN-INTERFACE'!$D$2=\"No\",Table_Provincial_GTAC35378[[#This Row],[Adj.AnnualRental]],(Table_Provincial_GTAC35378[[#This Row],[RtmAnnualRental]])*(1+(IF('MAIN-INTERFACE'!$D$2=\"No\",0,'MAIN-INTERFACE'!$D$4))^(COUNTIF(MATRIX2!M29:P29,0))))*(1+(IF('MAIN-INTERFACE'!$D$2=\"No\",0,'MAIN-INTERFACE'!$D$8)))^4<Table_Provincial_GTAC35378[[#This Row],[Adj.AnnualRental]],(Table_Provincial_GTAC35378[[#This Row],[RtmAnnualRental]])*(1+(IF('MAIN-INTERFACE'!$D$2=\"No\",0,'MAIN-INTERFACE'!$D$4))^(COUNTIF(MATRIX2!M29:P29,0)))*(1+(IF('MAIN-INTERFACE'!$D$2=\"No\",0,'MAIN-INTERFACE'!$D$8)))^MATRIX2!F29,Table_Provincial_GTAC35378[[#This Row],[Adj.AnnualRental]])*(1+(IF('MAIN-INTERFACE'!$D$2=\"No\",Table_Provincial_GTAC35378[[#This Row],[TnTEscalation]],'MAIN-INTERFACE'!$G$2)))^(IF((COUNTIF(MATRIX2!M29:P29,\">0\")-1)<0,0,COUNTIF(MATRIX2!M29:P29,\">0\")))))))","v":11134880.8499812},{"$f":"IF('MAIN-INTERFACE'!$D$2=\"No\",(Table_Provincial_GTAC35378[[#This Row],[Adj.AnnualRental]])*(1+Table_Provincial_GTAC35378[[#This Row],[TnTEscalation]])^5,(((MATRIX2!Y29*Table_Provincial_GTAC35378[[#This Row],[Adj.AnnualRental]])*(1+Table_Provincial_GTAC35378[[#This Row],[TnTEscalation]])^5)+(MATRIX2!Q29*IF(IF('MAIN-INTERFACE'!$D$2=\"No\",Table_Provincial_GTAC35378[[#This Row],[Adj.AnnualRental]],(Table_Provincial_GTAC35378[[#This Row],[RtmAnnualRental]])*(1+(IF('MAIN-INTERFACE'!$D$2=\"No\",0,'MAIN-INTERFACE'!$D$4))^(COUNTIF(MATRIX2!M29:Q29,0))))*(1+(IF('MAIN-INTERFACE'!$D$2=\"No\",0,'MAIN-INTERFACE'!$D$8)))^5<Table_Provincial_GTAC35378[[#This Row],[Adj.AnnualRental]],(Table_Provincial_GTAC35378[[#This Row],[RtmAnnualRental]])*(1+(IF('MAIN-INTERFACE'!$D$2=\"No\",0,'MAIN-INTERFACE'!$D$4))^(COUNTIF(MATRIX2!M29:Q29,0)))*(1+(IF('MAIN-INTERFACE'!$D$2=\"No\",0,'MAIN-INTERFACE'!$D$8)))^MATRIX2!G29,Table_Provincial_GTAC35378[[#This Row],[Adj.AnnualRental]])*(1+(IF('MAIN-INTERFACE'!$D$2=\"No\",Table_Provincial_GTAC35378[[#This Row],[TnTEscalation]],'MAIN-INTERFACE'!$G$2)))^(IF((COUNTIF(MATRIX2!M29:Q29,\">0\")-1)<0,0,COUNTIF(MATRIX2!M29:Q29,\">0\"))))))","v":10833697.255002337},{"$f":"IF('MAIN-INTERFACE'!$D$2=\"No\",(Table_Provincial_GTAC35378[[#This Row],[Adj.AnnualRental]])*(1+Table_Provincial_GTAC35378[[#This Row],[TnTEscalation]])^6,(((MATRIX2!Z29*Table_Provincial_GTAC35378[[#This Row],[Adj.AnnualRental]])*(1+Table_Provincial_GTAC35378[[#This Row],[TnTEscalation]])^6)+(MATRIX2!R29*IF(IF('MAIN-INTERFACE'!$D$2=\"No\",Table_Provincial_GTAC35378[[#This Row],[Adj.AnnualRental]],(Table_Provincial_GTAC35378[[#This Row],[RtmAnnualRental]])*(1+(IF('MAIN-INTERFACE'!$D$2=\"No\",0,'MAIN-INTERFACE'!$D$4))^(COUNTIF(MATRIX2!M29:R29,0))))*(1+(IF('MAIN-INTERFACE'!$D$2=\"No\",0,'MAIN-INTERFACE'!$D$8)))^6<Table_Provincial_GTAC35378[[#This Row],[Adj.AnnualRental]],(Table_Provincial_GTAC35378[[#This Row],[RtmAnnualRental]])*(1+(IF('MAIN-INTERFACE'!$D$2=\"No\",0,'MAIN-INTERFACE'!$D$4))^(COUNTIF(MATRIX2!M29:R29,0)))*(1+(IF('MAIN-INTERFACE'!$D$2=\"No\",0,'MAIN-INTERFACE'!$D$8)))^MATRIX2!H29,Table_Provincial_GTAC35378[[#This Row],[Adj.AnnualRental]])*(1+(IF('MAIN-INTERFACE'!$D$2=\"No\",Table_Provincial_GTAC35378[[#This Row],[TnTEscalation]],'MAIN-INTERFACE'!$G$2)))^(IF((COUNTIF(MATRIX2!M29:R29,\">0\")-1)<0,0,COUNTIF(MATRIX2!M29:R29,\">0\"))))))","v":11646224.549127512},{"$f":"IF('MAIN-INTERFACE'!$D$2=\"No\",(Table_Provincial_GTAC35378[[#This Row],[Adj.AnnualRental]])*(1+Table_Provincial_GTAC35378[[#This Row],[TnTEscalation]])^7,(((MATRIX2!AA29*Table_Provincial_GTAC35378[[#This Row],[Adj.AnnualRental]])*(1+Table_Provincial_GTAC35378[[#This Row],[TnTEscalation]])^7)+(MATRIX2!S29*IF(IF('MAIN-INTERFACE'!$D$2=\"No\",Table_Provincial_GTAC35378[[#This Row],[Adj.AnnualRental]],(Table_Provincial_GTAC35378[[#This Row],[RtmAnnualRental]])*(1+(IF('MAIN-INTERFACE'!$D$2=\"No\",0,'MAIN-INTERFACE'!$D$4))^(COUNTIF(MATRIX2!M29:S29,0))))*(1+(IF('MAIN-INTERFACE'!$D$2=\"No\",0,'MAIN-INTERFACE'!$D$8)))^7<Table_Provincial_GTAC35378[[#This Row],[Adj.AnnualRental]],(Table_Provincial_GTAC35378[[#This Row],[RtmAnnualRental]])*(1+(IF('MAIN-INTERFACE'!$D$2=\"No\",0,'MAIN-INTERFACE'!$D$4))^(COUNTIF(MATRIX2!M29:S29,0)))*(1+(IF('MAIN-INTERFACE'!$D$2=\"No\",0,'MAIN-INTERFACE'!$D$8)))^MATRIX2!I29,Table_Provincial_GTAC35378[[#This Row],[Adj.AnnualRental]])*(1+(IF('MAIN-INTERFACE'!$D$2=\"No\",Table_Provincial_GTAC35378[[#This Row],[TnTEscalation]],'MAIN-INTERFACE'!$G$2)))^(IF((COUNTIF(MATRIX2!M29:S29,\">0\")-1)<0,0,COUNTIF(MATRIX2!M29:S29,\">0\"))))))","v":12519691.390312076},{"$f":"SUM(Table_Provincial_GTAC35378[[#This Row],[FY 2018/19]:[FY 2023/24]])","v":72063262.876523674}]
[{"$f":"Table_Provincial_GTAC3536[[#This Row],[SystemID]]","v":33},{"$f":"VLOOKUP($A30,DATA2!$A$2:$S$607,2,FALSE)","v":"KZN"},{"$f":"VLOOKUP($A30,DATA2!$A$2:$S$607,3,FALSE)","v":"KwaZulu-Natal"},{"$f":"VLOOKUP($A30,DATA2!$A$2:$S$607,4,FALSE)","v":139.36904000000001},{"$f":"VLOOKUP($A30,DATA2!$A$2:$S$607,5,FALSE)","v":110},{"$f":"VLOOKUP($A30,DATA2!$A$2:$S$607,6,FALSE)","v":"MAIN CENTRE"},{"$f":"VLOOKUP($A30,DATA2!$A$2:$S$607,7,FALSE)","v":500},{"$f":"VLOOKUP($A30,DATA2!$A$2:$S$607,8,FALSE)","v":true},{"$f":"VLOOKUP($A30,DATA2!$A$2:$S$607,9,FALSE)","v":0.08},{"$f":"VLOOKUP($A30,DATA2!$A$2:$S$607,10,FALSE)","v":69684.52},{"$f":"VLOOKUP($A30,DATA2!$A$2:$S$607,11,FALSE)","v":836214.24},{"$f":"Table_Provincial_GTAC35378[[#This Row],[Benchmark]]*Table_Provincial_GTAC35378[[#This Row],[ExtentM2]]*12","v":660000},{"$f":"VLOOKUP($A30,DATA2!$A$2:$S$607,12,FALSE)","v":"2013-03-01"},{"$f":"VLOOKUP($A30,DATA2!$A$2:$S$607,13,FALSE)","v":"2018-02-28"},{"$f":"VLOOKUP($A30,DATA2!$A$2:$S$607,14,FALSE)","v":"No"},{"$f":"IF(MATRIX2!D30=1,($Y$8-$X$2)/365*Table_Provincial_GTAC35378[[#This Row],[Adj.AnnualRental]]*MATRIX2!D30,($Y$8-$X$2)/365*Table_Provincial_GTAC35378[[#This Row],[Adj.AnnualRental]])","v":-3026408.2494246573},{"$f":"IF('MAIN-INTERFACE'!$D$2=\"No\",(Table_Provincial_GTAC35378[[#This Row],[Adj.AnnualRental]])*(1+Table_Provincial_GTAC35378[[#This Row],[TnTEscalation]])^2,\n    (((MATRIX2!V30*Table_Provincial_GTAC35378[[#This Row],[Adj.AnnualRental]])*(1+Table_Provincial_GTAC35378[[#This Row],[TnTEscalation]])^2)+\n       (MATRIX2!N30* IF(IF('MAIN-INTERFACE'!$D$2=\"No\",Table_Provincial_GTAC35378[[#This Row],[Adj.AnnualRental]],(Table_Provincial_GTAC35378[[#This Row],[RtmAnnualRental]])*(1+\n                                 (IF('MAIN-INTERFACE'!$D$2=\"No\",0,'MAIN-INTERFACE'!$D$4))^(COUNTIF(MATRIX2!M30:N30,0))))*(1+\n                                 (IF('MAIN-INTERFACE'!$D$2=\"No\",0,'MAIN-INTERFACE'!$D$8)))^2<Table_Provincial_GTAC35378[[#This Row],[Adj.AnnualRental]],(Table_Provincial_GTAC35378[[#This Row],[RtmAnnualRental]])*(1+\n\n                                 (IF('MAIN-INTERFACE'!$D$2=\"No\",0,'MAIN-INTERFACE'!$D$4))^(COUNTIF(MATRIX2!M30:N30,0)))*(1+\n                                 (IF('MAIN-INTERFACE'!$D$2=\"No\",0,'MAIN-INTERFACE'!$D$8)))^MATRIX2!D30,Table_Provincial_GTAC35378[[#This Row],[Adj.AnnualRental]])*(1+\n\n                                (IF('MAIN-INTERFACE'!$D$2=\"No\",Table_Provincial_GTAC35378[[#This Row],[TnTEscalation]],'MAIN-INTERFACE'!$G$2)))^\n                                 (IF((COUNTIF(MATRIX2!M30:N30,\">0\")-1)<0,0,COUNTIF(MATRIX2!M30:N30,\">0\"))))))","v":835799.95500046038},{"$f":"IF('MAIN-INTERFACE'!$D$2=\"No\",(Table_Provincial_GTAC35378[[#This Row],[Adj.AnnualRental]])*(1+Table_Provincial_GTAC35378[[#This Row],[TnTEscalation]])^3,(((MATRIX2!W30*Table_Provincial_GTAC35378[[#This Row],[Adj.AnnualRental]])*(1+Table_Provincial_GTAC35378[[#This Row],[TnTEscalation]])^3)+(MATRIX2!O30*IF(IF('MAIN-INTERFACE'!$D$2=\"No\",Table_Provincial_GTAC35378[[#This Row],[Adj.AnnualRental]],(Table_Provincial_GTAC35378[[#This Row],[RtmAnnualRental]])*(1+(IF('MAIN-INTERFACE'!$D$2=\"No\",0,'MAIN-INTERFACE'!$D$4))^(COUNTIF(MATRIX2!M30:O30,0))))*(1+(IF('MAIN-INTERFACE'!$D$2=\"No\",0,'MAIN-INTERFACE'!$D$8)))^3<Table_Provincial_GTAC35378[[#This Row],[Adj.AnnualRental]],(Table_Provincial_GTAC35378[[#This Row],[RtmAnnualRental]])*(1+(IF('MAIN-INTERFACE'!$D$2=\"No\",0,'MAIN-INTERFACE'!$D$4))^(COUNTIF(MATRIX2!M30:O30,0)))*(1+(IF('MAIN-INTERFACE'!$D$2=\"No\",0,'MAIN-INTERFACE'!$D$8)))^MATRIX2!E30,Table_Provincial_GTAC35378[[#This Row],[Adj.AnnualRental]])*(1+(IF('MAIN-INTERFACE'!$D$2=\"No\",Table_Provincial_GTAC35378[[#This Row],[TnTEscalation]],'MAIN-INTERFACE'!$G$2)))^(IF((COUNTIF(MATRIX2!M30:O30,\">0\")-1)<0,0,COUNTIF(MATRIX2!M30:O30,\">0\"))))))","v":793220.99999999988},{"$f":"IF('MAIN-INTERFACE'!$D$2=\"No\",(Table_Provincial_GTAC35378[[#This Row],[Adj.AnnualRental]])*(1+Table_Provincial_GTAC35378[[#This Row],[TnTEscalation]])^4,((((MATRIX2!X30*Table_Provincial_GTAC35378[[#This Row],[Adj.AnnualRental]])*(1+Table_Provincial_GTAC35378[[#This Row],[TnTEscalation]])^4)+(MATRIX2!P30*IF(IF('MAIN-INTERFACE'!$D$2=\"No\",Table_Provincial_GTAC35378[[#This Row],[Adj.AnnualRental]],(Table_Provincial_GTAC35378[[#This Row],[RtmAnnualRental]])*(1+(IF('MAIN-INTERFACE'!$D$2=\"No\",0,'MAIN-INTERFACE'!$D$4))^(COUNTIF(MATRIX2!M30:P30,0))))*(1+(IF('MAIN-INTERFACE'!$D$2=\"No\",0,'MAIN-INTERFACE'!$D$8)))^4<Table_Provincial_GTAC35378[[#This Row],[Adj.AnnualRental]],(Table_Provincial_GTAC35378[[#This Row],[RtmAnnualRental]])*(1+(IF('MAIN-INTERFACE'!$D$2=\"No\",0,'MAIN-INTERFACE'!$D$4))^(COUNTIF(MATRIX2!M30:P30,0)))*(1+(IF('MAIN-INTERFACE'!$D$2=\"No\",0,'MAIN-INTERFACE'!$D$8)))^MATRIX2!F30,Table_Provincial_GTAC35378[[#This Row],[Adj.AnnualRental]])*(1+(IF('MAIN-INTERFACE'!$D$2=\"No\",Table_Provincial_GTAC35378[[#This Row],[TnTEscalation]],'MAIN-INTERFACE'!$G$2)))^(IF((COUNTIF(MATRIX2!M30:P30,\">0\")-1)<0,0,COUNTIF(MATRIX2!M30:P30,\">0\")))))))","v":852712.57499999995},{"$f":"IF('MAIN-INTERFACE'!$D$2=\"No\",(Table_Provincial_GTAC35378[[#This Row],[Adj.AnnualRental]])*(1+Table_Provincial_GTAC35378[[#This Row],[TnTEscalation]])^5,(((MATRIX2!Y30*Table_Provincial_GTAC35378[[#This Row],[Adj.AnnualRental]])*(1+Table_Provincial_GTAC35378[[#This Row],[TnTEscalation]])^5)+(MATRIX2!Q30*IF(IF('MAIN-INTERFACE'!$D$2=\"No\",Table_Provincial_GTAC35378[[#This Row],[Adj.AnnualRental]],(Table_Provincial_GTAC35378[[#This Row],[RtmAnnualRental]])*(1+(IF('MAIN-INTERFACE'!$D$2=\"No\",0,'MAIN-INTERFACE'!$D$4))^(COUNTIF(MATRIX2!M30:Q30,0))))*(1+(IF('MAIN-INTERFACE'!$D$2=\"No\",0,'MAIN-INTERFACE'!$D$8)))^5<Table_Provincial_GTAC35378[[#This Row],[Adj.AnnualRental]],(Table_Provincial_GTAC35378[[#This Row],[RtmAnnualRental]])*(1+(IF('MAIN-INTERFACE'!$D$2=\"No\",0,'MAIN-INTERFACE'!$D$4))^(COUNTIF(MATRIX2!M30:Q30,0)))*(1+(IF('MAIN-INTERFACE'!$D$2=\"No\",0,'MAIN-INTERFACE'!$D$8)))^MATRIX2!G30,Table_Provincial_GTAC35378[[#This Row],[Adj.AnnualRental]])*(1+(IF('MAIN-INTERFACE'!$D$2=\"No\",Table_Provincial_GTAC35378[[#This Row],[TnTEscalation]],'MAIN-INTERFACE'!$G$2)))^(IF((COUNTIF(MATRIX2!M30:Q30,\">0\")-1)<0,0,COUNTIF(MATRIX2!M30:Q30,\">0\"))))))","v":916666.01812499994},{"$f":"IF('MAIN-INTERFACE'!$D$2=\"No\",(Table_Provincial_GTAC35378[[#This Row],[Adj.AnnualRental]])*(1+Table_Provincial_GTAC35378[[#This Row],[TnTEscalation]])^6,(((MATRIX2!Z30*Table_Provincial_GTAC35378[[#This Row],[Adj.AnnualRental]])*(1+Table_Provincial_GTAC35378[[#This Row],[TnTEscalation]])^6)+(MATRIX2!R30*IF(IF('MAIN-INTERFACE'!$D$2=\"No\",Table_Provincial_GTAC35378[[#This Row],[Adj.AnnualRental]],(Table_Provincial_GTAC35378[[#This Row],[RtmAnnualRental]])*(1+(IF('MAIN-INTERFACE'!$D$2=\"No\",0,'MAIN-INTERFACE'!$D$4))^(COUNTIF(MATRIX2!M30:R30,0))))*(1+(IF('MAIN-INTERFACE'!$D$2=\"No\",0,'MAIN-INTERFACE'!$D$8)))^6<Table_Provincial_GTAC35378[[#This Row],[Adj.AnnualRental]],(Table_Provincial_GTAC35378[[#This Row],[RtmAnnualRental]])*(1+(IF('MAIN-INTERFACE'!$D$2=\"No\",0,'MAIN-INTERFACE'!$D$4))^(COUNTIF(MATRIX2!M30:R30,0)))*(1+(IF('MAIN-INTERFACE'!$D$2=\"No\",0,'MAIN-INTERFACE'!$D$8)))^MATRIX2!H30,Table_Provincial_GTAC35378[[#This Row],[Adj.AnnualRental]])*(1+(IF('MAIN-INTERFACE'!$D$2=\"No\",Table_Provincial_GTAC35378[[#This Row],[TnTEscalation]],'MAIN-INTERFACE'!$G$2)))^(IF((COUNTIF(MATRIX2!M30:R30,\">0\")-1)<0,0,COUNTIF(MATRIX2!M30:R30,\">0\"))))))","v":985415.96948437497},{"$f":"IF('MAIN-INTERFACE'!$D$2=\"No\",(Table_Provincial_GTAC35378[[#This Row],[Adj.AnnualRental]])*(1+Table_Provincial_GTAC35378[[#This Row],[TnTEscalation]])^7,(((MATRIX2!AA30*Table_Provincial_GTAC35378[[#This Row],[Adj.AnnualRental]])*(1+Table_Provincial_GTAC35378[[#This Row],[TnTEscalation]])^7)+(MATRIX2!S30*IF(IF('MAIN-INTERFACE'!$D$2=\"No\",Table_Provincial_GTAC35378[[#This Row],[Adj.AnnualRental]],(Table_Provincial_GTAC35378[[#This Row],[RtmAnnualRental]])*(1+(IF('MAIN-INTERFACE'!$D$2=\"No\",0,'MAIN-INTERFACE'!$D$4))^(COUNTIF(MATRIX2!M30:S30,0))))*(1+(IF('MAIN-INTERFACE'!$D$2=\"No\",0,'MAIN-INTERFACE'!$D$8)))^7<Table_Provincial_GTAC35378[[#This Row],[Adj.AnnualRental]],(Table_Provincial_GTAC35378[[#This Row],[RtmAnnualRental]])*(1+(IF('MAIN-INTERFACE'!$D$2=\"No\",0,'MAIN-INTERFACE'!$D$4))^(COUNTIF(MATRIX2!M30:S30,0)))*(1+(IF('MAIN-INTERFACE'!$D$2=\"No\",0,'MAIN-INTERFACE'!$D$8)))^MATRIX2!I30,Table_Provincial_GTAC35378[[#This Row],[Adj.AnnualRental]])*(1+(IF('MAIN-INTERFACE'!$D$2=\"No\",Table_Provincial_GTAC35378[[#This Row],[TnTEscalation]],'MAIN-INTERFACE'!$G$2)))^(IF((COUNTIF(MATRIX2!M30:S30,\">0\")-1)<0,0,COUNTIF(MATRIX2!M30:S30,\">0\"))))))","v":1059322.1671957029},{"$f":"SUM(Table_Provincial_GTAC35378[[#This Row],[FY 2018/19]:[FY 2023/24]])","v":5443137.6848055385}]
[{"$f":"Table_Provincial_GTAC3536[[#This Row],[SystemID]]","v":34},{"$f":"VLOOKUP($A31,DATA2!$A$2:$S$607,2,FALSE)","v":"KZN"},{"$f":"VLOOKUP($A31,DATA2!$A$2:$S$607,3,FALSE)","v":"KwaZulu-Natal"},{"$f":"VLOOKUP($A31,DATA2!$A$2:$S$607,4,FALSE)","v":158.13691830403309},{"$f":"VLOOKUP($A31,DATA2!$A$2:$S$607,5,FALSE)","v":110},{"$f":"VLOOKUP($A31,DATA2!$A$2:$S$607,6,FALSE)","v":"MAIN CENTRE"},{"$f":"VLOOKUP($A31,DATA2!$A$2:$S$607,7,FALSE)","v":967},{"$f":"VLOOKUP($A31,DATA2!$A$2:$S$607,8,FALSE)","v":true},{"$f":"VLOOKUP($A31,DATA2!$A$2:$S$607,9,FALSE)","v":0.08},{"$f":"VLOOKUP($A31,DATA2!$A$2:$S$607,10,FALSE)","v":152918.39999999999},{"$f":"VLOOKUP($A31,DATA2!$A$2:$S$607,11,FALSE)","v":1835020.8},{"$f":"Table_Provincial_GTAC35378[[#This Row],[Benchmark]]*Table_Provincial_GTAC35378[[#This Row],[ExtentM2]]*12","v":1276440},{"$f":"VLOOKUP($A31,DATA2!$A$2:$S$607,12,FALSE)","v":"2012-09-01"},{"$f":"VLOOKUP($A31,DATA2!$A$2:$S$607,13,FALSE)","v":"2015-08-31"},{"$f":"VLOOKUP($A31,DATA2!$A$2:$S$607,14,FALSE)","v":"Yes"},{"$f":"IF(MATRIX2!D31=1,($Y$8-$X$2)/365*Table_Provincial_GTAC35378[[#This Row],[Adj.AnnualRental]]*MATRIX2!D31,($Y$8-$X$2)/365*Table_Provincial_GTAC35378[[#This Row],[Adj.AnnualRental]])","v":-6641267.0597260278},{"$f":"IF('MAIN-INTERFACE'!$D$2=\"No\",(Table_Provincial_GTAC35378[[#This Row],[Adj.AnnualRental]])*(1+Table_Provincial_GTAC35378[[#This Row],[TnTEscalation]])^2,\n    (((MATRIX2!V31*Table_Provincial_GTAC35378[[#This Row],[Adj.AnnualRental]])*(1+Table_Provincial_GTAC35378[[#This Row],[TnTEscalation]])^2)+\n       (MATRIX2!N31* IF(IF('MAIN-INTERFACE'!$D$2=\"No\",Table_Provincial_GTAC35378[[#This Row],[Adj.AnnualRental]],(Table_Provincial_GTAC35378[[#This Row],[RtmAnnualRental]])*(1+\n                                 (IF('MAIN-INTERFACE'!$D$2=\"No\",0,'MAIN-INTERFACE'!$D$4))^(COUNTIF(MATRIX2!M31:N31,0))))*(1+\n                                 (IF('MAIN-INTERFACE'!$D$2=\"No\",0,'MAIN-INTERFACE'!$D$8)))^2<Table_Provincial_GTAC35378[[#This Row],[Adj.AnnualRental]],(Table_Provincial_GTAC35378[[#This Row],[RtmAnnualRental]])*(1+\n\n                                 (IF('MAIN-INTERFACE'!$D$2=\"No\",0,'MAIN-INTERFACE'!$D$4))^(COUNTIF(MATRIX2!M31:N31,0)))*(1+\n                                 (IF('MAIN-INTERFACE'!$D$2=\"No\",0,'MAIN-INTERFACE'!$D$8)))^MATRIX2!D31,Table_Provincial_GTAC35378[[#This Row],[Adj.AnnualRental]])*(1+\n\n                                (IF('MAIN-INTERFACE'!$D$2=\"No\",Table_Provincial_GTAC35378[[#This Row],[TnTEscalation]],'MAIN-INTERFACE'!$G$2)))^\n                                 (IF((COUNTIF(MATRIX2!M31:N31,\">0\")-1)<0,0,COUNTIF(MATRIX2!M31:N31,\">0\"))))))","v":1783714.0905600002},{"$f":"IF('MAIN-INTERFACE'!$D$2=\"No\",(Table_Provincial_GTAC35378[[#This Row],[Adj.AnnualRental]])*(1+Table_Provincial_GTAC35378[[#This Row],[TnTEscalation]])^3,(((MATRIX2!W31*Table_Provincial_GTAC35378[[#This Row],[Adj.AnnualRental]])*(1+Table_Provincial_GTAC35378[[#This Row],[TnTEscalation]])^3)+(MATRIX2!O31*IF(IF('MAIN-INTERFACE'!$D$2=\"No\",Table_Provincial_GTAC35378[[#This Row],[Adj.AnnualRental]],(Table_Provincial_GTAC35378[[#This Row],[RtmAnnualRental]])*(1+(IF('MAIN-INTERFACE'!$D$2=\"No\",0,'MAIN-INTERFACE'!$D$4))^(COUNTIF(MATRIX2!M31:O31,0))))*(1+(IF('MAIN-INTERFACE'!$D$2=\"No\",0,'MAIN-INTERFACE'!$D$8)))^3<Table_Provincial_GTAC35378[[#This Row],[Adj.AnnualRental]],(Table_Provincial_GTAC35378[[#This Row],[RtmAnnualRental]])*(1+(IF('MAIN-INTERFACE'!$D$2=\"No\",0,'MAIN-INTERFACE'!$D$4))^(COUNTIF(MATRIX2!M31:O31,0)))*(1+(IF('MAIN-INTERFACE'!$D$2=\"No\",0,'MAIN-INTERFACE'!$D$8)))^MATRIX2!E31,Table_Provincial_GTAC35378[[#This Row],[Adj.AnnualRental]])*(1+(IF('MAIN-INTERFACE'!$D$2=\"No\",Table_Provincial_GTAC35378[[#This Row],[TnTEscalation]],'MAIN-INTERFACE'!$G$2)))^(IF((COUNTIF(MATRIX2!M31:O31,\">0\")-1)<0,0,COUNTIF(MATRIX2!M31:O31,\">0\"))))))","v":1534089.4139999999},{"$f":"IF('MAIN-INTERFACE'!$D$2=\"No\",(Table_Provincial_GTAC35378[[#This Row],[Adj.AnnualRental]])*(1+Table_Provincial_GTAC35378[[#This Row],[TnTEscalation]])^4,((((MATRIX2!X31*Table_Provincial_GTAC35378[[#This Row],[Adj.AnnualRental]])*(1+Table_Provincial_GTAC35378[[#This Row],[TnTEscalation]])^4)+(MATRIX2!P31*IF(IF('MAIN-INTERFACE'!$D$2=\"No\",Table_Provincial_GTAC35378[[#This Row],[Adj.AnnualRental]],(Table_Provincial_GTAC35378[[#This Row],[RtmAnnualRental]])*(1+(IF('MAIN-INTERFACE'!$D$2=\"No\",0,'MAIN-INTERFACE'!$D$4))^(COUNTIF(MATRIX2!M31:P31,0))))*(1+(IF('MAIN-INTERFACE'!$D$2=\"No\",0,'MAIN-INTERFACE'!$D$8)))^4<Table_Provincial_GTAC35378[[#This Row],[Adj.AnnualRental]],(Table_Provincial_GTAC35378[[#This Row],[RtmAnnualRental]])*(1+(IF('MAIN-INTERFACE'!$D$2=\"No\",0,'MAIN-INTERFACE'!$D$4))^(COUNTIF(MATRIX2!M31:P31,0)))*(1+(IF('MAIN-INTERFACE'!$D$2=\"No\",0,'MAIN-INTERFACE'!$D$8)))^MATRIX2!F31,Table_Provincial_GTAC35378[[#This Row],[Adj.AnnualRental]])*(1+(IF('MAIN-INTERFACE'!$D$2=\"No\",Table_Provincial_GTAC35378[[#This Row],[TnTEscalation]],'MAIN-INTERFACE'!$G$2)))^(IF((COUNTIF(MATRIX2!M31:P31,\">0\")-1)<0,0,COUNTIF(MATRIX2!M31:P31,\">0\")))))))","v":1649146.12005},{"$f":"IF('MAIN-INTERFACE'!$D$2=\"No\",(Table_Provincial_GTAC35378[[#This Row],[Adj.AnnualRental]])*(1+Table_Provincial_GTAC35378[[#This Row],[TnTEscalation]])^5,(((MATRIX2!Y31*Table_Provincial_GTAC35378[[#This Row],[Adj.AnnualRental]])*(1+Table_Provincial_GTAC35378[[#This Row],[TnTEscalation]])^5)+(MATRIX2!Q31*IF(IF('MAIN-INTERFACE'!$D$2=\"No\",Table_Provincial_GTAC35378[[#This Row],[Adj.AnnualRental]],(Table_Provincial_GTAC35378[[#This Row],[RtmAnnualRental]])*(1+(IF('MAIN-INTERFACE'!$D$2=\"No\",0,'MAIN-INTERFACE'!$D$4))^(COUNTIF(MATRIX2!M31:Q31,0))))*(1+(IF('MAIN-INTERFACE'!$D$2=\"No\",0,'MAIN-INTERFACE'!$D$8)))^5<Table_Provincial_GTAC35378[[#This Row],[Adj.AnnualRental]],(Table_Provincial_GTAC35378[[#This Row],[RtmAnnualRental]])*(1+(IF('MAIN-INTERFACE'!$D$2=\"No\",0,'MAIN-INTERFACE'!$D$4))^(COUNTIF(MATRIX2!M31:Q31,0)))*(1+(IF('MAIN-INTERFACE'!$D$2=\"No\",0,'MAIN-INTERFACE'!$D$8)))^MATRIX2!G31,Table_Provincial_GTAC35378[[#This Row],[Adj.AnnualRental]])*(1+(IF('MAIN-INTERFACE'!$D$2=\"No\",Table_Provincial_GTAC35378[[#This Row],[TnTEscalation]],'MAIN-INTERFACE'!$G$2)))^(IF((COUNTIF(MATRIX2!M31:Q31,\">0\")-1)<0,0,COUNTIF(MATRIX2!M31:Q31,\">0\"))))))","v":1772832.07905375},{"$f":"IF('MAIN-INTERFACE'!$D$2=\"No\",(Table_Provincial_GTAC35378[[#This Row],[Adj.AnnualRental]])*(1+Table_Provincial_GTAC35378[[#This Row],[TnTEscalation]])^6,(((MATRIX2!Z31*Table_Provincial_GTAC35378[[#This Row],[Adj.AnnualRental]])*(1+Table_Provincial_GTAC35378[[#This Row],[TnTEscalation]])^6)+(MATRIX2!R31*IF(IF('MAIN-INTERFACE'!$D$2=\"No\",Table_Provincial_GTAC35378[[#This Row],[Adj.AnnualRental]],(Table_Provincial_GTAC35378[[#This Row],[RtmAnnualRental]])*(1+(IF('MAIN-INTERFACE'!$D$2=\"No\",0,'MAIN-INTERFACE'!$D$4))^(COUNTIF(MATRIX2!M31:R31,0))))*(1+(IF('MAIN-INTERFACE'!$D$2=\"No\",0,'MAIN-INTERFACE'!$D$8)))^6<Table_Provincial_GTAC35378[[#This Row],[Adj.AnnualRental]],(Table_Provincial_GTAC35378[[#This Row],[RtmAnnualRental]])*(1+(IF('MAIN-INTERFACE'!$D$2=\"No\",0,'MAIN-INTERFACE'!$D$4))^(COUNTIF(MATRIX2!M31:R31,0)))*(1+(IF('MAIN-INTERFACE'!$D$2=\"No\",0,'MAIN-INTERFACE'!$D$8)))^MATRIX2!H31,Table_Provincial_GTAC35378[[#This Row],[Adj.AnnualRental]])*(1+(IF('MAIN-INTERFACE'!$D$2=\"No\",Table_Provincial_GTAC35378[[#This Row],[TnTEscalation]],'MAIN-INTERFACE'!$G$2)))^(IF((COUNTIF(MATRIX2!M31:R31,\">0\")-1)<0,0,COUNTIF(MATRIX2!M31:R31,\">0\"))))))","v":1905794.4849827813},{"$f":"IF('MAIN-INTERFACE'!$D$2=\"No\",(Table_Provincial_GTAC35378[[#This Row],[Adj.AnnualRental]])*(1+Table_Provincial_GTAC35378[[#This Row],[TnTEscalation]])^7,(((MATRIX2!AA31*Table_Provincial_GTAC35378[[#This Row],[Adj.AnnualRental]])*(1+Table_Provincial_GTAC35378[[#This Row],[TnTEscalation]])^7)+(MATRIX2!S31*IF(IF('MAIN-INTERFACE'!$D$2=\"No\",Table_Provincial_GTAC35378[[#This Row],[Adj.AnnualRental]],(Table_Provincial_GTAC35378[[#This Row],[RtmAnnualRental]])*(1+(IF('MAIN-INTERFACE'!$D$2=\"No\",0,'MAIN-INTERFACE'!$D$4))^(COUNTIF(MATRIX2!M31:S31,0))))*(1+(IF('MAIN-INTERFACE'!$D$2=\"No\",0,'MAIN-INTERFACE'!$D$8)))^7<Table_Provincial_GTAC35378[[#This Row],[Adj.AnnualRental]],(Table_Provincial_GTAC35378[[#This Row],[RtmAnnualRental]])*(1+(IF('MAIN-INTERFACE'!$D$2=\"No\",0,'MAIN-INTERFACE'!$D$4))^(COUNTIF(MATRIX2!M31:S31,0)))*(1+(IF('MAIN-INTERFACE'!$D$2=\"No\",0,'MAIN-INTERFACE'!$D$8)))^MATRIX2!I31,Table_Provincial_GTAC35378[[#This Row],[Adj.AnnualRental]])*(1+(IF('MAIN-INTERFACE'!$D$2=\"No\",Table_Provincial_GTAC35378[[#This Row],[TnTEscalation]],'MAIN-INTERFACE'!$G$2)))^(IF((COUNTIF(MATRIX2!M31:S31,\">0\")-1)<0,0,COUNTIF(MATRIX2!M31:S31,\">0\"))))))","v":2048729.0713564896},{"$f":"SUM(Table_Provincial_GTAC35378[[#This Row],[FY 2018/19]:[FY 2023/24]])","v":10694305.260003023}]
[{"$f":"Table_Provincial_GTAC3536[[#This Row],[SystemID]]","v":35},{"$f":"VLOOKUP($A32,DATA2!$A$2:$S$607,2,FALSE)","v":"KZN"},{"$f":"VLOOKUP($A32,DATA2!$A$2:$S$607,3,FALSE)","v":"KwaZulu-Natal"},{"$f":"VLOOKUP($A32,DATA2!$A$2:$S$607,4,FALSE)","v":100.10708661417324},{"$f":"VLOOKUP($A32,DATA2!$A$2:$S$607,5,FALSE)","v":77.5},{"$f":"VLOOKUP($A32,DATA2!$A$2:$S$607,6,FALSE)","v":"VTSD"},{"$f":"VLOOKUP($A32,DATA2!$A$2:$S$607,7,FALSE)","v":25.4},{"$f":"VLOOKUP($A32,DATA2!$A$2:$S$607,8,FALSE)","v":true},{"$f":"VLOOKUP($A32,DATA2!$A$2:$S$607,9,FALSE)","v":0.1},{"$f":"VLOOKUP($A32,DATA2!$A$2:$S$607,10,FALSE)","v":2542.7199999999998},{"$f":"VLOOKUP($A32,DATA2!$A$2:$S$607,11,FALSE)","v":30512.639999999999},{"$f":"Table_Provincial_GTAC35378[[#This Row],[Benchmark]]*Table_Provincial_GTAC35378[[#This Row],[ExtentM2]]*12","v":23622},{"$f":"VLOOKUP($A32,DATA2!$A$2:$S$607,12,FALSE)","v":"2014-06-01"},{"$f":"VLOOKUP($A32,DATA2!$A$2:$S$607,13,FALSE)","v":"2019-05-31"},{"$f":"VLOOKUP($A32,DATA2!$A$2:$S$607,14,FALSE)","v":"No"},{"$f":"IF(MATRIX2!D32=1,($Y$8-$X$2)/365*Table_Provincial_GTAC35378[[#This Row],[Adj.AnnualRental]]*MATRIX2!D32,($Y$8-$X$2)/365*Table_Provincial_GTAC35378[[#This Row],[Adj.AnnualRental]])","v":-110430.67791780821},{"$f":"IF('MAIN-INTERFACE'!$D$2=\"No\",(Table_Provincial_GTAC35378[[#This Row],[Adj.AnnualRental]])*(1+Table_Provincial_GTAC35378[[#This Row],[TnTEscalation]])^2,\n    (((MATRIX2!V32*Table_Provincial_GTAC35378[[#This Row],[Adj.AnnualRental]])*(1+Table_Provincial_GTAC35378[[#This Row],[TnTEscalation]])^2)+\n       (MATRIX2!N32* IF(IF('MAIN-INTERFACE'!$D$2=\"No\",Table_Provincial_GTAC35378[[#This Row],[Adj.AnnualRental]],(Table_Provincial_GTAC35378[[#This Row],[RtmAnnualRental]])*(1+\n                                 (IF('MAIN-INTERFACE'!$D$2=\"No\",0,'MAIN-INTERFACE'!$D$4))^(COUNTIF(MATRIX2!M32:N32,0))))*(1+\n                                 (IF('MAIN-INTERFACE'!$D$2=\"No\",0,'MAIN-INTERFACE'!$D$8)))^2<Table_Provincial_GTAC35378[[#This Row],[Adj.AnnualRental]],(Table_Provincial_GTAC35378[[#This Row],[RtmAnnualRental]])*(1+\n\n                                 (IF('MAIN-INTERFACE'!$D$2=\"No\",0,'MAIN-INTERFACE'!$D$4))^(COUNTIF(MATRIX2!M32:N32,0)))*(1+\n                                 (IF('MAIN-INTERFACE'!$D$2=\"No\",0,'MAIN-INTERFACE'!$D$8)))^MATRIX2!D32,Table_Provincial_GTAC35378[[#This Row],[Adj.AnnualRental]])*(1+\n\n                                (IF('MAIN-INTERFACE'!$D$2=\"No\",Table_Provincial_GTAC35378[[#This Row],[TnTEscalation]],'MAIN-INTERFACE'!$G$2)))^\n                                 (IF((COUNTIF(MATRIX2!M32:N32,\">0\")-1)<0,0,COUNTIF(MATRIX2!M32:N32,\">0\"))))))","v":36920.294400000006},{"$f":"IF('MAIN-INTERFACE'!$D$2=\"No\",(Table_Provincial_GTAC35378[[#This Row],[Adj.AnnualRental]])*(1+Table_Provincial_GTAC35378[[#This Row],[TnTEscalation]])^3,(((MATRIX2!W32*Table_Provincial_GTAC35378[[#This Row],[Adj.AnnualRental]])*(1+Table_Provincial_GTAC35378[[#This Row],[TnTEscalation]])^3)+(MATRIX2!O32*IF(IF('MAIN-INTERFACE'!$D$2=\"No\",Table_Provincial_GTAC35378[[#This Row],[Adj.AnnualRental]],(Table_Provincial_GTAC35378[[#This Row],[RtmAnnualRental]])*(1+(IF('MAIN-INTERFACE'!$D$2=\"No\",0,'MAIN-INTERFACE'!$D$4))^(COUNTIF(MATRIX2!M32:O32,0))))*(1+(IF('MAIN-INTERFACE'!$D$2=\"No\",0,'MAIN-INTERFACE'!$D$8)))^3<Table_Provincial_GTAC35378[[#This Row],[Adj.AnnualRental]],(Table_Provincial_GTAC35378[[#This Row],[RtmAnnualRental]])*(1+(IF('MAIN-INTERFACE'!$D$2=\"No\",0,'MAIN-INTERFACE'!$D$4))^(COUNTIF(MATRIX2!M32:O32,0)))*(1+(IF('MAIN-INTERFACE'!$D$2=\"No\",0,'MAIN-INTERFACE'!$D$8)))^MATRIX2!E32,Table_Provincial_GTAC35378[[#This Row],[Adj.AnnualRental]])*(1+(IF('MAIN-INTERFACE'!$D$2=\"No\",Table_Provincial_GTAC35378[[#This Row],[TnTEscalation]],'MAIN-INTERFACE'!$G$2)))^(IF((COUNTIF(MATRIX2!M32:O32,\">0\")-1)<0,0,COUNTIF(MATRIX2!M32:O32,\">0\"))))))","v":35476.739089315073},{"$f":"IF('MAIN-INTERFACE'!$D$2=\"No\",(Table_Provincial_GTAC35378[[#This Row],[Adj.AnnualRental]])*(1+Table_Provincial_GTAC35378[[#This Row],[TnTEscalation]])^4,((((MATRIX2!X32*Table_Provincial_GTAC35378[[#This Row],[Adj.AnnualRental]])*(1+Table_Provincial_GTAC35378[[#This Row],[TnTEscalation]])^4)+(MATRIX2!P32*IF(IF('MAIN-INTERFACE'!$D$2=\"No\",Table_Provincial_GTAC35378[[#This Row],[Adj.AnnualRental]],(Table_Provincial_GTAC35378[[#This Row],[RtmAnnualRental]])*(1+(IF('MAIN-INTERFACE'!$D$2=\"No\",0,'MAIN-INTERFACE'!$D$4))^(COUNTIF(MATRIX2!M32:P32,0))))*(1+(IF('MAIN-INTERFACE'!$D$2=\"No\",0,'MAIN-INTERFACE'!$D$8)))^4<Table_Provincial_GTAC35378[[#This Row],[Adj.AnnualRental]],(Table_Provincial_GTAC35378[[#This Row],[RtmAnnualRental]])*(1+(IF('MAIN-INTERFACE'!$D$2=\"No\",0,'MAIN-INTERFACE'!$D$4))^(COUNTIF(MATRIX2!M32:P32,0)))*(1+(IF('MAIN-INTERFACE'!$D$2=\"No\",0,'MAIN-INTERFACE'!$D$8)))^MATRIX2!F32,Table_Provincial_GTAC35378[[#This Row],[Adj.AnnualRental]])*(1+(IF('MAIN-INTERFACE'!$D$2=\"No\",Table_Provincial_GTAC35378[[#This Row],[TnTEscalation]],'MAIN-INTERFACE'!$G$2)))^(IF((COUNTIF(MATRIX2!M32:P32,\">0\")-1)<0,0,COUNTIF(MATRIX2!M32:P32,\">0\")))))))","v":27341.850827999999},{"$f":"IF('MAIN-INTERFACE'!$D$2=\"No\",(Table_Provincial_GTAC35378[[#This Row],[Adj.AnnualRental]])*(1+Table_Provincial_GTAC35378[[#This Row],[TnTEscalation]])^5,(((MATRIX2!Y32*Table_Provincial_GTAC35378[[#This Row],[Adj.AnnualRental]])*(1+Table_Provincial_GTAC35378[[#This Row],[TnTEscalation]])^5)+(MATRIX2!Q32*IF(IF('MAIN-INTERFACE'!$D$2=\"No\",Table_Provincial_GTAC35378[[#This Row],[Adj.AnnualRental]],(Table_Provincial_GTAC35378[[#This Row],[RtmAnnualRental]])*(1+(IF('MAIN-INTERFACE'!$D$2=\"No\",0,'MAIN-INTERFACE'!$D$4))^(COUNTIF(MATRIX2!M32:Q32,0))))*(1+(IF('MAIN-INTERFACE'!$D$2=\"No\",0,'MAIN-INTERFACE'!$D$8)))^5<Table_Provincial_GTAC35378[[#This Row],[Adj.AnnualRental]],(Table_Provincial_GTAC35378[[#This Row],[RtmAnnualRental]])*(1+(IF('MAIN-INTERFACE'!$D$2=\"No\",0,'MAIN-INTERFACE'!$D$4))^(COUNTIF(MATRIX2!M32:Q32,0)))*(1+(IF('MAIN-INTERFACE'!$D$2=\"No\",0,'MAIN-INTERFACE'!$D$8)))^MATRIX2!G32,Table_Provincial_GTAC35378[[#This Row],[Adj.AnnualRental]])*(1+(IF('MAIN-INTERFACE'!$D$2=\"No\",Table_Provincial_GTAC35378[[#This Row],[TnTEscalation]],'MAIN-INTERFACE'!$G$2)))^(IF((COUNTIF(MATRIX2!M32:Q32,\">0\")-1)<0,0,COUNTIF(MATRIX2!M32:Q32,\">0\"))))))","v":29392.489640099997},{"$f":"IF('MAIN-INTERFACE'!$D$2=\"No\",(Table_Provincial_GTAC35378[[#This Row],[Adj.AnnualRental]])*(1+Table_Provincial_GTAC35378[[#This Row],[TnTEscalation]])^6,(((MATRIX2!Z32*Table_Provincial_GTAC35378[[#This Row],[Adj.AnnualRental]])*(1+Table_Provincial_GTAC35378[[#This Row],[TnTEscalation]])^6)+(MATRIX2!R32*IF(IF('MAIN-INTERFACE'!$D$2=\"No\",Table_Provincial_GTAC35378[[#This Row],[Adj.AnnualRental]],(Table_Provincial_GTAC35378[[#This Row],[RtmAnnualRental]])*(1+(IF('MAIN-INTERFACE'!$D$2=\"No\",0,'MAIN-INTERFACE'!$D$4))^(COUNTIF(MATRIX2!M32:R32,0))))*(1+(IF('MAIN-INTERFACE'!$D$2=\"No\",0,'MAIN-INTERFACE'!$D$8)))^6<Table_Provincial_GTAC35378[[#This Row],[Adj.AnnualRental]],(Table_Provincial_GTAC35378[[#This Row],[RtmAnnualRental]])*(1+(IF('MAIN-INTERFACE'!$D$2=\"No\",0,'MAIN-INTERFACE'!$D$4))^(COUNTIF(MATRIX2!M32:R32,0)))*(1+(IF('MAIN-INTERFACE'!$D$2=\"No\",0,'MAIN-INTERFACE'!$D$8)))^MATRIX2!H32,Table_Provincial_GTAC35378[[#This Row],[Adj.AnnualRental]])*(1+(IF('MAIN-INTERFACE'!$D$2=\"No\",Table_Provincial_GTAC35378[[#This Row],[TnTEscalation]],'MAIN-INTERFACE'!$G$2)))^(IF((COUNTIF(MATRIX2!M32:R32,\">0\")-1)<0,0,COUNTIF(MATRIX2!M32:R32,\">0\"))))))","v":31596.926363107497},{"$f":"IF('MAIN-INTERFACE'!$D$2=\"No\",(Table_Provincial_GTAC35378[[#This Row],[Adj.AnnualRental]])*(1+Table_Provincial_GTAC35378[[#This Row],[TnTEscalation]])^7,(((MATRIX2!AA32*Table_Provincial_GTAC35378[[#This Row],[Adj.AnnualRental]])*(1+Table_Provincial_GTAC35378[[#This Row],[TnTEscalation]])^7)+(MATRIX2!S32*IF(IF('MAIN-INTERFACE'!$D$2=\"No\",Table_Provincial_GTAC35378[[#This Row],[Adj.AnnualRental]],(Table_Provincial_GTAC35378[[#This Row],[RtmAnnualRental]])*(1+(IF('MAIN-INTERFACE'!$D$2=\"No\",0,'MAIN-INTERFACE'!$D$4))^(COUNTIF(MATRIX2!M32:S32,0))))*(1+(IF('MAIN-INTERFACE'!$D$2=\"No\",0,'MAIN-INTERFACE'!$D$8)))^7<Table_Provincial_GTAC35378[[#This Row],[Adj.AnnualRental]],(Table_Provincial_GTAC35378[[#This Row],[RtmAnnualRental]])*(1+(IF('MAIN-INTERFACE'!$D$2=\"No\",0,'MAIN-INTERFACE'!$D$4))^(COUNTIF(MATRIX2!M32:S32,0)))*(1+(IF('MAIN-INTERFACE'!$D$2=\"No\",0,'MAIN-INTERFACE'!$D$8)))^MATRIX2!I32,Table_Provincial_GTAC35378[[#This Row],[Adj.AnnualRental]])*(1+(IF('MAIN-INTERFACE'!$D$2=\"No\",Table_Provincial_GTAC35378[[#This Row],[TnTEscalation]],'MAIN-INTERFACE'!$G$2)))^(IF((COUNTIF(MATRIX2!M32:S32,\">0\")-1)<0,0,COUNTIF(MATRIX2!M32:S32,\">0\"))))))","v":33966.695840340559},{"$f":"SUM(Table_Provincial_GTAC35378[[#This Row],[FY 2018/19]:[FY 2023/24]])","v":194694.99616086314}]
[{"$f":"Table_Provincial_GTAC3536[[#This Row],[SystemID]]","v":36},{"$f":"VLOOKUP($A33,DATA2!$A$2:$S$607,2,FALSE)","v":"KZN"},{"$f":"VLOOKUP($A33,DATA2!$A$2:$S$607,3,FALSE)","v":"KwaZulu-Natal"},{"$f":"VLOOKUP($A33,DATA2!$A$2:$S$607,4,FALSE)","v":127.95880483153209},{"$f":"VLOOKUP($A33,DATA2!$A$2:$S$607,5,FALSE)","v":100},{"$f":"VLOOKUP($A33,DATA2!$A$2:$S$607,6,FALSE)","v":"VTSD"},{"$f":"VLOOKUP($A33,DATA2!$A$2:$S$607,7,FALSE)","v":629.20000000000005},{"$f":"VLOOKUP($A33,DATA2!$A$2:$S$607,8,FALSE)","v":true},{"$f":"VLOOKUP($A33,DATA2!$A$2:$S$607,9,FALSE)","v":0.08},{"$f":"VLOOKUP($A33,DATA2!$A$2:$S$607,10,FALSE)","v":80511.679999999993},{"$f":"VLOOKUP($A33,DATA2!$A$2:$S$607,11,FALSE)","v":966140.16},{"$f":"Table_Provincial_GTAC35378[[#This Row],[Benchmark]]*Table_Provincial_GTAC35378[[#This Row],[ExtentM2]]*12","v":755040.00000000012},{"$f":"VLOOKUP($A33,DATA2!$A$2:$S$607,12,FALSE)","v":"2017-01-01"},{"$f":"VLOOKUP($A33,DATA2!$A$2:$S$607,13,FALSE)","v":"2021-12-31"},{"$f":"VLOOKUP($A33,DATA2!$A$2:$S$607,14,FALSE)","v":"No"},{"$f":"IF(MATRIX2!D33=1,($Y$8-$X$2)/365*Table_Provincial_GTAC35378[[#This Row],[Adj.AnnualRental]]*MATRIX2!D33,($Y$8-$X$2)/365*Table_Provincial_GTAC35378[[#This Row],[Adj.AnnualRental]])","v":-3496633.2913972605},{"$f":"IF('MAIN-INTERFACE'!$D$2=\"No\",(Table_Provincial_GTAC35378[[#This Row],[Adj.AnnualRental]])*(1+Table_Provincial_GTAC35378[[#This Row],[TnTEscalation]])^2,\n    (((MATRIX2!V33*Table_Provincial_GTAC35378[[#This Row],[Adj.AnnualRental]])*(1+Table_Provincial_GTAC35378[[#This Row],[TnTEscalation]])^2)+\n       (MATRIX2!N33* IF(IF('MAIN-INTERFACE'!$D$2=\"No\",Table_Provincial_GTAC35378[[#This Row],[Adj.AnnualRental]],(Table_Provincial_GTAC35378[[#This Row],[RtmAnnualRental]])*(1+\n                                 (IF('MAIN-INTERFACE'!$D$2=\"No\",0,'MAIN-INTERFACE'!$D$4))^(COUNTIF(MATRIX2!M33:N33,0))))*(1+\n                                 (IF('MAIN-INTERFACE'!$D$2=\"No\",0,'MAIN-INTERFACE'!$D$8)))^2<Table_Provincial_GTAC35378[[#This Row],[Adj.AnnualRental]],(Table_Provincial_GTAC35378[[#This Row],[RtmAnnualRental]])*(1+\n\n                                 (IF('MAIN-INTERFACE'!$D$2=\"No\",0,'MAIN-INTERFACE'!$D$4))^(COUNTIF(MATRIX2!M33:N33,0)))*(1+\n                                 (IF('MAIN-INTERFACE'!$D$2=\"No\",0,'MAIN-INTERFACE'!$D$8)))^MATRIX2!D33,Table_Provincial_GTAC35378[[#This Row],[Adj.AnnualRental]])*(1+\n\n                                (IF('MAIN-INTERFACE'!$D$2=\"No\",Table_Provincial_GTAC35378[[#This Row],[TnTEscalation]],'MAIN-INTERFACE'!$G$2)))^\n                                 (IF((COUNTIF(MATRIX2!M33:N33,\">0\")-1)<0,0,COUNTIF(MATRIX2!M33:N33,\">0\"))))))","v":1126905.8826240001},{"$f":"IF('MAIN-INTERFACE'!$D$2=\"No\",(Table_Provincial_GTAC35378[[#This Row],[Adj.AnnualRental]])*(1+Table_Provincial_GTAC35378[[#This Row],[TnTEscalation]])^3,(((MATRIX2!W33*Table_Provincial_GTAC35378[[#This Row],[Adj.AnnualRental]])*(1+Table_Provincial_GTAC35378[[#This Row],[TnTEscalation]])^3)+(MATRIX2!O33*IF(IF('MAIN-INTERFACE'!$D$2=\"No\",Table_Provincial_GTAC35378[[#This Row],[Adj.AnnualRental]],(Table_Provincial_GTAC35378[[#This Row],[RtmAnnualRental]])*(1+(IF('MAIN-INTERFACE'!$D$2=\"No\",0,'MAIN-INTERFACE'!$D$4))^(COUNTIF(MATRIX2!M33:O33,0))))*(1+(IF('MAIN-INTERFACE'!$D$2=\"No\",0,'MAIN-INTERFACE'!$D$8)))^3<Table_Provincial_GTAC35378[[#This Row],[Adj.AnnualRental]],(Table_Provincial_GTAC35378[[#This Row],[RtmAnnualRental]])*(1+(IF('MAIN-INTERFACE'!$D$2=\"No\",0,'MAIN-INTERFACE'!$D$4))^(COUNTIF(MATRIX2!M33:O33,0)))*(1+(IF('MAIN-INTERFACE'!$D$2=\"No\",0,'MAIN-INTERFACE'!$D$8)))^MATRIX2!E33,Table_Provincial_GTAC35378[[#This Row],[Adj.AnnualRental]])*(1+(IF('MAIN-INTERFACE'!$D$2=\"No\",Table_Provincial_GTAC35378[[#This Row],[TnTEscalation]],'MAIN-INTERFACE'!$G$2)))^(IF((COUNTIF(MATRIX2!M33:O33,\">0\")-1)<0,0,COUNTIF(MATRIX2!M33:O33,\">0\"))))))","v":1217058.3532339202},{"$f":"IF('MAIN-INTERFACE'!$D$2=\"No\",(Table_Provincial_GTAC35378[[#This Row],[Adj.AnnualRental]])*(1+Table_Provincial_GTAC35378[[#This Row],[TnTEscalation]])^4,((((MATRIX2!X33*Table_Provincial_GTAC35378[[#This Row],[Adj.AnnualRental]])*(1+Table_Provincial_GTAC35378[[#This Row],[TnTEscalation]])^4)+(MATRIX2!P33*IF(IF('MAIN-INTERFACE'!$D$2=\"No\",Table_Provincial_GTAC35378[[#This Row],[Adj.AnnualRental]],(Table_Provincial_GTAC35378[[#This Row],[RtmAnnualRental]])*(1+(IF('MAIN-INTERFACE'!$D$2=\"No\",0,'MAIN-INTERFACE'!$D$4))^(COUNTIF(MATRIX2!M33:P33,0))))*(1+(IF('MAIN-INTERFACE'!$D$2=\"No\",0,'MAIN-INTERFACE'!$D$8)))^4<Table_Provincial_GTAC35378[[#This Row],[Adj.AnnualRental]],(Table_Provincial_GTAC35378[[#This Row],[RtmAnnualRental]])*(1+(IF('MAIN-INTERFACE'!$D$2=\"No\",0,'MAIN-INTERFACE'!$D$4))^(COUNTIF(MATRIX2!M33:P33,0)))*(1+(IF('MAIN-INTERFACE'!$D$2=\"No\",0,'MAIN-INTERFACE'!$D$8)))^MATRIX2!F33,Table_Provincial_GTAC35378[[#This Row],[Adj.AnnualRental]])*(1+(IF('MAIN-INTERFACE'!$D$2=\"No\",Table_Provincial_GTAC35378[[#This Row],[TnTEscalation]],'MAIN-INTERFACE'!$G$2)))^(IF((COUNTIF(MATRIX2!M33:P33,\">0\")-1)<0,0,COUNTIF(MATRIX2!M33:P33,\">0\")))))))","v":1314423.021492634},{"$f":"IF('MAIN-INTERFACE'!$D$2=\"No\",(Table_Provincial_GTAC35378[[#This Row],[Adj.AnnualRental]])*(1+Table_Provincial_GTAC35378[[#This Row],[TnTEscalation]])^5,(((MATRIX2!Y33*Table_Provincial_GTAC35378[[#This Row],[Adj.AnnualRental]])*(1+Table_Provincial_GTAC35378[[#This Row],[TnTEscalation]])^5)+(MATRIX2!Q33*IF(IF('MAIN-INTERFACE'!$D$2=\"No\",Table_Provincial_GTAC35378[[#This Row],[Adj.AnnualRental]],(Table_Provincial_GTAC35378[[#This Row],[RtmAnnualRental]])*(1+(IF('MAIN-INTERFACE'!$D$2=\"No\",0,'MAIN-INTERFACE'!$D$4))^(COUNTIF(MATRIX2!M33:Q33,0))))*(1+(IF('MAIN-INTERFACE'!$D$2=\"No\",0,'MAIN-INTERFACE'!$D$8)))^5<Table_Provincial_GTAC35378[[#This Row],[Adj.AnnualRental]],(Table_Provincial_GTAC35378[[#This Row],[RtmAnnualRental]])*(1+(IF('MAIN-INTERFACE'!$D$2=\"No\",0,'MAIN-INTERFACE'!$D$4))^(COUNTIF(MATRIX2!M33:Q33,0)))*(1+(IF('MAIN-INTERFACE'!$D$2=\"No\",0,'MAIN-INTERFACE'!$D$8)))^MATRIX2!G33,Table_Provincial_GTAC35378[[#This Row],[Adj.AnnualRental]])*(1+(IF('MAIN-INTERFACE'!$D$2=\"No\",Table_Provincial_GTAC35378[[#This Row],[TnTEscalation]],'MAIN-INTERFACE'!$G$2)))^(IF((COUNTIF(MATRIX2!M33:Q33,\">0\")-1)<0,0,COUNTIF(MATRIX2!M33:Q33,\">0\"))))))","v":1419576.8632120446},{"$f":"IF('MAIN-INTERFACE'!$D$2=\"No\",(Table_Provincial_GTAC35378[[#This Row],[Adj.AnnualRental]])*(1+Table_Provincial_GTAC35378[[#This Row],[TnTEscalation]])^6,(((MATRIX2!Z33*Table_Provincial_GTAC35378[[#This Row],[Adj.AnnualRental]])*(1+Table_Provincial_GTAC35378[[#This Row],[TnTEscalation]])^6)+(MATRIX2!R33*IF(IF('MAIN-INTERFACE'!$D$2=\"No\",Table_Provincial_GTAC35378[[#This Row],[Adj.AnnualRental]],(Table_Provincial_GTAC35378[[#This Row],[RtmAnnualRental]])*(1+(IF('MAIN-INTERFACE'!$D$2=\"No\",0,'MAIN-INTERFACE'!$D$4))^(COUNTIF(MATRIX2!M33:R33,0))))*(1+(IF('MAIN-INTERFACE'!$D$2=\"No\",0,'MAIN-INTERFACE'!$D$8)))^6<Table_Provincial_GTAC35378[[#This Row],[Adj.AnnualRental]],(Table_Provincial_GTAC35378[[#This Row],[RtmAnnualRental]])*(1+(IF('MAIN-INTERFACE'!$D$2=\"No\",0,'MAIN-INTERFACE'!$D$4))^(COUNTIF(MATRIX2!M33:R33,0)))*(1+(IF('MAIN-INTERFACE'!$D$2=\"No\",0,'MAIN-INTERFACE'!$D$8)))^MATRIX2!H33,Table_Provincial_GTAC35378[[#This Row],[Adj.AnnualRental]])*(1+(IF('MAIN-INTERFACE'!$D$2=\"No\",Table_Provincial_GTAC35378[[#This Row],[TnTEscalation]],'MAIN-INTERFACE'!$G$2)))^(IF((COUNTIF(MATRIX2!M33:R33,\">0\")-1)<0,0,COUNTIF(MATRIX2!M33:R33,\">0\"))))))","v":992530.97631373419},{"$f":"IF('MAIN-INTERFACE'!$D$2=\"No\",(Table_Provincial_GTAC35378[[#This Row],[Adj.AnnualRental]])*(1+Table_Provincial_GTAC35378[[#This Row],[TnTEscalation]])^7,(((MATRIX2!AA33*Table_Provincial_GTAC35378[[#This Row],[Adj.AnnualRental]])*(1+Table_Provincial_GTAC35378[[#This Row],[TnTEscalation]])^7)+(MATRIX2!S33*IF(IF('MAIN-INTERFACE'!$D$2=\"No\",Table_Provincial_GTAC35378[[#This Row],[Adj.AnnualRental]],(Table_Provincial_GTAC35378[[#This Row],[RtmAnnualRental]])*(1+(IF('MAIN-INTERFACE'!$D$2=\"No\",0,'MAIN-INTERFACE'!$D$4))^(COUNTIF(MATRIX2!M33:S33,0))))*(1+(IF('MAIN-INTERFACE'!$D$2=\"No\",0,'MAIN-INTERFACE'!$D$8)))^7<Table_Provincial_GTAC35378[[#This Row],[Adj.AnnualRental]],(Table_Provincial_GTAC35378[[#This Row],[RtmAnnualRental]])*(1+(IF('MAIN-INTERFACE'!$D$2=\"No\",0,'MAIN-INTERFACE'!$D$4))^(COUNTIF(MATRIX2!M33:S33,0)))*(1+(IF('MAIN-INTERFACE'!$D$2=\"No\",0,'MAIN-INTERFACE'!$D$8)))^MATRIX2!I33,Table_Provincial_GTAC35378[[#This Row],[Adj.AnnualRental]])*(1+(IF('MAIN-INTERFACE'!$D$2=\"No\",Table_Provincial_GTAC35378[[#This Row],[TnTEscalation]],'MAIN-INTERFACE'!$G$2)))^(IF((COUNTIF(MATRIX2!M33:S33,\">0\")-1)<0,0,COUNTIF(MATRIX2!M33:S33,\">0\"))))))","v":872543.18934841361},{"$f":"SUM(Table_Provincial_GTAC35378[[#This Row],[FY 2018/19]:[FY 2023/24]])","v":6943038.2862247471}]
[{"$f":"Table_Provincial_GTAC3536[[#This Row],[SystemID]]","v":37},{"$f":"VLOOKUP($A34,DATA2!$A$2:$S$607,2,FALSE)","v":"KZN"},{"$f":"VLOOKUP($A34,DATA2!$A$2:$S$607,3,FALSE)","v":"KwaZulu-Natal"},{"$f":"VLOOKUP($A34,DATA2!$A$2:$S$607,4,FALSE)","v":152.75299517444117},{"$f":"VLOOKUP($A34,DATA2!$A$2:$S$607,5,FALSE)","v":65},{"$f":"VLOOKUP($A34,DATA2!$A$2:$S$607,6,FALSE)","v":"CBD"},{"$f":"VLOOKUP($A34,DATA2!$A$2:$S$607,7,FALSE)","v":288.464},{"$f":"VLOOKUP($A34,DATA2!$A$2:$S$607,8,FALSE)","v":true},{"$f":"VLOOKUP($A34,DATA2!$A$2:$S$607,9,FALSE)","v":0.08},{"$f":"VLOOKUP($A34,DATA2!$A$2:$S$607,10,FALSE)","v":44063.74},{"$f":"VLOOKUP($A34,DATA2!$A$2:$S$607,11,FALSE)","v":528764.88},{"$f":"Table_Provincial_GTAC35378[[#This Row],[Benchmark]]*Table_Provincial_GTAC35378[[#This Row],[ExtentM2]]*12","v":225001.91999999998},{"$f":"VLOOKUP($A34,DATA2!$A$2:$S$607,12,FALSE)","v":"2013-11-01"},{"$f":"VLOOKUP($A34,DATA2!$A$2:$S$607,13,FALSE)","v":"2018-10-31"},{"$f":"VLOOKUP($A34,DATA2!$A$2:$S$607,14,FALSE)","v":"No"},{"$f":"IF(MATRIX2!D34=1,($Y$8-$X$2)/365*Table_Provincial_GTAC35378[[#This Row],[Adj.AnnualRental]]*MATRIX2!D34,($Y$8-$X$2)/365*Table_Provincial_GTAC35378[[#This Row],[Adj.AnnualRental]])","v":-1913694.2643287671},{"$f":"IF('MAIN-INTERFACE'!$D$2=\"No\",(Table_Provincial_GTAC35378[[#This Row],[Adj.AnnualRental]])*(1+Table_Provincial_GTAC35378[[#This Row],[TnTEscalation]])^2,\n    (((MATRIX2!V34*Table_Provincial_GTAC35378[[#This Row],[Adj.AnnualRental]])*(1+Table_Provincial_GTAC35378[[#This Row],[TnTEscalation]])^2)+\n       (MATRIX2!N34* IF(IF('MAIN-INTERFACE'!$D$2=\"No\",Table_Provincial_GTAC35378[[#This Row],[Adj.AnnualRental]],(Table_Provincial_GTAC35378[[#This Row],[RtmAnnualRental]])*(1+\n                                 (IF('MAIN-INTERFACE'!$D$2=\"No\",0,'MAIN-INTERFACE'!$D$4))^(COUNTIF(MATRIX2!M34:N34,0))))*(1+\n                                 (IF('MAIN-INTERFACE'!$D$2=\"No\",0,'MAIN-INTERFACE'!$D$8)))^2<Table_Provincial_GTAC35378[[#This Row],[Adj.AnnualRental]],(Table_Provincial_GTAC35378[[#This Row],[RtmAnnualRental]])*(1+\n\n                                 (IF('MAIN-INTERFACE'!$D$2=\"No\",0,'MAIN-INTERFACE'!$D$4))^(COUNTIF(MATRIX2!M34:N34,0)))*(1+\n                                 (IF('MAIN-INTERFACE'!$D$2=\"No\",0,'MAIN-INTERFACE'!$D$8)))^MATRIX2!D34,Table_Provincial_GTAC35378[[#This Row],[Adj.AnnualRental]])*(1+\n\n                                (IF('MAIN-INTERFACE'!$D$2=\"No\",Table_Provincial_GTAC35378[[#This Row],[TnTEscalation]],'MAIN-INTERFACE'!$G$2)))^\n                                 (IF((COUNTIF(MATRIX2!M34:N34,\">0\")-1)<0,0,COUNTIF(MATRIX2!M34:N34,\">0\"))))))","v":616751.35603200004},{"$f":"IF('MAIN-INTERFACE'!$D$2=\"No\",(Table_Provincial_GTAC35378[[#This Row],[Adj.AnnualRental]])*(1+Table_Provincial_GTAC35378[[#This Row],[TnTEscalation]])^3,(((MATRIX2!W34*Table_Provincial_GTAC35378[[#This Row],[Adj.AnnualRental]])*(1+Table_Provincial_GTAC35378[[#This Row],[TnTEscalation]])^3)+(MATRIX2!O34*IF(IF('MAIN-INTERFACE'!$D$2=\"No\",Table_Provincial_GTAC35378[[#This Row],[Adj.AnnualRental]],(Table_Provincial_GTAC35378[[#This Row],[RtmAnnualRental]])*(1+(IF('MAIN-INTERFACE'!$D$2=\"No\",0,'MAIN-INTERFACE'!$D$4))^(COUNTIF(MATRIX2!M34:O34,0))))*(1+(IF('MAIN-INTERFACE'!$D$2=\"No\",0,'MAIN-INTERFACE'!$D$8)))^3<Table_Provincial_GTAC35378[[#This Row],[Adj.AnnualRental]],(Table_Provincial_GTAC35378[[#This Row],[RtmAnnualRental]])*(1+(IF('MAIN-INTERFACE'!$D$2=\"No\",0,'MAIN-INTERFACE'!$D$4))^(COUNTIF(MATRIX2!M34:O34,0)))*(1+(IF('MAIN-INTERFACE'!$D$2=\"No\",0,'MAIN-INTERFACE'!$D$8)))^MATRIX2!E34,Table_Provincial_GTAC35378[[#This Row],[Adj.AnnualRental]])*(1+(IF('MAIN-INTERFACE'!$D$2=\"No\",Table_Provincial_GTAC35378[[#This Row],[TnTEscalation]],'MAIN-INTERFACE'!$G$2)))^(IF((COUNTIF(MATRIX2!M34:O34,\">0\")-1)<0,0,COUNTIF(MATRIX2!M34:O34,\">0\"))))))","v":276518.61036475265},{"$f":"IF('MAIN-INTERFACE'!$D$2=\"No\",(Table_Provincial_GTAC35378[[#This Row],[Adj.AnnualRental]])*(1+Table_Provincial_GTAC35378[[#This Row],[TnTEscalation]])^4,((((MATRIX2!X34*Table_Provincial_GTAC35378[[#This Row],[Adj.AnnualRental]])*(1+Table_Provincial_GTAC35378[[#This Row],[TnTEscalation]])^4)+(MATRIX2!P34*IF(IF('MAIN-INTERFACE'!$D$2=\"No\",Table_Provincial_GTAC35378[[#This Row],[Adj.AnnualRental]],(Table_Provincial_GTAC35378[[#This Row],[RtmAnnualRental]])*(1+(IF('MAIN-INTERFACE'!$D$2=\"No\",0,'MAIN-INTERFACE'!$D$4))^(COUNTIF(MATRIX2!M34:P34,0))))*(1+(IF('MAIN-INTERFACE'!$D$2=\"No\",0,'MAIN-INTERFACE'!$D$8)))^4<Table_Provincial_GTAC35378[[#This Row],[Adj.AnnualRental]],(Table_Provincial_GTAC35378[[#This Row],[RtmAnnualRental]])*(1+(IF('MAIN-INTERFACE'!$D$2=\"No\",0,'MAIN-INTERFACE'!$D$4))^(COUNTIF(MATRIX2!M34:P34,0)))*(1+(IF('MAIN-INTERFACE'!$D$2=\"No\",0,'MAIN-INTERFACE'!$D$8)))^MATRIX2!F34,Table_Provincial_GTAC35378[[#This Row],[Adj.AnnualRental]])*(1+(IF('MAIN-INTERFACE'!$D$2=\"No\",Table_Provincial_GTAC35378[[#This Row],[TnTEscalation]],'MAIN-INTERFACE'!$G$2)))^(IF((COUNTIF(MATRIX2!M34:P34,\">0\")-1)<0,0,COUNTIF(MATRIX2!M34:P34,\">0\")))))))","v":260433.87235008},{"$f":"IF('MAIN-INTERFACE'!$D$2=\"No\",(Table_Provincial_GTAC35378[[#This Row],[Adj.AnnualRental]])*(1+Table_Provincial_GTAC35378[[#This Row],[TnTEscalation]])^5,(((MATRIX2!Y34*Table_Provincial_GTAC35378[[#This Row],[Adj.AnnualRental]])*(1+Table_Provincial_GTAC35378[[#This Row],[TnTEscalation]])^5)+(MATRIX2!Q34*IF(IF('MAIN-INTERFACE'!$D$2=\"No\",Table_Provincial_GTAC35378[[#This Row],[Adj.AnnualRental]],(Table_Provincial_GTAC35378[[#This Row],[RtmAnnualRental]])*(1+(IF('MAIN-INTERFACE'!$D$2=\"No\",0,'MAIN-INTERFACE'!$D$4))^(COUNTIF(MATRIX2!M34:Q34,0))))*(1+(IF('MAIN-INTERFACE'!$D$2=\"No\",0,'MAIN-INTERFACE'!$D$8)))^5<Table_Provincial_GTAC35378[[#This Row],[Adj.AnnualRental]],(Table_Provincial_GTAC35378[[#This Row],[RtmAnnualRental]])*(1+(IF('MAIN-INTERFACE'!$D$2=\"No\",0,'MAIN-INTERFACE'!$D$4))^(COUNTIF(MATRIX2!M34:Q34,0)))*(1+(IF('MAIN-INTERFACE'!$D$2=\"No\",0,'MAIN-INTERFACE'!$D$8)))^MATRIX2!G34,Table_Provincial_GTAC35378[[#This Row],[Adj.AnnualRental]])*(1+(IF('MAIN-INTERFACE'!$D$2=\"No\",Table_Provincial_GTAC35378[[#This Row],[TnTEscalation]],'MAIN-INTERFACE'!$G$2)))^(IF((COUNTIF(MATRIX2!M34:Q34,\">0\")-1)<0,0,COUNTIF(MATRIX2!M34:Q34,\">0\"))))))","v":279966.41277633596},{"$f":"IF('MAIN-INTERFACE'!$D$2=\"No\",(Table_Provincial_GTAC35378[[#This Row],[Adj.AnnualRental]])*(1+Table_Provincial_GTAC35378[[#This Row],[TnTEscalation]])^6,(((MATRIX2!Z34*Table_Provincial_GTAC35378[[#This Row],[Adj.AnnualRental]])*(1+Table_Provincial_GTAC35378[[#This Row],[TnTEscalation]])^6)+(MATRIX2!R34*IF(IF('MAIN-INTERFACE'!$D$2=\"No\",Table_Provincial_GTAC35378[[#This Row],[Adj.AnnualRental]],(Table_Provincial_GTAC35378[[#This Row],[RtmAnnualRental]])*(1+(IF('MAIN-INTERFACE'!$D$2=\"No\",0,'MAIN-INTERFACE'!$D$4))^(COUNTIF(MATRIX2!M34:R34,0))))*(1+(IF('MAIN-INTERFACE'!$D$2=\"No\",0,'MAIN-INTERFACE'!$D$8)))^6<Table_Provincial_GTAC35378[[#This Row],[Adj.AnnualRental]],(Table_Provincial_GTAC35378[[#This Row],[RtmAnnualRental]])*(1+(IF('MAIN-INTERFACE'!$D$2=\"No\",0,'MAIN-INTERFACE'!$D$4))^(COUNTIF(MATRIX2!M34:R34,0)))*(1+(IF('MAIN-INTERFACE'!$D$2=\"No\",0,'MAIN-INTERFACE'!$D$8)))^MATRIX2!H34,Table_Provincial_GTAC35378[[#This Row],[Adj.AnnualRental]])*(1+(IF('MAIN-INTERFACE'!$D$2=\"No\",Table_Provincial_GTAC35378[[#This Row],[TnTEscalation]],'MAIN-INTERFACE'!$G$2)))^(IF((COUNTIF(MATRIX2!M34:R34,\">0\")-1)<0,0,COUNTIF(MATRIX2!M34:R34,\">0\"))))))","v":300963.89373456116},{"$f":"IF('MAIN-INTERFACE'!$D$2=\"No\",(Table_Provincial_GTAC35378[[#This Row],[Adj.AnnualRental]])*(1+Table_Provincial_GTAC35378[[#This Row],[TnTEscalation]])^7,(((MATRIX2!AA34*Table_Provincial_GTAC35378[[#This Row],[Adj.AnnualRental]])*(1+Table_Provincial_GTAC35378[[#This Row],[TnTEscalation]])^7)+(MATRIX2!S34*IF(IF('MAIN-INTERFACE'!$D$2=\"No\",Table_Provincial_GTAC35378[[#This Row],[Adj.AnnualRental]],(Table_Provincial_GTAC35378[[#This Row],[RtmAnnualRental]])*(1+(IF('MAIN-INTERFACE'!$D$2=\"No\",0,'MAIN-INTERFACE'!$D$4))^(COUNTIF(MATRIX2!M34:S34,0))))*(1+(IF('MAIN-INTERFACE'!$D$2=\"No\",0,'MAIN-INTERFACE'!$D$8)))^7<Table_Provincial_GTAC35378[[#This Row],[Adj.AnnualRental]],(Table_Provincial_GTAC35378[[#This Row],[RtmAnnualRental]])*(1+(IF('MAIN-INTERFACE'!$D$2=\"No\",0,'MAIN-INTERFACE'!$D$4))^(COUNTIF(MATRIX2!M34:S34,0)))*(1+(IF('MAIN-INTERFACE'!$D$2=\"No\",0,'MAIN-INTERFACE'!$D$8)))^MATRIX2!I34,Table_Provincial_GTAC35378[[#This Row],[Adj.AnnualRental]])*(1+(IF('MAIN-INTERFACE'!$D$2=\"No\",Table_Provincial_GTAC35378[[#This Row],[TnTEscalation]],'MAIN-INTERFACE'!$G$2)))^(IF((COUNTIF(MATRIX2!M34:S34,\">0\")-1)<0,0,COUNTIF(MATRIX2!M34:S34,\">0\"))))))","v":323536.18576465326},{"$f":"SUM(Table_Provincial_GTAC35378[[#This Row],[FY 2018/19]:[FY 2023/24]])","v":2058170.3310223832}]
[{"$f":"Table_Provincial_GTAC3536[[#This Row],[SystemID]]","v":38},{"$f":"VLOOKUP($A35,DATA2!$A$2:$S$607,2,FALSE)","v":"KZN"},{"$f":"VLOOKUP($A35,DATA2!$A$2:$S$607,3,FALSE)","v":"KwaZulu-Natal"},{"$f":"VLOOKUP($A35,DATA2!$A$2:$S$607,4,FALSE)","v":148.19553719008263},{"$f":"VLOOKUP($A35,DATA2!$A$2:$S$607,5,FALSE)","v":65},{"$f":"VLOOKUP($A35,DATA2!$A$2:$S$607,6,FALSE)","v":"VTSD"},{"$f":"VLOOKUP($A35,DATA2!$A$2:$S$607,7,FALSE)","v":242},{"$f":"VLOOKUP($A35,DATA2!$A$2:$S$607,8,FALSE)","v":true},{"$f":"VLOOKUP($A35,DATA2!$A$2:$S$607,9,FALSE)","v":7.0000000000000007E-2},{"$f":"VLOOKUP($A35,DATA2!$A$2:$S$607,10,FALSE)","v":35863.32},{"$f":"VLOOKUP($A35,DATA2!$A$2:$S$607,11,FALSE)","v":430359.84},{"$f":"Table_Provincial_GTAC35378[[#This Row],[Benchmark]]*Table_Provincial_GTAC35378[[#This Row],[ExtentM2]]*12","v":188760},{"$f":"VLOOKUP($A35,DATA2!$A$2:$S$607,12,FALSE)","v":"2015-07-01"},{"$f":"VLOOKUP($A35,DATA2!$A$2:$S$607,13,FALSE)","v":"2020-06-30"},{"$f":"VLOOKUP($A35,DATA2!$A$2:$S$607,14,FALSE)","v":"No"},{"$f":"IF(MATRIX2!D35=1,($Y$8-$X$2)/365*Table_Provincial_GTAC35378[[#This Row],[Adj.AnnualRental]]*MATRIX2!D35,($Y$8-$X$2)/365*Table_Provincial_GTAC35378[[#This Row],[Adj.AnnualRental]])","v":-1557548.9003835616},{"$f":"IF('MAIN-INTERFACE'!$D$2=\"No\",(Table_Provincial_GTAC35378[[#This Row],[Adj.AnnualRental]])*(1+Table_Provincial_GTAC35378[[#This Row],[TnTEscalation]])^2,\n    (((MATRIX2!V35*Table_Provincial_GTAC35378[[#This Row],[Adj.AnnualRental]])*(1+Table_Provincial_GTAC35378[[#This Row],[TnTEscalation]])^2)+\n       (MATRIX2!N35* IF(IF('MAIN-INTERFACE'!$D$2=\"No\",Table_Provincial_GTAC35378[[#This Row],[Adj.AnnualRental]],(Table_Provincial_GTAC35378[[#This Row],[RtmAnnualRental]])*(1+\n                                 (IF('MAIN-INTERFACE'!$D$2=\"No\",0,'MAIN-INTERFACE'!$D$4))^(COUNTIF(MATRIX2!M35:N35,0))))*(1+\n                                 (IF('MAIN-INTERFACE'!$D$2=\"No\",0,'MAIN-INTERFACE'!$D$8)))^2<Table_Provincial_GTAC35378[[#This Row],[Adj.AnnualRental]],(Table_Provincial_GTAC35378[[#This Row],[RtmAnnualRental]])*(1+\n\n                                 (IF('MAIN-INTERFACE'!$D$2=\"No\",0,'MAIN-INTERFACE'!$D$4))^(COUNTIF(MATRIX2!M35:N35,0)))*(1+\n                                 (IF('MAIN-INTERFACE'!$D$2=\"No\",0,'MAIN-INTERFACE'!$D$8)))^MATRIX2!D35,Table_Provincial_GTAC35378[[#This Row],[Adj.AnnualRental]])*(1+\n\n                                (IF('MAIN-INTERFACE'!$D$2=\"No\",Table_Provincial_GTAC35378[[#This Row],[TnTEscalation]],'MAIN-INTERFACE'!$G$2)))^\n                                 (IF((COUNTIF(MATRIX2!M35:N35,\">0\")-1)<0,0,COUNTIF(MATRIX2!M35:N35,\">0\"))))))","v":492718.98081600002},{"$f":"IF('MAIN-INTERFACE'!$D$2=\"No\",(Table_Provincial_GTAC35378[[#This Row],[Adj.AnnualRental]])*(1+Table_Provincial_GTAC35378[[#This Row],[TnTEscalation]])^3,(((MATRIX2!W35*Table_Provincial_GTAC35378[[#This Row],[Adj.AnnualRental]])*(1+Table_Provincial_GTAC35378[[#This Row],[TnTEscalation]])^3)+(MATRIX2!O35*IF(IF('MAIN-INTERFACE'!$D$2=\"No\",Table_Provincial_GTAC35378[[#This Row],[Adj.AnnualRental]],(Table_Provincial_GTAC35378[[#This Row],[RtmAnnualRental]])*(1+(IF('MAIN-INTERFACE'!$D$2=\"No\",0,'MAIN-INTERFACE'!$D$4))^(COUNTIF(MATRIX2!M35:O35,0))))*(1+(IF('MAIN-INTERFACE'!$D$2=\"No\",0,'MAIN-INTERFACE'!$D$8)))^3<Table_Provincial_GTAC35378[[#This Row],[Adj.AnnualRental]],(Table_Provincial_GTAC35378[[#This Row],[RtmAnnualRental]])*(1+(IF('MAIN-INTERFACE'!$D$2=\"No\",0,'MAIN-INTERFACE'!$D$4))^(COUNTIF(MATRIX2!M35:O35,0)))*(1+(IF('MAIN-INTERFACE'!$D$2=\"No\",0,'MAIN-INTERFACE'!$D$8)))^MATRIX2!E35,Table_Provincial_GTAC35378[[#This Row],[Adj.AnnualRental]])*(1+(IF('MAIN-INTERFACE'!$D$2=\"No\",Table_Provincial_GTAC35378[[#This Row],[TnTEscalation]],'MAIN-INTERFACE'!$G$2)))^(IF((COUNTIF(MATRIX2!M35:O35,\">0\")-1)<0,0,COUNTIF(MATRIX2!M35:O35,\">0\"))))))","v":527209.30947312003},{"$f":"IF('MAIN-INTERFACE'!$D$2=\"No\",(Table_Provincial_GTAC35378[[#This Row],[Adj.AnnualRental]])*(1+Table_Provincial_GTAC35378[[#This Row],[TnTEscalation]])^4,((((MATRIX2!X35*Table_Provincial_GTAC35378[[#This Row],[Adj.AnnualRental]])*(1+Table_Provincial_GTAC35378[[#This Row],[TnTEscalation]])^4)+(MATRIX2!P35*IF(IF('MAIN-INTERFACE'!$D$2=\"No\",Table_Provincial_GTAC35378[[#This Row],[Adj.AnnualRental]],(Table_Provincial_GTAC35378[[#This Row],[RtmAnnualRental]])*(1+(IF('MAIN-INTERFACE'!$D$2=\"No\",0,'MAIN-INTERFACE'!$D$4))^(COUNTIF(MATRIX2!M35:P35,0))))*(1+(IF('MAIN-INTERFACE'!$D$2=\"No\",0,'MAIN-INTERFACE'!$D$8)))^4<Table_Provincial_GTAC35378[[#This Row],[Adj.AnnualRental]],(Table_Provincial_GTAC35378[[#This Row],[RtmAnnualRental]])*(1+(IF('MAIN-INTERFACE'!$D$2=\"No\",0,'MAIN-INTERFACE'!$D$4))^(COUNTIF(MATRIX2!M35:P35,0)))*(1+(IF('MAIN-INTERFACE'!$D$2=\"No\",0,'MAIN-INTERFACE'!$D$8)))^MATRIX2!F35,Table_Provincial_GTAC35378[[#This Row],[Adj.AnnualRental]])*(1+(IF('MAIN-INTERFACE'!$D$2=\"No\",Table_Provincial_GTAC35378[[#This Row],[TnTEscalation]],'MAIN-INTERFACE'!$G$2)))^(IF((COUNTIF(MATRIX2!M35:P35,\">0\")-1)<0,0,COUNTIF(MATRIX2!M35:P35,\">0\")))))))","v":472581.03610483551},{"$f":"IF('MAIN-INTERFACE'!$D$2=\"No\",(Table_Provincial_GTAC35378[[#This Row],[Adj.AnnualRental]])*(1+Table_Provincial_GTAC35378[[#This Row],[TnTEscalation]])^5,(((MATRIX2!Y35*Table_Provincial_GTAC35378[[#This Row],[Adj.AnnualRental]])*(1+Table_Provincial_GTAC35378[[#This Row],[TnTEscalation]])^5)+(MATRIX2!Q35*IF(IF('MAIN-INTERFACE'!$D$2=\"No\",Table_Provincial_GTAC35378[[#This Row],[Adj.AnnualRental]],(Table_Provincial_GTAC35378[[#This Row],[RtmAnnualRental]])*(1+(IF('MAIN-INTERFACE'!$D$2=\"No\",0,'MAIN-INTERFACE'!$D$4))^(COUNTIF(MATRIX2!M35:Q35,0))))*(1+(IF('MAIN-INTERFACE'!$D$2=\"No\",0,'MAIN-INTERFACE'!$D$8)))^5<Table_Provincial_GTAC35378[[#This Row],[Adj.AnnualRental]],(Table_Provincial_GTAC35378[[#This Row],[RtmAnnualRental]])*(1+(IF('MAIN-INTERFACE'!$D$2=\"No\",0,'MAIN-INTERFACE'!$D$4))^(COUNTIF(MATRIX2!M35:Q35,0)))*(1+(IF('MAIN-INTERFACE'!$D$2=\"No\",0,'MAIN-INTERFACE'!$D$8)))^MATRIX2!G35,Table_Provincial_GTAC35378[[#This Row],[Adj.AnnualRental]])*(1+(IF('MAIN-INTERFACE'!$D$2=\"No\",Table_Provincial_GTAC35378[[#This Row],[TnTEscalation]],'MAIN-INTERFACE'!$G$2)))^(IF((COUNTIF(MATRIX2!M35:Q35,\">0\")-1)<0,0,COUNTIF(MATRIX2!M35:Q35,\">0\"))))))","v":218149.73568959997},{"$f":"IF('MAIN-INTERFACE'!$D$2=\"No\",(Table_Provincial_GTAC35378[[#This Row],[Adj.AnnualRental]])*(1+Table_Provincial_GTAC35378[[#This Row],[TnTEscalation]])^6,(((MATRIX2!Z35*Table_Provincial_GTAC35378[[#This Row],[Adj.AnnualRental]])*(1+Table_Provincial_GTAC35378[[#This Row],[TnTEscalation]])^6)+(MATRIX2!R35*IF(IF('MAIN-INTERFACE'!$D$2=\"No\",Table_Provincial_GTAC35378[[#This Row],[Adj.AnnualRental]],(Table_Provincial_GTAC35378[[#This Row],[RtmAnnualRental]])*(1+(IF('MAIN-INTERFACE'!$D$2=\"No\",0,'MAIN-INTERFACE'!$D$4))^(COUNTIF(MATRIX2!M35:R35,0))))*(1+(IF('MAIN-INTERFACE'!$D$2=\"No\",0,'MAIN-INTERFACE'!$D$8)))^6<Table_Provincial_GTAC35378[[#This Row],[Adj.AnnualRental]],(Table_Provincial_GTAC35378[[#This Row],[RtmAnnualRental]])*(1+(IF('MAIN-INTERFACE'!$D$2=\"No\",0,'MAIN-INTERFACE'!$D$4))^(COUNTIF(MATRIX2!M35:R35,0)))*(1+(IF('MAIN-INTERFACE'!$D$2=\"No\",0,'MAIN-INTERFACE'!$D$8)))^MATRIX2!H35,Table_Provincial_GTAC35378[[#This Row],[Adj.AnnualRental]])*(1+(IF('MAIN-INTERFACE'!$D$2=\"No\",Table_Provincial_GTAC35378[[#This Row],[TnTEscalation]],'MAIN-INTERFACE'!$G$2)))^(IF((COUNTIF(MATRIX2!M35:R35,\">0\")-1)<0,0,COUNTIF(MATRIX2!M35:R35,\">0\"))))))","v":234510.96586631998},{"$f":"IF('MAIN-INTERFACE'!$D$2=\"No\",(Table_Provincial_GTAC35378[[#This Row],[Adj.AnnualRental]])*(1+Table_Provincial_GTAC35378[[#This Row],[TnTEscalation]])^7,(((MATRIX2!AA35*Table_Provincial_GTAC35378[[#This Row],[Adj.AnnualRental]])*(1+Table_Provincial_GTAC35378[[#This Row],[TnTEscalation]])^7)+(MATRIX2!S35*IF(IF('MAIN-INTERFACE'!$D$2=\"No\",Table_Provincial_GTAC35378[[#This Row],[Adj.AnnualRental]],(Table_Provincial_GTAC35378[[#This Row],[RtmAnnualRental]])*(1+(IF('MAIN-INTERFACE'!$D$2=\"No\",0,'MAIN-INTERFACE'!$D$4))^(COUNTIF(MATRIX2!M35:S35,0))))*(1+(IF('MAIN-INTERFACE'!$D$2=\"No\",0,'MAIN-INTERFACE'!$D$8)))^7<Table_Provincial_GTAC35378[[#This Row],[Adj.AnnualRental]],(Table_Provincial_GTAC35378[[#This Row],[RtmAnnualRental]])*(1+(IF('MAIN-INTERFACE'!$D$2=\"No\",0,'MAIN-INTERFACE'!$D$4))^(COUNTIF(MATRIX2!M35:S35,0)))*(1+(IF('MAIN-INTERFACE'!$D$2=\"No\",0,'MAIN-INTERFACE'!$D$8)))^MATRIX2!I35,Table_Provincial_GTAC35378[[#This Row],[Adj.AnnualRental]])*(1+(IF('MAIN-INTERFACE'!$D$2=\"No\",Table_Provincial_GTAC35378[[#This Row],[TnTEscalation]],'MAIN-INTERFACE'!$G$2)))^(IF((COUNTIF(MATRIX2!M35:S35,\">0\")-1)<0,0,COUNTIF(MATRIX2!M35:S35,\">0\"))))))","v":252099.28830629398},{"$f":"SUM(Table_Provincial_GTAC35378[[#This Row],[FY 2018/19]:[FY 2023/24]])","v":2197269.3162561697}]
[{"$f":"Table_Provincial_GTAC3536[[#This Row],[SystemID]]","v":39},{"$f":"VLOOKUP($A36,DATA2!$A$2:$S$607,2,FALSE)","v":"KZN"},{"$f":"VLOOKUP($A36,DATA2!$A$2:$S$607,3,FALSE)","v":"KwaZulu-Natal"},{"$f":"VLOOKUP($A36,DATA2!$A$2:$S$607,4,FALSE)","v":118.76794029850747},{"$f":"VLOOKUP($A36,DATA2!$A$2:$S$607,5,FALSE)","v":77.5},{"$f":"VLOOKUP($A36,DATA2!$A$2:$S$607,6,FALSE)","v":"MAIN CENTRE"},{"$f":"VLOOKUP($A36,DATA2!$A$2:$S$607,7,FALSE)","v":335},{"$f":"VLOOKUP($A36,DATA2!$A$2:$S$607,8,FALSE)","v":true},{"$f":"VLOOKUP($A36,DATA2!$A$2:$S$607,9,FALSE)","v":7.0000000000000007E-2},{"$f":"VLOOKUP($A36,DATA2!$A$2:$S$607,10,FALSE)","v":39787.26},{"$f":"VLOOKUP($A36,DATA2!$A$2:$S$607,11,FALSE)","v":477447.12},{"$f":"Table_Provincial_GTAC35378[[#This Row],[Benchmark]]*Table_Provincial_GTAC35378[[#This Row],[ExtentM2]]*12","v":311550},{"$f":"VLOOKUP($A36,DATA2!$A$2:$S$607,12,FALSE)","v":"2015-09-01"},{"$f":"VLOOKUP($A36,DATA2!$A$2:$S$607,13,FALSE)","v":"2020-08-31"},{"$f":"VLOOKUP($A36,DATA2!$A$2:$S$607,14,FALSE)","v":"No"},{"$f":"IF(MATRIX2!D36=1,($Y$8-$X$2)/365*Table_Provincial_GTAC35378[[#This Row],[Adj.AnnualRental]]*MATRIX2!D36,($Y$8-$X$2)/365*Table_Provincial_GTAC35378[[#This Row],[Adj.AnnualRental]])","v":-1727966.152109589},{"$f":"IF('MAIN-INTERFACE'!$D$2=\"No\",(Table_Provincial_GTAC35378[[#This Row],[Adj.AnnualRental]])*(1+Table_Provincial_GTAC35378[[#This Row],[TnTEscalation]])^2,\n    (((MATRIX2!V36*Table_Provincial_GTAC35378[[#This Row],[Adj.AnnualRental]])*(1+Table_Provincial_GTAC35378[[#This Row],[TnTEscalation]])^2)+\n       (MATRIX2!N36* IF(IF('MAIN-INTERFACE'!$D$2=\"No\",Table_Provincial_GTAC35378[[#This Row],[Adj.AnnualRental]],(Table_Provincial_GTAC35378[[#This Row],[RtmAnnualRental]])*(1+\n                                 (IF('MAIN-INTERFACE'!$D$2=\"No\",0,'MAIN-INTERFACE'!$D$4))^(COUNTIF(MATRIX2!M36:N36,0))))*(1+\n                                 (IF('MAIN-INTERFACE'!$D$2=\"No\",0,'MAIN-INTERFACE'!$D$8)))^2<Table_Provincial_GTAC35378[[#This Row],[Adj.AnnualRental]],(Table_Provincial_GTAC35378[[#This Row],[RtmAnnualRental]])*(1+\n\n                                 (IF('MAIN-INTERFACE'!$D$2=\"No\",0,'MAIN-INTERFACE'!$D$4))^(COUNTIF(MATRIX2!M36:N36,0)))*(1+\n                                 (IF('MAIN-INTERFACE'!$D$2=\"No\",0,'MAIN-INTERFACE'!$D$8)))^MATRIX2!D36,Table_Provincial_GTAC35378[[#This Row],[Adj.AnnualRental]])*(1+\n\n                                (IF('MAIN-INTERFACE'!$D$2=\"No\",Table_Provincial_GTAC35378[[#This Row],[TnTEscalation]],'MAIN-INTERFACE'!$G$2)))^\n                                 (IF((COUNTIF(MATRIX2!M36:N36,\">0\")-1)<0,0,COUNTIF(MATRIX2!M36:N36,\">0\"))))))","v":546629.20768800005},{"$f":"IF('MAIN-INTERFACE'!$D$2=\"No\",(Table_Provincial_GTAC35378[[#This Row],[Adj.AnnualRental]])*(1+Table_Provincial_GTAC35378[[#This Row],[TnTEscalation]])^3,(((MATRIX2!W36*Table_Provincial_GTAC35378[[#This Row],[Adj.AnnualRental]])*(1+Table_Provincial_GTAC35378[[#This Row],[TnTEscalation]])^3)+(MATRIX2!O36*IF(IF('MAIN-INTERFACE'!$D$2=\"No\",Table_Provincial_GTAC35378[[#This Row],[Adj.AnnualRental]],(Table_Provincial_GTAC35378[[#This Row],[RtmAnnualRental]])*(1+(IF('MAIN-INTERFACE'!$D$2=\"No\",0,'MAIN-INTERFACE'!$D$4))^(COUNTIF(MATRIX2!M36:O36,0))))*(1+(IF('MAIN-INTERFACE'!$D$2=\"No\",0,'MAIN-INTERFACE'!$D$8)))^3<Table_Provincial_GTAC35378[[#This Row],[Adj.AnnualRental]],(Table_Provincial_GTAC35378[[#This Row],[RtmAnnualRental]])*(1+(IF('MAIN-INTERFACE'!$D$2=\"No\",0,'MAIN-INTERFACE'!$D$4))^(COUNTIF(MATRIX2!M36:O36,0)))*(1+(IF('MAIN-INTERFACE'!$D$2=\"No\",0,'MAIN-INTERFACE'!$D$8)))^MATRIX2!E36,Table_Provincial_GTAC35378[[#This Row],[Adj.AnnualRental]])*(1+(IF('MAIN-INTERFACE'!$D$2=\"No\",Table_Provincial_GTAC35378[[#This Row],[TnTEscalation]],'MAIN-INTERFACE'!$G$2)))^(IF((COUNTIF(MATRIX2!M36:O36,\">0\")-1)<0,0,COUNTIF(MATRIX2!M36:O36,\">0\"))))))","v":584893.25222616002},{"$f":"IF('MAIN-INTERFACE'!$D$2=\"No\",(Table_Provincial_GTAC35378[[#This Row],[Adj.AnnualRental]])*(1+Table_Provincial_GTAC35378[[#This Row],[TnTEscalation]])^4,((((MATRIX2!X36*Table_Provincial_GTAC35378[[#This Row],[Adj.AnnualRental]])*(1+Table_Provincial_GTAC35378[[#This Row],[TnTEscalation]])^4)+(MATRIX2!P36*IF(IF('MAIN-INTERFACE'!$D$2=\"No\",Table_Provincial_GTAC35378[[#This Row],[Adj.AnnualRental]],(Table_Provincial_GTAC35378[[#This Row],[RtmAnnualRental]])*(1+(IF('MAIN-INTERFACE'!$D$2=\"No\",0,'MAIN-INTERFACE'!$D$4))^(COUNTIF(MATRIX2!M36:P36,0))))*(1+(IF('MAIN-INTERFACE'!$D$2=\"No\",0,'MAIN-INTERFACE'!$D$8)))^4<Table_Provincial_GTAC35378[[#This Row],[Adj.AnnualRental]],(Table_Provincial_GTAC35378[[#This Row],[RtmAnnualRental]])*(1+(IF('MAIN-INTERFACE'!$D$2=\"No\",0,'MAIN-INTERFACE'!$D$4))^(COUNTIF(MATRIX2!M36:P36,0)))*(1+(IF('MAIN-INTERFACE'!$D$2=\"No\",0,'MAIN-INTERFACE'!$D$8)))^MATRIX2!F36,Table_Provincial_GTAC35378[[#This Row],[Adj.AnnualRental]])*(1+(IF('MAIN-INTERFACE'!$D$2=\"No\",Table_Provincial_GTAC35378[[#This Row],[TnTEscalation]],'MAIN-INTERFACE'!$G$2)))^(IF((COUNTIF(MATRIX2!M36:P36,\">0\")-1)<0,0,COUNTIF(MATRIX2!M36:P36,\">0\")))))))","v":601527.85685492074},{"$f":"IF('MAIN-INTERFACE'!$D$2=\"No\",(Table_Provincial_GTAC35378[[#This Row],[Adj.AnnualRental]])*(1+Table_Provincial_GTAC35378[[#This Row],[TnTEscalation]])^5,(((MATRIX2!Y36*Table_Provincial_GTAC35378[[#This Row],[Adj.AnnualRental]])*(1+Table_Provincial_GTAC35378[[#This Row],[TnTEscalation]])^5)+(MATRIX2!Q36*IF(IF('MAIN-INTERFACE'!$D$2=\"No\",Table_Provincial_GTAC35378[[#This Row],[Adj.AnnualRental]],(Table_Provincial_GTAC35378[[#This Row],[RtmAnnualRental]])*(1+(IF('MAIN-INTERFACE'!$D$2=\"No\",0,'MAIN-INTERFACE'!$D$4))^(COUNTIF(MATRIX2!M36:Q36,0))))*(1+(IF('MAIN-INTERFACE'!$D$2=\"No\",0,'MAIN-INTERFACE'!$D$8)))^5<Table_Provincial_GTAC35378[[#This Row],[Adj.AnnualRental]],(Table_Provincial_GTAC35378[[#This Row],[RtmAnnualRental]])*(1+(IF('MAIN-INTERFACE'!$D$2=\"No\",0,'MAIN-INTERFACE'!$D$4))^(COUNTIF(MATRIX2!M36:Q36,0)))*(1+(IF('MAIN-INTERFACE'!$D$2=\"No\",0,'MAIN-INTERFACE'!$D$8)))^MATRIX2!G36,Table_Provincial_GTAC35378[[#This Row],[Adj.AnnualRental]])*(1+(IF('MAIN-INTERFACE'!$D$2=\"No\",Table_Provincial_GTAC35378[[#This Row],[TnTEscalation]],'MAIN-INTERFACE'!$G$2)))^(IF((COUNTIF(MATRIX2!M36:Q36,\">0\")-1)<0,0,COUNTIF(MATRIX2!M36:Q36,\">0\"))))))","v":360058.01098800002},{"$f":"IF('MAIN-INTERFACE'!$D$2=\"No\",(Table_Provincial_GTAC35378[[#This Row],[Adj.AnnualRental]])*(1+Table_Provincial_GTAC35378[[#This Row],[TnTEscalation]])^6,(((MATRIX2!Z36*Table_Provincial_GTAC35378[[#This Row],[Adj.AnnualRental]])*(1+Table_Provincial_GTAC35378[[#This Row],[TnTEscalation]])^6)+(MATRIX2!R36*IF(IF('MAIN-INTERFACE'!$D$2=\"No\",Table_Provincial_GTAC35378[[#This Row],[Adj.AnnualRental]],(Table_Provincial_GTAC35378[[#This Row],[RtmAnnualRental]])*(1+(IF('MAIN-INTERFACE'!$D$2=\"No\",0,'MAIN-INTERFACE'!$D$4))^(COUNTIF(MATRIX2!M36:R36,0))))*(1+(IF('MAIN-INTERFACE'!$D$2=\"No\",0,'MAIN-INTERFACE'!$D$8)))^6<Table_Provincial_GTAC35378[[#This Row],[Adj.AnnualRental]],(Table_Provincial_GTAC35378[[#This Row],[RtmAnnualRental]])*(1+(IF('MAIN-INTERFACE'!$D$2=\"No\",0,'MAIN-INTERFACE'!$D$4))^(COUNTIF(MATRIX2!M36:R36,0)))*(1+(IF('MAIN-INTERFACE'!$D$2=\"No\",0,'MAIN-INTERFACE'!$D$8)))^MATRIX2!H36,Table_Provincial_GTAC35378[[#This Row],[Adj.AnnualRental]])*(1+(IF('MAIN-INTERFACE'!$D$2=\"No\",Table_Provincial_GTAC35378[[#This Row],[TnTEscalation]],'MAIN-INTERFACE'!$G$2)))^(IF((COUNTIF(MATRIX2!M36:R36,\">0\")-1)<0,0,COUNTIF(MATRIX2!M36:R36,\">0\"))))))","v":387062.36181209999},{"$f":"IF('MAIN-INTERFACE'!$D$2=\"No\",(Table_Provincial_GTAC35378[[#This Row],[Adj.AnnualRental]])*(1+Table_Provincial_GTAC35378[[#This Row],[TnTEscalation]])^7,(((MATRIX2!AA36*Table_Provincial_GTAC35378[[#This Row],[Adj.AnnualRental]])*(1+Table_Provincial_GTAC35378[[#This Row],[TnTEscalation]])^7)+(MATRIX2!S36*IF(IF('MAIN-INTERFACE'!$D$2=\"No\",Table_Provincial_GTAC35378[[#This Row],[Adj.AnnualRental]],(Table_Provincial_GTAC35378[[#This Row],[RtmAnnualRental]])*(1+(IF('MAIN-INTERFACE'!$D$2=\"No\",0,'MAIN-INTERFACE'!$D$4))^(COUNTIF(MATRIX2!M36:S36,0))))*(1+(IF('MAIN-INTERFACE'!$D$2=\"No\",0,'MAIN-INTERFACE'!$D$8)))^7<Table_Provincial_GTAC35378[[#This Row],[Adj.AnnualRental]],(Table_Provincial_GTAC35378[[#This Row],[RtmAnnualRental]])*(1+(IF('MAIN-INTERFACE'!$D$2=\"No\",0,'MAIN-INTERFACE'!$D$4))^(COUNTIF(MATRIX2!M36:S36,0)))*(1+(IF('MAIN-INTERFACE'!$D$2=\"No\",0,'MAIN-INTERFACE'!$D$8)))^MATRIX2!I36,Table_Provincial_GTAC35378[[#This Row],[Adj.AnnualRental]])*(1+(IF('MAIN-INTERFACE'!$D$2=\"No\",Table_Provincial_GTAC35378[[#This Row],[TnTEscalation]],'MAIN-INTERFACE'!$G$2)))^(IF((COUNTIF(MATRIX2!M36:S36,\">0\")-1)<0,0,COUNTIF(MATRIX2!M36:S36,\">0\"))))))","v":416092.03894800751},{"$f":"SUM(Table_Provincial_GTAC35378[[#This Row],[FY 2018/19]:[FY 2023/24]])","v":2896262.7285171882}]
[{"$f":"Table_Provincial_GTAC3536[[#This Row],[SystemID]]","v":40},{"$f":"VLOOKUP($A37,DATA2!$A$2:$S$607,2,FALSE)","v":"KZN"},{"$f":"VLOOKUP($A37,DATA2!$A$2:$S$607,3,FALSE)","v":"KwaZulu-Natal"},{"$f":"VLOOKUP($A37,DATA2!$A$2:$S$607,4,FALSE)","v":148.65636363636364},{"$f":"VLOOKUP($A37,DATA2!$A$2:$S$607,5,FALSE)","v":77.5},{"$f":"VLOOKUP($A37,DATA2!$A$2:$S$607,6,FALSE)","v":"VTSD"},{"$f":"VLOOKUP($A37,DATA2!$A$2:$S$607,7,FALSE)","v":242},{"$f":"VLOOKUP($A37,DATA2!$A$2:$S$607,8,FALSE)","v":true},{"$f":"VLOOKUP($A37,DATA2!$A$2:$S$607,9,FALSE)","v":0.09},{"$f":"VLOOKUP($A37,DATA2!$A$2:$S$607,10,FALSE)","v":35974.839999999997},{"$f":"VLOOKUP($A37,DATA2!$A$2:$S$607,11,FALSE)","v":431698.08},{"$f":"Table_Provincial_GTAC35378[[#This Row],[Benchmark]]*Table_Provincial_GTAC35378[[#This Row],[ExtentM2]]*12","v":225060},{"$f":"VLOOKUP($A37,DATA2!$A$2:$S$607,12,FALSE)","v":"2014-02-01"},{"$f":"VLOOKUP($A37,DATA2!$A$2:$S$607,13,FALSE)","v":"2019-01-31"},{"$f":"VLOOKUP($A37,DATA2!$A$2:$S$607,14,FALSE)","v":"No"},{"$f":"IF(MATRIX2!D37=1,($Y$8-$X$2)/365*Table_Provincial_GTAC35378[[#This Row],[Adj.AnnualRental]]*MATRIX2!D37,($Y$8-$X$2)/365*Table_Provincial_GTAC35378[[#This Row],[Adj.AnnualRental]])","v":-1562392.229260274},{"$f":"IF('MAIN-INTERFACE'!$D$2=\"No\",(Table_Provincial_GTAC35378[[#This Row],[Adj.AnnualRental]])*(1+Table_Provincial_GTAC35378[[#This Row],[TnTEscalation]])^2,\n    (((MATRIX2!V37*Table_Provincial_GTAC35378[[#This Row],[Adj.AnnualRental]])*(1+Table_Provincial_GTAC35378[[#This Row],[TnTEscalation]])^2)+\n       (MATRIX2!N37* IF(IF('MAIN-INTERFACE'!$D$2=\"No\",Table_Provincial_GTAC35378[[#This Row],[Adj.AnnualRental]],(Table_Provincial_GTAC35378[[#This Row],[RtmAnnualRental]])*(1+\n                                 (IF('MAIN-INTERFACE'!$D$2=\"No\",0,'MAIN-INTERFACE'!$D$4))^(COUNTIF(MATRIX2!M37:N37,0))))*(1+\n                                 (IF('MAIN-INTERFACE'!$D$2=\"No\",0,'MAIN-INTERFACE'!$D$8)))^2<Table_Provincial_GTAC35378[[#This Row],[Adj.AnnualRental]],(Table_Provincial_GTAC35378[[#This Row],[RtmAnnualRental]])*(1+\n\n                                 (IF('MAIN-INTERFACE'!$D$2=\"No\",0,'MAIN-INTERFACE'!$D$4))^(COUNTIF(MATRIX2!M37:N37,0)))*(1+\n                                 (IF('MAIN-INTERFACE'!$D$2=\"No\",0,'MAIN-INTERFACE'!$D$8)))^MATRIX2!D37,Table_Provincial_GTAC35378[[#This Row],[Adj.AnnualRental]])*(1+\n\n                                (IF('MAIN-INTERFACE'!$D$2=\"No\",Table_Provincial_GTAC35378[[#This Row],[TnTEscalation]],'MAIN-INTERFACE'!$G$2)))^\n                                 (IF((COUNTIF(MATRIX2!M37:N37,\">0\")-1)<0,0,COUNTIF(MATRIX2!M37:N37,\">0\"))))))","v":512900.48884800007},{"$f":"IF('MAIN-INTERFACE'!$D$2=\"No\",(Table_Provincial_GTAC35378[[#This Row],[Adj.AnnualRental]])*(1+Table_Provincial_GTAC35378[[#This Row],[TnTEscalation]])^3,(((MATRIX2!W37*Table_Provincial_GTAC35378[[#This Row],[Adj.AnnualRental]])*(1+Table_Provincial_GTAC35378[[#This Row],[TnTEscalation]])^3)+(MATRIX2!O37*IF(IF('MAIN-INTERFACE'!$D$2=\"No\",Table_Provincial_GTAC35378[[#This Row],[Adj.AnnualRental]],(Table_Provincial_GTAC35378[[#This Row],[RtmAnnualRental]])*(1+(IF('MAIN-INTERFACE'!$D$2=\"No\",0,'MAIN-INTERFACE'!$D$4))^(COUNTIF(MATRIX2!M37:O37,0))))*(1+(IF('MAIN-INTERFACE'!$D$2=\"No\",0,'MAIN-INTERFACE'!$D$8)))^3<Table_Provincial_GTAC35378[[#This Row],[Adj.AnnualRental]],(Table_Provincial_GTAC35378[[#This Row],[RtmAnnualRental]])*(1+(IF('MAIN-INTERFACE'!$D$2=\"No\",0,'MAIN-INTERFACE'!$D$4))^(COUNTIF(MATRIX2!M37:O37,0)))*(1+(IF('MAIN-INTERFACE'!$D$2=\"No\",0,'MAIN-INTERFACE'!$D$8)))^MATRIX2!E37,Table_Provincial_GTAC35378[[#This Row],[Adj.AnnualRental]])*(1+(IF('MAIN-INTERFACE'!$D$2=\"No\",Table_Provincial_GTAC35378[[#This Row],[TnTEscalation]],'MAIN-INTERFACE'!$G$2)))^(IF((COUNTIF(MATRIX2!M37:O37,\">0\")-1)<0,0,COUNTIF(MATRIX2!M37:O37,\">0\"))))))","v":347760.28525968466},{"$f":"IF('MAIN-INTERFACE'!$D$2=\"No\",(Table_Provincial_GTAC35378[[#This Row],[Adj.AnnualRental]])*(1+Table_Provincial_GTAC35378[[#This Row],[TnTEscalation]])^4,((((MATRIX2!X37*Table_Provincial_GTAC35378[[#This Row],[Adj.AnnualRental]])*(1+Table_Provincial_GTAC35378[[#This Row],[TnTEscalation]])^4)+(MATRIX2!P37*IF(IF('MAIN-INTERFACE'!$D$2=\"No\",Table_Provincial_GTAC35378[[#This Row],[Adj.AnnualRental]],(Table_Provincial_GTAC35378[[#This Row],[RtmAnnualRental]])*(1+(IF('MAIN-INTERFACE'!$D$2=\"No\",0,'MAIN-INTERFACE'!$D$4))^(COUNTIF(MATRIX2!M37:P37,0))))*(1+(IF('MAIN-INTERFACE'!$D$2=\"No\",0,'MAIN-INTERFACE'!$D$8)))^4<Table_Provincial_GTAC35378[[#This Row],[Adj.AnnualRental]],(Table_Provincial_GTAC35378[[#This Row],[RtmAnnualRental]])*(1+(IF('MAIN-INTERFACE'!$D$2=\"No\",0,'MAIN-INTERFACE'!$D$4))^(COUNTIF(MATRIX2!M37:P37,0)))*(1+(IF('MAIN-INTERFACE'!$D$2=\"No\",0,'MAIN-INTERFACE'!$D$8)))^MATRIX2!F37,Table_Provincial_GTAC35378[[#This Row],[Adj.AnnualRental]])*(1+(IF('MAIN-INTERFACE'!$D$2=\"No\",Table_Provincial_GTAC35378[[#This Row],[TnTEscalation]],'MAIN-INTERFACE'!$G$2)))^(IF((COUNTIF(MATRIX2!M37:P37,\">0\")-1)<0,0,COUNTIF(MATRIX2!M37:P37,\">0\")))))))","v":260501.09844},{"$f":"IF('MAIN-INTERFACE'!$D$2=\"No\",(Table_Provincial_GTAC35378[[#This Row],[Adj.AnnualRental]])*(1+Table_Provincial_GTAC35378[[#This Row],[TnTEscalation]])^5,(((MATRIX2!Y37*Table_Provincial_GTAC35378[[#This Row],[Adj.AnnualRental]])*(1+Table_Provincial_GTAC35378[[#This Row],[TnTEscalation]])^5)+(MATRIX2!Q37*IF(IF('MAIN-INTERFACE'!$D$2=\"No\",Table_Provincial_GTAC35378[[#This Row],[Adj.AnnualRental]],(Table_Provincial_GTAC35378[[#This Row],[RtmAnnualRental]])*(1+(IF('MAIN-INTERFACE'!$D$2=\"No\",0,'MAIN-INTERFACE'!$D$4))^(COUNTIF(MATRIX2!M37:Q37,0))))*(1+(IF('MAIN-INTERFACE'!$D$2=\"No\",0,'MAIN-INTERFACE'!$D$8)))^5<Table_Provincial_GTAC35378[[#This Row],[Adj.AnnualRental]],(Table_Provincial_GTAC35378[[#This Row],[RtmAnnualRental]])*(1+(IF('MAIN-INTERFACE'!$D$2=\"No\",0,'MAIN-INTERFACE'!$D$4))^(COUNTIF(MATRIX2!M37:Q37,0)))*(1+(IF('MAIN-INTERFACE'!$D$2=\"No\",0,'MAIN-INTERFACE'!$D$8)))^MATRIX2!G37,Table_Provincial_GTAC35378[[#This Row],[Adj.AnnualRental]])*(1+(IF('MAIN-INTERFACE'!$D$2=\"No\",Table_Provincial_GTAC35378[[#This Row],[TnTEscalation]],'MAIN-INTERFACE'!$G$2)))^(IF((COUNTIF(MATRIX2!M37:Q37,\">0\")-1)<0,0,COUNTIF(MATRIX2!M37:Q37,\">0\"))))))","v":280038.68082299997},{"$f":"IF('MAIN-INTERFACE'!$D$2=\"No\",(Table_Provincial_GTAC35378[[#This Row],[Adj.AnnualRental]])*(1+Table_Provincial_GTAC35378[[#This Row],[TnTEscalation]])^6,(((MATRIX2!Z37*Table_Provincial_GTAC35378[[#This Row],[Adj.AnnualRental]])*(1+Table_Provincial_GTAC35378[[#This Row],[TnTEscalation]])^6)+(MATRIX2!R37*IF(IF('MAIN-INTERFACE'!$D$2=\"No\",Table_Provincial_GTAC35378[[#This Row],[Adj.AnnualRental]],(Table_Provincial_GTAC35378[[#This Row],[RtmAnnualRental]])*(1+(IF('MAIN-INTERFACE'!$D$2=\"No\",0,'MAIN-INTERFACE'!$D$4))^(COUNTIF(MATRIX2!M37:R37,0))))*(1+(IF('MAIN-INTERFACE'!$D$2=\"No\",0,'MAIN-INTERFACE'!$D$8)))^6<Table_Provincial_GTAC35378[[#This Row],[Adj.AnnualRental]],(Table_Provincial_GTAC35378[[#This Row],[RtmAnnualRental]])*(1+(IF('MAIN-INTERFACE'!$D$2=\"No\",0,'MAIN-INTERFACE'!$D$4))^(COUNTIF(MATRIX2!M37:R37,0)))*(1+(IF('MAIN-INTERFACE'!$D$2=\"No\",0,'MAIN-INTERFACE'!$D$8)))^MATRIX2!H37,Table_Provincial_GTAC35378[[#This Row],[Adj.AnnualRental]])*(1+(IF('MAIN-INTERFACE'!$D$2=\"No\",Table_Provincial_GTAC35378[[#This Row],[TnTEscalation]],'MAIN-INTERFACE'!$G$2)))^(IF((COUNTIF(MATRIX2!M37:R37,\">0\")-1)<0,0,COUNTIF(MATRIX2!M37:R37,\">0\"))))))","v":301041.58188472502},{"$f":"IF('MAIN-INTERFACE'!$D$2=\"No\",(Table_Provincial_GTAC35378[[#This Row],[Adj.AnnualRental]])*(1+Table_Provincial_GTAC35378[[#This Row],[TnTEscalation]])^7,(((MATRIX2!AA37*Table_Provincial_GTAC35378[[#This Row],[Adj.AnnualRental]])*(1+Table_Provincial_GTAC35378[[#This Row],[TnTEscalation]])^7)+(MATRIX2!S37*IF(IF('MAIN-INTERFACE'!$D$2=\"No\",Table_Provincial_GTAC35378[[#This Row],[Adj.AnnualRental]],(Table_Provincial_GTAC35378[[#This Row],[RtmAnnualRental]])*(1+(IF('MAIN-INTERFACE'!$D$2=\"No\",0,'MAIN-INTERFACE'!$D$4))^(COUNTIF(MATRIX2!M37:S37,0))))*(1+(IF('MAIN-INTERFACE'!$D$2=\"No\",0,'MAIN-INTERFACE'!$D$8)))^7<Table_Provincial_GTAC35378[[#This Row],[Adj.AnnualRental]],(Table_Provincial_GTAC35378[[#This Row],[RtmAnnualRental]])*(1+(IF('MAIN-INTERFACE'!$D$2=\"No\",0,'MAIN-INTERFACE'!$D$4))^(COUNTIF(MATRIX2!M37:S37,0)))*(1+(IF('MAIN-INTERFACE'!$D$2=\"No\",0,'MAIN-INTERFACE'!$D$8)))^MATRIX2!I37,Table_Provincial_GTAC35378[[#This Row],[Adj.AnnualRental]])*(1+(IF('MAIN-INTERFACE'!$D$2=\"No\",Table_Provincial_GTAC35378[[#This Row],[TnTEscalation]],'MAIN-INTERFACE'!$G$2)))^(IF((COUNTIF(MATRIX2!M37:S37,\">0\")-1)<0,0,COUNTIF(MATRIX2!M37:S37,\">0\"))))))","v":323619.7005260794},{"$f":"SUM(Table_Provincial_GTAC35378[[#This Row],[FY 2018/19]:[FY 2023/24]])","v":2025861.835781489}]
[{"$f":"Table_Provincial_GTAC3536[[#This Row],[SystemID]]","v":41},{"$f":"VLOOKUP($A38,DATA2!$A$2:$S$607,2,FALSE)","v":"KZN"},{"$f":"VLOOKUP($A38,DATA2!$A$2:$S$607,3,FALSE)","v":"KwaZulu-Natal"},{"$f":"VLOOKUP($A38,DATA2!$A$2:$S$607,4,FALSE)","v":136.93487603305786},{"$f":"VLOOKUP($A38,DATA2!$A$2:$S$607,5,FALSE)","v":65},{"$f":"VLOOKUP($A38,DATA2!$A$2:$S$607,6,FALSE)","v":"VTSD"},{"$f":"VLOOKUP($A38,DATA2!$A$2:$S$607,7,FALSE)","v":242},{"$f":"VLOOKUP($A38,DATA2!$A$2:$S$607,8,FALSE)","v":true},{"$f":"VLOOKUP($A38,DATA2!$A$2:$S$607,9,FALSE)","v":0.1},{"$f":"VLOOKUP($A38,DATA2!$A$2:$S$607,10,FALSE)","v":33138.239999999998},{"$f":"VLOOKUP($A38,DATA2!$A$2:$S$607,11,FALSE)","v":397658.88},{"$f":"Table_Provincial_GTAC35378[[#This Row],[Benchmark]]*Table_Provincial_GTAC35378[[#This Row],[ExtentM2]]*12","v":188760},{"$f":"VLOOKUP($A38,DATA2!$A$2:$S$607,12,FALSE)","v":"2014-02-01"},{"$f":"VLOOKUP($A38,DATA2!$A$2:$S$607,13,FALSE)","v":"2019-01-31"},{"$f":"VLOOKUP($A38,DATA2!$A$2:$S$607,14,FALSE)","v":"No"},{"$f":"IF(MATRIX2!D38=1,($Y$8-$X$2)/365*Table_Provincial_GTAC35378[[#This Row],[Adj.AnnualRental]]*MATRIX2!D38,($Y$8-$X$2)/365*Table_Provincial_GTAC35378[[#This Row],[Adj.AnnualRental]])","v":-1439198.3026849316},{"$f":"IF('MAIN-INTERFACE'!$D$2=\"No\",(Table_Provincial_GTAC35378[[#This Row],[Adj.AnnualRental]])*(1+Table_Provincial_GTAC35378[[#This Row],[TnTEscalation]])^2,\n    (((MATRIX2!V38*Table_Provincial_GTAC35378[[#This Row],[Adj.AnnualRental]])*(1+Table_Provincial_GTAC35378[[#This Row],[TnTEscalation]])^2)+\n       (MATRIX2!N38* IF(IF('MAIN-INTERFACE'!$D$2=\"No\",Table_Provincial_GTAC35378[[#This Row],[Adj.AnnualRental]],(Table_Provincial_GTAC35378[[#This Row],[RtmAnnualRental]])*(1+\n                                 (IF('MAIN-INTERFACE'!$D$2=\"No\",0,'MAIN-INTERFACE'!$D$4))^(COUNTIF(MATRIX2!M38:N38,0))))*(1+\n                                 (IF('MAIN-INTERFACE'!$D$2=\"No\",0,'MAIN-INTERFACE'!$D$8)))^2<Table_Provincial_GTAC35378[[#This Row],[Adj.AnnualRental]],(Table_Provincial_GTAC35378[[#This Row],[RtmAnnualRental]])*(1+\n\n                                 (IF('MAIN-INTERFACE'!$D$2=\"No\",0,'MAIN-INTERFACE'!$D$4))^(COUNTIF(MATRIX2!M38:N38,0)))*(1+\n                                 (IF('MAIN-INTERFACE'!$D$2=\"No\",0,'MAIN-INTERFACE'!$D$8)))^MATRIX2!D38,Table_Provincial_GTAC35378[[#This Row],[Adj.AnnualRental]])*(1+\n\n                                (IF('MAIN-INTERFACE'!$D$2=\"No\",Table_Provincial_GTAC35378[[#This Row],[TnTEscalation]],'MAIN-INTERFACE'!$G$2)))^\n                                 (IF((COUNTIF(MATRIX2!M38:N38,\">0\")-1)<0,0,COUNTIF(MATRIX2!M38:N38,\">0\"))))))","v":481167.2448000001},{"$f":"IF('MAIN-INTERFACE'!$D$2=\"No\",(Table_Provincial_GTAC35378[[#This Row],[Adj.AnnualRental]])*(1+Table_Provincial_GTAC35378[[#This Row],[TnTEscalation]])^3,(((MATRIX2!W38*Table_Provincial_GTAC35378[[#This Row],[Adj.AnnualRental]])*(1+Table_Provincial_GTAC35378[[#This Row],[TnTEscalation]])^3)+(MATRIX2!O38*IF(IF('MAIN-INTERFACE'!$D$2=\"No\",Table_Provincial_GTAC35378[[#This Row],[Adj.AnnualRental]],(Table_Provincial_GTAC35378[[#This Row],[RtmAnnualRental]])*(1+(IF('MAIN-INTERFACE'!$D$2=\"No\",0,'MAIN-INTERFACE'!$D$4))^(COUNTIF(MATRIX2!M38:O38,0))))*(1+(IF('MAIN-INTERFACE'!$D$2=\"No\",0,'MAIN-INTERFACE'!$D$8)))^3<Table_Provincial_GTAC35378[[#This Row],[Adj.AnnualRental]],(Table_Provincial_GTAC35378[[#This Row],[RtmAnnualRental]])*(1+(IF('MAIN-INTERFACE'!$D$2=\"No\",0,'MAIN-INTERFACE'!$D$4))^(COUNTIF(MATRIX2!M38:O38,0)))*(1+(IF('MAIN-INTERFACE'!$D$2=\"No\",0,'MAIN-INTERFACE'!$D$8)))^MATRIX2!E38,Table_Provincial_GTAC35378[[#This Row],[Adj.AnnualRental]])*(1+(IF('MAIN-INTERFACE'!$D$2=\"No\",Table_Provincial_GTAC35378[[#This Row],[TnTEscalation]],'MAIN-INTERFACE'!$G$2)))^(IF((COUNTIF(MATRIX2!M38:O38,\">0\")-1)<0,0,COUNTIF(MATRIX2!M38:O38,\">0\"))))))","v":311773.55679649324},{"$f":"IF('MAIN-INTERFACE'!$D$2=\"No\",(Table_Provincial_GTAC35378[[#This Row],[Adj.AnnualRental]])*(1+Table_Provincial_GTAC35378[[#This Row],[TnTEscalation]])^4,((((MATRIX2!X38*Table_Provincial_GTAC35378[[#This Row],[Adj.AnnualRental]])*(1+Table_Provincial_GTAC35378[[#This Row],[TnTEscalation]])^4)+(MATRIX2!P38*IF(IF('MAIN-INTERFACE'!$D$2=\"No\",Table_Provincial_GTAC35378[[#This Row],[Adj.AnnualRental]],(Table_Provincial_GTAC35378[[#This Row],[RtmAnnualRental]])*(1+(IF('MAIN-INTERFACE'!$D$2=\"No\",0,'MAIN-INTERFACE'!$D$4))^(COUNTIF(MATRIX2!M38:P38,0))))*(1+(IF('MAIN-INTERFACE'!$D$2=\"No\",0,'MAIN-INTERFACE'!$D$8)))^4<Table_Provincial_GTAC35378[[#This Row],[Adj.AnnualRental]],(Table_Provincial_GTAC35378[[#This Row],[RtmAnnualRental]])*(1+(IF('MAIN-INTERFACE'!$D$2=\"No\",0,'MAIN-INTERFACE'!$D$4))^(COUNTIF(MATRIX2!M38:P38,0)))*(1+(IF('MAIN-INTERFACE'!$D$2=\"No\",0,'MAIN-INTERFACE'!$D$8)))^MATRIX2!F38,Table_Provincial_GTAC35378[[#This Row],[Adj.AnnualRental]])*(1+(IF('MAIN-INTERFACE'!$D$2=\"No\",Table_Provincial_GTAC35378[[#This Row],[TnTEscalation]],'MAIN-INTERFACE'!$G$2)))^(IF((COUNTIF(MATRIX2!M38:P38,\">0\")-1)<0,0,COUNTIF(MATRIX2!M38:P38,\">0\")))))))","v":218484.79223999998},{"$f":"IF('MAIN-INTERFACE'!$D$2=\"No\",(Table_Provincial_GTAC35378[[#This Row],[Adj.AnnualRental]])*(1+Table_Provincial_GTAC35378[[#This Row],[TnTEscalation]])^5,(((MATRIX2!Y38*Table_Provincial_GTAC35378[[#This Row],[Adj.AnnualRental]])*(1+Table_Provincial_GTAC35378[[#This Row],[TnTEscalation]])^5)+(MATRIX2!Q38*IF(IF('MAIN-INTERFACE'!$D$2=\"No\",Table_Provincial_GTAC35378[[#This Row],[Adj.AnnualRental]],(Table_Provincial_GTAC35378[[#This Row],[RtmAnnualRental]])*(1+(IF('MAIN-INTERFACE'!$D$2=\"No\",0,'MAIN-INTERFACE'!$D$4))^(COUNTIF(MATRIX2!M38:Q38,0))))*(1+(IF('MAIN-INTERFACE'!$D$2=\"No\",0,'MAIN-INTERFACE'!$D$8)))^5<Table_Provincial_GTAC35378[[#This Row],[Adj.AnnualRental]],(Table_Provincial_GTAC35378[[#This Row],[RtmAnnualRental]])*(1+(IF('MAIN-INTERFACE'!$D$2=\"No\",0,'MAIN-INTERFACE'!$D$4))^(COUNTIF(MATRIX2!M38:Q38,0)))*(1+(IF('MAIN-INTERFACE'!$D$2=\"No\",0,'MAIN-INTERFACE'!$D$8)))^MATRIX2!G38,Table_Provincial_GTAC35378[[#This Row],[Adj.AnnualRental]])*(1+(IF('MAIN-INTERFACE'!$D$2=\"No\",Table_Provincial_GTAC35378[[#This Row],[TnTEscalation]],'MAIN-INTERFACE'!$G$2)))^(IF((COUNTIF(MATRIX2!M38:Q38,\">0\")-1)<0,0,COUNTIF(MATRIX2!M38:Q38,\">0\"))))))","v":234871.15165799999},{"$f":"IF('MAIN-INTERFACE'!$D$2=\"No\",(Table_Provincial_GTAC35378[[#This Row],[Adj.AnnualRental]])*(1+Table_Provincial_GTAC35378[[#This Row],[TnTEscalation]])^6,(((MATRIX2!Z38*Table_Provincial_GTAC35378[[#This Row],[Adj.AnnualRental]])*(1+Table_Provincial_GTAC35378[[#This Row],[TnTEscalation]])^6)+(MATRIX2!R38*IF(IF('MAIN-INTERFACE'!$D$2=\"No\",Table_Provincial_GTAC35378[[#This Row],[Adj.AnnualRental]],(Table_Provincial_GTAC35378[[#This Row],[RtmAnnualRental]])*(1+(IF('MAIN-INTERFACE'!$D$2=\"No\",0,'MAIN-INTERFACE'!$D$4))^(COUNTIF(MATRIX2!M38:R38,0))))*(1+(IF('MAIN-INTERFACE'!$D$2=\"No\",0,'MAIN-INTERFACE'!$D$8)))^6<Table_Provincial_GTAC35378[[#This Row],[Adj.AnnualRental]],(Table_Provincial_GTAC35378[[#This Row],[RtmAnnualRental]])*(1+(IF('MAIN-INTERFACE'!$D$2=\"No\",0,'MAIN-INTERFACE'!$D$4))^(COUNTIF(MATRIX2!M38:R38,0)))*(1+(IF('MAIN-INTERFACE'!$D$2=\"No\",0,'MAIN-INTERFACE'!$D$8)))^MATRIX2!H38,Table_Provincial_GTAC35378[[#This Row],[Adj.AnnualRental]])*(1+(IF('MAIN-INTERFACE'!$D$2=\"No\",Table_Provincial_GTAC35378[[#This Row],[TnTEscalation]],'MAIN-INTERFACE'!$G$2)))^(IF((COUNTIF(MATRIX2!M38:R38,\">0\")-1)<0,0,COUNTIF(MATRIX2!M38:R38,\">0\"))))))","v":252486.48803235},{"$f":"IF('MAIN-INTERFACE'!$D$2=\"No\",(Table_Provincial_GTAC35378[[#This Row],[Adj.AnnualRental]])*(1+Table_Provincial_GTAC35378[[#This Row],[TnTEscalation]])^7,(((MATRIX2!AA38*Table_Provincial_GTAC35378[[#This Row],[Adj.AnnualRental]])*(1+Table_Provincial_GTAC35378[[#This Row],[TnTEscalation]])^7)+(MATRIX2!S38*IF(IF('MAIN-INTERFACE'!$D$2=\"No\",Table_Provincial_GTAC35378[[#This Row],[Adj.AnnualRental]],(Table_Provincial_GTAC35378[[#This Row],[RtmAnnualRental]])*(1+(IF('MAIN-INTERFACE'!$D$2=\"No\",0,'MAIN-INTERFACE'!$D$4))^(COUNTIF(MATRIX2!M38:S38,0))))*(1+(IF('MAIN-INTERFACE'!$D$2=\"No\",0,'MAIN-INTERFACE'!$D$8)))^7<Table_Provincial_GTAC35378[[#This Row],[Adj.AnnualRental]],(Table_Provincial_GTAC35378[[#This Row],[RtmAnnualRental]])*(1+(IF('MAIN-INTERFACE'!$D$2=\"No\",0,'MAIN-INTERFACE'!$D$4))^(COUNTIF(MATRIX2!M38:S38,0)))*(1+(IF('MAIN-INTERFACE'!$D$2=\"No\",0,'MAIN-INTERFACE'!$D$8)))^MATRIX2!I38,Table_Provincial_GTAC35378[[#This Row],[Adj.AnnualRental]])*(1+(IF('MAIN-INTERFACE'!$D$2=\"No\",Table_Provincial_GTAC35378[[#This Row],[TnTEscalation]],'MAIN-INTERFACE'!$G$2)))^(IF((COUNTIF(MATRIX2!M38:S38,\">0\")-1)<0,0,COUNTIF(MATRIX2!M38:S38,\">0\"))))))","v":271422.97463477624},{"$f":"SUM(Table_Provincial_GTAC35378[[#This Row],[FY 2018/19]:[FY 2023/24]])","v":1770206.2081616195}]
[{"$f":"Table_Provincial_GTAC3536[[#This Row],[SystemID]]","v":42},{"$f":"VLOOKUP($A39,DATA2!$A$2:$S$607,2,FALSE)","v":"KZN"},{"$f":"VLOOKUP($A39,DATA2!$A$2:$S$607,3,FALSE)","v":"KwaZulu-Natal"},{"$f":"VLOOKUP($A39,DATA2!$A$2:$S$607,4,FALSE)","v":136.43391472868217},{"$f":"VLOOKUP($A39,DATA2!$A$2:$S$607,5,FALSE)","v":77.5},{"$f":"VLOOKUP($A39,DATA2!$A$2:$S$607,6,FALSE)","v":"VTSD"},{"$f":"VLOOKUP($A39,DATA2!$A$2:$S$607,7,FALSE)","v":258},{"$f":"VLOOKUP($A39,DATA2!$A$2:$S$607,8,FALSE)","v":true},{"$f":"VLOOKUP($A39,DATA2!$A$2:$S$607,9,FALSE)","v":0.09},{"$f":"VLOOKUP($A39,DATA2!$A$2:$S$607,10,FALSE)","v":35199.949999999997},{"$f":"VLOOKUP($A39,DATA2!$A$2:$S$607,11,FALSE)","v":422399.4},{"$f":"Table_Provincial_GTAC35378[[#This Row],[Benchmark]]*Table_Provincial_GTAC35378[[#This Row],[ExtentM2]]*12","v":239940},{"$f":"VLOOKUP($A39,DATA2!$A$2:$S$607,12,FALSE)","v":"2014-06-01"},{"$f":"VLOOKUP($A39,DATA2!$A$2:$S$607,13,FALSE)","v":"2019-05-31"},{"$f":"VLOOKUP($A39,DATA2!$A$2:$S$607,14,FALSE)","v":"No"},{"$f":"IF(MATRIX2!D39=1,($Y$8-$X$2)/365*Table_Provincial_GTAC35378[[#This Row],[Adj.AnnualRental]]*MATRIX2!D39,($Y$8-$X$2)/365*Table_Provincial_GTAC35378[[#This Row],[Adj.AnnualRental]])","v":-1528738.650410959},{"$f":"IF('MAIN-INTERFACE'!$D$2=\"No\",(Table_Provincial_GTAC35378[[#This Row],[Adj.AnnualRental]])*(1+Table_Provincial_GTAC35378[[#This Row],[TnTEscalation]])^2,\n    (((MATRIX2!V39*Table_Provincial_GTAC35378[[#This Row],[Adj.AnnualRental]])*(1+Table_Provincial_GTAC35378[[#This Row],[TnTEscalation]])^2)+\n       (MATRIX2!N39* IF(IF('MAIN-INTERFACE'!$D$2=\"No\",Table_Provincial_GTAC35378[[#This Row],[Adj.AnnualRental]],(Table_Provincial_GTAC35378[[#This Row],[RtmAnnualRental]])*(1+\n                                 (IF('MAIN-INTERFACE'!$D$2=\"No\",0,'MAIN-INTERFACE'!$D$4))^(COUNTIF(MATRIX2!M39:N39,0))))*(1+\n                                 (IF('MAIN-INTERFACE'!$D$2=\"No\",0,'MAIN-INTERFACE'!$D$8)))^2<Table_Provincial_GTAC35378[[#This Row],[Adj.AnnualRental]],(Table_Provincial_GTAC35378[[#This Row],[RtmAnnualRental]])*(1+\n\n                                 (IF('MAIN-INTERFACE'!$D$2=\"No\",0,'MAIN-INTERFACE'!$D$4))^(COUNTIF(MATRIX2!M39:N39,0)))*(1+\n                                 (IF('MAIN-INTERFACE'!$D$2=\"No\",0,'MAIN-INTERFACE'!$D$8)))^MATRIX2!D39,Table_Provincial_GTAC35378[[#This Row],[Adj.AnnualRental]])*(1+\n\n                                (IF('MAIN-INTERFACE'!$D$2=\"No\",Table_Provincial_GTAC35378[[#This Row],[TnTEscalation]],'MAIN-INTERFACE'!$G$2)))^\n                                 (IF((COUNTIF(MATRIX2!M39:N39,\">0\")-1)<0,0,COUNTIF(MATRIX2!M39:N39,\">0\"))))))","v":501852.72714000009},{"$f":"IF('MAIN-INTERFACE'!$D$2=\"No\",(Table_Provincial_GTAC35378[[#This Row],[Adj.AnnualRental]])*(1+Table_Provincial_GTAC35378[[#This Row],[TnTEscalation]])^3,(((MATRIX2!W39*Table_Provincial_GTAC35378[[#This Row],[Adj.AnnualRental]])*(1+Table_Provincial_GTAC35378[[#This Row],[TnTEscalation]])^3)+(MATRIX2!O39*IF(IF('MAIN-INTERFACE'!$D$2=\"No\",Table_Provincial_GTAC35378[[#This Row],[Adj.AnnualRental]],(Table_Provincial_GTAC35378[[#This Row],[RtmAnnualRental]])*(1+(IF('MAIN-INTERFACE'!$D$2=\"No\",0,'MAIN-INTERFACE'!$D$4))^(COUNTIF(MATRIX2!M39:O39,0))))*(1+(IF('MAIN-INTERFACE'!$D$2=\"No\",0,'MAIN-INTERFACE'!$D$8)))^3<Table_Provincial_GTAC35378[[#This Row],[Adj.AnnualRental]],(Table_Provincial_GTAC35378[[#This Row],[RtmAnnualRental]])*(1+(IF('MAIN-INTERFACE'!$D$2=\"No\",0,'MAIN-INTERFACE'!$D$4))^(COUNTIF(MATRIX2!M39:O39,0)))*(1+(IF('MAIN-INTERFACE'!$D$2=\"No\",0,'MAIN-INTERFACE'!$D$8)))^MATRIX2!E39,Table_Provincial_GTAC35378[[#This Row],[Adj.AnnualRental]])*(1+(IF('MAIN-INTERFACE'!$D$2=\"No\",Table_Provincial_GTAC35378[[#This Row],[TnTEscalation]],'MAIN-INTERFACE'!$G$2)))^(IF((COUNTIF(MATRIX2!M39:O39,\">0\")-1)<0,0,COUNTIF(MATRIX2!M39:O39,\">0\"))))))","v":449345.76694109023},{"$f":"IF('MAIN-INTERFACE'!$D$2=\"No\",(Table_Provincial_GTAC35378[[#This Row],[Adj.AnnualRental]])*(1+Table_Provincial_GTAC35378[[#This Row],[TnTEscalation]])^4,((((MATRIX2!X39*Table_Provincial_GTAC35378[[#This Row],[Adj.AnnualRental]])*(1+Table_Provincial_GTAC35378[[#This Row],[TnTEscalation]])^4)+(MATRIX2!P39*IF(IF('MAIN-INTERFACE'!$D$2=\"No\",Table_Provincial_GTAC35378[[#This Row],[Adj.AnnualRental]],(Table_Provincial_GTAC35378[[#This Row],[RtmAnnualRental]])*(1+(IF('MAIN-INTERFACE'!$D$2=\"No\",0,'MAIN-INTERFACE'!$D$4))^(COUNTIF(MATRIX2!M39:P39,0))))*(1+(IF('MAIN-INTERFACE'!$D$2=\"No\",0,'MAIN-INTERFACE'!$D$8)))^4<Table_Provincial_GTAC35378[[#This Row],[Adj.AnnualRental]],(Table_Provincial_GTAC35378[[#This Row],[RtmAnnualRental]])*(1+(IF('MAIN-INTERFACE'!$D$2=\"No\",0,'MAIN-INTERFACE'!$D$4))^(COUNTIF(MATRIX2!M39:P39,0)))*(1+(IF('MAIN-INTERFACE'!$D$2=\"No\",0,'MAIN-INTERFACE'!$D$8)))^MATRIX2!F39,Table_Provincial_GTAC35378[[#This Row],[Adj.AnnualRental]])*(1+(IF('MAIN-INTERFACE'!$D$2=\"No\",Table_Provincial_GTAC35378[[#This Row],[TnTEscalation]],'MAIN-INTERFACE'!$G$2)))^(IF((COUNTIF(MATRIX2!M39:P39,\">0\")-1)<0,0,COUNTIF(MATRIX2!M39:P39,\">0\")))))))","v":277724.31156},{"$f":"IF('MAIN-INTERFACE'!$D$2=\"No\",(Table_Provincial_GTAC35378[[#This Row],[Adj.AnnualRental]])*(1+Table_Provincial_GTAC35378[[#This Row],[TnTEscalation]])^5,(((MATRIX2!Y39*Table_Provincial_GTAC35378[[#This Row],[Adj.AnnualRental]])*(1+Table_Provincial_GTAC35378[[#This Row],[TnTEscalation]])^5)+(MATRIX2!Q39*IF(IF('MAIN-INTERFACE'!$D$2=\"No\",Table_Provincial_GTAC35378[[#This Row],[Adj.AnnualRental]],(Table_Provincial_GTAC35378[[#This Row],[RtmAnnualRental]])*(1+(IF('MAIN-INTERFACE'!$D$2=\"No\",0,'MAIN-INTERFACE'!$D$4))^(COUNTIF(MATRIX2!M39:Q39,0))))*(1+(IF('MAIN-INTERFACE'!$D$2=\"No\",0,'MAIN-INTERFACE'!$D$8)))^5<Table_Provincial_GTAC35378[[#This Row],[Adj.AnnualRental]],(Table_Provincial_GTAC35378[[#This Row],[RtmAnnualRental]])*(1+(IF('MAIN-INTERFACE'!$D$2=\"No\",0,'MAIN-INTERFACE'!$D$4))^(COUNTIF(MATRIX2!M39:Q39,0)))*(1+(IF('MAIN-INTERFACE'!$D$2=\"No\",0,'MAIN-INTERFACE'!$D$8)))^MATRIX2!G39,Table_Provincial_GTAC35378[[#This Row],[Adj.AnnualRental]])*(1+(IF('MAIN-INTERFACE'!$D$2=\"No\",Table_Provincial_GTAC35378[[#This Row],[TnTEscalation]],'MAIN-INTERFACE'!$G$2)))^(IF((COUNTIF(MATRIX2!M39:Q39,\">0\")-1)<0,0,COUNTIF(MATRIX2!M39:Q39,\">0\"))))))","v":298553.63492699998},{"$f":"IF('MAIN-INTERFACE'!$D$2=\"No\",(Table_Provincial_GTAC35378[[#This Row],[Adj.AnnualRental]])*(1+Table_Provincial_GTAC35378[[#This Row],[TnTEscalation]])^6,(((MATRIX2!Z39*Table_Provincial_GTAC35378[[#This Row],[Adj.AnnualRental]])*(1+Table_Provincial_GTAC35378[[#This Row],[TnTEscalation]])^6)+(MATRIX2!R39*IF(IF('MAIN-INTERFACE'!$D$2=\"No\",Table_Provincial_GTAC35378[[#This Row],[Adj.AnnualRental]],(Table_Provincial_GTAC35378[[#This Row],[RtmAnnualRental]])*(1+(IF('MAIN-INTERFACE'!$D$2=\"No\",0,'MAIN-INTERFACE'!$D$4))^(COUNTIF(MATRIX2!M39:R39,0))))*(1+(IF('MAIN-INTERFACE'!$D$2=\"No\",0,'MAIN-INTERFACE'!$D$8)))^6<Table_Provincial_GTAC35378[[#This Row],[Adj.AnnualRental]],(Table_Provincial_GTAC35378[[#This Row],[RtmAnnualRental]])*(1+(IF('MAIN-INTERFACE'!$D$2=\"No\",0,'MAIN-INTERFACE'!$D$4))^(COUNTIF(MATRIX2!M39:R39,0)))*(1+(IF('MAIN-INTERFACE'!$D$2=\"No\",0,'MAIN-INTERFACE'!$D$8)))^MATRIX2!H39,Table_Provincial_GTAC35378[[#This Row],[Adj.AnnualRental]])*(1+(IF('MAIN-INTERFACE'!$D$2=\"No\",Table_Provincial_GTAC35378[[#This Row],[TnTEscalation]],'MAIN-INTERFACE'!$G$2)))^(IF((COUNTIF(MATRIX2!M39:R39,\">0\")-1)<0,0,COUNTIF(MATRIX2!M39:R39,\">0\"))))))","v":320945.15754652501},{"$f":"IF('MAIN-INTERFACE'!$D$2=\"No\",(Table_Provincial_GTAC35378[[#This Row],[Adj.AnnualRental]])*(1+Table_Provincial_GTAC35378[[#This Row],[TnTEscalation]])^7,(((MATRIX2!AA39*Table_Provincial_GTAC35378[[#This Row],[Adj.AnnualRental]])*(1+Table_Provincial_GTAC35378[[#This Row],[TnTEscalation]])^7)+(MATRIX2!S39*IF(IF('MAIN-INTERFACE'!$D$2=\"No\",Table_Provincial_GTAC35378[[#This Row],[Adj.AnnualRental]],(Table_Provincial_GTAC35378[[#This Row],[RtmAnnualRental]])*(1+(IF('MAIN-INTERFACE'!$D$2=\"No\",0,'MAIN-INTERFACE'!$D$4))^(COUNTIF(MATRIX2!M39:S39,0))))*(1+(IF('MAIN-INTERFACE'!$D$2=\"No\",0,'MAIN-INTERFACE'!$D$8)))^7<Table_Provincial_GTAC35378[[#This Row],[Adj.AnnualRental]],(Table_Provincial_GTAC35378[[#This Row],[RtmAnnualRental]])*(1+(IF('MAIN-INTERFACE'!$D$2=\"No\",0,'MAIN-INTERFACE'!$D$4))^(COUNTIF(MATRIX2!M39:S39,0)))*(1+(IF('MAIN-INTERFACE'!$D$2=\"No\",0,'MAIN-INTERFACE'!$D$8)))^MATRIX2!I39,Table_Provincial_GTAC35378[[#This Row],[Adj.AnnualRental]])*(1+(IF('MAIN-INTERFACE'!$D$2=\"No\",Table_Provincial_GTAC35378[[#This Row],[TnTEscalation]],'MAIN-INTERFACE'!$G$2)))^(IF((COUNTIF(MATRIX2!M39:S39,\">0\")-1)<0,0,COUNTIF(MATRIX2!M39:S39,\">0\"))))))","v":345016.04436251434},{"$f":"SUM(Table_Provincial_GTAC35378[[#This Row],[FY 2018/19]:[FY 2023/24]])","v":2193437.6424771296}]
[{"$f":"Table_Provincial_GTAC3536[[#This Row],[SystemID]]","v":44},{"$f":"VLOOKUP($A40,DATA2!$A$2:$S$607,2,FALSE)","v":"KZN"},{"$f":"VLOOKUP($A40,DATA2!$A$2:$S$607,3,FALSE)","v":"KwaZulu-Natal"},{"$f":"VLOOKUP($A40,DATA2!$A$2:$S$607,4,FALSE)","v":118.74021818181818},{"$f":"VLOOKUP($A40,DATA2!$A$2:$S$607,5,FALSE)","v":110},{"$f":"VLOOKUP($A40,DATA2!$A$2:$S$607,6,FALSE)","v":"CBD"},{"$f":"VLOOKUP($A40,DATA2!$A$2:$S$607,7,FALSE)","v":3300},{"$f":"VLOOKUP($A40,DATA2!$A$2:$S$607,8,FALSE)","v":true},{"$f":"VLOOKUP($A40,DATA2!$A$2:$S$607,9,FALSE)","v":7.0000000000000007E-2},{"$f":"VLOOKUP($A40,DATA2!$A$2:$S$607,10,FALSE)","v":391842.72},{"$f":"VLOOKUP($A40,DATA2!$A$2:$S$607,11,FALSE)","v":4702112.6399999997},{"$f":"Table_Provincial_GTAC35378[[#This Row],[Benchmark]]*Table_Provincial_GTAC35378[[#This Row],[ExtentM2]]*12","v":4356000},{"$f":"VLOOKUP($A40,DATA2!$A$2:$S$607,12,FALSE)","v":"2015-09-01"},{"$f":"VLOOKUP($A40,DATA2!$A$2:$S$607,13,FALSE)","v":"2019-08-31"},{"$f":"VLOOKUP($A40,DATA2!$A$2:$S$607,14,FALSE)","v":"No"},{"$f":"IF(MATRIX2!D40=1,($Y$8-$X$2)/365*Table_Provincial_GTAC35378[[#This Row],[Adj.AnnualRental]]*MATRIX2!D40,($Y$8-$X$2)/365*Table_Provincial_GTAC35378[[#This Row],[Adj.AnnualRental]])","v":-17017783.006684929},{"$f":"IF('MAIN-INTERFACE'!$D$2=\"No\",(Table_Provincial_GTAC35378[[#This Row],[Adj.AnnualRental]])*(1+Table_Provincial_GTAC35378[[#This Row],[TnTEscalation]])^2,\n    (((MATRIX2!V40*Table_Provincial_GTAC35378[[#This Row],[Adj.AnnualRental]])*(1+Table_Provincial_GTAC35378[[#This Row],[TnTEscalation]])^2)+\n       (MATRIX2!N40* IF(IF('MAIN-INTERFACE'!$D$2=\"No\",Table_Provincial_GTAC35378[[#This Row],[Adj.AnnualRental]],(Table_Provincial_GTAC35378[[#This Row],[RtmAnnualRental]])*(1+\n                                 (IF('MAIN-INTERFACE'!$D$2=\"No\",0,'MAIN-INTERFACE'!$D$4))^(COUNTIF(MATRIX2!M40:N40,0))))*(1+\n                                 (IF('MAIN-INTERFACE'!$D$2=\"No\",0,'MAIN-INTERFACE'!$D$8)))^2<Table_Provincial_GTAC35378[[#This Row],[Adj.AnnualRental]],(Table_Provincial_GTAC35378[[#This Row],[RtmAnnualRental]])*(1+\n\n                                 (IF('MAIN-INTERFACE'!$D$2=\"No\",0,'MAIN-INTERFACE'!$D$4))^(COUNTIF(MATRIX2!M40:N40,0)))*(1+\n                                 (IF('MAIN-INTERFACE'!$D$2=\"No\",0,'MAIN-INTERFACE'!$D$8)))^MATRIX2!D40,Table_Provincial_GTAC35378[[#This Row],[Adj.AnnualRental]])*(1+\n\n                                (IF('MAIN-INTERFACE'!$D$2=\"No\",Table_Provincial_GTAC35378[[#This Row],[TnTEscalation]],'MAIN-INTERFACE'!$G$2)))^\n                                 (IF((COUNTIF(MATRIX2!M40:N40,\">0\")-1)<0,0,COUNTIF(MATRIX2!M40:N40,\">0\"))))))","v":5383448.7615359994},{"$f":"IF('MAIN-INTERFACE'!$D$2=\"No\",(Table_Provincial_GTAC35378[[#This Row],[Adj.AnnualRental]])*(1+Table_Provincial_GTAC35378[[#This Row],[TnTEscalation]])^3,(((MATRIX2!W40*Table_Provincial_GTAC35378[[#This Row],[Adj.AnnualRental]])*(1+Table_Provincial_GTAC35378[[#This Row],[TnTEscalation]])^3)+(MATRIX2!O40*IF(IF('MAIN-INTERFACE'!$D$2=\"No\",Table_Provincial_GTAC35378[[#This Row],[Adj.AnnualRental]],(Table_Provincial_GTAC35378[[#This Row],[RtmAnnualRental]])*(1+(IF('MAIN-INTERFACE'!$D$2=\"No\",0,'MAIN-INTERFACE'!$D$4))^(COUNTIF(MATRIX2!M40:O40,0))))*(1+(IF('MAIN-INTERFACE'!$D$2=\"No\",0,'MAIN-INTERFACE'!$D$8)))^3<Table_Provincial_GTAC35378[[#This Row],[Adj.AnnualRental]],(Table_Provincial_GTAC35378[[#This Row],[RtmAnnualRental]])*(1+(IF('MAIN-INTERFACE'!$D$2=\"No\",0,'MAIN-INTERFACE'!$D$4))^(COUNTIF(MATRIX2!M40:O40,0)))*(1+(IF('MAIN-INTERFACE'!$D$2=\"No\",0,'MAIN-INTERFACE'!$D$8)))^MATRIX2!E40,Table_Provincial_GTAC35378[[#This Row],[Adj.AnnualRental]])*(1+(IF('MAIN-INTERFACE'!$D$2=\"No\",Table_Provincial_GTAC35378[[#This Row],[TnTEscalation]],'MAIN-INTERFACE'!$G$2)))^(IF((COUNTIF(MATRIX2!M40:O40,\">0\")-1)<0,0,COUNTIF(MATRIX2!M40:O40,\">0\"))))))","v":5667939.2640830511},{"$f":"IF('MAIN-INTERFACE'!$D$2=\"No\",(Table_Provincial_GTAC35378[[#This Row],[Adj.AnnualRental]])*(1+Table_Provincial_GTAC35378[[#This Row],[TnTEscalation]])^4,((((MATRIX2!X40*Table_Provincial_GTAC35378[[#This Row],[Adj.AnnualRental]])*(1+Table_Provincial_GTAC35378[[#This Row],[TnTEscalation]])^4)+(MATRIX2!P40*IF(IF('MAIN-INTERFACE'!$D$2=\"No\",Table_Provincial_GTAC35378[[#This Row],[Adj.AnnualRental]],(Table_Provincial_GTAC35378[[#This Row],[RtmAnnualRental]])*(1+(IF('MAIN-INTERFACE'!$D$2=\"No\",0,'MAIN-INTERFACE'!$D$4))^(COUNTIF(MATRIX2!M40:P40,0))))*(1+(IF('MAIN-INTERFACE'!$D$2=\"No\",0,'MAIN-INTERFACE'!$D$8)))^4<Table_Provincial_GTAC35378[[#This Row],[Adj.AnnualRental]],(Table_Provincial_GTAC35378[[#This Row],[RtmAnnualRental]])*(1+(IF('MAIN-INTERFACE'!$D$2=\"No\",0,'MAIN-INTERFACE'!$D$4))^(COUNTIF(MATRIX2!M40:P40,0)))*(1+(IF('MAIN-INTERFACE'!$D$2=\"No\",0,'MAIN-INTERFACE'!$D$8)))^MATRIX2!F40,Table_Provincial_GTAC35378[[#This Row],[Adj.AnnualRental]])*(1+(IF('MAIN-INTERFACE'!$D$2=\"No\",Table_Provincial_GTAC35378[[#This Row],[TnTEscalation]],'MAIN-INTERFACE'!$G$2)))^(IF((COUNTIF(MATRIX2!M40:P40,\">0\")-1)<0,0,COUNTIF(MATRIX2!M40:P40,\">0\")))))))","v":5041956.7439999999},{"$f":"IF('MAIN-INTERFACE'!$D$2=\"No\",(Table_Provincial_GTAC35378[[#This Row],[Adj.AnnualRental]])*(1+Table_Provincial_GTAC35378[[#This Row],[TnTEscalation]])^5,(((MATRIX2!Y40*Table_Provincial_GTAC35378[[#This Row],[Adj.AnnualRental]])*(1+Table_Provincial_GTAC35378[[#This Row],[TnTEscalation]])^5)+(MATRIX2!Q40*IF(IF('MAIN-INTERFACE'!$D$2=\"No\",Table_Provincial_GTAC35378[[#This Row],[Adj.AnnualRental]],(Table_Provincial_GTAC35378[[#This Row],[RtmAnnualRental]])*(1+(IF('MAIN-INTERFACE'!$D$2=\"No\",0,'MAIN-INTERFACE'!$D$4))^(COUNTIF(MATRIX2!M40:Q40,0))))*(1+(IF('MAIN-INTERFACE'!$D$2=\"No\",0,'MAIN-INTERFACE'!$D$8)))^5<Table_Provincial_GTAC35378[[#This Row],[Adj.AnnualRental]],(Table_Provincial_GTAC35378[[#This Row],[RtmAnnualRental]])*(1+(IF('MAIN-INTERFACE'!$D$2=\"No\",0,'MAIN-INTERFACE'!$D$4))^(COUNTIF(MATRIX2!M40:Q40,0)))*(1+(IF('MAIN-INTERFACE'!$D$2=\"No\",0,'MAIN-INTERFACE'!$D$8)))^MATRIX2!G40,Table_Provincial_GTAC35378[[#This Row],[Adj.AnnualRental]])*(1+(IF('MAIN-INTERFACE'!$D$2=\"No\",Table_Provincial_GTAC35378[[#This Row],[TnTEscalation]],'MAIN-INTERFACE'!$G$2)))^(IF((COUNTIF(MATRIX2!M40:Q40,\">0\")-1)<0,0,COUNTIF(MATRIX2!M40:Q40,\">0\"))))))","v":5420103.4998000003},{"$f":"IF('MAIN-INTERFACE'!$D$2=\"No\",(Table_Provincial_GTAC35378[[#This Row],[Adj.AnnualRental]])*(1+Table_Provincial_GTAC35378[[#This Row],[TnTEscalation]])^6,(((MATRIX2!Z40*Table_Provincial_GTAC35378[[#This Row],[Adj.AnnualRental]])*(1+Table_Provincial_GTAC35378[[#This Row],[TnTEscalation]])^6)+(MATRIX2!R40*IF(IF('MAIN-INTERFACE'!$D$2=\"No\",Table_Provincial_GTAC35378[[#This Row],[Adj.AnnualRental]],(Table_Provincial_GTAC35378[[#This Row],[RtmAnnualRental]])*(1+(IF('MAIN-INTERFACE'!$D$2=\"No\",0,'MAIN-INTERFACE'!$D$4))^(COUNTIF(MATRIX2!M40:R40,0))))*(1+(IF('MAIN-INTERFACE'!$D$2=\"No\",0,'MAIN-INTERFACE'!$D$8)))^6<Table_Provincial_GTAC35378[[#This Row],[Adj.AnnualRental]],(Table_Provincial_GTAC35378[[#This Row],[RtmAnnualRental]])*(1+(IF('MAIN-INTERFACE'!$D$2=\"No\",0,'MAIN-INTERFACE'!$D$4))^(COUNTIF(MATRIX2!M40:R40,0)))*(1+(IF('MAIN-INTERFACE'!$D$2=\"No\",0,'MAIN-INTERFACE'!$D$8)))^MATRIX2!H40,Table_Provincial_GTAC35378[[#This Row],[Adj.AnnualRental]])*(1+(IF('MAIN-INTERFACE'!$D$2=\"No\",Table_Provincial_GTAC35378[[#This Row],[TnTEscalation]],'MAIN-INTERFACE'!$G$2)))^(IF((COUNTIF(MATRIX2!M40:R40,\">0\")-1)<0,0,COUNTIF(MATRIX2!M40:R40,\">0\"))))))","v":5826611.2622850006},{"$f":"IF('MAIN-INTERFACE'!$D$2=\"No\",(Table_Provincial_GTAC35378[[#This Row],[Adj.AnnualRental]])*(1+Table_Provincial_GTAC35378[[#This Row],[TnTEscalation]])^7,(((MATRIX2!AA40*Table_Provincial_GTAC35378[[#This Row],[Adj.AnnualRental]])*(1+Table_Provincial_GTAC35378[[#This Row],[TnTEscalation]])^7)+(MATRIX2!S40*IF(IF('MAIN-INTERFACE'!$D$2=\"No\",Table_Provincial_GTAC35378[[#This Row],[Adj.AnnualRental]],(Table_Provincial_GTAC35378[[#This Row],[RtmAnnualRental]])*(1+(IF('MAIN-INTERFACE'!$D$2=\"No\",0,'MAIN-INTERFACE'!$D$4))^(COUNTIF(MATRIX2!M40:S40,0))))*(1+(IF('MAIN-INTERFACE'!$D$2=\"No\",0,'MAIN-INTERFACE'!$D$8)))^7<Table_Provincial_GTAC35378[[#This Row],[Adj.AnnualRental]],(Table_Provincial_GTAC35378[[#This Row],[RtmAnnualRental]])*(1+(IF('MAIN-INTERFACE'!$D$2=\"No\",0,'MAIN-INTERFACE'!$D$4))^(COUNTIF(MATRIX2!M40:S40,0)))*(1+(IF('MAIN-INTERFACE'!$D$2=\"No\",0,'MAIN-INTERFACE'!$D$8)))^MATRIX2!I40,Table_Provincial_GTAC35378[[#This Row],[Adj.AnnualRental]])*(1+(IF('MAIN-INTERFACE'!$D$2=\"No\",Table_Provincial_GTAC35378[[#This Row],[TnTEscalation]],'MAIN-INTERFACE'!$G$2)))^(IF((COUNTIF(MATRIX2!M40:S40,\">0\")-1)<0,0,COUNTIF(MATRIX2!M40:S40,\">0\"))))))","v":6263607.1069563758},{"$f":"SUM(Table_Provincial_GTAC35378[[#This Row],[FY 2018/19]:[FY 2023/24]])","v":33603666.638660431}]
[{"$f":"Table_Provincial_GTAC3536[[#This Row],[SystemID]]","v":46},{"$f":"VLOOKUP($A41,DATA2!$A$2:$S$607,2,FALSE)","v":"KZN"},{"$f":"VLOOKUP($A41,DATA2!$A$2:$S$607,3,FALSE)","v":"KwaZulu-Natal"},{"$f":"VLOOKUP($A41,DATA2!$A$2:$S$607,4,FALSE)","v":110.20469496021221},{"$f":"VLOOKUP($A41,DATA2!$A$2:$S$607,5,FALSE)","v":110},{"$f":"VLOOKUP($A41,DATA2!$A$2:$S$607,6,FALSE)","v":"MAIN CENTRE"},{"$f":"VLOOKUP($A41,DATA2!$A$2:$S$607,7,FALSE)","v":377},{"$f":"VLOOKUP($A41,DATA2!$A$2:$S$607,8,FALSE)","v":true},{"$f":"VLOOKUP($A41,DATA2!$A$2:$S$607,9,FALSE)","v":0.05},{"$f":"VLOOKUP($A41,DATA2!$A$2:$S$607,10,FALSE)","v":41547.17},{"$f":"VLOOKUP($A41,DATA2!$A$2:$S$607,11,FALSE)","v":498566.04},{"$f":"Table_Provincial_GTAC35378[[#This Row],[Benchmark]]*Table_Provincial_GTAC35378[[#This Row],[ExtentM2]]*12","v":497640},{"$f":"VLOOKUP($A41,DATA2!$A$2:$S$607,12,FALSE)","v":"2015-03-01"},{"$f":"VLOOKUP($A41,DATA2!$A$2:$S$607,13,FALSE)","v":"2020-02-28"},{"$f":"VLOOKUP($A41,DATA2!$A$2:$S$607,14,FALSE)","v":"No"},{"$f":"IF(MATRIX2!D41=1,($Y$8-$X$2)/365*Table_Provincial_GTAC35378[[#This Row],[Adj.AnnualRental]]*MATRIX2!D41,($Y$8-$X$2)/365*Table_Provincial_GTAC35378[[#This Row],[Adj.AnnualRental]])","v":-1804399.2844931507},{"$f":"IF('MAIN-INTERFACE'!$D$2=\"No\",(Table_Provincial_GTAC35378[[#This Row],[Adj.AnnualRental]])*(1+Table_Provincial_GTAC35378[[#This Row],[TnTEscalation]])^2,\n    (((MATRIX2!V41*Table_Provincial_GTAC35378[[#This Row],[Adj.AnnualRental]])*(1+Table_Provincial_GTAC35378[[#This Row],[TnTEscalation]])^2)+\n       (MATRIX2!N41* IF(IF('MAIN-INTERFACE'!$D$2=\"No\",Table_Provincial_GTAC35378[[#This Row],[Adj.AnnualRental]],(Table_Provincial_GTAC35378[[#This Row],[RtmAnnualRental]])*(1+\n                                 (IF('MAIN-INTERFACE'!$D$2=\"No\",0,'MAIN-INTERFACE'!$D$4))^(COUNTIF(MATRIX2!M41:N41,0))))*(1+\n                                 (IF('MAIN-INTERFACE'!$D$2=\"No\",0,'MAIN-INTERFACE'!$D$8)))^2<Table_Provincial_GTAC35378[[#This Row],[Adj.AnnualRental]],(Table_Provincial_GTAC35378[[#This Row],[RtmAnnualRental]])*(1+\n\n                                 (IF('MAIN-INTERFACE'!$D$2=\"No\",0,'MAIN-INTERFACE'!$D$4))^(COUNTIF(MATRIX2!M41:N41,0)))*(1+\n                                 (IF('MAIN-INTERFACE'!$D$2=\"No\",0,'MAIN-INTERFACE'!$D$8)))^MATRIX2!D41,Table_Provincial_GTAC35378[[#This Row],[Adj.AnnualRental]])*(1+\n\n                                (IF('MAIN-INTERFACE'!$D$2=\"No\",Table_Provincial_GTAC35378[[#This Row],[TnTEscalation]],'MAIN-INTERFACE'!$G$2)))^\n                                 (IF((COUNTIF(MATRIX2!M41:N41,\">0\")-1)<0,0,COUNTIF(MATRIX2!M41:N41,\">0\"))))))","v":549669.05909999995},{"$f":"IF('MAIN-INTERFACE'!$D$2=\"No\",(Table_Provincial_GTAC35378[[#This Row],[Adj.AnnualRental]])*(1+Table_Provincial_GTAC35378[[#This Row],[TnTEscalation]])^3,(((MATRIX2!W41*Table_Provincial_GTAC35378[[#This Row],[Adj.AnnualRental]])*(1+Table_Provincial_GTAC35378[[#This Row],[TnTEscalation]])^3)+(MATRIX2!O41*IF(IF('MAIN-INTERFACE'!$D$2=\"No\",Table_Provincial_GTAC35378[[#This Row],[Adj.AnnualRental]],(Table_Provincial_GTAC35378[[#This Row],[RtmAnnualRental]])*(1+(IF('MAIN-INTERFACE'!$D$2=\"No\",0,'MAIN-INTERFACE'!$D$4))^(COUNTIF(MATRIX2!M41:O41,0))))*(1+(IF('MAIN-INTERFACE'!$D$2=\"No\",0,'MAIN-INTERFACE'!$D$8)))^3<Table_Provincial_GTAC35378[[#This Row],[Adj.AnnualRental]],(Table_Provincial_GTAC35378[[#This Row],[RtmAnnualRental]])*(1+(IF('MAIN-INTERFACE'!$D$2=\"No\",0,'MAIN-INTERFACE'!$D$4))^(COUNTIF(MATRIX2!M41:O41,0)))*(1+(IF('MAIN-INTERFACE'!$D$2=\"No\",0,'MAIN-INTERFACE'!$D$8)))^MATRIX2!E41,Table_Provincial_GTAC35378[[#This Row],[Adj.AnnualRental]])*(1+(IF('MAIN-INTERFACE'!$D$2=\"No\",Table_Provincial_GTAC35378[[#This Row],[TnTEscalation]],'MAIN-INTERFACE'!$G$2)))^(IF((COUNTIF(MATRIX2!M41:O41,\">0\")-1)<0,0,COUNTIF(MATRIX2!M41:O41,\">0\"))))))","v":577152.51205500006},{"$f":"IF('MAIN-INTERFACE'!$D$2=\"No\",(Table_Provincial_GTAC35378[[#This Row],[Adj.AnnualRental]])*(1+Table_Provincial_GTAC35378[[#This Row],[TnTEscalation]])^4,((((MATRIX2!X41*Table_Provincial_GTAC35378[[#This Row],[Adj.AnnualRental]])*(1+Table_Provincial_GTAC35378[[#This Row],[TnTEscalation]])^4)+(MATRIX2!P41*IF(IF('MAIN-INTERFACE'!$D$2=\"No\",Table_Provincial_GTAC35378[[#This Row],[Adj.AnnualRental]],(Table_Provincial_GTAC35378[[#This Row],[RtmAnnualRental]])*(1+(IF('MAIN-INTERFACE'!$D$2=\"No\",0,'MAIN-INTERFACE'!$D$4))^(COUNTIF(MATRIX2!M41:P41,0))))*(1+(IF('MAIN-INTERFACE'!$D$2=\"No\",0,'MAIN-INTERFACE'!$D$8)))^4<Table_Provincial_GTAC35378[[#This Row],[Adj.AnnualRental]],(Table_Provincial_GTAC35378[[#This Row],[RtmAnnualRental]])*(1+(IF('MAIN-INTERFACE'!$D$2=\"No\",0,'MAIN-INTERFACE'!$D$4))^(COUNTIF(MATRIX2!M41:P41,0)))*(1+(IF('MAIN-INTERFACE'!$D$2=\"No\",0,'MAIN-INTERFACE'!$D$8)))^MATRIX2!F41,Table_Provincial_GTAC35378[[#This Row],[Adj.AnnualRental]])*(1+(IF('MAIN-INTERFACE'!$D$2=\"No\",Table_Provincial_GTAC35378[[#This Row],[TnTEscalation]],'MAIN-INTERFACE'!$G$2)))^(IF((COUNTIF(MATRIX2!M41:P41,\">0\")-1)<0,0,COUNTIF(MATRIX2!M41:P41,\">0\")))))))","v":564083.34325898532},{"$f":"IF('MAIN-INTERFACE'!$D$2=\"No\",(Table_Provincial_GTAC35378[[#This Row],[Adj.AnnualRental]])*(1+Table_Provincial_GTAC35378[[#This Row],[TnTEscalation]])^5,(((MATRIX2!Y41*Table_Provincial_GTAC35378[[#This Row],[Adj.AnnualRental]])*(1+Table_Provincial_GTAC35378[[#This Row],[TnTEscalation]])^5)+(MATRIX2!Q41*IF(IF('MAIN-INTERFACE'!$D$2=\"No\",Table_Provincial_GTAC35378[[#This Row],[Adj.AnnualRental]],(Table_Provincial_GTAC35378[[#This Row],[RtmAnnualRental]])*(1+(IF('MAIN-INTERFACE'!$D$2=\"No\",0,'MAIN-INTERFACE'!$D$4))^(COUNTIF(MATRIX2!M41:Q41,0))))*(1+(IF('MAIN-INTERFACE'!$D$2=\"No\",0,'MAIN-INTERFACE'!$D$8)))^5<Table_Provincial_GTAC35378[[#This Row],[Adj.AnnualRental]],(Table_Provincial_GTAC35378[[#This Row],[RtmAnnualRental]])*(1+(IF('MAIN-INTERFACE'!$D$2=\"No\",0,'MAIN-INTERFACE'!$D$4))^(COUNTIF(MATRIX2!M41:Q41,0)))*(1+(IF('MAIN-INTERFACE'!$D$2=\"No\",0,'MAIN-INTERFACE'!$D$8)))^MATRIX2!G41,Table_Provincial_GTAC35378[[#This Row],[Adj.AnnualRental]])*(1+(IF('MAIN-INTERFACE'!$D$2=\"No\",Table_Provincial_GTAC35378[[#This Row],[TnTEscalation]],'MAIN-INTERFACE'!$G$2)))^(IF((COUNTIF(MATRIX2!M41:Q41,\">0\")-1)<0,0,COUNTIF(MATRIX2!M41:Q41,\">0\"))))))","v":575122.0304544},{"$f":"IF('MAIN-INTERFACE'!$D$2=\"No\",(Table_Provincial_GTAC35378[[#This Row],[Adj.AnnualRental]])*(1+Table_Provincial_GTAC35378[[#This Row],[TnTEscalation]])^6,(((MATRIX2!Z41*Table_Provincial_GTAC35378[[#This Row],[Adj.AnnualRental]])*(1+Table_Provincial_GTAC35378[[#This Row],[TnTEscalation]])^6)+(MATRIX2!R41*IF(IF('MAIN-INTERFACE'!$D$2=\"No\",Table_Provincial_GTAC35378[[#This Row],[Adj.AnnualRental]],(Table_Provincial_GTAC35378[[#This Row],[RtmAnnualRental]])*(1+(IF('MAIN-INTERFACE'!$D$2=\"No\",0,'MAIN-INTERFACE'!$D$4))^(COUNTIF(MATRIX2!M41:R41,0))))*(1+(IF('MAIN-INTERFACE'!$D$2=\"No\",0,'MAIN-INTERFACE'!$D$8)))^6<Table_Provincial_GTAC35378[[#This Row],[Adj.AnnualRental]],(Table_Provincial_GTAC35378[[#This Row],[RtmAnnualRental]])*(1+(IF('MAIN-INTERFACE'!$D$2=\"No\",0,'MAIN-INTERFACE'!$D$4))^(COUNTIF(MATRIX2!M41:R41,0)))*(1+(IF('MAIN-INTERFACE'!$D$2=\"No\",0,'MAIN-INTERFACE'!$D$8)))^MATRIX2!H41,Table_Provincial_GTAC35378[[#This Row],[Adj.AnnualRental]])*(1+(IF('MAIN-INTERFACE'!$D$2=\"No\",Table_Provincial_GTAC35378[[#This Row],[TnTEscalation]],'MAIN-INTERFACE'!$G$2)))^(IF((COUNTIF(MATRIX2!M41:R41,\">0\")-1)<0,0,COUNTIF(MATRIX2!M41:R41,\">0\"))))))","v":618256.18273847993},{"$f":"IF('MAIN-INTERFACE'!$D$2=\"No\",(Table_Provincial_GTAC35378[[#This Row],[Adj.AnnualRental]])*(1+Table_Provincial_GTAC35378[[#This Row],[TnTEscalation]])^7,(((MATRIX2!AA41*Table_Provincial_GTAC35378[[#This Row],[Adj.AnnualRental]])*(1+Table_Provincial_GTAC35378[[#This Row],[TnTEscalation]])^7)+(MATRIX2!S41*IF(IF('MAIN-INTERFACE'!$D$2=\"No\",Table_Provincial_GTAC35378[[#This Row],[Adj.AnnualRental]],(Table_Provincial_GTAC35378[[#This Row],[RtmAnnualRental]])*(1+(IF('MAIN-INTERFACE'!$D$2=\"No\",0,'MAIN-INTERFACE'!$D$4))^(COUNTIF(MATRIX2!M41:S41,0))))*(1+(IF('MAIN-INTERFACE'!$D$2=\"No\",0,'MAIN-INTERFACE'!$D$8)))^7<Table_Provincial_GTAC35378[[#This Row],[Adj.AnnualRental]],(Table_Provincial_GTAC35378[[#This Row],[RtmAnnualRental]])*(1+(IF('MAIN-INTERFACE'!$D$2=\"No\",0,'MAIN-INTERFACE'!$D$4))^(COUNTIF(MATRIX2!M41:S41,0)))*(1+(IF('MAIN-INTERFACE'!$D$2=\"No\",0,'MAIN-INTERFACE'!$D$8)))^MATRIX2!I41,Table_Provincial_GTAC35378[[#This Row],[Adj.AnnualRental]])*(1+(IF('MAIN-INTERFACE'!$D$2=\"No\",Table_Provincial_GTAC35378[[#This Row],[TnTEscalation]],'MAIN-INTERFACE'!$G$2)))^(IF((COUNTIF(MATRIX2!M41:S41,\">0\")-1)<0,0,COUNTIF(MATRIX2!M41:S41,\">0\"))))))","v":664625.39644386596},{"$f":"SUM(Table_Provincial_GTAC35378[[#This Row],[FY 2018/19]:[FY 2023/24]])","v":3548908.5240507312}]
[{"$f":"Table_Provincial_GTAC3536[[#This Row],[SystemID]]","v":47},{"$f":"VLOOKUP($A42,DATA2!$A$2:$S$607,2,FALSE)","v":"KZN"},{"$f":"VLOOKUP($A42,DATA2!$A$2:$S$607,3,FALSE)","v":"KwaZulu-Natal"},{"$f":"VLOOKUP($A42,DATA2!$A$2:$S$607,4,FALSE)","v":108.77158296249205},{"$f":"VLOOKUP($A42,DATA2!$A$2:$S$607,5,FALSE)","v":77.5},{"$f":"VLOOKUP($A42,DATA2!$A$2:$S$607,6,FALSE)","v":"VTSD"},{"$f":"VLOOKUP($A42,DATA2!$A$2:$S$607,7,FALSE)","v":314.60000000000002},{"$f":"VLOOKUP($A42,DATA2!$A$2:$S$607,8,FALSE)","v":true},{"$f":"VLOOKUP($A42,DATA2!$A$2:$S$607,9,FALSE)","v":0.08},{"$f":"VLOOKUP($A42,DATA2!$A$2:$S$607,10,FALSE)","v":34219.54},{"$f":"VLOOKUP($A42,DATA2!$A$2:$S$607,11,FALSE)","v":410634.48},{"$f":"Table_Provincial_GTAC35378[[#This Row],[Benchmark]]*Table_Provincial_GTAC35378[[#This Row],[ExtentM2]]*12","v":292578},{"$f":"VLOOKUP($A42,DATA2!$A$2:$S$607,12,FALSE)","v":"2016-06-01"},{"$f":"VLOOKUP($A42,DATA2!$A$2:$S$607,13,FALSE)","v":"2021-05-31"},{"$f":"VLOOKUP($A42,DATA2!$A$2:$S$607,14,FALSE)","v":"No"},{"$f":"IF(MATRIX2!D42=1,($Y$8-$X$2)/365*Table_Provincial_GTAC35378[[#This Row],[Adj.AnnualRental]]*MATRIX2!D42,($Y$8-$X$2)/365*Table_Provincial_GTAC35378[[#This Row],[Adj.AnnualRental]])","v":-1486159.3098082191},{"$f":"IF('MAIN-INTERFACE'!$D$2=\"No\",(Table_Provincial_GTAC35378[[#This Row],[Adj.AnnualRental]])*(1+Table_Provincial_GTAC35378[[#This Row],[TnTEscalation]])^2,\n    (((MATRIX2!V42*Table_Provincial_GTAC35378[[#This Row],[Adj.AnnualRental]])*(1+Table_Provincial_GTAC35378[[#This Row],[TnTEscalation]])^2)+\n       (MATRIX2!N42* IF(IF('MAIN-INTERFACE'!$D$2=\"No\",Table_Provincial_GTAC35378[[#This Row],[Adj.AnnualRental]],(Table_Provincial_GTAC35378[[#This Row],[RtmAnnualRental]])*(1+\n                                 (IF('MAIN-INTERFACE'!$D$2=\"No\",0,'MAIN-INTERFACE'!$D$4))^(COUNTIF(MATRIX2!M42:N42,0))))*(1+\n                                 (IF('MAIN-INTERFACE'!$D$2=\"No\",0,'MAIN-INTERFACE'!$D$8)))^2<Table_Provincial_GTAC35378[[#This Row],[Adj.AnnualRental]],(Table_Provincial_GTAC35378[[#This Row],[RtmAnnualRental]])*(1+\n\n                                 (IF('MAIN-INTERFACE'!$D$2=\"No\",0,'MAIN-INTERFACE'!$D$4))^(COUNTIF(MATRIX2!M42:N42,0)))*(1+\n                                 (IF('MAIN-INTERFACE'!$D$2=\"No\",0,'MAIN-INTERFACE'!$D$8)))^MATRIX2!D42,Table_Provincial_GTAC35378[[#This Row],[Adj.AnnualRental]])*(1+\n\n                                (IF('MAIN-INTERFACE'!$D$2=\"No\",Table_Provincial_GTAC35378[[#This Row],[TnTEscalation]],'MAIN-INTERFACE'!$G$2)))^\n                                 (IF((COUNTIF(MATRIX2!M42:N42,\">0\")-1)<0,0,COUNTIF(MATRIX2!M42:N42,\">0\"))))))","v":478964.05747200001},{"$f":"IF('MAIN-INTERFACE'!$D$2=\"No\",(Table_Provincial_GTAC35378[[#This Row],[Adj.AnnualRental]])*(1+Table_Provincial_GTAC35378[[#This Row],[TnTEscalation]])^3,(((MATRIX2!W42*Table_Provincial_GTAC35378[[#This Row],[Adj.AnnualRental]])*(1+Table_Provincial_GTAC35378[[#This Row],[TnTEscalation]])^3)+(MATRIX2!O42*IF(IF('MAIN-INTERFACE'!$D$2=\"No\",Table_Provincial_GTAC35378[[#This Row],[Adj.AnnualRental]],(Table_Provincial_GTAC35378[[#This Row],[RtmAnnualRental]])*(1+(IF('MAIN-INTERFACE'!$D$2=\"No\",0,'MAIN-INTERFACE'!$D$4))^(COUNTIF(MATRIX2!M42:O42,0))))*(1+(IF('MAIN-INTERFACE'!$D$2=\"No\",0,'MAIN-INTERFACE'!$D$8)))^3<Table_Provincial_GTAC35378[[#This Row],[Adj.AnnualRental]],(Table_Provincial_GTAC35378[[#This Row],[RtmAnnualRental]])*(1+(IF('MAIN-INTERFACE'!$D$2=\"No\",0,'MAIN-INTERFACE'!$D$4))^(COUNTIF(MATRIX2!M42:O42,0)))*(1+(IF('MAIN-INTERFACE'!$D$2=\"No\",0,'MAIN-INTERFACE'!$D$8)))^MATRIX2!E42,Table_Provincial_GTAC35378[[#This Row],[Adj.AnnualRental]])*(1+(IF('MAIN-INTERFACE'!$D$2=\"No\",Table_Provincial_GTAC35378[[#This Row],[TnTEscalation]],'MAIN-INTERFACE'!$G$2)))^(IF((COUNTIF(MATRIX2!M42:O42,\">0\")-1)<0,0,COUNTIF(MATRIX2!M42:O42,\">0\"))))))","v":517281.18206976005},{"$f":"IF('MAIN-INTERFACE'!$D$2=\"No\",(Table_Provincial_GTAC35378[[#This Row],[Adj.AnnualRental]])*(1+Table_Provincial_GTAC35378[[#This Row],[TnTEscalation]])^4,((((MATRIX2!X42*Table_Provincial_GTAC35378[[#This Row],[Adj.AnnualRental]])*(1+Table_Provincial_GTAC35378[[#This Row],[TnTEscalation]])^4)+(MATRIX2!P42*IF(IF('MAIN-INTERFACE'!$D$2=\"No\",Table_Provincial_GTAC35378[[#This Row],[Adj.AnnualRental]],(Table_Provincial_GTAC35378[[#This Row],[RtmAnnualRental]])*(1+(IF('MAIN-INTERFACE'!$D$2=\"No\",0,'MAIN-INTERFACE'!$D$4))^(COUNTIF(MATRIX2!M42:P42,0))))*(1+(IF('MAIN-INTERFACE'!$D$2=\"No\",0,'MAIN-INTERFACE'!$D$8)))^4<Table_Provincial_GTAC35378[[#This Row],[Adj.AnnualRental]],(Table_Provincial_GTAC35378[[#This Row],[RtmAnnualRental]])*(1+(IF('MAIN-INTERFACE'!$D$2=\"No\",0,'MAIN-INTERFACE'!$D$4))^(COUNTIF(MATRIX2!M42:P42,0)))*(1+(IF('MAIN-INTERFACE'!$D$2=\"No\",0,'MAIN-INTERFACE'!$D$8)))^MATRIX2!F42,Table_Provincial_GTAC35378[[#This Row],[Adj.AnnualRental]])*(1+(IF('MAIN-INTERFACE'!$D$2=\"No\",Table_Provincial_GTAC35378[[#This Row],[TnTEscalation]],'MAIN-INTERFACE'!$G$2)))^(IF((COUNTIF(MATRIX2!M42:P42,\">0\")-1)<0,0,COUNTIF(MATRIX2!M42:P42,\">0\")))))))","v":558663.6766353409},{"$f":"IF('MAIN-INTERFACE'!$D$2=\"No\",(Table_Provincial_GTAC35378[[#This Row],[Adj.AnnualRental]])*(1+Table_Provincial_GTAC35378[[#This Row],[TnTEscalation]])^5,(((MATRIX2!Y42*Table_Provincial_GTAC35378[[#This Row],[Adj.AnnualRental]])*(1+Table_Provincial_GTAC35378[[#This Row],[TnTEscalation]])^5)+(MATRIX2!Q42*IF(IF('MAIN-INTERFACE'!$D$2=\"No\",Table_Provincial_GTAC35378[[#This Row],[Adj.AnnualRental]],(Table_Provincial_GTAC35378[[#This Row],[RtmAnnualRental]])*(1+(IF('MAIN-INTERFACE'!$D$2=\"No\",0,'MAIN-INTERFACE'!$D$4))^(COUNTIF(MATRIX2!M42:Q42,0))))*(1+(IF('MAIN-INTERFACE'!$D$2=\"No\",0,'MAIN-INTERFACE'!$D$8)))^5<Table_Provincial_GTAC35378[[#This Row],[Adj.AnnualRental]],(Table_Provincial_GTAC35378[[#This Row],[RtmAnnualRental]])*(1+(IF('MAIN-INTERFACE'!$D$2=\"No\",0,'MAIN-INTERFACE'!$D$4))^(COUNTIF(MATRIX2!M42:Q42,0)))*(1+(IF('MAIN-INTERFACE'!$D$2=\"No\",0,'MAIN-INTERFACE'!$D$8)))^MATRIX2!G42,Table_Provincial_GTAC35378[[#This Row],[Adj.AnnualRental]])*(1+(IF('MAIN-INTERFACE'!$D$2=\"No\",Table_Provincial_GTAC35378[[#This Row],[TnTEscalation]],'MAIN-INTERFACE'!$G$2)))^(IF((COUNTIF(MATRIX2!M42:Q42,\">0\")-1)<0,0,COUNTIF(MATRIX2!M42:Q42,\">0\"))))))","v":506419.12580737297},{"$f":"IF('MAIN-INTERFACE'!$D$2=\"No\",(Table_Provincial_GTAC35378[[#This Row],[Adj.AnnualRental]])*(1+Table_Provincial_GTAC35378[[#This Row],[TnTEscalation]])^6,(((MATRIX2!Z42*Table_Provincial_GTAC35378[[#This Row],[Adj.AnnualRental]])*(1+Table_Provincial_GTAC35378[[#This Row],[TnTEscalation]])^6)+(MATRIX2!R42*IF(IF('MAIN-INTERFACE'!$D$2=\"No\",Table_Provincial_GTAC35378[[#This Row],[Adj.AnnualRental]],(Table_Provincial_GTAC35378[[#This Row],[RtmAnnualRental]])*(1+(IF('MAIN-INTERFACE'!$D$2=\"No\",0,'MAIN-INTERFACE'!$D$4))^(COUNTIF(MATRIX2!M42:R42,0))))*(1+(IF('MAIN-INTERFACE'!$D$2=\"No\",0,'MAIN-INTERFACE'!$D$8)))^6<Table_Provincial_GTAC35378[[#This Row],[Adj.AnnualRental]],(Table_Provincial_GTAC35378[[#This Row],[RtmAnnualRental]])*(1+(IF('MAIN-INTERFACE'!$D$2=\"No\",0,'MAIN-INTERFACE'!$D$4))^(COUNTIF(MATRIX2!M42:R42,0)))*(1+(IF('MAIN-INTERFACE'!$D$2=\"No\",0,'MAIN-INTERFACE'!$D$8)))^MATRIX2!H42,Table_Provincial_GTAC35378[[#This Row],[Adj.AnnualRental]])*(1+(IF('MAIN-INTERFACE'!$D$2=\"No\",Table_Provincial_GTAC35378[[#This Row],[TnTEscalation]],'MAIN-INTERFACE'!$G$2)))^(IF((COUNTIF(MATRIX2!M42:R42,\">0\")-1)<0,0,COUNTIF(MATRIX2!M42:R42,\">0\"))))))","v":338111.31681275513},{"$f":"IF('MAIN-INTERFACE'!$D$2=\"No\",(Table_Provincial_GTAC35378[[#This Row],[Adj.AnnualRental]])*(1+Table_Provincial_GTAC35378[[#This Row],[TnTEscalation]])^7,(((MATRIX2!AA42*Table_Provincial_GTAC35378[[#This Row],[Adj.AnnualRental]])*(1+Table_Provincial_GTAC35378[[#This Row],[TnTEscalation]])^7)+(MATRIX2!S42*IF(IF('MAIN-INTERFACE'!$D$2=\"No\",Table_Provincial_GTAC35378[[#This Row],[Adj.AnnualRental]],(Table_Provincial_GTAC35378[[#This Row],[RtmAnnualRental]])*(1+(IF('MAIN-INTERFACE'!$D$2=\"No\",0,'MAIN-INTERFACE'!$D$4))^(COUNTIF(MATRIX2!M42:S42,0))))*(1+(IF('MAIN-INTERFACE'!$D$2=\"No\",0,'MAIN-INTERFACE'!$D$8)))^7<Table_Provincial_GTAC35378[[#This Row],[Adj.AnnualRental]],(Table_Provincial_GTAC35378[[#This Row],[RtmAnnualRental]])*(1+(IF('MAIN-INTERFACE'!$D$2=\"No\",0,'MAIN-INTERFACE'!$D$4))^(COUNTIF(MATRIX2!M42:S42,0)))*(1+(IF('MAIN-INTERFACE'!$D$2=\"No\",0,'MAIN-INTERFACE'!$D$8)))^MATRIX2!I42,Table_Provincial_GTAC35378[[#This Row],[Adj.AnnualRental]])*(1+(IF('MAIN-INTERFACE'!$D$2=\"No\",Table_Provincial_GTAC35378[[#This Row],[TnTEscalation]],'MAIN-INTERFACE'!$G$2)))^(IF((COUNTIF(MATRIX2!M42:S42,\">0\")-1)<0,0,COUNTIF(MATRIX2!M42:S42,\">0\"))))))","v":363469.6655737118},{"$f":"SUM(Table_Provincial_GTAC35378[[#This Row],[FY 2018/19]:[FY 2023/24]])","v":2762909.0243709409}]
[{"$f":"Table_Provincial_GTAC3536[[#This Row],[SystemID]]","v":48},{"$f":"VLOOKUP($A43,DATA2!$A$2:$S$607,2,FALSE)","v":"KZN"},{"$f":"VLOOKUP($A43,DATA2!$A$2:$S$607,3,FALSE)","v":"KwaZulu-Natal"},{"$f":"VLOOKUP($A43,DATA2!$A$2:$S$607,4,FALSE)","v":69.014176245210734},{"$f":"VLOOKUP($A43,DATA2!$A$2:$S$607,5,FALSE)","v":65},{"$f":"VLOOKUP($A43,DATA2!$A$2:$S$607,6,FALSE)","v":"VTSD"},{"$f":"VLOOKUP($A43,DATA2!$A$2:$S$607,7,FALSE)","v":783},{"$f":"VLOOKUP($A43,DATA2!$A$2:$S$607,8,FALSE)","v":true},{"$f":"VLOOKUP($A43,DATA2!$A$2:$S$607,9,FALSE)","v":7.0000000000000007E-2},{"$f":"VLOOKUP($A43,DATA2!$A$2:$S$607,10,FALSE)","v":54038.1},{"$f":"VLOOKUP($A43,DATA2!$A$2:$S$607,11,FALSE)","v":648457.19999999995},{"$f":"Table_Provincial_GTAC35378[[#This Row],[Benchmark]]*Table_Provincial_GTAC35378[[#This Row],[ExtentM2]]*12","v":610740},{"$f":"VLOOKUP($A43,DATA2!$A$2:$S$607,12,FALSE)","v":"2017-04-01"},{"$f":"VLOOKUP($A43,DATA2!$A$2:$S$607,13,FALSE)","v":"2022-03-31"},{"$f":"VLOOKUP($A43,DATA2!$A$2:$S$607,14,FALSE)","v":"No"},{"$f":"IF(MATRIX2!D43=1,($Y$8-$X$2)/365*Table_Provincial_GTAC35378[[#This Row],[Adj.AnnualRental]]*MATRIX2!D43,($Y$8-$X$2)/365*Table_Provincial_GTAC35378[[#This Row],[Adj.AnnualRental]])","v":-2346882.0854794518},{"$f":"IF('MAIN-INTERFACE'!$D$2=\"No\",(Table_Provincial_GTAC35378[[#This Row],[Adj.AnnualRental]])*(1+Table_Provincial_GTAC35378[[#This Row],[TnTEscalation]])^2,\n    (((MATRIX2!V43*Table_Provincial_GTAC35378[[#This Row],[Adj.AnnualRental]])*(1+Table_Provincial_GTAC35378[[#This Row],[TnTEscalation]])^2)+\n       (MATRIX2!N43* IF(IF('MAIN-INTERFACE'!$D$2=\"No\",Table_Provincial_GTAC35378[[#This Row],[Adj.AnnualRental]],(Table_Provincial_GTAC35378[[#This Row],[RtmAnnualRental]])*(1+\n                                 (IF('MAIN-INTERFACE'!$D$2=\"No\",0,'MAIN-INTERFACE'!$D$4))^(COUNTIF(MATRIX2!M43:N43,0))))*(1+\n                                 (IF('MAIN-INTERFACE'!$D$2=\"No\",0,'MAIN-INTERFACE'!$D$8)))^2<Table_Provincial_GTAC35378[[#This Row],[Adj.AnnualRental]],(Table_Provincial_GTAC35378[[#This Row],[RtmAnnualRental]])*(1+\n\n                                 (IF('MAIN-INTERFACE'!$D$2=\"No\",0,'MAIN-INTERFACE'!$D$4))^(COUNTIF(MATRIX2!M43:N43,0)))*(1+\n                                 (IF('MAIN-INTERFACE'!$D$2=\"No\",0,'MAIN-INTERFACE'!$D$8)))^MATRIX2!D43,Table_Provincial_GTAC35378[[#This Row],[Adj.AnnualRental]])*(1+\n\n                                (IF('MAIN-INTERFACE'!$D$2=\"No\",Table_Provincial_GTAC35378[[#This Row],[TnTEscalation]],'MAIN-INTERFACE'!$G$2)))^\n                                 (IF((COUNTIF(MATRIX2!M43:N43,\">0\")-1)<0,0,COUNTIF(MATRIX2!M43:N43,\">0\"))))))","v":742418.64827999996},{"$f":"IF('MAIN-INTERFACE'!$D$2=\"No\",(Table_Provincial_GTAC35378[[#This Row],[Adj.AnnualRental]])*(1+Table_Provincial_GTAC35378[[#This Row],[TnTEscalation]])^3,(((MATRIX2!W43*Table_Provincial_GTAC35378[[#This Row],[Adj.AnnualRental]])*(1+Table_Provincial_GTAC35378[[#This Row],[TnTEscalation]])^3)+(MATRIX2!O43*IF(IF('MAIN-INTERFACE'!$D$2=\"No\",Table_Provincial_GTAC35378[[#This Row],[Adj.AnnualRental]],(Table_Provincial_GTAC35378[[#This Row],[RtmAnnualRental]])*(1+(IF('MAIN-INTERFACE'!$D$2=\"No\",0,'MAIN-INTERFACE'!$D$4))^(COUNTIF(MATRIX2!M43:O43,0))))*(1+(IF('MAIN-INTERFACE'!$D$2=\"No\",0,'MAIN-INTERFACE'!$D$8)))^3<Table_Provincial_GTAC35378[[#This Row],[Adj.AnnualRental]],(Table_Provincial_GTAC35378[[#This Row],[RtmAnnualRental]])*(1+(IF('MAIN-INTERFACE'!$D$2=\"No\",0,'MAIN-INTERFACE'!$D$4))^(COUNTIF(MATRIX2!M43:O43,0)))*(1+(IF('MAIN-INTERFACE'!$D$2=\"No\",0,'MAIN-INTERFACE'!$D$8)))^MATRIX2!E43,Table_Provincial_GTAC35378[[#This Row],[Adj.AnnualRental]])*(1+(IF('MAIN-INTERFACE'!$D$2=\"No\",Table_Provincial_GTAC35378[[#This Row],[TnTEscalation]],'MAIN-INTERFACE'!$G$2)))^(IF((COUNTIF(MATRIX2!M43:O43,\">0\")-1)<0,0,COUNTIF(MATRIX2!M43:O43,\">0\"))))))","v":794387.9536596},{"$f":"IF('MAIN-INTERFACE'!$D$2=\"No\",(Table_Provincial_GTAC35378[[#This Row],[Adj.AnnualRental]])*(1+Table_Provincial_GTAC35378[[#This Row],[TnTEscalation]])^4,((((MATRIX2!X43*Table_Provincial_GTAC35378[[#This Row],[Adj.AnnualRental]])*(1+Table_Provincial_GTAC35378[[#This Row],[TnTEscalation]])^4)+(MATRIX2!P43*IF(IF('MAIN-INTERFACE'!$D$2=\"No\",Table_Provincial_GTAC35378[[#This Row],[Adj.AnnualRental]],(Table_Provincial_GTAC35378[[#This Row],[RtmAnnualRental]])*(1+(IF('MAIN-INTERFACE'!$D$2=\"No\",0,'MAIN-INTERFACE'!$D$4))^(COUNTIF(MATRIX2!M43:P43,0))))*(1+(IF('MAIN-INTERFACE'!$D$2=\"No\",0,'MAIN-INTERFACE'!$D$8)))^4<Table_Provincial_GTAC35378[[#This Row],[Adj.AnnualRental]],(Table_Provincial_GTAC35378[[#This Row],[RtmAnnualRental]])*(1+(IF('MAIN-INTERFACE'!$D$2=\"No\",0,'MAIN-INTERFACE'!$D$4))^(COUNTIF(MATRIX2!M43:P43,0)))*(1+(IF('MAIN-INTERFACE'!$D$2=\"No\",0,'MAIN-INTERFACE'!$D$8)))^MATRIX2!F43,Table_Provincial_GTAC35378[[#This Row],[Adj.AnnualRental]])*(1+(IF('MAIN-INTERFACE'!$D$2=\"No\",Table_Provincial_GTAC35378[[#This Row],[TnTEscalation]],'MAIN-INTERFACE'!$G$2)))^(IF((COUNTIF(MATRIX2!M43:P43,\">0\")-1)<0,0,COUNTIF(MATRIX2!M43:P43,\">0\")))))))","v":849995.11041577195},{"$f":"IF('MAIN-INTERFACE'!$D$2=\"No\",(Table_Provincial_GTAC35378[[#This Row],[Adj.AnnualRental]])*(1+Table_Provincial_GTAC35378[[#This Row],[TnTEscalation]])^5,(((MATRIX2!Y43*Table_Provincial_GTAC35378[[#This Row],[Adj.AnnualRental]])*(1+Table_Provincial_GTAC35378[[#This Row],[TnTEscalation]])^5)+(MATRIX2!Q43*IF(IF('MAIN-INTERFACE'!$D$2=\"No\",Table_Provincial_GTAC35378[[#This Row],[Adj.AnnualRental]],(Table_Provincial_GTAC35378[[#This Row],[RtmAnnualRental]])*(1+(IF('MAIN-INTERFACE'!$D$2=\"No\",0,'MAIN-INTERFACE'!$D$4))^(COUNTIF(MATRIX2!M43:Q43,0))))*(1+(IF('MAIN-INTERFACE'!$D$2=\"No\",0,'MAIN-INTERFACE'!$D$8)))^5<Table_Provincial_GTAC35378[[#This Row],[Adj.AnnualRental]],(Table_Provincial_GTAC35378[[#This Row],[RtmAnnualRental]])*(1+(IF('MAIN-INTERFACE'!$D$2=\"No\",0,'MAIN-INTERFACE'!$D$4))^(COUNTIF(MATRIX2!M43:Q43,0)))*(1+(IF('MAIN-INTERFACE'!$D$2=\"No\",0,'MAIN-INTERFACE'!$D$8)))^MATRIX2!G43,Table_Provincial_GTAC35378[[#This Row],[Adj.AnnualRental]])*(1+(IF('MAIN-INTERFACE'!$D$2=\"No\",Table_Provincial_GTAC35378[[#This Row],[TnTEscalation]],'MAIN-INTERFACE'!$G$2)))^(IF((COUNTIF(MATRIX2!M43:Q43,\">0\")-1)<0,0,COUNTIF(MATRIX2!M43:Q43,\">0\"))))))","v":909494.76814487611},{"$f":"IF('MAIN-INTERFACE'!$D$2=\"No\",(Table_Provincial_GTAC35378[[#This Row],[Adj.AnnualRental]])*(1+Table_Provincial_GTAC35378[[#This Row],[TnTEscalation]])^6,(((MATRIX2!Z43*Table_Provincial_GTAC35378[[#This Row],[Adj.AnnualRental]])*(1+Table_Provincial_GTAC35378[[#This Row],[TnTEscalation]])^6)+(MATRIX2!R43*IF(IF('MAIN-INTERFACE'!$D$2=\"No\",Table_Provincial_GTAC35378[[#This Row],[Adj.AnnualRental]],(Table_Provincial_GTAC35378[[#This Row],[RtmAnnualRental]])*(1+(IF('MAIN-INTERFACE'!$D$2=\"No\",0,'MAIN-INTERFACE'!$D$4))^(COUNTIF(MATRIX2!M43:R43,0))))*(1+(IF('MAIN-INTERFACE'!$D$2=\"No\",0,'MAIN-INTERFACE'!$D$8)))^6<Table_Provincial_GTAC35378[[#This Row],[Adj.AnnualRental]],(Table_Provincial_GTAC35378[[#This Row],[RtmAnnualRental]])*(1+(IF('MAIN-INTERFACE'!$D$2=\"No\",0,'MAIN-INTERFACE'!$D$4))^(COUNTIF(MATRIX2!M43:R43,0)))*(1+(IF('MAIN-INTERFACE'!$D$2=\"No\",0,'MAIN-INTERFACE'!$D$8)))^MATRIX2!H43,Table_Provincial_GTAC35378[[#This Row],[Adj.AnnualRental]])*(1+(IF('MAIN-INTERFACE'!$D$2=\"No\",Table_Provincial_GTAC35378[[#This Row],[TnTEscalation]],'MAIN-INTERFACE'!$G$2)))^(IF((COUNTIF(MATRIX2!M43:R43,\">0\")-1)<0,0,COUNTIF(MATRIX2!M43:R43,\">0\"))))))","v":813985.04940911825},{"$f":"IF('MAIN-INTERFACE'!$D$2=\"No\",(Table_Provincial_GTAC35378[[#This Row],[Adj.AnnualRental]])*(1+Table_Provincial_GTAC35378[[#This Row],[TnTEscalation]])^7,(((MATRIX2!AA43*Table_Provincial_GTAC35378[[#This Row],[Adj.AnnualRental]])*(1+Table_Provincial_GTAC35378[[#This Row],[TnTEscalation]])^7)+(MATRIX2!S43*IF(IF('MAIN-INTERFACE'!$D$2=\"No\",Table_Provincial_GTAC35378[[#This Row],[Adj.AnnualRental]],(Table_Provincial_GTAC35378[[#This Row],[RtmAnnualRental]])*(1+(IF('MAIN-INTERFACE'!$D$2=\"No\",0,'MAIN-INTERFACE'!$D$4))^(COUNTIF(MATRIX2!M43:S43,0))))*(1+(IF('MAIN-INTERFACE'!$D$2=\"No\",0,'MAIN-INTERFACE'!$D$8)))^7<Table_Provincial_GTAC35378[[#This Row],[Adj.AnnualRental]],(Table_Provincial_GTAC35378[[#This Row],[RtmAnnualRental]])*(1+(IF('MAIN-INTERFACE'!$D$2=\"No\",0,'MAIN-INTERFACE'!$D$4))^(COUNTIF(MATRIX2!M43:S43,0)))*(1+(IF('MAIN-INTERFACE'!$D$2=\"No\",0,'MAIN-INTERFACE'!$D$8)))^MATRIX2!I43,Table_Provincial_GTAC35378[[#This Row],[Adj.AnnualRental]])*(1+(IF('MAIN-INTERFACE'!$D$2=\"No\",Table_Provincial_GTAC35378[[#This Row],[TnTEscalation]],'MAIN-INTERFACE'!$G$2)))^(IF((COUNTIF(MATRIX2!M43:S43,\">0\")-1)<0,0,COUNTIF(MATRIX2!M43:S43,\">0\"))))))","v":705786.48477252852},{"$f":"SUM(Table_Provincial_GTAC35378[[#This Row],[FY 2018/19]:[FY 2023/24]])","v":4816068.0146818953}]
[{"$f":"Table_Provincial_GTAC3536[[#This Row],[SystemID]]","v":50},{"$f":"VLOOKUP($A44,DATA2!$A$2:$S$607,2,FALSE)","v":"KZN"},{"$f":"VLOOKUP($A44,DATA2!$A$2:$S$607,3,FALSE)","v":"KwaZulu-Natal"},{"$f":"VLOOKUP($A44,DATA2!$A$2:$S$607,4,FALSE)","v":119.7},{"$f":"VLOOKUP($A44,DATA2!$A$2:$S$607,5,FALSE)","v":65},{"$f":"VLOOKUP($A44,DATA2!$A$2:$S$607,6,FALSE)","v":"CBD"},{"$f":"VLOOKUP($A44,DATA2!$A$2:$S$607,7,FALSE)","v":1527},{"$f":"VLOOKUP($A44,DATA2!$A$2:$S$607,8,FALSE)","v":true},{"$f":"VLOOKUP($A44,DATA2!$A$2:$S$607,9,FALSE)","v":0},{"$f":"VLOOKUP($A44,DATA2!$A$2:$S$607,10,FALSE)","v":182781.9},{"$f":"VLOOKUP($A44,DATA2!$A$2:$S$607,11,FALSE)","v":2193382.7999999998},{"$f":"Table_Provincial_GTAC35378[[#This Row],[Benchmark]]*Table_Provincial_GTAC35378[[#This Row],[ExtentM2]]*12","v":1191060},{"$f":"VLOOKUP($A44,DATA2!$A$2:$S$607,12,FALSE)","v":"2016-04-01"},{"$f":"VLOOKUP($A44,DATA2!$A$2:$S$607,13,FALSE)","v":"2017-03-31"},{"$f":"VLOOKUP($A44,DATA2!$A$2:$S$607,14,FALSE)","v":"Yes"},{"$f":"IF(MATRIX2!D44=1,($Y$8-$X$2)/365*Table_Provincial_GTAC35378[[#This Row],[Adj.AnnualRental]]*MATRIX2!D44,($Y$8-$X$2)/365*Table_Provincial_GTAC35378[[#This Row],[Adj.AnnualRental]])","v":-7938242.9556164378},{"$f":"IF('MAIN-INTERFACE'!$D$2=\"No\",(Table_Provincial_GTAC35378[[#This Row],[Adj.AnnualRental]])*(1+Table_Provincial_GTAC35378[[#This Row],[TnTEscalation]])^2,\n    (((MATRIX2!V44*Table_Provincial_GTAC35378[[#This Row],[Adj.AnnualRental]])*(1+Table_Provincial_GTAC35378[[#This Row],[TnTEscalation]])^2)+\n       (MATRIX2!N44* IF(IF('MAIN-INTERFACE'!$D$2=\"No\",Table_Provincial_GTAC35378[[#This Row],[Adj.AnnualRental]],(Table_Provincial_GTAC35378[[#This Row],[RtmAnnualRental]])*(1+\n                                 (IF('MAIN-INTERFACE'!$D$2=\"No\",0,'MAIN-INTERFACE'!$D$4))^(COUNTIF(MATRIX2!M44:N44,0))))*(1+\n                                 (IF('MAIN-INTERFACE'!$D$2=\"No\",0,'MAIN-INTERFACE'!$D$8)))^2<Table_Provincial_GTAC35378[[#This Row],[Adj.AnnualRental]],(Table_Provincial_GTAC35378[[#This Row],[RtmAnnualRental]])*(1+\n\n                                 (IF('MAIN-INTERFACE'!$D$2=\"No\",0,'MAIN-INTERFACE'!$D$4))^(COUNTIF(MATRIX2!M44:N44,0)))*(1+\n                                 (IF('MAIN-INTERFACE'!$D$2=\"No\",0,'MAIN-INTERFACE'!$D$8)))^MATRIX2!D44,Table_Provincial_GTAC35378[[#This Row],[Adj.AnnualRental]])*(1+\n\n                                (IF('MAIN-INTERFACE'!$D$2=\"No\",Table_Provincial_GTAC35378[[#This Row],[TnTEscalation]],'MAIN-INTERFACE'!$G$2)))^\n                                 (IF((COUNTIF(MATRIX2!M44:N44,\">0\")-1)<0,0,COUNTIF(MATRIX2!M44:N44,\">0\"))))))","v":1762493.94},{"$f":"IF('MAIN-INTERFACE'!$D$2=\"No\",(Table_Provincial_GTAC35378[[#This Row],[Adj.AnnualRental]])*(1+Table_Provincial_GTAC35378[[#This Row],[TnTEscalation]])^3,(((MATRIX2!W44*Table_Provincial_GTAC35378[[#This Row],[Adj.AnnualRental]])*(1+Table_Provincial_GTAC35378[[#This Row],[TnTEscalation]])^3)+(MATRIX2!O44*IF(IF('MAIN-INTERFACE'!$D$2=\"No\",Table_Provincial_GTAC35378[[#This Row],[Adj.AnnualRental]],(Table_Provincial_GTAC35378[[#This Row],[RtmAnnualRental]])*(1+(IF('MAIN-INTERFACE'!$D$2=\"No\",0,'MAIN-INTERFACE'!$D$4))^(COUNTIF(MATRIX2!M44:O44,0))))*(1+(IF('MAIN-INTERFACE'!$D$2=\"No\",0,'MAIN-INTERFACE'!$D$8)))^3<Table_Provincial_GTAC35378[[#This Row],[Adj.AnnualRental]],(Table_Provincial_GTAC35378[[#This Row],[RtmAnnualRental]])*(1+(IF('MAIN-INTERFACE'!$D$2=\"No\",0,'MAIN-INTERFACE'!$D$4))^(COUNTIF(MATRIX2!M44:O44,0)))*(1+(IF('MAIN-INTERFACE'!$D$2=\"No\",0,'MAIN-INTERFACE'!$D$8)))^MATRIX2!E44,Table_Provincial_GTAC35378[[#This Row],[Adj.AnnualRental]])*(1+(IF('MAIN-INTERFACE'!$D$2=\"No\",Table_Provincial_GTAC35378[[#This Row],[TnTEscalation]],'MAIN-INTERFACE'!$G$2)))^(IF((COUNTIF(MATRIX2!M44:O44,\">0\")-1)<0,0,COUNTIF(MATRIX2!M44:O44,\">0\"))))))","v":1431475.4610000001},{"$f":"IF('MAIN-INTERFACE'!$D$2=\"No\",(Table_Provincial_GTAC35378[[#This Row],[Adj.AnnualRental]])*(1+Table_Provincial_GTAC35378[[#This Row],[TnTEscalation]])^4,((((MATRIX2!X44*Table_Provincial_GTAC35378[[#This Row],[Adj.AnnualRental]])*(1+Table_Provincial_GTAC35378[[#This Row],[TnTEscalation]])^4)+(MATRIX2!P44*IF(IF('MAIN-INTERFACE'!$D$2=\"No\",Table_Provincial_GTAC35378[[#This Row],[Adj.AnnualRental]],(Table_Provincial_GTAC35378[[#This Row],[RtmAnnualRental]])*(1+(IF('MAIN-INTERFACE'!$D$2=\"No\",0,'MAIN-INTERFACE'!$D$4))^(COUNTIF(MATRIX2!M44:P44,0))))*(1+(IF('MAIN-INTERFACE'!$D$2=\"No\",0,'MAIN-INTERFACE'!$D$8)))^4<Table_Provincial_GTAC35378[[#This Row],[Adj.AnnualRental]],(Table_Provincial_GTAC35378[[#This Row],[RtmAnnualRental]])*(1+(IF('MAIN-INTERFACE'!$D$2=\"No\",0,'MAIN-INTERFACE'!$D$4))^(COUNTIF(MATRIX2!M44:P44,0)))*(1+(IF('MAIN-INTERFACE'!$D$2=\"No\",0,'MAIN-INTERFACE'!$D$8)))^MATRIX2!F44,Table_Provincial_GTAC35378[[#This Row],[Adj.AnnualRental]])*(1+(IF('MAIN-INTERFACE'!$D$2=\"No\",Table_Provincial_GTAC35378[[#This Row],[TnTEscalation]],'MAIN-INTERFACE'!$G$2)))^(IF((COUNTIF(MATRIX2!M44:P44,\">0\")-1)<0,0,COUNTIF(MATRIX2!M44:P44,\">0\")))))))","v":1538836.1205750001},{"$f":"IF('MAIN-INTERFACE'!$D$2=\"No\",(Table_Provincial_GTAC35378[[#This Row],[Adj.AnnualRental]])*(1+Table_Provincial_GTAC35378[[#This Row],[TnTEscalation]])^5,(((MATRIX2!Y44*Table_Provincial_GTAC35378[[#This Row],[Adj.AnnualRental]])*(1+Table_Provincial_GTAC35378[[#This Row],[TnTEscalation]])^5)+(MATRIX2!Q44*IF(IF('MAIN-INTERFACE'!$D$2=\"No\",Table_Provincial_GTAC35378[[#This Row],[Adj.AnnualRental]],(Table_Provincial_GTAC35378[[#This Row],[RtmAnnualRental]])*(1+(IF('MAIN-INTERFACE'!$D$2=\"No\",0,'MAIN-INTERFACE'!$D$4))^(COUNTIF(MATRIX2!M44:Q44,0))))*(1+(IF('MAIN-INTERFACE'!$D$2=\"No\",0,'MAIN-INTERFACE'!$D$8)))^5<Table_Provincial_GTAC35378[[#This Row],[Adj.AnnualRental]],(Table_Provincial_GTAC35378[[#This Row],[RtmAnnualRental]])*(1+(IF('MAIN-INTERFACE'!$D$2=\"No\",0,'MAIN-INTERFACE'!$D$4))^(COUNTIF(MATRIX2!M44:Q44,0)))*(1+(IF('MAIN-INTERFACE'!$D$2=\"No\",0,'MAIN-INTERFACE'!$D$8)))^MATRIX2!G44,Table_Provincial_GTAC35378[[#This Row],[Adj.AnnualRental]])*(1+(IF('MAIN-INTERFACE'!$D$2=\"No\",Table_Provincial_GTAC35378[[#This Row],[TnTEscalation]],'MAIN-INTERFACE'!$G$2)))^(IF((COUNTIF(MATRIX2!M44:Q44,\">0\")-1)<0,0,COUNTIF(MATRIX2!M44:Q44,\">0\"))))))","v":1654248.829618125},{"$f":"IF('MAIN-INTERFACE'!$D$2=\"No\",(Table_Provincial_GTAC35378[[#This Row],[Adj.AnnualRental]])*(1+Table_Provincial_GTAC35378[[#This Row],[TnTEscalation]])^6,(((MATRIX2!Z44*Table_Provincial_GTAC35378[[#This Row],[Adj.AnnualRental]])*(1+Table_Provincial_GTAC35378[[#This Row],[TnTEscalation]])^6)+(MATRIX2!R44*IF(IF('MAIN-INTERFACE'!$D$2=\"No\",Table_Provincial_GTAC35378[[#This Row],[Adj.AnnualRental]],(Table_Provincial_GTAC35378[[#This Row],[RtmAnnualRental]])*(1+(IF('MAIN-INTERFACE'!$D$2=\"No\",0,'MAIN-INTERFACE'!$D$4))^(COUNTIF(MATRIX2!M44:R44,0))))*(1+(IF('MAIN-INTERFACE'!$D$2=\"No\",0,'MAIN-INTERFACE'!$D$8)))^6<Table_Provincial_GTAC35378[[#This Row],[Adj.AnnualRental]],(Table_Provincial_GTAC35378[[#This Row],[RtmAnnualRental]])*(1+(IF('MAIN-INTERFACE'!$D$2=\"No\",0,'MAIN-INTERFACE'!$D$4))^(COUNTIF(MATRIX2!M44:R44,0)))*(1+(IF('MAIN-INTERFACE'!$D$2=\"No\",0,'MAIN-INTERFACE'!$D$8)))^MATRIX2!H44,Table_Provincial_GTAC35378[[#This Row],[Adj.AnnualRental]])*(1+(IF('MAIN-INTERFACE'!$D$2=\"No\",Table_Provincial_GTAC35378[[#This Row],[TnTEscalation]],'MAIN-INTERFACE'!$G$2)))^(IF((COUNTIF(MATRIX2!M44:R44,\">0\")-1)<0,0,COUNTIF(MATRIX2!M44:R44,\">0\"))))))","v":1778317.4918394845},{"$f":"IF('MAIN-INTERFACE'!$D$2=\"No\",(Table_Provincial_GTAC35378[[#This Row],[Adj.AnnualRental]])*(1+Table_Provincial_GTAC35378[[#This Row],[TnTEscalation]])^7,(((MATRIX2!AA44*Table_Provincial_GTAC35378[[#This Row],[Adj.AnnualRental]])*(1+Table_Provincial_GTAC35378[[#This Row],[TnTEscalation]])^7)+(MATRIX2!S44*IF(IF('MAIN-INTERFACE'!$D$2=\"No\",Table_Provincial_GTAC35378[[#This Row],[Adj.AnnualRental]],(Table_Provincial_GTAC35378[[#This Row],[RtmAnnualRental]])*(1+(IF('MAIN-INTERFACE'!$D$2=\"No\",0,'MAIN-INTERFACE'!$D$4))^(COUNTIF(MATRIX2!M44:S44,0))))*(1+(IF('MAIN-INTERFACE'!$D$2=\"No\",0,'MAIN-INTERFACE'!$D$8)))^7<Table_Provincial_GTAC35378[[#This Row],[Adj.AnnualRental]],(Table_Provincial_GTAC35378[[#This Row],[RtmAnnualRental]])*(1+(IF('MAIN-INTERFACE'!$D$2=\"No\",0,'MAIN-INTERFACE'!$D$4))^(COUNTIF(MATRIX2!M44:S44,0)))*(1+(IF('MAIN-INTERFACE'!$D$2=\"No\",0,'MAIN-INTERFACE'!$D$8)))^MATRIX2!I44,Table_Provincial_GTAC35378[[#This Row],[Adj.AnnualRental]])*(1+(IF('MAIN-INTERFACE'!$D$2=\"No\",Table_Provincial_GTAC35378[[#This Row],[TnTEscalation]],'MAIN-INTERFACE'!$G$2)))^(IF((COUNTIF(MATRIX2!M44:S44,\">0\")-1)<0,0,COUNTIF(MATRIX2!M44:S44,\">0\"))))))","v":1911691.3037274454},{"$f":"SUM(Table_Provincial_GTAC35378[[#This Row],[FY 2018/19]:[FY 2023/24]])","v":10077063.146760056}]
[{"$f":"Table_Provincial_GTAC3536[[#This Row],[SystemID]]","v":51},{"$f":"VLOOKUP($A45,DATA2!$A$2:$S$607,2,FALSE)","v":"KZN"},{"$f":"VLOOKUP($A45,DATA2!$A$2:$S$607,3,FALSE)","v":"KwaZulu-Natal"},{"$f":"VLOOKUP($A45,DATA2!$A$2:$S$607,4,FALSE)","v":120.09809322033898},{"$f":"VLOOKUP($A45,DATA2!$A$2:$S$607,5,FALSE)","v":77.5},{"$f":"VLOOKUP($A45,DATA2!$A$2:$S$607,6,FALSE)","v":"VTSD"},{"$f":"VLOOKUP($A45,DATA2!$A$2:$S$607,7,FALSE)","v":472},{"$f":"VLOOKUP($A45,DATA2!$A$2:$S$607,8,FALSE)","v":true},{"$f":"VLOOKUP($A45,DATA2!$A$2:$S$607,9,FALSE)","v":0.08},{"$f":"VLOOKUP($A45,DATA2!$A$2:$S$607,10,FALSE)","v":56686.3},{"$f":"VLOOKUP($A45,DATA2!$A$2:$S$607,11,FALSE)","v":680235.6},{"$f":"Table_Provincial_GTAC35378[[#This Row],[Benchmark]]*Table_Provincial_GTAC35378[[#This Row],[ExtentM2]]*12","v":438960},{"$f":"VLOOKUP($A45,DATA2!$A$2:$S$607,12,FALSE)","v":"2013-04-01"},{"$f":"VLOOKUP($A45,DATA2!$A$2:$S$607,13,FALSE)","v":"2018-03-31"},{"$f":"VLOOKUP($A45,DATA2!$A$2:$S$607,14,FALSE)","v":"No"},{"$f":"IF(MATRIX2!D45=1,($Y$8-$X$2)/365*Table_Provincial_GTAC35378[[#This Row],[Adj.AnnualRental]]*MATRIX2!D45,($Y$8-$X$2)/365*Table_Provincial_GTAC35378[[#This Row],[Adj.AnnualRental]])","v":-2461893.7742465753},{"$f":"IF('MAIN-INTERFACE'!$D$2=\"No\",(Table_Provincial_GTAC35378[[#This Row],[Adj.AnnualRental]])*(1+Table_Provincial_GTAC35378[[#This Row],[TnTEscalation]])^2,\n    (((MATRIX2!V45*Table_Provincial_GTAC35378[[#This Row],[Adj.AnnualRental]])*(1+Table_Provincial_GTAC35378[[#This Row],[TnTEscalation]])^2)+\n       (MATRIX2!N45* IF(IF('MAIN-INTERFACE'!$D$2=\"No\",Table_Provincial_GTAC35378[[#This Row],[Adj.AnnualRental]],(Table_Provincial_GTAC35378[[#This Row],[RtmAnnualRental]])*(1+\n                                 (IF('MAIN-INTERFACE'!$D$2=\"No\",0,'MAIN-INTERFACE'!$D$4))^(COUNTIF(MATRIX2!M45:N45,0))))*(1+\n                                 (IF('MAIN-INTERFACE'!$D$2=\"No\",0,'MAIN-INTERFACE'!$D$8)))^2<Table_Provincial_GTAC35378[[#This Row],[Adj.AnnualRental]],(Table_Provincial_GTAC35378[[#This Row],[RtmAnnualRental]])*(1+\n\n                                 (IF('MAIN-INTERFACE'!$D$2=\"No\",0,'MAIN-INTERFACE'!$D$4))^(COUNTIF(MATRIX2!M45:N45,0)))*(1+\n                                 (IF('MAIN-INTERFACE'!$D$2=\"No\",0,'MAIN-INTERFACE'!$D$8)))^MATRIX2!D45,Table_Provincial_GTAC35378[[#This Row],[Adj.AnnualRental]])*(1+\n\n                                (IF('MAIN-INTERFACE'!$D$2=\"No\",Table_Provincial_GTAC35378[[#This Row],[TnTEscalation]],'MAIN-INTERFACE'!$G$2)))^\n                                 (IF((COUNTIF(MATRIX2!M45:N45,\">0\")-1)<0,0,COUNTIF(MATRIX2!M45:N45,\">0\"))))))","v":641262.81034783565},{"$f":"IF('MAIN-INTERFACE'!$D$2=\"No\",(Table_Provincial_GTAC35378[[#This Row],[Adj.AnnualRental]])*(1+Table_Provincial_GTAC35378[[#This Row],[TnTEscalation]])^3,(((MATRIX2!W45*Table_Provincial_GTAC35378[[#This Row],[Adj.AnnualRental]])*(1+Table_Provincial_GTAC35378[[#This Row],[TnTEscalation]])^3)+(MATRIX2!O45*IF(IF('MAIN-INTERFACE'!$D$2=\"No\",Table_Provincial_GTAC35378[[#This Row],[Adj.AnnualRental]],(Table_Provincial_GTAC35378[[#This Row],[RtmAnnualRental]])*(1+(IF('MAIN-INTERFACE'!$D$2=\"No\",0,'MAIN-INTERFACE'!$D$4))^(COUNTIF(MATRIX2!M45:O45,0))))*(1+(IF('MAIN-INTERFACE'!$D$2=\"No\",0,'MAIN-INTERFACE'!$D$8)))^3<Table_Provincial_GTAC35378[[#This Row],[Adj.AnnualRental]],(Table_Provincial_GTAC35378[[#This Row],[RtmAnnualRental]])*(1+(IF('MAIN-INTERFACE'!$D$2=\"No\",0,'MAIN-INTERFACE'!$D$4))^(COUNTIF(MATRIX2!M45:O45,0)))*(1+(IF('MAIN-INTERFACE'!$D$2=\"No\",0,'MAIN-INTERFACE'!$D$8)))^MATRIX2!E45,Table_Provincial_GTAC35378[[#This Row],[Adj.AnnualRental]])*(1+(IF('MAIN-INTERFACE'!$D$2=\"No\",Table_Provincial_GTAC35378[[#This Row],[TnTEscalation]],'MAIN-INTERFACE'!$G$2)))^(IF((COUNTIF(MATRIX2!M45:O45,\">0\")-1)<0,0,COUNTIF(MATRIX2!M45:O45,\">0\"))))))","v":527564.076},{"$f":"IF('MAIN-INTERFACE'!$D$2=\"No\",(Table_Provincial_GTAC35378[[#This Row],[Adj.AnnualRental]])*(1+Table_Provincial_GTAC35378[[#This Row],[TnTEscalation]])^4,((((MATRIX2!X45*Table_Provincial_GTAC35378[[#This Row],[Adj.AnnualRental]])*(1+Table_Provincial_GTAC35378[[#This Row],[TnTEscalation]])^4)+(MATRIX2!P45*IF(IF('MAIN-INTERFACE'!$D$2=\"No\",Table_Provincial_GTAC35378[[#This Row],[Adj.AnnualRental]],(Table_Provincial_GTAC35378[[#This Row],[RtmAnnualRental]])*(1+(IF('MAIN-INTERFACE'!$D$2=\"No\",0,'MAIN-INTERFACE'!$D$4))^(COUNTIF(MATRIX2!M45:P45,0))))*(1+(IF('MAIN-INTERFACE'!$D$2=\"No\",0,'MAIN-INTERFACE'!$D$8)))^4<Table_Provincial_GTAC35378[[#This Row],[Adj.AnnualRental]],(Table_Provincial_GTAC35378[[#This Row],[RtmAnnualRental]])*(1+(IF('MAIN-INTERFACE'!$D$2=\"No\",0,'MAIN-INTERFACE'!$D$4))^(COUNTIF(MATRIX2!M45:P45,0)))*(1+(IF('MAIN-INTERFACE'!$D$2=\"No\",0,'MAIN-INTERFACE'!$D$8)))^MATRIX2!F45,Table_Provincial_GTAC35378[[#This Row],[Adj.AnnualRental]])*(1+(IF('MAIN-INTERFACE'!$D$2=\"No\",Table_Provincial_GTAC35378[[#This Row],[TnTEscalation]],'MAIN-INTERFACE'!$G$2)))^(IF((COUNTIF(MATRIX2!M45:P45,\">0\")-1)<0,0,COUNTIF(MATRIX2!M45:P45,\">0\")))))))","v":567131.38169999991},{"$f":"IF('MAIN-INTERFACE'!$D$2=\"No\",(Table_Provincial_GTAC35378[[#This Row],[Adj.AnnualRental]])*(1+Table_Provincial_GTAC35378[[#This Row],[TnTEscalation]])^5,(((MATRIX2!Y45*Table_Provincial_GTAC35378[[#This Row],[Adj.AnnualRental]])*(1+Table_Provincial_GTAC35378[[#This Row],[TnTEscalation]])^5)+(MATRIX2!Q45*IF(IF('MAIN-INTERFACE'!$D$2=\"No\",Table_Provincial_GTAC35378[[#This Row],[Adj.AnnualRental]],(Table_Provincial_GTAC35378[[#This Row],[RtmAnnualRental]])*(1+(IF('MAIN-INTERFACE'!$D$2=\"No\",0,'MAIN-INTERFACE'!$D$4))^(COUNTIF(MATRIX2!M45:Q45,0))))*(1+(IF('MAIN-INTERFACE'!$D$2=\"No\",0,'MAIN-INTERFACE'!$D$8)))^5<Table_Provincial_GTAC35378[[#This Row],[Adj.AnnualRental]],(Table_Provincial_GTAC35378[[#This Row],[RtmAnnualRental]])*(1+(IF('MAIN-INTERFACE'!$D$2=\"No\",0,'MAIN-INTERFACE'!$D$4))^(COUNTIF(MATRIX2!M45:Q45,0)))*(1+(IF('MAIN-INTERFACE'!$D$2=\"No\",0,'MAIN-INTERFACE'!$D$8)))^MATRIX2!G45,Table_Provincial_GTAC35378[[#This Row],[Adj.AnnualRental]])*(1+(IF('MAIN-INTERFACE'!$D$2=\"No\",Table_Provincial_GTAC35378[[#This Row],[TnTEscalation]],'MAIN-INTERFACE'!$G$2)))^(IF((COUNTIF(MATRIX2!M45:Q45,\">0\")-1)<0,0,COUNTIF(MATRIX2!M45:Q45,\">0\"))))))","v":609666.23532750004},{"$f":"IF('MAIN-INTERFACE'!$D$2=\"No\",(Table_Provincial_GTAC35378[[#This Row],[Adj.AnnualRental]])*(1+Table_Provincial_GTAC35378[[#This Row],[TnTEscalation]])^6,(((MATRIX2!Z45*Table_Provincial_GTAC35378[[#This Row],[Adj.AnnualRental]])*(1+Table_Provincial_GTAC35378[[#This Row],[TnTEscalation]])^6)+(MATRIX2!R45*IF(IF('MAIN-INTERFACE'!$D$2=\"No\",Table_Provincial_GTAC35378[[#This Row],[Adj.AnnualRental]],(Table_Provincial_GTAC35378[[#This Row],[RtmAnnualRental]])*(1+(IF('MAIN-INTERFACE'!$D$2=\"No\",0,'MAIN-INTERFACE'!$D$4))^(COUNTIF(MATRIX2!M45:R45,0))))*(1+(IF('MAIN-INTERFACE'!$D$2=\"No\",0,'MAIN-INTERFACE'!$D$8)))^6<Table_Provincial_GTAC35378[[#This Row],[Adj.AnnualRental]],(Table_Provincial_GTAC35378[[#This Row],[RtmAnnualRental]])*(1+(IF('MAIN-INTERFACE'!$D$2=\"No\",0,'MAIN-INTERFACE'!$D$4))^(COUNTIF(MATRIX2!M45:R45,0)))*(1+(IF('MAIN-INTERFACE'!$D$2=\"No\",0,'MAIN-INTERFACE'!$D$8)))^MATRIX2!H45,Table_Provincial_GTAC35378[[#This Row],[Adj.AnnualRental]])*(1+(IF('MAIN-INTERFACE'!$D$2=\"No\",Table_Provincial_GTAC35378[[#This Row],[TnTEscalation]],'MAIN-INTERFACE'!$G$2)))^(IF((COUNTIF(MATRIX2!M45:R45,\">0\")-1)<0,0,COUNTIF(MATRIX2!M45:R45,\">0\"))))))","v":655391.20297706244},{"$f":"IF('MAIN-INTERFACE'!$D$2=\"No\",(Table_Provincial_GTAC35378[[#This Row],[Adj.AnnualRental]])*(1+Table_Provincial_GTAC35378[[#This Row],[TnTEscalation]])^7,(((MATRIX2!AA45*Table_Provincial_GTAC35378[[#This Row],[Adj.AnnualRental]])*(1+Table_Provincial_GTAC35378[[#This Row],[TnTEscalation]])^7)+(MATRIX2!S45*IF(IF('MAIN-INTERFACE'!$D$2=\"No\",Table_Provincial_GTAC35378[[#This Row],[Adj.AnnualRental]],(Table_Provincial_GTAC35378[[#This Row],[RtmAnnualRental]])*(1+(IF('MAIN-INTERFACE'!$D$2=\"No\",0,'MAIN-INTERFACE'!$D$4))^(COUNTIF(MATRIX2!M45:S45,0))))*(1+(IF('MAIN-INTERFACE'!$D$2=\"No\",0,'MAIN-INTERFACE'!$D$8)))^7<Table_Provincial_GTAC35378[[#This Row],[Adj.AnnualRental]],(Table_Provincial_GTAC35378[[#This Row],[RtmAnnualRental]])*(1+(IF('MAIN-INTERFACE'!$D$2=\"No\",0,'MAIN-INTERFACE'!$D$4))^(COUNTIF(MATRIX2!M45:S45,0)))*(1+(IF('MAIN-INTERFACE'!$D$2=\"No\",0,'MAIN-INTERFACE'!$D$8)))^MATRIX2!I45,Table_Provincial_GTAC35378[[#This Row],[Adj.AnnualRental]])*(1+(IF('MAIN-INTERFACE'!$D$2=\"No\",Table_Provincial_GTAC35378[[#This Row],[TnTEscalation]],'MAIN-INTERFACE'!$G$2)))^(IF((COUNTIF(MATRIX2!M45:S45,\">0\")-1)<0,0,COUNTIF(MATRIX2!M45:S45,\">0\"))))))","v":704545.5432003421},{"$f":"SUM(Table_Provincial_GTAC35378[[#This Row],[FY 2018/19]:[FY 2023/24]])","v":3705561.2495527398}]
[{"$f":"Table_Provincial_GTAC3536[[#This Row],[SystemID]]","v":52},{"$f":"VLOOKUP($A46,DATA2!$A$2:$S$607,2,FALSE)","v":"KZN"},{"$f":"VLOOKUP($A46,DATA2!$A$2:$S$607,3,FALSE)","v":"KwaZulu-Natal"},{"$f":"VLOOKUP($A46,DATA2!$A$2:$S$607,4,FALSE)","v":121.57267955801105},{"$f":"VLOOKUP($A46,DATA2!$A$2:$S$607,5,FALSE)","v":77.5},{"$f":"VLOOKUP($A46,DATA2!$A$2:$S$607,6,FALSE)","v":"VTSD"},{"$f":"VLOOKUP($A46,DATA2!$A$2:$S$607,7,FALSE)","v":362},{"$f":"VLOOKUP($A46,DATA2!$A$2:$S$607,8,FALSE)","v":true},{"$f":"VLOOKUP($A46,DATA2!$A$2:$S$607,9,FALSE)","v":0.08},{"$f":"VLOOKUP($A46,DATA2!$A$2:$S$607,10,FALSE)","v":44009.31},{"$f":"VLOOKUP($A46,DATA2!$A$2:$S$607,11,FALSE)","v":528111.72},{"$f":"Table_Provincial_GTAC35378[[#This Row],[Benchmark]]*Table_Provincial_GTAC35378[[#This Row],[ExtentM2]]*12","v":336660},{"$f":"VLOOKUP($A46,DATA2!$A$2:$S$607,12,FALSE)","v":"2013-03-01"},{"$f":"VLOOKUP($A46,DATA2!$A$2:$S$607,13,FALSE)","v":"2018-02-28"},{"$f":"VLOOKUP($A46,DATA2!$A$2:$S$607,14,FALSE)","v":"No"},{"$f":"IF(MATRIX2!D46=1,($Y$8-$X$2)/365*Table_Provincial_GTAC35378[[#This Row],[Adj.AnnualRental]]*MATRIX2!D46,($Y$8-$X$2)/365*Table_Provincial_GTAC35378[[#This Row],[Adj.AnnualRental]])","v":-1911330.3619726025},{"$f":"IF('MAIN-INTERFACE'!$D$2=\"No\",(Table_Provincial_GTAC35378[[#This Row],[Adj.AnnualRental]])*(1+Table_Provincial_GTAC35378[[#This Row],[TnTEscalation]])^2,\n    (((MATRIX2!V46*Table_Provincial_GTAC35378[[#This Row],[Adj.AnnualRental]])*(1+Table_Provincial_GTAC35378[[#This Row],[TnTEscalation]])^2)+\n       (MATRIX2!N46* IF(IF('MAIN-INTERFACE'!$D$2=\"No\",Table_Provincial_GTAC35378[[#This Row],[Adj.AnnualRental]],(Table_Provincial_GTAC35378[[#This Row],[RtmAnnualRental]])*(1+\n                                 (IF('MAIN-INTERFACE'!$D$2=\"No\",0,'MAIN-INTERFACE'!$D$4))^(COUNTIF(MATRIX2!M46:N46,0))))*(1+\n                                 (IF('MAIN-INTERFACE'!$D$2=\"No\",0,'MAIN-INTERFACE'!$D$8)))^2<Table_Provincial_GTAC35378[[#This Row],[Adj.AnnualRental]],(Table_Provincial_GTAC35378[[#This Row],[RtmAnnualRental]])*(1+\n\n                                 (IF('MAIN-INTERFACE'!$D$2=\"No\",0,'MAIN-INTERFACE'!$D$4))^(COUNTIF(MATRIX2!M46:N46,0)))*(1+\n                                 (IF('MAIN-INTERFACE'!$D$2=\"No\",0,'MAIN-INTERFACE'!$D$8)))^MATRIX2!D46,Table_Provincial_GTAC35378[[#This Row],[Adj.AnnualRental]])*(1+\n\n                                (IF('MAIN-INTERFACE'!$D$2=\"No\",Table_Provincial_GTAC35378[[#This Row],[TnTEscalation]],'MAIN-INTERFACE'!$G$2)))^\n                                 (IF((COUNTIF(MATRIX2!M46:N46,\">0\")-1)<0,0,COUNTIF(MATRIX2!M46:N46,\">0\"))))))","v":475181.34944192879},{"$f":"IF('MAIN-INTERFACE'!$D$2=\"No\",(Table_Provincial_GTAC35378[[#This Row],[Adj.AnnualRental]])*(1+Table_Provincial_GTAC35378[[#This Row],[TnTEscalation]])^3,(((MATRIX2!W46*Table_Provincial_GTAC35378[[#This Row],[Adj.AnnualRental]])*(1+Table_Provincial_GTAC35378[[#This Row],[TnTEscalation]])^3)+(MATRIX2!O46*IF(IF('MAIN-INTERFACE'!$D$2=\"No\",Table_Provincial_GTAC35378[[#This Row],[Adj.AnnualRental]],(Table_Provincial_GTAC35378[[#This Row],[RtmAnnualRental]])*(1+(IF('MAIN-INTERFACE'!$D$2=\"No\",0,'MAIN-INTERFACE'!$D$4))^(COUNTIF(MATRIX2!M46:O46,0))))*(1+(IF('MAIN-INTERFACE'!$D$2=\"No\",0,'MAIN-INTERFACE'!$D$8)))^3<Table_Provincial_GTAC35378[[#This Row],[Adj.AnnualRental]],(Table_Provincial_GTAC35378[[#This Row],[RtmAnnualRental]])*(1+(IF('MAIN-INTERFACE'!$D$2=\"No\",0,'MAIN-INTERFACE'!$D$4))^(COUNTIF(MATRIX2!M46:O46,0)))*(1+(IF('MAIN-INTERFACE'!$D$2=\"No\",0,'MAIN-INTERFACE'!$D$8)))^MATRIX2!E46,Table_Provincial_GTAC35378[[#This Row],[Adj.AnnualRental]])*(1+(IF('MAIN-INTERFACE'!$D$2=\"No\",Table_Provincial_GTAC35378[[#This Row],[TnTEscalation]],'MAIN-INTERFACE'!$G$2)))^(IF((COUNTIF(MATRIX2!M46:O46,\">0\")-1)<0,0,COUNTIF(MATRIX2!M46:O46,\">0\"))))))","v":404614.821},{"$f":"IF('MAIN-INTERFACE'!$D$2=\"No\",(Table_Provincial_GTAC35378[[#This Row],[Adj.AnnualRental]])*(1+Table_Provincial_GTAC35378[[#This Row],[TnTEscalation]])^4,((((MATRIX2!X46*Table_Provincial_GTAC35378[[#This Row],[Adj.AnnualRental]])*(1+Table_Provincial_GTAC35378[[#This Row],[TnTEscalation]])^4)+(MATRIX2!P46*IF(IF('MAIN-INTERFACE'!$D$2=\"No\",Table_Provincial_GTAC35378[[#This Row],[Adj.AnnualRental]],(Table_Provincial_GTAC35378[[#This Row],[RtmAnnualRental]])*(1+(IF('MAIN-INTERFACE'!$D$2=\"No\",0,'MAIN-INTERFACE'!$D$4))^(COUNTIF(MATRIX2!M46:P46,0))))*(1+(IF('MAIN-INTERFACE'!$D$2=\"No\",0,'MAIN-INTERFACE'!$D$8)))^4<Table_Provincial_GTAC35378[[#This Row],[Adj.AnnualRental]],(Table_Provincial_GTAC35378[[#This Row],[RtmAnnualRental]])*(1+(IF('MAIN-INTERFACE'!$D$2=\"No\",0,'MAIN-INTERFACE'!$D$4))^(COUNTIF(MATRIX2!M46:P46,0)))*(1+(IF('MAIN-INTERFACE'!$D$2=\"No\",0,'MAIN-INTERFACE'!$D$8)))^MATRIX2!F46,Table_Provincial_GTAC35378[[#This Row],[Adj.AnnualRental]])*(1+(IF('MAIN-INTERFACE'!$D$2=\"No\",Table_Provincial_GTAC35378[[#This Row],[TnTEscalation]],'MAIN-INTERFACE'!$G$2)))^(IF((COUNTIF(MATRIX2!M46:P46,\">0\")-1)<0,0,COUNTIF(MATRIX2!M46:P46,\">0\")))))))","v":434960.93257499998},{"$f":"IF('MAIN-INTERFACE'!$D$2=\"No\",(Table_Provincial_GTAC35378[[#This Row],[Adj.AnnualRental]])*(1+Table_Provincial_GTAC35378[[#This Row],[TnTEscalation]])^5,(((MATRIX2!Y46*Table_Provincial_GTAC35378[[#This Row],[Adj.AnnualRental]])*(1+Table_Provincial_GTAC35378[[#This Row],[TnTEscalation]])^5)+(MATRIX2!Q46*IF(IF('MAIN-INTERFACE'!$D$2=\"No\",Table_Provincial_GTAC35378[[#This Row],[Adj.AnnualRental]],(Table_Provincial_GTAC35378[[#This Row],[RtmAnnualRental]])*(1+(IF('MAIN-INTERFACE'!$D$2=\"No\",0,'MAIN-INTERFACE'!$D$4))^(COUNTIF(MATRIX2!M46:Q46,0))))*(1+(IF('MAIN-INTERFACE'!$D$2=\"No\",0,'MAIN-INTERFACE'!$D$8)))^5<Table_Provincial_GTAC35378[[#This Row],[Adj.AnnualRental]],(Table_Provincial_GTAC35378[[#This Row],[RtmAnnualRental]])*(1+(IF('MAIN-INTERFACE'!$D$2=\"No\",0,'MAIN-INTERFACE'!$D$4))^(COUNTIF(MATRIX2!M46:Q46,0)))*(1+(IF('MAIN-INTERFACE'!$D$2=\"No\",0,'MAIN-INTERFACE'!$D$8)))^MATRIX2!G46,Table_Provincial_GTAC35378[[#This Row],[Adj.AnnualRental]])*(1+(IF('MAIN-INTERFACE'!$D$2=\"No\",Table_Provincial_GTAC35378[[#This Row],[TnTEscalation]],'MAIN-INTERFACE'!$G$2)))^(IF((COUNTIF(MATRIX2!M46:Q46,\">0\")-1)<0,0,COUNTIF(MATRIX2!M46:Q46,\">0\"))))))","v":467583.00251812499},{"$f":"IF('MAIN-INTERFACE'!$D$2=\"No\",(Table_Provincial_GTAC35378[[#This Row],[Adj.AnnualRental]])*(1+Table_Provincial_GTAC35378[[#This Row],[TnTEscalation]])^6,(((MATRIX2!Z46*Table_Provincial_GTAC35378[[#This Row],[Adj.AnnualRental]])*(1+Table_Provincial_GTAC35378[[#This Row],[TnTEscalation]])^6)+(MATRIX2!R46*IF(IF('MAIN-INTERFACE'!$D$2=\"No\",Table_Provincial_GTAC35378[[#This Row],[Adj.AnnualRental]],(Table_Provincial_GTAC35378[[#This Row],[RtmAnnualRental]])*(1+(IF('MAIN-INTERFACE'!$D$2=\"No\",0,'MAIN-INTERFACE'!$D$4))^(COUNTIF(MATRIX2!M46:R46,0))))*(1+(IF('MAIN-INTERFACE'!$D$2=\"No\",0,'MAIN-INTERFACE'!$D$8)))^6<Table_Provincial_GTAC35378[[#This Row],[Adj.AnnualRental]],(Table_Provincial_GTAC35378[[#This Row],[RtmAnnualRental]])*(1+(IF('MAIN-INTERFACE'!$D$2=\"No\",0,'MAIN-INTERFACE'!$D$4))^(COUNTIF(MATRIX2!M46:R46,0)))*(1+(IF('MAIN-INTERFACE'!$D$2=\"No\",0,'MAIN-INTERFACE'!$D$8)))^MATRIX2!H46,Table_Provincial_GTAC35378[[#This Row],[Adj.AnnualRental]])*(1+(IF('MAIN-INTERFACE'!$D$2=\"No\",Table_Provincial_GTAC35378[[#This Row],[TnTEscalation]],'MAIN-INTERFACE'!$G$2)))^(IF((COUNTIF(MATRIX2!M46:R46,\">0\")-1)<0,0,COUNTIF(MATRIX2!M46:R46,\">0\"))))))","v":502651.72770698438},{"$f":"IF('MAIN-INTERFACE'!$D$2=\"No\",(Table_Provincial_GTAC35378[[#This Row],[Adj.AnnualRental]])*(1+Table_Provincial_GTAC35378[[#This Row],[TnTEscalation]])^7,(((MATRIX2!AA46*Table_Provincial_GTAC35378[[#This Row],[Adj.AnnualRental]])*(1+Table_Provincial_GTAC35378[[#This Row],[TnTEscalation]])^7)+(MATRIX2!S46*IF(IF('MAIN-INTERFACE'!$D$2=\"No\",Table_Provincial_GTAC35378[[#This Row],[Adj.AnnualRental]],(Table_Provincial_GTAC35378[[#This Row],[RtmAnnualRental]])*(1+(IF('MAIN-INTERFACE'!$D$2=\"No\",0,'MAIN-INTERFACE'!$D$4))^(COUNTIF(MATRIX2!M46:S46,0))))*(1+(IF('MAIN-INTERFACE'!$D$2=\"No\",0,'MAIN-INTERFACE'!$D$8)))^7<Table_Provincial_GTAC35378[[#This Row],[Adj.AnnualRental]],(Table_Provincial_GTAC35378[[#This Row],[RtmAnnualRental]])*(1+(IF('MAIN-INTERFACE'!$D$2=\"No\",0,'MAIN-INTERFACE'!$D$4))^(COUNTIF(MATRIX2!M46:S46,0)))*(1+(IF('MAIN-INTERFACE'!$D$2=\"No\",0,'MAIN-INTERFACE'!$D$8)))^MATRIX2!I46,Table_Provincial_GTAC35378[[#This Row],[Adj.AnnualRental]])*(1+(IF('MAIN-INTERFACE'!$D$2=\"No\",Table_Provincial_GTAC35378[[#This Row],[TnTEscalation]],'MAIN-INTERFACE'!$G$2)))^(IF((COUNTIF(MATRIX2!M46:S46,\">0\")-1)<0,0,COUNTIF(MATRIX2!M46:S46,\">0\"))))))","v":540350.60728500818},{"$f":"SUM(Table_Provincial_GTAC35378[[#This Row],[FY 2018/19]:[FY 2023/24]])","v":2825342.4405270466}]
[{"$f":"Table_Provincial_GTAC3536[[#This Row],[SystemID]]","v":53},{"$f":"VLOOKUP($A47,DATA2!$A$2:$S$607,2,FALSE)","v":"KZN"},{"$f":"VLOOKUP($A47,DATA2!$A$2:$S$607,3,FALSE)","v":"KwaZulu-Natal"},{"$f":"VLOOKUP($A47,DATA2!$A$2:$S$607,4,FALSE)","v":145.28431506849316},{"$f":"VLOOKUP($A47,DATA2!$A$2:$S$607,5,FALSE)","v":77.5},{"$f":"VLOOKUP($A47,DATA2!$A$2:$S$607,6,FALSE)","v":"MAIN CENTRE"},{"$f":"VLOOKUP($A47,DATA2!$A$2:$S$607,7,FALSE)","v":292},{"$f":"VLOOKUP($A47,DATA2!$A$2:$S$607,8,FALSE)","v":true},{"$f":"VLOOKUP($A47,DATA2!$A$2:$S$607,9,FALSE)","v":0.08},{"$f":"VLOOKUP($A47,DATA2!$A$2:$S$607,10,FALSE)","v":42423.02},{"$f":"VLOOKUP($A47,DATA2!$A$2:$S$607,11,FALSE)","v":509076.24},{"$f":"Table_Provincial_GTAC35378[[#This Row],[Benchmark]]*Table_Provincial_GTAC35378[[#This Row],[ExtentM2]]*12","v":271560},{"$f":"VLOOKUP($A47,DATA2!$A$2:$S$607,12,FALSE)","v":"2016-10-01"},{"$f":"VLOOKUP($A47,DATA2!$A$2:$S$607,13,FALSE)","v":"2017-06-30"},{"$f":"VLOOKUP($A47,DATA2!$A$2:$S$607,14,FALSE)","v":"Yes"},{"$f":"IF(MATRIX2!D47=1,($Y$8-$X$2)/365*Table_Provincial_GTAC35378[[#This Row],[Adj.AnnualRental]]*MATRIX2!D47,($Y$8-$X$2)/365*Table_Provincial_GTAC35378[[#This Row],[Adj.AnnualRental]])","v":-1842437.5699726027},{"$f":"IF('MAIN-INTERFACE'!$D$2=\"No\",(Table_Provincial_GTAC35378[[#This Row],[Adj.AnnualRental]])*(1+Table_Provincial_GTAC35378[[#This Row],[TnTEscalation]])^2,\n    (((MATRIX2!V47*Table_Provincial_GTAC35378[[#This Row],[Adj.AnnualRental]])*(1+Table_Provincial_GTAC35378[[#This Row],[TnTEscalation]])^2)+\n       (MATRIX2!N47* IF(IF('MAIN-INTERFACE'!$D$2=\"No\",Table_Provincial_GTAC35378[[#This Row],[Adj.AnnualRental]],(Table_Provincial_GTAC35378[[#This Row],[RtmAnnualRental]])*(1+\n                                 (IF('MAIN-INTERFACE'!$D$2=\"No\",0,'MAIN-INTERFACE'!$D$4))^(COUNTIF(MATRIX2!M47:N47,0))))*(1+\n                                 (IF('MAIN-INTERFACE'!$D$2=\"No\",0,'MAIN-INTERFACE'!$D$8)))^2<Table_Provincial_GTAC35378[[#This Row],[Adj.AnnualRental]],(Table_Provincial_GTAC35378[[#This Row],[RtmAnnualRental]])*(1+\n\n                                 (IF('MAIN-INTERFACE'!$D$2=\"No\",0,'MAIN-INTERFACE'!$D$4))^(COUNTIF(MATRIX2!M47:N47,0)))*(1+\n                                 (IF('MAIN-INTERFACE'!$D$2=\"No\",0,'MAIN-INTERFACE'!$D$8)))^MATRIX2!D47,Table_Provincial_GTAC35378[[#This Row],[Adj.AnnualRental]])*(1+\n\n                                (IF('MAIN-INTERFACE'!$D$2=\"No\",Table_Provincial_GTAC35378[[#This Row],[TnTEscalation]],'MAIN-INTERFACE'!$G$2)))^\n                                 (IF((COUNTIF(MATRIX2!M47:N47,\">0\")-1)<0,0,COUNTIF(MATRIX2!M47:N47,\">0\"))))))","v":448695.30316800007},{"$f":"IF('MAIN-INTERFACE'!$D$2=\"No\",(Table_Provincial_GTAC35378[[#This Row],[Adj.AnnualRental]])*(1+Table_Provincial_GTAC35378[[#This Row],[TnTEscalation]])^3,(((MATRIX2!W47*Table_Provincial_GTAC35378[[#This Row],[Adj.AnnualRental]])*(1+Table_Provincial_GTAC35378[[#This Row],[TnTEscalation]])^3)+(MATRIX2!O47*IF(IF('MAIN-INTERFACE'!$D$2=\"No\",Table_Provincial_GTAC35378[[#This Row],[Adj.AnnualRental]],(Table_Provincial_GTAC35378[[#This Row],[RtmAnnualRental]])*(1+(IF('MAIN-INTERFACE'!$D$2=\"No\",0,'MAIN-INTERFACE'!$D$4))^(COUNTIF(MATRIX2!M47:O47,0))))*(1+(IF('MAIN-INTERFACE'!$D$2=\"No\",0,'MAIN-INTERFACE'!$D$8)))^3<Table_Provincial_GTAC35378[[#This Row],[Adj.AnnualRental]],(Table_Provincial_GTAC35378[[#This Row],[RtmAnnualRental]])*(1+(IF('MAIN-INTERFACE'!$D$2=\"No\",0,'MAIN-INTERFACE'!$D$4))^(COUNTIF(MATRIX2!M47:O47,0)))*(1+(IF('MAIN-INTERFACE'!$D$2=\"No\",0,'MAIN-INTERFACE'!$D$8)))^MATRIX2!E47,Table_Provincial_GTAC35378[[#This Row],[Adj.AnnualRental]])*(1+(IF('MAIN-INTERFACE'!$D$2=\"No\",Table_Provincial_GTAC35378[[#This Row],[TnTEscalation]],'MAIN-INTERFACE'!$G$2)))^(IF((COUNTIF(MATRIX2!M47:O47,\">0\")-1)<0,0,COUNTIF(MATRIX2!M47:O47,\">0\"))))))","v":326374.386},{"$f":"IF('MAIN-INTERFACE'!$D$2=\"No\",(Table_Provincial_GTAC35378[[#This Row],[Adj.AnnualRental]])*(1+Table_Provincial_GTAC35378[[#This Row],[TnTEscalation]])^4,((((MATRIX2!X47*Table_Provincial_GTAC35378[[#This Row],[Adj.AnnualRental]])*(1+Table_Provincial_GTAC35378[[#This Row],[TnTEscalation]])^4)+(MATRIX2!P47*IF(IF('MAIN-INTERFACE'!$D$2=\"No\",Table_Provincial_GTAC35378[[#This Row],[Adj.AnnualRental]],(Table_Provincial_GTAC35378[[#This Row],[RtmAnnualRental]])*(1+(IF('MAIN-INTERFACE'!$D$2=\"No\",0,'MAIN-INTERFACE'!$D$4))^(COUNTIF(MATRIX2!M47:P47,0))))*(1+(IF('MAIN-INTERFACE'!$D$2=\"No\",0,'MAIN-INTERFACE'!$D$8)))^4<Table_Provincial_GTAC35378[[#This Row],[Adj.AnnualRental]],(Table_Provincial_GTAC35378[[#This Row],[RtmAnnualRental]])*(1+(IF('MAIN-INTERFACE'!$D$2=\"No\",0,'MAIN-INTERFACE'!$D$4))^(COUNTIF(MATRIX2!M47:P47,0)))*(1+(IF('MAIN-INTERFACE'!$D$2=\"No\",0,'MAIN-INTERFACE'!$D$8)))^MATRIX2!F47,Table_Provincial_GTAC35378[[#This Row],[Adj.AnnualRental]])*(1+(IF('MAIN-INTERFACE'!$D$2=\"No\",Table_Provincial_GTAC35378[[#This Row],[TnTEscalation]],'MAIN-INTERFACE'!$G$2)))^(IF((COUNTIF(MATRIX2!M47:P47,\">0\")-1)<0,0,COUNTIF(MATRIX2!M47:P47,\">0\")))))))","v":350852.46494999999},{"$f":"IF('MAIN-INTERFACE'!$D$2=\"No\",(Table_Provincial_GTAC35378[[#This Row],[Adj.AnnualRental]])*(1+Table_Provincial_GTAC35378[[#This Row],[TnTEscalation]])^5,(((MATRIX2!Y47*Table_Provincial_GTAC35378[[#This Row],[Adj.AnnualRental]])*(1+Table_Provincial_GTAC35378[[#This Row],[TnTEscalation]])^5)+(MATRIX2!Q47*IF(IF('MAIN-INTERFACE'!$D$2=\"No\",Table_Provincial_GTAC35378[[#This Row],[Adj.AnnualRental]],(Table_Provincial_GTAC35378[[#This Row],[RtmAnnualRental]])*(1+(IF('MAIN-INTERFACE'!$D$2=\"No\",0,'MAIN-INTERFACE'!$D$4))^(COUNTIF(MATRIX2!M47:Q47,0))))*(1+(IF('MAIN-INTERFACE'!$D$2=\"No\",0,'MAIN-INTERFACE'!$D$8)))^5<Table_Provincial_GTAC35378[[#This Row],[Adj.AnnualRental]],(Table_Provincial_GTAC35378[[#This Row],[RtmAnnualRental]])*(1+(IF('MAIN-INTERFACE'!$D$2=\"No\",0,'MAIN-INTERFACE'!$D$4))^(COUNTIF(MATRIX2!M47:Q47,0)))*(1+(IF('MAIN-INTERFACE'!$D$2=\"No\",0,'MAIN-INTERFACE'!$D$8)))^MATRIX2!G47,Table_Provincial_GTAC35378[[#This Row],[Adj.AnnualRental]])*(1+(IF('MAIN-INTERFACE'!$D$2=\"No\",Table_Provincial_GTAC35378[[#This Row],[TnTEscalation]],'MAIN-INTERFACE'!$G$2)))^(IF((COUNTIF(MATRIX2!M47:Q47,\">0\")-1)<0,0,COUNTIF(MATRIX2!M47:Q47,\">0\"))))))","v":377166.39982125},{"$f":"IF('MAIN-INTERFACE'!$D$2=\"No\",(Table_Provincial_GTAC35378[[#This Row],[Adj.AnnualRental]])*(1+Table_Provincial_GTAC35378[[#This Row],[TnTEscalation]])^6,(((MATRIX2!Z47*Table_Provincial_GTAC35378[[#This Row],[Adj.AnnualRental]])*(1+Table_Provincial_GTAC35378[[#This Row],[TnTEscalation]])^6)+(MATRIX2!R47*IF(IF('MAIN-INTERFACE'!$D$2=\"No\",Table_Provincial_GTAC35378[[#This Row],[Adj.AnnualRental]],(Table_Provincial_GTAC35378[[#This Row],[RtmAnnualRental]])*(1+(IF('MAIN-INTERFACE'!$D$2=\"No\",0,'MAIN-INTERFACE'!$D$4))^(COUNTIF(MATRIX2!M47:R47,0))))*(1+(IF('MAIN-INTERFACE'!$D$2=\"No\",0,'MAIN-INTERFACE'!$D$8)))^6<Table_Provincial_GTAC35378[[#This Row],[Adj.AnnualRental]],(Table_Provincial_GTAC35378[[#This Row],[RtmAnnualRental]])*(1+(IF('MAIN-INTERFACE'!$D$2=\"No\",0,'MAIN-INTERFACE'!$D$4))^(COUNTIF(MATRIX2!M47:R47,0)))*(1+(IF('MAIN-INTERFACE'!$D$2=\"No\",0,'MAIN-INTERFACE'!$D$8)))^MATRIX2!H47,Table_Provincial_GTAC35378[[#This Row],[Adj.AnnualRental]])*(1+(IF('MAIN-INTERFACE'!$D$2=\"No\",Table_Provincial_GTAC35378[[#This Row],[TnTEscalation]],'MAIN-INTERFACE'!$G$2)))^(IF((COUNTIF(MATRIX2!M47:R47,\">0\")-1)<0,0,COUNTIF(MATRIX2!M47:R47,\">0\"))))))","v":405453.87980784377},{"$f":"IF('MAIN-INTERFACE'!$D$2=\"No\",(Table_Provincial_GTAC35378[[#This Row],[Adj.AnnualRental]])*(1+Table_Provincial_GTAC35378[[#This Row],[TnTEscalation]])^7,(((MATRIX2!AA47*Table_Provincial_GTAC35378[[#This Row],[Adj.AnnualRental]])*(1+Table_Provincial_GTAC35378[[#This Row],[TnTEscalation]])^7)+(MATRIX2!S47*IF(IF('MAIN-INTERFACE'!$D$2=\"No\",Table_Provincial_GTAC35378[[#This Row],[Adj.AnnualRental]],(Table_Provincial_GTAC35378[[#This Row],[RtmAnnualRental]])*(1+(IF('MAIN-INTERFACE'!$D$2=\"No\",0,'MAIN-INTERFACE'!$D$4))^(COUNTIF(MATRIX2!M47:S47,0))))*(1+(IF('MAIN-INTERFACE'!$D$2=\"No\",0,'MAIN-INTERFACE'!$D$8)))^7<Table_Provincial_GTAC35378[[#This Row],[Adj.AnnualRental]],(Table_Provincial_GTAC35378[[#This Row],[RtmAnnualRental]])*(1+(IF('MAIN-INTERFACE'!$D$2=\"No\",0,'MAIN-INTERFACE'!$D$4))^(COUNTIF(MATRIX2!M47:S47,0)))*(1+(IF('MAIN-INTERFACE'!$D$2=\"No\",0,'MAIN-INTERFACE'!$D$8)))^MATRIX2!I47,Table_Provincial_GTAC35378[[#This Row],[Adj.AnnualRental]])*(1+(IF('MAIN-INTERFACE'!$D$2=\"No\",Table_Provincial_GTAC35378[[#This Row],[TnTEscalation]],'MAIN-INTERFACE'!$G$2)))^(IF((COUNTIF(MATRIX2!M47:S47,\">0\")-1)<0,0,COUNTIF(MATRIX2!M47:S47,\">0\"))))))","v":435862.92079343199},{"$f":"SUM(Table_Provincial_GTAC35378[[#This Row],[FY 2018/19]:[FY 2023/24]])","v":2344405.3545405259}]
[{"$f":"Table_Provincial_GTAC3536[[#This Row],[SystemID]]","v":54},{"$f":"VLOOKUP($A48,DATA2!$A$2:$S$607,2,FALSE)","v":"KZN"},{"$f":"VLOOKUP($A48,DATA2!$A$2:$S$607,3,FALSE)","v":"KwaZulu-Natal"},{"$f":"VLOOKUP($A48,DATA2!$A$2:$S$607,4,FALSE)","v":88.437704918032793},{"$f":"VLOOKUP($A48,DATA2!$A$2:$S$607,5,FALSE)","v":77.5},{"$f":"VLOOKUP($A48,DATA2!$A$2:$S$607,6,FALSE)","v":"MAIN CENTRE"},{"$f":"VLOOKUP($A48,DATA2!$A$2:$S$607,7,FALSE)","v":305},{"$f":"VLOOKUP($A48,DATA2!$A$2:$S$607,8,FALSE)","v":true},{"$f":"VLOOKUP($A48,DATA2!$A$2:$S$607,9,FALSE)","v":0},{"$f":"VLOOKUP($A48,DATA2!$A$2:$S$607,10,FALSE)","v":26973.5},{"$f":"VLOOKUP($A48,DATA2!$A$2:$S$607,11,FALSE)","v":323682},{"$f":"Table_Provincial_GTAC35378[[#This Row],[Benchmark]]*Table_Provincial_GTAC35378[[#This Row],[ExtentM2]]*12","v":283650},{"$f":"VLOOKUP($A48,DATA2!$A$2:$S$607,12,FALSE)","v":"2016-07-01"},{"$f":"VLOOKUP($A48,DATA2!$A$2:$S$607,13,FALSE)","v":"2017-03-31"},{"$f":"VLOOKUP($A48,DATA2!$A$2:$S$607,14,FALSE)","v":"Yes"},{"$f":"IF(MATRIX2!D48=1,($Y$8-$X$2)/365*Table_Provincial_GTAC35378[[#This Row],[Adj.AnnualRental]]*MATRIX2!D48,($Y$8-$X$2)/365*Table_Provincial_GTAC35378[[#This Row],[Adj.AnnualRental]])","v":-1171462.8},{"$f":"IF('MAIN-INTERFACE'!$D$2=\"No\",(Table_Provincial_GTAC35378[[#This Row],[Adj.AnnualRental]])*(1+Table_Provincial_GTAC35378[[#This Row],[TnTEscalation]])^2,\n    (((MATRIX2!V48*Table_Provincial_GTAC35378[[#This Row],[Adj.AnnualRental]])*(1+Table_Provincial_GTAC35378[[#This Row],[TnTEscalation]])^2)+\n       (MATRIX2!N48* IF(IF('MAIN-INTERFACE'!$D$2=\"No\",Table_Provincial_GTAC35378[[#This Row],[Adj.AnnualRental]],(Table_Provincial_GTAC35378[[#This Row],[RtmAnnualRental]])*(1+\n                                 (IF('MAIN-INTERFACE'!$D$2=\"No\",0,'MAIN-INTERFACE'!$D$4))^(COUNTIF(MATRIX2!M48:N48,0))))*(1+\n                                 (IF('MAIN-INTERFACE'!$D$2=\"No\",0,'MAIN-INTERFACE'!$D$8)))^2<Table_Provincial_GTAC35378[[#This Row],[Adj.AnnualRental]],(Table_Provincial_GTAC35378[[#This Row],[RtmAnnualRental]])*(1+\n\n                                 (IF('MAIN-INTERFACE'!$D$2=\"No\",0,'MAIN-INTERFACE'!$D$4))^(COUNTIF(MATRIX2!M48:N48,0)))*(1+\n                                 (IF('MAIN-INTERFACE'!$D$2=\"No\",0,'MAIN-INTERFACE'!$D$8)))^MATRIX2!D48,Table_Provincial_GTAC35378[[#This Row],[Adj.AnnualRental]])*(1+\n\n                                (IF('MAIN-INTERFACE'!$D$2=\"No\",Table_Provincial_GTAC35378[[#This Row],[TnTEscalation]],'MAIN-INTERFACE'!$G$2)))^\n                                 (IF((COUNTIF(MATRIX2!M48:N48,\">0\")-1)<0,0,COUNTIF(MATRIX2!M48:N48,\">0\"))))))","v":320401.34999999998},{"$f":"IF('MAIN-INTERFACE'!$D$2=\"No\",(Table_Provincial_GTAC35378[[#This Row],[Adj.AnnualRental]])*(1+Table_Provincial_GTAC35378[[#This Row],[TnTEscalation]])^3,(((MATRIX2!W48*Table_Provincial_GTAC35378[[#This Row],[Adj.AnnualRental]])*(1+Table_Provincial_GTAC35378[[#This Row],[TnTEscalation]])^3)+(MATRIX2!O48*IF(IF('MAIN-INTERFACE'!$D$2=\"No\",Table_Provincial_GTAC35378[[#This Row],[Adj.AnnualRental]],(Table_Provincial_GTAC35378[[#This Row],[RtmAnnualRental]])*(1+(IF('MAIN-INTERFACE'!$D$2=\"No\",0,'MAIN-INTERFACE'!$D$4))^(COUNTIF(MATRIX2!M48:O48,0))))*(1+(IF('MAIN-INTERFACE'!$D$2=\"No\",0,'MAIN-INTERFACE'!$D$8)))^3<Table_Provincial_GTAC35378[[#This Row],[Adj.AnnualRental]],(Table_Provincial_GTAC35378[[#This Row],[RtmAnnualRental]])*(1+(IF('MAIN-INTERFACE'!$D$2=\"No\",0,'MAIN-INTERFACE'!$D$4))^(COUNTIF(MATRIX2!M48:O48,0)))*(1+(IF('MAIN-INTERFACE'!$D$2=\"No\",0,'MAIN-INTERFACE'!$D$8)))^MATRIX2!E48,Table_Provincial_GTAC35378[[#This Row],[Adj.AnnualRental]])*(1+(IF('MAIN-INTERFACE'!$D$2=\"No\",Table_Provincial_GTAC35378[[#This Row],[TnTEscalation]],'MAIN-INTERFACE'!$G$2)))^(IF((COUNTIF(MATRIX2!M48:O48,\">0\")-1)<0,0,COUNTIF(MATRIX2!M48:O48,\">0\"))))))","v":340904.75249999994},{"$f":"IF('MAIN-INTERFACE'!$D$2=\"No\",(Table_Provincial_GTAC35378[[#This Row],[Adj.AnnualRental]])*(1+Table_Provincial_GTAC35378[[#This Row],[TnTEscalation]])^4,((((MATRIX2!X48*Table_Provincial_GTAC35378[[#This Row],[Adj.AnnualRental]])*(1+Table_Provincial_GTAC35378[[#This Row],[TnTEscalation]])^4)+(MATRIX2!P48*IF(IF('MAIN-INTERFACE'!$D$2=\"No\",Table_Provincial_GTAC35378[[#This Row],[Adj.AnnualRental]],(Table_Provincial_GTAC35378[[#This Row],[RtmAnnualRental]])*(1+(IF('MAIN-INTERFACE'!$D$2=\"No\",0,'MAIN-INTERFACE'!$D$4))^(COUNTIF(MATRIX2!M48:P48,0))))*(1+(IF('MAIN-INTERFACE'!$D$2=\"No\",0,'MAIN-INTERFACE'!$D$8)))^4<Table_Provincial_GTAC35378[[#This Row],[Adj.AnnualRental]],(Table_Provincial_GTAC35378[[#This Row],[RtmAnnualRental]])*(1+(IF('MAIN-INTERFACE'!$D$2=\"No\",0,'MAIN-INTERFACE'!$D$4))^(COUNTIF(MATRIX2!M48:P48,0)))*(1+(IF('MAIN-INTERFACE'!$D$2=\"No\",0,'MAIN-INTERFACE'!$D$8)))^MATRIX2!F48,Table_Provincial_GTAC35378[[#This Row],[Adj.AnnualRental]])*(1+(IF('MAIN-INTERFACE'!$D$2=\"No\",Table_Provincial_GTAC35378[[#This Row],[TnTEscalation]],'MAIN-INTERFACE'!$G$2)))^(IF((COUNTIF(MATRIX2!M48:P48,\">0\")-1)<0,0,COUNTIF(MATRIX2!M48:P48,\">0\")))))))","v":366472.60893749999},{"$f":"IF('MAIN-INTERFACE'!$D$2=\"No\",(Table_Provincial_GTAC35378[[#This Row],[Adj.AnnualRental]])*(1+Table_Provincial_GTAC35378[[#This Row],[TnTEscalation]])^5,(((MATRIX2!Y48*Table_Provincial_GTAC35378[[#This Row],[Adj.AnnualRental]])*(1+Table_Provincial_GTAC35378[[#This Row],[TnTEscalation]])^5)+(MATRIX2!Q48*IF(IF('MAIN-INTERFACE'!$D$2=\"No\",Table_Provincial_GTAC35378[[#This Row],[Adj.AnnualRental]],(Table_Provincial_GTAC35378[[#This Row],[RtmAnnualRental]])*(1+(IF('MAIN-INTERFACE'!$D$2=\"No\",0,'MAIN-INTERFACE'!$D$4))^(COUNTIF(MATRIX2!M48:Q48,0))))*(1+(IF('MAIN-INTERFACE'!$D$2=\"No\",0,'MAIN-INTERFACE'!$D$8)))^5<Table_Provincial_GTAC35378[[#This Row],[Adj.AnnualRental]],(Table_Provincial_GTAC35378[[#This Row],[RtmAnnualRental]])*(1+(IF('MAIN-INTERFACE'!$D$2=\"No\",0,'MAIN-INTERFACE'!$D$4))^(COUNTIF(MATRIX2!M48:Q48,0)))*(1+(IF('MAIN-INTERFACE'!$D$2=\"No\",0,'MAIN-INTERFACE'!$D$8)))^MATRIX2!G48,Table_Provincial_GTAC35378[[#This Row],[Adj.AnnualRental]])*(1+(IF('MAIN-INTERFACE'!$D$2=\"No\",Table_Provincial_GTAC35378[[#This Row],[TnTEscalation]],'MAIN-INTERFACE'!$G$2)))^(IF((COUNTIF(MATRIX2!M48:Q48,\">0\")-1)<0,0,COUNTIF(MATRIX2!M48:Q48,\">0\"))))))","v":393958.05460781249},{"$f":"IF('MAIN-INTERFACE'!$D$2=\"No\",(Table_Provincial_GTAC35378[[#This Row],[Adj.AnnualRental]])*(1+Table_Provincial_GTAC35378[[#This Row],[TnTEscalation]])^6,(((MATRIX2!Z48*Table_Provincial_GTAC35378[[#This Row],[Adj.AnnualRental]])*(1+Table_Provincial_GTAC35378[[#This Row],[TnTEscalation]])^6)+(MATRIX2!R48*IF(IF('MAIN-INTERFACE'!$D$2=\"No\",Table_Provincial_GTAC35378[[#This Row],[Adj.AnnualRental]],(Table_Provincial_GTAC35378[[#This Row],[RtmAnnualRental]])*(1+(IF('MAIN-INTERFACE'!$D$2=\"No\",0,'MAIN-INTERFACE'!$D$4))^(COUNTIF(MATRIX2!M48:R48,0))))*(1+(IF('MAIN-INTERFACE'!$D$2=\"No\",0,'MAIN-INTERFACE'!$D$8)))^6<Table_Provincial_GTAC35378[[#This Row],[Adj.AnnualRental]],(Table_Provincial_GTAC35378[[#This Row],[RtmAnnualRental]])*(1+(IF('MAIN-INTERFACE'!$D$2=\"No\",0,'MAIN-INTERFACE'!$D$4))^(COUNTIF(MATRIX2!M48:R48,0)))*(1+(IF('MAIN-INTERFACE'!$D$2=\"No\",0,'MAIN-INTERFACE'!$D$8)))^MATRIX2!H48,Table_Provincial_GTAC35378[[#This Row],[Adj.AnnualRental]])*(1+(IF('MAIN-INTERFACE'!$D$2=\"No\",Table_Provincial_GTAC35378[[#This Row],[TnTEscalation]],'MAIN-INTERFACE'!$G$2)))^(IF((COUNTIF(MATRIX2!M48:R48,\">0\")-1)<0,0,COUNTIF(MATRIX2!M48:R48,\">0\"))))))","v":423504.90870339843},{"$f":"IF('MAIN-INTERFACE'!$D$2=\"No\",(Table_Provincial_GTAC35378[[#This Row],[Adj.AnnualRental]])*(1+Table_Provincial_GTAC35378[[#This Row],[TnTEscalation]])^7,(((MATRIX2!AA48*Table_Provincial_GTAC35378[[#This Row],[Adj.AnnualRental]])*(1+Table_Provincial_GTAC35378[[#This Row],[TnTEscalation]])^7)+(MATRIX2!S48*IF(IF('MAIN-INTERFACE'!$D$2=\"No\",Table_Provincial_GTAC35378[[#This Row],[Adj.AnnualRental]],(Table_Provincial_GTAC35378[[#This Row],[RtmAnnualRental]])*(1+(IF('MAIN-INTERFACE'!$D$2=\"No\",0,'MAIN-INTERFACE'!$D$4))^(COUNTIF(MATRIX2!M48:S48,0))))*(1+(IF('MAIN-INTERFACE'!$D$2=\"No\",0,'MAIN-INTERFACE'!$D$8)))^7<Table_Provincial_GTAC35378[[#This Row],[Adj.AnnualRental]],(Table_Provincial_GTAC35378[[#This Row],[RtmAnnualRental]])*(1+(IF('MAIN-INTERFACE'!$D$2=\"No\",0,'MAIN-INTERFACE'!$D$4))^(COUNTIF(MATRIX2!M48:S48,0)))*(1+(IF('MAIN-INTERFACE'!$D$2=\"No\",0,'MAIN-INTERFACE'!$D$8)))^MATRIX2!I48,Table_Provincial_GTAC35378[[#This Row],[Adj.AnnualRental]])*(1+(IF('MAIN-INTERFACE'!$D$2=\"No\",Table_Provincial_GTAC35378[[#This Row],[TnTEscalation]],'MAIN-INTERFACE'!$G$2)))^(IF((COUNTIF(MATRIX2!M48:S48,\">0\")-1)<0,0,COUNTIF(MATRIX2!M48:S48,\">0\"))))))","v":455267.77685615321},{"$f":"SUM(Table_Provincial_GTAC35378[[#This Row],[FY 2018/19]:[FY 2023/24]])","v":2300509.4516048641}]
[{"$f":"Table_Provincial_GTAC3536[[#This Row],[SystemID]]","v":55},{"$f":"VLOOKUP($A49,DATA2!$A$2:$S$607,2,FALSE)","v":"KZN"},{"$f":"VLOOKUP($A49,DATA2!$A$2:$S$607,3,FALSE)","v":"KwaZulu-Natal"},{"$f":"VLOOKUP($A49,DATA2!$A$2:$S$607,4,FALSE)","v":144.6403964041599},{"$f":"VLOOKUP($A49,DATA2!$A$2:$S$607,5,FALSE)","v":77.5},{"$f":"VLOOKUP($A49,DATA2!$A$2:$S$607,6,FALSE)","v":"VTSD"},{"$f":"VLOOKUP($A49,DATA2!$A$2:$S$607,7,FALSE)","v":510.59},{"$f":"VLOOKUP($A49,DATA2!$A$2:$S$607,8,FALSE)","v":true},{"$f":"VLOOKUP($A49,DATA2!$A$2:$S$607,9,FALSE)","v":0.08},{"$f":"VLOOKUP($A49,DATA2!$A$2:$S$607,10,FALSE)","v":73851.94},{"$f":"VLOOKUP($A49,DATA2!$A$2:$S$607,11,FALSE)","v":886223.28},{"$f":"Table_Provincial_GTAC35378[[#This Row],[Benchmark]]*Table_Provincial_GTAC35378[[#This Row],[ExtentM2]]*12","v":474848.69999999995},{"$f":"VLOOKUP($A49,DATA2!$A$2:$S$607,12,FALSE)","v":"2012-12-01"},{"$f":"VLOOKUP($A49,DATA2!$A$2:$S$607,13,FALSE)","v":"2016-11-30"},{"$f":"VLOOKUP($A49,DATA2!$A$2:$S$607,14,FALSE)","v":"Yes"},{"$f":"IF(MATRIX2!D49=1,($Y$8-$X$2)/365*Table_Provincial_GTAC35378[[#This Row],[Adj.AnnualRental]]*MATRIX2!D49,($Y$8-$X$2)/365*Table_Provincial_GTAC35378[[#This Row],[Adj.AnnualRental]])","v":-3207399.8709041094},{"$f":"IF('MAIN-INTERFACE'!$D$2=\"No\",(Table_Provincial_GTAC35378[[#This Row],[Adj.AnnualRental]])*(1+Table_Provincial_GTAC35378[[#This Row],[TnTEscalation]])^2,\n    (((MATRIX2!V49*Table_Provincial_GTAC35378[[#This Row],[Adj.AnnualRental]])*(1+Table_Provincial_GTAC35378[[#This Row],[TnTEscalation]])^2)+\n       (MATRIX2!N49* IF(IF('MAIN-INTERFACE'!$D$2=\"No\",Table_Provincial_GTAC35378[[#This Row],[Adj.AnnualRental]],(Table_Provincial_GTAC35378[[#This Row],[RtmAnnualRental]])*(1+\n                                 (IF('MAIN-INTERFACE'!$D$2=\"No\",0,'MAIN-INTERFACE'!$D$4))^(COUNTIF(MATRIX2!M49:N49,0))))*(1+\n                                 (IF('MAIN-INTERFACE'!$D$2=\"No\",0,'MAIN-INTERFACE'!$D$8)))^2<Table_Provincial_GTAC35378[[#This Row],[Adj.AnnualRental]],(Table_Provincial_GTAC35378[[#This Row],[RtmAnnualRental]])*(1+\n\n                                 (IF('MAIN-INTERFACE'!$D$2=\"No\",0,'MAIN-INTERFACE'!$D$4))^(COUNTIF(MATRIX2!M49:N49,0)))*(1+\n                                 (IF('MAIN-INTERFACE'!$D$2=\"No\",0,'MAIN-INTERFACE'!$D$8)))^MATRIX2!D49,Table_Provincial_GTAC35378[[#This Row],[Adj.AnnualRental]])*(1+\n\n                                (IF('MAIN-INTERFACE'!$D$2=\"No\",Table_Provincial_GTAC35378[[#This Row],[TnTEscalation]],'MAIN-INTERFACE'!$G$2)))^\n                                 (IF((COUNTIF(MATRIX2!M49:N49,\">0\")-1)<0,0,COUNTIF(MATRIX2!M49:N49,\">0\"))))))","v":782285.84019599995},{"$f":"IF('MAIN-INTERFACE'!$D$2=\"No\",(Table_Provincial_GTAC35378[[#This Row],[Adj.AnnualRental]])*(1+Table_Provincial_GTAC35378[[#This Row],[TnTEscalation]])^3,(((MATRIX2!W49*Table_Provincial_GTAC35378[[#This Row],[Adj.AnnualRental]])*(1+Table_Provincial_GTAC35378[[#This Row],[TnTEscalation]])^3)+(MATRIX2!O49*IF(IF('MAIN-INTERFACE'!$D$2=\"No\",Table_Provincial_GTAC35378[[#This Row],[Adj.AnnualRental]],(Table_Provincial_GTAC35378[[#This Row],[RtmAnnualRental]])*(1+(IF('MAIN-INTERFACE'!$D$2=\"No\",0,'MAIN-INTERFACE'!$D$4))^(COUNTIF(MATRIX2!M49:O49,0))))*(1+(IF('MAIN-INTERFACE'!$D$2=\"No\",0,'MAIN-INTERFACE'!$D$8)))^3<Table_Provincial_GTAC35378[[#This Row],[Adj.AnnualRental]],(Table_Provincial_GTAC35378[[#This Row],[RtmAnnualRental]])*(1+(IF('MAIN-INTERFACE'!$D$2=\"No\",0,'MAIN-INTERFACE'!$D$4))^(COUNTIF(MATRIX2!M49:O49,0)))*(1+(IF('MAIN-INTERFACE'!$D$2=\"No\",0,'MAIN-INTERFACE'!$D$8)))^MATRIX2!E49,Table_Provincial_GTAC35378[[#This Row],[Adj.AnnualRental]])*(1+(IF('MAIN-INTERFACE'!$D$2=\"No\",Table_Provincial_GTAC35378[[#This Row],[TnTEscalation]],'MAIN-INTERFACE'!$G$2)))^(IF((COUNTIF(MATRIX2!M49:O49,\">0\")-1)<0,0,COUNTIF(MATRIX2!M49:O49,\">0\"))))))","v":570696.91009499994},{"$f":"IF('MAIN-INTERFACE'!$D$2=\"No\",(Table_Provincial_GTAC35378[[#This Row],[Adj.AnnualRental]])*(1+Table_Provincial_GTAC35378[[#This Row],[TnTEscalation]])^4,((((MATRIX2!X49*Table_Provincial_GTAC35378[[#This Row],[Adj.AnnualRental]])*(1+Table_Provincial_GTAC35378[[#This Row],[TnTEscalation]])^4)+(MATRIX2!P49*IF(IF('MAIN-INTERFACE'!$D$2=\"No\",Table_Provincial_GTAC35378[[#This Row],[Adj.AnnualRental]],(Table_Provincial_GTAC35378[[#This Row],[RtmAnnualRental]])*(1+(IF('MAIN-INTERFACE'!$D$2=\"No\",0,'MAIN-INTERFACE'!$D$4))^(COUNTIF(MATRIX2!M49:P49,0))))*(1+(IF('MAIN-INTERFACE'!$D$2=\"No\",0,'MAIN-INTERFACE'!$D$8)))^4<Table_Provincial_GTAC35378[[#This Row],[Adj.AnnualRental]],(Table_Provincial_GTAC35378[[#This Row],[RtmAnnualRental]])*(1+(IF('MAIN-INTERFACE'!$D$2=\"No\",0,'MAIN-INTERFACE'!$D$4))^(COUNTIF(MATRIX2!M49:P49,0)))*(1+(IF('MAIN-INTERFACE'!$D$2=\"No\",0,'MAIN-INTERFACE'!$D$8)))^MATRIX2!F49,Table_Provincial_GTAC35378[[#This Row],[Adj.AnnualRental]])*(1+(IF('MAIN-INTERFACE'!$D$2=\"No\",Table_Provincial_GTAC35378[[#This Row],[TnTEscalation]],'MAIN-INTERFACE'!$G$2)))^(IF((COUNTIF(MATRIX2!M49:P49,\">0\")-1)<0,0,COUNTIF(MATRIX2!M49:P49,\">0\")))))))","v":613499.17835212487},{"$f":"IF('MAIN-INTERFACE'!$D$2=\"No\",(Table_Provincial_GTAC35378[[#This Row],[Adj.AnnualRental]])*(1+Table_Provincial_GTAC35378[[#This Row],[TnTEscalation]])^5,(((MATRIX2!Y49*Table_Provincial_GTAC35378[[#This Row],[Adj.AnnualRental]])*(1+Table_Provincial_GTAC35378[[#This Row],[TnTEscalation]])^5)+(MATRIX2!Q49*IF(IF('MAIN-INTERFACE'!$D$2=\"No\",Table_Provincial_GTAC35378[[#This Row],[Adj.AnnualRental]],(Table_Provincial_GTAC35378[[#This Row],[RtmAnnualRental]])*(1+(IF('MAIN-INTERFACE'!$D$2=\"No\",0,'MAIN-INTERFACE'!$D$4))^(COUNTIF(MATRIX2!M49:Q49,0))))*(1+(IF('MAIN-INTERFACE'!$D$2=\"No\",0,'MAIN-INTERFACE'!$D$8)))^5<Table_Provincial_GTAC35378[[#This Row],[Adj.AnnualRental]],(Table_Provincial_GTAC35378[[#This Row],[RtmAnnualRental]])*(1+(IF('MAIN-INTERFACE'!$D$2=\"No\",0,'MAIN-INTERFACE'!$D$4))^(COUNTIF(MATRIX2!M49:Q49,0)))*(1+(IF('MAIN-INTERFACE'!$D$2=\"No\",0,'MAIN-INTERFACE'!$D$8)))^MATRIX2!G49,Table_Provincial_GTAC35378[[#This Row],[Adj.AnnualRental]])*(1+(IF('MAIN-INTERFACE'!$D$2=\"No\",Table_Provincial_GTAC35378[[#This Row],[TnTEscalation]],'MAIN-INTERFACE'!$G$2)))^(IF((COUNTIF(MATRIX2!M49:Q49,\">0\")-1)<0,0,COUNTIF(MATRIX2!M49:Q49,\">0\"))))))","v":659511.61672853434},{"$f":"IF('MAIN-INTERFACE'!$D$2=\"No\",(Table_Provincial_GTAC35378[[#This Row],[Adj.AnnualRental]])*(1+Table_Provincial_GTAC35378[[#This Row],[TnTEscalation]])^6,(((MATRIX2!Z49*Table_Provincial_GTAC35378[[#This Row],[Adj.AnnualRental]])*(1+Table_Provincial_GTAC35378[[#This Row],[TnTEscalation]])^6)+(MATRIX2!R49*IF(IF('MAIN-INTERFACE'!$D$2=\"No\",Table_Provincial_GTAC35378[[#This Row],[Adj.AnnualRental]],(Table_Provincial_GTAC35378[[#This Row],[RtmAnnualRental]])*(1+(IF('MAIN-INTERFACE'!$D$2=\"No\",0,'MAIN-INTERFACE'!$D$4))^(COUNTIF(MATRIX2!M49:R49,0))))*(1+(IF('MAIN-INTERFACE'!$D$2=\"No\",0,'MAIN-INTERFACE'!$D$8)))^6<Table_Provincial_GTAC35378[[#This Row],[Adj.AnnualRental]],(Table_Provincial_GTAC35378[[#This Row],[RtmAnnualRental]])*(1+(IF('MAIN-INTERFACE'!$D$2=\"No\",0,'MAIN-INTERFACE'!$D$4))^(COUNTIF(MATRIX2!M49:R49,0)))*(1+(IF('MAIN-INTERFACE'!$D$2=\"No\",0,'MAIN-INTERFACE'!$D$8)))^MATRIX2!H49,Table_Provincial_GTAC35378[[#This Row],[Adj.AnnualRental]])*(1+(IF('MAIN-INTERFACE'!$D$2=\"No\",Table_Provincial_GTAC35378[[#This Row],[TnTEscalation]],'MAIN-INTERFACE'!$G$2)))^(IF((COUNTIF(MATRIX2!M49:R49,\">0\")-1)<0,0,COUNTIF(MATRIX2!M49:R49,\">0\"))))))","v":708974.98798317439},{"$f":"IF('MAIN-INTERFACE'!$D$2=\"No\",(Table_Provincial_GTAC35378[[#This Row],[Adj.AnnualRental]])*(1+Table_Provincial_GTAC35378[[#This Row],[TnTEscalation]])^7,(((MATRIX2!AA49*Table_Provincial_GTAC35378[[#This Row],[Adj.AnnualRental]])*(1+Table_Provincial_GTAC35378[[#This Row],[TnTEscalation]])^7)+(MATRIX2!S49*IF(IF('MAIN-INTERFACE'!$D$2=\"No\",Table_Provincial_GTAC35378[[#This Row],[Adj.AnnualRental]],(Table_Provincial_GTAC35378[[#This Row],[RtmAnnualRental]])*(1+(IF('MAIN-INTERFACE'!$D$2=\"No\",0,'MAIN-INTERFACE'!$D$4))^(COUNTIF(MATRIX2!M49:S49,0))))*(1+(IF('MAIN-INTERFACE'!$D$2=\"No\",0,'MAIN-INTERFACE'!$D$8)))^7<Table_Provincial_GTAC35378[[#This Row],[Adj.AnnualRental]],(Table_Provincial_GTAC35378[[#This Row],[RtmAnnualRental]])*(1+(IF('MAIN-INTERFACE'!$D$2=\"No\",0,'MAIN-INTERFACE'!$D$4))^(COUNTIF(MATRIX2!M49:S49,0)))*(1+(IF('MAIN-INTERFACE'!$D$2=\"No\",0,'MAIN-INTERFACE'!$D$8)))^MATRIX2!I49,Table_Provincial_GTAC35378[[#This Row],[Adj.AnnualRental]])*(1+(IF('MAIN-INTERFACE'!$D$2=\"No\",Table_Provincial_GTAC35378[[#This Row],[TnTEscalation]],'MAIN-INTERFACE'!$G$2)))^(IF((COUNTIF(MATRIX2!M49:S49,\">0\")-1)<0,0,COUNTIF(MATRIX2!M49:S49,\">0\"))))))","v":762148.11208191235},{"$f":"SUM(Table_Provincial_GTAC35378[[#This Row],[FY 2018/19]:[FY 2023/24]])","v":4097116.6454367461}]
[{"$f":"Table_Provincial_GTAC3536[[#This Row],[SystemID]]","v":56},{"$f":"VLOOKUP($A50,DATA2!$A$2:$S$607,2,FALSE)","v":"KZN"},{"$f":"VLOOKUP($A50,DATA2!$A$2:$S$607,3,FALSE)","v":"KwaZulu-Natal"},{"$f":"VLOOKUP($A50,DATA2!$A$2:$S$607,4,FALSE)","v":133.34358974358975},{"$f":"VLOOKUP($A50,DATA2!$A$2:$S$607,5,FALSE)","v":100},{"$f":"VLOOKUP($A50,DATA2!$A$2:$S$607,6,FALSE)","v":"VTSD"},{"$f":"VLOOKUP($A50,DATA2!$A$2:$S$607,7,FALSE)","v":561.6},{"$f":"VLOOKUP($A50,DATA2!$A$2:$S$607,8,FALSE)","v":true},{"$f":"VLOOKUP($A50,DATA2!$A$2:$S$607,9,FALSE)","v":0.08},{"$f":"VLOOKUP($A50,DATA2!$A$2:$S$607,10,FALSE)","v":74885.759999999995},{"$f":"VLOOKUP($A50,DATA2!$A$2:$S$607,11,FALSE)","v":898629.12},{"$f":"Table_Provincial_GTAC35378[[#This Row],[Benchmark]]*Table_Provincial_GTAC35378[[#This Row],[ExtentM2]]*12","v":673920},{"$f":"VLOOKUP($A50,DATA2!$A$2:$S$607,12,FALSE)","v":"2017-03-01"},{"$f":"VLOOKUP($A50,DATA2!$A$2:$S$607,13,FALSE)","v":"2021-02-28"},{"$f":"VLOOKUP($A50,DATA2!$A$2:$S$607,14,FALSE)","v":"No"},{"$f":"IF(MATRIX2!D50=1,($Y$8-$X$2)/365*Table_Provincial_GTAC35378[[#This Row],[Adj.AnnualRental]]*MATRIX2!D50,($Y$8-$X$2)/365*Table_Provincial_GTAC35378[[#This Row],[Adj.AnnualRental]])","v":-3252298.8151232875},{"$f":"IF('MAIN-INTERFACE'!$D$2=\"No\",(Table_Provincial_GTAC35378[[#This Row],[Adj.AnnualRental]])*(1+Table_Provincial_GTAC35378[[#This Row],[TnTEscalation]])^2,\n    (((MATRIX2!V50*Table_Provincial_GTAC35378[[#This Row],[Adj.AnnualRental]])*(1+Table_Provincial_GTAC35378[[#This Row],[TnTEscalation]])^2)+\n       (MATRIX2!N50* IF(IF('MAIN-INTERFACE'!$D$2=\"No\",Table_Provincial_GTAC35378[[#This Row],[Adj.AnnualRental]],(Table_Provincial_GTAC35378[[#This Row],[RtmAnnualRental]])*(1+\n                                 (IF('MAIN-INTERFACE'!$D$2=\"No\",0,'MAIN-INTERFACE'!$D$4))^(COUNTIF(MATRIX2!M50:N50,0))))*(1+\n                                 (IF('MAIN-INTERFACE'!$D$2=\"No\",0,'MAIN-INTERFACE'!$D$8)))^2<Table_Provincial_GTAC35378[[#This Row],[Adj.AnnualRental]],(Table_Provincial_GTAC35378[[#This Row],[RtmAnnualRental]])*(1+\n\n                                 (IF('MAIN-INTERFACE'!$D$2=\"No\",0,'MAIN-INTERFACE'!$D$4))^(COUNTIF(MATRIX2!M50:N50,0)))*(1+\n                                 (IF('MAIN-INTERFACE'!$D$2=\"No\",0,'MAIN-INTERFACE'!$D$8)))^MATRIX2!D50,Table_Provincial_GTAC35378[[#This Row],[Adj.AnnualRental]])*(1+\n\n                                (IF('MAIN-INTERFACE'!$D$2=\"No\",Table_Provincial_GTAC35378[[#This Row],[TnTEscalation]],'MAIN-INTERFACE'!$G$2)))^\n                                 (IF((COUNTIF(MATRIX2!M50:N50,\">0\")-1)<0,0,COUNTIF(MATRIX2!M50:N50,\">0\"))))))","v":1048161.0055680001},{"$f":"IF('MAIN-INTERFACE'!$D$2=\"No\",(Table_Provincial_GTAC35378[[#This Row],[Adj.AnnualRental]])*(1+Table_Provincial_GTAC35378[[#This Row],[TnTEscalation]])^3,(((MATRIX2!W50*Table_Provincial_GTAC35378[[#This Row],[Adj.AnnualRental]])*(1+Table_Provincial_GTAC35378[[#This Row],[TnTEscalation]])^3)+(MATRIX2!O50*IF(IF('MAIN-INTERFACE'!$D$2=\"No\",Table_Provincial_GTAC35378[[#This Row],[Adj.AnnualRental]],(Table_Provincial_GTAC35378[[#This Row],[RtmAnnualRental]])*(1+(IF('MAIN-INTERFACE'!$D$2=\"No\",0,'MAIN-INTERFACE'!$D$4))^(COUNTIF(MATRIX2!M50:O50,0))))*(1+(IF('MAIN-INTERFACE'!$D$2=\"No\",0,'MAIN-INTERFACE'!$D$8)))^3<Table_Provincial_GTAC35378[[#This Row],[Adj.AnnualRental]],(Table_Provincial_GTAC35378[[#This Row],[RtmAnnualRental]])*(1+(IF('MAIN-INTERFACE'!$D$2=\"No\",0,'MAIN-INTERFACE'!$D$4))^(COUNTIF(MATRIX2!M50:O50,0)))*(1+(IF('MAIN-INTERFACE'!$D$2=\"No\",0,'MAIN-INTERFACE'!$D$8)))^MATRIX2!E50,Table_Provincial_GTAC35378[[#This Row],[Adj.AnnualRental]])*(1+(IF('MAIN-INTERFACE'!$D$2=\"No\",Table_Provincial_GTAC35378[[#This Row],[TnTEscalation]],'MAIN-INTERFACE'!$G$2)))^(IF((COUNTIF(MATRIX2!M50:O50,\">0\")-1)<0,0,COUNTIF(MATRIX2!M50:O50,\">0\"))))))","v":1132013.8860134401},{"$f":"IF('MAIN-INTERFACE'!$D$2=\"No\",(Table_Provincial_GTAC35378[[#This Row],[Adj.AnnualRental]])*(1+Table_Provincial_GTAC35378[[#This Row],[TnTEscalation]])^4,((((MATRIX2!X50*Table_Provincial_GTAC35378[[#This Row],[Adj.AnnualRental]])*(1+Table_Provincial_GTAC35378[[#This Row],[TnTEscalation]])^4)+(MATRIX2!P50*IF(IF('MAIN-INTERFACE'!$D$2=\"No\",Table_Provincial_GTAC35378[[#This Row],[Adj.AnnualRental]],(Table_Provincial_GTAC35378[[#This Row],[RtmAnnualRental]])*(1+(IF('MAIN-INTERFACE'!$D$2=\"No\",0,'MAIN-INTERFACE'!$D$4))^(COUNTIF(MATRIX2!M50:P50,0))))*(1+(IF('MAIN-INTERFACE'!$D$2=\"No\",0,'MAIN-INTERFACE'!$D$8)))^4<Table_Provincial_GTAC35378[[#This Row],[Adj.AnnualRental]],(Table_Provincial_GTAC35378[[#This Row],[RtmAnnualRental]])*(1+(IF('MAIN-INTERFACE'!$D$2=\"No\",0,'MAIN-INTERFACE'!$D$4))^(COUNTIF(MATRIX2!M50:P50,0)))*(1+(IF('MAIN-INTERFACE'!$D$2=\"No\",0,'MAIN-INTERFACE'!$D$8)))^MATRIX2!F50,Table_Provincial_GTAC35378[[#This Row],[Adj.AnnualRental]])*(1+(IF('MAIN-INTERFACE'!$D$2=\"No\",Table_Provincial_GTAC35378[[#This Row],[TnTEscalation]],'MAIN-INTERFACE'!$G$2)))^(IF((COUNTIF(MATRIX2!M50:P50,\">0\")-1)<0,0,COUNTIF(MATRIX2!M50:P50,\">0\")))))))","v":1222574.9968945154},{"$f":"IF('MAIN-INTERFACE'!$D$2=\"No\",(Table_Provincial_GTAC35378[[#This Row],[Adj.AnnualRental]])*(1+Table_Provincial_GTAC35378[[#This Row],[TnTEscalation]])^5,(((MATRIX2!Y50*Table_Provincial_GTAC35378[[#This Row],[Adj.AnnualRental]])*(1+Table_Provincial_GTAC35378[[#This Row],[TnTEscalation]])^5)+(MATRIX2!Q50*IF(IF('MAIN-INTERFACE'!$D$2=\"No\",Table_Provincial_GTAC35378[[#This Row],[Adj.AnnualRental]],(Table_Provincial_GTAC35378[[#This Row],[RtmAnnualRental]])*(1+(IF('MAIN-INTERFACE'!$D$2=\"No\",0,'MAIN-INTERFACE'!$D$4))^(COUNTIF(MATRIX2!M50:Q50,0))))*(1+(IF('MAIN-INTERFACE'!$D$2=\"No\",0,'MAIN-INTERFACE'!$D$8)))^5<Table_Provincial_GTAC35378[[#This Row],[Adj.AnnualRental]],(Table_Provincial_GTAC35378[[#This Row],[RtmAnnualRental]])*(1+(IF('MAIN-INTERFACE'!$D$2=\"No\",0,'MAIN-INTERFACE'!$D$4))^(COUNTIF(MATRIX2!M50:Q50,0)))*(1+(IF('MAIN-INTERFACE'!$D$2=\"No\",0,'MAIN-INTERFACE'!$D$8)))^MATRIX2!G50,Table_Provincial_GTAC35378[[#This Row],[Adj.AnnualRental]])*(1+(IF('MAIN-INTERFACE'!$D$2=\"No\",Table_Provincial_GTAC35378[[#This Row],[TnTEscalation]],'MAIN-INTERFACE'!$G$2)))^(IF((COUNTIF(MATRIX2!M50:Q50,\">0\")-1)<0,0,COUNTIF(MATRIX2!M50:Q50,\">0\"))))))","v":970178.81044631847},{"$f":"IF('MAIN-INTERFACE'!$D$2=\"No\",(Table_Provincial_GTAC35378[[#This Row],[Adj.AnnualRental]])*(1+Table_Provincial_GTAC35378[[#This Row],[TnTEscalation]])^6,(((MATRIX2!Z50*Table_Provincial_GTAC35378[[#This Row],[Adj.AnnualRental]])*(1+Table_Provincial_GTAC35378[[#This Row],[TnTEscalation]])^6)+(MATRIX2!R50*IF(IF('MAIN-INTERFACE'!$D$2=\"No\",Table_Provincial_GTAC35378[[#This Row],[Adj.AnnualRental]],(Table_Provincial_GTAC35378[[#This Row],[RtmAnnualRental]])*(1+(IF('MAIN-INTERFACE'!$D$2=\"No\",0,'MAIN-INTERFACE'!$D$4))^(COUNTIF(MATRIX2!M50:R50,0))))*(1+(IF('MAIN-INTERFACE'!$D$2=\"No\",0,'MAIN-INTERFACE'!$D$8)))^6<Table_Provincial_GTAC35378[[#This Row],[Adj.AnnualRental]],(Table_Provincial_GTAC35378[[#This Row],[RtmAnnualRental]])*(1+(IF('MAIN-INTERFACE'!$D$2=\"No\",0,'MAIN-INTERFACE'!$D$4))^(COUNTIF(MATRIX2!M50:R50,0)))*(1+(IF('MAIN-INTERFACE'!$D$2=\"No\",0,'MAIN-INTERFACE'!$D$8)))^MATRIX2!H50,Table_Provincial_GTAC35378[[#This Row],[Adj.AnnualRental]])*(1+(IF('MAIN-INTERFACE'!$D$2=\"No\",Table_Provincial_GTAC35378[[#This Row],[TnTEscalation]],'MAIN-INTERFACE'!$G$2)))^(IF((COUNTIF(MATRIX2!M50:R50,\">0\")-1)<0,0,COUNTIF(MATRIX2!M50:R50,\">0\"))))))","v":778800.79372492793},{"$f":"IF('MAIN-INTERFACE'!$D$2=\"No\",(Table_Provincial_GTAC35378[[#This Row],[Adj.AnnualRental]])*(1+Table_Provincial_GTAC35378[[#This Row],[TnTEscalation]])^7,(((MATRIX2!AA50*Table_Provincial_GTAC35378[[#This Row],[Adj.AnnualRental]])*(1+Table_Provincial_GTAC35378[[#This Row],[TnTEscalation]])^7)+(MATRIX2!S50*IF(IF('MAIN-INTERFACE'!$D$2=\"No\",Table_Provincial_GTAC35378[[#This Row],[Adj.AnnualRental]],(Table_Provincial_GTAC35378[[#This Row],[RtmAnnualRental]])*(1+(IF('MAIN-INTERFACE'!$D$2=\"No\",0,'MAIN-INTERFACE'!$D$4))^(COUNTIF(MATRIX2!M50:S50,0))))*(1+(IF('MAIN-INTERFACE'!$D$2=\"No\",0,'MAIN-INTERFACE'!$D$8)))^7<Table_Provincial_GTAC35378[[#This Row],[Adj.AnnualRental]],(Table_Provincial_GTAC35378[[#This Row],[RtmAnnualRental]])*(1+(IF('MAIN-INTERFACE'!$D$2=\"No\",0,'MAIN-INTERFACE'!$D$4))^(COUNTIF(MATRIX2!M50:S50,0)))*(1+(IF('MAIN-INTERFACE'!$D$2=\"No\",0,'MAIN-INTERFACE'!$D$8)))^MATRIX2!I50,Table_Provincial_GTAC35378[[#This Row],[Adj.AnnualRental]])*(1+(IF('MAIN-INTERFACE'!$D$2=\"No\",Table_Provincial_GTAC35378[[#This Row],[TnTEscalation]],'MAIN-INTERFACE'!$G$2)))^(IF((COUNTIF(MATRIX2!M50:S50,\">0\")-1)<0,0,COUNTIF(MATRIX2!M50:S50,\">0\"))))))","v":837210.85325429752},{"$f":"SUM(Table_Provincial_GTAC35378[[#This Row],[FY 2018/19]:[FY 2023/24]])","v":5988940.3459014995}]
[{"$f":"Table_Provincial_GTAC3536[[#This Row],[SystemID]]","v":57},{"$f":"VLOOKUP($A51,DATA2!$A$2:$S$607,2,FALSE)","v":"KZN"},{"$f":"VLOOKUP($A51,DATA2!$A$2:$S$607,3,FALSE)","v":"KwaZulu-Natal"},{"$f":"VLOOKUP($A51,DATA2!$A$2:$S$607,4,FALSE)","v":-3.046875},{"$f":"VLOOKUP($A51,DATA2!$A$2:$S$607,5,FALSE)","v":77.5},{"$f":"VLOOKUP($A51,DATA2!$A$2:$S$607,6,FALSE)","v":"VTSD"},{"$f":"VLOOKUP($A51,DATA2!$A$2:$S$607,7,FALSE)","v":64},{"$f":"VLOOKUP($A51,DATA2!$A$2:$S$607,8,FALSE)","v":true},{"$f":"VLOOKUP($A51,DATA2!$A$2:$S$607,9,FALSE)","v":0.08},{"$f":"VLOOKUP($A51,DATA2!$A$2:$S$607,10,FALSE)","v":-195},{"$f":"VLOOKUP($A51,DATA2!$A$2:$S$607,11,FALSE)","v":-2340},{"$f":"Table_Provincial_GTAC35378[[#This Row],[Benchmark]]*Table_Provincial_GTAC35378[[#This Row],[ExtentM2]]*12","v":59520},{"$f":"VLOOKUP($A51,DATA2!$A$2:$S$607,12,FALSE)","v":"2016-10-01"},{"$f":"VLOOKUP($A51,DATA2!$A$2:$S$607,13,FALSE)","v":"2021-09-30"},{"$f":"VLOOKUP($A51,DATA2!$A$2:$S$607,14,FALSE)","v":"No"},{"$f":"IF(MATRIX2!D51=1,($Y$8-$X$2)/365*Table_Provincial_GTAC35378[[#This Row],[Adj.AnnualRental]]*MATRIX2!D51,($Y$8-$X$2)/365*Table_Provincial_GTAC35378[[#This Row],[Adj.AnnualRental]])","v":8468.8767123287671},{"$f":"IF('MAIN-INTERFACE'!$D$2=\"No\",(Table_Provincial_GTAC35378[[#This Row],[Adj.AnnualRental]])*(1+Table_Provincial_GTAC35378[[#This Row],[TnTEscalation]])^2,\n    (((MATRIX2!V51*Table_Provincial_GTAC35378[[#This Row],[Adj.AnnualRental]])*(1+Table_Provincial_GTAC35378[[#This Row],[TnTEscalation]])^2)+\n       (MATRIX2!N51* IF(IF('MAIN-INTERFACE'!$D$2=\"No\",Table_Provincial_GTAC35378[[#This Row],[Adj.AnnualRental]],(Table_Provincial_GTAC35378[[#This Row],[RtmAnnualRental]])*(1+\n                                 (IF('MAIN-INTERFACE'!$D$2=\"No\",0,'MAIN-INTERFACE'!$D$4))^(COUNTIF(MATRIX2!M51:N51,0))))*(1+\n                                 (IF('MAIN-INTERFACE'!$D$2=\"No\",0,'MAIN-INTERFACE'!$D$8)))^2<Table_Provincial_GTAC35378[[#This Row],[Adj.AnnualRental]],(Table_Provincial_GTAC35378[[#This Row],[RtmAnnualRental]])*(1+\n\n                                 (IF('MAIN-INTERFACE'!$D$2=\"No\",0,'MAIN-INTERFACE'!$D$4))^(COUNTIF(MATRIX2!M51:N51,0)))*(1+\n                                 (IF('MAIN-INTERFACE'!$D$2=\"No\",0,'MAIN-INTERFACE'!$D$8)))^MATRIX2!D51,Table_Provincial_GTAC35378[[#This Row],[Adj.AnnualRental]])*(1+\n\n                                (IF('MAIN-INTERFACE'!$D$2=\"No\",Table_Provincial_GTAC35378[[#This Row],[TnTEscalation]],'MAIN-INTERFACE'!$G$2)))^\n                                 (IF((COUNTIF(MATRIX2!M51:N51,\">0\")-1)<0,0,COUNTIF(MATRIX2!M51:N51,\">0\"))))))","v":-2729.3760000000002},{"$f":"IF('MAIN-INTERFACE'!$D$2=\"No\",(Table_Provincial_GTAC35378[[#This Row],[Adj.AnnualRental]])*(1+Table_Provincial_GTAC35378[[#This Row],[TnTEscalation]])^3,(((MATRIX2!W51*Table_Provincial_GTAC35378[[#This Row],[Adj.AnnualRental]])*(1+Table_Provincial_GTAC35378[[#This Row],[TnTEscalation]])^3)+(MATRIX2!O51*IF(IF('MAIN-INTERFACE'!$D$2=\"No\",Table_Provincial_GTAC35378[[#This Row],[Adj.AnnualRental]],(Table_Provincial_GTAC35378[[#This Row],[RtmAnnualRental]])*(1+(IF('MAIN-INTERFACE'!$D$2=\"No\",0,'MAIN-INTERFACE'!$D$4))^(COUNTIF(MATRIX2!M51:O51,0))))*(1+(IF('MAIN-INTERFACE'!$D$2=\"No\",0,'MAIN-INTERFACE'!$D$8)))^3<Table_Provincial_GTAC35378[[#This Row],[Adj.AnnualRental]],(Table_Provincial_GTAC35378[[#This Row],[RtmAnnualRental]])*(1+(IF('MAIN-INTERFACE'!$D$2=\"No\",0,'MAIN-INTERFACE'!$D$4))^(COUNTIF(MATRIX2!M51:O51,0)))*(1+(IF('MAIN-INTERFACE'!$D$2=\"No\",0,'MAIN-INTERFACE'!$D$8)))^MATRIX2!E51,Table_Provincial_GTAC35378[[#This Row],[Adj.AnnualRental]])*(1+(IF('MAIN-INTERFACE'!$D$2=\"No\",Table_Provincial_GTAC35378[[#This Row],[TnTEscalation]],'MAIN-INTERFACE'!$G$2)))^(IF((COUNTIF(MATRIX2!M51:O51,\">0\")-1)<0,0,COUNTIF(MATRIX2!M51:O51,\">0\"))))))","v":-2947.7260800000004},{"$f":"IF('MAIN-INTERFACE'!$D$2=\"No\",(Table_Provincial_GTAC35378[[#This Row],[Adj.AnnualRental]])*(1+Table_Provincial_GTAC35378[[#This Row],[TnTEscalation]])^4,((((MATRIX2!X51*Table_Provincial_GTAC35378[[#This Row],[Adj.AnnualRental]])*(1+Table_Provincial_GTAC35378[[#This Row],[TnTEscalation]])^4)+(MATRIX2!P51*IF(IF('MAIN-INTERFACE'!$D$2=\"No\",Table_Provincial_GTAC35378[[#This Row],[Adj.AnnualRental]],(Table_Provincial_GTAC35378[[#This Row],[RtmAnnualRental]])*(1+(IF('MAIN-INTERFACE'!$D$2=\"No\",0,'MAIN-INTERFACE'!$D$4))^(COUNTIF(MATRIX2!M51:P51,0))))*(1+(IF('MAIN-INTERFACE'!$D$2=\"No\",0,'MAIN-INTERFACE'!$D$8)))^4<Table_Provincial_GTAC35378[[#This Row],[Adj.AnnualRental]],(Table_Provincial_GTAC35378[[#This Row],[RtmAnnualRental]])*(1+(IF('MAIN-INTERFACE'!$D$2=\"No\",0,'MAIN-INTERFACE'!$D$4))^(COUNTIF(MATRIX2!M51:P51,0)))*(1+(IF('MAIN-INTERFACE'!$D$2=\"No\",0,'MAIN-INTERFACE'!$D$8)))^MATRIX2!F51,Table_Provincial_GTAC35378[[#This Row],[Adj.AnnualRental]])*(1+(IF('MAIN-INTERFACE'!$D$2=\"No\",Table_Provincial_GTAC35378[[#This Row],[TnTEscalation]],'MAIN-INTERFACE'!$G$2)))^(IF((COUNTIF(MATRIX2!M51:P51,\">0\")-1)<0,0,COUNTIF(MATRIX2!M51:P51,\">0\")))))))","v":-3183.5441664000009},{"$f":"IF('MAIN-INTERFACE'!$D$2=\"No\",(Table_Provincial_GTAC35378[[#This Row],[Adj.AnnualRental]])*(1+Table_Provincial_GTAC35378[[#This Row],[TnTEscalation]])^5,(((MATRIX2!Y51*Table_Provincial_GTAC35378[[#This Row],[Adj.AnnualRental]])*(1+Table_Provincial_GTAC35378[[#This Row],[TnTEscalation]])^5)+(MATRIX2!Q51*IF(IF('MAIN-INTERFACE'!$D$2=\"No\",Table_Provincial_GTAC35378[[#This Row],[Adj.AnnualRental]],(Table_Provincial_GTAC35378[[#This Row],[RtmAnnualRental]])*(1+(IF('MAIN-INTERFACE'!$D$2=\"No\",0,'MAIN-INTERFACE'!$D$4))^(COUNTIF(MATRIX2!M51:Q51,0))))*(1+(IF('MAIN-INTERFACE'!$D$2=\"No\",0,'MAIN-INTERFACE'!$D$8)))^5<Table_Provincial_GTAC35378[[#This Row],[Adj.AnnualRental]],(Table_Provincial_GTAC35378[[#This Row],[RtmAnnualRental]])*(1+(IF('MAIN-INTERFACE'!$D$2=\"No\",0,'MAIN-INTERFACE'!$D$4))^(COUNTIF(MATRIX2!M51:Q51,0)))*(1+(IF('MAIN-INTERFACE'!$D$2=\"No\",0,'MAIN-INTERFACE'!$D$8)))^MATRIX2!G51,Table_Provincial_GTAC35378[[#This Row],[Adj.AnnualRental]])*(1+(IF('MAIN-INTERFACE'!$D$2=\"No\",Table_Provincial_GTAC35378[[#This Row],[TnTEscalation]],'MAIN-INTERFACE'!$G$2)))^(IF((COUNTIF(MATRIX2!M51:Q51,\">0\")-1)<0,0,COUNTIF(MATRIX2!M51:Q51,\">0\"))))))","v":-3438.2276997120007},{"$f":"IF('MAIN-INTERFACE'!$D$2=\"No\",(Table_Provincial_GTAC35378[[#This Row],[Adj.AnnualRental]])*(1+Table_Provincial_GTAC35378[[#This Row],[TnTEscalation]])^6,(((MATRIX2!Z51*Table_Provincial_GTAC35378[[#This Row],[Adj.AnnualRental]])*(1+Table_Provincial_GTAC35378[[#This Row],[TnTEscalation]])^6)+(MATRIX2!R51*IF(IF('MAIN-INTERFACE'!$D$2=\"No\",Table_Provincial_GTAC35378[[#This Row],[Adj.AnnualRental]],(Table_Provincial_GTAC35378[[#This Row],[RtmAnnualRental]])*(1+(IF('MAIN-INTERFACE'!$D$2=\"No\",0,'MAIN-INTERFACE'!$D$4))^(COUNTIF(MATRIX2!M51:R51,0))))*(1+(IF('MAIN-INTERFACE'!$D$2=\"No\",0,'MAIN-INTERFACE'!$D$8)))^6<Table_Provincial_GTAC35378[[#This Row],[Adj.AnnualRental]],(Table_Provincial_GTAC35378[[#This Row],[RtmAnnualRental]])*(1+(IF('MAIN-INTERFACE'!$D$2=\"No\",0,'MAIN-INTERFACE'!$D$4))^(COUNTIF(MATRIX2!M51:R51,0)))*(1+(IF('MAIN-INTERFACE'!$D$2=\"No\",0,'MAIN-INTERFACE'!$D$8)))^MATRIX2!H51,Table_Provincial_GTAC35378[[#This Row],[Adj.AnnualRental]])*(1+(IF('MAIN-INTERFACE'!$D$2=\"No\",Table_Provincial_GTAC35378[[#This Row],[TnTEscalation]],'MAIN-INTERFACE'!$G$2)))^(IF((COUNTIF(MATRIX2!M51:R51,\">0\")-1)<0,0,COUNTIF(MATRIX2!M51:R51,\">0\"))))))","v":-2513.8591973757684},{"$f":"IF('MAIN-INTERFACE'!$D$2=\"No\",(Table_Provincial_GTAC35378[[#This Row],[Adj.AnnualRental]])*(1+Table_Provincial_GTAC35378[[#This Row],[TnTEscalation]])^7,(((MATRIX2!AA51*Table_Provincial_GTAC35378[[#This Row],[Adj.AnnualRental]])*(1+Table_Provincial_GTAC35378[[#This Row],[TnTEscalation]])^7)+(MATRIX2!S51*IF(IF('MAIN-INTERFACE'!$D$2=\"No\",Table_Provincial_GTAC35378[[#This Row],[Adj.AnnualRental]],(Table_Provincial_GTAC35378[[#This Row],[RtmAnnualRental]])*(1+(IF('MAIN-INTERFACE'!$D$2=\"No\",0,'MAIN-INTERFACE'!$D$4))^(COUNTIF(MATRIX2!M51:S51,0))))*(1+(IF('MAIN-INTERFACE'!$D$2=\"No\",0,'MAIN-INTERFACE'!$D$8)))^7<Table_Provincial_GTAC35378[[#This Row],[Adj.AnnualRental]],(Table_Provincial_GTAC35378[[#This Row],[RtmAnnualRental]])*(1+(IF('MAIN-INTERFACE'!$D$2=\"No\",0,'MAIN-INTERFACE'!$D$4))^(COUNTIF(MATRIX2!M51:S51,0)))*(1+(IF('MAIN-INTERFACE'!$D$2=\"No\",0,'MAIN-INTERFACE'!$D$8)))^MATRIX2!I51,Table_Provincial_GTAC35378[[#This Row],[Adj.AnnualRental]])*(1+(IF('MAIN-INTERFACE'!$D$2=\"No\",Table_Provincial_GTAC35378[[#This Row],[TnTEscalation]],'MAIN-INTERFACE'!$G$2)))^(IF((COUNTIF(MATRIX2!M51:S51,\">0\")-1)<0,0,COUNTIF(MATRIX2!M51:S51,\">0\"))))))","v":-2704.1624999999999},{"$f":"SUM(Table_Provincial_GTAC35378[[#This Row],[FY 2018/19]:[FY 2023/24]])","v":-17516.895643487769}]
[{"$f":"Table_Provincial_GTAC3536[[#This Row],[SystemID]]","v":58},{"$f":"VLOOKUP($A52,DATA2!$A$2:$S$607,2,FALSE)","v":"KZN"},{"$f":"VLOOKUP($A52,DATA2!$A$2:$S$607,3,FALSE)","v":"KwaZulu-Natal"},{"$f":"VLOOKUP($A52,DATA2!$A$2:$S$607,4,FALSE)","v":102.79393684210527},{"$f":"VLOOKUP($A52,DATA2!$A$2:$S$607,5,FALSE)","v":110},{"$f":"VLOOKUP($A52,DATA2!$A$2:$S$607,6,FALSE)","v":"CBD"},{"$f":"VLOOKUP($A52,DATA2!$A$2:$S$607,7,FALSE)","v":475},{"$f":"VLOOKUP($A52,DATA2!$A$2:$S$607,8,FALSE)","v":true},{"$f":"VLOOKUP($A52,DATA2!$A$2:$S$607,9,FALSE)","v":0.08},{"$f":"VLOOKUP($A52,DATA2!$A$2:$S$607,10,FALSE)","v":48827.12},{"$f":"VLOOKUP($A52,DATA2!$A$2:$S$607,11,FALSE)","v":585925.43999999994},{"$f":"Table_Provincial_GTAC35378[[#This Row],[Benchmark]]*Table_Provincial_GTAC35378[[#This Row],[ExtentM2]]*12","v":627000},{"$f":"VLOOKUP($A52,DATA2!$A$2:$S$607,12,FALSE)","v":"2013-09-01"},{"$f":"VLOOKUP($A52,DATA2!$A$2:$S$607,13,FALSE)","v":"2018-08-31"},{"$f":"VLOOKUP($A52,DATA2!$A$2:$S$607,14,FALSE)","v":"No"},{"$f":"IF(MATRIX2!D52=1,($Y$8-$X$2)/365*Table_Provincial_GTAC35378[[#This Row],[Adj.AnnualRental]]*MATRIX2!D52,($Y$8-$X$2)/365*Table_Provincial_GTAC35378[[#This Row],[Adj.AnnualRental]])","v":-2120568.5102465749},{"$f":"IF('MAIN-INTERFACE'!$D$2=\"No\",(Table_Provincial_GTAC35378[[#This Row],[Adj.AnnualRental]])*(1+Table_Provincial_GTAC35378[[#This Row],[TnTEscalation]])^2,\n    (((MATRIX2!V52*Table_Provincial_GTAC35378[[#This Row],[Adj.AnnualRental]])*(1+Table_Provincial_GTAC35378[[#This Row],[TnTEscalation]])^2)+\n       (MATRIX2!N52* IF(IF('MAIN-INTERFACE'!$D$2=\"No\",Table_Provincial_GTAC35378[[#This Row],[Adj.AnnualRental]],(Table_Provincial_GTAC35378[[#This Row],[RtmAnnualRental]])*(1+\n                                 (IF('MAIN-INTERFACE'!$D$2=\"No\",0,'MAIN-INTERFACE'!$D$4))^(COUNTIF(MATRIX2!M52:N52,0))))*(1+\n                                 (IF('MAIN-INTERFACE'!$D$2=\"No\",0,'MAIN-INTERFACE'!$D$8)))^2<Table_Provincial_GTAC35378[[#This Row],[Adj.AnnualRental]],(Table_Provincial_GTAC35378[[#This Row],[RtmAnnualRental]])*(1+\n\n                                 (IF('MAIN-INTERFACE'!$D$2=\"No\",0,'MAIN-INTERFACE'!$D$4))^(COUNTIF(MATRIX2!M52:N52,0)))*(1+\n                                 (IF('MAIN-INTERFACE'!$D$2=\"No\",0,'MAIN-INTERFACE'!$D$8)))^MATRIX2!D52,Table_Provincial_GTAC35378[[#This Row],[Adj.AnnualRental]])*(1+\n\n                                (IF('MAIN-INTERFACE'!$D$2=\"No\",Table_Provincial_GTAC35378[[#This Row],[TnTEscalation]],'MAIN-INTERFACE'!$G$2)))^\n                                 (IF((COUNTIF(MATRIX2!M52:N52,\">0\")-1)<0,0,COUNTIF(MATRIX2!M52:N52,\">0\"))))))","v":678948.40760206024},{"$f":"IF('MAIN-INTERFACE'!$D$2=\"No\",(Table_Provincial_GTAC35378[[#This Row],[Adj.AnnualRental]])*(1+Table_Provincial_GTAC35378[[#This Row],[TnTEscalation]])^3,(((MATRIX2!W52*Table_Provincial_GTAC35378[[#This Row],[Adj.AnnualRental]])*(1+Table_Provincial_GTAC35378[[#This Row],[TnTEscalation]])^3)+(MATRIX2!O52*IF(IF('MAIN-INTERFACE'!$D$2=\"No\",Table_Provincial_GTAC35378[[#This Row],[Adj.AnnualRental]],(Table_Provincial_GTAC35378[[#This Row],[RtmAnnualRental]])*(1+(IF('MAIN-INTERFACE'!$D$2=\"No\",0,'MAIN-INTERFACE'!$D$4))^(COUNTIF(MATRIX2!M52:O52,0))))*(1+(IF('MAIN-INTERFACE'!$D$2=\"No\",0,'MAIN-INTERFACE'!$D$8)))^3<Table_Provincial_GTAC35378[[#This Row],[Adj.AnnualRental]],(Table_Provincial_GTAC35378[[#This Row],[RtmAnnualRental]])*(1+(IF('MAIN-INTERFACE'!$D$2=\"No\",0,'MAIN-INTERFACE'!$D$4))^(COUNTIF(MATRIX2!M52:O52,0)))*(1+(IF('MAIN-INTERFACE'!$D$2=\"No\",0,'MAIN-INTERFACE'!$D$8)))^MATRIX2!E52,Table_Provincial_GTAC35378[[#This Row],[Adj.AnnualRental]])*(1+(IF('MAIN-INTERFACE'!$D$2=\"No\",Table_Provincial_GTAC35378[[#This Row],[TnTEscalation]],'MAIN-INTERFACE'!$G$2)))^(IF((COUNTIF(MATRIX2!M52:O52,\">0\")-1)<0,0,COUNTIF(MATRIX2!M52:O52,\">0\"))))))","v":677110.08659999992},{"$f":"IF('MAIN-INTERFACE'!$D$2=\"No\",(Table_Provincial_GTAC35378[[#This Row],[Adj.AnnualRental]])*(1+Table_Provincial_GTAC35378[[#This Row],[TnTEscalation]])^4,((((MATRIX2!X52*Table_Provincial_GTAC35378[[#This Row],[Adj.AnnualRental]])*(1+Table_Provincial_GTAC35378[[#This Row],[TnTEscalation]])^4)+(MATRIX2!P52*IF(IF('MAIN-INTERFACE'!$D$2=\"No\",Table_Provincial_GTAC35378[[#This Row],[Adj.AnnualRental]],(Table_Provincial_GTAC35378[[#This Row],[RtmAnnualRental]])*(1+(IF('MAIN-INTERFACE'!$D$2=\"No\",0,'MAIN-INTERFACE'!$D$4))^(COUNTIF(MATRIX2!M52:P52,0))))*(1+(IF('MAIN-INTERFACE'!$D$2=\"No\",0,'MAIN-INTERFACE'!$D$8)))^4<Table_Provincial_GTAC35378[[#This Row],[Adj.AnnualRental]],(Table_Provincial_GTAC35378[[#This Row],[RtmAnnualRental]])*(1+(IF('MAIN-INTERFACE'!$D$2=\"No\",0,'MAIN-INTERFACE'!$D$4))^(COUNTIF(MATRIX2!M52:P52,0)))*(1+(IF('MAIN-INTERFACE'!$D$2=\"No\",0,'MAIN-INTERFACE'!$D$8)))^MATRIX2!F52,Table_Provincial_GTAC35378[[#This Row],[Adj.AnnualRental]])*(1+(IF('MAIN-INTERFACE'!$D$2=\"No\",Table_Provincial_GTAC35378[[#This Row],[TnTEscalation]],'MAIN-INTERFACE'!$G$2)))^(IF((COUNTIF(MATRIX2!M52:P52,\">0\")-1)<0,0,COUNTIF(MATRIX2!M52:P52,\">0\")))))))","v":727893.3430949999},{"$f":"IF('MAIN-INTERFACE'!$D$2=\"No\",(Table_Provincial_GTAC35378[[#This Row],[Adj.AnnualRental]])*(1+Table_Provincial_GTAC35378[[#This Row],[TnTEscalation]])^5,(((MATRIX2!Y52*Table_Provincial_GTAC35378[[#This Row],[Adj.AnnualRental]])*(1+Table_Provincial_GTAC35378[[#This Row],[TnTEscalation]])^5)+(MATRIX2!Q52*IF(IF('MAIN-INTERFACE'!$D$2=\"No\",Table_Provincial_GTAC35378[[#This Row],[Adj.AnnualRental]],(Table_Provincial_GTAC35378[[#This Row],[RtmAnnualRental]])*(1+(IF('MAIN-INTERFACE'!$D$2=\"No\",0,'MAIN-INTERFACE'!$D$4))^(COUNTIF(MATRIX2!M52:Q52,0))))*(1+(IF('MAIN-INTERFACE'!$D$2=\"No\",0,'MAIN-INTERFACE'!$D$8)))^5<Table_Provincial_GTAC35378[[#This Row],[Adj.AnnualRental]],(Table_Provincial_GTAC35378[[#This Row],[RtmAnnualRental]])*(1+(IF('MAIN-INTERFACE'!$D$2=\"No\",0,'MAIN-INTERFACE'!$D$4))^(COUNTIF(MATRIX2!M52:Q52,0)))*(1+(IF('MAIN-INTERFACE'!$D$2=\"No\",0,'MAIN-INTERFACE'!$D$8)))^MATRIX2!G52,Table_Provincial_GTAC35378[[#This Row],[Adj.AnnualRental]])*(1+(IF('MAIN-INTERFACE'!$D$2=\"No\",Table_Provincial_GTAC35378[[#This Row],[TnTEscalation]],'MAIN-INTERFACE'!$G$2)))^(IF((COUNTIF(MATRIX2!M52:Q52,\">0\")-1)<0,0,COUNTIF(MATRIX2!M52:Q52,\">0\"))))))","v":782485.3438271248},{"$f":"IF('MAIN-INTERFACE'!$D$2=\"No\",(Table_Provincial_GTAC35378[[#This Row],[Adj.AnnualRental]])*(1+Table_Provincial_GTAC35378[[#This Row],[TnTEscalation]])^6,(((MATRIX2!Z52*Table_Provincial_GTAC35378[[#This Row],[Adj.AnnualRental]])*(1+Table_Provincial_GTAC35378[[#This Row],[TnTEscalation]])^6)+(MATRIX2!R52*IF(IF('MAIN-INTERFACE'!$D$2=\"No\",Table_Provincial_GTAC35378[[#This Row],[Adj.AnnualRental]],(Table_Provincial_GTAC35378[[#This Row],[RtmAnnualRental]])*(1+(IF('MAIN-INTERFACE'!$D$2=\"No\",0,'MAIN-INTERFACE'!$D$4))^(COUNTIF(MATRIX2!M52:R52,0))))*(1+(IF('MAIN-INTERFACE'!$D$2=\"No\",0,'MAIN-INTERFACE'!$D$8)))^6<Table_Provincial_GTAC35378[[#This Row],[Adj.AnnualRental]],(Table_Provincial_GTAC35378[[#This Row],[RtmAnnualRental]])*(1+(IF('MAIN-INTERFACE'!$D$2=\"No\",0,'MAIN-INTERFACE'!$D$4))^(COUNTIF(MATRIX2!M52:R52,0)))*(1+(IF('MAIN-INTERFACE'!$D$2=\"No\",0,'MAIN-INTERFACE'!$D$8)))^MATRIX2!H52,Table_Provincial_GTAC35378[[#This Row],[Adj.AnnualRental]])*(1+(IF('MAIN-INTERFACE'!$D$2=\"No\",Table_Provincial_GTAC35378[[#This Row],[TnTEscalation]],'MAIN-INTERFACE'!$G$2)))^(IF((COUNTIF(MATRIX2!M52:R52,\">0\")-1)<0,0,COUNTIF(MATRIX2!M52:R52,\">0\"))))))","v":841171.74461415922},{"$f":"IF('MAIN-INTERFACE'!$D$2=\"No\",(Table_Provincial_GTAC35378[[#This Row],[Adj.AnnualRental]])*(1+Table_Provincial_GTAC35378[[#This Row],[TnTEscalation]])^7,(((MATRIX2!AA52*Table_Provincial_GTAC35378[[#This Row],[Adj.AnnualRental]])*(1+Table_Provincial_GTAC35378[[#This Row],[TnTEscalation]])^7)+(MATRIX2!S52*IF(IF('MAIN-INTERFACE'!$D$2=\"No\",Table_Provincial_GTAC35378[[#This Row],[Adj.AnnualRental]],(Table_Provincial_GTAC35378[[#This Row],[RtmAnnualRental]])*(1+(IF('MAIN-INTERFACE'!$D$2=\"No\",0,'MAIN-INTERFACE'!$D$4))^(COUNTIF(MATRIX2!M52:S52,0))))*(1+(IF('MAIN-INTERFACE'!$D$2=\"No\",0,'MAIN-INTERFACE'!$D$8)))^7<Table_Provincial_GTAC35378[[#This Row],[Adj.AnnualRental]],(Table_Provincial_GTAC35378[[#This Row],[RtmAnnualRental]])*(1+(IF('MAIN-INTERFACE'!$D$2=\"No\",0,'MAIN-INTERFACE'!$D$4))^(COUNTIF(MATRIX2!M52:S52,0)))*(1+(IF('MAIN-INTERFACE'!$D$2=\"No\",0,'MAIN-INTERFACE'!$D$8)))^MATRIX2!I52,Table_Provincial_GTAC35378[[#This Row],[Adj.AnnualRental]])*(1+(IF('MAIN-INTERFACE'!$D$2=\"No\",Table_Provincial_GTAC35378[[#This Row],[TnTEscalation]],'MAIN-INTERFACE'!$G$2)))^(IF((COUNTIF(MATRIX2!M52:S52,\">0\")-1)<0,0,COUNTIF(MATRIX2!M52:S52,\">0\"))))))","v":904259.62546022108},{"$f":"SUM(Table_Provincial_GTAC35378[[#This Row],[FY 2018/19]:[FY 2023/24]])","v":4611868.5511985654}]
[{"$f":"Table_Provincial_GTAC3536[[#This Row],[SystemID]]","v":59},{"$f":"VLOOKUP($A53,DATA2!$A$2:$S$607,2,FALSE)","v":"KZN"},{"$f":"VLOOKUP($A53,DATA2!$A$2:$S$607,3,FALSE)","v":"KwaZulu-Natal"},{"$f":"VLOOKUP($A53,DATA2!$A$2:$S$607,4,FALSE)","v":124.26},{"$f":"VLOOKUP($A53,DATA2!$A$2:$S$607,5,FALSE)","v":77.5},{"$f":"VLOOKUP($A53,DATA2!$A$2:$S$607,6,FALSE)","v":"VTSD"},{"$f":"VLOOKUP($A53,DATA2!$A$2:$S$607,7,FALSE)","v":395},{"$f":"VLOOKUP($A53,DATA2!$A$2:$S$607,8,FALSE)","v":true},{"$f":"VLOOKUP($A53,DATA2!$A$2:$S$607,9,FALSE)","v":0.09},{"$f":"VLOOKUP($A53,DATA2!$A$2:$S$607,10,FALSE)","v":49082.7},{"$f":"VLOOKUP($A53,DATA2!$A$2:$S$607,11,FALSE)","v":588992.4},{"$f":"Table_Provincial_GTAC35378[[#This Row],[Benchmark]]*Table_Provincial_GTAC35378[[#This Row],[ExtentM2]]*12","v":367350},{"$f":"VLOOKUP($A53,DATA2!$A$2:$S$607,12,FALSE)","v":"2016-02-01"},{"$f":"VLOOKUP($A53,DATA2!$A$2:$S$607,13,FALSE)","v":"2019-01-31"},{"$f":"VLOOKUP($A53,DATA2!$A$2:$S$607,14,FALSE)","v":"No"},{"$f":"IF(MATRIX2!D53=1,($Y$8-$X$2)/365*Table_Provincial_GTAC35378[[#This Row],[Adj.AnnualRental]]*MATRIX2!D53,($Y$8-$X$2)/365*Table_Provincial_GTAC35378[[#This Row],[Adj.AnnualRental]])","v":-2131668.3846575343},{"$f":"IF('MAIN-INTERFACE'!$D$2=\"No\",(Table_Provincial_GTAC35378[[#This Row],[Adj.AnnualRental]])*(1+Table_Provincial_GTAC35378[[#This Row],[TnTEscalation]])^2,\n    (((MATRIX2!V53*Table_Provincial_GTAC35378[[#This Row],[Adj.AnnualRental]])*(1+Table_Provincial_GTAC35378[[#This Row],[TnTEscalation]])^2)+\n       (MATRIX2!N53* IF(IF('MAIN-INTERFACE'!$D$2=\"No\",Table_Provincial_GTAC35378[[#This Row],[Adj.AnnualRental]],(Table_Provincial_GTAC35378[[#This Row],[RtmAnnualRental]])*(1+\n                                 (IF('MAIN-INTERFACE'!$D$2=\"No\",0,'MAIN-INTERFACE'!$D$4))^(COUNTIF(MATRIX2!M53:N53,0))))*(1+\n                                 (IF('MAIN-INTERFACE'!$D$2=\"No\",0,'MAIN-INTERFACE'!$D$8)))^2<Table_Provincial_GTAC35378[[#This Row],[Adj.AnnualRental]],(Table_Provincial_GTAC35378[[#This Row],[RtmAnnualRental]])*(1+\n\n                                 (IF('MAIN-INTERFACE'!$D$2=\"No\",0,'MAIN-INTERFACE'!$D$4))^(COUNTIF(MATRIX2!M53:N53,0)))*(1+\n                                 (IF('MAIN-INTERFACE'!$D$2=\"No\",0,'MAIN-INTERFACE'!$D$8)))^MATRIX2!D53,Table_Provincial_GTAC35378[[#This Row],[Adj.AnnualRental]])*(1+\n\n                                (IF('MAIN-INTERFACE'!$D$2=\"No\",Table_Provincial_GTAC35378[[#This Row],[TnTEscalation]],'MAIN-INTERFACE'!$G$2)))^\n                                 (IF((COUNTIF(MATRIX2!M53:N53,\">0\")-1)<0,0,COUNTIF(MATRIX2!M53:N53,\">0\"))))))","v":699781.87044000009},{"$f":"IF('MAIN-INTERFACE'!$D$2=\"No\",(Table_Provincial_GTAC35378[[#This Row],[Adj.AnnualRental]])*(1+Table_Provincial_GTAC35378[[#This Row],[TnTEscalation]])^3,(((MATRIX2!W53*Table_Provincial_GTAC35378[[#This Row],[Adj.AnnualRental]])*(1+Table_Provincial_GTAC35378[[#This Row],[TnTEscalation]])^3)+(MATRIX2!O53*IF(IF('MAIN-INTERFACE'!$D$2=\"No\",Table_Provincial_GTAC35378[[#This Row],[Adj.AnnualRental]],(Table_Provincial_GTAC35378[[#This Row],[RtmAnnualRental]])*(1+(IF('MAIN-INTERFACE'!$D$2=\"No\",0,'MAIN-INTERFACE'!$D$4))^(COUNTIF(MATRIX2!M53:O53,0))))*(1+(IF('MAIN-INTERFACE'!$D$2=\"No\",0,'MAIN-INTERFACE'!$D$8)))^3<Table_Provincial_GTAC35378[[#This Row],[Adj.AnnualRental]],(Table_Provincial_GTAC35378[[#This Row],[RtmAnnualRental]])*(1+(IF('MAIN-INTERFACE'!$D$2=\"No\",0,'MAIN-INTERFACE'!$D$4))^(COUNTIF(MATRIX2!M53:O53,0)))*(1+(IF('MAIN-INTERFACE'!$D$2=\"No\",0,'MAIN-INTERFACE'!$D$8)))^MATRIX2!E53,Table_Provincial_GTAC35378[[#This Row],[Adj.AnnualRental]])*(1+(IF('MAIN-INTERFACE'!$D$2=\"No\",Table_Provincial_GTAC35378[[#This Row],[TnTEscalation]],'MAIN-INTERFACE'!$G$2)))^(IF((COUNTIF(MATRIX2!M53:O53,\">0\")-1)<0,0,COUNTIF(MATRIX2!M53:O53,\">0\"))))))","v":517775.12305129156},{"$f":"IF('MAIN-INTERFACE'!$D$2=\"No\",(Table_Provincial_GTAC35378[[#This Row],[Adj.AnnualRental]])*(1+Table_Provincial_GTAC35378[[#This Row],[TnTEscalation]])^4,((((MATRIX2!X53*Table_Provincial_GTAC35378[[#This Row],[Adj.AnnualRental]])*(1+Table_Provincial_GTAC35378[[#This Row],[TnTEscalation]])^4)+(MATRIX2!P53*IF(IF('MAIN-INTERFACE'!$D$2=\"No\",Table_Provincial_GTAC35378[[#This Row],[Adj.AnnualRental]],(Table_Provincial_GTAC35378[[#This Row],[RtmAnnualRental]])*(1+(IF('MAIN-INTERFACE'!$D$2=\"No\",0,'MAIN-INTERFACE'!$D$4))^(COUNTIF(MATRIX2!M53:P53,0))))*(1+(IF('MAIN-INTERFACE'!$D$2=\"No\",0,'MAIN-INTERFACE'!$D$8)))^4<Table_Provincial_GTAC35378[[#This Row],[Adj.AnnualRental]],(Table_Provincial_GTAC35378[[#This Row],[RtmAnnualRental]])*(1+(IF('MAIN-INTERFACE'!$D$2=\"No\",0,'MAIN-INTERFACE'!$D$4))^(COUNTIF(MATRIX2!M53:P53,0)))*(1+(IF('MAIN-INTERFACE'!$D$2=\"No\",0,'MAIN-INTERFACE'!$D$8)))^MATRIX2!F53,Table_Provincial_GTAC35378[[#This Row],[Adj.AnnualRental]])*(1+(IF('MAIN-INTERFACE'!$D$2=\"No\",Table_Provincial_GTAC35378[[#This Row],[TnTEscalation]],'MAIN-INTERFACE'!$G$2)))^(IF((COUNTIF(MATRIX2!M53:P53,\">0\")-1)<0,0,COUNTIF(MATRIX2!M53:P53,\">0\")))))))","v":425198.07389999996},{"$f":"IF('MAIN-INTERFACE'!$D$2=\"No\",(Table_Provincial_GTAC35378[[#This Row],[Adj.AnnualRental]])*(1+Table_Provincial_GTAC35378[[#This Row],[TnTEscalation]])^5,(((MATRIX2!Y53*Table_Provincial_GTAC35378[[#This Row],[Adj.AnnualRental]])*(1+Table_Provincial_GTAC35378[[#This Row],[TnTEscalation]])^5)+(MATRIX2!Q53*IF(IF('MAIN-INTERFACE'!$D$2=\"No\",Table_Provincial_GTAC35378[[#This Row],[Adj.AnnualRental]],(Table_Provincial_GTAC35378[[#This Row],[RtmAnnualRental]])*(1+(IF('MAIN-INTERFACE'!$D$2=\"No\",0,'MAIN-INTERFACE'!$D$4))^(COUNTIF(MATRIX2!M53:Q53,0))))*(1+(IF('MAIN-INTERFACE'!$D$2=\"No\",0,'MAIN-INTERFACE'!$D$8)))^5<Table_Provincial_GTAC35378[[#This Row],[Adj.AnnualRental]],(Table_Provincial_GTAC35378[[#This Row],[RtmAnnualRental]])*(1+(IF('MAIN-INTERFACE'!$D$2=\"No\",0,'MAIN-INTERFACE'!$D$4))^(COUNTIF(MATRIX2!M53:Q53,0)))*(1+(IF('MAIN-INTERFACE'!$D$2=\"No\",0,'MAIN-INTERFACE'!$D$8)))^MATRIX2!G53,Table_Provincial_GTAC35378[[#This Row],[Adj.AnnualRental]])*(1+(IF('MAIN-INTERFACE'!$D$2=\"No\",Table_Provincial_GTAC35378[[#This Row],[TnTEscalation]],'MAIN-INTERFACE'!$G$2)))^(IF((COUNTIF(MATRIX2!M53:Q53,\">0\")-1)<0,0,COUNTIF(MATRIX2!M53:Q53,\">0\"))))))","v":457087.92944249994},{"$f":"IF('MAIN-INTERFACE'!$D$2=\"No\",(Table_Provincial_GTAC35378[[#This Row],[Adj.AnnualRental]])*(1+Table_Provincial_GTAC35378[[#This Row],[TnTEscalation]])^6,(((MATRIX2!Z53*Table_Provincial_GTAC35378[[#This Row],[Adj.AnnualRental]])*(1+Table_Provincial_GTAC35378[[#This Row],[TnTEscalation]])^6)+(MATRIX2!R53*IF(IF('MAIN-INTERFACE'!$D$2=\"No\",Table_Provincial_GTAC35378[[#This Row],[Adj.AnnualRental]],(Table_Provincial_GTAC35378[[#This Row],[RtmAnnualRental]])*(1+(IF('MAIN-INTERFACE'!$D$2=\"No\",0,'MAIN-INTERFACE'!$D$4))^(COUNTIF(MATRIX2!M53:R53,0))))*(1+(IF('MAIN-INTERFACE'!$D$2=\"No\",0,'MAIN-INTERFACE'!$D$8)))^6<Table_Provincial_GTAC35378[[#This Row],[Adj.AnnualRental]],(Table_Provincial_GTAC35378[[#This Row],[RtmAnnualRental]])*(1+(IF('MAIN-INTERFACE'!$D$2=\"No\",0,'MAIN-INTERFACE'!$D$4))^(COUNTIF(MATRIX2!M53:R53,0)))*(1+(IF('MAIN-INTERFACE'!$D$2=\"No\",0,'MAIN-INTERFACE'!$D$8)))^MATRIX2!H53,Table_Provincial_GTAC35378[[#This Row],[Adj.AnnualRental]])*(1+(IF('MAIN-INTERFACE'!$D$2=\"No\",Table_Provincial_GTAC35378[[#This Row],[TnTEscalation]],'MAIN-INTERFACE'!$G$2)))^(IF((COUNTIF(MATRIX2!M53:R53,\">0\")-1)<0,0,COUNTIF(MATRIX2!M53:R53,\">0\"))))))","v":491369.52415068744},{"$f":"IF('MAIN-INTERFACE'!$D$2=\"No\",(Table_Provincial_GTAC35378[[#This Row],[Adj.AnnualRental]])*(1+Table_Provincial_GTAC35378[[#This Row],[TnTEscalation]])^7,(((MATRIX2!AA53*Table_Provincial_GTAC35378[[#This Row],[Adj.AnnualRental]])*(1+Table_Provincial_GTAC35378[[#This Row],[TnTEscalation]])^7)+(MATRIX2!S53*IF(IF('MAIN-INTERFACE'!$D$2=\"No\",Table_Provincial_GTAC35378[[#This Row],[Adj.AnnualRental]],(Table_Provincial_GTAC35378[[#This Row],[RtmAnnualRental]])*(1+(IF('MAIN-INTERFACE'!$D$2=\"No\",0,'MAIN-INTERFACE'!$D$4))^(COUNTIF(MATRIX2!M53:S53,0))))*(1+(IF('MAIN-INTERFACE'!$D$2=\"No\",0,'MAIN-INTERFACE'!$D$8)))^7<Table_Provincial_GTAC35378[[#This Row],[Adj.AnnualRental]],(Table_Provincial_GTAC35378[[#This Row],[RtmAnnualRental]])*(1+(IF('MAIN-INTERFACE'!$D$2=\"No\",0,'MAIN-INTERFACE'!$D$4))^(COUNTIF(MATRIX2!M53:S53,0)))*(1+(IF('MAIN-INTERFACE'!$D$2=\"No\",0,'MAIN-INTERFACE'!$D$8)))^MATRIX2!I53,Table_Provincial_GTAC35378[[#This Row],[Adj.AnnualRental]])*(1+(IF('MAIN-INTERFACE'!$D$2=\"No\",Table_Provincial_GTAC35378[[#This Row],[TnTEscalation]],'MAIN-INTERFACE'!$G$2)))^(IF((COUNTIF(MATRIX2!M53:S53,\">0\")-1)<0,0,COUNTIF(MATRIX2!M53:S53,\">0\"))))))","v":528222.23846198898},{"$f":"SUM(Table_Provincial_GTAC35378[[#This Row],[FY 2018/19]:[FY 2023/24]])","v":3119434.7594464677}]
[{"$f":"Table_Provincial_GTAC3536[[#This Row],[SystemID]]","v":60},{"$f":"VLOOKUP($A54,DATA2!$A$2:$S$607,2,FALSE)","v":"KZN"},{"$f":"VLOOKUP($A54,DATA2!$A$2:$S$607,3,FALSE)","v":"KwaZulu-Natal"},{"$f":"VLOOKUP($A54,DATA2!$A$2:$S$607,4,FALSE)","v":109.90033826638478},{"$f":"VLOOKUP($A54,DATA2!$A$2:$S$607,5,FALSE)","v":110},{"$f":"VLOOKUP($A54,DATA2!$A$2:$S$607,6,FALSE)","v":"MAIN CENTRE"},{"$f":"VLOOKUP($A54,DATA2!$A$2:$S$607,7,FALSE)","v":473},{"$f":"VLOOKUP($A54,DATA2!$A$2:$S$607,8,FALSE)","v":true},{"$f":"VLOOKUP($A54,DATA2!$A$2:$S$607,9,FALSE)","v":0.05},{"$f":"VLOOKUP($A54,DATA2!$A$2:$S$607,10,FALSE)","v":51982.86},{"$f":"VLOOKUP($A54,DATA2!$A$2:$S$607,11,FALSE)","v":623794.31999999995},{"$f":"Table_Provincial_GTAC35378[[#This Row],[Benchmark]]*Table_Provincial_GTAC35378[[#This Row],[ExtentM2]]*12","v":624360},{"$f":"VLOOKUP($A54,DATA2!$A$2:$S$607,12,FALSE)","v":"2014-08-01"},{"$f":"VLOOKUP($A54,DATA2!$A$2:$S$607,13,FALSE)","v":"2019-07-31"},{"$f":"VLOOKUP($A54,DATA2!$A$2:$S$607,14,FALSE)","v":"No"},{"$f":"IF(MATRIX2!D54=1,($Y$8-$X$2)/365*Table_Provincial_GTAC35378[[#This Row],[Adj.AnnualRental]]*MATRIX2!D54,($Y$8-$X$2)/365*Table_Provincial_GTAC35378[[#This Row],[Adj.AnnualRental]])","v":-2257622.7307397258},{"$f":"IF('MAIN-INTERFACE'!$D$2=\"No\",(Table_Provincial_GTAC35378[[#This Row],[Adj.AnnualRental]])*(1+Table_Provincial_GTAC35378[[#This Row],[TnTEscalation]])^2,\n    (((MATRIX2!V54*Table_Provincial_GTAC35378[[#This Row],[Adj.AnnualRental]])*(1+Table_Provincial_GTAC35378[[#This Row],[TnTEscalation]])^2)+\n       (MATRIX2!N54* IF(IF('MAIN-INTERFACE'!$D$2=\"No\",Table_Provincial_GTAC35378[[#This Row],[Adj.AnnualRental]],(Table_Provincial_GTAC35378[[#This Row],[RtmAnnualRental]])*(1+\n                                 (IF('MAIN-INTERFACE'!$D$2=\"No\",0,'MAIN-INTERFACE'!$D$4))^(COUNTIF(MATRIX2!M54:N54,0))))*(1+\n                                 (IF('MAIN-INTERFACE'!$D$2=\"No\",0,'MAIN-INTERFACE'!$D$8)))^2<Table_Provincial_GTAC35378[[#This Row],[Adj.AnnualRental]],(Table_Provincial_GTAC35378[[#This Row],[RtmAnnualRental]])*(1+\n\n                                 (IF('MAIN-INTERFACE'!$D$2=\"No\",0,'MAIN-INTERFACE'!$D$4))^(COUNTIF(MATRIX2!M54:N54,0)))*(1+\n                                 (IF('MAIN-INTERFACE'!$D$2=\"No\",0,'MAIN-INTERFACE'!$D$8)))^MATRIX2!D54,Table_Provincial_GTAC35378[[#This Row],[Adj.AnnualRental]])*(1+\n\n                                (IF('MAIN-INTERFACE'!$D$2=\"No\",Table_Provincial_GTAC35378[[#This Row],[TnTEscalation]],'MAIN-INTERFACE'!$G$2)))^\n                                 (IF((COUNTIF(MATRIX2!M54:N54,\">0\")-1)<0,0,COUNTIF(MATRIX2!M54:N54,\">0\"))))))","v":687733.2378},{"$f":"IF('MAIN-INTERFACE'!$D$2=\"No\",(Table_Provincial_GTAC35378[[#This Row],[Adj.AnnualRental]])*(1+Table_Provincial_GTAC35378[[#This Row],[TnTEscalation]])^3,(((MATRIX2!W54*Table_Provincial_GTAC35378[[#This Row],[Adj.AnnualRental]])*(1+Table_Provincial_GTAC35378[[#This Row],[TnTEscalation]])^3)+(MATRIX2!O54*IF(IF('MAIN-INTERFACE'!$D$2=\"No\",Table_Provincial_GTAC35378[[#This Row],[Adj.AnnualRental]],(Table_Provincial_GTAC35378[[#This Row],[RtmAnnualRental]])*(1+(IF('MAIN-INTERFACE'!$D$2=\"No\",0,'MAIN-INTERFACE'!$D$4))^(COUNTIF(MATRIX2!M54:O54,0))))*(1+(IF('MAIN-INTERFACE'!$D$2=\"No\",0,'MAIN-INTERFACE'!$D$8)))^3<Table_Provincial_GTAC35378[[#This Row],[Adj.AnnualRental]],(Table_Provincial_GTAC35378[[#This Row],[RtmAnnualRental]])*(1+(IF('MAIN-INTERFACE'!$D$2=\"No\",0,'MAIN-INTERFACE'!$D$4))^(COUNTIF(MATRIX2!M54:O54,0)))*(1+(IF('MAIN-INTERFACE'!$D$2=\"No\",0,'MAIN-INTERFACE'!$D$8)))^MATRIX2!E54,Table_Provincial_GTAC35378[[#This Row],[Adj.AnnualRental]])*(1+(IF('MAIN-INTERFACE'!$D$2=\"No\",Table_Provincial_GTAC35378[[#This Row],[TnTEscalation]],'MAIN-INTERFACE'!$G$2)))^(IF((COUNTIF(MATRIX2!M54:O54,\">0\")-1)<0,0,COUNTIF(MATRIX2!M54:O54,\">0\"))))))","v":713294.38501705474},{"$f":"IF('MAIN-INTERFACE'!$D$2=\"No\",(Table_Provincial_GTAC35378[[#This Row],[Adj.AnnualRental]])*(1+Table_Provincial_GTAC35378[[#This Row],[TnTEscalation]])^4,((((MATRIX2!X54*Table_Provincial_GTAC35378[[#This Row],[Adj.AnnualRental]])*(1+Table_Provincial_GTAC35378[[#This Row],[TnTEscalation]])^4)+(MATRIX2!P54*IF(IF('MAIN-INTERFACE'!$D$2=\"No\",Table_Provincial_GTAC35378[[#This Row],[Adj.AnnualRental]],(Table_Provincial_GTAC35378[[#This Row],[RtmAnnualRental]])*(1+(IF('MAIN-INTERFACE'!$D$2=\"No\",0,'MAIN-INTERFACE'!$D$4))^(COUNTIF(MATRIX2!M54:P54,0))))*(1+(IF('MAIN-INTERFACE'!$D$2=\"No\",0,'MAIN-INTERFACE'!$D$8)))^4<Table_Provincial_GTAC35378[[#This Row],[Adj.AnnualRental]],(Table_Provincial_GTAC35378[[#This Row],[RtmAnnualRental]])*(1+(IF('MAIN-INTERFACE'!$D$2=\"No\",0,'MAIN-INTERFACE'!$D$4))^(COUNTIF(MATRIX2!M54:P54,0)))*(1+(IF('MAIN-INTERFACE'!$D$2=\"No\",0,'MAIN-INTERFACE'!$D$8)))^MATRIX2!F54,Table_Provincial_GTAC35378[[#This Row],[Adj.AnnualRental]])*(1+(IF('MAIN-INTERFACE'!$D$2=\"No\",Table_Provincial_GTAC35378[[#This Row],[TnTEscalation]],'MAIN-INTERFACE'!$G$2)))^(IF((COUNTIF(MATRIX2!M54:P54,\">0\")-1)<0,0,COUNTIF(MATRIX2!M54:P54,\">0\")))))))","v":720872.3110499999},{"$f":"IF('MAIN-INTERFACE'!$D$2=\"No\",(Table_Provincial_GTAC35378[[#This Row],[Adj.AnnualRental]])*(1+Table_Provincial_GTAC35378[[#This Row],[TnTEscalation]])^5,(((MATRIX2!Y54*Table_Provincial_GTAC35378[[#This Row],[Adj.AnnualRental]])*(1+Table_Provincial_GTAC35378[[#This Row],[TnTEscalation]])^5)+(MATRIX2!Q54*IF(IF('MAIN-INTERFACE'!$D$2=\"No\",Table_Provincial_GTAC35378[[#This Row],[Adj.AnnualRental]],(Table_Provincial_GTAC35378[[#This Row],[RtmAnnualRental]])*(1+(IF('MAIN-INTERFACE'!$D$2=\"No\",0,'MAIN-INTERFACE'!$D$4))^(COUNTIF(MATRIX2!M54:Q54,0))))*(1+(IF('MAIN-INTERFACE'!$D$2=\"No\",0,'MAIN-INTERFACE'!$D$8)))^5<Table_Provincial_GTAC35378[[#This Row],[Adj.AnnualRental]],(Table_Provincial_GTAC35378[[#This Row],[RtmAnnualRental]])*(1+(IF('MAIN-INTERFACE'!$D$2=\"No\",0,'MAIN-INTERFACE'!$D$4))^(COUNTIF(MATRIX2!M54:Q54,0)))*(1+(IF('MAIN-INTERFACE'!$D$2=\"No\",0,'MAIN-INTERFACE'!$D$8)))^MATRIX2!G54,Table_Provincial_GTAC35378[[#This Row],[Adj.AnnualRental]])*(1+(IF('MAIN-INTERFACE'!$D$2=\"No\",Table_Provincial_GTAC35378[[#This Row],[TnTEscalation]],'MAIN-INTERFACE'!$G$2)))^(IF((COUNTIF(MATRIX2!M54:Q54,\">0\")-1)<0,0,COUNTIF(MATRIX2!M54:Q54,\">0\"))))))","v":774937.73437874985},{"$f":"IF('MAIN-INTERFACE'!$D$2=\"No\",(Table_Provincial_GTAC35378[[#This Row],[Adj.AnnualRental]])*(1+Table_Provincial_GTAC35378[[#This Row],[TnTEscalation]])^6,(((MATRIX2!Z54*Table_Provincial_GTAC35378[[#This Row],[Adj.AnnualRental]])*(1+Table_Provincial_GTAC35378[[#This Row],[TnTEscalation]])^6)+(MATRIX2!R54*IF(IF('MAIN-INTERFACE'!$D$2=\"No\",Table_Provincial_GTAC35378[[#This Row],[Adj.AnnualRental]],(Table_Provincial_GTAC35378[[#This Row],[RtmAnnualRental]])*(1+(IF('MAIN-INTERFACE'!$D$2=\"No\",0,'MAIN-INTERFACE'!$D$4))^(COUNTIF(MATRIX2!M54:R54,0))))*(1+(IF('MAIN-INTERFACE'!$D$2=\"No\",0,'MAIN-INTERFACE'!$D$8)))^6<Table_Provincial_GTAC35378[[#This Row],[Adj.AnnualRental]],(Table_Provincial_GTAC35378[[#This Row],[RtmAnnualRental]])*(1+(IF('MAIN-INTERFACE'!$D$2=\"No\",0,'MAIN-INTERFACE'!$D$4))^(COUNTIF(MATRIX2!M54:R54,0)))*(1+(IF('MAIN-INTERFACE'!$D$2=\"No\",0,'MAIN-INTERFACE'!$D$8)))^MATRIX2!H54,Table_Provincial_GTAC35378[[#This Row],[Adj.AnnualRental]])*(1+(IF('MAIN-INTERFACE'!$D$2=\"No\",Table_Provincial_GTAC35378[[#This Row],[TnTEscalation]],'MAIN-INTERFACE'!$G$2)))^(IF((COUNTIF(MATRIX2!M54:R54,\">0\")-1)<0,0,COUNTIF(MATRIX2!M54:R54,\">0\"))))))","v":833058.06445715611},{"$f":"IF('MAIN-INTERFACE'!$D$2=\"No\",(Table_Provincial_GTAC35378[[#This Row],[Adj.AnnualRental]])*(1+Table_Provincial_GTAC35378[[#This Row],[TnTEscalation]])^7,(((MATRIX2!AA54*Table_Provincial_GTAC35378[[#This Row],[Adj.AnnualRental]])*(1+Table_Provincial_GTAC35378[[#This Row],[TnTEscalation]])^7)+(MATRIX2!S54*IF(IF('MAIN-INTERFACE'!$D$2=\"No\",Table_Provincial_GTAC35378[[#This Row],[Adj.AnnualRental]],(Table_Provincial_GTAC35378[[#This Row],[RtmAnnualRental]])*(1+(IF('MAIN-INTERFACE'!$D$2=\"No\",0,'MAIN-INTERFACE'!$D$4))^(COUNTIF(MATRIX2!M54:S54,0))))*(1+(IF('MAIN-INTERFACE'!$D$2=\"No\",0,'MAIN-INTERFACE'!$D$8)))^7<Table_Provincial_GTAC35378[[#This Row],[Adj.AnnualRental]],(Table_Provincial_GTAC35378[[#This Row],[RtmAnnualRental]])*(1+(IF('MAIN-INTERFACE'!$D$2=\"No\",0,'MAIN-INTERFACE'!$D$4))^(COUNTIF(MATRIX2!M54:S54,0)))*(1+(IF('MAIN-INTERFACE'!$D$2=\"No\",0,'MAIN-INTERFACE'!$D$8)))^MATRIX2!I54,Table_Provincial_GTAC35378[[#This Row],[Adj.AnnualRental]])*(1+(IF('MAIN-INTERFACE'!$D$2=\"No\",Table_Provincial_GTAC35378[[#This Row],[TnTEscalation]],'MAIN-INTERFACE'!$G$2)))^(IF((COUNTIF(MATRIX2!M54:S54,\">0\")-1)<0,0,COUNTIF(MATRIX2!M54:S54,\">0\"))))))","v":895537.41929144284},{"$f":"SUM(Table_Provincial_GTAC35378[[#This Row],[FY 2018/19]:[FY 2023/24]])","v":4625433.1519944044}]
[{"$f":"Table_Provincial_GTAC3536[[#This Row],[SystemID]]","v":61},{"$f":"VLOOKUP($A55,DATA2!$A$2:$S$607,2,FALSE)","v":"KZN"},{"$f":"VLOOKUP($A55,DATA2!$A$2:$S$607,3,FALSE)","v":"KwaZulu-Natal"},{"$f":"VLOOKUP($A55,DATA2!$A$2:$S$607,4,FALSE)","v":135.22199037592722},{"$f":"VLOOKUP($A55,DATA2!$A$2:$S$607,5,FALSE)","v":110},{"$f":"VLOOKUP($A55,DATA2!$A$2:$S$607,6,FALSE)","v":"CBD"},{"$f":"VLOOKUP($A55,DATA2!$A$2:$S$607,7,FALSE)","v":9517.7999999999993},{"$f":"VLOOKUP($A55,DATA2!$A$2:$S$607,8,FALSE)","v":true},{"$f":"VLOOKUP($A55,DATA2!$A$2:$S$607,9,FALSE)","v":7.0000000000000007E-2},{"$f":"VLOOKUP($A55,DATA2!$A$2:$S$607,10,FALSE)","v":1287015.8600000001},{"$f":"VLOOKUP($A55,DATA2!$A$2:$S$607,11,FALSE)","v":15444190.32},{"$f":"Table_Provincial_GTAC35378[[#This Row],[Benchmark]]*Table_Provincial_GTAC35378[[#This Row],[ExtentM2]]*12","v":12563495.999999998},{"$f":"VLOOKUP($A55,DATA2!$A$2:$S$607,12,FALSE)","v":"2014-04-01"},{"$f":"VLOOKUP($A55,DATA2!$A$2:$S$607,13,FALSE)","v":"2019-03-31"},{"$f":"VLOOKUP($A55,DATA2!$A$2:$S$607,14,FALSE)","v":"No"},{"$f":"IF(MATRIX2!D55=1,($Y$8-$X$2)/365*Table_Provincial_GTAC35378[[#This Row],[Adj.AnnualRental]]*MATRIX2!D55,($Y$8-$X$2)/365*Table_Provincial_GTAC35378[[#This Row],[Adj.AnnualRental]])","v":-55895275.103342466},{"$f":"IF('MAIN-INTERFACE'!$D$2=\"No\",(Table_Provincial_GTAC35378[[#This Row],[Adj.AnnualRental]])*(1+Table_Provincial_GTAC35378[[#This Row],[TnTEscalation]])^2,\n    (((MATRIX2!V55*Table_Provincial_GTAC35378[[#This Row],[Adj.AnnualRental]])*(1+Table_Provincial_GTAC35378[[#This Row],[TnTEscalation]])^2)+\n       (MATRIX2!N55* IF(IF('MAIN-INTERFACE'!$D$2=\"No\",Table_Provincial_GTAC35378[[#This Row],[Adj.AnnualRental]],(Table_Provincial_GTAC35378[[#This Row],[RtmAnnualRental]])*(1+\n                                 (IF('MAIN-INTERFACE'!$D$2=\"No\",0,'MAIN-INTERFACE'!$D$4))^(COUNTIF(MATRIX2!M55:N55,0))))*(1+\n                                 (IF('MAIN-INTERFACE'!$D$2=\"No\",0,'MAIN-INTERFACE'!$D$8)))^2<Table_Provincial_GTAC35378[[#This Row],[Adj.AnnualRental]],(Table_Provincial_GTAC35378[[#This Row],[RtmAnnualRental]])*(1+\n\n                                 (IF('MAIN-INTERFACE'!$D$2=\"No\",0,'MAIN-INTERFACE'!$D$4))^(COUNTIF(MATRIX2!M55:N55,0)))*(1+\n                                 (IF('MAIN-INTERFACE'!$D$2=\"No\",0,'MAIN-INTERFACE'!$D$8)))^MATRIX2!D55,Table_Provincial_GTAC35378[[#This Row],[Adj.AnnualRental]])*(1+\n\n                                (IF('MAIN-INTERFACE'!$D$2=\"No\",Table_Provincial_GTAC35378[[#This Row],[TnTEscalation]],'MAIN-INTERFACE'!$G$2)))^\n                                 (IF((COUNTIF(MATRIX2!M55:N55,\">0\")-1)<0,0,COUNTIF(MATRIX2!M55:N55,\">0\"))))))","v":17682053.497368},{"$f":"IF('MAIN-INTERFACE'!$D$2=\"No\",(Table_Provincial_GTAC35378[[#This Row],[Adj.AnnualRental]])*(1+Table_Provincial_GTAC35378[[#This Row],[TnTEscalation]])^3,(((MATRIX2!W55*Table_Provincial_GTAC35378[[#This Row],[Adj.AnnualRental]])*(1+Table_Provincial_GTAC35378[[#This Row],[TnTEscalation]])^3)+(MATRIX2!O55*IF(IF('MAIN-INTERFACE'!$D$2=\"No\",Table_Provincial_GTAC35378[[#This Row],[Adj.AnnualRental]],(Table_Provincial_GTAC35378[[#This Row],[RtmAnnualRental]])*(1+(IF('MAIN-INTERFACE'!$D$2=\"No\",0,'MAIN-INTERFACE'!$D$4))^(COUNTIF(MATRIX2!M55:O55,0))))*(1+(IF('MAIN-INTERFACE'!$D$2=\"No\",0,'MAIN-INTERFACE'!$D$8)))^3<Table_Provincial_GTAC35378[[#This Row],[Adj.AnnualRental]],(Table_Provincial_GTAC35378[[#This Row],[RtmAnnualRental]])*(1+(IF('MAIN-INTERFACE'!$D$2=\"No\",0,'MAIN-INTERFACE'!$D$4))^(COUNTIF(MATRIX2!M55:O55,0)))*(1+(IF('MAIN-INTERFACE'!$D$2=\"No\",0,'MAIN-INTERFACE'!$D$8)))^MATRIX2!E55,Table_Provincial_GTAC35378[[#This Row],[Adj.AnnualRental]])*(1+(IF('MAIN-INTERFACE'!$D$2=\"No\",Table_Provincial_GTAC35378[[#This Row],[TnTEscalation]],'MAIN-INTERFACE'!$G$2)))^(IF((COUNTIF(MATRIX2!M55:O55,\">0\")-1)<0,0,COUNTIF(MATRIX2!M55:O55,\">0\"))))))","v":16194034.76694468},{"$f":"IF('MAIN-INTERFACE'!$D$2=\"No\",(Table_Provincial_GTAC35378[[#This Row],[Adj.AnnualRental]])*(1+Table_Provincial_GTAC35378[[#This Row],[TnTEscalation]])^4,((((MATRIX2!X55*Table_Provincial_GTAC35378[[#This Row],[Adj.AnnualRental]])*(1+Table_Provincial_GTAC35378[[#This Row],[TnTEscalation]])^4)+(MATRIX2!P55*IF(IF('MAIN-INTERFACE'!$D$2=\"No\",Table_Provincial_GTAC35378[[#This Row],[Adj.AnnualRental]],(Table_Provincial_GTAC35378[[#This Row],[RtmAnnualRental]])*(1+(IF('MAIN-INTERFACE'!$D$2=\"No\",0,'MAIN-INTERFACE'!$D$4))^(COUNTIF(MATRIX2!M55:P55,0))))*(1+(IF('MAIN-INTERFACE'!$D$2=\"No\",0,'MAIN-INTERFACE'!$D$8)))^4<Table_Provincial_GTAC35378[[#This Row],[Adj.AnnualRental]],(Table_Provincial_GTAC35378[[#This Row],[RtmAnnualRental]])*(1+(IF('MAIN-INTERFACE'!$D$2=\"No\",0,'MAIN-INTERFACE'!$D$4))^(COUNTIF(MATRIX2!M55:P55,0)))*(1+(IF('MAIN-INTERFACE'!$D$2=\"No\",0,'MAIN-INTERFACE'!$D$8)))^MATRIX2!F55,Table_Provincial_GTAC35378[[#This Row],[Adj.AnnualRental]])*(1+(IF('MAIN-INTERFACE'!$D$2=\"No\",Table_Provincial_GTAC35378[[#This Row],[TnTEscalation]],'MAIN-INTERFACE'!$G$2)))^(IF((COUNTIF(MATRIX2!M55:P55,\">0\")-1)<0,0,COUNTIF(MATRIX2!M55:P55,\">0\")))))))","v":14541919.969103998},{"$f":"IF('MAIN-INTERFACE'!$D$2=\"No\",(Table_Provincial_GTAC35378[[#This Row],[Adj.AnnualRental]])*(1+Table_Provincial_GTAC35378[[#This Row],[TnTEscalation]])^5,(((MATRIX2!Y55*Table_Provincial_GTAC35378[[#This Row],[Adj.AnnualRental]])*(1+Table_Provincial_GTAC35378[[#This Row],[TnTEscalation]])^5)+(MATRIX2!Q55*IF(IF('MAIN-INTERFACE'!$D$2=\"No\",Table_Provincial_GTAC35378[[#This Row],[Adj.AnnualRental]],(Table_Provincial_GTAC35378[[#This Row],[RtmAnnualRental]])*(1+(IF('MAIN-INTERFACE'!$D$2=\"No\",0,'MAIN-INTERFACE'!$D$4))^(COUNTIF(MATRIX2!M55:Q55,0))))*(1+(IF('MAIN-INTERFACE'!$D$2=\"No\",0,'MAIN-INTERFACE'!$D$8)))^5<Table_Provincial_GTAC35378[[#This Row],[Adj.AnnualRental]],(Table_Provincial_GTAC35378[[#This Row],[RtmAnnualRental]])*(1+(IF('MAIN-INTERFACE'!$D$2=\"No\",0,'MAIN-INTERFACE'!$D$4))^(COUNTIF(MATRIX2!M55:Q55,0)))*(1+(IF('MAIN-INTERFACE'!$D$2=\"No\",0,'MAIN-INTERFACE'!$D$8)))^MATRIX2!G55,Table_Provincial_GTAC35378[[#This Row],[Adj.AnnualRental]])*(1+(IF('MAIN-INTERFACE'!$D$2=\"No\",Table_Provincial_GTAC35378[[#This Row],[TnTEscalation]],'MAIN-INTERFACE'!$G$2)))^(IF((COUNTIF(MATRIX2!M55:Q55,\">0\")-1)<0,0,COUNTIF(MATRIX2!M55:Q55,\">0\"))))))","v":15632563.966786798},{"$f":"IF('MAIN-INTERFACE'!$D$2=\"No\",(Table_Provincial_GTAC35378[[#This Row],[Adj.AnnualRental]])*(1+Table_Provincial_GTAC35378[[#This Row],[TnTEscalation]])^6,(((MATRIX2!Z55*Table_Provincial_GTAC35378[[#This Row],[Adj.AnnualRental]])*(1+Table_Provincial_GTAC35378[[#This Row],[TnTEscalation]])^6)+(MATRIX2!R55*IF(IF('MAIN-INTERFACE'!$D$2=\"No\",Table_Provincial_GTAC35378[[#This Row],[Adj.AnnualRental]],(Table_Provincial_GTAC35378[[#This Row],[RtmAnnualRental]])*(1+(IF('MAIN-INTERFACE'!$D$2=\"No\",0,'MAIN-INTERFACE'!$D$4))^(COUNTIF(MATRIX2!M55:R55,0))))*(1+(IF('MAIN-INTERFACE'!$D$2=\"No\",0,'MAIN-INTERFACE'!$D$8)))^6<Table_Provincial_GTAC35378[[#This Row],[Adj.AnnualRental]],(Table_Provincial_GTAC35378[[#This Row],[RtmAnnualRental]])*(1+(IF('MAIN-INTERFACE'!$D$2=\"No\",0,'MAIN-INTERFACE'!$D$4))^(COUNTIF(MATRIX2!M55:R55,0)))*(1+(IF('MAIN-INTERFACE'!$D$2=\"No\",0,'MAIN-INTERFACE'!$D$8)))^MATRIX2!H55,Table_Provincial_GTAC35378[[#This Row],[Adj.AnnualRental]])*(1+(IF('MAIN-INTERFACE'!$D$2=\"No\",Table_Provincial_GTAC35378[[#This Row],[TnTEscalation]],'MAIN-INTERFACE'!$G$2)))^(IF((COUNTIF(MATRIX2!M55:R55,\">0\")-1)<0,0,COUNTIF(MATRIX2!M55:R55,\">0\"))))))","v":16805006.264295809},{"$f":"IF('MAIN-INTERFACE'!$D$2=\"No\",(Table_Provincial_GTAC35378[[#This Row],[Adj.AnnualRental]])*(1+Table_Provincial_GTAC35378[[#This Row],[TnTEscalation]])^7,(((MATRIX2!AA55*Table_Provincial_GTAC35378[[#This Row],[Adj.AnnualRental]])*(1+Table_Provincial_GTAC35378[[#This Row],[TnTEscalation]])^7)+(MATRIX2!S55*IF(IF('MAIN-INTERFACE'!$D$2=\"No\",Table_Provincial_GTAC35378[[#This Row],[Adj.AnnualRental]],(Table_Provincial_GTAC35378[[#This Row],[RtmAnnualRental]])*(1+(IF('MAIN-INTERFACE'!$D$2=\"No\",0,'MAIN-INTERFACE'!$D$4))^(COUNTIF(MATRIX2!M55:S55,0))))*(1+(IF('MAIN-INTERFACE'!$D$2=\"No\",0,'MAIN-INTERFACE'!$D$8)))^7<Table_Provincial_GTAC35378[[#This Row],[Adj.AnnualRental]],(Table_Provincial_GTAC35378[[#This Row],[RtmAnnualRental]])*(1+(IF('MAIN-INTERFACE'!$D$2=\"No\",0,'MAIN-INTERFACE'!$D$4))^(COUNTIF(MATRIX2!M55:S55,0)))*(1+(IF('MAIN-INTERFACE'!$D$2=\"No\",0,'MAIN-INTERFACE'!$D$8)))^MATRIX2!I55,Table_Provincial_GTAC35378[[#This Row],[Adj.AnnualRental]])*(1+(IF('MAIN-INTERFACE'!$D$2=\"No\",Table_Provincial_GTAC35378[[#This Row],[TnTEscalation]],'MAIN-INTERFACE'!$G$2)))^(IF((COUNTIF(MATRIX2!M55:S55,\">0\")-1)<0,0,COUNTIF(MATRIX2!M55:S55,\">0\"))))))","v":18065381.734117992},{"$f":"SUM(Table_Provincial_GTAC35378[[#This Row],[FY 2018/19]:[FY 2023/24]])","v":98920960.19861728}]
[{"$f":"Table_Provincial_GTAC3536[[#This Row],[SystemID]]","v":62},{"$f":"VLOOKUP($A56,DATA2!$A$2:$S$607,2,FALSE)","v":"KZN"},{"$f":"VLOOKUP($A56,DATA2!$A$2:$S$607,3,FALSE)","v":"KwaZulu-Natal"},{"$f":"VLOOKUP($A56,DATA2!$A$2:$S$607,4,FALSE)","v":126.44681200857755},{"$f":"VLOOKUP($A56,DATA2!$A$2:$S$607,5,FALSE)","v":110},{"$f":"VLOOKUP($A56,DATA2!$A$2:$S$607,6,FALSE)","v":"CBD"},{"$f":"VLOOKUP($A56,DATA2!$A$2:$S$607,7,FALSE)","v":1399},{"$f":"VLOOKUP($A56,DATA2!$A$2:$S$607,8,FALSE)","v":true},{"$f":"VLOOKUP($A56,DATA2!$A$2:$S$607,9,FALSE)","v":7.0000000000000007E-2},{"$f":"VLOOKUP($A56,DATA2!$A$2:$S$607,10,FALSE)","v":176899.09},{"$f":"VLOOKUP($A56,DATA2!$A$2:$S$607,11,FALSE)","v":2122789.08},{"$f":"Table_Provincial_GTAC35378[[#This Row],[Benchmark]]*Table_Provincial_GTAC35378[[#This Row],[ExtentM2]]*12","v":1846680},{"$f":"VLOOKUP($A56,DATA2!$A$2:$S$607,12,FALSE)","v":"2015-05-01"},{"$f":"VLOOKUP($A56,DATA2!$A$2:$S$607,13,FALSE)","v":"2019-04-30"},{"$f":"VLOOKUP($A56,DATA2!$A$2:$S$607,14,FALSE)","v":"No"},{"$f":"IF(MATRIX2!D56=1,($Y$8-$X$2)/365*Table_Provincial_GTAC35378[[#This Row],[Adj.AnnualRental]]*MATRIX2!D56,($Y$8-$X$2)/365*Table_Provincial_GTAC35378[[#This Row],[Adj.AnnualRental]])","v":-7682751.7114520548},{"$f":"IF('MAIN-INTERFACE'!$D$2=\"No\",(Table_Provincial_GTAC35378[[#This Row],[Adj.AnnualRental]])*(1+Table_Provincial_GTAC35378[[#This Row],[TnTEscalation]])^2,\n    (((MATRIX2!V56*Table_Provincial_GTAC35378[[#This Row],[Adj.AnnualRental]])*(1+Table_Provincial_GTAC35378[[#This Row],[TnTEscalation]])^2)+\n       (MATRIX2!N56* IF(IF('MAIN-INTERFACE'!$D$2=\"No\",Table_Provincial_GTAC35378[[#This Row],[Adj.AnnualRental]],(Table_Provincial_GTAC35378[[#This Row],[RtmAnnualRental]])*(1+\n                                 (IF('MAIN-INTERFACE'!$D$2=\"No\",0,'MAIN-INTERFACE'!$D$4))^(COUNTIF(MATRIX2!M56:N56,0))))*(1+\n                                 (IF('MAIN-INTERFACE'!$D$2=\"No\",0,'MAIN-INTERFACE'!$D$8)))^2<Table_Provincial_GTAC35378[[#This Row],[Adj.AnnualRental]],(Table_Provincial_GTAC35378[[#This Row],[RtmAnnualRental]])*(1+\n\n                                 (IF('MAIN-INTERFACE'!$D$2=\"No\",0,'MAIN-INTERFACE'!$D$4))^(COUNTIF(MATRIX2!M56:N56,0)))*(1+\n                                 (IF('MAIN-INTERFACE'!$D$2=\"No\",0,'MAIN-INTERFACE'!$D$8)))^MATRIX2!D56,Table_Provincial_GTAC35378[[#This Row],[Adj.AnnualRental]])*(1+\n\n                                (IF('MAIN-INTERFACE'!$D$2=\"No\",Table_Provincial_GTAC35378[[#This Row],[TnTEscalation]],'MAIN-INTERFACE'!$G$2)))^\n                                 (IF((COUNTIF(MATRIX2!M56:N56,\">0\")-1)<0,0,COUNTIF(MATRIX2!M56:N56,\">0\"))))))","v":2430381.2176920003},{"$f":"IF('MAIN-INTERFACE'!$D$2=\"No\",(Table_Provincial_GTAC35378[[#This Row],[Adj.AnnualRental]])*(1+Table_Provincial_GTAC35378[[#This Row],[TnTEscalation]])^3,(((MATRIX2!W56*Table_Provincial_GTAC35378[[#This Row],[Adj.AnnualRental]])*(1+Table_Provincial_GTAC35378[[#This Row],[TnTEscalation]])^3)+(MATRIX2!O56*IF(IF('MAIN-INTERFACE'!$D$2=\"No\",Table_Provincial_GTAC35378[[#This Row],[Adj.AnnualRental]],(Table_Provincial_GTAC35378[[#This Row],[RtmAnnualRental]])*(1+(IF('MAIN-INTERFACE'!$D$2=\"No\",0,'MAIN-INTERFACE'!$D$4))^(COUNTIF(MATRIX2!M56:O56,0))))*(1+(IF('MAIN-INTERFACE'!$D$2=\"No\",0,'MAIN-INTERFACE'!$D$8)))^3<Table_Provincial_GTAC35378[[#This Row],[Adj.AnnualRental]],(Table_Provincial_GTAC35378[[#This Row],[RtmAnnualRental]])*(1+(IF('MAIN-INTERFACE'!$D$2=\"No\",0,'MAIN-INTERFACE'!$D$4))^(COUNTIF(MATRIX2!M56:O56,0)))*(1+(IF('MAIN-INTERFACE'!$D$2=\"No\",0,'MAIN-INTERFACE'!$D$8)))^MATRIX2!E56,Table_Provincial_GTAC35378[[#This Row],[Adj.AnnualRental]])*(1+(IF('MAIN-INTERFACE'!$D$2=\"No\",Table_Provincial_GTAC35378[[#This Row],[TnTEscalation]],'MAIN-INTERFACE'!$G$2)))^(IF((COUNTIF(MATRIX2!M56:O56,\">0\")-1)<0,0,COUNTIF(MATRIX2!M56:O56,\">0\"))))))","v":2341392.0953700212},{"$f":"IF('MAIN-INTERFACE'!$D$2=\"No\",(Table_Provincial_GTAC35378[[#This Row],[Adj.AnnualRental]])*(1+Table_Provincial_GTAC35378[[#This Row],[TnTEscalation]])^4,((((MATRIX2!X56*Table_Provincial_GTAC35378[[#This Row],[Adj.AnnualRental]])*(1+Table_Provincial_GTAC35378[[#This Row],[TnTEscalation]])^4)+(MATRIX2!P56*IF(IF('MAIN-INTERFACE'!$D$2=\"No\",Table_Provincial_GTAC35378[[#This Row],[Adj.AnnualRental]],(Table_Provincial_GTAC35378[[#This Row],[RtmAnnualRental]])*(1+(IF('MAIN-INTERFACE'!$D$2=\"No\",0,'MAIN-INTERFACE'!$D$4))^(COUNTIF(MATRIX2!M56:P56,0))))*(1+(IF('MAIN-INTERFACE'!$D$2=\"No\",0,'MAIN-INTERFACE'!$D$8)))^4<Table_Provincial_GTAC35378[[#This Row],[Adj.AnnualRental]],(Table_Provincial_GTAC35378[[#This Row],[RtmAnnualRental]])*(1+(IF('MAIN-INTERFACE'!$D$2=\"No\",0,'MAIN-INTERFACE'!$D$4))^(COUNTIF(MATRIX2!M56:P56,0)))*(1+(IF('MAIN-INTERFACE'!$D$2=\"No\",0,'MAIN-INTERFACE'!$D$8)))^MATRIX2!F56,Table_Provincial_GTAC35378[[#This Row],[Adj.AnnualRental]])*(1+(IF('MAIN-INTERFACE'!$D$2=\"No\",Table_Provincial_GTAC35378[[#This Row],[TnTEscalation]],'MAIN-INTERFACE'!$G$2)))^(IF((COUNTIF(MATRIX2!M56:P56,\">0\")-1)<0,0,COUNTIF(MATRIX2!M56:P56,\">0\")))))))","v":2137484.0863199998},{"$f":"IF('MAIN-INTERFACE'!$D$2=\"No\",(Table_Provincial_GTAC35378[[#This Row],[Adj.AnnualRental]])*(1+Table_Provincial_GTAC35378[[#This Row],[TnTEscalation]])^5,(((MATRIX2!Y56*Table_Provincial_GTAC35378[[#This Row],[Adj.AnnualRental]])*(1+Table_Provincial_GTAC35378[[#This Row],[TnTEscalation]])^5)+(MATRIX2!Q56*IF(IF('MAIN-INTERFACE'!$D$2=\"No\",Table_Provincial_GTAC35378[[#This Row],[Adj.AnnualRental]],(Table_Provincial_GTAC35378[[#This Row],[RtmAnnualRental]])*(1+(IF('MAIN-INTERFACE'!$D$2=\"No\",0,'MAIN-INTERFACE'!$D$4))^(COUNTIF(MATRIX2!M56:Q56,0))))*(1+(IF('MAIN-INTERFACE'!$D$2=\"No\",0,'MAIN-INTERFACE'!$D$8)))^5<Table_Provincial_GTAC35378[[#This Row],[Adj.AnnualRental]],(Table_Provincial_GTAC35378[[#This Row],[RtmAnnualRental]])*(1+(IF('MAIN-INTERFACE'!$D$2=\"No\",0,'MAIN-INTERFACE'!$D$4))^(COUNTIF(MATRIX2!M56:Q56,0)))*(1+(IF('MAIN-INTERFACE'!$D$2=\"No\",0,'MAIN-INTERFACE'!$D$8)))^MATRIX2!G56,Table_Provincial_GTAC35378[[#This Row],[Adj.AnnualRental]])*(1+(IF('MAIN-INTERFACE'!$D$2=\"No\",Table_Provincial_GTAC35378[[#This Row],[TnTEscalation]],'MAIN-INTERFACE'!$G$2)))^(IF((COUNTIF(MATRIX2!M56:Q56,\">0\")-1)<0,0,COUNTIF(MATRIX2!M56:Q56,\">0\"))))))","v":2297795.392794},{"$f":"IF('MAIN-INTERFACE'!$D$2=\"No\",(Table_Provincial_GTAC35378[[#This Row],[Adj.AnnualRental]])*(1+Table_Provincial_GTAC35378[[#This Row],[TnTEscalation]])^6,(((MATRIX2!Z56*Table_Provincial_GTAC35378[[#This Row],[Adj.AnnualRental]])*(1+Table_Provincial_GTAC35378[[#This Row],[TnTEscalation]])^6)+(MATRIX2!R56*IF(IF('MAIN-INTERFACE'!$D$2=\"No\",Table_Provincial_GTAC35378[[#This Row],[Adj.AnnualRental]],(Table_Provincial_GTAC35378[[#This Row],[RtmAnnualRental]])*(1+(IF('MAIN-INTERFACE'!$D$2=\"No\",0,'MAIN-INTERFACE'!$D$4))^(COUNTIF(MATRIX2!M56:R56,0))))*(1+(IF('MAIN-INTERFACE'!$D$2=\"No\",0,'MAIN-INTERFACE'!$D$8)))^6<Table_Provincial_GTAC35378[[#This Row],[Adj.AnnualRental]],(Table_Provincial_GTAC35378[[#This Row],[RtmAnnualRental]])*(1+(IF('MAIN-INTERFACE'!$D$2=\"No\",0,'MAIN-INTERFACE'!$D$4))^(COUNTIF(MATRIX2!M56:R56,0)))*(1+(IF('MAIN-INTERFACE'!$D$2=\"No\",0,'MAIN-INTERFACE'!$D$8)))^MATRIX2!H56,Table_Provincial_GTAC35378[[#This Row],[Adj.AnnualRental]])*(1+(IF('MAIN-INTERFACE'!$D$2=\"No\",Table_Provincial_GTAC35378[[#This Row],[TnTEscalation]],'MAIN-INTERFACE'!$G$2)))^(IF((COUNTIF(MATRIX2!M56:R56,\">0\")-1)<0,0,COUNTIF(MATRIX2!M56:R56,\">0\"))))))","v":2470130.04725355},{"$f":"IF('MAIN-INTERFACE'!$D$2=\"No\",(Table_Provincial_GTAC35378[[#This Row],[Adj.AnnualRental]])*(1+Table_Provincial_GTAC35378[[#This Row],[TnTEscalation]])^7,(((MATRIX2!AA56*Table_Provincial_GTAC35378[[#This Row],[Adj.AnnualRental]])*(1+Table_Provincial_GTAC35378[[#This Row],[TnTEscalation]])^7)+(MATRIX2!S56*IF(IF('MAIN-INTERFACE'!$D$2=\"No\",Table_Provincial_GTAC35378[[#This Row],[Adj.AnnualRental]],(Table_Provincial_GTAC35378[[#This Row],[RtmAnnualRental]])*(1+(IF('MAIN-INTERFACE'!$D$2=\"No\",0,'MAIN-INTERFACE'!$D$4))^(COUNTIF(MATRIX2!M56:S56,0))))*(1+(IF('MAIN-INTERFACE'!$D$2=\"No\",0,'MAIN-INTERFACE'!$D$8)))^7<Table_Provincial_GTAC35378[[#This Row],[Adj.AnnualRental]],(Table_Provincial_GTAC35378[[#This Row],[RtmAnnualRental]])*(1+(IF('MAIN-INTERFACE'!$D$2=\"No\",0,'MAIN-INTERFACE'!$D$4))^(COUNTIF(MATRIX2!M56:S56,0)))*(1+(IF('MAIN-INTERFACE'!$D$2=\"No\",0,'MAIN-INTERFACE'!$D$8)))^MATRIX2!I56,Table_Provincial_GTAC35378[[#This Row],[Adj.AnnualRental]])*(1+(IF('MAIN-INTERFACE'!$D$2=\"No\",Table_Provincial_GTAC35378[[#This Row],[TnTEscalation]],'MAIN-INTERFACE'!$G$2)))^(IF((COUNTIF(MATRIX2!M56:S56,\">0\")-1)<0,0,COUNTIF(MATRIX2!M56:S56,\">0\"))))))","v":2655389.8007975663},{"$f":"SUM(Table_Provincial_GTAC35378[[#This Row],[FY 2018/19]:[FY 2023/24]])","v":14332572.640227139}]
[{"$f":"Table_Provincial_GTAC3536[[#This Row],[SystemID]]","v":63},{"$f":"VLOOKUP($A57,DATA2!$A$2:$S$607,2,FALSE)","v":"KZN"},{"$f":"VLOOKUP($A57,DATA2!$A$2:$S$607,3,FALSE)","v":"KwaZulu-Natal"},{"$f":"VLOOKUP($A57,DATA2!$A$2:$S$607,4,FALSE)","v":93.892307692307696},{"$f":"VLOOKUP($A57,DATA2!$A$2:$S$607,5,FALSE)","v":110},{"$f":"VLOOKUP($A57,DATA2!$A$2:$S$607,6,FALSE)","v":"MAIN CENTRE"},{"$f":"VLOOKUP($A57,DATA2!$A$2:$S$607,7,FALSE)","v":1040},{"$f":"VLOOKUP($A57,DATA2!$A$2:$S$607,8,FALSE)","v":true},{"$f":"VLOOKUP($A57,DATA2!$A$2:$S$607,9,FALSE)","v":0.08},{"$f":"VLOOKUP($A57,DATA2!$A$2:$S$607,10,FALSE)","v":97648},{"$f":"VLOOKUP($A57,DATA2!$A$2:$S$607,11,FALSE)","v":1171776},{"$f":"Table_Provincial_GTAC35378[[#This Row],[Benchmark]]*Table_Provincial_GTAC35378[[#This Row],[ExtentM2]]*12","v":1372800},{"$f":"VLOOKUP($A57,DATA2!$A$2:$S$607,12,FALSE)","v":"2017-01-01"},{"$f":"VLOOKUP($A57,DATA2!$A$2:$S$607,13,FALSE)","v":"2021-12-31"},{"$f":"VLOOKUP($A57,DATA2!$A$2:$S$607,14,FALSE)","v":"No"},{"$f":"IF(MATRIX2!D57=1,($Y$8-$X$2)/365*Table_Provincial_GTAC35378[[#This Row],[Adj.AnnualRental]]*MATRIX2!D57,($Y$8-$X$2)/365*Table_Provincial_GTAC35378[[#This Row],[Adj.AnnualRental]])","v":-4240866.0164383557},{"$f":"IF('MAIN-INTERFACE'!$D$2=\"No\",(Table_Provincial_GTAC35378[[#This Row],[Adj.AnnualRental]])*(1+Table_Provincial_GTAC35378[[#This Row],[TnTEscalation]])^2,\n    (((MATRIX2!V57*Table_Provincial_GTAC35378[[#This Row],[Adj.AnnualRental]])*(1+Table_Provincial_GTAC35378[[#This Row],[TnTEscalation]])^2)+\n       (MATRIX2!N57* IF(IF('MAIN-INTERFACE'!$D$2=\"No\",Table_Provincial_GTAC35378[[#This Row],[Adj.AnnualRental]],(Table_Provincial_GTAC35378[[#This Row],[RtmAnnualRental]])*(1+\n                                 (IF('MAIN-INTERFACE'!$D$2=\"No\",0,'MAIN-INTERFACE'!$D$4))^(COUNTIF(MATRIX2!M57:N57,0))))*(1+\n                                 (IF('MAIN-INTERFACE'!$D$2=\"No\",0,'MAIN-INTERFACE'!$D$8)))^2<Table_Provincial_GTAC35378[[#This Row],[Adj.AnnualRental]],(Table_Provincial_GTAC35378[[#This Row],[RtmAnnualRental]])*(1+\n\n                                 (IF('MAIN-INTERFACE'!$D$2=\"No\",0,'MAIN-INTERFACE'!$D$4))^(COUNTIF(MATRIX2!M57:N57,0)))*(1+\n                                 (IF('MAIN-INTERFACE'!$D$2=\"No\",0,'MAIN-INTERFACE'!$D$8)))^MATRIX2!D57,Table_Provincial_GTAC35378[[#This Row],[Adj.AnnualRental]])*(1+\n\n                                (IF('MAIN-INTERFACE'!$D$2=\"No\",Table_Provincial_GTAC35378[[#This Row],[TnTEscalation]],'MAIN-INTERFACE'!$G$2)))^\n                                 (IF((COUNTIF(MATRIX2!M57:N57,\">0\")-1)<0,0,COUNTIF(MATRIX2!M57:N57,\">0\"))))))","v":1366759.5264000001},{"$f":"IF('MAIN-INTERFACE'!$D$2=\"No\",(Table_Provincial_GTAC35378[[#This Row],[Adj.AnnualRental]])*(1+Table_Provincial_GTAC35378[[#This Row],[TnTEscalation]])^3,(((MATRIX2!W57*Table_Provincial_GTAC35378[[#This Row],[Adj.AnnualRental]])*(1+Table_Provincial_GTAC35378[[#This Row],[TnTEscalation]])^3)+(MATRIX2!O57*IF(IF('MAIN-INTERFACE'!$D$2=\"No\",Table_Provincial_GTAC35378[[#This Row],[Adj.AnnualRental]],(Table_Provincial_GTAC35378[[#This Row],[RtmAnnualRental]])*(1+(IF('MAIN-INTERFACE'!$D$2=\"No\",0,'MAIN-INTERFACE'!$D$4))^(COUNTIF(MATRIX2!M57:O57,0))))*(1+(IF('MAIN-INTERFACE'!$D$2=\"No\",0,'MAIN-INTERFACE'!$D$8)))^3<Table_Provincial_GTAC35378[[#This Row],[Adj.AnnualRental]],(Table_Provincial_GTAC35378[[#This Row],[RtmAnnualRental]])*(1+(IF('MAIN-INTERFACE'!$D$2=\"No\",0,'MAIN-INTERFACE'!$D$4))^(COUNTIF(MATRIX2!M57:O57,0)))*(1+(IF('MAIN-INTERFACE'!$D$2=\"No\",0,'MAIN-INTERFACE'!$D$8)))^MATRIX2!E57,Table_Provincial_GTAC35378[[#This Row],[Adj.AnnualRental]])*(1+(IF('MAIN-INTERFACE'!$D$2=\"No\",Table_Provincial_GTAC35378[[#This Row],[TnTEscalation]],'MAIN-INTERFACE'!$G$2)))^(IF((COUNTIF(MATRIX2!M57:O57,\">0\")-1)<0,0,COUNTIF(MATRIX2!M57:O57,\">0\"))))))","v":1476100.2885120001},{"$f":"IF('MAIN-INTERFACE'!$D$2=\"No\",(Table_Provincial_GTAC35378[[#This Row],[Adj.AnnualRental]])*(1+Table_Provincial_GTAC35378[[#This Row],[TnTEscalation]])^4,((((MATRIX2!X57*Table_Provincial_GTAC35378[[#This Row],[Adj.AnnualRental]])*(1+Table_Provincial_GTAC35378[[#This Row],[TnTEscalation]])^4)+(MATRIX2!P57*IF(IF('MAIN-INTERFACE'!$D$2=\"No\",Table_Provincial_GTAC35378[[#This Row],[Adj.AnnualRental]],(Table_Provincial_GTAC35378[[#This Row],[RtmAnnualRental]])*(1+(IF('MAIN-INTERFACE'!$D$2=\"No\",0,'MAIN-INTERFACE'!$D$4))^(COUNTIF(MATRIX2!M57:P57,0))))*(1+(IF('MAIN-INTERFACE'!$D$2=\"No\",0,'MAIN-INTERFACE'!$D$8)))^4<Table_Provincial_GTAC35378[[#This Row],[Adj.AnnualRental]],(Table_Provincial_GTAC35378[[#This Row],[RtmAnnualRental]])*(1+(IF('MAIN-INTERFACE'!$D$2=\"No\",0,'MAIN-INTERFACE'!$D$4))^(COUNTIF(MATRIX2!M57:P57,0)))*(1+(IF('MAIN-INTERFACE'!$D$2=\"No\",0,'MAIN-INTERFACE'!$D$8)))^MATRIX2!F57,Table_Provincial_GTAC35378[[#This Row],[Adj.AnnualRental]])*(1+(IF('MAIN-INTERFACE'!$D$2=\"No\",Table_Provincial_GTAC35378[[#This Row],[TnTEscalation]],'MAIN-INTERFACE'!$G$2)))^(IF((COUNTIF(MATRIX2!M57:P57,\">0\")-1)<0,0,COUNTIF(MATRIX2!M57:P57,\">0\")))))))","v":1594188.3115929603},{"$f":"IF('MAIN-INTERFACE'!$D$2=\"No\",(Table_Provincial_GTAC35378[[#This Row],[Adj.AnnualRental]])*(1+Table_Provincial_GTAC35378[[#This Row],[TnTEscalation]])^5,(((MATRIX2!Y57*Table_Provincial_GTAC35378[[#This Row],[Adj.AnnualRental]])*(1+Table_Provincial_GTAC35378[[#This Row],[TnTEscalation]])^5)+(MATRIX2!Q57*IF(IF('MAIN-INTERFACE'!$D$2=\"No\",Table_Provincial_GTAC35378[[#This Row],[Adj.AnnualRental]],(Table_Provincial_GTAC35378[[#This Row],[RtmAnnualRental]])*(1+(IF('MAIN-INTERFACE'!$D$2=\"No\",0,'MAIN-INTERFACE'!$D$4))^(COUNTIF(MATRIX2!M57:Q57,0))))*(1+(IF('MAIN-INTERFACE'!$D$2=\"No\",0,'MAIN-INTERFACE'!$D$8)))^5<Table_Provincial_GTAC35378[[#This Row],[Adj.AnnualRental]],(Table_Provincial_GTAC35378[[#This Row],[RtmAnnualRental]])*(1+(IF('MAIN-INTERFACE'!$D$2=\"No\",0,'MAIN-INTERFACE'!$D$4))^(COUNTIF(MATRIX2!M57:Q57,0)))*(1+(IF('MAIN-INTERFACE'!$D$2=\"No\",0,'MAIN-INTERFACE'!$D$8)))^MATRIX2!G57,Table_Provincial_GTAC35378[[#This Row],[Adj.AnnualRental]])*(1+(IF('MAIN-INTERFACE'!$D$2=\"No\",Table_Provincial_GTAC35378[[#This Row],[TnTEscalation]],'MAIN-INTERFACE'!$G$2)))^(IF((COUNTIF(MATRIX2!M57:Q57,\">0\")-1)<0,0,COUNTIF(MATRIX2!M57:Q57,\">0\"))))))","v":1721723.3765203971},{"$f":"IF('MAIN-INTERFACE'!$D$2=\"No\",(Table_Provincial_GTAC35378[[#This Row],[Adj.AnnualRental]])*(1+Table_Provincial_GTAC35378[[#This Row],[TnTEscalation]])^6,(((MATRIX2!Z57*Table_Provincial_GTAC35378[[#This Row],[Adj.AnnualRental]])*(1+Table_Provincial_GTAC35378[[#This Row],[TnTEscalation]])^6)+(MATRIX2!R57*IF(IF('MAIN-INTERFACE'!$D$2=\"No\",Table_Provincial_GTAC35378[[#This Row],[Adj.AnnualRental]],(Table_Provincial_GTAC35378[[#This Row],[RtmAnnualRental]])*(1+(IF('MAIN-INTERFACE'!$D$2=\"No\",0,'MAIN-INTERFACE'!$D$4))^(COUNTIF(MATRIX2!M57:R57,0))))*(1+(IF('MAIN-INTERFACE'!$D$2=\"No\",0,'MAIN-INTERFACE'!$D$8)))^6<Table_Provincial_GTAC35378[[#This Row],[Adj.AnnualRental]],(Table_Provincial_GTAC35378[[#This Row],[RtmAnnualRental]])*(1+(IF('MAIN-INTERFACE'!$D$2=\"No\",0,'MAIN-INTERFACE'!$D$4))^(COUNTIF(MATRIX2!M57:R57,0)))*(1+(IF('MAIN-INTERFACE'!$D$2=\"No\",0,'MAIN-INTERFACE'!$D$8)))^MATRIX2!H57,Table_Provincial_GTAC35378[[#This Row],[Adj.AnnualRental]])*(1+(IF('MAIN-INTERFACE'!$D$2=\"No\",Table_Provincial_GTAC35378[[#This Row],[TnTEscalation]],'MAIN-INTERFACE'!$G$2)))^(IF((COUNTIF(MATRIX2!M57:R57,\">0\")-1)<0,0,COUNTIF(MATRIX2!M57:R57,\">0\"))))))","v":1410020.534980125},{"$f":"IF('MAIN-INTERFACE'!$D$2=\"No\",(Table_Provincial_GTAC35378[[#This Row],[Adj.AnnualRental]])*(1+Table_Provincial_GTAC35378[[#This Row],[TnTEscalation]])^7,(((MATRIX2!AA57*Table_Provincial_GTAC35378[[#This Row],[Adj.AnnualRental]])*(1+Table_Provincial_GTAC35378[[#This Row],[TnTEscalation]])^7)+(MATRIX2!S57*IF(IF('MAIN-INTERFACE'!$D$2=\"No\",Table_Provincial_GTAC35378[[#This Row],[Adj.AnnualRental]],(Table_Provincial_GTAC35378[[#This Row],[RtmAnnualRental]])*(1+(IF('MAIN-INTERFACE'!$D$2=\"No\",0,'MAIN-INTERFACE'!$D$4))^(COUNTIF(MATRIX2!M57:S57,0))))*(1+(IF('MAIN-INTERFACE'!$D$2=\"No\",0,'MAIN-INTERFACE'!$D$8)))^7<Table_Provincial_GTAC35378[[#This Row],[Adj.AnnualRental]],(Table_Provincial_GTAC35378[[#This Row],[RtmAnnualRental]])*(1+(IF('MAIN-INTERFACE'!$D$2=\"No\",0,'MAIN-INTERFACE'!$D$4))^(COUNTIF(MATRIX2!M57:S57,0)))*(1+(IF('MAIN-INTERFACE'!$D$2=\"No\",0,'MAIN-INTERFACE'!$D$8)))^MATRIX2!I57,Table_Provincial_GTAC35378[[#This Row],[Adj.AnnualRental]])*(1+(IF('MAIN-INTERFACE'!$D$2=\"No\",Table_Provincial_GTAC35378[[#This Row],[TnTEscalation]],'MAIN-INTERFACE'!$G$2)))^(IF((COUNTIF(MATRIX2!M57:S57,\">0\")-1)<0,0,COUNTIF(MATRIX2!M57:S57,\">0\"))))))","v":1354133.64},{"$f":"SUM(Table_Provincial_GTAC35378[[#This Row],[FY 2018/19]:[FY 2023/24]])","v":8922925.678005483}]
[{"$f":"Table_Provincial_GTAC3536[[#This Row],[SystemID]]","v":64},{"$f":"VLOOKUP($A58,DATA2!$A$2:$S$607,2,FALSE)","v":"KZN"},{"$f":"VLOOKUP($A58,DATA2!$A$2:$S$607,3,FALSE)","v":"KwaZulu-Natal"},{"$f":"VLOOKUP($A58,DATA2!$A$2:$S$607,4,FALSE)","v":110.1924023668639},{"$f":"VLOOKUP($A58,DATA2!$A$2:$S$607,5,FALSE)","v":77.5},{"$f":"VLOOKUP($A58,DATA2!$A$2:$S$607,6,FALSE)","v":"VTSD"},{"$f":"VLOOKUP($A58,DATA2!$A$2:$S$607,7,FALSE)","v":422.5},{"$f":"VLOOKUP($A58,DATA2!$A$2:$S$607,8,FALSE)","v":true},{"$f":"VLOOKUP($A58,DATA2!$A$2:$S$607,9,FALSE)","v":7.0000000000000007E-2},{"$f":"VLOOKUP($A58,DATA2!$A$2:$S$607,10,FALSE)","v":46556.29},{"$f":"VLOOKUP($A58,DATA2!$A$2:$S$607,11,FALSE)","v":558675.48},{"$f":"Table_Provincial_GTAC35378[[#This Row],[Benchmark]]*Table_Provincial_GTAC35378[[#This Row],[ExtentM2]]*12","v":392925},{"$f":"VLOOKUP($A58,DATA2!$A$2:$S$607,12,FALSE)","v":"2015-05-01"},{"$f":"VLOOKUP($A58,DATA2!$A$2:$S$607,13,FALSE)","v":"2018-04-30"},{"$f":"VLOOKUP($A58,DATA2!$A$2:$S$607,14,FALSE)","v":"No"},{"$f":"IF(MATRIX2!D58=1,($Y$8-$X$2)/365*Table_Provincial_GTAC35378[[#This Row],[Adj.AnnualRental]]*MATRIX2!D58,($Y$8-$X$2)/365*Table_Provincial_GTAC35378[[#This Row],[Adj.AnnualRental]])","v":-2021946.0522739724},{"$f":"IF('MAIN-INTERFACE'!$D$2=\"No\",(Table_Provincial_GTAC35378[[#This Row],[Adj.AnnualRental]])*(1+Table_Provincial_GTAC35378[[#This Row],[TnTEscalation]])^2,\n    (((MATRIX2!V58*Table_Provincial_GTAC35378[[#This Row],[Adj.AnnualRental]])*(1+Table_Provincial_GTAC35378[[#This Row],[TnTEscalation]])^2)+\n       (MATRIX2!N58* IF(IF('MAIN-INTERFACE'!$D$2=\"No\",Table_Provincial_GTAC35378[[#This Row],[Adj.AnnualRental]],(Table_Provincial_GTAC35378[[#This Row],[RtmAnnualRental]])*(1+\n                                 (IF('MAIN-INTERFACE'!$D$2=\"No\",0,'MAIN-INTERFACE'!$D$4))^(COUNTIF(MATRIX2!M58:N58,0))))*(1+\n                                 (IF('MAIN-INTERFACE'!$D$2=\"No\",0,'MAIN-INTERFACE'!$D$8)))^2<Table_Provincial_GTAC35378[[#This Row],[Adj.AnnualRental]],(Table_Provincial_GTAC35378[[#This Row],[RtmAnnualRental]])*(1+\n\n                                 (IF('MAIN-INTERFACE'!$D$2=\"No\",0,'MAIN-INTERFACE'!$D$4))^(COUNTIF(MATRIX2!M58:N58,0)))*(1+\n                                 (IF('MAIN-INTERFACE'!$D$2=\"No\",0,'MAIN-INTERFACE'!$D$8)))^MATRIX2!D58,Table_Provincial_GTAC35378[[#This Row],[Adj.AnnualRental]])*(1+\n\n                                (IF('MAIN-INTERFACE'!$D$2=\"No\",Table_Provincial_GTAC35378[[#This Row],[TnTEscalation]],'MAIN-INTERFACE'!$G$2)))^\n                                 (IF((COUNTIF(MATRIX2!M58:N58,\">0\")-1)<0,0,COUNTIF(MATRIX2!M58:N58,\">0\"))))))","v":555376.07216848759},{"$f":"IF('MAIN-INTERFACE'!$D$2=\"No\",(Table_Provincial_GTAC35378[[#This Row],[Adj.AnnualRental]])*(1+Table_Provincial_GTAC35378[[#This Row],[TnTEscalation]])^3,(((MATRIX2!W58*Table_Provincial_GTAC35378[[#This Row],[Adj.AnnualRental]])*(1+Table_Provincial_GTAC35378[[#This Row],[TnTEscalation]])^3)+(MATRIX2!O58*IF(IF('MAIN-INTERFACE'!$D$2=\"No\",Table_Provincial_GTAC35378[[#This Row],[Adj.AnnualRental]],(Table_Provincial_GTAC35378[[#This Row],[RtmAnnualRental]])*(1+(IF('MAIN-INTERFACE'!$D$2=\"No\",0,'MAIN-INTERFACE'!$D$4))^(COUNTIF(MATRIX2!M58:O58,0))))*(1+(IF('MAIN-INTERFACE'!$D$2=\"No\",0,'MAIN-INTERFACE'!$D$8)))^3<Table_Provincial_GTAC35378[[#This Row],[Adj.AnnualRental]],(Table_Provincial_GTAC35378[[#This Row],[RtmAnnualRental]])*(1+(IF('MAIN-INTERFACE'!$D$2=\"No\",0,'MAIN-INTERFACE'!$D$4))^(COUNTIF(MATRIX2!M58:O58,0)))*(1+(IF('MAIN-INTERFACE'!$D$2=\"No\",0,'MAIN-INTERFACE'!$D$8)))^MATRIX2!E58,Table_Provincial_GTAC35378[[#This Row],[Adj.AnnualRental]])*(1+(IF('MAIN-INTERFACE'!$D$2=\"No\",Table_Provincial_GTAC35378[[#This Row],[TnTEscalation]],'MAIN-INTERFACE'!$G$2)))^(IF((COUNTIF(MATRIX2!M58:O58,\">0\")-1)<0,0,COUNTIF(MATRIX2!M58:O58,\">0\"))))))","v":472236.91124999995},{"$f":"IF('MAIN-INTERFACE'!$D$2=\"No\",(Table_Provincial_GTAC35378[[#This Row],[Adj.AnnualRental]])*(1+Table_Provincial_GTAC35378[[#This Row],[TnTEscalation]])^4,((((MATRIX2!X58*Table_Provincial_GTAC35378[[#This Row],[Adj.AnnualRental]])*(1+Table_Provincial_GTAC35378[[#This Row],[TnTEscalation]])^4)+(MATRIX2!P58*IF(IF('MAIN-INTERFACE'!$D$2=\"No\",Table_Provincial_GTAC35378[[#This Row],[Adj.AnnualRental]],(Table_Provincial_GTAC35378[[#This Row],[RtmAnnualRental]])*(1+(IF('MAIN-INTERFACE'!$D$2=\"No\",0,'MAIN-INTERFACE'!$D$4))^(COUNTIF(MATRIX2!M58:P58,0))))*(1+(IF('MAIN-INTERFACE'!$D$2=\"No\",0,'MAIN-INTERFACE'!$D$8)))^4<Table_Provincial_GTAC35378[[#This Row],[Adj.AnnualRental]],(Table_Provincial_GTAC35378[[#This Row],[RtmAnnualRental]])*(1+(IF('MAIN-INTERFACE'!$D$2=\"No\",0,'MAIN-INTERFACE'!$D$4))^(COUNTIF(MATRIX2!M58:P58,0)))*(1+(IF('MAIN-INTERFACE'!$D$2=\"No\",0,'MAIN-INTERFACE'!$D$8)))^MATRIX2!F58,Table_Provincial_GTAC35378[[#This Row],[Adj.AnnualRental]])*(1+(IF('MAIN-INTERFACE'!$D$2=\"No\",Table_Provincial_GTAC35378[[#This Row],[TnTEscalation]],'MAIN-INTERFACE'!$G$2)))^(IF((COUNTIF(MATRIX2!M58:P58,\">0\")-1)<0,0,COUNTIF(MATRIX2!M58:P58,\">0\")))))))","v":507654.67959374993},{"$f":"IF('MAIN-INTERFACE'!$D$2=\"No\",(Table_Provincial_GTAC35378[[#This Row],[Adj.AnnualRental]])*(1+Table_Provincial_GTAC35378[[#This Row],[TnTEscalation]])^5,(((MATRIX2!Y58*Table_Provincial_GTAC35378[[#This Row],[Adj.AnnualRental]])*(1+Table_Provincial_GTAC35378[[#This Row],[TnTEscalation]])^5)+(MATRIX2!Q58*IF(IF('MAIN-INTERFACE'!$D$2=\"No\",Table_Provincial_GTAC35378[[#This Row],[Adj.AnnualRental]],(Table_Provincial_GTAC35378[[#This Row],[RtmAnnualRental]])*(1+(IF('MAIN-INTERFACE'!$D$2=\"No\",0,'MAIN-INTERFACE'!$D$4))^(COUNTIF(MATRIX2!M58:Q58,0))))*(1+(IF('MAIN-INTERFACE'!$D$2=\"No\",0,'MAIN-INTERFACE'!$D$8)))^5<Table_Provincial_GTAC35378[[#This Row],[Adj.AnnualRental]],(Table_Provincial_GTAC35378[[#This Row],[RtmAnnualRental]])*(1+(IF('MAIN-INTERFACE'!$D$2=\"No\",0,'MAIN-INTERFACE'!$D$4))^(COUNTIF(MATRIX2!M58:Q58,0)))*(1+(IF('MAIN-INTERFACE'!$D$2=\"No\",0,'MAIN-INTERFACE'!$D$8)))^MATRIX2!G58,Table_Provincial_GTAC35378[[#This Row],[Adj.AnnualRental]])*(1+(IF('MAIN-INTERFACE'!$D$2=\"No\",Table_Provincial_GTAC35378[[#This Row],[TnTEscalation]],'MAIN-INTERFACE'!$G$2)))^(IF((COUNTIF(MATRIX2!M58:Q58,\">0\")-1)<0,0,COUNTIF(MATRIX2!M58:Q58,\">0\"))))))","v":545728.78056328115},{"$f":"IF('MAIN-INTERFACE'!$D$2=\"No\",(Table_Provincial_GTAC35378[[#This Row],[Adj.AnnualRental]])*(1+Table_Provincial_GTAC35378[[#This Row],[TnTEscalation]])^6,(((MATRIX2!Z58*Table_Provincial_GTAC35378[[#This Row],[Adj.AnnualRental]])*(1+Table_Provincial_GTAC35378[[#This Row],[TnTEscalation]])^6)+(MATRIX2!R58*IF(IF('MAIN-INTERFACE'!$D$2=\"No\",Table_Provincial_GTAC35378[[#This Row],[Adj.AnnualRental]],(Table_Provincial_GTAC35378[[#This Row],[RtmAnnualRental]])*(1+(IF('MAIN-INTERFACE'!$D$2=\"No\",0,'MAIN-INTERFACE'!$D$4))^(COUNTIF(MATRIX2!M58:R58,0))))*(1+(IF('MAIN-INTERFACE'!$D$2=\"No\",0,'MAIN-INTERFACE'!$D$8)))^6<Table_Provincial_GTAC35378[[#This Row],[Adj.AnnualRental]],(Table_Provincial_GTAC35378[[#This Row],[RtmAnnualRental]])*(1+(IF('MAIN-INTERFACE'!$D$2=\"No\",0,'MAIN-INTERFACE'!$D$4))^(COUNTIF(MATRIX2!M58:R58,0)))*(1+(IF('MAIN-INTERFACE'!$D$2=\"No\",0,'MAIN-INTERFACE'!$D$8)))^MATRIX2!H58,Table_Provincial_GTAC35378[[#This Row],[Adj.AnnualRental]])*(1+(IF('MAIN-INTERFACE'!$D$2=\"No\",Table_Provincial_GTAC35378[[#This Row],[TnTEscalation]],'MAIN-INTERFACE'!$G$2)))^(IF((COUNTIF(MATRIX2!M58:R58,\">0\")-1)<0,0,COUNTIF(MATRIX2!M58:R58,\">0\"))))))","v":586658.43910552724},{"$f":"IF('MAIN-INTERFACE'!$D$2=\"No\",(Table_Provincial_GTAC35378[[#This Row],[Adj.AnnualRental]])*(1+Table_Provincial_GTAC35378[[#This Row],[TnTEscalation]])^7,(((MATRIX2!AA58*Table_Provincial_GTAC35378[[#This Row],[Adj.AnnualRental]])*(1+Table_Provincial_GTAC35378[[#This Row],[TnTEscalation]])^7)+(MATRIX2!S58*IF(IF('MAIN-INTERFACE'!$D$2=\"No\",Table_Provincial_GTAC35378[[#This Row],[Adj.AnnualRental]],(Table_Provincial_GTAC35378[[#This Row],[RtmAnnualRental]])*(1+(IF('MAIN-INTERFACE'!$D$2=\"No\",0,'MAIN-INTERFACE'!$D$4))^(COUNTIF(MATRIX2!M58:S58,0))))*(1+(IF('MAIN-INTERFACE'!$D$2=\"No\",0,'MAIN-INTERFACE'!$D$8)))^7<Table_Provincial_GTAC35378[[#This Row],[Adj.AnnualRental]],(Table_Provincial_GTAC35378[[#This Row],[RtmAnnualRental]])*(1+(IF('MAIN-INTERFACE'!$D$2=\"No\",0,'MAIN-INTERFACE'!$D$4))^(COUNTIF(MATRIX2!M58:S58,0)))*(1+(IF('MAIN-INTERFACE'!$D$2=\"No\",0,'MAIN-INTERFACE'!$D$8)))^MATRIX2!I58,Table_Provincial_GTAC35378[[#This Row],[Adj.AnnualRental]])*(1+(IF('MAIN-INTERFACE'!$D$2=\"No\",Table_Provincial_GTAC35378[[#This Row],[TnTEscalation]],'MAIN-INTERFACE'!$G$2)))^(IF((COUNTIF(MATRIX2!M58:S58,\">0\")-1)<0,0,COUNTIF(MATRIX2!M58:S58,\">0\"))))))","v":630657.82203844178},{"$f":"SUM(Table_Provincial_GTAC35378[[#This Row],[FY 2018/19]:[FY 2023/24]])","v":3298312.7047194876}]
[{"$f":"Table_Provincial_GTAC3536[[#This Row],[SystemID]]","v":66},{"$f":"VLOOKUP($A59,DATA2!$A$2:$S$607,2,FALSE)","v":"KZN"},{"$f":"VLOOKUP($A59,DATA2!$A$2:$S$607,3,FALSE)","v":"KwaZulu-Natal"},{"$f":"VLOOKUP($A59,DATA2!$A$2:$S$607,4,FALSE)","v":95.007532846715335},{"$f":"VLOOKUP($A59,DATA2!$A$2:$S$607,5,FALSE)","v":65},{"$f":"VLOOKUP($A59,DATA2!$A$2:$S$607,6,FALSE)","v":"VTSD"},{"$f":"VLOOKUP($A59,DATA2!$A$2:$S$607,7,FALSE)","v":685},{"$f":"VLOOKUP($A59,DATA2!$A$2:$S$607,8,FALSE)","v":true},{"$f":"VLOOKUP($A59,DATA2!$A$2:$S$607,9,FALSE)","v":0},{"$f":"VLOOKUP($A59,DATA2!$A$2:$S$607,10,FALSE)","v":65080.160000000003},{"$f":"VLOOKUP($A59,DATA2!$A$2:$S$607,11,FALSE)","v":780961.92},{"$f":"Table_Provincial_GTAC35378[[#This Row],[Benchmark]]*Table_Provincial_GTAC35378[[#This Row],[ExtentM2]]*12","v":534300},{"$f":"VLOOKUP($A59,DATA2!$A$2:$S$607,12,FALSE)","v":"2016-09-01"},{"$f":"VLOOKUP($A59,DATA2!$A$2:$S$607,13,FALSE)","v":"2017-08-31"},{"$f":"VLOOKUP($A59,DATA2!$A$2:$S$607,14,FALSE)","v":"No"},{"$f":"IF(MATRIX2!D59=1,($Y$8-$X$2)/365*Table_Provincial_GTAC35378[[#This Row],[Adj.AnnualRental]]*MATRIX2!D59,($Y$8-$X$2)/365*Table_Provincial_GTAC35378[[#This Row],[Adj.AnnualRental]])","v":-2826440.2638904112},{"$f":"IF('MAIN-INTERFACE'!$D$2=\"No\",(Table_Provincial_GTAC35378[[#This Row],[Adj.AnnualRental]])*(1+Table_Provincial_GTAC35378[[#This Row],[TnTEscalation]])^2,\n    (((MATRIX2!V59*Table_Provincial_GTAC35378[[#This Row],[Adj.AnnualRental]])*(1+Table_Provincial_GTAC35378[[#This Row],[TnTEscalation]])^2)+\n       (MATRIX2!N59* IF(IF('MAIN-INTERFACE'!$D$2=\"No\",Table_Provincial_GTAC35378[[#This Row],[Adj.AnnualRental]],(Table_Provincial_GTAC35378[[#This Row],[RtmAnnualRental]])*(1+\n                                 (IF('MAIN-INTERFACE'!$D$2=\"No\",0,'MAIN-INTERFACE'!$D$4))^(COUNTIF(MATRIX2!M59:N59,0))))*(1+\n                                 (IF('MAIN-INTERFACE'!$D$2=\"No\",0,'MAIN-INTERFACE'!$D$8)))^2<Table_Provincial_GTAC35378[[#This Row],[Adj.AnnualRental]],(Table_Provincial_GTAC35378[[#This Row],[RtmAnnualRental]])*(1+\n\n                                 (IF('MAIN-INTERFACE'!$D$2=\"No\",0,'MAIN-INTERFACE'!$D$4))^(COUNTIF(MATRIX2!M59:N59,0)))*(1+\n                                 (IF('MAIN-INTERFACE'!$D$2=\"No\",0,'MAIN-INTERFACE'!$D$8)))^MATRIX2!D59,Table_Provincial_GTAC35378[[#This Row],[Adj.AnnualRental]])*(1+\n\n                                (IF('MAIN-INTERFACE'!$D$2=\"No\",Table_Provincial_GTAC35378[[#This Row],[TnTEscalation]],'MAIN-INTERFACE'!$G$2)))^\n                                 (IF((COUNTIF(MATRIX2!M59:N59,\">0\")-1)<0,0,COUNTIF(MATRIX2!M59:N59,\">0\"))))))","v":780961.92},{"$f":"IF('MAIN-INTERFACE'!$D$2=\"No\",(Table_Provincial_GTAC35378[[#This Row],[Adj.AnnualRental]])*(1+Table_Provincial_GTAC35378[[#This Row],[TnTEscalation]])^3,(((MATRIX2!W59*Table_Provincial_GTAC35378[[#This Row],[Adj.AnnualRental]])*(1+Table_Provincial_GTAC35378[[#This Row],[TnTEscalation]])^3)+(MATRIX2!O59*IF(IF('MAIN-INTERFACE'!$D$2=\"No\",Table_Provincial_GTAC35378[[#This Row],[Adj.AnnualRental]],(Table_Provincial_GTAC35378[[#This Row],[RtmAnnualRental]])*(1+(IF('MAIN-INTERFACE'!$D$2=\"No\",0,'MAIN-INTERFACE'!$D$4))^(COUNTIF(MATRIX2!M59:O59,0))))*(1+(IF('MAIN-INTERFACE'!$D$2=\"No\",0,'MAIN-INTERFACE'!$D$8)))^3<Table_Provincial_GTAC35378[[#This Row],[Adj.AnnualRental]],(Table_Provincial_GTAC35378[[#This Row],[RtmAnnualRental]])*(1+(IF('MAIN-INTERFACE'!$D$2=\"No\",0,'MAIN-INTERFACE'!$D$4))^(COUNTIF(MATRIX2!M59:O59,0)))*(1+(IF('MAIN-INTERFACE'!$D$2=\"No\",0,'MAIN-INTERFACE'!$D$8)))^MATRIX2!E59,Table_Provincial_GTAC35378[[#This Row],[Adj.AnnualRental]])*(1+(IF('MAIN-INTERFACE'!$D$2=\"No\",Table_Provincial_GTAC35378[[#This Row],[TnTEscalation]],'MAIN-INTERFACE'!$G$2)))^(IF((COUNTIF(MATRIX2!M59:O59,\">0\")-1)<0,0,COUNTIF(MATRIX2!M59:O59,\">0\"))))))","v":780961.92},{"$f":"IF('MAIN-INTERFACE'!$D$2=\"No\",(Table_Provincial_GTAC35378[[#This Row],[Adj.AnnualRental]])*(1+Table_Provincial_GTAC35378[[#This Row],[TnTEscalation]])^4,((((MATRIX2!X59*Table_Provincial_GTAC35378[[#This Row],[Adj.AnnualRental]])*(1+Table_Provincial_GTAC35378[[#This Row],[TnTEscalation]])^4)+(MATRIX2!P59*IF(IF('MAIN-INTERFACE'!$D$2=\"No\",Table_Provincial_GTAC35378[[#This Row],[Adj.AnnualRental]],(Table_Provincial_GTAC35378[[#This Row],[RtmAnnualRental]])*(1+(IF('MAIN-INTERFACE'!$D$2=\"No\",0,'MAIN-INTERFACE'!$D$4))^(COUNTIF(MATRIX2!M59:P59,0))))*(1+(IF('MAIN-INTERFACE'!$D$2=\"No\",0,'MAIN-INTERFACE'!$D$8)))^4<Table_Provincial_GTAC35378[[#This Row],[Adj.AnnualRental]],(Table_Provincial_GTAC35378[[#This Row],[RtmAnnualRental]])*(1+(IF('MAIN-INTERFACE'!$D$2=\"No\",0,'MAIN-INTERFACE'!$D$4))^(COUNTIF(MATRIX2!M59:P59,0)))*(1+(IF('MAIN-INTERFACE'!$D$2=\"No\",0,'MAIN-INTERFACE'!$D$8)))^MATRIX2!F59,Table_Provincial_GTAC35378[[#This Row],[Adj.AnnualRental]])*(1+(IF('MAIN-INTERFACE'!$D$2=\"No\",Table_Provincial_GTAC35378[[#This Row],[TnTEscalation]],'MAIN-INTERFACE'!$G$2)))^(IF((COUNTIF(MATRIX2!M59:P59,\">0\")-1)<0,0,COUNTIF(MATRIX2!M59:P59,\">0\")))))))","v":780961.92},{"$f":"IF('MAIN-INTERFACE'!$D$2=\"No\",(Table_Provincial_GTAC35378[[#This Row],[Adj.AnnualRental]])*(1+Table_Provincial_GTAC35378[[#This Row],[TnTEscalation]])^5,(((MATRIX2!Y59*Table_Provincial_GTAC35378[[#This Row],[Adj.AnnualRental]])*(1+Table_Provincial_GTAC35378[[#This Row],[TnTEscalation]])^5)+(MATRIX2!Q59*IF(IF('MAIN-INTERFACE'!$D$2=\"No\",Table_Provincial_GTAC35378[[#This Row],[Adj.AnnualRental]],(Table_Provincial_GTAC35378[[#This Row],[RtmAnnualRental]])*(1+(IF('MAIN-INTERFACE'!$D$2=\"No\",0,'MAIN-INTERFACE'!$D$4))^(COUNTIF(MATRIX2!M59:Q59,0))))*(1+(IF('MAIN-INTERFACE'!$D$2=\"No\",0,'MAIN-INTERFACE'!$D$8)))^5<Table_Provincial_GTAC35378[[#This Row],[Adj.AnnualRental]],(Table_Provincial_GTAC35378[[#This Row],[RtmAnnualRental]])*(1+(IF('MAIN-INTERFACE'!$D$2=\"No\",0,'MAIN-INTERFACE'!$D$4))^(COUNTIF(MATRIX2!M59:Q59,0)))*(1+(IF('MAIN-INTERFACE'!$D$2=\"No\",0,'MAIN-INTERFACE'!$D$8)))^MATRIX2!G59,Table_Provincial_GTAC35378[[#This Row],[Adj.AnnualRental]])*(1+(IF('MAIN-INTERFACE'!$D$2=\"No\",Table_Provincial_GTAC35378[[#This Row],[TnTEscalation]],'MAIN-INTERFACE'!$G$2)))^(IF((COUNTIF(MATRIX2!M59:Q59,\">0\")-1)<0,0,COUNTIF(MATRIX2!M59:Q59,\">0\"))))))","v":780961.92},{"$f":"IF('MAIN-INTERFACE'!$D$2=\"No\",(Table_Provincial_GTAC35378[[#This Row],[Adj.AnnualRental]])*(1+Table_Provincial_GTAC35378[[#This Row],[TnTEscalation]])^6,(((MATRIX2!Z59*Table_Provincial_GTAC35378[[#This Row],[Adj.AnnualRental]])*(1+Table_Provincial_GTAC35378[[#This Row],[TnTEscalation]])^6)+(MATRIX2!R59*IF(IF('MAIN-INTERFACE'!$D$2=\"No\",Table_Provincial_GTAC35378[[#This Row],[Adj.AnnualRental]],(Table_Provincial_GTAC35378[[#This Row],[RtmAnnualRental]])*(1+(IF('MAIN-INTERFACE'!$D$2=\"No\",0,'MAIN-INTERFACE'!$D$4))^(COUNTIF(MATRIX2!M59:R59,0))))*(1+(IF('MAIN-INTERFACE'!$D$2=\"No\",0,'MAIN-INTERFACE'!$D$8)))^6<Table_Provincial_GTAC35378[[#This Row],[Adj.AnnualRental]],(Table_Provincial_GTAC35378[[#This Row],[RtmAnnualRental]])*(1+(IF('MAIN-INTERFACE'!$D$2=\"No\",0,'MAIN-INTERFACE'!$D$4))^(COUNTIF(MATRIX2!M59:R59,0)))*(1+(IF('MAIN-INTERFACE'!$D$2=\"No\",0,'MAIN-INTERFACE'!$D$8)))^MATRIX2!H59,Table_Provincial_GTAC35378[[#This Row],[Adj.AnnualRental]])*(1+(IF('MAIN-INTERFACE'!$D$2=\"No\",Table_Provincial_GTAC35378[[#This Row],[TnTEscalation]],'MAIN-INTERFACE'!$G$2)))^(IF((COUNTIF(MATRIX2!M59:R59,\">0\")-1)<0,0,COUNTIF(MATRIX2!M59:R59,\">0\"))))))","v":780961.92},{"$f":"IF('MAIN-INTERFACE'!$D$2=\"No\",(Table_Provincial_GTAC35378[[#This Row],[Adj.AnnualRental]])*(1+Table_Provincial_GTAC35378[[#This Row],[TnTEscalation]])^7,(((MATRIX2!AA59*Table_Provincial_GTAC35378[[#This Row],[Adj.AnnualRental]])*(1+Table_Provincial_GTAC35378[[#This Row],[TnTEscalation]])^7)+(MATRIX2!S59*IF(IF('MAIN-INTERFACE'!$D$2=\"No\",Table_Provincial_GTAC35378[[#This Row],[Adj.AnnualRental]],(Table_Provincial_GTAC35378[[#This Row],[RtmAnnualRental]])*(1+(IF('MAIN-INTERFACE'!$D$2=\"No\",0,'MAIN-INTERFACE'!$D$4))^(COUNTIF(MATRIX2!M59:S59,0))))*(1+(IF('MAIN-INTERFACE'!$D$2=\"No\",0,'MAIN-INTERFACE'!$D$8)))^7<Table_Provincial_GTAC35378[[#This Row],[Adj.AnnualRental]],(Table_Provincial_GTAC35378[[#This Row],[RtmAnnualRental]])*(1+(IF('MAIN-INTERFACE'!$D$2=\"No\",0,'MAIN-INTERFACE'!$D$4))^(COUNTIF(MATRIX2!M59:S59,0)))*(1+(IF('MAIN-INTERFACE'!$D$2=\"No\",0,'MAIN-INTERFACE'!$D$8)))^MATRIX2!I59,Table_Provincial_GTAC35378[[#This Row],[Adj.AnnualRental]])*(1+(IF('MAIN-INTERFACE'!$D$2=\"No\",Table_Provincial_GTAC35378[[#This Row],[TnTEscalation]],'MAIN-INTERFACE'!$G$2)))^(IF((COUNTIF(MATRIX2!M59:S59,\">0\")-1)<0,0,COUNTIF(MATRIX2!M59:S59,\">0\"))))))","v":780961.92},{"$f":"SUM(Table_Provincial_GTAC35378[[#This Row],[FY 2018/19]:[FY 2023/24]])","v":4685771.5200000005}]
[{"$f":"Table_Provincial_GTAC3536[[#This Row],[SystemID]]","v":67},{"$f":"VLOOKUP($A60,DATA2!$A$2:$S$607,2,FALSE)","v":"KZN"},{"$f":"VLOOKUP($A60,DATA2!$A$2:$S$607,3,FALSE)","v":"KwaZulu-Natal"},{"$f":"VLOOKUP($A60,DATA2!$A$2:$S$607,4,FALSE)","v":111.22965197215777},{"$f":"VLOOKUP($A60,DATA2!$A$2:$S$607,5,FALSE)","v":65},{"$f":"VLOOKUP($A60,DATA2!$A$2:$S$607,6,FALSE)","v":"MAIN CENTRE"},{"$f":"VLOOKUP($A60,DATA2!$A$2:$S$607,7,FALSE)","v":862},{"$f":"VLOOKUP($A60,DATA2!$A$2:$S$607,8,FALSE)","v":true},{"$f":"VLOOKUP($A60,DATA2!$A$2:$S$607,9,FALSE)","v":0},{"$f":"VLOOKUP($A60,DATA2!$A$2:$S$607,10,FALSE)","v":95879.96},{"$f":"VLOOKUP($A60,DATA2!$A$2:$S$607,11,FALSE)","v":1150559.52},{"$f":"Table_Provincial_GTAC35378[[#This Row],[Benchmark]]*Table_Provincial_GTAC35378[[#This Row],[ExtentM2]]*12","v":672360},{"$f":"VLOOKUP($A60,DATA2!$A$2:$S$607,12,FALSE)","v":"2016-04-01"},{"$f":"VLOOKUP($A60,DATA2!$A$2:$S$607,13,FALSE)","v":"2017-03-31"},{"$f":"VLOOKUP($A60,DATA2!$A$2:$S$607,14,FALSE)","v":"Yes"},{"$f":"IF(MATRIX2!D60=1,($Y$8-$X$2)/365*Table_Provincial_GTAC35378[[#This Row],[Adj.AnnualRental]]*MATRIX2!D60,($Y$8-$X$2)/365*Table_Provincial_GTAC35378[[#This Row],[Adj.AnnualRental]])","v":-4164079.7970410958},{"$f":"IF('MAIN-INTERFACE'!$D$2=\"No\",(Table_Provincial_GTAC35378[[#This Row],[Adj.AnnualRental]])*(1+Table_Provincial_GTAC35378[[#This Row],[TnTEscalation]])^2,\n    (((MATRIX2!V60*Table_Provincial_GTAC35378[[#This Row],[Adj.AnnualRental]])*(1+Table_Provincial_GTAC35378[[#This Row],[TnTEscalation]])^2)+\n       (MATRIX2!N60* IF(IF('MAIN-INTERFACE'!$D$2=\"No\",Table_Provincial_GTAC35378[[#This Row],[Adj.AnnualRental]],(Table_Provincial_GTAC35378[[#This Row],[RtmAnnualRental]])*(1+\n                                 (IF('MAIN-INTERFACE'!$D$2=\"No\",0,'MAIN-INTERFACE'!$D$4))^(COUNTIF(MATRIX2!M60:N60,0))))*(1+\n                                 (IF('MAIN-INTERFACE'!$D$2=\"No\",0,'MAIN-INTERFACE'!$D$8)))^2<Table_Provincial_GTAC35378[[#This Row],[Adj.AnnualRental]],(Table_Provincial_GTAC35378[[#This Row],[RtmAnnualRental]])*(1+\n\n                                 (IF('MAIN-INTERFACE'!$D$2=\"No\",0,'MAIN-INTERFACE'!$D$4))^(COUNTIF(MATRIX2!M60:N60,0)))*(1+\n                                 (IF('MAIN-INTERFACE'!$D$2=\"No\",0,'MAIN-INTERFACE'!$D$8)))^MATRIX2!D60,Table_Provincial_GTAC35378[[#This Row],[Adj.AnnualRental]])*(1+\n\n                                (IF('MAIN-INTERFACE'!$D$2=\"No\",Table_Provincial_GTAC35378[[#This Row],[TnTEscalation]],'MAIN-INTERFACE'!$G$2)))^\n                                 (IF((COUNTIF(MATRIX2!M60:N60,\">0\")-1)<0,0,COUNTIF(MATRIX2!M60:N60,\">0\"))))))","v":951129},{"$f":"IF('MAIN-INTERFACE'!$D$2=\"No\",(Table_Provincial_GTAC35378[[#This Row],[Adj.AnnualRental]])*(1+Table_Provincial_GTAC35378[[#This Row],[TnTEscalation]])^3,(((MATRIX2!W60*Table_Provincial_GTAC35378[[#This Row],[Adj.AnnualRental]])*(1+Table_Provincial_GTAC35378[[#This Row],[TnTEscalation]])^3)+(MATRIX2!O60*IF(IF('MAIN-INTERFACE'!$D$2=\"No\",Table_Provincial_GTAC35378[[#This Row],[Adj.AnnualRental]],(Table_Provincial_GTAC35378[[#This Row],[RtmAnnualRental]])*(1+(IF('MAIN-INTERFACE'!$D$2=\"No\",0,'MAIN-INTERFACE'!$D$4))^(COUNTIF(MATRIX2!M60:O60,0))))*(1+(IF('MAIN-INTERFACE'!$D$2=\"No\",0,'MAIN-INTERFACE'!$D$8)))^3<Table_Provincial_GTAC35378[[#This Row],[Adj.AnnualRental]],(Table_Provincial_GTAC35378[[#This Row],[RtmAnnualRental]])*(1+(IF('MAIN-INTERFACE'!$D$2=\"No\",0,'MAIN-INTERFACE'!$D$4))^(COUNTIF(MATRIX2!M60:O60,0)))*(1+(IF('MAIN-INTERFACE'!$D$2=\"No\",0,'MAIN-INTERFACE'!$D$8)))^MATRIX2!E60,Table_Provincial_GTAC35378[[#This Row],[Adj.AnnualRental]])*(1+(IF('MAIN-INTERFACE'!$D$2=\"No\",Table_Provincial_GTAC35378[[#This Row],[TnTEscalation]],'MAIN-INTERFACE'!$G$2)))^(IF((COUNTIF(MATRIX2!M60:O60,\">0\")-1)<0,0,COUNTIF(MATRIX2!M60:O60,\">0\"))))))","v":808075.86599999992},{"$f":"IF('MAIN-INTERFACE'!$D$2=\"No\",(Table_Provincial_GTAC35378[[#This Row],[Adj.AnnualRental]])*(1+Table_Provincial_GTAC35378[[#This Row],[TnTEscalation]])^4,((((MATRIX2!X60*Table_Provincial_GTAC35378[[#This Row],[Adj.AnnualRental]])*(1+Table_Provincial_GTAC35378[[#This Row],[TnTEscalation]])^4)+(MATRIX2!P60*IF(IF('MAIN-INTERFACE'!$D$2=\"No\",Table_Provincial_GTAC35378[[#This Row],[Adj.AnnualRental]],(Table_Provincial_GTAC35378[[#This Row],[RtmAnnualRental]])*(1+(IF('MAIN-INTERFACE'!$D$2=\"No\",0,'MAIN-INTERFACE'!$D$4))^(COUNTIF(MATRIX2!M60:P60,0))))*(1+(IF('MAIN-INTERFACE'!$D$2=\"No\",0,'MAIN-INTERFACE'!$D$8)))^4<Table_Provincial_GTAC35378[[#This Row],[Adj.AnnualRental]],(Table_Provincial_GTAC35378[[#This Row],[RtmAnnualRental]])*(1+(IF('MAIN-INTERFACE'!$D$2=\"No\",0,'MAIN-INTERFACE'!$D$4))^(COUNTIF(MATRIX2!M60:P60,0)))*(1+(IF('MAIN-INTERFACE'!$D$2=\"No\",0,'MAIN-INTERFACE'!$D$8)))^MATRIX2!F60,Table_Provincial_GTAC35378[[#This Row],[Adj.AnnualRental]])*(1+(IF('MAIN-INTERFACE'!$D$2=\"No\",Table_Provincial_GTAC35378[[#This Row],[TnTEscalation]],'MAIN-INTERFACE'!$G$2)))^(IF((COUNTIF(MATRIX2!M60:P60,\">0\")-1)<0,0,COUNTIF(MATRIX2!M60:P60,\">0\")))))))","v":868681.55594999995},{"$f":"IF('MAIN-INTERFACE'!$D$2=\"No\",(Table_Provincial_GTAC35378[[#This Row],[Adj.AnnualRental]])*(1+Table_Provincial_GTAC35378[[#This Row],[TnTEscalation]])^5,(((MATRIX2!Y60*Table_Provincial_GTAC35378[[#This Row],[Adj.AnnualRental]])*(1+Table_Provincial_GTAC35378[[#This Row],[TnTEscalation]])^5)+(MATRIX2!Q60*IF(IF('MAIN-INTERFACE'!$D$2=\"No\",Table_Provincial_GTAC35378[[#This Row],[Adj.AnnualRental]],(Table_Provincial_GTAC35378[[#This Row],[RtmAnnualRental]])*(1+(IF('MAIN-INTERFACE'!$D$2=\"No\",0,'MAIN-INTERFACE'!$D$4))^(COUNTIF(MATRIX2!M60:Q60,0))))*(1+(IF('MAIN-INTERFACE'!$D$2=\"No\",0,'MAIN-INTERFACE'!$D$8)))^5<Table_Provincial_GTAC35378[[#This Row],[Adj.AnnualRental]],(Table_Provincial_GTAC35378[[#This Row],[RtmAnnualRental]])*(1+(IF('MAIN-INTERFACE'!$D$2=\"No\",0,'MAIN-INTERFACE'!$D$4))^(COUNTIF(MATRIX2!M60:Q60,0)))*(1+(IF('MAIN-INTERFACE'!$D$2=\"No\",0,'MAIN-INTERFACE'!$D$8)))^MATRIX2!G60,Table_Provincial_GTAC35378[[#This Row],[Adj.AnnualRental]])*(1+(IF('MAIN-INTERFACE'!$D$2=\"No\",Table_Provincial_GTAC35378[[#This Row],[TnTEscalation]],'MAIN-INTERFACE'!$G$2)))^(IF((COUNTIF(MATRIX2!M60:Q60,\">0\")-1)<0,0,COUNTIF(MATRIX2!M60:Q60,\">0\"))))))","v":933832.67264624999},{"$f":"IF('MAIN-INTERFACE'!$D$2=\"No\",(Table_Provincial_GTAC35378[[#This Row],[Adj.AnnualRental]])*(1+Table_Provincial_GTAC35378[[#This Row],[TnTEscalation]])^6,(((MATRIX2!Z60*Table_Provincial_GTAC35378[[#This Row],[Adj.AnnualRental]])*(1+Table_Provincial_GTAC35378[[#This Row],[TnTEscalation]])^6)+(MATRIX2!R60*IF(IF('MAIN-INTERFACE'!$D$2=\"No\",Table_Provincial_GTAC35378[[#This Row],[Adj.AnnualRental]],(Table_Provincial_GTAC35378[[#This Row],[RtmAnnualRental]])*(1+(IF('MAIN-INTERFACE'!$D$2=\"No\",0,'MAIN-INTERFACE'!$D$4))^(COUNTIF(MATRIX2!M60:R60,0))))*(1+(IF('MAIN-INTERFACE'!$D$2=\"No\",0,'MAIN-INTERFACE'!$D$8)))^6<Table_Provincial_GTAC35378[[#This Row],[Adj.AnnualRental]],(Table_Provincial_GTAC35378[[#This Row],[RtmAnnualRental]])*(1+(IF('MAIN-INTERFACE'!$D$2=\"No\",0,'MAIN-INTERFACE'!$D$4))^(COUNTIF(MATRIX2!M60:R60,0)))*(1+(IF('MAIN-INTERFACE'!$D$2=\"No\",0,'MAIN-INTERFACE'!$D$8)))^MATRIX2!H60,Table_Provincial_GTAC35378[[#This Row],[Adj.AnnualRental]])*(1+(IF('MAIN-INTERFACE'!$D$2=\"No\",Table_Provincial_GTAC35378[[#This Row],[TnTEscalation]],'MAIN-INTERFACE'!$G$2)))^(IF((COUNTIF(MATRIX2!M60:R60,\">0\")-1)<0,0,COUNTIF(MATRIX2!M60:R60,\">0\"))))))","v":1003870.1230947187},{"$f":"IF('MAIN-INTERFACE'!$D$2=\"No\",(Table_Provincial_GTAC35378[[#This Row],[Adj.AnnualRental]])*(1+Table_Provincial_GTAC35378[[#This Row],[TnTEscalation]])^7,(((MATRIX2!AA60*Table_Provincial_GTAC35378[[#This Row],[Adj.AnnualRental]])*(1+Table_Provincial_GTAC35378[[#This Row],[TnTEscalation]])^7)+(MATRIX2!S60*IF(IF('MAIN-INTERFACE'!$D$2=\"No\",Table_Provincial_GTAC35378[[#This Row],[Adj.AnnualRental]],(Table_Provincial_GTAC35378[[#This Row],[RtmAnnualRental]])*(1+(IF('MAIN-INTERFACE'!$D$2=\"No\",0,'MAIN-INTERFACE'!$D$4))^(COUNTIF(MATRIX2!M60:S60,0))))*(1+(IF('MAIN-INTERFACE'!$D$2=\"No\",0,'MAIN-INTERFACE'!$D$8)))^7<Table_Provincial_GTAC35378[[#This Row],[Adj.AnnualRental]],(Table_Provincial_GTAC35378[[#This Row],[RtmAnnualRental]])*(1+(IF('MAIN-INTERFACE'!$D$2=\"No\",0,'MAIN-INTERFACE'!$D$4))^(COUNTIF(MATRIX2!M60:S60,0)))*(1+(IF('MAIN-INTERFACE'!$D$2=\"No\",0,'MAIN-INTERFACE'!$D$8)))^MATRIX2!I60,Table_Provincial_GTAC35378[[#This Row],[Adj.AnnualRental]])*(1+(IF('MAIN-INTERFACE'!$D$2=\"No\",Table_Provincial_GTAC35378[[#This Row],[TnTEscalation]],'MAIN-INTERFACE'!$G$2)))^(IF((COUNTIF(MATRIX2!M60:S60,\">0\")-1)<0,0,COUNTIF(MATRIX2!M60:S60,\">0\"))))))","v":1079160.3823268225},{"$f":"SUM(Table_Provincial_GTAC35378[[#This Row],[FY 2018/19]:[FY 2023/24]])","v":5644749.6000177916}]
[{"$f":"Table_Provincial_GTAC3536[[#This Row],[SystemID]]","v":68},{"$f":"VLOOKUP($A61,DATA2!$A$2:$S$607,2,FALSE)","v":"KZN"},{"$f":"VLOOKUP($A61,DATA2!$A$2:$S$607,3,FALSE)","v":"KwaZulu-Natal"},{"$f":"VLOOKUP($A61,DATA2!$A$2:$S$607,4,FALSE)","v":142.49475875986059},{"$f":"VLOOKUP($A61,DATA2!$A$2:$S$607,5,FALSE)","v":65},{"$f":"VLOOKUP($A61,DATA2!$A$2:$S$607,6,FALSE)","v":"VTSD"},{"$f":"VLOOKUP($A61,DATA2!$A$2:$S$607,7,FALSE)","v":5451},{"$f":"VLOOKUP($A61,DATA2!$A$2:$S$607,8,FALSE)","v":true},{"$f":"VLOOKUP($A61,DATA2!$A$2:$S$607,9,FALSE)","v":7.0000000000000007E-2},{"$f":"VLOOKUP($A61,DATA2!$A$2:$S$607,10,FALSE)","v":776738.93},{"$f":"VLOOKUP($A61,DATA2!$A$2:$S$607,11,FALSE)","v":9320867.1600000001},{"$f":"Table_Provincial_GTAC35378[[#This Row],[Benchmark]]*Table_Provincial_GTAC35378[[#This Row],[ExtentM2]]*12","v":4251780},{"$f":"VLOOKUP($A61,DATA2!$A$2:$S$607,12,FALSE)","v":"2016-07-01"},{"$f":"VLOOKUP($A61,DATA2!$A$2:$S$607,13,FALSE)","v":"2021-06-30"},{"$f":"VLOOKUP($A61,DATA2!$A$2:$S$607,14,FALSE)","v":"No"},{"$f":"IF(MATRIX2!D61=1,($Y$8-$X$2)/365*Table_Provincial_GTAC35378[[#This Row],[Adj.AnnualRental]]*MATRIX2!D61,($Y$8-$X$2)/365*Table_Provincial_GTAC35378[[#This Row],[Adj.AnnualRental]])","v":-33733878.132493153},{"$f":"IF('MAIN-INTERFACE'!$D$2=\"No\",(Table_Provincial_GTAC35378[[#This Row],[Adj.AnnualRental]])*(1+Table_Provincial_GTAC35378[[#This Row],[TnTEscalation]])^2,\n    (((MATRIX2!V61*Table_Provincial_GTAC35378[[#This Row],[Adj.AnnualRental]])*(1+Table_Provincial_GTAC35378[[#This Row],[TnTEscalation]])^2)+\n       (MATRIX2!N61* IF(IF('MAIN-INTERFACE'!$D$2=\"No\",Table_Provincial_GTAC35378[[#This Row],[Adj.AnnualRental]],(Table_Provincial_GTAC35378[[#This Row],[RtmAnnualRental]])*(1+\n                                 (IF('MAIN-INTERFACE'!$D$2=\"No\",0,'MAIN-INTERFACE'!$D$4))^(COUNTIF(MATRIX2!M61:N61,0))))*(1+\n                                 (IF('MAIN-INTERFACE'!$D$2=\"No\",0,'MAIN-INTERFACE'!$D$8)))^2<Table_Provincial_GTAC35378[[#This Row],[Adj.AnnualRental]],(Table_Provincial_GTAC35378[[#This Row],[RtmAnnualRental]])*(1+\n\n                                 (IF('MAIN-INTERFACE'!$D$2=\"No\",0,'MAIN-INTERFACE'!$D$4))^(COUNTIF(MATRIX2!M61:N61,0)))*(1+\n                                 (IF('MAIN-INTERFACE'!$D$2=\"No\",0,'MAIN-INTERFACE'!$D$8)))^MATRIX2!D61,Table_Provincial_GTAC35378[[#This Row],[Adj.AnnualRental]])*(1+\n\n                                (IF('MAIN-INTERFACE'!$D$2=\"No\",Table_Provincial_GTAC35378[[#This Row],[TnTEscalation]],'MAIN-INTERFACE'!$G$2)))^\n                                 (IF((COUNTIF(MATRIX2!M61:N61,\">0\")-1)<0,0,COUNTIF(MATRIX2!M61:N61,\">0\"))))))","v":10671460.811484},{"$f":"IF('MAIN-INTERFACE'!$D$2=\"No\",(Table_Provincial_GTAC35378[[#This Row],[Adj.AnnualRental]])*(1+Table_Provincial_GTAC35378[[#This Row],[TnTEscalation]])^3,(((MATRIX2!W61*Table_Provincial_GTAC35378[[#This Row],[Adj.AnnualRental]])*(1+Table_Provincial_GTAC35378[[#This Row],[TnTEscalation]])^3)+(MATRIX2!O61*IF(IF('MAIN-INTERFACE'!$D$2=\"No\",Table_Provincial_GTAC35378[[#This Row],[Adj.AnnualRental]],(Table_Provincial_GTAC35378[[#This Row],[RtmAnnualRental]])*(1+(IF('MAIN-INTERFACE'!$D$2=\"No\",0,'MAIN-INTERFACE'!$D$4))^(COUNTIF(MATRIX2!M61:O61,0))))*(1+(IF('MAIN-INTERFACE'!$D$2=\"No\",0,'MAIN-INTERFACE'!$D$8)))^3<Table_Provincial_GTAC35378[[#This Row],[Adj.AnnualRental]],(Table_Provincial_GTAC35378[[#This Row],[RtmAnnualRental]])*(1+(IF('MAIN-INTERFACE'!$D$2=\"No\",0,'MAIN-INTERFACE'!$D$4))^(COUNTIF(MATRIX2!M61:O61,0)))*(1+(IF('MAIN-INTERFACE'!$D$2=\"No\",0,'MAIN-INTERFACE'!$D$8)))^MATRIX2!E61,Table_Provincial_GTAC35378[[#This Row],[Adj.AnnualRental]])*(1+(IF('MAIN-INTERFACE'!$D$2=\"No\",Table_Provincial_GTAC35378[[#This Row],[TnTEscalation]],'MAIN-INTERFACE'!$G$2)))^(IF((COUNTIF(MATRIX2!M61:O61,\">0\")-1)<0,0,COUNTIF(MATRIX2!M61:O61,\">0\"))))))","v":11418463.068287881},{"$f":"IF('MAIN-INTERFACE'!$D$2=\"No\",(Table_Provincial_GTAC35378[[#This Row],[Adj.AnnualRental]])*(1+Table_Provincial_GTAC35378[[#This Row],[TnTEscalation]])^4,((((MATRIX2!X61*Table_Provincial_GTAC35378[[#This Row],[Adj.AnnualRental]])*(1+Table_Provincial_GTAC35378[[#This Row],[TnTEscalation]])^4)+(MATRIX2!P61*IF(IF('MAIN-INTERFACE'!$D$2=\"No\",Table_Provincial_GTAC35378[[#This Row],[Adj.AnnualRental]],(Table_Provincial_GTAC35378[[#This Row],[RtmAnnualRental]])*(1+(IF('MAIN-INTERFACE'!$D$2=\"No\",0,'MAIN-INTERFACE'!$D$4))^(COUNTIF(MATRIX2!M61:P61,0))))*(1+(IF('MAIN-INTERFACE'!$D$2=\"No\",0,'MAIN-INTERFACE'!$D$8)))^4<Table_Provincial_GTAC35378[[#This Row],[Adj.AnnualRental]],(Table_Provincial_GTAC35378[[#This Row],[RtmAnnualRental]])*(1+(IF('MAIN-INTERFACE'!$D$2=\"No\",0,'MAIN-INTERFACE'!$D$4))^(COUNTIF(MATRIX2!M61:P61,0)))*(1+(IF('MAIN-INTERFACE'!$D$2=\"No\",0,'MAIN-INTERFACE'!$D$8)))^MATRIX2!F61,Table_Provincial_GTAC35378[[#This Row],[Adj.AnnualRental]])*(1+(IF('MAIN-INTERFACE'!$D$2=\"No\",Table_Provincial_GTAC35378[[#This Row],[TnTEscalation]],'MAIN-INTERFACE'!$G$2)))^(IF((COUNTIF(MATRIX2!M61:P61,\">0\")-1)<0,0,COUNTIF(MATRIX2!M61:P61,\">0\")))))))","v":12217755.483068032},{"$f":"IF('MAIN-INTERFACE'!$D$2=\"No\",(Table_Provincial_GTAC35378[[#This Row],[Adj.AnnualRental]])*(1+Table_Provincial_GTAC35378[[#This Row],[TnTEscalation]])^5,(((MATRIX2!Y61*Table_Provincial_GTAC35378[[#This Row],[Adj.AnnualRental]])*(1+Table_Provincial_GTAC35378[[#This Row],[TnTEscalation]])^5)+(MATRIX2!Q61*IF(IF('MAIN-INTERFACE'!$D$2=\"No\",Table_Provincial_GTAC35378[[#This Row],[Adj.AnnualRental]],(Table_Provincial_GTAC35378[[#This Row],[RtmAnnualRental]])*(1+(IF('MAIN-INTERFACE'!$D$2=\"No\",0,'MAIN-INTERFACE'!$D$4))^(COUNTIF(MATRIX2!M61:Q61,0))))*(1+(IF('MAIN-INTERFACE'!$D$2=\"No\",0,'MAIN-INTERFACE'!$D$8)))^5<Table_Provincial_GTAC35378[[#This Row],[Adj.AnnualRental]],(Table_Provincial_GTAC35378[[#This Row],[RtmAnnualRental]])*(1+(IF('MAIN-INTERFACE'!$D$2=\"No\",0,'MAIN-INTERFACE'!$D$4))^(COUNTIF(MATRIX2!M61:Q61,0)))*(1+(IF('MAIN-INTERFACE'!$D$2=\"No\",0,'MAIN-INTERFACE'!$D$8)))^MATRIX2!G61,Table_Provincial_GTAC35378[[#This Row],[Adj.AnnualRental]])*(1+(IF('MAIN-INTERFACE'!$D$2=\"No\",Table_Provincial_GTAC35378[[#This Row],[TnTEscalation]],'MAIN-INTERFACE'!$G$2)))^(IF((COUNTIF(MATRIX2!M61:Q61,\">0\")-1)<0,0,COUNTIF(MATRIX2!M61:Q61,\">0\"))))))","v":10918300.030297749},{"$f":"IF('MAIN-INTERFACE'!$D$2=\"No\",(Table_Provincial_GTAC35378[[#This Row],[Adj.AnnualRental]])*(1+Table_Provincial_GTAC35378[[#This Row],[TnTEscalation]])^6,(((MATRIX2!Z61*Table_Provincial_GTAC35378[[#This Row],[Adj.AnnualRental]])*(1+Table_Provincial_GTAC35378[[#This Row],[TnTEscalation]])^6)+(MATRIX2!R61*IF(IF('MAIN-INTERFACE'!$D$2=\"No\",Table_Provincial_GTAC35378[[#This Row],[Adj.AnnualRental]],(Table_Provincial_GTAC35378[[#This Row],[RtmAnnualRental]])*(1+(IF('MAIN-INTERFACE'!$D$2=\"No\",0,'MAIN-INTERFACE'!$D$4))^(COUNTIF(MATRIX2!M61:R61,0))))*(1+(IF('MAIN-INTERFACE'!$D$2=\"No\",0,'MAIN-INTERFACE'!$D$8)))^6<Table_Provincial_GTAC35378[[#This Row],[Adj.AnnualRental]],(Table_Provincial_GTAC35378[[#This Row],[RtmAnnualRental]])*(1+(IF('MAIN-INTERFACE'!$D$2=\"No\",0,'MAIN-INTERFACE'!$D$4))^(COUNTIF(MATRIX2!M61:R61,0)))*(1+(IF('MAIN-INTERFACE'!$D$2=\"No\",0,'MAIN-INTERFACE'!$D$8)))^MATRIX2!H61,Table_Provincial_GTAC35378[[#This Row],[Adj.AnnualRental]])*(1+(IF('MAIN-INTERFACE'!$D$2=\"No\",Table_Provincial_GTAC35378[[#This Row],[TnTEscalation]],'MAIN-INTERFACE'!$G$2)))^(IF((COUNTIF(MATRIX2!M61:R61,\">0\")-1)<0,0,COUNTIF(MATRIX2!M61:R61,\">0\"))))))","v":4913475.8409659518},{"$f":"IF('MAIN-INTERFACE'!$D$2=\"No\",(Table_Provincial_GTAC35378[[#This Row],[Adj.AnnualRental]])*(1+Table_Provincial_GTAC35378[[#This Row],[TnTEscalation]])^7,(((MATRIX2!AA61*Table_Provincial_GTAC35378[[#This Row],[Adj.AnnualRental]])*(1+Table_Provincial_GTAC35378[[#This Row],[TnTEscalation]])^7)+(MATRIX2!S61*IF(IF('MAIN-INTERFACE'!$D$2=\"No\",Table_Provincial_GTAC35378[[#This Row],[Adj.AnnualRental]],(Table_Provincial_GTAC35378[[#This Row],[RtmAnnualRental]])*(1+(IF('MAIN-INTERFACE'!$D$2=\"No\",0,'MAIN-INTERFACE'!$D$4))^(COUNTIF(MATRIX2!M61:S61,0))))*(1+(IF('MAIN-INTERFACE'!$D$2=\"No\",0,'MAIN-INTERFACE'!$D$8)))^7<Table_Provincial_GTAC35378[[#This Row],[Adj.AnnualRental]],(Table_Provincial_GTAC35378[[#This Row],[RtmAnnualRental]])*(1+(IF('MAIN-INTERFACE'!$D$2=\"No\",0,'MAIN-INTERFACE'!$D$4))^(COUNTIF(MATRIX2!M61:S61,0)))*(1+(IF('MAIN-INTERFACE'!$D$2=\"No\",0,'MAIN-INTERFACE'!$D$8)))^MATRIX2!I61,Table_Provincial_GTAC35378[[#This Row],[Adj.AnnualRental]])*(1+(IF('MAIN-INTERFACE'!$D$2=\"No\",Table_Provincial_GTAC35378[[#This Row],[TnTEscalation]],'MAIN-INTERFACE'!$G$2)))^(IF((COUNTIF(MATRIX2!M61:S61,\">0\")-1)<0,0,COUNTIF(MATRIX2!M61:S61,\">0\"))))))","v":5281986.5290383976},{"$f":"SUM(Table_Provincial_GTAC35378[[#This Row],[FY 2018/19]:[FY 2023/24]])","v":55421441.763142012}]
[{"$f":"Table_Provincial_GTAC3536[[#This Row],[SystemID]]","v":69},{"$f":"VLOOKUP($A62,DATA2!$A$2:$S$607,2,FALSE)","v":"KZN"},{"$f":"VLOOKUP($A62,DATA2!$A$2:$S$607,3,FALSE)","v":"KwaZulu-Natal"},{"$f":"VLOOKUP($A62,DATA2!$A$2:$S$607,4,FALSE)","v":143.53135662898254},{"$f":"VLOOKUP($A62,DATA2!$A$2:$S$607,5,FALSE)","v":77.5},{"$f":"VLOOKUP($A62,DATA2!$A$2:$S$607,6,FALSE)","v":"VTSD"},{"$f":"VLOOKUP($A62,DATA2!$A$2:$S$607,7,FALSE)","v":6811},{"$f":"VLOOKUP($A62,DATA2!$A$2:$S$607,8,FALSE)","v":true},{"$f":"VLOOKUP($A62,DATA2!$A$2:$S$607,9,FALSE)","v":0.08},{"$f":"VLOOKUP($A62,DATA2!$A$2:$S$607,10,FALSE)","v":977592.07},{"$f":"VLOOKUP($A62,DATA2!$A$2:$S$607,11,FALSE)","v":11731104.84},{"$f":"Table_Provincial_GTAC35378[[#This Row],[Benchmark]]*Table_Provincial_GTAC35378[[#This Row],[ExtentM2]]*12","v":6334230},{"$f":"VLOOKUP($A62,DATA2!$A$2:$S$607,12,FALSE)","v":"2015-11-01"},{"$f":"VLOOKUP($A62,DATA2!$A$2:$S$607,13,FALSE)","v":"2020-10-31"},{"$f":"VLOOKUP($A62,DATA2!$A$2:$S$607,14,FALSE)","v":"No"},{"$f":"IF(MATRIX2!D62=1,($Y$8-$X$2)/365*Table_Provincial_GTAC35378[[#This Row],[Adj.AnnualRental]]*MATRIX2!D62,($Y$8-$X$2)/365*Table_Provincial_GTAC35378[[#This Row],[Adj.AnnualRental]])","v":-42456957.516821913},{"$f":"IF('MAIN-INTERFACE'!$D$2=\"No\",(Table_Provincial_GTAC35378[[#This Row],[Adj.AnnualRental]])*(1+Table_Provincial_GTAC35378[[#This Row],[TnTEscalation]])^2,\n    (((MATRIX2!V62*Table_Provincial_GTAC35378[[#This Row],[Adj.AnnualRental]])*(1+Table_Provincial_GTAC35378[[#This Row],[TnTEscalation]])^2)+\n       (MATRIX2!N62* IF(IF('MAIN-INTERFACE'!$D$2=\"No\",Table_Provincial_GTAC35378[[#This Row],[Adj.AnnualRental]],(Table_Provincial_GTAC35378[[#This Row],[RtmAnnualRental]])*(1+\n                                 (IF('MAIN-INTERFACE'!$D$2=\"No\",0,'MAIN-INTERFACE'!$D$4))^(COUNTIF(MATRIX2!M62:N62,0))))*(1+\n                                 (IF('MAIN-INTERFACE'!$D$2=\"No\",0,'MAIN-INTERFACE'!$D$8)))^2<Table_Provincial_GTAC35378[[#This Row],[Adj.AnnualRental]],(Table_Provincial_GTAC35378[[#This Row],[RtmAnnualRental]])*(1+\n\n                                 (IF('MAIN-INTERFACE'!$D$2=\"No\",0,'MAIN-INTERFACE'!$D$4))^(COUNTIF(MATRIX2!M62:N62,0)))*(1+\n                                 (IF('MAIN-INTERFACE'!$D$2=\"No\",0,'MAIN-INTERFACE'!$D$8)))^MATRIX2!D62,Table_Provincial_GTAC35378[[#This Row],[Adj.AnnualRental]])*(1+\n\n                                (IF('MAIN-INTERFACE'!$D$2=\"No\",Table_Provincial_GTAC35378[[#This Row],[TnTEscalation]],'MAIN-INTERFACE'!$G$2)))^\n                                 (IF((COUNTIF(MATRIX2!M62:N62,\">0\")-1)<0,0,COUNTIF(MATRIX2!M62:N62,\">0\"))))))","v":13683160.685376002},{"$f":"IF('MAIN-INTERFACE'!$D$2=\"No\",(Table_Provincial_GTAC35378[[#This Row],[Adj.AnnualRental]])*(1+Table_Provincial_GTAC35378[[#This Row],[TnTEscalation]])^3,(((MATRIX2!W62*Table_Provincial_GTAC35378[[#This Row],[Adj.AnnualRental]])*(1+Table_Provincial_GTAC35378[[#This Row],[TnTEscalation]])^3)+(MATRIX2!O62*IF(IF('MAIN-INTERFACE'!$D$2=\"No\",Table_Provincial_GTAC35378[[#This Row],[Adj.AnnualRental]],(Table_Provincial_GTAC35378[[#This Row],[RtmAnnualRental]])*(1+(IF('MAIN-INTERFACE'!$D$2=\"No\",0,'MAIN-INTERFACE'!$D$4))^(COUNTIF(MATRIX2!M62:O62,0))))*(1+(IF('MAIN-INTERFACE'!$D$2=\"No\",0,'MAIN-INTERFACE'!$D$8)))^3<Table_Provincial_GTAC35378[[#This Row],[Adj.AnnualRental]],(Table_Provincial_GTAC35378[[#This Row],[RtmAnnualRental]])*(1+(IF('MAIN-INTERFACE'!$D$2=\"No\",0,'MAIN-INTERFACE'!$D$4))^(COUNTIF(MATRIX2!M62:O62,0)))*(1+(IF('MAIN-INTERFACE'!$D$2=\"No\",0,'MAIN-INTERFACE'!$D$8)))^MATRIX2!E62,Table_Provincial_GTAC35378[[#This Row],[Adj.AnnualRental]])*(1+(IF('MAIN-INTERFACE'!$D$2=\"No\",Table_Provincial_GTAC35378[[#This Row],[TnTEscalation]],'MAIN-INTERFACE'!$G$2)))^(IF((COUNTIF(MATRIX2!M62:O62,\">0\")-1)<0,0,COUNTIF(MATRIX2!M62:O62,\">0\"))))))","v":14777813.540206082},{"$f":"IF('MAIN-INTERFACE'!$D$2=\"No\",(Table_Provincial_GTAC35378[[#This Row],[Adj.AnnualRental]])*(1+Table_Provincial_GTAC35378[[#This Row],[TnTEscalation]])^4,((((MATRIX2!X62*Table_Provincial_GTAC35378[[#This Row],[Adj.AnnualRental]])*(1+Table_Provincial_GTAC35378[[#This Row],[TnTEscalation]])^4)+(MATRIX2!P62*IF(IF('MAIN-INTERFACE'!$D$2=\"No\",Table_Provincial_GTAC35378[[#This Row],[Adj.AnnualRental]],(Table_Provincial_GTAC35378[[#This Row],[RtmAnnualRental]])*(1+(IF('MAIN-INTERFACE'!$D$2=\"No\",0,'MAIN-INTERFACE'!$D$4))^(COUNTIF(MATRIX2!M62:P62,0))))*(1+(IF('MAIN-INTERFACE'!$D$2=\"No\",0,'MAIN-INTERFACE'!$D$8)))^4<Table_Provincial_GTAC35378[[#This Row],[Adj.AnnualRental]],(Table_Provincial_GTAC35378[[#This Row],[RtmAnnualRental]])*(1+(IF('MAIN-INTERFACE'!$D$2=\"No\",0,'MAIN-INTERFACE'!$D$4))^(COUNTIF(MATRIX2!M62:P62,0)))*(1+(IF('MAIN-INTERFACE'!$D$2=\"No\",0,'MAIN-INTERFACE'!$D$8)))^MATRIX2!F62,Table_Provincial_GTAC35378[[#This Row],[Adj.AnnualRental]])*(1+(IF('MAIN-INTERFACE'!$D$2=\"No\",Table_Provincial_GTAC35378[[#This Row],[TnTEscalation]],'MAIN-INTERFACE'!$G$2)))^(IF((COUNTIF(MATRIX2!M62:P62,\">0\")-1)<0,0,COUNTIF(MATRIX2!M62:P62,\">0\")))))))","v":15960038.623422571},{"$f":"IF('MAIN-INTERFACE'!$D$2=\"No\",(Table_Provincial_GTAC35378[[#This Row],[Adj.AnnualRental]])*(1+Table_Provincial_GTAC35378[[#This Row],[TnTEscalation]])^5,(((MATRIX2!Y62*Table_Provincial_GTAC35378[[#This Row],[Adj.AnnualRental]])*(1+Table_Provincial_GTAC35378[[#This Row],[TnTEscalation]])^5)+(MATRIX2!Q62*IF(IF('MAIN-INTERFACE'!$D$2=\"No\",Table_Provincial_GTAC35378[[#This Row],[Adj.AnnualRental]],(Table_Provincial_GTAC35378[[#This Row],[RtmAnnualRental]])*(1+(IF('MAIN-INTERFACE'!$D$2=\"No\",0,'MAIN-INTERFACE'!$D$4))^(COUNTIF(MATRIX2!M62:Q62,0))))*(1+(IF('MAIN-INTERFACE'!$D$2=\"No\",0,'MAIN-INTERFACE'!$D$8)))^5<Table_Provincial_GTAC35378[[#This Row],[Adj.AnnualRental]],(Table_Provincial_GTAC35378[[#This Row],[RtmAnnualRental]])*(1+(IF('MAIN-INTERFACE'!$D$2=\"No\",0,'MAIN-INTERFACE'!$D$4))^(COUNTIF(MATRIX2!M62:Q62,0)))*(1+(IF('MAIN-INTERFACE'!$D$2=\"No\",0,'MAIN-INTERFACE'!$D$8)))^MATRIX2!G62,Table_Provincial_GTAC35378[[#This Row],[Adj.AnnualRental]])*(1+(IF('MAIN-INTERFACE'!$D$2=\"No\",Table_Provincial_GTAC35378[[#This Row],[TnTEscalation]],'MAIN-INTERFACE'!$G$2)))^(IF((COUNTIF(MATRIX2!M62:Q62,\">0\")-1)<0,0,COUNTIF(MATRIX2!M62:Q62,\">0\"))))))","v":7680655.9816930424},{"$f":"IF('MAIN-INTERFACE'!$D$2=\"No\",(Table_Provincial_GTAC35378[[#This Row],[Adj.AnnualRental]])*(1+Table_Provincial_GTAC35378[[#This Row],[TnTEscalation]])^6,(((MATRIX2!Z62*Table_Provincial_GTAC35378[[#This Row],[Adj.AnnualRental]])*(1+Table_Provincial_GTAC35378[[#This Row],[TnTEscalation]])^6)+(MATRIX2!R62*IF(IF('MAIN-INTERFACE'!$D$2=\"No\",Table_Provincial_GTAC35378[[#This Row],[Adj.AnnualRental]],(Table_Provincial_GTAC35378[[#This Row],[RtmAnnualRental]])*(1+(IF('MAIN-INTERFACE'!$D$2=\"No\",0,'MAIN-INTERFACE'!$D$4))^(COUNTIF(MATRIX2!M62:R62,0))))*(1+(IF('MAIN-INTERFACE'!$D$2=\"No\",0,'MAIN-INTERFACE'!$D$8)))^6<Table_Provincial_GTAC35378[[#This Row],[Adj.AnnualRental]],(Table_Provincial_GTAC35378[[#This Row],[RtmAnnualRental]])*(1+(IF('MAIN-INTERFACE'!$D$2=\"No\",0,'MAIN-INTERFACE'!$D$4))^(COUNTIF(MATRIX2!M62:R62,0)))*(1+(IF('MAIN-INTERFACE'!$D$2=\"No\",0,'MAIN-INTERFACE'!$D$8)))^MATRIX2!H62,Table_Provincial_GTAC35378[[#This Row],[Adj.AnnualRental]])*(1+(IF('MAIN-INTERFACE'!$D$2=\"No\",Table_Provincial_GTAC35378[[#This Row],[TnTEscalation]],'MAIN-INTERFACE'!$G$2)))^(IF((COUNTIF(MATRIX2!M62:R62,\">0\")-1)<0,0,COUNTIF(MATRIX2!M62:R62,\">0\"))))))","v":7320013.282936031},{"$f":"IF('MAIN-INTERFACE'!$D$2=\"No\",(Table_Provincial_GTAC35378[[#This Row],[Adj.AnnualRental]])*(1+Table_Provincial_GTAC35378[[#This Row],[TnTEscalation]])^7,(((MATRIX2!AA62*Table_Provincial_GTAC35378[[#This Row],[Adj.AnnualRental]])*(1+Table_Provincial_GTAC35378[[#This Row],[TnTEscalation]])^7)+(MATRIX2!S62*IF(IF('MAIN-INTERFACE'!$D$2=\"No\",Table_Provincial_GTAC35378[[#This Row],[Adj.AnnualRental]],(Table_Provincial_GTAC35378[[#This Row],[RtmAnnualRental]])*(1+(IF('MAIN-INTERFACE'!$D$2=\"No\",0,'MAIN-INTERFACE'!$D$4))^(COUNTIF(MATRIX2!M62:S62,0))))*(1+(IF('MAIN-INTERFACE'!$D$2=\"No\",0,'MAIN-INTERFACE'!$D$8)))^7<Table_Provincial_GTAC35378[[#This Row],[Adj.AnnualRental]],(Table_Provincial_GTAC35378[[#This Row],[RtmAnnualRental]])*(1+(IF('MAIN-INTERFACE'!$D$2=\"No\",0,'MAIN-INTERFACE'!$D$4))^(COUNTIF(MATRIX2!M62:S62,0)))*(1+(IF('MAIN-INTERFACE'!$D$2=\"No\",0,'MAIN-INTERFACE'!$D$8)))^MATRIX2!I62,Table_Provincial_GTAC35378[[#This Row],[Adj.AnnualRental]])*(1+(IF('MAIN-INTERFACE'!$D$2=\"No\",Table_Provincial_GTAC35378[[#This Row],[TnTEscalation]],'MAIN-INTERFACE'!$G$2)))^(IF((COUNTIF(MATRIX2!M62:S62,\">0\")-1)<0,0,COUNTIF(MATRIX2!M62:S62,\">0\"))))))","v":7869014.2791562332},{"$f":"SUM(Table_Provincial_GTAC35378[[#This Row],[FY 2018/19]:[FY 2023/24]])","v":67290696.39278996}]
[{"$f":"Table_Provincial_GTAC3536[[#This Row],[SystemID]]","v":70},{"$f":"VLOOKUP($A63,DATA2!$A$2:$S$607,2,FALSE)","v":"KZN"},{"$f":"VLOOKUP($A63,DATA2!$A$2:$S$607,3,FALSE)","v":"KwaZulu-Natal"},{"$f":"VLOOKUP($A63,DATA2!$A$2:$S$607,4,FALSE)","v":58.394262820512822},{"$f":"VLOOKUP($A63,DATA2!$A$2:$S$607,5,FALSE)","v":77.5},{"$f":"VLOOKUP($A63,DATA2!$A$2:$S$607,6,FALSE)","v":"VTSD"},{"$f":"VLOOKUP($A63,DATA2!$A$2:$S$607,7,FALSE)","v":312},{"$f":"VLOOKUP($A63,DATA2!$A$2:$S$607,8,FALSE)","v":true},{"$f":"VLOOKUP($A63,DATA2!$A$2:$S$607,9,FALSE)","v":0.08},{"$f":"VLOOKUP($A63,DATA2!$A$2:$S$607,10,FALSE)","v":18219.009999999998},{"$f":"VLOOKUP($A63,DATA2!$A$2:$S$607,11,FALSE)","v":218628.12},{"$f":"Table_Provincial_GTAC35378[[#This Row],[Benchmark]]*Table_Provincial_GTAC35378[[#This Row],[ExtentM2]]*12","v":290160},{"$f":"VLOOKUP($A63,DATA2!$A$2:$S$607,12,FALSE)","v":"2015-04-01"},{"$f":"VLOOKUP($A63,DATA2!$A$2:$S$607,13,FALSE)","v":"2016-09-30"},{"$f":"VLOOKUP($A63,DATA2!$A$2:$S$607,14,FALSE)","v":"Yes"},{"$f":"IF(MATRIX2!D63=1,($Y$8-$X$2)/365*Table_Provincial_GTAC35378[[#This Row],[Adj.AnnualRental]]*MATRIX2!D63,($Y$8-$X$2)/365*Table_Provincial_GTAC35378[[#This Row],[Adj.AnnualRental]])","v":-791254.10005479446},{"$f":"IF('MAIN-INTERFACE'!$D$2=\"No\",(Table_Provincial_GTAC35378[[#This Row],[Adj.AnnualRental]])*(1+Table_Provincial_GTAC35378[[#This Row],[TnTEscalation]])^2,\n    (((MATRIX2!V63*Table_Provincial_GTAC35378[[#This Row],[Adj.AnnualRental]])*(1+Table_Provincial_GTAC35378[[#This Row],[TnTEscalation]])^2)+\n       (MATRIX2!N63* IF(IF('MAIN-INTERFACE'!$D$2=\"No\",Table_Provincial_GTAC35378[[#This Row],[Adj.AnnualRental]],(Table_Provincial_GTAC35378[[#This Row],[RtmAnnualRental]])*(1+\n                                 (IF('MAIN-INTERFACE'!$D$2=\"No\",0,'MAIN-INTERFACE'!$D$4))^(COUNTIF(MATRIX2!M63:N63,0))))*(1+\n                                 (IF('MAIN-INTERFACE'!$D$2=\"No\",0,'MAIN-INTERFACE'!$D$8)))^2<Table_Provincial_GTAC35378[[#This Row],[Adj.AnnualRental]],(Table_Provincial_GTAC35378[[#This Row],[RtmAnnualRental]])*(1+\n\n                                 (IF('MAIN-INTERFACE'!$D$2=\"No\",0,'MAIN-INTERFACE'!$D$4))^(COUNTIF(MATRIX2!M63:N63,0)))*(1+\n                                 (IF('MAIN-INTERFACE'!$D$2=\"No\",0,'MAIN-INTERFACE'!$D$8)))^MATRIX2!D63,Table_Provincial_GTAC35378[[#This Row],[Adj.AnnualRental]])*(1+\n\n                                (IF('MAIN-INTERFACE'!$D$2=\"No\",Table_Provincial_GTAC35378[[#This Row],[TnTEscalation]],'MAIN-INTERFACE'!$G$2)))^\n                                 (IF((COUNTIF(MATRIX2!M63:N63,\">0\")-1)<0,0,COUNTIF(MATRIX2!M63:N63,\">0\"))))))","v":245016.53408399998},{"$f":"IF('MAIN-INTERFACE'!$D$2=\"No\",(Table_Provincial_GTAC35378[[#This Row],[Adj.AnnualRental]])*(1+Table_Provincial_GTAC35378[[#This Row],[TnTEscalation]])^3,(((MATRIX2!W63*Table_Provincial_GTAC35378[[#This Row],[Adj.AnnualRental]])*(1+Table_Provincial_GTAC35378[[#This Row],[TnTEscalation]])^3)+(MATRIX2!O63*IF(IF('MAIN-INTERFACE'!$D$2=\"No\",Table_Provincial_GTAC35378[[#This Row],[Adj.AnnualRental]],(Table_Provincial_GTAC35378[[#This Row],[RtmAnnualRental]])*(1+(IF('MAIN-INTERFACE'!$D$2=\"No\",0,'MAIN-INTERFACE'!$D$4))^(COUNTIF(MATRIX2!M63:O63,0))))*(1+(IF('MAIN-INTERFACE'!$D$2=\"No\",0,'MAIN-INTERFACE'!$D$8)))^3<Table_Provincial_GTAC35378[[#This Row],[Adj.AnnualRental]],(Table_Provincial_GTAC35378[[#This Row],[RtmAnnualRental]])*(1+(IF('MAIN-INTERFACE'!$D$2=\"No\",0,'MAIN-INTERFACE'!$D$4))^(COUNTIF(MATRIX2!M63:O63,0)))*(1+(IF('MAIN-INTERFACE'!$D$2=\"No\",0,'MAIN-INTERFACE'!$D$8)))^MATRIX2!E63,Table_Provincial_GTAC35378[[#This Row],[Adj.AnnualRental]])*(1+(IF('MAIN-INTERFACE'!$D$2=\"No\",Table_Provincial_GTAC35378[[#This Row],[TnTEscalation]],'MAIN-INTERFACE'!$G$2)))^(IF((COUNTIF(MATRIX2!M63:O63,\">0\")-1)<0,0,COUNTIF(MATRIX2!M63:O63,\">0\"))))))","v":252652.12117499998},{"$f":"IF('MAIN-INTERFACE'!$D$2=\"No\",(Table_Provincial_GTAC35378[[#This Row],[Adj.AnnualRental]])*(1+Table_Provincial_GTAC35378[[#This Row],[TnTEscalation]])^4,((((MATRIX2!X63*Table_Provincial_GTAC35378[[#This Row],[Adj.AnnualRental]])*(1+Table_Provincial_GTAC35378[[#This Row],[TnTEscalation]])^4)+(MATRIX2!P63*IF(IF('MAIN-INTERFACE'!$D$2=\"No\",Table_Provincial_GTAC35378[[#This Row],[Adj.AnnualRental]],(Table_Provincial_GTAC35378[[#This Row],[RtmAnnualRental]])*(1+(IF('MAIN-INTERFACE'!$D$2=\"No\",0,'MAIN-INTERFACE'!$D$4))^(COUNTIF(MATRIX2!M63:P63,0))))*(1+(IF('MAIN-INTERFACE'!$D$2=\"No\",0,'MAIN-INTERFACE'!$D$8)))^4<Table_Provincial_GTAC35378[[#This Row],[Adj.AnnualRental]],(Table_Provincial_GTAC35378[[#This Row],[RtmAnnualRental]])*(1+(IF('MAIN-INTERFACE'!$D$2=\"No\",0,'MAIN-INTERFACE'!$D$4))^(COUNTIF(MATRIX2!M63:P63,0)))*(1+(IF('MAIN-INTERFACE'!$D$2=\"No\",0,'MAIN-INTERFACE'!$D$8)))^MATRIX2!F63,Table_Provincial_GTAC35378[[#This Row],[Adj.AnnualRental]])*(1+(IF('MAIN-INTERFACE'!$D$2=\"No\",Table_Provincial_GTAC35378[[#This Row],[TnTEscalation]],'MAIN-INTERFACE'!$G$2)))^(IF((COUNTIF(MATRIX2!M63:P63,\">0\")-1)<0,0,COUNTIF(MATRIX2!M63:P63,\">0\")))))))","v":271601.03026312497},{"$f":"IF('MAIN-INTERFACE'!$D$2=\"No\",(Table_Provincial_GTAC35378[[#This Row],[Adj.AnnualRental]])*(1+Table_Provincial_GTAC35378[[#This Row],[TnTEscalation]])^5,(((MATRIX2!Y63*Table_Provincial_GTAC35378[[#This Row],[Adj.AnnualRental]])*(1+Table_Provincial_GTAC35378[[#This Row],[TnTEscalation]])^5)+(MATRIX2!Q63*IF(IF('MAIN-INTERFACE'!$D$2=\"No\",Table_Provincial_GTAC35378[[#This Row],[Adj.AnnualRental]],(Table_Provincial_GTAC35378[[#This Row],[RtmAnnualRental]])*(1+(IF('MAIN-INTERFACE'!$D$2=\"No\",0,'MAIN-INTERFACE'!$D$4))^(COUNTIF(MATRIX2!M63:Q63,0))))*(1+(IF('MAIN-INTERFACE'!$D$2=\"No\",0,'MAIN-INTERFACE'!$D$8)))^5<Table_Provincial_GTAC35378[[#This Row],[Adj.AnnualRental]],(Table_Provincial_GTAC35378[[#This Row],[RtmAnnualRental]])*(1+(IF('MAIN-INTERFACE'!$D$2=\"No\",0,'MAIN-INTERFACE'!$D$4))^(COUNTIF(MATRIX2!M63:Q63,0)))*(1+(IF('MAIN-INTERFACE'!$D$2=\"No\",0,'MAIN-INTERFACE'!$D$8)))^MATRIX2!G63,Table_Provincial_GTAC35378[[#This Row],[Adj.AnnualRental]])*(1+(IF('MAIN-INTERFACE'!$D$2=\"No\",Table_Provincial_GTAC35378[[#This Row],[TnTEscalation]],'MAIN-INTERFACE'!$G$2)))^(IF((COUNTIF(MATRIX2!M63:Q63,\">0\")-1)<0,0,COUNTIF(MATRIX2!M63:Q63,\">0\"))))))","v":291971.10753285937},{"$f":"IF('MAIN-INTERFACE'!$D$2=\"No\",(Table_Provincial_GTAC35378[[#This Row],[Adj.AnnualRental]])*(1+Table_Provincial_GTAC35378[[#This Row],[TnTEscalation]])^6,(((MATRIX2!Z63*Table_Provincial_GTAC35378[[#This Row],[Adj.AnnualRental]])*(1+Table_Provincial_GTAC35378[[#This Row],[TnTEscalation]])^6)+(MATRIX2!R63*IF(IF('MAIN-INTERFACE'!$D$2=\"No\",Table_Provincial_GTAC35378[[#This Row],[Adj.AnnualRental]],(Table_Provincial_GTAC35378[[#This Row],[RtmAnnualRental]])*(1+(IF('MAIN-INTERFACE'!$D$2=\"No\",0,'MAIN-INTERFACE'!$D$4))^(COUNTIF(MATRIX2!M63:R63,0))))*(1+(IF('MAIN-INTERFACE'!$D$2=\"No\",0,'MAIN-INTERFACE'!$D$8)))^6<Table_Provincial_GTAC35378[[#This Row],[Adj.AnnualRental]],(Table_Provincial_GTAC35378[[#This Row],[RtmAnnualRental]])*(1+(IF('MAIN-INTERFACE'!$D$2=\"No\",0,'MAIN-INTERFACE'!$D$4))^(COUNTIF(MATRIX2!M63:R63,0)))*(1+(IF('MAIN-INTERFACE'!$D$2=\"No\",0,'MAIN-INTERFACE'!$D$8)))^MATRIX2!H63,Table_Provincial_GTAC35378[[#This Row],[Adj.AnnualRental]])*(1+(IF('MAIN-INTERFACE'!$D$2=\"No\",Table_Provincial_GTAC35378[[#This Row],[TnTEscalation]],'MAIN-INTERFACE'!$G$2)))^(IF((COUNTIF(MATRIX2!M63:R63,\">0\")-1)<0,0,COUNTIF(MATRIX2!M63:R63,\">0\"))))))","v":313868.94059782382},{"$f":"IF('MAIN-INTERFACE'!$D$2=\"No\",(Table_Provincial_GTAC35378[[#This Row],[Adj.AnnualRental]])*(1+Table_Provincial_GTAC35378[[#This Row],[TnTEscalation]])^7,(((MATRIX2!AA63*Table_Provincial_GTAC35378[[#This Row],[Adj.AnnualRental]])*(1+Table_Provincial_GTAC35378[[#This Row],[TnTEscalation]])^7)+(MATRIX2!S63*IF(IF('MAIN-INTERFACE'!$D$2=\"No\",Table_Provincial_GTAC35378[[#This Row],[Adj.AnnualRental]],(Table_Provincial_GTAC35378[[#This Row],[RtmAnnualRental]])*(1+(IF('MAIN-INTERFACE'!$D$2=\"No\",0,'MAIN-INTERFACE'!$D$4))^(COUNTIF(MATRIX2!M63:S63,0))))*(1+(IF('MAIN-INTERFACE'!$D$2=\"No\",0,'MAIN-INTERFACE'!$D$8)))^7<Table_Provincial_GTAC35378[[#This Row],[Adj.AnnualRental]],(Table_Provincial_GTAC35378[[#This Row],[RtmAnnualRental]])*(1+(IF('MAIN-INTERFACE'!$D$2=\"No\",0,'MAIN-INTERFACE'!$D$4))^(COUNTIF(MATRIX2!M63:S63,0)))*(1+(IF('MAIN-INTERFACE'!$D$2=\"No\",0,'MAIN-INTERFACE'!$D$8)))^MATRIX2!I63,Table_Provincial_GTAC35378[[#This Row],[Adj.AnnualRental]])*(1+(IF('MAIN-INTERFACE'!$D$2=\"No\",Table_Provincial_GTAC35378[[#This Row],[TnTEscalation]],'MAIN-INTERFACE'!$G$2)))^(IF((COUNTIF(MATRIX2!M63:S63,\">0\")-1)<0,0,COUNTIF(MATRIX2!M63:S63,\">0\"))))))","v":337409.11114266055},{"$f":"SUM(Table_Provincial_GTAC35378[[#This Row],[FY 2018/19]:[FY 2023/24]])","v":1712518.8447954685}]
[{"$f":"Table_Provincial_GTAC3536[[#This Row],[SystemID]]","v":71},{"$f":"VLOOKUP($A64,DATA2!$A$2:$S$607,2,FALSE)","v":"KZN"},{"$f":"VLOOKUP($A64,DATA2!$A$2:$S$607,3,FALSE)","v":"KwaZulu-Natal"},{"$f":"VLOOKUP($A64,DATA2!$A$2:$S$607,4,FALSE)","v":114},{"$f":"VLOOKUP($A64,DATA2!$A$2:$S$607,5,FALSE)","v":77.5},{"$f":"VLOOKUP($A64,DATA2!$A$2:$S$607,6,FALSE)","v":"VTSD"},{"$f":"VLOOKUP($A64,DATA2!$A$2:$S$607,7,FALSE)","v":689},{"$f":"VLOOKUP($A64,DATA2!$A$2:$S$607,8,FALSE)","v":true},{"$f":"VLOOKUP($A64,DATA2!$A$2:$S$607,9,FALSE)","v":0},{"$f":"VLOOKUP($A64,DATA2!$A$2:$S$607,10,FALSE)","v":78546},{"$f":"VLOOKUP($A64,DATA2!$A$2:$S$607,11,FALSE)","v":942552},{"$f":"Table_Provincial_GTAC35378[[#This Row],[Benchmark]]*Table_Provincial_GTAC35378[[#This Row],[ExtentM2]]*12","v":640770},{"$f":"VLOOKUP($A64,DATA2!$A$2:$S$607,12,FALSE)","v":"2016-11-01"},{"$f":"VLOOKUP($A64,DATA2!$A$2:$S$607,13,FALSE)","v":"2017-04-30"},{"$f":"VLOOKUP($A64,DATA2!$A$2:$S$607,14,FALSE)","v":"Yes"},{"$f":"IF(MATRIX2!D64=1,($Y$8-$X$2)/365*Table_Provincial_GTAC35378[[#This Row],[Adj.AnnualRental]]*MATRIX2!D64,($Y$8-$X$2)/365*Table_Provincial_GTAC35378[[#This Row],[Adj.AnnualRental]])","v":-3411263.5397260273},{"$f":"IF('MAIN-INTERFACE'!$D$2=\"No\",(Table_Provincial_GTAC35378[[#This Row],[Adj.AnnualRental]])*(1+Table_Provincial_GTAC35378[[#This Row],[TnTEscalation]])^2,\n    (((MATRIX2!V64*Table_Provincial_GTAC35378[[#This Row],[Adj.AnnualRental]])*(1+Table_Provincial_GTAC35378[[#This Row],[TnTEscalation]])^2)+\n       (MATRIX2!N64* IF(IF('MAIN-INTERFACE'!$D$2=\"No\",Table_Provincial_GTAC35378[[#This Row],[Adj.AnnualRental]],(Table_Provincial_GTAC35378[[#This Row],[RtmAnnualRental]])*(1+\n                                 (IF('MAIN-INTERFACE'!$D$2=\"No\",0,'MAIN-INTERFACE'!$D$4))^(COUNTIF(MATRIX2!M64:N64,0))))*(1+\n                                 (IF('MAIN-INTERFACE'!$D$2=\"No\",0,'MAIN-INTERFACE'!$D$8)))^2<Table_Provincial_GTAC35378[[#This Row],[Adj.AnnualRental]],(Table_Provincial_GTAC35378[[#This Row],[RtmAnnualRental]])*(1+\n\n                                 (IF('MAIN-INTERFACE'!$D$2=\"No\",0,'MAIN-INTERFACE'!$D$4))^(COUNTIF(MATRIX2!M64:N64,0)))*(1+\n                                 (IF('MAIN-INTERFACE'!$D$2=\"No\",0,'MAIN-INTERFACE'!$D$8)))^MATRIX2!D64,Table_Provincial_GTAC35378[[#This Row],[Adj.AnnualRental]])*(1+\n\n                                (IF('MAIN-INTERFACE'!$D$2=\"No\",Table_Provincial_GTAC35378[[#This Row],[TnTEscalation]],'MAIN-INTERFACE'!$G$2)))^\n                                 (IF((COUNTIF(MATRIX2!M64:N64,\">0\")-1)<0,0,COUNTIF(MATRIX2!M64:N64,\">0\"))))))","v":829466.42999999993},{"$f":"IF('MAIN-INTERFACE'!$D$2=\"No\",(Table_Provincial_GTAC35378[[#This Row],[Adj.AnnualRental]])*(1+Table_Provincial_GTAC35378[[#This Row],[TnTEscalation]])^3,(((MATRIX2!W64*Table_Provincial_GTAC35378[[#This Row],[Adj.AnnualRental]])*(1+Table_Provincial_GTAC35378[[#This Row],[TnTEscalation]])^3)+(MATRIX2!O64*IF(IF('MAIN-INTERFACE'!$D$2=\"No\",Table_Provincial_GTAC35378[[#This Row],[Adj.AnnualRental]],(Table_Provincial_GTAC35378[[#This Row],[RtmAnnualRental]])*(1+(IF('MAIN-INTERFACE'!$D$2=\"No\",0,'MAIN-INTERFACE'!$D$4))^(COUNTIF(MATRIX2!M64:O64,0))))*(1+(IF('MAIN-INTERFACE'!$D$2=\"No\",0,'MAIN-INTERFACE'!$D$8)))^3<Table_Provincial_GTAC35378[[#This Row],[Adj.AnnualRental]],(Table_Provincial_GTAC35378[[#This Row],[RtmAnnualRental]])*(1+(IF('MAIN-INTERFACE'!$D$2=\"No\",0,'MAIN-INTERFACE'!$D$4))^(COUNTIF(MATRIX2!M64:O64,0)))*(1+(IF('MAIN-INTERFACE'!$D$2=\"No\",0,'MAIN-INTERFACE'!$D$8)))^MATRIX2!E64,Table_Provincial_GTAC35378[[#This Row],[Adj.AnnualRental]])*(1+(IF('MAIN-INTERFACE'!$D$2=\"No\",Table_Provincial_GTAC35378[[#This Row],[TnTEscalation]],'MAIN-INTERFACE'!$G$2)))^(IF((COUNTIF(MATRIX2!M64:O64,\">0\")-1)<0,0,COUNTIF(MATRIX2!M64:O64,\">0\"))))))","v":770109.42449999996},{"$f":"IF('MAIN-INTERFACE'!$D$2=\"No\",(Table_Provincial_GTAC35378[[#This Row],[Adj.AnnualRental]])*(1+Table_Provincial_GTAC35378[[#This Row],[TnTEscalation]])^4,((((MATRIX2!X64*Table_Provincial_GTAC35378[[#This Row],[Adj.AnnualRental]])*(1+Table_Provincial_GTAC35378[[#This Row],[TnTEscalation]])^4)+(MATRIX2!P64*IF(IF('MAIN-INTERFACE'!$D$2=\"No\",Table_Provincial_GTAC35378[[#This Row],[Adj.AnnualRental]],(Table_Provincial_GTAC35378[[#This Row],[RtmAnnualRental]])*(1+(IF('MAIN-INTERFACE'!$D$2=\"No\",0,'MAIN-INTERFACE'!$D$4))^(COUNTIF(MATRIX2!M64:P64,0))))*(1+(IF('MAIN-INTERFACE'!$D$2=\"No\",0,'MAIN-INTERFACE'!$D$8)))^4<Table_Provincial_GTAC35378[[#This Row],[Adj.AnnualRental]],(Table_Provincial_GTAC35378[[#This Row],[RtmAnnualRental]])*(1+(IF('MAIN-INTERFACE'!$D$2=\"No\",0,'MAIN-INTERFACE'!$D$4))^(COUNTIF(MATRIX2!M64:P64,0)))*(1+(IF('MAIN-INTERFACE'!$D$2=\"No\",0,'MAIN-INTERFACE'!$D$8)))^MATRIX2!F64,Table_Provincial_GTAC35378[[#This Row],[Adj.AnnualRental]])*(1+(IF('MAIN-INTERFACE'!$D$2=\"No\",Table_Provincial_GTAC35378[[#This Row],[TnTEscalation]],'MAIN-INTERFACE'!$G$2)))^(IF((COUNTIF(MATRIX2!M64:P64,\">0\")-1)<0,0,COUNTIF(MATRIX2!M64:P64,\">0\")))))))","v":827867.63133749994},{"$f":"IF('MAIN-INTERFACE'!$D$2=\"No\",(Table_Provincial_GTAC35378[[#This Row],[Adj.AnnualRental]])*(1+Table_Provincial_GTAC35378[[#This Row],[TnTEscalation]])^5,(((MATRIX2!Y64*Table_Provincial_GTAC35378[[#This Row],[Adj.AnnualRental]])*(1+Table_Provincial_GTAC35378[[#This Row],[TnTEscalation]])^5)+(MATRIX2!Q64*IF(IF('MAIN-INTERFACE'!$D$2=\"No\",Table_Provincial_GTAC35378[[#This Row],[Adj.AnnualRental]],(Table_Provincial_GTAC35378[[#This Row],[RtmAnnualRental]])*(1+(IF('MAIN-INTERFACE'!$D$2=\"No\",0,'MAIN-INTERFACE'!$D$4))^(COUNTIF(MATRIX2!M64:Q64,0))))*(1+(IF('MAIN-INTERFACE'!$D$2=\"No\",0,'MAIN-INTERFACE'!$D$8)))^5<Table_Provincial_GTAC35378[[#This Row],[Adj.AnnualRental]],(Table_Provincial_GTAC35378[[#This Row],[RtmAnnualRental]])*(1+(IF('MAIN-INTERFACE'!$D$2=\"No\",0,'MAIN-INTERFACE'!$D$4))^(COUNTIF(MATRIX2!M64:Q64,0)))*(1+(IF('MAIN-INTERFACE'!$D$2=\"No\",0,'MAIN-INTERFACE'!$D$8)))^MATRIX2!G64,Table_Provincial_GTAC35378[[#This Row],[Adj.AnnualRental]])*(1+(IF('MAIN-INTERFACE'!$D$2=\"No\",Table_Provincial_GTAC35378[[#This Row],[TnTEscalation]],'MAIN-INTERFACE'!$G$2)))^(IF((COUNTIF(MATRIX2!M64:Q64,\">0\")-1)<0,0,COUNTIF(MATRIX2!M64:Q64,\">0\"))))))","v":889957.70368781243},{"$f":"IF('MAIN-INTERFACE'!$D$2=\"No\",(Table_Provincial_GTAC35378[[#This Row],[Adj.AnnualRental]])*(1+Table_Provincial_GTAC35378[[#This Row],[TnTEscalation]])^6,(((MATRIX2!Z64*Table_Provincial_GTAC35378[[#This Row],[Adj.AnnualRental]])*(1+Table_Provincial_GTAC35378[[#This Row],[TnTEscalation]])^6)+(MATRIX2!R64*IF(IF('MAIN-INTERFACE'!$D$2=\"No\",Table_Provincial_GTAC35378[[#This Row],[Adj.AnnualRental]],(Table_Provincial_GTAC35378[[#This Row],[RtmAnnualRental]])*(1+(IF('MAIN-INTERFACE'!$D$2=\"No\",0,'MAIN-INTERFACE'!$D$4))^(COUNTIF(MATRIX2!M64:R64,0))))*(1+(IF('MAIN-INTERFACE'!$D$2=\"No\",0,'MAIN-INTERFACE'!$D$8)))^6<Table_Provincial_GTAC35378[[#This Row],[Adj.AnnualRental]],(Table_Provincial_GTAC35378[[#This Row],[RtmAnnualRental]])*(1+(IF('MAIN-INTERFACE'!$D$2=\"No\",0,'MAIN-INTERFACE'!$D$4))^(COUNTIF(MATRIX2!M64:R64,0)))*(1+(IF('MAIN-INTERFACE'!$D$2=\"No\",0,'MAIN-INTERFACE'!$D$8)))^MATRIX2!H64,Table_Provincial_GTAC35378[[#This Row],[Adj.AnnualRental]])*(1+(IF('MAIN-INTERFACE'!$D$2=\"No\",Table_Provincial_GTAC35378[[#This Row],[TnTEscalation]],'MAIN-INTERFACE'!$G$2)))^(IF((COUNTIF(MATRIX2!M64:R64,\">0\")-1)<0,0,COUNTIF(MATRIX2!M64:R64,\">0\"))))))","v":956704.53146439837},{"$f":"IF('MAIN-INTERFACE'!$D$2=\"No\",(Table_Provincial_GTAC35378[[#This Row],[Adj.AnnualRental]])*(1+Table_Provincial_GTAC35378[[#This Row],[TnTEscalation]])^7,(((MATRIX2!AA64*Table_Provincial_GTAC35378[[#This Row],[Adj.AnnualRental]])*(1+Table_Provincial_GTAC35378[[#This Row],[TnTEscalation]])^7)+(MATRIX2!S64*IF(IF('MAIN-INTERFACE'!$D$2=\"No\",Table_Provincial_GTAC35378[[#This Row],[Adj.AnnualRental]],(Table_Provincial_GTAC35378[[#This Row],[RtmAnnualRental]])*(1+(IF('MAIN-INTERFACE'!$D$2=\"No\",0,'MAIN-INTERFACE'!$D$4))^(COUNTIF(MATRIX2!M64:S64,0))))*(1+(IF('MAIN-INTERFACE'!$D$2=\"No\",0,'MAIN-INTERFACE'!$D$8)))^7<Table_Provincial_GTAC35378[[#This Row],[Adj.AnnualRental]],(Table_Provincial_GTAC35378[[#This Row],[RtmAnnualRental]])*(1+(IF('MAIN-INTERFACE'!$D$2=\"No\",0,'MAIN-INTERFACE'!$D$4))^(COUNTIF(MATRIX2!M64:S64,0)))*(1+(IF('MAIN-INTERFACE'!$D$2=\"No\",0,'MAIN-INTERFACE'!$D$8)))^MATRIX2!I64,Table_Provincial_GTAC35378[[#This Row],[Adj.AnnualRental]])*(1+(IF('MAIN-INTERFACE'!$D$2=\"No\",Table_Provincial_GTAC35378[[#This Row],[TnTEscalation]],'MAIN-INTERFACE'!$G$2)))^(IF((COUNTIF(MATRIX2!M64:S64,\">0\")-1)<0,0,COUNTIF(MATRIX2!M64:S64,\">0\"))))))","v":1028457.3713242281},{"$f":"SUM(Table_Provincial_GTAC35378[[#This Row],[FY 2018/19]:[FY 2023/24]])","v":5302563.0923139378}]
[{"$f":"Table_Provincial_GTAC3536[[#This Row],[SystemID]]","v":72},{"$f":"VLOOKUP($A65,DATA2!$A$2:$S$607,2,FALSE)","v":"KZN"},{"$f":"VLOOKUP($A65,DATA2!$A$2:$S$607,3,FALSE)","v":"KwaZulu-Natal"},{"$f":"VLOOKUP($A65,DATA2!$A$2:$S$607,4,FALSE)","v":78.80816600397614},{"$f":"VLOOKUP($A65,DATA2!$A$2:$S$607,5,FALSE)","v":100},{"$f":"VLOOKUP($A65,DATA2!$A$2:$S$607,6,FALSE)","v":"VTSD"},{"$f":"VLOOKUP($A65,DATA2!$A$2:$S$607,7,FALSE)","v":2012},{"$f":"VLOOKUP($A65,DATA2!$A$2:$S$607,8,FALSE)","v":true},{"$f":"VLOOKUP($A65,DATA2!$A$2:$S$607,9,FALSE)","v":0},{"$f":"VLOOKUP($A65,DATA2!$A$2:$S$607,10,FALSE)","v":158562.03},{"$f":"VLOOKUP($A65,DATA2!$A$2:$S$607,11,FALSE)","v":1902744.36},{"$f":"Table_Provincial_GTAC35378[[#This Row],[Benchmark]]*Table_Provincial_GTAC35378[[#This Row],[ExtentM2]]*12","v":2414400},{"$f":"VLOOKUP($A65,DATA2!$A$2:$S$607,12,FALSE)","v":"2016-04-01"},{"$f":"VLOOKUP($A65,DATA2!$A$2:$S$607,13,FALSE)","v":"2017-03-31"},{"$f":"VLOOKUP($A65,DATA2!$A$2:$S$607,14,FALSE)","v":"Yes"},{"$f":"IF(MATRIX2!D65=1,($Y$8-$X$2)/365*Table_Provincial_GTAC35378[[#This Row],[Adj.AnnualRental]]*MATRIX2!D65,($Y$8-$X$2)/365*Table_Provincial_GTAC35378[[#This Row],[Adj.AnnualRental]])","v":-6886370.6837260276},{"$f":"IF('MAIN-INTERFACE'!$D$2=\"No\",(Table_Provincial_GTAC35378[[#This Row],[Adj.AnnualRental]])*(1+Table_Provincial_GTAC35378[[#This Row],[TnTEscalation]])^2,\n    (((MATRIX2!V65*Table_Provincial_GTAC35378[[#This Row],[Adj.AnnualRental]])*(1+Table_Provincial_GTAC35378[[#This Row],[TnTEscalation]])^2)+\n       (MATRIX2!N65* IF(IF('MAIN-INTERFACE'!$D$2=\"No\",Table_Provincial_GTAC35378[[#This Row],[Adj.AnnualRental]],(Table_Provincial_GTAC35378[[#This Row],[RtmAnnualRental]])*(1+\n                                 (IF('MAIN-INTERFACE'!$D$2=\"No\",0,'MAIN-INTERFACE'!$D$4))^(COUNTIF(MATRIX2!M65:N65,0))))*(1+\n                                 (IF('MAIN-INTERFACE'!$D$2=\"No\",0,'MAIN-INTERFACE'!$D$8)))^2<Table_Provincial_GTAC35378[[#This Row],[Adj.AnnualRental]],(Table_Provincial_GTAC35378[[#This Row],[RtmAnnualRental]])*(1+\n\n                                 (IF('MAIN-INTERFACE'!$D$2=\"No\",0,'MAIN-INTERFACE'!$D$4))^(COUNTIF(MATRIX2!M65:N65,0)))*(1+\n                                 (IF('MAIN-INTERFACE'!$D$2=\"No\",0,'MAIN-INTERFACE'!$D$8)))^MATRIX2!D65,Table_Provincial_GTAC35378[[#This Row],[Adj.AnnualRental]])*(1+\n\n                                (IF('MAIN-INTERFACE'!$D$2=\"No\",Table_Provincial_GTAC35378[[#This Row],[TnTEscalation]],'MAIN-INTERFACE'!$G$2)))^\n                                 (IF((COUNTIF(MATRIX2!M65:N65,\">0\")-1)<0,0,COUNTIF(MATRIX2!M65:N65,\">0\"))))))","v":1974097.2735000001},{"$f":"IF('MAIN-INTERFACE'!$D$2=\"No\",(Table_Provincial_GTAC35378[[#This Row],[Adj.AnnualRental]])*(1+Table_Provincial_GTAC35378[[#This Row],[TnTEscalation]])^3,(((MATRIX2!W65*Table_Provincial_GTAC35378[[#This Row],[Adj.AnnualRental]])*(1+Table_Provincial_GTAC35378[[#This Row],[TnTEscalation]])^3)+(MATRIX2!O65*IF(IF('MAIN-INTERFACE'!$D$2=\"No\",Table_Provincial_GTAC35378[[#This Row],[Adj.AnnualRental]],(Table_Provincial_GTAC35378[[#This Row],[RtmAnnualRental]])*(1+(IF('MAIN-INTERFACE'!$D$2=\"No\",0,'MAIN-INTERFACE'!$D$4))^(COUNTIF(MATRIX2!M65:O65,0))))*(1+(IF('MAIN-INTERFACE'!$D$2=\"No\",0,'MAIN-INTERFACE'!$D$8)))^3<Table_Provincial_GTAC35378[[#This Row],[Adj.AnnualRental]],(Table_Provincial_GTAC35378[[#This Row],[RtmAnnualRental]])*(1+(IF('MAIN-INTERFACE'!$D$2=\"No\",0,'MAIN-INTERFACE'!$D$4))^(COUNTIF(MATRIX2!M65:O65,0)))*(1+(IF('MAIN-INTERFACE'!$D$2=\"No\",0,'MAIN-INTERFACE'!$D$8)))^MATRIX2!E65,Table_Provincial_GTAC35378[[#This Row],[Adj.AnnualRental]])*(1+(IF('MAIN-INTERFACE'!$D$2=\"No\",Table_Provincial_GTAC35378[[#This Row],[TnTEscalation]],'MAIN-INTERFACE'!$G$2)))^(IF((COUNTIF(MATRIX2!M65:O65,\">0\")-1)<0,0,COUNTIF(MATRIX2!M65:O65,\">0\"))))))","v":2198858.9510249998},{"$f":"IF('MAIN-INTERFACE'!$D$2=\"No\",(Table_Provincial_GTAC35378[[#This Row],[Adj.AnnualRental]])*(1+Table_Provincial_GTAC35378[[#This Row],[TnTEscalation]])^4,((((MATRIX2!X65*Table_Provincial_GTAC35378[[#This Row],[Adj.AnnualRental]])*(1+Table_Provincial_GTAC35378[[#This Row],[TnTEscalation]])^4)+(MATRIX2!P65*IF(IF('MAIN-INTERFACE'!$D$2=\"No\",Table_Provincial_GTAC35378[[#This Row],[Adj.AnnualRental]],(Table_Provincial_GTAC35378[[#This Row],[RtmAnnualRental]])*(1+(IF('MAIN-INTERFACE'!$D$2=\"No\",0,'MAIN-INTERFACE'!$D$4))^(COUNTIF(MATRIX2!M65:P65,0))))*(1+(IF('MAIN-INTERFACE'!$D$2=\"No\",0,'MAIN-INTERFACE'!$D$8)))^4<Table_Provincial_GTAC35378[[#This Row],[Adj.AnnualRental]],(Table_Provincial_GTAC35378[[#This Row],[RtmAnnualRental]])*(1+(IF('MAIN-INTERFACE'!$D$2=\"No\",0,'MAIN-INTERFACE'!$D$4))^(COUNTIF(MATRIX2!M65:P65,0)))*(1+(IF('MAIN-INTERFACE'!$D$2=\"No\",0,'MAIN-INTERFACE'!$D$8)))^MATRIX2!F65,Table_Provincial_GTAC35378[[#This Row],[Adj.AnnualRental]])*(1+(IF('MAIN-INTERFACE'!$D$2=\"No\",Table_Provincial_GTAC35378[[#This Row],[TnTEscalation]],'MAIN-INTERFACE'!$G$2)))^(IF((COUNTIF(MATRIX2!M65:P65,\">0\")-1)<0,0,COUNTIF(MATRIX2!M65:P65,\">0\")))))))","v":2363773.3723518751},{"$f":"IF('MAIN-INTERFACE'!$D$2=\"No\",(Table_Provincial_GTAC35378[[#This Row],[Adj.AnnualRental]])*(1+Table_Provincial_GTAC35378[[#This Row],[TnTEscalation]])^5,(((MATRIX2!Y65*Table_Provincial_GTAC35378[[#This Row],[Adj.AnnualRental]])*(1+Table_Provincial_GTAC35378[[#This Row],[TnTEscalation]])^5)+(MATRIX2!Q65*IF(IF('MAIN-INTERFACE'!$D$2=\"No\",Table_Provincial_GTAC35378[[#This Row],[Adj.AnnualRental]],(Table_Provincial_GTAC35378[[#This Row],[RtmAnnualRental]])*(1+(IF('MAIN-INTERFACE'!$D$2=\"No\",0,'MAIN-INTERFACE'!$D$4))^(COUNTIF(MATRIX2!M65:Q65,0))))*(1+(IF('MAIN-INTERFACE'!$D$2=\"No\",0,'MAIN-INTERFACE'!$D$8)))^5<Table_Provincial_GTAC35378[[#This Row],[Adj.AnnualRental]],(Table_Provincial_GTAC35378[[#This Row],[RtmAnnualRental]])*(1+(IF('MAIN-INTERFACE'!$D$2=\"No\",0,'MAIN-INTERFACE'!$D$4))^(COUNTIF(MATRIX2!M65:Q65,0)))*(1+(IF('MAIN-INTERFACE'!$D$2=\"No\",0,'MAIN-INTERFACE'!$D$8)))^MATRIX2!G65,Table_Provincial_GTAC35378[[#This Row],[Adj.AnnualRental]])*(1+(IF('MAIN-INTERFACE'!$D$2=\"No\",Table_Provincial_GTAC35378[[#This Row],[TnTEscalation]],'MAIN-INTERFACE'!$G$2)))^(IF((COUNTIF(MATRIX2!M65:Q65,\">0\")-1)<0,0,COUNTIF(MATRIX2!M65:Q65,\">0\"))))))","v":2541056.3752782657},{"$f":"IF('MAIN-INTERFACE'!$D$2=\"No\",(Table_Provincial_GTAC35378[[#This Row],[Adj.AnnualRental]])*(1+Table_Provincial_GTAC35378[[#This Row],[TnTEscalation]])^6,(((MATRIX2!Z65*Table_Provincial_GTAC35378[[#This Row],[Adj.AnnualRental]])*(1+Table_Provincial_GTAC35378[[#This Row],[TnTEscalation]])^6)+(MATRIX2!R65*IF(IF('MAIN-INTERFACE'!$D$2=\"No\",Table_Provincial_GTAC35378[[#This Row],[Adj.AnnualRental]],(Table_Provincial_GTAC35378[[#This Row],[RtmAnnualRental]])*(1+(IF('MAIN-INTERFACE'!$D$2=\"No\",0,'MAIN-INTERFACE'!$D$4))^(COUNTIF(MATRIX2!M65:R65,0))))*(1+(IF('MAIN-INTERFACE'!$D$2=\"No\",0,'MAIN-INTERFACE'!$D$8)))^6<Table_Provincial_GTAC35378[[#This Row],[Adj.AnnualRental]],(Table_Provincial_GTAC35378[[#This Row],[RtmAnnualRental]])*(1+(IF('MAIN-INTERFACE'!$D$2=\"No\",0,'MAIN-INTERFACE'!$D$4))^(COUNTIF(MATRIX2!M65:R65,0)))*(1+(IF('MAIN-INTERFACE'!$D$2=\"No\",0,'MAIN-INTERFACE'!$D$8)))^MATRIX2!H65,Table_Provincial_GTAC35378[[#This Row],[Adj.AnnualRental]])*(1+(IF('MAIN-INTERFACE'!$D$2=\"No\",Table_Provincial_GTAC35378[[#This Row],[TnTEscalation]],'MAIN-INTERFACE'!$G$2)))^(IF((COUNTIF(MATRIX2!M65:R65,\">0\")-1)<0,0,COUNTIF(MATRIX2!M65:R65,\">0\"))))))","v":2731635.6034241356},{"$f":"IF('MAIN-INTERFACE'!$D$2=\"No\",(Table_Provincial_GTAC35378[[#This Row],[Adj.AnnualRental]])*(1+Table_Provincial_GTAC35378[[#This Row],[TnTEscalation]])^7,(((MATRIX2!AA65*Table_Provincial_GTAC35378[[#This Row],[Adj.AnnualRental]])*(1+Table_Provincial_GTAC35378[[#This Row],[TnTEscalation]])^7)+(MATRIX2!S65*IF(IF('MAIN-INTERFACE'!$D$2=\"No\",Table_Provincial_GTAC35378[[#This Row],[Adj.AnnualRental]],(Table_Provincial_GTAC35378[[#This Row],[RtmAnnualRental]])*(1+(IF('MAIN-INTERFACE'!$D$2=\"No\",0,'MAIN-INTERFACE'!$D$4))^(COUNTIF(MATRIX2!M65:S65,0))))*(1+(IF('MAIN-INTERFACE'!$D$2=\"No\",0,'MAIN-INTERFACE'!$D$8)))^7<Table_Provincial_GTAC35378[[#This Row],[Adj.AnnualRental]],(Table_Provincial_GTAC35378[[#This Row],[RtmAnnualRental]])*(1+(IF('MAIN-INTERFACE'!$D$2=\"No\",0,'MAIN-INTERFACE'!$D$4))^(COUNTIF(MATRIX2!M65:S65,0)))*(1+(IF('MAIN-INTERFACE'!$D$2=\"No\",0,'MAIN-INTERFACE'!$D$8)))^MATRIX2!I65,Table_Provincial_GTAC35378[[#This Row],[Adj.AnnualRental]])*(1+(IF('MAIN-INTERFACE'!$D$2=\"No\",Table_Provincial_GTAC35378[[#This Row],[TnTEscalation]],'MAIN-INTERFACE'!$G$2)))^(IF((COUNTIF(MATRIX2!M65:S65,\">0\")-1)<0,0,COUNTIF(MATRIX2!M65:S65,\">0\"))))))","v":2936508.2736809454},{"$f":"SUM(Table_Provincial_GTAC35378[[#This Row],[FY 2018/19]:[FY 2023/24]])","v":14745929.849260222}]
[{"$f":"Table_Provincial_GTAC3536[[#This Row],[SystemID]]","v":73},{"$f":"VLOOKUP($A66,DATA2!$A$2:$S$607,2,FALSE)","v":"KZN"},{"$f":"VLOOKUP($A66,DATA2!$A$2:$S$607,3,FALSE)","v":"KwaZulu-Natal"},{"$f":"VLOOKUP($A66,DATA2!$A$2:$S$607,4,FALSE)","v":91.32437148217636},{"$f":"VLOOKUP($A66,DATA2!$A$2:$S$607,5,FALSE)","v":77.5},{"$f":"VLOOKUP($A66,DATA2!$A$2:$S$607,6,FALSE)","v":"VTSD"},{"$f":"VLOOKUP($A66,DATA2!$A$2:$S$607,7,FALSE)","v":533},{"$f":"VLOOKUP($A66,DATA2!$A$2:$S$607,8,FALSE)","v":true},{"$f":"VLOOKUP($A66,DATA2!$A$2:$S$607,9,FALSE)","v":0.08},{"$f":"VLOOKUP($A66,DATA2!$A$2:$S$607,10,FALSE)","v":48675.89},{"$f":"VLOOKUP($A66,DATA2!$A$2:$S$607,11,FALSE)","v":584110.68000000005},{"$f":"Table_Provincial_GTAC35378[[#This Row],[Benchmark]]*Table_Provincial_GTAC35378[[#This Row],[ExtentM2]]*12","v":495690},{"$f":"VLOOKUP($A66,DATA2!$A$2:$S$607,12,FALSE)","v":"2016-07-01"},{"$f":"VLOOKUP($A66,DATA2!$A$2:$S$607,13,FALSE)","v":"2019-06-30"},{"$f":"VLOOKUP($A66,DATA2!$A$2:$S$607,14,FALSE)","v":"No"},{"$f":"IF(MATRIX2!D66=1,($Y$8-$X$2)/365*Table_Provincial_GTAC35378[[#This Row],[Adj.AnnualRental]]*MATRIX2!D66,($Y$8-$X$2)/365*Table_Provincial_GTAC35378[[#This Row],[Adj.AnnualRental]])","v":-2114000.5706301373},{"$f":"IF('MAIN-INTERFACE'!$D$2=\"No\",(Table_Provincial_GTAC35378[[#This Row],[Adj.AnnualRental]])*(1+Table_Provincial_GTAC35378[[#This Row],[TnTEscalation]])^2,\n    (((MATRIX2!V66*Table_Provincial_GTAC35378[[#This Row],[Adj.AnnualRental]])*(1+Table_Provincial_GTAC35378[[#This Row],[TnTEscalation]])^2)+\n       (MATRIX2!N66* IF(IF('MAIN-INTERFACE'!$D$2=\"No\",Table_Provincial_GTAC35378[[#This Row],[Adj.AnnualRental]],(Table_Provincial_GTAC35378[[#This Row],[RtmAnnualRental]])*(1+\n                                 (IF('MAIN-INTERFACE'!$D$2=\"No\",0,'MAIN-INTERFACE'!$D$4))^(COUNTIF(MATRIX2!M66:N66,0))))*(1+\n                                 (IF('MAIN-INTERFACE'!$D$2=\"No\",0,'MAIN-INTERFACE'!$D$8)))^2<Table_Provincial_GTAC35378[[#This Row],[Adj.AnnualRental]],(Table_Provincial_GTAC35378[[#This Row],[RtmAnnualRental]])*(1+\n\n                                 (IF('MAIN-INTERFACE'!$D$2=\"No\",0,'MAIN-INTERFACE'!$D$4))^(COUNTIF(MATRIX2!M66:N66,0)))*(1+\n                                 (IF('MAIN-INTERFACE'!$D$2=\"No\",0,'MAIN-INTERFACE'!$D$8)))^MATRIX2!D66,Table_Provincial_GTAC35378[[#This Row],[Adj.AnnualRental]])*(1+\n\n                                (IF('MAIN-INTERFACE'!$D$2=\"No\",Table_Provincial_GTAC35378[[#This Row],[TnTEscalation]],'MAIN-INTERFACE'!$G$2)))^\n                                 (IF((COUNTIF(MATRIX2!M66:N66,\">0\")-1)<0,0,COUNTIF(MATRIX2!M66:N66,\">0\"))))))","v":681306.69715200015},{"$f":"IF('MAIN-INTERFACE'!$D$2=\"No\",(Table_Provincial_GTAC35378[[#This Row],[Adj.AnnualRental]])*(1+Table_Provincial_GTAC35378[[#This Row],[TnTEscalation]])^3,(((MATRIX2!W66*Table_Provincial_GTAC35378[[#This Row],[Adj.AnnualRental]])*(1+Table_Provincial_GTAC35378[[#This Row],[TnTEscalation]])^3)+(MATRIX2!O66*IF(IF('MAIN-INTERFACE'!$D$2=\"No\",Table_Provincial_GTAC35378[[#This Row],[Adj.AnnualRental]],(Table_Provincial_GTAC35378[[#This Row],[RtmAnnualRental]])*(1+(IF('MAIN-INTERFACE'!$D$2=\"No\",0,'MAIN-INTERFACE'!$D$4))^(COUNTIF(MATRIX2!M66:O66,0))))*(1+(IF('MAIN-INTERFACE'!$D$2=\"No\",0,'MAIN-INTERFACE'!$D$8)))^3<Table_Provincial_GTAC35378[[#This Row],[Adj.AnnualRental]],(Table_Provincial_GTAC35378[[#This Row],[RtmAnnualRental]])*(1+(IF('MAIN-INTERFACE'!$D$2=\"No\",0,'MAIN-INTERFACE'!$D$4))^(COUNTIF(MATRIX2!M66:O66,0)))*(1+(IF('MAIN-INTERFACE'!$D$2=\"No\",0,'MAIN-INTERFACE'!$D$8)))^MATRIX2!E66,Table_Provincial_GTAC35378[[#This Row],[Adj.AnnualRental]])*(1+(IF('MAIN-INTERFACE'!$D$2=\"No\",Table_Provincial_GTAC35378[[#This Row],[TnTEscalation]],'MAIN-INTERFACE'!$G$2)))^(IF((COUNTIF(MATRIX2!M66:O66,\">0\")-1)<0,0,COUNTIF(MATRIX2!M66:O66,\">0\"))))))","v":684042.48693071096},{"$f":"IF('MAIN-INTERFACE'!$D$2=\"No\",(Table_Provincial_GTAC35378[[#This Row],[Adj.AnnualRental]])*(1+Table_Provincial_GTAC35378[[#This Row],[TnTEscalation]])^4,((((MATRIX2!X66*Table_Provincial_GTAC35378[[#This Row],[Adj.AnnualRental]])*(1+Table_Provincial_GTAC35378[[#This Row],[TnTEscalation]])^4)+(MATRIX2!P66*IF(IF('MAIN-INTERFACE'!$D$2=\"No\",Table_Provincial_GTAC35378[[#This Row],[Adj.AnnualRental]],(Table_Provincial_GTAC35378[[#This Row],[RtmAnnualRental]])*(1+(IF('MAIN-INTERFACE'!$D$2=\"No\",0,'MAIN-INTERFACE'!$D$4))^(COUNTIF(MATRIX2!M66:P66,0))))*(1+(IF('MAIN-INTERFACE'!$D$2=\"No\",0,'MAIN-INTERFACE'!$D$8)))^4<Table_Provincial_GTAC35378[[#This Row],[Adj.AnnualRental]],(Table_Provincial_GTAC35378[[#This Row],[RtmAnnualRental]])*(1+(IF('MAIN-INTERFACE'!$D$2=\"No\",0,'MAIN-INTERFACE'!$D$4))^(COUNTIF(MATRIX2!M66:P66,0)))*(1+(IF('MAIN-INTERFACE'!$D$2=\"No\",0,'MAIN-INTERFACE'!$D$8)))^MATRIX2!F66,Table_Provincial_GTAC35378[[#This Row],[Adj.AnnualRental]])*(1+(IF('MAIN-INTERFACE'!$D$2=\"No\",Table_Provincial_GTAC35378[[#This Row],[TnTEscalation]],'MAIN-INTERFACE'!$G$2)))^(IF((COUNTIF(MATRIX2!M66:P66,\">0\")-1)<0,0,COUNTIF(MATRIX2!M66:P66,\">0\")))))))","v":573748.28706},{"$f":"IF('MAIN-INTERFACE'!$D$2=\"No\",(Table_Provincial_GTAC35378[[#This Row],[Adj.AnnualRental]])*(1+Table_Provincial_GTAC35378[[#This Row],[TnTEscalation]])^5,(((MATRIX2!Y66*Table_Provincial_GTAC35378[[#This Row],[Adj.AnnualRental]])*(1+Table_Provincial_GTAC35378[[#This Row],[TnTEscalation]])^5)+(MATRIX2!Q66*IF(IF('MAIN-INTERFACE'!$D$2=\"No\",Table_Provincial_GTAC35378[[#This Row],[Adj.AnnualRental]],(Table_Provincial_GTAC35378[[#This Row],[RtmAnnualRental]])*(1+(IF('MAIN-INTERFACE'!$D$2=\"No\",0,'MAIN-INTERFACE'!$D$4))^(COUNTIF(MATRIX2!M66:Q66,0))))*(1+(IF('MAIN-INTERFACE'!$D$2=\"No\",0,'MAIN-INTERFACE'!$D$8)))^5<Table_Provincial_GTAC35378[[#This Row],[Adj.AnnualRental]],(Table_Provincial_GTAC35378[[#This Row],[RtmAnnualRental]])*(1+(IF('MAIN-INTERFACE'!$D$2=\"No\",0,'MAIN-INTERFACE'!$D$4))^(COUNTIF(MATRIX2!M66:Q66,0)))*(1+(IF('MAIN-INTERFACE'!$D$2=\"No\",0,'MAIN-INTERFACE'!$D$8)))^MATRIX2!G66,Table_Provincial_GTAC35378[[#This Row],[Adj.AnnualRental]])*(1+(IF('MAIN-INTERFACE'!$D$2=\"No\",Table_Provincial_GTAC35378[[#This Row],[TnTEscalation]],'MAIN-INTERFACE'!$G$2)))^(IF((COUNTIF(MATRIX2!M66:Q66,\">0\")-1)<0,0,COUNTIF(MATRIX2!M66:Q66,\">0\"))))))","v":616779.4085895},{"$f":"IF('MAIN-INTERFACE'!$D$2=\"No\",(Table_Provincial_GTAC35378[[#This Row],[Adj.AnnualRental]])*(1+Table_Provincial_GTAC35378[[#This Row],[TnTEscalation]])^6,(((MATRIX2!Z66*Table_Provincial_GTAC35378[[#This Row],[Adj.AnnualRental]])*(1+Table_Provincial_GTAC35378[[#This Row],[TnTEscalation]])^6)+(MATRIX2!R66*IF(IF('MAIN-INTERFACE'!$D$2=\"No\",Table_Provincial_GTAC35378[[#This Row],[Adj.AnnualRental]],(Table_Provincial_GTAC35378[[#This Row],[RtmAnnualRental]])*(1+(IF('MAIN-INTERFACE'!$D$2=\"No\",0,'MAIN-INTERFACE'!$D$4))^(COUNTIF(MATRIX2!M66:R66,0))))*(1+(IF('MAIN-INTERFACE'!$D$2=\"No\",0,'MAIN-INTERFACE'!$D$8)))^6<Table_Provincial_GTAC35378[[#This Row],[Adj.AnnualRental]],(Table_Provincial_GTAC35378[[#This Row],[RtmAnnualRental]])*(1+(IF('MAIN-INTERFACE'!$D$2=\"No\",0,'MAIN-INTERFACE'!$D$4))^(COUNTIF(MATRIX2!M66:R66,0)))*(1+(IF('MAIN-INTERFACE'!$D$2=\"No\",0,'MAIN-INTERFACE'!$D$8)))^MATRIX2!H66,Table_Provincial_GTAC35378[[#This Row],[Adj.AnnualRental]])*(1+(IF('MAIN-INTERFACE'!$D$2=\"No\",Table_Provincial_GTAC35378[[#This Row],[TnTEscalation]],'MAIN-INTERFACE'!$G$2)))^(IF((COUNTIF(MATRIX2!M66:R66,\">0\")-1)<0,0,COUNTIF(MATRIX2!M66:R66,\">0\"))))))","v":663037.86423371255},{"$f":"IF('MAIN-INTERFACE'!$D$2=\"No\",(Table_Provincial_GTAC35378[[#This Row],[Adj.AnnualRental]])*(1+Table_Provincial_GTAC35378[[#This Row],[TnTEscalation]])^7,(((MATRIX2!AA66*Table_Provincial_GTAC35378[[#This Row],[Adj.AnnualRental]])*(1+Table_Provincial_GTAC35378[[#This Row],[TnTEscalation]])^7)+(MATRIX2!S66*IF(IF('MAIN-INTERFACE'!$D$2=\"No\",Table_Provincial_GTAC35378[[#This Row],[Adj.AnnualRental]],(Table_Provincial_GTAC35378[[#This Row],[RtmAnnualRental]])*(1+(IF('MAIN-INTERFACE'!$D$2=\"No\",0,'MAIN-INTERFACE'!$D$4))^(COUNTIF(MATRIX2!M66:S66,0))))*(1+(IF('MAIN-INTERFACE'!$D$2=\"No\",0,'MAIN-INTERFACE'!$D$8)))^7<Table_Provincial_GTAC35378[[#This Row],[Adj.AnnualRental]],(Table_Provincial_GTAC35378[[#This Row],[RtmAnnualRental]])*(1+(IF('MAIN-INTERFACE'!$D$2=\"No\",0,'MAIN-INTERFACE'!$D$4))^(COUNTIF(MATRIX2!M66:S66,0)))*(1+(IF('MAIN-INTERFACE'!$D$2=\"No\",0,'MAIN-INTERFACE'!$D$8)))^MATRIX2!I66,Table_Provincial_GTAC35378[[#This Row],[Adj.AnnualRental]])*(1+(IF('MAIN-INTERFACE'!$D$2=\"No\",Table_Provincial_GTAC35378[[#This Row],[TnTEscalation]],'MAIN-INTERFACE'!$G$2)))^(IF((COUNTIF(MATRIX2!M66:S66,\">0\")-1)<0,0,COUNTIF(MATRIX2!M66:S66,\">0\"))))))","v":712765.70405124093},{"$f":"SUM(Table_Provincial_GTAC35378[[#This Row],[FY 2018/19]:[FY 2023/24]])","v":3931680.4480171646}]
[{"$f":"Table_Provincial_GTAC3536[[#This Row],[SystemID]]","v":74},{"$f":"VLOOKUP($A67,DATA2!$A$2:$S$607,2,FALSE)","v":"KZN"},{"$f":"VLOOKUP($A67,DATA2!$A$2:$S$607,3,FALSE)","v":"KwaZulu-Natal"},{"$f":"VLOOKUP($A67,DATA2!$A$2:$S$607,4,FALSE)","v":137.04263206672846},{"$f":"VLOOKUP($A67,DATA2!$A$2:$S$607,5,FALSE)","v":77.5},{"$f":"VLOOKUP($A67,DATA2!$A$2:$S$607,6,FALSE)","v":"VTSD"},{"$f":"VLOOKUP($A67,DATA2!$A$2:$S$607,7,FALSE)","v":863.2},{"$f":"VLOOKUP($A67,DATA2!$A$2:$S$607,8,FALSE)","v":true},{"$f":"VLOOKUP($A67,DATA2!$A$2:$S$607,9,FALSE)","v":7.0000000000000007E-2},{"$f":"VLOOKUP($A67,DATA2!$A$2:$S$607,10,FALSE)","v":118295.2},{"$f":"VLOOKUP($A67,DATA2!$A$2:$S$607,11,FALSE)","v":1419542.4},{"$f":"Table_Provincial_GTAC35378[[#This Row],[Benchmark]]*Table_Provincial_GTAC35378[[#This Row],[ExtentM2]]*12","v":802776},{"$f":"VLOOKUP($A67,DATA2!$A$2:$S$607,12,FALSE)","v":"2016-03-01"},{"$f":"VLOOKUP($A67,DATA2!$A$2:$S$607,13,FALSE)","v":"2021-02-28"},{"$f":"VLOOKUP($A67,DATA2!$A$2:$S$607,14,FALSE)","v":"No"},{"$f":"IF(MATRIX2!D67=1,($Y$8-$X$2)/365*Table_Provincial_GTAC35378[[#This Row],[Adj.AnnualRental]]*MATRIX2!D67,($Y$8-$X$2)/365*Table_Provincial_GTAC35378[[#This Row],[Adj.AnnualRental]])","v":-5137576.7408219175},{"$f":"IF('MAIN-INTERFACE'!$D$2=\"No\",(Table_Provincial_GTAC35378[[#This Row],[Adj.AnnualRental]])*(1+Table_Provincial_GTAC35378[[#This Row],[TnTEscalation]])^2,\n    (((MATRIX2!V67*Table_Provincial_GTAC35378[[#This Row],[Adj.AnnualRental]])*(1+Table_Provincial_GTAC35378[[#This Row],[TnTEscalation]])^2)+\n       (MATRIX2!N67* IF(IF('MAIN-INTERFACE'!$D$2=\"No\",Table_Provincial_GTAC35378[[#This Row],[Adj.AnnualRental]],(Table_Provincial_GTAC35378[[#This Row],[RtmAnnualRental]])*(1+\n                                 (IF('MAIN-INTERFACE'!$D$2=\"No\",0,'MAIN-INTERFACE'!$D$4))^(COUNTIF(MATRIX2!M67:N67,0))))*(1+\n                                 (IF('MAIN-INTERFACE'!$D$2=\"No\",0,'MAIN-INTERFACE'!$D$8)))^2<Table_Provincial_GTAC35378[[#This Row],[Adj.AnnualRental]],(Table_Provincial_GTAC35378[[#This Row],[RtmAnnualRental]])*(1+\n\n                                 (IF('MAIN-INTERFACE'!$D$2=\"No\",0,'MAIN-INTERFACE'!$D$4))^(COUNTIF(MATRIX2!M67:N67,0)))*(1+\n                                 (IF('MAIN-INTERFACE'!$D$2=\"No\",0,'MAIN-INTERFACE'!$D$8)))^MATRIX2!D67,Table_Provincial_GTAC35378[[#This Row],[Adj.AnnualRental]])*(1+\n\n                                (IF('MAIN-INTERFACE'!$D$2=\"No\",Table_Provincial_GTAC35378[[#This Row],[TnTEscalation]],'MAIN-INTERFACE'!$G$2)))^\n                                 (IF((COUNTIF(MATRIX2!M67:N67,\">0\")-1)<0,0,COUNTIF(MATRIX2!M67:N67,\">0\"))))))","v":1625234.0937599998},{"$f":"IF('MAIN-INTERFACE'!$D$2=\"No\",(Table_Provincial_GTAC35378[[#This Row],[Adj.AnnualRental]])*(1+Table_Provincial_GTAC35378[[#This Row],[TnTEscalation]])^3,(((MATRIX2!W67*Table_Provincial_GTAC35378[[#This Row],[Adj.AnnualRental]])*(1+Table_Provincial_GTAC35378[[#This Row],[TnTEscalation]])^3)+(MATRIX2!O67*IF(IF('MAIN-INTERFACE'!$D$2=\"No\",Table_Provincial_GTAC35378[[#This Row],[Adj.AnnualRental]],(Table_Provincial_GTAC35378[[#This Row],[RtmAnnualRental]])*(1+(IF('MAIN-INTERFACE'!$D$2=\"No\",0,'MAIN-INTERFACE'!$D$4))^(COUNTIF(MATRIX2!M67:O67,0))))*(1+(IF('MAIN-INTERFACE'!$D$2=\"No\",0,'MAIN-INTERFACE'!$D$8)))^3<Table_Provincial_GTAC35378[[#This Row],[Adj.AnnualRental]],(Table_Provincial_GTAC35378[[#This Row],[RtmAnnualRental]])*(1+(IF('MAIN-INTERFACE'!$D$2=\"No\",0,'MAIN-INTERFACE'!$D$4))^(COUNTIF(MATRIX2!M67:O67,0)))*(1+(IF('MAIN-INTERFACE'!$D$2=\"No\",0,'MAIN-INTERFACE'!$D$8)))^MATRIX2!E67,Table_Provincial_GTAC35378[[#This Row],[Adj.AnnualRental]])*(1+(IF('MAIN-INTERFACE'!$D$2=\"No\",Table_Provincial_GTAC35378[[#This Row],[TnTEscalation]],'MAIN-INTERFACE'!$G$2)))^(IF((COUNTIF(MATRIX2!M67:O67,\">0\")-1)<0,0,COUNTIF(MATRIX2!M67:O67,\">0\"))))))","v":1739000.4803232001},{"$f":"IF('MAIN-INTERFACE'!$D$2=\"No\",(Table_Provincial_GTAC35378[[#This Row],[Adj.AnnualRental]])*(1+Table_Provincial_GTAC35378[[#This Row],[TnTEscalation]])^4,((((MATRIX2!X67*Table_Provincial_GTAC35378[[#This Row],[Adj.AnnualRental]])*(1+Table_Provincial_GTAC35378[[#This Row],[TnTEscalation]])^4)+(MATRIX2!P67*IF(IF('MAIN-INTERFACE'!$D$2=\"No\",Table_Provincial_GTAC35378[[#This Row],[Adj.AnnualRental]],(Table_Provincial_GTAC35378[[#This Row],[RtmAnnualRental]])*(1+(IF('MAIN-INTERFACE'!$D$2=\"No\",0,'MAIN-INTERFACE'!$D$4))^(COUNTIF(MATRIX2!M67:P67,0))))*(1+(IF('MAIN-INTERFACE'!$D$2=\"No\",0,'MAIN-INTERFACE'!$D$8)))^4<Table_Provincial_GTAC35378[[#This Row],[Adj.AnnualRental]],(Table_Provincial_GTAC35378[[#This Row],[RtmAnnualRental]])*(1+(IF('MAIN-INTERFACE'!$D$2=\"No\",0,'MAIN-INTERFACE'!$D$4))^(COUNTIF(MATRIX2!M67:P67,0)))*(1+(IF('MAIN-INTERFACE'!$D$2=\"No\",0,'MAIN-INTERFACE'!$D$8)))^MATRIX2!F67,Table_Provincial_GTAC35378[[#This Row],[Adj.AnnualRental]])*(1+(IF('MAIN-INTERFACE'!$D$2=\"No\",Table_Provincial_GTAC35378[[#This Row],[TnTEscalation]],'MAIN-INTERFACE'!$G$2)))^(IF((COUNTIF(MATRIX2!M67:P67,\">0\")-1)<0,0,COUNTIF(MATRIX2!M67:P67,\">0\")))))))","v":1860730.513945824},{"$f":"IF('MAIN-INTERFACE'!$D$2=\"No\",(Table_Provincial_GTAC35378[[#This Row],[Adj.AnnualRental]])*(1+Table_Provincial_GTAC35378[[#This Row],[TnTEscalation]])^5,(((MATRIX2!Y67*Table_Provincial_GTAC35378[[#This Row],[Adj.AnnualRental]])*(1+Table_Provincial_GTAC35378[[#This Row],[TnTEscalation]])^5)+(MATRIX2!Q67*IF(IF('MAIN-INTERFACE'!$D$2=\"No\",Table_Provincial_GTAC35378[[#This Row],[Adj.AnnualRental]],(Table_Provincial_GTAC35378[[#This Row],[RtmAnnualRental]])*(1+(IF('MAIN-INTERFACE'!$D$2=\"No\",0,'MAIN-INTERFACE'!$D$4))^(COUNTIF(MATRIX2!M67:Q67,0))))*(1+(IF('MAIN-INTERFACE'!$D$2=\"No\",0,'MAIN-INTERFACE'!$D$8)))^5<Table_Provincial_GTAC35378[[#This Row],[Adj.AnnualRental]],(Table_Provincial_GTAC35378[[#This Row],[RtmAnnualRental]])*(1+(IF('MAIN-INTERFACE'!$D$2=\"No\",0,'MAIN-INTERFACE'!$D$4))^(COUNTIF(MATRIX2!M67:Q67,0)))*(1+(IF('MAIN-INTERFACE'!$D$2=\"No\",0,'MAIN-INTERFACE'!$D$8)))^MATRIX2!G67,Table_Provincial_GTAC35378[[#This Row],[Adj.AnnualRental]])*(1+(IF('MAIN-INTERFACE'!$D$2=\"No\",Table_Provincial_GTAC35378[[#This Row],[TnTEscalation]],'MAIN-INTERFACE'!$G$2)))^(IF((COUNTIF(MATRIX2!M67:Q67,\">0\")-1)<0,0,COUNTIF(MATRIX2!M67:Q67,\">0\"))))))","v":1328091.2961510951},{"$f":"IF('MAIN-INTERFACE'!$D$2=\"No\",(Table_Provincial_GTAC35378[[#This Row],[Adj.AnnualRental]])*(1+Table_Provincial_GTAC35378[[#This Row],[TnTEscalation]])^6,(((MATRIX2!Z67*Table_Provincial_GTAC35378[[#This Row],[Adj.AnnualRental]])*(1+Table_Provincial_GTAC35378[[#This Row],[TnTEscalation]])^6)+(MATRIX2!R67*IF(IF('MAIN-INTERFACE'!$D$2=\"No\",Table_Provincial_GTAC35378[[#This Row],[Adj.AnnualRental]],(Table_Provincial_GTAC35378[[#This Row],[RtmAnnualRental]])*(1+(IF('MAIN-INTERFACE'!$D$2=\"No\",0,'MAIN-INTERFACE'!$D$4))^(COUNTIF(MATRIX2!M67:R67,0))))*(1+(IF('MAIN-INTERFACE'!$D$2=\"No\",0,'MAIN-INTERFACE'!$D$8)))^6<Table_Provincial_GTAC35378[[#This Row],[Adj.AnnualRental]],(Table_Provincial_GTAC35378[[#This Row],[RtmAnnualRental]])*(1+(IF('MAIN-INTERFACE'!$D$2=\"No\",0,'MAIN-INTERFACE'!$D$4))^(COUNTIF(MATRIX2!M67:R67,0)))*(1+(IF('MAIN-INTERFACE'!$D$2=\"No\",0,'MAIN-INTERFACE'!$D$8)))^MATRIX2!H67,Table_Provincial_GTAC35378[[#This Row],[Adj.AnnualRental]])*(1+(IF('MAIN-INTERFACE'!$D$2=\"No\",Table_Provincial_GTAC35378[[#This Row],[TnTEscalation]],'MAIN-INTERFACE'!$G$2)))^(IF((COUNTIF(MATRIX2!M67:R67,\">0\")-1)<0,0,COUNTIF(MATRIX2!M67:R67,\">0\"))))))","v":927710.38993251836},{"$f":"IF('MAIN-INTERFACE'!$D$2=\"No\",(Table_Provincial_GTAC35378[[#This Row],[Adj.AnnualRental]])*(1+Table_Provincial_GTAC35378[[#This Row],[TnTEscalation]])^7,(((MATRIX2!AA67*Table_Provincial_GTAC35378[[#This Row],[Adj.AnnualRental]])*(1+Table_Provincial_GTAC35378[[#This Row],[TnTEscalation]])^7)+(MATRIX2!S67*IF(IF('MAIN-INTERFACE'!$D$2=\"No\",Table_Provincial_GTAC35378[[#This Row],[Adj.AnnualRental]],(Table_Provincial_GTAC35378[[#This Row],[RtmAnnualRental]])*(1+(IF('MAIN-INTERFACE'!$D$2=\"No\",0,'MAIN-INTERFACE'!$D$4))^(COUNTIF(MATRIX2!M67:S67,0))))*(1+(IF('MAIN-INTERFACE'!$D$2=\"No\",0,'MAIN-INTERFACE'!$D$8)))^7<Table_Provincial_GTAC35378[[#This Row],[Adj.AnnualRental]],(Table_Provincial_GTAC35378[[#This Row],[RtmAnnualRental]])*(1+(IF('MAIN-INTERFACE'!$D$2=\"No\",0,'MAIN-INTERFACE'!$D$4))^(COUNTIF(MATRIX2!M67:S67,0)))*(1+(IF('MAIN-INTERFACE'!$D$2=\"No\",0,'MAIN-INTERFACE'!$D$8)))^MATRIX2!I67,Table_Provincial_GTAC35378[[#This Row],[Adj.AnnualRental]])*(1+(IF('MAIN-INTERFACE'!$D$2=\"No\",Table_Provincial_GTAC35378[[#This Row],[TnTEscalation]],'MAIN-INTERFACE'!$G$2)))^(IF((COUNTIF(MATRIX2!M67:S67,\">0\")-1)<0,0,COUNTIF(MATRIX2!M67:S67,\">0\"))))))","v":997288.66917745711},{"$f":"SUM(Table_Provincial_GTAC35378[[#This Row],[FY 2018/19]:[FY 2023/24]])","v":8478055.4432900939}]
[{"$f":"Table_Provincial_GTAC3536[[#This Row],[SystemID]]","v":75},{"$f":"VLOOKUP($A68,DATA2!$A$2:$S$607,2,FALSE)","v":"KZN"},{"$f":"VLOOKUP($A68,DATA2!$A$2:$S$607,3,FALSE)","v":"KwaZulu-Natal"},{"$f":"VLOOKUP($A68,DATA2!$A$2:$S$607,4,FALSE)","v":131.75264367816092},{"$f":"VLOOKUP($A68,DATA2!$A$2:$S$607,5,FALSE)","v":100},{"$f":"VLOOKUP($A68,DATA2!$A$2:$S$607,6,FALSE)","v":"VTSD"},{"$f":"VLOOKUP($A68,DATA2!$A$2:$S$607,7,FALSE)","v":348},{"$f":"VLOOKUP($A68,DATA2!$A$2:$S$607,8,FALSE)","v":true},{"$f":"VLOOKUP($A68,DATA2!$A$2:$S$607,9,FALSE)","v":0.08},{"$f":"VLOOKUP($A68,DATA2!$A$2:$S$607,10,FALSE)","v":45849.919999999998},{"$f":"VLOOKUP($A68,DATA2!$A$2:$S$607,11,FALSE)","v":550199.04000000004},{"$f":"Table_Provincial_GTAC35378[[#This Row],[Benchmark]]*Table_Provincial_GTAC35378[[#This Row],[ExtentM2]]*12","v":417600},{"$f":"VLOOKUP($A68,DATA2!$A$2:$S$607,12,FALSE)","v":"2014-04-01"},{"$f":"VLOOKUP($A68,DATA2!$A$2:$S$607,13,FALSE)","v":"2019-03-31"},{"$f":"VLOOKUP($A68,DATA2!$A$2:$S$607,14,FALSE)","v":"No"},{"$f":"IF(MATRIX2!D68=1,($Y$8-$X$2)/365*Table_Provincial_GTAC35378[[#This Row],[Adj.AnnualRental]]*MATRIX2!D68,($Y$8-$X$2)/365*Table_Provincial_GTAC35378[[#This Row],[Adj.AnnualRental]])","v":-1991268.306410959},{"$f":"IF('MAIN-INTERFACE'!$D$2=\"No\",(Table_Provincial_GTAC35378[[#This Row],[Adj.AnnualRental]])*(1+Table_Provincial_GTAC35378[[#This Row],[TnTEscalation]])^2,\n    (((MATRIX2!V68*Table_Provincial_GTAC35378[[#This Row],[Adj.AnnualRental]])*(1+Table_Provincial_GTAC35378[[#This Row],[TnTEscalation]])^2)+\n       (MATRIX2!N68* IF(IF('MAIN-INTERFACE'!$D$2=\"No\",Table_Provincial_GTAC35378[[#This Row],[Adj.AnnualRental]],(Table_Provincial_GTAC35378[[#This Row],[RtmAnnualRental]])*(1+\n                                 (IF('MAIN-INTERFACE'!$D$2=\"No\",0,'MAIN-INTERFACE'!$D$4))^(COUNTIF(MATRIX2!M68:N68,0))))*(1+\n                                 (IF('MAIN-INTERFACE'!$D$2=\"No\",0,'MAIN-INTERFACE'!$D$8)))^2<Table_Provincial_GTAC35378[[#This Row],[Adj.AnnualRental]],(Table_Provincial_GTAC35378[[#This Row],[RtmAnnualRental]])*(1+\n\n                                 (IF('MAIN-INTERFACE'!$D$2=\"No\",0,'MAIN-INTERFACE'!$D$4))^(COUNTIF(MATRIX2!M68:N68,0)))*(1+\n                                 (IF('MAIN-INTERFACE'!$D$2=\"No\",0,'MAIN-INTERFACE'!$D$8)))^MATRIX2!D68,Table_Provincial_GTAC35378[[#This Row],[Adj.AnnualRental]])*(1+\n\n                                (IF('MAIN-INTERFACE'!$D$2=\"No\",Table_Provincial_GTAC35378[[#This Row],[TnTEscalation]],'MAIN-INTERFACE'!$G$2)))^\n                                 (IF((COUNTIF(MATRIX2!M68:N68,\">0\")-1)<0,0,COUNTIF(MATRIX2!M68:N68,\">0\"))))))","v":641752.16025600012},{"$f":"IF('MAIN-INTERFACE'!$D$2=\"No\",(Table_Provincial_GTAC35378[[#This Row],[Adj.AnnualRental]])*(1+Table_Provincial_GTAC35378[[#This Row],[TnTEscalation]])^3,(((MATRIX2!W68*Table_Provincial_GTAC35378[[#This Row],[Adj.AnnualRental]])*(1+Table_Provincial_GTAC35378[[#This Row],[TnTEscalation]])^3)+(MATRIX2!O68*IF(IF('MAIN-INTERFACE'!$D$2=\"No\",Table_Provincial_GTAC35378[[#This Row],[Adj.AnnualRental]],(Table_Provincial_GTAC35378[[#This Row],[RtmAnnualRental]])*(1+(IF('MAIN-INTERFACE'!$D$2=\"No\",0,'MAIN-INTERFACE'!$D$4))^(COUNTIF(MATRIX2!M68:O68,0))))*(1+(IF('MAIN-INTERFACE'!$D$2=\"No\",0,'MAIN-INTERFACE'!$D$8)))^3<Table_Provincial_GTAC35378[[#This Row],[Adj.AnnualRental]],(Table_Provincial_GTAC35378[[#This Row],[RtmAnnualRental]])*(1+(IF('MAIN-INTERFACE'!$D$2=\"No\",0,'MAIN-INTERFACE'!$D$4))^(COUNTIF(MATRIX2!M68:O68,0)))*(1+(IF('MAIN-INTERFACE'!$D$2=\"No\",0,'MAIN-INTERFACE'!$D$8)))^MATRIX2!E68,Table_Provincial_GTAC35378[[#This Row],[Adj.AnnualRental]])*(1+(IF('MAIN-INTERFACE'!$D$2=\"No\",Table_Provincial_GTAC35378[[#This Row],[TnTEscalation]],'MAIN-INTERFACE'!$G$2)))^(IF((COUNTIF(MATRIX2!M68:O68,\">0\")-1)<0,0,COUNTIF(MATRIX2!M68:O68,\">0\"))))))","v":570031.30768302653},{"$f":"IF('MAIN-INTERFACE'!$D$2=\"No\",(Table_Provincial_GTAC35378[[#This Row],[Adj.AnnualRental]])*(1+Table_Provincial_GTAC35378[[#This Row],[TnTEscalation]])^4,((((MATRIX2!X68*Table_Provincial_GTAC35378[[#This Row],[Adj.AnnualRental]])*(1+Table_Provincial_GTAC35378[[#This Row],[TnTEscalation]])^4)+(MATRIX2!P68*IF(IF('MAIN-INTERFACE'!$D$2=\"No\",Table_Provincial_GTAC35378[[#This Row],[Adj.AnnualRental]],(Table_Provincial_GTAC35378[[#This Row],[RtmAnnualRental]])*(1+(IF('MAIN-INTERFACE'!$D$2=\"No\",0,'MAIN-INTERFACE'!$D$4))^(COUNTIF(MATRIX2!M68:P68,0))))*(1+(IF('MAIN-INTERFACE'!$D$2=\"No\",0,'MAIN-INTERFACE'!$D$8)))^4<Table_Provincial_GTAC35378[[#This Row],[Adj.AnnualRental]],(Table_Provincial_GTAC35378[[#This Row],[RtmAnnualRental]])*(1+(IF('MAIN-INTERFACE'!$D$2=\"No\",0,'MAIN-INTERFACE'!$D$4))^(COUNTIF(MATRIX2!M68:P68,0)))*(1+(IF('MAIN-INTERFACE'!$D$2=\"No\",0,'MAIN-INTERFACE'!$D$8)))^MATRIX2!F68,Table_Provincial_GTAC35378[[#This Row],[Adj.AnnualRental]])*(1+(IF('MAIN-INTERFACE'!$D$2=\"No\",Table_Provincial_GTAC35378[[#This Row],[TnTEscalation]],'MAIN-INTERFACE'!$G$2)))^(IF((COUNTIF(MATRIX2!M68:P68,\">0\")-1)<0,0,COUNTIF(MATRIX2!M68:P68,\">0\")))))))","v":483361.14240000001},{"$f":"IF('MAIN-INTERFACE'!$D$2=\"No\",(Table_Provincial_GTAC35378[[#This Row],[Adj.AnnualRental]])*(1+Table_Provincial_GTAC35378[[#This Row],[TnTEscalation]])^5,(((MATRIX2!Y68*Table_Provincial_GTAC35378[[#This Row],[Adj.AnnualRental]])*(1+Table_Provincial_GTAC35378[[#This Row],[TnTEscalation]])^5)+(MATRIX2!Q68*IF(IF('MAIN-INTERFACE'!$D$2=\"No\",Table_Provincial_GTAC35378[[#This Row],[Adj.AnnualRental]],(Table_Provincial_GTAC35378[[#This Row],[RtmAnnualRental]])*(1+(IF('MAIN-INTERFACE'!$D$2=\"No\",0,'MAIN-INTERFACE'!$D$4))^(COUNTIF(MATRIX2!M68:Q68,0))))*(1+(IF('MAIN-INTERFACE'!$D$2=\"No\",0,'MAIN-INTERFACE'!$D$8)))^5<Table_Provincial_GTAC35378[[#This Row],[Adj.AnnualRental]],(Table_Provincial_GTAC35378[[#This Row],[RtmAnnualRental]])*(1+(IF('MAIN-INTERFACE'!$D$2=\"No\",0,'MAIN-INTERFACE'!$D$4))^(COUNTIF(MATRIX2!M68:Q68,0)))*(1+(IF('MAIN-INTERFACE'!$D$2=\"No\",0,'MAIN-INTERFACE'!$D$8)))^MATRIX2!G68,Table_Provincial_GTAC35378[[#This Row],[Adj.AnnualRental]])*(1+(IF('MAIN-INTERFACE'!$D$2=\"No\",Table_Provincial_GTAC35378[[#This Row],[TnTEscalation]],'MAIN-INTERFACE'!$G$2)))^(IF((COUNTIF(MATRIX2!M68:Q68,\">0\")-1)<0,0,COUNTIF(MATRIX2!M68:Q68,\">0\"))))))","v":519613.22807999997},{"$f":"IF('MAIN-INTERFACE'!$D$2=\"No\",(Table_Provincial_GTAC35378[[#This Row],[Adj.AnnualRental]])*(1+Table_Provincial_GTAC35378[[#This Row],[TnTEscalation]])^6,(((MATRIX2!Z68*Table_Provincial_GTAC35378[[#This Row],[Adj.AnnualRental]])*(1+Table_Provincial_GTAC35378[[#This Row],[TnTEscalation]])^6)+(MATRIX2!R68*IF(IF('MAIN-INTERFACE'!$D$2=\"No\",Table_Provincial_GTAC35378[[#This Row],[Adj.AnnualRental]],(Table_Provincial_GTAC35378[[#This Row],[RtmAnnualRental]])*(1+(IF('MAIN-INTERFACE'!$D$2=\"No\",0,'MAIN-INTERFACE'!$D$4))^(COUNTIF(MATRIX2!M68:R68,0))))*(1+(IF('MAIN-INTERFACE'!$D$2=\"No\",0,'MAIN-INTERFACE'!$D$8)))^6<Table_Provincial_GTAC35378[[#This Row],[Adj.AnnualRental]],(Table_Provincial_GTAC35378[[#This Row],[RtmAnnualRental]])*(1+(IF('MAIN-INTERFACE'!$D$2=\"No\",0,'MAIN-INTERFACE'!$D$4))^(COUNTIF(MATRIX2!M68:R68,0)))*(1+(IF('MAIN-INTERFACE'!$D$2=\"No\",0,'MAIN-INTERFACE'!$D$8)))^MATRIX2!H68,Table_Provincial_GTAC35378[[#This Row],[Adj.AnnualRental]])*(1+(IF('MAIN-INTERFACE'!$D$2=\"No\",Table_Provincial_GTAC35378[[#This Row],[TnTEscalation]],'MAIN-INTERFACE'!$G$2)))^(IF((COUNTIF(MATRIX2!M68:R68,\">0\")-1)<0,0,COUNTIF(MATRIX2!M68:R68,\">0\"))))))","v":558584.22018599999},{"$f":"IF('MAIN-INTERFACE'!$D$2=\"No\",(Table_Provincial_GTAC35378[[#This Row],[Adj.AnnualRental]])*(1+Table_Provincial_GTAC35378[[#This Row],[TnTEscalation]])^7,(((MATRIX2!AA68*Table_Provincial_GTAC35378[[#This Row],[Adj.AnnualRental]])*(1+Table_Provincial_GTAC35378[[#This Row],[TnTEscalation]])^7)+(MATRIX2!S68*IF(IF('MAIN-INTERFACE'!$D$2=\"No\",Table_Provincial_GTAC35378[[#This Row],[Adj.AnnualRental]],(Table_Provincial_GTAC35378[[#This Row],[RtmAnnualRental]])*(1+(IF('MAIN-INTERFACE'!$D$2=\"No\",0,'MAIN-INTERFACE'!$D$4))^(COUNTIF(MATRIX2!M68:S68,0))))*(1+(IF('MAIN-INTERFACE'!$D$2=\"No\",0,'MAIN-INTERFACE'!$D$8)))^7<Table_Provincial_GTAC35378[[#This Row],[Adj.AnnualRental]],(Table_Provincial_GTAC35378[[#This Row],[RtmAnnualRental]])*(1+(IF('MAIN-INTERFACE'!$D$2=\"No\",0,'MAIN-INTERFACE'!$D$4))^(COUNTIF(MATRIX2!M68:S68,0)))*(1+(IF('MAIN-INTERFACE'!$D$2=\"No\",0,'MAIN-INTERFACE'!$D$8)))^MATRIX2!I68,Table_Provincial_GTAC35378[[#This Row],[Adj.AnnualRental]])*(1+(IF('MAIN-INTERFACE'!$D$2=\"No\",Table_Provincial_GTAC35378[[#This Row],[TnTEscalation]],'MAIN-INTERFACE'!$G$2)))^(IF((COUNTIF(MATRIX2!M68:S68,\">0\")-1)<0,0,COUNTIF(MATRIX2!M68:S68,\">0\"))))))","v":600478.03669995},{"$f":"SUM(Table_Provincial_GTAC35378[[#This Row],[FY 2018/19]:[FY 2023/24]])","v":3373820.0953049762}]
[{"$f":"Table_Provincial_GTAC3536[[#This Row],[SystemID]]","v":76},{"$f":"VLOOKUP($A69,DATA2!$A$2:$S$607,2,FALSE)","v":"KZN"},{"$f":"VLOOKUP($A69,DATA2!$A$2:$S$607,3,FALSE)","v":"KwaZulu-Natal"},{"$f":"VLOOKUP($A69,DATA2!$A$2:$S$607,4,FALSE)","v":149.39514920714197},{"$f":"VLOOKUP($A69,DATA2!$A$2:$S$607,5,FALSE)","v":77.5},{"$f":"VLOOKUP($A69,DATA2!$A$2:$S$607,6,FALSE)","v":"VTSD"},{"$f":"VLOOKUP($A69,DATA2!$A$2:$S$607,7,FALSE)","v":1601.8},{"$f":"VLOOKUP($A69,DATA2!$A$2:$S$607,8,FALSE)","v":true},{"$f":"VLOOKUP($A69,DATA2!$A$2:$S$607,9,FALSE)","v":0.08},{"$f":"VLOOKUP($A69,DATA2!$A$2:$S$607,10,FALSE)","v":239301.15},{"$f":"VLOOKUP($A69,DATA2!$A$2:$S$607,11,FALSE)","v":2871613.8},{"$f":"Table_Provincial_GTAC35378[[#This Row],[Benchmark]]*Table_Provincial_GTAC35378[[#This Row],[ExtentM2]]*12","v":1489674},{"$f":"VLOOKUP($A69,DATA2!$A$2:$S$607,12,FALSE)","v":"2015-06-01"},{"$f":"VLOOKUP($A69,DATA2!$A$2:$S$607,13,FALSE)","v":"2020-05-31"},{"$f":"VLOOKUP($A69,DATA2!$A$2:$S$607,14,FALSE)","v":"No"},{"$f":"IF(MATRIX2!D69=1,($Y$8-$X$2)/365*Table_Provincial_GTAC35378[[#This Row],[Adj.AnnualRental]]*MATRIX2!D69,($Y$8-$X$2)/365*Table_Provincial_GTAC35378[[#This Row],[Adj.AnnualRental]])","v":-10392881.725479452},{"$f":"IF('MAIN-INTERFACE'!$D$2=\"No\",(Table_Provincial_GTAC35378[[#This Row],[Adj.AnnualRental]])*(1+Table_Provincial_GTAC35378[[#This Row],[TnTEscalation]])^2,\n    (((MATRIX2!V69*Table_Provincial_GTAC35378[[#This Row],[Adj.AnnualRental]])*(1+Table_Provincial_GTAC35378[[#This Row],[TnTEscalation]])^2)+\n       (MATRIX2!N69* IF(IF('MAIN-INTERFACE'!$D$2=\"No\",Table_Provincial_GTAC35378[[#This Row],[Adj.AnnualRental]],(Table_Provincial_GTAC35378[[#This Row],[RtmAnnualRental]])*(1+\n                                 (IF('MAIN-INTERFACE'!$D$2=\"No\",0,'MAIN-INTERFACE'!$D$4))^(COUNTIF(MATRIX2!M69:N69,0))))*(1+\n                                 (IF('MAIN-INTERFACE'!$D$2=\"No\",0,'MAIN-INTERFACE'!$D$8)))^2<Table_Provincial_GTAC35378[[#This Row],[Adj.AnnualRental]],(Table_Provincial_GTAC35378[[#This Row],[RtmAnnualRental]])*(1+\n\n                                 (IF('MAIN-INTERFACE'!$D$2=\"No\",0,'MAIN-INTERFACE'!$D$4))^(COUNTIF(MATRIX2!M69:N69,0)))*(1+\n                                 (IF('MAIN-INTERFACE'!$D$2=\"No\",0,'MAIN-INTERFACE'!$D$8)))^MATRIX2!D69,Table_Provincial_GTAC35378[[#This Row],[Adj.AnnualRental]])*(1+\n\n                                (IF('MAIN-INTERFACE'!$D$2=\"No\",Table_Provincial_GTAC35378[[#This Row],[TnTEscalation]],'MAIN-INTERFACE'!$G$2)))^\n                                 (IF((COUNTIF(MATRIX2!M69:N69,\">0\")-1)<0,0,COUNTIF(MATRIX2!M69:N69,\">0\"))))))","v":3349450.3363200002},{"$f":"IF('MAIN-INTERFACE'!$D$2=\"No\",(Table_Provincial_GTAC35378[[#This Row],[Adj.AnnualRental]])*(1+Table_Provincial_GTAC35378[[#This Row],[TnTEscalation]])^3,(((MATRIX2!W69*Table_Provincial_GTAC35378[[#This Row],[Adj.AnnualRental]])*(1+Table_Provincial_GTAC35378[[#This Row],[TnTEscalation]])^3)+(MATRIX2!O69*IF(IF('MAIN-INTERFACE'!$D$2=\"No\",Table_Provincial_GTAC35378[[#This Row],[Adj.AnnualRental]],(Table_Provincial_GTAC35378[[#This Row],[RtmAnnualRental]])*(1+(IF('MAIN-INTERFACE'!$D$2=\"No\",0,'MAIN-INTERFACE'!$D$4))^(COUNTIF(MATRIX2!M69:O69,0))))*(1+(IF('MAIN-INTERFACE'!$D$2=\"No\",0,'MAIN-INTERFACE'!$D$8)))^3<Table_Provincial_GTAC35378[[#This Row],[Adj.AnnualRental]],(Table_Provincial_GTAC35378[[#This Row],[RtmAnnualRental]])*(1+(IF('MAIN-INTERFACE'!$D$2=\"No\",0,'MAIN-INTERFACE'!$D$4))^(COUNTIF(MATRIX2!M69:O69,0)))*(1+(IF('MAIN-INTERFACE'!$D$2=\"No\",0,'MAIN-INTERFACE'!$D$8)))^MATRIX2!E69,Table_Provincial_GTAC35378[[#This Row],[Adj.AnnualRental]])*(1+(IF('MAIN-INTERFACE'!$D$2=\"No\",Table_Provincial_GTAC35378[[#This Row],[TnTEscalation]],'MAIN-INTERFACE'!$G$2)))^(IF((COUNTIF(MATRIX2!M69:O69,\">0\")-1)<0,0,COUNTIF(MATRIX2!M69:O69,\">0\"))))))","v":3617406.3632256002},{"$f":"IF('MAIN-INTERFACE'!$D$2=\"No\",(Table_Provincial_GTAC35378[[#This Row],[Adj.AnnualRental]])*(1+Table_Provincial_GTAC35378[[#This Row],[TnTEscalation]])^4,((((MATRIX2!X69*Table_Provincial_GTAC35378[[#This Row],[Adj.AnnualRental]])*(1+Table_Provincial_GTAC35378[[#This Row],[TnTEscalation]])^4)+(MATRIX2!P69*IF(IF('MAIN-INTERFACE'!$D$2=\"No\",Table_Provincial_GTAC35378[[#This Row],[Adj.AnnualRental]],(Table_Provincial_GTAC35378[[#This Row],[RtmAnnualRental]])*(1+(IF('MAIN-INTERFACE'!$D$2=\"No\",0,'MAIN-INTERFACE'!$D$4))^(COUNTIF(MATRIX2!M69:P69,0))))*(1+(IF('MAIN-INTERFACE'!$D$2=\"No\",0,'MAIN-INTERFACE'!$D$8)))^4<Table_Provincial_GTAC35378[[#This Row],[Adj.AnnualRental]],(Table_Provincial_GTAC35378[[#This Row],[RtmAnnualRental]])*(1+(IF('MAIN-INTERFACE'!$D$2=\"No\",0,'MAIN-INTERFACE'!$D$4))^(COUNTIF(MATRIX2!M69:P69,0)))*(1+(IF('MAIN-INTERFACE'!$D$2=\"No\",0,'MAIN-INTERFACE'!$D$8)))^MATRIX2!F69,Table_Provincial_GTAC35378[[#This Row],[Adj.AnnualRental]])*(1+(IF('MAIN-INTERFACE'!$D$2=\"No\",Table_Provincial_GTAC35378[[#This Row],[TnTEscalation]],'MAIN-INTERFACE'!$G$2)))^(IF((COUNTIF(MATRIX2!M69:P69,\">0\")-1)<0,0,COUNTIF(MATRIX2!M69:P69,\">0\")))))))","v":3133103.3599349502},{"$f":"IF('MAIN-INTERFACE'!$D$2=\"No\",(Table_Provincial_GTAC35378[[#This Row],[Adj.AnnualRental]])*(1+Table_Provincial_GTAC35378[[#This Row],[TnTEscalation]])^5,(((MATRIX2!Y69*Table_Provincial_GTAC35378[[#This Row],[Adj.AnnualRental]])*(1+Table_Provincial_GTAC35378[[#This Row],[TnTEscalation]])^5)+(MATRIX2!Q69*IF(IF('MAIN-INTERFACE'!$D$2=\"No\",Table_Provincial_GTAC35378[[#This Row],[Adj.AnnualRental]],(Table_Provincial_GTAC35378[[#This Row],[RtmAnnualRental]])*(1+(IF('MAIN-INTERFACE'!$D$2=\"No\",0,'MAIN-INTERFACE'!$D$4))^(COUNTIF(MATRIX2!M69:Q69,0))))*(1+(IF('MAIN-INTERFACE'!$D$2=\"No\",0,'MAIN-INTERFACE'!$D$8)))^5<Table_Provincial_GTAC35378[[#This Row],[Adj.AnnualRental]],(Table_Provincial_GTAC35378[[#This Row],[RtmAnnualRental]])*(1+(IF('MAIN-INTERFACE'!$D$2=\"No\",0,'MAIN-INTERFACE'!$D$4))^(COUNTIF(MATRIX2!M69:Q69,0)))*(1+(IF('MAIN-INTERFACE'!$D$2=\"No\",0,'MAIN-INTERFACE'!$D$8)))^MATRIX2!G69,Table_Provincial_GTAC35378[[#This Row],[Adj.AnnualRental]])*(1+(IF('MAIN-INTERFACE'!$D$2=\"No\",Table_Provincial_GTAC35378[[#This Row],[TnTEscalation]],'MAIN-INTERFACE'!$G$2)))^(IF((COUNTIF(MATRIX2!M69:Q69,\">0\")-1)<0,0,COUNTIF(MATRIX2!M69:Q69,\">0\"))))))","v":1721614.6925390398},{"$f":"IF('MAIN-INTERFACE'!$D$2=\"No\",(Table_Provincial_GTAC35378[[#This Row],[Adj.AnnualRental]])*(1+Table_Provincial_GTAC35378[[#This Row],[TnTEscalation]])^6,(((MATRIX2!Z69*Table_Provincial_GTAC35378[[#This Row],[Adj.AnnualRental]])*(1+Table_Provincial_GTAC35378[[#This Row],[TnTEscalation]])^6)+(MATRIX2!R69*IF(IF('MAIN-INTERFACE'!$D$2=\"No\",Table_Provincial_GTAC35378[[#This Row],[Adj.AnnualRental]],(Table_Provincial_GTAC35378[[#This Row],[RtmAnnualRental]])*(1+(IF('MAIN-INTERFACE'!$D$2=\"No\",0,'MAIN-INTERFACE'!$D$4))^(COUNTIF(MATRIX2!M69:R69,0))))*(1+(IF('MAIN-INTERFACE'!$D$2=\"No\",0,'MAIN-INTERFACE'!$D$8)))^6<Table_Provincial_GTAC35378[[#This Row],[Adj.AnnualRental]],(Table_Provincial_GTAC35378[[#This Row],[RtmAnnualRental]])*(1+(IF('MAIN-INTERFACE'!$D$2=\"No\",0,'MAIN-INTERFACE'!$D$4))^(COUNTIF(MATRIX2!M69:R69,0)))*(1+(IF('MAIN-INTERFACE'!$D$2=\"No\",0,'MAIN-INTERFACE'!$D$8)))^MATRIX2!H69,Table_Provincial_GTAC35378[[#This Row],[Adj.AnnualRental]])*(1+(IF('MAIN-INTERFACE'!$D$2=\"No\",Table_Provincial_GTAC35378[[#This Row],[TnTEscalation]],'MAIN-INTERFACE'!$G$2)))^(IF((COUNTIF(MATRIX2!M69:R69,\">0\")-1)<0,0,COUNTIF(MATRIX2!M69:R69,\">0\"))))))","v":1850735.7944794679},{"$f":"IF('MAIN-INTERFACE'!$D$2=\"No\",(Table_Provincial_GTAC35378[[#This Row],[Adj.AnnualRental]])*(1+Table_Provincial_GTAC35378[[#This Row],[TnTEscalation]])^7,(((MATRIX2!AA69*Table_Provincial_GTAC35378[[#This Row],[Adj.AnnualRental]])*(1+Table_Provincial_GTAC35378[[#This Row],[TnTEscalation]])^7)+(MATRIX2!S69*IF(IF('MAIN-INTERFACE'!$D$2=\"No\",Table_Provincial_GTAC35378[[#This Row],[Adj.AnnualRental]],(Table_Provincial_GTAC35378[[#This Row],[RtmAnnualRental]])*(1+(IF('MAIN-INTERFACE'!$D$2=\"No\",0,'MAIN-INTERFACE'!$D$4))^(COUNTIF(MATRIX2!M69:S69,0))))*(1+(IF('MAIN-INTERFACE'!$D$2=\"No\",0,'MAIN-INTERFACE'!$D$8)))^7<Table_Provincial_GTAC35378[[#This Row],[Adj.AnnualRental]],(Table_Provincial_GTAC35378[[#This Row],[RtmAnnualRental]])*(1+(IF('MAIN-INTERFACE'!$D$2=\"No\",0,'MAIN-INTERFACE'!$D$4))^(COUNTIF(MATRIX2!M69:S69,0)))*(1+(IF('MAIN-INTERFACE'!$D$2=\"No\",0,'MAIN-INTERFACE'!$D$8)))^MATRIX2!I69,Table_Provincial_GTAC35378[[#This Row],[Adj.AnnualRental]])*(1+(IF('MAIN-INTERFACE'!$D$2=\"No\",Table_Provincial_GTAC35378[[#This Row],[TnTEscalation]],'MAIN-INTERFACE'!$G$2)))^(IF((COUNTIF(MATRIX2!M69:S69,\">0\")-1)<0,0,COUNTIF(MATRIX2!M69:S69,\">0\"))))))","v":1989540.979065428},{"$f":"SUM(Table_Provincial_GTAC35378[[#This Row],[FY 2018/19]:[FY 2023/24]])","v":15661851.525564486}]
[{"$f":"Table_Provincial_GTAC3536[[#This Row],[SystemID]]","v":77},{"$f":"VLOOKUP($A70,DATA2!$A$2:$S$607,2,FALSE)","v":"KZN"},{"$f":"VLOOKUP($A70,DATA2!$A$2:$S$607,3,FALSE)","v":"KwaZulu-Natal"},{"$f":"VLOOKUP($A70,DATA2!$A$2:$S$607,4,FALSE)","v":136.74727272727273},{"$f":"VLOOKUP($A70,DATA2!$A$2:$S$607,5,FALSE)","v":77.5},{"$f":"VLOOKUP($A70,DATA2!$A$2:$S$607,6,FALSE)","v":"VTSD"},{"$f":"VLOOKUP($A70,DATA2!$A$2:$S$607,7,FALSE)","v":572},{"$f":"VLOOKUP($A70,DATA2!$A$2:$S$607,8,FALSE)","v":true},{"$f":"VLOOKUP($A70,DATA2!$A$2:$S$607,9,FALSE)","v":0.08},{"$f":"VLOOKUP($A70,DATA2!$A$2:$S$607,10,FALSE)","v":78219.44},{"$f":"VLOOKUP($A70,DATA2!$A$2:$S$607,11,FALSE)","v":938633.28},{"$f":"Table_Provincial_GTAC35378[[#This Row],[Benchmark]]*Table_Provincial_GTAC35378[[#This Row],[ExtentM2]]*12","v":531960},{"$f":"VLOOKUP($A70,DATA2!$A$2:$S$607,12,FALSE)","v":"2017-08-01"},{"$f":"VLOOKUP($A70,DATA2!$A$2:$S$607,13,FALSE)","v":"2022-07-31"},{"$f":"VLOOKUP($A70,DATA2!$A$2:$S$607,14,FALSE)","v":"No"},{"$f":"IF(MATRIX2!D70=1,($Y$8-$X$2)/365*Table_Provincial_GTAC35378[[#This Row],[Adj.AnnualRental]]*MATRIX2!D70,($Y$8-$X$2)/365*Table_Provincial_GTAC35378[[#This Row],[Adj.AnnualRental]])","v":-3397080.9941917807},{"$f":"IF('MAIN-INTERFACE'!$D$2=\"No\",(Table_Provincial_GTAC35378[[#This Row],[Adj.AnnualRental]])*(1+Table_Provincial_GTAC35378[[#This Row],[TnTEscalation]])^2,\n    (((MATRIX2!V70*Table_Provincial_GTAC35378[[#This Row],[Adj.AnnualRental]])*(1+Table_Provincial_GTAC35378[[#This Row],[TnTEscalation]])^2)+\n       (MATRIX2!N70* IF(IF('MAIN-INTERFACE'!$D$2=\"No\",Table_Provincial_GTAC35378[[#This Row],[Adj.AnnualRental]],(Table_Provincial_GTAC35378[[#This Row],[RtmAnnualRental]])*(1+\n                                 (IF('MAIN-INTERFACE'!$D$2=\"No\",0,'MAIN-INTERFACE'!$D$4))^(COUNTIF(MATRIX2!M70:N70,0))))*(1+\n                                 (IF('MAIN-INTERFACE'!$D$2=\"No\",0,'MAIN-INTERFACE'!$D$8)))^2<Table_Provincial_GTAC35378[[#This Row],[Adj.AnnualRental]],(Table_Provincial_GTAC35378[[#This Row],[RtmAnnualRental]])*(1+\n\n                                 (IF('MAIN-INTERFACE'!$D$2=\"No\",0,'MAIN-INTERFACE'!$D$4))^(COUNTIF(MATRIX2!M70:N70,0)))*(1+\n                                 (IF('MAIN-INTERFACE'!$D$2=\"No\",0,'MAIN-INTERFACE'!$D$8)))^MATRIX2!D70,Table_Provincial_GTAC35378[[#This Row],[Adj.AnnualRental]])*(1+\n\n                                (IF('MAIN-INTERFACE'!$D$2=\"No\",Table_Provincial_GTAC35378[[#This Row],[TnTEscalation]],'MAIN-INTERFACE'!$G$2)))^\n                                 (IF((COUNTIF(MATRIX2!M70:N70,\">0\")-1)<0,0,COUNTIF(MATRIX2!M70:N70,\">0\"))))))","v":1094821.8577920001},{"$f":"IF('MAIN-INTERFACE'!$D$2=\"No\",(Table_Provincial_GTAC35378[[#This Row],[Adj.AnnualRental]])*(1+Table_Provincial_GTAC35378[[#This Row],[TnTEscalation]])^3,(((MATRIX2!W70*Table_Provincial_GTAC35378[[#This Row],[Adj.AnnualRental]])*(1+Table_Provincial_GTAC35378[[#This Row],[TnTEscalation]])^3)+(MATRIX2!O70*IF(IF('MAIN-INTERFACE'!$D$2=\"No\",Table_Provincial_GTAC35378[[#This Row],[Adj.AnnualRental]],(Table_Provincial_GTAC35378[[#This Row],[RtmAnnualRental]])*(1+(IF('MAIN-INTERFACE'!$D$2=\"No\",0,'MAIN-INTERFACE'!$D$4))^(COUNTIF(MATRIX2!M70:O70,0))))*(1+(IF('MAIN-INTERFACE'!$D$2=\"No\",0,'MAIN-INTERFACE'!$D$8)))^3<Table_Provincial_GTAC35378[[#This Row],[Adj.AnnualRental]],(Table_Provincial_GTAC35378[[#This Row],[RtmAnnualRental]])*(1+(IF('MAIN-INTERFACE'!$D$2=\"No\",0,'MAIN-INTERFACE'!$D$4))^(COUNTIF(MATRIX2!M70:O70,0)))*(1+(IF('MAIN-INTERFACE'!$D$2=\"No\",0,'MAIN-INTERFACE'!$D$8)))^MATRIX2!E70,Table_Provincial_GTAC35378[[#This Row],[Adj.AnnualRental]])*(1+(IF('MAIN-INTERFACE'!$D$2=\"No\",Table_Provincial_GTAC35378[[#This Row],[TnTEscalation]],'MAIN-INTERFACE'!$G$2)))^(IF((COUNTIF(MATRIX2!M70:O70,\">0\")-1)<0,0,COUNTIF(MATRIX2!M70:O70,\">0\"))))))","v":1182407.6064153602},{"$f":"IF('MAIN-INTERFACE'!$D$2=\"No\",(Table_Provincial_GTAC35378[[#This Row],[Adj.AnnualRental]])*(1+Table_Provincial_GTAC35378[[#This Row],[TnTEscalation]])^4,((((MATRIX2!X70*Table_Provincial_GTAC35378[[#This Row],[Adj.AnnualRental]])*(1+Table_Provincial_GTAC35378[[#This Row],[TnTEscalation]])^4)+(MATRIX2!P70*IF(IF('MAIN-INTERFACE'!$D$2=\"No\",Table_Provincial_GTAC35378[[#This Row],[Adj.AnnualRental]],(Table_Provincial_GTAC35378[[#This Row],[RtmAnnualRental]])*(1+(IF('MAIN-INTERFACE'!$D$2=\"No\",0,'MAIN-INTERFACE'!$D$4))^(COUNTIF(MATRIX2!M70:P70,0))))*(1+(IF('MAIN-INTERFACE'!$D$2=\"No\",0,'MAIN-INTERFACE'!$D$8)))^4<Table_Provincial_GTAC35378[[#This Row],[Adj.AnnualRental]],(Table_Provincial_GTAC35378[[#This Row],[RtmAnnualRental]])*(1+(IF('MAIN-INTERFACE'!$D$2=\"No\",0,'MAIN-INTERFACE'!$D$4))^(COUNTIF(MATRIX2!M70:P70,0)))*(1+(IF('MAIN-INTERFACE'!$D$2=\"No\",0,'MAIN-INTERFACE'!$D$8)))^MATRIX2!F70,Table_Provincial_GTAC35378[[#This Row],[Adj.AnnualRental]])*(1+(IF('MAIN-INTERFACE'!$D$2=\"No\",Table_Provincial_GTAC35378[[#This Row],[TnTEscalation]],'MAIN-INTERFACE'!$G$2)))^(IF((COUNTIF(MATRIX2!M70:P70,\">0\")-1)<0,0,COUNTIF(MATRIX2!M70:P70,\">0\")))))))","v":1277000.2149285891},{"$f":"IF('MAIN-INTERFACE'!$D$2=\"No\",(Table_Provincial_GTAC35378[[#This Row],[Adj.AnnualRental]])*(1+Table_Provincial_GTAC35378[[#This Row],[TnTEscalation]])^5,(((MATRIX2!Y70*Table_Provincial_GTAC35378[[#This Row],[Adj.AnnualRental]])*(1+Table_Provincial_GTAC35378[[#This Row],[TnTEscalation]])^5)+(MATRIX2!Q70*IF(IF('MAIN-INTERFACE'!$D$2=\"No\",Table_Provincial_GTAC35378[[#This Row],[Adj.AnnualRental]],(Table_Provincial_GTAC35378[[#This Row],[RtmAnnualRental]])*(1+(IF('MAIN-INTERFACE'!$D$2=\"No\",0,'MAIN-INTERFACE'!$D$4))^(COUNTIF(MATRIX2!M70:Q70,0))))*(1+(IF('MAIN-INTERFACE'!$D$2=\"No\",0,'MAIN-INTERFACE'!$D$8)))^5<Table_Provincial_GTAC35378[[#This Row],[Adj.AnnualRental]],(Table_Provincial_GTAC35378[[#This Row],[RtmAnnualRental]])*(1+(IF('MAIN-INTERFACE'!$D$2=\"No\",0,'MAIN-INTERFACE'!$D$4))^(COUNTIF(MATRIX2!M70:Q70,0)))*(1+(IF('MAIN-INTERFACE'!$D$2=\"No\",0,'MAIN-INTERFACE'!$D$8)))^MATRIX2!G70,Table_Provincial_GTAC35378[[#This Row],[Adj.AnnualRental]])*(1+(IF('MAIN-INTERFACE'!$D$2=\"No\",Table_Provincial_GTAC35378[[#This Row],[TnTEscalation]],'MAIN-INTERFACE'!$G$2)))^(IF((COUNTIF(MATRIX2!M70:Q70,\">0\")-1)<0,0,COUNTIF(MATRIX2!M70:Q70,\">0\"))))))","v":1379160.2321228762},{"$f":"IF('MAIN-INTERFACE'!$D$2=\"No\",(Table_Provincial_GTAC35378[[#This Row],[Adj.AnnualRental]])*(1+Table_Provincial_GTAC35378[[#This Row],[TnTEscalation]])^6,(((MATRIX2!Z70*Table_Provincial_GTAC35378[[#This Row],[Adj.AnnualRental]])*(1+Table_Provincial_GTAC35378[[#This Row],[TnTEscalation]])^6)+(MATRIX2!R70*IF(IF('MAIN-INTERFACE'!$D$2=\"No\",Table_Provincial_GTAC35378[[#This Row],[Adj.AnnualRental]],(Table_Provincial_GTAC35378[[#This Row],[RtmAnnualRental]])*(1+(IF('MAIN-INTERFACE'!$D$2=\"No\",0,'MAIN-INTERFACE'!$D$4))^(COUNTIF(MATRIX2!M70:R70,0))))*(1+(IF('MAIN-INTERFACE'!$D$2=\"No\",0,'MAIN-INTERFACE'!$D$8)))^6<Table_Provincial_GTAC35378[[#This Row],[Adj.AnnualRental]],(Table_Provincial_GTAC35378[[#This Row],[RtmAnnualRental]])*(1+(IF('MAIN-INTERFACE'!$D$2=\"No\",0,'MAIN-INTERFACE'!$D$4))^(COUNTIF(MATRIX2!M70:R70,0)))*(1+(IF('MAIN-INTERFACE'!$D$2=\"No\",0,'MAIN-INTERFACE'!$D$8)))^MATRIX2!H70,Table_Provincial_GTAC35378[[#This Row],[Adj.AnnualRental]])*(1+(IF('MAIN-INTERFACE'!$D$2=\"No\",Table_Provincial_GTAC35378[[#This Row],[TnTEscalation]],'MAIN-INTERFACE'!$G$2)))^(IF((COUNTIF(MATRIX2!M70:R70,\">0\")-1)<0,0,COUNTIF(MATRIX2!M70:R70,\">0\"))))))","v":1334877.671196063},{"$f":"IF('MAIN-INTERFACE'!$D$2=\"No\",(Table_Provincial_GTAC35378[[#This Row],[Adj.AnnualRental]])*(1+Table_Provincial_GTAC35378[[#This Row],[TnTEscalation]])^7,(((MATRIX2!AA70*Table_Provincial_GTAC35378[[#This Row],[Adj.AnnualRental]])*(1+Table_Provincial_GTAC35378[[#This Row],[TnTEscalation]])^7)+(MATRIX2!S70*IF(IF('MAIN-INTERFACE'!$D$2=\"No\",Table_Provincial_GTAC35378[[#This Row],[Adj.AnnualRental]],(Table_Provincial_GTAC35378[[#This Row],[RtmAnnualRental]])*(1+(IF('MAIN-INTERFACE'!$D$2=\"No\",0,'MAIN-INTERFACE'!$D$4))^(COUNTIF(MATRIX2!M70:S70,0))))*(1+(IF('MAIN-INTERFACE'!$D$2=\"No\",0,'MAIN-INTERFACE'!$D$8)))^7<Table_Provincial_GTAC35378[[#This Row],[Adj.AnnualRental]],(Table_Provincial_GTAC35378[[#This Row],[RtmAnnualRental]])*(1+(IF('MAIN-INTERFACE'!$D$2=\"No\",0,'MAIN-INTERFACE'!$D$4))^(COUNTIF(MATRIX2!M70:S70,0)))*(1+(IF('MAIN-INTERFACE'!$D$2=\"No\",0,'MAIN-INTERFACE'!$D$8)))^MATRIX2!I70,Table_Provincial_GTAC35378[[#This Row],[Adj.AnnualRental]])*(1+(IF('MAIN-INTERFACE'!$D$2=\"No\",Table_Provincial_GTAC35378[[#This Row],[TnTEscalation]],'MAIN-INTERFACE'!$G$2)))^(IF((COUNTIF(MATRIX2!M70:S70,\">0\")-1)<0,0,COUNTIF(MATRIX2!M70:S70,\">0\"))))))","v":614746.33795001858},{"$f":"SUM(Table_Provincial_GTAC35378[[#This Row],[FY 2018/19]:[FY 2023/24]])","v":6883013.9204049073}]
[{"$f":"Table_Provincial_GTAC3536[[#This Row],[SystemID]]","v":78},{"$f":"VLOOKUP($A71,DATA2!$A$2:$S$607,2,FALSE)","v":"KZN"},{"$f":"VLOOKUP($A71,DATA2!$A$2:$S$607,3,FALSE)","v":"KwaZulu-Natal"},{"$f":"VLOOKUP($A71,DATA2!$A$2:$S$607,4,FALSE)","v":129.33175762784703},{"$f":"VLOOKUP($A71,DATA2!$A$2:$S$607,5,FALSE)","v":110},{"$f":"VLOOKUP($A71,DATA2!$A$2:$S$607,6,FALSE)","v":"CBD"},{"$f":"VLOOKUP($A71,DATA2!$A$2:$S$607,7,FALSE)","v":4654},{"$f":"VLOOKUP($A71,DATA2!$A$2:$S$607,8,FALSE)","v":true},{"$f":"VLOOKUP($A71,DATA2!$A$2:$S$607,9,FALSE)","v":0.08},{"$f":"VLOOKUP($A71,DATA2!$A$2:$S$607,10,FALSE)","v":601910},{"$f":"VLOOKUP($A71,DATA2!$A$2:$S$607,11,FALSE)","v":7222920},{"$f":"Table_Provincial_GTAC35378[[#This Row],[Benchmark]]*Table_Provincial_GTAC35378[[#This Row],[ExtentM2]]*12","v":6143280},{"$f":"VLOOKUP($A71,DATA2!$A$2:$S$607,12,FALSE)","v":"2014-11-01"},{"$f":"VLOOKUP($A71,DATA2!$A$2:$S$607,13,FALSE)","v":"2017-05-31"},{"$f":"VLOOKUP($A71,DATA2!$A$2:$S$607,14,FALSE)","v":"Yes"},{"$f":"IF(MATRIX2!D71=1,($Y$8-$X$2)/365*Table_Provincial_GTAC35378[[#This Row],[Adj.AnnualRental]]*MATRIX2!D71,($Y$8-$X$2)/365*Table_Provincial_GTAC35378[[#This Row],[Adj.AnnualRental]])","v":-26141033.753424656},{"$f":"IF('MAIN-INTERFACE'!$D$2=\"No\",(Table_Provincial_GTAC35378[[#This Row],[Adj.AnnualRental]])*(1+Table_Provincial_GTAC35378[[#This Row],[TnTEscalation]])^2,\n    (((MATRIX2!V71*Table_Provincial_GTAC35378[[#This Row],[Adj.AnnualRental]])*(1+Table_Provincial_GTAC35378[[#This Row],[TnTEscalation]])^2)+\n       (MATRIX2!N71* IF(IF('MAIN-INTERFACE'!$D$2=\"No\",Table_Provincial_GTAC35378[[#This Row],[Adj.AnnualRental]],(Table_Provincial_GTAC35378[[#This Row],[RtmAnnualRental]])*(1+\n                                 (IF('MAIN-INTERFACE'!$D$2=\"No\",0,'MAIN-INTERFACE'!$D$4))^(COUNTIF(MATRIX2!M71:N71,0))))*(1+\n                                 (IF('MAIN-INTERFACE'!$D$2=\"No\",0,'MAIN-INTERFACE'!$D$8)))^2<Table_Provincial_GTAC35378[[#This Row],[Adj.AnnualRental]],(Table_Provincial_GTAC35378[[#This Row],[RtmAnnualRental]])*(1+\n\n                                 (IF('MAIN-INTERFACE'!$D$2=\"No\",0,'MAIN-INTERFACE'!$D$4))^(COUNTIF(MATRIX2!M71:N71,0)))*(1+\n                                 (IF('MAIN-INTERFACE'!$D$2=\"No\",0,'MAIN-INTERFACE'!$D$8)))^MATRIX2!D71,Table_Provincial_GTAC35378[[#This Row],[Adj.AnnualRental]])*(1+\n\n                                (IF('MAIN-INTERFACE'!$D$2=\"No\",Table_Provincial_GTAC35378[[#This Row],[TnTEscalation]],'MAIN-INTERFACE'!$G$2)))^\n                                 (IF((COUNTIF(MATRIX2!M71:N71,\">0\")-1)<0,0,COUNTIF(MATRIX2!M71:N71,\">0\"))))))","v":7646500.4639999997},{"$f":"IF('MAIN-INTERFACE'!$D$2=\"No\",(Table_Provincial_GTAC35378[[#This Row],[Adj.AnnualRental]])*(1+Table_Provincial_GTAC35378[[#This Row],[TnTEscalation]])^3,(((MATRIX2!W71*Table_Provincial_GTAC35378[[#This Row],[Adj.AnnualRental]])*(1+Table_Provincial_GTAC35378[[#This Row],[TnTEscalation]])^3)+(MATRIX2!O71*IF(IF('MAIN-INTERFACE'!$D$2=\"No\",Table_Provincial_GTAC35378[[#This Row],[Adj.AnnualRental]],(Table_Provincial_GTAC35378[[#This Row],[RtmAnnualRental]])*(1+(IF('MAIN-INTERFACE'!$D$2=\"No\",0,'MAIN-INTERFACE'!$D$4))^(COUNTIF(MATRIX2!M71:O71,0))))*(1+(IF('MAIN-INTERFACE'!$D$2=\"No\",0,'MAIN-INTERFACE'!$D$8)))^3<Table_Provincial_GTAC35378[[#This Row],[Adj.AnnualRental]],(Table_Provincial_GTAC35378[[#This Row],[RtmAnnualRental]])*(1+(IF('MAIN-INTERFACE'!$D$2=\"No\",0,'MAIN-INTERFACE'!$D$4))^(COUNTIF(MATRIX2!M71:O71,0)))*(1+(IF('MAIN-INTERFACE'!$D$2=\"No\",0,'MAIN-INTERFACE'!$D$8)))^MATRIX2!E71,Table_Provincial_GTAC35378[[#This Row],[Adj.AnnualRental]])*(1+(IF('MAIN-INTERFACE'!$D$2=\"No\",Table_Provincial_GTAC35378[[#This Row],[TnTEscalation]],'MAIN-INTERFACE'!$G$2)))^(IF((COUNTIF(MATRIX2!M71:O71,\">0\")-1)<0,0,COUNTIF(MATRIX2!M71:O71,\">0\"))))))","v":7383301.068},{"$f":"IF('MAIN-INTERFACE'!$D$2=\"No\",(Table_Provincial_GTAC35378[[#This Row],[Adj.AnnualRental]])*(1+Table_Provincial_GTAC35378[[#This Row],[TnTEscalation]])^4,((((MATRIX2!X71*Table_Provincial_GTAC35378[[#This Row],[Adj.AnnualRental]])*(1+Table_Provincial_GTAC35378[[#This Row],[TnTEscalation]])^4)+(MATRIX2!P71*IF(IF('MAIN-INTERFACE'!$D$2=\"No\",Table_Provincial_GTAC35378[[#This Row],[Adj.AnnualRental]],(Table_Provincial_GTAC35378[[#This Row],[RtmAnnualRental]])*(1+(IF('MAIN-INTERFACE'!$D$2=\"No\",0,'MAIN-INTERFACE'!$D$4))^(COUNTIF(MATRIX2!M71:P71,0))))*(1+(IF('MAIN-INTERFACE'!$D$2=\"No\",0,'MAIN-INTERFACE'!$D$8)))^4<Table_Provincial_GTAC35378[[#This Row],[Adj.AnnualRental]],(Table_Provincial_GTAC35378[[#This Row],[RtmAnnualRental]])*(1+(IF('MAIN-INTERFACE'!$D$2=\"No\",0,'MAIN-INTERFACE'!$D$4))^(COUNTIF(MATRIX2!M71:P71,0)))*(1+(IF('MAIN-INTERFACE'!$D$2=\"No\",0,'MAIN-INTERFACE'!$D$8)))^MATRIX2!F71,Table_Provincial_GTAC35378[[#This Row],[Adj.AnnualRental]])*(1+(IF('MAIN-INTERFACE'!$D$2=\"No\",Table_Provincial_GTAC35378[[#This Row],[TnTEscalation]],'MAIN-INTERFACE'!$G$2)))^(IF((COUNTIF(MATRIX2!M71:P71,\">0\")-1)<0,0,COUNTIF(MATRIX2!M71:P71,\">0\")))))))","v":7937048.6480999989},{"$f":"IF('MAIN-INTERFACE'!$D$2=\"No\",(Table_Provincial_GTAC35378[[#This Row],[Adj.AnnualRental]])*(1+Table_Provincial_GTAC35378[[#This Row],[TnTEscalation]])^5,(((MATRIX2!Y71*Table_Provincial_GTAC35378[[#This Row],[Adj.AnnualRental]])*(1+Table_Provincial_GTAC35378[[#This Row],[TnTEscalation]])^5)+(MATRIX2!Q71*IF(IF('MAIN-INTERFACE'!$D$2=\"No\",Table_Provincial_GTAC35378[[#This Row],[Adj.AnnualRental]],(Table_Provincial_GTAC35378[[#This Row],[RtmAnnualRental]])*(1+(IF('MAIN-INTERFACE'!$D$2=\"No\",0,'MAIN-INTERFACE'!$D$4))^(COUNTIF(MATRIX2!M71:Q71,0))))*(1+(IF('MAIN-INTERFACE'!$D$2=\"No\",0,'MAIN-INTERFACE'!$D$8)))^5<Table_Provincial_GTAC35378[[#This Row],[Adj.AnnualRental]],(Table_Provincial_GTAC35378[[#This Row],[RtmAnnualRental]])*(1+(IF('MAIN-INTERFACE'!$D$2=\"No\",0,'MAIN-INTERFACE'!$D$4))^(COUNTIF(MATRIX2!M71:Q71,0)))*(1+(IF('MAIN-INTERFACE'!$D$2=\"No\",0,'MAIN-INTERFACE'!$D$8)))^MATRIX2!G71,Table_Provincial_GTAC35378[[#This Row],[Adj.AnnualRental]])*(1+(IF('MAIN-INTERFACE'!$D$2=\"No\",Table_Provincial_GTAC35378[[#This Row],[TnTEscalation]],'MAIN-INTERFACE'!$G$2)))^(IF((COUNTIF(MATRIX2!M71:Q71,\">0\")-1)<0,0,COUNTIF(MATRIX2!M71:Q71,\">0\"))))))","v":8532327.2967074998},{"$f":"IF('MAIN-INTERFACE'!$D$2=\"No\",(Table_Provincial_GTAC35378[[#This Row],[Adj.AnnualRental]])*(1+Table_Provincial_GTAC35378[[#This Row],[TnTEscalation]])^6,(((MATRIX2!Z71*Table_Provincial_GTAC35378[[#This Row],[Adj.AnnualRental]])*(1+Table_Provincial_GTAC35378[[#This Row],[TnTEscalation]])^6)+(MATRIX2!R71*IF(IF('MAIN-INTERFACE'!$D$2=\"No\",Table_Provincial_GTAC35378[[#This Row],[Adj.AnnualRental]],(Table_Provincial_GTAC35378[[#This Row],[RtmAnnualRental]])*(1+(IF('MAIN-INTERFACE'!$D$2=\"No\",0,'MAIN-INTERFACE'!$D$4))^(COUNTIF(MATRIX2!M71:R71,0))))*(1+(IF('MAIN-INTERFACE'!$D$2=\"No\",0,'MAIN-INTERFACE'!$D$8)))^6<Table_Provincial_GTAC35378[[#This Row],[Adj.AnnualRental]],(Table_Provincial_GTAC35378[[#This Row],[RtmAnnualRental]])*(1+(IF('MAIN-INTERFACE'!$D$2=\"No\",0,'MAIN-INTERFACE'!$D$4))^(COUNTIF(MATRIX2!M71:R71,0)))*(1+(IF('MAIN-INTERFACE'!$D$2=\"No\",0,'MAIN-INTERFACE'!$D$8)))^MATRIX2!H71,Table_Provincial_GTAC35378[[#This Row],[Adj.AnnualRental]])*(1+(IF('MAIN-INTERFACE'!$D$2=\"No\",Table_Provincial_GTAC35378[[#This Row],[TnTEscalation]],'MAIN-INTERFACE'!$G$2)))^(IF((COUNTIF(MATRIX2!M71:R71,\">0\")-1)<0,0,COUNTIF(MATRIX2!M71:R71,\">0\"))))))","v":9172251.8439605627},{"$f":"IF('MAIN-INTERFACE'!$D$2=\"No\",(Table_Provincial_GTAC35378[[#This Row],[Adj.AnnualRental]])*(1+Table_Provincial_GTAC35378[[#This Row],[TnTEscalation]])^7,(((MATRIX2!AA71*Table_Provincial_GTAC35378[[#This Row],[Adj.AnnualRental]])*(1+Table_Provincial_GTAC35378[[#This Row],[TnTEscalation]])^7)+(MATRIX2!S71*IF(IF('MAIN-INTERFACE'!$D$2=\"No\",Table_Provincial_GTAC35378[[#This Row],[Adj.AnnualRental]],(Table_Provincial_GTAC35378[[#This Row],[RtmAnnualRental]])*(1+(IF('MAIN-INTERFACE'!$D$2=\"No\",0,'MAIN-INTERFACE'!$D$4))^(COUNTIF(MATRIX2!M71:S71,0))))*(1+(IF('MAIN-INTERFACE'!$D$2=\"No\",0,'MAIN-INTERFACE'!$D$8)))^7<Table_Provincial_GTAC35378[[#This Row],[Adj.AnnualRental]],(Table_Provincial_GTAC35378[[#This Row],[RtmAnnualRental]])*(1+(IF('MAIN-INTERFACE'!$D$2=\"No\",0,'MAIN-INTERFACE'!$D$4))^(COUNTIF(MATRIX2!M71:S71,0)))*(1+(IF('MAIN-INTERFACE'!$D$2=\"No\",0,'MAIN-INTERFACE'!$D$8)))^MATRIX2!I71,Table_Provincial_GTAC35378[[#This Row],[Adj.AnnualRental]])*(1+(IF('MAIN-INTERFACE'!$D$2=\"No\",Table_Provincial_GTAC35378[[#This Row],[TnTEscalation]],'MAIN-INTERFACE'!$G$2)))^(IF((COUNTIF(MATRIX2!M71:S71,\">0\")-1)<0,0,COUNTIF(MATRIX2!M71:S71,\">0\"))))))","v":9860170.7322576027},{"$f":"SUM(Table_Provincial_GTAC35378[[#This Row],[FY 2018/19]:[FY 2023/24]])","v":50531600.053025663}]
[{"$f":"Table_Provincial_GTAC3536[[#This Row],[SystemID]]","v":79},{"$f":"VLOOKUP($A72,DATA2!$A$2:$S$607,2,FALSE)","v":"KZN"},{"$f":"VLOOKUP($A72,DATA2!$A$2:$S$607,3,FALSE)","v":"KwaZulu-Natal"},{"$f":"VLOOKUP($A72,DATA2!$A$2:$S$607,4,FALSE)","v":128.94942602040817},{"$f":"VLOOKUP($A72,DATA2!$A$2:$S$607,5,FALSE)","v":110},{"$f":"VLOOKUP($A72,DATA2!$A$2:$S$607,6,FALSE)","v":"CBD"},{"$f":"VLOOKUP($A72,DATA2!$A$2:$S$607,7,FALSE)","v":3136},{"$f":"VLOOKUP($A72,DATA2!$A$2:$S$607,8,FALSE)","v":true},{"$f":"VLOOKUP($A72,DATA2!$A$2:$S$607,9,FALSE)","v":0.08},{"$f":"VLOOKUP($A72,DATA2!$A$2:$S$607,10,FALSE)","v":404385.4},{"$f":"VLOOKUP($A72,DATA2!$A$2:$S$607,11,FALSE)","v":4852624.8},{"$f":"Table_Provincial_GTAC35378[[#This Row],[Benchmark]]*Table_Provincial_GTAC35378[[#This Row],[ExtentM2]]*12","v":4139520},{"$f":"VLOOKUP($A72,DATA2!$A$2:$S$607,12,FALSE)","v":"2014-06-01"},{"$f":"VLOOKUP($A72,DATA2!$A$2:$S$607,13,FALSE)","v":"2017-05-31"},{"$f":"VLOOKUP($A72,DATA2!$A$2:$S$607,14,FALSE)","v":"Yes"},{"$f":"IF(MATRIX2!D72=1,($Y$8-$X$2)/365*Table_Provincial_GTAC35378[[#This Row],[Adj.AnnualRental]]*MATRIX2!D72,($Y$8-$X$2)/365*Table_Provincial_GTAC35378[[#This Row],[Adj.AnnualRental]])","v":-17562513.317260273},{"$f":"IF('MAIN-INTERFACE'!$D$2=\"No\",(Table_Provincial_GTAC35378[[#This Row],[Adj.AnnualRental]])*(1+Table_Provincial_GTAC35378[[#This Row],[TnTEscalation]])^2,\n    (((MATRIX2!V72*Table_Provincial_GTAC35378[[#This Row],[Adj.AnnualRental]])*(1+Table_Provincial_GTAC35378[[#This Row],[TnTEscalation]])^2)+\n       (MATRIX2!N72* IF(IF('MAIN-INTERFACE'!$D$2=\"No\",Table_Provincial_GTAC35378[[#This Row],[Adj.AnnualRental]],(Table_Provincial_GTAC35378[[#This Row],[RtmAnnualRental]])*(1+\n                                 (IF('MAIN-INTERFACE'!$D$2=\"No\",0,'MAIN-INTERFACE'!$D$4))^(COUNTIF(MATRIX2!M72:N72,0))))*(1+\n                                 (IF('MAIN-INTERFACE'!$D$2=\"No\",0,'MAIN-INTERFACE'!$D$8)))^2<Table_Provincial_GTAC35378[[#This Row],[Adj.AnnualRental]],(Table_Provincial_GTAC35378[[#This Row],[RtmAnnualRental]])*(1+\n\n                                 (IF('MAIN-INTERFACE'!$D$2=\"No\",0,'MAIN-INTERFACE'!$D$4))^(COUNTIF(MATRIX2!M72:N72,0)))*(1+\n                                 (IF('MAIN-INTERFACE'!$D$2=\"No\",0,'MAIN-INTERFACE'!$D$8)))^MATRIX2!D72,Table_Provincial_GTAC35378[[#This Row],[Adj.AnnualRental]])*(1+\n\n                                (IF('MAIN-INTERFACE'!$D$2=\"No\",Table_Provincial_GTAC35378[[#This Row],[TnTEscalation]],'MAIN-INTERFACE'!$G$2)))^\n                                 (IF((COUNTIF(MATRIX2!M72:N72,\">0\")-1)<0,0,COUNTIF(MATRIX2!M72:N72,\">0\"))))))","v":5144042.4633600004},{"$f":"IF('MAIN-INTERFACE'!$D$2=\"No\",(Table_Provincial_GTAC35378[[#This Row],[Adj.AnnualRental]])*(1+Table_Provincial_GTAC35378[[#This Row],[TnTEscalation]])^3,(((MATRIX2!W72*Table_Provincial_GTAC35378[[#This Row],[Adj.AnnualRental]])*(1+Table_Provincial_GTAC35378[[#This Row],[TnTEscalation]])^3)+(MATRIX2!O72*IF(IF('MAIN-INTERFACE'!$D$2=\"No\",Table_Provincial_GTAC35378[[#This Row],[Adj.AnnualRental]],(Table_Provincial_GTAC35378[[#This Row],[RtmAnnualRental]])*(1+(IF('MAIN-INTERFACE'!$D$2=\"No\",0,'MAIN-INTERFACE'!$D$4))^(COUNTIF(MATRIX2!M72:O72,0))))*(1+(IF('MAIN-INTERFACE'!$D$2=\"No\",0,'MAIN-INTERFACE'!$D$8)))^3<Table_Provincial_GTAC35378[[#This Row],[Adj.AnnualRental]],(Table_Provincial_GTAC35378[[#This Row],[RtmAnnualRental]])*(1+(IF('MAIN-INTERFACE'!$D$2=\"No\",0,'MAIN-INTERFACE'!$D$4))^(COUNTIF(MATRIX2!M72:O72,0)))*(1+(IF('MAIN-INTERFACE'!$D$2=\"No\",0,'MAIN-INTERFACE'!$D$8)))^MATRIX2!E72,Table_Provincial_GTAC35378[[#This Row],[Adj.AnnualRental]])*(1+(IF('MAIN-INTERFACE'!$D$2=\"No\",Table_Provincial_GTAC35378[[#This Row],[TnTEscalation]],'MAIN-INTERFACE'!$G$2)))^(IF((COUNTIF(MATRIX2!M72:O72,\">0\")-1)<0,0,COUNTIF(MATRIX2!M72:O72,\">0\"))))))","v":4975082.1119999997},{"$f":"IF('MAIN-INTERFACE'!$D$2=\"No\",(Table_Provincial_GTAC35378[[#This Row],[Adj.AnnualRental]])*(1+Table_Provincial_GTAC35378[[#This Row],[TnTEscalation]])^4,((((MATRIX2!X72*Table_Provincial_GTAC35378[[#This Row],[Adj.AnnualRental]])*(1+Table_Provincial_GTAC35378[[#This Row],[TnTEscalation]])^4)+(MATRIX2!P72*IF(IF('MAIN-INTERFACE'!$D$2=\"No\",Table_Provincial_GTAC35378[[#This Row],[Adj.AnnualRental]],(Table_Provincial_GTAC35378[[#This Row],[RtmAnnualRental]])*(1+(IF('MAIN-INTERFACE'!$D$2=\"No\",0,'MAIN-INTERFACE'!$D$4))^(COUNTIF(MATRIX2!M72:P72,0))))*(1+(IF('MAIN-INTERFACE'!$D$2=\"No\",0,'MAIN-INTERFACE'!$D$8)))^4<Table_Provincial_GTAC35378[[#This Row],[Adj.AnnualRental]],(Table_Provincial_GTAC35378[[#This Row],[RtmAnnualRental]])*(1+(IF('MAIN-INTERFACE'!$D$2=\"No\",0,'MAIN-INTERFACE'!$D$4))^(COUNTIF(MATRIX2!M72:P72,0)))*(1+(IF('MAIN-INTERFACE'!$D$2=\"No\",0,'MAIN-INTERFACE'!$D$8)))^MATRIX2!F72,Table_Provincial_GTAC35378[[#This Row],[Adj.AnnualRental]])*(1+(IF('MAIN-INTERFACE'!$D$2=\"No\",Table_Provincial_GTAC35378[[#This Row],[TnTEscalation]],'MAIN-INTERFACE'!$G$2)))^(IF((COUNTIF(MATRIX2!M72:P72,\">0\")-1)<0,0,COUNTIF(MATRIX2!M72:P72,\">0\")))))))","v":5348213.2703999989},{"$f":"IF('MAIN-INTERFACE'!$D$2=\"No\",(Table_Provincial_GTAC35378[[#This Row],[Adj.AnnualRental]])*(1+Table_Provincial_GTAC35378[[#This Row],[TnTEscalation]])^5,(((MATRIX2!Y72*Table_Provincial_GTAC35378[[#This Row],[Adj.AnnualRental]])*(1+Table_Provincial_GTAC35378[[#This Row],[TnTEscalation]])^5)+(MATRIX2!Q72*IF(IF('MAIN-INTERFACE'!$D$2=\"No\",Table_Provincial_GTAC35378[[#This Row],[Adj.AnnualRental]],(Table_Provincial_GTAC35378[[#This Row],[RtmAnnualRental]])*(1+(IF('MAIN-INTERFACE'!$D$2=\"No\",0,'MAIN-INTERFACE'!$D$4))^(COUNTIF(MATRIX2!M72:Q72,0))))*(1+(IF('MAIN-INTERFACE'!$D$2=\"No\",0,'MAIN-INTERFACE'!$D$8)))^5<Table_Provincial_GTAC35378[[#This Row],[Adj.AnnualRental]],(Table_Provincial_GTAC35378[[#This Row],[RtmAnnualRental]])*(1+(IF('MAIN-INTERFACE'!$D$2=\"No\",0,'MAIN-INTERFACE'!$D$4))^(COUNTIF(MATRIX2!M72:Q72,0)))*(1+(IF('MAIN-INTERFACE'!$D$2=\"No\",0,'MAIN-INTERFACE'!$D$8)))^MATRIX2!G72,Table_Provincial_GTAC35378[[#This Row],[Adj.AnnualRental]])*(1+(IF('MAIN-INTERFACE'!$D$2=\"No\",Table_Provincial_GTAC35378[[#This Row],[TnTEscalation]],'MAIN-INTERFACE'!$G$2)))^(IF((COUNTIF(MATRIX2!M72:Q72,\">0\")-1)<0,0,COUNTIF(MATRIX2!M72:Q72,\">0\"))))))","v":5749329.2656799993},{"$f":"IF('MAIN-INTERFACE'!$D$2=\"No\",(Table_Provincial_GTAC35378[[#This Row],[Adj.AnnualRental]])*(1+Table_Provincial_GTAC35378[[#This Row],[TnTEscalation]])^6,(((MATRIX2!Z72*Table_Provincial_GTAC35378[[#This Row],[Adj.AnnualRental]])*(1+Table_Provincial_GTAC35378[[#This Row],[TnTEscalation]])^6)+(MATRIX2!R72*IF(IF('MAIN-INTERFACE'!$D$2=\"No\",Table_Provincial_GTAC35378[[#This Row],[Adj.AnnualRental]],(Table_Provincial_GTAC35378[[#This Row],[RtmAnnualRental]])*(1+(IF('MAIN-INTERFACE'!$D$2=\"No\",0,'MAIN-INTERFACE'!$D$4))^(COUNTIF(MATRIX2!M72:R72,0))))*(1+(IF('MAIN-INTERFACE'!$D$2=\"No\",0,'MAIN-INTERFACE'!$D$8)))^6<Table_Provincial_GTAC35378[[#This Row],[Adj.AnnualRental]],(Table_Provincial_GTAC35378[[#This Row],[RtmAnnualRental]])*(1+(IF('MAIN-INTERFACE'!$D$2=\"No\",0,'MAIN-INTERFACE'!$D$4))^(COUNTIF(MATRIX2!M72:R72,0)))*(1+(IF('MAIN-INTERFACE'!$D$2=\"No\",0,'MAIN-INTERFACE'!$D$8)))^MATRIX2!H72,Table_Provincial_GTAC35378[[#This Row],[Adj.AnnualRental]])*(1+(IF('MAIN-INTERFACE'!$D$2=\"No\",Table_Provincial_GTAC35378[[#This Row],[TnTEscalation]],'MAIN-INTERFACE'!$G$2)))^(IF((COUNTIF(MATRIX2!M72:R72,\">0\")-1)<0,0,COUNTIF(MATRIX2!M72:R72,\">0\"))))))","v":6180528.9606059995},{"$f":"IF('MAIN-INTERFACE'!$D$2=\"No\",(Table_Provincial_GTAC35378[[#This Row],[Adj.AnnualRental]])*(1+Table_Provincial_GTAC35378[[#This Row],[TnTEscalation]])^7,(((MATRIX2!AA72*Table_Provincial_GTAC35378[[#This Row],[Adj.AnnualRental]])*(1+Table_Provincial_GTAC35378[[#This Row],[TnTEscalation]])^7)+(MATRIX2!S72*IF(IF('MAIN-INTERFACE'!$D$2=\"No\",Table_Provincial_GTAC35378[[#This Row],[Adj.AnnualRental]],(Table_Provincial_GTAC35378[[#This Row],[RtmAnnualRental]])*(1+(IF('MAIN-INTERFACE'!$D$2=\"No\",0,'MAIN-INTERFACE'!$D$4))^(COUNTIF(MATRIX2!M72:S72,0))))*(1+(IF('MAIN-INTERFACE'!$D$2=\"No\",0,'MAIN-INTERFACE'!$D$8)))^7<Table_Provincial_GTAC35378[[#This Row],[Adj.AnnualRental]],(Table_Provincial_GTAC35378[[#This Row],[RtmAnnualRental]])*(1+(IF('MAIN-INTERFACE'!$D$2=\"No\",0,'MAIN-INTERFACE'!$D$4))^(COUNTIF(MATRIX2!M72:S72,0)))*(1+(IF('MAIN-INTERFACE'!$D$2=\"No\",0,'MAIN-INTERFACE'!$D$8)))^MATRIX2!I72,Table_Provincial_GTAC35378[[#This Row],[Adj.AnnualRental]])*(1+(IF('MAIN-INTERFACE'!$D$2=\"No\",Table_Provincial_GTAC35378[[#This Row],[TnTEscalation]],'MAIN-INTERFACE'!$G$2)))^(IF((COUNTIF(MATRIX2!M72:S72,\">0\")-1)<0,0,COUNTIF(MATRIX2!M72:S72,\">0\"))))))","v":6644068.6326514482},{"$f":"SUM(Table_Provincial_GTAC35378[[#This Row],[FY 2018/19]:[FY 2023/24]])","v":34041264.704697445}]
[{"$f":"Table_Provincial_GTAC3536[[#This Row],[SystemID]]","v":80},{"$f":"VLOOKUP($A73,DATA2!$A$2:$S$607,2,FALSE)","v":"KZN"},{"$f":"VLOOKUP($A73,DATA2!$A$2:$S$607,3,FALSE)","v":"KwaZulu-Natal"},{"$f":"VLOOKUP($A73,DATA2!$A$2:$S$607,4,FALSE)","v":52.707826086956523},{"$f":"VLOOKUP($A73,DATA2!$A$2:$S$607,5,FALSE)","v":77.5},{"$f":"VLOOKUP($A73,DATA2!$A$2:$S$607,6,FALSE)","v":"VTSD"},{"$f":"VLOOKUP($A73,DATA2!$A$2:$S$607,7,FALSE)","v":23},{"$f":"VLOOKUP($A73,DATA2!$A$2:$S$607,8,FALSE)","v":true},{"$f":"VLOOKUP($A73,DATA2!$A$2:$S$607,9,FALSE)","v":0.1},{"$f":"VLOOKUP($A73,DATA2!$A$2:$S$607,10,FALSE)","v":1212.28},{"$f":"VLOOKUP($A73,DATA2!$A$2:$S$607,11,FALSE)","v":14547.36},{"$f":"Table_Provincial_GTAC35378[[#This Row],[Benchmark]]*Table_Provincial_GTAC35378[[#This Row],[ExtentM2]]*12","v":21390},{"$f":"VLOOKUP($A73,DATA2!$A$2:$S$607,12,FALSE)","v":"2011-01-01"},{"$f":"VLOOKUP($A73,DATA2!$A$2:$S$607,13,FALSE)","v":"2016-12-31"},{"$f":"VLOOKUP($A73,DATA2!$A$2:$S$607,14,FALSE)","v":"Yes"},{"$f":"IF(MATRIX2!D73=1,($Y$8-$X$2)/365*Table_Provincial_GTAC35378[[#This Row],[Adj.AnnualRental]]*MATRIX2!D73,($Y$8-$X$2)/365*Table_Provincial_GTAC35378[[#This Row],[Adj.AnnualRental]])","v":-52649.486465753427},{"$f":"IF('MAIN-INTERFACE'!$D$2=\"No\",(Table_Provincial_GTAC35378[[#This Row],[Adj.AnnualRental]])*(1+Table_Provincial_GTAC35378[[#This Row],[TnTEscalation]])^2,\n    (((MATRIX2!V73*Table_Provincial_GTAC35378[[#This Row],[Adj.AnnualRental]])*(1+Table_Provincial_GTAC35378[[#This Row],[TnTEscalation]])^2)+\n       (MATRIX2!N73* IF(IF('MAIN-INTERFACE'!$D$2=\"No\",Table_Provincial_GTAC35378[[#This Row],[Adj.AnnualRental]],(Table_Provincial_GTAC35378[[#This Row],[RtmAnnualRental]])*(1+\n                                 (IF('MAIN-INTERFACE'!$D$2=\"No\",0,'MAIN-INTERFACE'!$D$4))^(COUNTIF(MATRIX2!M73:N73,0))))*(1+\n                                 (IF('MAIN-INTERFACE'!$D$2=\"No\",0,'MAIN-INTERFACE'!$D$8)))^2<Table_Provincial_GTAC35378[[#This Row],[Adj.AnnualRental]],(Table_Provincial_GTAC35378[[#This Row],[RtmAnnualRental]])*(1+\n\n                                 (IF('MAIN-INTERFACE'!$D$2=\"No\",0,'MAIN-INTERFACE'!$D$4))^(COUNTIF(MATRIX2!M73:N73,0)))*(1+\n                                 (IF('MAIN-INTERFACE'!$D$2=\"No\",0,'MAIN-INTERFACE'!$D$8)))^MATRIX2!D73,Table_Provincial_GTAC35378[[#This Row],[Adj.AnnualRental]])*(1+\n\n                                (IF('MAIN-INTERFACE'!$D$2=\"No\",Table_Provincial_GTAC35378[[#This Row],[TnTEscalation]],'MAIN-INTERFACE'!$G$2)))^\n                                 (IF((COUNTIF(MATRIX2!M73:N73,\">0\")-1)<0,0,COUNTIF(MATRIX2!M73:N73,\">0\"))))))","v":16620.358800000002},{"$f":"IF('MAIN-INTERFACE'!$D$2=\"No\",(Table_Provincial_GTAC35378[[#This Row],[Adj.AnnualRental]])*(1+Table_Provincial_GTAC35378[[#This Row],[TnTEscalation]])^3,(((MATRIX2!W73*Table_Provincial_GTAC35378[[#This Row],[Adj.AnnualRental]])*(1+Table_Provincial_GTAC35378[[#This Row],[TnTEscalation]])^3)+(MATRIX2!O73*IF(IF('MAIN-INTERFACE'!$D$2=\"No\",Table_Provincial_GTAC35378[[#This Row],[Adj.AnnualRental]],(Table_Provincial_GTAC35378[[#This Row],[RtmAnnualRental]])*(1+(IF('MAIN-INTERFACE'!$D$2=\"No\",0,'MAIN-INTERFACE'!$D$4))^(COUNTIF(MATRIX2!M73:O73,0))))*(1+(IF('MAIN-INTERFACE'!$D$2=\"No\",0,'MAIN-INTERFACE'!$D$8)))^3<Table_Provincial_GTAC35378[[#This Row],[Adj.AnnualRental]],(Table_Provincial_GTAC35378[[#This Row],[RtmAnnualRental]])*(1+(IF('MAIN-INTERFACE'!$D$2=\"No\",0,'MAIN-INTERFACE'!$D$4))^(COUNTIF(MATRIX2!M73:O73,0)))*(1+(IF('MAIN-INTERFACE'!$D$2=\"No\",0,'MAIN-INTERFACE'!$D$8)))^MATRIX2!E73,Table_Provincial_GTAC35378[[#This Row],[Adj.AnnualRental]])*(1+(IF('MAIN-INTERFACE'!$D$2=\"No\",Table_Provincial_GTAC35378[[#This Row],[TnTEscalation]],'MAIN-INTERFACE'!$G$2)))^(IF((COUNTIF(MATRIX2!M73:O73,\">0\")-1)<0,0,COUNTIF(MATRIX2!M73:O73,\">0\"))))))","v":16811.2929},{"$f":"IF('MAIN-INTERFACE'!$D$2=\"No\",(Table_Provincial_GTAC35378[[#This Row],[Adj.AnnualRental]])*(1+Table_Provincial_GTAC35378[[#This Row],[TnTEscalation]])^4,((((MATRIX2!X73*Table_Provincial_GTAC35378[[#This Row],[Adj.AnnualRental]])*(1+Table_Provincial_GTAC35378[[#This Row],[TnTEscalation]])^4)+(MATRIX2!P73*IF(IF('MAIN-INTERFACE'!$D$2=\"No\",Table_Provincial_GTAC35378[[#This Row],[Adj.AnnualRental]],(Table_Provincial_GTAC35378[[#This Row],[RtmAnnualRental]])*(1+(IF('MAIN-INTERFACE'!$D$2=\"No\",0,'MAIN-INTERFACE'!$D$4))^(COUNTIF(MATRIX2!M73:P73,0))))*(1+(IF('MAIN-INTERFACE'!$D$2=\"No\",0,'MAIN-INTERFACE'!$D$8)))^4<Table_Provincial_GTAC35378[[#This Row],[Adj.AnnualRental]],(Table_Provincial_GTAC35378[[#This Row],[RtmAnnualRental]])*(1+(IF('MAIN-INTERFACE'!$D$2=\"No\",0,'MAIN-INTERFACE'!$D$4))^(COUNTIF(MATRIX2!M73:P73,0)))*(1+(IF('MAIN-INTERFACE'!$D$2=\"No\",0,'MAIN-INTERFACE'!$D$8)))^MATRIX2!F73,Table_Provincial_GTAC35378[[#This Row],[Adj.AnnualRental]])*(1+(IF('MAIN-INTERFACE'!$D$2=\"No\",Table_Provincial_GTAC35378[[#This Row],[TnTEscalation]],'MAIN-INTERFACE'!$G$2)))^(IF((COUNTIF(MATRIX2!M73:P73,\">0\")-1)<0,0,COUNTIF(MATRIX2!M73:P73,\">0\")))))))","v":18072.139867499998},{"$f":"IF('MAIN-INTERFACE'!$D$2=\"No\",(Table_Provincial_GTAC35378[[#This Row],[Adj.AnnualRental]])*(1+Table_Provincial_GTAC35378[[#This Row],[TnTEscalation]])^5,(((MATRIX2!Y73*Table_Provincial_GTAC35378[[#This Row],[Adj.AnnualRental]])*(1+Table_Provincial_GTAC35378[[#This Row],[TnTEscalation]])^5)+(MATRIX2!Q73*IF(IF('MAIN-INTERFACE'!$D$2=\"No\",Table_Provincial_GTAC35378[[#This Row],[Adj.AnnualRental]],(Table_Provincial_GTAC35378[[#This Row],[RtmAnnualRental]])*(1+(IF('MAIN-INTERFACE'!$D$2=\"No\",0,'MAIN-INTERFACE'!$D$4))^(COUNTIF(MATRIX2!M73:Q73,0))))*(1+(IF('MAIN-INTERFACE'!$D$2=\"No\",0,'MAIN-INTERFACE'!$D$8)))^5<Table_Provincial_GTAC35378[[#This Row],[Adj.AnnualRental]],(Table_Provincial_GTAC35378[[#This Row],[RtmAnnualRental]])*(1+(IF('MAIN-INTERFACE'!$D$2=\"No\",0,'MAIN-INTERFACE'!$D$4))^(COUNTIF(MATRIX2!M73:Q73,0)))*(1+(IF('MAIN-INTERFACE'!$D$2=\"No\",0,'MAIN-INTERFACE'!$D$8)))^MATRIX2!G73,Table_Provincial_GTAC35378[[#This Row],[Adj.AnnualRental]])*(1+(IF('MAIN-INTERFACE'!$D$2=\"No\",Table_Provincial_GTAC35378[[#This Row],[TnTEscalation]],'MAIN-INTERFACE'!$G$2)))^(IF((COUNTIF(MATRIX2!M73:Q73,\">0\")-1)<0,0,COUNTIF(MATRIX2!M73:Q73,\">0\"))))))","v":19427.550357562501},{"$f":"IF('MAIN-INTERFACE'!$D$2=\"No\",(Table_Provincial_GTAC35378[[#This Row],[Adj.AnnualRental]])*(1+Table_Provincial_GTAC35378[[#This Row],[TnTEscalation]])^6,(((MATRIX2!Z73*Table_Provincial_GTAC35378[[#This Row],[Adj.AnnualRental]])*(1+Table_Provincial_GTAC35378[[#This Row],[TnTEscalation]])^6)+(MATRIX2!R73*IF(IF('MAIN-INTERFACE'!$D$2=\"No\",Table_Provincial_GTAC35378[[#This Row],[Adj.AnnualRental]],(Table_Provincial_GTAC35378[[#This Row],[RtmAnnualRental]])*(1+(IF('MAIN-INTERFACE'!$D$2=\"No\",0,'MAIN-INTERFACE'!$D$4))^(COUNTIF(MATRIX2!M73:R73,0))))*(1+(IF('MAIN-INTERFACE'!$D$2=\"No\",0,'MAIN-INTERFACE'!$D$8)))^6<Table_Provincial_GTAC35378[[#This Row],[Adj.AnnualRental]],(Table_Provincial_GTAC35378[[#This Row],[RtmAnnualRental]])*(1+(IF('MAIN-INTERFACE'!$D$2=\"No\",0,'MAIN-INTERFACE'!$D$4))^(COUNTIF(MATRIX2!M73:R73,0)))*(1+(IF('MAIN-INTERFACE'!$D$2=\"No\",0,'MAIN-INTERFACE'!$D$8)))^MATRIX2!H73,Table_Provincial_GTAC35378[[#This Row],[Adj.AnnualRental]])*(1+(IF('MAIN-INTERFACE'!$D$2=\"No\",Table_Provincial_GTAC35378[[#This Row],[TnTEscalation]],'MAIN-INTERFACE'!$G$2)))^(IF((COUNTIF(MATRIX2!M73:R73,\">0\")-1)<0,0,COUNTIF(MATRIX2!M73:R73,\">0\"))))))","v":20884.616634379687},{"$f":"IF('MAIN-INTERFACE'!$D$2=\"No\",(Table_Provincial_GTAC35378[[#This Row],[Adj.AnnualRental]])*(1+Table_Provincial_GTAC35378[[#This Row],[TnTEscalation]])^7,(((MATRIX2!AA73*Table_Provincial_GTAC35378[[#This Row],[Adj.AnnualRental]])*(1+Table_Provincial_GTAC35378[[#This Row],[TnTEscalation]])^7)+(MATRIX2!S73*IF(IF('MAIN-INTERFACE'!$D$2=\"No\",Table_Provincial_GTAC35378[[#This Row],[Adj.AnnualRental]],(Table_Provincial_GTAC35378[[#This Row],[RtmAnnualRental]])*(1+(IF('MAIN-INTERFACE'!$D$2=\"No\",0,'MAIN-INTERFACE'!$D$4))^(COUNTIF(MATRIX2!M73:S73,0))))*(1+(IF('MAIN-INTERFACE'!$D$2=\"No\",0,'MAIN-INTERFACE'!$D$8)))^7<Table_Provincial_GTAC35378[[#This Row],[Adj.AnnualRental]],(Table_Provincial_GTAC35378[[#This Row],[RtmAnnualRental]])*(1+(IF('MAIN-INTERFACE'!$D$2=\"No\",0,'MAIN-INTERFACE'!$D$4))^(COUNTIF(MATRIX2!M73:S73,0)))*(1+(IF('MAIN-INTERFACE'!$D$2=\"No\",0,'MAIN-INTERFACE'!$D$8)))^MATRIX2!I73,Table_Provincial_GTAC35378[[#This Row],[Adj.AnnualRental]])*(1+(IF('MAIN-INTERFACE'!$D$2=\"No\",Table_Provincial_GTAC35378[[#This Row],[TnTEscalation]],'MAIN-INTERFACE'!$G$2)))^(IF((COUNTIF(MATRIX2!M73:S73,\">0\")-1)<0,0,COUNTIF(MATRIX2!M73:S73,\">0\"))))))","v":22450.962881958159},{"$f":"SUM(Table_Provincial_GTAC35378[[#This Row],[FY 2018/19]:[FY 2023/24]])","v":114266.92144140035}]
[{"$f":"Table_Provincial_GTAC3536[[#This Row],[SystemID]]","v":81},{"$f":"VLOOKUP($A74,DATA2!$A$2:$S$607,2,FALSE)","v":"KZN"},{"$f":"VLOOKUP($A74,DATA2!$A$2:$S$607,3,FALSE)","v":"KwaZulu-Natal"},{"$f":"VLOOKUP($A74,DATA2!$A$2:$S$607,4,FALSE)","v":103.03925754060324},{"$f":"VLOOKUP($A74,DATA2!$A$2:$S$607,5,FALSE)","v":110},{"$f":"VLOOKUP($A74,DATA2!$A$2:$S$607,6,FALSE)","v":"CBD"},{"$f":"VLOOKUP($A74,DATA2!$A$2:$S$607,7,FALSE)","v":4310},{"$f":"VLOOKUP($A74,DATA2!$A$2:$S$607,8,FALSE)","v":true},{"$f":"VLOOKUP($A74,DATA2!$A$2:$S$607,9,FALSE)","v":0.08},{"$f":"VLOOKUP($A74,DATA2!$A$2:$S$607,10,FALSE)","v":444099.2},{"$f":"VLOOKUP($A74,DATA2!$A$2:$S$607,11,FALSE)","v":5329190.4000000004},{"$f":"Table_Provincial_GTAC35378[[#This Row],[Benchmark]]*Table_Provincial_GTAC35378[[#This Row],[ExtentM2]]*12","v":5689200},{"$f":"VLOOKUP($A74,DATA2!$A$2:$S$607,12,FALSE)","v":"2013-11-01"},{"$f":"VLOOKUP($A74,DATA2!$A$2:$S$607,13,FALSE)","v":"2018-10-31"},{"$f":"VLOOKUP($A74,DATA2!$A$2:$S$607,14,FALSE)","v":"No"},{"$f":"IF(MATRIX2!D74=1,($Y$8-$X$2)/365*Table_Provincial_GTAC35378[[#This Row],[Adj.AnnualRental]]*MATRIX2!D74,($Y$8-$X$2)/365*Table_Provincial_GTAC35378[[#This Row],[Adj.AnnualRental]])","v":-19287289.09150685},{"$f":"IF('MAIN-INTERFACE'!$D$2=\"No\",(Table_Provincial_GTAC35378[[#This Row],[Adj.AnnualRental]])*(1+Table_Provincial_GTAC35378[[#This Row],[TnTEscalation]])^2,\n    (((MATRIX2!V74*Table_Provincial_GTAC35378[[#This Row],[Adj.AnnualRental]])*(1+Table_Provincial_GTAC35378[[#This Row],[TnTEscalation]])^2)+\n       (MATRIX2!N74* IF(IF('MAIN-INTERFACE'!$D$2=\"No\",Table_Provincial_GTAC35378[[#This Row],[Adj.AnnualRental]],(Table_Provincial_GTAC35378[[#This Row],[RtmAnnualRental]])*(1+\n                                 (IF('MAIN-INTERFACE'!$D$2=\"No\",0,'MAIN-INTERFACE'!$D$4))^(COUNTIF(MATRIX2!M74:N74,0))))*(1+\n                                 (IF('MAIN-INTERFACE'!$D$2=\"No\",0,'MAIN-INTERFACE'!$D$8)))^2<Table_Provincial_GTAC35378[[#This Row],[Adj.AnnualRental]],(Table_Provincial_GTAC35378[[#This Row],[RtmAnnualRental]])*(1+\n\n                                 (IF('MAIN-INTERFACE'!$D$2=\"No\",0,'MAIN-INTERFACE'!$D$4))^(COUNTIF(MATRIX2!M74:N74,0)))*(1+\n                                 (IF('MAIN-INTERFACE'!$D$2=\"No\",0,'MAIN-INTERFACE'!$D$8)))^MATRIX2!D74,Table_Provincial_GTAC35378[[#This Row],[Adj.AnnualRental]])*(1+\n\n                                (IF('MAIN-INTERFACE'!$D$2=\"No\",Table_Provincial_GTAC35378[[#This Row],[TnTEscalation]],'MAIN-INTERFACE'!$G$2)))^\n                                 (IF((COUNTIF(MATRIX2!M74:N74,\">0\")-1)<0,0,COUNTIF(MATRIX2!M74:N74,\">0\"))))))","v":6215967.6825600006},{"$f":"IF('MAIN-INTERFACE'!$D$2=\"No\",(Table_Provincial_GTAC35378[[#This Row],[Adj.AnnualRental]])*(1+Table_Provincial_GTAC35378[[#This Row],[TnTEscalation]])^3,(((MATRIX2!W74*Table_Provincial_GTAC35378[[#This Row],[Adj.AnnualRental]])*(1+Table_Provincial_GTAC35378[[#This Row],[TnTEscalation]])^3)+(MATRIX2!O74*IF(IF('MAIN-INTERFACE'!$D$2=\"No\",Table_Provincial_GTAC35378[[#This Row],[Adj.AnnualRental]],(Table_Provincial_GTAC35378[[#This Row],[RtmAnnualRental]])*(1+(IF('MAIN-INTERFACE'!$D$2=\"No\",0,'MAIN-INTERFACE'!$D$4))^(COUNTIF(MATRIX2!M74:O74,0))))*(1+(IF('MAIN-INTERFACE'!$D$2=\"No\",0,'MAIN-INTERFACE'!$D$8)))^3<Table_Provincial_GTAC35378[[#This Row],[Adj.AnnualRental]],(Table_Provincial_GTAC35378[[#This Row],[RtmAnnualRental]])*(1+(IF('MAIN-INTERFACE'!$D$2=\"No\",0,'MAIN-INTERFACE'!$D$4))^(COUNTIF(MATRIX2!M74:O74,0)))*(1+(IF('MAIN-INTERFACE'!$D$2=\"No\",0,'MAIN-INTERFACE'!$D$8)))^MATRIX2!E74,Table_Provincial_GTAC35378[[#This Row],[Adj.AnnualRental]])*(1+(IF('MAIN-INTERFACE'!$D$2=\"No\",Table_Provincial_GTAC35378[[#This Row],[TnTEscalation]],'MAIN-INTERFACE'!$G$2)))^(IF((COUNTIF(MATRIX2!M74:O74,\">0\")-1)<0,0,COUNTIF(MATRIX2!M74:O74,\">0\"))))))","v":5808437.9808393475},{"$f":"IF('MAIN-INTERFACE'!$D$2=\"No\",(Table_Provincial_GTAC35378[[#This Row],[Adj.AnnualRental]])*(1+Table_Provincial_GTAC35378[[#This Row],[TnTEscalation]])^4,((((MATRIX2!X74*Table_Provincial_GTAC35378[[#This Row],[Adj.AnnualRental]])*(1+Table_Provincial_GTAC35378[[#This Row],[TnTEscalation]])^4)+(MATRIX2!P74*IF(IF('MAIN-INTERFACE'!$D$2=\"No\",Table_Provincial_GTAC35378[[#This Row],[Adj.AnnualRental]],(Table_Provincial_GTAC35378[[#This Row],[RtmAnnualRental]])*(1+(IF('MAIN-INTERFACE'!$D$2=\"No\",0,'MAIN-INTERFACE'!$D$4))^(COUNTIF(MATRIX2!M74:P74,0))))*(1+(IF('MAIN-INTERFACE'!$D$2=\"No\",0,'MAIN-INTERFACE'!$D$8)))^4<Table_Provincial_GTAC35378[[#This Row],[Adj.AnnualRental]],(Table_Provincial_GTAC35378[[#This Row],[RtmAnnualRental]])*(1+(IF('MAIN-INTERFACE'!$D$2=\"No\",0,'MAIN-INTERFACE'!$D$4))^(COUNTIF(MATRIX2!M74:P74,0)))*(1+(IF('MAIN-INTERFACE'!$D$2=\"No\",0,'MAIN-INTERFACE'!$D$8)))^MATRIX2!F74,Table_Provincial_GTAC35378[[#This Row],[Adj.AnnualRental]])*(1+(IF('MAIN-INTERFACE'!$D$2=\"No\",Table_Provincial_GTAC35378[[#This Row],[TnTEscalation]],'MAIN-INTERFACE'!$G$2)))^(IF((COUNTIF(MATRIX2!M74:P74,\">0\")-1)<0,0,COUNTIF(MATRIX2!M74:P74,\">0\")))))))","v":6158545.6559999995},{"$f":"IF('MAIN-INTERFACE'!$D$2=\"No\",(Table_Provincial_GTAC35378[[#This Row],[Adj.AnnualRental]])*(1+Table_Provincial_GTAC35378[[#This Row],[TnTEscalation]])^5,(((MATRIX2!Y74*Table_Provincial_GTAC35378[[#This Row],[Adj.AnnualRental]])*(1+Table_Provincial_GTAC35378[[#This Row],[TnTEscalation]])^5)+(MATRIX2!Q74*IF(IF('MAIN-INTERFACE'!$D$2=\"No\",Table_Provincial_GTAC35378[[#This Row],[Adj.AnnualRental]],(Table_Provincial_GTAC35378[[#This Row],[RtmAnnualRental]])*(1+(IF('MAIN-INTERFACE'!$D$2=\"No\",0,'MAIN-INTERFACE'!$D$4))^(COUNTIF(MATRIX2!M74:Q74,0))))*(1+(IF('MAIN-INTERFACE'!$D$2=\"No\",0,'MAIN-INTERFACE'!$D$8)))^5<Table_Provincial_GTAC35378[[#This Row],[Adj.AnnualRental]],(Table_Provincial_GTAC35378[[#This Row],[RtmAnnualRental]])*(1+(IF('MAIN-INTERFACE'!$D$2=\"No\",0,'MAIN-INTERFACE'!$D$4))^(COUNTIF(MATRIX2!M74:Q74,0)))*(1+(IF('MAIN-INTERFACE'!$D$2=\"No\",0,'MAIN-INTERFACE'!$D$8)))^MATRIX2!G74,Table_Provincial_GTAC35378[[#This Row],[Adj.AnnualRental]])*(1+(IF('MAIN-INTERFACE'!$D$2=\"No\",Table_Provincial_GTAC35378[[#This Row],[TnTEscalation]],'MAIN-INTERFACE'!$G$2)))^(IF((COUNTIF(MATRIX2!M74:Q74,\">0\")-1)<0,0,COUNTIF(MATRIX2!M74:Q74,\">0\"))))))","v":6620436.5801999997},{"$f":"IF('MAIN-INTERFACE'!$D$2=\"No\",(Table_Provincial_GTAC35378[[#This Row],[Adj.AnnualRental]])*(1+Table_Provincial_GTAC35378[[#This Row],[TnTEscalation]])^6,(((MATRIX2!Z74*Table_Provincial_GTAC35378[[#This Row],[Adj.AnnualRental]])*(1+Table_Provincial_GTAC35378[[#This Row],[TnTEscalation]])^6)+(MATRIX2!R74*IF(IF('MAIN-INTERFACE'!$D$2=\"No\",Table_Provincial_GTAC35378[[#This Row],[Adj.AnnualRental]],(Table_Provincial_GTAC35378[[#This Row],[RtmAnnualRental]])*(1+(IF('MAIN-INTERFACE'!$D$2=\"No\",0,'MAIN-INTERFACE'!$D$4))^(COUNTIF(MATRIX2!M74:R74,0))))*(1+(IF('MAIN-INTERFACE'!$D$2=\"No\",0,'MAIN-INTERFACE'!$D$8)))^6<Table_Provincial_GTAC35378[[#This Row],[Adj.AnnualRental]],(Table_Provincial_GTAC35378[[#This Row],[RtmAnnualRental]])*(1+(IF('MAIN-INTERFACE'!$D$2=\"No\",0,'MAIN-INTERFACE'!$D$4))^(COUNTIF(MATRIX2!M74:R74,0)))*(1+(IF('MAIN-INTERFACE'!$D$2=\"No\",0,'MAIN-INTERFACE'!$D$8)))^MATRIX2!H74,Table_Provincial_GTAC35378[[#This Row],[Adj.AnnualRental]])*(1+(IF('MAIN-INTERFACE'!$D$2=\"No\",Table_Provincial_GTAC35378[[#This Row],[TnTEscalation]],'MAIN-INTERFACE'!$G$2)))^(IF((COUNTIF(MATRIX2!M74:R74,\">0\")-1)<0,0,COUNTIF(MATRIX2!M74:R74,\">0\"))))))","v":7116969.3237149995},{"$f":"IF('MAIN-INTERFACE'!$D$2=\"No\",(Table_Provincial_GTAC35378[[#This Row],[Adj.AnnualRental]])*(1+Table_Provincial_GTAC35378[[#This Row],[TnTEscalation]])^7,(((MATRIX2!AA74*Table_Provincial_GTAC35378[[#This Row],[Adj.AnnualRental]])*(1+Table_Provincial_GTAC35378[[#This Row],[TnTEscalation]])^7)+(MATRIX2!S74*IF(IF('MAIN-INTERFACE'!$D$2=\"No\",Table_Provincial_GTAC35378[[#This Row],[Adj.AnnualRental]],(Table_Provincial_GTAC35378[[#This Row],[RtmAnnualRental]])*(1+(IF('MAIN-INTERFACE'!$D$2=\"No\",0,'MAIN-INTERFACE'!$D$4))^(COUNTIF(MATRIX2!M74:S74,0))))*(1+(IF('MAIN-INTERFACE'!$D$2=\"No\",0,'MAIN-INTERFACE'!$D$8)))^7<Table_Provincial_GTAC35378[[#This Row],[Adj.AnnualRental]],(Table_Provincial_GTAC35378[[#This Row],[RtmAnnualRental]])*(1+(IF('MAIN-INTERFACE'!$D$2=\"No\",0,'MAIN-INTERFACE'!$D$4))^(COUNTIF(MATRIX2!M74:S74,0)))*(1+(IF('MAIN-INTERFACE'!$D$2=\"No\",0,'MAIN-INTERFACE'!$D$8)))^MATRIX2!I74,Table_Provincial_GTAC35378[[#This Row],[Adj.AnnualRental]])*(1+(IF('MAIN-INTERFACE'!$D$2=\"No\",Table_Provincial_GTAC35378[[#This Row],[TnTEscalation]],'MAIN-INTERFACE'!$G$2)))^(IF((COUNTIF(MATRIX2!M74:S74,\">0\")-1)<0,0,COUNTIF(MATRIX2!M74:S74,\">0\"))))))","v":7650742.0229936251},{"$f":"SUM(Table_Provincial_GTAC35378[[#This Row],[FY 2018/19]:[FY 2023/24]])","v":39571099.246307977}]
[{"$f":"Table_Provincial_GTAC3536[[#This Row],[SystemID]]","v":83},{"$f":"VLOOKUP($A75,DATA2!$A$2:$S$607,2,FALSE)","v":"KZN"},{"$f":"VLOOKUP($A75,DATA2!$A$2:$S$607,3,FALSE)","v":"KwaZulu-Natal"},{"$f":"VLOOKUP($A75,DATA2!$A$2:$S$607,4,FALSE)","v":126.63407854984894},{"$f":"VLOOKUP($A75,DATA2!$A$2:$S$607,5,FALSE)","v":110},{"$f":"VLOOKUP($A75,DATA2!$A$2:$S$607,6,FALSE)","v":"MAIN CENTRE"},{"$f":"VLOOKUP($A75,DATA2!$A$2:$S$607,7,FALSE)","v":662},{"$f":"VLOOKUP($A75,DATA2!$A$2:$S$607,8,FALSE)","v":true},{"$f":"VLOOKUP($A75,DATA2!$A$2:$S$607,9,FALSE)","v":0},{"$f":"VLOOKUP($A75,DATA2!$A$2:$S$607,10,FALSE)","v":83831.759999999995},{"$f":"VLOOKUP($A75,DATA2!$A$2:$S$607,11,FALSE)","v":1005981.12},{"$f":"Table_Provincial_GTAC35378[[#This Row],[Benchmark]]*Table_Provincial_GTAC35378[[#This Row],[ExtentM2]]*12","v":873840},{"$f":"VLOOKUP($A75,DATA2!$A$2:$S$607,12,FALSE)","v":"2017-03-01"},{"$f":"VLOOKUP($A75,DATA2!$A$2:$S$607,13,FALSE)","v":"2017-04-30"},{"$f":"VLOOKUP($A75,DATA2!$A$2:$S$607,14,FALSE)","v":"Yes"},{"$f":"IF(MATRIX2!D75=1,($Y$8-$X$2)/365*Table_Provincial_GTAC35378[[#This Row],[Adj.AnnualRental]]*MATRIX2!D75,($Y$8-$X$2)/365*Table_Provincial_GTAC35378[[#This Row],[Adj.AnnualRental]])","v":-3640824.8206027397},{"$f":"IF('MAIN-INTERFACE'!$D$2=\"No\",(Table_Provincial_GTAC35378[[#This Row],[Adj.AnnualRental]])*(1+Table_Provincial_GTAC35378[[#This Row],[TnTEscalation]])^2,\n    (((MATRIX2!V75*Table_Provincial_GTAC35378[[#This Row],[Adj.AnnualRental]])*(1+Table_Provincial_GTAC35378[[#This Row],[TnTEscalation]])^2)+\n       (MATRIX2!N75* IF(IF('MAIN-INTERFACE'!$D$2=\"No\",Table_Provincial_GTAC35378[[#This Row],[Adj.AnnualRental]],(Table_Provincial_GTAC35378[[#This Row],[RtmAnnualRental]])*(1+\n                                 (IF('MAIN-INTERFACE'!$D$2=\"No\",0,'MAIN-INTERFACE'!$D$4))^(COUNTIF(MATRIX2!M75:N75,0))))*(1+\n                                 (IF('MAIN-INTERFACE'!$D$2=\"No\",0,'MAIN-INTERFACE'!$D$8)))^2<Table_Provincial_GTAC35378[[#This Row],[Adj.AnnualRental]],(Table_Provincial_GTAC35378[[#This Row],[RtmAnnualRental]])*(1+\n\n                                 (IF('MAIN-INTERFACE'!$D$2=\"No\",0,'MAIN-INTERFACE'!$D$4))^(COUNTIF(MATRIX2!M75:N75,0)))*(1+\n                                 (IF('MAIN-INTERFACE'!$D$2=\"No\",0,'MAIN-INTERFACE'!$D$8)))^MATRIX2!D75,Table_Provincial_GTAC35378[[#This Row],[Adj.AnnualRental]])*(1+\n\n                                (IF('MAIN-INTERFACE'!$D$2=\"No\",Table_Provincial_GTAC35378[[#This Row],[TnTEscalation]],'MAIN-INTERFACE'!$G$2)))^\n                                 (IF((COUNTIF(MATRIX2!M75:N75,\">0\")-1)<0,0,COUNTIF(MATRIX2!M75:N75,\">0\"))))))","v":991467.11999999988},{"$f":"IF('MAIN-INTERFACE'!$D$2=\"No\",(Table_Provincial_GTAC35378[[#This Row],[Adj.AnnualRental]])*(1+Table_Provincial_GTAC35378[[#This Row],[TnTEscalation]])^3,(((MATRIX2!W75*Table_Provincial_GTAC35378[[#This Row],[Adj.AnnualRental]])*(1+Table_Provincial_GTAC35378[[#This Row],[TnTEscalation]])^3)+(MATRIX2!O75*IF(IF('MAIN-INTERFACE'!$D$2=\"No\",Table_Provincial_GTAC35378[[#This Row],[Adj.AnnualRental]],(Table_Provincial_GTAC35378[[#This Row],[RtmAnnualRental]])*(1+(IF('MAIN-INTERFACE'!$D$2=\"No\",0,'MAIN-INTERFACE'!$D$4))^(COUNTIF(MATRIX2!M75:O75,0))))*(1+(IF('MAIN-INTERFACE'!$D$2=\"No\",0,'MAIN-INTERFACE'!$D$8)))^3<Table_Provincial_GTAC35378[[#This Row],[Adj.AnnualRental]],(Table_Provincial_GTAC35378[[#This Row],[RtmAnnualRental]])*(1+(IF('MAIN-INTERFACE'!$D$2=\"No\",0,'MAIN-INTERFACE'!$D$4))^(COUNTIF(MATRIX2!M75:O75,0)))*(1+(IF('MAIN-INTERFACE'!$D$2=\"No\",0,'MAIN-INTERFACE'!$D$8)))^MATRIX2!E75,Table_Provincial_GTAC35378[[#This Row],[Adj.AnnualRental]])*(1+(IF('MAIN-INTERFACE'!$D$2=\"No\",Table_Provincial_GTAC35378[[#This Row],[TnTEscalation]],'MAIN-INTERFACE'!$G$2)))^(IF((COUNTIF(MATRIX2!M75:O75,\">0\")-1)<0,0,COUNTIF(MATRIX2!M75:O75,\">0\"))))))","v":1050224.6039999998},{"$f":"IF('MAIN-INTERFACE'!$D$2=\"No\",(Table_Provincial_GTAC35378[[#This Row],[Adj.AnnualRental]])*(1+Table_Provincial_GTAC35378[[#This Row],[TnTEscalation]])^4,((((MATRIX2!X75*Table_Provincial_GTAC35378[[#This Row],[Adj.AnnualRental]])*(1+Table_Provincial_GTAC35378[[#This Row],[TnTEscalation]])^4)+(MATRIX2!P75*IF(IF('MAIN-INTERFACE'!$D$2=\"No\",Table_Provincial_GTAC35378[[#This Row],[Adj.AnnualRental]],(Table_Provincial_GTAC35378[[#This Row],[RtmAnnualRental]])*(1+(IF('MAIN-INTERFACE'!$D$2=\"No\",0,'MAIN-INTERFACE'!$D$4))^(COUNTIF(MATRIX2!M75:P75,0))))*(1+(IF('MAIN-INTERFACE'!$D$2=\"No\",0,'MAIN-INTERFACE'!$D$8)))^4<Table_Provincial_GTAC35378[[#This Row],[Adj.AnnualRental]],(Table_Provincial_GTAC35378[[#This Row],[RtmAnnualRental]])*(1+(IF('MAIN-INTERFACE'!$D$2=\"No\",0,'MAIN-INTERFACE'!$D$4))^(COUNTIF(MATRIX2!M75:P75,0)))*(1+(IF('MAIN-INTERFACE'!$D$2=\"No\",0,'MAIN-INTERFACE'!$D$8)))^MATRIX2!F75,Table_Provincial_GTAC35378[[#This Row],[Adj.AnnualRental]])*(1+(IF('MAIN-INTERFACE'!$D$2=\"No\",Table_Provincial_GTAC35378[[#This Row],[TnTEscalation]],'MAIN-INTERFACE'!$G$2)))^(IF((COUNTIF(MATRIX2!M75:P75,\">0\")-1)<0,0,COUNTIF(MATRIX2!M75:P75,\">0\")))))))","v":1128991.4492999997},{"$f":"IF('MAIN-INTERFACE'!$D$2=\"No\",(Table_Provincial_GTAC35378[[#This Row],[Adj.AnnualRental]])*(1+Table_Provincial_GTAC35378[[#This Row],[TnTEscalation]])^5,(((MATRIX2!Y75*Table_Provincial_GTAC35378[[#This Row],[Adj.AnnualRental]])*(1+Table_Provincial_GTAC35378[[#This Row],[TnTEscalation]])^5)+(MATRIX2!Q75*IF(IF('MAIN-INTERFACE'!$D$2=\"No\",Table_Provincial_GTAC35378[[#This Row],[Adj.AnnualRental]],(Table_Provincial_GTAC35378[[#This Row],[RtmAnnualRental]])*(1+(IF('MAIN-INTERFACE'!$D$2=\"No\",0,'MAIN-INTERFACE'!$D$4))^(COUNTIF(MATRIX2!M75:Q75,0))))*(1+(IF('MAIN-INTERFACE'!$D$2=\"No\",0,'MAIN-INTERFACE'!$D$8)))^5<Table_Provincial_GTAC35378[[#This Row],[Adj.AnnualRental]],(Table_Provincial_GTAC35378[[#This Row],[RtmAnnualRental]])*(1+(IF('MAIN-INTERFACE'!$D$2=\"No\",0,'MAIN-INTERFACE'!$D$4))^(COUNTIF(MATRIX2!M75:Q75,0)))*(1+(IF('MAIN-INTERFACE'!$D$2=\"No\",0,'MAIN-INTERFACE'!$D$8)))^MATRIX2!G75,Table_Provincial_GTAC35378[[#This Row],[Adj.AnnualRental]])*(1+(IF('MAIN-INTERFACE'!$D$2=\"No\",Table_Provincial_GTAC35378[[#This Row],[TnTEscalation]],'MAIN-INTERFACE'!$G$2)))^(IF((COUNTIF(MATRIX2!M75:Q75,\">0\")-1)<0,0,COUNTIF(MATRIX2!M75:Q75,\">0\"))))))","v":1213665.8079974998},{"$f":"IF('MAIN-INTERFACE'!$D$2=\"No\",(Table_Provincial_GTAC35378[[#This Row],[Adj.AnnualRental]])*(1+Table_Provincial_GTAC35378[[#This Row],[TnTEscalation]])^6,(((MATRIX2!Z75*Table_Provincial_GTAC35378[[#This Row],[Adj.AnnualRental]])*(1+Table_Provincial_GTAC35378[[#This Row],[TnTEscalation]])^6)+(MATRIX2!R75*IF(IF('MAIN-INTERFACE'!$D$2=\"No\",Table_Provincial_GTAC35378[[#This Row],[Adj.AnnualRental]],(Table_Provincial_GTAC35378[[#This Row],[RtmAnnualRental]])*(1+(IF('MAIN-INTERFACE'!$D$2=\"No\",0,'MAIN-INTERFACE'!$D$4))^(COUNTIF(MATRIX2!M75:R75,0))))*(1+(IF('MAIN-INTERFACE'!$D$2=\"No\",0,'MAIN-INTERFACE'!$D$8)))^6<Table_Provincial_GTAC35378[[#This Row],[Adj.AnnualRental]],(Table_Provincial_GTAC35378[[#This Row],[RtmAnnualRental]])*(1+(IF('MAIN-INTERFACE'!$D$2=\"No\",0,'MAIN-INTERFACE'!$D$4))^(COUNTIF(MATRIX2!M75:R75,0)))*(1+(IF('MAIN-INTERFACE'!$D$2=\"No\",0,'MAIN-INTERFACE'!$D$8)))^MATRIX2!H75,Table_Provincial_GTAC35378[[#This Row],[Adj.AnnualRental]])*(1+(IF('MAIN-INTERFACE'!$D$2=\"No\",Table_Provincial_GTAC35378[[#This Row],[TnTEscalation]],'MAIN-INTERFACE'!$G$2)))^(IF((COUNTIF(MATRIX2!M75:R75,\">0\")-1)<0,0,COUNTIF(MATRIX2!M75:R75,\">0\"))))))","v":1304690.7435973124},{"$f":"IF('MAIN-INTERFACE'!$D$2=\"No\",(Table_Provincial_GTAC35378[[#This Row],[Adj.AnnualRental]])*(1+Table_Provincial_GTAC35378[[#This Row],[TnTEscalation]])^7,(((MATRIX2!AA75*Table_Provincial_GTAC35378[[#This Row],[Adj.AnnualRental]])*(1+Table_Provincial_GTAC35378[[#This Row],[TnTEscalation]])^7)+(MATRIX2!S75*IF(IF('MAIN-INTERFACE'!$D$2=\"No\",Table_Provincial_GTAC35378[[#This Row],[Adj.AnnualRental]],(Table_Provincial_GTAC35378[[#This Row],[RtmAnnualRental]])*(1+(IF('MAIN-INTERFACE'!$D$2=\"No\",0,'MAIN-INTERFACE'!$D$4))^(COUNTIF(MATRIX2!M75:S75,0))))*(1+(IF('MAIN-INTERFACE'!$D$2=\"No\",0,'MAIN-INTERFACE'!$D$8)))^7<Table_Provincial_GTAC35378[[#This Row],[Adj.AnnualRental]],(Table_Provincial_GTAC35378[[#This Row],[RtmAnnualRental]])*(1+(IF('MAIN-INTERFACE'!$D$2=\"No\",0,'MAIN-INTERFACE'!$D$4))^(COUNTIF(MATRIX2!M75:S75,0)))*(1+(IF('MAIN-INTERFACE'!$D$2=\"No\",0,'MAIN-INTERFACE'!$D$8)))^MATRIX2!I75,Table_Provincial_GTAC35378[[#This Row],[Adj.AnnualRental]])*(1+(IF('MAIN-INTERFACE'!$D$2=\"No\",Table_Provincial_GTAC35378[[#This Row],[TnTEscalation]],'MAIN-INTERFACE'!$G$2)))^(IF((COUNTIF(MATRIX2!M75:S75,\">0\")-1)<0,0,COUNTIF(MATRIX2!M75:S75,\">0\"))))))","v":1402542.5493671107},{"$f":"SUM(Table_Provincial_GTAC35378[[#This Row],[FY 2018/19]:[FY 2023/24]])","v":7091582.2742619235}]
[{"$f":"Table_Provincial_GTAC3536[[#This Row],[SystemID]]","v":84},{"$f":"VLOOKUP($A76,DATA2!$A$2:$S$607,2,FALSE)","v":"KZN"},{"$f":"VLOOKUP($A76,DATA2!$A$2:$S$607,3,FALSE)","v":"KwaZulu-Natal"},{"$f":"VLOOKUP($A76,DATA2!$A$2:$S$607,4,FALSE)","v":165.85784835290602},{"$f":"VLOOKUP($A76,DATA2!$A$2:$S$607,5,FALSE)","v":110},{"$f":"VLOOKUP($A76,DATA2!$A$2:$S$607,6,FALSE)","v":"MAIN CENTRE"},{"$f":"VLOOKUP($A76,DATA2!$A$2:$S$607,7,FALSE)","v":906.96100000000001},{"$f":"VLOOKUP($A76,DATA2!$A$2:$S$607,8,FALSE)","v":true},{"$f":"VLOOKUP($A76,DATA2!$A$2:$S$607,9,FALSE)","v":0},{"$f":"VLOOKUP($A76,DATA2!$A$2:$S$607,10,FALSE)","v":150426.6},{"$f":"VLOOKUP($A76,DATA2!$A$2:$S$607,11,FALSE)","v":1805119.2},{"$f":"Table_Provincial_GTAC35378[[#This Row],[Benchmark]]*Table_Provincial_GTAC35378[[#This Row],[ExtentM2]]*12","v":1197188.52},{"$f":"VLOOKUP($A76,DATA2!$A$2:$S$607,12,FALSE)","v":"2017-04-01"},{"$f":"VLOOKUP($A76,DATA2!$A$2:$S$607,13,FALSE)","v":"2017-09-30"},{"$f":"VLOOKUP($A76,DATA2!$A$2:$S$607,14,FALSE)","v":"No"},{"$f":"IF(MATRIX2!D76=1,($Y$8-$X$2)/365*Table_Provincial_GTAC35378[[#This Row],[Adj.AnnualRental]]*MATRIX2!D76,($Y$8-$X$2)/365*Table_Provincial_GTAC35378[[#This Row],[Adj.AnnualRental]])","v":-6533047.8443835611},{"$f":"IF('MAIN-INTERFACE'!$D$2=\"No\",(Table_Provincial_GTAC35378[[#This Row],[Adj.AnnualRental]])*(1+Table_Provincial_GTAC35378[[#This Row],[TnTEscalation]])^2,\n    (((MATRIX2!V76*Table_Provincial_GTAC35378[[#This Row],[Adj.AnnualRental]])*(1+Table_Provincial_GTAC35378[[#This Row],[TnTEscalation]])^2)+\n       (MATRIX2!N76* IF(IF('MAIN-INTERFACE'!$D$2=\"No\",Table_Provincial_GTAC35378[[#This Row],[Adj.AnnualRental]],(Table_Provincial_GTAC35378[[#This Row],[RtmAnnualRental]])*(1+\n                                 (IF('MAIN-INTERFACE'!$D$2=\"No\",0,'MAIN-INTERFACE'!$D$4))^(COUNTIF(MATRIX2!M76:N76,0))))*(1+\n                                 (IF('MAIN-INTERFACE'!$D$2=\"No\",0,'MAIN-INTERFACE'!$D$8)))^2<Table_Provincial_GTAC35378[[#This Row],[Adj.AnnualRental]],(Table_Provincial_GTAC35378[[#This Row],[RtmAnnualRental]])*(1+\n\n                                 (IF('MAIN-INTERFACE'!$D$2=\"No\",0,'MAIN-INTERFACE'!$D$4))^(COUNTIF(MATRIX2!M76:N76,0)))*(1+\n                                 (IF('MAIN-INTERFACE'!$D$2=\"No\",0,'MAIN-INTERFACE'!$D$8)))^MATRIX2!D76,Table_Provincial_GTAC35378[[#This Row],[Adj.AnnualRental]])*(1+\n\n                                (IF('MAIN-INTERFACE'!$D$2=\"No\",Table_Provincial_GTAC35378[[#This Row],[TnTEscalation]],'MAIN-INTERFACE'!$G$2)))^\n                                 (IF((COUNTIF(MATRIX2!M76:N76,\">0\")-1)<0,0,COUNTIF(MATRIX2!M76:N76,\">0\"))))))","v":1337817.5017509044},{"$f":"IF('MAIN-INTERFACE'!$D$2=\"No\",(Table_Provincial_GTAC35378[[#This Row],[Adj.AnnualRental]])*(1+Table_Provincial_GTAC35378[[#This Row],[TnTEscalation]])^3,(((MATRIX2!W76*Table_Provincial_GTAC35378[[#This Row],[Adj.AnnualRental]])*(1+Table_Provincial_GTAC35378[[#This Row],[TnTEscalation]])^3)+(MATRIX2!O76*IF(IF('MAIN-INTERFACE'!$D$2=\"No\",Table_Provincial_GTAC35378[[#This Row],[Adj.AnnualRental]],(Table_Provincial_GTAC35378[[#This Row],[RtmAnnualRental]])*(1+(IF('MAIN-INTERFACE'!$D$2=\"No\",0,'MAIN-INTERFACE'!$D$4))^(COUNTIF(MATRIX2!M76:O76,0))))*(1+(IF('MAIN-INTERFACE'!$D$2=\"No\",0,'MAIN-INTERFACE'!$D$8)))^3<Table_Provincial_GTAC35378[[#This Row],[Adj.AnnualRental]],(Table_Provincial_GTAC35378[[#This Row],[RtmAnnualRental]])*(1+(IF('MAIN-INTERFACE'!$D$2=\"No\",0,'MAIN-INTERFACE'!$D$4))^(COUNTIF(MATRIX2!M76:O76,0)))*(1+(IF('MAIN-INTERFACE'!$D$2=\"No\",0,'MAIN-INTERFACE'!$D$8)))^MATRIX2!E76,Table_Provincial_GTAC35378[[#This Row],[Adj.AnnualRental]])*(1+(IF('MAIN-INTERFACE'!$D$2=\"No\",Table_Provincial_GTAC35378[[#This Row],[TnTEscalation]],'MAIN-INTERFACE'!$G$2)))^(IF((COUNTIF(MATRIX2!M76:O76,\">0\")-1)<0,0,COUNTIF(MATRIX2!M76:O76,\">0\"))))))","v":1438841.0227620001},{"$f":"IF('MAIN-INTERFACE'!$D$2=\"No\",(Table_Provincial_GTAC35378[[#This Row],[Adj.AnnualRental]])*(1+Table_Provincial_GTAC35378[[#This Row],[TnTEscalation]])^4,((((MATRIX2!X76*Table_Provincial_GTAC35378[[#This Row],[Adj.AnnualRental]])*(1+Table_Provincial_GTAC35378[[#This Row],[TnTEscalation]])^4)+(MATRIX2!P76*IF(IF('MAIN-INTERFACE'!$D$2=\"No\",Table_Provincial_GTAC35378[[#This Row],[Adj.AnnualRental]],(Table_Provincial_GTAC35378[[#This Row],[RtmAnnualRental]])*(1+(IF('MAIN-INTERFACE'!$D$2=\"No\",0,'MAIN-INTERFACE'!$D$4))^(COUNTIF(MATRIX2!M76:P76,0))))*(1+(IF('MAIN-INTERFACE'!$D$2=\"No\",0,'MAIN-INTERFACE'!$D$8)))^4<Table_Provincial_GTAC35378[[#This Row],[Adj.AnnualRental]],(Table_Provincial_GTAC35378[[#This Row],[RtmAnnualRental]])*(1+(IF('MAIN-INTERFACE'!$D$2=\"No\",0,'MAIN-INTERFACE'!$D$4))^(COUNTIF(MATRIX2!M76:P76,0)))*(1+(IF('MAIN-INTERFACE'!$D$2=\"No\",0,'MAIN-INTERFACE'!$D$8)))^MATRIX2!F76,Table_Provincial_GTAC35378[[#This Row],[Adj.AnnualRental]])*(1+(IF('MAIN-INTERFACE'!$D$2=\"No\",Table_Provincial_GTAC35378[[#This Row],[TnTEscalation]],'MAIN-INTERFACE'!$G$2)))^(IF((COUNTIF(MATRIX2!M76:P76,\">0\")-1)<0,0,COUNTIF(MATRIX2!M76:P76,\">0\")))))))","v":1546754.09946915},{"$f":"IF('MAIN-INTERFACE'!$D$2=\"No\",(Table_Provincial_GTAC35378[[#This Row],[Adj.AnnualRental]])*(1+Table_Provincial_GTAC35378[[#This Row],[TnTEscalation]])^5,(((MATRIX2!Y76*Table_Provincial_GTAC35378[[#This Row],[Adj.AnnualRental]])*(1+Table_Provincial_GTAC35378[[#This Row],[TnTEscalation]])^5)+(MATRIX2!Q76*IF(IF('MAIN-INTERFACE'!$D$2=\"No\",Table_Provincial_GTAC35378[[#This Row],[Adj.AnnualRental]],(Table_Provincial_GTAC35378[[#This Row],[RtmAnnualRental]])*(1+(IF('MAIN-INTERFACE'!$D$2=\"No\",0,'MAIN-INTERFACE'!$D$4))^(COUNTIF(MATRIX2!M76:Q76,0))))*(1+(IF('MAIN-INTERFACE'!$D$2=\"No\",0,'MAIN-INTERFACE'!$D$8)))^5<Table_Provincial_GTAC35378[[#This Row],[Adj.AnnualRental]],(Table_Provincial_GTAC35378[[#This Row],[RtmAnnualRental]])*(1+(IF('MAIN-INTERFACE'!$D$2=\"No\",0,'MAIN-INTERFACE'!$D$4))^(COUNTIF(MATRIX2!M76:Q76,0)))*(1+(IF('MAIN-INTERFACE'!$D$2=\"No\",0,'MAIN-INTERFACE'!$D$8)))^MATRIX2!G76,Table_Provincial_GTAC35378[[#This Row],[Adj.AnnualRental]])*(1+(IF('MAIN-INTERFACE'!$D$2=\"No\",Table_Provincial_GTAC35378[[#This Row],[TnTEscalation]],'MAIN-INTERFACE'!$G$2)))^(IF((COUNTIF(MATRIX2!M76:Q76,\">0\")-1)<0,0,COUNTIF(MATRIX2!M76:Q76,\">0\"))))))","v":1662760.6569293363},{"$f":"IF('MAIN-INTERFACE'!$D$2=\"No\",(Table_Provincial_GTAC35378[[#This Row],[Adj.AnnualRental]])*(1+Table_Provincial_GTAC35378[[#This Row],[TnTEscalation]])^6,(((MATRIX2!Z76*Table_Provincial_GTAC35378[[#This Row],[Adj.AnnualRental]])*(1+Table_Provincial_GTAC35378[[#This Row],[TnTEscalation]])^6)+(MATRIX2!R76*IF(IF('MAIN-INTERFACE'!$D$2=\"No\",Table_Provincial_GTAC35378[[#This Row],[Adj.AnnualRental]],(Table_Provincial_GTAC35378[[#This Row],[RtmAnnualRental]])*(1+(IF('MAIN-INTERFACE'!$D$2=\"No\",0,'MAIN-INTERFACE'!$D$4))^(COUNTIF(MATRIX2!M76:R76,0))))*(1+(IF('MAIN-INTERFACE'!$D$2=\"No\",0,'MAIN-INTERFACE'!$D$8)))^6<Table_Provincial_GTAC35378[[#This Row],[Adj.AnnualRental]],(Table_Provincial_GTAC35378[[#This Row],[RtmAnnualRental]])*(1+(IF('MAIN-INTERFACE'!$D$2=\"No\",0,'MAIN-INTERFACE'!$D$4))^(COUNTIF(MATRIX2!M76:R76,0)))*(1+(IF('MAIN-INTERFACE'!$D$2=\"No\",0,'MAIN-INTERFACE'!$D$8)))^MATRIX2!H76,Table_Provincial_GTAC35378[[#This Row],[Adj.AnnualRental]])*(1+(IF('MAIN-INTERFACE'!$D$2=\"No\",Table_Provincial_GTAC35378[[#This Row],[TnTEscalation]],'MAIN-INTERFACE'!$G$2)))^(IF((COUNTIF(MATRIX2!M76:R76,\">0\")-1)<0,0,COUNTIF(MATRIX2!M76:R76,\">0\"))))))","v":1787467.7061990364},{"$f":"IF('MAIN-INTERFACE'!$D$2=\"No\",(Table_Provincial_GTAC35378[[#This Row],[Adj.AnnualRental]])*(1+Table_Provincial_GTAC35378[[#This Row],[TnTEscalation]])^7,(((MATRIX2!AA76*Table_Provincial_GTAC35378[[#This Row],[Adj.AnnualRental]])*(1+Table_Provincial_GTAC35378[[#This Row],[TnTEscalation]])^7)+(MATRIX2!S76*IF(IF('MAIN-INTERFACE'!$D$2=\"No\",Table_Provincial_GTAC35378[[#This Row],[Adj.AnnualRental]],(Table_Provincial_GTAC35378[[#This Row],[RtmAnnualRental]])*(1+(IF('MAIN-INTERFACE'!$D$2=\"No\",0,'MAIN-INTERFACE'!$D$4))^(COUNTIF(MATRIX2!M76:S76,0))))*(1+(IF('MAIN-INTERFACE'!$D$2=\"No\",0,'MAIN-INTERFACE'!$D$8)))^7<Table_Provincial_GTAC35378[[#This Row],[Adj.AnnualRental]],(Table_Provincial_GTAC35378[[#This Row],[RtmAnnualRental]])*(1+(IF('MAIN-INTERFACE'!$D$2=\"No\",0,'MAIN-INTERFACE'!$D$4))^(COUNTIF(MATRIX2!M76:S76,0)))*(1+(IF('MAIN-INTERFACE'!$D$2=\"No\",0,'MAIN-INTERFACE'!$D$8)))^MATRIX2!I76,Table_Provincial_GTAC35378[[#This Row],[Adj.AnnualRental]])*(1+(IF('MAIN-INTERFACE'!$D$2=\"No\",Table_Provincial_GTAC35378[[#This Row],[TnTEscalation]],'MAIN-INTERFACE'!$G$2)))^(IF((COUNTIF(MATRIX2!M76:S76,\">0\")-1)<0,0,COUNTIF(MATRIX2!M76:S76,\">0\"))))))","v":1921527.784163964},{"$f":"SUM(Table_Provincial_GTAC35378[[#This Row],[FY 2018/19]:[FY 2023/24]])","v":9695168.7712743916}]
[{"$f":"Table_Provincial_GTAC3536[[#This Row],[SystemID]]","v":85},{"$f":"VLOOKUP($A77,DATA2!$A$2:$S$607,2,FALSE)","v":"KZN"},{"$f":"VLOOKUP($A77,DATA2!$A$2:$S$607,3,FALSE)","v":"KwaZulu-Natal"},{"$f":"VLOOKUP($A77,DATA2!$A$2:$S$607,4,FALSE)","v":183.32432575757576},{"$f":"VLOOKUP($A77,DATA2!$A$2:$S$607,5,FALSE)","v":110},{"$f":"VLOOKUP($A77,DATA2!$A$2:$S$607,6,FALSE)","v":"MAIN CENTRE"},{"$f":"VLOOKUP($A77,DATA2!$A$2:$S$607,7,FALSE)","v":1320},{"$f":"VLOOKUP($A77,DATA2!$A$2:$S$607,8,FALSE)","v":true},{"$f":"VLOOKUP($A77,DATA2!$A$2:$S$607,9,FALSE)","v":0},{"$f":"VLOOKUP($A77,DATA2!$A$2:$S$607,10,FALSE)","v":241988.11},{"$f":"VLOOKUP($A77,DATA2!$A$2:$S$607,11,FALSE)","v":2903857.32},{"$f":"Table_Provincial_GTAC35378[[#This Row],[Benchmark]]*Table_Provincial_GTAC35378[[#This Row],[ExtentM2]]*12","v":1742400},{"$f":"VLOOKUP($A77,DATA2!$A$2:$S$607,12,FALSE)","v":"2017-04-01"},{"$f":"VLOOKUP($A77,DATA2!$A$2:$S$607,13,FALSE)","v":"2017-09-30"},{"$f":"VLOOKUP($A77,DATA2!$A$2:$S$607,14,FALSE)","v":"No"},{"$f":"IF(MATRIX2!D77=1,($Y$8-$X$2)/365*Table_Provincial_GTAC35378[[#This Row],[Adj.AnnualRental]]*MATRIX2!D77,($Y$8-$X$2)/365*Table_Provincial_GTAC35378[[#This Row],[Adj.AnnualRental]])","v":-10509576.766356163},{"$f":"IF('MAIN-INTERFACE'!$D$2=\"No\",(Table_Provincial_GTAC35378[[#This Row],[Adj.AnnualRental]])*(1+Table_Provincial_GTAC35378[[#This Row],[TnTEscalation]])^2,\n    (((MATRIX2!V77*Table_Provincial_GTAC35378[[#This Row],[Adj.AnnualRental]])*(1+Table_Provincial_GTAC35378[[#This Row],[TnTEscalation]])^2)+\n       (MATRIX2!N77* IF(IF('MAIN-INTERFACE'!$D$2=\"No\",Table_Provincial_GTAC35378[[#This Row],[Adj.AnnualRental]],(Table_Provincial_GTAC35378[[#This Row],[RtmAnnualRental]])*(1+\n                                 (IF('MAIN-INTERFACE'!$D$2=\"No\",0,'MAIN-INTERFACE'!$D$4))^(COUNTIF(MATRIX2!M77:N77,0))))*(1+\n                                 (IF('MAIN-INTERFACE'!$D$2=\"No\",0,'MAIN-INTERFACE'!$D$8)))^2<Table_Provincial_GTAC35378[[#This Row],[Adj.AnnualRental]],(Table_Provincial_GTAC35378[[#This Row],[RtmAnnualRental]])*(1+\n\n                                 (IF('MAIN-INTERFACE'!$D$2=\"No\",0,'MAIN-INTERFACE'!$D$4))^(COUNTIF(MATRIX2!M77:N77,0)))*(1+\n                                 (IF('MAIN-INTERFACE'!$D$2=\"No\",0,'MAIN-INTERFACE'!$D$8)))^MATRIX2!D77,Table_Provincial_GTAC35378[[#This Row],[Adj.AnnualRental]])*(1+\n\n                                (IF('MAIN-INTERFACE'!$D$2=\"No\",Table_Provincial_GTAC35378[[#This Row],[TnTEscalation]],'MAIN-INTERFACE'!$G$2)))^\n                                 (IF((COUNTIF(MATRIX2!M77:N77,\">0\")-1)<0,0,COUNTIF(MATRIX2!M77:N77,\">0\"))))))","v":1946693.8107945204},{"$f":"IF('MAIN-INTERFACE'!$D$2=\"No\",(Table_Provincial_GTAC35378[[#This Row],[Adj.AnnualRental]])*(1+Table_Provincial_GTAC35378[[#This Row],[TnTEscalation]])^3,(((MATRIX2!W77*Table_Provincial_GTAC35378[[#This Row],[Adj.AnnualRental]])*(1+Table_Provincial_GTAC35378[[#This Row],[TnTEscalation]])^3)+(MATRIX2!O77*IF(IF('MAIN-INTERFACE'!$D$2=\"No\",Table_Provincial_GTAC35378[[#This Row],[Adj.AnnualRental]],(Table_Provincial_GTAC35378[[#This Row],[RtmAnnualRental]])*(1+(IF('MAIN-INTERFACE'!$D$2=\"No\",0,'MAIN-INTERFACE'!$D$4))^(COUNTIF(MATRIX2!M77:O77,0))))*(1+(IF('MAIN-INTERFACE'!$D$2=\"No\",0,'MAIN-INTERFACE'!$D$8)))^3<Table_Provincial_GTAC35378[[#This Row],[Adj.AnnualRental]],(Table_Provincial_GTAC35378[[#This Row],[RtmAnnualRental]])*(1+(IF('MAIN-INTERFACE'!$D$2=\"No\",0,'MAIN-INTERFACE'!$D$4))^(COUNTIF(MATRIX2!M77:O77,0)))*(1+(IF('MAIN-INTERFACE'!$D$2=\"No\",0,'MAIN-INTERFACE'!$D$8)))^MATRIX2!E77,Table_Provincial_GTAC35378[[#This Row],[Adj.AnnualRental]])*(1+(IF('MAIN-INTERFACE'!$D$2=\"No\",Table_Provincial_GTAC35378[[#This Row],[TnTEscalation]],'MAIN-INTERFACE'!$G$2)))^(IF((COUNTIF(MATRIX2!M77:O77,\">0\")-1)<0,0,COUNTIF(MATRIX2!M77:O77,\">0\"))))))","v":2094103.4399999997},{"$f":"IF('MAIN-INTERFACE'!$D$2=\"No\",(Table_Provincial_GTAC35378[[#This Row],[Adj.AnnualRental]])*(1+Table_Provincial_GTAC35378[[#This Row],[TnTEscalation]])^4,((((MATRIX2!X77*Table_Provincial_GTAC35378[[#This Row],[Adj.AnnualRental]])*(1+Table_Provincial_GTAC35378[[#This Row],[TnTEscalation]])^4)+(MATRIX2!P77*IF(IF('MAIN-INTERFACE'!$D$2=\"No\",Table_Provincial_GTAC35378[[#This Row],[Adj.AnnualRental]],(Table_Provincial_GTAC35378[[#This Row],[RtmAnnualRental]])*(1+(IF('MAIN-INTERFACE'!$D$2=\"No\",0,'MAIN-INTERFACE'!$D$4))^(COUNTIF(MATRIX2!M77:P77,0))))*(1+(IF('MAIN-INTERFACE'!$D$2=\"No\",0,'MAIN-INTERFACE'!$D$8)))^4<Table_Provincial_GTAC35378[[#This Row],[Adj.AnnualRental]],(Table_Provincial_GTAC35378[[#This Row],[RtmAnnualRental]])*(1+(IF('MAIN-INTERFACE'!$D$2=\"No\",0,'MAIN-INTERFACE'!$D$4))^(COUNTIF(MATRIX2!M77:P77,0)))*(1+(IF('MAIN-INTERFACE'!$D$2=\"No\",0,'MAIN-INTERFACE'!$D$8)))^MATRIX2!F77,Table_Provincial_GTAC35378[[#This Row],[Adj.AnnualRental]])*(1+(IF('MAIN-INTERFACE'!$D$2=\"No\",Table_Provincial_GTAC35378[[#This Row],[TnTEscalation]],'MAIN-INTERFACE'!$G$2)))^(IF((COUNTIF(MATRIX2!M77:P77,\">0\")-1)<0,0,COUNTIF(MATRIX2!M77:P77,\">0\")))))))","v":2251161.1979999999},{"$f":"IF('MAIN-INTERFACE'!$D$2=\"No\",(Table_Provincial_GTAC35378[[#This Row],[Adj.AnnualRental]])*(1+Table_Provincial_GTAC35378[[#This Row],[TnTEscalation]])^5,(((MATRIX2!Y77*Table_Provincial_GTAC35378[[#This Row],[Adj.AnnualRental]])*(1+Table_Provincial_GTAC35378[[#This Row],[TnTEscalation]])^5)+(MATRIX2!Q77*IF(IF('MAIN-INTERFACE'!$D$2=\"No\",Table_Provincial_GTAC35378[[#This Row],[Adj.AnnualRental]],(Table_Provincial_GTAC35378[[#This Row],[RtmAnnualRental]])*(1+(IF('MAIN-INTERFACE'!$D$2=\"No\",0,'MAIN-INTERFACE'!$D$4))^(COUNTIF(MATRIX2!M77:Q77,0))))*(1+(IF('MAIN-INTERFACE'!$D$2=\"No\",0,'MAIN-INTERFACE'!$D$8)))^5<Table_Provincial_GTAC35378[[#This Row],[Adj.AnnualRental]],(Table_Provincial_GTAC35378[[#This Row],[RtmAnnualRental]])*(1+(IF('MAIN-INTERFACE'!$D$2=\"No\",0,'MAIN-INTERFACE'!$D$4))^(COUNTIF(MATRIX2!M77:Q77,0)))*(1+(IF('MAIN-INTERFACE'!$D$2=\"No\",0,'MAIN-INTERFACE'!$D$8)))^MATRIX2!G77,Table_Provincial_GTAC35378[[#This Row],[Adj.AnnualRental]])*(1+(IF('MAIN-INTERFACE'!$D$2=\"No\",Table_Provincial_GTAC35378[[#This Row],[TnTEscalation]],'MAIN-INTERFACE'!$G$2)))^(IF((COUNTIF(MATRIX2!M77:Q77,\">0\")-1)<0,0,COUNTIF(MATRIX2!M77:Q77,\">0\"))))))","v":2419998.28785},{"$f":"IF('MAIN-INTERFACE'!$D$2=\"No\",(Table_Provincial_GTAC35378[[#This Row],[Adj.AnnualRental]])*(1+Table_Provincial_GTAC35378[[#This Row],[TnTEscalation]])^6,(((MATRIX2!Z77*Table_Provincial_GTAC35378[[#This Row],[Adj.AnnualRental]])*(1+Table_Provincial_GTAC35378[[#This Row],[TnTEscalation]])^6)+(MATRIX2!R77*IF(IF('MAIN-INTERFACE'!$D$2=\"No\",Table_Provincial_GTAC35378[[#This Row],[Adj.AnnualRental]],(Table_Provincial_GTAC35378[[#This Row],[RtmAnnualRental]])*(1+(IF('MAIN-INTERFACE'!$D$2=\"No\",0,'MAIN-INTERFACE'!$D$4))^(COUNTIF(MATRIX2!M77:R77,0))))*(1+(IF('MAIN-INTERFACE'!$D$2=\"No\",0,'MAIN-INTERFACE'!$D$8)))^6<Table_Provincial_GTAC35378[[#This Row],[Adj.AnnualRental]],(Table_Provincial_GTAC35378[[#This Row],[RtmAnnualRental]])*(1+(IF('MAIN-INTERFACE'!$D$2=\"No\",0,'MAIN-INTERFACE'!$D$4))^(COUNTIF(MATRIX2!M77:R77,0)))*(1+(IF('MAIN-INTERFACE'!$D$2=\"No\",0,'MAIN-INTERFACE'!$D$8)))^MATRIX2!H77,Table_Provincial_GTAC35378[[#This Row],[Adj.AnnualRental]])*(1+(IF('MAIN-INTERFACE'!$D$2=\"No\",Table_Provincial_GTAC35378[[#This Row],[TnTEscalation]],'MAIN-INTERFACE'!$G$2)))^(IF((COUNTIF(MATRIX2!M77:R77,\">0\")-1)<0,0,COUNTIF(MATRIX2!M77:R77,\">0\"))))))","v":2601498.1594387498},{"$f":"IF('MAIN-INTERFACE'!$D$2=\"No\",(Table_Provincial_GTAC35378[[#This Row],[Adj.AnnualRental]])*(1+Table_Provincial_GTAC35378[[#This Row],[TnTEscalation]])^7,(((MATRIX2!AA77*Table_Provincial_GTAC35378[[#This Row],[Adj.AnnualRental]])*(1+Table_Provincial_GTAC35378[[#This Row],[TnTEscalation]])^7)+(MATRIX2!S77*IF(IF('MAIN-INTERFACE'!$D$2=\"No\",Table_Provincial_GTAC35378[[#This Row],[Adj.AnnualRental]],(Table_Provincial_GTAC35378[[#This Row],[RtmAnnualRental]])*(1+(IF('MAIN-INTERFACE'!$D$2=\"No\",0,'MAIN-INTERFACE'!$D$4))^(COUNTIF(MATRIX2!M77:S77,0))))*(1+(IF('MAIN-INTERFACE'!$D$2=\"No\",0,'MAIN-INTERFACE'!$D$8)))^7<Table_Provincial_GTAC35378[[#This Row],[Adj.AnnualRental]],(Table_Provincial_GTAC35378[[#This Row],[RtmAnnualRental]])*(1+(IF('MAIN-INTERFACE'!$D$2=\"No\",0,'MAIN-INTERFACE'!$D$4))^(COUNTIF(MATRIX2!M77:S77,0)))*(1+(IF('MAIN-INTERFACE'!$D$2=\"No\",0,'MAIN-INTERFACE'!$D$8)))^MATRIX2!I77,Table_Provincial_GTAC35378[[#This Row],[Adj.AnnualRental]])*(1+(IF('MAIN-INTERFACE'!$D$2=\"No\",Table_Provincial_GTAC35378[[#This Row],[TnTEscalation]],'MAIN-INTERFACE'!$G$2)))^(IF((COUNTIF(MATRIX2!M77:S77,\">0\")-1)<0,0,COUNTIF(MATRIX2!M77:S77,\">0\"))))))","v":2796610.5213966556},{"$f":"SUM(Table_Provincial_GTAC35378[[#This Row],[FY 2018/19]:[FY 2023/24]])","v":14110065.417479925}]
[{"$f":"Table_Provincial_GTAC3536[[#This Row],[SystemID]]","v":86},{"$f":"VLOOKUP($A78,DATA2!$A$2:$S$607,2,FALSE)","v":"KZN"},{"$f":"VLOOKUP($A78,DATA2!$A$2:$S$607,3,FALSE)","v":"KwaZulu-Natal"},{"$f":"VLOOKUP($A78,DATA2!$A$2:$S$607,4,FALSE)","v":242.10867309458217},{"$f":"VLOOKUP($A78,DATA2!$A$2:$S$607,5,FALSE)","v":110},{"$f":"VLOOKUP($A78,DATA2!$A$2:$S$607,6,FALSE)","v":"MAIN CENTRE"},{"$f":"VLOOKUP($A78,DATA2!$A$2:$S$607,7,FALSE)","v":4356},{"$f":"VLOOKUP($A78,DATA2!$A$2:$S$607,8,FALSE)","v":true},{"$f":"VLOOKUP($A78,DATA2!$A$2:$S$607,9,FALSE)","v":0.08},{"$f":"VLOOKUP($A78,DATA2!$A$2:$S$607,10,FALSE)","v":1054625.3799999999},{"$f":"VLOOKUP($A78,DATA2!$A$2:$S$607,11,FALSE)","v":12655504.560000001},{"$f":"Table_Provincial_GTAC35378[[#This Row],[Benchmark]]*Table_Provincial_GTAC35378[[#This Row],[ExtentM2]]*12","v":5749920},{"$f":"VLOOKUP($A78,DATA2!$A$2:$S$607,12,FALSE)","v":"2017-04-01"},{"$f":"VLOOKUP($A78,DATA2!$A$2:$S$607,13,FALSE)","v":"2027-03-31"},{"$f":"VLOOKUP($A78,DATA2!$A$2:$S$607,14,FALSE)","v":"No"},{"$f":"IF(MATRIX2!D78=1,($Y$8-$X$2)/365*Table_Provincial_GTAC35378[[#This Row],[Adj.AnnualRental]]*MATRIX2!D78,($Y$8-$X$2)/365*Table_Provincial_GTAC35378[[#This Row],[Adj.AnnualRental]])","v":-45802524.722630136},{"$f":"IF('MAIN-INTERFACE'!$D$2=\"No\",(Table_Provincial_GTAC35378[[#This Row],[Adj.AnnualRental]])*(1+Table_Provincial_GTAC35378[[#This Row],[TnTEscalation]])^2,\n    (((MATRIX2!V78*Table_Provincial_GTAC35378[[#This Row],[Adj.AnnualRental]])*(1+Table_Provincial_GTAC35378[[#This Row],[TnTEscalation]])^2)+\n       (MATRIX2!N78* IF(IF('MAIN-INTERFACE'!$D$2=\"No\",Table_Provincial_GTAC35378[[#This Row],[Adj.AnnualRental]],(Table_Provincial_GTAC35378[[#This Row],[RtmAnnualRental]])*(1+\n                                 (IF('MAIN-INTERFACE'!$D$2=\"No\",0,'MAIN-INTERFACE'!$D$4))^(COUNTIF(MATRIX2!M78:N78,0))))*(1+\n                                 (IF('MAIN-INTERFACE'!$D$2=\"No\",0,'MAIN-INTERFACE'!$D$8)))^2<Table_Provincial_GTAC35378[[#This Row],[Adj.AnnualRental]],(Table_Provincial_GTAC35378[[#This Row],[RtmAnnualRental]])*(1+\n\n                                 (IF('MAIN-INTERFACE'!$D$2=\"No\",0,'MAIN-INTERFACE'!$D$4))^(COUNTIF(MATRIX2!M78:N78,0)))*(1+\n                                 (IF('MAIN-INTERFACE'!$D$2=\"No\",0,'MAIN-INTERFACE'!$D$8)))^MATRIX2!D78,Table_Provincial_GTAC35378[[#This Row],[Adj.AnnualRental]])*(1+\n\n                                (IF('MAIN-INTERFACE'!$D$2=\"No\",Table_Provincial_GTAC35378[[#This Row],[TnTEscalation]],'MAIN-INTERFACE'!$G$2)))^\n                                 (IF((COUNTIF(MATRIX2!M78:N78,\">0\")-1)<0,0,COUNTIF(MATRIX2!M78:N78,\">0\"))))))","v":14761380.518784001},{"$f":"IF('MAIN-INTERFACE'!$D$2=\"No\",(Table_Provincial_GTAC35378[[#This Row],[Adj.AnnualRental]])*(1+Table_Provincial_GTAC35378[[#This Row],[TnTEscalation]])^3,(((MATRIX2!W78*Table_Provincial_GTAC35378[[#This Row],[Adj.AnnualRental]])*(1+Table_Provincial_GTAC35378[[#This Row],[TnTEscalation]])^3)+(MATRIX2!O78*IF(IF('MAIN-INTERFACE'!$D$2=\"No\",Table_Provincial_GTAC35378[[#This Row],[Adj.AnnualRental]],(Table_Provincial_GTAC35378[[#This Row],[RtmAnnualRental]])*(1+(IF('MAIN-INTERFACE'!$D$2=\"No\",0,'MAIN-INTERFACE'!$D$4))^(COUNTIF(MATRIX2!M78:O78,0))))*(1+(IF('MAIN-INTERFACE'!$D$2=\"No\",0,'MAIN-INTERFACE'!$D$8)))^3<Table_Provincial_GTAC35378[[#This Row],[Adj.AnnualRental]],(Table_Provincial_GTAC35378[[#This Row],[RtmAnnualRental]])*(1+(IF('MAIN-INTERFACE'!$D$2=\"No\",0,'MAIN-INTERFACE'!$D$4))^(COUNTIF(MATRIX2!M78:O78,0)))*(1+(IF('MAIN-INTERFACE'!$D$2=\"No\",0,'MAIN-INTERFACE'!$D$8)))^MATRIX2!E78,Table_Provincial_GTAC35378[[#This Row],[Adj.AnnualRental]])*(1+(IF('MAIN-INTERFACE'!$D$2=\"No\",Table_Provincial_GTAC35378[[#This Row],[TnTEscalation]],'MAIN-INTERFACE'!$G$2)))^(IF((COUNTIF(MATRIX2!M78:O78,\">0\")-1)<0,0,COUNTIF(MATRIX2!M78:O78,\">0\"))))))","v":15942290.960286723},{"$f":"IF('MAIN-INTERFACE'!$D$2=\"No\",(Table_Provincial_GTAC35378[[#This Row],[Adj.AnnualRental]])*(1+Table_Provincial_GTAC35378[[#This Row],[TnTEscalation]])^4,((((MATRIX2!X78*Table_Provincial_GTAC35378[[#This Row],[Adj.AnnualRental]])*(1+Table_Provincial_GTAC35378[[#This Row],[TnTEscalation]])^4)+(MATRIX2!P78*IF(IF('MAIN-INTERFACE'!$D$2=\"No\",Table_Provincial_GTAC35378[[#This Row],[Adj.AnnualRental]],(Table_Provincial_GTAC35378[[#This Row],[RtmAnnualRental]])*(1+(IF('MAIN-INTERFACE'!$D$2=\"No\",0,'MAIN-INTERFACE'!$D$4))^(COUNTIF(MATRIX2!M78:P78,0))))*(1+(IF('MAIN-INTERFACE'!$D$2=\"No\",0,'MAIN-INTERFACE'!$D$8)))^4<Table_Provincial_GTAC35378[[#This Row],[Adj.AnnualRental]],(Table_Provincial_GTAC35378[[#This Row],[RtmAnnualRental]])*(1+(IF('MAIN-INTERFACE'!$D$2=\"No\",0,'MAIN-INTERFACE'!$D$4))^(COUNTIF(MATRIX2!M78:P78,0)))*(1+(IF('MAIN-INTERFACE'!$D$2=\"No\",0,'MAIN-INTERFACE'!$D$8)))^MATRIX2!F78,Table_Provincial_GTAC35378[[#This Row],[Adj.AnnualRental]])*(1+(IF('MAIN-INTERFACE'!$D$2=\"No\",Table_Provincial_GTAC35378[[#This Row],[TnTEscalation]],'MAIN-INTERFACE'!$G$2)))^(IF((COUNTIF(MATRIX2!M78:P78,\">0\")-1)<0,0,COUNTIF(MATRIX2!M78:P78,\">0\")))))))","v":17217674.237109661},{"$f":"IF('MAIN-INTERFACE'!$D$2=\"No\",(Table_Provincial_GTAC35378[[#This Row],[Adj.AnnualRental]])*(1+Table_Provincial_GTAC35378[[#This Row],[TnTEscalation]])^5,(((MATRIX2!Y78*Table_Provincial_GTAC35378[[#This Row],[Adj.AnnualRental]])*(1+Table_Provincial_GTAC35378[[#This Row],[TnTEscalation]])^5)+(MATRIX2!Q78*IF(IF('MAIN-INTERFACE'!$D$2=\"No\",Table_Provincial_GTAC35378[[#This Row],[Adj.AnnualRental]],(Table_Provincial_GTAC35378[[#This Row],[RtmAnnualRental]])*(1+(IF('MAIN-INTERFACE'!$D$2=\"No\",0,'MAIN-INTERFACE'!$D$4))^(COUNTIF(MATRIX2!M78:Q78,0))))*(1+(IF('MAIN-INTERFACE'!$D$2=\"No\",0,'MAIN-INTERFACE'!$D$8)))^5<Table_Provincial_GTAC35378[[#This Row],[Adj.AnnualRental]],(Table_Provincial_GTAC35378[[#This Row],[RtmAnnualRental]])*(1+(IF('MAIN-INTERFACE'!$D$2=\"No\",0,'MAIN-INTERFACE'!$D$4))^(COUNTIF(MATRIX2!M78:Q78,0)))*(1+(IF('MAIN-INTERFACE'!$D$2=\"No\",0,'MAIN-INTERFACE'!$D$8)))^MATRIX2!G78,Table_Provincial_GTAC35378[[#This Row],[Adj.AnnualRental]])*(1+(IF('MAIN-INTERFACE'!$D$2=\"No\",Table_Provincial_GTAC35378[[#This Row],[TnTEscalation]],'MAIN-INTERFACE'!$G$2)))^(IF((COUNTIF(MATRIX2!M78:Q78,\">0\")-1)<0,0,COUNTIF(MATRIX2!M78:Q78,\">0\"))))))","v":18595088.176078435},{"$f":"IF('MAIN-INTERFACE'!$D$2=\"No\",(Table_Provincial_GTAC35378[[#This Row],[Adj.AnnualRental]])*(1+Table_Provincial_GTAC35378[[#This Row],[TnTEscalation]])^6,(((MATRIX2!Z78*Table_Provincial_GTAC35378[[#This Row],[Adj.AnnualRental]])*(1+Table_Provincial_GTAC35378[[#This Row],[TnTEscalation]])^6)+(MATRIX2!R78*IF(IF('MAIN-INTERFACE'!$D$2=\"No\",Table_Provincial_GTAC35378[[#This Row],[Adj.AnnualRental]],(Table_Provincial_GTAC35378[[#This Row],[RtmAnnualRental]])*(1+(IF('MAIN-INTERFACE'!$D$2=\"No\",0,'MAIN-INTERFACE'!$D$4))^(COUNTIF(MATRIX2!M78:R78,0))))*(1+(IF('MAIN-INTERFACE'!$D$2=\"No\",0,'MAIN-INTERFACE'!$D$8)))^6<Table_Provincial_GTAC35378[[#This Row],[Adj.AnnualRental]],(Table_Provincial_GTAC35378[[#This Row],[RtmAnnualRental]])*(1+(IF('MAIN-INTERFACE'!$D$2=\"No\",0,'MAIN-INTERFACE'!$D$4))^(COUNTIF(MATRIX2!M78:R78,0)))*(1+(IF('MAIN-INTERFACE'!$D$2=\"No\",0,'MAIN-INTERFACE'!$D$8)))^MATRIX2!H78,Table_Provincial_GTAC35378[[#This Row],[Adj.AnnualRental]])*(1+(IF('MAIN-INTERFACE'!$D$2=\"No\",Table_Provincial_GTAC35378[[#This Row],[TnTEscalation]],'MAIN-INTERFACE'!$G$2)))^(IF((COUNTIF(MATRIX2!M78:R78,\">0\")-1)<0,0,COUNTIF(MATRIX2!M78:R78,\">0\"))))))","v":20082695.230164714},{"$f":"IF('MAIN-INTERFACE'!$D$2=\"No\",(Table_Provincial_GTAC35378[[#This Row],[Adj.AnnualRental]])*(1+Table_Provincial_GTAC35378[[#This Row],[TnTEscalation]])^7,(((MATRIX2!AA78*Table_Provincial_GTAC35378[[#This Row],[Adj.AnnualRental]])*(1+Table_Provincial_GTAC35378[[#This Row],[TnTEscalation]])^7)+(MATRIX2!S78*IF(IF('MAIN-INTERFACE'!$D$2=\"No\",Table_Provincial_GTAC35378[[#This Row],[Adj.AnnualRental]],(Table_Provincial_GTAC35378[[#This Row],[RtmAnnualRental]])*(1+(IF('MAIN-INTERFACE'!$D$2=\"No\",0,'MAIN-INTERFACE'!$D$4))^(COUNTIF(MATRIX2!M78:S78,0))))*(1+(IF('MAIN-INTERFACE'!$D$2=\"No\",0,'MAIN-INTERFACE'!$D$8)))^7<Table_Provincial_GTAC35378[[#This Row],[Adj.AnnualRental]],(Table_Provincial_GTAC35378[[#This Row],[RtmAnnualRental]])*(1+(IF('MAIN-INTERFACE'!$D$2=\"No\",0,'MAIN-INTERFACE'!$D$4))^(COUNTIF(MATRIX2!M78:S78,0)))*(1+(IF('MAIN-INTERFACE'!$D$2=\"No\",0,'MAIN-INTERFACE'!$D$8)))^MATRIX2!I78,Table_Provincial_GTAC35378[[#This Row],[Adj.AnnualRental]])*(1+(IF('MAIN-INTERFACE'!$D$2=\"No\",Table_Provincial_GTAC35378[[#This Row],[TnTEscalation]],'MAIN-INTERFACE'!$G$2)))^(IF((COUNTIF(MATRIX2!M78:S78,\">0\")-1)<0,0,COUNTIF(MATRIX2!M78:S78,\">0\"))))))","v":21689310.848577891},{"$f":"SUM(Table_Provincial_GTAC35378[[#This Row],[FY 2018/19]:[FY 2023/24]])","v":108288439.97100142}]
[{"$f":"Table_Provincial_GTAC3536[[#This Row],[SystemID]]","v":87},{"$f":"VLOOKUP($A79,DATA2!$A$2:$S$607,2,FALSE)","v":"KZN"},{"$f":"VLOOKUP($A79,DATA2!$A$2:$S$607,3,FALSE)","v":"KwaZulu-Natal"},{"$f":"VLOOKUP($A79,DATA2!$A$2:$S$607,4,FALSE)","v":123.85411384217335},{"$f":"VLOOKUP($A79,DATA2!$A$2:$S$607,5,FALSE)","v":77.5},{"$f":"VLOOKUP($A79,DATA2!$A$2:$S$607,6,FALSE)","v":"VTSD"},{"$f":"VLOOKUP($A79,DATA2!$A$2:$S$607,7,FALSE)","v":3865},{"$f":"VLOOKUP($A79,DATA2!$A$2:$S$607,8,FALSE)","v":true},{"$f":"VLOOKUP($A79,DATA2!$A$2:$S$607,9,FALSE)","v":0.1},{"$f":"VLOOKUP($A79,DATA2!$A$2:$S$607,10,FALSE)","v":478696.15},{"$f":"VLOOKUP($A79,DATA2!$A$2:$S$607,11,FALSE)","v":5744353.7999999998},{"$f":"Table_Provincial_GTAC35378[[#This Row],[Benchmark]]*Table_Provincial_GTAC35378[[#This Row],[ExtentM2]]*12","v":3594450},{"$f":"VLOOKUP($A79,DATA2!$A$2:$S$607,12,FALSE)","v":"2017-02-01"},{"$f":"VLOOKUP($A79,DATA2!$A$2:$S$607,13,FALSE)","v":"2019-01-31"},{"$f":"VLOOKUP($A79,DATA2!$A$2:$S$607,14,FALSE)","v":"No"},{"$f":"IF(MATRIX2!D79=1,($Y$8-$X$2)/365*Table_Provincial_GTAC35378[[#This Row],[Adj.AnnualRental]]*MATRIX2!D79,($Y$8-$X$2)/365*Table_Provincial_GTAC35378[[#This Row],[Adj.AnnualRental]])","v":-20789839.369315065},{"$f":"IF('MAIN-INTERFACE'!$D$2=\"No\",(Table_Provincial_GTAC35378[[#This Row],[Adj.AnnualRental]])*(1+Table_Provincial_GTAC35378[[#This Row],[TnTEscalation]])^2,\n    (((MATRIX2!V79*Table_Provincial_GTAC35378[[#This Row],[Adj.AnnualRental]])*(1+Table_Provincial_GTAC35378[[#This Row],[TnTEscalation]])^2)+\n       (MATRIX2!N79* IF(IF('MAIN-INTERFACE'!$D$2=\"No\",Table_Provincial_GTAC35378[[#This Row],[Adj.AnnualRental]],(Table_Provincial_GTAC35378[[#This Row],[RtmAnnualRental]])*(1+\n                                 (IF('MAIN-INTERFACE'!$D$2=\"No\",0,'MAIN-INTERFACE'!$D$4))^(COUNTIF(MATRIX2!M79:N79,0))))*(1+\n                                 (IF('MAIN-INTERFACE'!$D$2=\"No\",0,'MAIN-INTERFACE'!$D$8)))^2<Table_Provincial_GTAC35378[[#This Row],[Adj.AnnualRental]],(Table_Provincial_GTAC35378[[#This Row],[RtmAnnualRental]])*(1+\n\n                                 (IF('MAIN-INTERFACE'!$D$2=\"No\",0,'MAIN-INTERFACE'!$D$4))^(COUNTIF(MATRIX2!M79:N79,0)))*(1+\n                                 (IF('MAIN-INTERFACE'!$D$2=\"No\",0,'MAIN-INTERFACE'!$D$8)))^MATRIX2!D79,Table_Provincial_GTAC35378[[#This Row],[Adj.AnnualRental]])*(1+\n\n                                (IF('MAIN-INTERFACE'!$D$2=\"No\",Table_Provincial_GTAC35378[[#This Row],[TnTEscalation]],'MAIN-INTERFACE'!$G$2)))^\n                                 (IF((COUNTIF(MATRIX2!M79:N79,\">0\")-1)<0,0,COUNTIF(MATRIX2!M79:N79,\">0\"))))))","v":6950668.0980000012},{"$f":"IF('MAIN-INTERFACE'!$D$2=\"No\",(Table_Provincial_GTAC35378[[#This Row],[Adj.AnnualRental]])*(1+Table_Provincial_GTAC35378[[#This Row],[TnTEscalation]])^3,(((MATRIX2!W79*Table_Provincial_GTAC35378[[#This Row],[Adj.AnnualRental]])*(1+Table_Provincial_GTAC35378[[#This Row],[TnTEscalation]])^3)+(MATRIX2!O79*IF(IF('MAIN-INTERFACE'!$D$2=\"No\",Table_Provincial_GTAC35378[[#This Row],[Adj.AnnualRental]],(Table_Provincial_GTAC35378[[#This Row],[RtmAnnualRental]])*(1+(IF('MAIN-INTERFACE'!$D$2=\"No\",0,'MAIN-INTERFACE'!$D$4))^(COUNTIF(MATRIX2!M79:O79,0))))*(1+(IF('MAIN-INTERFACE'!$D$2=\"No\",0,'MAIN-INTERFACE'!$D$8)))^3<Table_Provincial_GTAC35378[[#This Row],[Adj.AnnualRental]],(Table_Provincial_GTAC35378[[#This Row],[RtmAnnualRental]])*(1+(IF('MAIN-INTERFACE'!$D$2=\"No\",0,'MAIN-INTERFACE'!$D$4))^(COUNTIF(MATRIX2!M79:O79,0)))*(1+(IF('MAIN-INTERFACE'!$D$2=\"No\",0,'MAIN-INTERFACE'!$D$8)))^MATRIX2!E79,Table_Provincial_GTAC35378[[#This Row],[Adj.AnnualRental]])*(1+(IF('MAIN-INTERFACE'!$D$2=\"No\",Table_Provincial_GTAC35378[[#This Row],[TnTEscalation]],'MAIN-INTERFACE'!$G$2)))^(IF((COUNTIF(MATRIX2!M79:O79,\">0\")-1)<0,0,COUNTIF(MATRIX2!M79:O79,\">0\"))))))","v":5126998.4574567135},{"$f":"IF('MAIN-INTERFACE'!$D$2=\"No\",(Table_Provincial_GTAC35378[[#This Row],[Adj.AnnualRental]])*(1+Table_Provincial_GTAC35378[[#This Row],[TnTEscalation]])^4,((((MATRIX2!X79*Table_Provincial_GTAC35378[[#This Row],[Adj.AnnualRental]])*(1+Table_Provincial_GTAC35378[[#This Row],[TnTEscalation]])^4)+(MATRIX2!P79*IF(IF('MAIN-INTERFACE'!$D$2=\"No\",Table_Provincial_GTAC35378[[#This Row],[Adj.AnnualRental]],(Table_Provincial_GTAC35378[[#This Row],[RtmAnnualRental]])*(1+(IF('MAIN-INTERFACE'!$D$2=\"No\",0,'MAIN-INTERFACE'!$D$4))^(COUNTIF(MATRIX2!M79:P79,0))))*(1+(IF('MAIN-INTERFACE'!$D$2=\"No\",0,'MAIN-INTERFACE'!$D$8)))^4<Table_Provincial_GTAC35378[[#This Row],[Adj.AnnualRental]],(Table_Provincial_GTAC35378[[#This Row],[RtmAnnualRental]])*(1+(IF('MAIN-INTERFACE'!$D$2=\"No\",0,'MAIN-INTERFACE'!$D$4))^(COUNTIF(MATRIX2!M79:P79,0)))*(1+(IF('MAIN-INTERFACE'!$D$2=\"No\",0,'MAIN-INTERFACE'!$D$8)))^MATRIX2!F79,Table_Provincial_GTAC35378[[#This Row],[Adj.AnnualRental]])*(1+(IF('MAIN-INTERFACE'!$D$2=\"No\",Table_Provincial_GTAC35378[[#This Row],[TnTEscalation]],'MAIN-INTERFACE'!$G$2)))^(IF((COUNTIF(MATRIX2!M79:P79,\">0\")-1)<0,0,COUNTIF(MATRIX2!M79:P79,\">0\")))))))","v":4160482.4192999997},{"$f":"IF('MAIN-INTERFACE'!$D$2=\"No\",(Table_Provincial_GTAC35378[[#This Row],[Adj.AnnualRental]])*(1+Table_Provincial_GTAC35378[[#This Row],[TnTEscalation]])^5,(((MATRIX2!Y79*Table_Provincial_GTAC35378[[#This Row],[Adj.AnnualRental]])*(1+Table_Provincial_GTAC35378[[#This Row],[TnTEscalation]])^5)+(MATRIX2!Q79*IF(IF('MAIN-INTERFACE'!$D$2=\"No\",Table_Provincial_GTAC35378[[#This Row],[Adj.AnnualRental]],(Table_Provincial_GTAC35378[[#This Row],[RtmAnnualRental]])*(1+(IF('MAIN-INTERFACE'!$D$2=\"No\",0,'MAIN-INTERFACE'!$D$4))^(COUNTIF(MATRIX2!M79:Q79,0))))*(1+(IF('MAIN-INTERFACE'!$D$2=\"No\",0,'MAIN-INTERFACE'!$D$8)))^5<Table_Provincial_GTAC35378[[#This Row],[Adj.AnnualRental]],(Table_Provincial_GTAC35378[[#This Row],[RtmAnnualRental]])*(1+(IF('MAIN-INTERFACE'!$D$2=\"No\",0,'MAIN-INTERFACE'!$D$4))^(COUNTIF(MATRIX2!M79:Q79,0)))*(1+(IF('MAIN-INTERFACE'!$D$2=\"No\",0,'MAIN-INTERFACE'!$D$8)))^MATRIX2!G79,Table_Provincial_GTAC35378[[#This Row],[Adj.AnnualRental]])*(1+(IF('MAIN-INTERFACE'!$D$2=\"No\",Table_Provincial_GTAC35378[[#This Row],[TnTEscalation]],'MAIN-INTERFACE'!$G$2)))^(IF((COUNTIF(MATRIX2!M79:Q79,\">0\")-1)<0,0,COUNTIF(MATRIX2!M79:Q79,\">0\"))))))","v":4472518.6007474996},{"$f":"IF('MAIN-INTERFACE'!$D$2=\"No\",(Table_Provincial_GTAC35378[[#This Row],[Adj.AnnualRental]])*(1+Table_Provincial_GTAC35378[[#This Row],[TnTEscalation]])^6,(((MATRIX2!Z79*Table_Provincial_GTAC35378[[#This Row],[Adj.AnnualRental]])*(1+Table_Provincial_GTAC35378[[#This Row],[TnTEscalation]])^6)+(MATRIX2!R79*IF(IF('MAIN-INTERFACE'!$D$2=\"No\",Table_Provincial_GTAC35378[[#This Row],[Adj.AnnualRental]],(Table_Provincial_GTAC35378[[#This Row],[RtmAnnualRental]])*(1+(IF('MAIN-INTERFACE'!$D$2=\"No\",0,'MAIN-INTERFACE'!$D$4))^(COUNTIF(MATRIX2!M79:R79,0))))*(1+(IF('MAIN-INTERFACE'!$D$2=\"No\",0,'MAIN-INTERFACE'!$D$8)))^6<Table_Provincial_GTAC35378[[#This Row],[Adj.AnnualRental]],(Table_Provincial_GTAC35378[[#This Row],[RtmAnnualRental]])*(1+(IF('MAIN-INTERFACE'!$D$2=\"No\",0,'MAIN-INTERFACE'!$D$4))^(COUNTIF(MATRIX2!M79:R79,0)))*(1+(IF('MAIN-INTERFACE'!$D$2=\"No\",0,'MAIN-INTERFACE'!$D$8)))^MATRIX2!H79,Table_Provincial_GTAC35378[[#This Row],[Adj.AnnualRental]])*(1+(IF('MAIN-INTERFACE'!$D$2=\"No\",Table_Provincial_GTAC35378[[#This Row],[TnTEscalation]],'MAIN-INTERFACE'!$G$2)))^(IF((COUNTIF(MATRIX2!M79:R79,\">0\")-1)<0,0,COUNTIF(MATRIX2!M79:R79,\">0\"))))))","v":4807957.495803562},{"$f":"IF('MAIN-INTERFACE'!$D$2=\"No\",(Table_Provincial_GTAC35378[[#This Row],[Adj.AnnualRental]])*(1+Table_Provincial_GTAC35378[[#This Row],[TnTEscalation]])^7,(((MATRIX2!AA79*Table_Provincial_GTAC35378[[#This Row],[Adj.AnnualRental]])*(1+Table_Provincial_GTAC35378[[#This Row],[TnTEscalation]])^7)+(MATRIX2!S79*IF(IF('MAIN-INTERFACE'!$D$2=\"No\",Table_Provincial_GTAC35378[[#This Row],[Adj.AnnualRental]],(Table_Provincial_GTAC35378[[#This Row],[RtmAnnualRental]])*(1+(IF('MAIN-INTERFACE'!$D$2=\"No\",0,'MAIN-INTERFACE'!$D$4))^(COUNTIF(MATRIX2!M79:S79,0))))*(1+(IF('MAIN-INTERFACE'!$D$2=\"No\",0,'MAIN-INTERFACE'!$D$8)))^7<Table_Provincial_GTAC35378[[#This Row],[Adj.AnnualRental]],(Table_Provincial_GTAC35378[[#This Row],[RtmAnnualRental]])*(1+(IF('MAIN-INTERFACE'!$D$2=\"No\",0,'MAIN-INTERFACE'!$D$4))^(COUNTIF(MATRIX2!M79:S79,0)))*(1+(IF('MAIN-INTERFACE'!$D$2=\"No\",0,'MAIN-INTERFACE'!$D$8)))^MATRIX2!I79,Table_Provincial_GTAC35378[[#This Row],[Adj.AnnualRental]])*(1+(IF('MAIN-INTERFACE'!$D$2=\"No\",Table_Provincial_GTAC35378[[#This Row],[TnTEscalation]],'MAIN-INTERFACE'!$G$2)))^(IF((COUNTIF(MATRIX2!M79:S79,\">0\")-1)<0,0,COUNTIF(MATRIX2!M79:S79,\">0\"))))))","v":5168554.307988829},{"$f":"SUM(Table_Provincial_GTAC35378[[#This Row],[FY 2018/19]:[FY 2023/24]])","v":30687179.379296605}]
[{"$f":"Table_Provincial_GTAC3536[[#This Row],[SystemID]]","v":88},{"$f":"VLOOKUP($A80,DATA2!$A$2:$S$607,2,FALSE)","v":"KZN"},{"$f":"VLOOKUP($A80,DATA2!$A$2:$S$607,3,FALSE)","v":"KwaZulu-Natal"},{"$f":"VLOOKUP($A80,DATA2!$A$2:$S$607,4,FALSE)","v":39.155579439252335},{"$f":"VLOOKUP($A80,DATA2!$A$2:$S$607,5,FALSE)","v":110},{"$f":"VLOOKUP($A80,DATA2!$A$2:$S$607,6,FALSE)","v":"CBD"},{"$f":"VLOOKUP($A80,DATA2!$A$2:$S$607,7,FALSE)","v":3210},{"$f":"VLOOKUP($A80,DATA2!$A$2:$S$607,8,FALSE)","v":true},{"$f":"VLOOKUP($A80,DATA2!$A$2:$S$607,9,FALSE)","v":7.0000000000000007E-2},{"$f":"VLOOKUP($A80,DATA2!$A$2:$S$607,10,FALSE)","v":125689.41},{"$f":"VLOOKUP($A80,DATA2!$A$2:$S$607,11,FALSE)","v":1508272.92},{"$f":"Table_Provincial_GTAC35378[[#This Row],[Benchmark]]*Table_Provincial_GTAC35378[[#This Row],[ExtentM2]]*12","v":4237200},{"$f":"VLOOKUP($A80,DATA2!$A$2:$S$607,12,FALSE)","v":"2014-08-01"},{"$f":"VLOOKUP($A80,DATA2!$A$2:$S$607,13,FALSE)","v":"2019-07-31"},{"$f":"VLOOKUP($A80,DATA2!$A$2:$S$607,14,FALSE)","v":"No"},{"$f":"IF(MATRIX2!D80=1,($Y$8-$X$2)/365*Table_Provincial_GTAC35378[[#This Row],[Adj.AnnualRental]]*MATRIX2!D80,($Y$8-$X$2)/365*Table_Provincial_GTAC35378[[#This Row],[Adj.AnnualRental]])","v":-5458708.2940273965},{"$f":"IF('MAIN-INTERFACE'!$D$2=\"No\",(Table_Provincial_GTAC35378[[#This Row],[Adj.AnnualRental]])*(1+Table_Provincial_GTAC35378[[#This Row],[TnTEscalation]])^2,\n    (((MATRIX2!V80*Table_Provincial_GTAC35378[[#This Row],[Adj.AnnualRental]])*(1+Table_Provincial_GTAC35378[[#This Row],[TnTEscalation]])^2)+\n       (MATRIX2!N80* IF(IF('MAIN-INTERFACE'!$D$2=\"No\",Table_Provincial_GTAC35378[[#This Row],[Adj.AnnualRental]],(Table_Provincial_GTAC35378[[#This Row],[RtmAnnualRental]])*(1+\n                                 (IF('MAIN-INTERFACE'!$D$2=\"No\",0,'MAIN-INTERFACE'!$D$4))^(COUNTIF(MATRIX2!M80:N80,0))))*(1+\n                                 (IF('MAIN-INTERFACE'!$D$2=\"No\",0,'MAIN-INTERFACE'!$D$8)))^2<Table_Provincial_GTAC35378[[#This Row],[Adj.AnnualRental]],(Table_Provincial_GTAC35378[[#This Row],[RtmAnnualRental]])*(1+\n\n                                 (IF('MAIN-INTERFACE'!$D$2=\"No\",0,'MAIN-INTERFACE'!$D$4))^(COUNTIF(MATRIX2!M80:N80,0)))*(1+\n                                 (IF('MAIN-INTERFACE'!$D$2=\"No\",0,'MAIN-INTERFACE'!$D$8)))^MATRIX2!D80,Table_Provincial_GTAC35378[[#This Row],[Adj.AnnualRental]])*(1+\n\n                                (IF('MAIN-INTERFACE'!$D$2=\"No\",Table_Provincial_GTAC35378[[#This Row],[TnTEscalation]],'MAIN-INTERFACE'!$G$2)))^\n                                 (IF((COUNTIF(MATRIX2!M80:N80,\">0\")-1)<0,0,COUNTIF(MATRIX2!M80:N80,\">0\"))))))","v":1726821.6661079999},{"$f":"IF('MAIN-INTERFACE'!$D$2=\"No\",(Table_Provincial_GTAC35378[[#This Row],[Adj.AnnualRental]])*(1+Table_Provincial_GTAC35378[[#This Row],[TnTEscalation]])^3,(((MATRIX2!W80*Table_Provincial_GTAC35378[[#This Row],[Adj.AnnualRental]])*(1+Table_Provincial_GTAC35378[[#This Row],[TnTEscalation]])^3)+(MATRIX2!O80*IF(IF('MAIN-INTERFACE'!$D$2=\"No\",Table_Provincial_GTAC35378[[#This Row],[Adj.AnnualRental]],(Table_Provincial_GTAC35378[[#This Row],[RtmAnnualRental]])*(1+(IF('MAIN-INTERFACE'!$D$2=\"No\",0,'MAIN-INTERFACE'!$D$4))^(COUNTIF(MATRIX2!M80:O80,0))))*(1+(IF('MAIN-INTERFACE'!$D$2=\"No\",0,'MAIN-INTERFACE'!$D$8)))^3<Table_Provincial_GTAC35378[[#This Row],[Adj.AnnualRental]],(Table_Provincial_GTAC35378[[#This Row],[RtmAnnualRental]])*(1+(IF('MAIN-INTERFACE'!$D$2=\"No\",0,'MAIN-INTERFACE'!$D$4))^(COUNTIF(MATRIX2!M80:O80,0)))*(1+(IF('MAIN-INTERFACE'!$D$2=\"No\",0,'MAIN-INTERFACE'!$D$8)))^MATRIX2!E80,Table_Provincial_GTAC35378[[#This Row],[Adj.AnnualRental]])*(1+(IF('MAIN-INTERFACE'!$D$2=\"No\",Table_Provincial_GTAC35378[[#This Row],[TnTEscalation]],'MAIN-INTERFACE'!$G$2)))^(IF((COUNTIF(MATRIX2!M80:O80,\">0\")-1)<0,0,COUNTIF(MATRIX2!M80:O80,\">0\"))))))","v":1808948.1906575533},{"$f":"IF('MAIN-INTERFACE'!$D$2=\"No\",(Table_Provincial_GTAC35378[[#This Row],[Adj.AnnualRental]])*(1+Table_Provincial_GTAC35378[[#This Row],[TnTEscalation]])^4,((((MATRIX2!X80*Table_Provincial_GTAC35378[[#This Row],[Adj.AnnualRental]])*(1+Table_Provincial_GTAC35378[[#This Row],[TnTEscalation]])^4)+(MATRIX2!P80*IF(IF('MAIN-INTERFACE'!$D$2=\"No\",Table_Provincial_GTAC35378[[#This Row],[Adj.AnnualRental]],(Table_Provincial_GTAC35378[[#This Row],[RtmAnnualRental]])*(1+(IF('MAIN-INTERFACE'!$D$2=\"No\",0,'MAIN-INTERFACE'!$D$4))^(COUNTIF(MATRIX2!M80:P80,0))))*(1+(IF('MAIN-INTERFACE'!$D$2=\"No\",0,'MAIN-INTERFACE'!$D$8)))^4<Table_Provincial_GTAC35378[[#This Row],[Adj.AnnualRental]],(Table_Provincial_GTAC35378[[#This Row],[RtmAnnualRental]])*(1+(IF('MAIN-INTERFACE'!$D$2=\"No\",0,'MAIN-INTERFACE'!$D$4))^(COUNTIF(MATRIX2!M80:P80,0)))*(1+(IF('MAIN-INTERFACE'!$D$2=\"No\",0,'MAIN-INTERFACE'!$D$8)))^MATRIX2!F80,Table_Provincial_GTAC35378[[#This Row],[Adj.AnnualRental]])*(1+(IF('MAIN-INTERFACE'!$D$2=\"No\",Table_Provincial_GTAC35378[[#This Row],[TnTEscalation]],'MAIN-INTERFACE'!$G$2)))^(IF((COUNTIF(MATRIX2!M80:P80,\">0\")-1)<0,0,COUNTIF(MATRIX2!M80:P80,\">0\")))))))","v":1742997.8931749999},{"$f":"IF('MAIN-INTERFACE'!$D$2=\"No\",(Table_Provincial_GTAC35378[[#This Row],[Adj.AnnualRental]])*(1+Table_Provincial_GTAC35378[[#This Row],[TnTEscalation]])^5,(((MATRIX2!Y80*Table_Provincial_GTAC35378[[#This Row],[Adj.AnnualRental]])*(1+Table_Provincial_GTAC35378[[#This Row],[TnTEscalation]])^5)+(MATRIX2!Q80*IF(IF('MAIN-INTERFACE'!$D$2=\"No\",Table_Provincial_GTAC35378[[#This Row],[Adj.AnnualRental]],(Table_Provincial_GTAC35378[[#This Row],[RtmAnnualRental]])*(1+(IF('MAIN-INTERFACE'!$D$2=\"No\",0,'MAIN-INTERFACE'!$D$4))^(COUNTIF(MATRIX2!M80:Q80,0))))*(1+(IF('MAIN-INTERFACE'!$D$2=\"No\",0,'MAIN-INTERFACE'!$D$8)))^5<Table_Provincial_GTAC35378[[#This Row],[Adj.AnnualRental]],(Table_Provincial_GTAC35378[[#This Row],[RtmAnnualRental]])*(1+(IF('MAIN-INTERFACE'!$D$2=\"No\",0,'MAIN-INTERFACE'!$D$4))^(COUNTIF(MATRIX2!M80:Q80,0)))*(1+(IF('MAIN-INTERFACE'!$D$2=\"No\",0,'MAIN-INTERFACE'!$D$8)))^MATRIX2!G80,Table_Provincial_GTAC35378[[#This Row],[Adj.AnnualRental]])*(1+(IF('MAIN-INTERFACE'!$D$2=\"No\",Table_Provincial_GTAC35378[[#This Row],[TnTEscalation]],'MAIN-INTERFACE'!$G$2)))^(IF((COUNTIF(MATRIX2!M80:Q80,\">0\")-1)<0,0,COUNTIF(MATRIX2!M80:Q80,\">0\"))))))","v":1873722.7351631247},{"$f":"IF('MAIN-INTERFACE'!$D$2=\"No\",(Table_Provincial_GTAC35378[[#This Row],[Adj.AnnualRental]])*(1+Table_Provincial_GTAC35378[[#This Row],[TnTEscalation]])^6,(((MATRIX2!Z80*Table_Provincial_GTAC35378[[#This Row],[Adj.AnnualRental]])*(1+Table_Provincial_GTAC35378[[#This Row],[TnTEscalation]])^6)+(MATRIX2!R80*IF(IF('MAIN-INTERFACE'!$D$2=\"No\",Table_Provincial_GTAC35378[[#This Row],[Adj.AnnualRental]],(Table_Provincial_GTAC35378[[#This Row],[RtmAnnualRental]])*(1+(IF('MAIN-INTERFACE'!$D$2=\"No\",0,'MAIN-INTERFACE'!$D$4))^(COUNTIF(MATRIX2!M80:R80,0))))*(1+(IF('MAIN-INTERFACE'!$D$2=\"No\",0,'MAIN-INTERFACE'!$D$8)))^6<Table_Provincial_GTAC35378[[#This Row],[Adj.AnnualRental]],(Table_Provincial_GTAC35378[[#This Row],[RtmAnnualRental]])*(1+(IF('MAIN-INTERFACE'!$D$2=\"No\",0,'MAIN-INTERFACE'!$D$4))^(COUNTIF(MATRIX2!M80:R80,0)))*(1+(IF('MAIN-INTERFACE'!$D$2=\"No\",0,'MAIN-INTERFACE'!$D$8)))^MATRIX2!H80,Table_Provincial_GTAC35378[[#This Row],[Adj.AnnualRental]])*(1+(IF('MAIN-INTERFACE'!$D$2=\"No\",Table_Provincial_GTAC35378[[#This Row],[TnTEscalation]],'MAIN-INTERFACE'!$G$2)))^(IF((COUNTIF(MATRIX2!M80:R80,\">0\")-1)<0,0,COUNTIF(MATRIX2!M80:R80,\">0\"))))))","v":2014251.9403003592},{"$f":"IF('MAIN-INTERFACE'!$D$2=\"No\",(Table_Provincial_GTAC35378[[#This Row],[Adj.AnnualRental]])*(1+Table_Provincial_GTAC35378[[#This Row],[TnTEscalation]])^7,(((MATRIX2!AA80*Table_Provincial_GTAC35378[[#This Row],[Adj.AnnualRental]])*(1+Table_Provincial_GTAC35378[[#This Row],[TnTEscalation]])^7)+(MATRIX2!S80*IF(IF('MAIN-INTERFACE'!$D$2=\"No\",Table_Provincial_GTAC35378[[#This Row],[Adj.AnnualRental]],(Table_Provincial_GTAC35378[[#This Row],[RtmAnnualRental]])*(1+(IF('MAIN-INTERFACE'!$D$2=\"No\",0,'MAIN-INTERFACE'!$D$4))^(COUNTIF(MATRIX2!M80:S80,0))))*(1+(IF('MAIN-INTERFACE'!$D$2=\"No\",0,'MAIN-INTERFACE'!$D$8)))^7<Table_Provincial_GTAC35378[[#This Row],[Adj.AnnualRental]],(Table_Provincial_GTAC35378[[#This Row],[RtmAnnualRental]])*(1+(IF('MAIN-INTERFACE'!$D$2=\"No\",0,'MAIN-INTERFACE'!$D$4))^(COUNTIF(MATRIX2!M80:S80,0)))*(1+(IF('MAIN-INTERFACE'!$D$2=\"No\",0,'MAIN-INTERFACE'!$D$8)))^MATRIX2!I80,Table_Provincial_GTAC35378[[#This Row],[Adj.AnnualRental]])*(1+(IF('MAIN-INTERFACE'!$D$2=\"No\",Table_Provincial_GTAC35378[[#This Row],[TnTEscalation]],'MAIN-INTERFACE'!$G$2)))^(IF((COUNTIF(MATRIX2!M80:S80,\">0\")-1)<0,0,COUNTIF(MATRIX2!M80:S80,\">0\"))))))","v":2165320.8358228859},{"$f":"SUM(Table_Provincial_GTAC35378[[#This Row],[FY 2018/19]:[FY 2023/24]])","v":11332063.261226922}]
[{"$f":"Table_Provincial_GTAC3536[[#This Row],[SystemID]]","v":89},{"$f":"VLOOKUP($A81,DATA2!$A$2:$S$607,2,FALSE)","v":"KZN"},{"$f":"VLOOKUP($A81,DATA2!$A$2:$S$607,3,FALSE)","v":"KwaZulu-Natal"},{"$f":"VLOOKUP($A81,DATA2!$A$2:$S$607,4,FALSE)","v":135.07710242587601},{"$f":"VLOOKUP($A81,DATA2!$A$2:$S$607,5,FALSE)","v":110},{"$f":"VLOOKUP($A81,DATA2!$A$2:$S$607,6,FALSE)","v":"CBD"},{"$f":"VLOOKUP($A81,DATA2!$A$2:$S$607,7,FALSE)","v":2226},{"$f":"VLOOKUP($A81,DATA2!$A$2:$S$607,8,FALSE)","v":true},{"$f":"VLOOKUP($A81,DATA2!$A$2:$S$607,9,FALSE)","v":7.0000000000000007E-2},{"$f":"VLOOKUP($A81,DATA2!$A$2:$S$607,10,FALSE)","v":300681.63},{"$f":"VLOOKUP($A81,DATA2!$A$2:$S$607,11,FALSE)","v":3608179.56},{"$f":"Table_Provincial_GTAC35378[[#This Row],[Benchmark]]*Table_Provincial_GTAC35378[[#This Row],[ExtentM2]]*12","v":2938320},{"$f":"VLOOKUP($A81,DATA2!$A$2:$S$607,12,FALSE)","v":"2014-01-01"},{"$f":"VLOOKUP($A81,DATA2!$A$2:$S$607,13,FALSE)","v":"2018-12-31"},{"$f":"VLOOKUP($A81,DATA2!$A$2:$S$607,14,FALSE)","v":"No"},{"$f":"IF(MATRIX2!D81=1,($Y$8-$X$2)/365*Table_Provincial_GTAC35378[[#This Row],[Adj.AnnualRental]]*MATRIX2!D81,($Y$8-$X$2)/365*Table_Provincial_GTAC35378[[#This Row],[Adj.AnnualRental]])","v":-13058644.380164383},{"$f":"IF('MAIN-INTERFACE'!$D$2=\"No\",(Table_Provincial_GTAC35378[[#This Row],[Adj.AnnualRental]])*(1+Table_Provincial_GTAC35378[[#This Row],[TnTEscalation]])^2,\n    (((MATRIX2!V81*Table_Provincial_GTAC35378[[#This Row],[Adj.AnnualRental]])*(1+Table_Provincial_GTAC35378[[#This Row],[TnTEscalation]])^2)+\n       (MATRIX2!N81* IF(IF('MAIN-INTERFACE'!$D$2=\"No\",Table_Provincial_GTAC35378[[#This Row],[Adj.AnnualRental]],(Table_Provincial_GTAC35378[[#This Row],[RtmAnnualRental]])*(1+\n                                 (IF('MAIN-INTERFACE'!$D$2=\"No\",0,'MAIN-INTERFACE'!$D$4))^(COUNTIF(MATRIX2!M81:N81,0))))*(1+\n                                 (IF('MAIN-INTERFACE'!$D$2=\"No\",0,'MAIN-INTERFACE'!$D$8)))^2<Table_Provincial_GTAC35378[[#This Row],[Adj.AnnualRental]],(Table_Provincial_GTAC35378[[#This Row],[RtmAnnualRental]])*(1+\n\n                                 (IF('MAIN-INTERFACE'!$D$2=\"No\",0,'MAIN-INTERFACE'!$D$4))^(COUNTIF(MATRIX2!M81:N81,0)))*(1+\n                                 (IF('MAIN-INTERFACE'!$D$2=\"No\",0,'MAIN-INTERFACE'!$D$8)))^MATRIX2!D81,Table_Provincial_GTAC35378[[#This Row],[Adj.AnnualRental]])*(1+\n\n                                (IF('MAIN-INTERFACE'!$D$2=\"No\",Table_Provincial_GTAC35378[[#This Row],[TnTEscalation]],'MAIN-INTERFACE'!$G$2)))^\n                                 (IF((COUNTIF(MATRIX2!M81:N81,\">0\")-1)<0,0,COUNTIF(MATRIX2!M81:N81,\">0\"))))))","v":4131004.7782440004},{"$f":"IF('MAIN-INTERFACE'!$D$2=\"No\",(Table_Provincial_GTAC35378[[#This Row],[Adj.AnnualRental]])*(1+Table_Provincial_GTAC35378[[#This Row],[TnTEscalation]])^3,(((MATRIX2!W81*Table_Provincial_GTAC35378[[#This Row],[Adj.AnnualRental]])*(1+Table_Provincial_GTAC35378[[#This Row],[TnTEscalation]])^3)+(MATRIX2!O81*IF(IF('MAIN-INTERFACE'!$D$2=\"No\",Table_Provincial_GTAC35378[[#This Row],[Adj.AnnualRental]],(Table_Provincial_GTAC35378[[#This Row],[RtmAnnualRental]])*(1+(IF('MAIN-INTERFACE'!$D$2=\"No\",0,'MAIN-INTERFACE'!$D$4))^(COUNTIF(MATRIX2!M81:O81,0))))*(1+(IF('MAIN-INTERFACE'!$D$2=\"No\",0,'MAIN-INTERFACE'!$D$8)))^3<Table_Provincial_GTAC35378[[#This Row],[Adj.AnnualRental]],(Table_Provincial_GTAC35378[[#This Row],[RtmAnnualRental]])*(1+(IF('MAIN-INTERFACE'!$D$2=\"No\",0,'MAIN-INTERFACE'!$D$4))^(COUNTIF(MATRIX2!M81:O81,0)))*(1+(IF('MAIN-INTERFACE'!$D$2=\"No\",0,'MAIN-INTERFACE'!$D$8)))^MATRIX2!E81,Table_Provincial_GTAC35378[[#This Row],[Adj.AnnualRental]])*(1+(IF('MAIN-INTERFACE'!$D$2=\"No\",Table_Provincial_GTAC35378[[#This Row],[TnTEscalation]],'MAIN-INTERFACE'!$G$2)))^(IF((COUNTIF(MATRIX2!M81:O81,\">0\")-1)<0,0,COUNTIF(MATRIX2!M81:O81,\">0\"))))))","v":3475273.0112494733},{"$f":"IF('MAIN-INTERFACE'!$D$2=\"No\",(Table_Provincial_GTAC35378[[#This Row],[Adj.AnnualRental]])*(1+Table_Provincial_GTAC35378[[#This Row],[TnTEscalation]])^4,((((MATRIX2!X81*Table_Provincial_GTAC35378[[#This Row],[Adj.AnnualRental]])*(1+Table_Provincial_GTAC35378[[#This Row],[TnTEscalation]])^4)+(MATRIX2!P81*IF(IF('MAIN-INTERFACE'!$D$2=\"No\",Table_Provincial_GTAC35378[[#This Row],[Adj.AnnualRental]],(Table_Provincial_GTAC35378[[#This Row],[RtmAnnualRental]])*(1+(IF('MAIN-INTERFACE'!$D$2=\"No\",0,'MAIN-INTERFACE'!$D$4))^(COUNTIF(MATRIX2!M81:P81,0))))*(1+(IF('MAIN-INTERFACE'!$D$2=\"No\",0,'MAIN-INTERFACE'!$D$8)))^4<Table_Provincial_GTAC35378[[#This Row],[Adj.AnnualRental]],(Table_Provincial_GTAC35378[[#This Row],[RtmAnnualRental]])*(1+(IF('MAIN-INTERFACE'!$D$2=\"No\",0,'MAIN-INTERFACE'!$D$4))^(COUNTIF(MATRIX2!M81:P81,0)))*(1+(IF('MAIN-INTERFACE'!$D$2=\"No\",0,'MAIN-INTERFACE'!$D$8)))^MATRIX2!F81,Table_Provincial_GTAC35378[[#This Row],[Adj.AnnualRental]])*(1+(IF('MAIN-INTERFACE'!$D$2=\"No\",Table_Provincial_GTAC35378[[#This Row],[TnTEscalation]],'MAIN-INTERFACE'!$G$2)))^(IF((COUNTIF(MATRIX2!M81:P81,\">0\")-1)<0,0,COUNTIF(MATRIX2!M81:P81,\">0\")))))))","v":3401029.0036799996},{"$f":"IF('MAIN-INTERFACE'!$D$2=\"No\",(Table_Provincial_GTAC35378[[#This Row],[Adj.AnnualRental]])*(1+Table_Provincial_GTAC35378[[#This Row],[TnTEscalation]])^5,(((MATRIX2!Y81*Table_Provincial_GTAC35378[[#This Row],[Adj.AnnualRental]])*(1+Table_Provincial_GTAC35378[[#This Row],[TnTEscalation]])^5)+(MATRIX2!Q81*IF(IF('MAIN-INTERFACE'!$D$2=\"No\",Table_Provincial_GTAC35378[[#This Row],[Adj.AnnualRental]],(Table_Provincial_GTAC35378[[#This Row],[RtmAnnualRental]])*(1+(IF('MAIN-INTERFACE'!$D$2=\"No\",0,'MAIN-INTERFACE'!$D$4))^(COUNTIF(MATRIX2!M81:Q81,0))))*(1+(IF('MAIN-INTERFACE'!$D$2=\"No\",0,'MAIN-INTERFACE'!$D$8)))^5<Table_Provincial_GTAC35378[[#This Row],[Adj.AnnualRental]],(Table_Provincial_GTAC35378[[#This Row],[RtmAnnualRental]])*(1+(IF('MAIN-INTERFACE'!$D$2=\"No\",0,'MAIN-INTERFACE'!$D$4))^(COUNTIF(MATRIX2!M81:Q81,0)))*(1+(IF('MAIN-INTERFACE'!$D$2=\"No\",0,'MAIN-INTERFACE'!$D$8)))^MATRIX2!G81,Table_Provincial_GTAC35378[[#This Row],[Adj.AnnualRental]])*(1+(IF('MAIN-INTERFACE'!$D$2=\"No\",Table_Provincial_GTAC35378[[#This Row],[TnTEscalation]],'MAIN-INTERFACE'!$G$2)))^(IF((COUNTIF(MATRIX2!M81:Q81,\">0\")-1)<0,0,COUNTIF(MATRIX2!M81:Q81,\">0\"))))))","v":3656106.1789559997},{"$f":"IF('MAIN-INTERFACE'!$D$2=\"No\",(Table_Provincial_GTAC35378[[#This Row],[Adj.AnnualRental]])*(1+Table_Provincial_GTAC35378[[#This Row],[TnTEscalation]])^6,(((MATRIX2!Z81*Table_Provincial_GTAC35378[[#This Row],[Adj.AnnualRental]])*(1+Table_Provincial_GTAC35378[[#This Row],[TnTEscalation]])^6)+(MATRIX2!R81*IF(IF('MAIN-INTERFACE'!$D$2=\"No\",Table_Provincial_GTAC35378[[#This Row],[Adj.AnnualRental]],(Table_Provincial_GTAC35378[[#This Row],[RtmAnnualRental]])*(1+(IF('MAIN-INTERFACE'!$D$2=\"No\",0,'MAIN-INTERFACE'!$D$4))^(COUNTIF(MATRIX2!M81:R81,0))))*(1+(IF('MAIN-INTERFACE'!$D$2=\"No\",0,'MAIN-INTERFACE'!$D$8)))^6<Table_Provincial_GTAC35378[[#This Row],[Adj.AnnualRental]],(Table_Provincial_GTAC35378[[#This Row],[RtmAnnualRental]])*(1+(IF('MAIN-INTERFACE'!$D$2=\"No\",0,'MAIN-INTERFACE'!$D$4))^(COUNTIF(MATRIX2!M81:R81,0)))*(1+(IF('MAIN-INTERFACE'!$D$2=\"No\",0,'MAIN-INTERFACE'!$D$8)))^MATRIX2!H81,Table_Provincial_GTAC35378[[#This Row],[Adj.AnnualRental]])*(1+(IF('MAIN-INTERFACE'!$D$2=\"No\",Table_Provincial_GTAC35378[[#This Row],[TnTEscalation]],'MAIN-INTERFACE'!$G$2)))^(IF((COUNTIF(MATRIX2!M81:R81,\">0\")-1)<0,0,COUNTIF(MATRIX2!M81:R81,\">0\"))))))","v":3930314.1423776997},{"$f":"IF('MAIN-INTERFACE'!$D$2=\"No\",(Table_Provincial_GTAC35378[[#This Row],[Adj.AnnualRental]])*(1+Table_Provincial_GTAC35378[[#This Row],[TnTEscalation]])^7,(((MATRIX2!AA81*Table_Provincial_GTAC35378[[#This Row],[Adj.AnnualRental]])*(1+Table_Provincial_GTAC35378[[#This Row],[TnTEscalation]])^7)+(MATRIX2!S81*IF(IF('MAIN-INTERFACE'!$D$2=\"No\",Table_Provincial_GTAC35378[[#This Row],[Adj.AnnualRental]],(Table_Provincial_GTAC35378[[#This Row],[RtmAnnualRental]])*(1+(IF('MAIN-INTERFACE'!$D$2=\"No\",0,'MAIN-INTERFACE'!$D$4))^(COUNTIF(MATRIX2!M81:S81,0))))*(1+(IF('MAIN-INTERFACE'!$D$2=\"No\",0,'MAIN-INTERFACE'!$D$8)))^7<Table_Provincial_GTAC35378[[#This Row],[Adj.AnnualRental]],(Table_Provincial_GTAC35378[[#This Row],[RtmAnnualRental]])*(1+(IF('MAIN-INTERFACE'!$D$2=\"No\",0,'MAIN-INTERFACE'!$D$4))^(COUNTIF(MATRIX2!M81:S81,0)))*(1+(IF('MAIN-INTERFACE'!$D$2=\"No\",0,'MAIN-INTERFACE'!$D$8)))^MATRIX2!I81,Table_Provincial_GTAC35378[[#This Row],[Adj.AnnualRental]])*(1+(IF('MAIN-INTERFACE'!$D$2=\"No\",Table_Provincial_GTAC35378[[#This Row],[TnTEscalation]],'MAIN-INTERFACE'!$G$2)))^(IF((COUNTIF(MATRIX2!M81:S81,\">0\")-1)<0,0,COUNTIF(MATRIX2!M81:S81,\">0\"))))))","v":4225087.7030560272},{"$f":"SUM(Table_Provincial_GTAC35378[[#This Row],[FY 2018/19]:[FY 2023/24]])","v":22818814.817563199}]
[{"$f":"Table_Provincial_GTAC3536[[#This Row],[SystemID]]","v":90},{"$f":"VLOOKUP($A82,DATA2!$A$2:$S$607,2,FALSE)","v":"KZN"},{"$f":"VLOOKUP($A82,DATA2!$A$2:$S$607,3,FALSE)","v":"KwaZulu-Natal"},{"$f":"VLOOKUP($A82,DATA2!$A$2:$S$607,4,FALSE)","v":124.10728794422005},{"$f":"VLOOKUP($A82,DATA2!$A$2:$S$607,5,FALSE)","v":110},{"$f":"VLOOKUP($A82,DATA2!$A$2:$S$607,6,FALSE)","v":"CBD"},{"$f":"VLOOKUP($A82,DATA2!$A$2:$S$607,7,FALSE)","v":859.09},{"$f":"VLOOKUP($A82,DATA2!$A$2:$S$607,8,FALSE)","v":true},{"$f":"VLOOKUP($A82,DATA2!$A$2:$S$607,9,FALSE)","v":7.0000000000000007E-2},{"$f":"VLOOKUP($A82,DATA2!$A$2:$S$607,10,FALSE)","v":106619.33},{"$f":"VLOOKUP($A82,DATA2!$A$2:$S$607,11,FALSE)","v":1279431.96},{"$f":"Table_Provincial_GTAC35378[[#This Row],[Benchmark]]*Table_Provincial_GTAC35378[[#This Row],[ExtentM2]]*12","v":1133998.8},{"$f":"VLOOKUP($A82,DATA2!$A$2:$S$607,12,FALSE)","v":"2014-07-01"},{"$f":"VLOOKUP($A82,DATA2!$A$2:$S$607,13,FALSE)","v":"2019-06-30"},{"$f":"VLOOKUP($A82,DATA2!$A$2:$S$607,14,FALSE)","v":"No"},{"$f":"IF(MATRIX2!D82=1,($Y$8-$X$2)/365*Table_Provincial_GTAC35378[[#This Row],[Adj.AnnualRental]]*MATRIX2!D82,($Y$8-$X$2)/365*Table_Provincial_GTAC35378[[#This Row],[Adj.AnnualRental]])","v":-4630492.1072876714},{"$f":"IF('MAIN-INTERFACE'!$D$2=\"No\",(Table_Provincial_GTAC35378[[#This Row],[Adj.AnnualRental]])*(1+Table_Provincial_GTAC35378[[#This Row],[TnTEscalation]])^2,\n    (((MATRIX2!V82*Table_Provincial_GTAC35378[[#This Row],[Adj.AnnualRental]])*(1+Table_Provincial_GTAC35378[[#This Row],[TnTEscalation]])^2)+\n       (MATRIX2!N82* IF(IF('MAIN-INTERFACE'!$D$2=\"No\",Table_Provincial_GTAC35378[[#This Row],[Adj.AnnualRental]],(Table_Provincial_GTAC35378[[#This Row],[RtmAnnualRental]])*(1+\n                                 (IF('MAIN-INTERFACE'!$D$2=\"No\",0,'MAIN-INTERFACE'!$D$4))^(COUNTIF(MATRIX2!M82:N82,0))))*(1+\n                                 (IF('MAIN-INTERFACE'!$D$2=\"No\",0,'MAIN-INTERFACE'!$D$8)))^2<Table_Provincial_GTAC35378[[#This Row],[Adj.AnnualRental]],(Table_Provincial_GTAC35378[[#This Row],[RtmAnnualRental]])*(1+\n\n                                 (IF('MAIN-INTERFACE'!$D$2=\"No\",0,'MAIN-INTERFACE'!$D$4))^(COUNTIF(MATRIX2!M82:N82,0)))*(1+\n                                 (IF('MAIN-INTERFACE'!$D$2=\"No\",0,'MAIN-INTERFACE'!$D$8)))^MATRIX2!D82,Table_Provincial_GTAC35378[[#This Row],[Adj.AnnualRental]])*(1+\n\n                                (IF('MAIN-INTERFACE'!$D$2=\"No\",Table_Provincial_GTAC35378[[#This Row],[TnTEscalation]],'MAIN-INTERFACE'!$G$2)))^\n                                 (IF((COUNTIF(MATRIX2!M82:N82,\">0\")-1)<0,0,COUNTIF(MATRIX2!M82:N82,\">0\"))))))","v":1464821.6510040001},{"$f":"IF('MAIN-INTERFACE'!$D$2=\"No\",(Table_Provincial_GTAC35378[[#This Row],[Adj.AnnualRental]])*(1+Table_Provincial_GTAC35378[[#This Row],[TnTEscalation]])^3,(((MATRIX2!W82*Table_Provincial_GTAC35378[[#This Row],[Adj.AnnualRental]])*(1+Table_Provincial_GTAC35378[[#This Row],[TnTEscalation]])^3)+(MATRIX2!O82*IF(IF('MAIN-INTERFACE'!$D$2=\"No\",Table_Provincial_GTAC35378[[#This Row],[Adj.AnnualRental]],(Table_Provincial_GTAC35378[[#This Row],[RtmAnnualRental]])*(1+(IF('MAIN-INTERFACE'!$D$2=\"No\",0,'MAIN-INTERFACE'!$D$4))^(COUNTIF(MATRIX2!M82:O82,0))))*(1+(IF('MAIN-INTERFACE'!$D$2=\"No\",0,'MAIN-INTERFACE'!$D$8)))^3<Table_Provincial_GTAC35378[[#This Row],[Adj.AnnualRental]],(Table_Provincial_GTAC35378[[#This Row],[RtmAnnualRental]])*(1+(IF('MAIN-INTERFACE'!$D$2=\"No\",0,'MAIN-INTERFACE'!$D$4))^(COUNTIF(MATRIX2!M82:O82,0)))*(1+(IF('MAIN-INTERFACE'!$D$2=\"No\",0,'MAIN-INTERFACE'!$D$8)))^MATRIX2!E82,Table_Provincial_GTAC35378[[#This Row],[Adj.AnnualRental]])*(1+(IF('MAIN-INTERFACE'!$D$2=\"No\",Table_Provincial_GTAC35378[[#This Row],[TnTEscalation]],'MAIN-INTERFACE'!$G$2)))^(IF((COUNTIF(MATRIX2!M82:O82,\">0\")-1)<0,0,COUNTIF(MATRIX2!M82:O82,\">0\"))))))","v":1478634.0761559808},{"$f":"IF('MAIN-INTERFACE'!$D$2=\"No\",(Table_Provincial_GTAC35378[[#This Row],[Adj.AnnualRental]])*(1+Table_Provincial_GTAC35378[[#This Row],[TnTEscalation]])^4,((((MATRIX2!X82*Table_Provincial_GTAC35378[[#This Row],[Adj.AnnualRental]])*(1+Table_Provincial_GTAC35378[[#This Row],[TnTEscalation]])^4)+(MATRIX2!P82*IF(IF('MAIN-INTERFACE'!$D$2=\"No\",Table_Provincial_GTAC35378[[#This Row],[Adj.AnnualRental]],(Table_Provincial_GTAC35378[[#This Row],[RtmAnnualRental]])*(1+(IF('MAIN-INTERFACE'!$D$2=\"No\",0,'MAIN-INTERFACE'!$D$4))^(COUNTIF(MATRIX2!M82:P82,0))))*(1+(IF('MAIN-INTERFACE'!$D$2=\"No\",0,'MAIN-INTERFACE'!$D$8)))^4<Table_Provincial_GTAC35378[[#This Row],[Adj.AnnualRental]],(Table_Provincial_GTAC35378[[#This Row],[RtmAnnualRental]])*(1+(IF('MAIN-INTERFACE'!$D$2=\"No\",0,'MAIN-INTERFACE'!$D$4))^(COUNTIF(MATRIX2!M82:P82,0)))*(1+(IF('MAIN-INTERFACE'!$D$2=\"No\",0,'MAIN-INTERFACE'!$D$8)))^MATRIX2!F82,Table_Provincial_GTAC35378[[#This Row],[Adj.AnnualRental]])*(1+(IF('MAIN-INTERFACE'!$D$2=\"No\",Table_Provincial_GTAC35378[[#This Row],[TnTEscalation]],'MAIN-INTERFACE'!$G$2)))^(IF((COUNTIF(MATRIX2!M82:P82,\">0\")-1)<0,0,COUNTIF(MATRIX2!M82:P82,\">0\")))))))","v":1312574.1270311999},{"$f":"IF('MAIN-INTERFACE'!$D$2=\"No\",(Table_Provincial_GTAC35378[[#This Row],[Adj.AnnualRental]])*(1+Table_Provincial_GTAC35378[[#This Row],[TnTEscalation]])^5,(((MATRIX2!Y82*Table_Provincial_GTAC35378[[#This Row],[Adj.AnnualRental]])*(1+Table_Provincial_GTAC35378[[#This Row],[TnTEscalation]])^5)+(MATRIX2!Q82*IF(IF('MAIN-INTERFACE'!$D$2=\"No\",Table_Provincial_GTAC35378[[#This Row],[Adj.AnnualRental]],(Table_Provincial_GTAC35378[[#This Row],[RtmAnnualRental]])*(1+(IF('MAIN-INTERFACE'!$D$2=\"No\",0,'MAIN-INTERFACE'!$D$4))^(COUNTIF(MATRIX2!M82:Q82,0))))*(1+(IF('MAIN-INTERFACE'!$D$2=\"No\",0,'MAIN-INTERFACE'!$D$8)))^5<Table_Provincial_GTAC35378[[#This Row],[Adj.AnnualRental]],(Table_Provincial_GTAC35378[[#This Row],[RtmAnnualRental]])*(1+(IF('MAIN-INTERFACE'!$D$2=\"No\",0,'MAIN-INTERFACE'!$D$4))^(COUNTIF(MATRIX2!M82:Q82,0)))*(1+(IF('MAIN-INTERFACE'!$D$2=\"No\",0,'MAIN-INTERFACE'!$D$8)))^MATRIX2!G82,Table_Provincial_GTAC35378[[#This Row],[Adj.AnnualRental]])*(1+(IF('MAIN-INTERFACE'!$D$2=\"No\",Table_Provincial_GTAC35378[[#This Row],[TnTEscalation]],'MAIN-INTERFACE'!$G$2)))^(IF((COUNTIF(MATRIX2!M82:Q82,\">0\")-1)<0,0,COUNTIF(MATRIX2!M82:Q82,\">0\"))))))","v":1411017.1865585397},{"$f":"IF('MAIN-INTERFACE'!$D$2=\"No\",(Table_Provincial_GTAC35378[[#This Row],[Adj.AnnualRental]])*(1+Table_Provincial_GTAC35378[[#This Row],[TnTEscalation]])^6,(((MATRIX2!Z82*Table_Provincial_GTAC35378[[#This Row],[Adj.AnnualRental]])*(1+Table_Provincial_GTAC35378[[#This Row],[TnTEscalation]])^6)+(MATRIX2!R82*IF(IF('MAIN-INTERFACE'!$D$2=\"No\",Table_Provincial_GTAC35378[[#This Row],[Adj.AnnualRental]],(Table_Provincial_GTAC35378[[#This Row],[RtmAnnualRental]])*(1+(IF('MAIN-INTERFACE'!$D$2=\"No\",0,'MAIN-INTERFACE'!$D$4))^(COUNTIF(MATRIX2!M82:R82,0))))*(1+(IF('MAIN-INTERFACE'!$D$2=\"No\",0,'MAIN-INTERFACE'!$D$8)))^6<Table_Provincial_GTAC35378[[#This Row],[Adj.AnnualRental]],(Table_Provincial_GTAC35378[[#This Row],[RtmAnnualRental]])*(1+(IF('MAIN-INTERFACE'!$D$2=\"No\",0,'MAIN-INTERFACE'!$D$4))^(COUNTIF(MATRIX2!M82:R82,0)))*(1+(IF('MAIN-INTERFACE'!$D$2=\"No\",0,'MAIN-INTERFACE'!$D$8)))^MATRIX2!H82,Table_Provincial_GTAC35378[[#This Row],[Adj.AnnualRental]])*(1+(IF('MAIN-INTERFACE'!$D$2=\"No\",Table_Provincial_GTAC35378[[#This Row],[TnTEscalation]],'MAIN-INTERFACE'!$G$2)))^(IF((COUNTIF(MATRIX2!M82:R82,\">0\")-1)<0,0,COUNTIF(MATRIX2!M82:R82,\">0\"))))))","v":1516843.4755504304},{"$f":"IF('MAIN-INTERFACE'!$D$2=\"No\",(Table_Provincial_GTAC35378[[#This Row],[Adj.AnnualRental]])*(1+Table_Provincial_GTAC35378[[#This Row],[TnTEscalation]])^7,(((MATRIX2!AA82*Table_Provincial_GTAC35378[[#This Row],[Adj.AnnualRental]])*(1+Table_Provincial_GTAC35378[[#This Row],[TnTEscalation]])^7)+(MATRIX2!S82*IF(IF('MAIN-INTERFACE'!$D$2=\"No\",Table_Provincial_GTAC35378[[#This Row],[Adj.AnnualRental]],(Table_Provincial_GTAC35378[[#This Row],[RtmAnnualRental]])*(1+(IF('MAIN-INTERFACE'!$D$2=\"No\",0,'MAIN-INTERFACE'!$D$4))^(COUNTIF(MATRIX2!M82:S82,0))))*(1+(IF('MAIN-INTERFACE'!$D$2=\"No\",0,'MAIN-INTERFACE'!$D$8)))^7<Table_Provincial_GTAC35378[[#This Row],[Adj.AnnualRental]],(Table_Provincial_GTAC35378[[#This Row],[RtmAnnualRental]])*(1+(IF('MAIN-INTERFACE'!$D$2=\"No\",0,'MAIN-INTERFACE'!$D$4))^(COUNTIF(MATRIX2!M82:S82,0)))*(1+(IF('MAIN-INTERFACE'!$D$2=\"No\",0,'MAIN-INTERFACE'!$D$8)))^MATRIX2!I82,Table_Provincial_GTAC35378[[#This Row],[Adj.AnnualRental]])*(1+(IF('MAIN-INTERFACE'!$D$2=\"No\",Table_Provincial_GTAC35378[[#This Row],[TnTEscalation]],'MAIN-INTERFACE'!$G$2)))^(IF((COUNTIF(MATRIX2!M82:S82,\">0\")-1)<0,0,COUNTIF(MATRIX2!M82:S82,\">0\"))))))","v":1630606.7362167127},{"$f":"SUM(Table_Provincial_GTAC35378[[#This Row],[FY 2018/19]:[FY 2023/24]])","v":8814497.2525168639}]
[{"$f":"Table_Provincial_GTAC3536[[#This Row],[SystemID]]","v":91},{"$f":"VLOOKUP($A83,DATA2!$A$2:$S$607,2,FALSE)","v":"KZN"},{"$f":"VLOOKUP($A83,DATA2!$A$2:$S$607,3,FALSE)","v":"KwaZulu-Natal"},{"$f":"VLOOKUP($A83,DATA2!$A$2:$S$607,4,FALSE)","v":123.26195},{"$f":"VLOOKUP($A83,DATA2!$A$2:$S$607,5,FALSE)","v":77.5},{"$f":"VLOOKUP($A83,DATA2!$A$2:$S$607,6,FALSE)","v":"VTSD"},{"$f":"VLOOKUP($A83,DATA2!$A$2:$S$607,7,FALSE)","v":400},{"$f":"VLOOKUP($A83,DATA2!$A$2:$S$607,8,FALSE)","v":true},{"$f":"VLOOKUP($A83,DATA2!$A$2:$S$607,9,FALSE)","v":0.08},{"$f":"VLOOKUP($A83,DATA2!$A$2:$S$607,10,FALSE)","v":49304.78},{"$f":"VLOOKUP($A83,DATA2!$A$2:$S$607,11,FALSE)","v":591657.36},{"$f":"Table_Provincial_GTAC35378[[#This Row],[Benchmark]]*Table_Provincial_GTAC35378[[#This Row],[ExtentM2]]*12","v":372000},{"$f":"VLOOKUP($A83,DATA2!$A$2:$S$607,12,FALSE)","v":"2015-02-01"},{"$f":"VLOOKUP($A83,DATA2!$A$2:$S$607,13,FALSE)","v":"2020-01-31"},{"$f":"VLOOKUP($A83,DATA2!$A$2:$S$607,14,FALSE)","v":"No"},{"$f":"IF(MATRIX2!D83=1,($Y$8-$X$2)/365*Table_Provincial_GTAC35378[[#This Row],[Adj.AnnualRental]]*MATRIX2!D83,($Y$8-$X$2)/365*Table_Provincial_GTAC35378[[#This Row],[Adj.AnnualRental]])","v":-2141313.3494794518},{"$f":"IF('MAIN-INTERFACE'!$D$2=\"No\",(Table_Provincial_GTAC35378[[#This Row],[Adj.AnnualRental]])*(1+Table_Provincial_GTAC35378[[#This Row],[TnTEscalation]])^2,\n    (((MATRIX2!V83*Table_Provincial_GTAC35378[[#This Row],[Adj.AnnualRental]])*(1+Table_Provincial_GTAC35378[[#This Row],[TnTEscalation]])^2)+\n       (MATRIX2!N83* IF(IF('MAIN-INTERFACE'!$D$2=\"No\",Table_Provincial_GTAC35378[[#This Row],[Adj.AnnualRental]],(Table_Provincial_GTAC35378[[#This Row],[RtmAnnualRental]])*(1+\n                                 (IF('MAIN-INTERFACE'!$D$2=\"No\",0,'MAIN-INTERFACE'!$D$4))^(COUNTIF(MATRIX2!M83:N83,0))))*(1+\n                                 (IF('MAIN-INTERFACE'!$D$2=\"No\",0,'MAIN-INTERFACE'!$D$8)))^2<Table_Provincial_GTAC35378[[#This Row],[Adj.AnnualRental]],(Table_Provincial_GTAC35378[[#This Row],[RtmAnnualRental]])*(1+\n\n                                 (IF('MAIN-INTERFACE'!$D$2=\"No\",0,'MAIN-INTERFACE'!$D$4))^(COUNTIF(MATRIX2!M83:N83,0)))*(1+\n                                 (IF('MAIN-INTERFACE'!$D$2=\"No\",0,'MAIN-INTERFACE'!$D$8)))^MATRIX2!D83,Table_Provincial_GTAC35378[[#This Row],[Adj.AnnualRental]])*(1+\n\n                                (IF('MAIN-INTERFACE'!$D$2=\"No\",Table_Provincial_GTAC35378[[#This Row],[TnTEscalation]],'MAIN-INTERFACE'!$G$2)))^\n                                 (IF((COUNTIF(MATRIX2!M83:N83,\">0\")-1)<0,0,COUNTIF(MATRIX2!M83:N83,\">0\"))))))","v":690109.14470400009},{"$f":"IF('MAIN-INTERFACE'!$D$2=\"No\",(Table_Provincial_GTAC35378[[#This Row],[Adj.AnnualRental]])*(1+Table_Provincial_GTAC35378[[#This Row],[TnTEscalation]])^3,(((MATRIX2!W83*Table_Provincial_GTAC35378[[#This Row],[Adj.AnnualRental]])*(1+Table_Provincial_GTAC35378[[#This Row],[TnTEscalation]])^3)+(MATRIX2!O83*IF(IF('MAIN-INTERFACE'!$D$2=\"No\",Table_Provincial_GTAC35378[[#This Row],[Adj.AnnualRental]],(Table_Provincial_GTAC35378[[#This Row],[RtmAnnualRental]])*(1+(IF('MAIN-INTERFACE'!$D$2=\"No\",0,'MAIN-INTERFACE'!$D$4))^(COUNTIF(MATRIX2!M83:O83,0))))*(1+(IF('MAIN-INTERFACE'!$D$2=\"No\",0,'MAIN-INTERFACE'!$D$8)))^3<Table_Provincial_GTAC35378[[#This Row],[Adj.AnnualRental]],(Table_Provincial_GTAC35378[[#This Row],[RtmAnnualRental]])*(1+(IF('MAIN-INTERFACE'!$D$2=\"No\",0,'MAIN-INTERFACE'!$D$4))^(COUNTIF(MATRIX2!M83:O83,0)))*(1+(IF('MAIN-INTERFACE'!$D$2=\"No\",0,'MAIN-INTERFACE'!$D$8)))^MATRIX2!E83,Table_Provincial_GTAC35378[[#This Row],[Adj.AnnualRental]])*(1+(IF('MAIN-INTERFACE'!$D$2=\"No\",Table_Provincial_GTAC35378[[#This Row],[TnTEscalation]],'MAIN-INTERFACE'!$G$2)))^(IF((COUNTIF(MATRIX2!M83:O83,\">0\")-1)<0,0,COUNTIF(MATRIX2!M83:O83,\">0\"))))))","v":745317.87628032011},{"$f":"IF('MAIN-INTERFACE'!$D$2=\"No\",(Table_Provincial_GTAC35378[[#This Row],[Adj.AnnualRental]])*(1+Table_Provincial_GTAC35378[[#This Row],[TnTEscalation]])^4,((((MATRIX2!X83*Table_Provincial_GTAC35378[[#This Row],[Adj.AnnualRental]])*(1+Table_Provincial_GTAC35378[[#This Row],[TnTEscalation]])^4)+(MATRIX2!P83*IF(IF('MAIN-INTERFACE'!$D$2=\"No\",Table_Provincial_GTAC35378[[#This Row],[Adj.AnnualRental]],(Table_Provincial_GTAC35378[[#This Row],[RtmAnnualRental]])*(1+(IF('MAIN-INTERFACE'!$D$2=\"No\",0,'MAIN-INTERFACE'!$D$4))^(COUNTIF(MATRIX2!M83:P83,0))))*(1+(IF('MAIN-INTERFACE'!$D$2=\"No\",0,'MAIN-INTERFACE'!$D$8)))^4<Table_Provincial_GTAC35378[[#This Row],[Adj.AnnualRental]],(Table_Provincial_GTAC35378[[#This Row],[RtmAnnualRental]])*(1+(IF('MAIN-INTERFACE'!$D$2=\"No\",0,'MAIN-INTERFACE'!$D$4))^(COUNTIF(MATRIX2!M83:P83,0)))*(1+(IF('MAIN-INTERFACE'!$D$2=\"No\",0,'MAIN-INTERFACE'!$D$8)))^MATRIX2!F83,Table_Provincial_GTAC35378[[#This Row],[Adj.AnnualRental]])*(1+(IF('MAIN-INTERFACE'!$D$2=\"No\",Table_Provincial_GTAC35378[[#This Row],[TnTEscalation]],'MAIN-INTERFACE'!$G$2)))^(IF((COUNTIF(MATRIX2!M83:P83,\">0\")-1)<0,0,COUNTIF(MATRIX2!M83:P83,\">0\")))))))","v":534746.55826603738},{"$f":"IF('MAIN-INTERFACE'!$D$2=\"No\",(Table_Provincial_GTAC35378[[#This Row],[Adj.AnnualRental]])*(1+Table_Provincial_GTAC35378[[#This Row],[TnTEscalation]])^5,(((MATRIX2!Y83*Table_Provincial_GTAC35378[[#This Row],[Adj.AnnualRental]])*(1+Table_Provincial_GTAC35378[[#This Row],[TnTEscalation]])^5)+(MATRIX2!Q83*IF(IF('MAIN-INTERFACE'!$D$2=\"No\",Table_Provincial_GTAC35378[[#This Row],[Adj.AnnualRental]],(Table_Provincial_GTAC35378[[#This Row],[RtmAnnualRental]])*(1+(IF('MAIN-INTERFACE'!$D$2=\"No\",0,'MAIN-INTERFACE'!$D$4))^(COUNTIF(MATRIX2!M83:Q83,0))))*(1+(IF('MAIN-INTERFACE'!$D$2=\"No\",0,'MAIN-INTERFACE'!$D$8)))^5<Table_Provincial_GTAC35378[[#This Row],[Adj.AnnualRental]],(Table_Provincial_GTAC35378[[#This Row],[RtmAnnualRental]])*(1+(IF('MAIN-INTERFACE'!$D$2=\"No\",0,'MAIN-INTERFACE'!$D$4))^(COUNTIF(MATRIX2!M83:Q83,0)))*(1+(IF('MAIN-INTERFACE'!$D$2=\"No\",0,'MAIN-INTERFACE'!$D$8)))^MATRIX2!G83,Table_Provincial_GTAC35378[[#This Row],[Adj.AnnualRental]])*(1+(IF('MAIN-INTERFACE'!$D$2=\"No\",Table_Provincial_GTAC35378[[#This Row],[TnTEscalation]],'MAIN-INTERFACE'!$G$2)))^(IF((COUNTIF(MATRIX2!M83:Q83,\">0\")-1)<0,0,COUNTIF(MATRIX2!M83:Q83,\">0\"))))))","v":429920.01311999996},{"$f":"IF('MAIN-INTERFACE'!$D$2=\"No\",(Table_Provincial_GTAC35378[[#This Row],[Adj.AnnualRental]])*(1+Table_Provincial_GTAC35378[[#This Row],[TnTEscalation]])^6,(((MATRIX2!Z83*Table_Provincial_GTAC35378[[#This Row],[Adj.AnnualRental]])*(1+Table_Provincial_GTAC35378[[#This Row],[TnTEscalation]])^6)+(MATRIX2!R83*IF(IF('MAIN-INTERFACE'!$D$2=\"No\",Table_Provincial_GTAC35378[[#This Row],[Adj.AnnualRental]],(Table_Provincial_GTAC35378[[#This Row],[RtmAnnualRental]])*(1+(IF('MAIN-INTERFACE'!$D$2=\"No\",0,'MAIN-INTERFACE'!$D$4))^(COUNTIF(MATRIX2!M83:R83,0))))*(1+(IF('MAIN-INTERFACE'!$D$2=\"No\",0,'MAIN-INTERFACE'!$D$8)))^6<Table_Provincial_GTAC35378[[#This Row],[Adj.AnnualRental]],(Table_Provincial_GTAC35378[[#This Row],[RtmAnnualRental]])*(1+(IF('MAIN-INTERFACE'!$D$2=\"No\",0,'MAIN-INTERFACE'!$D$4))^(COUNTIF(MATRIX2!M83:R83,0)))*(1+(IF('MAIN-INTERFACE'!$D$2=\"No\",0,'MAIN-INTERFACE'!$D$8)))^MATRIX2!H83,Table_Provincial_GTAC35378[[#This Row],[Adj.AnnualRental]])*(1+(IF('MAIN-INTERFACE'!$D$2=\"No\",Table_Provincial_GTAC35378[[#This Row],[TnTEscalation]],'MAIN-INTERFACE'!$G$2)))^(IF((COUNTIF(MATRIX2!M83:R83,\">0\")-1)<0,0,COUNTIF(MATRIX2!M83:R83,\">0\"))))))","v":462164.01410399994},{"$f":"IF('MAIN-INTERFACE'!$D$2=\"No\",(Table_Provincial_GTAC35378[[#This Row],[Adj.AnnualRental]])*(1+Table_Provincial_GTAC35378[[#This Row],[TnTEscalation]])^7,(((MATRIX2!AA83*Table_Provincial_GTAC35378[[#This Row],[Adj.AnnualRental]])*(1+Table_Provincial_GTAC35378[[#This Row],[TnTEscalation]])^7)+(MATRIX2!S83*IF(IF('MAIN-INTERFACE'!$D$2=\"No\",Table_Provincial_GTAC35378[[#This Row],[Adj.AnnualRental]],(Table_Provincial_GTAC35378[[#This Row],[RtmAnnualRental]])*(1+(IF('MAIN-INTERFACE'!$D$2=\"No\",0,'MAIN-INTERFACE'!$D$4))^(COUNTIF(MATRIX2!M83:S83,0))))*(1+(IF('MAIN-INTERFACE'!$D$2=\"No\",0,'MAIN-INTERFACE'!$D$8)))^7<Table_Provincial_GTAC35378[[#This Row],[Adj.AnnualRental]],(Table_Provincial_GTAC35378[[#This Row],[RtmAnnualRental]])*(1+(IF('MAIN-INTERFACE'!$D$2=\"No\",0,'MAIN-INTERFACE'!$D$4))^(COUNTIF(MATRIX2!M83:S83,0)))*(1+(IF('MAIN-INTERFACE'!$D$2=\"No\",0,'MAIN-INTERFACE'!$D$8)))^MATRIX2!I83,Table_Provincial_GTAC35378[[#This Row],[Adj.AnnualRental]])*(1+(IF('MAIN-INTERFACE'!$D$2=\"No\",Table_Provincial_GTAC35378[[#This Row],[TnTEscalation]],'MAIN-INTERFACE'!$G$2)))^(IF((COUNTIF(MATRIX2!M83:S83,\">0\")-1)<0,0,COUNTIF(MATRIX2!M83:S83,\">0\"))))))","v":496826.31516179995},{"$f":"SUM(Table_Provincial_GTAC35378[[#This Row],[FY 2018/19]:[FY 2023/24]])","v":3359083.9216361572}]
[{"$f":"Table_Provincial_GTAC3536[[#This Row],[SystemID]]","v":92},{"$f":"VLOOKUP($A84,DATA2!$A$2:$S$607,2,FALSE)","v":"KZN"},{"$f":"VLOOKUP($A84,DATA2!$A$2:$S$607,3,FALSE)","v":"KwaZulu-Natal"},{"$f":"VLOOKUP($A84,DATA2!$A$2:$S$607,4,FALSE)","v":127.84014785992218},{"$f":"VLOOKUP($A84,DATA2!$A$2:$S$607,5,FALSE)","v":110},{"$f":"VLOOKUP($A84,DATA2!$A$2:$S$607,6,FALSE)","v":"CBD"},{"$f":"VLOOKUP($A84,DATA2!$A$2:$S$607,7,FALSE)","v":1285},{"$f":"VLOOKUP($A84,DATA2!$A$2:$S$607,8,FALSE)","v":true},{"$f":"VLOOKUP($A84,DATA2!$A$2:$S$607,9,FALSE)","v":7.0000000000000007E-2},{"$f":"VLOOKUP($A84,DATA2!$A$2:$S$607,10,FALSE)","v":164274.59},{"$f":"VLOOKUP($A84,DATA2!$A$2:$S$607,11,FALSE)","v":1971295.08},{"$f":"Table_Provincial_GTAC35378[[#This Row],[Benchmark]]*Table_Provincial_GTAC35378[[#This Row],[ExtentM2]]*12","v":1696200},{"$f":"VLOOKUP($A84,DATA2!$A$2:$S$607,12,FALSE)","v":"2014-08-01"},{"$f":"VLOOKUP($A84,DATA2!$A$2:$S$607,13,FALSE)","v":"2019-07-31"},{"$f":"VLOOKUP($A84,DATA2!$A$2:$S$607,14,FALSE)","v":"No"},{"$f":"IF(MATRIX2!D84=1,($Y$8-$X$2)/365*Table_Provincial_GTAC35378[[#This Row],[Adj.AnnualRental]]*MATRIX2!D84,($Y$8-$X$2)/365*Table_Provincial_GTAC35378[[#This Row],[Adj.AnnualRental]])","v":-7134467.9470684929},{"$f":"IF('MAIN-INTERFACE'!$D$2=\"No\",(Table_Provincial_GTAC35378[[#This Row],[Adj.AnnualRental]])*(1+Table_Provincial_GTAC35378[[#This Row],[TnTEscalation]])^2,\n    (((MATRIX2!V84*Table_Provincial_GTAC35378[[#This Row],[Adj.AnnualRental]])*(1+Table_Provincial_GTAC35378[[#This Row],[TnTEscalation]])^2)+\n       (MATRIX2!N84* IF(IF('MAIN-INTERFACE'!$D$2=\"No\",Table_Provincial_GTAC35378[[#This Row],[Adj.AnnualRental]],(Table_Provincial_GTAC35378[[#This Row],[RtmAnnualRental]])*(1+\n                                 (IF('MAIN-INTERFACE'!$D$2=\"No\",0,'MAIN-INTERFACE'!$D$4))^(COUNTIF(MATRIX2!M84:N84,0))))*(1+\n                                 (IF('MAIN-INTERFACE'!$D$2=\"No\",0,'MAIN-INTERFACE'!$D$8)))^2<Table_Provincial_GTAC35378[[#This Row],[Adj.AnnualRental]],(Table_Provincial_GTAC35378[[#This Row],[RtmAnnualRental]])*(1+\n\n                                 (IF('MAIN-INTERFACE'!$D$2=\"No\",0,'MAIN-INTERFACE'!$D$4))^(COUNTIF(MATRIX2!M84:N84,0)))*(1+\n                                 (IF('MAIN-INTERFACE'!$D$2=\"No\",0,'MAIN-INTERFACE'!$D$8)))^MATRIX2!D84,Table_Provincial_GTAC35378[[#This Row],[Adj.AnnualRental]])*(1+\n\n                                (IF('MAIN-INTERFACE'!$D$2=\"No\",Table_Provincial_GTAC35378[[#This Row],[TnTEscalation]],'MAIN-INTERFACE'!$G$2)))^\n                                 (IF((COUNTIF(MATRIX2!M84:N84,\">0\")-1)<0,0,COUNTIF(MATRIX2!M84:N84,\">0\"))))))","v":2256935.737092},{"$f":"IF('MAIN-INTERFACE'!$D$2=\"No\",(Table_Provincial_GTAC35378[[#This Row],[Adj.AnnualRental]])*(1+Table_Provincial_GTAC35378[[#This Row],[TnTEscalation]])^3,(((MATRIX2!W84*Table_Provincial_GTAC35378[[#This Row],[Adj.AnnualRental]])*(1+Table_Provincial_GTAC35378[[#This Row],[TnTEscalation]])^3)+(MATRIX2!O84*IF(IF('MAIN-INTERFACE'!$D$2=\"No\",Table_Provincial_GTAC35378[[#This Row],[Adj.AnnualRental]],(Table_Provincial_GTAC35378[[#This Row],[RtmAnnualRental]])*(1+(IF('MAIN-INTERFACE'!$D$2=\"No\",0,'MAIN-INTERFACE'!$D$4))^(COUNTIF(MATRIX2!M84:O84,0))))*(1+(IF('MAIN-INTERFACE'!$D$2=\"No\",0,'MAIN-INTERFACE'!$D$8)))^3<Table_Provincial_GTAC35378[[#This Row],[Adj.AnnualRental]],(Table_Provincial_GTAC35378[[#This Row],[RtmAnnualRental]])*(1+(IF('MAIN-INTERFACE'!$D$2=\"No\",0,'MAIN-INTERFACE'!$D$4))^(COUNTIF(MATRIX2!M84:O84,0)))*(1+(IF('MAIN-INTERFACE'!$D$2=\"No\",0,'MAIN-INTERFACE'!$D$8)))^MATRIX2!E84,Table_Provincial_GTAC35378[[#This Row],[Adj.AnnualRental]])*(1+(IF('MAIN-INTERFACE'!$D$2=\"No\",Table_Provincial_GTAC35378[[#This Row],[TnTEscalation]],'MAIN-INTERFACE'!$G$2)))^(IF((COUNTIF(MATRIX2!M84:O84,\">0\")-1)<0,0,COUNTIF(MATRIX2!M84:O84,\">0\"))))))","v":2314135.4895979539},{"$f":"IF('MAIN-INTERFACE'!$D$2=\"No\",(Table_Provincial_GTAC35378[[#This Row],[Adj.AnnualRental]])*(1+Table_Provincial_GTAC35378[[#This Row],[TnTEscalation]])^4,((((MATRIX2!X84*Table_Provincial_GTAC35378[[#This Row],[Adj.AnnualRental]])*(1+Table_Provincial_GTAC35378[[#This Row],[TnTEscalation]])^4)+(MATRIX2!P84*IF(IF('MAIN-INTERFACE'!$D$2=\"No\",Table_Provincial_GTAC35378[[#This Row],[Adj.AnnualRental]],(Table_Provincial_GTAC35378[[#This Row],[RtmAnnualRental]])*(1+(IF('MAIN-INTERFACE'!$D$2=\"No\",0,'MAIN-INTERFACE'!$D$4))^(COUNTIF(MATRIX2!M84:P84,0))))*(1+(IF('MAIN-INTERFACE'!$D$2=\"No\",0,'MAIN-INTERFACE'!$D$8)))^4<Table_Provincial_GTAC35378[[#This Row],[Adj.AnnualRental]],(Table_Provincial_GTAC35378[[#This Row],[RtmAnnualRental]])*(1+(IF('MAIN-INTERFACE'!$D$2=\"No\",0,'MAIN-INTERFACE'!$D$4))^(COUNTIF(MATRIX2!M84:P84,0)))*(1+(IF('MAIN-INTERFACE'!$D$2=\"No\",0,'MAIN-INTERFACE'!$D$8)))^MATRIX2!F84,Table_Provincial_GTAC35378[[#This Row],[Adj.AnnualRental]])*(1+(IF('MAIN-INTERFACE'!$D$2=\"No\",Table_Provincial_GTAC35378[[#This Row],[TnTEscalation]],'MAIN-INTERFACE'!$G$2)))^(IF((COUNTIF(MATRIX2!M84:P84,\">0\")-1)<0,0,COUNTIF(MATRIX2!M84:P84,\">0\")))))))","v":1963307.3988000001},{"$f":"IF('MAIN-INTERFACE'!$D$2=\"No\",(Table_Provincial_GTAC35378[[#This Row],[Adj.AnnualRental]])*(1+Table_Provincial_GTAC35378[[#This Row],[TnTEscalation]])^5,(((MATRIX2!Y84*Table_Provincial_GTAC35378[[#This Row],[Adj.AnnualRental]])*(1+Table_Provincial_GTAC35378[[#This Row],[TnTEscalation]])^5)+(MATRIX2!Q84*IF(IF('MAIN-INTERFACE'!$D$2=\"No\",Table_Provincial_GTAC35378[[#This Row],[Adj.AnnualRental]],(Table_Provincial_GTAC35378[[#This Row],[RtmAnnualRental]])*(1+(IF('MAIN-INTERFACE'!$D$2=\"No\",0,'MAIN-INTERFACE'!$D$4))^(COUNTIF(MATRIX2!M84:Q84,0))))*(1+(IF('MAIN-INTERFACE'!$D$2=\"No\",0,'MAIN-INTERFACE'!$D$8)))^5<Table_Provincial_GTAC35378[[#This Row],[Adj.AnnualRental]],(Table_Provincial_GTAC35378[[#This Row],[RtmAnnualRental]])*(1+(IF('MAIN-INTERFACE'!$D$2=\"No\",0,'MAIN-INTERFACE'!$D$4))^(COUNTIF(MATRIX2!M84:Q84,0)))*(1+(IF('MAIN-INTERFACE'!$D$2=\"No\",0,'MAIN-INTERFACE'!$D$8)))^MATRIX2!G84,Table_Provincial_GTAC35378[[#This Row],[Adj.AnnualRental]])*(1+(IF('MAIN-INTERFACE'!$D$2=\"No\",Table_Provincial_GTAC35378[[#This Row],[TnTEscalation]],'MAIN-INTERFACE'!$G$2)))^(IF((COUNTIF(MATRIX2!M84:Q84,\">0\")-1)<0,0,COUNTIF(MATRIX2!M84:Q84,\">0\"))))))","v":2110555.45371},{"$f":"IF('MAIN-INTERFACE'!$D$2=\"No\",(Table_Provincial_GTAC35378[[#This Row],[Adj.AnnualRental]])*(1+Table_Provincial_GTAC35378[[#This Row],[TnTEscalation]])^6,(((MATRIX2!Z84*Table_Provincial_GTAC35378[[#This Row],[Adj.AnnualRental]])*(1+Table_Provincial_GTAC35378[[#This Row],[TnTEscalation]])^6)+(MATRIX2!R84*IF(IF('MAIN-INTERFACE'!$D$2=\"No\",Table_Provincial_GTAC35378[[#This Row],[Adj.AnnualRental]],(Table_Provincial_GTAC35378[[#This Row],[RtmAnnualRental]])*(1+(IF('MAIN-INTERFACE'!$D$2=\"No\",0,'MAIN-INTERFACE'!$D$4))^(COUNTIF(MATRIX2!M84:R84,0))))*(1+(IF('MAIN-INTERFACE'!$D$2=\"No\",0,'MAIN-INTERFACE'!$D$8)))^6<Table_Provincial_GTAC35378[[#This Row],[Adj.AnnualRental]],(Table_Provincial_GTAC35378[[#This Row],[RtmAnnualRental]])*(1+(IF('MAIN-INTERFACE'!$D$2=\"No\",0,'MAIN-INTERFACE'!$D$4))^(COUNTIF(MATRIX2!M84:R84,0)))*(1+(IF('MAIN-INTERFACE'!$D$2=\"No\",0,'MAIN-INTERFACE'!$D$8)))^MATRIX2!H84,Table_Provincial_GTAC35378[[#This Row],[Adj.AnnualRental]])*(1+(IF('MAIN-INTERFACE'!$D$2=\"No\",Table_Provincial_GTAC35378[[#This Row],[TnTEscalation]],'MAIN-INTERFACE'!$G$2)))^(IF((COUNTIF(MATRIX2!M84:R84,\">0\")-1)<0,0,COUNTIF(MATRIX2!M84:R84,\">0\"))))))","v":2268847.1127382498},{"$f":"IF('MAIN-INTERFACE'!$D$2=\"No\",(Table_Provincial_GTAC35378[[#This Row],[Adj.AnnualRental]])*(1+Table_Provincial_GTAC35378[[#This Row],[TnTEscalation]])^7,(((MATRIX2!AA84*Table_Provincial_GTAC35378[[#This Row],[Adj.AnnualRental]])*(1+Table_Provincial_GTAC35378[[#This Row],[TnTEscalation]])^7)+(MATRIX2!S84*IF(IF('MAIN-INTERFACE'!$D$2=\"No\",Table_Provincial_GTAC35378[[#This Row],[Adj.AnnualRental]],(Table_Provincial_GTAC35378[[#This Row],[RtmAnnualRental]])*(1+(IF('MAIN-INTERFACE'!$D$2=\"No\",0,'MAIN-INTERFACE'!$D$4))^(COUNTIF(MATRIX2!M84:S84,0))))*(1+(IF('MAIN-INTERFACE'!$D$2=\"No\",0,'MAIN-INTERFACE'!$D$8)))^7<Table_Provincial_GTAC35378[[#This Row],[Adj.AnnualRental]],(Table_Provincial_GTAC35378[[#This Row],[RtmAnnualRental]])*(1+(IF('MAIN-INTERFACE'!$D$2=\"No\",0,'MAIN-INTERFACE'!$D$4))^(COUNTIF(MATRIX2!M84:S84,0)))*(1+(IF('MAIN-INTERFACE'!$D$2=\"No\",0,'MAIN-INTERFACE'!$D$8)))^MATRIX2!I84,Table_Provincial_GTAC35378[[#This Row],[Adj.AnnualRental]])*(1+(IF('MAIN-INTERFACE'!$D$2=\"No\",Table_Provincial_GTAC35378[[#This Row],[TnTEscalation]],'MAIN-INTERFACE'!$G$2)))^(IF((COUNTIF(MATRIX2!M84:S84,\">0\")-1)<0,0,COUNTIF(MATRIX2!M84:S84,\">0\"))))))","v":2439010.6461936189},{"$f":"SUM(Table_Provincial_GTAC35378[[#This Row],[FY 2018/19]:[FY 2023/24]])","v":13352791.838131823}]
[{"$f":"Table_Provincial_GTAC3536[[#This Row],[SystemID]]","v":93},{"$f":"VLOOKUP($A85,DATA2!$A$2:$S$607,2,FALSE)","v":"KZN"},{"$f":"VLOOKUP($A85,DATA2!$A$2:$S$607,3,FALSE)","v":"KwaZulu-Natal"},{"$f":"VLOOKUP($A85,DATA2!$A$2:$S$607,4,FALSE)","v":65},{"$f":"VLOOKUP($A85,DATA2!$A$2:$S$607,5,FALSE)","v":87.5},{"$f":"VLOOKUP($A85,DATA2!$A$2:$S$607,6,FALSE)","v":"VTSD"},{"$f":"VLOOKUP($A85,DATA2!$A$2:$S$607,7,FALSE)","v":132},{"$f":"VLOOKUP($A85,DATA2!$A$2:$S$607,8,FALSE)","v":true},{"$f":"VLOOKUP($A85,DATA2!$A$2:$S$607,9,FALSE)","v":0.08},{"$f":"VLOOKUP($A85,DATA2!$A$2:$S$607,10,FALSE)","v":8580},{"$f":"VLOOKUP($A85,DATA2!$A$2:$S$607,11,FALSE)","v":102960},{"$f":"Table_Provincial_GTAC35378[[#This Row],[Benchmark]]*Table_Provincial_GTAC35378[[#This Row],[ExtentM2]]*12","v":138600},{"$f":"VLOOKUP($A85,DATA2!$A$2:$S$607,12,FALSE)","v":"2016-09-01"},{"$f":"VLOOKUP($A85,DATA2!$A$2:$S$607,13,FALSE)","v":"2021-08-31"},{"$f":"VLOOKUP($A85,DATA2!$A$2:$S$607,14,FALSE)","v":"No"},{"$f":"IF(MATRIX2!D85=1,($Y$8-$X$2)/365*Table_Provincial_GTAC35378[[#This Row],[Adj.AnnualRental]]*MATRIX2!D85,($Y$8-$X$2)/365*Table_Provincial_GTAC35378[[#This Row],[Adj.AnnualRental]])","v":-372630.57534246572},{"$f":"IF('MAIN-INTERFACE'!$D$2=\"No\",(Table_Provincial_GTAC35378[[#This Row],[Adj.AnnualRental]])*(1+Table_Provincial_GTAC35378[[#This Row],[TnTEscalation]])^2,\n    (((MATRIX2!V85*Table_Provincial_GTAC35378[[#This Row],[Adj.AnnualRental]])*(1+Table_Provincial_GTAC35378[[#This Row],[TnTEscalation]])^2)+\n       (MATRIX2!N85* IF(IF('MAIN-INTERFACE'!$D$2=\"No\",Table_Provincial_GTAC35378[[#This Row],[Adj.AnnualRental]],(Table_Provincial_GTAC35378[[#This Row],[RtmAnnualRental]])*(1+\n                                 (IF('MAIN-INTERFACE'!$D$2=\"No\",0,'MAIN-INTERFACE'!$D$4))^(COUNTIF(MATRIX2!M85:N85,0))))*(1+\n                                 (IF('MAIN-INTERFACE'!$D$2=\"No\",0,'MAIN-INTERFACE'!$D$8)))^2<Table_Provincial_GTAC35378[[#This Row],[Adj.AnnualRental]],(Table_Provincial_GTAC35378[[#This Row],[RtmAnnualRental]])*(1+\n\n                                 (IF('MAIN-INTERFACE'!$D$2=\"No\",0,'MAIN-INTERFACE'!$D$4))^(COUNTIF(MATRIX2!M85:N85,0)))*(1+\n                                 (IF('MAIN-INTERFACE'!$D$2=\"No\",0,'MAIN-INTERFACE'!$D$8)))^MATRIX2!D85,Table_Provincial_GTAC35378[[#This Row],[Adj.AnnualRental]])*(1+\n\n                                (IF('MAIN-INTERFACE'!$D$2=\"No\",Table_Provincial_GTAC35378[[#This Row],[TnTEscalation]],'MAIN-INTERFACE'!$G$2)))^\n                                 (IF((COUNTIF(MATRIX2!M85:N85,\">0\")-1)<0,0,COUNTIF(MATRIX2!M85:N85,\">0\"))))))","v":120092.54400000001},{"$f":"IF('MAIN-INTERFACE'!$D$2=\"No\",(Table_Provincial_GTAC35378[[#This Row],[Adj.AnnualRental]])*(1+Table_Provincial_GTAC35378[[#This Row],[TnTEscalation]])^3,(((MATRIX2!W85*Table_Provincial_GTAC35378[[#This Row],[Adj.AnnualRental]])*(1+Table_Provincial_GTAC35378[[#This Row],[TnTEscalation]])^3)+(MATRIX2!O85*IF(IF('MAIN-INTERFACE'!$D$2=\"No\",Table_Provincial_GTAC35378[[#This Row],[Adj.AnnualRental]],(Table_Provincial_GTAC35378[[#This Row],[RtmAnnualRental]])*(1+(IF('MAIN-INTERFACE'!$D$2=\"No\",0,'MAIN-INTERFACE'!$D$4))^(COUNTIF(MATRIX2!M85:O85,0))))*(1+(IF('MAIN-INTERFACE'!$D$2=\"No\",0,'MAIN-INTERFACE'!$D$8)))^3<Table_Provincial_GTAC35378[[#This Row],[Adj.AnnualRental]],(Table_Provincial_GTAC35378[[#This Row],[RtmAnnualRental]])*(1+(IF('MAIN-INTERFACE'!$D$2=\"No\",0,'MAIN-INTERFACE'!$D$4))^(COUNTIF(MATRIX2!M85:O85,0)))*(1+(IF('MAIN-INTERFACE'!$D$2=\"No\",0,'MAIN-INTERFACE'!$D$8)))^MATRIX2!E85,Table_Provincial_GTAC35378[[#This Row],[Adj.AnnualRental]])*(1+(IF('MAIN-INTERFACE'!$D$2=\"No\",Table_Provincial_GTAC35378[[#This Row],[TnTEscalation]],'MAIN-INTERFACE'!$G$2)))^(IF((COUNTIF(MATRIX2!M85:O85,\">0\")-1)<0,0,COUNTIF(MATRIX2!M85:O85,\">0\"))))))","v":129699.94752000002},{"$f":"IF('MAIN-INTERFACE'!$D$2=\"No\",(Table_Provincial_GTAC35378[[#This Row],[Adj.AnnualRental]])*(1+Table_Provincial_GTAC35378[[#This Row],[TnTEscalation]])^4,((((MATRIX2!X85*Table_Provincial_GTAC35378[[#This Row],[Adj.AnnualRental]])*(1+Table_Provincial_GTAC35378[[#This Row],[TnTEscalation]])^4)+(MATRIX2!P85*IF(IF('MAIN-INTERFACE'!$D$2=\"No\",Table_Provincial_GTAC35378[[#This Row],[Adj.AnnualRental]],(Table_Provincial_GTAC35378[[#This Row],[RtmAnnualRental]])*(1+(IF('MAIN-INTERFACE'!$D$2=\"No\",0,'MAIN-INTERFACE'!$D$4))^(COUNTIF(MATRIX2!M85:P85,0))))*(1+(IF('MAIN-INTERFACE'!$D$2=\"No\",0,'MAIN-INTERFACE'!$D$8)))^4<Table_Provincial_GTAC35378[[#This Row],[Adj.AnnualRental]],(Table_Provincial_GTAC35378[[#This Row],[RtmAnnualRental]])*(1+(IF('MAIN-INTERFACE'!$D$2=\"No\",0,'MAIN-INTERFACE'!$D$4))^(COUNTIF(MATRIX2!M85:P85,0)))*(1+(IF('MAIN-INTERFACE'!$D$2=\"No\",0,'MAIN-INTERFACE'!$D$8)))^MATRIX2!F85,Table_Provincial_GTAC35378[[#This Row],[Adj.AnnualRental]])*(1+(IF('MAIN-INTERFACE'!$D$2=\"No\",Table_Provincial_GTAC35378[[#This Row],[TnTEscalation]],'MAIN-INTERFACE'!$G$2)))^(IF((COUNTIF(MATRIX2!M85:P85,\">0\")-1)<0,0,COUNTIF(MATRIX2!M85:P85,\">0\")))))))","v":140075.94332160003},{"$f":"IF('MAIN-INTERFACE'!$D$2=\"No\",(Table_Provincial_GTAC35378[[#This Row],[Adj.AnnualRental]])*(1+Table_Provincial_GTAC35378[[#This Row],[TnTEscalation]])^5,(((MATRIX2!Y85*Table_Provincial_GTAC35378[[#This Row],[Adj.AnnualRental]])*(1+Table_Provincial_GTAC35378[[#This Row],[TnTEscalation]])^5)+(MATRIX2!Q85*IF(IF('MAIN-INTERFACE'!$D$2=\"No\",Table_Provincial_GTAC35378[[#This Row],[Adj.AnnualRental]],(Table_Provincial_GTAC35378[[#This Row],[RtmAnnualRental]])*(1+(IF('MAIN-INTERFACE'!$D$2=\"No\",0,'MAIN-INTERFACE'!$D$4))^(COUNTIF(MATRIX2!M85:Q85,0))))*(1+(IF('MAIN-INTERFACE'!$D$2=\"No\",0,'MAIN-INTERFACE'!$D$8)))^5<Table_Provincial_GTAC35378[[#This Row],[Adj.AnnualRental]],(Table_Provincial_GTAC35378[[#This Row],[RtmAnnualRental]])*(1+(IF('MAIN-INTERFACE'!$D$2=\"No\",0,'MAIN-INTERFACE'!$D$4))^(COUNTIF(MATRIX2!M85:Q85,0)))*(1+(IF('MAIN-INTERFACE'!$D$2=\"No\",0,'MAIN-INTERFACE'!$D$8)))^MATRIX2!G85,Table_Provincial_GTAC35378[[#This Row],[Adj.AnnualRental]])*(1+(IF('MAIN-INTERFACE'!$D$2=\"No\",Table_Provincial_GTAC35378[[#This Row],[TnTEscalation]],'MAIN-INTERFACE'!$G$2)))^(IF((COUNTIF(MATRIX2!M85:Q85,\">0\")-1)<0,0,COUNTIF(MATRIX2!M85:Q85,\">0\"))))))","v":147889.414477702},{"$f":"IF('MAIN-INTERFACE'!$D$2=\"No\",(Table_Provincial_GTAC35378[[#This Row],[Adj.AnnualRental]])*(1+Table_Provincial_GTAC35378[[#This Row],[TnTEscalation]])^6,(((MATRIX2!Z85*Table_Provincial_GTAC35378[[#This Row],[Adj.AnnualRental]])*(1+Table_Provincial_GTAC35378[[#This Row],[TnTEscalation]])^6)+(MATRIX2!R85*IF(IF('MAIN-INTERFACE'!$D$2=\"No\",Table_Provincial_GTAC35378[[#This Row],[Adj.AnnualRental]],(Table_Provincial_GTAC35378[[#This Row],[RtmAnnualRental]])*(1+(IF('MAIN-INTERFACE'!$D$2=\"No\",0,'MAIN-INTERFACE'!$D$4))^(COUNTIF(MATRIX2!M85:R85,0))))*(1+(IF('MAIN-INTERFACE'!$D$2=\"No\",0,'MAIN-INTERFACE'!$D$8)))^6<Table_Provincial_GTAC35378[[#This Row],[Adj.AnnualRental]],(Table_Provincial_GTAC35378[[#This Row],[RtmAnnualRental]])*(1+(IF('MAIN-INTERFACE'!$D$2=\"No\",0,'MAIN-INTERFACE'!$D$4))^(COUNTIF(MATRIX2!M85:R85,0)))*(1+(IF('MAIN-INTERFACE'!$D$2=\"No\",0,'MAIN-INTERFACE'!$D$8)))^MATRIX2!H85,Table_Provincial_GTAC35378[[#This Row],[Adj.AnnualRental]])*(1+(IF('MAIN-INTERFACE'!$D$2=\"No\",Table_Provincial_GTAC35378[[#This Row],[TnTEscalation]],'MAIN-INTERFACE'!$G$2)))^(IF((COUNTIF(MATRIX2!M85:R85,\">0\")-1)<0,0,COUNTIF(MATRIX2!M85:R85,\">0\"))))))","v":118983.15},{"$f":"IF('MAIN-INTERFACE'!$D$2=\"No\",(Table_Provincial_GTAC35378[[#This Row],[Adj.AnnualRental]])*(1+Table_Provincial_GTAC35378[[#This Row],[TnTEscalation]])^7,(((MATRIX2!AA85*Table_Provincial_GTAC35378[[#This Row],[Adj.AnnualRental]])*(1+Table_Provincial_GTAC35378[[#This Row],[TnTEscalation]])^7)+(MATRIX2!S85*IF(IF('MAIN-INTERFACE'!$D$2=\"No\",Table_Provincial_GTAC35378[[#This Row],[Adj.AnnualRental]],(Table_Provincial_GTAC35378[[#This Row],[RtmAnnualRental]])*(1+(IF('MAIN-INTERFACE'!$D$2=\"No\",0,'MAIN-INTERFACE'!$D$4))^(COUNTIF(MATRIX2!M85:S85,0))))*(1+(IF('MAIN-INTERFACE'!$D$2=\"No\",0,'MAIN-INTERFACE'!$D$8)))^7<Table_Provincial_GTAC35378[[#This Row],[Adj.AnnualRental]],(Table_Provincial_GTAC35378[[#This Row],[RtmAnnualRental]])*(1+(IF('MAIN-INTERFACE'!$D$2=\"No\",0,'MAIN-INTERFACE'!$D$4))^(COUNTIF(MATRIX2!M85:S85,0)))*(1+(IF('MAIN-INTERFACE'!$D$2=\"No\",0,'MAIN-INTERFACE'!$D$8)))^MATRIX2!I85,Table_Provincial_GTAC35378[[#This Row],[Adj.AnnualRental]])*(1+(IF('MAIN-INTERFACE'!$D$2=\"No\",Table_Provincial_GTAC35378[[#This Row],[TnTEscalation]],'MAIN-INTERFACE'!$G$2)))^(IF((COUNTIF(MATRIX2!M85:S85,\">0\")-1)<0,0,COUNTIF(MATRIX2!M85:S85,\">0\"))))))","v":127906.88624999998},{"$f":"SUM(Table_Provincial_GTAC35378[[#This Row],[FY 2018/19]:[FY 2023/24]])","v":784647.88556930202}]
[{"$f":"Table_Provincial_GTAC3536[[#This Row],[SystemID]]","v":95},{"$f":"VLOOKUP($A86,DATA2!$A$2:$S$607,2,FALSE)","v":"KZN"},{"$f":"VLOOKUP($A86,DATA2!$A$2:$S$607,3,FALSE)","v":"KwaZulu-Natal"},{"$f":"VLOOKUP($A86,DATA2!$A$2:$S$607,4,FALSE)","v":79.021798866855519},{"$f":"VLOOKUP($A86,DATA2!$A$2:$S$607,5,FALSE)","v":107.5},{"$f":"VLOOKUP($A86,DATA2!$A$2:$S$607,6,FALSE)","v":"VTSD"},{"$f":"VLOOKUP($A86,DATA2!$A$2:$S$607,7,FALSE)","v":706},{"$f":"VLOOKUP($A86,DATA2!$A$2:$S$607,8,FALSE)","v":true},{"$f":"VLOOKUP($A86,DATA2!$A$2:$S$607,9,FALSE)","v":0},{"$f":"VLOOKUP($A86,DATA2!$A$2:$S$607,10,FALSE)","v":55789.39},{"$f":"VLOOKUP($A86,DATA2!$A$2:$S$607,11,FALSE)","v":669472.68000000005},{"$f":"Table_Provincial_GTAC35378[[#This Row],[Benchmark]]*Table_Provincial_GTAC35378[[#This Row],[ExtentM2]]*12","v":910740},{"$f":"VLOOKUP($A86,DATA2!$A$2:$S$607,12,FALSE)","v":"2015-04-01"},{"$f":"VLOOKUP($A86,DATA2!$A$2:$S$607,13,FALSE)","v":"2016-03-31"},{"$f":"VLOOKUP($A86,DATA2!$A$2:$S$607,14,FALSE)","v":"Yes"},{"$f":"IF(MATRIX2!D86=1,($Y$8-$X$2)/365*Table_Provincial_GTAC35378[[#This Row],[Adj.AnnualRental]]*MATRIX2!D86,($Y$8-$X$2)/365*Table_Provincial_GTAC35378[[#This Row],[Adj.AnnualRental]])","v":-2422940.8500821921},{"$f":"IF('MAIN-INTERFACE'!$D$2=\"No\",(Table_Provincial_GTAC35378[[#This Row],[Adj.AnnualRental]])*(1+Table_Provincial_GTAC35378[[#This Row],[TnTEscalation]])^2,\n    (((MATRIX2!V86*Table_Provincial_GTAC35378[[#This Row],[Adj.AnnualRental]])*(1+Table_Provincial_GTAC35378[[#This Row],[TnTEscalation]])^2)+\n       (MATRIX2!N86* IF(IF('MAIN-INTERFACE'!$D$2=\"No\",Table_Provincial_GTAC35378[[#This Row],[Adj.AnnualRental]],(Table_Provincial_GTAC35378[[#This Row],[RtmAnnualRental]])*(1+\n                                 (IF('MAIN-INTERFACE'!$D$2=\"No\",0,'MAIN-INTERFACE'!$D$4))^(COUNTIF(MATRIX2!M86:N86,0))))*(1+\n                                 (IF('MAIN-INTERFACE'!$D$2=\"No\",0,'MAIN-INTERFACE'!$D$8)))^2<Table_Provincial_GTAC35378[[#This Row],[Adj.AnnualRental]],(Table_Provincial_GTAC35378[[#This Row],[RtmAnnualRental]])*(1+\n\n                                 (IF('MAIN-INTERFACE'!$D$2=\"No\",0,'MAIN-INTERFACE'!$D$4))^(COUNTIF(MATRIX2!M86:N86,0)))*(1+\n                                 (IF('MAIN-INTERFACE'!$D$2=\"No\",0,'MAIN-INTERFACE'!$D$8)))^MATRIX2!D86,Table_Provincial_GTAC35378[[#This Row],[Adj.AnnualRental]])*(1+\n\n                                (IF('MAIN-INTERFACE'!$D$2=\"No\",Table_Provincial_GTAC35378[[#This Row],[TnTEscalation]],'MAIN-INTERFACE'!$G$2)))^\n                                 (IF((COUNTIF(MATRIX2!M86:N86,\">0\")-1)<0,0,COUNTIF(MATRIX2!M86:N86,\">0\"))))))","v":694577.90550000011},{"$f":"IF('MAIN-INTERFACE'!$D$2=\"No\",(Table_Provincial_GTAC35378[[#This Row],[Adj.AnnualRental]])*(1+Table_Provincial_GTAC35378[[#This Row],[TnTEscalation]])^3,(((MATRIX2!W86*Table_Provincial_GTAC35378[[#This Row],[Adj.AnnualRental]])*(1+Table_Provincial_GTAC35378[[#This Row],[TnTEscalation]])^3)+(MATRIX2!O86*IF(IF('MAIN-INTERFACE'!$D$2=\"No\",Table_Provincial_GTAC35378[[#This Row],[Adj.AnnualRental]],(Table_Provincial_GTAC35378[[#This Row],[RtmAnnualRental]])*(1+(IF('MAIN-INTERFACE'!$D$2=\"No\",0,'MAIN-INTERFACE'!$D$4))^(COUNTIF(MATRIX2!M86:O86,0))))*(1+(IF('MAIN-INTERFACE'!$D$2=\"No\",0,'MAIN-INTERFACE'!$D$8)))^3<Table_Provincial_GTAC35378[[#This Row],[Adj.AnnualRental]],(Table_Provincial_GTAC35378[[#This Row],[RtmAnnualRental]])*(1+(IF('MAIN-INTERFACE'!$D$2=\"No\",0,'MAIN-INTERFACE'!$D$4))^(COUNTIF(MATRIX2!M86:O86,0)))*(1+(IF('MAIN-INTERFACE'!$D$2=\"No\",0,'MAIN-INTERFACE'!$D$8)))^MATRIX2!E86,Table_Provincial_GTAC35378[[#This Row],[Adj.AnnualRental]])*(1+(IF('MAIN-INTERFACE'!$D$2=\"No\",Table_Provincial_GTAC35378[[#This Row],[TnTEscalation]],'MAIN-INTERFACE'!$G$2)))^(IF((COUNTIF(MATRIX2!M86:O86,\">0\")-1)<0,0,COUNTIF(MATRIX2!M86:O86,\">0\"))))))","v":773659.36582499999},{"$f":"IF('MAIN-INTERFACE'!$D$2=\"No\",(Table_Provincial_GTAC35378[[#This Row],[Adj.AnnualRental]])*(1+Table_Provincial_GTAC35378[[#This Row],[TnTEscalation]])^4,((((MATRIX2!X86*Table_Provincial_GTAC35378[[#This Row],[Adj.AnnualRental]])*(1+Table_Provincial_GTAC35378[[#This Row],[TnTEscalation]])^4)+(MATRIX2!P86*IF(IF('MAIN-INTERFACE'!$D$2=\"No\",Table_Provincial_GTAC35378[[#This Row],[Adj.AnnualRental]],(Table_Provincial_GTAC35378[[#This Row],[RtmAnnualRental]])*(1+(IF('MAIN-INTERFACE'!$D$2=\"No\",0,'MAIN-INTERFACE'!$D$4))^(COUNTIF(MATRIX2!M86:P86,0))))*(1+(IF('MAIN-INTERFACE'!$D$2=\"No\",0,'MAIN-INTERFACE'!$D$8)))^4<Table_Provincial_GTAC35378[[#This Row],[Adj.AnnualRental]],(Table_Provincial_GTAC35378[[#This Row],[RtmAnnualRental]])*(1+(IF('MAIN-INTERFACE'!$D$2=\"No\",0,'MAIN-INTERFACE'!$D$4))^(COUNTIF(MATRIX2!M86:P86,0)))*(1+(IF('MAIN-INTERFACE'!$D$2=\"No\",0,'MAIN-INTERFACE'!$D$8)))^MATRIX2!F86,Table_Provincial_GTAC35378[[#This Row],[Adj.AnnualRental]])*(1+(IF('MAIN-INTERFACE'!$D$2=\"No\",Table_Provincial_GTAC35378[[#This Row],[TnTEscalation]],'MAIN-INTERFACE'!$G$2)))^(IF((COUNTIF(MATRIX2!M86:P86,\">0\")-1)<0,0,COUNTIF(MATRIX2!M86:P86,\">0\")))))))","v":831683.81826187496},{"$f":"IF('MAIN-INTERFACE'!$D$2=\"No\",(Table_Provincial_GTAC35378[[#This Row],[Adj.AnnualRental]])*(1+Table_Provincial_GTAC35378[[#This Row],[TnTEscalation]])^5,(((MATRIX2!Y86*Table_Provincial_GTAC35378[[#This Row],[Adj.AnnualRental]])*(1+Table_Provincial_GTAC35378[[#This Row],[TnTEscalation]])^5)+(MATRIX2!Q86*IF(IF('MAIN-INTERFACE'!$D$2=\"No\",Table_Provincial_GTAC35378[[#This Row],[Adj.AnnualRental]],(Table_Provincial_GTAC35378[[#This Row],[RtmAnnualRental]])*(1+(IF('MAIN-INTERFACE'!$D$2=\"No\",0,'MAIN-INTERFACE'!$D$4))^(COUNTIF(MATRIX2!M86:Q86,0))))*(1+(IF('MAIN-INTERFACE'!$D$2=\"No\",0,'MAIN-INTERFACE'!$D$8)))^5<Table_Provincial_GTAC35378[[#This Row],[Adj.AnnualRental]],(Table_Provincial_GTAC35378[[#This Row],[RtmAnnualRental]])*(1+(IF('MAIN-INTERFACE'!$D$2=\"No\",0,'MAIN-INTERFACE'!$D$4))^(COUNTIF(MATRIX2!M86:Q86,0)))*(1+(IF('MAIN-INTERFACE'!$D$2=\"No\",0,'MAIN-INTERFACE'!$D$8)))^MATRIX2!G86,Table_Provincial_GTAC35378[[#This Row],[Adj.AnnualRental]])*(1+(IF('MAIN-INTERFACE'!$D$2=\"No\",Table_Provincial_GTAC35378[[#This Row],[TnTEscalation]],'MAIN-INTERFACE'!$G$2)))^(IF((COUNTIF(MATRIX2!M86:Q86,\">0\")-1)<0,0,COUNTIF(MATRIX2!M86:Q86,\">0\"))))))","v":894060.10463151557},{"$f":"IF('MAIN-INTERFACE'!$D$2=\"No\",(Table_Provincial_GTAC35378[[#This Row],[Adj.AnnualRental]])*(1+Table_Provincial_GTAC35378[[#This Row],[TnTEscalation]])^6,(((MATRIX2!Z86*Table_Provincial_GTAC35378[[#This Row],[Adj.AnnualRental]])*(1+Table_Provincial_GTAC35378[[#This Row],[TnTEscalation]])^6)+(MATRIX2!R86*IF(IF('MAIN-INTERFACE'!$D$2=\"No\",Table_Provincial_GTAC35378[[#This Row],[Adj.AnnualRental]],(Table_Provincial_GTAC35378[[#This Row],[RtmAnnualRental]])*(1+(IF('MAIN-INTERFACE'!$D$2=\"No\",0,'MAIN-INTERFACE'!$D$4))^(COUNTIF(MATRIX2!M86:R86,0))))*(1+(IF('MAIN-INTERFACE'!$D$2=\"No\",0,'MAIN-INTERFACE'!$D$8)))^6<Table_Provincial_GTAC35378[[#This Row],[Adj.AnnualRental]],(Table_Provincial_GTAC35378[[#This Row],[RtmAnnualRental]])*(1+(IF('MAIN-INTERFACE'!$D$2=\"No\",0,'MAIN-INTERFACE'!$D$4))^(COUNTIF(MATRIX2!M86:R86,0)))*(1+(IF('MAIN-INTERFACE'!$D$2=\"No\",0,'MAIN-INTERFACE'!$D$8)))^MATRIX2!H86,Table_Provincial_GTAC35378[[#This Row],[Adj.AnnualRental]])*(1+(IF('MAIN-INTERFACE'!$D$2=\"No\",Table_Provincial_GTAC35378[[#This Row],[TnTEscalation]],'MAIN-INTERFACE'!$G$2)))^(IF((COUNTIF(MATRIX2!M86:R86,\">0\")-1)<0,0,COUNTIF(MATRIX2!M86:R86,\">0\"))))))","v":961114.61247887928},{"$f":"IF('MAIN-INTERFACE'!$D$2=\"No\",(Table_Provincial_GTAC35378[[#This Row],[Adj.AnnualRental]])*(1+Table_Provincial_GTAC35378[[#This Row],[TnTEscalation]])^7,(((MATRIX2!AA86*Table_Provincial_GTAC35378[[#This Row],[Adj.AnnualRental]])*(1+Table_Provincial_GTAC35378[[#This Row],[TnTEscalation]])^7)+(MATRIX2!S86*IF(IF('MAIN-INTERFACE'!$D$2=\"No\",Table_Provincial_GTAC35378[[#This Row],[Adj.AnnualRental]],(Table_Provincial_GTAC35378[[#This Row],[RtmAnnualRental]])*(1+(IF('MAIN-INTERFACE'!$D$2=\"No\",0,'MAIN-INTERFACE'!$D$4))^(COUNTIF(MATRIX2!M86:S86,0))))*(1+(IF('MAIN-INTERFACE'!$D$2=\"No\",0,'MAIN-INTERFACE'!$D$8)))^7<Table_Provincial_GTAC35378[[#This Row],[Adj.AnnualRental]],(Table_Provincial_GTAC35378[[#This Row],[RtmAnnualRental]])*(1+(IF('MAIN-INTERFACE'!$D$2=\"No\",0,'MAIN-INTERFACE'!$D$4))^(COUNTIF(MATRIX2!M86:S86,0)))*(1+(IF('MAIN-INTERFACE'!$D$2=\"No\",0,'MAIN-INTERFACE'!$D$8)))^MATRIX2!I86,Table_Provincial_GTAC35378[[#This Row],[Adj.AnnualRental]])*(1+(IF('MAIN-INTERFACE'!$D$2=\"No\",Table_Provincial_GTAC35378[[#This Row],[TnTEscalation]],'MAIN-INTERFACE'!$G$2)))^(IF((COUNTIF(MATRIX2!M86:S86,\">0\")-1)<0,0,COUNTIF(MATRIX2!M86:S86,\">0\"))))))","v":1033198.2084147951},{"$f":"SUM(Table_Provincial_GTAC35378[[#This Row],[FY 2018/19]:[FY 2023/24]])","v":5188294.0151120648}]
[{"$f":"Table_Provincial_GTAC3536[[#This Row],[SystemID]]","v":98},{"$f":"VLOOKUP($A87,DATA2!$A$2:$S$607,2,FALSE)","v":"KZN"},{"$f":"VLOOKUP($A87,DATA2!$A$2:$S$607,3,FALSE)","v":"KwaZulu-Natal"},{"$f":"VLOOKUP($A87,DATA2!$A$2:$S$607,4,FALSE)","v":56.971744186046514},{"$f":"VLOOKUP($A87,DATA2!$A$2:$S$607,5,FALSE)","v":65},{"$f":"VLOOKUP($A87,DATA2!$A$2:$S$607,6,FALSE)","v":"VTSD"},{"$f":"VLOOKUP($A87,DATA2!$A$2:$S$607,7,FALSE)","v":344},{"$f":"VLOOKUP($A87,DATA2!$A$2:$S$607,8,FALSE)","v":true},{"$f":"VLOOKUP($A87,DATA2!$A$2:$S$607,9,FALSE)","v":0.1},{"$f":"VLOOKUP($A87,DATA2!$A$2:$S$607,10,FALSE)","v":19598.28},{"$f":"VLOOKUP($A87,DATA2!$A$2:$S$607,11,FALSE)","v":235179.36},{"$f":"Table_Provincial_GTAC35378[[#This Row],[Benchmark]]*Table_Provincial_GTAC35378[[#This Row],[ExtentM2]]*12","v":268320},{"$f":"VLOOKUP($A87,DATA2!$A$2:$S$607,12,FALSE)","v":"2015-04-01"},{"$f":"VLOOKUP($A87,DATA2!$A$2:$S$607,13,FALSE)","v":"2016-03-31"},{"$f":"VLOOKUP($A87,DATA2!$A$2:$S$607,14,FALSE)","v":"Yes"},{"$f":"IF(MATRIX2!D87=1,($Y$8-$X$2)/365*Table_Provincial_GTAC35378[[#This Row],[Adj.AnnualRental]]*MATRIX2!D87,($Y$8-$X$2)/365*Table_Provincial_GTAC35378[[#This Row],[Adj.AnnualRental]])","v":-851155.98509589036},{"$f":"IF('MAIN-INTERFACE'!$D$2=\"No\",(Table_Provincial_GTAC35378[[#This Row],[Adj.AnnualRental]])*(1+Table_Provincial_GTAC35378[[#This Row],[TnTEscalation]])^2,\n    (((MATRIX2!V87*Table_Provincial_GTAC35378[[#This Row],[Adj.AnnualRental]])*(1+Table_Provincial_GTAC35378[[#This Row],[TnTEscalation]])^2)+\n       (MATRIX2!N87* IF(IF('MAIN-INTERFACE'!$D$2=\"No\",Table_Provincial_GTAC35378[[#This Row],[Adj.AnnualRental]],(Table_Provincial_GTAC35378[[#This Row],[RtmAnnualRental]])*(1+\n                                 (IF('MAIN-INTERFACE'!$D$2=\"No\",0,'MAIN-INTERFACE'!$D$4))^(COUNTIF(MATRIX2!M87:N87,0))))*(1+\n                                 (IF('MAIN-INTERFACE'!$D$2=\"No\",0,'MAIN-INTERFACE'!$D$8)))^2<Table_Provincial_GTAC35378[[#This Row],[Adj.AnnualRental]],(Table_Provincial_GTAC35378[[#This Row],[RtmAnnualRental]])*(1+\n\n                                 (IF('MAIN-INTERFACE'!$D$2=\"No\",0,'MAIN-INTERFACE'!$D$4))^(COUNTIF(MATRIX2!M87:N87,0)))*(1+\n                                 (IF('MAIN-INTERFACE'!$D$2=\"No\",0,'MAIN-INTERFACE'!$D$8)))^MATRIX2!D87,Table_Provincial_GTAC35378[[#This Row],[Adj.AnnualRental]])*(1+\n\n                                (IF('MAIN-INTERFACE'!$D$2=\"No\",Table_Provincial_GTAC35378[[#This Row],[TnTEscalation]],'MAIN-INTERFACE'!$G$2)))^\n                                 (IF((COUNTIF(MATRIX2!M87:N87,\">0\")-1)<0,0,COUNTIF(MATRIX2!M87:N87,\">0\"))))))","v":268692.41879999998},{"$f":"IF('MAIN-INTERFACE'!$D$2=\"No\",(Table_Provincial_GTAC35378[[#This Row],[Adj.AnnualRental]])*(1+Table_Provincial_GTAC35378[[#This Row],[TnTEscalation]])^3,(((MATRIX2!W87*Table_Provincial_GTAC35378[[#This Row],[Adj.AnnualRental]])*(1+Table_Provincial_GTAC35378[[#This Row],[TnTEscalation]])^3)+(MATRIX2!O87*IF(IF('MAIN-INTERFACE'!$D$2=\"No\",Table_Provincial_GTAC35378[[#This Row],[Adj.AnnualRental]],(Table_Provincial_GTAC35378[[#This Row],[RtmAnnualRental]])*(1+(IF('MAIN-INTERFACE'!$D$2=\"No\",0,'MAIN-INTERFACE'!$D$4))^(COUNTIF(MATRIX2!M87:O87,0))))*(1+(IF('MAIN-INTERFACE'!$D$2=\"No\",0,'MAIN-INTERFACE'!$D$8)))^3<Table_Provincial_GTAC35378[[#This Row],[Adj.AnnualRental]],(Table_Provincial_GTAC35378[[#This Row],[RtmAnnualRental]])*(1+(IF('MAIN-INTERFACE'!$D$2=\"No\",0,'MAIN-INTERFACE'!$D$4))^(COUNTIF(MATRIX2!M87:O87,0)))*(1+(IF('MAIN-INTERFACE'!$D$2=\"No\",0,'MAIN-INTERFACE'!$D$8)))^MATRIX2!E87,Table_Provincial_GTAC35378[[#This Row],[Adj.AnnualRental]])*(1+(IF('MAIN-INTERFACE'!$D$2=\"No\",Table_Provincial_GTAC35378[[#This Row],[TnTEscalation]],'MAIN-INTERFACE'!$G$2)))^(IF((COUNTIF(MATRIX2!M87:O87,\">0\")-1)<0,0,COUNTIF(MATRIX2!M87:O87,\">0\"))))))","v":271779.14789999998},{"$f":"IF('MAIN-INTERFACE'!$D$2=\"No\",(Table_Provincial_GTAC35378[[#This Row],[Adj.AnnualRental]])*(1+Table_Provincial_GTAC35378[[#This Row],[TnTEscalation]])^4,((((MATRIX2!X87*Table_Provincial_GTAC35378[[#This Row],[Adj.AnnualRental]])*(1+Table_Provincial_GTAC35378[[#This Row],[TnTEscalation]])^4)+(MATRIX2!P87*IF(IF('MAIN-INTERFACE'!$D$2=\"No\",Table_Provincial_GTAC35378[[#This Row],[Adj.AnnualRental]],(Table_Provincial_GTAC35378[[#This Row],[RtmAnnualRental]])*(1+(IF('MAIN-INTERFACE'!$D$2=\"No\",0,'MAIN-INTERFACE'!$D$4))^(COUNTIF(MATRIX2!M87:P87,0))))*(1+(IF('MAIN-INTERFACE'!$D$2=\"No\",0,'MAIN-INTERFACE'!$D$8)))^4<Table_Provincial_GTAC35378[[#This Row],[Adj.AnnualRental]],(Table_Provincial_GTAC35378[[#This Row],[RtmAnnualRental]])*(1+(IF('MAIN-INTERFACE'!$D$2=\"No\",0,'MAIN-INTERFACE'!$D$4))^(COUNTIF(MATRIX2!M87:P87,0)))*(1+(IF('MAIN-INTERFACE'!$D$2=\"No\",0,'MAIN-INTERFACE'!$D$8)))^MATRIX2!F87,Table_Provincial_GTAC35378[[#This Row],[Adj.AnnualRental]])*(1+(IF('MAIN-INTERFACE'!$D$2=\"No\",Table_Provincial_GTAC35378[[#This Row],[TnTEscalation]],'MAIN-INTERFACE'!$G$2)))^(IF((COUNTIF(MATRIX2!M87:P87,\">0\")-1)<0,0,COUNTIF(MATRIX2!M87:P87,\">0\")))))))","v":292162.58399249997},{"$f":"IF('MAIN-INTERFACE'!$D$2=\"No\",(Table_Provincial_GTAC35378[[#This Row],[Adj.AnnualRental]])*(1+Table_Provincial_GTAC35378[[#This Row],[TnTEscalation]])^5,(((MATRIX2!Y87*Table_Provincial_GTAC35378[[#This Row],[Adj.AnnualRental]])*(1+Table_Provincial_GTAC35378[[#This Row],[TnTEscalation]])^5)+(MATRIX2!Q87*IF(IF('MAIN-INTERFACE'!$D$2=\"No\",Table_Provincial_GTAC35378[[#This Row],[Adj.AnnualRental]],(Table_Provincial_GTAC35378[[#This Row],[RtmAnnualRental]])*(1+(IF('MAIN-INTERFACE'!$D$2=\"No\",0,'MAIN-INTERFACE'!$D$4))^(COUNTIF(MATRIX2!M87:Q87,0))))*(1+(IF('MAIN-INTERFACE'!$D$2=\"No\",0,'MAIN-INTERFACE'!$D$8)))^5<Table_Provincial_GTAC35378[[#This Row],[Adj.AnnualRental]],(Table_Provincial_GTAC35378[[#This Row],[RtmAnnualRental]])*(1+(IF('MAIN-INTERFACE'!$D$2=\"No\",0,'MAIN-INTERFACE'!$D$4))^(COUNTIF(MATRIX2!M87:Q87,0)))*(1+(IF('MAIN-INTERFACE'!$D$2=\"No\",0,'MAIN-INTERFACE'!$D$8)))^MATRIX2!G87,Table_Provincial_GTAC35378[[#This Row],[Adj.AnnualRental]])*(1+(IF('MAIN-INTERFACE'!$D$2=\"No\",Table_Provincial_GTAC35378[[#This Row],[TnTEscalation]],'MAIN-INTERFACE'!$G$2)))^(IF((COUNTIF(MATRIX2!M87:Q87,\">0\")-1)<0,0,COUNTIF(MATRIX2!M87:Q87,\">0\"))))))","v":314074.77779193746},{"$f":"IF('MAIN-INTERFACE'!$D$2=\"No\",(Table_Provincial_GTAC35378[[#This Row],[Adj.AnnualRental]])*(1+Table_Provincial_GTAC35378[[#This Row],[TnTEscalation]])^6,(((MATRIX2!Z87*Table_Provincial_GTAC35378[[#This Row],[Adj.AnnualRental]])*(1+Table_Provincial_GTAC35378[[#This Row],[TnTEscalation]])^6)+(MATRIX2!R87*IF(IF('MAIN-INTERFACE'!$D$2=\"No\",Table_Provincial_GTAC35378[[#This Row],[Adj.AnnualRental]],(Table_Provincial_GTAC35378[[#This Row],[RtmAnnualRental]])*(1+(IF('MAIN-INTERFACE'!$D$2=\"No\",0,'MAIN-INTERFACE'!$D$4))^(COUNTIF(MATRIX2!M87:R87,0))))*(1+(IF('MAIN-INTERFACE'!$D$2=\"No\",0,'MAIN-INTERFACE'!$D$8)))^6<Table_Provincial_GTAC35378[[#This Row],[Adj.AnnualRental]],(Table_Provincial_GTAC35378[[#This Row],[RtmAnnualRental]])*(1+(IF('MAIN-INTERFACE'!$D$2=\"No\",0,'MAIN-INTERFACE'!$D$4))^(COUNTIF(MATRIX2!M87:R87,0)))*(1+(IF('MAIN-INTERFACE'!$D$2=\"No\",0,'MAIN-INTERFACE'!$D$8)))^MATRIX2!H87,Table_Provincial_GTAC35378[[#This Row],[Adj.AnnualRental]])*(1+(IF('MAIN-INTERFACE'!$D$2=\"No\",Table_Provincial_GTAC35378[[#This Row],[TnTEscalation]],'MAIN-INTERFACE'!$G$2)))^(IF((COUNTIF(MATRIX2!M87:R87,\">0\")-1)<0,0,COUNTIF(MATRIX2!M87:R87,\">0\"))))))","v":337630.38612633274},{"$f":"IF('MAIN-INTERFACE'!$D$2=\"No\",(Table_Provincial_GTAC35378[[#This Row],[Adj.AnnualRental]])*(1+Table_Provincial_GTAC35378[[#This Row],[TnTEscalation]])^7,(((MATRIX2!AA87*Table_Provincial_GTAC35378[[#This Row],[Adj.AnnualRental]])*(1+Table_Provincial_GTAC35378[[#This Row],[TnTEscalation]])^7)+(MATRIX2!S87*IF(IF('MAIN-INTERFACE'!$D$2=\"No\",Table_Provincial_GTAC35378[[#This Row],[Adj.AnnualRental]],(Table_Provincial_GTAC35378[[#This Row],[RtmAnnualRental]])*(1+(IF('MAIN-INTERFACE'!$D$2=\"No\",0,'MAIN-INTERFACE'!$D$4))^(COUNTIF(MATRIX2!M87:S87,0))))*(1+(IF('MAIN-INTERFACE'!$D$2=\"No\",0,'MAIN-INTERFACE'!$D$8)))^7<Table_Provincial_GTAC35378[[#This Row],[Adj.AnnualRental]],(Table_Provincial_GTAC35378[[#This Row],[RtmAnnualRental]])*(1+(IF('MAIN-INTERFACE'!$D$2=\"No\",0,'MAIN-INTERFACE'!$D$4))^(COUNTIF(MATRIX2!M87:S87,0)))*(1+(IF('MAIN-INTERFACE'!$D$2=\"No\",0,'MAIN-INTERFACE'!$D$8)))^MATRIX2!I87,Table_Provincial_GTAC35378[[#This Row],[Adj.AnnualRental]])*(1+(IF('MAIN-INTERFACE'!$D$2=\"No\",Table_Provincial_GTAC35378[[#This Row],[TnTEscalation]],'MAIN-INTERFACE'!$G$2)))^(IF((COUNTIF(MATRIX2!M87:S87,\">0\")-1)<0,0,COUNTIF(MATRIX2!M87:S87,\">0\"))))))","v":362952.66508580768},{"$f":"SUM(Table_Provincial_GTAC35378[[#This Row],[FY 2018/19]:[FY 2023/24]])","v":1847291.9796965779}]
[{"$f":"Table_Provincial_GTAC3536[[#This Row],[SystemID]]","v":99},{"$f":"VLOOKUP($A88,DATA2!$A$2:$S$607,2,FALSE)","v":"KZN"},{"$f":"VLOOKUP($A88,DATA2!$A$2:$S$607,3,FALSE)","v":"KwaZulu-Natal"},{"$f":"VLOOKUP($A88,DATA2!$A$2:$S$607,4,FALSE)","v":103.76795168909884},{"$f":"VLOOKUP($A88,DATA2!$A$2:$S$607,5,FALSE)","v":65},{"$f":"VLOOKUP($A88,DATA2!$A$2:$S$607,6,FALSE)","v":"VTSD"},{"$f":"VLOOKUP($A88,DATA2!$A$2:$S$607,7,FALSE)","v":2243.8000000000002},{"$f":"VLOOKUP($A88,DATA2!$A$2:$S$607,8,FALSE)","v":true},{"$f":"VLOOKUP($A88,DATA2!$A$2:$S$607,9,FALSE)","v":0.08},{"$f":"VLOOKUP($A88,DATA2!$A$2:$S$607,10,FALSE)","v":232834.53},{"$f":"VLOOKUP($A88,DATA2!$A$2:$S$607,11,FALSE)","v":2794014.36},{"$f":"Table_Provincial_GTAC35378[[#This Row],[Benchmark]]*Table_Provincial_GTAC35378[[#This Row],[ExtentM2]]*12","v":1750164},{"$f":"VLOOKUP($A88,DATA2!$A$2:$S$607,12,FALSE)","v":"2015-01-01"},{"$f":"VLOOKUP($A88,DATA2!$A$2:$S$607,13,FALSE)","v":"2017-12-31"},{"$f":"VLOOKUP($A88,DATA2!$A$2:$S$607,14,FALSE)","v":"No"},{"$f":"IF(MATRIX2!D88=1,($Y$8-$X$2)/365*Table_Provincial_GTAC35378[[#This Row],[Adj.AnnualRental]]*MATRIX2!D88,($Y$8-$X$2)/365*Table_Provincial_GTAC35378[[#This Row],[Adj.AnnualRental]])","v":-10112035.533041095},{"$f":"IF('MAIN-INTERFACE'!$D$2=\"No\",(Table_Provincial_GTAC35378[[#This Row],[Adj.AnnualRental]])*(1+Table_Provincial_GTAC35378[[#This Row],[TnTEscalation]])^2,\n    (((MATRIX2!V88*Table_Provincial_GTAC35378[[#This Row],[Adj.AnnualRental]])*(1+Table_Provincial_GTAC35378[[#This Row],[TnTEscalation]])^2)+\n       (MATRIX2!N88* IF(IF('MAIN-INTERFACE'!$D$2=\"No\",Table_Provincial_GTAC35378[[#This Row],[Adj.AnnualRental]],(Table_Provincial_GTAC35378[[#This Row],[RtmAnnualRental]])*(1+\n                                 (IF('MAIN-INTERFACE'!$D$2=\"No\",0,'MAIN-INTERFACE'!$D$4))^(COUNTIF(MATRIX2!M88:N88,0))))*(1+\n                                 (IF('MAIN-INTERFACE'!$D$2=\"No\",0,'MAIN-INTERFACE'!$D$8)))^2<Table_Provincial_GTAC35378[[#This Row],[Adj.AnnualRental]],(Table_Provincial_GTAC35378[[#This Row],[RtmAnnualRental]])*(1+\n\n                                 (IF('MAIN-INTERFACE'!$D$2=\"No\",0,'MAIN-INTERFACE'!$D$4))^(COUNTIF(MATRIX2!M88:N88,0)))*(1+\n                                 (IF('MAIN-INTERFACE'!$D$2=\"No\",0,'MAIN-INTERFACE'!$D$8)))^MATRIX2!D88,Table_Provincial_GTAC35378[[#This Row],[Adj.AnnualRental]])*(1+\n\n                                (IF('MAIN-INTERFACE'!$D$2=\"No\",Table_Provincial_GTAC35378[[#This Row],[TnTEscalation]],'MAIN-INTERFACE'!$G$2)))^\n                                 (IF((COUNTIF(MATRIX2!M88:N88,\">0\")-1)<0,0,COUNTIF(MATRIX2!M88:N88,\">0\"))))))","v":2283139.0568537423},{"$f":"IF('MAIN-INTERFACE'!$D$2=\"No\",(Table_Provincial_GTAC35378[[#This Row],[Adj.AnnualRental]])*(1+Table_Provincial_GTAC35378[[#This Row],[TnTEscalation]])^3,(((MATRIX2!W88*Table_Provincial_GTAC35378[[#This Row],[Adj.AnnualRental]])*(1+Table_Provincial_GTAC35378[[#This Row],[TnTEscalation]])^3)+(MATRIX2!O88*IF(IF('MAIN-INTERFACE'!$D$2=\"No\",Table_Provincial_GTAC35378[[#This Row],[Adj.AnnualRental]],(Table_Provincial_GTAC35378[[#This Row],[RtmAnnualRental]])*(1+(IF('MAIN-INTERFACE'!$D$2=\"No\",0,'MAIN-INTERFACE'!$D$4))^(COUNTIF(MATRIX2!M88:O88,0))))*(1+(IF('MAIN-INTERFACE'!$D$2=\"No\",0,'MAIN-INTERFACE'!$D$8)))^3<Table_Provincial_GTAC35378[[#This Row],[Adj.AnnualRental]],(Table_Provincial_GTAC35378[[#This Row],[RtmAnnualRental]])*(1+(IF('MAIN-INTERFACE'!$D$2=\"No\",0,'MAIN-INTERFACE'!$D$4))^(COUNTIF(MATRIX2!M88:O88,0)))*(1+(IF('MAIN-INTERFACE'!$D$2=\"No\",0,'MAIN-INTERFACE'!$D$8)))^MATRIX2!E88,Table_Provincial_GTAC35378[[#This Row],[Adj.AnnualRental]])*(1+(IF('MAIN-INTERFACE'!$D$2=\"No\",Table_Provincial_GTAC35378[[#This Row],[TnTEscalation]],'MAIN-INTERFACE'!$G$2)))^(IF((COUNTIF(MATRIX2!M88:O88,\">0\")-1)<0,0,COUNTIF(MATRIX2!M88:O88,\">0\"))))))","v":2103434.6033999999},{"$f":"IF('MAIN-INTERFACE'!$D$2=\"No\",(Table_Provincial_GTAC35378[[#This Row],[Adj.AnnualRental]])*(1+Table_Provincial_GTAC35378[[#This Row],[TnTEscalation]])^4,((((MATRIX2!X88*Table_Provincial_GTAC35378[[#This Row],[Adj.AnnualRental]])*(1+Table_Provincial_GTAC35378[[#This Row],[TnTEscalation]])^4)+(MATRIX2!P88*IF(IF('MAIN-INTERFACE'!$D$2=\"No\",Table_Provincial_GTAC35378[[#This Row],[Adj.AnnualRental]],(Table_Provincial_GTAC35378[[#This Row],[RtmAnnualRental]])*(1+(IF('MAIN-INTERFACE'!$D$2=\"No\",0,'MAIN-INTERFACE'!$D$4))^(COUNTIF(MATRIX2!M88:P88,0))))*(1+(IF('MAIN-INTERFACE'!$D$2=\"No\",0,'MAIN-INTERFACE'!$D$8)))^4<Table_Provincial_GTAC35378[[#This Row],[Adj.AnnualRental]],(Table_Provincial_GTAC35378[[#This Row],[RtmAnnualRental]])*(1+(IF('MAIN-INTERFACE'!$D$2=\"No\",0,'MAIN-INTERFACE'!$D$4))^(COUNTIF(MATRIX2!M88:P88,0)))*(1+(IF('MAIN-INTERFACE'!$D$2=\"No\",0,'MAIN-INTERFACE'!$D$8)))^MATRIX2!F88,Table_Provincial_GTAC35378[[#This Row],[Adj.AnnualRental]])*(1+(IF('MAIN-INTERFACE'!$D$2=\"No\",Table_Provincial_GTAC35378[[#This Row],[TnTEscalation]],'MAIN-INTERFACE'!$G$2)))^(IF((COUNTIF(MATRIX2!M88:P88,\">0\")-1)<0,0,COUNTIF(MATRIX2!M88:P88,\">0\")))))))","v":2261192.198655},{"$f":"IF('MAIN-INTERFACE'!$D$2=\"No\",(Table_Provincial_GTAC35378[[#This Row],[Adj.AnnualRental]])*(1+Table_Provincial_GTAC35378[[#This Row],[TnTEscalation]])^5,(((MATRIX2!Y88*Table_Provincial_GTAC35378[[#This Row],[Adj.AnnualRental]])*(1+Table_Provincial_GTAC35378[[#This Row],[TnTEscalation]])^5)+(MATRIX2!Q88*IF(IF('MAIN-INTERFACE'!$D$2=\"No\",Table_Provincial_GTAC35378[[#This Row],[Adj.AnnualRental]],(Table_Provincial_GTAC35378[[#This Row],[RtmAnnualRental]])*(1+(IF('MAIN-INTERFACE'!$D$2=\"No\",0,'MAIN-INTERFACE'!$D$4))^(COUNTIF(MATRIX2!M88:Q88,0))))*(1+(IF('MAIN-INTERFACE'!$D$2=\"No\",0,'MAIN-INTERFACE'!$D$8)))^5<Table_Provincial_GTAC35378[[#This Row],[Adj.AnnualRental]],(Table_Provincial_GTAC35378[[#This Row],[RtmAnnualRental]])*(1+(IF('MAIN-INTERFACE'!$D$2=\"No\",0,'MAIN-INTERFACE'!$D$4))^(COUNTIF(MATRIX2!M88:Q88,0)))*(1+(IF('MAIN-INTERFACE'!$D$2=\"No\",0,'MAIN-INTERFACE'!$D$8)))^MATRIX2!G88,Table_Provincial_GTAC35378[[#This Row],[Adj.AnnualRental]])*(1+(IF('MAIN-INTERFACE'!$D$2=\"No\",Table_Provincial_GTAC35378[[#This Row],[TnTEscalation]],'MAIN-INTERFACE'!$G$2)))^(IF((COUNTIF(MATRIX2!M88:Q88,\">0\")-1)<0,0,COUNTIF(MATRIX2!M88:Q88,\">0\"))))))","v":2430781.6135541247},{"$f":"IF('MAIN-INTERFACE'!$D$2=\"No\",(Table_Provincial_GTAC35378[[#This Row],[Adj.AnnualRental]])*(1+Table_Provincial_GTAC35378[[#This Row],[TnTEscalation]])^6,(((MATRIX2!Z88*Table_Provincial_GTAC35378[[#This Row],[Adj.AnnualRental]])*(1+Table_Provincial_GTAC35378[[#This Row],[TnTEscalation]])^6)+(MATRIX2!R88*IF(IF('MAIN-INTERFACE'!$D$2=\"No\",Table_Provincial_GTAC35378[[#This Row],[Adj.AnnualRental]],(Table_Provincial_GTAC35378[[#This Row],[RtmAnnualRental]])*(1+(IF('MAIN-INTERFACE'!$D$2=\"No\",0,'MAIN-INTERFACE'!$D$4))^(COUNTIF(MATRIX2!M88:R88,0))))*(1+(IF('MAIN-INTERFACE'!$D$2=\"No\",0,'MAIN-INTERFACE'!$D$8)))^6<Table_Provincial_GTAC35378[[#This Row],[Adj.AnnualRental]],(Table_Provincial_GTAC35378[[#This Row],[RtmAnnualRental]])*(1+(IF('MAIN-INTERFACE'!$D$2=\"No\",0,'MAIN-INTERFACE'!$D$4))^(COUNTIF(MATRIX2!M88:R88,0)))*(1+(IF('MAIN-INTERFACE'!$D$2=\"No\",0,'MAIN-INTERFACE'!$D$8)))^MATRIX2!H88,Table_Provincial_GTAC35378[[#This Row],[Adj.AnnualRental]])*(1+(IF('MAIN-INTERFACE'!$D$2=\"No\",Table_Provincial_GTAC35378[[#This Row],[TnTEscalation]],'MAIN-INTERFACE'!$G$2)))^(IF((COUNTIF(MATRIX2!M88:R88,\">0\")-1)<0,0,COUNTIF(MATRIX2!M88:R88,\">0\"))))))","v":2613090.2345706844},{"$f":"IF('MAIN-INTERFACE'!$D$2=\"No\",(Table_Provincial_GTAC35378[[#This Row],[Adj.AnnualRental]])*(1+Table_Provincial_GTAC35378[[#This Row],[TnTEscalation]])^7,(((MATRIX2!AA88*Table_Provincial_GTAC35378[[#This Row],[Adj.AnnualRental]])*(1+Table_Provincial_GTAC35378[[#This Row],[TnTEscalation]])^7)+(MATRIX2!S88*IF(IF('MAIN-INTERFACE'!$D$2=\"No\",Table_Provincial_GTAC35378[[#This Row],[Adj.AnnualRental]],(Table_Provincial_GTAC35378[[#This Row],[RtmAnnualRental]])*(1+(IF('MAIN-INTERFACE'!$D$2=\"No\",0,'MAIN-INTERFACE'!$D$4))^(COUNTIF(MATRIX2!M88:S88,0))))*(1+(IF('MAIN-INTERFACE'!$D$2=\"No\",0,'MAIN-INTERFACE'!$D$8)))^7<Table_Provincial_GTAC35378[[#This Row],[Adj.AnnualRental]],(Table_Provincial_GTAC35378[[#This Row],[RtmAnnualRental]])*(1+(IF('MAIN-INTERFACE'!$D$2=\"No\",0,'MAIN-INTERFACE'!$D$4))^(COUNTIF(MATRIX2!M88:S88,0)))*(1+(IF('MAIN-INTERFACE'!$D$2=\"No\",0,'MAIN-INTERFACE'!$D$8)))^MATRIX2!I88,Table_Provincial_GTAC35378[[#This Row],[Adj.AnnualRental]])*(1+(IF('MAIN-INTERFACE'!$D$2=\"No\",Table_Provincial_GTAC35378[[#This Row],[TnTEscalation]],'MAIN-INTERFACE'!$G$2)))^(IF((COUNTIF(MATRIX2!M88:S88,\">0\")-1)<0,0,COUNTIF(MATRIX2!M88:S88,\">0\"))))))","v":2809072.0021634852},{"$f":"SUM(Table_Provincial_GTAC35378[[#This Row],[FY 2018/19]:[FY 2023/24]])","v":14500709.709197035}]
[{"$f":"Table_Provincial_GTAC3536[[#This Row],[SystemID]]","v":104},{"$f":"VLOOKUP($A89,DATA2!$A$2:$S$607,2,FALSE)","v":"KZN"},{"$f":"VLOOKUP($A89,DATA2!$A$2:$S$607,3,FALSE)","v":"KwaZulu-Natal"},{"$f":"VLOOKUP($A89,DATA2!$A$2:$S$607,4,FALSE)","v":43.110205361341905},{"$f":"VLOOKUP($A89,DATA2!$A$2:$S$607,5,FALSE)","v":65},{"$f":"VLOOKUP($A89,DATA2!$A$2:$S$607,6,FALSE)","v":"MAIN CENTRE"},{"$f":"VLOOKUP($A89,DATA2!$A$2:$S$607,7,FALSE)","v":6379},{"$f":"VLOOKUP($A89,DATA2!$A$2:$S$607,8,FALSE)","v":true},{"$f":"VLOOKUP($A89,DATA2!$A$2:$S$607,9,FALSE)","v":0},{"$f":"VLOOKUP($A89,DATA2!$A$2:$S$607,10,FALSE)","v":275000},{"$f":"VLOOKUP($A89,DATA2!$A$2:$S$607,11,FALSE)","v":3300000},{"$f":"Table_Provincial_GTAC35378[[#This Row],[Benchmark]]*Table_Provincial_GTAC35378[[#This Row],[ExtentM2]]*12","v":4975620},{"$f":"VLOOKUP($A89,DATA2!$A$2:$S$607,12,FALSE)","v":"2016-09-01"},{"$f":"VLOOKUP($A89,DATA2!$A$2:$S$607,13,FALSE)","v":"2019-08-31"},{"$f":"VLOOKUP($A89,DATA2!$A$2:$S$607,14,FALSE)","v":"No"},{"$f":"IF(MATRIX2!D89=1,($Y$8-$X$2)/365*Table_Provincial_GTAC35378[[#This Row],[Adj.AnnualRental]]*MATRIX2!D89,($Y$8-$X$2)/365*Table_Provincial_GTAC35378[[#This Row],[Adj.AnnualRental]])","v":-11943287.671232877},{"$f":"IF('MAIN-INTERFACE'!$D$2=\"No\",(Table_Provincial_GTAC35378[[#This Row],[Adj.AnnualRental]])*(1+Table_Provincial_GTAC35378[[#This Row],[TnTEscalation]])^2,\n    (((MATRIX2!V89*Table_Provincial_GTAC35378[[#This Row],[Adj.AnnualRental]])*(1+Table_Provincial_GTAC35378[[#This Row],[TnTEscalation]])^2)+\n       (MATRIX2!N89* IF(IF('MAIN-INTERFACE'!$D$2=\"No\",Table_Provincial_GTAC35378[[#This Row],[Adj.AnnualRental]],(Table_Provincial_GTAC35378[[#This Row],[RtmAnnualRental]])*(1+\n                                 (IF('MAIN-INTERFACE'!$D$2=\"No\",0,'MAIN-INTERFACE'!$D$4))^(COUNTIF(MATRIX2!M89:N89,0))))*(1+\n                                 (IF('MAIN-INTERFACE'!$D$2=\"No\",0,'MAIN-INTERFACE'!$D$8)))^2<Table_Provincial_GTAC35378[[#This Row],[Adj.AnnualRental]],(Table_Provincial_GTAC35378[[#This Row],[RtmAnnualRental]])*(1+\n\n                                 (IF('MAIN-INTERFACE'!$D$2=\"No\",0,'MAIN-INTERFACE'!$D$4))^(COUNTIF(MATRIX2!M89:N89,0)))*(1+\n                                 (IF('MAIN-INTERFACE'!$D$2=\"No\",0,'MAIN-INTERFACE'!$D$8)))^MATRIX2!D89,Table_Provincial_GTAC35378[[#This Row],[Adj.AnnualRental]])*(1+\n\n                                (IF('MAIN-INTERFACE'!$D$2=\"No\",Table_Provincial_GTAC35378[[#This Row],[TnTEscalation]],'MAIN-INTERFACE'!$G$2)))^\n                                 (IF((COUNTIF(MATRIX2!M89:N89,\">0\")-1)<0,0,COUNTIF(MATRIX2!M89:N89,\">0\"))))))","v":3300000},{"$f":"IF('MAIN-INTERFACE'!$D$2=\"No\",(Table_Provincial_GTAC35378[[#This Row],[Adj.AnnualRental]])*(1+Table_Provincial_GTAC35378[[#This Row],[TnTEscalation]])^3,(((MATRIX2!W89*Table_Provincial_GTAC35378[[#This Row],[Adj.AnnualRental]])*(1+Table_Provincial_GTAC35378[[#This Row],[TnTEscalation]])^3)+(MATRIX2!O89*IF(IF('MAIN-INTERFACE'!$D$2=\"No\",Table_Provincial_GTAC35378[[#This Row],[Adj.AnnualRental]],(Table_Provincial_GTAC35378[[#This Row],[RtmAnnualRental]])*(1+(IF('MAIN-INTERFACE'!$D$2=\"No\",0,'MAIN-INTERFACE'!$D$4))^(COUNTIF(MATRIX2!M89:O89,0))))*(1+(IF('MAIN-INTERFACE'!$D$2=\"No\",0,'MAIN-INTERFACE'!$D$8)))^3<Table_Provincial_GTAC35378[[#This Row],[Adj.AnnualRental]],(Table_Provincial_GTAC35378[[#This Row],[RtmAnnualRental]])*(1+(IF('MAIN-INTERFACE'!$D$2=\"No\",0,'MAIN-INTERFACE'!$D$4))^(COUNTIF(MATRIX2!M89:O89,0)))*(1+(IF('MAIN-INTERFACE'!$D$2=\"No\",0,'MAIN-INTERFACE'!$D$8)))^MATRIX2!E89,Table_Provincial_GTAC35378[[#This Row],[Adj.AnnualRental]])*(1+(IF('MAIN-INTERFACE'!$D$2=\"No\",Table_Provincial_GTAC35378[[#This Row],[TnTEscalation]],'MAIN-INTERFACE'!$G$2)))^(IF((COUNTIF(MATRIX2!M89:O89,\">0\")-1)<0,0,COUNTIF(MATRIX2!M89:O89,\">0\"))))))","v":3321359.5890410957},{"$f":"IF('MAIN-INTERFACE'!$D$2=\"No\",(Table_Provincial_GTAC35378[[#This Row],[Adj.AnnualRental]])*(1+Table_Provincial_GTAC35378[[#This Row],[TnTEscalation]])^4,((((MATRIX2!X89*Table_Provincial_GTAC35378[[#This Row],[Adj.AnnualRental]])*(1+Table_Provincial_GTAC35378[[#This Row],[TnTEscalation]])^4)+(MATRIX2!P89*IF(IF('MAIN-INTERFACE'!$D$2=\"No\",Table_Provincial_GTAC35378[[#This Row],[Adj.AnnualRental]],(Table_Provincial_GTAC35378[[#This Row],[RtmAnnualRental]])*(1+(IF('MAIN-INTERFACE'!$D$2=\"No\",0,'MAIN-INTERFACE'!$D$4))^(COUNTIF(MATRIX2!M89:P89,0))))*(1+(IF('MAIN-INTERFACE'!$D$2=\"No\",0,'MAIN-INTERFACE'!$D$8)))^4<Table_Provincial_GTAC35378[[#This Row],[Adj.AnnualRental]],(Table_Provincial_GTAC35378[[#This Row],[RtmAnnualRental]])*(1+(IF('MAIN-INTERFACE'!$D$2=\"No\",0,'MAIN-INTERFACE'!$D$4))^(COUNTIF(MATRIX2!M89:P89,0)))*(1+(IF('MAIN-INTERFACE'!$D$2=\"No\",0,'MAIN-INTERFACE'!$D$8)))^MATRIX2!F89,Table_Provincial_GTAC35378[[#This Row],[Adj.AnnualRental]])*(1+(IF('MAIN-INTERFACE'!$D$2=\"No\",Table_Provincial_GTAC35378[[#This Row],[TnTEscalation]],'MAIN-INTERFACE'!$G$2)))^(IF((COUNTIF(MATRIX2!M89:P89,\">0\")-1)<0,0,COUNTIF(MATRIX2!M89:P89,\">0\")))))))","v":3813562.4999999995},{"$f":"IF('MAIN-INTERFACE'!$D$2=\"No\",(Table_Provincial_GTAC35378[[#This Row],[Adj.AnnualRental]])*(1+Table_Provincial_GTAC35378[[#This Row],[TnTEscalation]])^5,(((MATRIX2!Y89*Table_Provincial_GTAC35378[[#This Row],[Adj.AnnualRental]])*(1+Table_Provincial_GTAC35378[[#This Row],[TnTEscalation]])^5)+(MATRIX2!Q89*IF(IF('MAIN-INTERFACE'!$D$2=\"No\",Table_Provincial_GTAC35378[[#This Row],[Adj.AnnualRental]],(Table_Provincial_GTAC35378[[#This Row],[RtmAnnualRental]])*(1+(IF('MAIN-INTERFACE'!$D$2=\"No\",0,'MAIN-INTERFACE'!$D$4))^(COUNTIF(MATRIX2!M89:Q89,0))))*(1+(IF('MAIN-INTERFACE'!$D$2=\"No\",0,'MAIN-INTERFACE'!$D$8)))^5<Table_Provincial_GTAC35378[[#This Row],[Adj.AnnualRental]],(Table_Provincial_GTAC35378[[#This Row],[RtmAnnualRental]])*(1+(IF('MAIN-INTERFACE'!$D$2=\"No\",0,'MAIN-INTERFACE'!$D$4))^(COUNTIF(MATRIX2!M89:Q89,0)))*(1+(IF('MAIN-INTERFACE'!$D$2=\"No\",0,'MAIN-INTERFACE'!$D$8)))^MATRIX2!G89,Table_Provincial_GTAC35378[[#This Row],[Adj.AnnualRental]])*(1+(IF('MAIN-INTERFACE'!$D$2=\"No\",Table_Provincial_GTAC35378[[#This Row],[TnTEscalation]],'MAIN-INTERFACE'!$G$2)))^(IF((COUNTIF(MATRIX2!M89:Q89,\">0\")-1)<0,0,COUNTIF(MATRIX2!M89:Q89,\">0\"))))))","v":4099579.6874999995},{"$f":"IF('MAIN-INTERFACE'!$D$2=\"No\",(Table_Provincial_GTAC35378[[#This Row],[Adj.AnnualRental]])*(1+Table_Provincial_GTAC35378[[#This Row],[TnTEscalation]])^6,(((MATRIX2!Z89*Table_Provincial_GTAC35378[[#This Row],[Adj.AnnualRental]])*(1+Table_Provincial_GTAC35378[[#This Row],[TnTEscalation]])^6)+(MATRIX2!R89*IF(IF('MAIN-INTERFACE'!$D$2=\"No\",Table_Provincial_GTAC35378[[#This Row],[Adj.AnnualRental]],(Table_Provincial_GTAC35378[[#This Row],[RtmAnnualRental]])*(1+(IF('MAIN-INTERFACE'!$D$2=\"No\",0,'MAIN-INTERFACE'!$D$4))^(COUNTIF(MATRIX2!M89:R89,0))))*(1+(IF('MAIN-INTERFACE'!$D$2=\"No\",0,'MAIN-INTERFACE'!$D$8)))^6<Table_Provincial_GTAC35378[[#This Row],[Adj.AnnualRental]],(Table_Provincial_GTAC35378[[#This Row],[RtmAnnualRental]])*(1+(IF('MAIN-INTERFACE'!$D$2=\"No\",0,'MAIN-INTERFACE'!$D$4))^(COUNTIF(MATRIX2!M89:R89,0)))*(1+(IF('MAIN-INTERFACE'!$D$2=\"No\",0,'MAIN-INTERFACE'!$D$8)))^MATRIX2!H89,Table_Provincial_GTAC35378[[#This Row],[Adj.AnnualRental]])*(1+(IF('MAIN-INTERFACE'!$D$2=\"No\",Table_Provincial_GTAC35378[[#This Row],[TnTEscalation]],'MAIN-INTERFACE'!$G$2)))^(IF((COUNTIF(MATRIX2!M89:R89,\">0\")-1)<0,0,COUNTIF(MATRIX2!M89:R89,\">0\"))))))","v":4407048.1640625},{"$f":"IF('MAIN-INTERFACE'!$D$2=\"No\",(Table_Provincial_GTAC35378[[#This Row],[Adj.AnnualRental]])*(1+Table_Provincial_GTAC35378[[#This Row],[TnTEscalation]])^7,(((MATRIX2!AA89*Table_Provincial_GTAC35378[[#This Row],[Adj.AnnualRental]])*(1+Table_Provincial_GTAC35378[[#This Row],[TnTEscalation]])^7)+(MATRIX2!S89*IF(IF('MAIN-INTERFACE'!$D$2=\"No\",Table_Provincial_GTAC35378[[#This Row],[Adj.AnnualRental]],(Table_Provincial_GTAC35378[[#This Row],[RtmAnnualRental]])*(1+(IF('MAIN-INTERFACE'!$D$2=\"No\",0,'MAIN-INTERFACE'!$D$4))^(COUNTIF(MATRIX2!M89:S89,0))))*(1+(IF('MAIN-INTERFACE'!$D$2=\"No\",0,'MAIN-INTERFACE'!$D$8)))^7<Table_Provincial_GTAC35378[[#This Row],[Adj.AnnualRental]],(Table_Provincial_GTAC35378[[#This Row],[RtmAnnualRental]])*(1+(IF('MAIN-INTERFACE'!$D$2=\"No\",0,'MAIN-INTERFACE'!$D$4))^(COUNTIF(MATRIX2!M89:S89,0)))*(1+(IF('MAIN-INTERFACE'!$D$2=\"No\",0,'MAIN-INTERFACE'!$D$8)))^MATRIX2!I89,Table_Provincial_GTAC35378[[#This Row],[Adj.AnnualRental]])*(1+(IF('MAIN-INTERFACE'!$D$2=\"No\",Table_Provincial_GTAC35378[[#This Row],[TnTEscalation]],'MAIN-INTERFACE'!$G$2)))^(IF((COUNTIF(MATRIX2!M89:S89,\">0\")-1)<0,0,COUNTIF(MATRIX2!M89:S89,\">0\"))))))","v":4737576.7763671875},{"$f":"SUM(Table_Provincial_GTAC35378[[#This Row],[FY 2018/19]:[FY 2023/24]])","v":23679126.716970783}]
[{"$f":"Table_Provincial_GTAC3536[[#This Row],[SystemID]]","v":106},{"$f":"VLOOKUP($A90,DATA2!$A$2:$S$607,2,FALSE)","v":"KZN"},{"$f":"VLOOKUP($A90,DATA2!$A$2:$S$607,3,FALSE)","v":"KwaZulu-Natal"},{"$f":"VLOOKUP($A90,DATA2!$A$2:$S$607,4,FALSE)","v":133.22432432432433},{"$f":"VLOOKUP($A90,DATA2!$A$2:$S$607,5,FALSE)","v":107.5},{"$f":"VLOOKUP($A90,DATA2!$A$2:$S$607,6,FALSE)","v":"VTSD"},{"$f":"VLOOKUP($A90,DATA2!$A$2:$S$607,7,FALSE)","v":336.7},{"$f":"VLOOKUP($A90,DATA2!$A$2:$S$607,8,FALSE)","v":true},{"$f":"VLOOKUP($A90,DATA2!$A$2:$S$607,9,FALSE)","v":0.08},{"$f":"VLOOKUP($A90,DATA2!$A$2:$S$607,10,FALSE)","v":44856.63},{"$f":"VLOOKUP($A90,DATA2!$A$2:$S$607,11,FALSE)","v":538279.56000000006},{"$f":"Table_Provincial_GTAC35378[[#This Row],[Benchmark]]*Table_Provincial_GTAC35378[[#This Row],[ExtentM2]]*12","v":434343},{"$f":"VLOOKUP($A90,DATA2!$A$2:$S$607,12,FALSE)","v":"2016-03-01"},{"$f":"VLOOKUP($A90,DATA2!$A$2:$S$607,13,FALSE)","v":"2019-02-28"},{"$f":"VLOOKUP($A90,DATA2!$A$2:$S$607,14,FALSE)","v":"No"},{"$f":"IF(MATRIX2!D90=1,($Y$8-$X$2)/365*Table_Provincial_GTAC35378[[#This Row],[Adj.AnnualRental]]*MATRIX2!D90,($Y$8-$X$2)/365*Table_Provincial_GTAC35378[[#This Row],[Adj.AnnualRental]])","v":-1948129.5856438358},{"$f":"IF('MAIN-INTERFACE'!$D$2=\"No\",(Table_Provincial_GTAC35378[[#This Row],[Adj.AnnualRental]])*(1+Table_Provincial_GTAC35378[[#This Row],[TnTEscalation]])^2,\n    (((MATRIX2!V90*Table_Provincial_GTAC35378[[#This Row],[Adj.AnnualRental]])*(1+Table_Provincial_GTAC35378[[#This Row],[TnTEscalation]])^2)+\n       (MATRIX2!N90* IF(IF('MAIN-INTERFACE'!$D$2=\"No\",Table_Provincial_GTAC35378[[#This Row],[Adj.AnnualRental]],(Table_Provincial_GTAC35378[[#This Row],[RtmAnnualRental]])*(1+\n                                 (IF('MAIN-INTERFACE'!$D$2=\"No\",0,'MAIN-INTERFACE'!$D$4))^(COUNTIF(MATRIX2!M90:N90,0))))*(1+\n                                 (IF('MAIN-INTERFACE'!$D$2=\"No\",0,'MAIN-INTERFACE'!$D$8)))^2<Table_Provincial_GTAC35378[[#This Row],[Adj.AnnualRental]],(Table_Provincial_GTAC35378[[#This Row],[RtmAnnualRental]])*(1+\n\n                                 (IF('MAIN-INTERFACE'!$D$2=\"No\",0,'MAIN-INTERFACE'!$D$4))^(COUNTIF(MATRIX2!M90:N90,0)))*(1+\n                                 (IF('MAIN-INTERFACE'!$D$2=\"No\",0,'MAIN-INTERFACE'!$D$8)))^MATRIX2!D90,Table_Provincial_GTAC35378[[#This Row],[Adj.AnnualRental]])*(1+\n\n                                (IF('MAIN-INTERFACE'!$D$2=\"No\",Table_Provincial_GTAC35378[[#This Row],[TnTEscalation]],'MAIN-INTERFACE'!$G$2)))^\n                                 (IF((COUNTIF(MATRIX2!M90:N90,\">0\")-1)<0,0,COUNTIF(MATRIX2!M90:N90,\">0\"))))))","v":627849.27878400008},{"$f":"IF('MAIN-INTERFACE'!$D$2=\"No\",(Table_Provincial_GTAC35378[[#This Row],[Adj.AnnualRental]])*(1+Table_Provincial_GTAC35378[[#This Row],[TnTEscalation]])^3,(((MATRIX2!W90*Table_Provincial_GTAC35378[[#This Row],[Adj.AnnualRental]])*(1+Table_Provincial_GTAC35378[[#This Row],[TnTEscalation]])^3)+(MATRIX2!O90*IF(IF('MAIN-INTERFACE'!$D$2=\"No\",Table_Provincial_GTAC35378[[#This Row],[Adj.AnnualRental]],(Table_Provincial_GTAC35378[[#This Row],[RtmAnnualRental]])*(1+(IF('MAIN-INTERFACE'!$D$2=\"No\",0,'MAIN-INTERFACE'!$D$4))^(COUNTIF(MATRIX2!M90:O90,0))))*(1+(IF('MAIN-INTERFACE'!$D$2=\"No\",0,'MAIN-INTERFACE'!$D$8)))^3<Table_Provincial_GTAC35378[[#This Row],[Adj.AnnualRental]],(Table_Provincial_GTAC35378[[#This Row],[RtmAnnualRental]])*(1+(IF('MAIN-INTERFACE'!$D$2=\"No\",0,'MAIN-INTERFACE'!$D$4))^(COUNTIF(MATRIX2!M90:O90,0)))*(1+(IF('MAIN-INTERFACE'!$D$2=\"No\",0,'MAIN-INTERFACE'!$D$8)))^MATRIX2!E90,Table_Provincial_GTAC35378[[#This Row],[Adj.AnnualRental]])*(1+(IF('MAIN-INTERFACE'!$D$2=\"No\",Table_Provincial_GTAC35378[[#This Row],[TnTEscalation]],'MAIN-INTERFACE'!$G$2)))^(IF((COUNTIF(MATRIX2!M90:O90,\">0\")-1)<0,0,COUNTIF(MATRIX2!M90:O90,\">0\"))))))","v":553848.00922286208},{"$f":"IF('MAIN-INTERFACE'!$D$2=\"No\",(Table_Provincial_GTAC35378[[#This Row],[Adj.AnnualRental]])*(1+Table_Provincial_GTAC35378[[#This Row],[TnTEscalation]])^4,((((MATRIX2!X90*Table_Provincial_GTAC35378[[#This Row],[Adj.AnnualRental]])*(1+Table_Provincial_GTAC35378[[#This Row],[TnTEscalation]])^4)+(MATRIX2!P90*IF(IF('MAIN-INTERFACE'!$D$2=\"No\",Table_Provincial_GTAC35378[[#This Row],[Adj.AnnualRental]],(Table_Provincial_GTAC35378[[#This Row],[RtmAnnualRental]])*(1+(IF('MAIN-INTERFACE'!$D$2=\"No\",0,'MAIN-INTERFACE'!$D$4))^(COUNTIF(MATRIX2!M90:P90,0))))*(1+(IF('MAIN-INTERFACE'!$D$2=\"No\",0,'MAIN-INTERFACE'!$D$8)))^4<Table_Provincial_GTAC35378[[#This Row],[Adj.AnnualRental]],(Table_Provincial_GTAC35378[[#This Row],[RtmAnnualRental]])*(1+(IF('MAIN-INTERFACE'!$D$2=\"No\",0,'MAIN-INTERFACE'!$D$4))^(COUNTIF(MATRIX2!M90:P90,0)))*(1+(IF('MAIN-INTERFACE'!$D$2=\"No\",0,'MAIN-INTERFACE'!$D$8)))^MATRIX2!F90,Table_Provincial_GTAC35378[[#This Row],[Adj.AnnualRental]])*(1+(IF('MAIN-INTERFACE'!$D$2=\"No\",Table_Provincial_GTAC35378[[#This Row],[TnTEscalation]],'MAIN-INTERFACE'!$G$2)))^(IF((COUNTIF(MATRIX2!M90:P90,\">0\")-1)<0,0,COUNTIF(MATRIX2!M90:P90,\">0\")))))))","v":502740.729582},{"$f":"IF('MAIN-INTERFACE'!$D$2=\"No\",(Table_Provincial_GTAC35378[[#This Row],[Adj.AnnualRental]])*(1+Table_Provincial_GTAC35378[[#This Row],[TnTEscalation]])^5,(((MATRIX2!Y90*Table_Provincial_GTAC35378[[#This Row],[Adj.AnnualRental]])*(1+Table_Provincial_GTAC35378[[#This Row],[TnTEscalation]])^5)+(MATRIX2!Q90*IF(IF('MAIN-INTERFACE'!$D$2=\"No\",Table_Provincial_GTAC35378[[#This Row],[Adj.AnnualRental]],(Table_Provincial_GTAC35378[[#This Row],[RtmAnnualRental]])*(1+(IF('MAIN-INTERFACE'!$D$2=\"No\",0,'MAIN-INTERFACE'!$D$4))^(COUNTIF(MATRIX2!M90:Q90,0))))*(1+(IF('MAIN-INTERFACE'!$D$2=\"No\",0,'MAIN-INTERFACE'!$D$8)))^5<Table_Provincial_GTAC35378[[#This Row],[Adj.AnnualRental]],(Table_Provincial_GTAC35378[[#This Row],[RtmAnnualRental]])*(1+(IF('MAIN-INTERFACE'!$D$2=\"No\",0,'MAIN-INTERFACE'!$D$4))^(COUNTIF(MATRIX2!M90:Q90,0)))*(1+(IF('MAIN-INTERFACE'!$D$2=\"No\",0,'MAIN-INTERFACE'!$D$8)))^MATRIX2!G90,Table_Provincial_GTAC35378[[#This Row],[Adj.AnnualRental]])*(1+(IF('MAIN-INTERFACE'!$D$2=\"No\",Table_Provincial_GTAC35378[[#This Row],[TnTEscalation]],'MAIN-INTERFACE'!$G$2)))^(IF((COUNTIF(MATRIX2!M90:Q90,\">0\")-1)<0,0,COUNTIF(MATRIX2!M90:Q90,\">0\"))))))","v":540446.28430065},{"$f":"IF('MAIN-INTERFACE'!$D$2=\"No\",(Table_Provincial_GTAC35378[[#This Row],[Adj.AnnualRental]])*(1+Table_Provincial_GTAC35378[[#This Row],[TnTEscalation]])^6,(((MATRIX2!Z90*Table_Provincial_GTAC35378[[#This Row],[Adj.AnnualRental]])*(1+Table_Provincial_GTAC35378[[#This Row],[TnTEscalation]])^6)+(MATRIX2!R90*IF(IF('MAIN-INTERFACE'!$D$2=\"No\",Table_Provincial_GTAC35378[[#This Row],[Adj.AnnualRental]],(Table_Provincial_GTAC35378[[#This Row],[RtmAnnualRental]])*(1+(IF('MAIN-INTERFACE'!$D$2=\"No\",0,'MAIN-INTERFACE'!$D$4))^(COUNTIF(MATRIX2!M90:R90,0))))*(1+(IF('MAIN-INTERFACE'!$D$2=\"No\",0,'MAIN-INTERFACE'!$D$8)))^6<Table_Provincial_GTAC35378[[#This Row],[Adj.AnnualRental]],(Table_Provincial_GTAC35378[[#This Row],[RtmAnnualRental]])*(1+(IF('MAIN-INTERFACE'!$D$2=\"No\",0,'MAIN-INTERFACE'!$D$4))^(COUNTIF(MATRIX2!M90:R90,0)))*(1+(IF('MAIN-INTERFACE'!$D$2=\"No\",0,'MAIN-INTERFACE'!$D$8)))^MATRIX2!H90,Table_Provincial_GTAC35378[[#This Row],[Adj.AnnualRental]])*(1+(IF('MAIN-INTERFACE'!$D$2=\"No\",Table_Provincial_GTAC35378[[#This Row],[TnTEscalation]],'MAIN-INTERFACE'!$G$2)))^(IF((COUNTIF(MATRIX2!M90:R90,\">0\")-1)<0,0,COUNTIF(MATRIX2!M90:R90,\">0\"))))))","v":580979.7556231987},{"$f":"IF('MAIN-INTERFACE'!$D$2=\"No\",(Table_Provincial_GTAC35378[[#This Row],[Adj.AnnualRental]])*(1+Table_Provincial_GTAC35378[[#This Row],[TnTEscalation]])^7,(((MATRIX2!AA90*Table_Provincial_GTAC35378[[#This Row],[Adj.AnnualRental]])*(1+Table_Provincial_GTAC35378[[#This Row],[TnTEscalation]])^7)+(MATRIX2!S90*IF(IF('MAIN-INTERFACE'!$D$2=\"No\",Table_Provincial_GTAC35378[[#This Row],[Adj.AnnualRental]],(Table_Provincial_GTAC35378[[#This Row],[RtmAnnualRental]])*(1+(IF('MAIN-INTERFACE'!$D$2=\"No\",0,'MAIN-INTERFACE'!$D$4))^(COUNTIF(MATRIX2!M90:S90,0))))*(1+(IF('MAIN-INTERFACE'!$D$2=\"No\",0,'MAIN-INTERFACE'!$D$8)))^7<Table_Provincial_GTAC35378[[#This Row],[Adj.AnnualRental]],(Table_Provincial_GTAC35378[[#This Row],[RtmAnnualRental]])*(1+(IF('MAIN-INTERFACE'!$D$2=\"No\",0,'MAIN-INTERFACE'!$D$4))^(COUNTIF(MATRIX2!M90:S90,0)))*(1+(IF('MAIN-INTERFACE'!$D$2=\"No\",0,'MAIN-INTERFACE'!$D$8)))^MATRIX2!I90,Table_Provincial_GTAC35378[[#This Row],[Adj.AnnualRental]])*(1+(IF('MAIN-INTERFACE'!$D$2=\"No\",Table_Provincial_GTAC35378[[#This Row],[TnTEscalation]],'MAIN-INTERFACE'!$G$2)))^(IF((COUNTIF(MATRIX2!M90:S90,\">0\")-1)<0,0,COUNTIF(MATRIX2!M90:S90,\">0\"))))))","v":624553.23729493865},{"$f":"SUM(Table_Provincial_GTAC35378[[#This Row],[FY 2018/19]:[FY 2023/24]])","v":3430417.2948076492}]
[{"$f":"Table_Provincial_GTAC3536[[#This Row],[SystemID]]","v":107},{"$f":"VLOOKUP($A91,DATA2!$A$2:$S$607,2,FALSE)","v":"KZN"},{"$f":"VLOOKUP($A91,DATA2!$A$2:$S$607,3,FALSE)","v":"KwaZulu-Natal"},{"$f":"VLOOKUP($A91,DATA2!$A$2:$S$607,4,FALSE)","v":59.77322097378277},{"$f":"VLOOKUP($A91,DATA2!$A$2:$S$607,5,FALSE)","v":65},{"$f":"VLOOKUP($A91,DATA2!$A$2:$S$607,6,FALSE)","v":"VTSD"},{"$f":"VLOOKUP($A91,DATA2!$A$2:$S$607,7,FALSE)","v":427.2},{"$f":"VLOOKUP($A91,DATA2!$A$2:$S$607,8,FALSE)","v":true},{"$f":"VLOOKUP($A91,DATA2!$A$2:$S$607,9,FALSE)","v":4.9000000000000002E-2},{"$f":"VLOOKUP($A91,DATA2!$A$2:$S$607,10,FALSE)","v":25535.119999999999},{"$f":"VLOOKUP($A91,DATA2!$A$2:$S$607,11,FALSE)","v":306421.44},{"$f":"Table_Provincial_GTAC35378[[#This Row],[Benchmark]]*Table_Provincial_GTAC35378[[#This Row],[ExtentM2]]*12","v":333216},{"$f":"VLOOKUP($A91,DATA2!$A$2:$S$607,12,FALSE)","v":"2016-07-01"},{"$f":"VLOOKUP($A91,DATA2!$A$2:$S$607,13,FALSE)","v":"2019-06-30"},{"$f":"VLOOKUP($A91,DATA2!$A$2:$S$607,14,FALSE)","v":"No"},{"$f":"IF(MATRIX2!D91=1,($Y$8-$X$2)/365*Table_Provincial_GTAC35378[[#This Row],[Adj.AnnualRental]]*MATRIX2!D91,($Y$8-$X$2)/365*Table_Provincial_GTAC35378[[#This Row],[Adj.AnnualRental]])","v":-1108993.7595616437},{"$f":"IF('MAIN-INTERFACE'!$D$2=\"No\",(Table_Provincial_GTAC35378[[#This Row],[Adj.AnnualRental]])*(1+Table_Provincial_GTAC35378[[#This Row],[TnTEscalation]])^2,\n    (((MATRIX2!V91*Table_Provincial_GTAC35378[[#This Row],[Adj.AnnualRental]])*(1+Table_Provincial_GTAC35378[[#This Row],[TnTEscalation]])^2)+\n       (MATRIX2!N91* IF(IF('MAIN-INTERFACE'!$D$2=\"No\",Table_Provincial_GTAC35378[[#This Row],[Adj.AnnualRental]],(Table_Provincial_GTAC35378[[#This Row],[RtmAnnualRental]])*(1+\n                                 (IF('MAIN-INTERFACE'!$D$2=\"No\",0,'MAIN-INTERFACE'!$D$4))^(COUNTIF(MATRIX2!M91:N91,0))))*(1+\n                                 (IF('MAIN-INTERFACE'!$D$2=\"No\",0,'MAIN-INTERFACE'!$D$8)))^2<Table_Provincial_GTAC35378[[#This Row],[Adj.AnnualRental]],(Table_Provincial_GTAC35378[[#This Row],[RtmAnnualRental]])*(1+\n\n                                 (IF('MAIN-INTERFACE'!$D$2=\"No\",0,'MAIN-INTERFACE'!$D$4))^(COUNTIF(MATRIX2!M91:N91,0)))*(1+\n                                 (IF('MAIN-INTERFACE'!$D$2=\"No\",0,'MAIN-INTERFACE'!$D$8)))^MATRIX2!D91,Table_Provincial_GTAC35378[[#This Row],[Adj.AnnualRental]])*(1+\n\n                                (IF('MAIN-INTERFACE'!$D$2=\"No\",Table_Provincial_GTAC35378[[#This Row],[TnTEscalation]],'MAIN-INTERFACE'!$G$2)))^\n                                 (IF((COUNTIF(MATRIX2!M91:N91,\">0\")-1)<0,0,COUNTIF(MATRIX2!M91:N91,\">0\"))))))","v":337186.45899744},{"$f":"IF('MAIN-INTERFACE'!$D$2=\"No\",(Table_Provincial_GTAC35378[[#This Row],[Adj.AnnualRental]])*(1+Table_Provincial_GTAC35378[[#This Row],[TnTEscalation]])^3,(((MATRIX2!W91*Table_Provincial_GTAC35378[[#This Row],[Adj.AnnualRental]])*(1+Table_Provincial_GTAC35378[[#This Row],[TnTEscalation]])^3)+(MATRIX2!O91*IF(IF('MAIN-INTERFACE'!$D$2=\"No\",Table_Provincial_GTAC35378[[#This Row],[Adj.AnnualRental]],(Table_Provincial_GTAC35378[[#This Row],[RtmAnnualRental]])*(1+(IF('MAIN-INTERFACE'!$D$2=\"No\",0,'MAIN-INTERFACE'!$D$4))^(COUNTIF(MATRIX2!M91:O91,0))))*(1+(IF('MAIN-INTERFACE'!$D$2=\"No\",0,'MAIN-INTERFACE'!$D$8)))^3<Table_Provincial_GTAC35378[[#This Row],[Adj.AnnualRental]],(Table_Provincial_GTAC35378[[#This Row],[RtmAnnualRental]])*(1+(IF('MAIN-INTERFACE'!$D$2=\"No\",0,'MAIN-INTERFACE'!$D$4))^(COUNTIF(MATRIX2!M91:O91,0)))*(1+(IF('MAIN-INTERFACE'!$D$2=\"No\",0,'MAIN-INTERFACE'!$D$8)))^MATRIX2!E91,Table_Provincial_GTAC35378[[#This Row],[Adj.AnnualRental]])*(1+(IF('MAIN-INTERFACE'!$D$2=\"No\",Table_Provincial_GTAC35378[[#This Row],[TnTEscalation]],'MAIN-INTERFACE'!$G$2)))^(IF((COUNTIF(MATRIX2!M91:O91,\">0\")-1)<0,0,COUNTIF(MATRIX2!M91:O91,\">0\"))))))","v":347482.37989884213},{"$f":"IF('MAIN-INTERFACE'!$D$2=\"No\",(Table_Provincial_GTAC35378[[#This Row],[Adj.AnnualRental]])*(1+Table_Provincial_GTAC35378[[#This Row],[TnTEscalation]])^4,((((MATRIX2!X91*Table_Provincial_GTAC35378[[#This Row],[Adj.AnnualRental]])*(1+Table_Provincial_GTAC35378[[#This Row],[TnTEscalation]])^4)+(MATRIX2!P91*IF(IF('MAIN-INTERFACE'!$D$2=\"No\",Table_Provincial_GTAC35378[[#This Row],[Adj.AnnualRental]],(Table_Provincial_GTAC35378[[#This Row],[RtmAnnualRental]])*(1+(IF('MAIN-INTERFACE'!$D$2=\"No\",0,'MAIN-INTERFACE'!$D$4))^(COUNTIF(MATRIX2!M91:P91,0))))*(1+(IF('MAIN-INTERFACE'!$D$2=\"No\",0,'MAIN-INTERFACE'!$D$8)))^4<Table_Provincial_GTAC35378[[#This Row],[Adj.AnnualRental]],(Table_Provincial_GTAC35378[[#This Row],[RtmAnnualRental]])*(1+(IF('MAIN-INTERFACE'!$D$2=\"No\",0,'MAIN-INTERFACE'!$D$4))^(COUNTIF(MATRIX2!M91:P91,0)))*(1+(IF('MAIN-INTERFACE'!$D$2=\"No\",0,'MAIN-INTERFACE'!$D$8)))^MATRIX2!F91,Table_Provincial_GTAC35378[[#This Row],[Adj.AnnualRental]])*(1+(IF('MAIN-INTERFACE'!$D$2=\"No\",Table_Provincial_GTAC35378[[#This Row],[TnTEscalation]],'MAIN-INTERFACE'!$G$2)))^(IF((COUNTIF(MATRIX2!M91:P91,\">0\")-1)<0,0,COUNTIF(MATRIX2!M91:P91,\">0\")))))))","v":354108.27659999998},{"$f":"IF('MAIN-INTERFACE'!$D$2=\"No\",(Table_Provincial_GTAC35378[[#This Row],[Adj.AnnualRental]])*(1+Table_Provincial_GTAC35378[[#This Row],[TnTEscalation]])^5,(((MATRIX2!Y91*Table_Provincial_GTAC35378[[#This Row],[Adj.AnnualRental]])*(1+Table_Provincial_GTAC35378[[#This Row],[TnTEscalation]])^5)+(MATRIX2!Q91*IF(IF('MAIN-INTERFACE'!$D$2=\"No\",Table_Provincial_GTAC35378[[#This Row],[Adj.AnnualRental]],(Table_Provincial_GTAC35378[[#This Row],[RtmAnnualRental]])*(1+(IF('MAIN-INTERFACE'!$D$2=\"No\",0,'MAIN-INTERFACE'!$D$4))^(COUNTIF(MATRIX2!M91:Q91,0))))*(1+(IF('MAIN-INTERFACE'!$D$2=\"No\",0,'MAIN-INTERFACE'!$D$8)))^5<Table_Provincial_GTAC35378[[#This Row],[Adj.AnnualRental]],(Table_Provincial_GTAC35378[[#This Row],[RtmAnnualRental]])*(1+(IF('MAIN-INTERFACE'!$D$2=\"No\",0,'MAIN-INTERFACE'!$D$4))^(COUNTIF(MATRIX2!M91:Q91,0)))*(1+(IF('MAIN-INTERFACE'!$D$2=\"No\",0,'MAIN-INTERFACE'!$D$8)))^MATRIX2!G91,Table_Provincial_GTAC35378[[#This Row],[Adj.AnnualRental]])*(1+(IF('MAIN-INTERFACE'!$D$2=\"No\",Table_Provincial_GTAC35378[[#This Row],[TnTEscalation]],'MAIN-INTERFACE'!$G$2)))^(IF((COUNTIF(MATRIX2!M91:Q91,\">0\")-1)<0,0,COUNTIF(MATRIX2!M91:Q91,\">0\"))))))","v":380666.39734499995},{"$f":"IF('MAIN-INTERFACE'!$D$2=\"No\",(Table_Provincial_GTAC35378[[#This Row],[Adj.AnnualRental]])*(1+Table_Provincial_GTAC35378[[#This Row],[TnTEscalation]])^6,(((MATRIX2!Z91*Table_Provincial_GTAC35378[[#This Row],[Adj.AnnualRental]])*(1+Table_Provincial_GTAC35378[[#This Row],[TnTEscalation]])^6)+(MATRIX2!R91*IF(IF('MAIN-INTERFACE'!$D$2=\"No\",Table_Provincial_GTAC35378[[#This Row],[Adj.AnnualRental]],(Table_Provincial_GTAC35378[[#This Row],[RtmAnnualRental]])*(1+(IF('MAIN-INTERFACE'!$D$2=\"No\",0,'MAIN-INTERFACE'!$D$4))^(COUNTIF(MATRIX2!M91:R91,0))))*(1+(IF('MAIN-INTERFACE'!$D$2=\"No\",0,'MAIN-INTERFACE'!$D$8)))^6<Table_Provincial_GTAC35378[[#This Row],[Adj.AnnualRental]],(Table_Provincial_GTAC35378[[#This Row],[RtmAnnualRental]])*(1+(IF('MAIN-INTERFACE'!$D$2=\"No\",0,'MAIN-INTERFACE'!$D$4))^(COUNTIF(MATRIX2!M91:R91,0)))*(1+(IF('MAIN-INTERFACE'!$D$2=\"No\",0,'MAIN-INTERFACE'!$D$8)))^MATRIX2!H91,Table_Provincial_GTAC35378[[#This Row],[Adj.AnnualRental]])*(1+(IF('MAIN-INTERFACE'!$D$2=\"No\",Table_Provincial_GTAC35378[[#This Row],[TnTEscalation]],'MAIN-INTERFACE'!$G$2)))^(IF((COUNTIF(MATRIX2!M91:R91,\">0\")-1)<0,0,COUNTIF(MATRIX2!M91:R91,\">0\"))))))","v":409216.37714587495},{"$f":"IF('MAIN-INTERFACE'!$D$2=\"No\",(Table_Provincial_GTAC35378[[#This Row],[Adj.AnnualRental]])*(1+Table_Provincial_GTAC35378[[#This Row],[TnTEscalation]])^7,(((MATRIX2!AA91*Table_Provincial_GTAC35378[[#This Row],[Adj.AnnualRental]])*(1+Table_Provincial_GTAC35378[[#This Row],[TnTEscalation]])^7)+(MATRIX2!S91*IF(IF('MAIN-INTERFACE'!$D$2=\"No\",Table_Provincial_GTAC35378[[#This Row],[Adj.AnnualRental]],(Table_Provincial_GTAC35378[[#This Row],[RtmAnnualRental]])*(1+(IF('MAIN-INTERFACE'!$D$2=\"No\",0,'MAIN-INTERFACE'!$D$4))^(COUNTIF(MATRIX2!M91:S91,0))))*(1+(IF('MAIN-INTERFACE'!$D$2=\"No\",0,'MAIN-INTERFACE'!$D$8)))^7<Table_Provincial_GTAC35378[[#This Row],[Adj.AnnualRental]],(Table_Provincial_GTAC35378[[#This Row],[RtmAnnualRental]])*(1+(IF('MAIN-INTERFACE'!$D$2=\"No\",0,'MAIN-INTERFACE'!$D$4))^(COUNTIF(MATRIX2!M91:S91,0)))*(1+(IF('MAIN-INTERFACE'!$D$2=\"No\",0,'MAIN-INTERFACE'!$D$8)))^MATRIX2!I91,Table_Provincial_GTAC35378[[#This Row],[Adj.AnnualRental]])*(1+(IF('MAIN-INTERFACE'!$D$2=\"No\",Table_Provincial_GTAC35378[[#This Row],[TnTEscalation]],'MAIN-INTERFACE'!$G$2)))^(IF((COUNTIF(MATRIX2!M91:S91,\">0\")-1)<0,0,COUNTIF(MATRIX2!M91:S91,\">0\"))))))","v":439907.60543181561},{"$f":"SUM(Table_Provincial_GTAC35378[[#This Row],[FY 2018/19]:[FY 2023/24]])","v":2268567.4954189723}]
[{"$f":"Table_Provincial_GTAC3536[[#This Row],[SystemID]]","v":108},{"$f":"VLOOKUP($A92,DATA2!$A$2:$S$607,2,FALSE)","v":"KZN"},{"$f":"VLOOKUP($A92,DATA2!$A$2:$S$607,3,FALSE)","v":"KwaZulu-Natal"},{"$f":"VLOOKUP($A92,DATA2!$A$2:$S$607,4,FALSE)","v":76.818161993769465},{"$f":"VLOOKUP($A92,DATA2!$A$2:$S$607,5,FALSE)","v":65},{"$f":"VLOOKUP($A92,DATA2!$A$2:$S$607,6,FALSE)","v":"VTSD"},{"$f":"VLOOKUP($A92,DATA2!$A$2:$S$607,7,FALSE)","v":321},{"$f":"VLOOKUP($A92,DATA2!$A$2:$S$607,8,FALSE)","v":true},{"$f":"VLOOKUP($A92,DATA2!$A$2:$S$607,9,FALSE)","v":4.9000000000000002E-2},{"$f":"VLOOKUP($A92,DATA2!$A$2:$S$607,10,FALSE)","v":24658.63},{"$f":"VLOOKUP($A92,DATA2!$A$2:$S$607,11,FALSE)","v":295903.56},{"$f":"Table_Provincial_GTAC35378[[#This Row],[Benchmark]]*Table_Provincial_GTAC35378[[#This Row],[ExtentM2]]*12","v":250380},{"$f":"VLOOKUP($A92,DATA2!$A$2:$S$607,12,FALSE)","v":"2016-07-01"},{"$f":"VLOOKUP($A92,DATA2!$A$2:$S$607,13,FALSE)","v":"2019-06-30"},{"$f":"VLOOKUP($A92,DATA2!$A$2:$S$607,14,FALSE)","v":"No"},{"$f":"IF(MATRIX2!D92=1,($Y$8-$X$2)/365*Table_Provincial_GTAC35378[[#This Row],[Adj.AnnualRental]]*MATRIX2!D92,($Y$8-$X$2)/365*Table_Provincial_GTAC35378[[#This Row],[Adj.AnnualRental]])","v":-1070927.6787945204},{"$f":"IF('MAIN-INTERFACE'!$D$2=\"No\",(Table_Provincial_GTAC35378[[#This Row],[Adj.AnnualRental]])*(1+Table_Provincial_GTAC35378[[#This Row],[TnTEscalation]])^2,\n    (((MATRIX2!V92*Table_Provincial_GTAC35378[[#This Row],[Adj.AnnualRental]])*(1+Table_Provincial_GTAC35378[[#This Row],[TnTEscalation]])^2)+\n       (MATRIX2!N92* IF(IF('MAIN-INTERFACE'!$D$2=\"No\",Table_Provincial_GTAC35378[[#This Row],[Adj.AnnualRental]],(Table_Provincial_GTAC35378[[#This Row],[RtmAnnualRental]])*(1+\n                                 (IF('MAIN-INTERFACE'!$D$2=\"No\",0,'MAIN-INTERFACE'!$D$4))^(COUNTIF(MATRIX2!M92:N92,0))))*(1+\n                                 (IF('MAIN-INTERFACE'!$D$2=\"No\",0,'MAIN-INTERFACE'!$D$8)))^2<Table_Provincial_GTAC35378[[#This Row],[Adj.AnnualRental]],(Table_Provincial_GTAC35378[[#This Row],[RtmAnnualRental]])*(1+\n\n                                 (IF('MAIN-INTERFACE'!$D$2=\"No\",0,'MAIN-INTERFACE'!$D$4))^(COUNTIF(MATRIX2!M92:N92,0)))*(1+\n                                 (IF('MAIN-INTERFACE'!$D$2=\"No\",0,'MAIN-INTERFACE'!$D$8)))^MATRIX2!D92,Table_Provincial_GTAC35378[[#This Row],[Adj.AnnualRental]])*(1+\n\n                                (IF('MAIN-INTERFACE'!$D$2=\"No\",Table_Provincial_GTAC35378[[#This Row],[TnTEscalation]],'MAIN-INTERFACE'!$G$2)))^\n                                 (IF((COUNTIF(MATRIX2!M92:N92,\">0\")-1)<0,0,COUNTIF(MATRIX2!M92:N92,\">0\"))))))","v":325612.57332755998},{"$f":"IF('MAIN-INTERFACE'!$D$2=\"No\",(Table_Provincial_GTAC35378[[#This Row],[Adj.AnnualRental]])*(1+Table_Provincial_GTAC35378[[#This Row],[TnTEscalation]])^3,(((MATRIX2!W92*Table_Provincial_GTAC35378[[#This Row],[Adj.AnnualRental]])*(1+Table_Provincial_GTAC35378[[#This Row],[TnTEscalation]])^3)+(MATRIX2!O92*IF(IF('MAIN-INTERFACE'!$D$2=\"No\",Table_Provincial_GTAC35378[[#This Row],[Adj.AnnualRental]],(Table_Provincial_GTAC35378[[#This Row],[RtmAnnualRental]])*(1+(IF('MAIN-INTERFACE'!$D$2=\"No\",0,'MAIN-INTERFACE'!$D$4))^(COUNTIF(MATRIX2!M92:O92,0))))*(1+(IF('MAIN-INTERFACE'!$D$2=\"No\",0,'MAIN-INTERFACE'!$D$8)))^3<Table_Provincial_GTAC35378[[#This Row],[Adj.AnnualRental]],(Table_Provincial_GTAC35378[[#This Row],[RtmAnnualRental]])*(1+(IF('MAIN-INTERFACE'!$D$2=\"No\",0,'MAIN-INTERFACE'!$D$4))^(COUNTIF(MATRIX2!M92:O92,0)))*(1+(IF('MAIN-INTERFACE'!$D$2=\"No\",0,'MAIN-INTERFACE'!$D$8)))^MATRIX2!E92,Table_Provincial_GTAC35378[[#This Row],[Adj.AnnualRental]])*(1+(IF('MAIN-INTERFACE'!$D$2=\"No\",Table_Provincial_GTAC35378[[#This Row],[TnTEscalation]],'MAIN-INTERFACE'!$G$2)))^(IF((COUNTIF(MATRIX2!M92:O92,\">0\")-1)<0,0,COUNTIF(MATRIX2!M92:O92,\">0\"))))))","v":323129.27777889243},{"$f":"IF('MAIN-INTERFACE'!$D$2=\"No\",(Table_Provincial_GTAC35378[[#This Row],[Adj.AnnualRental]])*(1+Table_Provincial_GTAC35378[[#This Row],[TnTEscalation]])^4,((((MATRIX2!X92*Table_Provincial_GTAC35378[[#This Row],[Adj.AnnualRental]])*(1+Table_Provincial_GTAC35378[[#This Row],[TnTEscalation]])^4)+(MATRIX2!P92*IF(IF('MAIN-INTERFACE'!$D$2=\"No\",Table_Provincial_GTAC35378[[#This Row],[Adj.AnnualRental]],(Table_Provincial_GTAC35378[[#This Row],[RtmAnnualRental]])*(1+(IF('MAIN-INTERFACE'!$D$2=\"No\",0,'MAIN-INTERFACE'!$D$4))^(COUNTIF(MATRIX2!M92:P92,0))))*(1+(IF('MAIN-INTERFACE'!$D$2=\"No\",0,'MAIN-INTERFACE'!$D$8)))^4<Table_Provincial_GTAC35378[[#This Row],[Adj.AnnualRental]],(Table_Provincial_GTAC35378[[#This Row],[RtmAnnualRental]])*(1+(IF('MAIN-INTERFACE'!$D$2=\"No\",0,'MAIN-INTERFACE'!$D$4))^(COUNTIF(MATRIX2!M92:P92,0)))*(1+(IF('MAIN-INTERFACE'!$D$2=\"No\",0,'MAIN-INTERFACE'!$D$8)))^MATRIX2!F92,Table_Provincial_GTAC35378[[#This Row],[Adj.AnnualRental]])*(1+(IF('MAIN-INTERFACE'!$D$2=\"No\",Table_Provincial_GTAC35378[[#This Row],[TnTEscalation]],'MAIN-INTERFACE'!$G$2)))^(IF((COUNTIF(MATRIX2!M92:P92,\">0\")-1)<0,0,COUNTIF(MATRIX2!M92:P92,\">0\")))))))","v":289808.34012000001},{"$f":"IF('MAIN-INTERFACE'!$D$2=\"No\",(Table_Provincial_GTAC35378[[#This Row],[Adj.AnnualRental]])*(1+Table_Provincial_GTAC35378[[#This Row],[TnTEscalation]])^5,(((MATRIX2!Y92*Table_Provincial_GTAC35378[[#This Row],[Adj.AnnualRental]])*(1+Table_Provincial_GTAC35378[[#This Row],[TnTEscalation]])^5)+(MATRIX2!Q92*IF(IF('MAIN-INTERFACE'!$D$2=\"No\",Table_Provincial_GTAC35378[[#This Row],[Adj.AnnualRental]],(Table_Provincial_GTAC35378[[#This Row],[RtmAnnualRental]])*(1+(IF('MAIN-INTERFACE'!$D$2=\"No\",0,'MAIN-INTERFACE'!$D$4))^(COUNTIF(MATRIX2!M92:Q92,0))))*(1+(IF('MAIN-INTERFACE'!$D$2=\"No\",0,'MAIN-INTERFACE'!$D$8)))^5<Table_Provincial_GTAC35378[[#This Row],[Adj.AnnualRental]],(Table_Provincial_GTAC35378[[#This Row],[RtmAnnualRental]])*(1+(IF('MAIN-INTERFACE'!$D$2=\"No\",0,'MAIN-INTERFACE'!$D$4))^(COUNTIF(MATRIX2!M92:Q92,0)))*(1+(IF('MAIN-INTERFACE'!$D$2=\"No\",0,'MAIN-INTERFACE'!$D$8)))^MATRIX2!G92,Table_Provincial_GTAC35378[[#This Row],[Adj.AnnualRental]])*(1+(IF('MAIN-INTERFACE'!$D$2=\"No\",Table_Provincial_GTAC35378[[#This Row],[TnTEscalation]],'MAIN-INTERFACE'!$G$2)))^(IF((COUNTIF(MATRIX2!M92:Q92,\">0\")-1)<0,0,COUNTIF(MATRIX2!M92:Q92,\">0\"))))))","v":311543.96562899998},{"$f":"IF('MAIN-INTERFACE'!$D$2=\"No\",(Table_Provincial_GTAC35378[[#This Row],[Adj.AnnualRental]])*(1+Table_Provincial_GTAC35378[[#This Row],[TnTEscalation]])^6,(((MATRIX2!Z92*Table_Provincial_GTAC35378[[#This Row],[Adj.AnnualRental]])*(1+Table_Provincial_GTAC35378[[#This Row],[TnTEscalation]])^6)+(MATRIX2!R92*IF(IF('MAIN-INTERFACE'!$D$2=\"No\",Table_Provincial_GTAC35378[[#This Row],[Adj.AnnualRental]],(Table_Provincial_GTAC35378[[#This Row],[RtmAnnualRental]])*(1+(IF('MAIN-INTERFACE'!$D$2=\"No\",0,'MAIN-INTERFACE'!$D$4))^(COUNTIF(MATRIX2!M92:R92,0))))*(1+(IF('MAIN-INTERFACE'!$D$2=\"No\",0,'MAIN-INTERFACE'!$D$8)))^6<Table_Provincial_GTAC35378[[#This Row],[Adj.AnnualRental]],(Table_Provincial_GTAC35378[[#This Row],[RtmAnnualRental]])*(1+(IF('MAIN-INTERFACE'!$D$2=\"No\",0,'MAIN-INTERFACE'!$D$4))^(COUNTIF(MATRIX2!M92:R92,0)))*(1+(IF('MAIN-INTERFACE'!$D$2=\"No\",0,'MAIN-INTERFACE'!$D$8)))^MATRIX2!H92,Table_Provincial_GTAC35378[[#This Row],[Adj.AnnualRental]])*(1+(IF('MAIN-INTERFACE'!$D$2=\"No\",Table_Provincial_GTAC35378[[#This Row],[TnTEscalation]],'MAIN-INTERFACE'!$G$2)))^(IF((COUNTIF(MATRIX2!M92:R92,\">0\")-1)<0,0,COUNTIF(MATRIX2!M92:R92,\">0\"))))))","v":334909.76305117499},{"$f":"IF('MAIN-INTERFACE'!$D$2=\"No\",(Table_Provincial_GTAC35378[[#This Row],[Adj.AnnualRental]])*(1+Table_Provincial_GTAC35378[[#This Row],[TnTEscalation]])^7,(((MATRIX2!AA92*Table_Provincial_GTAC35378[[#This Row],[Adj.AnnualRental]])*(1+Table_Provincial_GTAC35378[[#This Row],[TnTEscalation]])^7)+(MATRIX2!S92*IF(IF('MAIN-INTERFACE'!$D$2=\"No\",Table_Provincial_GTAC35378[[#This Row],[Adj.AnnualRental]],(Table_Provincial_GTAC35378[[#This Row],[RtmAnnualRental]])*(1+(IF('MAIN-INTERFACE'!$D$2=\"No\",0,'MAIN-INTERFACE'!$D$4))^(COUNTIF(MATRIX2!M92:S92,0))))*(1+(IF('MAIN-INTERFACE'!$D$2=\"No\",0,'MAIN-INTERFACE'!$D$8)))^7<Table_Provincial_GTAC35378[[#This Row],[Adj.AnnualRental]],(Table_Provincial_GTAC35378[[#This Row],[RtmAnnualRental]])*(1+(IF('MAIN-INTERFACE'!$D$2=\"No\",0,'MAIN-INTERFACE'!$D$4))^(COUNTIF(MATRIX2!M92:S92,0)))*(1+(IF('MAIN-INTERFACE'!$D$2=\"No\",0,'MAIN-INTERFACE'!$D$8)))^MATRIX2!I92,Table_Provincial_GTAC35378[[#This Row],[Adj.AnnualRental]])*(1+(IF('MAIN-INTERFACE'!$D$2=\"No\",Table_Provincial_GTAC35378[[#This Row],[TnTEscalation]],'MAIN-INTERFACE'!$G$2)))^(IF((COUNTIF(MATRIX2!M92:S92,\">0\")-1)<0,0,COUNTIF(MATRIX2!M92:S92,\">0\"))))))","v":360027.99528001313},{"$f":"SUM(Table_Provincial_GTAC35378[[#This Row],[FY 2018/19]:[FY 2023/24]])","v":1945031.9151866406}]
[{"$f":"Table_Provincial_GTAC3536[[#This Row],[SystemID]]","v":110},{"$f":"VLOOKUP($A93,DATA2!$A$2:$S$607,2,FALSE)","v":"KZN"},{"$f":"VLOOKUP($A93,DATA2!$A$2:$S$607,3,FALSE)","v":"KwaZulu-Natal"},{"$f":"VLOOKUP($A93,DATA2!$A$2:$S$607,4,FALSE)","v":83.871748747913188},{"$f":"VLOOKUP($A93,DATA2!$A$2:$S$607,5,FALSE)","v":77.5},{"$f":"VLOOKUP($A93,DATA2!$A$2:$S$607,6,FALSE)","v":"VTSD"},{"$f":"VLOOKUP($A93,DATA2!$A$2:$S$607,7,FALSE)","v":2396},{"$f":"VLOOKUP($A93,DATA2!$A$2:$S$607,8,FALSE)","v":true},{"$f":"VLOOKUP($A93,DATA2!$A$2:$S$607,9,FALSE)","v":0},{"$f":"VLOOKUP($A93,DATA2!$A$2:$S$607,10,FALSE)","v":200956.71},{"$f":"VLOOKUP($A93,DATA2!$A$2:$S$607,11,FALSE)","v":2411480.52},{"$f":"Table_Provincial_GTAC35378[[#This Row],[Benchmark]]*Table_Provincial_GTAC35378[[#This Row],[ExtentM2]]*12","v":2228280},{"$f":"VLOOKUP($A93,DATA2!$A$2:$S$607,12,FALSE)","v":"2016-11-01"},{"$f":"VLOOKUP($A93,DATA2!$A$2:$S$607,13,FALSE)","v":"2017-07-31"},{"$f":"VLOOKUP($A93,DATA2!$A$2:$S$607,14,FALSE)","v":"Yes"},{"$f":"IF(MATRIX2!D93=1,($Y$8-$X$2)/365*Table_Provincial_GTAC35378[[#This Row],[Adj.AnnualRental]]*MATRIX2!D93,($Y$8-$X$2)/365*Table_Provincial_GTAC35378[[#This Row],[Adj.AnnualRental]])","v":-8727577.4436164387},{"$f":"IF('MAIN-INTERFACE'!$D$2=\"No\",(Table_Provincial_GTAC35378[[#This Row],[Adj.AnnualRental]])*(1+Table_Provincial_GTAC35378[[#This Row],[TnTEscalation]])^2,\n    (((MATRIX2!V93*Table_Provincial_GTAC35378[[#This Row],[Adj.AnnualRental]])*(1+Table_Provincial_GTAC35378[[#This Row],[TnTEscalation]])^2)+\n       (MATRIX2!N93* IF(IF('MAIN-INTERFACE'!$D$2=\"No\",Table_Provincial_GTAC35378[[#This Row],[Adj.AnnualRental]],(Table_Provincial_GTAC35378[[#This Row],[RtmAnnualRental]])*(1+\n                                 (IF('MAIN-INTERFACE'!$D$2=\"No\",0,'MAIN-INTERFACE'!$D$4))^(COUNTIF(MATRIX2!M93:N93,0))))*(1+\n                                 (IF('MAIN-INTERFACE'!$D$2=\"No\",0,'MAIN-INTERFACE'!$D$8)))^2<Table_Provincial_GTAC35378[[#This Row],[Adj.AnnualRental]],(Table_Provincial_GTAC35378[[#This Row],[RtmAnnualRental]])*(1+\n\n                                 (IF('MAIN-INTERFACE'!$D$2=\"No\",0,'MAIN-INTERFACE'!$D$4))^(COUNTIF(MATRIX2!M93:N93,0)))*(1+\n                                 (IF('MAIN-INTERFACE'!$D$2=\"No\",0,'MAIN-INTERFACE'!$D$8)))^MATRIX2!D93,Table_Provincial_GTAC35378[[#This Row],[Adj.AnnualRental]])*(1+\n\n                                (IF('MAIN-INTERFACE'!$D$2=\"No\",Table_Provincial_GTAC35378[[#This Row],[TnTEscalation]],'MAIN-INTERFACE'!$G$2)))^\n                                 (IF((COUNTIF(MATRIX2!M93:N93,\">0\")-1)<0,0,COUNTIF(MATRIX2!M93:N93,\">0\"))))))","v":2451348.7800000003},{"$f":"IF('MAIN-INTERFACE'!$D$2=\"No\",(Table_Provincial_GTAC35378[[#This Row],[Adj.AnnualRental]])*(1+Table_Provincial_GTAC35378[[#This Row],[TnTEscalation]])^3,(((MATRIX2!W93*Table_Provincial_GTAC35378[[#This Row],[Adj.AnnualRental]])*(1+Table_Provincial_GTAC35378[[#This Row],[TnTEscalation]])^3)+(MATRIX2!O93*IF(IF('MAIN-INTERFACE'!$D$2=\"No\",Table_Provincial_GTAC35378[[#This Row],[Adj.AnnualRental]],(Table_Provincial_GTAC35378[[#This Row],[RtmAnnualRental]])*(1+(IF('MAIN-INTERFACE'!$D$2=\"No\",0,'MAIN-INTERFACE'!$D$4))^(COUNTIF(MATRIX2!M93:O93,0))))*(1+(IF('MAIN-INTERFACE'!$D$2=\"No\",0,'MAIN-INTERFACE'!$D$8)))^3<Table_Provincial_GTAC35378[[#This Row],[Adj.AnnualRental]],(Table_Provincial_GTAC35378[[#This Row],[RtmAnnualRental]])*(1+(IF('MAIN-INTERFACE'!$D$2=\"No\",0,'MAIN-INTERFACE'!$D$4))^(COUNTIF(MATRIX2!M93:O93,0)))*(1+(IF('MAIN-INTERFACE'!$D$2=\"No\",0,'MAIN-INTERFACE'!$D$8)))^MATRIX2!E93,Table_Provincial_GTAC35378[[#This Row],[Adj.AnnualRental]])*(1+(IF('MAIN-INTERFACE'!$D$2=\"No\",Table_Provincial_GTAC35378[[#This Row],[TnTEscalation]],'MAIN-INTERFACE'!$G$2)))^(IF((COUNTIF(MATRIX2!M93:O93,\">0\")-1)<0,0,COUNTIF(MATRIX2!M93:O93,\">0\"))))))","v":2678058.318},{"$f":"IF('MAIN-INTERFACE'!$D$2=\"No\",(Table_Provincial_GTAC35378[[#This Row],[Adj.AnnualRental]])*(1+Table_Provincial_GTAC35378[[#This Row],[TnTEscalation]])^4,((((MATRIX2!X93*Table_Provincial_GTAC35378[[#This Row],[Adj.AnnualRental]])*(1+Table_Provincial_GTAC35378[[#This Row],[TnTEscalation]])^4)+(MATRIX2!P93*IF(IF('MAIN-INTERFACE'!$D$2=\"No\",Table_Provincial_GTAC35378[[#This Row],[Adj.AnnualRental]],(Table_Provincial_GTAC35378[[#This Row],[RtmAnnualRental]])*(1+(IF('MAIN-INTERFACE'!$D$2=\"No\",0,'MAIN-INTERFACE'!$D$4))^(COUNTIF(MATRIX2!M93:P93,0))))*(1+(IF('MAIN-INTERFACE'!$D$2=\"No\",0,'MAIN-INTERFACE'!$D$8)))^4<Table_Provincial_GTAC35378[[#This Row],[Adj.AnnualRental]],(Table_Provincial_GTAC35378[[#This Row],[RtmAnnualRental]])*(1+(IF('MAIN-INTERFACE'!$D$2=\"No\",0,'MAIN-INTERFACE'!$D$4))^(COUNTIF(MATRIX2!M93:P93,0)))*(1+(IF('MAIN-INTERFACE'!$D$2=\"No\",0,'MAIN-INTERFACE'!$D$8)))^MATRIX2!F93,Table_Provincial_GTAC35378[[#This Row],[Adj.AnnualRental]])*(1+(IF('MAIN-INTERFACE'!$D$2=\"No\",Table_Provincial_GTAC35378[[#This Row],[TnTEscalation]],'MAIN-INTERFACE'!$G$2)))^(IF((COUNTIF(MATRIX2!M93:P93,\">0\")-1)<0,0,COUNTIF(MATRIX2!M93:P93,\">0\")))))))","v":2878912.6918500001},{"$f":"IF('MAIN-INTERFACE'!$D$2=\"No\",(Table_Provincial_GTAC35378[[#This Row],[Adj.AnnualRental]])*(1+Table_Provincial_GTAC35378[[#This Row],[TnTEscalation]])^5,(((MATRIX2!Y93*Table_Provincial_GTAC35378[[#This Row],[Adj.AnnualRental]])*(1+Table_Provincial_GTAC35378[[#This Row],[TnTEscalation]])^5)+(MATRIX2!Q93*IF(IF('MAIN-INTERFACE'!$D$2=\"No\",Table_Provincial_GTAC35378[[#This Row],[Adj.AnnualRental]],(Table_Provincial_GTAC35378[[#This Row],[RtmAnnualRental]])*(1+(IF('MAIN-INTERFACE'!$D$2=\"No\",0,'MAIN-INTERFACE'!$D$4))^(COUNTIF(MATRIX2!M93:Q93,0))))*(1+(IF('MAIN-INTERFACE'!$D$2=\"No\",0,'MAIN-INTERFACE'!$D$8)))^5<Table_Provincial_GTAC35378[[#This Row],[Adj.AnnualRental]],(Table_Provincial_GTAC35378[[#This Row],[RtmAnnualRental]])*(1+(IF('MAIN-INTERFACE'!$D$2=\"No\",0,'MAIN-INTERFACE'!$D$4))^(COUNTIF(MATRIX2!M93:Q93,0)))*(1+(IF('MAIN-INTERFACE'!$D$2=\"No\",0,'MAIN-INTERFACE'!$D$8)))^MATRIX2!G93,Table_Provincial_GTAC35378[[#This Row],[Adj.AnnualRental]])*(1+(IF('MAIN-INTERFACE'!$D$2=\"No\",Table_Provincial_GTAC35378[[#This Row],[TnTEscalation]],'MAIN-INTERFACE'!$G$2)))^(IF((COUNTIF(MATRIX2!M93:Q93,\">0\")-1)<0,0,COUNTIF(MATRIX2!M93:Q93,\">0\"))))))","v":3094831.1437387499},{"$f":"IF('MAIN-INTERFACE'!$D$2=\"No\",(Table_Provincial_GTAC35378[[#This Row],[Adj.AnnualRental]])*(1+Table_Provincial_GTAC35378[[#This Row],[TnTEscalation]])^6,(((MATRIX2!Z93*Table_Provincial_GTAC35378[[#This Row],[Adj.AnnualRental]])*(1+Table_Provincial_GTAC35378[[#This Row],[TnTEscalation]])^6)+(MATRIX2!R93*IF(IF('MAIN-INTERFACE'!$D$2=\"No\",Table_Provincial_GTAC35378[[#This Row],[Adj.AnnualRental]],(Table_Provincial_GTAC35378[[#This Row],[RtmAnnualRental]])*(1+(IF('MAIN-INTERFACE'!$D$2=\"No\",0,'MAIN-INTERFACE'!$D$4))^(COUNTIF(MATRIX2!M93:R93,0))))*(1+(IF('MAIN-INTERFACE'!$D$2=\"No\",0,'MAIN-INTERFACE'!$D$8)))^6<Table_Provincial_GTAC35378[[#This Row],[Adj.AnnualRental]],(Table_Provincial_GTAC35378[[#This Row],[RtmAnnualRental]])*(1+(IF('MAIN-INTERFACE'!$D$2=\"No\",0,'MAIN-INTERFACE'!$D$4))^(COUNTIF(MATRIX2!M93:R93,0)))*(1+(IF('MAIN-INTERFACE'!$D$2=\"No\",0,'MAIN-INTERFACE'!$D$8)))^MATRIX2!H93,Table_Provincial_GTAC35378[[#This Row],[Adj.AnnualRental]])*(1+(IF('MAIN-INTERFACE'!$D$2=\"No\",Table_Provincial_GTAC35378[[#This Row],[TnTEscalation]],'MAIN-INTERFACE'!$G$2)))^(IF((COUNTIF(MATRIX2!M93:R93,\">0\")-1)<0,0,COUNTIF(MATRIX2!M93:R93,\">0\"))))))","v":3326943.4795191563},{"$f":"IF('MAIN-INTERFACE'!$D$2=\"No\",(Table_Provincial_GTAC35378[[#This Row],[Adj.AnnualRental]])*(1+Table_Provincial_GTAC35378[[#This Row],[TnTEscalation]])^7,(((MATRIX2!AA93*Table_Provincial_GTAC35378[[#This Row],[Adj.AnnualRental]])*(1+Table_Provincial_GTAC35378[[#This Row],[TnTEscalation]])^7)+(MATRIX2!S93*IF(IF('MAIN-INTERFACE'!$D$2=\"No\",Table_Provincial_GTAC35378[[#This Row],[Adj.AnnualRental]],(Table_Provincial_GTAC35378[[#This Row],[RtmAnnualRental]])*(1+(IF('MAIN-INTERFACE'!$D$2=\"No\",0,'MAIN-INTERFACE'!$D$4))^(COUNTIF(MATRIX2!M93:S93,0))))*(1+(IF('MAIN-INTERFACE'!$D$2=\"No\",0,'MAIN-INTERFACE'!$D$8)))^7<Table_Provincial_GTAC35378[[#This Row],[Adj.AnnualRental]],(Table_Provincial_GTAC35378[[#This Row],[RtmAnnualRental]])*(1+(IF('MAIN-INTERFACE'!$D$2=\"No\",0,'MAIN-INTERFACE'!$D$4))^(COUNTIF(MATRIX2!M93:S93,0)))*(1+(IF('MAIN-INTERFACE'!$D$2=\"No\",0,'MAIN-INTERFACE'!$D$8)))^MATRIX2!I93,Table_Provincial_GTAC35378[[#This Row],[Adj.AnnualRental]])*(1+(IF('MAIN-INTERFACE'!$D$2=\"No\",Table_Provincial_GTAC35378[[#This Row],[TnTEscalation]],'MAIN-INTERFACE'!$G$2)))^(IF((COUNTIF(MATRIX2!M93:S93,\">0\")-1)<0,0,COUNTIF(MATRIX2!M93:S93,\">0\"))))))","v":3576464.2404830926},{"$f":"SUM(Table_Provincial_GTAC35378[[#This Row],[FY 2018/19]:[FY 2023/24]])","v":18006558.653591}]
[{"$f":"Table_Provincial_GTAC3536[[#This Row],[SystemID]]","v":111},{"$f":"VLOOKUP($A94,DATA2!$A$2:$S$607,2,FALSE)","v":"KZN"},{"$f":"VLOOKUP($A94,DATA2!$A$2:$S$607,3,FALSE)","v":"KwaZulu-Natal"},{"$f":"VLOOKUP($A94,DATA2!$A$2:$S$607,4,FALSE)","v":116.65522723622932},{"$f":"VLOOKUP($A94,DATA2!$A$2:$S$607,5,FALSE)","v":77.5},{"$f":"VLOOKUP($A94,DATA2!$A$2:$S$607,6,FALSE)","v":"VTSD"},{"$f":"VLOOKUP($A94,DATA2!$A$2:$S$607,7,FALSE)","v":2490.8000000000002},{"$f":"VLOOKUP($A94,DATA2!$A$2:$S$607,8,FALSE)","v":true},{"$f":"VLOOKUP($A94,DATA2!$A$2:$S$607,9,FALSE)","v":0.08},{"$f":"VLOOKUP($A94,DATA2!$A$2:$S$607,10,FALSE)","v":290564.84000000003},{"$f":"VLOOKUP($A94,DATA2!$A$2:$S$607,11,FALSE)","v":3486778.08},{"$f":"Table_Provincial_GTAC35378[[#This Row],[Benchmark]]*Table_Provincial_GTAC35378[[#This Row],[ExtentM2]]*12","v":2316444},{"$f":"VLOOKUP($A94,DATA2!$A$2:$S$607,12,FALSE)","v":"2016-04-01"},{"$f":"VLOOKUP($A94,DATA2!$A$2:$S$607,13,FALSE)","v":"2019-03-31"},{"$f":"VLOOKUP($A94,DATA2!$A$2:$S$607,14,FALSE)","v":"No"},{"$f":"IF(MATRIX2!D94=1,($Y$8-$X$2)/365*Table_Provincial_GTAC35378[[#This Row],[Adj.AnnualRental]]*MATRIX2!D94,($Y$8-$X$2)/365*Table_Provincial_GTAC35378[[#This Row],[Adj.AnnualRental]])","v":-12619270.80460274},{"$f":"IF('MAIN-INTERFACE'!$D$2=\"No\",(Table_Provincial_GTAC35378[[#This Row],[Adj.AnnualRental]])*(1+Table_Provincial_GTAC35378[[#This Row],[TnTEscalation]])^2,\n    (((MATRIX2!V94*Table_Provincial_GTAC35378[[#This Row],[Adj.AnnualRental]])*(1+Table_Provincial_GTAC35378[[#This Row],[TnTEscalation]])^2)+\n       (MATRIX2!N94* IF(IF('MAIN-INTERFACE'!$D$2=\"No\",Table_Provincial_GTAC35378[[#This Row],[Adj.AnnualRental]],(Table_Provincial_GTAC35378[[#This Row],[RtmAnnualRental]])*(1+\n                                 (IF('MAIN-INTERFACE'!$D$2=\"No\",0,'MAIN-INTERFACE'!$D$4))^(COUNTIF(MATRIX2!M94:N94,0))))*(1+\n                                 (IF('MAIN-INTERFACE'!$D$2=\"No\",0,'MAIN-INTERFACE'!$D$8)))^2<Table_Provincial_GTAC35378[[#This Row],[Adj.AnnualRental]],(Table_Provincial_GTAC35378[[#This Row],[RtmAnnualRental]])*(1+\n\n                                 (IF('MAIN-INTERFACE'!$D$2=\"No\",0,'MAIN-INTERFACE'!$D$4))^(COUNTIF(MATRIX2!M94:N94,0)))*(1+\n                                 (IF('MAIN-INTERFACE'!$D$2=\"No\",0,'MAIN-INTERFACE'!$D$8)))^MATRIX2!D94,Table_Provincial_GTAC35378[[#This Row],[Adj.AnnualRental]])*(1+\n\n                                (IF('MAIN-INTERFACE'!$D$2=\"No\",Table_Provincial_GTAC35378[[#This Row],[TnTEscalation]],'MAIN-INTERFACE'!$G$2)))^\n                                 (IF((COUNTIF(MATRIX2!M94:N94,\">0\")-1)<0,0,COUNTIF(MATRIX2!M94:N94,\">0\"))))))","v":4066977.9525120002},{"$f":"IF('MAIN-INTERFACE'!$D$2=\"No\",(Table_Provincial_GTAC35378[[#This Row],[Adj.AnnualRental]])*(1+Table_Provincial_GTAC35378[[#This Row],[TnTEscalation]])^3,(((MATRIX2!W94*Table_Provincial_GTAC35378[[#This Row],[Adj.AnnualRental]])*(1+Table_Provincial_GTAC35378[[#This Row],[TnTEscalation]])^3)+(MATRIX2!O94*IF(IF('MAIN-INTERFACE'!$D$2=\"No\",Table_Provincial_GTAC35378[[#This Row],[Adj.AnnualRental]],(Table_Provincial_GTAC35378[[#This Row],[RtmAnnualRental]])*(1+(IF('MAIN-INTERFACE'!$D$2=\"No\",0,'MAIN-INTERFACE'!$D$4))^(COUNTIF(MATRIX2!M94:O94,0))))*(1+(IF('MAIN-INTERFACE'!$D$2=\"No\",0,'MAIN-INTERFACE'!$D$8)))^3<Table_Provincial_GTAC35378[[#This Row],[Adj.AnnualRental]],(Table_Provincial_GTAC35378[[#This Row],[RtmAnnualRental]])*(1+(IF('MAIN-INTERFACE'!$D$2=\"No\",0,'MAIN-INTERFACE'!$D$4))^(COUNTIF(MATRIX2!M94:O94,0)))*(1+(IF('MAIN-INTERFACE'!$D$2=\"No\",0,'MAIN-INTERFACE'!$D$8)))^MATRIX2!E94,Table_Provincial_GTAC35378[[#This Row],[Adj.AnnualRental]])*(1+(IF('MAIN-INTERFACE'!$D$2=\"No\",Table_Provincial_GTAC35378[[#This Row],[TnTEscalation]],'MAIN-INTERFACE'!$G$2)))^(IF((COUNTIF(MATRIX2!M94:O94,\">0\")-1)<0,0,COUNTIF(MATRIX2!M94:O94,\">0\"))))))","v":3432847.9294565739},{"$f":"IF('MAIN-INTERFACE'!$D$2=\"No\",(Table_Provincial_GTAC35378[[#This Row],[Adj.AnnualRental]])*(1+Table_Provincial_GTAC35378[[#This Row],[TnTEscalation]])^4,((((MATRIX2!X94*Table_Provincial_GTAC35378[[#This Row],[Adj.AnnualRental]])*(1+Table_Provincial_GTAC35378[[#This Row],[TnTEscalation]])^4)+(MATRIX2!P94*IF(IF('MAIN-INTERFACE'!$D$2=\"No\",Table_Provincial_GTAC35378[[#This Row],[Adj.AnnualRental]],(Table_Provincial_GTAC35378[[#This Row],[RtmAnnualRental]])*(1+(IF('MAIN-INTERFACE'!$D$2=\"No\",0,'MAIN-INTERFACE'!$D$4))^(COUNTIF(MATRIX2!M94:P94,0))))*(1+(IF('MAIN-INTERFACE'!$D$2=\"No\",0,'MAIN-INTERFACE'!$D$8)))^4<Table_Provincial_GTAC35378[[#This Row],[Adj.AnnualRental]],(Table_Provincial_GTAC35378[[#This Row],[RtmAnnualRental]])*(1+(IF('MAIN-INTERFACE'!$D$2=\"No\",0,'MAIN-INTERFACE'!$D$4))^(COUNTIF(MATRIX2!M94:P94,0)))*(1+(IF('MAIN-INTERFACE'!$D$2=\"No\",0,'MAIN-INTERFACE'!$D$8)))^MATRIX2!F94,Table_Provincial_GTAC35378[[#This Row],[Adj.AnnualRental]])*(1+(IF('MAIN-INTERFACE'!$D$2=\"No\",Table_Provincial_GTAC35378[[#This Row],[TnTEscalation]],'MAIN-INTERFACE'!$G$2)))^(IF((COUNTIF(MATRIX2!M94:P94,\">0\")-1)<0,0,COUNTIF(MATRIX2!M94:P94,\">0\")))))))","v":2681223.7024560003},{"$f":"IF('MAIN-INTERFACE'!$D$2=\"No\",(Table_Provincial_GTAC35378[[#This Row],[Adj.AnnualRental]])*(1+Table_Provincial_GTAC35378[[#This Row],[TnTEscalation]])^5,(((MATRIX2!Y94*Table_Provincial_GTAC35378[[#This Row],[Adj.AnnualRental]])*(1+Table_Provincial_GTAC35378[[#This Row],[TnTEscalation]])^5)+(MATRIX2!Q94*IF(IF('MAIN-INTERFACE'!$D$2=\"No\",Table_Provincial_GTAC35378[[#This Row],[Adj.AnnualRental]],(Table_Provincial_GTAC35378[[#This Row],[RtmAnnualRental]])*(1+(IF('MAIN-INTERFACE'!$D$2=\"No\",0,'MAIN-INTERFACE'!$D$4))^(COUNTIF(MATRIX2!M94:Q94,0))))*(1+(IF('MAIN-INTERFACE'!$D$2=\"No\",0,'MAIN-INTERFACE'!$D$8)))^5<Table_Provincial_GTAC35378[[#This Row],[Adj.AnnualRental]],(Table_Provincial_GTAC35378[[#This Row],[RtmAnnualRental]])*(1+(IF('MAIN-INTERFACE'!$D$2=\"No\",0,'MAIN-INTERFACE'!$D$4))^(COUNTIF(MATRIX2!M94:Q94,0)))*(1+(IF('MAIN-INTERFACE'!$D$2=\"No\",0,'MAIN-INTERFACE'!$D$8)))^MATRIX2!G94,Table_Provincial_GTAC35378[[#This Row],[Adj.AnnualRental]])*(1+(IF('MAIN-INTERFACE'!$D$2=\"No\",Table_Provincial_GTAC35378[[#This Row],[TnTEscalation]],'MAIN-INTERFACE'!$G$2)))^(IF((COUNTIF(MATRIX2!M94:Q94,\">0\")-1)<0,0,COUNTIF(MATRIX2!M94:Q94,\">0\"))))))","v":2882315.4801401999},{"$f":"IF('MAIN-INTERFACE'!$D$2=\"No\",(Table_Provincial_GTAC35378[[#This Row],[Adj.AnnualRental]])*(1+Table_Provincial_GTAC35378[[#This Row],[TnTEscalation]])^6,(((MATRIX2!Z94*Table_Provincial_GTAC35378[[#This Row],[Adj.AnnualRental]])*(1+Table_Provincial_GTAC35378[[#This Row],[TnTEscalation]])^6)+(MATRIX2!R94*IF(IF('MAIN-INTERFACE'!$D$2=\"No\",Table_Provincial_GTAC35378[[#This Row],[Adj.AnnualRental]],(Table_Provincial_GTAC35378[[#This Row],[RtmAnnualRental]])*(1+(IF('MAIN-INTERFACE'!$D$2=\"No\",0,'MAIN-INTERFACE'!$D$4))^(COUNTIF(MATRIX2!M94:R94,0))))*(1+(IF('MAIN-INTERFACE'!$D$2=\"No\",0,'MAIN-INTERFACE'!$D$8)))^6<Table_Provincial_GTAC35378[[#This Row],[Adj.AnnualRental]],(Table_Provincial_GTAC35378[[#This Row],[RtmAnnualRental]])*(1+(IF('MAIN-INTERFACE'!$D$2=\"No\",0,'MAIN-INTERFACE'!$D$4))^(COUNTIF(MATRIX2!M94:R94,0)))*(1+(IF('MAIN-INTERFACE'!$D$2=\"No\",0,'MAIN-INTERFACE'!$D$8)))^MATRIX2!H94,Table_Provincial_GTAC35378[[#This Row],[Adj.AnnualRental]])*(1+(IF('MAIN-INTERFACE'!$D$2=\"No\",Table_Provincial_GTAC35378[[#This Row],[TnTEscalation]],'MAIN-INTERFACE'!$G$2)))^(IF((COUNTIF(MATRIX2!M94:R94,\">0\")-1)<0,0,COUNTIF(MATRIX2!M94:R94,\">0\"))))))","v":3098489.1411507153},{"$f":"IF('MAIN-INTERFACE'!$D$2=\"No\",(Table_Provincial_GTAC35378[[#This Row],[Adj.AnnualRental]])*(1+Table_Provincial_GTAC35378[[#This Row],[TnTEscalation]])^7,(((MATRIX2!AA94*Table_Provincial_GTAC35378[[#This Row],[Adj.AnnualRental]])*(1+Table_Provincial_GTAC35378[[#This Row],[TnTEscalation]])^7)+(MATRIX2!S94*IF(IF('MAIN-INTERFACE'!$D$2=\"No\",Table_Provincial_GTAC35378[[#This Row],[Adj.AnnualRental]],(Table_Provincial_GTAC35378[[#This Row],[RtmAnnualRental]])*(1+(IF('MAIN-INTERFACE'!$D$2=\"No\",0,'MAIN-INTERFACE'!$D$4))^(COUNTIF(MATRIX2!M94:S94,0))))*(1+(IF('MAIN-INTERFACE'!$D$2=\"No\",0,'MAIN-INTERFACE'!$D$8)))^7<Table_Provincial_GTAC35378[[#This Row],[Adj.AnnualRental]],(Table_Provincial_GTAC35378[[#This Row],[RtmAnnualRental]])*(1+(IF('MAIN-INTERFACE'!$D$2=\"No\",0,'MAIN-INTERFACE'!$D$4))^(COUNTIF(MATRIX2!M94:S94,0)))*(1+(IF('MAIN-INTERFACE'!$D$2=\"No\",0,'MAIN-INTERFACE'!$D$8)))^MATRIX2!I94,Table_Provincial_GTAC35378[[#This Row],[Adj.AnnualRental]])*(1+(IF('MAIN-INTERFACE'!$D$2=\"No\",Table_Provincial_GTAC35378[[#This Row],[TnTEscalation]],'MAIN-INTERFACE'!$G$2)))^(IF((COUNTIF(MATRIX2!M94:S94,\">0\")-1)<0,0,COUNTIF(MATRIX2!M94:S94,\">0\"))))))","v":3330875.8267370188},{"$f":"SUM(Table_Provincial_GTAC35378[[#This Row],[FY 2018/19]:[FY 2023/24]])","v":19492730.032452509}]
[{"$f":"Table_Provincial_GTAC3536[[#This Row],[SystemID]]","v":112},{"$f":"VLOOKUP($A95,DATA2!$A$2:$S$607,2,FALSE)","v":"KZN"},{"$f":"VLOOKUP($A95,DATA2!$A$2:$S$607,3,FALSE)","v":"KwaZulu-Natal"},{"$f":"VLOOKUP($A95,DATA2!$A$2:$S$607,4,FALSE)","v":32.752512254901958},{"$f":"VLOOKUP($A95,DATA2!$A$2:$S$607,5,FALSE)","v":65},{"$f":"VLOOKUP($A95,DATA2!$A$2:$S$607,6,FALSE)","v":"VTSD"},{"$f":"VLOOKUP($A95,DATA2!$A$2:$S$607,7,FALSE)","v":2448},{"$f":"VLOOKUP($A95,DATA2!$A$2:$S$607,8,FALSE)","v":true},{"$f":"VLOOKUP($A95,DATA2!$A$2:$S$607,9,FALSE)","v":0},{"$f":"VLOOKUP($A95,DATA2!$A$2:$S$607,10,FALSE)","v":80178.149999999994},{"$f":"VLOOKUP($A95,DATA2!$A$2:$S$607,11,FALSE)","v":962137.8},{"$f":"Table_Provincial_GTAC35378[[#This Row],[Benchmark]]*Table_Provincial_GTAC35378[[#This Row],[ExtentM2]]*12","v":1909440},{"$f":"VLOOKUP($A95,DATA2!$A$2:$S$607,12,FALSE)","v":"2016-07-01"},{"$f":"VLOOKUP($A95,DATA2!$A$2:$S$607,13,FALSE)","v":"2017-06-30"},{"$f":"VLOOKUP($A95,DATA2!$A$2:$S$607,14,FALSE)","v":"Yes"},{"$f":"IF(MATRIX2!D95=1,($Y$8-$X$2)/365*Table_Provincial_GTAC35378[[#This Row],[Adj.AnnualRental]]*MATRIX2!D95,($Y$8-$X$2)/365*Table_Provincial_GTAC35378[[#This Row],[Adj.AnnualRental]])","v":-3482148.0378082194},{"$f":"IF('MAIN-INTERFACE'!$D$2=\"No\",(Table_Provincial_GTAC35378[[#This Row],[Adj.AnnualRental]])*(1+Table_Provincial_GTAC35378[[#This Row],[TnTEscalation]])^2,\n    (((MATRIX2!V95*Table_Provincial_GTAC35378[[#This Row],[Adj.AnnualRental]])*(1+Table_Provincial_GTAC35378[[#This Row],[TnTEscalation]])^2)+\n       (MATRIX2!N95* IF(IF('MAIN-INTERFACE'!$D$2=\"No\",Table_Provincial_GTAC35378[[#This Row],[Adj.AnnualRental]],(Table_Provincial_GTAC35378[[#This Row],[RtmAnnualRental]])*(1+\n                                 (IF('MAIN-INTERFACE'!$D$2=\"No\",0,'MAIN-INTERFACE'!$D$4))^(COUNTIF(MATRIX2!M95:N95,0))))*(1+\n                                 (IF('MAIN-INTERFACE'!$D$2=\"No\",0,'MAIN-INTERFACE'!$D$8)))^2<Table_Provincial_GTAC35378[[#This Row],[Adj.AnnualRental]],(Table_Provincial_GTAC35378[[#This Row],[RtmAnnualRental]])*(1+\n\n                                 (IF('MAIN-INTERFACE'!$D$2=\"No\",0,'MAIN-INTERFACE'!$D$4))^(COUNTIF(MATRIX2!M95:N95,0)))*(1+\n                                 (IF('MAIN-INTERFACE'!$D$2=\"No\",0,'MAIN-INTERFACE'!$D$8)))^MATRIX2!D95,Table_Provincial_GTAC35378[[#This Row],[Adj.AnnualRental]])*(1+\n\n                                (IF('MAIN-INTERFACE'!$D$2=\"No\",Table_Provincial_GTAC35378[[#This Row],[TnTEscalation]],'MAIN-INTERFACE'!$G$2)))^\n                                 (IF((COUNTIF(MATRIX2!M95:N95,\">0\")-1)<0,0,COUNTIF(MATRIX2!M95:N95,\">0\"))))))","v":998217.96750000003},{"$f":"IF('MAIN-INTERFACE'!$D$2=\"No\",(Table_Provincial_GTAC35378[[#This Row],[Adj.AnnualRental]])*(1+Table_Provincial_GTAC35378[[#This Row],[TnTEscalation]])^3,(((MATRIX2!W95*Table_Provincial_GTAC35378[[#This Row],[Adj.AnnualRental]])*(1+Table_Provincial_GTAC35378[[#This Row],[TnTEscalation]])^3)+(MATRIX2!O95*IF(IF('MAIN-INTERFACE'!$D$2=\"No\",Table_Provincial_GTAC35378[[#This Row],[Adj.AnnualRental]],(Table_Provincial_GTAC35378[[#This Row],[RtmAnnualRental]])*(1+(IF('MAIN-INTERFACE'!$D$2=\"No\",0,'MAIN-INTERFACE'!$D$4))^(COUNTIF(MATRIX2!M95:O95,0))))*(1+(IF('MAIN-INTERFACE'!$D$2=\"No\",0,'MAIN-INTERFACE'!$D$8)))^3<Table_Provincial_GTAC35378[[#This Row],[Adj.AnnualRental]],(Table_Provincial_GTAC35378[[#This Row],[RtmAnnualRental]])*(1+(IF('MAIN-INTERFACE'!$D$2=\"No\",0,'MAIN-INTERFACE'!$D$4))^(COUNTIF(MATRIX2!M95:O95,0)))*(1+(IF('MAIN-INTERFACE'!$D$2=\"No\",0,'MAIN-INTERFACE'!$D$8)))^MATRIX2!E95,Table_Provincial_GTAC35378[[#This Row],[Adj.AnnualRental]])*(1+(IF('MAIN-INTERFACE'!$D$2=\"No\",Table_Provincial_GTAC35378[[#This Row],[TnTEscalation]],'MAIN-INTERFACE'!$G$2)))^(IF((COUNTIF(MATRIX2!M95:O95,\">0\")-1)<0,0,COUNTIF(MATRIX2!M95:O95,\">0\"))))))","v":1111870.4951249999},{"$f":"IF('MAIN-INTERFACE'!$D$2=\"No\",(Table_Provincial_GTAC35378[[#This Row],[Adj.AnnualRental]])*(1+Table_Provincial_GTAC35378[[#This Row],[TnTEscalation]])^4,((((MATRIX2!X95*Table_Provincial_GTAC35378[[#This Row],[Adj.AnnualRental]])*(1+Table_Provincial_GTAC35378[[#This Row],[TnTEscalation]])^4)+(MATRIX2!P95*IF(IF('MAIN-INTERFACE'!$D$2=\"No\",Table_Provincial_GTAC35378[[#This Row],[Adj.AnnualRental]],(Table_Provincial_GTAC35378[[#This Row],[RtmAnnualRental]])*(1+(IF('MAIN-INTERFACE'!$D$2=\"No\",0,'MAIN-INTERFACE'!$D$4))^(COUNTIF(MATRIX2!M95:P95,0))))*(1+(IF('MAIN-INTERFACE'!$D$2=\"No\",0,'MAIN-INTERFACE'!$D$8)))^4<Table_Provincial_GTAC35378[[#This Row],[Adj.AnnualRental]],(Table_Provincial_GTAC35378[[#This Row],[RtmAnnualRental]])*(1+(IF('MAIN-INTERFACE'!$D$2=\"No\",0,'MAIN-INTERFACE'!$D$4))^(COUNTIF(MATRIX2!M95:P95,0)))*(1+(IF('MAIN-INTERFACE'!$D$2=\"No\",0,'MAIN-INTERFACE'!$D$8)))^MATRIX2!F95,Table_Provincial_GTAC35378[[#This Row],[Adj.AnnualRental]])*(1+(IF('MAIN-INTERFACE'!$D$2=\"No\",Table_Provincial_GTAC35378[[#This Row],[TnTEscalation]],'MAIN-INTERFACE'!$G$2)))^(IF((COUNTIF(MATRIX2!M95:P95,\">0\")-1)<0,0,COUNTIF(MATRIX2!M95:P95,\">0\")))))))","v":1195260.7822593749},{"$f":"IF('MAIN-INTERFACE'!$D$2=\"No\",(Table_Provincial_GTAC35378[[#This Row],[Adj.AnnualRental]])*(1+Table_Provincial_GTAC35378[[#This Row],[TnTEscalation]])^5,(((MATRIX2!Y95*Table_Provincial_GTAC35378[[#This Row],[Adj.AnnualRental]])*(1+Table_Provincial_GTAC35378[[#This Row],[TnTEscalation]])^5)+(MATRIX2!Q95*IF(IF('MAIN-INTERFACE'!$D$2=\"No\",Table_Provincial_GTAC35378[[#This Row],[Adj.AnnualRental]],(Table_Provincial_GTAC35378[[#This Row],[RtmAnnualRental]])*(1+(IF('MAIN-INTERFACE'!$D$2=\"No\",0,'MAIN-INTERFACE'!$D$4))^(COUNTIF(MATRIX2!M95:Q95,0))))*(1+(IF('MAIN-INTERFACE'!$D$2=\"No\",0,'MAIN-INTERFACE'!$D$8)))^5<Table_Provincial_GTAC35378[[#This Row],[Adj.AnnualRental]],(Table_Provincial_GTAC35378[[#This Row],[RtmAnnualRental]])*(1+(IF('MAIN-INTERFACE'!$D$2=\"No\",0,'MAIN-INTERFACE'!$D$4))^(COUNTIF(MATRIX2!M95:Q95,0)))*(1+(IF('MAIN-INTERFACE'!$D$2=\"No\",0,'MAIN-INTERFACE'!$D$8)))^MATRIX2!G95,Table_Provincial_GTAC35378[[#This Row],[Adj.AnnualRental]])*(1+(IF('MAIN-INTERFACE'!$D$2=\"No\",Table_Provincial_GTAC35378[[#This Row],[TnTEscalation]],'MAIN-INTERFACE'!$G$2)))^(IF((COUNTIF(MATRIX2!M95:Q95,\">0\")-1)<0,0,COUNTIF(MATRIX2!M95:Q95,\">0\"))))))","v":1284905.3409288281},{"$f":"IF('MAIN-INTERFACE'!$D$2=\"No\",(Table_Provincial_GTAC35378[[#This Row],[Adj.AnnualRental]])*(1+Table_Provincial_GTAC35378[[#This Row],[TnTEscalation]])^6,(((MATRIX2!Z95*Table_Provincial_GTAC35378[[#This Row],[Adj.AnnualRental]])*(1+Table_Provincial_GTAC35378[[#This Row],[TnTEscalation]])^6)+(MATRIX2!R95*IF(IF('MAIN-INTERFACE'!$D$2=\"No\",Table_Provincial_GTAC35378[[#This Row],[Adj.AnnualRental]],(Table_Provincial_GTAC35378[[#This Row],[RtmAnnualRental]])*(1+(IF('MAIN-INTERFACE'!$D$2=\"No\",0,'MAIN-INTERFACE'!$D$4))^(COUNTIF(MATRIX2!M95:R95,0))))*(1+(IF('MAIN-INTERFACE'!$D$2=\"No\",0,'MAIN-INTERFACE'!$D$8)))^6<Table_Provincial_GTAC35378[[#This Row],[Adj.AnnualRental]],(Table_Provincial_GTAC35378[[#This Row],[RtmAnnualRental]])*(1+(IF('MAIN-INTERFACE'!$D$2=\"No\",0,'MAIN-INTERFACE'!$D$4))^(COUNTIF(MATRIX2!M95:R95,0)))*(1+(IF('MAIN-INTERFACE'!$D$2=\"No\",0,'MAIN-INTERFACE'!$D$8)))^MATRIX2!H95,Table_Provincial_GTAC35378[[#This Row],[Adj.AnnualRental]])*(1+(IF('MAIN-INTERFACE'!$D$2=\"No\",Table_Provincial_GTAC35378[[#This Row],[TnTEscalation]],'MAIN-INTERFACE'!$G$2)))^(IF((COUNTIF(MATRIX2!M95:R95,\">0\")-1)<0,0,COUNTIF(MATRIX2!M95:R95,\">0\"))))))","v":1381273.2414984901},{"$f":"IF('MAIN-INTERFACE'!$D$2=\"No\",(Table_Provincial_GTAC35378[[#This Row],[Adj.AnnualRental]])*(1+Table_Provincial_GTAC35378[[#This Row],[TnTEscalation]])^7,(((MATRIX2!AA95*Table_Provincial_GTAC35378[[#This Row],[Adj.AnnualRental]])*(1+Table_Provincial_GTAC35378[[#This Row],[TnTEscalation]])^7)+(MATRIX2!S95*IF(IF('MAIN-INTERFACE'!$D$2=\"No\",Table_Provincial_GTAC35378[[#This Row],[Adj.AnnualRental]],(Table_Provincial_GTAC35378[[#This Row],[RtmAnnualRental]])*(1+(IF('MAIN-INTERFACE'!$D$2=\"No\",0,'MAIN-INTERFACE'!$D$4))^(COUNTIF(MATRIX2!M95:S95,0))))*(1+(IF('MAIN-INTERFACE'!$D$2=\"No\",0,'MAIN-INTERFACE'!$D$8)))^7<Table_Provincial_GTAC35378[[#This Row],[Adj.AnnualRental]],(Table_Provincial_GTAC35378[[#This Row],[RtmAnnualRental]])*(1+(IF('MAIN-INTERFACE'!$D$2=\"No\",0,'MAIN-INTERFACE'!$D$4))^(COUNTIF(MATRIX2!M95:S95,0)))*(1+(IF('MAIN-INTERFACE'!$D$2=\"No\",0,'MAIN-INTERFACE'!$D$8)))^MATRIX2!I95,Table_Provincial_GTAC35378[[#This Row],[Adj.AnnualRental]])*(1+(IF('MAIN-INTERFACE'!$D$2=\"No\",Table_Provincial_GTAC35378[[#This Row],[TnTEscalation]],'MAIN-INTERFACE'!$G$2)))^(IF((COUNTIF(MATRIX2!M95:S95,\">0\")-1)<0,0,COUNTIF(MATRIX2!M95:S95,\">0\"))))))","v":1484868.7346108768},{"$f":"SUM(Table_Provincial_GTAC35378[[#This Row],[FY 2018/19]:[FY 2023/24]])","v":7456396.5619225698}]
[{"$f":"Table_Provincial_GTAC3536[[#This Row],[SystemID]]","v":113},{"$f":"VLOOKUP($A96,DATA2!$A$2:$S$607,2,FALSE)","v":"KZN"},{"$f":"VLOOKUP($A96,DATA2!$A$2:$S$607,3,FALSE)","v":"KwaZulu-Natal"},{"$f":"VLOOKUP($A96,DATA2!$A$2:$S$607,4,FALSE)","v":107.371916},{"$f":"VLOOKUP($A96,DATA2!$A$2:$S$607,5,FALSE)","v":77.5},{"$f":"VLOOKUP($A96,DATA2!$A$2:$S$607,6,FALSE)","v":"VTSD"},{"$f":"VLOOKUP($A96,DATA2!$A$2:$S$607,7,FALSE)","v":2500},{"$f":"VLOOKUP($A96,DATA2!$A$2:$S$607,8,FALSE)","v":true},{"$f":"VLOOKUP($A96,DATA2!$A$2:$S$607,9,FALSE)","v":0},{"$f":"VLOOKUP($A96,DATA2!$A$2:$S$607,10,FALSE)","v":268429.78999999998},{"$f":"VLOOKUP($A96,DATA2!$A$2:$S$607,11,FALSE)","v":3221157.48},{"$f":"Table_Provincial_GTAC35378[[#This Row],[Benchmark]]*Table_Provincial_GTAC35378[[#This Row],[ExtentM2]]*12","v":2325000},{"$f":"VLOOKUP($A96,DATA2!$A$2:$S$607,12,FALSE)","v":"2016-12-01"},{"$f":"VLOOKUP($A96,DATA2!$A$2:$S$607,13,FALSE)","v":"2017-05-31"},{"$f":"VLOOKUP($A96,DATA2!$A$2:$S$607,14,FALSE)","v":"Yes"},{"$f":"IF(MATRIX2!D96=1,($Y$8-$X$2)/365*Table_Provincial_GTAC35378[[#This Row],[Adj.AnnualRental]]*MATRIX2!D96,($Y$8-$X$2)/365*Table_Provincial_GTAC35378[[#This Row],[Adj.AnnualRental]])","v":-11657942.55090411},{"$f":"IF('MAIN-INTERFACE'!$D$2=\"No\",(Table_Provincial_GTAC35378[[#This Row],[Adj.AnnualRental]])*(1+Table_Provincial_GTAC35378[[#This Row],[TnTEscalation]])^2,\n    (((MATRIX2!V96*Table_Provincial_GTAC35378[[#This Row],[Adj.AnnualRental]])*(1+Table_Provincial_GTAC35378[[#This Row],[TnTEscalation]])^2)+\n       (MATRIX2!N96* IF(IF('MAIN-INTERFACE'!$D$2=\"No\",Table_Provincial_GTAC35378[[#This Row],[Adj.AnnualRental]],(Table_Provincial_GTAC35378[[#This Row],[RtmAnnualRental]])*(1+\n                                 (IF('MAIN-INTERFACE'!$D$2=\"No\",0,'MAIN-INTERFACE'!$D$4))^(COUNTIF(MATRIX2!M96:N96,0))))*(1+\n                                 (IF('MAIN-INTERFACE'!$D$2=\"No\",0,'MAIN-INTERFACE'!$D$8)))^2<Table_Provincial_GTAC35378[[#This Row],[Adj.AnnualRental]],(Table_Provincial_GTAC35378[[#This Row],[RtmAnnualRental]])*(1+\n\n                                 (IF('MAIN-INTERFACE'!$D$2=\"No\",0,'MAIN-INTERFACE'!$D$4))^(COUNTIF(MATRIX2!M96:N96,0)))*(1+\n                                 (IF('MAIN-INTERFACE'!$D$2=\"No\",0,'MAIN-INTERFACE'!$D$8)))^MATRIX2!D96,Table_Provincial_GTAC35378[[#This Row],[Adj.AnnualRental]])*(1+\n\n                                (IF('MAIN-INTERFACE'!$D$2=\"No\",Table_Provincial_GTAC35378[[#This Row],[TnTEscalation]],'MAIN-INTERFACE'!$G$2)))^\n                                 (IF((COUNTIF(MATRIX2!M96:N96,\">0\")-1)<0,0,COUNTIF(MATRIX2!M96:N96,\">0\"))))))","v":2910253.74},{"$f":"IF('MAIN-INTERFACE'!$D$2=\"No\",(Table_Provincial_GTAC35378[[#This Row],[Adj.AnnualRental]])*(1+Table_Provincial_GTAC35378[[#This Row],[TnTEscalation]])^3,(((MATRIX2!W96*Table_Provincial_GTAC35378[[#This Row],[Adj.AnnualRental]])*(1+Table_Provincial_GTAC35378[[#This Row],[TnTEscalation]])^3)+(MATRIX2!O96*IF(IF('MAIN-INTERFACE'!$D$2=\"No\",Table_Provincial_GTAC35378[[#This Row],[Adj.AnnualRental]],(Table_Provincial_GTAC35378[[#This Row],[RtmAnnualRental]])*(1+(IF('MAIN-INTERFACE'!$D$2=\"No\",0,'MAIN-INTERFACE'!$D$4))^(COUNTIF(MATRIX2!M96:O96,0))))*(1+(IF('MAIN-INTERFACE'!$D$2=\"No\",0,'MAIN-INTERFACE'!$D$8)))^3<Table_Provincial_GTAC35378[[#This Row],[Adj.AnnualRental]],(Table_Provincial_GTAC35378[[#This Row],[RtmAnnualRental]])*(1+(IF('MAIN-INTERFACE'!$D$2=\"No\",0,'MAIN-INTERFACE'!$D$4))^(COUNTIF(MATRIX2!M96:O96,0)))*(1+(IF('MAIN-INTERFACE'!$D$2=\"No\",0,'MAIN-INTERFACE'!$D$8)))^MATRIX2!E96,Table_Provincial_GTAC35378[[#This Row],[Adj.AnnualRental]])*(1+(IF('MAIN-INTERFACE'!$D$2=\"No\",Table_Provincial_GTAC35378[[#This Row],[TnTEscalation]],'MAIN-INTERFACE'!$G$2)))^(IF((COUNTIF(MATRIX2!M96:O96,\">0\")-1)<0,0,COUNTIF(MATRIX2!M96:O96,\">0\"))))))","v":2794301.2499999995},{"$f":"IF('MAIN-INTERFACE'!$D$2=\"No\",(Table_Provincial_GTAC35378[[#This Row],[Adj.AnnualRental]])*(1+Table_Provincial_GTAC35378[[#This Row],[TnTEscalation]])^4,((((MATRIX2!X96*Table_Provincial_GTAC35378[[#This Row],[Adj.AnnualRental]])*(1+Table_Provincial_GTAC35378[[#This Row],[TnTEscalation]])^4)+(MATRIX2!P96*IF(IF('MAIN-INTERFACE'!$D$2=\"No\",Table_Provincial_GTAC35378[[#This Row],[Adj.AnnualRental]],(Table_Provincial_GTAC35378[[#This Row],[RtmAnnualRental]])*(1+(IF('MAIN-INTERFACE'!$D$2=\"No\",0,'MAIN-INTERFACE'!$D$4))^(COUNTIF(MATRIX2!M96:P96,0))))*(1+(IF('MAIN-INTERFACE'!$D$2=\"No\",0,'MAIN-INTERFACE'!$D$8)))^4<Table_Provincial_GTAC35378[[#This Row],[Adj.AnnualRental]],(Table_Provincial_GTAC35378[[#This Row],[RtmAnnualRental]])*(1+(IF('MAIN-INTERFACE'!$D$2=\"No\",0,'MAIN-INTERFACE'!$D$4))^(COUNTIF(MATRIX2!M96:P96,0)))*(1+(IF('MAIN-INTERFACE'!$D$2=\"No\",0,'MAIN-INTERFACE'!$D$8)))^MATRIX2!F96,Table_Provincial_GTAC35378[[#This Row],[Adj.AnnualRental]])*(1+(IF('MAIN-INTERFACE'!$D$2=\"No\",Table_Provincial_GTAC35378[[#This Row],[TnTEscalation]],'MAIN-INTERFACE'!$G$2)))^(IF((COUNTIF(MATRIX2!M96:P96,\">0\")-1)<0,0,COUNTIF(MATRIX2!M96:P96,\">0\")))))))","v":3003873.8437499995},{"$f":"IF('MAIN-INTERFACE'!$D$2=\"No\",(Table_Provincial_GTAC35378[[#This Row],[Adj.AnnualRental]])*(1+Table_Provincial_GTAC35378[[#This Row],[TnTEscalation]])^5,(((MATRIX2!Y96*Table_Provincial_GTAC35378[[#This Row],[Adj.AnnualRental]])*(1+Table_Provincial_GTAC35378[[#This Row],[TnTEscalation]])^5)+(MATRIX2!Q96*IF(IF('MAIN-INTERFACE'!$D$2=\"No\",Table_Provincial_GTAC35378[[#This Row],[Adj.AnnualRental]],(Table_Provincial_GTAC35378[[#This Row],[RtmAnnualRental]])*(1+(IF('MAIN-INTERFACE'!$D$2=\"No\",0,'MAIN-INTERFACE'!$D$4))^(COUNTIF(MATRIX2!M96:Q96,0))))*(1+(IF('MAIN-INTERFACE'!$D$2=\"No\",0,'MAIN-INTERFACE'!$D$8)))^5<Table_Provincial_GTAC35378[[#This Row],[Adj.AnnualRental]],(Table_Provincial_GTAC35378[[#This Row],[RtmAnnualRental]])*(1+(IF('MAIN-INTERFACE'!$D$2=\"No\",0,'MAIN-INTERFACE'!$D$4))^(COUNTIF(MATRIX2!M96:Q96,0)))*(1+(IF('MAIN-INTERFACE'!$D$2=\"No\",0,'MAIN-INTERFACE'!$D$8)))^MATRIX2!G96,Table_Provincial_GTAC35378[[#This Row],[Adj.AnnualRental]])*(1+(IF('MAIN-INTERFACE'!$D$2=\"No\",Table_Provincial_GTAC35378[[#This Row],[TnTEscalation]],'MAIN-INTERFACE'!$G$2)))^(IF((COUNTIF(MATRIX2!M96:Q96,\">0\")-1)<0,0,COUNTIF(MATRIX2!M96:Q96,\">0\"))))))","v":3229164.3820312498},{"$f":"IF('MAIN-INTERFACE'!$D$2=\"No\",(Table_Provincial_GTAC35378[[#This Row],[Adj.AnnualRental]])*(1+Table_Provincial_GTAC35378[[#This Row],[TnTEscalation]])^6,(((MATRIX2!Z96*Table_Provincial_GTAC35378[[#This Row],[Adj.AnnualRental]])*(1+Table_Provincial_GTAC35378[[#This Row],[TnTEscalation]])^6)+(MATRIX2!R96*IF(IF('MAIN-INTERFACE'!$D$2=\"No\",Table_Provincial_GTAC35378[[#This Row],[Adj.AnnualRental]],(Table_Provincial_GTAC35378[[#This Row],[RtmAnnualRental]])*(1+(IF('MAIN-INTERFACE'!$D$2=\"No\",0,'MAIN-INTERFACE'!$D$4))^(COUNTIF(MATRIX2!M96:R96,0))))*(1+(IF('MAIN-INTERFACE'!$D$2=\"No\",0,'MAIN-INTERFACE'!$D$8)))^6<Table_Provincial_GTAC35378[[#This Row],[Adj.AnnualRental]],(Table_Provincial_GTAC35378[[#This Row],[RtmAnnualRental]])*(1+(IF('MAIN-INTERFACE'!$D$2=\"No\",0,'MAIN-INTERFACE'!$D$4))^(COUNTIF(MATRIX2!M96:R96,0)))*(1+(IF('MAIN-INTERFACE'!$D$2=\"No\",0,'MAIN-INTERFACE'!$D$8)))^MATRIX2!H96,Table_Provincial_GTAC35378[[#This Row],[Adj.AnnualRental]])*(1+(IF('MAIN-INTERFACE'!$D$2=\"No\",Table_Provincial_GTAC35378[[#This Row],[TnTEscalation]],'MAIN-INTERFACE'!$G$2)))^(IF((COUNTIF(MATRIX2!M96:R96,\">0\")-1)<0,0,COUNTIF(MATRIX2!M96:R96,\">0\"))))))","v":3471351.7106835935},{"$f":"IF('MAIN-INTERFACE'!$D$2=\"No\",(Table_Provincial_GTAC35378[[#This Row],[Adj.AnnualRental]])*(1+Table_Provincial_GTAC35378[[#This Row],[TnTEscalation]])^7,(((MATRIX2!AA96*Table_Provincial_GTAC35378[[#This Row],[Adj.AnnualRental]])*(1+Table_Provincial_GTAC35378[[#This Row],[TnTEscalation]])^7)+(MATRIX2!S96*IF(IF('MAIN-INTERFACE'!$D$2=\"No\",Table_Provincial_GTAC35378[[#This Row],[Adj.AnnualRental]],(Table_Provincial_GTAC35378[[#This Row],[RtmAnnualRental]])*(1+(IF('MAIN-INTERFACE'!$D$2=\"No\",0,'MAIN-INTERFACE'!$D$4))^(COUNTIF(MATRIX2!M96:S96,0))))*(1+(IF('MAIN-INTERFACE'!$D$2=\"No\",0,'MAIN-INTERFACE'!$D$8)))^7<Table_Provincial_GTAC35378[[#This Row],[Adj.AnnualRental]],(Table_Provincial_GTAC35378[[#This Row],[RtmAnnualRental]])*(1+(IF('MAIN-INTERFACE'!$D$2=\"No\",0,'MAIN-INTERFACE'!$D$4))^(COUNTIF(MATRIX2!M96:S96,0)))*(1+(IF('MAIN-INTERFACE'!$D$2=\"No\",0,'MAIN-INTERFACE'!$D$8)))^MATRIX2!I96,Table_Provincial_GTAC35378[[#This Row],[Adj.AnnualRental]])*(1+(IF('MAIN-INTERFACE'!$D$2=\"No\",Table_Provincial_GTAC35378[[#This Row],[TnTEscalation]],'MAIN-INTERFACE'!$G$2)))^(IF((COUNTIF(MATRIX2!M96:S96,\">0\")-1)<0,0,COUNTIF(MATRIX2!M96:S96,\">0\"))))))","v":3731703.0889848624},{"$f":"SUM(Table_Provincial_GTAC35378[[#This Row],[FY 2018/19]:[FY 2023/24]])","v":19140648.015449706}]
[{"$f":"Table_Provincial_GTAC3536[[#This Row],[SystemID]]","v":114},{"$f":"VLOOKUP($A97,DATA2!$A$2:$S$607,2,FALSE)","v":"KZN"},{"$f":"VLOOKUP($A97,DATA2!$A$2:$S$607,3,FALSE)","v":"KwaZulu-Natal"},{"$f":"VLOOKUP($A97,DATA2!$A$2:$S$607,4,FALSE)","v":182.92091089108911},{"$f":"VLOOKUP($A97,DATA2!$A$2:$S$607,5,FALSE)","v":77.5},{"$f":"VLOOKUP($A97,DATA2!$A$2:$S$607,6,FALSE)","v":"VTSD"},{"$f":"VLOOKUP($A97,DATA2!$A$2:$S$607,7,FALSE)","v":505},{"$f":"VLOOKUP($A97,DATA2!$A$2:$S$607,8,FALSE)","v":true},{"$f":"VLOOKUP($A97,DATA2!$A$2:$S$607,9,FALSE)","v":0},{"$f":"VLOOKUP($A97,DATA2!$A$2:$S$607,10,FALSE)","v":92375.06},{"$f":"VLOOKUP($A97,DATA2!$A$2:$S$607,11,FALSE)","v":1108500.72},{"$f":"Table_Provincial_GTAC35378[[#This Row],[Benchmark]]*Table_Provincial_GTAC35378[[#This Row],[ExtentM2]]*12","v":469650},{"$f":"VLOOKUP($A97,DATA2!$A$2:$S$607,12,FALSE)","v":"2016-04-01"},{"$f":"VLOOKUP($A97,DATA2!$A$2:$S$607,13,FALSE)","v":"2017-03-31"},{"$f":"VLOOKUP($A97,DATA2!$A$2:$S$607,14,FALSE)","v":"Yes"},{"$f":"IF(MATRIX2!D97=1,($Y$8-$X$2)/365*Table_Provincial_GTAC35378[[#This Row],[Adj.AnnualRental]]*MATRIX2!D97,($Y$8-$X$2)/365*Table_Provincial_GTAC35378[[#This Row],[Adj.AnnualRental]])","v":-4011861.5099178082},{"$f":"IF('MAIN-INTERFACE'!$D$2=\"No\",(Table_Provincial_GTAC35378[[#This Row],[Adj.AnnualRental]])*(1+Table_Provincial_GTAC35378[[#This Row],[TnTEscalation]])^2,\n    (((MATRIX2!V97*Table_Provincial_GTAC35378[[#This Row],[Adj.AnnualRental]])*(1+Table_Provincial_GTAC35378[[#This Row],[TnTEscalation]])^2)+\n       (MATRIX2!N97* IF(IF('MAIN-INTERFACE'!$D$2=\"No\",Table_Provincial_GTAC35378[[#This Row],[Adj.AnnualRental]],(Table_Provincial_GTAC35378[[#This Row],[RtmAnnualRental]])*(1+\n                                 (IF('MAIN-INTERFACE'!$D$2=\"No\",0,'MAIN-INTERFACE'!$D$4))^(COUNTIF(MATRIX2!M97:N97,0))))*(1+\n                                 (IF('MAIN-INTERFACE'!$D$2=\"No\",0,'MAIN-INTERFACE'!$D$8)))^2<Table_Provincial_GTAC35378[[#This Row],[Adj.AnnualRental]],(Table_Provincial_GTAC35378[[#This Row],[RtmAnnualRental]])*(1+\n\n                                 (IF('MAIN-INTERFACE'!$D$2=\"No\",0,'MAIN-INTERFACE'!$D$4))^(COUNTIF(MATRIX2!M97:N97,0)))*(1+\n                                 (IF('MAIN-INTERFACE'!$D$2=\"No\",0,'MAIN-INTERFACE'!$D$8)))^MATRIX2!D97,Table_Provincial_GTAC35378[[#This Row],[Adj.AnnualRental]])*(1+\n\n                                (IF('MAIN-INTERFACE'!$D$2=\"No\",Table_Provincial_GTAC35378[[#This Row],[TnTEscalation]],'MAIN-INTERFACE'!$G$2)))^\n                                 (IF((COUNTIF(MATRIX2!M97:N97,\">0\")-1)<0,0,COUNTIF(MATRIX2!M97:N97,\">0\"))))))","v":816784.71},{"$f":"IF('MAIN-INTERFACE'!$D$2=\"No\",(Table_Provincial_GTAC35378[[#This Row],[Adj.AnnualRental]])*(1+Table_Provincial_GTAC35378[[#This Row],[TnTEscalation]])^3,(((MATRIX2!W97*Table_Provincial_GTAC35378[[#This Row],[Adj.AnnualRental]])*(1+Table_Provincial_GTAC35378[[#This Row],[TnTEscalation]])^3)+(MATRIX2!O97*IF(IF('MAIN-INTERFACE'!$D$2=\"No\",Table_Provincial_GTAC35378[[#This Row],[Adj.AnnualRental]],(Table_Provincial_GTAC35378[[#This Row],[RtmAnnualRental]])*(1+(IF('MAIN-INTERFACE'!$D$2=\"No\",0,'MAIN-INTERFACE'!$D$4))^(COUNTIF(MATRIX2!M97:O97,0))))*(1+(IF('MAIN-INTERFACE'!$D$2=\"No\",0,'MAIN-INTERFACE'!$D$8)))^3<Table_Provincial_GTAC35378[[#This Row],[Adj.AnnualRental]],(Table_Provincial_GTAC35378[[#This Row],[RtmAnnualRental]])*(1+(IF('MAIN-INTERFACE'!$D$2=\"No\",0,'MAIN-INTERFACE'!$D$4))^(COUNTIF(MATRIX2!M97:O97,0)))*(1+(IF('MAIN-INTERFACE'!$D$2=\"No\",0,'MAIN-INTERFACE'!$D$8)))^MATRIX2!E97,Table_Provincial_GTAC35378[[#This Row],[Adj.AnnualRental]])*(1+(IF('MAIN-INTERFACE'!$D$2=\"No\",Table_Provincial_GTAC35378[[#This Row],[TnTEscalation]],'MAIN-INTERFACE'!$G$2)))^(IF((COUNTIF(MATRIX2!M97:O97,\">0\")-1)<0,0,COUNTIF(MATRIX2!M97:O97,\">0\"))))))","v":564448.85249999992},{"$f":"IF('MAIN-INTERFACE'!$D$2=\"No\",(Table_Provincial_GTAC35378[[#This Row],[Adj.AnnualRental]])*(1+Table_Provincial_GTAC35378[[#This Row],[TnTEscalation]])^4,((((MATRIX2!X97*Table_Provincial_GTAC35378[[#This Row],[Adj.AnnualRental]])*(1+Table_Provincial_GTAC35378[[#This Row],[TnTEscalation]])^4)+(MATRIX2!P97*IF(IF('MAIN-INTERFACE'!$D$2=\"No\",Table_Provincial_GTAC35378[[#This Row],[Adj.AnnualRental]],(Table_Provincial_GTAC35378[[#This Row],[RtmAnnualRental]])*(1+(IF('MAIN-INTERFACE'!$D$2=\"No\",0,'MAIN-INTERFACE'!$D$4))^(COUNTIF(MATRIX2!M97:P97,0))))*(1+(IF('MAIN-INTERFACE'!$D$2=\"No\",0,'MAIN-INTERFACE'!$D$8)))^4<Table_Provincial_GTAC35378[[#This Row],[Adj.AnnualRental]],(Table_Provincial_GTAC35378[[#This Row],[RtmAnnualRental]])*(1+(IF('MAIN-INTERFACE'!$D$2=\"No\",0,'MAIN-INTERFACE'!$D$4))^(COUNTIF(MATRIX2!M97:P97,0)))*(1+(IF('MAIN-INTERFACE'!$D$2=\"No\",0,'MAIN-INTERFACE'!$D$8)))^MATRIX2!F97,Table_Provincial_GTAC35378[[#This Row],[Adj.AnnualRental]])*(1+(IF('MAIN-INTERFACE'!$D$2=\"No\",Table_Provincial_GTAC35378[[#This Row],[TnTEscalation]],'MAIN-INTERFACE'!$G$2)))^(IF((COUNTIF(MATRIX2!M97:P97,\">0\")-1)<0,0,COUNTIF(MATRIX2!M97:P97,\">0\")))))))","v":606782.5164374999},{"$f":"IF('MAIN-INTERFACE'!$D$2=\"No\",(Table_Provincial_GTAC35378[[#This Row],[Adj.AnnualRental]])*(1+Table_Provincial_GTAC35378[[#This Row],[TnTEscalation]])^5,(((MATRIX2!Y97*Table_Provincial_GTAC35378[[#This Row],[Adj.AnnualRental]])*(1+Table_Provincial_GTAC35378[[#This Row],[TnTEscalation]])^5)+(MATRIX2!Q97*IF(IF('MAIN-INTERFACE'!$D$2=\"No\",Table_Provincial_GTAC35378[[#This Row],[Adj.AnnualRental]],(Table_Provincial_GTAC35378[[#This Row],[RtmAnnualRental]])*(1+(IF('MAIN-INTERFACE'!$D$2=\"No\",0,'MAIN-INTERFACE'!$D$4))^(COUNTIF(MATRIX2!M97:Q97,0))))*(1+(IF('MAIN-INTERFACE'!$D$2=\"No\",0,'MAIN-INTERFACE'!$D$8)))^5<Table_Provincial_GTAC35378[[#This Row],[Adj.AnnualRental]],(Table_Provincial_GTAC35378[[#This Row],[RtmAnnualRental]])*(1+(IF('MAIN-INTERFACE'!$D$2=\"No\",0,'MAIN-INTERFACE'!$D$4))^(COUNTIF(MATRIX2!M97:Q97,0)))*(1+(IF('MAIN-INTERFACE'!$D$2=\"No\",0,'MAIN-INTERFACE'!$D$8)))^MATRIX2!G97,Table_Provincial_GTAC35378[[#This Row],[Adj.AnnualRental]])*(1+(IF('MAIN-INTERFACE'!$D$2=\"No\",Table_Provincial_GTAC35378[[#This Row],[TnTEscalation]],'MAIN-INTERFACE'!$G$2)))^(IF((COUNTIF(MATRIX2!M97:Q97,\">0\")-1)<0,0,COUNTIF(MATRIX2!M97:Q97,\">0\"))))))","v":652291.20517031243},{"$f":"IF('MAIN-INTERFACE'!$D$2=\"No\",(Table_Provincial_GTAC35378[[#This Row],[Adj.AnnualRental]])*(1+Table_Provincial_GTAC35378[[#This Row],[TnTEscalation]])^6,(((MATRIX2!Z97*Table_Provincial_GTAC35378[[#This Row],[Adj.AnnualRental]])*(1+Table_Provincial_GTAC35378[[#This Row],[TnTEscalation]])^6)+(MATRIX2!R97*IF(IF('MAIN-INTERFACE'!$D$2=\"No\",Table_Provincial_GTAC35378[[#This Row],[Adj.AnnualRental]],(Table_Provincial_GTAC35378[[#This Row],[RtmAnnualRental]])*(1+(IF('MAIN-INTERFACE'!$D$2=\"No\",0,'MAIN-INTERFACE'!$D$4))^(COUNTIF(MATRIX2!M97:R97,0))))*(1+(IF('MAIN-INTERFACE'!$D$2=\"No\",0,'MAIN-INTERFACE'!$D$8)))^6<Table_Provincial_GTAC35378[[#This Row],[Adj.AnnualRental]],(Table_Provincial_GTAC35378[[#This Row],[RtmAnnualRental]])*(1+(IF('MAIN-INTERFACE'!$D$2=\"No\",0,'MAIN-INTERFACE'!$D$4))^(COUNTIF(MATRIX2!M97:R97,0)))*(1+(IF('MAIN-INTERFACE'!$D$2=\"No\",0,'MAIN-INTERFACE'!$D$8)))^MATRIX2!H97,Table_Provincial_GTAC35378[[#This Row],[Adj.AnnualRental]])*(1+(IF('MAIN-INTERFACE'!$D$2=\"No\",Table_Provincial_GTAC35378[[#This Row],[TnTEscalation]],'MAIN-INTERFACE'!$G$2)))^(IF((COUNTIF(MATRIX2!M97:R97,\">0\")-1)<0,0,COUNTIF(MATRIX2!M97:R97,\">0\"))))))","v":701213.0455580859},{"$f":"IF('MAIN-INTERFACE'!$D$2=\"No\",(Table_Provincial_GTAC35378[[#This Row],[Adj.AnnualRental]])*(1+Table_Provincial_GTAC35378[[#This Row],[TnTEscalation]])^7,(((MATRIX2!AA97*Table_Provincial_GTAC35378[[#This Row],[Adj.AnnualRental]])*(1+Table_Provincial_GTAC35378[[#This Row],[TnTEscalation]])^7)+(MATRIX2!S97*IF(IF('MAIN-INTERFACE'!$D$2=\"No\",Table_Provincial_GTAC35378[[#This Row],[Adj.AnnualRental]],(Table_Provincial_GTAC35378[[#This Row],[RtmAnnualRental]])*(1+(IF('MAIN-INTERFACE'!$D$2=\"No\",0,'MAIN-INTERFACE'!$D$4))^(COUNTIF(MATRIX2!M97:S97,0))))*(1+(IF('MAIN-INTERFACE'!$D$2=\"No\",0,'MAIN-INTERFACE'!$D$8)))^7<Table_Provincial_GTAC35378[[#This Row],[Adj.AnnualRental]],(Table_Provincial_GTAC35378[[#This Row],[RtmAnnualRental]])*(1+(IF('MAIN-INTERFACE'!$D$2=\"No\",0,'MAIN-INTERFACE'!$D$4))^(COUNTIF(MATRIX2!M97:S97,0)))*(1+(IF('MAIN-INTERFACE'!$D$2=\"No\",0,'MAIN-INTERFACE'!$D$8)))^MATRIX2!I97,Table_Provincial_GTAC35378[[#This Row],[Adj.AnnualRental]])*(1+(IF('MAIN-INTERFACE'!$D$2=\"No\",Table_Provincial_GTAC35378[[#This Row],[TnTEscalation]],'MAIN-INTERFACE'!$G$2)))^(IF((COUNTIF(MATRIX2!M97:S97,\">0\")-1)<0,0,COUNTIF(MATRIX2!M97:S97,\">0\"))))))","v":753804.02397494228},{"$f":"SUM(Table_Provincial_GTAC35378[[#This Row],[FY 2018/19]:[FY 2023/24]])","v":4095324.3536408404}]
[{"$f":"Table_Provincial_GTAC3536[[#This Row],[SystemID]]","v":118},{"$f":"VLOOKUP($A98,DATA2!$A$2:$S$607,2,FALSE)","v":"KZN"},{"$f":"VLOOKUP($A98,DATA2!$A$2:$S$607,3,FALSE)","v":"KwaZulu-Natal"},{"$f":"VLOOKUP($A98,DATA2!$A$2:$S$607,4,FALSE)","v":154.32543689320389},{"$f":"VLOOKUP($A98,DATA2!$A$2:$S$607,5,FALSE)","v":100},{"$f":"VLOOKUP($A98,DATA2!$A$2:$S$607,6,FALSE)","v":"VTSD"},{"$f":"VLOOKUP($A98,DATA2!$A$2:$S$607,7,FALSE)","v":412},{"$f":"VLOOKUP($A98,DATA2!$A$2:$S$607,8,FALSE)","v":true},{"$f":"VLOOKUP($A98,DATA2!$A$2:$S$607,9,FALSE)","v":0.08},{"$f":"VLOOKUP($A98,DATA2!$A$2:$S$607,10,FALSE)","v":63582.080000000002},{"$f":"VLOOKUP($A98,DATA2!$A$2:$S$607,11,FALSE)","v":762984.95999999996},{"$f":"Table_Provincial_GTAC35378[[#This Row],[Benchmark]]*Table_Provincial_GTAC35378[[#This Row],[ExtentM2]]*12","v":494400},{"$f":"VLOOKUP($A98,DATA2!$A$2:$S$607,12,FALSE)","v":"2014-07-01"},{"$f":"VLOOKUP($A98,DATA2!$A$2:$S$607,13,FALSE)","v":"2019-06-30"},{"$f":"VLOOKUP($A98,DATA2!$A$2:$S$607,14,FALSE)","v":"No"},{"$f":"IF(MATRIX2!D98=1,($Y$8-$X$2)/365*Table_Provincial_GTAC35378[[#This Row],[Adj.AnnualRental]]*MATRIX2!D98,($Y$8-$X$2)/365*Table_Provincial_GTAC35378[[#This Row],[Adj.AnnualRental]])","v":-2761378.4442739724},{"$f":"IF('MAIN-INTERFACE'!$D$2=\"No\",(Table_Provincial_GTAC35378[[#This Row],[Adj.AnnualRental]])*(1+Table_Provincial_GTAC35378[[#This Row],[TnTEscalation]])^2,\n    (((MATRIX2!V98*Table_Provincial_GTAC35378[[#This Row],[Adj.AnnualRental]])*(1+Table_Provincial_GTAC35378[[#This Row],[TnTEscalation]])^2)+\n       (MATRIX2!N98* IF(IF('MAIN-INTERFACE'!$D$2=\"No\",Table_Provincial_GTAC35378[[#This Row],[Adj.AnnualRental]],(Table_Provincial_GTAC35378[[#This Row],[RtmAnnualRental]])*(1+\n                                 (IF('MAIN-INTERFACE'!$D$2=\"No\",0,'MAIN-INTERFACE'!$D$4))^(COUNTIF(MATRIX2!M98:N98,0))))*(1+\n                                 (IF('MAIN-INTERFACE'!$D$2=\"No\",0,'MAIN-INTERFACE'!$D$8)))^2<Table_Provincial_GTAC35378[[#This Row],[Adj.AnnualRental]],(Table_Provincial_GTAC35378[[#This Row],[RtmAnnualRental]])*(1+\n\n                                 (IF('MAIN-INTERFACE'!$D$2=\"No\",0,'MAIN-INTERFACE'!$D$4))^(COUNTIF(MATRIX2!M98:N98,0)))*(1+\n                                 (IF('MAIN-INTERFACE'!$D$2=\"No\",0,'MAIN-INTERFACE'!$D$8)))^MATRIX2!D98,Table_Provincial_GTAC35378[[#This Row],[Adj.AnnualRental]])*(1+\n\n                                (IF('MAIN-INTERFACE'!$D$2=\"No\",Table_Provincial_GTAC35378[[#This Row],[TnTEscalation]],'MAIN-INTERFACE'!$G$2)))^\n                                 (IF((COUNTIF(MATRIX2!M98:N98,\">0\")-1)<0,0,COUNTIF(MATRIX2!M98:N98,\">0\"))))))","v":889945.65734400006},{"$f":"IF('MAIN-INTERFACE'!$D$2=\"No\",(Table_Provincial_GTAC35378[[#This Row],[Adj.AnnualRental]])*(1+Table_Provincial_GTAC35378[[#This Row],[TnTEscalation]])^3,(((MATRIX2!W98*Table_Provincial_GTAC35378[[#This Row],[Adj.AnnualRental]])*(1+Table_Provincial_GTAC35378[[#This Row],[TnTEscalation]])^3)+(MATRIX2!O98*IF(IF('MAIN-INTERFACE'!$D$2=\"No\",Table_Provincial_GTAC35378[[#This Row],[Adj.AnnualRental]],(Table_Provincial_GTAC35378[[#This Row],[RtmAnnualRental]])*(1+(IF('MAIN-INTERFACE'!$D$2=\"No\",0,'MAIN-INTERFACE'!$D$4))^(COUNTIF(MATRIX2!M98:O98,0))))*(1+(IF('MAIN-INTERFACE'!$D$2=\"No\",0,'MAIN-INTERFACE'!$D$8)))^3<Table_Provincial_GTAC35378[[#This Row],[Adj.AnnualRental]],(Table_Provincial_GTAC35378[[#This Row],[RtmAnnualRental]])*(1+(IF('MAIN-INTERFACE'!$D$2=\"No\",0,'MAIN-INTERFACE'!$D$4))^(COUNTIF(MATRIX2!M98:O98,0)))*(1+(IF('MAIN-INTERFACE'!$D$2=\"No\",0,'MAIN-INTERFACE'!$D$8)))^MATRIX2!E98,Table_Provincial_GTAC35378[[#This Row],[Adj.AnnualRental]])*(1+(IF('MAIN-INTERFACE'!$D$2=\"No\",Table_Provincial_GTAC35378[[#This Row],[TnTEscalation]],'MAIN-INTERFACE'!$G$2)))^(IF((COUNTIF(MATRIX2!M98:O98,\">0\")-1)<0,0,COUNTIF(MATRIX2!M98:O98,\">0\"))))))","v":851295.21932714432},{"$f":"IF('MAIN-INTERFACE'!$D$2=\"No\",(Table_Provincial_GTAC35378[[#This Row],[Adj.AnnualRental]])*(1+Table_Provincial_GTAC35378[[#This Row],[TnTEscalation]])^4,((((MATRIX2!X98*Table_Provincial_GTAC35378[[#This Row],[Adj.AnnualRental]])*(1+Table_Provincial_GTAC35378[[#This Row],[TnTEscalation]])^4)+(MATRIX2!P98*IF(IF('MAIN-INTERFACE'!$D$2=\"No\",Table_Provincial_GTAC35378[[#This Row],[Adj.AnnualRental]],(Table_Provincial_GTAC35378[[#This Row],[RtmAnnualRental]])*(1+(IF('MAIN-INTERFACE'!$D$2=\"No\",0,'MAIN-INTERFACE'!$D$4))^(COUNTIF(MATRIX2!M98:P98,0))))*(1+(IF('MAIN-INTERFACE'!$D$2=\"No\",0,'MAIN-INTERFACE'!$D$8)))^4<Table_Provincial_GTAC35378[[#This Row],[Adj.AnnualRental]],(Table_Provincial_GTAC35378[[#This Row],[RtmAnnualRental]])*(1+(IF('MAIN-INTERFACE'!$D$2=\"No\",0,'MAIN-INTERFACE'!$D$4))^(COUNTIF(MATRIX2!M98:P98,0)))*(1+(IF('MAIN-INTERFACE'!$D$2=\"No\",0,'MAIN-INTERFACE'!$D$8)))^MATRIX2!F98,Table_Provincial_GTAC35378[[#This Row],[Adj.AnnualRental]])*(1+(IF('MAIN-INTERFACE'!$D$2=\"No\",Table_Provincial_GTAC35378[[#This Row],[TnTEscalation]],'MAIN-INTERFACE'!$G$2)))^(IF((COUNTIF(MATRIX2!M98:P98,\">0\")-1)<0,0,COUNTIF(MATRIX2!M98:P98,\">0\")))))))","v":572255.14560000005},{"$f":"IF('MAIN-INTERFACE'!$D$2=\"No\",(Table_Provincial_GTAC35378[[#This Row],[Adj.AnnualRental]])*(1+Table_Provincial_GTAC35378[[#This Row],[TnTEscalation]])^5,(((MATRIX2!Y98*Table_Provincial_GTAC35378[[#This Row],[Adj.AnnualRental]])*(1+Table_Provincial_GTAC35378[[#This Row],[TnTEscalation]])^5)+(MATRIX2!Q98*IF(IF('MAIN-INTERFACE'!$D$2=\"No\",Table_Provincial_GTAC35378[[#This Row],[Adj.AnnualRental]],(Table_Provincial_GTAC35378[[#This Row],[RtmAnnualRental]])*(1+(IF('MAIN-INTERFACE'!$D$2=\"No\",0,'MAIN-INTERFACE'!$D$4))^(COUNTIF(MATRIX2!M98:Q98,0))))*(1+(IF('MAIN-INTERFACE'!$D$2=\"No\",0,'MAIN-INTERFACE'!$D$8)))^5<Table_Provincial_GTAC35378[[#This Row],[Adj.AnnualRental]],(Table_Provincial_GTAC35378[[#This Row],[RtmAnnualRental]])*(1+(IF('MAIN-INTERFACE'!$D$2=\"No\",0,'MAIN-INTERFACE'!$D$4))^(COUNTIF(MATRIX2!M98:Q98,0)))*(1+(IF('MAIN-INTERFACE'!$D$2=\"No\",0,'MAIN-INTERFACE'!$D$8)))^MATRIX2!G98,Table_Provincial_GTAC35378[[#This Row],[Adj.AnnualRental]])*(1+(IF('MAIN-INTERFACE'!$D$2=\"No\",Table_Provincial_GTAC35378[[#This Row],[TnTEscalation]],'MAIN-INTERFACE'!$G$2)))^(IF((COUNTIF(MATRIX2!M98:Q98,\">0\")-1)<0,0,COUNTIF(MATRIX2!M98:Q98,\">0\"))))))","v":615174.28151999996},{"$f":"IF('MAIN-INTERFACE'!$D$2=\"No\",(Table_Provincial_GTAC35378[[#This Row],[Adj.AnnualRental]])*(1+Table_Provincial_GTAC35378[[#This Row],[TnTEscalation]])^6,(((MATRIX2!Z98*Table_Provincial_GTAC35378[[#This Row],[Adj.AnnualRental]])*(1+Table_Provincial_GTAC35378[[#This Row],[TnTEscalation]])^6)+(MATRIX2!R98*IF(IF('MAIN-INTERFACE'!$D$2=\"No\",Table_Provincial_GTAC35378[[#This Row],[Adj.AnnualRental]],(Table_Provincial_GTAC35378[[#This Row],[RtmAnnualRental]])*(1+(IF('MAIN-INTERFACE'!$D$2=\"No\",0,'MAIN-INTERFACE'!$D$4))^(COUNTIF(MATRIX2!M98:R98,0))))*(1+(IF('MAIN-INTERFACE'!$D$2=\"No\",0,'MAIN-INTERFACE'!$D$8)))^6<Table_Provincial_GTAC35378[[#This Row],[Adj.AnnualRental]],(Table_Provincial_GTAC35378[[#This Row],[RtmAnnualRental]])*(1+(IF('MAIN-INTERFACE'!$D$2=\"No\",0,'MAIN-INTERFACE'!$D$4))^(COUNTIF(MATRIX2!M98:R98,0)))*(1+(IF('MAIN-INTERFACE'!$D$2=\"No\",0,'MAIN-INTERFACE'!$D$8)))^MATRIX2!H98,Table_Provincial_GTAC35378[[#This Row],[Adj.AnnualRental]])*(1+(IF('MAIN-INTERFACE'!$D$2=\"No\",Table_Provincial_GTAC35378[[#This Row],[TnTEscalation]],'MAIN-INTERFACE'!$G$2)))^(IF((COUNTIF(MATRIX2!M98:R98,\">0\")-1)<0,0,COUNTIF(MATRIX2!M98:R98,\">0\"))))))","v":661312.35263400001},{"$f":"IF('MAIN-INTERFACE'!$D$2=\"No\",(Table_Provincial_GTAC35378[[#This Row],[Adj.AnnualRental]])*(1+Table_Provincial_GTAC35378[[#This Row],[TnTEscalation]])^7,(((MATRIX2!AA98*Table_Provincial_GTAC35378[[#This Row],[Adj.AnnualRental]])*(1+Table_Provincial_GTAC35378[[#This Row],[TnTEscalation]])^7)+(MATRIX2!S98*IF(IF('MAIN-INTERFACE'!$D$2=\"No\",Table_Provincial_GTAC35378[[#This Row],[Adj.AnnualRental]],(Table_Provincial_GTAC35378[[#This Row],[RtmAnnualRental]])*(1+(IF('MAIN-INTERFACE'!$D$2=\"No\",0,'MAIN-INTERFACE'!$D$4))^(COUNTIF(MATRIX2!M98:S98,0))))*(1+(IF('MAIN-INTERFACE'!$D$2=\"No\",0,'MAIN-INTERFACE'!$D$8)))^7<Table_Provincial_GTAC35378[[#This Row],[Adj.AnnualRental]],(Table_Provincial_GTAC35378[[#This Row],[RtmAnnualRental]])*(1+(IF('MAIN-INTERFACE'!$D$2=\"No\",0,'MAIN-INTERFACE'!$D$4))^(COUNTIF(MATRIX2!M98:S98,0)))*(1+(IF('MAIN-INTERFACE'!$D$2=\"No\",0,'MAIN-INTERFACE'!$D$8)))^MATRIX2!I98,Table_Provincial_GTAC35378[[#This Row],[Adj.AnnualRental]])*(1+(IF('MAIN-INTERFACE'!$D$2=\"No\",Table_Provincial_GTAC35378[[#This Row],[TnTEscalation]],'MAIN-INTERFACE'!$G$2)))^(IF((COUNTIF(MATRIX2!M98:S98,\">0\")-1)<0,0,COUNTIF(MATRIX2!M98:S98,\">0\"))))))","v":710910.77908154996},{"$f":"SUM(Table_Provincial_GTAC35378[[#This Row],[FY 2018/19]:[FY 2023/24]])","v":4300893.435506694}]
[{"$f":"Table_Provincial_GTAC3536[[#This Row],[SystemID]]","v":121},{"$f":"VLOOKUP($A99,DATA2!$A$2:$S$607,2,FALSE)","v":"KZN"},{"$f":"VLOOKUP($A99,DATA2!$A$2:$S$607,3,FALSE)","v":"KwaZulu-Natal"},{"$f":"VLOOKUP($A99,DATA2!$A$2:$S$607,4,FALSE)","v":137.0322033898305},{"$f":"VLOOKUP($A99,DATA2!$A$2:$S$607,5,FALSE)","v":77.5},{"$f":"VLOOKUP($A99,DATA2!$A$2:$S$607,6,FALSE)","v":"VTSD"},{"$f":"VLOOKUP($A99,DATA2!$A$2:$S$607,7,FALSE)","v":230.1},{"$f":"VLOOKUP($A99,DATA2!$A$2:$S$607,8,FALSE)","v":true},{"$f":"VLOOKUP($A99,DATA2!$A$2:$S$607,9,FALSE)","v":0.08},{"$f":"VLOOKUP($A99,DATA2!$A$2:$S$607,10,FALSE)","v":31531.11},{"$f":"VLOOKUP($A99,DATA2!$A$2:$S$607,11,FALSE)","v":378373.32},{"$f":"Table_Provincial_GTAC35378[[#This Row],[Benchmark]]*Table_Provincial_GTAC35378[[#This Row],[ExtentM2]]*12","v":213993},{"$f":"VLOOKUP($A99,DATA2!$A$2:$S$607,12,FALSE)","v":"2017-06-01"},{"$f":"VLOOKUP($A99,DATA2!$A$2:$S$607,13,FALSE)","v":"2020-05-31"},{"$f":"VLOOKUP($A99,DATA2!$A$2:$S$607,14,FALSE)","v":"No"},{"$f":"IF(MATRIX2!D99=1,($Y$8-$X$2)/365*Table_Provincial_GTAC35378[[#This Row],[Adj.AnnualRental]]*MATRIX2!D99,($Y$8-$X$2)/365*Table_Provincial_GTAC35378[[#This Row],[Adj.AnnualRental]])","v":-1369400.426630137},{"$f":"IF('MAIN-INTERFACE'!$D$2=\"No\",(Table_Provincial_GTAC35378[[#This Row],[Adj.AnnualRental]])*(1+Table_Provincial_GTAC35378[[#This Row],[TnTEscalation]])^2,\n    (((MATRIX2!V99*Table_Provincial_GTAC35378[[#This Row],[Adj.AnnualRental]])*(1+Table_Provincial_GTAC35378[[#This Row],[TnTEscalation]])^2)+\n       (MATRIX2!N99* IF(IF('MAIN-INTERFACE'!$D$2=\"No\",Table_Provincial_GTAC35378[[#This Row],[Adj.AnnualRental]],(Table_Provincial_GTAC35378[[#This Row],[RtmAnnualRental]])*(1+\n                                 (IF('MAIN-INTERFACE'!$D$2=\"No\",0,'MAIN-INTERFACE'!$D$4))^(COUNTIF(MATRIX2!M99:N99,0))))*(1+\n                                 (IF('MAIN-INTERFACE'!$D$2=\"No\",0,'MAIN-INTERFACE'!$D$8)))^2<Table_Provincial_GTAC35378[[#This Row],[Adj.AnnualRental]],(Table_Provincial_GTAC35378[[#This Row],[RtmAnnualRental]])*(1+\n\n                                 (IF('MAIN-INTERFACE'!$D$2=\"No\",0,'MAIN-INTERFACE'!$D$4))^(COUNTIF(MATRIX2!M99:N99,0)))*(1+\n                                 (IF('MAIN-INTERFACE'!$D$2=\"No\",0,'MAIN-INTERFACE'!$D$8)))^MATRIX2!D99,Table_Provincial_GTAC35378[[#This Row],[Adj.AnnualRental]])*(1+\n\n                                (IF('MAIN-INTERFACE'!$D$2=\"No\",Table_Provincial_GTAC35378[[#This Row],[TnTEscalation]],'MAIN-INTERFACE'!$G$2)))^\n                                 (IF((COUNTIF(MATRIX2!M99:N99,\">0\")-1)<0,0,COUNTIF(MATRIX2!M99:N99,\">0\"))))))","v":441334.64044800005},{"$f":"IF('MAIN-INTERFACE'!$D$2=\"No\",(Table_Provincial_GTAC35378[[#This Row],[Adj.AnnualRental]])*(1+Table_Provincial_GTAC35378[[#This Row],[TnTEscalation]])^3,(((MATRIX2!W99*Table_Provincial_GTAC35378[[#This Row],[Adj.AnnualRental]])*(1+Table_Provincial_GTAC35378[[#This Row],[TnTEscalation]])^3)+(MATRIX2!O99*IF(IF('MAIN-INTERFACE'!$D$2=\"No\",Table_Provincial_GTAC35378[[#This Row],[Adj.AnnualRental]],(Table_Provincial_GTAC35378[[#This Row],[RtmAnnualRental]])*(1+(IF('MAIN-INTERFACE'!$D$2=\"No\",0,'MAIN-INTERFACE'!$D$4))^(COUNTIF(MATRIX2!M99:O99,0))))*(1+(IF('MAIN-INTERFACE'!$D$2=\"No\",0,'MAIN-INTERFACE'!$D$8)))^3<Table_Provincial_GTAC35378[[#This Row],[Adj.AnnualRental]],(Table_Provincial_GTAC35378[[#This Row],[RtmAnnualRental]])*(1+(IF('MAIN-INTERFACE'!$D$2=\"No\",0,'MAIN-INTERFACE'!$D$4))^(COUNTIF(MATRIX2!M99:O99,0)))*(1+(IF('MAIN-INTERFACE'!$D$2=\"No\",0,'MAIN-INTERFACE'!$D$8)))^MATRIX2!E99,Table_Provincial_GTAC35378[[#This Row],[Adj.AnnualRental]])*(1+(IF('MAIN-INTERFACE'!$D$2=\"No\",Table_Provincial_GTAC35378[[#This Row],[TnTEscalation]],'MAIN-INTERFACE'!$G$2)))^(IF((COUNTIF(MATRIX2!M99:O99,\">0\")-1)<0,0,COUNTIF(MATRIX2!M99:O99,\">0\"))))))","v":476641.4116838401},{"$f":"IF('MAIN-INTERFACE'!$D$2=\"No\",(Table_Provincial_GTAC35378[[#This Row],[Adj.AnnualRental]])*(1+Table_Provincial_GTAC35378[[#This Row],[TnTEscalation]])^4,((((MATRIX2!X99*Table_Provincial_GTAC35378[[#This Row],[Adj.AnnualRental]])*(1+Table_Provincial_GTAC35378[[#This Row],[TnTEscalation]])^4)+(MATRIX2!P99*IF(IF('MAIN-INTERFACE'!$D$2=\"No\",Table_Provincial_GTAC35378[[#This Row],[Adj.AnnualRental]],(Table_Provincial_GTAC35378[[#This Row],[RtmAnnualRental]])*(1+(IF('MAIN-INTERFACE'!$D$2=\"No\",0,'MAIN-INTERFACE'!$D$4))^(COUNTIF(MATRIX2!M99:P99,0))))*(1+(IF('MAIN-INTERFACE'!$D$2=\"No\",0,'MAIN-INTERFACE'!$D$8)))^4<Table_Provincial_GTAC35378[[#This Row],[Adj.AnnualRental]],(Table_Provincial_GTAC35378[[#This Row],[RtmAnnualRental]])*(1+(IF('MAIN-INTERFACE'!$D$2=\"No\",0,'MAIN-INTERFACE'!$D$4))^(COUNTIF(MATRIX2!M99:P99,0)))*(1+(IF('MAIN-INTERFACE'!$D$2=\"No\",0,'MAIN-INTERFACE'!$D$8)))^MATRIX2!F99,Table_Provincial_GTAC35378[[#This Row],[Adj.AnnualRental]])*(1+(IF('MAIN-INTERFACE'!$D$2=\"No\",Table_Provincial_GTAC35378[[#This Row],[TnTEscalation]],'MAIN-INTERFACE'!$G$2)))^(IF((COUNTIF(MATRIX2!M99:P99,\">0\")-1)<0,0,COUNTIF(MATRIX2!M99:P99,\">0\")))))))","v":419217.51353562117},{"$f":"IF('MAIN-INTERFACE'!$D$2=\"No\",(Table_Provincial_GTAC35378[[#This Row],[Adj.AnnualRental]])*(1+Table_Provincial_GTAC35378[[#This Row],[TnTEscalation]])^5,(((MATRIX2!Y99*Table_Provincial_GTAC35378[[#This Row],[Adj.AnnualRental]])*(1+Table_Provincial_GTAC35378[[#This Row],[TnTEscalation]])^5)+(MATRIX2!Q99*IF(IF('MAIN-INTERFACE'!$D$2=\"No\",Table_Provincial_GTAC35378[[#This Row],[Adj.AnnualRental]],(Table_Provincial_GTAC35378[[#This Row],[RtmAnnualRental]])*(1+(IF('MAIN-INTERFACE'!$D$2=\"No\",0,'MAIN-INTERFACE'!$D$4))^(COUNTIF(MATRIX2!M99:Q99,0))))*(1+(IF('MAIN-INTERFACE'!$D$2=\"No\",0,'MAIN-INTERFACE'!$D$8)))^5<Table_Provincial_GTAC35378[[#This Row],[Adj.AnnualRental]],(Table_Provincial_GTAC35378[[#This Row],[RtmAnnualRental]])*(1+(IF('MAIN-INTERFACE'!$D$2=\"No\",0,'MAIN-INTERFACE'!$D$4))^(COUNTIF(MATRIX2!M99:Q99,0)))*(1+(IF('MAIN-INTERFACE'!$D$2=\"No\",0,'MAIN-INTERFACE'!$D$8)))^MATRIX2!G99,Table_Provincial_GTAC35378[[#This Row],[Adj.AnnualRental]])*(1+(IF('MAIN-INTERFACE'!$D$2=\"No\",Table_Provincial_GTAC35378[[#This Row],[TnTEscalation]],'MAIN-INTERFACE'!$G$2)))^(IF((COUNTIF(MATRIX2!M99:Q99,\">0\")-1)<0,0,COUNTIF(MATRIX2!M99:Q99,\">0\"))))))","v":247311.48754728},{"$f":"IF('MAIN-INTERFACE'!$D$2=\"No\",(Table_Provincial_GTAC35378[[#This Row],[Adj.AnnualRental]])*(1+Table_Provincial_GTAC35378[[#This Row],[TnTEscalation]])^6,(((MATRIX2!Z99*Table_Provincial_GTAC35378[[#This Row],[Adj.AnnualRental]])*(1+Table_Provincial_GTAC35378[[#This Row],[TnTEscalation]])^6)+(MATRIX2!R99*IF(IF('MAIN-INTERFACE'!$D$2=\"No\",Table_Provincial_GTAC35378[[#This Row],[Adj.AnnualRental]],(Table_Provincial_GTAC35378[[#This Row],[RtmAnnualRental]])*(1+(IF('MAIN-INTERFACE'!$D$2=\"No\",0,'MAIN-INTERFACE'!$D$4))^(COUNTIF(MATRIX2!M99:R99,0))))*(1+(IF('MAIN-INTERFACE'!$D$2=\"No\",0,'MAIN-INTERFACE'!$D$8)))^6<Table_Provincial_GTAC35378[[#This Row],[Adj.AnnualRental]],(Table_Provincial_GTAC35378[[#This Row],[RtmAnnualRental]])*(1+(IF('MAIN-INTERFACE'!$D$2=\"No\",0,'MAIN-INTERFACE'!$D$4))^(COUNTIF(MATRIX2!M99:R99,0)))*(1+(IF('MAIN-INTERFACE'!$D$2=\"No\",0,'MAIN-INTERFACE'!$D$8)))^MATRIX2!H99,Table_Provincial_GTAC35378[[#This Row],[Adj.AnnualRental]])*(1+(IF('MAIN-INTERFACE'!$D$2=\"No\",Table_Provincial_GTAC35378[[#This Row],[TnTEscalation]],'MAIN-INTERFACE'!$G$2)))^(IF((COUNTIF(MATRIX2!M99:R99,\">0\")-1)<0,0,COUNTIF(MATRIX2!M99:R99,\">0\"))))))","v":265859.849113326},{"$f":"IF('MAIN-INTERFACE'!$D$2=\"No\",(Table_Provincial_GTAC35378[[#This Row],[Adj.AnnualRental]])*(1+Table_Provincial_GTAC35378[[#This Row],[TnTEscalation]])^7,(((MATRIX2!AA99*Table_Provincial_GTAC35378[[#This Row],[Adj.AnnualRental]])*(1+Table_Provincial_GTAC35378[[#This Row],[TnTEscalation]])^7)+(MATRIX2!S99*IF(IF('MAIN-INTERFACE'!$D$2=\"No\",Table_Provincial_GTAC35378[[#This Row],[Adj.AnnualRental]],(Table_Provincial_GTAC35378[[#This Row],[RtmAnnualRental]])*(1+(IF('MAIN-INTERFACE'!$D$2=\"No\",0,'MAIN-INTERFACE'!$D$4))^(COUNTIF(MATRIX2!M99:S99,0))))*(1+(IF('MAIN-INTERFACE'!$D$2=\"No\",0,'MAIN-INTERFACE'!$D$8)))^7<Table_Provincial_GTAC35378[[#This Row],[Adj.AnnualRental]],(Table_Provincial_GTAC35378[[#This Row],[RtmAnnualRental]])*(1+(IF('MAIN-INTERFACE'!$D$2=\"No\",0,'MAIN-INTERFACE'!$D$4))^(COUNTIF(MATRIX2!M99:S99,0)))*(1+(IF('MAIN-INTERFACE'!$D$2=\"No\",0,'MAIN-INTERFACE'!$D$8)))^MATRIX2!I99,Table_Provincial_GTAC35378[[#This Row],[Adj.AnnualRental]])*(1+(IF('MAIN-INTERFACE'!$D$2=\"No\",Table_Provincial_GTAC35378[[#This Row],[TnTEscalation]],'MAIN-INTERFACE'!$G$2)))^(IF((COUNTIF(MATRIX2!M99:S99,\">0\")-1)<0,0,COUNTIF(MATRIX2!M99:S99,\">0\"))))))","v":285799.33779682545},{"$f":"SUM(Table_Provincial_GTAC35378[[#This Row],[FY 2018/19]:[FY 2023/24]])","v":2136164.2401248929}]
[{"$f":"Table_Provincial_GTAC3536[[#This Row],[SystemID]]","v":122},{"$f":"VLOOKUP($A100,DATA2!$A$2:$S$607,2,FALSE)","v":"KZN"},{"$f":"VLOOKUP($A100,DATA2!$A$2:$S$607,3,FALSE)","v":"KwaZulu-Natal"},{"$f":"VLOOKUP($A100,DATA2!$A$2:$S$607,4,FALSE)","v":92.299575000000004},{"$f":"VLOOKUP($A100,DATA2!$A$2:$S$607,5,FALSE)","v":100},{"$f":"VLOOKUP($A100,DATA2!$A$2:$S$607,6,FALSE)","v":"VTSD"},{"$f":"VLOOKUP($A100,DATA2!$A$2:$S$607,7,FALSE)","v":2400},{"$f":"VLOOKUP($A100,DATA2!$A$2:$S$607,8,FALSE)","v":true},{"$f":"VLOOKUP($A100,DATA2!$A$2:$S$607,9,FALSE)","v":7.0000000000000007E-2},{"$f":"VLOOKUP($A100,DATA2!$A$2:$S$607,10,FALSE)","v":221518.98},{"$f":"VLOOKUP($A100,DATA2!$A$2:$S$607,11,FALSE)","v":2658227.7599999998},{"$f":"Table_Provincial_GTAC35378[[#This Row],[Benchmark]]*Table_Provincial_GTAC35378[[#This Row],[ExtentM2]]*12","v":2880000},{"$f":"VLOOKUP($A100,DATA2!$A$2:$S$607,12,FALSE)","v":"2013-07-01"},{"$f":"VLOOKUP($A100,DATA2!$A$2:$S$607,13,FALSE)","v":"2018-06-30"},{"$f":"VLOOKUP($A100,DATA2!$A$2:$S$607,14,FALSE)","v":"No"},{"$f":"IF(MATRIX2!D100=1,($Y$8-$X$2)/365*Table_Provincial_GTAC35378[[#This Row],[Adj.AnnualRental]]*MATRIX2!D100,($Y$8-$X$2)/365*Table_Provincial_GTAC35378[[#This Row],[Adj.AnnualRental]])","v":-9620599.6464657523},{"$f":"IF('MAIN-INTERFACE'!$D$2=\"No\",(Table_Provincial_GTAC35378[[#This Row],[Adj.AnnualRental]])*(1+Table_Provincial_GTAC35378[[#This Row],[TnTEscalation]])^2,\n    (((MATRIX2!V100*Table_Provincial_GTAC35378[[#This Row],[Adj.AnnualRental]])*(1+Table_Provincial_GTAC35378[[#This Row],[TnTEscalation]])^2)+\n       (MATRIX2!N100* IF(IF('MAIN-INTERFACE'!$D$2=\"No\",Table_Provincial_GTAC35378[[#This Row],[Adj.AnnualRental]],(Table_Provincial_GTAC35378[[#This Row],[RtmAnnualRental]])*(1+\n                                 (IF('MAIN-INTERFACE'!$D$2=\"No\",0,'MAIN-INTERFACE'!$D$4))^(COUNTIF(MATRIX2!M100:N100,0))))*(1+\n                                 (IF('MAIN-INTERFACE'!$D$2=\"No\",0,'MAIN-INTERFACE'!$D$8)))^2<Table_Provincial_GTAC35378[[#This Row],[Adj.AnnualRental]],(Table_Provincial_GTAC35378[[#This Row],[RtmAnnualRental]])*(1+\n\n                                 (IF('MAIN-INTERFACE'!$D$2=\"No\",0,'MAIN-INTERFACE'!$D$4))^(COUNTIF(MATRIX2!M100:N100,0)))*(1+\n                                 (IF('MAIN-INTERFACE'!$D$2=\"No\",0,'MAIN-INTERFACE'!$D$8)))^MATRIX2!D100,Table_Provincial_GTAC35378[[#This Row],[Adj.AnnualRental]])*(1+\n\n                                (IF('MAIN-INTERFACE'!$D$2=\"No\",Table_Provincial_GTAC35378[[#This Row],[TnTEscalation]],'MAIN-INTERFACE'!$G$2)))^\n                                 (IF((COUNTIF(MATRIX2!M100:N100,\">0\")-1)<0,0,COUNTIF(MATRIX2!M100:N100,\">0\"))))))","v":2996316.0962891504},{"$f":"IF('MAIN-INTERFACE'!$D$2=\"No\",(Table_Provincial_GTAC35378[[#This Row],[Adj.AnnualRental]])*(1+Table_Provincial_GTAC35378[[#This Row],[TnTEscalation]])^3,(((MATRIX2!W100*Table_Provincial_GTAC35378[[#This Row],[Adj.AnnualRental]])*(1+Table_Provincial_GTAC35378[[#This Row],[TnTEscalation]])^3)+(MATRIX2!O100*IF(IF('MAIN-INTERFACE'!$D$2=\"No\",Table_Provincial_GTAC35378[[#This Row],[Adj.AnnualRental]],(Table_Provincial_GTAC35378[[#This Row],[RtmAnnualRental]])*(1+(IF('MAIN-INTERFACE'!$D$2=\"No\",0,'MAIN-INTERFACE'!$D$4))^(COUNTIF(MATRIX2!M100:O100,0))))*(1+(IF('MAIN-INTERFACE'!$D$2=\"No\",0,'MAIN-INTERFACE'!$D$8)))^3<Table_Provincial_GTAC35378[[#This Row],[Adj.AnnualRental]],(Table_Provincial_GTAC35378[[#This Row],[RtmAnnualRental]])*(1+(IF('MAIN-INTERFACE'!$D$2=\"No\",0,'MAIN-INTERFACE'!$D$4))^(COUNTIF(MATRIX2!M100:O100,0)))*(1+(IF('MAIN-INTERFACE'!$D$2=\"No\",0,'MAIN-INTERFACE'!$D$8)))^MATRIX2!E100,Table_Provincial_GTAC35378[[#This Row],[Adj.AnnualRental]])*(1+(IF('MAIN-INTERFACE'!$D$2=\"No\",Table_Provincial_GTAC35378[[#This Row],[TnTEscalation]],'MAIN-INTERFACE'!$G$2)))^(IF((COUNTIF(MATRIX2!M100:O100,\">0\")-1)<0,0,COUNTIF(MATRIX2!M100:O100,\">0\"))))))","v":3071914.4551499994},{"$f":"IF('MAIN-INTERFACE'!$D$2=\"No\",(Table_Provincial_GTAC35378[[#This Row],[Adj.AnnualRental]])*(1+Table_Provincial_GTAC35378[[#This Row],[TnTEscalation]])^4,((((MATRIX2!X100*Table_Provincial_GTAC35378[[#This Row],[Adj.AnnualRental]])*(1+Table_Provincial_GTAC35378[[#This Row],[TnTEscalation]])^4)+(MATRIX2!P100*IF(IF('MAIN-INTERFACE'!$D$2=\"No\",Table_Provincial_GTAC35378[[#This Row],[Adj.AnnualRental]],(Table_Provincial_GTAC35378[[#This Row],[RtmAnnualRental]])*(1+(IF('MAIN-INTERFACE'!$D$2=\"No\",0,'MAIN-INTERFACE'!$D$4))^(COUNTIF(MATRIX2!M100:P100,0))))*(1+(IF('MAIN-INTERFACE'!$D$2=\"No\",0,'MAIN-INTERFACE'!$D$8)))^4<Table_Provincial_GTAC35378[[#This Row],[Adj.AnnualRental]],(Table_Provincial_GTAC35378[[#This Row],[RtmAnnualRental]])*(1+(IF('MAIN-INTERFACE'!$D$2=\"No\",0,'MAIN-INTERFACE'!$D$4))^(COUNTIF(MATRIX2!M100:P100,0)))*(1+(IF('MAIN-INTERFACE'!$D$2=\"No\",0,'MAIN-INTERFACE'!$D$8)))^MATRIX2!F100,Table_Provincial_GTAC35378[[#This Row],[Adj.AnnualRental]])*(1+(IF('MAIN-INTERFACE'!$D$2=\"No\",Table_Provincial_GTAC35378[[#This Row],[TnTEscalation]],'MAIN-INTERFACE'!$G$2)))^(IF((COUNTIF(MATRIX2!M100:P100,\">0\")-1)<0,0,COUNTIF(MATRIX2!M100:P100,\">0\")))))))","v":3302308.0392862493},{"$f":"IF('MAIN-INTERFACE'!$D$2=\"No\",(Table_Provincial_GTAC35378[[#This Row],[Adj.AnnualRental]])*(1+Table_Provincial_GTAC35378[[#This Row],[TnTEscalation]])^5,(((MATRIX2!Y100*Table_Provincial_GTAC35378[[#This Row],[Adj.AnnualRental]])*(1+Table_Provincial_GTAC35378[[#This Row],[TnTEscalation]])^5)+(MATRIX2!Q100*IF(IF('MAIN-INTERFACE'!$D$2=\"No\",Table_Provincial_GTAC35378[[#This Row],[Adj.AnnualRental]],(Table_Provincial_GTAC35378[[#This Row],[RtmAnnualRental]])*(1+(IF('MAIN-INTERFACE'!$D$2=\"No\",0,'MAIN-INTERFACE'!$D$4))^(COUNTIF(MATRIX2!M100:Q100,0))))*(1+(IF('MAIN-INTERFACE'!$D$2=\"No\",0,'MAIN-INTERFACE'!$D$8)))^5<Table_Provincial_GTAC35378[[#This Row],[Adj.AnnualRental]],(Table_Provincial_GTAC35378[[#This Row],[RtmAnnualRental]])*(1+(IF('MAIN-INTERFACE'!$D$2=\"No\",0,'MAIN-INTERFACE'!$D$4))^(COUNTIF(MATRIX2!M100:Q100,0)))*(1+(IF('MAIN-INTERFACE'!$D$2=\"No\",0,'MAIN-INTERFACE'!$D$8)))^MATRIX2!G100,Table_Provincial_GTAC35378[[#This Row],[Adj.AnnualRental]])*(1+(IF('MAIN-INTERFACE'!$D$2=\"No\",Table_Provincial_GTAC35378[[#This Row],[TnTEscalation]],'MAIN-INTERFACE'!$G$2)))^(IF((COUNTIF(MATRIX2!M100:Q100,\">0\")-1)<0,0,COUNTIF(MATRIX2!M100:Q100,\">0\"))))))","v":3549981.1422327179},{"$f":"IF('MAIN-INTERFACE'!$D$2=\"No\",(Table_Provincial_GTAC35378[[#This Row],[Adj.AnnualRental]])*(1+Table_Provincial_GTAC35378[[#This Row],[TnTEscalation]])^6,(((MATRIX2!Z100*Table_Provincial_GTAC35378[[#This Row],[Adj.AnnualRental]])*(1+Table_Provincial_GTAC35378[[#This Row],[TnTEscalation]])^6)+(MATRIX2!R100*IF(IF('MAIN-INTERFACE'!$D$2=\"No\",Table_Provincial_GTAC35378[[#This Row],[Adj.AnnualRental]],(Table_Provincial_GTAC35378[[#This Row],[RtmAnnualRental]])*(1+(IF('MAIN-INTERFACE'!$D$2=\"No\",0,'MAIN-INTERFACE'!$D$4))^(COUNTIF(MATRIX2!M100:R100,0))))*(1+(IF('MAIN-INTERFACE'!$D$2=\"No\",0,'MAIN-INTERFACE'!$D$8)))^6<Table_Provincial_GTAC35378[[#This Row],[Adj.AnnualRental]],(Table_Provincial_GTAC35378[[#This Row],[RtmAnnualRental]])*(1+(IF('MAIN-INTERFACE'!$D$2=\"No\",0,'MAIN-INTERFACE'!$D$4))^(COUNTIF(MATRIX2!M100:R100,0)))*(1+(IF('MAIN-INTERFACE'!$D$2=\"No\",0,'MAIN-INTERFACE'!$D$8)))^MATRIX2!H100,Table_Provincial_GTAC35378[[#This Row],[Adj.AnnualRental]])*(1+(IF('MAIN-INTERFACE'!$D$2=\"No\",Table_Provincial_GTAC35378[[#This Row],[TnTEscalation]],'MAIN-INTERFACE'!$G$2)))^(IF((COUNTIF(MATRIX2!M100:R100,\">0\")-1)<0,0,COUNTIF(MATRIX2!M100:R100,\">0\"))))))","v":3816229.7279001721},{"$f":"IF('MAIN-INTERFACE'!$D$2=\"No\",(Table_Provincial_GTAC35378[[#This Row],[Adj.AnnualRental]])*(1+Table_Provincial_GTAC35378[[#This Row],[TnTEscalation]])^7,(((MATRIX2!AA100*Table_Provincial_GTAC35378[[#This Row],[Adj.AnnualRental]])*(1+Table_Provincial_GTAC35378[[#This Row],[TnTEscalation]])^7)+(MATRIX2!S100*IF(IF('MAIN-INTERFACE'!$D$2=\"No\",Table_Provincial_GTAC35378[[#This Row],[Adj.AnnualRental]],(Table_Provincial_GTAC35378[[#This Row],[RtmAnnualRental]])*(1+(IF('MAIN-INTERFACE'!$D$2=\"No\",0,'MAIN-INTERFACE'!$D$4))^(COUNTIF(MATRIX2!M100:S100,0))))*(1+(IF('MAIN-INTERFACE'!$D$2=\"No\",0,'MAIN-INTERFACE'!$D$8)))^7<Table_Provincial_GTAC35378[[#This Row],[Adj.AnnualRental]],(Table_Provincial_GTAC35378[[#This Row],[RtmAnnualRental]])*(1+(IF('MAIN-INTERFACE'!$D$2=\"No\",0,'MAIN-INTERFACE'!$D$4))^(COUNTIF(MATRIX2!M100:S100,0)))*(1+(IF('MAIN-INTERFACE'!$D$2=\"No\",0,'MAIN-INTERFACE'!$D$8)))^MATRIX2!I100,Table_Provincial_GTAC35378[[#This Row],[Adj.AnnualRental]])*(1+(IF('MAIN-INTERFACE'!$D$2=\"No\",Table_Provincial_GTAC35378[[#This Row],[TnTEscalation]],'MAIN-INTERFACE'!$G$2)))^(IF((COUNTIF(MATRIX2!M100:S100,\">0\")-1)<0,0,COUNTIF(MATRIX2!M100:S100,\">0\"))))))","v":4102446.9574926845},{"$f":"SUM(Table_Provincial_GTAC35378[[#This Row],[FY 2018/19]:[FY 2023/24]])","v":20839196.418350972}]
[{"$f":"Table_Provincial_GTAC3536[[#This Row],[SystemID]]","v":125},{"$f":"VLOOKUP($A101,DATA2!$A$2:$S$607,2,FALSE)","v":"KZN"},{"$f":"VLOOKUP($A101,DATA2!$A$2:$S$607,3,FALSE)","v":"KwaZulu-Natal"},{"$f":"VLOOKUP($A101,DATA2!$A$2:$S$607,4,FALSE)","v":134.42310000000001},{"$f":"VLOOKUP($A101,DATA2!$A$2:$S$607,5,FALSE)","v":110},{"$f":"VLOOKUP($A101,DATA2!$A$2:$S$607,6,FALSE)","v":"MAIN CENTRE"},{"$f":"VLOOKUP($A101,DATA2!$A$2:$S$607,7,FALSE)","v":1600},{"$f":"VLOOKUP($A101,DATA2!$A$2:$S$607,8,FALSE)","v":true},{"$f":"VLOOKUP($A101,DATA2!$A$2:$S$607,9,FALSE)","v":0.08},{"$f":"VLOOKUP($A101,DATA2!$A$2:$S$607,10,FALSE)","v":215076.96},{"$f":"VLOOKUP($A101,DATA2!$A$2:$S$607,11,FALSE)","v":2580923.52},{"$f":"Table_Provincial_GTAC35378[[#This Row],[Benchmark]]*Table_Provincial_GTAC35378[[#This Row],[ExtentM2]]*12","v":2112000},{"$f":"VLOOKUP($A101,DATA2!$A$2:$S$607,12,FALSE)","v":"2013-07-01"},{"$f":"VLOOKUP($A101,DATA2!$A$2:$S$607,13,FALSE)","v":"2018-06-30"},{"$f":"VLOOKUP($A101,DATA2!$A$2:$S$607,14,FALSE)","v":"No"},{"$f":"IF(MATRIX2!D101=1,($Y$8-$X$2)/365*Table_Provincial_GTAC35378[[#This Row],[Adj.AnnualRental]]*MATRIX2!D101,($Y$8-$X$2)/365*Table_Provincial_GTAC35378[[#This Row],[Adj.AnnualRental]])","v":-9340821.8353972603},{"$f":"IF('MAIN-INTERFACE'!$D$2=\"No\",(Table_Provincial_GTAC35378[[#This Row],[Adj.AnnualRental]])*(1+Table_Provincial_GTAC35378[[#This Row],[TnTEscalation]])^2,\n    (((MATRIX2!V101*Table_Provincial_GTAC35378[[#This Row],[Adj.AnnualRental]])*(1+Table_Provincial_GTAC35378[[#This Row],[TnTEscalation]])^2)+\n       (MATRIX2!N101* IF(IF('MAIN-INTERFACE'!$D$2=\"No\",Table_Provincial_GTAC35378[[#This Row],[Adj.AnnualRental]],(Table_Provincial_GTAC35378[[#This Row],[RtmAnnualRental]])*(1+\n                                 (IF('MAIN-INTERFACE'!$D$2=\"No\",0,'MAIN-INTERFACE'!$D$4))^(COUNTIF(MATRIX2!M101:N101,0))))*(1+\n                                 (IF('MAIN-INTERFACE'!$D$2=\"No\",0,'MAIN-INTERFACE'!$D$8)))^2<Table_Provincial_GTAC35378[[#This Row],[Adj.AnnualRental]],(Table_Provincial_GTAC35378[[#This Row],[RtmAnnualRental]])*(1+\n\n                                 (IF('MAIN-INTERFACE'!$D$2=\"No\",0,'MAIN-INTERFACE'!$D$4))^(COUNTIF(MATRIX2!M101:N101,0)))*(1+\n                                 (IF('MAIN-INTERFACE'!$D$2=\"No\",0,'MAIN-INTERFACE'!$D$8)))^MATRIX2!D101,Table_Provincial_GTAC35378[[#This Row],[Adj.AnnualRental]])*(1+\n\n                                (IF('MAIN-INTERFACE'!$D$2=\"No\",Table_Provincial_GTAC35378[[#This Row],[TnTEscalation]],'MAIN-INTERFACE'!$G$2)))^\n                                 (IF((COUNTIF(MATRIX2!M101:N101,\">0\")-1)<0,0,COUNTIF(MATRIX2!M101:N101,\">0\"))))))","v":2845872.6994270687},{"$f":"IF('MAIN-INTERFACE'!$D$2=\"No\",(Table_Provincial_GTAC35378[[#This Row],[Adj.AnnualRental]])*(1+Table_Provincial_GTAC35378[[#This Row],[TnTEscalation]])^3,(((MATRIX2!W101*Table_Provincial_GTAC35378[[#This Row],[Adj.AnnualRental]])*(1+Table_Provincial_GTAC35378[[#This Row],[TnTEscalation]])^3)+(MATRIX2!O101*IF(IF('MAIN-INTERFACE'!$D$2=\"No\",Table_Provincial_GTAC35378[[#This Row],[Adj.AnnualRental]],(Table_Provincial_GTAC35378[[#This Row],[RtmAnnualRental]])*(1+(IF('MAIN-INTERFACE'!$D$2=\"No\",0,'MAIN-INTERFACE'!$D$4))^(COUNTIF(MATRIX2!M101:O101,0))))*(1+(IF('MAIN-INTERFACE'!$D$2=\"No\",0,'MAIN-INTERFACE'!$D$8)))^3<Table_Provincial_GTAC35378[[#This Row],[Adj.AnnualRental]],(Table_Provincial_GTAC35378[[#This Row],[RtmAnnualRental]])*(1+(IF('MAIN-INTERFACE'!$D$2=\"No\",0,'MAIN-INTERFACE'!$D$4))^(COUNTIF(MATRIX2!M101:O101,0)))*(1+(IF('MAIN-INTERFACE'!$D$2=\"No\",0,'MAIN-INTERFACE'!$D$8)))^MATRIX2!E101,Table_Provincial_GTAC35378[[#This Row],[Adj.AnnualRental]])*(1+(IF('MAIN-INTERFACE'!$D$2=\"No\",Table_Provincial_GTAC35378[[#This Row],[TnTEscalation]],'MAIN-INTERFACE'!$G$2)))^(IF((COUNTIF(MATRIX2!M101:O101,\">0\")-1)<0,0,COUNTIF(MATRIX2!M101:O101,\">0\"))))))","v":2538307.1999999997},{"$f":"IF('MAIN-INTERFACE'!$D$2=\"No\",(Table_Provincial_GTAC35378[[#This Row],[Adj.AnnualRental]])*(1+Table_Provincial_GTAC35378[[#This Row],[TnTEscalation]])^4,((((MATRIX2!X101*Table_Provincial_GTAC35378[[#This Row],[Adj.AnnualRental]])*(1+Table_Provincial_GTAC35378[[#This Row],[TnTEscalation]])^4)+(MATRIX2!P101*IF(IF('MAIN-INTERFACE'!$D$2=\"No\",Table_Provincial_GTAC35378[[#This Row],[Adj.AnnualRental]],(Table_Provincial_GTAC35378[[#This Row],[RtmAnnualRental]])*(1+(IF('MAIN-INTERFACE'!$D$2=\"No\",0,'MAIN-INTERFACE'!$D$4))^(COUNTIF(MATRIX2!M101:P101,0))))*(1+(IF('MAIN-INTERFACE'!$D$2=\"No\",0,'MAIN-INTERFACE'!$D$8)))^4<Table_Provincial_GTAC35378[[#This Row],[Adj.AnnualRental]],(Table_Provincial_GTAC35378[[#This Row],[RtmAnnualRental]])*(1+(IF('MAIN-INTERFACE'!$D$2=\"No\",0,'MAIN-INTERFACE'!$D$4))^(COUNTIF(MATRIX2!M101:P101,0)))*(1+(IF('MAIN-INTERFACE'!$D$2=\"No\",0,'MAIN-INTERFACE'!$D$8)))^MATRIX2!F101,Table_Provincial_GTAC35378[[#This Row],[Adj.AnnualRental]])*(1+(IF('MAIN-INTERFACE'!$D$2=\"No\",Table_Provincial_GTAC35378[[#This Row],[TnTEscalation]],'MAIN-INTERFACE'!$G$2)))^(IF((COUNTIF(MATRIX2!M101:P101,\">0\")-1)<0,0,COUNTIF(MATRIX2!M101:P101,\">0\")))))))","v":2728680.2399999998},{"$f":"IF('MAIN-INTERFACE'!$D$2=\"No\",(Table_Provincial_GTAC35378[[#This Row],[Adj.AnnualRental]])*(1+Table_Provincial_GTAC35378[[#This Row],[TnTEscalation]])^5,(((MATRIX2!Y101*Table_Provincial_GTAC35378[[#This Row],[Adj.AnnualRental]])*(1+Table_Provincial_GTAC35378[[#This Row],[TnTEscalation]])^5)+(MATRIX2!Q101*IF(IF('MAIN-INTERFACE'!$D$2=\"No\",Table_Provincial_GTAC35378[[#This Row],[Adj.AnnualRental]],(Table_Provincial_GTAC35378[[#This Row],[RtmAnnualRental]])*(1+(IF('MAIN-INTERFACE'!$D$2=\"No\",0,'MAIN-INTERFACE'!$D$4))^(COUNTIF(MATRIX2!M101:Q101,0))))*(1+(IF('MAIN-INTERFACE'!$D$2=\"No\",0,'MAIN-INTERFACE'!$D$8)))^5<Table_Provincial_GTAC35378[[#This Row],[Adj.AnnualRental]],(Table_Provincial_GTAC35378[[#This Row],[RtmAnnualRental]])*(1+(IF('MAIN-INTERFACE'!$D$2=\"No\",0,'MAIN-INTERFACE'!$D$4))^(COUNTIF(MATRIX2!M101:Q101,0)))*(1+(IF('MAIN-INTERFACE'!$D$2=\"No\",0,'MAIN-INTERFACE'!$D$8)))^MATRIX2!G101,Table_Provincial_GTAC35378[[#This Row],[Adj.AnnualRental]])*(1+(IF('MAIN-INTERFACE'!$D$2=\"No\",Table_Provincial_GTAC35378[[#This Row],[TnTEscalation]],'MAIN-INTERFACE'!$G$2)))^(IF((COUNTIF(MATRIX2!M101:Q101,\">0\")-1)<0,0,COUNTIF(MATRIX2!M101:Q101,\">0\"))))))","v":2933331.2579999999},{"$f":"IF('MAIN-INTERFACE'!$D$2=\"No\",(Table_Provincial_GTAC35378[[#This Row],[Adj.AnnualRental]])*(1+Table_Provincial_GTAC35378[[#This Row],[TnTEscalation]])^6,(((MATRIX2!Z101*Table_Provincial_GTAC35378[[#This Row],[Adj.AnnualRental]])*(1+Table_Provincial_GTAC35378[[#This Row],[TnTEscalation]])^6)+(MATRIX2!R101*IF(IF('MAIN-INTERFACE'!$D$2=\"No\",Table_Provincial_GTAC35378[[#This Row],[Adj.AnnualRental]],(Table_Provincial_GTAC35378[[#This Row],[RtmAnnualRental]])*(1+(IF('MAIN-INTERFACE'!$D$2=\"No\",0,'MAIN-INTERFACE'!$D$4))^(COUNTIF(MATRIX2!M101:R101,0))))*(1+(IF('MAIN-INTERFACE'!$D$2=\"No\",0,'MAIN-INTERFACE'!$D$8)))^6<Table_Provincial_GTAC35378[[#This Row],[Adj.AnnualRental]],(Table_Provincial_GTAC35378[[#This Row],[RtmAnnualRental]])*(1+(IF('MAIN-INTERFACE'!$D$2=\"No\",0,'MAIN-INTERFACE'!$D$4))^(COUNTIF(MATRIX2!M101:R101,0)))*(1+(IF('MAIN-INTERFACE'!$D$2=\"No\",0,'MAIN-INTERFACE'!$D$8)))^MATRIX2!H101,Table_Provincial_GTAC35378[[#This Row],[Adj.AnnualRental]])*(1+(IF('MAIN-INTERFACE'!$D$2=\"No\",Table_Provincial_GTAC35378[[#This Row],[TnTEscalation]],'MAIN-INTERFACE'!$G$2)))^(IF((COUNTIF(MATRIX2!M101:R101,\">0\")-1)<0,0,COUNTIF(MATRIX2!M101:R101,\">0\"))))))","v":3153331.1023499998},{"$f":"IF('MAIN-INTERFACE'!$D$2=\"No\",(Table_Provincial_GTAC35378[[#This Row],[Adj.AnnualRental]])*(1+Table_Provincial_GTAC35378[[#This Row],[TnTEscalation]])^7,(((MATRIX2!AA101*Table_Provincial_GTAC35378[[#This Row],[Adj.AnnualRental]])*(1+Table_Provincial_GTAC35378[[#This Row],[TnTEscalation]])^7)+(MATRIX2!S101*IF(IF('MAIN-INTERFACE'!$D$2=\"No\",Table_Provincial_GTAC35378[[#This Row],[Adj.AnnualRental]],(Table_Provincial_GTAC35378[[#This Row],[RtmAnnualRental]])*(1+(IF('MAIN-INTERFACE'!$D$2=\"No\",0,'MAIN-INTERFACE'!$D$4))^(COUNTIF(MATRIX2!M101:S101,0))))*(1+(IF('MAIN-INTERFACE'!$D$2=\"No\",0,'MAIN-INTERFACE'!$D$8)))^7<Table_Provincial_GTAC35378[[#This Row],[Adj.AnnualRental]],(Table_Provincial_GTAC35378[[#This Row],[RtmAnnualRental]])*(1+(IF('MAIN-INTERFACE'!$D$2=\"No\",0,'MAIN-INTERFACE'!$D$4))^(COUNTIF(MATRIX2!M101:S101,0)))*(1+(IF('MAIN-INTERFACE'!$D$2=\"No\",0,'MAIN-INTERFACE'!$D$8)))^MATRIX2!I101,Table_Provincial_GTAC35378[[#This Row],[Adj.AnnualRental]])*(1+(IF('MAIN-INTERFACE'!$D$2=\"No\",Table_Provincial_GTAC35378[[#This Row],[TnTEscalation]],'MAIN-INTERFACE'!$G$2)))^(IF((COUNTIF(MATRIX2!M101:S101,\">0\")-1)<0,0,COUNTIF(MATRIX2!M101:S101,\">0\"))))))","v":3389830.9350262494},{"$f":"SUM(Table_Provincial_GTAC35378[[#This Row],[FY 2018/19]:[FY 2023/24]])","v":17589353.434803318}]
[{"$f":"Table_Provincial_GTAC3536[[#This Row],[SystemID]]","v":126},{"$f":"VLOOKUP($A102,DATA2!$A$2:$S$607,2,FALSE)","v":"KZN"},{"$f":"VLOOKUP($A102,DATA2!$A$2:$S$607,3,FALSE)","v":"KwaZulu-Natal"},{"$f":"VLOOKUP($A102,DATA2!$A$2:$S$607,4,FALSE)","v":109.01428571428572},{"$f":"VLOOKUP($A102,DATA2!$A$2:$S$607,5,FALSE)","v":110},{"$f":"VLOOKUP($A102,DATA2!$A$2:$S$607,6,FALSE)","v":"CBD"},{"$f":"VLOOKUP($A102,DATA2!$A$2:$S$607,7,FALSE)","v":3234},{"$f":"VLOOKUP($A102,DATA2!$A$2:$S$607,8,FALSE)","v":true},{"$f":"VLOOKUP($A102,DATA2!$A$2:$S$607,9,FALSE)","v":0.08},{"$f":"VLOOKUP($A102,DATA2!$A$2:$S$607,10,FALSE)","v":352552.2},{"$f":"VLOOKUP($A102,DATA2!$A$2:$S$607,11,FALSE)","v":4230626.4000000004},{"$f":"Table_Provincial_GTAC35378[[#This Row],[Benchmark]]*Table_Provincial_GTAC35378[[#This Row],[ExtentM2]]*12","v":4268880},{"$f":"VLOOKUP($A102,DATA2!$A$2:$S$607,12,FALSE)","v":"2015-02-01"},{"$f":"VLOOKUP($A102,DATA2!$A$2:$S$607,13,FALSE)","v":"2017-09-30"},{"$f":"VLOOKUP($A102,DATA2!$A$2:$S$607,14,FALSE)","v":"No"},{"$f":"IF(MATRIX2!D102=1,($Y$8-$X$2)/365*Table_Provincial_GTAC35378[[#This Row],[Adj.AnnualRental]]*MATRIX2!D102,($Y$8-$X$2)/365*Table_Provincial_GTAC35378[[#This Row],[Adj.AnnualRental]])","v":-15311390.340821918},{"$f":"IF('MAIN-INTERFACE'!$D$2=\"No\",(Table_Provincial_GTAC35378[[#This Row],[Adj.AnnualRental]])*(1+Table_Provincial_GTAC35378[[#This Row],[TnTEscalation]])^2,\n    (((MATRIX2!V102*Table_Provincial_GTAC35378[[#This Row],[Adj.AnnualRental]])*(1+Table_Provincial_GTAC35378[[#This Row],[TnTEscalation]])^2)+\n       (MATRIX2!N102* IF(IF('MAIN-INTERFACE'!$D$2=\"No\",Table_Provincial_GTAC35378[[#This Row],[Adj.AnnualRental]],(Table_Provincial_GTAC35378[[#This Row],[RtmAnnualRental]])*(1+\n                                 (IF('MAIN-INTERFACE'!$D$2=\"No\",0,'MAIN-INTERFACE'!$D$4))^(COUNTIF(MATRIX2!M102:N102,0))))*(1+\n                                 (IF('MAIN-INTERFACE'!$D$2=\"No\",0,'MAIN-INTERFACE'!$D$8)))^2<Table_Provincial_GTAC35378[[#This Row],[Adj.AnnualRental]],(Table_Provincial_GTAC35378[[#This Row],[RtmAnnualRental]])*(1+\n\n                                 (IF('MAIN-INTERFACE'!$D$2=\"No\",0,'MAIN-INTERFACE'!$D$4))^(COUNTIF(MATRIX2!M102:N102,0)))*(1+\n                                 (IF('MAIN-INTERFACE'!$D$2=\"No\",0,'MAIN-INTERFACE'!$D$8)))^MATRIX2!D102,Table_Provincial_GTAC35378[[#This Row],[Adj.AnnualRental]])*(1+\n\n                                (IF('MAIN-INTERFACE'!$D$2=\"No\",Table_Provincial_GTAC35378[[#This Row],[TnTEscalation]],'MAIN-INTERFACE'!$G$2)))^\n                                 (IF((COUNTIF(MATRIX2!M102:N102,\">0\")-1)<0,0,COUNTIF(MATRIX2!M102:N102,\">0\"))))))","v":4547393.6823932054},{"$f":"IF('MAIN-INTERFACE'!$D$2=\"No\",(Table_Provincial_GTAC35378[[#This Row],[Adj.AnnualRental]])*(1+Table_Provincial_GTAC35378[[#This Row],[TnTEscalation]])^3,(((MATRIX2!W102*Table_Provincial_GTAC35378[[#This Row],[Adj.AnnualRental]])*(1+Table_Provincial_GTAC35378[[#This Row],[TnTEscalation]])^3)+(MATRIX2!O102*IF(IF('MAIN-INTERFACE'!$D$2=\"No\",Table_Provincial_GTAC35378[[#This Row],[Adj.AnnualRental]],(Table_Provincial_GTAC35378[[#This Row],[RtmAnnualRental]])*(1+(IF('MAIN-INTERFACE'!$D$2=\"No\",0,'MAIN-INTERFACE'!$D$4))^(COUNTIF(MATRIX2!M102:O102,0))))*(1+(IF('MAIN-INTERFACE'!$D$2=\"No\",0,'MAIN-INTERFACE'!$D$8)))^3<Table_Provincial_GTAC35378[[#This Row],[Adj.AnnualRental]],(Table_Provincial_GTAC35378[[#This Row],[RtmAnnualRental]])*(1+(IF('MAIN-INTERFACE'!$D$2=\"No\",0,'MAIN-INTERFACE'!$D$4))^(COUNTIF(MATRIX2!M102:O102,0)))*(1+(IF('MAIN-INTERFACE'!$D$2=\"No\",0,'MAIN-INTERFACE'!$D$8)))^MATRIX2!E102,Table_Provincial_GTAC35378[[#This Row],[Adj.AnnualRental]])*(1+(IF('MAIN-INTERFACE'!$D$2=\"No\",Table_Provincial_GTAC35378[[#This Row],[TnTEscalation]],'MAIN-INTERFACE'!$G$2)))^(IF((COUNTIF(MATRIX2!M102:O102,\">0\")-1)<0,0,COUNTIF(MATRIX2!M102:O102,\">0\"))))))","v":4889017.6335000005},{"$f":"IF('MAIN-INTERFACE'!$D$2=\"No\",(Table_Provincial_GTAC35378[[#This Row],[Adj.AnnualRental]])*(1+Table_Provincial_GTAC35378[[#This Row],[TnTEscalation]])^4,((((MATRIX2!X102*Table_Provincial_GTAC35378[[#This Row],[Adj.AnnualRental]])*(1+Table_Provincial_GTAC35378[[#This Row],[TnTEscalation]])^4)+(MATRIX2!P102*IF(IF('MAIN-INTERFACE'!$D$2=\"No\",Table_Provincial_GTAC35378[[#This Row],[Adj.AnnualRental]],(Table_Provincial_GTAC35378[[#This Row],[RtmAnnualRental]])*(1+(IF('MAIN-INTERFACE'!$D$2=\"No\",0,'MAIN-INTERFACE'!$D$4))^(COUNTIF(MATRIX2!M102:P102,0))))*(1+(IF('MAIN-INTERFACE'!$D$2=\"No\",0,'MAIN-INTERFACE'!$D$8)))^4<Table_Provincial_GTAC35378[[#This Row],[Adj.AnnualRental]],(Table_Provincial_GTAC35378[[#This Row],[RtmAnnualRental]])*(1+(IF('MAIN-INTERFACE'!$D$2=\"No\",0,'MAIN-INTERFACE'!$D$4))^(COUNTIF(MATRIX2!M102:P102,0)))*(1+(IF('MAIN-INTERFACE'!$D$2=\"No\",0,'MAIN-INTERFACE'!$D$8)))^MATRIX2!F102,Table_Provincial_GTAC35378[[#This Row],[Adj.AnnualRental]])*(1+(IF('MAIN-INTERFACE'!$D$2=\"No\",Table_Provincial_GTAC35378[[#This Row],[TnTEscalation]],'MAIN-INTERFACE'!$G$2)))^(IF((COUNTIF(MATRIX2!M102:P102,\">0\")-1)<0,0,COUNTIF(MATRIX2!M102:P102,\">0\")))))))","v":5255693.9560124995},{"$f":"IF('MAIN-INTERFACE'!$D$2=\"No\",(Table_Provincial_GTAC35378[[#This Row],[Adj.AnnualRental]])*(1+Table_Provincial_GTAC35378[[#This Row],[TnTEscalation]])^5,(((MATRIX2!Y102*Table_Provincial_GTAC35378[[#This Row],[Adj.AnnualRental]])*(1+Table_Provincial_GTAC35378[[#This Row],[TnTEscalation]])^5)+(MATRIX2!Q102*IF(IF('MAIN-INTERFACE'!$D$2=\"No\",Table_Provincial_GTAC35378[[#This Row],[Adj.AnnualRental]],(Table_Provincial_GTAC35378[[#This Row],[RtmAnnualRental]])*(1+(IF('MAIN-INTERFACE'!$D$2=\"No\",0,'MAIN-INTERFACE'!$D$4))^(COUNTIF(MATRIX2!M102:Q102,0))))*(1+(IF('MAIN-INTERFACE'!$D$2=\"No\",0,'MAIN-INTERFACE'!$D$8)))^5<Table_Provincial_GTAC35378[[#This Row],[Adj.AnnualRental]],(Table_Provincial_GTAC35378[[#This Row],[RtmAnnualRental]])*(1+(IF('MAIN-INTERFACE'!$D$2=\"No\",0,'MAIN-INTERFACE'!$D$4))^(COUNTIF(MATRIX2!M102:Q102,0)))*(1+(IF('MAIN-INTERFACE'!$D$2=\"No\",0,'MAIN-INTERFACE'!$D$8)))^MATRIX2!G102,Table_Provincial_GTAC35378[[#This Row],[Adj.AnnualRental]])*(1+(IF('MAIN-INTERFACE'!$D$2=\"No\",Table_Provincial_GTAC35378[[#This Row],[TnTEscalation]],'MAIN-INTERFACE'!$G$2)))^(IF((COUNTIF(MATRIX2!M102:Q102,\">0\")-1)<0,0,COUNTIF(MATRIX2!M102:Q102,\">0\"))))))","v":5649871.0027134372},{"$f":"IF('MAIN-INTERFACE'!$D$2=\"No\",(Table_Provincial_GTAC35378[[#This Row],[Adj.AnnualRental]])*(1+Table_Provincial_GTAC35378[[#This Row],[TnTEscalation]])^6,(((MATRIX2!Z102*Table_Provincial_GTAC35378[[#This Row],[Adj.AnnualRental]])*(1+Table_Provincial_GTAC35378[[#This Row],[TnTEscalation]])^6)+(MATRIX2!R102*IF(IF('MAIN-INTERFACE'!$D$2=\"No\",Table_Provincial_GTAC35378[[#This Row],[Adj.AnnualRental]],(Table_Provincial_GTAC35378[[#This Row],[RtmAnnualRental]])*(1+(IF('MAIN-INTERFACE'!$D$2=\"No\",0,'MAIN-INTERFACE'!$D$4))^(COUNTIF(MATRIX2!M102:R102,0))))*(1+(IF('MAIN-INTERFACE'!$D$2=\"No\",0,'MAIN-INTERFACE'!$D$8)))^6<Table_Provincial_GTAC35378[[#This Row],[Adj.AnnualRental]],(Table_Provincial_GTAC35378[[#This Row],[RtmAnnualRental]])*(1+(IF('MAIN-INTERFACE'!$D$2=\"No\",0,'MAIN-INTERFACE'!$D$4))^(COUNTIF(MATRIX2!M102:R102,0)))*(1+(IF('MAIN-INTERFACE'!$D$2=\"No\",0,'MAIN-INTERFACE'!$D$8)))^MATRIX2!H102,Table_Provincial_GTAC35378[[#This Row],[Adj.AnnualRental]])*(1+(IF('MAIN-INTERFACE'!$D$2=\"No\",Table_Provincial_GTAC35378[[#This Row],[TnTEscalation]],'MAIN-INTERFACE'!$G$2)))^(IF((COUNTIF(MATRIX2!M102:R102,\">0\")-1)<0,0,COUNTIF(MATRIX2!M102:R102,\">0\"))))))","v":6073611.3279169453},{"$f":"IF('MAIN-INTERFACE'!$D$2=\"No\",(Table_Provincial_GTAC35378[[#This Row],[Adj.AnnualRental]])*(1+Table_Provincial_GTAC35378[[#This Row],[TnTEscalation]])^7,(((MATRIX2!AA102*Table_Provincial_GTAC35378[[#This Row],[Adj.AnnualRental]])*(1+Table_Provincial_GTAC35378[[#This Row],[TnTEscalation]])^7)+(MATRIX2!S102*IF(IF('MAIN-INTERFACE'!$D$2=\"No\",Table_Provincial_GTAC35378[[#This Row],[Adj.AnnualRental]],(Table_Provincial_GTAC35378[[#This Row],[RtmAnnualRental]])*(1+(IF('MAIN-INTERFACE'!$D$2=\"No\",0,'MAIN-INTERFACE'!$D$4))^(COUNTIF(MATRIX2!M102:S102,0))))*(1+(IF('MAIN-INTERFACE'!$D$2=\"No\",0,'MAIN-INTERFACE'!$D$8)))^7<Table_Provincial_GTAC35378[[#This Row],[Adj.AnnualRental]],(Table_Provincial_GTAC35378[[#This Row],[RtmAnnualRental]])*(1+(IF('MAIN-INTERFACE'!$D$2=\"No\",0,'MAIN-INTERFACE'!$D$4))^(COUNTIF(MATRIX2!M102:S102,0)))*(1+(IF('MAIN-INTERFACE'!$D$2=\"No\",0,'MAIN-INTERFACE'!$D$8)))^MATRIX2!I102,Table_Provincial_GTAC35378[[#This Row],[Adj.AnnualRental]])*(1+(IF('MAIN-INTERFACE'!$D$2=\"No\",Table_Provincial_GTAC35378[[#This Row],[TnTEscalation]],'MAIN-INTERFACE'!$G$2)))^(IF((COUNTIF(MATRIX2!M102:S102,\">0\")-1)<0,0,COUNTIF(MATRIX2!M102:S102,\">0\"))))))","v":6529132.1775107151},{"$f":"SUM(Table_Provincial_GTAC35378[[#This Row],[FY 2018/19]:[FY 2023/24]])","v":32944719.780046806}]
[{"$f":"Table_Provincial_GTAC3536[[#This Row],[SystemID]]","v":128},{"$f":"VLOOKUP($A103,DATA2!$A$2:$S$607,2,FALSE)","v":"KZN"},{"$f":"VLOOKUP($A103,DATA2!$A$2:$S$607,3,FALSE)","v":"KwaZulu-Natal"},{"$f":"VLOOKUP($A103,DATA2!$A$2:$S$607,4,FALSE)","v":54.945250000000001},{"$f":"VLOOKUP($A103,DATA2!$A$2:$S$607,5,FALSE)","v":77.5},{"$f":"VLOOKUP($A103,DATA2!$A$2:$S$607,6,FALSE)","v":"VTSD"},{"$f":"VLOOKUP($A103,DATA2!$A$2:$S$607,7,FALSE)","v":160},{"$f":"VLOOKUP($A103,DATA2!$A$2:$S$607,8,FALSE)","v":true},{"$f":"VLOOKUP($A103,DATA2!$A$2:$S$607,9,FALSE)","v":0.08},{"$f":"VLOOKUP($A103,DATA2!$A$2:$S$607,10,FALSE)","v":8791.24},{"$f":"VLOOKUP($A103,DATA2!$A$2:$S$607,11,FALSE)","v":105494.88},{"$f":"Table_Provincial_GTAC35378[[#This Row],[Benchmark]]*Table_Provincial_GTAC35378[[#This Row],[ExtentM2]]*12","v":148800},{"$f":"VLOOKUP($A103,DATA2!$A$2:$S$607,12,FALSE)","v":"2013-07-01"},{"$f":"VLOOKUP($A103,DATA2!$A$2:$S$607,13,FALSE)","v":"2016-06-30"},{"$f":"VLOOKUP($A103,DATA2!$A$2:$S$607,14,FALSE)","v":"Yes"},{"$f":"IF(MATRIX2!D103=1,($Y$8-$X$2)/365*Table_Provincial_GTAC35378[[#This Row],[Adj.AnnualRental]]*MATRIX2!D103,($Y$8-$X$2)/365*Table_Provincial_GTAC35378[[#This Row],[Adj.AnnualRental]])","v":-381804.75747945206},{"$f":"IF('MAIN-INTERFACE'!$D$2=\"No\",(Table_Provincial_GTAC35378[[#This Row],[Adj.AnnualRental]])*(1+Table_Provincial_GTAC35378[[#This Row],[TnTEscalation]])^2,\n    (((MATRIX2!V103*Table_Provincial_GTAC35378[[#This Row],[Adj.AnnualRental]])*(1+Table_Provincial_GTAC35378[[#This Row],[TnTEscalation]])^2)+\n       (MATRIX2!N103* IF(IF('MAIN-INTERFACE'!$D$2=\"No\",Table_Provincial_GTAC35378[[#This Row],[Adj.AnnualRental]],(Table_Provincial_GTAC35378[[#This Row],[RtmAnnualRental]])*(1+\n                                 (IF('MAIN-INTERFACE'!$D$2=\"No\",0,'MAIN-INTERFACE'!$D$4))^(COUNTIF(MATRIX2!M103:N103,0))))*(1+\n                                 (IF('MAIN-INTERFACE'!$D$2=\"No\",0,'MAIN-INTERFACE'!$D$8)))^2<Table_Provincial_GTAC35378[[#This Row],[Adj.AnnualRental]],(Table_Provincial_GTAC35378[[#This Row],[RtmAnnualRental]])*(1+\n\n                                 (IF('MAIN-INTERFACE'!$D$2=\"No\",0,'MAIN-INTERFACE'!$D$4))^(COUNTIF(MATRIX2!M103:N103,0)))*(1+\n                                 (IF('MAIN-INTERFACE'!$D$2=\"No\",0,'MAIN-INTERFACE'!$D$8)))^MATRIX2!D103,Table_Provincial_GTAC35378[[#This Row],[Adj.AnnualRental]])*(1+\n\n                                (IF('MAIN-INTERFACE'!$D$2=\"No\",Table_Provincial_GTAC35378[[#This Row],[TnTEscalation]],'MAIN-INTERFACE'!$G$2)))^\n                                 (IF((COUNTIF(MATRIX2!M103:N103,\">0\")-1)<0,0,COUNTIF(MATRIX2!M103:N103,\">0\"))))))","v":118228.112016},{"$f":"IF('MAIN-INTERFACE'!$D$2=\"No\",(Table_Provincial_GTAC35378[[#This Row],[Adj.AnnualRental]])*(1+Table_Provincial_GTAC35378[[#This Row],[TnTEscalation]])^3,(((MATRIX2!W103*Table_Provincial_GTAC35378[[#This Row],[Adj.AnnualRental]])*(1+Table_Provincial_GTAC35378[[#This Row],[TnTEscalation]])^3)+(MATRIX2!O103*IF(IF('MAIN-INTERFACE'!$D$2=\"No\",Table_Provincial_GTAC35378[[#This Row],[Adj.AnnualRental]],(Table_Provincial_GTAC35378[[#This Row],[RtmAnnualRental]])*(1+(IF('MAIN-INTERFACE'!$D$2=\"No\",0,'MAIN-INTERFACE'!$D$4))^(COUNTIF(MATRIX2!M103:O103,0))))*(1+(IF('MAIN-INTERFACE'!$D$2=\"No\",0,'MAIN-INTERFACE'!$D$8)))^3<Table_Provincial_GTAC35378[[#This Row],[Adj.AnnualRental]],(Table_Provincial_GTAC35378[[#This Row],[RtmAnnualRental]])*(1+(IF('MAIN-INTERFACE'!$D$2=\"No\",0,'MAIN-INTERFACE'!$D$4))^(COUNTIF(MATRIX2!M103:O103,0)))*(1+(IF('MAIN-INTERFACE'!$D$2=\"No\",0,'MAIN-INTERFACE'!$D$8)))^MATRIX2!E103,Table_Provincial_GTAC35378[[#This Row],[Adj.AnnualRental]])*(1+(IF('MAIN-INTERFACE'!$D$2=\"No\",Table_Provincial_GTAC35378[[#This Row],[TnTEscalation]],'MAIN-INTERFACE'!$G$2)))^(IF((COUNTIF(MATRIX2!M103:O103,\">0\")-1)<0,0,COUNTIF(MATRIX2!M103:O103,\">0\"))))))","v":121912.52069999999},{"$f":"IF('MAIN-INTERFACE'!$D$2=\"No\",(Table_Provincial_GTAC35378[[#This Row],[Adj.AnnualRental]])*(1+Table_Provincial_GTAC35378[[#This Row],[TnTEscalation]])^4,((((MATRIX2!X103*Table_Provincial_GTAC35378[[#This Row],[Adj.AnnualRental]])*(1+Table_Provincial_GTAC35378[[#This Row],[TnTEscalation]])^4)+(MATRIX2!P103*IF(IF('MAIN-INTERFACE'!$D$2=\"No\",Table_Provincial_GTAC35378[[#This Row],[Adj.AnnualRental]],(Table_Provincial_GTAC35378[[#This Row],[RtmAnnualRental]])*(1+(IF('MAIN-INTERFACE'!$D$2=\"No\",0,'MAIN-INTERFACE'!$D$4))^(COUNTIF(MATRIX2!M103:P103,0))))*(1+(IF('MAIN-INTERFACE'!$D$2=\"No\",0,'MAIN-INTERFACE'!$D$8)))^4<Table_Provincial_GTAC35378[[#This Row],[Adj.AnnualRental]],(Table_Provincial_GTAC35378[[#This Row],[RtmAnnualRental]])*(1+(IF('MAIN-INTERFACE'!$D$2=\"No\",0,'MAIN-INTERFACE'!$D$4))^(COUNTIF(MATRIX2!M103:P103,0)))*(1+(IF('MAIN-INTERFACE'!$D$2=\"No\",0,'MAIN-INTERFACE'!$D$8)))^MATRIX2!F103,Table_Provincial_GTAC35378[[#This Row],[Adj.AnnualRental]])*(1+(IF('MAIN-INTERFACE'!$D$2=\"No\",Table_Provincial_GTAC35378[[#This Row],[TnTEscalation]],'MAIN-INTERFACE'!$G$2)))^(IF((COUNTIF(MATRIX2!M103:P103,\">0\")-1)<0,0,COUNTIF(MATRIX2!M103:P103,\">0\")))))))","v":131055.95975249998},{"$f":"IF('MAIN-INTERFACE'!$D$2=\"No\",(Table_Provincial_GTAC35378[[#This Row],[Adj.AnnualRental]])*(1+Table_Provincial_GTAC35378[[#This Row],[TnTEscalation]])^5,(((MATRIX2!Y103*Table_Provincial_GTAC35378[[#This Row],[Adj.AnnualRental]])*(1+Table_Provincial_GTAC35378[[#This Row],[TnTEscalation]])^5)+(MATRIX2!Q103*IF(IF('MAIN-INTERFACE'!$D$2=\"No\",Table_Provincial_GTAC35378[[#This Row],[Adj.AnnualRental]],(Table_Provincial_GTAC35378[[#This Row],[RtmAnnualRental]])*(1+(IF('MAIN-INTERFACE'!$D$2=\"No\",0,'MAIN-INTERFACE'!$D$4))^(COUNTIF(MATRIX2!M103:Q103,0))))*(1+(IF('MAIN-INTERFACE'!$D$2=\"No\",0,'MAIN-INTERFACE'!$D$8)))^5<Table_Provincial_GTAC35378[[#This Row],[Adj.AnnualRental]],(Table_Provincial_GTAC35378[[#This Row],[RtmAnnualRental]])*(1+(IF('MAIN-INTERFACE'!$D$2=\"No\",0,'MAIN-INTERFACE'!$D$4))^(COUNTIF(MATRIX2!M103:Q103,0)))*(1+(IF('MAIN-INTERFACE'!$D$2=\"No\",0,'MAIN-INTERFACE'!$D$8)))^MATRIX2!G103,Table_Provincial_GTAC35378[[#This Row],[Adj.AnnualRental]])*(1+(IF('MAIN-INTERFACE'!$D$2=\"No\",Table_Provincial_GTAC35378[[#This Row],[TnTEscalation]],'MAIN-INTERFACE'!$G$2)))^(IF((COUNTIF(MATRIX2!M103:Q103,\">0\")-1)<0,0,COUNTIF(MATRIX2!M103:Q103,\">0\"))))))","v":140885.1567339375},{"$f":"IF('MAIN-INTERFACE'!$D$2=\"No\",(Table_Provincial_GTAC35378[[#This Row],[Adj.AnnualRental]])*(1+Table_Provincial_GTAC35378[[#This Row],[TnTEscalation]])^6,(((MATRIX2!Z103*Table_Provincial_GTAC35378[[#This Row],[Adj.AnnualRental]])*(1+Table_Provincial_GTAC35378[[#This Row],[TnTEscalation]])^6)+(MATRIX2!R103*IF(IF('MAIN-INTERFACE'!$D$2=\"No\",Table_Provincial_GTAC35378[[#This Row],[Adj.AnnualRental]],(Table_Provincial_GTAC35378[[#This Row],[RtmAnnualRental]])*(1+(IF('MAIN-INTERFACE'!$D$2=\"No\",0,'MAIN-INTERFACE'!$D$4))^(COUNTIF(MATRIX2!M103:R103,0))))*(1+(IF('MAIN-INTERFACE'!$D$2=\"No\",0,'MAIN-INTERFACE'!$D$8)))^6<Table_Provincial_GTAC35378[[#This Row],[Adj.AnnualRental]],(Table_Provincial_GTAC35378[[#This Row],[RtmAnnualRental]])*(1+(IF('MAIN-INTERFACE'!$D$2=\"No\",0,'MAIN-INTERFACE'!$D$4))^(COUNTIF(MATRIX2!M103:R103,0)))*(1+(IF('MAIN-INTERFACE'!$D$2=\"No\",0,'MAIN-INTERFACE'!$D$8)))^MATRIX2!H103,Table_Provincial_GTAC35378[[#This Row],[Adj.AnnualRental]])*(1+(IF('MAIN-INTERFACE'!$D$2=\"No\",Table_Provincial_GTAC35378[[#This Row],[TnTEscalation]],'MAIN-INTERFACE'!$G$2)))^(IF((COUNTIF(MATRIX2!M103:R103,\">0\")-1)<0,0,COUNTIF(MATRIX2!M103:R103,\">0\"))))))","v":151451.5434889828},{"$f":"IF('MAIN-INTERFACE'!$D$2=\"No\",(Table_Provincial_GTAC35378[[#This Row],[Adj.AnnualRental]])*(1+Table_Provincial_GTAC35378[[#This Row],[TnTEscalation]])^7,(((MATRIX2!AA103*Table_Provincial_GTAC35378[[#This Row],[Adj.AnnualRental]])*(1+Table_Provincial_GTAC35378[[#This Row],[TnTEscalation]])^7)+(MATRIX2!S103*IF(IF('MAIN-INTERFACE'!$D$2=\"No\",Table_Provincial_GTAC35378[[#This Row],[Adj.AnnualRental]],(Table_Provincial_GTAC35378[[#This Row],[RtmAnnualRental]])*(1+(IF('MAIN-INTERFACE'!$D$2=\"No\",0,'MAIN-INTERFACE'!$D$4))^(COUNTIF(MATRIX2!M103:S103,0))))*(1+(IF('MAIN-INTERFACE'!$D$2=\"No\",0,'MAIN-INTERFACE'!$D$8)))^7<Table_Provincial_GTAC35378[[#This Row],[Adj.AnnualRental]],(Table_Provincial_GTAC35378[[#This Row],[RtmAnnualRental]])*(1+(IF('MAIN-INTERFACE'!$D$2=\"No\",0,'MAIN-INTERFACE'!$D$4))^(COUNTIF(MATRIX2!M103:S103,0)))*(1+(IF('MAIN-INTERFACE'!$D$2=\"No\",0,'MAIN-INTERFACE'!$D$8)))^MATRIX2!I103,Table_Provincial_GTAC35378[[#This Row],[Adj.AnnualRental]])*(1+(IF('MAIN-INTERFACE'!$D$2=\"No\",Table_Provincial_GTAC35378[[#This Row],[TnTEscalation]],'MAIN-INTERFACE'!$G$2)))^(IF((COUNTIF(MATRIX2!M103:S103,\">0\")-1)<0,0,COUNTIF(MATRIX2!M103:S103,\">0\"))))))","v":162810.40925065649},{"$f":"SUM(Table_Provincial_GTAC35378[[#This Row],[FY 2018/19]:[FY 2023/24]])","v":826343.70194207679}]
[{"$f":"Table_Provincial_GTAC3536[[#This Row],[SystemID]]","v":130},{"$f":"VLOOKUP($A104,DATA2!$A$2:$S$607,2,FALSE)","v":"KZN"},{"$f":"VLOOKUP($A104,DATA2!$A$2:$S$607,3,FALSE)","v":"KwaZulu-Natal"},{"$f":"VLOOKUP($A104,DATA2!$A$2:$S$607,4,FALSE)","v":118.71283851554664},{"$f":"VLOOKUP($A104,DATA2!$A$2:$S$607,5,FALSE)","v":77.5},{"$f":"VLOOKUP($A104,DATA2!$A$2:$S$607,6,FALSE)","v":"VTSD"},{"$f":"VLOOKUP($A104,DATA2!$A$2:$S$607,7,FALSE)","v":1994},{"$f":"VLOOKUP($A104,DATA2!$A$2:$S$607,8,FALSE)","v":true},{"$f":"VLOOKUP($A104,DATA2!$A$2:$S$607,9,FALSE)","v":0.08},{"$f":"VLOOKUP($A104,DATA2!$A$2:$S$607,10,FALSE)","v":236713.4},{"$f":"VLOOKUP($A104,DATA2!$A$2:$S$607,11,FALSE)","v":2840560.8},{"$f":"Table_Provincial_GTAC35378[[#This Row],[Benchmark]]*Table_Provincial_GTAC35378[[#This Row],[ExtentM2]]*12","v":1854420},{"$f":"VLOOKUP($A104,DATA2!$A$2:$S$607,12,FALSE)","v":"2014-07-01"},{"$f":"VLOOKUP($A104,DATA2!$A$2:$S$607,13,FALSE)","v":"2019-06-30"},{"$f":"VLOOKUP($A104,DATA2!$A$2:$S$607,14,FALSE)","v":"No"},{"$f":"IF(MATRIX2!D104=1,($Y$8-$X$2)/365*Table_Provincial_GTAC35378[[#This Row],[Adj.AnnualRental]]*MATRIX2!D104,($Y$8-$X$2)/365*Table_Provincial_GTAC35378[[#This Row],[Adj.AnnualRental]])","v":-10280495.38849315},{"$f":"IF('MAIN-INTERFACE'!$D$2=\"No\",(Table_Provincial_GTAC35378[[#This Row],[Adj.AnnualRental]])*(1+Table_Provincial_GTAC35378[[#This Row],[TnTEscalation]])^2,\n    (((MATRIX2!V104*Table_Provincial_GTAC35378[[#This Row],[Adj.AnnualRental]])*(1+Table_Provincial_GTAC35378[[#This Row],[TnTEscalation]])^2)+\n       (MATRIX2!N104* IF(IF('MAIN-INTERFACE'!$D$2=\"No\",Table_Provincial_GTAC35378[[#This Row],[Adj.AnnualRental]],(Table_Provincial_GTAC35378[[#This Row],[RtmAnnualRental]])*(1+\n                                 (IF('MAIN-INTERFACE'!$D$2=\"No\",0,'MAIN-INTERFACE'!$D$4))^(COUNTIF(MATRIX2!M104:N104,0))))*(1+\n                                 (IF('MAIN-INTERFACE'!$D$2=\"No\",0,'MAIN-INTERFACE'!$D$8)))^2<Table_Provincial_GTAC35378[[#This Row],[Adj.AnnualRental]],(Table_Provincial_GTAC35378[[#This Row],[RtmAnnualRental]])*(1+\n\n                                 (IF('MAIN-INTERFACE'!$D$2=\"No\",0,'MAIN-INTERFACE'!$D$4))^(COUNTIF(MATRIX2!M104:N104,0)))*(1+\n                                 (IF('MAIN-INTERFACE'!$D$2=\"No\",0,'MAIN-INTERFACE'!$D$8)))^MATRIX2!D104,Table_Provincial_GTAC35378[[#This Row],[Adj.AnnualRental]])*(1+\n\n                                (IF('MAIN-INTERFACE'!$D$2=\"No\",Table_Provincial_GTAC35378[[#This Row],[TnTEscalation]],'MAIN-INTERFACE'!$G$2)))^\n                                 (IF((COUNTIF(MATRIX2!M104:N104,\">0\")-1)<0,0,COUNTIF(MATRIX2!M104:N104,\">0\"))))))","v":3313230.1171200001},{"$f":"IF('MAIN-INTERFACE'!$D$2=\"No\",(Table_Provincial_GTAC35378[[#This Row],[Adj.AnnualRental]])*(1+Table_Provincial_GTAC35378[[#This Row],[TnTEscalation]])^3,(((MATRIX2!W104*Table_Provincial_GTAC35378[[#This Row],[Adj.AnnualRental]])*(1+Table_Provincial_GTAC35378[[#This Row],[TnTEscalation]])^3)+(MATRIX2!O104*IF(IF('MAIN-INTERFACE'!$D$2=\"No\",Table_Provincial_GTAC35378[[#This Row],[Adj.AnnualRental]],(Table_Provincial_GTAC35378[[#This Row],[RtmAnnualRental]])*(1+(IF('MAIN-INTERFACE'!$D$2=\"No\",0,'MAIN-INTERFACE'!$D$4))^(COUNTIF(MATRIX2!M104:O104,0))))*(1+(IF('MAIN-INTERFACE'!$D$2=\"No\",0,'MAIN-INTERFACE'!$D$8)))^3<Table_Provincial_GTAC35378[[#This Row],[Adj.AnnualRental]],(Table_Provincial_GTAC35378[[#This Row],[RtmAnnualRental]])*(1+(IF('MAIN-INTERFACE'!$D$2=\"No\",0,'MAIN-INTERFACE'!$D$4))^(COUNTIF(MATRIX2!M104:O104,0)))*(1+(IF('MAIN-INTERFACE'!$D$2=\"No\",0,'MAIN-INTERFACE'!$D$8)))^MATRIX2!E104,Table_Provincial_GTAC35378[[#This Row],[Adj.AnnualRental]])*(1+(IF('MAIN-INTERFACE'!$D$2=\"No\",Table_Provincial_GTAC35378[[#This Row],[TnTEscalation]],'MAIN-INTERFACE'!$G$2)))^(IF((COUNTIF(MATRIX2!M104:O104,\">0\")-1)<0,0,COUNTIF(MATRIX2!M104:O104,\">0\"))))))","v":3173139.5973050036},{"$f":"IF('MAIN-INTERFACE'!$D$2=\"No\",(Table_Provincial_GTAC35378[[#This Row],[Adj.AnnualRental]])*(1+Table_Provincial_GTAC35378[[#This Row],[TnTEscalation]])^4,((((MATRIX2!X104*Table_Provincial_GTAC35378[[#This Row],[Adj.AnnualRental]])*(1+Table_Provincial_GTAC35378[[#This Row],[TnTEscalation]])^4)+(MATRIX2!P104*IF(IF('MAIN-INTERFACE'!$D$2=\"No\",Table_Provincial_GTAC35378[[#This Row],[Adj.AnnualRental]],(Table_Provincial_GTAC35378[[#This Row],[RtmAnnualRental]])*(1+(IF('MAIN-INTERFACE'!$D$2=\"No\",0,'MAIN-INTERFACE'!$D$4))^(COUNTIF(MATRIX2!M104:P104,0))))*(1+(IF('MAIN-INTERFACE'!$D$2=\"No\",0,'MAIN-INTERFACE'!$D$8)))^4<Table_Provincial_GTAC35378[[#This Row],[Adj.AnnualRental]],(Table_Provincial_GTAC35378[[#This Row],[RtmAnnualRental]])*(1+(IF('MAIN-INTERFACE'!$D$2=\"No\",0,'MAIN-INTERFACE'!$D$4))^(COUNTIF(MATRIX2!M104:P104,0)))*(1+(IF('MAIN-INTERFACE'!$D$2=\"No\",0,'MAIN-INTERFACE'!$D$8)))^MATRIX2!F104,Table_Provincial_GTAC35378[[#This Row],[Adj.AnnualRental]])*(1+(IF('MAIN-INTERFACE'!$D$2=\"No\",Table_Provincial_GTAC35378[[#This Row],[TnTEscalation]],'MAIN-INTERFACE'!$G$2)))^(IF((COUNTIF(MATRIX2!M104:P104,\">0\")-1)<0,0,COUNTIF(MATRIX2!M104:P104,\">0\")))))))","v":2146442.9350800002},{"$f":"IF('MAIN-INTERFACE'!$D$2=\"No\",(Table_Provincial_GTAC35378[[#This Row],[Adj.AnnualRental]])*(1+Table_Provincial_GTAC35378[[#This Row],[TnTEscalation]])^5,(((MATRIX2!Y104*Table_Provincial_GTAC35378[[#This Row],[Adj.AnnualRental]])*(1+Table_Provincial_GTAC35378[[#This Row],[TnTEscalation]])^5)+(MATRIX2!Q104*IF(IF('MAIN-INTERFACE'!$D$2=\"No\",Table_Provincial_GTAC35378[[#This Row],[Adj.AnnualRental]],(Table_Provincial_GTAC35378[[#This Row],[RtmAnnualRental]])*(1+(IF('MAIN-INTERFACE'!$D$2=\"No\",0,'MAIN-INTERFACE'!$D$4))^(COUNTIF(MATRIX2!M104:Q104,0))))*(1+(IF('MAIN-INTERFACE'!$D$2=\"No\",0,'MAIN-INTERFACE'!$D$8)))^5<Table_Provincial_GTAC35378[[#This Row],[Adj.AnnualRental]],(Table_Provincial_GTAC35378[[#This Row],[RtmAnnualRental]])*(1+(IF('MAIN-INTERFACE'!$D$2=\"No\",0,'MAIN-INTERFACE'!$D$4))^(COUNTIF(MATRIX2!M104:Q104,0)))*(1+(IF('MAIN-INTERFACE'!$D$2=\"No\",0,'MAIN-INTERFACE'!$D$8)))^MATRIX2!G104,Table_Provincial_GTAC35378[[#This Row],[Adj.AnnualRental]])*(1+(IF('MAIN-INTERFACE'!$D$2=\"No\",Table_Provincial_GTAC35378[[#This Row],[TnTEscalation]],'MAIN-INTERFACE'!$G$2)))^(IF((COUNTIF(MATRIX2!M104:Q104,\">0\")-1)<0,0,COUNTIF(MATRIX2!M104:Q104,\">0\"))))))","v":2307426.1552109998},{"$f":"IF('MAIN-INTERFACE'!$D$2=\"No\",(Table_Provincial_GTAC35378[[#This Row],[Adj.AnnualRental]])*(1+Table_Provincial_GTAC35378[[#This Row],[TnTEscalation]])^6,(((MATRIX2!Z104*Table_Provincial_GTAC35378[[#This Row],[Adj.AnnualRental]])*(1+Table_Provincial_GTAC35378[[#This Row],[TnTEscalation]])^6)+(MATRIX2!R104*IF(IF('MAIN-INTERFACE'!$D$2=\"No\",Table_Provincial_GTAC35378[[#This Row],[Adj.AnnualRental]],(Table_Provincial_GTAC35378[[#This Row],[RtmAnnualRental]])*(1+(IF('MAIN-INTERFACE'!$D$2=\"No\",0,'MAIN-INTERFACE'!$D$4))^(COUNTIF(MATRIX2!M104:R104,0))))*(1+(IF('MAIN-INTERFACE'!$D$2=\"No\",0,'MAIN-INTERFACE'!$D$8)))^6<Table_Provincial_GTAC35378[[#This Row],[Adj.AnnualRental]],(Table_Provincial_GTAC35378[[#This Row],[RtmAnnualRental]])*(1+(IF('MAIN-INTERFACE'!$D$2=\"No\",0,'MAIN-INTERFACE'!$D$4))^(COUNTIF(MATRIX2!M104:R104,0)))*(1+(IF('MAIN-INTERFACE'!$D$2=\"No\",0,'MAIN-INTERFACE'!$D$8)))^MATRIX2!H104,Table_Provincial_GTAC35378[[#This Row],[Adj.AnnualRental]])*(1+(IF('MAIN-INTERFACE'!$D$2=\"No\",Table_Provincial_GTAC35378[[#This Row],[TnTEscalation]],'MAIN-INTERFACE'!$G$2)))^(IF((COUNTIF(MATRIX2!M104:R104,\">0\")-1)<0,0,COUNTIF(MATRIX2!M104:R104,\">0\"))))))","v":2480483.1168518248},{"$f":"IF('MAIN-INTERFACE'!$D$2=\"No\",(Table_Provincial_GTAC35378[[#This Row],[Adj.AnnualRental]])*(1+Table_Provincial_GTAC35378[[#This Row],[TnTEscalation]])^7,(((MATRIX2!AA104*Table_Provincial_GTAC35378[[#This Row],[Adj.AnnualRental]])*(1+Table_Provincial_GTAC35378[[#This Row],[TnTEscalation]])^7)+(MATRIX2!S104*IF(IF('MAIN-INTERFACE'!$D$2=\"No\",Table_Provincial_GTAC35378[[#This Row],[Adj.AnnualRental]],(Table_Provincial_GTAC35378[[#This Row],[RtmAnnualRental]])*(1+(IF('MAIN-INTERFACE'!$D$2=\"No\",0,'MAIN-INTERFACE'!$D$4))^(COUNTIF(MATRIX2!M104:S104,0))))*(1+(IF('MAIN-INTERFACE'!$D$2=\"No\",0,'MAIN-INTERFACE'!$D$8)))^7<Table_Provincial_GTAC35378[[#This Row],[Adj.AnnualRental]],(Table_Provincial_GTAC35378[[#This Row],[RtmAnnualRental]])*(1+(IF('MAIN-INTERFACE'!$D$2=\"No\",0,'MAIN-INTERFACE'!$D$4))^(COUNTIF(MATRIX2!M104:S104,0)))*(1+(IF('MAIN-INTERFACE'!$D$2=\"No\",0,'MAIN-INTERFACE'!$D$8)))^MATRIX2!I104,Table_Provincial_GTAC35378[[#This Row],[Adj.AnnualRental]])*(1+(IF('MAIN-INTERFACE'!$D$2=\"No\",Table_Provincial_GTAC35378[[#This Row],[TnTEscalation]],'MAIN-INTERFACE'!$G$2)))^(IF((COUNTIF(MATRIX2!M104:S104,\">0\")-1)<0,0,COUNTIF(MATRIX2!M104:S104,\">0\"))))))","v":2666519.3506157119},{"$f":"SUM(Table_Provincial_GTAC35378[[#This Row],[FY 2018/19]:[FY 2023/24]])","v":16087241.272183541}]
[{"$f":"Table_Provincial_GTAC3536[[#This Row],[SystemID]]","v":131},{"$f":"VLOOKUP($A105,DATA2!$A$2:$S$607,2,FALSE)","v":"KZN"},{"$f":"VLOOKUP($A105,DATA2!$A$2:$S$607,3,FALSE)","v":"KwaZulu-Natal"},{"$f":"VLOOKUP($A105,DATA2!$A$2:$S$607,4,FALSE)","v":107.56073816155988},{"$f":"VLOOKUP($A105,DATA2!$A$2:$S$607,5,FALSE)","v":110},{"$f":"VLOOKUP($A105,DATA2!$A$2:$S$607,6,FALSE)","v":"MAIN CENTRE"},{"$f":"VLOOKUP($A105,DATA2!$A$2:$S$607,7,FALSE)","v":718},{"$f":"VLOOKUP($A105,DATA2!$A$2:$S$607,8,FALSE)","v":true},{"$f":"VLOOKUP($A105,DATA2!$A$2:$S$607,9,FALSE)","v":0},{"$f":"VLOOKUP($A105,DATA2!$A$2:$S$607,10,FALSE)","v":77228.61},{"$f":"VLOOKUP($A105,DATA2!$A$2:$S$607,11,FALSE)","v":926743.32},{"$f":"Table_Provincial_GTAC35378[[#This Row],[Benchmark]]*Table_Provincial_GTAC35378[[#This Row],[ExtentM2]]*12","v":947760},{"$f":"VLOOKUP($A105,DATA2!$A$2:$S$607,12,FALSE)","v":"2015-10-01"},{"$f":"VLOOKUP($A105,DATA2!$A$2:$S$607,13,FALSE)","v":"2016-09-30"},{"$f":"VLOOKUP($A105,DATA2!$A$2:$S$607,14,FALSE)","v":"Yes"},{"$f":"IF(MATRIX2!D105=1,($Y$8-$X$2)/365*Table_Provincial_GTAC35378[[#This Row],[Adj.AnnualRental]]*MATRIX2!D105,($Y$8-$X$2)/365*Table_Provincial_GTAC35378[[#This Row],[Adj.AnnualRental]])","v":-3354049.1115616434},{"$f":"IF('MAIN-INTERFACE'!$D$2=\"No\",(Table_Provincial_GTAC35378[[#This Row],[Adj.AnnualRental]])*(1+Table_Provincial_GTAC35378[[#This Row],[TnTEscalation]])^2,\n    (((MATRIX2!V105*Table_Provincial_GTAC35378[[#This Row],[Adj.AnnualRental]])*(1+Table_Provincial_GTAC35378[[#This Row],[TnTEscalation]])^2)+\n       (MATRIX2!N105* IF(IF('MAIN-INTERFACE'!$D$2=\"No\",Table_Provincial_GTAC35378[[#This Row],[Adj.AnnualRental]],(Table_Provincial_GTAC35378[[#This Row],[RtmAnnualRental]])*(1+\n                                 (IF('MAIN-INTERFACE'!$D$2=\"No\",0,'MAIN-INTERFACE'!$D$4))^(COUNTIF(MATRIX2!M105:N105,0))))*(1+\n                                 (IF('MAIN-INTERFACE'!$D$2=\"No\",0,'MAIN-INTERFACE'!$D$8)))^2<Table_Provincial_GTAC35378[[#This Row],[Adj.AnnualRental]],(Table_Provincial_GTAC35378[[#This Row],[RtmAnnualRental]])*(1+\n\n                                 (IF('MAIN-INTERFACE'!$D$2=\"No\",0,'MAIN-INTERFACE'!$D$4))^(COUNTIF(MATRIX2!M105:N105,0)))*(1+\n                                 (IF('MAIN-INTERFACE'!$D$2=\"No\",0,'MAIN-INTERFACE'!$D$8)))^MATRIX2!D105,Table_Provincial_GTAC35378[[#This Row],[Adj.AnnualRental]])*(1+\n\n                                (IF('MAIN-INTERFACE'!$D$2=\"No\",Table_Provincial_GTAC35378[[#This Row],[TnTEscalation]],'MAIN-INTERFACE'!$G$2)))^\n                                 (IF((COUNTIF(MATRIX2!M105:N105,\">0\")-1)<0,0,COUNTIF(MATRIX2!M105:N105,\">0\"))))))","v":961496.19449999998},{"$f":"IF('MAIN-INTERFACE'!$D$2=\"No\",(Table_Provincial_GTAC35378[[#This Row],[Adj.AnnualRental]])*(1+Table_Provincial_GTAC35378[[#This Row],[TnTEscalation]])^3,(((MATRIX2!W105*Table_Provincial_GTAC35378[[#This Row],[Adj.AnnualRental]])*(1+Table_Provincial_GTAC35378[[#This Row],[TnTEscalation]])^3)+(MATRIX2!O105*IF(IF('MAIN-INTERFACE'!$D$2=\"No\",Table_Provincial_GTAC35378[[#This Row],[Adj.AnnualRental]],(Table_Provincial_GTAC35378[[#This Row],[RtmAnnualRental]])*(1+(IF('MAIN-INTERFACE'!$D$2=\"No\",0,'MAIN-INTERFACE'!$D$4))^(COUNTIF(MATRIX2!M105:O105,0))))*(1+(IF('MAIN-INTERFACE'!$D$2=\"No\",0,'MAIN-INTERFACE'!$D$8)))^3<Table_Provincial_GTAC35378[[#This Row],[Adj.AnnualRental]],(Table_Provincial_GTAC35378[[#This Row],[RtmAnnualRental]])*(1+(IF('MAIN-INTERFACE'!$D$2=\"No\",0,'MAIN-INTERFACE'!$D$4))^(COUNTIF(MATRIX2!M105:O105,0)))*(1+(IF('MAIN-INTERFACE'!$D$2=\"No\",0,'MAIN-INTERFACE'!$D$8)))^MATRIX2!E105,Table_Provincial_GTAC35378[[#This Row],[Adj.AnnualRental]])*(1+(IF('MAIN-INTERFACE'!$D$2=\"No\",Table_Provincial_GTAC35378[[#This Row],[TnTEscalation]],'MAIN-INTERFACE'!$G$2)))^(IF((COUNTIF(MATRIX2!M105:O105,\">0\")-1)<0,0,COUNTIF(MATRIX2!M105:O105,\">0\"))))))","v":1070967.7491749998},{"$f":"IF('MAIN-INTERFACE'!$D$2=\"No\",(Table_Provincial_GTAC35378[[#This Row],[Adj.AnnualRental]])*(1+Table_Provincial_GTAC35378[[#This Row],[TnTEscalation]])^4,((((MATRIX2!X105*Table_Provincial_GTAC35378[[#This Row],[Adj.AnnualRental]])*(1+Table_Provincial_GTAC35378[[#This Row],[TnTEscalation]])^4)+(MATRIX2!P105*IF(IF('MAIN-INTERFACE'!$D$2=\"No\",Table_Provincial_GTAC35378[[#This Row],[Adj.AnnualRental]],(Table_Provincial_GTAC35378[[#This Row],[RtmAnnualRental]])*(1+(IF('MAIN-INTERFACE'!$D$2=\"No\",0,'MAIN-INTERFACE'!$D$4))^(COUNTIF(MATRIX2!M105:P105,0))))*(1+(IF('MAIN-INTERFACE'!$D$2=\"No\",0,'MAIN-INTERFACE'!$D$8)))^4<Table_Provincial_GTAC35378[[#This Row],[Adj.AnnualRental]],(Table_Provincial_GTAC35378[[#This Row],[RtmAnnualRental]])*(1+(IF('MAIN-INTERFACE'!$D$2=\"No\",0,'MAIN-INTERFACE'!$D$4))^(COUNTIF(MATRIX2!M105:P105,0)))*(1+(IF('MAIN-INTERFACE'!$D$2=\"No\",0,'MAIN-INTERFACE'!$D$8)))^MATRIX2!F105,Table_Provincial_GTAC35378[[#This Row],[Adj.AnnualRental]])*(1+(IF('MAIN-INTERFACE'!$D$2=\"No\",Table_Provincial_GTAC35378[[#This Row],[TnTEscalation]],'MAIN-INTERFACE'!$G$2)))^(IF((COUNTIF(MATRIX2!M105:P105,\">0\")-1)<0,0,COUNTIF(MATRIX2!M105:P105,\">0\")))))))","v":1151290.3303631248},{"$f":"IF('MAIN-INTERFACE'!$D$2=\"No\",(Table_Provincial_GTAC35378[[#This Row],[Adj.AnnualRental]])*(1+Table_Provincial_GTAC35378[[#This Row],[TnTEscalation]])^5,(((MATRIX2!Y105*Table_Provincial_GTAC35378[[#This Row],[Adj.AnnualRental]])*(1+Table_Provincial_GTAC35378[[#This Row],[TnTEscalation]])^5)+(MATRIX2!Q105*IF(IF('MAIN-INTERFACE'!$D$2=\"No\",Table_Provincial_GTAC35378[[#This Row],[Adj.AnnualRental]],(Table_Provincial_GTAC35378[[#This Row],[RtmAnnualRental]])*(1+(IF('MAIN-INTERFACE'!$D$2=\"No\",0,'MAIN-INTERFACE'!$D$4))^(COUNTIF(MATRIX2!M105:Q105,0))))*(1+(IF('MAIN-INTERFACE'!$D$2=\"No\",0,'MAIN-INTERFACE'!$D$8)))^5<Table_Provincial_GTAC35378[[#This Row],[Adj.AnnualRental]],(Table_Provincial_GTAC35378[[#This Row],[RtmAnnualRental]])*(1+(IF('MAIN-INTERFACE'!$D$2=\"No\",0,'MAIN-INTERFACE'!$D$4))^(COUNTIF(MATRIX2!M105:Q105,0)))*(1+(IF('MAIN-INTERFACE'!$D$2=\"No\",0,'MAIN-INTERFACE'!$D$8)))^MATRIX2!G105,Table_Provincial_GTAC35378[[#This Row],[Adj.AnnualRental]])*(1+(IF('MAIN-INTERFACE'!$D$2=\"No\",Table_Provincial_GTAC35378[[#This Row],[TnTEscalation]],'MAIN-INTERFACE'!$G$2)))^(IF((COUNTIF(MATRIX2!M105:Q105,\">0\")-1)<0,0,COUNTIF(MATRIX2!M105:Q105,\">0\"))))))","v":1237637.1051403591},{"$f":"IF('MAIN-INTERFACE'!$D$2=\"No\",(Table_Provincial_GTAC35378[[#This Row],[Adj.AnnualRental]])*(1+Table_Provincial_GTAC35378[[#This Row],[TnTEscalation]])^6,(((MATRIX2!Z105*Table_Provincial_GTAC35378[[#This Row],[Adj.AnnualRental]])*(1+Table_Provincial_GTAC35378[[#This Row],[TnTEscalation]])^6)+(MATRIX2!R105*IF(IF('MAIN-INTERFACE'!$D$2=\"No\",Table_Provincial_GTAC35378[[#This Row],[Adj.AnnualRental]],(Table_Provincial_GTAC35378[[#This Row],[RtmAnnualRental]])*(1+(IF('MAIN-INTERFACE'!$D$2=\"No\",0,'MAIN-INTERFACE'!$D$4))^(COUNTIF(MATRIX2!M105:R105,0))))*(1+(IF('MAIN-INTERFACE'!$D$2=\"No\",0,'MAIN-INTERFACE'!$D$8)))^6<Table_Provincial_GTAC35378[[#This Row],[Adj.AnnualRental]],(Table_Provincial_GTAC35378[[#This Row],[RtmAnnualRental]])*(1+(IF('MAIN-INTERFACE'!$D$2=\"No\",0,'MAIN-INTERFACE'!$D$4))^(COUNTIF(MATRIX2!M105:R105,0)))*(1+(IF('MAIN-INTERFACE'!$D$2=\"No\",0,'MAIN-INTERFACE'!$D$8)))^MATRIX2!H105,Table_Provincial_GTAC35378[[#This Row],[Adj.AnnualRental]])*(1+(IF('MAIN-INTERFACE'!$D$2=\"No\",Table_Provincial_GTAC35378[[#This Row],[TnTEscalation]],'MAIN-INTERFACE'!$G$2)))^(IF((COUNTIF(MATRIX2!M105:R105,\">0\")-1)<0,0,COUNTIF(MATRIX2!M105:R105,\">0\"))))))","v":1330459.8880258861},{"$f":"IF('MAIN-INTERFACE'!$D$2=\"No\",(Table_Provincial_GTAC35378[[#This Row],[Adj.AnnualRental]])*(1+Table_Provincial_GTAC35378[[#This Row],[TnTEscalation]])^7,(((MATRIX2!AA105*Table_Provincial_GTAC35378[[#This Row],[Adj.AnnualRental]])*(1+Table_Provincial_GTAC35378[[#This Row],[TnTEscalation]])^7)+(MATRIX2!S105*IF(IF('MAIN-INTERFACE'!$D$2=\"No\",Table_Provincial_GTAC35378[[#This Row],[Adj.AnnualRental]],(Table_Provincial_GTAC35378[[#This Row],[RtmAnnualRental]])*(1+(IF('MAIN-INTERFACE'!$D$2=\"No\",0,'MAIN-INTERFACE'!$D$4))^(COUNTIF(MATRIX2!M105:S105,0))))*(1+(IF('MAIN-INTERFACE'!$D$2=\"No\",0,'MAIN-INTERFACE'!$D$8)))^7<Table_Provincial_GTAC35378[[#This Row],[Adj.AnnualRental]],(Table_Provincial_GTAC35378[[#This Row],[RtmAnnualRental]])*(1+(IF('MAIN-INTERFACE'!$D$2=\"No\",0,'MAIN-INTERFACE'!$D$4))^(COUNTIF(MATRIX2!M105:S105,0)))*(1+(IF('MAIN-INTERFACE'!$D$2=\"No\",0,'MAIN-INTERFACE'!$D$8)))^MATRIX2!I105,Table_Provincial_GTAC35378[[#This Row],[Adj.AnnualRental]])*(1+(IF('MAIN-INTERFACE'!$D$2=\"No\",Table_Provincial_GTAC35378[[#This Row],[TnTEscalation]],'MAIN-INTERFACE'!$G$2)))^(IF((COUNTIF(MATRIX2!M105:S105,\">0\")-1)<0,0,COUNTIF(MATRIX2!M105:S105,\">0\"))))))","v":1430244.3796278273},{"$f":"SUM(Table_Provincial_GTAC35378[[#This Row],[FY 2018/19]:[FY 2023/24]])","v":7182095.6468321979}]
[{"$f":"Table_Provincial_GTAC3536[[#This Row],[SystemID]]","v":132},{"$f":"VLOOKUP($A106,DATA2!$A$2:$S$607,2,FALSE)","v":"KZN"},{"$f":"VLOOKUP($A106,DATA2!$A$2:$S$607,3,FALSE)","v":"KwaZulu-Natal"},{"$f":"VLOOKUP($A106,DATA2!$A$2:$S$607,4,FALSE)","v":162.19809352517984},{"$f":"VLOOKUP($A106,DATA2!$A$2:$S$607,5,FALSE)","v":110},{"$f":"VLOOKUP($A106,DATA2!$A$2:$S$607,6,FALSE)","v":"MAIN CENTRE"},{"$f":"VLOOKUP($A106,DATA2!$A$2:$S$607,7,FALSE)","v":1112},{"$f":"VLOOKUP($A106,DATA2!$A$2:$S$607,8,FALSE)","v":true},{"$f":"VLOOKUP($A106,DATA2!$A$2:$S$607,9,FALSE)","v":0.08},{"$f":"VLOOKUP($A106,DATA2!$A$2:$S$607,10,FALSE)","v":180364.28},{"$f":"VLOOKUP($A106,DATA2!$A$2:$S$607,11,FALSE)","v":2164371.36},{"$f":"Table_Provincial_GTAC35378[[#This Row],[Benchmark]]*Table_Provincial_GTAC35378[[#This Row],[ExtentM2]]*12","v":1467840},{"$f":"VLOOKUP($A106,DATA2!$A$2:$S$607,12,FALSE)","v":"2016-10-01"},{"$f":"VLOOKUP($A106,DATA2!$A$2:$S$607,13,FALSE)","v":"2018-09-30"},{"$f":"VLOOKUP($A106,DATA2!$A$2:$S$607,14,FALSE)","v":"No"},{"$f":"IF(MATRIX2!D106=1,($Y$8-$X$2)/365*Table_Provincial_GTAC35378[[#This Row],[Adj.AnnualRental]]*MATRIX2!D106,($Y$8-$X$2)/365*Table_Provincial_GTAC35378[[#This Row],[Adj.AnnualRental]])","v":-7833245.3878356153},{"$f":"IF('MAIN-INTERFACE'!$D$2=\"No\",(Table_Provincial_GTAC35378[[#This Row],[Adj.AnnualRental]])*(1+Table_Provincial_GTAC35378[[#This Row],[TnTEscalation]])^2,\n    (((MATRIX2!V106*Table_Provincial_GTAC35378[[#This Row],[Adj.AnnualRental]])*(1+Table_Provincial_GTAC35378[[#This Row],[TnTEscalation]])^2)+\n       (MATRIX2!N106* IF(IF('MAIN-INTERFACE'!$D$2=\"No\",Table_Provincial_GTAC35378[[#This Row],[Adj.AnnualRental]],(Table_Provincial_GTAC35378[[#This Row],[RtmAnnualRental]])*(1+\n                                 (IF('MAIN-INTERFACE'!$D$2=\"No\",0,'MAIN-INTERFACE'!$D$4))^(COUNTIF(MATRIX2!M106:N106,0))))*(1+\n                                 (IF('MAIN-INTERFACE'!$D$2=\"No\",0,'MAIN-INTERFACE'!$D$8)))^2<Table_Provincial_GTAC35378[[#This Row],[Adj.AnnualRental]],(Table_Provincial_GTAC35378[[#This Row],[RtmAnnualRental]])*(1+\n\n                                 (IF('MAIN-INTERFACE'!$D$2=\"No\",0,'MAIN-INTERFACE'!$D$4))^(COUNTIF(MATRIX2!M106:N106,0)))*(1+\n                                 (IF('MAIN-INTERFACE'!$D$2=\"No\",0,'MAIN-INTERFACE'!$D$8)))^MATRIX2!D106,Table_Provincial_GTAC35378[[#This Row],[Adj.AnnualRental]])*(1+\n\n                                (IF('MAIN-INTERFACE'!$D$2=\"No\",Table_Provincial_GTAC35378[[#This Row],[TnTEscalation]],'MAIN-INTERFACE'!$G$2)))^\n                                 (IF((COUNTIF(MATRIX2!M106:N106,\">0\")-1)<0,0,COUNTIF(MATRIX2!M106:N106,\">0\"))))))","v":2524522.7543040002},{"$f":"IF('MAIN-INTERFACE'!$D$2=\"No\",(Table_Provincial_GTAC35378[[#This Row],[Adj.AnnualRental]])*(1+Table_Provincial_GTAC35378[[#This Row],[TnTEscalation]])^3,(((MATRIX2!W106*Table_Provincial_GTAC35378[[#This Row],[Adj.AnnualRental]])*(1+Table_Provincial_GTAC35378[[#This Row],[TnTEscalation]])^3)+(MATRIX2!O106*IF(IF('MAIN-INTERFACE'!$D$2=\"No\",Table_Provincial_GTAC35378[[#This Row],[Adj.AnnualRental]],(Table_Provincial_GTAC35378[[#This Row],[RtmAnnualRental]])*(1+(IF('MAIN-INTERFACE'!$D$2=\"No\",0,'MAIN-INTERFACE'!$D$4))^(COUNTIF(MATRIX2!M106:O106,0))))*(1+(IF('MAIN-INTERFACE'!$D$2=\"No\",0,'MAIN-INTERFACE'!$D$8)))^3<Table_Provincial_GTAC35378[[#This Row],[Adj.AnnualRental]],(Table_Provincial_GTAC35378[[#This Row],[RtmAnnualRental]])*(1+(IF('MAIN-INTERFACE'!$D$2=\"No\",0,'MAIN-INTERFACE'!$D$4))^(COUNTIF(MATRIX2!M106:O106,0)))*(1+(IF('MAIN-INTERFACE'!$D$2=\"No\",0,'MAIN-INTERFACE'!$D$8)))^MATRIX2!E106,Table_Provincial_GTAC35378[[#This Row],[Adj.AnnualRental]])*(1+(IF('MAIN-INTERFACE'!$D$2=\"No\",Table_Provincial_GTAC35378[[#This Row],[TnTEscalation]],'MAIN-INTERFACE'!$G$2)))^(IF((COUNTIF(MATRIX2!M106:O106,\">0\")-1)<0,0,COUNTIF(MATRIX2!M106:O106,\">0\"))))))","v":2726484.5746483202},{"$f":"IF('MAIN-INTERFACE'!$D$2=\"No\",(Table_Provincial_GTAC35378[[#This Row],[Adj.AnnualRental]])*(1+Table_Provincial_GTAC35378[[#This Row],[TnTEscalation]])^4,((((MATRIX2!X106*Table_Provincial_GTAC35378[[#This Row],[Adj.AnnualRental]])*(1+Table_Provincial_GTAC35378[[#This Row],[TnTEscalation]])^4)+(MATRIX2!P106*IF(IF('MAIN-INTERFACE'!$D$2=\"No\",Table_Provincial_GTAC35378[[#This Row],[Adj.AnnualRental]],(Table_Provincial_GTAC35378[[#This Row],[RtmAnnualRental]])*(1+(IF('MAIN-INTERFACE'!$D$2=\"No\",0,'MAIN-INTERFACE'!$D$4))^(COUNTIF(MATRIX2!M106:P106,0))))*(1+(IF('MAIN-INTERFACE'!$D$2=\"No\",0,'MAIN-INTERFACE'!$D$8)))^4<Table_Provincial_GTAC35378[[#This Row],[Adj.AnnualRental]],(Table_Provincial_GTAC35378[[#This Row],[RtmAnnualRental]])*(1+(IF('MAIN-INTERFACE'!$D$2=\"No\",0,'MAIN-INTERFACE'!$D$4))^(COUNTIF(MATRIX2!M106:P106,0)))*(1+(IF('MAIN-INTERFACE'!$D$2=\"No\",0,'MAIN-INTERFACE'!$D$8)))^MATRIX2!F106,Table_Provincial_GTAC35378[[#This Row],[Adj.AnnualRental]])*(1+(IF('MAIN-INTERFACE'!$D$2=\"No\",Table_Provincial_GTAC35378[[#This Row],[TnTEscalation]],'MAIN-INTERFACE'!$G$2)))^(IF((COUNTIF(MATRIX2!M106:P106,\">0\")-1)<0,0,COUNTIF(MATRIX2!M106:P106,\">0\")))))))","v":2944603.3406201862},{"$f":"IF('MAIN-INTERFACE'!$D$2=\"No\",(Table_Provincial_GTAC35378[[#This Row],[Adj.AnnualRental]])*(1+Table_Provincial_GTAC35378[[#This Row],[TnTEscalation]])^5,(((MATRIX2!Y106*Table_Provincial_GTAC35378[[#This Row],[Adj.AnnualRental]])*(1+Table_Provincial_GTAC35378[[#This Row],[TnTEscalation]])^5)+(MATRIX2!Q106*IF(IF('MAIN-INTERFACE'!$D$2=\"No\",Table_Provincial_GTAC35378[[#This Row],[Adj.AnnualRental]],(Table_Provincial_GTAC35378[[#This Row],[RtmAnnualRental]])*(1+(IF('MAIN-INTERFACE'!$D$2=\"No\",0,'MAIN-INTERFACE'!$D$4))^(COUNTIF(MATRIX2!M106:Q106,0))))*(1+(IF('MAIN-INTERFACE'!$D$2=\"No\",0,'MAIN-INTERFACE'!$D$8)))^5<Table_Provincial_GTAC35378[[#This Row],[Adj.AnnualRental]],(Table_Provincial_GTAC35378[[#This Row],[RtmAnnualRental]])*(1+(IF('MAIN-INTERFACE'!$D$2=\"No\",0,'MAIN-INTERFACE'!$D$4))^(COUNTIF(MATRIX2!M106:Q106,0)))*(1+(IF('MAIN-INTERFACE'!$D$2=\"No\",0,'MAIN-INTERFACE'!$D$8)))^MATRIX2!G106,Table_Provincial_GTAC35378[[#This Row],[Adj.AnnualRental]])*(1+(IF('MAIN-INTERFACE'!$D$2=\"No\",Table_Provincial_GTAC35378[[#This Row],[TnTEscalation]],'MAIN-INTERFACE'!$G$2)))^(IF((COUNTIF(MATRIX2!M106:Q106,\">0\")-1)<0,0,COUNTIF(MATRIX2!M106:Q106,\">0\"))))))","v":3180171.6078698011},{"$f":"IF('MAIN-INTERFACE'!$D$2=\"No\",(Table_Provincial_GTAC35378[[#This Row],[Adj.AnnualRental]])*(1+Table_Provincial_GTAC35378[[#This Row],[TnTEscalation]])^6,(((MATRIX2!Z106*Table_Provincial_GTAC35378[[#This Row],[Adj.AnnualRental]])*(1+Table_Provincial_GTAC35378[[#This Row],[TnTEscalation]])^6)+(MATRIX2!R106*IF(IF('MAIN-INTERFACE'!$D$2=\"No\",Table_Provincial_GTAC35378[[#This Row],[Adj.AnnualRental]],(Table_Provincial_GTAC35378[[#This Row],[RtmAnnualRental]])*(1+(IF('MAIN-INTERFACE'!$D$2=\"No\",0,'MAIN-INTERFACE'!$D$4))^(COUNTIF(MATRIX2!M106:R106,0))))*(1+(IF('MAIN-INTERFACE'!$D$2=\"No\",0,'MAIN-INTERFACE'!$D$8)))^6<Table_Provincial_GTAC35378[[#This Row],[Adj.AnnualRental]],(Table_Provincial_GTAC35378[[#This Row],[RtmAnnualRental]])*(1+(IF('MAIN-INTERFACE'!$D$2=\"No\",0,'MAIN-INTERFACE'!$D$4))^(COUNTIF(MATRIX2!M106:R106,0)))*(1+(IF('MAIN-INTERFACE'!$D$2=\"No\",0,'MAIN-INTERFACE'!$D$8)))^MATRIX2!H106,Table_Provincial_GTAC35378[[#This Row],[Adj.AnnualRental]])*(1+(IF('MAIN-INTERFACE'!$D$2=\"No\",Table_Provincial_GTAC35378[[#This Row],[TnTEscalation]],'MAIN-INTERFACE'!$G$2)))^(IF((COUNTIF(MATRIX2!M106:R106,\">0\")-1)<0,0,COUNTIF(MATRIX2!M106:R106,\">0\"))))))","v":3434585.3364993855},{"$f":"IF('MAIN-INTERFACE'!$D$2=\"No\",(Table_Provincial_GTAC35378[[#This Row],[Adj.AnnualRental]])*(1+Table_Provincial_GTAC35378[[#This Row],[TnTEscalation]])^7,(((MATRIX2!AA106*Table_Provincial_GTAC35378[[#This Row],[Adj.AnnualRental]])*(1+Table_Provincial_GTAC35378[[#This Row],[TnTEscalation]])^7)+(MATRIX2!S106*IF(IF('MAIN-INTERFACE'!$D$2=\"No\",Table_Provincial_GTAC35378[[#This Row],[Adj.AnnualRental]],(Table_Provincial_GTAC35378[[#This Row],[RtmAnnualRental]])*(1+(IF('MAIN-INTERFACE'!$D$2=\"No\",0,'MAIN-INTERFACE'!$D$4))^(COUNTIF(MATRIX2!M106:S106,0))))*(1+(IF('MAIN-INTERFACE'!$D$2=\"No\",0,'MAIN-INTERFACE'!$D$8)))^7<Table_Provincial_GTAC35378[[#This Row],[Adj.AnnualRental]],(Table_Provincial_GTAC35378[[#This Row],[RtmAnnualRental]])*(1+(IF('MAIN-INTERFACE'!$D$2=\"No\",0,'MAIN-INTERFACE'!$D$4))^(COUNTIF(MATRIX2!M106:S106,0)))*(1+(IF('MAIN-INTERFACE'!$D$2=\"No\",0,'MAIN-INTERFACE'!$D$8)))^MATRIX2!I106,Table_Provincial_GTAC35378[[#This Row],[Adj.AnnualRental]])*(1+(IF('MAIN-INTERFACE'!$D$2=\"No\",Table_Provincial_GTAC35378[[#This Row],[TnTEscalation]],'MAIN-INTERFACE'!$G$2)))^(IF((COUNTIF(MATRIX2!M106:S106,\">0\")-1)<0,0,COUNTIF(MATRIX2!M106:S106,\">0\"))))))","v":3709352.1634193365},{"$f":"SUM(Table_Provincial_GTAC35378[[#This Row],[FY 2018/19]:[FY 2023/24]])","v":18519719.777361028}]
[{"$f":"Table_Provincial_GTAC3536[[#This Row],[SystemID]]","v":134},{"$f":"VLOOKUP($A107,DATA2!$A$2:$S$607,2,FALSE)","v":"KZN"},{"$f":"VLOOKUP($A107,DATA2!$A$2:$S$607,3,FALSE)","v":"KwaZulu-Natal"},{"$f":"VLOOKUP($A107,DATA2!$A$2:$S$607,4,FALSE)","v":136.41784313725489},{"$f":"VLOOKUP($A107,DATA2!$A$2:$S$607,5,FALSE)","v":77.5},{"$f":"VLOOKUP($A107,DATA2!$A$2:$S$607,6,FALSE)","v":"VTSD"},{"$f":"VLOOKUP($A107,DATA2!$A$2:$S$607,7,FALSE)","v":204},{"$f":"VLOOKUP($A107,DATA2!$A$2:$S$607,8,FALSE)","v":true},{"$f":"VLOOKUP($A107,DATA2!$A$2:$S$607,9,FALSE)","v":7.0000000000000007E-2},{"$f":"VLOOKUP($A107,DATA2!$A$2:$S$607,10,FALSE)","v":27829.24},{"$f":"VLOOKUP($A107,DATA2!$A$2:$S$607,11,FALSE)","v":333950.88},{"$f":"Table_Provincial_GTAC35378[[#This Row],[Benchmark]]*Table_Provincial_GTAC35378[[#This Row],[ExtentM2]]*12","v":189720},{"$f":"VLOOKUP($A107,DATA2!$A$2:$S$607,12,FALSE)","v":"2015-08-01"},{"$f":"VLOOKUP($A107,DATA2!$A$2:$S$607,13,FALSE)","v":"2018-07-31"},{"$f":"VLOOKUP($A107,DATA2!$A$2:$S$607,14,FALSE)","v":"No"},{"$f":"IF(MATRIX2!D107=1,($Y$8-$X$2)/365*Table_Provincial_GTAC35378[[#This Row],[Adj.AnnualRental]]*MATRIX2!D107,($Y$8-$X$2)/365*Table_Provincial_GTAC35378[[#This Row],[Adj.AnnualRental]])","v":-1208627.7054246576},{"$f":"IF('MAIN-INTERFACE'!$D$2=\"No\",(Table_Provincial_GTAC35378[[#This Row],[Adj.AnnualRental]])*(1+Table_Provincial_GTAC35378[[#This Row],[TnTEscalation]])^2,\n    (((MATRIX2!V107*Table_Provincial_GTAC35378[[#This Row],[Adj.AnnualRental]])*(1+Table_Provincial_GTAC35378[[#This Row],[TnTEscalation]])^2)+\n       (MATRIX2!N107* IF(IF('MAIN-INTERFACE'!$D$2=\"No\",Table_Provincial_GTAC35378[[#This Row],[Adj.AnnualRental]],(Table_Provincial_GTAC35378[[#This Row],[RtmAnnualRental]])*(1+\n                                 (IF('MAIN-INTERFACE'!$D$2=\"No\",0,'MAIN-INTERFACE'!$D$4))^(COUNTIF(MATRIX2!M107:N107,0))))*(1+\n                                 (IF('MAIN-INTERFACE'!$D$2=\"No\",0,'MAIN-INTERFACE'!$D$8)))^2<Table_Provincial_GTAC35378[[#This Row],[Adj.AnnualRental]],(Table_Provincial_GTAC35378[[#This Row],[RtmAnnualRental]])*(1+\n\n                                 (IF('MAIN-INTERFACE'!$D$2=\"No\",0,'MAIN-INTERFACE'!$D$4))^(COUNTIF(MATRIX2!M107:N107,0)))*(1+\n                                 (IF('MAIN-INTERFACE'!$D$2=\"No\",0,'MAIN-INTERFACE'!$D$8)))^MATRIX2!D107,Table_Provincial_GTAC35378[[#This Row],[Adj.AnnualRental]])*(1+\n\n                                (IF('MAIN-INTERFACE'!$D$2=\"No\",Table_Provincial_GTAC35378[[#This Row],[TnTEscalation]],'MAIN-INTERFACE'!$G$2)))^\n                                 (IF((COUNTIF(MATRIX2!M107:N107,\">0\")-1)<0,0,COUNTIF(MATRIX2!M107:N107,\">0\"))))))","v":353657.20017093699},{"$f":"IF('MAIN-INTERFACE'!$D$2=\"No\",(Table_Provincial_GTAC35378[[#This Row],[Adj.AnnualRental]])*(1+Table_Provincial_GTAC35378[[#This Row],[TnTEscalation]])^3,(((MATRIX2!W107*Table_Provincial_GTAC35378[[#This Row],[Adj.AnnualRental]])*(1+Table_Provincial_GTAC35378[[#This Row],[TnTEscalation]])^3)+(MATRIX2!O107*IF(IF('MAIN-INTERFACE'!$D$2=\"No\",Table_Provincial_GTAC35378[[#This Row],[Adj.AnnualRental]],(Table_Provincial_GTAC35378[[#This Row],[RtmAnnualRental]])*(1+(IF('MAIN-INTERFACE'!$D$2=\"No\",0,'MAIN-INTERFACE'!$D$4))^(COUNTIF(MATRIX2!M107:O107,0))))*(1+(IF('MAIN-INTERFACE'!$D$2=\"No\",0,'MAIN-INTERFACE'!$D$8)))^3<Table_Provincial_GTAC35378[[#This Row],[Adj.AnnualRental]],(Table_Provincial_GTAC35378[[#This Row],[RtmAnnualRental]])*(1+(IF('MAIN-INTERFACE'!$D$2=\"No\",0,'MAIN-INTERFACE'!$D$4))^(COUNTIF(MATRIX2!M107:O107,0)))*(1+(IF('MAIN-INTERFACE'!$D$2=\"No\",0,'MAIN-INTERFACE'!$D$8)))^MATRIX2!E107,Table_Provincial_GTAC35378[[#This Row],[Adj.AnnualRental]])*(1+(IF('MAIN-INTERFACE'!$D$2=\"No\",Table_Provincial_GTAC35378[[#This Row],[TnTEscalation]],'MAIN-INTERFACE'!$G$2)))^(IF((COUNTIF(MATRIX2!M107:O107,\">0\")-1)<0,0,COUNTIF(MATRIX2!M107:O107,\">0\"))))))","v":228014.98199999999},{"$f":"IF('MAIN-INTERFACE'!$D$2=\"No\",(Table_Provincial_GTAC35378[[#This Row],[Adj.AnnualRental]])*(1+Table_Provincial_GTAC35378[[#This Row],[TnTEscalation]])^4,((((MATRIX2!X107*Table_Provincial_GTAC35378[[#This Row],[Adj.AnnualRental]])*(1+Table_Provincial_GTAC35378[[#This Row],[TnTEscalation]])^4)+(MATRIX2!P107*IF(IF('MAIN-INTERFACE'!$D$2=\"No\",Table_Provincial_GTAC35378[[#This Row],[Adj.AnnualRental]],(Table_Provincial_GTAC35378[[#This Row],[RtmAnnualRental]])*(1+(IF('MAIN-INTERFACE'!$D$2=\"No\",0,'MAIN-INTERFACE'!$D$4))^(COUNTIF(MATRIX2!M107:P107,0))))*(1+(IF('MAIN-INTERFACE'!$D$2=\"No\",0,'MAIN-INTERFACE'!$D$8)))^4<Table_Provincial_GTAC35378[[#This Row],[Adj.AnnualRental]],(Table_Provincial_GTAC35378[[#This Row],[RtmAnnualRental]])*(1+(IF('MAIN-INTERFACE'!$D$2=\"No\",0,'MAIN-INTERFACE'!$D$4))^(COUNTIF(MATRIX2!M107:P107,0)))*(1+(IF('MAIN-INTERFACE'!$D$2=\"No\",0,'MAIN-INTERFACE'!$D$8)))^MATRIX2!F107,Table_Provincial_GTAC35378[[#This Row],[Adj.AnnualRental]])*(1+(IF('MAIN-INTERFACE'!$D$2=\"No\",Table_Provincial_GTAC35378[[#This Row],[TnTEscalation]],'MAIN-INTERFACE'!$G$2)))^(IF((COUNTIF(MATRIX2!M107:P107,\">0\")-1)<0,0,COUNTIF(MATRIX2!M107:P107,\">0\")))))))","v":245116.10564999998},{"$f":"IF('MAIN-INTERFACE'!$D$2=\"No\",(Table_Provincial_GTAC35378[[#This Row],[Adj.AnnualRental]])*(1+Table_Provincial_GTAC35378[[#This Row],[TnTEscalation]])^5,(((MATRIX2!Y107*Table_Provincial_GTAC35378[[#This Row],[Adj.AnnualRental]])*(1+Table_Provincial_GTAC35378[[#This Row],[TnTEscalation]])^5)+(MATRIX2!Q107*IF(IF('MAIN-INTERFACE'!$D$2=\"No\",Table_Provincial_GTAC35378[[#This Row],[Adj.AnnualRental]],(Table_Provincial_GTAC35378[[#This Row],[RtmAnnualRental]])*(1+(IF('MAIN-INTERFACE'!$D$2=\"No\",0,'MAIN-INTERFACE'!$D$4))^(COUNTIF(MATRIX2!M107:Q107,0))))*(1+(IF('MAIN-INTERFACE'!$D$2=\"No\",0,'MAIN-INTERFACE'!$D$8)))^5<Table_Provincial_GTAC35378[[#This Row],[Adj.AnnualRental]],(Table_Provincial_GTAC35378[[#This Row],[RtmAnnualRental]])*(1+(IF('MAIN-INTERFACE'!$D$2=\"No\",0,'MAIN-INTERFACE'!$D$4))^(COUNTIF(MATRIX2!M107:Q107,0)))*(1+(IF('MAIN-INTERFACE'!$D$2=\"No\",0,'MAIN-INTERFACE'!$D$8)))^MATRIX2!G107,Table_Provincial_GTAC35378[[#This Row],[Adj.AnnualRental]])*(1+(IF('MAIN-INTERFACE'!$D$2=\"No\",Table_Provincial_GTAC35378[[#This Row],[TnTEscalation]],'MAIN-INTERFACE'!$G$2)))^(IF((COUNTIF(MATRIX2!M107:Q107,\">0\")-1)<0,0,COUNTIF(MATRIX2!M107:Q107,\">0\"))))))","v":263499.81357375003},{"$f":"IF('MAIN-INTERFACE'!$D$2=\"No\",(Table_Provincial_GTAC35378[[#This Row],[Adj.AnnualRental]])*(1+Table_Provincial_GTAC35378[[#This Row],[TnTEscalation]])^6,(((MATRIX2!Z107*Table_Provincial_GTAC35378[[#This Row],[Adj.AnnualRental]])*(1+Table_Provincial_GTAC35378[[#This Row],[TnTEscalation]])^6)+(MATRIX2!R107*IF(IF('MAIN-INTERFACE'!$D$2=\"No\",Table_Provincial_GTAC35378[[#This Row],[Adj.AnnualRental]],(Table_Provincial_GTAC35378[[#This Row],[RtmAnnualRental]])*(1+(IF('MAIN-INTERFACE'!$D$2=\"No\",0,'MAIN-INTERFACE'!$D$4))^(COUNTIF(MATRIX2!M107:R107,0))))*(1+(IF('MAIN-INTERFACE'!$D$2=\"No\",0,'MAIN-INTERFACE'!$D$8)))^6<Table_Provincial_GTAC35378[[#This Row],[Adj.AnnualRental]],(Table_Provincial_GTAC35378[[#This Row],[RtmAnnualRental]])*(1+(IF('MAIN-INTERFACE'!$D$2=\"No\",0,'MAIN-INTERFACE'!$D$4))^(COUNTIF(MATRIX2!M107:R107,0)))*(1+(IF('MAIN-INTERFACE'!$D$2=\"No\",0,'MAIN-INTERFACE'!$D$8)))^MATRIX2!H107,Table_Provincial_GTAC35378[[#This Row],[Adj.AnnualRental]])*(1+(IF('MAIN-INTERFACE'!$D$2=\"No\",Table_Provincial_GTAC35378[[#This Row],[TnTEscalation]],'MAIN-INTERFACE'!$G$2)))^(IF((COUNTIF(MATRIX2!M107:R107,\">0\")-1)<0,0,COUNTIF(MATRIX2!M107:R107,\">0\"))))))","v":283262.29959178128},{"$f":"IF('MAIN-INTERFACE'!$D$2=\"No\",(Table_Provincial_GTAC35378[[#This Row],[Adj.AnnualRental]])*(1+Table_Provincial_GTAC35378[[#This Row],[TnTEscalation]])^7,(((MATRIX2!AA107*Table_Provincial_GTAC35378[[#This Row],[Adj.AnnualRental]])*(1+Table_Provincial_GTAC35378[[#This Row],[TnTEscalation]])^7)+(MATRIX2!S107*IF(IF('MAIN-INTERFACE'!$D$2=\"No\",Table_Provincial_GTAC35378[[#This Row],[Adj.AnnualRental]],(Table_Provincial_GTAC35378[[#This Row],[RtmAnnualRental]])*(1+(IF('MAIN-INTERFACE'!$D$2=\"No\",0,'MAIN-INTERFACE'!$D$4))^(COUNTIF(MATRIX2!M107:S107,0))))*(1+(IF('MAIN-INTERFACE'!$D$2=\"No\",0,'MAIN-INTERFACE'!$D$8)))^7<Table_Provincial_GTAC35378[[#This Row],[Adj.AnnualRental]],(Table_Provincial_GTAC35378[[#This Row],[RtmAnnualRental]])*(1+(IF('MAIN-INTERFACE'!$D$2=\"No\",0,'MAIN-INTERFACE'!$D$4))^(COUNTIF(MATRIX2!M107:S107,0)))*(1+(IF('MAIN-INTERFACE'!$D$2=\"No\",0,'MAIN-INTERFACE'!$D$8)))^MATRIX2!I107,Table_Provincial_GTAC35378[[#This Row],[Adj.AnnualRental]])*(1+(IF('MAIN-INTERFACE'!$D$2=\"No\",Table_Provincial_GTAC35378[[#This Row],[TnTEscalation]],'MAIN-INTERFACE'!$G$2)))^(IF((COUNTIF(MATRIX2!M107:S107,\">0\")-1)<0,0,COUNTIF(MATRIX2!M107:S107,\">0\"))))))","v":304506.97206116479},{"$f":"SUM(Table_Provincial_GTAC35378[[#This Row],[FY 2018/19]:[FY 2023/24]])","v":1678057.3730476331}]
[{"$f":"Table_Provincial_GTAC3536[[#This Row],[SystemID]]","v":135},{"$f":"VLOOKUP($A108,DATA2!$A$2:$S$607,2,FALSE)","v":"KZN"},{"$f":"VLOOKUP($A108,DATA2!$A$2:$S$607,3,FALSE)","v":"KwaZulu-Natal"},{"$f":"VLOOKUP($A108,DATA2!$A$2:$S$607,4,FALSE)","v":112.53291011569267},{"$f":"VLOOKUP($A108,DATA2!$A$2:$S$607,5,FALSE)","v":110},{"$f":"VLOOKUP($A108,DATA2!$A$2:$S$607,6,FALSE)","v":"CBD"},{"$f":"VLOOKUP($A108,DATA2!$A$2:$S$607,7,FALSE)","v":13484},{"$f":"VLOOKUP($A108,DATA2!$A$2:$S$607,8,FALSE)","v":true},{"$f":"VLOOKUP($A108,DATA2!$A$2:$S$607,9,FALSE)","v":0},{"$f":"VLOOKUP($A108,DATA2!$A$2:$S$607,10,FALSE)","v":1517393.76},{"$f":"VLOOKUP($A108,DATA2!$A$2:$S$607,11,FALSE)","v":18208725.120000001},{"$f":"Table_Provincial_GTAC35378[[#This Row],[Benchmark]]*Table_Provincial_GTAC35378[[#This Row],[ExtentM2]]*12","v":17798880},{"$f":"VLOOKUP($A108,DATA2!$A$2:$S$607,12,FALSE)","v":"2016-09-01"},{"$f":"VLOOKUP($A108,DATA2!$A$2:$S$607,13,FALSE)","v":"2017-08-31"},{"$f":"VLOOKUP($A108,DATA2!$A$2:$S$607,14,FALSE)","v":"No"},{"$f":"IF(MATRIX2!D108=1,($Y$8-$X$2)/365*Table_Provincial_GTAC35378[[#This Row],[Adj.AnnualRental]]*MATRIX2!D108,($Y$8-$X$2)/365*Table_Provincial_GTAC35378[[#This Row],[Adj.AnnualRental]])","v":-65900618.858958907},{"$f":"IF('MAIN-INTERFACE'!$D$2=\"No\",(Table_Provincial_GTAC35378[[#This Row],[Adj.AnnualRental]])*(1+Table_Provincial_GTAC35378[[#This Row],[TnTEscalation]])^2,\n    (((MATRIX2!V108*Table_Provincial_GTAC35378[[#This Row],[Adj.AnnualRental]])*(1+Table_Provincial_GTAC35378[[#This Row],[TnTEscalation]])^2)+\n       (MATRIX2!N108* IF(IF('MAIN-INTERFACE'!$D$2=\"No\",Table_Provincial_GTAC35378[[#This Row],[Adj.AnnualRental]],(Table_Provincial_GTAC35378[[#This Row],[RtmAnnualRental]])*(1+\n                                 (IF('MAIN-INTERFACE'!$D$2=\"No\",0,'MAIN-INTERFACE'!$D$4))^(COUNTIF(MATRIX2!M108:N108,0))))*(1+\n                                 (IF('MAIN-INTERFACE'!$D$2=\"No\",0,'MAIN-INTERFACE'!$D$8)))^2<Table_Provincial_GTAC35378[[#This Row],[Adj.AnnualRental]],(Table_Provincial_GTAC35378[[#This Row],[RtmAnnualRental]])*(1+\n\n                                 (IF('MAIN-INTERFACE'!$D$2=\"No\",0,'MAIN-INTERFACE'!$D$4))^(COUNTIF(MATRIX2!M108:N108,0)))*(1+\n                                 (IF('MAIN-INTERFACE'!$D$2=\"No\",0,'MAIN-INTERFACE'!$D$8)))^MATRIX2!D108,Table_Provincial_GTAC35378[[#This Row],[Adj.AnnualRental]])*(1+\n\n                                (IF('MAIN-INTERFACE'!$D$2=\"No\",Table_Provincial_GTAC35378[[#This Row],[TnTEscalation]],'MAIN-INTERFACE'!$G$2)))^\n                                 (IF((COUNTIF(MATRIX2!M108:N108,\">0\")-1)<0,0,COUNTIF(MATRIX2!M108:N108,\">0\"))))))","v":18208725.120000001},{"$f":"IF('MAIN-INTERFACE'!$D$2=\"No\",(Table_Provincial_GTAC35378[[#This Row],[Adj.AnnualRental]])*(1+Table_Provincial_GTAC35378[[#This Row],[TnTEscalation]])^3,(((MATRIX2!W108*Table_Provincial_GTAC35378[[#This Row],[Adj.AnnualRental]])*(1+Table_Provincial_GTAC35378[[#This Row],[TnTEscalation]])^3)+(MATRIX2!O108*IF(IF('MAIN-INTERFACE'!$D$2=\"No\",Table_Provincial_GTAC35378[[#This Row],[Adj.AnnualRental]],(Table_Provincial_GTAC35378[[#This Row],[RtmAnnualRental]])*(1+(IF('MAIN-INTERFACE'!$D$2=\"No\",0,'MAIN-INTERFACE'!$D$4))^(COUNTIF(MATRIX2!M108:O108,0))))*(1+(IF('MAIN-INTERFACE'!$D$2=\"No\",0,'MAIN-INTERFACE'!$D$8)))^3<Table_Provincial_GTAC35378[[#This Row],[Adj.AnnualRental]],(Table_Provincial_GTAC35378[[#This Row],[RtmAnnualRental]])*(1+(IF('MAIN-INTERFACE'!$D$2=\"No\",0,'MAIN-INTERFACE'!$D$4))^(COUNTIF(MATRIX2!M108:O108,0)))*(1+(IF('MAIN-INTERFACE'!$D$2=\"No\",0,'MAIN-INTERFACE'!$D$8)))^MATRIX2!E108,Table_Provincial_GTAC35378[[#This Row],[Adj.AnnualRental]])*(1+(IF('MAIN-INTERFACE'!$D$2=\"No\",Table_Provincial_GTAC35378[[#This Row],[TnTEscalation]],'MAIN-INTERFACE'!$G$2)))^(IF((COUNTIF(MATRIX2!M108:O108,\">0\")-1)<0,0,COUNTIF(MATRIX2!M108:O108,\">0\"))))))","v":18208725.120000001},{"$f":"IF('MAIN-INTERFACE'!$D$2=\"No\",(Table_Provincial_GTAC35378[[#This Row],[Adj.AnnualRental]])*(1+Table_Provincial_GTAC35378[[#This Row],[TnTEscalation]])^4,((((MATRIX2!X108*Table_Provincial_GTAC35378[[#This Row],[Adj.AnnualRental]])*(1+Table_Provincial_GTAC35378[[#This Row],[TnTEscalation]])^4)+(MATRIX2!P108*IF(IF('MAIN-INTERFACE'!$D$2=\"No\",Table_Provincial_GTAC35378[[#This Row],[Adj.AnnualRental]],(Table_Provincial_GTAC35378[[#This Row],[RtmAnnualRental]])*(1+(IF('MAIN-INTERFACE'!$D$2=\"No\",0,'MAIN-INTERFACE'!$D$4))^(COUNTIF(MATRIX2!M108:P108,0))))*(1+(IF('MAIN-INTERFACE'!$D$2=\"No\",0,'MAIN-INTERFACE'!$D$8)))^4<Table_Provincial_GTAC35378[[#This Row],[Adj.AnnualRental]],(Table_Provincial_GTAC35378[[#This Row],[RtmAnnualRental]])*(1+(IF('MAIN-INTERFACE'!$D$2=\"No\",0,'MAIN-INTERFACE'!$D$4))^(COUNTIF(MATRIX2!M108:P108,0)))*(1+(IF('MAIN-INTERFACE'!$D$2=\"No\",0,'MAIN-INTERFACE'!$D$8)))^MATRIX2!F108,Table_Provincial_GTAC35378[[#This Row],[Adj.AnnualRental]])*(1+(IF('MAIN-INTERFACE'!$D$2=\"No\",Table_Provincial_GTAC35378[[#This Row],[TnTEscalation]],'MAIN-INTERFACE'!$G$2)))^(IF((COUNTIF(MATRIX2!M108:P108,\">0\")-1)<0,0,COUNTIF(MATRIX2!M108:P108,\">0\")))))))","v":18208725.120000001},{"$f":"IF('MAIN-INTERFACE'!$D$2=\"No\",(Table_Provincial_GTAC35378[[#This Row],[Adj.AnnualRental]])*(1+Table_Provincial_GTAC35378[[#This Row],[TnTEscalation]])^5,(((MATRIX2!Y108*Table_Provincial_GTAC35378[[#This Row],[Adj.AnnualRental]])*(1+Table_Provincial_GTAC35378[[#This Row],[TnTEscalation]])^5)+(MATRIX2!Q108*IF(IF('MAIN-INTERFACE'!$D$2=\"No\",Table_Provincial_GTAC35378[[#This Row],[Adj.AnnualRental]],(Table_Provincial_GTAC35378[[#This Row],[RtmAnnualRental]])*(1+(IF('MAIN-INTERFACE'!$D$2=\"No\",0,'MAIN-INTERFACE'!$D$4))^(COUNTIF(MATRIX2!M108:Q108,0))))*(1+(IF('MAIN-INTERFACE'!$D$2=\"No\",0,'MAIN-INTERFACE'!$D$8)))^5<Table_Provincial_GTAC35378[[#This Row],[Adj.AnnualRental]],(Table_Provincial_GTAC35378[[#This Row],[RtmAnnualRental]])*(1+(IF('MAIN-INTERFACE'!$D$2=\"No\",0,'MAIN-INTERFACE'!$D$4))^(COUNTIF(MATRIX2!M108:Q108,0)))*(1+(IF('MAIN-INTERFACE'!$D$2=\"No\",0,'MAIN-INTERFACE'!$D$8)))^MATRIX2!G108,Table_Provincial_GTAC35378[[#This Row],[Adj.AnnualRental]])*(1+(IF('MAIN-INTERFACE'!$D$2=\"No\",Table_Provincial_GTAC35378[[#This Row],[TnTEscalation]],'MAIN-INTERFACE'!$G$2)))^(IF((COUNTIF(MATRIX2!M108:Q108,\">0\")-1)<0,0,COUNTIF(MATRIX2!M108:Q108,\">0\"))))))","v":18208725.120000001},{"$f":"IF('MAIN-INTERFACE'!$D$2=\"No\",(Table_Provincial_GTAC35378[[#This Row],[Adj.AnnualRental]])*(1+Table_Provincial_GTAC35378[[#This Row],[TnTEscalation]])^6,(((MATRIX2!Z108*Table_Provincial_GTAC35378[[#This Row],[Adj.AnnualRental]])*(1+Table_Provincial_GTAC35378[[#This Row],[TnTEscalation]])^6)+(MATRIX2!R108*IF(IF('MAIN-INTERFACE'!$D$2=\"No\",Table_Provincial_GTAC35378[[#This Row],[Adj.AnnualRental]],(Table_Provincial_GTAC35378[[#This Row],[RtmAnnualRental]])*(1+(IF('MAIN-INTERFACE'!$D$2=\"No\",0,'MAIN-INTERFACE'!$D$4))^(COUNTIF(MATRIX2!M108:R108,0))))*(1+(IF('MAIN-INTERFACE'!$D$2=\"No\",0,'MAIN-INTERFACE'!$D$8)))^6<Table_Provincial_GTAC35378[[#This Row],[Adj.AnnualRental]],(Table_Provincial_GTAC35378[[#This Row],[RtmAnnualRental]])*(1+(IF('MAIN-INTERFACE'!$D$2=\"No\",0,'MAIN-INTERFACE'!$D$4))^(COUNTIF(MATRIX2!M108:R108,0)))*(1+(IF('MAIN-INTERFACE'!$D$2=\"No\",0,'MAIN-INTERFACE'!$D$8)))^MATRIX2!H108,Table_Provincial_GTAC35378[[#This Row],[Adj.AnnualRental]])*(1+(IF('MAIN-INTERFACE'!$D$2=\"No\",Table_Provincial_GTAC35378[[#This Row],[TnTEscalation]],'MAIN-INTERFACE'!$G$2)))^(IF((COUNTIF(MATRIX2!M108:R108,\">0\")-1)<0,0,COUNTIF(MATRIX2!M108:R108,\">0\"))))))","v":18208725.120000001},{"$f":"IF('MAIN-INTERFACE'!$D$2=\"No\",(Table_Provincial_GTAC35378[[#This Row],[Adj.AnnualRental]])*(1+Table_Provincial_GTAC35378[[#This Row],[TnTEscalation]])^7,(((MATRIX2!AA108*Table_Provincial_GTAC35378[[#This Row],[Adj.AnnualRental]])*(1+Table_Provincial_GTAC35378[[#This Row],[TnTEscalation]])^7)+(MATRIX2!S108*IF(IF('MAIN-INTERFACE'!$D$2=\"No\",Table_Provincial_GTAC35378[[#This Row],[Adj.AnnualRental]],(Table_Provincial_GTAC35378[[#This Row],[RtmAnnualRental]])*(1+(IF('MAIN-INTERFACE'!$D$2=\"No\",0,'MAIN-INTERFACE'!$D$4))^(COUNTIF(MATRIX2!M108:S108,0))))*(1+(IF('MAIN-INTERFACE'!$D$2=\"No\",0,'MAIN-INTERFACE'!$D$8)))^7<Table_Provincial_GTAC35378[[#This Row],[Adj.AnnualRental]],(Table_Provincial_GTAC35378[[#This Row],[RtmAnnualRental]])*(1+(IF('MAIN-INTERFACE'!$D$2=\"No\",0,'MAIN-INTERFACE'!$D$4))^(COUNTIF(MATRIX2!M108:S108,0)))*(1+(IF('MAIN-INTERFACE'!$D$2=\"No\",0,'MAIN-INTERFACE'!$D$8)))^MATRIX2!I108,Table_Provincial_GTAC35378[[#This Row],[Adj.AnnualRental]])*(1+(IF('MAIN-INTERFACE'!$D$2=\"No\",Table_Provincial_GTAC35378[[#This Row],[TnTEscalation]],'MAIN-INTERFACE'!$G$2)))^(IF((COUNTIF(MATRIX2!M108:S108,\">0\")-1)<0,0,COUNTIF(MATRIX2!M108:S108,\">0\"))))))","v":18208725.120000001},{"$f":"SUM(Table_Provincial_GTAC35378[[#This Row],[FY 2018/19]:[FY 2023/24]])","v":109252350.72000001}]
[{"$f":"Table_Provincial_GTAC3536[[#This Row],[SystemID]]","v":140},{"$f":"VLOOKUP($A109,DATA2!$A$2:$S$607,2,FALSE)","v":"KZN"},{"$f":"VLOOKUP($A109,DATA2!$A$2:$S$607,3,FALSE)","v":"KwaZulu-Natal"},{"$f":"VLOOKUP($A109,DATA2!$A$2:$S$607,4,FALSE)","v":108.36738411930673},{"$f":"VLOOKUP($A109,DATA2!$A$2:$S$607,5,FALSE)","v":110},{"$f":"VLOOKUP($A109,DATA2!$A$2:$S$607,6,FALSE)","v":"CBD"},{"$f":"VLOOKUP($A109,DATA2!$A$2:$S$607,7,FALSE)","v":2481},{"$f":"VLOOKUP($A109,DATA2!$A$2:$S$607,8,FALSE)","v":true},{"$f":"VLOOKUP($A109,DATA2!$A$2:$S$607,9,FALSE)","v":0.08},{"$f":"VLOOKUP($A109,DATA2!$A$2:$S$607,10,FALSE)","v":268859.48},{"$f":"VLOOKUP($A109,DATA2!$A$2:$S$607,11,FALSE)","v":3226313.76},{"$f":"Table_Provincial_GTAC35378[[#This Row],[Benchmark]]*Table_Provincial_GTAC35378[[#This Row],[ExtentM2]]*12","v":3274920},{"$f":"VLOOKUP($A109,DATA2!$A$2:$S$607,12,FALSE)","v":"2013-11-01"},{"$f":"VLOOKUP($A109,DATA2!$A$2:$S$607,13,FALSE)","v":"2016-10-31"},{"$f":"VLOOKUP($A109,DATA2!$A$2:$S$607,14,FALSE)","v":"Yes"},{"$f":"IF(MATRIX2!D109=1,($Y$8-$X$2)/365*Table_Provincial_GTAC35378[[#This Row],[Adj.AnnualRental]]*MATRIX2!D109,($Y$8-$X$2)/365*Table_Provincial_GTAC35378[[#This Row],[Adj.AnnualRental]])","v":-11676604.046465753},{"$f":"IF('MAIN-INTERFACE'!$D$2=\"No\",(Table_Provincial_GTAC35378[[#This Row],[Adj.AnnualRental]])*(1+Table_Provincial_GTAC35378[[#This Row],[TnTEscalation]])^2,\n    (((MATRIX2!V109*Table_Provincial_GTAC35378[[#This Row],[Adj.AnnualRental]])*(1+Table_Provincial_GTAC35378[[#This Row],[TnTEscalation]])^2)+\n       (MATRIX2!N109* IF(IF('MAIN-INTERFACE'!$D$2=\"No\",Table_Provincial_GTAC35378[[#This Row],[Adj.AnnualRental]],(Table_Provincial_GTAC35378[[#This Row],[RtmAnnualRental]])*(1+\n                                 (IF('MAIN-INTERFACE'!$D$2=\"No\",0,'MAIN-INTERFACE'!$D$4))^(COUNTIF(MATRIX2!M109:N109,0))))*(1+\n                                 (IF('MAIN-INTERFACE'!$D$2=\"No\",0,'MAIN-INTERFACE'!$D$8)))^2<Table_Provincial_GTAC35378[[#This Row],[Adj.AnnualRental]],(Table_Provincial_GTAC35378[[#This Row],[RtmAnnualRental]])*(1+\n\n                                 (IF('MAIN-INTERFACE'!$D$2=\"No\",0,'MAIN-INTERFACE'!$D$4))^(COUNTIF(MATRIX2!M109:N109,0)))*(1+\n                                 (IF('MAIN-INTERFACE'!$D$2=\"No\",0,'MAIN-INTERFACE'!$D$8)))^MATRIX2!D109,Table_Provincial_GTAC35378[[#This Row],[Adj.AnnualRental]])*(1+\n\n                                (IF('MAIN-INTERFACE'!$D$2=\"No\",Table_Provincial_GTAC35378[[#This Row],[TnTEscalation]],'MAIN-INTERFACE'!$G$2)))^\n                                 (IF((COUNTIF(MATRIX2!M109:N109,\">0\")-1)<0,0,COUNTIF(MATRIX2!M109:N109,\">0\"))))))","v":3615729.8308319999},{"$f":"IF('MAIN-INTERFACE'!$D$2=\"No\",(Table_Provincial_GTAC35378[[#This Row],[Adj.AnnualRental]])*(1+Table_Provincial_GTAC35378[[#This Row],[TnTEscalation]])^3,(((MATRIX2!W109*Table_Provincial_GTAC35378[[#This Row],[Adj.AnnualRental]])*(1+Table_Provincial_GTAC35378[[#This Row],[TnTEscalation]])^3)+(MATRIX2!O109*IF(IF('MAIN-INTERFACE'!$D$2=\"No\",Table_Provincial_GTAC35378[[#This Row],[Adj.AnnualRental]],(Table_Provincial_GTAC35378[[#This Row],[RtmAnnualRental]])*(1+(IF('MAIN-INTERFACE'!$D$2=\"No\",0,'MAIN-INTERFACE'!$D$4))^(COUNTIF(MATRIX2!M109:O109,0))))*(1+(IF('MAIN-INTERFACE'!$D$2=\"No\",0,'MAIN-INTERFACE'!$D$8)))^3<Table_Provincial_GTAC35378[[#This Row],[Adj.AnnualRental]],(Table_Provincial_GTAC35378[[#This Row],[RtmAnnualRental]])*(1+(IF('MAIN-INTERFACE'!$D$2=\"No\",0,'MAIN-INTERFACE'!$D$4))^(COUNTIF(MATRIX2!M109:O109,0)))*(1+(IF('MAIN-INTERFACE'!$D$2=\"No\",0,'MAIN-INTERFACE'!$D$8)))^MATRIX2!E109,Table_Provincial_GTAC35378[[#This Row],[Adj.AnnualRental]])*(1+(IF('MAIN-INTERFACE'!$D$2=\"No\",Table_Provincial_GTAC35378[[#This Row],[TnTEscalation]],'MAIN-INTERFACE'!$G$2)))^(IF((COUNTIF(MATRIX2!M109:O109,\">0\")-1)<0,0,COUNTIF(MATRIX2!M109:O109,\">0\"))))))","v":3728408.8388999994},{"$f":"IF('MAIN-INTERFACE'!$D$2=\"No\",(Table_Provincial_GTAC35378[[#This Row],[Adj.AnnualRental]])*(1+Table_Provincial_GTAC35378[[#This Row],[TnTEscalation]])^4,((((MATRIX2!X109*Table_Provincial_GTAC35378[[#This Row],[Adj.AnnualRental]])*(1+Table_Provincial_GTAC35378[[#This Row],[TnTEscalation]])^4)+(MATRIX2!P109*IF(IF('MAIN-INTERFACE'!$D$2=\"No\",Table_Provincial_GTAC35378[[#This Row],[Adj.AnnualRental]],(Table_Provincial_GTAC35378[[#This Row],[RtmAnnualRental]])*(1+(IF('MAIN-INTERFACE'!$D$2=\"No\",0,'MAIN-INTERFACE'!$D$4))^(COUNTIF(MATRIX2!M109:P109,0))))*(1+(IF('MAIN-INTERFACE'!$D$2=\"No\",0,'MAIN-INTERFACE'!$D$8)))^4<Table_Provincial_GTAC35378[[#This Row],[Adj.AnnualRental]],(Table_Provincial_GTAC35378[[#This Row],[RtmAnnualRental]])*(1+(IF('MAIN-INTERFACE'!$D$2=\"No\",0,'MAIN-INTERFACE'!$D$4))^(COUNTIF(MATRIX2!M109:P109,0)))*(1+(IF('MAIN-INTERFACE'!$D$2=\"No\",0,'MAIN-INTERFACE'!$D$8)))^MATRIX2!F109,Table_Provincial_GTAC35378[[#This Row],[Adj.AnnualRental]])*(1+(IF('MAIN-INTERFACE'!$D$2=\"No\",Table_Provincial_GTAC35378[[#This Row],[TnTEscalation]],'MAIN-INTERFACE'!$G$2)))^(IF((COUNTIF(MATRIX2!M109:P109,\">0\")-1)<0,0,COUNTIF(MATRIX2!M109:P109,\">0\")))))))","v":4008039.5018174993},{"$f":"IF('MAIN-INTERFACE'!$D$2=\"No\",(Table_Provincial_GTAC35378[[#This Row],[Adj.AnnualRental]])*(1+Table_Provincial_GTAC35378[[#This Row],[TnTEscalation]])^5,(((MATRIX2!Y109*Table_Provincial_GTAC35378[[#This Row],[Adj.AnnualRental]])*(1+Table_Provincial_GTAC35378[[#This Row],[TnTEscalation]])^5)+(MATRIX2!Q109*IF(IF('MAIN-INTERFACE'!$D$2=\"No\",Table_Provincial_GTAC35378[[#This Row],[Adj.AnnualRental]],(Table_Provincial_GTAC35378[[#This Row],[RtmAnnualRental]])*(1+(IF('MAIN-INTERFACE'!$D$2=\"No\",0,'MAIN-INTERFACE'!$D$4))^(COUNTIF(MATRIX2!M109:Q109,0))))*(1+(IF('MAIN-INTERFACE'!$D$2=\"No\",0,'MAIN-INTERFACE'!$D$8)))^5<Table_Provincial_GTAC35378[[#This Row],[Adj.AnnualRental]],(Table_Provincial_GTAC35378[[#This Row],[RtmAnnualRental]])*(1+(IF('MAIN-INTERFACE'!$D$2=\"No\",0,'MAIN-INTERFACE'!$D$4))^(COUNTIF(MATRIX2!M109:Q109,0)))*(1+(IF('MAIN-INTERFACE'!$D$2=\"No\",0,'MAIN-INTERFACE'!$D$8)))^MATRIX2!G109,Table_Provincial_GTAC35378[[#This Row],[Adj.AnnualRental]])*(1+(IF('MAIN-INTERFACE'!$D$2=\"No\",Table_Provincial_GTAC35378[[#This Row],[TnTEscalation]],'MAIN-INTERFACE'!$G$2)))^(IF((COUNTIF(MATRIX2!M109:Q109,\">0\")-1)<0,0,COUNTIF(MATRIX2!M109:Q109,\">0\"))))))","v":4308642.4644538118},{"$f":"IF('MAIN-INTERFACE'!$D$2=\"No\",(Table_Provincial_GTAC35378[[#This Row],[Adj.AnnualRental]])*(1+Table_Provincial_GTAC35378[[#This Row],[TnTEscalation]])^6,(((MATRIX2!Z109*Table_Provincial_GTAC35378[[#This Row],[Adj.AnnualRental]])*(1+Table_Provincial_GTAC35378[[#This Row],[TnTEscalation]])^6)+(MATRIX2!R109*IF(IF('MAIN-INTERFACE'!$D$2=\"No\",Table_Provincial_GTAC35378[[#This Row],[Adj.AnnualRental]],(Table_Provincial_GTAC35378[[#This Row],[RtmAnnualRental]])*(1+(IF('MAIN-INTERFACE'!$D$2=\"No\",0,'MAIN-INTERFACE'!$D$4))^(COUNTIF(MATRIX2!M109:R109,0))))*(1+(IF('MAIN-INTERFACE'!$D$2=\"No\",0,'MAIN-INTERFACE'!$D$8)))^6<Table_Provincial_GTAC35378[[#This Row],[Adj.AnnualRental]],(Table_Provincial_GTAC35378[[#This Row],[RtmAnnualRental]])*(1+(IF('MAIN-INTERFACE'!$D$2=\"No\",0,'MAIN-INTERFACE'!$D$4))^(COUNTIF(MATRIX2!M109:R109,0)))*(1+(IF('MAIN-INTERFACE'!$D$2=\"No\",0,'MAIN-INTERFACE'!$D$8)))^MATRIX2!H109,Table_Provincial_GTAC35378[[#This Row],[Adj.AnnualRental]])*(1+(IF('MAIN-INTERFACE'!$D$2=\"No\",Table_Provincial_GTAC35378[[#This Row],[TnTEscalation]],'MAIN-INTERFACE'!$G$2)))^(IF((COUNTIF(MATRIX2!M109:R109,\">0\")-1)<0,0,COUNTIF(MATRIX2!M109:R109,\">0\"))))))","v":4631790.6492878478},{"$f":"IF('MAIN-INTERFACE'!$D$2=\"No\",(Table_Provincial_GTAC35378[[#This Row],[Adj.AnnualRental]])*(1+Table_Provincial_GTAC35378[[#This Row],[TnTEscalation]])^7,(((MATRIX2!AA109*Table_Provincial_GTAC35378[[#This Row],[Adj.AnnualRental]])*(1+Table_Provincial_GTAC35378[[#This Row],[TnTEscalation]])^7)+(MATRIX2!S109*IF(IF('MAIN-INTERFACE'!$D$2=\"No\",Table_Provincial_GTAC35378[[#This Row],[Adj.AnnualRental]],(Table_Provincial_GTAC35378[[#This Row],[RtmAnnualRental]])*(1+(IF('MAIN-INTERFACE'!$D$2=\"No\",0,'MAIN-INTERFACE'!$D$4))^(COUNTIF(MATRIX2!M109:S109,0))))*(1+(IF('MAIN-INTERFACE'!$D$2=\"No\",0,'MAIN-INTERFACE'!$D$8)))^7<Table_Provincial_GTAC35378[[#This Row],[Adj.AnnualRental]],(Table_Provincial_GTAC35378[[#This Row],[RtmAnnualRental]])*(1+(IF('MAIN-INTERFACE'!$D$2=\"No\",0,'MAIN-INTERFACE'!$D$4))^(COUNTIF(MATRIX2!M109:S109,0)))*(1+(IF('MAIN-INTERFACE'!$D$2=\"No\",0,'MAIN-INTERFACE'!$D$8)))^MATRIX2!I109,Table_Provincial_GTAC35378[[#This Row],[Adj.AnnualRental]])*(1+(IF('MAIN-INTERFACE'!$D$2=\"No\",Table_Provincial_GTAC35378[[#This Row],[TnTEscalation]],'MAIN-INTERFACE'!$G$2)))^(IF((COUNTIF(MATRIX2!M109:S109,\">0\")-1)<0,0,COUNTIF(MATRIX2!M109:S109,\">0\"))))))","v":4979174.9479844356},{"$f":"SUM(Table_Provincial_GTAC35378[[#This Row],[FY 2018/19]:[FY 2023/24]])","v":25271786.233275592}]
[{"$f":"Table_Provincial_GTAC3536[[#This Row],[SystemID]]","v":142},{"$f":"VLOOKUP($A110,DATA2!$A$2:$S$607,2,FALSE)","v":"KZN"},{"$f":"VLOOKUP($A110,DATA2!$A$2:$S$607,3,FALSE)","v":"KwaZulu-Natal"},{"$f":"VLOOKUP($A110,DATA2!$A$2:$S$607,4,FALSE)","v":127.41404432132964},{"$f":"VLOOKUP($A110,DATA2!$A$2:$S$607,5,FALSE)","v":77.5},{"$f":"VLOOKUP($A110,DATA2!$A$2:$S$607,6,FALSE)","v":"VTSD"},{"$f":"VLOOKUP($A110,DATA2!$A$2:$S$607,7,FALSE)","v":361},{"$f":"VLOOKUP($A110,DATA2!$A$2:$S$607,8,FALSE)","v":true},{"$f":"VLOOKUP($A110,DATA2!$A$2:$S$607,9,FALSE)","v":0.08},{"$f":"VLOOKUP($A110,DATA2!$A$2:$S$607,10,FALSE)","v":45996.47},{"$f":"VLOOKUP($A110,DATA2!$A$2:$S$607,11,FALSE)","v":551957.64},{"$f":"Table_Provincial_GTAC35378[[#This Row],[Benchmark]]*Table_Provincial_GTAC35378[[#This Row],[ExtentM2]]*12","v":335730},{"$f":"VLOOKUP($A110,DATA2!$A$2:$S$607,12,FALSE)","v":"2014-10-01"},{"$f":"VLOOKUP($A110,DATA2!$A$2:$S$607,13,FALSE)","v":"2017-09-30"},{"$f":"VLOOKUP($A110,DATA2!$A$2:$S$607,14,FALSE)","v":"No"},{"$f":"IF(MATRIX2!D110=1,($Y$8-$X$2)/365*Table_Provincial_GTAC35378[[#This Row],[Adj.AnnualRental]]*MATRIX2!D110,($Y$8-$X$2)/365*Table_Provincial_GTAC35378[[#This Row],[Adj.AnnualRental]])","v":-1997632.9929863014},{"$f":"IF('MAIN-INTERFACE'!$D$2=\"No\",(Table_Provincial_GTAC35378[[#This Row],[Adj.AnnualRental]])*(1+Table_Provincial_GTAC35378[[#This Row],[TnTEscalation]])^2,\n    (((MATRIX2!V110*Table_Provincial_GTAC35378[[#This Row],[Adj.AnnualRental]])*(1+Table_Provincial_GTAC35378[[#This Row],[TnTEscalation]])^2)+\n       (MATRIX2!N110* IF(IF('MAIN-INTERFACE'!$D$2=\"No\",Table_Provincial_GTAC35378[[#This Row],[Adj.AnnualRental]],(Table_Provincial_GTAC35378[[#This Row],[RtmAnnualRental]])*(1+\n                                 (IF('MAIN-INTERFACE'!$D$2=\"No\",0,'MAIN-INTERFACE'!$D$4))^(COUNTIF(MATRIX2!M110:N110,0))))*(1+\n                                 (IF('MAIN-INTERFACE'!$D$2=\"No\",0,'MAIN-INTERFACE'!$D$8)))^2<Table_Provincial_GTAC35378[[#This Row],[Adj.AnnualRental]],(Table_Provincial_GTAC35378[[#This Row],[RtmAnnualRental]])*(1+\n\n                                 (IF('MAIN-INTERFACE'!$D$2=\"No\",0,'MAIN-INTERFACE'!$D$4))^(COUNTIF(MATRIX2!M110:N110,0)))*(1+\n                                 (IF('MAIN-INTERFACE'!$D$2=\"No\",0,'MAIN-INTERFACE'!$D$8)))^MATRIX2!D110,Table_Provincial_GTAC35378[[#This Row],[Adj.AnnualRental]])*(1+\n\n                                (IF('MAIN-INTERFACE'!$D$2=\"No\",Table_Provincial_GTAC35378[[#This Row],[TnTEscalation]],'MAIN-INTERFACE'!$G$2)))^\n                                 (IF((COUNTIF(MATRIX2!M110:N110,\">0\")-1)<0,0,COUNTIF(MATRIX2!M110:N110,\">0\"))))))","v":374978.39034069038},{"$f":"IF('MAIN-INTERFACE'!$D$2=\"No\",(Table_Provincial_GTAC35378[[#This Row],[Adj.AnnualRental]])*(1+Table_Provincial_GTAC35378[[#This Row],[TnTEscalation]])^3,(((MATRIX2!W110*Table_Provincial_GTAC35378[[#This Row],[Adj.AnnualRental]])*(1+Table_Provincial_GTAC35378[[#This Row],[TnTEscalation]])^3)+(MATRIX2!O110*IF(IF('MAIN-INTERFACE'!$D$2=\"No\",Table_Provincial_GTAC35378[[#This Row],[Adj.AnnualRental]],(Table_Provincial_GTAC35378[[#This Row],[RtmAnnualRental]])*(1+(IF('MAIN-INTERFACE'!$D$2=\"No\",0,'MAIN-INTERFACE'!$D$4))^(COUNTIF(MATRIX2!M110:O110,0))))*(1+(IF('MAIN-INTERFACE'!$D$2=\"No\",0,'MAIN-INTERFACE'!$D$8)))^3<Table_Provincial_GTAC35378[[#This Row],[Adj.AnnualRental]],(Table_Provincial_GTAC35378[[#This Row],[RtmAnnualRental]])*(1+(IF('MAIN-INTERFACE'!$D$2=\"No\",0,'MAIN-INTERFACE'!$D$4))^(COUNTIF(MATRIX2!M110:O110,0)))*(1+(IF('MAIN-INTERFACE'!$D$2=\"No\",0,'MAIN-INTERFACE'!$D$8)))^MATRIX2!E110,Table_Provincial_GTAC35378[[#This Row],[Adj.AnnualRental]])*(1+(IF('MAIN-INTERFACE'!$D$2=\"No\",Table_Provincial_GTAC35378[[#This Row],[TnTEscalation]],'MAIN-INTERFACE'!$G$2)))^(IF((COUNTIF(MATRIX2!M110:O110,\">0\")-1)<0,0,COUNTIF(MATRIX2!M110:O110,\">0\"))))))","v":403497.1005},{"$f":"IF('MAIN-INTERFACE'!$D$2=\"No\",(Table_Provincial_GTAC35378[[#This Row],[Adj.AnnualRental]])*(1+Table_Provincial_GTAC35378[[#This Row],[TnTEscalation]])^4,((((MATRIX2!X110*Table_Provincial_GTAC35378[[#This Row],[Adj.AnnualRental]])*(1+Table_Provincial_GTAC35378[[#This Row],[TnTEscalation]])^4)+(MATRIX2!P110*IF(IF('MAIN-INTERFACE'!$D$2=\"No\",Table_Provincial_GTAC35378[[#This Row],[Adj.AnnualRental]],(Table_Provincial_GTAC35378[[#This Row],[RtmAnnualRental]])*(1+(IF('MAIN-INTERFACE'!$D$2=\"No\",0,'MAIN-INTERFACE'!$D$4))^(COUNTIF(MATRIX2!M110:P110,0))))*(1+(IF('MAIN-INTERFACE'!$D$2=\"No\",0,'MAIN-INTERFACE'!$D$8)))^4<Table_Provincial_GTAC35378[[#This Row],[Adj.AnnualRental]],(Table_Provincial_GTAC35378[[#This Row],[RtmAnnualRental]])*(1+(IF('MAIN-INTERFACE'!$D$2=\"No\",0,'MAIN-INTERFACE'!$D$4))^(COUNTIF(MATRIX2!M110:P110,0)))*(1+(IF('MAIN-INTERFACE'!$D$2=\"No\",0,'MAIN-INTERFACE'!$D$8)))^MATRIX2!F110,Table_Provincial_GTAC35378[[#This Row],[Adj.AnnualRental]])*(1+(IF('MAIN-INTERFACE'!$D$2=\"No\",Table_Provincial_GTAC35378[[#This Row],[TnTEscalation]],'MAIN-INTERFACE'!$G$2)))^(IF((COUNTIF(MATRIX2!M110:P110,\">0\")-1)<0,0,COUNTIF(MATRIX2!M110:P110,\">0\")))))))","v":433759.38303749997},{"$f":"IF('MAIN-INTERFACE'!$D$2=\"No\",(Table_Provincial_GTAC35378[[#This Row],[Adj.AnnualRental]])*(1+Table_Provincial_GTAC35378[[#This Row],[TnTEscalation]])^5,(((MATRIX2!Y110*Table_Provincial_GTAC35378[[#This Row],[Adj.AnnualRental]])*(1+Table_Provincial_GTAC35378[[#This Row],[TnTEscalation]])^5)+(MATRIX2!Q110*IF(IF('MAIN-INTERFACE'!$D$2=\"No\",Table_Provincial_GTAC35378[[#This Row],[Adj.AnnualRental]],(Table_Provincial_GTAC35378[[#This Row],[RtmAnnualRental]])*(1+(IF('MAIN-INTERFACE'!$D$2=\"No\",0,'MAIN-INTERFACE'!$D$4))^(COUNTIF(MATRIX2!M110:Q110,0))))*(1+(IF('MAIN-INTERFACE'!$D$2=\"No\",0,'MAIN-INTERFACE'!$D$8)))^5<Table_Provincial_GTAC35378[[#This Row],[Adj.AnnualRental]],(Table_Provincial_GTAC35378[[#This Row],[RtmAnnualRental]])*(1+(IF('MAIN-INTERFACE'!$D$2=\"No\",0,'MAIN-INTERFACE'!$D$4))^(COUNTIF(MATRIX2!M110:Q110,0)))*(1+(IF('MAIN-INTERFACE'!$D$2=\"No\",0,'MAIN-INTERFACE'!$D$8)))^MATRIX2!G110,Table_Provincial_GTAC35378[[#This Row],[Adj.AnnualRental]])*(1+(IF('MAIN-INTERFACE'!$D$2=\"No\",Table_Provincial_GTAC35378[[#This Row],[TnTEscalation]],'MAIN-INTERFACE'!$G$2)))^(IF((COUNTIF(MATRIX2!M110:Q110,\">0\")-1)<0,0,COUNTIF(MATRIX2!M110:Q110,\">0\"))))))","v":466291.33676531247},{"$f":"IF('MAIN-INTERFACE'!$D$2=\"No\",(Table_Provincial_GTAC35378[[#This Row],[Adj.AnnualRental]])*(1+Table_Provincial_GTAC35378[[#This Row],[TnTEscalation]])^6,(((MATRIX2!Z110*Table_Provincial_GTAC35378[[#This Row],[Adj.AnnualRental]])*(1+Table_Provincial_GTAC35378[[#This Row],[TnTEscalation]])^6)+(MATRIX2!R110*IF(IF('MAIN-INTERFACE'!$D$2=\"No\",Table_Provincial_GTAC35378[[#This Row],[Adj.AnnualRental]],(Table_Provincial_GTAC35378[[#This Row],[RtmAnnualRental]])*(1+(IF('MAIN-INTERFACE'!$D$2=\"No\",0,'MAIN-INTERFACE'!$D$4))^(COUNTIF(MATRIX2!M110:R110,0))))*(1+(IF('MAIN-INTERFACE'!$D$2=\"No\",0,'MAIN-INTERFACE'!$D$8)))^6<Table_Provincial_GTAC35378[[#This Row],[Adj.AnnualRental]],(Table_Provincial_GTAC35378[[#This Row],[RtmAnnualRental]])*(1+(IF('MAIN-INTERFACE'!$D$2=\"No\",0,'MAIN-INTERFACE'!$D$4))^(COUNTIF(MATRIX2!M110:R110,0)))*(1+(IF('MAIN-INTERFACE'!$D$2=\"No\",0,'MAIN-INTERFACE'!$D$8)))^MATRIX2!H110,Table_Provincial_GTAC35378[[#This Row],[Adj.AnnualRental]])*(1+(IF('MAIN-INTERFACE'!$D$2=\"No\",Table_Provincial_GTAC35378[[#This Row],[TnTEscalation]],'MAIN-INTERFACE'!$G$2)))^(IF((COUNTIF(MATRIX2!M110:R110,\">0\")-1)<0,0,COUNTIF(MATRIX2!M110:R110,\">0\"))))))","v":501263.18702271092},{"$f":"IF('MAIN-INTERFACE'!$D$2=\"No\",(Table_Provincial_GTAC35378[[#This Row],[Adj.AnnualRental]])*(1+Table_Provincial_GTAC35378[[#This Row],[TnTEscalation]])^7,(((MATRIX2!AA110*Table_Provincial_GTAC35378[[#This Row],[Adj.AnnualRental]])*(1+Table_Provincial_GTAC35378[[#This Row],[TnTEscalation]])^7)+(MATRIX2!S110*IF(IF('MAIN-INTERFACE'!$D$2=\"No\",Table_Provincial_GTAC35378[[#This Row],[Adj.AnnualRental]],(Table_Provincial_GTAC35378[[#This Row],[RtmAnnualRental]])*(1+(IF('MAIN-INTERFACE'!$D$2=\"No\",0,'MAIN-INTERFACE'!$D$4))^(COUNTIF(MATRIX2!M110:S110,0))))*(1+(IF('MAIN-INTERFACE'!$D$2=\"No\",0,'MAIN-INTERFACE'!$D$8)))^7<Table_Provincial_GTAC35378[[#This Row],[Adj.AnnualRental]],(Table_Provincial_GTAC35378[[#This Row],[RtmAnnualRental]])*(1+(IF('MAIN-INTERFACE'!$D$2=\"No\",0,'MAIN-INTERFACE'!$D$4))^(COUNTIF(MATRIX2!M110:S110,0)))*(1+(IF('MAIN-INTERFACE'!$D$2=\"No\",0,'MAIN-INTERFACE'!$D$8)))^MATRIX2!I110,Table_Provincial_GTAC35378[[#This Row],[Adj.AnnualRental]])*(1+(IF('MAIN-INTERFACE'!$D$2=\"No\",Table_Provincial_GTAC35378[[#This Row],[TnTEscalation]],'MAIN-INTERFACE'!$G$2)))^(IF((COUNTIF(MATRIX2!M110:S110,\">0\")-1)<0,0,COUNTIF(MATRIX2!M110:S110,\">0\"))))))","v":538857.92604941421},{"$f":"SUM(Table_Provincial_GTAC35378[[#This Row],[FY 2018/19]:[FY 2023/24]])","v":2718647.3237156281}]
[{"$f":"Table_Provincial_GTAC3536[[#This Row],[SystemID]]","v":143},{"$f":"VLOOKUP($A111,DATA2!$A$2:$S$607,2,FALSE)","v":"KZN"},{"$f":"VLOOKUP($A111,DATA2!$A$2:$S$607,3,FALSE)","v":"KwaZulu-Natal"},{"$f":"VLOOKUP($A111,DATA2!$A$2:$S$607,4,FALSE)","v":106.55581081081081},{"$f":"VLOOKUP($A111,DATA2!$A$2:$S$607,5,FALSE)","v":87.5},{"$f":"VLOOKUP($A111,DATA2!$A$2:$S$607,6,FALSE)","v":"VTSD"},{"$f":"VLOOKUP($A111,DATA2!$A$2:$S$607,7,FALSE)","v":222},{"$f":"VLOOKUP($A111,DATA2!$A$2:$S$607,8,FALSE)","v":true},{"$f":"VLOOKUP($A111,DATA2!$A$2:$S$607,9,FALSE)","v":0.08},{"$f":"VLOOKUP($A111,DATA2!$A$2:$S$607,10,FALSE)","v":23655.39},{"$f":"VLOOKUP($A111,DATA2!$A$2:$S$607,11,FALSE)","v":283864.68},{"$f":"Table_Provincial_GTAC35378[[#This Row],[Benchmark]]*Table_Provincial_GTAC35378[[#This Row],[ExtentM2]]*12","v":233100},{"$f":"VLOOKUP($A111,DATA2!$A$2:$S$607,12,FALSE)","v":"2017-03-01"},{"$f":"VLOOKUP($A111,DATA2!$A$2:$S$607,13,FALSE)","v":"2019-02-28"},{"$f":"VLOOKUP($A111,DATA2!$A$2:$S$607,14,FALSE)","v":"No"},{"$f":"IF(MATRIX2!D111=1,($Y$8-$X$2)/365*Table_Provincial_GTAC35378[[#This Row],[Adj.AnnualRental]]*MATRIX2!D111,($Y$8-$X$2)/365*Table_Provincial_GTAC35378[[#This Row],[Adj.AnnualRental]])","v":-1027356.8281643835},{"$f":"IF('MAIN-INTERFACE'!$D$2=\"No\",(Table_Provincial_GTAC35378[[#This Row],[Adj.AnnualRental]])*(1+Table_Provincial_GTAC35378[[#This Row],[TnTEscalation]])^2,\n    (((MATRIX2!V111*Table_Provincial_GTAC35378[[#This Row],[Adj.AnnualRental]])*(1+Table_Provincial_GTAC35378[[#This Row],[TnTEscalation]])^2)+\n       (MATRIX2!N111* IF(IF('MAIN-INTERFACE'!$D$2=\"No\",Table_Provincial_GTAC35378[[#This Row],[Adj.AnnualRental]],(Table_Provincial_GTAC35378[[#This Row],[RtmAnnualRental]])*(1+\n                                 (IF('MAIN-INTERFACE'!$D$2=\"No\",0,'MAIN-INTERFACE'!$D$4))^(COUNTIF(MATRIX2!M111:N111,0))))*(1+\n                                 (IF('MAIN-INTERFACE'!$D$2=\"No\",0,'MAIN-INTERFACE'!$D$8)))^2<Table_Provincial_GTAC35378[[#This Row],[Adj.AnnualRental]],(Table_Provincial_GTAC35378[[#This Row],[RtmAnnualRental]])*(1+\n\n                                 (IF('MAIN-INTERFACE'!$D$2=\"No\",0,'MAIN-INTERFACE'!$D$4))^(COUNTIF(MATRIX2!M111:N111,0)))*(1+\n                                 (IF('MAIN-INTERFACE'!$D$2=\"No\",0,'MAIN-INTERFACE'!$D$8)))^MATRIX2!D111,Table_Provincial_GTAC35378[[#This Row],[Adj.AnnualRental]])*(1+\n\n                                (IF('MAIN-INTERFACE'!$D$2=\"No\",Table_Provincial_GTAC35378[[#This Row],[TnTEscalation]],'MAIN-INTERFACE'!$G$2)))^\n                                 (IF((COUNTIF(MATRIX2!M111:N111,\">0\")-1)<0,0,COUNTIF(MATRIX2!M111:N111,\">0\"))))))","v":331099.76275200001},{"$f":"IF('MAIN-INTERFACE'!$D$2=\"No\",(Table_Provincial_GTAC35378[[#This Row],[Adj.AnnualRental]])*(1+Table_Provincial_GTAC35378[[#This Row],[TnTEscalation]])^3,(((MATRIX2!W111*Table_Provincial_GTAC35378[[#This Row],[Adj.AnnualRental]])*(1+Table_Provincial_GTAC35378[[#This Row],[TnTEscalation]])^3)+(MATRIX2!O111*IF(IF('MAIN-INTERFACE'!$D$2=\"No\",Table_Provincial_GTAC35378[[#This Row],[Adj.AnnualRental]],(Table_Provincial_GTAC35378[[#This Row],[RtmAnnualRental]])*(1+(IF('MAIN-INTERFACE'!$D$2=\"No\",0,'MAIN-INTERFACE'!$D$4))^(COUNTIF(MATRIX2!M111:O111,0))))*(1+(IF('MAIN-INTERFACE'!$D$2=\"No\",0,'MAIN-INTERFACE'!$D$8)))^3<Table_Provincial_GTAC35378[[#This Row],[Adj.AnnualRental]],(Table_Provincial_GTAC35378[[#This Row],[RtmAnnualRental]])*(1+(IF('MAIN-INTERFACE'!$D$2=\"No\",0,'MAIN-INTERFACE'!$D$4))^(COUNTIF(MATRIX2!M111:O111,0)))*(1+(IF('MAIN-INTERFACE'!$D$2=\"No\",0,'MAIN-INTERFACE'!$D$8)))^MATRIX2!E111,Table_Provincial_GTAC35378[[#This Row],[Adj.AnnualRental]])*(1+(IF('MAIN-INTERFACE'!$D$2=\"No\",Table_Provincial_GTAC35378[[#This Row],[TnTEscalation]],'MAIN-INTERFACE'!$G$2)))^(IF((COUNTIF(MATRIX2!M111:O111,\">0\")-1)<0,0,COUNTIF(MATRIX2!M111:O111,\">0\"))))))","v":294647.38983544637},{"$f":"IF('MAIN-INTERFACE'!$D$2=\"No\",(Table_Provincial_GTAC35378[[#This Row],[Adj.AnnualRental]])*(1+Table_Provincial_GTAC35378[[#This Row],[TnTEscalation]])^4,((((MATRIX2!X111*Table_Provincial_GTAC35378[[#This Row],[Adj.AnnualRental]])*(1+Table_Provincial_GTAC35378[[#This Row],[TnTEscalation]])^4)+(MATRIX2!P111*IF(IF('MAIN-INTERFACE'!$D$2=\"No\",Table_Provincial_GTAC35378[[#This Row],[Adj.AnnualRental]],(Table_Provincial_GTAC35378[[#This Row],[RtmAnnualRental]])*(1+(IF('MAIN-INTERFACE'!$D$2=\"No\",0,'MAIN-INTERFACE'!$D$4))^(COUNTIF(MATRIX2!M111:P111,0))))*(1+(IF('MAIN-INTERFACE'!$D$2=\"No\",0,'MAIN-INTERFACE'!$D$8)))^4<Table_Provincial_GTAC35378[[#This Row],[Adj.AnnualRental]],(Table_Provincial_GTAC35378[[#This Row],[RtmAnnualRental]])*(1+(IF('MAIN-INTERFACE'!$D$2=\"No\",0,'MAIN-INTERFACE'!$D$4))^(COUNTIF(MATRIX2!M111:P111,0)))*(1+(IF('MAIN-INTERFACE'!$D$2=\"No\",0,'MAIN-INTERFACE'!$D$8)))^MATRIX2!F111,Table_Provincial_GTAC35378[[#This Row],[Adj.AnnualRental]])*(1+(IF('MAIN-INTERFACE'!$D$2=\"No\",Table_Provincial_GTAC35378[[#This Row],[TnTEscalation]],'MAIN-INTERFACE'!$G$2)))^(IF((COUNTIF(MATRIX2!M111:P111,\">0\")-1)<0,0,COUNTIF(MATRIX2!M111:P111,\">0\")))))))","v":269807.18939999997},{"$f":"IF('MAIN-INTERFACE'!$D$2=\"No\",(Table_Provincial_GTAC35378[[#This Row],[Adj.AnnualRental]])*(1+Table_Provincial_GTAC35378[[#This Row],[TnTEscalation]])^5,(((MATRIX2!Y111*Table_Provincial_GTAC35378[[#This Row],[Adj.AnnualRental]])*(1+Table_Provincial_GTAC35378[[#This Row],[TnTEscalation]])^5)+(MATRIX2!Q111*IF(IF('MAIN-INTERFACE'!$D$2=\"No\",Table_Provincial_GTAC35378[[#This Row],[Adj.AnnualRental]],(Table_Provincial_GTAC35378[[#This Row],[RtmAnnualRental]])*(1+(IF('MAIN-INTERFACE'!$D$2=\"No\",0,'MAIN-INTERFACE'!$D$4))^(COUNTIF(MATRIX2!M111:Q111,0))))*(1+(IF('MAIN-INTERFACE'!$D$2=\"No\",0,'MAIN-INTERFACE'!$D$8)))^5<Table_Provincial_GTAC35378[[#This Row],[Adj.AnnualRental]],(Table_Provincial_GTAC35378[[#This Row],[RtmAnnualRental]])*(1+(IF('MAIN-INTERFACE'!$D$2=\"No\",0,'MAIN-INTERFACE'!$D$4))^(COUNTIF(MATRIX2!M111:Q111,0)))*(1+(IF('MAIN-INTERFACE'!$D$2=\"No\",0,'MAIN-INTERFACE'!$D$8)))^MATRIX2!G111,Table_Provincial_GTAC35378[[#This Row],[Adj.AnnualRental]])*(1+(IF('MAIN-INTERFACE'!$D$2=\"No\",Table_Provincial_GTAC35378[[#This Row],[TnTEscalation]],'MAIN-INTERFACE'!$G$2)))^(IF((COUNTIF(MATRIX2!M111:Q111,\">0\")-1)<0,0,COUNTIF(MATRIX2!M111:Q111,\">0\"))))))","v":290042.72860500001},{"$f":"IF('MAIN-INTERFACE'!$D$2=\"No\",(Table_Provincial_GTAC35378[[#This Row],[Adj.AnnualRental]])*(1+Table_Provincial_GTAC35378[[#This Row],[TnTEscalation]])^6,(((MATRIX2!Z111*Table_Provincial_GTAC35378[[#This Row],[Adj.AnnualRental]])*(1+Table_Provincial_GTAC35378[[#This Row],[TnTEscalation]])^6)+(MATRIX2!R111*IF(IF('MAIN-INTERFACE'!$D$2=\"No\",Table_Provincial_GTAC35378[[#This Row],[Adj.AnnualRental]],(Table_Provincial_GTAC35378[[#This Row],[RtmAnnualRental]])*(1+(IF('MAIN-INTERFACE'!$D$2=\"No\",0,'MAIN-INTERFACE'!$D$4))^(COUNTIF(MATRIX2!M111:R111,0))))*(1+(IF('MAIN-INTERFACE'!$D$2=\"No\",0,'MAIN-INTERFACE'!$D$8)))^6<Table_Provincial_GTAC35378[[#This Row],[Adj.AnnualRental]],(Table_Provincial_GTAC35378[[#This Row],[RtmAnnualRental]])*(1+(IF('MAIN-INTERFACE'!$D$2=\"No\",0,'MAIN-INTERFACE'!$D$4))^(COUNTIF(MATRIX2!M111:R111,0)))*(1+(IF('MAIN-INTERFACE'!$D$2=\"No\",0,'MAIN-INTERFACE'!$D$8)))^MATRIX2!H111,Table_Provincial_GTAC35378[[#This Row],[Adj.AnnualRental]])*(1+(IF('MAIN-INTERFACE'!$D$2=\"No\",Table_Provincial_GTAC35378[[#This Row],[TnTEscalation]],'MAIN-INTERFACE'!$G$2)))^(IF((COUNTIF(MATRIX2!M111:R111,\">0\")-1)<0,0,COUNTIF(MATRIX2!M111:R111,\">0\"))))))","v":311795.93325037498},{"$f":"IF('MAIN-INTERFACE'!$D$2=\"No\",(Table_Provincial_GTAC35378[[#This Row],[Adj.AnnualRental]])*(1+Table_Provincial_GTAC35378[[#This Row],[TnTEscalation]])^7,(((MATRIX2!AA111*Table_Provincial_GTAC35378[[#This Row],[Adj.AnnualRental]])*(1+Table_Provincial_GTAC35378[[#This Row],[TnTEscalation]])^7)+(MATRIX2!S111*IF(IF('MAIN-INTERFACE'!$D$2=\"No\",Table_Provincial_GTAC35378[[#This Row],[Adj.AnnualRental]],(Table_Provincial_GTAC35378[[#This Row],[RtmAnnualRental]])*(1+(IF('MAIN-INTERFACE'!$D$2=\"No\",0,'MAIN-INTERFACE'!$D$4))^(COUNTIF(MATRIX2!M111:S111,0))))*(1+(IF('MAIN-INTERFACE'!$D$2=\"No\",0,'MAIN-INTERFACE'!$D$8)))^7<Table_Provincial_GTAC35378[[#This Row],[Adj.AnnualRental]],(Table_Provincial_GTAC35378[[#This Row],[RtmAnnualRental]])*(1+(IF('MAIN-INTERFACE'!$D$2=\"No\",0,'MAIN-INTERFACE'!$D$4))^(COUNTIF(MATRIX2!M111:S111,0)))*(1+(IF('MAIN-INTERFACE'!$D$2=\"No\",0,'MAIN-INTERFACE'!$D$8)))^MATRIX2!I111,Table_Provincial_GTAC35378[[#This Row],[Adj.AnnualRental]])*(1+(IF('MAIN-INTERFACE'!$D$2=\"No\",Table_Provincial_GTAC35378[[#This Row],[TnTEscalation]],'MAIN-INTERFACE'!$G$2)))^(IF((COUNTIF(MATRIX2!M111:S111,\">0\")-1)<0,0,COUNTIF(MATRIX2!M111:S111,\">0\"))))))","v":335180.62824415311},{"$f":"SUM(Table_Provincial_GTAC35378[[#This Row],[FY 2018/19]:[FY 2023/24]])","v":1832573.6320869746}]
[{"$f":"Table_Provincial_GTAC3536[[#This Row],[SystemID]]","v":154},{"$f":"VLOOKUP($A112,DATA2!$A$2:$S$607,2,FALSE)","v":"KZN"},{"$f":"VLOOKUP($A112,DATA2!$A$2:$S$607,3,FALSE)","v":"KwaZulu-Natal"},{"$f":"VLOOKUP($A112,DATA2!$A$2:$S$607,4,FALSE)","v":81.786545454545461},{"$f":"VLOOKUP($A112,DATA2!$A$2:$S$607,5,FALSE)","v":65},{"$f":"VLOOKUP($A112,DATA2!$A$2:$S$607,6,FALSE)","v":"CBD"},{"$f":"VLOOKUP($A112,DATA2!$A$2:$S$607,7,FALSE)","v":3300},{"$f":"VLOOKUP($A112,DATA2!$A$2:$S$607,8,FALSE)","v":true},{"$f":"VLOOKUP($A112,DATA2!$A$2:$S$607,9,FALSE)","v":0},{"$f":"VLOOKUP($A112,DATA2!$A$2:$S$607,10,FALSE)","v":269895.59999999998},{"$f":"VLOOKUP($A112,DATA2!$A$2:$S$607,11,FALSE)","v":3238747.2},{"$f":"Table_Provincial_GTAC35378[[#This Row],[Benchmark]]*Table_Provincial_GTAC35378[[#This Row],[ExtentM2]]*12","v":2574000},{"$f":"VLOOKUP($A112,DATA2!$A$2:$S$607,12,FALSE)","v":"2015-12-01"},{"$f":"VLOOKUP($A112,DATA2!$A$2:$S$607,13,FALSE)","v":"2016-11-30"},{"$f":"VLOOKUP($A112,DATA2!$A$2:$S$607,14,FALSE)","v":"Yes"},{"$f":"IF(MATRIX2!D112=1,($Y$8-$X$2)/365*Table_Provincial_GTAC35378[[#This Row],[Adj.AnnualRental]]*MATRIX2!D112,($Y$8-$X$2)/365*Table_Provincial_GTAC35378[[#This Row],[Adj.AnnualRental]])","v":-11721602.880000001},{"$f":"IF('MAIN-INTERFACE'!$D$2=\"No\",(Table_Provincial_GTAC35378[[#This Row],[Adj.AnnualRental]])*(1+Table_Provincial_GTAC35378[[#This Row],[TnTEscalation]])^2,\n    (((MATRIX2!V112*Table_Provincial_GTAC35378[[#This Row],[Adj.AnnualRental]])*(1+Table_Provincial_GTAC35378[[#This Row],[TnTEscalation]])^2)+\n       (MATRIX2!N112* IF(IF('MAIN-INTERFACE'!$D$2=\"No\",Table_Provincial_GTAC35378[[#This Row],[Adj.AnnualRental]],(Table_Provincial_GTAC35378[[#This Row],[RtmAnnualRental]])*(1+\n                                 (IF('MAIN-INTERFACE'!$D$2=\"No\",0,'MAIN-INTERFACE'!$D$4))^(COUNTIF(MATRIX2!M112:N112,0))))*(1+\n                                 (IF('MAIN-INTERFACE'!$D$2=\"No\",0,'MAIN-INTERFACE'!$D$8)))^2<Table_Provincial_GTAC35378[[#This Row],[Adj.AnnualRental]],(Table_Provincial_GTAC35378[[#This Row],[RtmAnnualRental]])*(1+\n\n                                 (IF('MAIN-INTERFACE'!$D$2=\"No\",0,'MAIN-INTERFACE'!$D$4))^(COUNTIF(MATRIX2!M112:N112,0)))*(1+\n                                 (IF('MAIN-INTERFACE'!$D$2=\"No\",0,'MAIN-INTERFACE'!$D$8)))^MATRIX2!D112,Table_Provincial_GTAC35378[[#This Row],[Adj.AnnualRental]])*(1+\n\n                                (IF('MAIN-INTERFACE'!$D$2=\"No\",Table_Provincial_GTAC35378[[#This Row],[TnTEscalation]],'MAIN-INTERFACE'!$G$2)))^\n                                 (IF((COUNTIF(MATRIX2!M112:N112,\">0\")-1)<0,0,COUNTIF(MATRIX2!M112:N112,\">0\"))))))","v":3058239.6},{"$f":"IF('MAIN-INTERFACE'!$D$2=\"No\",(Table_Provincial_GTAC35378[[#This Row],[Adj.AnnualRental]])*(1+Table_Provincial_GTAC35378[[#This Row],[TnTEscalation]])^3,(((MATRIX2!W112*Table_Provincial_GTAC35378[[#This Row],[Adj.AnnualRental]])*(1+Table_Provincial_GTAC35378[[#This Row],[TnTEscalation]])^3)+(MATRIX2!O112*IF(IF('MAIN-INTERFACE'!$D$2=\"No\",Table_Provincial_GTAC35378[[#This Row],[Adj.AnnualRental]],(Table_Provincial_GTAC35378[[#This Row],[RtmAnnualRental]])*(1+(IF('MAIN-INTERFACE'!$D$2=\"No\",0,'MAIN-INTERFACE'!$D$4))^(COUNTIF(MATRIX2!M112:O112,0))))*(1+(IF('MAIN-INTERFACE'!$D$2=\"No\",0,'MAIN-INTERFACE'!$D$8)))^3<Table_Provincial_GTAC35378[[#This Row],[Adj.AnnualRental]],(Table_Provincial_GTAC35378[[#This Row],[RtmAnnualRental]])*(1+(IF('MAIN-INTERFACE'!$D$2=\"No\",0,'MAIN-INTERFACE'!$D$4))^(COUNTIF(MATRIX2!M112:O112,0)))*(1+(IF('MAIN-INTERFACE'!$D$2=\"No\",0,'MAIN-INTERFACE'!$D$8)))^MATRIX2!E112,Table_Provincial_GTAC35378[[#This Row],[Adj.AnnualRental]])*(1+(IF('MAIN-INTERFACE'!$D$2=\"No\",Table_Provincial_GTAC35378[[#This Row],[TnTEscalation]],'MAIN-INTERFACE'!$G$2)))^(IF((COUNTIF(MATRIX2!M112:O112,\">0\")-1)<0,0,COUNTIF(MATRIX2!M112:O112,\">0\"))))))","v":3093561.9},{"$f":"IF('MAIN-INTERFACE'!$D$2=\"No\",(Table_Provincial_GTAC35378[[#This Row],[Adj.AnnualRental]])*(1+Table_Provincial_GTAC35378[[#This Row],[TnTEscalation]])^4,((((MATRIX2!X112*Table_Provincial_GTAC35378[[#This Row],[Adj.AnnualRental]])*(1+Table_Provincial_GTAC35378[[#This Row],[TnTEscalation]])^4)+(MATRIX2!P112*IF(IF('MAIN-INTERFACE'!$D$2=\"No\",Table_Provincial_GTAC35378[[#This Row],[Adj.AnnualRental]],(Table_Provincial_GTAC35378[[#This Row],[RtmAnnualRental]])*(1+(IF('MAIN-INTERFACE'!$D$2=\"No\",0,'MAIN-INTERFACE'!$D$4))^(COUNTIF(MATRIX2!M112:P112,0))))*(1+(IF('MAIN-INTERFACE'!$D$2=\"No\",0,'MAIN-INTERFACE'!$D$8)))^4<Table_Provincial_GTAC35378[[#This Row],[Adj.AnnualRental]],(Table_Provincial_GTAC35378[[#This Row],[RtmAnnualRental]])*(1+(IF('MAIN-INTERFACE'!$D$2=\"No\",0,'MAIN-INTERFACE'!$D$4))^(COUNTIF(MATRIX2!M112:P112,0)))*(1+(IF('MAIN-INTERFACE'!$D$2=\"No\",0,'MAIN-INTERFACE'!$D$8)))^MATRIX2!F112,Table_Provincial_GTAC35378[[#This Row],[Adj.AnnualRental]])*(1+(IF('MAIN-INTERFACE'!$D$2=\"No\",Table_Provincial_GTAC35378[[#This Row],[TnTEscalation]],'MAIN-INTERFACE'!$G$2)))^(IF((COUNTIF(MATRIX2!M112:P112,\">0\")-1)<0,0,COUNTIF(MATRIX2!M112:P112,\">0\")))))))","v":3325579.0424999995},{"$f":"IF('MAIN-INTERFACE'!$D$2=\"No\",(Table_Provincial_GTAC35378[[#This Row],[Adj.AnnualRental]])*(1+Table_Provincial_GTAC35378[[#This Row],[TnTEscalation]])^5,(((MATRIX2!Y112*Table_Provincial_GTAC35378[[#This Row],[Adj.AnnualRental]])*(1+Table_Provincial_GTAC35378[[#This Row],[TnTEscalation]])^5)+(MATRIX2!Q112*IF(IF('MAIN-INTERFACE'!$D$2=\"No\",Table_Provincial_GTAC35378[[#This Row],[Adj.AnnualRental]],(Table_Provincial_GTAC35378[[#This Row],[RtmAnnualRental]])*(1+(IF('MAIN-INTERFACE'!$D$2=\"No\",0,'MAIN-INTERFACE'!$D$4))^(COUNTIF(MATRIX2!M112:Q112,0))))*(1+(IF('MAIN-INTERFACE'!$D$2=\"No\",0,'MAIN-INTERFACE'!$D$8)))^5<Table_Provincial_GTAC35378[[#This Row],[Adj.AnnualRental]],(Table_Provincial_GTAC35378[[#This Row],[RtmAnnualRental]])*(1+(IF('MAIN-INTERFACE'!$D$2=\"No\",0,'MAIN-INTERFACE'!$D$4))^(COUNTIF(MATRIX2!M112:Q112,0)))*(1+(IF('MAIN-INTERFACE'!$D$2=\"No\",0,'MAIN-INTERFACE'!$D$8)))^MATRIX2!G112,Table_Provincial_GTAC35378[[#This Row],[Adj.AnnualRental]])*(1+(IF('MAIN-INTERFACE'!$D$2=\"No\",Table_Provincial_GTAC35378[[#This Row],[TnTEscalation]],'MAIN-INTERFACE'!$G$2)))^(IF((COUNTIF(MATRIX2!M112:Q112,\">0\")-1)<0,0,COUNTIF(MATRIX2!M112:Q112,\">0\"))))))","v":3574997.4706874997},{"$f":"IF('MAIN-INTERFACE'!$D$2=\"No\",(Table_Provincial_GTAC35378[[#This Row],[Adj.AnnualRental]])*(1+Table_Provincial_GTAC35378[[#This Row],[TnTEscalation]])^6,(((MATRIX2!Z112*Table_Provincial_GTAC35378[[#This Row],[Adj.AnnualRental]])*(1+Table_Provincial_GTAC35378[[#This Row],[TnTEscalation]])^6)+(MATRIX2!R112*IF(IF('MAIN-INTERFACE'!$D$2=\"No\",Table_Provincial_GTAC35378[[#This Row],[Adj.AnnualRental]],(Table_Provincial_GTAC35378[[#This Row],[RtmAnnualRental]])*(1+(IF('MAIN-INTERFACE'!$D$2=\"No\",0,'MAIN-INTERFACE'!$D$4))^(COUNTIF(MATRIX2!M112:R112,0))))*(1+(IF('MAIN-INTERFACE'!$D$2=\"No\",0,'MAIN-INTERFACE'!$D$8)))^6<Table_Provincial_GTAC35378[[#This Row],[Adj.AnnualRental]],(Table_Provincial_GTAC35378[[#This Row],[RtmAnnualRental]])*(1+(IF('MAIN-INTERFACE'!$D$2=\"No\",0,'MAIN-INTERFACE'!$D$4))^(COUNTIF(MATRIX2!M112:R112,0)))*(1+(IF('MAIN-INTERFACE'!$D$2=\"No\",0,'MAIN-INTERFACE'!$D$8)))^MATRIX2!H112,Table_Provincial_GTAC35378[[#This Row],[Adj.AnnualRental]])*(1+(IF('MAIN-INTERFACE'!$D$2=\"No\",Table_Provincial_GTAC35378[[#This Row],[TnTEscalation]],'MAIN-INTERFACE'!$G$2)))^(IF((COUNTIF(MATRIX2!M112:R112,\">0\")-1)<0,0,COUNTIF(MATRIX2!M112:R112,\">0\"))))))","v":3843122.280989062},{"$f":"IF('MAIN-INTERFACE'!$D$2=\"No\",(Table_Provincial_GTAC35378[[#This Row],[Adj.AnnualRental]])*(1+Table_Provincial_GTAC35378[[#This Row],[TnTEscalation]])^7,(((MATRIX2!AA112*Table_Provincial_GTAC35378[[#This Row],[Adj.AnnualRental]])*(1+Table_Provincial_GTAC35378[[#This Row],[TnTEscalation]])^7)+(MATRIX2!S112*IF(IF('MAIN-INTERFACE'!$D$2=\"No\",Table_Provincial_GTAC35378[[#This Row],[Adj.AnnualRental]],(Table_Provincial_GTAC35378[[#This Row],[RtmAnnualRental]])*(1+(IF('MAIN-INTERFACE'!$D$2=\"No\",0,'MAIN-INTERFACE'!$D$4))^(COUNTIF(MATRIX2!M112:S112,0))))*(1+(IF('MAIN-INTERFACE'!$D$2=\"No\",0,'MAIN-INTERFACE'!$D$8)))^7<Table_Provincial_GTAC35378[[#This Row],[Adj.AnnualRental]],(Table_Provincial_GTAC35378[[#This Row],[RtmAnnualRental]])*(1+(IF('MAIN-INTERFACE'!$D$2=\"No\",0,'MAIN-INTERFACE'!$D$4))^(COUNTIF(MATRIX2!M112:S112,0)))*(1+(IF('MAIN-INTERFACE'!$D$2=\"No\",0,'MAIN-INTERFACE'!$D$8)))^MATRIX2!I112,Table_Provincial_GTAC35378[[#This Row],[Adj.AnnualRental]])*(1+(IF('MAIN-INTERFACE'!$D$2=\"No\",Table_Provincial_GTAC35378[[#This Row],[TnTEscalation]],'MAIN-INTERFACE'!$G$2)))^(IF((COUNTIF(MATRIX2!M112:S112,\">0\")-1)<0,0,COUNTIF(MATRIX2!M112:S112,\">0\"))))))","v":4131356.4520632415},{"$f":"SUM(Table_Provincial_GTAC35378[[#This Row],[FY 2018/19]:[FY 2023/24]])","v":21026856.746239804}]
[{"$f":"Table_Provincial_GTAC3536[[#This Row],[SystemID]]","v":155},{"$f":"VLOOKUP($A113,DATA2!$A$2:$S$607,2,FALSE)","v":"KZN"},{"$f"